{"text_format":"1","workbook":"xlsx","n_sheets":13,"sheets":["ORÇAMENTO SINTÉTICO","ORÇAMENTO ANALÍTICO","MEMÓRIA DE CÁLCULO","QCI","CRONOGRAMA","% B.D.I Serviços","% B.D.I Equipamentos","COTAÇÕES","PARETO","TABELA DINAMICA","SINAPI 01-2019","EMOP 01-2019","RETRABALHO"],"not_rendered":{"charts":0,"images":8,"macros":0,"external_links":0,"defined_names":176,"comments":0,"pivot_tables":1},"unopened":[],"bounds":{"document_bytes":16777216,"sheet_cells":100000,"rows_first":2000,"rows_last":500,"rows_between":2000,"halvings":0,"cell_chars":16384,"cell_head_chars":4096},"cells_cut":0,"cells_raw":0,"read":"malformed","date_system":"1900"}

{"sheet":"ORÇAMENTO SINTÉTICO","index":0,"n_rows":29,"n_cols":5,"rows_kept":29,"cut":false,"hidden":false,"merged":[[1,3,1,4],[3,0,3,4],[4,0,4,4],[5,0,5,4],[11,0,11,4],[12,0,13,0],[12,1,13,3],[12,4,13,4],[14,1,14,3],[15,1,15,3],[16,1,16,3],[17,1,17,3],[18,1,18,3],[19,1,19,3],[20,1,20,3],[21,1,21,3],[22,1,22,3],[23,1,23,3],[24,1,24,3],[25,1,25,3],[26,1,26,3],[27,1,27,3],[28,0,28,3]]}
[]
[]
[]
["SECRETARIA DE OBRAS "]
["REFORMA DO TEATRO JOÃO CAETANO"]
["Local: Praça Marechal Floriano Peixoto, bairro Centro, Itaboraí, RJ"]
[]
[null,null,null,null,{"$f":"'ORÇAMENTO ANALÍTICO'!$I$7","v":"BDI SERVIÇOS = 28,82 %"}]
[null,null,null,null,{"$f":"'ORÇAMENTO ANALÍTICO'!I8","v":"BDI EQUIPAMENTOS = 23,02 %"}]
[null,null,null,null,{"$f":"'ORÇAMENTO ANALÍTICO'!$I$9","v":"BASE: SINAPI/EMOP/SCO"}]
[null,null,null,null,{"$f":"'ORÇAMENTO ANALÍTICO'!$I$10","v":"Io = JANEIRO/2019"}]
["ORÇAMENTO  SINTÉTICO - OBRA DE REFORMA"]
["ITEM","DESCRIÇÃO",null,null,"TOTAL"]
[]
[1,"SERVIÇOS DE ESCRITÓRIO, LABORATÓRIO E CAMPO",null,null,{"$f":"'ORÇAMENTO ANALÍTICO'!I20","v":30384.45}]
[2,"CANTEIRO DE OBRAS",null,null,{"$f":"'ORÇAMENTO ANALÍTICO'!I30","v":12078.79}]
[3,"MOVIMENTO DE TERRA",null,null,{"$f":"'ORÇAMENTO ANALÍTICO'!I36","v":14852.75}]
[4,"TRANSPORTES",null,null,{"$f":"'ORÇAMENTO ANALÍTICO'!I41","v":2430.71}]
[5,"SERVIÇOS COMPLEMENTARES",null,null,{"$f":"'ORÇAMENTO ANALÍTICO'!I55","v":26537.02}]
[6,"FUNDAÇÕES E ESTRUTURAS",null,null,{"$f":"'ORÇAMENTO ANALÍTICO'!I64","v":32937.99}]
[7,"ALVENARIAS E DIVISÓRIAS",null,null,{"$f":"'ORÇAMENTO ANALÍTICO'!I70","v":17945.01}]
[8,"REVESTIMENTOS",null,null,{"$f":"'ORÇAMENTO ANALÍTICO'!I88","v":134463.3}]
[9,"ESQUADRIAS",null,null,{"$f":"'ORÇAMENTO ANALÍTICO'!I103","v":81633}]
[10,"INSTALAÇÕES",null,null,{"$f":"'ORÇAMENTO ANALÍTICO'!I154","v":135132.62}]
[11,"COBERTURAS",null,null,{"$f":"'ORÇAMENTO ANALÍTICO'!I165","v":44475}]
[12,"PINTURAS",null,null,{"$f":"'ORÇAMENTO ANALÍTICO'!I174","v":91758.84}]
[13,"APARELHOS",null,null,{"$f":"'ORÇAMENTO ANALÍTICO'!I207","v":428155.07}]
[14,"ADMINISTRAÇÃO LOCAL DA OBRA",null,null,{"$f":"'ORÇAMENTO ANALÍTICO'!I210","v":51357}]
["TOTAL GERAL",null,null,null,{"$f":"SUM(E15:E28)","v":1104141.55}]

{"sheet":"ORÇAMENTO ANALÍTICO","index":1,"n_rows":213,"n_cols":12,"rows_kept":213,"cut":false,"hidden":false,"merged":[[2,4,2,5],[3,1,3,8],[4,1,4,8],[5,1,5,8],[10,1,10,8],[11,1,12,1],[11,2,12,2],[11,3,12,3],[11,4,12,4],[11,5,12,5],[11,7,11,8],[13,2,13,7],[20,2,20,7],[30,2,30,7],[36,2,36,7],[41,2,41,7],[55,2,55,7],[64,2,64,7],[70,2,70,7],[71,1,71,8],[74,1,74,8],[77,1,77,8],[88,2,88,7],[103,2,103,7],[104,1,104,8],[116,1,116,8],[128,1,128,8],[154,2,154,7],[165,2,165,7],[174,2,174,7],[207,2,207,7],[210,1,210,7],[211,1,212,1],[211,2,211,8],[212,2,212,8]]}
[]
[]
[]
[null,"SECRETARIA DE OBRAS "]
[null,"REFORMA DO TEATRO JOÃO CAETANO"]
[null,"Local: Praça Marechal Floriano Peixoto, bairro Centro, Itaboraí, RJ"]
[null,null,null,null,null,null,null,null,"BDI SERVIÇOS = 28,82 %"]
[null,null,null,null,null,null,null,null,"BDI EQUIPAMENTOS = 23,02 %"]
[null,null,null,null,null,null,null,null,"BASE: SINAPI/EMOP/SCO"]
[null,null,null,null,null,null,null,null,"Io = JANEIRO/2019"]
[null,"ORÇAMENTO  ANALÍTICO - OBRA DE REFORMA",null,null,null,null,null,null,null,null,"BDI SERVIÇOS","BDI EQUIPAMENTOS"]
[null,"ITEM","CÓDIGO","DESCRIÇÃO","UN","QUANT","UNITÁRIO","CUSTO",null,null,{"$f":"'% B.D.I Serviços'!H45","v":""},{"$f":"'% B.D.I Equipamentos'!H45","v":""}]
[null,null,null,null,null,null,"SEM BDI","UNIT + BDI","TOTAL"]
[null,1,"SERVIÇOS DE ESCRITÓRIO, LABORATÓRIO E CAMPO"]
[{"$f":"B15&C15","v":"1.101.050.0546-A"},"1.1","01.050.0546-A",{"$f":"VLOOKUP(C15,'EMOP 01-2019'!A:J,2,0)","v":"PROJETO EXECUTIVO ESTRUTURAL PARA PREDIOS CULTURAIS ATE 500M2,CONSIDERANDO O PROJETO BASICO EXISTENTE,APRESENTADO EM AUTOCAD NOS PADROES DA CONTRATANTE,CONSTANDO DE PLANTAS DE FORMA,ARMACAO E DETALHES,DE ACORDO COM A ABNT"},{"$f":"VLOOKUP(C15,'EMOP 01-2019'!A:J,9,0)","v":"M2"},{"$f":"'MEMÓRIA DE CÁLCULO'!K12","v":355},{"$f":"VLOOKUP(C15,'EMOP 01-2019'!A:J,10,0)","v":45.07},{"$f":"ROUND((G15*$K$12)+G15,2)","v":58.06},{"$f":"TRUNC(F15*H15,2)","v":20611.3}]
[{"$f":"B16&C16","v":"1.201.050.0481-A"},"1.2","01.050.0481-A",{"$f":"VLOOKUP(C16,'EMOP 01-2019'!A:J,2,0)","v":"PROJETO EXECUTIVO DE INSTALACAO HIDRAULICA,CONSIDERANDO O PROJETO BASICO EXISTENTE,PARA PREDIOS CULTURAIS,APRESENTADO EM AUTOCAD,INCLUSIVE AS LEGALIZACOES PERTINENTES"},{"$f":"VLOOKUP(C16,'EMOP 01-2019'!A:J,9,0)","v":"M2"},{"$f":"'MEMÓRIA DE CÁLCULO'!K16","v":355},{"$f":"VLOOKUP(C16,'EMOP 01-2019'!A:J,10,0)","v":4.79},{"$f":"ROUND((G16*$K$12)+G16,2)","v":6.17},{"$f":"TRUNC(F16*H16,2)","v":2190.35}]
[{"$f":"B17&C17","v":"1.301.050.0518-A"},"1.3","01.050.0518-A",{"$f":"VLOOKUP(C17,'EMOP 01-2019'!A:J,2,0)","v":"PROJETO EXECUTIVO DE INSTALACAO ELETRICA,CONSIDERANDO O PROJETO BASICO EXISTENTE,PARA PREDIOS CULTURAIS ATE 3000M2,APRESENTADO EM AUTOCAD,INCLUSIVE AS LEGALIZACOES PERTINENTES"},{"$f":"VLOOKUP(C17,'EMOP 01-2019'!A:J,9,0)","v":"M2"},{"$f":"'MEMÓRIA DE CÁLCULO'!K20","v":355},{"$f":"VLOOKUP(C17,'EMOP 01-2019'!A:J,10,0)","v":9.56},{"$f":"ROUND((G17*$K$12)+G17,2)","v":12.32},{"$f":"TRUNC(F17*H17,2)","v":4373.6}]
[{"$f":"B18&C18","v":"1.401.050.0455-A"},"1.4","01.050.0455-A",{"$f":"VLOOKUP(C18,'EMOP 01-2019'!A:J,2,0)","v":"PROJETO EXECUTIVO DE INSTALACAO DE ESGOTO SANITARIO E AGUASPLUVIAIS,CONSIDERANDO O PROJETO BASICO EXISTENTE,PARA PREDIOS CULTURAIS,APRESENTADO EM AUTOCAD,INCLUSIVE AS LEGALIZACOES PERTINENTES"},{"$f":"VLOOKUP(C18,'EMOP 01-2019'!A:J,9,0)","v":"M2"},{"$f":"'MEMÓRIA DE CÁLCULO'!K24","v":355},{"$f":"VLOOKUP(C18,'EMOP 01-2019'!A:J,10,0)","v":2.64},{"$f":"ROUND((G18*$K$12)+G18,2)","v":3.4},{"$f":"TRUNC(F18*H18,2)","v":1207}]
[{"$f":"B19&C19","v":"1.501.050.0530-A"},"1.5","01.050.0530-A",{"$f":"VLOOKUP(C19,'EMOP 01-2019'!A:J,2,0)","v":"PROJETO EXECUTIVO DE SISTEMA DE AR CONDICIONADO E EXAUSTAO MECANICA,CONSIDERANDO O PROJETO BASICO EXISTENTE,EM AUTOCAD,PARA PREDIOS COM AREA ATE 500M2"},{"$f":"VLOOKUP(C19,'EMOP 01-2019'!A:J,9,0)","v":"M2"},{"$f":"'MEMÓRIA DE CÁLCULO'!K28","v":355},{"$f":"VLOOKUP(C19,'EMOP 01-2019'!A:J,10,0)","v":4.38},{"$f":"ROUND((G19*$K$12)+G19,2)","v":5.64},{"$f":"TRUNC(F19*H19,2)","v":2002.2}]
[null,null,null,null,null,null,null,"SUBTOTAL 1",{"$f":"SUM(I15:I19)","v":30384.45}]
[null,2,"CANTEIRO DE OBRAS"]
[{"$f":"B22&C22","v":"2.174209/1"},"2.1","74209/1",{"$f":"VLOOKUP(C22,'SINAPI 01-2019'!A:E,2,0)","v":"PLACA DE OBRA EM CHAPA DE ACO GALVANIZADO"},{"$f":"VLOOKUP(C22,'SINAPI 01-2019'!A:E,3,0)","v":"M2"},{"$f":"'MEMÓRIA DE CÁLCULO'!K33","v":2.88},{"$f":"VLOOKUP(C22,'SINAPI 01-2019'!A:E,4,0)","v":435.26},{"$f":"ROUND((G22*$K$12)+G22,2)","v":560.7},{"$f":"TRUNC(F22*H22,2)","v":1614.81}]
[{"$f":"B23&C23","v":"2.2AD19.05.0450"},"2.2","AD19.05.0450","Tapume de vedacao ou protecao, executado com telhas trapezoidais de aco galvanizado (esp.: 0,50mm), inclusive duas demaos de pintura esmalte sintetico, na face externa, considerando a utilizacao das telhas 4 vezes e da moldura em perna de 3\"x3\", duas vezes.(desonerado)","M2",{"$f":"'MEMÓRIA DE CÁLCULO'!K37","v":116.6},28.78,{"$f":"ROUND((G23*$K$12)+G23,2)","v":37.07},0,"RETRABALHO !"]
[{"$f":"B24&C24","v":"2.341598"},"2.3",41598,{"$f":"VLOOKUP(C24,'SINAPI 01-2019'!A:E,2,0)","v":"ENTRADA PROVISORIA DE ENERGIA ELETRICA AEREA TRIFASICA 40A EM POSTE MADEIRA"},{"$f":"VLOOKUP(C24,'SINAPI 01-2019'!A:E,3,0)","v":"UN"},{"$f":"'MEMÓRIA DE CÁLCULO'!K41","v":1},{"$f":"VLOOKUP(C24,'SINAPI 01-2019'!A:E,4,0)","v":1431.67},{"$f":"ROUND((G24*$K$12)+G24,2)","v":1844.28},0,"RETRABALHO !"]
[{"$f":"B25&C25","v":"2.4AD19.20.0100"},"2.4","AD19.20.0100","Instalacao e ligacao provisoria de obra de agua e esgoto a rede publica.(desonerado)","UN",{"$f":"'MEMÓRIA DE CÁLCULO'!K43","v":1},1124.47,{"$f":"ROUND((G25*$K$12)+G25,2)","v":1448.54},0,"RETRABALHO !"]
[{"$f":"B26&C26","v":"2.510775"},"2.5",10775,"LOCACAO DE CONTAINER 2,30  X  6,00 M, ALT. 2,50 M, COM 1 SANITARIO, PARA ESCRITORIO, COMPLETO, SEM DIVISORIAS INTERNAS ","MES   ",{"$f":"'MEMÓRIA DE CÁLCULO'!K45","v":6},532.35,{"$f":"ROUND((G26*$K$12)+G26,2)","v":685.77},{"$f":"TRUNC(F26*H26,2)","v":4114.62}]
[{"$f":"B27&C27","v":"2.610778"},"2.6",10778,"LOCACAO DE CONTAINER 2,30 X 6,00 M, ALT. 2,50 M,  PARA SANITARIO,  COM 4 BACIAS, 8 CHUVEIROS,1 LAVATORIO E 1 MICTORIO","MES   ",{"$f":"'MEMÓRIA DE CÁLCULO'!K49","v":6},665.43,{"$f":"ROUND((G27*$K$12)+G27,2)","v":857.21},{"$f":"TRUNC(F27*H27,2)","v":5143.26}]
[{"$f":"B28&C28","v":"2.704.013.0015-A"},"2.7","04.013.0015-A",{"$f":"VLOOKUP(C28,'EMOP 01-2019'!A:J,2,0)","v":"CARGA E DESCARGA DE CONTAINER,SEGUNDO DESCRICAO DA FAMILIA 02.006"},{"$f":"VLOOKUP(C28,'EMOP 01-2019'!A:J,9,0)","v":"UN"},{"$f":"'MEMÓRIA DE CÁLCULO'!K53","v":2},{"$f":"VLOOKUP(C28,'EMOP 01-2019'!A:J,10,0)","v":54.38},{"$f":"ROUND((G28*$K$12)+G28,2)","v":70.05},{"$f":"TRUNC(F28*H28,2)","v":140.1}]
[{"$f":"B29&C29","v":"2.804.005.0300-A"},"2.8","04.005.0300-A",{"$f":"VLOOKUP(C29,'EMOP 01-2019'!A:J,2,0)","v":"TRANSPORTE DE CONTAINER,SEGUNDO DESCRICAO DA FAMILIA 02.006,EXCLUSIVE CARGA E DESCARGA(VIDE ITEM 04.013.0015)"},{"$f":"VLOOKUP(C29,'EMOP 01-2019'!A:J,9,0)","v":"UNXKM"},{"$f":"'MEMÓRIA DE CÁLCULO'!K55","v":40},{"$f":"VLOOKUP(C29,'EMOP 01-2019'!A:J,10,0)","v":20.69},{"$f":"ROUND((G29*$K$12)+G29,2)","v":26.65},{"$f":"TRUNC(F29*H29,2)","v":1066}]
[null,null,null,null,null,null,null,"SUBTOTAL 2",{"$f":"SUM(I22:I29)","v":12078.79}]
[null,3,"MOVIMENTO DE TERRA",null,"."]
[{"$f":"B32&C32","v":"3.190084"},"3.1",90084,{"$f":"VLOOKUP(C32,'SINAPI 01-2019'!A:E,2,0)","v":"ESCAVAÇÃO MECANIZADA DE VALA COM PROF. MAIOR QUE 1,5 M ATÉ 3,0 M (MÉDIA ENTRE MONTANTE E JUSANTE/UMA COMPOSIÇÃO POR TRECHO), COM ESCAVADEIRA HIDRÁULICA (0,8 M3/111 HP), LARGURA ATÉ 1,5 M, EM SOLO DE 1A CATEGORIA, EM LOCAIS COM ALTO NÍVEL DE INTERFERÊNCIA. AF_01/2015"},{"$f":"VLOOKUP(C32,'SINAPI 01-2019'!A:E,3,0)","v":"M3"},{"$f":"'MEMÓRIA DE CÁLCULO'!K60","v":23.94},{"$f":"VLOOKUP(C32,'SINAPI 01-2019'!A:E,4,0)","v":8.06},{"$f":"ROUND((G32*$K$12)+G32,2)","v":10.38},{"$f":"TRUNC(F32*H32,2)","v":248.49}]
[{"$f":"B33&C33","v":"3.293358"},"3.2",93358,{"$f":"VLOOKUP(C33,'SINAPI 01-2019'!A:E,2,0)","v":"ESCAVAÇÃO MANUAL DE VALA COM PROFUNDIDADE MENOR OU IGUAL A 1,30 M. AF_03/2016"},{"$f":"VLOOKUP(C33,'SINAPI 01-2019'!A:E,3,0)","v":"M3"},{"$f":"'MEMÓRIA DE CÁLCULO'!K65","v":31.39},{"$f":"VLOOKUP(C33,'SINAPI 01-2019'!A:E,4,0)","v":76.23},{"$f":"ROUND((G33*$K$12)+G33,2)","v":98.2},{"$f":"TRUNC(F33*H33,2)","v":3082.49}]
[{"$f":"B34&C34","v":"3.393382"},"3.3",93382,{"$f":"VLOOKUP(C34,'SINAPI 01-2019'!A:E,2,0)","v":"REATERRO MANUAL DE VALAS COM COMPACTAÇÃO MECANIZADA. AF_04/2016"},{"$f":"VLOOKUP(C34,'SINAPI 01-2019'!A:E,3,0)","v":"M3"},{"$f":"'MEMÓRIA DE CÁLCULO'!K73","v":43.52},{"$f":"VLOOKUP(C34,'SINAPI 01-2019'!A:E,4,0)","v":28.81},{"$f":"ROUND((G34*$K$12)+G34,2)","v":37.11},{"$f":"TRUNC(F34*H34,2)","v":1615.02}]
[{"$f":"B35&C35","v":"3.403.009.0015-A"},"3.4","03.009.0015-A",{"$f":"VLOOKUP(C35,'EMOP 01-2019'!A:J,2,0)","v":"ATERRO COM MATERIAL DE 1ª CATEGORIA,COMPACTADO MANUALMENTE EM CAMADAS DE 20CM DE MATERIAL APILOADO,PROVENIENTE DE JAZIDA DISTANTE ATE 10KM,INCLUSIVE ESCAVACAO,CARGA,TRANSPORTE EM CAMINHAO BASCULANTE,DESCARGA,ESPALHAMENTO E IRRIGACAO MANUAIS"},{"$f":"VLOOKUP(C35,'EMOP 01-2019'!A:J,9,0)","v":"M3"},{"$f":"'MEMÓRIA DE CÁLCULO'!K82","v":59.5},{"$f":"VLOOKUP(C35,'EMOP 01-2019'!A:J,10,0)","v":129.25},{"$f":"ROUND((G35*$K$12)+G35,2)","v":166.5},{"$f":"TRUNC(F35*H35,2)","v":9906.75}]
[null,null,null,null,null,null,null,"SUBTOTAL 3",{"$f":"SUM(I32:I35)","v":14852.75}]
[null,4,"TRANSPORTES",null,"."]
[{"$f":"B38&C38","v":"4.105.001.0171-A"},"4.1","05.001.0171-A",{"$f":"VLOOKUP(C38,'EMOP 01-2019'!A:J,2,0)","v":"TRANSPORTE HORIZONTAL DE MATERIAL DE 1ªCATEGORIA OU ENTULHO,EM CARRINHOS,A 20,00M DE DISTANCIA,INCLUSIVE CARGA A PA"},{"$f":"VLOOKUP(C38,'EMOP 01-2019'!A:J,9,0)","v":"M3"},{"$f":"'MEMÓRIA DE CÁLCULO'!K101","v":71.26},{"$f":"VLOOKUP(C38,'EMOP 01-2019'!A:J,10,0)","v":18.08},{"$f":"ROUND((G38*$K$12)+G38,2)","v":23.29},{"$f":"TRUNC(F38*H38,2)","v":1659.64}]
[{"$f":"B39&C39","v":"4.272898"},"4.2",72898,{"$f":"VLOOKUP(C39,'SINAPI 01-2019'!A:E,2,0)","v":"CARGA E DESCARGA MECANIZADAS DE ENTULHO EM CAMINHAO BASCULANTE 6 M3"},{"$f":"VLOOKUP(C39,'SINAPI 01-2019'!A:E,3,0)","v":"M3"},{"$f":"'MEMÓRIA DE CÁLCULO'!K112","v":28.29},{"$f":"VLOOKUP(C39,'SINAPI 01-2019'!A:E,4,0)","v":3.91},{"$f":"ROUND((G39*$K$12)+G39,2)","v":5.04},{"$f":"TRUNC(F39*H39,2)","v":142.58}]
[{"$f":"B40&C40","v":"4.372884"},"4.3",72884,{"$f":"VLOOKUP(C40,'SINAPI 01-2019'!A:E,2,0)","v":"TRANSPORTE COMERCIAL COM CAMINHAO CARROCERIA 9 T, RODOVIA PAVIMENTADA"},{"$f":"VLOOKUP(C40,'SINAPI 01-2019'!A:E,3,0)","v":"M3XKM"},{"$f":"'MEMÓRIA DE CÁLCULO'!K124","v":566.21},{"$f":"VLOOKUP(C40,'SINAPI 01-2019'!A:E,4,0)","v":0.86},{"$f":"ROUND((G40*$K$12)+G40,2)","v":1.11},{"$f":"TRUNC(F40*H40,2)","v":628.49}]
[null,null,null,null,null,null,null,"SUBTOTAL 4",{"$f":"SUM(I38:I40)","v":2430.71}]
[null,5,"SERVIÇOS COMPLEMENTARES"]
[{"$f":"B43&C43","v":"5.197622"},"5.1",97622,{"$f":"VLOOKUP(C43,'SINAPI 01-2019'!A:E,2,0)","v":"DEMOLIÇÃO DE ALVENARIA DE BLOCO FURADO, DE FORMA MANUAL, SEM REAPROVEITAMENTO. AF_12/2017"},{"$f":"VLOOKUP(C43,'SINAPI 01-2019'!A:E,3,0)","v":"M3"},{"$f":"'MEMÓRIA DE CÁLCULO'!K137","v":33.6},{"$f":"VLOOKUP(C43,'SINAPI 01-2019'!A:E,4,0)","v":50.23},{"$f":"ROUND((G43*$K$12)+G43,2)","v":64.71},0,"RETRABALHO !"]
[{"$f":"B44&C44","v":"5.105.001.0002-B"},"5.1","05.001.0002-B",{"$f":"VLOOKUP(C44,'EMOP 01-2019'!A:J,2,0)","v":"DEMOLICAO MANUAL DE CONCRETO ARMADO COMPREENDENDO PILARES,VIGAS E LAJES,EM ESTRUTURA APRESENTANDO POSICAO ESPECIAL,INCLUSIVE EMPILHAMENTO LATERAL DENTRO DO CANTEIRO DE SERVICO"},{"$f":"VLOOKUP(C44,'EMOP 01-2019'!A:J,9,0)","v":"M3"},{"$f":"'MEMÓRIA DE CÁLCULO'!K157","v":7.27},{"$f":"VLOOKUP(C44,'EMOP 01-2019'!A:J,10,0)","v":244.21},{"$f":"ROUND((G44*$K$12)+G44,2)","v":314.59},{"$f":"TRUNC(F44*H44,2)","v":2287.06}]
[{"$f":"B45&C45","v":"5.205.001.0018-A"},"5.2","05.001.0018-A",{"$f":"VLOOKUP(C45,'EMOP 01-2019'!A:J,2,0)","v":"DEMOLICAO MANUAL DE PISO CIMENTADO E DA RESPECTIVA BASE DE CONCRETO,OU PASSEIO DE CONCRETO,INCLUSIVE EMPILHAMENTO LATERAL DENTRO DO CANTEIRO DE SERVICO"},{"$f":"VLOOKUP(C45,'EMOP 01-2019'!A:J,9,0)","v":"M2"},{"$f":"'MEMÓRIA DE CÁLCULO'!K167","v":92.6},{"$f":"VLOOKUP(C45,'EMOP 01-2019'!A:J,10,0)","v":9.04},{"$f":"ROUND((G45*$K$12)+G45,2)","v":11.65},{"$f":"TRUNC(F45*H45,2)","v":1078.79}]
[{"$f":"B46&C46","v":"5.305.001.0134-A"},"5.3","05.001.0134-A",{"$f":"VLOOKUP(C46,'EMOP 01-2019'!A:J,2,0)","v":"ARRANCAMENTO DE PORTAS,JANELAS E CAIXILHOS DE AR CONDICIONADO OU OUTROS"},{"$f":"VLOOKUP(C46,'EMOP 01-2019'!A:J,9,0)","v":"UN"},{"$f":"'MEMÓRIA DE CÁLCULO'!K174","v":14},{"$f":"VLOOKUP(C46,'EMOP 01-2019'!A:J,10,0)","v":18.26},{"$f":"ROUND((G46*$K$12)+G46,2)","v":23.52},{"$f":"TRUNC(F46*H46,2)","v":329.28}]
[{"$f":"B47&C47","v":"5.405.001.0147-A"},"5.4","05.001.0147-A",{"$f":"VLOOKUP(C47,'EMOP 01-2019'!A:J,2,0)","v":"ARRANCAMENTO DE GRADES,GRADIS,ALAMBRADOS,CERCAS E PORTOES"},{"$f":"VLOOKUP(C47,'EMOP 01-2019'!A:J,9,0)","v":"M2"},{"$f":"'MEMÓRIA DE CÁLCULO'!K187","v":28.2},{"$f":"VLOOKUP(C47,'EMOP 01-2019'!A:J,10,0)","v":12.91},{"$f":"ROUND((G47*$K$12)+G47,2)","v":16.63},{"$f":"TRUNC(F47*H47,2)","v":468.96}]
[{"$f":"B48&C48","v":"5.505.001.0050-A"},"5.5","05.001.0050-A",{"$f":"VLOOKUP(C48,'EMOP 01-2019'!A:J,2,0)","v":"REMOCAO DE COBERTURA EM TELHAS COLONIAIS,INCLUSIVE MADEIRAMENTO,MEDIDO O CONJUNTO PELA AREA REAL DE COBERTURA"},{"$f":"VLOOKUP(C48,'EMOP 01-2019'!A:J,9,0)","v":"M2"},{"$f":"'MEMÓRIA DE CÁLCULO'!K193","v":122.77},{"$f":"VLOOKUP(C48,'EMOP 01-2019'!A:J,10,0)","v":26.19},{"$f":"ROUND((G48*$K$12)+G48,2)","v":33.74},{"$f":"TRUNC(F48*H48,2)","v":4142.25}]
[{"$f":"B49&C49","v":"5.605.005.0005-B"},"5.6","05.005.0005-B",{"$f":"VLOOKUP(C49,'EMOP 01-2019'!A:J,2,0)","v":"ANDAIME DE TABUADO SOBRE CAVALETES,INCLUSIVE ESTES,EM MADEIRA DE 1ª,COM APROVEITAMENTO DA MADEIRA 20 VEZES,INCLUSIVE MOVIMENTACAO"},{"$f":"VLOOKUP(C49,'EMOP 01-2019'!A:J,9,0)","v":"M2"},{"$f":"'MEMÓRIA DE CÁLCULO'!K197","v":127.96},{"$f":"VLOOKUP(C49,'EMOP 01-2019'!A:J,10,0)","v":8.93},{"$f":"ROUND((G49*$K$12)+G49,2)","v":11.5},{"$f":"TRUNC(F49*H49,2)","v":1471.54}]
[{"$f":"B50&C50","v":"5.705.006.0001-B"},"5.7","05.006.0001-B",{"$f":"VLOOKUP(C50,'EMOP 01-2019'!A:J,2,0)","v":"ALUGUEL DE ANDAIME COM ELEMENTOS TUBULARES(FACHADEIRO)SOBRESAPATAS FIXAS,CONSIDERANDO-SE A AREA DA PROJECAO VERTICAL DO ANDAIME E PAGO PELO TEMPO NECESSARIO A SUA UTILIZACAO,EXCLUSIVE TRANSPORTE DOS ELEMENTOS DO ANDAIME ATE A OBRA,PLATAFORMA OU PASSARELA DE PINHO,MONTAGEM E DESMONTAGEM DOS ANDAIMES"},{"$f":"VLOOKUP(C50,'EMOP 01-2019'!A:J,9,0)","v":"M2XMES"},{"$f":"'MEMÓRIA DE CÁLCULO'!K231","v":1987.2},{"$f":"VLOOKUP(C50,'EMOP 01-2019'!A:J,10,0)","v":4},{"$f":"ROUND((G50*$K$12)+G50,2)","v":5.15},{"$f":"TRUNC(F50*H50,2)","v":10234.08}]
[{"$f":"B51&C51","v":"5.897064"},"5.8",97064,{"$f":"VLOOKUP(C51,'SINAPI 01-2019'!A:E,2,0)","v":"MONTAGEM E DESMONTAGEM DE ANDAIME TUBULAR TIPO \u0093TORRE\u0094 (EXCLUSIVE ANDAIME E LIMPEZA). AF_11/2017"},{"$f":"VLOOKUP(C51,'SINAPI 01-2019'!A:E,3,0)","v":"M"},{"$f":"'MEMÓRIA DE CÁLCULO'!K243","v":144.48},{"$f":"VLOOKUP(C51,'SINAPI 01-2019'!A:E,4,0)","v":20.62},{"$f":"ROUND((G51*$K$12)+G51,2)","v":26.56},{"$f":"TRUNC(F51*H51,2)","v":3837.38}]
[{"$f":"B52&C52","v":"5.904.020.0122-A"},"5.9","04.020.0122-A",{"$f":"VLOOKUP(C52,'EMOP 01-2019'!A:J,2,0)","v":"TRANSPORTE DE ANDAIME TUBULAR,CONSIDERANDO-SE A AREA DE PROJECAO VERTICAL DO ANDAIME,EXCLUSIVE CARGA,DESCARGA E TEMPO DE ESPERA DO CAMINHAO(VIDE ITEM 04.021.0010)"},{"$f":"VLOOKUP(C52,'EMOP 01-2019'!A:J,9,0)","v":"M2XKM"},{"$f":"'MEMÓRIA DE CÁLCULO'!K254","v":4968},{"$f":"VLOOKUP(C52,'EMOP 01-2019'!A:J,10,0)","v":0.11},{"$f":"ROUND((G52*$K$12)+G52,2)","v":0.14},{"$f":"TRUNC(F52*H52,2)","v":695.52}]
[{"$f":"B53&C53","v":"5.1004.021.0010-A"},"5.10","04.021.0010-A",{"$f":"VLOOKUP(C53,'EMOP 01-2019'!A:J,2,0)","v":"CARGA E DESCARGA MANUAL DE ANDAIME TUBULAR,INCLUSIVE TEMPO DE ESPERA DO CAMINHAO,CONSIDERANDO-SE A AREA DE PROJECAO VERTICAL"},{"$f":"VLOOKUP(C53,'EMOP 01-2019'!A:J,9,0)","v":"M2"},{"$f":"'MEMÓRIA DE CÁLCULO'!K264","v":248.4},{"$f":"VLOOKUP(C53,'EMOP 01-2019'!A:J,10,0)","v":0.61},{"$f":"ROUND((G53*$K$12)+G53,2)","v":0.79},{"$f":"TRUNC(F53*H53,2)","v":196.23}]
[{"$f":"B54&C54","v":"5.1197062"},"5.11",97062,{"$f":"VLOOKUP(C54,'SINAPI 01-2019'!A:E,2,0)","v":"COLOCAÇÃO DE TELA EM ANDAIME FACHADEIRO. AF_11/2017"},{"$f":"VLOOKUP(C54,'SINAPI 01-2019'!A:E,3,0)","v":"M2"},{"$f":"'MEMÓRIA DE CÁLCULO'!K271","v":248.4},{"$f":"VLOOKUP(C54,'SINAPI 01-2019'!A:E,4,0)","v":5.61},{"$f":"ROUND((G54*$K$12)+G54,2)","v":7.23},{"$f":"TRUNC(F54*H54,2)","v":1795.93}]
[null,null,null,null,null,null,null,"SUBTOTAL 5",{"$f":"SUM(I43:I54)","v":26537.02}]
[null,6,"FUNDAÇÕES E ESTRUTURAS",null,"."]
[{"$f":"B57&C57","v":"6.111.016.0040-A"},"6.1","11.016.0040-A",{"$f":"VLOOKUP(C57,'EMOP 01-2019'!A:J,2,0)","v":"ESTRUTURA METALICA EM ACO ESPECIAL,RESISTENTE A CORROSAO(ACO USI-SAC),PARA OBRAS PREDIAIS DE ATE 04 PAVIMENTOS,PILARES,VIGAS PRINCIPAIS E SECUNDARIAS,ESCADAS,PATAMARES E CHAPAS DAS BASES DA FUNDACAO,PINTURA PROTETORA,CONSIDERANDO FORNECIMENTO DE TODOS OS MATERIAIS E MONTAGEM,EXCLUSIVE A LAJE DE CONCRETO"},{"$f":"VLOOKUP(C57,'EMOP 01-2019'!A:J,9,0)","v":"M2"},{"$f":"'MEMÓRIA DE CÁLCULO'!K279","v":0},{"$f":"VLOOKUP(C57,'EMOP 01-2019'!A:J,10,0)","v":474.33},{"$f":"ROUND((G57*$K$12)+G57,2)","v":611.03},{"$f":"TRUNC(F57*H57,2)","v":0},"ITEM GLOSADO PELA CAIXA E COMPORÁ A PLANILHA SOMENTE APARTIR DA CONCLUSÃO DA ANÁLISE DO CALCULISTA E DO PROJETO DE REFORÇO ESTRUTURAL."]
[{"$f":"B58&C58","v":"6.274141/2"},"6.2","74141/2",{"$f":"VLOOKUP(C58,'SINAPI 01-2019'!A:E,2,0)","v":"LAJE PRE-MOLD BETA 12 P/3,5KN/M2 VAO 4,1M INCL VIGOTAS TIJOLOS ARMADU-RA NEGATIVA CAPEAMENTO 3CM CONCRETO 15MPA ESCORAMENTO MATERIAIS E MAO DE OBRA."},{"$f":"VLOOKUP(C58,'SINAPI 01-2019'!A:E,3,0)","v":"M2"},{"$f":"'MEMÓRIA DE CÁLCULO'!K285","v":26.73},{"$f":"VLOOKUP(C58,'SINAPI 01-2019'!A:E,4,0)","v":82.46},{"$f":"ROUND((G58*$K$12)+G58,2)","v":106.22},{"$f":"TRUNC(F58*H58,2)","v":2839.26}]
[{"$f":"B59&C59","v":"6.311.013.0075-A"},"6.3","11.013.0075-A",{"$f":"VLOOKUP(C59,'EMOP 01-2019'!A:J,2,0)","v":"CONCRETO ARMADO,FCK=25MPA,INCLUINDO MATERIAIS PARA 1,00M3 DE CONCRETO(IMPORTADO DE USINA)ADENSADO E COLOCADO,14,00M2 DEAREA MOLDADA,FORMAS E ESCORAMENTO CONFORME ITENS 11.004.0022 E 11.004.0035,60KG DE ACO CA-50,INCLUSIVE MAO-DE-OBRA PARACORTE,DOBRAGEM,MONTAGEM E COLOCACAO NAS FORMAS"},{"$f":"VLOOKUP(C59,'EMOP 01-2019'!A:J,9,0)","v":"M3"},{"$f":"'MEMÓRIA DE CÁLCULO'!K293","v":6.98},{"$f":"VLOOKUP(C59,'EMOP 01-2019'!A:J,10,0)","v":1778.05},{"$f":"ROUND((G59*$K$12)+G59,2)","v":2290.48},{"$f":"TRUNC(F59*H59,2)","v":15987.55}]
[{"$f":"B60&C60","v":"6.495969"},"6.4",95969,{"$f":"VLOOKUP(C60,'SINAPI 01-2019'!A:E,2,0)","v":"(COMPOSIÇÃO REPRESENTATIVA) EXECUÇÃO DE ESCADA EM CONCRETO ARMADO, MOLDADA IN LOCO, FCK = 25 MPA. AF_02/2017"},{"$f":"VLOOKUP(C60,'SINAPI 01-2019'!A:E,3,0)","v":"M3"},{"$f":"'MEMÓRIA DE CÁLCULO'!K308","v":4.78},{"$f":"VLOOKUP(C60,'SINAPI 01-2019'!A:E,4,0)","v":2103.25},{"$f":"ROUND((G60*$K$12)+G60,2)","v":2709.41},{"$f":"TRUNC(F60*H60,2)","v":12950.97}]
[{"$f":"B61&C61","v":"6.593188"},"6.5",93188,{"$f":"VLOOKUP(C61,'SINAPI 01-2019'!A:E,2,0)","v":"VERGA MOLDADA IN LOCO EM CONCRETO PARA PORTAS COM ATÉ 1,5 M DE VÃO. AF_03/2016"},{"$f":"VLOOKUP(C61,'SINAPI 01-2019'!A:E,3,0)","v":"M"},{"$f":"'MEMÓRIA DE CÁLCULO'!K315","v":14.2},{"$f":"VLOOKUP(C61,'SINAPI 01-2019'!A:E,4,0)","v":43.63},{"$f":"ROUND((G61*$K$12)+G61,2)","v":56.2},{"$f":"TRUNC(F61*H61,2)","v":798.04}]
[{"$f":"B62&C62","v":"6.693187"},"6.6",93187,{"$f":"VLOOKUP(C62,'SINAPI 01-2019'!A:E,2,0)","v":"VERGA MOLDADA IN LOCO EM CONCRETO PARA JANELAS COM MAIS DE 1,5 M DE VÃO. AF_03/2016"},{"$f":"VLOOKUP(C62,'SINAPI 01-2019'!A:E,3,0)","v":"M"},{"$f":"'MEMÓRIA DE CÁLCULO'!K336","v":2.8},{"$f":"VLOOKUP(C62,'SINAPI 01-2019'!A:E,4,0)","v":51.63},{"$f":"ROUND((G62*$K$12)+G62,2)","v":66.51},{"$f":"TRUNC(F62*H62,2)","v":186.22}]
[{"$f":"B63&C63","v":"6.793197"},"6.7",93197,{"$f":"VLOOKUP(C63,'SINAPI 01-2019'!A:E,2,0)","v":"CONTRAVERGA MOLDADA IN LOCO EM CONCRETO PARA VÃOS DE MAIS DE 1,5 M DE COMPRIMENTO. AF_03/2016"},{"$f":"VLOOKUP(C63,'SINAPI 01-2019'!A:E,3,0)","v":"M"},{"$f":"'MEMÓRIA DE CÁLCULO'!K340","v":2.8},{"$f":"VLOOKUP(C63,'SINAPI 01-2019'!A:E,4,0)","v":48.78},{"$f":"ROUND((G63*$K$12)+G63,2)","v":62.84},{"$f":"TRUNC(F63*H63,2)","v":175.95}]
[null,null,null,null,null,null,null,"SUBTOTAL 6",{"$f":"SUM(I57:I63)","v":32937.99}]
[null,7,"ALVENARIAS E DIVISÓRIAS",null,"."]
[{"$f":"B66&C66","v":"7.187490"},"7.1",87490,{"$f":"VLOOKUP(C66,'SINAPI 01-2019'!A:E,2,0)","v":"ALVENARIA DE VEDAÇÃO DE BLOCOS CERÂMICOS FURADOS NA VERTICAL DE 9X19X39CM (ESPESSURA 9CM) DE PAREDES COM ÁREA LÍQUIDA MAIOR OU IGUAL A 6M² COM VÃOS E ARGAMASSA DE ASSENTAMENTO COM PREPARO MANUAL. AF_06/2014"},{"$f":"VLOOKUP(C66,'SINAPI 01-2019'!A:E,3,0)","v":"M2"},{"$f":"'MEMÓRIA DE CÁLCULO'!K349","v":123.72},{"$f":"VLOOKUP(C66,'SINAPI 01-2019'!A:E,4,0)","v":39.2},{"$f":"ROUND((G66*$K$12)+G66,2)","v":50.5},{"$f":"TRUNC(F66*H66,2)","v":6247.86}]
[{"$f":"B67&C67","v":"7.296360"},"7.2",96360,{"$f":"VLOOKUP(C67,'SINAPI 01-2019'!A:E,2,0)","v":"PAREDE COM PLACAS DE GESSO ACARTONADO (DRYWALL), PARA USO INTERNO, COM DUAS FACES SIMPLES E ESTRUTURA METÁLICA COM GUIAS DUPLAS, SEM VÃOS. AF_06/2017_P"},{"$f":"VLOOKUP(C67,'SINAPI 01-2019'!A:E,3,0)","v":"M2"},{"$f":"'MEMÓRIA DE CÁLCULO'!K372","v":31.86},{"$f":"VLOOKUP(C67,'SINAPI 01-2019'!A:E,4,0)","v":104.96},{"$f":"ROUND((G67*$K$12)+G67,2)","v":135.21},{"$f":"TRUNC(F67*H67,2)","v":4307.79}]
[{"$f":"B68&C68","v":"7.387448"},"7.3",87448,{"$f":"VLOOKUP(C68,'SINAPI 01-2019'!A:E,2,0)","v":"ALVENARIA DE VEDAÇÃO DE BLOCOS VAZADOS DE CONCRETO DE 9X19X39CM (ESPESSURA 9CM) DE PAREDES COM ÁREA LÍQUIDA MENOR QUE 6M² SEM VÃOS E ARGAMASSA DE ASSENTAMENTO COM PREPARO MANUAL. AF_06/2014"},{"$f":"VLOOKUP(C68,'SINAPI 01-2019'!A:E,3,0)","v":"M2"},{"$f":"'MEMÓRIA DE CÁLCULO'!K377","v":28.85},{"$f":"VLOOKUP(C68,'SINAPI 01-2019'!A:E,4,0)","v":50.11},{"$f":"ROUND((G68*$K$12)+G68,2)","v":64.55},{"$f":"TRUNC(F68*H68,2)","v":1862.26}]
[{"$f":"B69&C69","v":"7.473774/1"},"7.4","73774/1",{"$f":"VLOOKUP(C69,'SINAPI 01-2019'!A:E,2,0)","v":"DIVISORIA EM MARMORITE ESPESSURA 35MM, CHUMBAMENTO NO PISO E PAREDE COM ARGAMASSA DE CIMENTO E AREIA, POLIMENTO MANUAL, EXCLUSIVE FERRAGENS"},{"$f":"VLOOKUP(C69,'SINAPI 01-2019'!A:E,3,0)","v":"M2"},{"$f":"'MEMÓRIA DE CÁLCULO'!K384","v":13.72},{"$f":"VLOOKUP(C69,'SINAPI 01-2019'!A:E,4,0)","v":312.72},{"$f":"ROUND((G69*$K$12)+G69,2)","v":402.85},{"$f":"TRUNC(F69*H69,2)","v":5527.1}]
[null,null,null,null,null,null,null,"SUBTOTAL 7",{"$f":"SUM(I66:I69)","v":17945.01}]
[null,8,"REVESTIMENTOS",null,"."]
[null,"PAREDE"]
[{"$f":"B73&C73","v":"8.113.001.0026-A"},"8.1","13.001.0026-A",{"$f":"VLOOKUP(C73,'EMOP 01-2019'!A:J,2,0)","v":"EMBOCO COM ARGAMASSA DE CIMENTO E AREIA,NO TRACO 1:3 COM 2CM DE ESPESSURA,INCLUSIVE CHAPISCO DE CIMENTO E AREIA,NO TRACO 1:3"},{"$f":"VLOOKUP(C73,'EMOP 01-2019'!A:J,9,0)","v":"M2"},{"$f":"'MEMÓRIA DE CÁLCULO'!K396","v":538.85},{"$f":"VLOOKUP(C73,'EMOP 01-2019'!A:J,10,0)","v":23.11},{"$f":"ROUND((G73*$K$12)+G73,2)","v":29.77},{"$f":"TRUNC(F73*H73,2)","v":16041.56}]
[{"$f":"B74&C74","v":"8.287274"},"8.2",87274,{"$f":"VLOOKUP(C74,'SINAPI 01-2019'!A:E,2,0)","v":"REVESTIMENTO CERÂMICO PARA PAREDES INTERNAS COM PLACAS TIPO ESMALTADA EXTRA DE DIMENSÕES 33X45 CM APLICADAS EM AMBIENTES DE ÁREA MENOR QUE 5 M² A MEIA ALTURA DAS PAREDES. AF_06/2014"},{"$f":"VLOOKUP(C74,'SINAPI 01-2019'!A:E,3,0)","v":"M2"},{"$f":"'MEMÓRIA DE CÁLCULO'!K447","v":199.47},{"$f":"VLOOKUP(C74,'SINAPI 01-2019'!A:E,4,0)","v":63.27},{"$f":"ROUND((G74*$K$12)+G74,2)","v":81.5},{"$f":"TRUNC(F74*H74,2)","v":16256.8}]
[null,"TETO"]
[{"$f":"B76&C76","v":"8.313.196.0025-A"},"8.3","13.196.0025-A",{"$f":"VLOOKUP(C76,'EMOP 01-2019'!A:J,2,0)","v":"FORRO REMOVIVEL COMPOSTO GESSO ACARTONADO,TIPO STANDARD,C/ADICAO DE LA MINERAL,A SER APLICADO SIST.DRYWALL,C/BORDA QUADRADA 625X625MM REVEST.VINIL,ESP.6,5;9,5 OU 12,5MM,ESTRUT.EM PERFIS TIPO TRAVESSA \"T\" ACO GALV.ALUMINIO OU LIGAS ALUMINIO,ESP.MINIMA 0,5M,C/PINTURA ELETROSTATICA OU CONVENCIONAL,SUSPENSA POR MEIO PENDURAIS,FIX.EM ESTRUT.SUPERIOR.FORN.E COLOC."},{"$f":"VLOOKUP(C76,'EMOP 01-2019'!A:J,9,0)","v":"M2"},{"$f":"'MEMÓRIA DE CÁLCULO'!K462","v":160.37},{"$f":"VLOOKUP(C76,'EMOP 01-2019'!A:J,10,0)","v":71.72},{"$f":"ROUND((G76*$K$12)+G76,2)","v":92.39},{"$f":"TRUNC(F76*H76,2)","v":14816.58}]
[{"$f":"B77&C77","v":"8.496120"},"8.4",96120,{"$f":"VLOOKUP(C77,'SINAPI 01-2019'!A:E,2,0)","v":"ACABAMENTOS PARA FORRO (MOLDURA DE GESSO). AF_05/2017"},{"$f":"VLOOKUP(C77,'SINAPI 01-2019'!A:E,3,0)","v":"M"},{"$f":"'MEMÓRIA DE CÁLCULO'!K478","v":187.78},{"$f":"VLOOKUP(C77,'SINAPI 01-2019'!A:E,4,0)","v":2.92},{"$f":"ROUND((G77*$K$12)+G77,2)","v":3.76},{"$f":"TRUNC(F77*H77,2)","v":706.05}]
[null,"PISO"]
[{"$f":"B79&C79","v":"8.594992"},"8.5",94992,{"$f":"VLOOKUP(C79,'SINAPI 01-2019'!A:E,2,0)","v":"EXECUÇÃO DE PASSEIO (CALÇADA) OU PISO DE CONCRETO COM CONCRETO MOLDADO IN LOCO, FEITO EM OBRA, ACABAMENTO CONVENCIONAL, ESPESSURA 6 CM, ARMADO. AF_07/2016"},{"$f":"VLOOKUP(C79,'SINAPI 01-2019'!A:E,3,0)","v":"M2"},{"$f":"'MEMÓRIA DE CÁLCULO'!K498","v":197.46},{"$f":"VLOOKUP(C79,'SINAPI 01-2019'!A:E,4,0)","v":57.19},{"$f":"ROUND((G79*$K$12)+G79,2)","v":73.67},{"$f":"TRUNC(F79*H79,2)","v":14546.87}]
[{"$f":"B80&C80","v":"8.692396"},"8.6",92396,{"$f":"VLOOKUP(C80,'SINAPI 01-2019'!A:E,2,0)","v":"EXECUÇÃO DE PASSEIO EM PISO INTERTRAVADO, COM BLOCO RETANGULAR COR NATURAL DE 20 X 10 CM, ESPESSURA 6 CM. AF_12/2015"},{"$f":"VLOOKUP(C80,'SINAPI 01-2019'!A:E,3,0)","v":"M2"},{"$f":"'MEMÓRIA DE CÁLCULO'!K506","v":86},{"$f":"VLOOKUP(C80,'SINAPI 01-2019'!A:E,4,0)","v":56.7},{"$f":"ROUND((G80*$K$12)+G80,2)","v":73.04},{"$f":"TRUNC(F80*H80,2)","v":6281.44}]
[{"$f":"B81&C81","v":"8.787373"},"8.7",87373,{"$f":"VLOOKUP(C81,'SINAPI 01-2019'!A:E,2,0)","v":"ARGAMASSA TRAÇO 1:4 (CIMENTO E AREIA MÉDIA) PARA CONTRAPISO, PREPARO MANUAL. AF_06/2014"},{"$f":"VLOOKUP(C81,'SINAPI 01-2019'!A:E,3,0)","v":"M3"},{"$f":"'MEMÓRIA DE CÁLCULO'!K510","v":28.67},{"$f":"VLOOKUP(C81,'SINAPI 01-2019'!A:E,4,0)","v":482.27},{"$f":"ROUND((G81*$K$12)+G81,2)","v":621.26},{"$f":"TRUNC(F81*H81,2)","v":17811.52}]
[{"$f":"B82&C82","v":"8.887261"},"8.8",87261,{"$f":"VLOOKUP(C82,'SINAPI 01-2019'!A:E,2,0)","v":"REVESTIMENTO CERÂMICO PARA PISO COM PLACAS TIPO PORCELANATO DE DIMENSÕES 60X60 CM APLICADA EM AMBIENTES DE ÁREA MENOR QUE 5 M². AF_06/2014"},{"$f":"VLOOKUP(C82,'SINAPI 01-2019'!A:E,3,0)","v":"M2"},{"$f":"'MEMÓRIA DE CÁLCULO'!K552","v":26.61},{"$f":"VLOOKUP(C82,'SINAPI 01-2019'!A:E,4,0)","v":108.79},{"$f":"ROUND((G82*$K$12)+G82,2)","v":140.14},{"$f":"TRUNC(F82*H82,2)","v":3729.12}]
[{"$f":"B83&C83","v":"8.987262"},"8.9",87262,{"$f":"VLOOKUP(C83,'SINAPI 01-2019'!A:E,2,0)","v":"REVESTIMENTO CERÂMICO PARA PISO COM PLACAS TIPO PORCELANATO DE DIMENSÕES 60X60 CM APLICADA EM AMBIENTES DE ÁREA ENTRE 5 M² E 10 M². AF_06/2014"},{"$f":"VLOOKUP(C83,'SINAPI 01-2019'!A:E,3,0)","v":"M2"},null,{"$f":"VLOOKUP(C83,'SINAPI 01-2019'!A:E,4,0)","v":95.55},{"$f":"ROUND((G83*$K$12)+G83,2)","v":123.09},{"$f":"TRUNC(F83*H83,2)","v":0}]
[{"$f":"B84&C84","v":"8.1087263"},"8.10",87263,{"$f":"VLOOKUP(C84,'SINAPI 01-2019'!A:E,2,0)","v":"REVESTIMENTO CERÂMICO PARA PISO COM PLACAS TIPO PORCELANATO DE DIMENSÕES 60X60 CM APLICADA EM AMBIENTES DE ÁREA MAIOR QUE 10 M². AF_06/2014"},{"$f":"VLOOKUP(C84,'SINAPI 01-2019'!A:E,3,0)","v":"M2"},{"$f":"'MEMÓRIA DE CÁLCULO'!K584","v":152},{"$f":"VLOOKUP(C84,'SINAPI 01-2019'!A:E,4,0)","v":87.03},{"$f":"ROUND((G84*$K$12)+G84,2)","v":112.11},{"$f":"TRUNC(F84*H84,2)","v":17040.72}]
[{"$f":"B85&C85","v":"8.1113.331.0051-A"},"8.11","13.331.0051-A",{"$f":"VLOOKUP(C85,'EMOP 01-2019'!A:J,2,0)","v":"RODAPE COM CERAMICA EM PORCELANATO NATURAL,COM 7,5 A 10CM DE ALTURA,ASSENTES CONFORME ITEM 13.025.0058"},{"$f":"VLOOKUP(C85,'EMOP 01-2019'!A:J,9,0)","v":"M"},{"$f":"'MEMÓRIA DE CÁLCULO'!K599","v":164.88},{"$f":"VLOOKUP(C85,'EMOP 01-2019'!A:J,10,0)","v":29.41},{"$f":"ROUND((G85*$K$12)+G85,2)","v":37.89},{"$f":"TRUNC(F85*H85,2)","v":6247.3}]
[{"$f":"B86&C86","v":"8.1298689"},"8.12",98689,{"$f":"VLOOKUP(C86,'SINAPI 01-2019'!A:E,2,0)","v":"SOLEIRA EM GRANITO, LARGURA 15 CM, ESPESSURA 2,0 CM. AF_06/2018"},{"$f":"VLOOKUP(C86,'SINAPI 01-2019'!A:E,3,0)","v":"M"},{"$f":"'MEMÓRIA DE CÁLCULO'!K622","v":27.7},{"$f":"VLOOKUP(C86,'SINAPI 01-2019'!A:E,4,0)","v":89.77},{"$f":"ROUND((G86*$K$12)+G86,2)","v":115.64},{"$f":"TRUNC(F86*H86,2)","v":3203.22}]
[{"$f":"B87&C87","v":"8.1398671"},"8.13",98671,{"$f":"VLOOKUP(C87,'SINAPI 01-2019'!A:E,2,0)","v":"PISO EM GRANITO APLICADO EM AMBIENTES INTERNOS. AF_06/2018"},{"$f":"VLOOKUP(C87,'SINAPI 01-2019'!A:E,3,0)","v":"M2"},{"$f":"'MEMÓRIA DE CÁLCULO'!K651","v":40.03},{"$f":"VLOOKUP(C87,'SINAPI 01-2019'!A:E,4,0)","v":344.84},{"$f":"ROUND((G87*$K$12)+G87,2)","v":444.22},{"$f":"TRUNC(F87*H87,2)","v":17782.12}]
[null,null,null,null,null,null,null,"SUBTOTAL 8",{"$f":"SUM(I73:I87)","v":134463.3}]
[null,9,"ESQUADRIAS",null,"."]
[{"$f":"B90&C90","v":"9.114.006.0423-A"},"9.1","14.006.0423-A",{"$f":"VLOOKUP(C90,'EMOP 01-2019'!A:J,2,0)","v":"PORTA DE MADEIRA DE LEI MACICA COM ATE 5 ALMOFADAS,COM 3,5CM DE ESPESSURA,EXCLUSIVE FERRAGENS,MARCO E ALIZAR.FORNECIMENTO E COLOCACAO"},{"$f":"VLOOKUP(C90,'EMOP 01-2019'!A:J,9,0)","v":"M2"},{"$f":"'MEMÓRIA DE CÁLCULO'!K667","v":29.25},{"$f":"VLOOKUP(C90,'EMOP 01-2019'!A:J,10,0)","v":591.32},{"$f":"ROUND((G90*$K$12)+G90,2)","v":761.74},{"$f":"TRUNC(F90*H90,2)","v":22280.89}]
[{"$f":"B91&C91","v":"9.214.007.0025-A"},"9.2","14.007.0025-A",{"$f":"VLOOKUP(C91,'EMOP 01-2019'!A:J,2,0)","v":"FERRAGENS P/PORTA MADEIRA,DE 2 FOLHAS DE ABRIR,DE ENTRADA PRINCIPAL,CONSTANDO DE FORN.S/COLOC.DE:-FECHADURA CILINDRO,DELATAO,MONOBLOCO,ACABAMENTO CROMADO,;-ENTRADA CIRCULAR,LATAO,ACABAMENTO CROMADO;-ROSETA CIRCULAR,LATAO,ACAB.CROMADO;-MACANETA TIPO ALAVANCA,LATAO,ACABAMENTO CROMADO;-6 DOBRADICAS 3\"X3\" LATAO CROMADO,C/PINOS,BOLAS E ANEIS DE LATAO E 2 FECHOS"},{"$f":"VLOOKUP(C91,'EMOP 01-2019'!A:J,9,0)","v":"UN"},{"$f":"'MEMÓRIA DE CÁLCULO'!K679","v":9},{"$f":"VLOOKUP(C91,'EMOP 01-2019'!A:J,10,0)","v":456.11},{"$f":"ROUND((G91*$K$12)+G91,2)","v":587.56},{"$f":"TRUNC(F91*H91,2)","v":5288.04}]
[{"$f":"B92&C92","v":"9.390841"},"9.3",90841,{"$f":"VLOOKUP(C92,'SINAPI 01-2019'!A:E,2,0)","v":"KIT DE PORTA DE MADEIRA PARA PINTURA, SEMI-OCA (LEVE OU MÉDIA), PADRÃO MÉDIO, 60X210CM, ESPESSURA DE 3,5CM, ITENS INCLUSOS: DOBRADIÇAS, MONTAGEM E INSTALAÇÃO DO BATENTE, FECHADURA COM EXECUÇÃO DO FURO - FORNECIMENTO E INSTALAÇÃO. AF_08/2015"},{"$f":"VLOOKUP(C92,'SINAPI 01-2019'!A:E,3,0)","v":"UN"},{"$f":"'MEMÓRIA DE CÁLCULO'!K691","v":1},{"$f":"VLOOKUP(C92,'SINAPI 01-2019'!A:E,4,0)","v":711.91},{"$f":"ROUND((G92*$K$12)+G92,2)","v":917.08},{"$f":"TRUNC(F92*H92,2)","v":917.08}]
[{"$f":"B93&C93","v":"9.490842"},"9.4",90842,{"$f":"VLOOKUP(C93,'SINAPI 01-2019'!A:E,2,0)","v":"KIT DE PORTA DE MADEIRA PARA PINTURA, SEMI-OCA (LEVE OU MÉDIA), PADRÃO MÉDIO, 70X210CM, ESPESSURA DE 3,5CM, ITENS INCLUSOS: DOBRADIÇAS, MONTAGEM E INSTALAÇÃO DO BATENTE, FECHADURA COM EXECUÇÃO DO FURO - FORNECIMENTO E INSTALAÇÃO. AF_08/2015"},{"$f":"VLOOKUP(C93,'SINAPI 01-2019'!A:E,3,0)","v":"UN"},{"$f":"'MEMÓRIA DE CÁLCULO'!K696","v":9},{"$f":"VLOOKUP(C93,'SINAPI 01-2019'!A:E,4,0)","v":761.51},{"$f":"ROUND((G93*$K$12)+G93,2)","v":980.98},{"$f":"TRUNC(F93*H93,2)","v":8828.82}]
[{"$f":"B94&C94","v":"9.590843"},"9.5",90843,{"$f":"VLOOKUP(C94,'SINAPI 01-2019'!A:E,2,0)","v":"KIT DE PORTA DE MADEIRA PARA PINTURA, SEMI-OCA (LEVE OU MÉDIA), PADRÃO MÉDIO, 80X210CM, ESPESSURA DE 3,5CM, ITENS INCLUSOS: DOBRADIÇAS, MONTAGEM E INSTALAÇÃO DO BATENTE, FECHADURA COM EXECUÇÃO DO FURO - FORNECIMENTO E INSTALAÇÃO. AF_08/2015"},{"$f":"VLOOKUP(C94,'SINAPI 01-2019'!A:E,3,0)","v":"UN"},{"$f":"'MEMÓRIA DE CÁLCULO'!K708","v":8},{"$f":"VLOOKUP(C94,'SINAPI 01-2019'!A:E,4,0)","v":794.47},{"$f":"ROUND((G94*$K$12)+G94,2)","v":1023.44},{"$f":"TRUNC(F94*H94,2)","v":8187.52}]
[{"$f":"B95&C95","v":"9.614.006.0220-A"},"9.6","14.006.0220-A",{"$f":"VLOOKUP(C95,'EMOP 01-2019'!A:J,2,0)","v":"PORTA DE MADEIRA DE LEI DE CORRER EM COMPENSADO DE 80X210X3CM,PENDURADA EM ROLDANAS,CORRENDO DENTRO DE TRILHO OCO,GUIADAOIR CANALETA EMBUTIDA NO PISO COM MARCO DE 7X3CM,EXCLUSIVE FERRAGENS.FORNECIMENTO E COLOCACAO"},{"$f":"VLOOKUP(C95,'EMOP 01-2019'!A:J,9,0)","v":"UN"},{"$f":"'MEMÓRIA DE CÁLCULO'!K724","v":1},{"$f":"VLOOKUP(C95,'EMOP 01-2019'!A:J,10,0)","v":346.06},{"$f":"ROUND((G95*$K$12)+G95,2)","v":445.79},{"$f":"TRUNC(F95*H95,2)","v":445.79}]
[{"$f":"B96&C96","v":"9.714.007.0090-A"},"9.7","14.007.0090-A",{"$f":"VLOOKUP(C96,'EMOP 01-2019'!A:J,2,0)","v":"FERRAGENS P/PORTAS DE MADEIRA,DE CORRER,DE 1 FOLHA,CONSTANDO DE FORN.S/COLOC.DE:-FECHADURA C/CHAVE BI-PART.,LATAO, ACABAMENTO CROMADO;-2,00M DE TRILHO EM \"U\",DE FERRO;-2 ROLDANAS DE FERRO;-2 GUIAS DE LATAO,TAMANHO 3/4\",SEM CANTONEIRA;-2,00M CANALETA DE ALUMINIO,TAMANHO 2,00MX3/4\",2 CONCHAS COM FUROPARA CHAVE, LATAO CROMADO"},{"$f":"VLOOKUP(C96,'EMOP 01-2019'!A:J,9,0)","v":"UN"},{"$f":"'MEMÓRIA DE CÁLCULO'!K729","v":1},{"$f":"VLOOKUP(C96,'EMOP 01-2019'!A:J,10,0)","v":250.16},{"$f":"ROUND((G96*$K$12)+G96,2)","v":322.26},{"$f":"TRUNC(F96*H96,2)","v":322.26}]
[{"$f":"B97&C97","v":"9.891341"},"9.8",91341,{"$f":"VLOOKUP(C97,'SINAPI 01-2019'!A:E,2,0)","v":"PORTA EM ALUMÍNIO DE ABRIR TIPO VENEZIANA COM GUARNIÇÃO, FIXAÇÃO COM PARAFUSOS - FORNECIMENTO E INSTALAÇÃO. AF_08/2015"},{"$f":"VLOOKUP(C97,'SINAPI 01-2019'!A:E,3,0)","v":"M2"},{"$f":"'MEMÓRIA DE CÁLCULO'!K734","v":2.34},{"$f":"VLOOKUP(C97,'SINAPI 01-2019'!A:E,4,0)","v":408.23},{"$f":"ROUND((G97*$K$12)+G97,2)","v":525.88},{"$f":"TRUNC(F97*H97,2)","v":1230.55}]
[{"$f":"B98&C98","v":"9.984844"},"9.9",84844,{"$f":"VLOOKUP(C98,'SINAPI 01-2019'!A:E,2,0)","v":"JANELA DE MADEIRA TIPO GUILHOTINA, DE ABRIR , INCLUSAS GUARNICOES SEM FERRAGENS"},{"$f":"VLOOKUP(C98,'SINAPI 01-2019'!A:E,3,0)","v":"M2"},{"$f":"'MEMÓRIA DE CÁLCULO'!K739","v":3.84},{"$f":"VLOOKUP(C98,'SINAPI 01-2019'!A:E,4,0)","v":418.68},{"$f":"ROUND((G98*$K$12)+G98,2)","v":539.34},{"$f":"TRUNC(F98*H98,2)","v":2071.06}]
[{"$f":"B99&C99","v":"9.1085010"},"9.10",85010,{"$f":"VLOOKUP(C99,'SINAPI 01-2019'!A:E,2,0)","v":"CAIXILHO FIXO, DE ALUMINIO, PARA VIDRO"},{"$f":"VLOOKUP(C99,'SINAPI 01-2019'!A:E,3,0)","v":"M2"},{"$f":"'MEMÓRIA DE CÁLCULO'!K744","v":3.12},{"$f":"VLOOKUP(C99,'SINAPI 01-2019'!A:E,4,0)","v":286.31},{"$f":"ROUND((G99*$K$12)+G99,2)","v":368.82},{"$f":"TRUNC(F99*H99,2)","v":1150.71}]
[{"$f":"B100&C100","v":"9.1172120"},"9.11",72120,{"$f":"VLOOKUP(C100,'SINAPI 01-2019'!A:E,2,0)","v":"VIDRO TEMPERADO INCOLOR, ESPESSURA 10MM, FORNECIMENTO E INSTALACAO, INCLUSIVE MASSA PARA VEDACAO"},{"$f":"VLOOKUP(C100,'SINAPI 01-2019'!A:E,3,0)","v":"M2"},{"$f":"'MEMÓRIA DE CÁLCULO'!K749","v":3.12},{"$f":"VLOOKUP(C100,'SINAPI 01-2019'!A:E,4,0)","v":351.51},{"$f":"ROUND((G100*$K$12)+G100,2)","v":452.82},{"$f":"TRUNC(F100*H100,2)","v":1412.79}]
[{"$f":"B101&C101","v":"9.1214.002.0205-A"},"9.12","14.002.0205-A",{"$f":"VLOOKUP(C101,'EMOP 01-2019'!A:J,2,0)","v":"GUARDA-CORPO DE FERRO EM LANCES DE 3,00 A 4,00M E 1,00M DE ALTURA,COM 4 MONTANTES DE BARRAS DE 2\"X3/4\",CHUMBADOS NO CONCRETO,CORRIMAO EM 2 BARRAS SOBREPOSTAS DE 3\"X1/2\" E 2\"X3/8\",DUAS TRAVESSAS HORIZONTAIS EM BARRAS DE 1.1/4\"X3/8\",SOLDADASNOS MONTANTES,UMA DISTANTE 0,34M DO PISO E A OUTRA A 0,33M DESTA E DO CORRIMAO.FORNECIMENTO E COLOCACAO"},{"$f":"VLOOKUP(C101,'EMOP 01-2019'!A:J,9,0)","v":"M"},{"$f":"'MEMÓRIA DE CÁLCULO'!K754","v":35.2},{"$f":"VLOOKUP(C101,'EMOP 01-2019'!A:J,10,0)","v":597.38},{"$f":"ROUND((G101*$K$12)+G101,2)","v":769.54},{"$f":"TRUNC(F101*H101,2)","v":27087.8}]
[{"$f":"B102&C102","v":"9.1374072/2"},"9.13","74072/2",{"$f":"VLOOKUP(C102,'SINAPI 01-2019'!A:E,2,0)","v":"CORRIMAO EM TUBO ACO GALVANIZADO 2 1/2\" COM BRACADEIRA"},{"$f":"VLOOKUP(C102,'SINAPI 01-2019'!A:E,3,0)","v":"M"},{"$f":"'MEMÓRIA DE CÁLCULO'!K763","v":13.7},{"$f":"VLOOKUP(C102,'SINAPI 01-2019'!A:E,4,0)","v":136.54},{"$f":"ROUND((G102*$K$12)+G102,2)","v":175.89},{"$f":"TRUNC(F102*H102,2)","v":2409.69}]
[null,null,null,null,null,null,null,"SUBTOTAL 9",{"$f":"SUM(I90:I102)","v":81633}]
[null,10,"INSTALAÇÕES",null,"."]
[null," SANITÁRIAS"]
[{"$f":"B106&C106","v":"10.115.002.0580-A"},"10.1","15.002.0580-A",{"$f":"VLOOKUP(C106,'EMOP 01-2019'!A:J,2,0)","v":"FOSSA SEPTICA CILINDRICA,TIPO CAMARA IMHOFF,DE CONCRETO PRE-MOLDADO,MEDINDO 2000X2000MM.FORNECIMENTO E COLOCACAO"},{"$f":"VLOOKUP(C106,'EMOP 01-2019'!A:J,9,0)","v":"UN"},{"$f":"'MEMÓRIA DE CÁLCULO'!K774","v":1},{"$f":"VLOOKUP(C106,'EMOP 01-2019'!A:J,10,0)","v":3648.17},{"$f":"ROUND((G106*$K$12)+G106,2)","v":4699.57},{"$f":"TRUNC(F106*H106,2)","v":4699.57}]
[{"$f":"B107&C107","v":"10.215.002.0663-A"},"10.2","15.002.0663-A",{"$f":"VLOOKUP(C107,'EMOP 01-2019'!A:J,2,0)","v":"FILTRO ANAEROBIO,DE ANEIS DE CONCRETO PRE-MOLDADO,MEDINDO 1500X2000MM.FORNECIMENTO E COLOCACAO"},{"$f":"VLOOKUP(C107,'EMOP 01-2019'!A:J,9,0)","v":"UN"},{"$f":"'MEMÓRIA DE CÁLCULO'!K776","v":1},{"$f":"VLOOKUP(C107,'EMOP 01-2019'!A:J,10,0)","v":1888.18},{"$f":"ROUND((G107*$K$12)+G107,2)","v":2432.35},{"$f":"TRUNC(F107*H107,2)","v":2432.35}]
[{"$f":"B108&C108","v":"10.374166/1"},"10.3","74166/1",{"$f":"VLOOKUP(C108,'SINAPI 01-2019'!A:E,2,0)","v":"CAIXA DE INSPEÇÃO EM CONCRETO PRÉ-MOLDADO DN 60CM COM TAMPA H= 60CM - FORNECIMENTO E INSTALACAO"},{"$f":"VLOOKUP(C108,'SINAPI 01-2019'!A:E,3,0)","v":"UN"},{"$f":"'MEMÓRIA DE CÁLCULO'!K778","v":3},{"$f":"VLOOKUP(C108,'SINAPI 01-2019'!A:E,4,0)","v":215.03},{"$f":"ROUND((G108*$K$12)+G108,2)","v":277},{"$f":"TRUNC(F108*H108,2)","v":831}]
[{"$f":"B109&C109","v":"10.483446"},"10.4",83446,{"$f":"VLOOKUP(C109,'SINAPI 01-2019'!A:E,2,0)","v":"CAIXA DE PASSAGEM 30X30X40 COM TAMPA E DRENO BRITA"},{"$f":"VLOOKUP(C109,'SINAPI 01-2019'!A:E,3,0)","v":"UN"},{"$f":"'MEMÓRIA DE CÁLCULO'!K780","v":2},{"$f":"VLOOKUP(C109,'SINAPI 01-2019'!A:E,4,0)","v":169.01},{"$f":"ROUND((G109*$K$12)+G109,2)","v":217.72},{"$f":"TRUNC(F109*H109,2)","v":435.44}]
[{"$f":"B110&C110","v":"10.515.002.0062-A"},"10.5","15.002.0062-A",{"$f":"VLOOKUP(C110,'EMOP 01-2019'!A:J,2,0)","v":"CAIXA DE GORDURA SIMPLES CILINDRICA,PRE-FABRICADA EM ANEIS DE CONCRETO,COM DIAMETRO DE 40CM E PROFUNDIDADE TOTAL DE 60CM,INCLUSIVE TAMPA DE CONCRETO.FORNECIMENTO E COLOCACAO"},{"$f":"VLOOKUP(C110,'EMOP 01-2019'!A:J,9,0)","v":"UN"},{"$f":"'MEMÓRIA DE CÁLCULO'!K782","v":1},{"$f":"VLOOKUP(C110,'EMOP 01-2019'!A:J,10,0)","v":147.24},{"$f":"ROUND((G110*$K$12)+G110,2)","v":189.67},{"$f":"TRUNC(F110*H110,2)","v":189.67}]
[{"$f":"B111&C111","v":"10.689709"},"10.6",89709,{"$f":"VLOOKUP(C111,'SINAPI 01-2019'!A:E,2,0)","v":"RALO SIFONADO, PVC, DN 100 X 40 MM, JUNTA SOLDÁVEL, FORNECIDO E INSTALADO EM RAMAL DE DESCARGA OU EM RAMAL DE ESGOTO SANITÁRIO. AF_12/2014"},{"$f":"VLOOKUP(C111,'SINAPI 01-2019'!A:E,3,0)","v":"UN"},{"$f":"'MEMÓRIA DE CÁLCULO'!K784","v":8},{"$f":"VLOOKUP(C111,'SINAPI 01-2019'!A:E,4,0)","v":10.65},{"$f":"ROUND((G111*$K$12)+G111,2)","v":13.72},{"$f":"TRUNC(F111*H111,2)","v":109.76}]
[{"$f":"B112&C112","v":"10.789710"},"10.7",89710,{"$f":"VLOOKUP(C112,'SINAPI 01-2019'!A:E,2,0)","v":"RALO SECO, PVC, DN 100 X 40 MM, JUNTA SOLDÁVEL, FORNECIDO E INSTALADO EM RAMAL DE DESCARGA OU EM RAMAL DE ESGOTO SANITÁRIO. AF_12/2014"},{"$f":"VLOOKUP(C112,'SINAPI 01-2019'!A:E,3,0)","v":"UN"},{"$f":"'MEMÓRIA DE CÁLCULO'!K786","v":1},{"$f":"VLOOKUP(C112,'SINAPI 01-2019'!A:E,4,0)","v":10.43},{"$f":"ROUND((G112*$K$12)+G112,2)","v":13.44},{"$f":"TRUNC(F112*H112,2)","v":13.44}]
[{"$f":"B113&C113","v":"10.891792"},"10.8",91792,{"$f":"VLOOKUP(C113,'SINAPI 01-2019'!A:E,2,0)","v":"(COMPOSIÇÃO REPRESENTATIVA) DO SERVIÇO DE INSTALAÇÃO DE TUBO DE PVC, SÉRIE NORMAL, ESGOTO PREDIAL, DN 40 MM (INSTALADO EM RAMAL DE DESCARGA OU RAMAL DE ESGOTO SANITÁRIO), INCLUSIVE CONEXÕES, CORTES E FIXAÇÕES, PARA PRÉDIOS. AF_10/2015"},{"$f":"VLOOKUP(C113,'SINAPI 01-2019'!A:E,3,0)","v":"M"},{"$f":"'MEMÓRIA DE CÁLCULO'!K788","v":7.6},{"$f":"VLOOKUP(C113,'SINAPI 01-2019'!A:E,4,0)","v":48.61},{"$f":"ROUND((G113*$K$12)+G113,2)","v":62.62},{"$f":"TRUNC(F113*H113,2)","v":475.91}]
[{"$f":"B114&C114","v":"10.991793"},"10.9",91793,{"$f":"VLOOKUP(C114,'SINAPI 01-2019'!A:E,2,0)","v":"(COMPOSIÇÃO REPRESENTATIVA) DO SERVIÇO DE INSTALAÇÃO DE TUBO DE PVC, SÉRIE NORMAL, ESGOTO PREDIAL, DN 50 MM (INSTALADO EM RAMAL DE DESCARGA OU RAMAL DE ESGOTO SANITÁRIO), INCLUSIVE CONEXÕES, CORTES E FIXAÇÕES PARA, PRÉDIOS. AF_10/2015"},{"$f":"VLOOKUP(C114,'SINAPI 01-2019'!A:E,3,0)","v":"M"},{"$f":"'MEMÓRIA DE CÁLCULO'!K790","v":19.6},{"$f":"VLOOKUP(C114,'SINAPI 01-2019'!A:E,4,0)","v":69.53},{"$f":"ROUND((G114*$K$12)+G114,2)","v":89.57},{"$f":"TRUNC(F114*H114,2)","v":1755.57}]
[{"$f":"B115&C115","v":"10.1091794"},"10.10",91794,{"$f":"VLOOKUP(C115,'SINAPI 01-2019'!A:E,2,0)","v":"(COMPOSIÇÃO REPRESENTATIVA) DO SERVIÇO DE INST. TUBO PVC, SÉRIE N, ESGOTO PREDIAL, DN 75 MM, (INST. EM RAMAL DE DESCARGA, RAMAL DE ESG. SANITÁRIO, PRUMADA DE ESG. SANITÁRIO OU VENTILAÇÃO), INCL. CONEXÕES, CORTES E FIXAÇÕES, P/ PRÉDIOS. AF_10/2015"},{"$f":"VLOOKUP(C115,'SINAPI 01-2019'!A:E,3,0)","v":"M"},{"$f":"'MEMÓRIA DE CÁLCULO'!K792","v":16.35},{"$f":"VLOOKUP(C115,'SINAPI 01-2019'!A:E,4,0)","v":30.27},{"$f":"ROUND((G115*$K$12)+G115,2)","v":38.99},{"$f":"TRUNC(F115*H115,2)","v":637.48}]
[{"$f":"B116&C116","v":"10.1191795"},"10.11",91795,{"$f":"VLOOKUP(C116,'SINAPI 01-2019'!A:E,2,0)","v":"(COMPOSIÇÃO REPRESENTATIVA) DO SERVIÇO DE INST. TUBO PVC, SÉRIE N, ESGOTO PREDIAL, 100 MM (INST. RAMAL DESCARGA, RAMAL DE ESG. SANIT., PRUMADA ESG. SANIT., VENTILAÇÃO OU SUB-COLETOR AÉREO), INCL. CONEXÕES E CORTES, FIXAÇÕES, P/ PRÉDIOS. AF_10/2015"},{"$f":"VLOOKUP(C116,'SINAPI 01-2019'!A:E,3,0)","v":"M"},{"$f":"'MEMÓRIA DE CÁLCULO'!K794","v":85.9},{"$f":"VLOOKUP(C116,'SINAPI 01-2019'!A:E,4,0)","v":52.02},{"$f":"ROUND((G116*$K$12)+G116,2)","v":67.01},{"$f":"TRUNC(F116*H116,2)","v":5756.15}]
[null,"HIDRÁULICAS"]
[{"$f":"B118&C118","v":"10.1215.001.0071-A"},"10.12","15.001.0071-A",{"$f":"VLOOKUP(C118,'EMOP 01-2019'!A:J,2,0)","v":"ABRIGO PARA HIDROMETRO DE 1\",NAS DIMENSOES DE 0,90X0,50X0,60M,EM ALVENARIA DE TIJOLOS FURADOS DE 10X20X20CM,PAREDES DE MEIA VEZ,REVESTIDAS COM ARGAMASSA DE CIMENTO E SAIBRO,NO TRACO 1:6,COM FUNDO DE CONCRETO E TAMPA DE CONCRETO ARMADO,PORTA DE 80X50CM EM CHAPA DE ACO Nº16 E CADEADO DE 30MM,CONFORMEPROJETO Nº2089/EMOP"},{"$f":"VLOOKUP(C118,'EMOP 01-2019'!A:J,9,0)","v":"UN"},{"$f":"'MEMÓRIA DE CÁLCULO'!K797","v":1},{"$f":"VLOOKUP(C118,'EMOP 01-2019'!A:J,10,0)","v":562.48},{"$f":"ROUND((G118*$K$12)+G118,2)","v":724.59},{"$f":"TRUNC(F118*H118,2)","v":724.59}]
[{"$f":"B119&C119","v":"10.1315.001.0079-A"},"10.13","15.001.0079-A",{"$f":"VLOOKUP(C119,'EMOP 01-2019'!A:J,2,0)","v":"HIDROMETRO COM DIAMETRO DE 1\".FORNECIMENTO"},{"$f":"VLOOKUP(C119,'EMOP 01-2019'!A:J,9,0)","v":"UN"},{"$f":"'MEMÓRIA DE CÁLCULO'!K799","v":1},{"$f":"VLOOKUP(C119,'EMOP 01-2019'!A:J,10,0)","v":360.15},{"$f":"ROUND((G119*$K$12)+G119,2)","v":463.95},{"$f":"TRUNC(F119*H119,2)","v":463.95}]
[{"$f":"B120&C120","v":"10.1494496"},"10.14",94496,{"$f":"VLOOKUP(C120,'SINAPI 01-2019'!A:E,2,0)","v":"REGISTRO DE GAVETA BRUTO, LATÃO, ROSCÁVEL, 1 1/4\u0094, INSTALADO EM RESERVAÇÃO DE ÁGUA DE EDIFICAÇÃO QUE POSSUA RESERVATÓRIO DE FIBRA/FIBROCIMENTO \u0096 FORNECIMENTO E INSTALAÇÃO. AF_06/2016"},{"$f":"VLOOKUP(C120,'SINAPI 01-2019'!A:E,3,0)","v":"UN"},{"$f":"'MEMÓRIA DE CÁLCULO'!K801","v":2},{"$f":"VLOOKUP(C120,'SINAPI 01-2019'!A:E,4,0)","v":81.1},{"$f":"ROUND((G120*$K$12)+G120,2)","v":104.47},{"$f":"TRUNC(F120*H120,2)","v":208.94}]
[{"$f":"B121&C121","v":"10.1589985"},"10.15",89985,{"$f":"VLOOKUP(C121,'SINAPI 01-2019'!A:E,2,0)","v":"REGISTRO DE PRESSÃO BRUTO, LATÃO, ROSCÁVEL, 3/4\", COM ACABAMENTO E CANOPLA CROMADOS. FORNECIDO E INSTALADO EM RAMAL DE ÁGUA. AF_12/2014"},{"$f":"VLOOKUP(C121,'SINAPI 01-2019'!A:E,3,0)","v":"UN"},{"$f":"'MEMÓRIA DE CÁLCULO'!K803","v":3},{"$f":"VLOOKUP(C121,'SINAPI 01-2019'!A:E,4,0)","v":61.99},{"$f":"ROUND((G121*$K$12)+G121,2)","v":79.86},{"$f":"TRUNC(F121*H121,2)","v":239.58}]
[{"$f":"B122&C122","v":"10.1689987"},"10.16",89987,{"$f":"VLOOKUP(C122,'SINAPI 01-2019'!A:E,2,0)","v":"REGISTRO DE GAVETA BRUTO, LATÃO, ROSCÁVEL, 3/4\", COM ACABAMENTO E CANOPLA CROMADOS. FORNECIDO E INSTALADO EM RAMAL DE ÁGUA. AF_12/2014"},{"$f":"VLOOKUP(C122,'SINAPI 01-2019'!A:E,3,0)","v":"UN"},{"$f":"'MEMÓRIA DE CÁLCULO'!K805","v":6},{"$f":"VLOOKUP(C122,'SINAPI 01-2019'!A:E,4,0)","v":65.03},{"$f":"ROUND((G122*$K$12)+G122,2)","v":83.77},{"$f":"TRUNC(F122*H122,2)","v":502.62}]
[{"$f":"B123&C123","v":"10.1791785"},"10.17",91785,{"$f":"VLOOKUP(C123,'SINAPI 01-2019'!A:E,2,0)","v":"(COMPOSIÇÃO REPRESENTATIVA) DO SERVIÇO DE INSTALAÇÃO DE TUBOS DE PVC, SOLDÁVEL, ÁGUA FRIA, DN 25 MM (INSTALADO EM RAMAL, SUB-RAMAL, RAMAL DE DISTRIBUIÇÃO OU PRUMADA), INCLUSIVE CONEXÕES, CORTES E FIXAÇÕES, PARA PRÉDIOS. AF_10/2015"},{"$f":"VLOOKUP(C123,'SINAPI 01-2019'!A:E,3,0)","v":"M"},{"$f":"'MEMÓRIA DE CÁLCULO'!K807","v":60.5},{"$f":"VLOOKUP(C123,'SINAPI 01-2019'!A:E,4,0)","v":35.96},{"$f":"ROUND((G123*$K$12)+G123,2)","v":46.32},{"$f":"TRUNC(F123*H123,2)","v":2802.36}]
[{"$f":"B124&C124","v":"10.1891786"},"10.18",91786,{"$f":"VLOOKUP(C124,'SINAPI 01-2019'!A:E,2,0)","v":"(COMPOSIÇÃO REPRESENTATIVA) DO SERVIÇO DE INSTALAÇÃO TUBOS DE PVC, SOLDÁVEL, ÁGUA FRIA, DN 32 MM (INSTALADO EM RAMAL, SUB-RAMAL, RAMAL DE DISTRIBUIÇÃO OU PRUMADA), INCLUSIVE CONEXÕES, CORTES E FIXAÇÕES, PARA PRÉDIOS. AF_10/2015"},{"$f":"VLOOKUP(C124,'SINAPI 01-2019'!A:E,3,0)","v":"M"},{"$f":"'MEMÓRIA DE CÁLCULO'!K809","v":33.2},{"$f":"VLOOKUP(C124,'SINAPI 01-2019'!A:E,4,0)","v":20.97},{"$f":"ROUND((G124*$K$12)+G124,2)","v":27.01},{"$f":"TRUNC(F124*H124,2)","v":896.73}]
[{"$f":"B125&C125","v":"10.1991787"},"10.19",91787,{"$f":"VLOOKUP(C125,'SINAPI 01-2019'!A:E,2,0)","v":"(COMPOSIÇÃO REPRESENTATIVA) DO SERVIÇO DE INSTALAÇÃO DE TUBOS DE PVC, SOLDÁVEL, ÁGUA FRIA, DN 40 MM (INSTALADO EM PRUMADA), INCLUSIVE CONEXÕES, CORTES E FIXAÇÕES, PARA PRÉDIOS. AF_10/2015"},{"$f":"VLOOKUP(C125,'SINAPI 01-2019'!A:E,3,0)","v":"M"},{"$f":"'MEMÓRIA DE CÁLCULO'!K811","v":5.4},{"$f":"VLOOKUP(C125,'SINAPI 01-2019'!A:E,4,0)","v":20.39},{"$f":"ROUND((G125*$K$12)+G125,2)","v":26.27},{"$f":"TRUNC(F125*H125,2)","v":141.85}]
[{"$f":"B126&C126","v":"10.2083879"},"10.20",83879,{"$f":"VLOOKUP(C126,'SINAPI 01-2019'!A:E,2,0)","v":"LIGACAO DA REDE 75MM AO RAMAL PREDIAL 1/2\""},{"$f":"VLOOKUP(C126,'SINAPI 01-2019'!A:E,3,0)","v":"UN"},{"$f":"'MEMÓRIA DE CÁLCULO'!K813","v":1},{"$f":"VLOOKUP(C126,'SINAPI 01-2019'!A:E,4,0)","v":53.71},{"$f":"ROUND((G126*$K$12)+G126,2)","v":69.19},{"$f":"TRUNC(F126*H126,2)","v":69.19}]
[{"$f":"B127&C127","v":"10.2118.021.0040-A"},"10.21","18.021.0040-A",{"$f":"VLOOKUP(C127,'EMOP 01-2019'!A:J,2,0)","v":"RESERVATORIO,EM FIBRA DE VIDRO OU POLIETILENO,COM CAPACIDADE EM TORNO DE 1.500L,INCLUSIVE TAMPA DE VEDACAO COM ESCOTILHA E FIXADORES.FORNECIMENTO"},{"$f":"VLOOKUP(C127,'EMOP 01-2019'!A:J,9,0)","v":"UN"},{"$f":"'MEMÓRIA DE CÁLCULO'!K815","v":2},{"$f":"VLOOKUP(C127,'EMOP 01-2019'!A:J,10,0)","v":567.43},{"$f":"ROUND((G127*$K$12)+G127,2)","v":730.96},{"$f":"TRUNC(F127*H127,2)","v":1461.92}]
[{"$f":"B128&C128","v":"10.2294797"},"10.22",94797,{"$f":"VLOOKUP(C128,'SINAPI 01-2019'!A:E,2,0)","v":"TORNEIRA DE BOIA, ROSCÁVEL, 1\u0094, FORNECIDA E INSTALADA EM RESERVAÇÃO DE ÁGUA. AF_06/2016"},{"$f":"VLOOKUP(C128,'SINAPI 01-2019'!A:E,3,0)","v":"UN"},{"$f":"'MEMÓRIA DE CÁLCULO'!K817","v":1},{"$f":"VLOOKUP(C128,'SINAPI 01-2019'!A:E,4,0)","v":45.79},{"$f":"ROUND((G128*$K$12)+G128,2)","v":58.99},{"$f":"TRUNC(F128*H128,2)","v":58.99}]
[null,"ELÉTRICA"]
[{"$f":"B130&C130","v":"10.2315.015.0021-A"},"10.23","15.015.0021-A",{"$f":"VLOOKUP(C130,'EMOP 01-2019'!A:J,2,0)","v":"INSTALACAO DE PONTO DE LUZ,APARENTE,EQUIVALENTE A 2 VARAS DE ELETRODUTO DE PVC RIGIDO DE 3/4\",12,00M DE FIO 2,5MM2,CAIXAS,CONEXOES,LUVAS,CURVA E INTERRUPTOR DE SOBREPOR"},{"$f":"VLOOKUP(C130,'EMOP 01-2019'!A:J,9,0)","v":"UN"},{"$f":"'MEMÓRIA DE CÁLCULO'!K820","v":29},{"$f":"VLOOKUP(C130,'EMOP 01-2019'!A:J,10,0)","v":183.64},{"$f":"ROUND((G130*$K$12)+G130,2)","v":236.57},{"$f":"TRUNC(F130*H130,2)","v":6860.53}]
[{"$f":"B131&C131","v":"10.2415.015.0041-A"},"10.24","15.015.0041-A",{"$f":"VLOOKUP(C131,'EMOP 01-2019'!A:J,2,0)","v":"INSTALACAO DE UM CONJUNTO DE 2 PONTOS DE LUZ,APARENTE,EQUIVALENTE A 5 VARAS DE ELETRODUTO DE PVC RIGIDO DE 1/2\",33,00M DE FIO 2,5MM2,CAIXAS,CONEXOES,LUVAS,CURVA E INTERRUPTOR DE SOBREPOR"},{"$f":"VLOOKUP(C131,'EMOP 01-2019'!A:J,9,0)","v":"UN"},{"$f":"'MEMÓRIA DE CÁLCULO'!K850","v":2},{"$f":"VLOOKUP(C131,'EMOP 01-2019'!A:J,10,0)","v":282.14},{"$f":"ROUND((G131*$K$12)+G131,2)","v":363.45},{"$f":"TRUNC(F131*H131,2)","v":726.9}]
[{"$f":"B132&C132","v":"10.2515.015.0066-A"},"10.25","15.015.0066-A",{"$f":"VLOOKUP(C132,'EMOP 01-2019'!A:J,2,0)","v":"INSTALACAO DE UM CONJUNTO DE 4 PONTOS DE LUZ,APARENTE,EQUIVALENTE 7 VARAS DE ELETRODUTO DE PVC RIGIDO DE 3/4\",50,00M DEFIO 2,5MM2,CAIXAS,CONEXOES,LUVAS,CURVA E INTERRUPTOR DE SOBREPOR"},{"$f":"VLOOKUP(C132,'EMOP 01-2019'!A:J,9,0)","v":"UN"},{"$f":"'MEMÓRIA DE CÁLCULO'!K857","v":2},{"$f":"VLOOKUP(C132,'EMOP 01-2019'!A:J,10,0)","v":431.46},{"$f":"ROUND((G132*$K$12)+G132,2)","v":555.81},{"$f":"TRUNC(F132*H132,2)","v":1111.62}]
[{"$f":"B133&C133","v":"10.2615.015.0081-A"},"10.26","15.015.0081-A",{"$f":"VLOOKUP(C133,'EMOP 01-2019'!A:J,2,0)","v":"INSTALACAO DE UM CONJUNTO DE 5 PONTOS DE LUZ,APARENTE,EQUIVALENTE A 8 VARAS DE ELETRODUTO DE PVC RIGIDO DE 3/4\",57,00M DE FIO 2,5MM2,CAIXAS,CONEXOES,LUVAS,CURVA E INTERRUPTOR DE SOBREPOR"},{"$f":"VLOOKUP(C133,'EMOP 01-2019'!A:J,9,0)","v":"UN"},{"$f":"'MEMÓRIA DE CÁLCULO'!K865","v":3},{"$f":"VLOOKUP(C133,'EMOP 01-2019'!A:J,10,0)","v":494.86},{"$f":"ROUND((G133*$K$12)+G133,2)","v":637.48},{"$f":"TRUNC(F133*H133,2)","v":1912.44}]
[{"$f":"B134&C134","v":"10.2715.015.0106-A"},"10.27","15.015.0106-A",{"$f":"VLOOKUP(C134,'EMOP 01-2019'!A:J,2,0)","v":"INSTALACAO DE UM CONJUNTO DE 8 PONTOS DE LUZ,APARENTE COM CANALETA PERFURADA,SENDO ESTA LIGADA A ELETROCALHA PRINCIPAL(EXCLUSIVE ESTA),EQUIVALENTE A 6,75 VARAS DE CANALETA E 2 VARAS DE ELETRODUTO DE PVC RIGIDO DE 3/4\",92,00M DE FIO 2,5MM2,CAIXAS,CONEXOES,LUVAS,CURVA E INTERRUPTOR DE SOBREPOR"},{"$f":"VLOOKUP(C134,'EMOP 01-2019'!A:J,9,0)","v":"UN"},{"$f":"'MEMÓRIA DE CÁLCULO'!K871","v":8},{"$f":"VLOOKUP(C134,'EMOP 01-2019'!A:J,10,0)","v":1021.87},{"$f":"ROUND((G134*$K$12)+G134,2)","v":1316.37},{"$f":"TRUNC(F134*H134,2)","v":10530.96}]
[{"$f":"B135&C135","v":"10.2818.027.0305-A"},"10.28","18.027.0305-A",{"$f":"VLOOKUP(C135,'EMOP 01-2019'!A:J,2,0)","v":"LUMINARIA DE SOBREPOR,FIXADA EM LAJE OU FORRO,TIPO CALHA,CHANFRADA OU PRISMATICA,ESMALTADA,COMPLETA,EQUIPADA COM REATORELETRONICO DE ALTO FATOR DE POTENCIA(AFP>=0,92)E LAMPADA FLUORESCENTE DE 1X40W.FORNECIMENTO E COLOCACAO"},{"$f":"VLOOKUP(C135,'EMOP 01-2019'!A:J,9,0)","v":"UN"},{"$f":"'MEMÓRIA DE CÁLCULO'!K877","v":12},{"$f":"VLOOKUP(C135,'EMOP 01-2019'!A:J,10,0)","v":94.63},{"$f":"ROUND((G135*$K$12)+G135,2)","v":121.9},{"$f":"TRUNC(F135*H135,2)","v":1462.8}]
[{"$f":"B136&C136","v":"10.2918.027.0355-A"},"10.29","18.027.0355-A",{"$f":"VLOOKUP(C136,'EMOP 01-2019'!A:J,2,0)","v":"LUMINARIA DE EMBUTIR,FIXADA EM LAJE OU FORRO,TIPO CALHA,CHANFRADA OU PRISMATICA,ESMALTADA,COMPLETA,EQUIPADA COM REATOR ELETRONICO DE ALTO FATOR DE POTENCIA(AFP>=0,92)E LAMPADA FLUORESCENTE DE 1X40W.FORNECIMENTO E COLOCACAO"},{"$f":"VLOOKUP(C136,'EMOP 01-2019'!A:J,9,0)","v":"UN"},{"$f":"'MEMÓRIA DE CÁLCULO'!K889","v":17},{"$f":"VLOOKUP(C136,'EMOP 01-2019'!A:J,10,0)","v":92.43},{"$f":"ROUND((G136*$K$12)+G136,2)","v":119.07},{"$f":"TRUNC(F136*H136,2)","v":2024.19}]
[{"$f":"B137&C137","v":"10.3097593"},"10.30",97593,{"$f":"VLOOKUP(C137,'SINAPI 01-2019'!A:E,2,0)","v":"LUMINÁRIA TIPO SPOT, DE SOBREPOR, COM 1 LÂMPADA DE 15 W - FORNECIMENTO E INSTALAÇÃO. AF_11/2017"},{"$f":"VLOOKUP(C137,'SINAPI 01-2019'!A:E,3,0)","v":"UN"},{"$f":"'MEMÓRIA DE CÁLCULO'!K908","v":83},{"$f":"VLOOKUP(C137,'SINAPI 01-2019'!A:E,4,0)","v":78.96},{"$f":"ROUND((G137*$K$12)+G137,2)","v":101.72},{"$f":"TRUNC(F137*H137,2)","v":8442.76}]
[{"$f":"B138&C138","v":"10.3197605"},"10.31",97605,{"$f":"VLOOKUP(C138,'SINAPI 01-2019'!A:E,2,0)","v":"LUMINÁRIA ARANDELA TIPO MEIA-LUA, PARA 1 LÂMPADA LED - FORNECIMENTO E INSTALAÇÃO. AF_11/2017"},{"$f":"VLOOKUP(C138,'SINAPI 01-2019'!A:E,3,0)","v":"UN"},{"$f":"'MEMÓRIA DE CÁLCULO'!K918","v":3},{"$f":"VLOOKUP(C138,'SINAPI 01-2019'!A:E,4,0)","v":78.16},{"$f":"ROUND((G138*$K$12)+G138,2)","v":100.69},{"$f":"TRUNC(F138*H138,2)","v":302.07}]
[{"$f":"B139&C139","v":"10.32COTAÇÃO 01"},"10.32","COTAÇÃO 01","FITA LED BRANCO QUENTE 5 METROS + FONTE","UN",{"$f":"'MEMÓRIA DE CÁLCULO'!K926","v":24},{"$f":"COTAÇÕES!C16","v":22.35},{"$f":"ROUND((G139*$L$12)+G139,2)","v":27.49},{"$f":"TRUNC(F139*H139,2)","v":659.76}]
[{"$f":"B140&C140","v":"10.33COTAÇÃO 02"},"10.33","COTAÇÃO 02","LUSTRE DE CRISTAL TRANSPARENTE 28 BRAÇOS.","UN",{"$f":"'MEMÓRIA DE CÁLCULO'!K933","v":1},{"$f":"COTAÇÕES!C21","v":4758.9},{"$f":"ROUND((G140*$L$12)+G140,2)","v":5854.4},{"$f":"TRUNC(F140*H140,2)","v":5854.4}]
[{"$f":"B141&C141","v":"10.3415.015.0250-A"},"10.34","15.015.0250-A",{"$f":"VLOOKUP(C141,'EMOP 01-2019'!A:J,2,0)","v":"INSTALACAO DE PONTO DE TOMADA,EMBUTIDO NA ALVENARIA,EQUIVALENTE A 2 VARAS DE ELETRODUTO DE PVC RIGIDO DE 3/4\",18,00M DEFIO 2,5MM2,CAIXAS,CONEXOES E TOMADA DE EMBUTIR,2P+T,10A,PADRAO BRASILEIRO,COM PLACA FOSFORESCENTE,INCLUSIVE ABERTURA E FECHAMENTO DE RASGO EM ALVENARIA"},{"$f":"VLOOKUP(C141,'EMOP 01-2019'!A:J,9,0)","v":"UN"},{"$f":"'MEMÓRIA DE CÁLCULO'!K937","v":48},{"$f":"VLOOKUP(C141,'EMOP 01-2019'!A:J,10,0)","v":228},{"$f":"ROUND((G141*$K$12)+G141,2)","v":293.71},{"$f":"TRUNC(F141*H141,2)","v":14098.08}]
[{"$f":"B142&C142","v":"10.3515.015.0173-A"},"10.35","15.015.0173-A",{"$f":"VLOOKUP(C142,'EMOP 01-2019'!A:J,2,0)","v":"INSTALACAO DE PONTO DE FORCA ATE 4CV,EQUIVALENTE A 2 VARAS DE ELETRODUTO DE PVC RIGIDO DE 3/4\",20,00M DE FIO 4MM2,CAIXAS E CONEXOES"},{"$f":"VLOOKUP(C142,'EMOP 01-2019'!A:J,9,0)","v":"UN"},{"$f":"'MEMÓRIA DE CÁLCULO'!K958","v":18},{"$f":"VLOOKUP(C142,'EMOP 01-2019'!A:J,10,0)","v":348.9},{"$f":"ROUND((G142*$K$12)+G142,2)","v":449.45},{"$f":"TRUNC(F142*H142,2)","v":8090.1}]
[{"$f":"B143&C143","v":"10.3674131/4"},"10.36","74131/4",{"$f":"VLOOKUP(C143,'SINAPI 01-2019'!A:E,2,0)","v":"QUADRO DE DISTRIBUICAO DE ENERGIA DE EMBUTIR, EM CHAPA METALICA, PARA 18 DISJUNTORES TERMOMAGNETICOS MONOPOLARES, COM BARRAMENTO TRIFASICO E NEUTRO, FORNECIMENTO E INSTALACAO"},{"$f":"VLOOKUP(C143,'SINAPI 01-2019'!A:E,3,0)","v":"UN"},{"$f":"'MEMÓRIA DE CÁLCULO'!K978","v":2},{"$f":"VLOOKUP(C143,'SINAPI 01-2019'!A:E,4,0)","v":299.54},{"$f":"ROUND((G143*$K$12)+G143,2)","v":385.87},{"$f":"TRUNC(F143*H143,2)","v":771.74}]
[{"$f":"B144&C144","v":"10.3774131/7"},"10.37","74131/7",{"$f":"VLOOKUP(C144,'SINAPI 01-2019'!A:E,2,0)","v":"QUADRO DE DISTRIBUICAO DE ENERGIA DE EMBUTIR, EM CHAPA METALICA, PARA 40 DISJUNTORES TERMOMAGNETICOS MONOPOLARES, COM BARRAMENTO TRIFASICO E NEUTRO, FORNECIMENTO E INSTALACAO"},{"$f":"VLOOKUP(C144,'SINAPI 01-2019'!A:E,3,0)","v":"UN"},{"$f":"'MEMÓRIA DE CÁLCULO'!K986","v":1},{"$f":"VLOOKUP(C144,'SINAPI 01-2019'!A:E,4,0)","v":547.8},{"$f":"ROUND((G144*$K$12)+G144,2)","v":705.68},{"$f":"TRUNC(F144*H144,2)","v":705.68}]
[{"$f":"B145&C145","v":"10.3874130/4"},"10.38","74130/4",{"$f":"VLOOKUP(C145,'SINAPI 01-2019'!A:E,2,0)","v":"DISJUNTOR TERMOMAGNETICO TRIPOLAR PADRAO NEMA (AMERICANO) 10 A 50A 240V, FORNECIMENTO E INSTALACAO"},{"$f":"VLOOKUP(C145,'SINAPI 01-2019'!A:E,3,0)","v":"UN"},{"$f":"'MEMÓRIA DE CÁLCULO'!K991","v":3},{"$f":"VLOOKUP(C145,'SINAPI 01-2019'!A:E,4,0)","v":90.8},{"$f":"ROUND((G145*$K$12)+G145,2)","v":116.97},{"$f":"TRUNC(F145*H145,2)","v":350.91}]
[{"$f":"B146&C146","v":"10.3993661"},"10.39",93661,{"$f":"VLOOKUP(C146,'SINAPI 01-2019'!A:E,2,0)","v":"DISJUNTOR BIPOLAR TIPO DIN, CORRENTE NOMINAL DE 16A - FORNECIMENTO E INSTALAÇÃO. AF_04/2016"},{"$f":"VLOOKUP(C146,'SINAPI 01-2019'!A:E,3,0)","v":"UN"},{"$f":"'MEMÓRIA DE CÁLCULO'!K993","v":8},{"$f":"VLOOKUP(C146,'SINAPI 01-2019'!A:E,4,0)","v":53.78},{"$f":"ROUND((G146*$K$12)+G146,2)","v":69.28},{"$f":"TRUNC(F146*H146,2)","v":554.24}]
[{"$f":"B147&C147","v":"10.4093663"},"10.40",93663,{"$f":"VLOOKUP(C147,'SINAPI 01-2019'!A:E,2,0)","v":"DISJUNTOR BIPOLAR TIPO DIN, CORRENTE NOMINAL DE 25A - FORNECIMENTO E INSTALAÇÃO. AF_04/2016"},{"$f":"VLOOKUP(C147,'SINAPI 01-2019'!A:E,3,0)","v":"UN"},{"$f":"'MEMÓRIA DE CÁLCULO'!K995","v":2},{"$f":"VLOOKUP(C147,'SINAPI 01-2019'!A:E,4,0)","v":55.79},{"$f":"ROUND((G147*$K$12)+G147,2)","v":71.87},{"$f":"TRUNC(F147*H147,2)","v":143.74}]
[{"$f":"B148&C148","v":"10.4193664"},"10.41",93664,{"$f":"VLOOKUP(C148,'SINAPI 01-2019'!A:E,2,0)","v":"DISJUNTOR BIPOLAR TIPO DIN, CORRENTE NOMINAL DE 32A - FORNECIMENTO E INSTALAÇÃO. AF_04/2016"},{"$f":"VLOOKUP(C148,'SINAPI 01-2019'!A:E,3,0)","v":"UN"},{"$f":"'MEMÓRIA DE CÁLCULO'!K997","v":1},{"$f":"VLOOKUP(C148,'SINAPI 01-2019'!A:E,4,0)","v":58.2},{"$f":"ROUND((G148*$K$12)+G148,2)","v":74.97},{"$f":"TRUNC(F148*H148,2)","v":74.97}]
[{"$f":"B149&C149","v":"10.4274130/1"},"10.42","74130/1",{"$f":"VLOOKUP(C149,'SINAPI 01-2019'!A:E,2,0)","v":"DISJUNTOR TERMOMAGNETICO MONOPOLAR PADRAO NEMA (AMERICANO) 10 A 30A 240V, FORNECIMENTO E INSTALACAO"},{"$f":"VLOOKUP(C149,'SINAPI 01-2019'!A:E,3,0)","v":"UN"},{"$f":"'MEMÓRIA DE CÁLCULO'!K999","v":13},{"$f":"VLOOKUP(C149,'SINAPI 01-2019'!A:E,4,0)","v":13.97},{"$f":"ROUND((G149*$K$12)+G149,2)","v":18},{"$f":"TRUNC(F149*H149,2)","v":234}]
[{"$f":"B150&C150","v":"10.4374130/2"},"10.43","74130/2",{"$f":"VLOOKUP(C150,'SINAPI 01-2019'!A:E,2,0)","v":"DISJUNTOR TERMOMAGNETICO MONOPOLAR PADRAO NEMA (AMERICANO) 35 A 50A 240V, FORNECIMENTO E INSTALACAO"},{"$f":"VLOOKUP(C150,'SINAPI 01-2019'!A:E,3,0)","v":"UN"},{"$f":"'MEMÓRIA DE CÁLCULO'!K1001","v":2},{"$f":"VLOOKUP(C150,'SINAPI 01-2019'!A:E,4,0)","v":21.39},{"$f":"ROUND((G150*$K$12)+G150,2)","v":27.55},{"$f":"TRUNC(F150*H150,2)","v":55.1}]
[{"$f":"B151&C151","v":"10.4473857/5"},"10.44","73857/5",{"$f":"VLOOKUP(C151,'SINAPI 01-2019'!A:E,2,0)","v":"TRANSFORMADOR DISTRIBUICAO  300KVA TRIFASICO 60HZ CLASSE 15KV IMERSO EM ÓLEO MINERAL FORNECIMENTO E INSTALACAO"},{"$f":"VLOOKUP(C151,'SINAPI 01-2019'!A:E,3,0)","v":"UN"},{"$f":"'MEMÓRIA DE CÁLCULO'!K1003","v":1},{"$f":"VLOOKUP(C151,'SINAPI 01-2019'!A:E,4,0)","v":17436.5},{"$f":"ROUND((G151*$K$12)+G151,2)","v":22461.7},{"$f":"TRUNC(F151*H151,2)","v":22461.7}]
[{"$f":"B152&C152","v":"10.4592998"},"10.45",92998,{"$f":"VLOOKUP(C152,'SINAPI 01-2019'!A:E,2,0)","v":"CABO DE COBRE FLEXÍVEL ISOLADO, 185 MM², ANTI-CHAMA 0,6/1,0 KV, PARA DISTRIBUIÇÃO - FORNECIMENTO E INSTALAÇÃO. AF_12/2015"},{"$f":"VLOOKUP(C152,'SINAPI 01-2019'!A:E,3,0)","v":"M"},{"$f":"'MEMÓRIA DE CÁLCULO'!K1005","v":151.48},{"$f":"VLOOKUP(C152,'SINAPI 01-2019'!A:E,4,0)","v":116.48},{"$f":"ROUND((G152*$K$12)+G152,2)","v":150.05},{"$f":"TRUNC(F152*H152,2)","v":22729.57}]
[{"$f":"B153&C153","v":"10.46COTAÇÃO 03"},"10.46","COTAÇÃO 03","ELETRODUTO PEAD CORRUGADO 6\" (150MM)","M",{"$f":"'MEMÓRIA DE CÁLCULO'!K1011","v":5},{"$f":"COTAÇÕES!C26","v":10.94},{"$f":"ROUND((G153*$L$12)+G153,2)","v":13.46},{"$f":"TRUNC(F153*H153,2)","v":67.3}]
[null,null,null,null,null,null,null,"SUBTOTAL 10",{"$f":"SUM(I106:I153)","v":135132.62}]
[null,11,"COBERTURAS",null,"."]
[{"$f":"B156&C156","v":"11.155960"},"11.1",55960,{"$f":"VLOOKUP(C156,'SINAPI 01-2019'!A:E,2,0)","v":"IMUNIZACAO DE MADEIRAMENTO PARA COBERTURA UTILIZANDO CUPINICIDA INCOLOR"},{"$f":"VLOOKUP(C156,'SINAPI 01-2019'!A:E,3,0)","v":"M2"},{"$f":"'MEMÓRIA DE CÁLCULO'!K1017","v":328.56},{"$f":"VLOOKUP(C156,'SINAPI 01-2019'!A:E,4,0)","v":5.54},{"$f":"ROUND((G156*$K$12)+G156,2)","v":7.14},{"$f":"TRUNC(F156*H156,2)","v":2345.91}]
[{"$f":"B157&C157","v":"11.292542"},"11.2",92542,{"$f":"VLOOKUP(C157,'SINAPI 01-2019'!A:E,2,0)","v":"TRAMA DE MADEIRA COMPOSTA POR RIPAS, CAIBROS E TERÇAS PARA TELHADOS DE MAIS QUE 2 ÁGUAS PARA TELHA CERÂMICA CAPA-CANAL, INCLUSO TRANSPORTE VERTICAL. AF_12/2015"},{"$f":"VLOOKUP(C157,'SINAPI 01-2019'!A:E,3,0)","v":"M2"},{"$f":"'MEMÓRIA DE CÁLCULO'!K1021","v":164.28},{"$f":"VLOOKUP(C157,'SINAPI 01-2019'!A:E,4,0)","v":67.57},{"$f":"ROUND((G157*$K$12)+G157,2)","v":87.04},{"$f":"TRUNC(F157*H157,2)","v":14298.93}]
[{"$f":"B158&C158","v":"11.316.001.0085-A"},"11.3","16.001.0085-A",{"$f":"VLOOKUP(C158,'EMOP 01-2019'!A:J,2,0)","v":"PONTALETE DE MADEIRA SERRADA,EM PECAS DE 3\"X3\",VERTICAIS E HORIZONTAIS,PARA COBERTURA DE TELHAS CERAMICAS,MEDIDO PELA AREA REAL DA COBERTURA DO TELHADO.FORNECIMENTO E COLOCACAO"},{"$f":"VLOOKUP(C158,'EMOP 01-2019'!A:J,9,0)","v":"M2"},{"$f":"'MEMÓRIA DE CÁLCULO'!K1025","v":328.56},{"$f":"VLOOKUP(C158,'EMOP 01-2019'!A:J,10,0)","v":30.53},{"$f":"ROUND((G158*$K$12)+G158,2)","v":39.33},{"$f":"TRUNC(F158*H158,2)","v":12922.26}]
[{"$f":"B159&C159","v":"11.494198"},"11.4",94198,{"$f":"VLOOKUP(C159,'SINAPI 01-2019'!A:E,2,0)","v":"TELHAMENTO COM TELHA CERÂMICA DE ENCAIXE, TIPO PORTUGUESA, COM MAIS DE 2 ÁGUAS, INCLUSO TRANSPORTE VERTICAL. AF_06/2016"},{"$f":"VLOOKUP(C159,'SINAPI 01-2019'!A:E,3,0)","v":"M2"},{"$f":"'MEMÓRIA DE CÁLCULO'!K1029","v":98.56},{"$f":"VLOOKUP(C159,'SINAPI 01-2019'!A:E,4,0)","v":50.98},{"$f":"ROUND((G159*$K$12)+G159,2)","v":65.67},{"$f":"TRUNC(F159*H159,2)","v":6472.43}]
[{"$f":"B160&C160","v":"11.594219"},"11.5",94219,{"$f":"VLOOKUP(C160,'SINAPI 01-2019'!A:E,2,0)","v":"CUMEEIRA E ESPIGÃO PARA TELHA CERÂMICA EMBOÇADA COM ARGAMASSA TRAÇO 1:2:9 (CIMENTO, CAL E AREIA), PARA TELHADOS COM MAIS DE 2 ÁGUAS, INCLUSO TRANSPORTE VERTICAL. AF_06/2016"},{"$f":"VLOOKUP(C160,'SINAPI 01-2019'!A:E,3,0)","v":"M"},{"$f":"'MEMÓRIA DE CÁLCULO'!K1033","v":38.31},{"$f":"VLOOKUP(C160,'SINAPI 01-2019'!A:E,4,0)","v":33.59},{"$f":"ROUND((G160*$K$12)+G160,2)","v":43.27},{"$f":"TRUNC(F160*H160,2)","v":1657.67}]
[{"$f":"B161&C161","v":"11.694231"},"11.6",94231,{"$f":"VLOOKUP(C161,'SINAPI 01-2019'!A:E,2,0)","v":"RUFO EM CHAPA DE AÇO GALVANIZADO NÚMERO 24, CORTE DE 25 CM, INCLUSO TRANSPORTE VERTICAL. AF_06/2016"},{"$f":"VLOOKUP(C161,'SINAPI 01-2019'!A:E,3,0)","v":"M"},{"$f":"'MEMÓRIA DE CÁLCULO'!K1037","v":12},{"$f":"VLOOKUP(C161,'SINAPI 01-2019'!A:E,4,0)","v":29.45},{"$f":"ROUND((G161*$K$12)+G161,2)","v":37.94},{"$f":"TRUNC(F161*H161,2)","v":455.28}]
[{"$f":"B162&C162","v":"11.798546"},"11.7",98546,{"$f":"VLOOKUP(C162,'SINAPI 01-2019'!A:E,2,0)","v":"IMPERMEABILIZAÇÃO DE SUPERFÍCIE COM MANTA ASFÁLTICA, UMA CAMADA, INCLUSIVE APLICAÇÃO DE PRIMER ASFÁLTICO, E=3MM. AF_06/2018"},{"$f":"VLOOKUP(C162,'SINAPI 01-2019'!A:E,3,0)","v":"M2"},{"$f":"'MEMÓRIA DE CÁLCULO'!K1041","v":27.57},{"$f":"VLOOKUP(C162,'SINAPI 01-2019'!A:E,4,0)","v":74.94},{"$f":"ROUND((G162*$K$12)+G162,2)","v":96.54},{"$f":"TRUNC(F162*H162,2)","v":2661.6}]
[{"$f":"B163&C163","v":"11.891790"},"11.8",91790,{"$f":"VLOOKUP(C163,'SINAPI 01-2019'!A:E,2,0)","v":"(COMPOSIÇÃO REPRESENTATIVA) DO SERVIÇO DE INSTALAÇÃO DE TUBOS DE PVC, SÉRIE R, ÁGUA PLUVIAL, DN 100 MM (INSTALADO EM RAMAL DE ENCAMINHAMENTO, OU CONDUTORES VERTICAIS), INCLUSIVE CONEXÕES, CORTES E FIXAÇÕES, PARA PRÉDIOS. AF_10/2015"},{"$f":"VLOOKUP(C163,'SINAPI 01-2019'!A:E,3,0)","v":"M"},{"$f":"'MEMÓRIA DE CÁLCULO'!K1045","v":40},{"$f":"VLOOKUP(C163,'SINAPI 01-2019'!A:E,4,0)","v":48.62},{"$f":"ROUND((G163*$K$12)+G163,2)","v":62.63},{"$f":"TRUNC(F163*H163,2)","v":2505.2}]
[{"$f":"B164&C164","v":"11.994230"},"11.9",94230,{"$f":"VLOOKUP(C164,'SINAPI 01-2019'!A:E,2,0)","v":"CALHA DE BEIRAL, SEMICIRCULAR DE PVC, DIAMETRO 125 MM, INCLUINDO CABECEIRAS, EMENDAS, BOCAIS, SUPORTES E VEDAÇÕES, EXCLUINDO CONDUTORES, INCLUSO TRANSPORTE VERTICAL. AF_06/2016"},{"$f":"VLOOKUP(C164,'SINAPI 01-2019'!A:E,3,0)","v":"M"},{"$f":"'MEMÓRIA DE CÁLCULO'!K1049","v":12},{"$f":"VLOOKUP(C164,'SINAPI 01-2019'!A:E,4,0)","v":74.76},{"$f":"ROUND((G164*$K$12)+G164,2)","v":96.31},{"$f":"TRUNC(F164*H164,2)","v":1155.72}]
[null,null,null,null,null,null,null,"SUBTOTAL 11",{"$f":"SUM(I156:I164)","v":44475}]
[null,12,"PINTURAS",null,"."]
[{"$f":"B167&C167","v":"12.117.018.0060-A"},"12.1","17.018.0060-A",{"$f":"VLOOKUP(C167,'EMOP 01-2019'!A:J,2,0)","v":"PREPARO DE SUPERFICIES NOVAS,COM REVESTIMENTO LISO INTERNO OU EXTERNO,INCLUSIVE UMA DEMAO DE SELADOR ACRILICO,DUAS DEMAOS DE MASSA ACRILICA E LIXAMENTOS NECESSARIOS"},{"$f":"VLOOKUP(C167,'EMOP 01-2019'!A:J,9,0)","v":"M2"},{"$f":"'MEMÓRIA DE CÁLCULO'!K1054","v":1227.09},{"$f":"VLOOKUP(C167,'EMOP 01-2019'!A:J,10,0)","v":25.7},{"$f":"ROUND((G167*$K$12)+G167,2)","v":33.11},{"$f":"TRUNC(F167*H167,2)","v":40628.94}]
[{"$f":"B168&C168","v":"12.288487"},"12.2",88487,{"$f":"VLOOKUP(C168,'SINAPI 01-2019'!A:E,2,0)","v":"APLICAÇÃO MANUAL DE PINTURA COM TINTA LÁTEX PVA EM PAREDES, DUAS DEMÃOS. AF_06/2014"},{"$f":"VLOOKUP(C168,'SINAPI 01-2019'!A:E,3,0)","v":"M2"},{"$f":"'MEMÓRIA DE CÁLCULO'!K1101","v":1121.21},{"$f":"VLOOKUP(C168,'SINAPI 01-2019'!A:E,4,0)","v":9.38},{"$f":"ROUND((G168*$K$12)+G168,2)","v":12.08},{"$f":"TRUNC(F168*H168,2)","v":13544.21}]
[{"$f":"B169&C169","v":"12.388486"},"12.3",88486,{"$f":"VLOOKUP(C169,'SINAPI 01-2019'!A:E,2,0)","v":"APLICAÇÃO MANUAL DE PINTURA COM TINTA LÁTEX PVA EM TETO, DUAS DEMÃOS. AF_06/2014"},{"$f":"VLOOKUP(C169,'SINAPI 01-2019'!A:E,3,0)","v":"M2"},{"$f":"'MEMÓRIA DE CÁLCULO'!K1104","v":105.88},{"$f":"VLOOKUP(C169,'SINAPI 01-2019'!A:E,4,0)","v":10.6},{"$f":"ROUND((G169*$K$12)+G169,2)","v":13.65},{"$f":"TRUNC(F169*H169,2)","v":1445.26}]
[{"$f":"B170&C170","v":"12.417.025.0005-B"},"12.4","17.025.0005-B",{"$f":"VLOOKUP(C170,'EMOP 01-2019'!A:J,2,0)","v":"PINTURA COM TINTA ACRILICA,ANTIFUNGO/BACTERICIDA,PARA AMBIENTES INTERNOS E EXTERNOS PROPENSOS A UMIDADE E VAPORES,EM DUAS DEMAOS,SOBRE SELADOR ACRILICO E DUAS DEMAOS DE MASSA ACRILICA,INCLUSIVE LIMPEZA E LIXAMENTO"},{"$f":"VLOOKUP(C170,'EMOP 01-2019'!A:J,9,0)","v":"M2"},{"$f":"'MEMÓRIA DE CÁLCULO'!K1107","v":759.17},{"$f":"VLOOKUP(C170,'EMOP 01-2019'!A:J,10,0)","v":29.97},{"$f":"ROUND((G170*$K$12)+G170,2)","v":38.61},{"$f":"TRUNC(F170*H170,2)","v":29311.55}]
[{"$f":"B171&C171","v":"12.595468"},"12.5",95468,{"$f":"VLOOKUP(C171,'SINAPI 01-2019'!A:E,2,0)","v":"PINTURA ESMALTE BRILHANTE (2 DEMAOS) SOBRE SUPERFICIE METALICA, INCLUSIVE PROTECAO COM ZARCAO (1 DEMAO)"},{"$f":"VLOOKUP(C171,'SINAPI 01-2019'!A:E,3,0)","v":"M2"},{"$f":"'MEMÓRIA DE CÁLCULO'!K1114","v":59.7},{"$f":"VLOOKUP(C171,'SINAPI 01-2019'!A:E,4,0)","v":42.8},{"$f":"ROUND((G171*$K$12)+G171,2)","v":55.13},{"$f":"TRUNC(F171*H171,2)","v":3291.26}]
[{"$f":"B172&C172","v":"12.674065/3"},"12.6","74065/3",{"$f":"VLOOKUP(C172,'SINAPI 01-2019'!A:E,2,0)","v":"PINTURA ESMALTE BRILHANTE PARA MADEIRA, DUAS DEMAOS, SOBRE FUNDO NIVELADOR BRANCO"},{"$f":"VLOOKUP(C172,'SINAPI 01-2019'!A:E,3,0)","v":"M2"},{"$f":"'MEMÓRIA DE CÁLCULO'!K1120","v":59.22},{"$f":"VLOOKUP(C172,'SINAPI 01-2019'!A:E,4,0)","v":25.58},{"$f":"ROUND((G172*$K$12)+G172,2)","v":32.95},{"$f":"TRUNC(F172*H172,2)","v":1951.29}]
[{"$f":"B173&C173","v":"12.76082"},"12.7",6082,{"$f":"VLOOKUP(C173,'SINAPI 01-2019'!A:E,2,0)","v":"PINTURA EM VERNIZ SINTETICO BRILHANTE EM MADEIRA, TRES DEMAOS"},{"$f":"VLOOKUP(C173,'SINAPI 01-2019'!A:E,3,0)","v":"M2"},{"$f":"'MEMÓRIA DE CÁLCULO'!K1127","v":66.18},{"$f":"VLOOKUP(C173,'SINAPI 01-2019'!A:E,4,0)","v":18.61},{"$f":"ROUND((G173*$K$12)+G173,2)","v":23.97},{"$f":"TRUNC(F173*H173,2)","v":1586.33}]
[null,null,null,null,null,null,null,"SUBTOTAL 12",{"$f":"SUM(I167:I173)","v":91758.84}]
[null,13,"APARELHOS",null,"."]
[{"$f":"B176&C176","v":"13.186932"},"13.1",86932,{"$f":"VLOOKUP(C176,'SINAPI 01-2019'!A:E,2,0)","v":"VASO SANITÁRIO SIFONADO COM CAIXA ACOPLADA LOUÇA BRANCA - PADRÃO MÉDIO, INCLUSO ENGATE FLEXÍVEL EM METAL CROMADO, 1/2\u0094 X 40CM - FORNECIMENTO E INSTALAÇÃO. AF_12/2013"},{"$f":"VLOOKUP(C176,'SINAPI 01-2019'!A:E,3,0)","v":"UN"},{"$f":"'MEMÓRIA DE CÁLCULO'!K1132","v":7},{"$f":"VLOOKUP(C176,'SINAPI 01-2019'!A:E,4,0)","v":417.55},{"$f":"ROUND((G176*$K$12)+G176,2)","v":537.89},{"$f":"TRUNC(F176*H176,2)","v":3765.23}]
[{"$f":"B177&C177","v":"13.295472"},"13.2",95472,{"$f":"VLOOKUP(C177,'SINAPI 01-2019'!A:E,2,0)","v":"VASO SANITARIO SIFONADO CONVENCIONAL PARA PCD SEM FURO FRONTAL COM LOUÇA BRANCA SEM ASSENTO, INCLUSO CONJUNTO DE LIGAÇÃO PARA BACIA SANITÁRIA AJUSTÁVEL - FORNECIMENTO E INSTALAÇÃO. AF_10/2016"},{"$f":"VLOOKUP(C177,'SINAPI 01-2019'!A:E,3,0)","v":"UN"},{"$f":"'MEMÓRIA DE CÁLCULO'!K1144","v":3},{"$f":"VLOOKUP(C177,'SINAPI 01-2019'!A:E,4,0)","v":670.34},{"$f":"ROUND((G177*$K$12)+G177,2)","v":863.53},{"$f":"TRUNC(F177*H177,2)","v":2590.59}]
[{"$f":"B178&C178","v":"13.318.005.0030-A"},"13.3","18.005.0030-A",{"$f":"VLOOKUP(C178,'EMOP 01-2019'!A:J,2,0)","v":"ASSENTO ESPECIAL PARA VASO SANITARIO PARA PESSOAS COM NECESSIDADES ESPECIFICAS.FORNECIMENTO E COLOCACAO"},{"$f":"VLOOKUP(C178,'EMOP 01-2019'!A:J,9,0)","v":"UN"},{"$f":"'MEMÓRIA DE CÁLCULO'!K1155","v":3},{"$f":"VLOOKUP(C178,'EMOP 01-2019'!A:J,10,0)","v":112.34},{"$f":"ROUND((G178*$K$12)+G178,2)","v":144.72},{"$f":"TRUNC(F178*H178,2)","v":434.16}]
[{"$f":"B179&C179","v":"13.418.005.0015-A"},"13.4","18.005.0015-A",{"$f":"VLOOKUP(C179,'EMOP 01-2019'!A:J,2,0)","v":"ASSENTO SANITARIO DE PLASTICO,TIPO MEDIO LUXO.FORNECIMENTO E COLOCACAO"},{"$f":"VLOOKUP(C179,'EMOP 01-2019'!A:J,9,0)","v":"UN"},{"$f":"'MEMÓRIA DE CÁLCULO'!K1158","v":7},{"$f":"VLOOKUP(C179,'EMOP 01-2019'!A:J,10,0)","v":63.31},{"$f":"ROUND((G179*$K$12)+G179,2)","v":81.56},{"$f":"TRUNC(F179*H179,2)","v":570.92}]
[{"$f":"B180&C180","v":"13.574234/1"},"13.5","74234/1",{"$f":"VLOOKUP(C180,'SINAPI 01-2019'!A:E,2,0)","v":"MICTORIO SIFONADO DE LOUCA BRANCA COM PERTENCES, COM REGISTRO DE PRESSAO 1/2\" COM CANOPLA CROMADA ACABAMENTO SIMPLES E CONJUNTO PARA FIXACAO  - FORNECIMENTO E INSTALACAO"},{"$f":"VLOOKUP(C180,'SINAPI 01-2019'!A:E,3,0)","v":"UN"},{"$f":"'MEMÓRIA DE CÁLCULO'!K1161","v":2},{"$f":"VLOOKUP(C180,'SINAPI 01-2019'!A:E,4,0)","v":505.79},{"$f":"ROUND((G180*$K$12)+G180,2)","v":651.56},{"$f":"TRUNC(F180*H180,2)","v":1303.12}]
[{"$f":"B181&C181","v":"13.640729"},"13.6",40729,{"$f":"VLOOKUP(C181,'SINAPI 01-2019'!A:E,2,0)","v":"VALVULA DESCARGA 1.1/2\" COM REGISTRO, ACABAMENTO EM METAL CROMADO - FORNECIMENTO E INSTALACAO"},{"$f":"VLOOKUP(C181,'SINAPI 01-2019'!A:E,3,0)","v":"UN"},{"$f":"'MEMÓRIA DE CÁLCULO'!K1165","v":10},{"$f":"VLOOKUP(C181,'SINAPI 01-2019'!A:E,4,0)","v":237.43},{"$f":"ROUND((G181*$K$12)+G181,2)","v":305.86},{"$f":"TRUNC(F181*H181,2)","v":3058.6}]
[{"$f":"B182&C182","v":"13.786942"},"13.7",86942,{"$f":"VLOOKUP(C182,'SINAPI 01-2019'!A:E,2,0)","v":"LAVATÓRIO LOUÇA BRANCA SUSPENSO, 29,5 X 39CM OU EQUIVALENTE, PADRÃO POPULAR, INCLUSO SIFÃO TIPO GARRAFA EM PVC, VÁLVULA E ENGATE FLEXÍVEL 30CM EM PLÁSTICO E TORNEIRA CROMADA DE MESA, PADRÃO POPULAR - FORNECIMENTO E INSTALAÇÃO. AF_12/2013"},{"$f":"VLOOKUP(C182,'SINAPI 01-2019'!A:E,3,0)","v":"UN"},{"$f":"'MEMÓRIA DE CÁLCULO'!K1168","v":2},{"$f":"VLOOKUP(C182,'SINAPI 01-2019'!A:E,4,0)","v":198.16},{"$f":"ROUND((G182*$K$12)+G182,2)","v":255.27},{"$f":"TRUNC(F182*H182,2)","v":510.54}]
[{"$f":"B183&C183","v":"13.818.002.0014-A"},"13.8","18.002.0014-A",{"$f":"VLOOKUP(C183,'EMOP 01-2019'!A:J,2,0)","v":"LAVATORIO DE LOUCA BRANCA,COM COLUNA SUSPENSA,PARA PESSOAS COM NECESSIDADES ESPECIFICAS,COM MEDIDAS EM TORNO DE 45,5X35,5CM,INCLUSIVE SIFAO EM PVC FLEXIVEL,VALVULA DE ESCOAMENTO CROMADA,RABICHO EM PVC E TORNEIRA DE FECHAMENTO AUTOMATICO.FORNECIMENTO"},{"$f":"VLOOKUP(C183,'EMOP 01-2019'!A:J,9,0)","v":"UN"},{"$f":"'MEMÓRIA DE CÁLCULO'!K1176","v":3},{"$f":"VLOOKUP(C183,'EMOP 01-2019'!A:J,10,0)","v":320.25},{"$f":"ROUND((G183*$K$12)+G183,2)","v":412.55},{"$f":"TRUNC(F183*H183,2)","v":1237.65}]
[{"$f":"B184&C184","v":"13.993396"},"13.9",93396,{"$f":"VLOOKUP(C184,'SINAPI 01-2019'!A:E,2,0)","v":"BANCADA GRANITO CINZA POLIDO 0,50 X 0,60M, INCL. CUBA DE EMBUTIR OVAL LOUÇA BRANCA 35 X 50CM, VÁLVULA METAL CROMADO, SIFÃO FLEXÍVEL PVC, ENGATE 30CM FLEXÍVEL PLÁSTICO E TORNEIRA CROMADA DE MESA, PADRÃO POPULAR - FORNEC. E INSTALAÇÃO. AF_12/2013"},{"$f":"VLOOKUP(C184,'SINAPI 01-2019'!A:E,3,0)","v":"UN"},{"$f":"'MEMÓRIA DE CÁLCULO'!K1187","v":3},{"$f":"VLOOKUP(C184,'SINAPI 01-2019'!A:E,4,0)","v":523.58},{"$f":"ROUND((G184*$K$12)+G184,2)","v":674.48},{"$f":"TRUNC(F184*H184,2)","v":2023.44}]
[{"$f":"B185&C185","v":"13.1018.016.0106-A"},"13.10","18.016.0106-A",{"$f":"VLOOKUP(C185,'EMOP 01-2019'!A:J,2,0)","v":"BARRA DE APOIO EM ACO INOXIDAVEL AISI 304,TUBO DE 1.1/4\",INCLUSIVE FIXACAO COM PARAFUSOS INOXIDAVEIS E BUCHAS PLASTICAS,COM 80CM,PARA PESSOAS COM NECESSIDADES ESPECIFICAS.FORNECIMENTO E COLOCACAO"},{"$f":"VLOOKUP(C185,'EMOP 01-2019'!A:J,9,0)","v":"UN"},{"$f":"'MEMÓRIA DE CÁLCULO'!K1192","v":7},{"$f":"VLOOKUP(C185,'EMOP 01-2019'!A:J,10,0)","v":125.23},{"$f":"ROUND((G185*$K$12)+G185,2)","v":161.32},{"$f":"TRUNC(F185*H185,2)","v":1129.24}]
[{"$f":"B186&C186","v":"13.1118.007.0090-A"},"13.11","18.007.0090-A",{"$f":"VLOOKUP(C186,'EMOP 01-2019'!A:J,2,0)","v":"CHUVEIRO COM DESVIADOR E DUCHA MANUAL,CROMADO,PARA PESSOAS COM NECESSIDADES ESPECIFICAS.FORNECIMENTO"},{"$f":"VLOOKUP(C186,'EMOP 01-2019'!A:J,9,0)","v":"UN"},{"$f":"'MEMÓRIA DE CÁLCULO'!K1203","v":1},{"$f":"VLOOKUP(C186,'EMOP 01-2019'!A:J,10,0)","v":277.12},{"$f":"ROUND((G186*$L$12)+G186,2)","v":340.91},{"$f":"TRUNC(F186*H186,2)","v":340.91}]
[{"$f":"B187&C187","v":"13.1218.007.0075-A"},"13.12","18.007.0075-A",{"$f":"VLOOKUP(C187,'EMOP 01-2019'!A:J,2,0)","v":"CHUVEIRO ELETRICO,EM METAL CROMADO,EM 110/220V,COM BRACO CROMADO DE 1/2\" E 1 REGISTRO DE PRESSAO 1416 DE 3/4\",COM CANOPLA E VOLANTE EM METAL CROMADO.FORNECIMENTO"},{"$f":"VLOOKUP(C187,'EMOP 01-2019'!A:J,9,0)","v":"UN"},{"$f":"'MEMÓRIA DE CÁLCULO'!K1208","v":1},{"$f":"VLOOKUP(C187,'EMOP 01-2019'!A:J,10,0)","v":206.61},{"$f":"ROUND((G187*$L$12)+G187,2)","v":254.17},{"$f":"TRUNC(F187*H187,2)","v":254.17}]
[{"$f":"B188&C188","v":"13.1314.007.0321-A"},"13.13","14.007.0321-A",{"$f":"VLOOKUP(C188,'EMOP 01-2019'!A:J,2,0)","v":"PUXADOR HORIZONTAL PARA PORTA,TIPO ALCA,PARA PESSOAS COM NECESSIDADES ESPECIFICAS, EM TUBO DE ACO INOXIDAVEL DE 1.1/4\",AISI-304,LIGA 18.8,COM 30CM.FORNECIMENTO"},{"$f":"VLOOKUP(C188,'EMOP 01-2019'!A:J,9,0)","v":"UN"},{"$f":"'MEMÓRIA DE CÁLCULO'!K1213","v":3},{"$f":"VLOOKUP(C188,'EMOP 01-2019'!A:J,10,0)","v":90.13},{"$f":"ROUND((G188*$L$12)+G188,2)","v":110.88},{"$f":"TRUNC(F188*H188,2)","v":332.64}]
[{"$f":"B189&C189","v":"13.1486934"},"13.14",86934,{"$f":"VLOOKUP(C189,'SINAPI 01-2019'!A:E,2,0)","v":"BANCADA DE MÁRMORE SINTÉTICO 120 X 60CM, COM CUBA INTEGRADA, INCLUSO SIFÃO TIPO FLEXÍVEL EM PVC, VÁLVULA EM PLÁSTICO CROMADO TIPO AMERICANA E TORNEIRA CROMADA LONGA, DE PAREDE, PADRÃO POPULAR - FORNECIMENTO E INSTALAÇÃO. AF_12/2013"},{"$f":"VLOOKUP(C189,'SINAPI 01-2019'!A:E,3,0)","v":"UN"},{"$f":"'MEMÓRIA DE CÁLCULO'!K1224","v":1},{"$f":"VLOOKUP(C189,'SINAPI 01-2019'!A:E,4,0)","v":341.18},{"$f":"ROUND((G189*$K$12)+G189,2)","v":439.51},{"$f":"TRUNC(F189*H189,2)","v":439.51}]
[{"$f":"B190&C190","v":"13.1588571"},"13.15",88571,{"$f":"VLOOKUP(C190,'SINAPI 01-2019'!A:E,2,0)","v":"SABONETEIRA DE SOBREPOR (FIXADA NA PAREDE), TIPO CONCHA, EM ACO INOXIDAVEL - FORNECIMENTO E INSTALACAO"},{"$f":"VLOOKUP(C190,'SINAPI 01-2019'!A:E,3,0)","v":"UN"},{"$f":"'MEMÓRIA DE CÁLCULO'!K1229","v":2},{"$f":"VLOOKUP(C190,'SINAPI 01-2019'!A:E,4,0)","v":53.35},{"$f":"ROUND((G190*$K$12)+G190,2)","v":68.73},{"$f":"TRUNC(F190*H190,2)","v":137.46}]
[{"$f":"B191&C191","v":"13.1695547"},"13.16",95547,{"$f":"VLOOKUP(C191,'SINAPI 01-2019'!A:E,2,0)","v":"SABONETEIRA PLASTICA TIPO DISPENSER PARA SABONETE LIQUIDO COM RESERVATORIO 800 A 1500 ML, INCLUSO FIXAÇÃO. AF_10/2016"},{"$f":"VLOOKUP(C191,'SINAPI 01-2019'!A:E,3,0)","v":"UN"},{"$f":"'MEMÓRIA DE CÁLCULO'!K1235","v":8},{"$f":"VLOOKUP(C191,'SINAPI 01-2019'!A:E,4,0)","v":46.62},{"$f":"ROUND((G191*$K$12)+G191,2)","v":60.06},{"$f":"TRUNC(F191*H191,2)","v":480.48}]
[{"$f":"B192&C192","v":"13.1795544"},"13.17",95544,{"$f":"VLOOKUP(C192,'SINAPI 01-2019'!A:E,2,0)","v":"PAPELEIRA DE PAREDE EM METAL CROMADO SEM TAMPA, INCLUSO FIXAÇÃO. AF_10/2016"},{"$f":"VLOOKUP(C192,'SINAPI 01-2019'!A:E,3,0)","v":"UN"},{"$f":"'MEMÓRIA DE CÁLCULO'!K1250","v":8},{"$f":"VLOOKUP(C192,'SINAPI 01-2019'!A:E,4,0)","v":37.03},{"$f":"ROUND((G192*$K$12)+G192,2)","v":47.7},{"$f":"TRUNC(F192*H192,2)","v":381.6}]
[{"$f":"B193&C193","v":"13.1818.005.0013-A"},"13.18","18.005.0013-A",{"$f":"VLOOKUP(C193,'EMOP 01-2019'!A:J,2,0)","v":"PORTA PAPEL HIGIENICO EM PLASTICO ABS.FORNECIMENTRO E COLOCACAO"},{"$f":"VLOOKUP(C193,'EMOP 01-2019'!A:J,9,0)","v":"UN"},{"$f":"'MEMÓRIA DE CÁLCULO'!K1265","v":10},{"$f":"VLOOKUP(C193,'EMOP 01-2019'!A:J,10,0)","v":28.38},{"$f":"ROUND((G193*$K$12)+G193,2)","v":36.56},{"$f":"TRUNC(F193*H193,2)","v":365.6}]
[{"$f":"B194&C194","v":"13.1974194/1"},"13.19","74194/1",{"$f":"VLOOKUP(C194,'SINAPI 01-2019'!A:E,2,0)","v":"ESCADA TIPO MARINHEIRO EM TUBO ACO GALVANIZADO 1 1/2\" 5 DEGRAUS"},{"$f":"VLOOKUP(C194,'SINAPI 01-2019'!A:E,3,0)","v":"M"},{"$f":"'MEMÓRIA DE CÁLCULO'!K1280","v":3.3},{"$f":"VLOOKUP(C194,'SINAPI 01-2019'!A:E,4,0)","v":302},{"$f":"ROUND((G194*$L$12)+G194,2)","v":371.52},{"$f":"TRUNC(F194*H194,2)","v":1226.01}]
[{"$f":"B195&C195","v":"13.2018.040.0025-A"},"13.20","18.040.0025-A",{"$f":"VLOOKUP(C195,'EMOP 01-2019'!A:J,2,0)","v":"PLATAFORMA PARA TRANSPORTE VERTICAL,PERCURSO DE 3,17M,CAPACIDADE PARA 230KG,VELOCIDADE DE 6M/MINUTO,COM DUAS PARADAS,GUARDA CORPO LATERAL COM BRACO TIPO BASCULANTE E ACESSO PELO MESMO LADO,COMANDO AUTOMATICO SIMPLES NAS DUAS PARADAS FRANQUEADO,CHAVE NA CABINE,MOTOR ELETRICO DE 2CV A 1720RPM,60HZ,TRIFASICO (220/380V).FORNECIMENTO,MONTAGEM E INSTALACAO"},{"$f":"VLOOKUP(C195,'EMOP 01-2019'!A:J,9,0)","v":"UN"},{"$f":"'MEMÓRIA DE CÁLCULO'!K1284","v":2},{"$f":"VLOOKUP(C195,'EMOP 01-2019'!A:J,10,0)","v":50155.6},{"$f":"ROUND((G195*$K$12)+G195,2)","v":64610.44},{"$f":"TRUNC(F195*H195,2)","v":129220.88}]
[{"$f":"B196&C196","v":"13.2118.030.0001-A"},"13.21","18.030.0001-A",{"$f":"VLOOKUP(C196,'EMOP 01-2019'!A:J,2,0)","v":"CONDICIONADOR DE AR TIPO SPLIT 9000 BTU'S COMPREENDENDO 1 CONDENSADOR E 1 EVAPORADOR(VIDE INSTALACAO,ASSENTAMENTO E INTERLIGACOES FAMILIA 15.005).FORNECIMENTO"},{"$f":"VLOOKUP(C196,'EMOP 01-2019'!A:J,9,0)","v":"UN"},{"$f":"'MEMÓRIA DE CÁLCULO'!K1289","v":4},{"$f":"VLOOKUP(C196,'EMOP 01-2019'!A:J,10,0)","v":1076.25},{"$f":"ROUND((G196*$L$12)+G196,2)","v":1324},{"$f":"TRUNC(F196*H196,2)","v":5296}]
[{"$f":"B197&C197","v":"13.2215.005.0200-A"},"13.22","15.005.0200-A",{"$f":"VLOOKUP(C197,'EMOP 01-2019'!A:J,2,0)","v":"INSTALACAO E ASSENTAMENTO DE AR CONDICIONADO TIPO SPLIT DE 9000 BTU'S,COM 1 CONDENSADOR E 1 EVAPORADOR,(VIDE FORNECIMENTO DO APARELHO NA FAMILIA 18.030)INCLUSIVE ACESSORIOS DE FIXACAO,EXCLUSIVE ALIMENTACAO ELETRICA E INTERLIGACAO AO CONDENSADOR/EVAPORADOR(VIDE ITEM 15.005.0255)"},{"$f":"VLOOKUP(C197,'EMOP 01-2019'!A:J,9,0)","v":"UN"},{"$f":"'MEMÓRIA DE CÁLCULO'!K1299","v":4},{"$f":"VLOOKUP(C197,'EMOP 01-2019'!A:J,10,0)","v":379.84},{"$f":"ROUND((G197*$K$12)+G197,2)","v":489.31},{"$f":"TRUNC(F197*H197,2)","v":1957.24}]
[{"$f":"B198&C198","v":"13.2318.030.0002-A"},"13.23","18.030.0002-A",{"$f":"VLOOKUP(C198,'EMOP 01-2019'!A:J,2,0)","v":"CONDICIONADOR DE AR TIPO SPLIT 12000 BTU'S COMPREENDENDO 1 CONDENSADOR E 1 EVAPORADOR(VIDE INSTALACAO,ASSENTAMENTO E INTERLIGACOES FAMILIA 15.005).FORNECIMENTO"},{"$f":"VLOOKUP(C198,'EMOP 01-2019'!A:J,9,0)","v":"UN"},{"$f":"'MEMÓRIA DE CÁLCULO'!K1302","v":2},{"$f":"VLOOKUP(C198,'EMOP 01-2019'!A:J,10,0)","v":1181.25},{"$f":"ROUND((G198*$L$12)+G198,2)","v":1453.17},{"$f":"TRUNC(F198*H198,2)","v":2906.34}]
[{"$f":"B199&C199","v":"13.2415.005.0201-A"},"13.24","15.005.0201-A",{"$f":"VLOOKUP(C199,'EMOP 01-2019'!A:J,2,0)","v":"INSTALACAO E ASSENTAMENTO DE AR CONDICIONADO TIPO SPLIT DE 12000 BTU'S,COM 1 CONDENSADOR E 1 EVAPORADOR,(VIDE FORNECIMENTO DO APARELHO NA FAMILIA 18.030)INCLUSIVE ACESSORIOS DE FIXACAO,EXCLUSIVE ALIMENTACAO ELETRICA E INTERLIGACAO AO CONDENSADOR/EVAPORADOR (VIDE ITEM 15.005.0255)"},{"$f":"VLOOKUP(C199,'EMOP 01-2019'!A:J,9,0)","v":"UN"},{"$f":"'MEMÓRIA DE CÁLCULO'!K1308","v":2},{"$f":"VLOOKUP(C199,'EMOP 01-2019'!A:J,10,0)","v":422.77},{"$f":"ROUND((G199*$K$12)+G199,2)","v":544.61},{"$f":"TRUNC(F199*H199,2)","v":1089.22}]
[{"$f":"B200&C200","v":"13.2518.030.0009-A"},"13.25","18.030.0009-A",{"$f":"VLOOKUP(C200,'EMOP 01-2019'!A:J,2,0)","v":"CONDICIONADOR DE AR TIPO SPLIT 48000 BTU'S COMPREENDENDO 1 CONDENSADOR E 1 EVAPORADOR(VIDE INSTALACAO,ASSENTAMENTO E INTERLIGACOES FAMILIA 15.005).FORNECIMENTO"},{"$f":"VLOOKUP(C200,'EMOP 01-2019'!A:J,9,0)","v":"UN"},{"$f":"'MEMÓRIA DE CÁLCULO'!K1311","v":2},{"$f":"VLOOKUP(C200,'EMOP 01-2019'!A:J,10,0)","v":6200},{"$f":"ROUND((G200*$L$12)+G200,2)","v":7627.24},{"$f":"TRUNC(F200*H200,2)","v":15254.48}]
[{"$f":"B201&C201","v":"13.2615.005.0208-A"},"13.26","15.005.0208-A",{"$f":"VLOOKUP(C201,'EMOP 01-2019'!A:J,2,0)","v":"INSTALACAO E ASSENTAMENTO DE AR CONDICIONADO TIPO SPLIT DE 48000 BTU'S,COM 1 CONDENSADOR E 1 EVAPORADOR,(VIDE FORNECIMENTO DO APARELHO NA FAMILIA 18.030)INCLUSIVE ACESSORIOS DE FIXACAO,EXCLUSIVE ALIMENTACAO ELETRICA E INTERLIGACAO AO CONDENSADOR/EVAPORADOR (VIDE ITEM 15.005.0255)"},{"$f":"VLOOKUP(C201,'EMOP 01-2019'!A:J,9,0)","v":"UN"},{"$f":"'MEMÓRIA DE CÁLCULO'!K1316","v":2},{"$f":"VLOOKUP(C201,'EMOP 01-2019'!A:J,10,0)","v":2201.75},{"$f":"ROUND((G201*$K$12)+G201,2)","v":2836.29},{"$f":"TRUNC(F201*H201,2)","v":5672.58}]
[{"$f":"B202&C202","v":"13.2718.030.0010-A"},"13.27","18.030.0010-A",{"$f":"VLOOKUP(C202,'EMOP 01-2019'!A:J,2,0)","v":"CONDICIONADOR DE AR TIPO SPLIT 60000 BTU'S COMPREENDENDO 1 CONDENSADOR E 1 EVAPORADOR(VIDE INSTALACAO,ASSENTAMENTO E INTERLIGACOES FAMILIA 15.005).FORNECIMENTO"},{"$f":"VLOOKUP(C202,'EMOP 01-2019'!A:J,9,0)","v":"UN"},{"$f":"'MEMÓRIA DE CÁLCULO'!K1319","v":6},{"$f":"VLOOKUP(C202,'EMOP 01-2019'!A:J,10,0)","v":6500},{"$f":"ROUND((G202*$L$12)+G202,2)","v":7996.3},{"$f":"TRUNC(F202*H202,2)","v":47977.8}]
[{"$f":"B203&C203","v":"13.2815.005.0209-A"},"13.28","15.005.0209-A",{"$f":"VLOOKUP(C203,'EMOP 01-2019'!A:J,2,0)","v":"INSTALACAO E ASSENTAMENTO DE AR CONDICIONADO TIPO SPLIT DE 60000 BTU'S,COM 1 CONDENSADOR E 1 EVAPORADOR,(VIDE FORNECIMENTO DO APARELHO NA FAMILIA 18.030)INCLUSIVE ACESSORIOS DE FIXACAO,EXCLUSIVE ALIMENTACAO ELETRICA E INTERLIGACAO AO CONDENSADOR/EVAPORADOR (VIDE ITEM 15.005.0255)"},{"$f":"VLOOKUP(C203,'EMOP 01-2019'!A:J,9,0)","v":"UN"},{"$f":"'MEMÓRIA DE CÁLCULO'!K1324","v":6},{"$f":"VLOOKUP(C203,'EMOP 01-2019'!A:J,10,0)","v":2274.63},{"$f":"ROUND((G203*$K$12)+G203,2)","v":2930.18},{"$f":"TRUNC(F203*H203,2)","v":17581.08}]
[{"$f":"B204&C204","v":"13.2915.005.0255-A"},"13.29","15.005.0255-A",{"$f":"VLOOKUP(C204,'EMOP 01-2019'!A:J,2,0)","v":"TUBULACAO EM COBRE PARA INTERLIGACAO DE SPLIT SYSTEM AO CONDENSADOR/EVAPORADOR,INCLUSIVE ISOLAMENTO TERMICO,ALIMENTACAOELETRICA,CONEXOES E FIXACAO,PARA APARELHOS ATE 48000 BTU'S.FORNECIMENTO E INSTALACAO"},{"$f":"VLOOKUP(C204,'EMOP 01-2019'!A:J,9,0)","v":"M"},{"$f":"'MEMÓRIA DE CÁLCULO'!K1327","v":75.7},{"$f":"VLOOKUP(C204,'EMOP 01-2019'!A:J,10,0)","v":135.11},{"$f":"ROUND((G204*$K$12)+G204,2)","v":174.05},{"$f":"TRUNC(F204*H204,2)","v":13175.58}]
[{"$f":"B205&C205","v":"13.3015.005.0260-A"},"13.30","15.005.0260-A",{"$f":"VLOOKUP(C205,'EMOP 01-2019'!A:J,2,0)","v":"TUBULACAO EM COBRE PARA INTERLIGACAO DE SPLIT SYSTEM AO CONDENSADOR/EVAPORADOR,INCLUSIVE ISOLAMENTO TERMICO,ALIMENTACAOELETRICA,CONEXOES E FIXACAO,PARA APARELHOS DE 60000 BTU'S.FORNECIMENTO E INSTALACAO"},{"$f":"VLOOKUP(C205,'EMOP 01-2019'!A:J,9,0)","v":"M"},{"$f":"'MEMÓRIA DE CÁLCULO'!K1344","v":120},{"$f":"VLOOKUP(C205,'EMOP 01-2019'!A:J,10,0)","v":165.27},{"$f":"ROUND((G205*$K$12)+G205,2)","v":212.9},{"$f":"TRUNC(F205*H205,2)","v":25548}]
[{"$f":"B206&C206","v":"13.31COTAÇÃO 04"},"13.31","COTAÇÃO 04","POLTRONA COM ASSENTO RETRÁTIL E ENCOSTO FIXO REVESTIDA EM TECIDO OU COURO ECOLÓGICO","UN",{"$f":"'MEMÓRIA DE CÁLCULO'!K1350","v":150},{"$f":"COTAÇÕES!C31","v":768.95},{"$f":"ROUND((G206*$L$12)+G206,2)","v":945.96},{"$f":"TRUNC(F206*H206,2)","v":141894}]
[null,null,null,null,null,null,null,"SUBTOTAL 13",{"$f":"SUM(I176:I206)","v":428155.07}]
[null,14,"ADMINISTRAÇÃO LOCAL DA OBRA",null,".",null,null,null,null,"% ADM",{"$f":"I210/J212","v":0.0487820608689594}]
[null,"14.1","ADM ","ADMINISTRAÇÃO LOCAL DA OBRA","UR",100,{"$f":"'MEMÓRIA DE CÁLCULO'!G1361","v":59526.86},513.57,{"$f":"TRUNC(F209*H209,2)","v":51357},"PARA MANTER A ADM DENTRO DO LIMITE DE 5%, A ADM PASSOU DE R$ 595,26 PARA R$ 513,57, PORÉM MANTENDO O MESMO CRITERIO ADOTADO, PODENDO SER REAJUSTADA POSTERIORMENTE EM CONFORMIDADE COM AS DESGLOSAS."]
[null,null,null,null,null,null,null,"SUBTOTAL 14",{"$f":"I209","v":51357}]
[null,"TOTAL GERAL",null,null,null,null,null,null,{"$f":"I20+I30+I36+I41+I55+I64+I70+I88+I103+I154+I165+I174+I207+I210","v":1104141.55},{"$f":"I211*0.05","v":55207.0775}]
[null,"NOTAS:","1. B.D.I. (28,82 % PARA SERVIÇOS E 23,02 % PARA EQUIPAMENTOS), CONFORME ACORDÃO TCU PLENÁRIA 2.622/2013 , INCLUSO NOS PREÇOS UNITÁRIOS.",null,null,null,null,null,null,{"$f":"I211-I210","v":1052784.55}]
[null,null,"2. PREÇOS COM DESONERAÇÃO CONFORME LEI 12.844/2.013."]

{"sheet":"MEMÓRIA DE CÁLCULO","index":2,"n_rows":1378,"n_cols":13,"rows_kept":1378,"cut":false,"hidden":false,"merged":[[4,1,4,10],[5,1,5,10],[6,1,6,10],[8,1,8,10],[9,3,9,8],[10,2,10,10],[11,3,11,8],[12,3,12,4],[13,3,13,4],[15,3,15,8],[16,3,16,4],[17,3,17,4],[19,3,19,8],[20,3,20,4],[21,3,21,4],[23,3,23,8],[24,3,24,4],[25,3,25,4],[27,3,27,8],[28,3,28,4],[29,3,29,4],[31,2,31,10],[32,3,32,8],[36,3,36,8],[40,3,40,8],[42,3,42,8],[44,3,44,8],[48,3,48,8],[52,3,52,8],[54,3,54,8],[58,2,58,10],[59,3,59,8],[64,3,64,8],[72,3,72,8],[81,3,81,8],[82,1,82,10],[85,1,85,2],[86,1,86,10],[88,1,88,2],[90,1,90,2],[93,1,93,2],[94,1,94,2],[95,1,95,2],[99,2,99,10],[100,3,100,8],[111,3,111,8],[123,3,123,8],[135,2,135,10],[136,3,136,8],[136,14,136,19],[137,1,137,10],[141,1,141,10],[147,1,147,10],[156,3,156,8],[157,1,157,10],[166,3,166,8],[173,3,173,8],[174,1,174,10],[179,1,179,10],[182,1,182,10],[186,3,186,8],[192,3,192,8],[196,3,196,8],[197,1,197,10],[207,1,207,10],[214,1,214,10],[228,1,228,10],[230,3,230,8],[240,1,240,10],[242,3,242,8],[252,1,252,10],[253,3,253,8],[263,3,263,8],[270,3,270,8],[277,2,277,10],[278,3,278,8],[282,1,282,10],[284,3,284,8],[292,3,292,8],[297,1,297,10],[302,1,302,10],[307,3,307,8],[309,1,309,2],[310,1,310,2],[311,1,311,2],[314,3,314,8],[316,1,316,10],[324,1,324,10],[328,1,328,10],[335,3,335,8],[339,3,339,8],[347,2,347,10],[348,3,348,8],[349,1,349,10],[358,1,358,10],[364,1,364,10],[371,3,371,8],[376,3,376,8],[383,3,383,8],[384,1,384,10],[387,1,387,10],[393,2,393,10],[394,1,394,10],[395,3,395,8],[396,1,396,10],[408,1,408,10],[422,1,422,10],[430,1,430,10],[446,3,446,8],[448,1,448,10],[452,1,452,10],[456,1,456,10],[460,1,460,10],[461,3,461,8],[477,3,477,8],[496,1,496,10],[497,3,497,8],[505,3,505,8],[509,3,509,8],[510,1,510,10],[522,1,522,10],[537,1,537,10],[551,3,551,8],[552,1,552,10],[557,1,557,10],[561,1,561,10],[567,3,567,8],[581,1,581,10],[583,3,583,8],[584,1,584,10],[589,1,589,10],[593,1,593,10],[596,1,596,10],[598,3,598,8],[599,1,599,10],[606,1,606,10],[611,1,611,10],[621,3,621,8],[622,1,622,10],[632,1,632,10],[639,1,639,10],[650,3,650,8],[651,1,651,10],[653,2,655,2],[656,1,656,10],[657,2,660,2],[661,2,663,2],[665,2,665,10],[666,3,666,8],[667,1,667,10],[670,1,670,10],[674,1,674,10],[678,3,678,8],[679,1,679,10],[682,1,682,10],[686,1,686,10],[690,3,690,8],[691,1,691,10],[695,3,695,8],[696,1,696,10],[700,1,700,10],[707,3,707,8],[708,1,708,10],[716,1,716,10],[719,1,719,10],[723,3,723,8],[724,1,724,10],[728,3,728,8],[729,1,729,10],[733,3,733,8],[738,3,738,8],[739,1,739,10],[743,3,743,8],[744,1,744,10],[748,3,748,8],[749,1,749,10],[753,3,753,8],[754,1,754,10],[755,3,755,4],[756,3,756,4],[757,3,757,4],[758,1,758,10],[759,3,759,4],[760,3,760,4],[761,1,761,2],[762,3,762,8],[763,1,763,10],[764,3,764,4],[765,3,765,4],[766,3,766,4],[767,1,767,10],[768,3,768,4],[769,3,769,4],[770,1,770,2],[771,2,771,10],[772,1,772,10],[773,3,773,8],[775,3,775,8],[777,3,777,8],[779,3,779,8],[781,3,781,8],[783,3,783,8],[785,3,785,8],[787,3,787,8],[789,3,789,8],[791,3,791,8],[793,3,793,8],[795,1,795,10],[796,3,796,8],[798,3,798,8],[800,3,800,8],[802,3,802,8],[804,3,804,8],[806,3,806,8],[808,3,808,8],[810,3,810,8],[812,3,812,8],[814,3,814,8],[816,3,816,8],[818,1,818,10],[819,3,819,8],[820,1,820,10],[829,8,829,10],[830,8,830,10],[831,8,831,10],[832,1,832,10],[840,1,840,10],[849,3,849,8],[850,1,850,10],[853,1,853,10],[856,3,856,8],[857,1,857,10],[860,1,860,10],[864,3,864,8],[865,1,865,10],[870,3,870,8],[871,1,871,10],[876,3,876,8],[877,1,877,10],[888,3,888,8],[889,1,889,10],[897,1,897,10],[907,3,907,8],[908,1,908,10],[912,1,912,10],[917,3,917,8],[918,1,918,10],[921,1,921,10],[925,3,925,8],[932,3,932,8],[936,3,936,8],[937,1,937,10],[944,1,944,10],[950,1,950,10],[957,3,957,8],[958,1,958,10],[960,2,961,2],[962,2,964,2],[966,1,966,10],[968,2,969,2],[971,1,971,10],[973,2,975,2],[977,3,977,8],[978,1,978,10],[981,1,981,10],[985,3,985,8],[986,1,986,10],[990,3,990,8],[992,3,992,8],[994,3,994,8],[996,3,996,8],[998,3,998,8],[1000,3,1000,8],[1002,3,1002,8],[1004,3,1004,8],[1010,3,1010,8],[1013,1,1013,10],[1015,2,1015,10],[1016,3,1016,8],[1019,1,1019,2],[1020,3,1020,8],[1023,1,1023,2],[1024,3,1024,8],[1028,3,1028,8],[1031,1,1031,2],[1032,3,1032,8],[1035,1,1035,2],[1036,3,1036,8],[1039,1,1039,2],[1040,3,1040,8],[1043,1,1043,2],[1044,3,1044,8],[1047,1,1047,2],[1048,3,1048,8],[1051,1,1051,2],[1052,2,1052,10],[1053,3,1053,8],[1054,1,1054,10],[1062,1,1062,10],[1069,1,1069,10],[1082,1,1082,10],[1100,3,1100,8],[1101,1,1101,10],[1103,3,1103,8],[1104,1,1104,10],[1106,3,1106,8],[1113,3,1113,8],[1115,2,1115,3],[1116,2,1116,3],[1117,2,1117,3],[1119,3,1119,8],[1121,1,1121,2],[1122,1,1122,2],[1123,1,1123,2],[1124,1,1124,2],[1126,3,1126,8],[1128,1,1128,2],[1129,1,1129,2],[1130,2,1130,10],[1131,3,1131,8],[1132,1,1132,10],[1135,1,1135,10],[1139,1,1139,10],[1143,3,1143,8],[1144,1,1144,10],[1147,1,1147,10],[1150,1,1150,10],[1154,3,1154,8],[1155,1,1155,10],[1157,3,1157,8],[1158,1,1158,10],[1160,3,1160,8],[1164,3,1164,8],[1165,1,1165,10],[1167,3,1167,8],[1168,1,1168,10],[1171,1,1171,10],[1175,3,1175,8],[1176,1,1176,10],[1179,1,1179,10],[1182,1,1182,10],[1186,3,1186,8],[1191,3,1191,8],[1192,1,1192,10],[1195,1,1195,10],[1198,1,1198,10],[1202,3,1202,8],[1203,1,1203,10],[1207,3,1207,8],[1208,1,1208,10],[1212,3,1212,8],[1213,1,1213,10],[1216,1,1216,10],[1219,1,1219,10],[1223,3,1223,8],[1224,1,1224,10],[1228,3,1228,8],[1229,1,1229,10],[1234,3,1234,8],[1235,1,1235,10],[1239,1,1239,10],[1244,1,1244,10],[1249,3,1249,8],[1250,1,1250,10],[1254,1,1254,10],[1259,1,1259,10],[1264,3,1264,8],[1265,1,1265,10],[1269,1,1269,10],[1274,1,1274,10],[1279,3,1279,8],[1282,1,1282,2],[1283,3,1283,8],[1288,3,1288,8],[1289,1,1289,10],[1292,1,1292,10],[1298,3,1298,8],[1299,1,1299,10],[1301,3,1301,8],[1302,1,1302,10],[1307,3,1307,8],[1308,1,1308,10],[1310,3,1310,8],[1311,1,1311,10],[1315,3,1315,8],[1316,1,1316,10],[1318,3,1318,8],[1319,1,1319,10],[1323,3,1323,8],[1324,1,1324,10],[1326,3,1326,8],[1327,1,1327,10],[1332,1,1332,10],[1334,1,1334,10],[1337,1,1337,10],[1341,1,1341,10],[1343,3,1343,8],[1347,1,1347,10],[1349,3,1349,8],[1350,1,1350,10],[1353,1,1353,10],[1357,1,1357,10],[1358,3,1358,8],[1359,3,1359,4],[1360,3,1360,4],[1362,2,1362,6],[1363,12,1363,13],[1364,12,1364,13],[1365,2,1365,5],[1365,12,1365,13],[1369,2,1369,5]]}
[]
[]
[]
[]
[null,{"$f":"'ORÇAMENTO ANALÍTICO'!B4","v":"SECRETARIA DE OBRAS "}]
[null,{"$f":"'ORÇAMENTO ANALÍTICO'!B5","v":"REFORMA DO TEATRO JOÃO CAETANO"}]
[null,{"$f":"'ORÇAMENTO ANALÍTICO'!B6","v":"Local: Praça Marechal Floriano Peixoto, bairro Centro, Itaboraí, RJ"}]
[]
[null,"MEMÓRIA DE CÁLCULO"]
[null,"ITEM","CÓDIGO","DESCRIÇÃO DO SERVIÇO",null,null,null,null,null,"UNID.","QUANT."]
[null,{"$f":"'ORÇAMENTO ANALÍTICO'!B14","v":1},{"$f":"'ORÇAMENTO ANALÍTICO'!C14:H14","v":"SERVIÇOS DE ESCRITÓRIO, LABORATÓRIO E CAMPO"}]
[{"$f":"B12&C12","v":"1.101.050.0546-A"},"1.1",{"$f":"'ORÇAMENTO ANALÍTICO'!C15","v":"01.050.0546-A"},{"$f":"VLOOKUP(A12,'ORÇAMENTO ANALÍTICO'!A:I,4,0)","v":"PROJETO EXECUTIVO ESTRUTURAL PARA PREDIOS CULTURAIS ATE 500M2,CONSIDERANDO O PROJETO BASICO EXISTENTE,APRESENTADO EM AUTOCAD NOS PADROES DA CONTRATANTE,CONSTANDO DE PLANTAS DE FORMA,ARMACAO E DETALHES,DE ACORDO COM A ABNT"},null,null,null,null,null,{"$f":"VLOOKUP(A12,'ORÇAMENTO ANALÍTICO'!A:I,5,0)","v":"M2"},{"$f":"H14","v":355}]
[null,null,null,"Área total de projeção do teatro",null,null,null,"Total"]
[null,null,null,355,null,null,"=",{"$f":"TRUNC(D14,2)","v":355}]
[]
[{"$f":"B16&C16","v":"1.201.050.0481-A"},"1.2",{"$f":"'ORÇAMENTO ANALÍTICO'!C16","v":"01.050.0481-A"},{"$f":"VLOOKUP(A16,'ORÇAMENTO ANALÍTICO'!A:I,4,0)","v":"PROJETO EXECUTIVO DE INSTALACAO HIDRAULICA,CONSIDERANDO O PROJETO BASICO EXISTENTE,PARA PREDIOS CULTURAIS,APRESENTADO EM AUTOCAD,INCLUSIVE AS LEGALIZACOES PERTINENTES"},null,null,null,null,null,{"$f":"VLOOKUP(A16,'ORÇAMENTO ANALÍTICO'!A:I,5,0)","v":"M2"},{"$f":"H18","v":355}]
[null,null,null,"Área total de projeção do teatro",null,null,null,"Total"]
[null,null,null,355,null,null,"=",{"$f":"TRUNC(D18,2)","v":355}]
[]
[{"$f":"B20&C20","v":"1.301.050.0518-A"},"1.3",{"$f":"'ORÇAMENTO ANALÍTICO'!C17","v":"01.050.0518-A"},{"$f":"VLOOKUP(A20,'ORÇAMENTO ANALÍTICO'!A:I,4,0)","v":"PROJETO EXECUTIVO DE INSTALACAO ELETRICA,CONSIDERANDO O PROJETO BASICO EXISTENTE,PARA PREDIOS CULTURAIS ATE 3000M2,APRESENTADO EM AUTOCAD,INCLUSIVE AS LEGALIZACOES PERTINENTES"},null,null,null,null,null,{"$f":"VLOOKUP(A20,'ORÇAMENTO ANALÍTICO'!A:I,5,0)","v":"M2"},{"$f":"H22","v":355}]
[null,null,null,"Área total de projeção do teatro",null,null,null,"Total"]
[null,null,null,355,null,null,"=",{"$f":"TRUNC(D22,2)","v":355}]
[]
[{"$f":"B24&C24","v":"1.401.050.0455-A"},"1.4",{"$f":"'ORÇAMENTO ANALÍTICO'!C18","v":"01.050.0455-A"},{"$f":"VLOOKUP(A24,'ORÇAMENTO ANALÍTICO'!A:I,4,0)","v":"PROJETO EXECUTIVO DE INSTALACAO DE ESGOTO SANITARIO E AGUASPLUVIAIS,CONSIDERANDO O PROJETO BASICO EXISTENTE,PARA PREDIOS CULTURAIS,APRESENTADO EM AUTOCAD,INCLUSIVE AS LEGALIZACOES PERTINENTES"},null,null,null,null,null,{"$f":"VLOOKUP(A24,'ORÇAMENTO ANALÍTICO'!A:I,5,0)","v":"M2"},{"$f":"H26","v":355}]
[null,null,null,"Área total de projeção do teatro",null,null,null,"Total"]
[null,null,null,355,null,null,"=",{"$f":"TRUNC(D26,2)","v":355}]
[]
[{"$f":"B28&C28","v":"1.501.050.0530-A"},"1.5",{"$f":"'ORÇAMENTO ANALÍTICO'!C19","v":"01.050.0530-A"},{"$f":"VLOOKUP(A28,'ORÇAMENTO ANALÍTICO'!A:I,4,0)","v":"PROJETO EXECUTIVO DE SISTEMA DE AR CONDICIONADO E EXAUSTAO MECANICA,CONSIDERANDO O PROJETO BASICO EXISTENTE,EM AUTOCAD,PARA PREDIOS COM AREA ATE 500M2"},null,null,null,null,null,{"$f":"VLOOKUP(A28,'ORÇAMENTO ANALÍTICO'!A:I,5,0)","v":"M2"},{"$f":"H30","v":355}]
[null,null,null,"Área total de projeção do teatro",null,null,null,"Total"]
[null,null,null,355,null,null,"=",{"$f":"TRUNC(D30,2)","v":355}]
[]
[null,{"$f":"'ORÇAMENTO ANALÍTICO'!B21","v":2},{"$f":"'ORÇAMENTO ANALÍTICO'!C21:H21","v":"CANTEIRO DE OBRAS"}]
[{"$f":"B33&C33","v":"2.174209/1"},"2.1",{"$f":"'ORÇAMENTO ANALÍTICO'!C22","v":"74209/1"},{"$f":"VLOOKUP(A33,'ORÇAMENTO ANALÍTICO'!A:I,4,0)","v":"PLACA DE OBRA EM CHAPA DE ACO GALVANIZADO"},null,null,null,null,null,{"$f":"VLOOKUP(A33,'ORÇAMENTO ANALÍTICO'!A:I,5,0)","v":"M2"},{"$f":"I35","v":2.88}]
[null,null,"Comprimento",null,"Largura",null,"Quantidade",null,"Total"]
[null,null,2.4,"x",1.2,"x",1,"=",{"$f":"TRUNC((C35*E35)*G35,2)","v":2.88}]
[]
[{"$f":"B37&C37","v":"2.2AD19.05.0450"},"2.2",{"$f":"'ORÇAMENTO ANALÍTICO'!C23","v":"AD19.05.0450"},{"$f":"VLOOKUP(A37,'ORÇAMENTO ANALÍTICO'!A:I,4,0)","v":"Tapume de vedacao ou protecao, executado com telhas trapezoidais de aco galvanizado (esp.: 0,50mm), inclusive duas demaos de pintura esmalte sintetico, na face externa, considerando a utilizacao das telhas 4 vezes e da moldura em perna de 3\"x3\", duas vezes.(desonerado)"},null,null,null,null,null,{"$f":"VLOOKUP(A37,'ORÇAMENTO ANALÍTICO'!A:I,5,0)","v":"M2"},{"$f":"H39","v":116.6}]
[null,null,null,"Perimetro",null,"Altura",null,"Total"]
[null,null,null,53,"x",2.2,"=",{"$f":"TRUNC(D39*F39,2)","v":116.6}]
[]
[{"$f":"B41&C41","v":"2.341598"},"2.3",{"$f":"'ORÇAMENTO ANALÍTICO'!C24","v":41598},{"$f":"VLOOKUP(A41,'ORÇAMENTO ANALÍTICO'!A:I,4,0)","v":"ENTRADA PROVISORIA DE ENERGIA ELETRICA AEREA TRIFASICA 40A EM POSTE MADEIRA"},null,null,null,null,null,{"$f":"VLOOKUP(A41,'ORÇAMENTO ANALÍTICO'!A:I,5,0)","v":"UN"},1]
[]
[{"$f":"B43&C43","v":"2.4AD19.20.0100"},"2.4",{"$f":"'ORÇAMENTO ANALÍTICO'!C25","v":"AD19.20.0100"},{"$f":"VLOOKUP(A43,'ORÇAMENTO ANALÍTICO'!A:I,4,0)","v":"Instalacao e ligacao provisoria de obra de agua e esgoto a rede publica.(desonerado)"},null,null,null,null,null,{"$f":"VLOOKUP(A43,'ORÇAMENTO ANALÍTICO'!A:I,5,0)","v":"UN"},1]
[]
[{"$f":"B45&C45","v":"2.510775"},"2.5",{"$f":"'ORÇAMENTO ANALÍTICO'!C26","v":10775},{"$f":"VLOOKUP(A45,'ORÇAMENTO ANALÍTICO'!A:I,4,0)","v":"LOCACAO DE CONTAINER 2,30  X  6,00 M, ALT. 2,50 M, COM 1 SANITARIO, PARA ESCRITORIO, COMPLETO, SEM DIVISORIAS INTERNAS "},null,null,null,null,null,{"$f":"VLOOKUP(A45,'ORÇAMENTO ANALÍTICO'!A:I,5,0)","v":"MES   "},{"$f":"H47","v":6}]
[null,null,null,"Quantidade",null,"Mês",null,"Total"]
[null,null,null,1,"x",6,"=",{"$f":"TRUNC(D47*F47,2)","v":6}]
[]
[{"$f":"B49&C49","v":"2.610778"},"2.6",{"$f":"'ORÇAMENTO ANALÍTICO'!C27","v":10778},{"$f":"VLOOKUP(A49,'ORÇAMENTO ANALÍTICO'!A:I,4,0)","v":"LOCACAO DE CONTAINER 2,30 X 6,00 M, ALT. 2,50 M,  PARA SANITARIO,  COM 4 BACIAS, 8 CHUVEIROS,1 LAVATORIO E 1 MICTORIO"},null,null,null,null,null,{"$f":"VLOOKUP(A49,'ORÇAMENTO ANALÍTICO'!A:I,5,0)","v":"MES   "},{"$f":"H51","v":6}]
[null,null,null,"Quantidade",null,"Mês",null,"Total"]
[null,null,null,1,"x",6,"=",{"$f":"TRUNC(D51*F51,2)","v":6}]
[]
[{"$f":"B53&C53","v":"2.704.013.0015-A"},"2.7",{"$f":"'ORÇAMENTO ANALÍTICO'!C28","v":"04.013.0015-A"},{"$f":"VLOOKUP(A53,'ORÇAMENTO ANALÍTICO'!A:I,4,0)","v":"CARGA E DESCARGA DE CONTAINER,SEGUNDO DESCRICAO DA FAMILIA 02.006"},null,null,null,null,null,{"$f":"VLOOKUP(A53,'ORÇAMENTO ANALÍTICO'!A:I,5,0)","v":"UN"},{"$f":"D47+D51","v":2}]
[]
[{"$f":"B55&C55","v":"2.804.005.0300-A"},"2.8",{"$f":"'ORÇAMENTO ANALÍTICO'!C29","v":"04.005.0300-A"},{"$f":"VLOOKUP(A55,'ORÇAMENTO ANALÍTICO'!A:I,4,0)","v":"TRANSPORTE DE CONTAINER,SEGUNDO DESCRICAO DA FAMILIA 02.006,EXCLUSIVE CARGA E DESCARGA(VIDE ITEM 04.013.0015)"},null,null,null,null,null,{"$f":"VLOOKUP(A55,'ORÇAMENTO ANALÍTICO'!A:I,5,0)","v":"UNXKM"},{"$f":"H57","v":40}]
[null,null,null,"Quantidade",null,"Distância",null,"Total"]
[null,null,null,2,"x",20,"=",{"$f":"TRUNC(D57*F57,2)","v":40}]
[]
[null,{"$f":"'ORÇAMENTO ANALÍTICO'!B31","v":3},{"$f":"'ORÇAMENTO ANALÍTICO'!C31:H31","v":"MOVIMENTO DE TERRA"}]
[{"$f":"B60&C60","v":"3.190084"},"3.1",{"$f":"'ORÇAMENTO ANALÍTICO'!C32","v":""},{"$f":"VLOOKUP(A60,'ORÇAMENTO ANALÍTICO'!A:I,4,0)","v":"ESCAVAÇÃO MECANIZADA DE VALA COM PROF. MAIOR QUE 1,5 M ATÉ 3,0 M (MÉDIA ENTRE MONTANTE E JUSANTE/UMA COMPOSIÇÃO POR TRECHO), COM ESCAVADEIRA HIDRÁULICA (0,8 M3/111 HP), LARGURA ATÉ 1,5 M, EM SOLO DE 1A CATEGORIA, EM LOCAIS COM ALTO NÍVEL DE INTERFERÊNCIA. AF_01/2015"},null,null,null,null,null,{"$f":"VLOOKUP(A60,'ORÇAMENTO ANALÍTICO'!A:I,5,0)","v":"M3"},{"$f":"SUM(I62:I63)","v":23.94}]
[null,null,"Local","Área",null,"Altura","Quantidade",null,"Total"]
[null,null,"Fossa (Ø 2,00) + 1m afastamento",{"$f":"(3*3*3.14)/4","v":7.065},"x",2,1,"=",{"$f":"TRUNC(D62*F62*G62,2)","v":14.13}]
[null,null,"Filtro (Ø 1,50) + 1m afastamento",{"$f":"(2.5*2.5*3.14)/4","v":4.90625},"x",2,1,"=",{"$f":"TRUNC(D63*F63*G63,2)","v":9.81}]
[]
[{"$f":"B65&C65","v":"3.293358"},"3.2",{"$f":"'ORÇAMENTO ANALÍTICO'!C33","v":""},{"$f":"VLOOKUP(A65,'ORÇAMENTO ANALÍTICO'!A:I,4,0)","v":"ESCAVAÇÃO MANUAL DE VALA COM PROFUNDIDADE MENOR OU IGUAL A 1,30 M. AF_03/2016"},null,null,null,null,null,{"$f":"VLOOKUP(A65,'ORÇAMENTO ANALÍTICO'!A:I,5,0)","v":"M3"},{"$f":"SUM(I67:I71)","v":31.39}]
[null,null,"Local","Área",null,"Altura","Quantidade",null,"Total"]
[null,null,"Caixa de Inspeção (Ø 0,60) + 0,5 de afastamento",{"$f":"(1.1*1.1*3.14)/4","v":0.94985},"x",1,3,"=",{"$f":"TRUNC(D67*F67*G67,2)","v":2.84}]
[null,null,"Caixa de Gordura (Ø 0,40) + 0,50 de afastamento",{"$f":"(0.9*0.9*3.14)/4","v":0.63585},null,1,1,"=",{"$f":"TRUNC(D68*F68*G68,2)","v":0.63}]
[null,null,"Caixa de Passagem (0,30 x 0,30) + 0,3 de afastamento",{"$f":"0.6*0.6","v":0.36},null,1,2,"=",{"$f":"TRUNC(D69*F69*G69,2)","v":0.72}]
[null,null,"Local","Comprimento","Largura","Altura","Quantidade",null,"Total"]
[null,null,"Tubo de Esgoto",108.8,0.5,0.5,1,"=",{"$f":"TRUNC((D71*E71*F71*G71),2)","v":27.2}]
[]
[{"$f":"B73&C73","v":"3.393382"},"3.3",{"$f":"'ORÇAMENTO ANALÍTICO'!C34","v":""},{"$f":"VLOOKUP(A73,'ORÇAMENTO ANALÍTICO'!A:I,4,0)","v":"REATERRO MANUAL DE VALAS COM COMPACTAÇÃO MECANIZADA. AF_04/2016"},null,null,null,null,null,{"$f":"VLOOKUP(A73,'ORÇAMENTO ANALÍTICO'!A:I,5,0)","v":"M3"},{"$f":"SUM(I75:I80)","v":43.52}]
[null,null,null,"Local","Volume escavado",null,"Volume real",null,"Total"]
[null,null,null,"Fossa (Ø 2,00)",{"$f":"I62","v":14.13},"-",{"$f":"(3.14*2*2/4)*F62*G62","v":6.28},"=",{"$f":"TRUNC(E75-G75,2)","v":7.85}]
[null,null,null,"Filtro (Ø 1,50)",{"$f":"I63","v":9.81},"-",{"$f":"(3.14*1.5*1.5/4)*F63*G63","v":3.5325},"=",{"$f":"TRUNC(E76-G76,2)","v":6.27}]
[null,null,null,"Caixa de Inspeção (Ø 0,60)",{"$f":"I67","v":2.84},"-",{"$f":"(3.14*0.6*0.6/4)*F67*G67","v":0.8478},"=",{"$f":"TRUNC(E77-G77,2)","v":1.99}]
[null,null,null,"Caixa de Gordura (Ø 0,40)",{"$f":"I68","v":0.63},"-",{"$f":"(3.14*0.4*0.4/4)*F68*G68","v":0.1256},"=",{"$f":"TRUNC(E78-G78,2)","v":0.5}]
[null,null,null,"Caixa de Passagem (0,30 x 0,30)",{"$f":"I69","v":0.72},"-",{"$f":"(3.14*0.3*0.3/4)*F69*G69","v":0.1413},"=",{"$f":"TRUNC(E79-G79,2)","v":0.57}]
[null,null,null,{"$f":"C71","v":"Tubo de Esgoto"},{"$f":"I71","v":27.2},"-",{"$f":"(3.14*0.1*0.1/4)*D71","v":0.85408},"=",{"$f":"TRUNC(E80-G80,2)","v":26.34}]
[]
[{"$f":"B82&C82","v":"3.403.009.0015-A"},"3.4",{"$f":"'ORÇAMENTO ANALÍTICO'!C35","v":"03.009.0015-A"},{"$f":"VLOOKUP(A82,'ORÇAMENTO ANALÍTICO'!A:I,4,0)","v":"ATERRO COM MATERIAL DE 1ª CATEGORIA,COMPACTADO MANUALMENTE EM CAMADAS DE 20CM DE MATERIAL APILOADO,PROVENIENTE DE JAZIDA DISTANTE ATE 10KM,INCLUSIVE ESCAVACAO,CARGA,TRANSPORTE EM CAMINHAO BASCULANTE,DESCARGA,ESPALHAMENTO E IRRIGACAO MANUAIS"},null,null,null,null,null,{"$f":"VLOOKUP(A82,'ORÇAMENTO ANALÍTICO'!A:I,5,0)","v":"M3"},{"$f":"SUM(J85:J86,J89:J96)","v":59.5}]
[null,"Subsolo"]
[null,null,null,"Local","Comprimento","Altura","Largura","Quantidade",null,"Total"]
[null,null,null,"Rampa PATAMAR",1.2,0.25,1.75,1,"=",{"$f":"TRUNC(E85*F85*G85*H85,2)","v":0.52}]
[null,"Valor total dividido por 2",null,"Rampa",2.05,0.25,1.75,1,"=",{"$f":"TRUNC(E86*F86*G86*H86,2)/2","v":0.445}]
[null,"Térreo"]
[null,null,null,"Local","Comprimento","Altura","Largura","Quantidade",null,"Total"]
[null,"Valor total dividido por 2",null,"Rampas nas laterais da pláteia",9,1.13,1.2,2,"=",{"$f":"TRUNC(E89*F89*G89*H89,2)/2","v":12.2}]
[null,null,null,"Escalonamento do piso da pláteia",7.99,0.2,9.92,1,"=",{"$f":"TRUNC(E90*F90*G90*H90,2)","v":15.85}]
[null,"Valor total dividido por 2",null,"Rampa na lateral do teatro (1)",12.2,1.1,1.9,1,"=",{"$f":"TRUNC(E91*F91*G91*H91,2)/2","v":12.745}]
[null,null,null,"Rampa na lateral do teatro (2)",5.35,1,1.9,1,"=",{"$f":"TRUNC(E92*F92*G92*H92,2)","v":10.16}]
[null,null,null,"Rampa na lateral do teatro (3)",2.05,1,1.9,1,"=",{"$f":"TRUNC(E93*F93*G93*H93,2)","v":3.89}]
[null,"Valor total dividido por 2",null,"Escada na lateral do teatro (4)",2.35,1,1.9,1,"=",{"$f":"TRUNC(E94*F94*G94*H94,2)/2","v":2.23}]
[null,"Valor total dividido por 2",null,"Rampa na frente do teatro",4.8,0.25,1.5,1,"=",{"$f":"TRUNC(E95*F95*G95*H95,2)/2","v":0.9}]
[null,null,null,"Patamar na frente do teatro",1.5,0.25,1.5,1,"=",{"$f":"TRUNC(E96*F96*G96*H96,2)","v":0.56}]
[]
[]
[]
[null,{"$f":"'ORÇAMENTO ANALÍTICO'!B37","v":4},{"$f":"'ORÇAMENTO ANALÍTICO'!C37:H37","v":"TRANSPORTES"}]
[{"$f":"B101&C101","v":"4.105.001.0171-A"},"4.1",{"$f":"'ORÇAMENTO ANALÍTICO'!C38","v":"05.001.0171-A"},{"$f":"VLOOKUP(A101,'ORÇAMENTO ANALÍTICO'!A:I,4,0)","v":"TRANSPORTE HORIZONTAL DE MATERIAL DE 1ªCATEGORIA OU ENTULHO,EM CARRINHOS,A 20,00M DE DISTANCIA,INCLUSIVE CARGA A PA"},null,null,null,null,null,{"$f":"VLOOKUP(A101,'ORÇAMENTO ANALÍTICO'!A:I,5,0)","v":"M3"},{"$f":"SUM(G103:G110)","v":71.26}]
[null,null,null,"Local","Volume",null,"Total"]
[null,null,null,{"$f":"D75","v":"Fossa (Ø 2,00)"},{"$f":"G75","v":6.28},"=",{"$f":"TRUNC(E103,2)","v":6.28}]
[null,null,null,{"$f":"D76","v":"Filtro (Ø 1,50)"},{"$f":"G76","v":3.5325},"=",{"$f":"TRUNC(E104,2)","v":3.53}]
[null,null,null,{"$f":"D77","v":"Caixa de Inspeção (Ø 0,60)"},{"$f":"G77","v":0.8478},"=",{"$f":"TRUNC(E105,2)","v":0.84}]
[null,null,null,{"$f":"D78","v":"Caixa de Gordura (Ø 0,40)"},{"$f":"G78","v":0.1256},"=",{"$f":"TRUNC(E106,2)","v":0.12}]
[null,null,null,{"$f":"D79","v":"Caixa de Passagem (0,30 x 0,30)"},{"$f":"G79","v":0.1413},"=",{"$f":"TRUNC(E107,2)","v":0.14}]
[null,null,null,{"$f":"D80","v":"Tubo de Esgoto"},{"$f":"G80","v":0.85408},"=",{"$f":"TRUNC(E108,2)","v":0.85}]
[null,null,null,"Idem ao item 3.4",{"$f":"K82","v":59.5},"=",{"$f":"TRUNC(E109,2)","v":59.5}]
[]
[]
[{"$f":"B112&C112","v":"4.272898"},"4.2",{"$f":"'ORÇAMENTO ANALÍTICO'!C39","v":""},{"$f":"VLOOKUP(A112,'ORÇAMENTO ANALÍTICO'!A:I,4,0)","v":"CARGA E DESCARGA MECANIZADAS DE ENTULHO EM CAMINHAO BASCULANTE 6 M3"},null,null,null,null,null,{"$f":"VLOOKUP(A112,'ORÇAMENTO ANALÍTICO'!A:I,5,0)","v":"M3"},{"$f":"SUM(G114:G122)","v":28.29}]
[null,null,null,"Local","Volume",null,"Total"]
[null,null,null,{"$f":"D103","v":"Fossa (Ø 2,00)"},{"$f":"E103","v":6.28},"=",{"$f":"TRUNC(E114,2)","v":6.28}]
[null,null,null,{"$f":"D104","v":"Filtro (Ø 1,50)"},{"$f":"E104","v":3.5325},"=",{"$f":"TRUNC(E115,2)","v":3.53}]
[null,null,null,{"$f":"D105","v":"Caixa de Inspeção (Ø 0,60)"},{"$f":"E105","v":0.8478},"=",{"$f":"TRUNC(E116,2)","v":0.84}]
[null,null,null,{"$f":"D106","v":"Caixa de Gordura (Ø 0,40)"},{"$f":"E106","v":0.1256},"=",{"$f":"TRUNC(E117,2)","v":0.12}]
[null,null,null,{"$f":"D107","v":"Caixa de Passagem (0,30 x 0,30)"},{"$f":"E107","v":0.1413},"=",{"$f":"TRUNC(E118,2)","v":0.14}]
[null,null,null,{"$f":"D108","v":"Tubo de Esgoto"},{"$f":"E108","v":0.85408},"=",{"$f":"TRUNC(E119,2)","v":0.85}]
[null,null,null,{"$f":"D110","v":0},{"$f":"E110","v":0},"=",{"$f":"TRUNC(E120,2)","v":0}]
[null,null,null,"Idem ao item 5.2",{"$f":"K157","v":7.27},"=",{"$f":"TRUNC(E121,2)","v":7.27}]
[null,null,null,"Idem ao item 5.3 (espessura 10 cm)",{"$f":"K167*0.1","v":9.26},"=",{"$f":"TRUNC(E122,2)","v":9.26}]
[]
[{"$f":"B124&C124","v":"4.372884"},"4.3",{"$f":"'ORÇAMENTO ANALÍTICO'!C40","v":72884},{"$f":"VLOOKUP(A124,'ORÇAMENTO ANALÍTICO'!A:I,4,0)","v":"TRANSPORTE COMERCIAL COM CAMINHAO CARROCERIA 9 T, RODOVIA PAVIMENTADA"},null,null,null,null,null,{"$f":"VLOOKUP(A124,'ORÇAMENTO ANALÍTICO'!A:I,5,0)","v":"M3XKM"},{"$f":"SUM(I126:I134)","v":566.21}]
[null,null,null,"Local","Volume",null,"Distância",null,"Total"]
[null,null,null,{"$f":"D114","v":"Fossa (Ø 2,00)"},{"$f":"E114","v":6.28},"x",20,"=",{"$f":"TRUNC(E126*G126,2)","v":125.6}]
[null,null,null,{"$f":"D115","v":"Filtro (Ø 1,50)"},{"$f":"E115","v":3.5325},"x",20,"=",{"$f":"TRUNC(E127*G127,2)","v":70.65}]
[null,null,null,{"$f":"D116","v":"Caixa de Inspeção (Ø 0,60)"},{"$f":"E116","v":0.8478},"x",20,"=",{"$f":"TRUNC(E128*G128,2)","v":16.95}]
[null,null,null,{"$f":"D117","v":"Caixa de Gordura (Ø 0,40)"},{"$f":"E117","v":0.1256},"x",20,"=",{"$f":"TRUNC(E129*G129,2)","v":2.51}]
[null,null,null,{"$f":"D118","v":"Caixa de Passagem (0,30 x 0,30)"},{"$f":"E118","v":0.1413},"x",20,"=",{"$f":"TRUNC(E130*G130,2)","v":2.82}]
[null,null,null,{"$f":"D119","v":"Tubo de Esgoto"},{"$f":"E119","v":0.85408},"x",20,"=",{"$f":"TRUNC(E131*G131,2)","v":17.08}]
[null,null,null,{"$f":"D120","v":0},{"$f":"E120","v":0},"x",20,"=",{"$f":"TRUNC(E132*G132,2)","v":0}]
[null,null,null,{"$f":"D121","v":"Idem ao item 5.2"},{"$f":"E121","v":7.27},"x",20,"=",{"$f":"TRUNC(E133*G133,2)","v":145.4}]
[null,null,null,{"$f":"D122","v":"Idem ao item 5.3 (espessura 10 cm)"},{"$f":"E122","v":9.26},"x",20,"=",{"$f":"TRUNC(E134*G134,2)","v":185.2}]
[]
[null,{"$f":"'ORÇAMENTO ANALÍTICO'!B42","v":5},{"$f":"'ORÇAMENTO ANALÍTICO'!C42:H42","v":"SERVIÇOS COMPLEMENTARES"}]
[{"$f":"B137&C137","v":"5.197622"},"5.1",{"$f":"'ORÇAMENTO ANALÍTICO'!C43","v":97622},{"$f":"VLOOKUP(A137,'ORÇAMENTO ANALÍTICO'!A:I,4,0)","v":"DEMOLIÇÃO DE ALVENARIA DE BLOCO FURADO, DE FORMA MANUAL, SEM REAPROVEITAMENTO. AF_12/2017"},null,null,null,null,null,{"$f":"VLOOKUP(A137,'ORÇAMENTO ANALÍTICO'!A:I,5,0)","v":"M3"},{"$f":"SUM(I140:I155)","v":33.6}]
[null,"Subsolo"]
[null,null,"Local","Extensão","Altura","Desconto","Espessura",null,"Total"]
[null,null,"Prisma",4.35,2.8,{"$f":"(1.9*1.2)+(0.6*0.8)","v":2.76},0.15,"=",{"$f":"TRUNC(((D140*E140)-F140)*G140,2)","v":1.41}]
[null,null,"Deposito",0.8,2.1,0,0.15,"=",{"$f":"TRUNC(((D141*E141)-F141)*G141,2)","v":0.25}]
[null,"Térreo"]
[null,null,"Coxia",1,4.75,0,0.15,"=",{"$f":"TRUNC(((D143*E143)-F143)*G143,2)","v":0.71}]
[null,null,"Acesso foyer/pláteia",{"$f":"1+1","v":2},2.5,0,0.15,"=",{"$f":"TRUNC(((D144*E144)-F144)*G144,2)","v":0.75}]
[null,null,"WC Fem.",6.42,3.35,{"$f":"(0.7*2.1)*2","v":2.94},0.15,"=",{"$f":"TRUNC(((D145*E145)-F145)*G145,2)","v":2.78}]
[null,null,"WC Masc.",2.86,3.35,0,0.15,"=",{"$f":"TRUNC(((D146*E146)-F146)*G146,2)","v":1.43}]
[null,null,"Cafeteria",{"$f":"8.95+1.7","v":10.65},3.35,{"$f":"(0.7*2.1)+(0.8*2.1)","v":3.15},0.15,"=",{"$f":"TRUNC(((D147*E147)-F147)*G147,2)","v":4.87}]
[null,"1º Pavimento"]
[null,null,"Mezanino",{"$f":"12.34+(2*3)","v":18.34},3.6,{"$f":"(3.2*1.2)*3","v":11.52},0.15,"=",{"$f":"TRUNC(((D149*E149)-F149)*G149,2)","v":8.17}]
[null,null,"Sala de apoio",{"$f":"0.7+0.6","v":1.3},3.3,0,0.15,"=",{"$f":"TRUNC(((D150*E150)-F150)*G150,2)","v":0.64}]
[null,null,"Sala projeção",2.6,3.3,0,0.15,"=",{"$f":"TRUNC(((D151*E151)-F151)*G151,2)","v":1.28}]
[null,null,"Circulação",{"$f":"0.8+0.7","v":1.5},2.1,0,0.15,"=",{"$f":"TRUNC(((D152*E152)-F152)*G152,2)","v":0.47}]
[null,null,"Circulação",{"$f":"2.9+3.2+1.18+3+3+2.35+2.35","v":17.98},3.3,{"$f":"(0.7*2.1)*2+(0.6*2.1)","v":4.2},0.15,"=",{"$f":"TRUNC(((D153*E153)-F153)*G153,2)","v":8.27}]
[null,null,"Administração",1.2,3.3,0,0.15,"=",{"$f":"TRUNC(((D154*E154)-F154)*G154,2)","v":0.59}]
[null,null,"Plataforma elevatória (Subsolo)",1.8,5.5,0,0.2,"=",{"$f":"TRUNC(((D155*E155)-F155)*G155,2)","v":1.98}]
[]
[{"$f":"B157&C157","v":"5.105.001.0002-B"},"5.1",{"$f":"'ORÇAMENTO ANALÍTICO'!C44","v":"05.001.0002-B"},{"$f":"VLOOKUP(A157,'ORÇAMENTO ANALÍTICO'!A:I,4,0)","v":"DEMOLICAO MANUAL DE CONCRETO ARMADO COMPREENDENDO PILARES,VIGAS E LAJES,EM ESTRUTURA APRESENTANDO POSICAO ESPECIAL,INCLUSIVE EMPILHAMENTO LATERAL DENTRO DO CANTEIRO DE SERVICO"},null,null,null,null,null,{"$f":"VLOOKUP(A157,'ORÇAMENTO ANALÍTICO'!A:I,5,0)","v":"M3"},{"$f":"SUM(H160:H165)","v":7.27}]
[null,"Térreo"]
[null,null,null,"Local","Área","Largura",null,"Total"]
[null,null,null,"Rampa de acesso lateral",{"$f":"4.35/2","v":2.175},1.6,"=",{"$f":"TRUNC(E160*F160,2)","v":3.48}]
[null,null,null,"Escada do foyer",0.5,2,"=",{"$f":"TRUNC(E161*F161,2)","v":1}]
[null,null,null,"Escada do foyer",0.5,1.2,"=",{"$f":"TRUNC(E162*F162,2)","v":0.6}]
[null,null,null,"Escada do foyer",0.5,1.2,"=",{"$f":"TRUNC(E163*F163,2)","v":0.6}]
[null,null,null,"Local","Área","Altura",null,"Total"]
[null,null,null,"Laje do PNE/cafeteria",10.65,0.15,"=",{"$f":"TRUNC(E165*F165,2)","v":1.59}]
[]
[{"$f":"B167&C167","v":"5.205.001.0018-A"},"5.2",{"$f":"'ORÇAMENTO ANALÍTICO'!C45","v":"05.001.0018-A"},{"$f":"VLOOKUP(A167,'ORÇAMENTO ANALÍTICO'!A:I,4,0)","v":"DEMOLICAO MANUAL DE PISO CIMENTADO E DA RESPECTIVA BASE DE CONCRETO,OU PASSEIO DE CONCRETO,INCLUSIVE EMPILHAMENTO LATERAL DENTRO DO CANTEIRO DE SERVICO"},null,null,null,null,null,{"$f":"VLOOKUP(A167,'ORÇAMENTO ANALÍTICO'!A:I,5,0)","v":"M2"},{"$f":"SUM(H169:H172)","v":92.6}]
[null,null,null,"Local","Área",null,null,"Total"]
[null,null,null,"Passeio em torno do teatro",86,null,"=",{"$f":"TRUNC(E169,2)","v":86}]
[null,null,null,"Local","Comprimento","Largura",null,"Total"]
[null,null,null,"Plataforma elevatória (Subsolo)",2,1.8,"=",{"$f":"TRUNC(E171*F171,2)","v":3.6}]
[null,null,null,"Plataforma elevatória (Foyer)",2,1.5,"=",{"$f":"TRUNC(E172*F172,2)","v":3}]
[]
[{"$f":"B174&C174","v":"5.305.001.0134-A"},"5.3",{"$f":"'ORÇAMENTO ANALÍTICO'!C46","v":"05.001.0134-A"},{"$f":"VLOOKUP(A174,'ORÇAMENTO ANALÍTICO'!A:I,4,0)","v":"ARRANCAMENTO DE PORTAS,JANELAS E CAIXILHOS DE AR CONDICIONADO OU OUTROS"},null,null,null,null,null,{"$f":"VLOOKUP(A174,'ORÇAMENTO ANALÍTICO'!A:I,5,0)","v":"UN"},{"$f":"SUM(H177:H185)","v":14}]
[null,"Subsolo"]
[null,null,null,"Local",null,"Quantidade",null,"Total"]
[null,null,null,"WC",null,1,"=",{"$f":"TRUNC(F177,2)","v":1}]
[null,null,null,"Prisma",null,2,"=",{"$f":"TRUNC(F178,2)","v":2}]
[null,null,null,"Hall",null,1,"=",{"$f":"TRUNC(F179,2)","v":1}]
[null,"Térreo"]
[null,null,null,"Local",null,"Quantidade",null,"Total"]
[null,null,null,"Foyer",null,5,"=",{"$f":"TRUNC(F182,2)","v":5}]
[null,"1º Pavimento"]
[null,null,null,"Local",null,"Quantidade",null,"Total"]
[null,null,null,"Sacada",null,5,"=",{"$f":"TRUNC(F185,2)","v":5}]
[]
[{"$f":"B187&C187","v":"5.405.001.0147-A"},"5.4",{"$f":"'ORÇAMENTO ANALÍTICO'!C47","v":"05.001.0147-A"},{"$f":"VLOOKUP(A187,'ORÇAMENTO ANALÍTICO'!A:I,4,0)","v":"ARRANCAMENTO DE GRADES,GRADIS,ALAMBRADOS,CERCAS E PORTOES"},null,null,null,null,null,{"$f":"VLOOKUP(A187,'ORÇAMENTO ANALÍTICO'!A:I,5,0)","v":"M2"},{"$f":"SUM(H189:H191)","v":28.2}]
[null,null,null,"Local","Comprimento","Altura",null,"Total"]
[null,null,null,"Guarda corpo escada do Foyer",{"$f":"2+2.5+2.5","v":7},1,"=",{"$f":"TRUNC(E189*F189,2)","v":7}]
[null,null,null,"Guarda corpo sacada",10.2,1,"=",{"$f":"TRUNC(E190*F190,2)","v":10.2}]
[null,null,null,"Guarda corpo rampa de acesso lateral",11,1,"=",{"$f":"TRUNC(E191*F191,2)","v":11}]
[]
[{"$f":"B193&C193","v":"5.505.001.0050-A"},"5.5",{"$f":"'ORÇAMENTO ANALÍTICO'!C48","v":"05.001.0050-A"},{"$f":"VLOOKUP(A193,'ORÇAMENTO ANALÍTICO'!A:I,4,0)","v":"REMOCAO DE COBERTURA EM TELHAS COLONIAIS,INCLUSIVE MADEIRAMENTO,MEDIDO O CONJUNTO PELA AREA REAL DE COBERTURA"},null,null,null,null,null,{"$f":"VLOOKUP(A193,'ORÇAMENTO ANALÍTICO'!A:I,5,0)","v":"M2"},{"$f":"H195","v":122.77}]
[null,null,"Local","Comprimento","Largura","Reaproveitamento (50%)",null,"Total"]
[null,null,"Telhado",27.38,12,0.37369,"=",{"$f":"TRUNC(D195*E195*F195,2)","v":122.77},null,null,null,null,{"$f":"205.12+164.28","v":369.4}]
[]
[{"$f":"B197&C197","v":"5.605.005.0005-B"},"5.6",{"$f":"'ORÇAMENTO ANALÍTICO'!C49","v":"05.005.0005-B"},{"$f":"VLOOKUP(A197,'ORÇAMENTO ANALÍTICO'!A:I,4,0)","v":"ANDAIME DE TABUADO SOBRE CAVALETES,INCLUSIVE ESTES,EM MADEIRA DE 1ª,COM APROVEITAMENTO DA MADEIRA 20 VEZES,INCLUSIVE MOVIMENTACAO"},null,null,null,null,null,{"$f":"VLOOKUP(A197,'ORÇAMENTO ANALÍTICO'!A:I,5,0)","v":"M2"},{"$f":"SUM(H200:H227)","v":127.96}]
[null,"Subsolo"]
[null,null,"Local","Área ",null,null,null,"Total"]
[null,null,"Deposito ",6.18,null,null,"=",{"$f":"D200","v":6.18}]
[null,null,"Camarim reversivel",3.09,null,null,"=",{"$f":"D201","v":3.09}]
[null,null,"Camarim 1",3.6,null,null,"=",{"$f":"D202","v":3.6}]
[null,null,"Banheiro PNE",1.45,null,null,"=",{"$f":"D203","v":1.45}]
[null,null,"Hall",20.99,null,null,"=",{"$f":"D204","v":20.99}]
[null,null,"Camarim 2",4.55,null,null,"=",{"$f":"D205","v":4.55}]
[null,null,"Banheiro",0.57,null,null,"=",{"$f":"D206","v":0.57}]
[null,null,"Copa",0.03,null,null,"=",{"$f":"D207","v":0.03}]
[null,"Térreo"]
[null,null,"WC Fem.",2.46,null,null,"=",{"$f":"D209","v":2.46}]
[null,null,"WC Masc.",2.98,null,null,"=",{"$f":"D210","v":2.98}]
[null,null,"Banh. PNE",1.3,null,null,"=",{"$f":"D211","v":1.3}]
[null,null,"Bomboneire",0.25,null,null,"=",{"$f":"D212","v":0.25}]
[null,null,"Circulação",0.45,null,null,"=",{"$f":"D213","v":0.45}]
[null,null,"Foyer",29.37,null,null,"=",{"$f":"D214","v":29.37}]
[null,"1º Pavimento"]
[null,null,"Mezanino",27.61,null,null,"=",{"$f":"D216","v":27.61}]
[null,null,"Sala de apoio",1.16,null,null,"=",{"$f":"D217","v":1.16}]
[null,null,"Sala projeção",1.7,null,null,"=",{"$f":"D218","v":1.7}]
[null,null,"WC",0.23,null,null,"=",{"$f":"D219","v":0.23}]
[null,null,"WC PNE",0.39,null,null,"=",{"$f":"D220","v":0.39}]
[null,null,"Circulação",5.56,null,null,"=",{"$f":"D221","v":5.56}]
[null,null,"Circulação em frente a ADM",1.06]
[null,null,"ADM",0.68,null,null,"=",{"$f":"D223","v":0.68}]
[null,null,"Varanda",1.6,null,null,"=",{"$f":"D224","v":1.6}]
[null,null,"Varanda",1.6,null,null,"=",{"$f":"D225","v":1.6}]
[null,null,"Sacada",3.87,null,null,"=",{"$f":"D226","v":3.87}]
[null,null,"Escada",6.29,null,null,"=",{"$f":"D227","v":6.29}]
[]
[null,"Obs: Foram consideradas as áreas dos ambientes internos, com desconto de 0,50 m para cada lado. Em ambientes de circulação, foi descontado apenas 0,50 m na menor dimensão e 1,0 m na maior dimensão, segundo critério EMOP."]
[]
[{"$f":"B231&C231","v":"5.705.006.0001-B"},"5.7",{"$f":"'ORÇAMENTO ANALÍTICO'!C50","v":"05.006.0001-B"},{"$f":"VLOOKUP(A231,'ORÇAMENTO ANALÍTICO'!A:I,4,0)","v":"ALUGUEL DE ANDAIME COM ELEMENTOS TUBULARES(FACHADEIRO)SOBRESAPATAS FIXAS,CONSIDERANDO-SE A AREA DA PROJECAO VERTICAL DO ANDAIME E PAGO PELO TEMPO NECESSARIO A SUA UTILIZACAO,EXCLUSIVE TRANSPORTE DOS ELEMENTOS DO ANDAIME ATE A OBRA,PLATAFORMA OU PASSARELA DE PINHO,MONTAGEM E DESMONTAGEM DOS ANDAIMES"},null,null,null,null,null,{"$f":"VLOOKUP(A231,'ORÇAMENTO ANALÍTICO'!A:I,5,0)","v":"M2XMES"},{"$f":"H239","v":1987.2}]
[null,null,"Local","Extensão","Altura","Desconto",null,"Total"]
[null,null,"Fachada Frontal",12.8,{"$f":"9.6-1.8","v":7.8},{"$f":"((1.2*0.7)*3)+((1.6*2.5)*2)","v":10.52},"="]
[null,null,"Fachada Lateral",27.6,{"$f":"10.5-1.8","v":8.7},{"$f":"(1.5*0.7)*3","v":3.15},"="]
[null,null,"Fachada Lateral",27.6,{"$f":"10.5-1.5","v":9},0,"=",{"$f":"TRUNC((D235*E235)-F235,2)","v":248.4}]
[null,null,"Fachada fundos",12.8,{"$f":"12.5-1.8","v":10.7},0,"="]
[null,null,null,null,"(10,5-1,5)","Total","=",{"$f":"SUM(H233:H236)","v":248.4}]
[null,null,null,"Área",null,"Mês"]
[null,null,null,{"$f":"H237","v":248.4},"x",8,"=",{"$f":"TRUNC(D239*F239,2)","v":1987.2}]
[]
[null,"Obs: Foi considerada apenas a maior fachada de trabalho e foi descontado da altura 1,50 m devido a não necessidade de utilização de andaime, segundo critério EMOP."]
[]
[{"$f":"B243&C243","v":"5.897064"},"5.8",{"$f":"'ORÇAMENTO ANALÍTICO'!C51","v":97064},{"$f":"VLOOKUP(A243,'ORÇAMENTO ANALÍTICO'!A:I,4,0)","v":"MONTAGEM E DESMONTAGEM DE ANDAIME TUBULAR TIPO \u0093TORRE\u0094 (EXCLUSIVE ANDAIME E LIMPEZA). AF_11/2017"},null,null,null,null,null,{"$f":"VLOOKUP(A243,'ORÇAMENTO ANALÍTICO'!A:I,5,0)","v":"M"},{"$f":"SUM(H245:H251)","v":144.48}]
[null,null,"Local","Extensão","Lados",null,null,"Total"]
[null,null,{"$f":"C233","v":"Fachada Frontal"},{"$f":"D233","v":12.8},null,null,"=",{"$f":"TRUNC(D245,2)","v":12.8}]
[null,null,{"$f":"C234","v":"Fachada Lateral"},{"$f":"D234","v":27.6},null,null,"=",{"$f":"TRUNC(D246,2)","v":27.6}]
[null,null,{"$f":"C235","v":"Fachada Lateral"},{"$f":"D235","v":27.6},null,null,"=",{"$f":"TRUNC(D247,2)","v":27.6}]
[null,null,{"$f":"C236","v":"Fachada fundos"},{"$f":"D236","v":12.8},null,null,"=",{"$f":"TRUNC(D248,2)","v":12.8}]
[null,null,"Palco",26.91,null,null,"=",{"$f":"TRUNC(D249,2)","v":26.91}]
[null,null,"Laterais da plateia",13.55,2,null,"=",{"$f":"D250*E250","v":27.1}]
[null,null,"Paredes Foyer",{"$f":"2.47+2.75+4.45","v":9.67},null,null,"=",{"$f":"D251","v":9.67}]
[]
[null,"Obs: Foram consideradas todas as fachadas de trabalho, ainda sob o conceito de redução da altura, segundo critério EMOP."]
[{"$f":"B254&C254","v":"5.904.020.0122-A"},"5.9",{"$f":"'ORÇAMENTO ANALÍTICO'!C52","v":"04.020.0122-A"},{"$f":"VLOOKUP(A254,'ORÇAMENTO ANALÍTICO'!A:I,4,0)","v":"TRANSPORTE DE ANDAIME TUBULAR,CONSIDERANDO-SE A AREA DE PROJECAO VERTICAL DO ANDAIME,EXCLUSIVE CARGA,DESCARGA E TEMPO DE ESPERA DO CAMINHAO(VIDE ITEM 04.021.0010)"},null,null,null,null,null,{"$f":"VLOOKUP(A254,'ORÇAMENTO ANALÍTICO'!A:I,5,0)","v":"M2XKM"},{"$f":"H262","v":4968}]
[null,null,"Local","Extensão","Altura","Desconto",null,"Total"]
[null,null,{"$f":"C233","v":"Fachada Frontal"},{"$f":"D233","v":12.8},{"$f":"E233","v":7.8},{"$f":"((1.2*0.7)*3)+((1.6*2.5)*2)","v":10.52},"="]
[null,null,{"$f":"C234","v":"Fachada Lateral"},{"$f":"D234","v":27.6},{"$f":"E234","v":8.7},{"$f":"(1.5*0.7)*3","v":3.15},"="]
[null,null,{"$f":"C235","v":"Fachada Lateral"},{"$f":"D235","v":27.6},{"$f":"E235","v":9},0,"=",{"$f":"TRUNC((D258*E258)-F258,2)","v":248.4}]
[null,null,{"$f":"C236","v":"Fachada fundos"},{"$f":"D236","v":12.8},{"$f":"E236","v":10.7},0,"="]
[null,null,null,null,null,"Total","=",{"$f":"SUM(H256:H259)","v":248.4}]
[null,null,null,"Área",null,"KM"]
[null,null,null,{"$f":"H260","v":248.4},"x",20,"=",{"$f":"TRUNC(D262*F262,2)","v":4968}]
[]
[{"$f":"B264&C264","v":"5.1004.021.0010-A"},"5.10",{"$f":"'ORÇAMENTO ANALÍTICO'!C53","v":"04.021.0010-A"},{"$f":"VLOOKUP(A264,'ORÇAMENTO ANALÍTICO'!A:I,4,0)","v":"CARGA E DESCARGA MANUAL DE ANDAIME TUBULAR,INCLUSIVE TEMPO DE ESPERA DO CAMINHAO,CONSIDERANDO-SE A AREA DE PROJECAO VERTICAL"},null,null,null,null,null,{"$f":"VLOOKUP(A264,'ORÇAMENTO ANALÍTICO'!A:I,5,0)","v":"M2"},{"$f":"SUM(H266:H269)","v":248.4}]
[null,null,"Local","Extensão","Altura","Desconto",null,"Total"]
[null,null,{"$f":"C256","v":"Fachada Frontal"},{"$f":"D256","v":12.8},{"$f":"E256","v":7.8},{"$f":"F256","v":10.52},"="]
[null,null,{"$f":"C257","v":"Fachada Lateral"},{"$f":"D257","v":27.6},{"$f":"E257","v":8.7},{"$f":"F257","v":3.15},"="]
[null,null,{"$f":"C258","v":"Fachada Lateral"},{"$f":"D258","v":27.6},{"$f":"E258","v":9},{"$f":"F258","v":0},"=",{"$f":"TRUNC((D268*E268)-F268,2)","v":248.4}]
[null,null,{"$f":"C259","v":"Fachada fundos"},{"$f":"D259","v":12.8},{"$f":"E259","v":10.7},{"$f":"F259","v":0},"="]
[]
[{"$f":"B271&C271","v":"5.1197062"},"5.11",{"$f":"'ORÇAMENTO ANALÍTICO'!C54","v":97062},{"$f":"VLOOKUP(A271,'ORÇAMENTO ANALÍTICO'!A:I,4,0)","v":"COLOCAÇÃO DE TELA EM ANDAIME FACHADEIRO. AF_11/2017"},null,null,null,null,null,{"$f":"VLOOKUP(A271,'ORÇAMENTO ANALÍTICO'!A:I,5,0)","v":"M2"},{"$f":"SUM(H273:H276)","v":248.4}]
[null,null,"Local","Extensão","Altura","Desconto",null,"Total"]
[null,null,{"$f":"C266","v":"Fachada Frontal"},{"$f":"D266","v":12.8},{"$f":"E266","v":7.8},{"$f":"F266","v":10.52},"="]
[null,null,{"$f":"C267","v":"Fachada Lateral"},{"$f":"D267","v":27.6},{"$f":"E267","v":8.7},{"$f":"F267","v":3.15},"="]
[null,null,{"$f":"C268","v":"Fachada Lateral"},{"$f":"D268","v":27.6},{"$f":"E268","v":9},{"$f":"F268","v":0},"=",{"$f":"TRUNC((D275*E275)-F275,2)","v":248.4}]
[null,null,{"$f":"C269","v":"Fachada fundos"},{"$f":"D269","v":12.8},{"$f":"E269","v":10.7},{"$f":"F269","v":0},"="]
[]
[null,{"$f":"'ORÇAMENTO ANALÍTICO'!B56","v":6},{"$f":"'ORÇAMENTO ANALÍTICO'!C56:H56","v":"FUNDAÇÕES E ESTRUTURAS"}]
[{"$f":"B279&C279","v":"6.111.016.0040-A"},"6.1",{"$f":"'ORÇAMENTO ANALÍTICO'!C57","v":"11.016.0040-A"},{"$f":"VLOOKUP(A279,'ORÇAMENTO ANALÍTICO'!A:I,4,0)","v":"ESTRUTURA METALICA EM ACO ESPECIAL,RESISTENTE A CORROSAO(ACO USI-SAC),PARA OBRAS PREDIAIS DE ATE 04 PAVIMENTOS,PILARES,VIGAS PRINCIPAIS E SECUNDARIAS,ESCADAS,PATAMARES E CHAPAS DAS BASES DA FUNDACAO,PINTURA PROTETORA,CONSIDERANDO FORNECIMENTO DE TODOS OS MATERIAIS E MONTAGEM,EXCLUSIVE A LAJE DE CONCRETO"},null,null,null,null,null,{"$f":"VLOOKUP(A279,'ORÇAMENTO ANALÍTICO'!A:I,5,0)","v":"M2"},0]
[null,null,null,"Local","Comprimento","Largura",null,"Total"]
[null,null,null,"Palco + Pláteia",16,12.34,"=",{"$f":"TRUNC(E281*F281,2)","v":197.44}]
[]
[null,"Obs: Reforço Estrutural estimado para sustentação da passarela técnica e do urdimento."]
[]
[{"$f":"B285&C285","v":"6.274141/2"},"6.2",{"$f":"'ORÇAMENTO ANALÍTICO'!C58","v":"74141/2"},{"$f":"VLOOKUP(A285,'ORÇAMENTO ANALÍTICO'!A:I,4,0)","v":"LAJE PRE-MOLD BETA 12 P/3,5KN/M2 VAO 4,1M INCL VIGOTAS TIJOLOS ARMADU-RA NEGATIVA CAPEAMENTO 3CM CONCRETO 15MPA ESCORAMENTO MATERIAIS E MAO DE OBRA."},null,null,null,null,null,{"$f":"VLOOKUP(A285,'ORÇAMENTO ANALÍTICO'!A:I,5,0)","v":"M2"},{"$f":"SUM(H287:H290)","v":26.73}]
[null,null,null,"Local","Comprimento","Largura",null,"Total"]
[null,null,null,"Coxia",4.4,1,"=",{"$f":"TRUNC(E287*F287,2)","v":4.4}]
[null,null,null,"Laje Técnica",5.5,1,"=",{"$f":"TRUNC(E288*F288,2)","v":5.5}]
[null,null,null,"Proscênio",8.35,1.01,"=",{"$f":"TRUNC(E289*F289,2)","v":8.43}]
[null,null,null,"Circulação",7,1.2,"=",{"$f":"TRUNC(E290*F290,2)","v":8.4}]
[]
[]
[{"$f":"B293&C293","v":"6.311.013.0075-A"},"6.3",{"$f":"'ORÇAMENTO ANALÍTICO'!C59","v":"11.013.0075-A"},{"$f":"VLOOKUP(A293,'ORÇAMENTO ANALÍTICO'!A:I,4,0)","v":"CONCRETO ARMADO,FCK=25MPA,INCLUINDO MATERIAIS PARA 1,00M3 DE CONCRETO(IMPORTADO DE USINA)ADENSADO E COLOCADO,14,00M2 DEAREA MOLDADA,FORMAS E ESCORAMENTO CONFORME ITENS 11.004.0022 E 11.004.0035,60KG DE ACO CA-50,INCLUSIVE MAO-DE-OBRA PARACORTE,DOBRAGEM,MONTAGEM E COLOCACAO NAS FORMAS"},null,null,null,null,null,{"$f":"VLOOKUP(A293,'ORÇAMENTO ANALÍTICO'!A:I,5,0)","v":"M3"},{"$f":"SUM(I295:I305)","v":6.98}]
[null,null,null,"Local","Altura","Largura","Espessura",null,"Total"]
[null,null,null,"Plataforma subsolo (parede)",5.8,1.8,0.2,"=",{"$f":"TRUNC(E295*F295*G295,2)","v":2.08}]
[null,null,null,"Local","Comprimento","Largura","Espessura",null,"Total"]
[null,null,null,"Plataforma subsolo (base)",2,1.8,0.3,"=",{"$f":"TRUNC(E297*F297*G297,2)","v":1.08}]
[null,"Obs: parede e base de concreto para sustentação da plataforma elevatória."]
[null,null,null,"Local","Altura","Largura","Espessura",null,"Total"]
[null,null,null,"Plataforma foyer (parede)",6,1.5,0.2,"=",{"$f":"TRUNC(E300*F300*G300,2)","v":1.8}]
[null,null,null,"Local","Comprimento","Largura","Espessura",null,"Total"]
[null,null,null,"Plataforma foyer (base)",2,1.5,0.3,"=",{"$f":"TRUNC(E302*F302*G302,2)","v":0.9}]
[null,"Obs: parede e base de concreto para sustentação da plataforma elevatória."]
[null,null,null,"Local","Comprimento","Altura","Espessura",null,"Total"]
[null,null,null,"Proscênio",{"$f":"1.2+6.2+1.2","v":8.6},0.875,0.15,"=",{"$f":"TRUNC(E305*F305*G305,2)","v":1.12}]
[]
[]
[{"$f":"B308&C308","v":"6.495969"},"6.4",{"$f":"'ORÇAMENTO ANALÍTICO'!C60","v":""},{"$f":"VLOOKUP(A308,'ORÇAMENTO ANALÍTICO'!A:I,4,0)","v":"(COMPOSIÇÃO REPRESENTATIVA) EXECUÇÃO DE ESCADA EM CONCRETO ARMADO, MOLDADA IN LOCO, FCK = 25 MPA. AF_02/2017"},null,null,null,null,null,{"$f":"VLOOKUP(A308,'ORÇAMENTO ANALÍTICO'!A:I,5,0)","v":"M3"},{"$f":"K310+J311+J312+J313","v":4.78}]
[null,null,null,"Local","Espelho + 10cm","Patamar","Largura","Quantidade (degraus)","Lados","Total"]
[null,"Valor total dividido por 2",null,"Escada do proscênio",{"$f":"0.22+0.1","v":0.32},0.42,2,5,2,"=",{"$f":"TRUNC(E310*F310*G310*H310*I310,2)/2","v":1.34}]
[null,"Valor total dividido por 2",null,"Escada acesso na lateral do teatro",{"$f":"0.18+0.1","v":0.28},0.3,2,9,"=",{"$f":"TRUNC(E311*F311*G311*H311,2)/2","v":0.755}]
[null,"Valor total dividido por 2",null,"Escada Foyer",{"$f":"0.18+0.1","v":0.28},0.28,2,20,"=",{"$f":"TRUNC(E312*F312*G312*H312,2)/2","v":1.565}]
[null,null,null,"Patamar Foyer",{"$f":"0.18+0.1","v":0.28},2,2,1,"=",{"$f":"TRUNC(E313*F313*G313*H313,2)","v":1.12}]
[]
[{"$f":"B315&C315","v":"6.593188"},"6.5",{"$f":"'ORÇAMENTO ANALÍTICO'!C61","v":""},{"$f":"VLOOKUP(A315,'ORÇAMENTO ANALÍTICO'!A:I,4,0)","v":"VERGA MOLDADA IN LOCO EM CONCRETO PARA PORTAS COM ATÉ 1,5 M DE VÃO. AF_03/2016"},null,null,null,null,null,{"$f":"VLOOKUP(A315,'ORÇAMENTO ANALÍTICO'!A:I,5,0)","v":"M"},{"$f":"SUM(H318:H324,H326:H328,H330:H334)","v":14.2}]
[null,null,null,"Local","Comprimento","Acrescimo",null,"Total"]
[null,"Subsolo"]
[null,null,null,"Copa",0.8,0.2,"=",{"$f":"TRUNC(E318+F318,2)","v":1}]
[null,null,null,"WC",0.6,0.2,"=",{"$f":"TRUNC(E319+F319,2)","v":0.8}]
[null,null,null,"Camarim 01",0.8,0.2,"=",{"$f":"TRUNC(E320+F320,2)","v":1}]
[null,null,null,"Deposito",0.8,0.2,"=",{"$f":"TRUNC(E321+F321,2)","v":1}]
[null,null,null,"Camarim reversivel",0.8,0.2,"=",{"$f":"TRUNC(E322+F322,2)","v":1}]
[null,null,null,"Camarim 02",0.8,0.2,"=",{"$f":"TRUNC(E323+F323,2)","v":1}]
[null,null,null,"Banh. PNE",0.8,0.2,"=",{"$f":"TRUNC(E324+F324,2)","v":1}]
[null,"Terréo"]
[null,null,null,"WC Fem.",0.7,0.2,"=",{"$f":"TRUNC(E326+F326,2)","v":0.9}]
[null,null,null,"WC Masc.",0.7,0.2,"=",{"$f":"TRUNC(E327+F327,2)","v":0.9}]
[null,null,null,"Banh. PNE",0.8,0.2,"=",{"$f":"TRUNC(E328+F328,2)","v":1}]
[null,"1º Pavimento"]
[null,null,null,"Sala de apoio",0.7,0.2,"=",{"$f":"TRUNC(E330+F330,2)","v":0.9}]
[null,null,null,"Sala de projeção",0.7,0.2,"=",{"$f":"TRUNC(E331+F331,2)","v":0.9}]
[null,null,null,"WC",0.7,0.2,"=",{"$f":"TRUNC(E332+F332,2)","v":0.9}]
[null,null,null,"WC PNE",0.8,0.2,"=",{"$f":"TRUNC(E333+F333,2)","v":1}]
[null,null,null,"ADM",0.7,0.2,"=",{"$f":"TRUNC(E334+F334,2)","v":0.9}]
[]
[{"$f":"B336&C336","v":"6.693187"},"6.6",{"$f":"'ORÇAMENTO ANALÍTICO'!C62","v":""},{"$f":"VLOOKUP(A336,'ORÇAMENTO ANALÍTICO'!A:I,4,0)","v":"VERGA MOLDADA IN LOCO EM CONCRETO PARA JANELAS COM MAIS DE 1,5 M DE VÃO. AF_03/2016"},null,null,null,null,null,{"$f":"VLOOKUP(A336,'ORÇAMENTO ANALÍTICO'!A:I,5,0)","v":"M"},{"$f":"H338","v":2.8}]
[null,null,null,"Local","Comprimento","Acrescimo",null,"Total"]
[null,null,null,"Sala de projeção",2.6,0.2,"=",{"$f":"TRUNC(E338+F338,2)","v":2.8}]
[]
[{"$f":"B340&C340","v":"6.793197"},"6.7",{"$f":"'ORÇAMENTO ANALÍTICO'!C63","v":""},{"$f":"VLOOKUP(A340,'ORÇAMENTO ANALÍTICO'!A:I,4,0)","v":"CONTRAVERGA MOLDADA IN LOCO EM CONCRETO PARA VÃOS DE MAIS DE 1,5 M DE COMPRIMENTO. AF_03/2016"},null,null,null,null,null,{"$f":"VLOOKUP(A340,'ORÇAMENTO ANALÍTICO'!A:I,5,0)","v":"M"},{"$f":"H342","v":2.8}]
[null,null,null,"Local","Comprimento","Acrescimo",null,"Total"]
[null,null,null,"Sala de projeção",2.6,0.2,"=",{"$f":"TRUNC(E342+F342,2)","v":2.8}]
[]
[]
[]
[]
[]
[null,{"$f":"'ORÇAMENTO ANALÍTICO'!B65","v":7},{"$f":"'ORÇAMENTO ANALÍTICO'!C65:H65","v":"ALVENARIAS E DIVISÓRIAS"}]
[{"$f":"B349&C349","v":"7.187490"},"7.1",{"$f":"'ORÇAMENTO ANALÍTICO'!C66","v":""},{"$f":"VLOOKUP(A349,'ORÇAMENTO ANALÍTICO'!A:I,4,0)","v":"ALVENARIA DE VEDAÇÃO DE BLOCOS CERÂMICOS FURADOS NA VERTICAL DE 9X19X39CM (ESPESSURA 9CM) DE PAREDES COM ÁREA LÍQUIDA MAIOR OU IGUAL A 6M² COM VÃOS E ARGAMASSA DE ASSENTAMENTO COM PREPARO MANUAL. AF_06/2014"},null,null,null,null,null,{"$f":"VLOOKUP(A349,'ORÇAMENTO ANALÍTICO'!A:I,5,0)","v":"M2"},{"$f":"SUM(H352:H358,H360:H364,H366:H370)","v":123.72}]
[null,"Subsolo"]
[null,null,"Local","Extensão",null,"Altura",null,"Total"]
[null,null,"Copa",1.05,"x",2.8,"=",{"$f":"TRUNC((D352*F352),2)","v":2.94}]
[null,null,"Copa",1.9,"x",1.2,"=",{"$f":"TRUNC((D353*F353),2)","v":2.28}]
[null,null,"Copa",0.6,"x",0.8,"=",{"$f":"TRUNC((D354*F354),2)","v":0.48}]
[null,null,"Prisma",1.9,"x",1.2,"=",{"$f":"TRUNC((D355*F355),2)","v":2.28}]
[null,null,"Prisma",0.6,"x",0.8,"=",{"$f":"TRUNC((D356*F356),2)","v":0.48}]
[null,null,"Deposito ",2.95,"x",2.8,"=",{"$f":"TRUNC((D357*F357),2)","v":8.26}]
[null,null,"Banheiro PNE",1.35,"x",2.8,"=",{"$f":"TRUNC((D358*F358),2)","v":3.78}]
[null,"Térreo"]
[null,null,"WC Fem.",1.1,"x",2.5,"=",{"$f":"TRUNC((D360*F360),2)","v":2.75}]
[null,null,"WC Fem.",5.2,"x",3.35,"=",{"$f":"TRUNC((D361*F361),2)","v":17.42}]
[null,null,"WC Masc.",2.6,"x",3.35,"=",{"$f":"TRUNC((D362*F362),2)","v":8.71}]
[null,null,"Banh. PNE",{"$f":"4.45+2","v":6.45},"x",3.35,"=",{"$f":"TRUNC((D363*F363),2)","v":21.6}]
[null,null,"Banh. PNE",1.1,"x",2.5,"=",{"$f":"TRUNC((D364*F364),2)","v":2.75}]
[null,"1º Pavimento"]
[null,null,"Sala projeção",{"$f":"1.8+0.2","v":2},"x",3.3,"=",{"$f":"TRUNC((D366*F366),2)","v":6.6}]
[null,null,"WC",1.8,"x",3.3,"=",{"$f":"TRUNC((D367*F367),2)","v":5.94}]
[null,null,"WC PNE",{"$f":"1.8+1","v":2.8},"x",3.3,"=",{"$f":"TRUNC((D368*F368),2)","v":9.24}]
[null,null,"Administração",2.35,"x",3.3,"=",{"$f":"TRUNC((D369*F369),2)","v":7.75}]
[null,null,"Escada",6.2,"x",3.3,"=",{"$f":"TRUNC((D370*F370),2)","v":20.46}]
[]
[{"$f":"B372&C372","v":"7.296360"},"7.2",{"$f":"'ORÇAMENTO ANALÍTICO'!C67","v":""},{"$f":"VLOOKUP(A372,'ORÇAMENTO ANALÍTICO'!A:I,4,0)","v":"PAREDE COM PLACAS DE GESSO ACARTONADO (DRYWALL), PARA USO INTERNO, COM DUAS FACES SIMPLES E ESTRUTURA METÁLICA COM GUIAS DUPLAS, SEM VÃOS. AF_06/2017_P"},null,null,null,null,null,{"$f":"VLOOKUP(A372,'ORÇAMENTO ANALÍTICO'!A:I,5,0)","v":"M2"},{"$f":"SUM(H374:H375)","v":31.86}]
[null,null,"Local","Extensão",null,"Altura",null,"Total"]
[null,null,"Bomboniere",{"$f":"4.4-0.8","v":3.6},"x",3.35,"=",{"$f":"TRUNC((D374*F374),2)","v":12.06}]
[null,null,"Acesso da passarela técnica",{"$f":"3*2","v":6},"x",3.3,"=",{"$f":"TRUNC((D375*F375),2)","v":19.8}]
[]
[{"$f":"B377&C377","v":"7.387448"},"7.3",{"$f":"'ORÇAMENTO ANALÍTICO'!C68","v":""},{"$f":"VLOOKUP(A377,'ORÇAMENTO ANALÍTICO'!A:I,4,0)","v":"ALVENARIA DE VEDAÇÃO DE BLOCOS VAZADOS DE CONCRETO DE 9X19X39CM (ESPESSURA 9CM) DE PAREDES COM ÁREA LÍQUIDA MENOR QUE 6M² SEM VÃOS E ARGAMASSA DE ASSENTAMENTO COM PREPARO MANUAL. AF_06/2014"},null,null,null,null,null,{"$f":"VLOOKUP(A377,'ORÇAMENTO ANALÍTICO'!A:I,5,0)","v":"M2"},{"$f":"SUM(H379:H382)","v":28.85}]
[null,null,"Local","Área",null,"Lados",null,"Total"]
[null,null,"Rampa do subsolo",0.33,"x",2,"=",{"$f":"TRUNC(D379*F379,2)","v":0.66}]
[null,null,"Rampa na lateral da plateia",5,"x",2,"=",{"$f":"TRUNC(D380*F380,2)","v":10}]
[null,null,"Rampa na lateral do teatro",17.77,"x",1,"=",{"$f":"TRUNC(D381*F381,2)","v":17.77}]
[null,null,"Rampa na frente do teatro",0.42,"x",1,"=",{"$f":"TRUNC(D382*F382,2)","v":0.42}]
[]
[{"$f":"B384&C384","v":"7.473774/1"},"7.4",{"$f":"'ORÇAMENTO ANALÍTICO'!C69","v":"73774/1"},{"$f":"VLOOKUP(A384,'ORÇAMENTO ANALÍTICO'!A:I,4,0)","v":"DIVISORIA EM MARMORITE ESPESSURA 35MM, CHUMBAMENTO NO PISO E PAREDE COM ARGAMASSA DE CIMENTO E AREIA, POLIMENTO MANUAL, EXCLUSIVE FERRAGENS"},null,null,null,null,null,{"$f":"VLOOKUP(A384,'ORÇAMENTO ANALÍTICO'!A:I,5,0)","v":"M2"},{"$f":"SUM(H387:H391)","v":13.72}]
[null,"Subsolo"]
[null,null,"Local","Comprimento",null,"Altura",null,"Total"]
[null,null,"WC",1.5,"x",0.07,"=",{"$f":"TRUNC(D387*F387,2)","v":0.1}]
[null,"Térreo"]
[null,null,"WC Fem.",{"$f":"(1.3*2)+1.22","v":3.82},"x",1.8,"=",{"$f":"TRUNC(D389*F389,2)","v":6.87}]
[null,null,"WC Masc.",{"$f":"(1.3*2)+0.35","v":2.95},"x",1.8,"=",{"$f":"TRUNC(D390*F390,2)","v":5.31}]
[null,null,"WC Masc.",{"$f":"0.6*2","v":1.2},"x",1.2,"=",{"$f":"TRUNC(D391*F391,2)","v":1.44}]
[]
[]
[null,{"$f":"'ORÇAMENTO ANALÍTICO'!B71","v":8},{"$f":"'ORÇAMENTO ANALÍTICO'!C71:H71","v":"REVESTIMENTOS"}]
[null,{"$f":"'ORÇAMENTO ANALÍTICO'!B72:I72","v":"PAREDE"}]
[{"$f":"B396&C396","v":"8.113.001.0026-A"},"8.1",{"$f":"'ORÇAMENTO ANALÍTICO'!C73","v":"13.001.0026-A"},{"$f":"VLOOKUP(A396,'ORÇAMENTO ANALÍTICO'!A:I,4,0)","v":"EMBOCO COM ARGAMASSA DE CIMENTO E AREIA,NO TRACO 1:3 COM 2CM DE ESPESSURA,INCLUSIVE CHAPISCO DE CIMENTO E AREIA,NO TRACO 1:3"},null,null,null,null,null,{"$f":"VLOOKUP(A396,'ORÇAMENTO ANALÍTICO'!A:I,5,0)","v":"M2"},{"$f":"SUM(H398:H408,H410:H422,H424:H430,G433:G445)","v":538.85}]
[null,"Subsolo"]
[null,null,"Local","Extensão","Altura","Desconto",null,"Total"]
[null,null,"Deposito ",{"$f":"14.28-7.14","v":7.14},2.8,0,"=",{"$f":"TRUNC((D399*E399)-F399,2)","v":19.99}]
[null,null,"Camarim reversivel",{"$f":"11.07-2.6","v":8.47},2.8,0,"=",{"$f":"TRUNC((D400*E400)-F400,2)","v":23.71}]
[null,null,"Camarim 1",{"$f":"13.62-6.8","v":6.82},2.8,{"$f":"(0.8*2.1)+(0.6*2.1)","v":2.94},"=",{"$f":"TRUNC((D401*E401)-F401,2)","v":16.15}]
[null,null,"Banheiro PNE",{"$f":"9.38+1.35-4.69","v":6.04},2.8,0,"=",{"$f":"TRUNC((D402*E402)-F402,2)","v":16.91}]
[null,null,"Hall",{"$f":"24.1-8.95","v":15.15},2.8,{"$f":"(0.8*2.1)*5","v":8.4},"=",{"$f":"TRUNC((D403*E403)-F403,2)","v":34.02}]
[null,null,"Camarim 2",{"$f":"12.57-3.35","v":9.22},2.8,0,"=",{"$f":"TRUNC((D404*E404)-F404,2)","v":25.81}]
[null,null,"Banheiro",7.26,2.8,0,"=",{"$f":"TRUNC((D405*E405)-F405,2)","v":20.32}]
[null,null,"Copa",7,2.8,0,"=",{"$f":"TRUNC((D406*E406)-F406,2)","v":19.6}]
[null,null,"Local","Área",null,"Lados",null,"Total"]
[null,null,"Rampa do subsolo",0.33,"x",2,"=",{"$f":"TRUNC(D408*F408,2)","v":0.66}]
[null,"Térreo"]
[null,null,"Local","Extensão","Altura","Desconto",null,"Total"]
[null,null,"Parede da plataforma elevatória",1.8,5.5,0,"=",{"$f":"TRUNC((D411*E411)-F411,2)","v":9.9}]
[null,null,"Parte frontal do palco",12.34,1.1,0,"=",{"$f":"TRUNC((D412*E412)-F412,2)","v":13.57}]
[null,null,"Local","Extensão","Altura","Lados",null,"Total"]
[null,null,"WC Fem.",1.1,2.5,2,"=",{"$f":"TRUNC(D414*E414*F414,2)","v":5.5}]
[null,null,"WC Fem.",5.2,3.35,2,"=",{"$f":"TRUNC(D415*E415*F415,2)","v":34.84}]
[null,null,"WC Masc.",2.6,3.35,2,"=",{"$f":"TRUNC(D416*E416*F416,2)","v":17.42}]
[null,null,"Banh. PNE",{"$f":"4.45+2","v":6.45},3.35,2,"=",{"$f":"TRUNC(D417*E417*F417,2)","v":43.21}]
[null,null,"Banh. PNE",1.1,2.5,2,"=",{"$f":"TRUNC(D418*E418*F418,2)","v":5.5}]
[null,null,"Local","Área",null,"Lados",null,"Total"]
[null,null,"Rampa na lateral da plateia",5,"x",2,"=",{"$f":"TRUNC(D420*F420,2)","v":10}]
[null,null,"Rampa na lateral do teatro",17.77,"x",1,"=",{"$f":"TRUNC(D421*F421,2)","v":17.77}]
[null,null,"Rampa na frente do teatro",0.42,"x",1,"=",{"$f":"TRUNC(D422*F422,2)","v":0.42}]
[null,"1º Pavimento"]
[null,null,"Local","Extensão","Altura","Desconto",null,"Total"]
[null,null,"Sala projeção",{"$f":"1.8+0.2","v":2},3.3,0,"=",{"$f":"TRUNC((D425*E425)-F425,2)","v":6.6}]
[null,null,"WC",{"$f":"1.8+1.8","v":3.6},3.3,0,"=",{"$f":"TRUNC((D426*E426)-F426,2)","v":11.88}]
[null,null,"WC PNE",{"$f":"1.8+1.8+1.8+1+1","v":7.4},3.3,{"$f":"(0.8*2.1)*2","v":3.36},"=",{"$f":"TRUNC((D427*E427)-F427,2)","v":21.06}]
[null,null,"Administração",{"$f":"2.35*2","v":4.7},3.3,{"$f":"(0.7*2.1)*2","v":2.94},"=",{"$f":"TRUNC((D428*E428)-F428,2)","v":12.57}]
[null,null,"Escada",{"$f":"6.2*2","v":12.4},3.3,0,"=",{"$f":"TRUNC((D429*E429)-F429,2)","v":40.92}]
[null,null,"Mureta",{"$f":"10.8*2","v":21.6},0.65,0,"=",{"$f":"TRUNC((D430*E430)-F430,2)","v":14.04}]
[null,"TETO"]
[null,null,null,"Local","Área",null,"Total"]
[null,null,null,"Deposito ",12.32,"=",{"$f":"TRUNC(E433,2)","v":12.32}]
[null,null,null,"Camarim reversivel",7.62,"=",{"$f":"TRUNC(E434,2)","v":7.62}]
[null,null,null,"Camarim 1",9.41,"=",{"$f":"TRUNC(E435,2)","v":9.41}]
[null,null,null,"Banheiro PNE",4.74,"=",{"$f":"TRUNC(E436,2)","v":4.74}]
[null,null,null,"Hall",20.02,"=",{"$f":"TRUNC(E437,2)","v":20.02}]
[null,null,null,"Camarim 2",9.8,"=",{"$f":"TRUNC(E438,2)","v":9.8}]
[null,null,null,"Banheiro",3.2,"=",{"$f":"TRUNC(E439,2)","v":3.2}]
[null,null,null,"Copa",2.57,"=",{"$f":"TRUNC(E440,2)","v":2.57}]
[null,null,null,"Laje da coxia",4.4,"=",{"$f":"TRUNC(E441,2)","v":4.4}]
[null,null,null,"Laje técnica",5.5,"=",{"$f":"TRUNC(E442,2)","v":5.5}]
[null,null,null,"Circulação",8.4,"=",{"$f":"TRUNC(E443,2)","v":8.4}]
[null,null,null,"Banh. PNE",5.5,"=",{"$f":"TRUNC(E444,2)","v":5.5}]
[null,null,null,"Bomboniere",3,"=",{"$f":"TRUNC(E445,2)","v":3}]
[]
[{"$f":"B447&C447","v":"8.287274"},"8.2",{"$f":"'ORÇAMENTO ANALÍTICO'!C74","v":87274},{"$f":"VLOOKUP(A447,'ORÇAMENTO ANALÍTICO'!A:I,4,0)","v":"REVESTIMENTO CERÂMICO PARA PAREDES INTERNAS COM PLACAS TIPO ESMALTADA EXTRA DE DIMENSÕES 33X45 CM APLICADAS EM AMBIENTES DE ÁREA MENOR QUE 5 M² A MEIA ALTURA DAS PAREDES. AF_06/2014"},null,null,null,null,null,{"$f":"VLOOKUP(A447,'ORÇAMENTO ANALÍTICO'!A:I,5,0)","v":"M2"},{"$f":"SUM(H450:H452,H454:H456,H458:H459)","v":199.47}]
[null,null,"Local","Extensão","Altura","Desconto",null,"Total"]
[null,"Subsolo"]
[null,null,"Banheiro",7.26,2.8,{"$f":"(0.6*2.1)","v":1.26},"=",{"$f":"TRUNC((D450*E450)-F450,2)","v":19.06}]
[null,null,"Banheiro PNE",9.4,2.8,{"$f":"(0.8*2.1)","v":1.68},"=",{"$f":"TRUNC((D451*E451)-F451,2)","v":24.64}]
[null,null,"Copa",7,2.8,{"$f":"(0.8*2.1)","v":1.68},"=",{"$f":"TRUNC((D452*E452)-F452,2)","v":17.92}]
[null,"Térreo"]
[null,null,"WC Fem.",10.37,3.35,{"$f":"(0.7*2.1)","v":1.47},"=",{"$f":"TRUNC((D454*E454)-F454,2)","v":33.26}]
[null,null,"WC Masc.",10.91,3.35,{"$f":"(0.7*2.1)","v":1.47},"=",{"$f":"TRUNC((D455*E455)-F455,2)","v":35.07}]
[null,null,"Banh. PNE",9.52,3.35,{"$f":"(0.8*2.1)","v":1.68},"=",{"$f":"TRUNC((D456*E456)-F456,2)","v":30.21}]
[null,"1º Pavimento"]
[null,null,"WC",6.14,3.35,{"$f":"(0.7*2.1)","v":1.47},"=",{"$f":"TRUNC((D458*E458)-F458,2)","v":19.09}]
[null,null,"WC PNE",6.54,3.35,{"$f":"(0.8*2.1)","v":1.68},"=",{"$f":"TRUNC((D459*E459)-F459,2)","v":20.22}]
[]
[null,{"$f":"'ORÇAMENTO ANALÍTICO'!B75:I75","v":"TETO"}]
[{"$f":"B462&C462","v":"8.313.196.0025-A"},"8.3",{"$f":"'ORÇAMENTO ANALÍTICO'!C76","v":"13.196.0025-A"},{"$f":"VLOOKUP(A462,'ORÇAMENTO ANALÍTICO'!A:I,4,0)","v":"FORRO REMOVIVEL COMPOSTO GESSO ACARTONADO,TIPO STANDARD,C/ADICAO DE LA MINERAL,A SER APLICADO SIST.DRYWALL,C/BORDA QUADRADA 625X625MM REVEST.VINIL,ESP.6,5;9,5 OU 12,5MM,ESTRUT.EM PERFIS TIPO TRAVESSA \"T\" ACO GALV.ALUMINIO OU LIGAS ALUMINIO,ESP.MINIMA 0,5M,C/PINTURA ELETROSTATICA OU CONVENCIONAL,SUSPENSA POR MEIO PENDURAIS,FIX.EM ESTRUT.SUPERIOR.FORN.E COLOC."},null,null,null,null,null,{"$f":"VLOOKUP(A462,'ORÇAMENTO ANALÍTICO'!A:I,5,0)","v":"M2"},{"$f":"SUM(G464:G476)","v":160.37}]
[null,null,null,"Local","Área",null,"Total"]
[null,null,null,"WC Fem.",6.64,"=",{"$f":"TRUNC(E464,2)","v":6.64}]
[null,null,null,"WC Masc.",7.4,"=",{"$f":"TRUNC(E465,2)","v":7.4}]
[null,null,null,"Entrada do wc fem e wc masc",3.7,"=",{"$f":"TRUNC(E466,2)","v":3.7}]
[null,null,null,"Banh. PNE",5.5,"=",{"$f":"TRUNC(E467,2)","v":5.5}]
[null,null,null,"Foyer + circulação + escada",72.25,"=",{"$f":"TRUNC(E468,2)","v":72.25}]
[null,null,null,"Mezanino",32.76,"=",{"$f":"TRUNC(E469,2)","v":32.76}]
[null,null,null,"Sala de apoio",4.45,"=",{"$f":"TRUNC(E470,2)","v":4.45}]
[null,null,null,"Sala de projeção",5.67,"=",{"$f":"TRUNC(E471,2)","v":5.67}]
[null,null,null,"WC",2.3,"=",{"$f":"TRUNC(E472,2)","v":2.3}]
[null,null,null,"WC PNE",2.65,"=",{"$f":"TRUNC(E473,2)","v":2.65}]
[null,null,null,"ADM + Circulação",{"$f":"3.53+2.82","v":6.35},"=",{"$f":"TRUNC(E474,2)","v":6.35}]
[null,null,null,"Varanda",5.2,"=",{"$f":"TRUNC(E475,2)","v":5.2}]
[null,null,null,"Laje ténica",5.5,"=",{"$f":"TRUNC(E476,2)","v":5.5}]
[]
[{"$f":"B478&C478","v":"8.496120"},"8.4",{"$f":"'ORÇAMENTO ANALÍTICO'!C77","v":""},{"$f":"VLOOKUP(A478,'ORÇAMENTO ANALÍTICO'!A:I,4,0)","v":"ACABAMENTOS PARA FORRO (MOLDURA DE GESSO). AF_05/2017"},null,null,null,null,null,{"$f":"VLOOKUP(A478,'ORÇAMENTO ANALÍTICO'!A:I,5,0)","v":"M"},{"$f":"SUM(G480:G492)","v":187.78}]
[null,null,null,"Local","Extensão",null,"Total"]
[null,null,null,"WC Fem.",10.37,"=",{"$f":"TRUNC(E480,2)","v":10.37}]
[null,null,null,"WC Masc.",10.9,"=",{"$f":"TRUNC(E481,2)","v":10.9}]
[null,null,null,"Entrada do wc fem e wc masc",7.22,"=",{"$f":"TRUNC(E482,2)","v":7.22}]
[null,null,null,"Banh. PNE",9.52,"=",{"$f":"TRUNC(E483,2)","v":9.52}]
[null,null,null,"Foyer + circulação + escada",{"$f":"43.12+(6.2*2)","v":55.52},"=",{"$f":"TRUNC(E484,2)","v":55.52}]
[null,null,null,"Mezanino",27.27,"=",{"$f":"TRUNC(E485,2)","v":27.27}]
[null,null,null,"Sala de apoio",8.56,"=",{"$f":"TRUNC(E486,2)","v":8.56}]
[null,null,null,"Sala de projeção",9.94,"=",{"$f":"TRUNC(E487,2)","v":9.94}]
[null,null,null,"WC",6.14,"=",{"$f":"TRUNC(E488,2)","v":6.14}]
[null,null,null,"WC PNE",6.54,"=",{"$f":"TRUNC(E489,2)","v":6.54}]
[null,null,null,"ADM + Circulação",{"$f":"7.7+5.9","v":13.6},"=",{"$f":"TRUNC(E490,2)","v":13.6}]
[null,null,null,"Varanda",9.2,"=",{"$f":"TRUNC(E491,2)","v":9.2}]
[null,null,null,"Laje ténica",{"$f":"5.5+5.5+2","v":13},"=",{"$f":"TRUNC(E492,2)","v":13}]
[]
[]
[]
[]
[null,{"$f":"'ORÇAMENTO ANALÍTICO'!B78:I78","v":"PISO"}]
[{"$f":"B498&C498","v":"8.594992"},"8.5",{"$f":"'ORÇAMENTO ANALÍTICO'!C79","v":""},{"$f":"VLOOKUP(A498,'ORÇAMENTO ANALÍTICO'!A:I,4,0)","v":"EXECUÇÃO DE PASSEIO (CALÇADA) OU PISO DE CONCRETO COM CONCRETO MOLDADO IN LOCO, FEITO EM OBRA, ACABAMENTO CONVENCIONAL, ESPESSURA 6 CM, ARMADO. AF_07/2016"},null,null,null,null,null,{"$f":"VLOOKUP(A498,'ORÇAMENTO ANALÍTICO'!A:I,5,0)","v":"M2"},{"$f":"SUM(G500:G504)","v":197.46}]
[null,null,null,"Local","Área",null,"Total"]
[null,null,null,"Platéia",{"$f":"129.75-8.43","v":121.32},"=",{"$f":"TRUNC(E500,2)","v":121.32}]
[null,null,null,"Rampa na lateral da platéia",{"$f":"11*2","v":22},"=",{"$f":"TRUNC(E501,2)","v":22}]
[null,null,null,"Rampa do subsolo",5.45,"=",{"$f":"TRUNC(E502,2)","v":5.45}]
[null,null,null,"Rampa da lateral do teatro",39.24,"=",{"$f":"TRUNC(E503,2)","v":39.24}]
[null,null,null,"Rampa na frente do teatro",9.45,"=",{"$f":"TRUNC(E504,2)","v":9.45}]
[]
[{"$f":"B506&C506","v":"8.692396"},"8.6",{"$f":"'ORÇAMENTO ANALÍTICO'!C80","v":""},{"$f":"VLOOKUP(A506,'ORÇAMENTO ANALÍTICO'!A:I,4,0)","v":"EXECUÇÃO DE PASSEIO EM PISO INTERTRAVADO, COM BLOCO RETANGULAR COR NATURAL DE 20 X 10 CM, ESPESSURA 6 CM. AF_12/2015"},null,null,null,null,null,{"$f":"VLOOKUP(A506,'ORÇAMENTO ANALÍTICO'!A:I,5,0)","v":"M2"},{"$f":"G508","v":86}]
[null,null,null,"Local","Área",null,"Total"]
[null,null,null,"Passeio em torno do teatro",86,"=",{"$f":"TRUNC(E508,2)","v":86}]
[null,null,"Obs: Conforme croqui em anexo."]
[{"$f":"B510&C510","v":"8.787373"},"8.7",{"$f":"'ORÇAMENTO ANALÍTICO'!C81","v":87373},{"$f":"VLOOKUP(A510,'ORÇAMENTO ANALÍTICO'!A:I,4,0)","v":"ARGAMASSA TRAÇO 1:4 (CIMENTO E AREIA MÉDIA) PARA CONTRAPISO, PREPARO MANUAL. AF_06/2014"},null,null,null,null,null,{"$f":"VLOOKUP(A510,'ORÇAMENTO ANALÍTICO'!A:I,5,0)","v":"M3"},{"$f":"SUM(H513:H550)","v":28.67}]
[null,"Subsolo"]
[null,null,null,"Local","Área","Espessura",null,"Total"]
[null,null,null,"Deposito ",12.32,0.05,"=",{"$f":"TRUNC(E513*F513,2)","v":0.61}]
[null,null,null,"Camarim reversivel",7.62,0.05,"=",{"$f":"TRUNC(E514*F514,2)","v":0.38}]
[null,null,null,"Camarim 1",9.41,0.05,"=",{"$f":"TRUNC(E515*F515,2)","v":0.47}]
[null,null,null,"Banheiro PNE",4.74,0.05,"=",{"$f":"TRUNC(E516*F516,2)","v":0.23}]
[null,null,null,"Hall",{"$f":"32.19-5.41","v":26.78},0.05,"=",{"$f":"TRUNC(E517*F517,2)","v":1.33}]
[null,null,null,"Camarim 2",9.83,0.05,"=",{"$f":"TRUNC(E518*F518,2)","v":0.49}]
[null,null,null,"Banheiro",3.2,0.05,"=",{"$f":"TRUNC(E519*F519,2)","v":0.16}]
[null,null,null,"Copa",2.57,0.05,"=",{"$f":"TRUNC(E520*F520,2)","v":0.12}]
[null,null,null,"Rampa do subsolo",5.45,0.05,"=",{"$f":"TRUNC(E521*F521,2)","v":0.27}]
[null,null,null,"Escada do subsolo",{"$f":"7.2*1.2","v":8.64},0.05,"=",{"$f":"TRUNC(E522*F522,2)","v":0.43}]
[null,"Térreo"]
[null,null,null,"Local","Área","Espessura",null,"Total"]
[null,null,null,"Coxia",4.4,0.05,"=",{"$f":"TRUNC(E525*F525,2)","v":0.22}]
[null,null,null,"Palco",82.58,0.05,"=",{"$f":"TRUNC(E526*F526,2)","v":4.12}]
[null,null,null,"Platéia",{"$f":"129.75-8.43+15.28","v":136.6},0.05,"=",{"$f":"TRUNC(E527*F527,2)","v":6.83}]
[null,null,null,"Rampa na lateral da platéia",{"$f":"11*2","v":22},0.05,"=",{"$f":"TRUNC(E528*F528,2)","v":1.1}]
[null,null,null,"Rampa da lateral do teatro",39.24,0.05,"=",{"$f":"TRUNC(E529*F529,2)","v":1.96}]
[null,null,null,"Rampa na frente do teatro",9.45,0.05,"=",{"$f":"TRUNC(E530*F530,2)","v":0.47}]
[null,null,null,"WC Fem.",6.65,0.05,"=",{"$f":"TRUNC(E531*F531,2)","v":0.33}]
[null,null,null,"WC Masc.",7.4,0.05,"=",{"$f":"TRUNC(E532*F532,2)","v":0.37}]
[null,null,null,"Entrada do wc fem e wc masc",3.7,0.05,"=",{"$f":"TRUNC(E533*F533,2)","v":0.18}]
[null,null,null,"Banh. PNE",5.5,0.05,"=",{"$f":"TRUNC(E534*F534,2)","v":0.27}]
[null,null,null,"Bomboniere",3,0.05,"=",{"$f":"TRUNC(E535*F535,2)","v":0.15}]
[null,null,null,"Foyer",44.93,0.05,"=",{"$f":"TRUNC(E536*F536,2)","v":2.24}]
[null,null,null,"Escada da lateral do teatro",{"$f":"4*2","v":8},0.05,"=",{"$f":"TRUNC(E537*F537,2)","v":0.4}]
[null,"1º Pavimento"]
[null,null,null,"Local","Área","Espessura",null,"Total"]
[null,null,null,"Mezanino",32.76,0.05,"=",{"$f":"TRUNC(E540*F540,2)","v":1.63}]
[null,null,null,"Sala de apoio",4.45,0.05,"=",{"$f":"TRUNC(E541*F541,2)","v":0.22}]
[null,null,null,"Sala de projeção",5.67,0.05,"=",{"$f":"TRUNC(E542*F542,2)","v":0.28}]
[null,null,null,"WC",2.3,0.05,"=",{"$f":"TRUNC(E543*F543,2)","v":0.11}]
[null,null,null,"WC PNE",2.65,0.05,"=",{"$f":"TRUNC(E544*F544,2)","v":0.13}]
[null,null,null,"Circulação",18.9,0.05,"=",{"$f":"TRUNC(E545*F545,2)","v":0.94}]
[null,null,null,"ADM + Circulação",{"$f":"3.53+2.82","v":6.35},0.05,"=",{"$f":"TRUNC(E546*F546,2)","v":0.31}]
[null,null,null,"Varanda",5.2,0.05,"=",{"$f":"TRUNC(E547*F547,2)","v":0.26}]
[null,null,null,"Varanda",5.2,0.05,"=",{"$f":"TRUNC(E548*F548,2)","v":0.26}]
[null,null,null,"Sacada",9.82,0.05,"=",{"$f":"TRUNC(E549*F549,2)","v":0.49}]
[null,null,null,"Escada",{"$f":"9.1*2","v":18.2},0.05,"=",{"$f":"TRUNC(E550*F550,2)","v":0.91}]
[]
[{"$f":"B552&C552","v":"8.887261"},"8.8",{"$f":"'ORÇAMENTO ANALÍTICO'!C82","v":""},{"$f":"VLOOKUP(A552,'ORÇAMENTO ANALÍTICO'!A:I,4,0)","v":"REVESTIMENTO CERÂMICO PARA PISO COM PLACAS TIPO PORCELANATO DE DIMENSÕES 60X60 CM APLICADA EM AMBIENTES DE ÁREA MENOR QUE 5 M². AF_06/2014"},null,null,null,null,null,{"$f":"VLOOKUP(A552,'ORÇAMENTO ANALÍTICO'!A:I,5,0)","v":"M2"},{"$f":"SUM(H555:H557,H560:H561,H564:H566)","v":26.61}]
[null,"Subsolo"]
[null,null,null,null,"Local","Área",null,"Total"]
[null,null,null,null,"Banheiro PNE",4.74,"=",{"$f":"TRUNC(F555,2)","v":4.74}]
[null,null,null,null,"Banheiro",3.2,"=",{"$f":"TRUNC(F556,2)","v":3.2}]
[null,null,null,null,"Copa",2.57,"=",{"$f":"TRUNC(F557,2)","v":2.57}]
[null,"Térreo"]
[null,null,null,null,"Local","Área",null,"Total"]
[null,null,null,null,"Entrada do wc fem e wc masc",3.7,"=",{"$f":"TRUNC(F560,2)","v":3.7}]
[null,null,null,null,"Bomboniere",3,"=",{"$f":"TRUNC(F561,2)","v":3}]
[null,"1º Pavimento"]
[null,null,null,null,"Local","Área",null,"Total"]
[null,null,null,null,"Sala de apoio",4.45,"=",{"$f":"TRUNC(F564,2)","v":4.45}]
[null,null,null,null,"WC",2.3,"=",{"$f":"TRUNC(F565,2)","v":2.3}]
[null,null,null,null,"WC PNE",2.65,"=",{"$f":"TRUNC(F566,2)","v":2.65}]
[]
[{"$f":"B568&C568","v":"8.987262"},"8.9",{"$f":"'ORÇAMENTO ANALÍTICO'!C83","v":""},{"$f":"VLOOKUP(A568,'ORÇAMENTO ANALÍTICO'!A:I,4,0)","v":"REVESTIMENTO CERÂMICO PARA PISO COM PLACAS TIPO PORCELANATO DE DIMENSÕES 60X60 CM APLICADA EM AMBIENTES DE ÁREA ENTRE 5 M² E 10 M². AF_06/2014"},null,null,null,null,null,{"$f":"VLOOKUP(A568,'ORÇAMENTO ANALÍTICO'!A:I,5,0)","v":"M2"},{"$f":"SUM(H570:H581)","v":83.72}]
[null,null,null,null,"Local","Área",null,"Total"]
[null,null,null,null,"Varanda",5.2,"=",{"$f":"TRUNC(F570,2)","v":5.2}]
[null,null,null,null,"Varanda",5.2,"=",{"$f":"TRUNC(F571,2)","v":5.2}]
[null,null,null,null,"Camarim reversivel",7.62,"=",{"$f":"TRUNC(F572,2)","v":7.62}]
[null,null,null,null,"Camarim 1",9.41,"=",{"$f":"TRUNC(F573,2)","v":9.41}]
[null,null,null,null,"Rampa do subsolo",5.45,"=",{"$f":"TRUNC(F574,2)","v":5.45}]
[null,null,null,null,"WC Fem.",6.65,"=",{"$f":"TRUNC(F575,2)","v":6.65}]
[null,null,null,null,"WC Masc.",7.4,"=",{"$f":"TRUNC(F576,2)","v":7.4}]
[null,null,null,null,"Banh. PNE",5.5,"=",{"$f":"TRUNC(F577,2)","v":5.5}]
[null,null,null,null,"Rampa na frente do teatro",9.45,"=",{"$f":"TRUNC(F578,2)","v":9.45}]
[null,null,null,null,"Sala de projeção",5.67,"=",{"$f":"TRUNC(F579,2)","v":5.67}]
[null,null,null,null,"ADM + Circulação",{"$f":"3.53+2.82","v":6.35},"=",{"$f":"TRUNC(F580,2)","v":6.35}]
[null,null,null,null,"Sacada",9.82,"=",{"$f":"TRUNC(F581,2)","v":9.82}]
[null,"Obs: Nos banheiros e nas rampas deverá ser utilizado porcelanato antiderrapante."]
[]
[{"$f":"B584&C584","v":"8.1087263"},"8.10",{"$f":"'ORÇAMENTO ANALÍTICO'!C84","v":""},{"$f":"VLOOKUP(A584,'ORÇAMENTO ANALÍTICO'!A:I,4,0)","v":"REVESTIMENTO CERÂMICO PARA PISO COM PLACAS TIPO PORCELANATO DE DIMENSÕES 60X60 CM APLICADA EM AMBIENTES DE ÁREA MAIOR QUE 10 M². AF_06/2014"},null,null,null,null,null,{"$f":"VLOOKUP(A584,'ORÇAMENTO ANALÍTICO'!A:I,5,0)","v":"M2"},{"$f":"SUM(H587:H589,H592:H593,H596:H596)","v":152}]
[null,"Subsolo"]
[null,null,null,null,"Local","Área",null,"Total"]
[null,null,null,null,"Deposito ",12.32,"=",{"$f":"TRUNC(F587,2)","v":12.32}]
[null,null,null,null,"Hall",{"$f":"32.19-5.41","v":26.78},"=",{"$f":"TRUNC(F588,2)","v":26.78}]
[null,null,null,null,"Camarim 2",9.83,"=",{"$f":"TRUNC(F589,2)","v":9.83}]
[null,"Térreo"]
[null,null,null,null,"Local","Área",null,"Total"]
[null,null,null,null,"Foyer",44.93,"=",{"$f":"TRUNC(F592,2)","v":44.93}]
[null,null,null,null,"Rampa da lateral do teatro",39.24,"=",{"$f":"TRUNC(F593,2)","v":39.24}]
[null,"1º Pavimento"]
[null,null,null,null,"Local","Área",null,"Total"]
[null,null,null,null,"Circulação",18.9,"=",{"$f":"TRUNC(F596,2)","v":18.9}]
[null,"Obs: Nos banheiros e nas rampas deverá ser utilizado porcelanato antiderrapante."]
[]
[{"$f":"B599&C599","v":"8.1113.331.0051-A"},"8.11",{"$f":"'ORÇAMENTO ANALÍTICO'!C85","v":"13.331.0051-A"},{"$f":"VLOOKUP(A599,'ORÇAMENTO ANALÍTICO'!A:I,4,0)","v":"RODAPE COM CERAMICA EM PORCELANATO NATURAL,COM 7,5 A 10CM DE ALTURA,ASSENTES CONFORME ITEM 13.025.0058"},null,null,null,null,null,{"$f":"VLOOKUP(A599,'ORÇAMENTO ANALÍTICO'!A:I,5,0)","v":"M"},{"$f":"SUM(H602:H606,H609:H611,H614:H620)","v":164.88}]
[null,"Subsolo"]
[null,null,null,"Local","Extensão","Desconto",null,"Total"]
[null,null,null,"Deposito ",14.28,0.8,"=",{"$f":"TRUNC(E602-F602,2)","v":13.48}]
[null,null,null,"Camarim reversivel",11.07,0.8,"=",{"$f":"TRUNC(E603-F603,2)","v":10.27}]
[null,null,null,"Camarim 1",13.62,{"$f":"0.8+0.6","v":1.4},"=",{"$f":"TRUNC(E604-F604,2)","v":12.22}]
[null,null,null,"Hall",24.1,{"$f":"(0.8*5)+1.5","v":5.5},"=",{"$f":"TRUNC(E605-F605,2)","v":18.6}]
[null,null,null,"Camarim 2",12.57,{"$f":"0.8*2","v":1.6},"=",{"$f":"TRUNC(E606-F606,2)","v":10.97}]
[null,"Térreo"]
[null,null,null,"Local","Extensão","Desconto",null,"Total"]
[null,null,null,"Entrada do wc fem e wc masc",7.24,{"$f":"0.8*2","v":1.6},"=",{"$f":"TRUNC(E609-F609,2)","v":5.64}]
[null,null,null,"Bomboniere",7,0.6,"=",{"$f":"TRUNC(E610-F610,2)","v":6.4}]
[null,null,null,"Foyer",27.28,{"$f":"(1.2*4)+2+0.8","v":7.6},"=",{"$f":"TRUNC(E611-F611,2)","v":19.68}]
[null,"1º Pavimento"]
[null,null,null,"Local","Extensão","Desconto",null,"Total"]
[null,null,null,"Sala de apoio",8.56,0.7,"=",{"$f":"TRUNC(E614-F614,2)","v":7.86}]
[null,null,null,"Sala de projeção",9.94,0,"=",{"$f":"TRUNC(E615-F615,2)","v":9.94}]
[null,null,null,"Circulação",20.23,6.1,"=",{"$f":"TRUNC(E616-F616,2)","v":14.13}]
[null,null,null,"ADM + Circulação",13.6,{"$f":"1.2+0.8+0.8","v":2.8},"=",{"$f":"TRUNC(E617-F617,2)","v":10.8}]
[null,null,null,"Varanda",9.2,{"$f":"0.7*2","v":1.4},"=",{"$f":"TRUNC(E618-F618,2)","v":7.8}]
[null,null,null,"Sacada",7.28,0.7,"=",{"$f":"TRUNC(E619-F619,2)","v":6.58}]
[null,null,null,"Sacada",14.11,{"$f":"1.2*3","v":3.6},"=",{"$f":"TRUNC(E620-F620,2)","v":10.51}]
[]
[{"$f":"B622&C622","v":"8.1298689"},"8.12",{"$f":"'ORÇAMENTO ANALÍTICO'!C86","v":98689},{"$f":"VLOOKUP(A622,'ORÇAMENTO ANALÍTICO'!A:I,4,0)","v":"SOLEIRA EM GRANITO, LARGURA 15 CM, ESPESSURA 2,0 CM. AF_06/2018"},null,null,null,null,null,{"$f":"VLOOKUP(A622,'ORÇAMENTO ANALÍTICO'!A:I,5,0)","v":"M"},{"$f":"SUM(H625:H632,H635:H639,H642:H649)","v":27.7}]
[null,"Subsolo"]
[null,null,null,null,"Local","Extensão",null,"Total"]
[null,null,null,null,"Deposito ",0.8,"=",{"$f":"TRUNC(F625,2)","v":0.8}]
[null,null,null,null,"Camarim reversivel",0.8,"=",{"$f":"TRUNC(F626,2)","v":0.8}]
[null,null,null,null,"Camarim 1",0.8,"=",{"$f":"TRUNC(F627,2)","v":0.8}]
[null,null,null,null,"Hall",1.5,"=",{"$f":"TRUNC(F628,2)","v":1.5}]
[null,null,null,null,"Camarim 2",0.8,"=",{"$f":"TRUNC(F629,2)","v":0.8}]
[null,null,null,null,"Banheiro PNE",0.8,"=",{"$f":"TRUNC(F630,2)","v":0.8}]
[null,null,null,null,"Banheiro",0.6,"=",{"$f":"TRUNC(F631,2)","v":0.6}]
[null,null,null,null,"Copa",0.8,"=",{"$f":"TRUNC(F632,2)","v":0.8}]
[null,"Térreo"]
[null,null,null,null,"Local","Extensão",null,"Total"]
[null,null,null,null,"Pláteia",{"$f":"1.5*2","v":3},"=",{"$f":"TRUNC(F635,2)","v":3}]
[null,null,null,null,"Wc Fem.",0.7,"=",{"$f":"TRUNC(F636,2)","v":0.7}]
[null,null,null,null,"Wc Masc.",0.7,"=",{"$f":"TRUNC(F637,2)","v":0.7}]
[null,null,null,null,"Foyer",{"$f":"(1.2*3)+2","v":5.6},"=",{"$f":"TRUNC(F638,2)","v":5.6}]
[null,null,null,null,"Banh. PNE",0.8,"=",{"$f":"TRUNC(F639,2)","v":0.8}]
[null,"1º Pavimento"]
[null,null,null,null,"Local","Extensão",null,"Total"]
[null,null,null,null,"Sala de apoio",0.7,"=",{"$f":"TRUNC(F642,2)","v":0.7}]
[null,null,null,null,"Sala de projeção",0.7,"=",{"$f":"TRUNC(F643,2)","v":0.7}]
[null,null,null,null,"WC",0.7,"=",{"$f":"TRUNC(F644,2)","v":0.7}]
[null,null,null,null,"WC PNE",0.8,"=",{"$f":"TRUNC(F645,2)","v":0.8}]
[null,null,null,null,"Acesso passarela técnica",{"$f":"0.7*2","v":1.4},"=",{"$f":"TRUNC(F646,2)","v":1.4}]
[null,null,null,null,"ADM",0.7,"=",{"$f":"TRUNC(F647,2)","v":0.7}]
[null,null,null,null,"Varanda",{"$f":"0.7*2","v":1.4},"=",{"$f":"TRUNC(F648,2)","v":1.4}]
[null,null,null,null,"Sacada",{"$f":"1.2*3","v":3.6},"=",{"$f":"TRUNC(F649,2)","v":3.6}]
[]
[{"$f":"B651&C651","v":"8.1398671"},"8.13",{"$f":"'ORÇAMENTO ANALÍTICO'!C87","v":98671},{"$f":"VLOOKUP(A651,'ORÇAMENTO ANALÍTICO'!A:I,4,0)","v":"PISO EM GRANITO APLICADO EM AMBIENTES INTERNOS. AF_06/2018"},null,null,null,null,null,{"$f":"VLOOKUP(A651,'ORÇAMENTO ANALÍTICO'!A:I,5,0)","v":"M2"},{"$f":"SUM(I654:I656,I659:I661,I663:I664)","v":40.03}]
[null,"Subsolo"]
[null,null,null,"Local","Comprimento","Largura","Quantidade",null,"Total"]
[null,null,"Escada do subsolo","Patamar",0.275,1.2,15,"=",{"$f":"TRUNC(E654*F654*G654,2)","v":4.95}]
[null,null,null,"10º Patamar",1.2,1.2,1,"=",{"$f":"TRUNC(E655*F655*G655,2)","v":1.44}]
[null,null,null,"Espelho",0.175,1.2,16,"=",{"$f":"TRUNC(E656*F656*G656,2)","v":3.36}]
[null,"Térreo"]
[null,null,"Escada do Foyer","Local","Comprimento","Largura","Quantidade",null,"Total"]
[null,null,null,"Patamar",0.28,2,19,"=",{"$f":"TRUNC(E659*F659*G659,2)","v":10.64}]
[null,null,null,"4º Patamar",2,2,1,"=",{"$f":"TRUNC(E660*F660*G660,2)","v":4}]
[null,null,null,"Espelho",0.175,2,20,"=",{"$f":"TRUNC(E661*F661*G661,2)","v":7}]
[null,null,"Escada da lateral do teatro","Local","Comprimento","Largura","Quantidade",null,"Total"]
[null,null,null,"Patamar",0.3,2,9,"=",{"$f":"TRUNC(E663*F663*G663,2)","v":5.4}]
[null,null,null,"Espelho",0.18,2,9,"=",{"$f":"TRUNC(E664*F664*G664,2)","v":3.24}]
[]
[null,{"$f":"'ORÇAMENTO ANALÍTICO'!B89","v":9},{"$f":"'ORÇAMENTO ANALÍTICO'!C89:H89","v":"ESQUADRIAS"}]
[{"$f":"B667&C667","v":"9.114.006.0423-A"},"9.1",{"$f":"'ORÇAMENTO ANALÍTICO'!C90","v":"14.006.0423-A"},{"$f":"VLOOKUP(A667,'ORÇAMENTO ANALÍTICO'!A:I,4,0)","v":"PORTA DE MADEIRA DE LEI MACICA COM ATE 5 ALMOFADAS,COM 3,5CM DE ESPESSURA,EXCLUSIVE FERRAGENS,MARCO E ALIZAR.FORNECIMENTO E COLOCACAO"},null,null,null,null,null,{"$f":"VLOOKUP(A667,'ORÇAMENTO ANALÍTICO'!A:I,5,0)","v":"M2"},{"$f":"SUM(I670:I677)","v":29.25}]
[null,"Subsolo"]
[null,null,null,"Local","Largura","Altura","Quantidade",null,"Total"]
[null,null,null,"Hall",1.5,2.5,1,"=",{"$f":"TRUNC(E670*F670*G670,2)","v":3.75}]
[null,"Térreo"]
[null,null,null,"Local","Largura","Altura","Quantidade",null,"Total"]
[null,null,null,"Lateral do teatro",1.5,2.5,2,"=",{"$f":"TRUNC(E673*F673*G673,2)","v":7.5}]
[null,null,null,"Foyer",1.2,2.5,3,"=",{"$f":"TRUNC(E674*F674*G674,2)","v":9}]
[null,"1º Pavimento"]
[null,null,null,"Local","Largura","Altura","Quantidade",null,"Total"]
[null,null,null,"Sacada",1.2,2.5,3,"=",{"$f":"TRUNC(E677*F677*G677,2)","v":9}]
[]
[{"$f":"B679&C679","v":"9.214.007.0025-A"},"9.2",{"$f":"'ORÇAMENTO ANALÍTICO'!C91","v":"14.007.0025-A"},{"$f":"VLOOKUP(A679,'ORÇAMENTO ANALÍTICO'!A:I,4,0)","v":"FERRAGENS P/PORTA MADEIRA,DE 2 FOLHAS DE ABRIR,DE ENTRADA PRINCIPAL,CONSTANDO DE FORN.S/COLOC.DE:-FECHADURA CILINDRO,DELATAO,MONOBLOCO,ACABAMENTO CROMADO,;-ENTRADA CIRCULAR,LATAO,ACABAMENTO CROMADO;-ROSETA CIRCULAR,LATAO,ACAB.CROMADO;-MACANETA TIPO ALAVANCA,LATAO,ACABAMENTO CROMADO;-6 DOBRADICAS 3\"X3\" LATAO CROMADO,C/PINOS,BOLAS E ANEIS DE LATAO E 2 FECHOS"},null,null,null,null,null,{"$f":"VLOOKUP(A679,'ORÇAMENTO ANALÍTICO'!A:I,5,0)","v":"UN"},{"$f":"SUM(H682:H689)","v":9}]
[null,"Subsolo"]
[null,null,null,"Local",null,"Quantidade",null,"Total"]
[null,null,null,"Hall",null,1,"=",{"$f":"F682","v":1}]
[null,"Térreo"]
[null,null,null,"Local",null,"Quantidade",null,"Total"]
[null,null,null,"Lateral do teatro",null,2,"=",{"$f":"F685","v":2}]
[null,null,null,"Foyer",null,3,"=",{"$f":"F686","v":3}]
[null,"1º Pavimento"]
[null,null,null,"Local",null,"Quantidade",null,"Total"]
[null,null,null,"Sacada",null,3,"=",{"$f":"F689","v":3}]
[]
[{"$f":"B691&C691","v":"9.390841"},"9.3",{"$f":"'ORÇAMENTO ANALÍTICO'!C92","v":90841},{"$f":"VLOOKUP(A691,'ORÇAMENTO ANALÍTICO'!A:I,4,0)","v":"KIT DE PORTA DE MADEIRA PARA PINTURA, SEMI-OCA (LEVE OU MÉDIA), PADRÃO MÉDIO, 60X210CM, ESPESSURA DE 3,5CM, ITENS INCLUSOS: DOBRADIÇAS, MONTAGEM E INSTALAÇÃO DO BATENTE, FECHADURA COM EXECUÇÃO DO FURO - FORNECIMENTO E INSTALAÇÃO. AF_08/2015"},null,null,null,null,null,{"$f":"VLOOKUP(A691,'ORÇAMENTO ANALÍTICO'!A:I,5,0)","v":"UN"},{"$f":"SUM(H694:H694)","v":1}]
[null,"Subsolo"]
[null,null,null,"Local",null,"Quantidade",null,"Total"]
[null,null,null,"WC",null,1,"=",{"$f":"TRUNC(F694,2)","v":1}]
[]
[{"$f":"B696&C696","v":"9.490842"},"9.4",{"$f":"'ORÇAMENTO ANALÍTICO'!C93","v":90842},{"$f":"VLOOKUP(A696,'ORÇAMENTO ANALÍTICO'!A:I,4,0)","v":"KIT DE PORTA DE MADEIRA PARA PINTURA, SEMI-OCA (LEVE OU MÉDIA), PADRÃO MÉDIO, 70X210CM, ESPESSURA DE 3,5CM, ITENS INCLUSOS: DOBRADIÇAS, MONTAGEM E INSTALAÇÃO DO BATENTE, FECHADURA COM EXECUÇÃO DO FURO - FORNECIMENTO E INSTALAÇÃO. AF_08/2015"},null,null,null,null,null,{"$f":"VLOOKUP(A696,'ORÇAMENTO ANALÍTICO'!A:I,5,0)","v":"UN"},{"$f":"SUM(H699:H706)","v":9}]
[null,"Térreo"]
[null,null,null,"Local",null,"Quantidade",null,"Total"]
[null,null,null,"WC Fem.",null,1,"=",{"$f":"TRUNC(F699,2)","v":1}]
[null,null,null,"WC Masc.",null,1,"=",{"$f":"TRUNC(F700,2)","v":1}]
[null,"1º Pavimento"]
[null,null,null,"Local",null,"Quantidade",null,"Total"]
[null,null,null,"Acesso passarela técnica",null,2,"=",{"$f":"TRUNC(F703,2)","v":2}]
[null,null,null,"WC",null,1,"=",{"$f":"TRUNC(F704,2)","v":1}]
[null,null,null,"Administração",null,1,"=",{"$f":"TRUNC(F705,2)","v":1}]
[null,null,null,"Varanda",null,3,"=",{"$f":"TRUNC(F706,2)","v":3}]
[]
[{"$f":"B708&C708","v":"9.590843"},"9.5",{"$f":"'ORÇAMENTO ANALÍTICO'!C94","v":90843},{"$f":"VLOOKUP(A708,'ORÇAMENTO ANALÍTICO'!A:I,4,0)","v":"KIT DE PORTA DE MADEIRA PARA PINTURA, SEMI-OCA (LEVE OU MÉDIA), PADRÃO MÉDIO, 80X210CM, ESPESSURA DE 3,5CM, ITENS INCLUSOS: DOBRADIÇAS, MONTAGEM E INSTALAÇÃO DO BATENTE, FECHADURA COM EXECUÇÃO DO FURO - FORNECIMENTO E INSTALAÇÃO. AF_08/2015"},null,null,null,null,null,{"$f":"VLOOKUP(A708,'ORÇAMENTO ANALÍTICO'!A:I,5,0)","v":"UN"},{"$f":"SUM(H711:H722)","v":8}]
[null,"Subsolo"]
[null,null,null,"Local",null,"Quantidade",null,"Total"]
[null,null,null,"Deposito",null,1,"=",{"$f":"TRUNC(F711,2)","v":1}]
[null,null,null,"Camarim reversivel",null,1,"=",{"$f":"TRUNC(F712,2)","v":1}]
[null,null,null,"Camarim 02",null,1,"=",{"$f":"TRUNC(F713,2)","v":1}]
[null,null,null,"Camarim 01",null,1,"=",{"$f":"TRUNC(F714,2)","v":1}]
[null,null,null,"Banh. PNE",null,1,"=",{"$f":"TRUNC(F715,2)","v":1}]
[null,null,null,"Copa",null,1,"=",{"$f":"TRUNC(F716,2)","v":1}]
[null,"Térreo"]
[null,null,null,"Local",null,"Quantidade",null,"Total"]
[null,null,null,"Banh. PNE",null,1,"=",{"$f":"TRUNC(F719,2)","v":1}]
[null,"1º Pavimento"]
[null,null,null,"Local",null,"Quantidade",null,"Total"]
[null,null,null,"WC PNE",null,1,"=",{"$f":"TRUNC(F722,2)","v":1}]
[]
[{"$f":"B724&C724","v":"9.614.006.0220-A"},"9.6",{"$f":"'ORÇAMENTO ANALÍTICO'!C95","v":"14.006.0220-A"},{"$f":"VLOOKUP(A724,'ORÇAMENTO ANALÍTICO'!A:I,4,0)","v":"PORTA DE MADEIRA DE LEI DE CORRER EM COMPENSADO DE 80X210X3CM,PENDURADA EM ROLDANAS,CORRENDO DENTRO DE TRILHO OCO,GUIADAOIR CANALETA EMBUTIDA NO PISO COM MARCO DE 7X3CM,EXCLUSIVE FERRAGENS.FORNECIMENTO E COLOCACAO"},null,null,null,null,null,{"$f":"VLOOKUP(A724,'ORÇAMENTO ANALÍTICO'!A:I,5,0)","v":"UN"},{"$f":"SUM(H725:H727)","v":1}]
[null,"1º Pavimento"]
[null,null,null,"Local",null,"Quantidade",null,"Total"]
[null,null,null,"Sala de projeção",null,1,"=",{"$f":"TRUNC(F727,2)","v":1}]
[]
[{"$f":"B729&C729","v":"9.714.007.0090-A"},"9.7",{"$f":"'ORÇAMENTO ANALÍTICO'!C96","v":"14.007.0090-A"},{"$f":"VLOOKUP(A729,'ORÇAMENTO ANALÍTICO'!A:I,4,0)","v":"FERRAGENS P/PORTAS DE MADEIRA,DE CORRER,DE 1 FOLHA,CONSTANDO DE FORN.S/COLOC.DE:-FECHADURA C/CHAVE BI-PART.,LATAO, ACABAMENTO CROMADO;-2,00M DE TRILHO EM \"U\",DE FERRO;-2 ROLDANAS DE FERRO;-2 GUIAS DE LATAO,TAMANHO 3/4\",SEM CANTONEIRA;-2,00M CANALETA DE ALUMINIO,TAMANHO 2,00MX3/4\",2 CONCHAS COM FUROPARA CHAVE, LATAO CROMADO"},null,null,null,null,null,{"$f":"VLOOKUP(A729,'ORÇAMENTO ANALÍTICO'!A:I,5,0)","v":"UN"},{"$f":"SUM(H730:H732)","v":1}]
[null,"1º Pavimento"]
[null,null,null,"Local",null,"Quantidade",null,"Total"]
[null,null,null,"Sala de projeção",null,1,"=",{"$f":"TRUNC(F732,2)","v":1}]
[]
[{"$f":"B734&C734","v":"9.891341"},"9.8",{"$f":"'ORÇAMENTO ANALÍTICO'!C97","v":91341},{"$f":"VLOOKUP(A734,'ORÇAMENTO ANALÍTICO'!A:I,4,0)","v":"PORTA EM ALUMÍNIO DE ABRIR TIPO VENEZIANA COM GUARNIÇÃO, FIXAÇÃO COM PARAFUSOS - FORNECIMENTO E INSTALAÇÃO. AF_08/2015"},null,null,null,null,null,{"$f":"VLOOKUP(A734,'ORÇAMENTO ANALÍTICO'!A:I,5,0)","v":"M2"},{"$f":"I736+I737","v":2.34}]
[null,null,null,"Local","Largura","Altura","Quantidade",null,"Total"]
[null,null,null,"Laje técnica",0.8,1.8,1,"=",{"$f":"TRUNC(E736*F736*G736,2)","v":1.44}]
[null,null,null,"Bomboniere",0.6,1.5,1,"=",{"$f":"TRUNC(E737*F737*G737,2)","v":0.9}]
[]
[{"$f":"B739&C739","v":"9.984844"},"9.9",{"$f":"'ORÇAMENTO ANALÍTICO'!C98","v":""},{"$f":"VLOOKUP(A739,'ORÇAMENTO ANALÍTICO'!A:I,4,0)","v":"JANELA DE MADEIRA TIPO GUILHOTINA, DE ABRIR , INCLUSAS GUARNICOES SEM FERRAGENS"},null,null,null,null,null,{"$f":"VLOOKUP(A739,'ORÇAMENTO ANALÍTICO'!A:I,5,0)","v":"M2"},{"$f":"I742","v":3.84}]
[null,"Térreo"]
[null,null,null,"Local","Largura","Altura","Quantidade",null,"Total"]
[null,null,null,"Foyer",1.2,1.6,2,"=",{"$f":"TRUNC(E742*F742*G742,2)","v":3.84}]
[]
[{"$f":"B744&C744","v":"9.1085010"},"9.10",{"$f":"'ORÇAMENTO ANALÍTICO'!C99","v":""},{"$f":"VLOOKUP(A744,'ORÇAMENTO ANALÍTICO'!A:I,4,0)","v":"CAIXILHO FIXO, DE ALUMINIO, PARA VIDRO"},null,null,null,null,null,{"$f":"VLOOKUP(A744,'ORÇAMENTO ANALÍTICO'!A:I,5,0)","v":"M2"},{"$f":"I747","v":3.12}]
[null,"Térreo"]
[null,null,null,"Local","Largura","Altura","Quantidade",null,"Total"]
[null,null,null,"Sala de projeção",2.6,1.2,1,"=",{"$f":"TRUNC(E747*F747*G747,2)","v":3.12}]
[]
[{"$f":"B749&C749","v":"9.1172120"},"9.11",{"$f":"'ORÇAMENTO ANALÍTICO'!C100","v":""},{"$f":"VLOOKUP(A749,'ORÇAMENTO ANALÍTICO'!A:I,4,0)","v":"VIDRO TEMPERADO INCOLOR, ESPESSURA 10MM, FORNECIMENTO E INSTALACAO, INCLUSIVE MASSA PARA VEDACAO"},null,null,null,null,null,{"$f":"VLOOKUP(A749,'ORÇAMENTO ANALÍTICO'!A:I,5,0)","v":"M2"},{"$f":"I752","v":3.12}]
[null,"Térreo"]
[null,null,null,"Local","Largura","Altura","Quantidade",null,"Total"]
[null,null,null,"Sala de projeção",2.6,1.2,1,"=",{"$f":"TRUNC(E752*F752*G752,2)","v":3.12}]
[]
[{"$f":"B754&C754","v":"9.1214.002.0205-A"},"9.12",{"$f":"'ORÇAMENTO ANALÍTICO'!C101","v":"14.002.0205-A"},{"$f":"VLOOKUP(A754,'ORÇAMENTO ANALÍTICO'!A:I,4,0)","v":"GUARDA-CORPO DE FERRO EM LANCES DE 3,00 A 4,00M E 1,00M DE ALTURA,COM 4 MONTANTES DE BARRAS DE 2\"X3/4\",CHUMBADOS NO CONCRETO,CORRIMAO EM 2 BARRAS SOBREPOSTAS DE 3\"X1/2\" E 2\"X3/8\",DUAS TRAVESSAS HORIZONTAIS EM BARRAS DE 1.1/4\"X3/8\",SOLDADASNOS MONTANTES,UMA DISTANTE 0,34M DO PISO E A OUTRA A 0,33M DESTA E DO CORRIMAO.FORNECIMENTO E COLOCACAO"},null,null,null,null,null,{"$f":"VLOOKUP(A754,'ORÇAMENTO ANALÍTICO'!A:I,5,0)","v":"M"},{"$f":"H757+H758+H761","v":35.2}]
[null,"Térreo"]
[null,null,null,"Local",null,"Extensão",null,"Total"]
[null,null,null,"Vão da escada no palco",null,5,"=",{"$f":"TRUNC(F757,2)","v":5}]
[null,null,null,"Rampa e escada da lateral do teatro",null,23,"=",{"$f":"TRUNC(F758,2)","v":23}]
[null,"1º Pavimento"]
[null,null,null,"Local",null,"Extensão",null,"Total"]
[null,null,null,"Circulação",null,7.2,"=",{"$f":"TRUNC(F761,2)","v":7.2}]
[]
[{"$f":"B763&C763","v":"9.1374072/2"},"9.13",{"$f":"'ORÇAMENTO ANALÍTICO'!C102","v":"74072/2"},{"$f":"VLOOKUP(A763,'ORÇAMENTO ANALÍTICO'!A:I,4,0)","v":"CORRIMAO EM TUBO ACO GALVANIZADO 2 1/2\" COM BRACADEIRA"},null,null,null,null,null,{"$f":"VLOOKUP(A763,'ORÇAMENTO ANALÍTICO'!A:I,5,0)","v":"M"},{"$f":"H766+H767+H770","v":13.7}]
[null,"Subsolo"]
[null,null,null,"Local",null,"Extensão",null,"Total"]
[null,null,null,"Rampa",null,3.4,"=",{"$f":"TRUNC(F766,2)","v":3.4}]
[null,null,null,"Escada",null,4,"=",{"$f":"TRUNC(F767,2)","v":4}]
[null,"Térreo"]
[null,null,null,"Local",null,"Extensão",null,"Total"]
[null,null,null,"Rampa na frente do teatro",null,6.3,"=",{"$f":"TRUNC(F770,2)","v":6.3}]
[]
[null,{"$f":"'ORÇAMENTO ANALÍTICO'!B104","v":10},{"$f":"'ORÇAMENTO ANALÍTICO'!C104:H104","v":"INSTALAÇÕES"}]
[null,{"$f":"'ORÇAMENTO ANALÍTICO'!B105:I105","v":" SANITÁRIAS"}]
[{"$f":"B774&C774","v":"10.115.002.0580-A"},"10.1",{"$f":"'ORÇAMENTO ANALÍTICO'!C106","v":"15.002.0580-A"},{"$f":"VLOOKUP(A774,'ORÇAMENTO ANALÍTICO'!A:I,4,0)","v":"FOSSA SEPTICA CILINDRICA,TIPO CAMARA IMHOFF,DE CONCRETO PRE-MOLDADO,MEDINDO 2000X2000MM.FORNECIMENTO E COLOCACAO"},null,null,null,null,null,{"$f":"VLOOKUP(A774,'ORÇAMENTO ANALÍTICO'!A:I,5,0)","v":"UN"},1]
[]
[{"$f":"B776&C776","v":"10.215.002.0663-A"},"10.2",{"$f":"'ORÇAMENTO ANALÍTICO'!C107","v":"15.002.0663-A"},{"$f":"VLOOKUP(A776,'ORÇAMENTO ANALÍTICO'!A:I,4,0)","v":"FILTRO ANAEROBIO,DE ANEIS DE CONCRETO PRE-MOLDADO,MEDINDO 1500X2000MM.FORNECIMENTO E COLOCACAO"},null,null,null,null,null,{"$f":"VLOOKUP(A776,'ORÇAMENTO ANALÍTICO'!A:I,5,0)","v":"UN"},1]
[]
[{"$f":"B778&C778","v":"10.374166/1"},"10.3",{"$f":"'ORÇAMENTO ANALÍTICO'!C108","v":"74166/1"},{"$f":"VLOOKUP(A778,'ORÇAMENTO ANALÍTICO'!A:I,4,0)","v":"CAIXA DE INSPEÇÃO EM CONCRETO PRÉ-MOLDADO DN 60CM COM TAMPA H= 60CM - FORNECIMENTO E INSTALACAO"},null,null,null,null,null,{"$f":"VLOOKUP(A778,'ORÇAMENTO ANALÍTICO'!A:I,5,0)","v":"UN"},3]
[]
[{"$f":"B780&C780","v":"10.483446"},"10.4",{"$f":"'ORÇAMENTO ANALÍTICO'!C109","v":""},{"$f":"VLOOKUP(A780,'ORÇAMENTO ANALÍTICO'!A:I,4,0)","v":"CAIXA DE PASSAGEM 30X30X40 COM TAMPA E DRENO BRITA"},null,null,null,null,null,{"$f":"VLOOKUP(A780,'ORÇAMENTO ANALÍTICO'!A:I,5,0)","v":"UN"},2]
[]
[{"$f":"B782&C782","v":"10.515.002.0062-A"},"10.5",{"$f":"'ORÇAMENTO ANALÍTICO'!C110","v":"15.002.0062-A"},{"$f":"VLOOKUP(A782,'ORÇAMENTO ANALÍTICO'!A:I,4,0)","v":"CAIXA DE GORDURA SIMPLES CILINDRICA,PRE-FABRICADA EM ANEIS DE CONCRETO,COM DIAMETRO DE 40CM E PROFUNDIDADE TOTAL DE 60CM,INCLUSIVE TAMPA DE CONCRETO.FORNECIMENTO E COLOCACAO"},null,null,null,null,null,{"$f":"VLOOKUP(A782,'ORÇAMENTO ANALÍTICO'!A:I,5,0)","v":"UN"},1]
[]
[{"$f":"B784&C784","v":"10.689709"},"10.6",{"$f":"'ORÇAMENTO ANALÍTICO'!C111","v":""},{"$f":"VLOOKUP(A784,'ORÇAMENTO ANALÍTICO'!A:I,4,0)","v":"RALO SIFONADO, PVC, DN 100 X 40 MM, JUNTA SOLDÁVEL, FORNECIDO E INSTALADO EM RAMAL DE DESCARGA OU EM RAMAL DE ESGOTO SANITÁRIO. AF_12/2014"},null,null,null,null,null,{"$f":"VLOOKUP(A784,'ORÇAMENTO ANALÍTICO'!A:I,5,0)","v":"UN"},8]
[]
[{"$f":"B786&C786","v":"10.789710"},"10.7",{"$f":"'ORÇAMENTO ANALÍTICO'!C112","v":89710},{"$f":"VLOOKUP(A786,'ORÇAMENTO ANALÍTICO'!A:I,4,0)","v":"RALO SECO, PVC, DN 100 X 40 MM, JUNTA SOLDÁVEL, FORNECIDO E INSTALADO EM RAMAL DE DESCARGA OU EM RAMAL DE ESGOTO SANITÁRIO. AF_12/2014"},null,null,null,null,null,{"$f":"VLOOKUP(A786,'ORÇAMENTO ANALÍTICO'!A:I,5,0)","v":"UN"},1]
[]
[{"$f":"B788&C788","v":"10.891792"},"10.8",{"$f":"'ORÇAMENTO ANALÍTICO'!C113","v":""},{"$f":"VLOOKUP(A788,'ORÇAMENTO ANALÍTICO'!A:I,4,0)","v":"(COMPOSIÇÃO REPRESENTATIVA) DO SERVIÇO DE INSTALAÇÃO DE TUBO DE PVC, SÉRIE NORMAL, ESGOTO PREDIAL, DN 40 MM (INSTALADO EM RAMAL DE DESCARGA OU RAMAL DE ESGOTO SANITÁRIO), INCLUSIVE CONEXÕES, CORTES E FIXAÇÕES, PARA PRÉDIOS. AF_10/2015"},null,null,null,null,null,{"$f":"VLOOKUP(A788,'ORÇAMENTO ANALÍTICO'!A:I,5,0)","v":"M"},7.6]
[]
[{"$f":"B790&C790","v":"10.991793"},"10.9",{"$f":"'ORÇAMENTO ANALÍTICO'!C114","v":91793},{"$f":"VLOOKUP(A790,'ORÇAMENTO ANALÍTICO'!A:I,4,0)","v":"(COMPOSIÇÃO REPRESENTATIVA) DO SERVIÇO DE INSTALAÇÃO DE TUBO DE PVC, SÉRIE NORMAL, ESGOTO PREDIAL, DN 50 MM (INSTALADO EM RAMAL DE DESCARGA OU RAMAL DE ESGOTO SANITÁRIO), INCLUSIVE CONEXÕES, CORTES E FIXAÇÕES PARA, PRÉDIOS. AF_10/2015"},null,null,null,null,null,{"$f":"VLOOKUP(A790,'ORÇAMENTO ANALÍTICO'!A:I,5,0)","v":"M"},19.6]
[]
[{"$f":"B792&C792","v":"10.1091794"},"10.10",{"$f":"'ORÇAMENTO ANALÍTICO'!C115","v":""},{"$f":"VLOOKUP(A792,'ORÇAMENTO ANALÍTICO'!A:I,4,0)","v":"(COMPOSIÇÃO REPRESENTATIVA) DO SERVIÇO DE INST. TUBO PVC, SÉRIE N, ESGOTO PREDIAL, DN 75 MM, (INST. EM RAMAL DE DESCARGA, RAMAL DE ESG. SANITÁRIO, PRUMADA DE ESG. SANITÁRIO OU VENTILAÇÃO), INCL. CONEXÕES, CORTES E FIXAÇÕES, P/ PRÉDIOS. AF_10/2015"},null,null,null,null,null,{"$f":"VLOOKUP(A792,'ORÇAMENTO ANALÍTICO'!A:I,5,0)","v":"M"},16.35]
[]
[{"$f":"B794&C794","v":"10.1191795"},"10.11",{"$f":"'ORÇAMENTO ANALÍTICO'!C116","v":91795},{"$f":"VLOOKUP(A794,'ORÇAMENTO ANALÍTICO'!A:I,4,0)","v":"(COMPOSIÇÃO REPRESENTATIVA) DO SERVIÇO DE INST. TUBO PVC, SÉRIE N, ESGOTO PREDIAL, 100 MM (INST. RAMAL DESCARGA, RAMAL DE ESG. SANIT., PRUMADA ESG. SANIT., VENTILAÇÃO OU SUB-COLETOR AÉREO), INCL. CONEXÕES E CORTES, FIXAÇÕES, P/ PRÉDIOS. AF_10/2015"},null,null,null,null,null,{"$f":"VLOOKUP(A794,'ORÇAMENTO ANALÍTICO'!A:I,5,0)","v":"M"},85.9]
[]
[null,{"$f":"'ORÇAMENTO ANALÍTICO'!B117:I117","v":"HIDRÁULICAS"}]
[{"$f":"B797&C797","v":"10.1215.001.0071-A"},"10.12",{"$f":"'ORÇAMENTO ANALÍTICO'!C118","v":"15.001.0071-A"},{"$f":"VLOOKUP(A797,'ORÇAMENTO ANALÍTICO'!A:I,4,0)","v":"ABRIGO PARA HIDROMETRO DE 1\",NAS DIMENSOES DE 0,90X0,50X0,60M,EM ALVENARIA DE TIJOLOS FURADOS DE 10X20X20CM,PAREDES DE MEIA VEZ,REVESTIDAS COM ARGAMASSA DE CIMENTO E SAIBRO,NO TRACO 1:6,COM FUNDO DE CONCRETO E TAMPA DE CONCRETO ARMADO,PORTA DE 80X50CM EM CHAPA DE ACO Nº16 E CADEADO DE 30MM,CONFORMEPROJETO Nº2089/EMOP"},null,null,null,null,null,{"$f":"VLOOKUP(A797,'ORÇAMENTO ANALÍTICO'!A:I,5,0)","v":"UN"},1]
[]
[{"$f":"B799&C799","v":"10.1315.001.0079-A"},"10.13",{"$f":"'ORÇAMENTO ANALÍTICO'!C119","v":"15.001.0079-A"},{"$f":"VLOOKUP(A799,'ORÇAMENTO ANALÍTICO'!A:I,4,0)","v":"HIDROMETRO COM DIAMETRO DE 1\".FORNECIMENTO"},null,null,null,null,null,{"$f":"VLOOKUP(A799,'ORÇAMENTO ANALÍTICO'!A:I,5,0)","v":"UN"},1]
[]
[{"$f":"B801&C801","v":"10.1494496"},"10.14",{"$f":"'ORÇAMENTO ANALÍTICO'!C120","v":""},{"$f":"VLOOKUP(A801,'ORÇAMENTO ANALÍTICO'!A:I,4,0)","v":"REGISTRO DE GAVETA BRUTO, LATÃO, ROSCÁVEL, 1 1/4\u0094, INSTALADO EM RESERVAÇÃO DE ÁGUA DE EDIFICAÇÃO QUE POSSUA RESERVATÓRIO DE FIBRA/FIBROCIMENTO \u0096 FORNECIMENTO E INSTALAÇÃO. AF_06/2016"},null,null,null,null,null,{"$f":"VLOOKUP(A801,'ORÇAMENTO ANALÍTICO'!A:I,5,0)","v":"UN"},2]
[]
[{"$f":"B803&C803","v":"10.1589985"},"10.15",{"$f":"'ORÇAMENTO ANALÍTICO'!C121","v":""},{"$f":"VLOOKUP(A803,'ORÇAMENTO ANALÍTICO'!A:I,4,0)","v":"REGISTRO DE PRESSÃO BRUTO, LATÃO, ROSCÁVEL, 3/4\", COM ACABAMENTO E CANOPLA CROMADOS. FORNECIDO E INSTALADO EM RAMAL DE ÁGUA. AF_12/2014"},null,null,null,null,null,{"$f":"VLOOKUP(A803,'ORÇAMENTO ANALÍTICO'!A:I,5,0)","v":"UN"},3]
[]
[{"$f":"B805&C805","v":"10.1689987"},"10.16",{"$f":"'ORÇAMENTO ANALÍTICO'!C122","v":""},{"$f":"VLOOKUP(A805,'ORÇAMENTO ANALÍTICO'!A:I,4,0)","v":"REGISTRO DE GAVETA BRUTO, LATÃO, ROSCÁVEL, 3/4\", COM ACABAMENTO E CANOPLA CROMADOS. FORNECIDO E INSTALADO EM RAMAL DE ÁGUA. AF_12/2014"},null,null,null,null,null,{"$f":"VLOOKUP(A805,'ORÇAMENTO ANALÍTICO'!A:I,5,0)","v":"UN"},6]
[]
[{"$f":"B807&C807","v":"10.1791785"},"10.17",{"$f":"'ORÇAMENTO ANALÍTICO'!C123","v":""},{"$f":"VLOOKUP(A807,'ORÇAMENTO ANALÍTICO'!A:I,4,0)","v":"(COMPOSIÇÃO REPRESENTATIVA) DO SERVIÇO DE INSTALAÇÃO DE TUBOS DE PVC, SOLDÁVEL, ÁGUA FRIA, DN 25 MM (INSTALADO EM RAMAL, SUB-RAMAL, RAMAL DE DISTRIBUIÇÃO OU PRUMADA), INCLUSIVE CONEXÕES, CORTES E FIXAÇÕES, PARA PRÉDIOS. AF_10/2015"},null,null,null,null,null,{"$f":"VLOOKUP(A807,'ORÇAMENTO ANALÍTICO'!A:I,5,0)","v":"M"},60.5]
[]
[{"$f":"B809&C809","v":"10.1891786"},"10.18",{"$f":"'ORÇAMENTO ANALÍTICO'!C124","v":""},{"$f":"VLOOKUP(A809,'ORÇAMENTO ANALÍTICO'!A:I,4,0)","v":"(COMPOSIÇÃO REPRESENTATIVA) DO SERVIÇO DE INSTALAÇÃO TUBOS DE PVC, SOLDÁVEL, ÁGUA FRIA, DN 32 MM (INSTALADO EM RAMAL, SUB-RAMAL, RAMAL DE DISTRIBUIÇÃO OU PRUMADA), INCLUSIVE CONEXÕES, CORTES E FIXAÇÕES, PARA PRÉDIOS. AF_10/2015"},null,null,null,null,null,{"$f":"VLOOKUP(A809,'ORÇAMENTO ANALÍTICO'!A:I,5,0)","v":"M"},33.2]
[]
[{"$f":"B811&C811","v":"10.1991787"},"10.19",{"$f":"'ORÇAMENTO ANALÍTICO'!C125","v":""},{"$f":"VLOOKUP(A811,'ORÇAMENTO ANALÍTICO'!A:I,4,0)","v":"(COMPOSIÇÃO REPRESENTATIVA) DO SERVIÇO DE INSTALAÇÃO DE TUBOS DE PVC, SOLDÁVEL, ÁGUA FRIA, DN 40 MM (INSTALADO EM PRUMADA), INCLUSIVE CONEXÕES, CORTES E FIXAÇÕES, PARA PRÉDIOS. AF_10/2015"},null,null,null,null,null,{"$f":"VLOOKUP(A811,'ORÇAMENTO ANALÍTICO'!A:I,5,0)","v":"M"},5.4]
[]
[{"$f":"B813&C813","v":"10.2083879"},"10.20",{"$f":"'ORÇAMENTO ANALÍTICO'!C126","v":""},{"$f":"VLOOKUP(A813,'ORÇAMENTO ANALÍTICO'!A:I,4,0)","v":"LIGACAO DA REDE 75MM AO RAMAL PREDIAL 1/2\""},null,null,null,null,null,{"$f":"VLOOKUP(A813,'ORÇAMENTO ANALÍTICO'!A:I,5,0)","v":"UN"},1]
[]
[{"$f":"B815&C815","v":"10.2118.021.0040-A"},"10.21",{"$f":"'ORÇAMENTO ANALÍTICO'!C127","v":"18.021.0040-A"},{"$f":"VLOOKUP(A815,'ORÇAMENTO ANALÍTICO'!A:I,4,0)","v":"RESERVATORIO,EM FIBRA DE VIDRO OU POLIETILENO,COM CAPACIDADE EM TORNO DE 1.500L,INCLUSIVE TAMPA DE VEDACAO COM ESCOTILHA E FIXADORES.FORNECIMENTO"},null,null,null,null,null,{"$f":"VLOOKUP(A815,'ORÇAMENTO ANALÍTICO'!A:I,5,0)","v":"UN"},2]
[]
[{"$f":"B817&C817","v":"10.2294797"},"10.22",{"$f":"'ORÇAMENTO ANALÍTICO'!C128","v":""},{"$f":"VLOOKUP(A817,'ORÇAMENTO ANALÍTICO'!A:I,4,0)","v":"TORNEIRA DE BOIA, ROSCÁVEL, 1\u0094, FORNECIDA E INSTALADA EM RESERVAÇÃO DE ÁGUA. AF_06/2016"},null,null,null,null,null,{"$f":"VLOOKUP(A817,'ORÇAMENTO ANALÍTICO'!A:I,5,0)","v":"UN"},1]
[]
[null,{"$f":"'ORÇAMENTO ANALÍTICO'!B129:I129","v":"ELÉTRICA"}]
[{"$f":"B820&C820","v":"10.2315.015.0021-A"},"10.23",{"$f":"'ORÇAMENTO ANALÍTICO'!C130","v":"15.015.0021-A"},{"$f":"VLOOKUP(A820,'ORÇAMENTO ANALÍTICO'!A:I,4,0)","v":"INSTALACAO DE PONTO DE LUZ,APARENTE,EQUIVALENTE A 2 VARAS DE ELETRODUTO DE PVC RIGIDO DE 3/4\",12,00M DE FIO 2,5MM2,CAIXAS,CONEXOES,LUVAS,CURVA E INTERRUPTOR DE SOBREPOR"},null,null,null,null,null,{"$f":"VLOOKUP(A820,'ORÇAMENTO ANALÍTICO'!A:I,5,0)","v":"UN"},{"$f":"SUM(H823:H832,H835:H840,H843:H848)","v":29}]
[null,"Subsolo"]
[null,null,null,"Local",null,"Quantidade",null,"Total"]
[null,null,null,"Deposito",null,1,"=",{"$f":"TRUNC(F823,2)","v":1}]
[null,null,null,"Camarim reversivel",null,1,"=",{"$f":"TRUNC(F824,2)","v":1}]
[null,null,null,"Camarim 02",null,1,"=",{"$f":"TRUNC(F825,2)","v":1}]
[null,null,null,"Banh. PNE",null,1,"=",{"$f":"TRUNC(F826,2)","v":1}]
[null,null,null,"WC",null,1,"=",{"$f":"TRUNC(F827,2)","v":1}]
[null,null,null,"Copa",null,1,"=",{"$f":"TRUNC(F828,2)","v":1}]
[null,null,null,"Arandela (escada)",null,1,"=",{"$f":"TRUNC(F829,2)","v":1}]
[null,null,null,"Fita led (laterais da pláteia)",null,2,"=",{"$f":"TRUNC(F830,2)","v":2},"Obs: 1 ponto lado esquerdo + 1 ponto lado direito"]
[null,null,null,"Fita led (degraus da platéia)",null,5,"=",{"$f":"TRUNC(F831,2)","v":5},"Obs: 1 ponto para cada 2 degraus."]
[null,null,null,"Fita led (degraus escada do palco)",null,2,"=",{"$f":"TRUNC(F832,2)","v":2},"Obs: 1 ponto lado esquerdo + 1 ponto lado direito"]
[null,"Térreo"]
[null,null,null,"Local",null,"Quantidade",null,"Total"]
[null,null,null,"Coxia",null,1,"=",{"$f":"TRUNC(F835,2)","v":1}]
[null,null,null,"WC Fem.",null,1,"=",{"$f":"TRUNC(F836,2)","v":1}]
[null,null,null,"WC Masc.",null,1,"=",{"$f":"TRUNC(F837,2)","v":1}]
[null,null,null,"Circulação dos WC's",null,1,"=",{"$f":"TRUNC(F838,2)","v":1}]
[null,null,null,"WC PNE",null,1,"=",{"$f":"TRUNC(F839,2)","v":1}]
[null,null,null,"Bomboniere",null,1,"=",{"$f":"TRUNC(F840,2)","v":1}]
[null,"1º Pavimento"]
[null,null,null,"Local",null,"Quantidade",null,"Total"]
[null,null,null,"Sala de apoio",null,1,"=",{"$f":"TRUNC(F843,2)","v":1}]
[null,null,null,"Sala de projeção",null,1,"=",{"$f":"TRUNC(F844,2)","v":1}]
[null,null,null,"WC",null,1,"=",{"$f":"TRUNC(F845,2)","v":1}]
[null,null,null,"WC PNE",null,1,"=",{"$f":"TRUNC(F846,2)","v":1}]
[null,null,null,"ADM",null,1,"=",{"$f":"TRUNC(F847,2)","v":1}]
[null,null,null,"Varanda",null,2,"=",{"$f":"TRUNC(F848,2)","v":2}]
[]
[{"$f":"B850&C850","v":"10.2415.015.0041-A"},"10.24",{"$f":"'ORÇAMENTO ANALÍTICO'!C131","v":"15.015.0041-A"},{"$f":"VLOOKUP(A850,'ORÇAMENTO ANALÍTICO'!A:I,4,0)","v":"INSTALACAO DE UM CONJUNTO DE 2 PONTOS DE LUZ,APARENTE,EQUIVALENTE A 5 VARAS DE ELETRODUTO DE PVC RIGIDO DE 1/2\",33,00M DE FIO 2,5MM2,CAIXAS,CONEXOES,LUVAS,CURVA E INTERRUPTOR DE SOBREPOR"},null,null,null,null,null,{"$f":"VLOOKUP(A850,'ORÇAMENTO ANALÍTICO'!A:I,5,0)","v":"UN"},{"$f":"H853+H855","v":2}]
[null,"Subsolo"]
[null,null,null,"Local",null,"Quantidade",null,"Total"]
[null,null,null,"Camarim 01",null,1,"=",{"$f":"TRUNC(F853,2)","v":1}]
[null,"Terreo"]
[null,null,null,"Arandela (escada foyer)",null,1,"=",{"$f":"TRUNC(F855,2)","v":1}]
[]
[{"$f":"B857&C857","v":"10.2515.015.0066-A"},"10.25",{"$f":"'ORÇAMENTO ANALÍTICO'!C132","v":"15.015.0066-A"},{"$f":"VLOOKUP(A857,'ORÇAMENTO ANALÍTICO'!A:I,4,0)","v":"INSTALACAO DE UM CONJUNTO DE 4 PONTOS DE LUZ,APARENTE,EQUIVALENTE 7 VARAS DE ELETRODUTO DE PVC RIGIDO DE 3/4\",50,00M DEFIO 2,5MM2,CAIXAS,CONEXOES,LUVAS,CURVA E INTERRUPTOR DE SOBREPOR"},null,null,null,null,null,{"$f":"VLOOKUP(A857,'ORÇAMENTO ANALÍTICO'!A:I,5,0)","v":"UN"},{"$f":"H860+H863","v":2}]
[null,"Subsolo"]
[null,null,null,"Local",null,"Quantidade",null,"Total"]
[null,null,null,"Hall",null,1,"=",{"$f":"TRUNC(F860,2)","v":1}]
[null,"1º Pavimento"]
[null,null,null,"Local",null,"Quantidade",null,"Total"]
[null,null,null,"Circulação",null,1,"=",{"$f":"TRUNC(F863,2)","v":1}]
[]
[{"$f":"B865&C865","v":"10.2615.015.0081-A"},"10.26",{"$f":"'ORÇAMENTO ANALÍTICO'!C133","v":"15.015.0081-A"},{"$f":"VLOOKUP(A865,'ORÇAMENTO ANALÍTICO'!A:I,4,0)","v":"INSTALACAO DE UM CONJUNTO DE 5 PONTOS DE LUZ,APARENTE,EQUIVALENTE A 8 VARAS DE ELETRODUTO DE PVC RIGIDO DE 3/4\",57,00M DE FIO 2,5MM2,CAIXAS,CONEXOES,LUVAS,CURVA E INTERRUPTOR DE SOBREPOR"},null,null,null,null,null,{"$f":"VLOOKUP(A865,'ORÇAMENTO ANALÍTICO'!A:I,5,0)","v":"UN"},{"$f":"SUM(H868)","v":3}]
[null,"Térreo"]
[null,null,null,"Local",null,"Quantidade",null,"Total"]
[null,null,null,"Pláteia (em baixo do mezanino)",null,3,"=",{"$f":"TRUNC(F868,2)","v":3}]
[null,null,null,"Foyer",null,1,"=",{"$f":"TRUNC(F869,2)","v":1}]
[]
[{"$f":"B871&C871","v":"10.2715.015.0106-A"},"10.27",{"$f":"'ORÇAMENTO ANALÍTICO'!C134","v":"15.015.0106-A"},{"$f":"VLOOKUP(A871,'ORÇAMENTO ANALÍTICO'!A:I,4,0)","v":"INSTALACAO DE UM CONJUNTO DE 8 PONTOS DE LUZ,APARENTE COM CANALETA PERFURADA,SENDO ESTA LIGADA A ELETROCALHA PRINCIPAL(EXCLUSIVE ESTA),EQUIVALENTE A 6,75 VARAS DE CANALETA E 2 VARAS DE ELETRODUTO DE PVC RIGIDO DE 3/4\",92,00M DE FIO 2,5MM2,CAIXAS,CONEXOES,LUVAS,CURVA E INTERRUPTOR DE SOBREPOR"},null,null,null,null,null,{"$f":"VLOOKUP(A871,'ORÇAMENTO ANALÍTICO'!A:I,5,0)","v":"UN"},{"$f":"H874+H875","v":8}]
[null,"1º Pavimento"]
[null,null,null,"Local",null,"Quantidade",null,"Total"]
[null,null,null,"Pláteia",null,6,"=",{"$f":"TRUNC(F874,2)","v":6}]
[null,null,null,"Mezanino",null,2,"=",{"$f":"TRUNC(F875,2)","v":2}]
[]
[{"$f":"B877&C877","v":"10.2818.027.0305-A"},"10.28",{"$f":"'ORÇAMENTO ANALÍTICO'!C135","v":"18.027.0305-A"},{"$f":"VLOOKUP(A877,'ORÇAMENTO ANALÍTICO'!A:I,4,0)","v":"LUMINARIA DE SOBREPOR,FIXADA EM LAJE OU FORRO,TIPO CALHA,CHANFRADA OU PRISMATICA,ESMALTADA,COMPLETA,EQUIPADA COM REATORELETRONICO DE ALTO FATOR DE POTENCIA(AFP>=0,92)E LAMPADA FLUORESCENTE DE 1X40W.FORNECIMENTO E COLOCACAO"},null,null,null,null,null,{"$f":"VLOOKUP(A877,'ORÇAMENTO ANALÍTICO'!A:I,5,0)","v":"UN"},{"$f":"SUM(H880:H887)","v":12}]
[null,"Subsolo"]
[null,null,null,"Local",null,"Quantidade",null,"Total"]
[null,null,null,"Deposito",null,1,"=",{"$f":"TRUNC(F880,2)","v":1}]
[null,null,null,"Camarim reversivel",null,1,"=",{"$f":"TRUNC(F881,2)","v":1}]
[null,null,null,"Camarim 02",null,1,"=",{"$f":"TRUNC(F882,2)","v":1}]
[null,null,null,"Banh. PNE",null,1,"=",{"$f":"TRUNC(F883,2)","v":1}]
[null,null,null,"Camarim 01",null,2,"=",{"$f":"TRUNC(F884,2)","v":2}]
[null,null,null,"WC",null,1,"=",{"$f":"TRUNC(F885,2)","v":1}]
[null,null,null,"Copa",null,1,"=",{"$f":"TRUNC(F886,2)","v":1}]
[null,null,null,"Hall",null,4,"=",{"$f":"TRUNC(F887,2)","v":4}]
[]
[{"$f":"B889&C889","v":"10.2918.027.0355-A"},"10.29",{"$f":"'ORÇAMENTO ANALÍTICO'!C136","v":"18.027.0355-A"},{"$f":"VLOOKUP(A889,'ORÇAMENTO ANALÍTICO'!A:I,4,0)","v":"LUMINARIA DE EMBUTIR,FIXADA EM LAJE OU FORRO,TIPO CALHA,CHANFRADA OU PRISMATICA,ESMALTADA,COMPLETA,EQUIPADA COM REATOR ELETRONICO DE ALTO FATOR DE POTENCIA(AFP>=0,92)E LAMPADA FLUORESCENTE DE 1X40W.FORNECIMENTO E COLOCACAO"},null,null,null,null,null,{"$f":"VLOOKUP(A889,'ORÇAMENTO ANALÍTICO'!A:I,5,0)","v":"UN"},{"$f":"SUM(H892:H897,H900:H906)","v":17}]
[null,"Térreo"]
[null,null,null,"Local",null,"Quantidade",null,"Total"]
[null,null,null,"Coxia",null,1,"=",{"$f":"TRUNC(F892,2)","v":1}]
[null,null,null,"WC Fem.",null,1,"=",{"$f":"TRUNC(F893,2)","v":1}]
[null,null,null,"WC Masc.",null,1,"=",{"$f":"TRUNC(F894,2)","v":1}]
[null,null,null,"Circulação dos WC's",null,1,"=",{"$f":"TRUNC(F895,2)","v":1}]
[null,null,null,"WC PNE",null,1,"=",{"$f":"TRUNC(F896,2)","v":1}]
[null,null,null,"Bomboniere",null,1,"=",{"$f":"TRUNC(F897,2)","v":1}]
[null,"1º Pavimento"]
[null,null,null,"Local",null,"Quantidade",null,"Total"]
[null,null,null,"Sala de apoio",null,1,"=",{"$f":"TRUNC(F900,2)","v":1}]
[null,null,null,"Sala de projeção",null,1,"=",{"$f":"TRUNC(F901,2)","v":1}]
[null,null,null,"WC",null,1,"=",{"$f":"TRUNC(F902,2)","v":1}]
[null,null,null,"WC PNE",null,1,"=",{"$f":"TRUNC(F903,2)","v":1}]
[null,null,null,"Circulação",null,4,"=",{"$f":"TRUNC(F904,2)","v":4}]
[null,null,null,"ADM",null,1,"=",{"$f":"TRUNC(F905,2)","v":1}]
[null,null,null,"Varanda",null,2,"=",{"$f":"TRUNC(F906,2)","v":2}]
[]
[{"$f":"B908&C908","v":"10.3097593"},"10.30",{"$f":"'ORÇAMENTO ANALÍTICO'!C137","v":""},{"$f":"VLOOKUP(A908,'ORÇAMENTO ANALÍTICO'!A:I,4,0)","v":"LUMINÁRIA TIPO SPOT, DE SOBREPOR, COM 1 LÂMPADA DE 15 W - FORNECIMENTO E INSTALAÇÃO. AF_11/2017"},null,null,null,null,null,{"$f":"VLOOKUP(A908,'ORÇAMENTO ANALÍTICO'!A:I,5,0)","v":"UN"},{"$f":"H911+H912+H915+H916","v":83}]
[null,"Térreo"]
[null,null,null,"Local",null,"Quantidade",null,"Total"]
[null,null,null,"Pláteia (em baixo do mezanino)",null,{"$f":"3*5","v":15},"=",{"$f":"TRUNC(F911,2)","v":15}]
[null,null,null,"Foyer",null,4,"=",{"$f":"TRUNC(F912,2)","v":4}]
[null,"1º Pavimento"]
[null,null,null,"Local",null,"Quantidade",null,"Total"]
[null,null,null,"Pláteia",null,{"$f":"6*8","v":48},"=",{"$f":"TRUNC(F915,2)","v":48}]
[null,null,null,"Mezanino",null,{"$f":"2*8","v":16},"=",{"$f":"TRUNC(F916,2)","v":16}]
[]
[{"$f":"B918&C918","v":"10.3197605"},"10.31",{"$f":"'ORÇAMENTO ANALÍTICO'!C138","v":""},{"$f":"VLOOKUP(A918,'ORÇAMENTO ANALÍTICO'!A:I,4,0)","v":"LUMINÁRIA ARANDELA TIPO MEIA-LUA, PARA 1 LÂMPADA LED - FORNECIMENTO E INSTALAÇÃO. AF_11/2017"},null,null,null,null,null,{"$f":"VLOOKUP(A918,'ORÇAMENTO ANALÍTICO'!A:I,5,0)","v":"UN"},{"$f":"H921+H924","v":3}]
[null,"Subsolo"]
[null,null,null,"Local",null,"Quantidade",null,"Total"]
[null,null,null,"Arandela (escada)",null,1,"=",{"$f":"TRUNC(F921,2)","v":1}]
[null,"Térreo"]
[null,null,null,"Local",null,"Quantidade",null,"Total"]
[null,null,null,"Arandela (escada foyer)",null,2,"=",{"$f":"TRUNC(F924,2)","v":2}]
[]
[{"$f":"B926&C926","v":"10.32COTAÇÃO 01"},"10.32",{"$f":"'ORÇAMENTO ANALÍTICO'!C139","v":"COTAÇÃO 01"},{"$f":"VLOOKUP(A926,'ORÇAMENTO ANALÍTICO'!A:I,4,0)","v":"FITA LED BRANCO QUENTE 5 METROS + FONTE"},null,null,null,null,null,{"$f":"VLOOKUP(A926,'ORÇAMENTO ANALÍTICO'!A:I,5,0)","v":"UN"},{"$f":"SUM(H928:H931)","v":24}]
[null,null,null,"Local","Comprimento","metro/unidade",null,"Total"]
[null,null,null,"Pláteia lado direito",{"$f":"0.3*6","v":1.8},5,"=",{"$f":"ROUNDUP(E928/F928,0)","v":1}]
[null,null,null,"Pláteia lado Esquerdo",{"$f":"0.3*6","v":1.8},5,"=",{"$f":"ROUNDUP(E929/F929,0)","v":1}]
[null,null,null,"Degraus da pláteia",{"$f":"9.9*9","v":89.1},5,"=",{"$f":"ROUNDUP(E930/F930,0)","v":18}]
[null,null,null,"Degraus escadas do palco",{"$f":"2*8","v":16},5,"=",{"$f":"ROUNDUP(E931/F931,0)","v":4}]
[]
[{"$f":"B933&C933","v":"10.33COTAÇÃO 02"},"10.33",{"$f":"'ORÇAMENTO ANALÍTICO'!C140","v":"COTAÇÃO 02"},{"$f":"VLOOKUP(A933,'ORÇAMENTO ANALÍTICO'!A:I,4,0)","v":"LUSTRE DE CRISTAL TRANSPARENTE 28 BRAÇOS."},null,null,null,null,null,{"$f":"VLOOKUP(A933,'ORÇAMENTO ANALÍTICO'!A:I,5,0)","v":"UN"},{"$f":"H935","v":1}]
[null,null,null,"Local",null,"Quantidade",null,"Total"]
[null,null,null,"Foyer",null,1,"=",{"$f":"TRUNC(F935,2)","v":1}]
[]
[{"$f":"B937&C937","v":"10.3415.015.0250-A"},"10.34",{"$f":"'ORÇAMENTO ANALÍTICO'!C141","v":"15.015.0250-A"},{"$f":"VLOOKUP(A937,'ORÇAMENTO ANALÍTICO'!A:I,4,0)","v":"INSTALACAO DE PONTO DE TOMADA,EMBUTIDO NA ALVENARIA,EQUIVALENTE A 2 VARAS DE ELETRODUTO DE PVC RIGIDO DE 3/4\",18,00M DEFIO 2,5MM2,CAIXAS,CONEXOES E TOMADA DE EMBUTIR,2P+T,10A,PADRAO BRASILEIRO,COM PLACA FOSFORESCENTE,INCLUSIVE ABERTURA E FECHAMENTO DE RASGO EM ALVENARIA"},null,null,null,null,null,{"$f":"VLOOKUP(A937,'ORÇAMENTO ANALÍTICO'!A:I,5,0)","v":"UN"},{"$f":"SUM(H940:H944,H947:H950,H953:H956)","v":48}]
[null,"Subsolo"]
[null,null,null,"Local",null,"Quantidade",null,"Total"]
[null,null,null,"Camarim reversivel",null,4,"=",{"$f":"TRUNC(F940,2)","v":4}]
[null,null,null,"Camarim 02",null,4,"=",{"$f":"TRUNC(F941,2)","v":4}]
[null,null,null,"Camarim 01",null,4,"=",{"$f":"TRUNC(F942,2)","v":4}]
[null,null,null,"Copa",null,1,"=",{"$f":"TRUNC(F943,2)","v":1}]
[null,null,null,"Hall",null,1,"=",{"$f":"TRUNC(F944,2)","v":1}]
[null,"Térreo"]
[null,null,null,"Local",null,"Quantidade",null,"Total"]
[null,null,null,"Palco",null,12,"=",{"$f":"TRUNC(F947,2)","v":12}]
[null,null,null,"Plateia",null,6,"=",{"$f":"TRUNC(F948,2)","v":6}]
[null,null,null,"Foyer",null,2,"=",{"$f":"TRUNC(F949,2)","v":2}]
[null,null,null,"Bomboniere",null,2,"=",{"$f":"TRUNC(F950,2)","v":2}]
[null,"1º Pavimento"]
[null,null,null,"Local",null,"Quantidade",null,"Total"]
[null,null,null,"Mezanino",null,2,"=",{"$f":"TRUNC(F953,2)","v":2}]
[null,null,null,"Sala de projeção",null,4,"=",{"$f":"TRUNC(F954,2)","v":4}]
[null,null,null,"Circulação",null,2,"=",{"$f":"TRUNC(F955,2)","v":2}]
[null,null,null,"ADM",null,4,"=",{"$f":"TRUNC(F956,2)","v":4}]
[]
[{"$f":"B958&C958","v":"10.3515.015.0173-A"},"10.35",{"$f":"'ORÇAMENTO ANALÍTICO'!C142","v":"15.015.0173-A"},{"$f":"VLOOKUP(A958,'ORÇAMENTO ANALÍTICO'!A:I,4,0)","v":"INSTALACAO DE PONTO DE FORCA ATE 4CV,EQUIVALENTE A 2 VARAS DE ELETRODUTO DE PVC RIGIDO DE 3/4\",20,00M DE FIO 4MM2,CAIXAS E CONEXOES"},null,null,null,null,null,{"$f":"VLOOKUP(A958,'ORÇAMENTO ANALÍTICO'!A:I,5,0)","v":"UN"},{"$f":"SUM(H961:H966,H969:H971,H974:H976)","v":18}]
[null,"Subsolo"]
[null,null,null,"Local",null,"Quantidade",null,"Total"]
[null,null,"Chuveiro","WC",null,1,"=",{"$f":"TRUNC(F961,2)","v":1}]
[null,null,null,"Banh. PNE",null,1,"=",{"$f":"TRUNC(F962,2)","v":1}]
[null,null,"Ar condicionado","Camarim reversivel",null,1,"=",{"$f":"TRUNC(F963,2)","v":1}]
[null,null,null,"Camarim 01",null,1,"=",{"$f":"TRUNC(F964,2)","v":1}]
[null,null,null,"Camarim 02",null,1,"=",{"$f":"TRUNC(F965,2)","v":1}]
[null,null,null,"Plataforma elevatória",null,1,"=",{"$f":"TRUNC(F966,2)","v":1}]
[null,"Térreo"]
[null,null,null,"Local",null,"Quantidade",null,"Total"]
[null,null,"Ar condicionado","Plateia",null,6,"=",{"$f":"TRUNC(F969,2)","v":6}]
[null,null,null,"Foyer",null,2,"=",{"$f":"TRUNC(F970,2)","v":2}]
[null,null,null,"Plataforma elevatória",null,1,"=",{"$f":"TRUNC(F971,2)","v":1}]
[null,"1º Pavimento"]
[null,null,null,"Local",null,"Quantidade",null,"Total"]
[null,null,"Ar condicionado","Sala de apoio",null,1,"=",{"$f":"TRUNC(F974,2)","v":1}]
[null,null,null,"Sala de projeção",null,1,"=",{"$f":"TRUNC(F975,2)","v":1}]
[null,null,null,"ADM",null,1,"=",{"$f":"TRUNC(F976,2)","v":1}]
[]
[{"$f":"B978&C978","v":"10.3674131/4"},"10.36",{"$f":"'ORÇAMENTO ANALÍTICO'!C143","v":"74131/4"},{"$f":"VLOOKUP(A978,'ORÇAMENTO ANALÍTICO'!A:I,4,0)","v":"QUADRO DE DISTRIBUICAO DE ENERGIA DE EMBUTIR, EM CHAPA METALICA, PARA 18 DISJUNTORES TERMOMAGNETICOS MONOPOLARES, COM BARRAMENTO TRIFASICO E NEUTRO, FORNECIMENTO E INSTALACAO"},null,null,null,null,null,{"$f":"VLOOKUP(A978,'ORÇAMENTO ANALÍTICO'!A:I,5,0)","v":"UN"},{"$f":"H981+H984","v":2}]
[null,"Térreo"]
[null,null,null,"Local",null,"Quantidade",null,"Total"]
[null,null,null,"Foyer",null,1,"=",{"$f":"TRUNC(F981,2)","v":1}]
[null,"1º Pavimento"]
[null,null,null,"Local",null,"Quantidade",null,"Total"]
[null,null,null,"Circulação",null,1,"=",{"$f":"TRUNC(F984,2)","v":1}]
[]
[{"$f":"B986&C986","v":"10.3774131/7"},"10.37",{"$f":"'ORÇAMENTO ANALÍTICO'!C144","v":"74131/7"},{"$f":"VLOOKUP(A986,'ORÇAMENTO ANALÍTICO'!A:I,4,0)","v":"QUADRO DE DISTRIBUICAO DE ENERGIA DE EMBUTIR, EM CHAPA METALICA, PARA 40 DISJUNTORES TERMOMAGNETICOS MONOPOLARES, COM BARRAMENTO TRIFASICO E NEUTRO, FORNECIMENTO E INSTALACAO"},null,null,null,null,null,{"$f":"VLOOKUP(A986,'ORÇAMENTO ANALÍTICO'!A:I,5,0)","v":"UN"},{"$f":"H989","v":1}]
[null,"Subsolo"]
[null,null,null,"Local",null,"Quantidade",null,"Total"]
[null,null,null,"Hall",null,1,"=",{"$f":"TRUNC(F989,2)","v":1}]
[]
[{"$f":"B991&C991","v":"10.3874130/4"},"10.38",{"$f":"'ORÇAMENTO ANALÍTICO'!C145","v":"74130/4"},{"$f":"VLOOKUP(A991,'ORÇAMENTO ANALÍTICO'!A:I,4,0)","v":"DISJUNTOR TERMOMAGNETICO TRIPOLAR PADRAO NEMA (AMERICANO) 10 A 50A 240V, FORNECIMENTO E INSTALACAO"},null,null,null,null,null,{"$f":"VLOOKUP(A991,'ORÇAMENTO ANALÍTICO'!A:I,5,0)","v":"UN"},3]
[]
[{"$f":"B993&C993","v":"10.3993661"},"10.39",{"$f":"'ORÇAMENTO ANALÍTICO'!C146","v":""},{"$f":"VLOOKUP(A993,'ORÇAMENTO ANALÍTICO'!A:I,4,0)","v":"DISJUNTOR BIPOLAR TIPO DIN, CORRENTE NOMINAL DE 16A - FORNECIMENTO E INSTALAÇÃO. AF_04/2016"},null,null,null,null,null,{"$f":"VLOOKUP(A993,'ORÇAMENTO ANALÍTICO'!A:I,5,0)","v":"UN"},8]
[]
[{"$f":"B995&C995","v":"10.4093663"},"10.40",{"$f":"'ORÇAMENTO ANALÍTICO'!C147","v":""},{"$f":"VLOOKUP(A995,'ORÇAMENTO ANALÍTICO'!A:I,4,0)","v":"DISJUNTOR BIPOLAR TIPO DIN, CORRENTE NOMINAL DE 25A - FORNECIMENTO E INSTALAÇÃO. AF_04/2016"},null,null,null,null,null,{"$f":"VLOOKUP(A995,'ORÇAMENTO ANALÍTICO'!A:I,5,0)","v":"UN"},2]
[]
[{"$f":"B997&C997","v":"10.4193664"},"10.41",{"$f":"'ORÇAMENTO ANALÍTICO'!C148","v":""},{"$f":"VLOOKUP(A997,'ORÇAMENTO ANALÍTICO'!A:I,4,0)","v":"DISJUNTOR BIPOLAR TIPO DIN, CORRENTE NOMINAL DE 32A - FORNECIMENTO E INSTALAÇÃO. AF_04/2016"},null,null,null,null,null,{"$f":"VLOOKUP(A997,'ORÇAMENTO ANALÍTICO'!A:I,5,0)","v":"UN"},1]
[]
[{"$f":"B999&C999","v":"10.4274130/1"},"10.42",{"$f":"'ORÇAMENTO ANALÍTICO'!C149","v":"74130/1"},{"$f":"VLOOKUP(A999,'ORÇAMENTO ANALÍTICO'!A:I,4,0)","v":"DISJUNTOR TERMOMAGNETICO MONOPOLAR PADRAO NEMA (AMERICANO) 10 A 30A 240V, FORNECIMENTO E INSTALACAO"},null,null,null,null,null,{"$f":"VLOOKUP(A999,'ORÇAMENTO ANALÍTICO'!A:I,5,0)","v":"UN"},13]
[]
[{"$f":"B1001&C1001","v":"10.4374130/2"},"10.43",{"$f":"'ORÇAMENTO ANALÍTICO'!C150","v":"74130/2"},{"$f":"VLOOKUP(A1001,'ORÇAMENTO ANALÍTICO'!A:I,4,0)","v":"DISJUNTOR TERMOMAGNETICO MONOPOLAR PADRAO NEMA (AMERICANO) 35 A 50A 240V, FORNECIMENTO E INSTALACAO"},null,null,null,null,null,{"$f":"VLOOKUP(A1001,'ORÇAMENTO ANALÍTICO'!A:I,5,0)","v":"UN"},2]
[]
[{"$f":"B1003&C1003","v":"10.4473857/5"},"10.44",{"$f":"'ORÇAMENTO ANALÍTICO'!C151","v":"73857/5"},{"$f":"VLOOKUP(A1003,'ORÇAMENTO ANALÍTICO'!A:I,4,0)","v":"TRANSFORMADOR DISTRIBUICAO  300KVA TRIFASICO 60HZ CLASSE 15KV IMERSO EM ÓLEO MINERAL FORNECIMENTO E INSTALACAO"},null,null,null,null,null,{"$f":"VLOOKUP(A1003,'ORÇAMENTO ANALÍTICO'!A:I,5,0)","v":"UN"},1]
[]
[{"$f":"B1005&C1005","v":"10.4592998"},"10.45",{"$f":"'ORÇAMENTO ANALÍTICO'!C152","v":""},{"$f":"VLOOKUP(A1005,'ORÇAMENTO ANALÍTICO'!A:I,4,0)","v":"CABO DE COBRE FLEXÍVEL ISOLADO, 185 MM², ANTI-CHAMA 0,6/1,0 KV, PARA DISTRIBUIÇÃO - FORNECIMENTO E INSTALAÇÃO. AF_12/2015"},null,null,null,null,null,{"$f":"VLOOKUP(A1005,'ORÇAMENTO ANALÍTICO'!A:I,5,0)","v":"M"},{"$f":"I1007+I1009","v":151.48}]
[null,null,null,"Local","Comprimento","Quantidade de cabo","Quantidade de fase",null,"Total"]
[null,null,null,"Ramal subterrâneo",{"$f":"4.82+6","v":10.82},4,3,"=",{"$f":"TRUNC(E1007*F1007*G1007,2)","v":129.84}]
[null,null,null,"Local","Comprimento","Quantidade de cabo","Quantidade de neutro",null,"Total"]
[null,null,null,"Ramal subterrâneo",{"$f":"4.82+6","v":10.82},2,1,"=",{"$f":"TRUNC(E1009*F1009*G1009,2)","v":21.64}]
[]
[{"$f":"B1011&C1011","v":"10.46COTAÇÃO 03"},"10.46",{"$f":"'ORÇAMENTO ANALÍTICO'!C153","v":"COTAÇÃO 03"},{"$f":"VLOOKUP(A1011,'ORÇAMENTO ANALÍTICO'!A:I,4,0)","v":"ELETRODUTO PEAD CORRUGADO 6\" (150MM)"},null,null,null,null,null,{"$f":"VLOOKUP(A1011,'ORÇAMENTO ANALÍTICO'!A:I,5,0)","v":"M"},{"$f":"H1013","v":5}]
[null,null,null,"Local",null,"Comprimento",null,"Total"]
[null,null,null,"Hall",null,5,"=",{"$f":"TRUNC(F1013,2)","v":5}]
[null,"Obs: Do poste até o quadro geral situado ao lado da escada do subsolo."]
[]
[null,{"$f":"'ORÇAMENTO ANALÍTICO'!B155","v":11},{"$f":"'ORÇAMENTO ANALÍTICO'!C155:H155","v":"COBERTURAS"}]
[{"$f":"B1017&C1017","v":"11.155960"},"11.1",{"$f":"'ORÇAMENTO ANALÍTICO'!C156","v":55960},{"$f":"VLOOKUP(A1017,'ORÇAMENTO ANALÍTICO'!A:I,4,0)","v":"IMUNIZACAO DE MADEIRAMENTO PARA COBERTURA UTILIZANDO CUPINICIDA INCOLOR"},null,null,null,null,null,{"$f":"VLOOKUP(A1017,'ORÇAMENTO ANALÍTICO'!A:I,5,0)","v":"M2"},{"$f":"I1019","v":328.56}]
[null,null,null,"Local","Comprimento","Largura",null,null,"Total"]
[null,null,null,"Telhado",27.38,12,null,"=",{"$f":"TRUNC(E1019*F1019,2)","v":328.56}]
[]
[{"$f":"B1021&C1021","v":"11.292542"},"11.2",{"$f":"'ORÇAMENTO ANALÍTICO'!C157","v":""},{"$f":"VLOOKUP(A1021,'ORÇAMENTO ANALÍTICO'!A:I,4,0)","v":"TRAMA DE MADEIRA COMPOSTA POR RIPAS, CAIBROS E TERÇAS PARA TELHADOS DE MAIS QUE 2 ÁGUAS PARA TELHA CERÂMICA CAPA-CANAL, INCLUSO TRANSPORTE VERTICAL. AF_12/2015"},null,null,null,null,null,{"$f":"VLOOKUP(A1021,'ORÇAMENTO ANALÍTICO'!A:I,5,0)","v":"M2"},{"$f":"I1023","v":164.28}]
[null,null,null,"Local","Comprimento","Largura","Reaproveitamento (50%)",null,"Total"]
[null,null,null,"Telhado",27.38,12,0.5,"=",{"$f":"TRUNC(E1023*F1023*G1023,2)","v":164.28}]
[]
[{"$f":"B1025&C1025","v":"11.316.001.0085-A"},"11.3","16.001.0085-A",{"$f":"VLOOKUP(A1025,'ORÇAMENTO ANALÍTICO'!A:I,4,0)","v":"PONTALETE DE MADEIRA SERRADA,EM PECAS DE 3\"X3\",VERTICAIS E HORIZONTAIS,PARA COBERTURA DE TELHAS CERAMICAS,MEDIDO PELA AREA REAL DA COBERTURA DO TELHADO.FORNECIMENTO E COLOCACAO"},null,null,null,null,null,{"$f":"VLOOKUP(A1025,'ORÇAMENTO ANALÍTICO'!A:I,5,0)","v":"M2"},{"$f":"H1027","v":328.56}]
[null,null,null,"Local",null,"Área",null,"Total"]
[null,null,null,"Telhado",null,{"$f":"I1019","v":328.56},"=",{"$f":"TRUNC(F1027,2)","v":328.56}]
[]
[{"$f":"B1029&C1029","v":"11.494198"},"11.4",{"$f":"'ORÇAMENTO ANALÍTICO'!C159","v":94198},{"$f":"VLOOKUP(A1029,'ORÇAMENTO ANALÍTICO'!A:I,4,0)","v":"TELHAMENTO COM TELHA CERÂMICA DE ENCAIXE, TIPO PORTUGUESA, COM MAIS DE 2 ÁGUAS, INCLUSO TRANSPORTE VERTICAL. AF_06/2016"},null,null,null,null,null,{"$f":"VLOOKUP(A1029,'ORÇAMENTO ANALÍTICO'!A:I,5,0)","v":"M2"},{"$f":"I1031","v":98.56}]
[null,null,null,"Local","Comprimento","Largura","Reaproveitamento (30%)",null,"Total"]
[null,null,null,"Telhado",27.38,12,0.3,"=",{"$f":"TRUNC(E1031*F1031*G1031,2)","v":98.56}]
[]
[{"$f":"B1033&C1033","v":"11.594219"},"11.5",{"$f":"'ORÇAMENTO ANALÍTICO'!C160","v":94219},{"$f":"VLOOKUP(A1033,'ORÇAMENTO ANALÍTICO'!A:I,4,0)","v":"CUMEEIRA E ESPIGÃO PARA TELHA CERÂMICA EMBOÇADA COM ARGAMASSA TRAÇO 1:2:9 (CIMENTO, CAL E AREIA), PARA TELHADOS COM MAIS DE 2 ÁGUAS, INCLUSO TRANSPORTE VERTICAL. AF_06/2016"},null,null,null,null,null,{"$f":"VLOOKUP(A1033,'ORÇAMENTO ANALÍTICO'!A:I,5,0)","v":"M"},{"$f":"I1035","v":38.31}]
[null,null,null,null,"Local","Comprimento",null,null,"Total"]
[null,null,null,null,"Cumeeira",{"$f":"22.11+16.2","v":38.31},null,"=",{"$f":"TRUNC(F1035,2)","v":38.31}]
[]
[{"$f":"B1037&C1037","v":"11.694231"},"11.6",{"$f":"'ORÇAMENTO ANALÍTICO'!C161","v":""},{"$f":"VLOOKUP(A1037,'ORÇAMENTO ANALÍTICO'!A:I,4,0)","v":"RUFO EM CHAPA DE AÇO GALVANIZADO NÚMERO 24, CORTE DE 25 CM, INCLUSO TRANSPORTE VERTICAL. AF_06/2016"},null,null,null,null,null,{"$f":"VLOOKUP(A1037,'ORÇAMENTO ANALÍTICO'!A:I,5,0)","v":"M"},{"$f":"I1039","v":12}]
[null,null,null,null,"Local","Comprimento",null,null,"Total"]
[null,null,null,null,"Proteção da platibanda frontal",12,null,"=",{"$f":"TRUNC(F1039,2)","v":12}]
[]
[{"$f":"B1041&C1041","v":"11.798546"},"11.7",{"$f":"'ORÇAMENTO ANALÍTICO'!C162","v":""},{"$f":"VLOOKUP(A1041,'ORÇAMENTO ANALÍTICO'!A:I,4,0)","v":"IMPERMEABILIZAÇÃO DE SUPERFÍCIE COM MANTA ASFÁLTICA, UMA CAMADA, INCLUSIVE APLICAÇÃO DE PRIMER ASFÁLTICO, E=3MM. AF_06/2018"},null,null,null,null,null,{"$f":"VLOOKUP(A1041,'ORÇAMENTO ANALÍTICO'!A:I,5,0)","v":"M2"},{"$f":"I1043","v":27.57}]
[null,null,null,null,"Local","Perimetro","Comprimento",null,"Total"]
[null,null,null,null,"Calha do telhado",{"$f":"0.3+0.4+0.3","v":1},27.57,"=",{"$f":"TRUNC(F1043*G1043,2)","v":27.57}]
[]
[{"$f":"B1045&C1045","v":"11.891790"},"11.8",{"$f":"'ORÇAMENTO ANALÍTICO'!C163","v":91790},{"$f":"VLOOKUP(A1045,'ORÇAMENTO ANALÍTICO'!A:I,4,0)","v":"(COMPOSIÇÃO REPRESENTATIVA) DO SERVIÇO DE INSTALAÇÃO DE TUBOS DE PVC, SÉRIE R, ÁGUA PLUVIAL, DN 100 MM (INSTALADO EM RAMAL DE ENCAMINHAMENTO, OU CONDUTORES VERTICAIS), INCLUSIVE CONEXÕES, CORTES E FIXAÇÕES, PARA PRÉDIOS. AF_10/2015"},null,null,null,null,null,{"$f":"VLOOKUP(A1045,'ORÇAMENTO ANALÍTICO'!A:I,5,0)","v":"M"},{"$f":"I1047","v":40}]
[null,null,null,null,"Local","Comprimento","Quantidade",null,"Total"]
[null,null,null,null,"Tubo de queda",10,4,"=",{"$f":"TRUNC(G1047*F1047,2)","v":40}]
[]
[{"$f":"B1049&C1049","v":"11.994230"},"11.9",{"$f":"'ORÇAMENTO ANALÍTICO'!C164","v":""},{"$f":"VLOOKUP(A1049,'ORÇAMENTO ANALÍTICO'!A:I,4,0)","v":"CALHA DE BEIRAL, SEMICIRCULAR DE PVC, DIAMETRO 125 MM, INCLUINDO CABECEIRAS, EMENDAS, BOCAIS, SUPORTES E VEDAÇÕES, EXCLUINDO CONDUTORES, INCLUSO TRANSPORTE VERTICAL. AF_06/2016"},null,null,null,null,null,{"$f":"VLOOKUP(A1049,'ORÇAMENTO ANALÍTICO'!A:I,5,0)","v":"M"},{"$f":"I1051","v":12}]
[null,null,null,null,"Local","Comprimento",null,null,"Total"]
[null,null,null,null,"Calha frontal do telhado",12,null,"=",{"$f":"TRUNC(F1051,2)","v":12}]
[]
[null,{"$f":"'ORÇAMENTO ANALÍTICO'!B166","v":12},{"$f":"'ORÇAMENTO ANALÍTICO'!C166:H166","v":"PINTURAS"}]
[{"$f":"B1054&C1054","v":"12.117.018.0060-A"},"12.1",{"$f":"'ORÇAMENTO ANALÍTICO'!C167","v":"17.018.0060-A"},{"$f":"VLOOKUP(A1054,'ORÇAMENTO ANALÍTICO'!A:I,4,0)","v":"PREPARO DE SUPERFICIES NOVAS,COM REVESTIMENTO LISO INTERNO OU EXTERNO,INCLUSIVE UMA DEMAO DE SELADOR ACRILICO,DUAS DEMAOS DE MASSA ACRILICA E LIXAMENTOS NECESSARIOS"},null,null,null,null,null,{"$f":"VLOOKUP(A1054,'ORÇAMENTO ANALÍTICO'!A:I,5,0)","v":"M2"},{"$f":"H1081+G1099","v":1227.09}]
[null,"Subsolo"]
[null,null,"Local","Perimetro","Altura","Desconto",null,"Total"]
[null,null,"Deposito ",14.28,{"$f":"2.8","v":2.8},0,"=",{"$f":"TRUNC((D1057*E1057)-F1057,2)","v":39.98}]
[null,null,"Camarim reversivel",11.07,{"$f":"2.8","v":2.8},0,"=",{"$f":"TRUNC((D1058*E1058)-F1058,2)","v":30.99}]
[null,null,"Camarim 1",13.62,{"$f":"2.8","v":2.8},{"$f":"(0.8*2.1)+(0.6*2.1)","v":2.94},"=",{"$f":"TRUNC((D1059*E1059)-F1059,2)","v":35.19}]
[null,null,"Camarim 2",12.57,{"$f":"2.8","v":2.8},{"$f":"(0.8*2.1)*2","v":3.36},"=",{"$f":"TRUNC((D1060*E1060)-F1060,2)","v":31.83}]
[null,null,"Hall",24.1,{"$f":"2.8","v":2.8},{"$f":"((0.8*2.1)*5)+(1.5*2.1)","v":11.55},"=",{"$f":"TRUNC((D1061*E1061)-F1061,2)","v":55.93}]
[null,null,"Copa",7,{"$f":"2.8","v":2.8},0,"=",{"$f":"TRUNC((D1062*E1062)-F1062,2)","v":19.6}]
[null,"Térreo"]
[null,null,"Laterais do palco",{"$f":"7.3*2","v":14.6},{"$f":"6.6","v":6.6},0,"=",{"$f":"TRUNC((D1064*E1064)-F1064,2)","v":96.36}]
[null,null,"Fundos do palco",12.34,8.8,0,"=",{"$f":"TRUNC((D1065*E1065)-F1065,2)","v":108.59}]
[null,null,"Coxia",{"$f":"7.6+6.8","v":14.4},8.8,0,"=",{"$f":"TRUNC((D1066*E1066)-F1066,2)","v":126.72}]
[null,null,"Laterais da pláteia",13.52,7,{"$f":"(1.5*2.1)*2","v":6.3},"=",{"$f":"TRUNC((D1067*E1067)-F1067,2)","v":88.34}]
[null,null,"Fundos da pláteia",12.34,3.2,{"$f":"(2*2.5)","v":5},"=",{"$f":"TRUNC((D1068*E1068)-F1068,2)","v":34.48}]
[null,null,"Foyer",{"$f":"25.32+11.63","v":36.95},{"$f":"3.35","v":3.35},{"$f":"(0.7*2.1)*2+(0.8*2.1)+(2*2.5)+(1.2*2.5)*3","v":18.62},"=",{"$f":"TRUNC((D1069*E1069)-F1069,2)","v":105.16}]
[null,"1º Pavimento"]
[null,null,"Mureta do mezanino",12.34,{"$f":"1+0.65","v":1.65},0,"=",{"$f":"TRUNC((D1071*E1071)-F1071,2)","v":20.36}]
[null,null,"Mezanino",18.34,3.3,{"$f":"(0.7*2.1)*2+(2*2.5)+(2.5*1.2)","v":10.94},"=",{"$f":"TRUNC((D1072*E1072)-F1072,2)","v":49.58}]
[null,null,"Sala apoio",8.56,3.3,{"$f":"(0.7*2.1)+(0.6*2.1)","v":2.73},"=",{"$f":"TRUNC((D1073*E1073)-F1073,2)","v":25.51}]
[null,null,"Sala projeção",9.94,3.3,{"$f":"2.5*1.2","v":3},"=",{"$f":"TRUNC((D1074*E1074)-F1074,2)","v":29.8}]
[null,null,"Circulação",15.54,3.3,{"$f":"(1.2*3.3)","v":3.96},"=",{"$f":"TRUNC((D1075*E1075)-F1075,2)","v":47.32}]
[null,null,"Circulação em frente a ADM",5.9,3.3,{"$f":"(1.2*3.3)","v":3.96},"=",{"$f":"TRUNC((D1076*E1076)-F1076,2)","v":15.51}]
[null,null,"ADM",7.7,3.3,0,"=",{"$f":"TRUNC((D1077*E1077)-F1077,2)","v":25.41}]
[null,null,"Varanda",9.2,3.3,{"$f":"(1.6*3.3)","v":5.28},"=",{"$f":"TRUNC((D1078*E1078)-F1078,2)","v":25.08}]
[null,null,"Sacada",20.3,3.3,{"$f":"(1.2*2.5)*3","v":9},"=",{"$f":"TRUNC((D1079*E1079)-F1079,2)","v":57.99}]
[null,null,"Escada",15.6,3.3,0,"=",{"$f":"TRUNC((D1080*E1080)-F1080,2)","v":51.48}]
[null,null,null,null,null,"TOTAL PAREDE","=",{"$f":"SUM(H1057:H1062,H1064:H1069,H1071:H1080)","v":1121.21}]
[]
[null,"TETO"]
[null,null,null,"Local","Área",null,"Total"]
[null,null,null,"Deposito ",12.32,"=",{"$f":"TRUNC(E1085,2)","v":12.32}]
[null,null,null,"Camarim reversivel",7.62,"=",{"$f":"TRUNC(E1086,2)","v":7.62}]
[null,null,null,"Camarim 1",9.41,"=",{"$f":"TRUNC(E1087,2)","v":9.41}]
[null,null,null,"Banheiro PNE",4.74,"=",{"$f":"TRUNC(E1088,2)","v":4.74}]
[null,null,null,"Hall",20.02,"=",{"$f":"TRUNC(E1089,2)","v":20.02}]
[null,null,null,"Camarim 2",9.8,"=",{"$f":"TRUNC(E1090,2)","v":9.8}]
[null,null,null,"Banheiro",3.2,"=",{"$f":"TRUNC(E1091,2)","v":3.2}]
[null,null,null,"Copa",2.57,"=",{"$f":"TRUNC(E1092,2)","v":2.57}]
[null,null,null,"Laje da coxia",4.4,"=",{"$f":"TRUNC(E1093,2)","v":4.4}]
[null,null,null,"Laje técnica",5.5,"=",{"$f":"TRUNC(E1094,2)","v":5.5}]
[null,null,null,"Circulação",8.4,"=",{"$f":"TRUNC(E1095,2)","v":8.4}]
[null,null,null,"Banh. PNE",5.5,"=",{"$f":"TRUNC(E1096,2)","v":5.5}]
[null,null,null,"Bomboniere",3,"=",{"$f":"TRUNC(E1097,2)","v":3}]
[null,null,null,"Sacada",9.4,"=",{"$f":"TRUNC(E1098,2)","v":9.4}]
[null,null,null,null,"TOTAL TETO","=",{"$f":"SUM(G1085:G1098)","v":105.88}]
[]
[{"$f":"B1101&C1101","v":"12.288487"},"12.2",{"$f":"'ORÇAMENTO ANALÍTICO'!C168","v":""},{"$f":"VLOOKUP(A1101,'ORÇAMENTO ANALÍTICO'!A:I,4,0)","v":"APLICAÇÃO MANUAL DE PINTURA COM TINTA LÁTEX PVA EM PAREDES, DUAS DEMÃOS. AF_06/2014"},null,null,null,null,null,{"$f":"VLOOKUP(A1101,'ORÇAMENTO ANALÍTICO'!A:I,5,0)","v":"M2"},{"$f":"H1081","v":1121.21}]
[null,"Idem ao item 12.1 (Área total de parede)"]
[]
[{"$f":"B1104&C1104","v":"12.388486"},"12.3",{"$f":"'ORÇAMENTO ANALÍTICO'!C169","v":88486},{"$f":"VLOOKUP(A1104,'ORÇAMENTO ANALÍTICO'!A:I,4,0)","v":"APLICAÇÃO MANUAL DE PINTURA COM TINTA LÁTEX PVA EM TETO, DUAS DEMÃOS. AF_06/2014"},null,null,null,null,null,{"$f":"VLOOKUP(A1104,'ORÇAMENTO ANALÍTICO'!A:I,5,0)","v":"M2"},{"$f":"G1099","v":105.88}]
[null,"Idem ao item 12.1 (Área total do teto)"]
[]
[{"$f":"B1107&C1107","v":"12.417.025.0005-B"},"12.4",{"$f":"'ORÇAMENTO ANALÍTICO'!C170","v":"17.025.0005-B"},{"$f":"VLOOKUP(A1107,'ORÇAMENTO ANALÍTICO'!A:I,4,0)","v":"PINTURA COM TINTA ACRILICA,ANTIFUNGO/BACTERICIDA,PARA AMBIENTES INTERNOS E EXTERNOS PROPENSOS A UMIDADE E VAPORES,EM DUAS DEMAOS,SOBRE SELADOR ACRILICO E DUAS DEMAOS DE MASSA ACRILICA,INCLUSIVE LIMPEZA E LIXAMENTO"},null,null,null,null,null,{"$f":"VLOOKUP(A1107,'ORÇAMENTO ANALÍTICO'!A:I,5,0)","v":"M2"},{"$f":"SUM(H1109:H1112)","v":759.17}]
[null,null,null,"Local","Área","Desconto",null,"Total"]
[null,null,null,"Fachada Frontal",120,{"$f":"(1.2*2.5)*6+(1.6*2.5)*2+(1.2*1.7)*2","v":30.08},"=",{"$f":"TRUNC(E1109-F1109,2)","v":89.92}]
[null,null,null,"Fachada Lateral",260,{"$f":"(1.5*2.5)*3","v":11.25},"=",{"$f":"TRUNC(E1110-F1110,2)","v":248.75}]
[null,null,null,"Fachada Lateral",260,0,"=",{"$f":"TRUNC(E1111-F1111,2)","v":260}]
[null,null,null,"Fachada fundos",{"$f":"12.5*12.84","v":160.5},0,"=",{"$f":"TRUNC(E1112-F1112,2)","v":160.5}]
[]
[{"$f":"B1114&C1114","v":"12.595468"},"12.5",{"$f":"'ORÇAMENTO ANALÍTICO'!C171","v":95468},{"$f":"VLOOKUP(A1114,'ORÇAMENTO ANALÍTICO'!A:I,4,0)","v":"PINTURA ESMALTE BRILHANTE (2 DEMAOS) SOBRE SUPERFICIE METALICA, INCLUSIVE PROTECAO COM ZARCAO (1 DEMAO)"},null,null,null,null,null,{"$f":"VLOOKUP(A1114,'ORÇAMENTO ANALÍTICO'!A:I,5,0)","v":"M2"},{"$f":"H1116+H1117+H1118","v":59.7}]
[null,null,null,"Local","Extensão","Altura",null,"Total"]
[null,null,"Idem ao item 9.12  (guarda-corpo)",null,{"$f":"K754","v":35.2},1,"=",{"$f":"TRUNC(E1116*F1116,2)","v":35.2}]
[null,null,"Idem ao item 9.13 (Corrimão)",null,{"$f":"K763","v":13.7},1,"=",{"$f":"TRUNC(E1117*F1117,2)","v":13.7}]
[null,null,"Guarda-corpo da sacada",null,10.8,1,"=",{"$f":"TRUNC(E1118*F1118,2)","v":10.8}]
[]
[{"$f":"B1120&C1120","v":"12.674065/3"},"12.6",{"$f":"'ORÇAMENTO ANALÍTICO'!C172","v":"74065/3"},{"$f":"VLOOKUP(A1120,'ORÇAMENTO ANALÍTICO'!A:I,4,0)","v":"PINTURA ESMALTE BRILHANTE PARA MADEIRA, DUAS DEMAOS, SOBRE FUNDO NIVELADOR BRANCO"},null,null,null,null,null,{"$f":"VLOOKUP(A1120,'ORÇAMENTO ANALÍTICO'!A:I,5,0)","v":"M2"},{"$f":"I1122+I1123+I1124+I1125","v":59.22}]
[null,null,"Local","Comprimento","Altura","Quantidade","Lados",null,"Total"]
[null,"Item 9.3 (porta de 0,60)",null,0.6,2.1,1,2,"=",{"$f":"TRUNC(D1122*E1122*F1122,2)*G1122","v":2.52}]
[null,"Item 9.4 (porta de 0,70)",null,0.7,2.1,9,2,"=",{"$f":"TRUNC(D1123*E1123*F1123,2)*G1123","v":26.46}]
[null,"Item 9.5 (porta de 0,80)",null,0.8,2.1,8,2,"=",{"$f":"TRUNC(D1124*E1124*F1124,2)*G1124","v":26.88}]
[null,"Item 9.6 (porta de correr 0,80)",null,0.8,2.1,1,2,"=",{"$f":"TRUNC(D1125*E1125*F1125,2)*G1125","v":3.36}]
[]
[{"$f":"B1127&C1127","v":"12.76082"},"12.7",{"$f":"'ORÇAMENTO ANALÍTICO'!C173","v":""},{"$f":"VLOOKUP(A1127,'ORÇAMENTO ANALÍTICO'!A:I,4,0)","v":"PINTURA EM VERNIZ SINTETICO BRILHANTE EM MADEIRA, TRES DEMAOS"},null,null,null,null,null,{"$f":"VLOOKUP(A1127,'ORÇAMENTO ANALÍTICO'!A:I,5,0)","v":"M2"},{"$f":"H1129+H1130","v":66.18}]
[null,null,"Local","Área",null,"Lados",null,"Total"]
[null,"Idem ao item 9.1",null,{"$f":"K667","v":29.25},"x",2,"=",{"$f":"TRUNC(D1129*F1129,2)","v":58.5}]
[null,"Idem ao item 9.9",null,{"$f":"K739","v":3.84},"x",2,"=",{"$f":"TRUNC(D1130*F1130,2)","v":7.68}]
[null,{"$f":"'ORÇAMENTO ANALÍTICO'!B175","v":13},{"$f":"'ORÇAMENTO ANALÍTICO'!C175:H175","v":"APARELHOS"}]
[{"$f":"B1132&C1132","v":"13.186932"},"13.1",{"$f":"'ORÇAMENTO ANALÍTICO'!C176","v":86932},{"$f":"VLOOKUP(A1132,'ORÇAMENTO ANALÍTICO'!A:I,4,0)","v":"VASO SANITÁRIO SIFONADO COM CAIXA ACOPLADA LOUÇA BRANCA - PADRÃO MÉDIO, INCLUSO ENGATE FLEXÍVEL EM METAL CROMADO, 1/2\u0094 X 40CM - FORNECIMENTO E INSTALAÇÃO. AF_12/2013"},null,null,null,null,null,{"$f":"VLOOKUP(A1132,'ORÇAMENTO ANALÍTICO'!A:I,5,0)","v":"UN"},{"$f":"SUM(H1135:H1142)","v":7}]
[null,"Subsolo"]
[null,null,null,"Local",null,"Quantidade",null,"Total"]
[null,null,null,"WC",null,1,"=",{"$f":"F1135","v":1}]
[null,"Térreo"]
[null,null,null,"Local",null,"Quantidade",null,"Total"]
[null,null,null,"WC Fem.",null,3,"=",{"$f":"F1138","v":3}]
[null,null,null,"WC Masc.",null,2,"=",{"$f":"F1139","v":2}]
[null,"1º Pavimento"]
[null,null,null,"Local",null,"Quantidade",null,"Total"]
[null,null,null,"WC",null,1,"=",{"$f":"F1142","v":1}]
[]
[{"$f":"B1144&C1144","v":"13.295472"},"13.2",{"$f":"'ORÇAMENTO ANALÍTICO'!C177","v":""},{"$f":"VLOOKUP(A1144,'ORÇAMENTO ANALÍTICO'!A:I,4,0)","v":"VASO SANITARIO SIFONADO CONVENCIONAL PARA PCD SEM FURO FRONTAL COM LOUÇA BRANCA SEM ASSENTO, INCLUSO CONJUNTO DE LIGAÇÃO PARA BACIA SANITÁRIA AJUSTÁVEL - FORNECIMENTO E INSTALAÇÃO. AF_10/2016"},null,null,null,null,null,{"$f":"VLOOKUP(A1144,'ORÇAMENTO ANALÍTICO'!A:I,5,0)","v":"UN"},{"$f":"SUM(H1147:H1153)","v":3}]
[null,"Subsolo"]
[null,null,null,"Local",null,"Quantidade",null,"Total"]
[null,null,null,"Banh. PNE",null,1,"=",{"$f":"F1147","v":1}]
[null,"Térreo"]
[null,null,null,"Local",null,"Quantidade",null,"Total"]
[null,null,null,"Banh. PNE",null,1,"=",{"$f":"F1150","v":1}]
[null,"1º Pavimento"]
[null,null,null,"Local",null,"Quantidade",null,"Total"]
[null,null,null,"WC PNE",null,1,"=",{"$f":"F1153","v":1}]
[]
[{"$f":"B1155&C1155","v":"13.318.005.0030-A"},"13.3",{"$f":"'ORÇAMENTO ANALÍTICO'!C178","v":"18.005.0030-A"},{"$f":"VLOOKUP(A1155,'ORÇAMENTO ANALÍTICO'!A:I,4,0)","v":"ASSENTO ESPECIAL PARA VASO SANITARIO PARA PESSOAS COM NECESSIDADES ESPECIFICAS.FORNECIMENTO E COLOCACAO"},null,null,null,null,null,{"$f":"VLOOKUP(A1155,'ORÇAMENTO ANALÍTICO'!A:I,5,0)","v":"UN"},{"$f":"K1144","v":3}]
[null,"Idem ao item 13.2"]
[]
[{"$f":"B1158&C1158","v":"13.418.005.0015-A"},"13.4",{"$f":"'ORÇAMENTO ANALÍTICO'!C179","v":"18.005.0015-A"},{"$f":"VLOOKUP(A1158,'ORÇAMENTO ANALÍTICO'!A:I,4,0)","v":"ASSENTO SANITARIO DE PLASTICO,TIPO MEDIO LUXO.FORNECIMENTO E COLOCACAO"},null,null,null,null,null,{"$f":"VLOOKUP(A1158,'ORÇAMENTO ANALÍTICO'!A:I,5,0)","v":"UN"},{"$f":"K1132","v":7}]
[null,"Idem ao item 13.1"]
[]
[{"$f":"B1161&C1161","v":"13.574234/1"},"13.5",{"$f":"'ORÇAMENTO ANALÍTICO'!C180","v":"74234/1"},{"$f":"VLOOKUP(A1161,'ORÇAMENTO ANALÍTICO'!A:I,4,0)","v":"MICTORIO SIFONADO DE LOUCA BRANCA COM PERTENCES, COM REGISTRO DE PRESSAO 1/2\" COM CANOPLA CROMADA ACABAMENTO SIMPLES E CONJUNTO PARA FIXACAO  - FORNECIMENTO E INSTALACAO"},null,null,null,null,null,{"$f":"VLOOKUP(A1161,'ORÇAMENTO ANALÍTICO'!A:I,5,0)","v":"UN"},{"$f":"H1163","v":2}]
[null,null,null,"Local",null,"Quantidade",null,"Total"]
[null,null,null,"WC Masc.",null,2,"=",{"$f":"F1163","v":2}]
[]
[{"$f":"B1165&C1165","v":"13.640729"},"13.6",{"$f":"'ORÇAMENTO ANALÍTICO'!C181","v":40729},{"$f":"VLOOKUP(A1165,'ORÇAMENTO ANALÍTICO'!A:I,4,0)","v":"VALVULA DESCARGA 1.1/2\" COM REGISTRO, ACABAMENTO EM METAL CROMADO - FORNECIMENTO E INSTALACAO"},null,null,null,null,null,{"$f":"VLOOKUP(A1165,'ORÇAMENTO ANALÍTICO'!A:I,5,0)","v":"UN"},{"$f":"K1132+K1144","v":10}]
[null,"Idem ao item 13.1 e 13.2"]
[]
[{"$f":"B1168&C1168","v":"13.786942"},"13.7",{"$f":"'ORÇAMENTO ANALÍTICO'!C182","v":86942},{"$f":"VLOOKUP(A1168,'ORÇAMENTO ANALÍTICO'!A:I,4,0)","v":"LAVATÓRIO LOUÇA BRANCA SUSPENSO, 29,5 X 39CM OU EQUIVALENTE, PADRÃO POPULAR, INCLUSO SIFÃO TIPO GARRAFA EM PVC, VÁLVULA E ENGATE FLEXÍVEL 30CM EM PLÁSTICO E TORNEIRA CROMADA DE MESA, PADRÃO POPULAR - FORNECIMENTO E INSTALAÇÃO. AF_12/2013"},null,null,null,null,null,{"$f":"VLOOKUP(A1168,'ORÇAMENTO ANALÍTICO'!A:I,5,0)","v":"UN"},{"$f":"SUM(H1171:H1174)","v":2}]
[null,"Subsolo"]
[null,null,null,"Local",null,"Quantidade",null,"Total"]
[null,null,null,"WC",null,1,"=",{"$f":"F1171","v":1}]
[null,"1º Pavimento"]
[null,null,null,"Local",null,"Quantidade",null,"Total"]
[null,null,null,"WC",null,1,"=",{"$f":"F1174","v":1}]
[]
[{"$f":"B1176&C1176","v":"13.818.002.0014-A"},"13.8",{"$f":"'ORÇAMENTO ANALÍTICO'!C183","v":"18.002.0014-A"},{"$f":"VLOOKUP(A1176,'ORÇAMENTO ANALÍTICO'!A:I,4,0)","v":"LAVATORIO DE LOUCA BRANCA,COM COLUNA SUSPENSA,PARA PESSOAS COM NECESSIDADES ESPECIFICAS,COM MEDIDAS EM TORNO DE 45,5X35,5CM,INCLUSIVE SIFAO EM PVC FLEXIVEL,VALVULA DE ESCOAMENTO CROMADA,RABICHO EM PVC E TORNEIRA DE FECHAMENTO AUTOMATICO.FORNECIMENTO"},null,null,null,null,null,{"$f":"VLOOKUP(A1176,'ORÇAMENTO ANALÍTICO'!A:I,5,0)","v":"UN"},{"$f":"H1179+H1182+H1185","v":3}]
[null,"Subsolo"]
[null,null,null,"Local",null,"Quantidade",null,"Total"]
[null,null,null,"Banh. PNE",null,1,"=",{"$f":"F1179","v":1}]
[null,"Térreo"]
[null,null,null,"Local",null,"Quantidade",null,"Total"]
[null,null,null,"Banh. PNE",null,1,"=",{"$f":"F1182","v":1}]
[null,"1º Pavimento"]
[null,null,null,"Local",null,"Quantidade",null,"Total"]
[null,null,null,"WC PNE",null,1,"=",{"$f":"F1185","v":1}]
[]
[{"$f":"B1187&C1187","v":"13.993396"},"13.9",{"$f":"'ORÇAMENTO ANALÍTICO'!C184","v":93396},{"$f":"VLOOKUP(A1187,'ORÇAMENTO ANALÍTICO'!A:I,4,0)","v":"BANCADA GRANITO CINZA POLIDO 0,50 X 0,60M, INCL. CUBA DE EMBUTIR OVAL LOUÇA BRANCA 35 X 50CM, VÁLVULA METAL CROMADO, SIFÃO FLEXÍVEL PVC, ENGATE 30CM FLEXÍVEL PLÁSTICO E TORNEIRA CROMADA DE MESA, PADRÃO POPULAR - FORNEC. E INSTALAÇÃO. AF_12/2013"},null,null,null,null,null,{"$f":"VLOOKUP(A1187,'ORÇAMENTO ANALÍTICO'!A:I,5,0)","v":"UN"},{"$f":"H1189+H1190","v":3}]
[null,null,null,"Local",null,"Quantidade",null,"Total"]
[null,null,null,"WC Fem.",null,2,"=",{"$f":"F1189","v":2}]
[null,null,null,"WC Masc.",null,1,"=",{"$f":"F1190","v":1}]
[]
[{"$f":"B1192&C1192","v":"13.1018.016.0106-A"},"13.10",{"$f":"'ORÇAMENTO ANALÍTICO'!C185","v":"18.016.0106-A"},{"$f":"VLOOKUP(A1192,'ORÇAMENTO ANALÍTICO'!A:I,4,0)","v":"BARRA DE APOIO EM ACO INOXIDAVEL AISI 304,TUBO DE 1.1/4\",INCLUSIVE FIXACAO COM PARAFUSOS INOXIDAVEIS E BUCHAS PLASTICAS,COM 80CM,PARA PESSOAS COM NECESSIDADES ESPECIFICAS.FORNECIMENTO E COLOCACAO"},null,null,null,null,null,{"$f":"VLOOKUP(A1192,'ORÇAMENTO ANALÍTICO'!A:I,5,0)","v":"UN"},{"$f":"SUM(H1195:H1201)","v":7}]
[null,"Subsolo"]
[null,null,null,"Local",null,"Quantidade",null,"Total"]
[null,null,null,"Banh. PNE",null,3,"=",{"$f":"F1195","v":3}]
[null,"Térreo"]
[null,null,null,"Local",null,"Quantidade",null,"Total"]
[null,null,null,"Banh. PNE",null,2,"=",{"$f":"F1198","v":2}]
[null,"1º Pavimento"]
[null,null,null,"Local",null,"Quantidade",null,"Total"]
[null,null,null,"WC PNE",null,2,"=",{"$f":"F1201","v":2}]
[]
[{"$f":"B1203&C1203","v":"13.1118.007.0090-A"},"13.11",{"$f":"'ORÇAMENTO ANALÍTICO'!C186","v":"18.007.0090-A"},{"$f":"VLOOKUP(A1203,'ORÇAMENTO ANALÍTICO'!A:I,4,0)","v":"CHUVEIRO COM DESVIADOR E DUCHA MANUAL,CROMADO,PARA PESSOAS COM NECESSIDADES ESPECIFICAS.FORNECIMENTO"},null,null,null,null,null,{"$f":"VLOOKUP(A1203,'ORÇAMENTO ANALÍTICO'!A:I,5,0)","v":"UN"},{"$f":"H1206","v":1}]
[null,"Subsolo"]
[null,null,null,"Local",null,"Quantidade",null,"Total"]
[null,null,null,"Banh. PNE",null,1,"=",{"$f":"F1206","v":1}]
[]
[{"$f":"B1208&C1208","v":"13.1218.007.0075-A"},"13.12",{"$f":"'ORÇAMENTO ANALÍTICO'!C187","v":"18.007.0075-A"},{"$f":"VLOOKUP(A1208,'ORÇAMENTO ANALÍTICO'!A:I,4,0)","v":"CHUVEIRO ELETRICO,EM METAL CROMADO,EM 110/220V,COM BRACO CROMADO DE 1/2\" E 1 REGISTRO DE PRESSAO 1416 DE 3/4\",COM CANOPLA E VOLANTE EM METAL CROMADO.FORNECIMENTO"},null,null,null,null,null,{"$f":"VLOOKUP(A1208,'ORÇAMENTO ANALÍTICO'!A:I,5,0)","v":"UN"},{"$f":"H1211","v":1}]
[null,"Subsolo"]
[null,null,null,"Local",null,"Quantidade",null,"Total"]
[null,null,null,"WC",null,1,"=",{"$f":"F1211","v":1}]
[]
[{"$f":"B1213&C1213","v":"13.1314.007.0321-A"},"13.13",{"$f":"'ORÇAMENTO ANALÍTICO'!C188","v":"14.007.0321-A"},{"$f":"VLOOKUP(A1213,'ORÇAMENTO ANALÍTICO'!A:I,4,0)","v":"PUXADOR HORIZONTAL PARA PORTA,TIPO ALCA,PARA PESSOAS COM NECESSIDADES ESPECIFICAS, EM TUBO DE ACO INOXIDAVEL DE 1.1/4\",AISI-304,LIGA 18.8,COM 30CM.FORNECIMENTO"},null,null,null,null,null,{"$f":"VLOOKUP(A1213,'ORÇAMENTO ANALÍTICO'!A:I,5,0)","v":"UN"},{"$f":"SUM(H1216:H1222)","v":3}]
[null,"Subsolo"]
[null,null,null,"Local",null,"Quantidade",null,"Total"]
[null,null,null,"Banh. PNE",null,1,"=",{"$f":"F1216","v":1}]
[null,"Térreo"]
[null,null,null,"Local",null,"Quantidade",null,"Total"]
[null,null,null,"Banh. PNE",null,1,"=",{"$f":"F1219","v":1}]
[null,"1º Pavimento"]
[null,null,null,"Local",null,"Quantidade",null,"Total"]
[null,null,null,"WC PNE",null,1,"=",{"$f":"F1222","v":1}]
[]
[{"$f":"B1224&C1224","v":"13.1486934"},"13.14",{"$f":"'ORÇAMENTO ANALÍTICO'!C189","v":86934},{"$f":"VLOOKUP(A1224,'ORÇAMENTO ANALÍTICO'!A:I,4,0)","v":"BANCADA DE MÁRMORE SINTÉTICO 120 X 60CM, COM CUBA INTEGRADA, INCLUSO SIFÃO TIPO FLEXÍVEL EM PVC, VÁLVULA EM PLÁSTICO CROMADO TIPO AMERICANA E TORNEIRA CROMADA LONGA, DE PAREDE, PADRÃO POPULAR - FORNECIMENTO E INSTALAÇÃO. AF_12/2013"},null,null,null,null,null,{"$f":"VLOOKUP(A1224,'ORÇAMENTO ANALÍTICO'!A:I,5,0)","v":"UN"},{"$f":"H1227","v":1}]
[null,"Subsolo"]
[null,null,null,"Local",null,"Quantidade",null,"Total"]
[null,null,null,"Copa",null,1,"=",{"$f":"F1227","v":1}]
[]
[{"$f":"B1229&C1229","v":"13.1588571"},"13.15",{"$f":"'ORÇAMENTO ANALÍTICO'!C190","v":88571},{"$f":"VLOOKUP(A1229,'ORÇAMENTO ANALÍTICO'!A:I,4,0)","v":"SABONETEIRA DE SOBREPOR (FIXADA NA PAREDE), TIPO CONCHA, EM ACO INOXIDAVEL - FORNECIMENTO E INSTALACAO"},null,null,null,null,null,{"$f":"VLOOKUP(A1229,'ORÇAMENTO ANALÍTICO'!A:I,5,0)","v":"UN"},{"$f":"H1232+H1233","v":2}]
[null,"Subsolo"]
[null,null,null,"Local",null,"Quantidade",null,"Total"]
[null,null,null,"WC",null,1,"=",{"$f":"F1232","v":1}]
[null,null,null,"Banh. PNE",null,1,"=",{"$f":"F1233","v":1}]
[]
[{"$f":"B1235&C1235","v":"13.1695547"},"13.16",{"$f":"'ORÇAMENTO ANALÍTICO'!C191","v":95547},{"$f":"VLOOKUP(A1235,'ORÇAMENTO ANALÍTICO'!A:I,4,0)","v":"SABONETEIRA PLASTICA TIPO DISPENSER PARA SABONETE LIQUIDO COM RESERVATORIO 800 A 1500 ML, INCLUSO FIXAÇÃO. AF_10/2016"},null,null,null,null,null,{"$f":"VLOOKUP(A1235,'ORÇAMENTO ANALÍTICO'!A:I,5,0)","v":"UN"},{"$f":"SUM(H1238:H1248)","v":8}]
[null,"Subsolo"]
[null,null,null,"Local",null,"Quantidade",null,"Total"]
[null,null,null,"WC",null,1,"=",{"$f":"F1238","v":1}]
[null,null,null,"Banh. PNE",null,1,"=",{"$f":"F1239","v":1}]
[null,"Térreo"]
[null,null,null,"Local",null,"Quantidade",null,"Total"]
[null,null,null,"WC Fem.",null,2,"=",{"$f":"F1242","v":2}]
[null,null,null,"WC Masc.",null,1,"=",{"$f":"F1243","v":1}]
[null,null,null,"Banh. PNE",null,1,"=",{"$f":"F1244","v":1}]
[null,"1º Pavimento"]
[null,null,null,"Local",null,"Quantidade",null,"Total"]
[null,null,null,"WC",null,1,"=",{"$f":"F1247","v":1}]
[null,null,null,"WC PNE",null,1,"=",{"$f":"F1248","v":1}]
[]
[{"$f":"B1250&C1250","v":"13.1795544"},"13.17",{"$f":"'ORÇAMENTO ANALÍTICO'!C192","v":95544},{"$f":"VLOOKUP(A1250,'ORÇAMENTO ANALÍTICO'!A:I,4,0)","v":"PAPELEIRA DE PAREDE EM METAL CROMADO SEM TAMPA, INCLUSO FIXAÇÃO. AF_10/2016"},null,null,null,null,null,{"$f":"VLOOKUP(A1250,'ORÇAMENTO ANALÍTICO'!A:I,5,0)","v":"UN"},{"$f":"SUM(H1253:H1263)","v":8}]
[null,"Subsolo"]
[null,null,null,"Local",null,"Quantidade",null,"Total"]
[null,null,null,"WC",null,1,"=",{"$f":"F1253","v":1}]
[null,null,null,"Banh. PNE",null,1,"=",{"$f":"F1254","v":1}]
[null,"Térreo"]
[null,null,null,"Local",null,"Quantidade",null,"Total"]
[null,null,null,"WC Fem.",null,2,"=",{"$f":"F1257","v":2}]
[null,null,null,"WC Masc.",null,1,"=",{"$f":"F1258","v":1}]
[null,null,null,"Banh. PNE",null,1,"=",{"$f":"F1259","v":1}]
[null,"1º Pavimento"]
[null,null,null,"Local",null,"Quantidade",null,"Total"]
[null,null,null,"WC",null,1,"=",{"$f":"F1262","v":1}]
[null,null,null,"WC PNE",null,1,"=",{"$f":"F1263","v":1}]
[]
[{"$f":"B1265&C1265","v":"13.1818.005.0013-A"},"13.18",{"$f":"'ORÇAMENTO ANALÍTICO'!C193","v":"18.005.0013-A"},{"$f":"VLOOKUP(A1265,'ORÇAMENTO ANALÍTICO'!A:I,4,0)","v":"PORTA PAPEL HIGIENICO EM PLASTICO ABS.FORNECIMENTRO E COLOCACAO"},null,null,null,null,null,{"$f":"VLOOKUP(A1265,'ORÇAMENTO ANALÍTICO'!A:I,5,0)","v":"UN"},{"$f":"SUM(H1268:H1278)","v":10}]
[null,"Subsolo"]
[null,null,null,"Local",null,"Quantidade",null,"Total"]
[null,null,null,"WC",null,1,"=",{"$f":"F1268","v":1}]
[null,null,null,"Banh. PNE",null,1,"=",{"$f":"F1269","v":1}]
[null,"Térreo"]
[null,null,null,"Local",null,"Quantidade",null,"Total"]
[null,null,null,"WC Fem.",null,3,"=",{"$f":"F1272","v":3}]
[null,null,null,"WC Masc.",null,2,"=",{"$f":"F1273","v":2}]
[null,null,null,"Banh. PNE",null,1,"=",{"$f":"F1274","v":1}]
[null,"1º Pavimento"]
[null,null,null,"Local",null,"Quantidade",null,"Total"]
[null,null,null,"WC",null,1,"=",{"$f":"F1277","v":1}]
[null,null,null,"WC PNE",null,1,"=",{"$f":"F1278","v":1}]
[]
[{"$f":"B1280&C1280","v":"13.1974194/1"},"13.19",{"$f":"'ORÇAMENTO ANALÍTICO'!C194","v":"74194/1"},{"$f":"VLOOKUP(A1280,'ORÇAMENTO ANALÍTICO'!A:I,4,0)","v":"ESCADA TIPO MARINHEIRO EM TUBO ACO GALVANIZADO 1 1/2\" 5 DEGRAUS"},null,null,null,null,null,{"$f":"VLOOKUP(A1280,'ORÇAMENTO ANALÍTICO'!A:I,5,0)","v":"M"},{"$f":"I1282","v":3.3}]
[null,null,null,null,"Local","Comprimento",null,null,"Total"]
[null,null,null,null,"Sala de projeção",3.3,null,"=",{"$f":"TRUNC(F1282,2)","v":3.3}]
[]
[{"$f":"B1284&C1284","v":"13.2018.040.0025-A"},"13.20",{"$f":"'ORÇAMENTO ANALÍTICO'!C195","v":"18.040.0025-A"},{"$f":"VLOOKUP(A1284,'ORÇAMENTO ANALÍTICO'!A:I,4,0)","v":"PLATAFORMA PARA TRANSPORTE VERTICAL,PERCURSO DE 3,17M,CAPACIDADE PARA 230KG,VELOCIDADE DE 6M/MINUTO,COM DUAS PARADAS,GUARDA CORPO LATERAL COM BRACO TIPO BASCULANTE E ACESSO PELO MESMO LADO,COMANDO AUTOMATICO SIMPLES NAS DUAS PARADAS FRANQUEADO,CHAVE NA CABINE,MOTOR ELETRICO DE 2CV A 1720RPM,60HZ,TRIFASICO (220/380V).FORNECIMENTO,MONTAGEM E INSTALACAO"},null,null,null,null,null,{"$f":"VLOOKUP(A1284,'ORÇAMENTO ANALÍTICO'!A:I,5,0)","v":"UN"},{"$f":"H1286+H1287","v":2}]
[null,null,null,"Local",null,"Quantidade",null,"Total"]
[null,null,null,"Subsolo",null,1,"=",{"$f":"F1286","v":1}]
[null,null,null,"Terreo",null,1,"=",{"$f":"F1287","v":1}]
[]
[{"$f":"B1289&C1289","v":"13.2118.030.0001-A"},"13.21",{"$f":"'ORÇAMENTO ANALÍTICO'!C196","v":"18.030.0001-A"},{"$f":"VLOOKUP(A1289,'ORÇAMENTO ANALÍTICO'!A:I,4,0)","v":"CONDICIONADOR DE AR TIPO SPLIT 9000 BTU'S COMPREENDENDO 1 CONDENSADOR E 1 EVAPORADOR(VIDE INSTALACAO,ASSENTAMENTO E INTERLIGACOES FAMILIA 15.005).FORNECIMENTO"},null,null,null,null,null,{"$f":"VLOOKUP(A1289,'ORÇAMENTO ANALÍTICO'!A:I,5,0)","v":"UN"},{"$f":"SUM(H1292:H1297)","v":4}]
[null,"Subsolo"]
[null,null,null,"Local",null,"Quantidade",null,"Total"]
[null,null,null,"Camarim reversivel",null,1,"=",{"$f":"F1292","v":1}]
[null,"1º Pavimento"]
[null,null,null,"Local",null,"Quantidade",null,"Total"]
[null,null,null,"Sala de apoio",null,1,"=",{"$f":"F1295","v":1}]
[null,null,null,"Sala de projeção",null,1,"=",{"$f":"F1296","v":1}]
[null,null,null,"ADM",null,1,"=",{"$f":"F1297","v":1}]
[]
[{"$f":"B1299&C1299","v":"13.2215.005.0200-A"},"13.22",{"$f":"'ORÇAMENTO ANALÍTICO'!C197","v":"15.005.0200-A"},{"$f":"VLOOKUP(A1299,'ORÇAMENTO ANALÍTICO'!A:I,4,0)","v":"INSTALACAO E ASSENTAMENTO DE AR CONDICIONADO TIPO SPLIT DE 9000 BTU'S,COM 1 CONDENSADOR E 1 EVAPORADOR,(VIDE FORNECIMENTO DO APARELHO NA FAMILIA 18.030)INCLUSIVE ACESSORIOS DE FIXACAO,EXCLUSIVE ALIMENTACAO ELETRICA E INTERLIGACAO AO CONDENSADOR/EVAPORADOR(VIDE ITEM 15.005.0255)"},null,null,null,null,null,{"$f":"VLOOKUP(A1299,'ORÇAMENTO ANALÍTICO'!A:I,5,0)","v":"UN"},{"$f":"K1289","v":4}]
[null,"Idem ao item 13.21"]
[]
[{"$f":"B1302&C1302","v":"13.2318.030.0002-A"},"13.23",{"$f":"'ORÇAMENTO ANALÍTICO'!C198","v":"18.030.0002-A"},{"$f":"VLOOKUP(A1302,'ORÇAMENTO ANALÍTICO'!A:I,4,0)","v":"CONDICIONADOR DE AR TIPO SPLIT 12000 BTU'S COMPREENDENDO 1 CONDENSADOR E 1 EVAPORADOR(VIDE INSTALACAO,ASSENTAMENTO E INTERLIGACOES FAMILIA 15.005).FORNECIMENTO"},null,null,null,null,null,{"$f":"VLOOKUP(A1302,'ORÇAMENTO ANALÍTICO'!A:I,5,0)","v":"UN"},{"$f":"SUM(H1305:H1306)","v":2}]
[null,"Subsolo"]
[null,null,null,"Local",null,"Quantidade",null,"Total"]
[null,null,null,"Camarim 1",null,1,"=",{"$f":"F1305","v":1}]
[null,null,null,"Camarim 2",null,1,"=",{"$f":"F1306","v":1}]
[]
[{"$f":"B1308&C1308","v":"13.2415.005.0201-A"},"13.24",{"$f":"'ORÇAMENTO ANALÍTICO'!C199","v":"15.005.0201-A"},{"$f":"VLOOKUP(A1308,'ORÇAMENTO ANALÍTICO'!A:I,4,0)","v":"INSTALACAO E ASSENTAMENTO DE AR CONDICIONADO TIPO SPLIT DE 12000 BTU'S,COM 1 CONDENSADOR E 1 EVAPORADOR,(VIDE FORNECIMENTO DO APARELHO NA FAMILIA 18.030)INCLUSIVE ACESSORIOS DE FIXACAO,EXCLUSIVE ALIMENTACAO ELETRICA E INTERLIGACAO AO CONDENSADOR/EVAPORADOR (VIDE ITEM 15.005.0255)"},null,null,null,null,null,{"$f":"VLOOKUP(A1308,'ORÇAMENTO ANALÍTICO'!A:I,5,0)","v":"UN"},{"$f":"K1302","v":2}]
[null,"Idem ao item 13.23"]
[]
[{"$f":"B1311&C1311","v":"13.2518.030.0009-A"},"13.25",{"$f":"'ORÇAMENTO ANALÍTICO'!C200","v":"18.030.0009-A"},{"$f":"VLOOKUP(A1311,'ORÇAMENTO ANALÍTICO'!A:I,4,0)","v":"CONDICIONADOR DE AR TIPO SPLIT 48000 BTU'S COMPREENDENDO 1 CONDENSADOR E 1 EVAPORADOR(VIDE INSTALACAO,ASSENTAMENTO E INTERLIGACOES FAMILIA 15.005).FORNECIMENTO"},null,null,null,null,null,{"$f":"VLOOKUP(A1311,'ORÇAMENTO ANALÍTICO'!A:I,5,0)","v":"UN"},{"$f":"H1314","v":2}]
[null,"Terreo"]
[null,null,null,"Local",null,"Quantidade",null,"Total"]
[null,null,null,"Foyer",null,2,"=",{"$f":"F1314","v":2}]
[]
[{"$f":"B1316&C1316","v":"13.2615.005.0208-A"},"13.26",{"$f":"'ORÇAMENTO ANALÍTICO'!C201","v":"15.005.0208-A"},{"$f":"VLOOKUP(A1316,'ORÇAMENTO ANALÍTICO'!A:I,4,0)","v":"INSTALACAO E ASSENTAMENTO DE AR CONDICIONADO TIPO SPLIT DE 48000 BTU'S,COM 1 CONDENSADOR E 1 EVAPORADOR,(VIDE FORNECIMENTO DO APARELHO NA FAMILIA 18.030)INCLUSIVE ACESSORIOS DE FIXACAO,EXCLUSIVE ALIMENTACAO ELETRICA E INTERLIGACAO AO CONDENSADOR/EVAPORADOR (VIDE ITEM 15.005.0255)"},null,null,null,null,null,{"$f":"VLOOKUP(A1316,'ORÇAMENTO ANALÍTICO'!A:I,5,0)","v":"UN"},{"$f":"K1311","v":2}]
[null,"Idem ao item 13.25"]
[]
[{"$f":"B1319&C1319","v":"13.2718.030.0010-A"},"13.27",{"$f":"'ORÇAMENTO ANALÍTICO'!C202","v":"18.030.0010-A"},{"$f":"VLOOKUP(A1319,'ORÇAMENTO ANALÍTICO'!A:I,4,0)","v":"CONDICIONADOR DE AR TIPO SPLIT 60000 BTU'S COMPREENDENDO 1 CONDENSADOR E 1 EVAPORADOR(VIDE INSTALACAO,ASSENTAMENTO E INTERLIGACOES FAMILIA 15.005).FORNECIMENTO"},null,null,null,null,null,{"$f":"VLOOKUP(A1319,'ORÇAMENTO ANALÍTICO'!A:I,5,0)","v":"UN"},{"$f":"H1322","v":6}]
[null,"Terreo"]
[null,null,null,"Local",null,"Quantidade",null,"Total"]
[null,null,null,"Platéia",null,6,"=",{"$f":"F1322","v":6}]
[]
[{"$f":"B1324&C1324","v":"13.2815.005.0209-A"},"13.28",{"$f":"'ORÇAMENTO ANALÍTICO'!C203","v":"15.005.0209-A"},{"$f":"VLOOKUP(A1324,'ORÇAMENTO ANALÍTICO'!A:I,4,0)","v":"INSTALACAO E ASSENTAMENTO DE AR CONDICIONADO TIPO SPLIT DE 60000 BTU'S,COM 1 CONDENSADOR E 1 EVAPORADOR,(VIDE FORNECIMENTO DO APARELHO NA FAMILIA 18.030)INCLUSIVE ACESSORIOS DE FIXACAO,EXCLUSIVE ALIMENTACAO ELETRICA E INTERLIGACAO AO CONDENSADOR/EVAPORADOR (VIDE ITEM 15.005.0255)"},null,null,null,null,null,{"$f":"VLOOKUP(A1324,'ORÇAMENTO ANALÍTICO'!A:I,5,0)","v":"UN"},{"$f":"K1319","v":6}]
[null,"Idem ao item 13.27"]
[]
[{"$f":"B1327&C1327","v":"13.2915.005.0255-A"},"13.29",{"$f":"'ORÇAMENTO ANALÍTICO'!C204","v":"15.005.0255-A"},{"$f":"VLOOKUP(A1327,'ORÇAMENTO ANALÍTICO'!A:I,4,0)","v":"TUBULACAO EM COBRE PARA INTERLIGACAO DE SPLIT SYSTEM AO CONDENSADOR/EVAPORADOR,INCLUSIVE ISOLAMENTO TERMICO,ALIMENTACAOELETRICA,CONEXOES E FIXACAO,PARA APARELHOS ATE 48000 BTU'S.FORNECIMENTO E INSTALACAO"},null,null,null,null,null,{"$f":"VLOOKUP(A1327,'ORÇAMENTO ANALÍTICO'!A:I,5,0)","v":"M"},{"$f":"SUM(H1330:H1332,H1337,H1339:H1341)","v":75.7}]
[null,"Subsolo"]
[null,null,null,"Local","Extensão","Quantidade",null,"Total"]
[null,null,null,"Camarim reversivel",8.3,1,"=",{"$f":"TRUNC(E1330*F1330,2)","v":8.3}]
[null,null,null,"Camarim 02",8.3,1,"=",{"$f":"TRUNC(E1331*F1331,2)","v":8.3}]
[null,null,null,"Camarim 01",6.8,1,"=",{"$f":"TRUNC(E1332*F1332,2)","v":6.8}]
[null,"Obs: Quantidade estimada levando em consideração uma possível localização dos condensadores no prisma."]
[]
[null,"Terreo"]
[null,null,null,"Local","Extensão","Quantidade",null,"Total"]
[null,null,null,"Foyer",12.2,2,"=",{"$f":"TRUNC(E1337*F1337,2)","v":24.4}]
[null,"1º Pavimento"]
[null,null,null,"Sala de apoio",10.2,1,"=",{"$f":"TRUNC(E1339*F1339,2)","v":10.2}]
[null,null,null,"Sala de projeção",10.2,1,"=",{"$f":"TRUNC(E1340*F1340,2)","v":10.2}]
[null,null,null,"ADM",7.5,1,"=",{"$f":"TRUNC(E1341*F1341,2)","v":7.5}]
[null,"Obs: Quantidade estimada levando em consideração uma possível localização dos condensadores na parte interna da platibanda frontal ."]
[]
[{"$f":"B1344&C1344","v":"13.3015.005.0260-A"},"13.30",{"$f":"'ORÇAMENTO ANALÍTICO'!C205","v":"15.005.0260-A"},{"$f":"VLOOKUP(A1344,'ORÇAMENTO ANALÍTICO'!A:I,4,0)","v":"TUBULACAO EM COBRE PARA INTERLIGACAO DE SPLIT SYSTEM AO CONDENSADOR/EVAPORADOR,INCLUSIVE ISOLAMENTO TERMICO,ALIMENTACAOELETRICA,CONEXOES E FIXACAO,PARA APARELHOS DE 60000 BTU'S.FORNECIMENTO E INSTALACAO"},null,null,null,null,null,{"$f":"VLOOKUP(A1344,'ORÇAMENTO ANALÍTICO'!A:I,5,0)","v":"M"},{"$f":"H1346","v":120}]
[null,null,null,"Local","Extensão","Quantidade",null,"Total"]
[null,null,null,"Platéia",20,6,"=",{"$f":"TRUNC(E1346*F1346,2)","v":120}]
[]
[null,"Obs: Quantidade estimada levando em consideração uma possível localização dos condensadores no prisma."]
[]
[{"$f":"B1350&C1350","v":"13.31COTAÇÃO 04"},"13.31",{"$f":"'ORÇAMENTO ANALÍTICO'!C206","v":"COTAÇÃO 04"},{"$f":"VLOOKUP(A1350,'ORÇAMENTO ANALÍTICO'!A:I,4,0)","v":"POLTRONA COM ASSENTO RETRÁTIL E ENCOSTO FIXO REVESTIDA EM TECIDO OU COURO ECOLÓGICO"},null,null,null,null,null,{"$f":"VLOOKUP(A1350,'ORÇAMENTO ANALÍTICO'!A:I,5,0)","v":"UN"},{"$f":"H1353+H1356","v":150}]
[null,"Terreo"]
[null,null,null,"Local",null,"Quantidade",null,"Total"]
[null,null,null,"Platéia",null,130,"=",{"$f":"F1353","v":130}]
[null,"1º Pavimento"]
[null,null,null,"Local",null,"Quantidade",null,"Total"]
[null,null,null,"Mezanino",null,20,"=",{"$f":"F1356","v":20}]
[]
[null,"14 - ADMINISTRAÇÃO LOCAL DA OBRA"]
[null,"14.1",null,"ADMINISTRAÇÃO LOCAL DA OBRA",null,null,null,null,null,"UR",100]
[null,null,null,"Somatório Mão de Obra",null,"B.D.I.","Total "]
[null,null,null,{"$f":"SUM(H1365,H1368)","v":46209.6},null,0.2882,{"$f":"TRUNC((D1361*F1361)+D1361,2)-0.34","v":59526.86}]
[]
[null,90778,"ENGENHEIRO CIVIL DE OBRA PLENO COM ENCARGOS COMPLEMENTARES"]
[null,null,"Horas","Dias úteis","Meses","Quantidade","Preço Unitário","Subtotal"]
[null,null,2,10,8,1,87.14,{"$f":"TRUNC(C1365*D1365*E1365*F1365*G1365,2)","v":13942.4}]
[null,"05.105.0063-A",{"$f":"'EMOP 01-2019'!B3873","v":0}]
[null,null,"Horas","Dias úteis","Meses","Quantidade","Preço Unitário","Subtotal"]
[null,null,7,20,8,1,{"$f":"'EMOP 01-2019'!J3873","v":28.81},{"$f":"TRUNC(C1368*D1368*E1368*F1368*G1368,2)","v":32267.2},{"$f":"H1368*(1+F1361)","v":41566.60704}]
[]
[null,88326,"VIGIA NOTURNO COM ENCARGOS COMPLEMENTARES"]
[null,null,"Horas","Dias úteis","Meses","Quantidade","Preço Unitário","Subtotal"]
[null,null,8,15,7,1,"20,87",{"$f":"TRUNC(C1372*D1372*E1372*F1372*G1372,2)","v":17530.8}]
[]
[null,null,null,null,null,null,null,{"$f":"(H1368+H1365)*1.2882","v":59527.20672}]
[]
[]
[null,null,null,null,null,null,null,{"$error":"#N/A"}]
[null,null,null,null,null,null,null,{"$f":"H1377-H1365-H1368","v":{"$error":"#N/A"}}]

{"sheet":"QCI","index":3,"n_rows":38,"n_cols":27,"rows_kept":38,"cut":false,"hidden":false,"merged":[[4,0,4,5],[4,6,4,11],[4,13,4,17],[4,19,4,23],[4,24,4,25],[7,13,7,17],[7,18,7,22],[7,23,7,25],[10,13,10,16],[10,17,10,21],[11,0,11,10],[11,13,11,16],[11,17,11,22],[12,1,12,9],[13,1,13,9],[14,1,14,9],[15,1,15,9],[16,1,16,9],[17,1,17,9],[18,1,18,9],[19,1,19,9],[20,1,20,9],[21,1,21,9],[22,1,22,9],[23,1,23,9],[24,1,24,9],[25,1,25,9],[25,26,25,27],[26,1,26,9],[26,26,26,27],[27,5,27,9],[28,5,28,9],[29,20,29,24],[31,0,31,16],[36,0,36,9]],"read":"malformed"}
[]
[null,null,null,null,null,null,null,null,null,"QCI - Quadro de Composição do Investimento - OBRA DE REFORMA"]
[]
[{"$error":"#N/A"},null,null,null,null,null,"Proponente/Tomador",null,null,null,null,null,null,"Município/UF",null,null,null,null,null,"Empreendimento ( nome/apelido)",null,null,null,null,"Aprovação  (data)"]
["1006253-79/2013",null,null,null,null,null,"PREFEITURA MUNICIPAL DE ITABORAÍ",null,null,null,null,null,null,"ITABORAÍ / RJ",null,null,null,null,null,"REFORMA DO TEATRO JOÃO CAETANO"]
[]
["Operação",null,null,null,null,null,null,null,null,null,null,null,null,"Programa/Modalidade/Ação"]
[null,null,"Financiamento",null,null,null,null,null,"X","Repassse",null,null,null,"MINISTÉRIO DA CULTURA"]
[]
[null,null,null,null,null,null,null,null,null,null,null,"Ocultar","OCULTAR"]
[null,null,null,null,null,null,null,null,null,null,null,"Limite"]
["Discriminação",null,null,null,null,null,null,null,null,null,null,null,null,{"$f":"IF(B8<>0,\"Financiamento\",\"Repasse\")","v":0},null,null,null,"Contrapartida",null,null,null,null,null,"Total","Execução","Contrapartida"]
["Item","Descição",null,null,null,null,null,null,null,null,"Quant./unid","Superior","Inferior","R$","VERIFIC USO REP","SOMENTE CP","%","Próprios       (R$)","CONTA PREENCH","(%)","CP Adicional (R$)","(%)","Total %"," R$","EF ou AD","OS ou FIN"]
[1,{"$f":"'ORÇAMENTO SINTÉTICO'!B15:D15","v":0},null,null,null,null,null,null,null,null,null,null,null,25506.09,null,null,{"$f":"N14/X14","v":0.839445505842627},{"$f":"X14-N14","v":4878.36},null,{"$f":"R14/X14","v":0.160554494157373},null,null,{"$f":"Q14+T14","v":1},{"$f":"'ORÇAMENTO SINTÉTICO'!E15","v":30384.45}]
[2,{"$f":"'ORÇAMENTO SINTÉTICO'!B16:D16","v":0},null,null,null,null,null,null,null,null,null,null,null,10139.48,null,null,{"$f":"N15/X15","v":0.839445010634343},{"$f":"X15-N15","v":1939.31},null,{"$f":"R15/X15","v":0.160554989365657},null,null,{"$f":"Q15+T15","v":""},{"$f":"'ORÇAMENTO SINTÉTICO'!E16","v":12078.79}]
[3,{"$f":"'ORÇAMENTO SINTÉTICO'!B17:D17","v":0},null,null,null,null,null,null,null,null,null,null,null,12468.07,null,null,{"$f":"N16/X16","v":0.839445220582047},{"$f":"X16-N16","v":2384.68},null,{"$f":"R16/X16","v":0.160554779417953},null,null,{"$f":"Q16+T16","v":""},{"$f":"'ORÇAMENTO SINTÉTICO'!E17","v":14852.75}]
[4,{"$f":"'ORÇAMENTO SINTÉTICO'!B18:D18","v":0},null,null,null,null,null,null,null,null,null,null,null,2040.45,null,null,{"$f":"N17/X17","v":0.839446087768594},{"$f":"X17-N17","v":390.26},null,{"$f":"R17/X17","v":0.160553912231406},null,null,{"$f":"Q17+T17","v":""},{"$f":"'ORÇAMENTO SINTÉTICO'!E18","v":2430.71}]
[5,{"$f":"'ORÇAMENTO SINTÉTICO'!B19:D19","v":0},null,null,null,null,null,null,null,null,null,null,null,22276.38,null,null,{"$f":"N18/X18","v":0.839445423789107},{"$f":"X18-N18","v":4260.64},null,{"$f":"R18/X18","v":0.160554576210893},null,null,{"$f":"Q18+T18","v":""},{"$f":"'ORÇAMENTO SINTÉTICO'!E19","v":26537.02}]
[6,{"$f":"'ORÇAMENTO SINTÉTICO'!B20:D20","v":0},null,null,null,null,null,null,null,null,null,null,null,27649.64,null,null,{"$f":"N19/X19","v":0.839445272768618},{"$f":"X19-N19","v":5288.35},null,{"$f":"R19/X19","v":0.160554727231382},null,null,{"$f":"Q19+T19","v":""},{"$f":"'ORÇAMENTO SINTÉTICO'!E20","v":32937.99}]
[7,{"$f":"'ORÇAMENTO SINTÉTICO'!B21:D21","v":0},null,null,null,null,null,null,null,null,null,null,null,15063.86,null,null,{"$f":"N20/X20","v":0.839445617472489},{"$f":"X20-N20","v":2881.15},null,{"$f":"R20/X20","v":0.160554382527511},null,null,{"$f":"Q20+T20","v":""},{"$f":"'ORÇAMENTO SINTÉTICO'!E21","v":17945.01}]
[8,{"$f":"'ORÇAMENTO SINTÉTICO'!B22:D22","v":0},null,null,null,null,null,null,null,null,null,null,null,112874.6,null,null,{"$f":"N21/X21","v":0.839445410011505},{"$f":"X21-N21","v":21588.7},null,{"$f":"R21/X21","v":0.160554589988495},null,null,{"$f":"Q21+T21","v":""},{"$f":"'ORÇAMENTO SINTÉTICO'!E22","v":134463.3}]
[9,{"$f":"'ORÇAMENTO SINTÉTICO'!B23:D23","v":0},null,null,null,null,null,null,null,null,null,null,null,68526.45,null,null,{"$f":"N22/X22","v":0.839445444856859},{"$f":"X22-N22","v":13106.55},null,{"$f":"R22/X22","v":0.160554555143141},null,null,{"$f":"Q22+T22","v":""},{"$f":"'ORÇAMENTO SINTÉTICO'!E23","v":81633}]
[10,{"$f":"'ORÇAMENTO SINTÉTICO'!B24:D24","v":0},null,null,null,null,null,null,null,null,null,null,null,113436.46,null,null,{"$f":"N23/X23","v":0.839445427758301},{"$f":"X23-N23","v":21696.16},null,{"$f":"R23/X23","v":0.160554572241699},null,null,{"$f":"Q23+T23","v":""},{"$f":"'ORÇAMENTO SINTÉTICO'!E24","v":135132.62}]
[11,{"$f":"'ORÇAMENTO SINTÉTICO'!B25:D25","v":0},null,null,null,null,null,null,null,null,null,null,null,37334.34,null,null,{"$f":"N24/X24","v":0.839445531197302},{"$f":"X24-N24","v":7140.66},null,{"$f":"R24/X24","v":0.160554468802698},null,null,{"$f":"Q24+T24","v":""},{"$f":"'ORÇAMENTO SINTÉTICO'!E25","v":44475}]
[12,{"$f":"'ORÇAMENTO SINTÉTICO'!B26:D26","v":0},null,null,null,null,null,null,null,null,null,null,null,77026.54,null,null,{"$f":"N25/X25","v":0.839445441986843},{"$f":"X25-N25","v":14732.3},null,{"$f":"R25/X25","v":0.160554558013157},null,null,{"$f":"Q25+T25","v":""},{"$f":"'ORÇAMENTO SINTÉTICO'!E26","v":91758.84}]
[13,{"$f":"'ORÇAMENTO SINTÉTICO'!B27:D27","v":0},null,null,null,null,null,null,null,null,null,null,null,337889.85,null,null,{"$f":"N26/X26","v":0.789176337442413},{"$f":"X26-N26","v":90265.22},null,{"$f":"R26/X26","v":0.210823662557587},null,null,{"$f":"Q26+T26","v":""},{"$f":"'ORÇAMENTO SINTÉTICO'!E27","v":428155.07},null,null,{"$f":"N28+R28","v":1104141.55}]
[14,{"$f":"'ORÇAMENTO SINTÉTICO'!B28:D28","v":0},null,null,null,null,null,null,null,null,null,null,null,43111.4,null,null,{"$f":"N27/X27","v":0.839445450474132},{"$f":"X27-N27","v":8245.6},null,{"$f":"R27/X27","v":0.160554549525868},null,null,{"$f":"Q27+T27","v":""},{"$f":"'ORÇAMENTO SINTÉTICO'!E28","v":51357}]
[null,null,null,null,null,null,null,null,null,null,null,null,null,{"$f":"SUM(N14:N27)","v":905343.61},{"$f":"SUM(O14:O27)","v":0},{"$f":"SUM(P14:P27)","v":0},{"$f":"N28/X28","v":0.819952487070159},{"$f":"SUM(R14:R27)","v":198797.94},{"$f":"SUM(S14:S27)","v":0},{"$f":"R28/X28","v":0.180047512929841},null,null,{"$f":"Q28+T28","v":1},{"$f":"SUM(X14:X27)","v":1104141.55}]
[]
[null,null,null,null,null,null,null,null,null,null,null,null,null,null,null,null,null,null,null,null,"Forma de execução: AD = Administração Direta pelo Tomador"]
[null,null,null,null,null,null,null,null,null,null,null,null,null,null,null,null,null,null,null,null,null,null,null,"ou EF se execução e/ou fornecimento a contratar/contrado. "]
[null,null,null,null,null,null,null,null,null,null,null,null,null,null,null,null,null,null,null,null,"Tipo de contrapartida: FIN = Financeira; OS = em Obras e Serviços."]
["Local/Data"]
[]
[]
[]
[]
["Nome do Prefeito e da Cidade/UF"]

{"sheet":"CRONOGRAMA","index":4,"n_rows":43,"n_cols":30,"rows_kept":43,"cut":false,"hidden":false,"merged":[[5,1,5,2],[5,3,5,6],[5,12,5,14],[5,16,5,18],[8,1,8,6],[11,7,11,8],[11,9,11,10],[11,11,11,12],[11,13,11,14],[11,15,11,16],[11,17,11,18],[12,2,12,4],[13,2,13,4],[14,2,14,4],[15,2,15,4],[16,2,16,4],[17,2,17,4],[18,2,18,4],[19,2,19,4],[20,2,20,4],[21,2,21,4],[22,2,22,4],[23,2,23,4],[24,2,24,4],[25,2,25,4],[26,2,26,4],[32,1,32,4]]}
[]
[]
[null,"CRONOGRAMA FÍSICO - FINANCEIRO - OBRA DEREFORMA",null,null,null,null,null,null,null,null,null,null,null,null,{"$f":"'ORÇAMENTO ANALÍTICO'!I10","v":"Io = JANEIRO/2019"}]
[]
[null,"Nº do CT",null,{"$error":"#N/A"}]
[null,"1006253-79/2013",null,"PREFEITURA MUNICIPAL DE ITABORAÍ",null,null,null,null,"ITABORAÍ / RJ"]
[]
[null,{"$error":"#N/A"},null,null,null,null,null,null,"Aprovação  (data)",null,"Parcela  (n.º)",null,"Fim vigência (data)",null,"Mês Cronog"]
[null,"Ministério da Cultura"]
[]
[]
[null,null,null,null,null,"Valor ","Peso","Parcela 1",null,"Parcela 2",null,"Parcela 3",null,"Parcela 4",null,"Parcela 5",null,"Parcela 6"]
[null,"Item","Discriminação",null,null,"R$","%","SIMPLES","ACUM",{"$f":"H13","v":0},"ACUM","SIMPLES","ACUM",{"$f":"L13","v":0},"ACUM","SIMPLES","ACUM",{"$f":"P13","v":0},"ACUM"]
[null,1,{"$f":"QCI!B14","v":0},null,null,{"$f":"'ORÇAMENTO SINTÉTICO'!E15","v":30384.45},{"$f":"IF($F$29=0,0,F14/$F$29)","v":0.0275186184235164},{"$f":"F14","v":30384.45},{"$f":"H14","v":30384.45},null,{"$f":"I14+J14","v":30384.45},null,{"$f":"K14+L14","v":30384.45},null,{"$f":"M14+N14","v":30384.45},null,{"$f":"O14+P14","v":30384.45},null,{"$f":"Q14+R14","v":30384.45},{"$f":"F14-S14","v":0},null,null,null,{"$f":"I14","v":30384.45}]
[null,2,{"$f":"QCI!B15","v":0},null,null,{"$f":"'ORÇAMENTO SINTÉTICO'!E16","v":12078.79},{"$f":"IF($F$29=0,0,F15/$F$29)","v":0.0109395303527886},{"$f":"F15","v":12078.79},{"$f":"H15","v":12078.79},null,{"$f":"I15+J15","v":12078.79},null,{"$f":"K15+L15","v":12078.79},null,{"$f":"M15+N15","v":12078.79},null,{"$f":"O15+P15","v":12078.79},null,{"$f":"Q15+R15","v":12078.79},{"$f":"F15-S15","v":0},null,null,null,{"$f":"I15","v":12078.79},{"$f":"K15","v":12078.79},{"$f":"M15","v":12078.79}]
[null,3,{"$f":"QCI!B16","v":0},null,null,{"$f":"'ORÇAMENTO SINTÉTICO'!E17","v":14852.75},{"$f":"IF($F$29=0,0,F16/$F$29)","v":0.0134518531613995},{"$f":"F16*0.8","v":11882.2},{"$f":"H16","v":11882.2},{"$f":"F16*0.2","v":2970.55},{"$f":"I16+J16","v":14852.75},null,{"$f":"K16+L16","v":14852.75},null,{"$f":"M16+N16","v":14852.75},null,{"$f":"O16+P16","v":14852.75},null,{"$f":"Q16+R16","v":14852.75},{"$f":"F16-S16","v":0},null,null,null,null,{"$f":"K16","v":14852.75},{"$f":"M16","v":14852.75}]
[null,4,{"$f":"QCI!B17","v":0},null,null,{"$f":"'ORÇAMENTO SINTÉTICO'!E18","v":2430.71},{"$f":"IF($F$29=0,0,F17/$F$29)","v":0.00220144781255628},{"$f":"F17*0.8","v":1944.568},{"$f":"H17","v":1944.568},{"$f":"F17*0.2","v":486.142},{"$f":"I17+J17","v":2430.71},null,{"$f":"K17+L17","v":2430.71},null,{"$f":"M17+N17","v":2430.71},null,{"$f":"O17+P17","v":2430.71},null,{"$f":"Q17+R17","v":2430.71},{"$f":"F17-S17","v":0},null,null,null,null,null,{"$f":"M17","v":2430.71},{"$f":"O17","v":2430.71}]
[null,5,{"$f":"QCI!B18","v":0},null,null,{"$f":"'ORÇAMENTO SINTÉTICO'!E19","v":26537.02},{"$f":"IF($F$29=0,0,F18/$F$29)","v":0.0240340742543381},{"$f":"F18*0.5","v":13268.51},{"$f":"H18","v":13268.51},null,{"$f":"I18+J18","v":13268.51},null,{"$f":"K18+L18","v":13268.51},null,{"$f":"M18+N18","v":13268.51},{"$f":"F18*0.3","v":7961.106},{"$f":"O18+P18","v":21229.616},{"$f":"F18*0.2","v":5307.404},{"$f":"Q18+R18","v":26537.02},{"$f":"F18-S18","v":0},null,null,null,null,{"$f":"K18","v":13268.51},{"$f":"M18","v":13268.51},{"$f":"O18","v":13268.51}]
[null,6,{"$f":"QCI!B19","v":0},null,null,{"$f":"'ORÇAMENTO SINTÉTICO'!E20","v":32937.99},{"$f":"IF($F$29=0,0,F19/$F$29)","v":0.0298313110307279},null,{"$f":"H19","v":0},{"$f":"F19*0.7","v":23056.593},{"$f":"I19+J19","v":23056.593},{"$f":"F19*0.3","v":9881.397},{"$f":"K19+L19","v":32937.99},null,{"$f":"M19+N19","v":32937.99},null,{"$f":"O19+P19","v":32937.99},null,{"$f":"Q19+R19","v":32937.99},{"$f":"F19-S19","v":0},null,null,null,null,null,null,{"$f":"O19","v":32937.99},{"$f":"Q19","v":32937.99},{"$f":"S19","v":32937.99},{"$f":"#ref!","v":{"$error":"#NAME?"}}]
[null,7,{"$f":"QCI!B20","v":0},null,null,{"$f":"'ORÇAMENTO SINTÉTICO'!E21","v":17945.01},{"$f":"IF($F$29=0,0,F20/$F$29)","v":0.016252454225638},null,{"$f":"H20","v":0},null,{"$f":"I20+J20","v":0},{"$f":"F20","v":17945.01},{"$f":"K20+L20","v":17945.01},null,{"$f":"M20+N20","v":17945.01},null,{"$f":"O20+P20","v":17945.01},null,{"$f":"Q20+R20","v":17945.01},{"$f":"F20-S20","v":0},null,null,null,null,null,null,null,null,null,{"$f":"#ref!","v":{"$error":"#NAME?"}}]
[null,8,{"$f":"QCI!B21","v":0},null,null,{"$f":"'ORÇAMENTO SINTÉTICO'!E22","v":134463.3},{"$f":"IF($F$29=0,0,F21/$F$29)","v":0.121780853188615},null,{"$f":"H21","v":0},null,{"$f":"I21+J21","v":0},{"$f":"F21*0.5","v":67231.65},{"$f":"K21+L21","v":67231.65},{"$f":"F21*0.5","v":67231.65},{"$f":"M21+N21","v":134463.3},null,{"$f":"O21+P21","v":134463.3},null,{"$f":"Q21+R21","v":134463.3},{"$f":"F21-S21","v":0},null,null,null,{"$f":"I21","v":0},{"$f":"K21","v":0},{"$f":"M21","v":67231.65},{"$f":"O21","v":134463.3},{"$f":"Q21","v":134463.3},{"$f":"S21","v":134463.3},{"$f":"#ref!","v":{"$error":"#NAME?"}}]
[null,9,{"$f":"QCI!B22","v":0},null,null,{"$f":"'ORÇAMENTO SINTÉTICO'!E23","v":81633},{"$f":"IF($F$29=0,0,F22/$F$29)","v":0.0739334553617695},null,{"$f":"H22","v":0},null,{"$f":"I22+J22","v":0},{"$f":"F22*0.3","v":24489.9},{"$f":"K22+L22","v":24489.9},{"$f":"F22*0.4","v":32653.2},{"$f":"M22+N22","v":57143.1},{"$f":"F22*0.3","v":24489.9},{"$f":"O22+P22","v":81633},null,{"$f":"Q22+R22","v":81633},{"$f":"F22-S22","v":0}]
[null,10,{"$f":"QCI!B23","v":0},null,null,{"$f":"'ORÇAMENTO SINTÉTICO'!E24","v":135132.62},{"$f":"IF($F$29=0,0,F23/$F$29)","v":0.122387043581505},null,{"$f":"H23","v":0},{"$f":"F23*0.3","v":40539.786},{"$f":"I23+J23","v":40539.786},{"$f":"F23*0.2","v":27026.524},{"$f":"K23+L23","v":67566.31},null,{"$f":"M23+N23","v":67566.31},null,{"$f":"O23+P23","v":67566.31},{"$f":"F23*0.5","v":67566.31},{"$f":"Q23+R23","v":135132.62},{"$f":"F23-S23","v":0}]
[null,11,{"$f":"QCI!B24","v":0},null,null,{"$f":"'ORÇAMENTO SINTÉTICO'!E25","v":44475},{"$f":"IF($F$29=0,0,F24/$F$29)","v":0.0402801615426935},null,{"$f":"H24","v":0},null,{"$f":"I24+J24","v":0},null,{"$f":"K24+L24","v":0},{"$f":"F24*0.6","v":26685},{"$f":"M24+N24","v":26685},{"$f":"F24*0.4","v":17790},{"$f":"O24+P24","v":44475},null,{"$f":"Q24+R24","v":44475},{"$f":"F24-S24","v":0}]
[null,12,{"$f":"QCI!B25","v":0},null,null,{"$f":"'ORÇAMENTO SINTÉTICO'!E26","v":91758.84},{"$f":"IF($F$29=0,0,F25/$F$29)","v":0.0831042360465467},null,{"$f":"H25","v":0},null,{"$f":"I25+J25","v":0},null,{"$f":"K25+L25","v":0},{"$f":"F25*0.5","v":45879.42},{"$f":"M25+N25","v":45879.42},{"$f":"F25*0.4","v":36703.536},{"$f":"O25+P25","v":82582.956},{"$f":"F25*0.1","v":9175.884},{"$f":"Q25+R25","v":91758.84},{"$f":"F25-S25","v":0}]
[null,13,{"$f":"QCI!B26","v":0},null,null,{"$f":"'ORÇAMENTO SINTÉTICO'!E27","v":428155.07},{"$f":"IF($F$29=0,0,F26/$F$29)","v":0.387771902977476},null,{"$f":"H26","v":0},null,{"$f":"I26+J26","v":0},null,{"$f":"K26+L26","v":0},null,{"$f":"M26+N26","v":0},{"$f":"F26*0.3","v":128446.521},{"$f":"O26+P26","v":128446.521},{"$f":"F26*0.7","v":299708.549},{"$f":"Q26+R26","v":428155.07},{"$f":"F26-S26","v":0}]
[null,14,{"$f":"QCI!B27","v":0},null,null,{"$f":"'ORÇAMENTO SINTÉTICO'!E28","v":51357},{"$f":"IF($F$29=0,0,F27/$F$29)","v":0.0465130580404297},{"$f":"H43","v":3393.20785903061},{"$f":"H27","v":3393.20785903061},{"$f":"J43","v":3270.98699097265},{"$f":"I27+J27","v":6664.19485000326},{"$f":"L43","v":7150.20525397813},{"$f":"K27+L27","v":13814.4001039814},{"$f":"N43","v":8412.43078594761},{"$f":"M27+N27","v":22226.830889929},{"$f":"P43","v":10507.2199458959},{"$f":"O27+P27","v":32734.0508358249},{"$f":"R43","v":18622.9491641751},{"$f":"Q27+R27","v":51357},{"$f":"F27-S27","v":0}]
[null,null,"Total (%):",null,null,null,null,{"$f":"H29/$F$29","v":0.0660709904984833},{"$f":"H28","v":0.0660709904984833},{"$f":"J29/$F$29","v":0.0636911616911551},{"$f":"I28+J28","v":0.129762152189638},{"$f":"L29/$F$29","v":0.139225524348738},{"$f":"K28+L28","v":0.268987676538376},{"$f":"N29/$F$29","v":0.163803002238207},{"$f":"M28+N28","v":0.432790678776583},{"$f":"P29/$F$29","v":0.204591778061333},{"$f":"O28+P28","v":0.637382456837916},{"$f":"R29/$F$29","v":0.362617543162084},{"$f":"Q28+R28","v":1}]
[null,null,"Total (R$):",null,null,{"$f":"SUM(F14:F27)","v":1104141.55},{"$f":"IF(F29=0,0,F29/F29)","v":1},{"$f":"SUM(H14:H27)","v":72951.7258590306},{"$f":"H29","v":72951.7258590306},{"$f":"SUM(J14:J27)","v":70324.0579909727},{"$f":"I29+J29","v":143275.783850003},{"$f":"SUM(L14:L27)","v":153724.686253978},{"$f":"K29+L29","v":297000.470103981},{"$f":"SUM(N14:N27)","v":180861.700785948},{"$f":"M29+N29","v":477862.170889929},{"$f":"SUM(P14:P27)","v":225898.282945896},{"$f":"O29+P29","v":703760.453835825},{"$f":"SUM(R14:R27)","v":400381.096164175},{"$f":"Q29+R29","v":1104141.55}]
[]
[]
[]
[]
[null,{"$error":"#N/A"},null,null,null,null,null,null,null,null,null,"Representante Tomador / Agente Promotor"]
[]
[]
[]
[]
[]
[]
[null,null,null,null,null,null,null,{"$f":"SUM(H14:H26)","v":69558.518},null,{"$f":"SUM(J14:J26)","v":67053.071},null,{"$f":"SUM(L14:L26)","v":146574.481},null,{"$f":"SUM(N14:N26)","v":172449.27},null,{"$f":"SUM(P14:P26)","v":215391.063},null,{"$f":"SUM(R14:R26)","v":381758.147}]
[null,null,null,null,null,{"$f":"SUM(F14:F26)","v":1052784.55},null,{"$f":"H41/$F$42","v":0.0660709904984833},null,{"$f":"J41/$F$42","v":0.0636911616911551},null,{"$f":"L41/$F$42","v":0.139225524348738},null,{"$f":"N41/$F$42","v":0.163803002238207},null,{"$f":"P41/$F$42","v":0.204591778061333},null,{"$f":"R41/$F$42","v":0.362617543162084}]
[null,null,null,null,null,null,null,{"$f":"H42*$F$27","v":3393.20785903061},null,{"$f":"J42*$F$27","v":3270.98699097265},null,{"$f":"L42*$F$27","v":7150.20525397813},null,{"$f":"N42*$F$27","v":8412.43078594761},null,{"$f":"P42*$F$27","v":10507.2199458959},null,{"$f":"R42*$F$27","v":18622.9491641751}]

{"sheet":"% B.D.I Serviços","index":5,"n_rows":45,"n_cols":8,"rows_kept":45,"cut":false,"hidden":false,"merged":[[3,0,3,7],[4,0,5,7],[6,0,6,7],[8,0,8,7],[10,0,10,7],[11,0,11,6],[15,0,15,6],[16,0,16,7],[17,0,17,6],[19,0,19,6],[20,0,20,7],[21,0,21,6],[22,0,22,6],[23,0,23,6],[24,0,24,7],[25,0,25,6],[30,0,30,6],[32,0,32,7],[35,0,37,0],[35,1,35,5],[35,6,37,6],[35,7,37,7],[36,1,37,1],[36,2,37,5],[39,0,39,7],[40,0,40,7],[41,0,41,7],[42,0,42,7],[44,5,45,6],[44,7,45,7]]}
[]
[]
[null,null,null,"SECRETARIA MUNICIPAL DE OBRAS"]
[]
["PREFEITURA MUNICIPAL DE ITABORAÍ"]
[]
["BDI PARA SERVIÇOS"]
[]
["COMPOSIÇÃO   DO   B.D.I  -  COM Desoneração"]
[]
["X . Taxa representativa das DESPESAS INDIRETAS, exceto tributos e despesas financeiras"]
["TIPO",null,null,null,null,null,null,"ALÍQUOTA (%)"]
["X.1 - Administração Central",null,null,null,null,null,null,3]
["X.2 - Garantia",null,null,null,null,null,null,0.8]
["X.3 - Seguro contra Riscos",null,null,null,null,null,null,0.97]
["X =",null,null,null,null,null,null,{"$f":"SUM(H13:H15)","v":4.77}]
["Y . Taxa representativa das DESPESAS FINANCEIRAS"]
["TIPO",null,null,null,null,null,null,"ALÍQUOTA (%)"]
["Y.1 - Despesas Financeiras",null,null,null,null,null,null,0.59]
["Y =",null,null,null,null,null,null,{"$f":"SUM(H19:H19)","v":0.59}]
["Z . Taxa representativa do LUCRO"]
["TIPO",null,null,null,null,null,null,"ALÍQUOTA (%)"]
["Z.1 - Lucro Presumido",null,null,null,null,null,null,6.16]
["Z =",null,null,null,null,null,null,{"$f":"SUM(H23)","v":6.16}]
["I . Taxa representativa da incidência dos TRIBUTOS ( sobre o FATURAMENTO da empresa )"]
["TIPO",null,null,null,null,null,null,"ALÍQUOTA (%)"]
["I.1 - I S S ( Imposto sobre Serviços ) - Municipal",null,null,null,null,null,null,5]
["I.2 - COFINS ( Contribuição para o Financiamento da Seguridade Social) - Federal",null,null,null,null,null,null,3]
["I.3 - P I S ( Programa de Integração Social ) - Federal",null,null,null,null,null,null,0.65]
["I.4 -  Contribuição Previdenciária p/ INSS - Federal - Lei 12.844/2013",null,null,null,null,null,null,4.5]
["I =",null,null,null,null,null,null,{"$f":"SUM(H27:H30)","v":13.15}]
[]
["B D I - Benefício e Despesas Indiretas"]
[]
[]
["B D I  =","( 1 + X )  ( 1 + Y )  ( 1 + Z )",null,null,null,null," - 1","ç  Fórmula do BDI"]
[null,null,"( 1 - I )"]
[]
[]
["X é a Taxa somatória das DESPESAS INDIRETAS, exceto tributos e despesas financeiras;"]
["Y é a Taxa representativa das DESPESAS FINANCEIRAS;"]
["Z é a Taxa representativa do LUCRO;"]
["I é a Taxa representativa dos IMPOSTOS."]
[]
[null,null,null,null,null,"B.D.I           è",null,{"$f":"(ROUND((1+H16/100)*(1+H20/100)*(1+H24/100)/(1-H31/100),4))-1","v":0.2882}]

{"sheet":"% B.D.I Equipamentos","index":6,"n_rows":45,"n_cols":8,"rows_kept":45,"cut":false,"hidden":false,"merged":[[3,0,3,7],[4,0,5,7],[6,0,6,7],[8,0,8,7],[10,0,10,7],[11,0,11,6],[15,0,15,6],[16,0,16,7],[17,0,17,6],[19,0,19,6],[20,0,20,7],[21,0,21,6],[22,0,22,6],[23,0,23,6],[24,0,24,7],[25,0,25,6],[30,0,30,6],[32,0,32,7],[35,0,37,0],[35,1,35,5],[35,6,37,6],[35,7,37,7],[36,1,37,1],[36,2,37,5],[39,0,39,7],[40,0,40,7],[41,0,41,7],[42,0,42,7],[44,5,45,6],[44,7,45,7]]}
[]
[]
[null,null,null,"SECRETARIA MUNICIPAL DE OBRAS"]
[]
["PREFEITURA MUNICIPAL DE ITABORAÍ"]
[]
["BDI PARA EQUIPAMENTOS"]
[]
["COMPOSIÇÃO   DO   B.D.I  -  COM Desoneração"]
[]
["X . Taxa representativa das DESPESAS INDIRETAS, exceto tributos e despesas financeiras"]
["TIPO",null,null,null,null,null,null,"ALÍQUOTA (%)"]
["X.1 - Administração Central",null,null,null,null,null,null,1.5]
["X.2 - Garantia",null,null,null,null,null,null,0.3]
["X.3 - Seguro contra Riscos",null,null,null,null,null,null,0.56]
["X =",null,null,null,null,null,null,{"$f":"SUM(H13:H15)","v":2.36}]
["Y . Taxa representativa das DESPESAS FINANCEIRAS"]
["TIPO",null,null,null,null,null,null,"ALÍQUOTA (%)"]
["Y.1 - Despesas Financeiras",null,null,null,null,null,null,0.85]
["Y =",null,null,null,null,null,null,{"$f":"SUM(H19:H19)","v":0.85}]
["Z . Taxa representativa do LUCRO"]
["TIPO",null,null,null,null,null,null,"ALÍQUOTA (%)"]
["Z.1 - Lucro Presumido",null,null,null,null,null,null,3.5]
["Z =",null,null,null,null,null,null,{"$f":"SUM(H23)","v":3.5}]
["I . Taxa representativa da incidência dos TRIBUTOS ( sobre o FATURAMENTO da empresa )"]
["TIPO",null,null,null,null,null,null,"ALÍQUOTA (%)"]
["I.1 - I S S ( Imposto sobre Serviços ) - Municipal",null,null,null,null,null,null,5]
["I.2 - COFINS ( Contribuição para o Financiamento da Seguridade Social) - Federal",null,null,null,null,null,null,3]
["I.3 - P I S ( Programa de Integração Social ) - Federal",null,null,null,null,null,null,0.65]
["I.4 -  Contribuição Previdenciária p/ INSS - Federal - Lei 12.844/2013",null,null,null,null,null,null,4.5]
["I =",null,null,null,null,null,null,{"$f":"SUM(H27:H30)","v":13.15}]
[]
["B D I - Benefício e Despesas Indiretas"]
[]
[]
["B D I  =","( 1 + X )  ( 1 + Y )  ( 1 + Z )",null,null,null,null," - 1","ç  Fórmula do BDI"]
[null,null,"( 1 - I )"]
[]
[]
["X é a Taxa somatória das DESPESAS INDIRETAS, exceto tributos e despesas financeiras;"]
["Y é a Taxa representativa das DESPESAS FINANCEIRAS;"]
["Z é a Taxa representativa do LUCRO;"]
["I é a Taxa representativa dos IMPOSTOS."]
[]
[null,null,null,null,null,"B.D.I           è",null,{"$f":"(ROUND((1+H16/100)*(1+H20/100)*(1+H24/100)/(1-H31/100),4))-1","v":0.2302}]

{"sheet":"COTAÇÕES","index":7,"n_rows":32,"n_cols":5,"rows_kept":32,"cut":false,"hidden":false,"merged":[[1,3,1,4],[3,0,3,4],[4,0,4,4],[5,0,5,4],[10,0,10,4],[11,0,11,4],[12,0,13,0],[12,1,13,1],[12,2,13,2],[12,3,13,3],[12,4,13,4],[16,0,16,4],[17,0,18,0],[17,1,18,1],[17,2,18,2],[17,3,18,3],[17,4,18,4],[21,0,21,4],[22,0,23,0],[22,1,23,1],[22,2,23,2],[22,3,23,3],[22,4,23,4],[26,0,26,4],[27,0,28,0],[27,1,28,1],[27,2,28,2],[27,3,28,3],[27,4,28,4],[31,0,31,4]]}
[]
[]
[]
["SECRETARIA DE OBRAS "]
["REFORMA DO TEATRO JOÃO CAETANO"]
["Local: Praça Marechal Floriano Peixoto, bairro Centro, Itaboraí, RJ"]
[]
[]
[]
[]
["COTAÇÕES"]
[{"$f":"'ORÇAMENTO ANALÍTICO'!D139","v":"FITA LED BRANCO QUENTE 5 METROS + FONTE"}]
["ITEM","CÓDIGO","CORUJAMIX","LUSTRE AMANDINI","KIT LED"]
[]
[{"$f":"'ORÇAMENTO ANALÍTICO'!B139","v":"10.32"},{"$f":"'ORÇAMENTO ANALÍTICO'!C139","v":"COTAÇÃO 01"},21.9,22.35,24.88]
[null,"MEDIANA",{"$f":"MEDIAN(C15:E15)","v":22.35}]
["LUSTRE"]
["ITEM","CÓDIGO","CASA & CONSTRUÇÃO","KITLED","CASA CENTER"]
[]
[{"$f":"'ORÇAMENTO ANALÍTICO'!B140","v":"10.33"},{"$f":"'ORÇAMENTO ANALÍTICO'!C140","v":"COTAÇÃO 02"},6999.99,4758.9,4399.9]
[null,"MEDIANA",{"$f":"MEDIAN(C20:E20)","v":4758.9}]
["ELETRODUTO PEAD CORRUGADO 150 MM"]
["ITEM","CÓDIGO","TECHDUTO","DAKRON","SPTUBOS"]
[]
[{"$f":"'ORÇAMENTO ANALÍTICO'!B153","v":"10.46"},{"$f":"'ORÇAMENTO ANALÍTICO'!C153","v":"COTAÇÃO 03"},8.46,{"$f":"598/50","v":11.96},10.94]
[null,"MEDIANA",{"$f":"MEDIAN(C25:E25)","v":10.94}]
["POLTRONAS"]
["ITEM","CÓDIGO","SANTA CLARA","TRINITY","KASTRUP"]
[]
[{"$f":"'ORÇAMENTO ANALÍTICO'!B206","v":"13.31"},{"$f":"'ORÇAMENTO ANALÍTICO'!C206","v":"COTAÇÃO 04"},768.95,717.95,1405]
[null,"MEDIANA",{"$f":"MEDIAN(C30:E30)","v":768.95}]
["NOTA: COTAÇÕES EM ANEXO"]

{"sheet":"PARETO","index":8,"n_rows":161,"n_cols":7,"rows_kept":161,"cut":false,"hidden":false,"merged":[[1,6,2,6],[3,6,11,6],[12,6,36,6],[158,0,158,2]]}
["ITEM","CODIGO","DESCRIÇÃO","PREÇO TOTAL","%","% ACUMULADA"]
["13.20","18.040.0025-A","PLATAFORMA PARA TRANSPORTE VERTICAL,PERCURSO DE 3,17M,CAPACIDADE PARA 230KG,VELOCIDADE DE 6M/MINUTO,COM DUAS PARADAS,GUARDA CORPO LATERAL COM BRACO TIPO BASCULANTE E ACESSO PELO MESMO LADO,COMANDO AUTOMATICO SIMPLES NAS DUAS PARADAS FRANQUEADO,CHAVE NA CA",129220.88,{"$f":"D2/$D$159","v":0.10946344050179},{"$f":"E2","v":""},"GRUPO A"]
["6.1","11.016.0040-A","ESTRUTURA METALICA EM ACO ESPECIAL,RESISTENTE A CORROSAO(ACO USI-SAC),PARA OBRAS PREDIAIS DE ATE 04 PAVIMENTOS,PILARES,VIGAS PRINCIPAIS E SECUNDARIAS,ESCADAS,PATAMARES E CHAPAS DAS BASES DA FUNDACAO,PINTURA PROTETORA,CONSIDERANDO FORNECIMENTO DE TODOS OS ",120641.76,{"$f":"D3/$D$159","v":0.10219603919886},{"$f":"F2+E3","v":""}]
["13.31","COTAÇÃO 04","POLTRONA COM ASSENTO RETRÁTIL E ENCOSTO FIXO REVESTIDA EM TECIDO OU COURO ECOLÓGICO",116254.5,{"$f":"D4/$D$159","v":0.0984795765499768},{"$f":"F3+E4","v":""},"GRUPO B"]
["13.27","18.030.0010-A","CONDICIONADOR DE AR TIPO SPLIT 60000 BTU'S COMPREENDENDO 1 CONDENSADOR E 1 EVAPORADOR(VIDE INSTALACAO,ASSENTAMENTO E INTERLIGACOES FAMILIA 15.005).FORNECIMENTO",47977.8,{"$f":"D5/$D$159","v":0.0406421551664622},{"$f":"F4+E5","v":""}]
["12.1","17.018.0060-A","PREPARO DE SUPERFICIES NOVAS,COM REVESTIMENTO LISO INTERNO OU EXTERNO,INCLUSIVE UMA DEMAO DE SELADOR ACRILICO,DUAS DEMAOS DE MASSA ACRILICA E LIXAMENTOS NECESSARIOS",40628.94,{"$f":"D6/$D$159","v":0.0344169112324634},{"$f":"F5+E6","v":""}]
["12.4","17.025.0005-B","PINTURA COM TINTA ACRILICA,ANTIFUNGO/BACTERICIDA,PARA AMBIENTES INTERNOS E EXTERNOS PROPENSOS A UMIDADE E VAPORES,EM DUAS DEMAOS,SOBRE SELADOR ACRILICO E DUAS DEMAOS DE MASSA ACRILICA,INCLUSIVE LIMPEZA E LIXAMENTO",29311.55,{"$f":"D7/$D$159","v":0.0248299122358573},{"$f":"F6+E7","v":""}]
["9.12","14.002.0205-A","GUARDA-CORPO DE FERRO EM LANCES DE 3,00 A 4,00M E 1,00M DE ALTURA,COM 4 MONTANTES DE BARRAS DE 2\"X3/4\",CHUMBADOS NO CONCRETO,CORRIMAO EM 2 BARRAS SOBREPOSTAS DE 3\"X1/2\" E 2\"X3/8\",DUAS TRAVESSAS HORIZONTAIS EM BARRAS DE 1.1/4\"X3/8\",SOLDADASNOS MONTANTES,UM",27087.8,{"$f":"D8/$D$159","v":0.0229461661584752},{"$f":"F7+E8","v":""}]
["13.30","15.005.0260-A","TUBULACAO EM COBRE PARA INTERLIGACAO DE SPLIT SYSTEM AO CONDENSADOR/EVAPORADOR,INCLUSIVE ISOLAMENTO TERMICO,ALIMENTACAOELETRICA,CONEXOES E FIXACAO,PARA APARELHOS DE 60000 BTU'S.FORNECIMENTO E INSTALACAO",25548,{"$f":"D9/$D$159","v":0.0216417964181929},{"$f":"F8+E9","v":""}]
["8.10",87263,"REVESTIMENTO CERÂMICO PARA PISO COM PLACAS TIPO PORCELANATO DE DIMENSÕES 60X60 CM APLICADA EM AMBIENTES DE ÁREA MAIOR QUE 10 M². AF_06/2014",25260.62,{"$f":"D10/$D$159","v":0.0213983558571055},{"$f":"F9+E10","v":""}]
["10.45",92998,"CABO DE COBRE FLEXÍVEL ISOLADO, 185 MM², ANTI-CHAMA 0,6/1,0 KV, PARA DISTRIBUIÇÃO - FORNECIMENTO E INSTALAÇÃO. AF_12/2015",25208.4,{"$f":"D11/$D$159","v":0.0213541201201023},{"$f":"F10+E11","v":""}]
["10.44","73857/5","TRANSFORMADOR DISTRIBUICAO  300KVA TRIFASICO 60HZ CLASSE 15KV IMERSO EM ÓLEO MINERAL FORNECIMENTO E INSTALACAO",22461.7,{"$f":"D12/$D$159","v":0.0190273813451747},{"$f":"F11+E12","v":""}]
["9.1","14.006.0423-A","PORTA DE MADEIRA DE LEI MACICA COM ATE 5 ALMOFADAS,COM 3,5CM DE ESPESSURA,EXCLUSIVE FERRAGENS,MARCO E ALIZAR.FORNECIMENTO E COLOCACAO",22280.89,{"$f":"D13/$D$159","v":0.018874216588232},{"$f":"F12+E13","v":""},"GRUPO C"]
["8.1 e 8.3","13.001.0026-A","EMBOCO COM ARGAMASSA DE CIMENTO E AREIA,NO TRACO 1:3 COM 2CM DE ESPESSURA,INCLUSIVE CHAPISCO DE CIMENTO E AREIA,NO TRACO 1:3",20939.31,{"$f":"D14/$D$159","v":0.0177377596742379},{"$f":"F13+E14","v":""}]
["1.1","01.050.0546-A","PROJETO EXECUTIVO ESTRUTURAL PARA PREDIOS CULTURAIS ATE 500M2,CONSIDERANDO O PROJETO BASICO EXISTENTE,APRESENTADO EM AUTOCAD NOS PADROES DA CONTRATANTE,CONSTANDO DE PLANTAS DE FORMA,ARMACAO E DETALHES,DE ACORDO COM A ABNT",20611.3,{"$f":"D15/$D$159","v":0.0174599013039885},{"$f":"F14+E15","v":""}]
["8.8",87373,"ARGAMASSA TRAÇO 1:4 (CIMENTO E AREIA MÉDIA) PARA CONTRAPISO, PREPARO MANUAL. AF_06/2014",17811.52,{"$f":"D16/$D$159","v":0.0150881982831756},{"$f":"F15+E16","v":""}]
["8.13",98671,"PISO EM GRANITO APLICADO EM AMBIENTES INTERNOS. AF_06/2018",17782.12,{"$f":"D17/$D$159","v":0.0150632934446484},{"$f":"F16+E17","v":""}]
["13.28","15.005.0209-A","INSTALACAO E ASSENTAMENTO DE AR CONDICIONADO TIPO SPLIT DE 60000 BTU'S,COM 1 CONDENSADOR E 1 EVAPORADOR,(VIDE FORNECIMENTO DO APARELHO NA FAMILIA 18.030)INCLUSIVE ACESSORIOS DE FIXACAO,EXCLUSIVE ALIMENTACAO ELETRICA E INTERLIGACAO AO CONDENSADOR/EVAPORADO",17581.08,{"$f":"D18/$D$159","v":0.0148929917869095},{"$f":"F17+E18","v":""}]
["8.2",87274,"REVESTIMENTO CERÂMICO PARA PAREDES INTERNAS COM PLACAS TIPO ESMALTADA EXTRA DE DIMENSÕES 33X45 CM APLICADAS EM AMBIENTES DE ÁREA MENOR QUE 5 M² A MEIA ALTURA DAS PAREDES. AF_06/2014",16256.8,{"$f":"D19/$D$159","v":0.0137711897608924},{"$f":"F18+E19","v":""}]
["6.3","11.013.0075-A","CONCRETO ARMADO,FCK=25MPA,INCLUINDO MATERIAIS PARA 1,00M3 DE CONCRETO(IMPORTADO DE USINA)ADENSADO E COLOCADO,14,00M2 DEAREA MOLDADA,FORMAS E ESCORAMENTO CONFORME ITENS 11.004.0022 E 11.004.0035,60KG DE ACO CA-50,INCLUSIVE MAO-DE-OBRA PARACORTE,DOBRAGEM,MO",15987.55,{"$f":"D20/$D$159","v":0.0135431071835635},{"$f":"F19+E20","v":""}]
["13.25","18.030.0009-A","CONDICIONADOR DE AR TIPO SPLIT 48000 BTU'S COMPREENDENDO 1 CONDENSADOR E 1 EVAPORADOR(VIDE INSTALACAO,ASSENTAMENTO E INTERLIGACOES FAMILIA 15.005).FORNECIMENTO",15254.48,{"$f":"D21/$D$159","v":0.0129221211298495},{"$f":"F20+E21","v":""}]
["8.4","13.196.0025-A","FORRO REMOVIVEL COMPOSTO GESSO ACARTONADO,TIPO STANDARD,C/ADICAO DE LA MINERAL,A SER APLICADO SIST.DRYWALL,C/BORDA QUADRADA 625X625MM REVEST.VINIL,ESP.6,5;9,5 OU 12,5MM,ESTRUT.EM PERFIS TIPO TRAVESSA \"T\" ACO GALV.ALUMINIO OU LIGAS ALUMINIO,ESP.MINIMA 0,5M",14816.58,{"$f":"D22/$D$159","v":0.0125511745723293},{"$f":"F21+E22","v":""}]
["6.4",95969,"(COMPOSIÇÃO REPRESENTATIVA) EXECUÇÃO DE ESCADA EM CONCRETO ARMADO, MOLDADA IN LOCO, FCK = 25 MPA. AF_02/2017",14712.09,{"$f":"D23/$D$159","v":0.0124626607431553},{"$f":"F22+E23","v":""}]
["8.6",94992,"EXECUÇÃO DE PASSEIO (CALÇADA) OU PISO DE CONCRETO COM CONCRETO MOLDADO IN LOCO, FEITO EM OBRA, ACABAMENTO CONVENCIONAL, ESPESSURA 6 CM, ARMADO. AF_07/2016",14546.87,{"$f":"D24/$D$159","v":0.0123227023274588},{"$f":"F23+E24","v":""}]
["11.2",92542,"TRAMA DE MADEIRA COMPOSTA POR RIPAS, CAIBROS E TERÇAS PARA TELHADOS DE MAIS QUE 2 ÁGUAS PARA TELHA CERÂMICA CAPA-CANAL, INCLUSO TRANSPORTE VERTICAL. AF_12/2015",14298.93,{"$f":"D25/$D$159","v":0.0121126715225454},{"$f":"F24+E25","v":""}]
["10.34","15.015.0250-A","INSTALACAO DE PONTO DE TOMADA,EMBUTIDO NA ALVENARIA,EQUIVALENTE A 2 VARAS DE ELETRODUTO DE PVC RIGIDO DE 3/4\",18,00M DEFIO 2,5MM2,CAIXAS,CONEXOES E TOMADA DE EMBUTIR,2P+T,10A,PADRAO BRASILEIRO,COM PLACA FOSFORESCENTE,INCLUSIVE ABERTURA E FECHAMENTO DE RAS",14098.08,{"$f":"D26/$D$159","v":0.0119425308144433},{"$f":"F25+E26","v":""}]
["12.2",88487,"APLICAÇÃO MANUAL DE PINTURA COM TINTA LÁTEX PVA EM PAREDES, DUAS DEMÃOS. AF_06/2014",13544.21,{"$f":"D27/$D$159","v":0.0114733456812765},{"$f":"F26+E27","v":""}]
["11.3",92554,"FABRICAÇÃO E INSTALAÇÃO DE TESOURA INTEIRA EM MADEIRA NÃO APARELHADA, VÃO DE 12 M, PARA TELHA CERÂMICA OU DE CONCRETO, INCLUSO IÇAMENTO. AF_12/2015",13333.95,{"$f":"D28/$D$159","v":0.0112952337306389},{"$f":"F27+E28","v":""}]
["13.29","15.005.0255-A","TUBULACAO EM COBRE PARA INTERLIGACAO DE SPLIT SYSTEM AO CONDENSADOR/EVAPORADOR,INCLUSIVE ISOLAMENTO TERMICO,ALIMENTACAOELETRICA,CONEXOES E FIXACAO,PARA APARELHOS ATE 48000 BTU'S.FORNECIMENTO E INSTALACAO",13175.58,{"$f":"D29/$D$159","v":0.0111610779728986},{"$f":"F28+E29","v":""}]
["10.27","15.015.0106-A","INSTALACAO DE UM CONJUNTO DE 8 PONTOS DE LUZ,APARENTE COM CANALETA PERFURADA,SENDO ESTA LIGADA A ELETROCALHA PRINCIPAL(EXCLUSIVE ESTA),EQUIVALENTE A 6,75 VARAS DE CANALETA E 2 VARAS DE ELETRODUTO DE PVC RIGIDO DE 3/4\",92,00M DE FIO 2,5MM2,CAIXAS,CONEXOES,",10530.96,{"$f":"D30/$D$159","v":0.00892081150806845},{"$f":"F29+E30","v":""}]
["8.7",92396,"EXECUÇÃO DE PASSEIO EM PISO INTERTRAVADO, COM BLOCO RETANGULAR COR NATURAL DE 20 X 10 CM, ESPESSURA 6 CM. AF_12/2015",9933.44,{"$f":"D31/$D$159","v":0.00841465031361884},{"$f":"F30+E31","v":""}]
["5.7","05.005.0005-B","ANDAIME DE TABUADO SOBRE CAVALETES,INCLUSIVE ESTES,EM MADEIRA DE 1ª,COM APROVEITAMENTO DA MADEIRA 20 VEZES,INCLUSIVE MOVIMENTACAO",8835.68,{"$f":"D32/$D$159","v":0.00748473413873096},{"$f":"F31+E32","v":""}]
["9.4",90842,"KIT DE PORTA DE MADEIRA PARA PINTURA, SEMI-OCA (LEVE OU MÉDIA), PADRÃO MÉDIO, 70X210CM, ESPESSURA DE 3,5CM, ITENS INCLUSOS: DOBRADIÇAS, MONTAGEM E INSTALAÇÃO DO BATENTE, FECHADURA COM EXECUÇÃO DO FURO - FORNECIMENTO E INSTALAÇÃO. AF_08/2015",8828.82,{"$f":"D33/$D$159","v":0.00747892300974127},{"$f":"F32+E33","v":""}]
["3.4","03.009.0015-A","ATERRO COM MATERIAL DE 1ª CATEGORIA,COMPACTADO MANUALMENTE EM CAMADAS DE 20CM DE MATERIAL APILOADO,PROVENIENTE DE JAZIDA DISTANTE ATE 10KM,INCLUSIVE ESCAVACAO,CARGA,TRANSPORTE EM CAMINHAO BASCULANTE,DESCARGA,ESPALHAMENTO E IRRIGACAO MANUAIS",8641.35,{"$f":"D34/$D$159","v":0.00732011654447907},{"$f":"F33+E34","v":""}]
["10.30",97593,"LUMINÁRIA TIPO SPOT, DE SOBREPOR, COM 1 LÂMPADA DE 15 W - FORNECIMENTO E INSTALAÇÃO. AF_11/2017",8442.76,{"$f":"D35/$D$159","v":0.00715189028995077},{"$f":"F34+E35","v":""}]
["9.5",90843,"KIT DE PORTA DE MADEIRA PARA PINTURA, SEMI-OCA (LEVE OU MÉDIA), PADRÃO MÉDIO, 80X210CM, ESPESSURA DE 3,5CM, ITENS INCLUSOS: DOBRADIÇAS, MONTAGEM E INSTALAÇÃO DO BATENTE, FECHADURA COM EXECUÇÃO DO FURO - FORNECIMENTO E INSTALAÇÃO. AF_08/2015",8187.52,{"$f":"D36/$D$159","v":0.00693567563057315},{"$f":"F35+E36","v":""}]
["10.35","15.015.0173-A","INSTALACAO DE PONTO DE FORCA ATE 4CV,EQUIVALENTE A 2 VARAS DE ELETRODUTO DE PVC RIGIDO DE 3/4\",20,00M DE FIO 4MM2,CAIXAS E CONEXOES",8090.1,{"$f":"D37/$D$159","v":0.00685315082209263},{"$f":"F36+E37","v":""}]
["5.8","05.006.0001-B","ALUGUEL DE ANDAIME COM ELEMENTOS TUBULARES(FACHADEIRO)SOBRESAPATAS FIXAS,CONSIDERANDO-SE A AREA DA PROJECAO VERTICAL DO ANDAIME E PAGO PELO TEMPO NECESSARIO A SUA UTILIZACAO,EXCLUSIVE TRANSPORTE DOS ELEMENTOS DO ANDAIME ATE A OBRA,PLATAFORMA OU PASSARELA ",7244.71,{"$f":"D38/$D$159","v":0.00613701811996424},{"$f":"F37+E38","v":""}]
["10.23","15.015.0021-A","INSTALACAO DE PONTO DE LUZ,APARENTE,EQUIVALENTE A 2 VARAS DE ELETRODUTO DE PVC RIGIDO DE 3/4\",12,00M DE FIO 2,5MM2,CAIXAS,CONEXOES,LUVAS,CURVA E INTERRUPTOR DE SOBREPOR",6860.53,{"$f":"D39/$D$159","v":0.00581157795447412},{"$f":"F38+E39","v":""}]
["11.4",94198,"TELHAMENTO COM TELHA CERÂMICA DE ENCAIXE, TIPO PORTUGUESA, COM MAIS DE 2 ÁGUAS, INCLUSO TRANSPORTE VERTICAL. AF_06/2016",6472.43,{"$f":"D40/$D$159","v":0.00548281714384704},{"$f":"F39+E40","v":""}]
["7.1",87490,"ALVENARIA DE VEDAÇÃO DE BLOCOS CERÂMICOS FURADOS NA VERTICAL DE 9X19X39CM (ESPESSURA 9CM) DE PAREDES COM ÁREA LÍQUIDA MAIOR OU IGUAL A 6M² COM VÃOS E ARGAMASSA DE ASSENTAMENTO COM PREPARO MANUAL. AF_06/2014",6247.86,{"$f":"D41/$D$159","v":0.00529258314425281},{"$f":"F40+E41","v":""}]
["8.11","13.331.0051-A","RODAPE COM CERAMICA EM PORCELANATO NATURAL,COM 7,5 A 10CM DE ALTURA,ASSENTES CONFORME ITEM 13.025.0058",6247.3,{"$f":"D42/$D$159","v":0.0052921087663761},{"$f":"F41+E42","v":""}]
["10.33","COTAÇÃO 02","LUSTRE DE CRISTAL TRANSPARENTE 28 BRAÇOS.",5854.4,{"$f":"D43/$D$159","v":0.00495928185966293},{"$f":"F42+E43","v":""}]
["10.11",91795,"(COMPOSIÇÃO REPRESENTATIVA) DO SERVIÇO DE INST. TUBO PVC, SÉRIE N, ESGOTO PREDIAL, 100 MM (INST. RAMAL DESCARGA, RAMAL DE ESG. SANIT., PRUMADA ESG. SANIT., VENTILAÇÃO OU SUB-COLETOR AÉREO), INCL. CONEXÕES E CORTES, FIXAÇÕES, P/ PRÉDIOS. AF_10/2015",5756.15,{"$f":"D44/$D$159","v":0.00487605395540086},{"$f":"F43+E44","v":""}]
["13.26","15.005.0208-A","INSTALACAO E ASSENTAMENTO DE AR CONDICIONADO TIPO SPLIT DE 48000 BTU'S,COM 1 CONDENSADOR E 1 EVAPORADOR,(VIDE FORNECIMENTO DO APARELHO NA FAMILIA 18.030)INCLUSIVE ACESSORIOS DE FIXACAO,EXCLUSIVE ALIMENTACAO ELETRICA E INTERLIGACAO AO CONDENSADOR/EVAPORADO",5672.58,{"$f":"D45/$D$159","v":0.0048052615283354},{"$f":"F44+E45","v":""}]
["5.6","05.001.0050-A","REMOCAO DE COBERTURA EM TELHAS COLONIAIS,INCLUSIVE MADEIRAMENTO,MEDIDO O CONJUNTO PELA AREA REAL DE COBERTURA",5542.8,{"$f":"D46/$D$159","v":0.00469532445540784},{"$f":"F45+E46","v":""}]
["7.4","73774/1","DIVISORIA EM MARMORITE ESPESSURA 35MM, CHUMBAMENTO NO PISO E PAREDE COM ARGAMASSA DE CIMENTO E AREIA, POLIMENTO MANUAL, EXCLUSIVE FERRAGENS",5527.1,{"$f":"D47/$D$159","v":0.00468202493279294},{"$f":"F46+E47","v":""}]
["13.21","18.030.0001-A","CONDICIONADOR DE AR TIPO SPLIT 9000 BTU'S COMPREENDENDO 1 CONDENSADOR E 1 EVAPORADOR(VIDE INSTALACAO,ASSENTAMENTO E INTERLIGACOES FAMILIA 15.005).FORNECIMENTO",5296,{"$f":"D48/$D$159","v":0.00448625934831492},{"$f":"F47+E48","v":""}]
["9.2","14.007.0025-A","FERRAGENS P/PORTA MADEIRA,DE 2 FOLHAS DE ABRIR,DE ENTRADA PRINCIPAL,CONSTANDO DE FORN.S/COLOC.DE:-FECHADURA CILINDRO,DELATAO,MONOBLOCO,ACABAMENTO CROMADO,;-ENTRADA CIRCULAR,LATAO,ACABAMENTO CROMADO;-ROSETA CIRCULAR,LATAO,ACAB.CROMADO;-MACANETA TIPO ALAVAN",5288.04,{"$f":"D49/$D$159","v":0.00447951640563883},{"$f":"F48+E49","v":""}]
["8.9",87261,"REVESTIMENTO CERÂMICO PARA PISO COM PLACAS TIPO PORCELANATO DE DIMENSÕES 60X60 CM APLICADA EM AMBIENTES DE ÁREA MENOR QUE 5 M². AF_06/2014",5186.58,{"$f":"D50/$D$159","v":0.00439356929961918},{"$f":"F49+E50","v":""}]
["2.6",10778,"LOCACAO DE CONTAINER 2,30 X 6,00 M, ALT. 2,50 M,  PARA SANITARIO,  COM 4 BACIAS, 8 CHUVEIROS,1 LAVATORIO E 1 MICTORIO                                                                                                                                          ",5143.26,{"$f":"D51/$D$159","v":0.00435687278244226},{"$f":"F50+E51","v":""}]
["5.12",97062,"COLOCAÇÃO DE TELA EM ANDAIME FACHADEIRO. AF_11/2017",5085.36,{"$f":"D52/$D$159","v":0.00430782549840385},{"$f":"F51+E52","v":""}]
["10.1","15.002.0580-A","FOSSA SEPTICA CILINDRICA,TIPO CAMARA IMHOFF,DE CONCRETO PRE-MOLDADO,MEDINDO 2000X2000MM.FORNECIMENTO E COLOCACAO",4699.57,{"$f":"D53/$D$159","v":0.00398102149651819},{"$f":"F52+E53","v":""}]
["1.3","01.050.0518-A","PROJETO EXECUTIVO DE INSTALACAO ELETRICA,CONSIDERANDO O PROJETO BASICO EXISTENTE,PARA PREDIOS CULTURAIS ATE 3000M2,APRESENTADO EM AUTOCAD,INCLUSIVE AS LEGALIZACOES PERTINENTES",4373.6,{"$f":"D54/$D$159","v":0.00370489121710539},{"$f":"F53+E54","v":""}]
["7.2",96360,"PAREDE COM PLACAS DE GESSO ACARTONADO (DRYWALL), PARA USO INTERNO, COM DUAS FACES SIMPLES E ESTRUTURA METÁLICA COM GUIAS DUPLAS, SEM VÃOS. AF_06/2017_P",4307.79,{"$f":"D55/$D$159","v":0.00364914334555845},{"$f":"F54+E55","v":""}]
["2.5",10775,"LOCACAO DE CONTAINER 2,30  X  6,00 M, ALT. 2,50 M, COM 1 SANITARIO, PARA ESCRITORIO, COMPLETO, SEM DIVISORIAS INTERNAS                                                                                                                                         ",4114.62,{"$f":"D56/$D$159","v":0.00348550839119402},{"$f":"F55+E56","v":""}]
["13.1",86932,"VASO SANITÁRIO SIFONADO COM CAIXA ACOPLADA LOUÇA BRANCA - PADRÃO MÉDIO, INCLUSO ENGATE FLEXÍVEL EM METAL CROMADO, 1/2\u0094 X 40CM - FORNECIMENTO E INSTALAÇÃO. AF_12/2013",3765.23,{"$f":"D57/$D$159","v":0.00318953895129452},{"$f":"F56+E57","v":""}]
["12.5",95468,"PINTURA ESMALTE BRILHANTE (2 DEMAOS) SOBRE SUPERFICIE METALICA, INCLUSIVE PROTECAO COM ZARCAO (1 DEMAO)",3291.26,{"$f":"D58/$D$159","v":0.00278803737589406},{"$f":"F57+E58","v":""}]
["8.12",98689,"SOLEIRA EM GRANITO, LARGURA 15 CM, ESPESSURA 2,0 CM. AF_06/2018",3203.22,{"$f":"D59/$D$159","v":0.00271345839684844},{"$f":"F58+E59","v":""}]
["3.2",93358,"ESCAVAÇÃO MANUAL DE VALA COM PROFUNDIDADE MENOR OU IGUAL A 1,30 M. AF_03/2016",3082.49,{"$f":"D60/$D$159","v":0.00261118760924986},{"$f":"F59+E60","v":""}]
["13.6",40729,"VALVULA DESCARGA 1.1/2\" COM REGISTRO, ACABAMENTO EM METAL CROMADO - FORNECIMENTO E INSTALACAO",3058.6,{"$f":"D61/$D$159","v":0.00259095031018807},{"$f":"F60+E61","v":""}]
["13.23","18.030.0002-A","CONDICIONADOR DE AR TIPO SPLIT 12000 BTU'S COMPREENDENDO 1 CONDENSADOR E 1 EVAPORADOR(VIDE INSTALACAO,ASSENTAMENTO E INTERLIGACOES FAMILIA 15.005).FORNECIMENTO",2906.34,{"$f":"D62/$D$159","v":0.00246197035392402},{"$f":"F61+E62","v":""}]
["6.2","74141/2","LAJE PRE-MOLD BETA 12 P/3,5KN/M2 VAO 4,1M INCL VIGOTAS TIJOLOS ARMADU-RA NEGATIVA CAPEAMENTO 3CM CONCRETO 15MPA ESCORAMENTO MATERIAIS E MAO DE OBRA.",2839.26,{"$f":"D63/$D$159","v":0.00240514666112096},{"$f":"F62+E63","v":""}]
["10.17",91785,"(COMPOSIÇÃO REPRESENTATIVA) DO SERVIÇO DE INSTALAÇÃO DE TUBOS DE PVC, SOLDÁVEL, ÁGUA FRIA, DN 25 MM (INSTALADO EM RAMAL, SUB-RAMAL, RAMAL DE DISTRIBUIÇÃO OU PRUMADA), INCLUSIVE CONEXÕES, CORTES E FIXAÇÕES, PARA PRÉDIOS. AF_10/2015",2802.36,{"$f":"D64/$D$159","v":0.00237388854745918},{"$f":"F63+E64","v":""}]
["11.7",98546,"IMPERMEABILIZAÇÃO DE SUPERFÍCIE COM MANTA ASFÁLTICA, UMA CAMADA, INCLUSIVE APLICAÇÃO DE PRIMER ASFÁLTICO, E=3MM. AF_06/2018",2661.6,{"$f":"D65/$D$159","v":0.0022546502797347},{"$f":"F64+E65","v":""}]
["13.2",95472,"VASO SANITARIO SIFONADO CONVENCIONAL PARA PCD SEM FURO FRONTAL COM LOUÇA BRANCA SEM ASSENTO, INCLUSO CONJUNTO DE LIGAÇÃO PARA BACIA SANITÁRIA AJUSTÁVEL - FORNECIMENTO E INSTALAÇÃO. AF_10/2016",2590.59,{"$f":"D66/$D$159","v":0.00219449747076117},{"$f":"F65+E66","v":""}]
["11.8",91790,"(COMPOSIÇÃO REPRESENTATIVA) DO SERVIÇO DE INSTALAÇÃO DE TUBOS DE PVC, SÉRIE R, ÁGUA PLUVIAL, DN 100 MM (INSTALADO EM RAMAL DE ENCAMINHAMENTO, OU CONDUTORES VERTICAIS), INCLUSIVE CONEXÕES, CORTES E FIXAÇÕES, PARA PRÉDIOS. AF_10/2015",2505.2,{"$f":"D67/$D$159","v":0.0021221633155964},{"$f":"F66+E67","v":""}]
["10.2","15.002.0663-A","FILTRO ANAEROBIO,DE ANEIS DE CONCRETO PRE-MOLDADO,MEDINDO 1500X2000MM.FORNECIMENTO E COLOCACAO",2432.35,{"$f":"D68/$D$159","v":0.00206045183645653},{"$f":"F67+E68","v":""}]
["9.13","74072/2","CORRIMAO EM TUBO ACO GALVANIZADO 2 1/2\" COM BRACADEIRA",2409.69,{"$f":"D69/$D$159","v":0.0020412564745168},{"$f":"F68+E69","v":""}]
["5.2","05.001.0002-B","DEMOLICAO MANUAL DE CONCRETO ARMADO COMPREENDENDO PILARES,VIGAS E LAJES,EM ESTRUTURA APRESENTANDO POSICAO ESPECIAL,INCLUSIVE EMPILHAMENTO LATERAL DENTRO DO CANTEIRO DE SERVICO",2394.02,{"$f":"D70/$D$159","v":0.00202798236500243},{"$f":"F69+E70","v":""}]
["11.1",55960,"IMUNIZACAO DE MADEIRAMENTO PARA COBERTURA UTILIZANDO CUPINICIDA INCOLOR",2345.91,{"$f":"D71/$D$159","v":0.00198722822277293},{"$f":"F70+E71","v":""}]
["4.1","05.001.0171-A","TRANSPORTE HORIZONTAL DE MATERIAL DE 1ªCATEGORIA OU ENTULHO,EM CARRINHOS,A 20,00M DE DISTANCIA,INCLUSIVE CARGA A PA",2265.18,{"$f":"D72/$D$159","v":0.00191884156922507},{"$f":"F71+E72","v":""}]
["1.2","01.050.0481-A","PROJETO EXECUTIVO DE INSTALACAO HIDRAULICA,CONSIDERANDO O PROJETO BASICO EXISTENTE,PARA PREDIOS CULTURAIS,APRESENTADO EM AUTOCAD,INCLUSIVE AS LEGALIZACOES PERTINENTES",2190.35,{"$f":"D73/$D$159","v":0.0018554528254497},{"$f":"F72+E73","v":""}]
["5.9",97064,"MONTAGEM E DESMONTAGEM DE ANDAIME TUBULAR TIPO \u0093TORRE\u0094 (EXCLUSIVE ANDAIME E LIMPEZA). AF_11/2017",2146.04,{"$f":"D74/$D$159","v":0.00181791767595501},{"$f":"F73+E74","v":""}]
["9.9",84844,"JANELA DE MADEIRA TIPO GUILHOTINA, DE ABRIR , INCLUSAS GUARNICOES SEM FERRAGENS",2071.06,{"$f":"D75/$D$159","v":0.00175440186667694},{"$f":"F74+E75","v":""}]
["10.29","18.027.0355-A","LUMINARIA DE EMBUTIR,FIXADA EM LAJE OU FORRO,TIPO CALHA,CHANFRADA OU PRISMATICA,ESMALTADA,COMPLETA,EQUIPADA COM REATOR ELETRONICO DE ALTO FATOR DE POTENCIA(AFP>=0,92)E LAMPADA FLUORESCENTE DE 1X40W.FORNECIMENTO E COLOCACAO",2024.19,{"$f":"D76/$D$159","v":0.00171469813260302},{"$f":"F75+E76","v":""}]
["13.9",93396,"BANCADA GRANITO CINZA POLIDO 0,50 X 0,60M, INCL. CUBA DE EMBUTIR OVAL LOUÇA BRANCA 35 X 50CM, VÁLVULA METAL CROMADO, SIFÃO FLEXÍVEL PVC, ENGATE 30CM FLEXÍVEL PLÁSTICO E TORNEIRA CROMADA DE MESA, PADRÃO POPULAR - FORNEC. E INSTALAÇÃO. AF_12/2013",2023.44,{"$f":"D77/$D$159","v":0.00171406280508957},{"$f":"F76+E77","v":""}]
["1.5","01.050.0530-A","PROJETO EXECUTIVO DE SISTEMA DE AR CONDICIONADO E EXAUSTAO MECANICA,CONSIDERANDO O PROJETO BASICO EXISTENTE,EM AUTOCAD,PARA PREDIOS COM AREA ATE 500M2",2002.2,{"$f":"D78/$D$159","v":0.00169607032990864},{"$f":"F77+E78","v":""}]
["5.10","04.020.0122-A","TRANSPORTE DE ANDAIME TUBULAR,CONSIDERANDO-SE A AREA DE PROJECAO VERTICAL DO ANDAIME,EXCLUSIVE CARGA,DESCARGA E TEMPO DE ESPERA DO CAMINHAO(VIDE ITEM 04.021.0010)",1969.43,{"$f":"D79/$D$159","v":0.00166831075308759},{"$f":"F78+E79","v":""}]
["13.22","15.005.0200-A","INSTALACAO E ASSENTAMENTO DE AR CONDICIONADO TIPO SPLIT DE 9000 BTU'S,COM 1 CONDENSADOR E 1 EVAPORADOR,(VIDE FORNECIMENTO DO APARELHO NA FAMILIA 18.030)INCLUSIVE ACESSORIOS DE FIXACAO,EXCLUSIVE ALIMENTACAO ELETRICA E INTERLIGACAO AO CONDENSADOR/EVAPORADOR",1957.24,{"$f":"D80/$D$159","v":0.00165798456323563},{"$f":"F79+E80","v":""}]
["12.6","74065/3","PINTURA ESMALTE BRILHANTE PARA MADEIRA, DUAS DEMAOS, SOBRE FUNDO NIVELADOR BRANCO",1951.29,{"$f":"D81/$D$159","v":0.00165294429829559},{"$f":"F80+E81","v":""}]
["10.26","15.015.0081-A","INSTALACAO DE UM CONJUNTO DE 5 PONTOS DE LUZ,APARENTE,EQUIVALENTE A 8 VARAS DE ELETRODUTO DE PVC RIGIDO DE 3/4\",57,00M DE FIO 2,5MM2,CAIXAS,CONEXOES,LUVAS,CURVA E INTERRUPTOR DE SOBREPOR",1912.44,{"$f":"D82/$D$159","v":0.00162003433309883},{"$f":"F81+E82","v":""}]
["7.3",87448,"ALVENARIA DE VEDAÇÃO DE BLOCOS VAZADOS DE CONCRETO DE 9X19X39CM (ESPESSURA 9CM) DE PAREDES COM ÁREA LÍQUIDA MENOR QUE 6M² SEM VÃOS E ARGAMASSA DE ASSENTAMENTO COM PREPARO MANUAL. AF_06/2014",1862.26,{"$f":"D83/$D$159","v":0.0015775266869322},{"$f":"F82+E83","v":""}]
["10.9",91793,"(COMPOSIÇÃO REPRESENTATIVA) DO SERVIÇO DE INSTALAÇÃO DE TUBO DE PVC, SÉRIE NORMAL, ESGOTO PREDIAL, DN 50 MM (INSTALADO EM RAMAL DE DESCARGA OU RAMAL DE ESGOTO SANITÁRIO), INCLUSIVE CONEXÕES, CORTES E FIXAÇÕES PARA, PRÉDIOS. AF_10/2015",1755.57,{"$f":"D84/$D$159","v":0.00148714923038543},{"$f":"F83+E84","v":""}]
["5.3","05.001.0018-A","DEMOLICAO MANUAL DE PISO CIMENTADO E DA RESPECTIVA BASE DE CONCRETO,OU PASSEIO DE CONCRETO,INCLUSIVE EMPILHAMENTO LATERAL DENTRO DO CANTEIRO DE SERVICO",1661.29,{"$f":"D85/$D$159","v":0.00140728432642789},{"$f":"F84+E85","v":""}]
["11.5",94219,"CUMEEIRA E ESPIGÃO PARA TELHA CERÂMICA EMBOÇADA COM ARGAMASSA TRAÇO 1:2:9 (CIMENTO, CAL E AREIA), PARA TELHADOS COM MAIS DE 2 ÁGUAS, INCLUSO TRANSPORTE VERTICAL. AF_06/2016",1657.67,{"$f":"D86/$D$159","v":0.0014042178122963},{"$f":"F85+E86","v":""}]
["3.3",93382,"REATERRO MANUAL DE VALAS COM COMPACTAÇÃO MECANIZADA. AF_04/2016",1615.02,{"$f":"D87/$D$159","v":0.00136808885436472},{"$f":"F86+E87","v":""}]
["12.7",6082,"PINTURA EM VERNIZ SINTETICO BRILHANTE EM MADEIRA, TRES DEMAOS",1586.33,{"$f":"D88/$D$159","v":0.00134378545921684},{"$f":"F87+E88","v":""}]
["4.3",72884,"TRANSPORTE COMERCIAL COM CAMINHAO CARROCERIA 9 T, RODOVIA PAVIMENTADA",1492.96,{"$f":"D89/$D$159","v":0.00126469141930896},{"$f":"F88+E89","v":""}]
["10.28","18.027.0305-A","LUMINARIA DE SOBREPOR,FIXADA EM LAJE OU FORRO,TIPO CALHA,CHANFRADA OU PRISMATICA,ESMALTADA,COMPLETA,EQUIPADA COM REATORELETRONICO DE ALTO FATOR DE POTENCIA(AFP>=0,92)E LAMPADA FLUORESCENTE DE 1X40W.FORNECIMENTO E COLOCACAO",1462.8,{"$f":"D90/$D$159","v":0.00123914278223472},{"$f":"F89+E90","v":""}]
["10.21","18.021.0040-A","RESERVATORIO,EM FIBRA DE VIDRO OU POLIETILENO,COM CAPACIDADE EM TORNO DE 1.500L,INCLUSIVE TAMPA DE VEDACAO COM ESCOTILHA E FIXADORES.FORNECIMENTO",1461.92,{"$f":"D91/$D$159","v":0.0012383973312856},{"$f":"F90+E91","v":""}]
["12.3",88486,"APLICAÇÃO MANUAL DE PINTURA COM TINTA LÁTEX PVA EM TETO, DUAS DEMÃOS. AF_06/2014",1445.26,{"$f":"D92/$D$159","v":0.00122428458945348},{"$f":"F91+E92","v":""}]
["9.11",72120,"VIDRO TEMPERADO INCOLOR, ESPESSURA 10MM, FORNECIMENTO E INSTALACAO, INCLUSIVE MASSA PARA VEDACAO",1412.79,{"$f":"D93/$D$159","v":0.00119677914363781},{"$f":"F92+E93","v":""}]
["2.1","74209/1","PLACA DE OBRA EM CHAPA DE ACO GALVANIZADO",1345.68,{"$f":"D94/$D$159","v":0.00113993003773422},{"$f":"F93+E94","v":""}]
["13.5","74234/1","MICTORIO SIFONADO DE LOUCA BRANCA COM PERTENCES, COM REGISTRO DE PRESSAO 1/2\" COM CANOPLA CROMADA ACABAMENTO SIMPLES E CONJUNTO PARA FIXACAO  - FORNECIMENTO E INSTALACAO",1303.12,{"$f":"D95/$D$159","v":0.00110387731910426},{"$f":"F94+E95","v":""}]
["13.8","18.002.0014-A","LAVATORIO DE LOUCA BRANCA,COM COLUNA SUSPENSA,PARA PESSOAS COM NECESSIDADES ESPECIFICAS,COM MEDIDAS EM TORNO DE 45,5X35,5CM,INCLUSIVE SIFAO EM PVC FLEXIVEL,VALVULA DE ESCOAMENTO CROMADA,RABICHO EM PVC E TORNEIRA DE FECHAMENTO AUTOMATICO.FORNECIMENTO",1237.65,{"$f":"D96/$D$159","v":0.00104841746269675},{"$f":"F95+E96","v":""}]
["9.8",91341,"PORTA EM ALUMÍNIO DE ABRIR TIPO VENEZIANA COM GUARNIÇÃO, FIXAÇÃO COM PARAFUSOS - FORNECIMENTO E INSTALAÇÃO. AF_08/2015",1230.55,{"$f":"D97/$D$159","v":0.00104240302890274},{"$f":"F96+E97","v":""}]
["13.19","74194/1","ESCADA TIPO MARINHEIRO EM TUBO ACO GALVANIZADO 1 1/2\" 5 DEGRAUS",1226.01,{"$f":"D98/$D$159","v":0.00103855717968799},{"$f":"F97+E98","v":""}]
["1.4","01.050.0455-A","PROJETO EXECUTIVO DE INSTALACAO DE ESGOTO SANITARIO E AGUASPLUVIAIS,CONSIDERANDO O PROJETO BASICO EXISTENTE,PARA PREDIOS CULTURAIS,APRESENTADO EM AUTOCAD,INCLUSIVE AS LEGALIZACOES PERTINENTES",1207,{"$f":"D99/$D$159","v":0.00102245374498038},{"$f":"F98+E99","v":""}]
["11.9",94230,"CALHA DE BEIRAL, SEMICIRCULAR DE PVC, DIAMETRO 125 MM, INCLUINDO CABECEIRAS, EMENDAS, BOCAIS, SUPORTES E VEDAÇÕES, EXCLUINDO CONDUTORES, INCLUSO TRANSPORTE VERTICAL. AF_06/2016",1155.72,{"$f":"D100/$D$159","v":0.000979014285127364},{"$f":"F99+E100","v":""}]
["9.10",85010,"CAIXILHO FIXO, DE ALUMINIO, PARA VIDRO",1150.71,{"$f":"D101/$D$159","v":0.000974770297337512},{"$f":"F100+E101","v":""}]
["13.10","18.016.0106-A","BARRA DE APOIO EM ACO INOXIDAVEL AISI 304,TUBO DE 1.1/4\",INCLUSIVE FIXACAO COM PARAFUSOS INOXIDAVEIS E BUCHAS PLASTICAS,COM 80CM,PARA PESSOAS COM NECESSIDADES ESPECIFICAS.FORNECIMENTO E COLOCACAO",1129.24,{"$f":"D102/$D$159","v":0.000956582988385789},{"$f":"F101+E102","v":""}]
["10.25","15.015.0066-A","INSTALACAO DE UM CONJUNTO DE 4 PONTOS DE LUZ,APARENTE,EQUIVALENTE 7 VARAS DE ELETRODUTO DE PVC RIGIDO DE 3/4\",50,00M DEFIO 2,5MM2,CAIXAS,CONEXOES,LUVAS,CURVA E INTERRUPTOR DE SOBREPOR",1111.62,{"$f":"D103/$D$159","v":0.000941657027336449},{"$f":"F102+E103","v":""}]
["13.24","15.005.0201-A","INSTALACAO E ASSENTAMENTO DE AR CONDICIONADO TIPO SPLIT DE 12000 BTU'S,COM 1 CONDENSADOR E 1 EVAPORADOR,(VIDE FORNECIMENTO DO APARELHO NA FAMILIA 18.030)INCLUSIVE ACESSORIOS DE FIXACAO,EXCLUSIVE ALIMENTACAO ELETRICA E INTERLIGACAO AO CONDENSADOR/EVAPORADO",1089.22,{"$f":"D104/$D$159","v":0.000922681912268047},{"$f":"F103+E104","v":""}]
["2.8","04.005.0300-A","TRANSPORTE DE CONTAINER,SEGUNDO DESCRICAO DA FAMILIA 02.006,EXCLUSIVE CARGA E DESCARGA(VIDE ITEM 04.013.0015)",1066,{"$f":"D105/$D$159","v":0.000903012172451606},{"$f":"F104+E105","v":""}]
["9.3",90841,"KIT DE PORTA DE MADEIRA PARA PINTURA, SEMI-OCA (LEVE OU MÉDIA), PADRÃO MÉDIO, 60X210CM, ESPESSURA DE 3,5CM, ITENS INCLUSOS: DOBRADIÇAS, MONTAGEM E INSTALAÇÃO DO BATENTE, FECHADURA COM EXECUÇÃO DO FURO - FORNECIMENTO E INSTALAÇÃO. AF_08/2015",917.08,{"$f":"D106/$D$159","v":0.000776861541380787},{"$f":"F105+E106","v":""}]
["10.18",91786,"(COMPOSIÇÃO REPRESENTATIVA) DO SERVIÇO DE INSTALAÇÃO TUBOS DE PVC, SOLDÁVEL, ÁGUA FRIA, DN 32 MM (INSTALADO EM RAMAL, SUB-RAMAL, RAMAL DE DISTRIBUIÇÃO OU PRUMADA), INCLUSIVE CONEXÕES, CORTES E FIXAÇÕES, PARA PRÉDIOS. AF_10/2015",896.73,{"$f":"D107/$D$159","v":0.000759622988182485},{"$f":"F106+E107","v":""}]
["10.3","74166/1","CAIXA DE INSPEÇÃO EM CONCRETO PRÉ-MOLDADO DN 60CM COM TAMPA H= 60CM - FORNECIMENTO E INSTALACAO",831,{"$f":"D108/$D$159","v":0.000703942884903644},{"$f":"F107+E108","v":""}]
["6.5",93188,"VERGA MOLDADA IN LOCO EM CONCRETO PARA PORTAS COM ATÉ 1,5 M DE VÃO. AF_03/2016",798.04,{"$f":"D109/$D$159","v":0.000676022358445853},{"$f":"F108+E109","v":""}]
["10.36","74131/4","QUADRO DE DISTRIBUICAO DE ENERGIA DE EMBUTIR, EM CHAPA METALICA, PARA 18 DISJUNTORES TERMOMAGNETICOS MONOPOLARES, COM BARRAMENTO TRIFASICO E NEUTRO, FORNECIMENTO E INSTALACAO",771.74,{"$f":"D110/$D$159","v":0.000653743540307507},{"$f":"F109+E110","v":""}]
["10.24","15.015.0041-A","INSTALACAO DE UM CONJUNTO DE 2 PONTOS DE LUZ,APARENTE,EQUIVALENTE A 5 VARAS DE ELETRODUTO DE PVC RIGIDO DE 1/2\",33,00M DE FIO 2,5MM2,CAIXAS,CONEXOES,LUVAS,CURVA E INTERRUPTOR DE SOBREPOR",726.9,{"$f":"D111/$D$159","v":0.000615759426036653},{"$f":"F110+E111","v":""}]
["10.12","15.001.0071-A","ABRIGO PARA HIDROMETRO DE 1\",NAS DIMENSOES DE 0,90X0,50X0,60M,EM ALVENARIA DE TIJOLOS FURADOS DE 10X20X20CM,PAREDES DE MEIA VEZ,REVESTIDAS COM ARGAMASSA DE CIMENTO E SAIBRO,NO TRACO 1:6,COM FUNDO DE CONCRETO E TAMPA DE CONCRETO ARMADO,PORTA DE 80X50CM EM ",724.59,{"$f":"D112/$D$159","v":0.000613802617295224},{"$f":"F111+E112","v":""}]
["8.5",96120,"ACABAMENTOS PARA FORRO (MOLDURA DE GESSO). AF_05/2017",706.05,{"$f":"D113/$D$159","v":0.000598097321162717},{"$f":"F112+E113","v":""}]
["10.37","74131/7","QUADRO DE DISTRIBUICAO DE ENERGIA DE EMBUTIR, EM CHAPA METALICA, PARA 40 DISJUNTORES TERMOMAGNETICOS MONOPOLARES, COM BARRAMENTO TRIFASICO E NEUTRO, FORNECIMENTO E INSTALACAO",705.68,{"$f":"D114/$D$159","v":0.000597783892922748},{"$f":"F113+E114","v":""}]
["10.32","COTAÇÃO 01","FITA LED BRANCO QUENTE 5 METROS + FONTE",659.76,{"$f":"D115/$D$159","v":0.000558884907032525},{"$f":"F114+E115","v":""}]
["10.10",91794,"(COMPOSIÇÃO REPRESENTATIVA) DO SERVIÇO DE INST. TUBO PVC, SÉRIE N, ESGOTO PREDIAL, DN 75 MM, (INST. EM RAMAL DE DESCARGA, RAMAL DE ESG. SANITÁRIO, PRUMADA DE ESG. SANITÁRIO OU VENTILAÇÃO), INCL. CONEXÕES, CORTES E FIXAÇÕES, P/ PRÉDIOS. AF_10/2015",637.48,{"$f":"D116/$D$159","v":0.000540011444366276},{"$f":"F115+E116","v":""}]
["13.4","18.005.0015-A","ASSENTO SANITARIO DE PLASTICO,TIPO MEDIO LUXO.FORNECIMENTO E COLOCACAO",570.92,{"$f":"D117/$D$159","v":0.000483628245305883},{"$f":"F116+E117","v":""}]
["5.11","04.021.0010-A","CARGA E DESCARGA MANUAL DE ANDAIME TUBULAR,INCLUSIVE TEMPO DE ESPERA DO CAMINHAO,CONSIDERANDO-SE A AREA DE PROJECAO VERTICAL",555.66,{"$f":"D118/$D$159","v":0.000470701448165534},{"$f":"F117+E118","v":""}]
["10.39",93661,"DISJUNTOR BIPOLAR TIPO DIN, CORRENTE NOMINAL DE 16A - FORNECIMENTO E INSTALAÇÃO. AF_04/2016",554.24,{"$f":"D119/$D$159","v":0.000469498561406734},{"$f":"F118+E119","v":""}]
["13.7",86942,"LAVATÓRIO LOUÇA BRANCA SUSPENSO, 29,5 X 39CM OU EQUIVALENTE, PADRÃO POPULAR, INCLUSO SIFÃO TIPO GARRAFA EM PVC, VÁLVULA E ENGATE FLEXÍVEL 30CM EM PLÁSTICO E TORNEIRA CROMADA DE MESA, PADRÃO POPULAR - FORNECIMENTO E INSTALAÇÃO. AF_12/2013",510.54,{"$f":"D120/$D$159","v":0.000432480144956326},{"$f":"F119+E120","v":""}]
["10.16",89987,"REGISTRO DE GAVETA BRUTO, LATÃO, ROSCÁVEL, 3/4\", COM ACABAMENTO E CANOPLA CROMADOS. FORNECIDO E INSTALADO EM RAMAL DE ÁGUA. AF_12/2014",502.62,{"$f":"D121/$D$159","v":0.000425771086414284},{"$f":"F120+E121","v":""}]
["13.16",95547,"SABONETEIRA PLASTICA TIPO DISPENSER PARA SABONETE LIQUIDO COM RESERVATORIO 800 A 1500 ML, INCLUSO FIXAÇÃO. AF_10/2016",480.48,{"$f":"D122/$D$159","v":0.000407016218217212},{"$f":"F121+E122","v":""}]
["10.8",91792,"(COMPOSIÇÃO REPRESENTATIVA) DO SERVIÇO DE INSTALAÇÃO DE TUBO DE PVC, SÉRIE NORMAL, ESGOTO PREDIAL, DN 40 MM (INSTALADO EM RAMAL DE DESCARGA OU RAMAL DE ESGOTO SANITÁRIO), INCLUSIVE CONEXÕES, CORTES E FIXAÇÕES, PARA PRÉDIOS. AF_10/2015",475.91,{"$f":"D123/$D$159","v":0.000403144955901917},{"$f":"F122+E123","v":""}]
["5.5","05.001.0147-A","ARRANCAMENTO DE GRADES,GRADIS,ALAMBRADOS,CERCAS E PORTOES",468.96,{"$f":"D124/$D$159","v":0.000397257587610605},{"$f":"F123+E124","v":""}]
["10.13","15.001.0079-A","HIDROMETRO COM DIAMETRO DE 1\".FORNECIMENTO",463.95,{"$f":"D125/$D$159","v":0.000393013599820753},{"$f":"F124+E125","v":""}]
["11.6",94231,"RUFO EM CHAPA DE AÇO GALVANIZADO NÚMERO 24, CORTE DE 25 CM, INCLUSO TRANSPORTE VERTICAL. AF_06/2016",455.28,{"$f":"D126/$D$159","v":0.00038566921376526},{"$f":"F125+E126","v":""}]
["9.6","14.006.0220-A","PORTA DE MADEIRA DE LEI DE CORRER EM COMPENSADO DE 80X210X3CM,PENDURADA EM ROLDANAS,CORRENDO DENTRO DE TRILHO OCO,GUIADAOIR CANALETA EMBUTIDA NO PISO COM MARCO DE 7X3CM,EXCLUSIVE FERRAGENS.FORNECIMENTO E COLOCACAO",445.79,{"$f":"D127/$D$159","v":0.000377630202961727},{"$f":"F126+E127","v":""}]
["13.14",86934,"BANCADA DE MÁRMORE SINTÉTICO 120 X 60CM, COM CUBA INTEGRADA, INCLUSO SIFÃO TIPO FLEXÍVEL EM PVC, VÁLVULA EM PLÁSTICO CROMADO TIPO AMERICANA E TORNEIRA CROMADA LONGA, DE PAREDE, PADRÃO POPULAR - FORNECIMENTO E INSTALAÇÃO. AF_12/2013",439.51,{"$f":"D128/$D$159","v":0.000372310393915765},{"$f":"F127+E128","v":""}]
["10.4",83446,"CAIXA DE PASSAGEM 30X30X40 COM TAMPA E DRENO BRITA",435.44,{"$f":"D129/$D$159","v":0.000368862683276104},{"$f":"F128+E129","v":""}]
["13.3","18.005.0030-A","ASSENTO ESPECIAL PARA VASO SANITARIO PARA PESSOAS COM NECESSIDADES ESPECIFICAS.FORNECIMENTO E COLOCACAO",434.16,{"$f":"D130/$D$159","v":0.000367778390986481},{"$f":"F129+E130","v":""}]
["13.17",95544,"PAPELEIRA DE PAREDE EM METAL CROMADO SEM TAMPA, INCLUSO FIXAÇÃO. AF_10/2016",381.6,{"$f":"D131/$D$159","v":0.000323254638843839},{"$f":"F130+E131","v":""}]
["13.18","18.005.0013-A","PORTA PAPEL HIGIENICO EM PLASTICO ABS.FORNECIMENTRO E COLOCACAO",365.6,{"$f":"D132/$D$159","v":0.000309700985223553},{"$f":"F131+E132","v":""}]
["10.38","74130/4","DISJUNTOR TERMOMAGNETICO TRIPOLAR PADRAO NEMA (AMERICANO) 10 A 50A 240V, FORNECIMENTO E INSTALACAO",350.91,{"$f":"D133/$D$159","v":0.000297257036993427},{"$f":"F132+E133","v":""}]
["13.11","18.007.0090-A","CHUVEIRO COM DESVIADOR E DUCHA MANUAL,CROMADO,PARA PESSOAS COM NECESSIDADES ESPECIFICAS.FORNECIMENTO",340.91,{"$f":"D134/$D$159","v":0.000288786003480748},{"$f":"F133+E134","v":""}]
["4.2",72898,"CARGA E DESCARGA MECANIZADAS DE ENTULHO EM CAMINHAO BASCULANTE 6 M3",338.83,{"$f":"D135/$D$159","v":0.00028702402851011},{"$f":"F134+E135","v":""}]
["13.13","14.007.0321-A","PUXADOR HORIZONTAL PARA PORTA,TIPO ALCA,PARA PESSOAS COM NECESSIDADES ESPECIFICAS, EM TUBO DE ACO INOXIDAVEL DE 1.1/4\",AISI-304,LIGA 18.8,COM 30CM.FORNECIMENTO",332.64,{"$f":"D136/$D$159","v":0.000281780458765762},{"$f":"F135+E136","v":""}]
["5.4","05.001.0134-A","ARRANCAMENTO DE PORTAS,JANELAS E CAIXILHOS DE AR CONDICIONADO OU OUTROS",329.28,{"$f":"D137/$D$159","v":0.000278934191505502},{"$f":"F136+E137","v":""}]
["9.7","14.007.0090-A","FERRAGENS P/PORTAS DE MADEIRA,DE CORRER,DE 1 FOLHA,CONSTANDO DE FORN.S/COLOC.DE:-FECHADURA C/CHAVE BI-PART.,LATAO, ACABAMENTO CROMADO;-2,00M DE TRILHO EM \"U\",DE FERRO;-2 ROLDANAS DE FERRO;-2 GUIAS DE LATAO,TAMANHO 3/4\",SEM CANTONEIRA;-2,00M CANALETA DE AL",322.26,{"$f":"D138/$D$159","v":0.000272987525979601},{"$f":"F137+E138","v":""}]
["10.31",97605,"LUMINÁRIA ARANDELA TIPO MEIA-LUA, PARA 1 LÂMPADA LED - FORNECIMENTO E INSTALAÇÃO. AF_11/2017",302.07,{"$f":"D139/$D$159","v":0.000255884509317501},{"$f":"F138+E139","v":""}]
["13.12","18.007.0075-A","CHUVEIRO ELETRICO,EM METAL CROMADO,EM 110/220V,COM BRACO CROMADO DE 1/2\" E 1 REGISTRO DE PRESSAO 1416 DE 3/4\",COM CANOPLA E VOLANTE EM METAL CROMADO.FORNECIMENTO",254.17,{"$f":"D140/$D$159","v":0.000215308258791768},{"$f":"F139+E140","v":""}]
["3.1",90084,"ESCAVAÇÃO MECANIZADA DE VALA COM PROF. MAIOR QUE 1,5 M ATÉ 3,0 M (MÉDIA ENTRE MONTANTE E JUSANTE/UMA COMPOSIÇÃO POR TRECHO), COM ESCAVADEIRA HIDRÁULICA (0,8 M3/111 HP), LARGURA ATÉ 1,5 M, EM SOLO DE 1A CATEGORIA, EM LOCAIS COM ALTO NÍVEL DE INTERFERÊNCIA.",248.49,{"$f":"D141/$D$159","v":0.000210496711756566},{"$f":"F140+E141","v":""}]
["10.15",89985,"REGISTRO DE PRESSÃO BRUTO, LATÃO, ROSCÁVEL, 3/4\", COM ACABAMENTO E CANOPLA CROMADOS. FORNECIDO E INSTALADO EM RAMAL DE ÁGUA. AF_12/2014",239.58,{"$f":"D142/$D$159","v":0.000202949020896769},{"$f":"F141+E142","v":""}]
["10.42","74130/1","DISJUNTOR TERMOMAGNETICO MONOPOLAR PADRAO NEMA (AMERICANO) 10 A 30A 240V, FORNECIMENTO E INSTALACAO",234,{"$f":"D143/$D$159","v":0.000198222184196694},{"$f":"F142+E143","v":""}]
["10.14",94496,"REGISTRO DE GAVETA BRUTO, LATÃO, ROSCÁVEL, 1 1/4\u0094, INSTALADO EM RESERVAÇÃO DE ÁGUA DE EDIFICAÇÃO QUE POSSUA RESERVATÓRIO DE FIBRA/FIBROCIMENTO \u0096 FORNECIMENTO E INSTALAÇÃO. AF_06/2016",208.94,{"$f":"D144/$D$159","v":0.00017699377421392},{"$f":"F143+E144","v":""}]
["10.5","15.002.0062-A","CAIXA DE GORDURA SIMPLES CILINDRICA,PRE-FABRICADA EM ANEIS DE CONCRETO,COM DIAMETRO DE 40CM E PROFUNDIDADE TOTAL DE 60CM,INCLUSIVE TAMPA DE CONCRETO.FORNECIMENTO E COLOCACAO",189.67,{"$f":"D145/$D$159","v":0.000160670092634987},{"$f":"F144+E145","v":""}]
["6.6",93187,"VERGA MOLDADA IN LOCO EM CONCRETO PARA JANELAS COM MAIS DE 1,5 M DE VÃO. AF_03/2016",186.22,{"$f":"D146/$D$159","v":0.000157747586073113},{"$f":"F145+E146","v":""}]
["6.7",93197,"CONTRAVERGA MOLDADA IN LOCO EM CONCRETO PARA VÃOS DE MAIS DE 1,5 M DE COMPRIMENTO. AF_03/2016",175.95,{"$f":"D147/$D$159","v":0.000149047834655591},{"$f":"F146+E147","v":""}]
["10.40",93663,"DISJUNTOR BIPOLAR TIPO DIN, CORRENTE NOMINAL DE 25A - FORNECIMENTO E INSTALAÇÃO. AF_04/2016",143.74,{"$f":"D148/$D$159","v":0.000121762635711251},{"$f":"F147+E148","v":""}]
["10.19",91787,"(COMPOSIÇÃO REPRESENTATIVA) DO SERVIÇO DE INSTALAÇÃO DE TUBOS DE PVC, SOLDÁVEL, ÁGUA FRIA, DN 40 MM (INSTALADO EM PRUMADA), INCLUSIVE CONEXÕES, CORTES E FIXAÇÕES, PARA PRÉDIOS. AF_10/2015",141.85,{"$f":"D149/$D$159","v":0.000120161610377355},{"$f":"F148+E149","v":""}]
["2.7","04.013.0015-A","CARGA E DESCARGA DE CONTAINER,SEGUNDO DESCRICAO DA FAMILIA 02.006",140.1,{"$f":"D150/$D$159","v":0.000118679179512636},{"$f":"F149+E150","v":""}]
["13.15",88571,"SABONETEIRA DE SOBREPOR (FIXADA NA PAREDE), TIPO CONCHA, EM ACO INOXIDAVEL - FORNECIMENTO E INSTALACAO",137.46,{"$f":"D151/$D$159","v":0.000116442826665289},{"$f":"F150+E151","v":""}]
["10.6",89709,"RALO SIFONADO, PVC, DN 100 X 40 MM, JUNTA SOLDÁVEL, FORNECIDO E INSTALADO EM RAMAL DE DESCARGA OU EM RAMAL DE ESGOTO SANITÁRIO. AF_12/2014",109.76,{"$f":"D152/$D$159","v":9.29780638351672E-005},{"$f":"F151+E152","v":""}]
["10.41",93664,"DISJUNTOR BIPOLAR TIPO DIN, CORRENTE NOMINAL DE 32A - FORNECIMENTO E INSTALAÇÃO. AF_04/2016",74.97,{"$f":"D153/$D$159","v":6.35073382445562E-005},{"$f":"F152+E153","v":""}]
["10.20",83879,"LIGACAO DA REDE 75MM AO RAMAL PREDIAL 1/2\"",69.19,{"$f":"D154/$D$159","v":5.86110808742276E-005},{"$f":"F153+E154","v":""}]
["10.46","COTAÇÃO 03","ELETRODUTO PEAD CORRUGADO 6\" (150MM)",67.3,{"$f":"D155/$D$159","v":5.70100555403312E-005},{"$f":"F154+E155","v":""}]
["10.22",94797,"TORNEIRA DE BOIA, ROSCÁVEL, 1\u0094, FORNECIDA E INSTALADA EM RESERVAÇÃO DE ÁGUA. AF_06/2016",58.99,{"$f":"D156/$D$159","v":4.99706266912948E-005},{"$f":"F155+E156","v":""}]
["10.43","74130/2","DISJUNTOR TERMOMAGNETICO MONOPOLAR PADRAO NEMA (AMERICANO) 35 A 50A 240V, FORNECIMENTO E INSTALACAO",55.1,{"$f":"D157/$D$159","v":4.66753946548626E-005},{"$f":"F156+E157","v":""}]
["10.7",89710,"RALO SECO, PVC, DN 100 X 40 MM, JUNTA SOLDÁVEL, FORNECIDO E INSTALADO EM RAMAL DE DESCARGA OU EM RAMAL DE ESGOTO SANITÁRIO. AF_12/2014",13.44,{"$f":"D158/$D$159","v":1.13850690410409E-005},{"$f":"F157+E158","v":""}]
["Total Geral:",null,null,{"$f":"SUM(D2:D158)","v":1180493.5},{"$f":"SUM(E2:E158)","v":1}]
[]
["14.1","ADM","ADMINISTRAÇÃO LOCAL:",{"$f":"'ORÇAMENTO ANALÍTICO'!I210","v":51357}]

{"sheet":"TABELA DINAMICA","index":9,"n_rows":476,"n_cols":14,"rows_kept":476,"cut":false,"hidden":false,"merged":[]}
["ITEM","CODIGO","DESCRIÇÃO","PREÇO UNIT","PREÇO TOTAL"]
["13.20","18.040.0025-A","PLATAFORMA PARA TRANSPORTE VERTICAL,PERCURSO DE 3,17M,CAPACIDADE PARA 230KG,VELOCIDADE DE 6M/MINUTO,COM DUAS PARADAS,GUARDA CORPO LATERAL COM BRACO TIPO BASCULANTE E ACESSO PELO MESMO LADO,COMANDO AUTOMATICO SIMPLES NAS DUAS PARADAS FRANQUEADO,CHAVE NA CABINE,MOTOR ELETRICO DE 2CV A 1720RPM,60HZ,TRIFASICO (220/380V).FORNECIMENTO,MONTAGEM E INSTALACAO",64610.44,129220.88,null,null,null,null,null,null,null,"Dados"]
["6.1","11.016.0040-A","ESTRUTURA METALICA EM ACO ESPECIAL,RESISTENTE A CORROSAO(ACO USI-SAC),PARA OBRAS PREDIAIS DE ATE 04 PAVIMENTOS,PILARES,VIGAS PRINCIPAIS E SECUNDARIAS,ESCADAS,PATAMARES E CHAPAS DAS BASES DA FUNDACAO,PINTURA PROTETORA,CONSIDERANDO FORNECIMENTO DE TODOS OS MATERIAIS E MONTAGEM,EXCLUSIVE A LAJE DE CONCRETO",611.03,120641.76,null,null,null,null,"DESCRIÇÃO","CODIGO","ITEM","Soma -  PREÇO UNIT ","Soma -  PREÇO TOTAL "]
["13.31","COTAÇÃO 04","POLTRONA COM ASSENTO RETRÁTIL E ENCOSTO FIXO REVESTIDA EM TECIDO OU COURO ECOLÓGICO",775.03,116254.5,null,null,null,null,"PLATAFORMA PARA TRANSPORTE VERTICAL,PERCURSO DE 3,17M,CAPACIDADE PARA 230KG,VELOCIDADE DE 6M/MINUTO,COM DUAS PARADAS,GUARDA CORPO LATERAL COM BRACO TIPO BASCULANTE E ACESSO PELO MESMO LADO,COMANDO AUTOMATICO SIMPLES NAS DUAS PARADAS FRANQUEADO,CHAVE NA CABINE,MOTOR ELETRICO DE 2CV A 1720RPM,60HZ,TRIFASICO (220/380V).FORNECIMENTO,MONTAGEM E INSTALACAO","18.040.0025-A","13.20",64610.44,129220.88]
["13.27","18.030.0010-A","CONDICIONADOR DE AR TIPO SPLIT 60000 BTU'S COMPREENDENDO 1 CONDENSADOR E 1 EVAPORADOR(VIDE INSTALACAO,ASSENTAMENTO E INTERLIGACOES FAMILIA 15.005).FORNECIMENTO",7996.3,47977.8,null,null,null,null,null,"18.040.0025-A Resultado",null,64610.44,129220.88]
["12.1","17.018.0060-A","PREPARO DE SUPERFICIES NOVAS,COM REVESTIMENTO LISO INTERNO OU EXTERNO,INCLUSIVE UMA DEMAO DE SELADOR ACRILICO,DUAS DEMAOS DE MASSA ACRILICA E LIXAMENTOS NECESSARIOS",33.11,40628.94,null,null,null,null,"PLATAFORMA PARA TRANSPORTE VERTICAL,PERCURSO DE 3,17M,CAPACIDADE PARA 230KG,VELOCIDADE DE 6M/MINUTO,COM DUAS PARADAS,GUARDA CORPO LATERAL COM BRACO TIPO BASCULANTE E ACESSO PELO MESMO LADO,COMANDO AUTOMATICO SIMPLES NAS DUAS PARADAS FRANQUEADO,CHAVE NA CABINE,MOTOR ELETRICO DE 2CV A 1720RPM,60HZ,TRIFASICO (220/380V).FORNECIMENTO,MONTAGEM E INSTALACAO Resultado",null,null,64610.44,129220.88]
["12.4","17.025.0005-B","PINTURA COM TINTA ACRILICA,ANTIFUNGO/BACTERICIDA,PARA AMBIENTES INTERNOS E EXTERNOS PROPENSOS A UMIDADE E VAPORES,EM DUAS DEMAOS,SOBRE SELADOR ACRILICO E DUAS DEMAOS DE MASSA ACRILICA,INCLUSIVE LIMPEZA E LIXAMENTO",38.61,29311.55,null,null,null,null,"TRANSFORMADOR DISTRIBUICAO  300KVA TRIFASICO 60HZ CLASSE 15KV IMERSO EM ÓLEO MINERAL FORNECIMENTO E INSTALACAO","73857/5","10.44",22461.7,22461.7]
["9.12","14.002.0205-A","GUARDA-CORPO DE FERRO EM LANCES DE 3,00 A 4,00M E 1,00M DE ALTURA,COM 4 MONTANTES DE BARRAS DE 2\"X3/4\",CHUMBADOS NO CONCRETO,CORRIMAO EM 2 BARRAS SOBREPOSTAS DE 3\"X1/2\" E 2\"X3/8\",DUAS TRAVESSAS HORIZONTAIS EM BARRAS DE 1.1/4\"X3/8\",SOLDADASNOS MONTANTES,UMA DISTANTE 0,34M DO PISO E A OUTRA A 0,33M DESTA E DO CORRIMAO.FORNECIMENTO E COLOCACAO",769.54,27087.8,null,null,null,null,null,"73857/5 Resultado",null,22461.7,22461.7]
["13.30","15.005.0260-A","TUBULACAO EM COBRE PARA INTERLIGACAO DE SPLIT SYSTEM AO CONDENSADOR/EVAPORADOR,INCLUSIVE ISOLAMENTO TERMICO,ALIMENTACAOELETRICA,CONEXOES E FIXACAO,PARA APARELHOS DE 60000 BTU'S.FORNECIMENTO E INSTALACAO",212.9,25548,null,null,null,null,"TRANSFORMADOR DISTRIBUICAO  300KVA TRIFASICO 60HZ CLASSE 15KV IMERSO EM ÓLEO MINERAL FORNECIMENTO E INSTALACAO Resultado",null,null,22461.7,22461.7]
["8.10",87263,"REVESTIMENTO CERÂMICO PARA PISO COM PLACAS TIPO PORCELANATO DE DIMENSÕES 60X60 CM APLICADA EM AMBIENTES DE ÁREA MAIOR QUE 10 M². AF_06/2014",112.11,25260.62,null,null,null,null,"CONDICIONADOR DE AR TIPO SPLIT 60000 BTU'S COMPREENDENDO 1 CONDENSADOR E 1 EVAPORADOR(VIDE INSTALACAO,ASSENTAMENTO E INTERLIGACOES FAMILIA 15.005).FORNECIMENTO","18.030.0010-A","13.27",7996.3,47977.8]
["10.45",92998,"CABO DE COBRE FLEXÍVEL ISOLADO, 185 MM², ANTI-CHAMA 0,6/1,0 KV, PARA DISTRIBUIÇÃO - FORNECIMENTO E INSTALAÇÃO. AF_12/2015",150.05,25208.4,null,null,null,null,null,"18.030.0010-A Resultado",null,7996.3,47977.8]
["10.44","73857/5","TRANSFORMADOR DISTRIBUICAO  300KVA TRIFASICO 60HZ CLASSE 15KV IMERSO EM ÓLEO MINERAL FORNECIMENTO E INSTALACAO",22461.7,22461.7,null,null,null,null,"CONDICIONADOR DE AR TIPO SPLIT 60000 BTU'S COMPREENDENDO 1 CONDENSADOR E 1 EVAPORADOR(VIDE INSTALACAO,ASSENTAMENTO E INTERLIGACOES FAMILIA 15.005).FORNECIMENTO Resultado",null,null,7996.3,47977.8]
["9.1","14.006.0423-A","PORTA DE MADEIRA DE LEI MACICA COM ATE 5 ALMOFADAS,COM 3,5CM DE ESPESSURA,EXCLUSIVE FERRAGENS,MARCO E ALIZAR.FORNECIMENTO E COLOCACAO",761.74,22280.89,null,null,null,null,"CONDICIONADOR DE AR TIPO SPLIT 48000 BTU'S COMPREENDENDO 1 CONDENSADOR E 1 EVAPORADOR(VIDE INSTALACAO,ASSENTAMENTO E INTERLIGACOES FAMILIA 15.005).FORNECIMENTO","18.030.0009-A","13.25",7627.24,15254.48]
["1.1","01.050.0546-A","PROJETO EXECUTIVO ESTRUTURAL PARA PREDIOS CULTURAIS ATE 500M2,CONSIDERANDO O PROJETO BASICO EXISTENTE,APRESENTADO EM AUTOCAD NOS PADROES DA CONTRATANTE,CONSTANDO DE PLANTAS DE FORMA,ARMACAO E DETALHES,DE ACORDO COM A ABNT",58.06,20611.3,null,null,null,null,null,"18.030.0009-A Resultado",null,7627.24,15254.48]
["8.1","13.001.0026-A","EMBOCO COM ARGAMASSA DE CIMENTO E AREIA,NO TRACO 1:3 COM 2CM DE ESPESSURA,INCLUSIVE CHAPISCO DE CIMENTO E AREIA,NO TRACO 1:3",29.77,18067.11,null,null,null,null,"CONDICIONADOR DE AR TIPO SPLIT 48000 BTU'S COMPREENDENDO 1 CONDENSADOR E 1 EVAPORADOR(VIDE INSTALACAO,ASSENTAMENTO E INTERLIGACOES FAMILIA 15.005).FORNECIMENTO Resultado",null,null,7627.24,15254.48]
["8.8",87373,"ARGAMASSA TRAÇO 1:4 (CIMENTO E AREIA MÉDIA) PARA CONTRAPISO, PREPARO MANUAL. AF_06/2014",621.26,17811.52,null,null,null,null,"LUSTRE DE CRISTAL TRANSPARENTE 28 BRAÇOS.","COTAÇÃO 02","10.33",5854.4,5854.4]
["8.13",98671,"PISO EM GRANITO APLICADO EM AMBIENTES INTERNOS. AF_06/2018",444.22,17782.12,null,null,null,null,null,"COTAÇÃO 02 Resultado",null,5854.4,5854.4]
["13.28","15.005.0209-A","INSTALACAO E ASSENTAMENTO DE AR CONDICIONADO TIPO SPLIT DE 60000 BTU'S,COM 1 CONDENSADOR E 1 EVAPORADOR,(VIDE FORNECIMENTO DO APARELHO NA FAMILIA 18.030)INCLUSIVE ACESSORIOS DE FIXACAO,EXCLUSIVE ALIMENTACAO ELETRICA E INTERLIGACAO AO CONDENSADOR/EVAPORADOR (VIDE ITEM 15.005.0255)",2930.18,17581.08,null,null,null,null,"LUSTRE DE CRISTAL TRANSPARENTE 28 BRAÇOS. Resultado",null,null,5854.4,5854.4]
["8.2",87274,"REVESTIMENTO CERÂMICO PARA PAREDES INTERNAS COM PLACAS TIPO ESMALTADA EXTRA DE DIMENSÕES 33X45 CM APLICADAS EM AMBIENTES DE ÁREA MENOR QUE 5 M² A MEIA ALTURA DAS PAREDES. AF_06/2014",81.5,16256.8,null,null,null,null,"FOSSA SEPTICA CILINDRICA,TIPO CAMARA IMHOFF,DE CONCRETO PRE-MOLDADO,MEDINDO 2000X2000MM.FORNECIMENTO E COLOCACAO","15.002.0580-A","10.1",4699.57,4699.57]
["6.3","11.013.0075-A","CONCRETO ARMADO,FCK=25MPA,INCLUINDO MATERIAIS PARA 1,00M3 DE CONCRETO(IMPORTADO DE USINA)ADENSADO E COLOCADO,14,00M2 DEAREA MOLDADA,FORMAS E ESCORAMENTO CONFORME ITENS 11.004.0022 E 11.004.0035,60KG DE ACO CA-50,INCLUSIVE MAO-DE-OBRA PARACORTE,DOBRAGEM,MONTAGEM E COLOCACAO NAS FORMAS",2290.48,15987.55,null,null,null,null,null,"15.002.0580-A Resultado",null,4699.57,4699.57]
["13.25","18.030.0009-A","CONDICIONADOR DE AR TIPO SPLIT 48000 BTU'S COMPREENDENDO 1 CONDENSADOR E 1 EVAPORADOR(VIDE INSTALACAO,ASSENTAMENTO E INTERLIGACOES FAMILIA 15.005).FORNECIMENTO",7627.24,15254.48,null,null,null,null,"FOSSA SEPTICA CILINDRICA,TIPO CAMARA IMHOFF,DE CONCRETO PRE-MOLDADO,MEDINDO 2000X2000MM.FORNECIMENTO E COLOCACAO Resultado",null,null,4699.57,4699.57]
["8.4","13.196.0025-A","FORRO REMOVIVEL COMPOSTO GESSO ACARTONADO,TIPO STANDARD,C/ADICAO DE LA MINERAL,A SER APLICADO SIST.DRYWALL,C/BORDA QUADRADA 625X625MM REVEST.VINIL,ESP.6,5;9,5 OU 12,5MM,ESTRUT.EM PERFIS TIPO TRAVESSA \"T\" ACO GALV.ALUMINIO OU LIGAS ALUMINIO,ESP.MINIMA 0,5M,C/PINTURA ELETROSTATICA OU CONVENCIONAL,SUSPENSA POR MEIO PENDURAIS,FIX.EM ESTRUT.SUPERIOR.FORN.E COLOC.",92.39,14816.58,null,null,null,null,"INSTALACAO E ASSENTAMENTO DE AR CONDICIONADO TIPO SPLIT DE 60000 BTU'S,COM 1 CONDENSADOR E 1 EVAPORADOR,(VIDE FORNECIMENTO DO APARELHO NA FAMILIA 18.030)INCLUSIVE ACESSORIOS DE FIXACAO,EXCLUSIVE ALIMENTACAO ELETRICA E INTERLIGACAO AO CONDENSADOR/EVAPORADOR (VIDE ITEM 15.005.0255)","15.005.0209-A","13.28",2930.18,17581.08]
["6.4",95969,"(COMPOSIÇÃO REPRESENTATIVA) EXECUÇÃO DE ESCADA EM CONCRETO ARMADO, MOLDADA IN LOCO, FCK = 25 MPA. AF_02/2017",2709.41,14712.09,null,null,null,null,null,"15.005.0209-A Resultado",null,2930.18,17581.08]
["8.6",94992,"EXECUÇÃO DE PASSEIO (CALÇADA) OU PISO DE CONCRETO COM CONCRETO MOLDADO IN LOCO, FEITO EM OBRA, ACABAMENTO CONVENCIONAL, ESPESSURA 6 CM, ARMADO. AF_07/2016",73.67,14546.87,null,null,null,null,"INSTALACAO E ASSENTAMENTO DE AR CONDICIONADO TIPO SPLIT DE 60000 BTU'S,COM 1 CONDENSADOR E 1 EVAPORADOR,(VIDE FORNECIMENTO DO APARELHO NA FAMILIA 18.030)INCLUSIVE ACESSORIOS DE FIXACAO,EXCLUSIVE ALIMENTACAO ELETRICA E INTERLIGACAO AO CONDENSADOR/EVAPORADOR (VIDE ITEM 15.005.0255) Resultado",null,null,2930.18,17581.08]
["11.2",92542,"TRAMA DE MADEIRA COMPOSTA POR RIPAS, CAIBROS E TERÇAS PARA TELHADOS DE MAIS QUE 2 ÁGUAS PARA TELHA CERÂMICA CAPA-CANAL, INCLUSO TRANSPORTE VERTICAL. AF_12/2015",87.04,14298.93,null,null,null,null,"INSTALACAO E ASSENTAMENTO DE AR CONDICIONADO TIPO SPLIT DE 48000 BTU'S,COM 1 CONDENSADOR E 1 EVAPORADOR,(VIDE FORNECIMENTO DO APARELHO NA FAMILIA 18.030)INCLUSIVE ACESSORIOS DE FIXACAO,EXCLUSIVE ALIMENTACAO ELETRICA E INTERLIGACAO AO CONDENSADOR/EVAPORADOR (VIDE ITEM 15.005.0255)","15.005.0208-A","13.26",2836.29,5672.58]
["10.34","15.015.0250-A","INSTALACAO DE PONTO DE TOMADA,EMBUTIDO NA ALVENARIA,EQUIVALENTE A 2 VARAS DE ELETRODUTO DE PVC RIGIDO DE 3/4\",18,00M DEFIO 2,5MM2,CAIXAS,CONEXOES E TOMADA DE EMBUTIR,2P+T,10A,PADRAO BRASILEIRO,COM PLACA FOSFORESCENTE,INCLUSIVE ABERTURA E FECHAMENTO DE RASGO EM ALVENARIA",293.71,14098.08,null,null,null,null,null,"15.005.0208-A Resultado",null,2836.29,5672.58]
["12.2",88487,"APLICAÇÃO MANUAL DE PINTURA COM TINTA LÁTEX PVA EM PAREDES, DUAS DEMÃOS. AF_06/2014",12.08,13544.21,null,null,null,null,"INSTALACAO E ASSENTAMENTO DE AR CONDICIONADO TIPO SPLIT DE 48000 BTU'S,COM 1 CONDENSADOR E 1 EVAPORADOR,(VIDE FORNECIMENTO DO APARELHO NA FAMILIA 18.030)INCLUSIVE ACESSORIOS DE FIXACAO,EXCLUSIVE ALIMENTACAO ELETRICA E INTERLIGACAO AO CONDENSADOR/EVAPORADOR (VIDE ITEM 15.005.0255) Resultado",null,null,2836.29,5672.58]
["11.3",92554,"FABRICAÇÃO E INSTALAÇÃO DE TESOURA INTEIRA EM MADEIRA NÃO APARELHADA, VÃO DE 12 M, PARA TELHA CERÂMICA OU DE CONCRETO, INCLUSO IÇAMENTO. AF_12/2015",2666.79,13333.95,null,null,null,null,"(COMPOSIÇÃO REPRESENTATIVA) EXECUÇÃO DE ESCADA EM CONCRETO ARMADO, MOLDADA IN LOCO, FCK = 25 MPA. AF_02/2017",95969,"6.4",2709.41,14712.09]
["13.29","15.005.0255-A","TUBULACAO EM COBRE PARA INTERLIGACAO DE SPLIT SYSTEM AO CONDENSADOR/EVAPORADOR,INCLUSIVE ISOLAMENTO TERMICO,ALIMENTACAOELETRICA,CONEXOES E FIXACAO,PARA APARELHOS ATE 48000 BTU'S.FORNECIMENTO E INSTALACAO",174.05,13175.58,null,null,null,null,null,"95969 Resultado",null,2709.41,14712.09]
["10.27","15.015.0106-A","INSTALACAO DE UM CONJUNTO DE 8 PONTOS DE LUZ,APARENTE COM CANALETA PERFURADA,SENDO ESTA LIGADA A ELETROCALHA PRINCIPAL(EXCLUSIVE ESTA),EQUIVALENTE A 6,75 VARAS DE CANALETA E 2 VARAS DE ELETRODUTO DE PVC RIGIDO DE 3/4\",92,00M DE FIO 2,5MM2,CAIXAS,CONEXOES,LUVAS,CURVA E INTERRUPTOR DE SOBREPOR",1316.37,10530.96,null,null,null,null,"(COMPOSIÇÃO REPRESENTATIVA) EXECUÇÃO DE ESCADA EM CONCRETO ARMADO, MOLDADA IN LOCO, FCK = 25 MPA. AF_02/2017 Resultado",null,null,2709.41,14712.09]
["8.7",92396,"EXECUÇÃO DE PASSEIO EM PISO INTERTRAVADO, COM BLOCO RETANGULAR COR NATURAL DE 20 X 10 CM, ESPESSURA 6 CM. AF_12/2015",73.04,9933.44,null,null,null,null,"FABRICAÇÃO E INSTALAÇÃO DE TESOURA INTEIRA EM MADEIRA NÃO APARELHADA, VÃO DE 12 M, PARA TELHA CERÂMICA OU DE CONCRETO, INCLUSO IÇAMENTO. AF_12/2015",92554,"11.3",2666.79,13333.95]
["5.7","05.005.0005-B","ANDAIME DE TABUADO SOBRE CAVALETES,INCLUSIVE ESTES,EM MADEIRA DE 1ª,COM APROVEITAMENTO DA MADEIRA 20 VEZES,INCLUSIVE MOVIMENTACAO",11.5,8835.68,null,null,null,null,null,"92554 Resultado",null,2666.79,13333.95]
["9.4",90842,"KIT DE PORTA DE MADEIRA PARA PINTURA, SEMI-OCA (LEVE OU MÉDIA), PADRÃO MÉDIO, 70X210CM, ESPESSURA DE 3,5CM, ITENS INCLUSOS: DOBRADIÇAS, MONTAGEM E INSTALAÇÃO DO BATENTE, FECHADURA COM EXECUÇÃO DO FURO - FORNECIMENTO E INSTALAÇÃO. AF_08/2015",980.98,8828.82,null,null,null,null,"FABRICAÇÃO E INSTALAÇÃO DE TESOURA INTEIRA EM MADEIRA NÃO APARELHADA, VÃO DE 12 M, PARA TELHA CERÂMICA OU DE CONCRETO, INCLUSO IÇAMENTO. AF_12/2015 Resultado",null,null,2666.79,13333.95]
["3.4","03.009.0015-A","ATERRO COM MATERIAL DE 1ª CATEGORIA,COMPACTADO MANUALMENTE EM CAMADAS DE 20CM DE MATERIAL APILOADO,PROVENIENTE DE JAZIDA DISTANTE ATE 10KM,INCLUSIVE ESCAVACAO,CARGA,TRANSPORTE EM CAMINHAO BASCULANTE,DESCARGA,ESPALHAMENTO E IRRIGACAO MANUAIS",166.5,8641.35,null,null,null,null,"FILTRO ANAEROBIO,DE ANEIS DE CONCRETO PRE-MOLDADO,MEDINDO 1500X2000MM.FORNECIMENTO E COLOCACAO","15.002.0663-A","10.2",2432.35,2432.35]
["10.30",97593,"LUMINÁRIA TIPO SPOT, DE SOBREPOR, COM 1 LÂMPADA DE 15 W - FORNECIMENTO E INSTALAÇÃO. AF_11/2017",101.72,8442.76,null,null,null,null,null,"15.002.0663-A Resultado",null,2432.35,2432.35]
["9.5",90843,"KIT DE PORTA DE MADEIRA PARA PINTURA, SEMI-OCA (LEVE OU MÉDIA), PADRÃO MÉDIO, 80X210CM, ESPESSURA DE 3,5CM, ITENS INCLUSOS: DOBRADIÇAS, MONTAGEM E INSTALAÇÃO DO BATENTE, FECHADURA COM EXECUÇÃO DO FURO - FORNECIMENTO E INSTALAÇÃO. AF_08/2015",1023.44,8187.52,null,null,null,null,"FILTRO ANAEROBIO,DE ANEIS DE CONCRETO PRE-MOLDADO,MEDINDO 1500X2000MM.FORNECIMENTO E COLOCACAO Resultado",null,null,2432.35,2432.35]
["10.35","15.015.0173-A","INSTALACAO DE PONTO DE FORCA ATE 4CV,EQUIVALENTE A 2 VARAS DE ELETRODUTO DE PVC RIGIDO DE 3/4\",20,00M DE FIO 4MM2,CAIXAS E CONEXOES",449.45,8090.1,null,null,null,null,"CONCRETO ARMADO,FCK=25MPA,INCLUINDO MATERIAIS PARA 1,00M3 DE CONCRETO(IMPORTADO DE USINA)ADENSADO E COLOCADO,14,00M2 DEAREA MOLDADA,FORMAS E ESCORAMENTO CONFORME ITENS 11.004.0022 E 11.004.0035,60KG DE ACO CA-50,INCLUSIVE MAO-DE-OBRA PARACORTE,DOBRAGEM,MONTAGEM E COLOCACAO NAS FORMAS","11.013.0075-A","6.3",2290.48,15987.55]
["5.8","05.006.0001-B","ALUGUEL DE ANDAIME COM ELEMENTOS TUBULARES(FACHADEIRO)SOBRESAPATAS FIXAS,CONSIDERANDO-SE A AREA DA PROJECAO VERTICAL DO ANDAIME E PAGO PELO TEMPO NECESSARIO A SUA UTILIZACAO,EXCLUSIVE TRANSPORTE DOS ELEMENTOS DO ANDAIME ATE A OBRA,PLATAFORMA OU PASSARELA DE PINHO,MONTAGEM E DESMONTAGEM DOS ANDAIMES",5.15,7244.71,null,null,null,null,null,"11.013.0075-A Resultado",null,2290.48,15987.55]
["10.23","15.015.0021-A","INSTALACAO DE PONTO DE LUZ,APARENTE,EQUIVALENTE A 2 VARAS DE ELETRODUTO DE PVC RIGIDO DE 3/4\",12,00M DE FIO 2,5MM2,CAIXAS,CONEXOES,LUVAS,CURVA E INTERRUPTOR DE SOBREPOR",236.57,6860.53,null,null,null,null,"CONCRETO ARMADO,FCK=25MPA,INCLUINDO MATERIAIS PARA 1,00M3 DE CONCRETO(IMPORTADO DE USINA)ADENSADO E COLOCADO,14,00M2 DEAREA MOLDADA,FORMAS E ESCORAMENTO CONFORME ITENS 11.004.0022 E 11.004.0035,60KG DE ACO CA-50,INCLUSIVE MAO-DE-OBRA PARACORTE,DOBRAGEM,MONTAGEM E COLOCACAO NAS FORMAS Resultado",null,null,2290.48,15987.55]
["2.6",10778,"LOCACAO DE CONTAINER 2,30 X 6,00 M, ALT. 2,50 M,  PARA SANITARIO,  COM 4 BACIAS, 8 CHUVEIROS,1 LAVATORIO E 1 MICTORIO                                                                                                                                                                                                                                                                                                                                                                                     ",857.21,5143.26,null,null,null,null,"CONDICIONADOR DE AR TIPO SPLIT 12000 BTU'S COMPREENDENDO 1 CONDENSADOR E 1 EVAPORADOR(VIDE INSTALACAO,ASSENTAMENTO E INTERLIGACOES FAMILIA 15.005).FORNECIMENTO","18.030.0002-A","13.23",1453.17,2906.34]
["11.4",94198,"TELHAMENTO COM TELHA CERÂMICA DE ENCAIXE, TIPO PORTUGUESA, COM MAIS DE 2 ÁGUAS, INCLUSO TRANSPORTE VERTICAL. AF_06/2016",65.67,6472.43,null,null,null,null,null,"18.030.0002-A Resultado",null,1453.17,2906.34]
["7.1",87490,"ALVENARIA DE VEDAÇÃO DE BLOCOS CERÂMICOS FURADOS NA VERTICAL DE 9X19X39CM (ESPESSURA 9CM) DE PAREDES COM ÁREA LÍQUIDA MAIOR OU IGUAL A 6M² COM VÃOS E ARGAMASSA DE ASSENTAMENTO COM PREPARO MANUAL. AF_06/2014",50.5,6247.86,null,null,null,null,"CONDICIONADOR DE AR TIPO SPLIT 12000 BTU'S COMPREENDENDO 1 CONDENSADOR E 1 EVAPORADOR(VIDE INSTALACAO,ASSENTAMENTO E INTERLIGACOES FAMILIA 15.005).FORNECIMENTO Resultado",null,null,1453.17,2906.34]
["8.11","13.331.0051-A","RODAPE COM CERAMICA EM PORCELANATO NATURAL,COM 7,5 A 10CM DE ALTURA,ASSENTES CONFORME ITEM 13.025.0058",37.89,6247.3,null,null,null,null,"CONDICIONADOR DE AR TIPO SPLIT 9000 BTU'S COMPREENDENDO 1 CONDENSADOR E 1 EVAPORADOR(VIDE INSTALACAO,ASSENTAMENTO E INTERLIGACOES FAMILIA 15.005).FORNECIMENTO","18.030.0001-A","13.21",1324,5296]
["10.33","COTAÇÃO 02","LUSTRE DE CRISTAL TRANSPARENTE 28 BRAÇOS.",5854.4,5854.4,null,null,null,null,null,"18.030.0001-A Resultado",null,1324,5296]
["10.11",91795,"(COMPOSIÇÃO REPRESENTATIVA) DO SERVIÇO DE INST. TUBO PVC, SÉRIE N, ESGOTO PREDIAL, 100 MM (INST. RAMAL DESCARGA, RAMAL DE ESG. SANIT., PRUMADA ESG. SANIT., VENTILAÇÃO OU SUB-COLETOR AÉREO), INCL. CONEXÕES E CORTES, FIXAÇÕES, P/ PRÉDIOS. AF_10/2015",67.01,5756.15,null,null,null,null,"CONDICIONADOR DE AR TIPO SPLIT 9000 BTU'S COMPREENDENDO 1 CONDENSADOR E 1 EVAPORADOR(VIDE INSTALACAO,ASSENTAMENTO E INTERLIGACOES FAMILIA 15.005).FORNECIMENTO Resultado",null,null,1324,5296]
["13.26","15.005.0208-A","INSTALACAO E ASSENTAMENTO DE AR CONDICIONADO TIPO SPLIT DE 48000 BTU'S,COM 1 CONDENSADOR E 1 EVAPORADOR,(VIDE FORNECIMENTO DO APARELHO NA FAMILIA 18.030)INCLUSIVE ACESSORIOS DE FIXACAO,EXCLUSIVE ALIMENTACAO ELETRICA E INTERLIGACAO AO CONDENSADOR/EVAPORADOR (VIDE ITEM 15.005.0255)",2836.29,5672.58,null,null,null,null,"INSTALACAO DE UM CONJUNTO DE 8 PONTOS DE LUZ,APARENTE COM CANALETA PERFURADA,SENDO ESTA LIGADA A ELETROCALHA PRINCIPAL(EXCLUSIVE ESTA),EQUIVALENTE A 6,75 VARAS DE CANALETA E 2 VARAS DE ELETRODUTO DE PVC RIGIDO DE 3/4\",92,00M DE FIO 2,5MM2,CAIXAS,CONEXOES,LUVAS,CURVA E INTERRUPTOR DE SOBREPOR","15.015.0106-A","10.27",1316.37,10530.96]
["5.6","05.001.0050-A","REMOCAO DE COBERTURA EM TELHAS COLONIAIS,INCLUSIVE MADEIRAMENTO,MEDIDO O CONJUNTO PELA AREA REAL DE COBERTURA",33.74,5542.8,null,null,null,null,null,"15.015.0106-A Resultado",null,1316.37,10530.96]
["7.4","73774/1","DIVISORIA EM MARMORITE ESPESSURA 35MM, CHUMBAMENTO NO PISO E PAREDE COM ARGAMASSA DE CIMENTO E AREIA, POLIMENTO MANUAL, EXCLUSIVE FERRAGENS",402.85,5527.1,null,null,null,null,"INSTALACAO DE UM CONJUNTO DE 8 PONTOS DE LUZ,APARENTE COM CANALETA PERFURADA,SENDO ESTA LIGADA A ELETROCALHA PRINCIPAL(EXCLUSIVE ESTA),EQUIVALENTE A 6,75 VARAS DE CANALETA E 2 VARAS DE ELETRODUTO DE PVC RIGIDO DE 3/4\",92,00M DE FIO 2,5MM2,CAIXAS,CONEXOES,LUVAS,CURVA E INTERRUPTOR DE SOBREPOR Resultado",null,null,1316.37,10530.96]
["2.5",10775,"LOCACAO DE CONTAINER 2,30  X  6,00 M, ALT. 2,50 M, COM 1 SANITARIO, PARA ESCRITORIO, COMPLETO, SEM DIVISORIAS INTERNAS                                                                                                                                                                                                                                                                                                                                                                                    ",685.77,4114.62,null,null,null,null,"KIT DE PORTA DE MADEIRA PARA PINTURA, SEMI-OCA (LEVE OU MÉDIA), PADRÃO MÉDIO, 80X210CM, ESPESSURA DE 3,5CM, ITENS INCLUSOS: DOBRADIÇAS, MONTAGEM E INSTALAÇÃO DO BATENTE, FECHADURA COM EXECUÇÃO DO FURO - FORNECIMENTO E INSTALAÇÃO. AF_08/2015",90843,"9.5",1023.44,8187.52]
["13.21","18.030.0001-A","CONDICIONADOR DE AR TIPO SPLIT 9000 BTU'S COMPREENDENDO 1 CONDENSADOR E 1 EVAPORADOR(VIDE INSTALACAO,ASSENTAMENTO E INTERLIGACOES FAMILIA 15.005).FORNECIMENTO",1324,5296,null,null,null,null,null,"90843 Resultado",null,1023.44,8187.52]
["9.2","14.007.0025-A","FERRAGENS P/PORTA MADEIRA,DE 2 FOLHAS DE ABRIR,DE ENTRADA PRINCIPAL,CONSTANDO DE FORN.S/COLOC.DE:-FECHADURA CILINDRO,DELATAO,MONOBLOCO,ACABAMENTO CROMADO,;-ENTRADA CIRCULAR,LATAO,ACABAMENTO CROMADO;-ROSETA CIRCULAR,LATAO,ACAB.CROMADO;-MACANETA TIPO ALAVANCA,LATAO,ACABAMENTO CROMADO;-6 DOBRADICAS 3\"X3\" LATAO CROMADO,C/PINOS,BOLAS E ANEIS DE LATAO E 2 FECHOS",587.56,5288.04,null,null,null,null,"KIT DE PORTA DE MADEIRA PARA PINTURA, SEMI-OCA (LEVE OU MÉDIA), PADRÃO MÉDIO, 80X210CM, ESPESSURA DE 3,5CM, ITENS INCLUSOS: DOBRADIÇAS, MONTAGEM E INSTALAÇÃO DO BATENTE, FECHADURA COM EXECUÇÃO DO FURO - FORNECIMENTO E INSTALAÇÃO. AF_08/2015 Resultado",null,null,1023.44,8187.52]
["8.9",87261,"REVESTIMENTO CERÂMICO PARA PISO COM PLACAS TIPO PORCELANATO DE DIMENSÕES 60X60 CM APLICADA EM AMBIENTES DE ÁREA MENOR QUE 5 M². AF_06/2014",140.14,5186.58,null,null,null,null,"KIT DE PORTA DE MADEIRA PARA PINTURA, SEMI-OCA (LEVE OU MÉDIA), PADRÃO MÉDIO, 70X210CM, ESPESSURA DE 3,5CM, ITENS INCLUSOS: DOBRADIÇAS, MONTAGEM E INSTALAÇÃO DO BATENTE, FECHADURA COM EXECUÇÃO DO FURO - FORNECIMENTO E INSTALAÇÃO. AF_08/2015",90842,"9.4",980.98,8828.82]
["5.12",97062,"COLOCAÇÃO DE TELA EM ANDAIME FACHADEIRO. AF_11/2017",7.23,5085.36,null,null,null,null,null,"90842 Resultado",null,980.98,8828.82]
["10.1","15.002.0580-A","FOSSA SEPTICA CILINDRICA,TIPO CAMARA IMHOFF,DE CONCRETO PRE-MOLDADO,MEDINDO 2000X2000MM.FORNECIMENTO E COLOCACAO",4699.57,4699.57,null,null,null,null,"KIT DE PORTA DE MADEIRA PARA PINTURA, SEMI-OCA (LEVE OU MÉDIA), PADRÃO MÉDIO, 70X210CM, ESPESSURA DE 3,5CM, ITENS INCLUSOS: DOBRADIÇAS, MONTAGEM E INSTALAÇÃO DO BATENTE, FECHADURA COM EXECUÇÃO DO FURO - FORNECIMENTO E INSTALAÇÃO. AF_08/2015 Resultado",null,null,980.98,8828.82]
["1.3","01.050.0518-A","PROJETO EXECUTIVO DE INSTALACAO ELETRICA,CONSIDERANDO O PROJETO BASICO EXISTENTE,PARA PREDIOS CULTURAIS ATE 3000M2,APRESENTADO EM AUTOCAD,INCLUSIVE AS LEGALIZACOES PERTINENTES",12.32,4373.6,null,null,null,null,"KIT DE PORTA DE MADEIRA PARA PINTURA, SEMI-OCA (LEVE OU MÉDIA), PADRÃO MÉDIO, 60X210CM, ESPESSURA DE 3,5CM, ITENS INCLUSOS: DOBRADIÇAS, MONTAGEM E INSTALAÇÃO DO BATENTE, FECHADURA COM EXECUÇÃO DO FURO - FORNECIMENTO E INSTALAÇÃO. AF_08/2015",90841,"9.3",917.08,917.08]
["7.2",96360,"PAREDE COM PLACAS DE GESSO ACARTONADO (DRYWALL), PARA USO INTERNO, COM DUAS FACES SIMPLES E ESTRUTURA METÁLICA COM GUIAS DUPLAS, SEM VÃOS. AF_06/2017_P",135.21,4307.79,null,null,null,null,null,"90841 Resultado",null,917.08,917.08]
["13.1",86932,"VASO SANITÁRIO SIFONADO COM CAIXA ACOPLADA LOUÇA BRANCA - PADRÃO MÉDIO, INCLUSO ENGATE FLEXÍVEL EM METAL CROMADO, 1/2\u0094 X 40CM - FORNECIMENTO E INSTALAÇÃO. AF_12/2013",537.89,3765.23,null,null,null,null,"KIT DE PORTA DE MADEIRA PARA PINTURA, SEMI-OCA (LEVE OU MÉDIA), PADRÃO MÉDIO, 60X210CM, ESPESSURA DE 3,5CM, ITENS INCLUSOS: DOBRADIÇAS, MONTAGEM E INSTALAÇÃO DO BATENTE, FECHADURA COM EXECUÇÃO DO FURO - FORNECIMENTO E INSTALAÇÃO. AF_08/2015 Resultado",null,null,917.08,917.08]
["12.5",95468,"PINTURA ESMALTE BRILHANTE (2 DEMAOS) SOBRE SUPERFICIE METALICA, INCLUSIVE PROTECAO COM ZARCAO (1 DEMAO)",55.13,3291.26,null,null,null,null,"VASO SANITARIO SIFONADO CONVENCIONAL PARA PCD SEM FURO FRONTAL COM LOUÇA BRANCA SEM ASSENTO, INCLUSO CONJUNTO DE LIGAÇÃO PARA BACIA SANITÁRIA AJUSTÁVEL - FORNECIMENTO E INSTALAÇÃO. AF_10/2016",95472,"13.2",863.53,2590.59]
["8.12",98689,"SOLEIRA EM GRANITO, LARGURA 15 CM, ESPESSURA 2,0 CM. AF_06/2018",115.64,3203.22,null,null,null,null,null,"95472 Resultado",null,863.53,2590.59]
["3.2",93358,"ESCAVAÇÃO MANUAL DE VALA COM PROFUNDIDADE MENOR OU IGUAL A 1,30 M. AF_03/2016",98.2,3082.49,null,null,null,null,"VASO SANITARIO SIFONADO CONVENCIONAL PARA PCD SEM FURO FRONTAL COM LOUÇA BRANCA SEM ASSENTO, INCLUSO CONJUNTO DE LIGAÇÃO PARA BACIA SANITÁRIA AJUSTÁVEL - FORNECIMENTO E INSTALAÇÃO. AF_10/2016 Resultado",null,null,863.53,2590.59]
["13.6",40729,"VALVULA DESCARGA 1.1/2\" COM REGISTRO, ACABAMENTO EM METAL CROMADO - FORNECIMENTO E INSTALACAO",305.86,3058.6,null,null,null,null,"LOCACAO DE CONTAINER 2,30 X 6,00 M, ALT. 2,50 M,  PARA SANITARIO,  COM 4 BACIAS, 8 CHUVEIROS,1 LAVATORIO E 1 MICTORIO                                                                                                                                                                                                                                                                                                                                                                                     ",10778,"2.6",857.21,5143.26]
["13.23","18.030.0002-A","CONDICIONADOR DE AR TIPO SPLIT 12000 BTU'S COMPREENDENDO 1 CONDENSADOR E 1 EVAPORADOR(VIDE INSTALACAO,ASSENTAMENTO E INTERLIGACOES FAMILIA 15.005).FORNECIMENTO",1453.17,2906.34,null,null,null,null,null,"10778 Resultado",null,857.21,5143.26]
["8.3","13.001.0026-A","EMBOCO COM ARGAMASSA DE CIMENTO E AREIA,NO TRACO 1:3 COM 2CM DE ESPESSURA,INCLUSIVE CHAPISCO DE CIMENTO E AREIA,NO TRACO 1:3",29.77,2872.2,null,null,null,null,"LOCACAO DE CONTAINER 2,30 X 6,00 M, ALT. 2,50 M,  PARA SANITARIO,  COM 4 BACIAS, 8 CHUVEIROS,1 LAVATORIO E 1 MICTORIO                                                                                                                                                                                                                                                                                                                                                                                      Resultado",null,null,857.21,5143.26]
["6.2","74141/2","LAJE PRE-MOLD BETA 12 P/3,5KN/M2 VAO 4,1M INCL VIGOTAS TIJOLOS ARMADU-RA NEGATIVA CAPEAMENTO 3CM CONCRETO 15MPA ESCORAMENTO MATERIAIS E MAO DE OBRA.",106.22,2839.26,null,null,null,null,"POLTRONA COM ASSENTO RETRÁTIL E ENCOSTO FIXO REVESTIDA EM TECIDO OU COURO ECOLÓGICO","COTAÇÃO 04","13.31",775.03,116254.5]
["10.17",91785,"(COMPOSIÇÃO REPRESENTATIVA) DO SERVIÇO DE INSTALAÇÃO DE TUBOS DE PVC, SOLDÁVEL, ÁGUA FRIA, DN 25 MM (INSTALADO EM RAMAL, SUB-RAMAL, RAMAL DE DISTRIBUIÇÃO OU PRUMADA), INCLUSIVE CONEXÕES, CORTES E FIXAÇÕES, PARA PRÉDIOS. AF_10/2015",46.32,2802.36,null,null,null,null,null,"COTAÇÃO 04 Resultado",null,775.03,116254.5]
["11.7",98546,"IMPERMEABILIZAÇÃO DE SUPERFÍCIE COM MANTA ASFÁLTICA, UMA CAMADA, INCLUSIVE APLICAÇÃO DE PRIMER ASFÁLTICO, E=3MM. AF_06/2018",96.54,2661.6,null,null,null,null,"POLTRONA COM ASSENTO RETRÁTIL E ENCOSTO FIXO REVESTIDA EM TECIDO OU COURO ECOLÓGICO Resultado",null,null,775.03,116254.5]
["13.2",95472,"VASO SANITARIO SIFONADO CONVENCIONAL PARA PCD SEM FURO FRONTAL COM LOUÇA BRANCA SEM ASSENTO, INCLUSO CONJUNTO DE LIGAÇÃO PARA BACIA SANITÁRIA AJUSTÁVEL - FORNECIMENTO E INSTALAÇÃO. AF_10/2016",863.53,2590.59,null,null,null,null,"GUARDA-CORPO DE FERRO EM LANCES DE 3,00 A 4,00M E 1,00M DE ALTURA,COM 4 MONTANTES DE BARRAS DE 2\"X3/4\",CHUMBADOS NO CONCRETO,CORRIMAO EM 2 BARRAS SOBREPOSTAS DE 3\"X1/2\" E 2\"X3/8\",DUAS TRAVESSAS HORIZONTAIS EM BARRAS DE 1.1/4\"X3/8\",SOLDADASNOS MONTANTES,UMA DISTANTE 0,34M DO PISO E A OUTRA A 0,33M DESTA E DO CORRIMAO.FORNECIMENTO E COLOCACAO","14.002.0205-A","9.12",769.54,27087.8]
["11.8",91790,"(COMPOSIÇÃO REPRESENTATIVA) DO SERVIÇO DE INSTALAÇÃO DE TUBOS DE PVC, SÉRIE R, ÁGUA PLUVIAL, DN 100 MM (INSTALADO EM RAMAL DE ENCAMINHAMENTO, OU CONDUTORES VERTICAIS), INCLUSIVE CONEXÕES, CORTES E FIXAÇÕES, PARA PRÉDIOS. AF_10/2015",62.63,2505.2,null,null,null,null,null,"14.002.0205-A Resultado",null,769.54,27087.8]
["10.2","15.002.0663-A","FILTRO ANAEROBIO,DE ANEIS DE CONCRETO PRE-MOLDADO,MEDINDO 1500X2000MM.FORNECIMENTO E COLOCACAO",2432.35,2432.35,null,null,null,null,"GUARDA-CORPO DE FERRO EM LANCES DE 3,00 A 4,00M E 1,00M DE ALTURA,COM 4 MONTANTES DE BARRAS DE 2\"X3/4\",CHUMBADOS NO CONCRETO,CORRIMAO EM 2 BARRAS SOBREPOSTAS DE 3\"X1/2\" E 2\"X3/8\",DUAS TRAVESSAS HORIZONTAIS EM BARRAS DE 1.1/4\"X3/8\",SOLDADASNOS MONTANTES,UMA DISTANTE 0,34M DO PISO E A OUTRA A 0,33M DESTA E DO CORRIMAO.FORNECIMENTO E COLOCACAO Resultado",null,null,769.54,27087.8]
["9.13","74072/2","CORRIMAO EM TUBO ACO GALVANIZADO 2 1/2\" COM BRACADEIRA",175.89,2409.69,null,null,null,null,"PORTA DE MADEIRA DE LEI MACICA COM ATE 5 ALMOFADAS,COM 3,5CM DE ESPESSURA,EXCLUSIVE FERRAGENS,MARCO E ALIZAR.FORNECIMENTO E COLOCACAO","14.006.0423-A","9.1",761.74,22280.89]
["5.2","05.001.0002-B","DEMOLICAO MANUAL DE CONCRETO ARMADO COMPREENDENDO PILARES,VIGAS E LAJES,EM ESTRUTURA APRESENTANDO POSICAO ESPECIAL,INCLUSIVE EMPILHAMENTO LATERAL DENTRO DO CANTEIRO DE SERVICO",314.59,2394.02,null,null,null,null,null,"14.006.0423-A Resultado",null,761.74,22280.89]
["11.1",55960,"IMUNIZACAO DE MADEIRAMENTO PARA COBERTURA UTILIZANDO CUPINICIDA INCOLOR",7.14,2345.91,null,null,null,null,"PORTA DE MADEIRA DE LEI MACICA COM ATE 5 ALMOFADAS,COM 3,5CM DE ESPESSURA,EXCLUSIVE FERRAGENS,MARCO E ALIZAR.FORNECIMENTO E COLOCACAO Resultado",null,null,761.74,22280.89]
["4.1","05.001.0171-A","TRANSPORTE HORIZONTAL DE MATERIAL DE 1ªCATEGORIA OU ENTULHO,EM CARRINHOS,A 20,00M DE DISTANCIA,INCLUSIVE CARGA A PA",23.29,2265.18,null,null,null,null,"RESERVATORIO,EM FIBRA DE VIDRO OU POLIETILENO,COM CAPACIDADE EM TORNO DE 1.500L,INCLUSIVE TAMPA DE VEDACAO COM ESCOTILHA E FIXADORES.FORNECIMENTO","18.021.0040-A","10.21",730.96,1461.92]
["1.2","01.050.0481-A","PROJETO EXECUTIVO DE INSTALACAO HIDRAULICA,CONSIDERANDO O PROJETO BASICO EXISTENTE,PARA PREDIOS CULTURAIS,APRESENTADO EM AUTOCAD,INCLUSIVE AS LEGALIZACOES PERTINENTES",6.17,2190.35,null,null,null,null,null,"18.021.0040-A Resultado",null,730.96,1461.92]
["5.9",97064,"MONTAGEM E DESMONTAGEM DE ANDAIME TUBULAR TIPO \u0093TORRE\u0094 (EXCLUSIVE ANDAIME E LIMPEZA). AF_11/2017",26.56,2146.04,null,null,null,null,"RESERVATORIO,EM FIBRA DE VIDRO OU POLIETILENO,COM CAPACIDADE EM TORNO DE 1.500L,INCLUSIVE TAMPA DE VEDACAO COM ESCOTILHA E FIXADORES.FORNECIMENTO Resultado",null,null,730.96,1461.92]
["9.9",84844,"JANELA DE MADEIRA TIPO GUILHOTINA, DE ABRIR , INCLUSAS GUARNICOES SEM FERRAGENS",539.34,2071.06,null,null,null,null,"ABRIGO PARA HIDROMETRO DE 1\",NAS DIMENSOES DE 0,90X0,50X0,60M,EM ALVENARIA DE TIJOLOS FURADOS DE 10X20X20CM,PAREDES DE MEIA VEZ,REVESTIDAS COM ARGAMASSA DE CIMENTO E SAIBRO,NO TRACO 1:6,COM FUNDO DE CONCRETO E TAMPA DE CONCRETO ARMADO,PORTA DE 80X50CM EM CHAPA DE ACO Nº16 E CADEADO DE 30MM,CONFORMEPROJETO Nº2089/EMOP","15.001.0071-A","10.12",724.59,724.59]
["10.29","18.027.0355-A","LUMINARIA DE EMBUTIR,FIXADA EM LAJE OU FORRO,TIPO CALHA,CHANFRADA OU PRISMATICA,ESMALTADA,COMPLETA,EQUIPADA COM REATOR ELETRONICO DE ALTO FATOR DE POTENCIA(AFP>=0,92)E LAMPADA FLUORESCENTE DE 1X40W.FORNECIMENTO E COLOCACAO",119.07,2024.19,null,null,null,null,null,"15.001.0071-A Resultado",null,724.59,724.59]
["13.9",93396,"BANCADA GRANITO CINZA POLIDO 0,50 X 0,60M, INCL. CUBA DE EMBUTIR OVAL LOUÇA BRANCA 35 X 50CM, VÁLVULA METAL CROMADO, SIFÃO FLEXÍVEL PVC, ENGATE 30CM FLEXÍVEL PLÁSTICO E TORNEIRA CROMADA DE MESA, PADRÃO POPULAR - FORNEC. E INSTALAÇÃO. AF_12/2013",674.48,2023.44,null,null,null,null,"ABRIGO PARA HIDROMETRO DE 1\",NAS DIMENSOES DE 0,90X0,50X0,60M,EM ALVENARIA DE TIJOLOS FURADOS DE 10X20X20CM,PAREDES DE MEIA VEZ,REVESTIDAS COM ARGAMASSA DE CIMENTO E SAIBRO,NO TRACO 1:6,COM FUNDO DE CONCRETO E TAMPA DE CONCRETO ARMADO,PORTA DE 80X50CM EM CHAPA DE ACO Nº16 E CADEADO DE 30MM,CONFORMEPROJETO Nº2089/EMOP Resultado",null,null,724.59,724.59]
["1.5","01.050.0530-A","PROJETO EXECUTIVO DE SISTEMA DE AR CONDICIONADO E EXAUSTAO MECANICA,CONSIDERANDO O PROJETO BASICO EXISTENTE,EM AUTOCAD,PARA PREDIOS COM AREA ATE 500M2",5.64,2002.2,null,null,null,null,"QUADRO DE DISTRIBUICAO DE ENERGIA DE EMBUTIR, EM CHAPA METALICA, PARA 40 DISJUNTORES TERMOMAGNETICOS MONOPOLARES, COM BARRAMENTO TRIFASICO E NEUTRO, FORNECIMENTO E INSTALACAO","74131/7","10.37",705.68,705.68]
["5.10","04.020.0122-A","TRANSPORTE DE ANDAIME TUBULAR,CONSIDERANDO-SE A AREA DE PROJECAO VERTICAL DO ANDAIME,EXCLUSIVE CARGA,DESCARGA E TEMPO DE ESPERA DO CAMINHAO(VIDE ITEM 04.021.0010)",0.14,1969.43,null,null,null,null,null,"74131/7 Resultado",null,705.68,705.68]
["13.22","15.005.0200-A","INSTALACAO E ASSENTAMENTO DE AR CONDICIONADO TIPO SPLIT DE 9000 BTU'S,COM 1 CONDENSADOR E 1 EVAPORADOR,(VIDE FORNECIMENTO DO APARELHO NA FAMILIA 18.030)INCLUSIVE ACESSORIOS DE FIXACAO,EXCLUSIVE ALIMENTACAO ELETRICA E INTERLIGACAO AO CONDENSADOR/EVAPORADOR(VIDE ITEM 15.005.0255)",489.31,1957.24,null,null,null,null,"QUADRO DE DISTRIBUICAO DE ENERGIA DE EMBUTIR, EM CHAPA METALICA, PARA 40 DISJUNTORES TERMOMAGNETICOS MONOPOLARES, COM BARRAMENTO TRIFASICO E NEUTRO, FORNECIMENTO E INSTALACAO Resultado",null,null,705.68,705.68]
["12.6","74065/3","PINTURA ESMALTE BRILHANTE PARA MADEIRA, DUAS DEMAOS, SOBRE FUNDO NIVELADOR BRANCO",32.95,1951.29,null,null,null,null,"LOCACAO DE CONTAINER 2,30  X  6,00 M, ALT. 2,50 M, COM 1 SANITARIO, PARA ESCRITORIO, COMPLETO, SEM DIVISORIAS INTERNAS                                                                                                                                                                                                                                                                                                                                                                                    ",10775,"2.5",685.77,4114.62]
["10.26","15.015.0081-A","INSTALACAO DE UM CONJUNTO DE 5 PONTOS DE LUZ,APARENTE,EQUIVALENTE A 8 VARAS DE ELETRODUTO DE PVC RIGIDO DE 3/4\",57,00M DE FIO 2,5MM2,CAIXAS,CONEXOES,LUVAS,CURVA E INTERRUPTOR DE SOBREPOR",637.48,1912.44,null,null,null,null,null,"10775 Resultado",null,685.77,4114.62]
["7.3",87448,"ALVENARIA DE VEDAÇÃO DE BLOCOS VAZADOS DE CONCRETO DE 9X19X39CM (ESPESSURA 9CM) DE PAREDES COM ÁREA LÍQUIDA MENOR QUE 6M² SEM VÃOS E ARGAMASSA DE ASSENTAMENTO COM PREPARO MANUAL. AF_06/2014",64.55,1862.26,null,null,null,null,"LOCACAO DE CONTAINER 2,30  X  6,00 M, ALT. 2,50 M, COM 1 SANITARIO, PARA ESCRITORIO, COMPLETO, SEM DIVISORIAS INTERNAS                                                                                                                                                                                                                                                                                                                                                                                     Resultado",null,null,685.77,4114.62]
["10.9",91793,"(COMPOSIÇÃO REPRESENTATIVA) DO SERVIÇO DE INSTALAÇÃO DE TUBO DE PVC, SÉRIE NORMAL, ESGOTO PREDIAL, DN 50 MM (INSTALADO EM RAMAL DE DESCARGA OU RAMAL DE ESGOTO SANITÁRIO), INCLUSIVE CONEXÕES, CORTES E FIXAÇÕES PARA, PRÉDIOS. AF_10/2015",89.57,1755.57,null,null,null,null,"BANCADA GRANITO CINZA POLIDO 0,50 X 0,60M, INCL. CUBA DE EMBUTIR OVAL LOUÇA BRANCA 35 X 50CM, VÁLVULA METAL CROMADO, SIFÃO FLEXÍVEL PVC, ENGATE 30CM FLEXÍVEL PLÁSTICO E TORNEIRA CROMADA DE MESA, PADRÃO POPULAR - FORNEC. E INSTALAÇÃO. AF_12/2013",93396,"13.9",674.48,2023.44]
["5.3","05.001.0018-A","DEMOLICAO MANUAL DE PISO CIMENTADO E DA RESPECTIVA BASE DE CONCRETO,OU PASSEIO DE CONCRETO,INCLUSIVE EMPILHAMENTO LATERAL DENTRO DO CANTEIRO DE SERVICO",11.65,1661.29,null,null,null,null,null,"93396 Resultado",null,674.48,2023.44]
["11.5",94219,"CUMEEIRA E ESPIGÃO PARA TELHA CERÂMICA EMBOÇADA COM ARGAMASSA TRAÇO 1:2:9 (CIMENTO, CAL E AREIA), PARA TELHADOS COM MAIS DE 2 ÁGUAS, INCLUSO TRANSPORTE VERTICAL. AF_06/2016",43.27,1657.67,null,null,null,null,"BANCADA GRANITO CINZA POLIDO 0,50 X 0,60M, INCL. CUBA DE EMBUTIR OVAL LOUÇA BRANCA 35 X 50CM, VÁLVULA METAL CROMADO, SIFÃO FLEXÍVEL PVC, ENGATE 30CM FLEXÍVEL PLÁSTICO E TORNEIRA CROMADA DE MESA, PADRÃO POPULAR - FORNEC. E INSTALAÇÃO. AF_12/2013 Resultado",null,null,674.48,2023.44]
["3.3",93382,"REATERRO MANUAL DE VALAS COM COMPACTAÇÃO MECANIZADA. AF_04/2016",37.11,1615.02,null,null,null,null,"MICTORIO SIFONADO DE LOUCA BRANCA COM PERTENCES, COM REGISTRO DE PRESSAO 1/2\" COM CANOPLA CROMADA ACABAMENTO SIMPLES E CONJUNTO PARA FIXACAO  - FORNECIMENTO E INSTALACAO","74234/1","13.5",651.56,1303.12]
["12.7",6082,"PINTURA EM VERNIZ SINTETICO BRILHANTE EM MADEIRA, TRES DEMAOS",23.97,1586.33,null,null,null,null,null,"74234/1 Resultado",null,651.56,1303.12]
["4.3",72884,"TRANSPORTE COMERCIAL COM CAMINHAO CARROCERIA 9 T, RODOVIA PAVIMENTADA",1.11,1492.96,null,null,null,null,"MICTORIO SIFONADO DE LOUCA BRANCA COM PERTENCES, COM REGISTRO DE PRESSAO 1/2\" COM CANOPLA CROMADA ACABAMENTO SIMPLES E CONJUNTO PARA FIXACAO  - FORNECIMENTO E INSTALACAO Resultado",null,null,651.56,1303.12]
["10.28","18.027.0305-A","LUMINARIA DE SOBREPOR,FIXADA EM LAJE OU FORRO,TIPO CALHA,CHANFRADA OU PRISMATICA,ESMALTADA,COMPLETA,EQUIPADA COM REATORELETRONICO DE ALTO FATOR DE POTENCIA(AFP>=0,92)E LAMPADA FLUORESCENTE DE 1X40W.FORNECIMENTO E COLOCACAO",121.9,1462.8,null,null,null,null,"INSTALACAO DE UM CONJUNTO DE 5 PONTOS DE LUZ,APARENTE,EQUIVALENTE A 8 VARAS DE ELETRODUTO DE PVC RIGIDO DE 3/4\",57,00M DE FIO 2,5MM2,CAIXAS,CONEXOES,LUVAS,CURVA E INTERRUPTOR DE SOBREPOR","15.015.0081-A","10.26",637.48,1912.44]
["10.21","18.021.0040-A","RESERVATORIO,EM FIBRA DE VIDRO OU POLIETILENO,COM CAPACIDADE EM TORNO DE 1.500L,INCLUSIVE TAMPA DE VEDACAO COM ESCOTILHA E FIXADORES.FORNECIMENTO",730.96,1461.92,null,null,null,null,null,"15.015.0081-A Resultado",null,637.48,1912.44]
["12.3",88486,"APLICAÇÃO MANUAL DE PINTURA COM TINTA LÁTEX PVA EM TETO, DUAS DEMÃOS. AF_06/2014",13.65,1445.26,null,null,null,null,"INSTALACAO DE UM CONJUNTO DE 5 PONTOS DE LUZ,APARENTE,EQUIVALENTE A 8 VARAS DE ELETRODUTO DE PVC RIGIDO DE 3/4\",57,00M DE FIO 2,5MM2,CAIXAS,CONEXOES,LUVAS,CURVA E INTERRUPTOR DE SOBREPOR Resultado",null,null,637.48,1912.44]
["9.11",72120,"VIDRO TEMPERADO INCOLOR, ESPESSURA 10MM, FORNECIMENTO E INSTALACAO, INCLUSIVE MASSA PARA VEDACAO",452.82,1412.79,null,null,null,null,"ARGAMASSA TRAÇO 1:4 (CIMENTO E AREIA MÉDIA) PARA CONTRAPISO, PREPARO MANUAL. AF_06/2014",87373,"8.8",621.26,17811.52]
["2.1","74209/1","PLACA DE OBRA EM CHAPA DE ACO GALVANIZADO",560.7,1345.68,null,null,null,null,null,"87373 Resultado",null,621.26,17811.52]
["13.5","74234/1","MICTORIO SIFONADO DE LOUCA BRANCA COM PERTENCES, COM REGISTRO DE PRESSAO 1/2\" COM CANOPLA CROMADA ACABAMENTO SIMPLES E CONJUNTO PARA FIXACAO  - FORNECIMENTO E INSTALACAO",651.56,1303.12,null,null,null,null,"ARGAMASSA TRAÇO 1:4 (CIMENTO E AREIA MÉDIA) PARA CONTRAPISO, PREPARO MANUAL. AF_06/2014 Resultado",null,null,621.26,17811.52]
["13.8","18.002.0014-A","LAVATORIO DE LOUCA BRANCA,COM COLUNA SUSPENSA,PARA PESSOAS COM NECESSIDADES ESPECIFICAS,COM MEDIDAS EM TORNO DE 45,5X35,5CM,INCLUSIVE SIFAO EM PVC FLEXIVEL,VALVULA DE ESCOAMENTO CROMADA,RABICHO EM PVC E TORNEIRA DE FECHAMENTO AUTOMATICO.FORNECIMENTO",412.55,1237.65,null,null,null,null,"ESTRUTURA METALICA EM ACO ESPECIAL,RESISTENTE A CORROSAO(ACO USI-SAC),PARA OBRAS PREDIAIS DE ATE 04 PAVIMENTOS,PILARES,VIGAS PRINCIPAIS E SECUNDARIAS,ESCADAS,PATAMARES E CHAPAS DAS BASES DA FUNDACAO,PINTURA PROTETORA,CONSIDERANDO FORNECIMENTO DE TODOS OS MATERIAIS E MONTAGEM,EXCLUSIVE A LAJE DE CONCRETO","11.016.0040-A","6.1",611.03,120641.76]
["9.8",91341,"PORTA EM ALUMÍNIO DE ABRIR TIPO VENEZIANA COM GUARNIÇÃO, FIXAÇÃO COM PARAFUSOS - FORNECIMENTO E INSTALAÇÃO. AF_08/2015",525.88,1230.55,null,null,null,null,null,"11.016.0040-A Resultado",null,611.03,120641.76]
["13.19","74194/1","ESCADA TIPO MARINHEIRO EM TUBO ACO GALVANIZADO 1 1/2\" 5 DEGRAUS",371.52,1226.01,null,null,null,null,"ESTRUTURA METALICA EM ACO ESPECIAL,RESISTENTE A CORROSAO(ACO USI-SAC),PARA OBRAS PREDIAIS DE ATE 04 PAVIMENTOS,PILARES,VIGAS PRINCIPAIS E SECUNDARIAS,ESCADAS,PATAMARES E CHAPAS DAS BASES DA FUNDACAO,PINTURA PROTETORA,CONSIDERANDO FORNECIMENTO DE TODOS OS MATERIAIS E MONTAGEM,EXCLUSIVE A LAJE DE CONCRETO Resultado",null,null,611.03,120641.76]
["1.4","01.050.0455-A","PROJETO EXECUTIVO DE INSTALACAO DE ESGOTO SANITARIO E AGUASPLUVIAIS,CONSIDERANDO O PROJETO BASICO EXISTENTE,PARA PREDIOS CULTURAIS,APRESENTADO EM AUTOCAD,INCLUSIVE AS LEGALIZACOES PERTINENTES",3.4,1207,null,null,null,null,"FERRAGENS P/PORTA MADEIRA,DE 2 FOLHAS DE ABRIR,DE ENTRADA PRINCIPAL,CONSTANDO DE FORN.S/COLOC.DE:-FECHADURA CILINDRO,DELATAO,MONOBLOCO,ACABAMENTO CROMADO,;-ENTRADA CIRCULAR,LATAO,ACABAMENTO CROMADO;-ROSETA CIRCULAR,LATAO,ACAB.CROMADO;-MACANETA TIPO ALAVANCA,LATAO,ACABAMENTO CROMADO;-6 DOBRADICAS 3\"X3\" LATAO CROMADO,C/PINOS,BOLAS E ANEIS DE LATAO E 2 FECHOS","14.007.0025-A","9.2",587.56,5288.04]
["11.9",94230,"CALHA DE BEIRAL, SEMICIRCULAR DE PVC, DIAMETRO 125 MM, INCLUINDO CABECEIRAS, EMENDAS, BOCAIS, SUPORTES E VEDAÇÕES, EXCLUINDO CONDUTORES, INCLUSO TRANSPORTE VERTICAL. AF_06/2016",96.31,1155.72,null,null,null,null,null,"14.007.0025-A Resultado",null,587.56,5288.04]
["9.10",85010,"CAIXILHO FIXO, DE ALUMINIO, PARA VIDRO",368.82,1150.71,null,null,null,null,"FERRAGENS P/PORTA MADEIRA,DE 2 FOLHAS DE ABRIR,DE ENTRADA PRINCIPAL,CONSTANDO DE FORN.S/COLOC.DE:-FECHADURA CILINDRO,DELATAO,MONOBLOCO,ACABAMENTO CROMADO,;-ENTRADA CIRCULAR,LATAO,ACABAMENTO CROMADO;-ROSETA CIRCULAR,LATAO,ACAB.CROMADO;-MACANETA TIPO ALAVANCA,LATAO,ACABAMENTO CROMADO;-6 DOBRADICAS 3\"X3\" LATAO CROMADO,C/PINOS,BOLAS E ANEIS DE LATAO E 2 FECHOS Resultado",null,null,587.56,5288.04]
["13.10","18.016.0106-A","BARRA DE APOIO EM ACO INOXIDAVEL AISI 304,TUBO DE 1.1/4\",INCLUSIVE FIXACAO COM PARAFUSOS INOXIDAVEIS E BUCHAS PLASTICAS,COM 80CM,PARA PESSOAS COM NECESSIDADES ESPECIFICAS.FORNECIMENTO E COLOCACAO",161.32,1129.24,null,null,null,null,"PLACA DE OBRA EM CHAPA DE ACO GALVANIZADO","74209/1","2.1",560.7,1345.68]
["10.25","15.015.0066-A","INSTALACAO DE UM CONJUNTO DE 4 PONTOS DE LUZ,APARENTE,EQUIVALENTE 7 VARAS DE ELETRODUTO DE PVC RIGIDO DE 3/4\",50,00M DEFIO 2,5MM2,CAIXAS,CONEXOES,LUVAS,CURVA E INTERRUPTOR DE SOBREPOR",555.81,1111.62,null,null,null,null,null,"74209/1 Resultado",null,560.7,1345.68]
["13.24","15.005.0201-A","INSTALACAO E ASSENTAMENTO DE AR CONDICIONADO TIPO SPLIT DE 12000 BTU'S,COM 1 CONDENSADOR E 1 EVAPORADOR,(VIDE FORNECIMENTO DO APARELHO NA FAMILIA 18.030)INCLUSIVE ACESSORIOS DE FIXACAO,EXCLUSIVE ALIMENTACAO ELETRICA E INTERLIGACAO AO CONDENSADOR/EVAPORADOR (VIDE ITEM 15.005.0255)",544.61,1089.22,null,null,null,null,"PLACA DE OBRA EM CHAPA DE ACO GALVANIZADO Resultado",null,null,560.7,1345.68]
["2.8","04.005.0300-A","TRANSPORTE DE CONTAINER,SEGUNDO DESCRICAO DA FAMILIA 02.006,EXCLUSIVE CARGA E DESCARGA(VIDE ITEM 04.013.0015)",26.65,1066,null,null,null,null,"INSTALACAO DE UM CONJUNTO DE 4 PONTOS DE LUZ,APARENTE,EQUIVALENTE 7 VARAS DE ELETRODUTO DE PVC RIGIDO DE 3/4\",50,00M DEFIO 2,5MM2,CAIXAS,CONEXOES,LUVAS,CURVA E INTERRUPTOR DE SOBREPOR","15.015.0066-A","10.25",555.81,1111.62]
["9.3",90841,"KIT DE PORTA DE MADEIRA PARA PINTURA, SEMI-OCA (LEVE OU MÉDIA), PADRÃO MÉDIO, 60X210CM, ESPESSURA DE 3,5CM, ITENS INCLUSOS: DOBRADIÇAS, MONTAGEM E INSTALAÇÃO DO BATENTE, FECHADURA COM EXECUÇÃO DO FURO - FORNECIMENTO E INSTALAÇÃO. AF_08/2015",917.08,917.08,null,null,null,null,null,"15.015.0066-A Resultado",null,555.81,1111.62]
["10.18",91786,"(COMPOSIÇÃO REPRESENTATIVA) DO SERVIÇO DE INSTALAÇÃO TUBOS DE PVC, SOLDÁVEL, ÁGUA FRIA, DN 32 MM (INSTALADO EM RAMAL, SUB-RAMAL, RAMAL DE DISTRIBUIÇÃO OU PRUMADA), INCLUSIVE CONEXÕES, CORTES E FIXAÇÕES, PARA PRÉDIOS. AF_10/2015",27.01,896.73,null,null,null,null,"INSTALACAO DE UM CONJUNTO DE 4 PONTOS DE LUZ,APARENTE,EQUIVALENTE 7 VARAS DE ELETRODUTO DE PVC RIGIDO DE 3/4\",50,00M DEFIO 2,5MM2,CAIXAS,CONEXOES,LUVAS,CURVA E INTERRUPTOR DE SOBREPOR Resultado",null,null,555.81,1111.62]
["10.3","74166/1","CAIXA DE INSPEÇÃO EM CONCRETO PRÉ-MOLDADO DN 60CM COM TAMPA H= 60CM - FORNECIMENTO E INSTALACAO",277,831,null,null,null,null,"INSTALACAO E ASSENTAMENTO DE AR CONDICIONADO TIPO SPLIT DE 12000 BTU'S,COM 1 CONDENSADOR E 1 EVAPORADOR,(VIDE FORNECIMENTO DO APARELHO NA FAMILIA 18.030)INCLUSIVE ACESSORIOS DE FIXACAO,EXCLUSIVE ALIMENTACAO ELETRICA E INTERLIGACAO AO CONDENSADOR/EVAPORADOR (VIDE ITEM 15.005.0255)","15.005.0201-A","13.24",544.61,1089.22]
["6.5",93188,"VERGA MOLDADA IN LOCO EM CONCRETO PARA PORTAS COM ATÉ 1,5 M DE VÃO. AF_03/2016",56.2,798.04,null,null,null,null,null,"15.005.0201-A Resultado",null,544.61,1089.22]
["10.36","74131/4","QUADRO DE DISTRIBUICAO DE ENERGIA DE EMBUTIR, EM CHAPA METALICA, PARA 18 DISJUNTORES TERMOMAGNETICOS MONOPOLARES, COM BARRAMENTO TRIFASICO E NEUTRO, FORNECIMENTO E INSTALACAO",385.87,771.74,null,null,null,null,"INSTALACAO E ASSENTAMENTO DE AR CONDICIONADO TIPO SPLIT DE 12000 BTU'S,COM 1 CONDENSADOR E 1 EVAPORADOR,(VIDE FORNECIMENTO DO APARELHO NA FAMILIA 18.030)INCLUSIVE ACESSORIOS DE FIXACAO,EXCLUSIVE ALIMENTACAO ELETRICA E INTERLIGACAO AO CONDENSADOR/EVAPORADOR (VIDE ITEM 15.005.0255) Resultado",null,null,544.61,1089.22]
["10.24","15.015.0041-A","INSTALACAO DE UM CONJUNTO DE 2 PONTOS DE LUZ,APARENTE,EQUIVALENTE A 5 VARAS DE ELETRODUTO DE PVC RIGIDO DE 1/2\",33,00M DE FIO 2,5MM2,CAIXAS,CONEXOES,LUVAS,CURVA E INTERRUPTOR DE SOBREPOR",363.45,726.9,null,null,null,null,"JANELA DE MADEIRA TIPO GUILHOTINA, DE ABRIR , INCLUSAS GUARNICOES SEM FERRAGENS",84844,"9.9",539.34,2071.06]
["10.12","15.001.0071-A","ABRIGO PARA HIDROMETRO DE 1\",NAS DIMENSOES DE 0,90X0,50X0,60M,EM ALVENARIA DE TIJOLOS FURADOS DE 10X20X20CM,PAREDES DE MEIA VEZ,REVESTIDAS COM ARGAMASSA DE CIMENTO E SAIBRO,NO TRACO 1:6,COM FUNDO DE CONCRETO E TAMPA DE CONCRETO ARMADO,PORTA DE 80X50CM EM CHAPA DE ACO Nº16 E CADEADO DE 30MM,CONFORMEPROJETO Nº2089/EMOP",724.59,724.59,null,null,null,null,null,"84844 Resultado",null,539.34,2071.06]
["8.5",96120,"ACABAMENTOS PARA FORRO (MOLDURA DE GESSO). AF_05/2017",3.76,706.05,null,null,null,null,"JANELA DE MADEIRA TIPO GUILHOTINA, DE ABRIR , INCLUSAS GUARNICOES SEM FERRAGENS Resultado",null,null,539.34,2071.06]
["10.37","74131/7","QUADRO DE DISTRIBUICAO DE ENERGIA DE EMBUTIR, EM CHAPA METALICA, PARA 40 DISJUNTORES TERMOMAGNETICOS MONOPOLARES, COM BARRAMENTO TRIFASICO E NEUTRO, FORNECIMENTO E INSTALACAO",705.68,705.68,null,null,null,null,"VASO SANITÁRIO SIFONADO COM CAIXA ACOPLADA LOUÇA BRANCA - PADRÃO MÉDIO, INCLUSO ENGATE FLEXÍVEL EM METAL CROMADO, 1/2\u0094 X 40CM - FORNECIMENTO E INSTALAÇÃO. AF_12/2013",86932,"13.1",537.89,3765.23]
["10.32","COTAÇÃO 01","FITA LED BRANCO QUENTE 5 METROS + FONTE",27.49,659.76,null,null,null,null,null,"86932 Resultado",null,537.89,3765.23]
["10.10",91794,"(COMPOSIÇÃO REPRESENTATIVA) DO SERVIÇO DE INST. TUBO PVC, SÉRIE N, ESGOTO PREDIAL, DN 75 MM, (INST. EM RAMAL DE DESCARGA, RAMAL DE ESG. SANITÁRIO, PRUMADA DE ESG. SANITÁRIO OU VENTILAÇÃO), INCL. CONEXÕES, CORTES E FIXAÇÕES, P/ PRÉDIOS. AF_10/2015",38.99,637.48,null,null,null,null,"VASO SANITÁRIO SIFONADO COM CAIXA ACOPLADA LOUÇA BRANCA - PADRÃO MÉDIO, INCLUSO ENGATE FLEXÍVEL EM METAL CROMADO, 1/2\u0094 X 40CM - FORNECIMENTO E INSTALAÇÃO. AF_12/2013 Resultado",null,null,537.89,3765.23]
["13.4","18.005.0015-A","ASSENTO SANITARIO DE PLASTICO,TIPO MEDIO LUXO.FORNECIMENTO E COLOCACAO",81.56,570.92,null,null,null,null,"PORTA EM ALUMÍNIO DE ABRIR TIPO VENEZIANA COM GUARNIÇÃO, FIXAÇÃO COM PARAFUSOS - FORNECIMENTO E INSTALAÇÃO. AF_08/2015",91341,"9.8",525.88,1230.55]
["5.11","04.021.0010-A","CARGA E DESCARGA MANUAL DE ANDAIME TUBULAR,INCLUSIVE TEMPO DE ESPERA DO CAMINHAO,CONSIDERANDO-SE A AREA DE PROJECAO VERTICAL",0.79,555.66,null,null,null,null,null,"91341 Resultado",null,525.88,1230.55]
["10.39",93661,"DISJUNTOR BIPOLAR TIPO DIN, CORRENTE NOMINAL DE 16A - FORNECIMENTO E INSTALAÇÃO. AF_04/2016",69.28,554.24,null,null,null,null,"PORTA EM ALUMÍNIO DE ABRIR TIPO VENEZIANA COM GUARNIÇÃO, FIXAÇÃO COM PARAFUSOS - FORNECIMENTO E INSTALAÇÃO. AF_08/2015 Resultado",null,null,525.88,1230.55]
["13.7",86942,"LAVATÓRIO LOUÇA BRANCA SUSPENSO, 29,5 X 39CM OU EQUIVALENTE, PADRÃO POPULAR, INCLUSO SIFÃO TIPO GARRAFA EM PVC, VÁLVULA E ENGATE FLEXÍVEL 30CM EM PLÁSTICO E TORNEIRA CROMADA DE MESA, PADRÃO POPULAR - FORNECIMENTO E INSTALAÇÃO. AF_12/2013",255.27,510.54,null,null,null,null,"INSTALACAO E ASSENTAMENTO DE AR CONDICIONADO TIPO SPLIT DE 9000 BTU'S,COM 1 CONDENSADOR E 1 EVAPORADOR,(VIDE FORNECIMENTO DO APARELHO NA FAMILIA 18.030)INCLUSIVE ACESSORIOS DE FIXACAO,EXCLUSIVE ALIMENTACAO ELETRICA E INTERLIGACAO AO CONDENSADOR/EVAPORADOR(VIDE ITEM 15.005.0255)","15.005.0200-A","13.22",489.31,1957.24]
["10.16",89987,"REGISTRO DE GAVETA BRUTO, LATÃO, ROSCÁVEL, 3/4\", COM ACABAMENTO E CANOPLA CROMADOS. FORNECIDO E INSTALADO EM RAMAL DE ÁGUA. AF_12/2014",83.77,502.62,null,null,null,null,null,"15.005.0200-A Resultado",null,489.31,1957.24]
["13.16",95547,"SABONETEIRA PLASTICA TIPO DISPENSER PARA SABONETE LIQUIDO COM RESERVATORIO 800 A 1500 ML, INCLUSO FIXAÇÃO. AF_10/2016",60.06,480.48,null,null,null,null,"INSTALACAO E ASSENTAMENTO DE AR CONDICIONADO TIPO SPLIT DE 9000 BTU'S,COM 1 CONDENSADOR E 1 EVAPORADOR,(VIDE FORNECIMENTO DO APARELHO NA FAMILIA 18.030)INCLUSIVE ACESSORIOS DE FIXACAO,EXCLUSIVE ALIMENTACAO ELETRICA E INTERLIGACAO AO CONDENSADOR/EVAPORADOR(VIDE ITEM 15.005.0255) Resultado",null,null,489.31,1957.24]
["10.8",91792,"(COMPOSIÇÃO REPRESENTATIVA) DO SERVIÇO DE INSTALAÇÃO DE TUBO DE PVC, SÉRIE NORMAL, ESGOTO PREDIAL, DN 40 MM (INSTALADO EM RAMAL DE DESCARGA OU RAMAL DE ESGOTO SANITÁRIO), INCLUSIVE CONEXÕES, CORTES E FIXAÇÕES, PARA PRÉDIOS. AF_10/2015",62.62,475.91,null,null,null,null,"HIDROMETRO COM DIAMETRO DE 1\".FORNECIMENTO","15.001.0079-A","10.13",463.95,463.95]
["5.5","05.001.0147-A","ARRANCAMENTO DE GRADES,GRADIS,ALAMBRADOS,CERCAS E PORTOES",16.63,468.96,null,null,null,null,null,"15.001.0079-A Resultado",null,463.95,463.95]
["10.13","15.001.0079-A","HIDROMETRO COM DIAMETRO DE 1\".FORNECIMENTO",463.95,463.95,null,null,null,null,"HIDROMETRO COM DIAMETRO DE 1\".FORNECIMENTO Resultado",null,null,463.95,463.95]
["11.6",94231,"RUFO EM CHAPA DE AÇO GALVANIZADO NÚMERO 24, CORTE DE 25 CM, INCLUSO TRANSPORTE VERTICAL. AF_06/2016",37.94,455.28,null,null,null,null,"VIDRO TEMPERADO INCOLOR, ESPESSURA 10MM, FORNECIMENTO E INSTALACAO, INCLUSIVE MASSA PARA VEDACAO",72120,"9.11",452.82,1412.79]
["9.6","14.006.0220-A","PORTA DE MADEIRA DE LEI DE CORRER EM COMPENSADO DE 80X210X3CM,PENDURADA EM ROLDANAS,CORRENDO DENTRO DE TRILHO OCO,GUIADAOIR CANALETA EMBUTIDA NO PISO COM MARCO DE 7X3CM,EXCLUSIVE FERRAGENS.FORNECIMENTO E COLOCACAO",445.79,445.79,null,null,null,null,null,"72120 Resultado",null,452.82,1412.79]
["13.14",86934,"BANCADA DE MÁRMORE SINTÉTICO 120 X 60CM, COM CUBA INTEGRADA, INCLUSO SIFÃO TIPO FLEXÍVEL EM PVC, VÁLVULA EM PLÁSTICO CROMADO TIPO AMERICANA E TORNEIRA CROMADA LONGA, DE PAREDE, PADRÃO POPULAR - FORNECIMENTO E INSTALAÇÃO. AF_12/2013",439.51,439.51,null,null,null,null,"VIDRO TEMPERADO INCOLOR, ESPESSURA 10MM, FORNECIMENTO E INSTALACAO, INCLUSIVE MASSA PARA VEDACAO Resultado",null,null,452.82,1412.79]
["10.4",83446,"CAIXA DE PASSAGEM 30X30X40 COM TAMPA E DRENO BRITA",217.72,435.44,null,null,null,null,"INSTALACAO DE PONTO DE FORCA ATE 4CV,EQUIVALENTE A 2 VARAS DE ELETRODUTO DE PVC RIGIDO DE 3/4\",20,00M DE FIO 4MM2,CAIXAS E CONEXOES","15.015.0173-A","10.35",449.45,8090.1]
["13.3","18.005.0030-A","ASSENTO ESPECIAL PARA VASO SANITARIO PARA PESSOAS COM NECESSIDADES ESPECIFICAS.FORNECIMENTO E COLOCACAO",144.72,434.16,null,null,null,null,null,"15.015.0173-A Resultado",null,449.45,8090.1]
["13.17",95544,"PAPELEIRA DE PAREDE EM METAL CROMADO SEM TAMPA, INCLUSO FIXAÇÃO. AF_10/2016",47.7,381.6,null,null,null,null,"INSTALACAO DE PONTO DE FORCA ATE 4CV,EQUIVALENTE A 2 VARAS DE ELETRODUTO DE PVC RIGIDO DE 3/4\",20,00M DE FIO 4MM2,CAIXAS E CONEXOES Resultado",null,null,449.45,8090.1]
["13.18","18.005.0013-A","PORTA PAPEL HIGIENICO EM PLASTICO ABS.FORNECIMENTRO E COLOCACAO",36.56,365.6,null,null,null,null,"PORTA DE MADEIRA DE LEI DE CORRER EM COMPENSADO DE 80X210X3CM,PENDURADA EM ROLDANAS,CORRENDO DENTRO DE TRILHO OCO,GUIADAOIR CANALETA EMBUTIDA NO PISO COM MARCO DE 7X3CM,EXCLUSIVE FERRAGENS.FORNECIMENTO E COLOCACAO","14.006.0220-A","9.6",445.79,445.79]
["10.38","74130/4","DISJUNTOR TERMOMAGNETICO TRIPOLAR PADRAO NEMA (AMERICANO) 10 A 50A 240V, FORNECIMENTO E INSTALACAO",116.97,350.91,null,null,null,null,null,"14.006.0220-A Resultado",null,445.79,445.79]
["13.11","18.007.0090-A","CHUVEIRO COM DESVIADOR E DUCHA MANUAL,CROMADO,PARA PESSOAS COM NECESSIDADES ESPECIFICAS.FORNECIMENTO",340.91,340.91,null,null,null,null,"PORTA DE MADEIRA DE LEI DE CORRER EM COMPENSADO DE 80X210X3CM,PENDURADA EM ROLDANAS,CORRENDO DENTRO DE TRILHO OCO,GUIADAOIR CANALETA EMBUTIDA NO PISO COM MARCO DE 7X3CM,EXCLUSIVE FERRAGENS.FORNECIMENTO E COLOCACAO Resultado",null,null,445.79,445.79]
["4.2",72898,"CARGA E DESCARGA MECANIZADAS DE ENTULHO EM CAMINHAO BASCULANTE 6 M3",5.04,338.83,null,null,null,null,"PISO EM GRANITO APLICADO EM AMBIENTES INTERNOS. AF_06/2018",98671,"8.13",444.22,17782.12]
["13.13","14.007.0321-A","PUXADOR HORIZONTAL PARA PORTA,TIPO ALCA,PARA PESSOAS COM NECESSIDADES ESPECIFICAS, EM TUBO DE ACO INOXIDAVEL DE 1.1/4\",AISI-304,LIGA 18.8,COM 30CM.FORNECIMENTO",110.88,332.64,null,null,null,null,null,"98671 Resultado",null,444.22,17782.12]
["5.4","05.001.0134-A","ARRANCAMENTO DE PORTAS,JANELAS E CAIXILHOS DE AR CONDICIONADO OU OUTROS",23.52,329.28,null,null,null,null,"PISO EM GRANITO APLICADO EM AMBIENTES INTERNOS. AF_06/2018 Resultado",null,null,444.22,17782.12]
["9.7","14.007.0090-A","FERRAGENS P/PORTAS DE MADEIRA,DE CORRER,DE 1 FOLHA,CONSTANDO DE FORN.S/COLOC.DE:-FECHADURA C/CHAVE BI-PART.,LATAO, ACABAMENTO CROMADO;-2,00M DE TRILHO EM \"U\",DE FERRO;-2 ROLDANAS DE FERRO;-2 GUIAS DE LATAO,TAMANHO 3/4\",SEM CANTONEIRA;-2,00M CANALETA DE ALUMINIO,TAMANHO 2,00MX3/4\",2 CONCHAS COM FUROPARA CHAVE, LATAO CROMADO",322.26,322.26,null,null,null,null,"BANCADA DE MÁRMORE SINTÉTICO 120 X 60CM, COM CUBA INTEGRADA, INCLUSO SIFÃO TIPO FLEXÍVEL EM PVC, VÁLVULA EM PLÁSTICO CROMADO TIPO AMERICANA E TORNEIRA CROMADA LONGA, DE PAREDE, PADRÃO POPULAR - FORNECIMENTO E INSTALAÇÃO. AF_12/2013",86934,"13.14",439.51,439.51]
["10.31",97605,"LUMINÁRIA ARANDELA TIPO MEIA-LUA, PARA 1 LÂMPADA LED - FORNECIMENTO E INSTALAÇÃO. AF_11/2017",100.69,302.07,null,null,null,null,null,"86934 Resultado",null,439.51,439.51]
["13.12","18.007.0075-A","CHUVEIRO ELETRICO,EM METAL CROMADO,EM 110/220V,COM BRACO CROMADO DE 1/2\" E 1 REGISTRO DE PRESSAO 1416 DE 3/4\",COM CANOPLA E VOLANTE EM METAL CROMADO.FORNECIMENTO",254.17,254.17,null,null,null,null,"BANCADA DE MÁRMORE SINTÉTICO 120 X 60CM, COM CUBA INTEGRADA, INCLUSO SIFÃO TIPO FLEXÍVEL EM PVC, VÁLVULA EM PLÁSTICO CROMADO TIPO AMERICANA E TORNEIRA CROMADA LONGA, DE PAREDE, PADRÃO POPULAR - FORNECIMENTO E INSTALAÇÃO. AF_12/2013 Resultado",null,null,439.51,439.51]
["3.1",90084,"ESCAVAÇÃO MECANIZADA DE VALA COM PROF. MAIOR QUE 1,5 M ATÉ 3,0 M (MÉDIA ENTRE MONTANTE E JUSANTE/UMA COMPOSIÇÃO POR TRECHO), COM ESCAVADEIRA HIDRÁULICA (0,8 M3/111 HP), LARGURA ATÉ 1,5 M, EM SOLO DE 1A CATEGORIA, EM LOCAIS COM ALTO NÍVEL DE INTERFERÊNCIA. AF_01/2015",10.38,248.49,null,null,null,null,"LAVATORIO DE LOUCA BRANCA,COM COLUNA SUSPENSA,PARA PESSOAS COM NECESSIDADES ESPECIFICAS,COM MEDIDAS EM TORNO DE 45,5X35,5CM,INCLUSIVE SIFAO EM PVC FLEXIVEL,VALVULA DE ESCOAMENTO CROMADA,RABICHO EM PVC E TORNEIRA DE FECHAMENTO AUTOMATICO.FORNECIMENTO","18.002.0014-A","13.8",412.55,1237.65]
["10.15",89985,"REGISTRO DE PRESSÃO BRUTO, LATÃO, ROSCÁVEL, 3/4\", COM ACABAMENTO E CANOPLA CROMADOS. FORNECIDO E INSTALADO EM RAMAL DE ÁGUA. AF_12/2014",79.86,239.58,null,null,null,null,null,"18.002.0014-A Resultado",null,412.55,1237.65]
["10.42","74130/1","DISJUNTOR TERMOMAGNETICO MONOPOLAR PADRAO NEMA (AMERICANO) 10 A 30A 240V, FORNECIMENTO E INSTALACAO",18,234,null,null,null,null,"LAVATORIO DE LOUCA BRANCA,COM COLUNA SUSPENSA,PARA PESSOAS COM NECESSIDADES ESPECIFICAS,COM MEDIDAS EM TORNO DE 45,5X35,5CM,INCLUSIVE SIFAO EM PVC FLEXIVEL,VALVULA DE ESCOAMENTO CROMADA,RABICHO EM PVC E TORNEIRA DE FECHAMENTO AUTOMATICO.FORNECIMENTO Resultado",null,null,412.55,1237.65]
["10.14",94496,"REGISTRO DE GAVETA BRUTO, LATÃO, ROSCÁVEL, 1 1/4\u0094, INSTALADO EM RESERVAÇÃO DE ÁGUA DE EDIFICAÇÃO QUE POSSUA RESERVATÓRIO DE FIBRA/FIBROCIMENTO \u0096 FORNECIMENTO E INSTALAÇÃO. AF_06/2016",104.47,208.94,null,null,null,null,"DIVISORIA EM MARMORITE ESPESSURA 35MM, CHUMBAMENTO NO PISO E PAREDE COM ARGAMASSA DE CIMENTO E AREIA, POLIMENTO MANUAL, EXCLUSIVE FERRAGENS","73774/1","7.4",402.85,5527.1]
["10.5","15.002.0062-A","CAIXA DE GORDURA SIMPLES CILINDRICA,PRE-FABRICADA EM ANEIS DE CONCRETO,COM DIAMETRO DE 40CM E PROFUNDIDADE TOTAL DE 60CM,INCLUSIVE TAMPA DE CONCRETO.FORNECIMENTO E COLOCACAO",189.67,189.67,null,null,null,null,null,"73774/1 Resultado",null,402.85,5527.1]
["6.6",93187,"VERGA MOLDADA IN LOCO EM CONCRETO PARA JANELAS COM MAIS DE 1,5 M DE VÃO. AF_03/2016",66.51,186.22,null,null,null,null,"DIVISORIA EM MARMORITE ESPESSURA 35MM, CHUMBAMENTO NO PISO E PAREDE COM ARGAMASSA DE CIMENTO E AREIA, POLIMENTO MANUAL, EXCLUSIVE FERRAGENS Resultado",null,null,402.85,5527.1]
["6.7",93197,"CONTRAVERGA MOLDADA IN LOCO EM CONCRETO PARA VÃOS DE MAIS DE 1,5 M DE COMPRIMENTO. AF_03/2016",62.84,175.95,null,null,null,null,"QUADRO DE DISTRIBUICAO DE ENERGIA DE EMBUTIR, EM CHAPA METALICA, PARA 18 DISJUNTORES TERMOMAGNETICOS MONOPOLARES, COM BARRAMENTO TRIFASICO E NEUTRO, FORNECIMENTO E INSTALACAO","74131/4","10.36",385.87,771.74]
["10.40",93663,"DISJUNTOR BIPOLAR TIPO DIN, CORRENTE NOMINAL DE 25A - FORNECIMENTO E INSTALAÇÃO. AF_04/2016",71.87,143.74,null,null,null,null,null,"74131/4 Resultado",null,385.87,771.74]
["10.19",91787,"(COMPOSIÇÃO REPRESENTATIVA) DO SERVIÇO DE INSTALAÇÃO DE TUBOS DE PVC, SOLDÁVEL, ÁGUA FRIA, DN 40 MM (INSTALADO EM PRUMADA), INCLUSIVE CONEXÕES, CORTES E FIXAÇÕES, PARA PRÉDIOS. AF_10/2015",26.27,141.85,null,null,null,null,"QUADRO DE DISTRIBUICAO DE ENERGIA DE EMBUTIR, EM CHAPA METALICA, PARA 18 DISJUNTORES TERMOMAGNETICOS MONOPOLARES, COM BARRAMENTO TRIFASICO E NEUTRO, FORNECIMENTO E INSTALACAO Resultado",null,null,385.87,771.74]
["2.7","04.013.0015-A","CARGA E DESCARGA DE CONTAINER,SEGUNDO DESCRICAO DA FAMILIA 02.006",70.05,140.1,null,null,null,null,"ESCADA TIPO MARINHEIRO EM TUBO ACO GALVANIZADO 1 1/2\" 5 DEGRAUS","74194/1","13.19",371.52,1226.01]
["13.15",88571,"SABONETEIRA DE SOBREPOR (FIXADA NA PAREDE), TIPO CONCHA, EM ACO INOXIDAVEL - FORNECIMENTO E INSTALACAO",68.73,137.46,null,null,null,null,null,"74194/1 Resultado",null,371.52,1226.01]
["10.6",89709,"RALO SIFONADO, PVC, DN 100 X 40 MM, JUNTA SOLDÁVEL, FORNECIDO E INSTALADO EM RAMAL DE DESCARGA OU EM RAMAL DE ESGOTO SANITÁRIO. AF_12/2014",13.72,109.76,null,null,null,null,"ESCADA TIPO MARINHEIRO EM TUBO ACO GALVANIZADO 1 1/2\" 5 DEGRAUS Resultado",null,null,371.52,1226.01]
["10.41",93664,"DISJUNTOR BIPOLAR TIPO DIN, CORRENTE NOMINAL DE 32A - FORNECIMENTO E INSTALAÇÃO. AF_04/2016",74.97,74.97,null,null,null,null,"CAIXILHO FIXO, DE ALUMINIO, PARA VIDRO",85010,"9.10",368.82,1150.71]
["10.20",83879,"LIGACAO DA REDE 75MM AO RAMAL PREDIAL 1/2\"",69.19,69.19,null,null,null,null,null,"85010 Resultado",null,368.82,1150.71]
["10.46","COTAÇÃO 03","ELETRODUTO PEAD CORRUGADO 6\" (150MM)",13.46,67.3,null,null,null,null,"CAIXILHO FIXO, DE ALUMINIO, PARA VIDRO Resultado",null,null,368.82,1150.71]
["10.22",94797,"TORNEIRA DE BOIA, ROSCÁVEL, 1\u0094, FORNECIDA E INSTALADA EM RESERVAÇÃO DE ÁGUA. AF_06/2016",58.99,58.99,null,null,null,null,"INSTALACAO DE UM CONJUNTO DE 2 PONTOS DE LUZ,APARENTE,EQUIVALENTE A 5 VARAS DE ELETRODUTO DE PVC RIGIDO DE 1/2\",33,00M DE FIO 2,5MM2,CAIXAS,CONEXOES,LUVAS,CURVA E INTERRUPTOR DE SOBREPOR","15.015.0041-A","10.24",363.45,726.9]
["10.43","74130/2","DISJUNTOR TERMOMAGNETICO MONOPOLAR PADRAO NEMA (AMERICANO) 35 A 50A 240V, FORNECIMENTO E INSTALACAO",27.55,55.1,null,null,null,null,null,"15.015.0041-A Resultado",null,363.45,726.9]
["10.7",89710,"RALO SECO, PVC, DN 100 X 40 MM, JUNTA SOLDÁVEL, FORNECIDO E INSTALADO EM RAMAL DE DESCARGA OU EM RAMAL DE ESGOTO SANITÁRIO. AF_12/2014",13.44,13.44,null,null,null,null,"INSTALACAO DE UM CONJUNTO DE 2 PONTOS DE LUZ,APARENTE,EQUIVALENTE A 5 VARAS DE ELETRODUTO DE PVC RIGIDO DE 1/2\",33,00M DE FIO 2,5MM2,CAIXAS,CONEXOES,LUVAS,CURVA E INTERRUPTOR DE SOBREPOR Resultado",null,null,363.45,726.9]
[null,null,null,null,null,null,null,null,null,"CHUVEIRO COM DESVIADOR E DUCHA MANUAL,CROMADO,PARA PESSOAS COM NECESSIDADES ESPECIFICAS.FORNECIMENTO","18.007.0090-A","13.11",340.91,340.91]
[null,null,null,null,null,null,null,null,null,null,"18.007.0090-A Resultado",null,340.91,340.91]
[null,null,null,null,null,null,null,null,null,"CHUVEIRO COM DESVIADOR E DUCHA MANUAL,CROMADO,PARA PESSOAS COM NECESSIDADES ESPECIFICAS.FORNECIMENTO Resultado",null,null,340.91,340.91]
[null,null,null,null,null,null,null,null,null,"FERRAGENS P/PORTAS DE MADEIRA,DE CORRER,DE 1 FOLHA,CONSTANDO DE FORN.S/COLOC.DE:-FECHADURA C/CHAVE BI-PART.,LATAO, ACABAMENTO CROMADO;-2,00M DE TRILHO EM \"U\",DE FERRO;-2 ROLDANAS DE FERRO;-2 GUIAS DE LATAO,TAMANHO 3/4\",SEM CANTONEIRA;-2,00M CANALETA DE ALUMINIO,TAMANHO 2,00MX3/4\",2 CONCHAS COM FUROPARA CHAVE, LATAO CROMADO","14.007.0090-A","9.7",322.26,322.26]
[null,null,null,null,null,null,null,null,null,null,"14.007.0090-A Resultado",null,322.26,322.26]
[null,null,null,null,null,null,null,null,null,"FERRAGENS P/PORTAS DE MADEIRA,DE CORRER,DE 1 FOLHA,CONSTANDO DE FORN.S/COLOC.DE:-FECHADURA C/CHAVE BI-PART.,LATAO, ACABAMENTO CROMADO;-2,00M DE TRILHO EM \"U\",DE FERRO;-2 ROLDANAS DE FERRO;-2 GUIAS DE LATAO,TAMANHO 3/4\",SEM CANTONEIRA;-2,00M CANALETA DE ALUMINIO,TAMANHO 2,00MX3/4\",2 CONCHAS COM FUROPARA CHAVE, LATAO CROMADO Resultado",null,null,322.26,322.26]
[null,null,null,null,null,null,null,null,null,"DEMOLICAO MANUAL DE CONCRETO ARMADO COMPREENDENDO PILARES,VIGAS E LAJES,EM ESTRUTURA APRESENTANDO POSICAO ESPECIAL,INCLUSIVE EMPILHAMENTO LATERAL DENTRO DO CANTEIRO DE SERVICO","05.001.0002-B","5.2",314.59,2394.02]
[null,null,null,null,null,null,null,null,null,null,"05.001.0002-B Resultado",null,314.59,2394.02]
[null,null,null,null,null,null,null,null,null,"DEMOLICAO MANUAL DE CONCRETO ARMADO COMPREENDENDO PILARES,VIGAS E LAJES,EM ESTRUTURA APRESENTANDO POSICAO ESPECIAL,INCLUSIVE EMPILHAMENTO LATERAL DENTRO DO CANTEIRO DE SERVICO Resultado",null,null,314.59,2394.02]
[null,null,null,null,null,null,null,null,null,"VALVULA DESCARGA 1.1/2\" COM REGISTRO, ACABAMENTO EM METAL CROMADO - FORNECIMENTO E INSTALACAO",40729,"13.6",305.86,3058.6]
[null,null,null,null,null,null,null,null,null,null,"40729 Resultado",null,305.86,3058.6]
[null,null,null,null,null,null,null,null,null,"VALVULA DESCARGA 1.1/2\" COM REGISTRO, ACABAMENTO EM METAL CROMADO - FORNECIMENTO E INSTALACAO Resultado",null,null,305.86,3058.6]
[null,null,null,null,null,null,null,null,null,"INSTALACAO DE PONTO DE TOMADA,EMBUTIDO NA ALVENARIA,EQUIVALENTE A 2 VARAS DE ELETRODUTO DE PVC RIGIDO DE 3/4\",18,00M DEFIO 2,5MM2,CAIXAS,CONEXOES E TOMADA DE EMBUTIR,2P+T,10A,PADRAO BRASILEIRO,COM PLACA FOSFORESCENTE,INCLUSIVE ABERTURA E FECHAMENTO DE RASGO EM ALVENARIA","15.015.0250-A","10.34",293.71,14098.08]
[null,null,null,null,null,null,null,null,null,null,"15.015.0250-A Resultado",null,293.71,14098.08]
[null,null,null,null,null,null,null,null,null,"INSTALACAO DE PONTO DE TOMADA,EMBUTIDO NA ALVENARIA,EQUIVALENTE A 2 VARAS DE ELETRODUTO DE PVC RIGIDO DE 3/4\",18,00M DEFIO 2,5MM2,CAIXAS,CONEXOES E TOMADA DE EMBUTIR,2P+T,10A,PADRAO BRASILEIRO,COM PLACA FOSFORESCENTE,INCLUSIVE ABERTURA E FECHAMENTO DE RASGO EM ALVENARIA Resultado",null,null,293.71,14098.08]
[null,null,null,null,null,null,null,null,null,"CAIXA DE INSPEÇÃO EM CONCRETO PRÉ-MOLDADO DN 60CM COM TAMPA H= 60CM - FORNECIMENTO E INSTALACAO","74166/1","10.3",277,831]
[null,null,null,null,null,null,null,null,null,null,"74166/1 Resultado",null,277,831]
[null,null,null,null,null,null,null,null,null,"CAIXA DE INSPEÇÃO EM CONCRETO PRÉ-MOLDADO DN 60CM COM TAMPA H= 60CM - FORNECIMENTO E INSTALACAO Resultado",null,null,277,831]
[null,null,null,null,null,null,null,null,null,"LAVATÓRIO LOUÇA BRANCA SUSPENSO, 29,5 X 39CM OU EQUIVALENTE, PADRÃO POPULAR, INCLUSO SIFÃO TIPO GARRAFA EM PVC, VÁLVULA E ENGATE FLEXÍVEL 30CM EM PLÁSTICO E TORNEIRA CROMADA DE MESA, PADRÃO POPULAR - FORNECIMENTO E INSTALAÇÃO. AF_12/2013",86942,"13.7",255.27,510.54]
[null,null,null,null,null,null,null,null,null,null,"86942 Resultado",null,255.27,510.54]
[null,null,null,null,null,null,null,null,null,"LAVATÓRIO LOUÇA BRANCA SUSPENSO, 29,5 X 39CM OU EQUIVALENTE, PADRÃO POPULAR, INCLUSO SIFÃO TIPO GARRAFA EM PVC, VÁLVULA E ENGATE FLEXÍVEL 30CM EM PLÁSTICO E TORNEIRA CROMADA DE MESA, PADRÃO POPULAR - FORNECIMENTO E INSTALAÇÃO. AF_12/2013 Resultado",null,null,255.27,510.54]
[null,null,null,null,null,null,null,null,null,"CHUVEIRO ELETRICO,EM METAL CROMADO,EM 110/220V,COM BRACO CROMADO DE 1/2\" E 1 REGISTRO DE PRESSAO 1416 DE 3/4\",COM CANOPLA E VOLANTE EM METAL CROMADO.FORNECIMENTO","18.007.0075-A","13.12",254.17,254.17]
[null,null,null,null,null,null,null,null,null,null,"18.007.0075-A Resultado",null,254.17,254.17]
[null,null,null,null,null,null,null,null,null,"CHUVEIRO ELETRICO,EM METAL CROMADO,EM 110/220V,COM BRACO CROMADO DE 1/2\" E 1 REGISTRO DE PRESSAO 1416 DE 3/4\",COM CANOPLA E VOLANTE EM METAL CROMADO.FORNECIMENTO Resultado",null,null,254.17,254.17]
[null,null,null,null,null,null,null,null,null,"INSTALACAO DE PONTO DE LUZ,APARENTE,EQUIVALENTE A 2 VARAS DE ELETRODUTO DE PVC RIGIDO DE 3/4\",12,00M DE FIO 2,5MM2,CAIXAS,CONEXOES,LUVAS,CURVA E INTERRUPTOR DE SOBREPOR","15.015.0021-A","10.23",236.57,6860.53]
[null,null,null,null,null,null,null,null,null,null,"15.015.0021-A Resultado",null,236.57,6860.53]
[null,null,null,null,null,null,null,null,null,"INSTALACAO DE PONTO DE LUZ,APARENTE,EQUIVALENTE A 2 VARAS DE ELETRODUTO DE PVC RIGIDO DE 3/4\",12,00M DE FIO 2,5MM2,CAIXAS,CONEXOES,LUVAS,CURVA E INTERRUPTOR DE SOBREPOR Resultado",null,null,236.57,6860.53]
[null,null,null,null,null,null,null,null,null,"CAIXA DE PASSAGEM 30X30X40 COM TAMPA E DRENO BRITA",83446,"10.4",217.72,435.44]
[null,null,null,null,null,null,null,null,null,null,"83446 Resultado",null,217.72,435.44]
[null,null,null,null,null,null,null,null,null,"CAIXA DE PASSAGEM 30X30X40 COM TAMPA E DRENO BRITA Resultado",null,null,217.72,435.44]
[null,null,null,null,null,null,null,null,null,"TUBULACAO EM COBRE PARA INTERLIGACAO DE SPLIT SYSTEM AO CONDENSADOR/EVAPORADOR,INCLUSIVE ISOLAMENTO TERMICO,ALIMENTACAOELETRICA,CONEXOES E FIXACAO,PARA APARELHOS DE 60000 BTU'S.FORNECIMENTO E INSTALACAO","15.005.0260-A","13.30",212.9,25548]
[null,null,null,null,null,null,null,null,null,null,"15.005.0260-A Resultado",null,212.9,25548]
[null,null,null,null,null,null,null,null,null,"TUBULACAO EM COBRE PARA INTERLIGACAO DE SPLIT SYSTEM AO CONDENSADOR/EVAPORADOR,INCLUSIVE ISOLAMENTO TERMICO,ALIMENTACAOELETRICA,CONEXOES E FIXACAO,PARA APARELHOS DE 60000 BTU'S.FORNECIMENTO E INSTALACAO Resultado",null,null,212.9,25548]
[null,null,null,null,null,null,null,null,null,"CAIXA DE GORDURA SIMPLES CILINDRICA,PRE-FABRICADA EM ANEIS DE CONCRETO,COM DIAMETRO DE 40CM E PROFUNDIDADE TOTAL DE 60CM,INCLUSIVE TAMPA DE CONCRETO.FORNECIMENTO E COLOCACAO","15.002.0062-A","10.5",189.67,189.67]
[null,null,null,null,null,null,null,null,null,null,"15.002.0062-A Resultado",null,189.67,189.67]
[null,null,null,null,null,null,null,null,null,"CAIXA DE GORDURA SIMPLES CILINDRICA,PRE-FABRICADA EM ANEIS DE CONCRETO,COM DIAMETRO DE 40CM E PROFUNDIDADE TOTAL DE 60CM,INCLUSIVE TAMPA DE CONCRETO.FORNECIMENTO E COLOCACAO Resultado",null,null,189.67,189.67]
[null,null,null,null,null,null,null,null,null,"CORRIMAO EM TUBO ACO GALVANIZADO 2 1/2\" COM BRACADEIRA","74072/2","9.13",175.89,2409.69]
[null,null,null,null,null,null,null,null,null,null,"74072/2 Resultado",null,175.89,2409.69]
[null,null,null,null,null,null,null,null,null,"CORRIMAO EM TUBO ACO GALVANIZADO 2 1/2\" COM BRACADEIRA Resultado",null,null,175.89,2409.69]
[null,null,null,null,null,null,null,null,null,"TUBULACAO EM COBRE PARA INTERLIGACAO DE SPLIT SYSTEM AO CONDENSADOR/EVAPORADOR,INCLUSIVE ISOLAMENTO TERMICO,ALIMENTACAOELETRICA,CONEXOES E FIXACAO,PARA APARELHOS ATE 48000 BTU'S.FORNECIMENTO E INSTALACAO","15.005.0255-A","13.29",174.05,13175.58]
[null,null,null,null,null,null,null,null,null,null,"15.005.0255-A Resultado",null,174.05,13175.58]
[null,null,null,null,null,null,null,null,null,"TUBULACAO EM COBRE PARA INTERLIGACAO DE SPLIT SYSTEM AO CONDENSADOR/EVAPORADOR,INCLUSIVE ISOLAMENTO TERMICO,ALIMENTACAOELETRICA,CONEXOES E FIXACAO,PARA APARELHOS ATE 48000 BTU'S.FORNECIMENTO E INSTALACAO Resultado",null,null,174.05,13175.58]
[null,null,null,null,null,null,null,null,null,"ATERRO COM MATERIAL DE 1ª CATEGORIA,COMPACTADO MANUALMENTE EM CAMADAS DE 20CM DE MATERIAL APILOADO,PROVENIENTE DE JAZIDA DISTANTE ATE 10KM,INCLUSIVE ESCAVACAO,CARGA,TRANSPORTE EM CAMINHAO BASCULANTE,DESCARGA,ESPALHAMENTO E IRRIGACAO MANUAIS","03.009.0015-A","3.4",166.5,8641.35]
[null,null,null,null,null,null,null,null,null,null,"03.009.0015-A Resultado",null,166.5,8641.35]
[null,null,null,null,null,null,null,null,null,"ATERRO COM MATERIAL DE 1ª CATEGORIA,COMPACTADO MANUALMENTE EM CAMADAS DE 20CM DE MATERIAL APILOADO,PROVENIENTE DE JAZIDA DISTANTE ATE 10KM,INCLUSIVE ESCAVACAO,CARGA,TRANSPORTE EM CAMINHAO BASCULANTE,DESCARGA,ESPALHAMENTO E IRRIGACAO MANUAIS Resultado",null,null,166.5,8641.35]
[null,null,null,null,null,null,null,null,null,"BARRA DE APOIO EM ACO INOXIDAVEL AISI 304,TUBO DE 1.1/4\",INCLUSIVE FIXACAO COM PARAFUSOS INOXIDAVEIS E BUCHAS PLASTICAS,COM 80CM,PARA PESSOAS COM NECESSIDADES ESPECIFICAS.FORNECIMENTO E COLOCACAO","18.016.0106-A","13.10",161.32,1129.24]
[null,null,null,null,null,null,null,null,null,null,"18.016.0106-A Resultado",null,161.32,1129.24]
[null,null,null,null,null,null,null,null,null,"BARRA DE APOIO EM ACO INOXIDAVEL AISI 304,TUBO DE 1.1/4\",INCLUSIVE FIXACAO COM PARAFUSOS INOXIDAVEIS E BUCHAS PLASTICAS,COM 80CM,PARA PESSOAS COM NECESSIDADES ESPECIFICAS.FORNECIMENTO E COLOCACAO Resultado",null,null,161.32,1129.24]
[null,null,null,null,null,null,null,null,null,"CABO DE COBRE FLEXÍVEL ISOLADO, 185 MM², ANTI-CHAMA 0,6/1,0 KV, PARA DISTRIBUIÇÃO - FORNECIMENTO E INSTALAÇÃO. AF_12/2015",92998,"10.45",150.05,25208.4]
[null,null,null,null,null,null,null,null,null,null,"92998 Resultado",null,150.05,25208.4]
[null,null,null,null,null,null,null,null,null,"CABO DE COBRE FLEXÍVEL ISOLADO, 185 MM², ANTI-CHAMA 0,6/1,0 KV, PARA DISTRIBUIÇÃO - FORNECIMENTO E INSTALAÇÃO. AF_12/2015 Resultado",null,null,150.05,25208.4]
[null,null,null,null,null,null,null,null,null,"ASSENTO ESPECIAL PARA VASO SANITARIO PARA PESSOAS COM NECESSIDADES ESPECIFICAS.FORNECIMENTO E COLOCACAO","18.005.0030-A","13.3",144.72,434.16]
[null,null,null,null,null,null,null,null,null,null,"18.005.0030-A Resultado",null,144.72,434.16]
[null,null,null,null,null,null,null,null,null,"ASSENTO ESPECIAL PARA VASO SANITARIO PARA PESSOAS COM NECESSIDADES ESPECIFICAS.FORNECIMENTO E COLOCACAO Resultado",null,null,144.72,434.16]
[null,null,null,null,null,null,null,null,null,"REVESTIMENTO CERÂMICO PARA PISO COM PLACAS TIPO PORCELANATO DE DIMENSÕES 60X60 CM APLICADA EM AMBIENTES DE ÁREA MENOR QUE 5 M². AF_06/2014",87261,"8.9",140.14,5186.58]
[null,null,null,null,null,null,null,null,null,null,"87261 Resultado",null,140.14,5186.58]
[null,null,null,null,null,null,null,null,null,"REVESTIMENTO CERÂMICO PARA PISO COM PLACAS TIPO PORCELANATO DE DIMENSÕES 60X60 CM APLICADA EM AMBIENTES DE ÁREA MENOR QUE 5 M². AF_06/2014 Resultado",null,null,140.14,5186.58]
[null,null,null,null,null,null,null,null,null,"PAREDE COM PLACAS DE GESSO ACARTONADO (DRYWALL), PARA USO INTERNO, COM DUAS FACES SIMPLES E ESTRUTURA METÁLICA COM GUIAS DUPLAS, SEM VÃOS. AF_06/2017_P",96360,"7.2",135.21,4307.79]
[null,null,null,null,null,null,null,null,null,null,"96360 Resultado",null,135.21,4307.79]
[null,null,null,null,null,null,null,null,null,"PAREDE COM PLACAS DE GESSO ACARTONADO (DRYWALL), PARA USO INTERNO, COM DUAS FACES SIMPLES E ESTRUTURA METÁLICA COM GUIAS DUPLAS, SEM VÃOS. AF_06/2017_P Resultado",null,null,135.21,4307.79]
[null,null,null,null,null,null,null,null,null,"LUMINARIA DE SOBREPOR,FIXADA EM LAJE OU FORRO,TIPO CALHA,CHANFRADA OU PRISMATICA,ESMALTADA,COMPLETA,EQUIPADA COM REATORELETRONICO DE ALTO FATOR DE POTENCIA(AFP>=0,92)E LAMPADA FLUORESCENTE DE 1X40W.FORNECIMENTO E COLOCACAO","18.027.0305-A","10.28",121.9,1462.8]
[null,null,null,null,null,null,null,null,null,null,"18.027.0305-A Resultado",null,121.9,1462.8]
[null,null,null,null,null,null,null,null,null,"LUMINARIA DE SOBREPOR,FIXADA EM LAJE OU FORRO,TIPO CALHA,CHANFRADA OU PRISMATICA,ESMALTADA,COMPLETA,EQUIPADA COM REATORELETRONICO DE ALTO FATOR DE POTENCIA(AFP>=0,92)E LAMPADA FLUORESCENTE DE 1X40W.FORNECIMENTO E COLOCACAO Resultado",null,null,121.9,1462.8]
[null,null,null,null,null,null,null,null,null,"LUMINARIA DE EMBUTIR,FIXADA EM LAJE OU FORRO,TIPO CALHA,CHANFRADA OU PRISMATICA,ESMALTADA,COMPLETA,EQUIPADA COM REATOR ELETRONICO DE ALTO FATOR DE POTENCIA(AFP>=0,92)E LAMPADA FLUORESCENTE DE 1X40W.FORNECIMENTO E COLOCACAO","18.027.0355-A","10.29",119.07,2024.19]
[null,null,null,null,null,null,null,null,null,null,"18.027.0355-A Resultado",null,119.07,2024.19]
[null,null,null,null,null,null,null,null,null,"LUMINARIA DE EMBUTIR,FIXADA EM LAJE OU FORRO,TIPO CALHA,CHANFRADA OU PRISMATICA,ESMALTADA,COMPLETA,EQUIPADA COM REATOR ELETRONICO DE ALTO FATOR DE POTENCIA(AFP>=0,92)E LAMPADA FLUORESCENTE DE 1X40W.FORNECIMENTO E COLOCACAO Resultado",null,null,119.07,2024.19]
[null,null,null,null,null,null,null,null,null,"DISJUNTOR TERMOMAGNETICO TRIPOLAR PADRAO NEMA (AMERICANO) 10 A 50A 240V, FORNECIMENTO E INSTALACAO","74130/4","10.38",116.97,350.91]
[null,null,null,null,null,null,null,null,null,null,"74130/4 Resultado",null,116.97,350.91]
[null,null,null,null,null,null,null,null,null,"DISJUNTOR TERMOMAGNETICO TRIPOLAR PADRAO NEMA (AMERICANO) 10 A 50A 240V, FORNECIMENTO E INSTALACAO Resultado",null,null,116.97,350.91]
[null,null,null,null,null,null,null,null,null,"SOLEIRA EM GRANITO, LARGURA 15 CM, ESPESSURA 2,0 CM. AF_06/2018",98689,"8.12",115.64,3203.22]
[null,null,null,null,null,null,null,null,null,null,"98689 Resultado",null,115.64,3203.22]
[null,null,null,null,null,null,null,null,null,"SOLEIRA EM GRANITO, LARGURA 15 CM, ESPESSURA 2,0 CM. AF_06/2018 Resultado",null,null,115.64,3203.22]
[null,null,null,null,null,null,null,null,null,"REVESTIMENTO CERÂMICO PARA PISO COM PLACAS TIPO PORCELANATO DE DIMENSÕES 60X60 CM APLICADA EM AMBIENTES DE ÁREA MAIOR QUE 10 M². AF_06/2014",87263,"8.10",112.11,25260.62]
[null,null,null,null,null,null,null,null,null,null,"87263 Resultado",null,112.11,25260.62]
[null,null,null,null,null,null,null,null,null,"REVESTIMENTO CERÂMICO PARA PISO COM PLACAS TIPO PORCELANATO DE DIMENSÕES 60X60 CM APLICADA EM AMBIENTES DE ÁREA MAIOR QUE 10 M². AF_06/2014 Resultado",null,null,112.11,25260.62]
[null,null,null,null,null,null,null,null,null,"PUXADOR HORIZONTAL PARA PORTA,TIPO ALCA,PARA PESSOAS COM NECESSIDADES ESPECIFICAS, EM TUBO DE ACO INOXIDAVEL DE 1.1/4\",AISI-304,LIGA 18.8,COM 30CM.FORNECIMENTO","14.007.0321-A","13.13",110.88,332.64]
[null,null,null,null,null,null,null,null,null,null,"14.007.0321-A Resultado",null,110.88,332.64]
[null,null,null,null,null,null,null,null,null,"PUXADOR HORIZONTAL PARA PORTA,TIPO ALCA,PARA PESSOAS COM NECESSIDADES ESPECIFICAS, EM TUBO DE ACO INOXIDAVEL DE 1.1/4\",AISI-304,LIGA 18.8,COM 30CM.FORNECIMENTO Resultado",null,null,110.88,332.64]
[null,null,null,null,null,null,null,null,null,"LAJE PRE-MOLD BETA 12 P/3,5KN/M2 VAO 4,1M INCL VIGOTAS TIJOLOS ARMADU-RA NEGATIVA CAPEAMENTO 3CM CONCRETO 15MPA ESCORAMENTO MATERIAIS E MAO DE OBRA.","74141/2","6.2",106.22,2839.26]
[null,null,null,null,null,null,null,null,null,null,"74141/2 Resultado",null,106.22,2839.26]
[null,null,null,null,null,null,null,null,null,"LAJE PRE-MOLD BETA 12 P/3,5KN/M2 VAO 4,1M INCL VIGOTAS TIJOLOS ARMADU-RA NEGATIVA CAPEAMENTO 3CM CONCRETO 15MPA ESCORAMENTO MATERIAIS E MAO DE OBRA. Resultado",null,null,106.22,2839.26]
[null,null,null,null,null,null,null,null,null,"REGISTRO DE GAVETA BRUTO, LATÃO, ROSCÁVEL, 1 1/4\u0094, INSTALADO EM RESERVAÇÃO DE ÁGUA DE EDIFICAÇÃO QUE POSSUA RESERVATÓRIO DE FIBRA/FIBROCIMENTO \u0096 FORNECIMENTO E INSTALAÇÃO. AF_06/2016",94496,"10.14",104.47,208.94]
[null,null,null,null,null,null,null,null,null,null,"94496 Resultado",null,104.47,208.94]
[null,null,null,null,null,null,null,null,null,"REGISTRO DE GAVETA BRUTO, LATÃO, ROSCÁVEL, 1 1/4\u0094, INSTALADO EM RESERVAÇÃO DE ÁGUA DE EDIFICAÇÃO QUE POSSUA RESERVATÓRIO DE FIBRA/FIBROCIMENTO \u0096 FORNECIMENTO E INSTALAÇÃO. AF_06/2016 Resultado",null,null,104.47,208.94]
[null,null,null,null,null,null,null,null,null,"LUMINÁRIA TIPO SPOT, DE SOBREPOR, COM 1 LÂMPADA DE 15 W - FORNECIMENTO E INSTALAÇÃO. AF_11/2017",97593,"10.30",101.72,8442.76]
[null,null,null,null,null,null,null,null,null,null,"97593 Resultado",null,101.72,8442.76]
[null,null,null,null,null,null,null,null,null,"LUMINÁRIA TIPO SPOT, DE SOBREPOR, COM 1 LÂMPADA DE 15 W - FORNECIMENTO E INSTALAÇÃO. AF_11/2017 Resultado",null,null,101.72,8442.76]
[null,null,null,null,null,null,null,null,null,"LUMINÁRIA ARANDELA TIPO MEIA-LUA, PARA 1 LÂMPADA LED - FORNECIMENTO E INSTALAÇÃO. AF_11/2017",97605,"10.31",100.69,302.07]
[null,null,null,null,null,null,null,null,null,null,"97605 Resultado",null,100.69,302.07]
[null,null,null,null,null,null,null,null,null,"LUMINÁRIA ARANDELA TIPO MEIA-LUA, PARA 1 LÂMPADA LED - FORNECIMENTO E INSTALAÇÃO. AF_11/2017 Resultado",null,null,100.69,302.07]
[null,null,null,null,null,null,null,null,null,"ESCAVAÇÃO MANUAL DE VALA COM PROFUNDIDADE MENOR OU IGUAL A 1,30 M. AF_03/2016",93358,"3.2",98.2,3082.49]
[null,null,null,null,null,null,null,null,null,null,"93358 Resultado",null,98.2,3082.49]
[null,null,null,null,null,null,null,null,null,"ESCAVAÇÃO MANUAL DE VALA COM PROFUNDIDADE MENOR OU IGUAL A 1,30 M. AF_03/2016 Resultado",null,null,98.2,3082.49]
[null,null,null,null,null,null,null,null,null,"IMPERMEABILIZAÇÃO DE SUPERFÍCIE COM MANTA ASFÁLTICA, UMA CAMADA, INCLUSIVE APLICAÇÃO DE PRIMER ASFÁLTICO, E=3MM. AF_06/2018",98546,"11.7",96.54,2661.6]
[null,null,null,null,null,null,null,null,null,null,"98546 Resultado",null,96.54,2661.6]
[null,null,null,null,null,null,null,null,null,"IMPERMEABILIZAÇÃO DE SUPERFÍCIE COM MANTA ASFÁLTICA, UMA CAMADA, INCLUSIVE APLICAÇÃO DE PRIMER ASFÁLTICO, E=3MM. AF_06/2018 Resultado",null,null,96.54,2661.6]
[null,null,null,null,null,null,null,null,null,"CALHA DE BEIRAL, SEMICIRCULAR DE PVC, DIAMETRO 125 MM, INCLUINDO CABECEIRAS, EMENDAS, BOCAIS, SUPORTES E VEDAÇÕES, EXCLUINDO CONDUTORES, INCLUSO TRANSPORTE VERTICAL. AF_06/2016",94230,"11.9",96.31,1155.72]
[null,null,null,null,null,null,null,null,null,null,"94230 Resultado",null,96.31,1155.72]
[null,null,null,null,null,null,null,null,null,"CALHA DE BEIRAL, SEMICIRCULAR DE PVC, DIAMETRO 125 MM, INCLUINDO CABECEIRAS, EMENDAS, BOCAIS, SUPORTES E VEDAÇÕES, EXCLUINDO CONDUTORES, INCLUSO TRANSPORTE VERTICAL. AF_06/2016 Resultado",null,null,96.31,1155.72]
[null,null,null,null,null,null,null,null,null,"FORRO REMOVIVEL COMPOSTO GESSO ACARTONADO,TIPO STANDARD,C/ADICAO DE LA MINERAL,A SER APLICADO SIST.DRYWALL,C/BORDA QUADRADA 625X625MM REVEST.VINIL,ESP.6,5;9,5 OU 12,5MM,ESTRUT.EM PERFIS TIPO TRAVESSA \"T\" ACO GALV.ALUMINIO OU LIGAS ALUMINIO,ESP.MINIMA 0,5M,C/PINTURA ELETROSTATICA OU CONVENCIONAL,SUSPENSA POR MEIO PENDURAIS,FIX.EM ESTRUT.SUPERIOR.FORN.E COLOC.","13.196.0025-A","8.4",92.39,14816.58]
[null,null,null,null,null,null,null,null,null,null,"13.196.0025-A Resultado",null,92.39,14816.58]
[null,null,null,null,null,null,null,null,null,"FORRO REMOVIVEL COMPOSTO GESSO ACARTONADO,TIPO STANDARD,C/ADICAO DE LA MINERAL,A SER APLICADO SIST.DRYWALL,C/BORDA QUADRADA 625X625MM REVEST.VINIL,ESP.6,5;9,5 OU 12,5MM,ESTRUT.EM PERFIS TIPO TRAVESSA \"T\" ACO GALV.ALUMINIO OU LIGAS ALUMINIO,ESP.MINIMA 0,5M,C/PINTURA ELETROSTATICA OU CONVENCIONAL,SUSPENSA POR MEIO PENDURAIS,FIX.EM ESTRUT.SUPERIOR.FORN.E COLOC. Resultado",null,null,92.39,14816.58]
[null,null,null,null,null,null,null,null,null,"(COMPOSIÇÃO REPRESENTATIVA) DO SERVIÇO DE INSTALAÇÃO DE TUBO DE PVC, SÉRIE NORMAL, ESGOTO PREDIAL, DN 50 MM (INSTALADO EM RAMAL DE DESCARGA OU RAMAL DE ESGOTO SANITÁRIO), INCLUSIVE CONEXÕES, CORTES E FIXAÇÕES PARA, PRÉDIOS. AF_10/2015",91793,"10.9",89.57,1755.57]
[null,null,null,null,null,null,null,null,null,null,"91793 Resultado",null,89.57,1755.57]
[null,null,null,null,null,null,null,null,null,"(COMPOSIÇÃO REPRESENTATIVA) DO SERVIÇO DE INSTALAÇÃO DE TUBO DE PVC, SÉRIE NORMAL, ESGOTO PREDIAL, DN 50 MM (INSTALADO EM RAMAL DE DESCARGA OU RAMAL DE ESGOTO SANITÁRIO), INCLUSIVE CONEXÕES, CORTES E FIXAÇÕES PARA, PRÉDIOS. AF_10/2015 Resultado",null,null,89.57,1755.57]
[null,null,null,null,null,null,null,null,null,"TRAMA DE MADEIRA COMPOSTA POR RIPAS, CAIBROS E TERÇAS PARA TELHADOS DE MAIS QUE 2 ÁGUAS PARA TELHA CERÂMICA CAPA-CANAL, INCLUSO TRANSPORTE VERTICAL. AF_12/2015",92542,"11.2",87.04,14298.93]
[null,null,null,null,null,null,null,null,null,null,"92542 Resultado",null,87.04,14298.93]
[null,null,null,null,null,null,null,null,null,"TRAMA DE MADEIRA COMPOSTA POR RIPAS, CAIBROS E TERÇAS PARA TELHADOS DE MAIS QUE 2 ÁGUAS PARA TELHA CERÂMICA CAPA-CANAL, INCLUSO TRANSPORTE VERTICAL. AF_12/2015 Resultado",null,null,87.04,14298.93]
[null,null,null,null,null,null,null,null,null,"REGISTRO DE GAVETA BRUTO, LATÃO, ROSCÁVEL, 3/4\", COM ACABAMENTO E CANOPLA CROMADOS. FORNECIDO E INSTALADO EM RAMAL DE ÁGUA. AF_12/2014",89987,"10.16",83.77,502.62]
[null,null,null,null,null,null,null,null,null,null,"89987 Resultado",null,83.77,502.62]
[null,null,null,null,null,null,null,null,null,"REGISTRO DE GAVETA BRUTO, LATÃO, ROSCÁVEL, 3/4\", COM ACABAMENTO E CANOPLA CROMADOS. FORNECIDO E INSTALADO EM RAMAL DE ÁGUA. AF_12/2014 Resultado",null,null,83.77,502.62]
[null,null,null,null,null,null,null,null,null,"ASSENTO SANITARIO DE PLASTICO,TIPO MEDIO LUXO.FORNECIMENTO E COLOCACAO","18.005.0015-A","13.4",81.56,570.92]
[null,null,null,null,null,null,null,null,null,null,"18.005.0015-A Resultado",null,81.56,570.92]
[null,null,null,null,null,null,null,null,null,"ASSENTO SANITARIO DE PLASTICO,TIPO MEDIO LUXO.FORNECIMENTO E COLOCACAO Resultado",null,null,81.56,570.92]
[null,null,null,null,null,null,null,null,null,"REVESTIMENTO CERÂMICO PARA PAREDES INTERNAS COM PLACAS TIPO ESMALTADA EXTRA DE DIMENSÕES 33X45 CM APLICADAS EM AMBIENTES DE ÁREA MENOR QUE 5 M² A MEIA ALTURA DAS PAREDES. AF_06/2014",87274,"8.2",81.5,16256.8]
[null,null,null,null,null,null,null,null,null,null,"87274 Resultado",null,81.5,16256.8]
[null,null,null,null,null,null,null,null,null,"REVESTIMENTO CERÂMICO PARA PAREDES INTERNAS COM PLACAS TIPO ESMALTADA EXTRA DE DIMENSÕES 33X45 CM APLICADAS EM AMBIENTES DE ÁREA MENOR QUE 5 M² A MEIA ALTURA DAS PAREDES. AF_06/2014 Resultado",null,null,81.5,16256.8]
[null,null,null,null,null,null,null,null,null,"REGISTRO DE PRESSÃO BRUTO, LATÃO, ROSCÁVEL, 3/4\", COM ACABAMENTO E CANOPLA CROMADOS. FORNECIDO E INSTALADO EM RAMAL DE ÁGUA. AF_12/2014",89985,"10.15",79.86,239.58]
[null,null,null,null,null,null,null,null,null,null,"89985 Resultado",null,79.86,239.58]
[null,null,null,null,null,null,null,null,null,"REGISTRO DE PRESSÃO BRUTO, LATÃO, ROSCÁVEL, 3/4\", COM ACABAMENTO E CANOPLA CROMADOS. FORNECIDO E INSTALADO EM RAMAL DE ÁGUA. AF_12/2014 Resultado",null,null,79.86,239.58]
[null,null,null,null,null,null,null,null,null,"DISJUNTOR BIPOLAR TIPO DIN, CORRENTE NOMINAL DE 32A - FORNECIMENTO E INSTALAÇÃO. AF_04/2016",93664,"10.41",74.97,74.97]
[null,null,null,null,null,null,null,null,null,null,"93664 Resultado",null,74.97,74.97]
[null,null,null,null,null,null,null,null,null,"DISJUNTOR BIPOLAR TIPO DIN, CORRENTE NOMINAL DE 32A - FORNECIMENTO E INSTALAÇÃO. AF_04/2016 Resultado",null,null,74.97,74.97]
[null,null,null,null,null,null,null,null,null,"EXECUÇÃO DE PASSEIO (CALÇADA) OU PISO DE CONCRETO COM CONCRETO MOLDADO IN LOCO, FEITO EM OBRA, ACABAMENTO CONVENCIONAL, ESPESSURA 6 CM, ARMADO. AF_07/2016",94992,"8.6",73.67,14546.87]
[null,null,null,null,null,null,null,null,null,null,"94992 Resultado",null,73.67,14546.87]
[null,null,null,null,null,null,null,null,null,"EXECUÇÃO DE PASSEIO (CALÇADA) OU PISO DE CONCRETO COM CONCRETO MOLDADO IN LOCO, FEITO EM OBRA, ACABAMENTO CONVENCIONAL, ESPESSURA 6 CM, ARMADO. AF_07/2016 Resultado",null,null,73.67,14546.87]
[null,null,null,null,null,null,null,null,null,"EXECUÇÃO DE PASSEIO EM PISO INTERTRAVADO, COM BLOCO RETANGULAR COR NATURAL DE 20 X 10 CM, ESPESSURA 6 CM. AF_12/2015",92396,"8.7",73.04,9933.44]
[null,null,null,null,null,null,null,null,null,null,"92396 Resultado",null,73.04,9933.44]
[null,null,null,null,null,null,null,null,null,"EXECUÇÃO DE PASSEIO EM PISO INTERTRAVADO, COM BLOCO RETANGULAR COR NATURAL DE 20 X 10 CM, ESPESSURA 6 CM. AF_12/2015 Resultado",null,null,73.04,9933.44]
[null,null,null,null,null,null,null,null,null,"DISJUNTOR BIPOLAR TIPO DIN, CORRENTE NOMINAL DE 25A - FORNECIMENTO E INSTALAÇÃO. AF_04/2016",93663,"10.40",71.87,143.74]
[null,null,null,null,null,null,null,null,null,null,"93663 Resultado",null,71.87,143.74]
[null,null,null,null,null,null,null,null,null,"DISJUNTOR BIPOLAR TIPO DIN, CORRENTE NOMINAL DE 25A - FORNECIMENTO E INSTALAÇÃO. AF_04/2016 Resultado",null,null,71.87,143.74]
[null,null,null,null,null,null,null,null,null,"CARGA E DESCARGA DE CONTAINER,SEGUNDO DESCRICAO DA FAMILIA 02.006","04.013.0015-A","2.7",70.05,140.1]
[null,null,null,null,null,null,null,null,null,null,"04.013.0015-A Resultado",null,70.05,140.1]
[null,null,null,null,null,null,null,null,null,"CARGA E DESCARGA DE CONTAINER,SEGUNDO DESCRICAO DA FAMILIA 02.006 Resultado",null,null,70.05,140.1]
[null,null,null,null,null,null,null,null,null,"DISJUNTOR BIPOLAR TIPO DIN, CORRENTE NOMINAL DE 16A - FORNECIMENTO E INSTALAÇÃO. AF_04/2016",93661,"10.39",69.28,554.24]
[null,null,null,null,null,null,null,null,null,null,"93661 Resultado",null,69.28,554.24]
[null,null,null,null,null,null,null,null,null,"DISJUNTOR BIPOLAR TIPO DIN, CORRENTE NOMINAL DE 16A - FORNECIMENTO E INSTALAÇÃO. AF_04/2016 Resultado",null,null,69.28,554.24]
[null,null,null,null,null,null,null,null,null,"LIGACAO DA REDE 75MM AO RAMAL PREDIAL 1/2\"",83879,"10.20",69.19,69.19]
[null,null,null,null,null,null,null,null,null,null,"83879 Resultado",null,69.19,69.19]
[null,null,null,null,null,null,null,null,null,"LIGACAO DA REDE 75MM AO RAMAL PREDIAL 1/2\" Resultado",null,null,69.19,69.19]
[null,null,null,null,null,null,null,null,null,"SABONETEIRA DE SOBREPOR (FIXADA NA PAREDE), TIPO CONCHA, EM ACO INOXIDAVEL - FORNECIMENTO E INSTALACAO",88571,"13.15",68.73,137.46]
[null,null,null,null,null,null,null,null,null,null,"88571 Resultado",null,68.73,137.46]
[null,null,null,null,null,null,null,null,null,"SABONETEIRA DE SOBREPOR (FIXADA NA PAREDE), TIPO CONCHA, EM ACO INOXIDAVEL - FORNECIMENTO E INSTALACAO Resultado",null,null,68.73,137.46]
[null,null,null,null,null,null,null,null,null,"(COMPOSIÇÃO REPRESENTATIVA) DO SERVIÇO DE INST. TUBO PVC, SÉRIE N, ESGOTO PREDIAL, 100 MM (INST. RAMAL DESCARGA, RAMAL DE ESG. SANIT., PRUMADA ESG. SANIT., VENTILAÇÃO OU SUB-COLETOR AÉREO), INCL. CONEXÕES E CORTES, FIXAÇÕES, P/ PRÉDIOS. AF_10/2015",91795,"10.11",67.01,5756.15]
[null,null,null,null,null,null,null,null,null,null,"91795 Resultado",null,67.01,5756.15]
[null,null,null,null,null,null,null,null,null,"(COMPOSIÇÃO REPRESENTATIVA) DO SERVIÇO DE INST. TUBO PVC, SÉRIE N, ESGOTO PREDIAL, 100 MM (INST. RAMAL DESCARGA, RAMAL DE ESG. SANIT., PRUMADA ESG. SANIT., VENTILAÇÃO OU SUB-COLETOR AÉREO), INCL. CONEXÕES E CORTES, FIXAÇÕES, P/ PRÉDIOS. AF_10/2015 Resultado",null,null,67.01,5756.15]
[null,null,null,null,null,null,null,null,null,"VERGA MOLDADA IN LOCO EM CONCRETO PARA JANELAS COM MAIS DE 1,5 M DE VÃO. AF_03/2016",93187,"6.6",66.51,186.22]
[null,null,null,null,null,null,null,null,null,null,"93187 Resultado",null,66.51,186.22]
[null,null,null,null,null,null,null,null,null,"VERGA MOLDADA IN LOCO EM CONCRETO PARA JANELAS COM MAIS DE 1,5 M DE VÃO. AF_03/2016 Resultado",null,null,66.51,186.22]
[null,null,null,null,null,null,null,null,null,"TELHAMENTO COM TELHA CERÂMICA DE ENCAIXE, TIPO PORTUGUESA, COM MAIS DE 2 ÁGUAS, INCLUSO TRANSPORTE VERTICAL. AF_06/2016",94198,"11.4",65.67,6472.43]
[null,null,null,null,null,null,null,null,null,null,"94198 Resultado",null,65.67,6472.43]
[null,null,null,null,null,null,null,null,null,"TELHAMENTO COM TELHA CERÂMICA DE ENCAIXE, TIPO PORTUGUESA, COM MAIS DE 2 ÁGUAS, INCLUSO TRANSPORTE VERTICAL. AF_06/2016 Resultado",null,null,65.67,6472.43]
[null,null,null,null,null,null,null,null,null,"ALVENARIA DE VEDAÇÃO DE BLOCOS VAZADOS DE CONCRETO DE 9X19X39CM (ESPESSURA 9CM) DE PAREDES COM ÁREA LÍQUIDA MENOR QUE 6M² SEM VÃOS E ARGAMASSA DE ASSENTAMENTO COM PREPARO MANUAL. AF_06/2014",87448,"7.3",64.55,1862.26]
[null,null,null,null,null,null,null,null,null,null,"87448 Resultado",null,64.55,1862.26]
[null,null,null,null,null,null,null,null,null,"ALVENARIA DE VEDAÇÃO DE BLOCOS VAZADOS DE CONCRETO DE 9X19X39CM (ESPESSURA 9CM) DE PAREDES COM ÁREA LÍQUIDA MENOR QUE 6M² SEM VÃOS E ARGAMASSA DE ASSENTAMENTO COM PREPARO MANUAL. AF_06/2014 Resultado",null,null,64.55,1862.26]
[null,null,null,null,null,null,null,null,null,"CONTRAVERGA MOLDADA IN LOCO EM CONCRETO PARA VÃOS DE MAIS DE 1,5 M DE COMPRIMENTO. AF_03/2016",93197,"6.7",62.84,175.95]
[null,null,null,null,null,null,null,null,null,null,"93197 Resultado",null,62.84,175.95]
[null,null,null,null,null,null,null,null,null,"CONTRAVERGA MOLDADA IN LOCO EM CONCRETO PARA VÃOS DE MAIS DE 1,5 M DE COMPRIMENTO. AF_03/2016 Resultado",null,null,62.84,175.95]
[null,null,null,null,null,null,null,null,null,"(COMPOSIÇÃO REPRESENTATIVA) DO SERVIÇO DE INSTALAÇÃO DE TUBOS DE PVC, SÉRIE R, ÁGUA PLUVIAL, DN 100 MM (INSTALADO EM RAMAL DE ENCAMINHAMENTO, OU CONDUTORES VERTICAIS), INCLUSIVE CONEXÕES, CORTES E FIXAÇÕES, PARA PRÉDIOS. AF_10/2015",91790,"11.8",62.63,2505.2]
[null,null,null,null,null,null,null,null,null,null,"91790 Resultado",null,62.63,2505.2]
[null,null,null,null,null,null,null,null,null,"(COMPOSIÇÃO REPRESENTATIVA) DO SERVIÇO DE INSTALAÇÃO DE TUBOS DE PVC, SÉRIE R, ÁGUA PLUVIAL, DN 100 MM (INSTALADO EM RAMAL DE ENCAMINHAMENTO, OU CONDUTORES VERTICAIS), INCLUSIVE CONEXÕES, CORTES E FIXAÇÕES, PARA PRÉDIOS. AF_10/2015 Resultado",null,null,62.63,2505.2]
[null,null,null,null,null,null,null,null,null,"(COMPOSIÇÃO REPRESENTATIVA) DO SERVIÇO DE INSTALAÇÃO DE TUBO DE PVC, SÉRIE NORMAL, ESGOTO PREDIAL, DN 40 MM (INSTALADO EM RAMAL DE DESCARGA OU RAMAL DE ESGOTO SANITÁRIO), INCLUSIVE CONEXÕES, CORTES E FIXAÇÕES, PARA PRÉDIOS. AF_10/2015",91792,"10.8",62.62,475.91]
[null,null,null,null,null,null,null,null,null,null,"91792 Resultado",null,62.62,475.91]
[null,null,null,null,null,null,null,null,null,"(COMPOSIÇÃO REPRESENTATIVA) DO SERVIÇO DE INSTALAÇÃO DE TUBO DE PVC, SÉRIE NORMAL, ESGOTO PREDIAL, DN 40 MM (INSTALADO EM RAMAL DE DESCARGA OU RAMAL DE ESGOTO SANITÁRIO), INCLUSIVE CONEXÕES, CORTES E FIXAÇÕES, PARA PRÉDIOS. AF_10/2015 Resultado",null,null,62.62,475.91]
[null,null,null,null,null,null,null,null,null,"SABONETEIRA PLASTICA TIPO DISPENSER PARA SABONETE LIQUIDO COM RESERVATORIO 800 A 1500 ML, INCLUSO FIXAÇÃO. AF_10/2016",95547,"13.16",60.06,480.48]
[null,null,null,null,null,null,null,null,null,null,"95547 Resultado",null,60.06,480.48]
[null,null,null,null,null,null,null,null,null,"SABONETEIRA PLASTICA TIPO DISPENSER PARA SABONETE LIQUIDO COM RESERVATORIO 800 A 1500 ML, INCLUSO FIXAÇÃO. AF_10/2016 Resultado",null,null,60.06,480.48]
[null,null,null,null,null,null,null,null,null,"EMBOCO COM ARGAMASSA DE CIMENTO E AREIA,NO TRACO 1:3 COM 2CM DE ESPESSURA,INCLUSIVE CHAPISCO DE CIMENTO E AREIA,NO TRACO 1:3","13.001.0026-A","8.1",29.77,18067.11]
[null,null,null,null,null,null,null,null,null,null,null,"8.3",29.77,2872.2]
[null,null,null,null,null,null,null,null,null,null,"13.001.0026-A Resultado",null,59.54,20939.31]
[null,null,null,null,null,null,null,null,null,"EMBOCO COM ARGAMASSA DE CIMENTO E AREIA,NO TRACO 1:3 COM 2CM DE ESPESSURA,INCLUSIVE CHAPISCO DE CIMENTO E AREIA,NO TRACO 1:3 Resultado",null,null,59.54,20939.31]
[null,null,null,null,null,null,null,null,null,"TORNEIRA DE BOIA, ROSCÁVEL, 1\u0094, FORNECIDA E INSTALADA EM RESERVAÇÃO DE ÁGUA. AF_06/2016",94797,"10.22",58.99,58.99]
[null,null,null,null,null,null,null,null,null,null,"94797 Resultado",null,58.99,58.99]
[null,null,null,null,null,null,null,null,null,"TORNEIRA DE BOIA, ROSCÁVEL, 1\u0094, FORNECIDA E INSTALADA EM RESERVAÇÃO DE ÁGUA. AF_06/2016 Resultado",null,null,58.99,58.99]
[null,null,null,null,null,null,null,null,null,"PROJETO EXECUTIVO ESTRUTURAL PARA PREDIOS CULTURAIS ATE 500M2,CONSIDERANDO O PROJETO BASICO EXISTENTE,APRESENTADO EM AUTOCAD NOS PADROES DA CONTRATANTE,CONSTANDO DE PLANTAS DE FORMA,ARMACAO E DETALHES,DE ACORDO COM A ABNT","01.050.0546-A","1.1",58.06,20611.3]
[null,null,null,null,null,null,null,null,null,null,"01.050.0546-A Resultado",null,58.06,20611.3]
[null,null,null,null,null,null,null,null,null,"PROJETO EXECUTIVO ESTRUTURAL PARA PREDIOS CULTURAIS ATE 500M2,CONSIDERANDO O PROJETO BASICO EXISTENTE,APRESENTADO EM AUTOCAD NOS PADROES DA CONTRATANTE,CONSTANDO DE PLANTAS DE FORMA,ARMACAO E DETALHES,DE ACORDO COM A ABNT Resultado",null,null,58.06,20611.3]
[null,null,null,null,null,null,null,null,null,"VERGA MOLDADA IN LOCO EM CONCRETO PARA PORTAS COM ATÉ 1,5 M DE VÃO. AF_03/2016",93188,"6.5",56.2,798.04]
[null,null,null,null,null,null,null,null,null,null,"93188 Resultado",null,56.2,798.04]
[null,null,null,null,null,null,null,null,null,"VERGA MOLDADA IN LOCO EM CONCRETO PARA PORTAS COM ATÉ 1,5 M DE VÃO. AF_03/2016 Resultado",null,null,56.2,798.04]
[null,null,null,null,null,null,null,null,null,"PINTURA ESMALTE BRILHANTE (2 DEMAOS) SOBRE SUPERFICIE METALICA, INCLUSIVE PROTECAO COM ZARCAO (1 DEMAO)",95468,"12.5",55.13,3291.26]
[null,null,null,null,null,null,null,null,null,null,"95468 Resultado",null,55.13,3291.26]
[null,null,null,null,null,null,null,null,null,"PINTURA ESMALTE BRILHANTE (2 DEMAOS) SOBRE SUPERFICIE METALICA, INCLUSIVE PROTECAO COM ZARCAO (1 DEMAO) Resultado",null,null,55.13,3291.26]
[null,null,null,null,null,null,null,null,null,"ALVENARIA DE VEDAÇÃO DE BLOCOS CERÂMICOS FURADOS NA VERTICAL DE 9X19X39CM (ESPESSURA 9CM) DE PAREDES COM ÁREA LÍQUIDA MAIOR OU IGUAL A 6M² COM VÃOS E ARGAMASSA DE ASSENTAMENTO COM PREPARO MANUAL. AF_06/2014",87490,"7.1",50.5,6247.86]
[null,null,null,null,null,null,null,null,null,null,"87490 Resultado",null,50.5,6247.86]
[null,null,null,null,null,null,null,null,null,"ALVENARIA DE VEDAÇÃO DE BLOCOS CERÂMICOS FURADOS NA VERTICAL DE 9X19X39CM (ESPESSURA 9CM) DE PAREDES COM ÁREA LÍQUIDA MAIOR OU IGUAL A 6M² COM VÃOS E ARGAMASSA DE ASSENTAMENTO COM PREPARO MANUAL. AF_06/2014 Resultado",null,null,50.5,6247.86]
[null,null,null,null,null,null,null,null,null,"PAPELEIRA DE PAREDE EM METAL CROMADO SEM TAMPA, INCLUSO FIXAÇÃO. AF_10/2016",95544,"13.17",47.7,381.6]
[null,null,null,null,null,null,null,null,null,null,"95544 Resultado",null,47.7,381.6]
[null,null,null,null,null,null,null,null,null,"PAPELEIRA DE PAREDE EM METAL CROMADO SEM TAMPA, INCLUSO FIXAÇÃO. AF_10/2016 Resultado",null,null,47.7,381.6]
[null,null,null,null,null,null,null,null,null,"(COMPOSIÇÃO REPRESENTATIVA) DO SERVIÇO DE INSTALAÇÃO DE TUBOS DE PVC, SOLDÁVEL, ÁGUA FRIA, DN 25 MM (INSTALADO EM RAMAL, SUB-RAMAL, RAMAL DE DISTRIBUIÇÃO OU PRUMADA), INCLUSIVE CONEXÕES, CORTES E FIXAÇÕES, PARA PRÉDIOS. AF_10/2015",91785,"10.17",46.32,2802.36]
[null,null,null,null,null,null,null,null,null,null,"91785 Resultado",null,46.32,2802.36]
[null,null,null,null,null,null,null,null,null,"(COMPOSIÇÃO REPRESENTATIVA) DO SERVIÇO DE INSTALAÇÃO DE TUBOS DE PVC, SOLDÁVEL, ÁGUA FRIA, DN 25 MM (INSTALADO EM RAMAL, SUB-RAMAL, RAMAL DE DISTRIBUIÇÃO OU PRUMADA), INCLUSIVE CONEXÕES, CORTES E FIXAÇÕES, PARA PRÉDIOS. AF_10/2015 Resultado",null,null,46.32,2802.36]
[null,null,null,null,null,null,null,null,null,"CUMEEIRA E ESPIGÃO PARA TELHA CERÂMICA EMBOÇADA COM ARGAMASSA TRAÇO 1:2:9 (CIMENTO, CAL E AREIA), PARA TELHADOS COM MAIS DE 2 ÁGUAS, INCLUSO TRANSPORTE VERTICAL. AF_06/2016",94219,"11.5",43.27,1657.67]
[null,null,null,null,null,null,null,null,null,null,"94219 Resultado",null,43.27,1657.67]
[null,null,null,null,null,null,null,null,null,"CUMEEIRA E ESPIGÃO PARA TELHA CERÂMICA EMBOÇADA COM ARGAMASSA TRAÇO 1:2:9 (CIMENTO, CAL E AREIA), PARA TELHADOS COM MAIS DE 2 ÁGUAS, INCLUSO TRANSPORTE VERTICAL. AF_06/2016 Resultado",null,null,43.27,1657.67]
[null,null,null,null,null,null,null,null,null,"(COMPOSIÇÃO REPRESENTATIVA) DO SERVIÇO DE INST. TUBO PVC, SÉRIE N, ESGOTO PREDIAL, DN 75 MM, (INST. EM RAMAL DE DESCARGA, RAMAL DE ESG. SANITÁRIO, PRUMADA DE ESG. SANITÁRIO OU VENTILAÇÃO), INCL. CONEXÕES, CORTES E FIXAÇÕES, P/ PRÉDIOS. AF_10/2015",91794,"10.10",38.99,637.48]
[null,null,null,null,null,null,null,null,null,null,"91794 Resultado",null,38.99,637.48]
[null,null,null,null,null,null,null,null,null,"(COMPOSIÇÃO REPRESENTATIVA) DO SERVIÇO DE INST. TUBO PVC, SÉRIE N, ESGOTO PREDIAL, DN 75 MM, (INST. EM RAMAL DE DESCARGA, RAMAL DE ESG. SANITÁRIO, PRUMADA DE ESG. SANITÁRIO OU VENTILAÇÃO), INCL. CONEXÕES, CORTES E FIXAÇÕES, P/ PRÉDIOS. AF_10/2015 Resultado",null,null,38.99,637.48]
[null,null,null,null,null,null,null,null,null,"PINTURA COM TINTA ACRILICA,ANTIFUNGO/BACTERICIDA,PARA AMBIENTES INTERNOS E EXTERNOS PROPENSOS A UMIDADE E VAPORES,EM DUAS DEMAOS,SOBRE SELADOR ACRILICO E DUAS DEMAOS DE MASSA ACRILICA,INCLUSIVE LIMPEZA E LIXAMENTO","17.025.0005-B","12.4",38.61,29311.55]
[null,null,null,null,null,null,null,null,null,null,"17.025.0005-B Resultado",null,38.61,29311.55]
[null,null,null,null,null,null,null,null,null,"PINTURA COM TINTA ACRILICA,ANTIFUNGO/BACTERICIDA,PARA AMBIENTES INTERNOS E EXTERNOS PROPENSOS A UMIDADE E VAPORES,EM DUAS DEMAOS,SOBRE SELADOR ACRILICO E DUAS DEMAOS DE MASSA ACRILICA,INCLUSIVE LIMPEZA E LIXAMENTO Resultado",null,null,38.61,29311.55]
[null,null,null,null,null,null,null,null,null,"RUFO EM CHAPA DE AÇO GALVANIZADO NÚMERO 24, CORTE DE 25 CM, INCLUSO TRANSPORTE VERTICAL. AF_06/2016",94231,"11.6",37.94,455.28]
[null,null,null,null,null,null,null,null,null,null,"94231 Resultado",null,37.94,455.28]
[null,null,null,null,null,null,null,null,null,"RUFO EM CHAPA DE AÇO GALVANIZADO NÚMERO 24, CORTE DE 25 CM, INCLUSO TRANSPORTE VERTICAL. AF_06/2016 Resultado",null,null,37.94,455.28]
[null,null,null,null,null,null,null,null,null,"RODAPE COM CERAMICA EM PORCELANATO NATURAL,COM 7,5 A 10CM DE ALTURA,ASSENTES CONFORME ITEM 13.025.0058","13.331.0051-A","8.11",37.89,6247.3]
[null,null,null,null,null,null,null,null,null,null,"13.331.0051-A Resultado",null,37.89,6247.3]
[null,null,null,null,null,null,null,null,null,"RODAPE COM CERAMICA EM PORCELANATO NATURAL,COM 7,5 A 10CM DE ALTURA,ASSENTES CONFORME ITEM 13.025.0058 Resultado",null,null,37.89,6247.3]
[null,null,null,null,null,null,null,null,null,"REATERRO MANUAL DE VALAS COM COMPACTAÇÃO MECANIZADA. AF_04/2016",93382,"3.3",37.11,1615.02]
[null,null,null,null,null,null,null,null,null,null,"93382 Resultado",null,37.11,1615.02]
[null,null,null,null,null,null,null,null,null,"REATERRO MANUAL DE VALAS COM COMPACTAÇÃO MECANIZADA. AF_04/2016 Resultado",null,null,37.11,1615.02]
[null,null,null,null,null,null,null,null,null,"PORTA PAPEL HIGIENICO EM PLASTICO ABS.FORNECIMENTRO E COLOCACAO","18.005.0013-A","13.18",36.56,365.6]
[null,null,null,null,null,null,null,null,null,null,"18.005.0013-A Resultado",null,36.56,365.6]
[null,null,null,null,null,null,null,null,null,"PORTA PAPEL HIGIENICO EM PLASTICO ABS.FORNECIMENTRO E COLOCACAO Resultado",null,null,36.56,365.6]
[null,null,null,null,null,null,null,null,null,"REMOCAO DE COBERTURA EM TELHAS COLONIAIS,INCLUSIVE MADEIRAMENTO,MEDIDO O CONJUNTO PELA AREA REAL DE COBERTURA","05.001.0050-A","5.6",33.74,5542.8]
[null,null,null,null,null,null,null,null,null,null,"05.001.0050-A Resultado",null,33.74,5542.8]
[null,null,null,null,null,null,null,null,null,"REMOCAO DE COBERTURA EM TELHAS COLONIAIS,INCLUSIVE MADEIRAMENTO,MEDIDO O CONJUNTO PELA AREA REAL DE COBERTURA Resultado",null,null,33.74,5542.8]
[null,null,null,null,null,null,null,null,null,"PREPARO DE SUPERFICIES NOVAS,COM REVESTIMENTO LISO INTERNO OU EXTERNO,INCLUSIVE UMA DEMAO DE SELADOR ACRILICO,DUAS DEMAOS DE MASSA ACRILICA E LIXAMENTOS NECESSARIOS","17.018.0060-A","12.1",33.11,40628.94]
[null,null,null,null,null,null,null,null,null,null,"17.018.0060-A Resultado",null,33.11,40628.94]
[null,null,null,null,null,null,null,null,null,"PREPARO DE SUPERFICIES NOVAS,COM REVESTIMENTO LISO INTERNO OU EXTERNO,INCLUSIVE UMA DEMAO DE SELADOR ACRILICO,DUAS DEMAOS DE MASSA ACRILICA E LIXAMENTOS NECESSARIOS Resultado",null,null,33.11,40628.94]
[null,null,null,null,null,null,null,null,null,"PINTURA ESMALTE BRILHANTE PARA MADEIRA, DUAS DEMAOS, SOBRE FUNDO NIVELADOR BRANCO","74065/3","12.6",32.95,1951.29]
[null,null,null,null,null,null,null,null,null,null,"74065/3 Resultado",null,32.95,1951.29]
[null,null,null,null,null,null,null,null,null,"PINTURA ESMALTE BRILHANTE PARA MADEIRA, DUAS DEMAOS, SOBRE FUNDO NIVELADOR BRANCO Resultado",null,null,32.95,1951.29]
[null,null,null,null,null,null,null,null,null,"DISJUNTOR TERMOMAGNETICO MONOPOLAR PADRAO NEMA (AMERICANO) 35 A 50A 240V, FORNECIMENTO E INSTALACAO","74130/2","10.43",27.55,55.1]
[null,null,null,null,null,null,null,null,null,null,"74130/2 Resultado",null,27.55,55.1]
[null,null,null,null,null,null,null,null,null,"DISJUNTOR TERMOMAGNETICO MONOPOLAR PADRAO NEMA (AMERICANO) 35 A 50A 240V, FORNECIMENTO E INSTALACAO Resultado",null,null,27.55,55.1]
[null,null,null,null,null,null,null,null,null,"FITA LED BRANCO QUENTE 5 METROS + FONTE","COTAÇÃO 01","10.32",27.49,659.76]
[null,null,null,null,null,null,null,null,null,null,"COTAÇÃO 01 Resultado",null,27.49,659.76]
[null,null,null,null,null,null,null,null,null,"FITA LED BRANCO QUENTE 5 METROS + FONTE Resultado",null,null,27.49,659.76]
[null,null,null,null,null,null,null,null,null,"(COMPOSIÇÃO REPRESENTATIVA) DO SERVIÇO DE INSTALAÇÃO TUBOS DE PVC, SOLDÁVEL, ÁGUA FRIA, DN 32 MM (INSTALADO EM RAMAL, SUB-RAMAL, RAMAL DE DISTRIBUIÇÃO OU PRUMADA), INCLUSIVE CONEXÕES, CORTES E FIXAÇÕES, PARA PRÉDIOS. AF_10/2015",91786,"10.18",27.01,896.73]
[null,null,null,null,null,null,null,null,null,null,"91786 Resultado",null,27.01,896.73]
[null,null,null,null,null,null,null,null,null,"(COMPOSIÇÃO REPRESENTATIVA) DO SERVIÇO DE INSTALAÇÃO TUBOS DE PVC, SOLDÁVEL, ÁGUA FRIA, DN 32 MM (INSTALADO EM RAMAL, SUB-RAMAL, RAMAL DE DISTRIBUIÇÃO OU PRUMADA), INCLUSIVE CONEXÕES, CORTES E FIXAÇÕES, PARA PRÉDIOS. AF_10/2015 Resultado",null,null,27.01,896.73]
[null,null,null,null,null,null,null,null,null,"TRANSPORTE DE CONTAINER,SEGUNDO DESCRICAO DA FAMILIA 02.006,EXCLUSIVE CARGA E DESCARGA(VIDE ITEM 04.013.0015)","04.005.0300-A","2.8",26.65,1066]
[null,null,null,null,null,null,null,null,null,null,"04.005.0300-A Resultado",null,26.65,1066]
[null,null,null,null,null,null,null,null,null,"TRANSPORTE DE CONTAINER,SEGUNDO DESCRICAO DA FAMILIA 02.006,EXCLUSIVE CARGA E DESCARGA(VIDE ITEM 04.013.0015) Resultado",null,null,26.65,1066]
[null,null,null,null,null,null,null,null,null,"MONTAGEM E DESMONTAGEM DE ANDAIME TUBULAR TIPO \u0093TORRE\u0094 (EXCLUSIVE ANDAIME E LIMPEZA). AF_11/2017",97064,"5.9",26.56,2146.04]
[null,null,null,null,null,null,null,null,null,null,"97064 Resultado",null,26.56,2146.04]
[null,null,null,null,null,null,null,null,null,"MONTAGEM E DESMONTAGEM DE ANDAIME TUBULAR TIPO \u0093TORRE\u0094 (EXCLUSIVE ANDAIME E LIMPEZA). AF_11/2017 Resultado",null,null,26.56,2146.04]
[null,null,null,null,null,null,null,null,null,"(COMPOSIÇÃO REPRESENTATIVA) DO SERVIÇO DE INSTALAÇÃO DE TUBOS DE PVC, SOLDÁVEL, ÁGUA FRIA, DN 40 MM (INSTALADO EM PRUMADA), INCLUSIVE CONEXÕES, CORTES E FIXAÇÕES, PARA PRÉDIOS. AF_10/2015",91787,"10.19",26.27,141.85]
[null,null,null,null,null,null,null,null,null,null,"91787 Resultado",null,26.27,141.85]
[null,null,null,null,null,null,null,null,null,"(COMPOSIÇÃO REPRESENTATIVA) DO SERVIÇO DE INSTALAÇÃO DE TUBOS DE PVC, SOLDÁVEL, ÁGUA FRIA, DN 40 MM (INSTALADO EM PRUMADA), INCLUSIVE CONEXÕES, CORTES E FIXAÇÕES, PARA PRÉDIOS. AF_10/2015 Resultado",null,null,26.27,141.85]
[null,null,null,null,null,null,null,null,null,"PINTURA EM VERNIZ SINTETICO BRILHANTE EM MADEIRA, TRES DEMAOS",6082,"12.7",23.97,1586.33]
[null,null,null,null,null,null,null,null,null,null,"6082 Resultado",null,23.97,1586.33]
[null,null,null,null,null,null,null,null,null,"PINTURA EM VERNIZ SINTETICO BRILHANTE EM MADEIRA, TRES DEMAOS Resultado",null,null,23.97,1586.33]
[null,null,null,null,null,null,null,null,null,"ARRANCAMENTO DE PORTAS,JANELAS E CAIXILHOS DE AR CONDICIONADO OU OUTROS","05.001.0134-A","5.4",23.52,329.28]
[null,null,null,null,null,null,null,null,null,null,"05.001.0134-A Resultado",null,23.52,329.28]
[null,null,null,null,null,null,null,null,null,"ARRANCAMENTO DE PORTAS,JANELAS E CAIXILHOS DE AR CONDICIONADO OU OUTROS Resultado",null,null,23.52,329.28]
[null,null,null,null,null,null,null,null,null,"TRANSPORTE HORIZONTAL DE MATERIAL DE 1ªCATEGORIA OU ENTULHO,EM CARRINHOS,A 20,00M DE DISTANCIA,INCLUSIVE CARGA A PA","05.001.0171-A","4.1",23.29,2265.18]
[null,null,null,null,null,null,null,null,null,null,"05.001.0171-A Resultado",null,23.29,2265.18]
[null,null,null,null,null,null,null,null,null,"TRANSPORTE HORIZONTAL DE MATERIAL DE 1ªCATEGORIA OU ENTULHO,EM CARRINHOS,A 20,00M DE DISTANCIA,INCLUSIVE CARGA A PA Resultado",null,null,23.29,2265.18]
[null,null,null,null,null,null,null,null,null,"DISJUNTOR TERMOMAGNETICO MONOPOLAR PADRAO NEMA (AMERICANO) 10 A 30A 240V, FORNECIMENTO E INSTALACAO","74130/1","10.42",18,234]
[null,null,null,null,null,null,null,null,null,null,"74130/1 Resultado",null,18,234]
[null,null,null,null,null,null,null,null,null,"DISJUNTOR TERMOMAGNETICO MONOPOLAR PADRAO NEMA (AMERICANO) 10 A 30A 240V, FORNECIMENTO E INSTALACAO Resultado",null,null,18,234]
[null,null,null,null,null,null,null,null,null,"ARRANCAMENTO DE GRADES,GRADIS,ALAMBRADOS,CERCAS E PORTOES","05.001.0147-A","5.5",16.63,468.96]
[null,null,null,null,null,null,null,null,null,null,"05.001.0147-A Resultado",null,16.63,468.96]
[null,null,null,null,null,null,null,null,null,"ARRANCAMENTO DE GRADES,GRADIS,ALAMBRADOS,CERCAS E PORTOES Resultado",null,null,16.63,468.96]
[null,null,null,null,null,null,null,null,null,"RALO SIFONADO, PVC, DN 100 X 40 MM, JUNTA SOLDÁVEL, FORNECIDO E INSTALADO EM RAMAL DE DESCARGA OU EM RAMAL DE ESGOTO SANITÁRIO. AF_12/2014",89709,"10.6",13.72,109.76]
[null,null,null,null,null,null,null,null,null,null,"89709 Resultado",null,13.72,109.76]
[null,null,null,null,null,null,null,null,null,"RALO SIFONADO, PVC, DN 100 X 40 MM, JUNTA SOLDÁVEL, FORNECIDO E INSTALADO EM RAMAL DE DESCARGA OU EM RAMAL DE ESGOTO SANITÁRIO. AF_12/2014 Resultado",null,null,13.72,109.76]
[null,null,null,null,null,null,null,null,null,"APLICAÇÃO MANUAL DE PINTURA COM TINTA LÁTEX PVA EM TETO, DUAS DEMÃOS. AF_06/2014",88486,"12.3",13.65,1445.26]
[null,null,null,null,null,null,null,null,null,null,"88486 Resultado",null,13.65,1445.26]
[null,null,null,null,null,null,null,null,null,"APLICAÇÃO MANUAL DE PINTURA COM TINTA LÁTEX PVA EM TETO, DUAS DEMÃOS. AF_06/2014 Resultado",null,null,13.65,1445.26]
[null,null,null,null,null,null,null,null,null,"ELETRODUTO PEAD CORRUGADO 6\" (150MM)","COTAÇÃO 03","10.46",13.46,67.3]
[null,null,null,null,null,null,null,null,null,null,"COTAÇÃO 03 Resultado",null,13.46,67.3]
[null,null,null,null,null,null,null,null,null,"ELETRODUTO PEAD CORRUGADO 6\" (150MM) Resultado",null,null,13.46,67.3]
[null,null,null,null,null,null,null,null,null,"RALO SECO, PVC, DN 100 X 40 MM, JUNTA SOLDÁVEL, FORNECIDO E INSTALADO EM RAMAL DE DESCARGA OU EM RAMAL DE ESGOTO SANITÁRIO. AF_12/2014",89710,"10.7",13.44,13.44]
[null,null,null,null,null,null,null,null,null,null,"89710 Resultado",null,13.44,13.44]
[null,null,null,null,null,null,null,null,null,"RALO SECO, PVC, DN 100 X 40 MM, JUNTA SOLDÁVEL, FORNECIDO E INSTALADO EM RAMAL DE DESCARGA OU EM RAMAL DE ESGOTO SANITÁRIO. AF_12/2014 Resultado",null,null,13.44,13.44]
[null,null,null,null,null,null,null,null,null,"PROJETO EXECUTIVO DE INSTALACAO ELETRICA,CONSIDERANDO O PROJETO BASICO EXISTENTE,PARA PREDIOS CULTURAIS ATE 3000M2,APRESENTADO EM AUTOCAD,INCLUSIVE AS LEGALIZACOES PERTINENTES","01.050.0518-A","1.3",12.32,4373.6]
[null,null,null,null,null,null,null,null,null,null,"01.050.0518-A Resultado",null,12.32,4373.6]
[null,null,null,null,null,null,null,null,null,"PROJETO EXECUTIVO DE INSTALACAO ELETRICA,CONSIDERANDO O PROJETO BASICO EXISTENTE,PARA PREDIOS CULTURAIS ATE 3000M2,APRESENTADO EM AUTOCAD,INCLUSIVE AS LEGALIZACOES PERTINENTES Resultado",null,null,12.32,4373.6]
[null,null,null,null,null,null,null,null,null,"APLICAÇÃO MANUAL DE PINTURA COM TINTA LÁTEX PVA EM PAREDES, DUAS DEMÃOS. AF_06/2014",88487,"12.2",12.08,13544.21]
[null,null,null,null,null,null,null,null,null,null,"88487 Resultado",null,12.08,13544.21]
[null,null,null,null,null,null,null,null,null,"APLICAÇÃO MANUAL DE PINTURA COM TINTA LÁTEX PVA EM PAREDES, DUAS DEMÃOS. AF_06/2014 Resultado",null,null,12.08,13544.21]
[null,null,null,null,null,null,null,null,null,"DEMOLICAO MANUAL DE PISO CIMENTADO E DA RESPECTIVA BASE DE CONCRETO,OU PASSEIO DE CONCRETO,INCLUSIVE EMPILHAMENTO LATERAL DENTRO DO CANTEIRO DE SERVICO","05.001.0018-A","5.3",11.65,1661.29]
[null,null,null,null,null,null,null,null,null,null,"05.001.0018-A Resultado",null,11.65,1661.29]
[null,null,null,null,null,null,null,null,null,"DEMOLICAO MANUAL DE PISO CIMENTADO E DA RESPECTIVA BASE DE CONCRETO,OU PASSEIO DE CONCRETO,INCLUSIVE EMPILHAMENTO LATERAL DENTRO DO CANTEIRO DE SERVICO Resultado",null,null,11.65,1661.29]
[null,null,null,null,null,null,null,null,null,"ANDAIME DE TABUADO SOBRE CAVALETES,INCLUSIVE ESTES,EM MADEIRA DE 1ª,COM APROVEITAMENTO DA MADEIRA 20 VEZES,INCLUSIVE MOVIMENTACAO","05.005.0005-B","5.7",11.5,8835.68]
[null,null,null,null,null,null,null,null,null,null,"05.005.0005-B Resultado",null,11.5,8835.68]
[null,null,null,null,null,null,null,null,null,"ANDAIME DE TABUADO SOBRE CAVALETES,INCLUSIVE ESTES,EM MADEIRA DE 1ª,COM APROVEITAMENTO DA MADEIRA 20 VEZES,INCLUSIVE MOVIMENTACAO Resultado",null,null,11.5,8835.68]
[null,null,null,null,null,null,null,null,null,"ESCAVAÇÃO MECANIZADA DE VALA COM PROF. MAIOR QUE 1,5 M ATÉ 3,0 M (MÉDIA ENTRE MONTANTE E JUSANTE/UMA COMPOSIÇÃO POR TRECHO), COM ESCAVADEIRA HIDRÁULICA (0,8 M3/111 HP), LARGURA ATÉ 1,5 M, EM SOLO DE 1A CATEGORIA, EM LOCAIS COM ALTO NÍVEL DE INTERFERÊNCIA. AF_01/2015",90084,"3.1",10.38,248.49]
[null,null,null,null,null,null,null,null,null,null,"90084 Resultado",null,10.38,248.49]
[null,null,null,null,null,null,null,null,null,"ESCAVAÇÃO MECANIZADA DE VALA COM PROF. MAIOR QUE 1,5 M ATÉ 3,0 M (MÉDIA ENTRE MONTANTE E JUSANTE/UMA COMPOSIÇÃO POR TRECHO), COM ESCAVADEIRA HIDRÁULICA (0,8 M3/111 HP), LARGURA ATÉ 1,5 M, EM SOLO DE 1A CATEGORIA, EM LOCAIS COM ALTO NÍVEL DE INTERFERÊNCIA. AF_01/2015 Resultado",null,null,10.38,248.49]
[null,null,null,null,null,null,null,null,null,"COLOCAÇÃO DE TELA EM ANDAIME FACHADEIRO. AF_11/2017",97062,"5.12",7.23,5085.36]
[null,null,null,null,null,null,null,null,null,null,"97062 Resultado",null,7.23,5085.36]
[null,null,null,null,null,null,null,null,null,"COLOCAÇÃO DE TELA EM ANDAIME FACHADEIRO. AF_11/2017 Resultado",null,null,7.23,5085.36]
[null,null,null,null,null,null,null,null,null,"IMUNIZACAO DE MADEIRAMENTO PARA COBERTURA UTILIZANDO CUPINICIDA INCOLOR",55960,"11.1",7.14,2345.91]
[null,null,null,null,null,null,null,null,null,null,"55960 Resultado",null,7.14,2345.91]
[null,null,null,null,null,null,null,null,null,"IMUNIZACAO DE MADEIRAMENTO PARA COBERTURA UTILIZANDO CUPINICIDA INCOLOR Resultado",null,null,7.14,2345.91]
[null,null,null,null,null,null,null,null,null,"PROJETO EXECUTIVO DE INSTALACAO HIDRAULICA,CONSIDERANDO O PROJETO BASICO EXISTENTE,PARA PREDIOS CULTURAIS,APRESENTADO EM AUTOCAD,INCLUSIVE AS LEGALIZACOES PERTINENTES","01.050.0481-A","1.2",6.17,2190.35]
[null,null,null,null,null,null,null,null,null,null,"01.050.0481-A Resultado",null,6.17,2190.35]
[null,null,null,null,null,null,null,null,null,"PROJETO EXECUTIVO DE INSTALACAO HIDRAULICA,CONSIDERANDO O PROJETO BASICO EXISTENTE,PARA PREDIOS CULTURAIS,APRESENTADO EM AUTOCAD,INCLUSIVE AS LEGALIZACOES PERTINENTES Resultado",null,null,6.17,2190.35]
[null,null,null,null,null,null,null,null,null,"PROJETO EXECUTIVO DE SISTEMA DE AR CONDICIONADO E EXAUSTAO MECANICA,CONSIDERANDO O PROJETO BASICO EXISTENTE,EM AUTOCAD,PARA PREDIOS COM AREA ATE 500M2","01.050.0530-A","1.5",5.64,2002.2]
[null,null,null,null,null,null,null,null,null,null,"01.050.0530-A Resultado",null,5.64,2002.2]
[null,null,null,null,null,null,null,null,null,"PROJETO EXECUTIVO DE SISTEMA DE AR CONDICIONADO E EXAUSTAO MECANICA,CONSIDERANDO O PROJETO BASICO EXISTENTE,EM AUTOCAD,PARA PREDIOS COM AREA ATE 500M2 Resultado",null,null,5.64,2002.2]
[null,null,null,null,null,null,null,null,null,"ALUGUEL DE ANDAIME COM ELEMENTOS TUBULARES(FACHADEIRO)SOBRESAPATAS FIXAS,CONSIDERANDO-SE A AREA DA PROJECAO VERTICAL DO ANDAIME E PAGO PELO TEMPO NECESSARIO A SUA UTILIZACAO,EXCLUSIVE TRANSPORTE DOS ELEMENTOS DO ANDAIME ATE A OBRA,PLATAFORMA OU PASSARELA DE PINHO,MONTAGEM E DESMONTAGEM DOS ANDAIMES","05.006.0001-B","5.8",5.15,7244.71]
[null,null,null,null,null,null,null,null,null,null,"05.006.0001-B Resultado",null,5.15,7244.71]
[null,null,null,null,null,null,null,null,null,"ALUGUEL DE ANDAIME COM ELEMENTOS TUBULARES(FACHADEIRO)SOBRESAPATAS FIXAS,CONSIDERANDO-SE A AREA DA PROJECAO VERTICAL DO ANDAIME E PAGO PELO TEMPO NECESSARIO A SUA UTILIZACAO,EXCLUSIVE TRANSPORTE DOS ELEMENTOS DO ANDAIME ATE A OBRA,PLATAFORMA OU PASSARELA DE PINHO,MONTAGEM E DESMONTAGEM DOS ANDAIMES Resultado",null,null,5.15,7244.71]
[null,null,null,null,null,null,null,null,null,"CARGA E DESCARGA MECANIZADAS DE ENTULHO EM CAMINHAO BASCULANTE 6 M3",72898,"4.2",5.04,338.83]
[null,null,null,null,null,null,null,null,null,null,"72898 Resultado",null,5.04,338.83]
[null,null,null,null,null,null,null,null,null,"CARGA E DESCARGA MECANIZADAS DE ENTULHO EM CAMINHAO BASCULANTE 6 M3 Resultado",null,null,5.04,338.83]
[null,null,null,null,null,null,null,null,null,"ACABAMENTOS PARA FORRO (MOLDURA DE GESSO). AF_05/2017",96120,"8.5",3.76,706.05]
[null,null,null,null,null,null,null,null,null,null,"96120 Resultado",null,3.76,706.05]
[null,null,null,null,null,null,null,null,null,"ACABAMENTOS PARA FORRO (MOLDURA DE GESSO). AF_05/2017 Resultado",null,null,3.76,706.05]
[null,null,null,null,null,null,null,null,null,"PROJETO EXECUTIVO DE INSTALACAO DE ESGOTO SANITARIO E AGUASPLUVIAIS,CONSIDERANDO O PROJETO BASICO EXISTENTE,PARA PREDIOS CULTURAIS,APRESENTADO EM AUTOCAD,INCLUSIVE AS LEGALIZACOES PERTINENTES","01.050.0455-A","1.4",3.4,1207]
[null,null,null,null,null,null,null,null,null,null,"01.050.0455-A Resultado",null,3.4,1207]
[null,null,null,null,null,null,null,null,null,"PROJETO EXECUTIVO DE INSTALACAO DE ESGOTO SANITARIO E AGUASPLUVIAIS,CONSIDERANDO O PROJETO BASICO EXISTENTE,PARA PREDIOS CULTURAIS,APRESENTADO EM AUTOCAD,INCLUSIVE AS LEGALIZACOES PERTINENTES Resultado",null,null,3.4,1207]
[null,null,null,null,null,null,null,null,null,"TRANSPORTE COMERCIAL COM CAMINHAO CARROCERIA 9 T, RODOVIA PAVIMENTADA",72884,"4.3",1.11,1492.96]
[null,null,null,null,null,null,null,null,null,null,"72884 Resultado",null,1.11,1492.96]
[null,null,null,null,null,null,null,null,null,"TRANSPORTE COMERCIAL COM CAMINHAO CARROCERIA 9 T, RODOVIA PAVIMENTADA Resultado",null,null,1.11,1492.96]
[null,null,null,null,null,null,null,null,null,"CARGA E DESCARGA MANUAL DE ANDAIME TUBULAR,INCLUSIVE TEMPO DE ESPERA DO CAMINHAO,CONSIDERANDO-SE A AREA DE PROJECAO VERTICAL","04.021.0010-A","5.11",0.79,555.66]
[null,null,null,null,null,null,null,null,null,null,"04.021.0010-A Resultado",null,0.79,555.66]
[null,null,null,null,null,null,null,null,null,"CARGA E DESCARGA MANUAL DE ANDAIME TUBULAR,INCLUSIVE TEMPO DE ESPERA DO CAMINHAO,CONSIDERANDO-SE A AREA DE PROJECAO VERTICAL Resultado",null,null,0.79,555.66]
[null,null,null,null,null,null,null,null,null,"TRANSPORTE DE ANDAIME TUBULAR,CONSIDERANDO-SE A AREA DE PROJECAO VERTICAL DO ANDAIME,EXCLUSIVE CARGA,DESCARGA E TEMPO DE ESPERA DO CAMINHAO(VIDE ITEM 04.021.0010)","04.020.0122-A","5.10",0.14,1969.43]
[null,null,null,null,null,null,null,null,null,null,"04.020.0122-A Resultado",null,0.14,1969.43]
[null,null,null,null,null,null,null,null,null,"TRANSPORTE DE ANDAIME TUBULAR,CONSIDERANDO-SE A AREA DE PROJECAO VERTICAL DO ANDAIME,EXCLUSIVE CARGA,DESCARGA E TEMPO DE ESPERA DO CAMINHAO(VIDE ITEM 04.021.0010) Resultado",null,null,0.14,1969.43]
[null,null,null,null,null,null,null,null,null,"Total Resultado",null,null,164316.88,1180493.5]

{"sheet":"SINAPI 01-2019","index":10,"n_rows":6388,"n_cols":4,"rows_kept":6388,"cut":false,"hidden":false,"merged":[[0,0,0,3],[1,0,1,3],[2,0,2,3]]}
["PCI.817.01 - CUSTO DE COMPOSIÇÕES - SINTÉTICO                                               DATA DE EMISSÃO: 14/02/2019 23:33:51            DATA DE RT: 13/02/2019"]
["ENCARGOS SOCIAIS DESONERADOS: 87,18%(HORA)   49,39%(MÊS)"]
["ABRANGÊNCIA : NACIONAL                                              LOCALIDADE  : RIO DE JANEIRO                                                                                                      DATA DE PREÇO   : 01/2019 REFERÊNCIA COLETA : MEDIANO"]
[]
["CODIGO  DA COMPOSICAO","DESCRICAO DA COMPOSICAO","UNIDADE","CUSTO TOTAL"]
[]
[97141,"ASSENTAMENTO DE TUBO DE FERRO FUNDIDO PARA REDE DE ÁGUA, DN 80 MM, JUNTA ELÁSTICA, INSTALADO EM LOCAL COM NÍVEL ALTO DE INTERFERÊNCIAS (NÃO INCLUI FORNECIMENTO). AF_11/2017","M",6.9]
[97142,"ASSENTAMENTO DE TUBO DE FERRO FUNDIDO PARA REDE DE ÁGUA, DN 100 MM, JUNTA ELÁSTICA, INSTALADO EM LOCAL COM NÍVEL ALTO DE INTERFERÊNCIAS (NÃO INCLUI FORNECIMENTO). AF_11/2017","M",7.72]
[97143,"ASSENTAMENTO DE TUBO DE FERRO FUNDIDO PARA REDE DE ÁGUA, DN 150 MM, JUNTA ELÁSTICA, INSTALADO EM LOCAL COM NÍVEL ALTO DE INTERFERÊNCIAS (NÃO INCLUI FORNECIMENTO). AF_11/2017","M",9.79]
[97144,"ASSENTAMENTO DE TUBO DE FERRO FUNDIDO PARA REDE DE ÁGUA, DN 200 MM, JUNTA ELÁSTICA, INSTALADO EM LOCAL COM NÍVEL ALTO DE INTERFERÊNCIAS (NÃO INCLUI FORNECIMENTO). AF_11/2017","M",11.83]
[97145,"ASSENTAMENTO DE TUBO DE FERRO FUNDIDO PARA REDE DE ÁGUA, DN 250 MM, JUNTA ELÁSTICA, INSTALADO EM LOCAL COM NÍVEL ALTO DE INTERFERÊNCIAS (NÃO INCLUI FORNECIMENTO). AF_11/2017","M",13.91]
[97146,"ASSENTAMENTO DE TUBO DE FERRO FUNDIDO PARA REDE DE ÁGUA, DN 300 MM, JUNTA ELÁSTICA, INSTALADO EM LOCAL COM NÍVEL ALTO DE INTERFERÊNCIAS (NÃO INCLUI FORNECIMENTO). AF_11/2017","M",15.98]
[97147,"ASSENTAMENTO DE TUBO DE FERRO FUNDIDO PARA REDE DE ÁGUA, DN 350 MM, JUNTA ELÁSTICA, INSTALADO EM LOCAL COM NÍVEL ALTO DE INTERFERÊNCIAS (NÃO INCLUI FORNECIMENTO). AF_11/2017","M",18.06]
[97148,"ASSENTAMENTO DE TUBO DE FERRO FUNDIDO PARA REDE DE ÁGUA, DN 400 MM, JUNTA ELÁSTICA, INSTALADO EM LOCAL COM NÍVEL ALTO DE INTERFERÊNCIAS (NÃO INCLUI FORNECIMENTO). AF_11/2017","M",20.13]
[97149,"ASSENTAMENTO DE TUBO DE FERRO FUNDIDO PARA REDE DE ÁGUA, DN 450 MM, JUNTA ELÁSTICA, INSTALADO EM LOCAL COM NÍVEL ALTO DE INTERFERÊNCIAS (NÃO INCLUI FORNECIMENTO). AF_11/2017","M",22.22]
[97150,"ASSENTAMENTO DE TUBO DE FERRO FUNDIDO PARA REDE DE ÁGUA, DN 500 MM, JUNTA ELÁSTICA, INSTALADO EM LOCAL COM NÍVEL ALTO DE INTERFERÊNCIAS (NÃO INCLUI FORNECIMENTO). AF_11/2017","M",26.71]
[97151,"ASSENTAMENTO DE TUBO DE FERRO FUNDIDO PARA REDE DE ÁGUA, DN 600 MM, JUNTA ELÁSTICA, INSTALADO EM LOCAL COM NÍVEL ALTO DE INTERFERÊNCIAS (NÃO INCLUI FORNECIMENTO). AF_11/2017","M",31.22]
[97152,"ASSENTAMENTO DE TUBO DE FERRO FUNDIDO PARA REDE DE ÁGUA, DN 700 MM, JUNTA ELÁSTICA, INSTALADO EM LOCAL COM NÍVEL ALTO DE INTERFERÊNCIAS (NÃO INCLUI FORNECIMENTO). AF_11/2017","M",35.59]
[97153,"ASSENTAMENTO DE TUBO DE FERRO FUNDIDO PARA REDE DE ÁGUA, DN 800 MM, JUNTA ELÁSTICA, INSTALADO EM LOCAL COM NÍVEL ALTO DE INTERFERÊNCIAS (NÃO INCLUI FORNECIMENTO). AF_11/2017","M",40.05]
[97154,"ASSENTAMENTO DE TUBO DE FERRO FUNDIDO PARA REDE DE ÁGUA, DN 900 MM, JUNTA ELÁSTICA, INSTALADO EM LOCAL COM NÍVEL ALTO DE INTERFERÊNCIAS (NÃO INCLUI FORNECIMENTO). AF_11/2017","M",44.53]
[97155,"ASSENTAMENTO DE TUBO DE FERRO FUNDIDO PARA REDE DE ÁGUA, DN 1000 MM, JUNTA ELÁSTICA, INSTALADO EM LOCAL COM NÍVEL ALTO DE INTERFERÊNCIAS (NÃO INCLUI FORNECIMENTO). AF_11/2017","M",49.01]
[97156,"ASSENTAMENTO DE TUBO DE FERRO FUNDIDO PARA REDE DE ÁGUA, DN 1200 MM, JUNTA ELÁSTICA, INSTALADO EM LOCAL COM NÍVEL ALTO DE INTERFERÊNCIAS (NÃO INCLUI FORNECIMENTO). AF_11/2017","M",58.22]
[97157,"ASSENTAMENTO DE TUBO DE FERRO FUNDIDO PARA REDE DE ÁGUA, DN 80 MM, JUNTA ELÁSTICA, INSTALADO EM LOCAL COM NÍVEL BAIXO DE INTERFERÊNCIAS (NÃO INCLUI FORNECIMENTO). AF_11/2017","M",4.18]
[97158,"ASSENTAMENTO DE TUBO DE FERRO FUNDIDO PARA REDE DE ÁGUA, DN 100 MM, JUNTA ELÁSTICA, INSTALADO EM LOCAL COM NÍVEL BAIXO DE INTERFERÊNCIAS (NÃO INCLUI FORNECIMENTO). AF_11/2017","M",4.68]
[97159,"ASSENTAMENTO DE TUBO DE FERRO FUNDIDO PARA REDE DE ÁGUA, DN 150 MM, JUNTA ELÁSTICA, INSTALADO EM LOCAL COM NÍVEL BAIXO DE INTERFERÊNCIAS (NÃO INCLUI FORNECIMENTO). AF_11/2017","M",5.94]
[97160,"ASSENTAMENTO DE TUBO DE FERRO FUNDIDO PARA REDE DE ÁGUA, DN 200 MM, JUNTA ELÁSTICA, INSTALADO EM LOCAL COM NÍVEL BAIXO DE INTERFERÊNCIAS (NÃO INCLUI FORNECIMENTO). AF_11/2017","M",7.18]
[97161,"ASSENTAMENTO DE TUBO DE FERRO FUNDIDO PARA REDE DE ÁGUA, DN 250 MM, JUNTA ELÁSTICA, INSTALADO EM LOCAL COM NÍVEL BAIXO DE INTERFERÊNCIAS (NÃO INCLUI FORNECIMENTO). AF_11/2017","M",8.46]
[97162,"ASSENTAMENTO DE TUBO DE FERRO FUNDIDO PARA REDE DE ÁGUA, DN 300 MM, JUNTA ELÁSTICA, INSTALADO EM LOCAL COM NÍVEL BAIXO DE INTERFERÊNCIAS (NÃO INCLUI FORNECIMENTO). AF_11/2017","M",9.71]
[97163,"ASSENTAMENTO DE TUBO DE FERRO FUNDIDO PARA REDE DE ÁGUA, DN 350 MM, JUNTA ELÁSTICA, INSTALADO EM LOCAL COM NÍVEL BAIXO DE INTERFERÊNCIAS (NÃO INCLUI FORNECIMENTO). AF_11/2017","M",10.99]
[97164,"ASSENTAMENTO DE TUBO DE FERRO FUNDIDO PARA REDE DE ÁGUA, DN 400 MM, JUNTA ELÁSTICA, INSTALADO EM LOCAL COM NÍVEL BAIXO DE INTERFERÊNCIAS (NÃO INCLUI FORNECIMENTO). AF_11/2017","M",12.26]
[97165,"ASSENTAMENTO DE TUBO DE FERRO FUNDIDO PARA REDE DE ÁGUA, DN 450 MM, JUNTA ELÁSTICA, INSTALADO EM LOCAL COM NÍVEL BAIXO DE INTERFERÊNCIAS (NÃO INCLUI FORNECIMENTO). AF_11/2017","M",13.55]
[97166,"ASSENTAMENTO DE TUBO DE FERRO FUNDIDO PARA REDE DE ÁGUA, DN 500 MM, JUNTA ELÁSTICA, INSTALADO EM LOCAL COM NÍVEL BAIXO DE INTERFERÊNCIAS (NÃO INCLUI FORNECIMENTO). AF_11/2017","M",16.3]
[97167,"ASSENTAMENTO DE TUBO DE FERRO FUNDIDO PARA REDE DE ÁGUA, DN 600 MM, JUNTA ELÁSTICA, INSTALADO EM LOCAL COM NÍVEL BAIXO DE INTERFERÊNCIAS (NÃO INCLUI FORNECIMENTO). AF_11/2017","M",19.07]
[97168,"ASSENTAMENTO DE TUBO DE FERRO FUNDIDO PARA REDE DE ÁGUA, DN 700 MM, JUNTA ELÁSTICA, INSTALADO EM LOCAL COM NÍVEL BAIXO DE INTERFERÊNCIAS (NÃO INCLUI FORNECIMENTO). AF_11/2017","M",21.68]
[97169,"ASSENTAMENTO DE TUBO DE FERRO FUNDIDO PARA REDE DE ÁGUA, DN 800 MM, JUNTA ELÁSTICA, INSTALADO EM LOCAL COM NÍVEL BAIXO DE INTERFERÊNCIAS (NÃO INCLUI FORNECIMENTO). AF_11/2017","M",24.41]
[97170,"ASSENTAMENTO DE TUBO DE FERRO FUNDIDO PARA REDE DE ÁGUA, DN 900 MM, JUNTA ELÁSTICA, INSTALADO EM LOCAL COM NÍVEL BAIXO DE INTERFERÊNCIAS (NÃO INCLUI FORNECIMENTO). AF_11/2017","M",27.14]
[97171,"ASSENTAMENTO DE TUBO DE FERRO FUNDIDO PARA REDE DE ÁGUA, DN 1000 MM, JUNTA ELÁSTICA, INSTALADO EM LOCAL COM NÍVEL BAIXO DE INTERFERÊNCIAS (NÃO INCLUI FORNECIMENTO). AF_11/2017","M",29.89]
[97172,"ASSENTAMENTO DE TUBO DE FERRO FUNDIDO PARA REDE DE ÁGUA, DN 1200 MM, JUNTA ELÁSTICA, INSTALADO EM LOCAL COM NÍVEL BAIXO DE INTERFERÊNCIAS (NÃO INCLUI FORNECIMENTO). AF_11/2017","M",35.61]
[97173,"ASSENTAMENTO DE TUBO DE AÇO CARBONO PARA REDE DE ÁGUA, DN 600 MM (24\u0092\u0092), JUNTA SOLDADA, INSTALADO EM LOCAL COM NÍVEL ALTO DE INTERFERÊNCIAS (NÃO INCLUI FORNECIMENTO). AF_11/2017","M",29.83]
[97174,"ASSENTAMENTO DE TUBO DE AÇO CARBONO PARA REDE DE ÁGUA, DN 700 MM (28\u0092\u0092), JUNTA SOLDADA, INSTALADO EM LOCAL COM NÍVEL ALTO DE INTERFERÊNCIAS (NÃO INCLUI FORNECIMENTO). AF_11/2017","M",34.48]
[97175,"ASSENTAMENTO DE TUBO DE AÇO CARBONO PARA REDE DE ÁGUA, DN 800 MM (32\u0092\u0092), JUNTA SOLDADA, INSTALADO EM LOCAL COM NÍVEL ALTO DE INTERFERÊNCIAS (NÃO INCLUI FORNECIMENTO). AF_11/2017","M",39.14]
[97176,"ASSENTAMENTO DE TUBO DE AÇO CARBONO PARA REDE DE ÁGUA, DN 900 MM (36\u0092\u0092), JUNTA SOLDADA, INSTALADO EM LOCAL COM NÍVEL ALTO DE INTERFERÊNCIAS (NÃO INCLUI FORNECIMENTO). AF_11/2017","M",43.78]
[97177,"ASSENTAMENTO DE TUBO DE AÇO CARBONO PARA REDE DE ÁGUA, DN 1000 MM (40\u0092\u0092) OU DN 1100 MM (44\u0092\u0092), JUNTA SOLDADA, INSTALADO EM LOCAL COM NÍVEL ALTO DE INTERFERÊNCIAS (NÃO INCLUI FORNECIMENTO). AF_11/2017","M",53.09]
[97178,"ASSENTAMENTO DE TUBO DE AÇO CARBONO PARA REDE DE ÁGUA, DN 1200 MM (48\u0092\u0092) OU DN 1300 MM (52\u0092\u0092), JUNTA SOLDADA, INSTALADO EM LOCAL COM NÍVEL ALTO DE INTERFERÊNCIAS (NÃO INCLUI FORNECIMENTO). AF_11/2017","M",62.39]
[97179,"ASSENTAMENTO DE TUBO DE AÇO CARBONO PARA REDE DE ÁGUA, DN 1400 MM (56'') OU DN 1500 MM (60\u0092\u0092), JUNTA SOLDADA, INSTALADO EM LOCAL COM NÍVEL ALTO DE INTERFERÊNCIAS (NÃO INCLUI FORNECIMENTO). AF_11/2017","M",71.69]
[97180,"ASSENTAMENTO DE TUBO DE AÇO CARBONO PARA REDE DE ÁGUA, DN 1600 MM (64\u0092\u0092) OU DN 1700 MM (68\u0092\u0092), JUNTA SOLDADA, INSTALADO EM LOCAL COM NÍVEL ALTO DE INTERFERÊNCIAS (NÃO INCLUI FORNECIMENTO). AF_11/2017","M",81]
[97181,"ASSENTAMENTO DE TUBO DE AÇO CARBONO PARA REDE DE ÁGUA, DN 1800 MM (72\u0092\u0092) OU DN 1900 MM (76\u0092\u0092), JUNTA SOLDADA, INSTALADO EM LOCAL COM NÍVEL ALTO DE INTERFERÊNCIAS (NÃO INCLUI FORNECIMENTO). AF_11/2017","M",93.1]
[97182,"ASSENTAMENTO DE TUBO DE AÇO CARBONO PARA REDE DE ÁGUA, DN 2000 MM (80\u0092\u0092) OU DN 2100 MM (84\u0092\u0092), JUNTA SOLDADA, INSTALADO EM LOCAL COM NÍVEL ALTO DE INTERFERÊNCIAS (NÃO INCLUI FORNECIMENTO). AF_11/2017","M",102.71]
[97183,"ASSENTAMENTO DE TUBO DE AÇO CARBONO PARA REDE DE ÁGUA, DN 600 MM (24\u0092\u0092), JUNTA SOLDADA, INSTALADO EM LOCAL COM NÍVEL BAIXO DE INTERFERÊNCIAS (NÃO INCLUI FORNECIMENTO). AF_11/2017","M",24.71]
[97184,"ASSENTAMENTO DE TUBO DE AÇO CARBONO PARA REDE DE ÁGUA, DN 700 MM (28\u0092\u0092), JUNTA SOLDADA, INSTALADO EM LOCAL COM NÍVEL BAIXO DE INTERFERÊNCIAS (NÃO INCLUI FORNECIMENTO). AF_11/2017","M",28.62]
[97185,"ASSENTAMENTO DE TUBO DE AÇO CARBONO PARA REDE DE ÁGUA, DN 800 MM (32\u0092\u0092), JUNTA SOLDADA, INSTALADO EM LOCAL COM NÍVEL BAIXO DE INTERFERÊNCIAS (NÃO INCLUI FORNECIMENTO). AF_11/2017","M",32.55]
[97186,"ASSENTAMENTO DE TUBO DE AÇO CARBONO PARA REDE DE ÁGUA, DN 900 MM (36\u0092\u0092), JUNTA SOLDADA, INSTALADO EM LOCAL COM NÍVEL BAIXO DE INTERFERÊNCIAS (NÃO INCLUI FORNECIMENTO). AF_11/2017","M",36.47]
[97187,"ASSENTAMENTO DE TUBO DE AÇO CARBONO PARA REDE DE ÁGUA, DN 1000 MM (40  ) OU DN 1100 MM (44  ), JUNTA SOLDADA, INSTALADO EM LOCAL COM NÍVEL BAIXO DE INTERFERÊNCIAS (NÃO INCLUI FORNECIMENTO). AF_11/2017","M",44.33]
[97188,"ASSENTAMENTO DE TUBO DE AÇO CARBONO PARA REDE DE ÁGUA, DN 1200 MM (48\u0092\u0092) OU DN 1300 MM (52\u0092\u0092), JUNTA SOLDADA, INSTALADO EM LOCAL COM NÍVEL BAIXO DE INTERFERÊNCIAS (NÃO INCLUI FORNECIMENTO). AF_11/2017","M",52.17]
[97189,"ASSENTAMENTO DE TUBO DE AÇO CARBONO PARA REDE DE ÁGUA, DN 1400 MM (56'') OU DN 1500 MM (60\u0092\u0092), JUNTA SOLDADA, INSTALADO EM LOCAL COM NÍVEL BAIXO DE INTERFERÊNCIAS (NÃO INCLUI FORNECIMENTO). AF_11/2017","M",60.01]
[97190,"ASSENTAMENTO DE TUBO DE AÇO CARBONO PARA REDE DE ÁGUA, DN 1600 MM (64\u0092\u0092) OU DN 1700 MM (68\u0092\u0092), JUNTA SOLDADA, INSTALADO EM LOCAL COM NÍVEL BAIXO DE INTERFERÊNCIAS (NÃO INCLUI FORNECIMENTO). AF_11/2017","M",67.86]
[97191,"ASSENTAMENTO DE TUBO DE AÇO CARBONO PARA REDE DE ÁGUA, DN 1800 MM (72\u0092\u0092) OU DN 1900 MM (76\u0092\u0092), JUNTA SOLDADA, INSTALADO EM LOCAL COM NÍVEL BAIXO DE INTERFERÊNCIAS (NÃO INCLUI FORNECIMENTO). AF_11/2017","M",77.9]
[97192,"ASSENTAMENTO DE TUBO DE AÇO CARBONO PARA REDE DE ÁGUA, DN 2000 MM (80\u0092\u0092) OU DN 2100 MM (84\u0092\u0092), JUNTA SOLDADA, INSTALADO EM LOCAL COM NÍVEL BAIXO DE INTERFERÊNCIAS (NÃO INCLUI FORNECIMENTO). AF_11/2017","M",86]
[90694,"TUBO DE PVC PARA REDE COLETORA DE ESGOTO DE PAREDE MACIÇA, DN 100 MM, JUNTA ELÁSTICA, INSTALADO EM LOCAL COM NÍVEL BAIXO DE INTERFERÊNCIAS - FORNECIMENTO E ASSENTAMENTO. AF_06/2015","M",22.17]
[90695,"TUBO DE PVC PARA REDE COLETORA DE ESGOTO DE PAREDE MACIÇA, DN 150 MM, JUNTA ELÁSTICA, INSTALADO EM LOCAL COM NÍVEL BAIXO DE INTERFERÊNCIAS - FORNECIMENTO E ASSENTAMENTO. AF_06/2015","M",45.27]
[90696,"TUBO DE PVC PARA REDE COLETORA DE ESGOTO DE PAREDE MACIÇA, DN 200 MM, JUNTA ELÁSTICA, INSTALADO EM LOCAL COM NÍVEL BAIXO DE INTERFERÊNCIAS - FORNECIMENTO E ASSENTAMENTO. AF_06/2015","M",66.91]
[90697,"TUBO DE PVC PARA REDE COLETORA DE ESGOTO DE PAREDE MACIÇA, DN 250 MM, JUNTA ELÁSTICA, INSTALADO EM LOCAL COM NÍVEL BAIXO DE INTERFERÊNCIAS - FORNECIMENTO E ASSENTAMENTO. AF_06/2015","M",111.9]
[90698,"TUBO DE PVC PARA REDE COLETORA DE ESGOTO DE PAREDE MACIÇA, DN 300 MM, JUNTA ELÁSTICA, INSTALADO EM LOCAL COM NÍVEL BAIXO DE INTERFERÊNCIAS - FORNECIMENTO E ASSENTAMENTO. AF_06/2015","M",178.56]
[90699,"TUBO DE PVC PARA REDE COLETORA DE ESGOTO DE PAREDE MACIÇA, DN 350 MM, JUNTA ELÁSTICA, INSTALADO EM LOCAL COM NÍVEL BAIXO DE INTERFERÊNCIAS - FORNECIMENTO E ASSENTAMENTO. AF_06/2015","M",220.53]
[90700,"TUBO DE PVC PARA REDE COLETORA DE ESGOTO DE PAREDE MACIÇA, DN 400 MM, JUNTA ELÁSTICA, INSTALADO EM LOCAL COM NÍVEL BAIXO DE INTERFERÊNCIAS - FORNECIMENTO E ASSENTAMENTO. AF_06/2015","M",290.18]
[90701,"TUBO DE PVC CORRUGADO DE DUPLA PAREDE PARA REDE COLETORA DE ESGOTO, DN 150 MM, JUNTA ELÁSTICA, INSTALADO EM LOCAL COM NÍVEL BAIXO DE INTERFERÊNCIAS - FORNECIMENTO E ASSENTAMENTO. AF_06/2015","M",39.71]
[90702,"TUBO DE PVC CORRUGADO DE DUPLA PAREDE PARA REDE COLETORA DE ESGOTO, DN 200 MM, JUNTA ELÁSTICA, INSTALADO EM LOCAL COM NÍVEL BAIXO DE INTERFERÊNCIAS - FORNECIMENTO E ASSENTAMENTO. AF_06/2015","M",61.25]
[90703,"TUBO DE PVC CORRUGADO DE DUPLA PAREDE PARA REDE COLETORA DE ESGOTO, DN 250 MM, JUNTA ELÁSTICA, INSTALADO EM LOCAL COM NÍVEL BAIXO DE INTERFERÊNCIAS - FORNECIMENTO E ASSENTAMENTO. AF_06/2015","M",98.08]
[90704,"TUBO DE PVC CORRUGADO DE DUPLA PAREDE PARA REDE COLETORA DE ESGOTO, DN 300 MM, JUNTA ELÁSTICA, INSTALADO EM LOCAL COM NÍVEL BAIXO DE INTERFERÊNCIAS - FORNECIMENTO E ASSENTAMENTO. AF_06/2015","M",134.3]
[90705,"TUBO DE PVC CORRUGADO DE DUPLA PAREDE PARA REDE COLETORA DE ESGOTO, DN 350 MM, JUNTA ELÁSTICA, INSTALADO EM LOCAL COM NÍVEL BAIXO DE INTERFERÊNCIAS - FORNECIMENTO E ASSENTAMENTO. AF_06/2015","M",187.41]
[90706,"TUBO DE PVC CORRUGADO DE DUPLA PAREDE PARA REDE COLETORA DE ESGOTO, DN 400 MM, JUNTA ELÁSTICA, INSTALADO EM LOCAL COM NÍVEL BAIXO DE INTERFERÊNCIAS - FORNECIMENTO E ASSENTAMENTO. AF_06/2015","M",225.29]
[90708,"TUBO DE PEAD CORRUGADO DE DUPLA PAREDE PARA REDE COLETORA DE ESGOTO, DN 600 MM, JUNTA ELÁSTICA INTEGRADA, INSTALADO EM LOCAL COM NÍVEL BAIXO DE INTERFERÊNCIAS - FORNECIMENTO E ASSENTAMENTO. AF_06/2015","M",604.54]
[90709,"TUBO DE PVC PARA REDE COLETORA DE ESGOTO DE PAREDE MACIÇA, DN 100 MM, JUNTA ELÁSTICA, INSTALADO EM LOCAL COM NÍVEL ALTO DE INTERFERÊNCIAS - FORNECIMENTO E ASSENTAMENTO. AF_06/2015","M",24.22]
[90710,"TUBO DE PVC PARA REDE COLETORA DE ESGOTO DE PAREDE MACIÇA, DN 150 MM, JUNTA ELÁSTICA, INSTALADO EM LOCAL COM NÍVEL ALTO DE INTERFERÊNCIAS - FORNECIMENTO E ASSENTAMENTO. AF_06/2015","M",47.33]
[90711,"TUBO DE PVC PARA REDE COLETORA DE ESGOTO DE PAREDE MACIÇA, DN 200 MM, JUNTA ELÁSTICA, INSTALADO EM LOCAL COM NÍVEL ALTO DE INTERFERÊNCIAS - FORNECIMENTO E ASSENTAMENTO. AF_06/2015","M",68.95]
[90712,"TUBO DE PVC PARA REDE COLETORA DE ESGOTO DE PAREDE MACIÇA, DN 250 MM, JUNTA ELÁSTICA, INSTALADO EM LOCAL COM NÍVEL ALTO DE INTERFERÊNCIAS - FORNECIMENTO E ASSENTAMENTO. AF_06/2015","M",113.95]
[90713,"TUBO DE PVC PARA REDE COLETORA DE ESGOTO DE PAREDE MACIÇA, DN 300 MM, JUNTA ELÁSTICA, INSTALADO EM LOCAL COM NÍVEL ALTO DE INTERFERÊNCIAS - FORNECIMENTO E ASSENTAMENTO. AF_06/2015","M",180.6]
[90714,"TUBO DE PVC PARA REDE COLETORA DE ESGOTO DE PAREDE MACIÇA, DN 350 MM, JUNTA ELÁSTICA, INSTALADO EM LOCAL COM NÍVEL ALTO DE INTERFERÊNCIAS - FORNECIMENTO E ASSENTAMENTO. AF_06/2015","M",222.57]
[90715,"TUBO DE PVC PARA REDE COLETORA DE ESGOTO DE PAREDE MACIÇA, DN 400 MM, JUNTA ELÁSTICA, INSTALADO EM LOCAL COM NÍVEL ALTO DE INTERFERÊNCIAS - FORNECIMENTO E ASSENTAMENTO. AF_06/2015","M",294.15]
[90716,"TUBO DE PVC CORRUGADO DE DUPLA PAREDE PARA REDE COLETORA DE ESGOTO, DN 150 MM, JUNTA ELÁSTICA, INSTALADO EM LOCAL COM NÍVEL ALTO DE INTERFERÊNCIAS - FORNECIMENTO E ASSENTAMENTO. AF_06/2015","M",41.76]
[90717,"TUBO DE PVC CORRUGADO DE DUPLA PAREDE PARA REDE COLETORA DE ESGOTO, DN 200 MM, JUNTA ELÁSTICA, INSTALADO EM LOCAL COM NÍVEL ALTO DE INTERFERÊNCIAS - FORNECIMENTO E ASSENTAMENTO. AF_06/2015","M",63.29]
[90718,"TUBO DE PVC CORRUGADO DE DUPLA PAREDE PARA REDE COLETORA DE ESGOTO, DN 250 MM, JUNTA ELÁSTICA, INSTALADO EM LOCAL COM NÍVEL ALTO DE INTERFERÊNCIAS - FORNECIMENTO E ASSENTAMENTO. AF_06/2015","M",100.13]
[90719,"TUBO DE PVC CORRUGADO DE DUPLA PAREDE PARA REDE COLETORA DE ESGOTO, DN 300 MM, JUNTA ELÁSTICA, INSTALADO EM LOCAL COM NÍVEL ALTO DE INTERFERÊNCIAS - FORNECIMENTO E ASSENTAMENTO. AF_06/2015","M",136.34]
[90720,"TUBO DE PVC CORRUGADO DE DUPLA PAREDE PARA REDE COLETORA DE ESGOTO, DN 350 MM, JUNTA ELÁSTICA, INSTALADO EM LOCAL COM NÍVEL ALTO DE INTERFERÊNCIAS - FORNECIMENTO E ASSENTAMENTO. AF_06/2015","M",189.45]
[90721,"TUBO DE PVC CORRUGADO DE DUPLA PAREDE PARA REDE COLETORA DE ESGOTO, DN 400 MM, EM JUNTA ELÁSTICA, INSTALADO EM LOCAL COM NÍVEL ALTO DE INTERFERÊNCIAS - FORNECIMENTO E ASSENTAMENTO. AF_06/2015","M",229.26]
[90723,"TUBO DE PEAD CORRUGADO DE DUPLA PAREDE PARA REDE COLETORA DE ESGOTO, DN 600 MM, JUNTA ELÁSTICA INTEGRADA, INSTALADO EM LOCAL COM NÍVEL ALTO DE INTERFERÊNCIAS - FORNECIMENTO E ASSENTAMENTO. AF_06/2015","M",606.96]
[90724,"JUNTA ARGAMASSADA ENTRE TUBO DN 100 MM E O POÇO DE VISITA/ CAIXA DE CONCRETO OU ALVENARIA EM REDES DE ESGOTO. AF_06/2015","UN",23.47]
[90725,"JUNTA ARGAMASSADA ENTRE TUBO DN 150 MM E O POÇO DE VISITA/ CAIXA DE CONCRETO OU ALVENARIA EM REDES DE ESGOTO. AF_06/2015","UN",28.93]
[90726,"JUNTA ARGAMASSADA ENTRE TUBO DN 200 MM E O POÇO/ CAIXA DE CONCRETO OU ALVENARIA EM REDES DE ESGOTO. AF_06/2015","UN",34.38]
[90727,"JUNTA ARGAMASSADA ENTRE TUBO DN 250 MM E O POÇO DE VISITA/ CAIXA DE CONCRETO OU ALVENARIA EM REDES DE ESGOTO. AF_06/2015","UN",39.83]
[90728,"JUNTA ARGAMASSADA ENTRE TUBO DN 300 MM E O POÇO DE VISITA/ CAIXA DE CONCRETO OU ALVENARIA EM REDES DE ESGOTO. AF_06/2015","UN",45.29]
[90729,"JUNTA ARGAMASSADA ENTRE TUBO DN 350 MM E O POÇO DE VISITA/ CAIXA DE CONCRETO OU ALVENARIA EM REDES DE ESGOTO. AF_06/2015","UN",50.75]
[90730,"JUNTA ARGAMASSADA ENTRE TUBO DN 400 MM E O POÇO DE VISITA/ CAIXA DE CONCRETO OU ALVENARIA EM REDES DE ESGOTO. AF_06/2015","UN",56.25]
[90731,"JUNTA ARGAMASSADA ENTRE TUBO DN 450 MM E O POÇO DE VISITA/ CAIXA DE CONCRETO OU ALVENARIA EM REDES DE ESGOTO. AF_06/2015","UN",61.7]
[90732,"JUNTA ARGAMASSADA ENTRE TUBO DN 600 MM E O POÇO DE VISITA/ CAIXA DE CONCRETO OU ALVENARIA EM REDES DE ESGOTO. AF_06/2015","UN",78.08]
[90733,"ASSENTAMENTO DE TUBO DE PVC PARA REDE COLETORA DE ESGOTO DE PAREDE MACIÇA, DN 100 MM, JUNTA ELÁSTICA, INSTALADO EM LOCAL COM NÍVEL BAIXO DE INTERFERÊNCIAS (NÃO INCLUI FORNECIMENTO). AF_06/2015","M",2.58]
[90734,"ASSENTAMENTO DE TUBO DE PVC PARA REDE COLETORA DE ESGOTO DE PAREDE MACIÇA, DN 150 MM, JUNTA ELÁSTICA, INSTALADO EM LOCAL COM NÍVEL BAIXO DE INTERFERÊNCIAS (NÃO INCLUI FORNECIMENTO). AF_06/2015","M",3.14]
[90735,"ASSENTAMENTO DE TUBO DE PVC PARA REDE COLETORA DE ESGOTO DE PAREDE MACIÇA, DN 200 MM, JUNTA ELÁSTICA, INSTALADO EM LOCAL COM NÍVEL BAIXO DE INTERFERÊNCIAS (NÃO INCLUI FORNECIMENTO). AF_06/2015","M",3.74]
[90736,"ASSENTAMENTO DE TUBO DE PVC PARA REDE COLETORA DE ESGOTO DE PAREDE MACIÇA, DN 250 MM, JUNTA ELÁSTICA, INSTALADO EM LOCAL COM NÍVEL BAIXO DE INTERFERÊNCIAS (NÃO INCLUI FORNECIMENTO). AF_06/2015","M",4.31]
[90737,"ASSENTAMENTO DE TUBO DE PVC PARA REDE COLETORA DE ESGOTO DE PAREDE MACIÇA, DN 300 MM, JUNTA ELÁSTICA, INSTALADO EM LOCAL COM NÍVEL BAIXO DE INTERFERÊNCIAS (NÃO INCLUI FORNECIMENTO). AF_06/2015","M",4.89]
[90738,"ASSENTAMENTO DE TUBO DE PVC PARA REDE COLETORA DE ESGOTO DE PAREDE MACIÇA, DN 350 MM, JUNTA ELÁSTICA, INSTALADO EM LOCAL COM NÍVEL BAIXO DE INTERFERÊNCIAS (NÃO INCLUI FORNECIMENTO). AF_06/2015","M",5.47]
[90739,"ASSENTAMENTO DE TUBO DE PVC PARA REDE COLETORA DE ESGOTO DE PAREDE MACIÇA, DN 400 MM, JUNTA ELÁSTICA, INSTALADO EM LOCAL COM NÍVEL BAIXO DE INTERFERÊNCIAS (NÃO INCLUI FORNECIMENTO). AF_06/2015","M",11.69]
[90740,"ASSENTAMENTO DE TUBO DE PVC CORRUGADO DE DUPLA PAREDE PARA REDE COLETORA DE ESGOTO, DN 150 MM, JUNTA ELÁSTICA, INSTALADO EM LOCAL COM NÍVEL BAIXO DE INTERFERÊNCIAS (NÃO INCLUI FORNECIMENTO). AF_06/2015","M",5.76]
[90741,"ASSENTAMENTO DE TUBO DE PVC CORRUGADO DE DUPLA PAREDE PARA REDE COLETORA DE ESGOTO, DN 200 MM, JUNTA ELÁSTICA, INSTALADO EM LOCAL COM NÍVEL BAIXO DE INTERFERÊNCIAS (NÃO INCLUI FORNECIMENTO). AF_06/2015","M",6.34]
[90742,"ASSENTAMENTO DE TUBO DE PVC CORRUGADO DE DUPLA PAREDE PARA REDE COLETORA DE ESGOTO, DN 250 MM, JUNTA ELÁSTICA, INSTALADO EM LOCAL COM NÍVEL BAIXO DE INTERFERÊNCIAS (NÃO INCLUI FORNECIMENTO). AF_06/2015","M",6.91]
[90743,"ASSENTAMENTO DE TUBO DE PVC CORRUGADO DE DUPLA PAREDE PARA REDE COLETORA DE ESGOTO, DN 300 MM, JUNTA ELÁSTICA, INSTALADO EM LOCAL COM NÍVEL BAIXO DE INTERFERÊNCIAS (NÃO INCLUI FORNECIMENTO). AF_06/2015","M",7.49]
[90744,"ASSENTAMENTO DE TUBO DE PVC CORRUGADO DE DUPLA PAREDE PARA REDE COLETORA DE ESGOTO, DN 350 MM, JUNTA ELÁSTICA, INSTALADO EM LOCAL COM NÍVEL BAIXO DE INTERFERÊNCIAS (NÃO INCLUI FORNECIMENTO). AF_06/2015","M",8.07]
[90745,"ASSENTAMENTO DE TUBO DE PVC CORRUGADO DE DUPLA PAREDE PARA REDE COLETORA DE ESGOTO, DN 400 MM, JUNTA ELÁSTICA, INSTALADO EM LOCAL COM NÍVEL BAIXO DE INTERFERÊNCIAS (NÃO INCLUI FORNECIMENTO). AF_06/2015","M",16.72]
[90746,"ASSENTAMENTO DE TUBO DE PEAD CORRUGADO DE DUPLA PAREDE PARA REDE COLETORA DE ESGOTO, DN 450 MM, JUNTA ELÁSTICA INTEGRADA, INSTALADO EM LOCAL COM NÍVEL BAIXO DE INTERFERÊNCIAS (NÃO INCLUI FORNECIMENTO). AF_06/2015","M",3.5]
[90747,"ASSENTAMENTO DE TUBO DE PEAD CORRUGADO DE DUPLA PAREDE PARA REDE COLETORA DE ESGOTO, DN 600 MM, JUNTA ELÁSTICA INTEGRADA, INSTALADO EM LOCAL COM NÍVEL BAIXO DE INTERFERÊNCIAS (NÃO INCLUI FORNECIMENTO). AF_06/2015","M",12.69]
[90748,"ASSENTAMENTO DE TUBO DE PVC PARA REDE COLETORA DE ESGOTO DE PAREDE MACIÇA, DN 100 MM, JUNTA ELÁSTICA, INSTALADO EM LOCAL COM NÍVEL ALTO DE INTERFERÊNCIAS (NÃO INCLUI FORNECIMENTO). AF_06/2015","M",4.63]
[90749,"ASSENTAMENTO DE TUBO DE PVC PARA REDE COLETORA DE ESGOTO DE PAREDE MACIÇA, DN 150 MM, JUNTA ELÁSTICA, INSTALADO EM LOCAL COM NÍVEL ALTO DE INTERFERÊNCIAS (NÃO INCLUI FORNECIMENTO). AF_06/2015","M",5.2]
[90750,"ASSENTAMENTO DE TUBO DE PVC PARA REDE COLETORA DE ESGOTO DE PAREDE MACIÇA, DN 200 MM, JUNTA ELÁSTICA, INSTALADO EM LOCAL COM NÍVEL ALTO DE INTERFERÊNCIAS (NÃO INCLUI FORNECIMENTO). AF_06/2015","M",5.78]
[90751,"ASSENTAMENTO DE TUBO DE PVC PARA REDE COLETORA DE ESGOTO DE PAREDE MACIÇA, DN 250 MM, JUNTA ELÁSTICA, INSTALADO EM LOCAL COM NÍVEL ALTO DE INTERFERÊNCIAS (NÃO INCLUI FORNECIMENTO). AF_06/2015","M",6.36]
[90752,"ASSENTAMENTO DE TUBO DE PVC PARA REDE COLETORA DE ESGOTO DE PAREDE MACIÇA, DN 300 MM, JUNTA ELÁSTICA, INSTALADO EM LOCAL COM NÍVEL ALTO DE INTERFERÊNCIAS (NÃO INCLUI FORNECIMENTO). AF_06/2015","M",6.93]
[90753,"ASSENTAMENTO DE TUBO DE PVC PARA REDE COLETORA DE ESGOTO DE PAREDE MACIÇA, DN 350 MM, JUNTA ELÁSTICA, INSTALADO EM LOCAL COM NÍVEL ALTO DE INTERFERÊNCIAS (NÃO INCLUI FORNECIMENTO). AF_06/2015","M",7.51]
[90754,"ASSENTAMENTO DE TUBO DE PVC PARA REDE COLETORA DE ESGOTO DE PAREDE MACIÇA, DN 400 MM, JUNTA ELÁSTICA, INSTALADO EM LOCAL COM NÍVEL ALTO DE INTERFERÊNCIAS (NÃO INCLUI FORNECIMENTO). AF_06/2015","M",15.66]
[90755,"ASSENTAMENTO DE TUBO DE PVC CORRUGADO DE DUPLA PAREDE PARA REDE COLETORA DE ESGOTO, DN 150 MM, JUNTA ELÁSTICA, INSTALADO EM LOCAL COM NÍVEL ALTO DE INTERFERÊNCIAS (NÃO INCLUI FORNECIMENTO). AF_06/2015","M",7.81]
[90756,"ASSENTAMENTO DE TUBO DE PVC CORRUGADO DE DUPLA PAREDE PARA REDE COLETORA DE ESGOTO, DN 200 MM, JUNTA ELÁSTICA, INSTALADO EM LOCAL COM NÍVEL ALTO DE INTERFERÊNCIAS (NÃO INCLUI FORNECIMENTO). AF_06/2015","M",8.38]
[90757,"ASSENTAMENTO DE TUBO DE PVC CORRUGADO DE DUPLA PAREDE PARA REDE COLETORA DE ESGOTO, DN 250 MM, JUNTA ELÁSTICA, INSTALADO EM LOCAL COM NÍVEL ALTO DE INTERFERÊNCIAS (NÃO INCLUI FORNECIMENTO). AF_06/2015","M",8.96]
[90758,"ASSENTAMENTO DE TUBO DE PVC CORRUGADO DE DUPLA PAREDE PARA REDE COLETORA DE ESGOTO, DN 300 MM, JUNTA ELÁSTICA, INSTALADO EM LOCAL COM NÍVEL ALTO DE INTERFERÊNCIAS (NÃO INCLUI FORNECIMENTO). AF_06/2015","M",9.53]
[90759,"ASSENTAMENTO DE TUBO DE PVC CORRUGADO DE DUPLA PAREDE PARA REDE COLETORA DE ESGOTO, DN 350 MM, JUNTA ELÁSTICA, INSTALADO EM LOCAL COM NÍVEL ALTO DE INTERFERÊNCIAS (NÃO INCLUI FORNECIMENTO). AF_06/2015","M",10.11]
[90760,"ASSENTAMENTO DE TUBO DE PVC CORRUGADO DE DUPLA PAREDE PARA REDE COLETORA DE ESGOTO, DN 400 MM, EM JUNTA ELÁSTICA, INSTALADO EM LOCAL COM NÍVEL ALTO DE INTERFERÊNCIAS (NÃO INCLUI FORNECIMENTO). AF_06/2015","M",20.69]
[90761,"ASSENTAMENTO DE TUBO DE PEAD CORRUGADO DE DUPLA PAREDE PARA REDE COLETORA DE ESGOTO, DN 450 MM, JUNTA ELÁSTICA INTEGRADA, INSTALADO EM LOCAL COM NÍVEL ALTO DE INTERFERÊNCIAS (NÃO INCLUI FORNECIMENTO). AF_06/2015","M",4.29]
[90762,"ASSENTAMENTO DE TUBO DE PEAD CORRUGADO DE DUPLA PAREDE PARA REDE COLETORA DE ESGOTO, DN 600 MM, JUNTA ELÁSTICA INTEGRADA, INSTALADO EM LOCAL COM NÍVEL ALTO DE INTERFERÊNCIAS (NÃO INCLUI FORNECIMENTO). AF_06/2015","M",15.11]
[94869,"TUBO DE PEAD CORRUGADO DE DUPLA PAREDE PARA REDE COLETORA DE ESGOTO, DN 250 MM, JUNTA ELÁSTICA INTEGRADA, INSTALADO EM LOCAL COM NÍVEL BAIXO DE INTERFERÊNCIAS - FORNECIMENTO E ASSENTAMENTO. AF_06/2016","M",122.61]
[94870,"ASSENTAMENTO DE TUBO DE PEAD CORRUGADO DE DUPLA PAREDE PARA REDE COLETORA DE ESGOTO, DN 250 MM, JUNTA ELÁSTICA INTEGRADA, INSTALADO EM LOCAL COM NÍVEL BAIXO DE INTERFERÊNCIAS (NÃO INCLUI FORNECIMENTO). AF_06/2016","M",0.85]
[94871,"TUBO DE PEAD CORRUGADO DE DUPLA PAREDE PARA REDE COLETORA DE ESGOTO, DN 300 MM, JUNTA ELÁSTICA INTEGRADA, INSTALADO EM LOCAL COM NÍVEL BAIXO DE INTERFERÊNCIAS - FORNECIMENTO E ASSENTAMENTO. AF_06/2016","M",145.45]
[94872,"ASSENTAMENTO DE TUBO DE PEAD CORRUGADO DE DUPLA PAREDE PARA REDE COLETORA DE ESGOTO, DN 300 MM, JUNTA ELÁSTICA INTEGRADA, INSTALADO EM LOCAL COM NÍVEL BAIXO DE INTERFERÊNCIAS (NÃO INCLUI FORNECIMENTO). AF_06/2016","M",1.5]
[94875,"TUBO DE PEAD CORRUGADO DE DUPLA PAREDE PARA REDE COLETORA DE ESGOTO, DN 750 MM, JUNTA ELÁSTICA INTEGRADA, INSTALADO EM LOCAL COM NÍVEL BAIXO DE INTERFERÊNCIAS - FORNECIMENTO E ASSENTAMENTO. AF_06/2016","M",854.53]
[94876,"ASSENTAMENTO DE TUBO DE PEAD CORRUGADO DE DUPLA PAREDE PARA REDE COLETORA DE ESGOTO, DN 750 MM, JUNTA ELÁSTICA INTEGRADA, INSTALADO EM LOCAL COM NÍVEL BAIXO DE INTERFERÊNCIAS (NÃO INCLUI FORNECIMENTO). AF_06/2016","M",19.22]
[94878,"ASSENTAMENTO DE TUBO DE PEAD CORRUGADO DE DUPLA PAREDE PARA REDE COLETORA DE ESGOTO, DN 900 MM, JUNTA ELÁSTICA INTEGRADA, INSTALADO EM LOCAL COM NÍVEL BAIXO DE INTERFERÊNCIAS (NÃO INCLUI FORNECIMENTO). AF_06/2016","M",22.57]
[94879,"TUBO DE PEAD CORRUGADO DE DUPLA PAREDE PARA REDE COLETORA DE ESGOTO, DN 1000 MM, JUNTA ELÁSTICA INTEGRADA, INSTALADO EM LOCAL COM NÍVEL BAIXO DE INTERFERÊNCIAS - FORNECIMENTO E ASSENTAMENTO. AF_06/2016","M",1139.01]
[94880,"ASSENTAMENTO DE TUBO DE PEAD CORRUGADO DE DUPLA PAREDE PARA REDE COLETORA DE ESGOTO, DN 1000 MM, JUNTA ELÁSTICA INTEGRADA, INSTALADO EM LOCAL COM NÍVEL BAIXO DE INTERFERÊNCIAS (NÃO INCLUI FORNECIMENTO). AF_06/2016","M",27.63]
[94881,"TUBO DE PEAD CORRUGADO DE DUPLA PAREDE PARA REDE COLETORA DE ESGOTO, DN 1200 MM, JUNTA ELÁSTICA INTEGRADA, INSTALADO EM LOCAL COM NÍVEL BAIXO DE INTERFERÊNCIAS - FORNECIMENTO E ASSENTAMENTO. AF_06/2016","M",1775.2]
[94882,"ASSENTAMENTO DE TUBO DE PEAD CORRUGADO DE DUPLA PAREDE PARA REDE COLETORA DE ESGOTO, DN 1200 MM, JUNTA ELÁSTICA INTEGRADA, INSTALADO EM LOCAL COM NÍVEL BAIXO DE INTERFERÊNCIAS (NÃO INCLUI FORNECIMENTO). AF_06/2016","M",32.77]
[94884,"ASSENTAMENTO DE TUBO DE PEAD CORRUGADO DE DUPLA PAREDE PARA REDE COLETORA DE ESGOTO, DN 1500 MM, JUNTA ELÁSTICA INTEGRADA, INSTALADO EM LOCAL COM NÍVEL BAIXO DE INTERFERÊNCIAS (NÃO INCLUI FORNECIMENTO). AF_06/2016","M",43.21]
[94885,"TUBO DE PEAD CORRUGADO DE DUPLA PAREDE PARA REDE COLETORA DE ESGOTO, DN 250 MM, JUNTA ELÁSTICA INTEGRADA, INSTALADO EM LOCAL COM NÍVEL ALTO DE INTERFERÊNCIAS - FORNECIMENTO E ASSENTAMENTO. AF_06/2016","M",122.86]
[94886,"ASSENTAMENTO DE TUBO DE PEAD CORRUGADO DE DUPLA PAREDE PARA REDE COLETORA DE ESGOTO, DN 250 MM, JUNTA ELÁSTICA INTEGRADA, INSTALADO EM LOCAL COM NÍVEL ALTO DE INTERFERÊNCIAS (NÃO INCLUI FORNECIMENTO). AF_06/2016","M",1.1]
[94887,"TUBO DE PEAD CORRUGADO DE DUPLA PAREDE PARA REDE COLETORA DE ESGOTO, DN 300 MM, JUNTA ELÁSTICA INTEGRADA, INSTALADO EM LOCAL COM NÍVEL ALTO DE INTERFERÊNCIAS - FORNECIMENTO E ASSENTAMENTO. AF_06/2016","M",145.86]
[94888,"ASSENTAMENTO DE TUBO DE PEAD CORRUGADO DE DUPLA PAREDE PARA REDE COLETORA DE ESGOTO, DN 300 MM, JUNTA ELÁSTICA INTEGRADA, INSTALADO EM LOCAL COM NÍVEL ALTO DE INTERFERÊNCIAS (NÃO INCLUI FORNECIMENTO). AF_06/2016","M",1.91]
[94891,"TUBO DE PEAD CORRUGADO DE DUPLA PAREDE PARA REDE COLETORA DE ESGOTO, DN 750 MM, JUNTA ELÁSTICA INTEGRADA, INSTALADO EM LOCAL COM NÍVEL ALTO DE INTERFERÊNCIAS - FORNECIMENTO E ASSENTAMENTO. AF_06/2016","M",857.63]
[94892,"ASSENTAMENTO DE TUBO DE PEAD CORRUGADO DE DUPLA PAREDE PARA REDE COLETORA DE ESGOTO, DN 750 MM, JUNTA ELÁSTICA INTEGRADA, INSTALADO EM LOCAL COM NÍVEL ALTO DE INTERFERÊNCIAS (NÃO INCLUI FORNECIMENTO). AF_06/2016","M",22.32]
[94894,"ASSENTAMENTO DE TUBO DE PEAD CORRUGADO DE DUPLA PAREDE PARA REDE COLETORA DE ESGOTO, DN 900 MM, JUNTA ELÁSTICA INTEGRADA, INSTALADO EM LOCAL COM NÍVEL ALTO DE INTERFERÊNCIAS (NÃO INCLUI FORNECIMENTO). AF_06/2016","M",25.92]
[94895,"TUBO DE PEAD CORRUGADO DE DUPLA PAREDE PARA REDE COLETORA DE ESGOTO, DN 1000 MM, JUNTA ELÁSTICA INTEGRADA, INSTALADO EM LOCAL COM NÍVEL ALTO DE INTERFERÊNCIAS - FORNECIMENTO E ASSENTAMENTO. AF_06/2016","M",1142.7]
[94896,"ASSENTAMENTO DE TUBO DE PEAD CORRUGADO DE DUPLA PAREDE PARA REDE COLETORA DE ESGOTO, DN 1000 MM, JUNTA ELÁSTICA INTEGRADA, INSTALADO EM LOCAL COM NÍVEL ALTO DE INTERFERÊNCIAS (NÃO INCLUI FORNECIMENTO). AF_06/2016","M",31.32]
[94897,"TUBO DE PEAD CORRUGADO DE DUPLA PAREDE PARA REDE COLETORA DE ESGOTO, DN 1200 MM, JUNTA ELÁSTICA INTEGRADA, INSTALADO EM LOCAL COM NÍVEL ALTO DE INTERFERÊNCIAS - FORNECIMENTO E ASSENTAMENTO. AF_06/2016","M",1779.16]
[94898,"ASSENTAMENTO DE TUBO DE PEAD CORRUGADO DE DUPLA PAREDE PARA REDE COLETORA DE ESGOTO, DN 1200 MM, JUNTA ELÁSTICA INTEGRADA, INSTALADO EM LOCAL COM NÍVEL ALTO DE INTERFERÊNCIAS (NÃO INCLUI FORNECIMENTO). AF_06/2016","M",36.73]
[94900,"ASSENTAMENTO DE TUBO DE PEAD CORRUGADO DE DUPLA PAREDE PARA REDE COLETORA DE ESGOTO, DN 1500 MM, JUNTA ELÁSTICA INTEGRADA, INSTALADO EM LOCAL COM NÍVEL ALTO DE INTERFERÊNCIAS (NÃO INCLUI FORNECIMENTO). AF_06/2016","M",47.54]
[97121,"ASSENTAMENTO DE TUBO DE PVC PBA PARA REDE DE ÁGUA, DN 50 MM, JUNTA ELÁSTICA INTEGRADA, INSTALADO EM LOCAL COM NÍVEL ALTO DE INTERFERÊNCIAS (NÃO INCLUI FORNECIMENTO). AF_11/2017","M",1.89]
[97122,"ASSENTAMENTO DE TUBO DE PVC PBA PARA REDE DE ÁGUA, DN 75 MM, JUNTA ELÁSTICA INTEGRADA, INSTALADO EM LOCAL COM NÍVEL ALTO DE INTERFERÊNCIAS (NÃO INCLUI FORNECIMENTO). AF_11/2017","M",2.62]
[97123,"ASSENTAMENTO DE TUBO DE PVC PBA PARA REDE DE ÁGUA, DN 100 MM, JUNTA ELÁSTICA INTEGRADA, INSTALADO EM LOCAL COM NÍVEL ALTO DE INTERFERÊNCIAS (NÃO INCLUI FORNECIMENTO). AF_11/2017","M",3.33]
[97124,"ASSENTAMENTO DE TUBO DE PVC PBA PARA REDE DE ÁGUA, DN 50 MM, JUNTA ELÁSTICA INTEGRADA, INSTALADO EM LOCAL COM NÍVEL BAIXO DE INTERFERÊNCIAS (NÃO INCLUI FORNECIMENTO). AF_11/2017","M",0.81]
[97125,"ASSENTAMENTO DE TUBO DE PVC PBA PARA REDE DE ÁGUA, DN 75 MM, JUNTA ELÁSTICA INTEGRADA, INSTALADO EM LOCAL COM NÍVEL BAIXO DE INTERFERÊNCIAS (NÃO INCLUI FORNECIMENTO). AF_11/2017","M",1.14]
[97126,"ASSENTAMENTO DE TUBO DE PVC PBA PARA REDE DE ÁGUA, DN 100 MM, JUNTA ELÁSTICA INTEGRADA, INSTALADO EM LOCAL COM NÍVEL BAIXO DE INTERFERÊNCIAS (NÃO INCLUI FORNECIMENTO). AF_11/2017","M",1.46]
[92833,"TUBO DE CONCRETO PARA REDES COLETORAS DE ESGOTO SANITÁRIO, DIÂMETRO DE 300 MM, JUNTA ELÁSTICA, INSTALADO EM LOCAL COM BAIXO NÍVEL DE INTERFERÊNCIAS - FORNECIMENTO E ASSENTAMENTO. AF_12/2015","M",112.96]
[92834,"ASSENTAMENTO DE TUBO DE CONCRETO PARA REDES COLETORAS DE ESGOTO SANITÁRIO, DIÂMETRO DE 300 MM, JUNTA ELÁSTICA, INSTALADO EM LOCAL COM BAIXO NÍVEL DE INTERFERÊNCIAS (NÃO INCLUI FORNECIMENTO). AF_12/2015","M",7.08]
[92835,"TUBO DE CONCRETO PARA REDES COLETORAS DE ESGOTO SANITÁRIO, DIÂMETRO DE 400 MM, JUNTA ELÁSTICA, INSTALADO EM LOCAL COM BAIXO NÍVEL DE INTERFERÊNCIAS - FORNECIMENTO E ASSENTAMENTO. AF_12/2015","M",148.51]
[92836,"ASSENTAMENTO DE TUBO DE CONCRETO PARA REDES COLETORAS DE ESGOTO SANITÁRIO, DIÂMETRO DE 400 MM, JUNTA ELÁSTICA, INSTALADO EM LOCAL COM BAIXO NÍVEL DE INTERFERÊNCIAS (NÃO INCLUI FORNECIMENTO). AF_12/2015","M",9.03]
[92837,"TUBO DE CONCRETO PARA REDES COLETORAS DE ESGOTO SANITÁRIO, DIÂMETRO DE 500 MM, JUNTA ELÁSTICA, INSTALADO EM LOCAL COM BAIXO NÍVEL DE INTERFERÊNCIAS - FORNECIMENTO E ASSENTAMENTO. AF_12/2015","M",187.08]
[92838,"ASSENTAMENTO DE TUBO DE CONCRETO PARA REDES COLETORAS DE ESGOTO SANITÁRIO, DIÂMETRO DE 500 MM, JUNTA ELÁSTICA, INSTALADO EM LOCAL COM BAIXO NÍVEL DE INTERFERÊNCIAS (NÃO INCLUI FORNECIMENTO). AF_12/2015","M",10.86]
[92839,"TUBO DE CONCRETO PARA REDES COLETORAS DE ESGOTO SANITÁRIO, DIÂMETRO DE 600 MM, JUNTA ELÁSTICA, INSTALADO EM LOCAL COM BAIXO NÍVEL DE INTERFERÊNCIAS - FORNECIMENTO E ASSENTAMENTO. AF_12/2015","M",245.15]
[92840,"ASSENTAMENTO DE TUBO DE CONCRETO PARA REDES COLETORAS DE ESGOTO SANITÁRIO, DIÂMETRO DE 600 MM, JUNTA ELÁSTICA, INSTALADO EM LOCAL COM BAIXO NÍVEL DE INTERFERÊNCIAS (NÃO INCLUI FORNECIMENTO). AF_12/2015","M",12.84]
[92841,"TUBO DE CONCRETO PARA REDES COLETORAS DE ESGOTO SANITÁRIO, DIÂMETRO DE 700 MM, JUNTA ELÁSTICA, INSTALADO EM LOCAL COM BAIXO NÍVEL DE INTERFERÊNCIAS - FORNECIMENTO E ASSENTAMENTO. AF_12/2015","M",277.63]
[92842,"ASSENTAMENTO DE TUBO DE CONCRETO PARA REDES COLETORAS DE ESGOTO SANITÁRIO, DIÂMETRO DE 700 MM, JUNTA ELÁSTICA, INSTALADO EM LOCAL COM BAIXO NÍVEL DE INTERFERÊNCIAS (NÃO INCLUI FORNECIMENTO). AF_12/2015","M",14.7]
[92844,"ASSENTAMENTO DE TUBO DE CONCRETO PARA REDES COLETORAS DE ESGOTO SANITÁRIO, DIÂMETRO DE 800 MM, JUNTA ELÁSTICA, INSTALADO EM LOCAL COM BAIXO NÍVEL DE INTERFERÊNCIAS (NÃO INCLUI FORNECIMENTO). AF_12/2015","M",16.67]
[92846,"ASSENTAMENTO DE TUBO DE CONCRETO PARA REDES COLETORAS DE ESGOTO SANITÁRIO, DIÂMETRO DE 900 MM, JUNTA ELÁSTICA, INSTALADO EM LOCAL COM BAIXO NÍVEL DE INTERFERÊNCIAS (NÃO INCLUI FORNECIMENTO). AF_12/2015","M",18.51]
[92847,"TUBO DE CONCRETO PARA REDES COLETORAS DE ESGOTO SANITÁRIO, DIÂMETRO DE 1000 MM, JUNTA ELÁSTICA, INSTALADO EM LOCAL COM BAIXO NÍVEL DE INTERFERÊNCIAS - FORNECIMENTO E ASSENTAMENTO. AF_12/2015","M",483.02]
[92848,"ASSENTAMENTO DE TUBO DE CONCRETO PARA REDES COLETORAS DE ESGOTO SANITÁRIO, DIÂMETRO DE 1000 MM, JUNTA ELÁSTICA, INSTALADO EM LOCAL COM BAIXO NÍVEL DE INTERFERÊNCIAS (NÃO INCLUI FORNECIMENTO). AF_12/2015","M",20.53]
[92849,"TUBO DE CONCRETO PARA REDES COLETORAS DE ESGOTO SANITÁRIO, DIÂMETRO DE 300 MM, JUNTA ELÁSTICA, INSTALADO EM LOCAL COM ALTO NÍVEL DE INTERFERÊNCIAS - FORNECIMENTO E ASSENTAMENTO. AF_12/2015","M",119.17]
[92850,"ASSENTAMENTO DE TUBO DE CONCRETO PARA REDES COLETORAS DE ESGOTO SANITÁRIO, DIÂMETRO DE 300 MM, JUNTA ELÁSTICA, INSTALADO EM LOCAL COM ALTO NÍVEL DE INTERFERÊNCIAS (NÃO INCLUI FORNECIMENTO). AF_12/2015","M",13.39]
[92851,"TUBO DE CONCRETO PARA REDES COLETORAS DE ESGOTO SANITÁRIO, DIÂMETRO DE 400 MM, JUNTA ELÁSTICA, INSTALADO EM LOCAL COM ALTO NÍVEL DE INTERFERÊNCIAS - FORNECIMENTO E ASSENTAMENTO. AF_12/2015","M",156.27]
[92852,"ASSENTAMENTO DE TUBO DE CONCRETO PARA REDES COLETORAS DE ESGOTO SANITÁRIO, DIÂMETRO DE 400 MM, JUNTA ELÁSTICA, INSTALADO EM LOCAL COM ALTO NÍVEL DE INTERFERÊNCIAS (NÃO INCLUI FORNECIMENTO). AF_12/2015","M",16.92]
[92853,"TUBO DE CONCRETO PARA REDES COLETORAS DE ESGOTO SANITÁRIO, DIÂMETRO DE 500 MM, JUNTA ELÁSTICA, INSTALADO EM LOCAL COM ALTO NÍVEL DE INTERFERÊNCIAS - FORNECIMENTO E ASSENTAMENTO. AF_12/2015","M",196.66]
[92854,"ASSENTAMENTO DE TUBO DE CONCRETO PARA REDES COLETORAS DE ESGOTO SANITÁRIO, DIÂMETRO DE 500 MM, JUNTA ELÁSTICA, INSTALADO EM LOCAL COM ALTO NÍVEL DE INTERFERÊNCIAS (NÃO INCLUI FORNECIMENTO). AF_12/2015","M",20.6]
[92855,"TUBO DE CONCRETO PARA REDES COLETORAS DE ESGOTO SANITÁRIO, DIÂMETRO DE 600 MM, JUNTA ELÁSTICA, INSTALADO EM LOCAL COM ALTO NÍVEL DE INTERFERÊNCIAS - FORNECIMENTO E ASSENTAMENTO. AF_12/2015","M",256.39]
[92856,"ASSENTAMENTO DE TUBO DE CONCRETO PARA REDES COLETORAS DE ESGOTO SANITÁRIO, DIÂMETRO DE 600 MM, JUNTA ELÁSTICA, INSTALADO EM LOCAL COM ALTO NÍVEL DE INTERFERÊNCIAS (NÃO INCLUI FORNECIMENTO). AF_12/2015","M",24.29]
[92857,"TUBO DE CONCRETO PARA REDES COLETORAS DE ESGOTO SANITÁRIO, DIÂMETRO DE 700 MM, JUNTA ELÁSTICA, INSTALADO EM LOCAL COM ALTO NÍVEL DE INTERFERÊNCIAS - FORNECIMENTO E ASSENTAMENTO. AF_12/2015","M",290.51]
[92858,"ASSENTAMENTO DE TUBO DE CONCRETO PARA REDES COLETORAS DE ESGOTO SANITÁRIO, DIÂMETRO DE 700 MM, JUNTA ELÁSTICA, INSTALADO EM LOCAL COM ALTO NÍVEL DE INTERFERÊNCIAS (NÃO INCLUI FORNECIMENTO). AF_12/2015","M",27.8]
[92860,"ASSENTAMENTO DE TUBO DE CONCRETO PARA REDES COLETORAS DE ESGOTO SANITÁRIO, DIÂMETRO DE 800 MM, JUNTA ELÁSTICA, INSTALADO EM LOCAL COM ALTO NÍVEL DE INTERFERÊNCIAS (NÃO INCLUI FORNECIMENTO). AF_12/2015","M",31.55]
[92862,"ASSENTAMENTO DE TUBO DE CONCRETO PARA REDES COLETORAS DE ESGOTO SANITÁRIO, DIÂMETRO DE 900 MM, JUNTA ELÁSTICA, INSTALADO EM LOCAL COM ALTO NÍVEL DE INTERFERÊNCIAS (NÃO INCLUI FORNECIMENTO). AF_12/2015","M",35.22]
[92863,"TUBO DE CONCRETO PARA REDES COLETORAS DE ESGOTO SANITÁRIO, DIÂMETRO DE 1000 MM, JUNTA ELÁSTICA, INSTALADO EM LOCAL COM ALTO NÍVEL DE INTERFERÊNCIAS - FORNECIMENTO E ASSENTAMENTO. AF_12/2015","M",501.07]
[92864,"ASSENTAMENTO DE TUBO DE CONCRETO PARA REDES COLETORAS DE ESGOTO SANITÁRIO, DIÂMETRO DE 1000 MM, JUNTA ELÁSTICA, INSTALADO EM LOCAL COM ALTO NÍVEL DE INTERFERÊNCIAS (NÃO INCLUI FORNECIMENTO). AF_12/2015","M",38.88]
[92210,"TUBO DE CONCRETO PARA REDES COLETORAS DE ÁGUAS PLUVIAIS, DIÂMETRO DE 400 MM, JUNTA RÍGIDA, INSTALADO EM LOCAL COM BAIXO NÍVEL DE INTERFERÊNCIAS - FORNECIMENTO E ASSENTAMENTO. AF_12/2015","M",99.7]
[92211,"TUBO DE CONCRETO PARA REDES COLETORAS DE ÁGUAS PLUVIAIS, DIÂMETRO DE 500 MM, JUNTA RÍGIDA, INSTALADO EM LOCAL COM BAIXO NÍVEL DE INTERFERÊNCIAS - FORNECIMENTO E ASSENTAMENTO. AF_12/2015","M",127.41]
[92212,"TUBO DE CONCRETO PARA REDES COLETORAS DE ÁGUAS PLUVIAIS, DIÂMETRO DE 600 MM, JUNTA RÍGIDA, INSTALADO EM LOCAL COM BAIXO NÍVEL DE INTERFERÊNCIAS - FORNECIMENTO E ASSENTAMENTO. AF_12/2015","M",161.9]
[92213,"TUBO DE CONCRETO PARA REDES COLETORAS DE ÁGUAS PLUVIAIS, DIÂMETRO DE 700 MM, JUNTA RÍGIDA, INSTALADO EM LOCAL COM BAIXO NÍVEL DE INTERFERÊNCIAS - FORNECIMENTO E ASSENTAMENTO. AF_12/2015","M",212.69]
[92214,"TUBO DE CONCRETO PARA REDES COLETORAS DE ÁGUAS PLUVIAIS, DIÂMETRO DE 800 MM, JUNTA RÍGIDA, INSTALADO EM LOCAL COM BAIXO NÍVEL DE INTERFERÊNCIAS - FORNECIMENTO E ASSENTAMENTO. AF_12/2015","M",242.61]
[92215,"TUBO DE CONCRETO PARA REDES COLETORAS DE ÁGUAS PLUVIAIS, DIÂMETRO DE 900 MM, JUNTA RÍGIDA, INSTALADO EM LOCAL COM BAIXO NÍVEL DE INTERFERÊNCIAS - FORNECIMENTO E ASSENTAMENTO. AF_12/2015","M",292.06]
[92216,"TUBO DE CONCRETO PARA REDES COLETORAS DE ÁGUAS PLUVIAIS, DIÂMETRO DE 1000 MM, JUNTA RÍGIDA, INSTALADO EM LOCAL COM BAIXO NÍVEL DE INTERFERÊNCIAS - FORNECIMENTO E ASSENTAMENTO. AF_12/2015","M",327.09]
[92219,"TUBO DE CONCRETO PARA REDES COLETORAS DE ÁGUAS PLUVIAIS, DIÂMETRO DE 400 MM, JUNTA RÍGIDA, INSTALADO EM LOCAL COM ALTO NÍVEL DE INTERFERÊNCIAS - FORNECIMENTO E ASSENTAMENTO. AF_12/2015","M",107.59]
[92220,"TUBO DE CONCRETO PARA REDES COLETORAS DE ÁGUAS PLUVIAIS, DIÂMETRO DE 500 MM, JUNTA RÍGIDA, INSTALADO EM LOCAL COM ALTO NÍVEL DE INTERFERÊNCIAS - FORNECIMENTO E ASSENTAMENTO. AF_12/2015","M",137.16]
[92221,"TUBO DE CONCRETO PARA REDES COLETORAS DE ÁGUAS PLUVIAIS, DIÂMETRO DE 600 MM, JUNTA RÍGIDA, INSTALADO EM LOCAL COM ALTO NÍVEL DE INTERFERÊNCIAS - FORNECIMENTO E ASSENTAMENTO. AF_12/2015","M",173.32]
[92222,"TUBO DE CONCRETO PARA REDES COLETORAS DE ÁGUAS PLUVIAIS, DIÂMETRO DE 700 MM, JUNTA RÍGIDA, INSTALADO EM LOCAL COM ALTO NÍVEL DE INTERFERÊNCIAS - FORNECIMENTO E ASSENTAMENTO. AF_12/2015","M",225.96]
[92223,"TUBO DE CONCRETO PARA REDES COLETORAS DE ÁGUAS PLUVIAIS, DIÂMETRO DE 800 MM, JUNTA RÍGIDA, INSTALADO EM LOCAL COM ALTO NÍVEL DE INTERFERÊNCIAS - FORNECIMENTO E ASSENTAMENTO. AF_12/2015","M",257.48]
[92224,"TUBO DE CONCRETO PARA REDES COLETORAS DE ÁGUAS PLUVIAIS, DIÂMETRO DE 900 MM, JUNTA RÍGIDA, INSTALADO EM LOCAL COM ALTO NÍVEL DE INTERFERÊNCIAS - FORNECIMENTO E ASSENTAMENTO. AF_12/2015","M",308.57]
[92226,"TUBO DE CONCRETO PARA REDES COLETORAS DE ÁGUAS PLUVIAIS, DIÂMETRO DE 1000 MM, JUNTA RÍGIDA, INSTALADO EM LOCAL COM ALTO NÍVEL DE INTERFERÊNCIAS - FORNECIMENTO E ASSENTAMENTO. AF_12/2015","M",345.53]
[92808,"ASSENTAMENTO DE TUBO DE CONCRETO PARA REDES COLETORAS DE ÁGUAS PLUVIAIS, DIÂMETRO DE 300 MM, JUNTA RÍGIDA, INSTALADO EM LOCAL COM BAIXO NÍVEL DE INTERFERÊNCIAS (NÃO INCLUI FORNECIMENTO). AF_12/2015","M",31.83]
[92809,"ASSENTAMENTO DE TUBO DE CONCRETO PARA REDES COLETORAS DE ÁGUAS PLUVIAIS, DIÂMETRO DE 400 MM, JUNTA RÍGIDA, INSTALADO EM LOCAL COM BAIXO NÍVEL DE INTERFERÊNCIAS (NÃO INCLUI FORNECIMENTO). AF_12/2015","M",40.75]
[92810,"ASSENTAMENTO DE TUBO DE CONCRETO PARA REDES COLETORAS DE ÁGUAS PLUVIAIS, DIÂMETRO DE 500 MM, JUNTA RÍGIDA, INSTALADO EM LOCAL COM BAIXO NÍVEL DE INTERFERÊNCIAS (NÃO INCLUI FORNECIMENTO). AF_12/2015","M",49.56]
[92811,"ASSENTAMENTO DE TUBO DE CONCRETO PARA REDES COLETORAS DE ÁGUAS PLUVIAIS, DIÂMETRO DE 600 MM, JUNTA RÍGIDA, INSTALADO EM LOCAL COM BAIXO NÍVEL DE INTERFERÊNCIAS (NÃO INCLUI FORNECIMENTO). AF_12/2015","M",58.9]
[92812,"ASSENTAMENTO DE TUBO DE CONCRETO PARA REDES COLETORAS DE ÁGUAS PLUVIAIS, DIÂMETRO DE 700 MM, JUNTA RÍGIDA, INSTALADO EM LOCAL COM BAIXO NÍVEL DE INTERFERÊNCIAS (NÃO INCLUI FORNECIMENTO). AF_12/2015","M",68.12]
[92813,"ASSENTAMENTO DE TUBO DE CONCRETO PARA REDES COLETORAS DE ÁGUAS PLUVIAIS, DIÂMETRO DE 800 MM, JUNTA RÍGIDA, INSTALADO EM LOCAL COM BAIXO NÍVEL DE INTERFERÊNCIAS (NÃO INCLUI FORNECIMENTO). AF_12/2015","M",78.67]
[92814,"ASSENTAMENTO DE TUBO DE CONCRETO PARA REDES COLETORAS DE ÁGUAS PLUVIAIS, DIÂMETRO DE 900 MM, JUNTA RÍGIDA, INSTALADO EM LOCAL COM BAIXO NÍVEL DE INTERFERÊNCIAS (NÃO INCLUI FORNECIMENTO). AF_12/2015","M",89.66]
[92815,"ASSENTAMENTO DE TUBO DE CONCRETO PARA REDES COLETORAS DE ÁGUAS PLUVIAIS, DIÂMETRO DE 1000 MM, JUNTA RÍGIDA, INSTALADO EM LOCAL COM BAIXO NÍVEL DE INTERFERÊNCIAS (NÃO INCLUI FORNECIMENTO). AF_12/2015","M",102.06]
[92816,"TUBO DE CONCRETO PARA REDES COLETORAS DE ÁGUAS PLUVIAIS, DIÂMETRO DE 1200 MM, JUNTA RÍGIDA, INSTALADO EM LOCAL COM BAIXO NÍVEL DE INTERFERÊNCIAS - FORNECIMENTO E ASSENTAMENTO. AF_12/2015","M",446.61]
[92817,"ASSENTAMENTO DE TUBO DE CONCRETO PARA REDES COLETORAS DE ÁGUAS PLUVIAIS, DIÂMETRO DE 1200 MM, JUNTA RÍGIDA, INSTALADO EM LOCAL COM BAIXO NÍVEL DE INTERFERÊNCIAS (NÃO INCLUI FORNECIMENTO). AF_12/2015","M",127.7]
[92818,"TUBO DE CONCRETO PARA REDES COLETORAS DE ÁGUAS PLUVIAIS, DIÂMETRO DE 1500 MM, JUNTA RÍGIDA, INSTALADO EM LOCAL COM BAIXO NÍVEL DE INTERFERÊNCIAS - FORNECIMENTO E ASSENTAMENTO. AF_12/2015","M",646.26]
[92819,"ASSENTAMENTO DE TUBO DE CONCRETO PARA REDES COLETORAS DE ÁGUAS PLUVIAIS, DIÂMETRO DE 1500 MM, JUNTA RÍGIDA, INSTALADO EM LOCAL COM BAIXO NÍVEL DE INTERFERÊNCIAS (NÃO INCLUI FORNECIMENTO). AF_12/2015","M",171.9]
[92820,"ASSENTAMENTO DE TUBO DE CONCRETO PARA REDES COLETORAS DE ÁGUAS PLUVIAIS, DIÂMETRO DE 300 MM, JUNTA RÍGIDA, INSTALADO EM LOCAL COM ALTO NÍVEL DE INTERFERÊNCIAS (NÃO INCLUI FORNECIMENTO). AF_12/2015","M",37.98]
[92821,"ASSENTAMENTO DE TUBO DE CONCRETO PARA REDES COLETORAS DE ÁGUAS PLUVIAIS, DIÂMETRO DE 400 MM, JUNTA RÍGIDA, INSTALADO EM LOCAL COM ALTO NÍVEL DE INTERFERÊNCIAS (NÃO INCLUI FORNECIMENTO). AF_12/2015","M",48.64]
[92822,"ASSENTAMENTO DE TUBO DE CONCRETO PARA REDES COLETORAS DE ÁGUAS PLUVIAIS, DIÂMETRO DE 500 MM, JUNTA RÍGIDA, INSTALADO EM LOCAL COM ALTO NÍVEL DE INTERFERÊNCIAS (NÃO INCLUI FORNECIMENTO). AF_12/2015","M",59.31]
[92824,"ASSENTAMENTO DE TUBO DE CONCRETO PARA REDES COLETORAS DE ÁGUAS PLUVIAIS, DIÂMETRO DE 600 MM, JUNTA RÍGIDA, INSTALADO EM LOCAL COM ALTO NÍVEL DE INTERFERÊNCIAS (NÃO INCLUI FORNECIMENTO). AF_12/2015","M",70.32]
[92825,"ASSENTAMENTO DE TUBO DE CONCRETO PARA REDES COLETORAS DE ÁGUAS PLUVIAIS, DIÂMETRO DE 700 MM, JUNTA RÍGIDA, INSTALADO EM LOCAL COM ALTO NÍVEL DE INTERFERÊNCIAS (NÃO INCLUI FORNECIMENTO). AF_12/2015","M",81.39]
[92826,"ASSENTAMENTO DE TUBO DE CONCRETO PARA REDES COLETORAS DE ÁGUAS PLUVIAIS, DIÂMETRO DE 800 MM, JUNTA RÍGIDA, INSTALADO EM LOCAL COM ALTO NÍVEL DE INTERFERÊNCIAS (NÃO INCLUI FORNECIMENTO). AF_12/2015","M",93.54]
[92827,"ASSENTAMENTO DE TUBO DE CONCRETO PARA REDES COLETORAS DE ÁGUAS PLUVIAIS, DIÂMETRO DE 900 MM, JUNTA RÍGIDA, INSTALADO EM LOCAL COM ALTO NÍVEL DE INTERFERÊNCIAS (NÃO INCLUI FORNECIMENTO). AF_12/2015","M",106.17]
[92828,"ASSENTAMENTO DE TUBO DE CONCRETO PARA REDES COLETORAS DE ÁGUAS PLUVIAIS, DIÂMETRO DE 1000 MM, JUNTA RÍGIDA, INSTALADO EM LOCAL COM ALTO NÍVEL DE INTERFERÊNCIAS (NÃO INCLUI FORNECIMENTO). AF_12/2015","M",120.5]
[92829,"TUBO DE CONCRETO PARA REDES COLETORAS DE ÁGUAS PLUVIAIS, DIÂMETRO DE 1200 MM, JUNTA RÍGIDA, INSTALADO EM LOCAL COM ALTO NÍVEL DE INTERFERÊNCIAS - FORNECIMENTO E ASSENTAMENTO. AF_12/2015","M",468.4]
[92830,"ASSENTAMENTO DE TUBO DE CONCRETO PARA REDES COLETORAS DE ÁGUAS PLUVIAIS, DIÂMETRO DE 1200 MM, JUNTA RÍGIDA, INSTALADO EM LOCAL COM ALTO NÍVEL DE INTERFERÊNCIAS (NÃO INCLUI FORNECIMENTO). AF_12/2015","M",149.49]
[92831,"TUBO DE CONCRETO PARA REDES COLETORAS DE ÁGUAS PLUVIAIS, DIÂMETRO DE 1500 MM, JUNTA RÍGIDA, INSTALADO EM LOCAL COM ALTO NÍVEL DE INTERFERÊNCIAS - FORNECIMENTO E ASSENTAMENTO. AF_12/2015","M",673.07]
[92832,"ASSENTAMENTO DE TUBO DE CONCRETO PARA REDES COLETORAS DE ÁGUAS PLUVIAIS, DIÂMETRO DE 1500 MM, JUNTA RÍGIDA, INSTALADO EM LOCAL COM ALTO NÍVEL DE INTERFERÊNCIAS (NÃO INCLUI FORNECIMENTO). AF_12/2015","M",198.71]
[95565,"TUBO DE CONCRETO PARA REDES COLETORAS DE ÁGUAS PLUVIAIS, DIÂMETRO DE 300MM, JUNTA RÍGIDA, INSTALADO EM LOCAL COM BAIXO NÍVEL DE INTERFERÊNCIAS - FORNECIMENTO E ASSENTAMENTO. AF_12/2015","M",87.09]
[95566,"TUBO DE CONCRETO PARA REDES COLETORAS DE ÁGUAS PLUVIAIS, DIÂMETRO DE 300MM, JUNTA RÍGIDA, INSTALADO EM LOCAL COM ALTO NÍVEL DE INTERFERÊNCIAS - FORNECIMENTO E ASSENTAMENTO. AF_12/2015","M",93.14]
[95567,"TUBO DE CONCRETO (SIMPLES) PARA REDES COLETORAS DE ÁGUAS PLUVIAIS, DIÂMETRO DE 300 MM, JUNTA RÍGIDA, INSTALADO EM LOCAL COM BAIXO NÍVEL DE INTERFERÊNCIAS - FORNECIMENTO E ASSENTAMENTO. AF_12/2015","M",69.92]
[95568,"TUBO DE CONCRETO (SIMPLES) PARA REDES COLETORAS DE ÁGUAS PLUVIAIS, DIÂMETRO DE 400 MM, JUNTA RÍGIDA, INSTALADO EM LOCAL COM BAIXO NÍVEL DE INTERFERÊNCIAS - FORNECIMENTO E ASSENTAMENTO. AF_12/2015","M",91.12]
[95569,"TUBO DE CONCRETO (SIMPLES) PARA REDES COLETORAS DE ÁGUAS PLUVIAIS, DIÂMETRO DE 500 MM, JUNTA RÍGIDA, INSTALADO EM LOCAL COM BAIXO NÍVEL DE INTERFERÊNCIAS - FORNECIMENTO E ASSENTAMENTO. AF_12/2015","M",122.71]
[95570,"TUBO DE CONCRETO (SIMPLES) PARA REDES COLETORAS DE ÁGUAS PLUVIAIS, DIÂMETRO DE 300 MM, JUNTA RÍGIDA, INSTALADO EM LOCAL COM ALTO NÍVEL DE INTERFERÊNCIAS - FORNECIMENTO E ASSENTAMENTO. AF_12/2015","M",75.97]
[95571,"TUBO DE CONCRETO (SIMPLES) PARA REDES COLETORAS DE ÁGUAS PLUVIAIS, DIÂMETRO DE 400 MM, JUNTA RÍGIDA, INSTALADO EM LOCAL COM ALTO NÍVEL DE INTERFERÊNCIAS - FORNECIMENTO E ASSENTAMENTO. AF_12/2015","M",98.88]
[95572,"TUBO DE CONCRETO (SIMPLES) PARA REDES COLETORAS DE ÁGUAS PLUVIAIS, DIÂMETRO DE 500 MM, JUNTA RÍGIDA, INSTALADO EM LOCAL COM ALTO NÍVEL DE INTERFERÊNCIAS - FORNECIMENTO E ASSENTAMENTO. AF_12/2015","M",132.3]
[73606,"ASSENTAMENTO DE TAMPAO DE FERRO FUNDIDO 900 MM","UN",142.35]
[73607,"ASSENTAMENTO DE TAMPAO DE FERRO FUNDIDO 600 MM","UN",94.9]
[83623,"GRELHA DE FERRO FUNDIDO PARA CANALETA LARG = 30CM, FORNECIMENTO E ASSENTAMENTO","M",195.28]
[83624,"GRELHA DE FERRO FUNDIDO PARA CANALETA LARG = 20CM, FORNECIMENTO E ASSENTAMENTO","M",137.84]
[83626,"GRELHA DE FERRO FUNDIDO PARA CANALETA LARG = 15CM, FORNECIMENTO E ASSENTAMENTO","M",109.12]
[83627,"TAMPAO FOFO ARTICULADO, CLASSE B125 CARGA MAX 12,5 T, REDONDO TAMPA 600 MM, REDE PLUVIAL/ESGOTO, P = CHAMINE CX AREIA / POCO VISITA ASSENTADO COM ARG CIM/AREIA 1:4, FORNECIMENTO E ASSENTAMENTO","UN",402.24]
[83724,"ASSENTAMENTO DE PECAS, CONEXOES, APARELHOS E ACESSORIOS DE FERRO FUNDIDO DUCTIL, JUNTA ELASTICA, MECANICA OU FLANGEADA, COM DIAMETROS DE 50 A 300 MM.","KG",1.8]
[83725,"ASSENTAMENTO DE PECAS, CONEXOES, APARELHOS E ACESSORIOS DE FERRO FUNDIDO DUCTIL, JUNTA ELASTICA, MECANICA OU FLANGEADA, COM DIAMETROS DE 350 A 600 MM.","KG",1.09]
[83726,"ASSENTAMENTO DE PECAS, CONEXOES, APARELHOS E ACESSORIOS DE FERRO FUNDIDO DUCTIL, JUNTA ELASTICA, MECANICA OU FLANGEADA, COM DIAMETROS DE 700 A 1200 MM.","KG",0.84]
[97127,"ASSENTAMENTO DE TUBO DE PVC DEFOFO OU PRFV OU RPVC PARA REDE DE ÁGUA, DN 150 MM, JUNTA ELÁSTICA INTEGRADA, INSTALADO EM LOCAL COM NÍVEL ALTO DE INTERFERÊNCIAS (NÃO INCLUI FORNECIMENTO). AF_11/2017","M",4.74]
[97128,"ASSENTAMENTO DE TUBO DE PVC DEFOFO OU PRFV OU RPVC PARA REDE DE ÁGUA, DN 200 MM, JUNTA ELÁSTICA INTEGRADA, INSTALADO EM LOCAL COM NÍVEL ALTO DE INTERFERÊNCIAS (NÃO INCLUI FORNECIMENTO). AF_11/2017","M",8.7]
[97129,"ASSENTAMENTO DE TUBO DE PVC DEFOFO OU PRFV OU RPVC PARA REDE DE ÁGUA, DN 250 MM, JUNTA ELÁSTICA INTEGRADA, INSTALADO EM LOCAL COM NÍVEL ALTO DE INTERFERÊNCIAS (NÃO INCLUI FORNECIMENTO). AF_11/2017","M",10.7]
[97130,"ASSENTAMENTO DE TUBO DE PVC DEFOFO OU PRFV OU RPVC PARA REDE DE ÁGUA, DN 300 MM, JUNTA ELÁSTICA INTEGRADA, INSTALADO EM LOCAL COM NÍVEL ALTO DE INTERFERÊNCIAS (NÃO INCLUI FORNECIMENTO). AF_11/2017","M",12.71]
[97131,"ASSENTAMENTO DE TUBO DE PVC DEFOFO OU PRFV OU RPVC PARA REDE DE ÁGUA, DN 350 MM, JUNTA ELÁSTICA INTEGRADA, INSTALADO EM LOCAL COM NÍVEL ALTO DE INTERFERÊNCIAS (NÃO INCLUI FORNECIMENTO). AF_11/2017","M",14.7]
[97132,"ASSENTAMENTO DE TUBO DE PVC DEFOFO OU PRFV OU RPVC PARA REDE DE ÁGUA, DN 400 MM, JUNTA ELÁSTICA INTEGRADA, INSTALADO EM LOCAL COM NÍVEL ALTO DE INTERFERÊNCIAS (NÃO INCLUI FORNECIMENTO). AF_11/2017","M",16.68]
[97133,"ASSENTAMENTO DE TUBO DE PVC DEFOFO OU PRFV OU RPVC PARA REDE DE ÁGUA, DN 500 MM, JUNTA ELÁSTICA INTEGRADA, INSTALADO EM LOCAL COM NÍVEL ALTO DE INTERFERÊNCIAS (NÃO INCLUI FORNECIMENTO). AF_11/2017","M",20.7]
[97134,"ASSENTAMENTO DE TUBO DE PVC DEFOFO OU PRFV OU RPVC PARA REDE DE ÁGUA, DN 150 MM, JUNTA ELÁSTICA INTEGRADA, INSTALADO EM LOCAL COM NÍVEL BAIXO DE INTERFERÊNCIAS (NÃO INCLUI FORNECIMENTO). AF_11/2017","M",2.09]
[97135,"ASSENTAMENTO DE TUBO DE PVC DEFOFO OU PRFV OU RPVC PARA REDE DE ÁGUA, DN 200 MM, JUNTA ELÁSTICA INTEGRADA, INSTALADO EM LOCAL COM NÍVEL BAIXO DE INTERFERÊNCIAS (NÃO INCLUI FORNECIMENTO). AF_11/2017","M",4.24]
[97136,"ASSENTAMENTO DE TUBO DE PVC DEFOFO OU PRFV OU RPVC PARA REDE DE ÁGUA, DN 250 MM, JUNTA ELÁSTICA INTEGRADA, INSTALADO EM LOCAL COM NÍVEL BAIXO DE INTERFERÊNCIAS (NÃO INCLUI FORNECIMENTO). AF_11/2017","M",5.22]
[97137,"ASSENTAMENTO DE TUBO DE PVC DEFOFO OU PRFV OU RPVC PARA REDE DE ÁGUA, DN 300 MM, JUNTA ELÁSTICA INTEGRADA, INSTALADO EM LOCAL COM NÍVEL BAIXO DE INTERFERÊNCIAS (NÃO INCLUI FORNECIMENTO). AF_11/2017","M",6.2]
[97138,"ASSENTAMENTO DE TUBO DE PVC DEFOFO OU PRFV OU RPVC PARA REDE DE ÁGUA, DN 350 MM, JUNTA ELÁSTICA INTEGRADA, INSTALADO EM LOCAL COM NÍVEL BAIXO DE INTERFERÊNCIAS (NÃO INCLUI FORNECIMENTO). AF_11/2017","M",7.17]
[97139,"ASSENTAMENTO DE TUBO DE PVC DEFOFO OU PRFV OU RPVC PARA REDE DE ÁGUA, DN 400 MM, JUNTA ELÁSTICA INTEGRADA, INSTALADO EM LOCAL COM NÍVEL BAIXO DE INTERFERÊNCIAS (NÃO INCLUI FORNECIMENTO). AF_11/2017","M",8.14]
[97140,"ASSENTAMENTO DE TUBO DE PVC DEFOFO OU PRFV OU RPVC PARA REDE DE ÁGUA, DN 500 MM, JUNTA ELÁSTICA INTEGRADA, INSTALADO EM LOCAL COM NÍVEL BAIXO DE INTERFERÊNCIAS (NÃO INCLUI FORNECIMENTO). AF_11/2017","M",10.11]
[83520,"TE PVC PARA COLETOR ESGOTO, EB644, D=100MM, COM JUNTA ELASTICA.","UN",85.69]
[83531,"CURVA PARA REDE COLETOR ESGOTO, EB 644, 90GR, DN=200MM, COM JUNTA ELASTICA","UN",354.01]
[83535,"CURVA PVC PARA REDE COLETOR ESGOTO, EB-644, 45 GR, 200 MM, COM JUNTA ELASTICA.","UN",292.84]
[92235,"FECHAMENTO DE CONSTRUÇÃO TEMPORÁRIA EM CHAPA DE MADEIRA COMPENSADA E=10MM, COM REAPROVEITAMENTO DE 2X.","M2",61.92]
[93206,"EXECUÇÃO DE ESCRITÓRIO EM CANTEIRO DE OBRA EM ALVENARIA, NÃO INCLUSO MOBILIÁRIO E EQUIPAMENTOS. AF_02/2016","M2",845.95]
[93207,"EXECUÇÃO DE ESCRITÓRIO EM CANTEIRO DE OBRA EM CHAPA DE MADEIRA COMPENSADA, NÃO INCLUSO MOBILIÁRIO E EQUIPAMENTOS. AF_02/2016","M2",743.95]
[93208,"EXECUÇÃO DE ALMOXARIFADO EM CANTEIRO DE OBRA EM CHAPA DE MADEIRA COMPENSADA, INCLUSO PRATELEIRAS. AF_02/2016","M2",571.85]
[93209,"EXECUÇÃO DE ALMOXARIFADO EM CANTEIRO DE OBRA EM ALVENARIA, INCLUSO PRATELEIRAS. AF_02/2016","M2",673.22]
[93210,"EXECUÇÃO DE REFEITÓRIO EM CANTEIRO DE OBRA EM CHAPA DE MADEIRA COMPENSADA, NÃO INCLUSO MOBILIÁRIO E EQUIPAMENTOS. AF_02/2016","M2",396.44]
[93211,"EXECUÇÃO DE REFEITÓRIO EM CANTEIRO DE OBRA EM ALVENARIA, NÃO INCLUSO MOBILIÁRIO E EQUIPAMENTOS. AF_02/2016","M2",415.97]
[93212,"EXECUÇÃO DE SANITÁRIO E VESTIÁRIO EM CANTEIRO DE OBRA EM CHAPA DE MADEIRA COMPENSADA, NÃO INCLUSO MOBILIÁRIO. AF_02/2016","M2",685.84]
[93213,"EXECUÇÃO DE SANITÁRIO E VESTIÁRIO EM CANTEIRO DE OBRA EM ALVENARIA, NÃO INCLUSO MOBILIÁRIO. AF_02/2016","M2",760.32]
[93214,"EXECUÇÃO DE RESERVATÓRIO ELEVADO DE ÁGUA (1000 LITROS) EM CANTEIRO DE OBRA, APOIADO EM ESTRUTURA DE MADEIRA. AF_02/2016","UN",4205.89]
[93243,"EXECUÇÃO DE RESERVATÓRIO ELEVADO DE ÁGUA (2000 LITROS) EM CANTEIRO DE OBRA, APOIADO EM ESTRUTURA DE MADEIRA. AF_02/2016","UN",6254.85]
[93582,"EXECUÇÃO DE CENTRAL DE ARMADURA EM CANTEIRO DE OBRA, NÃO INCLUSO MOBILIÁRIO E EQUIPAMENTOS. AF_04/2016","M2",188.07]
[93583,"EXECUÇÃO DE CENTRAL DE FÔRMAS, PRODUÇÃO DE ARGAMASSA OU CONCRETO EM CANTEIRO DE OBRA, NÃO INCLUSO MOBILIÁRIO E EQUIPAMENTOS. AF_04/2016","M2",309.9]
[93584,"EXECUÇÃO DE DEPÓSITO EM CANTEIRO DE OBRA EM CHAPA DE MADEIRA COMPENSADA, NÃO INCLUSO MOBILIÁRIO. AF_04/2016","M2",578.67]
[93585,"EXECUÇÃO DE GUARITA EM CANTEIRO DE OBRA EM CHAPA DE MADEIRA COMPENSADA, NÃO INCLUSO MOBILIÁRIO. AF_04/2016","M2",781.72]
[98441,"PAREDE DE MADEIRA COMPENSADA PARA CONSTRUÇÃO TEMPORÁRIA EM CHAPA SIMPLES, EXTERNA, COM ÁREA LÍQUIDA MAIOR OU IGUAL A 6 M², SEM VÃO. AF_05/2018","M2",88.8]
[98442,"PAREDE DE MADEIRA COMPENSADA PARA CONSTRUÇÃO TEMPORÁRIA EM CHAPA SIMPLES, EXTERNA, COM ÁREA LÍQUIDA MENOR QUE 6 M², SEM VÃO. AF_05/2018","M2",91.77]
[98443,"PAREDE DE MADEIRA COMPENSADA PARA CONSTRUÇÃO TEMPORÁRIA EM CHAPA SIMPLES, INTERNA, COM ÁREA LÍQUIDA MAIOR OU IGUAL A 6 M², SEM VÃO. AF_05/2018","M2",75.04]
[98444,"PAREDE DE MADEIRA COMPENSADA PARA CONSTRUÇÃO TEMPORÁRIA EM CHAPA SIMPLES, INTERNA, COM ÁREA LÍQUIDA MENOR QUE 6 M², SEM VÃO. AF_05/2018","M2",77.15]
[98445,"PAREDE DE MADEIRA COMPENSADA PARA CONSTRUÇÃO TEMPORÁRIA EM CHAPA SIMPLES, EXTERNA, COM ÁREA LÍQUIDA MAIOR OU IGUAL A 6 M², COM VÃO. AF_05/2018","M2",107.69]
[98446,"PAREDE DE MADEIRA COMPENSADA PARA CONSTRUÇÃO TEMPORÁRIA EM CHAPA SIMPLES, EXTERNA, COM ÁREA LÍQUIDA MENOR QUE 6 M², COM VÃO. AF_05/2018","M2",141.54]
[98447,"PAREDE DE MADEIRA COMPENSADA PARA CONSTRUÇÃO TEMPORÁRIA EM CHAPA SIMPLES, INTERNA, COM ÁREA LÍQUIDA MAIOR OU IGUAL A 6 M², COM VÃO. AF_05/2018","M2",88.77]
[98448,"PAREDE DE MADEIRA COMPENSADA PARA CONSTRUÇÃO TEMPORÁRIA EM CHAPA SIMPLES, INTERNA, COM ÁREA LÍQUIDA MENOR QUE 6 M², COM VÃO. AF_05/2018","M2",114.36]
[98449,"PAREDE DE MADEIRA COMPENSADA PARA CONSTRUÇÃO TEMPORÁRIA EM CHAPA DUPLA, EXTERNA, COM ÁREA LÍQUIDA MAIOR OU IGUAL A 6 M², SEM VÃO. AF_05/2018","M2",110.78]
[98450,"PAREDE DE MADEIRA COMPENSADA PARA CONSTRUÇÃO TEMPORÁRIA EM CHAPA DUPLA, EXTERNA, COM ÁREA LÍQUIDA MENOR QUE 6 M², SEM VÃO. AF_05/2018","M2",115.14]
[98451,"PAREDE DE MADEIRA COMPENSADA PARA CONSTRUÇÃO TEMPORÁRIA EM CHAPA DUPLA, INTERNA, COM ÁREA LÍQUIDA MAIOR OU IGUAL A 6 M², SEM VÃO. AF_05/2018","M2",94.47]
[98452,"PAREDE DE MADEIRA COMPENSADA PARA CONSTRUÇÃO TEMPORÁRIA EM CHAPA DUPLA, INTERNA, COM ÁREA LÍQUIDA MENOR QUE 6 M², SEM VÃO. AF_05/2018","M2",97.1]
[98453,"PAREDE DE MADEIRA COMPENSADA PARA CONSTRUÇÃO TEMPORÁRIA EM CHAPA DUPLA, EXTERNA, COM ÁREA LÍQUIDA MAIOR OU IGUAL A QUE 6 M², COM VÃO. AF_05/2018","M2",134.74]
[98454,"PAREDE DE MADEIRA COMPENSADA PARA CONSTRUÇÃO TEMPORÁRIA EM CHAPA DUPLA, EXTERNA, COM ÁREA LÍQUIDA MENOR QUE 6 M², COM VÃO. AF_05/2018","M2",180.93]
[98455,"PAREDE DE MADEIRA COMPENSADA PARA CONSTRUÇÃO TEMPORÁRIA EM CHAPA DUPLA, INTERNA, COM ÁREA LÍQUIDA MAIOR OU IGUAL A 6 M², COM VÃO. AF_05/2018","M2",113.24]
[98456,"PAREDE DE MADEIRA COMPENSADA PARA CONSTRUÇÃO TEMPORÁRIA EM CHAPA DUPLA, INTERNA, COM ÁREA LÍQUIDA MENOR QUE 6 M², COM VÃO. AF_05/2018","M2",150.35]
[98458,"TAPUME COM COMPENSADO DE MADEIRA. AF_05/2018","M2",83.83]
[98459,"TAPUME COM TELHA METÁLICA. AF_05/2018","M2",78.6]
[98460,"PISO PARA CONSTRUÇÃO TEMPORÁRIA EM MADEIRA, SEM REAPROVEITAMENTO. AF_05/2018","M2",68.09]
[98461,"ESTRUTURA DE MADEIRA PROVISÓRIA PARA SUPORTE DE CAIXA D\u0092ÁGUA ELEVADA DE 1000 LITROS. AF_05/2018","UN",3654.13]
[98462,"ESTRUTURA DE MADEIRA PROVISÓRIA PARA SUPORTE DE CAIXA D\u0092ÁGUA ELEVADA DE 3000 LITROS. AF_05/2018","UN",5336.24]
["74209/1","PLACA DE OBRA EM CHAPA DE ACO GALVANIZADO","M2",435.26]
[5631,"ESCAVADEIRA HIDRÁULICA SOBRE ESTEIRAS, CAÇAMBA 0,80 M3, PESO OPERACIONAL 17 T, POTENCIA BRUTA 111 HP - CHP DIURNO. AF_06/2014","CHP",134.49]
[5678,"RETROESCAVADEIRA SOBRE RODAS COM CARREGADEIRA, TRAÇÃO 4X4, POTÊNCIA LÍQ. 88 HP, CAÇAMBA CARREG. CAP. MÍN. 1 M3, CAÇAMBA RETRO CAP. 0,26 M3, PESO OPERACIONAL MÍN. 6.674 KG, PROFUNDIDADE ESCAVAÇÃO MÁX. 4,37 M - CHP DIURNO. AF_06/2014","CHP",99.23]
[5680,"RETROESCAVADEIRA SOBRE RODAS COM CARREGADEIRA, TRAÇÃO 4X2, POTÊNCIA LÍQ. 79 HP, CAÇAMBA CARREG. CAP. MÍN. 1 M3, CAÇAMBA RETRO CAP. 0,20 M3, PESO OPERACIONAL MÍN. 6.570 KG, PROFUNDIDADE ESCAVAÇÃO MÁX. 4,37 M - CHP DIURNO. AF_06/2014","CHP",92.57]
[5684,"ROLO COMPACTADOR VIBRATÓRIO DE UM CILINDRO AÇO LISO, POTÊNCIA 80 HP, PESO OPERACIONAL MÁXIMO 8,1 T, IMPACTO DINÂMICO 16,15 / 9,5 T, LARGURA DE TRABALHO 1,68 M - CHP DIURNO. AF_06/2014","CHP",99.02]
[5689,"GRADE DE DISCO CONTROLE REMOTO REBOCÁVEL, COM 24 DISCOS 24 X 6 MM COM PNEUS PARA TRANSPORTE - CHP DIURNO. AF_06/2014","CHP",3.76]
[5795,"MARTELETE OU ROMPEDOR PNEUMÁTICO MANUAL, 28 KG, COM SILENCIADOR - CHP DIURNO. AF_07/2016","CHP",24.84]
[5811,"CAMINHÃO BASCULANTE 6 M3, PESO BRUTO TOTAL 16.000 KG, CARGA ÚTIL MÁXIMA 13.071 KG, DISTÂNCIA ENTRE EIXOS 4,80 M, POTÊNCIA 230 CV INCLUSIVE CAÇAMBA METÁLICA - CHP DIURNO. AF_06/2014","CHP",159.46]
[5823,"USINA DE CONCRETO FIXA, CAPACIDADE NOMINAL DE 90 A 120 M3/H, SEM SILO - CHP DIURNO. AF_07/2016","CHP",194.6]
[5824,"CAMINHÃO TOCO, PBT 16.000 KG, CARGA ÚTIL MÁX. 10.685 KG, DIST. ENTRE EIXOS 4,8 M, POTÊNCIA 189 CV, INCLUSIVE CARROCERIA FIXA ABERTA DE MADEIRA P/ TRANSPORTE GERAL DE CARGA SECA, DIMEN. APROX. 2,5 X 7,00 X 0,50 M - CHP DIURNO. AF_06/2014","CHP",129.19]
[5835,"VIBROACABADORA DE ASFALTO SOBRE ESTEIRAS, LARGURA DE PAVIMENTAÇÃO 1,90 M A 5,30 M, POTÊNCIA 105 HP CAPACIDADE 450 T/H - CHP DIURNO. AF_11/2014","CHP",225.49]
[5839,"VASSOURA MECÂNICA REBOCÁVEL COM ESCOVA CILÍNDRICA, LARGURA ÚTIL DE VARRIMENTO DE 2,44 M - CHP DIURNO. AF_06/2014","CHP",5.57]
[5843,"TRATOR DE PNEUS, POTÊNCIA 122 CV, TRAÇÃO 4X4, PESO COM LASTRO DE 4.510 KG - CHP DIURNO. AF_06/2014","CHP",101.53]
[5847,"TRATOR DE ESTEIRAS, POTÊNCIA 170 HP, PESO OPERACIONAL 19 T, CAÇAMBA 5,2 M3 - CHP DIURNO. AF_06/2014","CHP",161.88]
[5851,"TRATOR DE ESTEIRAS, POTÊNCIA 150 HP, PESO OPERACIONAL 16,7 T, COM RODA MOTRIZ ELEVADA E LÂMINA 3,18 M3 - CHP DIURNO. AF_06/2014","CHP",152.84]
[5855,"TRATOR DE ESTEIRAS, POTÊNCIA 347 HP, PESO OPERACIONAL 38,5 T, COM LÂMINA 8,70 M3 - CHP DIURNO. AF_06/2014","CHP",376.38]
[5863,"ROLO COMPACTADOR VIBRATÓRIO REBOCÁVEL, CILINDRO DE AÇO LISO, POTÊNCIA DE TRAÇÃO DE 65 CV, PESO 4,7 T, IMPACTO DINÂMICO 18,3 T, LARGURA DE TRABALHO 1,67 M - CHP DIURNO. AF_02/2016","CHP",11.51]
[5867,"ROLO COMPACTADOR VIBRATÓRIO TANDEM AÇO LISO, POTÊNCIA 58 HP, PESO SEM/COM LASTRO 6,5 / 9,4 T, LARGURA DE TRABALHO 1,2 M - CHP DIURNO. AF_06/2014","CHP",97.41]
[5875,"RETROESCAVADEIRA SOBRE RODAS COM CARREGADEIRA, TRAÇÃO 4X4, POTÊNCIA LÍQ. 72 HP, CAÇAMBA CARREG. CAP. MÍN. 0,79 M3, CAÇAMBA RETRO CAP. 0,18 M3, PESO OPERACIONAL MÍN. 7.140 KG, PROFUNDIDADE ESCAVAÇÃO MÁX. 4,50 M - CHP DIURNO. AF_06/2014","CHP",91.6]
[5879,"ROLO COMPACTADOR VIBRATÓRIO PÉ DE CARNEIRO, OPERADO POR CONTROLE REMOTO, POTÊNCIA 12,5 KW, PESO OPERACIONAL 1,675 T, LARGURA DE TRABALHO 0,85 M - CHP DIURNO. AF_02/2016","CHP",83.37]
[5882,"USINA DE LAMA ASFÁLTICA, PROD 30 A 50 T/H, SILO DE AGREGADO 7 M3, RESERVATÓRIOS PARA EMULSÃO E ÁGUA DE 2,3 M3 CADA, MISTURADOR TIPO PUG MILL A SER MONTADO SOBRE CAMINHÃO - CHP DIURNO. AF_10/2014","CHP",82.17]
[5890,"CAMINHÃO TOCO, PESO BRUTO TOTAL 14.300 KG, CARGA ÚTIL MÁXIMA 9590 KG, DISTÂNCIA ENTRE EIXOS 4,76 M, POTÊNCIA 185 CV (NÃO INCLUI CARROCERIA) - CHP DIURNO. AF_06/2014","CHP",128.91]
[5894,"CAMINHÃO TOCO, PESO BRUTO TOTAL 16.000 KG, CARGA ÚTIL MÁXIMA DE 10.685 KG, DISTÂNCIA ENTRE EIXOS 4,80 M, POTÊNCIA 189 CV EXCLUSIVE CARROCERIA - CHP DIURNO. AF_06/2014","CHP",127.26]
[5901,"CAMINHÃO PIPA 10.000 L TRUCADO, PESO BRUTO TOTAL 23.000 KG, CARGA ÚTIL MÁXIMA 15.935 KG, DISTÂNCIA ENTRE EIXOS 4,8 M, POTÊNCIA 230 CV, INCLUSIVE TANQUE DE AÇO PARA TRANSPORTE DE ÁGUA - CHP DIURNO. AF_06/2014","CHP",160.45]
[5909,"ESPARGIDOR DE ASFALTO PRESSURIZADO COM TANQUE DE 2500 L, REBOCÁVEL COM MOTOR A GASOLINA POTÊNCIA 3,4 HP - CHP DIURNO. AF_07/2014","CHP",26.91]
[5921,"GRADE DE DISCO REBOCÁVEL COM 20 DISCOS 24\" X 6 MM COM PNEUS PARA TRANSPORTE - CHP DIURNO. AF_06/2014","CHP",2.95]
[5928,"GUINDAUTO HIDRÁULICO, CAPACIDADE MÁXIMA DE CARGA 6200 KG, MOMENTO MÁXIMO DE CARGA 11,7 TM, ALCANCE MÁXIMO HORIZONTAL 9,70 M, INCLUSIVE CAMINHÃO TOCO PBT 16.000 KG, POTÊNCIA DE 189 CV - CHP DIURNO. AF_06/2014","CHP",130.7]
[5932,"MOTONIVELADORA POTÊNCIA BÁSICA LÍQUIDA (PRIMEIRA MARCHA) 125 HP, PESO BRUTO 13032 KG, LARGURA DA LÂMINA DE 3,7 M - CHP DIURNO. AF_06/2014","CHP",158.99]
[5940,"PÁ CARREGADEIRA SOBRE RODAS, POTÊNCIA LÍQUIDA 128 HP, CAPACIDADE DA CAÇAMBA 1,7 A 2,8 M3, PESO OPERACIONAL 11632 KG - CHP DIURNO. AF_06/2014","CHP",136.7]
[5944,"PÁ CARREGADEIRA SOBRE RODAS, POTÊNCIA 197 HP, CAPACIDADE DA CAÇAMBA 2,5 A 3,5 M3, PESO OPERACIONAL 18338 KG - CHP DIURNO. AF_06/2014","CHP",189.1]
[5953,"COMPRESSOR DE AR REBOCÁVEL, VAZÃO 189 PCM, PRESSÃO EFETIVA DE TRABALHO 102 PSI, MOTOR DIESEL, POTÊNCIA 63 CV - CHP DIURNO. AF_06/2015","CHP",33.99]
[6259,"CAMINHÃO PIPA 6.000 L, PESO BRUTO TOTAL 13.000 KG, DISTÂNCIA ENTRE EIXOS 4,80 M, POTÊNCIA 189 CV INCLUSIVE TANQUE DE AÇO PARA TRANSPORTE DE ÁGUA, CAPACIDADE 6 M3 - CHP DIURNO. AF_06/2014","CHP",134.26]
[6879,"ROLO COMPACTADOR DE PNEUS ESTÁTICO, PRESSÃO VARIÁVEL, POTÊNCIA 111 HP, PESO SEM/COM LASTRO 9,5 / 26 T, LARGURA DE TRABALHO 1,90 M - CHP DIURNO. AF_07/2014","CHP",135.06]
[7030,"TANQUE DE ASFALTO ESTACIONÁRIO COM SERPENTINA, CAPACIDADE 30.000 L - CHP DIURNO. AF_06/2014","CHP",158.49]
[7042,"MOTOBOMBA TRASH (PARA ÁGUA SUJA) AUTO ESCORVANTE, MOTOR GASOLINA DE 6,41 HP, DIÂMETROS DE SUCÇÃO X RECALQUE: 3\" X 3\", HM/Q = 10 MCA / 60 M3/H A 23 MCA / 0 M3/H - CHP DIURNO. AF_10/2014","CHP",4.94]
[7049,"ROLO COMPACTADOR PE DE CARNEIRO VIBRATORIO, POTENCIA 125 HP, PESO OPERACIONAL SEM/COM LASTRO 11,95 / 13,30 T, IMPACTO DINAMICO 38,5 / 22,5 T, LARGURA DE TRABALHO 2,15 M - CHP DIURNO. AF_06/2014","CHP",134.87]
[67826,"CAMINHÃO BASCULANTE 6 M3 TOCO, PESO BRUTO TOTAL 16.000 KG, CARGA ÚTIL MÁXIMA 11.130 KG, DISTÂNCIA ENTRE EIXOS 5,36 M, POTÊNCIA 185 CV, INCLUSIVE CAÇAMBA METÁLICA - CHP DIURNO. AF_06/2014","CHP",137.21]
[73417,"GRUPO GERADOR ESTACIONÁRIO, MOTOR DIESEL POTÊNCIA 170 KVA - CHP DIURNO. AF_02/2016","CHP",106.2]
[73436,"ROLO COMPACTADOR VIBRATÓRIO PÉ DE CARNEIRO PARA SOLOS, POTÊNCIA 80 HP, PESO OPERACIONAL SEM/COM LASTRO 7,4 / 8,8 T, LARGURA DE TRABALHO 1,68 M - CHP DIURNO. AF_02/2016","CHP",147.22]
[73467,"CAMINHÃO TOCO, PBT 14.300 KG, CARGA ÚTIL MÁX. 9.710 KG, DIST. ENTRE EIXOS 3,56 M, POTÊNCIA 185 CV, INCLUSIVE CARROCERIA FIXA ABERTA DE MADEIRA P/ TRANSPORTE GERAL DE CARGA SECA, DIMEN. APROX. 2,50 X 6,50 X 0,50 M - CHP DIURNO. AF_06/2014","CHP",131.1]
[73536,"MOTOBOMBA CENTRÍFUGA, MOTOR A GASOLINA, POTÊNCIA 5,42 HP, BOCAIS 1 1/2\" X 1\", DIÂMETRO ROTOR 143 MM HM/Q = 6 MCA / 16,8 M3/H A 38 MCA / 6,6 M3/H - CHP DIURNO. AF_06/2014","CHP",4.16]
[83362,"ESPARGIDOR DE ASFALTO PRESSURIZADO, TANQUE 6 M3 COM ISOLAÇÃO TÉRMICA, AQUECIDO COM 2 MAÇARICOS, COM BARRA ESPARGIDORA 3,60 M, MONTADO SOBRE CAMINHÃO  TOCO, PBT 14.300 KG, POTÊNCIA 185 CV - CHP DIURNO. AF_08/2015","CHP",167.11]
[83765,"GRUPO DE SOLDAGEM COM GERADOR A DIESEL 60 CV PARA SOLDA ELÉTRICA, SOBRE 04 RODAS, COM MOTOR 4 CILINDROS 600 A - CHP DIURNO. AF_02/2016","CHP",74.67]
[87445,"BETONEIRA CAPACIDADE NOMINAL 400 L, CAPACIDADE DE MISTURA 310 L, MOTOR A DIESEL POTÊNCIA 5,0 HP, SEM CARREGADOR - CHP DIURNO. AF_06/2014","CHP",3.02]
[88386,"MISTURADOR DE ARGAMASSA, EIXO HORIZONTAL, CAPACIDADE DE MISTURA 300 KG, MOTOR ELÉTRICO POTÊNCIA 5 CV - CHP DIURNO. AF_06/2014","CHP",4.03]
[88393,"MISTURADOR DE ARGAMASSA, EIXO HORIZONTAL, CAPACIDADE DE MISTURA 600 KG, MOTOR ELÉTRICO POTÊNCIA 7,5 CV - CHP DIURNO. AF_06/2014","CHP",5.56]
[88399,"MISTURADOR DE ARGAMASSA, EIXO HORIZONTAL, CAPACIDADE DE MISTURA 160 KG, MOTOR ELÉTRICO POTÊNCIA 3 CV - CHP DIURNO. AF_06/2014","CHP",2.96]
[88418,"PROJETOR DE ARGAMASSA, CAPACIDADE DE PROJEÇÃO 1,5 M3/H, ALCANCE DE 30 ATÉ 60 M, MOTOR ELÉTRICO POTÊNCIA 7,5 HP - CHP DIURNO. AF_06/2014","CHP",12.85]
[88433,"PROJETOR DE ARGAMASSA, CAPACIDADE DE PROJEÇÃO 2 M3/H, ALCANCE ATÉ 50 M, MOTOR ELÉTRICO POTÊNCIA 7,5 HP - CHP DIURNO. AF_06/2014","CHP",15.82]
[88830,"BETONEIRA CAPACIDADE NOMINAL DE 400 L, CAPACIDADE DE MISTURA 280 L, MOTOR ELÉTRICO TRIFÁSICO POTÊNCIA DE 2 CV, SEM CARREGADOR - CHP DIURNO. AF_10/2014","CHP",1.49]
[88843,"TRATOR DE ESTEIRAS, POTÊNCIA 125 HP, PESO OPERACIONAL 12,9 T, COM LÂMINA 2,7 M3 - CHP DIURNO. AF_10/2014","CHP",130.05]
[88907,"ESCAVADEIRA HIDRÁULICA SOBRE ESTEIRAS, CAÇAMBA 1,20 M3, PESO OPERACIONAL 21 T, POTÊNCIA BRUTA 155 HP - CHP DIURNO. AF_06/2014","CHP",161.48]
[89021,"BOMBA SUBMERSÍVEL ELÉTRICA TRIFÁSICA, POTÊNCIA 2,96 HP, Ø ROTOR 144 MM SEMI-ABERTO, BOCAL DE SAÍDA Ø 2\u0094, HM/Q = 2 MCA / 38,8 M3/H A 28 MCA / 5 M3/H - CHP DIURNO. AF_06/2014","CHP",1.94]
[89028,"TANQUE DE ASFALTO ESTACIONÁRIO COM MAÇARICO, CAPACIDADE 20.000 L - CHP DIURNO. AF_06/2014","CHP",146.63]
[89032,"TRATOR DE ESTEIRAS, POTÊNCIA 100 HP, PESO OPERACIONAL 9,4 T, COM LÂMINA 2,19 M3 - CHP DIURNO. AF_06/2014","CHP",116.26]
[89035,"TRATOR DE PNEUS, POTÊNCIA 85 CV, TRAÇÃO 4X4, PESO COM LASTRO DE 4.675 KG - CHP DIURNO. AF_06/2014","CHP",79.02]
[89225,"BETONEIRA CAPACIDADE NOMINAL DE 600 L, CAPACIDADE DE MISTURA 360 L, MOTOR ELÉTRICO TRIFÁSICO POTÊNCIA DE 4 CV, SEM CARREGADOR - CHP DIURNO. AF_11/2014","CHP",4.07]
[89234,"FRESADORA DE ASFALTO A FRIO SOBRE RODAS, LARGURA FRESAGEM DE 1,0 M, POTÊNCIA 208 HP - CHP DIURNO. AF_11/2014","CHP",343.17]
[89242,"FRESADORA DE ASFALTO A FRIO SOBRE RODAS, LARGURA FRESAGEM DE 2,0 M, POTÊNCIA 550 HP - CHP DIURNO. AF_11/2014","CHP",798.73]
[89250,"RECICLADORA DE ASFALTO A FRIO SOBRE RODAS, LARGURA FRESAGEM DE 2,0 M, POTÊNCIA 422 HP - CHP DIURNO. AF_11/2014","CHP",671.07]
[89257,"VIBROACABADORA DE ASFALTO SOBRE ESTEIRAS, LARGURA DE PAVIMENTAÇÃO 2,13 M A 4,55 M, POTÊNCIA 100 HP CAPACIDADE 400 T/H - CHP DIURNO. AF_11/2014","CHP",195.8]
[89272,"GUINDASTE HIDRÁULICO AUTOPROPELIDO, COM LANÇA TELESCÓPICA 28,80 M, CAPACIDADE MÁXIMA 30 T, POTÊNCIA 97 KW, TRAÇÃO 4 X 4 - CHP DIURNO. AF_11/2014","CHP",159.53]
[89278,"BETONEIRA CAPACIDADE NOMINAL DE 600 L, CAPACIDADE DE MISTURA 440 L, MOTOR A DIESEL POTÊNCIA 10 HP, COM CARREGADOR - CHP DIURNO. AF_11/2014","CHP",7.23]
[89843,"BATE-ESTACAS POR GRAVIDADE, POTÊNCIA DE 160 HP, PESO DO MARTELO ATÉ 3 TONELADAS - CHP DIURNO. AF_11/2014","CHP",155.54]
[89876,"CAMINHÃO BASCULANTE 14 M3, COM CAVALO MECÂNICO DE CAPACIDADE MÁXIMA DE TRAÇÃO COMBINADO DE 36000 KG, POTÊNCIA 286 CV, INCLUSIVE SEMIREBOQUE COM CAÇAMBA METÁLICA - CHP DIURNO. AF_12/2014","CHP",206.81]
[89883,"CAMINHÃO BASCULANTE 18 M3, COM CAVALO MECÂNICO DE CAPACIDADE MÁXIMA DE TRAÇÃO COMBINADO DE 45000 KG, POTÊNCIA 330 CV, INCLUSIVE SEMIREBOQUE COM CAÇAMBA METÁLICA - CHP DIURNO. AF_12/2014","CHP",230.52]
[90586,"VIBRADOR DE IMERSÃO, DIÂMETRO DE PONTEIRA 45MM, MOTOR ELÉTRICO TRIFÁSICO POTÊNCIA DE 2 CV - CHP DIURNO. AF_06/2015","CHP",1.46]
[90625,"PERFURATRIZ MANUAL, TORQUE MÁXIMO 83 N.M, POTÊNCIA 5 CV, COM DIÂMETRO MÁXIMO 4\" - CHP DIURNO. AF_06/2015","CHP",5.26]
[90631,"PERFURATRIZ SOBRE ESTEIRA, TORQUE MÁXIMO 600 KGF, PESO MÉDIO 1000 KG, POTÊNCIA 20 HP, DIÂMETRO MÁXIMO 10\" - CHP DIURNO. AF_06/2015","CHP",93.36]
[90637,"MISTURADOR DUPLO HORIZONTAL DE ALTA TURBULÊNCIA, CAPACIDADE / VOLUME 2 X 500 LITROS, MOTORES ELÉTRICOS MÍNIMO 5 CV CADA, PARA NATA CIMENTO, ARGAMASSA E OUTROS - CHP DIURNO. AF_06/2015","CHP",11.93]
[90643,"BOMBA TRIPLEX, PARA INJEÇÃO DE NATA DE CIMENTO, VAZÃO MÁXIMA DE 100 LITROS/MINUTO, PRESSÃO MÁXIMA DE 70 BAR - CHP DIURNO. AF_06/2015","CHP",15.54]
[90650,"BOMBA CENTRÍFUGA MONOESTÁGIO COM MOTOR ELÉTRICO MONOFÁSICO, POTÊNCIA 15 HP, DIÂMETRO DO ROTOR 173 MM, HM/Q = 30 MCA / 90 M3/H A 45 MCA / 55 M3/H - CHP DIURNO. AF_06/2015","CHP",8.76]
[90656,"BOMBA DE PROJEÇÃO DE CONCRETO SECO, POTÊNCIA 10 CV, VAZÃO 3 M3/H - CHP DIURNO. AF_06/2015","CHP",11.87]
[90662,"BOMBA DE PROJEÇÃO DE CONCRETO SECO, POTÊNCIA 10 CV, VAZÃO 6 M3/H - CHP DIURNO. AF_06/2015","CHP",12.35]
[90668,"PROJETOR PNEUMÁTICO DE ARGAMASSA PARA CHAPISCO E REBOCO COM RECIPIENTE ACOPLADO, TIPO CANEQUINHA, COM COMPRESSOR DE AR REBOCÁVEL VAZÃO 89 PCM E MOTOR DIESEL DE 20 CV - CHP DIURNO. AF_06/2015","CHP",16.5]
[90674,"PERFURATRIZ COM TORRE METÁLICA PARA EXECUÇÃO DE ESTACA HÉLICE CONTÍNUA, PROFUNDIDADE MÁXIMA DE 30 M, DIÂMETRO MÁXIMO DE 800 MM, POTÊNCIA INSTALADA DE 268 HP, MESA ROTATIVA COM TORQUE MÁXIMO DE 170 KNM - CHP DIURNO. AF_06/2015","CHP",417.39]
[90680,"PERFURATRIZ HIDRÁULICA SOBRE CAMINHÃO COM TRADO CURTO ACOPLADO, PROFUNDIDADE MÁXIMA DE 20 M, DIÂMETRO MÁXIMO DE 1500 MM, POTÊNCIA INSTALADA DE 137 HP, MESA ROTATIVA COM TORQUE MÁXIMO DE 30 KNM - CHP DIURNO. AF_06/2015","CHP",225.46]
[90686,"MANIPULADOR TELESCÓPICO, POTÊNCIA DE 85 HP, CAPACIDADE DE CARGA DE 3.500 KG, ALTURA MÁXIMA DE ELEVAÇÃO DE 12,3 M - CHP DIURNO. AF_06/2015","CHP",126.17]
[90692,"MINICARREGADEIRA SOBRE RODAS, POTÊNCIA LÍQUIDA DE 47 HP, CAPACIDADE NOMINAL DE OPERAÇÃO DE 646 KG - CHP DIURNO. AF_06/2015","CHP",75.61]
[90964,"COMPRESSOR DE AR REBOCÁVEL, VAZÃO 89 PCM, PRESSÃO EFETIVA DE TRABALHO 102 PSI, MOTOR DIESEL, POTÊNCIA 20 CV - CHP DIURNO. AF_06/2015","CHP",15.75]
[90972,"COMPRESSOR DE AR REBOCAVEL, VAZÃO 250 PCM, PRESSAO DE TRABALHO 102 PSI, MOTOR A DIESEL POTÊNCIA 81 CV - CHP DIURNO. AF_06/2015","CHP",43.96]
[90979,"COMPRESSOR DE AR REBOCÁVEL, VAZÃO 748 PCM, PRESSÃO EFETIVA DE TRABALHO 102 PSI, MOTOR DIESEL, POTÊNCIA 210 CV - CHP DIURNO. AF_06/2015","CHP",113.66]
[90991,"ESCAVADEIRA HIDRÁULICA SOBRE ESTEIRAS, CAÇAMBA 0,80 M3, PESO OPERACIONAL 17,8 T, POTÊNCIA LÍQUIDA 110 HP - CHP DIURNO. AF_10/2014","CHP",131.39]
[90999,"COMPRESSOR DE AR REBOCAVEL, VAZÃO 400 PCM, PRESSAO DE TRABALHO 102 PSI, MOTOR A DIESEL POTÊNCIA 110 CV - CHP DIURNO. AF_06/2015","CHP",58.57]
[91031,"CAMINHÃO TRUCADO (C/ TERCEIRO EIXO) ELETRÔNICO - POTÊNCIA 231CV - PBT = 22000KG - DIST. ENTRE EIXOS 5170 MM - INCLUI CARROCERIA FIXA ABERTA DE MADEIRA - CHP DIURNO. AF_06/2015","CHP",156.95]
[91277,"PLACA VIBRATÓRIA REVERSÍVEL COM MOTOR 4 TEMPOS A GASOLINA, FORÇA CENTRÍFUGA DE 25 KN (2500 KGF), POTÊNCIA 5,5 CV - CHP DIURNO. AF_08/2015","CHP",5.43]
[91283,"CORTADORA DE PISO COM MOTOR 4 TEMPOS A GASOLINA, POTÊNCIA DE 13 HP, COM DISCO DE CORTE DIAMANTADO SEGMENTADO PARA CONCRETO, DIÂMETRO DE 350 MM, FURO DE 1\" (14 X 1\") - CHP DIURNO. AF_08/2015","CHP",10.61]
[91386,"CAMINHÃO BASCULANTE 10 M3, TRUCADO CABINE SIMPLES, PESO BRUTO TOTAL 23.000 KG, CARGA ÚTIL MÁXIMA 15.935 KG, DISTÂNCIA ENTRE EIXOS 4,80 M, POTÊNCIA 230 CV INCLUSIVE CAÇAMBA METÁLICA - CHP DIURNO. AF_06/2014","CHP",163.91]
[91533,"COMPACTADOR DE SOLOS DE PERCUSSÃO (SOQUETE) COM MOTOR A GASOLINA 4 TEMPOS, POTÊNCIA 4 CV - CHP DIURNO. AF_08/2015","CHP",30.44]
[91634,"GUINDAUTO HIDRÁULICO, CAPACIDADE MÁXIMA DE CARGA 6500 KG, MOMENTO MÁXIMO DE CARGA 5,8 TM, ALCANCE MÁXIMO HORIZONTAL 7,60 M, INCLUSIVE CAMINHÃO TOCO PBT 9.700 KG, POTÊNCIA DE 160 CV - CHP DIURNO. AF_08/2015","CHP",115.05]
[91645,"CAMINHÃO DE TRANSPORTE DE MATERIAL ASFÁLTICO 30.000 L, COM CAVALO MECÂNICO DE CAPACIDADE MÁXIMA DE TRAÇÃO COMBINADO DE 66.000 KG, POTÊNCIA 360 CV, INCLUSIVE TANQUE DE ASFALTO COM SERPENTINA - CHP DIURNO. AF_08/2015","CHP",248.6]
[91692,"SERRA CIRCULAR DE BANCADA COM MOTOR ELÉTRICO POTÊNCIA DE 5HP, COM COIFA PARA DISCO 10\" - CHP DIURNO. AF_08/2015","CHP",27.91]
[92043,"DISTRIBUIDOR DE AGREGADOS REBOCAVEL, CAPACIDADE 1,9 M³, LARGURA DE TRABALHO 3,66 M - CHP DIURNO. AF_11/2015","CHP",8.39]
[92106,"CAMINHÃO PARA EQUIPAMENTO DE LIMPEZA A SUCÇÃO, COM CAMINHÃO TRUCADO DE PESO BRUTO TOTAL 23000 KG, CARGA ÚTIL MÁXIMA 15935 KG, DISTÂNCIA ENTRE EIXOS 4,80 M, POTÊNCIA 230 CV, INCLUSIVE LIMPADORA A SUCÇÃO, TANQUE 12000 L - CHP DIURNO. AF_11/2015","CHP",166.06]
[92112,"PENEIRA ROTATIVA COM MOTOR ELÉTRICO TRIFÁSICO DE 2 CV, CILINDRO DE 1 M X 0,60 M, COM FUROS DE 3,17 MM - CHP DIURNO. AF_11/2015","CHP",2.38]
[92118,"DOSADOR DE AREIA, CAPACIDADE DE 26 LITROS - CHP DIURNO. AF_11/2015","CHP",0.17]
[92138,"CAMINHONETE COM MOTOR A DIESEL, POTÊNCIA 180 CV, CABINE DUPLA, 4X4 - CHP DIURNO. AF_11/2015","CHP",117.17]
[92145,"CAMINHONETE CABINE SIMPLES COM MOTOR 1.6 FLEX, CÂMBIO MANUAL, POTÊNCIA 101/104 CV, 2 PORTAS - CHP DIURNO. AF_11/2015","CHP",92.72]
[92242,"CAMINHÃO DE TRANSPORTE DE MATERIAL ASFÁLTICO 20.000 L, COM CAVALO MECÂNICO DE CAPACIDADE MÁXIMA DE TRAÇÃO COMBINADO DE 45.000 KG, POTÊNCIA 330 CV, INCLUSIVE TANQUE DE ASFALTO COM MAÇARICO - CHP DIURNO. AF_12/2015","CHP",219.87]
[92716,"APARELHO PARA CORTE E SOLDA OXI-ACETILENO SOBRE RODAS, INCLUSIVE CILINDROS E MAÇARICOS - CHP DIURNO. AF_12/2015","CHP",14.16]
[92960,"MÁQUINA EXTRUSORA DE CONCRETO PARA GUIAS E SARJETAS, MOTOR A DIESEL, POTÊNCIA 14 CV - CHP DIURNO. AF_12/2015","CHP",18.06]
[92966,"MARTELO PERFURADOR PNEUMÁTICO MANUAL, HASTE 25 X 75 MM, 21 KG - CHP DIURNO. AF_12/2015","CHP",24.89]
[93224,"PERFURATRIZ COM TORRE METÁLICA PARA EXECUÇÃO DE ESTACA HÉLICE CONTÍNUA, PROFUNDIDADE MÁXIMA DE 32 M, DIÂMETRO MÁXIMO DE 1000 MM, POTÊNCIA INSTALADA DE 350 HP, MESA ROTATIVA COM TORQUE MÁXIMO DE 263 KNM - CHP DIURNO. AF_01/2016","CHP",603.73]
[93233,"BETONEIRA CAPACIDADE NOMINAL 400 L, CAPACIDADE DE MISTURA 310 L, MOTOR A GASOLINA POTÊNCIA 5,5 HP, SEM CARREGADOR - CHP DIURNO. AF_02/2016","CHP",4.55]
[93272,"GRUA ASCENSIONAL, LANCA DE 30 M, CAPACIDADE DE 1,0 T A 30 M, ALTURA ATE 39 M - CHP DIURNO. AF_03/2016","CHP",84.04]
[93281,"GUINCHO ELÉTRICO DE COLUNA, CAPACIDADE 400 KG, COM MOTO FREIO, MOTOR TRIFÁSICO DE 1,25 CV - CHP DIURNO. AF_03/2016","CHP",26.08]
[93287,"GUINDASTE HIDRÁULICO AUTOPROPELIDO, COM LANÇA TELESCÓPICA 40 M, CAPACIDADE MÁXIMA 60 T, POTÊNCIA 260 KW - CHP DIURNO. AF_03/2016","CHP",341.23]
[93402,"GUINDAUTO HIDRÁULICO, CAPACIDADE MÁXIMA DE CARGA 3300 KG, MOMENTO MÁXIMO DE CARGA 5,8 TM, ALCANCE MÁXIMO HORIZONTAL 7,60 M, INCLUSIVE CAMINHÃO TOCO PBT 16.000 KG, POTÊNCIA DE 189 CV - CHP DIURNO. AF_03/2016","CHP",128.45]
[93408,"MÁQUINA JATO DE PRESSAO PORTÁTIL PARA JATEAMENTO, CONTROLE AUTOMATICO REMOTO, CAMARA DE 1 SAIDA, CAPACIDADE 280 L, DIAMETRO 670 MM, BICO DE JATO CURTO VENTURI DE 5/16\u0094, MANGUEIRA DE 1\u0094 COM COMPRESSOR DE AR REBOCÁVEL VAZÃO 189 PCM E MOTOR DIESEL DE 63 CV- CHP DIURNO. AF_03/2016","CHP",64.13]
[93415,"GERADOR PORTÁTIL MONOFÁSICO, POTÊNCIA 5500 VA, MOTOR A GASOLINA, POTÊNCIA DO MOTOR 13 CV - CHP DIURNO. AF_03/2016","CHP",9.54]
[93421,"GRUPO GERADOR REBOCÁVEL, POTÊNCIA 66 KVA, MOTOR A DIESEL - CHP DIURNO. AF_03/2016","CHP",42.84]
[93427,"GRUPO GERADOR ESTACIONÁRIO, POTÊNCIA 150 KVA, MOTOR A DIESEL- CHP DIURNO. AF_03/2016","CHP",96.76]
[93433,"USINA DE MISTURA ASFÁLTICA À QUENTE, TIPO CONTRA FLUXO, PROD 40 A 80 TON/HORA - CHP DIURNO. AF_03/2016","CHP",1963.22]
[93439,"USINA DE ASFALTO À FRIO, CAPACIDADE DE 40 A 60 TON/HORA, ELÉTRICA POTÊNCIA 30 CV - CHP DIURNO. AF_03/2016","CHP",126.98]
[95121,"USINA MISTURADORA DE SOLOS, CAPACIDADE DE 200 A 500 TON/H, POTENCIA 75KW - CHP DIURNO. AF_07/2016","CHP",235.15]
[95127,"DISTRIBUIDOR DE AGREGADOS AUTOPROPELIDO, CAP 3 M3, A DIESEL, POTÊNCIA 176CV - CHP DIURNO. AF_07/2016","CHP",133.96]
[95133,"MÁQUINA DEMARCADORA DE FAIXA DE TRÁFEGO À FRIO, AUTOPROPELIDA, POTÊNCIA 38 HP - CHP DIURNO. AF_07/2016","CHP",106.9]
[95139,"TALHA MANUAL DE CORRENTE, CAPACIDADE DE 2 TON. COM ELEVAÇÃO DE 3 M - CHP DIURNO. AF_07/2016","CHP",0.06]
[95212,"GRUA ASCENCIONAL, LANCA DE 42 M, CAPACIDADE DE 1,5 T A 30 M, ALTURA ATE 39 M - CHP DIURNO. AF_08/2016","CHP",90.93]
[95218,"PULVERIZADOR DE TINTA ELÉTRICO/MÁQUINA DE PINTURA AIRLESS, VAZÃO 2 L/MIN - CHP DIURNO. AF_08/2016","CHP",25.25]
[95258,"MARTELO DEMOLIDOR PNEUMÁTICO MANUAL, 32 KG - CHP DIURNO. AF_09/2016","CHP",24.6]
[95264,"COMPACTADOR DE SOLOS DE PERCUSÃO (SOQUETE) COM MOTOR A GASOLINA, POTÊNCIA 3 CV - CHP DIURNO. AF_09/2016","CHP",3.79]
[95270,"RÉGUA VIBRATÓRIA DUPLA PARA CONCRETO, PESO DE 60KG, COMPRIMENTO 4 M, COM MOTOR A GASOLINA, POTÊNCIA 5,5 HP - CHP DIURNO. AF_09/2016","CHP",4.8]
[95276,"POLIDORA DE PISO (POLITRIZ), PESO DE 100KG, DIÂMETRO 450 MM, MOTOR ELÉTRICO, POTÊNCIA 4 HP - CHP DIURNO. AF_09/2016","CHP",2.8]
[95282,"DESEMPENADEIRA DE CONCRETO, PESO DE 75KG, 4 PÁS, MOTOR A GASOLINA, POTÊNCIA 5,5 HP - CHP DIURNO. AF_09/2016","CHP",4.77]
[95620,"PERFURATRIZ PNEUMATICA MANUAL DE PESO MEDIO, MARTELETE, 18KG, COMPRIMENTO MÁXIMO DE CURSO DE 6 M, DIAMETRO DO PISTAO DE 5,5 CM - CHP DIURNO. AF_11/2016","CHP",24.26]
[95631,"ROLO COMPACTADOR VIBRATORIO TANDEM, ACO LISO, POTENCIA 125 HP, PESO SEM/COM LASTRO 10,20/11,65 T, LARGURA DE TRABALHO 1,73 M - CHP DIURNO. AF_11/2016","CHP",139.05]
[95702,"PERFURATRIZ MANUAL, TORQUE MAXIMO 55 KGF.M, POTENCIA 5 CV, COM DIAMETRO MAXIMO 8 1/2\" - CHP DIURNO. AF_11/2016","CHP",33.98]
[95708,"PERFURATRIZ SOBRE ESTEIRA, TORQUE MÁXIMO 600 KGF, POTÊNCIA ENTRE 50 E 60 HP, DIÂMETRO MÁXIMO 10\u0094 - CHP DIURNO. AF_11/2016","CHP",108.49]
[95714,"ESCAVADEIRA HIDRAULICA SOBRE ESTEIRA, COM GARRA GIRATORIA DE MANDIBULAS, PESO OPERACIONAL ENTRE 22,00 E 25,50 TON, POTENCIA LIQUIDA ENTRE 150 E 160 HP - CHP DIURNO. AF_11/2016","CHP",164.9]
[95720,"ESCAVADEIRA HIDRAULICA SOBRE ESTEIRA, EQUIPADA COM CLAMSHELL, COM CAPACIDADE DA CAÇAMBA ENTRE 1,20 E 1,50 M3, PESO OPERACIONAL ENTRE 20,00 E 22,00 TON, POTENCIA LIQUIDA ENTRE 150 E 160 HP - CHP DIURNO. AF_11/2016","CHP",162.41]
[95872,"GRUPO GERADOR COM CARENAGEM, MOTOR DIESEL POTÊNCIA STANDART ENTRE 250 E 260 KVA - CHP DIURNO. AF_12/2016","CHP",163.99]
[96013,"TRATOR DE PNEUS COM POTÊNCIA DE 122 CV, TRAÇÃO 4X4, COM VASSOURA MECÂNICA ACOPLADA - CHP DIURNO. AF_02/2017","CHP",106.5]
[96020,"TRATOR DE PNEUS COM POTÊNCIA DE 122 CV, TRAÇÃO 4X4, COM GRADE DE DISCOS ACOPLADA - CHP DIURNO. AF_02/2017","CHP",106.22]
[96028,"TRATOR DE PNEUS COM POTÊNCIA DE 85 CV, TRAÇÃO 4X4, COM GRADE DE DISCOS ACOPLADA - CHP DIURNO. AF_02/2017","CHP",83.71]
[96035,"CAMINHÃO BASCULANTE 10 M3, TRUCADO, POTÊNCIA 230 CV, INCLUSIVE CAÇAMBA METÁLICA, COM DISTRIBUIDOR DE AGREGADOS ACOPLADO - CHP DIURNO. AF_02/2017","CHP",171.46]
[96157,"TRATOR DE PNEUS COM POTÊNCIA DE 85 CV, TRAÇÃO 4X4, COM VASSOURA MECÂNICA ACOPLADA - CHP DIURNO. AF_03/2017","CHP",83.99]
[96158,"MINICARREGADEIRA SOBRE RODAS POTENCIA 47HP CAPACIDADE OPERACAO 646 KG, COM VASSOURA MECÂNICA ACOPLADA - CHP DIURNO. AF_03/2017","CHP",83.36]
[96245,"MINIESCAVADEIRA SOBRE ESTEIRAS, POTENCIA LIQUIDA DE *30* HP, PESO OPERACIONAL DE *3.500* KG - CHP DIURNO. AF_04/2017","CHP",71.07]
[96303,"PERFURATRIZ ROTATIVA SOBRE ESTEIRA, TORQUE MAXIMO 2500 KGM, POTENCIA 110 HP, MOTOR DIESEL- CHP DIURNO. AF_05/2017","CHP",163.72]
[96309,"COMPRESSOR DE AR, VAZAO DE 10 PCM, RESERVATORIO 100 L, PRESSAO DE TRABALHO ENTRE 6,9 E 9,7 BAR, POTENCIA 2 HP, TENSAO 110/220 V - CHP DIURNO. AF_05/2017","CHP",1.23]
[96463,"ROLO COMPACTADOR DE PNEUS, ESTATICO, PRESSAO VARIAVEL, POTENCIA 110 HP, PESO SEM/COM LASTRO 10,8/27 T, LARGURA DE ROLAGEM 2,30 M - CHP DIURNO. AF_06/2017","CHP",138.23]
[98764,"INVERSOR DE SOLDA MONOFÁSICO DE 160 A, POTÊNCIA DE 5400 W, TENSÃO DE 220 V, PARA SOLDA COM ELETRODOS DE 2,0 A 4,0 MM E PROCESSO TIG - CHP DIURNO. AF_06/2018","CHP",3.76]
[5632,"ESCAVADEIRA HIDRÁULICA SOBRE ESTEIRAS, CAÇAMBA 0,80 M3, PESO OPERACIONAL 17 T, POTENCIA BRUTA 111 HP - CHI DIURNO. AF_06/2014","CHI",54.1]
[5679,"RETROESCAVADEIRA SOBRE RODAS COM CARREGADEIRA, TRAÇÃO 4X4, POTÊNCIA LÍQ. 88 HP, CAÇAMBA CARREG. CAP. MÍN. 1 M3, CAÇAMBA RETRO CAP. 0,26 M3, PESO OPERACIONAL MÍN. 6.674 KG, PROFUNDIDADE ESCAVAÇÃO MÁX. 4,37 M - CHI DIURNO. AF_06/2014","CHI",40.9]
[5681,"RETROESCAVADEIRA SOBRE RODAS COM CARREGADEIRA, TRAÇÃO 4X2, POTÊNCIA LÍQ. 79 HP, CAÇAMBA CARREG. CAP. MÍN. 1 M3, CAÇAMBA RETRO CAP. 0,20 M3, PESO OPERACIONAL MÍN. 6.570 KG, PROFUNDIDADE ESCAVAÇÃO MÁX. 4,37 M - CHI DIURNO. AF_06/2014","CHI",39.2]
[5685,"ROLO COMPACTADOR VIBRATÓRIO DE UM CILINDRO AÇO LISO, POTÊNCIA 80 HP, PESO OPERACIONAL MÁXIMO 8,1 T, IMPACTO DINÂMICO 16,15 / 9,5 T, LARGURA DE TRABALHO 1,68 M - CHI DIURNO. AF_06/2014","CHI",42.53]
[5690,"GRADE DE DISCO CONTROLE REMOTO REBOCÁVEL, COM 24 DISCOS 24\u0094 X 6 MM COM PNEUS PARA TRANSPORTE - CHI DIURNO. AF_06/2014","CHI",2.43]
[5806,"MOTOBOMBA CENTRÍFUGA, MOTOR A GASOLINA, POTÊNCIA 5,42 HP, BOCAIS 1 1/2\" X 1\", DIÂMETRO ROTOR 143 MM HM/Q = 6 MCA / 16,8 M3/H A 38 MCA / 6,6 M3/H - CHI DIURNO. AF_06/2014","CHI",0.15]
[5826,"CAMINHÃO TOCO, PBT 16.000 KG, CARGA ÚTIL MÁX. 10.685 KG, DIST. ENTRE EIXOS 4,8 M, POTÊNCIA 189 CV, INCLUSIVE CARROCERIA FIXA ABERTA DE MADEIRA P/ TRANSPORTE GERAL DE CARGA SECA, DIMEN. APROX. 2,5 X 7,00 X 0,50 M - CHI DIURNO. AF_06/2014","CHI",30.28]
[5829,"USINA DE CONCRETO FIXA, CAPACIDADE NOMINAL DE 90 A 120 M3/H, SEM SILO - CHI DIURNO. AF_07/2016","CHI",140.8]
[5837,"VIBROACABADORA DE ASFALTO SOBRE ESTEIRAS, LARGURA DE PAVIMENTAÇÃO 1,90 M A 5,30 M, POTÊNCIA 105 HP CAPACIDADE 450 T/H - CHI DIURNO. AF_11/2014","CHI",93.7]
[5841,"VASSOURA MECÂNICA REBOCÁVEL COM ESCOVA CILÍNDRICA, LARGURA ÚTIL DE VARRIMENTO DE 2,44 M - CHI DIURNO. AF_06/2014","CHI",2.79]
[5845,"TRATOR DE PNEUS, POTÊNCIA 122 CV, TRAÇÃO 4X4, PESO COM LASTRO DE 4.510 KG - CHI DIURNO. AF_06/2014","CHI",35.76]
[5849,"TRATOR DE ESTEIRAS, POTÊNCIA 170 HP, PESO OPERACIONAL 19 T, CAÇAMBA 5,2 M3 - CHI DIURNO. AF_06/2014","CHI",50.36]
[5853,"TRATOR DE ESTEIRAS, POTÊNCIA 150 HP, PESO OPERACIONAL 16,7 T, COM RODA MOTRIZ ELEVADA E LÂMINA 3,18 M3 - CHI DIURNO. AF_06/2014","CHI",50.51]
[5857,"TRATOR DE ESTEIRAS, POTÊNCIA 347 HP, PESO OPERACIONAL 38,5 T, COM LÂMINA 8,70 M3 - CHI DIURNO. AF_06/2014","CHI",108.76]
[5865,"ROLO COMPACTADOR VIBRATÓRIO REBOCÁVEL, CILINDRO DE AÇO LISO, POTÊNCIA DE TRAÇÃO DE 65 CV, PESO 4,7 T, IMPACTO DINÂMICO 18,3 T, LARGURA DE TRABALHO 1,67 M - CHI DIURNO. AF_02/2016","CHI",5.78]
[5869,"ROLO COMPACTADOR VIBRATÓRIO TANDEM AÇO LISO, POTÊNCIA 58 HP, PESO SEM/COM LASTRO 6,5 / 9,4 T, LARGURA DE TRABALHO 1,2 M - CHI DIURNO. AF_06/2014","CHI",46.89]
[5877,"RETROESCAVADEIRA SOBRE RODAS COM CARREGADEIRA, TRAÇÃO 4X4, POTÊNCIA LÍQ. 72 HP, CAÇAMBA CARREG. CAP. MÍN. 0,79 M3, CAÇAMBA RETRO CAP. 0,18 M3, PESO OPERACIONAL MÍN. 7.140 KG, PROFUNDIDADE ESCAVAÇÃO MÁX. 4,50 M - CHI DIURNO. AF_06/2014","CHI",40.36]
[5881,"ROLO COMPACTADOR VIBRATÓRIO PÉ DE CARNEIRO, OPERADO POR CONTROLE REMOTO, POTÊNCIA 12,5 KW, PESO OPERACIONAL 1,675 T, LARGURA DE TRABALHO 0,85 M - CHI DIURNO. AF_02/2016","CHI",49.55]
[5884,"USINA DE LAMA ASFÁLTICA, PROD 30 A 50 T/H, SILO DE AGREGADO 7 M3, RESERVATÓRIOS PARA EMULSÃO E ÁGUA DE 2,3 M3 CADA, MISTURADOR TIPO PUG MILL A SER MONTADO SOBRE CAMINHÃO - CHI DIURNO. AF_10/2014","CHI",39.63]
[5892,"CAMINHÃO TOCO, PESO BRUTO TOTAL 14.300 KG, CARGA ÚTIL MÁXIMA 9590 KG, DISTÂNCIA ENTRE EIXOS 4,76 M, POTÊNCIA 185 CV (NÃO INCLUI CARROCERIA) - CHI DIURNO. AF_06/2014","CHI",30.98]
[5896,"CAMINHÃO TOCO, PESO BRUTO TOTAL 16.000 KG, CARGA ÚTIL MÁXIMA DE 10.685 KG, DISTÂNCIA ENTRE EIXOS 4,80 M, POTÊNCIA 189 CV EXCLUSIVE CARROCERIA - CHI DIURNO. AF_06/2014","CHI",29.43]
[5903,"CAMINHÃO PIPA 10.000 L TRUCADO, PESO BRUTO TOTAL 23.000 KG, CARGA ÚTIL MÁXIMA 15.935 KG, DISTÂNCIA ENTRE EIXOS 4,8 M, POTÊNCIA 230 CV, INCLUSIVE TANQUE DE AÇO PARA TRANSPORTE DE ÁGUA - CHI DIURNO. AF_06/2014","CHI",35.71]
[5911,"ESPARGIDOR DE ASFALTO PRESSURIZADO COM TANQUE DE 2500 L, REBOCÁVEL COM MOTOR A GASOLINA POTÊNCIA 3,4 HP - CHI DIURNO. AF_07/2014","CHI",22.56]
[5923,"GRADE DE DISCO REBOCÁVEL COM 20 DISCOS 24\" X 6 MM COM PNEUS PARA TRANSPORTE - CHI DIURNO. AF_06/2014","CHI",1.91]
[5930,"GUINDAUTO HIDRÁULICO, CAPACIDADE MÁXIMA DE CARGA 6200 KG, MOMENTO MÁXIMO DE CARGA 11,7 TM, ALCANCE MÁXIMO HORIZONTAL 9,70 M, INCLUSIVE CAMINHÃO TOCO PBT 16.000 KG, POTÊNCIA DE 189 CV - CHI DIURNO. AF_06/2014","CHI",28.52]
[5934,"MOTONIVELADORA POTÊNCIA BÁSICA LÍQUIDA (PRIMEIRA MARCHA) 125 HP, PESO BRUTO 13032 KG, LARGURA DA LÂMINA DE 3,7 M - CHI DIURNO. AF_06/2014","CHI",61.05]
[5942,"PÁ CARREGADEIRA SOBRE RODAS, POTÊNCIA LÍQUIDA 128 HP, CAPACIDADE DA CAÇAMBA 1,7 A 2,8 M3, PESO OPERACIONAL 11632 KG - CHI DIURNO. AF_06/2014","CHI",50.81]
[5946,"PÁ CARREGADEIRA SOBRE RODAS, POTÊNCIA 197 HP, CAPACIDADE DA CAÇAMBA 2,5 A 3,5 M3, PESO OPERACIONAL 18338 KG - CHI DIURNO. AF_06/2014","CHI",60.88]
[5952,"MARTELETE OU ROMPEDOR PNEUMÁTICO MANUAL, 28 KG, COM SILENCIADOR - CHI DIURNO. AF_07/2016","CHI",23.78]
[5954,"COMPRESSOR DE AR REBOCÁVEL, VAZÃO 189 PCM, PRESSÃO EFETIVA DE TRABALHO 102 PSI, MOTOR DIESEL, POTÊNCIA 63 CV - CHI DIURNO. AF_06/2015","CHI",2.43]
[5961,"CAMINHÃO BASCULANTE 6 M3, PESO BRUTO TOTAL 16.000 KG, CARGA ÚTIL MÁXIMA 13.071 KG, DISTÂNCIA ENTRE EIXOS 4,80 M, POTÊNCIA 230 CV INCLUSIVE CAÇAMBA METÁLICA - CHI DIURNO. AF_06/2014","CHI",34.45]
[6260,"CAMINHÃO PIPA 6.000 L, PESO BRUTO TOTAL 13.000 KG, DISTÂNCIA ENTRE EIXOS 4,80 M, POTÊNCIA 189 CV INCLUSIVE TANQUE DE AÇO PARA TRANSPORTE DE ÁGUA, CAPACIDADE 6 M3 - CHI DIURNO. AF_06/2014","CHI",32.52]
[6880,"ROLO COMPACTADOR DE PNEUS ESTÁTICO, PRESSÃO VARIÁVEL, POTÊNCIA 111 HP, PESO SEM/COM LASTRO 9,5 / 26 T, LARGURA DE TRABALHO 1,90 M - CHI DIURNO. AF_07/2014","CHI",53.32]
[7031,"TANQUE DE ASFALTO ESTACIONÁRIO COM SERPENTINA, CAPACIDADE 30.000 L - CHI DIURNO. AF_06/2014","CHI",3.8]
[7043,"MOTOBOMBA TRASH (PARA ÁGUA SUJA) AUTO ESCORVANTE, MOTOR GASOLINA DE 6,41 HP, DIÂMETROS DE SUCÇÃO X RECALQUE: 3\" X 3\", HM/Q = 10 MCA / 60 M3/H A 23 MCA / 0 M3/H - CHI DIURNO. AF_10/2014","CHI",0.19]
[7050,"ROLO COMPACTADOR PE DE CARNEIRO VIBRATORIO, POTENCIA 125 HP, PESO OPERACIONAL SEM/COM LASTRO 11,95 / 13,30 T, IMPACTO DINAMICO 38,5 / 22,5 T, LARGURA DE TRABALHO 2,15 M - CHI DIURNO. AF_06/2014","CHI",49.93]
[67827,"CAMINHÃO BASCULANTE 6 M3 TOCO, PESO BRUTO TOTAL 16.000 KG, CARGA ÚTIL MÁXIMA 11.130 KG, DISTÂNCIA ENTRE EIXOS 5,36 M, POTÊNCIA 185 CV, INCLUSIVE CAÇAMBA METÁLICA - CHI DIURNO. AF_06/2014","CHI",33.83]
[73395,"GRUPO GERADOR ESTACIONÁRIO, MOTOR DIESEL POTÊNCIA 170 KVA - CHI DIURNO. AF_02/2016","CHI",5.53]
[83766,"GRUPO DE SOLDAGEM COM GERADOR A DIESEL 60 CV PARA SOLDA ELÉTRICA, SOBRE 04 RODAS, COM MOTOR 4 CILINDROS 600 A - CHI DIURNO. AF_02/2016","CHI",35.95]
[84013,"ESCAVADEIRA HIDRÁULICA SOBRE ESTEIRAS, CAÇAMBA 0,80 M3, PESO OPERACIONAL 17,8 T, POTÊNCIA LÍQUIDA 110 HP - CHI DIURNO. AF_10/2014","CHI",52.79]
[87446,"BETONEIRA CAPACIDADE NOMINAL 400 L, CAPACIDADE DE MISTURA 310 L, MOTOR A DIESEL POTÊNCIA 5,0 HP, SEM CARREGADOR - CHI DIURNO. AF_06/2014","CHI",0.39]
[88392,"MISTURADOR DE ARGAMASSA, EIXO HORIZONTAL, CAPACIDADE DE MISTURA 300 KG, MOTOR ELÉTRICO POTÊNCIA 5 CV - CHI DIURNO. AF_06/2014","CHI",0.77]
[88398,"MISTURADOR DE ARGAMASSA, EIXO HORIZONTAL, CAPACIDADE DE MISTURA 600 KG, MOTOR ELÉTRICO POTÊNCIA 7,5 CV - CHI DIURNO. AF_06/2014","CHI",0.92]
[88404,"MISTURADOR DE ARGAMASSA, EIXO HORIZONTAL, CAPACIDADE DE MISTURA 160 KG, MOTOR ELÉTRICO POTÊNCIA 3 CV - CHI DIURNO. AF_06/2014","CHI",0.73]
[88430,"PROJETOR DE ARGAMASSA, CAPACIDADE DE PROJEÇÃO 1,5 M3/H, ALCANCE DE 30 ATÉ 60 M, MOTOR ELÉTRICO POTÊNCIA 7,5 HP - CHI DIURNO. AF_06/2014","CHI",4.8]
[88438,"PROJETOR DE ARGAMASSA, CAPACIDADE DE PROJEÇÃO 2 M3/H, ALCANCE ATÉ 50 M, MOTOR ELÉTRICO POTÊNCIA 7,5 HP - CHI DIURNO. AF_06/2014","CHI",6.37]
[88831,"BETONEIRA CAPACIDADE NOMINAL DE 400 L, CAPACIDADE DE MISTURA 280 L, MOTOR ELÉTRICO TRIFÁSICO POTÊNCIA DE 2 CV, SEM CARREGADOR - CHI DIURNO. AF_10/2014","CHI",0.29]
[88844,"TRATOR DE ESTEIRAS, POTÊNCIA 125 HP, PESO OPERACIONAL 12,9 T, COM LÂMINA 2,7 M3 - CHI DIURNO. AF_10/2014","CHI",45.59]
[88908,"ESCAVADEIRA HIDRÁULICA SOBRE ESTEIRAS, CAÇAMBA 1,20 M3, PESO OPERACIONAL 21 T, POTÊNCIA BRUTA 155 HP - CHI DIURNO. AF_06/2014","CHI",57.31]
[89022,"BOMBA SUBMERSÍVEL ELÉTRICA TRIFÁSICA, POTÊNCIA 2,96 HP, Ø ROTOR 144 MM SEMI-ABERTO, BOCAL DE SAÍDA Ø 2\u0094, HM/Q = 2 MCA / 38,8 M3/H A 28 MCA / 5 M3/H - CHI DIURNO. AF_06/2014","CHI",0.22]
[89027,"TANQUE DE ASFALTO ESTACIONÁRIO COM MAÇARICO, CAPACIDADE 20.000 L - CHI DIURNO. AF_06/2014","CHI",3.09]
[89031,"TRATOR DE ESTEIRAS, POTÊNCIA 100 HP, PESO OPERACIONAL 9,4 T, COM LÂMINA 2,19 M3 - CHI DIURNO. AF_06/2014","CHI",44.67]
[89036,"TRATOR DE PNEUS, POTÊNCIA 85 CV, TRAÇÃO 4X4, PESO COM LASTRO DE 4.675 KG - CHI DIURNO. AF_06/2014","CHI",32.86]
[89218,"BATE-ESTACAS POR GRAVIDADE, POTÊNCIA DE 160 HP, PESO DO MARTELO ATÉ 3 TONELADAS - CHI DIURNO. AF_11/2014","CHI",67.38]
[89226,"BETONEIRA CAPACIDADE NOMINAL DE 600 L, CAPACIDADE DE MISTURA 360 L, MOTOR ELÉTRICO TRIFÁSICO POTÊNCIA DE 4 CV, SEM CARREGADOR - CHI DIURNO. AF_11/2014","CHI",1.19]
[89235,"FRESADORA DE ASFALTO A FRIO SOBRE RODAS, LARGURA FRESAGEM DE 1,0 M, POTÊNCIA 208 HP - CHI DIURNO. AF_11/2014","CHI",117.87]
[89243,"FRESADORA DE ASFALTO A FRIO SOBRE RODAS, LARGURA FRESAGEM DE 2,0 M, POTÊNCIA 550 HP - CHI DIURNO. AF_11/2014","CHI",242.33]
[89251,"RECICLADORA DE ASFALTO A FRIO SOBRE RODAS, LARGURA FRESAGEM DE 2,0 M, POTÊNCIA 422 HP - CHI DIURNO. AF_11/2014","CHI",213.81]
[89258,"VIBROACABADORA DE ASFALTO SOBRE ESTEIRAS, LARGURA DE PAVIMENTAÇÃO 2,13 M A 4,55 M, POTÊNCIA 100 HP, CAPACIDADE 400 T/H - CHI DIURNO. AF_11/2014","CHI",81.25]
[89273,"GUINDASTE HIDRÁULICO AUTOPROPELIDO, COM LANÇA TELESCÓPICA 28,80 M, CAPACIDADE MÁXIMA 30 T, POTÊNCIA 97 KW, TRAÇÃO 4 X 4 - CHI DIURNO. AF_11/2014","CHI",59.36]
[89279,"BETONEIRA CAPACIDADE NOMINAL DE 600 L, CAPACIDADE DE MISTURA 440 L, MOTOR A DIESEL POTÊNCIA 10 HP, COM CARREGADOR - CHI DIURNO. AF_11/2014","CHI",1.45]
[89877,"CAMINHÃO BASCULANTE 14 M3, COM CAVALO MECÂNICO DE CAPACIDADE MÁXIMA DE TRAÇÃO COMBINADO DE 36000 KG, POTÊNCIA 286 CV, INCLUSIVE SEMIREBOQUE COM CAÇAMBA METÁLICA - CHI DIURNO. AF_12/2014","CHI",43.71]
[89884,"CAMINHÃO BASCULANTE 18 M3, COM CAVALO MECÂNICO DE CAPACIDADE MÁXIMA DE TRAÇÃO COMBINADO DE 45000 KG, POTÊNCIA 330 CV, INCLUSIVE SEMIREBOQUE COM CAÇAMBA METÁLICA - CHI DIURNO. AF_12/2014","CHI",45.16]
[90587,"VIBRADOR DE IMERSÃO, DIÂMETRO DE PONTEIRA 45MM, MOTOR ELÉTRICO TRIFÁSICO POTÊNCIA DE 2 CV - CHI DIURNO. AF_06/2015","CHI",0.29]
[90626,"PERFURATRIZ MANUAL, TORQUE MÁXIMO 83 N.M, POTÊNCIA 5 CV, COM DIÂMETRO MÁXIMO 4\" - CHI DIURNO. AF_06/2015","CHI",1.38]
[90632,"PERFURATRIZ SOBRE ESTEIRA, TORQUE MÁXIMO 600 KGF, PESO MÉDIO 1000 KG, POTÊNCIA 20 HP, DIÂMETRO MÁXIMO 10\" - CHI DIURNO. AF_06/2015","CHI",54.45]
[90638,"MISTURADOR DUPLO HORIZONTAL DE ALTA TURBULÊNCIA, CAPACIDADE / VOLUME 2 X 500 LITROS, MOTORES ELÉTRICOS MÍNIMO 5 CV CADA, PARA NATA CIMENTO, ARGAMASSA E OUTROS - CHI DIURNO. AF_06/2015","CHI",3.69]
[90644,"BOMBA TRIPLEX, PARA INJEÇÃO DE NATA DE CIMENTO, VAZÃO MÁXIMA DE 100 LITROS/MINUTO, PRESSÃO MÁXIMA DE 70 BAR - CHI DIURNO. AF_06/2015","CHI",5.52]
[90651,"BOMBA CENTRÍFUGA MONOESTÁGIO COM MOTOR ELÉTRICO MONOFÁSICO, POTÊNCIA 15 HP, DIÂMETRO DO ROTOR 173 MM, HM/Q = 30 MCA / 90 M3/H A 45 MCA / 55 M3/H - CHI DIURNO. AF_06/2015","CHI",0.56]
[90657,"BOMBA DE PROJEÇÃO DE CONCRETO SECO, POTÊNCIA 10 CV, VAZÃO 3 M3/H - CHI DIURNO. AF_06/2015","CHI",3.59]
[90663,"BOMBA DE PROJEÇÃO DE CONCRETO SECO, POTÊNCIA 10 CV, VAZÃO 6 M3/H - CHI DIURNO. AF_06/2015","CHI",3.84]
[90669,"PROJETOR PNEUMÁTICO DE ARGAMASSA PARA CHAPISCO E REBOCO COM RECIPIENTE ACOPLADO, TIPO CANEQUINHA, COM COMPRESSOR DE AR REBOCÁVEL VAZÃO 89 PCM E MOTOR DIESEL DE 20 CV - CHI DIURNO. AF_06/2015","CHI",3.83]
[90675,"PERFURATRIZ COM TORRE METÁLICA PARA EXECUÇÃO DE ESTACA HÉLICE CONTÍNUA, PROFUNDIDADE MÁXIMA DE 30 M, DIÂMETRO MÁXIMO DE 800 MM, POTÊNCIA INSTALADA DE 268 HP, MESA ROTATIVA COM TORQUE MÁXIMO DE 170 KNM - CHI DIURNO. AF_06/2015","CHI",159.14]
[90681,"PERFURATRIZ HIDRÁULICA SOBRE CAMINHÃO COM TRADO CURTO ACOPLADO, PROFUNDIDADE MÁXIMA DE 20 M, DIÂMETRO MÁXIMO DE 1500 MM, POTÊNCIA INSTALADA DE 137 HP, MESA ROTATIVA COM TORQUE MÁXIMO DE 30 KNM - CHI DIURNO. AF_06/2015","CHI",95]
[90687,"MANIPULADOR TELESCÓPICO, POTÊNCIA DE 85 HP, CAPACIDADE DE CARGA DE 3.500 KG, ALTURA MÁXIMA DE ELEVAÇÃO DE 12,3 M - CHI DIURNO. AF_06/2015","CHI",57.3]
[90693,"MINICARREGADEIRA SOBRE RODAS, POTÊNCIA LÍQUIDA DE 47 HP, CAPACIDADE NOMINAL DE OPERAÇÃO DE 646 KG - CHI DIURNO. AF_06/2015","CHI",38.84]
[90965,"COMPRESSOR DE AR REBOCÁVEL, VAZÃO 89 PCM, PRESSÃO EFETIVA DE TRABALHO 102 PSI, MOTOR DIESEL, POTÊNCIA 20 CV - CHI DIURNO. AF_06/2015","CHI",3.27]
[90973,"COMPRESSOR DE AR REBOCAVEL, VAZÃO 250 PCM, PRESSAO DE TRABALHO 102 PSI, MOTOR A DIESEL POTÊNCIA 81 CV - CHI DIURNO. AF_06/2015","CHI",3.27]
[90982,"COMPRESSOR DE AR REBOCÁVEL, VAZÃO 748 PCM, PRESSÃO EFETIVA DE TRABALHO 102 PSI, MOTOR DIESEL, POTÊNCIA 210 CV - CHI DIURNO. AF_06/2015","CHI",8.32]
[91001,"COMPRESSOR DE AR REBOCAVEL, VAZÃO 400 PCM, PRESSAO DE TRABALHO 102 PSI, MOTOR A DIESEL POTÊNCIA 110 CV - CHI DIURNO. AF_06/2015","CHI",3.88]
[91032,"CAMINHÃO TRUCADO (C/ TERCEIRO EIXO) ELETRÔNICO - POTÊNCIA 231CV - PBT = 22000KG - DIST. ENTRE EIXOS 5170 MM - INCLUI CARROCERIA FIXA ABERTA DE MADEIRA - CHI DIURNO. AF_06/2015","CHI",33.97]
[91278,"PLACA VIBRATÓRIA REVERSÍVEL COM MOTOR 4 TEMPOS A GASOLINA, FORÇA CENTRÍFUGA DE 25 KN (2500 KGF), POTÊNCIA 5,5 CV - CHI DIURNO. AF_08/2015","CHI",0.78]
[91285,"CORTADORA DE PISO COM MOTOR 4 TEMPOS A GASOLINA, POTÊNCIA DE 13 HP, COM DISCO DE CORTE DIAMANTADO SEGMENTADO PARA CONCRETO, DIÂMETRO DE 350 MM, FURO DE 1\" (14 X 1\") - CHI DIURNO. AF_08/2015","CHI",0.65]
[91387,"CAMINHÃO BASCULANTE 10 M3, TRUCADO CABINE SIMPLES, PESO BRUTO TOTAL 23.000 KG, CARGA ÚTIL MÁXIMA 15.935 KG, DISTÂNCIA ENTRE EIXOS 4,80 M, POTÊNCIA 230 CV INCLUSIVE CAÇAMBA METÁLICA - CHI DIURNO. AF_06/2014","CHI",36.37]
[91395,"CAMINHÃO TOCO, PBT 14.300 KG, CARGA ÚTIL MÁX. 9.710 KG, DIST. ENTRE EIXOS 3,56 M, POTÊNCIA 185 CV, INCLUSIVE CARROCERIA FIXA ABERTA DE MADEIRA P/ TRANSPORTE GERAL DE CARGA SECA, DIMEN. APROX. 2,50 X 6,50 X 0,50 M - CHI DIURNO. AF_06/2014","CHI",31.94]
[91486,"ESPARGIDOR DE ASFALTO PRESSURIZADO, TANQUE 6 M3 COM ISOLAÇÃO TÉRMICA, AQUECIDO COM 2 MAÇARICOS, COM BARRA ESPARGIDORA 3,60 M, MONTADO SOBRE CAMINHÃO  TOCO, PBT 14.300 KG, POTÊNCIA 185 CV - CHI DIURNO. AF_08/2015","CHI",37.59]
[91534,"COMPACTADOR DE SOLOS DE PERCUSSÃO (SOQUETE) COM MOTOR A GASOLINA 4 TEMPOS, POTÊNCIA 4 CV - CHI DIURNO. AF_08/2015","CHI",26.46]
[91635,"GUINDAUTO HIDRÁULICO, CAPACIDADE MÁXIMA DE CARGA 6500 KG, MOMENTO MÁXIMO DE CARGA 5,8 TM, ALCANCE MÁXIMO HORIZONTAL 7,60 M, INCLUSIVE CAMINHÃO TOCO PBT 9.700 KG, POTÊNCIA DE 160 CV - CHI DIURNO. AF_08/2015","CHI",27.53]
[91646,"CAMINHÃO DE TRANSPORTE DE MATERIAL ASFÁLTICO 30.000 L, COM CAVALO MECÂNICO DE CAPACIDADE MÁXIMA DE TRAÇÃO COMBINADO DE 66.000 KG, POTÊNCIA 360 CV, INCLUSIVE TANQUE DE ASFALTO COM SERPENTINA - CHI DIURNO. AF_08/2015","CHI",51.04]
[91693,"SERRA CIRCULAR DE BANCADA COM MOTOR ELÉTRICO POTÊNCIA DE 5HP, COM COIFA PARA DISCO 10\" - CHI DIURNO. AF_08/2015","CHI",25.37]
[92044,"DISTRIBUIDOR DE AGREGADOS REBOCAVEL, CAPACIDADE 1,9 M³, LARGURA DE TRABALHO 3,66 M - CHI DIURNO. AF_11/2015","CHI",4.95]
[92107,"CAMINHÃO PARA EQUIPAMENTO DE LIMPEZA A SUCÇÃO COM CAMINHÃO TRUCADO DE PESO BRUTO TOTAL 23000 KG, CARGA ÚTIL MÁXIMA 15935 KG, DISTÂNCIA ENTRE EIXOS 4,80 M, POTÊNCIA 230 CV, INCLUSIVE LIMPADORA A SUCÇÃO, TANQUE 12000 L - CHI DIURNO. AF_11/2015","CHI",38.18]
[92113,"PENEIRA ROTATIVA COM MOTOR ELÉTRICO TRIFÁSICO DE 2 CV, CILINDRO DE 1 M X 0,60 M, COM FUROS DE 3,17 MM - CHI DIURNO. AF_11/2015","CHI",0.85]
[92119,"DOSADOR DE AREIA, CAPACIDADE DE 26 LITROS - CHI DIURNO. AF_11/2015","CHI",0.08]
[92139,"CAMINHONETE COM MOTOR A DIESEL, POTÊNCIA 180 CV, CABINE DUPLA, 4X4 - CHI DIURNO. AF_11/2015","CHI",25.49]
[92146,"CAMINHONETE CABINE SIMPLES COM MOTOR 1.6 FLEX, CÂMBIO MANUAL, POTÊNCIA 101/104 CV, 2 PORTAS - CHI DIURNO. AF_11/2015","CHI",19.08]
[92243,"CAMINHÃO DE TRANSPORTE DE MATERIAL ASFÁLTICO 20.000 L, COM CAVALO MECÂNICO DE CAPACIDADE MÁXIMA DE TRAÇÃO COMBINADO DE 45.000 KG, POTÊNCIA 330 CV, INCLUSIVE TANQUE DE ASFALTO COM MAÇARICO - CHI DIURNO. AF_12/2015","CHI",44.47]
[92717,"APARELHO PARA CORTE E SOLDA OXI-ACETILENO SOBRE RODAS, INCLUSIVE CILINDROS E MAÇARICOS - CHI DIURNO. AF_12/2015","CHI",0.2]
[92961,"MÁQUINA EXTRUSORA DE CONCRETO PARA GUIAS E SARJETAS, MOTOR A DIESEL, POTÊNCIA 14 CV - CHI DIURNO. AF_12/2015","CHI",6.13]
[92967,"MARTELO PERFURADOR PNEUMÁTICO MANUAL, HASTE 25 X 75 MM, 21 KG - CHI DIURNO. AF_12/2015","CHI",23.8]
[93225,"PERFURATRIZ COM TORRE METÁLICA PARA EXECUÇÃO DE ESTACA HÉLICE CONTÍNUA, PROFUNDIDADE MÁXIMA DE 32 M, DIÂMETRO MÁXIMO DE 1000 MM, POTÊNCIA INSTALADA DE 350 HP, MESA ROTATIVA COM TORQUE MÁXIMO DE 263 KNM - CHI DIURNO. AF_01/2016","CHI",233.42]
[93234,"BETONEIRA CAPACIDADE NOMINAL 400 L, CAPACIDADE DE MISTURA 310 L, MOTOR A GASOLINA POTÊNCIA 5,5 HP, SEM CARREGADOR - CHI DIURNO. AF_02/2016","CHI",0.36]
[93244,"ROLO COMPACTADOR VIBRATÓRIO PÉ DE CARNEIRO PARA SOLOS, POTÊNCIA 80 HP, PESO OPERACIONAL SEM/COM LASTRO 7,4 / 8,8 T, LARGURA DE TRABALHO 1,68 M - CHI DIURNO. AF_02/2016","CHI",43.28]
[93274,"GRUA ASCENSIONAL, LANÇA DE 30 M, CAPACIDADE DE 1,0 T A 30 M, ALTURA ATÉ 39 M - CHI DIURNO. AF_03/2016","CHI",52.24]
[93282,"GUINCHO ELÉTRICO DE COLUNA, CAPACIDADE 400 KG, COM MOTO FREIO, MOTOR TRIFÁSICO DE 1,25 CV - CHI DIURNO. AF_03/2016","CHI",25.22]
[93288,"GUINDASTE HIDRÁULICO AUTOPROPELIDO, COM LANÇA TELESCÓPICA 40 M, CAPACIDADE MÁXIMA 60 T, POTÊNCIA 260 KW - CHI DIURNO. AF_03/2016","CHI",91.18]
[93403,"GUINDAUTO HIDRÁULICO, CAPACIDADE MÁXIMA DE CARGA 3300 KG, MOMENTO MÁXIMO DE CARGA 5,8 TM, ALCANCE MÁXIMO HORIZONTAL 7,60 M, INCLUSIVE CAMINHÃO TOCO PBT 16.000 KG, POTÊNCIA DE 189 CV - CHI DIURNO. AF_03/2016","CHI",27.53]
[93409,"MÁQUINA JATO DE PRESSAO PORTÁTIL PARA JATEAMENTO, CONTROLE AUTOMATICO REMOTO, CAMARA DE 1 SAIDA, CAPACIDADE 280 L, DIAMETRO 670 MM, BICO DE JATO CURTO VENTURI DE 5/16\u0094, MANGUEIRA DE 1\u0094 COM COMPRESSOR DE AR REBOCÁVEL VAZÃO 189 PCM E MOTOR DIESEL DE 63 CV- CHI DIURNO. AF_03/2016","CHI",30.43]
[93416,"GERADOR PORTÁTIL MONOFÁSICO, POTÊNCIA 5500 VA, MOTOR A GASOLINA, POTÊNCIA DO MOTOR 13 CV - CHI DIURNO. AF_03/2016","CHI",0.25]
[93422,"GRUPO GERADOR REBOCÁVEL, POTÊNCIA 66 KVA, MOTOR A DIESEL - CHI DIURNO. AF_03/2016","CHI",3.47]
[93428,"GRUPO GERADOR ESTACIONÁRIO, POTÊNCIA 150 KVA, MOTOR A DIESEL- CHI DIURNO. AF_03/2016","CHI",4.92]
[93434,"USINA DE MISTURA ASFÁLTICA À QUENTE, TIPO CONTRA FLUXO, PROD 40 A 80 TON/HORA - CHI DIURNO. AF_03/2016","CHI",185.14]
[93440,"USINA DE ASFALTO À FRIO, CAPACIDADE DE 40 A 60 TON/HORA, ELÉTRICA POTÊNCIA 30 CV - CHI DIURNO. AF_03/2016","CHI",104.06]
[95122,"USINA MISTURADORA DE SOLOS, CAPACIDADE DE 200 A 500 TON/H, POTENCIA 75KW - CHI DIURNO. AF_07/2016","CHI",143.53]
[95128,"DISTRIBUIDOR DE AGREGADOS AUTOPROPELIDO, CAP 3 M3, A DIESEL, POTÊNCIA 176CV - CHI DIURNO. AF_07/2016","CHI",40.11]
[95140,"TALHA MANUAL DE CORRENTE, CAPACIDADE DE 2 TON. COM ELEVAÇÃO DE 3 M - CHI DIURNO. AF_07/2016","CHI",0.04]
[95213,"GRUA ASCENCIONAL, LANÇA DE 42 M, CAPACIDADE DE 1,5 T A 30 M, ALTURA ATÉ 39 M - CHI DIURNO. AF_08/2016","CHI",55.88]
[95219,"PULVERIZADOR DE TINTA ELÉTRICO/MÁQUINA DE PINTURA AIRLESS, VAZÃO 2 L/MIN - CHI DIURNO. AF_08/2016","CHI",24.45]
[95259,"MARTELO DEMOLIDOR PNEUMÁTICO MANUAL, 32 KG - CHI DIURNO. AF_09/2016","CHI",23.66]
[95265,"COMPACTADOR DE SOLOS DE PERCUSÃO (SOQUETE) COM MOTOR A GASOLINA, POTÊNCIA 3 CV - CHI DIURNO. AF_09/2016","CHI",0.91]
[95271,"RÉGUA VIBRATÓRIA DUPLA PARA CONCRETO, PESO DE 60KG, COMPRIMENTO 4 M, COM MOTOR A GASOLINA, POTÊNCIA 5,5 HP - CHI DIURNO. AF_09/2016","CHI",0.49]
[95277,"POLIDORA DE PISO (POLITRIZ), PESO DE 100KG, DIÂMETRO 450 MM, MOTOR ELÉTRICO, POTÊNCIA 4 HP - CHI DIURNO. AF_09/2016","CHI",0.49]
[95283,"DESEMPENADEIRA DE CONCRETO, PESO DE 75KG, 4 PÁS, MOTOR A GASOLINA, POTÊNCIA 5,5 HP - CHI DIURNO. AF_09/2016","CHI",0.52]
[95621,"PERFURATRIZ PNEUMATICA MANUAL DE PESO MEDIO, MARTELETE, 18KG, COMPRIMENTO MÁXIMO DE CURSO DE 6 M, DIAMETRO DO PISTAO DE 5,5 CM - CHI DIURNO. AF_11/2016","CHI",23.49]
[95632,"ROLO COMPACTADOR VIBRATORIO TANDEM, ACO LISO, POTENCIA 125 HP, PESO SEM/COM LASTRO 10,20/11,65 T, LARGURA DE TRABALHO 1,73 M - CHI DIURNO. AF_11/2016","CHI",52.03]
[95703,"PERFURATRIZ MANUAL, TORQUE MAXIMO 55 KGF.M, POTENCIA 5 CV, COM DIAMETRO MAXIMO 8 1/2\" - CHI DIURNO. AF_11/2016","CHI",28.37]
[95709,"PERFURATRIZ SOBRE ESTEIRA, TORQUE MÁXIMO 600 KGF, POTÊNCIA ENTRE 50 E 60 HP, DIÂMETRO MÁXIMO 10\u0094 - CHI DIURNO. AF_11/2016","CHI",53.24]
[95715,"ESCAVADEIRA HIDRAULICA SOBRE ESTEIRA, COM GARRA GIRATORIA DE MANDIBULAS, PESO OPERACIONAL ENTRE 22,00 E 25,50 TON, POTENCIA LIQUIDA ENTRE 150 E 160 HP - CHI DIURNO. AF_11/2016","CHI",59.02]
[95721,"ESCAVADEIRA HIDRAULICA SOBRE ESTEIRA, EQUIPADA COM CLAMSHELL, COM CAPACIDADE DA CAÇAMBA ENTRE 1,20 E 1,50 M3, PESO OPERACIONAL ENTRE 20,00 E 22,00 TON, POTENCIA LIQUIDA ENTRE 150 E 160 HP - CHI DIURNO. AF_11/2016","CHI",57.77]
[95873,"GRUPO GERADOR COM CARENAGEM, MOTOR DIESEL POTÊNCIA STANDART ENTRE 250 E 260 KVA - CHI DIURNO. AF_12/2016","CHI",7.86]
[96014,"TRATOR DE PNEUS COM POTÊNCIA DE 122 CV, TRAÇÃO 4X4, COM VASSOURA MECÂNICA ACOPLADA - CHI DIURNO. AF_02/2017","CHI",38.42]
[96021,"TRATOR DE PNEUS COM POTÊNCIA DE 122 CV, TRAÇÃO 4X4, COM GRADE DE DISCOS ACOPLADA - CHI DIURNO. AF_02/2017","CHI",38.27]
[96029,"TRATOR DE PNEUS COM POTÊNCIA DE 85 CV, TRAÇÃO 4X4, COM GRADE DE DISCOS ACOPLADA - CHI DIURNO. AF_02/2017","CHI",35.37]
[96036,"CAMINHÃO BASCULANTE 10 M3, TRUCADO, POTÊNCIA 230 CV, INCLUSIVE CAÇAMBA METÁLICA, COM DISTRIBUIDOR DE AGREGADOS ACOPLADO - CHI DIURNO. AF_02/2017","CHI",39.62]
[96155,"TRATOR DE PNEUS COM POTÊNCIA DE 85 CV, TRAÇÃO 4X4, COM VASSOURA MECÂNICA ACOPLADA - CHI DIURNO. AF_02/2017","CHI",35.52]
[96156,"MINICARREGADEIRA SOBRE RODAS POTENCIA 47HP CAPACIDADE OPERACAO 646 KG, COM VASSOURA MECÂNICA ACOPLADA - CHI DIURNO. AF_03/2017","CHI",42.62]
[96159,"MÁQUINA DEMARCADORA DE FAIXA DE TRÁFEGO À FRIO, AUTOPROPELIDA, POTÊNCIA 38 HP - CHI DIURNO. AF_07/2016","CHI",51.17]
[96246,"MINIESCAVADEIRA SOBRE ESTEIRAS, POTENCIA LIQUIDA DE *30* HP, PESO OPERACIONAL DE *3.500* KG - CHI DIURNO. AF_04/2017","CHI",41.34]
[96302,"PERFURATRIZ ROTATIVA SOBRE ESTEIRA, TORQUE MAXIMO 2500 KGM, POTENCIA 110 HP, MOTOR DIESEL - CHI DIURNO. AF_05/2017","CHI",68.93]
[96308,"COMPRESSOR DE AR, VAZAO DE 10 PCM, RESERVATORIO 100 L, PRESSAO DE TRABALHO ENTRE 6,9 E 9,7 BAR  POTENCIA 2 HP, TENSAO 110/220 V \u0096 CHI DIURNO. AF_05/2017","CHI",0.11]
[96464,"ROLO COMPACTADOR DE PNEUS, ESTATICO, PRESSAO VARIAVEL, POTENCIA 110 HP, PESO SEM/COM LASTRO 10,8/27 T, LARGURA DE ROLAGEM 2,30 M - CHI DIURNO. AF_06/2017","CHI",55.16]
[98765,"INVERSOR DE SOLDA MONOFÁSICO DE 160 A, POTÊNCIA DE 5400 W, TENSÃO DE 220 V, PARA SOLDA COM ELETRODOS DE 2,0 A 4,0 MM E PROCESSO TIG - CHI DIURNO. AF_06/2018","CHI",0.07]
[5089,"ROLO COMPACTADOR VIBRATÓRIO PÉ DE CARNEIRO PARA SOLOS, POTÊNCIA 80 HP, PESO OPERACIONAL SEM/COM LASTRO 7,4 / 8,8 T, LARGURA DE TRABALHO 1,68 M - MANUTENÇÃO. AF_02/2016","H",19.76]
[5627,"ESCAVADEIRA HIDRÁULICA SOBRE ESTEIRAS, CAÇAMBA 0,80 M3, PESO OPERACIONAL 17 T, POTENCIA BRUTA 111 HP - DEPRECIAÇÃO. AF_06/2014","H",22.69]
[5628,"ESCAVADEIRA HIDRÁULICA SOBRE ESTEIRAS, CAÇAMBA 0,80 M3, PESO OPERACIONAL 17 T, POTENCIA BRUTA 111 HP - JUROS. AF_06/2014","H",5.83]
[5629,"ESCAVADEIRA HIDRÁULICA SOBRE ESTEIRAS, CAÇAMBA 0,80 M3, PESO OPERACIONAL 17 T, POTENCIA BRUTA 111 HP - MANUTENÇÃO. AF_06/2014","H",28.36]
[5630,"ESCAVADEIRA HIDRÁULICA SOBRE ESTEIRAS, CAÇAMBA 0,80 M3, PESO OPERACIONAL 17 T, POTENCIA BRUTA 111 HP - MATERIAIS NA OPERAÇÃO. AF_06/2014","H",52.03]
[5658,"GRADE DE DISCO CONTROLE REMOTO REBOCÁVEL, COM 24 DISCOS 24\u0094 X 6 MM COM PNEUS PARA TRANSPORTE - MANUTENÇÃO. AF_06/2014","H",1.33]
[5664,"RETROESCAVADEIRA SOBRE RODAS COM CARREGADEIRA, TRAÇÃO 4X4, POTÊNCIA LÍQ. 88 HP, CAÇAMBA CARREG. CAP. MÍN. 1 M3, CAÇAMBA RETRO CAP. 0,26 M3, PESO OPERACIONAL MÍN. 6.674 KG, PROFUNDIDADE ESCAVAÇÃO MÁX. 4,37 M - MANUTENÇÃO. AF_06/2014","H",15.23]
[5667,"RETROESCAVADEIRA SOBRE RODAS COM CARREGADEIRA, TRAÇÃO 4X2, POTÊNCIA LÍQ. 79 HP, CAÇAMBA CARREG. CAP. MÍN. 1 M3, CAÇAMBA RETRO CAP. 0,20 M3, PESO OPERACIONAL MÍN. 6.570 KG, PROFUNDIDADE ESCAVAÇÃO MÁX. 4,37 M - MANUTENÇÃO. AF_06/2014","H",13.55]
[5668,"RETROESCAVADEIRA SOBRE RODAS COM CARREGADEIRA, TRAÇÃO 4X2, POTÊNCIA LÍQ. 79 HP, CAÇAMBA CARREG. CAP. MÍN. 1 M3, CAÇAMBA RETRO CAP. 0,20 M3, PESO OPERACIONAL MÍN. 6.570 KG, PROFUNDIDADE ESCAVAÇÃO MÁX. 4,37 M - MATERIAIS NA OPERAÇÃO. AF_06/2014","H",39.82]
[5674,"ROLO COMPACTADOR VIBRATÓRIO DE UM CILINDRO AÇO LISO, POTÊNCIA 80 HP, PESO OPERACIONAL MÁXIMO 8,1 T, IMPACTO DINÂMICO 16,15 / 9,5 T, LARGURA DE TRABALHO 1,68 M - MANUTENÇÃO. AF_06/2014","H",19.01]
[5692,"MOTOBOMBA CENTRÍFUGA, MOTOR A GASOLINA, POTÊNCIA 5,42 HP, BOCAIS 1 1/2\" X 1\", DIÂMETRO ROTOR 143 MM HM/Q = 6 MCA / 16,8 M3/H A 38 MCA / 6,6 M3/H - MANUTENÇÃO. AF_06/2014","H",0.14]
[5693,"MOTOBOMBA CENTRÍFUGA, MOTOR A GASOLINA, POTÊNCIA 5,42 HP, BOCAIS 1 1/2\" X 1\", DIÂMETRO ROTOR 143 MM HM/Q = 6 MCA / 16,8 M3/H A 38 MCA / 6,6 M3/H - MATERIAIS NA OPERAÇÃO. AF_06/2014","H",3.87]
[5695,"CAMINHÃO BASCULANTE 6 M3, PESO BRUTO TOTAL 16.000 KG, CARGA ÚTIL MÁXIMA 13.071 KG, DISTÂNCIA ENTRE EIXOS 4,80 M, POTÊNCIA 230 CV INCLUSIVE CAÇAMBA METÁLICA - MANUTENÇÃO. AF_06/2014","H",18.67]
[5703,"USINA DE CONCRETO FIXA, CAPACIDADE NOMINAL DE 90 A 120 M3/H, SEM SILO - MATERIAIS NA OPERAÇÃO. AF_07/2016","H",18.8]
[5705,"CAMINHÃO TOCO, PBT 16.000 KG, CARGA ÚTIL MÁX. 10.685 KG, DIST. ENTRE EIXOS 4,8 M, POTÊNCIA 189 CV, INCLUSIVE CARROCERIA FIXA ABERTA DE MADEIRA P/ TRANSPORTE GERAL DE CARGA SECA, DIMEN. APROX. 2,5 X 7,00 X 0,50 M - MANUTENÇÃO. AF_06/2014","H",11.53]
[5707,"USINA MISTURADORA DE SOLOS, CAPACIDADE DE 200 A 500 TON/H, POTENCIA 75KW - MANUTENÇÃO. AF_07/2016","H",41.26]
[5710,"VIBROACABADORA DE ASFALTO SOBRE ESTEIRAS, LARGURA DE PAVIMENTAÇÃO 1,90 M A 5,30 M, POTÊNCIA 105 HP CAPACIDADE 450 T/H - MANUTENÇÃO. AF_11/2014","H",82.59]
[5711,"VIBROACABADORA DE ASFALTO SOBRE ESTEIRAS, LARGURA DE PAVIMENTAÇÃO 1,90 M A 5,30 M, POTÊNCIA 105 HP CAPACIDADE 450 T/H - MATERIAIS NA OPERAÇÃO. AF_11/2014","H",49.2]
[5714,"TRATOR DE PNEUS, POTÊNCIA 85 CV, TRAÇÃO 4X4, PESO COM LASTRO DE 4.675 KG - MANUTENÇÃO. AF_06/2014","H",6.87]
[5715,"TRATOR DE PNEUS, POTÊNCIA 85 CV, TRAÇÃO 4X4, PESO COM LASTRO DE 4.675 KG - MATERIAIS NA OPERAÇÃO. AF_06/2014","H",39.29]
[5718,"TRATOR DE ESTEIRAS, POTÊNCIA 170 HP, PESO OPERACIONAL 19 T, CAÇAMBA 5,2 M3 - MATERIAIS NA OPERAÇÃO. AF_06/2014","H",79.67]
[5721,"TRATOR DE ESTEIRAS, POTÊNCIA 150 HP, PESO OPERACIONAL 16,7 T, COM RODA MOTRIZ ELEVADA E LÂMINA 3,18 M3 - MATERIAIS NA OPERAÇÃO. AF_06/2014","H",70.28]
[5722,"TRATOR DE ESTEIRAS, POTÊNCIA 347 HP, PESO OPERACIONAL 38,5 T, COM LÂMINA 8,70 M3 - MATERIAIS NA OPERAÇÃO. AF_06/2014","H",162.63]
[5724,"TRATOR DE ESTEIRAS, POTÊNCIA 100 HP, PESO OPERACIONAL 9,4 T, COM LÂMINA 2,19 M3 - MANUTENÇÃO. AF_06/2014","H",24.72]
[5727,"ROLO COMPACTADOR VIBRATÓRIO REBOCÁVEL, CILINDRO DE AÇO LISO, POTÊNCIA DE TRAÇÃO DE 65 CV, PESO 4,7 T, IMPACTO DINÂMICO 18,3 T, LARGURA DE TRABALHO 1,67 M - MANUTENÇÃO. AF_02/2016","H",5.73]
[5729,"ROLO COMPACTADOR VIBRATÓRIO TANDEM AÇO LISO, POTÊNCIA 58 HP, PESO SEM/COM LASTRO 6,5 / 9,4 T, LARGURA DE TRABALHO 1,2 M - MANUTENÇÃO. AF_06/2014","H",23.34]
[5730,"ROLO COMPACTADOR VIBRATÓRIO TANDEM AÇO LISO, POTÊNCIA 58 HP, PESO SEM/COM LASTRO 6,5 / 9,4 T, LARGURA DE TRABALHO 1,2 M - MATERIAIS NA OPERAÇÃO. AF_06/2014","H",27.18]
[5735,"RETROESCAVADEIRA SOBRE RODAS COM CARREGADEIRA, TRAÇÃO 4X4, POTÊNCIA LÍQ. 72 HP, CAÇAMBA CARREG. CAP. MÍN. 0,79 M3, CAÇAMBA RETRO CAP. 0,18 M3, PESO OPERACIONAL MÍN. 7.140 KG, PROFUNDIDADE ESCAVAÇÃO MÁX. 4,50 M - MANUTENÇÃO. AF_06/2014","H",14.7]
[5736,"RETROESCAVADEIRA SOBRE RODAS COM CARREGADEIRA, TRAÇÃO 4X4, POTÊNCIA LÍQ. 72 HP, CAÇAMBA CARREG. CAP. MÍN. 0,79 M3, CAÇAMBA RETRO CAP. 0,18 M3, PESO OPERACIONAL MÍN. 7.140 KG, PROFUNDIDADE ESCAVAÇÃO MÁX. 4,50 M - MATERIAIS NA OPERAÇÃO. AF_06/2014","H",36.54]
[5738,"ROLO COMPACTADOR VIBRATÓRIO PÉ DE CARNEIRO, OPERADO POR CONTROLE REMOTO, POTÊNCIA 12,5 KW, PESO OPERACIONAL 1,675 T, LARGURA DE TRABALHO 0,85 M - DEPRECIAÇÃO. AF_02/2016","H",20.75]
[5739,"ROLO COMPACTADOR VIBRATÓRIO PÉ DE CARNEIRO, OPERADO POR CONTROLE REMOTO, POTÊNCIA 12,5 KW, PESO OPERACIONAL 1,675 T, LARGURA DE TRABALHO 0,85 M - MANUTENÇÃO. AF_02/2016","H",25.97]
[5741,"USINA DE LAMA ASFÁLTICA, PROD 30 A 50 T/H, SILO DE AGREGADO 7 M3, RESERVATÓRIOS PARA EMULSÃO E ÁGUA DE 2,3 M3 CADA, MISTURADOR TIPO PUG MILL A SER MONTADO SOBRE CAMINHÃO - MANUTENÇÃO. AF_10/2014","H",27.29]
[5742,"USINA DE LAMA ASFÁLTICA, PROD 30 A 50 T/H, SILO DE AGREGADO 7 M3, RESERVATÓRIOS PARA EMULSÃO E ÁGUA DE 2,3 M3 CADA, MISTURADOR TIPO PUG MILL A SER MONTADO SOBRE CAMINHÃO - MATERIAIS NA OPERAÇÃO. AF_10/2014","H",15.25]
[5747,"CAMINHÃO PIPA 6.000 L, PESO BRUTO TOTAL 13.000 KG, DISTÂNCIA ENTRE EIXOS 4,80 M, POTÊNCIA 189 CV INCLUSIVE TANQUE DE AÇO PARA TRANSPORTE DE ÁGUA, CAPACIDADE 6 M3 - MATERIAIS NA OPERAÇÃO. AF_06/2014","H",87.38]
[5751,"CAMINHÃO TOCO, PESO BRUTO TOTAL 14.300 KG, CARGA ÚTIL MÁXIMA 9590 KG, DISTÂNCIA ENTRE EIXOS 4,76 M, POTÊNCIA 185 CV (NÃO INCLUI CARROCERIA) - MANUTENÇÃO. AF_06/2014","H",12.4]
[5754,"CAMINHÃO TOCO, PESO BRUTO TOTAL 16.000 KG, CARGA ÚTIL MÁXIMA DE 10.685 KG, DISTÂNCIA ENTRE EIXOS 4,80 M, POTÊNCIA 189 CV EXCLUSIVE CARROCERIA - MANUTENÇÃO. AF_06/2014","H",10.45]
[5763,"CAMINHÃO PIPA 10.000 L TRUCADO, PESO BRUTO TOTAL 23.000 KG, CARGA ÚTIL MÁXIMA 15.935 KG, DISTÂNCIA ENTRE EIXOS 4,8 M, POTÊNCIA 230 CV, INCLUSIVE TANQUE DE AÇO PARA TRANSPORTE DE ÁGUA - MANUTENÇÃO. AF_06/2014","H",18.4]
[5765,"ESPARGIDOR DE ASFALTO PRESSURIZADO COM TANQUE DE 2500 L, REBOCÁVEL COM MOTOR A GASOLINA POTÊNCIA 3,4 HP - MANUTENÇÃO. AF_07/2014","H",1.92]
[5766,"ESPARGIDOR DE ASFALTO PRESSURIZADO COM TANQUE DE 2500 L, REBOCÁVEL COM MOTOR A GASOLINA POTÊNCIA 3,4 HP - MATERIAIS NA OPERAÇÃO. AF_07/2014","H",2.43]
[5779,"MOTONIVELADORA POTÊNCIA BÁSICA LÍQUIDA (PRIMEIRA MARCHA) 125 HP, PESO BRUTO 13032 KG, LARGURA DA LÂMINA DE 3,7 M - MANUTENÇÃO. AF_06/2014","H",39.35]
[5787,"PÁ CARREGADEIRA SOBRE RODAS, POTÊNCIA 197 HP, CAPACIDADE DA CAÇAMBA 2,5 A 3,5 M3, PESO OPERACIONAL 18338 KG - MATERIAIS NA OPERAÇÃO. AF_06/2014","H",92.31]
[5797,"COMPRESSOR DE AR REBOCÁVEL, VAZÃO 189 PCM, PRESSÃO EFETIVA DE TRABALHO 102 PSI, MOTOR DIESEL, POTÊNCIA 63 CV - MANUTENÇÃO. AF_06/2015","H",2.42]
[5800,"BOMBA SUBMERSÍVEL ELÉTRICA TRIFÁSICA, POTÊNCIA 2,96 HP, Ø ROTOR 144 MM SEMI-ABERTO, BOCAL DE SAÍDA Ø 2\u0094, HM/Q = 2 MCA / 38,8 M3/H A 28 MCA / 5 M3/H - MANUTENÇÃO. AF_06/2014","H",0.2]
[7032,"TANQUE DE ASFALTO ESTACIONÁRIO COM SERPENTINA, CAPACIDADE 30.000 L - DEPRECIAÇÃO. AF_06/2014","H",2.72]
[7033,"TANQUE DE ASFALTO ESTACIONÁRIO COM SERPENTINA, CAPACIDADE 30.000 L - JUROS. AF_06/2014","H",1.08]
[7034,"TANQUE DE ASFALTO ESTACIONÁRIO COM SERPENTINA, CAPACIDADE 30.000 L - MANUTENÇÃO. AF_06/2014","H",5.11]
[7035,"TANQUE DE ASFALTO ESTACIONÁRIO COM SERPENTINA, CAPACIDADE 30.000 L - MATERIAIS NA OPERAÇÃO. AF_06/2014","H",149.58]
[7038,"ROLO COMPACTADOR DE PNEUS ESTÁTICO, PRESSÃO VARIÁVEL, POTÊNCIA 111 HP, PESO SEM/COM LASTRO 9,5 / 26 T, LARGURA DE TRABALHO 1,90 M - DEPRECIAÇÃO. AF_07/2014","H",23.74]
[7039,"ROLO COMPACTADOR DE PNEUS ESTÁTICO, PRESSÃO VARIÁVEL, POTÊNCIA 111 HP, PESO SEM/COM LASTRO 9,5 / 26 T, LARGURA DE TRABALHO 1,90 M - JUROS. AF_07/2014","H",6.23]
[7040,"ROLO COMPACTADOR DE PNEUS ESTÁTICO, PRESSÃO VARIÁVEL, POTÊNCIA 111 HP, PESO SEM/COM LASTRO 9,5 / 26 T, LARGURA DE TRABALHO 1,90 M - MANUTENÇÃO. AF_07/2014","H",29.71]
[7044,"MOTOBOMBA TRASH (PARA ÁGUA SUJA) AUTO ESCORVANTE, MOTOR GASOLINA DE 6,41 HP, DIÂMETROS DE SUCÇÃO X RECALQUE: 3\" X 3\", HM/Q = 10 MCA / 60 M3/H A 23 MCA / 0 M3/H - DEPRECIAÇÃO. AF_10/2014","H",0.16]
[7045,"MOTOBOMBA TRASH (PARA ÁGUA SUJA) AUTO ESCORVANTE, MOTOR GASOLINA DE 6,41 HP, DIÂMETROS DE SUCÇÃO X RECALQUE: 3\" X 3\", HM/Q = 10 MCA / 60 M3/H A 23 MCA / 0 M3/H - JUROS. AF_10/2014","H",0.03]
[7046,"MOTOBOMBA TRASH (PARA ÁGUA SUJA) AUTO ESCORVANTE, MOTOR GASOLINA DE 6,41 HP, DIÂMETROS DE SUCÇÃO X RECALQUE: 3\" X 3\", HM/Q = 10 MCA / 60 M3/H A 23 MCA / 0 M3/H - MANUTENÇÃO. AF_10/2014","H",0.17]
[7047,"MOTOBOMBA TRASH (PARA ÁGUA SUJA) AUTO ESCORVANTE, MOTOR GASOLINA DE 6,41 HP, DIÂMETROS DE SUCÇÃO X RECALQUE: 3\" X 3\", HM/Q = 10 MCA / 60 M3/H A 23 MCA / 0 M3/H - MATERIAIS NA OPERAÇÃO. AF_10/2014","H",4.58]
[7051,"ROLO COMPACTADOR PE DE CARNEIRO VIBRATORIO, POTENCIA 125 HP, PESO OPERACIONAL SEM/COM LASTRO 11,95 / 13,30 T, IMPACTO DINAMICO 38,5 / 22,5 T, LARGURA DE TRABALHO 2,15 M - DEPRECIAÇÃO. AF_06/2014","H",21.05]
[7052,"ROLO COMPACTADOR PE DE CARNEIRO VIBRATORIO, POTENCIA 125 HP, PESO OPERACIONAL SEM/COM LASTRO 11,95 / 13,30 T, IMPACTO DINAMICO 38,5 / 22,5 T, LARGURA DE TRABALHO 2,15 M - JUROS. AF_06/2014","H",5.53]
[7053,"ROLO COMPACTADOR PE DE CARNEIRO VIBRATORIO, POTENCIA 125 HP, PESO OPERACIONAL SEM/COM LASTRO 11,95 / 13,30 T, IMPACTO DINAMICO 38,5 / 22,5 T, LARGURA DE TRABALHO 2,15 M - MANUTENÇÃO. AF_06/2014","H",26.35]
[7054,"ROLO COMPACTADOR PE DE CARNEIRO VIBRATORIO, POTENCIA 125 HP, PESO OPERACIONAL SEM/COM LASTRO 11,95 / 13,30 T, IMPACTO DINAMICO 38,5 / 22,5 T, LARGURA DE TRABALHO 2,15 M - MATERIAIS NA OPERAÇÃO. AF_06/2014","H",58.59]
[7058,"CAMINHÃO BASCULANTE 6 M3 TOCO, PESO BRUTO TOTAL 16.000 KG, CARGA ÚTIL MÁXIMA 11.130 KG, DISTÂNCIA ENTRE EIXOS 5,36 M, POTÊNCIA 185 CV, INCLUSIVE CAÇAMBA METÁLICA - DEPRECIAÇÃO. AF_06/2014","H",9.51]
[7059,"CAMINHÃO BASCULANTE 6 M3 TOCO, PESO BRUTO TOTAL 16.000 KG, CARGA ÚTIL MÁXIMA 11.130 KG, DISTÂNCIA ENTRE EIXOS 5,36 M, POTÊNCIA 185 CV, INCLUSIVE CAÇAMBA METÁLICA - JUROS. AF_06/2014","H",3.33]
[7060,"CAMINHÃO BASCULANTE 6 M3 TOCO, PESO BRUTO TOTAL 16.000 KG, CARGA ÚTIL MÁXIMA 11.130 KG, DISTÂNCIA ENTRE EIXOS 5,36 M, POTÊNCIA 185 CV, INCLUSIVE CAÇAMBA METÁLICA - MANUTENÇÃO. AF_06/2014","H",17.85]
[7061,"CAMINHÃO BASCULANTE 6 M3 TOCO, PESO BRUTO TOTAL 16.000 KG, CARGA ÚTIL MÁXIMA 11.130 KG, DISTÂNCIA ENTRE EIXOS 5,36 M, POTÊNCIA 185 CV, INCLUSIVE CAÇAMBA METÁLICA - MATERIAIS NA OPERAÇÃO. AF_06/2014","H",85.53]
[7063,"TRATOR DE PNEUS, POTÊNCIA 122 CV, TRAÇÃO 4X4, PESO COM LASTRO DE 4.510 KG - DEPRECIAÇÃO. AF_06/2014","H",8.58]
[7064,"TRATOR DE PNEUS, POTÊNCIA 122 CV, TRAÇÃO 4X4, PESO COM LASTRO DE 4.510 KG - JUROS. AF_06/2014","H",2.25]
[7065,"TRATOR DE PNEUS, POTÊNCIA 122 CV, TRAÇÃO 4X4, PESO COM LASTRO DE 4.510 KG - MANUTENÇÃO. AF_06/2014","H",9.38]
[7066,"TRATOR DE PNEUS, POTÊNCIA 122 CV, TRAÇÃO 4X4, PESO COM LASTRO DE 4.510 KG - MATERIAIS NA OPERAÇÃO. AF_06/2014","H",56.39]
[53786,"RETROESCAVADEIRA SOBRE RODAS COM CARREGADEIRA, TRAÇÃO 4X4, POTÊNCIA LÍQ. 88 HP, CAÇAMBA CARREG. CAP. MÍN. 1 M3, CAÇAMBA RETRO CAP. 0,26 M3, PESO OPERACIONAL MÍN. 6.674 KG, PROFUNDIDADE ESCAVAÇÃO MÁX. 4,37 M - MATERIAIS NA OPERAÇÃO. AF_06/2014","H",43.1]
[53788,"ROLO COMPACTADOR VIBRATÓRIO DE UM CILINDRO AÇO LISO, POTÊNCIA 80 HP, PESO OPERACIONAL MÁXIMO 8,1 T, IMPACTO DINÂMICO 16,15 / 9,5 T, LARGURA DE TRABALHO 1,68 M - MATERIAIS NA OPERAÇÃO. AF_06/2014","H",37.48]
[53792,"CAMINHÃO BASCULANTE 6 M3, PESO BRUTO TOTAL 16.000 KG, CARGA ÚTIL MÁXIMA 13.071 KG, DISTÂNCIA ENTRE EIXOS 4,80 M, POTÊNCIA 230 CV INCLUSIVE CAÇAMBA METÁLICA - MATERIAIS NA OPERAÇÃO. AF_06/2014","H",106.34]
[53794,"USINA DE CONCRETO FIXA, CAPACIDADE NOMINAL DE 90 A 120 M3/H, SEM SILO - MANUTENÇÃO. AF_07/2016","H",35]
[53797,"CAMINHÃO TOCO, PBT 16.000 KG, CARGA ÚTIL MÁX. 10.685 KG, DIST. ENTRE EIXOS 4,8 M, POTÊNCIA 189 CV, INCLUSIVE CARROCERIA FIXA ABERTA DE MADEIRA P/ TRANSPORTE GERAL DE CARGA SECA, DIMEN. APROX. 2,5 X 7,00 X 0,50 M - MATERIAIS NA OPERAÇÃO. AF_06/2014","H",87.38]
[53804,"VASSOURA MECÂNICA REBOCÁVEL COM ESCOVA CILÍNDRICA, LARGURA ÚTIL DE VARRIMENTO DE 2,44 M - MANUTENÇÃO. AF_06/2014","H",2.78]
[53806,"TRATOR DE ESTEIRAS, POTÊNCIA 170 HP, PESO OPERACIONAL 19 T, CAÇAMBA 5,2 M3 - MANUTENÇÃO. AF_06/2014","H",31.85]
[53810,"TRATOR DE ESTEIRAS, POTÊNCIA 150 HP, PESO OPERACIONAL 16,7 T, COM RODA MOTRIZ ELEVADA E LÂMINA 3,18 M3 - MANUTENÇÃO. AF_06/2014","H",32.05]
[53814,"TRATOR DE ESTEIRAS, POTÊNCIA 347 HP, PESO OPERACIONAL 38,5 T, COM LÂMINA 8,70 M3 - MANUTENÇÃO. AF_06/2014","H",104.99]
[53817,"TRATOR DE ESTEIRAS, POTÊNCIA 100 HP, PESO OPERACIONAL 9,4 T, COM LÂMINA 2,19 M3 - MATERIAIS NA OPERAÇÃO. AF_06/2014","H",46.87]
[53818,"ROLO COMPACTADOR VIBRATÓRIO REBOCÁVEL, CILINDRO DE AÇO LISO, POTÊNCIA DE TRAÇÃO DE 65 CV, PESO 4,7 T, IMPACTO DINÂMICO 18,3 T, LARGURA DE TRABALHO 1,67 M - DEPRECIAÇÃO. AF_02/2016","H",4.58]
[53827,"CAMINHÃO TOCO, PESO BRUTO TOTAL 14.300 KG, CARGA ÚTIL MÁXIMA 9590 KG, DISTÂNCIA ENTRE EIXOS 4,76 M, POTÊNCIA 185 CV (NÃO INCLUI CARROCERIA) - MATERIAIS NA OPERAÇÃO. AF_06/2014","H",85.53]
[53829,"CAMINHÃO TOCO, PESO BRUTO TOTAL 16.000 KG, CARGA ÚTIL MÁXIMA DE 10.685 KG, DISTÂNCIA ENTRE EIXOS 4,80 M, POTÊNCIA 189 CV EXCLUSIVE CARROCERIA - MATERIAIS NA OPERAÇÃO. AF_06/2014","H",87.38]
[53831,"CAMINHÃO PIPA 10.000 L TRUCADO, PESO BRUTO TOTAL 23.000 KG, CARGA ÚTIL MÁXIMA 15.935 KG, DISTÂNCIA ENTRE EIXOS 4,8 M, POTÊNCIA 230 CV, INCLUSIVE TANQUE DE AÇO PARA TRANSPORTE DE ÁGUA - MATERIAIS NA OPERAÇÃO. AF_06/2014","H",106.34]
[53840,"GRADE DE DISCO REBOCÁVEL COM 20 DISCOS 24\" X 6 MM COM PNEUS PARA TRANSPORTE - DEPRECIAÇÃO. AF_06/2014","H",1.51]
[53841,"GRADE DE DISCO REBOCÁVEL COM 20 DISCOS 24\" X 6 MM COM PNEUS PARA TRANSPORTE - MANUTENÇÃO. AF_06/2014","H",1.04]
[53849,"MOTONIVELADORA POTÊNCIA BÁSICA LÍQUIDA (PRIMEIRA MARCHA) 125 HP, PESO BRUTO 13032 KG, LARGURA DA LÂMINA DE 3,7 M - MATERIAIS NA OPERAÇÃO. AF_06/2014","H",58.59]
[53857,"PÁ CARREGADEIRA SOBRE RODAS, POTÊNCIA LÍQUIDA 128 HP, CAPACIDADE DA CAÇAMBA 1,7 A 2,8 M3, PESO OPERACIONAL 11632 KG - MANUTENÇÃO. AF_06/2014","H",25.9]
[53858,"PÁ CARREGADEIRA SOBRE RODAS, POTÊNCIA LÍQUIDA 128 HP, CAPACIDADE DA CAÇAMBA 1,7 A 2,8 M3, PESO OPERACIONAL 11632 KG - MATERIAIS NA OPERAÇÃO. AF_06/2014","H",59.99]
[53861,"PÁ CARREGADEIRA SOBRE RODAS, POTÊNCIA 197 HP, CAPACIDADE DA CAÇAMBA 2,5 A 3,5 M3, PESO OPERACIONAL 18338 KG - MANUTENÇÃO. AF_06/2014","H",35.91]
[53863,"MARTELETE OU ROMPEDOR PNEUMÁTICO MANUAL, 28 KG, COM SILENCIADOR - MANUTENÇÃO. AF_07/2016","H",1.06]
[53865,"COMPRESSOR DE AR REBOCÁVEL, VAZÃO 189 PCM, PRESSÃO EFETIVA DE TRABALHO 102 PSI, MOTOR DIESEL, POTÊNCIA 63 CV - MATERIAIS NA OPERAÇÃO. AF_06/2015","H",29.14]
[53866,"BOMBA SUBMERSÍVEL ELÉTRICA TRIFÁSICA, POTÊNCIA 2,96 HP, Ø ROTOR 144 MM SEMI-ABERTO, BOCAL DE SAÍDA Ø 2\u0094, HM/Q = 2 MCA / 38,8 M3/H A 28 MCA / 5 M3/H - MATERIAIS NA OPERAÇÃO. AF_06/2014","H",1.52]
[53882,"CAMINHÃO PIPA 6.000 L, PESO BRUTO TOTAL 13.000 KG, DISTÂNCIA ENTRE EIXOS 4,80 M, POTÊNCIA 189 CV INCLUSIVE TANQUE DE AÇO PARA TRANSPORTE DE ÁGUA, CAPACIDADE 6 M3 - MANUTENÇÃO. AF_06/2014","H",14.36]
[55263,"ROLO COMPACTADOR DE PNEUS ESTÁTICO, PRESSÃO VARIÁVEL, POTÊNCIA 111 HP, PESO SEM/COM LASTRO 9,5 / 26 T, LARGURA DE TRABALHO 1,90 M - MATERIAIS NA OPERAÇÃO. AF_07/2014","H",52.03]
[73303,"GRUPO GERADOR ESTACIONÁRIO, MOTOR DIESEL POTÊNCIA 170 KVA - DEPRECIAÇÃO. AF_02/2016","H",4.12]
[73307,"GRUPO GERADOR ESTACIONÁRIO, MOTOR DIESEL POTÊNCIA 170 KVA - MANUTENÇÃO. AF_02/2016","H",3.67]
[73309,"ROLO COMPACTADOR VIBRATÓRIO PÉ DE CARNEIRO PARA SOLOS, POTÊNCIA 80 HP, PESO OPERACIONAL SEM/COM LASTRO 7,4 / 8,8 T, LARGURA DE TRABALHO 1,68 M - DEPRECIAÇÃO. AF_02/2016","H",15.79]
[73311,"GRUPO GERADOR ESTACIONÁRIO, MOTOR DIESEL POTÊNCIA 170 KVA - MATERIAIS NA OPERAÇÃO. AF_02/2016","H",98.41]
[73313,"ROLO COMPACTADOR VIBRATÓRIO PÉ DE CARNEIRO PARA SOLOS, POTÊNCIA 80 HP, PESO OPERACIONAL SEM/COM LASTRO 7,4 / 8,8 T, LARGURA DE TRABALHO 1,68 M - JUROS. AF_02/2016","H",4.14]
[73315,"ROLO COMPACTADOR VIBRATÓRIO PÉ DE CARNEIRO PARA SOLOS, POTÊNCIA 80 HP, PESO OPERACIONAL SEM/COM LASTRO 7,4 / 8,8 T, LARGURA DE TRABALHO 1,68 M - MATERIAIS NA OPERAÇÃO. AF_02/2016","H",37.48]
[73335,"CAMINHÃO TOCO, PBT 14.300 KG, CARGA ÚTIL MÁX. 9.710 KG, DIST. ENTRE EIXOS 3,56 M, POTÊNCIA 185 CV, INCLUSIVE CARROCERIA FIXA ABERTA DE MADEIRA P/ TRANSPORTE GERAL DE CARGA SECA, DIMEN. APROX. 2,50 X 6,50 X 0,50 M - MANUTENÇÃO. AF_06/2014","H",13.63]
[73340,"CAMINHÃO TOCO, PBT 14.300 KG, CARGA ÚTIL MÁX. 9.710 KG, DIST. ENTRE EIXOS 3,56 M, POTÊNCIA 185 CV, INCLUSIVE CARROCERIA FIXA ABERTA DE MADEIRA P/ TRANSPORTE GERAL DE CARGA SECA, DIMEN. APROX. 2,50 X 6,50 X 0,50 M - MATERIAIS NA OPERAÇÃO. AF_06/2014","H",85.53]
[83361,"ESPARGIDOR DE ASFALTO PRESSURIZADO, TANQUE 6 M3 COM ISOLAÇÃO TÉRMICA, AQUECIDO COM 2 MAÇARICOS, COM BARRA ESPARGIDORA 3,60 M, MONTADO SOBRE CAMINHÃO  TOCO, PBT 14.300 KG, POTÊNCIA 185 CV - MANUTENÇÃO. AF_08/2015","H",9.09]
[83761,"GRUPO DE SOLDAGEM COM GERADOR A DIESEL 60 CV PARA SOLDA ELÉTRICA, SOBRE 04 RODAS, COM MOTOR 4 CILINDROS 600 A - DEPRECIAÇÃO. AF_02/2016","H",8.78]
[83762,"GRUPO DE SOLDAGEM COM GERADOR A DIESEL 60 CV PARA SOLDA ELÉTRICA, SOBRE 04 RODAS, COM MOTOR 4 CILINDROS 600 A - MANUTENÇÃO. AF_02/2016","H",10.98]
[83763,"GRUPO DE SOLDAGEM COM GERADOR A DIESEL 60 CV PARA SOLDA ELÉTRICA, SOBRE 04 RODAS, COM MOTOR 4 CILINDROS 600 A - MATERIAIS NA OPERAÇÃO. AF_02/2016","H",27.74]
[83764,"GRUPO DE SOLDAGEM COM GERADOR A DIESEL 60 CV PARA SOLDA ELÉTRICA, SOBRE 04 RODAS, COM MOTOR 4 CILINDROS 600 A - JUROS. AF_02/2016","H",1.97]
[87026,"GRADE DE DISCO REBOCÁVEL COM 20 DISCOS 24\" X 6 MM COM PNEUS PARA TRANSPORTE - JUROS. AF_06/2014","H",0.4]
[87441,"BETONEIRA CAPACIDADE NOMINAL 400 L, CAPACIDADE DE MISTURA 310 L, MOTOR A DIESEL POTÊNCIA 5,0 HP, SEM CARREGADOR - DEPRECIAÇÃO. AF_06/2014","H",0.32]
[87442,"BETONEIRA CAPACIDADE NOMINAL 400 L, CAPACIDADE DE MISTURA 310 L, MOTOR A DIESEL POTÊNCIA 5,0 HP, SEM CARREGADOR - JUROS. AF_06/2014","H",0.07]
[87443,"BETONEIRA CAPACIDADE NOMINAL 400 L, CAPACIDADE DE MISTURA 310 L, MOTOR A DIESEL POTÊNCIA 5,0 HP, SEM CARREGADOR - MANUTENÇÃO. AF_06/2014","H",0.3]
[87444,"BETONEIRA CAPACIDADE NOMINAL 400 L, CAPACIDADE DE MISTURA 310 L, MOTOR A DIESEL POTÊNCIA 5,0 HP, SEM CARREGADOR - MATERIAIS NA OPERAÇÃO. AF_06/2014","H",2.33]
[88387,"MISTURADOR DE ARGAMASSA, EIXO HORIZONTAL, CAPACIDADE DE MISTURA 300 KG, MOTOR ELÉTRICO POTÊNCIA 5 CV - DEPRECIAÇÃO. AF_06/2014","H",0.63]
[88389,"MISTURADOR DE ARGAMASSA, EIXO HORIZONTAL, CAPACIDADE DE MISTURA 300 KG, MOTOR ELÉTRICO POTÊNCIA 5 CV - JUROS. AF_06/2014","H",0.14]
[88390,"MISTURADOR DE ARGAMASSA, EIXO HORIZONTAL, CAPACIDADE DE MISTURA 300 KG, MOTOR ELÉTRICO POTÊNCIA 5 CV - MANUTENÇÃO. AF_06/2014","H",0.79]
[88391,"MISTURADOR DE ARGAMASSA, EIXO HORIZONTAL, CAPACIDADE DE MISTURA 300 KG, MOTOR ELÉTRICO POTÊNCIA 5 CV - MATERIAIS NA OPERAÇÃO. AF_06/2014","H",2.47]
[88394,"MISTURADOR DE ARGAMASSA, EIXO HORIZONTAL, CAPACIDADE DE MISTURA 600 KG, MOTOR ELÉTRICO POTÊNCIA 7,5 CV - DEPRECIAÇÃO. AF_06/2014","H",0.75]
[88395,"MISTURADOR DE ARGAMASSA, EIXO HORIZONTAL, CAPACIDADE DE MISTURA 600 KG, MOTOR ELÉTRICO POTÊNCIA 7,5 CV - JUROS. AF_06/2014","H",0.17]
[88396,"MISTURADOR DE ARGAMASSA, EIXO HORIZONTAL, CAPACIDADE DE MISTURA 600 KG, MOTOR ELÉTRICO POTÊNCIA 7,5 CV - MANUTENÇÃO. AF_06/2014","H",0.94]
[88397,"MISTURADOR DE ARGAMASSA, EIXO HORIZONTAL, CAPACIDADE DE MISTURA 600 KG, MOTOR ELÉTRICO POTÊNCIA 7,5 CV - MATERIAIS NA OPERAÇÃO. AF_06/2014","H",3.7]
[88400,"MISTURADOR DE ARGAMASSA, EIXO HORIZONTAL, CAPACIDADE DE MISTURA 160 KG, MOTOR ELÉTRICO POTÊNCIA 3 CV - DEPRECIAÇÃO. AF_06/2014","H",0.6]
[88401,"MISTURADOR DE ARGAMASSA, EIXO HORIZONTAL, CAPACIDADE DE MISTURA 160 KG, MOTOR ELÉTRICO POTÊNCIA 3 CV - JUROS. AF_06/2014","H",0.13]
[88402,"MISTURADOR DE ARGAMASSA, EIXO HORIZONTAL, CAPACIDADE DE MISTURA 160 KG, MOTOR ELÉTRICO POTÊNCIA 3 CV - MANUTENÇÃO. AF_06/2014","H",0.75]
[88403,"MISTURADOR DE ARGAMASSA, EIXO HORIZONTAL, CAPACIDADE DE MISTURA 160 KG, MOTOR ELÉTRICO POTÊNCIA 3 CV - MATERIAIS NA OPERAÇÃO. AF_06/2014","H",1.48]
[88419,"PROJETOR DE ARGAMASSA, CAPACIDADE DE PROJEÇÃO 1,5 M3/H, ALCANCE DE 30 ATÉ 60 M, MOTOR ELÉTRICO POTÊNCIA 7,5 HP - DEPRECIAÇÃO. AF_06/2014","H",3.92]
[88422,"PROJETOR DE ARGAMASSA, CAPACIDADE DE PROJEÇÃO 1,5 M3/H, ALCANCE DE 30 ATÉ 60 M, MOTOR ELÉTRICO POTÊNCIA 7,5 HP - JUROS. AF_06/2014","H",0.88]
[88425,"PROJETOR DE ARGAMASSA, CAPACIDADE DE PROJEÇÃO 1,5 M3/H, ALCANCE DE 30 ATÉ 60 M, MOTOR ELÉTRICO POTÊNCIA 7,5 HP - MANUTENÇÃO. AF_06/2014","H",4.29]
[88427,"PROJETOR DE ARGAMASSA, CAPACIDADE DE PROJEÇÃO 1,5 M3/H, ALCANCE DE 30 ATÉ 60 M, MOTOR ELÉTRICO POTÊNCIA 7,5 HP - MATERIAIS NA OPERAÇÃO. AF_06/2014","H",3.76]
[88434,"PROJETOR DE ARGAMASSA, CAPACIDADE DE PROJEÇÃO 2 M3/H, ALCANCE ATÉ 50 M, MOTOR ELÉTRICO POTÊNCIA 7,5 HP - DEPRECIAÇÃO. AF_06/2014","H",5.2]
[88435,"PROJETOR DE ARGAMASSA, CAPACIDADE DE PROJEÇÃO 2 M3/H, ALCANCE ATÉ 50 M, MOTOR ELÉTRICO POTÊNCIA 7,5 HP - JUROS. AF_06/2014","H",1.17]
[88436,"PROJETOR DE ARGAMASSA, CAPACIDADE DE PROJEÇÃO 2 M3/H, ALCANCE ATÉ 50 M, MOTOR ELÉTRICO POTÊNCIA 7,5 HP - MANUTENÇÃO. AF_06/2014","H",5.69]
[88437,"PROJETOR DE ARGAMASSA, CAPACIDADE DE PROJEÇÃO 2 M3/H, ALCANCE ATÉ 50 M, MOTOR ELÉTRICO POTÊNCIA 7,5 HP - MATERIAIS NA OPERAÇÃO. AF_06/2014","H",3.76]
[88569,"ESPARGIDOR DE ASFALTO PRESSURIZADO COM TANQUE DE 2500 L, REBOCÁVEL COM MOTOR A GASOLINA POTÊNCIA 3,4 HP - DEPRECIAÇÃO. AF_07/2014","H",2.46]
[88570,"ESPARGIDOR DE ASFALTO PRESSURIZADO COM TANQUE DE 2500 L, REBOCÁVEL COM MOTOR A GASOLINA POTÊNCIA 3,4 HP - JUROS. AF_07/2014","H",0.83]
[88826,"BETONEIRA CAPACIDADE NOMINAL DE 400 L, CAPACIDADE DE MISTURA 280 L, MOTOR ELÉTRICO TRIFÁSICO POTÊNCIA DE 2 CV, SEM CARREGADOR - DEPRECIAÇÃO. AF_10/2014","H",0.24]
[88827,"BETONEIRA CAPACIDADE NOMINAL DE 400 L, CAPACIDADE DE MISTURA 280 L, MOTOR ELÉTRICO TRIFÁSICO POTÊNCIA DE 2 CV, SEM CARREGADOR - JUROS. AF_10/2014","H",0.05]
[88828,"BETONEIRA CAPACIDADE NOMINAL DE 400 L, CAPACIDADE DE MISTURA 280 L, MOTOR ELÉTRICO TRIFÁSICO POTÊNCIA DE 2 CV, SEM CARREGADOR - MANUTENÇÃO. AF_10/2014","H",0.22]
[88829,"BETONEIRA CAPACIDADE NOMINAL DE 400 L, CAPACIDADE DE MISTURA 280 L, MOTOR ELÉTRICO TRIFÁSICO POTÊNCIA DE 2 CV, SEM CARREGADOR - MATERIAIS NA OPERAÇÃO. AF_10/2014","H",0.98]
[88832,"ESCAVADEIRA HIDRÁULICA SOBRE ESTEIRAS, CAÇAMBA 0,80 M3, PESO OPERACIONAL 17,8 T, POTÊNCIA LÍQUIDA 110 HP - DEPRECIAÇÃO. AF_10/2014","H",21.65]
[88834,"ESCAVADEIRA HIDRÁULICA SOBRE ESTEIRAS, CAÇAMBA 0,80 M3, PESO OPERACIONAL 17,8 T, POTÊNCIA LÍQUIDA 110 HP - JUROS. AF_10/2014","H",5.56]
[88835,"ESCAVADEIRA HIDRÁULICA SOBRE ESTEIRAS, CAÇAMBA 0,80 M3, PESO OPERACIONAL 17,8 T, POTÊNCIA LÍQUIDA 110 HP - MANUTENÇÃO. AF_10/2014","H",27.06]
[88836,"ESCAVADEIRA HIDRÁULICA SOBRE ESTEIRAS, CAÇAMBA 0,80 M3, PESO OPERACIONAL 17,8 T, POTÊNCIA LÍQUIDA 110 HP - MATERIAIS NA OPERAÇÃO. AF_10/2014","H",51.54]
[88839,"TRATOR DE ESTEIRAS, POTÊNCIA 125 HP, PESO OPERACIONAL 12,9 T, COM LÂMINA 2,7 M3 - DEPRECIAÇÃO. AF_10/2014","H",14.47]
[88840,"TRATOR DE ESTEIRAS, POTÊNCIA 125 HP, PESO OPERACIONAL 12,9 T, COM LÂMINA 2,7 M3 - JUROS. AF_10/2014","H",6.19]
[88841,"TRATOR DE ESTEIRAS, POTÊNCIA 125 HP, PESO OPERACIONAL 12,9 T, COM LÂMINA 2,7 M3 - MANUTENÇÃO. AF_10/2014","H",25.87]
[88842,"TRATOR DE ESTEIRAS, POTÊNCIA 125 HP, PESO OPERACIONAL 12,9 T, COM LÂMINA 2,7 M3 - MATERIAIS NA OPERAÇÃO. AF_10/2014","H",58.59]
[88847,"USINA DE LAMA ASFÁLTICA, PROD 30 A 50 T/H, SILO DE AGREGADO 7 M3, RESERVATÓRIOS PARA EMULSÃO E ÁGUA DE 2,3 M3 CADA, MISTURADOR TIPO PUG MILL A SER MONTADO SOBRE CAMINHÃO - DEPRECIAÇÃO. AF_10/2014","H",14.55]
[88848,"USINA DE LAMA ASFÁLTICA, PROD 30 A 50 T/H, SILO DE AGREGADO 7 M3, RESERVATÓRIOS PARA EMULSÃO E ÁGUA DE 2,3 M3 CADA, MISTURADOR TIPO PUG MILL A SER MONTADO SOBRE CAMINHÃO - JUROS. AF_10/2014","H",5.81]
[88853,"MOTOBOMBA CENTRÍFUGA, MOTOR A GASOLINA, POTÊNCIA 5,42 HP, BOCAIS 1 1/2\" X 1\", DIÂMETRO ROTOR 143 MM HM/Q = 6 MCA / 16,8 M3/H A 38 MCA / 6,6 M3/H - DEPRECIAÇÃO. AF_06/2014","H",0.13]
[88854,"MOTOBOMBA CENTRÍFUGA, MOTOR A GASOLINA, POTÊNCIA 5,42 HP, BOCAIS 1 1/2\" X 1\", DIÂMETRO ROTOR 143 MM HM/Q = 6 MCA / 16,8 M3/H A 38 MCA / 6,6 M3/H - JUROS. AF_06/2014","H",0.02]
[88855,"GRADE DE DISCO CONTROLE REMOTO REBOCÁVEL, COM 24 DISCOS 24\u0094 X 6 MM COM PNEUS PARA TRANSPORTE - DEPRECIAÇÃO. AF_06/2014","H",1.92]
[88856,"GRADE DE DISCO CONTROLE REMOTO REBOCÁVEL, COM 24 DISCOS 24\u0094 X 6 MM COM PNEUS PARA TRANSPORTE - JUROS. AF_06/2014","H",0.51]
[88857,"RETROESCAVADEIRA SOBRE RODAS COM CARREGADEIRA, TRAÇÃO 4X4, POTÊNCIA LÍQ. 88 HP, CAÇAMBA CARREG. CAP. MÍN. 1 M3, CAÇAMBA RETRO CAP. 0,26 M3, PESO OPERACIONAL MÍN. 6.674 KG, PROFUNDIDADE ESCAVAÇÃO MÁX. 4,37 M - DEPRECIAÇÃO. AF_06/2014","H",12.19]
[88858,"RETROESCAVADEIRA SOBRE RODAS COM CARREGADEIRA, TRAÇÃO 4X4, POTÊNCIA LÍQ. 88 HP, CAÇAMBA CARREG. CAP. MÍN. 1 M3, CAÇAMBA RETRO CAP. 0,26 M3, PESO OPERACIONAL MÍN. 6.674 KG, PROFUNDIDADE ESCAVAÇÃO MÁX. 4,37 M - JUROS. AF_06/2014","H",3.13]
[88859,"RETROESCAVADEIRA SOBRE RODAS COM CARREGADEIRA, TRAÇÃO 4X2, POTÊNCIA LÍQ. 79 HP, CAÇAMBA CARREG. CAP. MÍN. 1 M3, CAÇAMBA RETRO CAP. 0,20 M3, PESO OPERACIONAL MÍN. 6.570 KG, PROFUNDIDADE ESCAVAÇÃO MÁX. 4,37 M - DEPRECIAÇÃO. AF_06/2014","H",10.84]
[88860,"RETROESCAVADEIRA SOBRE RODAS COM CARREGADEIRA, TRAÇÃO 4X2, POTÊNCIA LÍQ. 79 HP, CAÇAMBA CARREG. CAP. MÍN. 1 M3, CAÇAMBA RETRO CAP. 0,20 M3, PESO OPERACIONAL MÍN. 6.570 KG, PROFUNDIDADE ESCAVAÇÃO MÁX. 4,37 M - JUROS. AF_06/2014","H",2.78]
[88900,"ESCAVADEIRA HIDRÁULICA SOBRE ESTEIRAS, CAÇAMBA 1,20 M3, PESO OPERACIONAL 21 T, POTÊNCIA BRUTA 155 HP - DEPRECIAÇÃO. AF_06/2014","H",25.24]
[88902,"ESCAVADEIRA HIDRÁULICA SOBRE ESTEIRAS, CAÇAMBA 1,20 M3, PESO OPERACIONAL 21 T, POTÊNCIA BRUTA 155 HP - JUROS. AF_06/2014","H",6.49]
[88903,"ESCAVADEIRA HIDRÁULICA SOBRE ESTEIRAS, CAÇAMBA 1,20 M3, PESO OPERACIONAL 21 T, POTÊNCIA BRUTA 155 HP - MANUTENÇÃO. AF_06/2014","H",31.55]
[88904,"ESCAVADEIRA HIDRÁULICA SOBRE ESTEIRAS, CAÇAMBA 1,20 M3, PESO OPERACIONAL 21 T, POTÊNCIA BRUTA 155 HP - MATERIAIS NA OPERAÇÃO. AF_06/2014","H",72.62]
[89009,"TRATOR DE ESTEIRAS, POTÊNCIA 150 HP, PESO OPERACIONAL 16,7 T, COM RODA MOTRIZ ELEVADA E LÂMINA 3,18 M3 - DEPRECIAÇÃO. AF_06/2014","H",17.92]
[89010,"TRATOR DE ESTEIRAS, POTÊNCIA 150 HP, PESO OPERACIONAL 16,7 T, COM RODA MOTRIZ ELEVADA E LÂMINA 3,18 M3 - JUROS. AF_06/2014","H",7.66]
[89011,"RETROESCAVADEIRA SOBRE RODAS COM CARREGADEIRA, TRAÇÃO 4X4, POTÊNCIA LÍQ. 72 HP, CAÇAMBA CARREG. CAP. MÍN. 0,79 M3, CAÇAMBA RETRO CAP. 0,18 M3, PESO OPERACIONAL MÍN. 7.140 KG, PROFUNDIDADE ESCAVAÇÃO MÁX. 4,50 M - DEPRECIAÇÃO. AF_06/2014","H",11.76]
[89012,"RETROESCAVADEIRA SOBRE RODAS COM CARREGADEIRA, TRAÇÃO 4X4, POTÊNCIA LÍQ. 72 HP, CAÇAMBA CARREG. CAP. MÍN. 0,79 M3, CAÇAMBA RETRO CAP. 0,18 M3, PESO OPERACIONAL MÍN. 7.140 KG, PROFUNDIDADE ESCAVAÇÃO MÁX. 4,50 M - JUROS. AF_06/2014","H",3.02]
[89013,"TRATOR DE ESTEIRAS, POTÊNCIA 347 HP, PESO OPERACIONAL 38,5 T, COM LÂMINA 8,70 M3 - DEPRECIAÇÃO. AF_06/2014","H",58.72]
[89014,"TRATOR DE ESTEIRAS, POTÊNCIA 347 HP, PESO OPERACIONAL 38,5 T, COM LÂMINA 8,70 M3 - JUROS. AF_06/2014","H",25.11]
[89015,"VASSOURA MECÂNICA REBOCÁVEL COM ESCOVA CILÍNDRICA, LARGURA ÚTIL DE VARRIMENTO DE 2,44 M - DEPRECIAÇÃO. AF_06/2014","H",2.22]
[89016,"VASSOURA MECÂNICA REBOCÁVEL COM ESCOVA CILÍNDRICA, LARGURA ÚTIL DE VARRIMENTO DE 2,44 M - JUROS. AF_06/2014","H",0.57]
[89017,"TRATOR DE ESTEIRAS, POTÊNCIA 170 HP, PESO OPERACIONAL 19 T, CAÇAMBA 5,2 M3 - DEPRECIAÇÃO. AF_06/2014","H",17.81]
[89018,"TRATOR DE ESTEIRAS, POTÊNCIA 170 HP, PESO OPERACIONAL 19 T, CAÇAMBA 5,2 M3 - JUROS. AF_06/2014","H",7.62]
[89019,"BOMBA SUBMERSÍVEL ELÉTRICA TRIFÁSICA, POTÊNCIA 2,96 HP, Ø ROTOR 144 MM SEMI-ABERTO, BOCAL DE SAÍDA Ø 2\u0094, HM/Q = 2 MCA / 38,8 M3/H A 28 MCA / 5 M3/H - DEPRECIAÇÃO. AF_06/2014","H",0.18]
[89020,"BOMBA SUBMERSÍVEL ELÉTRICA TRIFÁSICA, POTÊNCIA 2,96 HP, Ø ROTOR 144 MM SEMI-ABERTO, BOCAL DE SAÍDA Ø 2\u0094, HM/Q = 2 MCA / 38,8 M3/H A 28 MCA / 5 M3/H - JUROS. AF_06/2014","H",0.04]
[89023,"TANQUE DE ASFALTO ESTACIONÁRIO COM MAÇARICO, CAPACIDADE 20.000 L - DEPRECIAÇÃO. AF_06/2014","H",2.21]
[89024,"TANQUE DE ASFALTO ESTACIONÁRIO COM MAÇARICO, CAPACIDADE 20.000 L - JUROS. AF_06/2014","H",0.88]
[89025,"TANQUE DE ASFALTO ESTACIONÁRIO COM MAÇARICO, CAPACIDADE 20.000 L - MANUTENÇÃO. AF_06/2014","H",4.15]
[89026,"TANQUE DE ASFALTO ESTACIONÁRIO COM MAÇARICO, CAPACIDADE 20.000 L - MATERIAIS NA OPERAÇÃO. AF_06/2014","H",139.39]
[89029,"TRATOR DE ESTEIRAS, POTÊNCIA 100 HP, PESO OPERACIONAL 9,4 T, COM LÂMINA 2,19 M3 - DEPRECIAÇÃO. AF_06/2014","H",13.83]
[89030,"TRATOR DE ESTEIRAS, POTÊNCIA 100 HP, PESO OPERACIONAL 9,4 T, COM LÂMINA 2,19 M3 - JUROS. AF_06/2014","H",5.91]
[89033,"TRATOR DE PNEUS, POTÊNCIA 85 CV, TRAÇÃO 4X4, PESO COM LASTRO DE 4.675 KG - DEPRECIAÇÃO. AF_06/2014","H",6.28]
[89034,"TRATOR DE PNEUS, POTÊNCIA 85 CV, TRAÇÃO 4X4, PESO COM LASTRO DE 4.675 KG - JUROS. AF_06/2014","H",1.65]
[89128,"PÁ CARREGADEIRA SOBRE RODAS, POTÊNCIA LÍQUIDA 128 HP, CAPACIDADE DA CAÇAMBA 1,7 A 2,8 M3, PESO OPERACIONAL 11632 KG - DEPRECIAÇÃO. AF_06/2014","H",20.72]
[89129,"PÁ CARREGADEIRA SOBRE RODAS, POTÊNCIA LÍQUIDA 128 HP, CAPACIDADE DA CAÇAMBA 1,7 A 2,8 M3, PESO OPERACIONAL 11632 KG - JUROS. AF_06/2014","H",5.32]
[89130,"PÁ CARREGADEIRA SOBRE RODAS, POTÊNCIA 197 HP, CAPACIDADE DA CAÇAMBA 2,5 A 3,5 M3, PESO OPERACIONAL 18338 KG - DEPRECIAÇÃO. AF_06/2014","H",28.73]
[89131,"PÁ CARREGADEIRA SOBRE RODAS, POTÊNCIA 197 HP, CAPACIDADE DA CAÇAMBA 2,5 A 3,5 M3, PESO OPERACIONAL 18338 KG - JUROS. AF_06/2014","H",7.38]
[89210,"ROLO COMPACTADOR VIBRATÓRIO DE UM CILINDRO AÇO LISO, POTÊNCIA 80 HP, PESO OPERACIONAL MÁXIMO 8,1 T, IMPACTO DINÂMICO 16,15 / 9,5 T, LARGURA DE TRABALHO 1,68 M - DEPRECIAÇÃO. AF_06/2014","H",15.19]
[89211,"ROLO COMPACTADOR VIBRATÓRIO DE UM CILINDRO AÇO LISO, POTÊNCIA 80 HP, PESO OPERACIONAL MÁXIMO 8,1 T, IMPACTO DINÂMICO 16,15 / 9,5 T, LARGURA DE TRABALHO 1,68 M - JUROS. AF_06/2014","H",3.99]
[89212,"BATE-ESTACAS POR GRAVIDADE, POTÊNCIA DE 160 HP, PESO DO MARTELO ATÉ 3 TONELADAS - DEPRECIAÇÃO. AF_11/2014","H",14.02]
[89213,"BATE-ESTACAS POR GRAVIDADE, POTÊNCIA DE 160 HP, PESO DO MARTELO ATÉ 3 TONELADAS - JUROS. AF_11/2014","H",4.2]
[89214,"BATE-ESTACAS POR GRAVIDADE, POTÊNCIA DE 160 HP, PESO DO MARTELO ATÉ 3 TONELADAS - MANUTENÇÃO. AF_11/2014","H",13.16]
[89215,"BATE-ESTACAS POR GRAVIDADE, POTÊNCIA DE 160 HP, PESO DO MARTELO ATÉ 3 TONELADAS - MATERIAIS NA OPERAÇÃO. AF_11/2014","H",75]
[89221,"BETONEIRA CAPACIDADE NOMINAL DE 600 L, CAPACIDADE DE MISTURA 360 L, MOTOR ELÉTRICO TRIFÁSICO POTÊNCIA DE 4 CV, SEM CARREGADOR - DEPRECIAÇÃO. AF_11/2014","H",0.97]
[89222,"BETONEIRA CAPACIDADE NOMINAL DE 600 L, CAPACIDADE DE MISTURA 360 L, MOTOR ELÉTRICO TRIFÁSICO POTÊNCIA DE 4 CV, SEM CARREGADOR - JUROS. AF_11/2014","H",0.22]
[89223,"BETONEIRA CAPACIDADE NOMINAL DE 600 L, CAPACIDADE DE MISTURA 360 L, MOTOR ELÉTRICO TRIFÁSICO POTÊNCIA DE 4 CV, SEM CARREGADOR - MANUTENÇÃO. AF_11/2014","H",0.91]
[89224,"BETONEIRA CAPACIDADE NOMINAL DE 600 L, CAPACIDADE DE MISTURA 360 L, MOTOR ELÉTRICO TRIFÁSICO POTÊNCIA DE 4 CV, SEM CARREGADOR - MATERIAIS NA OPERAÇÃO. AF_11/2014","H",1.97]
[89228,"MOTONIVELADORA POTÊNCIA BÁSICA LÍQUIDA (PRIMEIRA MARCHA) 125 HP, PESO BRUTO 13032 KG, LARGURA DA LÂMINA DE 3,7 M - DEPRECIAÇÃO. AF_06/2014","H",24.48]
[89229,"MOTONIVELADORA POTÊNCIA BÁSICA LÍQUIDA (PRIMEIRA MARCHA) 125 HP, PESO BRUTO 13032 KG, LARGURA DA LÂMINA DE 3,7 M - JUROS. AF_06/2014","H",8.38]
[89230,"FRESADORA DE ASFALTO A FRIO SOBRE RODAS, LARGURA FRESAGEM DE 1,0 M, POTÊNCIA 208 HP - DEPRECIAÇÃO. AF_11/2014","H",71.66]
[89231,"FRESADORA DE ASFALTO A FRIO SOBRE RODAS, LARGURA FRESAGEM DE 1,0 M, POTÊNCIA 208 HP - JUROS. AF_11/2014","H",21.48]
[89232,"FRESADORA DE ASFALTO A FRIO SOBRE RODAS, LARGURA FRESAGEM DE 1,0 M, POTÊNCIA 208 HP - MANUTENÇÃO. AF_11/2014","H",127.83]
[89233,"FRESADORA DE ASFALTO A FRIO SOBRE RODAS, LARGURA FRESAGEM DE 1,0 M, POTÊNCIA 208 HP - MATERIAIS NA OPERAÇÃO. AF_11/2014","H",97.47]
[89236,"FRESADORA DE ASFALTO A FRIO SOBRE RODAS, LARGURA FRESAGEM DE 2,0 M, POTÊNCIA 550 HP - DEPRECIAÇÃO. AF_11/2014","H",167.41]
[89237,"FRESADORA DE ASFALTO A FRIO SOBRE RODAS, LARGURA FRESAGEM DE 2,0 M, POTÊNCIA 550 HP - JUROS. AF_11/2014","H",50.19]
[89238,"FRESADORA DE ASFALTO A FRIO SOBRE RODAS, LARGURA FRESAGEM DE 2,0 M, POTÊNCIA 550 HP - MANUTENÇÃO. AF_11/2014","H",298.63]
[89239,"FRESADORA DE ASFALTO A FRIO SOBRE RODAS, LARGURA FRESAGEM DE 2,0 M, POTÊNCIA 550 HP - MATERIAIS NA OPERAÇÃO. AF_11/2014","H",257.77]
[89240,"VIBROACABADORA DE ASFALTO SOBRE ESTEIRAS, LARGURA DE PAVIMENTAÇÃO 1,90 M A 5,30 M, POTÊNCIA 105 HP CAPACIDADE 450 T/H - DEPRECIAÇÃO. AF_11/2014","H",51.38]
[89241,"VIBROACABADORA DE ASFALTO SOBRE ESTEIRAS, LARGURA DE PAVIMENTAÇÃO 1,90 M A 5,30 M, POTÊNCIA 105 HP CAPACIDADE 450 T/H - JUROS. AF_11/2014","H",17.59]
[89246,"RECICLADORA DE ASFALTO A FRIO SOBRE RODAS, LARGURA FRESAGEM DE 2,0 M, POTÊNCIA 422 HP - DEPRECIAÇÃO. AF_11/2014","H",145.47]
[89247,"RECICLADORA DE ASFALTO A FRIO SOBRE RODAS, LARGURA FRESAGEM DE 2,0 M, POTÊNCIA 422 HP - JUROS. AF_11/2014","H",43.61]
[89248,"RECICLADORA DE ASFALTO A FRIO SOBRE RODAS, LARGURA FRESAGEM DE 2,0 M, POTÊNCIA 422 HP - MANUTENÇÃO. AF_11/2014","H",259.49]
[89249,"RECICLADORA DE ASFALTO A FRIO SOBRE RODAS, LARGURA FRESAGEM DE 2,0 M, POTÊNCIA 422 HP - MATERIAIS NA OPERAÇÃO. AF_11/2014","H",197.77]
[89253,"VIBROACABADORA DE ASFALTO SOBRE ESTEIRAS, LARGURA DE PAVIMENTAÇÃO 2,13 M A 4,55 M, POTÊNCIA 100 HP, CAPACIDADE 400 T/H - DEPRECIAÇÃO. AF_11/2014","H",42.1]
[89254,"VIBROACABADORA DE ASFALTO SOBRE ESTEIRAS, LARGURA DE PAVIMENTAÇÃO 2,13 M A 4,55 M, POTÊNCIA 100 HP, CAPACIDADE 400 T/H - JUROS. AF_11/2014","H",14.42]
[89255,"VIBROACABADORA DE ASFALTO SOBRE ESTEIRAS, LARGURA DE PAVIMENTAÇÃO 2,13 M A 4,55 M, POTÊNCIA 100 HP, CAPACIDADE 400 T/H - MANUTENÇÃO. AF_11/2014","H",67.68]
[89256,"VIBROACABADORA DE ASFALTO SOBRE ESTEIRAS, LARGURA DE PAVIMENTAÇÃO 2,13 M A 4,55 M, POTÊNCIA 100 HP, CAPACIDADE 400 T/H - MATERIAIS NA OPERAÇÃO. AF_11/2014","H",46.87]
[89259,"GUINDAUTO HIDRÁULICO, CAPACIDADE MÁXIMA DE CARGA 6200 KG, MOMENTO MÁXIMO DE CARGA 11,7 TM, ALCANCE MÁXIMO HORIZONTAL 9,70 M, INCLUSIVE CAMINHÃO TOCO PBT 16.000 KG, POTÊNCIA DE 189 CV - DEPRECIAÇÃO. AF_06/2014","H",7.89]
[89260,"GUINDAUTO HIDRÁULICO, CAPACIDADE MÁXIMA DE CARGA 6200 KG, MOMENTO MÁXIMO DE CARGA 11,7 TM, ALCANCE MÁXIMO HORIZONTAL 9,70 M, INCLUSIVE CAMINHÃO TOCO PBT 16.000 KG, POTÊNCIA DE 189 CV - JUROS. AF_06/2014","H",3.14]
[89262,"GUINDAUTO HIDRÁULICO, CAPACIDADE MÁXIMA DE CARGA 6200 KG, MOMENTO MÁXIMO DE CARGA 11,7 TM, ALCANCE MÁXIMO HORIZONTAL 9,70 M, INCLUSIVE CAMINHÃO TOCO PBT 16.000 KG, POTÊNCIA DE 189 CV - MANUTENÇÃO. AF_06/2014","H",14.8]
[89264,"CAMINHÃO TOCO, PBT 16.000 KG, CARGA ÚTIL MÁX. 10.685 KG, DIST. ENTRE EIXOS 4,8 M, POTÊNCIA 189 CV, INCLUSIVE CARROCERIA FIXA ABERTA DE MADEIRA P/ TRANSPORTE GERAL DE CARGA SECA, DIMEN. APROX. 2,5 X 7,00 X 0,50 M - DEPRECIAÇÃO. AF_06/2014","H",6.15]
[89265,"CAMINHÃO TOCO, PBT 16.000 KG, CARGA ÚTIL MÁX. 10.685 KG, DIST. ENTRE EIXOS 4,8 M, POTÊNCIA 189 CV, INCLUSIVE CARROCERIA FIXA ABERTA DE MADEIRA P/ TRANSPORTE GERAL DE CARGA SECA, DIMEN. APROX. 2,5 X 7,00 X 0,50 M - JUROS. AF_06/2014","H",2.45]
[89266,"CAMINHÃO TOCO, PBT 16.000 KG, CARGA ÚTIL MÁX. 10.685 KG, DIST. ENTRE EIXOS 4,8 M, POTÊNCIA 189 CV, INCLUSIVE CARROCERIA FIXA ABERTA DE MADEIRA P/ TRANSPORTE GERAL DE CARGA SECA, DIMEN. APROX. 2,5 X 7,00 X 0,50 M - IMPOSTOS E SEGUROS. AF_06/2014","H",0.49]
[89267,"GUINDASTE HIDRÁULICO AUTOPROPELIDO, COM LANÇA TELESCÓPICA 28,80 M, CAPACIDADE MÁXIMA 30 T, POTÊNCIA 97 KW, TRAÇÃO 4 X 4 - DEPRECIAÇÃO. AF_11/2014","H",24.41]
[89268,"GUINDASTE HIDRÁULICO AUTOPROPELIDO, COM LANÇA TELESCÓPICA 28,80 M, CAPACIDADE MÁXIMA 30 T, POTÊNCIA 97 KW, TRAÇÃO 4 X 4 - JUROS. AF_11/2014","H",8.36]
[89269,"GUINDASTE HIDRÁULICO AUTOPROPELIDO, COM LANÇA TELESCÓPICA 28,80 M, CAPACIDADE MÁXIMA 30 T, POTÊNCIA 97 KW, TRAÇÃO 4 X 4 - IMPOSTOS E SEGUROS. AF_11/2014","H",1.7]
[89270,"GUINDASTE HIDRÁULICO AUTOPROPELIDO, COM LANÇA TELESCÓPICA 28,80 M, CAPACIDADE MÁXIMA 30 T, POTÊNCIA 97 KW, TRAÇÃO 4 X 4 - MANUTENÇÃO. AF_11/2014","H",39.24]
[89271,"GUINDASTE HIDRÁULICO AUTOPROPELIDO, COM LANÇA TELESCÓPICA 28,80 M, CAPACIDADE MÁXIMA 30 T, POTÊNCIA 97 KW, TRAÇÃO 4 X 4 - MATERIAIS NA OPERAÇÃO. AF_11/2014","H",60.93]
[89274,"BETONEIRA CAPACIDADE NOMINAL DE 600 L, CAPACIDADE DE MISTURA 440 L, MOTOR A DIESEL POTÊNCIA 10 HP, COM CARREGADOR - DEPRECIAÇÃO. AF_11/2014","H",1.19]
[89275,"BETONEIRA CAPACIDADE NOMINAL DE 600 L, CAPACIDADE DE MISTURA 440 L, MOTOR A DIESEL POTÊNCIA 10 HP, COM CARREGADOR - JUROS. AF_11/2014","H",0.26]
[89276,"BETONEIRA CAPACIDADE NOMINAL DE 600 L, CAPACIDADE DE MISTURA 440 L, MOTOR A DIESEL POTÊNCIA 10 HP, COM CARREGADOR - MANUTENÇÃO. AF_11/2014","H",1.11]
[89277,"BETONEIRA CAPACIDADE NOMINAL DE 600 L, CAPACIDADE DE MISTURA 440 L, MOTOR A DIESEL POTÊNCIA 10 HP, COM CARREGADOR - MATERIAIS NA OPERAÇÃO. AF_11/2014","H",4.67]
[89280,"ROLO COMPACTADOR VIBRATÓRIO TANDEM AÇO LISO, POTÊNCIA 58 HP, PESO SEM/COM LASTRO 6,5 / 9,4 T, LARGURA DE TRABALHO 1,2 M - DEPRECIAÇÃO. AF_06/2014","H",18.65]
[89281,"ROLO COMPACTADOR VIBRATÓRIO TANDEM AÇO LISO, POTÊNCIA 58 HP, PESO SEM/COM LASTRO 6,5 / 9,4 T, LARGURA DE TRABALHO 1,2 M - JUROS. AF_06/2014","H",4.89]
[89870,"CAMINHÃO BASCULANTE 14 M3, COM CAVALO MECÂNICO DE CAPACIDADE MÁXIMA DE TRAÇÃO COMBINADO DE 36000 KG, POTÊNCIA 286 CV, INCLUSIVE SEMIREBOQUE COM CAÇAMBA METÁLICA - DEPRECIAÇÃO. AF_12/2014","H",16.46]
[89871,"CAMINHÃO BASCULANTE 14 M3, COM CAVALO MECÂNICO DE CAPACIDADE MÁXIMA DE TRAÇÃO COMBINADO DE 36000 KG, POTÊNCIA 286 CV, INCLUSIVE SEMIREBOQUE COM CAÇAMBA METÁLICA - JUROS. AF_12/2014","H",5.75]
[89872,"CAMINHÃO BASCULANTE 14 M3, COM CAVALO MECÂNICO DE CAPACIDADE MÁXIMA DE TRAÇÃO COMBINADO DE 36000 KG, POTÊNCIA 286 CV, INCLUSIVE SEMIREBOQUE COM CAÇAMBA METÁLICA - IMPOSTOS E SEGUROS. AF_12/2014","H",1.19]
[89873,"CAMINHÃO BASCULANTE 14 M3, COM CAVALO MECÂNICO DE CAPACIDADE MÁXIMA DE TRAÇÃO COMBINADO DE 36000 KG, POTÊNCIA 286 CV, INCLUSIVE SEMIREBOQUE COM CAÇAMBA METÁLICA - MANUTENÇÃO. AF_12/2014","H",30.87]
[89874,"CAMINHÃO BASCULANTE 14 M3, COM CAVALO MECÂNICO DE CAPACIDADE MÁXIMA DE TRAÇÃO COMBINADO DE 36000 KG, POTÊNCIA 286 CV, INCLUSIVE SEMIREBOQUE COM CAÇAMBA METÁLICA - MATERIAIS NA OPERAÇÃO. AF_12/2014","H",132.23]
[89878,"CAMINHÃO BASCULANTE 18 M3, COM CAVALO MECÂNICO DE CAPACIDADE MÁXIMA DE TRAÇÃO COMBINADO DE 45000 KG, POTÊNCIA 330 CV, INCLUSIVE SEMIREBOQUE COM CAÇAMBA METÁLICA - DEPRECIAÇÃO. AF_12/2014","H",17.48]
[89879,"CAMINHÃO BASCULANTE 18 M3, COM CAVALO MECÂNICO DE CAPACIDADE MÁXIMA DE TRAÇÃO COMBINADO DE 45000 KG, POTÊNCIA 330 CV, INCLUSIVE SEMIREBOQUE COM CAÇAMBA METÁLICA - JUROS. AF_12/2014","H",6.11]
[89880,"CAMINHÃO BASCULANTE 18 M3, COM CAVALO MECÂNICO DE CAPACIDADE MÁXIMA DE TRAÇÃO COMBINADO DE 45000 KG, POTÊNCIA 330 CV, INCLUSIVE SEMIREBOQUE COM CAÇAMBA METÁLICA - IMPOSTOS E SEGUROS. AF_12/2014","H",1.26]
[89881,"CAMINHÃO BASCULANTE 18 M3, COM CAVALO MECÂNICO DE CAPACIDADE MÁXIMA DE TRAÇÃO COMBINADO DE 45000 KG, POTÊNCIA 330 CV, INCLUSIVE SEMIREBOQUE COM CAÇAMBA METÁLICA - MANUTENÇÃO. AF_12/2014","H",32.78]
[89882,"CAMINHÃO BASCULANTE 18 M3, COM CAVALO MECÂNICO DE CAPACIDADE MÁXIMA DE TRAÇÃO COMBINADO DE 45000 KG, POTÊNCIA 330 CV, INCLUSIVE SEMIREBOQUE COM CAÇAMBA METÁLICA - MATERIAIS NA OPERAÇÃO. AF_12/2014","H",152.58]
[90582,"VIBRADOR DE IMERSÃO, DIÂMETRO DE PONTEIRA 45MM, MOTOR ELÉTRICO TRIFÁSICO POTÊNCIA DE 2 CV - DEPRECIAÇÃO. AF_06/2015","H",0.24]
[90583,"VIBRADOR DE IMERSÃO, DIÂMETRO DE PONTEIRA 45MM, MOTOR ELÉTRICO TRIFÁSICO POTÊNCIA DE 2 CV - JUROS. AF_06/2015","H",0.05]
[90584,"VIBRADOR DE IMERSÃO, DIÂMETRO DE PONTEIRA 45MM, MOTOR ELÉTRICO TRIFÁSICO POTÊNCIA DE 2 CV - MANUTENÇÃO. AF_06/2015","H",0.19]
[90585,"VIBRADOR DE IMERSÃO, DIÂMETRO DE PONTEIRA 45MM, MOTOR ELÉTRICO TRIFÁSICO POTÊNCIA DE 2 CV - MATERIAIS NA OPERAÇÃO. AF_06/2015","H",0.98]
[90621,"PERFURATRIZ MANUAL, TORQUE MÁXIMO 83 N.M, POTÊNCIA 5 CV, COM DIÂMETRO MÁXIMO 4\" - DEPRECIAÇÃO. AF_06/2015","H",1.13]
[90622,"PERFURATRIZ MANUAL, TORQUE MÁXIMO 83 N.M, POTÊNCIA 5 CV, COM DIÂMETRO MÁXIMO 4\" - JUROS. AF_06/2015","H",0.25]
[90623,"PERFURATRIZ MANUAL, TORQUE MÁXIMO 83 N.M, POTÊNCIA 5 CV, COM DIÂMETRO MÁXIMO 4\" - MANUTENÇÃO. AF_06/2015","H",1.41]
[90624,"PERFURATRIZ MANUAL, TORQUE MÁXIMO 83 N.M, POTÊNCIA 5 CV, COM DIÂMETRO MÁXIMO 4\" - MATERIAIS NA OPERAÇÃO. AF_06/2015","H",2.47]
[90627,"PERFURATRIZ SOBRE ESTEIRA, TORQUE MÁXIMO 600 KGF, PESO MÉDIO 1000 KG, POTÊNCIA 20 HP, DIÂMETRO MÁXIMO 10\" - DEPRECIAÇÃO. AF_06/2015","H",23.09]
[90628,"PERFURATRIZ SOBRE ESTEIRA, TORQUE MÁXIMO 600 KGF, PESO MÉDIO 1000 KG, POTÊNCIA 20 HP, DIÂMETRO MÁXIMO 10\" - JUROS. AF_06/2015","H",6.06]
[90629,"PERFURATRIZ SOBRE ESTEIRA, TORQUE MÁXIMO 600 KGF, PESO MÉDIO 1000 KG, POTÊNCIA 20 HP, DIÂMETRO MÁXIMO 10\" - MANUTENÇÃO. AF_06/2015","H",28.9]
[90630,"PERFURATRIZ SOBRE ESTEIRA, TORQUE MÁXIMO 600 KGF, PESO MÉDIO 1000 KG, POTÊNCIA 20 HP, DIÂMETRO MÁXIMO 10\" - MATERIAIS NA OPERAÇÃO. AF_06/2015","H",10.01]
[90633,"MISTURADOR DUPLO HORIZONTAL DE ALTA TURBULÊNCIA, CAPACIDADE / VOLUME 2 X 500 LITROS, MOTORES ELÉTRICOS MÍNIMO 5 CV CADA, PARA NATA CIMENTO, ARGAMASSA E OUTROS - DEPRECIAÇÃO. AF_06/2015","H",3.02]
[90634,"MISTURADOR DUPLO HORIZONTAL DE ALTA TURBULÊNCIA, CAPACIDADE / VOLUME 2 X 500 LITROS, MOTORES ELÉTRICOS MÍNIMO 5 CV CADA, PARA NATA CIMENTO, ARGAMASSA E OUTROS - JUROS. AF_06/2015","H",0.67]
[90635,"MISTURADOR DUPLO HORIZONTAL DE ALTA TURBULÊNCIA, CAPACIDADE / VOLUME 2 X 500 LITROS, MOTORES ELÉTRICOS MÍNIMO 5 CV CADA, PARA NATA CIMENTO, ARGAMASSA E OUTROS - MANUTENÇÃO. AF_06/2015","H",3.3]
[90636,"MISTURADOR DUPLO HORIZONTAL DE ALTA TURBULÊNCIA, CAPACIDADE / VOLUME 2 X 500 LITROS, MOTORES ELÉTRICOS MÍNIMO 5 CV CADA, PARA NATA CIMENTO, ARGAMASSA E OUTROS - MATERIAIS NA OPERAÇÃO. AF_06/2015","H",4.94]
[90639,"BOMBA TRIPLEX, PARA INJEÇÃO DE NATA DE CIMENTO, VAZÃO MÁXIMA DE 100 LITROS/MINUTO, PRESSÃO MÁXIMA DE 70 BAR - DEPRECIAÇÃO. AF_06/2015","H",4.51]
[90640,"BOMBA TRIPLEX, PARA INJEÇÃO DE NATA DE CIMENTO, VAZÃO MÁXIMA DE 100 LITROS/MINUTO, PRESSÃO MÁXIMA DE 70 BAR - JUROS. AF_06/2015","H",1.01]
[90641,"BOMBA TRIPLEX, PARA INJEÇÃO DE NATA DE CIMENTO, VAZÃO MÁXIMA DE 100 LITROS/MINUTO, PRESSÃO MÁXIMA DE 70 BAR - MANUTENÇÃO. AF_06/2015","H",4.93]
[90642,"BOMBA TRIPLEX, PARA INJEÇÃO DE NATA DE CIMENTO, VAZÃO MÁXIMA DE 100 LITROS/MINUTO, PRESSÃO MÁXIMA DE 70 BAR - MATERIAIS NA OPERAÇÃO. AF_06/2015","H",5.09]
[90646,"BOMBA CENTRÍFUGA MONOESTÁGIO COM MOTOR ELÉTRICO MONOFÁSICO, POTÊNCIA 15 HP, DIÂMETRO DO ROTOR 173 MM, HM/Q = 30 MCA / 90 M3/H A 45 MCA / 55 M3/H - DEPRECIAÇÃO. AF_06/2015","H",0.46]
[90647,"BOMBA CENTRÍFUGA MONOESTÁGIO COM MOTOR ELÉTRICO MONOFÁSICO, POTÊNCIA 15 HP, DIÂMETRO DO ROTOR 173 MM, HM/Q = 30 MCA / 90 M3/H A 45 MCA / 55 M3/H - JUROS. AF_06/2015","H",0.1]
[90648,"BOMBA CENTRÍFUGA MONOESTÁGIO COM MOTOR ELÉTRICO MONOFÁSICO, POTÊNCIA 15 HP, DIÂMETRO DO ROTOR 173 MM, HM/Q = 30 MCA / 90 M3/H A 45 MCA / 55 M3/H - MANUTENÇÃO. AF_06/2015","H",0.5]
[90649,"BOMBA CENTRÍFUGA MONOESTÁGIO COM MOTOR ELÉTRICO MONOFÁSICO, POTÊNCIA 15 HP, DIÂMETRO DO ROTOR 173 MM, HM/Q = 30 MCA / 90 M3/H A 45 MCA / 55 M3/H - MATERIAIS NA OPERAÇÃO. AF_06/2015","H",7.7]
[90652,"BOMBA DE PROJEÇÃO DE CONCRETO SECO, POTÊNCIA 10 CV, VAZÃO 3 M3/H - DEPRECIAÇÃO. AF_06/2015","H",2.93]
[90653,"BOMBA DE PROJEÇÃO DE CONCRETO SECO, POTÊNCIA 10 CV, VAZÃO 3 M3/H - JUROS. AF_06/2015","H",0.66]
[90654,"BOMBA DE PROJEÇÃO DE CONCRETO SECO, POTÊNCIA 10 CV, VAZÃO 3 M3/H - MANUTENÇÃO. AF_06/2015","H",3.21]
[90655,"BOMBA DE PROJEÇÃO DE CONCRETO SECO, POTÊNCIA 10 CV, VAZÃO 3 M3/H - MATERIAIS NA OPERAÇÃO. AF_06/2015","H",5.07]
[90658,"BOMBA DE PROJEÇÃO DE CONCRETO SECO, POTÊNCIA 10 CV, VAZÃO 6 M3/H - DEPRECIAÇÃO. AF_06/2015","H",3.14]
[90659,"BOMBA DE PROJEÇÃO DE CONCRETO SECO, POTÊNCIA 10 CV, VAZÃO 6 M3/H - JUROS. AF_06/2015","H",0.7]
[90660,"BOMBA DE PROJEÇÃO DE CONCRETO SECO, POTÊNCIA 10 CV, VAZÃO 6 M3/H - MANUTENÇÃO. AF_06/2015","H",3.44]
[90661,"BOMBA DE PROJEÇÃO DE CONCRETO SECO, POTÊNCIA 10 CV, VAZÃO 6 M3/H - MATERIAIS NA OPERAÇÃO. AF_06/2015","H",5.07]
[90664,"PROJETOR PNEUMÁTICO DE ARGAMASSA PARA CHAPISCO E REBOCO COM RECIPIENTE ACOPLADO, TIPO CANEQUINHA, COM COMPRESSOR DE AR REBOCÁVEL VAZÃO 89 PCM E MOTOR DIESEL DE 20 CV - DEPRECIAÇÃO. AF_06/2015","H",3.14]
[90665,"PROJETOR PNEUMÁTICO DE ARGAMASSA PARA CHAPISCO E REBOCO COM RECIPIENTE ACOPLADO, TIPO CANEQUINHA, COM COMPRESSOR DE AR REBOCÁVEL VAZÃO 89 PCM E MOTOR DIESEL DE 20 CV - JUROS. AF_06/2015","H",0.69]
[90666,"PROJETOR PNEUMÁTICO DE ARGAMASSA PARA CHAPISCO E REBOCO COM RECIPIENTE ACOPLADO, TIPO CANEQUINHA, COM COMPRESSOR DE AR REBOCÁVEL VAZÃO 89 PCM E MOTOR DIESEL DE 20 CV - MANUTENÇÃO. AF_06/2015","H",3.43]
[90667,"PROJETOR PNEUMÁTICO DE ARGAMASSA PARA CHAPISCO E REBOCO COM RECIPIENTE ACOPLADO, TIPO CANEQUINHA, COM COMPRESSOR DE AR REBOCÁVEL VAZÃO 89 PCM E MOTOR DIESEL DE 20 CV - MATERIAIS NA OPERAÇÃO. AF_06/2015","H",9.24]
[90670,"PERFURATRIZ COM TORRE METÁLICA PARA EXECUÇÃO DE ESTACA HÉLICE CONTÍNUA, PROFUNDIDADE MÁXIMA DE 30 M, DIÂMETRO MÁXIMO DE 800 MM, POTÊNCIA INSTALADA DE 268 HP, MESA ROTATIVA COM TORQUE MÁXIMO DE 170 KNM - DEPRECIAÇÃO. AF_06/2015","H",106]
[90671,"PERFURATRIZ COM TORRE METÁLICA PARA EXECUÇÃO DE ESTACA HÉLICE CONTÍNUA, PROFUNDIDADE MÁXIMA DE 30 M, DIÂMETRO MÁXIMO DE 800 MM, POTÊNCIA INSTALADA DE 268 HP, MESA ROTATIVA COM TORQUE MÁXIMO DE 170 KNM - JUROS. AF_06/2015","H",27.84]
[90672,"PERFURATRIZ COM TORRE METÁLICA PARA EXECUÇÃO DE ESTACA HÉLICE CONTÍNUA, PROFUNDIDADE MÁXIMA DE 30 M, DIÂMETRO MÁXIMO DE 800 MM, POTÊNCIA INSTALADA DE 268 HP, MESA ROTATIVA COM TORQUE MÁXIMO DE 170 KNM - MANUTENÇÃO. AF_06/2015","H",132.65]
[90673,"PERFURATRIZ COM TORRE METÁLICA PARA EXECUÇÃO DE ESTACA HÉLICE CONTÍNUA, PROFUNDIDADE MÁXIMA DE 30 M, DIÂMETRO MÁXIMO DE 800 MM, POTÊNCIA INSTALADA DE 268 HP, MESA ROTATIVA COM TORQUE MÁXIMO DE 170 KNM - MATERIAIS NA OPERAÇÃO. AF_06/2015","H",125.6]
[90676,"PERFURATRIZ HIDRÁULICA SOBRE CAMINHÃO COM TRADO CURTO ACOPLADO, PROFUNDIDADE MÁXIMA DE 20 M, DIÂMETRO MÁXIMO DE 1500 MM, POTÊNCIA INSTALADA DE 137 HP, MESA ROTATIVA COM TORQUE MÁXIMO DE 30 KNM - DEPRECIAÇÃO. AF_06/2015","H",52.93]
[90677,"PERFURATRIZ HIDRÁULICA SOBRE CAMINHÃO COM TRADO CURTO ACOPLADO, PROFUNDIDADE MÁXIMA DE 20 M, DIÂMETRO MÁXIMO DE 1500 MM, POTÊNCIA INSTALADA DE 137 HP, MESA ROTATIVA COM TORQUE MÁXIMO DE 30 KNM - JUROS. AF_06/2015","H",13.9]
[90678,"PERFURATRIZ HIDRÁULICA SOBRE CAMINHÃO COM TRADO CURTO ACOPLADO, PROFUNDIDADE MÁXIMA DE 20 M, DIÂMETRO MÁXIMO DE 1500 MM, POTÊNCIA INSTALADA DE 137 HP, MESA ROTATIVA COM TORQUE MÁXIMO DE 30 KNM - MANUTENÇÃO. AF_06/2015","H",66.25]
[90679,"PERFURATRIZ HIDRÁULICA SOBRE CAMINHÃO COM TRADO CURTO ACOPLADO, PROFUNDIDADE MÁXIMA DE 20 M, DIÂMETRO MÁXIMO DE 1500 MM, POTÊNCIA INSTALADA DE 137 HP, MESA ROTATIVA COM TORQUE MÁXIMO DE 30 KNM - MATERIAIS NA OPERAÇÃO. AF_06/2015","H",64.21]
[90682,"MANIPULADOR TELESCÓPICO, POTÊNCIA DE 85 HP, CAPACIDADE DE CARGA DE 3.500 KG, ALTURA MÁXIMA DE ELEVAÇÃO DE 12,3 M - DEPRECIAÇÃO. AF_06/2015","H",26.56]
[90683,"MANIPULADOR TELESCÓPICO, POTÊNCIA DE 85 HP, CAPACIDADE DE CARGA DE 3.500 KG, ALTURA MÁXIMA DE ELEVAÇÃO DE 12,3 M - JUROS. AF_06/2015","H",5.97]
[90684,"MANIPULADOR TELESCÓPICO, POTÊNCIA DE 85 HP, CAPACIDADE DE CARGA DE 3.500 KG, ALTURA MÁXIMA DE ELEVAÇÃO DE 12,3 M - MANUTENÇÃO. AF_06/2015","H",29.05]
[90685,"MANIPULADOR TELESCÓPICO, POTÊNCIA DE 85 HP, CAPACIDADE DE CARGA DE 3.500 KG, ALTURA MÁXIMA DE ELEVAÇÃO DE 12,3 M - MATERIAIS NA OPERAÇÃO. AF_06/2015","H",39.82]
[90688,"MINICARREGADEIRA SOBRE RODAS, POTÊNCIA LÍQUIDA DE 47 HP, CAPACIDADE NOMINAL DE OPERAÇÃO DE 646 KG - DEPRECIAÇÃO. AF_06/2015","H",11.8]
[90689,"MINICARREGADEIRA SOBRE RODAS, POTÊNCIA LÍQUIDA DE 47 HP, CAPACIDADE NOMINAL DE OPERAÇÃO DE 646 KG - JUROS. AF_06/2015","H",2.27]
[90690,"MINICARREGADEIRA SOBRE RODAS, POTÊNCIA LÍQUIDA DE 47 HP, CAPACIDADE NOMINAL DE OPERAÇÃO DE 646 KG - MANUTENÇÃO. AF_06/2015","H",14.75]
[90691,"MINICARREGADEIRA SOBRE RODAS, POTÊNCIA LÍQUIDA DE 47 HP, CAPACIDADE NOMINAL DE OPERAÇÃO DE 646 KG - MATERIAIS NA OPERAÇÃO. AF_06/2015","H",22.02]
[90957,"COMPRESSOR DE AR REBOCÁVEL, VAZÃO 189 PCM, PRESSÃO EFETIVA DE TRABALHO 102 PSI, MOTOR DIESEL, POTÊNCIA 63 CV - DEPRECIAÇÃO. AF_06/2015","H",1.93]
[90958,"COMPRESSOR DE AR REBOCÁVEL, VAZÃO 189 PCM, PRESSÃO EFETIVA DE TRABALHO 102 PSI, MOTOR DIESEL, POTÊNCIA 63 CV - JUROS. AF_06/2015","H",0.5]
[90960,"COMPRESSOR DE AR REBOCÁVEL, VAZÃO 89 PCM, PRESSÃO EFETIVA DE TRABALHO 102 PSI, MOTOR DIESEL, POTÊNCIA 20 CV - DEPRECIAÇÃO. AF_06/2015","H",2.59]
[90961,"COMPRESSOR DE AR REBOCÁVEL, VAZÃO 89 PCM, PRESSÃO EFETIVA DE TRABALHO 102 PSI, MOTOR DIESEL, POTÊNCIA 20 CV - JUROS. AF_06/2015","H",0.68]
[90962,"COMPRESSOR DE AR REBOCÁVEL, VAZÃO 89 PCM, PRESSÃO EFETIVA DE TRABALHO 102 PSI, MOTOR DIESEL, POTÊNCIA 20 CV - MANUTENÇÃO. AF_06/2015","H",3.24]
[90963,"COMPRESSOR DE AR REBOCÁVEL, VAZÃO 89 PCM, PRESSÃO EFETIVA DE TRABALHO 102 PSI, MOTOR DIESEL, POTÊNCIA 20 CV - MATERIAIS NA OPERAÇÃO. AF_06/2015","H",9.24]
[90968,"COMPRESSOR DE AR REBOCAVEL, VAZÃO 250 PCM, PRESSAO DE TRABALHO 102 PSI, MOTOR A DIESEL POTÊNCIA 81 CV - DEPRECIAÇÃO. AF_06/2015","H",2.59]
[90969,"COMPRESSOR DE AR REBOCAVEL, VAZÃO 250 PCM, PRESSAO DE TRABALHO 102 PSI, MOTOR A DIESEL POTÊNCIA 81 CV - JUROS. AF_06/2015","H",0.68]
[90970,"COMPRESSOR DE AR REBOCAVEL, VAZÃO 250 PCM, PRESSAO DE TRABALHO 102 PSI, MOTOR A DIESEL POTÊNCIA 81 CV - MANUTENÇÃO. AF_06/2015","H",3.25]
[90971,"COMPRESSOR DE AR REBOCAVEL, VAZÃO 250 PCM, PRESSAO DE TRABALHO 102 PSI, MOTOR A DIESEL POTÊNCIA 81 CV - MATERIAIS NA OPERAÇÃO. AF_06/2015","H",37.44]
[90975,"COMPRESSOR DE AR REBOCÁVEL, VAZÃO 748 PCM, PRESSÃO EFETIVA DE TRABALHO 102 PSI, MOTOR DIESEL, POTÊNCIA 210 CV - DEPRECIAÇÃO. AF_06/2015","H",6.59]
[90976,"COMPRESSOR DE AR REBOCÁVEL, VAZÃO 748 PCM, PRESSÃO EFETIVA DE TRABALHO 102 PSI, MOTOR DIESEL, POTÊNCIA 210 CV - JUROS. AF_06/2015","H",1.73]
[90977,"COMPRESSOR DE AR REBOCÁVEL, VAZÃO 748 PCM, PRESSÃO EFETIVA DE TRABALHO 102 PSI, MOTOR DIESEL, POTÊNCIA 210 CV - MANUTENÇÃO. AF_06/2015","H",8.25]
[90978,"COMPRESSOR DE AR REBOCÁVEL, VAZÃO 748 PCM, PRESSÃO EFETIVA DE TRABALHO 102 PSI, MOTOR DIESEL, POTÊNCIA 210 CV - MATERIAIS NA OPERAÇÃO. AF_06/2015","H",97.09]
[90992,"COMPRESSOR DE AR REBOCAVEL, VAZÃO 400 PCM, PRESSAO DE TRABALHO 102 PSI, MOTOR A DIESEL POTÊNCIA 110 CV - DEPRECIAÇÃO. AF_06/2015","H",3.08]
[90993,"COMPRESSOR DE AR REBOCAVEL, VAZÃO 400 PCM, PRESSAO DE TRABALHO 102 PSI, MOTOR A DIESEL POTÊNCIA 110 CV - JUROS. AF_06/2015","H",0.8]
[90994,"COMPRESSOR DE AR REBOCAVEL, VAZÃO 400 PCM, PRESSAO DE TRABALHO 102 PSI, MOTOR A DIESEL POTÊNCIA 110 CV - MANUTENÇÃO. AF_06/2015","H",3.85]
[90995,"COMPRESSOR DE AR REBOCAVEL, VAZÃO 400 PCM, PRESSAO DE TRABALHO 102 PSI, MOTOR A DIESEL POTÊNCIA 110 CV - MATERIAIS NA OPERAÇÃO. AF_06/2015","H",50.84]
[91021,"PERFURATRIZ HIDRÁULICA SOBRE CAMINHÃO COM TRADO CURTO ACOPLADO, PROFUNDIDADE MÁXIMA DE 20 M, DIÂMETRO MÁXIMO DE 1500 MM, POTÊNCIA INSTALADA DE 137 HP, MESA ROTATIVA COM TORQUE MÁXIMO DE 30 KNM - IMPOSTOS E SEGUROS. AF_06/2015","H",2.87]
[91026,"CAMINHÃO TRUCADO (C/ TERCEIRO EIXO) ELETRÔNICO - POTÊNCIA 231CV - PBT = 22000KG - DIST. ENTRE EIXOS 5170 MM - INCLUI CARROCERIA FIXA ABERTA DE MADEIRA - DEPRECIAÇÃO. AF_06/2015","H",8.64]
[91027,"CAMINHÃO TRUCADO (C/ TERCEIRO EIXO) ELETRÔNICO - POTÊNCIA 231CV - PBT = 22000KG - DIST. ENTRE EIXOS 5170 MM - INCLUI CARROCERIA FIXA ABERTA DE MADEIRA - JUROS. AF_06/2015","H",3.44]
[91028,"CAMINHÃO TRUCADO (C/ TERCEIRO EIXO) ELETRÔNICO - POTÊNCIA 231CV - PBT = 22000KG - DIST. ENTRE EIXOS 5170 MM - INCLUI CARROCERIA FIXA ABERTA DE MADEIRA - IMPOSTOS E SEGUROS. AF_06/2015","H",0.7]
[91029,"CAMINHÃO TRUCADO (C/ TERCEIRO EIXO) ELETRÔNICO - POTÊNCIA 231CV - PBT = 22000KG - DIST. ENTRE EIXOS 5170 MM - INCLUI CARROCERIA FIXA ABERTA DE MADEIRA - MANUTENÇÃO. AF_06/2015","H",16.19]
[91030,"CAMINHÃO TRUCADO (C/ TERCEIRO EIXO) ELETRÔNICO - POTÊNCIA 231CV - PBT = 22000KG - DIST. ENTRE EIXOS 5170 MM - INCLUI CARROCERIA FIXA ABERTA DE MADEIRA - MATERIAIS NA OPERAÇÃO. AF_06/2015","H",106.79]
[91273,"PLACA VIBRATÓRIA REVERSÍVEL COM MOTOR 4 TEMPOS A GASOLINA, FORÇA CENTRÍFUGA DE 25 KN (2500 KGF), POTÊNCIA 5,5 CV - DEPRECIAÇÃO. AF_08/2015","H",0.62]
[91274,"PLACA VIBRATÓRIA REVERSÍVEL COM MOTOR 4 TEMPOS A GASOLINA, FORÇA CENTRÍFUGA DE 25 KN (2500 KGF), POTÊNCIA 5,5 CV - JUROS. AF_08/2015","H",0.16]
[91275,"PLACA VIBRATÓRIA REVERSÍVEL COM MOTOR 4 TEMPOS A GASOLINA, FORÇA CENTRÍFUGA DE 25 KN (2500 KGF), POTÊNCIA 5,5 CV - MANUTENÇÃO. AF_08/2015","H",0.78]
[91276,"PLACA VIBRATÓRIA REVERSÍVEL COM MOTOR 4 TEMPOS A GASOLINA, FORÇA CENTRÍFUGA DE 25 KN (2500 KGF), POTÊNCIA 5,5 CV - MATERIAIS NA OPERAÇÃO. AF_08/2015","H",3.87]
[91279,"CORTADORA DE PISO COM MOTOR 4 TEMPOS A GASOLINA, POTÊNCIA DE 13 HP, COM DISCO DE CORTE DIAMANTADO SEGMENTADO PARA CONCRETO, DIÂMETRO DE 350 MM, FURO DE 1\" (14 X 1\") - DEPRECIAÇÃO. AF_08/2015","H",0.54]
[91280,"CORTADORA DE PISO COM MOTOR 4 TEMPOS A GASOLINA, POTÊNCIA DE 13 HP, COM DISCO DE CORTE DIAMANTADO SEGMENTADO PARA CONCRETO, DIÂMETRO DE 350 MM, FURO DE 1\" (14 X 1\") - JUROS. AF_08/2015","H",0.11]
[91281,"CORTADORA DE PISO COM MOTOR 4 TEMPOS A GASOLINA, POTÊNCIA DE 13 HP, COM DISCO DE CORTE DIAMANTADO SEGMENTADO PARA CONCRETO, DIÂMETRO DE 350 MM, FURO DE 1\" (14 X 1\") - MANUTENÇÃO. AF_08/2015","H",0.69]
[91282,"CORTADORA DE PISO COM MOTOR 4 TEMPOS A GASOLINA, POTÊNCIA DE 13 HP, COM DISCO DE CORTE DIAMANTADO SEGMENTADO PARA CONCRETO, DIÂMETRO DE 350 MM, FURO DE 1\" (14 X 1\") - MATERIAIS NA OPERAÇÃO. AF_08/2015","H",9.27]
[91354,"CAMINHÃO TOCO, PESO BRUTO TOTAL 14.300 KG, CARGA ÚTIL MÁXIMA 9590 KG, DISTÂNCIA ENTRE EIXOS 4,76 M, POTÊNCIA 185 CV (NÃO INCLUI CARROCERIA) - DEPRECIAÇÃO. AF_06/2014","H",6.61]
[91355,"CAMINHÃO TOCO, PESO BRUTO TOTAL 14.300 KG, CARGA ÚTIL MÁXIMA 9590 KG, DISTÂNCIA ENTRE EIXOS 4,76 M, POTÊNCIA 185 CV (NÃO INCLUI CARROCERIA) - JUROS. AF_06/2014","H",2.64]
[91356,"CAMINHÃO TOCO, PESO BRUTO TOTAL 14.300 KG, CARGA ÚTIL MÁXIMA 9590 KG, DISTÂNCIA ENTRE EIXOS 4,76 M, POTÊNCIA 185 CV (NÃO INCLUI CARROCERIA) - IMPOSTOS E SEGUROS. AF_06/2014","H",0.54]
[91359,"CAMINHÃO PIPA 6.000 L, PESO BRUTO TOTAL 13.000 KG, DISTÂNCIA ENTRE EIXOS 4,80 M, POTÊNCIA 189 CV INCLUSIVE TANQUE DE AÇO PARA TRANSPORTE DE ÁGUA, CAPACIDADE 6 M3 - DEPRECIAÇÃO. AF_06/2014","H",7.66]
[91360,"CAMINHÃO PIPA 6.000 L, PESO BRUTO TOTAL 13.000 KG, DISTÂNCIA ENTRE EIXOS 4,80 M, POTÊNCIA 189 CV INCLUSIVE TANQUE DE AÇO PARA TRANSPORTE DE ÁGUA, CAPACIDADE 6 M3 - JUROS. AF_06/2014","H",3.06]
[91361,"CAMINHÃO PIPA 6.000 L, PESO BRUTO TOTAL 13.000 KG, DISTÂNCIA ENTRE EIXOS 4,80 M, POTÊNCIA 189 CV INCLUSIVE TANQUE DE AÇO PARA TRANSPORTE DE ÁGUA, CAPACIDADE 6 M3 - IMPOSTOS E SEGUROS. AF_06/2014","H",0.61]
[91367,"CAMINHÃO BASCULANTE 6 M3, PESO BRUTO TOTAL 16.000 KG, CARGA ÚTIL MÁXIMA 13.071 KG, DISTÂNCIA ENTRE EIXOS 4,80 M, POTÊNCIA 230 CV INCLUSIVE CAÇAMBA METÁLICA - DEPRECIAÇÃO. AF_06/2014","H",9.95]
[91368,"CAMINHÃO BASCULANTE 6 M3, PESO BRUTO TOTAL 16.000 KG, CARGA ÚTIL MÁXIMA 13.071 KG, DISTÂNCIA ENTRE EIXOS 4,80 M, POTÊNCIA 230 CV INCLUSIVE CAÇAMBA METÁLICA - JUROS. AF_06/2014","H",3.48]
[91369,"CAMINHÃO BASCULANTE 6 M3, PESO BRUTO TOTAL 16.000 KG, CARGA ÚTIL MÁXIMA 13.071 KG, DISTÂNCIA ENTRE EIXOS 4,80 M, POTÊNCIA 230 CV INCLUSIVE CAÇAMBA METÁLICA - IMPOSTOS E SEGUROS. AF_06/2014","H",0.71]
[91375,"CAMINHÃO TOCO, PESO BRUTO TOTAL 16.000 KG, CARGA ÚTIL MÁXIMA DE 10.685 KG, DISTÂNCIA ENTRE EIXOS 4,80 M, POTÊNCIA 189 CV EXCLUSIVE CARROCERIA - DEPRECIAÇÃO. AF_06/2014","H",5.57]
[91376,"CAMINHÃO TOCO, PESO BRUTO TOTAL 16.000 KG, CARGA ÚTIL MÁXIMA DE 10.685 KG, DISTÂNCIA ENTRE EIXOS 4,80 M, POTÊNCIA 189 CV EXCLUSIVE CARROCERIA - JUROS. AF_06/2014","H",2.22]
[91377,"CAMINHÃO TOCO, PESO BRUTO TOTAL 16.000 KG, CARGA ÚTIL MÁXIMA DE 10.685 KG, DISTÂNCIA ENTRE EIXOS 4,80 M, POTÊNCIA 189 CV EXCLUSIVE CARROCERIA - IMPOSTOS E SEGUROS. AF_06/2014","H",0.45]
[91380,"CAMINHÃO BASCULANTE 10 M3, TRUCADO CABINE SIMPLES, PESO BRUTO TOTAL 23.000 KG, CARGA ÚTIL MÁXIMA 15.935 KG, DISTÂNCIA ENTRE EIXOS 4,80 M, POTÊNCIA 230 CV INCLUSIVE CAÇAMBA METÁLICA - DEPRECIAÇÃO. AF_06/2014","H",11.3]
[91381,"CAMINHÃO BASCULANTE 10 M3, TRUCADO CABINE SIMPLES, PESO BRUTO TOTAL 23.000 KG, CARGA ÚTIL MÁXIMA 15.935 KG, DISTÂNCIA ENTRE EIXOS 4,80 M, POTÊNCIA 230 CV INCLUSIVE CAÇAMBA METÁLICA - JUROS. AF_06/2014","H",3.95]
[91382,"CAMINHÃO BASCULANTE 10 M3, TRUCADO CABINE SIMPLES, PESO BRUTO TOTAL 23.000 KG, CARGA ÚTIL MÁXIMA 15.935 KG, DISTÂNCIA ENTRE EIXOS 4,80 M, POTÊNCIA 230 CV INCLUSIVE CAÇAMBA METÁLICA - IMPOSTOS E SEGUROS. AF_06/2014","H",0.81]
[91383,"CAMINHÃO BASCULANTE 10 M3, TRUCADO CABINE SIMPLES, PESO BRUTO TOTAL 23.000 KG, CARGA ÚTIL MÁXIMA 15.935 KG, DISTÂNCIA ENTRE EIXOS 4,80 M, POTÊNCIA 230 CV INCLUSIVE CAÇAMBA METÁLICA - MANUTENÇÃO. AF_06/2014","H",21.2]
[91384,"CAMINHÃO BASCULANTE 10 M3, TRUCADO CABINE SIMPLES, PESO BRUTO TOTAL 23.000 KG, CARGA ÚTIL MÁXIMA 15.935 KG, DISTÂNCIA ENTRE EIXOS 4,80 M, POTÊNCIA 230 CV INCLUSIVE CAÇAMBA METÁLICA - MATERIAIS NA OPERAÇÃO. AF_06/2014","H",106.34]
[91390,"CAMINHÃO TOCO, PBT 14.300 KG, CARGA ÚTIL MÁX. 9.710 KG, DIST. ENTRE EIXOS 3,56 M, POTÊNCIA 185 CV, INCLUSIVE CARROCERIA FIXA ABERTA DE MADEIRA P/ TRANSPORTE GERAL DE CARGA SECA, DIMEN. APROX. 2,50 X 6,50 X 0,50 M - DEPRECIAÇÃO. AF_06/2014","H",7.27]
[91391,"CAMINHÃO TOCO, PBT 14.300 KG, CARGA ÚTIL MÁX. 9.710 KG, DIST. ENTRE EIXOS 3,56 M, POTÊNCIA 185 CV, INCLUSIVE CARROCERIA FIXA ABERTA DE MADEIRA P/ TRANSPORTE GERAL DE CARGA SECA, DIMEN. APROX. 2,50 X 6,50 X 0,50 M - JUROS. AF_06/2014","H",2.9]
[91392,"CAMINHÃO TOCO, PBT 14.300 KG, CARGA ÚTIL MÁX. 9.710 KG, DIST. ENTRE EIXOS 3,56 M, POTÊNCIA 185 CV, INCLUSIVE CARROCERIA FIXA ABERTA DE MADEIRA P/ TRANSPORTE GERAL DE CARGA SECA, DIMEN. APROX. 2,50 X 6,50 X 0,50 M - IMPOSTOS E SEGUROS. AF_06/2014","H",0.58]
[91396,"CAMINHÃO PIPA 10.000 L TRUCADO, PESO BRUTO TOTAL 23.000 KG, CARGA ÚTIL MÁXIMA 15.935 KG, DISTÂNCIA ENTRE EIXOS 4,8 M, POTÊNCIA 230 CV, INCLUSIVE TANQUE DE AÇO PARA TRANSPORTE DE ÁGUA - DEPRECIAÇÃO. AF_06/2014","H",9.81]
[91397,"CAMINHÃO PIPA 10.000 L TRUCADO, PESO BRUTO TOTAL 23.000 KG, CARGA ÚTIL MÁXIMA 15.935 KG, DISTÂNCIA ENTRE EIXOS 4,8 M, POTÊNCIA 230 CV, INCLUSIVE TANQUE DE AÇO PARA TRANSPORTE DE ÁGUA - JUROS. AF_06/2014","H",3.91]
[91398,"CAMINHÃO PIPA 10.000 L TRUCADO, PESO BRUTO TOTAL 23.000 KG, CARGA ÚTIL MÁXIMA 15.935 KG, DISTÂNCIA ENTRE EIXOS 4,8 M, POTÊNCIA 230 CV, INCLUSIVE TANQUE DE AÇO PARA TRANSPORTE DE ÁGUA - IMPOSTOS E SEGUROS. AF_06/2014","H",0.8]
[91402,"CAMINHÃO BASCULANTE 6 M3 TOCO, PESO BRUTO TOTAL 16.000 KG, CARGA ÚTIL MÁXIMA 11.130 KG, DISTÂNCIA ENTRE EIXOS 5,36 M, POTÊNCIA 185 CV, INCLUSIVE CAÇAMBA METÁLICA - IMPOSTOS E SEGUROS. AF_06/2014","H",0.68]
[91466,"GUINDAUTO HIDRÁULICO, CAPACIDADE MÁXIMA DE CARGA 6200 KG, MOMENTO MÁXIMO DE CARGA 11,7 TM, ALCANCE MÁXIMO HORIZONTAL 9,70 M, INCLUSIVE CAMINHÃO TOCO PBT 16.000 KG, POTÊNCIA DE 189 CV - IMPOSTOS E SEGUROS. AF_08/2015","H",0.63]
[91467,"GUINDAUTO HIDRÁULICO, CAPACIDADE MÁXIMA DE CARGA 6200 KG, MOMENTO MÁXIMO DE CARGA 11,7 TM, ALCANCE MÁXIMO HORIZONTAL 9,70 M, INCLUSIVE CAMINHÃO TOCO PBT 16.000 KG, POTÊNCIA DE 189 CV - MATERIAIS NA OPERAÇÃO. AF_08/2015","H",87.38]
[91468,"ESPARGIDOR DE ASFALTO PRESSURIZADO, TANQUE 6 M3 COM ISOLAÇÃO TÉRMICA, AQUECIDO COM 2 MAÇARICOS, COM BARRA ESPARGIDORA 3,60 M, MONTADO SOBRE CAMINHÃO  TOCO, PBT 14.300 KG, POTÊNCIA 185 CV - DEPRECIAÇÃO. AF_08/2015","H",11.65]
[91469,"ESPARGIDOR DE ASFALTO PRESSURIZADO, TANQUE 6 M3 COM ISOLAÇÃO TÉRMICA, AQUECIDO COM 2 MAÇARICOS, COM BARRA ESPARGIDORA 3,60 M, MONTADO SOBRE CAMINHÃO  TOCO, PBT 14.300 KG, POTÊNCIA 185 CV - JUROS. AF_08/2015","H",3.95]
[91484,"ESPARGIDOR DE ASFALTO PRESSURIZADO, TANQUE 6 M3 COM ISOLAÇÃO TÉRMICA, AQUECIDO COM 2 MAÇARICOS, COM BARRA ESPARGIDORA 3,60 M, MONTADO SOBRE CAMINHÃO  TOCO, PBT 14.300 KG, POTÊNCIA 185 CV - IMPOSTOS E SEGUROS. AF_08/2015","H",0.8]
[91485,"ESPARGIDOR DE ASFALTO PRESSURIZADO, TANQUE 6 M3 COM ISOLAÇÃO TÉRMICA, AQUECIDO COM 2 MAÇARICOS, COM BARRA ESPARGIDORA 3,60 M, MONTADO SOBRE CAMINHÃO  TOCO, PBT 14.300 KG, POTÊNCIA 185 CV - MATERIAIS NA OPERAÇÃO. AF_08/2015","H",120.43]
[91529,"COMPACTADOR DE SOLOS DE PERCUSSÃO (SOQUETE) COM MOTOR A GASOLINA 4 TEMPOS, POTÊNCIA 4 CV - DEPRECIAÇÃO. AF_08/2015","H",0.92]
[91530,"COMPACTADOR DE SOLOS DE PERCUSSÃO (SOQUETE) COM MOTOR A GASOLINA 4 TEMPOS, POTÊNCIA 4 CV - JUROS. AF_08/2015","H",0.24]
[91531,"COMPACTADOR DE SOLOS DE PERCUSSÃO (SOQUETE) COM MOTOR A GASOLINA 4 TEMPOS, POTÊNCIA 4 CV - MANUTENÇÃO. AF_08/2015","H",1.16]
[91532,"COMPACTADOR DE SOLOS DE PERCUSSÃO (SOQUETE) COM MOTOR A GASOLINA 4 TEMPOS, POTÊNCIA 4 CV - MATERIAIS NA OPERAÇÃO. AF_08/2015","H",2.82]
[91629,"GUINDAUTO HIDRÁULICO, CAPACIDADE MÁXIMA DE CARGA 6500 KG, MOMENTO MÁXIMO DE CARGA 5,8 TM, ALCANCE MÁXIMO HORIZONTAL 7,60 M, INCLUSIVE CAMINHÃO TOCO PBT 9.700 KG, POTÊNCIA DE 160 CV - DEPRECIAÇÃO. AF_08/2015","H",7.22]
[91630,"GUINDAUTO HIDRÁULICO, CAPACIDADE MÁXIMA DE CARGA 6500 KG, MOMENTO MÁXIMO DE CARGA 5,8 TM, ALCANCE MÁXIMO HORIZONTAL 7,60 M, INCLUSIVE CAMINHÃO TOCO PBT 9.700 KG, POTÊNCIA DE 160 CV - JUROS. AF_08/2015","H",2.87]
[91631,"GUINDAUTO HIDRÁULICO, CAPACIDADE MÁXIMA DE CARGA 6500 KG, MOMENTO MÁXIMO DE CARGA 5,8 TM, ALCANCE MÁXIMO HORIZONTAL 7,60 M, INCLUSIVE CAMINHÃO TOCO PBT 9.700 KG, POTÊNCIA DE 160 CV - IMPOSTOS E SEGUROS. AF_08/2015","H",0.58]
[91632,"GUINDAUTO HIDRÁULICO, CAPACIDADE MÁXIMA DE CARGA 6500 KG, MOMENTO MÁXIMO DE CARGA 5,8 TM, ALCANCE MÁXIMO HORIZONTAL 7,60 M, INCLUSIVE CAMINHÃO TOCO PBT 9.700 KG, POTÊNCIA DE 160 CV - MANUTENÇÃO. AF_08/2015","H",13.54]
[91633,"GUINDAUTO HIDRÁULICO, CAPACIDADE MÁXIMA DE CARGA 6500 KG, MOMENTO MÁXIMO DE CARGA 5,8 TM, ALCANCE MÁXIMO HORIZONTAL 7,60 M, INCLUSIVE CAMINHÃO TOCO PBT 9.700 KG, POTÊNCIA DE 160 CV - MATERIAIS NA OPERAÇÃO. AF_08/2015","H",73.98]
[91640,"CAMINHÃO DE TRANSPORTE DE MATERIAL ASFÁLTICO 30.000 L, COM CAVALO MECÂNICO DE CAPACIDADE MÁXIMA DE TRAÇÃO COMBINADO DE 66.000 KG, POTÊNCIA 360 CV, INCLUSIVE TANQUE DE ASFALTO COM SERPENTINA - DEPRECIAÇÃO. AF_08/2015","H",16.6]
[91641,"CAMINHÃO DE TRANSPORTE DE MATERIAL ASFÁLTICO 30.000 L, COM CAVALO MECÂNICO DE CAPACIDADE MÁXIMA DE TRAÇÃO COMBINADO DE 66.000 KG, POTÊNCIA 360 CV, INCLUSIVE TANQUE DE ASFALTO COM SERPENTINA - JUROS. AF_08/2015","H",6.62]
[91642,"CAMINHÃO DE TRANSPORTE DE MATERIAL ASFÁLTICO 30.000 L, COM CAVALO MECÂNICO DE CAPACIDADE MÁXIMA DE TRAÇÃO COMBINADO DE 66.000 KG, POTÊNCIA 360 CV, INCLUSIVE TANQUE DE ASFALTO COM SERPENTINA - IMPOSTOS E SEGUROS. AF_08/2015","H",1.35]
[91643,"CAMINHÃO DE TRANSPORTE DE MATERIAL ASFÁLTICO 30.000 L, COM CAVALO MECÂNICO DE CAPACIDADE MÁXIMA DE TRAÇÃO COMBINADO DE 66.000 KG, POTÊNCIA 360 CV, INCLUSIVE TANQUE DE ASFALTO COM SERPENTINA - MANUTENÇÃO. AF_08/2015","H",31.13]
[91644,"CAMINHÃO DE TRANSPORTE DE MATERIAL ASFÁLTICO 30.000 L, COM CAVALO MECÂNICO DE CAPACIDADE MÁXIMA DE TRAÇÃO COMBINADO DE 66.000 KG, POTÊNCIA 360 CV, INCLUSIVE TANQUE DE ASFALTO COM SERPENTINA - MATERIAIS NA OPERAÇÃO. AF_08/2015","H",166.43]
[91688,"SERRA CIRCULAR DE BANCADA COM MOTOR ELÉTRICO POTÊNCIA DE 5HP, COM COIFA PARA DISCO 10\" - DEPRECIAÇÃO. AF_08/2015","H",0.06]
[91689,"SERRA CIRCULAR DE BANCADA COM MOTOR ELÉTRICO POTÊNCIA DE 5HP, COM COIFA PARA DISCO 10\" - JUROS. AF_08/2015","H",0.01]
[91690,"SERRA CIRCULAR DE BANCADA COM MOTOR ELÉTRICO POTÊNCIA DE 5HP, COM COIFA PARA DISCO 10\" - MANUTENÇÃO. AF_08/2015","H",0.04]
[91691,"SERRA CIRCULAR DE BANCADA COM MOTOR ELÉTRICO POTÊNCIA DE 5HP, COM COIFA PARA DISCO 10\" - MATERIAIS NA OPERAÇÃO. AF_08/2015","H",2.5]
[92040,"DISTRIBUIDOR DE AGREGADOS REBOCAVEL, CAPACIDADE 1,9 M³, LARGURA DE TRABALHO 3,66 M - DEPRECIAÇÃO. AF_11/2015","H",4.13]
[92041,"DISTRIBUIDOR DE AGREGADOS REBOCAVEL, CAPACIDADE 1,9 M³, LARGURA DE TRABALHO 3,66 M - JUROS. AF_11/2015","H",0.82]
[92042,"DISTRIBUIDOR DE AGREGADOS REBOCAVEL, CAPACIDADE 1,9 M³, LARGURA DE TRABALHO 3,66 M - MANUTENÇÃO. AF_11/2015","H",3.44]
[92101,"CAMINHÃO PARA EQUIPAMENTO DE LIMPEZA A SUCÇÃO COM CAMINHÃO TRUCADO DE PESO BRUTO TOTAL 23000 KG, CARGA ÚTIL MÁXIMA 15935 KG, DISTÂNCIA ENTRE EIXOS 4,80 M, POTÊNCIA 230 CV, INCLUSIVE LIMPADORA A SUCÇÃO, TANQUE 12000 L - DEPRECIAÇÃO. AF_11/2015","H",11.48]
[92102,"CAMINHÃO PARA EQUIPAMENTO DE LIMPEZA A SUCÇÃO COM CAMINHÃO TRUCADO DE PESO BRUTO TOTAL 23000 KG, CARGA ÚTIL MÁXIMA 15935 KG, DISTÂNCIA ENTRE EIXOS 4,80 M, POTÊNCIA 230 CV, INCLUSIVE LIMPADORA A SUCÇÃO, TANQUE 12000 L - JUROS. AF_11/2015","H",4.58]
[92103,"CAMINHÃO PARA EQUIPAMENTO DE LIMPEZA A SUCÇÃO COM CAMINHÃO TRUCADO DE PESO BRUTO TOTAL 23000 KG, CARGA ÚTIL MÁXIMA 15935 KG, DISTÂNCIA ENTRE EIXOS 4,80 M, POTÊNCIA 230 CV, INCLUSIVE LIMPADORA A SUCÇÃO, TANQUE 12000 L - IMPOSTOS E SEGUROS. AF_11/2015","H",0.93]
[92104,"CAMINHÃO PARA EQUIPAMENTO DE LIMPEZA A SUCÇÃO COM CAMINHÃO TRUCADO DE PESO BRUTO TOTAL 23000 KG, CARGA ÚTIL MÁXIMA 15935 KG, DISTÂNCIA ENTRE EIXOS 4,80 M, POTÊNCIA 230 CV, INCLUSIVE LIMPADORA A SUCÇÃO, TANQUE 12000 L - MANUTENÇÃO. AF_11/2015","H",21.54]
[92105,"CAMINHÃO PARA EQUIPAMENTO DE LIMPEZA A SUCÇÃO COM CAMINHÃO TRUCADO DE PESO BRUTO TOTAL 23000 KG, CARGA ÚTIL MÁX. 15935 KG, DISTÂNCIA ENTRE EIXOS 4,80 M, POTÊNCIA 230 CV, INCLUSIVE LIMPADORA A SUCÇÃO, TANQUE 12000 L - MATERIAIS NA OPERAÇÃO. AF_11/2015","H",106.34]
[92108,"PENEIRA ROTATIVA COM MOTOR ELÉTRICO TRIFÁSICO DE 2 CV, CILINDRO DE 1 M X 0,60 M, COM FUROS DE 3,17 MM - DEPRECIAÇÃO. AF_11/2015","H",0.7]
[92109,"PENEIRA ROTATIVA COM MOTOR ELÉTRICO TRIFÁSICO DE 2 CV, CILINDRO DE 1 M X 0,60 M, COM FUROS DE 3,17 MM - JUROS. AF_11/2015","H",0.15]
[92110,"PENEIRA ROTATIVA COM MOTOR ELÉTRICO TRIFÁSICO DE 2 CV, CILINDRO DE 1 M X 0,60 M, COM FUROS DE 3,17 MM - MANUTENÇÃO. AF_11/2015","H",0.55]
[92111,"PENEIRA ROTATIVA COM MOTOR ELÉTRICO TRIFÁSICO DE 2 CV, CILINDRO DE 1 M X 0,60 M, COM FUROS DE 3,17 MM - MATERIAIS NA OPERAÇÃO. AF_11/2015","H",0.98]
[92114,"DOSADOR DE AREIA, CAPACIDADE DE 26 LITROS - DEPRECIAÇÃO. AF_11/2015","H",0.07]
[92115,"DOSADOR DE AREIA, CAPACIDADE DE 26 LITROS - JUROS. AF_11/2015","H",0.01]
[92116,"DOSADOR DE AREIA, CAPACIDADE DE 26 LITROS - MANUTENÇÃO. AF_11/2015","H",0.09]
[92133,"CAMINHONETE COM MOTOR A DIESEL, POTÊNCIA 180 CV, CABINE DUPLA, 4X4 - DEPRECIAÇÃO. AF_11/2015","H",6.76]
[92134,"CAMINHONETE COM MOTOR A DIESEL, POTÊNCIA 180 CV, CABINE DUPLA, 4X4 - JUROS. AF_11/2015","H",2.02]
[92135,"CAMINHONETE COM MOTOR A DIESEL, POTÊNCIA 180 CV, CABINE DUPLA, 4X4 - IMPOSTOS E SEGUROS. AF_11/2015","H",0.42]
[92136,"CAMINHONETE COM MOTOR A DIESEL, POTÊNCIA 180 CV, CABINE DUPLA, 4X4 - MANUTENÇÃO. AF_11/2015","H",8.45]
[92137,"CAMINHONETE COM MOTOR A DIESEL, POTÊNCIA 180 CV, CABINE DUPLA, 4X4 - MATERIAIS NA OPERAÇÃO. AF_11/2015","H",83.23]
[92140,"CAMINHONETE CABINE SIMPLES COM MOTOR 1.6 FLEX, CÂMBIO MANUAL, POTÊNCIA 101/104 CV, 2 PORTAS - DEPRECIAÇÃO. AF_11/2015","H",2.06]
[92141,"CAMINHONETE CABINE SIMPLES COM MOTOR 1.6 FLEX, CÂMBIO MANUAL, POTÊNCIA 101/104 CV, 2 PORTAS - JUROS. AF_11/2015","H",0.61]
[92142,"CAMINHONETE CABINE SIMPLES COM MOTOR 1.6 FLEX, CÂMBIO MANUAL, POTÊNCIA 101/104 CV, 2 PORTAS - IMPOSTOS E SEGUROS. AF_11/2015","H",0.12]
[92143,"CAMINHONETE CABINE SIMPLES COM MOTOR 1.6 FLEX, CÂMBIO MANUAL, POTÊNCIA 101/104 CV, 2 PORTAS - MANUTENÇÃO. AF_11/2015","H",2.57]
[92144,"CAMINHONETE CABINE SIMPLES COM MOTOR 1.6 FLEX, CÂMBIO MANUAL, POTÊNCIA 101/104 CV, 2 PORTAS - MATERIAIS NA OPERAÇÃO. AF_11/2015","H",71.07]
[92237,"CAMINHÃO DE TRANSPORTE DE MATERIAL ASFÁLTICO 20.000 L, COM CAVALO MECÂNICO DE CAPACIDADE MÁXIMA DE TRAÇÃO COMBINADO DE 45.000 KG, POTÊNCIA 330 CV, INCLUSIVE TANQUE DE ASFALTO COM MAÇARICO - DEPRECIAÇÃO. AF_12/2015","H",12.16]
[92238,"CAMINHÃO DE TRANSPORTE DE MATERIAL ASFÁLTICO 20.000 L, COM CAVALO MECÂNICO DE CAPACIDADE MÁXIMA DE TRAÇÃO COMBINADO DE 45.000 KG, POTÊNCIA 330 CV, INCLUSIVE TANQUE DE ASFALTO COM MAÇARICO - JUROS. AF_12/2015","H",4.85]
[92239,"CAMINHÃO DE TRANSPORTE DE MATERIAL ASFÁLTICO 20.000 L, COM CAVALO MECÂNICO DE CAPACIDADE MÁXIMA DE TRAÇÃO COMBINADO DE 45.000 KG, POTÊNCIA 330 CV, INCLUSIVE TANQUE DE ASFALTO COM MAÇARICO - IMPOSTOS E SEGUROS. AF_12/2015","H",0.99]
[92240,"CAMINHÃO DE TRANSPORTE DE MATERIAL ASFÁLTICO 20.000 L, COM CAVALO MECÂNICO DE CAPACIDADE MÁXIMA DE TRAÇÃO COMBINADO DE 45.000 KG, POTÊNCIA 330 CV, INCLUSIVE TANQUE DE ASFALTO COM MAÇARICO - MANUTENÇÃO. AF_12/2015","H",22.82]
[92241,"CAMINHÃO DE TRANSPORTE DE MATERIAL ASFÁLTICO 20.000 L, COM CAVALO MECÂNICO DE CAPACIDADE MÁXIMA DE TRAÇÃO COMBINADO DE 45.000 KG, POTÊNCIA 330 CV, INCLUSIVE TANQUE DE ASFALTO COM MAÇARICO - MATERIAIS NA OPERAÇÃO. AF_12/2015","H",152.58]
[92712,"APARELHO PARA CORTE E SOLDA OXI-ACETILENO SOBRE RODAS, INCLUSIVE CILINDROS E MAÇARICOS - DEPRECIAÇÃO. AF_12/2015","H",0.17]
[92713,"APARELHO PARA CORTE E SOLDA OXI-ACETILENO SOBRE RODAS, INCLUSIVE CILINDROS E MAÇARICOS - JUROS. AF_12/2015","H",0.03]
[92714,"APARELHO PARA CORTE E SOLDA OXI-ACETILENO SOBRE RODAS, INCLUSIVE CILINDROS E MAÇARICOS - MANUTENÇÃO. AF_12/2015","H",0.21]
[92715,"APARELHO PARA CORTE E SOLDA OXI-ACETILENO SOBRE RODAS, INCLUSIVE CILINDROS E MAÇARICOS - MATERIAIS NA OPERAÇÃO. AF_12/2015","H",13.75]
[92956,"MÁQUINA EXTRUSORA DE CONCRETO PARA GUIAS E SARJETAS, MOTOR A DIESEL, POTÊNCIA 14 CV - DEPRECIAÇÃO. AF_12/2015","H",5.01]
[92957,"MÁQUINA EXTRUSORA DE CONCRETO PARA GUIAS E SARJETAS, MOTOR A DIESEL, POTÊNCIA 14 CV - JUROS. AF_12/2015","H",1.12]
[92958,"MÁQUINA EXTRUSORA DE CONCRETO PARA GUIAS E SARJETAS, MOTOR A DIESEL, POTÊNCIA 14 CV - MANUTENÇÃO. AF_12/2015","H",5.48]
[92959,"MÁQUINA EXTRUSORA DE CONCRETO PARA GUIAS E SARJETAS, MOTOR A DIESEL, POTÊNCIA 14 CV - MATERIAIS NA OPERAÇÃO. AF_12/2015","H",6.45]
[92963,"MARTELO PERFURADOR PNEUMÁTICO MANUAL, HASTE 25 X 75 MM, 21 KG - DEPRECIAÇÃO. AF_12/2015","H",0.87]
[92964,"MARTELO PERFURADOR PNEUMÁTICO MANUAL, HASTE 25 X 75 MM, 21 KG - JUROS. AF_12/2015","H",0.19]
[92965,"MARTELO PERFURADOR PNEUMÁTICO MANUAL, HASTE 25 X 75 MM, 21 KG - MANUTENÇÃO. AF_12/2015","H",1.09]
[93220,"PERFURATRIZ COM TORRE METÁLICA PARA EXECUÇÃO DE ESTACA HÉLICE CONTÍNUA, PROFUNDIDADE MÁXIMA DE 32 M, DIÂMETRO MÁXIMO DE 1000 MM, POTÊNCIA INSTALADA DE 350 HP, MESA ROTATIVA COM TORQUE MÁXIMO DE 263 KNM - DEPRECIAÇÃO. AF_01/2016","H",164.83]
[93221,"PERFURATRIZ COM TORRE METÁLICA PARA EXECUÇÃO DE ESTACA HÉLICE CONTÍNUA, PROFUNDIDADE MÁXIMA DE 32 M, DIÂMETRO MÁXIMO DE 1000 MM, POTÊNCIA INSTALADA DE 350 HP, MESA ROTATIVA COM TORQUE MÁXIMO DE 263 KNM - JUROS. AF_01/2016","H",43.29]
[93222,"PERFURATRIZ COM TORRE METÁLICA PARA EXECUÇÃO DE ESTACA HÉLICE CONTÍNUA, PROFUNDIDADE MÁXIMA DE 32 M, DIÂMETRO MÁXIMO DE 1000 MM, POTÊNCIA INSTALADA DE 350 HP, MESA ROTATIVA COM TORQUE MÁXIMO DE 263 KNM - MANUTENÇÃO. AF_01/2016","H",206.28]
[93223,"PERFURATRIZ COM TORRE METÁLICA PARA EXECUÇÃO DE ESTACA HÉLICE CONTÍNUA, PROFUNDIDADE MÁXIMA DE 32 M, DIÂMETRO MÁXIMO DE 1000 MM, POTÊNCIA INSTALADA DE 350 HP, MESA ROTATIVA COM TORQUE MÁXIMO DE 263 KNM \u0096 MATERIAIS NA OPERAÇÃO. AF_01/2016","H",164.03]
[93229,"BETONEIRA CAPACIDADE NOMINAL 400 L, CAPACIDADE DE MISTURA 310 L, MOTOR A GASOLINA POTÊNCIA 5,5 HP, SEM CARREGADOR - DEPRECIAÇÃO. AF_02/2016","H",0.3]
[93230,"BETONEIRA CAPACIDADE NOMINAL 400 L, CAPACIDADE DE MISTURA 310 L, MOTOR A GASOLINA POTÊNCIA 5,5 HP, SEM CARREGADOR - JUROS. AF_02/2016","H",0.06]
[93231,"BETONEIRA CAPACIDADE NOMINAL 400 L, CAPACIDADE DE MISTURA 310 L, MOTOR A GASOLINA POTÊNCIA 5,5 HP, SEM CARREGADOR - MANUTENÇÃO. AF_02/2016","H",0.28]
[93232,"BETONEIRA CAPACIDADE NOMINAL 400 L, CAPACIDADE DE MISTURA 310 L, MOTOR A GASOLINA POTÊNCIA 5,5 HP, SEM CARREGADOR - MATERIAIS NA OPERAÇÃO. AF_02/2016","H",3.91]
[93235,"GRUPO GERADOR ESTACIONÁRIO, MOTOR DIESEL POTÊNCIA 170 KVA - JUROS. AF_02/2016","H",1.41]
[93238,"ROLO COMPACTADOR VIBRATÓRIO REBOCÁVEL, CILINDRO DE AÇO LISO, POTÊNCIA DE TRAÇÃO DE 65 CV, PESO 4,7 T, IMPACTO DINÂMICO 18,3 T, LARGURA DE TRABALHO 1,67 M - JUROS. AF_02/2016","H",1.2]
[93239,"ROLO COMPACTADOR VIBRATÓRIO PÉ DE CARNEIRO, OPERADO POR CONTROLE REMOTO, POTÊNCIA 12,5 KW, PESO OPERACIONAL 1,675 T, LARGURA DE TRABALHO 0,85 M - JUROS. AF_02/2016","H",5.45]
[93240,"ROLO COMPACTADOR VIBRATÓRIO PÉ DE CARNEIRO, OPERADO POR CONTROLE REMOTO, POTÊNCIA 12,5 KW, PESO OPERACIONAL 1,675 T, LARGURA DE TRABALHO 0,85 M - MATERIAIS NA OPERAÇÃO. AF_02/2016","H",7.85]
[93267,"GRUA ASCENCIONAL, LANÇA DE 30 M, CAPACIDADE DE 1,0 T A 30 M, ALTURA ATÉ 39 M \u0096 DEPRECIAÇÃO. AF_03/2016","H",22.33]
[93269,"GRUA ASCENCIONAL, LANÇA DE 30 M, CAPACIDADE DE 1,0 T A 30 M, ALTURA ATÉ 39 M   JUROS. AF_03/2016","H",5.02]
[93270,"GRUA ASCENCIONAL, LANÇA DE 30 M, CAPACIDADE DE 1,0 T A 30 M, ALTURA ATÉ 39 M   MANUTENÇÃO. AF_03/2016","H",24.42]
[93271,"GRUA ASCENCIONAL, LANÇA DE 30 M, CAPACIDADE DE 1,0 T A 30 M, ALTURA ATÉ 39 M   MATERIAIS NA OPERAÇÃO. AF_03/2016","H",7.38]
[93277,"GUINCHO ELÉTRICO DE COLUNA, CAPACIDADE 400 KG, COM MOTO FREIO, MOTOR TRIFÁSICO DE 1,25 CV - DEPRECIAÇÃO. AF_03/2016","H",0.27]
[93278,"GUINCHO ELÉTRICO DE COLUNA, CAPACIDADE 400 KG, COM MOTO FREIO, MOTOR TRIFÁSICO DE 1,25 CV - JUROS. AF_03/2016","H",0.06]
[93279,"GUINCHO ELÉTRICO DE COLUNA, CAPACIDADE 400 KG, COM MOTO FREIO, MOTOR TRIFÁSICO DE 1,25 CV - MANUTENÇÃO. AF_03/2016","H",0.25]
[93280,"GUINCHO ELÉTRICO DE COLUNA, CAPACIDADE 400 KG, COM MOTO FREIO, MOTOR TRIFÁSICO DE 1,25 CV - MATERIAIS NA OPERAÇÃO. AF_03/2016","H",0.61]
[93283,"GUINDASTE HIDRÁULICO AUTOPROPELIDO, COM LANÇA TELESCÓPICA 40 M, CAPACIDADE MÁXIMA 60 T, POTÊNCIA 260 KW - DEPRECIAÇÃO. AF_03/2016","H",46.94]
[93284,"GUINDASTE HIDRÁULICO AUTOPROPELIDO, COM LANÇA TELESCÓPICA 40 M, CAPACIDADE MÁXIMA 60 T, POTÊNCIA 260 KW - JUROS. AF_03/2016","H",16.07]
[93285,"GUINDASTE HIDRÁULICO AUTOPROPELIDO, COM LANÇA TELESCÓPICA 40 M, CAPACIDADE MÁXIMA 60 T, POTÊNCIA 260 KW - MANUTENÇÃO. AF_03/2016","H",75.46]
[93286,"GUINDASTE HIDRÁULICO AUTOPROPELIDO, COM LANÇA TELESCÓPICA 40 M, CAPACIDADE MÁXIMA 60 T, POTÊNCIA 260 KW - MATERIAIS NA OPERAÇÃO. AF_03/2016","H",174.59]
[93296,"GUINDASTE HIDRÁULICO AUTOPROPELIDO, COM LANÇA TELESCÓPICA 40 M, CAPACIDADE MÁXIMA 60 T, POTÊNCIA 260 KW - IMPOSTOS E SEGUROS. AF_03/2016","H",3.28]
[93397,"GUINDAUTO HIDRÁULICO, CAPACIDADE MÁXIMA DE CARGA 3300 KG, MOMENTO MÁXIMO DE CARGA 5,8 TM, ALCANCE MÁXIMO HORIZONTAL 7,60 M, INCLUSIVE CAMINHÃO TOCO PBT 16.000 KG, POTÊNCIA DE 189 CV - DEPRECIAÇÃO. AF_03/2016","H",7.22]
[93398,"GUINDAUTO HIDRÁULICO, CAPACIDADE MÁXIMA DE CARGA 3300 KG, MOMENTO MÁXIMO DE CARGA 5,8 TM, ALCANCE MÁXIMO HORIZONTAL 7,60 M, INCLUSIVE CAMINHÃO TOCO PBT 16.000 KG, POTÊNCIA DE 189 CV - JUROS. AF_03/2016","H",2.87]
[93399,"GUINDAUTO HIDRÁULICO, CAPACIDADE MÁXIMA DE CARGA 3300 KG, MOMENTO MÁXIMO DE CARGA 5,8 TM, ALCANCE MÁXIMO HORIZONTAL 7,60 M, INCLUSIVE CAMINHÃO TOCO PBT 16.000 KG, POTÊNCIA DE 189 CV \u0096 IMPOSTOS E SEGUROS. AF_03/2016","H",0.58]
[93400,"GUINDAUTO HIDRÁULICO, CAPACIDADE MÁXIMA DE CARGA 3300 KG, MOMENTO MÁXIMO DE CARGA 5,8 TM, ALCANCE MÁXIMO HORIZONTAL 7,60 M, INCLUSIVE CAMINHÃO TOCO PBT 16.000 KG, POTÊNCIA DE 189 CV - MANUTENÇÃO. AF_03/2016","H",13.54]
[93401,"GUINDAUTO HIDRÁULICO, CAPACIDADE MÁXIMA DE CARGA 3300 KG, MOMENTO MÁXIMO DE CARGA 5,8 TM, ALCANCE MÁXIMO HORIZONTAL 7,60 M, INCLUSIVE CAMINHÃO TOCO PBT 16.000 KG, POTÊNCIA DE 189 CV - MATERIAIS NA OPERAÇÃO. AF_03/2016","H",87.38]
[93404,"MÁQUINA JATO DE PRESSAO PORTÁTIL PARA JATEAMENTO, CONTROLE AUTOMATICO REMOTO, CAMARA DE 1 SAIDA, CAPACIDADE 280 L, DIAMETRO 670 MM, BICO DE JATO CURTO VENTURI DE 5/16\u0094, MANGUEIRA DE 1\u0094 COM COMPRESSOR DE AR REBOCÁVEL VAZÃO 189 PCM E MOTOR DIESEL DE 63 CV- DEPRECIAÇÃO. AF_03/2016","H",3.65]
[93405,"MÁQUINA JATO DE PRESSAO PORTÁTIL PARA JATEAMENTO, CONTROLE AUTOMATICO REMOTO, CAMARA DE 1 SAIDA, CAPACIDADE 280 L, DIAMETRO 670 MM, BICO DE JATO CURTO VENTURI DE 5/16\u0094, MANGUEIRA DE 1\u0094 COM COMPRESSOR DE AR REBOCÁVEL VAZÃO 189 PCM E MOTOR DIESEL DE 63 CV- JUROS. AF_03/2016","H",0.72]
[93406,"MÁQUINA JATO DE PRESSAO PORTÁTIL PARA JATEAMENTO, CONTROLE AUTOMATICO REMOTO, CAMARA DE 1 SAIDA, CAPACIDADE 280 L, DIAMETRO 670 MM, BICO DE JATO CURTO VENTURI DE 5/16\u0094, MANGUEIRA DE 1\u0094 COM COMPRESSOR DE AR REBOCÁVEL VAZÃO 189 PCM E MOTOR DIESEL DE 63 CV- MANUTENÇÃO. AF_03/2016","H",4.56]
[93407,"MÁQUINA JATO DE PRESSAO PORTÁTIL PARA JATEAMENTO, CONTROLE AUTOMATICO REMOTO, CAMARA DE 1 SAIDA, CAPACIDADE 280 L, DIAMETRO 670 MM, BICO DE JATO CURTO VENTURI DE 5/16\u0094, MANGUEIRA DE 1\u0094 COM COMPRESSOR DE AR REBOCÁVEL VAZÃO 189 PCM E MOTOR DIESEL DE 63 CV- MATERIAIS NA OPERAÇÃO. AF_03/2016","H",29.14]
[93411,"GERADOR PORTÁTIL MONOFÁSICO, POTÊNCIA 5500 VA, MOTOR A GASOLINA, POTÊNCIA DO MOTOR 13 CV - DEPRECIAÇÃO. AF_03/2016","H",0.19]
[93412,"GERADOR PORTÁTIL MONOFÁSICO, POTÊNCIA 5500 VA, MOTOR A GASOLINA, POTÊNCIA DO MOTOR 13 CV - JUROS. AF_03/2016","H",0.06]
[93413,"GERADOR PORTÁTIL MONOFÁSICO, POTÊNCIA 5500 VA, MOTOR A GASOLINA, POTÊNCIA DO MOTOR 13 CV - MANUTENÇÃO. AF_03/2016","H",0.17]
[93414,"GERADOR PORTÁTIL MONOFÁSICO, POTÊNCIA 5500 VA, MOTOR A GASOLINA, POTÊNCIA DO MOTOR 13 CV - MATERIAIS NA OPERAÇÃO. AF_03/2016","H",9.12]
[93417,"GRUPO GERADOR REBOCÁVEL, POTÊNCIA 66 KVA, MOTOR A DIESEL - DEPRECIAÇÃO. AF_03/2016","H",2.59]
[93418,"GRUPO GERADOR REBOCÁVEL, POTÊNCIA 66 KVA, MOTOR A DIESEL - JUROS. AF_03/2016","H",0.88]
[93419,"GRUPO GERADOR REBOCÁVEL, POTÊNCIA 66 KVA, MOTOR A DIESEL - MANUTENÇÃO. AF_03/2016","H",2.31]
[93420,"GRUPO GERADOR REBOCÁVEL, POTÊNCIA 66 KVA, MOTOR A DIESEL - MATERIAIS NA OPERAÇÃO. AF_03/2016","H",37.06]
[93423,"GRUPO GERADOR ESTACIONÁRIO, POTÊNCIA 150 KVA, MOTOR A DIESEL- DEPRECIAÇÃO. AF_03/2016","H",3.67]
[93424,"GRUPO GERADOR ESTACIONÁRIO, POTÊNCIA 150 KVA, MOTOR A DIESEL- JUROS. AF_03/2016","H",1.25]
[93425,"GRUPO GERADOR ESTACIONÁRIO, POTÊNCIA 150 KVA, MOTOR A DIESEL- MANUTENÇÃO. AF_03/2016","H",3.27]
[93426,"GRUPO GERADOR ESTACIONÁRIO, POTÊNCIA 150 KVA, MOTOR A DIESEL- MATERIAIS NA OPERAÇÃO. AF_03/2016","H",88.57]
[93429,"USINA DE MISTURA ASFÁLTICA À QUENTE, TIPO CONTRA FLUXO, PROD 40 A 80 TON/HORA - DEPRECIAÇÃO. AF_03/2016","H",64]
[93430,"USINA DE MISTURA ASFÁLTICA À QUENTE, TIPO CONTRA FLUXO, PROD 40 A 80 TON/HORA - JUROS. AF_03/2016","H",21.92]
[93431,"USINA DE MISTURA ASFÁLTICA À QUENTE, TIPO CONTRA FLUXO, PROD 40 A 80 TON/HORA - MANUTENÇÃO. AF_03/2016","H",102.88]
[93432,"USINA DE MISTURA ASFÁLTICA À QUENTE, TIPO CONTRA FLUXO, PROD 40 A 80 TON/HORA - MATERIAIS NA OPERAÇÃO. AF_03/2016","H",1675.2]
[93435,"USINA DE ASFALTO À FRIO, CAPACIDADE DE 40 A 60 TON/HORA, ELÉTRICA POTÊNCIA 30 CV - DEPRECIAÇÃO. AF_03/2016","H",3.46]
[93436,"USINA DE ASFALTO À FRIO, CAPACIDADE DE 40 A 60 TON/HORA, ELÉTRICA POTÊNCIA 30 CV - JUROS. AF_03/2016","H",1.38]
[93437,"USINA DE ASFALTO À FRIO, CAPACIDADE DE 40 A 60 TON/HORA, ELÉTRICA POTÊNCIA 30 CV - MANUTENÇÃO. AF_03/2016","H",6.49]
[93438,"USINA DE ASFALTO À FRIO, CAPACIDADE DE 40 A 60 TON/HORA, ELÉTRICA POTÊNCIA 30 CV - MATERIAIS NA OPERAÇÃO. AF_03/2016","H",16.43]
[95114,"MARTELETE OU ROMPEDOR PNEUMÁTICO MANUAL, 28 KG, COM SILENCIADOR - DEPRECIAÇÃO. AF_07/2016","H",0.85]
[95115,"MARTELETE OU ROMPEDOR PNEUMÁTICO MANUAL, 28 KG, COM SILENCIADOR - JUROS. AF_07/2016","H",0.19]
[95116,"USINA DE CONCRETO FIXA, CAPACIDADE NOMINAL DE 90 A 120 M3/H, SEM SILO - DEPRECIAÇÃO. AF_07/2016","H",31.99]
[95117,"USINA DE CONCRETO FIXA, CAPACIDADE NOMINAL DE 90 A 120 M3/H, SEM SILO - JUROS. AF_07/2016","H",9.59]
[95118,"USINA MISTURADORA DE SOLOS, CAPACIDADE DE 200 A 500 TON/H, POTENCIA 75KW - DEPRECIAÇÃO. AF_07/2016","H",33.01]
[95119,"USINA MISTURADORA DE SOLOS, CAPACIDADE DE 200 A 500 TON/H, POTENCIA 75KW - JUROS. AF_07/2016","H",11.3]
[95120,"USINA MISTURADORA DE SOLOS, CAPACIDADE DE 200 A 500 TON/H, POTENCIA 75KW - MATERIAIS NA OPERAÇÃO. AF_07/2016","H",50.36]
[95123,"DISTRIBUIDOR DE AGREGADOS AUTOPROPELIDO, CAP 3 M3, A DIESEL, POTÊNCIA 176CV - DEPRECIAÇÃO. AF_07/2016","H",11.4]
[95124,"DISTRIBUIDOR DE AGREGADOS AUTOPROPELIDO, C/AP 3 M3, A DIESEL, POTÊNCIA 176CV - JUROS. AF_07/2016","H",3.41]
[95125,"DISTRIBUIDOR DE AGREGADOS AUTOPROPELIDO, CAP 3 M3, A DIESEL, POTÊNCIA 176CV - MANUTENÇÃO. AF_07/2016","H",12.47]
[95126,"DISTRIBUIDOR DE AGREGADOS AUTOPROPELIDO, CAP 3 M3, A DIESEL, POTÊNCIA 176CV \u0096 MATERIAIS NA OPERAÇÃO. AF_07/2016","H",81.38]
[95129,"MÁQUINA DEMARCADORA DE FAIXA DE TRÁFEGO À FRIO, AUTOPROPELIDA, POTÊNCIA 38 HP - DEPRECIAÇÃO. AF_07/2016","H",20.23]
[95130,"MÁQUINA DEMARCADORA DE FAIXA DE TRÁFEGO À FRIO, AUTOPROPELIDA, POTÊNCIA 38 HP - JUROS. AF_07/2016","H",7.08]
[95131,"MÁQUINA DEMARCADORA DE FAIXA DE TRÁFEGO À FRIO, AUTOPROPELIDA, POTÊNCIA 38 HP - MANUTENÇÃO. AF_07/2016","H",37.94]
[95132,"MÁQUINA DEMARCADORA DE FAIXA DE TRÁFEGO À FRIO, AUTOPROPELIDA, POTÊNCIA 38 HP - MATERIAIS NA OPERAÇÃO. AF_07/2016","H",17.79]
[95136,"TALHA MANUAL DE CORRENTE, CAPACIDADE DE 2 TON. COM ELEVAÇÃO DE 3 M - DEPRECIAÇÃO. AF_07/2016","H",0.03]
[95137,"TALHA MANUAL DE CORRENTE, CAPACIDADE DE 2 TON. COM ELEVAÇÃO DE 3 M - JUROS. AF_07/2016","H",0.01]
[95138,"TALHA MANUAL DE CORRENTE, CAPACIDADE DE 2 TON. COM ELEVAÇÃO DE 3 M - MANUTENÇÃO. AF_07/2016","H",0.02]
[95208,"GRUA ASCENCIONAL, LANÇA DE 42 M, CAPACIDADE DE 1,5 T A 30 M, ALTURA ATÉ 39 M \u0096 DEPRECIAÇÃO. AF_08/2016","H",25.3]
[95209,"GRUA ASCENCIONAL, LANCA DE 42 M, CAPACIDADE DE 1,5 T A 30 M, ALTURA ATE 39 M \u0096 JUROS. AF_08/2016","H",5.69]
[95210,"GRUA ASCENCIONAL, LANCA DE 42 M, CAPACIDADE DE 1,5 T A 30 M, ALTURA ATE 39 M \u0096 MANUTENÇÃO. AF_08/2016","H",27.67]
[95211,"GRUA ASCENCIONAL, LANCA DE 42 M, CAPACIDADE DE 1,5 T A 30 M, ALTURA ATE 39 M \u0096 MATERIAIS NA OPERAÇÃO. AF_08/2016","H",7.38]
[95214,"PULVERIZADOR DE TINTA ELÉTRICO/MÁQUINA DE PINTURA AIRLESS, VAZÃO 2 L/MIN - DEPRECIAÇÃO. AF_08/2016","H",0.44]
[95215,"PULVERIZADOR DE TINTA ELÉTRICO/MÁQUINA DE PINTURA AIRLESS, VAZÃO 2 L/MIN - JUROS. AF_08/2016","H",0.08]
[95216,"PULVERIZADOR DE TINTA ELÉTRICO/MÁQUINA DE PINTURA AIRLESS, VAZÃO 2 L/MIN - MANUTENÇÃO. AF_08/2016","H",0.31]
[95217,"PULVERIZADOR DE TINTA ELÉTRICO/MÁQUINA DE PINTURA AIRLESS, VAZÃO 2 L/MIN - MATERIAIS NA OPERAÇÃO. AF_08/2016","H",0.49]
[95255,"MARTELO DEMOLIDOR PNEUMÁTICO MANUAL, 32 KG - DEPRECIAÇÃO. AF_09/2016","H",0.75]
[95256,"MARTELO DEMOLIDOR PNEUMÁTICO MANUAL, 32 KG - JUROS. AF_09/2016","H",0.17]
[95257,"MARTELO DEMOLIDOR PNEUMÁTICO MANUAL, 32 KG - MANUTENÇÃO. AF_09/2016","H",0.94]
[95260,"COMPACTADOR DE SOLOS DE PERCUSÃO (SOQUETE) COM MOTOR A GASOLINA, POTÊNCIA 3 CV - DEPRECIAÇÃO. AF_09/2016","H",0.75]
[95261,"COMPACTADOR DE SOLOS DE PERCUSÃO (SOQUETE) COM MOTOR A GASOLINA, POTÊNCIA 3 CV - JUROS. AF_09/2016","H",0.16]
[95262,"COMPACTADOR DE SOLOS DE PERCUSÃO (SOQUETE) COM MOTOR A GASOLINA, POTÊNCIA 3 CV - MANUTENÇÃO. AF_09/2016","H",0.78]
[95263,"COMPACTADOR DE SOLOS DE PERCUSÃO (SOQUETE) COM MOTOR A GASOLINA, POTÊNCIA 3 CV - MATERIAIS NA OPERAÇÃO. AF_09/2016","H",2.1]
[95266,"RÉGUA VIBRATÓRIA DUPLA PARA CONCRETO, PESO DE 60KG, COMPRIMENTO 4 M, COM MOTOR A GASOLINA, POTÊNCIA 5,5 HP - DEPRECIAÇÃO. AF_09/2016","H",0.41]
[95267,"RÉGUA VIBRATÓRIA DUPLA PARA CONCRETO, PESO DE 60KG, COMPRIMENTO 4 M, COM MOTOR A GASOLINA, POTÊNCIA 5,5 HP - JUROS. AF_09/2016","H",0.08]
[95268,"RÉGUA VIBRATÓRIA DUPLA PARA CONCRETO, PESO DE 60KG, COMPRIMENTO 4 M, COM MOTOR A GASOLINA, POTÊNCIA 5,5 HP - MANUTENÇÃO. AF_09/2016","H",0.4]
[95269,"RÉGUA VIBRATÓRIA DUPLA PARA CONCRETO, PESO DE 60KG, COMPRIMENTO 4 M, COM MOTOR A GASOLINA, POTÊNCIA 5,5 HP \u0096 MATERIAIS NA OPERAÇÃO. AF_09/2016","H",3.91]
[95272,"POLIDORA DE PISO (POLITRIZ), PESO DE 100KG, DIÂMETRO 450 MM, MOTOR ELÉTRICO, POTÊNCIA 4 HP - DEPRECIAÇÃO. AF_09/2016","H",0.4]
[95273,"POLIDORA DE PISO (POLITRIZ), PESO DE 100KG, DIÂMETRO 450 MM, MOTOR ELÉTRICO, POTÊNCIA 4 HP - JUROS. AF_09/2016","H",0.09]
[95274,"POLIDORA DE PISO (POLITRIZ), PESO DE 100KG, DIÂMETRO 450 MM, MOTOR ELÉTRICO, POTÊNCIA 4 HP - MANUTENÇÃO. AF_09/2016","H",0.31]
[95275,"POLIDORA DE PISO (POLITRIZ), PESO DE 100KG, DIÂMETRO 450 MM, MOTOR ELÉTRICO, POTÊNCIA 4 HP \u0096 MATERIAIS NA OPERAÇÃO. AF_09/2016","H",2]
[95278,"DESEMPENADEIRA DE CONCRETO, PESO DE 75KG, 4 PÁS, MOTOR A GASOLINA, POTÊNCIA 5,5 HP - DEPRECIAÇÃO. AF_09/2016","H",0.43]
[95279,"DESEMPENADEIRA DE CONCRETO, PESO DE 75KG, 4 PÁS, MOTOR A GASOLINA, POTÊNCIA 5,5 HP - JUROS. AF_09/2016","H",0.09]
[95280,"DESEMPENADEIRA DE CONCRETO, PESO DE 75KG, 4 PÁS, MOTOR A GASOLINA, POTÊNCIA 5,5 HP - MANUTENÇÃO. AF_09/2016","H",0.34]
[95281,"DESEMPENADEIRA DE CONCRETO, PESO DE 75KG, 4 PÁS, MOTOR A GASOLINA, POTÊNCIA 5,5 HP \u0096 MATERIAIS NA OPERAÇÃO. AF_09/2016","H",3.91]
[95617,"PERFURATRIZ PNEUMATICA MANUAL DE PESO MEDIO, MARTELETE, 18KG, COMPRIMENTO MÁXIMO DE CURSO DE 6 M, DIAMETRO DO PISTAO DE 5,5 CM - DEPRECIAÇÃO. AF_11/2016","H",0.62]
[95618,"PERFURATRIZ PNEUMATICA MANUAL DE PESO MEDIO, MARTELETE, 18KG, COMPRIMENTO MÁXIMO DE CURSO DE 6 M, DIAMETRO DO PISTAO DE 5,5 CM - JUROS. AF_11/2016","H",0.13]
[95619,"PERFURATRIZ PNEUMATICA MANUAL DE PESO MEDIO, MARTELETE, 18KG, COMPRIMENTO MÁXIMO DE CURSO DE 6 M, DIAMETRO DO PISTAO DE 5,5 CM - MANUTENÇÃO. AF_11/2016","H",0.77]
[95627,"ROLO COMPACTADOR VIBRATORIO TANDEM, ACO LISO, POTENCIA 125 HP, PESO SEM/COM LASTRO 10,20/11,65 T, LARGURA DE TRABALHO 1,73 M - DEPRECIAÇÃO. AF_11/2016","H",22.72]
[95628,"ROLO COMPACTADOR VIBRATORIO TANDEM, ACO LISO, POTENCIA 125 HP, PESO SEM/COM LASTRO 10,20/11,65 T, LARGURA DE TRABALHO 1,73 M - JUROS. AF_11/2016","H",5.96]
[95629,"ROLO COMPACTADOR VIBRATORIO TANDEM, ACO LISO, POTENCIA 125 HP, PESO SEM/COM LASTRO 10,20/11,65 T, LARGURA DE TRABALHO 1,73 M - MANUTENÇÃO. AF_11/2016","H",28.43]
[95630,"ROLO COMPACTADOR VIBRATORIO TANDEM, ACO LISO, POTENCIA 125 HP, PESO SEM/COM LASTRO 10,20/11,65 T, LARGURA DE TRABALHO 1,73 M - MATERIAIS NA OPERAÇÃO. AF_11/2016","H",58.59]
[95698,"PERFURATRIZ MANUAL, TORQUE MAXIMO 55 KGF.M, POTENCIA 5 CV, COM DIAMETRO MAXIMO 8 1/2\" - DEPRECIAÇÃO. AF_11/2016","H",2.51]
[95699,"PERFURATRIZ MANUAL, TORQUE MAXIMO 55 KGF.M, POTENCIA 5 CV, COM DIAMETRO MAXIMO 8 1/2\" - JUROS. AF_11/2016","H",0.56]
[95700,"PERFURATRIZ MANUAL, TORQUE MAXIMO 55 KGF.M, POTENCIA 5 CV, COM DIAMETRO MAXIMO 8 1/2\" - MANUTENÇÃO. AF_11/2016","H",3.14]
[95701,"PERFURATRIZ MANUAL, TORQUE MAXIMO 55 KGF.M, POTENCIA 5 CV, COM DIAMETRO MAXIMO 8 1/2\" - MATERIAIS NA OPERAÇÃO. AF_11/2016","H",2.47]
[95704,"PERFURATRIZ SOBRE ESTEIRA, TORQUE MÁXIMO 600 KGF, POTÊNCIA ENTRE 50 E 60 HP, DIÂMETRO MÁXIMO 10\u0094 - DEPRECIAÇÃO. AF_11/2016","H",22.13]
[95705,"PERFURATRIZ SOBRE ESTEIRA, TORQUE MÁXIMO 600 KGF, POTÊNCIA ENTRE 50 E 60 HP, DIÂMETRO MÁXIMO 10\u0094 - JUROS. AF_11/2016","H",5.81]
[95706,"PERFURATRIZ SOBRE ESTEIRA, TORQUE MÁXIMO 600 KGF, POTÊNCIA ENTRE 50 E 60 HP, DIÂMETRO MÁXIMO 10\u0094 - MANUTENÇÃO. AF_11/2016","H",27.7]
[95707,"PERFURATRIZ SOBRE ESTEIRA, TORQUE MÁXIMO 600 KGF, POTÊNCIA ENTRE 50 E 60 HP, DIÂMETRO MÁXIMO 10\u0094 - MATERIAIS NA OPERAÇÃO. AF_11/2016","H",27.55]
[95710,"ESCAVADEIRA HIDRAULICA SOBRE ESTEIRA, COM GARRA GIRATORIA DE MANDIBULAS, PESO OPERACIONAL ENTRE 22,00 E 25,50 TON, POTENCIA LIQUIDA ENTRE 150 E 160 HP - DEPRECIAÇÃO. AF_11/2016","H",26.6]
[95711,"ESCAVADEIRA HIDRAULICA SOBRE ESTEIRA, COM GARRA GIRATORIA DE MANDIBULAS, PESO OPERACIONAL ENTRE 22,00 E 25,50 TON, POTENCIA LIQUIDA ENTRE 150 E 160 HP - JUROS. AF_11/2016","H",6.84]
[95712,"ESCAVADEIRA HIDRAULICA SOBRE ESTEIRA, COM GARRA GIRATORIA DE MANDIBULAS, PESO OPERACIONAL ENTRE 22,00 E 25,50 TON, POTENCIA LIQUIDA ENTRE 150 E 160 HP - MANUTENÇÃO. AF_11/2016","H",33.26]
[95713,"ESCAVADEIRA HIDRAULICA SOBRE ESTEIRA, COM GARRA GIRATORIA DE MANDIBULAS, PESO OPERACIONAL ENTRE 22,00 E 25,50 TON, POTENCIA LIQUIDA ENTRE 150 E 160 HP - MATERIAIS NA OPERAÇÃO. AF_11/2016","H",72.62]
[95716,"ESCAVADEIRA HIDRAULICA SOBRE ESTEIRA, EQUIPADA COM CLAMSHELL, COM CAPACIDADE DA CAÇAMBA ENTRE 1,20 E 1,50 M3, PESO OPERACIONAL ENTRE 20,00 E 22,00 TON, POTENCIA LIQUIDA ENTRE 150 E 160 HP - DEPRECIAÇÃO. AF_11/2016","H",25.61]
[95717,"ESCAVADEIRA HIDRAULICA SOBRE ESTEIRA, EQUIPADA COM CLAMSHELL, COM CAPACIDADE DA CAÇAMBA ENTRE 1,20 E 1,50 M3, PESO OPERACIONAL ENTRE 20,00 E 22,00 TON, POTENCIA LIQUIDA ENTRE 150 E 160 HP - JUROS. AF_11/2016","H",6.58]
[95718,"ESCAVADEIRA HIDRAULICA SOBRE ESTEIRA, EQUIPADA COM CLAMSHELL, COM CAPACIDADE DA CAÇAMBA ENTRE 1,20 E 1,50 M3, PESO OPERACIONAL ENTRE 20,00 E 22,00 TON, POTENCIA LIQUIDA ENTRE 150 E 160 HP - MANUTENÇÃO. AF_11/2016","H",32.02]
[95719,"ESCAVADEIRA HIDRAULICA SOBRE ESTEIRA, EQUIPADA COM CLAMSHELL, COM CAPACIDADE DA CAÇAMBA ENTRE 1,20 E 1,50 M3, PESO OPERACIONAL ENTRE 20,00 E 22,00 TON, POTENCIA LIQUIDA ENTRE 150 E 160 HP - MATERIAIS NA OPERAÇÃO. AF_11/2016","H",72.62]
[95869,"GRUPO GERADOR COM CARENAGEM, MOTOR DIESEL POTÊNCIA STANDART ENTRE 250 E 260 KVA - JUROS. AF_12/2016","H",2]
[95870,"GRUPO GERADOR COM CARENAGEM, MOTOR DIESEL POTÊNCIA STANDART ENTRE 250 E 260 KVA - MANUTENÇÃO. AF_12/2016","H",5.23]
[95871,"GRUPO GERADOR COM CARENAGEM, MOTOR DIESEL POTÊNCIA STANDART ENTRE 250 E 260 KVA - MATERIAIS NA OPERAÇÃO. AF_12/2016","H",150.9]
[95874,"GRUPO GERADOR COM CARENAGEM, MOTOR DIESEL POTÊNCIA STANDART ENTRE 250 E 260 KVA - DEPRECIAÇÃO. AF_12/2016","H",5.86]
[96008,"TRATOR DE PNEUS COM POTÊNCIA DE 122 CV, TRAÇÃO 4X4, COM VASSOURA MECÂNICA ACOPLADA - DEPRECIAÇÃO. AF_02/2017","H",10.69]
[96009,"TRATOR DE PNEUS COM POTÊNCIA DE 122 CV, TRAÇÃO 4X4, COM VASSOURA MECÂNICA ACOPLADA - JUROS. AF_02/2017","H",2.8]
[96011,"TRATOR DE PNEUS COM POTÊNCIA DE 122 CV, TRAÇÃO 4X4, COM VASSOURA MECÂNICA ACOPLADA - MANUTENÇÃO. AF_02/2017","H",11.69]
[96012,"TRATOR DE PNEUS COM POTÊNCIA DE 122 CV, TRAÇÃO 4X4, COM VASSOURA MECÂNICA ACOPLADA - MATERIAIS NA OPERAÇÃO. AF_02/2017","H",56.39]
[96015,"TRATOR DE PNEUS COM POTÊNCIA DE 122 CV, TRAÇÃO 4X4, COM GRADE DE DISCOS ACOPLADA - DEPRECIAÇÃO. AF_02/2017","H",10.57]
[96016,"TRATOR DE PNEUS COM POTÊNCIA DE 122 CV, TRAÇÃO 4X4, COM GRADE DE DISCOS ACOPLADA - JUROS. AF_02/2017","H",2.77]
[96018,"TRATOR DE PNEUS COM POTÊNCIA DE 122 CV, TRAÇÃO 4X4, COM GRADE DE DISCOS ACOPLADA - MANUTENÇÃO. AF_02/2017","H",11.56]
[96019,"TRATOR DE PNEUS COM POTÊNCIA DE 122 CV, TRAÇÃO 4X4, COM GRADE DE DISCOS ACOPLADA - MATERIAIS NA OPERAÇÃO. AF_02/2017","H",56.39]
[96023,"TRATOR DE PNEUS COM POTÊNCIA DE 85 CV, TRAÇÃO 4X4, COM GRADE DE DISCOS ACOPLADA - DEPRECIAÇÃO. AF_02/2017","H",8.27]
[96024,"TRATOR DE PNEUS COM POTÊNCIA DE 85 CV, TRAÇÃO 4X4, COM GRADE DE DISCOS ACOPLADA - JUROS. AF_02/2017","H",2.17]
[96026,"TRATOR DE PNEUS COM POTÊNCIA DE 85 CV, TRAÇÃO 4X4, COM GRADE DE DISCOS ACOPLADA - MANUTENÇÃO. AF_02/2017","H",9.05]
[96027,"TRATOR DE PNEUS COM POTÊNCIA DE 85 CV, TRAÇÃO 4X4, COM GRADE DE DISCOS ACOPLADA - MATERIAIS NA OPERAÇÃO. AF_02/2017","H",39.29]
[96030,"CAMINHÃO BASCULANTE 10 M3, TRUCADO, POTÊNCIA 230 CV, INCLUSIVE CAÇAMBA METÁLICA, COM DISTRIBUIDOR DE AGREGADOS ACOPLADO - DEPRECIAÇÃO. AF_02/2017","H",13.59]
[96031,"CAMINHÃO BASCULANTE 10 M3, TRUCADO, POTÊNCIA 230 CV, INCLUSIVE CAÇAMBA METÁLICA, COM DISTRIBUIDOR DE AGREGADOS ACOPLADO - JUROS. AF_02/2017","H",4.75]
[96032,"CAMINHÃO BASCULANTE 10 M3, TRUCADO, POTÊNCIA 230 CV, INCLUSIVE CAÇAMBA METÁLICA, COM DISTRIBUIDOR DE AGREGADOS ACOPLADO - IMPOSTOS E SEGUROS. AF_02/2017","H",0.97]
[96033,"CAMINHÃO BASCULANTE 10 M3, TRUCADO, POTÊNCIA 230 CV, INCLUSIVE CAÇAMBA METÁLICA, COM DISTRIBUIDOR DE AGREGADOS ACOPLADO - MANUTENÇÃO. AF_02/2017","H",25.5]
[96034,"CAMINHÃO BASCULANTE 10 M3, TRUCADO, POTÊNCIA 230 CV, INCLUSIVE CAÇAMBA METÁLICA, COM DISTRIBUIDOR DE AGREGADOS ACOPLADO - MATERIAIS NA OPERAÇÃO. AF_02/2017","H",106.34]
[96053,"TRATOR DE PNEUS COM POTÊNCIA DE 85 CV, TRAÇÃO 4X4, COM VASSOURA MECÂNICA ACOPLADA - DEPRECIAÇÃO. AF_03/2017","H",8.39]
[96054,"MINICARREGADEIRA SOBRE RODAS POTENCIA 47HP CAPACIDADE OPERACAO 646 KG, COM VASSOURA MECÂNICA ACOPLADA - DEPRECIAÇÃO. AF_03/2017","H",14.97]
[96055,"TRATOR DE PNEUS COM POTÊNCIA DE 85 CV, TRAÇÃO 4X4, COM VASSOURA MECÂNICA ACOPLADA - JUROS. AF_03/2017","H",2.2]
[96056,"TRATOR DE PNEUS COM POTÊNCIA DE 85 CV, TRAÇÃO 4X4, COM VASSOURA MECÂNICA ACOPLADA - MANUTENÇÃO. AF_03/2017","H",9.18]
[96057,"TRATOR DE PNEUS COM POTÊNCIA DE 85 CV, TRAÇÃO 4X4, COM VASSOURA MECÂNICA ACOPLADA - MATERIAIS NA OPERAÇÃO. AF_03/2017","H",39.29]
[96060,"MINICARREGADEIRA SOBRE RODAS POTENCIA 47HP CAPACIDADE OPERACAO 646 KG, COM VASSOURA MECÂNICA ACOPLADA - JUROS. AF_03/2017","H",2.88]
[96061,"MINICARREGADEIRA SOBRE RODAS POTENCIA 47HP CAPACIDADE OPERACAO 646 KG, COM VASSOURA MECÂNICA ACOPLADA - MANUTENÇÃO. AF_03/2017","H",18.72]
[96062,"MINICARREGADEIRA SOBRE RODAS POTENCIA 47HP CAPACIDADE OPERACAO 646 KG, COM VASSOURA MECÂNICA ACOPLADA - MATERIAIS NA OPERAÇÃO. AF_03/2017","H",22.02]
[96241,"MINIESCAVADEIRA SOBRE ESTEIRAS, POTENCIA LIQUIDA DE *30* HP, PESO OPERACIONAL DE *3.500* KG - DEPRECIACAO. AF_04/2017","H",12.54]
[96242,"MINIESCAVADEIRA SOBRE ESTEIRAS, POTENCIA LIQUIDA DE *30* HP, PESO OPERACIONAL DE *3.500* KG - JUROS. AF_04/2017","H",3.22]
[96243,"MINIESCAVADEIRA SOBRE ESTEIRAS, POTENCIA LIQUIDA DE *30* HP, PESO OPERACIONAL DE *3.500* KG - MANUTENCAO. AF_04/2017","H",15.67]
[96244,"MINIESCAVADEIRA SOBRE ESTEIRAS, POTENCIA LIQUIDA DE *30* HP, PESO OPERACIONAL DE *3.500* KG - MATERIAIS NA OPERACAO. AF_04/2017","H",14.06]
[96298,"PERFURATRIZ ROTATIVA SOBRE ESTEIRA, TORQUE MAXIMO 2500 KGM, POTENCIA 110 HP, MOTOR DIESEL - DEPRECIAÇÃO. AF_05/2017","H",34.56]
[96299,"PERFURATRIZ ROTATIVA SOBRE ESTEIRA, TORQUE MAXIMO 2500 KGM, POTENCIA 110 HP, MOTOR DIESEL - JUROS. AF_05/2017","H",9.07]
[96300,"PERFURATRIZ ROTATIVA SOBRE ESTEIRA, TORQUE MAXIMO 2500 KGM, POTENCIA 110 HP, MOTOR DIESEL - MANUTENÇÃO. AF_05/2017","H",43.25]
[96301,"PERFURATRIZ ROTATIVA SOBRE ESTEIRA, TORQUE MAXIMO 2500 KGM, POTENCIA 110 HP, MOTOR DIESEL - MATERIAIS NA OPERAÇÃO. AF_05/2017","H",51.54]
[96304,"COMPRESSOR DE AR, VAZAO DE 10 PCM, RESERVATORIO 100 L, PRESSAO DE TRABALHO ENTRE 6,9 E 9,7 BAR,  POTENCIA 2 HP, TENSAO 110/220 V - DEPRECIAÇÃO. AF_05/2017","H",0.09]
[96305,"COMPRESSOR DE AR, VAZAO DE 10 PCM, RESERVATORIO 100 L, PRESSAO DE TRABALHO ENTRE 6,9 E 9,7 BAR,  POTENCIA 2 HP, TENSAO 110/220 V - JUROS. AF_05/2017","H",0.02]
[96306,"COMPRESSOR DE AR, VAZAO DE 10 PCM, RESERVATORIO 100 L, PRESSAO DE TRABALHO ENTRE 6,9 E 9,7 BAR,  POTENCIA 2 HP, TENSAO 110/220 V - MANUTENÇÃO. AF_05/2017","H",0.12]
[96307,"COMPRESSOR DE AR, VAZAO DE 10 PCM, RESERVATORIO 100 L, PRESSAO DE TRABALHO ENTRE 6,9 E 9,7 BAR, POTENCIA 2 HP, TENSAO 110/220 V - MATERIAIS NA OPERAÇÃO. AF_05/2017","H",1]
[96457,"ROLO COMPACTADOR DE PNEUS, ESTATICO, PRESSAO VARIAVEL, POTENCIA 110 HP, PESO SEM/COM LASTRO 10,8/27 T, LARGURA DE ROLAGEM 2,30 M - MATERIAIS NA OPERACAO. AF_06/2017","H",51.54]
[96458,"ROLO COMPACTADOR DE PNEUS, ESTATICO, PRESSAO VARIAVEL, POTENCIA 110 HP, PESO SEM/COM LASTRO 10,8/27 T, LARGURA DE ROLAGEM 2,30 M - MANUTENCAO. AF_06/2017","H",31.53]
[96459,"ROLO COMPACTADOR DE PNEUS, ESTATICO, PRESSAO VARIAVEL, POTENCIA 110 HP, PESO SEM/COM LASTRO 10,8/27 T, LARGURA DE ROLAGEM 2,30 M - JUROS. AF_06/2017","H",6.61]
[96460,"ROLO COMPACTADOR DE PNEUS, ESTATICO, PRESSAO VARIAVEL, POTENCIA 110 HP, PESO SEM/COM LASTRO 10,8/27 T, LARGURA DE ROLAGEM 2,30 M - DEPRECIAÇÃO. AF_06/2017","H",25.2]
[98760,"INVERSOR DE SOLDA MONOFÁSICO DE 160 A, POTÊNCIA DE 5400 W, TENSÃO DE 220 V, PARA SOLDA COM ELETRODOS DE 2,0 A 4,0 MM E PROCESSO TIG - DEPRECIAÇÃO. AF_06/2018","H",0.06]
[98761,"INVERSOR DE SOLDA MONOFÁSICO DE 160 A, POTÊNCIA DE 5400 W, TENSÃO DE 220 V, PARA SOLDA COM ELETRODOS DE 2,0 A 4,0 MM E PROCESSO TIG - JUROS. AF_06/2018","H",0.01]
[98762,"INVERSOR DE SOLDA MONOFÁSICO DE 160 A, POTÊNCIA DE 5400 W, TENSÃO DE 220 V, PARA SOLDA COM ELETRODOS DE 2,0 A 4,0 MM E PROCESSO TIG - MANUTENÇÃO. AF_06/2018","H",0.07]
[98763,"INVERSOR DE SOLDA MONOFÁSICO DE 160 A, POTÊNCIA DE 5400 W, TENSÃO DE 220 V, PARA SOLDA COM ELETRODOS DE 2,0 A 4,0 MM E PROCESSO TIG - MATERIAIS NA OPERAÇÃO. AF_06/2018","H",3.62]
[55960,"IMUNIZACAO DE MADEIRAMENTO PARA COBERTURA UTILIZANDO CUPINICIDA INCOLOR","M2",5.54]
[72085,"RECOLOCACAO DE RIPAS EM MADEIRAMENTO DE TELHADO, CONSIDERANDO REAPROVEITAMENTO DE MATERIAL","M",2.2]
[72086,"RECOLOCACAO DE MADEIRAMENTO DO TELHADO - CAIBROS, CONSIDERANDO REAPROVEITAMENTO DE MATERIAL","M",6.72]
[92259,"INSTALAÇÃO DE TESOURA (INTEIRA OU MEIA), BIAPOIADA, EM MADEIRA NÃO APARELHADA, PARA VÃOS MAIORES OU IGUAIS A 3,0 M E MENORES QUE 6,0 M, INCLUSO IÇAMENTO. AF_12/2015","UN",312.16]
[92260,"INSTALAÇÃO DE TESOURA (INTEIRA OU MEIA), BIAPOIADA, EM MADEIRA NÃO APARELHADA, PARA VÃOS MAIORES OU IGUAIS A 6,0 M E MENORES QUE 8,0 M, INCLUSO IÇAMENTO. AF_12/2015","UN",369.25]
[92261,"INSTALAÇÃO DE TESOURA (INTEIRA OU MEIA), BIAPOIADA, EM MADEIRA NÃO APARELHADA, PARA VÃOS MAIORES OU IGUAIS A 8,0 M E MENORES QUE 10,0 M, INCLUSO IÇAMENTO. AF_12/2015","UN",424.59]
[92262,"INSTALAÇÃO DE TESOURA (INTEIRA OU MEIA), BIAPOIADA, EM MADEIRA NÃO APARELHADA, PARA VÃOS MAIORES OU IGUAIS A 10,0 M E MENORES QUE 12,0 M, INCLUSO IÇAMENTO. AF_12/2015","UN",513.69]
[92539,"TRAMA DE MADEIRA COMPOSTA POR RIPAS, CAIBROS E TERÇAS PARA TELHADOS DE ATÉ 2 ÁGUAS PARA TELHA DE ENCAIXE DE CERÂMICA OU DE CONCRETO, INCLUSO TRANSPORTE VERTICAL. AF_12/2015","M2",50.08]
[92540,"TRAMA DE MADEIRA COMPOSTA POR RIPAS, CAIBROS E TERÇAS PARA TELHADOS DE MAIS QUE 2 ÁGUAS PARA TELHA DE ENCAIXE DE CERÂMICA OU DE CONCRETO, INCLUSO TRANSPORTE VERTICAL. AF_12/2015","M2",58.44]
[92541,"TRAMA DE MADEIRA COMPOSTA POR RIPAS, CAIBROS E TERÇAS PARA TELHADOS DE ATÉ 2 ÁGUAS PARA TELHA CERÂMICA CAPA-CANAL, INCLUSO TRANSPORTE VERTICAL. AF_12/2015","M2",54.36]
[92542,"TRAMA DE MADEIRA COMPOSTA POR RIPAS, CAIBROS E TERÇAS PARA TELHADOS DE MAIS QUE 2 ÁGUAS PARA TELHA CERÂMICA CAPA-CANAL, INCLUSO TRANSPORTE VERTICAL. AF_12/2015","M2",67.57]
[92543,"TRAMA DE MADEIRA COMPOSTA POR TERÇAS PARA TELHADOS DE ATÉ 2 ÁGUAS PARA TELHA ONDULADA DE FIBROCIMENTO, METÁLICA, PLÁSTICA OU TERMOACÚSTICA, INCLUSO TRANSPORTE VERTICAL. AF_12/2015","M2",14.1]
[92544,"TRAMA DE MADEIRA COMPOSTA POR TERÇAS PARA TELHADOS DE ATÉ 2 ÁGUAS PARA TELHA ESTRUTURAL DE FIBROCIMENTO, INCLUSO TRANSPORTE VERTICAL. AF_12/2015","M2",11.91]
[92545,"FABRICAÇÃO E INSTALAÇÃO DE TESOURA INTEIRA EM MADEIRA NÃO APARELHADA, VÃO DE 3 M, PARA TELHA CERÂMICA OU DE CONCRETO, INCLUSO IÇAMENTO. AF_12/2015","UN",696.12]
[92546,"FABRICAÇÃO E INSTALAÇÃO DE TESOURA INTEIRA EM MADEIRA NÃO APARELHADA, VÃO DE 4 M, PARA TELHA CERÂMICA OU DE CONCRETO, INCLUSO IÇAMENTO. AF_12/2015","UN",860.13]
[92547,"FABRICAÇÃO E INSTALAÇÃO DE TESOURA INTEIRA EM MADEIRA NÃO APARELHADA, VÃO DE 5 M, PARA TELHA CERÂMICA OU DE CONCRETO, INCLUSO IÇAMENTO. AF_12/2015","UN",897.68]
[92548,"FABRICAÇÃO E INSTALAÇÃO DE TESOURA INTEIRA EM MADEIRA NÃO APARELHADA, VÃO DE 6 M, PARA TELHA CERÂMICA OU DE CONCRETO, INCLUSO IÇAMENTO. AF_12/2015","UN",996.91]
[92549,"FABRICAÇÃO E INSTALAÇÃO DE TESOURA INTEIRA EM MADEIRA NÃO APARELHADA, VÃO DE 7 M, PARA TELHA CERÂMICA OU DE CONCRETO, INCLUSO IÇAMENTO. AF_12/2015","UN",1282.71]
[92550,"FABRICAÇÃO E INSTALAÇÃO DE TESOURA INTEIRA EM MADEIRA NÃO APARELHADA, VÃO DE 8 M, PARA TELHA CERÂMICA OU DE CONCRETO, INCLUSO IÇAMENTO. AF_12/2015","UN",1525.82]
[92551,"FABRICAÇÃO E INSTALAÇÃO DE TESOURA INTEIRA EM MADEIRA NÃO APARELHADA, VÃO DE 9 M, PARA TELHA CERÂMICA OU DE CONCRETO, INCLUSO IÇAMENTO. AF_12/2015","UN",1575.58]
[92552,"FABRICAÇÃO E INSTALAÇÃO DE TESOURA INTEIRA EM MADEIRA NÃO APARELHADA, VÃO DE 10 M, PARA TELHA CERÂMICA OU DE CONCRETO, INCLUSO IÇAMENTO. AF_12/2015","UN",1721.9]
[92553,"FABRICAÇÃO E INSTALAÇÃO DE TESOURA INTEIRA EM MADEIRA NÃO APARELHADA, VÃO DE 11 M, PARA TELHA CERÂMICA OU DE CONCRETO, INCLUSO IÇAMENTO. AF_12/2015","UN",2013.58]
[92554,"FABRICAÇÃO E INSTALAÇÃO DE TESOURA INTEIRA EM MADEIRA NÃO APARELHADA, VÃO DE 12 M, PARA TELHA CERÂMICA OU DE CONCRETO, INCLUSO IÇAMENTO. AF_12/2015","UN",2070.17]
[92555,"FABRICAÇÃO E INSTALAÇÃO DE TESOURA INTEIRA EM MADEIRA NÃO APARELHADA, VÃO DE 3 M, PARA TELHA ONDULADA DE FIBROCIMENTO, METÁLICA, PLÁSTICA OU TERMOACÚSTICA, INCLUSO IÇAMENTO. AF_12/2015","UN",688.67]
[92556,"FABRICAÇÃO E INSTALAÇÃO DE TESOURA INTEIRA EM MADEIRA NÃO APARELHADA, VÃO DE 4 M, PARA TELHA ONDULADA DE FIBROCIMENTO, METÁLICA, PLÁSTICA OU TERMOACÚSTICA, INCLUSO IÇAMENTO. AF_12/2015","UN",847.82]
[92557,"FABRICAÇÃO E INSTALAÇÃO DE TESOURA INTEIRA EM MADEIRA NÃO APARELHADA, VÃO DE 5 M, PARA TELHA ONDULADA DE FIBROCIMENTO, METÁLICA, PLÁSTICA OU TERMOACÚSTICA, INCLUSO IÇAMENTO. AF_12/2015","UN",885.37]
[92558,"FABRICAÇÃO E INSTALAÇÃO DE TESOURA INTEIRA EM MADEIRA NÃO APARELHADA, VÃO DE 6 M, PARA TELHA ONDULADA DE FIBROCIMENTO, METÁLICA, PLÁSTICA OU TERMOACÚSTICA, INCLUSO IÇAMENTO. AF_12/2015","UN",992.33]
[92559,"FABRICAÇÃO E INSTALAÇÃO DE TESOURA INTEIRA EM MADEIRA NÃO APARELHADA, VÃO DE 7 M, PARA TELHA ONDULADA DE FIBROCIMENTO, METÁLICA, PLÁSTICA OU TERMOACÚSTICA, INCLUSO IÇAMENTO. AF_12/2015","UN",1269.59]
[92560,"FABRICAÇÃO E INSTALAÇÃO DE TESOURA INTEIRA EM MADEIRA NÃO APARELHADA, VÃO DE 8 M, PARA TELHA ONDULADA DE FIBROCIMENTO, METÁLICA, PLÁSTICA OU TERMOACÚSTICA, INCLUSO IÇAMENTO. AF_12/2015","UN",1505.81]
[92561,"FABRICAÇÃO E INSTALAÇÃO DE TESOURA INTEIRA EM MADEIRA NÃO APARELHADA, VÃO DE 9 M, PARA TELHA ONDULADA DE FIBROCIMENTO, METÁLICA, PLÁSTICA OU TERMOACÚSTICA, INCLUSO IÇAMENTO. AF_12/2015","UN",1556.46]
[92562,"FABRICAÇÃO E INSTALAÇÃO DE TESOURA INTEIRA EM MADEIRA NÃO APARELHADA, VÃO DE 10 M, PARA TELHA ONDULADA DE FIBROCIMENTO, METÁLICA, PLÁSTICA OU TERMOACÚSTICA, INCLUSO IÇAMENTO. AF_12/2015","UN",1690.47]
[92563,"FABRICAÇÃO E INSTALAÇÃO DE TESOURA INTEIRA EM MADEIRA NÃO APARELHADA, VÃO DE 11 M, PARA TELHA ONDULADA DE FIBROCIMENTO, METÁLICA, PLÁSTICA OU TERMOACÚSTICA, INCLUSO IÇAMENTO. AF_12/2015","UN",1975.35]
[92564,"FABRICAÇÃO E INSTALAÇÃO DE TESOURA INTEIRA EM MADEIRA NÃO APARELHADA, VÃO DE 12 M, PARA TELHA ONDULADA DE FIBROCIMENTO, METÁLICA, PLÁSTICA OU TERMOACÚSTICA, INCLUSO IÇAMENTO. AF_12/2015","UN",2023.68]
[92565,"FABRICAÇÃO E INSTALAÇÃO DE ESTRUTURA PONTALETADA DE MADEIRA NÃO APARELHADA PARA TELHADOS COM ATÉ 2 ÁGUAS E PARA TELHA CERÂMICA OU DE CONCRETO, INCLUSO TRANSPORTE VERTICAL. AF_12/2015","M2",25.97]
[92566,"FABRICAÇÃO E INSTALAÇÃO DE ESTRUTURA PONTALETADA DE MADEIRA NÃO APARELHADA PARA TELHADOS COM ATÉ 2 ÁGUAS E PARA TELHA ONDULADA DE FIBROCIMENTO, METÁLICA, PLÁSTICA OU TERMOACÚSTICA, INCLUSO TRANSPORTE VERTICAL. AF_12/2015","M2",14.97]
[92567,"FABRICAÇÃO E INSTALAÇÃO DE ESTRUTURA PONTALETADA DE MADEIRA NÃO APARELHADA PARA TELHADOS COM MAIS QUE 2 ÁGUAS E PARA TELHA CERÂMICA OU DE CONCRETO, INCLUSO TRANSPORTE VERTICAL. AF_12/2015","M2",22.67]
[72089,"RECOLOCACAO DE TELHAS CERAMICAS TIPO FRANCESA, CONSIDERANDO REAPROVEITAMENTO DE MATERIAL","M2",12.84]
[94189,"TELHAMENTO COM TELHA DE CONCRETO DE ENCAIXE, COM ATÉ 2 ÁGUAS, INCLUSO TRANSPORTE VERTICAL. AF_06/2016","M2",34.07]
[94192,"TELHAMENTO COM TELHA DE CONCRETO DE ENCAIXE, COM MAIS DE 2 ÁGUAS, INCLUSO TRANSPORTE VERTICAL. AF_06/2016","M2",36.29]
[94195,"TELHAMENTO COM TELHA CERÂMICA DE ENCAIXE, TIPO PORTUGUESA, COM ATÉ 2 ÁGUAS, INCLUSO TRANSPORTE VERTICAL. AF_06/2016","M2",48.04]
[94198,"TELHAMENTO COM TELHA CERÂMICA DE ENCAIXE, TIPO PORTUGUESA, COM MAIS DE 2 ÁGUAS, INCLUSO TRANSPORTE VERTICAL. AF_06/2016","M2",50.98]
[94201,"TELHAMENTO COM TELHA CERÂMICA CAPA-CANAL, TIPO COLONIAL, COM ATÉ 2 ÁGUAS, INCLUSO TRANSPORTE VERTICAL. AF_06/2016","M2",67.57]
[94204,"TELHAMENTO COM TELHA CERÂMICA CAPA-CANAL, TIPO COLONIAL, COM MAIS DE 2 ÁGUAS, INCLUSO TRANSPORTE VERTICAL. AF_06/2016","M2",72.56]
[94224,"EMBOÇAMENTO COM ARGAMASSA TRAÇO 1:2:9 (CIMENTO, CAL E AREIA). AF_06/2016","M",21.35]
[94225,"ISOLAMENTO TERMOACÚSTICO COM LÃ MINERAL NA SUBCOBERTURA, INCLUSO TRANSPORTE VERTICAL. AF_06/2016","M2",21.16]
[94226,"SUBCOBERTURA COM MANTA PLÁSTICA REVESTIDA POR PELÍCULA DE ALUMÍNO, INCLUSO TRANSPORTE VERTICAL. AF_06/2016","M2",16.67]
[94232,"AMARRAÇÃO DE TELHAS CERÂMICAS OU DE CONCRETO. AF_06/2016","UN",2.31]
[94440,"TELHAMENTO COM TELHA CERÂMICA DE ENCAIXE, TIPO FRANCESA, COM ATÉ 2 ÁGUAS, INCLUSO TRANSPORTE VERTICAL. AF_06/2016","M2",48.04]
[94441,"TELHAMENTO COM TELHA CERÂMICA DE ENCAIXE, TIPO FRANCESA, COM MAIS DE 2 ÁGUAS, INCLUSO TRANSPORTE VERTICAL. AF_06/2016","M2",50.98]
[94442,"TELHAMENTO COM TELHA CERÂMICA DE ENCAIXE, TIPO ROMANA, COM ATÉ 2 ÁGUAS, INCLUSO TRANSPORTE VERTICAL. AF_06/2016","M2",48.04]
[94443,"TELHAMENTO COM TELHA CERÂMICA DE ENCAIXE, TIPO ROMANA, COM MAIS DE 2 ÁGUAS, INCLUSO TRANSPORTE VERTICAL. AF_06/2016","M2",50.98]
[94445,"TELHAMENTO COM TELHA CERÂMICA CAPA-CANAL, TIPO PLAN, COM ATÉ 2 ÁGUAS, INCLUSO TRANSPORTE VERTICAL. AF_06/2016","M2",67.57]
[94446,"TELHAMENTO COM TELHA CERÂMICA CAPA-CANAL, TIPO PLAN, COM MAIS DE 2 ÁGUAS, INCLUSO TRANSPORTE VERTICAL. AF_06/2016","M2",72.56]
[94447,"TELHAMENTO COM TELHA CERÂMICA CAPA-CANAL, TIPO PAULISTA, COM ATÉ 2 ÁGUAS, INCLUSO TRANSPORTE VERTICAL. AF_06/2016","M2",67.57]
[94448,"TELHAMENTO COM TELHA CERÂMICA CAPA-CANAL, TIPO PAULISTA, COM MAIS DE 2 ÁGUAS, INCLUSO TRANSPORTE VERTICAL. AF_06/2016","M2",72.56]
[94207,"TELHAMENTO COM TELHA ONDULADA DE FIBROCIMENTO E = 6 MM, COM RECOBRIMENTO LATERAL DE 1/4 DE ONDA PARA TELHADO COM INCLINAÇÃO MAIOR QUE 10°, COM ATÉ 2 ÁGUAS, INCLUSO IÇAMENTO. AF_06/2016","M2",37.31]
[94210,"TELHAMENTO COM TELHA ONDULADA DE FIBROCIMENTO E = 6 MM, COM RECOBRIMENTO LATERAL DE 1 1/4 DE ONDA PARA TELHADO COM INCLINAÇÃO MÁXIMA DE 10°, COM ATÉ 2 ÁGUAS, INCLUSO IÇAMENTO. AF_06/2016","M2",39.63]
[94218,"TELHAMENTO COM TELHA ESTRUTURAL DE FIBROCIMENTO E= 6 MM, COM ATÉ 2 ÁGUAS, INCLUSO IÇAMENTO. AF_06/2016","M2",80.13]
["73866/4","ESTRUTURA PARA COBERTURA EM ARCO, EM ALUMINIO ANODIZADO, VAO DE 20M, ESPACAMENTO DE 5M ATE 6,5M","M2",448.31]
["73866/5","ESTRUTURA PARA COBERTURA EM ARCO, EM ALUMINIO ANODIZADO, VAO DE 30M, ESPACAMENTO DE 5M ATE 6,5M","M2",476.92]
["73866/6","ESTRUTURA PARA COBERTURA EM ARCO, EM ALUMINIO ANODIZADO, VAO DE 40M, ESPACAMENTO DE 5M ATE 6,5M","M2",499.63]
["73866/7","ESTRUTURA PARA COBERTURA TIPO SHED, EM ALUMINIO ANODIZADO, VAO DE 20M, ESPACAMENTO DAS TESOURAS DE 5M ATE 6,5M","M2",541.45]
["73866/8","ESTRUTURA PARA COBERTURA TIPO SHED, EM ALUMINIO ANODIZADO, VAO DE 30M, ESPACAMENTO DAS TESOURAS DE 5M ATE 6,5M","M2",647.28]
["73866/9","ESTRUTURA PARA COBERTURA TIPO SHED, EM ALUMINIO ANODIZADO, VAO DE 40M, ESPACAMENTO DAS TESOURAS DE 5M ATE 6,5M","M2",671.25]
["73867/1","ESTRUTURA TIPO ESPACIAL EM ALUMINIO ANODIZADO, VAO DE 20M","M2",224.58]
["73867/2","ESTRUTURA TIPO ESPACIAL EM ALUMINIO ANODIZADO, VAO DE 30M","M2",249.05]
["73867/3","ESTRUTURA TIPO ESPACIAL EM ALUMINIO ANODIZADO, VAO DE 40M","M2",303.43]
["73867/4","ESTRUTURA TIPO ESPACIAL EM ALUMINIO ANODIZADO, VAO DE 50M","M2",314.31]
[75220,"CUMEEIRA EM PERFIL ONDULADO DE ALUMÍNIO","M",39.85]
[94213,"TELHAMENTO COM TELHA DE AÇO/ALUMÍNIO E = 0,5 MM, COM ATÉ 2 ÁGUAS, INCLUSO IÇAMENTO. AF_06/2016","M2",39.51]
[94216,"TELHAMENTO COM TELHA METÁLICA TERMOACÚSTICA E = 30 MM, COM ATÉ 2 ÁGUAS, INCLUSO IÇAMENTO. AF_06/2016","M2",125.12]
[94219,"CUMEEIRA E ESPIGÃO PARA TELHA CERÂMICA EMBOÇADA COM ARGAMASSA TRAÇO 1:2:9 (CIMENTO, CAL E AREIA), PARA TELHADOS COM MAIS DE 2 ÁGUAS, INCLUSO TRANSPORTE VERTICAL. AF_06/2016","M",33.59]
[94220,"CUMEEIRA E ESPIGÃO PARA TELHA DE CONCRETO EMBOÇADA COM ARGAMASSA TRAÇO 1:2:9 (CIMENTO, CAL E AREIA), PARA TELHADOS COM MAIS DE 2 ÁGUAS, INCLUSO TRANSPORTE VERTICAL. AF_06/2016","M",40.64]
[94221,"CUMEEIRA PARA TELHA CERÂMICA EMBOÇADA COM ARGAMASSA TRAÇO 1:2:9 (CIMENTO, CAL E AREIA) PARA TELHADOS COM ATÉ 2 ÁGUAS, INCLUSO TRANSPORTE VERTICAL. AF_06/2016","M",27.79]
[94222,"CUMEEIRA PARA TELHA DE CONCRETO EMBOÇADA COM ARGAMASSA TRAÇO 1:2:9 (CIMENTO, CAL E AREIA) PARA TELHADOS COM ATÉ 2 ÁGUAS, INCLUSO TRANSPORTE VERTICAL. AF_06/2016","M",34.84]
["74045/2","CUMEEIRA TIPO SHED PARA TELHA DE FIBROCIMENTO ONDULADA, INCLUSO JUNTAS DE VEDACAO E ACESSORIOS DE FIXACAO","M",47.8]
[94223,"CUMEEIRA PARA TELHA DE FIBROCIMENTO ONDULADA E = 6 MM, INCLUSO ACESSÓRIOS DE FIXAÇÃO E IÇAMENTO. AF_06/2016","M",49.49]
[94451,"CUMEEIRA PARA TELHA DE FIBROCIMENTO ESTRUTURAL E = 6 MM, INCLUSO ACESSÓRIOS DE FIXAÇÃO E IÇAMENTO. AF_06/2016","M",106.8]
[94230,"CALHA DE BEIRAL, SEMICIRCULAR DE PVC, DIAMETRO 125 MM, INCLUINDO CABECEIRAS, EMENDAS, BOCAIS, SUPORTES E VEDAÇÕES, EXCLUINDO CONDUTORES, INCLUSO TRANSPORTE VERTICAL. AF_06/2016","M",74.76]
[94227,"CALHA EM CHAPA DE AÇO GALVANIZADO NÚMERO 24, DESENVOLVIMENTO DE 33 CM, INCLUSO TRANSPORTE VERTICAL. AF_06/2016","M",40.77]
[94228,"CALHA EM CHAPA DE AÇO GALVANIZADO NÚMERO 24, DESENVOLVIMENTO DE 50 CM, INCLUSO TRANSPORTE VERTICAL. AF_06/2016","M",56.8]
[94229,"CALHA EM CHAPA DE AÇO GALVANIZADO NÚMERO 24, DESENVOLVIMENTO DE 100 CM, INCLUSO TRANSPORTE VERTICAL. AF_06/2016","M",109.99]
[94231,"RUFO EM CHAPA DE AÇO GALVANIZADO NÚMERO 24, CORTE DE 25 CM, INCLUSO TRANSPORTE VERTICAL. AF_06/2016","M",29.45]
[94450,"RUFO EM FIBROCIMENTO PARA TELHA ONDULADA E = 6 MM, ABA DE 26 CM, INCLUSO TRANSPORTE VERTICAL. AF_06/2016","M",49.91]
[94449,"TELHAMENTO COM TELHA ONDULADA DE FIBRA DE VIDRO E = 0,6 MM, PARA TELHADO COM INCLINAÇÃO MAIOR QUE 10°, COM ATÉ 2 ÁGUAS, INCLUSO IÇAMENTO. AF_06/2016","M2",45.07]
["73970/1","ESTRUTURA METALICA EM ACO ESTRUTURAL PERFIL \u0094I\u0094 12\u0092\u0092 X 5 1/4\u0092\u0092","KG",11.32]
["73970/2","ESTRUTURA METALICA EM ACO ESTRUTURAL PERFIL \u0094I\u0094 6\u0092\u0092 X 3 3/8\u0092\u0092","KG",7.86]
[92255,"INSTALAÇÃO DE TESOURA (INTEIRA OU MEIA), EM AÇO, PARA VÃOS MAIORES OU IGUAIS A 3,0 M E MENORES QUE 6,0 M, INCLUSO IÇAMENTO. AF_12/2015","UN",159.61]
[92256,"INSTALAÇÃO DE TESOURA (INTEIRA OU MEIA), EM AÇO, PARA VÃOS MAIORES OU IGUAIS A 6,0 M E MENORES QUE 8,0 M, INCLUSO IÇAMENTO. AF_12/2015","UN",201.04]
[92257,"INSTALAÇÃO DE TESOURA (INTEIRA OU MEIA), EM AÇO, PARA VÃOS MAIORES OU IGUAIS A 8,0 M E MENORES QUE 10,0 M, INCLUSO IÇAMENTO. AF_12/2015","UN",241.96]
[92258,"INSTALAÇÃO DE TESOURA (INTEIRA OU MEIA), EM AÇO, PARA VÃOS MAIORES OU IGUAIS A 10,0 M E MENORES QUE 12,0 M, INCLUSO IÇAMENTO. AF_12/2015","UN",307.78]
[92568,"TRAMA DE AÇO COMPOSTA POR RIPAS, CAIBROS E TERÇAS PARA TELHADOS DE ATÉ 2 ÁGUAS PARA TELHA DE ENCAIXE DE CERÂMICA OU DE CONCRETO, INCLUSO TRANSPORTE VERTICAL. AF_12/2015","M2",70.8]
[92569,"TRAMA DE AÇO COMPOSTA POR RIPAS E CAIBROS PARA TELHADOS DE ATÉ 2 ÁGUAS PARA TELHA DE ENCAIXE DE CERÂMICA OU DE CONCRETO, INCLUSO TRANSPORTE VERTICAL. AF_12/2015","M2",32.12]
[92570,"TRAMA DE AÇO COMPOSTA POR RIPAS PARA TELHADOS DE ATÉ 2 ÁGUAS PARA TELHA DE ENCAIXE DE CERÂMICA OU DE CONCRETO, INCLUSO TRANSPORTE VERTICAL. AF_12/2015","M2",14.66]
[92571,"TRAMA DE AÇO COMPOSTA POR RIPAS, CAIBROS E TERÇAS PARA TELHADOS DE MAIS DE 2 ÁGUAS PARA TELHA DE ENCAIXE DE CERÂMICA OU DE CONCRETO, INCLUSO TRANSPORTE VERTICAL. AF_12/2015","M2",78.43]
[92572,"TRAMA DE AÇO COMPOSTA POR RIPAS E CAIBROS PARA TELHADOS DE MAIS DE 2 ÁGUAS PARA TELHA DE ENCAIXE DE CERÂMICA OU DE CONCRETO, INCLUSO TRANSPORTE VERTICAL. AF_12/2015","M2",36.79]
[92573,"TRAMA DE AÇO COMPOSTA POR RIPAS PARA TELHADOS DE MAIS DE 2 ÁGUAS PARA TELHA DE ENCAIXE DE CERÂMICA OU DE CONCRETO, INCLUSO TRANSPORTE VERTICAL, INCLUSO TRANSPORTE VERTICAL. AF_12/2015","M2",17.91]
[92574,"TRAMA DE AÇO COMPOSTA POR RIPAS, CAIBROS E TERÇAS PARA TELHADOS DE ATÉ 2 ÁGUAS PARA TELHA CERÂMICA CAPA-CANAL, INCLUSO TRANSPORTE VERTICAL. AF_12/2015","M2",77.27]
[92575,"TRAMA DE AÇO COMPOSTA POR RIPAS E CAIBROS PARA TELHADOS DE ATÉ 2 ÁGUAS PARA TELHA CERÂMICA CAPA-CANAL, INCLUSO TRANSPORTE VERTICAL. AF_12/2015","M2",32.19]
[92576,"TRAMA DE AÇO COMPOSTA POR RIPAS PARA TELHADOS DE ATÉ 2 ÁGUAS PARA TELHA CERÂMICA CAPA-CANAL, INCLUSO TRANSPORTE VERTICAL. AF_12/2015","M2",11.92]
[92577,"TRAMA DE AÇO COMPOSTA POR RIPAS, CAIBROS E TERÇAS PARA TELHADOS DE MAIS DE 2 ÁGUAS PARA TELHA CERÂMICA CAPA-CANAL, INCLUSO TRANSPORTE VERTICAL. AF_12/2015","M2",85.19]
[92578,"TRAMA DE AÇO COMPOSTA POR RIPAS E CAIBROS PARA TELHADOS DE MAIS DE 2 ÁGUAS PARA TELHA CERÂMICA CAPA-CANAL, INCLUSO TRANSPORTE VERTICAL. AF_12/2015","M2",36.59]
[92579,"TRAMA DE AÇO COMPOSTA POR RIPAS PARA TELHADOS DE MAIS DE 2 ÁGUAS PARA TELHA CERÂMICA CAPA-CANAL, INCLUSO TRANSPORTE VERTICAL. AF_12/2015","M2",14.52]
[92580,"TRAMA DE AÇO COMPOSTA POR TERÇAS PARA TELHADOS DE ATÉ 2 ÁGUAS PARA TELHA ONDULADA DE FIBROCIMENTO, METÁLICA, PLÁSTICA OU TERMOACÚSTICA, INCLUSO TRANSPORTE VERTICAL. AF_12/2015","M2",34.5]
[92581,"TRAMA DE AÇO COMPOSTA POR TERÇAS PARA TELHADOS DE ATÉ 2 ÁGUAS PARA TELHA ESTRUTURAL DE FIBROCIMENTO, INCLUSO TRANSPORTE VERTICAL. AF_12/2015","M2",35.71]
[92582,"FABRICAÇÃO E INSTALAÇÃO DE TESOURA INTEIRA EM AÇO, VÃO DE 3 M, PARA TELHA CERÂMICA OU DE CONCRETO, INCLUSO IÇAMENTO. AF_12/2015","UN",508.44]
[92584,"FABRICAÇÃO E INSTALAÇÃO DE TESOURA INTEIRA EM AÇO, VÃO DE 4 M, PARA TELHA CERÂMICA OU DE CONCRETO, INCLUSO IÇAMENTO. AF_12/2015","UN",586.04]
[92586,"FABRICAÇÃO E INSTALAÇÃO DE TESOURA INTEIRA EM AÇO, VÃO DE 5 M, PARA TELHA CERÂMICA OU DE CONCRETO, INCLUSO IÇAMENTO. AF_12/2015","UN",663.64]
[92588,"FABRICAÇÃO E INSTALAÇÃO DE TESOURA INTEIRA EM AÇO, VÃO DE 6 M, PARA TELHA CERÂMICA OU DE CONCRETO, INCLUSO IÇAMENTO. AF_12/2015","UN",836.25]
[92590,"FABRICAÇÃO E INSTALAÇÃO DE TESOURA INTEIRA EM AÇO, VÃO DE 7 M, PARA TELHA CERÂMICA OU DE CONCRETO, INCLUSO IÇAMENTO. AF_12/2015","UN",913.85]
[92592,"FABRICAÇÃO E INSTALAÇÃO DE TESOURA INTEIRA EM AÇO, VÃO DE 8 M, PARA TELHA CERÂMICA OU DE CONCRETO, INCLUSO IÇAMENTO. AF_12/2015","UN",1032.37]
[92593,"(COMPOSIÇÃO REPRESENTATIVA) FABRICAÇÃO E INSTALAÇÃO DE TESOURA INTEIRA EM AÇO, PARA VÃOS DE 3 A 12 M E PARA QUALQUER TIPO DE TELHA, INCLUSO IÇAMENTO. AF_12/2015","KG",7.81]
[92594,"FABRICAÇÃO E INSTALAÇÃO DE TESOURA INTEIRA EM AÇO, VÃO DE 9 M, PARA TELHA CERÂMICA OU DE CONCRETO, INCLUSO IÇAMENTO. AF_12/2015","UN",1178.67]
[92596,"FABRICAÇÃO E INSTALAÇÃO DE TESOURA INTEIRA EM AÇO, VÃO DE 10 M, PARA TELHA CERÂMICA OU DE CONCRETO, INCLUSO IÇAMENTO. AF_12/2015","UN",1324.64]
[92598,"FABRICAÇÃO E INSTALAÇÃO DE TESOURA INTEIRA EM AÇO, VÃO DE 11 M, PARA TELHA CERÂMICA OU DE CONCRETO, INCLUSO IÇAMENTO. AF_12/2015","UN",1402.25]
[92600,"FABRICAÇÃO E INSTALAÇÃO DE TESOURA INTEIRA EM AÇO, VÃO DE 12 M, PARA TELHA CERÂMICA OU DE CONCRETO, INCLUSO IÇAMENTO. AF_12/2015","UN",1494.96]
[92602,"FABRICAÇÃO E INSTALAÇÃO DE TESOURA INTEIRA EM AÇO, VÃO DE 3 M, PARA TELHA ONDULADA DE FIBROCIMENTO, METÁLICA, PLÁSTICA OU TERMOACÚSTICA, INCLUSO IÇAMENTO.. AF_12/2015","UN",508.44]
[92604,"FABRICAÇÃO E INSTALAÇÃO DE TESOURA INTEIRA EM AÇO, VÃO DE 4 M, PARA TELHA ONDULADA DE FIBROCIMENTO, METÁLICA, PLÁSTICA OU TERMOACÚSTICA, INCLUSO IÇAMENTO. AF_12/2015","UN",570.92]
[92606,"FABRICAÇÃO E INSTALAÇÃO DE TESOURA INTEIRA EM AÇO, VÃO DE 5 M, PARA TELHA ONDULADA DE FIBROCIMENTO, METÁLICA, PLÁSTICA OU TERMOACÚSTICA, INCLUSO IÇAMENTO. AF_12/2015","UN",648.53]
[92608,"FABRICAÇÃO E INSTALAÇÃO DE TESOURA INTEIRA EM AÇO, VÃO DE 6 M, PARA TELHA ONDULADA DE FIBROCIMENTO, METÁLICA, PLÁSTICA OU TERMOACÚSTICA, INCLUSO IÇAMENTO. AF_12/2015","UN",806.02]
[92610,"FABRICAÇÃO E INSTALAÇÃO DE TESOURA INTEIRA EM AÇO, VÃO DE 7 M, PARA TELHA ONDULADA DE FIBROCIMENTO, METÁLICA, PLÁSTICA OU TERMOACÚSTICA, INCLUSO IÇAMENTO. AF_12/2015","UN",883.62]
[92612,"FABRICAÇÃO E INSTALAÇÃO DE TESOURA INTEIRA EM AÇO, VÃO DE 8 M, PARA TELHA ONDULADA DE FIBROCIMENTO, METÁLICA, PLÁSTICA OU TERMOACÚSTICA, INCLUSO IÇAMENTO, INCLUSO IÇAMENTO. AF_12/2015","UN",1002.14]
[92614,"FABRICAÇÃO E INSTALAÇÃO DE TESOURA INTEIRA EM AÇO, VÃO DE 9 M, PARA TELHA ONDULADA DE FIBROCIMENTO, METÁLICA, PLÁSTICA OU TERMOACÚSTICA, INCLUSO IÇAMENTO. AF_12/2015","UN",1118.2]
[92616,"FABRICAÇÃO E INSTALAÇÃO DE TESOURA INTEIRA EM AÇO, VÃO DE 10 M, PARA TELHA ONDULADA DE FIBROCIMENTO, METÁLICA, PLÁSTICA OU TERMOACÚSTICA, INCLUSO IÇAMENTO. AF_12/2015","UN",1279.3]
[92618,"FABRICAÇÃO E INSTALAÇÃO DE TESOURA INTEIRA EM AÇO, VÃO DE 11 M, PARA TELHA ONDULADA DE FIBROCIMENTO, METÁLICA, PLÁSTICA OU TERMOACÚSTICA, INCLUSO IÇAMENTO. AF_12/2015","UN",1356.9]
[92620,"FABRICAÇÃO E INSTALAÇÃO DE TESOURA INTEIRA EM AÇO, VÃO DE 12 M, PARA TELHA ONDULADA DE FIBROCIMENTO, METÁLICA, PLÁSTICA OU TERMOACÚSTICA, INCLUSO IÇAMENTO. AF_12/2015","UN",1434.5]
[94444,"TELHAMENTO COM TELHA DE ENCAIXE, TIPO FRANCESA DE VIDRO, COM ATÉ 2 ÁGUAS, INCLUSO TRANSPORTE VERTICAL. AF_06/2016","M2",438.16]
["73891/1","ESGOTAMENTO COM MOTO-BOMBA AUTOESCOVANTE","H",6.08]
["73882/1","CALHA EM CONCRETO SIMPLES, EM MEIA CANA, DIAMETRO 200 MM","M",33.41]
["73882/5","CALHA EM CONCRETO SIMPLES, EM MEIA CANA DE CONCRETO, DIAMETRO 600 MM","M",94.45]
["73816/1","EXECUCAO DE DRENO COM TUBOS DE PVC CORRUGADO FLEXIVEL PERFURADO - DN 100","M",31.91]
["73816/2","EXECUCAO DE DRENO VERTICAL COM PEDRISCO, DIAMETRO 200MM","M",28.51]
["73881/1","EXECUCAO DE DRENO COM MANTA GEOTEXTIL 200 G/M2","M2",5.54]
["73881/3","EXECUCAO DE DRENO COM MANTA GEOTEXTIL 400 G/M2","M2",10.74]
["73883/1","EXECUCAO DE DRENO FRANCES COM AREIA MEDIA","M3",90.61]
["73883/2","EXECUCAO DE DRENO FRANCES COM BRITA NUM 2","M3",107.54]
["73883/3","EXECUCAO DE DRENO FRANCES COM CASCALHO","M3",66.86]
["73902/1","CAMADA DRENANTE COM BRITA NUM 3","M3",114.17]
["73968/1","MANTA IMPERMEABILIZANTE A BASE DE ASFALTO - FORNECIMENTO E INSTALACAO","M2",44.27]
["73969/1","EXECUCAO DE DRENOS DE CHORUME EM TUBOS DRENANTES DE CONCRETO, DIAM=200MM, ENVOLTOS EM BRITA E GEOTEXTIL","M",73.93]
["74017/1","EXECUCAO DE DRENOS DE CHORUME EM TUBOS DRENANTES, PVC, DIAM=100 MM, ENVOLTOS EM BRITA E GEOTEXTIL","M",49.04]
["74017/2","EXECUCAO DE DRENOS DE CHORUME EM TUBOS DRENANTES, PVC, DIAM=150 MM, ENVOLTOS EM BRITA E GEOTEXTIL","M",68]
["75029/1","TUBO PVC CORRUGADO RIGIDO PERFURADO DN 150 PARA DRENAGEM - FORNECIMENTO E INSTALACAO","M",49.79]
[83651,"TUBO PVC CORRUGADO PERFURADO 100 MM C/ JUNTA ELASTICA PARA DRENAGEM.","M",36.31]
[83656,"COLCHAO DRENANTE C/ 30CM PEDRA BRITADA N.3/FILTRO TRANSICAO MANTA GEOTEXTIL 100% POLIPROPILENO OU POLIESTER INCL FORNEC/COLOCMAT","M2",36.95]
[83658,"EXECUCAO DRENO PROFUNDO, COM CORTE TRAPEZOIDAL EM SOLO, DE 70X80X150CM EXCL TUBO INCL MATERIAL EXECUCAO, COM SELO ENCHIMENTO MATERIAL DRENANTE E ESCAVACAO","M",186.99]
[83661,"EXECUCAO DE DRENO PROFUNDO, CORTE EM SOLO, COM TUBO POROSO D=0,20M","M",116.24]
[83662,"EXECUCAO DE DRENO CEGO","M3",102.39]
[83664,"EXECUCAO DE DRENO DE TUBO DE CONRETO SIMPLES POROSO D=0,20 M (0,5MX0,5M) PARA GALERIAS DE AGUAS PLUVIAIS","M",72.64]
[83665,"FORNECIMENTO E INSTALACAO DE MANTA BIDIM RT - 14","M2",7.2]
[83667,"CAMADA DRENANTE COM AREIA MEDIA","M3",107.31]
[83668,"CAMADA DRENANTE COM BRITA NUM 2","M3",113.21]
[83669,"FORNECIMENTO/INSTALACAO MANTA BIDIM RT-16","M2",8.52]
[83670,"TUBO PVC DN 75 MM PARA DRENAGEM - FORNECIMENTO E INSTALACAO","M",56.16]
[83671,"TUBO PVC DN 100 MM PARA DRENAGEM - FORNECIMENTO E INSTALACAO","M",60.18]
[83675,"TUBO CONCRETO SIMPLES DN 200 MM PARA DRENAGEM - FORNECIMENTO E INSTALACAO, INCLUSIVE ESCAVACAO MANUAL 1M3/M.","M",108.11]
[83676,"TUBO CONCRETO SIMPLES DN 300 MM PARA DRENAGEM - FORNECIMENTO E INSTALACAO INCLUSIVE ESCAVACAO MANUAL 1M3/M","M",133.11]
[83677,"TUBO CONCRETO SIMPLES DN 400 MM PARA DRENAGEM - FORNECIMENTO E INSTALACAO INCLUSIVE ESCAVACAO MANUAL 1,5M3/M","M",166.51]
[83678,"TUBO CONCRETO SIMPLES DN 500 MM PARA DRENAGEM - FORNECIMENTO E INSTALACAO INCLUSIVE ESCAVACAO MANUAL 2M3/M","M",213.65]
[83679,"TUBO PVC D=2\u0094 COM MATERIAL DRENANTE PARA DRENO/BARBACA - FORNECIMENTO E INSTALACAO","M",15.76]
[83680,"TUBO PVC D=3\" COM MATERIAL DRENANTE PARA DRENO/BARBACA - FORNECIMENTO E INSTALACAO","M",18.52]
[83681,"TUBO PVC D=4\" COM MATERIAL DRENANTE PARA DRENO/BARBACA - FORNECIMENTO E INSTALACAO","M",19.77]
[83682,"CAMADA VERTICAL DRENANTE C/ PEDRA BRITADA NUMS 1 E 2","M3",114.17]
[83683,"CAMADA HORIZONTAL DRENANTE C/ PEDRA BRITADA 1 E 2","M3",126.21]
[83729,"FORNECIMENTO/INSTALACAO DE MANTA BIDIM RT-31","M2",16.56]
[83739,"FORNECIMENTO/INSTALACAO DE MANTA BIDIM RT-10","M2",5.88]
[6454,"FORNECIMENTO E LANCAMENTO DE PEDRA DE MAO","M3",184.62]
[73611,"ENROCAMENTO COM PEDRA ARGAMASSADA TRAÇO 1:4 COM PEDRA DE MÃO","M3",405.07]
[73697,"ENROCAMENTO MANUAL, SEM ARRUMACAO DO MATERIAL","M3",182.69]
[73698,"ENROCAMENTO MANUAL, COM ARRUMACAO DO MATERIAL","M3",248.03]
["73890/1","ENSECADEIRA DE MADEIRA COM PAREDE SIMPLES","M2",138.79]
["73890/2","ENSECADEIRA DE MADEIRA COM PAREDE DUPLA","M2",349.77]
[92743,"MURO DE GABIÃO, ENCHIMENTO COM PEDRA DE MÃO TIPO RACHÃO, DE GRAVIDADE, COM GAIOLAS DE COMPRIMENTO IGUAL A 2 M, PARA MUROS COM ALTURA MENOR OU IGUAL A 4 M \u0096 FORNECIMENTO E EXECUÇÃO. AF_12/2015","M3",509.21]
[92744,"MURO DE GABIÃO, ENCHIMENTO COM PEDRA DE MÃO TIPO RACHÃO, DE GRAVIDADE, COM GAIOLAS DE COMPRIMENTO IGUAL A 5 M, PARA MUROS COM ALTURA MENOR OU IGUAL A 4 M \u0096 FORNECIMENTO E EXECUÇÃO. AF_12/2015","M3",483.12]
[92745,"MURO DE GABIÃO, ENCHIMENTO COM PEDRA DE MÃO TIPO RACHÃO, DE GRAVIDADE, COM GAIOLAS DE COMPRIMENTO IGUAL A 2 M, PARA MUROS COM ALTURA MAIOR QUE 4 M E MENOR OU IGUAL A 6 M \u0096 FORNECIMENTO E EXECUÇÃO. AF_12/2015","M3",634.98]
[92746,"MURO DE GABIÃO, ENCHIMENTO COM PEDRA DE MÃO TIPO RACHÃO, DE GRAVIDADE, COM GAIOLAS DE COMPRIMENTO IGUAL A 5 M, PARA MUROS COM ALTURA MAIOR QUE 4 M E MENOR OU IGUAL A 6 M   FORNECIMENTO E EXECUÇÃO. AF_12/2015","M3",576.5]
[92747,"MURO DE GABIÃO, ENCHIMENTO COM PEDRA DE MÃO TIPO RACHÃO, DE GRAVIDADE, COM GAIOLAS DE COMPRIMENTO IGUAL A 2 M, PARA MUROS COM ALTURA MAIOR QUE 6 M E MENOR OU IGUAL A 10 M   FORNECIMENTO E EXECUÇÃO. AF_12/2015","M3",706.62]
[92748,"MURO DE GABIÃO, ENCHIMENTO COM PEDRA DE MÃO TIPO RACHÃO, DE GRAVIDADE, COM GAIOLAS DE COMPRIMENTO IGUAL A 5 M, PARA MUROS COM ALTURA MAIOR QUE 6 M E MENOR OU IGUAL A 10 M\u0096 FORNECIMENTO E EXECUÇÃO. AF_12/2015","M3",630.06]
[92749,"MURO DE GABIÃO, ENCHIMENTO COM PEDRA DE MÃO TIPO RACHÃO, COM SOLO REFORÇADO, PARA MUROS COM ALTURA MENOR OU IGUAL A 4 M   FORNECIMENTO E EXECUÇÃO. AF_12/2015","M3",728.12]
[92750,"MURO DE GABIÃO, ENCHIMENTO COM PEDRA DE MÃO TIPO RACHÃO, COM SOLO REFORÇADO, PARA MUROS COM ALTURA MAIOR QUE 4 M E MENOR OU IGUAL A 12 M   FORNECIMENTO E EXECUÇÃO. AF_12/2015","M3",1259.24]
[92751,"MURO DE GABIÃO, ENCHIMENTO COM PEDRA DE MÃO TIPO RACHÃO, COM SOLO REFORÇADO, PARA MUROS COM ALTURA MAIOR QUE 12 M E MENOR OU IGUAL A 20 M    FORNECIMENTO E EXECUÇÃO. AF_12/2015","M3",1567.96]
[92752,"MURO DE GABIÃO, ENCHIMENTO COM PEDRA DE MÃO TIPO RACHÃO, COM SOLO REFORÇADO, PARA MUROS COM ALTURA MAIOR QUE 20 M E MENOR OU IGUAL A 28 M   FORNECIMENTO E EXECUÇÃO. AF_12/2015","M3",1875.43]
[92753,"MURO DE GABIÃO, ENCHIMENTO COM RESÍDUO DE CONSTRUÇÃO E DEMOLIÇÃO, DE GRAVIDADE, COM GAIOLA TRAPEZOIDAL DE COMPRIMENTO IGUAL A 2 M, PARA MUROS COM ALTURA MENOR OU IGUAL A 2 M   FORNECIMENTO E EXECUÇÃO. AF_12/2015","M3",486.55]
[92754,"MURO DE GABIÃO, ENCHIMENTO COM RESÍDUO DE CONSTRUÇÃO E DEMOLIÇÃO, DE GRAVIDADE, COM GAIOLA TRAPEZOIDAL DE COMPRIMENTO IGUAL A 2 M, PARA MUROS COM ALTURA MAIOR QUE 2 M E MENOR OU IGUAL A 4 M    FORNECIMENTO E EXECUÇÃO. AF_12/2015","M3",445.2]
[92755,"PROTEÇÃO SUPERFICIAL DE CANAL EM GABIÃO TIPO COLCHÃO, ALTURA DE 17 CENTÍMETROS, ENCHIMENTO COM PEDRA DE MÃO TIPO RACHÃO - FORNECIMENTO E EXECUÇÃO. AF_12/2015","M2",187.65]
[92756,"PROTEÇÃO SUPERFICIAL DE CANAL EM GABIÃO TIPO COLCHÃO, ALTURA DE 23 CENTÍMETROS, ENCHIMENTO COM PEDRA DE MÃO TIPO RACHÃO - FORNECIMENTO E EXECUÇÃO. AF_12/2015","M2",212.79]
[92757,"PROTEÇÃO SUPERFICIAL DE CANAL EM GABIÃO TIPO COLCHÃO, ALTURA DE 30 CENTÍMETROS, ENCHIMENTO COM PEDRA DE MÃO TIPO RACHÃO - FORNECIMENTO E EXECUÇÃO. AF_12/2015","M2",243.3]
[92758,"PROTEÇÃO SUPERFICIAL DE CANAL EM GABIÃO TIPO SACO, DIÂMETRO DE 65 CENTÍMETROS, ENCHIMENTO MANUAL COM PEDRA DE MÃO TIPO RACHÃO - FORNECIMENTO E EXECUÇÃO. AF_12/2015","M3",583.43]
["73843/1","MURO DE ARRIMO DE CONCRETO CICLOPICO COM 30% DE PEDRA DE MAO","M3",358.97]
["73844/1","MURO DE ARRIMO DE ALVENARIA DE PEDRA ARGAMASSADA","M3",566.04]
["73844/2","MURO DE ARRIMO DE ALVENARIA DE TIJOLOS","M3",486.41]
["73846/1","MURO DE ARRIMO CELULAR PECAS PRE-MOLDADAS CONCRETO EXCL FORMAS INCL   CONFECCAO DAS PECAS MONTAGEM E COMPACTACAO DO SOLO DE ENCHIMENTO.","M3",302.54]
["73846/2","MURO DE ARRIMO CELULAR PECAS PRE-MOLDADAS CONCRETO EXCL MATERIAIS E   FORMAS INCL CONFECCAO PECAS MONTAGEM E COMPACTACAO DO SOLO(ENCHIMENTO)","M3",152.02]
[91069,"EXECUÇÃO DE REVESTIMENTO DE CONCRETO PROJETADO COM ESPESSURA DE 7 CM, ARMADO COM TELA, INCLINAÇÃO MENOR QUE 90°, APLICAÇÃO CONTÍNUA, UTILIZANDO EQUIPAMENTO DE PROJEÇÃO COM 6 M³/H DE CAPACIDADE. AF_01/2016","M2",79.11]
[91070,"EXECUÇÃO DE REVESTIMENTO DE CONCRETO PROJETADO COM ESPESSURA DE 10 CM, ARMADO COM TELA, INCLINAÇÃO MENOR QUE 90°, APLICAÇÃO CONTÍNUA, UTILIZANDO EQUIPAMENTO DE PROJEÇÃO COM 6 M³/H DE CAPACIDADE. AF_01/2016","M2",87.28]
[91071,"EXECUÇÃO DE REVESTIMENTO DE CONCRETO PROJETADO COM ESPESSURA DE 7 CM, ARMADO COM TELA, INCLINAÇÃO DE 90°, APLICAÇÃO CONTÍNUA, UTILIZANDO EQUIPAMENTO DE PROJEÇÃO COM 6 M³/H DE CAPACIDADE. AF_01/2016","M2",118.52]
[91072,"EXECUÇÃO DE REVESTIMENTO DE CONCRETO PROJETADO COM ESPESSURA DE 10 CM, ARMADO COM TELA, INCLINAÇÃO DE 90°, APLICAÇÃO CONTÍNUA, UTILIZANDO EQUIPAMENTO DE PROJEÇÃO COM 6 M³/H DE CAPACIDADE. AF_01/2016","M2",126.67]
[91073,"EXECUÇÃO DE REVESTIMENTO DE CONCRETO PROJETADO COM ESPESSURA DE 7 CM, ARMADO COM TELA, INCLINAÇÃO MENOR QUE 90°, APLICAÇÃO CONTÍNUA, UTILIZANDO EQUIPAMENTO DE PROJEÇÃO COM 3 M³/H DE CAPACIDADE. AF_01/2016","M2",93.79]
[91074,"EXECUÇÃO DE REVESTIMENTO DE CONCRETO PROJETADO COM ESPESSURA DE 10 CM, ARMADO COM TELA, INCLINAÇÃO MENOR QUE 90°, APLICAÇÃO CONTÍNUA, UTILIZANDO EQUIPAMENTO DE PROJEÇÃO COM 3 M³/H DE CAPACIDADE. AF_01/2016","M2",103.43]
[91075,"EXECUÇÃO DE REVESTIMENTO DE CONCRETO PROJETADO COM ESPESSURA DE 7 CM, ARMADO COM TELA, INCLINAÇÃO DE 90°, APLICAÇÃO CONTÍNUA, UTILIZANDO EQUIPAMENTO DE PROJEÇÃO COM 3 M³/H DE CAPACIDADE. AF_01/2016","M2",136.23]
[91076,"EXECUÇÃO DE REVESTIMENTO DE CONCRETO PROJETADO COM ESPESSURA DE 10 CM, ARMADO COM TELA, INCLINAÇÃO DE 90°, APLICAÇÃO CONTÍNUA, UTILIZANDO EQUIPAMENTO DE PROJEÇÃO COM 3 M³/H DE CAPACIDADE. AF_01/2016","M2",145.92]
[91077,"EXECUÇÃO DE REVESTIMENTO DE CONCRETO PROJETADO COM ESPESSURA DE 7 CM, ARMADO COM FIBRAS DE AÇO, INCLINAÇÃO MENOR QUE 90°, APLICAÇÃO CONTÍNUA, UTILIZANDO EQUIPAMENTO DE PROJEÇÃO COM 6 M³/H DE CAPACIDADE. AF_01/2016","M2",123.71]
[91078,"EXECUÇÃO DE REVESTIMENTO DE CONCRETO PROJETADO COM ESPESSURA DE 10 CM, ARMADO COM FIBRAS DE AÇO, INCLINAÇÃO MENOR QUE 90°, APLICAÇÃO CONTÍNUA, UTILIZANDO EQUIPAMENTO DE PROJEÇÃO COM 6 M³/H DE CAPACIDADE. AF_01/2016","M2",145.76]
[91079,"EXECUÇÃO DE REVESTIMENTO DE CONCRETO PROJETADO COM ESPESSURA DE 7 CM, ARMADO COM FIBRAS DE AÇO, INCLINAÇÃO DE 90°, APLICAÇÃO CONTÍNUA, UTILIZANDO EQUIPAMENTO DE PROJEÇÃO COM 6 M³/H DE CAPACIDADE. AF_01/2016","M2",129.22]
[91080,"EXECUÇÃO DE REVESTIMENTO DE CONCRETO PROJETADO COM ESPESSURA DE 10 CM, ARMADO COM FIBRAS DE AÇO, INCLINAÇÃO DE 90°, APLICAÇÃO CONTÍNUA, UTILIZANDO EQUIPAMENTO DE PROJEÇÃO COM 6 M³/H DE CAPACIDADE. AF_01/2016","M2",151.09]
[91081,"EXECUÇÃO DE REVESTIMENTO DE CONCRETO PROJETADO COM ESPESSURA DE 7 CM, ARMADO COM FIBRAS DE AÇO, INCLINAÇÃO MENOR QUE 90°, APLICAÇÃO CONTÍNUA, UTILIZANDO EQUIPAMENTO DE PROJEÇÃO COM 3 M³/H DE CAPACIDADE. AF_01/2016","M2",139.84]
[91082,"EXECUÇÃO DE REVESTIMENTO DE CONCRETO PROJETADO COM ESPESSURA DE 10 CM, ARMADO COM FIBRAS DE AÇO, INCLINAÇÃO MENOR QUE 90°, APLICAÇÃO CONTÍNUA, UTILIZANDO EQUIPAMENTO DE PROJEÇÃO COM 3 M³/H DE CAPACIDADE. AF_01/2016","M2",163.19]
[91083,"EXECUÇÃO DE REVESTIMENTO DE CONCRETO PROJETADO COM ESPESSURA DE 7 CM, ARMADO COM FIBRAS DE AÇO, INCLINAÇÃO DE 90°, APLICAÇÃO CONTÍNUA, UTILIZANDO EQUIPAMENTO DE PROJEÇÃO COM 3 M³/H DE CAPACIDADE. AF_01/2016","M2",149.68]
[91084,"EXECUÇÃO DE REVESTIMENTO DE CONCRETO PROJETADO COM ESPESSURA DE 10 CM, ARMADO COM FIBRAS DE AÇO, INCLINAÇÃO DE 90°, APLICAÇÃO CONTÍNUA, UTILIZANDO EQUIPAMENTO DE PROJEÇÃO COM 3 M³/H DE CAPACIDADE. AF_01/2016","M2",172.83]
[91086,"EXECUÇÃO DE REVESTIMENTO DE CONCRETO PROJETADO COM ESPESSURA DE 7 CM, ARMADO COM TELA, INCLINAÇÃO MENOR QUE 90°, APLICAÇÃO DESCONTÍNUA, UTILIZANDO EQUIPAMENTO DE PROJEÇÃO COM 6 M³/H DE CAPACIDADE. AF_01/2016","M2",89.34]
[91087,"EXECUÇÃO DE REVESTIMENTO DE CONCRETO PROJETADO COM ESPESSURA DE 10 CM, ARMADO COM TELA, INCLINAÇÃO MENOR QUE 90°, APLICAÇÃO DESCONTÍNUA, UTILIZANDO EQUIPAMENTO DE PROJEÇÃO COM 6 M³/H DE CAPACIDADE. AF_01/2016","M2",97.77]
[91088,"EXECUÇÃO DE REVESTIMENTO DE CONCRETO PROJETADO COM ESPESSURA DE 7 CM, ARMADO COM TELA, INCLINAÇÃO DE 90°, APLICAÇÃO DESCONTÍNUA, UTILIZANDO EQUIPAMENTO DE PROJEÇÃO COM 6 M³/H DE CAPACIDADE. AF_01/2016","M2",130.16]
[91089,"EXECUÇÃO DE REVESTIMENTO DE CONCRETO PROJETADO COM ESPESSURA DE 10 CM, ARMADO COM TELA, INCLINAÇÃO DE 90°, APLICAÇÃO DESCONTÍNUA, UTILIZANDO EQUIPAMENTO DE PROJEÇÃO COM 6 M³/H DE CAPACIDADE. AF_01/2016","M2",138.77]
[91090,"EXECUÇÃO DE REVESTIMENTO DE CONCRETO PROJETADO COM ESPESSURA DE 7 CM, ARMADO COM TELA, INCLINAÇÃO MENOR QUE 90°, APLICAÇÃO DESCONTÍNUA, UTILIZANDO EQUIPAMENTO DE PROJEÇÃO COM 3 M³/H DE CAPACIDADE. AF_01/2016","M2",102.24]
[91091,"EXECUÇÃO DE REVESTIMENTO DE CONCRETO PROJETADO COM ESPESSURA DE 10 CM, ARMADO COM TELA, INCLINAÇÃO MENOR QUE 90°, APLICAÇÃO DESCONTÍNUA, UTILIZANDO EQUIPAMENTO DE PROJEÇÃO COM 3 M³/H DE CAPACIDADE. AF_01/2016","M2",112.37]
[91092,"EXECUÇÃO DE REVESTIMENTO DE CONCRETO PROJETADO COM ESPESSURA DE 7 CM, ARMADO COM TELA, INCLINAÇÃO DE 90°, APLICAÇÃO DESCONTÍNUA, UTILIZANDO EQUIPAMENTO DE PROJEÇÃO COM 3 M³/H DE CAPACIDADE. AF_01/2016","M2",145.64]
[91093,"EXECUÇÃO DE REVESTIMENTO DE CONCRETO PROJETADO COM ESPESSURA DE 10 CM, ARMADO COM TELA, INCLINAÇÃO DE 90°, APLICAÇÃO DESCONTÍNUA, UTILIZANDO EQUIPAMENTO DE PROJEÇÃO COM 3 M³/H DE CAPACIDADE. AF_01/2016","M2",156.09]
[91094,"EXECUÇÃO DE REVESTIMENTO DE CONCRETO PROJETADO COM ESPESSURA DE 7 CM, ARMADO COM FIBRAS DE AÇO, INCLINAÇÃO MENOR QUE 90°, APLICAÇÃO DESCONTÍNUA, UTILIZANDO EQUIPAMENTO DE PROJEÇÃO COM 6 M³/H DE CAPACIDADE. AF_01/2016","M2",130.09]
[91095,"EXECUÇÃO DE REVESTIMENTO DE CONCRETO PROJETADO COM ESPESSURA DE 10 CM, ARMADO COM FIBRAS DE AÇO, INCLINAÇÃO MENOR QUE 90°, APLICAÇÃO DESCONTÍNUA, UTILIZANDO EQUIPAMENTO DE PROJEÇÃO COM 6 M³/H DE CAPACIDADE. AF_01/2016","M2",152.51]
[91096,"EXECUÇÃO DE REVESTIMENTO DE CONCRETO PROJETADO COM ESPESSURA DE 7 CM, ARMADO COM FIBRAS DE AÇO, INCLINAÇÃO DE 90°, APLICAÇÃO DESCONTÍNUA, UTILIZANDO EQUIPAMENTO DE PROJEÇÃO COM 6 M³/H DE CAPACIDADE. AF_01/2016","M2",132.8]
[91097,"EXECUÇÃO DE REVESTIMENTO DE CONCRETO PROJETADO COM ESPESSURA DE 10 CM, ARMADO COM FIBRAS DE AÇO, INCLINAÇÃO DE 90°, APLICAÇÃO DESCONTÍNUA, UTILIZANDO EQUIPAMENTO DE PROJEÇÃO COM 6 M³/H DE CAPACIDADE. AF_01/2016","M2",155.05]
[91098,"EXECUÇÃO DE REVESTIMENTO DE CONCRETO PROJETADO COM ESPESSURA DE 7 CM, ARMADO COM FIBRAS DE AÇO, INCLINAÇÃO MENOR QUE 90°, APLICAÇÃO DESCONTÍNUA, UTILIZANDO EQUIPAMENTO DE PROJEÇÃO COM 3 M³/H DE CAPACIDADE. AF_01/2016","M2",146.19]
[91099,"EXECUÇÃO DE REVESTIMENTO DE CONCRETO PROJETADO COM ESPESSURA DE 10 CM, ARMADO COM FIBRAS DE AÇO, INCLINAÇÃO MENOR QUE 90°, APLICAÇÃO DESCONTÍNUA, UTILIZANDO EQUIPAMENTO DE PROJEÇÃO COM 3 M³/H DE CAPACIDADE. AF_01/2016","M2",170.04]
[91100,"EXECUÇÃO DE REVESTIMENTO DE CONCRETO PROJETADO COM ESPESSURA DE 7 CM, ARMADO COM FIBRAS DE AÇO, INCLINAÇÃO DE 90°, APLICAÇÃO DESCONTÍNUA, UTILIZANDO EQUIPAMENTO DE PROJEÇÃO COM 3 M³/H DE CAPACIDADE. AF_01/2016","M2",153.96]
[91101,"EXECUÇÃO DE REVESTIMENTO DE CONCRETO PROJETADO COM ESPESSURA DE 10 CM, ARMADO COM FIBRAS DE AÇO, INCLINAÇÃO DE 90°, APLICAÇÃO DESCONTÍNUA, UTILIZANDO EQUIPAMENTO DE PROJEÇÃO COM 3 M³/H DE CAPACIDADE. AF_01/2016","M2",177.7]
[93952,"EXECUÇÃO DE GRAMPO PARA SOLO GRAMPEADO COM COMPRIMENTO MENOR OU IGUAL A 4 M, DIÂMETRO DE 10 CM, PERFURAÇÃO COM EQUIPAMENTO MANUAL E ARMADURA COM DIÂMETRO DE 16 MM. AF_05/2016","M",167.29]
[93953,"EXECUÇÃO DE GRAMPO PARA SOLO GRAMPEADO COM COMPRIMENTO MAIOR QUE 4 M E MENOR OU IGUAL A 6 M, DIÂMETRO DE 10 CM, PERFURAÇÃO COM EQUIPAMENTO MANUAL E ARMADURA COM DIÂMETRO DE 16 MM. AF_05/2016","M",154.72]
[93954,"EXECUÇÃO DE GRAMPO PARA SOLO GRAMPEADO COM COMPRIMENTO MAIOR QUE 6 M E MENOR OU IGUAL A 8 M, DIÂMETRO DE 10 CM, PERFURAÇÃO COM EQUIPAMENTO MANUAL E ARMADURA COM DIÂMETRO DE 16 MM. AF_05/2016","M",147.22]
[93955,"EXECUÇÃO DE GRAMPO PARA SOLO GRAMPEADO COM COMPRIMENTO MAIOR QUE 8 M E MENOR OU IGUAL A 10 M, DIÂMETRO DE 10 CM, PERFURAÇÃO COM EQUIPAMENTO MANUAL E ARMADURA COM DIÂMETRO DE 16 MM. AF_05/2016","M",141.95]
[93956,"EXECUÇÃO DE GRAMPO PARA SOLO GRAMPEADO COM COMPRIMENTO MAIOR QUE 10 M, DIÂMETRO DE 10 CM, PERFURAÇÃO COM EQUIPAMENTO MANUAL E ARMADURA COM DIÂMETRO DE 16 MM. AF_05/2016","M",137.75]
[93957,"EXECUÇÃO DE GRAMPO PARA SOLO GRAMPEADO COM COMPRIMENTO MENOR OU IGUAL A 4 M, DIÂMETRO DE 10 CM, PERFURAÇÃO COM EQUIPAMENTO MANUAL E ARMADURA COM DIÂMETRO DE 20 MM. AF_05/2016","M",173.13]
[93958,"EXECUÇÃO DE GRAMPO PARA SOLO GRAMPEADO COM COMPRIMENTO MAIOR QUE 4 M E MENOR OU IGUAL A 6 M, DIÂMETRO DE 10 CM, PERFURAÇÃO COM EQUIPAMENTO MANUAL E ARMADURA COM DIÂMETRO DE 20 MM. AF_05/2016","M",159.9]
[93959,"EXECUÇÃO DE GRAMPO PARA SOLO GRAMPEADO COM COMPRIMENTO MAIOR QUE 6 M E MENOR OU IGUAL A 8 M, DIÂMETRO DE 10 CM, PERFURAÇÃO COM EQUIPAMENTO MANUAL E ARMADURA COM DIÂMETRO DE 20 MM. AF_05/2016","M",152.08]
[93960,"EXECUÇÃO DE GRAMPO PARA SOLO GRAMPEADO COM COMPRIMENTO MAIOR QUE 8 M E MENOR OU IGUAL A 10 M, DIÂMETRO DE 10 CM, PERFURAÇÃO COM EQUIPAMENTO MANUAL E ARMADURA COM DIÂMETRO DE 20 MM. AF_05/2016","M",146.6]
[93961,"EXECUÇÃO DE GRAMPO PARA SOLO GRAMPEADO COM COMPRIMENTO MAIOR QUE 10 M, DIÂMETRO DE 10 CM, PERFURAÇÃO COM EQUIPAMENTO MANUAL E ARMADURA COM DIÂMETRO DE 20 MM. AF_05/2016","M",142.28]
[93962,"EXECUÇÃO DE GRAMPO PARA SOLO GRAMPEADO COM COMPRIMENTO MENOR OU IGUAL A 4 M, DIÂMETRO DE 7 CM, PERFURAÇÃO COM EQUIPAMENTO MANUAL E ARMADURA COM DIÂMETRO DE 16 MM. AF_05/2016","M",158.52]
[93963,"EXECUÇÃO DE GRAMPO PARA SOLO GRAMPEADO COM COMPRIMENTO MAIOR QUE 4 E MENOR OU IGUAL A 6 M, DIÂMETRO DE 7 CM, PERFURAÇÃO COM EQUIPAMENTO MANUAL E ARMADURA COM DIÂMETRO DE 16 MM. AF_05/2016","M",145.97]
[93964,"EXECUÇÃO DE GRAMPO PARA SOLO GRAMPEADO COM COMPRIMENTO MAIOR QUE 6 M E MENOR OU IGUAL A 8 M, DIÂMETRO DE 7 CM, PERFURAÇÃO COM EQUIPAMENTO MANUAL E ARMADURA COM DIÂMETRO DE 16 MM. AF_05/2016","M",138.5]
[93965,"EXECUÇÃO DE GRAMPO PARA SOLO GRAMPEADO COM COMPRIMENTO MAIOR QUE 8 M E MENOR OU IGUAL A 10 M, DIÂMETRO DE 7 CM, PERFURAÇÃO COM EQUIPAMENTO MANUAL E ARMADURA COM DIÂMETRO DE 16 MM. AF_05/2016","M",130.74]
[93966,"EXECUÇÃO DE GRAMPO PARA SOLO GRAMPEADO COM COMPRIMENTO MAIOR QUE 10 M, DIÂMETRO DE 7 CM, PERFURAÇÃO COM EQUIPAMENTO MANUAL E ARMADURA COM DIÂMETRO DE 16 MM. AF_05/2016","M",129.13]
[93967,"EXECUÇÃO DE GRAMPO PARA SOLO GRAMPEADO COM COMPRIMENTO MENOR OU IGUAL A 4 M, DIÂMETRO DE 7 CM, PERFURAÇÃO COM EQUIPAMENTO MANUAL E ARMADURA COM DIÂMETRO DE 20 MM. AF_05/2016","M",164.36]
[93968,"EXECUÇÃO DE GRAMPO PARA SOLO GRAMPEADO COM COMPRIMENTO MAIOR QUE 4 E MENOR OU IGUAL A 6 M, DIÂMETRO DE 7 CM, PERFURAÇÃO COM EQUIPAMENTO MANUAL E ARMADURA COM DIÂMETRO DE 20 MM. AF_05/2016","M",151.15]
[93969,"EXECUÇÃO DE GRAMPO PARA SOLO GRAMPEADO COM COMPRIMENTO MAIOR QUE 6 M E MENOR OU IGUAL A 8 M, DIÂMETRO DE 7 CM, PERFURAÇÃO COM EQUIPAMENTO MANUAL E ARMADURA COM DIÂMETRO DE 20 MM. AF_05/2016","M",143.36]
[93970,"EXECUÇÃO DE GRAMPO PARA SOLO GRAMPEADO COM COMPRIMENTO MAIOR QUE 8 MENOR OU IGUAL A 10 M, DIÂMETRO DE 7 CM, PERFURAÇÃO COM EQUIPAMENTO MANUAL E ARMADURA COM DIÂMETRO DE 20 MM. AF_05/2016","M",137.92]
[93971,"EXECUÇÃO DE GRAMPO PARA SOLO GRAMPEADO COM COMPRIMENTO MAIOR QUE 10 M, DIÂMETRO DE 7 CM, PERFURAÇÃO COM EQUIPAMENTO MANUAL E ARMADURA COM DIÂMETRO DE 20 MM. AF_05/2016","M",129.69]
[95108,"EXECUÇÃO DE PROTEÇÃO DA CABEÇA DO TIRANTE COM USO DE FÔRMAS EM CHAPA COMPENSADA PLASTIFICADA DE MADEIRA E CONCRETO FCK =15 MPA. AF_07/2016","UN",26.06]
[83690,"DISSIPADOR DE ENERGIA EM PEDRA ARGAMASSADA ESPESSURA 6CM INCL MATERIAIS E COLOCACAO MEDIDO P/ VOLUME DE PEDRA ARGAMASSADA","M3",572.46]
["73799/1","GRELHA EM FERRO FUNDIDO SIMPLES COM REQUADRO, CARGA MÁXIMA 12,5 T,  300 X 1000 MM, E = 15 MM, FORNECIDA E ASSENTADA COM ARGAMASSA 1:4 CIMENTO:AREIA.","UN",308.72]
["73856/1","BOCA P/BUEIRO SIMPLES TUBULAR D=0,40M EM CONCRETO CICLOPICO, INCLINDO FORMAS, ESCAVACAO, REATERRO E MATERIAIS, EXCLUINDO MATERIAL REATERRO JAZIDA E TRANSPORTE","UN",629.29]
["73856/2","BOCA PARA BUEIRO SIMPLES TUBULAR, DIAMETRO =0,60M, EM CONCRETO CICLOPICO, INCLUINDO FORMAS, ESCAVACAO, REATERRO E MATERIAIS, EXCLUINDO MATERIAL REATERRO JAZIDA E TRANSPORTE.","UN",1026.97]
["73856/3","BOCA PARA BUEIRO SIMPLES TUBULAR, DIAMETRO =0,80M, EM CONCRETO CICLOPICO, INCLUINDO FORMAS, ESCAVACAO, REATERRO E MATERIAIS, EXCLUINDO MATERIAL REATERRO JAZIDA E TRANSPORTE.","UN",1533.99]
["73856/4","BOCA PARA BUEIRO SIMPLES TUBULAR, DIAMETRO =1,00M, EM CONCRETO CICLOPICO, INCLUINDO FORMAS, ESCAVACAO, REATERRO E MATERIAIS, EXCLUINDO MATERIAL REATERRO JAZIDA E TRANSPORTE.","UN",2157.28]
["73856/5","BOCA PARA BUEIRO SIMPLES TUBULAR, DIAMETRO =1,20M, EM CONCRETO CICLOPICO, INCLUINDO FORMAS, ESCAVACAO, REATERRO E MATERIAIS, EXCLUINDO MATERIAL REATERRO JAZIDA E TRANSPORTE.","UN",2902.34]
["73856/6","BOCA PARA BUEIRO DUPLO TUBULAR, DIAMETRO =0,40M, EM CONCRETO CICLOPICO, INCLUINDO FORMAS, ESCAVACAO, REATERRO E MATERIAIS, EXCLUINDO MATERIAL REATERRO JAZIDA E TRANSPORTE.","UN",886.69]
["73856/7","BOCA PARA BUEIRO DUPLO TUBULAR, DIAMETRO =0,60M, EM CONCRETO CICLOPICO, INCLUINDO FORMAS, ESCAVACAO, REATERRO E MATERIAIS, EXCLUINDO MATERIAL REATERRO JAZIDA E TRANSPORTE.","UN",1456.03]
["73856/8","BOCA PARA BUEIRO DUPLO TUBULAR, DIAMETRO =0,80M, EM CONCRETO CICLOPICO, INCLUINDO FORMAS, ESCAVACAO, REATERRO E MATERIAIS, EXCLUINDO MATERIAL REATERRO JAZIDA E TRANSPORTE.","UN",2179.42]
["73856/9","BOCA PARA BUEIRO DUPLO TUBULAR, DIAMETRO =1,00M, EM CONCRETO CICLOPICO, INCLUINDO FORMAS, ESCAVACAO, REATERRO E MATERIAIS, EXCLUINDO MATERIAL REATERRO JAZIDA E TRANSPORTE.","UN",2742.48]
["73856/10","BOCA PARA BUEIRO DUPLOTUBULAR, DIAMETRO =1,20M, EM CONCRETO CICLOPICO, INCLUINDO FORMAS, ESCAVACAO, REATERRO E MATERIAIS, EXCLUINDO MATERIAL REATERRO JAZIDA E TRANSPORTE.","UN",4118.77]
["73856/11","BOCA PARA BUEIRO TRIPLO TUBULAR, DIAMETRO =0,40M, EM CONCRETO CICLOPICO, INCLUINDO FORMAS, ESCAVACAO, REATERRO E MATERIAIS, EXCLUINDO MATERIAL REATERRO JAZIDA E TRANSPORTE.","UN",1143.62]
["73856/12","BOCA PARA BUEIRO TRIPLO TUBULAR, DIAMETRO =0,60M, EM CONCRETO CICLOPICO, INCLUINDO FORMAS, ESCAVACAO, REATERRO E MATERIAIS, EXCLUINDO MATERIAL REATERRO JAZIDA E TRANSPORTE.","UN",1884.58]
["73856/13","BOCA PARA BUEIRO TRIPLO TUBULAR, DIAMETRO =0,80M, EM CONCRETO CICLOPICO, INCLUINDO FORMAS, ESCAVACAO, REATERRO E MATERIAIS, EXCLUINDO MATERIAL REATERRO JAZIDA E TRANSPORTE.","UN",2824.47]
["73856/14","BOCA PARA BUEIRO TRIPLO TUBULAR, DIAMETRO =1,00M, EM CONCRETO CICLOPICO, INCLUINDO FORMAS, ESCAVACAO, REATERRO E MATERIAIS, EXCLUINDO MATERIAL REATERRO JAZIDA E TRANSPORTE.","UN",3971.92]
["73856/15","BOCA PARA BUEIRO TRIPLO TUBULAR, DIAMETRO =1,20M, EM CONCRETO CICLOPICO, INCLUINDO FORMAS, ESCAVACAO, REATERRO E MATERIAIS, EXCLUINDO MATERIAL REATERRO JAZIDA E TRANSPORTE.","UN",5335.3]
["74224/1","POCO DE VISITA PARA DRENAGEM PLUVIAL, EM CONCRETO ESTRUTURAL, DIMENSOES INTERNAS DE 90X150X80CM (LARGXCOMPXALT), PARA REDE DE 600 MM, EXCLUSOS TAMPAO E CHAMINE.","UN",1459.71]
[83659,"BOCA DE LOBO EM ALVENARIA TIJOLO MACICO, REVESTIDA C/ ARGAMASSA DE CIMENTO E AREIA 1:3, SOBRE LASTRO DE CONCRETO 10CM E TAMPA DE CONCRETO ARMADO","UN",821.71]
[83716,"GRELHA FF 30X90CM, 135KG, P/ CX RALO COM ASSENTAMENTO DE ARGAMASSA CIMENTO/AREIA 1:4 - FORNECIMENTO E INSTALAÇÃO","UN",307.74]
[97976,"POÇO DE INSPEÇÃO CIRCULAR PARA ESGOTO, EM ALVENARIA COM TIJOLOS CERÂMICOS MACIÇOS, DIÂMETRO INTERNO = 0,6 M, PROFUNDIDADE = 1 M, EXCLUINDO TAMPÃO. AF_05/2018","UN",883.67]
[97977,"POÇO DE INSPEÇÃO CIRCULAR PARA ESGOTO, EM ALVENARIA COM TIJOLOS CERÂMICOS MACIÇOS, DIÂMETRO INTERNO = 0,6 M, PROFUNDIDADE = 1,5 M, EXCLUINDO TAMPÃO. AF_05/2018","UN",1284.99]
[97980,"BASE PARA POÇO DE VISITA CIRCULAR PARA  ESGOTO, EM ALVENARIA COM TIJOLOS CERÂMICOS MACIÇOS, DIÂMETRO INTERNO = 0,8 M, PROFUNDIDADE = 1,45 M, EXCLUINDO TAMPÃO. AF_05/2018","UN",1645.04]
[97981,"ACRÉSCIMO PARA POÇO DE VISITA CIRCULAR PARA ESGOTO, EM ALVENARIA COM TIJOLOS CERÂMICOS MACIÇOS, DIÂMETRO INTERNO = 0,8 M. AF_05/2018","M",986.85]
[97983,"ACRÉSCIMO PARA POÇO DE VISITA CIRCULAR PARA ESGOTO, EM CONCRETO PRÉ-MOLDADO, DIÂMETRO INTERNO = 1 M. AF_05/2018","M",333.9]
[97985,"ACRÉSCIMO PARA POÇO DE VISITA CIRCULAR PARA  ESGOTO, EM ALVENARIA COM TIJOLOS CERÂMICOS MACIÇOS, DIÂMETRO INTERNO = 1 M. AF_05/2018","M",1196.68]
[97987,"ACRÉSCIMO PARA POÇO DE VISITA CIRCULAR PARA ESGOTO, EM CONCRETO PRÉ-MOLDADO, DIÂMETRO INTERNO = 1,2 M. AF_05/2018","M",375.35]
[97988,"BASE PARA POÇO DE VISITA CIRCULAR PARA  ESGOTO, EM ALVENARIA COM TIJOLOS CERÂMICOS MACIÇOS, DIÂMETRO INTERNO = 1,2 M, PROFUNDIDADE = 1,45 M, EXCLUINDO TAMPÃO. AF_05/2018","UN",2369.9]
[97989,"ACRÉSCIMO PARA POÇO DE VISITA CIRCULAR PARA ESGOTO, EM ALVENARIA COM TIJOLOS CERÂMICOS MACIÇOS, DIÂMETRO INTERNO = 1,2 M. AF_05/2018","M",1406.52]
[97991,"ACRÉSCIMO PARA POÇO DE VISITA CIRCULAR PARA  ESGOTO, EM CONCRETO PRÉ-MOLDADO, DIÂMETRO INTERNO = 1,5 M. AF_05/2018","M",580.55]
[97992,"BASE PARA POÇO DE VISITA CIRCULAR PARA  ESGOTO, EM ALVENARIA COM TIJOLOS CERÂMICOS MACIÇOS, DIÂMETRO INTERNO = 1,5 M, PROFUNDIDADE = 1,45 M, EXCLUINDO TAMPÃO. AF_05/2018","UN",2995.22]
[97993,"ACRÉSCIMO PARA POÇO DE VISITA CIRCULAR PARA  ESGOTO, EM ALVENARIA COM TIJOLOS CERÂMICOS MACIÇOS, DIÂMETRO INTERNO = 1,5 M. AF_05/2018","M",1721.29]
[97994,"BASE PARA POÇO DE VISITA RETANGULAR PARA  ESGOTO, EM ALVENARIA COM BLOCOS DE CONCRETO, DIMENSÕES INTERNAS = 1X1 M, PROFUNDIDADE = 1,45 M, EXCLUINDO TAMPÃO. AF_05/2018","UN",2077.36]
[97995,"ACRÉSCIMO PARA POÇO DE VISITA RETANGULAR PARA ESGOTO, EM ALVENARIA COM BLOCOS DE CONCRETO, DIMENSÕES INTERNAS = 1X1 M. AF_05/2018","M",1080.63]
[97996,"BASE PARA POÇO DE VISITA RETANGULAR PARA ESGOTO, EM ALVENARIA COM BLOCOS DE CONCRETO, DIMENSÕES INTERNAS = 1X1,5 M, PROFUNDIDADE = 1,45 M, EXCLUINDO TAMPÃO. AF_05/2018","UN",2619.88]
[97997,"ACRÉSCIMO PARA POÇO DE VISITA RETANGULAR PARA ESGOTO, EM ALVENARIA COM BLOCOS DE CONCRETO, DIMENSÕES INTERNAS = 1X1,5 M. AF_05/2018","M",1294.7]
[97999,"ACRÉSCIMO PARA POÇO DE VISITA RETANGULAR PARA ESGOTO, EM ALVENARIA COM BLOCOS DE CONCRETO, DIMENSÕES INTERNAS = 1X2 M. AF_05/2018","M",1508.78]
[98001,"ACRÉSCIMO PARA POÇO DE VISITA RETANGULAR PARA ESGOTO, EM ALVENARIA COM BLOCOS DE CONCRETO, DIMENSÕES INTERNAS = 1X2,5 M. AF_05/2018","M",1722.86]
[98002,"BASE PARA POÇO DE VISITA RETANGULAR PARA ESGOTO, EM ALVENARIA COM BLOCOS DE CONCRETO, DIMENSÕES INTERNAS = 1X3 M, PROFUNDIDADE = 1,45 M, EXCLUINDO TAMPÃO. AF_05/2018","UN",4271.03]
[98003,"ACRÉSCIMO PARA POÇO DE VISITA RETANGULAR PARA ESGOTO, EM ALVENARIA COM BLOCOS DE CONCRETO, DIMENSÕES INTERNAS = 1X3 M. AF_05/2018","M",1936.97]
[98005,"ACRÉSCIMO PARA POÇO DE VISITA RETANGULAR PARA ESGOTO, EM ALVENARIA COM BLOCOS DE CONCRETO, DIMENSÕES INTERNAS = 1X3,5 M. AF_05/2018","M",2151.07]
[98006,"BASE PARA POÇO DE VISITA RETANGULAR PARA ESGOTO, EM ALVENARIA COM BLOCOS DE CONCRETO, DIMENSÕES INTERNAS = 1X4 M, PROFUNDIDADE = 1,45 M, EXCLUINDO TAMPÃO. AF_05/2018","UN",5361.94]
[98007,"ACRÉSCIMO PARA POÇO DE VISITA RETANGULAR PARA ESGOTO, EM ALVENARIA COM BLOCOS DE CONCRETO, DIMENSÕES INTERNAS = 1X4 M. AF_05/2018","M",2365.15]
[98008,"BASE PARA POÇO DE VISITA RETANGULAR PARA ESGOTO, EM ALVENARIA COM BLOCOS DE CONCRETO, DIMENSÕES INTERNAS = 1,5X1,5 M, PROFUNDIDADE = 1,45 M, EXCLUINDO TAMPÃO . AF_05/2018","UN",3226.77]
[98009,"ACRÉSCIMO PARA POÇO DE VISITA RETANGULAR PARA ESGOTO, EM ALVENARIA COM BLOCOS DE CONCRETO, DIMENSÕES INTERNAS = 1,5X1,5 M. AF_05/2018","M",1508.78]
[98010,"BASE PARA POÇO DE VISITA RETANGULAR PARA ESGOTO, EM ALVENARIA COM BLOCOS DE CONCRETO, DIMENSÕES INTERNAS = 1,5X2 M, PROFUNDIDADE = 1,45 M, EXCLUINDO TAMPÃO. AF_05/2018","UN",3920.33]
[98011,"ACRÉSCIMO PARA POÇO DE VISITA RETANGULAR PARA ESGOTO, EM ALVENARIA COM BLOCOS DE CONCRETO, DIMENSÕES INTERNAS = 1,5X2 M. AF_05/2018","M",1722.86]
[98012,"BASE PARA POÇO DE VISITA RETANGULAR PARA ESGOTO, EM ALVENARIA COM BLOCOS DE CONCRETO, DIMENSÕES INTERNAS = 1,5X2,5 M, PROFUNDIDADE = 1,45 M, EXCLUINDO TAMPÃO. AF_05/2018","UN",4595.13]
[98013,"ACRÉSCIMO PARA POÇO DE VISITA RETANGULAR PARA ESGOTO, EM ALVENARIA COM BLOCOS DE CONCRETO, DIMENSÕES INTERNAS = 1,5X2,5 M. AF_05/2018","M",1936.97]
[98014,"BASE PARA POÇO DE VISITA RETANGULAR PARA ESGOTO, EM ALVENARIA COM BLOCOS DE CONCRETO, DIMENSÕES INTERNAS = 1,5X3 M, PROFUNDIDADE = 1,45 M, EXCLUINDO TAMPÃO. AF_05/2018","UN",5269.86]
[98015,"ACRÉSCIMO PARA POÇO DE VISITA RETANGULAR PARA ESGOTO, EM ALVENARIA COM BLOCOS DE CONCRETO, DIMENSÕES INTERNAS = 1,5X3 M. AF_05/2018","M",2151.07]
[98016,"BASE PARA POÇO DE VISITA RETANGULAR PARA ESGOTO, EM ALVENARIA COM BLOCOS DE CONCRETO, DIMENSÕES INTERNAS = 1,5X3,5 M, PROFUNDIDADE = 1,45 M, EXCLUINDO TAMPÃO. AF_05/2018","UN",5944.68]
[98017,"ACRÉSCIMO PARA POÇO DE VISITA RETANGULAR PARA ESGOTO, EM ALVENARIA COM BLOCOS DE CONCRETO, DIMENSÕES INTERNAS = 1,5X3,5 M. AF_05/2018","M",2365.15]
[98018,"BASE PARA POÇO DE VISITA RETANGULAR PARA ESGOTO, EM ALVENARIA COM BLOCOS DE CONCRETO, DIMENSÕES INTERNAS = 1,5X4 M, PROFUNDIDADE = 1,45 M, EXCLUINDO TAMPÃO. AF_05/2018","UN",6619.48]
[98019,"ACRÉSCIMO PARA POÇO DE VISITA RETANGULAR PARA ESGOTO, EM ALVENARIA COM BLOCOS DE CONCRETO, DIMENSÕES INTERNAS = 1,5X4 M. AF_05/2018","M",2606.72]
[98020,"BASE PARA POÇO DE VISITA RETANGULAR PARA ESGOTO, EM ALVENARIA COM BLOCOS DE CONCRETO, DIMENSÕES INTERNAS = 2X2 M, PROFUNDIDADE = 1,45 M, EXCLUINDO TAMPÃO. AF_05/2018","UN",4725.04]
[98021,"ACRÉSCIMO PARA POÇO DE VISITA RETANGULAR PARA ESGOTO, EM ALVENARIA COM BLOCOS DE CONCRETO, DIMENSÕES INTERNAS = 2X2 M. AF_05/2018","M",1964.48]
[98022,"BASE PARA POÇO DE VISITA RETANGULAR PARA ESGOTO, EM ALVENARIA COM BLOCOS DE CONCRETO, DIMENSÕES INTERNAS = 2X2,5 M, PROFUNDIDADE = 1,45 M, EXCLUINDO TAMPÃO. AF_05/2018","UN",5522.2]
[98023,"ACRÉSCIMO PARA POÇO DE VISITA RETANGULAR PARA ESGOTO, EM ALVENARIA COM BLOCOS DE CONCRETO, DIMENSÕES INTERNAS = 2X2,5 M. AF_05/2018","M",2178.58]
[98024,"BASE PARA POÇO DE VISITA RETANGULAR PARA ESGOTO, EM ALVENARIA COM BLOCOS DE CONCRETO, DIMENSÕES INTERNAS = 2X3 M, PROFUNDIDADE = 1,45 M, EXCLUINDO TAMPÃO. AF_05/2018","UN",6362.02]
[98025,"ACRÉSCIMO PARA POÇO DE VISITA RETANGULAR PARA ESGOTO, EM ALVENARIA COM BLOCOS DE CONCRETO, DIMENSÕES INTERNAS = 2X3 M. AF_05/2018","M",2392.66]
[98026,"BASE PARA POÇO DE VISITA RETANGULAR PARA ESGOTO, EM ALVENARIA COM BLOCOS DE CONCRETO, DIMENSÕES INTERNAS = 2X3,5 M, PROFUNDIDADE = 1,45 M, EXCLUINDO TAMPÃO. AF_05/2018","UN",7164.46]
[98027,"ACRÉSCIMO PARA POÇO DE VISITA RETANGULAR PARA ESGOTO, EM ALVENARIA COM BLOCOS DE CONCRETO, DIMENSÕES INTERNAS = 2X3,5 M. AF_05/2018","M",2606.72]
[98028,"BASE PARA POÇO DE VISITA RETANGULAR PARA ESGOTO, EM ALVENARIA COM BLOCOS DE CONCRETO, DIMENSÕES INTERNAS = 2X4 M, PROFUNDIDADE = 1,45 M, EXCLUINDO TAMPÃO. AF_05/2018","UN",7966.86]
[98029,"ACRÉSCIMO PARA POÇO DE VISITA RETANGULAR PARA ESGOTO, EM ALVENARIA COM BLOCOS DE CONCRETO, DIMENSÕES INTERNAS = 2X4 M. AF_05/2018","M",2826.49]
[98030,"BASE PARA POÇO DE VISITA RETANGULAR PARA ESGOTO, EM ALVENARIA COM BLOCOS DE CONCRETO, DIMENSÕES INTERNAS = 2,5X2,5 M, PROFUNDIDADE = 1,45 M, EXCLUINDO TAMPÃO. AF_05/2018","UN",6482]
[98031,"ACRÉSCIMO PARA POÇO DE VISITA RETANGULAR PARA ESGOTO, EM ALVENARIA COM BLOCOS DE CONCRETO, DIMENSÕES INTERNAS = 2,5X2,5 M. AF_05/2018","M",2398.4]
[98032,"BASE PARA POÇO DE VISITA RETANGULAR PARA ESGOTO, EM ALVENARIA COM BLOCOS DE CONCRETO, DIMENSÕES INTERNAS = 2,5X3 M, PROFUNDIDADE = 1,45 M, EXCLUINDO TAMPÃO. AF_05/2018","UN",7437.16]
[98033,"ACRÉSCIMO PARA POÇO DE VISITA RETANGULAR PARA ESGOTO, EM ALVENARIA COM BLOCOS DE CONCRETO, DIMENSÕES INTERNAS = 2,5X3 M. AF_05/2018","M",2612.46]
[98034,"BASE PARA POÇO DE VISITA RETANGULAR PARA ESGOTO, EM ALVENARIA COM BLOCOS DE CONCRETO, DIMENSÕES INTERNAS = 2,5X3,5 M, PROFUNDIDADE = 1,45 M, EXCLUINDO TAMPÃO. AF_05/2018","UN",8392.35]
[98035,"ACRÉSCIMO PARA POÇO DE VISITA RETANGULAR PARA ESGOTO, EM ALVENARIA COM BLOCOS DE CONCRETO, DIMENSÕES INTERNAS = 2,5X3,5 M. AF_05/2018","M",2826.49]
[98036,"BASE PARA POÇO DE VISITA RETANGULAR PARA ESGOTO, EM ALVENARIA COM BLOCOS DE CONCRETO, DIMENSÕES INTERNAS = 2,5X4 M, PROFUNDIDADE = 1,45 M, EXCLUINDO TAMPÃO. AF_05/2018","UN",9347.57]
[98037,"ACRÉSCIMO PARA POÇO DE VISITA RETANGULAR PARA ESGOTO, EM ALVENARIA COM BLOCOS DE CONCRETO, DIMENSÕES INTERNAS = 2,5X4 M. AF_05/2018","M",3046.31]
[98038,"BASE PARA POÇO DE VISITA RETANGULAR PARA ESGOTO, EM ALVENARIA COM BLOCOS DE CONCRETO, DIMENSÕES INTERNAS = 3X3 M, PROFUNDIDADE = 1,45 M, EXCLUINDO TAMPÃO. AF_05/2018","UN",8568.55]
[98039,"ACRÉSCIMO PARA POÇO DE VISITA RETANGULAR PARA ESGOTO, EM ALVENARIA COM BLOCOS DE CONCRETO, DIMENSÕES INTERNAS = 3X3 M. AF_05/2018","M",2832.23]
[98040,"BASE PARA POÇO DE VISITA RETANGULAR PARA ESGOTO, EM ALVENARIA COM BLOCOS DE CONCRETO, DIMENSÕES INTERNAS = 3X3,5 M, PROFUNDIDADE = 1,45 M, EXCLUINDO TAMPÃO. AF_05/2018","UN",9662.84]
[98041,"ACRÉSCIMO PARA POÇO DE VISITA RETANGULAR PARA ESGOTO, EM ALVENARIA COM BLOCOS DE CONCRETO, DIMENSÕES INTERNAS = 3X3,5 M. AF_05/2018","M",3046.31]
[98042,"BASE PARA POÇO DE VISITA RETANGULAR PARA ESGOTO, EM ALVENARIA COM BLOCOS DE CONCRETO, DIMENSÕES INTERNAS = 3X4 M, PROFUNDIDADE = 1,45 M, EXCLUINDO TAMPÃO. AF_05/2018","UN",10757.1]
[98043,"ACRÉSCIMO PARA POÇO DE VISITA RETANGULAR PARA ESGOTO, EM ALVENARIA COM BLOCOS DE CONCRETO, DIMENSÕES INTERNAS = 3X4 M. AF_05/2018","M",3266.12]
[98044,"BASE PARA POÇO DE VISITA RETANGULAR PARA ESGOTO, EM ALVENARIA COM BLOCOS DE CONCRETO, DIMENSÕES INTERNAS = 3,5X3,5 M, PROFUNDIDADE = 1,45 M, EXCLUINDO TAMPÃO. AF_05/2018","UN",10939.99]
[98045,"ACRÉSCIMO PARA POÇO DE VISITA RETANGULAR PARA ESGOTO, EM ALVENARIA COM BLOCOS DE CONCRETO, DIMENSÕES INTERNAS = 3,5X3,5 M. AF_05/2018","M",3266.12]
[98046,"BASE PARA POÇO DE VISITA RETANGULAR PARA ESGOTO, EM ALVENARIA COM BLOCOS DE CONCRETO, DIMENSÕES INTERNAS = 3,5X4 M, PROFUNDIDADE = 1,45 M, EXCLUINDO TAMPÃO. AF_05/2018","UN",12174.3]
[98047,"ACRÉSCIMO PARA POÇO DE VISITA RETANGULAR PARA ESGOTO, EM ALVENARIA COM BLOCOS DE CONCRETO, DIMENSÕES INTERNAS = 3,5X4 M. AF_05/2018","M",3485.95]
[98048,"BASE PARA POÇO DE VISITA RETANGULAR PARA ESGOTO, EM ALVENARIA COM BLOCOS DE CONCRETO, DIMENSÕES INTERNAS = 4X4 M, PROFUNDIDADE = 1,45 M, EXCLUINDO TAMPÃO. AF_05/2018","UN",13599.33]
[98049,"ACRÉSCIMO PARA POÇO DE VISITA RETANGULAR PARA ESGOTO, EM ALVENARIA COM BLOCOS DE CONCRETO, DIMENSÕES INTERNAS = 4X4 M. AF_05/2018","M",3649.58]
[98050,"CHAMINÉ CIRCULAR PARA POÇO DE VISITA PARA ESGOTO, EM CONCRETO PRÉ-MOLDADO, DIÂMETRO INTERNO = 0,6 M. AF_05/2018","M",180.19]
[98051,"CHAMINÉ CIRCULAR PARA POÇO DE VISITA PARA ESGOTO, EM ALVENARIA COM TIJOLOS CERÂMICOS MACIÇOS, DIÂMETRO INTERNO = 0,6 M. AF_05/2018","M",776.96]
[98405,"BASE PARA POÇO DE VISITA CIRCULAR PARA  ESGOTO, EM ALVENARIA COM TIJOLOS CERÂMICOS MACIÇOS, DIÂMETRO INTERNO = 1 M, PROFUNDIDADE = 1,45 M, EXCLUINDO TAMPÃO. AF_05/2018","UN",2011.69]
[98406,"BASE PARA POÇO DE VISITA RETANGULAR PARA ESGOTO, EM ALVENARIA COM BLOCOS DE CONCRETO, DIMENSÕES INTERNAS = 1X3,5 M, PROFUNDIDADE = 1,45 M, EXCLUINDO TAMPÃO. AF_05/2018","UN",4816.45]
[98407,"BASE PARA POÇO DE VISITA RETANGULAR PARA ESGOTO, EM ALVENARIA COM BLOCOS DE CONCRETO, DIMENSÕES INTERNAS = 1X2 M, PROFUNDIDADE = 1,45 M, EXCLUINDO TAMPÃO. AF_05/2018","UN",3162.3]
[98408,"BASE PARA POÇO DE VISITA RETANGULAR PARA ESGOTO, EM ALVENARIA COM BLOCOS DE CONCRETO, DIMENSÕES INTERNAS = 1X2,5 M, PROFUNDIDADE = 1,45 M, EXCLUINDO TAMPÃO. AF_05/2018","UN",3704.78]
[98409,"ACRÉSCIMO PARA POÇO DE VISITA CIRCULAR PARA ESGOTO, EM CONCRETO PRÉ-MOLDADO, DIÂMETRO INTERNO = 0,8 M. AF_05/2018","M",276.01]
[98414,"BASE PARA POÇO DE VISITA CIRCULAR PARA  ESGOTO, EM CONCRETO PRÉ-MOLDADO, DIÂMETRO INTERNO = 1 M, PROFUNDIDADE = 1,45 M, EXCLUINDO TAMPÃO. AF_05/2018_P","UN",902.13]
[98415,"(COMPOSIÇÃO REPRESENTATIVA) POÇO DE VISITA CIRCULAR PARA ESGOTO, EM CONCRETO PRÉ-MOLDADO, DIÂMETRO INTERNO = 1,0 M, PROFUNDIDADE ATÉ 1,50 M, EXCLUINDO TAMPÃO. AF_04/2018","UN",902.13]
[98416,"(COMPOSIÇÃO REPRESENTATIVA) POÇO DE VISITA CIRCULAR PARA ESGOTO, EM CONCRETO PRÉ-MOLDADO, DIÂMETRO INTERNO = 1,0 M, PROFUNDIDADE DE 1,50 A 2,00 M, EXCLUINDO TAMPÃO. AF_04/2018","UN",1069.08]
[98417,"(COMPOSIÇÃO REPRESENTATIVA) POÇO DE VISITA CIRCULAR PARA ESGOTO, EM CONCRETO PRÉ-MOLDADO, DIÂMETRO INTERNO = 1,0 M, PROFUNDIDADE DE 2,00 A 2,50 M, EXCLUINDO TAMPÃO. AF_04/2018","UN",1236.03]
[98418,"(COMPOSIÇÃO REPRESENTATIVA) POÇO DE VISITA CIRCULAR PARA ESGOTO, EM CONCRETO PRÉ-MOLDADO, DIÂMETRO INTERNO = 1,0 M, PROFUNDIDADE DE 2,50 A 3,00 M, EXCLUINDO TAMPÃO. AF_04/2018","UN",1326.12]
[98419,"(COMPOSIÇÃO REPRESENTATIVA) POÇO DE VISITA CIRCULAR PARA ESGOTO, EM CONCRETO PRÉ-MOLDADO, DIÂMETRO INTERNO = 1,0 M, PROFUNDIDADE DE 3,00 A 3,50 M, EXCLUINDO TAMPÃO. AF_04/2018","UN",1416.22]
[98420,"(COMPOSIÇÃO REPRESENTATIVA) POÇO DE VISITA CIRCULAR PARA ESGOTO, EM CONCRETO PRÉ-MOLDADO, DIÂMETRO INTERNO = 1,0 M, PROFUNDIDADE ATÉ 1,50 M, INCLUINDO TAMPÃO DE FERRO FUNDIDO, DIÂMETRO DE 60 CM. AF_04/2018","UN",1284.79]
[98421,"(COMPOSIÇÃO REPRESENTATIVA) POÇO DE VISITA CIRCULAR PARA ESGOTO, EM CONCRETO PRÉ-MOLDADO, DIÂMETRO INTERNO = 1,0 M, PROFUNDIDADE DE 1,50 A 2,00 M, INCLUINDO TAMPÃO DE FERRO FUNDIDO, DIÂMETRO DE 60 CM. AF_04/2018","UN",1451.74]
[98422,"(COMPOSIÇÃO REPRESENTATIVA) POÇO DE VISITA CIRCULAR PARA ESGOTO, EM CONCRETO PRÉ-MOLDADO, DIÂMETRO INTERNO = 1,0 M, PROFUNDIDADE DE 2,00 A 2,50 M, INCLUINDO TAMPÃO DE FERRO FUNDIDO, DIÂMETRO DE 60 CM. AF_04/2018","UN",1618.69]
[98423,"(COMPOSIÇÃO REPRESENTATIVA) POÇO DE VISITA CIRCULAR PARA ESGOTO, EM CONCRETO PRÉ-MOLDADO, DIÂMETRO INTERNO = 1,0 M, PROFUNDIDADE DE 2,50 A 3,00 M, INCLUINDO TAMPÃO DE FERRO FUNDIDO, DIÂMETRO DE 60 CM. AF_04/2018","UN",1708.78]
[98424,"(COMPOSIÇÃO REPRESENTATIVA) POÇO DE VISITA CIRCULAR PARA ESGOTO, EM CONCRETO PRÉ-MOLDADO, DIÂMETRO INTERNO = 1,0 M, PROFUNDIDADE DE 3,00 A 3,50 M, INCLUINDO TAMPÃO DE FERRO FUNDIDO, DIÂMETRO DE 60 CM. AF_04/2018","UN",1798.88]
[98425,"(COMPOSIÇÃO REPRESENTATIVA) POÇO DE VISITA CIRCULAR PARA ESGOTO, EM ALVENARIA COM TIJOLOS CERÂMICOS MACIÇOS, DIÂMETRO INTERNO = 1,2 M, PROFUNDIDADE ATÉ 1,50 M, EXCLUINDO TAMPÃO. AF_04/2018","UN",2369.9]
[98426,"(COMPOSIÇÃO REPRESENTATIVA) POÇO DE VISITA CIRCULAR PARA ESGOTO, EM ALVENARIA COM TIJOLOS CERÂMICOS MACIÇOS, DIÂMETRO INTERNO = 1,2 M, PROFUNDIDADE DE 1,50 A 2,00 M, EXCLUINDO TAMPÃO. AF_04/2018","UN",3073.16]
[98427,"(COMPOSIÇÃO REPRESENTATIVA) POÇO DE VISITA CIRCULAR PARA ESGOTO, EM ALVENARIA COM TIJOLOS CERÂMICOS MACIÇOS, DIÂMETRO INTERNO = 1,2 M, PROFUNDIDADE DE 2,00 A 2,50 M, EXCLUINDO TAMPÃO. AF_04/2018","UN",3776.42]
[98428,"(COMPOSIÇÃO REPRESENTATIVA) POÇO DE VISITA CIRCULAR PARA ESGOTO, EM ALVENARIA COM TIJOLOS CERÂMICOS MACIÇOS, DIÂMETRO INTERNO = 1,2 M, PROFUNDIDADE DE 2,50 A 3,00 M, EXCLUINDO TAMPÃO. AF_04/2018","UN",4164.9]
[98429,"(COMPOSIÇÃO REPRESENTATIVA) POÇO DE VISITA CIRCULAR PARA ESGOTO, EM ALVENARIA COM TIJOLOS CERÂMICOS MACIÇOS, DIÂMETRO INTERNO = 1,2 M, PROFUNDIDADE DE 3,00 A 3,50 M, EXCLUINDO TAMPÃO. AF_04/2018","UN",4553.38]
[98430,"(COMPOSIÇÃO REPRESENTATIVA) POÇO DE VISITA CIRCULAR PARA ESGOTO, EM ALVENARIA COM TIJOLOS CERÂMICOS MACIÇOS, DIÂMETRO INTERNO = 1,2 M, PROFUNDIDADE ATÉ 1,50 M, INCLUINDO TAMPÃO DE FERRO FUNDIDO, DIÂMETRO DE 60 CM. AF_04/2018","UN",2752.56]
[98431,"(COMPOSIÇÃO REPRESENTATIVA) POÇO DE VISITA CIRCULAR PARA ESGOTO, EM ALVENARIA COM TIJOLOS CERÂMICOS MACIÇOS, DIÂMETRO INTERNO = 1,2 M, PROFUNDIDADE DE 1,50 A 2,00 M, INCLUINDO TAMPÃO DE FERRO FUNDIDO, DIÂMETRO DE 60 CM. AF_04/2018","UN",3455.82]
[98432,"(COMPOSIÇÃO REPRESENTATIVA) POÇO DE VISITA CIRCULAR PARA ESGOTO, EM ALVENARIA COM TIJOLOS CERÂMICOS MACIÇOS, DIÂMETRO INTERNO = 1,2 M, PROFUNDIDADE DE 2,00 A 2,50 M, INCLUINDO TAMPÃO DE FERRO FUNDIDO, DIÂMETRO DE 60 CM. AF_04/2018","UN",4159.08]
[98433,"(COMPOSIÇÃO REPRESENTATIVA) POÇO DE VISITA CIRCULAR PARA ESGOTO, EM ALVENARIA COM TIJOLOS CERÂMICOS MACIÇOS, DIÂMETRO INTERNO = 1,2 M, PROFUNDIDADE DE 2,50 A 3,00 M, INCLUINDO TAMPÃO DE FERRO FUNDIDO, DIÂMETRO DE 60 CM. AF_04/2018","UN",4547.56]
[98434,"(COMPOSIÇÃO REPRESENTATIVA) POÇO DE VISITA CIRCULAR PARA ESGOTO, EM ALVENARIA COM TIJOLOS CERÂMICOS MACIÇOS, DIÂMETRO INTERNO = 1,2 M, PROFUNDIDADE DE 3,00 A 3,50 M, INCLUINDO TAMPÃO DE FERRO FUNDIDO, DIÂMETRO DE 60 CM. AF_04/2018","UN",4936.04]
[99240,"ACRÉSCIMO PARA POÇO DE VISITA CIRCULAR PARA DRENAGEM, EM CONCRETO PRÉ-MOLDADO, DIÂMETRO INTERNO = 1,2 M. AF_05/2018","M",366.99]
[99241,"ACRÉSCIMO PARA POÇO DE VISITA RETANGULAR PARA DRENAGEM, EM ALVENARIA COM BLOCOS DE CONCRETO, DIMENSÕES INTERNAS = 1,5X1,5 M. AF_05/2018","M",1464.96]
[99242,"BASE PARA POÇO DE VISITA CIRCULAR PARA DRENAGEM, EM ALVENARIA COM TIJOLOS CERÂMICOS MACIÇOS, DIÂMETRO INTERNO = 1,2 M, PROFUNDIDADE = 1,45 M, EXCLUINDO TAMPÃO. AF_05/2018","UN",2299.48]
[99243,"ACRÉSCIMO PARA POÇO DE VISITA CIRCULAR PARA DRENAGEM, EM ALVENARIA COM TIJOLOS CERÂMICOS MACIÇOS, DIÂMETRO INTERNO = 1,2 M. AF_05/2018","M",1350.09]
[99244,"BASE PARA POÇO DE VISITA RETANGULAR PARA DRENAGEM, EM ALVENARIA COM BLOCOS DE CONCRETO, DIMENSÕES INTERNAS = 1,5X2 M, PROFUNDIDADE = 1,45 M, EXCLUINDO TAMPÃO. AF_05/2018","UN",3830.16]
[99246,"ACRÉSCIMO PARA POÇO DE VISITA CIRCULAR PARA DRENAGEM, EM CONCRETO PRÉ-MOLDADO, DIÂMETRO INTERNO = 1,5 M. AF_05/2018","M",569.14]
[99247,"ACRÉSCIMO PARA POÇO DE VISITA RETANGULAR PARA DRENAGEM, EM ALVENARIA COM BLOCOS DE CONCRETO, DIMENSÕES INTERNAS = 1,5X2 M. AF_05/2018","M",1672.61]
[99248,"BASE PARA POÇO DE VISITA CIRCULAR PARA DRENAGEM, EM ALVENARIA COM TIJOLOS CERÂMICOS MACIÇOS, DIÂMETRO INTERNO = 1,5 M, PROFUNDIDADE = 1,45 M, EXCLUINDO TAMPÃO. AF_05/2018","UN",2907.8]
[99249,"ACRÉSCIMO PARA POÇO DE VISITA CIRCULAR PARA DRENAGEM, EM ALVENARIA COM TIJOLOS CERÂMICOS MACIÇOS, DIÂMETRO INTERNO = 1,5 M. AF_05/2018","M",1656.08]
[99252,"BASE PARA POÇO DE VISITA RETANGULAR PARA DRENAGEM, EM ALVENARIA COM BLOCOS DE CONCRETO, DIMENSÕES INTERNAS = 1X1 M, PROFUNDIDADE = 1,45 M, EXCLUINDO TAMPÃO. AF_05/2018","UN",2031.13]
[99254,"ACRÉSCIMO PARA POÇO DE VISITA RETANGULAR PARA DRENAGEM, EM ALVENARIA COM BLOCOS DE CONCRETO, DIMENSÕES INTERNAS = 1X1 M. AF_05/2018","M",1049.7]
[99256,"BASE PARA POÇO DE VISITA RETANGULAR PARA DRENAGEM, EM ALVENARIA COM BLOCOS DE CONCRETO, DIMENSÕES INTERNAS = 1,5X2,5 M, PROFUNDIDADE = 1,45 M, EXCLUINDO TAMPÃO. AF_05/2018","UN",4488.64]
[99259,"BASE PARA POÇO DE VISITA RETANGULAR PARA DRENAGEM, EM ALVENARIA COM BLOCOS DE CONCRETO, DIMENSÕES INTERNAS = 1X1,5 M, PROFUNDIDADE = 1,45 M, EXCLUINDO TAMPÃO. AF_05/2018","UN",2561.22]
[99261,"ACRÉSCIMO PARA POÇO DE VISITA RETANGULAR PARA DRENAGEM, EM ALVENARIA COM BLOCOS DE CONCRETO, DIMENSÕES INTERNAS = 1X1,5 M. AF_05/2018","M",1257.33]
[99263,"ACRÉSCIMO PARA POÇO DE VISITA RETANGULAR PARA DRENAGEM, EM ALVENARIA COM BLOCOS DE CONCRETO, DIMENSÕES INTERNAS = 1,5X2,5 M. AF_05/2018","M",1880.27]
[99265,"BASE PARA POÇO DE VISITA RETANGULAR PARA DRENAGEM, EM ALVENARIA COM BLOCOS DE CONCRETO, DIMENSÕES INTERNAS = 1X2 M, PROFUNDIDADE = 1,45 M, EXCLUINDO TAMPÃO. AF_05/2018","UN",3091.21]
[99266,"ACRÉSCIMO PARA POÇO DE VISITA RETANGULAR PARA DRENAGEM, EM ALVENARIA COM BLOCOS DE CONCRETO, DIMENSÕES INTERNAS = 1X2 M. AF_05/2018","M",1464.96]
[99267,"BASE PARA POÇO DE VISITA RETANGULAR PARA DRENAGEM, EM ALVENARIA COM BLOCOS DE CONCRETO, DIMENSÕES INTERNAS = 1X2,5 M, PROFUNDIDADE = 1,45 M, EXCLUINDO TAMPÃO. AF_05/2018","UN",3621.26]
[99269,"ACRÉSCIMO PARA POÇO DE VISITA RETANGULAR PARA DRENAGEM, EM ALVENARIA COM BLOCOS DE CONCRETO, DIMENSÕES INTERNAS = 1X2,5 M. AF_05/2018","M",1672.61]
[99271,"BASE PARA POÇO DE VISITA RETANGULAR PARA DRENAGEM, EM ALVENARIA COM BLOCOS DE CONCRETO, DIMENSÕES INTERNAS = 1,5X3 M, PROFUNDIDADE = 1,45 M, EXCLUINDO TAMPÃO. AF_05/2018","UN",5147.06]
[99272,"POÇO DE INSPEÇÃO CIRCULAR PARA DRENAGEM, EM ALVENARIA COM TIJOLOS CERÂMICOS MACIÇOS, DIÂMETRO INTERNO = 0,6 M, PROFUNDIDADE = 1 M, EXCLUINDO TAMPÃO. AF_05/2018","UN",853.92]
[99273,"POÇO DE INSPEÇÃO CIRCULAR PARA DRENAGEM, EM ALVENARIA COM TIJOLOS CERÂMICOS MACIÇOS, DIÂMETRO INTERNO = 0,6 M, PROFUNDIDADE = 1,5 M, EXCLUINDO TAMPÃO. AF_05/2018","UN",1234.5]
[99274,"BASE PARA POÇO DE VISITA RETANGULAR PARA DRENAGEM, EM ALVENARIA COM BLOCOS DE CONCRETO, DIMENSÕES INTERNAS = 1X3 M, PROFUNDIDADE = 1,45 M, EXCLUINDO TAMPÃO. AF_05/2018","UN",4175.08]
[99276,"ACRÉSCIMO PARA POÇO DE VISITA RETANGULAR PARA DRENAGEM, EM ALVENARIA COM BLOCOS DE CONCRETO, DIMENSÕES INTERNAS = 1,5X3 M. AF_05/2018","M",2087.92]
[99277,"ACRÉSCIMO PARA POÇO DE VISITA RETANGULAR PARA DRENAGEM, EM ALVENARIA COM BLOCOS DE CONCRETO, DIMENSÕES INTERNAS = 1X3 M. AF_05/2018","M",1880.27]
[99278,"ACRÉSCIMO PARA POÇO DE VISITA CIRCULAR PARA DRENAGEM, EM CONCRETO PRÉ-MOLDADO, DIÂMETRO INTERNO = 0,8 M. AF_05/2018","M",270.94]
[99279,"BASE PARA POÇO DE VISITA RETANGULAR PARA DRENAGEM, EM ALVENARIA COM BLOCOS DE CONCRETO, DIMENSÕES INTERNAS = 1X3,5 M, PROFUNDIDADE = 1,45 M, EXCLUINDO TAMPÃO. AF_05/2018","UN",4708.07]
[99280,"BASE PARA POÇO DE VISITA CIRCULAR PARA DRENAGEM, EM ALVENARIA COM TIJOLOS CERÂMICOS MACIÇOS, DIÂMETRO INTERNO = 0,8 M, PROFUNDIDADE = 1,45 M, EXCLUINDO TAMPÃO. AF_05/2018","UN",1591.5]
[99281,"ACRÉSCIMO PARA POÇO DE VISITA RETANGULAR PARA DRENAGEM, EM ALVENARIA COM BLOCOS DE CONCRETO, DIMENSÕES INTERNAS = 1X3,5 M. AF_05/2018","M",2087.92]
[99282,"ACRÉSCIMO PARA POÇO DE VISITA RETANGULAR PARA DRENAGEM, EM ALVENARIA COM BLOCOS DE CONCRETO, DIMENSÕES INTERNAS = 2,5X2,5 M. AF_05/2018","M",2324.13]
[99283,"ACRÉSCIMO PARA POÇO DE VISITA CIRCULAR PARA DRENAGEM, EM ALVENARIA COM TIJOLOS CERÂMICOS MACIÇOS, DIÂMETRO INTERNO = 0,8 M. AF_05/2018","M",942.12]
[99284,"BASE PARA POÇO DE VISITA RETANGULAR PARA DRENAGEM, EM ALVENARIA COM BLOCOS DE CONCRETO, DIMENSÕES INTERNAS = 1,5X3,5 M, PROFUNDIDADE = 1,45 M, EXCLUINDO TAMPÃO. AF_05/2018","UN",5805.58]
[99286,"BASE PARA POÇO DE VISITA RETANGULAR PARA DRENAGEM, EM ALVENARIA COM BLOCOS DE CONCRETO, DIMENSÕES INTERNAS = 1X4 M, PROFUNDIDADE = 1,45 M, EXCLUINDO TAMPÃO. AF_05/2018","UN",5241.13]
[99287,"BASE PARA POÇO DE VISITA RETANGULAR PARA DRENAGEM, EM ALVENARIA COM BLOCOS DE CONCRETO, DIMENSÕES INTERNAS = 2,5X3 M, PROFUNDIDADE = 1,45 M, EXCLUINDO TAMPÃO. AF_05/2018","UN",7250.65]
[99288,"ACRÉSCIMO PARA POÇO DE VISITA CIRCULAR PARA DRENAGEM, EM CONCRETO PRÉ-MOLDADO, DIÂMETRO INTERNO = 1 M. AF_05/2018","M",327.25]
[99289,"ACRÉSCIMO PARA POÇO DE VISITA RETANGULAR PARA DRENAGEM, EM ALVENARIA COM BLOCOS DE CONCRETO, DIMENSÕES INTERNAS = 1X4 M. AF_05/2018","M",2295.55]
[99290,"BASE PARA POÇO DE VISITA RETANGULAR PARA DRENAGEM, EM ALVENARIA COM BLOCOS DE CONCRETO, DIMENSÕES INTERNAS = 1,5X1,5 M, PROFUNDIDADE = 1,45 M, EXCLUINDO TAMPÃO. AF_05/2018","UN",3152.89]
[99291,"ACRÉSCIMO PARA POÇO DE VISITA RETANGULAR PARA DRENAGEM, EM ALVENARIA COM BLOCOS DE CONCRETO, DIMENSÕES INTERNAS = 1,5X3,5 M. AF_05/2018","M",2295.55]
[99292,"BASE PARA POÇO DE VISITA CIRCULAR PARA DRENAGEM, EM ALVENARIA COM TIJOLOS CERÂMICOS MACIÇOS, DIÂMETRO INTERNO = 1 M, PROFUNDIDADE = 1,45 M, EXCLUINDO TAMPÃO. AF_05/2018","UN",1949.57]
[99293,"ACRÉSCIMO PARA POÇO DE VISITA CIRCULAR PARA DRENAGEM, EM ALVENARIA COM TIJOLOS CERÂMICOS MACIÇOS, DIÂMETRO INTERNO = 1 M. AF_05/2018","M",1146.1]
[99294,"BASE PARA POÇO DE VISITA RETANGULAR PARA DRENAGEM, EM ALVENARIA COM BLOCOS DE CONCRETO, DIMENSÕES INTERNAS = 1,5X4 M, PROFUNDIDADE = 1,45 M, EXCLUINDO TAMPÃO. AF_05/2018","UN",6464.07]
[99296,"ACRÉSCIMO PARA POÇO DE VISITA RETANGULAR PARA DRENAGEM, EM ALVENARIA COM BLOCOS DE CONCRETO, DIMENSÕES INTERNAS = 2,5X3 M. AF_05/2018","M",2531.74]
[99297,"ACRÉSCIMO PARA POÇO DE VISITA RETANGULAR PARA DRENAGEM, EM ALVENARIA COM BLOCOS DE CONCRETO, DIMENSÕES INTERNAS = 1,5X4 M. AF_05/2018","M",2526.8]
[99298,"BASE PARA POÇO DE VISITA RETANGULAR PARA DRENAGEM, EM ALVENARIA COM BLOCOS DE CONCRETO, DIMENSÕES INTERNAS = 2,5X3,5 M, PROFUNDIDADE = 1,45 M, EXCLUINDO TAMPÃO. AF_05/2018","UN",8180.04]
[99299,"ACRÉSCIMO PARA POÇO DE VISITA RETANGULAR PARA DRENAGEM, EM ALVENARIA COM BLOCOS DE CONCRETO, DIMENSÕES INTERNAS = 2,5X3,5 M. AF_05/2018","M",2739.33]
[99300,"BASE PARA POÇO DE VISITA RETANGULAR PARA DRENAGEM, EM ALVENARIA COM BLOCOS DE CONCRETO, DIMENSÕES INTERNAS = 2,5X4 M, PROFUNDIDADE = 1,45 M, EXCLUINDO TAMPÃO. AF_05/2018","UN",9109.46]
[99301,"BASE PARA POÇO DE VISITA RETANGULAR PARA DRENAGEM, EM ALVENARIA COM BLOCOS DE CONCRETO, DIMENSÕES INTERNAS = 2X2 M, PROFUNDIDADE = 1,45 M, EXCLUINDO TAMPÃO. AF_05/2018","UN",4613.56]
[99302,"ACRÉSCIMO PARA POÇO DE VISITA RETANGULAR PARA DRENAGEM, EM ALVENARIA COM BLOCOS DE CONCRETO, DIMENSÕES INTERNAS = 2,5X4 M. AF_05/2018","M",2951.9]
[99303,"BASE PARA POÇO DE VISITA RETANGULAR PARA DRENAGEM, EM ALVENARIA COM BLOCOS DE CONCRETO, DIMENSÕES INTERNAS = 3X3 M, PROFUNDIDADE = 1,45 M, EXCLUINDO TAMPÃO. AF_05/2018","UN",8348.73]
[99304,"ACRÉSCIMO PARA POÇO DE VISITA RETANGULAR PARA DRENAGEM, EM ALVENARIA COM BLOCOS DE CONCRETO, DIMENSÕES INTERNAS = 3X3 M. AF_05/2018","M",2744.26]
[99305,"BASE PARA POÇO DE VISITA RETANGULAR PARA DRENAGEM, EM ALVENARIA COM BLOCOS DE CONCRETO, DIMENSÕES INTERNAS = 3X3,5 M, PROFUNDIDADE = 1,45 M, EXCLUINDO TAMPÃO. AF_05/2018","UN",9412.64]
[99306,"ACRÉSCIMO PARA POÇO DE VISITA RETANGULAR PARA DRENAGEM, EM ALVENARIA COM BLOCOS DE CONCRETO, DIMENSÕES INTERNAS = 3X3,5 M. AF_05/2018","M",2951.9]
[99307,"ACRÉSCIMO PARA POÇO DE VISITA RETANGULAR PARA DRENAGEM, EM ALVENARIA COM BLOCOS DE CONCRETO, DIMENSÕES INTERNAS = 2X2 M. AF_05/2018","M",1903.91]
[99308,"BASE PARA POÇO DE VISITA RETANGULAR PARA DRENAGEM, EM ALVENARIA COM BLOCOS DE CONCRETO, DIMENSÕES INTERNAS = 3X4 M, PROFUNDIDADE = 1,45 M, EXCLUINDO TAMPÃO. AF_05/2018","UN",10476.52]
[99309,"ACRÉSCIMO PARA POÇO DE VISITA RETANGULAR PARA DRENAGEM, EM ALVENARIA COM BLOCOS DE CONCRETO, DIMENSÕES INTERNAS = 3X4 M. AF_05/2018","M",3164.46]
[99310,"BASE PARA POÇO DE VISITA RETANGULAR PARA DRENAGEM, EM ALVENARIA COM BLOCOS DE CONCRETO, DIMENSÕES INTERNAS = 3,5X3,5 M, PROFUNDIDADE = 1,45 M, EXCLUINDO TAMPÃO. AF_05/2018","UN",10651.33]
[99311,"ACRÉSCIMO PARA POÇO DE VISITA RETANGULAR PARA DRENAGEM, EM ALVENARIA COM BLOCOS DE CONCRETO, DIMENSÕES INTERNAS = 3,5X3,5 M. AF_05/2018","M",3164.46]
[99312,"BASE PARA POÇO DE VISITA RETANGULAR PARA DRENAGEM, EM ALVENARIA COM BLOCOS DE CONCRETO, DIMENSÕES INTERNAS = 2X2,5 M, PROFUNDIDADE = 1,45 M, EXCLUINDO TAMPÃO. AF_05/2018","UN",5390.81]
[99313,"BASE PARA POÇO DE VISITA RETANGULAR PARA DRENAGEM, EM ALVENARIA COM BLOCOS DE CONCRETO, DIMENSÕES INTERNAS = 3,5X4 M, PROFUNDIDADE = 1,45 M, EXCLUINDO TAMPÃO. AF_05/2018","UN",11850.58]
[99314,"ACRÉSCIMO PARA POÇO DE VISITA RETANGULAR PARA DRENAGEM, EM ALVENARIA COM BLOCOS DE CONCRETO, DIMENSÕES INTERNAS = 3,5X4 M. AF_05/2018","M",3377.04]
[99315,"BASE PARA POÇO DE VISITA RETANGULAR PARA DRENAGEM, EM ALVENARIA COM BLOCOS DE CONCRETO, DIMENSÕES INTERNAS = 4X4 M, PROFUNDIDADE = 1,45 M, EXCLUINDO TAMPÃO. AF_05/2018","UN",13231.81]
[99317,"ACRÉSCIMO PARA POÇO DE VISITA RETANGULAR PARA DRENAGEM, EM ALVENARIA COM BLOCOS DE CONCRETO, DIMENSÕES INTERNAS = 2X2,5 M. AF_05/2018","M",2111.56]
[99318,"CHAMINÉ CIRCULAR PARA POÇO DE VISITA PARA DRENAGEM, EM CONCRETO PRÉ-MOLDADO, DIÂMETRO INTERNO = 0,6 M. AF_05/2018","M",177.91]
[99319,"CHAMINÉ CIRCULAR PARA POÇO DE VISITA PARA DRENAGEM, EM ALVENARIA COM TIJOLOS CERÂMICOS MACIÇOS, DIÂMETRO INTERNO = 0,6 M. AF_05/2018","M",739.55]
[99320,"BASE PARA POÇO DE VISITA RETANGULAR PARA DRENAGEM, EM ALVENARIA COM BLOCOS DE CONCRETO, DIMENSÕES INTERNAS = 2X3 M, PROFUNDIDADE = 1,45 M, EXCLUINDO TAMPÃO. AF_05/2018","UN",6210.72]
[99321,"ACRÉSCIMO PARA POÇO DE VISITA RETANGULAR PARA DRENAGEM, EM ALVENARIA COM BLOCOS DE CONCRETO, DIMENSÕES INTERNAS = 2X3 M. AF_05/2018","M",2319.19]
[99322,"BASE PARA POÇO DE VISITA RETANGULAR PARA DRENAGEM, EM ALVENARIA COM BLOCOS DE CONCRETO, DIMENSÕES INTERNAS = 2X3,5 M, PROFUNDIDADE = 1,45 M, EXCLUINDO TAMPÃO. AF_05/2018","UN",6993.26]
[99323,"ACRÉSCIMO PARA POÇO DE VISITA RETANGULAR PARA DRENAGEM, EM ALVENARIA COM BLOCOS DE CONCRETO, DIMENSÕES INTERNAS = 2X3,5 M. AF_05/2018","M",2526.8]
[99324,"BASE PARA POÇO DE VISITA RETANGULAR PARA DRENAGEM, EM ALVENARIA COM BLOCOS DE CONCRETO, DIMENSÕES INTERNAS = 2X4 M, PROFUNDIDADE = 1,45 M, EXCLUINDO TAMPÃO. AF_05/2018","UN",7775.75]
[99325,"ACRÉSCIMO PARA POÇO DE VISITA RETANGULAR PARA DRENAGEM, EM ALVENARIA COM BLOCOS DE CONCRETO, DIMENSÕES INTERNAS = 2X4 M. AF_05/2018","M",2739.33]
[99326,"BASE PARA POÇO DE VISITA RETANGULAR PARA DRENAGEM, EM ALVENARIA COM BLOCOS DE CONCRETO, DIMENSÕES INTERNAS = 2,5X2,5 M, PROFUNDIDADE = 1,45 M, EXCLUINDO TAMPÃO. AF_05/2018","UN",6321.28]
[99327,"ACRÉSCIMO PARA POÇO DE VISITA RETANGULAR PARA DRENAGEM, EM ALVENARIA COM BLOCOS DE CONCRETO, DIMENSÕES INTERNAS = 4X4 M. AF_05/2018","M",3541.32]
[94263,"GUIA (MEIO-FIO) CONCRETO, MOLDADA  IN LOCO  EM TRECHO RETO COM EXTRUSORA, 13 CM BASE X 22 CM ALTURA. AF_06/2016","M",25.2]
[94264,"GUIA (MEIO-FIO) CONCRETO, MOLDADA  IN LOCO  EM TRECHO CURVO COM EXTRUSORA, 13 CM BASE X 22 CM ALTURA. AF_06/2016","M",28.68]
[94265,"GUIA (MEIO-FIO) CONCRETO, MOLDADA  IN LOCO  EM TRECHO RETO COM EXTRUSORA, 15 CM BASE X 30 CM ALTURA. AF_06/2016","M",31.41]
[94266,"GUIA (MEIO-FIO) CONCRETO, MOLDADA  IN LOCO  EM TRECHO CURVO COM EXTRUSORA, 15 CM BASE X 30 CM ALTURA. AF_06/2016","M",35.4]
[94267,"GUIA (MEIO-FIO) E SARJETA CONJUGADOS DE CONCRETO, MOLDADA  IN LOCO  EM TRECHO RETO COM EXTRUSORA, 45 CM BASE (15 CM BASE DA GUIA + 30 CM BASE DA SARJETA) X 22 CM ALTURA. AF_06/2016","M",36.42]
[94268,"GUIA (MEIO-FIO) E SARJETA CONJUGADOS DE CONCRETO, MOLDADA  IN LOCO  EM TRECHO CURVO COM EXTRUSORA, 45 CM BASE (15 CM BASE DA GUIA + 30 CM BASE DA SARJETA) X 22 CM ALTURA. AF_06/2016","M",40.8]
[94269,"GUIA (MEIO-FIO) E SARJETA CONJUGADOS DE CONCRETO, MOLDADA  IN LOCO  EM TRECHO RETO COM EXTRUSORA, 60 CM BASE (15 CM BASE DA GUIA + 45 CM BASE DA SARJETA) X 26 CM ALTURA. AF_06/2016","M",50.4]
[94270,"GUIA (MEIO-FIO) E SARJETA CONJUGADOS DE CONCRETO, MOLDADA IN LOCO  EM TRECHO CURVO COM EXTRUSORA, 60 CM BASE (15 CM BASE DA GUIA + 45 CM BASE DA SARJETA) X 26 CM ALTURA. AF_06/2016","M",56.52]
[94271,"GUIA (MEIO-FIO) E SARJETA CONJUGADOS DE CONCRETO, MOLDADA  IN LOCO  EM TRECHO RETO COM EXTRUSORA, 65 CM BASE (15 CM BASE DA GUIA + 50 CM BASE DA SARJETA) X 26 CM ALTURA. AF_06/2016","M",61.41]
[94272,"GUIA (MEIO-FIO) E SARJETA CONJUGADOS DE CONCRETO, MOLDADA  IN LOCO  EM TRECHO CURVO COM EXTRUSORA, 65 CM BASE (15 CM BASE DA GUIA + 50 CM BASE DA SARJETA) X 26 CM ALTURA. AF_06/2016","M",69.55]
[94273,"ASSENTAMENTO DE GUIA (MEIO-FIO) EM TRECHO RETO, CONFECCIONADA EM CONCRETO PRÉ-FABRICADO, DIMENSÕES 100X15X13X30 CM (COMPRIMENTO X BASE INFERIOR X BASE SUPERIOR X ALTURA), PARA VIAS URBANAS (USO VIÁRIO). AF_06/2016","M",35.9]
[94274,"ASSENTAMENTO DE GUIA (MEIO-FIO) EM TRECHO CURVO, CONFECCIONADA EM CONCRETO PRÉ-FABRICADO, DIMENSÕES 100X15X13X30 CM (COMPRIMENTO X BASE INFERIOR X BASE SUPERIOR X ALTURA), PARA VIAS URBANAS (USO VIÁRIO). AF_06/2016","M",39.76]
[94275,"ASSENTAMENTO DE GUIA (MEIO-FIO) EM TRECHO RETO, CONFECCIONADA EM CONCRETO PRÉ-FABRICADO, DIMENSÕES 100X15X13X20 CM (COMPRIMENTO X BASE INFERIOR X BASE SUPERIOR X ALTURA), PARA URBANIZAÇÃO INTERNA DE EMPREENDIMENTOS. AF_06/2016_P","M",34]
[94276,"ASSENTAMENTO DE GUIA (MEIO-FIO) EM TRECHO CURVO, CONFECCIONADA EM CONCRETO PRÉ-FABRICADO, DIMENSÕES 100X15X13X20 CM (COMPRIMENTO X BASE INFERIOR X BASE SUPERIOR X ALTURA), PARA URBANIZAÇÃO INTERNA DE EMPREENDIMENTOS. AF_06/2016_P","M",37.88]
[94281,"EXECUÇÃO DE SARJETA DE CONCRETO USINADO, MOLDADA  IN LOCO  EM TRECHO RETO, 30 CM BASE X 15 CM ALTURA. AF_06/2016","M",38]
[94282,"EXECUÇÃO DE SARJETA DE CONCRETO USINADO, MOLDADA  IN LOCO  EM TRECHO CURVO, 30 CM BASE X 15 CM ALTURA. AF_06/2016","M",49.78]
[94283,"EXECUÇÃO DE SARJETA DE CONCRETO USINADO, MOLDADA  IN LOCO  EM TRECHO RETO, 45 CM BASE X 15 CM ALTURA. AF_06/2016","M",47.28]
[94284,"EXECUÇÃO DE SARJETA DE CONCRETO USINADO, MOLDADA  IN LOCO  EM TRECHO CURVO, 45 CM BASE X 15 CM ALTURA. AF_06/2016","M",59.06]
[94285,"EXECUÇÃO DE SARJETA DE CONCRETO USINADO, MOLDADA  IN LOCO  EM TRECHO RETO, 60 CM BASE X 15 CM ALTURA. AF_06/2016","M",55.99]
[94286,"EXECUÇÃO DE SARJETA DE CONCRETO USINADO, MOLDADA  IN LOCO  EM TRECHO CURVO, 60 CM BASE X 15 CM ALTURA. AF_06/2016","M",67.78]
[94287,"EXECUÇÃO DE SARJETA DE CONCRETO USINADO, MOLDADA  IN LOCO  EM TRECHO RETO, 30 CM BASE X 10 CM ALTURA. AF_06/2016","M",30.81]
[94288,"EXECUÇÃO DE SARJETA DE CONCRETO USINADO, MOLDADA  IN LOCO  EM TRECHO CURVO, 30 CM BASE X 10 CM ALTURA. AF_06/2016","M",41.12]
[94289,"EXECUÇÃO DE SARJETA DE CONCRETO USINADO, MOLDADA  IN LOCO  EM TRECHO RETO, 45 CM BASE X 10 CM ALTURA. AF_06/2016","M",37.6]
[94290,"EXECUÇÃO DE SARJETA DE CONCRETO USINADO, MOLDADA  IN LOCO  EM TRECHO CURVO, 45 CM BASE X 10 CM ALTURA. AF_06/2016","M",47.91]
[94291,"EXECUÇÃO DE SARJETA DE CONCRETO USINADO, MOLDADA  IN LOCO  EM TRECHO RETO, 60 CM BASE X 10 CM ALTURA. AF_06/2016","M",43.88]
[94292,"EXECUÇÃO DE SARJETA DE CONCRETO USINADO, MOLDADA  IN LOCO  EM TRECHO CURVO, 60 CM BASE X 10 CM ALTURA. AF_06/2016","M",54.19]
[94293,"EXECUÇÃO DE SARJETÃO DE CONCRETO USINADO, MOLDADA  IN LOCO  EM TRECHO RETO, 100 CM BASE X 20 CM ALTURA. AF_06/2016","M",105.29]
[94294,"EXECUÇÃO DE ESCORAS DE CONCRETO PARA CONTENÇÃO DE GUIAS PRÉ-FABRICADAS. AF_06/2016","M",6.26]
[94037,"ESCORAMENTO DE VALA, TIPO PONTALETEAMENTO, COM PROFUNDIDADE DE 0 A 1,5 M, LARGURA MENOR QUE 1,5 M, EM LOCAL COM NÍVEL ALTO DE INTERFERÊNCIA. AF_06/2016","M2",19.11]
[94038,"ESCORAMENTO DE VALA, TIPO PONTALETEAMENTO, COM PROFUNDIDADE DE 0 A 1,5 M, LARGURA MAIOR OU IGUAL A 1,5 M E MENOR QUE 2,5 M, EM LOCAL COM NÍVEL ALTO DE INTERFERÊNCIA. AF_06/2016","M2",26.8]
[94039,"ESCORAMENTO DE VALA, TIPO PONTALETEAMENTO, COM PROFUNDIDADE DE 1,5 A 3,0 M, LARGURA MENOR QUE 1,5 M, EM LOCAL COM NÍVEL ALTO DE INTERFERÊNCIA. AF_06/2016","M2",15]
[94040,"ESCORAMENTO DE VALA, TIPO PONTALETEAMENTO, COM PROFUNDIDADE DE 1,5 A 3,0 M, LARGURA MAIOR OU IGUAL A 1,5 M E MENOR QUE 2,5 M, EM LOCAL COM NÍVEL ALTO DE INTERFERÊNCIA. AF_06/2016","M2",22.73]
[94041,"ESCORAMENTO DE VALA, TIPO PONTALETEAMENTO, COM PROFUNDIDADE DE 3,0 A 4,5 M, LARGURA MENOR QUE 1,5 M EM LOCAL COM NÍVEL ALTO DE INTERFERÊNCIA. AF_06/2016","M2",11.39]
[94042,"ESCORAMENTO DE VALA, TIPO PONTALETEAMENTO, COM PROFUNDIDADE DE 3,0 A 4,5 M, LARGURA MAIOR OU IGUAL A 1,5 M E MENOR QUE 2,5 M, EM LOCAL COM NÍVEL ALTO DE INTERFERÊNCIA. AF_06/2016","M2",19.35]
[94043,"ESCORAMENTO DE VALA, TIPO PONTALETEAMENTO, COM PROFUNDIDADE DE 0 A 1,5 M, LARGURA MENOR QUE 1,5 M, EM LOCAL COM NÍVEL BAIXO DE INTERFERÊNCIA. AF_06/2016","M2",17.92]
[94044,"ESCORAMENTO DE VALA, TIPO PONTALETEAMENTO, COM PROFUNDIDADE DE 0 A 1,5 M, LARGURA MAIOR OU IGUAL A 1,5 M E MENOR QUE 2,5 M, EM LOCAL COM NÍVEL BAIXO DE INTERFERÊNCIA. AF_06/2016","M2",25.65]
[94045,"ESCORAMENTO DE VALA, TIPO PONTALETEAMENTO, COM PROFUNDIDADE DE 1,5 A 3,0 M, LARGURA MENOR QUE 1,5 M, EM LOCAL COM NÍVEL BAIXO DE INTERFERÊNCIA. AF_06/2016","M2",13.85]
[94046,"ESCORAMENTO DE VALA, TIPO PONTALETEAMENTO, COM PROFUNDIDADE DE 1,5 A 3,0 M, LARGURA MAIOR OU IGUAL A 1,5 M E MENOR QUE 2,5 M, EM LOCAL COM NÍVEL BAIXO DE INTERFERÊNCIA. AF_06/2016","M2",21.53]
[94047,"ESCORAMENTO DE VALA, TIPO PONTALETEAMENTO, COM PROFUNDIDADE DE 3,0 A 4,5 M, LARGURA MENOR QUE 1,5 M EM LOCAL COM NÍVEL BAIXO DE INTERFERÊNCIA. AF_06/2016","M2",10.25]
[94048,"ESCORAMENTO DE VALA, TIPO PONTALETEAMENTO, COM PROFUNDIDADE DE 3,0 A 4,5 M, LARGURA MAIOR OU IGUAL A 1,5 M E MENOR QUE 2,5 M, EM LOCAL COM NÍVEL BAIXO DE INTERFERÊNCIA. AF_06/2016","M2",18.16]
[94049,"ESCORAMENTO DE VALA, TIPO DESCONTÍNUO, COM PROFUNDIDADE DE 0 A 1,5 M, LARGURA MENOR QUE 1,5 M, EM LOCAL COM NÍVEL ALTO DE INTERFERÊNCIA. AF_06/2016","M2",30.14]
[94050,"ESCORAMENTO DE VALA, TIPO DESCONTÍNUO, COM PROFUNDIDADE DE 0 A 1,5 M, LARGURA MAIOR OU IGUAL A 1,5 M E MENOR QUE 2,5 M, EM LOCAL COM NÍVEL ALTO DE INTERFERÊNCIA. AF_06/2016","M2",40.07]
[94051,"ESCORAMENTO DE VALA, TIPO DESCONTÍNUO, COM PROFUNDIDADE DE 1,5 M A 3,0 M, LARGURA MENOR QUE 1,5 M, EM LOCAL COM NÍVEL ALTO DE INTERFERÊNCIA. AF_06/2016","M2",24.52]
[94052,"ESCORAMENTO DE VALA, TIPO DESCONTÍNUO, COM PROFUNDIDADE DE 1,5 A 3,0 M, LARGURA MAIOR OU IGUAL A 1,5 M E MENOR QUE 2,5 M, EM LOCAL COM NÍVEL ALTO DE INTERFERÊNCIA. AF_06/2016","M2",34.32]
[94053,"ESCORAMENTO DE VALA, TIPO DESCONTÍNUO, COM PROFUNDIDADE DE 3,0 A 4,5 M, LARGURA MENOR QUE 1,5 M, EM LOCAL COM NÍVEL ALTO DE INTERFERÊNCIA. AF_06/2016","M2",20.59]
[94054,"ESCORAMENTO DE VALA, TIPO DESCONTÍNUO, COM PROFUNDIDADE DE 3,0 A 4,5 M, LARGURA MAIOR OU IGUAL A 1,5 E MENOR QUE 2,5 M, EM LOCAL COM NÍVEL ALTO DE INTERFERÊNCIA. AF_06/2016","M2",30.61]
[94055,"ESCORAMENTO DE VALA, TIPO DESCONTÍNUO, COM PROFUNDIDADE DE 0 A 1,5 M, LARGURA MENOR QUE 1,5 M, EM LOCAL COM NÍVEL BAIXO DE INTERFERÊNCIA. AF_06/2016","M2",28.6]
[94056,"ESCORAMENTO DE VALA, TIPO DESCONTÍNUO, COM PROFUNDIDADE DE 0 A 1,5 M, LARGURA MAIOR OU IGUAL A 1,5 M E MENOR QUE 2,5 M, EM LOCAL COM NÍVEL BAIXO DE INTERFERÊNCIA. AF_06/2016","M2",38.56]
[94057,"ESCORAMENTO DE VALA, TIPO DESCONTÍNUO, COM PROFUNDIDADE DE 1,5 M A 3,0 M, LARGURA MENOR QUE 1,5 M, EM LOCAL COM NÍVEL BAIXO DE INTERFERÊNCIA. AF_06/2016","M2",23.02]
[94058,"ESCORAMENTO DE VALA, TIPO DESCONTÍNUO, COM PROFUNDIDADE DE 1,5 A 3,0 M, LARGURA MAIOR OU IGUAL A 1,5 M E MENOR QUE 2,5 M, EM LOCAL COM NÍVEL BAIXO DE INTERFERÊNCIA. AF_06/2016","M2",32.8]
[94059,"ESCORAMENTO DE VALA, TIPO DESCONTÍNUO, COM PROFUNDIDADE DE 3,0 A 4,5 M, LARGURA MENOR QUE 1,5 M, EM LOCAL COM NÍVEL BAIXO DE INTERFERÊNCIA. AF_06/2016","M2",19.09]
[94060,"ESCORAMENTO DE VALA, TIPO DESCONTÍNUO, COM PROFUNDIDADE DE 3,0 A 4,5 M, LARGURA MAIOR OU IGUAL A 1,5 E MENOR QUE 2,5 M, EM LOCAL COM NÍVEL BAIXO DE INTERFERÊNCIA. AF_06/2016","M2",29.09]
[83770,"ESCORAMENTO CONTINUO DE VALAS, MISTO, COM PERFIL I DE 8\"","M2",149.98]
[73301,"ESCORAMENTO FORMAS ATE H = 3,30M, COM MADEIRA DE 3A QUALIDADE, NAO APARELHADA, APROVEITAMENTO TABUAS 3X E PRUMOS 4X.","M3",10.31]
[83515,"ESCORAMENTO FORMAS DE H=3,30 A 3,50 M, COM MADEIRA 3A QUALIDADE, NAO APARELHADA, APROVEITAMENTO TABUAS 3X E PRUMOS 4X","M3",17.13]
[83516,"ESCORAMENTO FORMAS H=3,50 A 4,00 M, COM MADEIRA DE 3A QUALIDADE, NAO APARELHADA, APROVEITAMENTO TABUAS 3X E PRUMOS 4X.","M3",19.78]
[72144,"RECOLOCACAO DE FOLHAS DE PORTA DE PASSAGEM OU JANELA, CONSIDERANDO REAPROVEITAMENTO DO MATERIAL","UN",97.85]
["73910/8","PORTA DE MADEIRA COMPENSADA LISA PARA PINTURA, 120X210X3,5CM, 2 FOLHAS, INCLUSO ADUELA 2A, ALIZAR 2A E DOBRADICAS","UN",682.33]
["73910/9","PORTA DE MADEIRA COMPENSADA LISA PARA CERA OU VERNIZ, 120X210X3,5CM, 2 FOLHAS, INCLUSO ADUELA 1A, ALIZAR 1A E DOBRADICAS COM ANEL","UN",901.17]
[84874,"ALCAPAO EM COMPENSADO DE MADEIRA CEDRO/VIROLA, 60X60X2CM, COM MARCO 7X3CM, ALIZAR DE 2A, DOBRADICAS EM LATAO CROMADO E TARJETA CROMADA","UN",218.98]
[84876,"PORTA MADEIRA 1A CORRER P/VIDRO 30MM/ GUARNICAO 15CM/ALIZAR","M2",587.69]
[90800,"ADUELA / MARCO / BATENTE PARA PORTA DE 60X210CM, PADRÃO MÉDIO - FORNECIMENTO E MONTAGEM. AF_08/2015","UN",182.14]
[90801,"ADUELA / MARCO / BATENTE PARA PORTA DE 70X210CM, PADRÃO MÉDIO - FORNECIMENTO E MONTAGEM. AF_08/2015","UN",190.95]
[90802,"ADUELA / MARCO / BATENTE PARA PORTA DE 80X210CM, PADRÃO MÉDIO - FORNECIMENTO E MONTAGEM. AF_08/2015","UN",199.81]
[90803,"ADUELA / MARCO / BATENTE PARA PORTA DE 90X210CM, PADRÃO MÉDIO - FORNECIMENTO E MONTAGEM. AF_08/2015","UN",208.64]
[90804,"ADUELA / MARCO / BATENTE PARA PORTA DE 60X210CM, FIXAÇÃO COM ARGAMASSA, PADRÃO MÉDIO - FORNECIMENTO E INSTALAÇÃO. AF_08/2015_P","UN",253.53]
[90805,"ADUELA / MARCO / BATENTE PARA PORTA DE 60X210CM, FIXAÇÃO COM ARGAMASSA - SOMENTE INSTALAÇÃO. AF_08/2015_P","UN",71.39]
[90806,"ADUELA / MARCO / BATENTE PARA PORTA DE 70X210CM, FIXAÇÃO COM ARGAMASSA, PADRÃO MÉDIO - FORNECIMENTO E INSTALAÇÃO. AF_08/2015_P","UN",268.59]
[90807,"ADUELA / MARCO / BATENTE PARA PORTA DE 70X210CM, FIXAÇÃO COM ARGAMASSA - SOMENTE INSTALAÇÃO. AF_08/2015_P","UN",77.64]
[90816,"ADUELA / MARCO / BATENTE PARA PORTA DE 80X210CM, FIXAÇÃO COM ARGAMASSA, PADRÃO MÉDIO - FORNECIMENTO E INSTALAÇÃO. AF_08/2015_P","UN",283.68]
[90817,"ADUELA / MARCO / BATENTE PARA PORTA DE 80X210CM, FIXAÇÃO COM ARGAMASSA - SOMENTE INSTALAÇÃO. AF_08/2015_P","UN",83.87]
[90818,"ADUELA / MARCO / BATENTE PARA PORTA DE 90X210CM, FIXAÇÃO COM ARGAMASSA, PADRÃO MÉDIO - FORNECIMENTO E INSTALAÇÃO. AF_08/2015_P","UN",298.8]
[90819,"ADUELA / MARCO / BATENTE PARA PORTA DE 90X210CM, FIXAÇÃO COM ARGAMASSA - SOMENTE INSTALAÇÃO. AF_08/2015_P","UN",90.16]
[90820,"PORTA DE MADEIRA PARA PINTURA, SEMI-OCA (LEVE OU MÉDIA), 60X210CM, ESPESSURA DE 3,5CM, INCLUSO DOBRADIÇAS - FORNECIMENTO E INSTALAÇÃO. AF_08/2015","UN",319.37]
[90821,"PORTA DE MADEIRA PARA PINTURA, SEMI-OCA (LEVE OU MÉDIA), 70X210CM, ESPESSURA DE 3,5CM, INCLUSO DOBRADIÇAS - FORNECIMENTO E INSTALAÇÃO. AF_08/2015","UN",343.52]
[90822,"PORTA DE MADEIRA PARA PINTURA, SEMI-OCA (LEVE OU MÉDIA), 80X210CM, ESPESSURA DE 3,5CM, INCLUSO DOBRADIÇAS - FORNECIMENTO E INSTALAÇÃO. AF_08/2015","UN",341.64]
[90823,"PORTA DE MADEIRA PARA PINTURA, SEMI-OCA (LEVE OU MÉDIA), 90X210CM, ESPESSURA DE 3,5CM, INCLUSO DOBRADIÇAS - FORNECIMENTO E INSTALAÇÃO. AF_08/2015","UN",357.42]
[90826,"ALIZAR / GUARNIÇÃO DE 5X1,5CM PARA PORTA DE 60X210CM FIXADO COM PREGOS, PADRÃO MÉDIO - FORNECIMENTO E INSTALAÇÃO. AF_08/2015","UN",26.82]
[90827,"ALIZAR / GUARNIÇÃO DE 5X1,5CM PARA PORTA DE 70X210CM FIXADO COM PREGOS, PADRÃO MÉDIO - FORNECIMENTO E INSTALAÇÃO. AF_08/2015","UN",28.42]
[90828,"ALIZAR / GUARNIÇÃO DE 5X1,5CM PARA PORTA DE 80X210CM FIXADO COM PREGOS, PADRÃO MÉDIO - FORNECIMENTO E INSTALAÇÃO. AF_08/2015","UN",30.04]
[90829,"ALIZAR / GUARNIÇÃO DE 5X1,5CM PARA PORTA DE 90X210CM FIXADO COM PREGOS, PADRÃO MÉDIO - FORNECIMENTO E INSTALAÇÃO. AF_08/2015","UN",31.7]
[90830,"FECHADURA DE EMBUTIR COM CILINDRO, EXTERNA, COMPLETA, ACABAMENTO PADRÃO MÉDIO, INCLUSO EXECUÇÃO DE FURO - FORNECIMENTO E INSTALAÇÃO. AF_08/2015","UN",109.07]
[90831,"FECHADURA DE EMBUTIR PARA PORTA DE BANHEIRO, COMPLETA, ACABAMENTO PADRÃO MÉDIO, INCLUSO EXECUÇÃO DE FURO - FORNECIMENTO E INSTALAÇÃO. AF_08/2015","UN",85.37]
[90841,"KIT DE PORTA DE MADEIRA PARA PINTURA, SEMI-OCA (LEVE OU MÉDIA), PADRÃO MÉDIO, 60X210CM, ESPESSURA DE 3,5CM, ITENS INCLUSOS: DOBRADIÇAS, MONTAGEM E INSTALAÇÃO DO BATENTE, FECHADURA COM EXECUÇÃO DO FURO - FORNECIMENTO E INSTALAÇÃO. AF_08/2015","UN",711.91]
[90842,"KIT DE PORTA DE MADEIRA PARA PINTURA, SEMI-OCA (LEVE OU MÉDIA), PADRÃO MÉDIO, 70X210CM, ESPESSURA DE 3,5CM, ITENS INCLUSOS: DOBRADIÇAS, MONTAGEM E INSTALAÇÃO DO BATENTE, FECHADURA COM EXECUÇÃO DO FURO - FORNECIMENTO E INSTALAÇÃO. AF_08/2015","UN",761.51]
[90843,"KIT DE PORTA DE MADEIRA PARA PINTURA, SEMI-OCA (LEVE OU MÉDIA), PADRÃO MÉDIO, 80X210CM, ESPESSURA DE 3,5CM, ITENS INCLUSOS: DOBRADIÇAS, MONTAGEM E INSTALAÇÃO DO BATENTE, FECHADURA COM EXECUÇÃO DO FURO - FORNECIMENTO E INSTALAÇÃO. AF_08/2015","UN",794.47]
[90844,"KIT DE PORTA DE MADEIRA PARA PINTURA, SEMI-OCA (LEVE OU MÉDIA), PADRÃO MÉDIO, 90X210CM, ESPESSURA DE 3,5CM, ITENS INCLUSOS: DOBRADIÇAS, MONTAGEM E INSTALAÇÃO DO BATENTE, FECHADURA COM EXECUÇÃO DO FURO - FORNECIMENTO E INSTALAÇÃO. AF_08/2015","UN",828.69]
[90847,"KIT DE PORTA DE MADEIRA PARA PINTURA, SEMI-OCA (LEVE OU MÉDIA), PADRÃO MÉDIO, 60X210CM, ESPESSURA DE 3,5CM, ITENS INCLUSOS: DOBRADIÇAS, MONTAGEM E INSTALAÇÃO DO BATENTE, SEM FECHADURA - FORNECIMENTO E INSTALAÇÃO. AF_08/2015","UN",626.54]
[90848,"KIT DE PORTA DE MADEIRA PARA PINTURA, SEMI-OCA (LEVE OU MÉDIA), PADRÃO MÉDIO, 70X210CM, ESPESSURA DE 3,5CM, ITENS INCLUSOS: DOBRADIÇAS, MONTAGEM E INSTALAÇÃO DO BATENTE, SEM FECHADURA - FORNECIMENTO E INSTALAÇÃO. AF_08/2015","UN",668.95]
[90849,"KIT DE PORTA DE MADEIRA PARA PINTURA, SEMI-OCA (LEVE OU MÉDIA), PADRÃO MÉDIO, 80X210CM, ESPESSURA DE 3,5CM, ITENS INCLUSOS: DOBRADIÇAS, MONTAGEM E INSTALAÇÃO DO BATENTE, SEM FECHADURA - FORNECIMENTO E INSTALAÇÃO. AF_08/2015","UN",685.4]
[90850,"KIT DE PORTA DE MADEIRA PARA PINTURA, SEMI-OCA (LEVE OU MÉDIA), PADRÃO MÉDIO, 90X210CM, ESPESSURA DE 3,5CM, ITENS INCLUSOS: DOBRADIÇAS, MONTAGEM E INSTALAÇÃO DO BATENTE, SEM FECHADURA - FORNECIMENTO E INSTALAÇÃO. AF_08/2015","UN",719.62]
[91009,"PORTA DE MADEIRA PARA VERNIZ, SEMI-OCA (LEVE OU MÉDIA), 60X210CM, ESPESSURA DE 3,5CM, INCLUSO DOBRADIÇAS - FORNECIMENTO E INSTALAÇÃO. AF_08/2015","UN",325.48]
[91010,"PORTA DE MADEIRA PARA VERNIZ, SEMI-OCA (LEVE OU MÉDIA), 70X210CM, ESPESSURA DE 3,5CM, INCLUSO DOBRADIÇAS - FORNECIMENTO E INSTALAÇÃO. AF_08/2015","UN",276.47]
[91011,"PORTA DE MADEIRA PARA VERNIZ, SEMI-OCA (LEVE OU MÉDIA), 80X210CM, ESPESSURA DE 3,5CM, INCLUSO DOBRADIÇAS - FORNECIMENTO E INSTALAÇÃO. AF_08/2015","UN",364.55]
[91012,"PORTA DE MADEIRA PARA VERNIZ, SEMI-OCA (LEVE OU MÉDIA), 90X210CM, ESPESSURA DE 3,5CM, INCLUSO DOBRADIÇAS - FORNECIMENTO E INSTALAÇÃO. AF_08/2015","UN",352.72]
[91013,"KIT DE PORTA DE MADEIRA PARA VERNIZ, SEMI-OCA (LEVE OU MÉDIA), PADRÃO MÉDIO, 60X210CM, ESPESSURA DE 3,5CM, ITENS INCLUSOS: DOBRADIÇAS, MONTAGEM E INSTALAÇÃO DO BATENTE, SEM FECHADURA - FORNECIMENTO E INSTALAÇÃO. AF_08/2015","UN",632.65]
[91014,"KIT DE PORTA DE MADEIRA PARA VERNIZ, SEMI-OCA (LEVE OU MÉDIA), PADRÃO MÉDIO, 70X210CM, ESPESSURA DE 3,5CM, ITENS INCLUSOS: DOBRADIÇAS, MONTAGEM E INSTALAÇÃO DO BATENTE, SEM FECHADURA - FORNECIMENTO E INSTALAÇÃO. AF_08/2015","UN",601.9]
[91015,"KIT DE PORTA DE MADEIRA PARA VERNIZ, SEMI-OCA (LEVE OU MÉDIA), PADRÃO MÉDIO, 80X210CM, ESPESSURA DE 3,5CM, ITENS INCLUSOS: DOBRADIÇAS, MONTAGEM E INSTALAÇÃO DO BATENTE, SEM FECHADURA - FORNECIMENTO E INSTALAÇÃO. AF_08/2015","UN",708.31]
[91016,"KIT DE PORTA DE MADEIRA PARA VERNIZ, SEMI-OCA (LEVE OU MÉDIA), PADRÃO MÉDIO, 90X210CM, ESPESSURA DE 3,5CM, ITENS INCLUSOS: DOBRADIÇAS, MONTAGEM E INSTALAÇÃO DO BATENTE, SEM FECHADURA - FORNECIMENTO E INSTALAÇÃO. AF_08/2015","UN",714.92]
[91286,"ADUELA / MARCO / BATENTE PARA PORTA DE 60X210CM, PADRÃO POPULAR - FORNECIMENTO E MONTAGEM. AF_08/2015","UN",149.58]
[91287,"ADUELA / MARCO / BATENTE PARA PORTA DE 70X210CM, PADRÃO POPULAR - FORNECIMENTO E MONTAGEM. AF_08/2015","UN",158.39]
[91288,"ADUELA / MARCO / BATENTE PARA PORTA DE 80X210CM, PADRÃO POPULAR - FORNECIMENTO E MONTAGEM. AF_08/2015","UN",167.25]
[91290,"ADUELA / MARCO / BATENTE PARA PORTA DE 90X210CM, PADRÃO POPULAR - FORNECIMENTO E MONTAGEM. AF_08/2015","UN",176.08]
[91291,"ADUELA / MARCO / BATENTE PARA PORTA DE 60X210CM, FIXAÇÃO COM ARGAMASSA, PADRÃO POPULAR - FORNECIMENTO E INSTALAÇÃO. AF_08/2015_P","UN",220.97]
[91292,"ADUELA / MARCO / BATENTE PARA PORTA DE 70X210CM, FIXAÇÃO COM ARGAMASSA, PADRÃO POPULAR - FORNECIMENTO E INSTALAÇÃO. AF_08/2015_P","UN",236.03]
[91293,"ADUELA / MARCO / BATENTE PARA PORTA DE 80X210CM, FIXAÇÃO COM ARGAMASSA, PADRÃO POPULAR - FORNECIMENTO E INSTALAÇÃO. AF_08/2015_P","UN",251.12]
[91294,"ADUELA / MARCO / BATENTE PARA PORTA DE 90X210CM, FIXAÇÃO COM ARGAMASSA, PADRÃO POPULAR - FORNECIMENTO E INSTALAÇÃO. AF_08/2015_P","UN",266.24]
[91295,"PORTA DE MADEIRA FRISADA, SEMI-OCA (LEVE OU MÉDIA), 60X210CM, ESPESSURA DE 3CM, INCLUSO DOBRADIÇAS - FORNECIMENTO E INSTALAÇÃO. AF_08/2015","UN",309.05]
[91296,"PORTA DE MADEIRA FRISADA, SEMI-OCA (LEVE OU MÉDIA), 70X210CM, ESPESSURA DE 3CM, INCLUSO DOBRADIÇAS - FORNECIMENTO E INSTALAÇÃO. AF_08/2015","UN",325.64]
[91297,"PORTA DE MADEIRA FRISADA, SEMI-OCA (LEVE OU MÉDIA), 80X210CM, ESPESSURA DE 3,5CM, INCLUSO DOBRADIÇAS - FORNECIMENTO E INSTALAÇÃO. AF_08/2015","UN",366.23]
[91298,"PORTA DE MADEIRA TIPO VENEZIANA, 80X210CM, ESPESSURA DE 3CM, INCLUSO DOBRADIÇAS - FORNECIMENTO E INSTALAÇÃO. AF_08/2015","UN",553.7]
[91299,"PORTA DE MADEIRA, TIPO MEXICANA, MACIÇA (PESADA OU SUPERPESADA), 80X210CM, ESPESSURA DE 3,5CM, INCLUSO DOBRADIÇAS - FORNECIMENTO E INSTALAÇÃO. AF_08/2015","UN",745.56]
[91300,"ALIZAR / GUARNIÇÃO DE 5X1,5CM PARA PORTA DE 60X210CM FIXADO COM PREGOS, PADRÃO POPULAR - FORNECIMENTO E INSTALAÇÃO. AF_08/2015","UN",23.06]
[91301,"ALIZAR / GUARNIÇÃO DE 5X1,5CM PARA PORTA DE 70X210CM FIXADO COM PREGOS, PADRÃO POPULAR - FORNECIMENTO E INSTALAÇÃO. AF_08/2015","UN",24.6]
[91302,"ALIZAR / GUARNIÇÃO DE 5X1,5CM PARA PORTA DE 80X210CM FIXADO COM PREGOS, PADRÃO POPULAR - FORNECIMENTO E INSTALAÇÃO. AF_08/2015","UN",26.15]
[91303,"ALIZAR / GUARNIÇÃO DE 5X1,5CM PARA PORTA DE 90X210CM FIXADO COM PREGOS, PADRÃO POPULAR - FORNECIMENTO E INSTALAÇÃO. AF_08/2015","UN",27.74]
[91304,"FECHADURA DE EMBUTIR COM CILINDRO, EXTERNA, COMPLETA, ACABAMENTO PADRÃO POPULAR, INCLUSO EXECUÇÃO DE FURO - FORNECIMENTO E INSTALAÇÃO. AF_08/2015","UN",83.91]
[91305,"FECHADURA DE EMBUTIR PARA PORTA DE BANHEIRO, COMPLETA, ACABAMENTO PADRÃO POPULAR, INCLUSO EXECUÇÃO DE FURO - FORNECIMENTO E INSTALAÇÃO. AF_08/2015","UN",63.38]
[91306,"FECHADURA DE EMBUTIR PARA PORTAS INTERNAS, COMPLETA, ACABAMENTO PADRÃO MÉDIO, COM EXECUÇÃO DE FURO - FORNECIMENTO E INSTALAÇÃO. AF_08/2015","UN",92.56]
[91307,"FECHADURA DE EMBUTIR PARA PORTAS INTERNAS, COMPLETA, ACABAMENTO PADRÃO POPULAR, COM EXECUÇÃO DE FURO - FORNECIMENTO E INSTALAÇÃO. AF_08/2015","UN",66.34]
[91312,"KIT DE PORTA DE MADEIRA PARA PINTURA, SEMI-OCA (LEVE OU MÉDIA), PADRÃO POPULAR, 60X210CM, ESPESSURA DE 3,5CM, ITENS INCLUSOS: DOBRADIÇAS, MONTAGEM E INSTALAÇÃO DO BATENTE, FECHADURA COM EXECUÇÃO DO FURO - FORNECIMENTO E INSTALAÇÃO. AF_08/2015","UN",649.84]
[91313,"KIT DE PORTA DE MADEIRA PARA PINTURA, SEMI-OCA (LEVE OU MÉDIA), PADRÃO POPULAR, 70X210CM, ESPESSURA DE 3,5CM, ITENS INCLUSOS: DOBRADIÇAS, MONTAGEM E INSTALAÇÃO DO BATENTE, FECHADURA COM EXECUÇÃO DO FURO - FORNECIMENTO E INSTALAÇÃO. AF_08/2015","UN",695.09]
[91314,"KIT DE PORTA DE MADEIRA PARA PINTURA, SEMI-OCA (LEVE OU MÉDIA), PADRÃO POPULAR, 80X210CM, ESPESSURA DE 3,5CM, ITENS INCLUSOS: DOBRADIÇAS, MONTAGEM E INSTALAÇÃO DO BATENTE, FECHADURA COM EXECUÇÃO DO FURO - FORNECIMENTO E INSTALAÇÃO. AF_08/2015","UN",728.97]
[91315,"KIT DE PORTA DE MADEIRA PARA PINTURA, SEMI-OCA (LEVE OU MÉDIA), PADRÃO POPULAR, 90X210CM, ESPESSURA DE 3,5CM, ITENS INCLUSOS: DOBRADIÇAS, MONTAGEM E INSTALAÇÃO DO BATENTE, FECHADURA COM EXECUÇÃO DO FURO - FORNECIMENTO E INSTALAÇÃO. AF_08/2015","UN",763.05]
[91318,"KIT DE PORTA DE MADEIRA PARA PINTURA, SEMI-OCA (LEVE OU MÉDIA), PADRÃO POPULAR, 60X210CM, ESPESSURA DE 3,5CM, ITENS INCLUSOS: DOBRADIÇAS, MONTAGEM E INSTALAÇÃO DO BATENTE, SEM FECHADURA - FORNECIMENTO E INSTALAÇÃO. AF_08/2015","UN",586.46]
[91319,"KIT DE PORTA DE MADEIRA PARA PINTURA, SEMI-OCA (LEVE OU MÉDIA), PADRÃO POPULAR, 70X210CM, ESPESSURA DE 3,5CM, ITENS INCLUSOS: DOBRADIÇAS, MONTAGEM E INSTALAÇÃO DO BATENTE, SEM FECHADURA - FORNECIMENTO E INSTALAÇÃO. AF_08/2015","UN",628.75]
[91320,"KIT DE PORTA DE MADEIRA PARA PINTURA, SEMI-OCA (LEVE OU MÉDIA), PADRÃO POPULAR, 80X210CM, ESPESSURA DE 3,5CM, ITENS INCLUSOS: DOBRADIÇAS, MONTAGEM E INSTALAÇÃO DO BATENTE, SEM FECHADURA - FORNECIMENTO E INSTALAÇÃO. AF_08/2015","UN",645.06]
[91321,"KIT DE PORTA DE MADEIRA PARA PINTURA, SEMI-OCA (LEVE OU MÉDIA), PADRÃO POPULAR, 90X210CM, ESPESSURA DE 3,5CM, ITENS INCLUSOS: DOBRADIÇAS, MONTAGEM E INSTALAÇÃO DO BATENTE, SEM FECHADURA - FORNECIMENTO E INSTALAÇÃO. AF_08/2015","UN",679.14]
[91324,"KIT DE PORTA DE MADEIRA PARA VERNIZ, SEMI-OCA (LEVE OU MÉDIA), PADRÃO POPULAR, 60X210CM, ESPESSURA DE 3,5CM, ITENS INCLUSOS: DOBRADIÇAS, MONTAGEM E INSTALAÇÃO DO BATENTE, SEM FECHADURA - FORNECIMENTO E INSTALAÇÃO. AF_08/2015","UN",592.57]
[91325,"KIT DE PORTA DE MADEIRA PARA VERNIZ, SEMI-OCA (LEVE OU MÉDIA), PADRÃO POPULAR, 70X210CM, ESPESSURA DE 3,5CM, ITENS INCLUSOS: DOBRADIÇAS, MONTAGEM E INSTALAÇÃO DO BATENTE, SEM FECHADURA - FORNECIMENTO E INSTALAÇÃO. AF_08/2015","UN",561.7]
[91326,"KIT DE PORTA DE MADEIRA PARA VERNIZ, SEMI-OCA (LEVE OU MÉDIA), PADRÃO POPULAR, 80X210CM, ESPESSURA DE 3,5CM, ITENS INCLUSOS: DOBRADIÇAS, MONTAGEM E INSTALAÇÃO DO BATENTE, SEM FECHADURA - FORNECIMENTO E INSTALAÇÃO. AF_08/2015","UN",667.97]
[91327,"KIT DE PORTA DE MADEIRA PARA VERNIZ, SEMI-OCA (LEVE OU MÉDIA), PADRÃO POPULAR, 90X210CM, ESPESSURA DE 3,5CM, ITENS INCLUSOS: DOBRADIÇAS, MONTAGEM E INSTALAÇÃO DO BATENTE, SEM FECHADURA - FORNECIMENTO E INSTALAÇÃO. AF_08/2015","UN",674.44]
[91328,"KIT DE PORTA DE MADEIRA FRISADA, SEMI-OCA (LEVE OU MÉDIA), PADRÃO MÉDIO 60X210CM, ESPESSURA DE 3CM, ITENS INCLUSOS: DOBRADIÇAS, MONTAGEM E INSTALAÇÃO DO BATENTE, SEM FECHADURA - FORNECIMENTO E INSTALAÇÃO. AF_08/2015","UN",616.22]
[91329,"KIT DE PORTA DE MADEIRA FRISADA, SEMI-OCA (LEVE OU MÉDIA), PADRÃO POPULAR, 60X210CM, ESPESSURA DE 3CM, ITENS INCLUSOS: DOBRADIÇAS, MONTAGEM E INSTALAÇÃO DO BATENTE, SEM FECHADURA - FORNECIMENTO E INSTALAÇÃO. AF_08/2015","UN",576.14]
[91330,"KIT DE PORTA DE MADEIRA FRISADA, SEMI-OCA (LEVE OU MÉDIA), PADRÃO MÉDIO, 70X210CM, ESPESSURA DE 3CM, ITENS INCLUSOS: DOBRADIÇAS, MONTAGEM E INSTALAÇÃO DO BATENTE, SEM FECHADURA - FORNECIMENTO E INSTALAÇÃO. AF_08/2015","UN",651.07]
[91331,"KIT DE PORTA DE MADEIRA FRISADA, SEMI-OCA (LEVE OU MÉDIA), PADRÃO POPULAR, 70X210CM, ESPESSURA DE 3CM, ITENS INCLUSOS: DOBRADIÇAS, MONTAGEM E INSTALAÇÃO DO BATENTE, SEM FECHADURA - FORNECIMENTO E INSTALAÇÃO. AF_08/2015","UN",610.87]
[91332,"KIT DE PORTA DE MADEIRA FRISADA, SEMI-OCA (LEVE OU MÉDIA), PADRÃO MÉDIO, 80X210CM, ESPESSURA DE 3,5CM, ITENS INCLUSOS: DOBRADIÇAS, MONTAGEM E INSTALAÇÃO DO BATENTE, SEM FECHADURA - FORNECIMENTO E INSTALAÇÃO. AF_08/2015","UN",709.99]
[91333,"KIT DE PORTA DE MADEIRA FRISADA, SEMI-OCA (LEVE OU MÉDIA), PADRÃO POPULAR, 80X210CM, ESPESSURA DE 3,5CM, ITENS INCLUSOS: DOBRADIÇAS, MONTAGEM E INSTALAÇÃO DO BATENTE, SEM FECHADURA - FORNECIMENTO E INSTALAÇÃO. AF_08/2015","UN",669.65]
[91334,"KIT DE PORTA DE MADEIRA TIPO VENEZIANA, PADRÃO MÉDIO, 80X210CM, ESPESSURA DE 3CM, ITENS INCLUSOS: DOBRADIÇAS, MONTAGEM E INSTALAÇÃO DO BATENTE, SEM FECHADURA - FORNECIMENTO E INSTALAÇÃO. AF_08/2015","UN",897.46]
[91335,"KIT DE PORTA DE MADEIRA TIPO VENEZIANA, PADRÃO POPULAR, 80X210CM, ESPESSURA DE 3CM, ITENS INCLUSOS: DOBRADIÇAS, MONTAGEM E INSTALAÇÃO DO BATENTE, SEM FECHADURA - FORNECIMENTO E INSTALAÇÃO. AF_08/2015","UN",857.12]
[91336,"KIT DE PORTA DE MADEIRA TIPO MEXICANA, MACIÇA (PESADA OU SUPERPESADA), PADRÃO MÉDIO, 80X210CM, ESPESSURA DE 3CM, ITENS INCLUSOS: DOBRADIÇAS, MONTAGEM E INSTALAÇÃO DO BATENTE, SEM FECHADURA - FORNECIMENTO E INSTALAÇÃO. AF_08/2015","UN",1089.32]
[91337,"KIT DE PORTA DE MADEIRA TIPO MEXICANA, MACIÇA (PESADA OU SUPERPESADA), PADRÃO POPULAR, 80X210CM, ESPESSURA DE 3CM, ITENS INCLUSOS: DOBRADIÇAS, MONTAGEM E INSTALAÇÃO DO BATENTE, SEM FECHADURA - FORNECIMENTO E INSTALAÇÃO. AF_08/2015","UN",1048.98]
["73813/1","JANELA DE MADEIRA ALMOFADADA 1A, 1,5X1,5M, DE ABRIR, INCLUSO GUARNICOES E DOBRADICAS","UN",1475.28]
[84844,"JANELA DE MADEIRA TIPO GUILHOTINA, DE ABRIR , INCLUSAS GUARNICOES SEM FERRAGENS","M2",418.68]
[84845,"JANELA DE MADEIRA TIPO VENEZIANA. DE ABRIR, INCLUSAS GUARNICOES E FERRAGENS","M2",619.07]
[84846,"JANELA DE MADEIRA TIPO VENEZIANA/VIDRO, DE ABRIR, INCLUSAS GUARNICOES SEM FERRAGENS","M2",628.72]
[84847,"JANELA DE MADEIRA ALMOFADADA, DE ABRIR, INCLUSAS GUARNICOES SEM FERRAGENS","M2",628.72]
[84848,"JANELA DE MADEIRA TIPO VENEZIANA/GUILHOTINA, DE ABRIR, INCLUSAS GUARNICOES SEM FERRAGENS","M2",505.7]
[84849,"CAIXA MADEIRA 57X43CM COM GUARNICAO 13CM P/ FECHAMENTO DE AR CONDICIONAL","UN",87.55]
["73933/1","PORTA DE FERRO, DE ABRIR, TIPO GRADE COM CHAPA, 87X210CM, COM GUARNICOES","M2",571.09]
["73933/3","PORTA DE FERRO TIPO VENEZIANA, DE ABRIR, SEM BANDEIRA SEM FERRAGENS","M2",396.29]
["73933/4","PORTA DE FERRO DE ABRIR TIPO BARRA CHATA, COM REQUADRO E GUARNICAO COMPLETA","M2",532.45]
["74073/1","ALCAPAO EM FERRO 60X60CM, INCLUSO FERRAGENS","UN",130.84]
["74073/2","ALCAPAO EM FERRO 70X70CM, INCLUSO FERRAGENS","UN",145.29]
["74136/1","PORTA DE ACO DE ENROLAR TIPO GRADE, CHAPA 16","M2",419.76]
["74136/2","PORTA DE ACO CHAPA 24, DE ENROLAR, VAZADA TIJOLINHO OU EQUIVALENTE COM RETANGULO OU CIRCULO, ACABAMENTO GALVANIZADO NATURAL","M2",364.99]
["74136/3","PORTA DE ACO CHAPA 24, DE ENROLAR, RAIADA, LARGA COM ACABAMENTO GALVANIZADO NATURAL","M2",275.48]
[84854,"BATENTE FERRO 1X1/8\"","M",38.99]
[94559,"JANELA DE AÇO BASCULANTE, FIXAÇÃO COM ARGAMASSA, SEM VIDROS, PADRONIZADA. AF_07/2016","M2",567]
[94560,"JANELA DE AÇO DE CORRER, 2 FOLHAS, FIXAÇÃO COM ARGAMASSA, COM VIDROS, PADRONIZADA. AF_07/2016","M2",492.42]
[94562,"JANELA DE AÇO DE CORRER, 4 FOLHAS, FIXAÇÃO COM ARGAMASSA, SEM VIDROS, PADRONIZADA. AF_07/2016","M2",519.99]
[94563,"JANELA DE AÇO DE CORRER, 6 FOLHAS, FIXAÇÃO COM ARGAMASSA, COM VIDROS, PADRONIZADA. AF_07/2016","M2",651.36]
[94564,"JANELA DE AÇO BASCULANTE, FIXAÇÃO COM PARAFUSO SOBRE CONTRAMARCO (EXCLUSIVE CONTRAMARCO), SEM VIDROS, PADRONIZADA. AF_07/2016","M2",502.43]
[94565,"JANELA DE AÇO DE CORRER, 2 FOLHAS, FIXAÇÃO COM PARAFUSO SOBRE CONTRAMARCO (EXCLUSIVE CONTRAMARCO), COM VIDROS, PADRONIZADA. AF_07/2016","M2",470.42]
[94567,"JANELA DE AÇO DE CORRER, 4 FOLHAS, FIXAÇÃO COM PARAFUSO SOBRE CONTRAMARCO (EXCLUSIVE CONTRAMARCO), SEM VIDROS, PADRONIZADA. AF_07/2016","M2",491.38]
[94568,"JANELA DE AÇO DE CORRER, 6 FOLHAS, FIXAÇÃO COM PARAFUSO SOBRE CONTRAMARCO (EXCLUSIVE CONTRAMARCO), COM VIDROS, PADRONIZADA. AF_07/2016","M2",617.94]
["73932/1","GRADE DE FERRO EM BARRA CHATA 3/16\"","M2",318.42]
[73631,"GUARDA-CORPO EM TUBO DE ACO GALVANIZADO 1 1/2\"","M2",404.56]
["74195/1","GUARDA-CORPO  COM CORRIMAO EM FERRO BARRA CHATA 3/16\"","M",378.48]
[73665,"ESCADA TIPO MARINHEIRO EM ACO CA-50 9,52MM INCLUSO PINTURA COM FUNDO ANTICORROSIVO TIPO ZARCAO","M",71.13]
["74072/2","CORRIMAO EM TUBO ACO GALVANIZADO 2 1/2\" COM BRACADEIRA","M",136.54]
["74072/3","CORRIMAO EM TUBO ACO GALVANIZADO 1 1/4\" COM BRACADEIRA","M",99.93]
["74194/1","ESCADA TIPO MARINHEIRO EM TUBO ACO GALVANIZADO 1 1/2\" 5 DEGRAUS","M",302]
[84862,"GUARDA-CORPO COM CORRIMAO EM TUBO DE ACO GALVANIZADO 1 1/2\"","M",257.71]
[68050,"PORTA DE CORRER EM ALUMINIO, COM DUAS FOLHAS PARA VIDRO, INCLUSO VIDRO LISO INCOLOR, FECHADURA E PUXADOR, SEM GUARNICAO/ALIZAR/VISTA","M2",351.72]
[90838,"PORTA CORTA-FOGO 90X210X4CM - FORNECIMENTO E INSTALAÇÃO. AF_08/2015","UN",1079.26]
[91338,"PORTA DE ALUMÍNIO DE ABRIR COM LAMBRI, COM GUARNIÇÃO, FIXAÇÃO COM PARAFUSOS - FORNECIMENTO E INSTALAÇÃO. AF_08/2015","M2",549]
[91341,"PORTA EM ALUMÍNIO DE ABRIR TIPO VENEZIANA COM GUARNIÇÃO, FIXAÇÃO COM PARAFUSOS - FORNECIMENTO E INSTALAÇÃO. AF_08/2015","M2",408.23]
[94805,"PORTA DE ALUMÍNIO DE ABRIR PARA VIDRO SEM GUARNIÇÃO, 87X210CM, FIXAÇÃO COM PARAFUSOS, INCLUSIVE VIDROS - FORNECIMENTO E INSTALAÇÃO. AF_08/2015","UN",644.28]
[94806,"PORTA EM AÇO DE ABRIR PARA VIDRO SEM GUARNIÇÃO, 87X210CM, FIXAÇÃO COM PARAFUSOS, EXCLUSIVE VIDROS - FORNECIMENTO E INSTALAÇÃO. AF_08/2015","UN",510.8]
[94807,"PORTA EM AÇO DE ABRIR TIPO VENEZIANA SEM GUARNIÇÃO, 87X210CM, FIXAÇÃO COM PARAFUSOS - FORNECIMENTO E INSTALAÇÃO. AF_08/2015","UN",613.05]
["73737/1","GRADIL DE ALUMINIO ANODIZADO TIPO BARRA CHATA PARA VARANDAS, ALTURA 0,4M","M",158.79]
["73737/2","GRADIL DE ALUMINIO ANODIZADO TIPO BARRA CHATA PARA VARANDAS, ALTURA 1,0M","M",319.08]
["73737/3","GRADIL DE ALUMINIO ANODIZADO TIPO BARRA CHATA PARA VARANDAS, ALTURA 1,2M","M",370.74]
[85096,"GRADIL DE ALUMINIO ANODIZADO TIPO BARRA CHATA","M2",321.86]
["73736/1","DOBRADICA TIPO VAI E VEM EM LATAO POLIDO 3\"","UN",123.88]
[84885,"JOGO DE FERRAGENS CROMADAS PARA PORTA DE VIDRO TEMPERADO, UMA FOLHA COMPOSTO DE DOBRADICAS SUPERIOR E INFERIOR, TRINCO, FECHADURA, CONTRA FECHADURA COM CAPUCHINHO SEM MOLA E PUXADOR","UN",733.24]
[84886,"MOLA HIDRAULICA DE PISO PARA PORTA DE VIDRO TEMPERADO","UN",1259.18]
[84889,"PUXADOR CENTRAL PARA ESQUADRIA DE ALUMINIO","UN",20.59]
[84891,"CREMONA EM LATAO CROMADO OU POLIDO, COMPLETA, COM VARA H=1,50M","UN",222.54]
["74046/2","TARJETA TIPO LIVRE/OCUPADO PARA PORTA DE BANHEIRO","UN",38.12]
["74047/2","DOBRADICA EM ACO/FERRO, 3\" X 21/2\", E=1,9 A 2 MM, SEM ANEL, CROMADO OU ZINCADO, TAMPA BOLA, COM PARAFUSOS","UN",34.45]
["74084/1","PORTA CADEADO ZINCADO OXIDADO PRETO COM CADEADO DE ACO INOX, LARGURA DE *50* MM","UN",159.17]
[84950,"FECHO EMBUTIR TIPO UNHA 40CM C/COLOCACAO","UN",54.21]
[84952,"FECHO EMBUTIR TIPO UNHA 22CM C/COLOCACAO","UN",41.55]
[72116,"VIDRO LISO COMUM TRANSPARENTE, ESPESSURA 3MM","M2",76.16]
[72117,"VIDRO LISO COMUM TRANSPARENTE, ESPESSURA 4MM","M2",96.23]
[72118,"VIDRO TEMPERADO INCOLOR, ESPESSURA 6MM, FORNECIMENTO E INSTALACAO, INCLUSIVE MASSA PARA VEDACAO","M2",218.86]
[72119,"VIDRO TEMPERADO INCOLOR, ESPESSURA 8MM, FORNECIMENTO E INSTALACAO, INCLUSIVE MASSA PARA VEDACAO","M2",277.18]
[72120,"VIDRO TEMPERADO INCOLOR, ESPESSURA 10MM, FORNECIMENTO E INSTALACAO, INCLUSIVE MASSA PARA VEDACAO","M2",351.51]
[72122,"VIDRO FANTASIA TIPO CANELADO, ESPESSURA 4MM","M2",84.12]
[72123,"VIDRO ARAMADO, ESPESSURA 7MM","M2",206.62]
["73838/1","PORTA DE VIDRO TEMPERADO, 0,9X2,10M, ESPESSURA 10MM, INCLUSIVE ACESSORIOS","UN",2282.39]
["74125/1","ESPELHO CRISTAL ESPESSURA 4MM, COM MOLDURA DE MADEIRA","M2",306.3]
["74125/2","ESPELHO CRISTAL ESPESSURA 4MM, COM MOLDURA EM ALUMINIO E COMPENSADO 6MM PLASTIFICADO COLADO","M2",336.45]
[84957,"VIDRO LISO COMUM TRANSPARENTE, ESPESSURA 5MM","M2",117.65]
[84959,"VIDRO LISO COMUM TRANSPARENTE, ESPESSURA 6MM","M2",135.15]
[85001,"VIDRO LISO FUME, ESPESSURA 4MM","M2",129.32]
[85002,"VIDRO LISO FUME, ESPESSURA 6MM","M2",175.99]
[85004,"VIDRO FANTASIA MARTELADO 4MM","M2",94.32]
[85005,"ESPELHO CRISTAL, ESPESSURA 4MM, COM PARAFUSOS DE FIXACAO, SEM MOLDURA","M2",268.4]
[68054,"PORTAO DE FERRO EM CHAPA GALVANIZADA PLANA 14 GSG","M2",240.4]
["74100/1","PORTAO DE FERRO COM VARA 1/2\", COM REQUADRO","M2",480.63]
["74238/2","PORTAO EM TELA ARAME GALVANIZADO N.12 MALHA 2\" E MOLDURA EM TUBOS DE ACO COM DUAS FOLHAS DE ABRIR, INCLUSO FERRAGENS","M2",837.2]
[85188,"PORTAO EM TUBO DE ACO GALVANIZADO DIN 2440/NBR 5580, PAINEL UNICO, DIMENSOES 1,0X1,6M, INCLUSIVE CADEADO","UN",756.08]
[85189,"PORTAO EM TUBO DE ACO GALVANIZADO DIN 2440/NBR 5580, PAINEL UNICO, DIMENSOES 4,0X1,2M, INCLUSIVE CADEADO","UN",1556.29]
[85010,"CAIXILHO FIXO, DE ALUMINIO, PARA VIDRO","M2",286.31]
[85014,"CAIXILHO FIXO, DE ALUMINIO, COM TELA DE METAL FIO 12 MALHA 3X3CM","M2",403.43]
[94569,"JANELA DE ALUMÍNIO MAXIM-AR, FIXAÇÃO COM PARAFUSO SOBRE CONTRAMARCO (EXCLUSIVE CONTRAMARCO), COM VIDROS, PADRONIZADA. AF_07/2016","M2",390.99]
[94570,"JANELA DE ALUMÍNIO DE CORRER, 2 FOLHAS, FIXAÇÃO COM PARAFUSO SOBRE CONTRAMARCO (EXCLUSIVE CONTRAMARCO), COM VIDROS PADRONIZADA. AF_07/2016","M2",239.23]
[94572,"JANELA DE ALUMÍNIO DE CORRER, 3 FOLHAS, FIXAÇÃO COM PARAFUSO SOBRE CONTRAMARCO (EXCLUSIVE CONTRAMARCO), COM VIDROS, PADRONIZADA. AF_07/2016","M2",358.44]
[94573,"JANELA DE ALUMÍNIO DE CORRER, 4 FOLHAS, FIXAÇÃO COM PARAFUSO SOBRE CONTRAMARCO (EXCLUSIVE CONTRAMARCO), COM VIDROS, PADRONIZADA. AF_07/2016","M2",280.81]
[94574,"JANELA DE ALUMÍNIO DE CORRER, 6 FOLHAS, FIXAÇÃO COM PARAFUSO SOBRE CONTRAMARCO (EXCLUSIVE CONTRAMARCO), COM VIDROS, PADRONIZADA. AF_07/2016","M2",409.21]
[94575,"JANELA DE ALUMÍNIO MAXIM-AR, FIXAÇÃO COM PARAFUSO, VEDAÇÃO COM ESPUMA EXPANSIVA PU, COM VIDROS, PADRONIZADA. AF_07/2016","M2",437.21]
[94576,"JANELA DE ALUMÍNIO DE CORRER, 2 FOLHAS, FIXAÇÃO COM PARAFUSO, VEDAÇÃO COM ESPUMA EXPANSIVA PU, COM VIDROS, PADRONIZADA. AF_07/2016","M2",251.73]
[94578,"JANELA DE ALUMÍNIO DE CORRER, 3 FOLHAS, FIXAÇÃO COM PARAFUSO, VEDAÇÃO COM ESPUMA EXPANSIVA PU, COM VIDROS, PADRONIZADA. AF_07/2016","M2",371.18]
[94579,"JANELA DE ALUMÍNIO DE CORRER, 4 FOLHAS, FIXAÇÃO COM PARAFUSO, VEDAÇÃO COM ESPUMA EXPANSIVA PU, COM VIDROS, PADRONIZADA. AF_07/2016","M2",294.74]
[94580,"JANELA DE ALUMÍNIO DE CORRER, 6 FOLHAS, FIXAÇÃO COM PARAFUSO, VEDAÇÃO COM ESPUMA EXPANSIVA PU, COM VIDROS, PADRONIZADA. AF_07/2016","M2",422.63]
[94581,"JANELA DE ALUMÍNIO MAXIM-AR, FIXAÇÃO COM ARGAMASSA, COM VIDROS, PADRONIZADA. AF_07/2016","M2",439.44]
[94582,"JANELA DE ALUMÍNIO DE CORRER, 2 FOLHAS, FIXAÇÃO COM ARGAMASSA, COM VIDROS, PADRONIZADA. AF_07/2016","M2",253.72]
[94584,"JANELA DE ALUMÍNIO DE CORRER, 3 FOLHAS, FIXAÇÃO COM ARGAMASSA, COM VIDROS, PADRONIZADA. AF_07/2016","M2",380.7]
[94585,"JANELA DE ALUMÍNIO DE CORRER, 4 FOLHAS, FIXAÇÃO COM ARGAMASSA, COM VIDROS, PADRONIZADA. AF_07/2016","M2",295.62]
[94586,"JANELA DE ALUMÍNIO 6 FOLHAS, FIXAÇÃO COM ARGAMASSA, COM VIDROS, PADRONIZADA. AF_07/2016","M2",433.2]
["73908/1","CANTONEIRA DE ALUMINIO 2\"X2\", PARA PROTECAO DE QUINA DE PAREDE","M",46.44]
["73908/2","CANTONEIRA DE ALUMINIO 1\"X1\u0094, PARA PROTECAO DE QUINA DE PAREDE","M",36.85]
[85015,"CANTONEIRA DE MADEIRA 3,0X3,0X1,0CM","M",26.15]
[85016,"CANTONEIRA DE MADEIRA COM LAMINADO MELAMINICO FOSCO 3,0X3,0X1,0CM","M",30.89]
[97751,"TUBULÃO A CÉU ABERTO, DIÂMETRO DO FUSTE DE 70 CM, PROFUNDIDADE MENOR OU IGUAL A 5 M, ESCAVAÇÃO MANUAL, SEM ALARGAMENTO DE BASE, CONCRETO FEITO EM OBRA E LANÇADO COM JERICA. AF_01/2018","M3",646.91]
[97752,"TUBULÃO A CÉU ABERTO, DIÂMETRO DO FUSTE DE 80 CM, PROFUNDIDADE MENOR OU IGUAL A 5 M, ESCAVAÇÃO MANUAL, SEM ALARGAMENTO DE BASE, CONCRETO FEITO EM OBRA E LANÇADO COM JERICA. AF_01/2018","M3",610.79]
[97753,"TUBULÃO A CÉU ABERTO, DIÂMETRO DO FUSTE DE 100 CM, PROFUNDIDADE MENOR OU IGUAL A 5 M, ESCAVAÇÃO MANUAL, SEM ALARGAMENTO DE BASE, CONCRETO FEITO EM OBRA E LANÇADO COM JERICA. AF_01/2018","M3",560.59]
[97754,"TUBULÃO A CÉU ABERTO, DIÂMETRO DO FUSTE DE 120 CM, PROFUNDIDADE MENOR OU IGUAL A 5 M, ESCAVAÇÃO MANUAL, SEM ALARGAMENTO DE BASE, CONCRETO FEITO EM OBRA E LANÇADO COM JERICA. AF_01/2018","M3",527.67]
[97755,"TUBULÃO A CÉU ABERTO, DIÂMETRO DO FUSTE DE 70 CM, PROFUNDIDADE MAIOR QUE 5 M E MENOR OU IGUAL A 10 M, ESCAVAÇÃO MANUAL, SEM ALARGAMENTO DE BASE, CONCRETO FEITO EM OBRA E LANÇADO COM JERICA. AF_01/2018","M3",629.12]
[97756,"TUBULÃO A CÉU ABERTO, DIÂMETRO DO FUSTE DE 80 CM, PROFUNDIDADE MAIOR QUE 5 M E MENOR OU IGUAL A 10 M, ESCAVAÇÃO MANUAL, SEM ALARGAMENTO DE BASE, CONCRETO FEITO EM OBRA E LANÇADO COM JERICA. AF_01/2018","M3",595.65]
[97757,"TUBULÃO A CÉU ABERTO, DIÂMETRO DO FUSTE DE 100 CM, PROFUNDIDADE MAIOR QUE 5 M E MENOR OU IGUAL A 10 M, ESCAVAÇÃO MANUAL, SEM ALARGAMENTO DE BASE, CONCRETO FEITO EM OBRA E LANÇADO COM JERICA. AF_01/2018","M3",542.66]
[97758,"TUBULÃO A CÉU ABERTO, DIÂMETRO DO FUSTE DE 120 CM, PROFUNDIDADE MAIOR QUE 5 M E MENOR OU IGUAL A 10 M, ESCAVAÇÃO MANUAL, SEM ALARGAMENTO DE BASE, CONCRETO FEITO EM OBRA E LANÇADO COM JERICA. AF_01/2018","M3",504.27]
[97759,"TUBULÃO A CÉU ABERTO, DIÂMETRO DO FUSTE DE 70 CM, PROFUNDIDADE MAIOR QUE 10 M, ESCAVAÇÃO MANUAL, SEM ALARGAMENTO DE BASE, CONCRETO FEITO EM OBRA E LANÇADO COM JERICA. AF_01/2018","M3",629.3]
[97760,"TUBULÃO A CÉU ABERTO, DIÂMETRO DO FUSTE DE 80 CM, PROFUNDIDADE MAIOR QUE 10 M, ESCAVAÇÃO MANUAL, SEM ALARGAMENTO DE BASE, CONCRETO FEITO EM OBRA E LANÇADO COM JERICA. AF_01/2018","M3",588.13]
[97761,"TUBULÃO A CÉU ABERTO, DIÂMETRO DO FUSTE DE 100 CM, PROFUNDIDADE MAIOR QUE 10 M, ESCAVAÇÃO MANUAL, SEM ALARGAMENTO DE BASE, CONCRETO FEITO EM OBRA E LANÇADO COM JERICA. AF_01/2018","M3",530.15]
[97762,"TUBULÃO A CÉU ABERTO, DIÂMETRO DO FUSTE DE 120 CM, PROFUNDIDADE MAIOR QUE 10 M, ESCAVAÇÃO MANUAL, SEM ALARGAMENTO DE BASE, CONCRETO FEITO EM OBRA E LANÇADO COM JERICA. AF_01/2018","M3",487.91]
[97763,"TUBULÃO A CÉU ABERTO, DIÂMETRO DO FUSTE DE 70 CM, PROFUNDIDADE MENOR OU IGUAL A 5 M, ESCAVAÇÃO MECÂNICA, SEM ALARGAMENTO DE BASE, CONCRETO FEITO EM OBRA E LANÇADO COM JERICA. AF_01/2018","M3",605.14]
[97764,"TUBULÃO A CÉU ABERTO, DIÂMETRO DO FUSTE DE 80 CM, PROFUNDIDADE MENOR OU IGUAL A 5 M, ESCAVAÇÃO MECÂNICA, SEM ALARGAMENTO DE BASE, CONCRETO FEITO EM OBRA E LANÇADO COM JERICA. AF_01/2018","M3",492.39]
[97765,"TUBULÃO A CÉU ABERTO, DIÂMETRO DO FUSTE DE 100 CM, PROFUNDIDADE MENOR OU IGUAL A 5 M, ESCAVAÇÃO MECÂNICA, SEM ALARGAMENTO DE BASE, CONCRETO FEITO EM OBRA E LANÇADO COM JERICA. AF_01/2018","M3",463.82]
[97766,"TUBULÃO A CÉU ABERTO, DIÂMETRO DO FUSTE DE 120 CM, PROFUNDIDADE MENOR OU IGUAL A 5 M, ESCAVAÇÃO MECÂNICA, SEM ALARGAMENTO DE BASE, CONCRETO FEITO EM OBRA E LANÇADO COM JERICA. AF_01/2018","M3",445.88]
[97767,"TUBULÃO A CÉU ABERTO, DIÂMETRO DO FUSTE DE 70 CM, PROFUNDIDADE MAIOR QUE 5 M E MENOR OU IGUAL A 10 M, ESCAVAÇÃO MECÂNICA, SEM ALARGAMENTO DE BASE, CONCRETO FEITO EM OBRA E LANÇADO COM JERICA. AF_01/2018","M3",464.55]
[97768,"TUBULÃO A CÉU ABERTO, DIÂMETRO DO FUSTE DE 80 CM, PROFUNDIDADE MAIOR QUE 5 M E MENOR OU IGUAL A 10 M, ESCAVAÇÃO MECÂNICA, SEM ALARGAMENTO DE BASE, CONCRETO FEITO EM OBRA E LANÇADO COM JERICA. AF_01/2018","M3",452.33]
[97769,"TUBULÃO A CÉU ABERTO, DIÂMETRO DO FUSTE DE 100 CM, PROFUNDIDADE MAIOR QUE 5 M E MENOR OU IGUAL A 10 M, ESCAVAÇÃO MECÂNICA, SEM ALARGAMENTO DE BASE, CONCRETO FEITO EM OBRA E LANÇADO COM JERICA. AF_01/2018","M3",428.35]
[97770,"TUBULÃO A CÉU ABERTO, DIÂMETRO DO FUSTE DE 120 CM, PROFUNDIDADE MAIOR QUE 5 M E MENOR OU IGUAL A 10 M, ESCAVAÇÃO MECÂNICA, SEM ALARGAMENTO DE BASE, CONCRETO FEITO EM OBRA E LANÇADO COM JERICA. AF_01/2018","M3",408.71]
[97771,"TUBULÃO A CÉU ABERTO, DIÂMETRO DO FUSTE DE 70 CM, PROFUNDIDADE MAIOR QUE 10 M, ESCAVAÇÃO MECÂNICA, SEM ALARGAMENTO DE BASE, CONCRETO FEITO EM OBRA E LANÇADO COM JERICA. AF_01/2018","M3",444.94]
[97772,"TUBULÃO A CÉU ABERTO, DIÂMETRO DO FUSTE DE 80 CM, PROFUNDIDADE MAIOR QUE 10 M, ESCAVAÇÃO MECÂNICA, SEM ALARGAMENTO DE BASE, CONCRETO FEITO EM OBRA E LANÇADO COM JERICA. AF_01/2018","M3",429.28]
[97773,"TUBULÃO A CÉU ABERTO, DIÂMETRO DO FUSTE DE 100 CM, PROFUNDIDADE MAIOR QUE 10 M, ESCAVAÇÃO MECÂNICA, SEM ALARGAMENTO DE BASE, CONCRETO FEITO EM OBRA E LANÇADO COM JERICA. AF_01/2018","M3",405.01]
[97774,"TUBULÃO A CÉU ABERTO, DIÂMETRO DO FUSTE DE 120 CM, PROFUNDIDADE MAIOR QUE 10 M, ESCAVAÇÃO MECÂNICA, SEM ALARGAMENTO DE BASE, CONCRETO FEITO EM OBRA E LANÇADO COM JERICA. AF_01/2018","M3",384.33]
[97775,"TUBULÃO A CÉU ABERTO, DIÂMETRO DO FUSTE DE 70 CM, PROFUNDIDADE MENOR OU IGUAL A 5 M, ESCAVAÇÃO MANUAL, SEM ALARGAMENTO DE BASE, CONCRETO USINADO E LANÇADO COM BOMBA OU DIRETAMENTE DO CAMINHÃO. AF_01/2018","M3",634.28]
[97776,"TUBULÃO A CÉU ABERTO, DIÂMETRO DO FUSTE DE 80 CM, PROFUNDIDADE MENOR OU IGUAL A 5 M, ESCAVAÇÃO MANUAL, SEM ALARGAMENTO DE BASE, CONCRETO USINADO E LANÇADO COM BOMBA OU DIRETAMENTE DO CAMINHÃO. AF_01/2018","M3",597.75]
[97777,"TUBULÃO A CÉU ABERTO, DIÂMETRO DO FUSTE DE 100 CM, PROFUNDIDADE MENOR OU IGUAL A 5 M, ESCAVAÇÃO MANUAL, SEM ALARGAMENTO DE BASE, CONCRETO USINADO E LANÇADO COM BOMBA OU DIRETAMENTE DO CAMINHÃO. AF_01/2018","M3",547.67]
[97778,"TUBULÃO A CÉU ABERTO, DIÂMETRO DO FUSTE DE 120 CM, PROFUNDIDADE MENOR OU IGUAL A 5 M, ESCAVAÇÃO MANUAL, SEM ALARGAMENTO DE BASE, CONCRETO USINADO E LANÇADO COM BOMBA OU DIRETAMENTE DO CAMINHÃO. AF_01/2018","M3",515.38]
[97779,"TUBULÃO A CÉU ABERTO, DIÂMETRO DO FUSTE DE 70 CM, PROFUNDIDADE MAIOR QUE 5 M E MENOR OU IGUAL A 10 M, ESCAVAÇÃO MANUAL, SEM ALARGAMENTO DE BASE, CONCRETO USINADO E LANÇADO COM BOMBA OU DIRETAMENTE DO CAMINHÃO. AF_01/2018","M3",609.89]
[97780,"TUBULÃO A CÉU ABERTO, DIÂMETRO DO FUSTE DE 80 CM, PROFUNDIDADE MAIOR QUE 5 M E MENOR OU IGUAL A 10 M, ESCAVAÇÃO MANUAL, SEM ALARGAMENTO DE BASE, CONCRETO USINADO E LANÇADO COM BOMBA OU DIRETAMENTE DO CAMINHÃO. AF_01/2018","M3",576.94]
[97781,"TUBULÃO A CÉU ABERTO, DIÂMETRO DO FUSTE DE 100 CM, PROFUNDIDADE MAIOR QUE 5 M E MENOR OU IGUAL A 10 M, ESCAVAÇÃO MANUAL, SEM ALARGAMENTO DE BASE, CONCRETO USINADO E LANÇADO COM BOMBA OU DIRETAMENTE DO CAMINHÃO. AF_01/2018","M3",525.04]
[97782,"TUBULÃO A CÉU ABERTO, DIÂMETRO DO FUSTE DE 120 CM, PROFUNDIDADE MAIOR QUE 5 M E MENOR OU IGUAL A 10 M, ESCAVAÇÃO MANUAL, SEM ALARGAMENTO DE BASE, CONCRETO USINADO E LANÇADO COM BOMBA OU DIRETAMENTE DO CAMINHÃO. AF_01/2018","M3",487.65]
[97783,"TUBULÃO A CÉU ABERTO, DIÂMETRO DO FUSTE DE 70 CM, PROFUNDIDADE MAIOR QUE 10 M, ESCAVAÇÃO MANUAL, SEM ALARGAMENTO DE BASE, CONCRETO USINADO E LANÇADO COM BOMBA OU DIRETAMENTE DO CAMINHÃO. AF_01/2018","M3",610.86]
[97784,"TUBULÃO A CÉU ABERTO, DIÂMETRO DO FUSTE DE 80 CM, PROFUNDIDADE MAIOR QUE 10 M, ESCAVAÇÃO MANUAL, SEM ALARGAMENTO DE BASE, CONCRETO USINADO E LANÇADO COM BOMBA OU DIRETAMENTE DO CAMINHÃO. AF_01/2018","M3",570.35]
[97785,"TUBULÃO A CÉU ABERTO, DIÂMETRO DO FUSTE DE 100 CM, PROFUNDIDADE MAIOR QUE 10 M, ESCAVAÇÃO MANUAL, SEM ALARGAMENTO DE BASE, CONCRETO USINADO E LANÇADO COM BOMBA OU DIRETAMENTE DO CAMINHÃO. AF_01/2018","M3",513.59]
[97786,"TUBULÃO A CÉU ABERTO, DIÂMETRO DO FUSTE DE 120 CM, PROFUNDIDADE MAIOR QUE 10 M, ESCAVAÇÃO MANUAL, SEM ALARGAMENTO DE BASE, CONCRETO USINADO E LANÇADO COM BOMBA OU DIRETAMENTE DO CAMINHÃO. AF_01/2018","M3",472.32]
[97787,"TUBULÃO A CÉU ABERTO, DIÂMETRO DO FUSTE DE 70 CM, PROFUNDIDADE MENOR OU IGUAL A 5 M, ESCAVAÇÃO MECÂNICA, SEM ALARGAMENTO DE BASE, CONCRETO USINADO E LANÇADO COM BOMBA OU DIRETAMENTE DO CAMINHÃO. AF_01/2018","M3",501.07]
[97788,"TUBULÃO A CÉU ABERTO, DIÂMETRO DO FUSTE DE 80 CM, PROFUNDIDADE MENOR OU IGUAL A 5 M, ESCAVAÇÃO MECÂNICA, SEM ALARGAMENTO DE BASE, CONCRETO USINADO E LANÇADO COM BOMBA OU DIRETAMENTE DO CAMINHÃO. AF_01/2018","M3",479.35]
[97789,"TUBULÃO A CÉU ABERTO, DIÂMETRO DO FUSTE DE 100 CM, PROFUNDIDADE MENOR OU IGUAL A 5 M, ESCAVAÇÃO MECÂNICA, SEM ALARGAMENTO DE BASE, CONCRETO USINADO E LANÇADO COM BOMBA OU DIRETAMENTE DO CAMINHÃO. AF_01/2018","M3",450.9]
[97790,"TUBULÃO A CÉU ABERTO, DIÂMETRO DO FUSTE DE 120 CM, PROFUNDIDADE MENOR OU IGUAL A 5 M, ESCAVAÇÃO MECÂNICA, SEM ALARGAMENTO DE BASE, CONCRETO USINADO E LANÇADO COM BOMBA OU DIRETAMENTE DO CAMINHÃO. AF_01/2018","M3",433.59]
[97791,"TUBULÃO A CÉU ABERTO, DIÂMETRO DO FUSTE DE 70 CM, PROFUNDIDADE MAIOR QUE 5 M E MENOR OU IGUAL A 10M, ESCAVAÇÃO MECÂNICA, SEM ALARGAMENTO DE BASE, CONCRETO USINADO E LANÇADO COM BOMBA OU DIRETAMENTE DO CAMINHÃO. AF_01/2018","M3",445.32]
[97792,"TUBULÃO A CÉU ABERTO, DIÂMETRO DO FUSTE DE 80 CM, PROFUNDIDADE MAIOR QUE 5 M E MENOR OU IGUAL A 10M, ESCAVAÇÃO MECÂNICA, SEM ALARGAMENTO DE BASE, CONCRETO USINADO E LANÇADO COM BOMBA OU DIRETAMENTE DO CAMINHÃO. AF_01/2018","M3",433.62]
[97793,"TUBULÃO A CÉU ABERTO, DIÂMETRO DO FUSTE DE 100 CM, PROFUNDIDADE MAIOR QUE 5 M E MENOR OU IGUAL A 10M, ESCAVAÇÃO MECÂNICA, SEM ALARGAMENTO DE BASE, CONCRETO USINADO E LANÇADO COM BOMBA OU DIRETAMENTE DO CAMINHÃO. AF_01/2018","M3",410.73]
[97794,"TUBULÃO A CÉU ABERTO, DIÂMETRO DO FUSTE DE 120 CM, PROFUNDIDADE MAIOR QUE 5 M E MENOR OU IGUAL A 10M, ESCAVAÇÃO MECÂNICA, SEM ALARGAMENTO DE BASE, CONCRETO USINADO E LANÇADO COM BOMBA OU DIRETAMENTE DO CAMINHÃO. AF_01/2018","M3",392.09]
[97795,"TUBULÃO A CÉU ABERTO, DIÂMETRO DO FUSTE DE 70 CM, PROFUNDIDADE MAIOR QUE 10M, ESCAVAÇÃO MECÂNICA, SEM ALARGAMENTO DE BASE, CONCRETO USINADO E LANÇADO COM BOMBA OU DIRETAMENTE DO CAMINHÃO. AF_01/2018","M3",426.5]
[97796,"TUBULÃO A CÉU ABERTO, DIÂMETRO DO FUSTE DE 80 CM, PROFUNDIDADE MAIOR QUE 10M, ESCAVAÇÃO MECÂNICA, SEM ALARGAMENTO DE BASE, CONCRETO USINADO E LANÇADO COM BOMBA OU DIRETAMENTE DO CAMINHÃO. AF_01/2018","M3",411.5]
[97797,"TUBULÃO A CÉU ABERTO, DIÂMETRO DO FUSTE DE 100 CM, PROFUNDIDADE MAIOR QUE 10M, ESCAVAÇÃO MECÂNICA, SEM ALARGAMENTO DE BASE, CONCRETO USINADO E LANÇADO COM BOMBA OU DIRETAMENTE DO CAMINHÃO. AF_01/2018","M3",388.45]
[97798,"TUBULÃO A CÉU ABERTO, DIÂMETRO DO FUSTE DE 120 CM, PROFUNDIDADE MAIOR QUE 10M, ESCAVAÇÃO MECÂNICA, SEM ALARGAMENTO DE BASE, CONCRETO USINADO E LANÇADO COM BOMBA OU DIRETAMENTE DO CAMINHÃO. AF_01/2018","M3",368.74]
[97799,"ALARGAMENTO DE BASE DE TUBULÃO A CÉU ABERTO, ESCAVAÇÃO MANUAL, CONCRETO FEITO EM OBRA E LANÇADO COM JERICA. AF_01/2018","M3",548.32]
[97800,"ALARGAMENTO DE BASE DE TUBULÃO A CÉU ABERTO, ESCAVAÇÃO MANUAL, CONCRETO USINADO E LANÇADO COM BOMBA OU DIRETAMENTE DO CAMINHÃO. AF_01/2018","M3",539.15]
[89198,"ESTACA PRÉ-MOLDADA DE CONCRETO, SEÇÃO QUADRADA, CAPACIDADE DE 25 TONELADAS, COMPRIMENTO TOTAL CRAVADO ATÉ 5M, BATE-ESTACAS POR GRAVIDADE SOBRE ROLOS (EXCLUSIVE MOBILIZAÇÃO E DESMOBILIZAÇÃO). AF_03/2016","M",77.66]
[89199,"ESTACA PRÉ-MOLDADA DE CONCRETO, SEÇÃO QUADRADA, CAPACIDADE DE 50 TONELADAS, COMPRIMENTO TOTAL CRAVADO ATÉ 5M, BATE-ESTACAS POR GRAVIDADE SOBRE ROLOS (EXCLUSIVE MOBILIZAÇÃO E DESMOBILIZAÇÃO). AF_03/2016","M",101.81]
[89200,"ESTACA PRÉ-MOLDADA DE CONCRETO CENTRIFUGADO, SEÇÃO CIRCULAR, CAPACIDADE DE 100 TONELADAS, COMPRIMENTO TOTAL CRAVADO ATÉ 5M, BATE-ESTACAS POR GRAVIDADE SOBRE ROLOS (EXCLUSIVE MOBILIZAÇÃO E DESMOBILIZAÇÃO). AF_03/2016","M",238.25]
[89201,"ESTACA PRÉ-MOLDADA DE CONCRETO, SEÇÃO QUADRADA, CAPACIDADE DE 25 TONELADAS, COMPRIMENTO TOTAL CRAVADO ACIMA DE 5M ATÉ 12M, BATE-ESTACAS POR GRAVIDADE SOBRE ROLOS (EXCLUSIVE MOBILIZAÇÃO E DESMOBILIZAÇÃO). AF_03/2016","M",61.14]
[89202,"ESTACA PRÉ-MOLDADA DE CONCRETO, SEÇÃO QUADRADA, CAPACIDADE DE 50 TONELADAS, COMPRIMENTO TOTAL CRAVADO ACIMA DE 5M ATÉ 12M, BATE-ESTACAS POR GRAVIDADE SOBRE ROLOS (EXCLUSIVE MOBILIZAÇÃO E DESMOBILIZAÇÃO). AF_03/2016","M",78.78]
[89203,"ESTACA PRÉ-MOLDADA DE CONCRETO CENTRIFUGADO, SEÇÃO CIRCULAR, CAPACIDADE DE 100 TONELADAS, COMPRIMENTO TOTAL CRAVADO ACIMA DE 5M ATÉ 12M, BATE-ESTACAS POR GRAVIDADE SOBRE ROLOS (EXCLUSIVE MOBILIZAÇÃO E DESMOBILIZAÇÃO). AF_03/2016","M",181.92]
[89204,"ESTACA PRÉ-MOLDADA DE CONCRETO, SEÇÃO QUADRADA, CAPACIDADE DE 25 TONELADAS COMPRIMENTO TOTAL CRAVADO ACIMA DE 12M, BATE-ESTACAS POR GRAVIDADE SOBRE ROLOS (EXCLUSIVE MOBILIZAÇÃO E DESMOBILIZAÇÃO). AF_03/2016","M",55.16]
[89205,"ESTACA PRÉ-MOLDADA DE CONCRETO, SEÇÃO QUADRADA, CAPACIDADE DE 50 TONELADAS, COMPRIMENTO TOTAL CRAVADO ACIMA DE 12M, BATE-ESTACAS POR GRAVIDADE SOBRE ROLOS (EXCLUSIVE MOBILIZAÇÃO E DESMOBILIZAÇÃO). AF_03/2016","M",71.79]
[89206,"ESTACA PRÉ-MOLDADA DE CONCRETO CENTRIFUGADO, SEÇÃO CIRCULAR, CAPACIDADE DE 100 TONELADAS, COMPRIMENTO TOTAL CRAVADO ACIMA DE 12M, BATE-ESTACAS POR GRAVIDADE SOBRE ROLOS (EXCLUSIVE MOBILIZAÇÃO E DESMOBILIZAÇÃO). AF_03/2016","M",168.53]
[90808,"ESTACA HÉLICE CONTÍNUA, DIÂMETRO DE 30 CM, COMPRIMENTO TOTAL ATÉ 15 M, PERFURATRIZ COM TORQUE DE 170 KN.M (EXCLUSIVE MOBILIZAÇÃO E DESMOBILIZAÇÃO). AF_02/2015","M",61.2]
[90809,"ESTACA HÉLICE CONTÍNUA, DIÂMETRO DE 30 CM, COMPRIMENTO TOTAL ACIMA DE 15 M ATÉ 20 M, PERFURATRIZ COM TORQUE DE 170 KN.M (EXCLUSIVE MOBILIZAÇÃO E DESMOBILIZAÇÃO). AF_02/2015","M",58.98]
[90810,"ESTACA HÉLICE CONTÍNUA, DIÂMETRO DE 50 CM, COMPRIMENTO TOTAL ATÉ 15 M, PERFURATRIZ COM TORQUE DE 170 KN.M (EXCLUSIVE MOBILIZAÇÃO E DESMOBILIZAÇÃO). AF_02/2015","M",128.97]
[90811,"ESTACA HÉLICE CONTÍNUA, DIÂMETRO DE 50 CM, COMPRIMENTO TOTAL ACIMA DE 15 M ATÉ 30 M, PERFURATRIZ COM TORQUE DE 170 KN.M (EXCLUSIVE MOBILIZAÇÃO E DESMOBILIZAÇÃO). AF_02/2015","M",122.19]
[90812,"ESTACA HÉLICE CONTÍNUA, DIÂMETRO DE 70 CM, COMPRIMENTO TOTAL ATÉ 15 M, PERFURATRIZ COM TORQUE DE 170 KN.M (EXCLUSIVE MOBILIZAÇÃO E DESMOBILIZAÇÃO). AF_02/2015","M",220.02]
[90813,"ESTACA HÉLICE CONTÍNUA, DIÂMETRO DE 70 CM, COMPRIMENTO TOTAL ACIMA DE 15 M ATÉ 30 M, PERFURATRIZ COM TORQUE DE 170 KN.M (EXCLUSIVE MOBILIZAÇÃO E DESMOBILIZAÇÃO). AF_02/2015","M",210.68]
[90814,"ESTACA HÉLICE CONTÍNUA, DIÂMETRO DE 80 CM, COMPRIMENTO TOTAL ATÉ 30 M, PERFURATRIZ COM TORQUE DE 170 KN.M (EXCLUSIVE MOBILIZAÇÃO E DESMOBILIZAÇÃO). AF_02/2015","M",265.22]
[90815,"ESTACA HÉLICE CONTÍNUA, DIÂMETRO DE 90 CM, COMPRIMENTO TOTAL ATÉ 30 M, PERFURATRIZ COM TORQUE DE 263 KN.M (EXCLUSIVE MOBILIZAÇÃO E DESMOBILIZAÇÃO). AF_02/2015","M",320.88]
[90877,"ESTACA ESCAVADA MECANICAMENTE, SEM FLUIDO ESTABILIZANTE, COM 25 CM DE DIÂMETRO, ATÉ 9 M DE COMPRIMENTO, CONCRETO LANÇADO POR CAMINHÃO BETONEIRA (EXCLUSIVE MOBILIZAÇÃO E DESMOBILIZAÇÃO). AF_02/2015","M",39.13]
[90878,"ESTACA ESCAVADA MECANICAMENTE, SEM FLUIDO ESTABILIZANTE, COM 25 CM DE DIÂMETRO, ACIMA DE 9 M DE COMPRIMENTO, CONCRETO LANÇADO POR CAMINHÃO BETONEIRA (EXCLUSIVE MOBILIZAÇÃO E DESMOBILIZAÇÃO). AF_02/2015","M",37.42]
[90880,"ESTACA ESCAVADA MECANICAMENTE, SEM FLUIDO ESTABILIZANTE, COM 25 CM DE DIÂMETRO, ATÉ 9 M DE COMPRIMENTO, CONCRETO LANÇADO MANUALMENTE (EXCLUSIVE MOBILIZAÇÃO E DESMOBILIZAÇÃO). AF_02/2015","M",55.62]
[90881,"ESTACA ESCAVADA MECANICAMENTE, SEM FLUIDO ESTABILIZANTE, COM 25 CM DE DIÂMETRO, ACIMA DE 9 M DE COMPRIMENTO, CONCRETO LANÇADO MANUALMENTE (EXCLUSIVE MOBILIZAÇÃO E DESMOBILIZAÇÃO). AF_02/2015","M",50.77]
[90883,"ESTACA ESCAVADA MECANICAMENTE, SEM FLUIDO ESTABILIZANTE, COM 40 CM DE DIÂMETRO, ATÉ 9 M DE COMPRIMENTO, CONCRETO LANÇADO POR CAMINHÃO BETONEIRA (EXCLUSIVE MOBILIZAÇÃO E DESMOBILIZAÇÃO). AF_02/2015","M",65.29]
[90884,"ESTACA ESCAVADA MECANICAMENTE, SEM FLUIDO ESTABILIZANTE, COM 40 CM DE DIÂMETRO, ACIMA DE 9 M ATÉ 15 M DE COMPRIMENTO, CONCRETO LANÇADO POR CAMINHÃO BETONEIRA (EXCLUSIVE MOBILIZAÇÃO E DESMOBILIZAÇÃO). AF_02/2015","M",63.27]
[90885,"ESTACA ESCAVADA MECANICAMENTE, SEM FLUIDO ESTABILIZANTE, COM 40 CM DE DIÂMETRO, ACIMA DE 15 M DE COMPRIMENTO, CONCRETO LANÇADO POR CAMINHÃO BETONEIRA (EXCLUSIVE MOBILIZAÇÃO E DESMOBILIZAÇÃO). AF_02/2015","M",62.34]
[90886,"ESTACA ESCAVADA MECANICAMENTE, SEM FLUIDO ESTABILIZANTE, COM 60 CM DE DIÂMETRO, ATÉ 9 M DE COMPRIMENTO, CONCRETO LANÇADO POR CAMINHÃO BETONEIRA (EXCLUSIVE MOBILIZAÇÃO E DESMOBILIZAÇÃO). AF_02/2015","M",125.28]
[90887,"ESTACA ESCAVADA MECANICAMENTE, SEM FLUIDO ESTABILIZANTE, COM 60 CM DE DIÂMETRO, ACIMA DE 9 M ATÉ 15 M DE COMPRIMENTO, CONCRETO LANÇADO POR CAMINHÃO BETONEIRA (EXCLUSIVE MOBILIZAÇÃO E DESMOBILIZAÇÃO). AF_02/2015","M",122.94]
[90888,"ESTACA ESCAVADA MECANICAMENTE, SEM FLUIDO ESTABILIZANTE, COM 60 CM DE DIÂMETRO, ACIMA DE 15 M DE COMPRIMENTO, CONCRETO LANÇADO POR CAMINHÃO BETONEIRA (EXCLUSIVE MOBILIZAÇÃO E DESMOBILIZAÇÃO). AF_02/2015","M",121.94]
[90889,"ESTACA ESCAVADA MECANICAMENTE, SEM FLUIDO ESTABILIZANTE, COM 60 CM DE DIÂMETRO, ATÉ 9 M DE COMPRIMENTO, CONCRETO LANÇADO POR BOMBA LANÇA (EXCLUSIVE MOBILIZAÇÃO E DESMOBILIZAÇÃO). AF_02/2015","M",148.13]
[90890,"ESTACA ESCAVADA MECANICAMENTE, SEM FLUIDO ESTABILIZANTE, COM 60 CM DE DIÂMETRO, ACIMA DE 9 M ATÉ 15 M DE COMPRIMENTO, CONCRETO LANÇADO POR BOMBA LANÇA (EXCLUSIVE MOBILIZAÇÃO E DESMOBILIZAÇÃO). AF_02/2015","M",144.44]
[90891,"ESTACA ESCAVADA MECANICAMENTE, SEM FLUIDO ESTABILIZANTE, COM 60 CM DE DIÂMETRO, ACIMA DE 15 M DE COMPRIMENTO, CONCRETO LANÇADO POR BOMBA LANÇA (EXCLUSIVE MOBILIZAÇÃO E DESMOBILIZAÇÃO). AF_02/2015","M",142.8]
[95601,"ARRASAMENTO MECANICO DE ESTACA DE CONCRETO ARMADO, DIAMETROS DE ATÉ 40 CM. AF_11/2016","UN",21.47]
[95602,"ARRASAMENTO MECANICO DE ESTACA DE CONCRETO ARMADO, DIAMETROS DE 41 CM A 60 CM. AF_11/2016","UN",27.25]
[95603,"ARRASAMENTO MECANICO DE ESTACA DE CONCRETO ARMADO, DIAMETROS DE 61 CM A 80 CM. AF_11/2016","UN",35.78]
[95604,"ARRASAMENTO MECANICO DE ESTACA DE CONCRETO ARMADO, DIAMETROS DE 81 CM A 100 CM. AF_11/2016","UN",47.11]
[95605,"ARRASAMENTO MECANICO DE ESTACA DE CONCRETO ARMADO, DIAMETROS DE 101 CM A 150 CM. AF_11/2016","UN",73.85]
[95607,"ARRASAMENTO DE ESTACA METÁLICA, PERFIL LAMINADO TIPO \u0093I\u0094 FAMÍLIA 250. AF_11/2016","UN",5.89]
[95608,"ARRASAMENTO DE ESTACA METÁLICA, PERFIL LAMINADO TIPO \u0093H\u0094 FAMÍLIA 250. AF_11/2016","UN",6.79]
[95609,"ARRASAMENTO DE ESTACA METÁLICA, PERFIL LAMINADO TIPO \u0093H\u0094 FAMÍLIA 310. AF_11/2016","UN",7.58]
[96160,"ESTACA RAIZ, DIÂMETRO DE 20 CM, COMPRIMENTO DE ATÉ 10 M, SEM PRESENÇA DE ROCHA. AF_04/2017","M",171.94]
[96161,"ESTACA RAIZ, DIÂMETRO DE 31 CM, COMPRIMENTO DE ATÉ 10 M, SEM PRESENÇA DE ROCHA. AF_05/2017","M",254.52]
[96162,"ESTACA RAIZ, DIÂMETRO DE 40 CM, COMPRIMENTO DE ATÉ 10 M, SEM PRESENÇA DE ROCHA. AF_05/2017","M",332.37]
[96163,"ESTACA RAIZ, DIÂMETRO DE 45 CM, COMPRIMENTO DE ATÉ 10 M, SEM PRESENÇA DE ROCHA. AF_05/2017","M",378.88]
[96164,"ESTACA RAIZ, DIÂMETRO DE 20 CM, COMPRIMENTO DE 11 A 20 M, SEM PRESENÇA DE ROCHA. AF_05/2017","M",155.39]
[96165,"ESTACA RAIZ, DIÂMETRO DE 31 CM, COMPRIMENTO DE 11 A 20 M, SEM PRESENÇA DE ROCHA. AF_05/2017","M",231.91]
[96166,"ESTACA RAIZ, DIÂMETRO DE 40 CM, COMPRIMENTO DE 11 A 20 M, SEM PRESENÇA DE ROCHA. AF_05/2017","M",297.98]
[96167,"ESTACA RAIZ, DIÂMETRO DE 45 CM, COMPRIMENTO DE 11 A 20 M, SEM PRESENÇA DE ROCHA. AF_05/2017","M",330.43]
[96168,"ESTACA RAIZ, DIÂMETRO DE 20 CM, COMPRIMENTO DE 21 A 30 M, SEM PRESENÇA DE ROCHA. AF_05/2017","M",147.44]
[96169,"ESTACA RAIZ, DIÂMETRO DE 31 CM, COMPRIMENTO DE 21 A 30 M, SEM PRESENÇA DE ROCHA. AF_05/2017","M",221.71]
[96170,"ESTACA RAIZ, DIÂMETRO DE 40 CM, COMPRIMENTO DE 21 A 30 M, SEM PRESENÇA DE ROCHA. AF_05/2017","M",285.48]
[96171,"ESTACA RAIZ, DIÂMETRO DE 45 CM, COMPRIMENTO DE 21 A 30 M, SEM PRESENÇA DE ROCHA. AF_05/2017","M",313.81]
[96172,"ESTACA RAIZ, DIÂMETRO DE 20 CM, COMPRIMENTO DE ATÉ 10 M, COM PRESENÇA DE ROCHA. AF_05/2017","M",182.96]
[96173,"ESTACA RAIZ, DIÂMETRO DE 31 CM, COMPRIMENTO DE ATÉ 10 M, COM PRESENÇA DE ROCHA. AF_05/2017","M",268.34]
[96174,"ESTACA RAIZ, DIÂMETRO DE 40 CM, COMPRIMENTO DE ATÉ 10 M, COM PRESENÇA DE ROCHA. AF_05/2017","M",350.04]
[96175,"ESTACA RAIZ, DIÂMETRO DE 45 CM, COMPRIMENTO DE ATÉ 10 M, COM PRESENÇA DE ROCHA. AF_05/2017","M",399.45]
[96176,"ESTACA RAIZ, DIÂMETRO DE 20 CM, COMPRIMENTO DE 11 A 20 M, COM PRESENÇA DE ROCHA. AF_05/2017","M",162.72]
[96177,"ESTACA RAIZ, DIÂMETRO DE 31 CM, COMPRIMENTO DE 11 A 20 M, COM PRESENÇA DE ROCHA. AF_05/2017","M",240.39]
[96178,"ESTACA RAIZ, DIÂMETRO DE 40 CM, COMPRIMENTO DE 11 A 20 M, COM PRESENÇA DE ROCHA. AF_05/2017","M",307.99]
[96179,"ESTACA RAIZ, DIÂMETRO DE 45 CM, COMPRIMENTO DE 11 A 20 M, COM PRESENÇA DE ROCHA. AF_05/2017","M",341.29]
[96180,"ESTACA RAIZ, DIÂMETRO DE 20 CM, COMPRIMENTO DE 21 A 30 M, COM PRESENÇA DE ROCHA. AF_05/2017","M",152.84]
[96181,"ESTACA RAIZ, DIÂMETRO DE 31 CM, COMPRIMENTO DE 21 A 30 M, COM PRESENÇA DE ROCHA. AF_05/2017","M",228.01]
[96182,"ESTACA RAIZ, DIÂMETRO DE 40 CM, COMPRIMENTO DE 21 A 30 M, COM PRESENÇA DE ROCHA. AF_05/2017","M",291.55]
[96183,"ESTACA RAIZ, DIÂMETRO DE 45 CM, COMPRIMENTO DE 21 A 30 M, COM PRESENÇA DE ROCHA. AF_05/2017","M",321.19]
[98228,"ESTACA BROCA DE CONCRETO, DIÃMETRO DE 20 CM, PROFUNDIDADE DE ATÉ 3 M, ESCAVAÇÃO MANUAL COM TRADO CONCHA, NÃO ARMADA. AF_03/2018","M",52.28]
[98229,"ESTACA BROCA DE CONCRETO, DIÃMETRO DE 25 CM, PROFUNDIDADE DE ATÉ 3 M, ESCAVAÇÃO MANUAL COM TRADO CONCHA, NÃO ARMADA. AF_03/2018","M",71.5]
[98230,"ESTACA BROCA DE CONCRETO, DIÂMETRO DE 30 CM, PROFUNDIDADE DE ATÉ 3 M, ESCAVAÇÃO MANUAL COM TRADO CONCHA, NÃO ARMADA. AF_03/2018","M",96.31]
[83534,"LASTRO DE CONCRETO, PREPARO MECÂNICO, INCLUSOS ADITIVO IMPERMEABILIZANTE, LANÇAMENTO E ADENSAMENTO","M3",518.87]
[95240,"LASTRO DE CONCRETO MAGRO, APLICADO EM PISOS OU RADIERS, ESPESSURA DE 3 CM. AF_07/2016","M2",12.95]
[95241,"LASTRO DE CONCRETO MAGRO, APLICADO EM PISOS OU RADIERS, ESPESSURA DE 5 CM. AF_07/2016","M2",21.59]
[96616,"LASTRO DE CONCRETO MAGRO, APLICADO EM BLOCOS DE COROAMENTO OU SAPATAS. AF_08/2017","M3",454.92]
[96617,"LASTRO DE CONCRETO MAGRO, APLICADO EM BLOCOS DE COROAMENTO OU SAPATAS, ESPESSURA DE 3 CM. AF_08/2017","M2",13.63]
[96619,"LASTRO DE CONCRETO MAGRO, APLICADO EM BLOCOS DE COROAMENTO OU SAPATAS, ESPESSURA DE 5 CM. AF_08/2017","M2",22.74]
[96620,"LASTRO DE CONCRETO MAGRO, APLICADO EM PISOS OU RADIERS. AF_08/2017","M3",432.08]
[96621,"LASTRO COM MATERIAL GRANULAR, APLICAÇÃO EM BLOCOS DE COROAMENTO, ESPESSURA DE *5 CM*. AF_08/2017","M3",172.1]
[96622,"LASTRO COM MATERIAL GRANULAR, APLICAÇÃO EM PISOS OU RADIERS, ESPESSURA DE *5 CM*. AF_08/2017","M3",105.05]
[96623,"LASTRO COM MATERIAL GRANULAR, APLICADO EM BLOCOS DE COROAMENTO, ESPESSURA DE *10 CM*. AF_08/2017","M3",156.48]
[96624,"LASTRO COM MATERIAL GRANULAR, APLICADO EM PISOS OU RADIERS, ESPESSURA DE *10 CM*. AF_08/2017","M3",99.53]
[97082,"ESCAVAÇÃO MANUAL DE VIGA DE BORDA PARA RADIER. AF_09/2017","M3",55.96]
[97083,"COMPACTAÇÃO MECÂNICA DE SOLO PARA EXECUÇÃO DE RADIER, COM COMPACTADOR DE SOLOS A PERCUSSÃO. AF_09/2017","M2",2.91]
[97084,"COMPACTAÇÃO MECÂNICA DE SOLO PARA EXECUÇÃO DE RADIER, COM COMPACTADOR DE SOLOS TIPO PLACA VIBRATÓRIA. AF_09/2017","M2",0.59]
[97086,"FABRICAÇÃO, MONTAGEM E DESMONTAGEM DE FORMA PARA RADIER, EM MADEIRA SERRADA, 4 UTILIZAÇÕES. AF_09/2017","M2",99.11]
[97094,"CONCRETAGEM DE RADIER, PISO OU LAJE SOBRE SOLO, FCK 30 MPA, PARA ESPESSURA DE 10 CM - LANÇAMENTO, ADENSAMENTO E ACABAMENTO. AF_09/2017","M3",388.59]
[97095,"CONCRETAGEM DE RADIER, PISO OU LAJE SOBRE SOLO, FCK 30 MPA, PARA ESPESSURA DE 15 CM - LANÇAMENTO, ADENSAMENTO E ACABAMENTO. AF_09/2017","M3",364.45]
[97096,"CONCRETAGEM DE RADIER, PISO OU LAJE SOBRE SOLO, FCK 30 MPA, PARA ESPESSURA DE 20 CM - LANÇAMENTO, ADENSAMENTO E ACABAMENTO. AF_09/2017","M3",352.06]
[90996,"FORMAS MANUSEÁVEIS PARA PAREDES DE CONCRETO MOLDADAS IN LOCO, DE EDIFICAÇÕES DE MULTIPLOS PAVIMENTO, EM PLATIBANDA. AF_06/2015","M2",14.38]
[90997,"FORMAS MANUSEÁVEIS PARA PAREDES DE CONCRETO MOLDADAS IN LOCO, DE EDIFICAÇÕES DE MULTIPLOS PAVIMENTOS, EM FACES INTERNAS DE PAREDES. AF_06/2015","M2",19.73]
[90998,"FORMAS MANUSEÁVEIS PARA PAREDES DE CONCRETO MOLDADAS IN LOCO, DE EDIFICAÇÕES DE MULTIPLOS PAVIMENTOS, EM LAJES. AF_06/2015","M2",23.93]
[91000,"FORMAS MANUSEÁVEIS PARA PAREDES DE CONCRETO MOLDADAS IN LOCO, DE EDIFICAÇÕES DE MULTIPLOS PAVIMENTOS, EM PANOS DE FACHADA COM VÃOS. AF_06/2015","M2",18.14]
[91002,"FORMAS MANUSEÁVEIS PARA PAREDES DE CONCRETO MOLDADAS IN LOCO, DE EDIFICAÇÕES DE MULTIPLOS PAVIMENTOS, EM PANOS DE FACHADA SEM VÃOS. AF_06/2015","M2",16.64]
[91003,"FORMAS MANUSEÁVEIS PARA PAREDES DE CONCRETO MOLDADAS IN LOCO, DE EDIFICAÇÕES DE MULTIPLOS PAVIMENTOS, EM PANOS DE FACHADA COM VARANDAS. AF_06/2015","M2",19.35]
[91004,"FORMAS MANUSEÁVEIS PARA PAREDES DE CONCRETO MOLDADAS IN LOCO, DE EDIFICAÇÕES DE PAVIMENTO ÚNICO, EM FACES INTERNAS DE PAREDES. AF_06/2015","M2",15.12]
[91005,"FORMAS MANUSEÁVEIS PARA PAREDES DE CONCRETO MOLDADAS IN LOCO, DE EDIFICAÇÕES DE PAVIMENTO ÚNICO, EM LAJES. AF_06/2015","M2",18.25]
[91006,"FORMAS MANUSEÁVEIS PARA PAREDES DE CONCRETO MOLDADAS IN LOCO, DE EDIFICAÇÕES DE PAVIMENTO ÚNICO, EM PANOS DE FACHADA COM VÃOS. AF_06/2015","M2",13.93]
[91007,"FORMAS MANUSEÁVEIS PARA PAREDES DE CONCRETO MOLDADAS IN LOCO, DE EDIFICAÇÕES DE PAVIMENTO ÚNICO, EM PANOS DE FACHADA SEM VÃOS. AF_06/2015","M2",12.44]
[91008,"FORMAS MANUSEÁVEIS PARA PAREDES DE CONCRETO MOLDADAS IN LOCO, DE EDIFICAÇÕES DE PAVIMENTO ÚNICO, EM PANOS DE FACHADA COM VARANDA. AF_06/2015","M2",15.15]
[92263,"FABRICAÇÃO DE FÔRMA PARA PILARES E ESTRUTURAS SIMILARES, EM CHAPA DE MADEIRA COMPENSADA RESINADA, E = 17 MM. AF_12/2015","M2",103.63]
[92264,"FABRICAÇÃO DE FÔRMA PARA PILARES E ESTRUTURAS SIMILARES, EM CHAPA DE MADEIRA COMPENSADA PLASTIFICADA, E = 18 MM. AF_12/2015","M2",110.6]
[92265,"FABRICAÇÃO DE FÔRMA PARA VIGAS, EM CHAPA DE MADEIRA COMPENSADA RESINADA, E = 17 MM. AF_12/2015","M2",81.37]
[92266,"FABRICAÇÃO DE FÔRMA PARA VIGAS, EM CHAPA DE MADEIRA COMPENSADA PLASTIFICADA, E = 18 MM. AF_12/2015","M2",87.58]
[92267,"FABRICAÇÃO DE FÔRMA PARA LAJES, EM CHAPA DE MADEIRA COMPENSADA RESINADA, E = 17 MM. AF_12/2015","M2",29]
[92268,"FABRICAÇÃO DE FÔRMA PARA LAJES, EM CHAPA DE MADEIRA COMPENSADA PLASTIFICADA, E = 18 MM. AF_12/2015","M2",34.48]
[92269,"FABRICAÇÃO DE FÔRMA PARA PILARES E ESTRUTURAS SIMILARES, EM MADEIRA SERRADA, E=25 MM. AF_12/2015","M2",79.78]
[92270,"FABRICAÇÃO DE FÔRMA PARA VIGAS, COM MADEIRA SERRADA, E = 25 MM. AF_12/2015","M2",63.98]
[92271,"FABRICAÇÃO DE FÔRMA PARA LAJES, EM MADEIRA SERRADA, E=25 MM. AF_12/2015","M2",43.46]
[92272,"FABRICAÇÃO DE ESCORAS DE VIGA DO TIPO GARFO, EM MADEIRA. AF_12/2015","M",18.47]
[92273,"FABRICAÇÃO DE ESCORAS DO TIPO PONTALETE, EM MADEIRA. AF_12/2015","M",7.88]
[92408,"MONTAGEM E DESMONTAGEM DE FÔRMA DE PILARES RETANGULARES E ESTRUTURAS SIMILARES COM ÁREA MÉDIA DAS SEÇÕES MENOR OU IGUAL A 0,25 M², PÉ-DIREITO SIMPLES, EM MADEIRA SERRADA, 1 UTILIZAÇÃO. AF_12/2015","M2",176.25]
[92409,"MONTAGEM E DESMONTAGEM DE FÔRMA DE PILARES RETANGULARES E ESTRUTURAS SIMILARES COM ÁREA MÉDIA DAS SEÇÕES MAIOR QUE 0,25 M², PÉ-DIREITO SIMPLES, EM MADEIRA SERRADA, 1 UTILIZAÇÃO. AF_12/2015","M2",165.22]
[92410,"MONTAGEM E DESMONTAGEM DE FÔRMA DE PILARES RETANGULARES E ESTRUTURAS SIMILARES COM ÁREA MÉDIA DAS SEÇÕES MENOR OU IGUAL A 0,25 M², PÉ-DIREITO SIMPLES, EM MADEIRA SERRADA, 2 UTILIZAÇÕES. AF_12/2015","M2",126.09]
[92411,"MONTAGEM E DESMONTAGEM DE FÔRMA DE PILARES RETANGULARES E ESTRUTURAS SIMILARES COM ÁREA MÉDIA DAS SEÇÕES MAIOR QUE 0,25 M², PÉ-DIREITO SIMPLES, EM MADEIRA SERRADA, 2 UTILIZAÇÕES. AF_12/2015","M2",116.34]
[92412,"MONTAGEM E DESMONTAGEM DE FÔRMA DE PILARES RETANGULARES E ESTRUTURAS SIMILARES COM ÁREA MÉDIA DAS SEÇÕES MENOR OU IGUAL A 0,25 M², PÉ-DIREITO SIMPLES, EM MADEIRA SERRADA, 4 UTILIZAÇÕES. AF_12/2015","M2",86.49]
[92413,"MONTAGEM E DESMONTAGEM DE FÔRMA DE PILARES RETANGULARES E ESTRUTURAS SIMILARES COM ÁREA MÉDIA DAS SEÇÕES MAIOR QUE 0,25 M², PÉ-DIREITO SIMPLES, EM MADEIRA SERRADA, 4 UTILIZAÇÕES. AF_12/2015","M2",78.99]
[92414,"MONTAGEM E DESMONTAGEM DE FÔRMA DE PILARES RETANGULARES E ESTRUTURAS SIMILARES COM ÁREA MÉDIA DAS SEÇÕES MENOR OU IGUAL A 0,25 M², PÉ-DIREITO SIMPLES, EM CHAPA DE MADEIRA COMPENSADA RESINADA, 2 UTILIZAÇÕES. AF_12/2015","M2",106.22]
[92415,"MONTAGEM E DESMONTAGEM DE FÔRMA DE PILARES RETANGULARES E ESTRUTURAS SIMILARES COM ÁREA MÉDIA DAS SEÇÕES MAIOR QUE 0,25 M², PÉ-DIREITO SIMPLES, EM CHAPA DE MADEIRA COMPENSADA RESINADA, 2 UTILIZAÇÕES. AF_12/2015","M2",96.47]
[92416,"MONTAGEM E DESMONTAGEM DE FÔRMA DE PILARES RETANGULARES E ESTRUTURAS SIMILARES COM ÁREA MÉDIA DAS SEÇÕES MENOR OU IGUAL A 0,25 M², PÉ-DIREITO DUPLO, EM CHAPA DE MADEIRA COMPENSADA RESINADA, 2 UTILIZAÇÕES. AF_12/2015","M2",126.26]
[92417,"MONTAGEM E DESMONTAGEM DE FÔRMA DE PILARES RETANGULARES E ESTRUTURAS SIMILARES COM ÁREA MÉDIA DAS SEÇÕES MAIOR QUE 0,25 M², PÉ-DIREITO DUPLO, EM CHAPA DE MADEIRA COMPENSADA RESINADA, 2 UTILIZAÇÕES. AF_12/2015","M2",116.55]
[92418,"MONTAGEM E DESMONTAGEM DE FÔRMA DE PILARES RETANGULARES E ESTRUTURAS SIMILARES COM ÁREA MÉDIA DAS SEÇÕES MENOR OU IGUAL A 0,25 M², PÉ-DIREITO SIMPLES, EM CHAPA DE MADEIRA COMPENSADA RESINADA, 4 UTILIZAÇÕES. AF_12/2015","M2",69.65]
[92419,"MONTAGEM E DESMONTAGEM DE FÔRMA DE PILARES RETANGULARES E ESTRUTURAS SIMILARES COM ÁREA MÉDIA DAS SEÇÕES MAIOR QUE 0,25 M², PÉ-DIREITO SIMPLES, EM CHAPA DE MADEIRA COMPENSADA RESINADA, 4 UTILIZAÇÕES. AF_12/2015","M2",62.19]
[92420,"MONTAGEM E DESMONTAGEM DE FÔRMA DE PILARES RETANGULARES E ESTRUTURAS SIMILARES COM ÁREA MÉDIA DAS SEÇÕES MENOR OU IGUAL A 0,25 M², PÉ-DIREITO DUPLO, EM CHAPA DE MADEIRA COMPENSADA RESINADA, 4 UTILIZAÇÕES. AF_12/2015","M2",85.06]
[92421,"MONTAGEM E DESMONTAGEM DE FÔRMA DE PILARES RETANGULARES E ESTRUTURAS SIMILARES COM ÁREA MÉDIA DAS SEÇÕES MAIOR QUE 0,25 M², PÉ-DIREITO DUPLO, EM CHAPA DE MADEIRA COMPENSADA RESINADA, 4 UTILIZAÇÕES. AF_12/2015","M2",77.58]
[92422,"MONTAGEM E DESMONTAGEM DE FÔRMA DE PILARES RETANGULARES E ESTRUTURAS SIMILARES COM ÁREA MÉDIA DAS SEÇÕES MENOR OU IGUAL A 0,25 M², PÉ-DIREITO SIMPLES, EM CHAPA DE MADEIRA COMPENSADA RESINADA, 6 UTILIZAÇÕES. AF_12/2015","M2",57.75]
[92423,"MONTAGEM E DESMONTAGEM DE FÔRMA DE PILARES RETANGULARES E ESTRUTURAS SIMILARES COM ÁREA MÉDIA DAS SEÇÕES MAIOR QUE 0,25 M², PÉ-DIREITO SIMPLES, EM CHAPA DE MADEIRA COMPENSADA RESINADA, 6 UTILIZAÇÕES. AF_12/2015","M2",51.26]
[92424,"MONTAGEM E DESMONTAGEM DE FÔRMA DE PILARES RETANGULARES E ESTRUTURAS SIMILARES COM ÁREA MÉDIA DAS SEÇÕES MENOR OU IGUAL A 0,25 M², PÉ-DIREITO DUPLO, EM CHAPA DE MADEIRA COMPENSADA RESINADA, 6 UTILIZAÇÕES. AF_12/2015","M2",71.16]
[92425,"MONTAGEM E DESMONTAGEM DE FÔRMA DE PILARES RETANGULARES E ESTRUTURAS SIMILARES COM ÁREA MÉDIA DAS SEÇÕES MAIOR QUE 0,25 M², PÉ-DIREITO DUPLO, EM CHAPA DE MADEIRA COMPENSADA RESINADA, 6 UTILIZAÇÕES. AF_12/2015","M2",64.65]
[92426,"MONTAGEM E DESMONTAGEM DE FÔRMA DE PILARES RETANGULARES E ESTRUTURAS SIMILARES COM ÁREA MÉDIA DAS SEÇÕES MENOR OU IGUAL A 0,25 M², PÉ-DIREITO SIMPLES, EM CHAPA DE MADEIRA COMPENSADA RESINADA, 8 UTILIZAÇÕES. AF_12/2015","M2",51.76]
[92427,"MONTAGEM E DESMONTAGEM DE FÔRMA DE PILARES RETANGULARES E ESTRUTURAS SIMILARES COM ÁREA MÉDIA DAS SEÇÕES MAIOR QUE 0,25 M², PÉ-DIREITO SIMPLES, EM CHAPA DE MADEIRA COMPENSADA RESINADA, 8 UTILIZAÇÕES. AF_12/2015","M2",45.74]
[92428,"MONTAGEM E DESMONTAGEM DE FÔRMA DE PILARES RETANGULARES E ESTRUTURAS SIMILARES COM ÁREA MÉDIA DAS SEÇÕES MENOR OU IGUAL A 0,25 M², PÉ-DIREITO DUPLO, EM CHAPA DE MADEIRA COMPENSADA RESINADA, 8 UTILIZAÇÕES. AF_12/2015","M2",64.17]
[92429,"MONTAGEM E DESMONTAGEM DE FÔRMA DE PILARES RETANGULARES E ESTRUTURAS SIMILARES COM ÁREA MÉDIA DAS SEÇÕES MAIOR QUE 0,25 M², PÉ-DIREITO DUPLO, EM CHAPA DE MADEIRA COMPENSADA RESINADA, 8 UTILIZAÇÕES. AF_12/2015","M2",58.14]
[92430,"MONTAGEM E DESMONTAGEM DE FÔRMA DE PILARES RETANGULARES E ESTRUTURAS SIMILARES COM ÁREA MÉDIA DAS SEÇÕES MENOR OU IGUAL A 0,25 M², PÉ-DIREITO SIMPLES, EM CHAPA DE MADEIRA COMPENSADA PLASTIFICADA, 10 UTILIZAÇÕES. AF_12/2015","M2",46.55]
[92431,"MONTAGEM E DESMONTAGEM DE FÔRMA DE PILARES RETANGULARES E ESTRUTURAS SIMILARES COM ÁREA MÉDIA DAS SEÇÕES MAIOR QUE 0,25 M², PÉ-DIREITO SIMPLES, EM CHAPA DE MADEIRA COMPENSADA PLASTIFICADA, 10 UTILIZAÇÕES. AF_12/2015","M2",40.84]
[92432,"MONTAGEM E DESMONTAGEM DE FÔRMA DE PILARES RETANGULARES E ESTRUTURAS SIMILARES COM ÁREA MÉDIA DAS SEÇÕES MENOR OU IGUAL A 0,25 M², PÉ-DIREITO DUPLO, EM CHAPA DE MADEIRA COMPENSADA PLASTIFICADA, 10 UTILIZAÇÕES. AF_12/2015","M2",58.33]
[92433,"MONTAGEM E DESMONTAGEM DE FÔRMA DE PILARES RETANGULARES E ESTRUTURAS SIMILARES COM ÁREA MÉDIA DAS SEÇÕES MAIOR QUE 0,25 M², PÉ-DIREITO DUPLO, EM CHAPA DE MADEIRA COMPENSADA PLASTIFICADA, 10 UTILIZAÇÕES. AF_12/2015","M2",52.62]
[92434,"MONTAGEM E DESMONTAGEM DE FÔRMA DE PILARES RETANGULARES E ESTRUTURAS SIMILARES COM ÁREA MÉDIA DAS SEÇÕES MENOR OU IGUAL A 0,25 M², PÉ-DIREITO SIMPLES, EM CHAPA DE MADEIRA COMPENSADA PLASTIFICADA, 12 UTILIZAÇÕES. AF_12/2015","M2",44.52]
[92435,"MONTAGEM E DESMONTAGEM DE FÔRMA DE PILARES RETANGULARES E ESTRUTURAS SIMILARES COM ÁREA MÉDIA DAS SEÇÕES MAIOR QUE 0,25 M², PÉ-DIREITO SIMPLES, EM CHAPA DE MADEIRA COMPENSADA PLASTIFICADA, 12 UTILIZAÇÕES. AF_12/2015","M2",38.99]
[92436,"MONTAGEM E DESMONTAGEM DE FÔRMA DE PILARES RETANGULARES E ESTRUTURAS SIMILARES COM ÁREA MÉDIA DAS SEÇÕES MENOR OU IGUAL A 0,25 M², PÉ-DIREITO DUPLO, EM CHAPA DE MADEIRA COMPENSADA PLASTIFICADA, 12 UTILIZAÇÕES. AF_12/2015","M2",55.88]
[92437,"MONTAGEM E DESMONTAGEM DE FÔRMA DE PILARES RETANGULARES E ESTRUTURAS SIMILARES COM ÁREA MÉDIA DAS SEÇÕES MAIOR QUE 0,25 M², PÉ-DIREITO DUPLO, EM CHAPA DE MADEIRA COMPENSADA PLASTIFICADA, 12 UTILIZAÇÕES. AF_12/2015","M2",50.37]
[92438,"MONTAGEM E DESMONTAGEM DE FÔRMA DE PILARES RETANGULARES E ESTRUTURAS SIMILARES COM ÁREA MÉDIA DAS SEÇÕES MENOR OU IGUAL A 0,25 M², PÉ-DIREITO SIMPLES, EM CHAPA DE MADEIRA COMPENSADA PLASTIFICADA, 14 UTILIZAÇÕES. AF_12/2015","M2",43.05]
[92439,"MONTAGEM E DESMONTAGEM DE FÔRMA DE PILARES RETANGULARES E ESTRUTURAS SIMILARES COM ÁREA MÉDIA DAS SEÇÕES MAIOR QUE 0,25 M², PÉ-DIREITO SIMPLES, EM CHAPA DE MADEIRA COMPENSADA PLASTIFICADA, 14 UTILIZAÇÕES. AF_12/2015","M2",37.67]
[92440,"MONTAGEM E DESMONTAGEM DE FÔRMA DE PILARES RETANGULARES E ESTRUTURAS SIMILARES COM ÁREA MÉDIA DAS SEÇÕES MENOR OU IGUAL A 0,25 M², PÉ-DIREITO DUPLO, EM CHAPA DE MADEIRA COMPENSADA PLASTIFICADA, 14 UTILIZAÇÕES. AF_12/2015","M2",54.11]
[92441,"MONTAGEM E DESMONTAGEM DE FÔRMA DE PILARES RETANGULARES E ESTRUTURAS SIMILARES COM ÁREA MÉDIA DAS SEÇÕES MAIOR QUE 0,25 M², PÉ-DIREITO DUPLO, EM CHAPA DE MADEIRA COMPENSADA PLASTIFICADA, 14 UTILIZAÇÕES. AF_12/2015","M2",48.77]
[92442,"MONTAGEM E DESMONTAGEM DE FÔRMA DE PILARES RETANGULARES E ESTRUTURAS SIMILARES COM ÁREA MÉDIA DAS SEÇÕES MENOR OU IGUAL A 0,25 M², PÉ-DIREITO SIMPLES, EM CHAPA DE MADEIRA COMPENSADA PLASTIFICADA, 18 UTILIZAÇÕES. AF_12/2015","M2",40.16]
[92443,"MONTAGEM E DESMONTAGEM DE FÔRMA DE PILARES RETANGULARES E ESTRUTURAS SIMILARES COM ÁREA MÉDIA DAS SEÇÕES MAIOR QUE 0,25 M², PÉ-DIREITO SIMPLES, EM CHAPA DE MADEIRA COMPENSADA PLASTIFICADA, 18 UTILIZAÇÕES. AF_12/2015","M2",34.96]
[92444,"MONTAGEM E DESMONTAGEM DE FÔRMA DE PILARES RETANGULARES E ESTRUTURAS SIMILARES COM ÁREA MÉDIA DAS SEÇÕES MENOR OU IGUAL A 0,25 M², PÉ-DIREITO DUPLO, EM CHAPA DE MADEIRA COMPENSADA PLASTIFICADA, 18 UTILIZAÇÕES. AF_12/2015","M2",50.87]
[92445,"MONTAGEM E DESMONTAGEM DE FÔRMA DE PILARES RETANGULARES E ESTRUTURAS SIMILARES COM ÁREA MÉDIA DAS SEÇÕES MAIOR QUE 0,25 M², PÉ-DIREITO DUPLO, EM CHAPA DE MADEIRA COMPENSADA PLASTIFICADA, 18 UTILIZAÇÕES. AF_12/2015","M2",45.67]
[92446,"MONTAGEM E DESMONTAGEM DE FÔRMA DE VIGA, ESCORAMENTO COM PONTALETE DE MADEIRA, PÉ-DIREITO SIMPLES, EM MADEIRA SERRADA, 1 UTILIZAÇÃO. AF_12/2015","M2",155.24]
[92447,"MONTAGEM E DESMONTAGEM DE FÔRMA DE VIGA, ESCORAMENTO COM PONTALETE DE MADEIRA, PÉ-DIREITO SIMPLES, EM MADEIRA SERRADA, 2 UTILIZAÇÕES. AF_12/2015","M2",113.67]
[92448,"MONTAGEM E DESMONTAGEM DE FÔRMA DE VIGA, ESCORAMENTO COM PONTALETE DE MADEIRA, PÉ-DIREITO SIMPLES, EM MADEIRA SERRADA, 4 UTILIZAÇÕES. AF_12/2015","M2",91.7]
[92449,"MONTAGEM E DESMONTAGEM DE FÔRMA DE VIGA, ESCORAMENTO COM GARFO DE MADEIRA, PÉ-DIREITO DUPLO, EM CHAPA DE MADEIRA RESINADA, 2 UTILIZAÇÕES. AF_12/2015","M2",169.6]
[92450,"MONTAGEM E DESMONTAGEM DE FÔRMA DE VIGA, ESCORAMENTO METÁLICO, PÉ-DIREITO DUPLO, EM CHAPA DE MADEIRA RESINADA, 2 UTILIZAÇÕES. AF_12/2015","M2",209.88]
[92451,"MONTAGEM E DESMONTAGEM DE FÔRMA DE VIGA, ESCORAMENTO COM GARFO DE MADEIRA, PÉ-DIREITO SIMPLES, EM CHAPA DE MADEIRA RESINADA, 2 UTILIZAÇÕES. AF_12/2015","M2",119.45]
[92452,"MONTAGEM E DESMONTAGEM DE FÔRMA DE VIGA, ESCORAMENTO METÁLICO, PÉ-DIREITO SIMPLES, EM CHAPA DE MADEIRA RESINADA, 2 UTILIZAÇÕES. AF_12/2015","M2",118.49]
[92453,"MONTAGEM E DESMONTAGEM DE FÔRMA DE VIGA, ESCORAMENTO COM GARFO DE MADEIRA, PÉ-DIREITO DUPLO, EM CHAPA DE MADEIRA RESINADA, 4 UTILIZAÇÕES. AF_12/2015","M2",144.36]
[92454,"MONTAGEM E DESMONTAGEM DE FÔRMA DE VIGA, ESCORAMENTO METÁLICO, PÉ-DIREITO DUPLO, EM CHAPA DE MADEIRA RESINADA, 4 UTILIZAÇÕES. AF_12/2015","M2",225.75]
[92455,"MONTAGEM E DESMONTAGEM DE FÔRMA DE VIGA, ESCORAMENTO COM GARFO DE MADEIRA, PÉ-DIREITO SIMPLES, EM CHAPA DE MADEIRA RESINADA, 4 UTILIZAÇÕES. AF_12/2015","M2",97.49]
[92456,"MONTAGEM E DESMONTAGEM DE FÔRMA DE VIGA, ESCORAMENTO METÁLICO, PÉ-DIREITO SIMPLES, EM CHAPA DE MADEIRA RESINADA, 4 UTILIZAÇÕES. AF_12/2015","M2",100.93]
[92457,"MONTAGEM E DESMONTAGEM DE FÔRMA DE VIGA, ESCORAMENTO COM GARFO DE MADEIRA, PÉ-DIREITO DUPLO, EM CHAPA DE MADEIRA RESINADA, 6 UTILIZAÇÕES. AF_12/2015","M2",125.06]
[92458,"MONTAGEM E DESMONTAGEM DE FÔRMA DE VIGA, ESCORAMENTO METÁLICO, PÉ-DIREITO DUPLO, EM CHAPA DE MADEIRA RESINADA, 6 UTILIZAÇÕES. AF_12/2015","M2",211.66]
[92459,"MONTAGEM E DESMONTAGEM DE FÔRMA DE VIGA, ESCORAMENTO COM GARFO DE MADEIRA, PÉ-DIREITO SIMPLES, EM CHAPA DE MADEIRA RESINADA, 6 UTILIZAÇÕES. AF_12/2015","M2",82.51]
[92460,"MONTAGEM E DESMONTAGEM DE FÔRMA DE VIGA, ESCORAMENTO METÁLICO, PÉ-DIREITO SIMPLES, EM CHAPA DE MADEIRA RESINADA, 6 UTILIZAÇÕES. AF_12/2015","M2",83.43]
[92461,"MONTAGEM E DESMONTAGEM DE FÔRMA DE VIGA, ESCORAMENTO COM GARFO DE MADEIRA, PÉ-DIREITO DUPLO, EM CHAPA DE MADEIRA RESINADA, 8 UTILIZAÇÕES. AF_12/2015","M2",114.6]
[92462,"MONTAGEM E DESMONTAGEM DE FÔRMA DE VIGA, ESCORAMENTO METÁLICO, PÉ-DIREITO DUPLO, EM CHAPA DE MADEIRA RESINADA, 8 UTILIZAÇÕES. AF_12/2015","M2",202.48]
[92463,"MONTAGEM E DESMONTAGEM DE FÔRMA DE VIGA, ESCORAMENTO COM GARFO DE MADEIRA, PÉ-DIREITO SIMPLES, EM CHAPA DE MADEIRA RESINADA, 8 UTILIZAÇÕES. AF_12/2015","M2",74.27]
[92464,"MONTAGEM E DESMONTAGEM DE FÔRMA DE VIGA, ESCORAMENTO METÁLICO, PÉ-DIREITO SIMPLES, EM CHAPA DE MADEIRA RESINADA, 8 UTILIZAÇÕES. AF_12/2015","M2",79.04]
[92465,"MONTAGEM E DESMONTAGEM DE FÔRMA DE VIGA, ESCORAMENTO COM GARFO DE MADEIRA, PÉ-DIREITO DUPLO, EM CHAPA DE MADEIRA PLASTIFICADA, 10 UTILIZAÇÕES. AF_12/2015","M2",90.67]
[92466,"MONTAGEM E DESMONTAGEM DE FÔRMA DE VIGA, ESCORAMENTO METÁLICO, PÉ-DIREITO DUPLO, EM CHAPA DE MADEIRA PLASTIFICADA, 10 UTILIZAÇÕES. AF_12/2015","M2",193.81]
[92467,"MONTAGEM E DESMONTAGEM DE FÔRMA DE VIGA, ESCORAMENTO COM GARFO DE MADEIRA, PÉ-DIREITO SIMPLES, EM CHAPA DE MADEIRA PLASTIFICADA, 10 UTILIZAÇÕES. AF_12/2015","M2",59.44]
[92468,"MONTAGEM E DESMONTAGEM DE FÔRMA DE VIGA, ESCORAMENTO METÁLICO, PÉ-DIREITO SIMPLES, EM CHAPA DE MADEIRA PLASTIFICADA, 10 UTILIZAÇÕES. AF_12/2015","M2",70.98]
[92469,"MONTAGEM E DESMONTAGEM DE FÔRMA DE VIGA, ESCORAMENTO COM GARFO DE MADEIRA, PÉ-DIREITO DUPLO, EM CHAPA DE MADEIRA PLASTIFICADA, 12 UTILIZAÇÕES. AF_12/2015","M2",82.68]
[92470,"MONTAGEM E DESMONTAGEM DE FÔRMA DE VIGA, ESCORAMENTO METÁLICO, PÉ-DIREITO DUPLO, EM CHAPA DE MADEIRA PLASTIFICADA, 12 UTILIZAÇÕES. AF_12/2015","M2",188.73]
[92471,"MONTAGEM E DESMONTAGEM DE FÔRMA DE VIGA, ESCORAMENTO COM GARFO DE MADEIRA, PÉ-DIREITO SIMPLES, EM CHAPA DE MADEIRA PLASTIFICADA, 12 UTILIZAÇÕES. AF_12/2015","M2",54.26]
[92472,"MONTAGEM E DESMONTAGEM DE FÔRMA DE VIGA, ESCORAMENTO METÁLICO, PÉ-DIREITO SIMPLES, EM CHAPA DE MADEIRA PLASTIFICADA, 12 UTILIZAÇÕES. AF_12/2015","M2",66.71]
[92473,"MONTAGEM E DESMONTAGEM DE FÔRMA DE VIGA, ESCORAMENTO COM GARFO DE MADEIRA, PÉ-DIREITO DUPLO, EM CHAPA DE MADEIRA PLASTIFICADA, 14 UTILIZAÇÕES. AF_12/2015","M2",76.1]
[92474,"MONTAGEM E DESMONTAGEM DE FÔRMA DE VIGA, ESCORAMENTO METÁLICO, PÉ-DIREITO DUPLO, EM CHAPA DE MADEIRA PLASTIFICADA, 14 UTILIZAÇÕES. AF_12/2015","M2",184.28]
[92475,"MONTAGEM E DESMONTAGEM DE FÔRMA DE VIGA, ESCORAMENTO COM GARFO DE MADEIRA, PÉ-DIREITO SIMPLES, EM CHAPA DE MADEIRA PLASTIFICADA, 14 UTILIZAÇÕES. AF_12/2015","M2",49.99]
[92476,"MONTAGEM E DESMONTAGEM DE FÔRMA DE VIGA, ESCORAMENTO METÁLICO, PÉ-DIREITO SIMPLES, EM CHAPA DE MADEIRA PLASTIFICADA, 14 UTILIZAÇÕES. AF_12/2015","M2",63.01]
[92477,"MONTAGEM E DESMONTAGEM DE FÔRMA DE VIGA, ESCORAMENTO COM GARFO DE MADEIRA, PÉ-DIREITO DUPLO, EM CHAPA DE MADEIRA PLASTIFICADA, 18 UTILIZAÇÕES. AF_12/2015","M2",62.4]
[92478,"MONTAGEM E DESMONTAGEM DE FÔRMA DE VIGA, ESCORAMENTO METÁLICO, PÉ-DIREITO DUPLO, EM CHAPA DE MADEIRA PLASTIFICADA, 18 UTILIZAÇÕES. AF_12/2015","M2",175.7]
[92479,"MONTAGEM E DESMONTAGEM DE FÔRMA DE VIGA, ESCORAMENTO COM GARFO DE MADEIRA, PÉ-DIREITO SIMPLES, EM CHAPA DE MADEIRA PLASTIFICADA, 18 UTILIZAÇÕES. AF_12/2015","M2",41.08]
[92480,"MONTAGEM E DESMONTAGEM DE FÔRMA DE VIGA, ESCORAMENTO METÁLICO, PÉ-DIREITO SIMPLES, EM CHAPA DE MADEIRA PLASTIFICADA, 18 UTILIZAÇÕES. AF_12/2015","M2",55.81]
[92481,"MONTAGEM E DESMONTAGEM DE FÔRMA DE LAJE MACIÇA COM ÁREA MÉDIA MENOR OU IGUAL A 20 M², PÉ-DIREITO SIMPLES, EM MADEIRA SERRADA, 1 UTILIZAÇÃO. AF_12/2015","M2",203.48]
[92482,"MONTAGEM E DESMONTAGEM DE FÔRMA DE LAJE MACIÇA COM ÁREA MÉDIA MAIOR QUE 20 M², PÉ-DIREITO SIMPLES, EM MADEIRA SERRADA, 1 UTILIZAÇÃO. AF_12/2015","M2",190.63]
[92483,"MONTAGEM E DESMONTAGEM DE FÔRMA DE LAJE MACIÇA COM ÁREA MÉDIA MENOR OU IGUAL A 20 M², PÉ-DIREITO SIMPLES, EM MADEIRA SERRADA, 2 UTILIZAÇÕES. AF_12/2015","M2",158.7]
[92484,"MONTAGEM E DESMONTAGEM DE FÔRMA DE LAJE MACIÇA COM ÁREA MÉDIA MAIOR QUE 20 M², PÉ-DIREITO SIMPLES, EM MADEIRA SERRADA, 2 UTILIZAÇÕES. AF_12/2015","M2",147.35]
[92485,"MONTAGEM E DESMONTAGEM DE FÔRMA DE LAJE MACIÇA COM ÁREA MÉDIA MENOR OU IGUAL A 20 M², PÉ-DIREITO SIMPLES, EM MADEIRA SERRADA, 4 UTILIZAÇÕES. AF_12/2015","M2",115.42]
[92486,"MONTAGEM E DESMONTAGEM DE FÔRMA DE LAJE MACIÇA COM ÁREA MÉDIA MAIOR QUE 20 M², PÉ-DIREITO SIMPLES, EM MADEIRA SERRADA, 4 UTILIZAÇÕES. AF_12/2015","M2",106.7]
[92487,"MONTAGEM E DESMONTAGEM DE FÔRMA DE LAJE NERVURADA COM CUBETA E ASSOALHO COM ÁREA MÉDIA MENOR OU IGUAL A 20 M², PÉ-DIREITO DUPLO, EM CHAPA DE MADEIRA COMPENSADA RESINADA, 8 UTILIZAÇÕES. AF_12/2015","M2",79.31]
[92488,"MONTAGEM E DESMONTAGEM DE FÔRMA DE LAJE NERVURADA COM CUBETA E ASSOALHO COM ÁREA MÉDIA MAIOR QUE 20 M², PÉ-DIREITO DUPLO, EM CHAPA DE MADEIRA COMPENSADA RESINADA, 8 UTILIZAÇÕES. AF_12/2015","M2",76.31]
[92489,"MONTAGEM E DESMONTAGEM DE FÔRMA DE LAJE NERVURADA COM CUBETA E ASSOALHO COM ÁREA MÉDIA MENOR OU IGUAL A 20 M², PÉ-DIREITO SIMPLES, EM CHAPA DE MADEIRA COMPENSADA RESINADA, 8 UTILIZAÇÕES. AF_12/2015","M2",46.12]
[92490,"MONTAGEM E DESMONTAGEM DE FÔRMA DE LAJE NERVURADA COM CUBETA E ASSOALHO COM ÁREA MÉDIA MAIOR QUE 20 M², PÉ-DIREITO SIMPLES, EM CHAPA DE MADEIRA COMPENSADA RESINADA, 8 UTILIZAÇÕES. AF_12/2015","M2",43.38]
[92491,"MONTAGEM E DESMONTAGEM DE FÔRMA DE LAJE NERVURADA COM CUBETA E ASSOALHO COM ÁREA MÉDIA MENOR OU IGUAL A 20 M², PÉ-DIREITO DUPLO, EM CHAPA DE MADEIRA COMPENSADA RESINADA, 10 UTILIZAÇÕES. AF_12/2015","M2",76.51]
[92492,"MONTAGEM E DESMONTAGEM DE FÔRMA DE LAJE NERVURADA COM CUBETA E ASSOALHO COM ÁREA MÉDIA MAIOR QUE 20 M², PÉ-DIREITO DUPLO, EM CHAPA DE MADEIRA COMPENSADA RESINADA, 10 UTILIZAÇÕES. AF_12/2015","M2",73.63]
[92493,"MONTAGEM E DESMONTAGEM DE FÔRMA DE LAJE NERVURADA COM CUBETA E ASSOALHO COM ÁREA MÉDIA MENOR OU IGUAL A 20 M², PÉ-DIREITO SIMPLES, EM CHAPA DE MADEIRA COMPENSADA RESINADA, 10 UTILIZAÇÕES. AF_12/2015","M2",41.42]
[92494,"MONTAGEM E DESMONTAGEM DE FÔRMA DE LAJE NERVURADA COM CUBETA E ASSOALHO COM ÁREA MÉDIA MAIOR QUE 20 M², PÉ-DIREITO SIMPLES, EM CHAPA DE MADEIRA COMPENSADA RESINADA, 10 UTILIZAÇÕES. AF_12/2015","M2",41.15]
[92495,"MONTAGEM E DESMONTAGEM DE FÔRMA DE LAJE NERVURADA COM CUBETA E ASSOALHO COM ÁREA MÉDIA MENOR OU IGUAL A 20 M², PÉ-DIREITO DUPLO, EM CHAPA DE MADEIRA COMPENSADA RESINADA, 12 UTILIZAÇÕES. AF_12/2015","M2",74.59]
[92496,"MONTAGEM E DESMONTAGEM DE FÔRMA DE LAJE NERVURADA COM CUBETA E ASSOALHO COM ÁREA MÉDIA MAIOR QUE 20 M², PÉ-DIREITO DUPLO, EM CHAPA DE MADEIRA COMPENSADA RESINADA, 12 UTILIZAÇÕES. AF_12/2015","M2",71.83]
[92497,"MONTAGEM E DESMONTAGEM DE FÔRMA DE LAJE NERVURADA COM CUBETA E ASSOALHO COM ÁREA MÉDIA MENOR OU IGUAL A 20 M², PÉ-DIREITO SIMPLES, EM CHAPA DE MADEIRA COMPENSADA RESINADA, 12 UTILIZAÇÕES. AF_12/2015","M2",42.21]
[92498,"MONTAGEM E DESMONTAGEM DE FÔRMA DE LAJE NERVURADA COM CUBETA E ASSOALHO COM ÁREA MÉDIA MAIOR QUE 20 M², PÉ-DIREITO SIMPLES, EM CHAPA DE MADEIRA COMPENSADA RESINADA, 12 UTILIZAÇÕES. AF_12/2015","M2",39.65]
[92499,"MONTAGEM E DESMONTAGEM DE FÔRMA DE LAJE NERVURADA COM CUBETA E ASSOALHO COM ÁREA MÉDIA MENOR OU IGUAL A 20 M², PÉ-DIREITO DUPLO, EM CHAPA DE MADEIRA COMPENSADA RESINADA, 14 UTILIZAÇÕES. AF_12/2015","M2",73.43]
[92500,"MONTAGEM E DESMONTAGEM DE FÔRMA DE LAJE NERVURADA COM CUBETA E ASSOALHO COM ÁREA MÉDIA MAIOR QUE 20 M², PÉ-DIREITO DUPLO, EM CHAPA DE MADEIRA COMPENSADA RESINADA, 14 UTILIZAÇÕES. AF_12/2015","M2",70.74]
[92501,"MONTAGEM E DESMONTAGEM DE FÔRMA DE LAJE NERVURADA COM CUBETA E ASSOALHO COM ÁREA MÉDIA MENOR OU IGUAL A 20 M², PÉ-DIREITO SIMPLES, EM CHAPA DE MADEIRA COMPENSADA RESINADA, 14 UTILIZAÇÕES. AF_12/2015","M2",41.26]
[92502,"MONTAGEM E DESMONTAGEM DE FÔRMA DE LAJE NERVURADA COM CUBETA E ASSOALHO COM ÁREA MÉDIA MAIOR QUE 20 M², PÉ-DIREITO SIMPLES, EM CHAPA DE MADEIRA COMPENSADA RESINADA, 14 UTILIZAÇÕES. AF_12/2015","M2",38.76]
[92503,"MONTAGEM E DESMONTAGEM DE FÔRMA DE LAJE NERVURADA COM CUBETA E ASSOALHO COM ÁREA MÉDIA MENOR OU IGUAL A 20 M², PÉ-DIREITO DUPLO, EM CHAPA DE MADEIRA COMPENSADA RESINADA, 18 UTILIZAÇÕES. AF_12/2015","M2",71.59]
[92504,"MONTAGEM E DESMONTAGEM DE FÔRMA DE LAJE NERVURADA COM CUBETA E ASSOALHO COM ÁREA MÉDIA MAIOR QUE 20 M², PÉ-DIREITO DUPLO, EM CHAPA DE MADEIRA COMPENSADA RESINADA, 18 UTILIZAÇÕES. AF_12/2015","M2",45.45]
[92505,"MONTAGEM E DESMONTAGEM DE FÔRMA DE LAJE NERVURADA COM CUBETA E ASSOALHO COM ÁREA MÉDIA MENOR OU IGUAL A 20 M², PÉ-DIREITO SIMPLES, EM CHAPA DE MADEIRA COMPENSADA RESINADA, 18 UTILIZAÇÕES. AF_12/2015","M2",39.74]
[92506,"MONTAGEM E DESMONTAGEM DE FÔRMA DE LAJE NERVURADA COM CUBETA E ASSOALHO COM ÁREA MÉDIA MAIOR QUE 20 M², PÉ-DIREITO SIMPLES, EM CHAPA DE MADEIRA COMPENSADA RESINADA, 18 UTILIZAÇÕES. AF_12/2015","M2",37.33]
[92507,"MONTAGEM E DESMONTAGEM DE FÔRMA DE LAJE MACIÇA COM ÁREA MÉDIA MENOR OU IGUAL A 20 M², PÉ-DIREITO DUPLO, EM CHAPA DE MADEIRA COMPENSADA RESINADA, 2 UTILIZAÇÕES. AF_12/2015","M2",71.23]
[92508,"MONTAGEM E DESMONTAGEM DE FÔRMA DE LAJE MACIÇA COM ÁREA MÉDIA MAIOR QUE 20 M², PÉ-DIREITO DUPLO, EM CHAPA DE MADEIRA COMPENSADA RESINADA, 2 UTILIZAÇÕES. AF_12/2015","M2",68.83]
[92509,"MONTAGEM E DESMONTAGEM DE FÔRMA DE LAJE MACIÇA COM ÁREA MÉDIA MENOR OU IGUAL A 20 M², PÉ-DIREITO SIMPLES, EM CHAPA DE MADEIRA COMPENSADA RESINADA, 2 UTILIZAÇÕES. AF_12/2015","M2",40.8]
[92510,"MONTAGEM E DESMONTAGEM DE FÔRMA DE LAJE MACIÇA COM ÁREA MÉDIA MAIOR QUE 20 M², PÉ-DIREITO SIMPLES, EM CHAPA DE MADEIRA COMPENSADA RESINADA, 2 UTILIZAÇÕES. AF_12/2015","M2",38.59]
[92511,"MONTAGEM E DESMONTAGEM DE FÔRMA DE LAJE MACIÇA COM ÁREA MÉDIA MENOR OU IGUAL A 20 M², PÉ-DIREITO DUPLO, EM CHAPA DE MADEIRA COMPENSADA RESINADA, 4 UTILIZAÇÕES. AF_12/2015","M2",64.53]
[92512,"MONTAGEM E DESMONTAGEM DE FÔRMA DE LAJE MACIÇA COM ÁREA MÉDIA MAIOR QUE 20 M², PÉ-DIREITO DUPLO, EM CHAPA DE MADEIRA COMPENSADA RESINADA, 4 UTILIZAÇÕES. AF_12/2015","M2",62.68]
[92513,"MONTAGEM E DESMONTAGEM DE FÔRMA DE LAJE MACIÇA COM ÁREA MÉDIA MENOR OU IGUAL A 20 M², PÉ-DIREITO SIMPLES, EM CHAPA DE MADEIRA COMPENSADA RESINADA, 4 UTILIZAÇÕES. AF_12/2015","M2",30.29]
[92514,"MONTAGEM E DESMONTAGEM DE FÔRMA DE LAJE MACIÇA COM ÁREA MÉDIA MAIOR QUE 20 M², PÉ-DIREITO SIMPLES, EM CHAPA DE MADEIRA COMPENSADA RESINADA, 4 UTILIZAÇÕES. AF_12/2015","M2",28.58]
[92515,"MONTAGEM E DESMONTAGEM DE FÔRMA DE LAJE MACIÇA COM ÁREA MÉDIA MAIOR QUE 20 M², PÉ-DIREITO DUPLO, EM CHAPA DE MADEIRA COMPENSADA RESINADA, 6 UTILIZAÇÕES. AF_12/2015","M2",58.18]
[92516,"MONTAGEM E DESMONTAGEM DE FÔRMA DE LAJE MACIÇA COM ÁREA MÉDIA MENOR OU IGUAL A 20 M², PÉ-DIREITO DUPLO, EM CHAPA DE MADEIRA COMPENSADA RESINADA, 6 UTILIZAÇÕES. AF_12/2015","M2",56.6]
[92517,"MONTAGEM E DESMONTAGEM DE FÔRMA DE LAJE MACIÇA COM ÁREA MÉDIA MENOR OU IGUAL A 20 M², PÉ-DIREITO SIMPLES, EM CHAPA DE MADEIRA COMPENSADA RESINADA, 6 UTILIZAÇÕES. AF_12/2015","M2",25.39]
[92518,"MONTAGEM E DESMONTAGEM DE FÔRMA DE LAJE MACIÇA COM ÁREA MÉDIA MAIOR QUE 20 M², PÉ-DIREITO SIMPLES, EM CHAPA DE MADEIRA COMPENSADA RESINADA, 6 UTILIZAÇÕES. AF_12/2015","M2",23.9]
[92519,"MONTAGEM E DESMONTAGEM DE FÔRMA DE LAJE MACIÇA COM ÁREA MÉDIA MENOR OU IGUAL A 20 M², PÉ-DIREITO DUPLO, EM CHAPA DE MADEIRA COMPENSADA RESINADA, 8 UTILIZAÇÕES. AF_12/2015","M2",54.96]
[92520,"MONTAGEM E DESMONTAGEM DE FÔRMA DE LAJE MACIÇA COM ÁREA MÉDIA MAIOR QUE 20 M², PÉ-DIREITO DUPLO, EM CHAPA DE MADEIRA COMPENSADA RESINADA, 8 UTILIZAÇÕES. AF_12/2015","M2",53.48]
[92521,"MONTAGEM E DESMONTAGEM DE FÔRMA DE LAJE MACIÇA COM ÁREA MÉDIA MENOR OU IGUAL A 20 M², PÉ-DIREITO SIMPLES, EM CHAPA DE MADEIRA COMPENSADA RESINADA, 8 UTILIZAÇÕES. AF_12/2015","M2",22.86]
[92522,"MONTAGEM E DESMONTAGEM DE FÔRMA DE LAJE MACIÇA COM ÁREA MÉDIA MAIOR QUE 20 M², PÉ-DIREITO SIMPLES, EM CHAPA DE MADEIRA COMPENSADA RESINADA, 8 UTILIZAÇÕES. AF_12/2015","M2",21.49]
[92523,"MONTAGEM E DESMONTAGEM DE FÔRMA DE LAJE MACIÇA COM ÁREA MÉDIA MENOR OU IGUAL A 20 M², PÉ-DIREITO DUPLO, EM CHAPA DE MADEIRA COMPENSADA PLASTIFICADA, 10 UTILIZAÇÕES. AF_12/2015","M2",52.87]
[92524,"MONTAGEM E DESMONTAGEM DE FÔRMA DE LAJE MACIÇA COM ÁREA MÉDIA MAIOR QUE 20 M², PÉ-DIREITO DUPLO, EM CHAPA DE MADEIRA COMPENSADA PLASTIFICADA, 10 UTILIZAÇÕES. AF_12/2015","M2",51.47]
[92525,"MONTAGEM E DESMONTAGEM DE FÔRMA DE LAJE MACIÇA COM ÁREA MÉDIA MENOR OU IGUAL A 20 M², PÉ-DIREITO SIMPLES, EM CHAPA DE MADEIRA COMPENSADA PLASTIFICADA, 10 UTILIZAÇÕES. AF_12/2015","M2",21.22]
[92526,"MONTAGEM E DESMONTAGEM DE FÔRMA DE LAJE MACIÇA COM ÁREA MÉDIA MAIOR QUE 20 M², PÉ-DIREITO SIMPLES, EM CHAPA DE MADEIRA COMPENSADA PLASTIFICADA, 10 UTILIZAÇÕES. AF_12/2015","M2",19.9]
[92527,"MONTAGEM E DESMONTAGEM DE FÔRMA DE LAJE MACIÇA COM ÁREA MÉDIA MENOR OU IGUAL A 20 M², PÉ-DIREITO DUPLO, EM CHAPA DE MADEIRA COMPENSADA PLASTIFICADA, 12 UTILIZAÇÕES. AF_12/2015","M2",51.69]
[92528,"MONTAGEM E DESMONTAGEM DE FÔRMA DE LAJE MACIÇA COM ÁREA MÉDIA MAIOR QUE 20 M², PÉ-DIREITO DUPLO, EM CHAPA DE MADEIRA COMPENSADA PLASTIFICADA, 12 UTILIZAÇÕES. AF_12/2015","M2",50.34]
[92529,"MONTAGEM E DESMONTAGEM DE FÔRMA DE LAJE MACIÇA COM ÁREA MÉDIA MENOR OU IGUAL A 20 M², PÉ-DIREITO SIMPLES, EM CHAPA DE MADEIRA COMPENSADA PLASTIFICADA, 12 UTILIZAÇÕES. AF_12/2015","M2",20.3]
[92530,"MONTAGEM E DESMONTAGEM DE FÔRMA DE LAJE MACIÇA COM ÁREA MÉDIA MAIOR QUE 20 M², PÉ-DIREITO SIMPLES, EM CHAPA DE MADEIRA COMPENSADA PLASTIFICADA, 12 UTILIZAÇÕES. AF_12/2015","M2",19.01]
[92531,"MONTAGEM E DESMONTAGEM DE FÔRMA DE LAJE MACIÇA COM ÁREA MÉDIA MENOR OU IGUAL A 20 M², PÉ-DIREITO DUPLO, EM CHAPA DE MADEIRA COMPENSADA PLASTIFICADA, 14 UTILIZAÇÕES. AF_12/2015","M2",50.8]
[92532,"MONTAGEM E DESMONTAGEM DE FÔRMA DE LAJE MACIÇA COM ÁREA MÉDIA MAIOR QUE 20 M², PÉ-DIREITO DUPLO, EM CHAPA DE MADEIRA COMPENSADA PLASTIFICADA, 14 UTILIZAÇÕES. AF_12/2015","M2",49.47]
[92533,"MONTAGEM E DESMONTAGEM DE FÔRMA DE LAJE MACIÇA COM ÁREA MÉDIA MENOR OU IGUAL A 20 M², PÉ-DIREITO SIMPLES, EM CHAPA DE MADEIRA COMPENSADA PLASTIFICADA, 14 UTILIZAÇÕES. AF_12/2015","M2",19.62]
[92534,"MONTAGEM E DESMONTAGEM DE FÔRMA DE LAJE MACIÇA COM ÁREA MÉDIA MAIOR QUE 20 M², PÉ-DIREITO SIMPLES, EM CHAPA DE MADEIRA COMPENSADA PLASTIFICADA, 14 UTILIZAÇÕES. AF_12/2015","M2",18.4]
[92535,"MONTAGEM E DESMONTAGEM DE FÔRMA DE LAJE MACIÇA COM ÁREA MÉDIA MENOR OU IGUAL A 20 M², PÉ-DIREITO DUPLO, EM CHAPA DE MADEIRA COMPENSADA PLASTIFICADA, 18 UTILIZAÇÕES. AF_12/2015","M2",49.29]
[92536,"MONTAGEM E DESMONTAGEM DE FÔRMA DE LAJE MACIÇA COM ÁREA MÉDIA MAIOR QUE 20 M², PÉ-DIREITO DUPLO, EM CHAPA DE MADEIRA COMPENSADA PLASTIFICADA, 18 UTILIZAÇÕES. AF_12/2015","M2",48.01]
[92537,"MONTAGEM E DESMONTAGEM DE FÔRMA DE LAJE MACIÇA COM ÁREA MÉDIA MENOR OU IGUAL A 20 M², PÉ-DIREITO SIMPLES, EM CHAPA DE MADEIRA COMPENSADA PLASTIFICADA, 18 UTILIZAÇÕES. AF_12/2015","M2",18.37]
[92538,"MONTAGEM E DESMONTAGEM DE FÔRMA DE LAJE MACIÇA COM ÁREA MÉDIA MAIOR QUE 20 M², PÉ-DIREITO SIMPLES, EM CHAPA DE MADEIRA COMPENSADA PLASTIFICADA, 18 UTILIZAÇÕES. AF_12/2015","M2",17.18]
[95934,"FABRICAÇÃO DE FÔRMA PARA ESCADAS, COM 2 LANCES, EM CHAPA DE MADEIRA COMPENSADA PLASTIFICADA, E=18 MM. AF_01/2017","M2",103.58]
[95935,"FABRICAÇÃO DE FÔRMA PARA ESCADAS, COM 2 LANCES, EM CHAPA DE MADEIRA COMPENSADA RESINADA, E= 17 MM. AF_01/2017","M2",96.56]
[95936,"FABRICAÇÃO DE FÔRMA PARA ESCADAS, COM 2 LANCES, EM MADEIRA SERRADA, E=25 MM. AF_01/2017","M2",110.04]
[95937,"MONTAGEM E DESMONTAGEM DE FÔRMA PARA ESCADAS, COM 2 LANCES, EM MADEIRA SERRADA, 1 UTILIZAÇÃO. AF_01/2017","M2",279]
[95938,"MONTAGEM E DESMONTAGEM DE FÔRMA PARA ESCADAS, COM 2 LANCES, EM MADEIRA SERRADA, 2 UTILIZAÇÕES. AF_01/2017","M2",230.26]
[95939,"MONTAGEM E DESMONTAGEM DE FÔRMA PARA ESCADAS, COM 2 LANCES, EM CHAPA DE MADEIRA COMPENSADA RESINADA, 4 UTILIZAÇÕES. AF_01/2017","M2",165.34]
[95940,"MONTAGEM E DESMONTAGEM DE FÔRMA PARA ESCADAS, COM 2 LANCES, EM CHAPA DE MADEIRA COMPENSADA PLASTIFICADA, 6 UTILIZAÇÕES. AF_01/2017","M2",129.63]
[95941,"MONTAGEM E DESMONTAGEM DE FÔRMA PARA ESCADAS, COM 2 LANCES, EM CHAPA DE MADEIRA COMPENSADA PLASTIFICADA, 8 UTILIZAÇÕES. AF_01/2017","M2",115.67]
[95942,"MONTAGEM E DESMONTAGEM DE FÔRMA PARA ESCADAS, COM 2 LANCES, EM CHAPA DE MADEIRA COMPENSADA PLASTIFICADA, 10 UTILIZAÇÕES. AF_01/2017","M2",107.03]
[96252,"FABRICAÇÃO DE FÔRMA PARA PILARES CIRCULARES, EM CHAPA DE MADEIRA COMPENSADA RESINADA. AF_06/2017","M2",160.19]
[96257,"MONTAGEM E DESMONTAGEM DE FÔRMA DE PILARES CIRCULARES, COM ÁREA MÉDIA DAS SEÇÕES MENOR OU IGUAL A 0,28 M², PÉ-DIREITO SIMPLES, EM MADEIRA, 2 UTILIZAÇÕES. AF_06/2017","M2",146]
[96258,"MONTAGEM E DESMONTAGEM DE FÔRMA DE PILARES CIRCULARES, COM ÁREA MÉDIA DAS SEÇÕES MAIOR QUE 0,28 M², PÉ-DIREITO SIMPLES, EM MADEIRA, 2 UTILIZAÇÕES. AF_06/2017","M2",135.67]
[96259,"MONTAGEM E DESMONTAGEM DE FÔRMA DE PILARES CIRCULARES, COM ÁREA MÉDIA DAS SEÇÕES MENOR OU IGUAL A 0,28 M², PÉ-DIREITO DUPLO, EM MADEIRA, 2 UTILIZAÇÕES. AF_06/2017","M2",167.72]
[96529,"FABRICAÇÃO, MONTAGEM E DESMONTAGEM DE FÔRMA PARA SAPATA, EM MADEIRA SERRADA, E=25 MM, 1 UTILIZAÇÃO. AF_06/2017","M2",226.42]
[96530,"FABRICAÇÃO, MONTAGEM E DESMONTAGEM DE FÔRMA PARA VIGA BALDRAME, EM MADEIRA SERRADA, E=25 MM, 1 UTILIZAÇÃO. AF_06/2017","M2",108.48]
[96531,"FABRICAÇÃO, MONTAGEM E DESMONTAGEM DE FÔRMA PARA BLOCO DE COROAMENTO, EM MADEIRA SERRADA, E=25 MM, 2 UTILIZAÇÕES. AF_06/2017","M2",83.38]
[96532,"FABRICAÇÃO, MONTAGEM E DESMONTAGEM DE FÔRMA PARA SAPATA, EM MADEIRA SERRADA, E=25 MM, 2 UTILIZAÇÕES. AF_06/2017","M2",152.17]
[96533,"FABRICAÇÃO, MONTAGEM E DESMONTAGEM DE FÔRMA PARA VIGA BALDRAME, EM MADEIRA SERRADA, E=25 MM, 2 UTILIZAÇÕES. AF_06/2017","M2",72.25]
[96534,"FABRICAÇÃO, MONTAGEM E DESMONTAGEM DE FÔRMA PARA BLOCO DE COROAMENTO, EM MADEIRA SERRADA, E=25 MM, 4 UTILIZAÇÕES. AF_06/2017","M2",63.34]
[96535,"FABRICAÇÃO, MONTAGEM E DESMONTAGEM DE FÔRMA PARA SAPATA, EM MADEIRA SERRADA, E=25 MM, 4 UTILIZAÇÕES. AF_06/2017","M2",113.48]
[96536,"FABRICAÇÃO, MONTAGEM E DESMONTAGEM DE FÔRMA PARA VIGA BALDRAME, EM MADEIRA SERRADA, E=25 MM, 4 UTILIZAÇÕES. AF_06/2017","M2",53.39]
[96537,"FABRICAÇÃO, MONTAGEM E DESMONTAGEM DE FÔRMA PARA BLOCO DE COROAMENTO, EM CHAPA DE MADEIRA COMPENSADA RESINADA, E=17 MM, 2 UTILIZAÇÕES. AF_06/2017","M2",131.76]
[96538,"FABRICAÇÃO, MONTAGEM E DESMONTAGEM DE FÔRMA PARA SAPATA, EM CHAPA DE MADEIRA COMPENSADA RESINADA, E=17 MM, 2 UTILIZAÇÕES. AF_06/2017","M2",205.65]
[96539,"FABRICAÇÃO, MONTAGEM E DESMONTAGEM DE FÔRMA PARA VIGA BALDRAME, EM CHAPA DE MADEIRA COMPENSADA RESINADA, E=17 MM, 2 UTILIZAÇÕES. AF_06/2017","M2",90.86]
[96540,"FABRICAÇÃO, MONTAGEM E DESMONTAGEM DE FÔRMA PARA BLOCO DE COROAMENTO, EM CHAPA DE MADEIRA COMPENSADA RESINADA, E=17 MM, 4 UTILIZAÇÕES. AF_06/2017","M2",97.82]
[96541,"FABRICAÇÃO, MONTAGEM E DESMONTAGEM DE FÔRMA PARA SAPATA, EM CHAPA DE MADEIRA COMPENSADA RESINADA, E=17 MM, 4 UTILIZAÇÕES. AF_06/2017","M2",151.36]
[96542,"FABRICAÇÃO, MONTAGEM E DESMONTAGEM DE FÔRMA PARA VIGA BALDRAME, EM CHAPA DE MADEIRA COMPENSADA RESINADA, E=17 MM, 4 UTILIZAÇÕES. AF_06/2017","M2",72.01]
[96543,"ARMAÇÃO DE BLOCO, VIGA BALDRAME E SAPATA UTILIZANDO AÇO CA-60 DE 5 MM - MONTAGEM. AF_06/2017","KG",13.29]
[97747,"MONTAGEM E DESMONTAGEM DE FÔRMA DE PILARES CIRCULARES, COM ÁREA MÉDIA DAS SEÇÕES MAIOR QUE 0,28 M², PÉ-DIREITO DUPLO, EM MADEIRA, 2 UTILIZAÇÕES.  AF_06/2017","M2",154.25]
["73771/1","PROTENSAO DE TIRANTES DE BARRA DE ACO CA-50 EXCL MATERIAIS","UN",25.35]
["73990/1","ARMACAO ACO CA-50 P/1,0M3 DE CONCRETO","UN",539.55]
[85662,"ARMACAO EM TELA DE ACO SOLDADA NERVURADA Q-92, ACO CA-60, 4,2MM, MALHA 15X15CM","M2",10.67]
[89996,"ARMAÇÃO VERTICAL DE ALVENARIA ESTRUTURAL; DIÂMETRO DE 10,0 MM. AF_01/2015","KG",6.73]
[89997,"ARMAÇÃO VERTICAL DE ALVENARIA ESTRUTURAL; DIÂMETRO DE 12,5 MM. AF_01/2015","KG",5.68]
[89998,"ARMAÇÃO DE CINTA DE ALVENARIA ESTRUTURAL; DIÂMETRO DE 10,0 MM. AF_01/2015","KG",6.23]
[89999,"ARMAÇÃO DE VERGA E CONTRAVERGA DE ALVENARIA ESTRUTURAL; DIÂMETRO DE 8,0 MM. AF_01/2015","KG",10.87]
[90000,"ARMAÇÃO DE VERGA E CONTRAVERGA DE ALVENARIA ESTRUTURAL; DIÂMETRO DE 10,0 MM. AF_01/2015","KG",8.04]
[91593,"ARMAÇÃO DO SISTEMA DE PAREDES DE CONCRETO, EXECUTADA EM PAREDES DE EDIFICAÇÕES DE MÚLTIPLOS PAVIMENTOS, TELA Q-138. AF_06/2015","KG",7.16]
[91594,"ARMAÇÃO DO SISTEMA DE PAREDES DE CONCRETO, EXECUTADA EM PAREDES DE EDIFICAÇÕES TÉRREAS OU DE MÚLTIPLOS PAVIMENTOS, TELA Q-92. AF_06/2015","KG",7.69]
[91595,"ARMAÇÃO DO SISTEMA DE PAREDES DE CONCRETO, EXECUTADA EM PAREDES DE EDIFICAÇÕES TÉRREAS, TELA Q-61. AF_06/2015","KG",8.71]
[91596,"ARMAÇÃO DO SISTEMA DE PAREDES DE CONCRETO, EXECUTADA COMO ARMADURA POSITIVA DE LAJES, TELA Q-138. AF_06/2015","KG",7.35]
[91597,"ARMAÇÃO DO SISTEMA DE PAREDES DE CONCRETO, EXECUTADA COMO ARMADURA NEGATIVA DE LAJES, TELA T-196. AF_06/2015","KG",5.23]
[91598,"ARMAÇÃO DO SISTEMA DE PAREDES DE CONCRETO, EXECUTADA COMO ARMADURA POSITIVA DE LAJES, TELA Q-113. AF_06/2015","KG",7.37]
[91599,"ARMAÇÃO DO SISTEMA DE PAREDES DE CONCRETO, EXECUTADA COMO ARMADURA NEGATIVA DE LAJES, TELA L-159. AF_06/2015","KG",7.83]
[91600,"ARMAÇÃO DO SISTEMA DE PAREDES DE CONCRETO, EXECUTADA EM PLATIBANDAS, TELA Q-92. AF_06/2015","KG",8.59]
[91601,"ARMAÇÃO DO SISTEMA DE PAREDES DE CONCRETO, EXECUTADA COMO REFORÇO, VERGALHÃO DE 6,3 MM DE DIÂMETRO. AF_06/2015","KG",8.91]
[91602,"ARMAÇÃO DO SISTEMA DE PAREDES DE CONCRETO, EXECUTADA COMO REFORÇO, VERGALHÃO DE 8,0 MM DE DIÂMETRO. AF_06/2015","KG",8.07]
[91603,"ARMAÇÃO DO SISTEMA DE PAREDES DE CONCRETO, EXECUTADA COMO REFORÇO, VERGALHÃO DE 10,0 MM DE DIÂMETRO. AF_06/2015","KG",6.38]
[92759,"ARMAÇÃO DE PILAR OU VIGA DE UMA ESTRUTURA CONVENCIONAL DE CONCRETO ARMADO EM UM EDIFÍCIO DE MÚLTIPLOS PAVIMENTOS UTILIZANDO AÇO CA-60 DE 5,0 MM - MONTAGEM. AF_12/2015","KG",10.61]
[92760,"ARMAÇÃO DE PILAR OU VIGA DE UMA ESTRUTURA CONVENCIONAL DE CONCRETO ARMADO EM UM EDIFÍCIO DE MÚLTIPLOS PAVIMENTOS UTILIZANDO AÇO CA-50 DE 6,3 MM - MONTAGEM. AF_12/2015","KG",9.11]
[92761,"ARMAÇÃO DE PILAR OU VIGA DE UMA ESTRUTURA CONVENCIONAL DE CONCRETO ARMADO EM UM EDIFÍCIO DE MÚLTIPLOS PAVIMENTOS UTILIZANDO AÇO CA-50 DE 8,0 MM - MONTAGEM. AF_12/2015","KG",8.67]
[92762,"ARMAÇÃO DE PILAR OU VIGA DE UMA ESTRUTURA CONVENCIONAL DE CONCRETO ARMADO EM UM EDIFÍCIO DE MÚLTIPLOS PAVIMENTOS UTILIZANDO AÇO CA-50 DE 10,0 MM - MONTAGEM. AF_12/2015","KG",7.03]
[92763,"ARMAÇÃO DE PILAR OU VIGA DE UMA ESTRUTURA CONVENCIONAL DE CONCRETO ARMADO EM UM EDIFÍCIO DE MÚLTIPLOS PAVIMENTOS UTILIZANDO AÇO CA-50 DE 12,5 MM - MONTAGEM. AF_12/2015","KG",6.2]
[92764,"ARMAÇÃO DE PILAR OU VIGA DE UMA ESTRUTURA CONVENCIONAL DE CONCRETO ARMADO EM UM EDIFÍCIO DE MÚLTIPLOS PAVIMENTOS UTILIZANDO AÇO CA-50 DE 16,0 MM - MONTAGEM. AF_12/2015","KG",5.74]
[92765,"ARMAÇÃO DE PILAR OU VIGA DE UMA ESTRUTURA CONVENCIONAL DE CONCRETO ARMADO EM UM EDIFÍCIO DE MÚLTIPLOS PAVIMENTOS UTILIZANDO AÇO CA-50 DE 20,0 MM - MONTAGEM. AF_12/2015","KG",5.26]
[92766,"ARMAÇÃO DE PILAR OU VIGA DE UMA ESTRUTURA CONVENCIONAL DE CONCRETO ARMADO EM UM EDIFÍCIO DE MÚLTIPLOS PAVIMENTOS UTILIZANDO AÇO CA-50 DE 25,0 MM - MONTAGEM. AF_12/2015","KG",5.71]
[92767,"ARMAÇÃO DE LAJE DE UMA ESTRUTURA CONVENCIONAL DE CONCRETO ARMADO EM UM EDIFÍCIO DE MÚLTIPLOS PAVIMENTOS UTILIZANDO AÇO CA-60 DE 4,2 MM - MONTAGEM. AF_12/2015","KG",10.87]
[92768,"ARMAÇÃO DE LAJE DE UMA ESTRUTURA CONVENCIONAL DE CONCRETO ARMADO EM UM EDIFÍCIO DE MÚLTIPLOS PAVIMENTOS UTILIZANDO AÇO CA-60 DE 5,0 MM - MONTAGEM. AF_12/2015","KG",9.25]
[92769,"ARMAÇÃO DE LAJE DE UMA ESTRUTURA CONVENCIONAL DE CONCRETO ARMADO EM UM EDIFÍCIO DE MÚLTIPLOS PAVIMENTOS UTILIZANDO AÇO CA-50 DE 6,3 MM - MONTAGEM. AF_12/2015","KG",8.06]
[92770,"ARMAÇÃO DE LAJE DE UMA ESTRUTURA CONVENCIONAL DE CONCRETO ARMADO EM UM EDIFÍCIO DE MÚLTIPLOS PAVIMENTOS UTILIZANDO AÇO CA-50 DE 8,0 MM - MONTAGEM. AF_12/2015","KG",7.88]
[92771,"ARMAÇÃO DE LAJE DE UMA ESTRUTURA CONVENCIONAL DE CONCRETO ARMADO EM UM EDIFÍCIO DE MÚLTIPLOS PAVIMENTOS UTILIZANDO AÇO CA-50 DE 10,0 MM - MONTAGEM. AF_12/2015","KG",6.39]
[92772,"ARMAÇÃO DE LAJE DE UMA ESTRUTURA CONVENCIONAL DE CONCRETO ARMADO EM UM EDIFÍCIO DE MÚLTIPLOS PAVIMENTOS UTILIZANDO AÇO CA-50 DE 12,5 MM - MONTAGEM. AF_12/2015","KG",5.73]
[92773,"ARMAÇÃO DE LAJE DE UMA ESTRUTURA CONVENCIONAL DE CONCRETO ARMADO EM UM EDIFÍCIO DE MÚLTIPLOS PAVIMENTOS UTILIZANDO AÇO CA-50 DE 16,0 MM - MONTAGEM. AF_12/2015","KG",5.4]
[92774,"ARMAÇÃO DE LAJE DE UMA ESTRUTURA CONVENCIONAL DE CONCRETO ARMADO EM UM EDIFÍCIO DE MÚLTIPLOS PAVIMENTOS UTILIZANDO AÇO CA-50 DE 20,0 MM - MONTAGEM. AF_12/2015","KG",5.01]
[92775,"ARMAÇÃO DE PILAR OU VIGA DE UMA ESTRUTURA CONVENCIONAL DE CONCRETO ARMADO EM UMA EDIFICAÇÃO TÉRREA OU SOBRADO UTILIZANDO AÇO CA-60 DE 5,0 MM - MONTAGEM. AF_12/2015","KG",13.34]
[92776,"ARMAÇÃO DE PILAR OU VIGA DE UMA ESTRUTURA CONVENCIONAL DE CONCRETO ARMADO EM UMA EDIFICAÇÃO TÉRREA OU SOBRADO UTILIZANDO AÇO CA-50 DE 6,3 MM - MONTAGEM. AF_12/2015","KG",11.18]
[92777,"ARMAÇÃO DE PILAR OU VIGA DE UMA ESTRUTURA CONVENCIONAL DE CONCRETO ARMADO EM UMA EDIFICAÇÃO TÉRREA OU SOBRADO UTILIZANDO AÇO CA-50 DE 8,0 MM - MONTAGEM. AF_12/2015","KG",10.22]
[92778,"ARMAÇÃO DE PILAR OU VIGA DE UMA ESTRUTURA CONVENCIONAL DE CONCRETO ARMADO EM UMA EDIFICAÇÃO TÉRREA OU SOBRADO UTILIZANDO AÇO CA-50 DE 10,0 MM - MONTAGEM. AF_12/2015","KG",8.19]
[92779,"ARMAÇÃO DE PILAR OU VIGA DE UMA ESTRUTURA CONVENCIONAL DE CONCRETO ARMADO EM UMA EDIFICAÇÃO TÉRREA OU SOBRADO UTILIZANDO AÇO CA-50 DE 12,5 MM - MONTAGEM. AF_12/2015","KG",7.06]
[92780,"ARMAÇÃO DE PILAR OU VIGA DE UMA ESTRUTURA CONVENCIONAL DE CONCRETO ARMADO EM UMA EDIFICAÇÃO TÉRREA OU SOBRADO UTILIZANDO AÇO CA-50 DE 16,0 MM - MONTAGEM. AF_12/2015","KG",6.31]
[92781,"ARMAÇÃO DE PILAR OU VIGA DE UMA ESTRUTURA CONVENCIONAL DE CONCRETO ARMADO EM UMA EDIFICAÇÃO TÉRREA OU SOBRADO UTILIZANDO AÇO CA-50 DE 20,0 MM - MONTAGEM. AF_12/2015","KG",5.64]
[92782,"ARMAÇÃO DE PILAR OU VIGA DE UMA ESTRUTURA CONVENCIONAL DE CONCRETO ARMADO EM UMA EDIFICAÇÃO TÉRREA OU SOBRADO UTILIZANDO AÇO CA-50 DE 25,0 MM - MONTAGEM. AF_12/2015","KG",5.93]
[92783,"ARMAÇÃO DE LAJE DE UMA ESTRUTURA CONVENCIONAL DE CONCRETO ARMADO EM UMA EDIFICAÇÃO TÉRREA OU SOBRADO UTILIZANDO AÇO CA-60 DE 4,2 MM - MONTAGEM. AF_12/2015","KG",13.17]
[92784,"ARMAÇÃO DE LAJE DE UMA ESTRUTURA CONVENCIONAL DE CONCRETO ARMADO EM UMA EDIFICAÇÃO TÉRREA OU SOBRADO UTILIZANDO AÇO CA-60 DE 5,0 MM - MONTAGEM. AF_12/2015","KG",11.13]
[92785,"ARMAÇÃO DE LAJE DE UMA ESTRUTURA CONVENCIONAL DE CONCRETO ARMADO EM UMA EDIFICAÇÃO TÉRREA OU SOBRADO UTILIZANDO AÇO CA-50 DE 6,3 MM - MONTAGEM. AF_12/2015","KG",9.49]
[92786,"ARMAÇÃO DE LAJE DE UMA ESTRUTURA CONVENCIONAL DE CONCRETO ARMADO EM UMA EDIFICAÇÃO TÉRREA OU SOBRADO UTILIZANDO AÇO CA-50 DE 8,0 MM - MONTAGEM. AF_12/2015","KG",8.92]
[92787,"ARMAÇÃO DE LAJE DE UMA ESTRUTURA CONVENCIONAL DE CONCRETO ARMADO EM UMA EDIFICAÇÃO TÉRREA OU SOBRADO UTILIZANDO AÇO CA-50 DE 10,0 MM - MONTAGEM. AF_12/2015","KG",7.16]
[92788,"ARMAÇÃO DE LAJE DE UMA ESTRUTURA CONVENCIONAL DE CONCRETO ARMADO EM UMA EDIFICAÇÃO TÉRREA OU SOBRADO UTILIZANDO AÇO CA-50 DE 12,5 MM - MONTAGEM. AF_12/2015","KG",6.27]
[92789,"ARMAÇÃO DE LAJE DE UMA ESTRUTURA CONVENCIONAL DE CONCRETO ARMADO EM UMA EDIFICAÇÃO TÉRREA OU SOBRADO UTILIZANDO AÇO CA-50 DE 16,0 MM - MONTAGEM. AF_12/2015","KG",5.74]
[92790,"ARMAÇÃO DE LAJE DE UMA ESTRUTURA CONVENCIONAL DE CONCRETO ARMADO EM UMA EDIFICAÇÃO TÉRREA OU SOBRADO UTILIZANDO AÇO CA-50 DE 20,0 MM - MONTAGEM. AF_12/2015","KG",5.23]
[92791,"CORTE E DOBRA DE AÇO CA-60, DIÂMETRO DE 5,0 MM, UTILIZADO EM ESTRUTURAS DIVERSAS, EXCETO LAJES. AF_12/2015","KG",6.68]
[92792,"CORTE E DOBRA DE AÇO CA-50, DIÂMETRO DE 6,3 MM, UTILIZADO EM ESTRUTURAS DIVERSAS, EXCETO LAJES. AF_12/2015","KG",6.02]
[92793,"CORTE E DOBRA DE AÇO CA-50, DIÂMETRO DE 8,0 MM, UTILIZADO EM ESTRUTURAS DIVERSAS, EXCETO LAJES. AF_12/2015","KG",6.29]
[92794,"CORTE E DOBRA DE AÇO CA-50, DIÂMETRO DE 10,0 MM, UTILIZADO EM ESTRUTURAS DIVERSAS, EXCETO LAJES. AF_12/2015","KG",5.18]
[92795,"CORTE E DOBRA DE AÇO CA-50, DIÂMETRO DE 12,5 MM, UTILIZADO EM ESTRUTURAS DIVERSAS, EXCETO LAJES. AF_12/2015","KG",4.78]
[92796,"CORTE E DOBRA DE AÇO CA-50, DIÂMETRO DE 16,0 MM, UTILIZADO EM ESTRUTURAS DIVERSAS, EXCETO LAJES. AF_12/2015","KG",4.69]
[92797,"CORTE E DOBRA DE AÇO CA-50, DIÂMETRO DE 20,0 MM, UTILIZADO EM ESTRUTURAS DIVERSAS, EXCETO LAJES. AF_12/2015","KG",4.47]
[92798,"CORTE E DOBRA DE AÇO CA-50, DIÂMETRO DE 25,0 MM, UTILIZADO EM ESTRUTURAS DIVERSAS, EXCETO LAJES. AF_12/2015","KG",5.13]
[92799,"CORTE E DOBRA DE AÇO CA-60, DIÂMETRO DE 4,2 MM, UTILIZADO EM LAJE. AF_12/2015","KG",7.11]
[92800,"CORTE E DOBRA DE AÇO CA-60, DIÂMETRO DE 5,0 MM, UTILIZADO EM LAJE. AF_12/2015","KG",6.17]
[92801,"CORTE E DOBRA DE AÇO CA-50, DIÂMETRO DE 6,3 MM, UTILIZADO EM LAJE. AF_12/2015","KG",5.72]
[92802,"CORTE E DOBRA DE AÇO CA-50, DIÂMETRO DE 8,0 MM, UTILIZADO EM LAJE. AF_12/2015","KG",6.13]
[92803,"CORTE E DOBRA DE AÇO CA-50, DIÂMETRO DE 10,0 MM, UTILIZADO EM LAJE. AF_12/2015","KG",5.08]
[92804,"CORTE E DOBRA DE AÇO CA-50, DIÂMETRO DE 12,5 MM, UTILIZADO EM LAJE. AF_12/2015","KG",4.73]
[92805,"CORTE E DOBRA DE AÇO CA-50, DIÂMETRO DE 16,0 MM, UTILIZADO EM LAJE. AF_12/2015","KG",4.67]
[92806,"CORTE E DOBRA DE AÇO CA-50, DIÂMETRO DE 20,0 MM, UTILIZADO EM LAJE. AF_12/2015","KG",4.46]
[92875,"CORTE E DOBRA DE AÇO CA-25, DIÂMETRO DE 6,3 MM. AF_12/2015","KG",6.43]
[92876,"CORTE E DOBRA DE AÇO CA-25, DIÂMETRO DE 8,0 MM. AF_12/2015","KG",6.05]
[92877,"CORTE E DOBRA DE AÇO CA-25, DIÂMETRO DE 10,0 MM. AF_12/2015","KG",5.44]
[92878,"CORTE E DOBRA DE AÇO CA-25, DIÂMETRO DE 12,5 MM. AF_12/2015","KG",5.32]
[92879,"CORTE E DOBRA DE AÇO CA-25, DIÂMETRO DE 16,0 MM. AF_12/2015","KG",5.23]
[92880,"CORTE E DOBRA DE AÇO CA-25, DIÂMETRO DE 20,0 MM. AF_12/2015","KG",5.32]
[92881,"CORTE E DOBRA DE AÇO CA-25, DIÂMETRO DE 25,0 MM. AF_12/2015","KG",5.3]
[92882,"ARMAÇÃO UTILIZANDO AÇO CA-25 DE 6,3 MM - MONTAGEM. AF_12/2015","KG",9.52]
[92883,"ARMAÇÃO UTILIZANDO AÇO CA-25 DE 8,0 MM - MONTAGEM. AF_12/2015","KG",8.43]
[92884,"ARMAÇÃO UTILIZANDO AÇO CA-25 DE 10,0 MM - MONTAGEM. AF_12/2015","KG",7.29]
[92885,"ARMAÇÃO UTILIZANDO AÇO CA-25 DE 12,5 MM - MONTAGEM. AF_12/2015","KG",6.74]
[92886,"ARMAÇÃO UTILIZANDO AÇO CA-25 DE 16,0 MM - MONTAGEM. AF_12/2015","KG",6.28]
[92887,"ARMAÇÃO UTILIZANDO AÇO CA-25 DE 20,0 MM - MONTAGEM. AF_12/2015","KG",6.11]
[92888,"ARMAÇÃO UTILIZANDO AÇO CA-25 DE 25,0 MM - MONTAGEM. AF_12/2015","KG",5.88]
[92915,"ARMAÇÃO DE ESTRUTURAS DE CONCRETO ARMADO, EXCETO VIGAS, PILARES, LAJES E FUNDAÇÕES, UTILIZANDO AÇO CA-60 DE 5,0 MM - MONTAGEM. AF_12/2015","KG",11.97]
[92916,"ARMAÇÃO DE ESTRUTURAS DE CONCRETO ARMADO, EXCETO VIGAS, PILARES, LAJES E FUNDAÇÕES, UTILIZANDO AÇO CA-50 DE 6,3 MM - MONTAGEM. AF_12/2015","KG",10.15]
[92917,"ARMAÇÃO DE ESTRUTURAS DE CONCRETO ARMADO, EXCETO VIGAS, PILARES, LAJES E FUNDAÇÕES, UTILIZANDO AÇO CA-50 DE 8,0 MM - MONTAGEM. AF_12/2015","KG",9.45]
[92919,"ARMAÇÃO DE ESTRUTURAS DE CONCRETO ARMADO, EXCETO VIGAS, PILARES, LAJES E FUNDAÇÕES, UTILIZANDO AÇO CA-50 DE 10,0 MM - MONTAGEM. AF_12/2015","KG",7.6]
[92921,"ARMAÇÃO DE ESTRUTURAS DE CONCRETO ARMADO, EXCETO VIGAS, PILARES, LAJES E FUNDAÇÕES, UTILIZANDO AÇO CA-50 DE 12,5 MM - MONTAGEM. AF_12/2015","KG",6.63]
[92922,"ARMAÇÃO DE ESTRUTURAS DE CONCRETO ARMADO, EXCETO VIGAS, PILARES, LAJES E FUNDAÇÕES, UTILIZANDO AÇO CA-50 DE 16,0 MM - MONTAGEM. AF_12/2015","KG",6.03]
[92923,"ARMAÇÃO DE ESTRUTURAS DE CONCRETO ARMADO, EXCETO VIGAS, PILARES, LAJES E FUNDAÇÕES, UTILIZANDO AÇO CA-50 DE 20,0 MM - MONTAGEM. AF_12/2015","KG",5.45]
[92924,"ARMAÇÃO DE ESTRUTURAS DE CONCRETO ARMADO, EXCETO VIGAS, PILARES, LAJES E FUNDAÇÕES, UTILIZANDO AÇO CA-50 DE 25,0 MM - MONTAGEM. AF_12/2015","KG",5.82]
[95445,"CORTE E DOBRA DE AÇO CA-60, DIÂMETRO DE 5,0 MM, UTILIZADO EM ESTRIBO CONTÍNUO HELICOIDAL. AF_10/2016","KG",5]
[95446,"CORTE E DOBRA DE AÇO CA-50, DIÂMETRO DE 6,3 MM, UTILIZADO EM ESTRIBO CONTÍNUO HELICOIDAL. AF_10/2016","KG",5.08]
[95576,"MONTAGEM DE ARMADURA LONGITUDINAL/TRANSVERSAL DE ESTACAS DE SEÇÃO CIRCULAR, DIÂMETRO = 8,0 MM. AF_11/2016","KG",8.81]
[95577,"MONTAGEM DE ARMADURA LONGITUDINAL DE ESTACAS DE SEÇÃO CIRCULAR, DIÂMETRO = 10,0 MM. AF_11/2016","KG",7.26]
[95578,"MONTAGEM DE ARMADURA LONGITUDINAL/TRANSVERSAL DE ESTACAS DE SEÇÃO CIRCULAR, DIÂMETRO = 12,5 MM. AF_11/2016","KG",6.51]
[95579,"MONTAGEM DE ARMADURA LONGITUDINAL DE ESTACAS DE SEÇÃO CIRCULAR, DIÂMETRO = 16,0 MM. AF_11/2016","KG",6.08]
[95580,"MONTAGEM DE ARMADURA LONGITUDINAL DE ESTACAS DE SEÇÃO CIRCULAR, DIÂMETRO = 20,0 MM. AF_11/2016","KG",5.65]
[95581,"MONTAGEM DE ARMADURA LONGITUDINAL DE ESTACAS DE SEÇÃO CIRCULAR, DIÂMETRO = 25,0 MM. AF_11/2016","KG",6.12]
[95583,"MONTAGEM DE ARMADURA TRANSVERSAL DE ESTACAS DE SEÇÃO CIRCULAR, DIÂMETRO = 5,0 MM. AF_11/2016","KG",12.54]
[95584,"MONTAGEM DE ARMADURA TRANSVERSAL DE ESTACAS DE SEÇÃO CIRCULAR, DIÂMETRO = 6,3 MM. AF_11/2016","KG",9.86]
[95585,"MONTAGEM DE ARMADURA LONGITUDINAL/TRANSVERSAL DE ESTACAS DE SEÇÃO RETANGULAR (BARRETE), DIÂMETRO = 8,0 MM. AF_11/2016","KG",9.28]
[95586,"MONTAGEM DE ARMADURA LONGITUDINAL DE ESTACAS DE SEÇÃO RETANGULAR (BARRETE), DIÂMETRO = 10,0 MM. AF_11/2016","KG",7.61]
[95587,"MONTAGEM DE ARMADURA LONGITUDINAL/TRANSVERSAL DE ESTACAS DE SEÇÃO RETANGULAR (BARRETE), DIÂMETRO = 12,5 MM. AF_11/2016","KG",6.81]
[95588,"MONTAGEM DE ARMADURA LONGITUDINAL DE ESTACAS DE SEÇÃO RETANGULAR (BARRETE), DIÂMETRO = 16,0 MM. AF_11/2016","KG",6.32]
[95589,"MONTAGEM DE ARMADURA LONGITUDINAL DE ESTACAS DE SEÇÃO RETANGULAR (BARRETE), DIÂMETRO = 20,0 MM. AF_11/2016","KG",5.84]
[95590,"MONTAGEM DE ARMADURA LONGITUDINAL DE ESTACAS DE SEÇÃO RETANGULAR (BARRETE), DIÂMETRO = 25,0 MM. AF_11/2016","KG",6.29]
[95592,"MONTAGEM DE ARMADURA TRANSVERSAL DE ESTACAS DE SEÇÃO RETANGULAR (BARRETE), DIÂMETRO = 5,0 MM. AF_11/2016","KG",15.68]
[95593,"MONTAGEM DE ARMADURA TRANSVERSAL DE ESTACAS DE SEÇÃO RETANGULAR (BARRETE), DIÂMETRO = 6,3 MM. AF_11/2016","KG",11.7]
[95943,"ARMAÇÃO DE ESCADA, COM 2 LANCES, DE UMA ESTRUTURA CONVENCIONAL DE CONCRETO ARMADO UTILIZANDO AÇO CA-60 DE 5,0 MM - MONTAGEM. AF_01/2017","KG",16.6]
[95944,"ARMAÇÃO DE ESCADA, COM 2 LANCES, DE UMA ESTRUTURA CONVENCIONAL DE CONCRETO ARMADO UTILIZANDO AÇO CA-50 DE 6,3 MM - MONTAGEM. AF_01/2017","KG",14.24]
[95945,"ARMAÇÃO DE ESCADA, COM 2 LANCES, DE UMA ESTRUTURA CONVENCIONAL DE CONCRETO ARMADO UTILIZANDO AÇO CA-50 DE 8,0 MM - MONTAGEM. AF_01/2017","KG",11.3]
[95946,"ARMAÇÃO DE ESCADA, COM 2 LANCES, DE UMA ESTRUTURA CONVENCIONAL DE CONCRETO ARMADO UTILIZANDO AÇO CA-50 DE 10,0 MM - MONTAGEM. AF_01/2017","KG",8.02]
[95947,"ARMAÇÃO DE ESCADA, COM 2 LANCES, DE UMA ESTRUTURA CONVENCIONAL DE CONCRETO ARMADO UTILIZANDO AÇO CA-50 DE 12,5 MM - MONTAGEM. AF_01/2017","KG",6.24]
[95948,"ARMAÇÃO DE ESCADA, COM 2 LANCES, DE UMA ESTRUTURA CONVENCIONAL DE CONCRETO ARMADO UTILIZANDO AÇO CA-50 DE 16,0 MM - MONTAGEM. AF_01/2017","KG",5.18]
[96544,"ARMAÇÃO DE BLOCO, VIGA BALDRAME OU SAPATA UTILIZANDO AÇO CA-50 DE 6,3 MM - MONTAGEM. AF_06/2017","KG",11.14]
[96545,"ARMAÇÃO DE BLOCO, VIGA BALDRAME OU SAPATA UTILIZANDO AÇO CA-50 DE 8 MM - MONTAGEM. AF_06/2017","KG",10.23]
[96546,"ARMAÇÃO DE BLOCO, VIGA BALDRAME OU SAPATA UTILIZANDO AÇO CA-50 DE 10 MM - MONTAGEM. AF_06/2017","KG",8.27]
[96547,"ARMAÇÃO DE BLOCO, VIGA BALDRAME OU SAPATA UTILIZANDO AÇO CA-50 DE 12,5 MM - MONTAGEM. AF_06/2017","KG",7.19]
[96548,"ARMAÇÃO DE BLOCO, VIGA BALDRAME OU SAPATA UTILIZANDO AÇO CA-50 DE 16 MM - MONTAGEM. AF_06/2017","KG",6.53]
[96549,"ARMAÇÃO DE BLOCO, VIGA BALDRAME OU SAPATA UTILIZANDO AÇO CA-50 DE 20 MM - MONTAGEM. AF_06/2017","KG",5.89]
[96550,"ARMAÇÃO DE BLOCO, VIGA BALDRAME OU SAPATA UTILIZANDO AÇO CA-50 DE 25 MM - MONTAGEM. AF_06/2017","KG",6.24]
[40780,"REGULARIZAÇÃO DE SUPERFICIE DE CONCRETO APARENTE","M2",11.41]
["74157/4","LANCAMENTO/APLICACAO MANUAL DE CONCRETO EM FUNDACOES","M3",127.1]
[89993,"GRAUTEAMENTO VERTICAL EM ALVENARIA ESTRUTURAL. AF_01/2015","M3",665.96]
[89994,"GRAUTEAMENTO DE CINTA INTERMEDIÁRIA OU DE CONTRAVERGA EM ALVENARIA ESTRUTURAL. AF_01/2015","M3",538.46]
[89995,"GRAUTEAMENTO DE CINTA SUPERIOR OU DE VERGA EM ALVENARIA ESTRUTURAL. AF_01/2015","M3",633.35]
[90278,"GRAUTE FGK=15 MPA; TRAÇO 1:0,04:2,0:2,4 (CIMENTO/ CAL/ AREIA GROSSA/ BRITA 0) - PREPARO MECÂNICO COM BETONEIRA 400 L. AF_02/2015","M3",286.69]
[90279,"GRAUTE FGK=20 MPA; TRAÇO 1:0,04:1,6:1,9 (CIMENTO/ CAL/ AREIA GROSSA/ BRITA 0) - PREPARO MECÂNICO COM BETONEIRA 400 L. AF_02/2015","M3",298.75]
[90280,"GRAUTE FGK=25 MPA; TRAÇO 1:0,02:1,2:1,5 (CIMENTO/ CAL/ AREIA GROSSA/ BRITA 0) - PREPARO MECÂNICO COM BETONEIRA 400 L. AF_02/2015","M3",327.99]
[90281,"GRAUTE FGK=30 MPA; TRAÇO 1:0,02:0,8:1,1 (CIMENTO/ CAL/ AREIA GROSSA/ BRITA 0) - PREPARO MECÂNICO COM BETONEIRA 400 L. AF_02/2015","M3",365.88]
[90282,"GRAUTE FGK=15 MPA; TRAÇO 1:2,0:2,4 (CIMENTO/ AREIA GROSSA/ BRITA 0/ ADITIVO) - PREPARO MECÂNICO COM BETONEIRA 400 L. AF_02/2015","M3",290.01]
[90283,"GRAUTE FGK=20 MPA; TRAÇO 1:1,6:1,9 (CIMENTO/ AREIA GROSSA/ BRITA 0/ ADITIVO) - PREPARO MECÂNICO COM BETONEIRA 400 L. AF_02/2015","M3",302.98]
[90284,"GRAUTE FGK=25 MPA; TRAÇO 1:1,2:1,5 (CIMENTO/ AREIA GROSSA/ BRITA 0/ ADITIVO) - PREPARO MECÂNICO COM BETONEIRA 400 L. AF_02/2015","M3",333.77]
[90285,"GRAUTE FGK=30 MPA; TRAÇO 1:0,8:1,1 (CIMENTO/ AREIA GROSSA/ BRITA 0/ ADITIVO) - PREPARO MECÂNICO COM BETONEIRA 400 L. AF_02/2015","M3",374.03]
[90853,"CONCRETAGEM DE LAJES EM EDIFICAÇÕES UNIFAMILIARES FEITAS COM SISTEMA DE FÔRMAS MANUSEÁVEIS, COM CONCRETO USINADO BOMBEÁVEL FCK 20 MPA - LANÇAMENTO, ADENSAMENTO E ACABAMENTO. AF_06/2015","M3",375.44]
[90854,"CONCRETAGEM DE PAREDES EM EDIFICAÇÕES UNIFAMILIARES FEITAS COM SISTEMA DE FÔRMAS MANUSEÁVEIS, COM CONCRETO USINADO BOMBEÁVEL FCK 20 MPA - LANÇAMENTO, ADENSAMENTO E ACABAMENTO. AF_06/2015","M3",363.44]
[90855,"CONCRETAGEM DE PLATIBANDA EM EDIFICAÇÕES UNIFAMILIARES FEITAS COM SISTEMA DE FÔRMAS MANUSEÁVEIS, COM CONCRETO USINADO BOMBEÁVEL FCK 20 MPA - LANÇAMENTO, ADENSAMENTO E ACABAMENTO. AF_06/2015","M3",402.05]
[90856,"CONCRETAGEM DE LAJES EM EDIFICAÇÕES MULTIFAMILIARES FEITAS COM SISTEMA DE FÔRMAS MANUSEÁVEIS, COM CONCRETO USINADO BOMBEÁVEL FCK 20 MPA - LANÇAMENTO, ADENSAMENTO E ACABAMENTO. AF_06/2015","M3",379.8]
[90857,"CONCRETAGEM DE PAREDES EM EDIFICAÇÕES MULTIFAMILIARES FEITAS COM SISTEMA DE FÔRMAS MANUSEÁVEIS, COM CONCRETO USINADO BOMBEÁVEL FCK 20 MPA - LANÇAMENTO, ADENSAMENTO E ACABAMENTO. AF_06/2015","M3",366.32]
[90858,"CONCRETAGEM DE PLATIBANDA EM EDIFICAÇÕES MULTIFAMILIARES FEITAS COM SISTEMA DE FÔRMAS MANUSEÁVEIS, COM CONCRETO USINADO BOMBEÁVEL FCK 20 MPA - LANÇAMENTO, ADENSAMENTO E ACABAMENTO. AF_06/2015","M3",422.06]
[90859,"CONCRETAGEM DE PLATIBANDA EM EDIFICAÇÕES UNIFAMILIARES FEITAS COM SISTEMA DE FÔRMAS MANUSEÁVEIS, COM CONCRETO USINADO AUTOADENSÁVEL FCK 20 MPA - LANÇAMENTO E ACABAMENTO. AF_06/2015","M3",355.6]
[90860,"CONCRETAGEM DE PLATIBANDA EM EDIFICAÇÕES MULTIFAMILIARES FEITAS COM SISTEMA DE FÔRMAS MANUSEÁVEIS, COM CONCRETO USINADO AUTOADENSÁVEL FCK 20 MPA - LANÇAMENTO E ACABAMENTO. AF_06/2015","M3",361.65]
[90861,"CONCRETAGEM DE EDIFICAÇÕES (PAREDES E LAJES) FEITAS COM SISTEMA DE FÔRMAS MANUSEÁVEIS, COM CONCRETO USINADO BOMBEÁVEL FCK 20 MPA - LANÇAMENTO, ADENSAMENTO E ACABAMENTO. AF_06/2015","M3",369.86]
[90862,"CONCRETAGEM DE EDIFICAÇÕES (PAREDES E LAJES) FEITAS COM SISTEMA DE FÔRMAS MANUSEÁVEIS, COM CONCRETO USINADO AUTOADENSÁVEL FCK 20 MPA - LANÇAMENTO E ACABAMENTO. AF_06/2015","M3",332.96]
[92718,"CONCRETAGEM DE PILARES, FCK = 25 MPA,  COM USO DE BALDES EM EDIFICAÇÃO COM SEÇÃO MÉDIA DE PILARES MENOR OU IGUAL A 0,25 M² - LANÇAMENTO, ADENSAMENTO E ACABAMENTO. AF_12/2015","M3",485.04]
[92719,"CONCRETAGEM DE PILARES, FCK = 25 MPA, COM USO DE GRUA EM EDIFICAÇÃO COM SEÇÃO MÉDIA DE PILARES MENOR OU IGUAL A 0,25 M² - LANÇAMENTO, ADENSAMENTO E ACABAMENTO. AF_12/2015","M3",325.84]
[92720,"CONCRETAGEM DE PILARES, FCK = 25 MPA, COM USO DE BOMBA EM EDIFICAÇÃO COM SEÇÃO MÉDIA DE PILARES MENOR OU IGUAL A 0,25 M² - LANÇAMENTO, ADENSAMENTO E ACABAMENTO. AF_12/2015","M3",368.99]
[92721,"CONCRETAGEM DE PILARES, FCK = 25 MPA, COM USO DE GRUA EM EDIFICAÇÃO COM SEÇÃO MÉDIA DE PILARES MAIOR QUE 0,25 M² - LANÇAMENTO, ADENSAMENTO E ACABAMENTO. AF_12/2015","M3",316.11]
[92722,"CONCRETAGEM DE PILARES, FCK = 25 MPA, COM USO DE BOMBA EM EDIFICAÇÃO COM SEÇÃO MÉDIA DE PILARES MAIOR QUE 0,25 M² - LANÇAMENTO, ADENSAMENTO E ACABAMENTO. AF_12/2015","M3",364.95]
[92723,"CONCRETAGEM DE VIGAS E LAJES, FCK=20 MPA, PARA LAJES PREMOLDADAS COM USO DE BOMBA EM EDIFICAÇÃO COM ÁREA MÉDIA DE LAJES MENOR OU IGUAL A 20 M² - LANÇAMENTO, ADENSAMENTO E ACABAMENTO. AF_12/2015","M3",356.14]
[92724,"CONCRETAGEM DE VIGAS E LAJES, FCK=20 MPA, PARA LAJES PREMOLDADAS COM USO DE BOMBA EM EDIFICAÇÃO COM ÁREA MÉDIA DE LAJES MAIOR QUE 20 M² - LANÇAMENTO, ADENSAMENTO E ACABAMENTO. AF_12/2015","M3",352.59]
[92725,"CONCRETAGEM DE VIGAS E LAJES, FCK=20 MPA, PARA LAJES MACIÇAS OU NERVURADAS COM USO DE BOMBA EM EDIFICAÇÃO COM ÁREA MÉDIA DE LAJES MENOR OU IGUAL A 20 M² - LANÇAMENTO, ADENSAMENTO E ACABAMENTO. AF_12/2015","M3",351.09]
[92726,"CONCRETAGEM DE VIGAS E LAJES, FCK=20 MPA, PARA LAJES MACIÇAS OU NERVURADAS COM USO DE BOMBA EM EDIFICAÇÃO COM ÁREA MÉDIA DE LAJES MAIOR QUE 20 M² - LANÇAMENTO, ADENSAMENTO E ACABAMENTO. AF_12/2015","M3",348.57]
[92727,"CONCRETAGEM DE VIGAS E LAJES, FCK=20 MPA, PARA LAJES PREMOLDADAS COM JERICAS EM ELEVADOR DE CABO EM EDIFICAÇÃO DE MULTIPAVIMENTOS ATÉ 16 ANDARES, COM ÁREA MÉDIA DE LAJES MENOR OU IGUAL A 20 M² - LANÇAMENTO, ADENSAMENTO E ACABAMENTO. AF_12/2015","M3",416]
[92728,"CONCRETAGEM DE VIGAS E LAJES, FCK=20 MPA, PARA LAJES PREMOLDADAS COM JERICAS EM ELEVADOR DE CABO EM EDIFICAÇÃO DE MULTIPAVIMENTOS ATÉ 16 ANDARES, COM ÁREA MÉDIA DE LAJES MAIOR QUE 20 M² - LANÇAMENTO, ADENSAMENTO E ACABAMENTO. AF_12/2015","M3",390.56]
[92729,"CONCRETAGEM DE VIGAS E LAJES, FCK=20 MPA, PARA LAJES MACIÇAS OU NERVURADAS COM JERICAS EM ELEVADOR DE CABO EM EDIFICAÇÃO DE ATÉ 16 ANDARES, COM ÁREA MÉDIA DE LAJES MENOR OU IGUAL A 20 M² - LANÇAMENTO, ADENSAMENTO E ACABAMENTO. AF_12/2015","M3",379.77]
[92730,"CONCRETAGEM DE VIGAS E LAJES, FCK=20 MPA, PARA LAJES MACIÇAS OU NERVURADAS COM JERICAS EM ELEVADOR DE CABO EM EDIFICAÇÃO DE MULTIPAVIMENTOS ATÉ 16 ANDARES, COM ÁREA MÉDIA DE LAJES MAIOR QUE 20 M² - LANÇAMENTO, ADENSAMENTO E ACABAMENTO. AF_12/2015","M3",361.83]
[92731,"CONCRETAGEM DE VIGAS E LAJES, FCK=20 MPA, PARA LAJES PREMOLDADAS COM JERICAS EM CREMALHEIRA EM EDIFICAÇÃO DE MULTIPAVIMENTOS ATÉ 16 ANDARES, COM ÁREA MÉDIA DE LAJES MENOR OU IGUAL A 20 M² - LANÇAMENTO, ADENSAMENTO E ACABAMENTO. AF_12/2015","M3",382.7]
[92732,"CONCRETAGEM DE VIGAS E LAJES, FCK=20 MPA, PARA LAJES PREMOLDADAS COM JERICAS EM CREMALHEIRA EM EDIFICAÇÃO DE MULTIPAVIMENTOS ATÉ 16 ANDARES, COM ÁREA MÉDIA DE LAJES MAIOR QUE 20 M² - LANÇAMENTO, ADENSAMENTO E ACABAMENTO. AF_12/2015","M3",365.27]
[92733,"CONCRETAGEM DE VIGAS E LAJES, FCK=20 MPA, PARA LAJES MACIÇAS OU NERVURADAS COM JERICAS EM CREMALHEIRA EM EDIFICAÇÃO DE MULTIPAVIMENTOS ATÉ 16 ANDARES, COM ÁREA MÉDIA DE LAJES MENOR OU IGUAL A 20 M² - LANÇAMENTO, ADENSAMENTO E ACABAMENTO. AF_12/2015","M3",357.84]
[92734,"CONCRETAGEM DE VIGAS E LAJES, FCK=20 MPA, PARA LAJES MACIÇAS OU NERVURADAS COM JERICAS EM CREMALHEIRA EM EDIFICAÇÃO DE MULTIPAVIMENTOS ATÉ 16 ANDARES, COM ÁREA MÉDIA DE LAJES MAIOR QUE 20 M² - LANÇAMENTO, ADENSAMENTO E ACABAMENTO. AF_12/2015","M3",345.52]
[92735,"CONCRETAGEM DE VIGAS E LAJES, FCK=20 MPA, PARA LAJES PREMOLDADAS COM GRUA DE CAÇAMBA DE 350 L EM EDIFICAÇÃO DE MULTIPAVIMENTOS ATÉ 16 ANDARES, COM ÁREA MÉDIA DE LAJES MENOR OU IGUAL A 20 M² - LANÇAMENTO, ADENSAMENTO E ACABAMENTO. AF_12/2015","M3",352.45]
[92736,"CONCRETAGEM DE VIGAS E LAJES, FCK=20 MPA, PARA LAJES PREMOLDADAS COM GRUA DE CAÇAMBA DE 350 L EM EDIFICAÇÃO DE MULTIPAVIMENTOS ATÉ 16 ANDARES, COM ÁREA MÉDIA DE LAJES MAIOR QUE 20 M² - LANÇAMENTO, ADENSAMENTO E ACABAMENTO. AF_12/2015","M3",339.18]
[92739,"CONCRETAGEM DE VIGAS E LAJES, FCK=20 MPA, PARA LAJES MACIÇAS OU NERVURADAS COM GRUA DE CAÇAMBA DE 500 L EM EDIFICAÇÃO DE MULTIPAVIMENTOS ATÉ 16 ANDARES, COM ÁREA MÉDIA DE LAJES MENOR OU IGUAL A 20 M² - LANÇAMENTO, ADENSAMENTO E ACABAMENTO. AF_12/2015","M3",319.91]
[92740,"CONCRETAGEM DE VIGAS E LAJES, FCK=20 MPA, PARA LAJES MACIÇAS OU NERVURADAS COM GRUA DE CAÇAMBA DE 500 L EM EDIFICAÇÃO DE MULTIPAVIMENTOS ATÉ 16 ANDARES, COM ÁREA MÉDIA DE LAJES MAIOR QUE 20 M² - LANÇAMENTO, ADENSAMENTO E ACABAMENTO. AF_12/2015","M3",313.32]
[92741,"CONCRETAGEM DE VIGAS E LAJES, FCK=20 MPA, PARA QUALQUER TIPO DE LAJE COM BALDES EM EDIFICAÇÃO TÉRREA, COM ÁREA MÉDIA DE LAJES MENOR OU IGUAL A 20 M² - LANÇAMENTO, ADENSAMENTO E ACABAMENTO. AF_12/2015","M3",555.39]
[92742,"CONCRETAGEM DE VIGAS E LAJES, FCK=20 MPA, PARA QUALQUER TIPO DE LAJE COM BALDES EM EDIFICAÇÃO DE MULTIPAVIMENTOS ATÉ 04 ANDARES, COM ÁREA MÉDIA DE LAJES MENOR OU IGUAL A 20 M² - LANÇAMENTO, ADENSAMENTO E ACABAMENTO. AF_12/2015","M3",809.88]
[92873,"LANÇAMENTO COM USO DE BALDES, ADENSAMENTO E ACABAMENTO DE CONCRETO EM ESTRUTURAS. AF_12/2015","M3",196.82]
[92874,"LANÇAMENTO COM USO DE BOMBA, ADENSAMENTO E ACABAMENTO DE CONCRETO EM ESTRUTURAS. AF_12/2015","M3",32.64]
[94962,"CONCRETO MAGRO PARA LASTRO, TRAÇO 1:4,5:4,5 (CIMENTO/ AREIA MÉDIA/ BRITA 1)  - PREPARO MECÂNICO COM BETONEIRA 400 L. AF_07/2016","M3",248.41]
[94963,"CONCRETO FCK = 15MPA, TRAÇO 1:3,4:3,5 (CIMENTO/ AREIA MÉDIA/ BRITA 1)  - PREPARO MECÂNICO COM BETONEIRA 400 L. AF_07/2016","M3",268.11]
[94964,"CONCRETO FCK = 20MPA, TRAÇO 1:2,7:3 (CIMENTO/ AREIA MÉDIA/ BRITA 1)  - PREPARO MECÂNICO COM BETONEIRA 400 L. AF_07/2016","M3",292.87]
[94965,"CONCRETO FCK = 25MPA, TRAÇO 1:2,3:2,7 (CIMENTO/ AREIA MÉDIA/ BRITA 1)  - PREPARO MECÂNICO COM BETONEIRA 400 L. AF_07/2016","M3",300.45]
[94966,"CONCRETO FCK = 30MPA, TRAÇO 1:2,1:2,5 (CIMENTO/ AREIA MÉDIA/ BRITA 1)  - PREPARO MECÂNICO COM BETONEIRA 400 L. AF_07/2016","M3",309.7]
[94967,"CONCRETO FCK = 40MPA, TRAÇO 1:1,6:1,9 (CIMENTO/ AREIA MÉDIA/ BRITA 1)  - PREPARO MECÂNICO COM BETONEIRA 400 L. AF_07/2016","M3",350.88]
[94968,"CONCRETO MAGRO PARA LASTRO, TRAÇO 1:4,5:4,5 (CIMENTO/ AREIA MÉDIA/ BRITA 1)  - PREPARO MECÂNICO COM BETONEIRA 600 L. AF_07/2016","M3",240.56]
[94969,"CONCRETO FCK = 15MPA, TRAÇO 1:3,4:3,5 (CIMENTO/ AREIA MÉDIA/ BRITA 1)  - PREPARO MECÂNICO COM BETONEIRA 600 L. AF_07/2016","M3",261.29]
[94970,"CONCRETO FCK = 20MPA, TRAÇO 1:2,7:3 (CIMENTO/ AREIA MÉDIA/ BRITA 1)  - PREPARO MECÂNICO COM BETONEIRA 600 L. AF_07/2016","M3",280.16]
[94971,"CONCRETO FCK = 25MPA, TRAÇO 1:2,3:2,7 (CIMENTO/ AREIA MÉDIA/ BRITA 1)  - PREPARO MECÂNICO COM BETONEIRA 600 L. AF_07/2016","M3",293.27]
[94972,"CONCRETO FCK = 30MPA, TRAÇO 1:2,1:2,5 (CIMENTO/ AREIA MÉDIA/ BRITA 1)  - PREPARO MECÂNICO COM BETONEIRA 600 L. AF_07/2016","M3",304.75]
[94973,"CONCRETO FCK = 40MPA, TRAÇO 1:1,6:1,9 (CIMENTO/ AREIA MÉDIA/ BRITA 1)  - PREPARO MECÂNICO COM BETONEIRA 600 L. AF_07/2016","M3",341.74]
[94974,"CONCRETO MAGRO PARA LASTRO, TRAÇO 1:4,5:4,5 (CIMENTO/ AREIA MÉDIA/ BRITA 1)  - PREPARO MANUAL. AF_07/2016","M3",370.11]
[94975,"CONCRETO FCK = 15MPA, TRAÇO 1:3,4:3,5 (CIMENTO/ AREIA MÉDIA/ BRITA 1)  - PREPARO MANUAL. AF_07/2016","M3",388.72]
[96555,"CONCRETAGEM DE BLOCOS DE COROAMENTO E VIGAS BALDRAME, FCK 30 MPA, COM USO DE JERICA \u0096 LANÇAMENTO, ADENSAMENTO E ACABAMENTO. AF_06/2017","M3",456.16]
[96556,"CONCRETAGEM DE SAPATAS, FCK 30 MPA, COM USO DE JERICA \u0096 LANÇAMENTO, ADENSAMENTO E ACABAMENTO. AF_06/2017","M3",533.75]
[96557,"CONCRETAGEM DE BLOCOS DE COROAMENTO E VIGAS BALDRAMES, FCK 30 MPA, COM USO DE BOMBA \u0096 LANÇAMENTO, ADENSAMENTO E ACABAMENTO. AF_06/2017","M3",381.9]
[96558,"CONCRETAGEM DE SAPATAS, FCK 30 MPA, COM USO DE BOMBA \u0096 LANÇAMENTO, ADENSAMENTO E ACABAMENTO. AF_11/2016","M3",388.88]
[99235,"CONCRETAGEM DE EDIFICAÇÕES (PAREDES E LAJES) FEITAS COM SISTEMA DE FÔRMAS MANUSEÁVEIS, COM CONCRETO USINADO AUTOADENSÁVEL FCK 25 MPA - LANÇAMENTO E ACABAMENTO. AF_06/2015","M3",344.15]
[99431,"CONCRETAGEM DE LAJES EM EDIFICAÇÕES UNIFAMILIARES FEITAS COM SISTEMA DE FÔRMAS MANUSEÁVEIS, COM CONCRETO USINADO BOMBEÁVEL FCK 25 MPA - LANÇAMENTO, ADENSAMENTO E ACABAMENTO (EXCLUSIVE BOMBA LANÇA). AF_06/2015","M3",411.23]
[99432,"CONCRETAGEM DE PAREDES EM EDIFICAÇÕES UNIFAMILIARES FEITAS COM SISTEMA DE FÔRMAS MANUSEÁVEIS, COM CONCRETO USINADO BOMBEÁVEL FCK 25 MPA - LANÇAMENTO, ADENSAMENTO E ACABAMENTO (EXCLUSIVE BOMBA LANÇA). AF_06/2015","M3",385.52]
[99433,"CONCRETAGEM DE PLATIBANDA EM EDIFICAÇÕES UNIFAMILIARES FEITAS COM SISTEMA DE FÔRMAS MANUSEÁVEIS, COM CONCRETO USINADO BOMBEÁVEL FCK 25 MPA, - LANÇAMENTO, ADENSAMENTO E ACABAMENTO (EXCLUSIVE BOMBA LANÇA). AF_06/2015","M3",439.14]
[99434,"CONCRETAGEM DE LAJES EM EDIFICAÇÕES MULTIFAMILIARES FEITAS COM SISTEMA DE FÔRMAS MANUSEÁVEIS, COM CONCRETO USINADO BOMBEÁVEL FCK 25 MPA - LANÇAMENTO, ADENSAMENTO E ACABAMENTO (EXCLUSIVE BOMBA LANÇA). AF_06/2015","M3",415.59]
[99435,"CONCRETAGEM DE PAREDES EM EDIFICAÇÕES MULTIFAMILIARES FEITAS COM SISTEMA DE FÔRMAS MANUSEÁVEIS, COM CONCRETO USINADO BOMBEÁVEL FCK 25 MPA - LANÇAMENTO, ADENSAMENTO E ACABAMENTO (EXCLUSIVE BOMBA LANÇA). AF_06/2015","M3",401.15]
[99436,"CONCRETAGEM DE PLATIBANDA EM EDIFICAÇÕES MULTIFAMILIARES FEITAS COM SISTEMA DE FÔRMAS MANUSEÁVEIS, COM CONCRETO USINADO BOMBEÁVEL FCK 25 MPA - LANÇAMENTO, ADENSAMENTO E ACABAMENTO (EXCLUSIVE BOMBA LANÇA). AF_06/2015","M3",459.15]
[99437,"CONCRETAGEM DE PLATIBANDA EM EDIFICAÇÕES UNIFAMILIARES FEITAS COM SISTEMA DE FÔRMAS MANUSEÁVEIS, COM CONCRETO USINADO AUTOADENSÁVEL FCK 25 MPA - LANÇAMENTO E ACABAMENTO. AF_06/2015","M3",367.41]
[99438,"CONCRETAGEM DE PLATIBANDA EM EDIFICAÇÕES MULTIFAMILIARES FEITAS COM SISTEMA DE FÔRMAS MANUSEÁVEIS, COM CONCRETO USINADO AUTOADENSÁVEL FCK 25 MPA - LANÇAMENTO E ACABAMENTO. AF_06/2015","M3",373.46]
[99439,"CONCRETAGEM DE EDIFICAÇÕES (PAREDES E LAJES) FEITAS COM SISTEMA DE FÔRMAS MANUSEÁVEIS, COM CONCRETO USINADO BOMBEÁVEL FCK 25 MPA - LANÇAMENTO, ADENSAMENTO E ACABAMENTO (EXCLUSIVE BOMBA LANÇA). AF_06/2015","M3",405.01]
["74141/1","LAJE PRE-MOLD BETA 11 P/1KN/M2 VAOS 4,40M/INCL VIGOTAS TIJOLOS ARMADURA NEGATIVA CAPEAMENTO 3CM CONCRETO 20MPA ESCORAMENTO MATERIAL E MAO  DE OBRA.","M2",74.48]
["74141/2","LAJE PRE-MOLD BETA 12 P/3,5KN/M2 VAO 4,1M INCL VIGOTAS TIJOLOS ARMADU-RA NEGATIVA CAPEAMENTO 3CM CONCRETO 15MPA ESCORAMENTO MATERIAIS E MAO DE OBRA.","M2",82.46]
["74141/3","LAJE PRE-MOLD BETA 16 P/3,5KN/M2 VAO 5,2M INCL VIGOTAS TIJOLOS ARMADU-RA NEGATIVA CAPEAMENTO 3CM CONCRETO 15MPA ESCORAMENTO MATERIAL E MAO  DE OBRA.","M2",97.71]
["74141/4","LAJE PRE-MOLD BETA 20 P/3,5KN/M2 VAO 6,2M INCL VIGOTAS TIJOLOS ARMADU-RA NEGATIVA CAPEAMENTO 3CM CONCRETO 15MPA ESCORAMENTO MATERIAL E MAO  DE OBRA.","M2",111.04]
["74202/1","LAJE PRE-MOLDADA P/FORRO, SOBRECARGA 100KG/M2, VAOS ATE 3,50M/E=8CM, C/LAJOTAS E CAP.C/CONC FCK=20MPA, 3CM, INTER-EIXO 38CM, C/ESCORAMENTO (REAPR.3X) E FERRAGEM NEGATIVA","M2",66.18]
["74202/2","LAJE PRE-MOLDADA P/PISO, SOBRECARGA 200KG/M2, VAOS ATE 3,50M/E=8CM, C/LAJOTAS E CAP.C/CONC FCK=20MPA, 4CM, INTER-EIXO 38CM, C/ESCORAMENTO (REAPR.3X) E FERRAGEM NEGATIVA","M2",73.14]
["73817/1","EMBASAMENTO DE MATERIAL GRANULAR - PO DE PEDRA","M3",90.91]
["73817/2","EMBASAMENTO DE MATERIAL GRANULAR - RACHAO","M3",123.44]
["74078/1","AGULHAMENTO FUNDO DE VALAS C/MACO 30KG PEDRA-DE-MAO H=10CM","M2",35.17]
[83518,"ALVENARIA EMBASAMENTO E=20 CM BLOCO CONCRETO","M3",329.24]
[95467,"EMBASAMENTO C/PEDRA ARGAMASSADA UTILIZANDO ARG.CIM/AREIA 1:4","M3",422.9]
[68328,"JUNTA DE DILATACAO COM ISOPOR 10 MM","M2",15.44]
["73898/1","JUNTA DE DILATACAO ELASTICA (PVC) O-220/6 PRESSAO ATE 30 MCA","M",99.53]
[79471,"PINTURA ADESIVA P/ CONCRETO, A BASE DE RESINA EPOXI ( SIKADUR 32 )","KG",65.93]
[98576,"TRATAMENTO DE JUNTA DE DILATAÇÃO COM MANTA ASFÁLTICA ADERIDA COM MAÇARICO. AF_06/2018","M",14.28]
[93182,"VERGA PRÉ-MOLDADA PARA JANELAS COM ATÉ 1,5 M DE VÃO. AF_03/2016","M",24.9]
[93183,"VERGA PRÉ-MOLDADA PARA JANELAS COM MAIS DE 1,5 M DE VÃO. AF_03/2016","M",31.08]
[93184,"VERGA PRÉ-MOLDADA PARA PORTAS COM ATÉ 1,5 M DE VÃO. AF_03/2016","M",19.6]
[93185,"VERGA PRÉ-MOLDADA PARA PORTAS COM MAIS DE 1,5 M DE VÃO. AF_03/2016","M",30.49]
[93186,"VERGA MOLDADA IN LOCO EM CONCRETO PARA JANELAS COM ATÉ 1,5 M DE VÃO. AF_03/2016","M",45.77]
[93187,"VERGA MOLDADA IN LOCO EM CONCRETO PARA JANELAS COM MAIS DE 1,5 M DE VÃO. AF_03/2016","M",51.63]
[93188,"VERGA MOLDADA IN LOCO EM CONCRETO PARA PORTAS COM ATÉ 1,5 M DE VÃO. AF_03/2016","M",43.63]
[93189,"VERGA MOLDADA IN LOCO EM CONCRETO PARA PORTAS COM MAIS DE 1,5 M DE VÃO. AF_03/2016","M",51.9]
[93190,"VERGA MOLDADA IN LOCO COM UTILIZAÇÃO DE BLOCOS CANALETA PARA JANELAS COM ATÉ 1,5 M DE VÃO. AF_03/2016","M",28.68]
[93191,"VERGA MOLDADA IN LOCO COM UTILIZAÇÃO DE BLOCOS CANALETA PARA JANELAS COM MAIS DE 1,5 M DE VÃO. AF_03/2016","M",29.7]
[93192,"VERGA MOLDADA IN LOCO COM UTILIZAÇÃO DE BLOCOS CANALETA PARA PORTAS COM ATÉ 1,5 M DE VÃO. AF_03/2016","M",31.38]
[93193,"VERGA MOLDADA IN LOCO COM UTILIZAÇÃO DE BLOCOS CANALETA PARA PORTAS COM MAIS DE 1,5 M DE VÃO. AF_03/2016","M",30.03]
[93194,"CONTRAVERGA PRÉ-MOLDADA PARA VÃOS DE ATÉ 1,5 M DE COMPRIMENTO. AF_03/2016","M",24.52]
[93195,"CONTRAVERGA PRÉ-MOLDADA PARA VÃOS DE MAIS DE 1,5 M DE COMPRIMENTO. AF_03/2016","M",28.8]
[93196,"CONTRAVERGA MOLDADA IN LOCO EM CONCRETO PARA VÃOS DE ATÉ 1,5 M DE COMPRIMENTO. AF_03/2016","M",44.44]
[93197,"CONTRAVERGA MOLDADA IN LOCO EM CONCRETO PARA VÃOS DE MAIS DE 1,5 M DE COMPRIMENTO. AF_03/2016","M",48.78]
[93198,"CONTRAVERGA MOLDADA IN LOCO COM UTILIZAÇÃO DE BLOCOS CANALETA PARA VÃOS DE ATÉ 1,5 M DE COMPRIMENTO. AF_03/2016","M",25.94]
[93199,"CONTRAVERGA MOLDADA IN LOCO COM UTILIZAÇÃO DE BLOCOS CANALETA PARA VÃOS DE MAIS DE 1,5 M DE COMPRIMENTO. AF_03/2016","M",25.39]
[93200,"FIXAÇÃO (ENCUNHAMENTO) DE ALVENARIA DE VEDAÇÃO COM ARGAMASSA APLICADA COM BISNAGA. AF_03/2016","M",2.52]
[93201,"FIXAÇÃO (ENCUNHAMENTO) DE ALVENARIA DE VEDAÇÃO COM ARGAMASSA APLICADA COM COLHER. AF_03/2016","M",5.51]
[93202,"FIXAÇÃO (ENCUNHAMENTO) DE ALVENARIA DE VEDAÇÃO COM TIJOLO MACIÇO. AF_03/2016","M",19.6]
[93203,"FIXAÇÃO (ENCUNHAMENTO) DE ALVENARIA DE VEDAÇÃO COM ESPUMA DE POLIURETANO EXPANSIVA. AF_03/2016","M",12.01]
[93204,"CINTA DE AMARRAÇÃO DE ALVENARIA MOLDADA IN LOCO EM CONCRETO. AF_03/2016","M",35.57]
[93205,"CINTA DE AMARRAÇÃO DE ALVENARIA MOLDADA IN LOCO COM UTILIZAÇÃO DE BLOCOS CANALETA. AF_03/2016","M",23.56]
[71623,"CHAPIM DE CONCRETO APARENTE COM ACABAMENTO DESEMPENADO, FORMA DE COMPENSADO PLASTIFICADO (MADEIRIT) DE 14 X 10 CM, FUNDIDO NO LOCAL.","M",29.43]
["74144/2","SUPORTE APOIO CAIXA D AGUA BARROTES MADEIRA DE 1","UN",18.64]
[83513,"FORNECIMENTO DE PERFIL SIMPLES \"I\" OU \"H\" ATE 8\" INCLUSIVE PERDAS","KG",7.52]
[83514,"FORNECIMENTO DE PERFIL SIMPLES \"I\" OU \"H\" 8 A 12\" INCLUSIVE PERDAS","KG",6.42]
[84153,"APARELHO DE APOIO NEOPRENE NAO FRETADO (1,4KG/DM3)","KG",48.3]
[84154,"APARELHO APOIO NEOPRENE FRETADO","DM3",97.76]
[85233,"ESCADA EM CONCRETO ARMADO, FCK = 15 MPA, MOLDADA IN LOCO","M3",2454.3]
[95952,"(COMPOSIÇÃO REPRESENTATIVA) EXECUÇÃO DE ESTRUTURAS DE CONCRETO ARMADO CONVENCIONAL, PARA EDIFICAÇÃO HABITACIONAL MULTIFAMILIAR (PRÉDIO), FCK = 25 MPA. AF_01/2017","M3",1439.08]
[95953,"(COMPOSIÇÃO REPRESENTATIVA) EXECUÇÃO DE ESTRUTURAS DE CONCRETO ARMADO, PARA EDIFICAÇÃO HABITACIONAL UNIFAMILIAR COM DOIS PAVIMENTOS (CASA ISOLADA), FCK = 25 MPA. AF_01/2017","M3",2465.38]
[95954,"(COMPOSIÇÃO REPRESENTATIVA) EXECUÇÃO DE ESTRUTURAS DE CONCRETO ARMADO, PARA EDIFICAÇÃO HABITACIONAL UNIFAMILIAR COM DOIS PAVIMENTOS (CASA EM EMPREENDIMENTOS), FCK = 25 MPA. AF_01/2017","M3",1708.6]
[95955,"(COMPOSIÇÃO REPRESENTATIVA) EXECUÇÃO DE ESTRUTURAS DE CONCRETO ARMADO, PARA EDIFICAÇÃO HABITACIONAL UNIFAMILIAR TÉRREA (CASA ISOLADA), FCK = 25 MPA. AF_01/2017","M3",2157.66]
[95956,"(COMPOSIÇÃO REPRESENTATIVA) EXECUÇÃO DE ESTRUTURAS DE CONCRETO ARMADO, PARA EDIFICAÇÃO HABITACIONAL UNIFAMILIAR TÉRREA (CASA EM EMPREENDIMENTOS), FCK = 25 MPA. AF_01/2017","M3",1656.9]
[95957,"(COMPOSIÇÃO REPRESENTATIVA) EXECUÇÃO DE ESTRUTURAS DE CONCRETO ARMADO, PARA EDIFICAÇÃO INSTITUCIONAL TÉRREA, FCK = 25 MPA. AF_01/2017","M3",2091.41]
[95969,"(COMPOSIÇÃO REPRESENTATIVA) EXECUÇÃO DE ESCADA EM CONCRETO ARMADO, MOLDADA IN LOCO, FCK = 25 MPA. AF_02/2017","M3",2103.25]
[97733,"PEÇA RETANGULAR PRÉ-MOLDADA, VOLUME DE CONCRETO DE ATÉ 10 LITROS, TAXA DE AÇO APROXIMADA DE 30KG/M³. AF_01/2018","M3",2729.83]
[97734,"PEÇA RETANGULAR PRÉ-MOLDADA, VOLUME DE CONCRETO DE 10 A 30 LITROS, TAXA DE AÇO APROXIMADA DE 30KG/M³. AF_01/2018","M3",2377.22]
[97735,"PEÇA RETANGULAR PRÉ-MOLDADA, VOLUME DE CONCRETO DE 30 A 100 LITROS, TAXA DE AÇO APROXIMADA DE 30KG/M³. AF_01/2018","M3",1924.52]
[97736,"PEÇA RETANGULAR PRÉ-MOLDADA, VOLUME DE CONCRETO ACIMA DE 100 LITROS, TAXA DE AÇO APROXIMADA DE 30KG/M³. AF_01/2018","M3",1089.7]
[97737,"PEÇA RETANGULAR PRÉ-MOLDADA, VOLUME DE CONCRETO DE 30 A 70 LITROS , TAXA DE AÇO APROXIMADA DE 70KG/M³. AF_01/2018","M3",2625.02]
[97738,"PEÇA CIRCULAR PRÉ-MOLDADA, VOLUME DE CONCRETO DE 10 A 30 LITROS, TAXA DE FIBRA DE POLIPROPILENO APROXIMADA DE 6 KG/M³. AF_01/2018_P","M3",3634.05]
[97739,"PEÇA CIRCULAR PRÉ-MOLDADA, VOLUME DE CONCRETO DE 30 A 100 LITROS, TAXA DE AÇO APROXIMADA DE 30KG/M³. AF_01/2018","M3",2182.04]
[97740,"PEÇA CIRCULAR PRÉ-MOLDADA, VOLUME DE CONCRETO ACIMA DE 100 LITROS, TAXA DE AÇO APROXIMADA DE 30KG/M³. AF_01/2018","M3",1462.42]
[98615,"CONTENÇÃO EM CORTINA COM ESTACAS ESPAÇADAS COM 30 CM DE DIÂMETRO E PROFUNDIDADE MENOR OU IGUAL A 10 M. AF_06/2018","M2",81.4]
[98616,"CONTENÇÃO EM CORTINA COM ESTACAS ESPAÇADAS COM 30 CM DE DIÂMETRO E PROFUNDIDADE MAIOR QUE 10 M E MENOR OU IGUAL A 15 M. AF_06/2018","M2",63.33]
[98617,"CONTENÇÃO EM CORTINA COM ESTACAS ESPAÇADAS COM 30 CM DE DIÂMETRO E PROFUNDIDADE MAIOR QUE 15 M. AF_06/2018","M2",57.94]
[98618,"CONTENÇÃO EM CORTINA COM ESTACAS ESPAÇADAS COM 40 CM DE DIÂMETRO E PROFUNDIDADE MENOR OU IGUAL A 10 M. AF_06/2018","M2",79.89]
[98619,"CONTENÇÃO EM CORTINA COM ESTACAS ESPAÇADAS COM 40 CM DE DIÂMETRO E PROFUNDIDADE MAIOR QUE 10 M E MENOR OU IGUAL A 15 M. AF_06/2018","M2",71.74]
[98620,"CONTENÇÃO EM CORTINA COM ESTACAS ESPAÇADAS COM 40 CM DE DIÂMETRO E PROFUNDIDADE MAIOR QUE 15 M. AF_06/2018","M2",67.62]
[98621,"CONTENÇÃO EM CORTINA COM ESTACAS ESPAÇADAS COM 50 CM DE DIÂMETRO E PROFUNDIDADE MENOR OU IGUAL A 10 M. AF_06/2018","M2",89.22]
[98622,"CONTENÇÃO EM CORTINA COM ESTACAS ESPAÇADAS COM 50 CM DE DIÂMETRO E PROFUNDIDADE MAIOR QUE 10 M E MENOR OU IGUAL A 15 M. AF_06/2018","M2",82.67]
[98623,"CONTENÇÃO EM CORTINA COM ESTACAS ESPAÇADAS COM 50 CM DE DIÂMETRO E PROFUNDIDADE MAIOR QUE 15 M. AF_06/2018","M2",79.33]
[98624,"CONTENÇÃO EM CORTINA COM ESTACAS ESPAÇADAS COM 60 CM DE DIÂMETRO E PROFUNDIDADE MENOR OU IGUAL A 10 M. AF_06/2018","M2",99.77]
[98625,"CONTENÇÃO EM CORTINA COM ESTACAS ESPAÇADAS COM 60 CM DE DIÂMETRO E PROFUNDIDADE MAIOR QUE 10 M E MENOR OU IGUAL A 15 M. AF_06/2018","M2",94.25]
[98626,"CONTENÇÃO EM CORTINA COM ESTACAS ESPAÇADAS COM 60 CM DE DIÂMETRO E PROFUNDIDADE MAIOR QUE 15 M. AF_06/2018","M2",91.41]
[98655,"EXECUÇÃO DE MURETA GUIA PARA CONTENÇÃO/ FUNDAÇÃO COM 30 CM DE ESPESSURA. AF_06/2018","M",421.77]
[98656,"EXECUÇÃO DE MURETA GUIA PARA CONTENÇÃO/ FUNDAÇÃO COM 40 CM DE ESPESSURA. AF_06/2018","M",427.91]
[98657,"EXECUÇÃO DE MURETA GUIA PARA CONTENÇÃO/ FUNDAÇÃO COM 50 CM DE ESPESSURA. AF_06/2018","M",434.05]
[98658,"EXECUÇÃO DE MURETA GUIA PARA CONTENÇÃO/ FUNDAÇÃO COM 60 CM DE ESPESSURA. AF_06/2018","M",440.19]
[98659,"EXECUÇÃO DE MURETA GUIA PARA CONTENÇÃO/ FUNDAÇÃO COM 80 CM DE ESPESSURA. AF_06/2018","M",452.47]
[98746,"SOLDA DE TOPO EM CHAPA/PERFIL/TUBO DE AÇO CHANFRADO, ESPESSURA=1/4''. AF_06/2018","M",56.63]
[98749,"SOLDA DE TOPO EM CHAPA/PERFIL/TUBO DE AÇO CHANFRADO, ESPESSURA=5/16''. AF_06/2018","M",66.27]
[98750,"SOLDA DE TOPO EM CHAPA/PERFIL/TUBO DE AÇO CHANFRADO, ESPESSURA=3/8''. AF_06/2018","M",77.78]
[98751,"SOLDA DE TOPO EM CHAPA/PERFIL/TUBO DE AÇO CHANFRADO, ESPESSURA=1/2''. AF_06/2018","M",107.79]
[98752,"SOLDA DE TOPO EM CHAPA/PERFIL/TUBO DE AÇO CHANFRADO, ESPESSURA=5/8''. AF_06/2018","M",143.74]
[98753,"SOLDA DE TOPO EM CHAPA/PERFIL/TUBO DE AÇO CHANFRADO, ESPESSURA=3/4''. AF_06/2018","M",188.24]
[98560,"IMPERMEABILIZAÇÃO DE PISO COM ARGAMASSA DE CIMENTO E AREIA, COM ADITIVO IMPERMEABILIZANTE, E = 2CM. AF_06/2018","M2",39.11]
[98561,"IMPERMEABILIZAÇÃO DE PAREDES COM ARGAMASSA DE CIMENTO E AREIA, COM ADITIVO IMPERMEABILIZANTE, E = 2CM. AF_06/2018","M2",33.88]
[98562,"IMPERMEABILIZAÇÃO DE FLOREIRA OU VIGA BALDRAME COM ARGAMASSA DE CIMENTO E AREIA, COM ADITIVO IMPERMEABILIZANTE, E = 2 CM. AF_06/2018","M2",33.73]
[83735,"IMPERMEABILIZACAO DE SUPERFICIE COM CIMENTO IMPERMEABILIZANTE DE PEGA ULTRA RAPIDA, TRACO 1:1, E=0,5 CM","M2",63.32]
[98555,"IMPERMEABILIZAÇÃO DE SUPERFÍCIE COM IMPERMEABILIZANTE SEMI-FLEXIVEL (MAI), 3 DEMÃOS. AF_06/2018","M2",32.36]
[98556,"IMPERMEABILIZAÇÃO DE SUPERFÍCIE COM IMPERMEABILIZANTE SEMI-FLEXIVEL, 4 DEMÃOS, REFORÇADO COM VÉU DE POLIÉSTER (MAV). AF_06/2018","M2",53.89]
[98558,"TRATAMENTO DE RALO OU PONTO EMERGENTE COM IMPERMEABILIZANTE SEMI-FLEXÍVEL REFORÇADO COM VEU DE POLIÉSTER (MAV). AF_06/2018","UN",8.21]
[98559,"TRATAMENTO DE RODAPÉ COM VÉU DE POLIÉSTER. AF_06/2018","M",3.49]
[68053,"FORNECIMENTO/INSTALACAO LONA PLASTICA PRETA, PARA IMPERMEABILIZACAO, ESPESSURA 150 MICRAS.","M2",5.74]
["74033/1","IMPERMEABILIZACAO DE SUPERFICIE COM GEOMEMBRANA (MANTA TERMOPLASTICA LISA) TIPO PEAD, E=2MM.","M2",47.15]
[98546,"IMPERMEABILIZAÇÃO DE SUPERFÍCIE COM MANTA ASFÁLTICA, UMA CAMADA, INCLUSIVE APLICAÇÃO DE PRIMER ASFÁLTICO, E=3MM. AF_06/2018","M2",74.94]
[98547,"IMPERMEABILIZAÇÃO DE SUPERFÍCIE COM MANTA ASFÁLTICA, DUAS CAMADAS, INCLUSIVE APLICAÇÃO DE PRIMER ASFÁLTICO, E=3MM E E=4MM. AF_06/2018","M2",136.7]
["73762/4","IMPERMEABILIZACAO DE SUPERFICIE COM ASFALTO ELASTOMERICO, INCLUSOS PRIMER E VEU DE FIBRA DE VIDRO.","M2",144.74]
["74066/2","IMPERMEABILIZACAO DE SUPERFICIE, COM IMPERMEABILIZANTE FLEXIVEL A BASE ACRILICA.","M2",87.95]
["74106/1","IMPERMEABILIZACAO DE ESTRUTURAS ENTERRADAS, COM TINTA ASFALTICA, DUAS DEMAOS.","M2",10.54]
[98557,"IMPERMEABILIZAÇÃO DE SUPERFÍCIE COM EMULSÃO ASFÁLTICA, 2 DEMÃOS AF_06/2018","M2",28.93]
["73872/1","IMPERMEABILIZACAO COM PINTURA A BASE DE RESINA EPOXI ALCATRAO, UMA DEMAO.","M2",32.04]
["73872/2","IMPERMEABILIZACAO COM PINTURA A BASE DE RESINA EPOXI ALCATRAO, DUAS DEMAOS.","M2",62.36]
[72124,"IMPERMEABILIZACAO DE SUPERFICIE COM MASTIQUE ELASTICO A BASE DE SILICONE, POR VOLUME.","DM3",112.15]
["74025/1","IMPERMEABILIZACAO DE SUPERFICIE COM MASTIQUE BETUMINOSO A FRIO, POR METRO.","M",51.05]
["74190/1","IMPERMEABILIZACAO DE SUPERFICIE COM MASTIQUE BETUMINOSO A FRIO, POR AREA.","M2",169.37]
[98563,"PROTEÇÃO MECÂNICA DE SUPERFÍCIE HORIZONTAL COM ARGAMASSA DE CIMENTO E AREIA, TRAÇO 1:3, E=2CM. AF_06/2018","M2",26.19]
[98564,"PROTEÇÃO MECÂNICA DE SUPERFÍCIE VERTICAL COM ARGAMASSA DE CIMENTO E AREIA, TRAÇO 1:3, E=2CM. AF_06/2018","M2",37.87]
[98565,"PROTEÇÃO MECÂNICA DE SUPERFICIE HORIZONTAL COM ARGAMASSA DE CIMENTO E AREIA, TRAÇO 1:3, E=3CM. AF_06/2018","M2",38.14]
[98566,"PROTEÇÃO MECÂNICA DE SUPERFÍCIE VERTICAL COM ARGAMASSA DE CIMENTO E AREIA, TRAÇO 1:3, E=3CM. AF_06/2018","M2",49.79]
[98567,"PROTEÇÃO MECÂNICA DE SUPERFICIE HORIZONTAL COM ARGAMASSA DE CIMENTO E AREIA, TRAÇO 1:3, E=4CM. AF_06/2018","M2",49.58]
[98568,"PROTEÇÃO MECÂNICA DE SUPERFÍCIE VERTICAL COM ARGAMASSA DE CIMENTO E AREIA, TRAÇO 1:3, E=4CM. AF_06/2018","M2",61.23]
[98569,"PROTEÇÃO MECÂNICA DE SUPERFICIE HORIZONTAL COM ARGAMASSA DE CIMENTO E AREIA, TRAÇO 1:3, E=5CM. AF_06/2018","M2",61.51]
[98570,"PROTEÇÃO MECÂNICA DE SUPERFÍCIE VERTICAL COM ARGAMASSA DE CIMENTO E AREIA, TRAÇO 1:3, E=5CM. AF_06/2018","M2",73.19]
[98571,"PROTEÇÃO MECÂNICA DE SUPERFICIE HORIZONTAL COM CONCRETO 15 MPA, E=4CM. AF_06/2018","M2",30.44]
[98572,"PROTEÇÃO MECÂNICA DE SUPERFICIE HORIZONTAL COM CONCRETO 15 MPA, E=5CM. AF_06/2018","M2",37.71]
[98573,"PROTEÇÃO MECÂNICA DE SUPERFÍCIE VERTICAL COM CONCRETO 15 MPA, E=5CM. AF_06/2018","M2",49]
["73798/1","DUTO ESPIRAL FLEXIVEL SINGELO PEAD D=50MM(2\") REVESTIDO COM PVC COM FIO GUIA DE ACO GALVANIZADO, LANCADO DIRETO NO SOLO, INCL CONEXOES","M",25.43]
["73798/3","DUTO ESPIRAL FLEXIVEL SINGELO PEAD D=75MM(3\") REVESTIDO COM PVC COM FIO GUIA DE ACO GALVANIZADO, LANCADO DIRETO NO SOLO, INCL CONEXOES","M",39.93]
[91831,"ELETRODUTO FLEXÍVEL CORRUGADO, PVC, DN 20 MM (1/2\"), PARA CIRCUITOS TERMINAIS, INSTALADO EM FORRO - FORNECIMENTO E INSTALAÇÃO. AF_12/2015","M",6.25]
[91834,"ELETRODUTO FLEXÍVEL CORRUGADO, PVC, DN 25 MM (3/4\"), PARA CIRCUITOS TERMINAIS, INSTALADO EM FORRO - FORNECIMENTO E INSTALAÇÃO. AF_12/2015","M",7.04]
[91836,"ELETRODUTO FLEXÍVEL CORRUGADO, PVC, DN 32 MM (1\"), PARA CIRCUITOS TERMINAIS, INSTALADO EM FORRO - FORNECIMENTO E INSTALAÇÃO. AF_12/2015","M",9.21]
[91842,"ELETRODUTO FLEXÍVEL CORRUGADO, PVC, DN 20 MM (1/2\"), PARA CIRCUITOS TERMINAIS, INSTALADO EM LAJE - FORNECIMENTO E INSTALAÇÃO. AF_12/2015","M",4.81]
[91844,"ELETRODUTO FLEXÍVEL CORRUGADO, PVC, DN 25 MM (3/4\"), PARA CIRCUITOS TERMINAIS, INSTALADO EM LAJE - FORNECIMENTO E INSTALAÇÃO. AF_12/2015","M",5.59]
[91846,"ELETRODUTO FLEXÍVEL CORRUGADO, PVC, DN 32 MM (1\"), PARA CIRCUITOS TERMINAIS, INSTALADO EM LAJE - FORNECIMENTO E INSTALAÇÃO. AF_12/2015","M",7.76]
[91852,"ELETRODUTO FLEXÍVEL CORRUGADO, PVC, DN 20 MM (1/2\"), PARA CIRCUITOS TERMINAIS, INSTALADO EM PAREDE - FORNECIMENTO E INSTALAÇÃO. AF_12/2015","M",7.12]
[91854,"ELETRODUTO FLEXÍVEL CORRUGADO, PVC, DN 25 MM (3/4\"), PARA CIRCUITOS TERMINAIS, INSTALADO EM PAREDE - FORNECIMENTO E INSTALAÇÃO. AF_12/2015","M",7.9]
[91856,"ELETRODUTO FLEXÍVEL CORRUGADO, PVC, DN 32 MM (1\"), PARA CIRCUITOS TERMINAIS, INSTALADO EM PAREDE - FORNECIMENTO E INSTALAÇÃO. AF_12/2015","M",9.97]
[91862,"ELETRODUTO RÍGIDO ROSCÁVEL, PVC, DN 20 MM (1/2\"), PARA CIRCUITOS TERMINAIS, INSTALADO EM FORRO - FORNECIMENTO E INSTALAÇÃO. AF_12/2015","M",7.58]
[91863,"ELETRODUTO RÍGIDO ROSCÁVEL, PVC, DN 25 MM (3/4\"), PARA CIRCUITOS TERMINAIS, INSTALADO EM FORRO - FORNECIMENTO E INSTALAÇÃO. AF_12/2015","M",8.95]
[91864,"ELETRODUTO RÍGIDO ROSCÁVEL, PVC, DN 32 MM (1\"), PARA CIRCUITOS TERMINAIS, INSTALADO EM FORRO - FORNECIMENTO E INSTALAÇÃO. AF_12/2015","M",11.79]
[91865,"ELETRODUTO RÍGIDO ROSCÁVEL, PVC, DN 40 MM (1 1/4\"), PARA CIRCUITOS TERMINAIS, INSTALADO EM FORRO - FORNECIMENTO E INSTALAÇÃO. AF_12/2015","M",14.68]
[91866,"ELETRODUTO RÍGIDO ROSCÁVEL, PVC, DN 20 MM (1/2\"), PARA CIRCUITOS TERMINAIS, INSTALADO EM LAJE - FORNECIMENTO E INSTALAÇÃO. AF_12/2015","M",6.26]
[91867,"ELETRODUTO RÍGIDO ROSCÁVEL, PVC, DN 25 MM (3/4\"), PARA CIRCUITOS TERMINAIS, INSTALADO EM LAJE - FORNECIMENTO E INSTALAÇÃO. AF_12/2015","M",7.64]
[91868,"ELETRODUTO RÍGIDO ROSCÁVEL, PVC, DN 32 MM (1\"), PARA CIRCUITOS TERMINAIS, INSTALADO EM LAJE - FORNECIMENTO E INSTALAÇÃO. AF_12/2015","M",10.48]
[91869,"ELETRODUTO RÍGIDO ROSCÁVEL, PVC, DN 40 MM (1 1/4\"), PARA CIRCUITOS TERMINAIS, INSTALADO EM LAJE - FORNECIMENTO E INSTALAÇÃO. AF_12/2015","M",13.37]
[91870,"ELETRODUTO RÍGIDO ROSCÁVEL, PVC, DN 20 MM (1/2\"), PARA CIRCUITOS TERMINAIS, INSTALADO EM PAREDE - FORNECIMENTO E INSTALAÇÃO. AF_12/2015","M",9.15]
[91871,"ELETRODUTO RÍGIDO ROSCÁVEL, PVC, DN 25 MM (3/4\"), PARA CIRCUITOS TERMINAIS, INSTALADO EM PAREDE - FORNECIMENTO E INSTALAÇÃO. AF_12/2015","M",10.55]
[91872,"ELETRODUTO RÍGIDO ROSCÁVEL, PVC, DN 32 MM (1\"), PARA CIRCUITOS TERMINAIS, INSTALADO EM PAREDE - FORNECIMENTO E INSTALAÇÃO. AF_12/2015","M",13.41]
[91873,"ELETRODUTO RÍGIDO ROSCÁVEL, PVC, DN 40 MM (1 1/4\"), PARA CIRCUITOS TERMINAIS, INSTALADO EM PAREDE - FORNECIMENTO E INSTALAÇÃO. AF_12/2015","M",16.24]
[93008,"ELETRODUTO RÍGIDO ROSCÁVEL, PVC, DN 50 MM (1 1/2\") - FORNECIMENTO E INSTALAÇÃO. AF_12/2015","M",12.79]
[93009,"ELETRODUTO RÍGIDO ROSCÁVEL, PVC, DN 60 MM (2\") - FORNECIMENTO E INSTALAÇÃO. AF_12/2015","M",18.57]
[93010,"ELETRODUTO RÍGIDO ROSCÁVEL, PVC, DN 75 MM (2 1/2\") - FORNECIMENTO E INSTALAÇÃO. AF_12/2015","M",25.62]
[93011,"ELETRODUTO RÍGIDO ROSCÁVEL, PVC, DN 85 MM (3\") - FORNECIMENTO E INSTALAÇÃO. AF_12/2015","M",31.17]
[93012,"ELETRODUTO RÍGIDO ROSCÁVEL, PVC, DN 110 MM (4\") - FORNECIMENTO E INSTALAÇÃO. AF_12/2015","M",46.68]
[95726,"ELETRODUTO RÍGIDO SOLDÁVEL, PVC, DN 20 MM (½\u0092\u0092), APARENTE, INSTALADO EM TETO - FORNECIMENTO E INSTALAÇÃO. AF_11/2016_P","M",5.06]
[95727,"ELETRODUTO RÍGIDO SOLDÁVEL, PVC, DN 25 MM (3/4\u0092\u0092), APARENTE, INSTALADO EM TETO - FORNECIMENTO E INSTALAÇÃO. AF_11/2016_P","M",5.81]
[95728,"ELETRODUTO RÍGIDO SOLDÁVEL, PVC, DN 32 MM (1\u0092\u0092), APARENTE, INSTALADO EM TETO - FORNECIMENTO E INSTALAÇÃO. AF_11/2016_P","M",7.36]
[95729,"ELETRODUTO RÍGIDO SOLDÁVEL, PVC, DN 20 MM (½\u0092\u0092), APARENTE, INSTALADO EM PAREDE - FORNECIMENTO E INSTALAÇÃO. AF_11/2016_P","M",6.9]
[95730,"ELETRODUTO RÍGIDO SOLDÁVEL, PVC, DN 25 MM (3/4\u0092\u0092), APARENTE, INSTALADO EM PAREDE - FORNECIMENTO E INSTALAÇÃO. AF_11/2016_P","M",7.65]
[95731,"ELETRODUTO RÍGIDO SOLDÁVEL, PVC, DN 32 MM (1\u0092\u0092), APARENTE, INSTALADO EM PAREDE - FORNECIMENTO E INSTALAÇÃO. AF_11/2016_P","M",9.2]
[95732,"LUVA PARA ELETRODUTO, PVC, SOLDÁVEL, DN 20 MM (1/2\u0092\u0092), APARENTE, INSTALADA EM TETO - FORNECIMENTO E INSTALAÇÃO. AF_11/2016_P","UN",3.6]
[95745,"ELETRODUTO DE AÇO GALVANIZADO, CLASSE LEVE, DN 20 MM (3/4\u0092\u0092), APARENTE, INSTALADO EM TETO - FORNECIMENTO E INSTALAÇÃO. AF_11/2016_P","M",16.19]
[95746,"ELETRODUTO DE AÇO GALVANIZADO, CLASSE LEVE, DN 25 MM (1\u0092\u0092), APARENTE, INSTALADO EM TETO - FORNECIMENTO E INSTALAÇÃO. AF_11/2016_P","M",20.1]
[95747,"ELETRODUTO DE AÇO GALVANIZADO, CLASSE SEMI PESADO, DN 32 MM (1 1/4\u0092\u0092), APARENTE, INSTALADO EM TETO - FORNECIMENTO E INSTALAÇÃO. AF_11/2016_P","M",32.55]
[95748,"ELETRODUTO DE AÇO GALVANIZADO, CLASSE SEMI PESADO, DN 40 MM (1 1/2 ), APARENTE, INSTALADO EM TETO - FORNECIMENTO E INSTALAÇÃO. AF_11/2016_P","M",35.54]
[95749,"ELETRODUTO DE AÇO GALVANIZADO, CLASSE LEVE, DN 20 MM (3/4\u0092\u0092), APARENTE, INSTALADO EM PAREDE - FORNECIMENTO E INSTALAÇÃO. AF_11/2016_P","M",22.18]
[95750,"ELETRODUTO DE AÇO GALVANIZADO, CLASSE LEVE, DN 25 MM (1\u0092\u0092), APARENTE, INSTALADO EM PAREDE - FORNECIMENTO E INSTALAÇÃO. AF_11/2016_P","M",25.95]
[95751,"ELETRODUTO DE AÇO GALVANIZADO, CLASSE SEMI PESADO, DN 32 MM (1 1/4\u0092\u0092), APARENTE, INSTALADO EM PAREDE - FORNECIMENTO E INSTALAÇÃO. AF_11/2016_P","M",38.21]
[95752,"ELETRODUTO DE AÇO GALVANIZADO, CLASSE SEMI PESADO, DN 40 MM (1 1/2  ), APARENTE, INSTALADO EM PAREDE - FORNECIMENTO E INSTALAÇÃO. AF_11/2016_P","M",40.99]
[72263,"TERMINAL OU CONECTOR DE PRESSAO - PARA CABO 50MM2 - FORNECIMENTO E INSTALACAO","UN",23.1]
[72271,"CONECTOR PARAFUSO FENDIDO \u0094SPLIT-BOLT\u0094 - PARA CABO DE 16MM2 - FORNECIMENTO E INSTALACAO","UN",13.34]
[72272,"CONECTOR PARAFUSO FENDIDO \u0094SPLIT-BOLT\u0094 - PARA CABO DE 35MM2 - FORNECIMENTO E INSTALACAO","UN",14.83]
["73782/2","TERMINAL METALICO A PRESSAO PARA 1 CABO DE 50 MM2 - FORNECIMENTO E INSTALACAO","UN",40.59]
["73782/3","TERMINAL METALICO A PRESSAO PARA 1 CABO DE 95 MM2 - FORNECIMENTO E INSTALACAO","UN",62.72]
["73782/4","TERMINAL A PRESSAO REFORCADO PARA CONEXAO DE CABO DE COBRE A BARRA, CABO 150 E 185MM2 - FORNECIMENTO E INSTALACAO","UN",142.72]
["73782/5","TERMINAL METALICO A PRESSAO P/ 1 CABO DE COBRE DE 25 MM2 COM 1 FURO DE FIXAÇÃO - FORNECIMENTO E INSTALACAO","UN",25.02]
[83377,"CONECTOR DE PARAFUSO FENDIDO EM LIGA DE COBRE COM SEPARADOR DE CABOS PARA CABO 50 MM2 - FORNECIMENTO E INSTALACAO","UN",11.69]
[91874,"LUVA PARA ELETRODUTO, PVC, ROSCÁVEL, DN 20 MM (1/2\"), PARA CIRCUITOS TERMINAIS, INSTALADA EM FORRO - FORNECIMENTO E INSTALAÇÃO. AF_12/2015","UN",4.18]
[91875,"LUVA PARA ELETRODUTO, PVC, ROSCÁVEL, DN 25 MM (3/4\"), PARA CIRCUITOS TERMINAIS, INSTALADA EM FORRO - FORNECIMENTO E INSTALAÇÃO. AF_12/2015","UN",5.49]
[91876,"LUVA PARA ELETRODUTO, PVC, ROSCÁVEL, DN 32 MM (1\"), PARA CIRCUITOS TERMINAIS, INSTALADA EM FORRO - FORNECIMENTO E INSTALAÇÃO. AF_12/2015","UN",7.22]
[91877,"LUVA PARA ELETRODUTO, PVC, ROSCÁVEL, DN 40 MM (1 1/4\"), PARA CIRCUITOS TERMINAIS, INSTALADA EM FORRO - FORNECIMENTO E INSTALAÇÃO. AF_12/2015","UN",9.5]
[91878,"LUVA PARA ELETRODUTO, PVC, ROSCÁVEL, DN 20 MM (1/2\"), PARA CIRCUITOS TERMINAIS, INSTALADA EM LAJE - FORNECIMENTO E INSTALAÇÃO. AF_12/2015","UN",5.43]
[91879,"LUVA PARA ELETRODUTO, PVC, ROSCÁVEL, DN 25 MM (3/4\"), PARA CIRCUITOS TERMINAIS, INSTALADA EM LAJE - FORNECIMENTO E INSTALAÇÃO. AF_12/2015","UN",6.71]
[91880,"LUVA PARA ELETRODUTO, PVC, ROSCÁVEL, DN 32 MM (1\"), PARA CIRCUITOS TERMINAIS, INSTALADA EM LAJE - FORNECIMENTO E INSTALAÇÃO. AF_12/2015","UN",8.48]
[91881,"LUVA PARA ELETRODUTO, PVC, ROSCÁVEL, DN 40 MM (1 1/4\"), PARA CIRCUITOS TERMINAIS, INSTALADA EM LAJE - FORNECIMENTO E INSTALAÇÃO. AF_12/2015","UN",10.75]
[91882,"LUVA PARA ELETRODUTO, PVC, ROSCÁVEL, DN 20 MM (1/2\"), PARA CIRCUITOS TERMINAIS, INSTALADA EM PAREDE - FORNECIMENTO E INSTALAÇÃO. AF_12/2015","UN",6.77]
[91884,"LUVA PARA ELETRODUTO, PVC, ROSCÁVEL, DN 25 MM (3/4\"), PARA CIRCUITOS TERMINAIS, INSTALADA EM PAREDE - FORNECIMENTO E INSTALAÇÃO. AF_12/2015","UN",7.74]
[91885,"LUVA PARA ELETRODUTO, PVC, ROSCÁVEL, DN 32 MM (1\"), PARA CIRCUITOS TERMINAIS, INSTALADA EM PAREDE - FORNECIMENTO E INSTALAÇÃO. AF_12/2015","UN",9.08]
[91886,"LUVA PARA ELETRODUTO, PVC, ROSCÁVEL, DN 40 MM (1 1/4\"), PARA CIRCUITOS TERMINAIS, INSTALADA EM PAREDE - FORNECIMENTO E INSTALAÇÃO. AF_12/2015","UN",10.88]
[91887,"CURVA 90 GRAUS PARA ELETRODUTO, PVC, ROSCÁVEL, DN 20 MM (1/2\"), PARA CIRCUITOS TERMINAIS, INSTALADA EM FORRO - FORNECIMENTO E INSTALAÇÃO. AF_12/2015","UN",7.39]
[91889,"CURVA 180 GRAUS PARA ELETRODUTO, PVC, ROSCÁVEL, DN 20 MM (1/2\"), PARA CIRCUITOS TERMINAIS, INSTALADA EM FORRO - FORNECIMENTO E INSTALAÇÃO. AF_12/2015","UN",7.17]
[91890,"CURVA 90 GRAUS PARA ELETRODUTO, PVC, ROSCÁVEL, DN 25 MM (3/4\"), PARA CIRCUITOS TERMINAIS, INSTALADA EM FORRO - FORNECIMENTO E INSTALAÇÃO. AF_12/2015","UN",8.92]
[91892,"CURVA 180 GRAUS PARA ELETRODUTO, PVC, ROSCÁVEL, DN 25 MM (3/4\"), PARA CIRCUITOS TERMINAIS, INSTALADA EM FORRO - FORNECIMENTO E INSTALAÇÃO. AF_12/2015","UN",10.37]
[91893,"CURVA 90 GRAUS PARA ELETRODUTO, PVC, ROSCÁVEL, DN 32 MM (1\"), PARA CIRCUITOS TERMINAIS, INSTALADA EM FORRO - FORNECIMENTO E INSTALAÇÃO. AF_12/2015","UN",12.08]
[91896,"CURVA 90 GRAUS PARA ELETRODUTO, PVC, ROSCÁVEL, DN 40 MM (1 1/4\"), PARA CIRCUITOS TERMINAIS, INSTALADA EM FORRO - FORNECIMENTO E INSTALAÇÃO. AF_12/2015","UN",14.85]
[91898,"CURVA 180 GRAUS PARA ELETRODUTO, PVC, ROSCÁVEL, DN 40 MM (1 1/4\"), PARA CIRCUITOS TERMINAIS, INSTALADA EM FORRO - FORNECIMENTO E INSTALAÇÃO. AF_12/2015","UN",16.42]
[91899,"CURVA 90 GRAUS PARA ELETRODUTO, PVC, ROSCÁVEL, DN 20 MM (1/2\"), PARA CIRCUITOS TERMINAIS, INSTALADA EM LAJE - FORNECIMENTO E INSTALAÇÃO. AF_12/2015","UN",9.2]
[91901,"CURVA 180 GRAUS PARA ELETRODUTO, PVC, ROSCÁVEL, DN 20 MM (1/2\"), PARA CIRCUITOS TERMINAIS, INSTALADA EM LAJE - FORNECIMENTO E INSTALAÇÃO. AF_12/2015","UN",8.98]
[91902,"CURVA 90 GRAUS PARA ELETRODUTO, PVC, ROSCÁVEL, DN 25 MM (3/4\"), PARA CIRCUITOS TERMINAIS, INSTALADA EM LAJE - FORNECIMENTO E INSTALAÇÃO. AF_12/2015","UN",10.74]
[91904,"CURVA 180 GRAUS PARA ELETRODUTO, PVC, ROSCÁVEL, DN 25 MM (3/4\"), PARA CIRCUITOS TERMINAIS, INSTALADA EM LAJE - FORNECIMENTO E INSTALAÇÃO. AF_12/2015","UN",12.19]
[91905,"CURVA 90 GRAUS PARA ELETRODUTO, PVC, ROSCÁVEL, DN 32 MM (1\"), PARA CIRCUITOS TERMINAIS, INSTALADA EM LAJE - FORNECIMENTO E INSTALAÇÃO. AF_12/2015","UN",13.9]
[91908,"CURVA 90 GRAUS PARA ELETRODUTO, PVC, ROSCÁVEL, DN 40 MM (1 1/4\"), PARA CIRCUITOS TERMINAIS, INSTALADA EM LAJE - FORNECIMENTO E INSTALAÇÃO. AF_12/2015","UN",16.71]
[91910,"CURVA 180 GRAUS PARA ELETRODUTO, PVC, ROSCÁVEL, DN 40 MM (1 1/4\"), PARA CIRCUITOS TERMINAIS, INSTALADA EM LAJE - FORNECIMENTO E INSTALAÇÃO. AF_12/2015","UN",18.28]
[91911,"CURVA 90 GRAUS PARA ELETRODUTO, PVC, ROSCÁVEL, DN 20 MM (1/2\"), PARA CIRCUITOS TERMINAIS, INSTALADA EM PAREDE - FORNECIMENTO E INSTALAÇÃO. AF_12/2015","UN",11.28]
[91913,"CURVA 180 GRAUS PARA ELETRODUTO, PVC, ROSCÁVEL, DN 20 MM (1/2\"), PARA CIRCUITOS TERMINAIS, INSTALADA EM PAREDE - FORNECIMENTO E INSTALAÇÃO. AF_12/2015","UN",11.06]
[91914,"CURVA 90 GRAUS PARA ELETRODUTO, PVC, ROSCÁVEL, DN 25 MM (3/4\"), PARA CIRCUITOS TERMINAIS, INSTALADA EM PAREDE - FORNECIMENTO E INSTALAÇÃO. AF_12/2015","UN",12.35]
[91916,"CURVA 180 GRAUS PARA ELETRODUTO, PVC, ROSCÁVEL, DN 25 MM (3/4\"), PARA CIRCUITOS TERMINAIS, INSTALADA EM PAREDE - FORNECIMENTO E INSTALAÇÃO. AF_12/2015","UN",13.8]
[91917,"CURVA 90 GRAUS PARA ELETRODUTO, PVC, ROSCÁVEL, DN 32 MM (1\"), PARA CIRCUITOS TERMINAIS, INSTALADA EM PAREDE - FORNECIMENTO E INSTALAÇÃO. AF_12/2015","UN",14.85]
[91920,"CURVA 90 GRAUS PARA ELETRODUTO, PVC, ROSCÁVEL, DN 40 MM (1 1/4\"), PARA CIRCUITOS TERMINAIS, INSTALADA EM PAREDE - FORNECIMENTO E INSTALAÇÃO. AF_12/2015","UN",16.93]
[91922,"CURVA 180 GRAUS PARA ELETRODUTO, PVC, ROSCÁVEL, DN 40 MM (1 1/4\"), PARA CIRCUITOS TERMINAIS, INSTALADA EM PAREDE - FORNECIMENTO E INSTALAÇÃO. AF_12/2015","UN",18.5]
[93013,"LUVA PARA ELETRODUTO, PVC, ROSCÁVEL, DN 50 MM (1 1/2\") - FORNECIMENTO E INSTALAÇÃO. AF_12/2015","UN",12.28]
[93014,"LUVA PARA ELETRODUTO, PVC, ROSCÁVEL, DN 60 MM (2\") - FORNECIMENTO E INSTALAÇÃO. AF_12/2015","UN",14.93]
[93015,"LUVA PARA ELETRODUTO, PVC, ROSCÁVEL, DN 75 MM (2 1/2\") - FORNECIMENTO E INSTALAÇÃO. AF_12/2015","UN",21.7]
[93016,"LUVA PARA ELETRODUTO, PVC, ROSCÁVEL, DN 85 MM (3\") - FORNECIMENTO E INSTALAÇÃO. AF_12/2015","UN",26.04]
[93017,"LUVA PARA ELETRODUTO, PVC, ROSCÁVEL, DN 110 MM (4\") - FORNECIMENTO E INSTALAÇÃO. AF_12/2015","UN",38.21]
[93018,"CURVA 90 GRAUS PARA ELETRODUTO, PVC, ROSCÁVEL, DN 50 MM (1 1/2\") - FORNECIMENTO E INSTALAÇÃO. AF_12/2015","UN",18.7]
[93020,"CURVA 90 GRAUS PARA ELETRODUTO, PVC, ROSCÁVEL, DN 60 MM (2\") - FORNECIMENTO E INSTALAÇÃO. AF_12/2015","UN",23.51]
[93022,"CURVA 90 GRAUS PARA ELETRODUTO, PVC, ROSCÁVEL, DN 75 MM (2 1/2\") - FORNECIMENTO E INSTALAÇÃO. AF_12/2015","UN",37.32]
[93024,"CURVA 90 GRAUS PARA ELETRODUTO, PVC, ROSCÁVEL, DN 85 MM (3\") - FORNECIMENTO E INSTALAÇÃO. AF_12/2015","UN",39.5]
[93026,"CURVA 90 GRAUS PARA ELETRODUTO, PVC, ROSCÁVEL, DN 110 MM (4\") - FORNECIMENTO E INSTALAÇÃO. AF_12/2015","UN",62.45]
[95733,"LUVA PARA ELETRODUTO, PVC, SOLDÁVEL, DN 25 MM (3/4\u0092\u0092), APARENTE, INSTALADA EM TETO - FORNECIMENTO E INSTALAÇÃO. AF_11/2016_P","UN",4.69]
[95734,"LUVA PARA ELETRODUTO, PVC, SOLDÁVEL, DN 32 MM (1\u0092\u0092), APARENTE, INSTALADA EM TETO - FORNECIMENTO E INSTALAÇÃO. AF_11/2016_P","UN",6.23]
[95735,"LUVA PARA ELETRODUTO, PVC, SOLDÁVEL, DN 20 MM (1/2\u0092\u0092), APARENTE, INSTALADA EM PAREDE - FORNECIMENTO E INSTALAÇÃO. AF_11/2016_P","UN",5.52]
[95736,"LUVA PARA ELETRODUTO, PVC, SOLDÁVEL, DN 25 MM (3/4\u0092\u0092), APARENTE, INSTALADA EM PAREDE - FORNECIMENTO E INSTALAÇÃO. AF_11/2016_P","UN",6.38]
[95738,"LUVA PARA ELETRODUTO, PVC, SOLDÁVEL, DN 32 MM (1\u0092\u0092), APARENTE, INSTALADA EM PAREDE - FORNECIMENTO E INSTALAÇÃO. AF_11/2016_P","UN",7.61]
[95753,"LUVA DE EMENDA PARA ELETRODUTO, AÇO GALVANIZADO, DN 20 MM (3/4  ), APARENTE, INSTALADA EM TETO - FORNECIMENTO E INSTALAÇÃO. AF_11/2016_P","UN",6.05]
[95754,"LUVA DE EMENDA PARA ELETRODUTO, AÇO GALVANIZADO, DN 25 MM (1''), APARENTE, INSTALADA EM TETO - FORNECIMENTO E INSTALAÇÃO. AF_11/2016_P","UN",7.57]
[95755,"LUVA DE EMENDA PARA ELETRODUTO, AÇO GALVANIZADO, DN 32 MM (1 1/4''), APARENTE, INSTALADA EM TETO - FORNECIMENTO E INSTALAÇÃO. AF_11/2016_P","UN",10.7]
[95756,"LUVA DE EMENDA PARA ELETRODUTO, AÇO GALVANIZADO, DN 40 MM (1 1/2''), APARENTE, INSTALADA EM TETO - FORNECIMENTO E INSTALAÇÃO. AF_11/2016_P","UN",14.12]
[95757,"LUVA DE EMENDA PARA ELETRODUTO, AÇO GALVANIZADO, DN 20 MM (3/4''), APARENTE, INSTALADA EM PAREDE - FORNECIMENTO E INSTALAÇÃO. AF_11/2016_P","UN",9.37]
[95758,"LUVA DE EMENDA PARA ELETRODUTO, AÇO GALVANIZADO, DN 25 MM (1''), APARENTE, INSTALADA EM PAREDE - FORNECIMENTO E INSTALAÇÃO. AF_11/2016_P","UN",10.51]
[95759,"LUVA DE EMENDA PARA ELETRODUTO, AÇO GALVANIZADO, DN 32 MM (1 1/4''), APARENTE, INSTALADA EM PAREDE - FORNECIMENTO E INSTALAÇÃO. AF_11/2016_P","UN",13.09]
[95760,"LUVA DE EMENDA PARA ELETRODUTO, AÇO GALVANIZADO, DN 40 MM (1 1/2''), APARENTE, INSTALADA EM PAREDE - FORNECIMENTO E INSTALAÇÃO. AF_11/2016_P","UN",15.87]
[91924,"CABO DE COBRE FLEXÍVEL ISOLADO, 1,5 MM², ANTI-CHAMA 450/750 V, PARA CIRCUITOS TERMINAIS - FORNECIMENTO E INSTALAÇÃO. AF_12/2015","M",2.05]
[91925,"CABO DE COBRE FLEXÍVEL ISOLADO, 1,5 MM², ANTI-CHAMA 0,6/1,0 KV, PARA CIRCUITOS TERMINAIS - FORNECIMENTO E INSTALAÇÃO. AF_12/2015","M",2.8]
[91926,"CABO DE COBRE FLEXÍVEL ISOLADO, 2,5 MM², ANTI-CHAMA 450/750 V, PARA CIRCUITOS TERMINAIS - FORNECIMENTO E INSTALAÇÃO. AF_12/2015","M",2.95]
[91927,"CABO DE COBRE FLEXÍVEL ISOLADO, 2,5 MM², ANTI-CHAMA 0,6/1,0 KV, PARA CIRCUITOS TERMINAIS - FORNECIMENTO E INSTALAÇÃO. AF_12/2015","M",3.74]
[91928,"CABO DE COBRE FLEXÍVEL ISOLADO, 4 MM², ANTI-CHAMA 450/750 V, PARA CIRCUITOS TERMINAIS - FORNECIMENTO E INSTALAÇÃO. AF_12/2015","M",4.64]
[91929,"CABO DE COBRE FLEXÍVEL ISOLADO, 4 MM², ANTI-CHAMA 0,6/1,0 KV, PARA CIRCUITOS TERMINAIS - FORNECIMENTO E INSTALAÇÃO. AF_12/2015","M",5.2]
[91930,"CABO DE COBRE FLEXÍVEL ISOLADO, 6 MM², ANTI-CHAMA 450/750 V, PARA CIRCUITOS TERMINAIS - FORNECIMENTO E INSTALAÇÃO. AF_12/2015","M",6.33]
[91931,"CABO DE COBRE FLEXÍVEL ISOLADO, 6 MM², ANTI-CHAMA 0,6/1,0 KV, PARA CIRCUITOS TERMINAIS - FORNECIMENTO E INSTALAÇÃO. AF_12/2015","M",6.99]
[91932,"CABO DE COBRE FLEXÍVEL ISOLADO, 10 MM², ANTI-CHAMA 450/750 V, PARA CIRCUITOS TERMINAIS - FORNECIMENTO E INSTALAÇÃO. AF_12/2015","M",10.28]
[91933,"CABO DE COBRE FLEXÍVEL ISOLADO, 10 MM², ANTI-CHAMA 0,6/1,0 KV, PARA CIRCUITOS TERMINAIS - FORNECIMENTO E INSTALAÇÃO. AF_12/2015","M",10.9]
[91934,"CABO DE COBRE FLEXÍVEL ISOLADO, 16 MM², ANTI-CHAMA 450/750 V, PARA CIRCUITOS TERMINAIS - FORNECIMENTO E INSTALAÇÃO. AF_12/2015","M",15.66]
[91935,"CABO DE COBRE FLEXÍVEL ISOLADO, 16 MM², ANTI-CHAMA 0,6/1,0 KV, PARA CIRCUITOS TERMINAIS - FORNECIMENTO E INSTALAÇÃO. AF_12/2015","M",16.56]
[92979,"CABO DE COBRE FLEXÍVEL ISOLADO, 10 MM², ANTI-CHAMA 450/750 V, PARA DISTRIBUIÇÃO - FORNECIMENTO E INSTALAÇÃO. AF_12/2015","M",6.39]
[92980,"CABO DE COBRE FLEXÍVEL ISOLADO, 10 MM², ANTI-CHAMA 0,6/1,0 KV, PARA DISTRIBUIÇÃO - FORNECIMENTO E INSTALAÇÃO. AF_12/2015","M",6.93]
[92981,"CABO DE COBRE FLEXÍVEL ISOLADO, 16 MM², ANTI-CHAMA 450/750 V, PARA DISTRIBUIÇÃO - FORNECIMENTO E INSTALAÇÃO. AF_12/2015","M",9.79]
[92982,"CABO DE COBRE FLEXÍVEL ISOLADO, 16 MM², ANTI-CHAMA 0,6/1,0 KV, PARA DISTRIBUIÇÃO - FORNECIMENTO E INSTALAÇÃO. AF_12/2015","M",10.57]
[92983,"CABO DE COBRE FLEXÍVEL ISOLADO, 25 MM², ANTI-CHAMA 450/750 V, PARA DISTRIBUIÇÃO - FORNECIMENTO E INSTALAÇÃO. AF_12/2015","M",17.38]
[92984,"CABO DE COBRE FLEXÍVEL ISOLADO, 25 MM², ANTI-CHAMA 0,6/1,0 KV, PARA DISTRIBUIÇÃO - FORNECIMENTO E INSTALAÇÃO. AF_12/2015","M",17.81]
[92985,"CABO DE COBRE FLEXÍVEL ISOLADO, 35 MM², ANTI-CHAMA 450/750 V, PARA DISTRIBUIÇÃO - FORNECIMENTO E INSTALAÇÃO. AF_12/2015","M",23.22]
[92986,"CABO DE COBRE FLEXÍVEL ISOLADO, 35 MM², ANTI-CHAMA 0,6/1,0 KV, PARA DISTRIBUIÇÃO - FORNECIMENTO E INSTALAÇÃO. AF_12/2015","M",23.87]
[92987,"CABO DE COBRE FLEXÍVEL ISOLADO, 50 MM², ANTI-CHAMA 450/750 V, PARA DISTRIBUIÇÃO - FORNECIMENTO E INSTALAÇÃO. AF_12/2015","M",33.2]
[92988,"CABO DE COBRE FLEXÍVEL ISOLADO, 50 MM², ANTI-CHAMA 0,6/1,0 KV, PARA DISTRIBUIÇÃO - FORNECIMENTO E INSTALAÇÃO. AF_12/2015","M",33.28]
[92989,"CABO DE COBRE FLEXÍVEL ISOLADO, 70 MM², ANTI-CHAMA 450/750 V, PARA DISTRIBUIÇÃO - FORNECIMENTO E INSTALAÇÃO. AF_12/2015","M",45.94]
[92990,"CABO DE COBRE FLEXÍVEL ISOLADO, 70 MM², ANTI-CHAMA 0,6/1,0 KV, PARA DISTRIBUIÇÃO - FORNECIMENTO E INSTALAÇÃO. AF_12/2015","M",45.42]
[92991,"CABO DE COBRE FLEXÍVEL ISOLADO, 95 MM², ANTI-CHAMA 450/750 V, PARA DISTRIBUIÇÃO - FORNECIMENTO E INSTALAÇÃO. AF_12/2015","M",59.8]
[92992,"CABO DE COBRE FLEXÍVEL ISOLADO, 95 MM², ANTI-CHAMA 0,6/1,0 KV, PARA DISTRIBUIÇÃO - FORNECIMENTO E INSTALAÇÃO. AF_12/2015","M",59.83]
[92993,"CABO DE COBRE FLEXÍVEL ISOLADO, 120 MM², ANTI-CHAMA 450/750 V, PARA DISTRIBUIÇÃO - FORNECIMENTO E INSTALAÇÃO. AF_12/2015","M",76.5]
[92994,"CABO DE COBRE FLEXÍVEL ISOLADO, 120 MM², ANTI-CHAMA 0,6/1,0 KV, PARA DISTRIBUIÇÃO - FORNECIMENTO E INSTALAÇÃO. AF_12/2015","M",77.24]
[92995,"CABO DE COBRE FLEXÍVEL ISOLADO, 150 MM², ANTI-CHAMA 450/750 V, PARA DISTRIBUIÇÃO - FORNECIMENTO E INSTALAÇÃO. AF_12/2015","M",95.03]
[92996,"CABO DE COBRE FLEXÍVEL ISOLADO, 150 MM², ANTI-CHAMA 0,6/1,0 KV, PARA DISTRIBUIÇÃO - FORNECIMENTO E INSTALAÇÃO. AF_12/2015","M",95.29]
[92997,"CABO DE COBRE FLEXÍVEL ISOLADO, 185 MM², ANTI-CHAMA 450/750 V, PARA DISTRIBUIÇÃO - FORNECIMENTO E INSTALAÇÃO. AF_12/2015","M",115.39]
[92998,"CABO DE COBRE FLEXÍVEL ISOLADO, 185 MM², ANTI-CHAMA 0,6/1,0 KV, PARA DISTRIBUIÇÃO - FORNECIMENTO E INSTALAÇÃO. AF_12/2015","M",116.48]
[92999,"CABO DE COBRE FLEXÍVEL ISOLADO, 240 MM², ANTI-CHAMA 450/750 V, PARA DISTRIBUIÇÃO - FORNECIMENTO E INSTALAÇÃO. AF_12/2015","M",151.77]
[93000,"CABO DE COBRE FLEXÍVEL ISOLADO, 240 MM², ANTI-CHAMA 0,6/1,0 KV, PARA DISTRIBUIÇÃO - FORNECIMENTO E INSTALAÇÃO. AF_12/2015","M",152.67]
[93001,"CABO DE COBRE RÍGIDO ISOLADO, 300 MM², ANTI-CHAMA 450/750 V, PARA DISTRIBUIÇÃO - FORNECIMENTO E INSTALAÇÃO. AF_12/2015","M",185.22]
[93002,"CABO DE COBRE FLEXÍVEL ISOLADO, 300 MM², ANTI-CHAMA 0,6/1,0 KV, PARA DISTRIBUIÇÃO - FORNECIMENTO E INSTALAÇÃO. AF_12/2015","M",190.28]
[83446,"CAIXA DE PASSAGEM 30X30X40 COM TAMPA E DRENO BRITA","UN",169.01]
[91936,"CAIXA OCTOGONAL 4\" X 4\", PVC, INSTALADA EM LAJE - FORNECIMENTO E INSTALAÇÃO. AF_12/2015","UN",10.67]
[91937,"CAIXA OCTOGONAL 3\" X 3\", PVC, INSTALADA EM LAJE - FORNECIMENTO E INSTALAÇÃO. AF_12/2015","UN",9.29]
[91939,"CAIXA RETANGULAR 4\" X 2\" ALTA (2,00 M DO PISO), PVC, INSTALADA EM PAREDE - FORNECIMENTO E INSTALAÇÃO. AF_12/2015","UN",24.55]
[91940,"CAIXA RETANGULAR 4\" X 2\" MÉDIA (1,30 M DO PISO), PVC, INSTALADA EM PAREDE - FORNECIMENTO E INSTALAÇÃO. AF_12/2015","UN",12.78]
[91941,"CAIXA RETANGULAR 4\" X 2\" BAIXA (0,30 M DO PISO), PVC, INSTALADA EM PAREDE - FORNECIMENTO E INSTALAÇÃO. AF_12/2015","UN",8.37]
[91942,"CAIXA RETANGULAR 4\" X 4\" ALTA (2,00 M DO PISO), PVC, INSTALADA EM PAREDE - FORNECIMENTO E INSTALAÇÃO. AF_12/2015","UN",29.72]
[91943,"CAIXA RETANGULAR 4\" X 4\" MÉDIA (1,30 M DO PISO), PVC, INSTALADA EM PAREDE - FORNECIMENTO E INSTALAÇÃO. AF_12/2015","UN",16.17]
[91944,"CAIXA RETANGULAR 4\" X 4\" BAIXA (0,30 M DO PISO), PVC, INSTALADA EM PAREDE - FORNECIMENTO E INSTALAÇÃO. AF_12/2015","UN",11.12]
[92865,"CAIXA OCTOGONAL 4\" X 4\", METÁLICA, INSTALADA EM LAJE - FORNECIMENTO E INSTALAÇÃO. AF_12/2015","UN",7.82]
[92866,"CAIXA SEXTAVADA 3\" X 3\", METÁLICA, INSTALADA EM LAJE - FORNECIMENTO E INSTALAÇÃO. AF_12/2015","UN",7.02]
[92867,"CAIXA RETANGULAR 4\" X 2\" ALTA (2,00 M DO PISO), METÁLICA, INSTALADA EM PAREDE - FORNECIMENTO E INSTALAÇÃO. AF_12/2015","UN",23.59]
[92868,"CAIXA RETANGULAR 4\" X 2\" MÉDIA (1,30 M DO PISO), METÁLICA, INSTALADA EM PAREDE - FORNECIMENTO E INSTALAÇÃO. AF_12/2015","UN",11.82]
[92869,"CAIXA RETANGULAR 4\" X 2\" BAIXA (0,30 M DO PISO), METÁLICA, INSTALADA EM PAREDE - FORNECIMENTO E INSTALAÇÃO. AF_12/2015","UN",7.41]
[92870,"CAIXA RETANGULAR 4\" X 4\" ALTA (2,00 M DO PISO), METÁLICA, INSTALADA EM PAREDE - FORNECIMENTO E INSTALAÇÃO. AF_12/2015","UN",27.9]
[92871,"CAIXA RETANGULAR 4\" X 4\" MÉDIA (1,30 M DO PISO), METÁLICA, INSTALADA EM PAREDE - FORNECIMENTO E INSTALAÇÃO. AF_12/2015","UN",14.35]
[92872,"CAIXA RETANGULAR 4\" X 4\" BAIXA (0,30 M DO PISO), METÁLICA, INSTALADA EM PAREDE - FORNECIMENTO E INSTALAÇÃO. AF_12/2015","UN",9.3]
[95777,"CONDULETE DE ALUMÍNIO, TIPO B, PARA ELETRODUTO DE AÇO GALVANIZADO DN 20 MM (3/4''), APARENTE - FORNECIMENTO E INSTALAÇÃO. AF_11/2016_P","UN",24.53]
[95778,"CONDULETE DE ALUMÍNIO, TIPO C, PARA ELETRODUTO DE AÇO GALVANIZADO DN 20 MM (3/4''), APARENTE - FORNECIMENTO E INSTALAÇÃO. AF_11/2016_P","UN",25.1]
[95779,"CONDULETE DE ALUMÍNIO, TIPO E, PARA ELETRODUTO DE AÇO GALVANIZADO DN 20 MM (3/4''), APARENTE - FORNECIMENTO E INSTALAÇÃO. AF_11/2016_P","UN",23.19]
[95780,"CONDULETE DE ALUMÍNIO, TIPO B, PARA ELETRODUTO DE AÇO GALVANIZADO DN 25 MM (1''), APARENTE - FORNECIMENTO E INSTALAÇÃO. AF_11/2016_P","UN",27.78]
[95781,"CONDULETE DE ALUMÍNIO, TIPO C, PARA ELETRODUTO DE AÇO GALVANIZADO DN 25 MM (1''), APARENTE - FORNECIMENTO E INSTALAÇÃO. AF_11/2016_P","UN",28.2]
[95782,"CONDULETE DE ALUMÍNIO, TIPO E, ELETRODUTO DE AÇO GALVANIZADO DN 25 MM (1''), APARENTE - FORNECIMENTO E INSTALAÇÃO. AF_11/2016_P","UN",29.31]
[95785,"CONDULETE DE ALUMÍNIO, TIPO E, PARA ELETRODUTO DE AÇO GALVANIZADO DN 32 MM (1 1/4''), APARENTE - FORNECIMENTO E INSTALAÇÃO. AF_11/2016_P","UN",33.23]
[95787,"CONDULETE DE ALUMÍNIO, TIPO LR, PARA ELETRODUTO DE AÇO GALVANIZADO DN 20 MM (3/4''), APARENTE - FORNECIMENTO E INSTALAÇÃO. AF_11/2016_P","UN",24.91]
[95789,"CONDULETE DE ALUMÍNIO, TIPO LR, PARA ELETRODUTO DE AÇO GALVANIZADO DN 25 MM (1''), APARENTE - FORNECIMENTO E INSTALAÇÃO. AF_11/2016_P","UN",30.62]
[95791,"CONDULETE DE ALUMÍNIO, TIPO LR, PARA ELETRODUTO DE AÇO GALVANIZADO DN 32 MM (1 1/4''), APARENTE - FORNECIMENTO E INSTALAÇÃO. AF_11/2016_P","UN",39.14]
[95795,"CONDULETE DE ALUMÍNIO, TIPO T, PARA ELETRODUTO DE AÇO GALVANIZADO DN 20 MM (3/4''), APARENTE - FORNECIMENTO E INSTALAÇÃO. AF_11/2016_P","UN",28.79]
[95796,"CONDULETE DE ALUMÍNIO, TIPO T, PARA ELETRODUTO DE AÇO GALVANIZADO DN 25 MM (1''), APARENTE - FORNECIMENTO E INSTALAÇÃO. AF_11/2016_P","UN",36.07]
[95797,"CONDULETE DE ALUMÍNIO, TIPO T, PARA ELETRODUTO DE AÇO GALVANIZADO DN 32 MM (1 1/4''), APARENTE - FORNECIMENTO E INSTALAÇÃO. AF_11/2016_P","UN",45.56]
[95801,"CONDULETE DE ALUMÍNIO, TIPO X, PARA ELETRODUTO DE AÇO GALVANIZADO DN 20 MM (3/4''), APARENTE - FORNECIMENTO E INSTALAÇÃO. AF_11/2016_P","UN",34.48]
[95802,"CONDULETE DE ALUMÍNIO, TIPO X, PARA ELETRODUTO DE AÇO GALVANIZADO DN 25 MM (1''), APARENTE - FORNECIMENTO E INSTALAÇÃO. AF_11/2016_P","UN",38.44]
[95803,"CONDULETE DE ALUMÍNIO, TIPO X, PARA ELETRODUTO DE AÇO GALVANIZADO DN 32 MM (1 1/4''), APARENTE - FORNECIMENTO E INSTALAÇÃO. AF_11/2016_P","UN",50.56]
[95804,"CONDULETE DE PVC, TIPO B, PARA ELETRODUTO DE PVC SOLDÁVEL DN 20 MM (1/2''), APARENTE - FORNECIMENTO E INSTALAÇÃO. AF_11/2016","UN",19.8]
[95805,"CONDULETE DE PVC, TIPO B, PARA ELETRODUTO DE PVC SOLDÁVEL DN 25 MM (3/4''), APARENTE - FORNECIMENTO E INSTALAÇÃO. AF_11/2016","UN",20.01]
[95806,"CONDULETE DE PVC, TIPO B, PARA ELETRODUTO DE PVC SOLDÁVEL DN 32 MM (1''), APARENTE - FORNECIMENTO E INSTALAÇÃO. AF_11/2016","UN",20.61]
[95807,"CONDULETE DE PVC, TIPO LL, PARA ELETRODUTO DE PVC SOLDÁVEL DN 20 MM (1/2''), APARENTE - FORNECIMENTO E INSTALAÇÃO. AF_11/2016","UN",22.87]
[95808,"CONDULETE DE PVC, TIPO LL, PARA ELETRODUTO DE PVC SOLDÁVEL DN 25 MM (3/4''), APARENTE - FORNECIMENTO E INSTALAÇÃO. AF_11/2016","UN",23.48]
[95809,"CONDULETE DE PVC, TIPO LL, PARA ELETRODUTO DE PVC SOLDÁVEL DN 32 MM (1''), APARENTE - FORNECIMENTO E INSTALAÇÃO. AF_11/2016","UN",25.66]
[95810,"CONDULETE DE PVC, TIPO LB, PARA ELETRODUTO DE PVC SOLDÁVEL DN 20 MM (1/2''), APARENTE - FORNECIMENTO E INSTALAÇÃO. AF_11/2016","UN",11.55]
[95811,"CONDULETE DE PVC, TIPO LB, PARA ELETRODUTO DE PVC SOLDÁVEL DN 25 MM (3/4''), APARENTE - FORNECIMENTO E INSTALAÇÃO. AF_11/2016","UN",12.16]
[95812,"CONDULETE DE PVC, TIPO LB, PARA ELETRODUTO DE PVC SOLDÁVEL DN 32 MM (1''), APARENTE - FORNECIMENTO E INSTALAÇÃO. AF_11/2016","UN",14.33]
[95813,"CONDULETE DE PVC, TIPO TB, PARA ELETRODUTO DE PVC SOLDÁVEL DN 20 MM (1/2''), APARENTE - FORNECIMENTO E INSTALAÇÃO. AF_11/2016","UN",14.13]
[95814,"CONDULETE DE PVC, TIPO TB, PARA ELETRODUTO DE PVC SOLDÁVEL DN 25 MM (3/4''), APARENTE - FORNECIMENTO E INSTALAÇÃO. AF_11/2016","UN",15.05]
[95815,"CONDULETE DE PVC, TIPO TB, PARA ELETRODUTO DE PVC SOLDÁVEL DN 32 MM (1''), APARENTE - FORNECIMENTO E INSTALAÇÃO. AF_11/2016","UN",19.17]
[95816,"CONDULETE DE PVC, TIPO X, PARA ELETRODUTO DE PVC SOLDÁVEL DN 20 MM (1/2''), APARENTE - FORNECIMENTO E INSTALAÇÃO. AF_11/2016","UN",28.22]
[95817,"CONDULETE DE PVC, TIPO X, PARA ELETRODUTO DE PVC SOLDÁVEL DN 25 MM (3/4''), APARENTE - FORNECIMENTO E INSTALAÇÃO. AF_11/2016","UN",29.12]
[95818,"CONDULETE DE PVC, TIPO X, PARA ELETRODUTO DE PVC SOLDÁVEL DN 32 MM (1''), APARENTE - FORNECIMENTO E INSTALAÇÃO. AF_11/2016","UN",34.66]
[97886,"CAIXA ENTERRADA ELÉTRICA RETANGULAR, EM ALVENARIA COM TIJOLOS CERÂMICOS MACIÇOS, FUNDO COM BRITA, DIMENSÕES INTERNAS: 0,3X0,3X0,3 M. AF_05/2018","UN",137.46]
[97887,"CAIXA ENTERRADA ELÉTRICA RETANGULAR, EM ALVENARIA COM TIJOLOS CERÂMICOS MACIÇOS, FUNDO COM BRITA, DIMENSÕES INTERNAS: 0,4X0,4X0,4 M. AF_05/2018","UN",216.75]
[97888,"CAIXA ENTERRADA ELÉTRICA RETANGULAR, EM ALVENARIA COM TIJOLOS CERÂMICOS MACIÇOS, FUNDO COM BRITA, DIMENSÕES INTERNAS: 0,6X0,6X0,6 M. AF_05/2018","UN",413.88]
[97889,"CAIXA ENTERRADA ELÉTRICA RETANGULAR, EM ALVENARIA COM TIJOLOS CERÂMICOS MACIÇOS, FUNDO COM BRITA, DIMENSÕES INTERNAS: 0,8X0,8X0,6 M. AF_05/2018","UN",555.15]
[97890,"CAIXA ENTERRADA ELÉTRICA RETANGULAR, EM ALVENARIA COM TIJOLOS CERÂMICOS MACIÇOS, FUNDO COM BRITA, DIMENSÕES INTERNAS: 1X1X0,6 M. AF_05/2018","UN",626]
[97891,"CAIXA ENTERRADA ELÉTRICA RETANGULAR, EM ALVENARIA COM BLOCOS DE CONCRETO, FUNDO COM BRITA, DIMENSÕES INTERNAS: 0,4X0,4X0,4 M. AF_05/2018","UN",167.18]
[97892,"CAIXA ENTERRADA ELÉTRICA RETANGULAR, EM ALVENARIA COM BLOCOS DE CONCRETO, FUNDO COM BRITA, DIMENSÕES INTERNAS: 0,6X0,6X0,6 M. AF_05/2018","UN",309.08]
[97893,"CAIXA ENTERRADA ELÉTRICA RETANGULAR, EM ALVENARIA COM BLOCOS DE CONCRETO, FUNDO COM BRITA, DIMENSÕES INTERNAS: 0,8X0,8X0,6 M. AF_05/2018","UN",421.51]
[97894,"CAIXA ENTERRADA ELÉTRICA RETANGULAR, EM ALVENARIA COM BLOCOS DE CONCRETO, FUNDO COM BRITA, DIMENSÕES INTERNAS: 1X1X0,6 M. AF_05/2018","UN",464.05]
[68066,"CAIXA DE PROTECAO PARA MEDIDOR MONOFASICO, FORNECIMENTO E INSTALACAO","UN",109.26]
[72319,"DISJUNTOR BAIXA TENSAO TRIPOLAR A SECO  800A/600V, INCLUSIVE ELETROTÉCNICO","UN",4628.77]
[72341,"CONTATOR TRIPOLAR I NOMINAL 12A - FORNECIMENTO E INSTALACAO INCLUSIVE ELETROTÉCNICO","UN",302.9]
[72343,"CONTATOR TRIPOLAR I NOMINAL 22A - FORNECIMENTO E INSTALACAO INCLUSIVE ELETROTÉCNICO","UN",360.68]
[72344,"CONTATOR TRIPOLAR I NOMINAL 36A - FORNECIMENTO E INSTALACAO INCLUSIVE ELETROTÉCNICO","UN",590.51]
[72345,"CONTATOR TRIPOLAR I NOMIMAL 94A - FORNECIMENTO E INSTALACAO INCLUSIVE ELETROTÉCNICO","UN",1778.28]
["74130/1","DISJUNTOR TERMOMAGNETICO MONOPOLAR PADRAO NEMA (AMERICANO) 10 A 30A 240V, FORNECIMENTO E INSTALACAO","UN",13.97]
["74130/2","DISJUNTOR TERMOMAGNETICO MONOPOLAR PADRAO NEMA (AMERICANO) 35 A 50A 240V, FORNECIMENTO E INSTALACAO","UN",21.39]
["74130/3","DISJUNTOR TERMOMAGNETICO BIPOLAR PADRAO NEMA (AMERICANO) 10 A 50A 240V, FORNECIMENTO E INSTALACAO","UN",62.56]
["74130/4","DISJUNTOR TERMOMAGNETICO TRIPOLAR PADRAO NEMA (AMERICANO) 10 A 50A 240V, FORNECIMENTO E INSTALACAO","UN",90.8]
["74130/5","DISJUNTOR TERMOMAGNETICO TRIPOLAR PADRAO NEMA (AMERICANO) 60 A 100A 240V, FORNECIMENTO E INSTALACAO","UN",120.86]
["74130/6","DISJUNTOR TERMOMAGNETICO TRIPOLAR PADRAO NEMA (AMERICANO) 125 A 150A 240V, FORNECIMENTO E INSTALACAO","UN",341.17]
["74130/7","DISJUNTOR TERMOMAGNETICO TRIPOLAR EM CAIXA MOLDADA 250A 600V, FORNECIMENTO E INSTALACAO","UN",880.81]
["74130/8","DISJUNTOR TERMOMAGNETICO TRIPOLAR EM CAIXA MOLDADA 300 A 400A 600V, FORNECIMENTO E INSTALACAO","UN",1203.45]
["74130/9","DISJUNTOR TERMOMAGNETICO TRIPOLAR EM CAIXA MOLDADA 500 A 600A 600V, FORNECIMENTO E INSTALACAO","UN",1970.89]
["74130/10","DISJUNTOR TERMOMAGNETICO TRIPOLAR EM CAIXA MOLDADA 175 A 225A 240V, FORNECIMENTO E INSTALACAO","UN",532.94]
["74131/1","QUADRO DE DISTRIBUICAO DE ENERGIA DE EMBUTIR, EM CHAPA METALICA, PARA 3 DISJUNTORES TERMOMAGNETICOS MONOPOLARES SEM BARRAMENTO FORNECIMENTO E INSTALACAO","UN",58.32]
["74131/4","QUADRO DE DISTRIBUICAO DE ENERGIA DE EMBUTIR, EM CHAPA METALICA, PARA 18 DISJUNTORES TERMOMAGNETICOS MONOPOLARES, COM BARRAMENTO TRIFASICO E NEUTRO, FORNECIMENTO E INSTALACAO","UN",299.54]
["74131/5","QUADRO DE DISTRIBUICAO DE ENERGIA DE EMBUTIR, EM CHAPA METALICA, PARA 24 DISJUNTORES TERMOMAGNETICOS MONOPOLARES, COM BARRAMENTO TRIFASICO E NEUTRO, FORNECIMENTO E INSTALACAO","UN",349.62]
["74131/6","QUADRO DE DISTRIBUICAO DE ENERGIA DE EMBUTIR, EM CHAPA METALICA, PARA 32 DISJUNTORES TERMOMAGNETICOS MONOPOLARES, COM BARRAMENTO TRIFASICO E NEUTRO, FORNECIMENTO E INSTALACAO","UN",632.33]
["74131/7","QUADRO DE DISTRIBUICAO DE ENERGIA DE EMBUTIR, EM CHAPA METALICA, PARA 40 DISJUNTORES TERMOMAGNETICOS MONOPOLARES, COM BARRAMENTO TRIFASICO E NEUTRO, FORNECIMENTO E INSTALACAO","UN",547.8]
["74131/8","QUADRO DE DISTRIBUICAO DE ENERGIA DE EMBUTIR, EM CHAPA METALICA, PARA 50 DISJUNTORES TERMOMAGNETICOS MONOPOLARES, COM BARRAMENTO TRIFASICO E NEUTRO, FORNECIMENTO E INSTALACAO","UN",814.12]
[83463,"QUADRO DE DISTRIBUICAO DE ENERGIA EM CHAPA DE ACO GALVANIZADO, PARA 12 DISJUNTORES TERMOMAGNETICOS MONOPOLARES, COM BARRAMENTO TRIFASICO E NEUTRO - FORNECIMENTO E INSTALACAO","UN",223.53]
[84402,"QUADRO DE DISTRIBUICAO DE ENERGIA P/ 6 DISJUNTORES TERMOMAGNETICOS MONOPOLARES SEM BARRAMENTO, DE EMBUTIR, EM CHAPA METALICA - FORNECIMENTO E INSTALACAO","UN",63.97]
[93653,"DISJUNTOR MONOPOLAR TIPO DIN, CORRENTE NOMINAL DE 10A - FORNECIMENTO E INSTALAÇÃO. AF_04/2016","UN",10.56]
[93654,"DISJUNTOR MONOPOLAR TIPO DIN, CORRENTE NOMINAL DE 16A - FORNECIMENTO E INSTALAÇÃO. AF_04/2016","UN",11.13]
[93655,"DISJUNTOR MONOPOLAR TIPO DIN, CORRENTE NOMINAL DE 20A - FORNECIMENTO E INSTALAÇÃO. AF_04/2016","UN",12.08]
[93656,"DISJUNTOR MONOPOLAR TIPO DIN, CORRENTE NOMINAL DE 25A - FORNECIMENTO E INSTALAÇÃO. AF_04/2016","UN",12.08]
[93657,"DISJUNTOR MONOPOLAR TIPO DIN, CORRENTE NOMINAL DE 32A - FORNECIMENTO E INSTALAÇÃO. AF_04/2016","UN",13.32]
[93658,"DISJUNTOR MONOPOLAR TIPO DIN, CORRENTE NOMINAL DE 40A - FORNECIMENTO E INSTALAÇÃO. AF_04/2016","UN",19.39]
[93659,"DISJUNTOR MONOPOLAR TIPO DIN, CORRENTE NOMINAL DE 50A - FORNECIMENTO E INSTALAÇÃO. AF_04/2016","UN",21.9]
[93660,"DISJUNTOR BIPOLAR TIPO DIN, CORRENTE NOMINAL DE 10A - FORNECIMENTO E INSTALAÇÃO. AF_04/2016","UN",52.7]
[93661,"DISJUNTOR BIPOLAR TIPO DIN, CORRENTE NOMINAL DE 16A - FORNECIMENTO E INSTALAÇÃO. AF_04/2016","UN",53.78]
[93662,"DISJUNTOR BIPOLAR TIPO DIN, CORRENTE NOMINAL DE 20A - FORNECIMENTO E INSTALAÇÃO. AF_04/2016","UN",55.79]
[93663,"DISJUNTOR BIPOLAR TIPO DIN, CORRENTE NOMINAL DE 25A - FORNECIMENTO E INSTALAÇÃO. AF_04/2016","UN",55.79]
[93664,"DISJUNTOR BIPOLAR TIPO DIN, CORRENTE NOMINAL DE 32A - FORNECIMENTO E INSTALAÇÃO. AF_04/2016","UN",58.2]
[93665,"DISJUNTOR BIPOLAR TIPO DIN, CORRENTE NOMINAL DE 40A - FORNECIMENTO E INSTALAÇÃO. AF_04/2016","UN",61.44]
[93666,"DISJUNTOR BIPOLAR TIPO DIN, CORRENTE NOMINAL DE 50A - FORNECIMENTO E INSTALAÇÃO. AF_04/2016","UN",66.48]
[93667,"DISJUNTOR TRIPOLAR TIPO DIN, CORRENTE NOMINAL DE 10A - FORNECIMENTO E INSTALAÇÃO. AF_04/2016","UN",65.73]
[93668,"DISJUNTOR TRIPOLAR TIPO DIN, CORRENTE NOMINAL DE 16A - FORNECIMENTO E INSTALAÇÃO. AF_04/2016","UN",67.38]
[93669,"DISJUNTOR TRIPOLAR TIPO DIN, CORRENTE NOMINAL DE 20A - FORNECIMENTO E INSTALAÇÃO. AF_04/2016","UN",70.34]
[93670,"DISJUNTOR TRIPOLAR TIPO DIN, CORRENTE NOMINAL DE 25A - FORNECIMENTO E INSTALAÇÃO. AF_04/2016","UN",70.34]
[93671,"DISJUNTOR TRIPOLAR TIPO DIN, CORRENTE NOMINAL DE 32A - FORNECIMENTO E INSTALAÇÃO. AF_04/2016","UN",73.99]
[93672,"DISJUNTOR TRIPOLAR TIPO DIN, CORRENTE NOMINAL DE 40A - FORNECIMENTO E INSTALAÇÃO. AF_04/2016","UN",79.99]
[93673,"DISJUNTOR TRIPOLAR TIPO DIN, CORRENTE NOMINAL DE 50A - FORNECIMENTO E INSTALAÇÃO. AF_04/2016","UN",87.57]
[72339,"TOMADA 3P+T 30A/440V SEM PLACA - FORNECIMENTO E INSTALACAO","UN",54.12]
[83403,"INTERRUPTOR PULSADOR DE CAMPAINHA OU MINUTERIA 2A/250V C/ CAIXA - FORNECIMENTO E INSTALACAO","UN",17.57]
[83465,"INTERRUPTOR INTERMEDIARIO (FOUR-WAY) - FORNECIMENTO E INSTALACAO","UN",45.89]
[91945,"SUPORTE PARAFUSADO COM PLACA DE ENCAIXE 4\" X 2\" ALTO (2,00 M DO PISO) PARA PONTO ELÉTRICO - FORNECIMENTO E INSTALAÇÃO. AF_12/2015","UN",7.99]
[91946,"SUPORTE PARAFUSADO COM PLACA DE ENCAIXE 4\" X 2\" MÉDIO (1,30 M DO PISO) PARA PONTO ELÉTRICO - FORNECIMENTO E INSTALAÇÃO. AF_12/2015","UN",6.59]
[91947,"SUPORTE PARAFUSADO COM PLACA DE ENCAIXE 4\" X 2\" BAIXO (0,30 M DO PISO) PARA PONTO ELÉTRICO - FORNECIMENTO E INSTALAÇÃO. AF_12/2015","UN",5.72]
[91949,"SUPORTE PARAFUSADO COM PLACA DE ENCAIXE 4\" X 4\" ALTO (2,00 M DO PISO) PARA PONTO ELÉTRICO - FORNECIMENTO E INSTALAÇÃO. AF_12/2015","UN",12.05]
[91950,"SUPORTE PARAFUSADO COM PLACA DE ENCAIXE 4\" X 4\" MÉDIO (1,30 M DO PISO) PARA PONTO ELÉTRICO - FORNECIMENTO E INSTALAÇÃO. AF_12/2015","UN",10.35]
[91951,"SUPORTE PARAFUSADO COM PLACA DE ENCAIXE 4\" X 4\" BAIXO (0,30 M DO PISO) PARA PONTO ELÉTRICO - FORNECIMENTO E INSTALAÇÃO. AF_12/2015","UN",9.33]
[91952,"INTERRUPTOR SIMPLES (1 MÓDULO), 10A/250V, SEM SUPORTE E SEM PLACA - FORNECIMENTO E INSTALAÇÃO. AF_12/2015","UN",15.31]
[91953,"INTERRUPTOR SIMPLES (1 MÓDULO), 10A/250V, INCLUINDO SUPORTE E PLACA - FORNECIMENTO E INSTALAÇÃO. AF_12/2015","UN",21.9]
[91954,"INTERRUPTOR PARALELO (1 MÓDULO), 10A/250V, SEM SUPORTE E SEM PLACA - FORNECIMENTO E INSTALAÇÃO. AF_12/2015","UN",20.59]
[91955,"INTERRUPTOR PARALELO (1 MÓDULO), 10A/250V, INCLUINDO SUPORTE E PLACA - FORNECIMENTO E INSTALAÇÃO. AF_12/2015","UN",27.18]
[91956,"INTERRUPTOR SIMPLES (1 MÓDULO) COM INTERRUPTOR PARALELO (1 MÓDULO), 10A/250V, SEM SUPORTE E SEM PLACA - FORNECIMENTO E INSTALAÇÃO. AF_12/2015","UN",33.26]
[91957,"INTERRUPTOR SIMPLES (1 MÓDULO) COM INTERRUPTOR PARALELO (1 MÓDULO), 10A/250V, INCLUINDO SUPORTE E PLACA - FORNECIMENTO E INSTALAÇÃO. AF_12/2015","UN",39.85]
[91958,"INTERRUPTOR SIMPLES (2 MÓDULOS), 10A/250V, SEM SUPORTE E SEM PLACA - FORNECIMENTO E INSTALAÇÃO. AF_12/2015","UN",28.02]
[91959,"INTERRUPTOR SIMPLES (2 MÓDULOS), 10A/250V, INCLUINDO SUPORTE E PLACA - FORNECIMENTO E INSTALAÇÃO. AF_12/2015","UN",34.61]
[91960,"INTERRUPTOR PARALELO (2 MÓDULOS), 10A/250V, SEM SUPORTE E SEM PLACA - FORNECIMENTO E INSTALAÇÃO. AF_12/2015","UN",38.54]
[91961,"INTERRUPTOR PARALELO (2 MÓDULOS), 10A/250V, INCLUINDO SUPORTE E PLACA - FORNECIMENTO E INSTALAÇÃO. AF_12/2015","UN",45.13]
[91962,"INTERRUPTOR SIMPLES (1 MÓDULO) COM INTERRUPTOR PARALELO (2 MÓDULOS), 10A/250V, SEM SUPORTE E SEM PLACA - FORNECIMENTO E INSTALAÇÃO. AF_12/2015","UN",51.26]
[91963,"INTERRUPTOR SIMPLES (1 MÓDULO) COM INTERRUPTOR PARALELO (2 MÓDULOS), 10A/250V, INCLUINDO SUPORTE E PLACA - FORNECIMENTO E INSTALAÇÃO. AF_12/2015","UN",57.85]
[91964,"INTERRUPTOR SIMPLES (2 MÓDULOS) COM INTERRUPTOR PARALELO (1 MÓDULO), 10A/250V, SEM SUPORTE E SEM PLACA - FORNECIMENTO E INSTALAÇÃO. AF_12/2015","UN",45.98]
[91965,"INTERRUPTOR SIMPLES (2 MÓDULOS) COM INTERRUPTOR PARALELO (1 MÓDULO), 10A/250V, INCLUINDO SUPORTE E PLACA - FORNECIMENTO E INSTALAÇÃO. AF_12/2015","UN",52.57]
[91966,"INTERRUPTOR SIMPLES (3 MÓDULOS), 10A/250V, SEM SUPORTE E SEM PLACA - FORNECIMENTO E INSTALAÇÃO. AF_12/2015","UN",40.74]
[91967,"INTERRUPTOR SIMPLES (3 MÓDULOS), 10A/250V, INCLUINDO SUPORTE E PLACA - FORNECIMENTO E INSTALAÇÃO. AF_12/2015","UN",47.33]
[91968,"INTERRUPTOR PARALELO (3 MÓDULOS), 10A/250V, SEM SUPORTE E SEM PLACA - FORNECIMENTO E INSTALAÇÃO. AF_12/2015","UN",56.51]
[91969,"INTERRUPTOR PARALELO (3 MÓDULOS), 10A/250V, INCLUINDO SUPORTE E PLACA - FORNECIMENTO E INSTALAÇÃO. AF_12/2015","UN",63.1]
[91970,"INTERRUPTOR SIMPLES (3 MÓDULOS) COM INTERRUPTOR PARALELO (1 MÓDULO), 10A/250V, SEM SUPORTE E SEM PLACA - FORNECIMENTO E INSTALAÇÃO. AF_12/2015","UN",59.01]
[91971,"INTERRUPTOR SIMPLES (3 MÓDULOS) COM INTERRUPTOR PARALELO (1 MÓDULO), 10A/250V, INCLUINDO SUPORTE E PLACA - FORNECIMENTO E INSTALAÇÃO. AF_12/2015","UN",69.36]
[91972,"INTERRUPTOR SIMPLES (2 MÓDULOS) COM INTERRUPTOR PARALELO (2 MÓDULOS), 10A/250V, SEM SUPORTE E SEM PLACA - FORNECIMENTO E INSTALAÇÃO. AF_12/2015","UN",64.29]
[91973,"INTERRUPTOR SIMPLES (2 MÓDULOS) COM INTERRUPTOR PARALELO (2 MÓDULOS), 10A/250V, INCLUINDO SUPORTE E PLACA - FORNECIMENTO E INSTALAÇÃO. AF_12/2015","UN",74.64]
[91974,"INTERRUPTOR SIMPLES (4 MÓDULOS), 10A/250V, SEM SUPORTE E SEM PLACA - FORNECIMENTO E INSTALAÇÃO. AF_12/2015","UN",53.73]
[91975,"INTERRUPTOR SIMPLES (4 MÓDULOS), 10A/250V, INCLUINDO SUPORTE E PLACA - FORNECIMENTO E INSTALAÇÃO. AF_12/2015","UN",64.08]
[91976,"INTERRUPTOR SIMPLES (6 MÓDULOS), 10A/250V, SEM SUPORTE E SEM PLACA - FORNECIMENTO E INSTALAÇÃO. AF_12/2015","UN",79.25]
[91977,"INTERRUPTOR SIMPLES (6 MÓDULOS), 10A/250V, INCLUINDO SUPORTE E PLACA - FORNECIMENTO E INSTALAÇÃO. AF_12/2015","UN",89.6]
[91978,"INTERRUPTOR INTERMEDIÁRIO (1 MÓDULO), 10A/250V, SEM SUPORTE E SEM PLACA - FORNECIMENTO E INSTALAÇÃO. AF_09/2017","UN",32.31]
[91979,"INTERRUPTOR INTERMEDIÁRIO (1 MÓDULO), 10A/250V, INCLUINDO SUPORTE E PLACA - FORNECIMENTO E INSTALAÇÃO. AF_09/2017","UN",38.9]
[91980,"INTERRUPTOR BIPOLAR (1 MÓDULO), 10A/250V, SEM SUPORTE E SEM PLACA - FORNECIMENTO E INSTALAÇÃO. AF_09/2017","UN",31.33]
[91981,"INTERRUPTOR BIPOLAR (1 MÓDULO), 10A/250V, INCLUINDO SUPORTE E PLACA - FORNECIMENTO E INSTALAÇÃO. AF_09/2017","UN",37.92]
[91982,"DIMMER ROTATIVO (1 MÓDULO), 220V/600W, SEM SUPORTE E SEM PLACA - FORNECIMENTO E INSTALAÇÃO. AF_09/2017","UN",71.9]
[91983,"DIMMER ROTATIVO (1 MÓDULO), 220V/600W, INCLUINDO SUPORTE E PLACA - FORNECIMENTO E INSTALAÇÃO. AF_09/2017","UN",78.49]
[91984,"INTERRUPTOR PULSADOR CAMPAINHA (1 MÓDULO), 10A/250V, SEM SUPORTE E SEM PLACA - FORNECIMENTO E INSTALAÇÃO. AF_09/2017","UN",14.41]
[91985,"INTERRUPTOR PULSADOR CAMPAINHA (1 MÓDULO), 10A/250V, INCLUINDO SUPORTE E PLACA - FORNECIMENTO E INSTALAÇÃO. AF_09/2017","UN",21]
[91986,"CAMPAINHA CIGARRA (1 MÓDULO), 10A/250V, SEM SUPORTE E SEM PLACA - FORNECIMENTO E INSTALAÇÃO. AF_09/2017","UN",30.15]
[91987,"CAMPAINHA CIGARRA (1 MÓDULO), 10A/250V, INCLUINDO SUPORTE E PLACA - FORNECIMENTO E INSTALAÇÃO. AF_09/2017","UN",36.74]
[91988,"INTERRUPTOR PULSADOR MINUTERIA (1 MÓDULO), 10A/250V, SEM SUPORTE E SEM PLACA - FORNECIMENTO E INSTALAÇÃO. AF_09/2017","UN",17.7]
[91989,"INTERRUPTOR PULSADOR MINUTERIA (1 MÓDULO), 10A/250V, INCLUINDO SUPORTE E PLACA - FORNECIMENTO E INSTALAÇÃO. AF_09/2017","UN",24.29]
[91990,"TOMADA ALTA DE EMBUTIR (1 MÓDULO), 2P+T 10 A, SEM SUPORTE E SEM PLACA - FORNECIMENTO E INSTALAÇÃO. AF_12/2015","UN",27.8]
[91991,"TOMADA ALTA DE EMBUTIR (1 MÓDULO), 2P+T 20 A, SEM SUPORTE E SEM PLACA - FORNECIMENTO E INSTALAÇÃO. AF_12/2015","UN",29.58]
[91992,"TOMADA ALTA DE EMBUTIR (1 MÓDULO), 2P+T 10 A, INCLUINDO SUPORTE E PLACA - FORNECIMENTO E INSTALAÇÃO. AF_12/2015","UN",34.39]
[91993,"TOMADA ALTA DE EMBUTIR (1 MÓDULO), 2P+T 20 A, INCLUINDO SUPORTE E PLACA - FORNECIMENTO E INSTALAÇÃO. AF_12/2015","UN",36.17]
[91994,"TOMADA MÉDIA DE EMBUTIR (1 MÓDULO), 2P+T 10 A, SEM SUPORTE E SEM PLACA - FORNECIMENTO E INSTALAÇÃO. AF_12/2015","UN",19.67]
[91995,"TOMADA MÉDIA DE EMBUTIR (1 MÓDULO), 2P+T 20 A, SEM SUPORTE E SEM PLACA - FORNECIMENTO E INSTALAÇÃO. AF_12/2015","UN",21.45]
[91996,"TOMADA MÉDIA DE EMBUTIR (1 MÓDULO), 2P+T 10 A, INCLUINDO SUPORTE E PLACA - FORNECIMENTO E INSTALAÇÃO. AF_12/2015","UN",26.26]
[91997,"TOMADA MÉDIA DE EMBUTIR (1 MÓDULO), 2P+T 20 A, INCLUINDO SUPORTE E PLACA - FORNECIMENTO E INSTALAÇÃO. AF_12/2015","UN",28.04]
[91998,"TOMADA BAIXA DE EMBUTIR (1 MÓDULO), 2P+T 10 A, SEM SUPORTE E SEM PLACA - FORNECIMENTO E INSTALAÇÃO. AF_12/2015","UN",16.51]
[91999,"TOMADA BAIXA DE EMBUTIR (1 MÓDULO), 2P+T 20 A, SEM SUPORTE E SEM PLACA - FORNECIMENTO E INSTALAÇÃO. AF_12/2015","UN",18.29]
[92000,"TOMADA BAIXA DE EMBUTIR (1 MÓDULO), 2P+T 10 A, INCLUINDO SUPORTE E PLACA - FORNECIMENTO E INSTALAÇÃO. AF_12/2015","UN",23.1]
[92001,"TOMADA BAIXA DE EMBUTIR (1 MÓDULO), 2P+T 20 A, INCLUINDO SUPORTE E PLACA - FORNECIMENTO E INSTALAÇÃO. AF_12/2015","UN",24.88]
[92002,"TOMADA MÉDIA DE EMBUTIR (2 MÓDULOS), 2P+T 10 A, SEM SUPORTE E SEM PLACA - FORNECIMENTO E INSTALAÇÃO. AF_12/2015","UN",36.7]
[92003,"TOMADA MÉDIA DE EMBUTIR (2 MÓDULOS), 2P+T 20 A, SEM SUPORTE E SEM PLACA - FORNECIMENTO E INSTALAÇÃO. AF_12/2015","UN",40.26]
[92004,"TOMADA MÉDIA DE EMBUTIR (2 MÓDULOS), 2P+T 10 A, INCLUINDO SUPORTE E PLACA - FORNECIMENTO E INSTALAÇÃO. AF_12/2015","UN",43.29]
[92005,"TOMADA MÉDIA DE EMBUTIR (2 MÓDULOS), 2P+T 20 A, INCLUINDO SUPORTE E PLACA - FORNECIMENTO E INSTALAÇÃO. AF_12/2015","UN",46.85]
[92006,"TOMADA BAIXA DE EMBUTIR (2 MÓDULOS), 2P+T 10 A, SEM SUPORTE E SEM PLACA - FORNECIMENTO E INSTALAÇÃO. AF_12/2015","UN",30.39]
[92007,"TOMADA BAIXA DE EMBUTIR (2 MÓDULOS), 2P+T 20 A, SEM SUPORTE E SEM PLACA - FORNECIMENTO E INSTALAÇÃO. AF_12/2015","UN",33.95]
[92008,"TOMADA BAIXA DE EMBUTIR (2 MÓDULOS), 2P+T 10 A, INCLUINDO SUPORTE E PLACA - FORNECIMENTO E INSTALAÇÃO. AF_12/2015","UN",36.98]
[92009,"TOMADA BAIXA DE EMBUTIR (2 MÓDULOS), 2P+T 20 A, INCLUINDO SUPORTE E PLACA - FORNECIMENTO E INSTALAÇÃO. AF_12/2015","UN",40.54]
[92010,"TOMADA MÉDIA DE EMBUTIR (3 MÓDULOS), 2P+T 10 A, SEM SUPORTE E SEM PLACA - FORNECIMENTO E INSTALAÇÃO. AF_12/2015","UN",53.75]
[92011,"TOMADA MÉDIA DE EMBUTIR (3 MÓDULOS), 2P+T 20 A, SEM SUPORTE E SEM PLACA - FORNECIMENTO E INSTALAÇÃO. AF_12/2015","UN",59.09]
[92012,"TOMADA MÉDIA DE EMBUTIR (3 MÓDULOS), 2P+T 10 A, INCLUINDO SUPORTE E PLACA - FORNECIMENTO E INSTALAÇÃO. AF_12/2015","UN",60.34]
[92013,"TOMADA MÉDIA DE EMBUTIR (3 MÓDULOS), 2P+T 20 A, INCLUINDO SUPORTE E PLACA - FORNECIMENTO E INSTALAÇÃO. AF_12/2015","UN",65.68]
[92014,"TOMADA BAIXA DE EMBUTIR (3 MÓDULOS), 2P+T 10 A, SEM SUPORTE E SEM PLACA - FORNECIMENTO E INSTALAÇÃO. AF_12/2015","UN",44.27]
[92015,"TOMADA BAIXA DE EMBUTIR (3 MÓDULOS), 2P+T 20 A, SEM SUPORTE E SEM PLACA - FORNECIMENTO E INSTALAÇÃO. AF_12/2015","UN",49.61]
[92016,"TOMADA BAIXA DE EMBUTIR (3 MÓDULOS), 2P+T 10 A, INCLUINDO SUPORTE E PLACA - FORNECIMENTO E INSTALAÇÃO. AF_12/2015","UN",50.86]
[92017,"TOMADA BAIXA DE EMBUTIR (3 MÓDULOS), 2P+T 20 A, INCLUINDO SUPORTE E PLACA - FORNECIMENTO E INSTALAÇÃO. AF_12/2015","UN",56.2]
[92018,"TOMADA BAIXA DE EMBUTIR (4 MÓDULOS), 2P+T 10 A, SEM SUPORTE E SEM PLACA - FORNECIMENTO E INSTALAÇÃO. AF_12/2015","UN",58.58]
[92019,"TOMADA BAIXA DE EMBUTIR (4 MÓDULOS), 2P+T 10 A, INCLUINDO SUPORTE E PLACA - FORNECIMENTO E INSTALAÇÃO. AF_12/2015","UN",68.93]
[92020,"TOMADA BAIXA DE EMBUTIR (6 MÓDULOS), 2P+T 10 A, SEM SUPORTE E SEM PLACA - FORNECIMENTO E INSTALAÇÃO. AF_12/2015","UN",86.55]
[92021,"TOMADA BAIXA DE EMBUTIR (6 MÓDULOS), 2P+T 10 A, INCLUINDO SUPORTE E PLACA - FORNECIMENTO E INSTALAÇÃO. AF_12/2015","UN",96.9]
[92022,"INTERRUPTOR SIMPLES (1 MÓDULO) COM 1 TOMADA DE EMBUTIR 2P+T 10 A,  SEM SUPORTE E SEM PLACA - FORNECIMENTO E INSTALAÇÃO. AF_12/2015","UN",32.34]
[92023,"INTERRUPTOR SIMPLES (1 MÓDULO) COM 1 TOMADA DE EMBUTIR 2P+T 10 A,  INCLUINDO SUPORTE E PLACA - FORNECIMENTO E INSTALAÇÃO. AF_12/2015","UN",38.93]
[92024,"INTERRUPTOR SIMPLES (1 MÓDULO) COM 2 TOMADAS DE EMBUTIR 2P+T 10 A,  SEM SUPORTE E SEM PLACA - FORNECIMENTO E INSTALAÇÃO. AF_12/2015","UN",49.42]
[92025,"INTERRUPTOR SIMPLES (1 MÓDULO) COM 2 TOMADAS DE EMBUTIR 2P+T 10 A,  INCLUINDO SUPORTE E PLACA - FORNECIMENTO E INSTALAÇÃO. AF_12/2015","UN",56.01]
[92026,"INTERRUPTOR SIMPLES (2 MÓDULOS) COM 1 TOMADA DE EMBUTIR 2P+T 10 A,  SEM SUPORTE E SEM PLACA - FORNECIMENTO E INSTALAÇÃO. AF_12/2015","UN",45.06]
[92027,"INTERRUPTOR SIMPLES (2 MÓDULOS) COM 1 TOMADA DE EMBUTIR 2P+T 10 A,  INCLUINDO SUPORTE E PLACA - FORNECIMENTO E INSTALAÇÃO. AF_12/2015","UN",51.65]
[92028,"INTERRUPTOR PARALELO (1 MÓDULO) COM 1 TOMADA DE EMBUTIR 2P+T 10 A,  SEM SUPORTE E SEM PLACA - FORNECIMENTO E INSTALAÇÃO. AF_12/2015","UN",37.62]
[92029,"INTERRUPTOR PARALELO (1 MÓDULO) COM 1 TOMADA DE EMBUTIR 2P+T 10 A,  INCLUINDO SUPORTE E PLACA - FORNECIMENTO E INSTALAÇÃO. AF_12/2015","UN",44.21]
[92030,"INTERRUPTOR PARALELO (1 MÓDULO) COM 2 TOMADAS DE EMBUTIR 2P+T 10 A,  SEM SUPORTE E SEM PLACA - FORNECIMENTO E INSTALAÇÃO. AF_12/2015","UN",54.67]
[92031,"INTERRUPTOR PARALELO (1 MÓDULO) COM 2 TOMADAS DE EMBUTIR 2P+T 10 A,  INCLUINDO SUPORTE E PLACA - FORNECIMENTO E INSTALAÇÃO. AF_12/2015","UN",61.26]
[92032,"INTERRUPTOR PARALELO (2 MÓDULOS) COM 1 TOMADA DE EMBUTIR 2P+T 10 A,  SEM SUPORTE E SEM PLACA - FORNECIMENTO E INSTALAÇÃO. AF_12/2015","UN",55.59]
[92033,"INTERRUPTOR PARALELO (2 MÓDULOS) COM 1 TOMADA DE EMBUTIR 2P+T 10 A,  INCLUINDO SUPORTE E PLACA - FORNECIMENTO E INSTALAÇÃO. AF_12/2015","UN",62.18]
[92034,"INTERRUPTOR SIMPLES (1 MÓDULO), INTERRUPTOR PARALELO (1 MÓDULO) E 1 TOMADA DE EMBUTIR 2P+T 10 A,  SEM SUPORTE E SEM PLACA - FORNECIMENTO E INSTALAÇÃO. AF_12/2015","UN",50.34]
[92035,"INTERRUPTOR SIMPLES (1 MÓDULO), INTERRUPTOR PARALELO (1 MÓDULO) E 1 TOMADA DE EMBUTIR 2P+T 10 A,  INCLUINDO SUPORTE E PLACA - FORNECIMENTO E INSTALAÇÃO. AF_12/2015","UN",56.93]
[72278,"LAMPADA VAPOR METALICO 400W - FORNECIMENTO E INSTALACAO","UN",111.42]
[72280,"IGNITOR PARA PARTIDA LÂMPADA VAPOR SÓDIO ALTA PRESSÃO ATÉ 400W","UN",50.63]
["73953/4","LUMINÁRIAS TIPO CALHA, DE SOBREPOR, COM REATORES DE PARTIDA RÁPIDA E LÂMPADAS FLUORESCENTES 2X2X18W, COMPLETAS, FORNECIMENTO E INSTALAÇÃO","UN",140.83]
["73953/8","LUMINÁRIAS TIPO CALHA, DE SOBREPOR, COM REATORES DE PARTIDA RÁPIDA E LÂMPADAS FLUORESCENTES 2X2X36W, COMPLETAS, FORNECIMENTO E INSTALAÇÃO","UN",184.08]
["73953/9","LUMINARIA SOBREPOR TP CALHA C/REATOR PART CONVENC LAMP 1X20W E STARTERFIX EM LAJE OU FORRO - FORNECIMENTO E COLOCACAO","UN",53.72]
[83391,"REATOR PARA LAMPADA FLUORESCENTE 2X40W PARTIDA RAPIDA FORNECIMENTO E INSTALACAO","UN",28.75]
[83392,"REATOR PARA LAMPADA FLUORESCENTE 1X20W PARTIDA RAPIDA FORNECIMENTO E INSTALACAO","UN",21.14]
[83393,"REATOR PARA LAMPADA FLUORESCENTE 1X40W PARTIDA RAPIDA FORNECIMENTO E INSTALACAO","UN",27.33]
[83470,"LAMPADA FLUORESCENTE TP HO 85W - FORNECIMENTO E INSTALACAO","UN",108.69]
[93040,"LÂMPADA FLUORESCENTE COMPACTA 15 W 2U, BASE E27 - FORNECIMENTO E INSTALAÇÃO","UN",17.14]
[93041,"LÂMPADA FLUORESCENTE ESPIRAL BRANCA 65 W, BASE E27 - FORNECIMENTO E INSTALAÇÃO","UN",108.17]
[93042,"LÂMPADA LED 6 W BIVOLT BRANCA, FORMATO TRADICIONAL (BASE E27) - FORNECIMENTO E INSTALAÇÃO","UN",34.92]
[93043,"LÂMPADA LED 10 W BIVOLT BRANCA, FORMATO TRADICIONAL (BASE E27) - FORNECIMENTO E INSTALAÇÃO","UN",46.55]
[93044,"LÂMPADA FLUORESCENTE COMPACTA 3U BRANCA 20 W, BASE E27 - FORNECIMENTO E INSTALAÇÃO","UN",19.3]
[93045,"LÂMPADA FLUORESCENTE ESPIRAL BRANCA 45 W, BASE E27 - FORNECIMENTO E INSTALAÇÃO","UN",60.63]
[97583,"LUMINÁRIA TIPO CALHA, DE SOBREPOR, COM 1 LÂMPADA TUBULAR DE 18 W - FORNECIMENTO E INSTALAÇÃO. AF_11/2017","UN",43.7]
[97584,"LUMINÁRIA TIPO CALHA, DE SOBREPOR, COM 1 LÂMPADA TUBULAR DE 36 W - FORNECIMENTO E INSTALAÇÃO. AF_11/2017","UN",58.91]
[97585,"LUMINÁRIA TIPO CALHA, DE SOBREPOR, COM 2 LÂMPADAS TUBULARES DE 18 W - FORNECIMENTO E INSTALAÇÃO. AF_11/2017","UN",59.46]
[97586,"LUMINÁRIA TIPO CALHA, DE SOBREPOR, COM 2 LÂMPADAS TUBULARES DE 36 W - FORNECIMENTO E INSTALAÇÃO. AF_11/2017","UN",77.82]
[97587,"LUMINÁRIA TIPO CALHA, DE EMBUTIR, COM 2 LÂMPADAS DE 14 W COM REFLETOR - FORNECIMENTO E INSTALAÇÃO. AF_11/2017","UN",131.07]
[97589,"LUMINÁRIA TIPO PLAFON EM PLÁSTICO, DE SOBREPOR, COM 1 LÂMPADA DE 15 W, - FORNECIMENTO E INSTALAÇÃO. AF_11/2017","UN",35.46]
[97590,"LUMINÁRIA TIPO PLAFON REDONDO COM VIDRO FOSCO, DE SOBREPOR, COM 1 LÂMPADA DE 15 W - FORNECIMENTO E INSTALAÇÃO. AF_11/2017","UN",60.83]
[97591,"LUMINÁRIA TIPO PLAFON REDONDO COM VIDRO FOSCO, DE SOBREPOR, COM 2 LÂMPADAS DE 15 W - FORNECIMENTO E INSTALAÇÃO. AF_11/2017","UN",85.58]
[97592,"LUMINÁRIA TIPO PLAFON, DE SOBREPOR, COM 1 LÂMPADA LED - FORNECIMENTO E INSTALAÇÃO. AF_11/2017","UN",96.28]
[97593,"LUMINÁRIA TIPO SPOT, DE SOBREPOR, COM 1 LÂMPADA DE 15 W - FORNECIMENTO E INSTALAÇÃO. AF_11/2017","UN",78.96]
[97594,"LUMINÁRIA TIPO SPOT, DE SOBREPOR, COM 2 LÂMPADAS DE 15 W - FORNECIMENTO E INSTALAÇÃO. AF_11/2017","UN",84.19]
[97595,"SENSOR DE PRESENÇA COM FOTOCÉLULA, FIXAÇÃO EM PAREDE - FORNECIMENTO E INSTALAÇÃO. AF_11/2017","UN",48]
[97596,"SENSOR DE PRESENÇA SEM FOTOCÉLULA, FIXAÇÃO EM PAREDE - FORNECIMENTO E INSTALAÇÃO. AF_11/2017","UN",34.29]
[97597,"SENSOR DE PRESENÇA COM FOTOCÉLULA, FIXAÇÃO EM TETO - FORNECIMENTO E INSTALAÇÃO. AF_11/2017","UN",43.14]
[97598,"SENSOR DE PRESENÇA SEM FOTOCÉLULA, FIXAÇÃO EM TETO - FORNECIMENTO E INSTALAÇÃO. AF_11/2017","UN",41.39]
[97599,"LUMINÁRIA DE EMERGÊNCIA - FORNECIMENTO E INSTALAÇÃO. AF_11/2017","UN",36.1]
[97609,"LÂMPADA COMPACTA DE LED 6 W, BASE E27 - FORNECIMENTO E INSTALAÇÃO. AF_11/2017","UN",40.6]
[97610,"LÂMPADA COMPACTA DE LED 10 W, BASE E27 - FORNECIMENTO E INSTALAÇÃO. AF_11/2017","UN",52.23]
[97611,"LÂMPADA COMPACTA FLUORESCENTE DE 15 W, BASE E27 - FORNECIMENTO E INSTALAÇÃO. AF_11/2017","UN",22.82]
[97612,"LÂMPADA COMPACTA FLUORESCENTE DE 20 W, BASE E27 - FORNECIMENTO E INSTALAÇÃO. AF_11/2017","UN",24.98]
[97613,"LÂMPADA COMPACTA DE VAPOR MERCURIO 125 W, BASE E27 - FORNECIMENTO E INSTALAÇÃO. AF_11/2017","UN",32.11]
[97614,"LÂMPADA COMPACTA DE VAPOR METÁLICO OVOIDE 150 W, BASE E27 - FORNECIMENTO E INSTALAÇÃO. AF_11/2017","UN",57.89]
[97615,"LÂMPADA TUBULAR FLUORESCENTE T8 DE 16/18 W, BASE G13 - FORNECIMENTO E INSTALAÇÃO. AF_11/2017_P","UN",34.72]
[97616,"LÂMPADA TUBULAR FLUORESCENTE T8 DE 32/36 W, BASE G13 - FORNECIMENTO E INSTALAÇÃO. AF_11/2017_P","UN",38.54]
[97617,"LÂMPADA TUBULAR FLUORESCENTE T10 DE 20/40 W, BASE G13 - FORNECIMENTO E INSTALAÇÃO. AF_11/2017_P","UN",38.21]
[97618,"LÂMPADA TUBULAR FLUORESCENTE T5 DE 14 W, BASE G13 - FORNECIMENTO E INSTALAÇÃO. AF_11/2017_P","UN",37.74]
[41598,"ENTRADA PROVISORIA DE ENERGIA ELETRICA AEREA TRIFASICA 40A EM POSTE MADEIRA","UN",1431.67]
[72941,"APARELHO SINALIZADOR DE SAIDA DE GARAGEM, COM CELULA FOTOELETRICA - FORNECIMENTO E INSTALACAO","UN",179.71]
[73624,"SUPORTE PARA TRANSFORMADOR EM POSTE DE CONCRETO CIRCULAR","UN",90.49]
["73767/1","GRAMPO PARALELO EM ALUMINIO FUNDIDO OU ESTRUDADO DE 2 PARAFUSOS, PARA CABO DE 6 A 50 MM2, PASTA ANTIOXIDANTE. FORNEC E INSTALAÇÃO.","UN",10.77]
["73767/2","ALCA PRE-FORMADA DISTRIBUIÇÃO EM  ACO RECOBERTO COM ALUMINIO PARA CABO 25MM2, ENCAPADO. FORNECIMENTO E INSTALAÇÃO.","UN",10.95]
["73767/3","LACO DE ROLDANA PRE-FORMADO ACO RECOBERTO DE ALUMINIO PARA CABO DE ALUMINIO NU BITOLA 25MM2 - FORNECIMENTO E COLOCACAO","UN",7.95]
["73767/4","ALCA PRE-FORMADA DISTRIBUICAO EM ACO RECOBERTO COM ALUMINIO NU PARA CABO 25MM2, ENCAPADO. FORNECIMENTO E INSTALACAO.","UN",5.22]
["73767/5","ALCA PRE-FORMADA SERV DE ACO RECOB C/ALUM NU ENCAPADO 25MM2 (BITOLA)  CONF PROJ A4-148-CP RIOLUZ FORNECIMENTO E COLOCACAO","UN",4.78]
["73781/1","MUFLA TERMINAL PRIMARIA UNIPOLAR USO INTERNO PARA CABO 35/120MM2, ISOLACAO 15/25KV EM EPR - BORRACHA DE SILICONE. FORNECIMENTO E INSTALACAO.","UN",359.02]
["73781/2","ISOLADOR DE PINO TP HI-POT CILINDRICO CLASSE 15KV. FORNECIMENTO E INSTALACAO.","UN",31.44]
["73781/3","ISOLADOR DE SUSPENSAO (DISCO) TP CAVILHA CLASSE 15KV - 6''. FORNECIMENTO E INSTALACAO.","UN",96.06]
[88543,"ARMACAO SECUNDARIA OU REX COMPLETA PARA TRESLINHAS-FORNECIMENTO E INSTALACAO.","UN",146.91]
[88544,"ARMACAO SECUNDARIA OU REX COMPLETA PARA DUAS LINHAS-FORNECIMENTO E INSTALACAO.","UN",95.58]
[88545,"ARMACAO SECUNDARIA OU REX COMPLETA PARA QUATRO LINHAS-FORNECIMENTO E INSTALACAO.","UN",171.58]
[83397,"POSTE DE CONCRETO DUPLO T H=9M CARGA NOMINAL 500KG INCLUSIVE ESCAVACAO, EXCLUSIVE TRANSPORTE - FORNECIMENTO E INSTALACAO","UN",1133.21]
["73769/1","POSTE ACO CONICO CONTINUO CURVO SIMPLES SEM BASE C/JANELA 9M (INSPECAO) - FORNECIMENTO E INSTALACAO","UN",1176.12]
["73769/2","POSTE DE AÇO CONICO CONTÍNUO CURVO SIMPLES, FLANGEADO, COM JANELA DE INSPEÇÃO H=9M - FORNECIMENTO E INSTALACAO","UN",1177.58]
["73769/3","POSTE DE ACO CONICO CONTINUO CURVO DUPLO, FLANGEADO, COM JANELA DE INSPECAO H=9M - FORNECIMENTO E INSTALACAO","UN",1212.38]
["73769/4","POSTE DE ACO CONICO CONTINUO RETO, ENGASTADO, H=9M - FORNECIMENTO E INSTALACAO","UN",1223.22]
["73855/1","CHUMBADOR DE AÇO PARA FIXAÇÃO DE POSTE DE ACO RETO OU CURVO 7 A 9M COM FLANGE - FORNECIMENTO E INSTALACAO","UN",914.08]
[72281,"REATOR PARA LAMPADA VAPOR DE MERCURIO USO EXTERNO 220V/400W","UN",105.29]
[72282,"REATOR PARA LAMPADA VAPOR DE SODIO ALTA PRESSAO - 220V/250W - USO EXTERNO","UN",138.21]
["73831/2","LAMPADA DE VAPOR DE MERCURIO DE 250W - FORNECIMENTO E INSTALACAO","UN",48.57]
["73831/3","LAMPADA DE VAPOR DE MERCURIO DE 400W/250V - FORNECIMENTO E INSTALACAO","UN",64.52]
["73831/4","LAMPADA MISTA DE 160W - FORNECIMENTO E INSTALACAO","UN",31.14]
["73831/5","LAMPADA MISTA DE 250W - FORNECIMENTO E INSTALACAO","UN",40.62]
["73831/6","LAMPADA MISTA DE 500W - FORNECIMENTO E INSTALACAO","UN",72.75]
["73831/7","LAMPADA DE VAPOR DE SODIO DE 150WX220V - FORNECIMENTO E INSTALACAO","UN",57.99]
["73831/8","LAMPADA DE VAPOR DE SODIO DE 250WX220V - FORNECIMENTO E INSTALACAO","UN",66.29]
["73831/9","LAMPADA DE VAPOR DE SODIO DE 400WX220V - FORNECIMENTO E INSTALACAO","UN",76.49]
["74231/1","LUMINARIA ABERTA PARA ILUMINACAO PUBLICA, PARA LAMPADA A VAPOR DE MERCURIO ATE 400W E MISTA ATE 500W, COM BRACO EM TUBO DE ACO GALV D=50MM PROJ HOR=2.500MM E PROJ VERT= 2.200MM, FORNECIMENTO E INSTALACAO","UN",143.2]
["74246/1","REFLETOR RETANGULAR FECHADO COM LAMPADA VAPOR METALICO 400 W","UN",305.19]
[83399,"RELE FOTOELETRICO P/ COMANDO DE ILUMINACAO EXTERNA 220V/1000W - FORNECIMENTO E INSTALACAO","UN",31.48]
[83400,"BRACO P/ ILUMINACAO DE RUAS EM TUBO ACO GALV 1\" COMP = 1,20M E INCLINACAO 25GRAUS EM RELACAO AO PLANO VERTICAL P/ FIXACAO EM POSTE OU PAREDE - FORNECIMENTO E INSTALACAO","UN",101.06]
[83401,"BRACO P/ LUMINARIA PUBLICA 1 X 1,50 M, EM TUBO ACO GALV 3/4\u0094, P/ FIXACAO EM POSTE OU PAREDE - FORNECIMENTO E INSTALACAO","UN",101.06]
[83402,"ABRACADEIRA DE FIXACAO DE BRACOS DE LUMINARIAS DE 4\" - FORNECIMENTO E INSTALACAO","UN",53.08]
[83475,"LUMINARIA FECHADA PARA ILUMINACAO PUBLICA COM REATOR DE PARTIDA RAPIDA COM LAMPADA A VAPOR DE MERCURIO 250W - FORNECIMENTO E INSTALACAO","UN",369.82]
[83478,"LUMINARIA FECHADA PARA ILUMINACAO PUBLICA - LAMPADAS DE 250/500W - FORNECIMENTO E INSTALACAO (EXCLUINDO LAMPADAS)","UN",260.45]
[83479,"LUMINARIA ESTANQUE - PROTECAO CONTRA AGUA, POEIRA OU IMPACTOS - TIPO AQUATIC PIAL OU EQUIVALENTE","UN",107.41]
[83480,"REATOR PARA LAMPADA VAPOR DE MERCURIO 125W  USO EXTERNO","UN",86.06]
[83481,"REATOR PARA LAMPADA VAPOR DE MERCURIO 250W USO EXTERNO","UN",95.97]
[97600,"REFLETOR EM ALUMÍNIO COM SUPORTE E ALÇA, LÂMPADA 125 W - FORNECIMENTO E INSTALAÇÃO. AF_11/2017","UN",220.5]
[97601,"REFLETOR EM ALUMÍNIO COM SUPORTE E ALÇA, LÂMPADA 250 W - FORNECIMENTO E INSTALAÇÃO. AF_11/2017","UN",239.7]
[97605,"LUMINÁRIA ARANDELA TIPO MEIA-LUA, PARA 1 LÂMPADA LED - FORNECIMENTO E INSTALAÇÃO. AF_11/2017","UN",78.16]
[97606,"LUMINÁRIA ARANDELA TIPO MEIA-LUA, PARA 1 LÂMPADA DE 15 W - FORNECIMENTO E INSTALAÇÃO. AF_11/2017","UN",60.38]
[97607,"LUMINÁRIA ARANDELA TIPO TARTARUGA PARA 1 LÂMPADA LED - FORNECIMENTO E INSTALAÇÃO. AF_11/2017","UN",120.83]
[97608,"LUMINÁRIA ARANDELA TIPO TARTARUGA, COM GRADE, PARA 1 LÂMPADA DE 15 W - FORNECIMENTO E INSTALAÇÃO. AF_11/2017","UN",85.27]
["73857/1","TRANSFORMADOR DISTRIBUICAO  75KVA TRIFASICO 60HZ CLASSE 15KV IMERSO EM ÓLEO MINERAL FORNECIMENTO E INSTALACAO","UN",6855]
["73857/2","TRANSFORMADOR DISTRIBUICAO  112,5KVA TRIFASICO 60HZ CLASSE 15KV IMERSO EM ÓLEO MINERAL FORNECIMENTO E INSTALACAO","UN",8471.46]
["73857/3","TRANSFORMADOR DISTRIBUICAO  150KVA TRIFASICO 60HZ CLASSE 15KV IMERSO EM ÓLEO MINERAL FORNECIMENTO E INSTALACAO","UN",10677.89]
["73857/4","TRANSFORMADOR DISTRIBUICAO  225KVA TRIFASICO 60HZ CLASSE 15KV IMERSO EM ÓLEO MINERAL FORNECIMENTO E INSTALACAO","UN",14948.67]
["73857/5","TRANSFORMADOR DISTRIBUICAO  300KVA TRIFASICO 60HZ CLASSE 15KV IMERSO EM ÓLEO MINERAL FORNECIMENTO E INSTALACAO","UN",17436.5]
["73857/6","TRANSFORMADOR DISTRIBUICAO  500KVA TRIFASICO 60HZ CLASSE 15KV IMERSO EM ÓLEO MINERAL FORNECIMENTO E INSTALACAO","UN",28365.41]
["73857/7","TRANSFORMADOR DISTRIBUICAO  30KVA TRIFASICO 60HZ CLASSE 15KV IMERSO EM ÓLEO MINERAL FORNECIMENTO E INSTALACAO","UN",4729.03]
["73857/8","TRANSFORMADOR DISTRIBUICAO  45KVA TRIFASICO 60HZ CLASSE 15KV IMERSO EM ÓLEO MINERAL FORNECIMENTO E INSTALACAO","UN",5298.79]
["73857/9","TRANSFORMADOR DISTRIBUICAO  750KVA TRIFASICO 60HZ CLASSE 15KV IMERSO EM ÓLEO MINERAL FORNECIMENTO E INSTALACAO","UN",38857.02]
["73857/10","TRANSFORMADOR DISTRIBUICAO  1000KVA TRIFASICO 60HZ CLASSE 15KV IMERSO EM ÓLEO MINERAL FORNECIMENTO E INSTALACAO","UN",54339.39]
[93128,"PONTO DE ILUMINAÇÃO RESIDENCIAL INCLUINDO INTERRUPTOR SIMPLES, CAIXA ELÉTRICA, ELETRODUTO, CABO, RASGO, QUEBRA E CHUMBAMENTO (EXCLUINDO LUMINÁRIA E LÂMPADA). AF_01/2016","UN",123.03]
[93137,"PONTO DE ILUMINAÇÃO RESIDENCIAL INCLUINDO INTERRUPTOR SIMPLES (2 MÓDULOS), CAIXA ELÉTRICA, ELETRODUTO, CABO, RASGO, QUEBRA E CHUMBAMENTO (EXCLUINDO LUMINÁRIA E LÂMPADA). AF_01/2016","UN",144.35]
[93138,"PONTO DE ILUMINAÇÃO RESIDENCIAL INCLUINDO INTERRUPTOR PARALELO, CAIXA ELÉTRICA, ELETRODUTO, CABO, RASGO, QUEBRA E CHUMBAMENTO (EXCLUINDO LUMINÁRIA E LÂMPADA). AF_01/2016","UN",136.92]
[93139,"PONTO DE ILUMINAÇÃO RESIDENCIAL INCLUINDO INTERRUPTOR PARALELO (2 MÓDULOS), CAIXA ELÉTRICA, ELETRODUTO, CABO, RASGO, QUEBRA E CHUMBAMENTO (EXCLUINDO LUMINÁRIA E LÂMPADA). AF_01/2016","UN",172.09]
[93140,"PONTO DE ILUMINAÇÃO RESIDENCIAL INCLUINDO INTERRUPTOR SIMPLES CONJUGADO COM PARALELO, CAIXA ELÉTRICA, ELETRODUTO, CABO, RASGO, QUEBRA E CHUMBAMENTO (EXCLUINDO LUMINÁRIA E LÂMPADA). AF_01/2016","UN",162.5]
[93141,"PONTO DE TOMADA RESIDENCIAL INCLUINDO TOMADA 10A/250V, CAIXA ELÉTRICA, ELETRODUTO, CABO, RASGO, QUEBRA E CHUMBAMENTO. AF_01/2016","UN",147.34]
[93142,"PONTO DE TOMADA RESIDENCIAL INCLUINDO TOMADA (2 MÓDULOS) 10A/250V, CAIXA ELÉTRICA, ELETRODUTO, CABO, RASGO, QUEBRA E CHUMBAMENTO. AF_01/2016","UN",164.37]
[93143,"PONTO DE TOMADA RESIDENCIAL INCLUINDO TOMADA 20A/250V, CAIXA ELÉTRICA, ELETRODUTO, CABO, RASGO, QUEBRA E CHUMBAMENTO. AF_01/2016","UN",149.12]
[93144,"PONTO DE UTILIZAÇÃO DE EQUIPAMENTOS ELÉTRICOS, RESIDENCIAL, INCLUINDO SUPORTE E PLACA, CAIXA ELÉTRICA, ELETRODUTO, CABO, RASGO, QUEBRA E CHUMBAMENTO. AF_01/2016","UN",185.04]
[93145,"PONTO DE ILUMINAÇÃO E TOMADA, RESIDENCIAL, INCLUINDO INTERRUPTOR SIMPLES E TOMADA 10A/250V, CAIXA ELÉTRICA, ELETRODUTO, CABO, RASGO, QUEBRA E CHUMBAMENTO (EXCLUINDO LUMINÁRIA E LÂMPADA). AF_01/2016","UN",177.23]
[93146,"PONTO DE ILUMINAÇÃO E TOMADA, RESIDENCIAL, INCLUINDO INTERRUPTOR PARALELO E TOMADA 10A/250V, CAIXA ELÉTRICA, ELETRODUTO, CABO, RASGO, QUEBRA E CHUMBAMENTO (EXCLUINDO LUMINÁRIA E LÂMPADA). AF_01/2016","UN",191.12]
[93147,"PONTO DE ILUMINAÇÃO E TOMADA, RESIDENCIAL, INCLUINDO INTERRUPTOR SIMPLES, INTERRUPTOR PARALELO E TOMADA 10A/250V, CAIXA ELÉTRICA, ELETRODUTO, CABO, RASGO, QUEBRA E CHUMBAMENTO (EXCLUINDO LUMINÁRIA E LÂMPADA). AF_01/2016","UN",216.75]
[8260,"INSTALACAO PARA-RAIOS P/RESERVATORIO","UN",2672.26]
[72315,"TERMINAL AEREO EM ACO GALVANIZADO COM BASE DE FIXACAO H = 30CM","UN",29.17]
[96971,"CORDOALHA DE COBRE NU 16 MM², NÃO ENTERRADA, COM ISOLADOR - FORNECIMENTO E INSTALAÇÃO. AF_12/2017","M",21.38]
[96972,"CORDOALHA DE COBRE NU 25 MM², NÃO ENTERRADA, COM ISOLADOR - FORNECIMENTO E INSTALAÇÃO. AF_12/2017","M",29.15]
[96973,"CORDOALHA DE COBRE NU 35 MM², NÃO ENTERRADA, COM ISOLADOR - FORNECIMENTO E INSTALAÇÃO. AF_12/2017","M",36.29]
[96974,"CORDOALHA DE COBRE NU 50 MM², NÃO ENTERRADA, COM ISOLADOR - FORNECIMENTO E INSTALAÇÃO. AF_12/2017","M",45.37]
[96975,"CORDOALHA DE COBRE NU 70 MM², NÃO ENTERRADA, COM ISOLADOR - FORNECIMENTO E INSTALAÇÃO. AF_12/2017","M",56.98]
[96976,"CORDOALHA DE COBRE NU 95 MM², NÃO ENTERRADA, COM ISOLADOR - FORNECIMENTO E INSTALAÇÃO. AF_12/2017","M",71.84]
[96977,"CORDOALHA DE COBRE NU 50 MM², ENTERRADA, SEM ISOLADOR - FORNECIMENTO E INSTALAÇÃO. AF_12/2017","M",23.67]
[96978,"CORDOALHA DE COBRE NU 70 MM², ENTERRADA, SEM ISOLADOR - FORNECIMENTO E INSTALAÇÃO. AF_12/2017","M",33.06]
[96979,"CORDOALHA DE COBRE NU 95 MM², ENTERRADA, SEM ISOLADOR - FORNECIMENTO E INSTALAÇÃO. AF_12/2017","M",46.12]
[96984,"ELETRODUTO PVC 40MM (1 ¼ ) PARA SPDA - FORNECIMENTO E INSTALAÇÃO. AF_12/2017","UN",48.26]
[96985,"HASTE DE ATERRAMENTO 5/8  PARA SPDA - FORNECIMENTO E INSTALAÇÃO. AF_12/2017","UN",48.88]
[96986,"HASTE DE ATERRAMENTO 3/4  PARA SPDA - FORNECIMENTO E INSTALAÇÃO. AF_12/2017","UN",73.25]
[96987,"BASE METÁLICA PARA MASTRO 1 ½  PARA SPDA - FORNECIMENTO E INSTALAÇÃO. AF_12/2017","UN",96.88]
[96988,"MASTRO 1 ½  PARA SPDA - FORNECIMENTO E INSTALAÇÃO. AF_12/2017","UN",116.57]
[96989,"CAPTOR TIPO FRANKLIN PARA SPDA - FORNECIMENTO E INSTALAÇÃO. AF_12/2017","UN",77.09]
[98463,"SUPORTE ISOLADOR PARA CORDOALHA DE COBRE - FORNECIMENTO E INSTALAÇÃO. AF_12/2017","UN",20.23]
[9535,"CHUVEIRO ELETRICO COMUM CORPO PLASTICO TIPO DUCHA, FORNECIMENTO E INSTALACAO","UN",67.77]
[72327,"FUSÍVEL TIPO \"DIAZED\", TIPO RÁPIDO OU RETARDADO - 2/25A - FORNECIMENTO E INSTALACAO","UN",7.23]
[72328,"FUSÍVEL TIPO \"DIAZED\", TIPO RÁPIDO OU RETARDADO - 35/63A - FORNECIMENTO E INSTALACAO","UN",8.55]
[72330,"FUSÍVEL TIPO NH 200A - TAMANHO 01 - FORNECIMENTO E INSTALACAO","UN",37.18]
["73780/2","CHAVE BLINDADA TRIPOLAR 250V, 30A - FORNECIMENTO E INSTALACAO","UN",222.49]
["73780/3","CHAVE BLINDADA TRIPOLAR 250V, 60A - FORNECIMENTO E INSTALACAO","UN",339.73]
["73780/4","CHAVE BLINDADA TRIPOLAR 250V, 100A - FORNECIMENTO E INSTALACAO","UN",623.89]
[83482,"FUSIVEL TIPO NH 250 A, TAMANHO 1 - FORNECIMENTO E INSTALACAO","UN",37.18]
[83487,"BASE PARA FUSIVEL (PORTA-FUSIVEL) NH 01 250A","UN",107.44]
[83490,"CHAVE FACA TRIPOLAR BLINDADA 250V/30A - FORNECIMENTO E INSTALACAO","UN",218.07]
[83491,"CHAVE GUARDA MOTOR TRIFASICO 5CV/220V C/ CHAVE MAGNETICA - FORNECIMENTO E INSTALACAO","UN",312.05]
[83492,"CHAVE GUARDA MOTOR TRIFISICA 10CV/220V C/ CHAVE MAGNETICA - FORNECIMENTO E INSTALACAO","UN",467.27]
[83493,"FUSIVEL TIPO NH 250A - TAMANHO 01 - FORNECIMENTO E INSTALACAO","UN",37.18]
[85195,"CHAVE DE BOIA AUTOMÁTICA","UN",71.19]
[88547,"CHAVE DE BOIA AUTOMÁTICA SUPERIOR 10A/250V - FORNECIMENTO E INSTALACAO","UN",79.47]
[72283,"ABRIGO PARA HIDRANTE, 75X45X17CM, COM REGISTRO GLOBO ANGULAR 45º 2.1/2\", ADAPTADOR STORZ 2.1/2\", MANGUEIRA DE INCÊNDIO 15M, REDUÇÃO 2.1/2X1.1/2\" E ESGUICHO EM LATÃO 1.1/2\" - FORNECIMENTO E INSTALAÇÃO","UN",955.12]
[72287,"CAIXA DE INCÊNDIO 45X75X17CM - FORNECIMENTO E INSTALAÇÃO","UN",212.61]
[72288,"CAIXA DE INCÊNDIO 60X75X17CM - FORNECIMENTO E INSTALAÇÃO","UN",263]
[72553,"EXTINTOR DE PQS 4KG - FORNECIMENTO E INSTALACAO","UN",119.17]
[72554,"EXTINTOR DE CO2 6KG - FORNECIMENTO E INSTALACAO","UN",388.41]
["73775/1","EXTINTOR INCENDIO TP PO QUIMICO 4KG FORNECIMENTO E COLOCACAO","UN",127.5]
["73775/2","EXTINTOR INCENDIO AGUA-PRESSURIZADA 10L INCL SUPORTE PAREDE CARGA     COMPLETA FORNECIMENTO E COLOCACAO","UN",131.11]
[83633,"HIDRANTE SUBTERRANEO FERRO FUNDIDO C/ CURVA LONGA E CAIXA DN=75MM","UN",1397.16]
[83634,"EXTINTOR INCENDIO TP GAS CARBONICO 4KG COMPLETO - FORNECIMENTO E INSTALACAO","UN",367.89]
[83635,"EXTINTOR INCENDIO TP PO QUIMICO 6KG - FORNECIMENTO E INSTALACAO","UN",146.74]
[96765,"ABRIGO PARA HIDRANTE, 90X60X17CM, COM REGISTRO GLOBO ANGULAR 45 GRAUS 2 1/2\", ADAPTADOR STORZ 2 1/2\", MANGUEIRA DE INCÊNDIO 20M, REDUÇÃO 2 1/2 X 1 1/2\" E ESGUICHO EM LATÃO 1 1/2\" - FORNECIMENTO E INSTALAÇÃO. AF_08/2017","UN",1110.74]
[72337,"TOMADA PARA TELEFONE DE 4 POLOS PADRAO TELEBRAS - FORNECIMENTO E INSTALACAO","UN",24.17]
["73749/1","CAIXA ENTERRADA PARA INSTALACOES TELEFONICAS TIPO R1 0,60X0,35X0,50M EM BLOCOS DE CONCRETO ESTRUTURAL","UN",190.86]
["73749/2","CAIXA ENTERRADA PARA INSTALACOES TELEFONICAS TIPO R2 1,07X0,52X0,50M EM BLOCOS DE CONCRETO ESTRUTURAL","UN",344.73]
["73749/3","CAIXA ENTERRADA PARA INSTALACOES TELEFONICAS TIPO R3 1,30X1,20X1,20M EM BLOCOS DE CONCRETO ESTRUTURAL","UN",1127.32]
["73768/1","FIO TELEFONICO FI 0,6MM, 2 CONDUTORES (USO INTERNO)-  FORNECIMENTO E INSTALACAO","M",1.79]
[83366,"CAIXA DE PASSAGEM PARA TELEFONE 15X15X10CM (SOBREPOR), FORNECIMENTO E INSTALACAO.","UN",63.17]
[83367,"CAIXA DE PASSAGEM PARA TELEFONE 80X80X15CM (SOBREPOR) FORNECIMENTO E INSTALACAO","UN",305.07]
[83368,"CAIXA DE PASSAGEM PARA TELEFONE 150X150X15CM (SOBREPOR) FORNECIMENTO E INSTALACAO","UN",874.07]
[83369,"QUADRO DE DISTRIBUICAO PARA TELEFONE N.4, 60X60X12CM EM CHAPA METALICA, DE EMBUTIR, SEM ACESSORIOS, PADRAO TELEBRAS, FORNECIMENTO E INSTALACAO","UN",221.78]
[83370,"QUADRO DE DISTRIBUICAO PARA TELEFONE N.3, 40X40X12CM EM CHAPA METALICA, DE EMBUTIR, SEM ACESSORIOS, PADRAO TELEBRAS, FORNECIMENTO E INSTALACAO","UN",151.52]
[83371,"QUADRO DE DISTRIBUICAO PARA TELEFONE N.2, 20X20X12CM EM CHAPA METALICA, DE EMBUTIR, SEM ACESSORIOS, PADRAO TELEBRAS, FORNECIMENTO E INSTALACAO","UN",98.61]
[83639,"CABO TELEFONICO CT-APL-50, 100 PARES (USO EXTERNO) - FORNECIMENTO E INSTALACAO","M",49.26]
[84676,"QUADRO DE DISTRIBUICAO PARA TELEFONE N.5, 80X80X12CM EM CHAPA METALICA, SEM ACESSORIOS, PADRAO TELEBRAS, FORNECIMENTO E INSTALACAO","UN",291.74]
[84796,"TAMPAO FOFO P/ CAIXA R2 PADRAO TELEBRAS COMPLETO - FORNECIMENTO E INSTALACAO","UN",483.03]
[84798,"TAMPAO FOFO P/ CAIXA R1 PADRAO TELEBRAS COMPLETO - FORNECIMENTO E INSTALACAO","UN",227.01]
[98261,"CABO TELEFÔNICO CCI-50 1 PAR, INSTALADO EM ENTRADA DE EDIFICAÇÃO - FORNECIMENTO E INSTALAÇÃO. AF_03/2018","M",3.1]
[98262,"CABO TELEFÔNICO CCI-50 2 PARES, SEM BLINDAGEM, INSTALADO EM ENTRADA DE EDIFICAÇÃO - FORNECIMENTO E INSTALAÇÃO. AF_03/2018","M",3.56]
[98263,"CABO TELEFÔNICO CCI-50 3 PARES, SEM BLINDAGEM, INSTALADO EM ENTRADA DE EDIFICAÇÃO - FORNECIMENTO E INSTALAÇÃO. AF_03/2018","M",4.1]
[98264,"CABO TELEFÔNICO CCI-50 4 PARES, SEM BLINDAGEM, INSTALADO EM ENTRADA DE EDIFICAÇÃO - FORNECIMENTO E INSTALAÇÃO. AF_03/2018","M",4.54]
[98265,"CABO TELEFÔNICO CCI-50 5 PARES, SEM BLINDAGEM, INSTALADO EM ENTRADA DE EDIFICAÇÃO - FORNECIMENTO E INSTALAÇÃO. AF_03/2018","M",5.16]
[98266,"CABO TELEFÔNICO CCI-50 6 PARES, SEM BLINDAGEM, INSTALADO EM ENTRADA DE EDIFICAÇÃO - FORNECIMENTO E INSTALAÇÃO. AF_03/2018","M",5.51]
[98267,"CABO TELEFÔNICO CI-50 10 PARES INSTALADO EM ENTRADA DE EDIFICAÇÃO - FORNECIMENTO E INSTALAÇÃO. AF_03/2018","M",8.76]
[98268,"CABO TELEFÔNICO CI-50 20 PARES INSTALADO EM ENTRADA DE EDIFICAÇÃO - FORNECIMENTO E INSTALAÇÃO. AF_03/2018","M",13.82]
[98269,"CABO TELEFÔNICO CI-50 30 PARES INSTALADO EM ENTRADA DE EDIFICAÇÃO - FORNECIMENTO E INSTALAÇÃO. AF_03/2018","M",17.61]
[98270,"CABO TELEFÔNICO CI-50 50 PARES INSTALADO EM ENTRADA DE EDIFICAÇÃO - FORNECIMENTO E INSTALAÇÃO. AF_03/2018","M",28]
[98271,"CABO TELEFÔNICO CI-50 75 PARES INSTALADO EM ENTRADA DE EDIFICAÇÃO - FORNECIMENTO E INSTALAÇÃO. AF_03/2018","M",42.8]
[98272,"CABO TELEFÔNICO CI-50 200 PARES INSTALADO EM ENTRADA DE EDIFICAÇÃO - FORNECIMENTO E INSTALAÇÃO. AF_03/2018","M",98.85]
[98273,"CABO TELEFÔNICO CCI-50 4 PARES, SEM BLINDAGEM, INSTALADO EM PRUMADA - FORNECIMENTO E INSTALAÇÃO. AF_03/2018","M",1.93]
[98274,"CABO TELEFÔNICO CCI-50 5 PARES, SEM BLINDAGEM, INSTALADO EM PRUMADA - FORNECIMENTO E INSTALAÇÃO. AF_03/2018","M",2.56]
[98275,"CABO TELEFÔNICO CCI-50 6 PARES, SEM BLINDAGEM, INSTALADO EM PRUMADA - FORNECIMENTO E INSTALAÇÃO. AF_03/2018","M",2.9]
[98276,"CABO TELEFÔNICO CI-50 10 PARES INSTALADO EM PRUMADA - FORNECIMENTO E INSTALAÇÃO. AF_03/2018","M",6.16]
[98277,"CABO TELEFÔNICO CI-50 20 PARES INSTALADO EM PRUMADA - FORNECIMENTO E INSTALAÇÃO. AF_03/2018","M",11.21]
[98278,"CABO TELEFÔNICO CI-50 30 PARES INSTALADO EM PRUMADA - FORNECIMENTO E INSTALAÇÃO. AF_03/2018","M",15.02]
[98279,"CABO TELEFÔNICO CI-50 50 PARES INSTALADO EM PRUMADA - FORNECIMENTO E INSTALAÇÃO. AF_03/2018","M",25.39]
[98280,"CABO TELEFÔNICO CCI-50 1 PAR, SEM BLINDAGEM, INSTALADO EM DISTRIBUIÇÃO DE EDIFICAÇÃO RESIDENCIAL - FORNECIMENTO E INSTALAÇÃO. AF_03/2018","M",6.46]
[98281,"CABO TELEFÔNICO CCI-50 2 PARES, SEM BLINDAGEM, INSTALADO EM DISTRIBUIÇÃO DE EDIFICAÇÃO RESIDENCIAL - FORNECIMENTO E INSTALAÇÃO. AF_03/2018","M",6.91]
[98282,"CABO TELEFÔNICO CCI-50 3 PARES, SEM BLINDAGEM, INSTALADO EM DISTRIBUIÇÃO DE EDIFICAÇÃO RESIDENCIAL - FORNECIMENTO E INSTALAÇÃO. AF_03/2018","M",7.46]
[98283,"CABO TELEFÔNICO CCI-50 4 PARES, SEM BLINDAGEM, INSTALADO EM DISTRIBUIÇÃO DE EDIFICAÇÃO RESIDENCIAL - FORNECIMENTO E INSTALAÇÃO. AF_03/2018","M",7.9]
[98284,"CABO TELEFÔNICO CCI-50 5 PARES, SEM BLINDAGEM, INSTALADO EM DISTRIBUIÇÃO DE EDIFICAÇÃO RESIDENCIAL - FORNECIMENTO E INSTALAÇÃO. AF_03/2018","M",8.51]
[98285,"CABO TELEFÔNICO CCI-50 6 PARES, SEM BLINDAGEM, INSTALADO EM DISTRIBUIÇÃO DE EDIFICAÇÃO RESIDENCIAL - FORNECIMENTO E INSTALAÇÃO. AF_03/2018","M",8.86]
[98286,"CABO TELEFÔNICO CI-50 10 PARES INSTALADO EM DISTRIBUIÇÃO DE EDIFICAÇÃO RESIDENCIAL - FORNECIMENTO E INSTALAÇÃO. AF_03/2018","M",12.12]
[98287,"CABO TELEFÔNICO CCI-50 1 PAR, SEM BLINDAGEM, INSTALADO EM DISTRIBUIÇÃO DE EDIFICAÇÃO INSTITUCIONAL - FORNECIMENTO E INSTALAÇÃO. AF_03/2018","M",1.09]
[98288,"CABO TELEFÔNICO CCI-50 2 PARES, SEM BLINDAGEM, INSTALADO EM DISTRIBUIÇÃO DE EDIFICAÇÃO INSTITUCIONAL - FORNECIMENTO E INSTALAÇÃO. AF_03/2018","M",1.54]
[98289,"CABO TELEFÔNICO CCI-50 3 PARES, SEM BLINDAGEM, INSTALADO EM DISTRIBUIÇÃO DE EDIFICAÇÃO INSTITUCIONAL - FORNECIMENTO E INSTALAÇÃO. AF_03/2018","M",2.09]
[98290,"CABO TELEFÔNICO CCI-50 4 PARES, SEM BLINDAGEM, INSTALADO EM DISTRIBUIÇÃO DE EDIFICAÇÃO INSTITUCIONAL - FORNECIMENTO E INSTALAÇÃO. AF_03/2018","M",2.53]
[98291,"CABO TELEFÔNICO CCI-50 5 PARES, SEM BLINDAGEM, INSTALADO EM DISTRIBUIÇÃO DE EDIFICAÇÃO INSTITUCIONAL - FORNECIMENTO E INSTALAÇÃO. AF_03/2018","M",3.15]
[98292,"CABO TELEFÔNICO CCI-50 6 PARES, SEM BLINDAGEM, INSTALADO EM DISTRIBUIÇÃO DE EDIFICAÇÃO INSTITUCIONAL - FORNECIMENTO E INSTALAÇÃO. AF_03/2018","M",3.49]
[98293,"CABO TELEFÔNICO CI-50 10 PARES INSTALADO EM DISTRIBUIÇÃO DE EDIFICAÇÃO INSTITUCIONAL - FORNECIMENTO E INSTALAÇÃO. AF_03/2018","M",6.76]
[98400,"CABO TELEFÔNICO CTP-APL-50 10 PARES INSTALADO EM ENTRADA DE EDIFICAÇÃO - FORNECIMENTO E INSTALAÇÃO. AF_04/2018","M",10.2]
[98401,"CABO TELEFÔNICO CTP-APL-50 20 PARES INSTALADO EM ENTRADA DE EDIFICAÇÃO - FORNECIMENTO E INSTALAÇÃO. AF_04/2018","M",15.36]
[98402,"CABO TELEFÔNICO CTP-APL-50 30 PARES INSTALADO EM ENTRADA DE EDIFICAÇÃO - FORNECIMENTO E INSTALAÇÃO. AF_04/2018","M",19.67]
[98397,"PINTURA ANTICORROSIVA DE DUTO METÁLICO. AF_04/2018","M2",10.05]
["74003/1","INSTALACOES GAS CENTRAL P/ EDIFICIO RESIDENCIAL C/ 4 PAVTOS 16 UNID.  UMA CENTRAL POR BLOCO COM 16 PONTOS","UN",6322.85]
[85120,"MANOMETRO 0 A 200 PSI (0 A 14 KGF/CM2), D = 50MM - FORNECIMENTO E COLOCACAO","UN",128.29]
[83486,"BOMBA CENTRIFUGA C/ MOTOR ELETRICO TRIFASICO 1CV","UN",1168.7]
[83643,"BOMBA SUBMERSIVEL ELETRICA, TRIFASICA, POTÊNCIA 3,75 HP, DIAMETRO DO ROTOR 90 MM SEMIABERTO, BOCAL DE SAIDA DIAMETRO DE 2 POLEGADAS, HM/Q = 5 M / 61,2 M3/H A 25,5 M / 3,6 M3/H","UN",2731.08]
[83644,"BOMBA RECALQUE D'AGUA TRIFASICA 10,0 HP","UN",4671.34]
[83645,"BOMBA RECALQUE D'AGUA TRIFASICA 3,0 HP","UN",1551.89]
[83646,"BOMBA RECALQUE D'AGUA DE ESTAGIOS TRIFASICA 2,0 HP","UN",1785.6]
[83647,"BOMBA RECALQUE D'AGUA TRIFASICA 1,5HP","UN",1202.13]
[83648,"BOMBA RECALQUE D'AGUA TRIFASICA 0,5 HP","UN",806.99]
[83649,"BOMBA RECALQUE D'AGUA PREDIO 6 A 10 PAVTOS - 2UD","UN",4709.07]
[83650,"BOMBA RECALQUE D'AGUA PREDIO 3 A 5 PAVTOS - 2UD","UN",4009.55]
[98294,"CABO ELETRÔNICO CATEGORIA 5E, INSTALADO EM EDIFICAÇÃO RESIDENCIAL - FORNECIMENTO E INSTALAÇÃO. AF_03/2018","M",2.27]
[98295,"CABO ELETRÔNICO CATEGORIA 5E, INSTALADO EM EDIFICAÇÃO INSTITUCIONAL - FORNECIMENTO E INSTALAÇÃO. AF_03/2018","M",1.66]
[98296,"CABO ELETRÔNICO CATEGORIA 6, INSTALADO EM EDIFICAÇÃO RESIDENCIAL - FORNECIMENTO E INSTALAÇÃO. AF_03/2018","M",3.5]
[98297,"CABO ELETRÔNICO CATEGORIA 6, INSTALADO EM EDIFICAÇÃO INSTITUCIONAL - FORNECIMENTO E INSTALAÇÃO. AF_03/2018","M",2.52]
[98301,"PATCH PANEL 24 PORTAS, CATEGORIA 5E - FORNECIMENTO E INSTALAÇÃO. AF_03/2018","UN",507.05]
[98302,"PATCH PANEL 24 PORTAS, CATEGORIA 6 - FORNECIMENTO E INSTALAÇÃO. AF_03/2018","UN",684.43]
[98304,"PATCH PANEL 48 PORTAS, CATEGORIA 6 - FORNECIMENTO E INSTALAÇÃO. AF_03/2018","UN",1094.41]
[98307,"TOMADA DE REDE RJ45 - FORNECIMENTO E INSTALAÇÃO. AF_03/2018","UN",37.96]
[98308,"TOMADA PARA TELEFONE RJ11 - FORNECIMENTO E INSTALAÇÃO. AF_03/2018","UN",25.37]
[98593,"PATCH PANEL 48 PORTAS, CATEGORIA 5E - FORNECIMENTO E INSTALAÇÃO. AF_04/2018","UN",882.55]
[89355,"TUBO, PVC, SOLDÁVEL, DN 20MM, INSTALADO EM RAMAL OU SUB-RAMAL DE ÁGUA - FORNECIMENTO E INSTALAÇÃO. AF_12/2014","M",15.73]
[89356,"TUBO, PVC, SOLDÁVEL, DN 25MM, INSTALADO EM RAMAL OU SUB-RAMAL DE ÁGUA - FORNECIMENTO E INSTALAÇÃO. AF_12/2014","M",18.44]
[89357,"TUBO, PVC, SOLDÁVEL, DN 32MM, INSTALADO EM RAMAL OU SUB-RAMAL DE ÁGUA - FORNECIMENTO E INSTALAÇÃO. AF_12/2014","M",24.55]
[89401,"TUBO, PVC, SOLDÁVEL, DN 20MM, INSTALADO EM RAMAL DE DISTRIBUIÇÃO DE ÁGUA - FORNECIMENTO E INSTALAÇÃO. AF_12/2014","M",6.08]
[89402,"TUBO, PVC, SOLDÁVEL, DN 25MM, INSTALADO EM RAMAL DE DISTRIBUIÇÃO DE ÁGUA - FORNECIMENTO E INSTALAÇÃO. AF_12/2014","M",7.32]
[89403,"TUBO, PVC, SOLDÁVEL, DN 32MM, INSTALADO EM RAMAL DE DISTRIBUIÇÃO DE ÁGUA - FORNECIMENTO E INSTALAÇÃO. AF_12/2014","M",11.26]
[89446,"TUBO, PVC, SOLDÁVEL, DN 25MM, INSTALADO EM PRUMADA DE ÁGUA - FORNECIMENTO E INSTALAÇÃO. AF_12/2014","M",3.1]
[89447,"TUBO, PVC, SOLDÁVEL, DN 32MM, INSTALADO EM PRUMADA DE ÁGUA - FORNECIMENTO E INSTALAÇÃO. AF_12/2014","M",6.29]
[89448,"TUBO, PVC, SOLDÁVEL, DN 40MM, INSTALADO EM PRUMADA DE ÁGUA - FORNECIMENTO E INSTALAÇÃO. AF_12/2014","M",8.96]
[89449,"TUBO, PVC, SOLDÁVEL, DN 50MM, INSTALADO EM PRUMADA DE ÁGUA - FORNECIMENTO E INSTALAÇÃO. AF_12/2014","M",10.33]
[89450,"TUBO, PVC, SOLDÁVEL, DN 60MM, INSTALADO EM PRUMADA DE ÁGUA - FORNECIMENTO E INSTALAÇÃO. AF_12/2014","M",16.81]
[89451,"TUBO, PVC, SOLDÁVEL, DN 75MM, INSTALADO EM PRUMADA DE ÁGUA - FORNECIMENTO E INSTALAÇÃO. AF_12/2014","M",27.51]
[89452,"TUBO, PVC, SOLDÁVEL, DN 85MM, INSTALADO EM PRUMADA DE ÁGUA - FORNECIMENTO E INSTALAÇÃO. AF_12/2014","M",34.15]
[89508,"TUBO PVC, SÉRIE R, ÁGUA PLUVIAL, DN 40 MM, FORNECIDO E INSTALADO EM RAMAL DE ENCAMINHAMENTO. AF_12/2014","M",15.57]
[89509,"TUBO PVC, SÉRIE R, ÁGUA PLUVIAL, DN 50 MM, FORNECIDO E INSTALADO EM RAMAL DE ENCAMINHAMENTO. AF_12/2014","M",20.85]
[89511,"TUBO PVC, SÉRIE R, ÁGUA PLUVIAL, DN 75 MM, FORNECIDO E INSTALADO EM RAMAL DE ENCAMINHAMENTO. AF_12/2014","M",30.88]
[89512,"TUBO PVC, SÉRIE R, ÁGUA PLUVIAL, DN 100 MM, FORNECIDO E INSTALADO EM RAMAL DE ENCAMINHAMENTO. AF_12/2014","M",48]
[89576,"TUBO PVC, SÉRIE R, ÁGUA PLUVIAL, DN 75 MM, FORNECIDO E INSTALADO EM CONDUTORES VERTICAIS DE ÁGUAS PLUVIAIS. AF_12/2014","M",17.15]
[89578,"TUBO PVC, SÉRIE R, ÁGUA PLUVIAL, DN 100 MM, FORNECIDO E INSTALADO EM CONDUTORES VERTICAIS DE ÁGUAS PLUVIAIS. AF_12/2014","M",29.45]
[89580,"TUBO PVC, SÉRIE R, ÁGUA PLUVIAL, DN 150 MM, FORNECIDO E INSTALADO EM CONDUTORES VERTICAIS DE ÁGUAS PLUVIAIS. AF_12/2014","M",57.6]
[89633,"TUBO, CPVC, SOLDÁVEL, DN 15MM, INSTALADO EM RAMAL OU SUB-RAMAL DE ÁGUA - FORNECIMENTO E INSTALAÇÃO. AF_12/2014","M",16.68]
[89634,"TUBO, CPVC, SOLDÁVEL, DN 22MM, INSTALADO EM RAMAL OU SUB-RAMAL DE ÁGUA - FORNECIMENTO E INSTALAÇÃO. AF_12/2014","M",23.76]
[89635,"TUBO, CPVC, SOLDÁVEL, DN 28MM, INSTALADO EM RAMAL OU SUB-RAMAL DE ÁGUA - FORNECIMENTO E INSTALAÇÃO. AF_12/2014","M",31.95]
[89636,"TUBO, CPVC, SOLDÁVEL, DN 35MM, INSTALADO EM RAMAL OU SUB-RAMAL DE ÁGUA \u0096 FORNECIMENTO E INSTALAÇÃO. AF_12/2014","M",38.51]
[89711,"TUBO PVC, SERIE NORMAL, ESGOTO PREDIAL, DN 40 MM, FORNECIDO E INSTALADO EM RAMAL DE DESCARGA OU RAMAL DE ESGOTO SANITÁRIO. AF_12/2014","M",16.6]
[89712,"TUBO PVC, SERIE NORMAL, ESGOTO PREDIAL, DN 50 MM, FORNECIDO E INSTALADO EM RAMAL DE DESCARGA OU RAMAL DE ESGOTO SANITÁRIO. AF_12/2014","M",23.64]
[89713,"TUBO PVC, SERIE NORMAL, ESGOTO PREDIAL, DN 75 MM, FORNECIDO E INSTALADO EM RAMAL DE DESCARGA OU RAMAL DE ESGOTO SANITÁRIO. AF_12/2014","M",35.59]
[89714,"TUBO PVC, SERIE NORMAL, ESGOTO PREDIAL, DN 100 MM, FORNECIDO E INSTALADO EM RAMAL DE DESCARGA OU RAMAL DE ESGOTO SANITÁRIO. AF_12/2014","M",45.83]
[89716,"TUBO, CPVC, SOLDÁVEL, DN 22MM, INSTALADO EM RAMAL DE DISTRIBUIÇÃO DE ÁGUA - FORNECIMENTO E INSTALAÇÃO. AF_12/2014","M",13.63]
[89717,"TUBO, CPVC, SOLDÁVEL, DN 28MM, INSTALADO EM RAMAL DE DISTRIBUIÇÃO DE ÁGUA - FORNECIMENTO E INSTALAÇÃO. AF_12/2014","M",20.02]
[89770,"TUBO, CPVC, SOLDÁVEL, DN 35MM, INSTALADO EM PRUMADA DE ÁGUA \u0096 FORNECIMENTO E INSTALAÇÃO. AF_12/2014","M",19.2]
[89771,"TUBO, CPVC, SOLDÁVEL, DN 42MM, INSTALADO EM PRUMADA DE ÁGUA \u0096 FORNECIMENTO E INSTALAÇÃO. AF_12/2014","M",26.16]
[89773,"TUBO, CPVC, SOLDÁVEL, DN 73MM, INSTALADO EM PRUMADA DE ÁGUA \u0096 FORNECIMENTO E INSTALAÇÃO. AF_12/2014","M",60.52]
[89775,"TUBO, CPVC, SOLDÁVEL, DN 89MM, INSTALADO EM PRUMADA DE ÁGUA \u0096 FORNECIMENTO E INSTALAÇÃO. AF_12/2014","M",95.23]
[89798,"TUBO PVC, SERIE NORMAL, ESGOTO PREDIAL, DN 50 MM, FORNECIDO E INSTALADO EM PRUMADA DE ESGOTO SANITÁRIO OU VENTILAÇÃO. AF_12/2014","M",8.54]
[89799,"TUBO PVC, SERIE NORMAL, ESGOTO PREDIAL, DN 75 MM, FORNECIDO E INSTALADO EM PRUMADA DE ESGOTO SANITÁRIO OU VENTILAÇÃO. AF_12/2014","M",14.32]
[89800,"TUBO PVC, SERIE NORMAL, ESGOTO PREDIAL, DN 100 MM, FORNECIDO E INSTALADO EM PRUMADA DE ESGOTO SANITÁRIO OU VENTILAÇÃO. AF_12/2014","M",18.05]
[89848,"TUBO PVC, SERIE NORMAL, ESGOTO PREDIAL, DN 100 MM, FORNECIDO E INSTALADO EM SUBCOLETOR AÉREO DE ESGOTO SANITÁRIO. AF_12/2014","M",23.05]
[89849,"TUBO PVC, SERIE NORMAL, ESGOTO PREDIAL, DN 150 MM, FORNECIDO E INSTALADO EM SUBCOLETOR AÉREO DE ESGOTO SANITÁRIO. AF_12/2014","M",43.17]
[89865,"TUBO, PVC, SOLDÁVEL, DN 25MM, INSTALADO EM DRENO DE AR-CONDICIONADO - FORNECIMENTO E INSTALAÇÃO. AF_12/2014","M",10.65]
[91784,"(COMPOSIÇÃO REPRESENTATIVA) DO SERVIÇO DE INSTALAÇÃO DE TUBOS DE PVC, SOLDÁVEL, ÁGUA FRIA, DN 20 MM (INSTALADO EM RAMAL, SUB-RAMAL OU RAMAL DE DISTRIBUIÇÃO), INCLUSIVE CONEXÕES, CORTES E FIXAÇÕES, PARA PRÉDIOS. AF_10/2015","M",36.52]
[91785,"(COMPOSIÇÃO REPRESENTATIVA) DO SERVIÇO DE INSTALAÇÃO DE TUBOS DE PVC, SOLDÁVEL, ÁGUA FRIA, DN 25 MM (INSTALADO EM RAMAL, SUB-RAMAL, RAMAL DE DISTRIBUIÇÃO OU PRUMADA), INCLUSIVE CONEXÕES, CORTES E FIXAÇÕES, PARA PRÉDIOS. AF_10/2015","M",35.96]
[91786,"(COMPOSIÇÃO REPRESENTATIVA) DO SERVIÇO DE INSTALAÇÃO TUBOS DE PVC, SOLDÁVEL, ÁGUA FRIA, DN 32 MM (INSTALADO EM RAMAL, SUB-RAMAL, RAMAL DE DISTRIBUIÇÃO OU PRUMADA), INCLUSIVE CONEXÕES, CORTES E FIXAÇÕES, PARA PRÉDIOS. AF_10/2015","M",20.97]
[91787,"(COMPOSIÇÃO REPRESENTATIVA) DO SERVIÇO DE INSTALAÇÃO DE TUBOS DE PVC, SOLDÁVEL, ÁGUA FRIA, DN 40 MM (INSTALADO EM PRUMADA), INCLUSIVE CONEXÕES, CORTES E FIXAÇÕES, PARA PRÉDIOS. AF_10/2015","M",20.39]
[91788,"(COMPOSIÇÃO REPRESENTATIVA) DO SERVIÇO DE INSTALAÇÃO DE TUBOS DE PVC, SOLDÁVEL, ÁGUA FRIA, DN 50 MM (INSTALADO EM PRUMADA), INCLUSIVE CONEXÕES, CORTES E FIXAÇÕES, PARA PRÉDIOS. AF_10/2015","M",27.1]
[91789,"(COMPOSIÇÃO REPRESENTATIVA) DO SERVIÇO DE INSTALAÇÃO DE TUBOS DE PVC, SÉRIE R, ÁGUA PLUVIAL, DN 75 MM (INSTALADO EM RAMAL DE ENCAMINHAMENTO, OU CONDUTORES VERTICAIS), INCLUSIVE CONEXÕES, CORTE E FIXAÇÕES, PARA PRÉDIOS. AF_10/2015","M",31.31]
[91790,"(COMPOSIÇÃO REPRESENTATIVA) DO SERVIÇO DE INSTALAÇÃO DE TUBOS DE PVC, SÉRIE R, ÁGUA PLUVIAL, DN 100 MM (INSTALADO EM RAMAL DE ENCAMINHAMENTO, OU CONDUTORES VERTICAIS), INCLUSIVE CONEXÕES, CORTES E FIXAÇÕES, PARA PRÉDIOS. AF_10/2015","M",48.62]
[91791,"(COMPOSIÇÃO REPRESENTATIVA) DO SERVIÇO DE INSTALAÇÃO DE TUBOS DE PVC, SÉRIE R, ÁGUA PLUVIAL, DN 150 MM (INSTALADO EM CONDUTORES VERTICAIS), INCLUSIVE CONEXÕES, CORTES E FIXAÇÕES, PARA PRÉDIOS. AF_10/2015","M",61.3]
[91792,"(COMPOSIÇÃO REPRESENTATIVA) DO SERVIÇO DE INSTALAÇÃO DE TUBO DE PVC, SÉRIE NORMAL, ESGOTO PREDIAL, DN 40 MM (INSTALADO EM RAMAL DE DESCARGA OU RAMAL DE ESGOTO SANITÁRIO), INCLUSIVE CONEXÕES, CORTES E FIXAÇÕES, PARA PRÉDIOS. AF_10/2015","M",48.61]
[91793,"(COMPOSIÇÃO REPRESENTATIVA) DO SERVIÇO DE INSTALAÇÃO DE TUBO DE PVC, SÉRIE NORMAL, ESGOTO PREDIAL, DN 50 MM (INSTALADO EM RAMAL DE DESCARGA OU RAMAL DE ESGOTO SANITÁRIO), INCLUSIVE CONEXÕES, CORTES E FIXAÇÕES PARA, PRÉDIOS. AF_10/2015","M",69.53]
[91794,"(COMPOSIÇÃO REPRESENTATIVA) DO SERVIÇO DE INST. TUBO PVC, SÉRIE N, ESGOTO PREDIAL, DN 75 MM, (INST. EM RAMAL DE DESCARGA, RAMAL DE ESG. SANITÁRIO, PRUMADA DE ESG. SANITÁRIO OU VENTILAÇÃO), INCL. CONEXÕES, CORTES E FIXAÇÕES, P/ PRÉDIOS. AF_10/2015","M",30.27]
[91795,"(COMPOSIÇÃO REPRESENTATIVA) DO SERVIÇO DE INST. TUBO PVC, SÉRIE N, ESGOTO PREDIAL, 100 MM (INST. RAMAL DESCARGA, RAMAL DE ESG. SANIT., PRUMADA ESG. SANIT., VENTILAÇÃO OU SUB-COLETOR AÉREO), INCL. CONEXÕES E CORTES, FIXAÇÕES, P/ PRÉDIOS. AF_10/2015","M",52.02]
[91796,"(COMPOSIÇÃO REPRESENTATIVA) DO SERVIÇO DE INSTALAÇÃO DE TUBO DE PVC, SÉRIE NORMAL, ESGOTO PREDIAL, DN 150 MM (INSTALADO EM SUB-COLETOR AÉREO), INCLUSIVE CONEXÕES, CORTES E FIXAÇÕES, PARA PRÉDIOS. AF_10/2015","M",54.83]
[92275,"TUBO EM COBRE RÍGIDO, DN 22 MM, CLASSE E, SEM ISOLAMENTO, INSTALADO EM PRUMADA \u0096 FORNECIMENTO E INSTALAÇÃO. AF_12/2015","M",33.81]
[92276,"TUBO EM COBRE RÍGIDO, DN 28 MM, CLASSE E, SEM ISOLAMENTO, INSTALADO EM PRUMADA \u0096 FORNECIMENTO E INSTALAÇÃO. AF_12/2015","M",42.76]
[92277,"TUBO EM COBRE RÍGIDO, DN 35 MM, CLASSE E, SEM ISOLAMENTO, INSTALADO EM PRUMADA \u0096 FORNECIMENTO E INSTALAÇÃO. AF_12/2015","M",61.45]
[92278,"TUBO EM COBRE RÍGIDO, DN 42 MM, CLASSE E, SEM ISOLAMENTO, INSTALADO EM PRUMADA \u0096 FORNECIMENTO E INSTALAÇÃO. AF_12/2015","M",82.42]
[92279,"TUBO EM COBRE RÍGIDO, DN 54 MM, CLASSE E, SEM ISOLAMENTO, INSTALADO EM PRUMADA \u0096 FORNECIMENTO E INSTALAÇÃO. AF_12/2015","M",118.84]
[92280,"TUBO EM COBRE RÍGIDO, DN 66 MM, CLASSE E, SEM ISOLAMENTO, INSTALADO EM PRUMADA \u0096 FORNECIMENTO E INSTALAÇÃO. AF_12/2015","M",166.51]
[92281,"TUBO EM COBRE RÍGIDO, DN 22 MM, CLASSE E, COM ISOLAMENTO, INSTALADO EM PRUMADA \u0096 FORNECIMENTO E INSTALAÇÃO. AF_12/2015","M",127.28]
[92282,"TUBO EM COBRE RÍGIDO, DN 28 MM, CLASSE E, COM ISOLAMENTO, INSTALADO EM PRUMADA \u0096 FORNECIMENTO E INSTALAÇÃO. AF_12/2015","M",140.01]
[92283,"TUBO EM COBRE RÍGIDO, DN 35 MM, CLASSE E, COM ISOLAMENTO, INSTALADO EM PRUMADA \u0096 FORNECIMENTO E INSTALAÇÃO. AF_12/2015","M",184.43]
[92284,"TUBO EM COBRE RÍGIDO, DN 42 MM, CLASSE E, COM ISOLAMENTO, INSTALADO EM PRUMADA \u0096 FORNECIMENTO E INSTALAÇÃO. AF_12/2015","M",222.68]
[92285,"TUBO EM COBRE RÍGIDO, DN 54 MM, CLASSE E, COM ISOLAMENTO, INSTALADO EM PRUMADA \u0096 FORNECIMENTO E INSTALAÇÃO. AF_12/2015","M",286.48]
[92286,"TUBO EM COBRE RÍGIDO, DN 66 MM, CLASSE E, COM ISOLAMENTO, INSTALADO EM PRUMADA \u0096 FORNECIMENTO E INSTALAÇÃO. AF_12/2015","M",336.52]
[92305,"TUBO EM COBRE RÍGIDO, DN 15 MM, CLASSE E, SEM ISOLAMENTO, INSTALADO EM RAMAL DE DISTRIBUIÇÃO \u0096 FORNECIMENTO E INSTALAÇÃO. AF_12/2015","M",23.84]
[92306,"TUBO EM COBRE RÍGIDO, DN 22 MM, CLASSE E, SEM ISOLAMENTO, INSTALADO EM RAMAL DE DISTRIBUIÇÃO \u0096 FORNECIMENTO E INSTALAÇÃO. AF_12/2015","M",37.97]
[92307,"TUBO EM COBRE RÍGIDO, DN 28 MM, CLASSE E, SEM ISOLAMENTO, INSTALADO EM RAMAL DE DISTRIBUIÇÃO \u0096 FORNECIMENTO E INSTALAÇÃO. AF_12/2015","M",47.22]
[92308,"TUBO EM COBRE RÍGIDO, DN 15 MM, CLASSE E, COM ISOLAMENTO, INSTALADO EM RAMAL DE DISTRIBUIÇÃO \u0096 FORNECIMENTO E INSTALAÇÃO. AF_12/2015","M",45.58]
[92309,"TUBO EM COBRE RÍGIDO, DN 22 MM, CLASSE E, COM ISOLAMENTO, INSTALADO EM RAMAL DE DISTRIBUIÇÃO \u0096 FORNECIMENTO E INSTALAÇÃO. AF_12/2015","M",133.55]
[92310,"TUBO EM COBRE RÍGIDO, DN 28 MM, CLASSE E, COM ISOLAMENTO, INSTALADO EM RAMAL DE DISTRIBUIÇÃO \u0096 FORNECIMENTO E INSTALAÇÃO. AF_12/2015","M",146.62]
[92320,"TUBO EM COBRE RÍGIDO, DN 15 MM, CLASSE E, SEM ISOLAMENTO, INSTALADO EM RAMAL E SUB-RAMAL \u0096 FORNECIMENTO E INSTALAÇÃO. AF_12/2015","M",32.99]
[92321,"TUBO EM COBRE RÍGIDO, DN 22 MM, CLASSE E, SEM ISOLAMENTO, INSTALADO EM RAMAL E SUB-RAMAL \u0096 FORNECIMENTO E INSTALAÇÃO. AF_12/2015","M",53.68]
[92322,"TUBO EM COBRE RÍGIDO, DN 28 MM, CLASSE E, SEM ISOLAMENTO, INSTALADO EM RAMAL E SUB-RAMAL \u0096 FORNECIMENTO E INSTALAÇÃO. AF_12/2015","M",68.63]
[92323,"TUBO EM COBRE RÍGIDO, DN 15 MM, CLASSE E, COM ISOLAMENTO, INSTALADO EM RAMAL E SUB-RAMAL \u0096 FORNECIMENTO E INSTALAÇÃO. AF_12/2015","M",52.53]
[92324,"TUBO EM COBRE RÍGIDO, DN 22 MM, CLASSE E, COM ISOLAMENTO, INSTALADO EM RAMAL E SUB-RAMAL \u0096 FORNECIMENTO E INSTALAÇÃO. AF_12/2015","M",147.07]
[92325,"TUBO EM COBRE RÍGIDO, DN 28 MM, CLASSE E, COM ISOLAMENTO, INSTALADO EM RAMAL E SUB-RAMAL \u0096 FORNECIMENTO E INSTALAÇÃO. AF_12/2015","M",165.81]
[92335,"TUBO DE AÇO GALVANIZADO COM COSTURA, CLASSE MÉDIA, CONEXÃO RANHURADA, DN 50 (2\"), INSTALADO EM PRUMADAS - FORNECIMENTO E INSTALAÇÃO. AF_12/2015","M",68.61]
[92336,"TUBO DE AÇO GALVANIZADO COM COSTURA, CLASSE MÉDIA, CONEXÃO RANHURADA, DN 65 (2 1/2\"), INSTALADO EM PRUMADAS - FORNECIMENTO E INSTALAÇÃO. AF_12/2015","M",84.16]
[92337,"TUBO DE AÇO GALVANIZADO COM COSTURA, CLASSE MÉDIA, CONEXÃO RANHURADA, DN 80 (3\"), INSTALADO EM PRUMADAS - FORNECIMENTO E INSTALAÇÃO. AF_12/2015","M",110.43]
[92338,"TUBO DE AÇO PRETO SEM COSTURA, CONEXÃO SOLDADA, DN 50 (2\"), INSTALADO EM PRUMADAS - FORNECIMENTO E INSTALAÇÃO. AF_12/2015","M",91.41]
[92339,"TUBO DE AÇO PRETO SEM COSTURA, CONEXÃO SOLDADA, DN 65 (2 1/2\"), INSTALADO EM PRUMADAS - FORNECIMENTO E INSTALAÇÃO. AF_12/2015","M",134.93]
[92341,"TUBO DE AÇO GALVANIZADO COM COSTURA, CLASSE MÉDIA, DN 50 (2\"), CONEXÃO ROSQUEADA, INSTALADO EM PRUMADAS - FORNECIMENTO E INSTALAÇÃO. AF_12/2015","M",77.74]
[92342,"TUBO DE AÇO GALVANIZADO COM COSTURA, CLASSE MÉDIA, DN 65 (2 1/2\"), CONEXÃO ROSQUEADA, INSTALADO EM PRUMADAS - FORNECIMENTO E INSTALAÇÃO. AF_12/2015","M",93.35]
[92343,"TUBO DE AÇO GALVANIZADO COM COSTURA, CLASSE MÉDIA, DN 80 (3\"), CONEXÃO ROSQUEADA, INSTALADO EM PRUMADAS - FORNECIMENTO E INSTALAÇÃO. AF_12/2015","M",119.7]
[92361,"TUBO DE AÇO PRETO SEM COSTURA, CONEXÃO SOLDADA, DN 50 (2\"), INSTALADO EM REDE DE ALIMENTAÇÃO PARA HIDRANTE - FORNECIMENTO E INSTALAÇÃO. AF_12/2015","M",72.47]
[92362,"TUBO DE AÇO PRETO SEM COSTURA, CONEXÃO SOLDADA, DN 65 (2 1/2\"), INSTALADO EM REDE DE ALIMENTAÇÃO PARA HIDRANTE - FORNECIMENTO E INSTALAÇÃO. AF_12/2015","M",115.24]
[92364,"TUBO DE AÇO GALVANIZADO COM COSTURA, CLASSE MÉDIA, DN 32 (1 1/4\"), CONEXÃO ROSQUEADA, INSTALADO EM REDE DE ALIMENTAÇÃO PARA HIDRANTE - FORNECIMENTO E INSTALAÇÃO. AF_12/2015","M",41.8]
[92365,"TUBO DE AÇO GALVANIZADO COM COSTURA, CLASSE MÉDIA, DN 40 (1 1/2\"), CONEXÃO ROSQUEADA, INSTALADO EM REDE DE ALIMENTAÇÃO PARA HIDRANTE - FORNECIMENTO E INSTALAÇÃO. AF_12/2015","M",48.02]
[92366,"TUBO DE AÇO GALVANIZADO COM COSTURA, CLASSE MÉDIA, DN 50 (2\"), CONEXÃO ROSQUEADA, INSTALADO EM REDE DE ALIMENTAÇÃO PARA HIDRANTE - FORNECIMENTO E INSTALAÇÃO. AF_12/2015","M",66.46]
[92367,"TUBO DE AÇO GALVANIZADO COM COSTURA, CLASSE MÉDIA, DN 65 (2 1/2\"), CONEXÃO ROSQUEADA, INSTALADO EM REDE DE ALIMENTAÇÃO PARA HIDRANTE - FORNECIMENTO E INSTALAÇÃO. AF_12/2015","M",81.55]
[92368,"TUBO DE AÇO GALVANIZADO COM COSTURA, CLASSE MÉDIA, DN 80 (3\"), CONEXÃO ROSQUEADA, INSTALADO EM REDE DE ALIMENTAÇÃO PARA HIDRANTE - FORNECIMENTO E INSTALAÇÃO. AF_12/2015","M",107.43]
[92648,"TUBO DE AÇO PRETO SEM COSTURA, CONEXÃO SOLDADA, DN 40 (1 1/2\"), INSTALADO EM REDE DE ALIMENTAÇÃO PARA SPRINKLER - FORNECIMENTO E INSTALAÇÃO. AF_12/2015","M",62.35]
[92649,"TUBO DE AÇO PRETO SEM COSTURA, CONEXÃO SOLDADA, DN 50 (2\"), INSTALADO EM REDE DE ALIMENTAÇÃO PARA SPRINKLER - FORNECIMENTO E INSTALAÇÃO. AF_12/2015","M",75.88]
[92650,"TUBO DE AÇO PRETO SEM COSTURA, CONEXÃO SOLDADA, DN 65 (2 1/2\"), INSTALADO EM REDE DE ALIMENTAÇÃO PARA SPRINKLER - FORNECIMENTO E INSTALAÇÃO. AF_12/2015","M",118.65]
[92652,"TUBO DE AÇO GALVANIZADO COM COSTURA, CLASSE MÉDIA, CONEXÃO ROSQUEADA, DN 32 (1 1/4\"), INSTALADO EM REDE DE ALIMENTAÇÃO PARA SPRINKLER - FORNECIMENTO E INSTALAÇÃO. AF_12/2015","M",45.97]
[92653,"TUBO DE AÇO GALVANIZADO COM COSTURA, CLASSE MÉDIA, CONEXÃO ROSQUEADA, DN 40 (1 1/2\"), INSTALADO EM REDE DE ALIMENTAÇÃO PARA SPRINKLER - FORNECIMENTO E INSTALAÇÃO. AF_12/2015","M",52.22]
[92654,"TUBO DE AÇO GALVANIZADO COM COSTURA, CLASSE MÉDIA, CONEXÃO ROSQUEADA, DN 50 (2\"), INSTALADO EM REDE DE ALIMENTAÇÃO PARA SPRINKLER - FORNECIMENTO E INSTALAÇÃO. AF_12/2015","M",70.67]
[92655,"TUBO DE AÇO GALVANIZADO COM COSTURA, CLASSE MÉDIA, CONEXÃO ROSQUEADA, DN 65 (2 1/2\"), INSTALADO EM REDE DE ALIMENTAÇÃO PARA SPRINKLER - FORNECIMENTO E INSTALAÇÃO. AF_12/2015","M",85.83]
[92656,"TUBO DE AÇO GALVANIZADO COM COSTURA, CLASSE MÉDIA, CONEXÃO ROSQUEADA, DN 80 (3\"), INSTALADO EM REDE DE ALIMENTAÇÃO PARA SPRINKLER - FORNECIMENTO E INSTALAÇÃO. AF_12/2015","M",111.72]
[92687,"TUBO DE AÇO GALVANIZADO COM COSTURA, CLASSE MÉDIA, CONEXÃO ROSQUEADA, DN 15 (1/2\"), INSTALADO EM RAMAIS E SUB-RAMAIS DE GÁS - FORNECIMENTO E INSTALAÇÃO. AF_12/2015","M",21.84]
[92688,"TUBO DE AÇO GALVANIZADO COM COSTURA, CLASSE MÉDIA, CONEXÃO ROSQUEADA, DN 20 (3/4\"), INSTALADO EM RAMAIS E SUB-RAMAIS DE GÁS - FORNECIMENTO E INSTALAÇÃO. AF_12/2015","M",30.98]
[92689,"TUBO DE AÇO PRETO SEM COSTURA, CLASSE MÉDIA, CONEXÃO SOLDADA, DN 15 (1/2\"), INSTALADO EM RAMAIS E SUB-RAMAIS DE GÁS - FORNECIMENTO E INSTALAÇÃO. AF_12/2015","M",31.62]
[92690,"TUBO DE AÇO PRETO SEM COSTURA, CLASSE MÉDIA, CONEXÃO SOLDADA, DN 20 (3/4\"), INSTALADO EM RAMAIS E SUB-RAMAIS DE GÁS - FORNECIMENTO E INSTALAÇÃO. AF_12/2015","M",45.89]
[94462,"TUBO DE AÇO GALVANIZADO COM COSTURA, CLASSE MÉDIA, DN 50 (2\u0094), CONEXÃO ROSQUEADA, INSTALADO EM RESERVAÇÃO DE ÁGUA DE EDIFICAÇÃO QUE POSSUA RESERVATÓRIO DE FIBRA/FIBROCIMENTO \u0096 FORNECIMENTO E INSTALAÇÃO. AF_06/2016","M",77.67]
[94463,"TUBO DE AÇO GALVANIZADO COM COSTURA, CLASSE MÉDIA, DN 65 (2 1/2\u0094), CONEXÃO ROSQUEADA, INSTALADO EM RESERVAÇÃO DE ÁGUA DE EDIFICAÇÃO QUE POSSUA RESERVATÓRIO DE FIBRA/FIBROCIMENTO \u0096 FORNECIMENTO E INSTALAÇÃO. AF_06/2016","M",90.39]
[94464,"TUBO DE AÇO GALVANIZADO COM COSTURA, CLASSE MÉDIA, DN 80 (3\u0094), CONEXÃO ROSQUEADA, INSTALADO EM RESERVAÇÃO DE ÁGUA DE EDIFICAÇÃO QUE POSSUA RESERVATÓRIO DE FIBRA/FIBROCIMENTO \u0096 FORNECIMENTO E INSTALAÇÃO. AF_06/2016","M",126.69]
[94602,"TUBO EM COBRE RÍGIDO, DN 54 MM, CLASSE E, SEM ISOLAMENTO, INSTALADO EM RESERVAÇÃO DE ÁGUA DE EDIFICAÇÃO QUE POSSUA RESERVATÓRIO DE FIBRA/FIBROCIMENTO \u0096 FORNECIMENTO E INSTALAÇÃO. AF_06/2016","M",136.3]
[94603,"TUBO EM COBRE RÍGIDO, DN 66 MM, CLASSE E, SEM ISOLAMENTO, INSTALADO EM RESERVAÇÃO DE ÁGUA DE EDIFICAÇÃO QUE POSSUA RESERVATÓRIO DE FIBRA/FIBROCIMENTO \u0096 FORNECIMENTO E INSTALAÇÃO. AF_06/2016","M",180.06]
[94604,"TUBO EM COBRE RÍGIDO, DN 79 MM, CLASSE E, SEM ISOLAMENTO, INSTALADO EM RESERVAÇÃO DE ÁGUA DE EDIFICAÇÃO QUE POSSUA RESERVATÓRIO DE FIBRA/FIBROCIMENTO \u0096 FORNECIMENTO E INSTALAÇÃO. AF_06/2016","M",243.52]
[94605,"TUBO EM COBRE RÍGIDO, DN 104 MM, CLASSE E, SEM ISOLAMENTO, INSTALADO EM RESERVAÇÃO DE ÁGUA DE EDIFICAÇÃO QUE POSSUA RESERVATÓRIO DE FIBRA/FIBROCIMENTO \u0096 FORNECIMENTO E INSTALAÇÃO. AF_06/2016","M",343.96]
[94648,"TUBO, PVC, SOLDÁVEL, DN  25 MM, INSTALADO EM RESERVAÇÃO DE ÁGUA DE EDIFICAÇÃO QUE POSSUA RESERVATÓRIO DE FIBRA/FIBROCIMENTO   FORNECIMENTO E INSTALAÇÃO. AF_06/2016","M",8.08]
[94649,"TUBO, PVC, SOLDÁVEL, DN 32 MM, INSTALADO EM RESERVAÇÃO DE ÁGUA DE EDIFICAÇÃO QUE POSSUA RESERVATÓRIO DE FIBRA/FIBROCIMENTO   FORNECIMENTO E INSTALAÇÃO. AF_06/2016","M",11.06]
[94650,"TUBO, PVC, SOLDÁVEL, DN 40 MM, INSTALADO EM RESERVAÇÃO DE ÁGUA DE EDIFICAÇÃO QUE POSSUA RESERVATÓRIO DE FIBRA/FIBROCIMENTO   FORNECIMENTO E INSTALAÇÃO. AF_06/2016","M",15.8]
[94651,"TUBO, PVC, SOLDÁVEL, DN 50 MM, INSTALADO EM RESERVAÇÃO DE ÁGUA DE EDIFICAÇÃO QUE POSSUA RESERVATÓRIO DE FIBRA/FIBROCIMENTO   FORNECIMENTO E INSTALAÇÃO. AF_06/2016","M",16.92]
[94652,"TUBO, PVC, SOLDÁVEL, DN 60 MM, INSTALADO EM RESERVAÇÃO DE ÁGUA DE EDIFICAÇÃO QUE POSSUA RESERVATÓRIO DE FIBRA/FIBROCIMENTO   FORNECIMENTO E INSTALAÇÃO. AF_06/2016","M",27.51]
[94653,"TUBO, PVC, SOLDÁVEL, DN 75 MM, INSTALADO EM RESERVAÇÃO DE ÁGUA DE EDIFICAÇÃO QUE POSSUA RESERVATÓRIO DE FIBRA/FIBROCIMENTO   FORNECIMENTO E INSTALAÇÃO. AF_06/2016","M",37.19]
[94654,"TUBO, PVC, SOLDÁVEL, DN 85 MM, INSTALADO EM RESERVAÇÃO DE ÁGUA DE EDIFICAÇÃO QUE POSSUA RESERVATÓRIO DE FIBRA/FIBROCIMENTO   FORNECIMENTO E INSTALAÇÃO. AF_06/2016","M",51.64]
[94655,"TUBO, PVC, SOLDÁVEL, DN 110 MM, INSTALADO EM RESERVAÇÃO DE ÁGUA DE EDIFICAÇÃO QUE POSSUA RESERVATÓRIO DE FIBRA/FIBROCIMENTO   FORNECIMENTO E INSTALAÇÃO. AF_06/2016","M",68.88]
[94716,"TUBO, CPVC, SOLDÁVEL, DN 22 MM, INSTALADO EM RESERVAÇÃO DE ÁGUA DE EDIFICAÇÃO QUE POSSUA RESERVATÓRIO DE FIBRA/FIBROCIMENTO \u0096 FORNECIMENTO E INSTALAÇÃO. AF_06/2016","M",14.23]
[94717,"TUBO, CPVC, SOLDÁVEL, DN 28 MM, INSTALADO EM RESERVAÇÃO DE ÁGUA DE EDIFICAÇÃO QUE POSSUA RESERVATÓRIO DE FIBRA/FIBROCIMENTO \u0096 FORNECIMENTO E INSTALAÇÃO. AF_06/2016","M",19.62]
[94718,"TUBO, CPVC, SOLDÁVEL, DN 35 MM, INSTALADO EM RESERVAÇÃO DE ÁGUA DE EDIFICAÇÃO QUE POSSUA RESERVATÓRIO DE FIBRA/FIBROCIMENTO \u0096 FORNECIMENTO E INSTALAÇÃO. AF_06/2016","M",24.51]
[94719,"TUBO, CPVC, SOLDÁVEL, DN 42 MM, INSTALADO EM RESERVAÇÃO DE ÁGUA DE EDIFICAÇÃO QUE POSSUA RESERVATÓRIO DE FIBRA/FIBROCIMENTO \u0096 FORNECIMENTO E INSTALAÇÃO. AF_06/2016","M",30.99]
[94720,"TUBO, CPVC, SOLDÁVEL, DN 54 MM, INSTALADO EM RESERVAÇÃO DE ÁGUA DE EDIFICAÇÃO QUE POSSUA RESERVATÓRIO DE FIBRA/FIBROCIMENTO \u0096 FORNECIMENTO E INSTALAÇÃO. AF_06/2016","M",47.6]
[94721,"TUBO, CPVC, SOLDÁVEL, DN 73 MM, INSTALADO EM RESERVAÇÃO DE ÁGUA DE EDIFICAÇÃO QUE POSSUA RESERVATÓRIO DE FIBRA/FIBROCIMENTO \u0096 FORNECIMENTO E INSTALAÇÃO. AF_06/2016","M",66.58]
[94722,"TUBO, CPVC, SOLDÁVEL, DN 89 MM, INSTALADO EM RESERVAÇÃO DE ÁGUA DE EDIFICAÇÃO QUE POSSUA RESERVATÓRIO DE FIBRA/FIBROCIMENTO \u0096 FORNECIMENTO E INSTALAÇÃO. AF_06/2016","M",117.81]
[95697,"TUBO DE AÇO PRETO SEM COSTURA, CONEXÃO SOLDADA, DN 40 (1 1/2\"), INSTALADO EM REDE DE ALIMENTAÇÃO PARA HIDRANTE - FORNECIMENTO E INSTALAÇÃO. AF_12/2015","M",58.94]
[96635,"TUBO, PPR, DN 25, CLASSE PN 20,  INSTALADO EM RAMAL OU SUB-RAMAL DE ÁGUA \u0096 FORNECIMENTO E INSTALAÇÃO. AF_06/2015","M",24.27]
[96636,"TUBO, PPR, DN 25, CLASSE PN 25 INSTALADO EM RAMAL OU SUB-RAMAL DE ÁGUA \u0096 FORNECIMENTO E INSTALAÇÃO. AF_06/2015","M",25.81]
[96644,"TUBO, PPR, DN 25, CLASSE PN 20,  INSTALADO EM RAMAL DE DISTRIBUIÇÃO DE ÁGUA \u0096 FORNECIMENTO E INSTALAÇÃO. AF_06/2015","M",14.78]
[96645,"TUBO, PPR, DN 32, CLASSE PN 12,  INSTALADO EM RAMAL DE DISTRIBUIÇÃO DE ÁGUA \u0096 FORNECIMENTO E INSTALAÇÃO. AF_06/2015","M",19.26]
[96646,"TUBO, PPR, DN 40, CLASSE PN 12,  INSTALADO EM RAMAL DE DISTRIBUIÇÃO DE ÁGUA \u0096 FORNECIMENTO E INSTALAÇÃO. AF_06/2015","M",29.99]
[96647,"TUBO, PPR, DN 25, CLASSE PN 25,  INSTALADO EM RAMAL DE DISTRIBUIÇÃO DE ÁGUA \u0096 FORNECIMENTO E INSTALAÇÃO. AF_06/2015","M",13.06]
[96648,"TUBO, PPR, DN 32, CLASSE PN 25,  INSTALADO EM RAMAL DE DISTRIBUIÇÃO DE ÁGUA \u0096 FORNECIMENTO E INSTALAÇÃO. AF_06/2015","M",24.25]
[96649,"TUBO, PPR, DN 40, CLASSE PN 25,  INSTALADO EM RAMAL DE DISTRIBUIÇÃO DE ÁGUA \u0096 FORNECIMENTO E INSTALAÇÃO. AF_06/2015","M",36.16]
[96668,"TUBO, PPR, DN 25, CLASSE PN 20,  INSTALADO EM PRUMADA DE ÁGUA \u0096 FORNECIMENTO E INSTALAÇÃO. AF_06/2015","M",8.17]
[96669,"TUBO, PPR, DN 32, CLASSE PN 12,  INSTALADO EM PRUMADA DE ÁGUA \u0096 FORNECIMENTO E INSTALAÇÃO. AF_06/2015","M",10.13]
[96670,"TUBO, PPR, DN 40, CLASSE PN 12,  INSTALADO EM PRUMADA DE ÁGUA \u0096 FORNECIMENTO E INSTALAÇÃO. AF_06/2015","M",15.36]
[96671,"TUBO, PPR, DN 50, CLASSE PN 12,  INSTALADO EM PRUMADA DE ÁGUA \u0096 FORNECIMENTO E INSTALAÇÃO. AF_06/2015","M",20.65]
[96672,"TUBO, PPR, DN 63, CLASSE PN 12,  INSTALADO EM PRUMADA DE ÁGUA \u0096 FORNECIMENTO E INSTALAÇÃO. AF_06/2015","M",30.41]
[96673,"TUBO, PPR, DN 75, CLASSE PN 12,  INSTALADO EM PRUMADA DE ÁGUA \u0096 FORNECIMENTO E INSTALAÇÃO. AF_06/2015","M",49.28]
[96674,"TUBO, PPR, DN 90, CLASSE PN 12,  INSTALADO EM PRUMADA DE ÁGUA \u0096 FORNECIMENTO E INSTALAÇÃO. AF_06/2015","M",69.28]
[96675,"TUBO, PPR, DN 110, CLASSE PN 12,  INSTALADO EM PRUMADA DE ÁGUA \u0096 FORNECIMENTO E INSTALAÇÃO. AF_06/2015","M",119.52]
[96676,"TUBO, PPR, DN 25, CLASSE PN 25,  INSTALADO EM PRUMADA DE ÁGUA \u0096 FORNECIMENTO E INSTALAÇÃO. AF_06/2015","M",8.12]
[96677,"TUBO, PPR, DN 32, CLASSE PN 25,  INSTALADO EM PRUMADA DE ÁGUA \u0096 FORNECIMENTO E INSTALAÇÃO. AF_06/2015","M",13.35]
[96678,"TUBO, PPR, DN 40, CLASSE PN 25,  INSTALADO EM PRUMADA DE ÁGUA \u0096 FORNECIMENTO E INSTALAÇÃO. AF_06/2015","M",18.57]
[96679,"TUBO, PPR, DN 50, CLASSE PN 25,  INSTALADO EM PRUMADA DE ÁGUA \u0096 FORNECIMENTO E INSTALAÇÃO. AF_06/2015","M",27.14]
[96680,"TUBO, PPR, DN 63, CLASSE PN 25,  INSTALADO EM PRUMADA DE ÁGUA \u0096 FORNECIMENTO E INSTALAÇÃO. AF_06/2015","M",36.82]
[96681,"TUBO, PPR, DN 75, CLASSE PN 25,  INSTALADO EM PRUMADA DE ÁGUA \u0096 FORNECIMENTO E INSTALAÇÃO. AF_06/2015","M",67.71]
[96682,"TUBO, PPR, DN 90, CLASSE PN 25,  INSTALADO EM PRUMADA DE ÁGUA \u0096 FORNECIMENTO E INSTALAÇÃO. AF_06/2015","M",99.74]
[96683,"TUBO, PPR, DN 110, CLASSE PN 25,  INSTALADO EM PRUMADA DE ÁGUA \u0096 FORNECIMENTO E INSTALAÇÃO. AF_06/2015","M",136.98]
[96718,"TUBO, PPR, DN 20, CLASSE PN 20,  INSTALADO EM RESERVAÇÃO DE ÁGUA DE EDIFICAÇÃO QUE POSSUA RESERVATÓRIO DE FIBRA/FIBROCIMENTO \u0096 FORNECIMENTO E INSTALAÇÃO. AF_06/2016","M",5.17]
[96719,"TUBO, PPR, DN 25, CLASSE PN 20,  INSTALADO EM RESERVAÇÃO DE ÁGUA DE EDIFICAÇÃO QUE POSSUA RESERVATÓRIO DE FIBRA/FIBROCIMENTO \u0096 FORNECIMENTO E INSTALAÇÃO. AF_06/2016","M",12.24]
[96720,"TUBO, PPR, DN 32, CLASSE PN 12,  INSTALADO EM RESERVAÇÃO DE ÁGUA DE EDIFICAÇÃO QUE POSSUA RESERVATÓRIO DE FIBRA/FIBROCIMENTO \u0096 FORNECIMENTO E INSTALAÇÃO. AF_06/2016","M",14.76]
[96721,"TUBO, PPR, DN 40, CLASSE PN 12,  INSTALADO EM RESERVAÇÃO DE ÁGUA DE EDIFICAÇÃO QUE POSSUA RESERVATÓRIO DE FIBRA/FIBROCIMENTO \u0096 FORNECIMENTO E INSTALAÇÃO. AF_06/2016","M",19.07]
[96722,"TUBO, PPR, DN 50, CLASSE PN 12,  INSTALADO EM RESERVAÇÃO DE ÁGUA DE EDIFICAÇÃO QUE POSSUA RESERVATÓRIO DE FIBRA/FIBROCIMENTO \u0096 FORNECIMENTO E INSTALAÇÃO. AF_06/2016","M",26.4]
[96723,"TUBO, PPR, DN 63, CLASSE PN 12,  INSTALADO EM RESERVAÇÃO DE ÁGUA DE EDIFICAÇÃO QUE POSSUA RESERVATÓRIO DE FIBRA/FIBROCIMENTO \u0096 FORNECIMENTO E INSTALAÇÃO. AF_06/2016","M",33.93]
[96724,"TUBO, PPR, DN 75, CLASSE PN 12,  INSTALADO EM RESERVAÇÃO DE ÁGUA DE EDIFICAÇÃO QUE POSSUA RESERVATÓRIO DE FIBRA/FIBROCIMENTO \u0096 FORNECIMENTO E INSTALAÇÃO. AF_06/2016","M",55.46]
[96725,"TUBO, PPR, DN 90, CLASSE PN 12,  INSTALADO EM RESERVAÇÃO DE ÁGUA DE EDIFICAÇÃO QUE POSSUA RESERVATÓRIO DE FIBRA/FIBROCIMENTO \u0096 FORNECIMENTO E INSTALAÇÃO. AF_06/2016","M",71.16]
[96726,"TUBO, PPR, DN 110, CLASSE PN 12,  INSTALADO EM RESERVAÇÃO DE ÁGUA DE EDIFICAÇÃO QUE POSSUA RESERVATÓRIO DE FIBRA/FIBROCIMENTO \u0096 FORNECIMENTO E INSTALAÇÃO. AF_06/2016","M",115.68]
[96727,"TUBO, PPR, DN 20, CLASSE PN 25,  INSTALADO EM RESERVAÇÃO DE ÁGUA DE EDIFICAÇÃO QUE POSSUA RESERVATÓRIO DE FIBRA/FIBROCIMENTO \u0096 FORNECIMENTO E INSTALAÇÃO. AF_06/2016","M",11]
[96728,"TUBO, PPR, DN 25, CLASSE PN 25,  INSTALADO EM RESERVAÇÃO DE ÁGUA DE EDIFICAÇÃO QUE POSSUA RESERVATÓRIO DE FIBRA/FIBROCIMENTO \u0096 FORNECIMENTO E INSTALAÇÃO. AF_06/2016","M",12.74]
[96729,"TUBO, PPR, DN 32, CLASSE PN 25,  INSTALADO EM RESERVAÇÃO DE ÁGUA DE EDIFICAÇÃO QUE POSSUA RESERVATÓRIO DE FIBRA/FIBROCIMENTO \u0096 FORNECIMENTO E INSTALAÇÃO. AF_06/2016","M",18.8]
[96730,"TUBO, PPR, DN 40, CLASSE PN 25,  INSTALADO EM RESERVAÇÃO DE ÁGUA DE EDIFICAÇÃO QUE POSSUA RESERVATÓRIO DE FIBRA/FIBROCIMENTO \u0096 FORNECIMENTO E INSTALAÇÃO. AF_06/2016","M",23.01]
[96731,"TUBO, PPR, DN 50, CLASSE PN 25,  INSTALADO EM RESERVAÇÃO DE ÁGUA DE EDIFICAÇÃO QUE POSSUA RESERVATÓRIO DE FIBRA/FIBROCIMENTO \u0096 FORNECIMENTO E INSTALAÇÃO. AF_06/2016","M",33.85]
[96732,"TUBO, PPR, DN 63, CLASSE PN 25,  INSTALADO EM RESERVAÇÃO DE ÁGUA DE EDIFICAÇÃO QUE POSSUA RESERVATÓRIO DE FIBRA/FIBROCIMENTO \u0096 FORNECIMENTO E INSTALAÇÃO. AF_06/2016","M",40.99]
[96733,"TUBO, PPR, DN 75, CLASSE PN 25,  INSTALADO EM RESERVAÇÃO DE ÁGUA DE EDIFICAÇÃO QUE POSSUA RESERVATÓRIO DE FIBRA/FIBROCIMENTO \u0096 FORNECIMENTO E INSTALAÇÃO. AF_06/2016","M",74.5]
[96734,"TUBO, PPR, DN 90, CLASSE PN 25,  INSTALADO EM RESERVAÇÃO DE ÁGUA DE EDIFICAÇÃO QUE POSSUA RESERVATÓRIO DE FIBRA/FIBROCIMENTO \u0096 FORNECIMENTO E INSTALAÇÃO. AF_06/2016","M",100.79]
[96735,"TUBO, PPR, DN 110, CLASSE PN 25,  INSTALADO EM RESERVAÇÃO DE ÁGUA DE EDIFICAÇÃO QUE POSSUA RESERVATÓRIO DE FIBRA/FIBROCIMENTO \u0096 FORNECIMENTO E INSTALAÇÃO. AF_06/2016","M",133.28]
[96794,"TUBO, PEX, MONOCAMADA, DN 16, INSTALADO EM RAMAL OU SUB-RAMAL DE ÁGUA \u0096 FORNECIMENTO E INSTALAÇÃO. AF_06/2015","M",6.33]
[96795,"TUBO, PEX, MONOCAMADA, DN 20, INSTALADO EM RAMAL OU SUB-RAMAL DE ÁGUA \u0096 FORNECIMENTO E INSTALAÇÃO. AF_06/2015","M",7.99]
[96796,"TUBO, PEX, MONOCAMADA, DN 25, INSTALADO EM RAMAL OU SUB-RAMAL DE ÁGUA \u0096 FORNECIMENTO E INSTALAÇÃO. AF_06/2015","M",10.95]
[96797,"TUBO, PEX, MONOCAMADA, DN 32, INSTALADO EM RAMAL OU SUB-RAMAL DE ÁGUA \u0096 FORNECIMENTO E INSTALAÇÃO. AF_06/2015","M",16.14]
[96798,"TUBO, PEX, MONOCAMADA, DN 16, INSTALADO EM RAMAL DE DISTRIBUIÇÃO DE ÁGUA \u0096 FORNECIMENTO E INSTALAÇÃO. AF_06/2015","M",6.47]
[96799,"TUBO, PEX, MONOCAMADA, DN 20, INSTALADO EM RAMAL DE DISTRIBUIÇÃO DE ÁGUA \u0096 FORNECIMENTO E INSTALAÇÃO. AF_06/2015","M",8.74]
[96800,"TUBO, PEX, MONOCAMADA, DN 25, INSTALADO EM RAMAL DE DISTRIBUIÇÃO DE ÁGUA \u0096 FORNECIMENTO E INSTALAÇÃO. AF_06/2015","M",12.49]
[96801,"TUBO, PEX, MONOCAMADA, DN 32, INSTALADO EM RAMAL DE DISTRIBUIÇÃO DE ÁGUA \u0096 FORNECIMENTO E INSTALAÇÃO. AF_06/2015","M",18.8]
[97327,"TUBO EM COBRE FLEXÍVEL, DN 1/4\u0094, COM ISOLAMENTO, INSTALADO EM RAMAL DE ALIMENTAÇÃO DE AR CONDICIONADO COM CONDENSADORA INDIVIDUAL   FORNECIMENTO E INSTALAÇÃO. AF_12/2015","M",20.67]
[97328,"TUBO EM COBRE FLEXÍVEL, DN 3/8\", COM ISOLAMENTO, INSTALADO EM RAMAL DE ALIMENTAÇÃO DE AR CONDICIONADO COM CONDENSADORA INDIVIDUAL \u0096 FORNECIMENTO E INSTALAÇÃO. AF_12/2015","M",37.45]
[97329,"TUBO EM COBRE FLEXÍVEL, DN 1/2\", COM ISOLAMENTO, INSTALADO EM RAMAL DE ALIMENTAÇÃO DE AR CONDICIONADO COM CONDENSADORA INDIVIDUAL \u0096 FORNECIMENTO E INSTALAÇÃO. AF_12/2015","M",33.01]
[97330,"TUBO EM COBRE FLEXÍVEL, DN 5/8\", COM ISOLAMENTO, INSTALADO EM RAMAL DE ALIMENTAÇÃO DE AR CONDICIONADO COM CONDENSADORA INDIVIDUAL \u0096 FORNECIMENTO E INSTALAÇÃO. AF_12/2015","M",59.52]
[97331,"TUBO EM COBRE FLEXÍVEL, DN 1/4\", COM ISOLAMENTO, INSTALADO EM RAMAL DE ALIMENTAÇÃO DE AR CONDICIONADO COM CONDENSADORA CENTRAL \u0096 FORNECIMENTO E INSTALAÇÃO. AF_12/2015","M",20.97]
[97332,"TUBO EM COBRE FLEXÍVEL, DN 3/8\", COM ISOLAMENTO, INSTALADO EM RAMAL DE ALIMENTAÇÃO DE AR CONDICIONADO COM CONDENSADORA CENTRAL \u0096 FORNECIMENTO E INSTALAÇÃO. AF_12/2015","M",37.79]
[97333,"TUBO EM COBRE FLEXÍVEL, DN 1/2\", COM ISOLAMENTO, INSTALADO EM RAMAL DE ALIMENTAÇÃO DE AR CONDICIONADO COM CONDENSADORA CENTRAL \u0096 FORNECIMENTO E INSTALAÇÃO. AF_12/2015","M",46.13]
[97334,"TUBO EM COBRE FLEXÍVEL, DN 5/8\u0094, COM ISOLAMENTO, INSTALADO EM RAMAL DE ALIMENTAÇÃO DE AR CONDICIONADO COM CONDENSADORA CENTRAL   FORNECIMENTO E INSTALAÇÃO. AF_12/2015","M",55.9]
[97335,"TUBO EM COBRE RÍGIDO, DN 22 MM, CLASSE A, SEM ISOLAMENTO, INSTALADO EM PRUMADA \u0096 FORNECIMENTO E INSTALAÇÃO. AF_12/2015","M",48.33]
[97336,"TUBO EM COBRE RÍGIDO, DN 28 MM, CLASSE A, SEM ISOLAMENTO, INSTALADO EM PRUMADA \u0096 FORNECIMENTO E INSTALAÇÃO. AF_12/2015","M",61.32]
[97337,"TUBO EM COBRE RÍGIDO, DN 35 MM, CLASSE A, SEM ISOLAMENTO, INSTALADO EM PRUMADA \u0096 FORNECIMENTO E INSTALAÇÃO. AF_12/2015","M",91.83]
[97338,"TUBO EM COBRE RÍGIDO, DN 42 MM, CLASSE A, SEM ISOLAMENTO, INSTALADO EM PRUMADA \u0096 FORNECIMENTO E INSTALAÇÃO. AF_12/2015","M",110.34]
[97339,"TUBO EM COBRE RÍGIDO, DN 54 MM, CLASSE A, SEM ISOLAMENTO, INSTALADO EM PRUMADA \u0096 FORNECIMENTO E INSTALAÇÃO. AF_12/2015","M",118.84]
[97340,"TUBO EM COBRE RÍGIDO, DN 66 MM, CLASSE A, SEM ISOLAMENTO, INSTALADO EM PRUMADA \u0096 FORNECIMENTO E INSTALAÇÃO. AF_12/2015","M",119.57]
[97341,"TUBO EM COBRE RÍGIDO, DN 15 MM, CLASSE A, SEM ISOLAMENTO, INSTALADO EM RAMAL DE DISTRIBUIÇÃO \u0096 FORNECIMENTO E INSTALAÇÃO. AF_12/2015","M",33.98]
[97342,"TUBO EM COBRE RÍGIDO, DN 22 MM, CLASSE A, SEM ISOLAMENTO, INSTALADO EM RAMAL DE DISTRIBUIÇÃO\u0096 FORNECIMENTO E INSTALAÇÃO. AF_12/2015","M",52.49]
[97343,"TUBO EM COBRE RÍGIDO, DN 28 MM, CLASSE A, SEM ISOLAMENTO, INSTALADO EM RAMAL DE DISTRIBUIÇÃO\u0096 FORNECIMENTO E INSTALAÇÃO. AF_12/2015","M",65.78]
[97344,"TUBO EM COBRE RÍGIDO, DN 15 MM, CLASSE A, SEM ISOLAMENTO, INSTALADO EM RAMAL E SUB-RAMAL \u0096 FORNECIMENTO E INSTALAÇÃO. AF_12/2015","M",43.13]
[97345,"TUBO EM COBRE RÍGIDO, DN 22 MM, CLASSE A, SEM ISOLAMENTO, INSTALADO EM RAMAL E SUB-RAMAL \u0096 FORNECIMENTO E INSTALAÇÃO. AF_12/2015","M",68.2]
[97346,"TUBO EM COBRE RÍGIDO, DN 28 MM, CLASSE A, SEM ISOLAMENTO, INSTALADO EM RAMAL E SUB-RAMAL \u0096 FORNECIMENTO E INSTALAÇÃO. AF_12/2015","M",87.19]
[97347,"TUBO EM COBRE RÍGIDO, DN 22 MM, CLASSE I, SEM ISOLAMENTO, INSTALADO EM PRUMADA \u0096 FORNECIMENTO E INSTALAÇÃO. AF_12/2015","M",58.06]
[97348,"TUBO EM COBRE RÍGIDO, DN 28 MM, CLASSE I, SEM ISOLAMENTO, INSTALADO EM PRUMADA \u0096 FORNECIMENTO E INSTALAÇÃO. AF_12/2015","M",80.06]
[97349,"TUBO EM COBRE RÍGIDO, DN 35 MM, CLASSE I, SEM ISOLAMENTO, INSTALADO EM PRUMADA \u0096 FORNECIMENTO E INSTALAÇÃO. AF_12/2015","M",115.16]
[97350,"TUBO EM COBRE RÍGIDO, DN 42 MM, CLASSE I, SEM ISOLAMENTO, INSTALADO EM PRUMADA \u0096 FORNECIMENTO E INSTALAÇÃO. AF_12/2015","M",139.76]
[97351,"TUBO EM COBRE RÍGIDO, DN 54 MM, CLASSE I, SEM ISOLAMENTO, INSTALADO EM PRUMADA \u0096 FORNECIMENTO E INSTALAÇÃO. AF_12/2015","M",193.05]
[97352,"TUBO EM COBRE RÍGIDO, DN 66 MM, CLASSE I, SEM ISOLAMENTO, INSTALADO EM PRUMADA \u0096 FORNECIMENTO E INSTALAÇÃO. AF_12/2015","M",250.01]
[97353,"TUBO EM COBRE RÍGIDO, DN 15 MM, CLASSE I, SEM ISOLAMENTO, INSTALADO EM RAMAL DE DISTRIBUIÇÃO \u0096 FORNECIMENTO E INSTALAÇÃO. AF_12/2015","M",39.74]
[97354,"TUBO EM COBRE RÍGIDO, DN 22 MM, CLASSE I, SEM ISOLAMENTO, INSTALADO EM RAMAL DE DISTRIBUIÇÃO\u0096 FORNECIMENTO E INSTALAÇÃO. AF_12/2015","M",62.22]
[97355,"TUBO EM COBRE RÍGIDO, DN 28 MM, CLASSE I, SEM ISOLAMENTO, INSTALADO EM RAMAL DE DISTRIBUIÇÃO\u0096 FORNECIMENTO E INSTALAÇÃO. AF_12/2015","M",84.52]
[97356,"TUBO EM COBRE RÍGIDO, DN 15 MM, CLASSE I, SEM ISOLAMENTO, INSTALADO EM RAMAL E SUB-RAMAL \u0096 FORNECIMENTO E INSTALAÇÃO. AF_12/2015","M",48.89]
[97357,"TUBO EM COBRE RÍGIDO, DN 22 MM, CLASSE I, SEM ISOLAMENTO, INSTALADO EM RAMAL E SUB-RAMAL \u0096 FORNECIMENTO E INSTALAÇÃO. AF_12/2015","M",77.93]
[97358,"TUBO EM COBRE RÍGIDO, DN 28 MM, CLASSE I, SEM ISOLAMENTO, INSTALADO EM RAMAL E SUB-RAMAL \u0096 FORNECIMENTO E INSTALAÇÃO. AF_12/2015","M",105.93]
[97498,"TUBO DE AÇO GALVANIZADO COM COSTURA, CLASSE MÉDIA, DN 25 (1\"), CONEXÃO ROSQUEADA, INSTALADO EM REDE DE ALIMENTAÇÃO PARA HIDRANTE - FORNECIMENTO E INSTALAÇÃO. AF_12/2015","M",34.07]
[97535,"TUBO DE AÇO GALVANIZADO COM COSTURA, CLASSE MÉDIA, CONEXÃO ROSQUEADA, DN 25 (1\"), INSTALADO EM REDE DE ALIMENTAÇÃO PARA SPRINKLER - FORNECIMENTO E INSTALAÇÃO. AF_12/2015","M",38.24]
[97536,"TUBO DE AÇO GALVANIZADO COM COSTURA, CLASSE MÉDIA, CONEXÃO ROSQUEADA, DN 25 (1\"), INSTALADO EM RAMAIS  E SUB-RAMAIS DE GÁS - FORNECIMENTO E INSTALAÇÃO. AF_12/2015","M",47.81]
[72293,"CAP PVC ESGOTO 50MM (TAMPÃO) - FORNECIMENTO E INSTALAÇÃO","UN",5.92]
[72294,"CAP PVC ESGOTO 75MM (TAMPÃO) - FORNECIMENTO E INSTALAÇÃO","UN",8.74]
[72295,"CAP PVC ESGOTO 100MM (TAMPÃO) - FORNECIMENTO E INSTALAÇÃO","UN",11.99]
[72306,"COTOVELO DE AÇO GALVANIZADO 4\" - FORNECIMENTO E INSTALAÇÃO","UN",189.56]
[72307,"COTOVELO DE AÇO GALVANIZADO 5\" - FORNECIMENTO E INSTALAÇÃO","UN",264.22]
[72313,"COTOVELO DE AÇO GALVANIZADO 6\" - FORNECIMENTO E INSTALAÇÃO","UN",607.85]
[72482,"UNIAO DE ACO GALVANIZADO 4\" - FORNECIMENTO E INSTALACAO","UN",263.02]
[72619,"LUVA DE ACO GALVANIZADO 4\" - FORNECIMENTO E INSTALACAO","UN",110.21]
[72620,"LUVA DE ACO GALVANIZADO 5\" - FORNECIMENTO E INSTALACAO","UN",190.91]
[72621,"LUVA DE ACO GALVANIZADO 6\" - FORNECIMENTO E INSTALACAO","UN",305.18]
[72667,"LUVA REDUCAO ACO GALVANIZADO 4X2.1/2\" - FORNECIMENTO E INSTALACAO","UN",153.91]
[72668,"LUVA REDUCAO ACO GALVANIZADO 4X2\" - FORNECIMENTO E INSTALACAO","UN",153.01]
[72669,"LUVA REDUCAO ACO GALVANIZADO 4X3\" - FORNECIMENTO E INSTALACAO","UN",158.26]
[72681,"NIPLE DE ACO GALVANIZADO 4\" - FORNECIMENTO E INSTALACAO","UN",107.51]
[72682,"NIPLE DE ACO GALVANIZADO 5\" - FORNECIMENTO E INSTALACAO","UN",213.38]
[72683,"NIPLE DE ACO GALVANIZADO 6\" - FORNECIMENTO E INSTALACAO","UN",340.99]
[72719,"TE DE ACO GALVANIZADO 4\" - FORNECIMENTO E INSTALACAO","UN",237.17]
[72720,"TE DE ACO GALVANIZADO 5\" - FORNECIMENTO E INSTALACAO","UN",324.9]
[72721,"TE DE ACO GALVANIZADO 6\" - FORNECIMENTO E INSTALACAO","UN",695.39]
[89358,"JOELHO 90 GRAUS, PVC, SOLDÁVEL, DN 20MM, INSTALADO EM RAMAL OU SUB-RAMAL DE ÁGUA - FORNECIMENTO E INSTALAÇÃO. AF_12/2014","UN",6.38]
[89359,"JOELHO 45 GRAUS, PVC, SOLDÁVEL, DN 20MM, INSTALADO EM RAMAL OU SUB-RAMAL DE ÁGUA - FORNECIMENTO E INSTALAÇÃO. AF_12/2014","UN",6.6]
[89360,"CURVA 90 GRAUS, PVC, SOLDÁVEL, DN 20MM, INSTALADO EM RAMAL OU SUB-RAMAL DE ÁGUA - FORNECIMENTO E INSTALAÇÃO. AF_12/2014","UN",7.53]
[89361,"CURVA 45 GRAUS, PVC, SOLDÁVEL, DN 20MM, INSTALADO EM RAMAL OU SUB-RAMAL DE ÁGUA - FORNECIMENTO E INSTALAÇÃO. AF_12/2014","UN",7.17]
[89362,"JOELHO 90 GRAUS, PVC, SOLDÁVEL, DN 25MM, INSTALADO EM RAMAL OU SUB-RAMAL DE ÁGUA - FORNECIMENTO E INSTALAÇÃO. AF_12/2014","UN",7.55]
[89363,"JOELHO 45 GRAUS, PVC, SOLDÁVEL, DN 25MM, INSTALADO EM RAMAL OU SUB-RAMAL DE ÁGUA - FORNECIMENTO E INSTALAÇÃO. AF_12/2014","UN",8.02]
[89364,"CURVA 90 GRAUS, PVC, SOLDÁVEL, DN 25MM, INSTALADO EM RAMAL OU SUB-RAMAL DE ÁGUA - FORNECIMENTO E INSTALAÇÃO. AF_12/2014","UN",8.99]
[89365,"CURVA 45 GRAUS, PVC, SOLDÁVEL, DN 25MM, INSTALADO EM RAMAL OU SUB-RAMAL DE ÁGUA - FORNECIMENTO E INSTALAÇÃO. AF_12/2014","UN",8.56]
[89366,"JOELHO 90 GRAUS COM BUCHA DE LATÃO, PVC, SOLDÁVEL, DN 25MM, X 3/4\u0094 INSTALADO EM RAMAL OU SUB-RAMAL DE ÁGUA - FORNECIMENTO E INSTALAÇÃO. AF_12/2014","UN",11.57]
[89367,"JOELHO 90 GRAUS, PVC, SOLDÁVEL, DN 32MM, INSTALADO EM RAMAL OU SUB-RAMAL DE ÁGUA - FORNECIMENTO E INSTALAÇÃO. AF_12/2014","UN",9.91]
[89368,"JOELHO 45 GRAUS, PVC, SOLDÁVEL, DN 32MM, INSTALADO EM RAMAL OU SUB-RAMAL DE ÁGUA - FORNECIMENTO E INSTALAÇÃO. AF_12/2014","UN",11.23]
[89369,"CURVA 90 GRAUS, PVC, SOLDÁVEL, DN 32MM, INSTALADO EM RAMAL OU SUB-RAMAL DE ÁGUA - FORNECIMENTO E INSTALAÇÃO. AF_12/2014","UN",12.87]
[89370,"CURVA 45 GRAUS, PVC, SOLDÁVEL, DN 32MM, INSTALADO EM RAMAL OU SUB-RAMAL DE ÁGUA - FORNECIMENTO E INSTALAÇÃO. AF_12/2014","UN",10.95]
[89371,"LUVA, PVC, SOLDÁVEL, DN 20MM, INSTALADO EM RAMAL OU SUB-RAMAL DE ÁGUA - FORNECIMENTO E INSTALAÇÃO. AF_12/2014","UN",4.6]
[89372,"LUVA DE CORRER, PVC, SOLDÁVEL, DN 20MM, INSTALADO EM RAMAL OU SUB-RAMAL DE ÁGUA - FORNECIMENTO E INSTALAÇÃO. AF_12/2014","UN",8.96]
[89373,"LUVA DE REDUÇÃO, PVC, SOLDÁVEL, DN 25MM X 20MM, INSTALADO EM RAMAL OU SUB-RAMAL DE ÁGUA - FORNECIMENTO E INSTALAÇÃO. AF_12/2014","UN",5]
[89374,"LUVA COM BUCHA DE LATÃO, PVC, SOLDÁVEL, DN 20MM X 1/2\u0094, INSTALADO EM RAMAL OU SUB-RAMAL DE ÁGUA - FORNECIMENTO E INSTALAÇÃO. AF_12/2014","UN",7.36]
[89375,"UNIÃO, PVC, SOLDÁVEL, DN 20MM, INSTALADO EM RAMAL OU SUB-RAMAL DE ÁGUA - FORNECIMENTO E INSTALAÇÃO. AF_12/2014","UN",8.79]
[89376,"ADAPTADOR CURTO COM BOLSA E ROSCA PARA REGISTRO, PVC, SOLDÁVEL, DN 20MM X 1/2\u0094, INSTALADO EM RAMAL OU SUB-RAMAL DE ÁGUA - FORNECIMENTO E INSTALAÇÃO. AF_12/2014","UN",4.65]
[89377,"CURVA DE TRANSPOSIÇÃO, PVC, SOLDÁVEL, DN 20MM, INSTALADO EM RAMAL OU SUB-RAMAL DE ÁGUA - FORNECIMENTO E INSTALAÇÃO. AF_12/2014","UN",6.76]
[89378,"LUVA, PVC, SOLDÁVEL, DN 25MM, INSTALADO EM RAMAL OU SUB-RAMAL DE ÁGUA - FORNECIMENTO E INSTALAÇÃO. AF_12/2014","UN",5.43]
[89379,"LUVA DE CORRER, PVC, SOLDÁVEL, DN 25MM, INSTALADO EM RAMAL OU SUB-RAMAL DE ÁGUA - FORNECIMENTO E INSTALAÇÃO. AF_12/2014","UN",11.25]
[89380,"LUVA DE REDUÇÃO, PVC, SOLDÁVEL, DN 32MM X 25MM, INSTALADO EM RAMAL OU SUB-RAMAL DE ÁGUA - FORNECIMENTO E INSTALAÇÃO. AF_12/2014","UN",7.22]
[89381,"LUVA COM BUCHA DE LATÃO, PVC, SOLDÁVEL, DN 25MM X 3/4\u0094, INSTALADO EM RAMAL OU SUB-RAMAL DE ÁGUA - FORNECIMENTO E INSTALAÇÃO. AF_12/2014","UN",9.11]
[89382,"UNIÃO, PVC, SOLDÁVEL, DN 25MM, INSTALADO EM RAMAL OU SUB-RAMAL DE ÁGUA - FORNECIMENTO E INSTALAÇÃO. AF_12/2014","UN",10.44]
[89383,"ADAPTADOR CURTO COM BOLSA E ROSCA PARA REGISTRO, PVC, SOLDÁVEL, DN 25MM X 3/4\u0094, INSTALADO EM RAMAL OU SUB-RAMAL DE ÁGUA - FORNECIMENTO E INSTALAÇÃO. AF_12/2014","UN",5.49]
[89384,"CURVA DE TRANSPOSIÇÃO, PVC, SOLDÁVEL, DN 25MM, INSTALADO EM RAMAL OU SUB-RAMAL DE ÁGUA   FORNECIMENTO E INSTALAÇÃO. AF_12/2014","UN",9.2]
[89385,"LUVA SOLDÁVEL E COM ROSCA, PVC, SOLDÁVEL, DN 25MM X 3/4\u0094, INSTALADO EM RAMAL OU SUB-RAMAL DE ÁGUA - FORNECIMENTO E INSTALAÇÃO. AF_12/2014","UN",5.95]
[89386,"LUVA, PVC, SOLDÁVEL, DN 32MM, INSTALADO EM RAMAL OU SUB-RAMAL DE ÁGUA - FORNECIMENTO E INSTALAÇÃO. AF_12/2014","UN",7.16]
[89387,"LUVA DE CORRER, PVC, SOLDÁVEL, DN 32MM, INSTALADO EM RAMAL OU SUB-RAMAL DE ÁGUA   FORNECIMENTO E INSTALAÇÃO. AF_12/2014","UN",21.04]
[89388,"LUVA DE REDUÇÃO, PVC, SOLDÁVEL, DN 40MM X 32MM, INSTALADO EM RAMAL OU SUB-RAMAL DE ÁGUA - FORNECIMENTO E INSTALAÇÃO. AF_12/2014","UN",8.73]
[89389,"LUVA SOLDÁVEL E COM ROSCA, PVC, SOLDÁVEL, DN 32MM X 1\u0094, INSTALADO EM RAMAL OU SUB-RAMAL DE ÁGUA - FORNECIMENTO E INSTALAÇÃO. AF_12/2014","UN",9.27]
[89390,"UNIÃO, PVC, SOLDÁVEL, DN 32MM, INSTALADO EM RAMAL OU SUB-RAMAL DE ÁGUA - FORNECIMENTO E INSTALAÇÃO. AF_12/2014","UN",14.99]
[89391,"ADAPTADOR CURTO COM BOLSA E ROSCA PARA REGISTRO, PVC, SOLDÁVEL, DN 32MM X 1\u0094, INSTALADO EM RAMAL OU SUB-RAMAL DE ÁGUA - FORNECIMENTO E INSTALAÇÃO. AF_12/2014","UN",7.1]
[89392,"CURVA DE TRANSPOSIÇÃO, PVC, SOLDÁVEL, DN 32MM, INSTALADO EM RAMAL OU SUB-RAMAL DE ÁGUA   FORNECIMENTO E INSTALAÇÃO. AF_12/2014","UN",17.38]
[89393,"TE, PVC, SOLDÁVEL, DN 20MM, INSTALADO EM RAMAL OU SUB-RAMAL DE ÁGUA - FORNECIMENTO E INSTALAÇÃO. AF_12/2014","UN",8.76]
[89394,"TÊ COM BUCHA DE LATÃO NA BOLSA CENTRAL, PVC, SOLDÁVEL, DN 20MM X 1/2\u0094, INSTALADO EM RAMAL OU SUB-RAMAL DE ÁGUA - FORNECIMENTO E INSTALAÇÃO. AF_12/2014","UN",14.2]
[89395,"TE, PVC, SOLDÁVEL, DN 25MM, INSTALADO EM RAMAL OU SUB-RAMAL DE ÁGUA - FORNECIMENTO E INSTALAÇÃO. AF_12/2014","UN",10.37]
[89396,"TÊ COM BUCHA DE LATÃO NA BOLSA CENTRAL, PVC, SOLDÁVEL, DN 25MM X 1/2\u0094, INSTALADO EM RAMAL OU SUB-RAMAL DE ÁGUA - FORNECIMENTO E INSTALAÇÃO. AF_12/2014","UN",15.03]
[89397,"TÊ DE REDUÇÃO, PVC, SOLDÁVEL, DN 25MM X 20MM, INSTALADO EM RAMAL OU SUB-RAMAL DE ÁGUA - FORNECIMENTO E INSTALAÇÃO. AF_12/2014","UN",11.62]
[89398,"TE, PVC, SOLDÁVEL, DN 32MM, INSTALADO EM RAMAL OU SUB-RAMAL DE ÁGUA - FORNECIMENTO E INSTALAÇÃO. AF_12/2014","UN",14.13]
[89399,"TÊ COM BUCHA DE LATÃO NA BOLSA CENTRAL, PVC, SOLDÁVEL, DN 32MM X 3/4\u0094, INSTALADO EM RAMAL OU SUB-RAMAL DE ÁGUA - FORNECIMENTO E INSTALAÇÃO. AF_12/2014","UN",22.03]
[89400,"TÊ DE REDUÇÃO, PVC, SOLDÁVEL, DN 32MM X 25MM, INSTALADO EM RAMAL OU SUB-RAMAL DE ÁGUA - FORNECIMENTO E INSTALAÇÃO. AF_12/2014","UN",15.36]
[89404,"JOELHO 90 GRAUS, PVC, SOLDÁVEL, DN 20MM, INSTALADO EM RAMAL DE DISTRIBUIÇÃO DE ÁGUA - FORNECIMENTO E INSTALAÇÃO. AF_12/2014","UN",4.12]
[89405,"JOELHO 45 GRAUS, PVC, SOLDÁVEL, DN 20MM, INSTALADO EM RAMAL DE DISTRIBUIÇÃO DE ÁGUA - FORNECIMENTO E INSTALAÇÃO. AF_12/2014","UN",4.34]
[89406,"CURVA 90 GRAUS, PVC, SOLDÁVEL, DN 20MM, INSTALADO EM RAMAL DE DISTRIBUIÇÃO DE ÁGUA - FORNECIMENTO E INSTALAÇÃO. AF_12/2014","UN",5.27]
[89407,"CURVA 45 GRAUS, PVC, SOLDÁVEL, DN 20MM, INSTALADO EM RAMAL DE DISTRIBUIÇÃO DE ÁGUA - FORNECIMENTO E INSTALAÇÃO. AF_12/2014","UN",4.91]
[89408,"JOELHO 90 GRAUS, PVC, SOLDÁVEL, DN 25MM, INSTALADO EM RAMAL DE DISTRIBUIÇÃO DE ÁGUA - FORNECIMENTO E INSTALAÇÃO. AF_12/2014","UN",4.93]
[89409,"JOELHO 45 GRAUS, PVC, SOLDÁVEL, DN 25MM, INSTALADO EM RAMAL DE DISTRIBUIÇÃO DE ÁGUA - FORNECIMENTO E INSTALAÇÃO. AF_12/2014","UN",5.4]
[89410,"CURVA 90 GRAUS, PVC, SOLDÁVEL, DN 25MM, INSTALADO EM RAMAL DE DISTRIBUIÇÃO DE ÁGUA - FORNECIMENTO E INSTALAÇÃO. AF_12/2014","UN",6.37]
[89411,"CURVA 45 GRAUS, PVC, SOLDÁVEL, DN 25MM, INSTALADO EM RAMAL DE DISTRIBUIÇÃO DE ÁGUA - FORNECIMENTO E INSTALAÇÃO. AF_12/2014","UN",5.94]
[89412,"JOELHO 90 GRAUS, PVC, SOLDÁVEL, DN 25MM, X 3/4\u0094 INSTALADO EM RAMAL DE DISTRIBUIÇÃO DE ÁGUA - FORNECIMENTO E INSTALAÇÃO. AF_12/2014","UN",6.53]
[89413,"JOELHO 90 GRAUS, PVC, SOLDÁVEL, DN 32MM, INSTALADO EM RAMAL DE DISTRIBUIÇÃO DE ÁGUA - FORNECIMENTO E INSTALAÇÃO. AF_12/2014","UN",6.77]
[89414,"JOELHO 45 GRAUS, PVC, SOLDÁVEL, DN 32MM, INSTALADO EM RAMAL DE DISTRIBUIÇÃO DE ÁGUA - FORNECIMENTO E INSTALAÇÃO. AF_12/2014","UN",8.09]
[89415,"CURVA 90 GRAUS, PVC, SOLDÁVEL, DN 32MM, INSTALADO EM RAMAL DE DISTRIBUIÇÃO DE ÁGUA - FORNECIMENTO E INSTALAÇÃO. AF_12/2014","UN",9.73]
[89416,"CURVA 45 GRAUS, PVC, SOLDÁVEL, DN 32MM, INSTALADO EM RAMAL DE DISTRIBUIÇÃO DE ÁGUA - FORNECIMENTO E INSTALAÇÃO. AF_12/2014","UN",7.81]
[89417,"LUVA, PVC, SOLDÁVEL, DN 20MM, INSTALADO EM RAMAL DE DISTRIBUIÇÃO DE ÁGUA - FORNECIMENTO E INSTALAÇÃO. AF_12/2014","UN",3.12]
[89418,"LUVA DE CORRER, PVC, SOLDÁVEL, DN 20MM, INSTALADO EM RAMAL DE DISTRIBUIÇÃO DE ÁGUA - FORNECIMENTO E INSTALAÇÃO. AF_12/2014","UN",7.48]
[89419,"LUVA DE REDUÇÃO, PVC, SOLDÁVEL, DN 25MM X 20MM, INSTALADO EM RAMAL DE DISTRIBUIÇÃO DE ÁGUA - FORNECIMENTO E INSTALAÇÃO. AF_12/2014","UN",3.52]
[89420,"LUVA COM BUCHA DE LATÃO, PVC, SOLDÁVEL, DN 20MM X 1/2\u0094, INSTALADO EM RAMAL DE DISTRIBUIÇÃO DE ÁGUA - FORNECIMENTO E INSTALAÇÃO. AF_12/2014","UN",5.88]
[89421,"UNIÃO, PVC, SOLDÁVEL, DN 20MM, INSTALADO EM RAMAL DE DISTRIBUIÇÃO DE ÁGUA - FORNECIMENTO E INSTALAÇÃO. AF_12/2014","UN",7.31]
[89422,"ADAPTADOR CURTO COM BOLSA E ROSCA PARA REGISTRO, PVC, SOLDÁVEL, DN 20MM X 1/2\u0094, INSTALADO EM RAMAL DE DISTRIBUIÇÃO DE ÁGUA - FORNECIMENTO E INSTALAÇÃO. AF_12/2014","UN",3.17]
[89423,"CURVA DE TRANSPOSIÇÃO, PVC, SOLDÁVEL, DN 20MM, INSTALADO EM RAMAL DE DISTRIBUIÇÃO DE ÁGUA   FORNECIMENTO E INSTALAÇÃO. AF_12/2014","UN",5.66]
[89424,"LUVA, PVC, SOLDÁVEL, DN 25MM, INSTALADO EM RAMAL DE DISTRIBUIÇÃO DE ÁGUA - FORNECIMENTO E INSTALAÇÃO. AF_12/2014","UN",3.67]
[89425,"LUVA DE CORRER, PVC, SOLDÁVEL, DN 25MM, INSTALADO EM RAMAL DE DISTRIBUIÇÃO DE ÁGUA - FORNECIMENTO E INSTALAÇÃO. AF_12/2014","UN",9.49]
[89426,"LUVA DE REDUÇÃO, PVC, SOLDÁVEL, DN 32MM X 25MM, INSTALADO EM RAMAL DE DISTRIBUIÇÃO DE ÁGUA - FORNECIMENTO E INSTALAÇÃO. AF_12/2014","UN",5.46]
[89427,"LUVA COM BUCHA DE LATÃO, PVC, SOLDÁVEL, DN 25MM X 3/4\u0094, INSTALADO EM RAMAL DE DISTRIBUIÇÃO DE ÁGUA - FORNECIMENTO E INSTALAÇÃO. AF_12/2014","UN",7.35]
[89428,"UNIÃO, PVC, SOLDÁVEL, DN 25MM, INSTALADO EM RAMAL DE DISTRIBUIÇÃO DE ÁGUA - FORNECIMENTO E INSTALAÇÃO. AF_12/2014","UN",8.68]
[89429,"ADAPTADOR CURTO COM BOLSA E ROSCA PARA REGISTRO, PVC, SOLDÁVEL, DN 25MM X 3/4\u0094, INSTALADO EM RAMAL DE DISTRIBUIÇÃO DE ÁGUA - FORNECIMENTO E INSTALAÇÃO. AF_12/2014","UN",3.73]
[89430,"CURVA DE TRANSPOSIÇÃO, PVC, SOLDÁVEL, DN 25MM, INSTALADO EM RAMAL DE DISTRIBUIÇÃO DE ÁGUA   FORNECIMENTO E INSTALAÇÃO. AF_12/2014","UN",7.44]
[89431,"LUVA, PVC, SOLDÁVEL, DN 32MM, INSTALADO EM RAMAL DE DISTRIBUIÇÃO DE ÁGUA - FORNECIMENTO E INSTALAÇÃO. AF_12/2014","UN",5.06]
[89432,"LUVA DE CORRER, PVC, SOLDÁVEL, DN 32MM, INSTALADO EM RAMAL DE DISTRIBUIÇÃO DE ÁGUA   FORNECIMENTO E INSTALAÇÃO. AF_12/2014","UN",18.94]
[89433,"LUVA DE REDUÇÃO, PVC, SOLDÁVEL, DN 40MM X 32MM, INSTALADO EM RAMAL DE DISTRIBUIÇÃO DE ÁGUA - FORNECIMENTO E INSTALAÇÃO. AF_12/2014","UN",6.63]
[89434,"LUVA SOLDÁVEL E COM ROSCA, PVC, SOLDÁVEL, DN 32MM X 1\u0094, INSTALADO EM RAMAL DE DISTRIBUIÇÃO DE ÁGUA - FORNECIMENTO E INSTALAÇÃO. AF_12/2014","UN",7.17]
[89435,"UNIÃO, PVC, SOLDÁVEL, DN 32MM, INSTALADO EM RAMAL DE DISTRIBUIÇÃO DE ÁGUA - FORNECIMENTO E INSTALAÇÃO. AF_12/2014","UN",12.89]
[89436,"ADAPTADOR CURTO COM BOLSA E ROSCA PARA REGISTRO, PVC, SOLDÁVEL, DN 32MM X 1\u0094, INSTALADO EM RAMAL DE DISTRIBUIÇÃO DE ÁGUA - FORNECIMENTO E INSTALAÇÃO. AF_12/2014","UN",5]
[89437,"CURVA DE TRANSPOSIÇÃO, PVC, SOLDÁVEL, DN 32MM, INSTALADO EM RAMAL DE DISTRIBUIÇÃO DE ÁGUA   FORNECIMENTO E INSTALAÇÃO. AF_12/2014","UN",15.28]
[89438,"TE, PVC, SOLDÁVEL, DN 20MM, INSTALADO EM RAMAL DE DISTRIBUIÇÃO DE ÁGUA - FORNECIMENTO E INSTALAÇÃO. AF_12/2014","UN",5.76]
[89439,"TÊ SOLDÁVEL E COM ROSCA NA BOLSA CENTRAL, PVC, SOLDÁVEL, DN 20MM X 1/2\u0094, INSTALADO EM RAMAL DE DISTRIBUIÇÃO DE ÁGUA - FORNECIMENTO E INSTALAÇÃO. AF_12/2014","UN",7.01]
[89440,"TE, PVC, SOLDÁVEL, DN 25MM, INSTALADO EM RAMAL DE DISTRIBUIÇÃO DE ÁGUA - FORNECIMENTO E INSTALAÇÃO. AF_12/2014","UN",6.88]
[89441,"TÊ COM BUCHA DE LATÃO NA BOLSA CENTRAL, PVC, SOLDÁVEL, DN 25MM X 1/2\u0094, INSTALADO EM RAMAL DE DISTRIBUIÇÃO DE ÁGUA - FORNECIMENTO E INSTALAÇÃO. AF_12/2014","UN",11.54]
[89442,"TÊ DE REDUÇÃO, PVC, SOLDÁVEL, DN 25MM X 20MM, INSTALADO EM RAMAL DE DISTRIBUIÇÃO DE ÁGUA - FORNECIMENTO E INSTALAÇÃO. AF_12/2014","UN",8.13]
[89443,"TE, PVC, SOLDÁVEL, DN 32MM, INSTALADO EM RAMAL DE DISTRIBUIÇÃO DE ÁGUA - FORNECIMENTO E INSTALAÇÃO. AF_12/2014","UN",9.98]
[89444,"TÊ COM BUCHA DE LATÃO NA BOLSA CENTRAL, PVC, SOLDÁVEL, DN 32MM X 3/4\u0094, INSTALADO EM RAMAL DE DISTRIBUIÇÃO DE ÁGUA - FORNECIMENTO E INSTALAÇÃO. AF_12/2014","UN",17.88]
[89445,"TÊ DE REDUÇÃO, PVC, SOLDÁVEL, DN 32MM X 25MM, INSTALADO EM RAMAL DE DISTRIBUIÇÃO DE ÁGUA - FORNECIMENTO E INSTALAÇÃO. AF_12/2014","UN",11.21]
[89481,"JOELHO 90 GRAUS, PVC, SOLDÁVEL, DN 25MM, INSTALADO EM PRUMADA DE ÁGUA - FORNECIMENTO E INSTALAÇÃO. AF_12/2014","UN",3.62]
[89485,"JOELHO 45 GRAUS, PVC, SOLDÁVEL, DN 25MM, INSTALADO EM PRUMADA DE ÁGUA - FORNECIMENTO E INSTALAÇÃO. AF_12/2014","UN",4.09]
[89489,"CURVA 90 GRAUS, PVC, SOLDÁVEL, DN 25MM, INSTALADO EM PRUMADA DE ÁGUA - FORNECIMENTO E INSTALAÇÃO. AF_12/2014","UN",5.06]
[89490,"CURVA 45 GRAUS, PVC, SOLDÁVEL, DN 25MM, INSTALADO EM PRUMADA DE ÁGUA - FORNECIMENTO E INSTALAÇÃO. AF_12/2014","UN",4.63]
[89492,"JOELHO 90 GRAUS, PVC, SOLDÁVEL, DN 32MM, INSTALADO EM PRUMADA DE ÁGUA - FORNECIMENTO E INSTALAÇÃO. AF_12/2014","UN",5.28]
[89493,"JOELHO 45 GRAUS, PVC, SOLDÁVEL, DN 32MM, INSTALADO EM PRUMADA DE ÁGUA - FORNECIMENTO E INSTALAÇÃO. AF_12/2014","UN",6.6]
[89494,"CURVA 90 GRAUS, PVC, SOLDÁVEL, DN 32MM, INSTALADO EM PRUMADA DE ÁGUA - FORNECIMENTO E INSTALAÇÃO. AF_12/2014","UN",8.24]
[89496,"CURVA 45 GRAUS, PVC, SOLDÁVEL, DN 32MM, INSTALADO EM PRUMADA DE ÁGUA - FORNECIMENTO E INSTALAÇÃO. AF_12/2014","UN",6.32]
[89497,"JOELHO 90 GRAUS, PVC, SOLDÁVEL, DN 40MM, INSTALADO EM PRUMADA DE ÁGUA - FORNECIMENTO E INSTALAÇÃO. AF_12/2014","UN",8.07]
[89498,"JOELHO 45 GRAUS, PVC, SOLDÁVEL, DN 40MM, INSTALADO EM PRUMADA DE ÁGUA - FORNECIMENTO E INSTALAÇÃO. AF_12/2014","UN",8.67]
[89499,"CURVA 90 GRAUS, PVC, SOLDÁVEL, DN 40MM, INSTALADO EM PRUMADA DE ÁGUA - FORNECIMENTO E INSTALAÇÃO. AF_12/2014","UN",12.52]
[89500,"CURVA 45 GRAUS, PVC, SOLDÁVEL, DN 40MM, INSTALADO EM PRUMADA DE ÁGUA - FORNECIMENTO E INSTALAÇÃO. AF_12/2014","UN",8.79]
[89501,"JOELHO 90 GRAUS, PVC, SOLDÁVEL, DN 50MM, INSTALADO EM PRUMADA DE ÁGUA - FORNECIMENTO E INSTALAÇÃO. AF_12/2014","UN",9.7]
[89502,"JOELHO 45 GRAUS, PVC, SOLDÁVEL, DN 50MM, INSTALADO EM PRUMADA DE ÁGUA - FORNECIMENTO E INSTALAÇÃO. AF_12/2014","UN",10.79]
[89503,"CURVA 90 GRAUS, PVC, SOLDÁVEL, DN 50MM, INSTALADO EM PRUMADA DE ÁGUA - FORNECIMENTO E INSTALAÇÃO. AF_12/2014","UN",15.56]
[89504,"CURVA 45 GRAUS, PVC, SOLDÁVEL, DN 50MM, INSTALADO EM PRUMADA DE ÁGUA - FORNECIMENTO E INSTALAÇÃO. AF_12/2014","UN",13.83]
[89505,"JOELHO 90 GRAUS, PVC, SOLDÁVEL, DN 60MM, INSTALADO EM PRUMADA DE ÁGUA - FORNECIMENTO E INSTALAÇÃO. AF_12/2014","UN",22.69]
[89506,"JOELHO 45 GRAUS, PVC, SOLDÁVEL, DN 60MM, INSTALADO EM PRUMADA DE ÁGUA - FORNECIMENTO E INSTALAÇÃO. AF_12/2014","UN",25.29]
[89507,"CURVA 90 GRAUS, PVC, SOLDÁVEL, DN 60MM, INSTALADO EM PRUMADA DE ÁGUA - FORNECIMENTO E INSTALAÇÃO. AF_12/2014","UN",30.72]
[89510,"CURVA 45 GRAUS, PVC, SOLDÁVEL, DN 60MM, INSTALADO EM PRUMADA DE ÁGUA - FORNECIMENTO E INSTALAÇÃO. AF_12/2014","UN",20.76]
[89513,"JOELHO 90 GRAUS, PVC, SOLDÁVEL, DN 75MM, INSTALADO EM PRUMADA DE ÁGUA - FORNECIMENTO E INSTALAÇÃO. AF_12/2014","UN",66.82]
[89514,"JOELHO 90 GRAUS, PVC, SERIE R, ÁGUA PLUVIAL, DN 40 MM, JUNTA SOLDÁVEL, FORNECIDO E INSTALADO EM RAMAL DE ENCAMINHAMENTO. AF_12/2014","UN",6.94]
[89515,"JOELHO 45 GRAUS, PVC, SOLDÁVEL, DN 75MM, INSTALADO EM PRUMADA DE ÁGUA - FORNECIMENTO E INSTALAÇÃO. AF_12/2014","UN",50.94]
[89516,"JOELHO 45 GRAUS, PVC, SERIE R, ÁGUA PLUVIAL, DN 40 MM, JUNTA SOLDÁVEL, FORNECIDO E INSTALADO EM RAMAL DE ENCAMINHAMENTO. AF_12/2014","UN",6.1]
[89517,"CURVA 90 GRAUS, PVC, SOLDÁVEL, DN 75MM, INSTALADO EM PRUMADA DE ÁGUA - FORNECIMENTO E INSTALAÇÃO. AF_12/2014","UN",43.22]
[89518,"JOELHO 90 GRAUS, PVC, SERIE R, ÁGUA PLUVIAL, DN 50 MM, JUNTA ELÁSTICA, FORNECIDO E INSTALADO EM RAMAL DE ENCAMINHAMENTO. AF_12/2014","UN",9.83]
[89519,"CURVA 45 GRAUS, PVC, SOLDÁVEL, DN 75MM, INSTALADO EM PRUMADA DE ÁGUA - FORNECIMENTO E INSTALAÇÃO. AF_12/2014","UN",29.89]
[89520,"JOELHO 45 GRAUS, PVC, SERIE R, ÁGUA PLUVIAL, DN 50 MM, JUNTA ELÁSTICA, FORNECIDO E INSTALADO EM RAMAL DE ENCAMINHAMENTO. AF_12/2014","UN",8.72]
[89521,"JOELHO 90 GRAUS, PVC, SOLDÁVEL, DN 85MM, INSTALADO EM PRUMADA DE ÁGUA - FORNECIMENTO E INSTALAÇÃO. AF_12/2014","UN",78.61]
[89522,"JOELHO 90 GRAUS, PVC, SERIE R, ÁGUA PLUVIAL, DN 75 MM, JUNTA ELÁSTICA, FORNECIDO E INSTALADO EM RAMAL DE ENCAMINHAMENTO. AF_12/2014","UN",19.47]
[89523,"JOELHO 45 GRAUS, PVC, SOLDÁVEL, DN 85MM, INSTALADO EM PRUMADA DE ÁGUA - FORNECIMENTO E INSTALAÇÃO. AF_12/2014","UN",59.91]
[89524,"JOELHO 45 GRAUS, PVC, SERIE R, ÁGUA PLUVIAL, DN 75 MM, JUNTA ELÁSTICA, FORNECIDO E INSTALADO EM RAMAL DE ENCAMINHAMENTO. AF_12/2014","UN",17.34]
[89525,"CURVA 90 GRAUS, PVC, SOLDÁVEL, DN 85MM, INSTALADO EM PRUMADA DE ÁGUA - FORNECIMENTO E INSTALAÇÃO. AF_12/2014","UN",58.96]
[89526,"CURVA 87 GRAUS E 30 MINUTOS, PVC, SERIE R, ÁGUA PLUVIAL, DN 75 MM, JUNTA ELÁSTICA, FORNECIDO E INSTALADO EM RAMAL DE ENCAMINHAMENTO. AF_12/2014","UN",25.12]
[89527,"CURVA 45 GRAUS, PVC, SOLDÁVEL, DN 85MM, INSTALADO EM PRUMADA DE ÁGUA - FORNECIMENTO E INSTALAÇÃO. AF_12/2014","UN",45.84]
[89528,"LUVA, PVC, SOLDÁVEL, DN 25MM, INSTALADO EM PRUMADA DE ÁGUA - FORNECIMENTO E INSTALAÇÃO. AF_12/2014","UN",2.79]
[89529,"JOELHO 90 GRAUS, PVC, SERIE R, ÁGUA PLUVIAL, DN 100 MM, JUNTA ELÁSTICA, FORNECIDO E INSTALADO EM RAMAL DE ENCAMINHAMENTO. AF_12/2014","UN",28.88]
[89530,"LUVA DE CORRER, PVC, SOLDÁVEL, DN 25MM, INSTALADO EM PRUMADA DE ÁGUA - FORNECIMENTO E INSTALAÇÃO. AF_12/2014","UN",8.61]
[89531,"JOELHO 45 GRAUS, PVC, SERIE R, ÁGUA PLUVIAL, DN 100 MM, JUNTA ELÁSTICA, FORNECIDO E INSTALADO EM RAMAL DE ENCAMINHAMENTO. AF_12/2014","UN",23.68]
[89532,"LUVA DE REDUÇÃO, PVC, SOLDÁVEL, DN 32MM X 25MM, INSTALADO EM PRUMADA DE ÁGUA - FORNECIMENTO E INSTALAÇÃO. AF_12/2014","UN",4.58]
[89533,"JOELHO 45 GRAUS PARA PÉ DE COLUNA, PVC, SERIE R, ÁGUA PLUVIAL, DN 100 MM, JUNTA ELÁSTICA, FORNECIDO E INSTALADO EM RAMAL DE ENCAMINHAMENTO. AF_12/2014","UN",23.68]
[89534,"LUVA SOLDÁVEL E COM ROSCA, PVC, SOLDÁVEL, DN 25MM X 3/4\u0094, INSTALADO EM PRUMADA DE ÁGUA - FORNECIMENTO E INSTALAÇÃO. AF_12/2014","UN",3.31]
[89535,"CURVA 87 GRAUS E 30 MINUTOS, PVC, SERIE R, ÁGUA PLUVIAL, DN 100 MM, JUNTA ELÁSTICA, FORNECIDO E INSTALADO EM RAMAL DE ENCAMINHAMENTO. AF_12/2014","UN",37.02]
[89536,"UNIÃO, PVC, SOLDÁVEL, DN 25MM, INSTALADO EM PRUMADA DE ÁGUA - FORNECIMENTO E INSTALAÇÃO. AF_12/2014","UN",7.8]
[89538,"ADAPTADOR CURTO COM BOLSA E ROSCA PARA REGISTRO, PVC, SOLDÁVEL, DN 25MM X 3/4\u0094, INSTALADO EM PRUMADA DE ÁGUA - FORNECIMENTO E INSTALAÇÃO. AF_12/2014","UN",2.85]
[89540,"CURVA DE TRANSPOSIÇÃO, PVC, SOLDÁVEL, DN 25MM, INSTALADO EM PRUMADA DE ÁGUA  - FORNECIMENTO E INSTALAÇÃO. AF_12/2014","UN",6.56]
[89541,"LUVA, PVC, SOLDÁVEL, DN 32MM, INSTALADO EM PRUMADA DE ÁGUA - FORNECIMENTO E INSTALAÇÃO. AF_12/2014","UN",4.08]
[89542,"LUVA DE CORRER, PVC, SOLDÁVEL, DN 32MM, INSTALADO EM PRUMADA DE ÁGUA - FORNECIMENTO E INSTALAÇÃO. AF_12/2014","UN",17.96]
[89544,"LUVA SIMPLES, PVC, SERIE R, ÁGUA PLUVIAL, DN 40 MM, JUNTA SOLDÁVEL, FORNECIDO E INSTALADO EM RAMAL DE ENCAMINHAMENTO. AF_12/2014","UN",5.97]
[89545,"LUVA SIMPLES, PVC, SERIE R, ÁGUA PLUVIAL, DN 50 MM, JUNTA ELÁSTICA, FORNECIDO E INSTALADO EM RAMAL DE ENCAMINHAMENTO. AF_12/2014","UN",8.73]
[89546,"BUCHA DE REDUÇÃO LONGA, PVC, SERIE R, ÁGUA PLUVIAL, DN 50 X 40 MM, JUNTA ELÁSTICA, FORNECIDO E INSTALADO EM RAMAL DE ENCAMINHAMENTO. AF_12/2014","UN",7.6]
[89547,"LUVA SIMPLES, PVC, SERIE R, ÁGUA PLUVIAL, DN 75 MM, JUNTA ELÁSTICA, FORNECIDO E INSTALADO EM RAMAL DE ENCAMINHAMENTO. AF_12/2014","UN",13.09]
[89548,"LUVA DE CORRER, PVC, SERIE R, ÁGUA PLUVIAL, DN 75 MM, JUNTA ELÁSTICA, FORNECIDO E INSTALADO EM RAMAL DE ENCAMINHAMENTO. AF_12/2014","UN",14.15]
[89549,"REDUÇÃO EXCÊNTRICA, PVC, SERIE R, ÁGUA PLUVIAL, DN 75 X 50 MM, JUNTA ELÁSTICA, FORNECIDO E INSTALADO EM RAMAL DE ENCAMINHAMENTO. AF_12/2014","UN",10.24]
[89550,"TÊ DE INSPEÇÃO, PVC, SERIE R, ÁGUA PLUVIAL, DN 75 MM, JUNTA ELÁSTICA, FORNECIDO E INSTALADO EM RAMAL DE ENCAMINHAMENTO. AF_12/2014","UN",24.75]
[89551,"LUVA SOLDÁVEL E COM ROSCA, PVC, SOLDÁVEL, DN 32MM X 1\u0094, INSTALADO EM PRUMADA DE ÁGUA - FORNECIMENTO E INSTALAÇÃO. AF_12/2014","UN",6.19]
[89552,"UNIÃO, PVC, SOLDÁVEL, DN 32MM, INSTALADO EM PRUMADA DE ÁGUA - FORNECIMENTO E INSTALAÇÃO. AF_12/2014","UN",11.91]
[89553,"ADAPTADOR CURTO COM BOLSA E ROSCA PARA REGISTRO, PVC, SOLDÁVEL, DN 32MM X 1\u0094, INSTALADO EM PRUMADA DE ÁGUA - FORNECIMENTO E INSTALAÇÃO. AF_12/2014","UN",4.02]
[89554,"LUVA SIMPLES, PVC, SERIE R, ÁGUA PLUVIAL, DN 100 MM, JUNTA ELÁSTICA, FORNECIDO E INSTALADO EM RAMAL DE ENCAMINHAMENTO. AF_12/2014","UN",16.24]
[89555,"CURVA DE TRANSPOSIÇÃO, PVC, SOLDÁVEL, DN 32MM, INSTALADO EM PRUMADA DE ÁGUA   FORNECIMENTO E INSTALAÇÃO. AF_12/2014","UN",14.3]
[89556,"LUVA DE CORRER, PVC, SERIE R, ÁGUA PLUVIAL, DN 100 MM, JUNTA ELÁSTICA, FORNECIDO E INSTALADO EM RAMAL DE ENCAMINHAMENTO. AF_12/2014","UN",23.51]
[89557,"REDUÇÃO EXCÊNTRICA, PVC, SERIE R, ÁGUA PLUVIAL, DN 100 X 75 MM, JUNTA ELÁSTICA, FORNECIDO E INSTALADO EM RAMAL DE ENCAMINHAMENTO. AF_12/2014","UN",18.73]
[89558,"LUVA, PVC, SOLDÁVEL, DN 40MM, INSTALADO EM PRUMADA DE ÁGUA - FORNECIMENTO E INSTALAÇÃO. AF_12/2014","UN",5.99]
[89559,"TÊ DE INSPEÇÃO, PVC, SERIE R, ÁGUA PLUVIAL, DN 100 MM, JUNTA ELÁSTICA, FORNECIDO E INSTALADO EM RAMAL DE ENCAMINHAMENTO. AF_12/2014","UN",40.82]
[89561,"JUNÇÃO SIMPLES, PVC, SERIE R, ÁGUA PLUVIAL, DN 40 MM, JUNTA SOLDÁVEL, FORNECIDO E INSTALADO EM RAMAL DE ENCAMINHAMENTO. AF_12/2014","UN",9.01]
[89562,"LUVA DE REDUÇÃO, PVC, SOLDÁVEL, DN 40MM X 32MM, INSTALADO EM PRUMADA DE ÁGUA - FORNECIMENTO E INSTALAÇÃO. AF_12/2014","UN",6.33]
[89563,"JUNÇÃO SIMPLES, PVC, SERIE R, ÁGUA PLUVIAL, DN 50 MM, JUNTA ELÁSTICA, FORNECIDO E INSTALADO EM RAMAL DE ENCAMINHAMENTO. AF_12/2014","UN",14.48]
[89564,"LUVA COM ROSCA, PVC, SOLDÁVEL, DN 40MM X 1.1/4\u0094, INSTALADO EM PRUMADA DE ÁGUA - FORNECIMENTO E INSTALAÇÃO. AF_12/2014","UN",10.86]
[89565,"JUNÇÃO SIMPLES, PVC, SERIE R, ÁGUA PLUVIAL, DN 75 X 75 MM, JUNTA ELÁSTICA, FORNECIDO E INSTALADO EM RAMAL DE ENCAMINHAMENTO. AF_12/2014","UN",34.71]
[89566,"TÊ, PVC, SERIE R, ÁGUA PLUVIAL, DN 75 MM, JUNTA ELÁSTICA, FORNECIDO E INSTALADO EM RAMAL DE ENCAMINHAMENTO. AF_12/2014","UN",30.1]
[89567,"JUNÇÃO SIMPLES, PVC, SERIE R, ÁGUA PLUVIAL, DN 100 X 100 MM, JUNTA ELÁSTICA, FORNECIDO E INSTALADO EM RAMAL DE ENCAMINHAMENTO. AF_12/2014","UN",51.37]
[89568,"UNIÃO, PVC, SOLDÁVEL, DN 40MM, INSTALADO EM PRUMADA DE ÁGUA - FORNECIMENTO E INSTALAÇÃO. AF_12/2014","UN",21.13]
[89569,"JUNÇÃO SIMPLES, PVC, SERIE R, ÁGUA PLUVIAL, DN 100 X 75 MM, JUNTA ELÁSTICA, FORNECIDO E INSTALADO EM RAMAL DE ENCAMINHAMENTO. AF_12/2014","UN",48.69]
[89570,"ADAPTADOR CURTO COM BOLSA E ROSCA PARA REGISTRO, PVC, SOLDÁVEL, DN 40MM X 1.1/2\u0094, INSTALADO EM PRUMADA DE ÁGUA - FORNECIMENTO E INSTALAÇÃO. AF_12/2014","UN",7.92]
[89571,"TÊ, PVC, SERIE R, ÁGUA PLUVIAL, DN 100 X 100 MM, JUNTA ELÁSTICA, FORNECIDO E INSTALADO EM RAMAL DE ENCAMINHAMENTO. AF_12/2014","UN",47.33]
[89572,"ADAPTADOR CURTO COM BOLSA E ROSCA PARA REGISTRO, PVC, SOLDÁVEL, DN 40MM X 1.1/4\u0094, INSTALADO EM PRUMADA DE ÁGUA - FORNECIMENTO E INSTALAÇÃO. AF_12/2014","UN",5.72]
[89573,"TÊ, PVC, SERIE R, ÁGUA PLUVIAL, DN 100 X 75 MM, JUNTA ELÁSTICA, FORNECIDO E INSTALADO EM RAMAL DE ENCAMINHAMENTO. AF_12/2014","UN",43.23]
[89574,"JUNÇÃO DUPLA, PVC, SERIE R, ÁGUA PLUVIAL, DN 100 X 100 X 100 MM, JUNTA ELÁSTICA, FORNECIDO E INSTALADO EM RAMAL DE ENCAMINHAMENTO. AF_12/2014","UN",84.04]
[89575,"LUVA, PVC, SOLDÁVEL, DN 50MM, INSTALADO EM PRUMADA DE ÁGUA - FORNECIMENTO E INSTALAÇÃO. AF_12/2014","UN",7.53]
[89577,"LUVA DE CORRER, PVC, SOLDÁVEL, DN 50MM, INSTALADO EM PRUMADA DE ÁGUA - FORNECIMENTO E INSTALAÇÃO. AF_12/2014","UN",21.79]
[89579,"LUVA DE REDUÇÃO, PVC, SOLDÁVEL, DN 50MM X 25MM, INSTALADO EM PRUMADA DE ÁGUA   FORNECIMENTO E INSTALAÇÃO. AF_12/2014","UN",7.69]
[89581,"JOELHO 90 GRAUS, PVC, SERIE R, ÁGUA PLUVIAL, DN 75 MM, JUNTA ELÁSTICA, FORNECIDO E INSTALADO EM CONDUTORES VERTICAIS DE ÁGUAS PLUVIAIS. AF_12/2014","UN",17.75]
[89582,"JOELHO 45 GRAUS, PVC, SERIE R, ÁGUA PLUVIAL, DN 75 MM, JUNTA ELÁSTICA, FORNECIDO E INSTALADO EM CONDUTORES VERTICAIS DE ÁGUAS PLUVIAIS. AF_12/2014","UN",15.62]
[89583,"CURVA 87 GRAUS E 30 MINUTOS, PVC, SERIE R, ÁGUA PLUVIAL, DN 75 MM, JUNTA ELÁSTICA, FORNECIDO E INSTALADO EM CONDUTORES VERTICAIS DE ÁGUAS PLUVIAIS. AF_12/2014","UN",23.4]
[89584,"JOELHO 90 GRAUS, PVC, SERIE R, ÁGUA PLUVIAL, DN 100 MM, JUNTA ELÁSTICA, FORNECIDO E INSTALADO EM CONDUTORES VERTICAIS DE ÁGUAS PLUVIAIS. AF_12/2014","UN",27.16]
[89585,"JOELHO 45 GRAUS, PVC, SERIE R, ÁGUA PLUVIAL, DN 100 MM, JUNTA ELÁSTICA, FORNECIDO E INSTALADO EM CONDUTORES VERTICAIS DE ÁGUAS PLUVIAIS. AF_12/2014","UN",21.96]
[89586,"JOELHO 45 GRAUS PARA PÉ DE COLUNA, PVC, SERIE R, ÁGUA PLUVIAL, DN 100 MM, JUNTA ELÁSTICA, FORNECIDO E INSTALADO EM CONDUTORES VERTICAIS DE ÁGUAS PLUVIAIS. AF_12/2014","UN",21.96]
[89587,"CURVA 87 GRAUS E 30 MINUTOS, PVC, SERIE R, ÁGUA PLUVIAL, DN 100 MM, JUNTA ELÁSTICA, FORNECIDO E INSTALADO EM CONDUTORES VERTICAIS DE ÁGUAS PLUVIAIS. AF_12/2014","UN",35.3]
[89590,"JOELHO 90 GRAUS, PVC, SERIE R, ÁGUA PLUVIAL, DN 150 MM, JUNTA ELÁSTICA, FORNECIDO E INSTALADO EM CONDUTORES VERTICAIS DE ÁGUAS PLUVIAIS. AF_12/2014","UN",83.84]
[89591,"JOELHO 45 GRAUS, PVC, SERIE R, ÁGUA PLUVIAL, DN 150 MM, JUNTA ELÁSTICA, FORNECIDO E INSTALADO EM CONDUTORES VERTICAIS DE ÁGUAS PLUVIAIS. AF_12/2014","UN",68.93]
[89592,"CURVA 87 GRAUS E 30 MINUTOS, PVC, SERIE R, ÁGUA PLUVIAL, DN 150 MM, JUNTA ELÁSTICA, FORNECIDO E INSTALADO EM CONDUTORES VERTICAIS DE ÁGUAS PLUVIAIS. AF_12/2014","UN",112.3]
[89593,"LUVA COM ROSCA, PVC, SOLDÁVEL, DN 50MM X 1.1/2\u0094, INSTALADO EM PRUMADA DE ÁGUA - FORNECIMENTO E INSTALAÇÃO. AF_12/2014","UN",19.82]
[89594,"UNIÃO, PVC, SOLDÁVEL, DN 50MM, INSTALADO EM PRUMADA DE ÁGUA - FORNECIMENTO E INSTALAÇÃO. AF_12/2014","UN",23.71]
[89595,"ADAPTADOR CURTO COM BOLSA E ROSCA PARA REGISTRO, PVC, SOLDÁVEL, DN 50MM X 1.1/4\u0094, INSTALADO EM PRUMADA DE ÁGUA - FORNECIMENTO E INSTALAÇÃO. AF_12/2014","UN",9.7]
[89596,"ADAPTADOR CURTO COM BOLSA E ROSCA PARA REGISTRO, PVC, SOLDÁVEL, DN 50MM X 1.1/2\u0094, INSTALADO EM PRUMADA DE ÁGUA - FORNECIMENTO E INSTALAÇÃO. AF_12/2014","UN",7.42]
[89597,"LUVA, PVC, SOLDÁVEL, DN 60MM, INSTALADO EM PRUMADA DE ÁGUA - FORNECIMENTO E INSTALAÇÃO. AF_12/2014","UN",13.21]
[89598,"LUVA DE CORRER, PVC, SOLDÁVEL, DN 60MM, INSTALADO EM PRUMADA DE ÁGUA   FORNECIMENTO E INSTALAÇÃO. AF_12/2014","UN",32.53]
[89599,"LUVA SIMPLES, PVC, SERIE R, ÁGUA PLUVIAL, DN 75 MM, JUNTA ELÁSTICA, FORNECIDO E INSTALADO EM CONDUTORES VERTICAIS DE ÁGUAS PLUVIAIS. AF_12/2014","UN",11.8]
[89600,"LUVA DE CORRER, PVC, SERIE R, ÁGUA PLUVIAL, DN 75 MM, JUNTA ELÁSTICA, FORNECIDO E INSTALADO EM CONDUTORES VERTICAIS DE ÁGUAS PLUVIAIS. AF_12/2014","UN",12.86]
[89605,"LUVA DE REDUÇÃO, PVC, SOLDÁVEL, DN 60MM X 50MM, INSTALADO EM PRUMADA DE ÁGUA - FORNECIMENTO E INSTALAÇÃO. AF_12/2014","UN",12.93]
[89609,"UNIÃO, PVC, SOLDÁVEL, DN 60MM, INSTALADO EM PRUMADA DE ÁGUA - FORNECIMENTO E INSTALAÇÃO. AF_12/2014","UN",53.67]
[89610,"ADAPTADOR CURTO COM BOLSA E ROSCA PARA REGISTRO, PVC, SOLDÁVEL, DN 60MM X 2\u0094, INSTALADO EM PRUMADA DE ÁGUA - FORNECIMENTO E INSTALAÇÃO. AF_12/2014","UN",13.22]
[89611,"LUVA, PVC, SOLDÁVEL, DN 75MM, INSTALADO EM PRUMADA DE ÁGUA - FORNECIMENTO E INSTALAÇÃO. AF_12/2014","UN",21.02]
[89612,"UNIÃO, PVC, SOLDÁVEL, DN 75MM, INSTALADO EM PRUMADA DE ÁGUA - FORNECIMENTO E INSTALAÇÃO. AF_12/2014","UN",104.72]
[89613,"ADAPTADOR CURTO COM BOLSA E ROSCA PARA REGISTRO, PVC, SOLDÁVEL, DN 75MM X 2.1/2\u0094, INSTALADO EM PRUMADA DE ÁGUA - FORNECIMENTO E INSTALAÇÃO. AF_12/2014","UN",18.92]
[89614,"LUVA, PVC, SOLDÁVEL, DN 85MM, INSTALADO EM PRUMADA DE ÁGUA - FORNECIMENTO E INSTALAÇÃO. AF_12/2014","UN",38.73]
[89615,"UNIÃO, PVC, SOLDÁVEL, DN 85MM, INSTALADO EM PRUMADA DE ÁGUA - FORNECIMENTO E INSTALAÇÃO. AF_12/2014","UN",157.78]
[89616,"ADAPTADOR CURTO COM BOLSA E ROSCA PARA REGISTRO, PVC, SOLDÁVEL, DN 85MM X 3\u0094, INSTALADO EM PRUMADA DE ÁGUA - FORNECIMENTO E INSTALAÇÃO. AF_12/2014","UN",26.99]
[89617,"TE, PVC, SOLDÁVEL, DN 25MM, INSTALADO EM PRUMADA DE ÁGUA - FORNECIMENTO E INSTALAÇÃO. AF_12/2014","UN",5.12]
[89618,"TÊ COM BUCHA DE LATÃO NA BOLSA CENTRAL, PVC, SOLDÁVEL, DN 25MM X 1/2\u0094, INSTALADO EM PRUMADA DE ÁGUA - FORNECIMENTO E INSTALAÇÃO. AF_12/2014","UN",9.78]
[89619,"TÊ DE REDUÇÃO, PVC, SOLDÁVEL, DN 25MM X 20MM, INSTALADO EM PRUMADA DE ÁGUA - FORNECIMENTO E INSTALAÇÃO. AF_12/2014","UN",6.37]
[89620,"TE, PVC, SOLDÁVEL, DN 32MM, INSTALADO EM PRUMADA DE ÁGUA - FORNECIMENTO E INSTALAÇÃO. AF_12/2014","UN",8.01]
[89621,"TÊ COM BUCHA DE LATÃO NA BOLSA CENTRAL, PVC, SOLDÁVEL, DN 32MM X 3/4\u0094, INSTALADO EM PRUMADA DE ÁGUA - FORNECIMENTO E INSTALAÇÃO. AF_12/2014","UN",15.91]
[89622,"TÊ DE REDUÇÃO, PVC, SOLDÁVEL, DN 32MM X 25MM, INSTALADO EM PRUMADA DE ÁGUA - FORNECIMENTO E INSTALAÇÃO. AF_12/2014","UN",9.24]
[89623,"TE, PVC, SOLDÁVEL, DN 40MM, INSTALADO EM PRUMADA DE ÁGUA - FORNECIMENTO E INSTALAÇÃO. AF_12/2014","UN",12.26]
[89624,"TÊ DE REDUÇÃO, PVC, SOLDÁVEL, DN 40MM X 32MM, INSTALADO EM PRUMADA DE ÁGUA - FORNECIMENTO E INSTALAÇÃO. AF_12/2014","UN",12.88]
[89625,"TE, PVC, SOLDÁVEL, DN 50MM, INSTALADO EM PRUMADA DE ÁGUA - FORNECIMENTO E INSTALAÇÃO. AF_12/2014","UN",14.8]
[89626,"TÊ DE REDUÇÃO, PVC, SOLDÁVEL, DN 50MM X 40MM, INSTALADO EM PRUMADA DE ÁGUA - FORNECIMENTO E INSTALAÇÃO. AF_12/2014","UN",19.59]
[89627,"TÊ DE REDUÇÃO, PVC, SOLDÁVEL, DN 50MM X 25MM, INSTALADO EM PRUMADA DE ÁGUA - FORNECIMENTO E INSTALAÇÃO. AF_12/2014","UN",14.08]
[89628,"TE, PVC, SOLDÁVEL, DN 60MM, INSTALADO EM PRUMADA DE ÁGUA - FORNECIMENTO E INSTALAÇÃO. AF_12/2014","UN",29.11]
[89629,"TE, PVC, SOLDÁVEL, DN 75MM, INSTALADO EM PRUMADA DE ÁGUA - FORNECIMENTO E INSTALAÇÃO. AF_12/2014","UN",51.69]
[89630,"TE DE REDUÇÃO, PVC, SOLDÁVEL, DN 75MM X 50MM, INSTALADO EM PRUMADA DE ÁGUA - FORNECIMENTO E INSTALAÇÃO. AF_12/2014","UN",45.16]
[89631,"TE, PVC, SOLDÁVEL, DN 85MM, INSTALADO EM PRUMADA DE ÁGUA - FORNECIMENTO E INSTALAÇÃO. AF_12/2014","UN",77.51]
[89632,"TE DE REDUÇÃO, PVC, SOLDÁVEL, DN 85MM X 60MM, INSTALADO EM PRUMADA DE ÁGUA - FORNECIMENTO E INSTALAÇÃO. AF_12/2014","UN",64.15]
[89637,"JOELHO 90 GRAUS, CPVC, SOLDÁVEL, DN 15MM, INSTALADO EM RAMAL OU SUB-RAMAL DE ÁGUA - FORNECIMENTO E INSTALAÇÃO. AF_12/2014","UN",7.3]
[89638,"JOELHO 45 GRAUS, CPVC, SOLDÁVEL, DN 15MM, INSTALADO EM RAMAL OU SUB-RAMAL DE ÁGUA - FORNECIMENTO E INSTALAÇÃO. AF_12/2014","UN",7.94]
[89639,"CURVA 90 GRAUS, CPVC, SOLDÁVEL, DN 15MM, INSTALADO EM RAMAL OU SUB-RAMAL DE ÁGUA - FORNECIMENTO E INSTALAÇÃO. AF_12/2014","UN",8.19]
[89641,"JOELHO 90 GRAUS, CPVC, SOLDÁVEL, DN 22MM, INSTALADO EM RAMAL OU SUB-RAMAL DE ÁGUA - FORNECIMENTO E INSTALAÇÃO. AF_12/2014","UN",10.02]
[89642,"JOELHO 45 GRAUS, CPVC, SOLDÁVEL, DN 22MM, INSTALADO EM RAMAL OU SUB-RAMAL DE ÁGUA - FORNECIMENTO E INSTALAÇÃO. AF_12/2014","UN",11.26]
[89643,"CURVA 90 GRAUS, CPVC, SOLDÁVEL, DN 22MM, INSTALADO EM RAMAL OU SUB-RAMAL DE ÁGUA - FORNECIMENTO E INSTALAÇÃO. AF_12/2014","UN",11.67]
[89645,"JOELHO DE TRANSIÇÃO, 90 GRAUS, CPVC, SOLDÁVEL, DN 22MM X 3/4\", INSTALADO EM RAMAL OU SUB-RAMAL DE ÁGUA - FORNECIMENTO E INSTALAÇÃO. AF_12/2014","UN",18.91]
[89646,"JOELHO 90 GRAUS, CPVC, SOLDÁVEL, DN 28MM, INSTALADO EM RAMAL OU SUB-RAMAL DE ÁGUA - FORNECIMENTO E INSTALAÇÃO. AF_12/2014","UN",14.88]
[89647,"JOELHO 45 GRAUS, CPVC, SOLDÁVEL, DN 28MM, INSTALADO EM RAMAL OU SUB-RAMAL DE ÁGUA \u0096 FORNECIMENTO E INSTALAÇÃO. AF_12/2014","UN",14.59]
[89648,"CURVA 90 GRAUS, CPVC, SOLDÁVEL, DN 28MM, INSTALADO EM RAMAL OU SUB-RAMAL DE ÁGUA \u0096 FORNECIMENTO E INSTALAÇÃO. AF_12/2014","UN",15.92]
[89649,"JOELHO 90 GRAUS, CPVC, SOLDÁVEL, DN 35MM, INSTALADO EM RAMAL OU SUB-RAMAL DE ÁGUA \u0096 FORNECIMENTO E INSTALAÇÃO. AF_12/2014","UN",21.31]
[89650,"JOELHO 45 GRAUS, CPVC, SOLDÁVEL, DN 35MM, INSTALADO EM RAMAL OU SUB-RAMAL DE ÁGUA \u0096 FORNECIMENTO E INSTALAÇÃO. AF_12/2014","UN",21.31]
[89651,"LUVA, CPVC, SOLDÁVEL, DN 15MM, INSTALADO EM RAMAL OU SUB-RAMAL DE ÁGUA - FORNECIMENTO E INSTALAÇÃO. AF_12/2014","UN",4.94]
[89652,"LUVA DE CORRER, CPVC, SOLDÁVEL, DN 15MM, INSTALADO EM RAMAL OU SUB-RAMAL DE ÁGUA \u0096 FORNECIMENTO E INSTALAÇÃO. AF_12/2014","UN",7.77]
[89653,"LUVA DE TRANSIÇÃO, CPVC, SOLDÁVEL, DN15MM X 1/2\", INSTALADO EM RAMAL OU SUB-RAMAL DE ÁGUA - FORNECIMENTO E INSTALAÇÃO. AF_12/2014","UN",12.13]
[89654,"UNIÃO, CPVC, SOLDÁVEL, DN15MM, INSTALADO EM RAMAL OU SUB-RAMAL DE ÁGUA \u0096 FORNECIMENTO E INSTALAÇÃO. AF_12/2014","UN",11.84]
[89655,"CONECTOR, CPVC, SOLDÁVEL, DN 15MM X 1/2\u0094, INSTALADO EM RAMAL OU SUB-RAMAL DE ÁGUA \u0096 FORNECIMENTO E INSTALAÇÃO. AF_12/2014","UN",17.17]
[89656,"ADAPTADOR, CPVC, SOLDÁVEL, DN15MM, INSTALADO EM RAMAL OU SUB-RAMAL DE ÁGUA \u0096 FORNECIMENTO E INSTALAÇÃO. AF_12/2014","UN",8.22]
[89657,"CURVA DE TRANSPOSIÇÃO, CPVC, SOLDÁVEL, DN15MM, INSTALADO EM RAMAL OU SUB-RAMAL DE ÁGUA \u0096 FORNECIMENTO E INSTALAÇÃO. AF_12/2014","UN",8.36]
[89658,"LUVA, CPVC, SOLDÁVEL, DN 22MM, INSTALADO EM RAMAL OU SUB-RAMAL DE ÁGUA \u0096 FORNECIMENTO E INSTALAÇÃO. AF_12/2014","UN",6.65]
[89659,"LUVA DE CORRER, CPVC, SOLDÁVEL, DN 22MM, INSTALADO EM RAMAL OU SUB-RAMAL DE ÁGUA \u0096 FORNECIMENTO E INSTALAÇÃO. AF_12/2014","UN",10.99]
[89660,"LUVA DE TRANSIÇÃO, CPVC, SOLDÁVEL, DN22MM X 25MM, INSTALADO EM RAMAL OU SUB-RAMAL DE ÁGUA - FORNECIMENTO E INSTALAÇÃO. AF_12/2014","UN",6.28]
[89661,"UNIÃO, CPVC, SOLDÁVEL, DN22MM, INSTALADO EM RAMAL OU SUB-RAMAL DE ÁGUA \u0096 FORNECIMENTO E INSTALAÇÃO. AF_12/2014","UN",14.29]
[89662,"CONECTOR, CPVC, SOLDÁVEL, DN 22MM X 1/2\u0094, INSTALADO EM RAMAL OU SUB-RAMAL DE ÁGUA \u0096 FORNECIMENTO E INSTALAÇÃO. AF_12/2014","UN",21.35]
[89663,"ADAPTADOR, CPVC, SOLDÁVEL, DN22MM, INSTALADO EM RAMAL OU SUB-RAMAL DE ÁGUA \u0096 FORNECIMENTO E INSTALAÇÃO. AF_12/2014","UN",9.52]
[89664,"CURVA DE TRANSPOSIÇÃO, CPVC, SOLDÁVEL, DN22MM, INSTALADO EM RAMAL OU SUB-RAMAL DE ÁGUA \u0096 FORNECIMENTO E INSTALAÇÃO. AF_12/2014","UN",10.99]
[89665,"REDUÇÃO EXCÊNTRICA, PVC, SERIE R, ÁGUA PLUVIAL, DN 75 X 50 MM, JUNTA ELÁSTICA, FORNECIDO E INSTALADO EM CONDUTORES VERTICAIS DE ÁGUAS PLUVIAIS. AF_12/2014","UN",8.95]
[89666,"BUCHA DE REDUÇÃO, CPVC, SOLDÁVEL, DN22MM X 15MM, INSTALADO EM RAMAL OU SUB-RAMAL DE ÁGUA \u0096 FORNECIMENTO E INSTALAÇÃO. AF_12/2014","UN",5.63]
[89667,"TÊ DE INSPEÇÃO, PVC, SERIE R, ÁGUA PLUVIAL, DN 75 MM, JUNTA ELÁSTICA, FORNECIDO E INSTALADO EM CONDUTORES VERTICAIS DE ÁGUAS PLUVIAIS. AF_12/2014","UN",23.46]
[89668,"CONECTOR, CPVC, SOLDÁVEL, DN22MM X 3/4\", INSTALADO EM RAMAL OU SUB-RAMAL DE ÁGUA - FORNECIMENTO E INSTALAÇÃO. AF_12/2014","UN",20.31]
[89669,"LUVA SIMPLES, PVC, SERIE R, ÁGUA PLUVIAL, DN 100 MM, JUNTA ELÁSTICA, FORNECIDO E INSTALADO EM CONDUTORES VERTICAIS DE ÁGUAS PLUVIAIS. AF_12/2014","UN",15.16]
[89670,"LUVA, CPVC, SOLDÁVEL, DN 28MM, INSTALADO EM RAMAL OU SUB-RAMAL DE ÁGUA \u0096 FORNECIMENTO E INSTALAÇÃO. AF_12/2014","UN",9.47]
[89671,"LUVA DE CORRER, PVC, SERIE R, ÁGUA PLUVIAL, DN 100 MM, JUNTA ELÁSTICA, FORNECIDO E INSTALADO EM CONDUTORES VERTICAIS DE ÁGUAS PLUVIAIS. AF_12/2014","UN",22.43]
[89672,"LUVA DE CORRER, CPVC, SOLDÁVEL, DN 28MM, INSTALADO EM RAMAL OU SUB-RAMAL DE ÁGUA \u0096 FORNECIMENTO E INSTALAÇÃO. AF_12/2014","UN",14.44]
[89673,"REDUÇÃO EXCÊNTRICA, PVC, SERIE R, ÁGUA PLUVIAL, DN 100 X 75 MM, JUNTA ELÁSTICA, FORNECIDO E INSTALADO EM CONDUTORES VERTICAIS DE ÁGUAS PLUVIAIS. AF_12/2014","UN",17.65]
[89674,"UNIÃO, CPVC, SOLDÁVEL, DN28MM, INSTALADO EM RAMAL OU SUB-RAMAL DE ÁGUA \u0096 FORNECIMENTO E INSTALAÇÃO. AF_12/2014","UN",20.77]
[89675,"TÊ DE INSPEÇÃO, PVC, SERIE R, ÁGUA PLUVIAL, DN 100 MM, JUNTA ELÁSTICA, FORNECIDO E INSTALADO EM CONDUTORES VERTICAIS DE ÁGUAS PLUVIAIS. AF_12/2014","UN",39.74]
[89676,"CONECTOR, CPVC, SOLDÁVEL, DN 28MM X 1\u0094, INSTALADO EM RAMAL OU SUB-RAMAL DE ÁGUA \u0096 FORNECIMENTO E INSTALAÇÃO. AF_12/2014","UN",31.09]
[89677,"LUVA SIMPLES, PVC, SERIE R, ÁGUA PLUVIAL, DN 150 MM, JUNTA ELÁSTICA, FORNECIDO E INSTALADO EM CONDUTORES VERTICAIS DE ÁGUAS PLUVIAIS. AF_12/2014","UN",42.39]
[89678,"BUCHA DE REDUÇÃO, CPVC, SOLDÁVEL, DN28MM X 22MM, INSTALADO EM RAMAL OU SUB-RAMAL DE ÁGUA \u0096 FORNECIMENTO E INSTALAÇÃO. AF_12/2014","UN",7.27]
[89679,"LUVA DE CORRER, PVC, SERIE R, ÁGUA PLUVIAL, DN 150 MM, JUNTA ELÁSTICA, FORNECIDO E INSTALADO EM CONDUTORES VERTICAIS DE ÁGUAS PLUVIAIS. AF_12/2014","UN",68.32]
[89680,"LUVA, CPVC, SOLDÁVEL, DN 35MM, INSTALADO EM RAMAL OU SUB-RAMAL DE ÁGUA \u0096 FORNECIMENTO E INSTALAÇÃO. AF_12/2014","UN",14.36]
[89681,"REDUÇÃO EXCÊNTRICA, PVC, SERIE R, ÁGUA PLUVIAL, DN 150 X 100 MM, JUNTA ELÁSTICA, FORNECIDO E INSTALADO EM CONDUTORES VERTICAIS DE ÁGUAS PLUVIAIS. AF_12/2014","UN",46.98]
[89682,"LUVA DE CORRER, CPVC, SOLDÁVEL, DN 35MM, INSTALADO EM RAMAL OU SUB-RAMAL DE ÁGUA \u0096 FORNECIMENTO E INSTALAÇÃO. AF_12/2014","UN",21.78]
[89684,"UNIÃO, CPVC, SOLDÁVEL, DN35MM, INSTALADO EM RAMAL OU SUB-RAMAL DE ÁGUA \u0096 FORNECIMENTO E INSTALAÇÃO. AF_12/2014","UN",29.74]
[89685,"JUNÇÃO SIMPLES, PVC, SERIE R, ÁGUA PLUVIAL, DN 75 X 75 MM, JUNTA ELÁSTICA, FORNECIDO E INSTALADO EM CONDUTORES VERTICAIS DE ÁGUAS PLUVIAIS. AF_12/2014","UN",32.35]
[89686,"CONECTOR, CPVC, SOLDÁVEL, DN 35MM X 1 1/4\u0094, INSTALADO EM RAMAL OU SUB-RAMAL DE ÁGUA \u0096 FORNECIMENTO E INSTALAÇÃO. AF_12/2014","UN",108.48]
[89687,"TÊ, PVC, SERIE R, ÁGUA PLUVIAL, DN 75 X 75 MM, JUNTA ELÁSTICA, FORNECIDO E INSTALADO EM CONDUTORES VERTICAIS DE ÁGUAS PLUVIAIS. AF_12/2014","UN",27.74]
[89689,"BUCHA DE REDUÇÃO, CPVC, SOLDÁVEL, DN35MM X 28MM, INSTALADO EM RAMAL OU SUB-RAMAL DE ÁGUA \u0096 FORNECIMENTO E INSTALAÇÃO. AF_12/2014","UN",23.38]
[89690,"JUNÇÃO SIMPLES, PVC, SERIE R, ÁGUA PLUVIAL, DN 100 X 100 MM, JUNTA ELÁSTICA, FORNECIDO E INSTALADO EM CONDUTORES VERTICAIS DE ÁGUAS PLUVIAIS. AF_12/2014","UN",49.01]
[89691,"TE, CPVC, SOLDÁVEL, DN 15MM, INSTALADO EM RAMAL OU SUB-RAMAL DE ÁGUA - FORNECIMENTO E INSTALAÇÃO. AF_12/2014","UN",9.42]
[89692,"JUNÇÃO SIMPLES, PVC, SERIE R, ÁGUA PLUVIAL, DN 100 X 75 MM, JUNTA ELÁSTICA, FORNECIDO E INSTALADO EM CONDUTORES VERTICAIS DE ÁGUAS PLUVIAIS. AF_12/2014","UN",46.33]
[89693,"TÊ, PVC, SERIE R, ÁGUA PLUVIAL, DN 100 X 100 MM, JUNTA ELÁSTICA, FORNECIDO E INSTALADO EM CONDUTORES VERTICAIS DE ÁGUAS PLUVIAIS. AF_12/2014","UN",44.97]
[89694,"TE DE TRANSIÇÃO, CPVC, SOLDÁVEL, DN 15MM X 1/2\u0094, INSTALADO EM RAMAL OU SUB-RAMAL DE ÁGUA \u0096 FORNECIMENTO E INSTALAÇÃO. AF_12/2014","UN",14.28]
[89695,"TÊ MISTURADOR, CPVC, SOLDÁVEL, DN15MM, INSTALADO EM RAMAL OU SUB-RAMAL DE ÁGUA \u0096 FORNECIMENTO E INSTALAÇÃO. AF_12/2014","UN",13.37]
[89696,"TÊ, PVC, SERIE R, ÁGUA PLUVIAL, DN 100 X 75 MM, JUNTA ELÁSTICA, FORNECIDO E INSTALADO EM CONDUTORES VERTICAIS DE ÁGUAS PLUVIAIS. AF_12/2014","UN",40.87]
[89697,"TE, CPVC, SOLDÁVEL, DN 22MM, INSTALADO EM RAMAL OU SUB-RAMAL DE ÁGUA - FORNECIMENTO E INSTALAÇÃO. AF_12/2014","UN",11.67]
[89698,"JUNÇÃO SIMPLES, PVC, SERIE R, ÁGUA PLUVIAL, DN 150 X 150 MM, JUNTA ELÁSTICA, FORNECIDO E INSTALADO EM CONDUTORES VERTICAIS DE ÁGUAS PLUVIAIS. AF_12/2014","UN",142.64]
[89699,"JUNÇÃO SIMPLES, PVC, SERIE R, ÁGUA PLUVIAL, DN 150 X 100 MM, JUNTA ELÁSTICA, FORNECIDO E INSTALADO EM CONDUTORES VERTICAIS DE ÁGUAS PLUVIAIS. AF_12/2014","UN",123.16]
[89700,"TE DE TRANSIÇÃO, CPVC, SOLDÁVEL, DN 22MM X 1/2\u0094, INSTALADO EM RAMAL OU SUB-RAMAL DE ÁGUA \u0096 FORNECIMENTO E INSTALAÇÃO. AF_12/2014","UN",15.83]
[89701,"TÊ, PVC, SERIE R, ÁGUA PLUVIAL, DN 150 X 150 MM, JUNTA ELÁSTICA, FORNECIDO E INSTALADO EM CONDUTORES VERTICAIS DE ÁGUAS PLUVIAIS. AF_12/2014","UN",97.62]
[89702,"TÊ MISTURADOR, CPVC, SOLDÁVEL, DN22MM, INSTALADO EM RAMAL OU SUB-RAMAL DE ÁGUA \u0096 FORNECIMENTO E INSTALAÇÃO. AF_12/2014","UN",15.83]
[89703,"TE MISTURADOR DE TRANSIÇÃO, CPVC, SOLDÁVEL, DN 22MM X 3/4\", INSTALADO EM RAMAL OU SUB-RAMAL DE ÁGUA - FORNECIMENTO E INSTALAÇÃO. AF_12/2014","UN",32.72]
[89704,"TÊ, PVC, SERIE R, ÁGUA PLUVIAL, DN 150 X 100 MM, JUNTA ELÁSTICA, FORNECIDO E INSTALADO EM CONDUTORES VERTICAIS DE ÁGUAS PLUVIAIS. AF_12/2014","UN",77.79]
[89705,"TÊ, CPVC, SOLDÁVEL, DN28MM, INSTALADO EM RAMAL OU SUB-RAMAL DE ÁGUA   FORNECIMENTO E INSTALAÇÃO. AF_12/2014","UN",18]
[89706,"TÊ, CPVC, SOLDÁVEL, DN35MM, INSTALADO EM RAMAL OU SUB-RAMAL DE ÁGUA \u0096 FORNECIMENTO E INSTALAÇÃO. AF_12/2014","UN",36.63]
[89718,"TUBO, CPVC, SOLDÁVEL, DN 35MM, INSTALADO EM RAMAL DE DISTRIBUIÇÃO DE ÁGUA   FORNECIMENTO E INSTALAÇÃO. AF_12/2014","M",24.48]
[89719,"JOELHO 90 GRAUS, CPVC, SOLDÁVEL, DN 22MM, INSTALADO EM RAMAL DE DISTRIBUIÇÃO DE ÁGUA   FORNECIMENTO E INSTALAÇÃO. AF_12/2014","UN",7.62]
[89720,"JOELHO 45 GRAUS, CPVC, SOLDÁVEL, DN 22MM, INSTALADO EM RAMAL DE DISTRIBUIÇÃO DE ÁGUA   FORNECIMENTO E INSTALAÇÃO. AF_12/2014","UN",8.86]
[89721,"CURVA 90 GRAUS, CPVC, SOLDÁVEL, DN 22MM, INSTALADO EM RAMAL DE DISTRIBUIÇÃO DE ÁGUA - FORNECIMENTO E INSTALAÇÃO. AF_12/2014","UN",9.27]
[89723,"JOELHO 90 GRAUS, CPVC, SOLDÁVEL, DN 28MM, INSTALADO EM RAMAL DE DISTRIBUIÇÃO DE ÁGUA   FORNECIMENTO E INSTALAÇÃO. AF_12/2014","UN",12.09]
[89724,"JOELHO 90 GRAUS, PVC, SERIE NORMAL, ESGOTO PREDIAL, DN 40 MM, JUNTA SOLDÁVEL, FORNECIDO E INSTALADO EM RAMAL DE DESCARGA OU RAMAL DE ESGOTO SANITÁRIO. AF_12/2014","UN",7.65]
[89725,"JOELHO 45 GRAUS, CPVC, SOLDÁVEL, DN 28MM, INSTALADO EM RAMAL DE DISTRIBUIÇÃO DE ÁGUA   FORNECIMENTO E INSTALAÇÃO. AF_12/2014","UN",11.8]
[89726,"JOELHO 45 GRAUS, PVC, SERIE NORMAL, ESGOTO PREDIAL, DN 40 MM, JUNTA SOLDÁVEL, FORNECIDO E INSTALADO EM RAMAL DE DESCARGA OU RAMAL DE ESGOTO SANITÁRIO. AF_12/2014","UN",5.96]
[89727,"CURVA 90 GRAUS, CPVC, SOLDÁVEL, DN 28MM, INSTALADO EM RAMAL DE DISTRIBUIÇÃO DE ÁGUA   FORNECIMENTO E INSTALAÇÃO. AF_12/2014","UN",13.13]
[89728,"CURVA CURTA 90 GRAUS, PVC, SERIE NORMAL, ESGOTO PREDIAL, DN 40 MM, JUNTA SOLDÁVEL, FORNECIDO E INSTALADO EM RAMAL DE DESCARGA OU RAMAL DE ESGOTO SANITÁRIO. AF_12/2014","UN",8.06]
[89729,"JOELHO 90 GRAUS, CPVC, SOLDÁVEL, DN 35MM, INSTALADO EM RAMAL DE DISTRIBUIÇÃO DE ÁGUA   FORNECIMENTO E INSTALAÇÃO. AF_12/2014","UN",18.02]
[89730,"CURVA LONGA 90 GRAUS, PVC, SERIE NORMAL, ESGOTO PREDIAL, DN 40 MM, JUNTA SOLDÁVEL, FORNECIDO E INSTALADO EM RAMAL DE DESCARGA OU RAMAL DE ESGOTO SANITÁRIO. AF_12/2014","UN",8.61]
[89731,"JOELHO 90 GRAUS, PVC, SERIE NORMAL, ESGOTO PREDIAL, DN 50 MM, JUNTA ELÁSTICA, FORNECIDO E INSTALADO EM RAMAL DE DESCARGA OU RAMAL DE ESGOTO SANITÁRIO. AF_12/2014","UN",8.68]
[89732,"JOELHO 45 GRAUS, PVC, SERIE NORMAL, ESGOTO PREDIAL, DN 50 MM, JUNTA ELÁSTICA, FORNECIDO E INSTALADO EM RAMAL DE DESCARGA OU RAMAL DE ESGOTO SANITÁRIO. AF_12/2014","UN",9.08]
[89733,"CURVA CURTA 90 GRAUS, PVC, SERIE NORMAL, ESGOTO PREDIAL, DN 50 MM, JUNTA ELÁSTICA, FORNECIDO E INSTALADO EM RAMAL DE DESCARGA OU RAMAL DE ESGOTO SANITÁRIO. AF_12/2014","UN",13.36]
[89734,"JOELHO 45 GRAUS, CPVC, SOLDÁVEL, DN 35MM, INSTALADO EM RAMAL DE DISTRIBUIÇÃO DE ÁGUA   FORNECIMENTO E INSTALAÇÃO. AF_12/2014","UN",18.02]
[89735,"CURVA LONGA 90 GRAUS, PVC, SERIE NORMAL, ESGOTO PREDIAL, DN 50 MM, JUNTA ELÁSTICA, FORNECIDO E INSTALADO EM RAMAL DE DESCARGA OU RAMAL DE ESGOTO SANITÁRIO. AF_12/2014","UN",14.02]
[89736,"LUVA, CPVC, SOLDÁVEL, DN 22MM, INSTALADO EM RAMAL DE DISTRIBUIÇÃO DE ÁGUA   FORNECIMENTO E INSTALAÇÃO. AF_12/2014","UN",5.06]
[89737,"JOELHO 90 GRAUS, PVC, SERIE NORMAL, ESGOTO PREDIAL, DN 75 MM, JUNTA ELÁSTICA, FORNECIDO E INSTALADO EM RAMAL DE DESCARGA OU RAMAL DE ESGOTO SANITÁRIO. AF_12/2014","UN",14.49]
[89738,"LUVA DE CORRER, CPVC, SOLDÁVEL, DN 22MM, INSTALADO EM RAMAL DE DISTRIBUIÇÃO DE ÁGUA   FORNECIMENTO E INSTALAÇÃO. AF_12/2014","UN",9.4]
[89739,"JOELHO 45 GRAUS, PVC, SERIE NORMAL, ESGOTO PREDIAL, DN 75 MM, JUNTA ELÁSTICA, FORNECIDO E INSTALADO EM RAMAL DE DESCARGA OU RAMAL DE ESGOTO SANITÁRIO. AF_12/2014","UN",15.06]
[89740,"LUVA DE TRANSIÇÃO, CPVC, SOLDÁVEL, DN 22MM X 25MM, INSTALADO EM RAMAL DE DISTRIBUIÇÃO DE ÁGUA   FORNECIMENTO E INSTALAÇÃO. AF_12/2014","UN",4.69]
[89741,"UNIÃO, CPVC, SOLDÁVEL, DN 22MM, INSTALADO EM RAMAL DE DISTRIBUIÇÃO DE ÁGUA   FORNECIMENTO E INSTALAÇÃO. AF_12/2014","UN",12.7]
[89742,"CURVA CURTA 90 GRAUS, PVC, SERIE NORMAL, ESGOTO PREDIAL, DN 75 MM, JUNTA ELÁSTICA, FORNECIDO E INSTALADO EM RAMAL DE DESCARGA OU RAMAL DE ESGOTO SANITÁRIO. AF_12/2014","UN",22.61]
[89743,"CURVA LONGA 90 GRAUS, PVC, SERIE NORMAL, ESGOTO PREDIAL, DN 75 MM, JUNTA ELÁSTICA, FORNECIDO E INSTALADO EM RAMAL DE DESCARGA OU RAMAL DE ESGOTO SANITÁRIO. AF_12/2014","UN",30.76]
[89744,"JOELHO 90 GRAUS, PVC, SERIE NORMAL, ESGOTO PREDIAL, DN 100 MM, JUNTA ELÁSTICA, FORNECIDO E INSTALADO EM RAMAL DE DESCARGA OU RAMAL DE ESGOTO SANITÁRIO. AF_12/2014","UN",18.89]
[89745,"CONECTOR, CPVC, SOLDÁVEL, DN 22MM X 1/2 , INSTALADO EM RAMAL DE DISTRIBUIÇÃO DE ÁGUA   FORNECIMENTO E INSTALAÇÃO. AF_12/2014","UN",19.76]
[89746,"JOELHO 45 GRAUS, PVC, SERIE NORMAL, ESGOTO PREDIAL, DN 100 MM, JUNTA ELÁSTICA, FORNECIDO E INSTALADO EM RAMAL DE DESCARGA OU RAMAL DE ESGOTO SANITÁRIO. AF_12/2014","UN",18.85]
[89747,"ADAPTADOR, CPVC, SOLDÁVEL, DN 22MM, INSTALADO EM RAMAL DE DISTRIBUIÇÃO DE ÁGUA   FORNECIMENTO E INSTALAÇÃO. AF_12/2014","UN",7.93]
[89748,"CURVA CURTA 90 GRAUS, PVC, SERIE NORMAL, ESGOTO PREDIAL, DN 100 MM, JUNTA ELÁSTICA, FORNECIDO E INSTALADO EM RAMAL DE DESCARGA OU RAMAL DE ESGOTO SANITÁRIO. AF_12/2014","UN",27.72]
[89749,"CURVA DE TRANSPOSIÇÃO, CPVC, SOLDÁVEL, DN 22MM, INSTALADO EM RAMAL DE DISTRIBUIÇÃO DE ÁGUA   FORNECIMENTO E INSTALAÇÃO. AF_12/2014","UN",9.4]
[89750,"CURVA LONGA 90 GRAUS, PVC, SERIE NORMAL, ESGOTO PREDIAL, DN 100 MM, JUNTA ELÁSTICA, FORNECIDO E INSTALADO EM RAMAL DE DESCARGA OU RAMAL DE ESGOTO SANITÁRIO. AF_12/2014","UN",43.39]
[89751,"BUCHA DE REDUÇÃO, CPVC, SOLDÁVEL, DN 22MM X 15MM, INSTALADO EM RAMAL DE DISTRIBUIÇÃO DE ÁGUA   FORNECIMENTO E INSTALAÇÃO. AF_12/2014","UN",4.04]
[89752,"LUVA SIMPLES, PVC, SERIE NORMAL, ESGOTO PREDIAL, DN 40 MM, JUNTA SOLDÁVEL, FORNECIDO E INSTALADO EM RAMAL DE DESCARGA OU RAMAL DE ESGOTO SANITÁRIO. AF_12/2014","UN",4.83]
[89753,"LUVA SIMPLES, PVC, SERIE NORMAL, ESGOTO PREDIAL, DN 50 MM, JUNTA ELÁSTICA, FORNECIDO E INSTALADO EM RAMAL DE DESCARGA OU RAMAL DE ESGOTO SANITÁRIO. AF_12/2014","UN",6.77]
[89754,"LUVA DE CORRER, PVC, SERIE NORMAL, ESGOTO PREDIAL, DN 50 MM, JUNTA ELÁSTICA, FORNECIDO E INSTALADO EM RAMAL DE DESCARGA OU RAMAL DE ESGOTO SANITÁRIO. AF_12/2014","UN",11.53]
[89755,"LUVA, CPVC, SOLDÁVEL, DN 28MM, INSTALADO EM RAMAL DE DISTRIBUIÇÃO DE ÁGUA   FORNECIMENTO E INSTALAÇÃO. AF_12/2014","UN",7.63]
[89756,"LUVA DE CORRER, CPVC, SOLDÁVEL, DN 28MM, INSTALADO EM RAMAL DE DISTRIBUIÇÃO DE ÁGUA   FORNECIMENTO E INSTALAÇÃO. AF_12/2014","UN",12.6]
[89757,"UNIÃO, CPVC, SOLDÁVEL, DN 28MM, INSTALADO EM RAMAL DE DISTRIBUIÇÃO DE ÁGUA   FORNECIMENTO E INSTALAÇÃO. AF_12/2014","UN",18.93]
[89758,"CONECTOR, CPVC, SOLDÁVEL, DN 28MM X 1 , INSTALADO EM RAMAL DE DISTRIBUIÇÃO DE ÁGUA   FORNECIMENTO E INSTALAÇÃO. AF_12/2014","UN",29.25]
[89759,"BUCHA DE REDUÇÃO, CPVC, SOLDÁVEL, DN 28MM X 22MM, INSTALADO EM RAMAL DE DISTRIBUIÇÃO DE ÁGUA - FORNECIMENTO E INSTALAÇÃO. AF_12/2014","UN",5.43]
[89760,"LUVA, CPVC, SOLDÁVEL, DN 35MM, INSTALADO EM RAMAL DE DISTRIBUIÇÃO DE ÁGUA - FORNECIMENTO E INSTALAÇÃO. AF_12/2014","UN",12.18]
[89761,"LUVA DE CORRER, CPVC, SOLDÁVEL, DN 35MM, INSTALADO EM RAMAL DE DISTRIBUIÇÃO DE ÁGUA - FORNECIMENTO E INSTALAÇÃO. AF_12/2014","UN",19.6]
[89762,"UNIÃO, CPVC, SOLDÁVEL, DN35MM, INSTALADO EM RAMAL DE DISTRIBUIÇÃO DE ÁGUA - FORNECIMENTO E INSTALAÇÃO. AF_12/2014","UN",27.56]
[89763,"CONECTOR, CPVC, SOLDÁVEL, DN 35MM X 1 1/4 , INSTALADO EM RAMAL DE DISTRIBUIÇÃO DE ÁGUA - FORNECIMENTO E INSTALAÇÃO. AF_12/2014","UN",106.3]
[89764,"BUCHA DE REDUÇÃO, CPVC, SOLDÁVEL, DN35MM X 28MM, INSTALADO EM RAMAL DE DISTRIBUIÇÃO DE ÁGUA - FORNECIMENTO E INSTALAÇÃO. AF_12/2014","UN",21.2]
[89765,"TE, CPVC, SOLDÁVEL, DN 22MM, INSTALADO EM RAMAL DE DISTRIBUIÇÃO DE ÁGUA - FORNECIMENTO E INSTALAÇÃO. AF_12/2014","UN",9.85]
[89766,"TE DE TRANSIÇÃO, CPVC, SOLDÁVEL, DN 22MM X 1/2 , INSTALADO EM RAMAL DE DISTRIBUIÇÃO DE ÁGUA   FORNECIMENTO E INSTALAÇÃO. AF_12/2014","UN",14.01]
[89767,"TÊ MISTURADOR, CPVC, SOLDÁVEL, DN 22MM, INSTALADO EM RAMAL DE DISTRIBUIÇÃO DE ÁGUA - FORNECIMENTO E INSTALAÇÃO. AF_12/2014","UN",14.01]
[89768,"TÊ, CPVC, SOLDÁVEL, DN 28MM, INSTALADO EM RAMAL DE DISTRIBUIÇÃO DE ÁGUA - FORNECIMENTO E INSTALAÇÃO. AF_12/2014","UN",14.27]
[89769,"TÊ, CPVC, SOLDÁVEL, DN35MM, INSTALADO EM RAMAL DE DISTRIBUIÇÃO DE ÁGUA - FORNECIMENTO E INSTALAÇÃO. AF_12/2014","UN",32.21]
[89772,"TUBO, CPVC, SOLDÁVEL, DN 54MM, INSTALADO EM PRUMADA DE ÁGUA \u0096 FORNECIMENTO E INSTALAÇÃO. AF_12/2014","M",39.59]
[89774,"LUVA SIMPLES, PVC, SERIE NORMAL, ESGOTO PREDIAL, DN 75 MM, JUNTA ELÁSTICA, FORNECIDO E INSTALADO EM RAMAL DE DESCARGA OU RAMAL DE ESGOTO SANITÁRIO. AF_12/2014","UN",11.22]
[89776,"LUVA DE CORRER, PVC, SERIE NORMAL, ESGOTO PREDIAL, DN 75 MM, JUNTA ELÁSTICA, FORNECIDO E INSTALADO EM RAMAL DE DESCARGA OU RAMAL DE ESGOTO SANITÁRIO. AF_12/2014","UN",14.9]
[89777,"JOELHO 90 GRAUS, CPVC, SOLDÁVEL, DN 35MM, INSTALADO EM PRUMADA DE ÁGUA \u0096 FORNECIMENTO E INSTALAÇÃO. AF_12/2014","UN",16.51]
[89778,"LUVA SIMPLES, PVC, SERIE NORMAL, ESGOTO PREDIAL, DN 100 MM, JUNTA ELÁSTICA, FORNECIDO E INSTALADO EM RAMAL DE DESCARGA OU RAMAL DE ESGOTO SANITÁRIO. AF_12/2014","UN",14.18]
[89779,"LUVA DE CORRER, PVC, SERIE NORMAL, ESGOTO PREDIAL, DN 100 MM, JUNTA ELÁSTICA, FORNECIDO E INSTALADO EM RAMAL DE DESCARGA OU RAMAL DE ESGOTO SANITÁRIO. AF_12/2014","UN",21]
[89780,"JOELHO 45 GRAUS, CPVC, SOLDÁVEL, DN 35MM, INSTALADO EM PRUMADA DE ÁGUA - FORNECIMENTO E INSTALAÇÃO. AF_12/2014","UN",16.51]
[89781,"JOELHO 90 GRAUS, CPVC, SOLDÁVEL, DN 42MM, INSTALADO EM PRUMADA DE ÁGUA \u0096 FORNECIMENTO E INSTALAÇÃO. AF_12/2014","UN",24.39]
[89782,"TE, PVC, SERIE NORMAL, ESGOTO PREDIAL, DN 40 X 40 MM, JUNTA SOLDÁVEL, FORNECIDO E INSTALADO EM RAMAL DE DESCARGA OU RAMAL DE ESGOTO SANITÁRIO. AF_12/2014","UN",9.45]
[89783,"JUNÇÃO SIMPLES, PVC, SERIE NORMAL, ESGOTO PREDIAL, DN 40 MM, JUNTA SOLDÁVEL, FORNECIDO E INSTALADO EM RAMAL DE DESCARGA OU RAMAL DE ESGOTO SANITÁRIO. AF_12/2014","UN",9.63]
[89784,"TE, PVC, SERIE NORMAL, ESGOTO PREDIAL, DN 50 X 50 MM, JUNTA ELÁSTICA, FORNECIDO E INSTALADO EM RAMAL DE DESCARGA OU RAMAL DE ESGOTO SANITÁRIO. AF_12/2014","UN",14.85]
[89785,"JUNÇÃO SIMPLES, PVC, SERIE NORMAL, ESGOTO PREDIAL, DN 50 X 50 MM, JUNTA ELÁSTICA, FORNECIDO E INSTALADO EM RAMAL DE DESCARGA OU RAMAL DE ESGOTO SANITÁRIO. AF_12/2014","UN",15.98]
[89786,"TE, PVC, SERIE NORMAL, ESGOTO PREDIAL, DN 75 X 75 MM, JUNTA ELÁSTICA, FORNECIDO E INSTALADO EM RAMAL DE DESCARGA OU RAMAL DE ESGOTO SANITÁRIO. AF_12/2014","UN",24.11]
[89787,"JOELHO 45 GRAUS, CPVC, SOLDÁVEL, DN 42MM, INSTALADO EM PRUMADA DE ÁGUA \u0096 FORNECIMENTO E INSTALAÇÃO. AF_12/2014","UN",24.39]
[89788,"JOELHO 90 GRAUS, CPVC, SOLDÁVEL, DN 54MM, INSTALADO EM PRUMADA DE ÁGUA \u0096 FORNECIMENTO E INSTALAÇÃO. AF_12/2014","UN",47.19]
[89789,"JOELHO 45 GRAUS, CPVC, SOLDÁVEL, DN 54MM, INSTALADO EM PRUMADA DE ÁGUA \u0096 FORNECIMENTO E INSTALAÇÃO. AF_12/2014","UN",47.92]
[89790,"JOELHO 90 GRAUS, CPVC, SOLDÁVEL, DN 73MM, INSTALADO EM PRUMADA DE ÁGUA \u0096 FORNECIMENTO E INSTALAÇÃO. AF_12/2014","UN",115.68]
[89791,"JOELHO 45 GRAUS, CPVC, SOLDÁVEL, DN 73MM, INSTALADO EM PRUMADA DE ÁGUA \u0096 FORNECIMENTO E INSTALAÇÃO. AF_12/2014","UN",118.37]
[89792,"JOELHO 90 GRAUS, CPVC, SOLDÁVEL, DN 89MM, INSTALADO EM PRUMADA DE ÁGUA \u0096 FORNECIMENTO E INSTALAÇÃO. AF_12/2014","UN",135.75]
[89793,"JOELHO 45 GRAUS, CPVC, SOLDÁVEL, DN 89MM, INSTALADO EM PRUMADA DE ÁGUA \u0096 FORNECIMENTO E INSTALAÇÃO. AF_12/2014","UN",139.38]
[89794,"LUVA, CPVC, SOLDÁVEL, DN 35MM, INSTALADO EM PRUMADA DE ÁGUA \u0096 FORNECIMENTO E INSTALAÇÃO. AF_12/2014","UN",11.19]
[89795,"JUNÇÃO SIMPLES, PVC, SERIE NORMAL, ESGOTO PREDIAL, DN 75 X 75 MM, JUNTA ELÁSTICA, FORNECIDO E INSTALADO EM RAMAL DE DESCARGA OU RAMAL DE ESGOTO SANITÁRIO. AF_12/2014","UN",25.67]
[89796,"TE, PVC, SERIE NORMAL, ESGOTO PREDIAL, DN 100 X 100 MM, JUNTA ELÁSTICA, FORNECIDO E INSTALADO EM RAMAL DE DESCARGA OU RAMAL DE ESGOTO SANITÁRIO. AF_12/2014","UN",30.08]
[89797,"JUNÇÃO SIMPLES, PVC, SERIE NORMAL, ESGOTO PREDIAL, DN 100 X 100 MM, JUNTA ELÁSTICA, FORNECIDO E INSTALADO EM RAMAL DE DESCARGA OU RAMAL DE ESGOTO SANITÁRIO. AF_12/2014","UN",33.74]
[89801,"JOELHO 90 GRAUS, PVC, SERIE NORMAL, ESGOTO PREDIAL, DN 50 MM, JUNTA ELÁSTICA, FORNECIDO E INSTALADO EM PRUMADA DE ESGOTO SANITÁRIO OU VENTILAÇÃO. AF_12/2014","UN",4.81]
[89802,"JOELHO 45 GRAUS, PVC, SERIE NORMAL, ESGOTO PREDIAL, DN 50 MM, JUNTA ELÁSTICA, FORNECIDO E INSTALADO EM PRUMADA DE ESGOTO SANITÁRIO OU VENTILAÇÃO. AF_12/2014","UN",5.21]
[89803,"CURVA CURTA 90 GRAUS, PVC, SERIE NORMAL, ESGOTO PREDIAL, DN 50 MM, JUNTA ELÁSTICA, FORNECIDO E INSTALADO EM PRUMADA DE ESGOTO SANITÁRIO OU VENTILAÇÃO. AF_12/2014","UN",9.49]
[89804,"CURVA LONGA 90 GRAUS, PVC, SERIE NORMAL, ESGOTO PREDIAL, DN 50 MM, JUNTA ELÁSTICA, FORNECIDO E INSTALADO EM PRUMADA DE ESGOTO SANITÁRIO OU VENTILAÇÃO. AF_12/2014","UN",10.15]
[89805,"JOELHO 90 GRAUS, PVC, SERIE NORMAL, ESGOTO PREDIAL, DN 75 MM, JUNTA ELÁSTICA, FORNECIDO E INSTALADO EM PRUMADA DE ESGOTO SANITÁRIO OU VENTILAÇÃO. AF_12/2014","UN",9.76]
[89806,"JOELHO 45 GRAUS, PVC, SERIE NORMAL, ESGOTO PREDIAL, DN 75 MM, JUNTA ELÁSTICA, FORNECIDO E INSTALADO EM PRUMADA DE ESGOTO SANITÁRIO OU VENTILAÇÃO. AF_12/2014","UN",10.33]
[89807,"CURVA CURTA 90 GRAUS, PVC, SERIE NORMAL, ESGOTO PREDIAL, DN 75 MM, JUNTA ELÁSTICA, FORNECIDO E INSTALADO EM PRUMADA DE ESGOTO SANITÁRIO OU VENTILAÇÃO. AF_12/2014","UN",17.88]
[89808,"CURVA LONGA 90 GRAUS, PVC, SERIE NORMAL, ESGOTO PREDIAL, DN 75 MM, JUNTA ELÁSTICA, FORNECIDO E INSTALADO EM PRUMADA DE ESGOTO SANITÁRIO OU VENTILAÇÃO. AF_12/2014","UN",26.03]
[89809,"JOELHO 90 GRAUS, PVC, SERIE NORMAL, ESGOTO PREDIAL, DN 100 MM, JUNTA ELÁSTICA, FORNECIDO E INSTALADO EM PRUMADA DE ESGOTO SANITÁRIO OU VENTILAÇÃO. AF_12/2014","UN",13.31]
[89810,"JOELHO 45 GRAUS, PVC, SERIE NORMAL, ESGOTO PREDIAL, DN 100 MM, JUNTA ELÁSTICA, FORNECIDO E INSTALADO EM PRUMADA DE ESGOTO SANITÁRIO OU VENTILAÇÃO. AF_12/2014","UN",13.27]
[89811,"CURVA CURTA 90 GRAUS, PVC, SERIE NORMAL, ESGOTO PREDIAL, DN 100 MM, JUNTA ELÁSTICA, FORNECIDO E INSTALADO EM PRUMADA DE ESGOTO SANITÁRIO OU VENTILAÇÃO. AF_12/2014","UN",22.14]
[89812,"CURVA LONGA 90 GRAUS, PVC, SERIE NORMAL, ESGOTO PREDIAL, DN 100 MM, JUNTA ELÁSTICA, FORNECIDO E INSTALADO EM PRUMADA DE ESGOTO SANITÁRIO OU VENTILAÇÃO. AF_12/2014","UN",37.81]
[89813,"LUVA SIMPLES, PVC, SERIE NORMAL, ESGOTO PREDIAL, DN 50 MM, JUNTA ELÁSTICA, FORNECIDO E INSTALADO EM PRUMADA DE ESGOTO SANITÁRIO OU VENTILAÇÃO. AF_12/2014","UN",4.62]
[89814,"LUVA DE CORRER, PVC, SERIE NORMAL, ESGOTO PREDIAL, DN 50 MM, JUNTA ELÁSTICA, FORNECIDO E INSTALADO EM PRUMADA DE ESGOTO SANITÁRIO OU VENTILAÇÃO. AF_12/2014","UN",9.38]
[89815,"LUVA DE CORRER, CPVC, SOLDÁVEL, DN 35MM, INSTALADO EM PRUMADA DE ÁGUA \u0096 FORNECIMENTO E INSTALAÇÃO. AF_12/2014","UN",18.61]
[89816,"UNIÃO, CPVC, SOLDÁVEL, DN35MM, INSTALADO EM PRUMADA DE ÁGUA \u0096 FORNECIMENTO E INSTALAÇÃO. AF_12/2014","UN",26.57]
[89817,"LUVA SIMPLES, PVC, SERIE NORMAL, ESGOTO PREDIAL, DN 75 MM, JUNTA ELÁSTICA, FORNECIDO E INSTALADO EM PRUMADA DE ESGOTO SANITÁRIO OU VENTILAÇÃO. AF_12/2014","UN",8.21]
[89818,"CONECTOR, CPVC, SOLDÁVEL, DN 35MM X 1 1/4\u0094, INSTALADO EM PRUMADA DE ÁGUA \u0096 FORNECIMENTO E INSTALAÇÃO. AF_12/2014","UN",105.31]
[89819,"LUVA DE CORRER, PVC, SERIE NORMAL, ESGOTO PREDIAL, DN 75 MM, JUNTA ELÁSTICA, FORNECIDO E INSTALADO EM PRUMADA DE ESGOTO SANITÁRIO OU VENTILAÇÃO. AF_12/2014","UN",11.89]
[89820,"BUCHA DE REDUÇÃO, CPVC, SOLDÁVEL, DN35MM X 28MM, INSTALADO EM PRUMADA DE ÁGUA \u0096 FORNECIMENTO E INSTALAÇÃO. AF_12/2014","UN",20.21]
[89821,"LUVA SIMPLES, PVC, SERIE NORMAL, ESGOTO PREDIAL, DN 100 MM, JUNTA ELÁSTICA, FORNECIDO E INSTALADO EM PRUMADA DE ESGOTO SANITÁRIO OU VENTILAÇÃO. AF_12/2014","UN",10.31]
[89822,"LUVA, CPVC, SOLDÁVEL, DN 42MM, INSTALADO EM PRUMADA DE ÁGUA \u0096 FORNECIMENTO E INSTALAÇÃO. AF_12/2014","UN",14.63]
[89823,"LUVA DE CORRER, PVC, SERIE NORMAL, ESGOTO PREDIAL, DN 100 MM, JUNTA ELÁSTICA, FORNECIDO E INSTALADO EM PRUMADA DE ESGOTO SANITÁRIO OU VENTILAÇÃO. AF_12/2014","UN",17.13]
[89824,"LUVA DE CORRER, CPVC, SOLDÁVEL, DN 42MM, INSTALADO EM PRUMADA DE ÁGUA \u0096 FORNECIMENTO E INSTALAÇÃO. AF_12/2014","UN",25.21]
[89825,"TE, PVC, SERIE NORMAL, ESGOTO PREDIAL, DN 50 X 50 MM, JUNTA ELÁSTICA, FORNECIDO E INSTALADO EM PRUMADA DE ESGOTO SANITÁRIO OU VENTILAÇÃO. AF_12/2014","UN",10.12]
[89826,"LUVA DE TRANSIÇÃO, CPVC, SOLDÁVEL, DN42MM X 1.1/2\u0094, INSTALADO EM PRUMADA DE ÁGUA \u0096 FORNECIMENTO E INSTALAÇÃO. AF_12/2014","UN",107.55]
[89827,"JUNÇÃO SIMPLES, PVC, SERIE NORMAL, ESGOTO PREDIAL, DN 50 X 50 MM, JUNTA ELÁSTICA, FORNECIDO E INSTALADO EM PRUMADA DE ESGOTO SANITÁRIO OU VENTILAÇÃO. AF_12/2014","UN",11.25]
[89828,"UNIÃO, CPVC, SOLDÁVEL, DN42MM, INSTALADO EM PRUMADA DE ÁGUA \u0096 FORNECIMENTO E INSTALAÇÃO. AF_12/2014","UN",38.26]
[89829,"TE, PVC, SERIE NORMAL, ESGOTO PREDIAL, DN 75 X 75 MM, JUNTA ELÁSTICA, FORNECIDO E INSTALADO EM PRUMADA DE ESGOTO SANITÁRIO OU VENTILAÇÃO. AF_12/2014","UN",18.1]
[89830,"JUNÇÃO SIMPLES, PVC, SERIE NORMAL, ESGOTO PREDIAL, DN 75 X 75 MM, JUNTA ELÁSTICA, FORNECIDO E INSTALADO EM PRUMADA DE ESGOTO SANITÁRIO OU VENTILAÇÃO. AF_12/2014","UN",19.66]
[89831,"CONECTOR, CPVC, SOLDÁVEL, DN 42MM X 1.1/2\u0094, INSTALADO EM PRUMADA DE ÁGUA \u0096 FORNECIMENTO E INSTALAÇÃO. AF_12/2014","UN",128.55]
[89832,"BUCHA DE REDUÇÃO, CPVC, SOLDÁVEL, DN 42MM X 22MM, INSTALADO EM RAMAL DE DISTRIBUIÇÃO DE ÁGUA - FORNECIMENTO E INSTALAÇÃO. AF_12/2014","UN",26.41]
[89833,"TE, PVC, SERIE NORMAL, ESGOTO PREDIAL, DN 100 X 100 MM, JUNTA ELÁSTICA, FORNECIDO E INSTALADO EM PRUMADA DE ESGOTO SANITÁRIO OU VENTILAÇÃO. AF_12/2014","UN",22.78]
[89834,"JUNÇÃO SIMPLES, PVC, SERIE NORMAL, ESGOTO PREDIAL, DN 100 X 100 MM, JUNTA ELÁSTICA, FORNECIDO E INSTALADO EM PRUMADA DE ESGOTO SANITÁRIO OU VENTILAÇÃO. AF_12/2014","UN",26.44]
[89835,"LUVA, CPVC, SOLDÁVEL, DN 54MM, INSTALADO EM PRUMADA DE ÁGUA \u0096 FORNECIMENTO E INSTALAÇÃO. AF_12/2014","UN",26.09]
[89836,"LUVA DE TRANSIÇÃO, CPVC, SOLDÁVEL, DN 54MM X 2\u0094, INSTALADO EM PRUMADA DE ÁGUA \u0096 FORNECIMENTO E INSTALAÇÃO. AF_12/2014","UN",173.67]
[89837,"UNIÃO, CPVC, SOLDÁVEL, DN 54MM, INSTALADO EM PRUMADA DE ÁGUA \u0096 FORNECIMENTO E INSTALAÇÃO. AF_12/2014","UN",86.65]
[89838,"LUVA, CPVC, SOLDÁVEL, DN 73MM, INSTALADO EM PRUMADA DE ÁGUA \u0096 FORNECIMENTO E INSTALAÇÃO. AF_12/2014","UN",94.83]
[89839,"UNIÃO, CPVC, SOLDÁVEL, DN 73MM, INSTALADO EM PRUMADA DE ÁGUA \u0096 FORNECIMENTO E INSTALAÇÃO. AF_12/2014","UN",125.39]
[89840,"LUVA, CPVC, SOLDÁVEL, DN 89MM, INSTALADO EM PRUMADA DE ÁGUA \u0096 FORNECIMENTO E INSTALAÇÃO. AF_12/2014","UN",108.84]
[89841,"UNIÃO, CPVC, SOLDÁVEL, DN 89MM, INSTALADO EM PRUMADA DE ÁGUA \u0096 FORNECIMENTO E INSTALAÇÃO. AF_12/2014","UN",183.65]
[89842,"TÊ, CPVC, SOLDÁVEL, DN 35MM, INSTALADO EM PRUMADA DE ÁGUA \u0096 FORNECIMENTO E INSTALAÇÃO. AF_12/2014","UN",30.23]
[89844,"TE, CPVC, SOLDÁVEL, DN  42MM, INSTALADO EM PRUMADA DE ÁGUA \u0096 FORNECIMENTO E INSTALAÇÃO. AF_12/2014","UN",38.41]
[89845,"TÊ, CPVC, SOLDÁVEL, DN 54 MM, INSTALADO EM PRUMADA DE ÁGUA \u0096 FORNECIMENTO E INSTALAÇÃO. AF_12/2014","UN",59.42]
[89846,"TÊ, CPVC, SOLDÁVEL, DN 73MM, INSTALADO EM PRUMADA DE ÁGUA \u0096 FORNECIMENTO E INSTALAÇÃO. AF_12/2014","UN",132.76]
[89847,"TÊ, CPVC, SOLDÁVEL, DN 89MM, INSTALADO EM PRUMADA DE ÁGUA \u0096 FORNECIMENTO E INSTALAÇÃO. AF_12/2014","UN",162.68]
[89850,"JOELHO 90 GRAUS, PVC, SERIE NORMAL, ESGOTO PREDIAL, DN 100 MM, JUNTA ELÁSTICA, FORNECIDO E INSTALADO EM SUBCOLETOR AÉREO DE ESGOTO SANITÁRIO. AF_12/2014","UN",18.46]
[89851,"JOELHO 45 GRAUS, PVC, SERIE NORMAL, ESGOTO PREDIAL, DN 100 MM, JUNTA ELÁSTICA, FORNECIDO E INSTALADO EM SUBCOLETOR AÉREO DE ESGOTO SANITÁRIO. AF_12/2014","UN",18.42]
[89852,"CURVA CURTA 90 GRAUS, PVC, SERIE NORMAL, ESGOTO PREDIAL, DN 100 MM, JUNTA ELÁSTICA, FORNECIDO E INSTALADO EM SUBCOLETOR AÉREO DE ESGOTO SANITÁRIO. AF_12/2014","UN",27.29]
[89853,"CURVA LONGA 90 GRAUS, PVC, SERIE NORMAL, ESGOTO PREDIAL, DN 100 MM, JUNTA ELÁSTICA, FORNECIDO E INSTALADO EM SUBCOLETOR AÉREO DE ESGOTO SANITÁRIO. AF_12/2014","UN",42.96]
[89854,"JOELHO 90 GRAUS, PVC, SERIE NORMAL, ESGOTO PREDIAL, DN 150 MM, JUNTA ELÁSTICA, FORNECIDO E INSTALADO EM SUBCOLETOR AÉREO DE ESGOTO SANITÁRIO. AF_12/2014","UN",55.72]
[89855,"JOELHO 45 GRAUS, PVC, SERIE NORMAL, ESGOTO PREDIAL, DN 150 MM, JUNTA ELÁSTICA, FORNECIDO E INSTALADO EM SUBCOLETOR AÉREO DE ESGOTO SANITÁRIO. AF_12/2014","UN",58.87]
[89856,"LUVA SIMPLES, PVC, SERIE NORMAL, ESGOTO PREDIAL, DN 100 MM, JUNTA ELÁSTICA, FORNECIDO E INSTALADO EM SUBCOLETOR AÉREO DE ESGOTO SANITÁRIO. AF_12/2014","UN",13.75]
[89857,"LUVA DE CORRER, PVC, SERIE NORMAL, ESGOTO PREDIAL, DN 100 MM, JUNTA ELÁSTICA, FORNECIDO E INSTALADO EM SUBCOLETOR AÉREO DE ESGOTO SANITÁRIO. AF_12/2014","UN",20.57]
[89859,"LUVA DE CORRER, PVC, SERIE NORMAL, ESGOTO PREDIAL, DN 150 MM, JUNTA ELÁSTICA, FORNECIDO E INSTALADO EM SUBCOLETOR AÉREO DE ESGOTO SANITÁRIO. AF_12/2014","UN",58.94]
[89860,"TE, PVC, SERIE NORMAL, ESGOTO PREDIAL, DN 100 X 100 MM, JUNTA ELÁSTICA, FORNECIDO E INSTALADO EM SUBCOLETOR AÉREO DE ESGOTO SANITÁRIO. AF_12/2014","UN",29.65]
[89861,"JUNÇÃO SIMPLES, PVC, SERIE NORMAL, ESGOTO PREDIAL, DN 100 X 100 MM, JUNTA ELÁSTICA, FORNECIDO E INSTALADO EM SUBCOLETOR AÉREO DE ESGOTO SANITÁRIO. AF_12/2014","UN",33.31]
[89862,"TE, PVC, SERIE NORMAL, ESGOTO PREDIAL, DN 150 X 150 MM, JUNTA ELÁSTICA, FORNECIDO E INSTALADO EM SUBCOLETOR AÉREO DE ESGOTO SANITÁRIO. AF_12/2014","UN",61.03]
[89863,"JUNÇÃO SIMPLES, PVC, SERIE NORMAL, ESGOTO PREDIAL, DN 150 X 150 MM, JUNTA ELÁSTICA, FORNECIDO E INSTALADO EM SUBCOLETOR AÉREO DE ESGOTO SANITÁRIO. AF_12/2014","UN",122.03]
[89866,"JOELHO 90 GRAUS, PVC, SOLDÁVEL, DN 25MM, INSTALADO EM DRENO DE AR-CONDICIONADO - FORNECIMENTO E INSTALAÇÃO. AF_12/2014","UN",4.06]
[89867,"JOELHO 45 GRAUS, PVC, SOLDÁVEL, DN 25MM, INSTALADO EM DRENO DE AR-CONDICIONADO - FORNECIMENTO E INSTALAÇÃO. AF_12/2014","UN",4.53]
[89868,"LUVA, PVC, SOLDÁVEL, DN 25MM, INSTALADO EM DRENO DE AR-CONDICIONADO - FORNECIMENTO E INSTALAÇÃO. AF_12/2014","UN",2.8]
[89869,"TE, PVC, SOLDÁVEL, DN 25MM, INSTALADO EM DRENO DE AR-CONDICIONADO - FORNECIMENTO E INSTALAÇÃO. AF_12/2014","UN",6.13]
[89979,"LUVA COM BUCHA DE LATÃO, PVC, SOLDÁVEL, DN 32MM X 1 , INSTALADO EM RAMAL OU SUB-RAMAL DE ÁGUA   FORNECIMENTO E INSTALAÇÃO. AF_12/2014","UN",17.3]
[89980,"LUVA COM BUCHA DE LATÃO, PVC, SOLDÁVEL, DN 25MM X 3/4\u0094, INSTALADO EM PRUMADA DE ÁGUA - FORNECIMENTO E INSTALAÇÃO. AF_12/2014","UN",6.47]
[89981,"LUVA SOLDÁVEL E COM BUCHA DE LATÃO, PVC, SOLDÁVEL, DN 32MM X 1 , INSTALADO EM PRUMADA DE ÁGUA   FORNECIMENTO E INSTALAÇÃO. AF_12/2014","UN",14.22]
[90373,"JOELHO 90 GRAUS COM BUCHA DE LATÃO, PVC, SOLDÁVEL, DN 25MM, X 1/2\u0094 INSTALADO EM RAMAL OU SUB-RAMAL DE ÁGUA - FORNECIMENTO E INSTALAÇÃO. AF_12/2014","UN",10.87]
[90374,"TÊ COM BUCHA DE LATÃO NA BOLSA CENTRAL, PVC, SOLDÁVEL, DN 25MM X 3/4\u0094, INSTALADO EM RAMAL OU SUB-RAMAL DE ÁGUA - FORNECIMENTO E INSTALAÇÃO. AF_03/2015","UN",16.39]
[90375,"BUCHA DE REDUÇÃO, PVC, SOLDÁVEL, DN 40MM X 32MM, INSTALADO EM RAMAL OU SUB-RAMAL DE ÁGUA - FORNECIMENTO E INSTALAÇÃO. AF_03/2015","UN",7.19]
[92287,"COTOVELO EM COBRE, DN 22 MM, 90 GRAUS, SEM ANEL DE SOLDA, INSTALADO EM PRUMADA   FORNECIMENTO E INSTALAÇÃO. AF_12/2015","UN",12.04]
[92288,"COTOVELO EM COBRE, DN 28 MM, 90 GRAUS, SEM ANEL DE SOLDA, INSTALADO EM PRUMADA \u0096 FORNECIMENTO E INSTALAÇÃO. AF_12/2015","UN",18.11]
[92289,"COTOVELO EM COBRE, DN 35 MM, 90 GRAUS, SEM ANEL DE SOLDA, INSTALADO EM PRUMADA \u0096 FORNECIMENTO E INSTALAÇÃO. AF_12/2015","UN",30.77]
[92290,"COTOVELO EM COBRE, DN 42 MM, 90 GRAUS, SEM ANEL DE SOLDA, INSTALADO EM PRUMADA \u0096 FORNECIMENTO E INSTALAÇÃO. AF_12/2015","UN",46.04]
[92291,"COTOVELO EM COBRE, DN 54 MM, 90 GRAUS, SEM ANEL DE SOLDA, INSTALADO EM PRUMADA \u0096 FORNECIMENTO E INSTALAÇÃO. AF_12/2015","UN",69.83]
[92292,"COTOVELO EM COBRE, DN 66 MM, 90 GRAUS, SEM ANEL DE SOLDA, INSTALADO EM PRUMADA \u0096 FORNECIMENTO E INSTALAÇÃO. AF_12/2015","UN",212.69]
[92293,"LUVA EM COBRE, DN 22 MM, SEM ANEL DE SOLDA, INSTALADO EM PRUMADA \u0096 FORNECIMENTO E INSTALAÇÃO. AF_12/2015","UN",7.06]
[92294,"LUVA EM COBRE, DN 28 MM, SEM ANEL DE SOLDA, INSTALADO EM PRUMADA \u0096 FORNECIMENTO E INSTALAÇÃO. AF_12/2015","UN",11.21]
[92295,"LUVA EM COBRE, DN 35 MM, SEM ANEL DE SOLDA, INSTALADO EM PRUMADA \u0096 FORNECIMENTO E INSTALAÇÃO. AF_12/2015","UN",20.06]
[92296,"LUVA EM COBRE, DN 42 MM, SEM ANEL DE SOLDA, INSTALADO EM PRUMADA \u0096 FORNECIMENTO E INSTALAÇÃO. AF_12/2015","UN",26.5]
[92297,"LUVA EM COBRE, DN 54 MM, SEM ANEL DE SOLDA, INSTALADO EM PRUMADA \u0096 FORNECIMENTO E INSTALAÇÃO. AF_12/2015","UN",40.48]
[92298,"LUVA EM COBRE, DN 66 MM, SEM ANEL DE SOLDA, INSTALADO EM PRUMADA \u0096 FORNECIMENTO E INSTALAÇÃO. AF_12/2015","UN",110.6]
[92299,"TE EM COBRE, DN 22 MM, SEM ANEL DE SOLDA, INSTALADO EM PRUMADA \u0096 FORNECIMENTO E INSTALAÇÃO. AF_12/2015","UN",15.91]
[92300,"TE EM COBRE, DN 28 MM, SEM ANEL DE SOLDA, INSTALADO EM PRUMADA \u0096 FORNECIMENTO E INSTALAÇÃO. AF_12/2015","UN",23.17]
[92301,"TE EM COBRE, DN 35 MM, SEM ANEL DE SOLDA, INSTALADO EM PRUMADA \u0096 FORNECIMENTO E INSTALAÇÃO. AF_12/2015","UN",43.64]
[92302,"TE EM COBRE, DN 42 MM, SEM ANEL DE SOLDA, INSTALADO EM PRUMADA \u0096 FORNECIMENTO E INSTALAÇÃO. AF_12/2015","UN",57.3]
[92303,"TE EM COBRE, DN 54 MM, SEM ANEL DE SOLDA, INSTALADO EM PRUMADA \u0096 FORNECIMENTO E INSTALAÇÃO. AF_12/2015","UN",103.11]
[92304,"TE EM COBRE, DN 66 MM, SEM ANEL DE SOLDA, INSTALADO EM PRUMADA \u0096 FORNECIMENTO E INSTALAÇÃO. AF_12/2015","UN",262.81]
[92311,"COTOVELO EM COBRE, DN 15 MM, 90 GRAUS, SEM ANEL DE SOLDA, INSTALADO EM RAMAL DE DISTRIBUIÇÃO \u0096 FORNECIMENTO E INSTALAÇÃO. AF_12/2015","UN",9.56]
[92312,"COTOVELO EM COBRE, DN 22 MM, 90 GRAUS, SEM ANEL DE SOLDA, INSTALADO EM RAMAL DE DISTRIBUIÇÃO \u0096 FORNECIMENTO E INSTALAÇÃO. AF_12/2015","UN",14.72]
[92313,"COTOVELO EM COBRE, DN 28 MM, 90 GRAUS, SEM ANEL DE SOLDA, INSTALADO EM RAMAL DE DISTRIBUIÇÃO \u0096 FORNECIMENTO E INSTALAÇÃO. AF_12/2015","UN",20.77]
[92314,"LUVA EM COBRE, DN 15 MM, SEM ANEL DE SOLDA, INSTALADO EM RAMAL DE DISTRIBUIÇÃO \u0096 FORNECIMENTO E INSTALAÇÃO. AF_12/2015","UN",6.24]
[92315,"LUVA EM COBRE, DN 22 MM, SEM ANEL DE SOLDA, INSTALADO EM RAMAL DE DISTRIBUIÇÃO \u0096 FORNECIMENTO E INSTALAÇÃO. AF_12/2015","UN",8.88]
[92316,"LUVA EM COBRE, DN 28 MM, SEM ANEL DE SOLDA, INSTALADO EM RAMAL DE DISTRIBUIÇÃO \u0096 FORNECIMENTO E INSTALAÇÃO. AF_12/2015","UN",13.01]
[92317,"TE EM COBRE, DN 15 MM, SEM ANEL DE SOLDA, INSTALADO EM RAMAL DE DISTRIBUIÇÃO \u0096 FORNECIMENTO E INSTALAÇÃO. AF_12/2015","UN",12.96]
[92318,"TE EM COBRE, DN 22 MM, SEM ANEL DE SOLDA, INSTALADO EM RAMAL DE DISTRIBUIÇÃO \u0096 FORNECIMENTO E INSTALAÇÃO. AF_12/2015","UN",19.49]
[92319,"TE EM COBRE, DN 28 MM, SEM ANEL DE SOLDA, INSTALADO EM RAMAL DE DISTRIBUIÇÃO \u0096 FORNECIMENTO E INSTALAÇÃO. AF_12/2015","UN",26.75]
[92326,"COTOVELO EM COBRE, DN 15 MM, 90 GRAUS, SEM ANEL DE SOLDA, INSTALADO EM RAMAL E SUB-RAMAL \u0096 FORNECIMENTO E INSTALAÇÃO. AF_12/2015","UN",10.42]
[92327,"COTOVELO EM COBRE, DN 22 MM, 90 GRAUS, SEM ANEL DE SOLDA, INSTALADO EM RAMAL E SUB-RAMAL \u0096 FORNECIMENTO E INSTALAÇÃO. AF_12/2015","UN",17.2]
[92328,"COTOVELO EM COBRE, DN 28 MM, 90 GRAUS, SEM ANEL DE SOLDA, INSTALADO EM RAMAL E SUB-RAMAL \u0096 FORNECIMENTO E INSTALAÇÃO. AF_12/2015","UN",25.15]
[92329,"LUVA EM COBRE, DN 15 MM, SEM ANEL DE SOLDA, INSTALADO EM RAMAL E SUB-RAMAL \u0096 FORNECIMENTO E INSTALAÇÃO. AF_12/2015","UN",6.41]
[92330,"LUVA EM COBRE, DN 22 MM, SEM ANEL DE SOLDA, INSTALADO EM RAMAL E SUB-RAMAL \u0096 FORNECIMENTO E INSTALAÇÃO. AF_12/2015","UN",10.49]
[92331,"LUVA EM COBRE, DN 28 MM, SEM ANEL DE SOLDA, INSTALADO EM RAMAL E SUB-RAMAL \u0096 FORNECIMENTO E INSTALAÇÃO. AF_12/2015","UN",15.94]
[92332,"TE EM COBRE, DN 15 MM, SEM ANEL DE SOLDA, INSTALADO EM RAMAL E SUB-RAMAL \u0096 FORNECIMENTO E INSTALAÇÃO. AF_12/2015","UN",13.23]
[92333,"TE EM COBRE, DN 22 MM, SEM ANEL DE SOLDA, INSTALADO EM RAMAL E SUB-RAMAL \u0096 FORNECIMENTO E INSTALAÇÃO. AF_12/2015","UN",22.76]
[92334,"TE EM COBRE, DN 28 MM, SEM ANEL DE SOLDA, INSTALADO EM RAMAL E SUB-RAMAL \u0096 FORNECIMENTO E INSTALAÇÃO. AF_12/2015","UN",32.58]
[92344,"NIPLE, EM FERRO GALVANIZADO, DN 50 (2\"), CONEXÃO ROSQUEADA, INSTALADO EM PRUMADAS - FORNECIMENTO E INSTALAÇÃO. AF_12/2015","UN",49.49]
[92345,"LUVA, EM FERRO GALVANIZADO, DN 50 (2\"), CONEXÃO ROSQUEADA, INSTALADO EM PRUMADAS - FORNECIMENTO E INSTALAÇÃO. AF_12/2015","UN",49.47]
[92346,"NIPLE, EM FERRO GALVANIZADO, DN 65 (2 1/2\"), CONEXÃO ROSQUEADA, INSTALADO EM PRUMADAS - FORNECIMENTO E INSTALAÇÃO. AF_12/2015","UN",63.38]
[92347,"LUVA, EM FERRO GALVANIZADO, DN 65 (2 1/2\"), CONEXÃO ROSQUEADA, INSTALADO EM PRUMADAS - FORNECIMENTO E INSTALAÇÃO. AF_12/2015","UN",69.64]
[92348,"NIPLE, EM FERRO GALVANIZADO, DN 80 (3\"), CONEXÃO ROSQUEADA, INSTALADO EM PRUMADAS - FORNECIMENTO E INSTALAÇÃO. AF_12/2015","UN",86.41]
[92349,"LUVA, EM FERRO GALVANIZADO, DN 80 (3\"), CONEXÃO ROSQUEADA, INSTALADO EM PRUMADAS - FORNECIMENTO E INSTALAÇÃO. AF_12/2015","UN",91.99]
[92350,"JOELHO 45 GRAUS, EM FERRO GALVANIZADO, DN 50 (2\"), CONEXÃO ROSQUEADA, INSTALADO EM PRUMADAS - FORNECIMENTO E INSTALAÇÃO. AF_12/2015","UN",73.68]
[92351,"JOELHO 90 GRAUS, EM FERRO GALVANIZADO, DN 50 (2\"), CONEXÃO ROSQUEADA, INSTALADO EM PRUMADAS - FORNECIMENTO E INSTALAÇÃO. AF_12/2015","UN",72.29]
[92352,"JOELHO 45 GRAUS, EM FERRO GALVANIZADO, DN 65 (2 1/2\"), CONEXÃO ROSQUEADA, INSTALADO EM PRUMADAS - FORNECIMENTO E INSTALAÇÃO. AF_12/2015","UN",107.09]
[92353,"JOELHO 90 GRAUS, EM FERRO GALVANIZADO, DN 65 (2 1/2\"), CONEXÃO ROSQUEADA, INSTALADO EM PRUMADAS - FORNECIMENTO E INSTALAÇÃO. AF_12/2015","UN",100.96]
[92354,"JOELHO 45 GRAUS, EM FERRO GALVANIZADO, DN 80 (3\"), CONEXÃO ROSQUEADA, INSTALADO EM PRUMADAS - FORNECIMENTO E INSTALAÇÃO. AF_12/2015","UN",139.23]
[92355,"JOELHO 90 GRAUS, EM FERRO GALVANIZADO, DN 80 (3\"), CONEXÃO ROSQUEADA, INSTALADO EM PRUMADAS - FORNECIMENTO E INSTALAÇÃO. AF_12/2015","UN",127.41]
[92356,"TÊ, EM FERRO GALVANIZADO, DN 50 (2\"), CONEXÃO ROSQUEADA, INSTALADO EM PRUMADAS - FORNECIMENTO E INSTALAÇÃO. AF_12/2015","UN",96.38]
[92357,"TÊ, EM FERRO GALVANIZADO, DN 65 (2 1/2\"), CONEXÃO ROSQUEADA, INSTALADO EM PRUMADAS - FORNECIMENTO E INSTALAÇÃO. AF_12/2015","UN",137.7]
[92358,"TÊ, EM FERRO GALVANIZADO, DN 80 (3\"), CONEXÃO ROSQUEADA, INSTALADO EM PRUMADAS - FORNECIMENTO E INSTALAÇÃO. AF_12/2015","UN",168.75]
[92369,"NIPLE, EM FERRO GALVANIZADO, DN 25 (1\"), CONEXÃO ROSQUEADA, INSTALADO EM REDE DE ALIMENTAÇÃO PARA HIDRANTE - FORNECIMENTO E INSTALAÇÃO. AF_12/2015","UN",28.26]
[92370,"LUVA, EM FERRO GALVANIZADO, DN 25 (1\"), CONEXÃO ROSQUEADA, INSTALADO EM REDE DE ALIMENTAÇÃO PARA HIDRANTE - FORNECIMENTO E INSTALAÇÃO. AF_12/2015","UN",29.39]
[92371,"NIPLE, EM FERRO GALVANIZADO, DN 32 (1 1/4\"), CONEXÃO ROSQUEADA, INSTALADO EM REDE DE ALIMENTAÇÃO PARA HIDRANTE - FORNECIMENTO E INSTALAÇÃO. AF_12/2015","UN",33.5]
[92372,"LUVA, EM FERRO GALVANIZADO, DN 32 (1 1/4\"), CONEXÃO ROSQUEADA, INSTALADO EM REDE DE ALIMENTAÇÃO PARA HIDRANTE - FORNECIMENTO E INSTALAÇÃO. AF_12/2015","UN",34.55]
[92373,"NIPLE, EM FERRO GALVANIZADO, DN 40 (1 1/2\"), CONEXÃO ROSQUEADA, INSTALADO EM REDE DE ALIMENTAÇÃO PARA HIDRANTE - FORNECIMENTO E INSTALAÇÃO. AF_12/2015","UN",39.06]
[92374,"LUVA, EM FERRO GALVANIZADO, DN 40 (1 1/2\"), CONEXÃO ROSQUEADA, INSTALADO EM REDE DE ALIMENTAÇÃO PARA HIDRANTE - FORNECIMENTO E INSTALAÇÃO. AF_12/2015","UN",39.26]
[92375,"NIPLE, EM FERRO GALVANIZADO, DN 50 (2\"), CONEXÃO ROSQUEADA, INSTALADO EM REDE DE ALIMENTAÇÃO PARA HIDRANTE - FORNECIMENTO E INSTALAÇÃO. AF_12/2015","UN",49.44]
[92376,"LUVA, EM FERRO GALVANIZADO, DN 50 (2\"), CONEXÃO ROSQUEADA, INSTALADO EM REDE DE ALIMENTAÇÃO PARA HIDRANTE - FORNECIMENTO E INSTALAÇÃO. AF_12/2015","UN",49.42]
[92377,"NIPLE, EM FERRO GALVANIZADO, DN 65 (2 1/2\"), CONEXÃO ROSQUEADA, INSTALADO EM REDE DE ALIMENTAÇÃO PARA HIDRANTE - FORNECIMENTO E INSTALAÇÃO. AF_12/2015","UN",64.84]
[92378,"LUVA, EM FERRO GALVANIZADO, DN 65 (2 1/2\"), CONEXÃO ROSQUEADA, INSTALADO EM REDE DE ALIMENTAÇÃO PARA HIDRANTE - FORNECIMENTO E INSTALAÇÃO. AF_12/2015","UN",71.1]
[92379,"NIPLE, EM FERRO GALVANIZADO, DN 80 (3\"), CONEXÃO ROSQUEADA, INSTALADO EM REDE DE ALIMENTAÇÃO PARA HIDRANTE - FORNECIMENTO E INSTALAÇÃO. AF_12/2015","UN",89.42]
[92380,"LUVA, EM FERRO GALVANIZADO, DN 80 (3\"), CONEXÃO ROSQUEADA, INSTALADO EM REDE DE ALIMENTAÇÃO PARA HIDRANTE - FORNECIMENTO E INSTALAÇÃO. AF_12/2015","UN",95]
[92381,"JOELHO 45 GRAUS, EM FERRO GALVANIZADO, DN 25 (1\"), CONEXÃO ROSQUEADA, INSTALADO EM REDE DE ALIMENTAÇÃO PARA HIDRANTE - FORNECIMENTO E INSTALAÇÃO. AF_12/2015","UN",42.72]
[92382,"JOELHO 90 GRAUS, EM FERRO GALVANIZADO, DN 25 (1\"), CONEXÃO ROSQUEADA, INSTALADO EM REDE DE ALIMENTAÇÃO PARA HIDRANTE - FORNECIMENTO E INSTALAÇÃO. AF_12/2015","UN",41.22]
[92383,"JOELHO 45 GRAUS, EM FERRO GALVANIZADO, DN 32 (1 1/4\"), CONEXÃO ROSQUEADA, INSTALADO EM REDE DE ALIMENTAÇÃO PARA HIDRANTE - FORNECIMENTO E INSTALAÇÃO. AF_12/2015","UN",52.41]
[92384,"JOELHO 90 GRAUS, EM FERRO GALVANIZADO, DN 32 (1 1/4\"), CONEXÃO ROSQUEADA, INSTALADO EM REDE DE ALIMENTAÇÃO PARA HIDRANTE - FORNECIMENTO E INSTALAÇÃO. AF_12/2015","UN",49.43]
[92385,"JOELHO 45 GRAUS, EM FERRO GALVANIZADO, DN 40 (1 1/2\"), CONEXÃO ROSQUEADA, INSTALADO EM REDE DE ALIMENTAÇÃO PARA HIDRANTE - FORNECIMENTO E INSTALAÇÃO. AF_12/2015","UN",59.59]
[92386,"JOELHO 90 GRAUS, EM FERRO GALVANIZADO, DN 40 (1 1/2\"), CONEXÃO ROSQUEADA, INSTALADO EM REDE DE ALIMENTAÇÃO PARA HIDRANTE - FORNECIMENTO E INSTALAÇÃO. AF_12/2015","UN",57.54]
[92387,"JOELHO 45 GRAUS, EM FERRO GALVANIZADO, DN 50 (2\"), CONEXÃO ROSQUEADA, INSTALADO EM REDE DE ALIMENTAÇÃO PARA HIDRANTE - FORNECIMENTO E INSTALAÇÃO. AF_12/2015","UN",73.6]
[92388,"JOELHO 90 GRAUS, EM FERRO GALVANIZADO, DN 50 (2\"), CONEXÃO ROSQUEADA, INSTALADO EM REDE DE ALIMENTAÇÃO PARA HIDRANTE - FORNECIMENTO E INSTALAÇÃO. AF_12/2015","UN",72.21]
[92389,"JOELHO 45 GRAUS, EM FERRO GALVANIZADO, DN 65 (2 1/2\"), CONEXÃO ROSQUEADA, INSTALADO EM REDE DE ALIMENTAÇÃO PARA HIDRANTE - FORNECIMENTO E INSTALAÇÃO. AF_12/2015","UN",109.33]
[92390,"JOELHO 90 GRAUS, EM FERRO GALVANIZADO, DN 65 (2 1/2\"), CONEXÃO ROSQUEADA, INSTALADO EM REDE DE ALIMENTAÇÃO PARA HIDRANTE - FORNECIMENTO E INSTALAÇÃO. AF_12/2015","UN",103.2]
[92635,"JOELHO 45 GRAUS, EM FERRO GALVANIZADO, CONEXÃO ROSQUEADA, DN 80 (3\"), INSTALADO EM REDE DE ALIMENTAÇÃO PARA HIDRANTE - FORNECIMENTO E INSTALAÇÃO. AF_12/2015","UN",143.74]
[92636,"JOELHO 90 GRAUS, EM FERRO GALVANIZADO, CONEXÃO ROSQUEADA, DN 80 (3\"), INSTALADO EM REDE DE ALIMENTAÇÃO PARA HIDRANTE - FORNECIMENTO E INSTALAÇÃO. AF_12/2015","UN",131.92]
[92637,"TÊ, EM FERRO GALVANIZADO, CONEXÃO ROSQUEADA, DN 25 (1\"), INSTALADO EM REDE DE ALIMENTAÇÃO PARA HIDRANTE - FORNECIMENTO E INSTALAÇÃO. AF_12/2015","UN",55.55]
[92638,"TÊ, EM FERRO GALVANIZADO, CONEXÃO ROSQUEADA, DN 32 (1 1/4\"), INSTALADO EM REDE DE ALIMENTAÇÃO PARA HIDRANTE - FORNECIMENTO E INSTALAÇÃO. AF_12/2015","UN",66.29]
[92639,"TÊ, EM FERRO GALVANIZADO, CONEXÃO ROSQUEADA, DN 40 (1 1/2\"), INSTALADO EM REDE DE ALIMENTAÇÃO PARA HIDRANTE - FORNECIMENTO E INSTALAÇÃO. AF_12/2015","UN",75.93]
[92640,"TÊ, EM FERRO GALVANIZADO, CONEXÃO ROSQUEADA, DN 50 (2\"), INSTALADO EM REDE DE ALIMENTAÇÃO PARA HIDRANTE - FORNECIMENTO E INSTALAÇÃO. AF_12/2015","UN",96.24]
[92642,"TÊ, EM FERRO GALVANIZADO, CONEXÃO ROSQUEADA, DN 65 (2 1/2\"), INSTALADO EM REDE DE ALIMENTAÇÃO PARA HIDRANTE - FORNECIMENTO E INSTALAÇÃO. AF_12/2015","UN",140.62]
[92644,"TÊ, EM FERRO GALVANIZADO, CONEXÃO ROSQUEADA, DN 80 (3\"), INSTALADO EM REDE DE ALIMENTAÇÃO PARA HIDRANTE - FORNECIMENTO E INSTALAÇÃO. AF_12/2015","UN",174.77]
[92657,"NIPLE, EM FERRO GALVANIZADO, CONEXÃO ROSQUEADA, DN 25 (1\"), INSTALADO EM REDE DE ALIMENTAÇÃO PARA SPRINKLER - FORNECIMENTO E INSTALAÇÃO. AF_12/2015","UN",20.15]
[92658,"LUVA, EM FERRO GALVANIZADO, CONEXÃO ROSQUEADA, DN 25 (1\"), INSTALADO EM REDE DE ALIMENTAÇÃO PARA SPRINKLER - FORNECIMENTO E INSTALAÇÃO. AF_12/2015","UN",21.28]
[92659,"NIPLE, EM FERRO GALVANIZADO, CONEXÃO ROSQUEADA, DN 32 (1 1/4\"), INSTALADO EM REDE DE ALIMENTAÇÃO PARA SPRINKLER - FORNECIMENTO E INSTALAÇÃO. AF_12/2015","UN",24.27]
[92660,"LUVA, EM FERRO GALVANIZADO, CONEXÃO ROSQUEADA, DN 32 (1 1/4\"), INSTALADO EM REDE DE ALIMENTAÇÃO PARA SPRINKLER - FORNECIMENTO E INSTALAÇÃO. AF_12/2015","UN",25.32]
[92661,"NIPLE, EM FERRO GALVANIZADO, CONEXÃO ROSQUEADA, DN 40 (1 1/2\"), INSTALADO EM REDE DE ALIMENTAÇÃO PARA SPRINKLER - FORNECIMENTO E INSTALAÇÃO. AF_12/2015","UN",28.54]
[92662,"LUVA, EM FERRO GALVANIZADO, CONEXÃO ROSQUEADA, DN 40 (1 1/2\"), INSTALADO EM REDE DE ALIMENTAÇÃO PARA SPRINKLER - FORNECIMENTO E INSTALAÇÃO. AF_12/2015","UN",28.74]
[92663,"NIPLE, EM FERRO GALVANIZADO, CONEXÃO ROSQUEADA, DN 50 (2\"), INSTALADO EM REDE DE ALIMENTAÇÃO PARA SPRINKLER - FORNECIMENTO E INSTALAÇÃO. AF_12/2015","UN",37.33]
[92664,"LUVA, EM FERRO GALVANIZADO, CONEXÃO ROSQUEADA, DN 50 (2\"), INSTALADO EM REDE DE ALIMENTAÇÃO PARA SPRINKLER - FORNECIMENTO E INSTALAÇÃO. AF_12/2015","UN",37.31]
[92665,"NIPLE, EM FERRO GALVANIZADO, CONEXÃO ROSQUEADA, DN 65 (2 1/2\"), INSTALADO EM REDE DE ALIMENTAÇÃO PARA SPRINKLER - FORNECIMENTO E INSTALAÇÃO. AF_12/2015","UN",50.34]
[92666,"LUVA, EM FERRO GALVANIZADO, CONEXÃO ROSQUEADA, DN 65 (2 1/2\"), INSTALADO EM REDE DE ALIMENTAÇÃO PARA SPRINKLER - FORNECIMENTO E INSTALAÇÃO. AF_12/2015","UN",56.6]
[92667,"NIPLE, EM FERRO GALVANIZADO, CONEXÃO ROSQUEADA, DN 80 (3\"), INSTALADO EM REDE DE ALIMENTAÇÃO PARA SPRINKLER - FORNECIMENTO E INSTALAÇÃO. AF_12/2015","UN",72.55]
[92668,"LUVA, EM FERRO GALVANIZADO, CONEXÃO ROSQUEADA, DN 80 (3\"), INSTALADO EM REDE DE ALIMENTAÇÃO PARA SPRINKLER - FORNECIMENTO E INSTALAÇÃO. AF_12/2015","UN",78.13]
[92669,"JOELHO 45 GRAUS, EM FERRO GALVANIZADO, CONEXÃO ROSQUEADA, DN 25 (1\"), INSTALADO EM REDE DE ALIMENTAÇÃO PARA SPRINKLER - FORNECIMENTO E INSTALAÇÃO. AF_12/2015","UN",30.54]
[92670,"JOELHO 90 GRAUS, EM FERRO GALVANIZADO, CONEXÃO ROSQUEADA, DN 25 (1\"), INSTALADO EM REDE DE ALIMENTAÇÃO PARA SPRINKLER - FORNECIMENTO E INSTALAÇÃO. AF_12/2015","UN",29.04]
[92671,"JOELHO 45 GRAUS, EM FERRO GALVANIZADO, CONEXÃO ROSQUEADA, DN 32 (1 1/4\"), INSTALADO EM REDE DE ALIMENTAÇÃO PARA SPRINKLER - FORNECIMENTO E INSTALAÇÃO. AF_12/2015","UN",38.58]
[92672,"JOELHO 90 GRAUS, EM FERRO GALVANIZADO, CONEXÃO ROSQUEADA, DN 32 (1 1/4\"), INSTALADO EM REDE DE ALIMENTAÇÃO PARA SPRINKLER - FORNECIMENTO E INSTALAÇÃO. AF_12/2015","UN",35.6]
[92673,"JOELHO 45 GRAUS, EM FERRO GALVANIZADO, CONEXÃO ROSQUEADA, DN 40 (1 1/2\"), INSTALADO EM REDE DE ALIMENTAÇÃO PARA SPRINKLER - FORNECIMENTO E INSTALAÇÃO. AF_12/2015","UN",43.83]
[92674,"JOELHO 90 GRAUS, EM FERRO GALVANIZADO, CONEXÃO ROSQUEADA, DN 40 (1 1/2\"), INSTALADO EM REDE DE ALIMENTAÇÃO PARA SPRINKLER - FORNECIMENTO E INSTALAÇÃO. AF_12/2015","UN",41.78]
[92675,"JOELHO 45 GRAUS, EM FERRO GALVANIZADO, CONEXÃO ROSQUEADA, DN 50 (2\"), INSTALADO EM REDE DE ALIMENTAÇÃO PARA SPRINKLER - FORNECIMENTO E INSTALAÇÃO. AF_12/2015","UN",55.48]
[92676,"JOELHO 90 GRAUS, EM FERRO GALVANIZADO, CONEXÃO ROSQUEADA, DN 50 (2\"), INSTALADO EM REDE DE ALIMENTAÇÃO PARA SPRINKLER - FORNECIMENTO E INSTALAÇÃO. AF_12/2015","UN",54.09]
[92677,"JOELHO 45 GRAUS, EM FERRO GALVANIZADO, CONEXÃO ROSQUEADA, DN 65 (2 1/2\"), INSTALADO EM REDE DE ALIMENTAÇÃO PARA SPRINKLER - FORNECIMENTO E INSTALAÇÃO. AF_12/2015","UN",87.61]
[92678,"JOELHO 90 GRAUS, EM FERRO GALVANIZADO, CONEXÃO ROSQUEADA, DN 65 (2 1/2\"), INSTALADO EM REDE DE ALIMENTAÇÃO PARA SPRINKLER - FORNECIMENTO E INSTALAÇÃO. AF_12/2015","UN",81.48]
[92679,"JOELHO 45 GRAUS, EM FERRO GALVANIZADO, CONEXÃO ROSQUEADA, DN 80 (3\"), INSTALADO EM REDE DE ALIMENTAÇÃO PARA SPRINKLER - FORNECIMENTO E INSTALAÇÃO. AF_12/2015","UN",118.46]
[92680,"JOELHO 90 GRAUS, EM FERRO GALVANIZADO, CONEXÃO ROSQUEADA, DN 80 (3\"), INSTALADO EM REDE DE ALIMENTAÇÃO PARA SPRINKLER - FORNECIMENTO E INSTALAÇÃO. AF_12/2015","UN",106.64]
[92681,"TÊ, EM FERRO GALVANIZADO, CONEXÃO ROSQUEADA, DN 25 (1\"), INSTALADO EM REDE DE ALIMENTAÇÃO PARA SPRINKLER - FORNECIMENTO E INSTALAÇÃO. AF_12/2015","UN",39.27]
[92682,"TÊ, EM FERRO GALVANIZADO, CONEXÃO ROSQUEADA, DN 32 (1 1/4\"), INSTALADO EM REDE DE ALIMENTAÇÃO PARA SPRINKLER - FORNECIMENTO E INSTALAÇÃO. AF_12/2015","UN",47.79]
[92683,"TÊ, EM FERRO GALVANIZADO, CONEXÃO ROSQUEADA, DN 40 (1 1/2\"), INSTALADO EM REDE DE ALIMENTAÇÃO PARA SPRINKLER - FORNECIMENTO E INSTALAÇÃO. AF_12/2015","UN",54.94]
[92684,"TÊ, EM FERRO GALVANIZADO, CONEXÃO ROSQUEADA, DN 50 (2\"), INSTALADO EM REDE DE ALIMENTAÇÃO PARA SPRINKLER - FORNECIMENTO E INSTALAÇÃO. AF_12/2015","UN",72.08]
[92685,"TÊ, EM FERRO GALVANIZADO, CONEXÃO ROSQUEADA, DN 65 (2 1/2\"), INSTALADO EM REDE DE ALIMENTAÇÃO PARA SPRINKLER - FORNECIMENTO E INSTALAÇÃO. AF_12/2015","UN",111.7]
[92686,"TÊ, EM FERRO GALVANIZADO, CONEXÃO ROSQUEADA, DN 80 (3\"), INSTALADO EM REDE DE ALIMENTAÇÃO PARA SPRINKLER - FORNECIMENTO E INSTALAÇÃO. AF_12/2015","UN",141.03]
[92692,"NIPLE, EM FERRO GALVANIZADO, CONEXÃO ROSQUEADA, DN 15 (1/2\"), INSTALADO EM RAMAIS E SUB-RAMAIS DE GÁS - FORNECIMENTO E INSTALAÇÃO. AF_12/2015","UN",10.97]
[92693,"LUVA, EM FERRO GALVANIZADO, CONEXÃO ROSQUEADA, DN 15 (1/2\"), INSTALADO EM RAMAIS E SUB-RAMAIS DE GÁS - FORNECIMENTO E INSTALAÇÃO. AF_12/2015","UN",11.22]
[92694,"NIPLE, EM FERRO GALVANIZADO, CONEXÃO ROSQUEADA, DN 20 (3/4\"), INSTALADO EM RAMAIS E SUB-RAMAIS DE GÁS - FORNECIMENTO E INSTALAÇÃO. AF_12/2015","UN",17.68]
[92695,"LUVA, EM FERRO GALVANIZADO, CONEXÃO ROSQUEADA, DN 20 (3/4\"), INSTALADO EM RAMAIS E SUB-RAMAIS DE GÁS - FORNECIMENTO E INSTALAÇÃO. AF_12/2015","UN",17.93]
[92696,"NIPLE, EM FERRO GALVANIZADO, CONEXÃO ROSQUEADA, DN 25 (1\"), INSTALADO EM RAMAIS E SUB-RAMAIS DE GÁS - FORNECIMENTO E INSTALAÇÃO. AF_12/2015","UN",27.92]
[92697,"LUVA, EM FERRO GALVANIZADO, CONEXÃO ROSQUEADA, DN 25 (1\"), INSTALADO EM RAMAIS E SUB-RAMAIS DE GÁS - FORNECIMENTO E INSTALAÇÃO. AF_12/2015","UN",29.05]
[92698,"JOELHO 45 GRAUS, EM FERRO GALVANIZADO, CONEXÃO ROSQUEADA, DN 15 (1/2\"), INSTALADO EM RAMAIS E SUB-RAMAIS DE GÁS - FORNECIMENTO E INSTALAÇÃO. AF_12/2015","UN",16.26]
[92699,"JOELHO 90 GRAUS, EM FERRO GALVANIZADO, CONEXÃO ROSQUEADA, DN 15 (1/2\"), INSTALADO EM RAMAIS E SUB-RAMAIS DE GÁS - FORNECIMENTO E INSTALAÇÃO. AF_12/2015","UN",15.44]
[92700,"JOELHO 45 GRAUS, EM FERRO GALVANIZADO, CONEXÃO ROSQUEADA, DN 20 (3/4\"), INSTALADO EM RAMAIS E SUB-RAMAIS DE GÁS - FORNECIMENTO E INSTALAÇÃO. AF_12/2015","UN",26.81]
[92701,"JOELHO 90 GRAUS, EM FERRO GALVANIZADO, CONEXÃO ROSQUEADA, DN 20 (3/4\"), INSTALADO EM RAMAIS E SUB-RAMAIS DE GÁS - FORNECIMENTO E INSTALAÇÃO. AF_12/2015","UN",25.59]
[92702,"JOELHO 45 GRAUS, EM FERRO GALVANIZADO, CONEXÃO ROSQUEADA, DN 25 (1\"), INSTALADO EM RAMAIS E SUB-RAMAIS DE GÁS - FORNECIMENTO E INSTALAÇÃO. AF_12/2015","UN",42.25]
[92703,"JOELHO 90 GRAUS, EM FERRO GALVANIZADO, CONEXÃO ROSQUEADA, DN 25 (1\"), INSTALADO EM RAMAIS E SUB-RAMAIS DE GÁS - FORNECIMENTO E INSTALAÇÃO. AF_12/2015","UN",40.75]
[92704,"TÊ, EM FERRO GALVANIZADO, CONEXÃO ROSQUEADA, DN 15 (1/2\"), INSTALADO EM RAMAIS E SUB-RAMAIS DE GÁS - FORNECIMENTO E INSTALAÇÃO. AF_12/2015","UN",20.78]
[92705,"TÊ, EM FERRO GALVANIZADO, CONEXÃO ROSQUEADA, DN 20 (3/4\"), INSTALADO EM RAMAIS E SUB-RAMAIS DE GÁS - FORNECIMENTO E INSTALAÇÃO. AF_12/2015","UN",33.87]
[92706,"TÊ, EM FERRO GALVANIZADO, CONEXÃO ROSQUEADA, DN 25 (1\"), INSTALADO EM RAMAIS E SUB-RAMAIS DE GÁS - FORNECIMENTO E INSTALAÇÃO. AF_12/2015","UN",54.9]
[92889,"UNIÃO, EM FERRO GALVANIZADO, DN 50 (2\"), CONEXÃO ROSQUEADA, INSTALADO EM PRUMADAS - FORNECIMENTO E INSTALAÇÃO. AF_12/2015","UN",90.15]
[92890,"UNIÃO, EM FERRO GALVANIZADO, DN 65 (2 1/2\"), CONEXÃO ROSQUEADA, INSTALADO EM PRUMADAS - FORNECIMENTO E INSTALAÇÃO. AF_12/2015","UN",133.31]
[92891,"UNIÃO, EM FERRO GALVANIZADO, DN 80 (3\"), CONEXÃO ROSQUEADA, INSTALADO EM PRUMADAS - FORNECIMENTO E INSTALAÇÃO. AF_12/2015","UN",192.22]
[92892,"UNIÃO, EM FERRO GALVANIZADO, DN 25 (1\"), CONEXÃO ROSQUEADA, INSTALADO EM REDE DE ALIMENTAÇÃO PARA HIDRANTE - FORNECIMENTO E INSTALAÇÃO. AF_12/2015","UN",41.5]
[92893,"UNIÃO, EM FERRO GALVANIZADO, DN 32 (1 1/4\"), CONEXÃO ROSQUEADA, INSTALADO EM REDE DE ALIMENTAÇÃO PARA HIDRANTE - FORNECIMENTO E INSTALAÇÃO. AF_12/2015","UN",57.05]
[92894,"UNIÃO, EM FERRO GALVANIZADO, DN 40 (1 1/2\"), CONEXÃO ROSQUEADA, INSTALADO EM REDE DE ALIMENTAÇÃO PARA HIDRANTE - FORNECIMENTO E INSTALAÇÃO. AF_12/2015","UN",67.51]
[92895,"UNIÃO, EM FERRO GALVANIZADO, DN 50 (2\"), CONEXÃO ROSQUEADA, INSTALADO EM REDE DE ALIMENTAÇÃO PARA HIDRANTE - FORNECIMENTO E INSTALAÇÃO. AF_12/2015","UN",90.1]
[92896,"UNIÃO, EM FERRO GALVANIZADO, DN 65 (2 1/2\"), CONEXÃO ROSQUEADA, INSTALADO EM REDE DE ALIMENTAÇÃO PARA HIDRANTE - FORNECIMENTO E INSTALAÇÃO. AF_12/2015","UN",134.77]
[92897,"UNIÃO, EM FERRO GALVANIZADO, DN 80 (3\"), CONEXÃO ROSQUEADA, INSTALADO EM REDE DE ALIMENTAÇÃO PARA HIDRANTE - FORNECIMENTO E INSTALAÇÃO. AF_12/2015","UN",195.23]
[92898,"UNIÃO, EM FERRO GALVANIZADO, CONEXÃO ROSQUEADA, DN 25 (1\"), INSTALADO EM REDE DE ALIMENTAÇÃO PARA SPRINKLER - FORNECIMENTO E INSTALAÇÃO. AF_12/2015","UN",33.39]
[92899,"UNIÃO, EM FERRO GALVANIZADO, CONEXÃO ROSQUEADA, DN 32 (1 1/4\"), INSTALADO EM REDE DE ALIMENTAÇÃO PARA SPRINKLER - FORNECIMENTO E INSTALAÇÃO. AF_12/2015","UN",47.82]
[92900,"UNIÃO, EM FERRO GALVANIZADO, CONEXÃO ROSQUEADA, DN 40 (1 1/2\"), INSTALADO EM REDE DE ALIMENTAÇÃO PARA SPRINKLER - FORNECIMENTO E INSTALAÇÃO. AF_12/2015","UN",56.99]
[92901,"UNIÃO, EM FERRO GALVANIZADO, CONEXÃO ROSQUEADA, DN 50 (2\"), INSTALADO EM REDE DE ALIMENTAÇÃO PARA SPRINKLER - FORNECIMENTO E INSTALAÇÃO. AF_12/2015","UN",77.99]
[92902,"UNIÃO, EM FERRO GALVANIZADO, CONEXÃO ROSQUEADA, DN 65 (2 1/2\"), INSTALADO EM REDE DE ALIMENTAÇÃO PARA SPRINKLER - FORNECIMENTO E INSTALAÇÃO. AF_12/2015","UN",120.27]
[92903,"UNIÃO, EM FERRO GALVANIZADO, CONEXÃO ROSQUEADA, DN 80 (3\"), INSTALADO EM REDE DE ALIMENTAÇÃO PARA SPRINKLER - FORNECIMENTO E INSTALAÇÃO. AF_12/2015","UN",178.36]
[92904,"UNIÃO, EM FERRO GALVANIZADO, CONEXÃO ROSQUEADA, DN 15 (1/2\"), INSTALADO EM RAMAIS E SUB-RAMAIS DE GÁS - FORNECIMENTO E INSTALAÇÃO. AF_12/2015","UN",22.33]
[92905,"UNIÃO, EM FERRO GALVANIZADO, CONEXÃO ROSQUEADA, DN 20 (3/4\"), INSTALADO EM RAMAIS E SUB-RAMAIS DE GÁS - FORNECIMENTO E INSTALAÇÃO. AF_12/2015","UN",32.51]
[92906,"UNIÃO, EM FERRO GALVANIZADO, CONEXÃO ROSQUEADA, DN 25 (1\"), INSTALADO EM RAMAIS E SUB-RAMAIS DE GÁS - FORNECIMENTO E INSTALAÇÃO. AF_12/2015","UN",41.16]
[92907,"LUVA DE REDUÇÃO, EM FERRO GALVANIZADO, 2\" X 1 1/2\", CONEXÃO ROSQUEADA, INSTALADO EM PRUMADAS - FORNECIMENTO E INSTALAÇÃO. AF_12/2015","UN",51.84]
[92908,"LUVA DE REDUÇÃO, EM FERRO GALVANIZADO, 2\" X 1 1/4\", CONEXÃO ROSQUEADA, INSTALADO EM PRUMADAS - FORNECIMENTO E INSTALAÇÃO. AF_12/2015","UN",51.84]
[92909,"LUVA DE REDUÇÃO, EM FERRO GALVANIZADO, 2\" X 1\", CONEXÃO ROSQUEADA, INSTALADO EM PRUMADAS - FORNECIMENTO E INSTALAÇÃO. AF_12/2015","UN",51.84]
[92910,"LUVA DE REDUÇÃO, EM FERRO GALVANIZADO, 2 1/2\" X 1 1/2\", CONEXÃO ROSQUEADA, INSTALADO EM PRUMADAS - FORNECIMENTO E INSTALAÇÃO. AF_12/2015","UN",72.29]
[92911,"LUVA DE REDUÇÃO, EM FERRO GALVANIZADO, 2 1/2\" X 2\", CONEXÃO ROSQUEADA, INSTALADO EM PRUMADAS - FORNECIMENTO E INSTALAÇÃO. AF_12/2015","UN",72.29]
[92912,"LUVA DE REDUÇÃO, EM FERRO GALVANIZADO, 3\" X 1 1/2\", CONEXÃO ROSQUEADA, INSTALADO EM PRUMADAS - FORNECIMENTO E INSTALAÇÃO. AF_12/2015","UN",94.13]
[92913,"LUVA DE REDUÇÃO, EM FERRO GALVANIZADO, 3\" X 2 1/2\", CONEXÃO ROSQUEADA, INSTALADO EM PRUMADAS - FORNECIMENTO E INSTALAÇÃO. AF_12/2015","UN",96.61]
[92914,"LUVA DE REDUÇÃO, EM FERRO GALVANIZADO, 3\" X 2\", CONEXÃO ROSQUEADA, INSTALADO EM PRUMADAS - FORNECIMENTO E INSTALAÇÃO. AF_12/2015","UN",96.61]
[92918,"LUVA DE REDUÇÃO, EM FERRO GALVANIZADO, 1\" X 1/2\", CONEXÃO ROSQUEADA, INSTALADO EM REDE DE ALIMENTAÇÃO PARA HIDRANTE - FORNECIMENTO E INSTALAÇÃO. AF_12/2015","UN",29.3]
[92920,"LUVA DE REDUÇÃO, EM FERRO GALVANIZADO, 1\" X 3/4\", CONEXÃO ROSQUEADA, INSTALADO EM REDE DE ALIMENTAÇÃO PARA HIDRANTE - FORNECIMENTO E INSTALAÇÃO. AF_12/2015","UN",29.45]
[92925,"LUVA DE REDUÇÃO, EM FERRO GALVANIZADO, 1 1/4\" X 1\", CONEXÃO ROSQUEADA, INSTALADO EM REDE DE ALIMENTAÇÃO PARA HIDRANTE - FORNECIMENTO E INSTALAÇÃO. AF_12/2015","UN",35.39]
[92926,"LUVA DE REDUÇÃO, EM FERRO GALVANIZADO, 1 1/4\" X 1/2\", CONEXÃO ROSQUEADA, INSTALADO EM REDE DE ALIMENTAÇÃO PARA HIDRANTE - FORNECIMENTO E INSTALAÇÃO. AF_12/2015","UN",35.38]
[92927,"LUVA DE REDUÇÃO, EM FERRO GALVANIZADO, 1 1/4\" X 3/4\", CONEXÃO ROSQUEADA, INSTALADO EM REDE DE ALIMENTAÇÃO PARA HIDRANTE - FORNECIMENTO E INSTALAÇÃO. AF_12/2015","UN",35.38]
[92928,"LUVA DE REDUÇÃO, EM FERRO GALVANIZADO, 1 1/2\" X 1 1/4\", CONEXÃO ROSQUEADA, INSTALADO EM REDE DE ALIMENTAÇÃO PARA HIDRANTE - FORNECIMENTO E INSTALAÇÃO. AF_12/2015","UN",40.13]
[92929,"LUVA DE REDUÇÃO, EM FERRO GALVANIZADO, 1 1/2\" X 1\", CONEXÃO ROSQUEADA, INSTALADO EM REDE DE ALIMENTAÇÃO PARA HIDRANTE - FORNECIMENTO E INSTALAÇÃO. AF_12/2015","UN",40.13]
[92930,"LUVA DE REDUÇÃO, EM FERRO GALVANIZADO, 1 1/2\" X 3/4\", CONEXÃO ROSQUEADA, INSTALADO EM REDE DE ALIMENTAÇÃO PARA HIDRANTE - FORNECIMENTO E INSTALAÇÃO. AF_12/2015","UN",40.13]
[92931,"LUVA DE REDUÇÃO, EM FERRO GALVANIZADO, 2\" X 1 1/2\", CONEXÃO ROSQUEADA, INSTALADO EM REDE DE ALIMENTAÇÃO PARA HIDRANTE - FORNECIMENTO E INSTALAÇÃO. AF_12/2015","UN",51.79]
[92932,"LUVA DE REDUÇÃO, EM FERRO GALVANIZADO, 2\" X 1 1/4\", CONEXÃO ROSQUEADA, INSTALADO EM REDE DE ALIMENTAÇÃO PARA HIDRANTE - FORNECIMENTO E INSTALAÇÃO. AF_12/2015","UN",51.79]
[92933,"LUVA DE REDUÇÃO, EM FERRO GALVANIZADO, 2\" X 1\", CONEXÃO ROSQUEADA, INSTALADO EM REDE DE ALIMENTAÇÃO PARA HIDRANTE - FORNECIMENTO E INSTALAÇÃO. AF_12/2015","UN",51.79]
[92934,"LUVA DE REDUÇÃO, EM FERRO GALVANIZADO, 2 1/2\" X 1 1/2\", CONEXÃO ROSQUEADA, INSTALADO EM REDE DE ALIMENTAÇÃO PARA HIDRANTE - FORNECIMENTO E INSTALAÇÃO. AF_12/2015","UN",73.75]
[92935,"LUVA DE REDUÇÃO, EM FERRO GALVANIZADO, 2 1/2\" X 2\", CONEXÃO ROSQUEADA, INSTALADO EM REDE DE ALIMENTAÇÃO PARA HIDRANTE - FORNECIMENTO E INSTALAÇÃO. AF_12/2015","UN",73.75]
[92936,"LUVA DE REDUÇÃO, EM FERRO GALVANIZADO, 3\" X 2 1/2\", CONEXÃO ROSQUEADA, INSTALADO EM REDE DE ALIMENTAÇÃO PARA HIDRANTE - FORNECIMENTO E INSTALAÇÃO. AF_12/2015","UN",99.62]
[92937,"LUVA DE REDUÇÃO, EM FERRO GALVANIZADO, 3\" X 2\", CONEXÃO ROSQUEADA, INSTALADO EM REDE DE ALIMENTAÇÃO PARA HIDRANTE - FORNECIMENTO E INSTALAÇÃO. AF_12/2015","UN",99.62]
[92938,"LUVA DE REDUÇÃO, EM FERRO GALVANIZADO, 1\" X 1/2\", CONEXÃO ROSQUEADA, INSTALADO EM REDE DE ALIMENTAÇÃO PARA SPRINKLER - FORNECIMENTO E INSTALAÇÃO. AF_12/2015","UN",21.19]
[92939,"LUVA DE REDUÇÃO, EM FERRO GALVANIZADO, 1\" X 3/4\", CONEXÃO ROSQUEADA, INSTALADO EM REDE DE ALIMENTAÇÃO PARA SPRINKLER - FORNECIMENTO E INSTALAÇÃO. AF_12/2015","UN",21.34]
[92940,"LUVA DE REDUÇÃO, EM FERRO GALVANIZADO, 1 1/4\" X 1\", CONEXÃO ROSQUEADA, INSTALADO EM REDE DE ALIMENTAÇÃO PARA SPRINKLER - FORNECIMENTO E INSTALAÇÃO. AF_12/2015","UN",26.16]
[92941,"LUVA DE REDUÇÃO, EM FERRO GALVANIZADO, 1 1/4\" X 1/2\", CONEXÃO ROSQUEADA, INSTALADO EM REDE DE ALIMENTAÇÃO PARA SPRINKLER - FORNECIMENTO E INSTALAÇÃO. AF_12/2015","UN",26.15]
[92942,"LUVA DE REDUÇÃO, EM FERRO GALVANIZADO, 1 1/4\" X 3/4\", CONEXÃO ROSQUEADA, INSTALADO EM REDE DE ALIMENTAÇÃO PARA SPRINKLER - FORNECIMENTO E INSTALAÇÃO. AF_12/2015","UN",26.15]
[92943,"LUVA DE REDUÇÃO, EM FERRO GALVANIZADO, 1 1/2\" X 1 1/4\", CONEXÃO ROSQUEADA, INSTALADO EM REDE DE ALIMENTAÇÃO PARA SPRINKLER - FORNECIMENTO E INSTALAÇÃO. AF_12/2015","UN",29.61]
[92944,"LUVA DE REDUÇÃO, EM FERRO GALVANIZADO, 1 1/2\" X 1\", CONEXÃO ROSQUEADA, INSTALADO EM REDE DE ALIMENTAÇÃO PARA SPRINKLER - FORNECIMENTO E INSTALAÇÃO. AF_12/2015","UN",29.61]
[92945,"LUVA DE REDUÇÃO, EM FERRO GALVANIZADO, 1 1/2\" X 3/4\", CONEXÃO ROSQUEADA, INSTALADO EM REDE DE ALIMENTAÇÃO PARA SPRINKLER - FORNECIMENTO E INSTALAÇÃO. AF_12/2015","UN",29.61]
[92946,"LUVA DE REDUÇÃO, EM FERRO GALVANIZADO, 2\" X 1 1/2\", CONEXÃO ROSQUEADA, INSTALADO EM REDE DE ALIMENTAÇÃO PARA SPRINKLER - FORNECIMENTO E INSTALAÇÃO. AF_12/2015","UN",39.68]
[92947,"LUVA DE REDUÇÃO, EM FERRO GALVANIZADO, 2\" X 1 1/4\", CONEXÃO ROSQUEADA, INSTALADO EM REDE DE ALIMENTAÇÃO PARA SPRINKLER - FORNECIMENTO E INSTALAÇÃO. AF_12/2015","UN",39.68]
[92948,"LUVA DE REDUÇÃO, EM FERRO GALVANIZADO, 2\" X 1\", CONEXÃO ROSQUEADA, INSTALADO EM REDE DE ALIMENTAÇÃO PARA SPRINKLER - FORNECIMENTO E INSTALAÇÃO. AF_12/2015","UN",39.68]
[92949,"LUVA DE REDUÇÃO, EM FERRO GALVANIZADO, 2 1/2\" X 1 1/2\", CONEXÃO ROSQUEADA, INSTALADO EM REDE DE ALIMENTAÇÃO PARA SPRINKLER - FORNECIMENTO E INSTALAÇÃO. AF_12/2015","UN",59.25]
[92950,"LUVA DE REDUÇÃO, EM FERRO GALVANIZADO, 2 1/2\" X 2\", CONEXÃO ROSQUEADA, INSTALADO EM REDE DE ALIMENTAÇÃO PARA SPRINKLER - FORNECIMENTO E INSTALAÇÃO. AF_12/2015","UN",59.25]
[92951,"LUVA DE REDUÇÃO, EM FERRO GALVANIZADO, 3\" X 2 1/2\", CONEXÃO ROSQUEADA, INSTALADO EM REDE DE ALIMENTAÇÃO PARA SPRINKLER - FORNECIMENTO E INSTALAÇÃO. AF_12/2015","UN",82.75]
[92952,"LUVA DE REDUÇÃO, EM FERRO GALVANIZADO, 3\" X 2\", CONEXÃO ROSQUEADA, INSTALADO EM REDE DE ALIMENTAÇÃO PARA SPRINKLER - FORNECIMENTO E INSTALAÇÃO. AF_12/2015","UN",82.75]
[92953,"LUVA DE REDUÇÃO, EM FERRO GALVANIZADO, 3/4\" X 1/2\", CONEXÃO ROSQUEADA, INSTALADO EM RAMAIS E SUB-RAMAIS DE GÁS - FORNECIMENTO E INSTALAÇÃO. AF_12/2015","UN",18.75]
[93050,"LUVA PASSANTE EM COBRE, DN 22 MM, SEM ANEL DE SOLDA, INSTALADO EM PRUMADA \u0096 FORNECIMENTO E INSTALAÇÃO. AF_01/2016","UN",7.84]
[93051,"BUCHA DE REDUÇÃO EM COBRE, DN 22 MM X 15 MM, SEM ANEL DE SOLDA, BOLSA X BOLSA, INSTALADO EM PRUMADA \u0096 FORNECIMENTO E INSTALAÇÃO. AF_01/2016","UN",7.31]
[93052,"JUNTA DE EXPANSÃO EM COBRE, DN 22 MM, PONTA X PONTA, INSTALADO EM PRUMADA \u0096 FORNECIMENTO E INSTALAÇÃO. AF_01/2016","UN",308.05]
[93054,"CONECTOR EM BRONZE/LATÃO, DN 22 MM X 3/4\", SEM ANEL DE SOLDA, BOLSA X ROSCA F, INSTALADO EM PRUMADA \u0096 FORNECIMENTO E INSTALAÇÃO. AF_01/2016","UN",14.1]
[93055,"CURVA DE TRANSPOSIÇÃO EM BRONZE/LATÃO, DN 22 MM, SEM ANEL DE SOLDA, BOLSA X BOLSA, INSTALADO EM PRUMADA \u0096 FORNECIMENTO E INSTALAÇÃO. AF_01/2016","UN",27.72]
[93056,"LUVA PASSANTE EM COBRE, DN 28 MM, SEM ANEL DE SOLDA, INSTALADO EM PRUMADA \u0096 FORNECIMENTO E INSTALAÇÃO. AF_01/2016","UN",11.21]
[93057,"BUCHA DE REDUÇÃO EM COBRE, DN 28 MM X 22 MM, SEM ANEL DE SOLDA, PONTA X BOLSA, INSTALADO EM PRUMADA \u0096 FORNECIMENTO E INSTALAÇÃO. AF_01/2016","UN",9.94]
[93058,"JUNTA DE EXPANSÃO EM COBRE, DN 28 MM, PONTA X PONTA, INSTALADO EM PRUMADA \u0096 FORNECIMENTO E INSTALAÇÃO. AF_01/2016","UN",338.85]
[93059,"CONECTOR EM BRONZE/LATÃO, DN 28 MM X 1/2\", SEM ANEL DE SOLDA, BOLSA X ROSCA F, INSTALADO EM PRUMADA \u0096 FORNECIMENTO E INSTALAÇÃO. AF_01/2016","UN",19.19]
[93060,"CURVA DE TRANSPOSIÇÃO EM BRONZE/LATÃO, DN 28 MM, SEM ANEL DE SOLDA, BOLSA X BOLSA, INSTALADO EM PRUMADA \u0096 FORNECIMENTO E INSTALAÇÃO. AF_01/2016","UN",47.77]
[93061,"LUVA PASSANTE EM COBRE, DN 35 MM, SEM ANEL DE SOLDA, INSTALADO EM PRUMADA \u0096 FORNECIMENTO E INSTALAÇÃO. AF_01/2016","UN",20.13]
[93062,"BUCHA DE REDUÇÃO EM COBRE, DN 35 MM X 28 MM, SEM ANEL DE SOLDA, PONTA X BOLSA, INSTALADO EM PRUMADA \u0096 FORNECIMENTO E INSTALAÇÃO. AF_01/2016","UN",17.66]
[93063,"JUNTA DE EXPANSÃO EM BRONZE/LATÃO, DN 35 MM, PONTA X PONTA, INSTALADO EM PRUMADA \u0096 FORNECIMENTO E INSTALAÇÃO. AF_01/2016","UN",388.13]
[93064,"LUVA PASSANTE EM COBRE, DN 42 MM, SEM ANEL DE SOLDA, INSTALADO EM PRUMADA \u0096 FORNECIMENTO E INSTALAÇÃO. AF_01/2016","UN",30.55]
[93065,"BUCHA DE REDUÇÃO EM COBRE, DN 42 MM X 35 MM, SEM ANEL DE SOLDA, PONTA X BOLSA, INSTALADO EM PRUMADA \u0096 FORNECIMENTO E INSTALAÇÃO. AF_01/2016","UN",28.73]
[93066,"JUNTA DE EXPANSÃO EM BRONZE/LATÃO, DN 42 MM, PONTA X PONTA, INSTALADO EM PRUMADA \u0096 FORNECIMENTO E INSTALAÇÃO. AF_01/2016","UN",487.09]
[93067,"LUVA PASSANTE EM COBRE, DN 54 MM, SEM ANEL DE SOLDA, INSTALADO EM PRUMADA \u0096 FORNECIMENTO E INSTALAÇÃO. AF_01/2016","UN",44.89]
[93068,"BUCHA DE REDUÇÃO EM COBRE, DN 54 MM X 42 MM, SEM ANEL DE SOLDA, PONTA X BOLSA, INSTALADO EM PRUMADA \u0096 FORNECIMENTO E INSTALAÇÃO. AF_01/2016","UN",39.53]
[93069,"JUNTA DE EXPANSÃO EM BRONZE/LATÃO, DN 54 MM, PONTA X PONTA, INSTALADO EM PRUMADA \u0096 FORNECIMENTO E INSTALAÇÃO. AF_01/2016","UN",674.79]
[93070,"LUVA PASSANTE EM COBRE, DN 66 MM, SEM ANEL DE SOLDA, INSTALADO EM PRUMADA \u0096 FORNECIMENTO E INSTALAÇÃO. AF_01/2016","UN",110.6]
[93071,"BUCHA DE REDUÇÃO EM COBRE, DN 66 MM X 54 MM, SEM ANEL DE SOLDA, PONTA X BOLSA, INSTALADO EM PRUMADA \u0096 FORNECIMENTO E INSTALAÇÃO. AF_01/2016","UN",102.87]
[93072,"JUNTA DE EXPANSÃO EM BRONZE/LATÃO, DN 66 MM, PONTA X PONTA, INSTALADO EM PRUMADA \u0096 FORNECIMENTO E INSTALAÇÃO. AF_01/2016","UN",890.05]
[93073,"TE DUPLA CURVA EM BRONZE/LATÃO, DN 3/4\" X 22 MM X 3/4\", SEM ANEL DE SOLDA, ROSCA F X BOLSA X ROSCA F, INSTALADO EM PRUMADA \u0096 FORNECIMENTO E INSTALAÇÃO. AF_01/2016","UN",50.87]
[93074,"CURVA EM COBRE, DN 15 MM, 45 GRAUS, SEM ANEL DE SOLDA, BOLSA X BOLSA, INSTALADO EM RAMAL DE DISTRIBUIÇÃO \u0096 FORNECIMENTO E INSTALAÇÃO. AF_01/2016","UN",9.54]
[93075,"COTOVELO EM BRONZE/LATÃO, DN 15 MM X 1/2\", 90 GRAUS, SEM ANEL DE SOLDA, BOLSA X ROSCA F, INSTALADO EM RAMAL DE DISTRIBUIÇÃO \u0096 FORNECIMENTO E INSTALAÇÃO. AF_01/2016","UN",14.64]
[93076,"CURVA EM COBRE, DN 22 MM, 45 GRAUS, SEM ANEL DE SOLDA, BOLSA X BOLSA, INSTALADO EM RAMAL DE DISTRIBUIÇÃO \u0096 FORNECIMENTO E INSTALAÇÃO. AF_01/2016","UN",14.55]
[93077,"COTOVELO EM BRONZE/LATÃO, DN 22 MM X 1/2\", 90 GRAUS, SEM ANEL DE SOLDA, BOLSA X ROSCA F, INSTALADO EM RAMAL DE DISTRIBUIÇÃO \u0096 FORNECIMENTO E INSTALAÇÃO. AF_01/2016","UN",20.28]
[93078,"COTOVELO EM BRONZE/LATÃO, DN 22 MM X 3/4\", 90 GRAUS, SEM ANEL DE SOLDA, BOLSA X ROSCA F, INSTALADO EM RAMAL DE DISTRIBUIÇÃO \u0096 FORNECIMENTO E INSTALAÇÃO. AF_01/2016","UN",21.78]
[93079,"CURVA EM COBRE, DN 28 MM, 45 GRAUS, SEM ANEL DE SOLDA, BOLSA X BOLSA, INSTALADO EM RAMAL DE DISTRIBUIÇÃO \u0096 FORNECIMENTO E INSTALAÇÃO. AF_01/2016","UN",19.72]
[93080,"LUVA PASSANTE EM COBRE, DN 15 MM, SEM ANEL DE SOLDA, INSTALADO EM RAMAL DE DISTRIBUIÇÃO \u0096 FORNECIMENTO E INSTALAÇÃO. AF_01/2016","UN",6.26]
[93081,"CONECTOR EM BRONZE/LATÃO, DN 15 MM X 1/2\", SEM ANEL DE SOLDA, BOLSA X ROSCA F, INSTALADO EM RAMAL DE DISTRIBUIÇÃO \u0096 FORNECIMENTO E INSTALAÇÃO. AF_01/2016","UN",12.73]
[93082,"CURVA DE TRANSPOSIÇÃO EM BRONZE/LATÃO, DN 15 MM, SEM ANEL DE SOLDA, BOLSA X BOLSA, INSTALADO EM RAMAL DE DISTRIBUIÇÃO \u0096 FORNECIMENTO E INSTALAÇÃO. AF_01/2016","UN",15.3]
[93083,"JUNTA DE EXPANSÃO EM COBRE, DN 15 MM, PONTA X PONTA, INSTALADO EM RAMAL DE DISTRIBUIÇÃO \u0096 FORNECIMENTO E INSTALAÇÃO. AF_01/2016","UN",266.83]
[93084,"LUVA PASSANTE EM COBRE, DN 22 MM, SEM ANEL DE SOLDA, INSTALADO EM RAMAL DE DISTRIBUIÇÃO \u0096 FORNECIMENTO E INSTALAÇÃO. AF_01/2016","UN",9.66]
[93085,"BUCHA DE REDUÇÃO EM COBRE, DN 22 MM X 15 MM, SEM ANEL DE SOLDA, PONTA X BOLSA, INSTALADO EM RAMAL DE DISTRIBUIÇÃO \u0096 FORNECIMENTO E INSTALAÇÃO. AF_01/2016","UN",9.13]
[93086,"JUNTA DE EXPANSÃO EM COBRE, DN 22 MM, PONTA X PONTA, INSTALADO EM RAMAL DE DISTRIBUIÇÃO \u0096 FORNECIMENTO E INSTALAÇÃO. AF_01/2016","UN",309.87]
[93087,"CONECTOR EM BRONZE/LATÃO, DN 22 MM X 1/2\", SEM ANEL DE SOLDA, BOLSA X ROSCA F, INSTALADO EM RAMAL DE DISTRIBUIÇÃO \u0096 FORNECIMENTO E INSTALAÇÃO. AF_01/2016","UN",13.92]
[93088,"CONECTOR EM BRONZE/LATÃO, DN 22 MM X 3/4\", SEM ANEL DE SOLDA, BOLSA X ROSCA F, INSTALADO EM RAMAL DE DISTRIBUIÇÃO \u0096 FORNECIMENTO E INSTALAÇÃO. AF_01/2016","UN",16.01]
[93089,"CURVA DE TRANSPOSIÇÃO EM BRONZE/LATÃO, DN 22 MM, SEM ANEL DE SOLDA, BOLSA X BOLSA, INSTALADO EM RAMAL DE DISTRIBUIÇÃO \u0096 FORNECIMENTO E INSTALAÇÃO. AF_01/2016","UN",29.54]
[93090,"LUVA PASSANTE EM COBRE, DN 28 MM, SEM ANEL DE SOLDA, INSTALADO EM RAMAL DE DISTRIBUIÇÃO \u0096 FORNECIMENTO E INSTALAÇÃO. AF_01/2016","UN",13.01]
[93091,"BUCHA DE REDUÇÃO EM COBRE, DN 28 MM X 22 MM, SEM ANEL DE SOLDA, INSTALADO EM RAMAL DE DISTRIBUIÇÃO \u0096 FORNECIMENTO E INSTALAÇÃO. AF_01/2016","UN",11.74]
[93092,"JUNTA DE EXPANSÃO EM COBRE, DN 28 MM, PONTA X PONTA, INSTALADO EM RAMAL DE DISTRIBUIÇÃO \u0096 FORNECIMENTO E INSTALAÇÃO. AF_01/2016","UN",340.65]
[93093,"CONECTOR EM BRONZE/LATÃO, DN 28 MM X 1/2\", SEM ANEL DE SOLDA, BOLSA X ROSCA F, INSTALADO EM RAMAL DE DISTRIBUIÇÃO \u0096 FORNECIMENTO E INSTALAÇÃO. AF_01/2016","UN",20.99]
[93094,"CURVA DE TRANSPOSIÇÃO EM BRONZE/LATÃO, DN 28 MM, SEM ANEL DE SOLDA, BOLSA X BOLSA, INSTALADO EM RAMAL DE DISTRIBUIÇÃO \u0096 FORNECIMENTO E INSTALAÇÃO. AF_01/2016","UN",49.57]
[93095,"TE DUPLA CURVA EM BRONZE/LATÃO, DN 1/2\" X 15 MM X 1/2\", SEM ANEL DE SOLDA, ROSCA F X BOLSA X ROSCA F, INSTALADO EM RAMAL DE DISTRIBUIÇÃO \u0096 FORNECIMENTO E INSTALAÇÃO. AF_01/2016","UN",38.69]
[93096,"TE DUPLA CURVA EM BRONZE/LATÃO, DN 3/4\" X 22 MM X 3/4\", SEM ANEL DE SOLDA, ROSCA F X BOLSA X ROSCA F, INSTALADO EM RAMAL DE DISTRIBUIÇÃO \u0096 FORNECIMENTO E INSTALAÇÃO. AF_01/2016","UN",54.45]
[93097,"CURVA EM COBRE, DN 15 MM, 45 GRAUS, SEM ANEL DE SOLDA, BOLSA X BOLSA, INSTALADO EM RAMAL E SUB-RAMAL \u0096 FORNECIMENTO E INSTALAÇÃO. AF_01/2016","UN",9.76]
[93098,"COTOVELO EM BRONZE/LATÃO, DN 15 MM X 1/2\", 90 GRAUS, SEM ANEL DE SOLDA, BOLSA X ROSCA F, INSTALADO EM RAMAL E SUB-RAMAL \u0096 FORNECIMENTO E INSTALAÇÃO. AF_01/2016","UN",14.86]
[93099,"CURVA EM COBRE, DN 22 MM, 45 GRAUS, SEM ANEL DE SOLDA, BOLSA X BOLSA, INSTALADO EM RAMAL E SUB-RAMAL \u0096 FORNECIMENTO E INSTALAÇÃO. AF_01/2016","UN",17.03]
[93100,"COTOVELO EM BRONZE/LATÃO, DN 22 MM X 1/2\", 90 GRAUS, SEM ANEL DE SOLDA, BOLSA X ROSCA F, INSTALADO EM RAMAL E SUB-RAMAL \u0096 FORNECIMENTO E INSTALAÇÃO. AF_01/2016","UN",22.76]
[93101,"COTOVELO EM BRONZE/LATÃO, DN 22 MM X 3/4\", 90 GRAUS, SEM ANEL DE SOLDA, BOLSA X ROSCA F, INSTALADO EM RAMAL E SUB-RAMAL \u0096 FORNECIMENTO E INSTALAÇÃO. AF_01/2016","UN",24.26]
[93102,"CURVA EM COBRE, DN 28 MM, 45 GRAUS, SEM ANEL DE SOLDA, BOLSA X BOLSA, INSTALADO EM RAMAL E SUB-RAMAL \u0096 FORNECIMENTO E INSTALAÇÃO. AF_01/2016","UN",21.97]
[93103,"LUVA PASSANTE EM COBRE, DN 15 MM, SEM ANEL DE SOLDA, INSTALADO EM RAMAL E SUB-RAMAL \u0096 FORNECIMENTO E INSTALAÇÃO. AF_01/2016","UN",6.43]
[93104,"CONECTOR EM BRONZE/LATÃO, DN 15 MM X 1/2\", SEM ANEL DE SOLDA, BOLSA X ROSCA F, INSTALADO EM RAMAL E SUB-RAMAL \u0096 FORNECIMENTO E INSTALAÇÃO. AF_01/2016","UN",12.9]
[93105,"CURVA DE TRANSPOSIÇÃO EM BRONZE/LATÃO, DN 15 MM, SEM ANEL DE SOLDA, BOLSA X BOLSA, INSTALADO EM RAMAL E SUB-RAMAL \u0096 FORNECIMENTO E INSTALAÇÃO. AF_01/2016","UN",15.47]
[93106,"JUNTA DE EXPANSÃO EM COBRE, DN 15 MM, PONTA X PONTA, INSTALADO EM RAMAL E SUB-RAMAL \u0096 FORNECIMENTO E INSTALAÇÃO. AF_01/2016","UN",267]
[93107,"LUVA PASSANTE EM COBRE, DN 22 MM, SEM ANEL DE SOLDA, INSTALADO EM RAMAL E SUB-RAMAL \u0096 FORNECIMENTO E INSTALAÇÃO. AF_01/2016","UN",11.27]
[93108,"BUCHA DE REDUÇÃO EM COBRE, DN 22 MM X 15 MM, SEM ANEL DE SOLDA, PONTA X BOLSA, INSTALADO EM RAMAL E SUB-RAMAL \u0096 FORNECIMENTO E INSTALAÇÃO. AF_01/2016","UN",10.74]
[93109,"JUNTA DE EXPANSÃO EM COBRE, DN 22 MM, PONTA X PONTA, INSTALADO EM RAMAL E SUB-RAMAL \u0096 FORNECIMENTO E INSTALAÇÃO. AF_01/2016","UN",311.48]
[93110,"CONECTOR EM BRONZE/LATÃO, DN 22 MM X 1/2\", SEM ANEL DE SOLDA, BOLSA X ROSCA F, INSTALADO EM RAMAL E SUB-RAMAL \u0096 FORNECIMENTO E INSTALAÇÃO. AF_01/2016","UN",15.53]
[93111,"CONECTOR EM BRONZE/LATÃO, DN 22 MM X 3/4\", SEM ANEL DE SOLDA, BOLSA X ROSCA F, INSTALADO EM RAMAL E SUB-RAMAL \u0096 FORNECIMENTO E INSTALAÇÃO. AF_01/2016","UN",17.53]
[93112,"CURVA DE TRANSPOSIÇÃO EM BRONZE/LATÃO, DN 22 MM, SEM ANEL DE SOLDA, BOLSA X BOLSA, INSTALADO EM RAMAL E SUB-RAMAL \u0096 FORNECIMENTO E INSTALAÇÃO. AF_01/2016","UN",31.15]
[93113,"LUVA PASSANTE EM COBRE, DN 28 MM, SEM ANEL DE SOLDA, INSTALADO EM RAMAL E SUB-RAMAL \u0096 FORNECIMENTO E INSTALAÇÃO. AF_01/2016","UN",15.94]
[93114,"CONECTOR EM BRONZE/LATÃO, DN 28 MM X 1/2\", SEM ANEL DE SOLDA, BOLSA X ROSCA F, INSTALADO EM RAMAL E SUB-RAMAL \u0096 FORNECIMENTO E INSTALAÇÃO. AF_01/2016","UN",23.92]
[93115,"CURVA DE TRANSPOSIÇÃO EM BRONZE/LATÃO, DN 28 MM, SEM ANEL DE SOLDA, BOLSA X BOLSA, INSTALADO EM RAMAL E SUB-RAMAL \u0096 FORNECIMENTO E INSTALAÇÃO. AF_01/2016","UN",52.5]
[93116,"JUNTA DE EXPANSÃO EM COBRE, DN 28 MM, PONTA X PONTA, INSTALADO EM RAMAL E SUB-RAMAL \u0096 FORNECIMENTO E INSTALAÇÃO. AF_01/2016","UN",343.58]
[93117,"TE DUPLA CURVA EM BRONZE/LATÃO, DN 1/2\" X 15 MM X 1/2\", SEM ANEL DE SOLDA, ROSCA F X BOLSA X ROSCA F, INSTALADO EM RAMAL E SUB-RAMAL \u0096 FORNECIMENTO E INSTALAÇÃO. AF_01/2016","UN",38.96]
[93118,"TE DUPLA CURVA EM BRONZE/LATÃO, DN 3/4\" X 22 MM X 3/4\", SEM ANEL DE SOLDA, ROSCA F X BOLSA X ROSCA F, INSTALADO EM RAMAL E SUB-RAMAL \u0096 FORNECIMENTO E INSTALAÇÃO. AF_01/2016","UN",57.72]
[93119,"CURVA EM COBRE, DN 22 MM, 45 GRAUS, SEM ANEL DE SOLDA, BOLSA X BOLSA, INSTALADO EM PRUMADA \u0096 FORNECIMENTO E INSTALAÇÃO. AF_01/2016","UN",11.87]
[93120,"COTOVELO EM BRONZE/LATÃO, DN 22 MM X 1/2\", 90 GRAUS, SEM ANEL DE SOLDA, BOLSA X ROSCA F, INSTALADO EM PRUMADA \u0096 FORNECIMENTO E INSTALAÇÃO. AF_01/2016","UN",17.6]
[93121,"COTOVELO EM BRONZE/LATÃO, DN 22 MM X 3/4\", 90 GRAUS, SEM ANEL DE SOLDA, BOLSA X ROSCA F, INSTALADO EM PRUMADA \u0096 FORNECIMENTO E INSTALAÇÃO. AF_01/2016","UN",19.1]
[93122,"CURVA EM COBRE, DN 28 MM, 45 GRAUS, SEM ANEL DE SOLDA, BOLSA X BOLSA, INSTALADO EM PRUMADA \u0096 FORNECIMENTO E INSTALAÇÃO. AF_01/2016","UN",17.06]
[93123,"CURVA EM COBRE, DN 35 MM, 45 GRAUS, SEM ANEL DE SOLDA, BOLSA X BOLSA, INSTALADO EM PRUMADA \u0096 FORNECIMENTO E INSTALAÇÃO. AF_01/2016","UN",35.89]
[93124,"CURVA EM COBRE, DN 42 MM, 45 GRAUS, SEM ANEL DE SOLDA, BOLSA X BOLSA, INSTALADO EM PRUMADA \u0096 FORNECIMENTO E INSTALAÇÃO. AF_01/2016","UN",55.67]
[93125,"CURVA EM COBRE, DN 54 MM, 45 GRAUS, SEM ANEL DE SOLDA, BOLSA X BOLSA, INSTALADO EM PRUMADA \u0096 FORNECIMENTO E INSTALAÇÃO. AF_01/2016","UN",80.49]
[93126,"CURVA EM COBRE, DN 66 MM, 45 GRAUS, SEM ANEL DE SOLDA, BOLSA X BOLSA, INSTALADO EM PRUMADA \u0096 FORNECIMENTO E INSTALAÇÃO. AF_01/2016","UN",175.61]
[93133,"BUCHA DE REDUÇÃO EM COBRE, DN 28 MM X 22 MM, SEM ANEL DE SOLDA, INSTALADO EM RAMAL E SUB-RAMAL \u0096 FORNECIMENTO E INSTALAÇÃO. AF_01/2016","UN",14.67]
[94465,"LUVA, EM FERRO GALVANIZADO, CONEXÃO ROSQUEADA, DN 50 (2\u0094), INSTALADO EM RESERVAÇÃO DE ÁGUA DE EDIFICAÇÃO QUE POSSUA RESERVATÓRIO DE FIBRA/FIBROCIMENTO \u0096 FORNECIMENTO E INSTALAÇÃO. AF_06/2016","UN",36.67]
[94466,"NIPLE, EM FERRO GALVANIZADO, CONEXÃO ROSQUEADA, DN 50 (2\u0094), INSTALADO EM RESERVAÇÃO DE ÁGUA DE EDIFICAÇÃO QUE POSSUA RESERVATÓRIO DE FIBRA/FIBROCIMENTO \u0096 FORNECIMENTO E INSTALAÇÃO. AF_06/2016","UN",36.69]
[94467,"LUVA, EM FERRO GALVANIZADO, CONEXÃO ROSQUEADA, DN 65 (2 1/2\u0094), INSTALADO EM RESERVAÇÃO DE ÁGUA DE EDIFICAÇÃO QUE POSSUA RESERVATÓRIO DE FIBRA/FIBROCIMENTO \u0096 FORNECIMENTO E INSTALAÇÃO. AF_06/2016","UN",54.32]
[94468,"NIPLE, EM FERRO GALVANIZADO, CONEXÃO ROSQUEADA, DN 65 (2 1/2\u0094), INSTALADO EM RESERVAÇÃO DE ÁGUA DE EDIFICAÇÃO QUE POSSUA RESERVATÓRIO DE FIBRA/FIBROCIMENTO \u0096 FORNECIMENTO E INSTALAÇÃO. AF_06/2016","UN",48.06]
[94469,"LUVA, EM FERRO GALVANIZADO, CONEXÃO ROSQUEADA, DN 80 (3\u0094), INSTALADO EM RESERVAÇÃO DE ÁGUA DE EDIFICAÇÃO QUE POSSUA RESERVATÓRIO DE FIBRA/FIBROCIMENTO \u0096 FORNECIMENTO E INSTALAÇÃO. AF_06/2016","UN",78.02]
[94470,"NIPLE, EM FERRO GALVANIZADO, CONEXÃO ROSQUEADA, DN 80 (3\u0094), INSTALADO EM RESERVAÇÃO DE ÁGUA DE EDIFICAÇÃO QUE POSSUA RESERVATÓRIO DE FIBRA/FIBROCIMENTO \u0096 FORNECIMENTO E INSTALAÇÃO. AF_06/2016","UN",72.44]
[94471,"COTOVELO 90 GRAUS, EM FERRO GALVANIZADO, CONEXÃO ROSQUEADA, DN 50 (2\u0094), INSTALADO EM RESERVAÇÃO DE ÁGUA DE EDIFICAÇÃO QUE POSSUA RESERVATÓRIO DE FIBRA/FIBROCIMENTO \u0096 FORNECIMENTO E INSTALAÇÃO. AF_06/2016","UN",53.15]
[94472,"COTOVELO 45 GRAUS, EM FERRO GALVANIZADO, CONEXÃO ROSQUEADA, DN 50 (2\u0094), INSTALADO EM RESERVAÇÃO DE ÁGUA DE EDIFICAÇÃO QUE POSSUA RESERVATÓRIO DE FIBRA/FIBROCIMENTO \u0096 FORNECIMENTO E INSTALAÇÃO. AF_06/2016","UN",54.54]
[94473,"COTOVELO 90 GRAUS, EM FERRO GALVANIZADO, CONEXÃO ROSQUEADA, DN 65 (2 1/2\u0094), INSTALADO EM RESERVAÇÃO DE ÁGUA DE EDIFICAÇÃO QUE POSSUA RESERVATÓRIO DE FIBRA/FIBROCIMENTO \u0096 FORNECIMENTO E INSTALAÇÃO. AF_06/2016","UN",78.09]
[94474,"COTOVELO 45 GRAUS, EM FERRO GALVANIZADO, CONEXÃO ROSQUEADA, DN 65 (2 1/2\u0094), INSTALADO EM RESERVAÇÃO DE ÁGUA DE EDIFICAÇÃO QUE POSSUA RESERVATÓRIO DE FIBRA/FIBROCIMENTO \u0096 FORNECIMENTO E INSTALAÇÃO. AF_06/2016","UN",84.22]
[94475,"COTOVELO 90 GRAUS, EM FERRO GALVANIZADO, CONEXÃO ROSQUEADA, DN 80 (3\u0094), INSTALADO EM RESERVAÇÃO DE ÁGUA DE EDIFICAÇÃO QUE POSSUA RESERVATÓRIO DE FIBRA/FIBROCIMENTO \u0096 FORNECIMENTO E INSTALAÇÃO. AF_06/2016","UN",106.48]
[94476,"COTOVELO 45 GRAUS, EM FERRO GALVANIZADO, CONEXÃO ROSQUEADA, DN 80 (3\u0094), INSTALADO EM RESERVAÇÃO DE ÁGUA DE EDIFICAÇÃO QUE POSSUA RESERVATÓRIO DE FIBRA/FIBROCIMENTO \u0096 FORNECIMENTO E INSTALAÇÃO. AF_06/2016","UN",118.3]
[94477,"TÊ, EM FERRO GALVANIZADO, CONEXÃO ROSQUEADA, DN 50 (2\u0094), INSTALADO EM RESERVAÇÃO DE ÁGUA DE EDIFICAÇÃO QUE POSSUA RESERVATÓRIO DE FIBRA/FIBROCIMENTO \u0096 FORNECIMENTO E INSTALAÇÃO. AF_06/2016","UN",70.73]
[94478,"TÊ, EM FERRO GALVANIZADO, CONEXÃO ROSQUEADA, DN 65 (2 1/2\u0094), INSTALADO EM RESERVAÇÃO DE ÁGUA DE EDIFICAÇÃO QUE POSSUA RESERVATÓRIO DE FIBRA/FIBROCIMENTO \u0096 FORNECIMENTO E INSTALAÇÃO. AF_06/2016","UN",107.08]
[94479,"TÊ, EM FERRO GALVANIZADO, CONEXÃO ROSQUEADA, DN 80 (3\u0094), INSTALADO EM RESERVAÇÃO DE ÁGUA DE EDIFICAÇÃO QUE POSSUA RESERVATÓRIO DE FIBRA/FIBROCIMENTO \u0096 FORNECIMENTO E INSTALAÇÃO. AF_06/2016","UN",140.73]
[94606,"LUVA EM COBRE, DN 54 MM, SEM ANEL DE SOLDA, INSTALADO EM RESERVAÇÃO DE ÁGUA DE EDIFICAÇÃO QUE POSSUA RESERVATÓRIO DE FIBRA/FIBROCIMENTO \u0096 FORNECIMENTO E INSTALAÇÃO. AF_06/2016","UN",53.09]
[94608,"LUVA EM COBRE, DN 66 MM, SEM ANEL DE SOLDA, INSTALADO EM RESERVAÇÃO DE ÁGUA DE EDIFICAÇÃO QUE POSSUA RESERVATÓRIO DE FIBRA/FIBROCIMENTO \u0096 FORNECIMENTO E INSTALAÇÃO. AF_06/2016","UN",121.03]
[94610,"LUVA EM COBRE, DN 79 MM, SEM ANEL DE SOLDA, INSTALADO EM RESERVAÇÃO DE ÁGUA DE EDIFICAÇÃO QUE POSSUA RESERVATÓRIO DE FIBRA/FIBROCIMENTO \u0096 FORNECIMENTO E INSTALAÇÃO. AF_06/2016","UN",177.22]
[94612,"LUVA DE COBRE, DN 104 MM, SEM ANEL DE SOLDA, INSTALADO EM RESERVAÇÃO DE ÁGUA DE EDIFICAÇÃO QUE POSSUA RESERVATÓRIO DE FIBRA/FIBROCIMENTO \u0096 FORNECIMENTO E INSTALAÇÃO. AF_06/2016","UN",245.81]
[94614,"COTOVELO EM COBRE, DN 54 MM, 90 GRAUS, SEM ANEL DE SOLDA, INSTALADO EM RESERVAÇÃO DE ÁGUA DE EDIFICAÇÃO QUE POSSUA RESERVATÓRIO DE FIBRA/FIBROCIMENTO \u0096 FORNECIMENTO E INSTALAÇÃO. AF_06/2016","UN",88.55]
[94615,"CURVA EM COBRE, DN 54 MM, 45 GRAUS, SEM ANEL DE SOLDA, BOLSA X BOLSA, INSTALADO EM RESERVAÇÃO DE ÁGUA DE EDIFICAÇÃO QUE POSSUA RESERVATÓRIO DE FIBRA/FIBROCIMENTO \u0096 FORNECIMENTO E INSTALAÇÃO. AF_06/2016","UN",99.21]
[94616,"COTOVELO EM COBRE, DN 66 MM, 90 GRAUS, SEM ANEL DE SOLDA, INSTALADO EM RESERVAÇÃO DE ÁGUA DE EDIFICAÇÃO QUE POSSUA RESERVATÓRIO DE FIBRA/FIBROCIMENTO \u0096 FORNECIMENTO E INSTALAÇÃO. AF_06/2016","UN",228.72]
[94617,"CURVA EM COBRE, DN 66 MM, 45 GRAUS, SEM ANEL DE SOLDA, BOLSA X BOLSA, INSTALADO EM RESERVAÇÃO DE ÁGUA DE EDIFICAÇÃO QUE POSSUA RESERVATÓRIO DE FIBRA/FIBROCIMENTO \u0096 FORNECIMENTO E INSTALAÇÃO. AF_06/2016","UN",191.64]
[94618,"COTOVELO EM COBRE, DN 79 MM, 90 GRAUS, SEM ANEL DE SOLDA, INSTALADO EM RESERVAÇÃO DE ÁGUA DE EDIFICAÇÃO QUE POSSUA RESERVATÓRIO DE FIBRA/FIBROCIMENTO \u0096 FORNECIMENTO E INSTALAÇÃO. AF_06/2016","UN",225.65]
[94620,"COTOVELO EM COBRE, DN 104 MM, 90 GRAUS, SEM ANEL DE SOLDA, INSTALADO EM RESERVAÇÃO DE ÁGUA DE EDIFICAÇÃO QUE POSSUA RESERVATÓRIO DE FIBRA/FIBROCIMENTO \u0096 FORNECIMENTO E INSTALAÇÃO. AF_06/2016","UN",503.03]
[94622,"TE EM COBRE, DN 54 MM, SEM ANEL DE SOLDA, INSTALADO EM RESERVAÇÃO DE ÁGUA DE EDIFICAÇÃO QUE POSSUA RESERVATÓRIO DE FIBRA/FIBROCIMENTO \u0096 FORNECIMENTO E INSTALAÇÃO. AF_06/2016","UN",128.3]
[94623,"TE EM COBRE, DN 66 MM, SEM ANEL DE SOLDA, INSTALADO EM RESERVAÇÃO DE ÁGUA DE EDIFICAÇÃO QUE POSSUA RESERVATÓRIO DE FIBRA/FIBROCIMENTO \u0096 FORNECIMENTO E INSTALAÇÃO. AF_06/2016","UN",284.21]
[94624,"TE EM COBRE, DN 79 MM, SEM ANEL DE SOLDA, INSTALADO EM RESERVAÇÃO DE ÁGUA DE EDIFICAÇÃO QUE POSSUA RESERVATÓRIO DE FIBRA/FIBROCIMENTO \u0096 FORNECIMENTO E INSTALAÇÃO. AF_06/2016","UN",426.88]
[94625,"TE EM COBRE, DN 104 MM, SEM ANEL DE SOLDA, INSTALADO EM RESERVAÇÃO DE ÁGUA DE EDIFICAÇÃO QUE POSSUA RESERVATÓRIO DE FIBRA/FIBROCIMENTO \u0096 FORNECIMENTO E INSTALAÇÃO. AF_06/2016","UN",873.02]
[94656,"ADAPTADOR CURTO COM BOLSA E ROSCA PARA REGISTRO, PVC, SOLDÁVEL, DN  25 MM X 3/4 , INSTALADO EM RESERVAÇÃO DE ÁGUA DE EDIFICAÇÃO QUE POSSUA RESERVATÓRIO DE FIBRA/FIBROCIMENTO   FORNECIMENTO E INSTALAÇÃO. AF_06/2016","UN",4.88]
[94657,"LUVA PVC, SOLDÁVEL, DN  25 MM, INSTALADA EM RESERVAÇÃO DE ÁGUA DE EDIFICAÇÃO QUE POSSUA RESERVATÓRIO DE FIBRA/FIBROCIMENTO   FORNECIMENTO E INSTALAÇÃO. AF_06/2016","UN",4.82]
[94658,"ADAPTADOR CURTO COM BOLSA E ROSCA PARA REGISTRO, PVC, SOLDÁVEL, DN 32 MM X 1 , INSTALADO EM RESERVAÇÃO DE ÁGUA DE EDIFICAÇÃO QUE POSSUA RESERVATÓRIO DE FIBRA/FIBROCIMENTO   FORNECIMENTO E INSTALAÇÃO. AF_06/2016","UN",5.46]
[94659,"LUVA PVC, SOLDÁVEL, DN 32 MM, INSTALADA EM RESERVAÇÃO DE ÁGUA DE EDIFICAÇÃO QUE POSSUA RESERVATÓRIO DE FIBRA/FIBROCIMENTO   FORNECIMENTO E INSTALAÇÃO. AF_06/2016","UN",5.52]
[94660,"ADAPTADOR CURTO COM BOLSA E ROSCA PARA REGISTRO, PVC, SOLDÁVEL, DN 40 MM X 1 1/4 , INSTALADO EM RESERVAÇÃO DE ÁGUA DE EDIFICAÇÃO QUE POSSUA RESERVATÓRIO DE FIBRA/FIBROCIMENTO   FORNECIMENTO E INSTALAÇÃO. AF_06/2016","UN",8.68]
[94661,"LUVA, PVC, SOLDÁVEL, DN 40 MM, INSTALADO EM RESERVAÇÃO DE ÁGUA DE EDIFICAÇÃO QUE POSSUA RESERVATÓRIO DE FIBRA/FIBROCIMENTO   FORNECIMENTO E INSTALAÇÃO. AF_06/2016","UN",8.95]
[94662,"ADAPTADOR CURTO COM BOLSA E ROSCA PARA REGISTRO, PVC, SOLDÁVEL, DN 50 MM X 1 1/2 , INSTALADO EM RESERVAÇÃO DE ÁGUA DE EDIFICAÇÃO QUE POSSUA RESERVATÓRIO DE FIBRA/FIBROCIMENTO   FORNECIMENTO E INSTALAÇÃO. AF_06/2016","UN",9.26]
[94663,"LUVA, PVC, SOLDÁVEL, DN 50 MM, INSTALADO EM RESERVAÇÃO DE ÁGUA DE EDIFICAÇÃO QUE POSSUA RESERVATÓRIO DE FIBRA/FIBROCIMENTO   FORNECIMENTO E INSTALAÇÃO. AF_06/2016","UN",9.37]
[94664,"ADAPTADOR CURTO COM BOLSA E ROSCA PARA REGISTRO, PVC, SOLDÁVEL, DN 60 MM X 2 , INSTALADO EM RESERVAÇÃO DE ÁGUA DE EDIFICAÇÃO QUE POSSUA RESERVATÓRIO DE FIBRA/FIBROCIMENTO   FORNECIMENTO E INSTALAÇÃO. AF_06/2016","UN",18.93]
[94665,"LUVA, PVC, SOLDÁVEL, DN 60 MM, INSTALADO EM RESERVAÇÃO DE ÁGUA DE EDIFICAÇÃO QUE POSSUA RESERVATÓRIO DE FIBRA/FIBROCIMENTO   FORNECIMENTO E INSTALAÇÃO. AF_06/2016","UN",18.92]
[94666,"ADAPTADOR CURTO COM BOLSA E ROSCA PARA REGISTRO, PVC, SOLDÁVEL, DN 75 MM X 2 1/2 , INSTALADO EM RESERVAÇÃO DE ÁGUA DE EDIFICAÇÃO QUE POSSUA RESERVATÓRIO DE FIBRA/FIBROCIMENTO   FORNECIMENTO E INSTALAÇÃO. AF_06/2016","UN",22.29]
[94667,"LUVA, PVC, SOLDÁVEL, DN 75 MM, INSTALADO EM RESERVAÇÃO DE ÁGUA DE EDIFICAÇÃO QUE POSSUA RESERVATÓRIO DE FIBRA/FIBROCIMENTO   FORNECIMENTO E INSTALAÇÃO. AF_06/2016","UN",24.39]
[94668,"ADAPTADOR CURTO COM BOLSA E ROSCA PARA REGISTRO, PVC, SOLDÁVEL, DN 85 MM X 3 , INSTALADO EM RESERVAÇÃO DE ÁGUA DE EDIFICAÇÃO QUE POSSUA RESERVATÓRIO DE FIBRA/FIBROCIMENTO   FORNECIMENTO E INSTALAÇÃO. AF_06/2016","UN",38.36]
[94669,"LUVA, PVC, SOLDÁVEL, DN 85 MM, INSTALADO EM RESERVAÇÃO DE ÁGUA DE EDIFICAÇÃO QUE POSSUA RESERVATÓRIO DE FIBRA/FIBROCIMENTO   FORNECIMENTO E INSTALAÇÃO. AF_06/2016","UN",50.1]
[94670,"ADAPTADOR CURTO COM BOLSA E ROSCA PARA REGISTRO, PVC, SOLDÁVEL, DN 110 MM X 4 , INSTALADO EM RESERVAÇÃO DE ÁGUA DE EDIFICAÇÃO QUE POSSUA RESERVATÓRIO DE FIBRA/FIBROCIMENTO   FORNECIMENTO E INSTALAÇÃO. AF_06/2016","UN",48.81]
[94671,"LUVA, PVC, SOLDÁVEL, DN 110 MM, INSTALADO EM RESERVAÇÃO DE ÁGUA DE EDIFICAÇÃO QUE POSSUA RESERVATÓRIO DE FIBRA/FIBROCIMENTO   FORNECIMENTO E INSTALAÇÃO. AF_06/2016","UN",68.4]
[94672,"JOELHO 90 GRAUS COM BUCHA DE LATÃO, PVC, SOLDÁVEL, DN  25 MM, X 3/4\u0094 INSTALADO EM RESERVAÇÃO DE ÁGUA DE EDIFICAÇÃO QUE POSSUA RESERVATÓRIO DE FIBRA/FIBROCIMENTO   FORNECIMENTO E INSTALAÇÃO. AF_06/2016","UN",8.11]
[94673,"CURVA 90 GRAUS, PVC, SOLDÁVEL, DN  25 MM, INSTALADO EM RESERVAÇÃO DE ÁGUA DE EDIFICAÇÃO QUE POSSUA RESERVATÓRIO DE FIBRA/FIBROCIMENTO   FORNECIMENTO E INSTALAÇÃO. AF_06/2016","UN",7.95]
[94674,"JOELHO 90 GRAUS, PVC, SOLDÁVEL, DN 32 MM INSTALADO EM RESERVAÇÃO DE ÁGUA DE EDIFICAÇÃO QUE POSSUA RESERVATÓRIO DE FIBRA/FIBROCIMENTO   FORNECIMENTO E INSTALAÇÃO. AF_06/2016","UN",7.41]
[94675,"CURVA 90 GRAUS, PVC, SOLDÁVEL, DN 32 MM, INSTALADO EM RESERVAÇÃO DE ÁGUA DE EDIFICAÇÃO QUE POSSUA RESERVATÓRIO DE FIBRA/FIBROCIMENTO   FORNECIMENTO E INSTALAÇÃO. AF_06/2016","UN",10.37]
[94676,"JOELHO 90 GRAUS, PVC, SOLDÁVEL, DN 40 MM INSTALADO EM RESERVAÇÃO DE ÁGUA DE EDIFICAÇÃO QUE POSSUA RESERVATÓRIO DE FIBRA/FIBROCIMENTO   FORNECIMENTO E INSTALAÇÃO. AF_06/2016","UN",12.19]
[94677,"CURVA 90 GRAUS, PVC, SOLDÁVEL, DN 40 MM, INSTALADO EM RESERVAÇÃO DE ÁGUA DE EDIFICAÇÃO QUE POSSUA RESERVATÓRIO DE FIBRA/FIBROCIMENTO   FORNECIMENTO E INSTALAÇÃO. AF_06/2016","UN",16.64]
[94678,"JOELHO 90 GRAUS, PVC, SOLDÁVEL, DN 50 MM INSTALADO EM RESERVAÇÃO DE ÁGUA DE EDIFICAÇÃO QUE POSSUA RESERVATÓRIO DE FIBRA/FIBROCIMENTO   FORNECIMENTO E INSTALAÇÃO. AF_06/2016","UN",12.45]
[94679,"CURVA 90 GRAUS, PVC, SOLDÁVEL, DN 50 MM, INSTALADO EM RESERVAÇÃO DE ÁGUA DE EDIFICAÇÃO QUE POSSUA RESERVATÓRIO DE FIBRA/FIBROCIMENTO   FORNECIMENTO E INSTALAÇÃO. AF_06/2016","UN",18.31]
[94680,"JOELHO 90 GRAUS, PVC, SOLDÁVEL, DN 60 MM INSTALADO EM RESERVAÇÃO DE ÁGUA DE EDIFICAÇÃO QUE POSSUA RESERVATÓRIO DE FIBRA/FIBROCIMENTO   FORNECIMENTO E INSTALAÇÃO. AF_06/2016","UN",30.53]
[94681,"CURVA 90 GRAUS, PVC, SOLDÁVEL, DN 60 MM, INSTALADO EM RESERVAÇÃO DE ÁGUA DE EDIFICAÇÃO QUE POSSUA RESERVATÓRIO DE FIBRA/FIBROCIMENTO   FORNECIMENTO E INSTALAÇÃO. AF_06/2016","UN",38.56]
[94682,"JOELHO 90 GRAUS, PVC, SOLDÁVEL, DN 75 MM INSTALADO EM RESERVAÇÃO DE ÁGUA DE EDIFICAÇÃO QUE POSSUA RESERVATÓRIO DE FIBRA/FIBROCIMENTO   FORNECIMENTO E INSTALAÇÃO. AF_06/2016","UN",71.89]
[94683,"CURVA 90 GRAUS, PVC, SOLDÁVEL, DN 75 MM, INSTALADO EM RESERVAÇÃO DE ÁGUA DE EDIFICAÇÃO QUE POSSUA RESERVATÓRIO DE FIBRA/FIBROCIMENTO   FORNECIMENTO E INSTALAÇÃO. AF_06/2016","UN",48.29]
[94684,"JOELHO 90 GRAUS, PVC, SOLDÁVEL, DN 85 MM INSTALADO EM RESERVAÇÃO DE ÁGUA DE EDIFICAÇÃO QUE POSSUA RESERVATÓRIO DE FIBRA/FIBROCIMENTO   FORNECIMENTO E INSTALAÇÃO. AF_06/2016","UN",94.42]
[94685,"CURVA 90 GRAUS, PVC, SOLDÁVEL, DN 85 MM, INSTALADO EM RESERVAÇÃO DE ÁGUA DE EDIFICAÇÃO QUE POSSUA RESERVATÓRIO DE FIBRA/FIBROCIMENTO   FORNECIMENTO E INSTALAÇÃO. AF_06/2016","UN",74.77]
[94686,"JOELHO 90 GRAUS, PVC, SOLDÁVEL, DN 110 MM INSTALADO EM RESERVAÇÃO DE ÁGUA DE EDIFICAÇÃO QUE POSSUA RESERVATÓRIO DE FIBRA/FIBROCIMENTO   FORNECIMENTO E INSTALAÇÃO. AF_06/2016","UN",168.48]
[94687,"CURVA 90 GRAUS, PVC, SOLDÁVEL, DN 110 MM, INSTALADO EM RESERVAÇÃO DE ÁGUA DE EDIFICAÇÃO QUE POSSUA RESERVATÓRIO DE FIBRA/FIBROCIMENTO   FORNECIMENTO E INSTALAÇÃO. AF_06/2016","UN",138.86]
[94688,"TÊ, PVC, SOLDÁVEL, DN  25 MM INSTALADO EM RESERVAÇÃO DE ÁGUA DE EDIFICAÇÃO QUE POSSUA RESERVATÓRIO DE FIBRA/FIBROCIMENTO   FORNECIMENTO E INSTALAÇÃO. AF_06/2016","UN",8.95]
[94689,"TÊ COM BUCHA DE LATÃO NA BOLSA CENTRAL, PVC, SOLDÁVEL, DN  25 MM X 3/4 , INSTALADO EM RESERVAÇÃO DE ÁGUA DE EDIFICAÇÃO QUE POSSUA RESERVATÓRIO DE FIBRA/FIBROCIMENTO   FORNECIMENTO E INSTALAÇÃO. AF_06/2016","UN",11.08]
[94690,"TÊ, PVC, SOLDÁVEL, DN 32 MM INSTALADO EM RESERVAÇÃO DE ÁGUA DE EDIFICAÇÃO QUE POSSUA RESERVATÓRIO DE FIBRA/FIBROCIMENTO   FORNECIMENTO E INSTALAÇÃO. AF_06/2016","UN",10.74]
[94691,"TÊ DE REDUÇÃO, PVC, SOLDÁVEL, DN 32 MM X  25 MM, INSTALADO EM RESERVAÇÃO DE ÁGUA DE EDIFICAÇÃO QUE POSSUA RESERVATÓRIO DE FIBRA/FIBROCIMENTO   FORNECIMENTO E INSTALAÇÃO. AF_06/2016","UN",11.97]
[94692,"TÊ, PVC, SOLDÁVEL, DN 40 MM INSTALADO EM RESERVAÇÃO DE ÁGUA DE EDIFICAÇÃO QUE POSSUA RESERVATÓRIO DE FIBRA/FIBROCIMENTO   FORNECIMENTO E INSTALAÇÃO. AF_06/2016","UN",17.83]
[94693,"TÊ DE REDUÇÃO, PVC, SOLDÁVEL, DN 40 MM X 32 MM, INSTALADO EM RESERVAÇÃO DE ÁGUA DE EDIFICAÇÃO QUE POSSUA RESERVATÓRIO DE FIBRA/FIBROCIMENTO   FORNECIMENTO E INSTALAÇÃO. AF_06/2016","UN",18.45]
[94694,"TÊ, PVC, SOLDÁVEL, DN 50 MM INSTALADO EM RESERVAÇÃO DE ÁGUA DE EDIFICAÇÃO QUE POSSUA RESERVATÓRIO DE FIBRA/FIBROCIMENTO   FORNECIMENTO E INSTALAÇÃO. AF_06/2016","UN",18.49]
[94695,"TÊ DE REDUÇÃO, PVC, SOLDÁVEL, DN 50 MM X 40 MM, INSTALADO EM RESERVAÇÃO DE ÁGUA DE EDIFICAÇÃO QUE POSSUA RESERVATÓRIO DE FIBRA/FIBROCIMENTO   FORNECIMENTO E INSTALAÇÃO. AF_06/2016","UN",23.28]
[94696,"TÊ, PVC, SOLDÁVEL, DN 60 MM INSTALADO EM RESERVAÇÃO DE ÁGUA DE EDIFICAÇÃO QUE POSSUA RESERVATÓRIO DE FIBRA/FIBROCIMENTO   FORNECIMENTO E INSTALAÇÃO. AF_06/2016","UN",39.92]
[94697,"TÊ, PVC, SOLDÁVEL, DN 75 MM INSTALADO EM RESERVAÇÃO DE ÁGUA DE EDIFICAÇÃO QUE POSSUA RESERVATÓRIO DE FIBRA/FIBROCIMENTO   FORNECIMENTO E INSTALAÇÃO. AF_06/2016","UN",58.49]
[94698,"TÊ DE REDUÇÃO, PVC, SOLDÁVEL, DN 75 MM X 50 MM, INSTALADO EM RESERVAÇÃO DE ÁGUA DE EDIFICAÇÃO QUE POSSUA RESERVATÓRIO DE FIBRA/FIBROCIMENTO   FORNECIMENTO E INSTALAÇÃO. AF_06/2016","UN",51.96]
[94699,"TÊ, PVC, SOLDÁVEL, DN 85 MM INSTALADO EM RESERVAÇÃO DE ÁGUA DE EDIFICAÇÃO QUE POSSUA RESERVATÓRIO DE FIBRA/FIBROCIMENTO   FORNECIMENTO E INSTALAÇÃO. AF_06/2016","UN",98.98]
[94700,"TÊ DE REDUÇÃO, PVC, SOLDÁVEL, DN 85 MM X 60 MM, INSTALADO EM RESERVAÇÃO DE ÁGUA DE EDIFICAÇÃO QUE POSSUA RESERVATÓRIO DE FIBRA/FIBROCIMENTO   FORNECIMENTO E INSTALAÇÃO. AF_06/2016","UN",85.62]
[94701,"TÊ, PVC, SOLDÁVEL, DN 110 MM INSTALADO EM RESERVAÇÃO DE ÁGUA DE EDIFICAÇÃO QUE POSSUA RESERVATÓRIO DE FIBRA/FIBROCIMENTO   FORNECIMENTO E INSTALAÇÃO. AF_06/2016","UN",141.37]
[94702,"TÊ DE REDUÇÃO, PVC, SOLDÁVEL, DN 110 MM X 60 MM, INSTALADO EM RESERVAÇÃO DE ÁGUA DE EDIFICAÇÃO QUE POSSUA RESERVATÓRIO DE FIBRA/FIBROCIMENTO   FORNECIMENTO E INSTALAÇÃO. AF_06/2016","UN",134.54]
[94703,"ADAPTADOR COM FLANGE E ANEL DE VEDAÇÃO, PVC, SOLDÁVEL, DN  25 MM X 3/4 , INSTALADO EM RESERVAÇÃO DE ÁGUA DE EDIFICAÇÃO QUE POSSUA RESERVATÓRIO DE FIBRA/FIBROCIMENTO   FORNECIMENTO E INSTALAÇÃO. AF_06/2016","UN",13.75]
[94704,"ADAPTADOR COM FLANGE E ANEL DE VEDAÇÃO, PVC, SOLDÁVEL, DN 32 MM X 1 , INSTALADO EM RESERVAÇÃO DE ÁGUA DE EDIFICAÇÃO QUE POSSUA RESERVATÓRIO DE FIBRA/FIBROCIMENTO   FORNECIMENTO E INSTALAÇÃO. AF_06/2016","UN",15.8]
[94705,"ADAPTADOR COM FLANGE E ANEL DE VEDAÇÃO, PVC, SOLDÁVEL, DN 40 MM X 1 1/4 , INSTALADO EM RESERVAÇÃO DE ÁGUA DE EDIFICAÇÃO QUE POSSUA RESERVATÓRIO DE FIBRA/FIBROCIMENTO   FORNECIMENTO E INSTALAÇÃO. AF_06/2016","UN",18.91]
[94706,"ADAPTADOR COM FLANGE E ANEL DE VEDAÇÃO, PVC, SOLDÁVEL, DN 50 MM X 1 1/2 , INSTALADO EM RESERVAÇÃO DE ÁGUA DE EDIFICAÇÃO QUE POSSUA RESERVATÓRIO DE FIBRA/FIBROCIMENTO   FORNECIMENTO E INSTALAÇÃO. AF_06/2016","UN",26.95]
[94707,"ADAPTADOR COM FLANGE E ANEL DE VEDAÇÃO, PVC, SOLDÁVEL, DN 60 MM X 2 , INSTALADO EM RESERVAÇÃO DE ÁGUA DE EDIFICAÇÃO QUE POSSUA RESERVATÓRIO DE FIBRA/FIBROCIMENTO   FORNECIMENTO E INSTALAÇÃO. AF_06/2016","UN",32.71]
[94708,"ADAPTADOR COM FLANGES LIVRES, PVC, SOLDÁVEL, DN  25 MM X 3/4 , INSTALADO EM RESERVAÇÃO DE ÁGUA DE EDIFICAÇÃO QUE POSSUA RESERVATÓRIO DE FIBRA/FIBROCIMENTO   FORNECIMENTO E INSTALAÇÃO. AF_06/2016","UN",18.7]
[94709,"ADAPTADOR COM FLANGES LIVRES, PVC, SOLDÁVEL, DN 32 MM X 1 , INSTALADO EM RESERVAÇÃO DE ÁGUA DE EDIFICAÇÃO QUE POSSUA RESERVATÓRIO DE FIBRA/FIBROCIMENTO   FORNECIMENTO E INSTALAÇÃO. AF_06/2016","UN",22.79]
[94710,"ADAPTADOR COM FLANGES LIVRES, PVC, SOLDÁVEL, DN 40 MM X 1 1/4 , INSTALADO EM RESERVAÇÃO DE ÁGUA DE EDIFICAÇÃO QUE POSSUA RESERVATÓRIO DE FIBRA/FIBROCIMENTO   FORNECIMENTO E INSTALAÇÃO. AF_06/2016","UN",32.94]
[94711,"ADAPTADOR COM FLANGES LIVRES, PVC, SOLDÁVEL, DN 50 MM X 1 1/2 , INSTALADO EM RESERVAÇÃO DE ÁGUA DE EDIFICAÇÃO QUE POSSUA RESERVATÓRIO DE FIBRA/FIBROCIMENTO   FORNECIMENTO E INSTALAÇÃO. AF_06/2016","UN",39.9]
[94712,"ADAPTADOR COM FLANGES LIVRES, PVC, SOLDÁVEL, DN 60 MM X 2 , INSTALADO EM RESERVAÇÃO DE ÁGUA DE EDIFICAÇÃO QUE POSSUA RESERVATÓRIO DE FIBRA/FIBROCIMENTO   FORNECIMENTO E INSTALAÇÃO. AF_06/2016","UN",51.56]
[94713,"ADAPTADOR COM FLANGES LIVRES, PVC, SOLDÁVEL, DN 75 MM X 2 1/2 , INSTALADO EM RESERVAÇÃO DE ÁGUA DE EDIFICAÇÃO QUE POSSUA RESERVATÓRIO DE FIBRA/FIBROCIMENTO   FORNECIMENTO E INSTALAÇÃO. AF_06/2016","UN",125.52]
[94714,"ADAPTADOR COM FLANGES LIVRES, PVC, SOLDÁVEL, DN 85 MM X 3 , INSTALADO EM RESERVAÇÃO DE ÁGUA DE EDIFICAÇÃO QUE POSSUA RESERVATÓRIO DE FIBRA/FIBROCIMENTO   FORNECIMENTO E INSTALAÇÃO. AF_06/2016","UN",168.17]
[94715,"ADAPTADOR COM FLANGES LIVRES, PVC, SOLDÁVEL, DN 110 MM X 4 , INSTALADO EM RESERVAÇÃO DE ÁGUA DE EDIFICAÇÃO QUE POSSUA RESERVATÓRIO DE FIBRA/FIBROCIMENTO   FORNECIMENTO E INSTALAÇÃO. AF_06/2016","UN",230.01]
[94724,"CONECTOR, CPVC, SOLDÁVEL, DN 22 MM X 3/4\u0094, INSTALADO EM RESERVAÇÃO DE ÁGUA DE EDIFICAÇÃO QUE POSSUA RESERVATÓRIO DE FIBRA/FIBROCIMENTO \u0096 FORNECIMENTO E INSTALAÇÃO. AF_06/2016","UN",18.96]
[94725,"LUVA, CPVC, SOLDÁVEL, DN 22 MM, INSTALADO EM RESERVAÇÃO DE ÁGUA DE EDIFICAÇÃO QUE POSSUA RESERVATÓRIO DE FIBRA/FIBROCIMENTO \u0096 FORNECIMENTO E INSTALAÇÃO. AF_06/2016","UN",5.3]
[94726,"CONECTOR, CPVC, SOLDÁVEL, DN 28 MM X 1\u0094, INSTALADO EM RESERVAÇÃO DE ÁGUA DE EDIFICAÇÃO QUE POSSUA RESERVATÓRIO DE FIBRA/FIBROCIMENTO \u0096 FORNECIMENTO E INSTALAÇÃO. AF_06/2016","UN",28.73]
[94727,"LUVA, CPVC, SOLDÁVEL, DN 28 MM, INSTALADO EM RESERVAÇÃO DE ÁGUA DE EDIFICAÇÃO QUE POSSUA RESERVATÓRIO DE FIBRA/FIBROCIMENTO \u0096 FORNECIMENTO E INSTALAÇÃO. AF_06/2016","UN",7.11]
[94728,"CONECTOR, CPVC, SOLDÁVEL, DN 35 MM X 1 1/4\u0094, INSTALADO EM RESERVAÇÃO DE ÁGUA DE EDIFICAÇÃO QUE POSSUA RESERVATÓRIO DE FIBRA/FIBROCIMENTO \u0096 FORNECIMENTO E INSTALAÇÃO. AF_06/2016","UN",106.23]
[94729,"LUVA, CPVC, SOLDÁVEL, DN 35 MM, INSTALADO EM RESERVAÇÃO DE ÁGUA DE EDIFICAÇÃO QUE POSSUA RESERVATÓRIO DE FIBRA/FIBROCIMENTO \u0096 FORNECIMENTO E INSTALAÇÃO. AF_06/2016","UN",12.11]
[94730,"CONECTOR, CPVC, SOLDÁVEL, DN 42 MM X 1 1/2\u0094, INSTALADO EM RESERVAÇÃO DE ÁGUA DE EDIFICAÇÃO QUE POSSUA RESERVATÓRIO DE FIBRA/FIBROCIMENTO \u0096 FORNECIMENTO E INSTALAÇÃO. AF_06/2016","UN",128.77]
[94731,"LUVA, CPVC, SOLDÁVEL, DN 42 MM, INSTALADO EM RESERVAÇÃO DE ÁGUA DE EDIFICAÇÃO QUE POSSUA RESERVATÓRIO DE FIBRA/FIBROCIMENTO \u0096 FORNECIMENTO E INSTALAÇÃO. AF_06/2016","UN",14.85]
[94733,"LUVA, CPVC, SOLDÁVEL, DN 54 MM, INSTALADO EM RESERVAÇÃO DE ÁGUA DE EDIFICAÇÃO QUE POSSUA RESERVATÓRIO DE FIBRA/FIBROCIMENTO \u0096 FORNECIMENTO E INSTALAÇÃO. AF_06/2016","UN",28.53]
[94737,"LUVA, CPVC, SOLDÁVEL, DN 89 MM, INSTALADO EM RESERVAÇÃO DE ÁGUA DE EDIFICAÇÃO QUE POSSUA RESERVATÓRIO DE FIBRA/FIBROCIMENTO \u0096 FORNECIMENTO E INSTALAÇÃO. AF_06/2016","UN",114.31]
[94740,"JOELHO 90 GRAUS, CPVC, SOLDÁVEL, DN 22 MM, INSTALADO EM RESERVAÇÃO DE ÁGUA DE EDIFICAÇÃO QUE POSSUA RESERVATÓRIO DE FIBRA/FIBROCIMENTO \u0096 FORNECIMENTO E INSTALAÇÃO. AF_06/2016","UN",8.29]
[94741,"CURVA 90 GRAUS, CPVC, SOLDÁVEL, DN 22 MM, INSTALADO EM RESERVAÇÃO DE ÁGUA DE EDIFICAÇÃO QUE POSSUA RESERVATÓRIO DE FIBRA/FIBROCIMENTO \u0096 FORNECIMENTO E INSTALAÇÃO. AF_06/2016","UN",9.94]
[94742,"JOELHO 90 GRAUS, CPVC, SOLDÁVEL, DN 28 MM, INSTALADO EM RESERVAÇÃO DE ÁGUA DE EDIFICAÇÃO QUE POSSUA RESERVATÓRIO DE FIBRA/FIBROCIMENTO \u0096 FORNECIMENTO E INSTALAÇÃO. AF_06/2016","UN",11.79]
[94743,"CURVA 90 GRAUS, CPVC, SOLDÁVEL, DN 28 MM, INSTALADO EM RESERVAÇÃO DE ÁGUA DE EDIFICAÇÃO QUE POSSUA RESERVATÓRIO DE FIBRA/FIBROCIMENTO \u0096 FORNECIMENTO E INSTALAÇÃO. AF_06/2016","UN",12.83]
[94744,"JOELHO 90 GRAUS, CPVC, SOLDÁVEL, DN 35 MM, INSTALADO EM RESERVAÇÃO DE ÁGUA DE EDIFICAÇÃO QUE POSSUA RESERVATÓRIO DE FIBRA/FIBROCIMENTO \u0096 FORNECIMENTO E INSTALAÇÃO. AF_06/2016","UN",18.38]
[94746,"JOELHO 90 GRAUS, CPVC, SOLDÁVEL, DN 42 MM, INSTALADO EM RESERVAÇÃO DE ÁGUA DE EDIFICAÇÃO QUE POSSUA RESERVATÓRIO DE FIBRA/FIBROCIMENTO \u0096 FORNECIMENTO E INSTALAÇÃO. AF_06/2016","UN",25.34]
[94748,"JOELHO 90 GRAUS, CPVC, SOLDÁVEL, DN 54 MM, INSTALADO EM RESERVAÇÃO DE ÁGUA DE EDIFICAÇÃO QUE POSSUA RESERVATÓRIO DE FIBRA/FIBROCIMENTO \u0096 FORNECIMENTO E INSTALAÇÃO. AF_06/2016","UN",51.6]
[94750,"JOELHO 90 GRAUS, CPVC, SOLDÁVEL, DN 73 MM, INSTALADO EM RESERVAÇÃO DE ÁGUA DE EDIFICAÇÃO QUE POSSUA RESERVATÓRIO DE FIBRA/FIBROCIMENTO \u0096 FORNECIMENTO E INSTALAÇÃO. AF_06/2016","UN",117.39]
[94752,"JOELHO 90 GRAUS, CPVC, SOLDÁVEL, DN 89 MM, INSTALADO EM RESERVAÇÃO DE ÁGUA DE EDIFICAÇÃO QUE POSSUA RESERVATÓRIO DE FIBRA/FIBROCIMENTO \u0096 FORNECIMENTO E INSTALAÇÃO. AF_06/2016","UN",146.03]
[94756,"TE, CPVC, SOLDÁVEL, DN 22 MM, INSTALADO EM RESERVAÇÃO DE ÁGUA DE EDIFICAÇÃO QUE POSSUA RESERVATÓRIO DE FIBRA/FIBROCIMENTO \u0096 FORNECIMENTO E INSTALAÇÃO. AF_06/2016","UN",10.59]
[94757,"TE, CPVC, SOLDÁVEL, DN 28 MM, INSTALADO EM RESERVAÇÃO DE ÁGUA DE EDIFICAÇÃO QUE POSSUA RESERVATÓRIO DE FIBRA/FIBROCIMENTO \u0096 FORNECIMENTO E INSTALAÇÃO. AF_06/2016","UN",13.71]
[94758,"TE, CPVC, SOLDÁVEL, DN 35 MM, INSTALADO EM RESERVAÇÃO DE ÁGUA DE EDIFICAÇÃO QUE POSSUA RESERVATÓRIO DE FIBRA/FIBROCIMENTO \u0096 FORNECIMENTO E INSTALAÇÃO. AF_06/2016","UN",32.49]
[94759,"TE, CPVC, SOLDÁVEL, DN 42 MM, INSTALADO EM RESERVAÇÃO DE ÁGUA DE EDIFICAÇÃO QUE POSSUA RESERVATÓRIO DE FIBRA/FIBROCIMENTO \u0096 FORNECIMENTO E INSTALAÇÃO. AF_06/2016","UN",39.42]
[94760,"TE, CPVC, SOLDÁVEL, DN 54 MM, INSTALADO EM RESERVAÇÃO DE ÁGUA DE EDIFICAÇÃO QUE POSSUA RESERVATÓRIO DE FIBRA/FIBROCIMENTO \u0096 FORNECIMENTO E INSTALAÇÃO. AF_06/2016","UN",65.03]
[94761,"TE, CPVC, SOLDÁVEL, DN 73 MM, INSTALADO EM RESERVAÇÃO DE ÁGUA DE EDIFICAÇÃO QUE POSSUA RESERVATÓRIO DE FIBRA/FIBROCIMENTO \u0096 FORNECIMENTO E INSTALAÇÃO. AF_06/2016","UN",134.58]
[94762,"TE, CPVC, SOLDÁVEL, DN 89 MM, INSTALADO EM RESERVAÇÃO DE ÁGUA DE EDIFICAÇÃO QUE POSSUA RESERVATÓRIO DE FIBRA/FIBROCIMENTO \u0096 FORNECIMENTO E INSTALAÇÃO. AF_06/2016","UN",175.74]
[94783,"ADAPTADOR COM FLANGE E ANEL DE VEDAÇÃO, PVC, SOLDÁVEL, DN  20 MM X 1/2 , INSTALADO EM RESERVAÇÃO DE ÁGUA DE EDIFICAÇÃO QUE POSSUA RESERVATÓRIO DE FIBRA/FIBROCIMENTO   FORNECIMENTO E INSTALAÇÃO. AF_06/2016","UN",12.85]
[94785,"ADAPTADOR COM FLANGES LIVRES, PVC, SOLDÁVEL LONGO, DN 32 MM X 1 , INSTALADO EM RESERVAÇÃO DE ÁGUA DE EDIFICAÇÃO QUE POSSUA RESERVATÓRIO DE FIBRA/FIBROCIMENTO   FORNECIMENTO E INSTALAÇÃO. AF_06/2016","UN",23.08]
[94786,"ADAPTADOR COM FLANGES LIVRES, PVC, SOLDÁVEL LONGO, DN 40 MM X 1 1/4 , INSTALADO EM RESERVAÇÃO DE ÁGUA DE EDIFICAÇÃO QUE POSSUA RESERVATÓRIO DE FIBRA/FIBROCIMENTO   FORNECIMENTO E INSTALAÇÃO. AF_06/2016","UN",28.88]
[94787,"ADAPTADOR COM FLANGES LIVRES, PVC, SOLDÁVEL LONGO, DN 50 MM X 1 1/2 , INSTALADO EM RESERVAÇÃO DE ÁGUA DE EDIFICAÇÃO QUE POSSUA RESERVATÓRIO DE FIBRA/FIBROCIMENTO   FORNECIMENTO E INSTALAÇÃO. AF_06/2016","UN",38.37]
[94788,"ADAPTADOR COM FLANGES LIVRES, PVC, SOLDÁVEL LONGO, DN 60 MM X 2 , INSTALADO EM RESERVAÇÃO DE ÁGUA DE EDIFICAÇÃO QUE POSSUA RESERVATÓRIO DE FIBRA/FIBROCIMENTO   FORNECIMENTO E INSTALAÇÃO. AF_06/2016","UN",52.95]
[94789,"ADAPTADOR COM FLANGES LIVRES, PVC, SOLDÁVEL LONGO, DN 75 MM X 2 1/2 , INSTALADO EM RESERVAÇÃO DE ÁGUA DE EDIFICAÇÃO QUE POSSUA RESERVATÓRIO DE FIBRA/FIBROCIMENTO   FORNECIMENTO E INSTALAÇÃO. AF_06/2016","UN",154.1]
[94790,"ADAPTADOR COM FLANGES LIVRES, PVC, SOLDÁVEL LONGO, DN 85 MM X 3 , INSTALADO EM RESERVAÇÃO DE ÁGUA DE EDIFICAÇÃO QUE POSSUA RESERVATÓRIO DE FIBRA/FIBROCIMENTO   FORNECIMENTO E INSTALAÇÃO. AF_06/2016","UN",177.37]
[94791,"ADAPTADOR COM FLANGES LIVRES, PVC, SOLDÁVEL LONGO, DN 110 MM X 4 , INSTALADO EM RESERVAÇÃO DE ÁGUA DE EDIFICAÇÃO QUE POSSUA RESERVATÓRIO DE FIBRA/FIBROCIMENTO   FORNECIMENTO E INSTALAÇÃO. AF_06/2016","UN",246.21]
[94863,"LUVA, CPVC, SOLDÁVEL, DN 73 MM, INSTALADO EM RESERVAÇÃO DE ÁGUA DE EDIFICAÇÃO QUE POSSUA RESERVATÓRIO DE FIBRA/FIBROCIMENTO \u0096 FORNECIMENTO E INSTALAÇÃO. AF_06/2016","UN",95.71]
[95141,"ADAPTADOR COM FLANGES LIVRES, PVC, SOLDÁVEL LONGO, DN  25 MM X 3/4 , INSTALADO EM RESERVAÇÃO DE ÁGUA DE EDIFICAÇÃO QUE POSSUA RESERVATÓRIO DE FIBRA/FIBROCIMENTO    FORNECIMENTO E INSTALAÇÃO. AF_06/2016","UN",21.82]
[95237,"LUVA COM BUCHA DE LATÃO, PVC, SOLDÁVEL, DN 32MM X 1 , INSTALADO EM RAMAL DE DISTRIBUIÇÃO DE ÁGUA   FORNECIMENTO E INSTALAÇÃO. AF_12/2014","UN",15.2]
[95693,"LUVA SIMPLES, PVC, SÉRIE NORMAL, ESGOTO PREDIAL, DN 150 MM, JUNTA ELÁSTICA, FORNECIDO E INSTALADO EM SUBCOLETOR AÉREO DE ESGOTO SANITÁRIO. AF_12/2014","UN",36.75]
[95694,"CURVA 90 GRAUS, PVC, SERIE R, ÁGUA PLUVIAL, DN 100 MM, JUNTA ELÁSTICA, FORNECIDO E INSTALADO EM RAMAL DE ENCAMINHAMENTO. AF_12/2014","UN",45.83]
[95695,"CURVA 90 GRAUS, PVC, SERIE R, ÁGUA PLUVIAL, DN 100 MM, JUNTA ELÁSTICA, FORNECIDO E INSTALADO EM CONDUTORES VERTICAIS DE ÁGUAS PLUVIAIS. AF_12/2014","UN",44.11]
[95696,"SPRINKLER TIPO PENDENTE, 68 °C, UNIÃO POR ROSCA DN 15 (1/2\") - FORNECIMENTO E INSTALAÇÃO. AF_12/2015","UN",32.56]
[96637,"JOELHO 90 GRAUS, PPR, DN 25 MM, CLASSE PN 25, INSTALADO EM RAMAL OU SUB-RAMAL DE ÁGUA \u0096 FORNECIMENTO E INSTALAÇÃO . AF_06/2015","UN",11.89]
[96638,"JOELHO 45 GRAUS, PPR, DN 25 MM, CLASSE PN 25, INSTALADO EM RAMAL OU SUB-RAMAL DE ÁGUA \u0096 FORNECIMENTO E INSTALAÇÃO . AF_06/2015","UN",11.56]
[96639,"LUVA, PPR, DN 25 MM, CLASSE PN 25, INSTALADO EM RAMAL OU SUB-RAMAL DE ÁGUA \u0096 FORNECIMENTO E INSTALAÇÃO . AF_06/2015","UN",8.19]
[96640,"CONECTOR MACHO, PPR, 25 X 1/2'', CLASSE PN 25, INSTALADO EM RAMAL OU SUB-RAMAL DE ÁGUA   FORNECIMENTO E INSTALAÇÃO . AF_06/2015","UN",17.29]
[96641,"CONECTOR FÊMEA, PPR, 25 X 1/2'', CLASSE PN 25, INSTALADO EM RAMAL OU SUB-RAMAL DE ÁGUA   FORNECIMENTO E INSTALAÇÃO . AF_06/2015","UN",14.04]
[96642,"TÊ NORMAL, PPR, DN 25 MM, CLASSE PN 25, INSTALADO EM RAMAL OU SUB-RAMAL DE ÁGUA \u0096 FORNECIMENTO E INSTALAÇÃO . AF_06/2015","UN",15.78]
[96643,"TÊ MISTURADOR, PPR, 25 X 3/4'' , CLASSE PN 25, INSTALADO EM RAMAL OU SUB-RAMAL DE ÁGUA \u0096 FORNECIMENTO E INSTALAÇÃO . AF_06/2015","UN",34.83]
[96650,"JOELHO 90 GRAUS, PPR, DN 25 MM, CLASSE PN 25, INSTALADO EM RAMAL DE DISTRIBUIÇÃO \u0096 FORNECIMENTO E INSTALAÇÃO . AF_06/2015","UN",8.63]
[96651,"JOELHO 45 GRAUS, PPR, DN 25 MM, CLASSE PN 25, INSTALADO EM RAMAL DE DISTRIBUIÇÃO DE ÁGUA \u0096 FORNECIMENTO E INSTALAÇÃO . AF_06/2015","UN",8.3]
[96652,"JOELHO 90 GRAUS, PPR, DN 32 MM, CLASSE PN 25, INSTALADO EM RAMAL DE DISTRIBUIÇÃO \u0096 FORNECIMENTO E INSTALAÇÃO . AF_06/2015","UN",16.78]
[96653,"JOELHO 45 GRAUS, PPR, DN 32 MM, CLASSE PN 25, INSTALADO EM RAMAL DE DISTRIBUIÇÃO DE ÁGUA \u0096 FORNECIMENTO E INSTALAÇÃO . AF_06/2015","UN",16.75]
[96654,"JOELHO 90 GRAUS, PPR, DN 40 MM, CLASSE PN 25, INSTALADO EM RAMAL DE DISTRIBUIÇÃO \u0096 FORNECIMENTO E INSTALAÇÃO . AF_06/2015","UN",27.46]
[96655,"JOELHO 45 GRAUS, PPR, DN 40 MM, CLASSE PN 25, INSTALADO EM RAMAL DE DISTRIBUIÇÃO DE ÁGUA \u0096 FORNECIMENTO E INSTALAÇÃO . AF_06/2015","UN",27.1]
[96656,"LUVA, PPR, DN 25 MM, CLASSE PN 25, INSTALADO EM RAMAL DE DISTRIBUIÇÃO DE ÁGUA \u0096 FORNECIMENTO E INSTALAÇÃO . AF_06/2015","UN",6.04]
[96657,"CONECTOR MACHO, PPR, 25 X 1/2, CLASSE PN 25, INSTALADO EM RAMAL DE DISTRIBUIÇÃO DE ÁGUA \u0096 FORNECIMENTO E INSTALAÇÃO . AF_06/2015","UN",15.14]
[96658,"CONECTOR FÊMEA, PPR, 25 X 1/2'', CLASSE PN 25, INSTALADO EM RAMAL DE DISTRIBUIÇÃO DE ÁGUA   FORNECIMENTO E INSTALAÇÃO . AF_06/2015","UN",11.89]
[96659,"LUVA, PPR, DN 32 MM, CLASSE PN 25, INSTALADO EM RAMAL DE DISTRIBUIÇÃO DE ÁGUA \u0096 FORNECIMENTO E INSTALAÇÃO. AF_06/2015","UN",11.31]
[96660,"CONECTOR MACHO, PPR, 32 X 3/4'', CLASSE PN 25, INSTALADO EM RAMAL DE DISTRIBUIÇÃO DE ÁGUA   FORNECIMENTO E INSTALAÇÃO. AF_06/2015","UN",26.48]
[96661,"CONECTOR FÊMEA, PPR, 32 X 3/4'', CLASSE PN 25, INSTALADO EM RAMAL DE DISTRIBUIÇÃO DE ÁGUA   FORNECIMENTO E INSTALAÇÃO . AF_06/2015","UN",21.48]
[96662,"BUCHA DE REDUÇÃO, PPR, 32 X 25, CLASSE PN 25, INSTALADO EM RAMAL DE DISTRIBUIÇÃO DE ÁGUA \u0096 FORNECIMENTO E INSTALAÇÃO . AF_06/2015","UN",11.47]
[96663,"LUVA, PPR, DN 40 MM, CLASSE PN 25, INSTALADO EM RAMAL DE DISTRIBUIÇÃO DE ÁGUA \u0096 FORNECIMENTO E INSTALAÇÃO. AF_06/2015","UN",19.75]
[96664,"BUCHA DE REDUÇÃO, PPR, 40 X 25, CLASSE PN 25, INSTALADO EM RAMAL DE DISTRIBUIÇÃO DE ÁGUA \u0096 FORNECIMENTO E INSTALAÇÃO . AF_06/2015","UN",20.82]
[96665,"TÊ NORMAL, PPR, DN 25 MM, CLASSE PN 25, INSTALADO EM RAMAL DE DISTRIBUIÇÃO DE ÁGUA \u0096 FORNECIMENTO E INSTALAÇÃO . AF_06/2015","UN",11.4]
[96666,"TÊ NORMAL, PPR, DN 32 MM, CLASSE PN 25, INSTALADO EM RAMAL DE DISTRIBUIÇÃO DE ÁGUA \u0096 FORNECIMENTO E INSTALAÇÃO . AF_06/2015","UN",22.45]
[96667,"TÊ NORMAL, PPR, DN 40 MM, CLASSE PN 25, INSTALADO EM RAMAL DE DISTRIBUIÇÃO DE ÁGUA \u0096 FORNECIMENTO E INSTALAÇÃO . AF_06/2015","UN",38.12]
[96684,"JOELHO 90 GRAUS, PPR, DN 25 MM, CLASSE PN 25, INSTALADO EM PRUMADA DE ÁGUA \u0096 FORNECIMENTO E INSTALAÇÃO . AF_06/2015","UN",3.74]
[96685,"JOELHO 45 GRAUS, PPR, DN 25 MM, CLASSE PN 25, INSTALADO EM PRUMADA DE ÁGUA \u0096 FORNECIMENTO E INSTALAÇÃO . AF_06/2015","UN",3.41]
[96686,"JOELHO 90 GRAUS, PPR, DN 32 MM, CLASSE PN 25, INSTALADO EM PRUMADA DE ÁGUA \u0096 FORNECIMENTO E INSTALAÇÃO . AF_06/2015","UN",5.57]
[96687,"JOELHO 45 GRAUS, PPR, DN 32 MM, CLASSE PN 25, INSTALADO EM PRUMADA DE ÁGUA \u0096 FORNECIMENTO E INSTALAÇÃO . AF_06/2015","UN",5.54]
[96688,"JOELHO 90 GRAUS, PPR, DN 40 MM, CLASSE PN 25, INSTALADO EM PRUMADA DE ÁGUA \u0096 FORNECIMENTO E INSTALAÇÃO . AF_06/2015","UN",9.34]
[96689,"JOELHO 45 GRAUS, PPR, DN 40 MM, CLASSE PN 25, INSTALADO EM PRUMADA DE ÁGUA \u0096 FORNECIMENTO E INSTALAÇÃO . AF_06/2015","UN",8.98]
[96690,"JOELHO 90 GRAUS, PPR, DN 50 MM, CLASSE PN 25, INSTALADO EM PRUMADA DE ÁGUA \u0096 FORNECIMENTO E INSTALAÇÃO . AF_06/2015","UN",16.86]
[96691,"JOELHO 45 GRAUS, PPR, DN 50 MM, CLASSE PN 25, INSTALADO EM PRUMADA DE ÁGUA \u0096 FORNECIMENTO E INSTALAÇÃO . AF_06/2015","UN",17.35]
[96692,"JOELHO 90 GRAUS, PPR, DN 63 MM, CLASSE PN 25, INSTALADO EM PRUMADA DE ÁGUA \u0096 FORNECIMENTO E INSTALAÇÃO . AF_06/2015","UN",25.56]
[96693,"JOELHO 45 GRAUS, PPR, DN 63 MM, CLASSE PN 25, INSTALADO EM PRUMADA DE ÁGUA \u0096 FORNECIMENTO E INSTALAÇÃO . AF_06/2015","UN",24.37]
[96694,"JOELHO 90 GRAUS, PPR, DN 75 MM, CLASSE PN 25, INSTALADO EM PRUMADA DE ÁGUA \u0096 FORNECIMENTO E INSTALAÇÃO . AF_06/2015","UN",53.73]
[96695,"JOELHO 45 GRAUS, PPR, DN 75 MM, CLASSE PN 25, INSTALADO EM PRUMADA DE ÁGUA \u0096 FORNECIMENTO E INSTALAÇÃO . AF_06/2015","UN",52.33]
[96696,"JOELHO 90 GRAUS, PPR, DN 90 MM, CLASSE PN 25, INSTALADO EM PRUMADA DE ÁGUA \u0096 FORNECIMENTO E INSTALAÇÃO . AF_06/2015","UN",80.55]
[96697,"JOELHO 90 GRAUS, PPR, DN 110 MM, CLASSE PN 25, INSTALADO EM PRUMADA DE ÁGUA \u0096 FORNECIMENTO E INSTALAÇÃO . AF_06/2015","UN",120.4]
[96698,"LUVA, PPR, DN 25 MM, CLASSE PN 25, INSTALADO EM PRUMADA DE ÁGUA \u0096 FORNECIMENTO E INSTALAÇÃO . AF_06/2015","UN",2.78]
[96699,"CONECTOR MACHO, PPR, 25 X 1/2'', CLASSE PN 25, INSTALADO EM PRUMADA DE ÁGUA   FORNECIMENTO E INSTALAÇÃO . AF_06/2015","UN",11.88]
[96700,"CONECTOR FÊMEA, PPR, 25 X 1/2'', CLASSE PN 25, INSTALADO EM PRUMADA DE ÁGUA   FORNECIMENTO E INSTALAÇÃO . AF_06/2015","UN",8.63]
[96701,"LUVA, PPR, DN 32 MM, CLASSE PN 25, INSTALADO EM PRUMADA DE ÁGUA \u0096 FORNECIMENTO E INSTALAÇÃO. AF_06/2015","UN",3.84]
[96702,"BUCHA DE REDUÇÃO, PPR, 32 X 25, CLASSE PN 25, INSTALADO EM PRUMADA DE ÁGUA \u0096 FORNECIMENTO E INSTALAÇÃO . AF_06/2015","UN",4]
[96703,"LUVA, PPR, DN 40 MM, CLASSE PN 25, INSTALADO EM PRUMADA DE ÁGUA \u0096 FORNECIMENTO E INSTALAÇÃO. AF_06/2015","UN",7.65]
[96704,"BUCHA DE REDUÇÃO, PPR, 40 X 25, CLASSE PN 25, INSTALADO EM PRUMADA DE ÁGUA \u0096 FORNECIMENTO E INSTALAÇÃO . AF_06/2015","UN",8.72]
[96705,"LUVA, PPR, DN 50 MM, CLASSE PN 25, INSTALADO EM PRUMADA DE ÁGUA \u0096 FORNECIMENTO E INSTALAÇÃO. AF_06/2015","UN",11.52]
[96706,"LUVA, PPR, DN 63 MM, CLASSE PN 25, INSTALADO EM PRUMADA DE ÁGUA \u0096 FORNECIMENTO E INSTALAÇÃO. AF_06/2015","UN",17.36]
[96707,"LUVA, PPR, DN 75 MM, CLASSE PN 25, INSTALADO EM PRUMADA DE ÁGUA \u0096 FORNECIMENTO E INSTALAÇÃO. AF_06/2015","UN",34.64]
[96708,"LUVA, PPR, DN 90 MM, CLASSE PN 25, INSTALADO EM PRUMADA DE ÁGUA \u0096 FORNECIMENTO E INSTALAÇÃO. AF_06/2015","UN",54.19]
[96709,"LUVA, PPR, DN 110 MM, CLASSE PN 25, INSTALADO EM PRUMADA DE ÁGUA \u0096 FORNECIMENTO E INSTALAÇÃO. AF_06/2015","UN",85.19]
[96710,"TÊ NORMAL, PPR, DN 25 MM, CLASSE PN 25, INSTALADO EM PRUMADA DE ÁGUA \u0096 FORNECIMENTO E INSTALAÇÃO . AF_06/2015","UN",4.92]
[96711,"TÊ NORMAL, PPR, DN 32 MM, CLASSE PN 25, INSTALADO EM PRUMADA DE ÁGUA \u0096 FORNECIMENTO E INSTALAÇÃO . AF_06/2015","UN",7.55]
[96712,"TÊ NORMAL, PPR, DN 40 MM, CLASSE PN 25, INSTALADO EM PRUMADA DE ÁGUA \u0096 FORNECIMENTO E INSTALAÇÃO . AF_06/2015","UN",13.91]
[96713,"TÊ NORMAL, PPR, DN 50 MM, CLASSE PN 25, INSTALADO EM PRUMADA DE ÁGUA \u0096 FORNECIMENTO E INSTALAÇÃO . AF_06/2015","UN",19.49]
[96714,"TÊ NORMAL, PPR, DN 63 MM, CLASSE PN 25, INSTALADO EM PRUMADA DE ÁGUA \u0096 FORNECIMENTO E INSTALAÇÃO . AF_06/2015","UN",32.45]
[96715,"TÊ NORMAL, PPR, DN 75 MM, CLASSE PN 25, INSTALADO EM PRUMADA DE ÁGUA \u0096 FORNECIMENTO E INSTALAÇÃO . AF_06/2015","UN",58.96]
[96716,"TÊ NORMAL, PPR, DN 90 MM, CLASSE PN 25, INSTALADO EM PRUMADA DE ÁGUA \u0096 FORNECIMENTO E INSTALAÇÃO . AF_06/2015","UN",88.07]
[96717,"TÊ NORMAL, PPR, DN 110 MM, CLASSE PN 25, INSTALADO EM PRUMADA DE ÁGUA \u0096 FORNECIMENTO E INSTALAÇÃO . AF_06/2015","UN",137.9]
[96736,"LUVA, PPR, DN 20 MM, CLASSE PN 25, INSTALADO EM RESERVAÇÃO DE ÁGUA DE EDIFICAÇÃO QUE POSSUA RESERVATÓRIO DE FIBRA/FIBROCIMENTO \u0096 FORNECIMENTO E INSTALAÇÃO. AF_06/2016","UN",4.64]
[96737,"LUVA, PPR, DN 25 MM, CLASSE PN 25, INSTALADO EM RESERVAÇÃO DE ÁGUA DE EDIFICAÇÃO QUE POSSUA RESERVATÓRIO DE FIBRA/FIBROCIMENTO \u0096 FORNECIMENTO E INSTALAÇÃO. AF_06/2016","UN",5.14]
[96738,"CONECTOR MACHO, PPR, 25 X 1/2'', CLASSE PN 25,  INSTALADO EM RESERVAÇÃO DE ÁGUA DE EDIFICAÇÃO QUE POSSUA RESERVATÓRIO DE FIBRA/FIBROCIMENTO   FORNECIMENTO E INSTALAÇÃO. AF_06/2016","UN",14.24]
[96739,"LUVA, PPR, DN 32 MM, CLASSE PN 25, INSTALADO EM RESERVAÇÃO DE ÁGUA DE EDIFICAÇÃO QUE POSSUA RESERVATÓRIO DE FIBRA/FIBROCIMENTO \u0096 FORNECIMENTO E INSTALAÇÃO. AF_06/2016","UN",6.63]
[96740,"CONECTOR MACHO, PPR, 32 X 3/4'', CLASSE PN 25,  INSTALADO EM RESERVAÇÃO DE ÁGUA DE EDIFICAÇÃO QUE POSSUA RESERVATÓRIO DE FIBRA/FIBROCIMENTO   FORNECIMENTO E INSTALAÇÃO. AF_06/2016","UN",21.8]
[96741,"LUVA, PPR, DN 40 MM, CLASSE PN 25, INSTALADO EM RESERVAÇÃO DE ÁGUA DE EDIFICAÇÃO QUE POSSUA RESERVATÓRIO DE FIBRA/FIBROCIMENTO \u0096 FORNECIMENTO E INSTALAÇÃO. AF_06/2016","UN",9.58]
[96742,"LUVA, PPR, DN 50 MM, CLASSE PN 25, INSTALADO EM RESERVAÇÃO DE ÁGUA DE EDIFICAÇÃO QUE POSSUA RESERVATÓRIO DE FIBRA/FIBROCIMENTO \u0096 FORNECIMENTO E INSTALAÇÃO. AF_06/2016","UN",14.57]
[96743,"LUVA, PPR, DN 63 MM, CLASSE PN 25, INSTALADO EM RESERVAÇÃO DE ÁGUA DE EDIFICAÇÃO QUE POSSUA RESERVATÓRIO DE FIBRA/FIBROCIMENTO \u0096 FORNECIMENTO E INSTALAÇÃO. AF_06/2016","UN",18.17]
[96744,"LUVA, PPR, DN 75 MM, CLASSE PN 25, INSTALADO EM RESERVAÇÃO DE ÁGUA DE EDIFICAÇÃO QUE POSSUA RESERVATÓRIO DE FIBRA/FIBROCIMENTO \u0096 FORNECIMENTO E INSTALAÇÃO. AF_06/2016","UN",37.63]
[96745,"LUVA, PPR, DN 90 MM, CLASSE PN 25, INSTALADO EM RESERVAÇÃO DE ÁGUA DE EDIFICAÇÃO QUE POSSUA RESERVATÓRIO DE FIBRA/FIBROCIMENTO \u0096 FORNECIMENTO E INSTALAÇÃO. AF_06/2016","UN",53.45]
[96746,"LUVA, PPR, DN 110 MM, CLASSE PN 25, INSTALADO EM RESERVAÇÃO DE ÁGUA DE EDIFICAÇÃO QUE POSSUA RESERVATÓRIO DE FIBRA/FIBROCIMENTO \u0096 FORNECIMENTO E INSTALAÇÃO. AF_06/2016","UN",85.15]
[96747,"JOELHO 90 GRAUS, PPR, DN 20 MM, CLASSE PN 25,  INSTALADO EM RESERVAÇÃO DE ÁGUA DE EDIFICAÇÃO QUE POSSUA RESERVATÓRIO DE FIBRA/FIBROCIMENTO \u0096 FORNECIMENTO E INSTALAÇÃO. AF_06/2016","UN",6.68]
[96748,"JOELHO 90 GRAUS, PPR, DN 25 MM, CLASSE PN 25,  INSTALADO EM RESERVAÇÃO DE ÁGUA DE EDIFICAÇÃO QUE POSSUA RESERVATÓRIO DE FIBRA/FIBROCIMENTO \u0096 FORNECIMENTO E INSTALAÇÃO. AF_06/2016","UN",7.3]
[96749,"JOELHO 90 GRAUS, PPR, DN 32 MM, CLASSE PN 25,  INSTALADO EM RESERVAÇÃO DE ÁGUA DE EDIFICAÇÃO QUE POSSUA RESERVATÓRIO DE FIBRA/FIBROCIMENTO \u0096 FORNECIMENTO E INSTALAÇÃO. AF_06/2016","UN",9.78]
[96750,"JOELHO 90 GRAUS, PPR, DN 40 MM, CLASSE PN 25,  INSTALADO EM RESERVAÇÃO DE ÁGUA DE EDIFICAÇÃO QUE POSSUA RESERVATÓRIO DE FIBRA/FIBROCIMENTO \u0096 FORNECIMENTO E INSTALAÇÃO. AF_06/2016","UN",12.22]
[96751,"JOELHO 90 GRAUS, PPR, DN 50 MM, CLASSE PN 25,  INSTALADO EM RESERVAÇÃO DE ÁGUA DE EDIFICAÇÃO QUE POSSUA RESERVATÓRIO DE FIBRA/FIBROCIMENTO \u0096 FORNECIMENTO E INSTALAÇÃO. AF_06/2016","UN",21.41]
[96752,"JOELHO 90 GRAUS, PPR, DN 63 MM, CLASSE PN 25,  INSTALADO EM RESERVAÇÃO DE ÁGUA DE EDIFICAÇÃO QUE POSSUA RESERVATÓRIO DE FIBRA/FIBROCIMENTO \u0096 FORNECIMENTO E INSTALAÇÃO. AF_06/2016","UN",26.76]
[96753,"JOELHO 90 GRAUS, PPR, DN 75 MM, CLASSE PN 25,  INSTALADO EM RESERVAÇÃO DE ÁGUA DE EDIFICAÇÃO QUE POSSUA RESERVATÓRIO DE FIBRA/FIBROCIMENTO \u0096 FORNECIMENTO E INSTALAÇÃO. AF_06/2016","UN",58.23]
[96754,"JOELHO 90 GRAUS, PPR, DN 90 MM, CLASSE PN 25,  INSTALADO EM RESERVAÇÃO DE ÁGUA DE EDIFICAÇÃO QUE POSSUA RESERVATÓRIO DE FIBRA/FIBROCIMENTO \u0096 FORNECIMENTO E INSTALAÇÃO. AF_06/2016","UN",79.43]
[96755,"JOELHO 90 GRAUS, PPR, DN 110 MM, CLASSE PN 25,  INSTALADO EM RESERVAÇÃO DE ÁGUA DE EDIFICAÇÃO QUE POSSUA RESERVATÓRIO DE FIBRA/FIBROCIMENTO \u0096 FORNECIMENTO E INSTALAÇÃO. AF_06/2016","UN",120.36]
[96756,"TÊ MISTURADOR, PPR, DN 20 MM, CLASSE PN 25,  INSTALADO EM RESERVAÇÃO DE ÁGUA DE EDIFICAÇÃO QUE POSSUA RESERVATÓRIO DE FIBRA/FIBROCIMENTO \u0096 FORNECIMENTO E INSTALAÇÃO. AF_06/2016","UN",11.26]
[96757,"TÊ MISTURADOR, PPR, DN 25 MM, CLASSE PN 25,  INSTALADO EM RESERVAÇÃO DE ÁGUA DE EDIFICAÇÃO QUE POSSUA RESERVATÓRIO DE FIBRA/FIBROCIMENTO \u0096 FORNECIMENTO E INSTALAÇÃO. AF_06/2016","UN",10.93]
[96758,"TÊ, PPR, DN 32 MM, CLASSE PN 25,  INSTALADO EM RESERVAÇÃO DE ÁGUA DE EDIFICAÇÃO QUE POSSUA RESERVATÓRIO DE FIBRA/FIBROCIMENTO \u0096 FORNECIMENTO E INSTALAÇÃO. AF_06/2016","UN",13.13]
[96759,"TÊ, PPR, DN 40 MM, CLASSE PN 25,  INSTALADO EM RESERVAÇÃO DE ÁGUA DE EDIFICAÇÃO QUE POSSUA RESERVATÓRIO DE FIBRA/FIBROCIMENTO \u0096 FORNECIMENTO E INSTALAÇÃO. AF_06/2016","UN",17.77]
[96760,"TÊ, PPR, DN 50 MM, CLASSE PN 25,  INSTALADO EM RESERVAÇÃO DE ÁGUA DE EDIFICAÇÃO QUE POSSUA RESERVATÓRIO DE FIBRA/FIBROCIMENTO \u0096 FORNECIMENTO E INSTALAÇÃO. AF_06/2016","UN",25.53]
[96761,"TÊ, PPR, DN 63 MM, CLASSE PN 25,  INSTALADO EM RESERVAÇÃO DE ÁGUA DE EDIFICAÇÃO QUE POSSUA RESERVATÓRIO DE FIBRA/FIBROCIMENTO \u0096 FORNECIMENTO E INSTALAÇÃO. AF_06/2016","UN",34.08]
[96762,"TÊ, PPR, DN 75 MM, CLASSE PN 25,  INSTALADO EM RESERVAÇÃO DE ÁGUA DE EDIFICAÇÃO QUE POSSUA RESERVATÓRIO DE FIBRA/FIBROCIMENTO \u0096 FORNECIMENTO E INSTALAÇÃO. AF_06/2016","UN",64.92]
[96763,"TÊ, PPR, DN 90 MM, CLASSE PN 25,  INSTALADO EM RESERVAÇÃO DE ÁGUA DE EDIFICAÇÃO QUE POSSUA RESERVATÓRIO DE FIBRA/FIBROCIMENTO \u0096 FORNECIMENTO E INSTALAÇÃO. AF_06/2016","UN",86.56]
[96764,"TÊ, PPR, DN 110 MM, CLASSE PN 25,  INSTALADO EM RESERVAÇÃO DE ÁGUA DE EDIFICAÇÃO QUE POSSUA RESERVATÓRIO DE FIBRA/FIBROCIMENTO \u0096 FORNECIMENTO E INSTALAÇÃO. AF_06/2016","UN",137.81]
[96802,"KIT CHASSI PEX, PRÉ-FABRICADO, PARA CHUVEIRO COM REGISTROS DE PRESSÃO E CONEXÕES POR CRIMPAGEM \u0096 FORNECIMENTO E INSTALAÇÃO. AF_06/2015","UN",176.23]
[96803,"KIT CHASSI PEX, PRÉ-FABRICADO, PARA COZINHA COM CUBA SIMPLES E CONEXÕES POR CRIMPAGEM \u0096 FORNECIMENTO E INSTALAÇÃO. AF_06/2015","UN",91.67]
[96804,"KIT CHASSI PEX, PRÉ-FABRICADO, PARA ÁREA DE SERVIÇO COM TANQUE E MÁQUINA DE LAVAR ROUPA, E CONEXÕES POR CRIMPAGEM \u0096 FORNECIMENTO E INSTALAÇÃO. AF_06/2015","UN",167.31]
[96805,"KIT CHASSI PEX, PRÉ-FABRICADO, PARA CHUVEIRO COM REGISTROS DE PRESSÃO E CONEXÕES POR ANEL DESLIZANTE \u0096 FORNECIMENTO E INSTALAÇÃO. AF_06/2015","UN",184.23]
[96806,"KIT CHASSI PEX, PRÉ-FABRICADO, PARA COZINHA COM CUBA SIMPLES E CONEXÕES POR ANEL DESLIZANTE \u0096 FORNECIMENTO E INSTALAÇÃO. AF_06/2015","UN",91.92]
[96807,"KIT CHASSI PEX, PRÉ-FABRICADO, PARA ÁREA DE SERVIÇO COM TANQUE E MÁQUINA DE LAVAR ROUPA, E CONEXÕES POR ANEL DESLIZANTE \u0096 FORNECIMENTO E INSTALAÇÃO. AF_06/2015","UN",155.31]
[96808,"UNIÃO METÁLICA PARA INSTALAÇÕES EM PEX, DN 16 MM, FIXAÇÃO DAS CONEXÕES POR ANEL DESLIZANTE \u0096 FORNECIMENTO E INSTALAÇÃO . AF_06/2015","UN",9.56]
[96809,"CONEXÃO FIXA, ROSCA FÊMEA, METÁLICA, PARA INSTALAÇÕES EM PEX, DN 16 MM X 1/2\", COM ANEL DESLIZANTE. FORNECIMENTO E INSTALAÇÃO. AF_06/2015","UN",10.73]
[96810,"CONEXÃO MÓVEL, ROSCA FÊMEA, METÁLICA, PARA INSTALAÇÕES EM PEX, DN 16 MM X 3/4\", COM ANEL DESLIZANTE. FORNECIMENTO E INSTALAÇÃO. AF_06/2015","UN",11.51]
[96811,"UNIÃO METÁLICA PARA INSTALAÇÕES EM PEX, DN 20 MM, FIXAÇÃO DAS CONEXÕES POR ANEL DESLIZANTE \u0096 FORNECIMENTO E INSTALAÇÃO . AF_06/2015","UN",12.54]
[96812,"CONEXÃO FIXA, ROSCA FÊMEA, METÁLICA, PARA INSTALAÇÕES EM PEX, DN 20 MM X 1/2\", COM ANEL DESLIZANTE. FORNECIMENTO E INSTALAÇÃO. AF_06/2015","UN",12.13]
[96813,"CONEXÃO FIXA, ROSCA FÊMEA, METÁLICA, PARA INSTALAÇÕES EM PEX, DN 20 MM X 3/4\", COM ANEL DESLIZANTE. FORNECIMENTO E INSTALAÇÃO. AF_06/2015","UN",13.69]
[96814,"UNIÃO DE REDUÇÃO, METÁLICA, PARA INSTALAÇÕES EM PEX, DN 20 X 16 MM, CONEXÃO POR ANEL DESLIZANTE \u0096 FORNECIMENTO E INSTALAÇÃO. AF_06/2015","UN",11.86]
[96815,"UNIÃO METÁLICA PARA INSTALAÇÕES EM PEX, DN 25 MM, FIXAÇÃO DAS CONEXÕES POR ANEL DESLIZANTE   FORNECIMENTO E INSTALAÇÃO. AF_06/2015","UN",19.1]
[96816,"CONEXÃO FIXA, ROSCA FÊMEA, METÁLICA, PARA INSTALAÇÕES EM PEX, DN 25 MM X 3/4\", COM ANEL DESLIZANTE. FORNECIMENTO E INSTALAÇÃO. AF_06/2015","UN",16.12]
[96817,"CONEXÃO FIXA, ROSCA FÊMEA, METÁLICA, PARA INSTALAÇÕES EM PEX, DN 25 MM X 1\", COM ANEL DESLIZANTE. FORNECIMENTO E INSTALAÇÃO. AF_06/2015","UN",18.01]
[96818,"UNIÃO DE REDUÇÃO, METÁLICA, PEX, DN 25 X 16 MM, CONEXÃO POR ANEL DESLIZANTE \u0096 FORNECIMENTO E INSTALAÇÃO. AF_06/2015","UN",16.93]
[96819,"UNIÃO DE REDUÇÃO, METÁLICA, PEX, DN 25 X 20 MM, CONEXÃO POR ANEL DESLIZANTE \u0096 FORNECIMENTO E INSTALAÇÃO. AF_06/2015","UN",16.93]
[96820,"UNIÃO METÁLICA PARA INSTALAÇÕES EM PEX, DN 32 MM, FIXAÇÃO DAS CONEXÕES POR ANEL DESLIZANTE   FORNECIMENTO E INSTALAÇÃO. AF_06/2015","UN",29.44]
[96821,"CONEXÃO FIXA, ROSCA FÊMEA, METÁLICA, PARA INSTALAÇÕES EM PEX, DN 32 MM X 1\", COM ANEL DESLIZANTE \u0096 FORNECIMENTO E INSTALAÇÃO. AF_06/2015","UN",25.5]
[96822,"UNIÃO DE REDUÇÃO, METÁLICA, PEX, DN 32 X 25 MM, CONEXÃO POR ANEL DESLIZANTE \u0096 FORNECIMENTO E INSTALAÇÃO. AF_06/2015","UN",25.8]
[96823,"LUVA PARA INSTALAÇÕES EM PEX, DN 16 MM, CONEXÃO POR CRIMPAGEM \u0096 FORNECIMENTO E INSTALAÇÃO . AF_06/2015","UN",10.72]
[96824,"CONEXÃO FIXA, ROSCA FÊMEA, PARA INSTALAÇÕES EM PEX, DN 16MM X 1/2\", CONEXÃO POR CRIMPAGEM \u0096 FORNECIMENTO E INSTALAÇÃO. AF_06/2015","UN",11.93]
[96825,"CONEXÃO FIXA, ROSCA FÊMEA, PARA INSTALAÇÕES EM PEX, DN 16MM X 3/4\", CONEXÃO POR CRIMPAGEM \u0096 FORNECIMENTO E INSTALAÇÃO. AF_06/2015","UN",15.73]
[96826,"LUVA PARA INSTALAÇÕES EM PEX, DN 20 MM, CONEXÃO POR CRIMPAGEM   FORNECIMENTO E INSTALAÇÃO. AF_06/2015","UN",14.61]
[96827,"CONEXÃO FIXA, ROSCA FÊMEA, PARA INSTALAÇÕES EM PEX, DN 20MM X 1/2\", CONEXÃO POR CRIMPAGEM \u0096 FORNECIMENTO E INSTALAÇÃO. AF_06/2015","UN",15.1]
[96828,"CONEXÃO FIXA, ROSCA FÊMEA, PARA INSTALAÇÕES EM PEX, DN 20MM X 3/4\", CONEXÃO POR CRIMPAGEM \u0096 FORNECIMENTO E INSTALAÇÃO. AF_06/2015","UN",18.58]
[96829,"LUVA DE REDUÇÃO PARA INSTALAÇÕES EM PEX, DN 20 X 16 MM, CONEXÃO POR CRIMPAGEM \u0096 FORNECIMENTO E INSTALAÇÃO. AF_06/2015","UN",14.59]
[96830,"LUVA PARA INSTALAÇÕES EM PEX, DN 25 MM, CONEXÃO POR CRIMPAGEM   FORNECIMENTO E INSTALAÇÃO. AF_06/2015","UN",20.82]
[96831,"CONEXÃO FIXA, ROSCA FÊMEA, PARA INSTALAÇÕES EM PEX, DN 25MM X 1/2\", CONEXÃO POR CRIMPAGEM \u0096 FORNECIMENTO E INSTALAÇÃO. AF_06/2015","UN",17.31]
[96832,"CONEXÃO FIXA, ROSCA FÊMEA, PARA INSTALAÇÕES EM PEX, DN 25MM X 3/4\", CONEXÃO POR CRIMPAGEM \u0096 FORNECIMENTO E INSTALAÇÃO. AF_06/2015","UN",19.73]
[96833,"LUVA DE REDUÇÃO PARA INSTALAÇÕES EM PEX, DN 25 X 16 MM, CONEXÃO POR CRIMPAGEM \u0096 FORNECIMENTO E INSTALAÇÃO. AF_06/2015","UN",18.59]
[96834,"LUVA PARA INSTALAÇÕES EM PEX, DN 32 MM, CONEXÃO POR CRIMPAGEM \u0096 FORNECIMENTO E INSTALAÇÃO . AF_06/2015","UN",29.96]
[96835,"CONEXÃO FIXA, ROSCA FÊMEA, PARA INSTALAÇÕES EM PEX, DN 32 MM X 3/4\", CONEXÃO POR CRIMPAGEM \u0096 FORNECIMENTO E INSTALAÇÃO. AF_06/2015","UN",26.19]
[96836,"LUVA DE REDUÇÃO PARA INSTALAÇÕES EM PEX, DN 32 X 25 MM, CONEXÃO POR CRIMPAGEM \u0096 FORNECIMENTO E INSTALAÇÃO. AF_06/2015","UN",27.76]
[96837,"JOELHO 90 GRAUS, METÁLICO, PARA INSTALAÇÕES EM PEX, DN 16 MM, CONEXÃO POR ANEL DESLIZANTE   FORNECIMENTO E INSTALAÇÃO. AF_06/2015","UN",16.31]
[96838,"JOELHO 90 GRAUS, ROSCA FÊMEA TERMINAL, METÁLICO, PARA INSTALAÇÕES EM PEX, DN 16MM X 1/2\", CONEXÃO POR ANEL DESLIZANTE \u0096 FORNECIMENTO E INSTALAÇÃO. AF_06/2015","UN",15.19]
[96839,"JOELHO, ROSCA FÊMEA, COM BASE FIXA, METÁLICO, PARA INSTALAÇÕES EM PEX, DN 16MM X 1/2\", CONEXÃO POR ANEL DESLIZANTE \u0096 FORNECIMENTO E INSTALAÇÃO. AF_06/2015","UN",14.99]
[96840,"JOELHO 90 GRAUS, METÁLICO, PARA INSTALAÇÕES EM PEX, DN 20 MM, CONEXÃO POR ANEL DESLIZANTE \u0096 FORNECIMENTO E INSTALAÇÃO . AF_06/2015","UN",19.1]
[96841,"JOELHO 90 GRAUS, ROSCA FÊMEA TERMINAL, METÁLICO, PARA INSTALAÇÕES EM PEX, DN 20 MM X 1/2\", CONEXÃO POR ANEL DESLIZANTE \u0096 FORNECIMENTO E INSTALAÇÃO. AF_06/2015","UN",17.08]
[96842,"JOELHO 90 GRAUS, ROSCA FÊMEA TERMINAL, METÁLICO, PARA INSTALAÇÕES EM PEX, DN 20 MM X 3/4\", CONEXÃO POR ANEL DESLIZANTE \u0096 FORNECIMENTO E INSTALAÇÃO. AF_06/2015","UN",20.95]
[96843,"JOELHO ROSCA FÊMEA, COM BASE FIXA, METÁLICO, PARA INSTALAÇÕES EM PEX, DN 20MM X 1/2\", CONEXÃO POR ANEL DESLIZANTE \u0096 FORNECIMENTO E INSTALAÇÃO. AF_06/2015","UN",20.26]
[96844,"JOELHO ROSCA FÊMEA, MÓVEL, METÁLICO, PARA INSTALAÇÕES EM PEX, DN 20MM X 3/4\", CONEXÃO POR ANEL DESLIZANTE \u0096 FORNECIMENTO E INSTALAÇÃO. AF_06/2015","UN",26.57]
[96845,"JOELHO 90 GRAUS, METÁLICO, PARA INSTALAÇÕES EM PEX, DN 25 MM, CONEXÃO POR ANEL DESLIZANTE   FORNECIMENTO E INSTALAÇÃO. AF_06/2015","UN",28.82]
[96846,"JOELHO 90 GRAUS, ROSCA FÊMEA TERMINAL, METÁLICO, PARA INSTALAÇÕES EM PEX, DN 25 MM X 3/4\", CONEXÃO POR ANEL DESLIZANTE \u0096 FORNECIMENTO E INSTALAÇÃO. AF_06/2015","UN",23.42]
[96847,"JOELHO ROSCA FÊMEA, COM BASE FIXA, METÁLICO, PARA INSTALAÇÕES EM PEX, DN 25MM X 3/4\", CONEXÃO POR ANEL DESLIZANTE \u0096 FORNECIMENTO E INSTALAÇÃO. AF_06/2015","UN",25.4]
[96848,"JOELHO 90 GRAUS, METÁLICO, PARA INSTALAÇÕES EM PEX, DN 32 MM, CONEXÃO POR ANEL DESLIZANTE \u0096 FORNECIMENTO E INSTALAÇÃO . AF_06/2015","UN",37.12]
[96849,"JOELHO 90 GRAUS, PARA INSTALAÇÕES EM PEX, DN 16 MM, CONEXÃO POR CRIMPAGEM   FORNECIMENTO E INSTALAÇÃO. AF_06/2015","UN",13.81]
[96850,"JOELHO 90 GRAUS, ROSCA FÊMEA TERMINAL, PARA INSTALAÇÕES EM PEX, DN 16MM X 1/2\", CONEXÃO POR CRIMPAGEM \u0096 FORNECIMENTO E INSTALAÇÃO. AF_06/2015","UN",15.83]
[96851,"JOELHO 90 GRAUS, ROSCA FÊMEA TERMINAL, PARA INSTALAÇÕES EM PEX, DN 16MM X 3/4\", CONEXÃO POR CRIMPAGEM \u0096 FORNECIMENTO E INSTALAÇÃO. AF_06/2015","UN",20.35]
[96852,"JOELHO 90 GRAUS, PARA INSTALAÇÕES EM PEX, DN 20 MM, CONEXÃO POR CRIMPAGEM   FORNECIMENTO E INSTALAÇÃO. AF_06/2015","UN",18.09]
[96853,"JOELHO 90 GRAUS, ROSCA FÊMEA TERMINAL, PARA INSTALAÇÕES EM PEX, DN 20MM X 1/2\", CONEXÃO POR CRIMPAGEM \u0096 FORNECIMENTO E INSTALAÇÃO. AF_06/2015","UN",20.06]
[96854,"JOELHO 90 GRAUS, ROSCA FÊMEA TERMINAL, PARA INSTALAÇÕES EM PEX, DN 20MM X 3/4\", CONEXÃO POR CRIMPAGEM \u0096 FORNECIMENTO E INSTALAÇÃO. AF_06/2015","UN",23.56]
[96855,"JOELHO 90 GRAUS, PARA INSTALAÇÕES EM PEX, DN 25 MM, CONEXÃO POR CRIMPAGEM   FORNECIMENTO E INSTALAÇÃO. AF_06/2015","UN",22.36]
[96856,"JOELHO 90 GRAUS, ROSCA FÊMEA TERMINAL, PARA INSTALAÇÕES EM PEX, DN 25MM X 1/2\", CONEXÃO POR CRIMPAGEM \u0096 FORNECIMENTO E INSTALAÇÃO. AF_06/2015","UN",22.65]
[96857,"JOELHO 90 GRAUS, ROSCA FÊMEA TERMINAL, PARA INSTALAÇÕES EM PEX, DN 25MM X 1\u0094, CONEXÃO POR CRIMPAGEM \u0096 FORNECIMENTO E INSTALAÇÃO. AF_06/2015","UN",34.47]
[96858,"JOELHO 90 GRAUS, PARA INSTALAÇÕES EM PEX, DN 32 MM, CONEXÃO POR CRIMPAGEM   FORNECIMENTO E INSTALAÇÃO. AF_06/2015","UN",35.44]
[96859,"JOELHO 90 GRAUS, ROSCA FÊMEA TERMINAL, PARA INSTALAÇÕES EM PEX, DN 32 MM X 1\", CONEXÃO POR CRIMPAGEM \u0096 FORNECIMENTO E INSTALAÇÃO. AF_06/2015","UN",43.13]
[96860,"TÊ, METÁLICO, PARA INSTALAÇÕES EM PEX, DN 16 MM, CONEXÃO POR ANEL DESLIZANTE \u0096 FORNECIMENTO E INSTALAÇÃO. AF_06/2015","UN",19.36]
[96861,"TÊ, ROSCA FÊMEA, METÁLICO, PARA INSTALAÇÕES EM PEX, DN 16 MM X ½\u0094, CONEXÃO POR ANEL DESLIZANTE   FORNECIMENTO E INSTALAÇÃO. AF_06/2015","UN",20.64]
[96862,"TÊ, METÁLICO, PARA INSTALAÇÕES EM PEX, DN 20 MM, CONEXÃO POR ANEL DESLIZANTE \u0096 FORNECIMENTO E INSTALAÇÃO. AF_06/2015","UN",23.27]
[96863,"TÊ, ROSCA FÊMEA, METÁLICO, PARA INSTALAÇÕES EM PEX, DN 20 MM X ½\u0094, CONEXÃO POR ANEL DESLIZANTE   FORNECIMENTO E INSTALAÇÃO. AF_06/2015","UN",23.06]
[96864,"TÊ, METÁLICO, PARA INSTALAÇÕES EM PEX, DN 25 MM, CONEXÃO POR ANEL DESLIZANTE \u0096 FORNECIMENTO E INSTALAÇÃO. AF_06/2015","UN",35]
[96865,"TÊ, ROSCA FÊMEA, METÁLICO, PARA INSTALAÇÕES EM PEX, DN 25 MM X 3/4\", CONEXÃO POR ANEL DESLIZANTE \u0096 FORNECIMENTO E INSTALAÇÃO. AF_06/2015","UN",34.38]
[96866,"TÊ, METÁLICO, PARA INSTALAÇÕES EM PEX, DN 32 MM, CONEXÃO POR ANEL DESLIZANTE \u0096 FORNECIMENTO E INSTALAÇÃO. AF_06/2015","UN",45.6]
[96867,"TÊ, ROSCA MACHO, METÁLICO, PARA INSTALAÇÕES EM PEX, DN 32 MM X 1\", CONEXÃO POR ANEL DESLIZANTE \u0096 FORNECIMENTO E INSTALAÇÃO. AF_06/2015","UN",52.05]
[96868,"TÊ, PARA INSTALAÇÕES EM PEX, DN 16 MM, CONEXÃO POR CRIMPAGEM \u0096 FORNECIMENTO E INSTALAÇÃO. AF_06/2015","UN",20.98]
[96869,"TÊ, PARA INSTALAÇÕES EM PEX, DN 20 MM, CONEXÃO POR CRIMPAGEM \u0096 FORNECIMENTO E INSTALAÇÃO. AF_06/2015","UN",25.03]
[96870,"TÊ, PEX, DN 25 MM, CONEXÃO POR CRIMPAGEM \u0096 FORNECIMENTO E INSTALAÇÃO. AF_06/2015","UN",38.39]
[96871,"TÊ, PARA INSTALAÇÕES EM PEX, DN 32 MM, CONEXÃO POR CRIMPAGEM \u0096 FORNECIMENTO E INSTALAÇÃO. AF_06/2015","UN",54.87]
[96872,"DISTRIBUIDOR 2 SAÍDAS, METÁLICO, PARA INSTALAÇÕES EM PEX, ENTRADA DE 3/4\" X 2 SAÍDAS DE 1/2\", CONEXÃO POR ANEL DESLIZANTE \u0096 FORNECIMENTO E INSTALAÇÃO. AF_06/2015","UN",53.6]
[96873,"DISTRIBUIDOR 2 SAÍDAS, METÁLICO, PARA INSTALAÇÕES EM PEX, ENTRADA DE 1\" X 2 SAÍDAS DE 1/2\", CONEXÃO POR ANEL DESLIZANTE \u0096 FORNECIMENTO E INSTALAÇÃO. AF_06/2015","UN",60.72]
[96874,"DISTRIBUIDOR 3 SAÍDAS, METÁLICO, PARA INSTALAÇÕES EM PEX, ENTRADA DE 3/4\" X 3 SAÍDAS DE 1/2\", CONEXÃO POR ANEL DESLIZANTE \u0096 FORNECIMENTO E INSTALAÇÃO . AF_06/2015","UN",65.89]
[96875,"DISTRIBUIDOR 3 SAÍDAS, METÁLICO, PARA INSTALAÇÕES EM PEX, ENTRADA DE 1\u0094 X 3 SAÍDAS DE 1/2\u0094, CONEXÃO POR ANEL DESLIZANTE   FORNECIMENTO E INSTALAÇÃO. AF_06/2015","UN",77.34]
[96876,"DISTRIBUIDOR 2 SAÍDAS, PARA INSTALAÇÕES EM PEX, ENTRADA DE 32 MM X 2 SAÍDAS DE 16 MM, CONEXÃO POR CRIMPAGEM FORNECIMENTO E INSTALAÇÃO. AF_06/2015","UN",127.63]
[96877,"DISTRIBUIDOR 2 SAÍDAS, PARA INSTALAÇÕES EM PEX, ENTRADA DE 32 MM X 2 SAÍDAS DE 20 MM, CONEXÃO POR CRIMPAGEM \u0096 FORNECIMENTO E INSTALAÇÃO. AF_06/2015","UN",135.94]
[96878,"DISTRIBUIDOR 2 SAÍDAS, PARA INSTALAÇÕES EM PEX, ENTRADA DE 32 MM X 2 SAÍDAS DE 25 MM, CONEXÃO POR CRIMPAGEM \u0096 FORNECIMENTO E INSTALAÇÃO. AF_06/2015","UN",137.49]
[96879,"DISTRIBUIDOR 3 SAÍDAS, PARA INSTALAÇÕES EM PEX, ENTRADA DE 32 MM X 3 SAÍDAS DE 16 MM, CONEXÃO POR CRIMPAGEM \u0096 FORNECIMENTO E INSTALAÇÃO. AF_06/2015","UN",139.71]
[96880,"DISTRIBUIDOR 3 SAÍDAS, PARA INSTALAÇÕES EM PEX, ENTRADA DE 32 MM X 3 SAÍDAS DE 20 MM, CONEXÃO POR CRIMPAGEM \u0096 FORNECIMENTO E INSTALAÇÃO. AF_06/2015","UN",158.31]
[96881,"DISTRIBUIDOR 3 SAÍDAS, PARA INSTALAÇÕES EM PEX, ENTRADA DE 32 MM X 3 SAÍDAS DE 25 MM, CONEXÃO POR CRIMPAGEM \u0096 FORNECIMENTO E INSTALAÇÃO. AF_06/2015","UN",166.74]
[97425,"FLANGE EM AÇO, DN 15 MM X 1/2'', INSTALADO EM RESERVAÇÃO DE ÁGUA DE EDIFICAÇÃO QUE POSSUA RESERVATÓRIO DE FIBRA/FIBROCIMENTO - FORNECIMENTO E INSTALAÇÃO. AF_06/2016","UN",22.62]
[97426,"FLANGE EM AÇO, DN 20 MM X 3/4'', INSTALADO EM RESERVAÇÃO DE ÁGUA DE EDIFICAÇÃO QUE POSSUA RESERVATÓRIO DE FIBRA/FIBROCIMENTO - FORNECIMENTO E INSTALAÇÃO. AF_06/2016","UN",26.72]
[97427,"FLANGE EM AÇO, DN 25 MM X 1'', INSTALADO EM RESERVAÇÃO DE ÁGUA DE EDIFICAÇÃO QUE POSSUA RESERVATÓRIO DE FIBRA/FIBROCIMENTO - FORNECIMENTO E INSTALAÇÃO. AF_06/2016","UN",29.82]
[97428,"FLANGE EM AÇO, DN 32 MM X 1 1/4'', INSTALADO EM RESERVAÇÃO DE ÁGUA DE EDIFICAÇÃO QUE POSSUA RESERVATÓRIO DE FIBRA/FIBROCIMENTO - FORNECIMENTO E INSTALAÇÃO. AF_06/2016","UN",37.02]
[97429,"FLANGE EM AÇO, DN 40 MM X 1 1/2'', INSTALADO EM RESERVAÇÃO DE ÁGUA DE EDIFICAÇÃO QUE POSSUA RESERVATÓRIO DE FIBRA/FIBROCIMENTO - FORNECIMENTO E INSTALAÇÃO. AF_06/2016","UN",43.64]
[97430,"ACOPLAMENTO RÍGIDO EM AÇO, CONEXÃO RANHURADA, DN 50 (2\"), INSTALADO EM PRUMADAS - FORNECIMENTO E INSTALAÇÃO. AF_12/2015","UN",28.46]
[97431,"ACOPLAMENTO RÍGIDO EM AÇO, CONEXÃO RANHURADA, DN 65 (2 1/2\"), INSTALADO EM PRUMADAS - FORNECIMENTO E INSTALAÇÃO. AF_12/2015","UN",31.95]
[97432,"ACOPLAMENTO RÍGIDO EM AÇO, CONEXÃO RANHURADA, DN 80 (3\"), INSTALADO EM PRUMADAS - FORNECIMENTO E INSTALAÇÃO. AF_12/2015","UN",36.07]
[97433,"CURVA 45 GRAUS, EM AÇO, CONEXÃO RANHURADA, DN 50 (2\u0094), INSTALADO EM PRUMADAS - FORNECIMENTO E INSTALAÇÃO. AF_12/2015","UN",60.63]
[97434,"CURVA 90 GRAUS, EM AÇO, CONEXÃO RANHURADA, DN 50 (2\"), INSTALADO EM PRUMADAS - FORNECIMENTO E INSTALAÇÃO. AF_12/2015","UN",61.61]
[97435,"CURVA 45 GRAUS, EM AÇO, CONEXÃO RANHURADA, DN 65 (2 1/2\"), INSTALADO EM PRUMADAS - FORNECIMENTO E INSTALAÇÃO. AF_12/2015","UN",70.77]
[97436,"CURVA 90 GRAUS, EM AÇO, CONEXÃO RANHURADA, DN 65 (2 1/2\u0094), INSTALADO EM PRUMADAS - FORNECIMENTO E INSTALAÇÃO. AF_12/2015","UN",72.65]
[97437,"CURVA 45 GRAUS, EM AÇO, CONEXÃO RANHURADA, DN 80 (3\"), INSTALADO EM PRUMADAS - FORNECIMENTO E INSTALAÇÃO. AF_12/2015","UN",80.89]
[97438,"CURVA 90 GRAUS, EM AÇO, CONEXÃO RANHURADA, DN 80 (3\"), INSTALADO EM PRUMADAS - FORNECIMENTO E INSTALAÇÃO. AF_12/2015","UN",82.91]
[97439,"TÊ, EM AÇO, CONEXÃO RANHURADA, DN 50 (2\"), INSTALADO EM PRUMADAS - FORNECIMENTO E INSTALAÇÃO. AF_12/2015","UN",90.25]
[97440,"TÊ, EM AÇO, CONEXÃO RANHURADA, DN 65 (2 1/2\"), INSTALADO EM PRUMADAS - FORNECIMENTO E INSTALAÇÃO. AF_12/2015","UN",107.66]
[97442,"TÊ, EM AÇO, CONEXÃO RANHURADA, DN 80 (3\"), INSTALADO EM PRUMADAS - FORNECIMENTO E INSTALAÇÃO. AF_12/2015","UN",119.27]
[97443,"LUVA, EM AÇO, CONEXÃO SOLDADA, DN 50 (2\"), INSTALADO EM PRUMADAS - FORNECIMENTO E INSTALAÇÃO. AF_12/2015","UN",67.45]
[97444,"LUVA COM REDUÇÃO, EM AÇO, CONEXÃO SOLDADA, DN 50 X 40 MM (2\u0094 X 1 1/2\u0094), INSTALADO EM PRUMADAS - FORNECIMENTO E INSTALAÇÃO. AF_12/2015","UN",76.42]
[97446,"LUVA, EM AÇO, CONEXÃO SOLDADA, DN 65 (2 1/2\"), INSTALADO EM PRUMADAS - FORNECIMENTO E INSTALAÇÃO. AF_12/2015","UN",121.94]
[97447,"LUVA COM REDUÇÃO, EM AÇO, CONEXÃO SOLDADA, DN 65 X 50 MM (2 1/2\" X 2\"), INSTALADO EM PRUMADAS - FORNECIMENTO E INSTALAÇÃO. AF_12/2015","UN",121.94]
[97449,"LUVA, EM AÇO, CONEXÃO SOLDADA, DN 80 (3\u0094), INSTALADO EM PRUMADAS - FORNECIMENTO E INSTALAÇÃO. AF_12/2015","UN",130.64]
[97450,"LUVA COM REDUÇÃO, EM AÇO, CONEXÃO SOLDADA, DN 80 X 65 MM (3\" X 2 1/2\"), INSTALADO EM PRUMADAS - FORNECIMENTO E INSTALAÇÃO. AF_12/2015","UN",155.06]
[97452,"CURVA 45 GRAUS, EM AÇO, CONEXÃO SOLDADA, DN 50 (2\u0094), INSTALADO EM PRUMADAS - FORNECIMENTO E INSTALAÇÃO. AF_12/2015","UN",108.33]
[97453,"CURVA 90 GRAUS, EM AÇO, CONEXÃO SOLDADA, DN 50 (2\u0094), INSTALADO EM PRUMADAS - FORNECIMENTO E INSTALAÇÃO. AF_12/2015","UN",113.45]
[97454,"CURVA 45 GRAUS, EM AÇO, CONEXÃO SOLDADA, DN 65 (2 1/2\u0094), INSTALADO EM PRUMADAS - FORNECIMENTO E INSTALAÇÃO. AF_12/2015","UN",169.67]
[97455,"CURVA 90 GRAUS, EM AÇO, CONEXÃO SOLDADA, DN 65 (2 1/2\u0094), INSTALADO EM PRUMADAS - FORNECIMENTO E INSTALAÇÃO. AF_12/2015","UN",177.86]
[97456,"CURVA 45 GRAUS, EM AÇO, CONEXÃO SOLDADA, DN 80 (3\u0094), INSTALADO EM PRUMADAS - FORNECIMENTO E INSTALAÇÃO. AF_12/2015","UN",351.79]
[97457,"CURVA 90 GRAUS, EM AÇO, CONEXÃO SOLDADA, DN 80 (3\u0094), INSTALADO EM PRUMADAS - FORNECIMENTO E INSTALAÇÃO. AF_12/2015","UN",315.06]
[97458,"TÊ, EM AÇO, CONEXÃO SOLDADA, DN 50 (2\"), INSTALADO EM PRUMADAS - FORNECIMENTO E INSTALAÇÃO. AF_12/2015","UN",165.09]
[97459,"TÊ, EM AÇO, CONEXÃO SOLDADA, DN 65 (2 1/2\"), INSTALADO EM PRUMADAS - FORNECIMENTO E INSTALAÇÃO. AF_12/2015","UN",263.16]
[97460,"TÊ, EM AÇO, CONEXÃO SOLDADA, DN 80 (3\"), INSTALADO EM PRUMADAS - FORNECIMENTO E INSTALAÇÃO. AF_12/2015","UN",388.16]
[97461,"LUVA, EM AÇO, CONEXÃO SOLDADA, DN 25 (1\u0094), INSTALADO EM REDE DE ALIMENTAÇÃO PARA HIDRANTE - FORNECIMENTO E INSTALAÇÃO. AF_12/2015","UN",20.96]
[97462,"LUVA COM REDUÇÃO, EM AÇO, CONEXÃO SOLDADA, DN 25 X 20 MM (1\u0094 X 3/4\u0094), INSTALADO EM REDE DE ALIMENTAÇÃO PARA HIDRANTE - FORNECIMENTO E INSTALAÇÃO. AF_12/2015","UN",18.33]
[97464,"LUVA, EM AÇO, CONEXÃO SOLDADA, DN 32 (1 1/4\u0094), INSTALADO EM REDE DE ALIMENTAÇÃO PARA HIDRANTE - FORNECIMENTO E INSTALAÇÃO. AF_12/2015","UN",29.38]
[97465,"LUVA COM REDUÇÃO, EM AÇO, CONEXÃO SOLDADA, DN 32 X 25 MM (1 1/4\u0094  X 1\u0094), INSTALADO EM REDE DE ALIMENTAÇÃO PARA HIDRANTE - FORNECIMENTO E INSTALAÇÃO. AF_12/2015","UN",33.81]
[97467,"LUVA, EM AÇO, CONEXÃO SOLDADA, DN 40 (1 1/2\u0094), INSTALADO EM REDE DE ALIMENTAÇÃO PARA HIDRANTE - FORNECIMENTO E INSTALAÇÃO. AF_12/2015","UN",37.15]
[97468,"LUVA COM REDUÇÃO, EM AÇO, CONEXÃO SOLDADA, DN 40  X 32 MM (1 1/2\u0094 X 1 1/4\u0094), INSTALADO EM REDE DE ALIMENTAÇÃO PARA HIDRANTE - FORNECIMENTO E INSTALAÇÃO. AF_12/2015","UN",42.83]
[97470,"LUVA, EM AÇO, CONEXÃO SOLDADA, DN 50 (2\u0094), INSTALADO EM REDE DE ALIMENTAÇÃO PARA HIDRANTE - FORNECIMENTO E INSTALAÇÃO. AF_12/2015","UN",53.09]
[97471,"LUVA COM REDUÇÃO, EM AÇO, CONEXÃO SOLDADA, DN 50 X 40 MM (2\u0094 X 1 1/2\u0094), INSTALADO EM REDE DE ALIMENTAÇÃO PARA HIDRANTE - FORNECIMENTO E INSTALAÇÃO. AF_12/2015","UN",62.06]
[97474,"LUVA, EM AÇO, CONEXÃO SOLDADA, DN 65 (2 1/2\u0094), INSTALADO EM REDE DE ALIMENTAÇÃO PARA HIDRANTE - FORNECIMENTO E INSTALAÇÃO. AF_12/2015","UN",91.89]
[97475,"LUVA COM REDUÇÃO, EM AÇO, CONEXÃO SOLDADA, DN 65 X 50 MM (2 1/2\u0094 X 2\u0094), INSTALADO EM REDE DE ALIMENTAÇÃO PARA HIDRANTE - FORNECIMENTO E INSTALAÇÃO. AF_12/2015","UN",110.02]
[97477,"LUVA, EM AÇO, CONEXÃO SOLDADA, DN 80 (3\u0094), INSTALADO EM REDE DE ALIMENTAÇÃO PARA HIDRANTE - FORNECIMENTO E INSTALAÇÃO. AF_12/2015","UN",121.17]
[97478,"LUVA COM REDUÇÃO, EM AÇO, CONEXÃO SOLDADA, DN 80 X 65 MM (3\u0094 X 2 1/2\u0094), INSTALADO EM REDE DE ALIMENTAÇÃO PARA HIDRANTE - FORNECIMENTO E INSTALAÇÃO. AF_12/2015","UN",145.59]
[97479,"CURVA 45 GRAUS, EM AÇO, CONEXÃO SOLDADA, DN 25 (1\u0094), INSTALADO EM REDE DE ALIMENTAÇÃO PARA HIDRANTE - FORNECIMENTO E INSTALAÇÃO. AF_12/2015","UN",33.15]
[97480,"CURVA 90 GRAUS, EM AÇO, CONEXÃO SOLDADA, DN 25 (1\u0094), INSTALADO EM REDE DE ALIMENTAÇÃO PARA HIDRANTE - FORNECIMENTO E INSTALAÇÃO. AF_12/2015","UN",33.15]
[97481,"CURVA 45 GRAUS, EM AÇO, CONEXÃO SOLDADA, DN 32 (1 1/4\u0094), INSTALADO EM REDE DE ALIMENTAÇÃO PARA HIDRANTE - FORNECIMENTO E INSTALAÇÃO. AF_12/2015","UN",46.77]
[97482,"CURVA 90 GRAUS, EM AÇO, CONEXÃO SOLDADA, DN 32 (1 1/4\u0094), INSTALADO EM REDE DE ALIMENTAÇÃO PARA HIDRANTE - FORNECIMENTO E INSTALAÇÃO. AF_12/2015","UN",46.77]
[97483,"CURVA 45 GRAUS, EM AÇO, CONEXÃO SOLDADA, DN 40 (1 1/2\"), INSTALADO EM REDE DE ALIMENTAÇÃO PARA HIDRANTE - FORNECIMENTO E INSTALAÇÃO. AF_12/2015","UN",64.05]
[97484,"CURVA 90 GRAUS, EM AÇO, CONEXÃO SOLDADA, DN 40 (1 1/2\"), INSTALADO EM REDE DE ALIMENTAÇÃO PARA HIDRANTE - FORNECIMENTO E INSTALAÇÃO. AF_12/2015","UN",64.05]
[97485,"CURVA 45 GRAUS, EM AÇO, CONEXÃO SOLDADA, DN 50 (2\"), INSTALADO EM REDE DE ALIMENTAÇÃO PARA HIDRANTE - FORNECIMENTO E INSTALAÇÃO. AF_12/2015","UN",86.8]
[97486,"CURVA 90 GRAUS, EM AÇO, CONEXÃO SOLDADA, DN 50 (2\"), INSTALADO EM REDE DE ALIMENTAÇÃO PARA HIDRANTE - FORNECIMENTO E INSTALAÇÃO. AF_12/2015","UN",91.92]
[97487,"CURVA 45 GRAUS, EM AÇO, CONEXÃO SOLDADA, DN 65 (2 1/2\"), INSTALADO EM REDE DE ALIMENTAÇÃO PARA HIDRANTE - FORNECIMENTO E INSTALAÇÃO. AF_12/2015","UN",151.83]
[97488,"CURVA 90 GRAUS, EM AÇO, CONEXÃO SOLDADA, DN 65 (2 1/2\"), INSTALADO EM REDE DE ALIMENTAÇÃO PARA HIDRANTE - FORNECIMENTO E INSTALAÇÃO. AF_12/2015","UN",160.02]
[97489,"CURVA 45 GRAUS, EM AÇO, CONEXÃO SOLDADA, DN 80 (3\"), INSTALADO EM REDE DE ALIMENTAÇÃO PARA HIDRANTE - FORNECIMENTO E INSTALAÇÃO. AF_12/2015","UN",337.55]
[97490,"CURVA 90 GRAUS, EM AÇO, CONEXÃO SOLDADA, DN 80 (3\"), INSTALADO EM REDE DE ALIMENTAÇÃO PARA HIDRANTE - FORNECIMENTO E INSTALAÇÃO. AF_12/2015","UN",300.82]
[97491,"TÊ, EM AÇO, CONEXÃO SOLDADA, DN 25 (1\"), INSTALADO EM REDE DE ALIMENTAÇÃO PARA HIDRANTE - FORNECIMENTO E INSTALAÇÃO. AF_12/2015","UN",49.61]
[97492,"TÊ, EM AÇO, CONEXÃO SOLDADA, DN 32 (1 1/4\"), INSTALADO EM REDE DE ALIMENTAÇÃO PARA HIDRANTE - FORNECIMENTO E INSTALAÇÃO. AF_12/2015","UN",70.98]
[97493,"TÊ, EM AÇO, CONEXÃO SOLDADA, DN 40 (1 1/2\"), INSTALADO EM REDE DE ALIMENTAÇÃO PARA HIDRANTE - FORNECIMENTO E INSTALAÇÃO. AF_12/2015","UN",91]
[97494,"TÊ, EM AÇO, CONEXÃO SOLDADA, DN 50 (2\"), INSTALADO EM REDE DE ALIMENTAÇÃO PARA HIDRANTE - FORNECIMENTO E INSTALAÇÃO. AF_12/2015","UN",136.36]
[97495,"TÊ, EM AÇO, CONEXÃO SOLDADA, DN 65 (2 1/2\"), INSTALADO EM REDE DE ALIMENTAÇÃO PARA HIDRANTE - FORNECIMENTO E INSTALAÇÃO. AF_12/2015","UN",239.31]
[97496,"TÊ, EM AÇO, CONEXÃO SOLDADA, DN 80 (3\"), INSTALADO EM REDE DE ALIMENTAÇÃO PARA HIDRANTE - FORNECIMENTO E INSTALAÇÃO. AF_12/2015","UN",369.22]
[97499,"LUVA, EM AÇO, CONEXÃO SOLDADA, DN 25 (1\"), INSTALADO EM REDE DE ALIMENTAÇÃO PARA SPRINKLER - FORNECIMENTO E INSTALAÇÃO. AF_12/2015","UN",18.64]
[97500,"LUVA COM REDUÇÃO, EM AÇO, CONEXÃO SOLDADA, DN 25 X 20 MM (1\" X 3/4\"), INSTALADO EM REDE DE ALIMENTAÇÃO PARA SPRINKLER - FORNECIMENTO E INSTALAÇÃO. AF_12/2015","UN",16.01]
[97502,"LUVA, EM AÇO, CONEXÃO SOLDADA, DN 32 (1 1/4\"), INSTALADO EM REDE DE ALIMENTAÇÃO PARA SPRINKLER - FORNECIMENTO E INSTALAÇÃO. AF_12/2015","UN",25.08]
[97503,"LUVA COM REDUÇÃO, EM AÇO, CONEXÃO SOLDADA, DN 32 X 25 MM (1 1/4\"  X 1\"), INSTALADO EM REDE DE ALIMENTAÇÃO PARA SPRINKLER - FORNECIMENTO E INSTALAÇÃO. AF_12/2015","UN",29.73]
[97505,"LUVA, EM AÇO, CONEXÃO SOLDADA, DN 40 (1 1/2\"), INSTALADO EM REDE DE ALIMENTAÇÃO PARA SPRINKLER - FORNECIMENTO E INSTALAÇÃO. AF_12/2015","UN",31.09]
[97506,"LUVA COM REDUÇÃO, EM AÇO, CONEXÃO SOLDADA, DN 40  X 32 MM (1 1/2\" X 1 1/4\"), INSTALADO EM REDE DE ALIMENTAÇÃO PARA SPRINKLER - FORNECIMENTO E INSTALAÇÃO. AF_12/2015","UN",36.77]
[97508,"LUVA, EM AÇO, CONEXÃO SOLDADA, DN 50 (2\"), INSTALADO EM REDE DE ALIMENTAÇÃO PARA SPRINKLER - FORNECIMENTO E INSTALAÇÃO. AF_12/2015","UN",44.5]
[97509,"LUVA COM REDUÇÃO, EM AÇO, CONEXÃO SOLDADA, DN 50 X 40 MM (2\" X 1 1/2\"), INSTALADO EM REDE DE ALIMENTAÇÃO PARA SPRINKLER - FORNECIMENTO E INSTALAÇÃO. AF_12/2015","UN",53.47]
[97511,"LUVA, EM AÇO, CONEXÃO SOLDADA, DN 65 (2 1/2\"), INSTALADO EM REDE DE ALIMENTAÇÃO PARA SPRINKLER - FORNECIMENTO E INSTALAÇÃO. AF_12/2015","UN",79.56]
[97512,"LUVA COM REDUÇÃO, EM AÇO, CONEXÃO SOLDADA, DN 65 X 50 MM (2 1/2\" X 2\"), INSTALADO EM REDE DE ALIMENTAÇÃO PARA SPRINKLER - FORNECIMENTO E INSTALAÇÃO. AF_12/2015","UN",97.69]
[97514,"LUVA, EM AÇO, CONEXÃO SOLDADA, DN 80 (3\"), INSTALADO EM REDE DE ALIMENTAÇÃO PARA SPRINKLER - FORNECIMENTO E INSTALAÇÃO. AF_12/2015","UN",104.96]
[97515,"LUVA COM REDUÇÃO, EM AÇO, CONEXÃO SOLDADA, DN 80 X 65 MM (3\" X 2 1/2\"), INSTALADO EM REDE DE ALIMENTAÇÃO PARA SPRINKLER - FORNECIMENTO E INSTALAÇÃO. AF_12/2015","UN",129.38]
[97517,"CURVA 45 GRAUS, EM AÇO, CONEXÃO SOLDADA, DN 25 (1\"), INSTALADO EM REDE DE ALIMENTAÇÃO PARA SPRINKLER - FORNECIMENTO E INSTALAÇÃO. AF_12/2015","UN",29.67]
[97518,"CURVA 90 GRAUS, EM AÇO, CONEXÃO SOLDADA, DN 25 (1\"), INSTALADO EM REDE DE ALIMENTAÇÃO PARA SPRINKLER - FORNECIMENTO E INSTALAÇÃO. AF_12/2015","UN",29.67]
[97519,"CURVA 45 GRAUS, EM AÇO, CONEXÃO SOLDADA, DN 32 (1 1/4\"), INSTALADO EM REDE DE ALIMENTAÇÃO PARA SPRINKLER - FORNECIMENTO E INSTALAÇÃO. AF_12/2015","UN",40.64]
[97520,"CURVA 90 GRAUS, EM AÇO, CONEXÃO SOLDADA, DN 32 (1 1/4\"), INSTALADO EM REDE DE ALIMENTAÇÃO PARA SPRINKLER - FORNECIMENTO E INSTALAÇÃO. AF_12/2015","UN",40.64]
[97521,"CURVA 45 GRAUS, EM AÇO, CONEXÃO SOLDADA, DN 40 (1 1/2\"), INSTALADO EM REDE DE ALIMENTAÇÃO PARA SPRINKLER - FORNECIMENTO E INSTALAÇÃO. AF_12/2015","UN",54.92]
[97522,"CURVA 90 GRAUS, EM AÇO, CONEXÃO SOLDADA, DN 40 (1 1/2\"), INSTALADO EM REDE DE ALIMENTAÇÃO PARA SPRINKLER - FORNECIMENTO E INSTALAÇÃO. AF_12/2015","UN",54.92]
[97523,"CURVA 45 GRAUS, EM AÇO, CONEXÃO SOLDADA, DN 50 (2\"), INSTALADO EM REDE DE ALIMENTAÇÃO PARA SPRINKLER - FORNECIMENTO E INSTALAÇÃO. AF_12/2015","UN",73.92]
[97524,"CURVA 90 GRAUS, EM AÇO, CONEXÃO SOLDADA, DN 50 (2\"), INSTALADO EM REDE DE ALIMENTAÇÃO PARA SPRINKLER - FORNECIMENTO E INSTALAÇÃO. AF_12/2015","UN",79.04]
[97525,"CURVA 45 GRAUS, EM AÇO, CONEXÃO SOLDADA, DN 65 (2 1/2\"), INSTALADO EM REDE DE ALIMENTAÇÃO PARA SPRINKLER - FORNECIMENTO E INSTALAÇÃO. AF_12/2015","UN",133.24]
[97526,"CURVA 90 GRAUS, EM AÇO, CONEXÃO SOLDADA, DN 65 (2 1/2\"), INSTALADO EM REDE DE ALIMENTAÇÃO PARA SPRINKLER - FORNECIMENTO E INSTALAÇÃO. AF_12/2015","UN",141.43]
[97527,"CURVA 45 GRAUS, EM AÇO, CONEXÃO SOLDADA, DN 80 (3\"), INSTALADO EM REDE DE ALIMENTAÇÃO PARA SPRINKLER - FORNECIMENTO E INSTALAÇÃO. AF_12/2015","UN",313.29]
[97528,"CURVA 90 GRAUS, EM AÇO, CONEXÃO SOLDADA, DN 80 (3\"), INSTALADO EM REDE DE ALIMENTAÇÃO PARA SPRINKLER - FORNECIMENTO E INSTALAÇÃO. AF_12/2015","UN",276.56]
[97529,"TÊ, EM AÇO, CONEXÃO SOLDADA, DN 25 (1\"), INSTALADO EM REDE DE ALIMENTAÇÃO PARA SPRINKLER - FORNECIMENTO E INSTALAÇÃO. AF_12/2015","UN",45.05]
[97530,"TÊ, EM AÇO, CONEXÃO SOLDADA, DN 32 (1 1/4\"), INSTALADO EM REDE DE ALIMENTAÇÃO PARA SPRINKLER - FORNECIMENTO E INSTALAÇÃO. AF_12/2015","UN",62.81]
[97531,"TÊ, EM AÇO, CONEXÃO SOLDADA, DN 40 (1 1/2\"), INSTALADO EM REDE DE ALIMENTAÇÃO PARA SPRINKLER - FORNECIMENTO E INSTALAÇÃO. AF_12/2015","UN",78.81]
[97532,"TÊ, EM AÇO, CONEXÃO SOLDADA, DN 50 (2\"), INSTALADO EM REDE DE ALIMENTAÇÃO PARA SPRINKLER - FORNECIMENTO E INSTALAÇÃO. AF_12/2015","UN",119.18]
[97533,"TÊ, EM AÇO, CONEXÃO SOLDADA, DN 65 (2 1/2\"), INSTALADO EM REDE DE ALIMENTAÇÃO PARA SPRINKLER - FORNECIMENTO E INSTALAÇÃO. AF_12/2015","UN",218.18]
[97534,"TÊ, EM AÇO, CONEXÃO SOLDADA, DN 80 (3\"), INSTALADO EM REDE DE ALIMENTAÇÃO PARA SPRINKLER - FORNECIMENTO E INSTALAÇÃO. AF_12/2015","UN",336.87]
[97537,"LUVA, EM AÇO, CONEXÃO SOLDADA, DN 15 (1/2\"), INSTALADO EM RAMAIS E SUB-RAMAIS DE GÁS - FORNECIMENTO E INSTALAÇÃO. AF_12/2015","UN",14.83]
[97540,"LUVA, EM AÇO, CONEXÃO SOLDADA, DN 20 (3/4\"), INSTALADO EM RAMAIS E SUB-RAMAIS DE GÁS - FORNECIMENTO E INSTALAÇÃO. AF_12/2015","UN",21.3]
[97541,"LUVA COM REDUÇÃO, EM AÇO, CONEXÃO SOLDADA, DN 20 X 15 MM (3/4 \" X 1/2\"), INSTALADO EM RAMAIS E SUB-RAMAIS DE GÁS - FORNECIMENTO E INSTALAÇÃO. AF_12/2015","UN",19.12]
[97543,"LUVA, EM AÇO, CONEXÃO SOLDADA, DN 25 (1\"), INSTALADO EM RAMAIS E SUB-RAMAIS DE GÁS - FORNECIMENTO E INSTALAÇÃO. AF_12/2015","UN",36.69]
[97544,"LUVA COM REDUÇÃO, EM AÇO, CONEXÃO SOLDADA, DN 25 X 20 MM (1\" X 3/4\"), INSTALADO EM RAMAIS E SUB-RAMAIS DE GÁS - FORNECIMENTO E INSTALAÇÃO. AF_12/2015","UN",34.06]
[97546,"CURVA 45 GRAUS, EM AÇO, CONEXÃO SOLDADA, DN 15 (1/2\"), INSTALADO EM RAMAIS E SUB-RAMAIS DE GÁS - FORNECIMENTO E INSTALAÇÃO. AF_12/2015","UN",21.11]
[97547,"CURVA 90 GRAUS, EM AÇO, CONEXÃO SOLDADA, DN 15 (1/2\"), INSTALADO EM RAMAIS E SUB-RAMAIS DE GÁS - FORNECIMENTO E INSTALAÇÃO. AF_12/2015","UN",21.11]
[97548,"CURVA 45 GRAUS, EM AÇO, CONEXÃO SOLDADA, DN 20 (3/4\"), INSTALADO EM RAMAIS E SUB-RAMAIS DE GÁS - FORNECIMENTO E INSTALAÇÃO. AF_12/2015","UN",32.55]
[97549,"CURVA 90 GRAUS, EM AÇO, CONEXÃO SOLDADA, DN 20 (3/4\"), INSTALADO EM RAMAIS E SUB-RAMAIS DE GÁS - FORNECIMENTO E INSTALAÇÃO. AF_12/2015","UN",32.55]
[97550,"CURVA 45 GRAUS, EM AÇO, CONEXÃO SOLDADA, DN 25 (1\"), INSTALADO EM RAMAIS E SUB-RAMAIS DE GÁS - FORNECIMENTO E INSTALAÇÃO. AF_12/2015","UN",56.78]
[97551,"CURVA 90 GRAUS, EM AÇO, CONEXÃO SOLDADA, DN 25 (1\"), INSTALADO EM RAMAIS E SUB-RAMAIS DE GÁS - FORNECIMENTO E INSTALAÇÃO. AF_12/2015","UN",56.78]
[97552,"TÊ, EM AÇO, CONEXÃO SOLDADA, DN 15 (1/2\"), INSTALADO EM RAMAIS E SUB-RAMAIS DE GÁS - FORNECIMENTO E INSTALAÇÃO. AF_12/2015","UN",30.05]
[97553,"TÊ, EM AÇO, CONEXÃO SOLDADA, DN 20 (3/4\"), INSTALADO EM RAMAIS E SUB-RAMAIS DE GÁS - FORNECIMENTO E INSTALAÇÃO. AF_12/2015","UN",45.32]
[97554,"TÊ, EM AÇO, CONEXÃO SOLDADA, DN 25 (1\"), INSTALADO EM RAMAIS E SUB-RAMAIS DE GÁS - FORNECIMENTO E INSTALAÇÃO. AF_12/2015","UN",81.21]
[98602,"CONECTOR EM BRONZE/LATÃO, DN 22 MM X 1/2\", SEM ANEL DE SOLDA, BOLSA X ROSCA F, INSTALADO EM PRUMADA \u0096 FORNECIMENTO E INSTALAÇÃO. AF_01/2016","UN",12.1]
[6171,"TAMPA DE CONCRETO ARMADO 60X60X5CM PARA CAIXA","UN",23.03]
["74166/1","CAIXA DE INSPEÇÃO EM CONCRETO PRÉ-MOLDADO DN 60CM COM TAMPA H= 60CM - FORNECIMENTO E INSTALACAO","UN",215.03]
["74166/2","CAIXA DE INSPECAO EM ANEL DE CONCRETO PRE MOLDADO, COM 950MM DE ALTURA TOTAL. ANEIS COM ESP=50MM, DIAM.=600MM. EXCLUSIVE TAMPAO E ESCAVACAO - FORNECIMENTO E INSTALACAO","UN",268.51]
[88503,"CAIXA D´ÁGUA EM POLIETILENO, 1000 LITROS, COM ACESSÓRIOS","UN",720.71]
[88504,"CAIXA D´AGUA EM POLIETILENO, 500 LITROS, COM ACESSÓRIOS","UN",601.47]
[97900,"CAIXA ENTERRADA HIDRÁULICA RETANGULAR EM ALVENARIA COM TIJOLOS CERÂMICOS MACIÇOS, DIMENSÕES INTERNAS: 0,3X0,3X0,3 M PARA REDE DE ESGOTO. AF_05/2018","UN",150.58]
[97901,"CAIXA ENTERRADA HIDRÁULICA RETANGULAR EM ALVENARIA COM TIJOLOS CERÂMICOS MACIÇOS, DIMENSÕES INTERNAS: 0,4X0,4X0,4 M PARA REDE DE ESGOTO. AF_05/2018","UN",238.73]
[97902,"CAIXA ENTERRADA HIDRÁULICA RETANGULAR EM ALVENARIA COM TIJOLOS CERÂMICOS MACIÇOS, DIMENSÕES INTERNAS: 0,6X0,6X0,6 M PARA REDE DE ESGOTO. AF_05/2018","UN",467.43]
[97903,"CAIXA ENTERRADA HIDRÁULICA RETANGULAR EM ALVENARIA COM TIJOLOS CERÂMICOS MACIÇOS, DIMENSÕES INTERNAS: 0,8X0,8X0,6 M PARA REDE DE ESGOTO. AF_05/2018","UN",645.52]
[97904,"CAIXA ENTERRADA HIDRÁULICA RETANGULAR EM ALVENARIA COM TIJOLOS CERÂMICOS MACIÇOS, DIMENSÕES INTERNAS: 1X1X0,6 M PARA REDE DE ESGOTO. AF_05/2018","UN",751.14]
[97905,"CAIXA ENTERRADA HIDRÁULICA RETANGULAR, EM ALVENARIA COM BLOCOS DE CONCRETO, DIMENSÕES INTERNAS: 0,4X0,4X0,4 M PARA REDE DE ESGOTO. AF_05/2018","UN",194.35]
[97906,"CAIXA ENTERRADA HIDRÁULICA RETANGULAR, EM ALVENARIA COM BLOCOS DE CONCRETO, DIMENSÕES INTERNAS: 0,6X0,6X0,6 M PARA REDE DE ESGOTO. AF_05/2018","UN",360.97]
[97907,"CAIXA ENTERRADA HIDRÁULICA RETANGULAR, EM ALVENARIA COM BLOCOS DE CONCRETO, DIMENSÕES INTERNAS: 0,8X0,8X0,6 M PARA REDE DE ESGOTO. AF_05/2018","UN",509.67]
[97908,"CAIXA ENTERRADA HIDRÁULICA RETANGULAR, EM ALVENARIA COM BLOCOS DE CONCRETO, DIMENSÕES INTERNAS: 1X1X0,6 M PARA REDE DE ESGOTO. AF_05/2018","UN",590.4]
[98102,"CAIXA DE GORDURA SIMPLES, CIRCULAR, EM CONCRETO PRÉ-MOLDADO, DIÂMETRO INTERNO = 0,4 M, ALTURA INTERNA = 0,4 M. AF_05/2018","UN",65.94]
[98103,"CAIXA DE GORDURA DUPLA, CIRCULAR, EM CONCRETO PRÉ-MOLDADO, DIÂMETRO INTERNO = 0,6 M, ALTURA INTERNA = 0,6 M. AF_05/2018","UN",137.6]
[98104,"CAIXA DE GORDURA SIMPLES (CAPACIDADE: 36L), RETANGULAR, EM ALVENARIA COM TIJOLOS CERÂMICOS MACIÇOS, DIMENSÕES INTERNAS = 0,2X0,4 M, ALTURA INTERNA = 0,8 M. AF_05/2018","UN",315.21]
[98105,"CAIXA DE GORDURA DUPLA (CAPACIDADE: 126 L), RETANGULAR, EM ALVENARIA COM TIJOLOS CERÂMICOS MACIÇOS, DIMENSÕES INTERNAS = 0,4X0,7 M, ALTURA INTERNA = 0,8 M. AF_05/2018","UN",547.39]
[98106,"CAIXA DE GORDURA ESPECIAL (CAPACIDADE: 312 L - PARA ATÉ 146 PESSOAS SERVIDAS NO PICO), RETANGULAR, EM ALVENARIA COM TIJOLOS CERÂMICOS MACIÇOS, DIMENSÕES INTERNAS = 0,4X1,2 M, ALTURA INTERNA = 1 M. AF_05/2018","UN",904.19]
[98107,"CAIXA DE GORDURA SIMPLES (CAPACIDADE: 36 L), RETANGULAR, EM ALVENARIA COM BLOCOS DE CONCRETO, DIMENSÕES INTERNAS = 0,2X0,4 M, ALTURA INTERNA = 0,8 M. AF_05/2018","UN",232.36]
[98108,"CAIXA DE GORDURA DUPLA (CAPACIDADE: 126 L), RETANGULAR, EM ALVENARIA COM BLOCOS DE CONCRETO, DIMENSÕES INTERNAS = 0,4X0,7 M, ALTURA INTERNA = 0,8 M. AF_05/2018","UN",413.84]
[99250,"CAIXA ENTERRADA HIDRÁULICA RETANGULAR EM ALVENARIA COM TIJOLOS CERÂMICOS MACIÇOS, DIMENSÕES INTERNAS: 0,3X0,3X0,3 M PARA REDE DE DRENAGEM. AF_05/2018","UN",147.82]
[99251,"CAIXA ENTERRADA HIDRÁULICA RETANGULAR EM ALVENARIA COM TIJOLOS CERÂMICOS MACIÇOS, DIMENSÕES INTERNAS: 0,4X0,4X0,4 M PARA REDE DE DRENAGEM. AF_05/2018","UN",233.99]
[99253,"CAIXA ENTERRADA HIDRÁULICA RETANGULAR EM ALVENARIA COM TIJOLOS CERÂMICOS MACIÇOS, DIMENSÕES INTERNAS: 0,6X0,6X0,6 M PARA REDE DE DRENAGEM. AF_05/2018","UN",456.79]
[99255,"CAIXA ENTERRADA HIDRÁULICA RETANGULAR EM ALVENARIA COM TIJOLOS CERÂMICOS MACIÇOS, DIMENSÕES INTERNAS: 0,8X0,8X0,6 M PARA REDE DE DRENAGEM. AF_05/2018","UN",630.95]
[99257,"CAIXA ENTERRADA HIDRÁULICA RETANGULAR EM ALVENARIA COM TIJOLOS CERÂMICOS MACIÇOS, DIMENSÕES INTERNAS: 1X1X0,6 M PARA REDE DE DRENAGEM. AF_05/2018","UN",732.29]
[99258,"CAIXA ENTERRADA HIDRÁULICA RETANGULAR, EM ALVENARIA COM BLOCOS DE CONCRETO, DIMENSÕES INTERNAS: 0,4X0,4X0,4 M PARA REDE DE DRENAGEM. AF_05/2018","UN",190.44]
[99260,"CAIXA ENTERRADA HIDRÁULICA RETANGULAR, EM ALVENARIA COM BLOCOS DE CONCRETO, DIMENSÕES INTERNAS: 0,6X0,6X0,6 M PARA REDE DE DRENAGEM. AF_05/2018","UN",354.27]
[99262,"CAIXA ENTERRADA HIDRÁULICA RETANGULAR, EM ALVENARIA COM BLOCOS DE CONCRETO, DIMENSÕES INTERNAS: 0,8X0,8X0,6 M PARA REDE DE DRENAGEM. AF_05/2018","UN",500.12]
[99264,"CAIXA ENTERRADA HIDRÁULICA RETANGULAR, EM ALVENARIA COM BLOCOS DE CONCRETO, DIMENSÕES INTERNAS: 1X1X0,6 M PARA REDE DE DRENAGEM. AF_05/2018","UN",577.49]
[89482,"CAIXA SIFONADA, PVC, DN 100 X 100 X 50 MM, FORNECIDA E INSTALADA EM RAMAIS DE ENCAMINHAMENTO DE ÁGUA PLUVIAL. AF_12/2014","UN",22.53]
[89491,"CAIXA SIFONADA, PVC, DN 150 X 185 X 75 MM, FORNECIDA E INSTALADA EM RAMAIS DE ENCAMINHAMENTO DE ÁGUA PLUVIAL. AF_12/2014","UN",56.57]
[89495,"RALO SIFONADO, PVC, DN 100 X 40 MM, JUNTA SOLDÁVEL, FORNECIDO E INSTALADO EM RAMAIS DE ENCAMINHAMENTO DE ÁGUA PLUVIAL. AF_12/2014","UN",9.14]
[89707,"CAIXA SIFONADA, PVC, DN 100 X 100 X 50 MM, JUNTA ELÁSTICA, FORNECIDA E INSTALADA EM RAMAL DE DESCARGA OU EM RAMAL DE ESGOTO SANITÁRIO. AF_12/2014","UN",27.65]
[89708,"CAIXA SIFONADA, PVC, DN 150 X 185 X 75 MM, JUNTA ELÁSTICA, FORNECIDA E INSTALADA EM RAMAL DE DESCARGA OU EM RAMAL DE ESGOTO SANITÁRIO. AF_12/2014","UN",63.66]
[89709,"RALO SIFONADO, PVC, DN 100 X 40 MM, JUNTA SOLDÁVEL, FORNECIDO E INSTALADO EM RAMAL DE DESCARGA OU EM RAMAL DE ESGOTO SANITÁRIO. AF_12/2014","UN",10.65]
[89710,"RALO SECO, PVC, DN 100 X 40 MM, JUNTA SOLDÁVEL, FORNECIDO E INSTALADO EM RAMAL DE DESCARGA OU EM RAMAL DE ESGOTO SANITÁRIO. AF_12/2014","UN",10.43]
[72739,"VASO SANITARIO INFANTIL SIFONADO, PARA VALVULA DE DESCARGA, EM LOUCA BRANCA, COM ACESSORIOS, INCLUSIVE ASSENTO PLASTICO, BOLSA DE BORRACHA PARA LIGACAO, TUBO PVC LIGACAO - FORNECIMENTO E INSTALACAO","UN",483.9]
["74234/1","MICTORIO SIFONADO DE LOUCA BRANCA COM PERTENCES, COM REGISTRO DE PRESSAO 1/2\" COM CANOPLA CROMADA ACABAMENTO SIMPLES E CONJUNTO PARA FIXACAO  - FORNECIMENTO E INSTALACAO","UN",505.79]
[86872,"TANQUE DE LOUÇA BRANCA COM COLUNA, 30L OU EQUIVALENTE - FORNECIMENTO E INSTALAÇÃO. AF_12/2013","UN",653.7]
[86874,"TANQUE DE LOUÇA BRANCA SUSPENSO, 18L OU EQUIVALENTE - FORNECIMENTO E INSTALAÇÃO. AF_12/2013","UN",399.7]
[86875,"TANQUE DE MÁRMORE SINTÉTICO COM COLUNA, 22L OU EQUIVALENTE \u0096 FORNECIMENTO E INSTALAÇÃO. AF_12/2013","UN",397.94]
[86876,"TANQUE DE MÁRMORE SINTÉTICO SUSPENSO, 22L OU EQUIVALENTE - FORNECIMENTO E INSTALAÇÃO. AF_12/2013","UN",227.17]
[86877,"VÁLVULA EM METAL CROMADO 1.1/2\" X 1.1/2\" PARA TANQUE OU LAVATÓRIO, COM OU SEM LADRÃO - FORNECIMENTO E INSTALAÇÃO. AF_12/2013","UN",24.51]
[86878,"VÁLVULA EM METAL CROMADO TIPO AMERICANA 3.1/2\" X 1.1/2\" PARA PIA - FORNECIMENTO E INSTALAÇÃO. AF_12/2013","UN",40.95]
[86879,"VÁLVULA EM PLÁSTICO 1\" PARA PIA, TANQUE OU LAVATÓRIO, COM OU SEM LADRÃO - FORNECIMENTO E INSTALAÇÃO. AF_12/2013","UN",6.95]
[86880,"VÁLVULA EM PLÁSTICO CROMADO TIPO AMERICANA 3.1/2\" X 1.1/2\" SEM ADAPTADOR PARA PIA - FORNECIMENTO E INSTALAÇÃO. AF_12/2013","UN",19.57]
[86881,"SIFÃO DO TIPO GARRAFA EM METAL CROMADO 1 X 1.1/2\" - FORNECIMENTO E INSTALAÇÃO. AF_12/2013","UN",113.22]
[86882,"SIFÃO DO TIPO GARRAFA/COPO EM PVC 1.1/4\u0094 X 1.1/2\" - FORNECIMENTO E INSTALAÇÃO. AF_12/2013","UN",20.22]
[86883,"SIFÃO DO TIPO FLEXÍVEL EM PVC 1\u0094 X 1.1/2\u0094 - FORNECIMENTO E INSTALAÇÃO. AF_12/2013","UN",11.5]
[86884,"ENGATE FLEXÍVEL EM PLÁSTICO BRANCO, 1/2\" X 30CM - FORNECIMENTO E INSTALAÇÃO. AF_12/2013","UN",8.59]
[86885,"ENGATE FLEXÍVEL EM PLÁSTICO BRANCO, 1/2\" X 40CM - FORNECIMENTO E INSTALAÇÃO. AF_12/2013","UN",9.79]
[86886,"ENGATE FLEXÍVEL EM INOX, 1/2\u0094 X 30CM - FORNECIMENTO E INSTALAÇÃO. AF_12/2013","UN",28.64]
[86887,"ENGATE FLEXÍVEL EM INOX, 1/2\u0094 X 40CM - FORNECIMENTO E INSTALAÇÃO. AF_12/2013","UN",30.92]
[86888,"VASO SANITÁRIO SIFONADO COM CAIXA ACOPLADA LOUÇA BRANCA - FORNECIMENTO E INSTALAÇÃO. AF_12/2013","UN",386.63]
[86889,"BANCADA DE GRANITO CINZA POLIDO PARA PIA DE COZINHA 1,50 X 0,60 M - FORNECIMENTO E INSTALAÇÃO. AF_12/2013","UN",650.28]
[86893,"BANCADA DE MÁRMORE BRANCO POLIDO PARA PIA DE COZINHA 1,50 X 0,60 M - FORNECIMENTO E INSTALAÇÃO. AF_12/2013","UN",442.8]
[86894,"BANCADA DE MÁRMORE SINTÉTICO 120 X 60CM, COM CUBA INTEGRADA - FORNECIMENTO E INSTALAÇÃO. AF_12/2013","UN",270.87]
[86895,"BANCADA DE GRANITO CINZA POLIDO PARA LAVATÓRIO 0,50 X 0,60 M - FORNECIMENTO E INSTALAÇÃO. AF_12/2013","UN",316.55]
[86899,"BANCADA DE MÁRMORE BRANCO POLIDO PARA LAVATÓRIO 0,50 X 0,60 M - FORNECIMENTO E INSTALAÇÃO. AF_12/2013","UN",238.72]
[86900,"CUBA DE EMBUTIR DE AÇO INOXIDÁVEL MÉDIA - FORNECIMENTO E INSTALAÇÃO. AF_12/2013","UN",147.02]
[86901,"CUBA DE EMBUTIR OVAL EM LOUÇA BRANCA, 35 X 50CM OU EQUIVALENTE - FORNECIMENTO E INSTALAÇÃO. AF_12/2013","UN",116.5]
[86902,"LAVATÓRIO LOUÇA BRANCA COM COLUNA, *44 X 35,5* CM, PADRÃO POPULAR - FORNECIMENTO E INSTALAÇÃO. AF_12/2013","UN",227.32]
[86903,"LAVATÓRIO LOUÇA BRANCA COM COLUNA, 45 X 55CM OU EQUIVALENTE, PADRÃO MÉDIO - FORNECIMENTO E INSTALAÇÃO. AF_12/2013","UN",300.52]
[86904,"LAVATÓRIO LOUÇA BRANCA SUSPENSO, 29,5 X 39CM OU EQUIVALENTE, PADRÃO POPULAR - FORNECIMENTO E INSTALAÇÃO. AF_12/2013","UN",116.47]
[86905,"APARELHO MISTURADOR DE MESA PARA LAVATÓRIO, PADRÃO MÉDIO - FORNECIMENTO E INSTALAÇÃO. AF_12/2013","UN",196.79]
[86906,"TORNEIRA CROMADA DE MESA, 1/2\" OU 3/4\", PARA LAVATÓRIO, PADRÃO POPULAR - FORNECIMENTO E INSTALAÇÃO. AF_12/2013","UN",45.93]
[86908,"APARELHO MISTURADOR DE MESA PARA PIA DE COZINHA, PADRÃO MÉDIO - FORNECIMENTO E INSTALAÇÃO. AF_12/2013","UN",233.65]
[86909,"TORNEIRA CROMADA TUBO MÓVEL, DE MESA, 1/2\" OU 3/4\", PARA PIA DE COZINHA, PADRÃO ALTO - FORNECIMENTO E INSTALAÇÃO. AF_12/2013","UN",91.6]
[86910,"TORNEIRA CROMADA TUBO MÓVEL, DE PAREDE, 1/2\" OU 3/4\", PARA PIA DE COZINHA, PADRÃO MÉDIO - FORNECIMENTO E INSTALAÇÃO. AF_12/2013","UN",87.68]
[86911,"TORNEIRA CROMADA LONGA, DE PAREDE, 1/2\" OU 3/4\", PARA PIA DE COZINHA, PADRÃO POPULAR - FORNECIMENTO E INSTALAÇÃO. AF_12/2013","UN",39.24]
[86912,"TORNEIRA CROMADA LONGA, DE PAREDE, 1/2\" OU 3/4\", PARA PIA DE COZINHA, PADRÃO MÉDIO - FORNECIMENTO E INSTALAÇÃO. AF_12/2013","UN",39.24]
[86913,"TORNEIRA CROMADA 1/2\" OU 3/4\" PARA TANQUE, PADRÃO POPULAR - FORNECIMENTO E INSTALAÇÃO. AF_12/2013","UN",18.19]
[86914,"TORNEIRA CROMADA 1/2\" OU 3/4\" PARA TANQUE, PADRÃO MÉDIO - FORNECIMENTO E INSTALAÇÃO. AF_12/2013","UN",35.96]
[86915,"TORNEIRA CROMADA DE MESA, 1/2\" OU 3/4\", PARA LAVATÓRIO, PADRÃO MÉDIO - FORNECIMENTO E INSTALAÇÃO. AF_12/2013","UN",76.83]
[86916,"TORNEIRA PLÁSTICA 3/4\" PARA TANQUE - FORNECIMENTO E INSTALAÇÃO. AF_12/2013","UN",27.63]
[86919,"TANQUE DE LOUÇA BRANCA COM COLUNA, 30L OU EQUIVALENTE, INCLUSO SIFÃO FLEXÍVEL EM PVC, VÁLVULA METÁLICA E TORNEIRA DE METAL CROMADO PADRÃO MÉDIO - FORNECIMENTO E INSTALAÇÃO. AF_12/2013","UN",725.67]
[86920,"TANQUE DE LOUÇA BRANCA COM COLUNA, 30L OU EQUIVALENTE, INCLUSO SIFÃO FLEXÍVEL EM PVC, VÁLVULA PLÁSTICA E TORNEIRA DE METAL CROMADO PADRÃO POPULAR - FORNECIMENTO E INSTALAÇÃO. AF_12/2013","UN",690.34]
[86921,"TANQUE DE LOUÇA BRANCA COM COLUNA, 30L OU EQUIVALENTE, INCLUSO SIFÃO FLEXÍVEL EM PVC, VÁLVULA PLÁSTICA E TORNEIRA DE PLÁSTICO - FORNECIMENTO E INSTALAÇÃO. AF_12/2013","UN",699.78]
[86922,"TANQUE DE LOUÇA BRANCA SUSPENSO, 18L OU EQUIVALENTE, INCLUSO SIFÃO TIPO GARRAFA EM METAL CROMADO, VÁLVULA METÁLICA E TORNEIRA DE METAL CROMADO PADRÃO MÉDIO - FORNECIMENTO E INSTALAÇÃO. AF_12/2013","UN",573.39]
[86923,"TANQUE DE LOUÇA BRANCA SUSPENSO, 18L OU EQUIVALENTE, INCLUSO SIFÃO TIPO GARRAFA EM PVC, VÁLVULA PLÁSTICA E TORNEIRA DE METAL CROMADO PADRÃO POPULAR - FORNECIMENTO E INSTALAÇÃO. AF_12/2013","UN",445.06]
[86924,"TANQUE DE LOUÇA BRANCA SUSPENSO, 18L OU EQUIVALENTE, INCLUSO SIFÃO TIPO GARRAFA EM PVC, VÁLVULA PLÁSTICA E TORNEIRA DE PLÁSTICO - FORNECIMENTO E INSTALAÇÃO. AF_12/2013","UN",454.5]
[86925,"TANQUE DE MÁRMORE SINTÉTICO COM COLUNA, 22L OU EQUIVALENTE, INCLUSO SIFÃO FLEXÍVEL EM PVC, VÁLVULA PLÁSTICA E TORNEIRA DE METAL CROMADO PADRÃO POPULAR - FORNECIMENTO E INSTALAÇÃO. AF_12/2013","UN",434.58]
[86926,"TANQUE DE MÁRMORE SINTÉTICO COM COLUNA, 22L OU EQUIVALENTE, INCLUSO SIFÃO FLEXÍVEL EM PVC, VÁLVULA PLÁSTICA E TORNEIRA DE PLÁSTICO - FORNECIMENTO E INSTALAÇÃO. AF_12/2013","UN",444.02]
[86927,"TANQUE DE MÁRMORE SINTÉTICO SUSPENSO, 22L OU EQUIVALENTE, INCLUSO SIFÃO TIPO GARRAFA EM PVC, VÁLVULA PLÁSTICA E TORNEIRA DE METAL CROMADO PADRÃO POPULAR - FORNECIMENTO E INSTALAÇÃO. AF_12/2013","UN",272.53]
[86928,"TANQUE DE MÁRMORE SINTÉTICO SUSPENSO, 22L OU EQUIVALENTE, INCLUSO SIFÃO TIPO GARRAFA EM PVC, VÁLVULA PLÁSTICA E TORNEIRA DE PLÁSTICO - FORNECIMENTO E INSTALAÇÃO. AF_12/2013","UN",281.97]
[86929,"TANQUE DE MÁRMORE SINTÉTICO SUSPENSO, 22L OU EQUIVALENTE, INCLUSO SIFÃO FLEXÍVEL EM PVC, VÁLVULA PLÁSTICA E TORNEIRA DE METAL CROMADO PADRÃO POPULAR - FORNECIMENTO E INSTALAÇÃO. AF_12/2013","UN",263.81]
[86930,"TANQUE DE MÁRMORE SINTÉTICO SUSPENSO, 22L OU EQUIVALENTE, INCLUSO SIFÃO FLEXÍVEL EM PVC, VÁLVULA PLÁSTICA E TORNEIRA DE PLÁSTICO - FORNECIMENTO E INSTALAÇÃO. AF_12/2013","UN",273.25]
[86931,"VASO SANITÁRIO SIFONADO COM CAIXA ACOPLADA LOUÇA BRANCA, INCLUSO ENGATE FLEXÍVEL EM PLÁSTICO BRANCO, 1/2  X 40CM - FORNECIMENTO E INSTALAÇÃO. AF_12/2013","UN",396.42]
[86932,"VASO SANITÁRIO SIFONADO COM CAIXA ACOPLADA LOUÇA BRANCA - PADRÃO MÉDIO, INCLUSO ENGATE FLEXÍVEL EM METAL CROMADO, 1/2\u0094 X 40CM - FORNECIMENTO E INSTALAÇÃO. AF_12/2013","UN",417.55]
[86933,"BANCADA DE MÁRMORE SINTÉTICO 120 X 60CM, COM CUBA INTEGRADA, INCLUSO SIFÃO TIPO GARRAFA EM PVC, VÁLVULA EM PLÁSTICO CROMADO TIPO AMERICANA E TORNEIRA CROMADA LONGA, DE PAREDE, PADRÃO POPULAR - FORNECIMENTO E INSTALAÇÃO. AF_12/2013","UN",349.9]
[86934,"BANCADA DE MÁRMORE SINTÉTICO 120 X 60CM, COM CUBA INTEGRADA, INCLUSO SIFÃO TIPO FLEXÍVEL EM PVC, VÁLVULA EM PLÁSTICO CROMADO TIPO AMERICANA E TORNEIRA CROMADA LONGA, DE PAREDE, PADRÃO POPULAR - FORNECIMENTO E INSTALAÇÃO. AF_12/2013","UN",341.18]
[86935,"CUBA DE EMBUTIR DE AÇO INOXIDÁVEL MÉDIA, INCLUSO VÁLVULA TIPO AMERICANA EM METAL CROMADO E SIFÃO FLEXÍVEL EM PVC - FORNECIMENTO E INSTALAÇÃO. AF_12/2013","UN",199.47]
[86936,"CUBA DE EMBUTIR DE AÇO INOXIDÁVEL MÉDIA, INCLUSO VÁLVULA TIPO AMERICANA E SIFÃO TIPO GARRAFA EM METAL CROMADO - FORNECIMENTO E INSTALAÇÃO. AF_12/2013","UN",301.19]
[86937,"CUBA DE EMBUTIR OVAL EM LOUÇA BRANCA, 35 X 50CM OU EQUIVALENTE, INCLUSO VÁLVULA EM METAL CROMADO E SIFÃO FLEXÍVEL EM PVC - FORNECIMENTO E INSTALAÇÃO. AF_12/2013","UN",152.51]
[86938,"CUBA DE EMBUTIR OVAL EM LOUÇA BRANCA, 35 X 50CM OU EQUIVALENTE, INCLUSO VÁLVULA E SIFÃO TIPO GARRAFA EM METAL CROMADO - FORNECIMENTO E INSTALAÇÃO. AF_12/2013","UN",254.23]
[86939,"LAVATÓRIO LOUÇA BRANCA COM COLUNA, *44 X 35,5* CM, PADRÃO POPULAR, INCLUSO SIFÃO FLEXÍVEL EM PVC, VÁLVULA E ENGATE FLEXÍVEL 30CM EM PLÁSTICO E COM TORNEIRA CROMADA PADRÃO POPULAR - FORNECIMENTO E INSTALAÇÃO. AF_12/2013","UN",300.29]
[86940,"LAVATÓRIO LOUÇA BRANCA COM COLUNA, 45 X 55CM OU EQUIVALENTE, PADRÃO MÉDIO, INCLUSO SIFÃO TIPO GARRAFA, VÁLVULA E ENGATE FLEXÍVEL DE 40CM EM METAL CROMADO, COM APARELHO MISTURADOR PADRÃO MÉDIO - FORNECIMENTO E INSTALAÇÃO. AF_12/2013","UN",696.88]
[86941,"LAVATÓRIO LOUÇA BRANCA COM COLUNA, 45 X 55CM OU EQUIVALENTE, PADRÃO MÉDIO, INCLUSO SIFÃO TIPO GARRAFA, VÁLVULA E ENGATE FLEXÍVEL DE 40CM EM METAL CROMADO, COM TORNEIRA CROMADA DE MESA, PADRÃO MÉDIO - FORNECIMENTO E INSTALAÇÃO. AF_12/2013","UN",546]
[86942,"LAVATÓRIO LOUÇA BRANCA SUSPENSO, 29,5 X 39CM OU EQUIVALENTE, PADRÃO POPULAR, INCLUSO SIFÃO TIPO GARRAFA EM PVC, VÁLVULA E ENGATE FLEXÍVEL 30CM EM PLÁSTICO E TORNEIRA CROMADA DE MESA, PADRÃO POPULAR - FORNECIMENTO E INSTALAÇÃO. AF_12/2013","UN",198.16]
[86943,"LAVATÓRIO LOUÇA BRANCA SUSPENSO, 29,5 X 39CM OU EQUIVALENTE, PADRÃO POPULAR, INCLUSO SIFÃO FLEXÍVEL EM PVC, VÁLVULA E ENGATE FLEXÍVEL 30CM EM PLÁSTICO E TORNEIRA CROMADA DE MESA, PADRÃO POPULAR - FORNECIMENTO E INSTALAÇÃO. AF_12/2013","UN",189.44]
[86947,"BANCADA MÁRMORE BRANCO POLIDO 0,50X0,60M, INCLUSO CUBA DE EMBUTIR OVAL EM LOUÇA BRANCA 35 X 50CM, VÁLVULA, SIFÃO TIPO GARRAFA E ENGATE FLEXÍVEL 40CM EM METAL CROMADO E APARELHO MISTURADOR DE MESA, PADRÃO MÉDIO - FORNECIMENTO E INSTALAÇÃO. AF_12/2013","UN",751.58]
[88571,"SABONETEIRA DE SOBREPOR (FIXADA NA PAREDE), TIPO CONCHA, EM ACO INOXIDAVEL - FORNECIMENTO E INSTALACAO","UN",53.35]
[93396,"BANCADA GRANITO CINZA POLIDO 0,50 X 0,60M, INCL. CUBA DE EMBUTIR OVAL LOUÇA BRANCA 35 X 50CM, VÁLVULA METAL CROMADO, SIFÃO FLEXÍVEL PVC, ENGATE 30CM FLEXÍVEL PLÁSTICO E TORNEIRA CROMADA DE MESA, PADRÃO POPULAR - FORNEC. E INSTALAÇÃO. AF_12/2013","UN",523.58]
[93441,"BANCADA DE GRANITO CINZA POLIDO 150 X 60 CM, COM CUBA DE EMBUTIR DE AÇO INOXIDÁVEL MÉDIA, VÁLVULA AMERICANA EM METAL CROMADO, SIFÃO FLEXÍVEL EM PVC, ENGATE FLEXÍVEL 30 CM, TORNEIRA CROMADA LONGA DE PAREDE, 1/2 OU 3/4, PARA PIA DE COZINHA, PADRÃO POPULAR- FORNEC. E INSTAL. AF_12/2013","UN",897.58]
[93442,"BANCADA MÁRMORE BRANCO POLIDO 150 X 60 CM, COM CUBA DE EMBUTIR DE AÇO INOXIDÁVEL MÉDIA, VÁLVULA AMERICANA EM METAL CROMADO, SIFÃO  TIPO GARRAFA EM METAL CROMADO, ENGATE FLEXÍVEL 30 CM, TORNEIRA  CROMADA TUBO MÓVEL, DE MESA, 1/2\u0094 OU 3/4\u0094, PARA PIA DE COZINHA, PADRÃO ALTO - FORNEC. E INSTAL. AF_12/2013","UN",844.18]
[95469,"VASO SANITARIO SIFONADO CONVENCIONAL COM  LOUÇA BRANCA - FORNECIMENTO E INSTALAÇÃO. AF_10/2016","UN",186.84]
[95470,"VASO SANITARIO SIFONADO CONVENCIONAL COM LOUÇA BRANCA, INCLUSO CONJUNTO DE LIGAÇÃO PARA BACIA SANITÁRIA AJUSTÁVEL - FORNECIMENTO E INSTALAÇÃO. AF_10/2016","UN",192.89]
[95471,"VASO SANITARIO SIFONADO CONVENCIONAL PARA PCD SEM FURO FRONTAL COM  LOUÇA BRANCA SEM ASSENTO -  FORNECIMENTO E INSTALAÇÃO. AF_10/2016","UN",664.29]
[95472,"VASO SANITARIO SIFONADO CONVENCIONAL PARA PCD SEM FURO FRONTAL COM LOUÇA BRANCA SEM ASSENTO, INCLUSO CONJUNTO DE LIGAÇÃO PARA BACIA SANITÁRIA AJUSTÁVEL - FORNECIMENTO E INSTALAÇÃO. AF_10/2016","UN",670.34]
[95542,"PORTA TOALHA ROSTO EM METAL CROMADO, TIPO ARGOLA, INCLUSO FIXAÇÃO. AF_10/2016","UN",29.31]
[95543,"PORTA TOALHA BANHO EM METAL CROMADO, TIPO BARRA, INCLUSO FIXAÇÃO. AF_10/2016","UN",47.55]
[95544,"PAPELEIRA DE PAREDE EM METAL CROMADO SEM TAMPA, INCLUSO FIXAÇÃO. AF_10/2016","UN",37.03]
[95545,"SABONETEIRA DE PAREDE EM METAL CROMADO, INCLUSO FIXAÇÃO. AF_10/2016","UN",36.21]
[95546,"KIT DE ACESSORIOS PARA BANHEIRO EM METAL CROMADO, 5 PECAS, INCLUSO FIXAÇÃO. AF_10/2016","UN",109.96]
[95547,"SABONETEIRA PLASTICA TIPO DISPENSER PARA SABONETE LIQUIDO COM RESERVATORIO 800 A 1500 ML, INCLUSO FIXAÇÃO. AF_10/2016","UN",46.62]
[6087,"TAMPA EM CONCRETO ARMADO 60X60X5CM P/CX INSPECAO/FOSSA SEPTICA","UN",22.58]
[98052,"TANQUE SÉPTICO CIRCULAR, EM CONCRETO PRÉ-MOLDADO, DIÂMETRO INTERNO = 1,10 M, ALTURA INTERNA = 2,50 M, VOLUME ÚTIL: 2138,2 L (PARA 5 CONTRIBUINTES). AF_05/2018","UN",1154.69]
[98053,"TANQUE SÉPTICO CIRCULAR, EM CONCRETO PRÉ-MOLDADO, DIÂMETRO INTERNO = 1,40 M, ALTURA INTERNA = 2,50 M, VOLUME ÚTIL: 3463,6 L (PARA 13 CONTRIBUINTES). AF_05/2018","UN",1686.21]
[98054,"TANQUE SÉPTICO CIRCULAR, EM CONCRETO PRÉ-MOLDADO, DIÂMETRO INTERNO = 1,88 M, ALTURA INTERNA = 2,50 M, VOLUME ÚTIL: 6245,8 L (PARA 32 CONTRIBUINTES). AF_05/2018","UN",2446.14]
[98055,"TANQUE SÉPTICO CIRCULAR, EM CONCRETO PRÉ-MOLDADO, DIÂMETRO INTERNO = 2,38 M, ALTURA INTERNA = 2,50 M, VOLUME ÚTIL: 10009,8 L (PARA 69 CONTRIBUINTES). AF_05/2018","UN",3246.84]
[98056,"TANQUE SÉPTICO CIRCULAR, EM CONCRETO PRÉ-MOLDADO, DIÂMETRO INTERNO = 2,38 M, ALTURA INTERNA = 3,0 M, VOLUME ÚTIL: 12234,2 L (PARA 86 CONTRIBUINTES). AF_05/2018","UN",3746.62]
[98057,"TANQUE SÉPTICO CIRCULAR, EM CONCRETO PRÉ-MOLDADO, DIÂMETRO INTERNO = 2,88 M, ALTURA INTERNA = 2,50 M, VOLUME ÚTIL: 14657,4 L (PARA 105 CONTRIBUINTES). AF_05/2018","UN",4929.47]
[98066,"TANQUE SÉPTICO RETANGULAR, EM ALVENARIA COM TIJOLOS CERÂMICOS MACIÇOS, DIMENSÕES INTERNAS: 1,0 X 2,0 X 1,4 M, VOLUME ÚTIL: 2000 L (PARA 5 CONTRIBUINTES). AF_05/2018","UN",3797.07]
[98067,"TANQUE SÉPTICO RETANGULAR, EM ALVENARIA COM TIJOLOS CERÂMICOS MACIÇOS, DIMENSÕES INTERNAS: 1,2 X 2,4 X 1,6 M, VOLUME ÚTIL: 3456 L (PARA 13 CONTRIBUINTES). AF_05/2018","UN",5074.38]
[98068,"TANQUE SÉPTICO RETANGULAR, EM ALVENARIA COM TIJOLOS CERÂMICOS MACIÇOS, DIMENSÕES INTERNAS: 1,4 X 3,2 X 1,8 M, VOLUME ÚTIL: 6272 L (PARA 32 CONTRIBUINTES). AF_05/2018","UN",7180.71]
[98069,"TANQUE SÉPTICO RETANGULAR, EM ALVENARIA COM TIJOLOS CERÂMICOS MACIÇOS, DIMENSÕES INTERNAS: 1,6 X 4,4 X 1,8 M, VOLUME ÚTIL: 9856 L (PARA 68 CONTRIBUINTES). AF_05/2018","UN",9646.87]
[98070,"TANQUE SÉPTICO RETANGULAR, EM ALVENARIA COM TIJOLOS CERÂMICOS MACIÇOS, DIMENSÕES INTERNAS: 1,6 X 4,8 X 2,0 M, VOLUME ÚTIL: 12288 L (PARA 86 CONTRIBUINTES). AF_05/2018","UN",11044.48]
[98071,"TANQUE SÉPTICO RETANGULAR, EM ALVENARIA COM TIJOLOS CERÂMICOS MACIÇOS, DIMENSÕES INTERNAS: 1,6 X 4,6 X 2,4 M, VOLUME ÚTIL: 14720 L (PARA 105 CONTRIBUINTES). AF_05/2018","UN",12094.5]
[98072,"FILTRO ANAERÓBIO RETANGULAR, EM ALVENARIA COM TIJOLOS CERÂMICOS MACIÇOS, DIMENSÕES INTERNAS: 0,8 X 1,2 X 1,67 M, VOLUME ÚTIL: 1152 L (PARA 5 CONTRIBUINTES). AF_05/2018","UN",3173.86]
[98073,"FILTRO ANAERÓBIO RETANGULAR, EM ALVENARIA COM TIJOLOS CERÂMICOS MACIÇOS, DIMENSÕES INTERNAS: 1,2 X 1,8 X 1,67 M, VOLUME ÚTIL: 2592 L (PARA 13 CONTRIBUINTES). AF_05/2018","UN",4967.47]
[98074,"FILTRO ANAERÓBIO RETANGULAR, EM ALVENARIA COM TIJOLOS CERÂMICOS MACIÇOS, DIMENSÕES INTERNAS: 1,4 X 3,0 X 1,67 M, VOLUME ÚTIL: 5040 L (PARA 32 CONTRIBUINTES). AF_05/2018","UN",7717.69]
[98075,"FILTRO ANAERÓBIO RETANGULAR, EM ALVENARIA COM TIJOLOS CERÂMICOS MACIÇOS, DIMENSÕES INTERNAS: 1,4 X 4,2 X 1,67 M, VOLUME ÚTIL: 7056 L (PARA 67 CONTRIBUINTES). AF_05/2018","UN",10036.69]
[98076,"FILTRO ANAERÓBIO RETANGULAR, EM ALVENARIA COM TIJOLOS CERÂMICOS MACIÇOS, DIMENSÕES INTERNAS: 1,6 X 4,6 X 1,67 M, VOLUME ÚTIL: 8832 L (PARA 84 CONTRIBUINTES). AF_05/2018","UN",11569.39]
[98077,"FILTRO ANAERÓBIO RETANGULAR, EM ALVENARIA COM TIJOLOS CERÂMICOS MACIÇOS, DIMENSÕES INTERNAS: 1,6 X 5,6 X 1,67 M, VOLUME ÚTIL: 10752 L (PARA 103 CONTRIBUINTES). AF_05/2018","UN",13621.51]
[98078,"SUMIDOURO RETANGULAR, EM ALVENARIA COM TIJOLOS CERÂMICOS MACIÇOS, DIMENSÕES INTERNAS: 0,8 X 1,4 X 3,0 M, ÁREA DE INFILTRAÇÃO: 13,2 M² (PARA 5 CONTRIBUINTES). AF_05/2018","UN",3158.03]
[98079,"SUMIDOURO RETANGULAR, EM ALVENARIA COM TIJOLOS CERÂMICOS MACIÇOS, DIMENSÕES INTERNAS: 1,0 X 3,0 X 3,0 M, ÁREA DE INFILTRAÇÃO: 25 M² (PARA 10 CONTRIBUINTES). AF_05/2018","UN",5538.83]
[98080,"SUMIDOURO RETANGULAR, EM ALVENARIA COM TIJOLOS CERÂMICOS MACIÇOS, DIMENSÕES INTERNAS: 1,6 X 3,4 X 3,0 M, ÁREA DE INFILTRAÇÃO: 32,9 M² (PARA 13 CONTRIBUINTES). AF_05/2018","UN",7136.72]
[98081,"SUMIDOURO RETANGULAR, EM ALVENARIA COM TIJOLOS CERÂMICOS MACIÇOS, DIMENSÕES INTERNAS: 1,6 X 5,8 X 3,0 M, ÁREA DE INFILTRAÇÃO: 50 M² (PARA 20 CONTRIBUINTES). AF_05/2018","UN",10583.8]
[98082,"TANQUE SÉPTICO RETANGULAR, EM ALVENARIA COM BLOCOS DE CONCRETO, DIMENSÕES INTERNAS: 1,0 X 2,0 X 1,4 M, VOLUME ÚTIL: 2000 L (PARA 5 CONTRIBUINTES). AF_05/2018","UN",3012.62]
[98083,"TANQUE SÉPTICO RETANGULAR, EM ALVENARIA COM BLOCOS DE CONCRETO, DIMENSÕES INTERNAS: 1,2 X 2,4 X 1,6 M, VOLUME ÚTIL: 3456 L (PARA 13 CONTRIBUINTES). AF_05/2018","UN",3990.3]
[98084,"TANQUE SÉPTICO RETANGULAR, EM ALVENARIA COM BLOCOS DE CONCRETO, DIMENSÕES INTERNAS: 1,4 X 3,2 X 1,8 M, VOLUME ÚTIL: 6272 L (PARA 32 CONTRIBUINTES). AF_05/2018","UN",5615.94]
[98085,"TANQUE SÉPTICO RETANGULAR, EM ALVENARIA COM BLOCOS DE CONCRETO, DIMENSÕES INTERNAS: 1,6 X 4,4 X 1,8 M, VOLUME ÚTIL: 9856 L (PARA 68 CONTRIBUINTES). AF_05/2018","UN",7618.63]
[98086,"TANQUE SÉPTICO RETANGULAR, EM ALVENARIA COM BLOCOS DE CONCRETO, DIMENSÕES INTERNAS: 1,6 X 4,8 X 2,0 M, VOLUME ÚTIL: 12288 L (PARA 86 CONTRIBUINTES). AF_05/2018","UN",8622.26]
[98087,"TANQUE SÉPTICO RETANGULAR, EM ALVENARIA COM BLOCOS DE CONCRETO, DIMENSÕES INTERNAS: 1,6 X 4,6 X 2,4 M, VOLUME ÚTIL: 14720 L (PARA 105 CONTRIBUINTES). AF_05/2018","UN",9240.85]
[98088,"FILTRO ANAERÓBIO RETANGULAR, EM ALVENARIA COM BLOCOS DE CONCRETO, DIMENSÕES INTERNAS: 0,8 X 1,2 X 1,67 M, VOLUME ÚTIL: 1152 L (PARA 5 CONTRIBUINTES). AF_05/2018","UN",2562.51]
[98089,"FILTRO ANAERÓBIO RETANGULAR, EM ALVENARIA COM BLOCOS DE CONCRETO, DIMENSÕES INTERNAS: 1,2 X 1,8 X 1,67 M, VOLUME ÚTIL: 2592 L (PARA 13 CONTRIBUINTES). AF_05/2018","UN",4059.11]
[98090,"FILTRO ANAERÓBIO RETANGULAR, EM ALVENARIA COM BLOCOS DE CONCRETO, DIMENSÕES INTERNAS: 1,4 X 3,0 X 1,67 M, VOLUME ÚTIL: 5040 L (PARA 32 CONTRIBUINTES). AF_05/2018","UN",6380.45]
[98091,"FILTRO ANAERÓBIO RETANGULAR, EM ALVENARIA COM BLOCOS DE CONCRETO, DIMENSÕES INTERNAS: 1,4 X 4,2 X 1,67 M, VOLUME ÚTIL: 7056 L (PARA 67 CONTRIBUINTES). AF_05/2018","UN",8240.18]
[98092,"FILTRO ANAERÓBIO RETANGULAR, EM ALVENARIA COM BLOCOS DE CONCRETO, DIMENSÕES INTERNAS: 1,6 X 4,6 X 1,67 M, VOLUME ÚTIL: 8832 L (PARA 84 CONTRIBUINTES). AF_05/2018","UN",9679.94]
[98093,"FILTRO ANAERÓBIO RETANGULAR, EM ALVENARIA COM BLOCOS DE CONCRETO, DIMENSÕES INTERNAS: 1,6 X 5,6 X 1,67 M, VOLUME ÚTIL: 10752 L (PARA 103 CONTRIBUINTES). AF_05/2018","UN",11426.96]
[98094,"SUMIDOURO RETANGULAR, EM ALVENARIA COM BLOCOS DE CONCRETO, DIMENSÕES INTERNAS: 0,8 X 1,4 X 3,0 M, ÁREA DE INFILTRAÇÃO: 13,2 M² (PARA 5 CONTRIBUINTES). AF_05/2018","UN",2113.59]
[98099,"SUMIDOURO RETANGULAR, EM ALVENARIA COM BLOCOS DE CONCRETO, DIMENSÕES INTERNAS: 1,0 X 3,0 X 3,0 M, ÁREA DE INFILTRAÇÃO: 25 M² (PARA 10 CONTRIBUINTES). AF_05/2018","UN",3633.33]
[98100,"SUMIDOURO RETANGULAR, EM ALVENARIA COM BLOCOS DE CONCRETO, DIMENSÕES INTERNAS: 1,6 X 3,4 X 3,0 M, ÁREA DE INFILTRAÇÃO: 32,9 M² (PARA 13 CONTRIBUINTES). AF_05/2018","UN",4752.8]
[98101,"SUMIDOURO RETANGULAR, EM ALVENARIA COM BLOCOS DE CONCRETO, DIMENSÕES INTERNAS: 1,6 X 5,8 X 3,0 M, ÁREA DE INFILTRAÇÃO: 50 M² (PARA 20 CONTRIBUINTES). AF_05/2018","UN",7039.28]
[98109,"CAIXA DE GORDURA ESPECIAL (CAPACIDADE: 312 L - PARA ATÉ 146 PESSOAS SERVIDAS NO PICO), RETANGULAR, EM ALVENARIA COM BLOCOS DE CONCRETO, DIMENSÕES INTERNAS = 0,4X1,2 M, ALTURA INTERNA = 1 M. AF_05/2018","UN",673.74]
[98110,"CAIXA DE GORDURA PEQUENA (CAPACIDADE: 19 L), CIRCULAR, EM PVC, DIÂMETRO INTERNO= 0,3 M. AF_05/2018","UN",473.54]
[98111,"CAIXA DE INSPEÇÃO PARA ATERRAMENTO, CIRCULAR, EM POLIETILENO, DIÂMETRO INTERNO = 0,3 M. AF_05/2018","UN",24.56]
[98114,"TAMPA CIRCULAR PARA ESGOTO E DRENAGEM, EM FERRO FUNDIDO, DIÂMETRO INTERNO = 0,6 M. AF_05/2018","UN",382.66]
[98115,"TAMPA CIRCULAR PARA ESGOTO E DRENAGEM, EM CONCRETO PRÉ-MOLDADO, DIÂMETRO INTERNO = 0,6 M. AF_05/2018","UN",99.46]
[89957,"PONTO DE CONSUMO TERMINAL DE ÁGUA FRIA (SUBRAMAL) COM TUBULAÇÃO DE PVC, DN 25 MM, INSTALADO EM RAMAL DE ÁGUA, INCLUSOS RASGO E CHUMBAMENTO EM ALVENARIA. AF_12/2014","UN",119.88]
[89959,"PONTO DE CONSUMO TERMINAL DE ÁGUA QUENTE (SUBRAMAL) COM TUBULAÇÃO DE CPVC, DN 22 MM, INSTALADO EM RAMAL DE ÁGUA, INCLUSOS RASGO E CHUMBAMENTO EM ALVENARIA. AF_12/2014","UN",175.67]
[40729,"VALVULA DESCARGA 1.1/2\" COM REGISTRO, ACABAMENTO EM METAL CROMADO - FORNECIMENTO E INSTALACAO","UN",237.43]
["73795/5","VÁLVULA DE RETENÇÃO VERTICAL Ø 50MM (2\") - FORNECIMENTO E INSTALAÇÃO","UN",112.32]
["73795/9","VALVULA DE RETENCAO HORIZONTAL Ø 25MM (1\u0094) - FORNECIMENTO E INSTALACAO","UN",89.03]
["73795/10","VÁLVULA DE RETENÇÃO HORIZONTAL Ø 32MM (1.1/4\") - FORNECIMENTO E INSTALAÇÃO","UN",120.28]
["74093/1","VALVULA PE COM CRIVO BRONZE 1.1/4\" - FORNECIMENTO E INSTALACAO","UN",75.94]
["74169/1","REGISTRO/VALVULA GLOBO ANGULAR 45 GRAUS EM LATAO PARA HIDRANTES DE INCÊNDIO PREDIAL DN 2.1/2\u0094, COM VOLANTE, CLASSE DE PRESSAO DE ATE 200 PSI - FORNECIMENTO E INSTALACAO","UN",236.78]
[89349,"REGISTRO DE PRESSÃO BRUTO, LATÃO, ROSCÁVEL, 1/2\", FORNECIDO E INSTALADO EM RAMAL DE ÁGUA. AF_12/2014","UN",23.39]
[89351,"REGISTRO DE PRESSÃO BRUTO, LATÃO,  ROSCÁVEL, 3/4\u0094, FORNECIDO E INSTALADO EM RAMAL DE ÁGUA. AF_12/2014","UN",26.24]
[89352,"REGISTRO DE GAVETA BRUTO, LATÃO, ROSCÁVEL, 1/2\", FORNECIDO E INSTALADO EM RAMAL DE ÁGUA. AF_12/2014","UN",29.44]
[89353,"REGISTRO DE GAVETA BRUTO, LATÃO, ROSCÁVEL, 3/4\", FORNECIDO E INSTALADO EM RAMAL DE ÁGUA. AF_12/2014","UN",30.57]
[89354,"MISTURADOR MONOCOMANDO PARA CHUVEIRO, BASE BRUTA E ACABAMENTO CROMADO, FORNECIDO E INSTALADO EM RAMAL DE ÁGUA. AF_12/2014","UN",223.5]
[89969,"KIT DE REGISTRO DE PRESSÃO BRUTO DE LATÃO ½\", INCLUSIVE CONEXÕES,  ROSCÁVEL, INSTALADO EM RAMAL DE ÁGUA FRIA - FORNECIMENTO E INSTALAÇÃO. AF_12/2014","UN",33.92]
[89970,"KIT DE REGISTRO DE PRESSÃO BRUTO DE LATÃO ¾\", INCLUSIVE CONEXÕES, ROSCÁVEL, INSTALADO EM RAMAL DE ÁGUA FRIA - FORNECIMENTO E INSTALAÇÃO. AF_12/2014","UN",37.68]
[89971,"KIT DE REGISTRO DE GAVETA BRUTO DE LATÃO ½\", INCLUSIVE CONEXÕES, ROSCÁVEL, INSTALADO EM RAMAL DE ÁGUA FRIA - FORNECIMENTO E INSTALAÇÃO. AF_12/2014","UN",38.74]
[89972,"KIT DE REGISTRO DE GAVETA BRUTO DE LATÃO ¾\", INCLUSIVE CONEXÕES, ROSCÁVEL, INSTALADO EM RAMAL DE ÁGUA FRIA - FORNECIMENTO E INSTALAÇÃO. AF_12/2014","UN",41.55]
[89973,"KIT DE MISTURADOR BASE BRUTA DE LATÃO ¾\" MONOCOMANDO PARA CHUVEIRO, INCLUSIVE CONEXÕES, INSTALADO EM RAMAL DE ÁGUA - FORNECIMENTO E INSTALAÇÃO. AF_12/2014","UN",367.16]
[89974,"KIT DE TÊ MISTURADOR EM CPVC ¾\" COM DUPLO COMANDO PARA CHUVEIRO, INCLUSIVE CONEXÕES, INSTALADO EM RAMAL DE ÁGUA - FORNECIMENTO E INSTALAÇÃO. AF_12/2014","UN",208.55]
[89984,"REGISTRO DE PRESSÃO BRUTO, LATÃO, ROSCÁVEL, 1/2\", COM ACABAMENTO E CANOPLA CROMADOS. FORNECIDO E INSTALADO EM RAMAL DE ÁGUA. AF_12/2014","UN",60.35]
[89985,"REGISTRO DE PRESSÃO BRUTO, LATÃO, ROSCÁVEL, 3/4\", COM ACABAMENTO E CANOPLA CROMADOS. FORNECIDO E INSTALADO EM RAMAL DE ÁGUA. AF_12/2014","UN",61.99]
[89986,"REGISTRO DE GAVETA BRUTO, LATÃO, ROSCÁVEL, 1/2\", COM ACABAMENTO E CANOPLA CROMADOS. FORNECIDO E INSTALADO EM RAMAL DE ÁGUA. AF_12/2014","UN",58.97]
[89987,"REGISTRO DE GAVETA BRUTO, LATÃO, ROSCÁVEL, 3/4\", COM ACABAMENTO E CANOPLA CROMADOS. FORNECIDO E INSTALADO EM RAMAL DE ÁGUA. AF_12/2014","UN",65.03]
[90371,"REGISTRO DE ESFERA, PVC, ROSCÁVEL, 3/4\", FORNECIDO E INSTALADO EM RAMAL DE ÁGUA. AF_03/2015","UN",26.49]
[94489,"REGISTRO DE ESFERA, PVC, SOLDÁVEL, DN  25 MM, INSTALADO EM RESERVAÇÃO DE ÁGUA DE EDIFICAÇÃO QUE POSSUA RESERVATÓRIO DE FIBRA/FIBROCIMENTO   FORNECIMENTO E INSTALAÇÃO. AF_06/2016","UN",21.68]
[94490,"REGISTRO DE ESFERA, PVC, SOLDÁVEL, DN  32 MM, INSTALADO EM RESERVAÇÃO DE ÁGUA DE EDIFICAÇÃO QUE POSSUA RESERVATÓRIO DE FIBRA/FIBROCIMENTO   FORNECIMENTO E INSTALAÇÃO. AF_06/2016","UN",36.84]
[94491,"REGISTRO DE ESFERA, PVC, SOLDÁVEL, DN  40 MM, INSTALADO EM RESERVAÇÃO DE ÁGUA DE EDIFICAÇÃO QUE POSSUA RESERVATÓRIO DE FIBRA/FIBROCIMENTO   FORNECIMENTO E INSTALAÇÃO. AF_06/2016","UN",50.57]
[94492,"REGISTRO DE ESFERA, PVC, SOLDÁVEL, DN  50 MM, INSTALADO EM RESERVAÇÃO DE ÁGUA DE EDIFICAÇÃO QUE POSSUA RESERVATÓRIO DE FIBRA/FIBROCIMENTO   FORNECIMENTO E INSTALAÇÃO. AF_06/2016","UN",51.83]
[94493,"REGISTRO DE ESFERA, PVC, SOLDÁVEL, DN  60 MM, INSTALADO EM RESERVAÇÃO DE ÁGUA DE EDIFICAÇÃO QUE POSSUA RESERVATÓRIO DE FIBRA/FIBROCIMENTO   FORNECIMENTO E INSTALAÇÃO. AF_06/2016","UN",93.82]
[94494,"REGISTRO DE GAVETA BRUTO, LATÃO, ROSCÁVEL, 3/4\u0094, INSTALADO EM RESERVAÇÃO DE ÁGUA DE EDIFICAÇÃO QUE POSSUA RESERVATÓRIO DE FIBRA/FIBROCIMENTO \u0096 FORNECIMENTO E INSTALAÇÃO. AF_06/2016","UN",55.19]
[94495,"REGISTRO DE GAVETA BRUTO, LATÃO, ROSCÁVEL, 1\u0094, INSTALADO EM RESERVAÇÃO DE ÁGUA DE EDIFICAÇÃO QUE POSSUA RESERVATÓRIO DE FIBRA/FIBROCIMENTO \u0096 FORNECIMENTO E INSTALAÇÃO. AF_06/2016","UN",67.85]
[94496,"REGISTRO DE GAVETA BRUTO, LATÃO, ROSCÁVEL, 1 1/4\u0094, INSTALADO EM RESERVAÇÃO DE ÁGUA DE EDIFICAÇÃO QUE POSSUA RESERVATÓRIO DE FIBRA/FIBROCIMENTO \u0096 FORNECIMENTO E INSTALAÇÃO. AF_06/2016","UN",81.1]
[94497,"REGISTRO DE GAVETA BRUTO, LATÃO, ROSCÁVEL, 1 1/2\u0094, INSTALADO EM RESERVAÇÃO DE ÁGUA DE EDIFICAÇÃO QUE POSSUA RESERVATÓRIO DE FIBRA/FIBROCIMENTO \u0096 FORNECIMENTO E INSTALAÇÃO. AF_06/2016","UN",93.45]
[94498,"REGISTRO DE GAVETA BRUTO, LATÃO, ROSCÁVEL, 2\u0094, INSTALADO EM RESERVAÇÃO DE ÁGUA DE EDIFICAÇÃO QUE POSSUA RESERVATÓRIO DE FIBRA/FIBROCIMENTO \u0096 FORNECIMENTO E INSTALAÇÃO. AF_06/2016","UN",118.21]
[94499,"REGISTRO DE GAVETA BRUTO, LATÃO, ROSCÁVEL, 2 1/2\u0094, INSTALADO EM RESERVAÇÃO DE ÁGUA DE EDIFICAÇÃO QUE POSSUA RESERVATÓRIO DE FIBRA/FIBROCIMENTO \u0096 FORNECIMENTO E INSTALAÇÃO. AF_06/2016","UN",207.09]
[94500,"REGISTRO DE GAVETA BRUTO, LATÃO, ROSCÁVEL, 3\u0094, INSTALADO EM RESERVAÇÃO DE ÁGUA DE EDIFICAÇÃO QUE POSSUA RESERVATÓRIO DE FIBRA/FIBROCIMENTO \u0096 FORNECIMENTO E INSTALAÇÃO. AF_06/2016","UN",244.68]
[94501,"REGISTRO DE GAVETA BRUTO, LATÃO, ROSCÁVEL, 4\u0094, INSTALADO EM RESERVAÇÃO DE ÁGUA DE EDIFICAÇÃO QUE POSSUA RESERVATÓRIO DE FIBRA/FIBROCIMENTO \u0096 FORNECIMENTO E INSTALAÇÃO. AF_06/2016","UN",469.85]
[94792,"REGISTRO DE GAVETA BRUTO, LATÃO, ROSCÁVEL, 1\u0094, COM ACABAMENTO E CANOPLA CROMADOS, INSTALADO EM RESERVAÇÃO DE ÁGUA DE EDIFICAÇÃO QUE POSSUA RESERVATÓRIO DE FIBRA/FIBROCIMENTO \u0096 FORNECIMENTO E INSTALAÇÃO. AF_06/2016","UN",98.65]
[94793,"REGISTRO DE GAVETA BRUTO, LATÃO, ROSCÁVEL, 1 1/4\u0094, COM ACABAMENTO E CANOPLA CROMADOS, INSTALADO EM RESERVAÇÃO DE ÁGUA DE EDIFICAÇÃO QUE POSSUA RESERVATÓRIO DE FIBRA/FIBROCIMENTO \u0096 FORNECIMENTO E INSTALAÇÃO. AF_06/2016","UN",124.87]
[94794,"REGISTRO DE GAVETA BRUTO, LATÃO, ROSCÁVEL, 1 1/2\u0094, COM ACABAMENTO E CANOPLA CROMADOS, INSTALADO EM RESERVAÇÃO DE ÁGUA DE EDIFICAÇÃO QUE POSSUA RESERVATÓRIO DE FIBRA/FIBROCIMENTO \u0096 FORNECIMENTO E INSTALAÇÃO. AF_06/2016","UN",129.04]
[94795,"TORNEIRA DE BOIA, ROSCÁVEL, 1/2\u0094 , FORNECIDA E INSTALADA EM RESERVAÇÃO DE ÁGUA. AF_06/2016","UN",25.73]
[94796,"TORNEIRA DE BOIA, ROSCÁVEL, 3/4\u0094 , FORNECIDA E INSTALADA EM RESERVAÇÃO DE ÁGUA. AF_06/2016","UN",30.25]
[94797,"TORNEIRA DE BOIA, ROSCÁVEL, 1\u0094, FORNECIDA E INSTALADA EM RESERVAÇÃO DE ÁGUA. AF_06/2016","UN",45.79]
[94798,"TORNEIRA DE BOIA, ROSCÁVEL, 1 1/4\u0094 , FORNECIDA E INSTALADA EM RESERVAÇÃO DE ÁGUA. AF_06/2016","UN",97.68]
[94799,"TORNEIRA DE BOIA, ROSCÁVEL, 1 1/2\u0094 , FORNECIDA E INSTALADA EM RESERVAÇÃO DE ÁGUA. AF_06/2016","UN",95.3]
[94800,"TORNEIRA DE BOIA, ROSCÁVEL, 2\u0094, FORNECIDA E INSTALADA EM RESERVAÇÃO DE ÁGUA. AF_06/2016","UN",161.28]
[95248,"VÁLVULA DE ESFERA BRUTA, BRONZE, ROSCÁVEL, 1/2  , INSTALADO EM RESERVAÇÃO DE ÁGUA DE EDIFICAÇÃO QUE POSSUA RESERVATÓRIO DE FIBRA/FIBROCIMENTO - FORNECIMENTO E INSTALAÇÃO. AF_06/2016","UN",64.41]
[95249,"VÁLVULA DE ESFERA BRUTA, BRONZE, ROSCÁVEL, 3/4'', INSTALADO EM RESERVAÇÃO DE ÁGUA DE EDIFICAÇÃO QUE POSSUA RESERVATÓRIO DE FIBRA/FIBROCIMENTO - FORNECIMENTO E INSTALAÇÃO. AF_06/2016","UN",69.2]
[95250,"VÁLVULA DE ESFERA BRUTA, BRONZE, ROSCÁVEL, 1'', INSTALADO EM RESERVAÇÃO DE ÁGUA DE EDIFICAÇÃO QUE POSSUA RESERVATÓRIO DE FIBRA/FIBROCIMENTO -   FORNECIMENTO E INSTALAÇÃO. AF_06/2016","UN",81.76]
[95251,"VÁLVULA DE ESFERA BRUTA, BRONZE, ROSCÁVEL, 1 1/4'', INSTALADO EM RESERVAÇÃO DE ÁGUA DE EDIFICAÇÃO QUE POSSUA RESERVATÓRIO DE FIBRA/FIBROCIMENTO -   FORNECIMENTO E INSTALAÇÃO. AF_06/2016","UN",106.25]
[95252,"VÁLVULA DE ESFERA BRUTA, BRONZE, ROSCÁVEL, 1 1/2'', INSTALADO EM RESERVAÇÃO DE ÁGUA DE EDIFICAÇÃO QUE POSSUA RESERVATÓRIO DE FIBRA/FIBROCIMENTO -   FORNECIMENTO E INSTALAÇÃO. AF_06/2016","UN",121.05]
[95253,"VÁLVULA DE ESFERA BRUTA, BRONZE, ROSCÁVEL, 2'', INSTALADO EM RESERVAÇÃO DE ÁGUA DE EDIFICAÇÃO QUE POSSUA RESERVATÓRIO DE FIBRA/FIBROCIMENTO - FORNECIMENTO E INSTALAÇÃO. AF_06/2016","UN",169.63]
[99619,"VÁLVULA DE RETENÇÃO HORIZONTAL, DE BRONZE, ROSCÁVEL, 3/4\" - FORNECIMENTO E INSTALAÇÃO. AF_01/2019","UN",54.89]
[99620,"VÁLVULA DE RETENÇÃO HORIZONTAL, DE BRONZE, ROSCÁVEL, 1\" - FORNECIMENTO E INSTALAÇÃO. AF_01/2019","UN",96.1]
[99621,"VÁLVULA DE RETENÇÃO HORIZONTAL, DE BRONZE, ROSCÁVEL, 1 1/4\" - FORNECIMENTO E INSTALAÇÃO. AF_01/2019","UN",128.02]
[99622,"VÁLVULA DE RETENÇÃO HORIZONTAL, DE BRONZE, ROSCÁVEL, 1 1/2\"  - FORNECIMENTO E INSTALAÇÃO. AF_01/2019","UN",139.07]
[99623,"VÁLVULA DE RETENÇÃO HORIZONTAL, DE BRONZE, ROSCÁVEL, 2\"  - FORNECIMENTO E INSTALAÇÃO. AF_01/2019","UN",182.61]
[99624,"VÁLVULA DE RETENÇÃO HORIZONTAL, DE BRONZE, ROSCÁVEL, 2 1/2\" - FORNECIMENTO E INSTALAÇÃO. AF_01/2019","UN",245.89]
[99625,"VÁLVULA DE RETENÇÃO HORIZONTAL, DE BRONZE, ROSCÁVEL, 3\" - FORNECIMENTO E INSTALAÇÃO. AF_01/2019","UN",327.54]
[99626,"VÁLVULA DE RETENÇÃO HORIZONTAL, DE BRONZE, ROSCÁVEL, 4\" - FORNECIMENTO E INSTALAÇÃO. AF_01/2019","UN",487.7]
[99627,"VÁLVULA DE RETENÇÃO VERTICAL, DE BRONZE, ROSCÁVEL, 1/2\" - FORNECIMENTO E INSTALAÇÃO. AF_01/2019","UN",61.79]
[99628,"VÁLVULA DE RETENÇÃO VERTICAL, DE BRONZE, ROSCÁVEL, 3/4\" - FORNECIMENTO E INSTALAÇÃO. AF_01/2019","UN",38.31]
[99629,"VÁLVULA DE RETENÇÃO VERTICAL, DE BRONZE, ROSCÁVEL, 1\" - FORNECIMENTO E INSTALAÇÃO. AF_01/2019","UN",65.67]
[99630,"VÁLVULA DE RETENÇÃO VERTICAL, DE BRONZE, ROSCÁVEL, 1 1/4\" - FORNECIMENTO E INSTALAÇÃO. AF_01/2019","UN",82.57]
[99631,"VÁLVULA DE RETENÇÃO VERTICAL, DE BRONZE, ROSCÁVEL, 1 1/2\" - FORNECIMENTO E INSTALAÇÃO. AF_01/2019","UN",89.95]
[99632,"VÁLVULA DE RETENÇÃO VERTICAL, DE BRONZE, ROSCÁVEL, 2\" - FORNECIMENTO E INSTALAÇÃO. AF_01/2019","UN",116.93]
[99633,"VÁLVULA DE RETENÇÃO VERTICAL, DE BRONZE, ROSCÁVEL, 3\" - FORNECIMENTO E INSTALAÇÃO. AF_01/2019","UN",215.17]
[99634,"VÁLVULA DE RETENÇÃO VERTICAL, DE BRONZE, ROSCÁVEL, 4\" - FORNECIMENTO E INSTALAÇÃO. AF_01/2019","UN",346.31]
[99635,"VÁLVULA DE DESCARGA METÁLICA, BASE 1 1/2 \", ACABAMENTO METALICO CROMADO - FORNECIMENTO E INSTALAÇÃO. AF_01/2019","UN",233.95]
[95634,"KIT CAVALETE PARA MEDIÇÃO DE ÁGUA - ENTRADA PRINCIPAL, EM PVC SOLDÁVEL DN 20 (½\")   FORNECIMENTO E INSTALAÇÃO (EXCLUSIVE HIDRÔMETRO). AF_11/2016","UN",105.66]
[95635,"KIT CAVALETE PARA MEDIÇÃO DE ÁGUA - ENTRADA PRINCIPAL, EM PVC SOLDÁVEL DN 25 (¾\")   FORNECIMENTO E INSTALAÇÃO (EXCLUSIVE HIDRÔMETRO). AF_11/2016","UN",116.95]
[95637,"KIT CAVALETE PARA MEDIÇÃO DE ÁGUA - ENTRADA PRINCIPAL, EM AÇO GALVANIZADO DN 32 (1 ¼\u0094) \u0096 FORNECIMENTO E INSTALAÇÃO (EXCLUSIVE HIDRÔMETRO). AF_11/2016","UN",428.53]
[95638,"KIT CAVALETE PARA MEDIÇÃO DE ÁGUA - ENTRADA PRINCIPAL, EM AÇO GALVANIZADO DN 40 (1 ½\u0094) \u0096 FORNECIMENTO E INSTALAÇÃO (EXCLUSIVE HIDRÔMETRO). AF_11/2016","UN",516.16]
[95639,"KIT CAVALETE PARA MEDIÇÃO DE ÁGUA - ENTRADA PRINCIPAL, EM AÇO GALVANIZADO DN 50 (2\u0094) \u0096 FORNECIMENTO E INSTALAÇÃO (EXCLUSIVE HIDRÔMETRO). AF_11/2016","UN",640.27]
[95641,"KIT CAVALETE PARA MEDIÇÃO DE ÁGUA - ENTRADA INDIVIDUALIZADA, EM PVC DN 25 (¾\u0094), PARA 2 MEDIDORES \u0096 FORNECIMENTO E INSTALAÇÃO (EXCLUSIVE HIDRÔMETRO). AF_11/2016","UN",217.72]
[95642,"KIT CAVALETE PARA MEDIÇÃO DE ÁGUA - ENTRADA INDIVIDUALIZADA, EM PVC DN 25 (¾\u0094), PARA 3 MEDIDORES \u0096 FORNECIMENTO E INSTALAÇÃO (EXCLUSIVE HIDRÔMETRO). AF_11/2016","UN",322.03]
[95643,"KIT CAVALETE PARA MEDIÇÃO DE ÁGUA - ENTRADA INDIVIDUALIZADA, EM PVC DN 25 (¾\u0094), PARA 4 MEDIDORES \u0096 FORNECIMENTO E INSTALAÇÃO (EXCLUSIVE HIDRÔMETRO). AF_11/2016","UN",421.32]
[95644,"KIT CAVALETE PARA MEDIÇÃO DE ÁGUA - ENTRADA INDIVIDUALIZADA, EM PVC DN 32 (1\u0094), PARA 1 MEDIDOR \u0096 FORNECIMENTO E INSTALAÇÃO (EXCLUSIVE HIDRÔMETRO). AF_11/2016","UN",155.06]
[95645,"KIT CAVALETE PARA MEDIÇÃO DE ÁGUA - ENTRADA INDIVIDUALIZADA, EM PVC DN 32 (1\u0094), PARA 2 MEDIDORES \u0096 FORNECIMENTO E INSTALAÇÃO (EXCLUSIVE HIDRÔMETRO). AF_11/2016","UN",283.95]
[95646,"KIT CAVALETE PARA MEDIÇÃO DE ÁGUA - ENTRADA INDIVIDUALIZADA, EM PVC DN 32 (1\u0094), PARA 3 MEDIDORES \u0096 FORNECIMENTO E INSTALAÇÃO (EXCLUSIVE HIDRÔMETRO). AF_11/2016","UN",422.98]
[95647,"KIT CAVALETE PARA MEDIÇÃO DE ÁGUA - ENTRADA INDIVIDUALIZADA, EM PVC DN 32 (1\u0094), PARA 4 MEDIDORES \u0096 FORNECIMENTO E INSTALAÇÃO (EXCLUSIVE HIDRÔMETRO). AF_11/2016","UN",554.61]
[95673,"HIDRÔMETRO DN 20 (½\u0094), 1,5 M³/H \u0096 FORNECIMENTO E INSTALAÇÃO. AF_11/2016","UN",162.65]
[95674,"HIDRÔMETRO DN 20 (½\u0094), 3,0 M³/H \u0096 FORNECIMENTO E INSTALAÇÃO. AF_11/2016","UN",173.16]
[95675,"HIDRÔMETRO DN 25 (¾ ), 5,0 M³/H FORNECIMENTO E INSTALAÇÃO. AF_11/2016","UN",212]
[95676,"CAIXA EM CONCRETO PRÉ-MOLDADO PARA ABRIGO DE HIDRÔMETRO COM DN 20 (½\u0094) \u0096 FORNECIMENTO E INSTALAÇÃO. AF_11/2016","UN",73.52]
[97741,"KIT CAVALETE PARA MEDIÇÃO DE ÁGUA - ENTRADA INDIVIDUALIZADA, EM PVC DN 25 (¾\u0094), PARA 1 MEDIDOR \u0096 FORNECIMENTO E INSTALAÇÃO (EXCLUSIVE HIDRÔMETRO). AF_11/2016","UN",121.63]
[72285,"CAIXA DE AREIA 40X40X40CM EM ALVENARIA - EXECUÇÃO","UN",87.75]
[90436,"FURO EM ALVENARIA PARA DIÂMETROS MENORES OU IGUAIS A 40 MM. AF_05/2015","UN",13.29]
[90437,"FURO EM ALVENARIA PARA DIÂMETROS MAIORES QUE 40 MM E MENORES OU IGUAIS A 75 MM. AF_05/2015","UN",32.3]
[90438,"FURO EM ALVENARIA PARA DIÂMETROS MAIORES QUE 75 MM. AF_05/2015","UN",46.29]
[90439,"FURO EM CONCRETO PARA DIÂMETROS MENORES OU IGUAIS A 40 MM. AF_05/2015","UN",59.8]
[90440,"FURO EM CONCRETO PARA DIÂMETROS MAIORES QUE 40 MM E MENORES OU IGUAIS A 75 MM. AF_05/2015","UN",95.79]
[90441,"FURO EM CONCRETO PARA DIÂMETROS MAIORES QUE 75 MM. AF_05/2015","UN",122.34]
[90443,"RASGO EM ALVENARIA PARA RAMAIS/ DISTRIBUIÇÃO COM DIAMETROS MENORES OU IGUAIS A 40 MM. AF_05/2015","M",12.08]
[90444,"RASGO EM CONTRAPISO PARA RAMAIS/ DISTRIBUIÇÃO COM DIÂMETROS MENORES OU IGUAIS A 40 MM. AF_05/2015","M",25.65]
[90445,"RASGO EM CONTRAPISO PARA RAMAIS/ DISTRIBUIÇÃO COM DIÂMETROS MAIORES QUE 40 MM E MENORES OU IGUAIS A 75 MM. AF_05/2015","M",27.4]
[90446,"RASGO EM CONTRAPISO PARA RAMAIS/ DISTRIBUIÇÃO COM DIÂMETROS MAIORES QUE 75 MM. AF_05/2015","M",29.76]
[90447,"RASGO EM ALVENARIA PARA ELETRODUTOS COM DIAMETROS MENORES OU IGUAIS A 40 MM. AF_05/2015","M",5.87]
[90451,"PASSANTE TIPO PEÇA EM POLIESTIRENO PARA ABERTURA PARA PASSAGEM DE 1 TUBO, FIXADO EM LAJE. AF_05/2015","UN",3.77]
[90452,"PASSANTE TIPO PEÇA EM POLIESTIRENO PARA ABERTURA PARA PASSAGEM DE MAIS DE 1 TUBO, FIXADO EM LAJE. AF_05/2015","UN",13.06]
[90453,"PASSANTE TIPO TUBO DE DIÂMETRO MENOR OU IGUAL A 40 MM, FIXADO EM LAJE. AF_05/2015","UN",2.33]
[90454,"PASSANTE TIPO TUBO DE DIÂMETRO MAIORES QUE 40 MM E MENORES OU IGUAIS A 75 MM, FIXADO EM LAJE. AF_05/2015","UN",4.03]
[90455,"PASSANTE TIPO TUBO DE DIÂMETRO MAIOR QUE 75 MM, FIXADO EM LAJE. AF_05/2015","UN",5.43]
[90456,"QUEBRA EM ALVENARIA PARA INSTALAÇÃO DE CAIXA DE TOMADA (4X4 OU 4X2). AF_05/2015","UN",3.88]
[90457,"QUEBRA EM ALVENARIA PARA INSTALAÇÃO DE QUADRO DISTRIBUIÇÃO PEQUENO (19X25 CM). AF_05/2015","UN",8.84]
[90458,"QUEBRA EM ALVENARIA PARA INSTALAÇÃO DE QUADRO DISTRIBUIÇÃO GRANDE (76X40 CM). AF_05/2015","UN",25.1]
[90459,"QUEBRA EM ALVENARIA PARA INSTALAÇÃO DE ABRIGO PARA MANGUEIRAS (90X60 CM). AF_05/2015","UN",35.4]
[90460,"PERFILADO DE SEÇÃO 38X76 MM PARA SUPORTE DE ATÉ 3 TUBOS HORIZONTAIS. AF_05/2015","M",25.26]
[90461,"PERFILADO DE SEÇÃO 38X76 MM PARA SUPORTE DE MAIS DE 3 TUBOS HORIZONTAIS. AF_05/2015","M",13.86]
[90462,"PERFILADO DE SEÇÃO 38X38 MM PARA SUPORTE DE ATÉ 3 TUBOS VERTICAIS. AF_05/2015","M",3.04]
[90463,"PERFILADO DE SEÇÃO 38X38 MM PARA SUPORTE DE MAIS DE 3 TUBOS VERTICAIS. AF_05/2015","M",2.45]
[90466,"CHUMBAMENTO LINEAR EM ALVENARIA PARA RAMAIS/DISTRIBUIÇÃO COM DIÂMETROS MENORES OU IGUAIS A 40 MM. AF_05/2015","M",11.63]
[90467,"CHUMBAMENTO LINEAR EM ALVENARIA PARA RAMAIS/DISTRIBUIÇÃO COM DIÂMETROS MAIORES QUE 40 MM E MENORES OU IGUAIS A 75 MM. AF_05/2015","M",18.34]
[90468,"CHUMBAMENTO LINEAR EM CONTRAPISO PARA RAMAIS/DISTRIBUIÇÃO COM DIÂMETROS MENORES OU IGUAIS A 40 MM. AF_05/2015","M",4.86]
[90469,"CHUMBAMENTO LINEAR EM CONTRAPISO PARA RAMAIS/DISTRIBUIÇÃO COM DIÂMETROS MAIORES QUE 40 MM E MENORES OU IGUAIS A 75 MM. AF_05/2015","M",7.74]
[90470,"CHUMBAMENTO LINEAR EM CONTRAPISO PARA RAMAIS/DISTRIBUIÇÃO COM DIÂMETROS MAIORES QUE 75 MM. AF_05/2015","M",10.48]
[91166,"FIXAÇÃO DE TUBOS HORIZONTAIS DE PEX DIAMETROS IGUAIS OU INFERIORES A 40 MM COM ABRAÇADEIRA PLÁSTICA 390 MM, FIXADA EM LAJE. AF_05/2015","M",2.85]
[91167,"FIXAÇÃO DE TUBOS HORIZONTAIS DE PPR DIÂMETROS MENORES OU IGUAIS A 40 MM COM ABRAÇADEIRA METÁLICA RÍGIDA TIPO D 1/2\", FIXADA EM PERFILADO EM LAJE. AF_05/2015","M",8.58]
[91168,"FIXAÇÃO DE TUBOS HORIZONTAIS DE PPR DIÂMETROS MAIORES QUE 40 MM E MENORES OU IGUAIS A 75 MM COM ABRAÇADEIRA METÁLICA RÍGIDA TIPO D 1 1/2\", FIXADA EM PERFILADO EM LAJE. AF_05/2015","M",6.42]
[91169,"FIXAÇÃO DE TUBOS HORIZONTAIS DE PPR DIÂMETROS MAIORES QUE 75 MM COM ABRAÇADEIRA METÁLICA RÍGIDA TIPO D 3\", FIXADA EM PERFILADO EM LAJE. AF_05/2015","M",7.64]
[91170,"FIXAÇÃO DE TUBOS HORIZONTAIS DE PVC, CPVC OU COBRE DIÂMETROS MENORES OU IGUAIS A 40 MM OU ELETROCALHAS ATÉ 150MM DE LARGURA, COM ABRAÇADEIRA METÁLICA RÍGIDA TIPO D 1/2\u0094, FIXADA EM PERFILADO EM LAJE. AF_05/2015","M",2.2]
[91171,"FIXAÇÃO DE TUBOS HORIZONTAIS DE PVC, CPVC OU COBRE DIÂMETROS MAIORES QUE 40 MM E MENORES OU IGUAIS A 75 MM COM ABRAÇADEIRA METÁLICA RÍGIDA TIPO D 1 1/2\", FIXADA EM PERFILADO EM LAJE. AF_05/2015","M",2.73]
[91172,"FIXAÇÃO DE TUBOS HORIZONTAIS DE PVC, CPVC OU COBRE DIÂMETROS MAIORES QUE 75 MM COM ABRAÇADEIRA METÁLICA RÍGIDA TIPO D 3\", FIXADA EM PERFILADO EM LAJE. AF_05/2015","M",4.03]
[91173,"FIXAÇÃO DE TUBOS VERTICAIS DE PPR DIÂMETROS MENORES OU IGUAIS A 40 MM COM ABRAÇADEIRA METÁLICA RÍGIDA TIPO D 1/2\", FIXADA EM PERFILADO EM ALVENARIA. AF_05/2015","M",1.11]
[91174,"FIXAÇÃO DE TUBOS VERTICAIS DE PPR DIÂMETROS MAIORES QUE 40 MM E MENORES OU IGUAIS A 75 MM COM ABRAÇADEIRA METÁLICA RÍGIDA TIPO D 1 1/2\", FIXADA EM PERFILADO EM ALVENARIA. AF_05/2015","M",2.16]
[91175,"FIXAÇÃO DE TUBOS VERTICAIS DE PPR DIÂMETROS MAIORES QUE 75 MM COM ABRAÇADEIRA METÁLICA RÍGIDA TIPO D 3\", FIXADA EM PERFILADO EM ALVENARIA. AF_05/2015","M",3.54]
[91176,"FIXAÇÃO DE TUBOS HORIZONTAIS DE PPR DIÂMETROS MENORES OU IGUAIS A 40 MM COM ABRAÇADEIRA METÁLICA RÍGIDA TIPO  D  1/2\" , FIXADA DIRETAMENTE NA LAJE. AF_05/2015","M",36.26]
[91177,"FIXAÇÃO DE TUBOS HORIZONTAIS DE PPR DIÂMETROS MAIORES QUE 40 MM E MENORES OU IGUAIS A 75 MM COM ABRAÇADEIRA METÁLICA RÍGIDA TIPO  D  1 1/2\" , FIXADA DIRETAMENTE NA LAJE. AF_05/2015","M",16.52]
[91178,"FIXAÇÃO DE TUBOS HORIZONTAIS DE PPR DIÂMETROS MAIORES QUE 75 MM COM ABRAÇADEIRA METÁLICA RÍGIDA TIPO  D  3\" , FIXADA DIRETAMENTE NA LAJE. AF_05/2015","M",15.46]
[91179,"FIXAÇÃO DE TUBOS HORIZONTAIS DE PVC, CPVC OU COBRE DIÂMETROS MENORES OU IGUAIS A 40 MM COM ABRAÇADEIRA METÁLICA RÍGIDA TIPO  D  1/2\" , FIXADA DIRETAMENTE NA LAJE. AF_05/2015","M",9.3]
[91180,"FIXAÇÃO DE TUBOS HORIZONTAIS DE PVC, CPVC OU COBRE DIÂMETROS MAIORES QUE 40 MM E MENORES OU IGUAIS A 75 MM COM ABRAÇADEIRA METÁLICA RÍGIDA TIPO \u0093D\u0094 1 1/2\u0094, FIXADA DIRETAMENTE NA LAJE. AF_05/2015","M",7.27]
[91181,"FIXAÇÃO DE TUBOS HORIZONTAIS DE PVC, CPVC OU COBRE DIÂMETROS MAIORES QUE 75 MM COM ABRAÇADEIRA METÁLICA RÍGIDA TIPO  D  3\" , FIXADA DIRETAMENTE NA LAJE. AF_05/2015","M",7.89]
[91182,"FIXAÇÃO DE TUBOS HORIZONTAIS DE PPR DIÂMETROS MENORES OU IGUAIS A 40 MM COM ABRAÇADEIRA METÁLICA FLEXÍVEL 18 MM, FIXADA DIRETAMENTE NA LAJE. AF_05/2015","M",25.09]
[91183,"FIXAÇÃO DE TUBOS HORIZONTAIS DE PPR DIÂMETROS MAIORES QUE 40 MM E MENORES OU IGUAIS A 75 MM COM ABRAÇADEIRA METÁLICA FLEXÍVEL 18 MM, FIXADA DIRETAMENTE NA LAJE. AF_05/2015","M",12.41]
[91184,"FIXAÇÃO DE TUBOS HORIZONTAIS DE PPR DIÂMETROS MAIORES QUE 75 MM COM ABRAÇADEIRA METÁLICA FLEXÍVEL 18 MM, FIXADA DIRETAMENTE NA LAJE. AF_05/2015","M",11.61]
[91185,"FIXAÇÃO DE TUBOS HORIZONTAIS DE PVC, CPVC OU COBRE DIÂMETROS MENORES OU IGUAIS A 40 MM COM ABRAÇADEIRA METÁLICA FLEXÍVEL 18 MM, FIXADA DIRETAMENTE NA LAJE. AF_05/2015","M",6.43]
[91186,"FIXAÇÃO DE TUBOS HORIZONTAIS DE PVC, CPVC OU COBRE DIÂMETROS MAIORES QUE 40 MM E MENORES OU IGUAIS A 75 MM COM ABRAÇADEIRA METÁLICA FLEXÍVEL 18 MM, FIXADA DIRETAMENTE NA LAJE. AF_05/2015","M",5.29]
[91187,"FIXAÇÃO DE TUBOS HORIZONTAIS DE PVC, CPVC OU COBRE DIÂMETROS MAIORES QUE 75 MM COM ABRAÇADEIRA METÁLICA FLEXÍVEL 18 MM, FIXADA DIRETAMENTE NA LAJE. AF_05/2015","M",6.12]
[91188,"CHUMBAMENTO PONTUAL DE ABERTURA EM LAJE COM PASSAGEM DE 1 TUBO DE DIAMETRO EQUIVALENTE IGUAL À  50 MM. AF_05/2015","UN",6.06]
[91189,"CHUMBAMENTO PONTUAL DE ABERTURA EM LAJE COM PASSAGEM DE MAIS DE 1 TUBO DE  DIAMETRO EQUIVALENTE IGUAL À  50 MM. AF_05/2015","UN",37.36]
[91190,"CHUMBAMENTO PONTUAL EM PASSAGEM DE TUBO COM DIÂMETRO MENOR OU IGUAL A 40 MM. AF_05/2015","UN",4.52]
[91191,"CHUMBAMENTO PONTUAL EM PASSAGEM DE TUBO COM DIÂMETROS ENTRE 40 MM E 75 MM. AF_05/2015","UN",4.8]
[91192,"CHUMBAMENTO PONTUAL EM PASSAGEM DE TUBO COM DIÂMETRO MAIOR QUE 75 MM. AF_05/2015","UN",5.34]
[91222,"RASGO EM ALVENARIA PARA RAMAIS/ DISTRIBUIÇÃO COM DIÂMETROS MAIORES QUE 40 MM E MENORES OU IGUAIS A 75 MM. AF_05/2015","M",13.01]
[94480,"CONJUNTO HIDRÁULICO PARA INSTALAÇÃO DE BOMBA EM AÇO ROSCÁVEL, DN SUCÇÃO 65 (2½\u0094) E DN RECALQUE 50 (2\u0094), PARA EDIFICAÇÃO ENTRE 12 E 18 PAVIMENTOS \u0096 FORNECIMENTO E INSTALAÇÃO. AF_06/2016","UN",1857.93]
[94481,"CONJUNTO HIDRÁULICO PARA INSTALAÇÃO DE BOMBA EM AÇO ROSCÁVEL, DN SUCÇÃO 50 (2\u0094) E DN RECALQUE 40 (1 1/2\u0094), PARA EDIFICAÇÃO ENTRE 8 E 12 PAVIMENTOS \u0096 FORNECIMENTO E INSTALAÇÃO. AF_06/2016","UN",1355.98]
[94482,"CONJUNTO HIDRÁULICO PARA INSTALAÇÃO DE BOMBA EM AÇO ROSCÁVEL, DN SUCÇÃO 40 (1 1/2\u0094) E DN RECALQUE 32 (1 1/4\u0094), PARA EDIFICAÇÃO ENTRE 4 E 8 PAVIMENTOS \u0096 FORNECIMENTO E INSTALAÇÃO. AF_06/2016","UN",1098.94]
[94483,"CONJUNTO HIDRÁULICO PARA INSTALAÇÃO DE BOMBA EM AÇO ROSCÁVEL, DN SUCÇÃO 32 (1 1/4\u0094) E DN RECALQUE 25 (1\u0094), PARA EDIFICAÇÃO ATÉ 4 PAVIMENTOS \u0096 FORNECIMENTO E INSTALAÇÃO. AF_06/2016","UN",940.72]
[95541,"FIXAÇÃO UTILIZANDO PARAFUSO E BUCHA DE NYLON, SOMENTE MÃO DE OBRA. AF_10/2016","UN",4.31]
[95573,"MÃO-FRANCESA EM AÇO, ABAS IGUAIS 40 CM, CAPACIDADE MÍNIMA 70 KG, BRANCO \u0096 FORNECIMENTO E INSTALAÇÃO. AF_11/2016","UN",40.88]
[95574,"MÃO-FRANCESA EM AÇO, ABAS IGUAIS 30 CM, CAPACIDADE MÍNIMA 60 KG, BRANCO \u0096 FORNECIMENTO E INSTALAÇÃO. AF_11/2016","UN",30.98]
[96559,"PERFILADO DE SEÇÃO 38X76 MM PARA SUPORTE DE DUTO EM CHAPA GALVANIZADA BITOLA 26. AF_07/2017","M2",71.43]
[96560,"PERFILADO DE SEÇÃO 38X76 MM PARA SUPORTE DE DUTO EM CHAPA GALVANIZADA BITOLA 24. AF_07/2017","M2",36.28]
[96561,"PERFILADO DE SEÇÃO 38X76 MM PARA SUPORTE DE DUTO EM CHAPA GALVANIZADA BITOLA 22. AF_07/2017","M2",22.03]
[96562,"PERFILADO DE SEÇÃO 38X76 MM PARA SUPORTE DE ELETROCALHA LISA OU PERFURADA EM AÇO GALVANIZADO, LARGURA 200 OU 400 MM E ALTURA 50 MM. AF_07/2017","M",37.01]
[96563,"PERFILADO DE SEÇÃO 38X76 MM PARA SUPORTE DE ELETROCALHA LISA OU PERFURADA EM AÇO GALVANIZADO, LARGURA 500 OU 800 MM E ALTURA 50 MM. AF_07/2017","M",39.52]
[98113,"TIL (TUBO DE INSPEÇÃO E LIMPEZA) RADIAL PARA ESGOTO, EM PVC, DN 300 X 200 MM. AF_05/2018","UN",1809.52]
["73826/1","INSTALACAO DE COMPRESSOR DE AR, POTENCIA <= 5 CV","UN",526.5]
["73826/2","INSTALACAO DE COMPRESSOR DE AR, POTENCIA > 5 E <= 10 CV","UN",684.45]
["73834/1","INSTALACAO DE CONJ.MOTO BOMBA SUBMERSIVEL ATE 10 CV","UN",211.39]
["73834/2","INSTALACAO DE CONJ.MOTO BOMBA SUBMERSIVEL DE 11 A 25 CV","UN",338.24]
["73834/3","INSTALACAO DE CONJ.MOTO BOMBA SUBMERSIVEL DE 26 A 50 CV","UN",676.48]
["73834/4","INSTALACAO DE CONJ.MOTO BOMBA SUBMERSIVEL DE 51 A 100 CV","UN",1014.72]
["73835/1","INSTALACAO DE CONJ.MOTO BOMBA VERTICAL POT <= 100 CV","UN",1331.87]
["73835/2","INSTALACAO DE CONJ.MOTO BOMBA VERTICAL 100 < POT <= 200 CV","UN",1811.35]
["73835/3","INSTALACAO DE CONJ.MOTO BOMBA VERTICAL 200 < POT <= 300 CV","UN",2024.45]
["73836/1","INSTALACAO DE CONJ.MOTO BOMBA HORIZONTAL ATE 10 CV","UN",532.75]
["73836/2","INSTALACAO DE CONJ.MOTO BOMBA HORIZONTAL DE 12,5 A 25 CV","UN",692.57]
["73836/3","INSTALACAO DE CONJ.MOTO BOMBA HORIZONTAL DE 30 A 75 CV","UN",1065.5]
["73836/4","INSTALACAO DE CONJ.MOTO BOMBA HORIZONTAL DE 100 A 150 CV","UN",1704.8]
["73837/1","INSTALACAO DE CONJ.MOTO BOMBA SUBMERSO ATE 5 CV","UN",211.39]
["73837/2","INSTALACAO DE CONJ.MOTO BOMBA SUBMERSO DE 6 A 25 CV","UN",422.8]
["73837/3","INSTALACAO DE CONJ.MOTO BOMBA SUBMERSO DE 26 A 50 CV","UN",845.6]
[73612,"INSTALACAO DE CLORADOR","UN",432.1]
[73660,"LEITO FILTRANTE - ASSENTAMENTO DE BLOCOS LEOPOLD","M2",77.54]
[73693,"LEITO FILTRANTE - COLOCACAO DE LONA PLASTICA","M2",23.14]
[73694,"INSTALACAO DE BOMBA DOSADORA","UN",169.53]
[73695,"INSTALACAO DE AGITADOR","UN",87.18]
["73824/1","INSTALACAO DE MISTURADOR VERTICAL","UN",432.1]
["73825/2","VERTEDOR TRIANGULAR DE ALUMINIO","M2",943.62]
["73873/1","LEITO FILTRANTE - COLOCACAO E APILOAMENTO DE TERRA NO FILTRO","M3",91.32]
["73873/2","LEITO FILTRANTE - FORN.E ENCHIMENTO C/ BRITA NO. 4","M3",177.45]
["73873/3","LEITO FILTRANTE - COLOCACAO DE AREIA NOS FILTROS","M3",91.32]
["73873/4","LEITO FILTRANTE - COLOCACAO DE PEDREGULHOS NOS FILTROS","M3",100.02]
["73873/5","LEITO FILTRANTE - COLOCACAO DE ANTRACITO NOS FILTROS","M3",91.32]
["73827/1","KIT CAVALETE PVC COM REGISTRO 1/2\" - FORNECIMENTO E INSTALAÇÃO","UN",57.84]
["74218/1","KIT CAVALETE PVC COM REGISTRO 3/4\" - FORNECIMENTO E INSTALACAO","UN",54.35]
["74253/1","RAMAL PREDIAL EM TUBO PEAD 20MM - FORNECIMENTO, INSTALAÇÃO, ESCAVAÇÃO E REATERRO","M",27.27]
[83878,"LIGACAO DA REDE 50MM AO RAMAL PREDIAL 1/2\"","UN",46.05]
[83879,"LIGACAO DA REDE 75MM AO RAMAL PREDIAL 1/2\"","UN",53.71]
[73658,"LIGAÇÃO DOMICILIAR DE ESGOTO DN 100MM, DA CASA ATÉ A CAIXA, COMPOSTO POR 10,0M TUBO DE PVC ESGOTO PREDIAL DN 100MM E CAIXA DE ALVENARIA COM TAMPA DE CONCRETO - FORNECIMENTO E INSTALAÇÃO","UN",584.64]
[93350,"COLETOR PREDIAL DE ESGOTO, DA CAIXA ATÉ A REDE (DISTÂNCIA = 10 M, LARGURA DA VALA = 0,65 M), INCLUINDO ESCAVAÇÃO MANUAL, PREPARO DE FUNDO DE VALA E REATERRO MANUAL COM COMPACTAÇÃO MECANIZADA, TUBO PVC P/ REDE COLETORA ESGOTO JEI DN 100 MM E CONEXÕES - FORNECIMENTO E INSTALAÇÃO. AF_03/2016","UN",870.36]
[93351,"COLETOR PREDIAL DE ESGOTO, DA CAIXA ATÉ A REDE (DISTÂNCIA = 8 M, LARGURA DA VALA = 0,65 M), INCLUINDO ESCAVAÇÃO MANUAL, PREPARO DE FUNDO DE VALA E REATERRO MANUAL COM COMPACTAÇÃO MECANIZADA, TUBO PVC P/ REDE COLETORA ESGOTO JEI DN 100 MM E CONEXÕES - FORNECIMENTO E INSTALAÇÃO. AF_03/2016","UN",708.06]
[93352,"COLETOR PREDIAL DE ESGOTO, DA CAIXA ATÉ A REDE (DISTÂNCIA = 6 M, LARGURA DA VALA = 0,65 M), INCLUINDO ESCAVAÇÃO MANUAL, PREPARO DE FUNDO DE VALA E REATERRO MANUAL COM COMPACTAÇÃO MECANIZADA, TUBO PVC P/ REDE COLETORA ESGOTO JEI DN 100 MM E CONEXÕES - FORNECIMENTO E INSTALAÇÃO. AF_03/2016","UN",547.55]
[93353,"COLETOR PREDIAL DE ESGOTO, DA CAIXA ATÉ A REDE (DISTÂNCIA = 4 M, LARGURA DA VALA = 0,65 M), INCLUINDO ESCAVAÇÃO MANUAL, PREPARO DE FUNDO DE VALA E REATERRO MANUAL COM COMPACTAÇÃO MECANIZADA, TUBO  PVC P/ REDE COLETORA ESGOTO JEI DN 100 MM E CONEXÕES - FORNECIMENTO E INSTALAÇÃO. AF_03/2016","UN",390.71]
[93354,"COLETOR PREDIAL DE ESGOTO, DA CAIXA ATÉ A REDE (DISTÂNCIA = 10 M, LARGURA DA VALA = 0,65 M), INCLUINDO ESCAVAÇÃO MECANIZADA, PREPARO DE FUNDO DE VALA E REATERRO COM COMPACTAÇÃO MECANIZADA, TUBO PVC P/ REDE COLETORA ESGOTO JEI DN 100 MM E CONEXÕES - FORNECIMENTO E INSTALAÇÃO. AF_03/2016","UN",519.78]
[93355,"COLETOR PREDIAL DE ESGOTO, DA CAIXA ATÉ A REDE (DISTÂNCIA = 8 M, LARGURA DA VALA = 0,65 M), INCLUINDO ESCAVAÇÃO MECANIZADA, PREPARO DE FUNDO DE VALA E REATERRO COM COMPACTAÇÃO MECANIZADA, TUBO PVC P/ REDE COLETORA ESGOTO JEI DN 100 MM E CONEXÕES - FORNECIMENTO E INSTALAÇÃO. AF_03/2016","UN",431.7]
[93356,"COLETOR PREDIAL DE ESGOTO, DA CAIXA ATÉ A REDE (DISTÂNCIA = 6 M, LARGURA DA VALA = 0,65 M), INCLUINDO ESCAVAÇÃO MECANIZADA, PREPARO DE FUNDO DE VALA E REATERRO COM COMPACTAÇÃO MECANIZADA, TUBO PVC P/ REDE COLETORA ESGOTO JEI DN 100 MM E CONEXÕES - FORNECIMENTO E INSTALAÇÃO. AF_03/2016","UN",343.33]
[93357,"COLETOR PREDIAL DE ESGOTO, DA CAIXA ATÉ A REDE (DISTÂNCIA = 4 M, LARGURA DA VALA = 0,65 M), INCLUINDO ESCAVAÇÃO MECANIZADA, PREPARO DE FUNDO DE VALA E REATERRO COM COMPACTAÇÃO MECANIZADA, TUBO PVC P/ REDE COLETORA ESGOTO JEI DN 100 MM E CONEXÕES - FORNECIMENTO E INSTALAÇÃO. AF_03/2016","UN",256.62]
[83335,"ESCAVACAO SUBMERSA COM DRAGA DE MANDIBULA","M3",38.83]
[88548,"DRAGAGEM (C/ ESCAVADEIRA DRAG LINE DE ARRASTE 140HP)","M3",28.38]
["73903/1","LIMPEZA SUPERFICIAL DA CAMADA VEGETAL EM JAZIDA","M2",0.33]
["74151/1","ESCAVACAO E CARGA MATERIAL 1A CATEGORIA, UTILIZANDO TRATOR DE ESTEIRAS DE 110 A 160HP COM LAMINA, PESO OPERACIONAL * 13T  E PA CARREGADEIRA COM 170 HP.","M3",3.03]
["74153/1","ESPALHAMENTO MECANIZADO (COM MOTONIVELADORA 140 HP) MATERIAL 1A. CATEGORIA","M2",0.22]
["74154/1","ESCAVACAO, CARGA E TRANSPORTE DE  MATERIAL DE 1A CATEGORIA COM TRATOR SOBRE ESTEIRAS 347 HP E CACAMBA 6M3,  DMT 50 A 200M","M3",4.5]
["74155/1","ESCAVACAO E TRANSPORTE DE MATERIAL DE  1A CAT DMT 50M COM TRATOR SOBRE  ESTEIRAS 347 HP COM LAMINA E ESCARIFICADOR","M3",1.35]
["74155/2","ESCAVACAO E TRANSPORTE DE MATERIAL DE  2A CAT DMT 50M COM TRATOR SOBRE  ESTEIRAS 347 HP COM LAMINA E ESCARIFICADOR","M3",2.62]
["74205/1","ESCAVACAO MECANICA DE MATERIAL 1A. CATEGORIA, PROVENIENTE DE CORTE DE SUBLEITO (C/TRATOR ESTEIRAS  160HP)","M3",1.41]
[79472,"REGULARIZACAO DE SUPERFICIES EM TERRA COM MOTONIVELADORA","M2",0.47]
[79473,"CORTE E ATERRO COMPENSADO","M3",4.92]
[79480,"ESCAVACAO MECANICA CAMPO ABERTO EM SOLO EXCETO ROCHA ATE 2,00M PROFUNDIDADE","M3",2.04]
[83336,"ESCAVACAO MECANICA PARA ACERTO DE TALUDES, EM MATERIAL DE 1A CATEGORIA, COM ESCAVADEIRA HIDRAULICA","M3",4.49]
[83338,"ESCAVACAO MECANICA, A CEU ABERTO, EM MATERIAL DE 1A CATEGORIA, COM ESCAVADEIRA HIDRAULICA, CAPACIDADE DE 0,78 M3","M3",2.42]
[89885,"ESCAVAÇÃO VERTICAL A CÉU ABERTO, INCLUINDO CARGA, DESCARGA E TRANSPORTE, EM SOLO DE 1ª CATEGORIA COM ESCAVADEIRA HIDRÁULICA (CAÇAMBA: 0,8 M³ / 111 HP), FROTA DE 3 CAMINHÕES BASCULANTES DE 14 M³, DMT DE 0,2 KM E VELOCIDADE MÉDIA 4 KM/H. AF_12/2013","M3",7.61]
[89886,"ESCAVAÇÃO VERTICAL A CÉU ABERTO, INCLUINDO CARGA, DESCARGA E TRANSPORTE, EM SOLO DE 1ª CATEGORIA COM ESCAVADEIRA HIDRÁULICA (CAÇAMBA: 0,8 M³ / 111 HP), FROTA DE 3 CAMINHÕES BASCULANTES DE 14 M³, DMT DE 0,3 KM E VELOCIDADE MÉDIA 5,9 KM/H. AF_12/2013","M3",7.65]
[89887,"ESCAVAÇÃO VERTICAL A CÉU ABERTO, INCLUINDO CARGA, DESCARGA E TRANSPORTE, EM SOLO DE 1ª CATEGORIA COM ESCAVADEIRA HIDRÁULICA (CAÇAMBA: 0,8 M³ / 111 HP), FROTA DE 3 CAMINHÕES BASCULANTES DE 14 M³, DMT DE 0,6 KM E VELOCIDADE MÉDIA 10 KM/H. AF_12/2013","M3",7.91]
[89888,"ESCAVAÇÃO VERTICAL A CÉU ABERTO, INCLUINDO CARGA, DESCARGA E TRANSPORTE, EM SOLO DE 1ª CATEGORIA COM ESCAVADEIRA HIDRÁULICA (CAÇAMBA: 0,8 M³ / 111 HP), FROTA DE 3 CAMINHÕES BASCULANTES DE 14 M³, DMT DE 0,8 KM E VELOCIDADE MÉDIA 14 KM/H. AF_12/2013","M3",7.82]
[89889,"ESCAVAÇÃO VERTICAL A CÉU ABERTO, INCLUINDO CARGA, DESCARGA E TRANSPORTE, EM SOLO DE 1ª CATEGORIA COM ESCAVADEIRA HIDRÁULICA (CAÇAMBA: 0,8 M³ / 111 HP), FROTA DE 3 CAMINHÕES BASCULANTES DE 14 M³, DMT DE 1 KM E VELOCIDADE MÉDIA 15 KM/H. AF_12/2013","M3",8.1]
[89890,"ESCAVAÇÃO VERTICAL A CÉU ABERTO, INCLUINDO CARGA, DESCARGA E TRANSPORTE, EM SOLO DE 1ª CATEGORIA COM ESCAVADEIRA HIDRÁULICA (CAÇAMBA: 0,8 M³ / 111 HP), FROTA DE 4 CAMINHÕES BASCULANTES DE 14 M³, DMT DE 1,5 KM E VELOCIDADE MÉDIA 18 KM/H. AF_12/2013","M3",11.22]
[89893,"ESCAVAÇÃO VERTICAL A CÉU ABERTO, INCLUINDO CARGA, DESCARGA E TRANSPORTE, EM SOLO DE 1ª CATEGORIA COM ESCAVADEIRA HIDRÁULICA (CAÇAMBA: 0,8 M³ / 111 HP), FROTA DE 5 CAMINHÕES BASCULANTES DE 14 M³, DMT DE 3 KM E VELOCIDADE MÉDIA 20 KM/H. AF_12/2013","M3",13.78]
[89894,"ESCAVAÇÃO VERTICAL A CÉU ABERTO, INCLUINDO CARGA, DESCARGA E TRANSPORTE, EM SOLO DE 1ª CATEGORIA COM ESCAVADEIRA HIDRÁULICA (CAÇAMBA: 0,8 M³ / 111 HP), FROTA DE 6 CAMINHÕES BASCULANTES DE 14 M³, DMT DE 4 KM E VELOCIDADE MÉDIA 22 KM/H. AF_12/2013","M3",15.34]
[89895,"ESCAVAÇÃO VERTICAL A CÉU ABERTO, INCLUINDO CARGA, DESCARGA E TRANSPORTE, EM SOLO DE 1ª CATEGORIA COM ESCAVADEIRA HIDRÁULICA (CAÇAMBA: 0,8 M³ / 111 HP), FROTA DE 7 CAMINHÕES BASCULANTES DE 14 M³, DMT DE 6 KM E VELOCIDADE MÉDIA 22 KM/H. AF_12/2013","M3",18.6]
[89903,"ESCAVAÇÃO VERTICAL A CÉU ABERTO, INCLUINDO CARGA, DESCARGA E TRANSPORTE, EM SOLO DE 1ª CATEGORIA COM ESCAVADEIRA HIDRÁULICA (CAÇAMBA: 0,8 M³ / 111 HP), FROTA DE 2 CAMINHÕES BASCULANTES DE 18 M³, DMT DE 0,2 KM E VELOCIDADE MÉDIA 4 KM/H. AF_12/2013","M3",6.7]
[89904,"ESCAVAÇÃO VERTICAL A CÉU ABERTO, INCLUINDO CARGA, DESCARGA E TRANSPORTE, EM SOLO DE 1ª CATEGORIA COM ESCAVADEIRA HIDRÁULICA (CAÇAMBA: 0,8 M³ / 111 HP), FROTA DE 2 CAMINHÕES BASCULANTES DE 18 M³, DMT DE 0,3 KM E VELOCIDADE MÉDIA 5,9KM/H. AF_12/2013","M3",6.74]
[89905,"ESCAVAÇÃO VERTICAL A CÉU ABERTO, INCLUINDO CARGA, DESCARGA E TRANSPORTE, EM SOLO DE 1ª CATEGORIA COM ESCAVADEIRA HIDRÁULICA (CAÇAMBA: 0,8 M³ / 111 HP), FROTA DE 2 CAMINHÕES BASCULANTES DE 18 M³, DMT DE 0,6 KM E VELOCIDADE MÉDIA 10 KM/H. AF_12/2013","M3",6.97]
[89906,"ESCAVAÇÃO VERTICAL A CÉU ABERTO, INCLUINDO CARGA, DESCARGA E TRANSPORTE, EM SOLO DE 1ª CATEGORIA COM ESCAVADEIRA HIDRÁULICA (CAÇAMBA: 0,8 M³ / 111 HP), FROTA DE 2 CAMINHÕES BASCULANTES DE 18 M³, DMT DE 0,8 KM E VELOCIDADE MÉDIA 14 KM/H. AF_12/2013","M3",6.89]
[89907,"ESCAVAÇÃO VERTICAL A CÉU ABERTO, INCLUINDO CARGA, DESCARGA E TRANSPORTE, EM SOLO DE 1ª CATEGORIA COM ESCAVADEIRA HIDRÁULICA (CAÇAMBA: 0,8 M³ / 111 HP), FROTA DE 3 CAMINHÕES BASCULANTES DE 18 M³, DMT DE 1 KM E VELOCIDADE MÉDIA 15 KM/H. AF_12/2013","M3",7.76]
[89908,"ESCAVAÇÃO VERTICAL A CÉU ABERTO, INCLUINDO CARGA, DESCARGA E TRANSPORTE, EM SOLO DE 1ª CATEGORIA COM ESCAVADEIRA HIDRÁULICA (CAÇAMBA: 0,8 M³ / 111 HP), FROTA DE 4 CAMINHÕES BASCULANTES DE 18 M³, DMT DE 1,5 KM E VELOCIDADE MÉDIA 18 KM/H. AF_12/2013","M3",10.56]
[89911,"ESCAVAÇÃO VERTICAL A CÉU ABERTO, INCLUINDO CARGA, DESCARGA E TRANSPORTE, EM SOLO DE 1ª CATEGORIA COM ESCAVADEIRA HIDRÁULICA (CAÇAMBA: 0,8 M³ / 111 HP), FROTA DE 5 CAMINHÕES BASCULANTES DE 18 M³, DMT DE 3 KM E VELOCIDADE MÉDIA 20 KM/H. AF_12/2013","M3",12.87]
[89912,"ESCAVAÇÃO VERTICAL A CÉU ABERTO, INCLUINDO CARGA, DESCARGA E TRANSPORTE, EM SOLO DE 1ª CATEGORIA COM ESCAVADEIRA HIDRÁULICA (CAÇAMBA: 0,8 M³ / 111 HP), FROTA DE 5 CAMINHÕES BASCULANTES DE 18 M³, DMT DE 4 KM E VELOCIDADE MÉDIA 22 KM/H. AF_12/2013","M3",13.71]
[89913,"ESCAVAÇÃO VERTICAL A CÉU ABERTO, INCLUINDO CARGA, DESCARGA E TRANSPORTE, EM SOLO DE 1ª CATEGORIA COM ESCAVADEIRA HIDRÁULICA (CAÇAMBA: 0,8 M³ / 111 HP), FROTA DE 6 CAMINHÕES BASCULANTES DE 18 M³, DMT DE 6 KM E VELOCIDADE MÉDIA 22 KM/H. AF_12/2013","M3",16.65]
[89921,"ESCAVAÇÃO VERTICAL A CÉU ABERTO, INCLUINDO CARGA, DESCARGA E TRANSPORTE, EM SOLO DE 1ª CATEGORIA COM ESCAVADEIRA HIDRÁULICA (CAÇAMBA: 1,2 M³ / 155 HP), FROTA DE 3 CAMINHÕES BASCULANTES DE 14 M³, DMT DE 0,2 KM E VELOCIDADE MÉDIA 4 KM/H. AF_12/2013","M3",6.18]
[89922,"ESCAVAÇÃO VERTICAL A CÉU ABERTO, INCLUINDO CARGA, DESCARGA E TRANSPORTE, EM SOLO DE 1ª CATEGORIA COM ESCAVADEIRA HIDRÁULICA (CAÇAMBA: 1,2 M³ / 155 HP), FROTA DE 3 CAMINHÕES BASCULANTES DE 14 M³, DMT DE 0,3 KM E VELOCIDADE MÉDIA 5,9 KM/H. AF_12/2013","M3",6.22]
[89923,"ESCAVAÇÃO VERTICAL A CÉU ABERTO, INCLUINDO CARGA, DESCARGA E TRANSPORTE, EM SOLO DE 1ª CATEGORIA COM ESCAVADEIRA HIDRÁULICA (CAÇAMBA: 1,2 M³ / 155 HP), FROTA DE 3 CAMINHÕES BASCULANTES DE 14 M³, DMT DE 0,6 KM E VELOCIDADE MÉDIA 10 KM/H. AF_12/2013","M3",6.48]
[89924,"ESCAVAÇÃO VERTICAL A CÉU ABERTO, INCLUINDO CARGA, DESCARGA E TRANSPORTE, EM SOLO DE 1ª CATEGORIA COM ESCAVADEIRA HIDRÁULICA (CAÇAMBA: 1,2 M³ / 155 HP), FROTA DE 3 CAMINHÕES BASCULANTES DE 14 M³, DMT DE 0,8 KM E VELOCIDADE MÉDIA 14 KM/H. AF_12/2013","M3",6.4]
[89925,"ESCAVAÇÃO VERTICAL A CÉU ABERTO, INCLUINDO CARGA, DESCARGA E TRANSPORTE, EM SOLO DE 1ª CATEGORIA COM ESCAVADEIRA HIDRÁULICA (CAÇAMBA: 1,2 M³ / 155 HP), FROTA DE 3 CAMINHÕES BASCULANTES DE 14 M³, DMT DE 1 KM E VELOCIDADE MÉDIA 15 KM/H. AF_12/2013","M3",6.67]
[89926,"ESCAVAÇÃO VERTICAL A CÉU ABERTO, INCLUINDO CARGA, DESCARGA E TRANSPORTE, EM SOLO DE 1ª CATEGORIA COM ESCAVADEIRA HIDRÁULICA (CAÇAMBA: 1,2 M³ / 155 HP), FROTA DE 5 CAMINHÕES BASCULANTES DE 14 M³, DMT DE 1,5 KM E VELOCIDADE MÉDIA 18 KM/H. AF_12/2013","M3",10.06]
[89929,"ESCAVAÇÃO VERTICAL A CÉU ABERTO, INCLUINDO CARGA, DESCARGA E TRANSPORTE, EM SOLO DE 1ª CATEGORIA COM ESCAVADEIRA HIDRÁULICA (CAÇAMBA: 1,2 M³ / 155 HP), FROTA DE 7 CAMINHÕES BASCULANTES DE 14 M³, DMT DE 3 KM E VELOCIDADE MÉDIA 20 KM/H. AF_12/2013","M3",12.91]
[89930,"ESCAVAÇÃO VERTICAL A CÉU ABERTO, INCLUINDO CARGA, DESCARGA E TRANSPORTE, EM SOLO DE 1ª CATEGORIA COM ESCAVADEIRA HIDRÁULICA (CAÇAMBA: 1,2 M³ / 155 HP), FROTA DE 7 CAMINHÕES BASCULANTES DE 14 M³, DMT DE 4 KM E VELOCIDADE MÉDIA 22 KM/H. AF_12/2013","M3",13.82]
[89931,"ESCAVAÇÃO VERTICAL A CÉU ABERTO, INCLUINDO CARGA, DESCARGA E TRANSPORTE, EM SOLO DE 1ª CATEGORIA COM ESCAVADEIRA HIDRÁULICA (CAÇAMBA: 1,2 M³ / 155 HP), FROTA DE 9 CAMINHÕES BASCULANTES DE 14 M³, DMT DE 6 KM E VELOCIDADE MÉDIA 22 KM/H. AF_12/2013","M3",17.37]
[89939,"ESCAVAÇÃO VERTICAL A CÉU ABERTO, INCLUINDO CARGA, DESCARGA E TRANSPORTE, EM SOLO DE 1ª CATEGORIA COM ESCAVADEIRA HIDRÁULICA (CAÇAMBA: 1,2 M³ / 155 HP), FROTA DE 3 CAMINHÕES BASCULANTES DE 18 M³, DMT DE 0,2 KM E VELOCIDADE MÉDIA 4 KM/H. AF_12/2013","M3",5.8]
[89940,"ESCAVAÇÃO VERTICAL A CÉU ABERTO, INCLUINDO CARGA, DESCARGA E TRANSPORTE, EM SOLO DE 1ª CATEGORIA COM ESCAVADEIRA HIDRÁULICA (CAÇAMBA: 1,2 M³ / 155 HP), FROTA DE 3 CAMINHÕES BASCULANTES DE 18 M³, DMT DE 0,3 KM E VELOCIDADE MÉDIA 5,9 KM/H. AF_12/2013","M3",5.82]
[89941,"ESCAVAÇÃO VERTICAL A CÉU ABERTO, INCLUINDO CARGA, DESCARGA E TRANSPORTE, EM SOLO DE 1ª CATEGORIA COM ESCAVADEIRA HIDRÁULICA (CAÇAMBA: 1,2 M³ / 155 HP), FROTA DE 3 CAMINHÕES BASCULANTES DE 18 M³, DMT DE 0,6 KM E VELOCIDADE MÉDIA 10 KM/H. AF_12/2013","M3",6.06]
[89942,"ESCAVAÇÃO VERTICAL A CÉU ABERTO, INCLUINDO CARGA, DESCARGA E TRANSPORTE, EM SOLO DE 1ª CATEGORIA COM ESCAVADEIRA HIDRÁULICA (CAÇAMBA: 1,2 M³ / 155 HP), FROTA DE 3 CAMINHÕES BASCULANTES DE 18 M³, DMT DE 0,8 KM E VELOCIDADE MÉDIA 14 KM/H. AF_12/2013","M3",5.99]
[89943,"ESCAVAÇÃO VERTICAL A CÉU ABERTO, INCLUINDO CARGA, DESCARGA E TRANSPORTE, EM SOLO DE 1ª CATEGORIA COM ESCAVADEIRA HIDRÁULICA (CAÇAMBA: 1,2 M³ / 155 HP), FROTA DE 3 CAMINHÕES BASCULANTES DE 18 M³, DMT DE 1 KM E VELOCIDADE MÉDIA 15 KM/H. AF_12/2013","M3",6.22]
[89944,"ESCAVAÇÃO VERTICAL A CÉU ABERTO, INCLUINDO CARGA, DESCARGA E TRANSPORTE, EM SOLO DE 1ª CATEGORIA COM ESCAVADEIRA HIDRÁULICA (CAÇAMBA: 1,2 M³ / 155 HP), FROTA DE 5 CAMINHÕES BASCULANTES DE 18 M³, DMT DE 1,5 KM E VELOCIDADE MÉDIA 18 KM/H. AF_12/2013","M3",9.27]
[89947,"ESCAVAÇÃO VERTICAL A CÉU ABERTO, INCLUINDO CARGA, DESCARGA E TRANSPORTE, EM SOLO DE 1ª CATEGORIA COM ESCAVADEIRA HIDRÁULICA (CAÇAMBA: 1,2 M³ / 155 HP), FROTA DE 6 CAMINHÕES BASCULANTES DE 18 M³, DMT DE 3 KM E VELOCIDADE MÉDIA 20 KM/H. AF_12/2013","M3",11.41]
[89948,"ESCAVAÇÃO VERTICAL A CÉU ABERTO, INCLUINDO CARGA, DESCARGA E TRANSPORTE, EM SOLO DE 1ª CATEGORIA COM ESCAVADEIRA HIDRÁULICA (CAÇAMBA: 1,2 M³ / 155 HP), FROTA DE 7 CAMINHÕES BASCULANTES DE 18 M³, DMT DE 4 KM E VELOCIDADE MÉDIA 22 KM/H. AF_12/2013","M3",12.65]
[89949,"ESCAVAÇÃO VERTICAL A CÉU ABERTO, INCLUINDO CARGA, DESCARGA E TRANSPORTE, EM SOLO DE 1ª CATEGORIA COM ESCAVADEIRA HIDRÁULICA (CAÇAMBA: 1,2 M³ / 155 HP), FROTA DE 8 CAMINHÕES BASCULANTES DE 18 M³, DMT DE 6 KM E VELOCIDADE MÉDIA 22 KM/H. AF_12/2013","M3",15.4]
[96520,"ESCAVAÇÃO MECANIZADA PARA BLOCO DE COROAMENTO OU SAPATA, SEM PREVISÃO DE FÔRMA, COM RETROESCAVADEIRA. AF_06/2017","M3",81.68]
[96521,"ESCAVAÇÃO MECANIZADA PARA BLOCO DE COROAMENTO OU SAPATA, COM PREVISÃO DE FÔRMA, COM RETROESCAVADEIRA. AF_06/2017","M3",32.64]
[96522,"ESCAVAÇÃO MANUAL PARA BLOCO DE COROAMENTO OU SAPATA, SEM PREVISÃO DE FÔRMA. AF_06/2017","M3",137.09]
[96523,"ESCAVAÇÃO MANUAL PARA BLOCO DE COROAMENTO OU SAPATA, COM PREVISÃO DE FÔRMA. AF_06/2017","M3",87.62]
[96524,"ESCAVAÇÃO MECANIZADA PARA VIGA BALDRAME, SEM PREVISÃO DE FÔRMA, COM MINI-ESCAVADEIRA. AF_06/2017","M3",157.42]
[96525,"ESCAVAÇÃO MECANIZADA PARA VIGA BALDRAME, COM PREVISÃO DE FÔRMA, COM MINI-ESCAVADEIRA. AF_06/2017","M3",30.69]
[96526,"ESCAVAÇÃO MANUAL DE VALA PARA VIGA BALDRAME, SEM PREVISÃO DE FÔRMA. AF_06/2017","M3",276.67]
[96527,"ESCAVAÇÃO MANUAL DE VALA PARA VIGA BALDRAME, COM PREVISÃO DE FÔRMA. AF_06/2017","M3",115.06]
[96528,"FABRICAÇÃO, MONTAGEM E DESMONTAGEM DE FÔRMA PARA BLOCO DE COROAMENTO, EM MADEIRA SERRADA, E=25 MM, 1 UTILIZAÇÃO. AF_06/2017","M2",121.71]
[98116,"ESCAVAÇÃO VERTICAL A CÉU ABERTO, INCLUINDO CARGA, DESCARGA E TRANSPORTE, EM SOLO DE 1ª CATEGORIA COM ESCAVADEIRA HIDRÁULICA (CAÇAMBA: 0,8 M³ / 111 HP), FROTA DE 4 CAMINHÕES BASCULANTES DE 14 M³, DMT DE 2 KM E VELOCIDADE MÉDIA 20 KM/H. AF_02/2018","M3",11.71]
[98117,"ESCAVAÇÃO VERTICAL A CÉU ABERTO, INCLUINDO CARGA, DESCARGA E TRANSPORTE, EM SOLO DE 1ª CATEGORIA COM ESCAVADEIRA HIDRÁULICA (CAÇAMBA: 0,8 M³ / 111 HP), FROTA DE 4 CAMINHÕES BASCULANTES DE 18 M³, DMT DE 2 KM E VELOCIDADE MÉDIA 20 KM/H. AF_02/2018","M3",10.99]
[98118,"ESCAVAÇÃO VERTICAL A CÉU ABERTO, INCLUINDO CARGA, DESCARGA E TRANSPORTE, EM SOLO DE 1ª CATEGORIA COM ESCAVADEIRA HIDRÁULICA (CAÇAMBA: 1,2 M³ / 155 HP), FROTA DE 6 CAMINHÕES BASCULANTES DE 14 M³, DMT DE 2 KM E VELOCIDADE MÉDIA 20 KM/H. AF_02/2018","M3",11]
[98119,"ESCAVAÇÃO VERTICAL A CÉU ABERTO, INCLUINDO CARGA, DESCARGA E TRANSPORTE, EM SOLO DE 1ª CATEGORIA COM ESCAVADEIRA HIDRÁULICA (CAÇAMBA: 1,2 M³ / 155 HP), FROTA DE 5 CAMINHÕES BASCULANTES DE 18 M³, DMT DE 2 KM E VELOCIDADE MÉDIA 20 KM/H. AF_02/2018","M3",9.7]
[72915,"ESCAVACAO MECANICA DE VALA EM MATERIAL DE 2A. CATEGORIA ATE 2 M DE PROFUNDIDADE COM UTILIZACAO DE ESCAVADEIRA HIDRAULICA","M3",10.61]
[72917,"ESCAVACAO MECANICA DE VALA EM MATERIAL 2A. CATEGORIA DE 2,01 ATE 4,00 M DE PROFUNDIDADE COM UTILIZACAO DE ESCAVADEIRA HIDRAULICA","M3",12.13]
[72918,"ESCAVACAO MECANICA DE VALA EM MATERIAL 2A. CATEGORIA DE 4,01 ATE 6,00 M DE PROFUNDIDADE COM UTILIZACAO DE ESCAVADEIRA HIDRAULICA","M3",14.15]
["73965/9","ESCAVACAO MANUAL DE VALA EM LODO, DE 1,5 ATE 3M, EXCLUINDO ESGOTAMENTO/ESCORAMENTO.","M3",192.7]
["79506/2","ESCAVAÇÃO MANUAL DE VALA/CAVA EM LODO, ENTRE 3 E 4,5M DE PROFUNDIDADE","M3",289.05]
[83343,"ESCAVACAO MECANICA DE VALAS (SOLO COM AGUA), PROFUNDIDADE MAIOR QUE 4,00 M ATE 6,00 M.","M3",13.3]
[90082,"ESCAVAÇÃO MECANIZADA DE VALA COM PROF. ATÉ 1,5 M (MÉDIA ENTRE MONTANTE E JUSANTE/UMA COMPOSIÇÃO POR TRECHO), COM ESCAVADEIRA HIDRÁULICA (0,8 M3), LARG. DE 1,5 M A 2,5 M, EM SOLO DE 1A CATEGORIA, EM LOCAIS COM ALTO NÍVEL DE INTERFERÊNCIA. AF_01/2015","M3",8.29]
[90084,"ESCAVAÇÃO MECANIZADA DE VALA COM PROF. MAIOR QUE 1,5 M ATÉ 3,0 M (MÉDIA ENTRE MONTANTE E JUSANTE/UMA COMPOSIÇÃO POR TRECHO), COM ESCAVADEIRA HIDRÁULICA (0,8 M3/111 HP), LARGURA ATÉ 1,5 M, EM SOLO DE 1A CATEGORIA, EM LOCAIS COM ALTO NÍVEL DE INTERFERÊNCIA. AF_01/2015","M3",8.06]
[90085,"ESCAVAÇÃO MECANIZADA DE VALA COM PROF. MAIOR QUE 1,5 M ATÉ 3,0 M (MÉDIA ENTRE MONTANTE E JUSANTE/UMA COMPOSIÇÃO POR TRECHO), COM ESCAVADEIRA HIDRÁULICA (0,8 M3/111 HP), LARG. DE 1,5 M A 2,5 M, EM SOLO DE 1A CATEGORIA, EM LOCAIS COM ALTO NÍVEL DE INTERFERÊNCIA. AF_01/2015","M3",7.57]
[90086,"ESCAVAÇÃO MECANIZADA DE VALA COM PROF. MAIOR QUE 3,0 M ATÉ 4,5 M(MÉDIA ENTRE MONTANTE E JUSANTE/UMA COMPOSIÇÃO POR TRECHO), COM ESCAVADEIRA HIDRÁULICA (0,8 M3/111 HP), LARG. MENOR QUE 1,5 M, EM SOLO DE 1A CATEGORIA, EM LOCAIS COM ALTO NÍVEL DE INTERFERÊNCIA. AF_01/2015","M3",7.67]
[90087,"ESCAVAÇÃO MECANIZADA DE VALA COM PROF. DE 3,0 M ATÉ 4,5 M(MÉDIA ENTRE MONTANTE E JUSANTE/UMA COMPOSIÇÃO POR TRECHO), COM ESCAVADEIRA HIDRÁULICA (1,2 M3/155 HP), LARG. DE 1,5 M A 2,5 M, EM SOLO DE 1A CATEGORIA, EM LOCAIS COM ALTO NÍVEL DE INTERFERÊNCIA. AF_01/2015","M3",6.6]
[90088,"ESCAVAÇÃO MECANIZADA DE VALA COM PROF. MAIOR QUE 4,5 M ATÉ 6,0 M(MÉDIA ENTRE MONTANTE E JUSANTE/UMA COMPOSIÇÃO POR TRECHO), COM ESCAVADEIRA HIDRÁULICA (1,2 M3/155 HP), LARG. MENOR QUE 1,5 M, EM SOLO DE 1A CATEGORIA, EM LOCAIS COM ALTO NÍVEL DE INTERFERÊNCIA. AF_01/2015","M3",6.74]
[90090,"ESCAVAÇÃO MECANIZADA DE VALA COM PROF. MAIOR QUE 4,5 M ATÉ 6,0 M(MÉDIA ENTRE MONTANTE E JUSANTE/UMA COMPOSIÇÃO POR TRECHO), COM ESCAVADEIRA HIDRÁULICA (1,2 M3/155 HP), LARG. DE 1,5 M A 2,5 M, EM SOLO DE 1A CATEGORIA, EM LOCAIS COM ALTO NÍVEL DE INTERFERÊNCIA. AF_01/2015","M3",6.48]
[90091,"ESCAVAÇÃO MECANIZADA DE VALA COM PROF. ATÉ 1,5 M(MÉDIA ENTRE MONTANTE E JUSANTE/UMA COMPOSIÇÃO POR TRECHO), COM ESCAVADEIRA HIDRÁULICA (0,8 M3), LARG. DE 1,5M A 2,5 M, EM SOLO DE 1A CATEGORIA, LOCAIS COM BAIXO NÍVEL DE INTERFERÊNCIA. AF_01/2015","M3",4.95]
[90092,"ESCAVAÇÃO MECANIZADA DE VALA COM PROF. MAIOR QUE 1,5 M E ATÉ 3,0 M(MÉDIA ENTRE MONTANTE E JUSANTE/UMA COMPOSIÇÃO POR TRECHO), COM ESCAVADEIRA HIDRÁULICA (0,8 M3/111 HP), LARG. MENOR QUE 1,5 M, EM SOLO DE 1A CATEGORIA, LOCAIS COM BAIXO NÍVEL DE INTERFERÊNCIA. AF_01/2015","M3",4.81]
[90093,"ESCAVAÇÃO MECANIZADA DE VALA COM PROF. MAIOR QUE 1,5 M ATÉ 3,0 M (MÉDIA ENTRE MONTANTE E JUSANTE/UMA COMPOSIÇÃO POR TRECHO), COM ESCAVADEIRA HIDRÁULICA (0,8 M3/111 HP), LARG. DE 1,5 M A 2,5 M, EM SOLO DE 1A CATEGORIA, LOCAIS COM BAIXO NÍVEL DE INTERFERÊNCIA. AF_01/2015","M3",4.52]
[90094,"ESCAVAÇÃO MECANIZADA DE VALA COM PROF. MAIOR QUE 3,0 M ATÉ 4,5 M (MÉDIA ENTRE MONTANTE E JUSANTE/UMA COMPOSIÇÃO POR TRECHO), COM ESCAVADEIRA HIDRÁULICA (0,8 M3/111 HP), LARG. MENOR QUE 1,5 M, EM SOLO DE 1A CATEGORIA, LOCAIS COM BAIXO NÍVEL DE INTERFERÊNCIA. AF_01/2015","M3",4.57]
[90095,"ESCAVAÇÃO MECANIZADA DE VALA COM PROF. MAIOR QUE 3,0 M ATÉ 4,5 M (MÉDIA ENTRE MONTANTE E JUSANTE/UMA COMPOSIÇÃO POR TRECHO), COM ESCAVADEIRA HIDRÁULICA (1,2 M3/155 HP), LARG. DE 1,5 M A 2,5 M, EM SOLO DE 1A CATEGORIA, LOCAIS COM BAIXO NÍVEL DE INTERFERÊNCIA. AF_01/2015","M3",3.95]
[90096,"ESCAVAÇÃO MECANIZADA DE VALA COM PROF. MAIOR QUE 4,5 M ATÉ 6,0 M (MÉDIA ENTRE MONTANTE E JUSANTE/UMA COMPOSIÇÃO POR TRECHO), COM ESCAVADEIRA HIDRÁULICA (1,2 M3/155 HP), LARG. MENOR QUE 1,5 M, EM SOLO DE 1A CATEGORIA, LOCAIS COM BAIXO NÍVEL DE INTERFERÊNCIA. AF_01/2015","M3",4.03]
[90098,"ESCAVAÇÃO MECANIZADA DE VALA COM PROF. MAIOR QUE 4,5 M ATÉ 6,0 M (MÉDIA ENTRE MONTANTE E JUSANTE/UMA COMPOSIÇÃO POR TRECHO), COM ESCAVADEIRA HIDRÁULICA (1,2 M3/155 HP), LARG. DE 1,5 M A 2,5 M, EM SOLO DE 1A CATEGORIA, LOCAIS COM BAIXO NÍVEL DE INTERFERÊNCIA. AF_01/2015","M3",3.86]
[90099,"ESCAVAÇÃO MECANIZADA DE VALA COM PROF. ATÉ 1,5 M (MÉDIA ENTRE MONTANTE E JUSANTE/UMA COMPOSIÇÃO POR TRECHO), COM RETROESCAVADEIRA (0,26 M3/88 HP), LARG. MENOR QUE 0,8 M, EM SOLO DE 1A CATEGORIA, EM LOCAIS COM ALTO NÍVEL DE INTERFERÊNCIA. AF_01/2015","M3",11.35]
[90100,"ESCAVAÇÃO MECANIZADA DE VALA COM PROF. ATÉ 1,5 M (MÉDIA ENTRE MONTANTE E JUSANTE/UMA COMPOSIÇÃO POR TRECHO), COM RETROESCAVADEIRA (0,26 M3/88 HP), LARG. DE 0,8 M A 1,5 M, EM SOLO DE 1A CATEGORIA, EM LOCAIS COM ALTO NÍVEL DE INTERFERÊNCIA. AF_01/2015","M3",9.65]
[90101,"ESCAVAÇÃO MECANIZADA DE VALA COM PROF. MAIOR QUE 1,5 M ATÉ 3,0 M (MÉDIA ENTRE MONTANTE E JUSANTE/UMA COMPOSIÇÃO POR TRECHO), COM RETROESCAVADEIRA (0,26 M3/88 HP), LARG. MENOR QUE 0,8 M, EM SOLO DE 1A CATEGORIA, EM LOCAIS COM ALTO NÍVEL DE INTERFERÊNCIA.AF_01/2015","M3",9.53]
[90102,"ESCAVAÇÃO MECANIZADA DE VALA COM PROF. MAIOR QUE 1,5 M ATÉ 3,0 M (MÉDIA ENTRE MONTANTE E JUSANTE/UMA COMPOSIÇÃO POR TRECHO), COM RETROESCAVADEIRA (0,26 M3/ POTÊNCIA:88 HP), LARGURA DE 0,8 M A 1,5 M, EM SOLO DE 1A CATEGORIA, EM LOCAIS COM ALTO NÍVEL DE INTERFERÊNCIA. AF_01/2015","M3",8.67]
[90105,"ESCAVAÇÃO MECANIZADA DE VALA COM PROFUNDIDADE ATÉ 1,5 M (MÉDIA ENTRE MONTANTE E JUSANTE/UMA COMPOSIÇÃO POR TRECHO) COM RETROESCAVADEIRA (CAPACIDADE DA CAÇAMBA DA RETRO: 0,26 M3 / POTÊNCIA: 88 HP), LARGURA MENOR QUE 0,8 M, EM SOLO DE 1A CATEGORIA, LOCAISCOM BAIXO NÍVEL DE INTERFERÊNCIA. AF_01/2015","M3",6.78]
[90106,"ESCAVAÇÃO MECANIZADA DE VALA COM PROFUNDIDADE ATÉ 1,5 M (MÉDIA ENTRE MONTANTE E JUSANTE/UMA COMPOSIÇÃO POR TRECHO) COM RETROESCAVADEIRA (CAPACIDADE DA CAÇAMBA DA RETRO: 0,26 M3 / POTÊNCIA: 88 HP), LARGURA DE 0,8 M A 1,5 M, EM SOLO DE 1A CATEGORIA, LOCAISCOM BAIXO NÍVEL DE INTERFERÊNCIA. AF_01/2015","M3",5.76]
[90107,"ESCAVAÇÃO MECANIZADA DE VALA COM PROFUNDIDADE MAIOR QUE 1,5 M ATÉ 3,0 M (MÉDIA ENTRE MONTANTE E JUSANTE/UMA COMPOSIÇÃO POR TRECHO) COM RETROESCAVADEIRA (CAPACIDADE DA CAÇAMBA DA RETRO: 0,26 M3 / POTÊNCIA: 88 HP), LARGURA MENOR QUE 0,8 M, EM SOLO DE1A CATEGORIA, LOCAIS COM BAIXO NÍVEL DE INTERFERÊNCIA. AF_01/2015","M3",5.68]
[90108,"ESCAVAÇÃO MECANIZADA DE VALA COM PROFUNDIDADE MAIOR QUE 1,5 M ATÉ 3,0 M (MÉDIA ENTRE MONTANTE E JUSANTE/UMA COMPOSIÇÃO POR TRECHO) COM RETROESCAVADEIRA (CAPACIDADE DA CAÇAMBA DA RETRO: 0,26 M3 / POTÊNCIA: 88 HP), LARGURA DE 0,8 M A 1,5 M, EM SOLO DE 1A CATEGORIA, LOCAIS COM BAIXO NÍVEL DE INTERFERÊNCIA. AF_01/2015","M3",5.17]
[93358,"ESCAVAÇÃO MANUAL DE VALA COM PROFUNDIDADE MENOR OU IGUAL A 1,30 M. AF_03/2016","M3",76.23]
[79482,"ATERRO COM AREIA COM ADENSAMENTO HIDRAULICO","M3",77.73]
[94304,"ATERRO MECANIZADO DE VALA COM ESCAVADEIRA HIDRÁULICA (CAPACIDADE DA CAÇAMBA: 0,8 M³ / POTÊNCIA: 111 HP), LARGURA DE 1,5 A 2,5 M, PROFUNDIDADE ATÉ 1,5 M, COM SOLO ARGILO-ARENOSO. AF_05/2016","M3",26.18]
[94305,"ATERRO MECANIZADO DE VALA COM ESCAVADEIRA HIDRÁULICA (CAPACIDADE DA CAÇAMBA: 0,8 M³ / POTÊNCIA: 111 HP), LARGURA ATÉ 1,5 M, PROFUNDIDADE DE 1,5 A 3,0 M, COM SOLO ARGILO-ARENOSO. AF_05/2016","M3",23.05]
[94306,"ATERRO MECANIZADO DE VALA COM ESCAVADEIRA HIDRÁULICA (CAPACIDADE DA CAÇAMBA: 0,8 M³ / POTÊNCIA: 111 HP), LARGURA DE 1,5 A 2,5 M, PROFUNDIDADE DE 1,5 A 3,0 M, COM SOLO ARGILO-ARENOSO. AF_05/2016","M3",19.09]
[94307,"ATERRO MECANIZADO DE VALA COM ESCAVADEIRA HIDRÁULICA (CAPACIDADE DA CAÇAMBA: 0,8 M³ / POTÊNCIA: 111 HP), LARGURA ATÉ 1,5 M, PROFUNDIDADE DE 3,0 A 4,5 M, COM SOLO ARGILO-ARENOSO. AF_05/2016","M3",19.99]
[94308,"ATERRO MECANIZADO DE VALA COM ESCAVADEIRA HIDRÁULICA (CAPACIDADE DA CAÇAMBA: 0,8 M³ / POTÊNCIA: 111 HP), LARGURA DE 1,5 A 2,5 M, PROFUNDIDADE DE 3,0 A 4,5 M, COM SOLO ARGILO-ARENOSO. AF_05/2016","M3",17.66]
[94309,"ATERRO MECANIZADO DE VALA COM ESCAVADEIRA HIDRÁULICA (CAPACIDADE DA CAÇAMBA: 0,8 M³ / POTÊNCIA: 111 HP), LARGURA ATÉ 1,5 M, PROFUNDIDADE DE 4,5 A 6,0 M, COM SOLO ARGILO-ARENOSO. AF_05/2016","M3",18.69]
[94310,"ATERRO MECANIZADO DE VALA COM ESCAVADEIRA HIDRÁULICA (CAPACIDADE DA CAÇAMBA: 0,8 M³ / POTÊNCIA: 111 HP), LARGURA DE 1,5 A 2,5 M, PROFUNDIDADE DE 4,5 A 6,0 M, COM SOLO ARGILO-ARENOSO. AF_05/2016","M3",16.96]
[94315,"ATERRO MECANIZADO DE VALA COM RETROESCAVADEIRA (CAPACIDADE DA CAÇAMBA DA RETRO: 0,26 M³ / POTÊNCIA: 88 HP), LARGURA ATÉ 0,8 M, PROFUNDIDADE ATÉ 1,5 M, COM SOLO ARGILO-ARENOSO. AF_05/2016","M3",34.41]
[94316,"ATERRO MECANIZADO DE VALA COM RETROESCAVADEIRA (CAPACIDADE DA CAÇAMBA DA RETRO: 0,26 M³ / POTÊNCIA: 88 HP), LARGURA DE 0,8 A 1,5 M, PROFUNDIDADE ATÉ 1,5 M, COM SOLO ARGILO-ARENOSO. AF_05/2016","M3",26.65]
[94317,"ATERRO MECANIZADO DE VALA COM RETROESCAVADEIRA (CAPACIDADE DA CAÇAMBA DA RETRO: 0,26 M³ / POTÊNCIA: 88 HP), LARGURA ATÉ 0,8 M, PROFUNDIDADE DE 1,5 A 3,0 M, COM SOLO ARGILO-ARENOSO. AF_05/2016","M3",23.21]
[94318,"ATERRO MECANIZADO DE VALA COM RETROESCAVADEIRA (CAPACIDADE DA CAÇAMBA DA RETRO: 0,26 M³ / POTÊNCIA: 88 HP), LARGURA DE 0,8 A 1,5 M, PROFUNDIDADE DE 1,5 A 3,0 M, COM SOLO ARGILO-ARENOSO. AF_05/2016","M3",18.78]
[94319,"ATERRO MANUAL DE VALAS COM SOLO ARGILO-ARENOSO E COMPACTAÇÃO MECANIZADA. AF_05/2016","M3",39.84]
[94327,"ATERRO MECANIZADO DE VALA COM ESCAVADEIRA HIDRÁULICA (CAPACIDADE DA CAÇAMBA: 0,8 M³ / POTÊNCIA: 111 HP), LARGURA DE 1,5 A 2,5 M, PROFUNDIDADE ATÉ 1,5 M, COM AREIA PARA ATERRO. AF_05/2016","M3",83.16]
[94328,"ATERRO MECANIZADO DE VALA COM ESCAVADEIRA HIDRÁULICA (CAPACIDADE DA CAÇAMBA: 0,8 M³ / POTÊNCIA: 111 HP), LARGURA ATÉ 1,5 M, PROFUNDIDADE DE 1,5 A 3,0 M, COM AREIA PARA ATERRO. AF_05/2016","M3",80.03]
[94329,"ATERRO MECANIZADO DE VALA COM ESCAVADEIRA HIDRÁULICA (CAPACIDADE DA CAÇAMBA: 0,8 M³ / POTÊNCIA: 111 HP), LARGURA DE 1,5 A 2,5 M, PROFUNDIDADE DE 1,5 A 3,0 M, COM AREIA PARA ATERRO. AF_05/2016","M3",76.07]
[94330,"ATERRO MECANIZADO DE VALA COM ESCAVADEIRA HIDRÁULICA (CAPACIDADE DA CAÇAMBA: 0,8 M³ / POTÊNCIA: 111 HP), LARGURA ATÉ 1,5 M, PROFUNDIDADE DE 3,0 A 4,5 M, COM AREIA PARA ATERRO. AF_05/2016","M3",76.97]
[94331,"ATERRO MECANIZADO DE VALA COM ESCAVADEIRA HIDRÁULICA (CAPACIDADE DA CAÇAMBA: 0,8 M³ / POTÊNCIA: 111 HP), LARGURA DE 1,5 A 2,5 M, PROFUNDIDADE DE 3,0 A 4,5 M, COM AREIA PARA ATERRO. AF_05/2016","M3",74.64]
[94332,"ATERRO MECANIZADO DE VALA COM ESCAVADEIRA HIDRÁULICA (CAPACIDADE DA CAÇAMBA: 0,8 M³ / POTÊNCIA: 111 HP), LARGURA ATÉ 1,5 M, PROFUNDIDADE DE 4,5 A 6,0 M, COM AREIA PARA ATERRO. AF_05/2016","M3",75.67]
[94333,"ATERRO MECANIZADO DE VALA COM ESCAVADEIRA HIDRÁULICA (CAPACIDADE DA CAÇAMBA: 0,8 M³ / POTÊNCIA: 111 HP), LARGURA DE 1,5 A 2,5 M, PROFUNDIDADE DE 4,5 A 6,0 M, COM AREIA PARA ATERRO. AF_05/2016","M3",73.94]
[94338,"ATERRO MECANIZADO DE VALA COM RETROESCAVADEIRA (CAPACIDADE DA CAÇAMBA DA RETRO: 0,26 M³ / POTÊNCIA: 88 HP), LARGURA ATÉ 0,8 M, PROFUNDIDADE ATÉ 1,5 M, COM AREIA PARA ATERRO. AF_05/2016","M3",91.39]
[94339,"ATERRO MECANIZADO DE VALA COM RETROESCAVADEIRA (CAPACIDADE DA CAÇAMBA DA RETRO: 0,26 M³ / POTÊNCIA: 88 HP), LARGURA DE 0,8 A 1,5 M, PROFUNDIDADE ATÉ 1,5 M, COM AREIA PARA ATERRO. AF_05/2016","M3",83.63]
[94340,"ATERRO MECANIZADO DE VALA COM RETROESCAVADEIRA (CAPACIDADE DA CAÇAMBA DA RETRO: 0,26 M³ / POTÊNCIA: 88 HP), LARGURA ATÉ 0,8 M, PROFUNDIDADE DE 1,5 A 3,0 M, COM AREIA PARA ATERRO. AF_05/2016","M3",80.19]
[94341,"ATERRO MECANIZADO DE VALA COM RETROESCAVADEIRA (CAPACIDADE DA CAÇAMBA DA RETRO: 0,26 M³ / POTÊNCIA: 88 HP), LARGURA DE 0,8 A 1,5 M, PROFUNDIDADE DE 1,5 A 3,0 M, COM AREIA PARA ATERRO. AF_05/2016","M3",75.76]
[94342,"ATERRO MANUAL DE VALAS COM AREIA PARA ATERRO E COMPACTAÇÃO MECANIZADA. AF_05/2016","M3",96.82]
[96385,"EXECUÇÃO E COMPACTAÇÃO DE ATERRO COM SOLO PREDOMINANTEMENTE ARGILOSO - EXCLUSIVE ESCAVAÇÃO, CARGA E TRANSPORTE E SOLO. AF_09/2017","M3",5.73]
[96386,"EXECUÇÃO E COMPACTAÇÃO DE ATERRO COM SOLO PREDOMINANTEMENTE ARENOSO - EXCLUSIVE ESCAVAÇÃO, CARGA E TRANSPORTE E SOLO. AF_09/2017","M3",5.46]
[83346,"UMEDECIMENTO DE MATERIAL PARA FECHAMENTO DE VALAS.","M3",0.9]
[93360,"REATERRO MECANIZADO DE VALA COM ESCAVADEIRA HIDRÁULICA (CAPACIDADE DA CAÇAMBA: 0,8 M³ / POTÊNCIA: 111 HP), LARGURA DE 1,5 A 2,5 M, PROFUNDIDADE ATÉ 1,5 M, COM SOLO DE 1ª CATEGORIA EM LOCAIS COM ALTO NÍVEL DE INTERFERÊNCIA. AF_04/2016","M3",16.11]
[93361,"REATERRO MECANIZADO DE VALA COM ESCAVADEIRA HIDRÁULICA (CAPACIDADE DA CAÇAMBA: 0,8 M³ / POTÊNCIA: 111 HP), LARGURA ATÉ 1,5 M, PROFUNDIDADE DE 1,5 A 3,0 M, COM SOLO DE 1ª CATEGORIA EM LOCAIS COM ALTO NÍVEL DE INTERFERÊNCIA. AF_04/2016","M3",13.07]
[93362,"REATERRO MECANIZADO DE VALA COM ESCAVADEIRA HIDRÁULICA (CAPACIDADE DA CAÇAMBA: 0,8 M³ / POTÊNCIA: 111 HP), LARGURA DE 1,5 A 2,5 M, PROFUNDIDADE DE 1,5 A 3,0 M, COM SOLO DE 1ª CATEGORIA EM LOCAIS COM ALTO NÍVEL DE INTERFERÊNCIA. AF_04/2016","M3",9.04]
[93363,"REATERRO MECANIZADO DE VALA COM ESCAVADEIRA HIDRÁULICA (CAPACIDADE DA CAÇAMBA: 0,8 M³ / POTÊNCIA: 111 HP), LARGURA ATÉ 1,5 M, PROFUNDIDADE DE 3,0 A 4,5 M COM SOLO DE 1ª CATEGORIA EM LOCAIS COM ALTO NÍVEL DE INTERFERÊNCIA. AF_04/2016","M3",9.92]
[93364,"REATERRO MECANIZADO DE VALA COM ESCAVADEIRA HIDRÁULICA (CAPACIDADE DA CAÇAMBA: 0,8 M³ / POTÊNCIA: 111 HP), LARGURA DE 1,5 A 2,5 M, PROFUNDIDADE DE 3,0  A 4,5 M, COM SOLO (SEM SUBSTITUIÇÃO) DE 1ª CATEGORIA EM LOCAIS COM ALTO NÍVEL DE INTERFERÊNCIA. AF_04/2016","M3",7.6]
[93365,"REATERRO MECANIZADO DE VALA COM ESCAVADEIRA HIDRÁULICA (CAPACIDADE DA CAÇAMBA: 0,8 M³ / POTÊNCIA: 111 HP), LARGURA ATÉ 1,5 M, PROFUNDIDADE DE 4,5 A 6,0 M, COM SOLO DE 1ª CATEGORIA EM LOCAIS COM ALTO NÍVEL DE INTERFERÊNCIA. AF_04/2016","M3",8.57]
[93366,"REATERRO MECANIZADO DE VALA COM ESCAVADEIRA HIDRÁULICA (CAPACIDADE DA CAÇAMBA: 0,8 M³ / POTÊNCIA: 111 HP), LARGURA DE 1,5 A 2,5 M, PROFUNDIDADE DE 4,5 A 6,0 M, COM SOLO DE 1ª CATEGORIA EM LOCAIS COM ALTO NÍVEL DE INTERFERÊNCIA. AF_04/2016","M3",6.91]
[93367,"REATERRO MECANIZADO DE VALA COM ESCAVADEIRA HIDRÁULICA (CAPACIDADE DA CAÇAMBA: 0,8 M³ / POTÊNCIA: 111 HP), LARGURA DE 1,5 A 2,5 M, PROFUNDIDADE ATÉ 1,5 M, COM SOLO DE 1ª CATEGORIA EM LOCAIS COM BAIXO NÍVEL DE INTERFERÊNCIA. AF_04/2016","M3",15.13]
[93368,"REATERRO MECANIZADO DE VALA COM ESCAVADEIRA HIDRÁULICA (CAPACIDADE DA CAÇAMBA: 0,8 M³ / POTÊNCIA: 111 HP), LARGURA ATÉ 1,5 M, PROFUNDIDADE DE 1,5 A 3,0 M, COM SOLO DE 1ª CATEGORIA EM LOCAIS COM BAIXO NÍVEL DE INTERFERÊNCIA. AF_04/2016","M3",12.02]
[93369,"REATERRO MECANIZADO DE VALA COM ESCAVADEIRA HIDRÁULICA (CAPACIDADE DA CAÇAMBA: 0,8 M³ / POTÊNCIA: 111 HP), LARGURA DE 1,5 A 2,5 M, PROFUNDIDADE DE 1,5 A 3,0 M, COM SOLO (SEM SUBSTITUIÇÃO) DE 1ª CATEGORIA EM LOCAIS COM BAIXO NÍVEL DE INTERFERÊNCIA. AF_04/2016","M3",8.06]
[93370,"REATERRO MECANIZADO DE VALA COM ESCAVADEIRA HIDRÁULICA (CAPACIDADE DA CAÇAMBA: 0,8 M³ / POTÊNCIA: 111 HP), LARGURA ATÉ 1,5 M, PROFUNDIDADE DE 3,0 A 4,5 M, COM SOLO DE 1ª CATEGORIA EM LOCAIS COM BAIXO NÍVEL DE INTERFERÊNCIA. AF_04/2016","M3",8.96]
[93371,"REATERRO MECANIZADO DE VALA COM ESCAVADEIRA HIDRÁULICA (CAPACIDADE DA CAÇAMBA: 0,8 M³ / POTÊNCIA: 111 HP), LARGURA DE 1,5 A 2,5 M, PROFUNDIDADE DE 3,0 A 4,5 M, COM SOLO (SEM SUBSTITUIÇÃO) DE 1ª CATEGORIA EM LOCAIS COM BAIXO NÍVEL DE INTERFERÊNCIA. AF_04/2016","M3",6.63]
[93372,"REATERRO MECANIZADO DE VALA COM ESCAVADEIRA HIDRÁULICA (CAPACIDADE DA CAÇAMBA: 0,8 M³ / POTÊNCIA: 111 HP), LARGURA ATÉ 1,5 M, PROFUNDIDADE DE 4,5 A 6,0 M, COM SOLO DE 1ª CATEGORIA EM LOCAIS COM BAIXO NÍVEL DE INTERFERÊNCIA. AF_04/2016","M3",7.66]
[93373,"REATERRO MECANIZADO DE VALA COM ESCAVADEIRA HIDRÁULICA (CAPACIDADE DA CAÇAMBA: 0,8 M³ / POTÊNCIA: 111 HP), LARGURA DE 1,5 A 2,5 M, PROFUNDIDADE DE 4,5 A 6,0 M, COM SOLO (SEM SUBSTITUIÇÃO) DE 1ª CATEGORIA EM LOCAIS COM BAIXO NÍVEL DE INTERFERÊNCIA. AF_04/2016","M3",5.94]
[93374,"REATERRO MECANIZADO DE VALA COM RETROESCAVADEIRA (CAPACIDADE DA CAÇAMBA DA RETRO: 0,26 M³ / POTÊNCIA: 88 HP), LARGURA ATÉ 0,8 M, PROFUNDIDADE ATÉ 1,5 M, COM SOLO (SEM SUBSTITUIÇÃO) DE 1ª CATEGORIA EM LOCAIS COM ALTO NÍVEL DE INTERFERÊNCIA. AF_04/2016","M3",20.74]
[93375,"REATERRO MECANIZADO DE VALA COM RETROESCAVADEIRA (CAPACIDADE DA CAÇAMBA DA RETRO: 0,26 M³ / POTÊNCIA: 88 HP), LARGURA DE 0,8 A 1,5 M, PROFUNDIDADE ATÉ 1,5 M, COM SOLO DE 1ª CATEGORIA EM LOCAIS COM ALTO NÍVEL DE INTERFERÊNCIA. AF_04/2016","M3",15.91]
[93376,"REATERRO MECANIZADO DE VALA COM RETROESCAVADEIRA (CAPACIDADE DA CAÇAMBA DA RETRO: 0,26 M³ / POTÊNCIA: 88 HP), LARGURA ATÉ 0,8 M, PROFUNDIDADE DE 1,5 A 3,0 M, COM SOLO DE 1ª CATEGORIA EM LOCAIS COM ALTO NÍVEL DE INTERFERÊNCIA. AF_04/2016","M3",12.86]
[93377,"REATERRO MECANIZADO DE VALA COM RETROESCAVADEIRA (CAPACIDADE DA CAÇAMBA DA RETRO: 0,26 M³ / POTÊNCIA: 88 HP), LARGURA DE 0,8 A 1,5 M, PROFUNDIDADE DE 1,5 A 3,0 M, COM SOLO (SEM SUBSTITUIÇÃO) DE 1ª CATEGORIA EM LOCAIS COM ALTO NÍVEL DE INTERFERÊNCIA. AF_04/2016","M3",8.24]
[93378,"REATERRO MECANIZADO DE VALA COM RETROESCAVADEIRA (CAPACIDADE DA CAÇAMBA DA RETRO: 0,26 M³ / POTÊNCIA: 88 HP), LARGURA ATÉ 0,8 M, PROFUNDIDADE ATÉ 1,5 M, COM SOLO DE 1ª CATEGORIA EM LOCAIS COM BAIXO NÍVEL DE INTERFERÊNCIA. AF_04/2016","M3",19.55]
[93379,"REATERRO MECANIZADO DE VALA COM RETROESCAVADEIRA (CAPACIDADE DA CAÇAMBA DA RETRO: 0,26 M³ / POTÊNCIA: 88 HP), LARGURA DE 0,8 A 1,5 M, PROFUNDIDADE ATÉ 1,5 M, COM SOLO DE 1ª CATEGORIA EM LOCAIS COM BAIXO NÍVEL DE INTERFERÊNCIA. AF_04/2016","M3",15]
[93380,"REATERRO MECANIZADO DE VALA COM RETROESCAVADEIRA (CAPACIDADE DA CAÇAMBA DA RETRO: 0,26 M³ / POTÊNCIA: 88 HP), LARGURA ATÉ 0,8 M, PROFUNDIDADE DE 1,5 A 3,0 M, COM SOLO DE 1ª CATEGORIA EM LOCAIS COM BAIXO NÍVEL DE INTERFERÊNCIA. AF_04/2016","M3",12.16]
[93381,"REATERRO MECANIZADO DE VALA COM RETROESCAVADEIRA (CAPACIDADE DA CAÇAMBA DA RETRO: 0,26 M³ / POTÊNCIA: 88 HP), LARGURA DE 0,8 A 1,5 M, PROFUNDIDADE DE 1,5 A 3,0 M, COM SOLO (SEM SUBSTITUIÇÃO) DE 1ª CATEGORIA EM LOCAIS COM BAIXO NÍVEL DE INTERFERÊNCIA. AF_04/2016","M3",7.74]
[93382,"REATERRO MANUAL DE VALAS COM COMPACTAÇÃO MECANIZADA. AF_04/2016","M3",28.81]
[96995,"REATERRO MANUAL APILOADO COM SOQUETE. AF_10/2017","M3",46.22]
[72838,"TRANSPORTE COMERCIAL COM CAMINHAO CARROCERIA 9 T, RODOVIA EM LEITO NATURAL","TXKM",0.86]
[72839,"TRANSPORTE COMERCIAL COM CAMINHAO CARROCERIA 9 T, RODOVIA COM REVESTIMENTO PRIMARIO","TXKM",0.69]
[72840,"TRANSPORTE COMERCIAL COM CAMINHAO CARROCERIA 9 T, RODOVIA PAVIMENTADA","TXKM",0.58]
[72844,"CARGA, MANOBRAS E DESCARGA DE AREIA, BRITA, PEDRA DE MAO E SOLOS COM CAMINHAO BASCULANTE 6 M3 (DESCARGA LIVRE)","T",0.74]
[72845,"CARGA, MANOBRAS E DESCARGA DE BRITA PARA TRATAMENTOS SUPERFICIAIS, COM CAMINHAO BASCULANTE 6 M3","T",4.48]
[72846,"CARGA, MANOBRAS E DESCARGA DE MISTURA BETUMINOSA A QUENTE, COM CAMINHAO BASCULANTE 6 M3","T",3.69]
[72847,"CARGA, MANOBRAS E DESCARGA DE MISTURA BETUMINOSA A FRIO, COM CAMINHAO BASCULANTE 6 M3","T",7.97]
[72848,"CARGA, MANOBRAS E DESCARGA DE BRITA PARA BASE DE MACADAME, COM CAMINHAO BASCULANTE 6 M3","T",1.99]
[72849,"CARGA, MANOBRAS E DESCARGA DE MISTURAS DE SOLOS E AGREGADOS (BASES ESTABILIZADAS EM USINA) COM CAMINHAO BASCULANTE 6 M3","T",2.55]
[72850,"CARGA, MANOBRAS E DESCARGA DE MATERIAIS DIVERSOS, COM CAMINHAO CARROCERIA 9T (CARGA E DESCARGA MANUAIS)","T",10.89]
[72882,"TRANSPORTE COMERCIAL COM CAMINHAO CARROCERIA 9 T, RODOVIA EM LEITO NATURAL","M3XKM",1.29]
[72883,"TRANSPORTE COMERCIAL COM CAMINHAO CARROCERIA 9 T, RODOVIA COM REVESTIMENTO PRIMARIO","M3XKM",1.03]
[72884,"TRANSPORTE COMERCIAL COM CAMINHAO CARROCERIA 9 T, RODOVIA PAVIMENTADA","M3XKM",0.86]
[72888,"CARGA, MANOBRAS E DESCARGA DE AREIA, BRITA, PEDRA DE MAO E SOLOS COM CAMINHAO BASCULANTE 6 M3 (DESCARGA LIVRE)","M3",1.11]
[72890,"CARGA, MANOBRAS E DESCARGA DE BRITA PARA TRATAMENTOS SUPERFICIAIS, COM CAMINHAO BASCULANTE 6 M3, DESCARGA EM DISTRIBUIDOR","M3",6.72]
[72891,"CARGA, MANOBRAS E DESCARGA DE MISTURA BETUMINOSA A QUENTE, COM CAMINHAO BASCULANTE 6 M3, DESCARGA EM VIBRO-ACABADORA","M3",5.54]
[72892,"CARGA, MANOBRAS E DESCARGA DE DE MISTURA BETUMINOSA A FRIO, COM CAMINHAO BASCULANTE 6 M3, DESCARGA EM VIBRO-ACABADORA","M3",11.95]
[72893,"CARGA, MANOBRAS E DESCARGA DE BRITA PARA BASE DE MACADAME, COM CAMINHAO BASCULANTE 6 M3, DESCARGA EM DISTRIBUIDOR","M3",2.98]
[72894,"CARGA, MANOBRAS E DESCARGA DE MISTURAS DE SOLOS E AGREGADOS, COM CAMINHAO BASCULANTE 6 M3, DESCARGA EM DISTRIBUIDOR","M3",3.82]
[72895,"CARGA, MANOBRAS E DESCARGA DE MATERIAIS DIVERSOS, COM CAMINHAO BASCULANTE 6M3 (CARGA E DESCARGA MANUAIS)","M3",20.17]
[72897,"CARGA MANUAL DE ENTULHO EM CAMINHAO BASCULANTE 6 M3","M3",22.09]
[72898,"CARGA E DESCARGA MECANIZADAS DE ENTULHO EM CAMINHAO BASCULANTE 6 M3","M3",3.91]
[72899,"TRANSPORTE DE ENTULHO COM CAMINHÃO BASCULANTE 6 M3, RODOVIA PAVIMENTADA, DMT ATE 0,5 KM","M3",5.21]
[72900,"TRANSPORTE DE ENTULHO COM CAMINHAO BASCULANTE 6 M3, RODOVIA PAVIMENTADA, DMT 0,5 A 1,0 KM","M3",5.74]
["74010/1","CARGA E DESCARGA MECANICA DE SOLO UTILIZANDO CAMINHAO BASCULANTE 6,0M3/16T E PA CARREGADEIRA SOBRE PNEUS 128 HP, CAPACIDADE DA CAÇAMBA 1,7 A 2,8 M3, PESO OPERACIONAL 11632 KG","M3",1.71]
[83356,"TRANSPORTE COMERCIAL DE BRITA","M3XKM",0.75]
[83358,"TRANSPORTE DE PAVIMENTACAO REMOVIDA (RODOVIAS NAO URBANAS)","M3XKM",1.56]
[95303,"TRANSPORTE COM CAMINHÃO BASCULANTE 10 M3 DE MASSA ASFALTICA PARA PAVIMENTAÇÃO URBANA","M3XKM",0.96]
[97912,"TRANSPORTE COM CAMINHÃO BASCULANTE DE 6 M3, EM VIA URBANA EM LEITO NATURAL (UNIDADE: M3XKM). AF_01/2018","M3XKM",2.1]
[97913,"TRANSPORTE COM CAMINHÃO BASCULANTE DE 6 M3, EM VIA URBANA EM REVESTIMENTO PRIMÁRIO (UNIDADE: M3XKM). AF_01/2018","M3XKM",1.61]
[97914,"TRANSPORTE COM CAMINHÃO BASCULANTE DE 6 M3, EM VIA URBANA PAVIMENTADA, DMT ATÉ 30 KM (UNIDADE: M3XKM). AF_01/2018","M3XKM",1.5]
[97915,"TRANSPORTE COM CAMINHÃO BASCULANTE DE 6 M3, EM VIA URBANA PAVIMENTADA, DMT ACIMA DE 30 KM (UNIDADE: M3XKM). AF_01/2018","M3XKM",1.07]
[97916,"TRANSPORTE COM CAMINHÃO BASCULANTE DE 6 M3, EM VIA URBANA EM LEITO NATURAL (UNIDADE: TXKM). AF_01/2018","TXKM",1.4]
[97917,"TRANSPORTE COM CAMINHÃO BASCULANTE DE 6 M3, EM VIA URBANA EM REVESTIMENTO PRIMÁRIO (UNIDADE: TXKM). AF_01/2018","TXKM",1.07]
[97918,"TRANSPORTE COM CAMINHÃO BASCULANTE DE 6 M3, EM VIA URBANA PAVIMENTADA, DMT ATÉ 30 KM (UNIDADE: TXKM). AF_01/2018","TXKM",1]
[97919,"TRANSPORTE COM CAMINHÃO BASCULANTE DE 6 M3, EM VIA URBANA PAVIMENTADA, DMT ACIMA DE 30 KM (UNIDADE: TXKM). AF_01/2018","TXKM",0.71]
[94097,"PREPARO DE FUNDO DE VALA COM LARGURA MENOR QUE 1,5 M, EM LOCAL COM NÍVEL BAIXO DE INTERFERÊNCIA. AF_06/2016","M2",5.67]
[94098,"PREPARO DE FUNDO DE VALA  COM LARGURA MENOR QUE 1,5 M, EM LOCAL COM NÍVEL ALTO DE INTERFERÊNCIA. AF_06/2016","M2",6.48]
[94099,"PREPARO DE FUNDO DE VALA COM LARGURA MAIOR OU IGUAL A 1,5 M E MENOR QUE 2,5 M, EM LOCAL COM NÍVEL BAIXO DE INTERFERÊNCIA. AF_06/2016","M2",2.86]
[94100,"PREPARO DE FUNDO DE VALA  COM LARGURA MAIOR OU IGUAL A 1,5 M E MENOR QUE 2,5 M, EM LOCAL COM NÍVEL ALTO DE INTERFERÊNCIA. AF_06/2016","M2",3.65]
[94102,"LASTRO DE VALA COM PREPARO DE FUNDO, LARGURA MENOR QUE 1,5 M, COM CAMADA DE AREIA, LANÇAMENTO MANUAL, EM LOCAL COM NÍVEL BAIXO DE INTERFERÊNCIA. AF_06/2016","M3",173.57]
[94103,"LASTRO DE VALA COM PREPARO DE FUNDO, LARGURA MENOR QUE 1,5 M, COM CAMADA DE BRITA, LANÇAMENTO MANUAL, EM LOCAL COM NÍVEL BAIXO DE INTERFERÊNCIA. AF_06/2016","M3",223.31]
[94104,"LASTRO DE VALA COM PREPARO DE FUNDO, LARGURA MENOR QUE 1,5 M, COM CAMADA DE AREIA, LANÇAMENTO MANUAL, EM LOCAL COM NÍVEL ALTO DE INTERFERÊNCIA. AF_06/2016","M3",178.05]
[94105,"LASTRO DE VALA COM PREPARO DE FUNDO, LARGURA MENOR QUE 1,5 M, COM CAMADA DE BRITA, LANÇAMENTO MANUAL, EM LOCAL COM NÍVEL ALTO DE INTERFERÊNCIA. AF_06/2016","M3",227.83]
[94106,"LASTRO COM PREPARO DE FUNDO, LARGURA MAIOR OU IGUAL A 1,5 M, COM CAMADA DE AREIA, LANÇAMENTO MANUAL, EM LOCAL COM NÍVEL BAIXO DE INTERFERÊNCIA. AF_06/2016","M3",150.67]
[94107,"LASTRO COM PREPARO DE FUNDO, LARGURA MAIOR OU IGUAL A 1,5 M, COM CAMADA DE BRITA, LANÇAMENTO MANUAL, EM LOCAL COM NÍVEL BAIXO DE INTERFERÊNCIA. AF_06/2016","M3",200.43]
[94108,"LASTRO COM PREPARO DE FUNDO, LARGURA MAIOR OU IGUAL A 1,5 M, COM CAMADA DE AREIA, LANÇAMENTO MANUAL, EM LOCAL COM NÍVEL ALTO DE INTERFERÊNCIA. AF_06/2016","M3",155.18]
[94110,"LASTRO COM PREPARO DE FUNDO, LARGURA MAIOR OU IGUAL A 1,5 M, COM CAMADA DE BRITA, LANÇAMENTO MANUAL, EM LOCAL COM NÍVEL ALTO DE INTERFERÊNCIA. AF_06/2016","M3",204.91]
[94111,"LASTRO DE VALA COM PREPARO DE FUNDO, LARGURA MENOR QUE 1,5 M, COM CAMADA DE AREIA, LANÇAMENTO MECANIZADO, EM LOCAL COM NÍVEL BAIXO DE INTERFERÊNCIA. AF_06/2016","M3",136.58]
[94112,"LASTRO DE VALA COM PREPARO DE FUNDO, LARGURA MENOR QUE 1,5 M, COM CAMADA DE BRITA, LANÇAMENTO MECANIZADO, EM LOCAL COM NÍVEL BAIXO DE INTERFERÊNCIA. AF_06/2016","M3",177.72]
[94113,"LASTRO DE VALA COM PREPARO DE FUNDO, LARGURA MENOR QUE 1,5 M, COM CAMADA DE AREIA, LANÇAMENTO MECANIZADO, EM LOCAL COM NÍVEL ALTO DE INTERFERÊNCIA. AF_06/2016","M3",143.23]
[94114,"LASTRO DE VALA COM PREPARO DE FUNDO, LARGURA MENOR QUE 1,5 M, COM CAMADA DE BRITA, LANÇAMENTO MECANIZADO, EM LOCAL COM NÍVEL ALTO DE INTERFERÊNCIA. AF_06/2016","M3",185.22]
[94115,"LASTRO COM PREPARO DE FUNDO, LARGURA MAIOR OU IGUAL A 1,5 M, COM CAMADA DE AREIA, LANÇAMENTO MECANIZADO, EM LOCAL COM NÍVEL BAIXO DE INTERFERÊNCIA. AF_06/2016","M3",105.06]
[94116,"LASTRO COM PREPARO DE FUNDO, LARGURA MAIOR OU IGUAL A 1,5 M, COM CAMADA DE BRITA, LANÇAMENTO MECANIZADO, EM LOCAL COM NÍVEL BAIXO DE INTERFERÊNCIA. AF_06/2016","M3",141.68]
[94117,"LASTRO COM PREPARO DE FUNDO, LARGURA MAIOR OU IGUAL A 1,5 M, COM CAMADA DE AREIA, LANÇAMENTO MECANIZADO, EM LOCAL COM NÍVEL ALTO DE INTERFERÊNCIA. AF_06/2016","M3",111.23]
[94118,"LASTRO COM PREPARO DE FUNDO, LARGURA MAIOR OU IGUAL A 1,5 M, COM CAMADA DE BRITA, LANÇAMENTO MECANIZADO, EM LOCAL COM NÍVEL ALTO DE INTERFERÊNCIA. AF_06/2016","M3",148.93]
[6514,"FORNECIMENTO E LANCAMENTO DE BRITA N. 4","M3",107.27]
[88549,"FORNECIMENTO E ASSENTAMENTO DE BRITA 2-DRENOS E FILTROS   MM","M3",82.27]
[41721,"COMPACTACAO MECANICA A 95% DO PROCTOR NORMAL - PAVIMENTACAO URBANA","M3",3.05]
[41722,"COMPACTACAO MECANICA A 100% DO PROCTOR NORMAL - PAVIMENTACAO URBANA","M3",4.53]
["74005/1","COMPACTACAO MECANICA, SEM CONTROLE DO GC (C/COMPACTADOR PLACA 400 KG)","M3",5.48]
["74005/2","COMPACTACAO MECANICA C/ CONTROLE DO GC>=95% DO PN (AREAS) (C/MONIVELADORA 140 HP E ROLO COMPRESSOR VIBRATORIO 80 HP)","M3",5.34]
["74034/1","ESPALHAMENTO DE MATERIAL DE 1A CATEGORIA COM TRATOR DE ESTEIRA COM 153HP","M3",1.58]
[83344,"ESPALHAMENTO DE MATERIAL EM BOTA FORA, COM UTILIZACAO DE TRATOR DE ESTEIRAS DE 165 HP","M3",0.97]
[95606,"UMIDIFICAÇÃO DE MATERIAL PARA VALAS COM CAMINHÃO PIPA 10000L. AF_11/2016","M3",1.23]
[72131,"ALVENARIA EM TIJOLO CERAMICO MACICO 5X10X20CM 1 VEZ (ESPESSURA 20CM), ASSENTADO COM ARGAMASSA TRACO 1:2:8 (CIMENTO, CAL E AREIA)","M2",120.14]
[72132,"ALVENARIA EM TIJOLO CERAMICO MACICO 5X10X20CM 1/2 VEZ (ESPESSURA 10CM), ASSENTADO COM ARGAMASSA TRACO 1:2:8 (CIMENTO, CAL E AREIA)","M2",62.33]
[72133,"ALVENARIA EM TIJOLO CERAMICO MACICO 5X10X20CM 1 1/2 VEZ (ESPESSURA 30CM), ASSENTADO COM ARGAMASSA TRACO 1:2:8 (CIMENTO, CAL E AREIA)","M2",218.59]
[87471,"ALVENARIA DE VEDAÇÃO DE BLOCOS CERÂMICOS FURADOS NA VERTICAL DE 9X19X39CM (ESPESSURA 9CM) DE PAREDES COM ÁREA LÍQUIDA MENOR QUE 6M² SEM VÃOS E ARGAMASSA DE ASSENTAMENTO COM PREPARO EM BETONEIRA. AF_06/2014","M2",38.44]
[87472,"ALVENARIA DE VEDAÇÃO DE BLOCOS CERÂMICOS FURADOS NA VERTICAL DE 9X19X39CM (ESPESSURA 9CM) DE PAREDES COM ÁREA LÍQUIDA MENOR QUE 6M² SEM VÃOS E ARGAMASSA DE ASSENTAMENTO COM PREPARO MANUAL. AF_06/2014","M2",39.62]
[87473,"ALVENARIA DE VEDAÇÃO DE BLOCOS CERÂMICOS FURADOS NA VERTICAL DE 14X19X39CM (ESPESSURA 14CM) DE PAREDES COM ÁREA LÍQUIDA MENOR QUE 6M² SEM VÃOS E ARGAMASSA DE ASSENTAMENTO COM PREPARO EM BETONEIRA. AF_06/2014","M2",53.6]
[87474,"ALVENARIA DE VEDAÇÃO DE BLOCOS CERÂMICOS FURADOS NA VERTICAL DE 14X19X39CM (ESPESSURA 14CM) DE PAREDES COM ÁREA LÍQUIDA MENOR QUE 6M² SEM VÃOS E ARGAMASSA DE ASSENTAMENTO COM PREPARO MANUAL. AF_06/2014","M2",54.94]
[87475,"ALVENARIA DE VEDAÇÃO DE BLOCOS CERÂMICOS FURADOS NA VERTICAL DE 19X19X39CM (ESPESSURA 19CM) DE PAREDES COM ÁREA LÍQUIDA MENOR QUE 6M² SEM VÃOS E ARGAMASSA DE ASSENTAMENTO COM PREPARO EM BETONEIRA. AF_06/2014","M2",62.76]
[87476,"ALVENARIA DE VEDAÇÃO DE BLOCOS CERÂMICOS FURADOS NA VERTICAL DE 19X19X39CM (ESPESSURA 19CM) DE PAREDES COM ÁREA LÍQUIDA MENOR QUE 6M² SEM VÃOS E ARGAMASSA DE ASSENTAMENTO COM PREPARO MANUAL. AF_06/2014","M2",64.33]
[87477,"ALVENARIA DE VEDAÇÃO DE BLOCOS CERÂMICOS FURADOS NA VERTICAL DE 9X19X39CM (ESPESSURA 9CM) DE PAREDES COM ÁREA LÍQUIDA MAIOR OU IGUAL A 6M² SEM VÃOS E ARGAMASSA DE ASSENTAMENTO COM PREPARO EM BETONEIRA. AF_06/2014","M2",34.05]
[87478,"ALVENARIA DE VEDAÇÃO DE BLOCOS CERÂMICOS FURADOS NA VERTICAL DE 9X19X39CM (ESPESSURA 9CM) DE PAREDES COM ÁREA LÍQUIDA MAIOR OU IGUAL A 6M² SEM VÃOS E ARGAMASSA DE ASSENTAMENTO COM PREPARO MANUAL. AF_06/2014","M2",35.23]
[87479,"ALVENARIA DE VEDAÇÃO DE BLOCOS CERÂMICOS FURADOS NA VERTICAL DE 14X19X39CM (ESPESSURA 14CM) DE PAREDES COM ÁREA LÍQUIDA MAIOR OU IGUAL A 6M² SEM VÃOS E ARGAMASSA DE ASSENTAMENTO COM PREPARO EM BETONEIRA. AF_06/2014","M2",48.72]
[87480,"ALVENARIA DE VEDAÇÃO DE BLOCOS CERÂMICOS FURADOS NA VERTICAL DE 14X19X39CM (ESPESSURA 14CM) DE PAREDES COM ÁREA LÍQUIDA MAIOR OU IGUAL A 6M² SEM VÃOS E ARGAMASSA DE ASSENTAMENTO COM PREPARO MANUAL. AF_06/2014","M2",50.06]
[87481,"ALVENARIA DE VEDAÇÃO DE BLOCOS CERÂMICOS FURADOS NA VERTICAL DE 19X19X39CM (ESPESSURA 19CM) DE PAREDES COM ÁREA LÍQUIDA MAIOR OU IGUAL A 6M² SEM VÃOS E ARGAMASSA DE ASSENTAMENTO COM PREPARO EM BETONEIRA. AF_06/2014","M2",57.9]
[87482,"ALVENARIA DE VEDAÇÃO DE BLOCOS CERÂMICOS FURADOS NA VERTICAL DE 19X19X39CM (ESPESSURA 19CM) DE PAREDES COM ÁREA LÍQUIDA MAIOR OU IGUAL A 6M² SEM VÃOS E ARGAMASSA DE ASSENTAMENTO COM PREPARO MANUAL. AF_06/2014","M2",59.47]
[87483,"ALVENARIA DE VEDAÇÃO DE BLOCOS CERÂMICOS FURADOS NA VERTICAL DE 9X19X39CM (ESPESSURA 9CM) DE PAREDES COM ÁREA LÍQUIDA MENOR QUE 6M² COM VÃOS E ARGAMASSA DE ASSENTAMENTO COM PREPARO EM BETONEIRA. AF_06/2014","M2",45.47]
[87484,"ALVENARIA DE VEDAÇÃO DE BLOCOS CERÂMICOS FURADOS NA VERTICAL DE 9X19X39CM (ESPESSURA 9CM) DE PAREDES COM ÁREA LÍQUIDA MENOR QUE 6M² COM VÃOS E ARGAMASSA DE ASSENTAMENTO COM PREPARO MANUAL. AF_06/2014","M2",46.65]
[87485,"ALVENARIA DE VEDAÇÃO DE BLOCOS CERÂMICOS FURADOS NA VERTICAL DE 14X19X39CM (ESPESSURA 14CM) DE PAREDES COM ÁREA LÍQUIDA MENOR QUE 6M² COM VÃOS E ARGAMASSA DE ASSENTAMENTO COM PREPARO EM BETONEIRA. AF_06/2014","M2",60.71]
[87487,"ALVENARIA DE VEDAÇÃO DE BLOCOS CERÂMICOS FURADOS NA VERTICAL DE 19X19X39CM (ESPESSURA 19CM) DE PAREDES COM ÁREA LÍQUIDA MENOR QUE 6M² COM VÃOS E ARGAMASSA DE ASSENTAMENTO COM PREPARO EM BETONEIRA. AF_06/2014","M2",69.59]
[87488,"ALVENARIA DE VEDAÇÃO DE BLOCOS CERÂMICOS FURADOS NA VERTICAL DE 19X19X39CM (ESPESSURA 19CM) DE PAREDES COM ÁREA LÍQUIDA MENOR QUE 6M² COM VÃOS E ARGAMASSA DE ASSENTAMENTO COM PREPARO MANUAL. AF_06/2014","M2",71.16]
[87489,"ALVENARIA DE VEDAÇÃO DE BLOCOS CERÂMICOS FURADOS NA VERTICAL DE 9X19X39CM (ESPESSURA 9CM) DE PAREDES COM ÁREA LÍQUIDA MAIOR OU IGUAL A 6M² COM VÃOS E ARGAMASSA DE ASSENTAMENTO COM PREPARO EM BETONEIRA. AF_06/2014","M2",38.02]
[87490,"ALVENARIA DE VEDAÇÃO DE BLOCOS CERÂMICOS FURADOS NA VERTICAL DE 9X19X39CM (ESPESSURA 9CM) DE PAREDES COM ÁREA LÍQUIDA MAIOR OU IGUAL A 6M² COM VÃOS E ARGAMASSA DE ASSENTAMENTO COM PREPARO MANUAL. AF_06/2014","M2",39.2]
[87491,"ALVENARIA DE VEDAÇÃO DE BLOCOS CERÂMICOS FURADOS NA VERTICAL DE 14X19X39CM (ESPESSURA 14CM) DE PAREDES COM ÁREA LÍQUIDA MAIOR OU IGUAL A 6M² COM VÃOS E ARGAMASSA DE ASSENTAMENTO COM PREPARO EM BETONEIRA. AF_06/2014","M2",52.77]
[87492,"ALVENARIA DE VEDAÇÃO DE BLOCOS CERÂMICOS FURADOS NA VERTICAL DE 14X19X39CM (ESPESSURA 14CM) DE PAREDES COM ÁREA LÍQUIDA MAIOR OU IGUAL A 6M² COM VÃOS E ARGAMASSA DE ASSENTAMENTO COM PREPARO MANUAL. AF_06/2014","M2",54.11]
[87493,"ALVENARIA DE VEDAÇÃO DE BLOCOS CERÂMICOS FURADOS NA VERTICAL DE 19X19X39CM (ESPESSURA 19CM) DE PAREDES COM ÁREA LÍQUIDA MAIOR OU IGUAL A 6M² COM VÃOS E ARGAMASSA DE ASSENTAMENTO COM PREPARO EM BETONEIRA. AF_06/2014","M2",62.02]
[87494,"ALVENARIA DE VEDAÇÃO DE BLOCOS CERÂMICOS FURADOS NA VERTICAL DE 19X19X39CM (ESPESSURA 19CM) DE PAREDES COM ÁREA LÍQUIDA MAIOR OU IGUAL A 6M² COM VÃOS E ARGAMASSA DE ASSENTAMENTO COM PREPARO MANUAL. AF_06/2014","M2",63.59]
[87495,"ALVENARIA DE VEDAÇÃO DE BLOCOS CERÂMICOS FURADOS NA HORIZONTAL DE 9X19X19CM (ESPESSURA 9CM) DE PAREDES COM ÁREA LÍQUIDA MENOR QUE 6M² SEM VÃOS E ARGAMASSA DE ASSENTAMENTO COM PREPARO EM BETONEIRA. AF_06/2014","M2",73.68]
[87496,"ALVENARIA DE VEDAÇÃO DE BLOCOS CERÂMICOS FURADOS NA HORIZONTAL DE 9X19X19CM (ESPESSURA 9CM) DE PAREDES COM ÁREA LÍQUIDA MENOR QUE 6M² SEM VÃOS E ARGAMASSA DE ASSENTAMENTO COM PREPARO MANUAL. AF_06/2014","M2",74.8]
[87497,"ALVENARIA DE VEDAÇÃO DE BLOCOS CERÂMICOS FURADOS NA HORIZONTAL DE 11,5X19X19CM (ESPESSURA 11,5CM) DE PAREDES COM ÁREA LÍQUIDA MENOR QUE 6M² SEM VÃOS E ARGAMASSA DE ASSENTAMENTO COM PREPARO EM BETONEIRA. AF_06/2014","M2",68.86]
[87498,"ALVENARIA DE VEDAÇÃO DE BLOCOS CERÂMICOS FURADOS NA HORIZONTAL DE 11,5X19X19CM (ESPESSURA 11,5CM) DE PAREDES COM ÁREA LÍQUIDA MENOR QUE 6M² SEM VÃOS E ARGAMASSA DE ASSENTAMENTO COM PREPARO MANUAL. AF_06/2014","M2",70.28]
[87499,"ALVENARIA DE VEDAÇÃO DE BLOCOS CERÂMICOS FURADOS NA HORIZONTAL DE 9X14X19CM (ESPESSURA 9CM) DE PAREDES COM ÁREA LÍQUIDA MENOR QUE 6M² SEM VÃOS E ARGAMASSA DE ASSENTAMENTO COM PREPARO EM BETONEIRA. AF_06/2014","M2",81.48]
[87500,"ALVENARIA DE VEDAÇÃO DE BLOCOS CERÂMICOS FURADOS NA HORIZONTAL DE 9X14X19CM (ESPESSURA 9CM) DE PAREDES COM ÁREA LÍQUIDA MENOR QUE 6M² SEM VÃOS E ARGAMASSA DE ASSENTAMENTO COM PREPARO MANUAL. AF_06/2014","M2",82.69]
[87501,"ALVENARIA DE VEDAÇÃO DE BLOCOS CERÂMICOS FURADOS NA HORIZONTAL DE 14X9X19CM (ESPESSURA 14CM, BLOCO DEITADO) DE PAREDES COM ÁREA LÍQUIDA MENOR QUE 6M² SEM VÃOS E ARGAMASSA DE ASSENTAMENTO COM PREPARO EM BETONEIRA. AF_06/2014","M2",126.68]
[87502,"ALVENARIA DE VEDAÇÃO DE BLOCOS CERÂMICOS FURADOS NA HORIZONTAL DE 14X9X19CM (ESPESSURA 14CM, BLOCO DEITADO) DE PAREDES COM ÁREA LÍQUIDA MENOR QUE 6M² SEM VÃOS E ARGAMASSA DE ASSENTAMENTO COM PREPARO MANUAL. AF_06/2014","M2",128.21]
[87503,"ALVENARIA DE VEDAÇÃO DE BLOCOS CERÂMICOS FURADOS NA HORIZONTAL DE 9X19X19CM (ESPESSURA 9CM) DE PAREDES COM ÁREA LÍQUIDA MAIOR OU IGUAL A 6M² SEM VÃOS E ARGAMASSA DE ASSENTAMENTO COM PREPARO EM BETONEIRA. AF_06/2014","M2",62.17]
[87504,"ALVENARIA DE VEDAÇÃO DE BLOCOS CERÂMICOS FURADOS NA HORIZONTAL DE 9X19X19CM (ESPESSURA 9CM) DE PAREDES COM ÁREA LÍQUIDA MAIOR OU IGUAL A 6M² SEM VÃOS E ARGAMASSA DE ASSENTAMENTO COM PREPARO MANUAL. AF_06/2014","M2",63.29]
[87505,"ALVENARIA DE VEDAÇÃO DE BLOCOS CERÂMICOS FURADOS NA HORIZONTAL DE 11,5X19X19CM (ESPESSURA 11,5M) DE PAREDES COM ÁREA LÍQUIDA MAIOR OU IGUAL A 6M² SEM VÃOS E ARGAMASSA DE ASSENTAMENTO COM PREPARO EM BETONEIRA. AF_06/2014","M2",57.47]
[87506,"ALVENARIA DE VEDAÇÃO DE BLOCOS CERÂMICOS FURADOS NA HORIZONTAL DE 11,5X19X19CM (ESPESSURA 11,5M) DE PAREDES COM ÁREA LÍQUIDA MAIOR OU IGUAL A 6M² SEM VÃOS E ARGAMASSA DE ASSENTAMENTO COM PREPARO MANUAL. AF_06/2014","M2",58.89]
[87507,"ALVENARIA DE VEDAÇÃO DE BLOCOS CERÂMICOS FURADOS NA HORIZONTAL DE 9X14X19CM (ESPESSURA 9CM) DE PAREDES COM ÁREA LÍQUIDA MAIOR OU IGUAL A 6M² SEM VÃOS E ARGAMASSA DE ASSENTAMENTO COM PREPARO EM BETONEIRA. AF_06/2014","M2",66.27]
[87508,"ALVENARIA DE VEDAÇÃO DE BLOCOS CERÂMICOS FURADOS NA HORIZONTAL DE 9X14X19CM (ESPESSURA 9CM) DE PAREDES COM ÁREA LÍQUIDA MAIOR OU IGUAL A 6M² SEM VÃOS E ARGAMASSA DE ASSENTAMENTO COM PREPARO MANUAL. AF_06/2014","M2",67.48]
[87509,"ALVENARIA DE VEDAÇÃO DE BLOCOS CERÂMICOS FURADOS NA HORIZONTAL DE 14X9X19CM (ESPESSURA 14CM, BLOCO DEITADO) DE PAREDES COM ÁREA LÍQUIDA MAIOR OU IGUAL A 6M² SEM VÃOS E ARGAMASSA DE ASSENTAMENTO COM PREPARO EM BETONEIRA. AF_06/2014","M2",102.28]
[87510,"ALVENARIA DE VEDAÇÃO DE BLOCOS CERÂMICOS FURADOS NA HORIZONTAL DE 14X9X19CM (ESPESSURA 14CM, BLOCO DEITADO) DE PAREDES COM ÁREA LÍQUIDA MAIOR OU IGUAL A 6M² SEM VÃOS E ARGAMASSA DE ASSENTAMENTO COM PREPARO MANUAL. AF_06/2014","M2",103.81]
[87511,"ALVENARIA DE VEDAÇÃO DE BLOCOS CERÂMICOS FURADOS NA HORIZONTAL DE 9X19X19CM (ESPESSURA 9CM) DE PAREDES COM ÁREA LÍQUIDA MENOR QUE 6M² COM VÃOS E ARGAMASSA DE ASSENTAMENTO COM PREPARO EM BETONEIRA. AF_06/2014","M2",83.64]
[87512,"ALVENARIA DE VEDAÇÃO DE BLOCOS CERÂMICOS FURADOS NA HORIZONTAL DE 9X19X19CM (ESPESSURA 9CM) DE PAREDES COM ÁREA LÍQUIDA MENOR QUE 6M² COM VÃOS E ARGAMASSA DE ASSENTAMENTO COM PREPARO MANUAL. AF_06/2014","M2",84.76]
[87513,"ALVENARIA DE VEDAÇÃO DE BLOCOS CERÂMICOS FURADOS NA HORIZONTAL DE 11,5X19X19CM (ESPESSURA 11,5CM) DE PAREDES COM ÁREA LÍQUIDA MENOR QUE 6M² COM VÃOS E ARGAMASSA DE ASSENTAMENTO COM PREPARO EM BETONEIRA. AF_06/2014","M2",79.2]
[87514,"ALVENARIA DE VEDAÇÃO DE BLOCOS CERÂMICOS FURADOS NA HORIZONTAL DE 11,5X19X19CM (ESPESSURA 11,5CM) DE PAREDES COM ÁREA LÍQUIDA MENOR QUE 6M² COM VÃOS E ARGAMASSA DE ASSENTAMENTO COM PREPARO MANUAL. AF_06/2014","M2",80.62]
[87515,"ALVENARIA DE VEDAÇÃO DE BLOCOS CERÂMICOS FURADOS NA HORIZONTAL DE 9X14X19CM (ESPESSURA 9CM) DE PAREDES COM ÁREA LÍQUIDA MENOR QUE 6M² COM VÃOS E ARGAMASSA DE ASSENTAMENTO COM PREPARO EM BETONEIRA. AF_06/2014","M2",95.37]
[87516,"ALVENARIA DE VEDAÇÃO DE BLOCOS CERÂMICOS FURADOS NA HORIZONTAL DE 9X14X19CM (ESPESSURA 9CM) DE PAREDES COM ÁREA LÍQUIDA MENOR QUE 6M² COM VÃOS E ARGAMASSA DE ASSENTAMENTO COM PREPARO MANUAL. AF_06/2014","M2",96.58]
[87517,"ALVENARIA DE VEDAÇÃO DE BLOCOS CERÂMICOS FURADOS NA HORIZONTAL DE 14X9X19CM (ESPESSURA 14CM, BLOCO DEITADO) DE PAREDES COM ÁREA LÍQUIDA MENOR QUE 6M² COM VÃOS E ARGAMASSA DE ASSENTAMENTO COM PREPARO EM BETONEIRA. AF_06/2014","M2",148.33]
[87518,"ALVENARIA DE VEDAÇÃO DE BLOCOS CERÂMICOS FURADOS NA HORIZONTAL DE 14X9X19CM (ESPESSURA 14CM, BLOCO DEITADO) DE PAREDES COM ÁREA LÍQUIDA MENOR QUE 6M² COM VÃOS E ARGAMASSA DE ASSENTAMENTO COM PREPARO MANUAL. AF_06/2014","M2",149.86]
[87519,"ALVENARIA DE VEDAÇÃO DE BLOCOS CERÂMICOS FURADOS NA HORIZONTAL DE 9X19X19CM (ESPESSURA 9CM) DE PAREDES COM ÁREA LÍQUIDA MAIOR OU IGUAL A 6M² COM VÃOS E ARGAMASSA DE ASSENTAMENTO COM PREPARO EM BETONEIRA. AF_06/2014","M2",68.42]
[87520,"ALVENARIA DE VEDAÇÃO DE BLOCOS CERÂMICOS FURADOS NA HORIZONTAL DE 9X19X19CM (ESPESSURA 9CM) DE PAREDES COM ÁREA LÍQUIDA MAIOR OU IGUAL A 6M² COM VÃOS E ARGAMASSA DE ASSENTAMENTO COM PREPARO MANUAL. AF_06/2014","M2",69.54]
[87521,"ALVENARIA DE VEDAÇÃO DE BLOCOS CERÂMICOS FURADOS NA HORIZONTAL DE 11,5X19X19CM (ESPESSURA 11,5CM) DE PAREDES COM ÁREA LÍQUIDA MAIOR OU IGUAL A 6M² COM VÃOS E ARGAMASSA DE ASSENTAMENTO COM PREPARO EM BETONEIRA. AF_06/2014","M2",63.75]
[87522,"ALVENARIA DE VEDAÇÃO DE BLOCOS CERÂMICOS FURADOS NA HORIZONTAL DE 11,5X19X19CM (ESPESSURA 11,5CM) DE PAREDES COM ÁREA LÍQUIDA MAIOR OU IGUAL A 6M² COM VÃOS E ARGAMASSA DE ASSENTAMENTO COM PREPARO MANUAL. AF_06/2014","M2",65.17]
[87523,"ALVENARIA DE VEDAÇÃO DE BLOCOS CERÂMICOS FURADOS NA HORIZONTAL DE 9X14X19CM (ESPESSURA 9CM) DE PAREDES COM ÁREA LÍQUIDA MAIOR OU IGUAL A 6M² COM VÃOS E ARGAMASSA DE ASSENTAMENTO COM PREPARO EM BETONEIRA. AF_06/2014","M2",74.7]
[87524,"ALVENARIA DE VEDAÇÃO DE BLOCOS CERÂMICOS FURADOS NA HORIZONTAL DE 9X14X19CM (ESPESSURA 9CM) DE PAREDES COM ÁREA LÍQUIDA MAIOR OU IGUAL A 6M² COM VÃOS E ARGAMASSA DE ASSENTAMENTO COM PREPARO MANUAL. AF_06/2014","M2",75.91]
[87525,"ALVENARIA DE VEDAÇÃO DE BLOCOS CERÂMICOS FURADOS NA HORIZONTAL DE 14X9X19CM (ESPESSURA 14CM, BLOCO DEITADO) DE PAREDES COM ÁREA LÍQUIDA MAIOR OU IGUAL A 6M² COM VÃOS E ARGAMASSA DE ASSENTAMENTO COM PREPARO EM BETONEIRA. AF_06/2014","M2",115.36]
[87526,"ALVENARIA DE VEDAÇÃO DE BLOCOS CERÂMICOS FURADOS NA HORIZONTAL DE 14X9X19CM (ESPESSURA 14CM, BLOCO DEITADO) DE PAREDES COM ÁREA LÍQUIDA MAIOR OU IGUAL A 6M² COM VÃOS E ARGAMASSA DE ASSENTAMENTO COM PREPARO MANUAL. AF_06/2014","M2",116.89]
[89043,"(COMPOSIÇÃO REPRESENTATIVA) DO SERVIÇO DE ALVENARIA DE VEDAÇÃO DE BLOCOS VAZADOS DE CERÂMICA DE 9X19X19CM (ESPESSURA 9CM), PARA EDIFICAÇÃO HABITACIONAL MULTIFAMILIAR (PRÉDIO). AF_11/2014","M2",69.87]
[89168,"(COMPOSIÇÃO REPRESENTATIVA) DO SERVIÇO DE ALVENARIA DE VEDAÇÃO DE BLOCOS VAZADOS DE CERÂMICA DE 9X19X19CM (ESPESSURA 9CM), PARA EDIFICAÇÃO HABITACIONAL UNIFAMILIAR (CASA) E EDIFICAÇÃO PÚBLICA PADRÃO. AF_11/2014","M2",72.11]
[89977,"(COMPOSIÇÃO REPRESENTATIVA) DO SERVIÇO DE ALVENARIA DE VEDAÇÃO DE BLOCOS VAZADOS DE CERÂMICA DE 14X9X19CM (ESPESSURA 14CM, BLOCO DEITADO), PARA EDIFICAÇÃO HABITACIONAL UNIFAMILIAR (CASA) E EDIFICAÇÃO PÚBLICA PADRÃO. AF_12/2014","M2",123.47]
[90112,"ALVENARIA DE VEDAÇÃO DE BLOCOS CERÂMICOS FURADOS NA VERTICAL DE 14X19X39CM (ESPESSURA 14CM) DE PAREDES COM ÁREA LÍQUIDA MENOR QUE 6M2 COM VÃOS E ARGAMASSA DE ASSENTAMENTO COM PREPARO MANUAL. AF_06/2014","M2",62.05]
[95474,"ALVENARIA DE EMBASAMENTO EM TIJOLOS CERAMICOS MACICOS 5X10X20CM, ASSENTADO  COM ARGAMASSA TRACO 1:2:8 (CIMENTO, CAL E AREIA)","M3",615.22]
[89282,"ALVENARIA ESTRUTURAL DE BLOCOS CERÂMICOS 14X19X39, (ESPESSURA DE 14 CM), PARA PAREDES COM ÁREA LÍQUIDA MENOR QUE 6M², SEM VÃOS, UTILIZANDO PALHETA E ARGAMASSA DE ASSENTAMENTO COM PREPARO EM BETONEIRA. AF_12/2014","M2",47.34]
[89283,"ALVENARIA ESTRUTURAL DE BLOCOS CERÂMICOS 14X19X39, (ESPESSURA DE 14 CM), PARA PAREDES COM ÁREA LÍQUIDA MENOR QUE 6M², SEM VÃOS, UTILIZANDO PALHETA E ARGAMASSA DE ASSENTAMENTO COM PREPARO MANUAL. AF_12/2014","M2",49.73]
[89284,"ALVENARIA ESTRUTURAL DE BLOCOS CERÂMICOS 14X19X39, (ESPESSURA DE 14 CM), PARA PAREDES COM ÁREA LÍQUIDA MAIOR OU IGUAL QUE 6M², SEM VÃOS, UTILIZANDO PALHETA E ARGAMASSA DE ASSENTAMENTO COM PREPARO EM BETONEIRA. AF_12/2014","M2",42.46]
[89285,"ALVENARIA ESTRUTURAL DE BLOCOS CERÂMICOS 14X19X39, (ESPESSURA DE 14 CM), PARA PAREDES COM ÁREA LÍQUIDA MAIOR OU IGUAL QUE 6M², SEM VÃOS, UTILIZANDO PALHETA E ARGAMASSA DE ASSENTAMENTO COM PREPARO MANUAL. AF_12/2014","M2",44.85]
[89286,"ALVENARIA ESTRUTURAL DE BLOCOS CERÂMICOS 14X19X39, (ESPESSURA DE 14 CM), PARA PAREDES COM ÁREA LÍQUIDA MENOR QUE 6M², COM VÃOS, UTILIZANDO PALHETA E ARGAMASSA DE ASSENTAMENTO COM PREPARO EM BETONEIRA. AF_12/2014","M2",51.9]
[89287,"ALVENARIA ESTRUTURAL DE BLOCOS CERÂMICOS 14X19X39, (ESPESSURA DE 14 CM), PARA PAREDES COM ÁREA LÍQUIDA MENOR QUE 6M², COM VÃOS, UTILIZANDO PALHETA E ARGAMASSA DE ASSENTAMENTO COM PREPARO MANUAL. AF_12/2014","M2",54.29]
[89288,"ALVENARIA ESTRUTURAL DE BLOCOS CERÂMICOS 14X19X39, (ESPESSURA DE 14 CM), PARA PAREDES COM ÁREA LÍQUIDA MAIOR OU IGUAL A 6M², COM VÃOS, UTILIZANDO PALHETA E ARGAMASSA DE ASSENTAMENTO COM PREPARO EM BETONEIRA. AF_12/2014","M2",45.07]
[89289,"ALVENARIA ESTRUTURAL DE BLOCOS CERÂMICOS 14X19X39, (ESPESSURA DE 14 CM), PARA PAREDES COM ÁREA LÍQUIDA MAIOR OU IGUAL A 6M², COM VÃOS, UTILIZANDO PALHETA E ARGAMASSA DE ASSENTAMENTO COM PREPARO MANUAL. AF_12/2014","M2",47.46]
[89290,"ALVENARIA ESTRUTURAL DE BLOCOS CERÂMICOS 14X19X29, (ESPESSURA DE 14 CM), PARA PAREDES COM ÁREA LÍQUIDA MENOR QUE 6M², SEM VÃOS, UTILIZANDO PALHETA E ARGAMASSA DE ASSENTAMENTO COM PREPARO EM BETONEIRA. AF_12/2014","M2",57.14]
[89291,"ALVENARIA ESTRUTURAL DE BLOCOS CERÂMICOS 14X19X29, (ESPESSURA DE 14 CM), PARA PAREDES COM ÁREA LÍQUIDA MENOR QUE 6M², SEM VÃOS, UTILIZANDO PALHETA E ARGAMASSA DE ASSENTAMENTO COM PREPARO MANUAL. AF_12/2014","M2",59.79]
[89292,"ALVENARIA ESTRUTURAL DE BLOCOS CERÂMICOS 14X19X29, (ESPESSURA DE 14 CM), PARA PAREDES COM ÁREA LÍQUIDA MAIOR OU IGUAL A 6M², SEM VÃOS, UTILIZANDO PALHETA E ARGAMASSA DE ASSENTAMENTO COM PREPARO EM BETONEIRA. AF_12/2014","M2",52.29]
[89293,"ALVENARIA ESTRUTURAL DE BLOCOS CERÂMICOS 14X19X29, (ESPESSURA DE 14 CM), PARA PAREDES COM ÁREA LÍQUIDA MAIOR OU IGUAL A 6M2, SEM VÃOS, UTILIZANDO PALHETA E ARGAMASSA DE ASSENTAMENTO COM PREPARO MANUAL. AF_12/2014","M2",54.94]
[89294,"ALVENARIA ESTRUTURAL DE BLOCOS CERÂMICOS 14X19X29, (ESPESSURA DE 14 CM), PARA PAREDES COM ÁREA LÍQUIDA MENOR QUE 6M², COM VÃOS, UTILIZANDO PALHETA E ARGAMASSA DE ASSENTAMENTO COM PREPARO EM BETONEIRA. AF_12/2014","M2",63.51]
[89295,"ALVENARIA ESTRUTURAL DE BLOCOS CERÂMICOS 14X19X29, (ESPESSURA DE 14 CM), PARA PAREDES COM ÁREA LÍQUIDA MENOR QUE 6M², COM VÃOS, UTILIZANDO PALHETA E ARGAMASSA DE ASSENTAMENTO COM PREPARO MANUAL. AF_12/2014","M2",66.16]
[89296,"ALVENARIA ESTRUTURAL DE BLOCOS CERÂMICOS 14X19X29, (ESPESSURA DE 14 CM), PARA PAREDES COM ÁREA LÍQUIDA MAIOR OU IGUAL A 6M², COM VÃOS, UTILIZANDO PALHETA E ARGAMASSA DE ASSENTAMENTO COM PREPARO EM BETONEIRA. AF_12/2014","M2",55.91]
[89297,"ALVENARIA ESTRUTURAL DE BLOCOS CERÂMICOS 14X19X29, (ESPESSURA DE 14 CM), PARA PAREDES COM ÁREA LÍQUIDA MAIOR OU IGUAL A 6M², COM VÃOS, UTILIZANDO PALHETA E ARGAMASSA DE ASSENTAMENTO COM PREPARO MANUAL. AF_12/2014","M2",58.56]
[89298,"ALVENARIA ESTRUTURAL DE BLOCOS CERÂMICOS 14X19X39, (ESPESSURA DE 14 CM), PARA PAREDES COM ÁREA LÍQUIDA MENOR QUE 6M², SEM VÃOS, UTILIZANDO COLHER DE PEDREIRO E ARGAMASSA DE ASSENTAMENTO COM PREPARO EM BETONEIRA. AF_12/2014","M2",58.65]
[89299,"ALVENARIA ESTRUTURAL DE BLOCOS CERÂMICOS 14X19X39, (ESPESSURA DE 14 CM), PARA PAREDES COM ÁREA LÍQUIDA MENOR QUE 6M², SEM VÃOS, UTILIZANDO COLHER DE PEDREIRO E ARGAMASSA DE ASSENTAMENTO COM PREPARO MANUAL. AF_12/2014","M2",62.03]
[89300,"ALVENARIA ESTRUTURAL DE BLOCOS CERÂMICOS 14X19X39, (ESPESSURA DE 14 CM), PARA PAREDES COM ÁREA LÍQUIDA MAIOR OU IGUAL A 6M², SEM VÃOS, UTILIZANDO COLHER DE PEDREIRO E ARGAMASSA DE ASSENTAMENTO COM PREPARO EM BETONEIRA. AF_12/2014","M2",53.77]
[89301,"ALVENARIA ESTRUTURAL DE BLOCOS CERÂMICOS 14X19X39, (ESPESSURA DE 14 CM), PARA PAREDES COM ÁREA LÍQUIDA MAIOR OU IGUAL A 6M², SEM VÃOS, UTILIZANDO COLHER DE PEDREIRO E ARGAMASSA DE ASSENTAMENTO COM PREPARO MANUAL. AF_12/2014","M2",57.15]
[89302,"ALVENARIA ESTRUTURAL DE BLOCOS CERÂMICOS 14X19X39, (ESPESSURA DE 14 CM), PARA PAREDES COM ÁREA LÍQUIDA MENOR QUE 6M², COM VÃOS, UTILIZANDO COLHER DE PEDREIRO E ARGAMASSA DE ASSENTAMENTO COM PREPARO EM BETONEIRA. AF_12/2014","M2",66.79]
[89303,"ALVENARIA ESTRUTURAL DE BLOCOS CERÂMICOS 14X19X39, (ESPESSURA DE 14 CM), PARA PAREDES COM ÁREA LÍQUIDA MENOR QUE 6M², COM VÃOS, UTILIZANDO COLHER DE PEDREIRO E ARGAMASSA DE ASSENTAMENTO COM PREPARO MANUAL. AF_12/2014","M2",70.17]
[89304,"ALVENARIA ESTRUTURAL DE BLOCOS CERÂMICOS 14X19X39, (ESPESSURA DE 14 CM), PARA PAREDES COM ÁREA LÍQUIDA MAIOR OU IGUAL A 6M², COM VÃOS, UTILIZANDO COLHER DE PEDREIRO E ARGAMASSA DE ASSENTAMENTO COM PREPARO EM BETONEIRA. AF_12/2014","M2",58.6]
[89305,"ALVENARIA ESTRUTURAL DE BLOCOS CERÂMICOS 14X19X39, (ESPESSURA DE 14 CM), PARA PAREDES COM ÁREA LÍQUIDA MAIOR OU IGUAL A 6M², COM VÃOS, UTILIZANDO COLHER DE PEDREIRO E ARGAMASSA DE ASSENTAMENTO COM PREPARO MANUAL. AF_12/2014","M2",61.98]
[89306,"ALVENARIA ESTRUTURAL DE BLOCOS CERÂMICOS 14X19X29, (ESPESSURA DE 14 CM), PARA PAREDES COM ÁREA LÍQUIDA MENOR QUE 6M², SEM VÃOS, UTILIZANDO COLHER DE PEDREIRO E ARGAMASSA DE ASSENTAMENTO COM PREPARO EM BETONEIRA. AF_12/2014","M2",68.62]
[89307,"ALVENARIA ESTRUTURAL DE BLOCOS CERÂMICOS 14X19X29, (ESPESSURA DE 14 CM), PARA PAREDES COM ÁREA LÍQUIDA MENOR QUE 6M², SEM VÃOS, UTILIZANDO COLHER DE PEDREIRO E ARGAMASSA DE ASSENTAMENTO COM PREPARO MANUAL. AF_12/2014","M2",72.38]
[89308,"ALVENARIA ESTRUTURAL DE BLOCOS CERÂMICOS 14X19X29, (ESPESSURA DE 14 CM), PARA PAREDES COM ÁREA LÍQUIDA MAIOR OU IGUAL A 6M², SEM VÃOS, UTILIZANDO COLHER DE PEDREIRO E ARGAMASSA DE ASSENTAMENTO COM PREPARO EM BETONEIRA. AF_12/2014","M2",63.77]
[89309,"ALVENARIA ESTRUTURAL DE BLOCOS CERÂMICOS 14X19X29, (ESPESSURA DE 14 CM), PARA PAREDES COM ÁREA LÍQUIDA MAIOR OU IGUAL A 6M², SEM VÃOS, UTILIZANDO COLHER DE PEDREIRO E ARGAMASSA DE ASSENTAMENTO COM PREPARO MANUAL. AF_12/2014","M2",67.53]
[89310,"ALVENARIA ESTRUTURAL DE BLOCOS CERÂMICOS 14X19X29, (ESPESSURA DE 14 CM), PARA PAREDES COM ÁREA LÍQUIDA MENOR QUE 6M², COM VÃOS, UTILIZANDO COLHER DE PEDREIRO E ARGAMASSA DE ASSENTAMENTO COM PREPARO EM BETONEIRA. AF_12/2014","M2",78.53]
[89311,"ALVENARIA ESTRUTURAL DE BLOCOS CERÂMICOS 14X19X29, (ESPESSURA DE 14 CM), PARA PAREDES COM ÁREA LÍQUIDA MENOR QUE 6M², COM VÃOS, UTILIZANDO COLHER DE PEDREIRO E ARGAMASSA DE ASSENTAMENTO COM PREPARO MANUAL. AF_12/2014","M2",82.29]
[89312,"ALVENARIA ESTRUTURAL DE BLOCOS CERÂMICOS 14X19X29, (ESPESSURA DE 14 CM), PARA PAREDES COM ÁREA LÍQUIDA MAIOR OU IGUAL A 6M², COM VÃOS, UTILIZANDO COLHER DE PEDREIRO E ARGAMASSA DE ASSENTAMENTO COM PREPARO EM BETONEIRA. AF_12/2014","M2",69.62]
[89313,"ALVENARIA ESTRUTURAL DE BLOCOS CERÂMICOS 14X19X29, (ESPESSURA DE 14 CM), PARA PAREDES COM ÁREA LÍQUIDA MAIOR OU IGUAL A 6M², COM VÃOS, UTILIZANDO COLHER DE PEDREIRO E ARGAMASSA DE ASSENTAMENTO COM PREPARO MANUAL. AF_12/2014","M2",73.38]
[95465,"COBOGO CERAMICO (ELEMENTO VAZADO), 9X20X20CM, ASSENTADO COM ARGAMASSA TRACO 1:4 DE CIMENTO E AREIA","M2",115.26]
[87447,"ALVENARIA DE VEDAÇÃO DE BLOCOS VAZADOS DE CONCRETO DE 9X19X39CM (ESPESSURA 9CM) DE PAREDES COM ÁREA LÍQUIDA MENOR QUE 6M² SEM VÃOS E ARGAMASSA DE ASSENTAMENTO COM PREPARO EM BETONEIRA. AF_06/2014","M2",49.52]
[87448,"ALVENARIA DE VEDAÇÃO DE BLOCOS VAZADOS DE CONCRETO DE 9X19X39CM (ESPESSURA 9CM) DE PAREDES COM ÁREA LÍQUIDA MENOR QUE 6M² SEM VÃOS E ARGAMASSA DE ASSENTAMENTO COM PREPARO MANUAL. AF_06/2014","M2",50.11]
[87449,"ALVENARIA DE VEDAÇÃO DE BLOCOS VAZADOS DE CONCRETO DE 14X19X39CM (ESPESSURA 14CM) DE PAREDES COM ÁREA LÍQUIDA MENOR QUE 6M² SEM VÃOS E ARGAMASSA DE ASSENTAMENTO COM PREPARO EM BETONEIRA. AF_06/2014","M2",63.81]
[87450,"ALVENARIA DE VEDAÇÃO DE BLOCOS VAZADOS DE CONCRETO DE 14X19X39CM (ESPESSURA 14CM) DE PAREDES COM ÁREA LÍQUIDA MENOR QUE 6M² SEM VÃOS E ARGAMASSA DE ASSENTAMENTO COM PREPARO MANUAL. AF_06/2014","M2",64.98]
[87451,"ALVENARIA DE VEDAÇÃO DE BLOCOS VAZADOS DE CONCRETO DE 19X19X39CM (ESPESSURA 19CM) DE PAREDES COM ÁREA LÍQUIDA MENOR QUE 6M² SEM VÃOS E ARGAMASSA DE ASSENTAMENTO COM PREPARO EM BETONEIRA. AF_06/2014","M2",77.22]
[87452,"ALVENARIA DE VEDAÇÃO DE BLOCOS VAZADOS DE CONCRETO DE 19X19X39CM (ESPESSURA 19CM) DE PAREDES COM ÁREA LÍQUIDA MENOR QUE 6M² SEM VÃOS E ARGAMASSA DE ASSENTAMENTO COM PREPARO MANUAL. AF_06/2014","M2",77.56]
[87453,"ALVENARIA DE VEDAÇÃO DE BLOCOS VAZADOS DE CONCRETO DE 9X19X39CM (ESPESSURA 9CM) DE PAREDES COM ÁREA LÍQUIDA MAIOR OU IGUAL A 6M² SEM VÃOS E ARGAMASSA DE ASSENTAMENTO COM PREPARO EM BETONEIRA. AF_06/2014","M2",45.47]
[87454,"ALVENARIA DE VEDAÇÃO DE BLOCOS VAZADOS DE CONCRETO DE 9X19X39CM (ESPESSURA 9CM) DE PAREDES COM ÁREA LÍQUIDA MAIOR OU IGUAL A 6M² SEM VÃOS E ARGAMASSA DE ASSENTAMENTO COM PREPARO MANUAL. AF_06/2014","M2",46.47]
[87455,"ALVENARIA DE VEDAÇÃO DE BLOCOS VAZADOS DE CONCRETO DE 14X19X39CM (ESPESSURA 14CM) DE PAREDES COM ÁREA LÍQUIDA MAIOR OU IGUAL A 6M² SEM VÃOS E ARGAMASSA DE ASSENTAMENTO COM PREPARO EM BETONEIRA. AF_06/2014","M2",59]
[87456,"ALVENARIA DE VEDAÇÃO DE BLOCOS VAZADOS DE CONCRETO DE 14X19X39CM (ESPESSURA 14CM) DE PAREDES COM ÁREA LÍQUIDA MAIOR OU IGUAL A 6M² SEM VÃOS E ARGAMASSA DE ASSENTAMENTO COM PREPARO MANUAL. AF_06/2014","M2",60.44]
[87457,"ALVENARIA DE VEDAÇÃO DE BLOCOS VAZADOS DE CONCRETO DE 19X19X39CM (ESPESSURA 19CM) DE PAREDES COM ÁREA LÍQUIDA MAIOR OU IGUAL A 6M² SEM VÃOS E ARGAMASSA DE ASSENTAMENTO COM PREPARO EM BETONEIRA. AF_06/2014","M2",71.22]
[87458,"ALVENARIA DE VEDAÇÃO DE BLOCOS VAZADOS DE CONCRETO DE 19X19X39CM (ESPESSURA 19CM) DE PAREDES COM ÁREA LÍQUIDA MAIOR OU IGUAL A 6M² SEM VÃOS E ARGAMASSA DE ASSENTAMENTO COM PREPARO MANUAL. AF_06/2014","M2",72.69]
[87459,"ALVENARIA DE VEDAÇÃO DE BLOCOS VAZADOS DE CONCRETO DE 9X19X39CM (ESPESSURA 9CM) DE PAREDES COM ÁREA LÍQUIDA MENOR QUE 6M² COM VÃOS E ARGAMASSA DE ASSENTAMENTO COM PREPARO EM BETONEIRA. AF_06/2014","M2",56.45]
[87460,"ALVENARIA DE VEDAÇÃO DE BLOCOS VAZADOS DE CONCRETO DE 9X19X39CM (ESPESSURA 9CM) DE PAREDES COM ÁREA LÍQUIDA MENOR QUE 6M² COM VÃOS E ARGAMASSA DE ASSENTAMENTO COM PREPARO MANUAL. AF_06/2014","M2",57.45]
[87461,"ALVENARIA DE VEDAÇÃO DE BLOCOS VAZADOS DE CONCRETO DE 14X19X39CM (ESPESSURA 14CM) DE PAREDES COM ÁREA LÍQUIDA MENOR QUE 6M² COM VÃOS E ARGAMASSA DE ASSENTAMENTO COM PREPARO EM BETONEIRA. AF_06/2014","M2",70.76]
[87462,"ALVENARIA DE VEDAÇÃO DE BLOCOS VAZADOS DE CONCRETO DE 14X19X39CM (ESPESSURA 14CM) DE PAREDES COM ÁREA LÍQUIDA MENOR QUE 6M² COM VÃOS E ARGAMASSA DE ASSENTAMENTO COM PREPARO MANUAL. AF_06/2014","M2",71.93]
[87463,"ALVENARIA DE VEDAÇÃO DE BLOCOS VAZADOS DE CONCRETO DE 19X19X39CM (ESPESSURA 19CM) DE PAREDES COM ÁREA LÍQUIDA MENOR QUE 6M² COM VÃOS E ARGAMASSA DE ASSENTAMENTO COM PREPARO EM BETONEIRA. AF_06/2014","M2",83.09]
[87464,"ALVENARIA DE VEDAÇÃO DE BLOCOS VAZADOS DE CONCRETO DE 19X19X39CM (ESPESSURA 19CM) DE PAREDES COM ÁREA LÍQUIDA MENOR QUE 6M² COM VÃOS E ARGAMASSA DE ASSENTAMENTO COM PREPARO MANUAL. AF_06/2014","M2",84.56]
[87465,"ALVENARIA DE VEDAÇÃO DE BLOCOS VAZADOS DE CONCRETO DE 9X19X39CM (ESPESSURA 9CM) DE PAREDES COM ÁREA LÍQUIDA MAIOR OU IGUAL A 6M² COM VÃOS E ARGAMASSA DE ASSENTAMENTO COM PREPARO EM BETONEIRA. AF_06/2014","M2",49.35]
[87466,"ALVENARIA DE VEDAÇÃO DE BLOCOS VAZADOS DE CONCRETO DE 9X19X39CM (ESPESSURA 9CM) DE PAREDES COM ÁREA LÍQUIDA MAIOR OU IGUAL A 6M² COM VÃOS E ARGAMASSA DE ASSENTAMENTO COM PREPARO MANUAL. AF_06/2014","M2",50.35]
[87467,"ALVENARIA DE VEDAÇÃO DE BLOCOS VAZADOS DE CONCRETO DE 14X19X39CM (ESPESSURA 14CM) DE PAREDES COM ÁREA LÍQUIDA MAIOR OU IGUAL A 6M² COM VÃOS E ARGAMASSA DE ASSENTAMENTO COM PREPARO EM BETONEIRA. AF_06/2014","M2",63.17]
[87468,"ALVENARIA DE VEDAÇÃO DE BLOCOS VAZADOS DE CONCRETO DE 14X19X39CM (ESPESSURA 14CM) DE PAREDES COM ÁREA LÍQUIDA MAIOR OU IGUAL A 6M² COM VÃOS E ARGAMASSA DE ASSENTAMENTO COM PREPARO MANUAL. AF_06/2014","M2",64.34]
[87469,"ALVENARIA DE VEDAÇÃO DE BLOCOS VAZADOS DE CONCRETO DE 19X19X39CM (ESPESSURA 19CM) DE PAREDES COM ÁREA LÍQUIDA MAIOR OU IGUAL A 6M² COM VÃOS E ARGAMASSA DE ASSENTAMENTO COM PREPARO EM BETONEIRA. AF_06/2014","M2",75.51]
[87470,"ALVENARIA DE VEDAÇÃO DE BLOCOS VAZADOS DE CONCRETO DE 19X19X39CM (ESPESSURA 19CM) DE PAREDES COM ÁREA LÍQUIDA MAIOR OU IGUAL A 6M² COM VÃOS E ARGAMASSA DE ASSENTAMENTO COM PREPARO MANUAL. AF_06/2014","M2",76.98]
[89044,"(COMPOSIÇÃO REPRESENTATIVA) DO SERVIÇO DE ALVENARIA DE VEDAÇÃO DE BLOCOS VAZADOS DE CONCRETO DE 9X19X39CM (ESPESSURA 9CM), PARA EDIFICAÇÃO HABITACIONAL MULTIFAMILIAR (PRÉDIO). AF_11/2014","M2",49.45]
[89169,"(COMPOSIÇÃO REPRESENTATIVA) DO SERVIÇO DE ALVENARIA DE VEDAÇÃO DE BLOCOS VAZADOS DE CONCRETO DE 9X19X39CM (ESPESSURA 9CM), PARA EDIFICAÇÃO HABITACIONAL UNIFAMILIAR (CASA) E EDIFICAÇÃO PÚBLICA PADRÃO. AF_11/2014","M2",50.34]
[89978,"(COMPOSIÇÃO REPRESENTATIVA) DO SERVIÇO DE ALVENARIA DE VEDAÇÃO DE BLOCOS VAZADOS DE CONCRETO DE 14X19X39CM (ESPESSURA 14CM), PARA EDIFICAÇÃO HABITACIONAL UNIFAMILIAR (CASA) E EDIFICAÇÃO PÚBLICA PADRÃO. AF_12/2014","M2",64.33]
["73937/1","COBOGO DE CONCRETO (ELEMENTO VAZADO), 7X50X50CM, ASSENTADO COM ARGAMASSA TRACO 1:4 (CIMENTO E AREIA)","M2",106.4]
["73937/3","COBOGO DE CONCRETO (ELEMENTO VAZADO), 7X50X50CM, ASSENTADO COM ARGAMASSA TRACO 1:3 (CIMENTO E AREIA)","M2",106.54]
["73937/5","COBOGO DE CONCRETO (ELEMENTO VAZADO), 10X29X39CM ABERTURA COM VIDRO, ASSENTADO COM ARGAMASSA TRACO 1:4 (CIMENTO E AREIA MEDIA NAO PENEIRADA)","M2",179.72]
[89453,"ALVENARIA DE BLOCOS DE CONCRETO ESTRUTURAL 14X19X39 CM, (ESPESSURA 14 CM), FBK = 4,5 MPA, PARA PAREDES COM ÁREA LÍQUIDA MENOR QUE 6M², SEM VÃOS, UTILIZANDO PALHETA. AF_12/2014","M2",53.67]
[89454,"ALVENARIA DE BLOCOS DE CONCRETO ESTRUTURAL 14X19X39 CM, (ESPESSURA 14 CM), FBK = 4,5 MPA, PARA PAREDES COM ÁREA LÍQUIDA MAIOR OU IGUAL A 6M², SEM VÃOS, UTILIZANDO PALHETA. AF_12/2014","M2",51.11]
[89455,"ALVENARIA DE BLOCOS DE CONCRETO ESTRUTURAL 14X19X39 CM, (ESPESSURA 14 CM) FBK = 14,0 MPA, PARA PAREDES COM ÁREA LÍQUIDA MENOR QUE 6M², SEM VÃOS, UTILIZANDO PALHETA. AF_12/2014","M2",65.65]
[89456,"ALVENARIA DE BLOCOS DE CONCRETO ESTRUTURAL 14X19X39 CM, (ESPESSURA 14 CM) FBK = 14,0 MPA, PARA PAREDES COM ÁREA LÍQUIDA MAIOR OU IGUAL A 6M², SEM VÃOS, UTILIZANDO PALHETA. AF_12/2014","M2",62.45]
[89457,"ALVENARIA DE BLOCOS DE CONCRETO ESTRUTURAL 14X19X39 CM, (ESPESSURA 14 CM), FBK = 4,5 MPA, PARA PAREDES COM ÁREA LÍQUIDA MENOR QUE 6M², COM VÃOS, UTILIZANDO PALHETA. AF_12/2014","M2",57.74]
[89458,"ALVENARIA DE BLOCOS DE CONCRETO ESTRUTURAL 14X19X39 CM, (ESPESSURA 14 CM), FBK = 4,5 MPA, PARA PAREDES COM ÁREA LÍQUIDA MAIOR OU IGUAL A 6M², COM VÃOS, UTILIZANDO PALHETA. AF_12/2014","M2",53.4]
[89459,"ALVENARIA DE BLOCOS DE CONCRETO ESTRUTURAL 14X19X39 CM, (ESPESSURA 14 CM) FBK = 14,0 MPA, PARA PAREDES COM ÁREA LÍQUIDA MENOR QUE 6M², COM VÃOS, UTILIZANDO PALHETA. AF_12/2014","M2",71.02]
[89460,"ALVENARIA DE BLOCOS DE CONCRETO ESTRUTURAL 14X19X39 CM, (ESPESSURA 14 CM) FBK = 14,0 MPA, PARA PAREDES COM ÁREA LÍQUIDA MAIOR OU IGUAL A 6M², COM VÃOS, UTILIZANDO PALHETA. AF_12/2014","M2",65.72]
[89462,"ALVENARIA DE BLOCOS DE CONCRETO ESTRUTURAL 14X19X29 CM, (ESPESSURA 14 CM), FBK = 4,5 MPA, PARA PAREDES COM ÁREA LÍQUIDA MENOR QUE 6M², SEM VÃOS, UTILIZANDO PALHETA. AF_12/2014","M2",62.33]
[89463,"ALVENARIA DE BLOCOS DE CONCRETO ESTRUTURAL 14X19X29 CM, (ESPESSURA 14 CM), FBK = 4,5 MPA, PARA PAREDES COM ÁREA LÍQUIDA MAIOR OU IGUAL A 6M², SEM VÃOS, UTILIZANDO PALHETA. AF_12/2014","M2",59.95]
[89464,"ALVENARIA DE BLOCOS DE CONCRETO ESTRUTURAL 14X19X29 CM, (ESPESSURA 14 CM) FBK = 14,0 MPA, PARA PAREDES COM ÁREA LÍQUIDA MENOR QUE 6M², SEM VÃOS, UTILIZANDO PALHETA. AF_12/2014","M2",81]
[89465,"ALVENARIA DE BLOCOS DE CONCRETO ESTRUTURAL 14X19X29 CM, (ESPESSURA 14 CM) FBK = 14,0 MPA, PARA PAREDES COM ÁREA LÍQUIDA MAIOR OU IGUAL A 6M², SEM VÃOS, UTILIZANDO PALHETA. AF_12/2014","M2",78.17]
[89466,"ALVENARIA DE BLOCOS DE CONCRETO ESTRUTURAL 14X19X29 CM, (ESPESSURA 14 CM), FBK = 4,5 MPA, PARA PAREDES COM ÁREA LÍQUIDA MENOR QUE 6M², COM VÃOS, UTILIZANDO PALHETA. AF_12/2014","M2",66.85]
[89467,"ALVENARIA DE BLOCOS DE CONCRETO ESTRUTURAL 14X19X29 CM, (ESPESSURA 14 CM), FBK = 4,5 MPA, PARA PAREDES COM ÁREA LÍQUIDA MAIOR OU IGUAL A 6M², COM VÃOS, UTILIZANDO PALHETA. AF_12/2014","M2",62.4]
[89468,"ALVENARIA DE BLOCOS DE CONCRETO ESTRUTURAL 14X19X29 CM, (ESPESSURA 14 CM) FBK = 14,0 MPA, PARA PAREDES COM ÁREA LÍQUIDA MENOR QUE 6M², COM VÃOS, UTILIZANDO PALHETA. AF_12/2014","M2",86.37]
[89469,"ALVENARIA DE BLOCOS DE CONCRETO ESTRUTURAL 14X19X29 CM, (ESPESSURA 14 CM) FBK = 14,0 MPA, PARA PAREDES COM ÁREA LÍQUIDA MAIOR OU IGUAL A 6M², COM VÃOS, UTILIZANDO PALHETA. AF_12/2014","M2",81.16]
[89470,"ALVENARIA DE BLOCOS DE CONCRETO ESTRUTURAL 14X19X39 CM, (ESPESSURA 14 CM), FBK = 4,5 MPA, PARA PAREDES COM ÁREA LÍQUIDA MENOR QUE 6M², SEM VÃOS, UTILIZANDO COLHER DE PEDREIRO. AF_12/2014","M2",67.42]
[89471,"ALVENARIA DE BLOCOS DE CONCRETO ESTRUTURAL 14X19X39 CM, (ESPESSURA 14 CM), FBK = 4,5 MPA, PARA PAREDES COM ÁREA LÍQUIDA MAIOR OU IGUAL A 6M², SEM VÃOS, UTILIZANDO COLHER DE PEDREIRO. AF_12/2014","M2",64.85]
[89472,"ALVENARIA DE BLOCOS DE CONCRETO ESTRUTURAL 14X19X39 CM, (ESPESSURA 14 CM) FBK = 14,0 MPA, PARA PAREDES COM ÁREA LÍQUIDA MENOR QUE 6M², SEM VÃOS, UTILIZANDO COLHER DE PEDREIRO. AF_12/2014","M2",78.91]
[89473,"ALVENARIA DE BLOCOS DE CONCRETO ESTRUTURAL 14X19X39 CM, (ESPESSURA 14 CM) FBK = 14,0 MPA, PARA PAREDES COM ÁREA LÍQUIDA MAIOR OU IGUAL A 6M², SEM VÃOS, UTILIZANDO COLHER DE PEDREIRO. AF_12/2014","M2",75.95]
[89474,"ALVENARIA DE BLOCOS DE CONCRETO ESTRUTURAL 14X19X39 CM, (ESPESSURA 14 CM), FBK = 4,5 MPA, PARA PAREDES COM ÁREA LÍQUIDA MENOR QUE 6M², COM VÃOS, UTILIZANDO COLHER DE PEDREIRO. AF_12/2014","M2",75.45]
[89475,"ALVENARIA DE BLOCOS DE CONCRETO ESTRUTURAL 14X19X39 CM, (ESPESSURA 14 CM), FBK = 4,5 MPA, PARA PAREDES COM ÁREA LÍQUIDA MAIOR OU IGUAL A 6M², COM VÃOS, UTILIZANDO COLHER DE PEDREIRO. AF_12/2014","M2",69.31]
[89476,"ALVENARIA DE BLOCOS DE CONCRETO ESTRUTURAL 14X19X39 CM, (ESPESSURA 14 CM) FBK = 14,0 MPA, PARA PAREDES COM ÁREA LÍQUIDA MENOR QUE 6M², COM VÃOS, UTILIZANDO COLHER DE PEDREIRO. AF_12/2014","M2",88.48]
[89477,"ALVENARIA DE BLOCOS DE CONCRETO ESTRUTURAL 14X19X39 CM, (ESPESSURA 14 CM) FBK = 14,0 MPA, PARA PAREDES COM ÁREA LÍQUIDA MAIOR OU IGUAL A 6M², COM VÃOS, UTILIZANDO COLHER DE PEDREIRO. AF_12/2014","M2",81.64]
[89478,"ALVENARIA DE BLOCOS DE CONCRETO ESTRUTURAL 14X19X29 CM, (ESPESSURA 14 CM), FBK = 4,5 MPA, PARA PAREDES COM ÁREA LÍQUIDA MENOR QUE 6M², SEM VÃOS, UTILIZANDO COLHER DE PEDREIRO. AF_12/2014","M2",76.3]
[89479,"ALVENARIA DE BLOCOS DE CONCRETO ESTRUTURAL 14X19X29 CM, (ESPESSURA 14 CM), FBK = 4,5 MPA, PARA PAREDES COM ÁREA LÍQUIDA MAIOR OU IGUAL A 6M², SEM VÃOS, UTILIZANDO COLHER DE PEDREIRO. AF_12/2014","M2",73.93]
[89480,"ALVENARIA DE BLOCOS DE CONCRETO ESTRUTURAL 14X19X29 CM, (ESPESSURA 14 CM) FBK = 14,0 MPA, PARA PAREDES COM ÁREA LÍQUIDA MENOR QUE 6M², SEM VÃOS, UTILIZANDO COLHER DE PEDREIRO. AF_12/2014","M2",94.47]
[89483,"ALVENARIA DE BLOCOS DE CONCRETO ESTRUTURAL 14X19X29 CM, (ESPESSURA 14 CM) FBK = 14,0 MPA, PARA PAREDES COM ÁREA LÍQUIDA MAIOR OU IGUAL A 6M², SEM VÃOS, UTILIZANDO COLHER DE PEDREIRO. AF_12/2014","M2",91.88]
[89484,"ALVENARIA DE BLOCOS DE CONCRETO ESTRUTURAL 14X19X29 CM, (ESPESSURA 14 CM), FBK = 4,5 MPA, PARA PAREDES COM ÁREA LÍQUIDA MENOR QUE 6M², COM VÃOS, UTILIZANDO COLHER DE PEDREIRO. AF_12/2014","M2",84.79]
[89486,"ALVENARIA DE BLOCOS DE CONCRETO ESTRUTURAL 14X19X29 CM, (ESPESSURA 14 CM), FBK = 4,5 MPA, PARA PAREDES COM ÁREA LÍQUIDA MAIOR OU IGUAL A 6M², COM VÃOS, UTILIZANDO COLHER DE PEDREIRO. AF_12/2014","M2",78.79]
[89487,"ALVENARIA DE BLOCOS DE CONCRETO ESTRUTURAL 14X19X29 CM, (ESPESSURA 14 CM) FBK = 14,0 MPA, PARA PAREDES COM ÁREA LÍQUIDA MENOR QUE 6M², COM VÃOS, UTILIZANDO COLHER DE PEDREIRO. AF_12/2014","M2",104.03]
[89488,"ALVENARIA DE BLOCOS DE CONCRETO ESTRUTURAL 14X19X29 CM, (ESPESSURA 14 CM) FBK = 14,0 MPA, PARA PAREDES COM ÁREA LÍQUIDA MAIOR OU IGUAL A 6M², COM VÃOS, UTILIZANDO COLHER DE PEDREIRO. AF_12/2014","M2",97.28]
[91815,"(COMPOSIÇÃO REPRESENTATIVA) DE ALVENARIA DE BLOCOS DE CONCRETO ESTRUTURAL 14X19X39 CM, (ESPESSURA 14 CM), FBK = 4,5 MPA, UTILIZANDO PALHETA, PARA EDIFICAÇÃO HABITACIONAL. AF_10/2015","M2",53.84]
[91816,"COMPOSIÇÃO REPRESENTATIVA DE SERVIÇOS DE ALVENARIA DE BLOCOS DE CONCRETO ESTRUTURAL 14X19X29 CM, (ESPESSURA 14 CM), FBK = 4,5 MPA, UTILIZANDO PALHETA, PARA EDIFICAÇÃO HABITACIONAL. AF_10/2015","M2",62.72]
[72139,"BLOCOS DE VIDRO TIPO CANELADO 19X19X8CM, ASSENTADO COM ARGAMASSA TRACO 1:3 (CIMENTO E AREIA GROSSA) PREPARO MECANICO, COM REJUNTAMENTO EM CIMENTO BRANCO E BARRAS DE ACO","M2",429.9]
[72175,"BLOCOS DE VIDRO TIPO XADREZ 20X20X10CM, ASSENTADO COM ARGAMASSA TRACO 1:3 (CIMENTO E AREIA GROSSA) PREPARO MECANICO, COM REJUNTAMENTO EM CIMENTO BRANCO E BARRAS DE ACO","M2",432.65]
[72176,"BLOCOS DE VIDRO TIPO XADREZ 20X10X8CM, ASSENTADO COM ARGAMASSA TRACO 1:3 (CIMENTO E AREIA GROSSA) PREPARO MECANICO, COM REJUNTAMENTO EM CIMENTO BRANCO E BARRAS DE ACO","M2",435.15]
[72178,"RETIRADA DE DIVISORIAS EM CHAPAS DE MADEIRA, COM MONTANTES METALICOS","M2",30.25]
[72179,"RECOLOCACAO DE PLACAS DIVISORIAS DE GRANILITE, CONSIDERANDO REAPROVEITAMENTO DO MATERIAL","M2",60.55]
[72180,"RECOLOCACAO DE DIVISORIAS TIPO CHAPAS OU TABUAS, EXCLUSIVE ENTARUGAMENTO, CONSIDERANDO REAPROVEITAMENTO DO MATERIAL","M2",18.6]
[72181,"RECOLOCACAO DE DIVISORIAS TIPO CHAPAS OU TABUAS, INCLUSIVE ENTARUGAMENTO, CONSIDERANDO REAPROVEITAMENTO DO MATERIAL","M2",37.62]
["73774/1","DIVISORIA EM MARMORITE ESPESSURA 35MM, CHUMBAMENTO NO PISO E PAREDE COM ARGAMASSA DE CIMENTO E AREIA, POLIMENTO MANUAL, EXCLUSIVE FERRAGENS","M2",312.72]
["73909/1","DIVISORIA EM MADEIRA COMPENSADA RESINADA ESPESSURA 6MM, ESTRUTURADA EM MADEIRA DE LEI 3\"X3\"","M2",242.66]
["74229/1","DIVISORIA EM MARMORE BRANCO POLIDO, ESPESSURA 3 CM, ASSENTADO COM ARGAMASSA TRACO 1:4 (CIMENTO E AREIA), ARREMATE COM CIMENTO BRANCO, EXCLUSIVE FERRAGENS","M2",531.34]
[79627,"DIVISORIA EM GRANITO BRANCO POLIDO, ESP = 3CM, ASSENTADO COM ARGAMASSA TRACO 1:4, ARREMATE EM CIMENTO BRANCO, EXCLUSIVE FERRAGENS","M2",712.38]
[96358,"PAREDE COM PLACAS DE GESSO ACARTONADO (DRYWALL), PARA USO INTERNO, COM DUAS FACES SIMPLES E ESTRUTURA METÁLICA COM GUIAS SIMPLES, SEM VÃOS. AF_06/2017_P","M2",83.86]
[96359,"PAREDE COM PLACAS DE GESSO ACARTONADO (DRYWALL), PARA USO INTERNO, COM DUAS FACES SIMPLES E ESTRUTURA METÁLICA COM GUIAS SIMPLES, COM VÃOS AF_06/2017_P","M2",91.89]
[96360,"PAREDE COM PLACAS DE GESSO ACARTONADO (DRYWALL), PARA USO INTERNO, COM DUAS FACES SIMPLES E ESTRUTURA METÁLICA COM GUIAS DUPLAS, SEM VÃOS. AF_06/2017_P","M2",104.96]
[96361,"PAREDE COM PLACAS DE GESSO ACARTONADO (DRYWALL), PARA USO INTERNO, COM DUAS FACES SIMPLES E ESTRUTURA METÁLICA COM GUIAS DUPLAS, COM VÃOS. AF_06/2017_P","M2",120.42]
[96362,"PAREDE COM PLACAS DE GESSO ACARTONADO (DRYWALL), PARA USO INTERNO, COM UMA FACE SIMPLES E OUTRA FACE DUPLA E ESTRUTURA METÁLICA COM GUIAS SIMPLES, SEM VÃOS. AF_06/2017_P","M2",110.59]
[96363,"PAREDE COM PLACAS DE GESSO ACARTONADO (DRYWALL), PARA USO INTERNO, COM UMA FACE SIMPLES E OUTRA FACE DUPLA E ESTRUTURA METÁLICA COM GUIAS SIMPLES, COM VÃOS. AF_06/2017_P","M2",119.03]
[96364,"PAREDE COM PLACAS DE GESSO ACARTONADO (DRYWALL), PARA USO INTERNO COM UMA FACE SIMPLES E OUTRA FACE DUPLA E ESTRUTURA METÁLICA COM GUIAS DUPLAS, SEM VÃOS. AF_06/2017_P","M2",131.69]
[96365,"PAREDE COM PLACAS DE GESSO ACARTONADO (DRYWALL), PARA USO INTERNO, COM UMA FACE SIMPLES E OUTRA FACE DUPLA E   ESTRUTURA METÁLICA COM GUIAS DUPLAS, COM VÃOS. AF_06/2017_P","M2",147.54]
[96366,"PAREDE COM PLACAS DE GESSO ACARTONADO (DRYWALL), PARA USO INTERNO, COM DUAS FACES DUPLAS E ESTRUTURA METÁLICA COM GUIAS SIMPLES, SEM VÃOS. AF_06/2017_P","M2",137.32]
[96367,"PAREDE COM PLACAS DE GESSO ACARTONADO (DRYWALL), PARA USO INTERNO, COM DUAS FACES DUPLAS E ESTRUTURA METÁLICA COM GUIAS SIMPLES, COM VÃOS. AF_06/2017_P","M2",146.13]
[96368,"PAREDE COM PLACAS DE GESSO ACARTONADO (DRYWALL), PARA USO INTERNO COM DUAS FACES DUPLAS E ESTRUTURA METÁLICA COM GUIAS DUPLAS, SEM VÃOS. AF_06/2017","M2",158.42]
[96369,"PAREDE COM PLACAS DE GESSO ACARTONADO (DRYWALL), PARA USO INTERNO, COM DUAS FACES DUPLAS E ESTRUTURA METÁLICA COM GUIAS DUPLAS, COM VÃOS. AF_06/2017_P","M2",174.66]
[96370,"PAREDE COM PLACAS DE GESSO ACARTONADO (DRYWALL), PARA USO INTERNO, COM UMA FACE SIMPLES E ESTRUTURA METÁLICA COM GUIAS SIMPLES, SEM VÃOS. AF_06/2017_P","M2",53.04]
[96371,"PAREDE COM PLACAS DE GESSO ACARTONADO (DRYWALL), PARA USO INTERNO, COM UMA FACE SIMPLES E ESTRUTURA METÁLICA COM GUIAS SIMPLES, COM VÃOS. AF_06/2017_P","M2",60.86]
[96372,"INSTALAÇÃO DE ISOLAMENTO COM LÃ DE ROCHA EM PAREDES DRYWALL. AF_06/2017","M2",20.23]
[96373,"INSTALAÇÃO DE REFORÇO METÁLICO EM PAREDE DRYWALL. AF_06/2017","M",7.56]
[96374,"INSTALAÇÃO DE REFORÇO DE MADEIRA EM PAREDE DRYWALL. AF_06/2017","M",22.09]
["73863/1","ALVENARIA COM BLOCOS DE CONCRETO CELULAR 10X30X60CM, ESPESSURA 10CM, ASSENTADOS COM ARGAMASSA TRACO 1:2:9 (CIMENTO, CAL E AREIA) PREPARO MANUAL","M2",61.81]
["73863/2","ALVENARIA COM BLOCOS DE CONCRETO CELULAR 20X30X60CM, ESPESSURA 20CM, ASSENTADOS COM ARGAMASSA TRACO 1:2:9 (CIMENTO, CAL E AREIA) PREPARO MANUAL","M2",126.18]
["73790/2","REASSENTAMENTO DE PARALELEPIPEDO SOBRE COLCHAO DE PO DE PEDRA ESPESSURA 10CM, REJUNTADO COM BETUME E PEDRISCO, CONSIDERANDO APROVEITAMENTO DO PARALELEPIPEDO","M2",57.24]
["73790/4","REASSENTAMENTO DE PARALELEPIPEDO SOBRE COLCHAO DE PO DE PEDRA ESPESSURA 10CM, REJUNTADO COM ARGAMASSA TRACO 1:3 (CIMENTO E AREIA), CONSIDERANDO APROVEITAMENTO DO PARALELEPIPEDO","M2",47.06]
[83694,"RECOMPOSICAO DE PAVIMENTACAO TIPO BLOKRET SOBRE COLCHAO DE AREIA COM REAPROVEITAMENTO DE MATERIAL","M2",17.41]
["83695/1","REJUNTAMENTO PAVIMENTACAO PARALELEPIPEDO BETUME CASCALH INCL MATERIAIS","M2",26.47]
[83771,"RECOMPOSICAO DE REVESTIMENTO PRIMARIO MEDIDO P/ VOLUME COMPACTADO","M3",7.69]
[92970,"DEMOLIÇÃO DE PAVIMENTAÇÃO ASFÁLTICA COM UTILIZAÇÃO DE MARTELO PERFURADOR, ESPESSURA ATÉ 15 CM, EXCLUSIVE CARGA E TRANSPORTE","M2",13.77]
[72916,"BASE DE SOLO CIMENTO 2% MISTURA EM USINA, COMPACTACAO 100% PROCTOR INTERMEDIARIO, EXCLUSIVE ESCAVACAO, CARGA E TRANSPORTE DO SOLO","M3",28.35]
[72919,"BASE DE SOLO CIMENTO 4% MISTURA EM USINA, COMPACTACAO 100% PROCTOR NORMAL, EXCLUSIVE ESCAVACAO, CARGA E TRANSPORTE DO SOLO","M3",39.5]
[72922,"BASE DE SOLO CIMENTO 6% COM MISTURA EM USINA, COMPACTACAO 100% PROCTOR NORMAL, EXCLUSIVE ESCAVACAO, CARGA E TRANSPORTE DO SOLO","M3",53.44]
[72923,"BASE DE SOLO - BRITA (40/60), MISTURA EM USINA, COMPACTACAO 100% PROCTOR MODIFICADO, EXCLUSIVE ESCAVACAO, CARGA E TRANSPORTE","M3",63.14]
[72924,"BASE DE SOLO - BRITA (50/50), MISTURA EM USINA, COMPACTACAO 100% PROCTOR MODIFICADO, EXCLUSIVE ESCAVACAO, CARGA E TRANSPORTE","M3",54.29]
[72961,"REGULARIZACAO E COMPACTACAO DE SUBLEITO ATE 20 CM DE ESPESSURA","M2",1.33]
[96387,"EXECUÇÃO E COMPACTAÇÃO DE BASE E OU SUB BASE COM SOLO ESTABILIZADO GRANULOMETRICAMENTE - EXCLUSIVE ESCAVAÇÃO, CARGA E TRANSPORTE E SOLO. AF_09/2017","M3",7.2]
[96388,"EXECUÇÃO E COMPACTAÇÃO DE BASE E OU SUB BASE COM SOLO PREDOMINANTEMENTE ARENOSO - EXCLUSIVE ESCAVAÇÃO, CARGA E TRANSPORTE E SOLO. AF_09/2017","M3",6.8]
[96389,"EXECUÇÃO E COMPACTAÇÃO DE BASE E OU SUB BASE COM SOLO MELHORADO COM CIMENTO (TEOR DE 2%) - EXCLUSIVE ESCAVAÇÃO, CARGA E TRANSPORTE E SOLO. AF_09/2017","M3",28.95]
[96390,"EXECUÇÃO E COMPACTAÇÃO DE BASE E OU SUB BASE COM SOLO MELHORADO COM CIMENTO (TEOR DE 4%) - EXCLUSIVE ESCAVAÇÃO, CARGA E TRANSPORTE E SOLO. AF_09/2017","M3",47.4]
[96391,"EXECUÇÃO E COMPACTAÇÃO DE BASE E OU SUB BASE COM SOLO CIMENTO (TEOR DE CIMENTO IGUAL A 6%) - EXCLUSIVE ESCAVAÇÃO, CARGA E TRANSPORTE E SOLO. AF_09/2017","M3",65.66]
[96392,"EXECUÇÃO E COMPACTAÇÃO DE BASE E OU SUB BASE COM SOLO CIMENTO (TEOR DE CIMENTO IGUAL A 8%) - EXCLUSIVE ESCAVAÇÃO, CARGA E TRANSPORTE E SOLO. AF_09/2017","M3",87.26]
[96396,"EXECUÇÃO E COMPACTAÇÃO DE BASE E OU SUB BASE COM BRITA GRADUADA SIMPLES - EXCLUSIVE CARGA E TRANSPORTE. AF_09/2017","M3",106.92]
[96397,"EXECUÇÃO E COMPACTAÇÃO DE BASE E OU SUB BASE COM BRITA GRADUADA TRATADA COM CIMENTO - EXCLUSIVE CARGA E TRANSPORTE. AF_09/2017","M3",139.9]
[96398,"EXECUÇÃO E COMPACTAÇÃO DE BASE E OU SUB BASE COM CONCRETO COMPACTADO COM ROLO - EXCLUSIVE CARGA E TRANSPORTE. AF_09/2017","M3",152.9]
[96399,"EXECUÇÃO E COMPACTAÇÃO DE BASE E OU SUB BASE COM PEDRA RACHÃO - EXCLUSIVE ESCAVAÇÃO, CARGA E TRANSPORTE. AF_09/2017","M3",87.71]
[96400,"EXECUÇÃO E COMPACTAÇÃO DE BASE E OU SUB BASE COM MACADAME SECO - EXCLUSIVE ESCAVAÇÃO, CARGA E TRANSPORTE. AF_09/2017","M3",96.19]
[96401,"EXECUÇÃO DE IMPRIMAÇÃO COM ASFALTO DILUÍDO CM-30. AF_09/2017","M2",6.31]
[96402,"EXECUÇÃO DE IMPRIMAÇÃO LIGANTE (PINTURA DE LIGAÇÃO) COM EMULSÃO ASFÁLTICA RR-2C. AF_09/2017","M2",1.51]
[72799,"PAVIMENTO EM PARALELEPIPEDO SOBRE COLCHAO DE AREIA REJUNTADO COM ARGAMASSA DE CIMENTO E AREIA NO TRAÇO 1:3 (PEDRAS PEQUENAS 30 A 35 PECAS POR M2)","M2",82.27]
[72942,"PINTURA DE LIGACAO COM EMULSAO RR-1C","M2",1.6]
[72943,"PINTURA DE LIGACAO COM EMULSAO RR-2C","M2",2.02]
[72972,"CONTENCAO LATERAL COM SOLO LOCAL PARA PAVIMENTO POLIEDRICO","M2",1.02]
[72973,"CORTE E PREPARO DE CORDAO DE PEDRA PARA PAVIMENTO POLIEDRICO","M",1.92]
[72974,"CORTE E PREPARO DE PEDRA PARA PAVIMENTO POLIEDRICO","M2",6.42]
[72975,"DESMONTE MANUAL DE PEDRA PARA PAVIMENTO POLIEDRICO","M2",0.72]
[72978,"EXTRACAO, CARGA E ASSENTAMENTO DE CORDAO DE PEDRA PARA PAVIMENTO POLIEDRICO, EXCLUSIVE TRANSPORTE DE PEDRA E INDENIZACAO PEDREIRA","M",6.41]
[72979,"EXTRACAO, CARGA, PREPARO E ASSENTAMENTO DE PEDRAS POLIEDRICAS, EXCLUSIVE TRANSPORTE DE PEDRA E INDENIZACAO PEDREIRA","M2",12.27]
["73760/1","CAPA SELANTE COMPREENDENDO APLICAÇÃO DE ASFALTO NA PROPORÇÃO DE 0,7 A 1,5L / M2, DISTRIBUIÇÃO DE AGREGADOS DE 5 A 15KG/M2 E COMPACTAÇÃO COM ROLO - COM USO DA EMULSAO RR-2C, INCLUSO APLICACAO E COMPACTACAO","M2",4.51]
["73849/1","AREIA ASFALTO A QUENTE (AAUQ) COM CAP 50/70, INCLUSO USINAGEM E APLICACAO, EXCLUSIVE TRANSPORTE","M3",782.06]
["73849/2","AREIA ASFALTO A FRIO (AAUF), COM EMULSAO RR-2C INCLUSO USINAGEM E APLICACAO, EXCLUSIVE TRANSPORTE","M3",666.05]
[92391,"EXECUÇÃO DE PAVIMENTO EM PISO INTERTRAVADO, COM BLOCO PISOGRAMA DE 35 X 25 CM, ESPESSURA 6 CM. AF_12/2015","M2",48.62]
[92392,"EXECUÇÃO DE PAVIMENTO EM PISO INTERTRAVADO, COM BLOCO PISOGRAMA DE 35 X 25 CM, ESPESSURA 8 CM. AF_12/2015","M2",51.14]
[92393,"EXECUÇÃO DE PAVIMENTO EM PISO INTERTRAVADO, COM BLOCO SEXTAVADO DE 25 X 25 CM, ESPESSURA 6 CM. AF_12/2015","M2",44.28]
[92394,"EXECUÇÃO DE PAVIMENTO EM PISO INTERTRAVADO, COM BLOCO SEXTAVADO DE 25 X 25 CM, ESPESSURA 8 CM. AF_12/2015","M2",48.38]
[92395,"EXECUÇÃO DE PAVIMENTO EM PISO INTERTRAVADO, COM BLOCO SEXTAVADO DE 25 X 25 CM, ESPESSURA 10 CM. AF_12/2015","M2",61.91]
[92396,"EXECUÇÃO DE PASSEIO EM PISO INTERTRAVADO, COM BLOCO RETANGULAR COR NATURAL DE 20 X 10 CM, ESPESSURA 6 CM. AF_12/2015","M2",56.7]
[92397,"EXECUÇÃO DE PÁTIO/ESTACIONAMENTO EM PISO INTERTRAVADO, COM BLOCO RETANGULAR COR NATURAL DE 20 X 10 CM, ESPESSURA 6 CM. AF_12/2015","M2",44.23]
[92398,"EXECUÇÃO DE PÁTIO/ESTACIONAMENTO EM PISO INTERTRAVADO, COM BLOCO RETANGULAR COR NATURAL DE 20 X 10 CM, ESPESSURA 8 CM. AF_12/2015","M2",52.81]
[92399,"EXECUÇÃO DE VIA EM PISO INTERTRAVADO, COM BLOCO RETANGULAR COR NATURAL DE 20 X 10 CM, ESPESSURA 8 CM. AF_12/2015","M2",54.05]
[92400,"EXECUÇÃO DE PÁTIO/ESTACIONAMENTO EM PISO INTERTRAVADO, COM BLOCO RETANGULAR DE 20 X 10 CM, ESPESSURA 10 CM. AF_12/2015","M2",62.94]
[92401,"EXECUÇÃO DE VIA EM PISO INTERTRAVADO, COM BLOCO RETANGULAR DE 20 X 10 CM, ESPESSURA 10 CM. AF_12/2015","M2",64.24]
[92402,"EXECUÇÃO DE PASSEIO EM PISO INTERTRAVADO, COM BLOCO 16 FACES DE 22 X 11 CM, ESPESSURA 6 CM. AF_12/2015","M2",56.92]
[92403,"EXECUÇÃO DE PÁTIO/ESTACIONAMENTO EM PISO INTERTRAVADO, COM BLOCO 16 FACES DE 22 X 11 CM, ESPESSURA 6 CM. AF_12/2015","M2",44.43]
[92404,"EXECUÇÃO DE PÁTIO/ESTACIONAMENTO EM PISO INTERTRAVADO, COM BLOCO 16 FACES DE 22 X 11 CM, ESPESSURA 8 CM. AF_12/2015","M2",52.59]
[92405,"EXECUÇÃO DE VIA EM PISO INTERTRAVADO, COM BLOCO 16 FACES DE 22 X 11 CM, ESPESSURA 8 CM. AF_12/2015","M2",53.79]
[92406,"EXECUÇÃO DE PÁTIO/ESTACIONAMENTO EM PISO INTERTRAVADO, COM BLOCO 16 FACES DE 22 X 11 CM, ESPESSURA 10 CM. AF_12/2015","M2",64.66]
[92407,"EXECUÇÃO DE VIA EM PISO INTERTRAVADO, COM BLOCO 16 FACES DE 22 X 11 CM, ESPESSURA 10 CM. AF_12/2015","M2",65.95]
[93679,"EXECUÇÃO DE PASSEIO EM PISO INTERTRAVADO, COM BLOCO RETANGULAR COLORIDO DE 20 X 10 CM, ESPESSURA 6 CM. AF_12/2015","M2",61.24]
[93680,"EXECUÇÃO DE PÁTIO/ESTACIONAMENTO EM PISO INTERTRAVADO, COM BLOCO RETANGULAR COLORIDO DE 20 X 10 CM, ESPESSURA 6 CM. AF_12/2015","M2",48.57]
[93681,"EXECUÇÃO DE PÁTIO/ESTACIONAMENTO EM PISO INTERTRAVADO, COM BLOCO RETANGULAR COLORIDO DE 20 X 10 CM, ESPESSURA 8 CM. AF_12/2015","M2",59.54]
[93682,"EXECUÇÃO DE VIA EM PISO INTERTRAVADO, COM BLOCO RETANGULAR COLORIDO DE 20 X 10 CM, ESPESSURA 8 CM. AF_12/2015","M2",60.85]
[97114,"EXECUÇÃO DE JUNTAS DE CONTRAÇÃO PARA PAVIMENTOS DE CONCRETO. AF_11/2017","M",0.39]
[97115,"APLICAÇÃO DE GRAXA EM BARRAS DE TRANSFERÊNCIA PARA EXECUÇÃO DE PAVIMENTO DE CONCRETO. AF_11/2017","KG",46.57]
[97120,"BARRAS DE LIGAÇÃO, AÇO CA-50 DE 10 MM, PARA EXECUÇÃO DE PAVIMENTO DE CONCRETO \u0096 FORNECIMENTO E INSTALAÇÃO. AF_11/2017","KG",6.36]
[97802,"CONSTRUÇÃO DE PAVIMENTO COM TRATAMENTO SUPERFICIAL SIMPLES, COM EMULSÃO ASFÁLTICA RR-2C. AF_01/2018","M2",4.06]
[97803,"CONSTRUÇÃO DE PAVIMENTO COM TRATAMENTO SUPERFICIAL SIMPLES, COM EMULSÃO ASFÁLTICA RR-2C, COM BANHO DILUÍDO. AF_01/2018","M2",4.91]
[97805,"CONSTRUÇÃO DE PAVIMENTO COM TRATAMENTO SUPERFICIAL DUPLO, COM EMULSÃO ASFÁLTICA RR-2C. AF_01/2018","M2",8.71]
[97806,"CONSTRUÇÃO DE PAVIMENTO COM TRATAMENTO SUPERFICIAL DUPLO, COM EMULSÃO ASFÁLTICA RR-2C, COM BANHO DILUÍDO. AF_01/2018","M2",10.71]
[97807,"CONSTRUÇÃO DE PAVIMENTO COM TRATAMENTO SUPERFICIAL DUPLO, COM EMULSÃO ASFÁLTICA RR-2C, COM CAPA SELANTE. AF_01/2018","M2",12.39]
[97809,"CONSTRUÇÃO DE PAVIMENTO COM TRATAMENTO SUPERFICIAL TRIPLO, COM EMULSÃO ASFÁLTICA RR-2C. AF_01/2018","M2",15.5]
[97810,"CONSTRUÇÃO DE PAVIMENTO COM TRATAMENTO SUPERFICIAL TRIPLO, COM EMULSÃO ASFÁLTICA RR-2C, COM BANHO DILUÍDO. AF_01/2018","M2",17.51]
[97811,"CONSTRUÇÃO DE PAVIMENTO COM TRATAMENTO SUPERFICIAL TRIPLO, COM EMULSÃO ASFÁLTICA RR-2C, COM CAPA SELANTE. AF_01/2018","M2",19.22]
[97813,"RECONSTRUÇÃO DE PAVIMENTO COM TRATAMENTO SUPERFICIAL SIMPLES, COM EMULSÃO ASFÁLTICA RR-2C. AF_01/2018","M2",4.24]
[97814,"RECONSTRUÇÃO DE PAVIMENTO COM TRATAMENTO SUPERFICIAL SIMPLES, COM EMULSÃO ASFÁLTICA RR-2C, COM BANHO DILUÍDO. AF_01/2018","M2",5.09]
[97816,"RECONSTRUÇÃO DE PAVIMENTO COM TRATAMENTO SUPERFICIAL DUPLO, COM EMULSÃO ASFÁLTICA RR-2C. AF_01/2018","M2",9.23]
[97817,"RECONSTRUÇÃO DE PAVIMENTO COM TRATAMENTO SUPERFICIAL DUPLO, COM EMULSÃO ASFÁLTICA RR-2C, COM BANHO DILUÍDO. AF_01/2018","M2",11.23]
[97818,"RECONSTRUÇÃO DE PAVIMENTO COM TRATAMENTO SUPERFICIAL DUPLO, COM EMULSÃO ASFÁLTICA RR-2C, COM CAPA SELANTE. AF_01/2018","M2",13.08]
[97820,"RECONSTRUÇÃO DE PAVIMENTO COM TRATAMENTO SUPERFICIAL TRIPLO, COM EMULSÃO ASFÁLTICA RR-2C. AF_01/2018","M2",16.54]
[97821,"RECONSTRUÇÃO DE PAVIMENTO COM TRATAMENTO SUPERFICIAL TRIPLO, COM EMULSÃO ASFÁLTICA RR-2C, COM BANHO DILUÍDO. AF_01/2018","M2",18.55]
[97822,"RECONSTRUÇÃO DE PAVIMENTO COM TRATAMENTO SUPERFICIAL TRIPLO, COM EMULSÃO ASFÁLTICA RR-2C, COM CAPA SELANTE. AF_01/2018","M2",20.42]
[72947,"SINALIZACAO HORIZONTAL COM TINTA RETRORREFLETIVA A BASE DE RESINA ACRILICA COM MICROESFERAS DE VIDRO","M2",24.45]
[83693,"CAIACAO EM MEIO FIO","M2",3.98]
["73770/1","BARREIRA PRE-MOLDADA EXTERNA CONCRETO ARMADO 0,25X0,40X1,14M FCK=25MPA ACO CA-50 INCL VIGOTA HORIZONTAL MONTANTE A CADA 1,00M  FERROS DE LIGACAO E MATERIAIS.","M",501.22]
["73770/2","BARREIRA DUPLA PRE-MOL INTER CONCRETO ARMADO 0,15X0,65X0,77M FCK=25MPA ACO CA-50 INCL FERROS DE LIGACAO E MATERIAIS.","M",435.74]
["83696/1","PINTURA GUARDA-CORPO GUARDA-RODA E MURETA PROTECAO COM CAL EM PONTES EVIADUTOS MEDIDA PELO DOBRO DA AREA TOTAL (LARGURAXALTURA).","M2",6.37]
[72962,"USINAGEM DE CBUQ COM CAP 50/70, PARA CAPA DE ROLAMENTO","T",271.92]
[72963,"USINAGEM DE CBUQ COM CAP 50/70, PARA BINDER","T",228.55]
["73759/2","PRE-MISTURADO A FRIO COM EMULSAO RL-1C, INCLUSO USINAGEM E APLICACAO, EXCLUSIVE TRANSPORTE","M3",408.82]
[95990,"CONSTRUÇÃO DE PAVIMENTO COM APLICAÇÃO DE CONCRETO BETUMINOSO USINADO A QUENTE (CBUQ), CAMADA DE ROLAMENTO, COM ESPESSURA DE 3,0 CM - EXCLUSIVE TRANSPORTE. AF_03/2017","M3",911.32]
[95992,"CONSTRUÇÃO DE PAVIMENTO COM APLICAÇÃO DE CONCRETO BETUMINOSO USINADO A QUENTE (CBUQ), BINDER, COM ESPESSURA DE 3,0 CM - EXCLUSIVE TRANSPORTE. AF_03/2017","M3",846.77]
[95993,"CONSTRUÇÃO DE PAVIMENTO COM APLICAÇÃO DE CONCRETO BETUMINOSO USINADO A QUENTE (CBUQ), CAMADA DE ROLAMENTO, COM ESPESSURA DE 4,0 CM - EXCLUSIVE TRANSPORTE. AF_03/2017","M3",876.57]
[95994,"CONSTRUÇÃO DE PAVIMENTO COM APLICAÇÃO DE CONCRETO BETUMINOSO USINADO A QUENTE (CBUQ), BINDER, COM ESPESSURA DE 4,0 CM - EXCLUSIVE TRANSPORTE. AF_03/2017","M3",821.75]
[95995,"CONSTRUÇÃO DE PAVIMENTO COM APLICAÇÃO DE CONCRETO BETUMINOSO USINADO A QUENTE (CBUQ), CAMADA DE ROLAMENTO, COM ESPESSURA DE 5,0 CM - EXCLUSIVE TRANSPORTE. AF_03/2017","M3",855.11]
[95996,"CONSTRUÇÃO DE PAVIMENTO COM APLICAÇÃO DE CONCRETO BETUMINOSO USINADO A QUENTE (CBUQ), BINDER, COM ESPESSURA DE 5,0 CM - EXCLUSIVE TRANSPORTE. AF_03/2017","M3",806.3]
[95997,"CONSTRUÇÃO DE PAVIMENTO COM APLICAÇÃO DE CONCRETO BETUMINOSO USINADO A QUENTE (CBUQ), CAMADA DE ROLAMENTO, COM ESPESSURA DE 6,0 CM - EXCLUSIVE TRANSPORTE. AF_03/2017","M3",841.75]
[95998,"CONSTRUÇÃO DE PAVIMENTO COM APLICAÇÃO DE CONCRETO BETUMINOSO USINADO A QUENTE (CBUQ), BINDER, COM ESPESSURA DE 6,0 CM - EXCLUSIVE TRANSPORTE. AF_03/2017","M3",796.7]
[95999,"CONSTRUÇÃO DE PAVIMENTO COM APLICAÇÃO DE CONCRETO BETUMINOSO USINADO A QUENTE (CBUQ), CAMADA DE ROLAMENTO, COM ESPESSURA DE 7,0 CM - EXCLUSIVE TRANSPORTE. AF_03/2017","M3",832.24]
[96000,"CONSTRUÇÃO DE PAVIMENTO COM APLICAÇÃO DE CONCRETO BETUMINOSO USINADO A QUENTE (CBUQ), BINDER, COM ESPESSURA DE 7,0 CM - EXCLUSIVE TRANSPORTE. AF_03/2017","M3",789.86]
[96001,"FRESAGEM DE PAVIMENTO ASFÁLTICO (PROFUNDIDADE 5,0 CM), EM LOCAIS COM NIVEL BAIXO DE INTERFERÊNCIA. AF_03/2017","M2",5.04]
[96002,"FRESAGEM DE PAVIMENTO ASFÁLTICO (PROFUNDIDADE 5,0 CM), EM LOCAIS COM NIVEL ALTO DE INTERFERÊNCIA. AF_03/2017","M2",5.88]
[96393,"USINAGEM DE BRITA GRADUADA SIMPLES, UTILIZANDO BRITA COMERCIAL COM USINA 300 T/H. AF_06/2017","M3",100.51]
[96394,"USINAGEM DE BRITA GRADUADA TRATADA COM CIMENTO, UTILIZANDO BRITA COMERCIAL COM USINA 300 T/H. AF_06/2017","M3",132.71]
[96395,"USINAGEM DE CONCRETO PARA COMPACTAÇÃO COM ROLO, UTILIZANDO BRITA COMERCIAL. AF_06/2017","M3",146.52]
[73445,"CAIACAO INT OU EXT SOBRE REVESTIMENTO LISO C/ADOCAO DE FIXADOR COM    COM DUAS DEMAOS","M2",9.96]
[73446,"PINTURA DE SUPERFICIE C/TINTA GRAFITE","M2",22.15]
["74133/1","EMASSAMENTO COM MASSA A OLEO, UMA DEMAO","M2",18.41]
["74133/2","EMASSAMENTO COM MASSA A OLEO, DUAS DEMAOS","M2",23.01]
[79462,"EMASSAMENTO COM MASSA EPOXI, 2 DEMAOS","M2",57.33]
["79494/1","PINTURA DE QUADRO ESCOLAR COM TINTA ESMALTE ACABAMENTO FOSCO, DUAS DEMAOS SOBRE MASSA ACRILICA","M2",13.41]
[84651,"PINTURA COM TINTA IMPERMEAVEL MINERAL EM PO, DUAS DEMAOS","M2",10.83]
[88411,"APLICAÇÃO MANUAL DE FUNDO SELADOR ACRÍLICO EM PANOS COM PRESENÇA DE VÃOS DE EDIFÍCIOS DE MÚLTIPLOS PAVIMENTOS. AF_06/2014","M2",2.59]
[88412,"APLICAÇÃO MANUAL DE FUNDO SELADOR ACRÍLICO EM PANOS CEGOS DE FACHADA (SEM PRESENÇA DE VÃOS) DE EDIFÍCIOS DE MÚLTIPLOS PAVIMENTOS. AF_06/2014","M2",1.94]
[88413,"APLICAÇÃO MANUAL DE FUNDO SELADOR ACRÍLICO EM SUPERFÍCIES EXTERNAS DE SACADA DE EDIFÍCIOS DE MÚLTIPLOS PAVIMENTOS. AF_06/2014","M2",3.88]
[88414,"APLICAÇÃO MANUAL DE FUNDO SELADOR ACRÍLICO EM SUPERFÍCIES INTERNAS DA SACADA DE EDIFÍCIOS DE MÚLTIPLOS PAVIMENTOS. AF_06/2014","M2",4.29]
[88415,"APLICAÇÃO MANUAL DE FUNDO SELADOR ACRÍLICO EM PAREDES EXTERNAS DE CASAS. AF_06/2014","M2",2.79]
[88416,"APLICAÇÃO MANUAL DE PINTURA COM TINTA TEXTURIZADA ACRÍLICA EM PANOS COM PRESENÇA DE VÃOS DE EDIFÍCIOS DE MÚLTIPLOS PAVIMENTOS, UMA COR. AF_06/2014","M2",15.54]
[88417,"APLICAÇÃO MANUAL DE PINTURA COM TINTA TEXTURIZADA ACRÍLICA EM PANOS CEGOS DE FACHADA (SEM PRESENÇA DE VÃOS) DE EDIFÍCIOS DE MÚLTIPLOS PAVIMENTOS, UMA COR. AF_06/2014","M2",13.26]
[88420,"APLICAÇÃO MANUAL DE PINTURA COM TINTA TEXTURIZADA ACRÍLICA EM SUPERFÍCIES EXTERNAS DE SACADA DE EDIFÍCIOS DE MÚLTIPLOS PAVIMENTOS, UMA COR. AF_06/2014","M2",20.14]
[88421,"APLICAÇÃO MANUAL DE PINTURA COM TINTA TEXTURIZADA ACRÍLICA EM SUPERFÍCIES INTERNAS DA SACADA DE EDIFÍCIOS DE MÚLTIPLOS PAVIMENTOS, UMA COR. AF_06/2014","M2",21.59]
[88423,"APLICAÇÃO MANUAL DE PINTURA COM TINTA TEXTURIZADA ACRÍLICA EM PAREDES EXTERNAS DE CASAS, UMA COR. AF_06/2014","M2",16.25]
[88424,"APLICAÇÃO MANUAL DE PINTURA COM TINTA TEXTURIZADA ACRÍLICA EM PANOS COM PRESENÇA DE VÃOS DE EDIFÍCIOS DE MÚLTIPLOS PAVIMENTOS, DUAS CORES. AF_06/2014","M2",18.67]
[88426,"APLICAÇÃO MANUAL DE PINTURA COM TINTA TEXTURIZADA ACRÍLICA EM PANOS CEGOS DE FACHADA (SEM PRESENÇA DE VÃOS) DE EDIFÍCIOS DE MÚLTIPLOS PAVIMENTOS, DUAS CORES. AF_06/2014","M2",14.73]
[88428,"APLICAÇÃO MANUAL DE PINTURA COM TINTA TEXTURIZADA ACRÍLICA EM SUPERFÍCIES EXTERNAS DE SACADA DE EDIFÍCIOS DE MÚLTIPLOS PAVIMENTOS, DUAS CORES. AF_06/2014","M2",26.58]
[88429,"APLICAÇÃO MANUAL DE PINTURA COM TINTA TEXTURIZADA ACRÍLICA EM SUPERFÍCIES INTERNAS DA SACADA DE EDIFÍCIOS DE MÚLTIPLOS PAVIMENTOS, DUAS CORES. AF_06/2014","M2",29.1]
[88431,"APLICAÇÃO MANUAL DE PINTURA COM TINTA TEXTURIZADA ACRÍLICA EM PAREDES EXTERNAS DE CASAS, DUAS CORES. AF_06/2014","M2",19.91]
[88432,"APLICAÇÃO MANUAL DE PINTURA COM TINTA TEXTURIZADA ACRÍLICA EM MOLDURAS DE EPS, PRÉ-FABRICADOS, OU OUTROS. AF_06/2014","M2",15.24]
[88482,"APLICAÇÃO DE FUNDO SELADOR LÁTEX PVA EM TETO, UMA DEMÃO. AF_06/2014","M2",3.46]
[88483,"APLICAÇÃO DE FUNDO SELADOR LÁTEX PVA EM PAREDES, UMA DEMÃO. AF_06/2014","M2",3.18]
[88484,"APLICAÇÃO DE FUNDO SELADOR ACRÍLICO EM TETO, UMA DEMÃO. AF_06/2014","M2",2.82]
[88485,"APLICAÇÃO DE FUNDO SELADOR ACRÍLICO EM PAREDES, UMA DEMÃO. AF_06/2014","M2",2.43]
[88486,"APLICAÇÃO MANUAL DE PINTURA COM TINTA LÁTEX PVA EM TETO, DUAS DEMÃOS. AF_06/2014","M2",10.6]
[88487,"APLICAÇÃO MANUAL DE PINTURA COM TINTA LÁTEX PVA EM PAREDES, DUAS DEMÃOS. AF_06/2014","M2",9.38]
[88488,"APLICAÇÃO MANUAL DE PINTURA COM TINTA LÁTEX ACRÍLICA EM TETO, DUAS DEMÃOS. AF_06/2014","M2",13.73]
[88489,"APLICAÇÃO MANUAL DE PINTURA COM TINTA LÁTEX ACRÍLICA EM PAREDES, DUAS DEMÃOS. AF_06/2014","M2",11.98]
[88490,"APLICAÇÃO MECÂNICA DE PINTURA COM TINTA LÁTEX PVA EM TETO, DUAS DEMÃOS. AF_06/2014","M2",7.28]
[88491,"APLICAÇÃO MECÂNICA DE PINTURA COM TINTA LÁTEX PVA EM PAREDES, DUAS DEMÃOS. AF_06/2014","M2",7]
[88492,"APLICAÇÃO MECÂNICA DE PINTURA COM TINTA LÁTEX ACRÍLICA EM TETO, DUAS DEMÃOS. AF_06/2014","M2",8.79]
[88493,"APLICAÇÃO MECÂNICA DE PINTURA COM TINTA LÁTEX ACRÍLICA EM PAREDES, DUAS DEMÃOS. AF_06/2014","M2",8.36]
[88494,"APLICAÇÃO E LIXAMENTO DE MASSA LÁTEX EM TETO, UMA DEMÃO. AF_06/2014","M2",18.21]
[88495,"APLICAÇÃO E LIXAMENTO DE MASSA LÁTEX EM PAREDES, UMA DEMÃO. AF_06/2014","M2",9.83]
[88496,"APLICAÇÃO E LIXAMENTO DE MASSA LÁTEX EM TETO, DUAS DEMÃOS. AF_06/2014","M2",24.69]
[88497,"APLICAÇÃO E LIXAMENTO DE MASSA LÁTEX EM PAREDES, DUAS DEMÃOS. AF_06/2014","M2",13.51]
[95305,"TEXTURA ACRÍLICA, APLICAÇÃO MANUAL EM PAREDE, UMA DEMÃO. AF_09/2016","M2",12.39]
[95306,"TEXTURA ACRÍLICA, APLICAÇÃO MANUAL EM TETO, UMA DEMÃO. AF_09/2016","M2",14.61]
[95622,"APLICAÇÃO MANUAL DE TINTA LÁTEX ACRÍLICA EM PANOS COM PRESENÇA DE VÃOS DE EDIFÍCIOS DE MÚLTIPLOS PAVIMENTOS, DUAS DEMÃOS. AF_11/2016","M2",12.62]
[95623,"APLICAÇÃO MANUAL DE TINTA LÁTEX ACRÍLICA EM PANOS SEM PRESENÇA DE VÃOS DE EDIFÍCIOS DE MÚLTIPLOS PAVIMENTOS, DUAS DEMÃOS. AF_11/2016","M2",9.51]
[95624,"APLICAÇÃO MANUAL DE TINTA LÁTEX ACRÍLICA EM SUPERFÍCIES EXTERNAS DE SACADA DE EDIFÍCIOS DE MÚLTIPLOS PAVIMENTOS, DUAS DEMÃOS. AF_11/2016","M2",18.94]
[95625,"APLICAÇÃO MANUAL DE TINTA LÁTEX ACRÍLICA EM SUPERFÍCIES INTERNAS DE SACADA DE EDIFÍCIOS DE MÚLTIPLOS PAVIMENTOS, DUAS DEMÃOS. AF_11/2016","M2",20.95]
[95626,"APLICAÇÃO MANUAL DE TINTA LÁTEX ACRÍLICA EM PAREDE EXTERNAS DE CASAS, DUAS DEMÃOS. AF_11/2016","M2",13.63]
[96126,"APLICAÇÃO MANUAL DE MASSA ACRÍLICA EM PANOS DE FACHADA COM PRESENÇA DE VÃOS, DE EDIFÍCIOS DE MÚLTIPLOS PAVIMENTOS, UMA DEMÃO. AF_05/2017","M2",16.24]
[96127,"APLICAÇÃO MANUAL DE MASSA ACRÍLICA EM PANOS DE FACHADA SEM PRESENÇA DE VÃOS, DE EDIFÍCIOS DE MÚLTIPLOS PAVIMENTOS, UMA DEMÃO. AF_05/2017","M2",12.36]
[96128,"APLICAÇÃO MANUAL DE MASSA ACRÍLICA EM SUPERFÍCIES EXTERNAS DE SACADA DE EDIFÍCIOS DE MÚLTIPLOS PAVIMENTOS, UMA DEMÃO. AF_05/2017","M2",24.11]
[96129,"APLICAÇÃO MANUAL DE MASSA ACRÍLICA EM SUPERFÍCIES INTERNAS DE SACADA DE EDIFÍCIOS DE MÚLTIPLOS PAVIMENTOS, UMA DEMÃO. AF_05/2017","M2",26.62]
[96130,"APLICAÇÃO MANUAL DE MASSA ACRÍLICA EM PAREDES EXTERNAS DE CASAS, UMA DEMÃO. AF_05/2017","M2",17.47]
[96131,"APLICAÇÃO MANUAL DE MASSA ACRÍLICA EM PANOS DE FACHADA COM PRESENÇA DE VÃOS, DE EDIFÍCIOS DE MÚLTIPLOS PAVIMENTOS, DUAS DEMÃOS. AF_05/2017","M2",22.43]
[96132,"APLICAÇÃO MANUAL DE MASSA ACRÍLICA EM PANOS DE FACHADA SEM PRESENÇA DE VÃOS, DE EDIFÍCIOS DE MÚLTIPLOS PAVIMENTOS, DUAS DEMÃOS. AF_05/2017","M2",17.25]
[96133,"APLICAÇÃO MANUAL DE MASSA ACRÍLICA EM SUPERFÍCIES EXTERNAS DE SACADA DE EDIFÍCIOS DE MÚLTIPLOS PAVIMENTOS, DUAS DEMÃOS. AF_05/2017","M2",32.9]
[96134,"APLICAÇÃO MANUAL DE MASSA ACRÍLICA EM SUPERFÍCIES INTERNAS DE SACADA DE EDIFÍCIOS DE MÚLTIPLOS PAVIMENTOS, DUAS DEMÃOS. AF_05/2017","M2",36.22]
[96135,"APLICAÇÃO MANUAL DE MASSA ACRÍLICA EM PAREDES EXTERNAS DE CASAS, DUAS DEMÃOS. AF_05/2017","M2",24.08]
[79460,"PINTURA EPOXI, DUAS DEMAOS","M2",47.98]
[79465,"PINTURA COM TINTA A BASE DE BORRACHA CLORADA, 2 DEMAOS","M2",42.33]
["79514/1","PINTURA EPOXI, TRES DEMAOS","M2",66.97]
[84647,"PINTURA EPOXI INCLUSO EMASSAMENTO E FUNDO PREPARADOR","M2",150.7]
[84656,"TRATAMENTO EM  CONCRETO COM ESTUQUE E LIXAMENTO","M2",37.75]
[6082,"PINTURA EM VERNIZ SINTETICO BRILHANTE EM MADEIRA, TRES DEMAOS","M2",18.61]
[40905,"VERNIZ SINTETICO EM MADEIRA, DUAS DEMAOS","M2",23.02]
["73739/1","PINTURA ESMALTE ACETINADO EM MADEIRA, DUAS DEMAOS","M2",18.51]
["74065/1","PINTURA ESMALTE FOSCO PARA MADEIRA, DUAS DEMAOS, SOBRE FUNDO NIVELADOR BRANCO","M2",26.14]
["74065/2","PINTURA ESMALTE ACETINADO PARA MADEIRA, DUAS DEMAOS, SOBRE FUNDO NIVELADOR BRANCO","M2",25.71]
["74065/3","PINTURA ESMALTE BRILHANTE PARA MADEIRA, DUAS DEMAOS, SOBRE FUNDO NIVELADOR BRANCO","M2",25.58]
[79463,"PINTURA A OLEO, 1 DEMAO","M2",15.84]
[79464,"PINTURA A OLEO, 2 DEMAOS","M2",21.13]
[79466,"PINTURA COM VERNIZ POLIURETANO, 2 DEMAOS","M2",19.79]
["79497/1","PINTURA A OLEO, 3 DEMAOS","M2",26.14]
[84645,"VERNIZ SINTETICO BRILHANTE, 2 DEMAOS","M2",19.55]
[84657,"FUNDO SINTETICO NIVELADOR BRANCO","M2",10.55]
[84659,"PINTURA ESMALTE FOSCO EM MADEIRA, DUAS DEMAOS","M2",17.23]
[84679,"PINTURA IMUNIZANTE PARA MADEIRA, DUAS DEMAOS","M2",20.36]
[95464,"PINTURA VERNIZ POLIURETANO BRILHANTE EM MADEIRA, TRES DEMAOS","M2",23.11]
[73656,"JATEAMENTO COM AREIA EM ESTRUTURA METALICA","M2",16.11]
["73794/1","PINTURA COM TINTA PROTETORA ACABAMENTO GRAFITE ESMALTE SOBRE SUPERFICIE METALICA, 2 DEMAOS","M2",39.38]
["73865/1","FUNDO PREPARADOR PRIMER A BASE DE EPOXI, PARA ESTRUTURA METALICA, UMA DEMAO, ESPESSURA DE 25 MICRA.","M2",9.84]
["73924/1","PINTURA ESMALTE ALTO BRILHO, DUAS DEMAOS, SOBRE SUPERFICIE METALICA","M2",28.38]
["73924/2","PINTURA ESMALTE ACETINADO, DUAS DEMAOS, SOBRE SUPERFICIE METALICA","M2",28.51]
["73924/3","PINTURA ESMALTE FOSCO, DUAS DEMAOS, SOBRE SUPERFICIE METALICA","M2",28.94]
["74064/1","FUNDO ANTICORROSIVO A BASE DE OXIDO DE FERRO (ZARCAO), DUAS DEMAOS","M2",21.86]
["74064/2","FUNDO ANTICORROSIVO A BASE DE OXIDO DE FERRO (ZARCAO), UMA DEMAO","M2",14.27]
["74145/1","PINTURA ESMALTE FOSCO, DUAS DEMAOS, SOBRE SUPERFICIE METALICA, INCLUSO UMA DEMAO DE FUNDO ANTICORROSIVO. UTILIZACAO DE REVOLVER ( AR-COMPRIMIDO).","M2",19.01]
["79498/1","PINTURA A OLEO BRILHANTE SOBRE SUPERFICIE METALICA, UMA DEMAO INCLUSO UMA DEMAO DE FUNDO ANTICORROSIVO","M2",17.82]
["79499/1","PINTURA POSTE RETO DE ACO 3,5 A 6M C/1 DEMAO D/TINTA GRAFITE C/PROPRIEDADES DE PRIMER E ACABAMENTO - OBS: C/ALTO TEOR DE ZARCAO","UN",22.81]
["79515/1","PINTURA COM TINTA PROTETORA ACABAMENTO ALUMINIO, TRES DEMAOS","M2",36.45]
[84660,"FUNDO PREPARADOR PRIMER SINTETICO, PARA ESTRUTURA METALICA, UMA DEMÃO, ESPESSURA DE 25 MICRA","M2",7.01]
[84661,"PINTURA COM TINTA PROTETORA ACABAMENTO ALUMINIO, UMA DEMAO SOBRE SUPERFCIE METALICA","M2",18.36]
[84662,"PINTURA COM TINTA PROTETORA ACABAMENTO ALUMINIO, DUAS DEMAOS SOBRE SUPERFICIE METALICA","M2",29.09]
[95468,"PINTURA ESMALTE BRILHANTE (2 DEMAOS) SOBRE SUPERFICIE METALICA, INCLUSIVE PROTECAO COM ZARCAO (1 DEMAO)","M2",42.8]
[41595,"PINTURA ACRILICA DE FAIXAS DE DEMARCACAO EM QUADRA POLIESPORTIVA, 5 CM DE LARGURA","M",12.52]
["73978/1","PINTURA HIDROFUGANTE COM SILICONE SOBRE PISO CIMENTADO, UMA DEMAO","M2",18.86]
["74245/1","PINTURA ACRILICA EM PISO CIMENTADO DUAS DEMAOS","M2",15.3]
[79467,"PINTURA COM TINTA A BASE DE BORRACHA CLORADA , DE FAIXAS DE DEMARCACAO, EM QUADRA POLIESPORTIVA, 5 CM DE LARGURA.","ML",14.92]
["79500/2","PINTURA ACRILICA EM PISO CIMENTADO, TRES DEMAOS","M2",21.23]
[84663,"APLICACAO DE VERNIZ POLIURETANO FOSCO SOBRE PISO DE PEDRAS DECORATIVAS, 3 DEMAOS","M2",23.34]
[84665,"PINTURA ACRILICA PARA SINALIZAÇÃO HORIZONTAL EM PISO CIMENTADO","M2",23.27]
[84666,"POLIMENTO E ENCERAMENTO DE PISO EM MADEIRA","M2",24.1]
[75889,"PINTURA PARA TELHAS DE ALUMINIO COM TINTA ESMALTE AUTOMOTIVA","M2",20.84]
[72191,"RECOLOCACAO DE TACOS DE MADEIRA COM REAPROVEITAMENTO DE MATERIAL E ASSENTAMENTO COM ARGAMASSA 1:4 (CIMENTO E AREIA)","M2",89.55]
[72192,"RECOLOCACAO DE PISO DE TABUAS DE MADEIRA, CONSIDERANDO REAPROVEITAMENTO DO MATERIAL, EXCLUSIVE VIGAMENTO","M2",24.9]
[72193,"RECOLOCACAO DE PISO DE TABUAS DE MADEIRA, CONSIDERANDO REAPROVEITAMENTO DO MATERIAL, INCLUSIVE VIGAMENTO","M2",69.38]
[73655,"PISO EM TABUA CORRIDA DE MADEIRA ESPESSURA 2,5CM FIXADO EM PECAS DE MADEIRA E ASSENTADO EM ARGAMASSA TRACO 1:4 (CIMENTO/AREIA)","M2",182.39]
["73734/1","PISO EM TACO DE MADEIRA 7X21CM, ASSENTADO COM ARGAMASSA TRACO 1:4 (CIMENTO E AREIA MEDIA)","M2",143.64]
[84181,"PISO EM TACO DE MADEIRA 7X21CM, FIXADO COM COLA BASE DE PVA","M2",112.61]
[87246,"REVESTIMENTO CERÂMICO PARA PISO COM PLACAS TIPO ESMALTADA EXTRA DE DIMENSÕES 35X35 CM APLICADA EM AMBIENTES DE ÁREA MENOR QUE 5 M2. AF_06/2014","M2",42.82]
[87247,"REVESTIMENTO CERÂMICO PARA PISO COM PLACAS TIPO ESMALTADA EXTRA DE DIMENSÕES 35X35 CM APLICADA EM AMBIENTES DE ÁREA ENTRE 5 M2 E 10 M2. AF_06/2014","M2",35.98]
[87248,"REVESTIMENTO CERÂMICO PARA PISO COM PLACAS TIPO ESMALTADA EXTRA DE DIMENSÕES 35X35 CM APLICADA EM AMBIENTES DE ÁREA MAIOR QUE 10 M2. AF_06/2014","M2",30.19]
[87249,"REVESTIMENTO CERÂMICO PARA PISO COM PLACAS TIPO ESMALTADA EXTRA DE DIMENSÕES 45X45 CM APLICADA EM AMBIENTES DE ÁREA MENOR QUE 5 M2. AF_06/2014","M2",49.2]
[87250,"REVESTIMENTO CERÂMICO PARA PISO COM PLACAS TIPO ESMALTADA EXTRA DE DIMENSÕES 45X45 CM APLICADA EM AMBIENTES DE ÁREA ENTRE 5 M2 E 10 M2. AF_06/2014","M2",38.37]
[87251,"REVESTIMENTO CERÂMICO PARA PISO COM PLACAS TIPO ESMALTADA EXTRA DE DIMENSÕES 45X45 CM APLICADA EM AMBIENTES DE ÁREA MAIOR QUE 10 M2. AF_06/2014","M2",31.2]
[87255,"REVESTIMENTO CERÂMICO PARA PISO COM PLACAS TIPO ESMALTADA EXTRA DE DIMENSÕES 60X60 CM APLICADA EM AMBIENTES DE ÁREA MENOR QUE 5 M2. AF_06/2014","M2",73.72]
[87256,"REVESTIMENTO CERÂMICO PARA PISO COM PLACAS TIPO ESMALTADA EXTRA DE DIMENSÕES 60X60 CM APLICADA EM AMBIENTES DE ÁREA ENTRE 5 M2 E 10 M2. AF_06/2014","M2",61.26]
[87257,"REVESTIMENTO CERÂMICO PARA PISO COM PLACAS TIPO ESMALTADA EXTRA DE DIMENSÕES 60X60 CM APLICADA EM AMBIENTES DE ÁREA MAIOR QUE 10 M2. AF_06/2014","M2",52.95]
[87258,"REVESTIMENTO CERÂMICO PARA PISO COM PLACAS TIPO PORCELANATO DE DIMENSÕES 45X45 CM APLICADA EM AMBIENTES DE ÁREA MENOR QUE 5 M². AF_06/2014","M2",95.48]
[87259,"REVESTIMENTO CERÂMICO PARA PISO COM PLACAS TIPO PORCELANATO DE DIMENSÕES 45X45 CM APLICADA EM AMBIENTES DE ÁREA ENTRE 5 M² E 10 M². AF_06/2014","M2",83.72]
[87260,"REVESTIMENTO CERÂMICO PARA PISO COM PLACAS TIPO PORCELANATO DE DIMENSÕES 45X45 CM APLICADA EM AMBIENTES DE ÁREA MAIOR QUE 10 M². AF_06/2014","M2",76.51]
[87261,"REVESTIMENTO CERÂMICO PARA PISO COM PLACAS TIPO PORCELANATO DE DIMENSÕES 60X60 CM APLICADA EM AMBIENTES DE ÁREA MENOR QUE 5 M². AF_06/2014","M2",108.79]
[87262,"REVESTIMENTO CERÂMICO PARA PISO COM PLACAS TIPO PORCELANATO DE DIMENSÕES 60X60 CM APLICADA EM AMBIENTES DE ÁREA ENTRE 5 M² E 10 M². AF_06/2014","M2",95.55]
[87263,"REVESTIMENTO CERÂMICO PARA PISO COM PLACAS TIPO PORCELANATO DE DIMENSÕES 60X60 CM APLICADA EM AMBIENTES DE ÁREA MAIOR QUE 10 M². AF_06/2014","M2",87.03]
[89046,"(COMPOSIÇÃO REPRESENTATIVA) DO SERVIÇO DE REVESTIMENTO CERÂMICO PARA PISO COM PLACAS TIPO GRÉS DE DIMENSÕES 35X35 CM, PARA EDIFICAÇÃO HABITACIONAL MULTIFAMILIAR (PRÉDIO). AF_11/2014","M2",35.6]
[89171,"(COMPOSIÇÃO REPRESENTATIVA) DO SERVIÇO DE REVESTIMENTO CERÂMICO PARA PISO COM PLACAS TIPO GRÉS DE DIMENSÕES 35X35 CM, PARA EDIFICAÇÃO HABITACIONAL UNIFAMILIAR (CASA) E EDIFICAÇÃO PÚBLICA PADRÃO. AF_11/2014","M2",32.81]
[93389,"REVESTIMENTO CERÂMICO PARA PISO COM PLACAS TIPO ESMALTADA PADRÃO POPULAR DE DIMENSÕES 35X35 CM APLICADA EM AMBIENTES DE ÁREA MENOR QUE 5 M2. AF_06/2014","M2",39.7]
[93390,"REVESTIMENTO CERÂMICO PARA PISO COM PLACAS TIPO ESMALTADA PADRÃO POPULAR DE DIMENSÕES 35X35 CM APLICADA EM AMBIENTES DE ÁREA ENTRE 5 M2 E 10 M2. AF_06/2014","M2",32.92]
[93391,"REVESTIMENTO CERÂMICO PARA PISO COM PLACAS TIPO ESMALTADA PADRÃO POPULAR DE DIMENSÕES 35X35 CM APLICADA EM AMBIENTES DE ÁREA MAIOR QUE 10 M2. AF_06/2014","M2",27.13]
["73743/1","PISO EM PEDRA SÃO TOME ASSENTADO SOBRE ARGAMASSA 1:3 (CIMENTO E AREIA) REJUNTADO COM CIMENTO BRANCO","M2",149.71]
["73921/2","PISO EM PEDRA ARDOSIA ASSENTADO SOBRE ARGAMASSA COLANTE REJUNTADO COM CIMENTO COMUM","M2",33.83]
[84183,"PISO EM PEDRA PORTUGUESA ASSENTADO SOBRE BASE DE AREIA, REJUNTADO COM CIMENTO COMUM","M2",115.72]
[98670,"PISO EM LADRILHO HIDRÁULICO APLICADO EM AMBIENTES INTERNOS, INCLUSO APLICAÇÃO DE RESINA. AF_06/2018","M2",141.24]
[98671,"PISO EM GRANITO APLICADO EM AMBIENTES INTERNOS. AF_06/2018","M2",344.84]
[98672,"PISO EM MÁRMORE APLICADO EM AMBIENTES INTERNOS. AF_06/2018","M2",340.69]
[98673,"PISO VINÍLICO SEMI-FLEXÍVEL EM PLACAS, PADRÃO LISO, ESPESSURA 3,2 MM, FIXADO COM COLA. AF_06/2018","M2",145.21]
[98679,"PISO CIMENTADO, TRAÇO 1:3 (CIMENTO E AREIA), ACABAMENTO LISO, ESPESSURA 2,0 CM, PREPARO MECÂNICO DA ARGAMASSA. AF_06/2018","M2",26.37]
[98680,"PISO CIMENTADO, TRAÇO 1:3 (CIMENTO E AREIA), ACABAMENTO LISO, ESPESSURA 3,0 CM, PREPARO MECÂNICO DA ARGAMASSA. AF_06/2018","M2",32.52]
[98681,"PISO CIMENTADO, TRAÇO 1:3 (CIMENTO E AREIA), ACABAMENTO RÚSTICO, ESPESSURA 2,0 CM, PREPARO MECÂNICO DA ARGAMASSA. AF_06/2018","M2",24.27]
[98682,"PISO CIMENTADO, TRAÇO 1:3 (CIMENTO E AREIA), ACABAMENTO RÚSTICO, ESPESSURA 3,0 CM, PREPARO MECÂNICO DA ARGAMASSA. AF_06/2018","M2",30.42]
[98685,"RODAPÉ EM GRANITO, ALTURA 10 CM. AF_06/2018","M",62.99]
[98686,"RODAPÉ EM LADRILHO HIDRÁULICO, ALTURA 7 CM. AF_06/2018","M",36.22]
[98688,"RODAPÉ EM POLIESTIRENO, ALTURA 5 CM. AF_06/2018","M",42.6]
[98689,"SOLEIRA EM GRANITO, LARGURA 15 CM, ESPESSURA 2,0 CM. AF_06/2018","M",89.77]
[72187,"PISO DE BORRACHA FRISADO, ESPESSURA 7MM, ASSENTADO COM ARGAMASSA TRACO 1:3 (CIMENTO E AREIA)","M2",188.54]
[72188,"PISO DE BORRACHA PASTILHADO, ESPESSURA 7MM, ASSENTADO COM ARGAMASSA TRACO 1:3 (CIMENTO E AREIA)","M2",188.54]
["73876/1","PISO DE BORRACHA PASTILHADO, ESPESSURA 7MM, FIXADO COM COLA","M2",172.63]
[84186,"PISO DE BORRACHA CANELADA, ESPESSURA 3,5MM, FIXADO COM COLA","M2",76.58]
[84187,"ASSENTAMENTO DE PISO DE BORRACHA PASTILHADA FIXADO COM COLA","M2",17.36]
[72136,"PISO INDUSTRIAL DE ALTA RESISTENCIA, ESPESSURA 8MM, INCLUSO JUNTAS DE DILATACAO PLASTICAS E POLIMENTO MECANIZADO","M2",91.12]
[72137,"PISO INDUSTRIAL ALTA RESISTENCIA, ESPESSURA 12MM, INCLUSO JUNTAS DE DILATACAO PLASTICAS E POLIMENTO MECANIZADO","M2",106.5]
[72815,"APLICACAO DE TINTA A BASE DE EPOXI SOBRE PISO","M2",54.35]
[84191,"PISO EM GRANILITE, MARMORITE OU GRANITINA ESPESSURA 8 MM, INCLUSO JUNTAS DE DILATACAO PLASTICAS","M2",100.85]
["74111/1","SOLEIRA / TABEIRA EM MARMORE BRANCO COMUM, POLIDO, LARGURA 5 CM, ESPESSURA 2 CM, ASSENTADA COM ARGAMASSA COLANTE","M",29.93]
[98695,"SOLEIRA EM MÁRMORE, LARGURA 15 CM, ESPESSURA 2,0 CM. AF_06/2018","M",63.4]
[98697,"RODAPÉ EM MÁRMORE, ALTURA 7 CM. AF_06/2018","M",41.42]
["73886/1","RODAPE EM MADEIRA, ALTURA 7CM, FIXADO EM PECAS DE MADEIRA","M",15.4]
[84162,"RODAPE EM MADEIRA, ALTURA 7CM, FIXADO COM COLA","M",16]
[88648,"RODAPÉ CERÂMICO DE 7CM DE ALTURA COM PLACAS TIPO ESMALTADA EXTRA  DE DIMENSÕES 35X35CM. AF_06/2014","M",5.02]
[88649,"RODAPÉ CERÂMICO DE 7CM DE ALTURA COM PLACAS TIPO ESMALTADA EXTRA DE DIMENSÕES 45X45CM. AF_06/2014","M",5.58]
[88650,"RODAPÉ CERÂMICO DE 7CM DE ALTURA COM PLACAS TIPO ESMALTADA EXTRA DE DIMENSÕES 60X60CM. AF_06/2014","M",9.81]
[96467,"RODAPÉ CERÂMICO DE 7CM DE ALTURA COM PLACAS TIPO ESMALTADA COMERCIAL DE DIMENSÕES 35X35CM (PADRAO POPULAR). AF_06/2017","M",4.66]
["73850/1","RODAPE EM MARMORITE, ALTURA 10CM","M",28.01]
[84168,"RODAPE EM ARDOSIA ASSENTADO COM ARGAMASSA TRACO 1:4 (CIMENTO E AREIA) ALTURA 10CM","M",16.58]
[68325,"PISO EM CONCRETO 20 MPA PREPARO MECANICO, ESPESSURA 7CM, INCLUSO SELANTE ELASTICO A BASE DE POLIURETANO","M2",46.11]
[68333,"PISO EM CONCRETO 20 MPA PREPARO MECANICO, ESPESSURA 7CM, INCLUSO JUNTAS DE DILATACAO EM MADEIRA","M2",47.81]
[72183,"PISO EM CONCRETO 20MPA PREPARO MECANICO, ESPESSURA 7 CM, COM ARMACAO EM TELA SOLDADA","M2",81.43]
[84175,"JUNTA 5X5CM COM ARGAMASSA TRACO 1:3 (CIMENTO E AREIA) PARA PISO EM PLACAS","M",14.06]
[84176,"JUNTA 2,5X2,5CM COM ARGAMASSA 1:1:3 IMPERMEABILIZANTE DE HIDRO-ASFALTO CIMENTO E AREIA PARA PISO EM PLACAS","M",25.01]
[94990,"EXECUÇÃO DE PASSEIO (CALÇADA) OU PISO DE CONCRETO COM CONCRETO MOLDADO IN LOCO, FEITO EM OBRA, ACABAMENTO CONVENCIONAL, NÃO ARMADO. AF_07/2016","M3",559.16]
[94991,"EXECUÇÃO DE PASSEIO (CALÇADA) OU PISO DE CONCRETO COM CONCRETO MOLDADO IN LOCO, USINADO, ACABAMENTO CONVENCIONAL, NÃO ARMADO. AF_07/2016","M3",434.11]
[94992,"EXECUÇÃO DE PASSEIO (CALÇADA) OU PISO DE CONCRETO COM CONCRETO MOLDADO IN LOCO, FEITO EM OBRA, ACABAMENTO CONVENCIONAL, ESPESSURA 6 CM, ARMADO. AF_07/2016","M2",57.19]
[94993,"EXECUÇÃO DE PASSEIO (CALÇADA) OU PISO DE CONCRETO COM CONCRETO MOLDADO IN LOCO, USINADO, ACABAMENTO CONVENCIONAL, ESPESSURA 6 CM, ARMADO. AF_07/2016","M2",49.69]
[94994,"EXECUÇÃO DE PASSEIO (CALÇADA) OU PISO DE CONCRETO COM CONCRETO MOLDADO IN LOCO, FEITO EM OBRA, ACABAMENTO CONVENCIONAL, ESPESSURA 8 CM, ARMADO. AF_07/2016","M2",70.05]
[94995,"EXECUÇÃO DE PASSEIO (CALÇADA) OU PISO DE CONCRETO COM CONCRETO MOLDADO IN LOCO, USINADO, ACABAMENTO CONVENCIONAL, ESPESSURA 8 CM, ARMADO. AF_07/2016","M2",60.05]
[94996,"EXECUÇÃO DE PASSEIO (CALÇADA) OU PISO DE CONCRETO COM CONCRETO MOLDADO IN LOCO, FEITO EM OBRA, ACABAMENTO CONVENCIONAL, ESPESSURA 10 CM, ARMADO. AF_07/2016","M2",81.49]
[94997,"EXECUÇÃO DE PASSEIO (CALÇADA) OU PISO DE CONCRETO COM CONCRETO MOLDADO IN LOCO, USINADO, ACABAMENTO CONVENCIONAL, ESPESSURA 10 CM, ARMADO. AF_07/2016","M2",68.99]
[94998,"EXECUÇÃO DE PASSEIO (CALÇADA) OU PISO DE CONCRETO COM CONCRETO MOLDADO IN LOCO, FEITO EM OBRA, ACABAMENTO CONVENCIONAL, ESPESSURA 12 CM, ARMADO. AF_07/2016","M2",92.62]
[94999,"EXECUÇÃO DE PASSEIO (CALÇADA) OU PISO DE CONCRETO COM CONCRETO MOLDADO IN LOCO, USINADO, ACABAMENTO CONVENCIONAL, ESPESSURA 12 CM, ARMADO. AF_07/2016","M2",77.62]
[87620,"CONTRAPISO EM ARGAMASSA TRAÇO 1:4 (CIMENTO E AREIA), PREPARO MECÂNICO COM BETONEIRA 400 L, APLICADO EM ÁREAS SECAS SOBRE LAJE, ADERIDO, ESPESSURA 2CM. AF_06/2014","M2",25.38]
[87622,"CONTRAPISO EM ARGAMASSA TRAÇO 1:4 (CIMENTO E AREIA), PREPARO MANUAL, APLICADO EM ÁREAS SECAS SOBRE LAJE, ADERIDO, ESPESSURA 2CM. AF_06/2014","M2",28.89]
[87623,"CONTRAPISO EM ARGAMASSA PRONTA, PREPARO MECÂNICO COM MISTURADOR 300 KG, APLICADO EM ÁREAS SECAS SOBRE LAJE, ADERIDO, ESPESSURA 2CM. AF_06/2014","M2",55.03]
[87624,"CONTRAPISO EM ARGAMASSA PRONTA, PREPARO MANUAL, APLICADO EM ÁREAS SECAS SOBRE LAJE, ADERIDO, ESPESSURA 2CM. AF_06/2014","M2",61.45]
[87630,"CONTRAPISO EM ARGAMASSA TRAÇO 1:4 (CIMENTO E AREIA), PREPARO MECÂNICO COM BETONEIRA 400 L, APLICADO EM ÁREAS SECAS SOBRE LAJE, ADERIDO, ESPESSURA 3CM. AF_06/2014","M2",31.2]
[87632,"CONTRAPISO EM ARGAMASSA TRAÇO 1:4 (CIMENTO E AREIA), PREPARO MANUAL, APLICADO EM ÁREAS SECAS SOBRE LAJE, ADERIDO, ESPESSURA 3CM. AF_06/2014","M2",36.07]
[87633,"CONTRAPISO EM ARGAMASSA PRONTA, PREPARO MECÂNICO COM MISTURADOR 300 KG, APLICADO EM ÁREAS SECAS SOBRE LAJE, ADERIDO, ESPESSURA 3CM. AF_06/2014","M2",72.42]
[87634,"CONTRAPISO EM ARGAMASSA PRONTA, PREPARO MANUAL, APLICADO EM ÁREAS SECAS SOBRE LAJE, ADERIDO, ESPESSURA 3CM. AF_06/2014","M2",81.35]
[87640,"CONTRAPISO EM ARGAMASSA TRAÇO 1:4 (CIMENTO E AREIA), PREPARO MECÂNICO COM BETONEIRA 400 L, APLICADO EM ÁREAS SECAS SOBRE LAJE, ADERIDO, ESPESSURA 4CM. AF_06/2014","M2",35.86]
[87642,"CONTRAPISO EM ARGAMASSA TRAÇO 1:4 (CIMENTO E AREIA), PREPARO MANUAL, APLICADO EM ÁREAS SECAS SOBRE LAJE, ADERIDO, ESPESSURA 4CM. AF_06/2014","M2",41.86]
[87643,"CONTRAPISO EM ARGAMASSA PRONTA, PREPARO MECÂNICO COM MISTURADOR 300 KG, APLICADO EM ÁREAS SECAS SOBRE LAJE, ADERIDO, ESPESSURA 4CM. AF_06/2014","M2",86.56]
[87644,"CONTRAPISO EM ARGAMASSA PRONTA, PREPARO MANUAL, APLICADO EM ÁREAS SECAS SOBRE LAJE, ADERIDO, ESPESSURA 4CM. AF_06/2014","M2",97.53]
[87680,"CONTRAPISO EM ARGAMASSA TRAÇO 1:4 (CIMENTO E AREIA), PREPARO MECÂNICO COM BETONEIRA 400 L, APLICADO EM ÁREAS SECAS SOBRE LAJE, NÃO ADERIDO, ESPESSURA 4CM. AF_06/2014","M2",29.37]
[87682,"CONTRAPISO EM ARGAMASSA TRAÇO 1:4 (CIMENTO E AREIA), PREPARO MANUAL, APLICADO EM ÁREAS SECAS SOBRE LAJE, NÃO ADERIDO, ESPESSURA 4CM. AF_06/2014","M2",35.37]
[87683,"CONTRAPISO EM ARGAMASSA PRONTA, PREPARO MECÂNICO COM MISTURADOR 300 KG, APLICADO EM ÁREAS SECAS SOBRE LAJE, NÃO ADERIDO, ESPESSURA 4CM. AF_06/2014","M2",80.07]
[87684,"CONTRAPISO EM ARGAMASSA PRONTA, PREPARO MANUAL, APLICADO EM ÁREAS SECAS SOBRE LAJE, NÃO ADERIDO, ESPESSURA 4CM. AF_06/2014","M2",91.04]
[87690,"CONTRAPISO EM ARGAMASSA TRAÇO 1:4 (CIMENTO E AREIA), PREPARO MECÂNICO COM BETONEIRA 400 L, APLICADO EM ÁREAS SECAS SOBRE LAJE, NÃO ADERIDO, ESPESSURA 5CM. AF_06/2014","M2",34.24]
[87692,"CONTRAPISO EM ARGAMASSA TRAÇO 1:4 (CIMENTO E AREIA), PREPARO MANUAL, APLICADO EM ÁREAS SECAS SOBRE LAJE, NÃO ADERIDO, ESPESSURA 5CM. AF_06/2014","M2",41.11]
[87693,"CONTRAPISO EM ARGAMASSA PRONTA, PREPARO MECÂNICO COM MISTURADOR 300 KG, APLICADO EM ÁREAS SECAS SOBRE LAJE, NÃO ADERIDO, ESPESSURA 5CM. AF_06/2014","M2",92.31]
[87694,"CONTRAPISO EM ARGAMASSA PRONTA, PREPARO MANUAL, APLICADO EM ÁREAS SECAS SOBRE LAJE, NÃO ADERIDO, ESPESSURA 5CM. AF_06/2014","M2",104.87]
[87700,"CONTRAPISO EM ARGAMASSA TRAÇO 1:4 (CIMENTO E AREIA), PREPARO MECÂNICO COM BETONEIRA 400 L, APLICADO EM ÁREAS SECAS SOBRE LAJE, NÃO ADERIDO, ESPESSURA 6CM. AF_06/2014","M2",36.92]
[87702,"CONTRAPISO EM ARGAMASSA TRAÇO 1:4 (CIMENTO E AREIA), PREPARO MANUAL, APLICADO EM ÁREAS SECAS SOBRE LAJE, NÃO ADERIDO, ESPESSURA 6CM. AF_06/2014","M2",44.39]
[87703,"CONTRAPISO EM ARGAMASSA PRONTA, PREPARO MECÂNICO COM MISTURADOR 300 KG, APLICADO EM ÁREAS SECAS SOBRE LAJE, NÃO ADERIDO, ESPESSURA 6CM. AF_06/2014","M2",100.14]
[87704,"CONTRAPISO EM ARGAMASSA PRONTA, PREPARO MANUAL, APLICADO EM ÁREAS SECAS SOBRE LAJE, NÃO ADERIDO, ESPESSURA 6CM. AF_06/2014","M2",113.83]
[87735,"CONTRAPISO EM ARGAMASSA TRAÇO 1:4 (CIMENTO E AREIA), PREPARO MECÂNICO COM BETONEIRA 400 L, APLICADO EM ÁREAS MOLHADAS SOBRE LAJE, ADERIDO, ESPESSURA 2CM. AF_06/2014","M2",35.53]
[87737,"CONTRAPISO EM ARGAMASSA TRAÇO 1:4 (CIMENTO E AREIA), PREPARO MANUAL, APLICADO EM ÁREAS MOLHADAS SOBRE LAJE, ADERIDO, ESPESSURA 2CM. AF_06/2014","M2",39.04]
[87738,"CONTRAPISO EM ARGAMASSA PRONTA, PREPARO MECÂNICO COM MISTURADOR 300 KG, APLICADO EM ÁREAS MOLHADAS SOBRE LAJE, ADERIDO, ESPESSURA 2CM. AF_06/2014","M2",65.18]
[87739,"CONTRAPISO EM ARGAMASSA PRONTA, PREPARO MANUAL, APLICADO EM ÁREAS MOLHADAS SOBRE LAJE, ADERIDO, ESPESSURA 2CM. AF_06/2014","M2",71.6]
[87745,"CONTRAPISO EM ARGAMASSA TRAÇO 1:4 (CIMENTO E AREIA), PREPARO MECÂNICO COM BETONEIRA 400 L, APLICADO EM ÁREAS MOLHADAS SOBRE LAJE, ADERIDO, ESPESSURA 3CM. AF_06/2014","M2",41.36]
[87747,"CONTRAPISO EM ARGAMASSA TRAÇO 1:4 (CIMENTO E AREIA), PREPARO MANUAL, APLICADO EM ÁREAS MOLHADAS SOBRE LAJE, ADERIDO, ESPESSURA 3CM. AF_06/2014","M2",46.23]
[87748,"CONTRAPISO EM ARGAMASSA PRONTA, PREPARO MECÂNICO COM MISTURADOR 300 KG, APLICADO EM ÁREAS MOLHADAS SOBRE LAJE, ADERIDO, ESPESSURA 3CM. AF_06/2014","M2",82.58]
[87749,"CONTRAPISO EM ARGAMASSA PRONTA, PREPARO MANUAL, APLICADO EM ÁREAS MOLHADAS SOBRE LAJE, ADERIDO, ESPESSURA 3CM. AF_06/2014","M2",91.51]
[87755,"CONTRAPISO EM ARGAMASSA TRAÇO 1:4 (CIMENTO E AREIA), PREPARO MECÂNICO COM BETONEIRA 400 L, APLICADO EM ÁREAS MOLHADAS SOBRE IMPERMEABILIZAÇÃO, ESPESSURA 3CM. AF_06/2014","M2",38.44]
[87757,"CONTRAPISO EM ARGAMASSA TRAÇO 1:4 (CIMENTO E AREIA), PREPARO MANUAL, APLICADO EM ÁREAS MOLHADAS SOBRE IMPERMEABILIZAÇÃO, ESPESSURA 3CM. AF_06/2014","M2",43.31]
[87758,"CONTRAPISO EM ARGAMASSA PRONTA, PREPARO MECÂNICO COM MISTURADOR 300 KG, APLICADO EM ÁREAS MOLHADAS SOBRE IMPERMEABILIZAÇÃO, ESPESSURA 3CM. AF_06/2014","M2",79.66]
[87759,"CONTRAPISO EM ARGAMASSA PRONTA, PREPARO MANUAL, APLICADO EM ÁREAS MOLHADAS SOBRE IMPERMEABILIZAÇÃO, ESPESSURA 3CM. AF_06/2014","M2",88.59]
[87765,"CONTRAPISO EM ARGAMASSA TRAÇO 1:4 (CIMENTO E AREIA), PREPARO MECÂNICO COM BETONEIRA 400 L, APLICADO EM ÁREAS MOLHADAS SOBRE IMPERMEABILIZAÇÃO, ESPESSURA 4CM. AF_06/2014","M2",43.11]
[87767,"CONTRAPISO EM ARGAMASSA TRAÇO 1:4 (CIMENTO E AREIA), PREPARO MANUAL, APLICADO EM ÁREAS MOLHADAS SOBRE IMPERMEABILIZAÇÃO, ESPESSURA 4CM. AF_06/2014","M2",49.11]
[87768,"CONTRAPISO EM ARGAMASSA PRONTA, PREPARO MECÂNICO COM MISTURADOR 300 KG, APLICADO EM ÁREAS MOLHADAS SOBRE IMPERMEABILIZAÇÃO, ESPESSURA 4CM. AF_06/2014","M2",93.81]
[87769,"CONTRAPISO EM ARGAMASSA PRONTA, PREPARO MANUAL, APLICADO EM ÁREAS MOLHADAS SOBRE IMPERMEABILIZAÇÃO, ESPESSURA 4CM. AF_06/2014","M2",104.78]
[88470,"CONTRAPISO AUTONIVELANTE, APLICADO SOBRE LAJE, NÃO ADERIDO, ESPESSURA 3CM. AF_06/2014","M2",19.65]
[88471,"CONTRAPISO AUTONIVELANTE, APLICADO SOBRE LAJE, NÃO ADERIDO, ESPESSURA 4CM. AF_06/2014","M2",24.33]
[88472,"CONTRAPISO AUTONIVELANTE, APLICADO SOBRE LAJE, NÃO ADERIDO, ESPESSURA 5CM. AF_06/2014","M2",28]
[88476,"CONTRAPISO AUTONIVELANTE, APLICADO SOBRE LAJE, ADERIDO, ESPESSURA 2CM. AF_06/2014","M2",16.02]
[88477,"CONTRAPISO AUTONIVELANTE, APLICADO SOBRE LAJE, ADERIDO, ESPESSURA 3CM. AF_06/2014","M2",22.11]
[88478,"CONTRAPISO AUTONIVELANTE, APLICADO SOBRE LAJE, ADERIDO, ESPESSURA 4CM. AF_06/2014","M2",27.04]
[90900,"CONTRAPISO ACÚSTICO EM ARGAMASSA TRAÇO 1:4 (CIMENTO E AREIA), PREPARO MECÂNICO COM BETONEIRA 400L, APLICADO EM ÁREAS SECAS MENORES QUE 15M2, ESPESSURA 5CM. AF_10/2014","M2",62.73]
[90902,"CONTRAPISO ACÚSTICO EM ARGAMASSA TRAÇO 1:4 (CIMENTO E AREIA), PREPARO MANUAL, APLICADO EM ÁREAS SECAS MENORES QUE 15M2, ESPESSURA 5CM. AF_10/2014","M2",69.6]
[90903,"CONTRAPISO ACÚSTICO EM ARGAMASSA PRONTA, PREPARO MECÂNICO COM MISTURADOR 300 KG, APLICADO EM ÁREAS SECAS MENORES QUE 15M2, ESPESSURA 5CM. AF_10/2014","M2",120.8]
[90904,"CONTRAPISO ACÚSTICO EM ARGAMASSA PRONTA, PREPARO MANUAL, APLICADO EM ÁREAS SECAS MENORES QUE 15M2, ESPESSURA 5CM. AF_10/2014","M2",133.36]
[90910,"CONTRAPISO ACÚSTICO EM ARGAMASSA TRAÇO 1:4 (CIMENTO E AREIA), PREPARO MECÂNICO COM BETONEIRA 400L, APLICADO EM ÁREAS SECAS MENORES QUE 15M2, ESPESSURA 6CM. AF_10/2014","M2",66.32]
[90912,"CONTRAPISO ACÚSTICO EM ARGAMASSA TRAÇO 1:4 (CIMENTO E AREIA), PREPARO MANUAL, APLICADO EM ÁREAS SECAS MENORES QUE 15M2, ESPESSURA 6CM. AF_10/2014","M2",73.79]
[90913,"CONTRAPISO ACÚSTICO EM ARGAMASSA PRONTA, PREPARO MECÂNICO COM MISTURADOR 300 KG, APLICADO EM ÁREAS SECAS MENORES QUE 15M2, ESPESSURA 6CM. AF_10/2014","M2",129.54]
[90914,"CONTRAPISO ACÚSTICO EM ARGAMASSA PRONTA, PREPARO MANUAL, APLICADO EM ÁREAS SECAS MENORES QUE 15M2, ESPESSURA 6CM. AF_10/2014","M2",143.23]
[90920,"CONTRAPISO ACÚSTICO EM ARGAMASSA TRAÇO 1:4 (CIMENTO E AREIA), PREPARO MECÂNICO COM BETONEIRA 400L, APLICADO EM ÁREAS SECAS MENORES QUE 15M2, ESPESSURA 7CM. AF_10/2014","M2",72.95]
[90922,"CONTRAPISO ACÚSTICO EM ARGAMASSA TRAÇO 1:4 (CIMENTO E AREIA), PREPARO MANUAL, APLICADO EM ÁREAS SECAS MENORES QUE 15M2, ESPESSURA 7CM. AF_10/2014","M2",81.55]
[90923,"CONTRAPISO ACÚSTICO EM ARGAMASSA PRONTA, PREPARO MECÂNICO COM MISTURADOR 300 KG, APLICADO EM ÁREAS SECAS MENORES QUE 15M2, ESPESSURA 7CM. AF_10/2014","M2",145.65]
[90924,"CONTRAPISO ACÚSTICO EM ARGAMASSA PRONTA, PREPARO MANUAL, APLICADO EM ÁREAS SECAS MENORES QUE 15M2, ESPESSURA 7CM. AF_10/2014","M2",161.39]
[90930,"CONTRAPISO ACÚSTICO EM ARGAMASSA TRAÇO 1:4 (CIMENTO E AREIA), PREPARO MECÂNICO COM BETONEIRA 400L, APLICADO EM ÁREAS SECAS MAIORES QUE 15M2, ESPESSURA 5CM. AF_10/2014","M2",56.34]
[90932,"CONTRAPISO ACÚSTICO EM ARGAMASSA TRAÇO 1:4 (CIMENTO E AREIA), PREPARO MANUAL, APLICADO EM ÁREAS SECAS MAIORES QUE 15M2, ESPESSURA 5CM. AF_10/2014","M2",63.21]
[90933,"CONTRAPISO ACÚSTICO EM ARGAMASSA PRONTA, PREPARO MECÂNICO COM MISTURADOR 300 KG, APLICADO EM ÁREAS SECAS MAIORES QUE 15M2, ESPESSURA 5CM. AF_10/2014","M2",114.41]
[90934,"CONTRAPISO ACÚSTICO EM ARGAMASSA PRONTA, PREPARO MANUAL, APLICADO EM ÁREAS SECAS MAIORES QUE 15M2, ESPESSURA 5CM. AF_10/2014","M2",126.97]
[90940,"CONTRAPISO ACÚSTICO EM ARGAMASSA TRAÇO 1:4 (CIMENTO E AREIA), PREPARO MECÂNICO COM BETONEIRA 400L, APLICADO EM ÁREAS SECAS MAIORES QUE 15M2, ESPESSURA 6CM. AF_10/2014","M2",59.96]
[90942,"CONTRAPISO ACÚSTICO EM ARGAMASSA TRAÇO 1:4 (CIMENTO E AREIA), PREPARO MANUAL, APLICADO EM ÁREAS SECAS MAIORES QUE 15M2, ESPESSURA 6CM. AF_10/2014","M2",67.43]
[90943,"CONTRAPISO ACÚSTICO EM ARGAMASSA PRONTA, PREPARO MECÂNICO COM MISTURADOR 300 KG, APLICADO EM ÁREAS SECAS MAIORES QUE 15M2, ESPESSURA 6CM. AF_10/2014","M2",123.18]
[90944,"CONTRAPISO ACÚSTICO EM ARGAMASSA PRONTA, PREPARO MANUAL, APLICADO EM ÁREAS SECAS MAIORES QUE 15M2, ESPESSURA 6CM. AF_10/2014","M2",136.87]
[90950,"CONTRAPISO ACÚSTICO EM ARGAMASSA TRAÇO 1:4 (CIMENTO E AREIA), PREPARO MECÂNICO COM BETONEIRA 400L, APLICADO EM ÁREAS SECAS MAIORES QUE 15M2, ESPESSURA 7CM. AF_10/2014","M2",66.56]
[90952,"CONTRAPISO ACÚSTICO EM ARGAMASSA TRAÇO 1:4 (CIMENTO E AREIA), PREPARO MANUAL, APLICADO EM ÁREAS SECAS MAIORES QUE 15M2, ESPESSURA 7CM. AF_10/2014","M2",75.16]
[90953,"CONTRAPISO ACÚSTICO EM ARGAMASSA PRONTA, PREPARO MECÂNICO COM MISTURADOR 300 KG, APLICADO EM ÁREAS SECAS MAIORES QUE 15M2, ESPESSURA 7CM. AF_10/2014","M2",139.26]
[90954,"CONTRAPISO ACÚSTICO EM ARGAMASSA PRONTA, PREPARO MANUAL, APLICADO EM ÁREAS SECAS MAIORES QUE 15M2, ESPESSURA 7CM. AF_10/2014","M2",155]
[94438,"(COMPOSIÇÃO REPRESENTATIVA) DO SERVIÇO DE CONTRAPISO EM ARGAMASSA TRAÇO 1:4 (CIM E AREIA), EM BETONEIRA 400 L, ESPESSURA 3 CM ÁREAS SECAS E 3 CM ÁREAS MOLHADAS, PARA EDIFICAÇÃO HABITACIONAL UNIFAMILIAR (CASA) E EDIFICAÇÃO PÚBLICA PADRÃO. AF_11/2014","M2",34.38]
[94439,"(COMPOSIÇÃO REPRESENTATIVA) DO SERVIÇO DE CONTRAPISO EM ARGAMASSA TRAÇO 1:4 (CIM E AREIA), EM BETONEIRA 400 L, ESPESSURA 4 CM ÁREAS SECAS E AREAS MOLHADAS SOBRE LAJE E 3 CM ÁREAS MOLHADAS SOBRE IMPERMEABILIZAÇÃO, PARA EDIFICAÇÃO HABITACIONAL UNIFAMILIAR(CASA) E EDIFICAÇÃO PÚBLICA PADRÃO. AF_11/2014","M2",38.12]
[94779,"(COMPOSIÇÃO REPRESENTATIVA) DO SERVIÇO DE CONTRAPISO EM ARGAMASSA TRAÇO 1:4 (CIM E AREIA), EM BETONEIRA 400 L, ESPESSURA 3 CM ÁREAS SECAS E 3 CM ÁREAS MOLHADAS, PARA EDIFICAÇÃO HABITACIONAL MULTIFAMILIAR (PRÉDIO). AF_11/2014","M2",33.15]
[94782,"(COMPOSIÇÃO REPRESENTATIVA) DO SERVIÇO DE CONTRAPISO EM ARGAMASSA TRAÇO 1:4 (CIM E AREIA), EM BETONEIRA 400 L, ESPESSURA 4 CM ÁREAS SECAS E AREAS MOLHADAS SOBRE LAJE E 3 CM ÁREAS MOLHADAS SOBRE IMPERMEABILIZAÇÃO, PARA EDIFICAÇÃO HABITACIONAL MULTIFAMILIAR (PRÉDIO). AF_11/2014","M2",37.28]
[72190,"RODAPE BORRACHA LISO, ALTURA = 7CM, ESPESSURA = 2 MM, PARA ARGAMASSA","M",33.51]
[87871,"CHAPISCO APLICADO SOMENTE EM ESTRUTURAS DE CONCRETO EM ALVENARIAS INTERNAS, COM DESEMPENADEIRA DENTADA. ARGAMASSA INDUSTRIALIZADA COM PREPARO MANUAL. AF_06/2014","M2",15.83]
[87872,"CHAPISCO APLICADO SOMENTE EM ESTRUTURAS DE CONCRETO EM ALVENARIAS INTERNAS, COM DESEMPENADEIRA DENTADA.  ARGAMASSA INDUSTRIALIZADA COM PREPARO EM MISTURADOR 300 KG. AF_06/2014","M2",15.06]
[87873,"CHAPISCO APLICADO EM ALVENARIAS E ESTRUTURAS DE CONCRETO INTERNAS, COM ROLO PARA TEXTURA ACRÍLICA.  ARGAMASSA TRAÇO 1:4 E EMULSÃO POLIMÉRICA (ADESIVO) COM PREPARO MANUAL. AF_06/2014","M2",4.17]
[87874,"CHAPISCO APLICADO EM ALVENARIAS E ESTRUTURAS DE CONCRETO INTERNAS, COM ROLO PARA TEXTURA ACRÍLICA.  ARGAMASSA TRAÇO 1:4 E EMULSÃO POLIMÉRICA (ADESIVO) COM PREPARO EM BETONEIRA 400L. AF_06/2014","M2",4.02]
[87876,"CHAPISCO APLICADO EM ALVENARIAS E ESTRUTURAS DE CONCRETO INTERNAS, COM ROLO PARA TEXTURA ACRÍLICA.  ARGAMASSA INDUSTRIALIZADA COM PREPARO MANUAL. AF_06/2014","M2",8.22]
[87877,"CHAPISCO APLICADO EM ALVENARIAS E ESTRUTURAS DE CONCRETO INTERNAS, COM ROLO PARA TEXTURA ACRÍLICA.  ARGAMASSA INDUSTRIALIZADA COM PREPARO EM MISTURADOR 300 KG. AF_06/2014","M2",7.87]
[87878,"CHAPISCO APLICADO EM ALVENARIAS E ESTRUTURAS DE CONCRETO INTERNAS, COM COLHER DE PEDREIRO.  ARGAMASSA TRAÇO 1:3 COM PREPARO MANUAL. AF_06/2014","M2",3.71]
[87879,"CHAPISCO APLICADO EM ALVENARIAS E ESTRUTURAS DE CONCRETO INTERNAS, COM COLHER DE PEDREIRO.  ARGAMASSA TRAÇO 1:3 COM PREPARO EM BETONEIRA 400L. AF_06/2014","M2",3.21]
[87881,"CHAPISCO APLICADO NO TETO, COM ROLO PARA TEXTURA ACRÍLICA. ARGAMASSA TRAÇO 1:4 E EMULSÃO POLIMÉRICA (ADESIVO) COM PREPARO MANUAL. AF_06/2014","M2",4.07]
[87882,"CHAPISCO APLICADO NO TETO, COM ROLO PARA TEXTURA ACRÍLICA. ARGAMASSA TRAÇO 1:4 E EMULSÃO POLIMÉRICA (ADESIVO) COM PREPARO EM BETONEIRA 400L. AF_06/2014","M2",3.92]
[87884,"CHAPISCO APLICADO NO TETO, COM ROLO PARA TEXTURA ACRÍLICA. ARGAMASSA INDUSTRIALIZADA COM PREPARO MANUAL. AF_06/2014","M2",8.12]
[87885,"CHAPISCO APLICADO NO TETO, COM ROLO PARA TEXTURA ACRÍLICA. ARGAMASSA INDUSTRIALIZADA COM PREPARO EM MISTURADOR 300 KG. AF_06/2014","M2",7.77]
[87886,"CHAPISCO APLICADO NO TETO, COM DESEMPENADEIRA DENTADA. ARGAMASSA INDUSTRIALIZADA COM PREPARO MANUAL. AF_06/2014","M2",22.18]
[87887,"CHAPISCO APLICADO NO TETO, COM DESEMPENADEIRA DENTADA. ARGAMASSA INDUSTRIALIZADA COM PREPARO EM MISTURADOR 300 KG. AF_06/2014","M2",21.41]
[87888,"CHAPISCO APLICADO EM ALVENARIA (SEM PRESENÇA DE VÃOS) E ESTRUTURAS DE CONCRETO DE FACHADA, COM ROLO PARA TEXTURA ACRÍLICA.  ARGAMASSA TRAÇO 1:4 E EMULSÃO POLIMÉRICA (ADESIVO) COM PREPARO MANUAL. AF_06/2014","M2",5.53]
[87889,"CHAPISCO APLICADO EM ALVENARIA (SEM PRESENÇA DE VÃOS) E ESTRUTURAS DE CONCRETO DE FACHADA, COM ROLO PARA TEXTURA ACRÍLICA.  ARGAMASSA TRAÇO 1:4 E EMULSÃO POLIMÉRICA (ADESIVO) COM PREPARO EM BETONEIRA 400L. AF_06/2014","M2",5.38]
[87891,"CHAPISCO APLICADO EM ALVENARIA (SEM PRESENÇA DE VÃOS) E ESTRUTURAS DE CONCRETO DE FACHADA, COM ROLO PARA TEXTURA ACRÍLICA.  ARGAMASSA INDUSTRIALIZADA COM PREPARO MANUAL. AF_06/2014","M2",9.58]
[87892,"CHAPISCO APLICADO EM ALVENARIA (SEM PRESENÇA DE VÃOS) E ESTRUTURAS DE CONCRETO DE FACHADA, COM ROLO PARA TEXTURA ACRÍLICA.  ARGAMASSA INDUSTRIALIZADA COM PREPARO EM MISTURADOR 300 KG. AF_06/2014","M2",9.23]
[87893,"CHAPISCO APLICADO EM ALVENARIA (SEM PRESENÇA DE VÃOS) E ESTRUTURAS DE CONCRETO DE FACHADA, COM COLHER DE PEDREIRO.  ARGAMASSA TRAÇO 1:3 COM PREPARO MANUAL. AF_06/2014","M2",6.08]
[87894,"CHAPISCO APLICADO EM ALVENARIA (SEM PRESENÇA DE VÃOS) E ESTRUTURAS DE CONCRETO DE FACHADA, COM COLHER DE PEDREIRO.  ARGAMASSA TRAÇO 1:3 COM PREPARO EM BETONEIRA 400L. AF_06/2014","M2",5.58]
[87896,"CHAPISCO APLICADO EM ALVENARIA (SEM PRESENÇA DE VÃOS) E ESTRUTURAS DE CONCRETO DE FACHADA, COM EQUIPAMENTO DE PROJEÇÃO.  ARGAMASSA TRAÇO 1:3 COM PREPARO MANUAL. AF_06/2014","M2",5.27]
[87897,"CHAPISCO APLICADO EM ALVENARIA (SEM PRESENÇA DE VÃOS) E ESTRUTURAS DE CONCRETO DE FACHADA, COM EQUIPAMENTO DE PROJEÇÃO.  ARGAMASSA TRAÇO 1:3 COM PREPARO EM BETONEIRA 400 L. AF_06/2014","M2",4.77]
[87899,"CHAPISCO APLICADO EM ALVENARIA (COM PRESENÇA DE VÃOS) E ESTRUTURAS DE CONCRETO DE FACHADA, COM ROLO PARA TEXTURA ACRÍLICA.  ARGAMASSA TRAÇO 1:4 E EMULSÃO POLIMÉRICA (ADESIVO) COM PREPARO MANUAL. AF_06/2014","M2",6.73]
[87900,"CHAPISCO APLICADO EM ALVENARIA (COM PRESENÇA DE VÃOS) E ESTRUTURAS DE CONCRETO DE FACHADA, COM ROLO PARA TEXTURA ACRÍLICA.  ARGAMASSA TRAÇO 1:4 E EMULSÃO POLIMÉRICA (ADESIVO) COM PREPARO EM BETONEIRA 400L. AF_06/2014","M2",6.58]
[87902,"CHAPISCO APLICADO EM ALVENARIA (COM PRESENÇA DE VÃOS) E ESTRUTURAS DE CONCRETO DE FACHADA, COM ROLO PARA TEXTURA ACRÍLICA.  ARGAMASSA INDUSTRIALIZADA COM PREPARO MANUAL. AF_06/2014","M2",10.78]
[87903,"CHAPISCO APLICADO EM ALVENARIA (COM PRESENÇA DE VÃOS) E ESTRUTURAS DE CONCRETO DE FACHADA, COM ROLO PARA TEXTURA ACRÍLICA.  ARGAMASSA INDUSTRIALIZADA COM PREPARO EM MISTURADOR 300 KG. AF_06/2014","M2",10.43]
[87904,"CHAPISCO APLICADO EM ALVENARIA (COM PRESENÇA DE VÃOS) E ESTRUTURAS DE CONCRETO DE FACHADA, COM COLHER DE PEDREIRO.  ARGAMASSA TRAÇO 1:3 COM PREPARO MANUAL. AF_06/2014","M2",8.07]
[87905,"CHAPISCO APLICADO EM ALVENARIA (COM PRESENÇA DE VÃOS) E ESTRUTURAS DE CONCRETO DE FACHADA, COM COLHER DE PEDREIRO.  ARGAMASSA TRAÇO 1:3 COM PREPARO EM BETONEIRA 400L. AF_06/2014","M2",7.57]
[87907,"CHAPISCO APLICADO EM ALVENARIA (COM PRESENÇA DE VÃOS) E ESTRUTURAS DE CONCRETO DE FACHADA, COM EQUIPAMENTO DE PROJEÇÃO.  ARGAMASSA TRAÇO 1:3 COM PREPARO MANUAL. AF_06/2014","M2",6.94]
[87908,"CHAPISCO APLICADO EM ALVENARIA (COM PRESENÇA DE VÃOS) E ESTRUTURAS DE CONCRETO DE FACHADA, COM EQUIPAMENTO DE PROJEÇÃO.  ARGAMASSA TRAÇO 1:3 COM PREPARO EM BETONEIRA 400 L. AF_06/2014","M2",6.44]
[87910,"CHAPISCO APLICADO SOMENTE NA ESTRUTURA DE CONCRETO DA FACHADA, COM DESEMPENADEIRA DENTADA. ARGAMASSA INDUSTRIALIZADA COM PREPARO MANUAL. AF_06/2014","M2",22.03]
[87911,"CHAPISCO APLICADO SOMENTE NA ESTRUTURA DE CONCRETO DA FACHADA, COM DESEMPENADEIRA DENTADA. ARGAMASSA INDUSTRIALIZADA COM PREPARO EM MISTURADOR 300 KG. AF_06/2014","M2",21.26]
[5991,"BARRA LISA COM ARGAMASSA TRACO 1:4 (CIMENTO E AREIA GROSSA), ESPESSURA 2,0CM, INCLUSO ADITIVO IMPERMEABILIZANTE, PREPARO MECANICO DA ARGAMASSA","M2",48.26]
[84023,"BARRA LISA TRACO 1:3 (CIMENTO E AREIA MEDIA), ESPESSURA 1,5CM, PREPARO MANUAL DA ARGAMASSA","M2",45.64]
[84024,"BARRA LISA TRACO 1:3 (CIMENTO E AREIA MEDIA), ESPESSURA 1,0CM, PREPARO MANUAL DA ARGAMASSA","M2",43.61]
[84026,"BARRA LISA TRACO 1:4 (CIMENTO E AREIA MEDIA), ESPESSURA 2,0CM, PREPARO MANUAL DA ARGAMASSA","M2",53.54]
[84027,"BARRA LISA TRACO 1:3 (CIMENTO E AREIA MEDIA), ESPESSURA 0,5CM, PREPARO MANUAL DA ARGAMASSA","M2",37.22]
[84028,"BARRA LISA TRACO 1:4 (CIMENTO E AREIA MEDIA), COM CORANTE AMARELO, ESPESSURA 2,0CM, PREPARO MANUAL DA ARGAMASSA","M2",59.8]
[84072,"BARRA LISA TRACO 1:3 (CIMENTO E AREIA MEDIA NAO PENEIRADA), INCLUSO ADITIVO IMPERMEABILIZANTE, ESPESSURA 0,5CM, PREPARO MANUAL DA ARGAMASSA","M2",37.68]
[87411,"APLICAÇÃO MANUAL DE GESSO DESEMPENADO (SEM TALISCAS) EM TETO DE AMBIENTES DE ÁREA MAIOR QUE 10M², ESPESSURA DE 0,5CM. AF_06/2014","M2",14.35]
[87412,"APLICAÇÃO MANUAL DE GESSO DESEMPENADO (SEM TALISCAS) EM TETO DE AMBIENTES DE ÁREA ENTRE 5M² E 10M², ESPESSURA DE 0,5CM. AF_06/2014","M2",20.85]
[87413,"APLICAÇÃO MANUAL DE GESSO DESEMPENADO (SEM TALISCAS) EM TETO DE AMBIENTES DE ÁREA MENOR QUE 5M², ESPESSURA DE 0,5CM. AF_06/2014","M2",24.56]
[87414,"APLICAÇÃO MANUAL DE GESSO DESEMPENADO (SEM TALISCAS) EM TETO DE AMBIENTES DE ÁREA MAIOR QUE 10M², ESPESSURA DE 1,0CM. AF_06/2014","M2",21.06]
[87415,"APLICAÇÃO MANUAL DE GESSO DESEMPENADO (SEM TALISCAS) EM TETO DE AMBIENTES DE ÁREA ENTRE 5M² E 10M², ESPESSURA DE 1,0CM. AF_06/2014","M2",27.37]
[87416,"APLICAÇÃO MANUAL DE GESSO DESEMPENADO (SEM TALISCAS) EM TETO DE AMBIENTES DE ÁREA MENOR QUE 5M², ESPESSURA DE 1,0CM. AF_06/2014","M2",31.32]
[87417,"APLICAÇÃO MANUAL DE GESSO DESEMPENADO (SEM TALISCAS) EM PAREDES DE AMBIENTES DE ÁREA MAIOR QUE 10M², ESPESSURA DE 0,5CM. AF_06/2014","M2",15.26]
[87418,"APLICAÇÃO MANUAL DE GESSO DESEMPENADO (SEM TALISCAS) EM PAREDES DE AMBIENTES DE ÁREA ENTRE 5M² E 10M², ESPESSURA DE 0,5CM. AF_06/2014","M2",15.74]
[87419,"APLICAÇÃO MANUAL DE GESSO DESEMPENADO (SEM TALISCAS) EM PAREDES DE AMBIENTES DE ÁREA MENOR QUE 5M², ESPESSURA DE 0,5CM. AF_06/2014","M2",17.15]
[87420,"APLICAÇÃO MANUAL DE GESSO DESEMPENADO (SEM TALISCAS) EM PAREDES DE AMBIENTES DE ÁREA MAIOR QUE 10M², ESPESSURA DE 1,0CM. AF_06/2014","M2",22.7]
[87421,"APLICAÇÃO MANUAL DE GESSO DESEMPENADO (SEM TALISCAS) EM PAREDES DE AMBIENTES DE ÁREA ENTRE 5M² E 10M², ESPESSURA DE 1,0CM. AF_06/2014","M2",23.18]
[87422,"APLICAÇÃO MANUAL DE GESSO DESEMPENADO (SEM TALISCAS) EM PAREDES DE AMBIENTES DE ÁREA MENOR QUE 5M², ESPESSURA DE 1,0CM. AF_06/2014","M2",24.58]
[87423,"APLICAÇÃO MANUAL DE GESSO SARRAFEADO (COM TALISCAS) EM PAREDES DE AMBIENTES DE ÁREA MAIOR QUE 10M², ESPESSURA DE 1,0CM. AF_06/2014","M2",30.6]
[87424,"APLICAÇÃO MANUAL DE GESSO SARRAFEADO (COM TALISCAS) EM PAREDES DE AMBIENTES DE ÁREA ENTRE 5M² E 10M², ESPESSURA DE 1,0CM. AF_06/2014","M2",31.32]
[87425,"APLICAÇÃO MANUAL DE GESSO SARRAFEADO (COM TALISCAS) EM PAREDES DE AMBIENTES DE ÁREA MENOR QUE 5M², ESPESSURA DE 1,0CM. AF_06/2014","M2",32.48]
[87426,"APLICAÇÃO MANUAL DE GESSO SARRAFEADO (COM TALISCAS) EM PAREDES DE AMBIENTES DE ÁREA MAIOR QUE 10M², ESPESSURA DE 1,5CM. AF_06/2014","M2",35.76]
[87427,"APLICAÇÃO MANUAL DE GESSO SARRAFEADO (COM TALISCAS) EM PAREDES DE AMBIENTES DE ÁREA ENTRE 5M² E 10M², ESPESSURA DE 1,5CM. AF_06/2014","M2",36.48]
[87428,"APLICAÇÃO MANUAL DE GESSO SARRAFEADO (COM TALISCAS) EM PAREDES DE AMBIENTES DE ÁREA MENOR QUE 5M², ESPESSURA DE 1,5CM. AF_06/2014","M2",37.63]
[87429,"APLICAÇÃO DE GESSO PROJETADO COM EQUIPAMENTO DE PROJEÇÃO EM PAREDES DE AMBIENTES DE ÁREA MAIOR QUE 10M², DESEMPENADO (SEM TALISCAS), ESPESSURA DE 0,5CM. AF_06/2014","M2",17.34]
[87430,"APLICAÇÃO DE GESSO PROJETADO COM EQUIPAMENTO DE PROJEÇÃO EM PAREDES DE AMBIENTES DE ÁREA ENTRE 5M² E 10M², DESEMPENADO (SEM TALISCAS), ESPESSURA DE 0,5CM. AF_06/2014","M2",17.82]
[87431,"APLICAÇÃO DE GESSO PROJETADO COM EQUIPAMENTO DE PROJEÇÃO EM PAREDES DE AMBIENTES DE ÁREA MENOR QUE 5M², DESEMPENADO (SEM TALISCAS), ESPESSURA DE 0,5CM. AF_06/2014","M2",18.06]
[87432,"APLICAÇÃO DE GESSO PROJETADO COM EQUIPAMENTO DE PROJEÇÃO EM PAREDES DE AMBIENTES DE ÁREA MAIOR QUE 10M², DESEMPENADO (SEM TALISCAS), ESPESSURA DE 1,0CM. AF_06/2014","M2",24.73]
[87433,"APLICAÇÃO DE GESSO PROJETADO COM EQUIPAMENTO DE PROJEÇÃO EM PAREDES DE AMBIENTES DE ÁREA ENTRE 5M² E 10M², DESEMPENADO (SEM TALISCAS), ESPESSURA DE 1,0CM. AF_06/2014","M2",25.7]
[87434,"APLICAÇÃO DE GESSO PROJETADO COM EQUIPAMENTO DE PROJEÇÃO EM PAREDES DE AMBIENTES DE ÁREA MENOR QUE 5M², DESEMPENADO (SEM TALISCAS), ESPESSURA DE 1,0CM. AF_06/2014","M2",26.37]
[87435,"APLICAÇÃO DE GESSO PROJETADO COM EQUIPAMENTO DE PROJEÇÃO EM PAREDES DE AMBIENTES DE ÁREA MAIOR QUE 10M², SARRAFEADO (COM TALISCAS), ESPESSURA DE 1,0CM. AF_06/2014","M2",27.76]
[87436,"APLICAÇÃO DE GESSO PROJETADO COM EQUIPAMENTO DE PROJEÇÃO EM PAREDES DE AMBIENTES DE ÁREA ENTRE 5M² E 10M², SARRAFEADO (COM TALISCAS), ESPESSURA DE 1,0CM. AF_06/2014","M2",29.4]
[87437,"APLICAÇÃO DE GESSO PROJETADO COM EQUIPAMENTO DE PROJEÇÃO EM PAREDES DE AMBIENTES DE ÁREA MENOR QUE 5M², SARRAFEADO (COM TALISCAS), ESPESSURA DE 1,0CM. AF_06/2014","M2",30.56]
[87438,"APLICAÇÃO DE GESSO PROJETADO COM EQUIPAMENTO DE PROJEÇÃO EM PAREDES DE AMBIENTES DE ÁREA MAIOR QUE 10M², SARRAFEADO (COM TALISCAS), ESPESSURA DE 1,5CM. AF_06/2014","M2",34.13]
[87439,"APLICAÇÃO DE GESSO PROJETADO COM EQUIPAMENTO DE PROJEÇÃO EM PAREDES DE AMBIENTES DE ÁREA ENTRE 5M² E 10M², SARRAFEADO (COM TALISCAS), ESPESSURA DE 1,5CM. AF_06/2014","M2",36.2]
[87440,"APLICAÇÃO DE GESSO PROJETADO COM EQUIPAMENTO DE PROJEÇÃO EM PAREDES DE AMBIENTES DE ÁREA MENOR QUE 5M², SARRAFEADO (COM TALISCAS), ESPESSURA DE 1,5CM. AF_06/2014","M2",37.17]
[87527,"EMBOÇO, PARA RECEBIMENTO DE CERÂMICA, EM ARGAMASSA TRAÇO 1:2:8, PREPARO MECÂNICO COM BETONEIRA 400L, APLICADO MANUALMENTE EM FACES INTERNAS DE PAREDES, PARA AMBIENTE COM ÁREA MENOR QUE 5M2, ESPESSURA DE 20MM, COM EXECUÇÃO DE TALISCAS. AF_06/2014","M2",32.98]
[87528,"EMBOÇO, PARA RECEBIMENTO DE CERÂMICA, EM ARGAMASSA TRAÇO 1:2:8, PREPARO MANUAL, APLICADO MANUALMENTE EM FACES INTERNAS DE PAREDES, PARA AMBIENTE COM ÁREA MENOR QUE 5M2, ESPESSURA DE 20MM, COM EXECUÇÃO DE TALISCAS. AF_06/2014","M2",37.25]
[87529,"MASSA ÚNICA, PARA RECEBIMENTO DE PINTURA, EM ARGAMASSA TRAÇO 1:2:8, PREPARO MECÂNICO COM BETONEIRA 400L, APLICADA MANUALMENTE EM FACES INTERNAS DE PAREDES, ESPESSURA DE 20MM, COM EXECUÇÃO DE TALISCAS. AF_06/2014","M2",29.55]
[87530,"MASSA ÚNICA, PARA RECEBIMENTO DE PINTURA, EM ARGAMASSA TRAÇO 1:2:8, PREPARO MANUAL, APLICADA MANUALMENTE EM FACES INTERNAS DE PAREDES, ESPESSURA DE 20MM, COM EXECUÇÃO DE TALISCAS. AF_06/2014","M2",33.82]
[87531,"EMBOÇO, PARA RECEBIMENTO DE CERÂMICA, EM ARGAMASSA TRAÇO 1:2:8, PREPARO MECÂNICO COM BETONEIRA 400L, APLICADO MANUALMENTE EM FACES INTERNAS DE PAREDES, PARA AMBIENTE COM ÁREA ENTRE 5M2 E 10M2, ESPESSURA DE 20MM, COM EXECUÇÃO DE TALISCAS. AF_06/2014","M2",28.33]
[87532,"EMBOÇO, PARA RECEBIMENTO DE CERÂMICA, EM ARGAMASSA TRAÇO 1:2:8, PREPARO MANUAL, APLICADO MANUALMENTE EM FACES INTERNAS DE PAREDES, PARA AMBIENTE COM ÁREA  ENTRE 5M2 E 10M2, ESPESSURA DE 20MM, COM EXECUÇÃO DE TALISCAS. AF_06/2014","M2",32.6]
[87535,"EMBOÇO, PARA RECEBIMENTO DE CERÂMICA, EM ARGAMASSA TRAÇO 1:2:8, PREPARO MECÂNICO COM BETONEIRA 400L, APLICADO MANUALMENTE EM FACES INTERNAS DE PAREDES, PARA AMBIENTE COM ÁREA  MAIOR QUE 10M2, ESPESSURA DE 20MM, COM EXECUÇÃO DE TALISCAS. AF_06/2014","M2",24.9]
[87536,"EMBOÇO, PARA RECEBIMENTO DE CERÂMICA, EM ARGAMASSA TRAÇO 1:2:8, PREPARO MANUAL, APLICADO MANUALMENTE EM FACES INTERNAS DE PAREDES, PARA AMBIENTE COM ÁREA  MAIOR QUE 10M2, ESPESSURA DE 20MM, COM EXECUÇÃO DE TALISCAS. AF_06/2014","M2",29.17]
[87537,"EMBOÇO, PARA RECEBIMENTO DE CERÂMICA, EM ARGAMASSA INDUSTRIALIZADA, PREPARO MECÂNICO, APLICADO COM EQUIPAMENTO DE MISTURA E PROJEÇÃO DE 1,5 M3/H DE ARGAMASSA EM FACES INTERNAS DE PAREDES, PARA AMBIENTE COM ÁREA  MENOR QUE 5M2, ESPESSURA DE 20MM, COM EXECUÇÃO DE TALISCAS. AF_06/2014","M2",49.95]
[87538,"MASSA ÚNICA, PARA RECEBIMENTO DE PINTURA, EM ARGAMASSA INDUSTRIALIZADA, PREPARO MECÂNICO, APLICADO COM EQUIPAMENTO DE MISTURA E PROJEÇÃO DE 1,5 M3/H DE ARGAMASSA EM FACES INTERNAS DE PAREDES, ESPESSURA DE 20MM, COM EXECUÇÃO DE TALISCAS. AF_06/2014","M2",47.02]
[87539,"EMBOÇO, PARA RECEBIMENTO DE CERÂMICA, EM ARGAMASSA INDUSTRIALIZADA, PREPARO MECÂNICO, APLICADO COM EQUIPAMENTO DE MISTURA E PROJEÇÃO DE 1,5 M3/H DE ARGAMASSA EM FACES INTERNAS DE PAREDES, PARA AMBIENTE COM ÁREA ENTRE 5M2 E 10M2, ESPESSURA DE 20MM, COM EXECUÇÃO DE TALISCAS. AF_06/2014","M2",45.97]
[87541,"EMBOÇO, PARA RECEBIMENTO DE CERÂMICA, EM ARGAMASSA INDUSTRIALIZADA, PREPARO MECÂNICO, APLICADO COM EQUIPAMENTO DE MISTURA E PROJEÇÃO DE 1,5 M3/H DE ARGAMASSA EM FACES INTERNAS DE PAREDES, PARA AMBIENTE COM ÁREA MAIOR QUE 10M2, ESPESSURA DE 20MM, COM EXECUÇÃO DE TALISCAS. AF_06/2014","M2",43.04]
[87543,"MASSA ÚNICA, PARA RECEBIMENTO DE PINTURA OU CERÂMICA, ARGAMASSA INDUSTRIALIZADA, PREPARO MECÂNICO, APLICADO COM EQUIPAMENTO DE MISTURA E PROJEÇÃO DE 1,5 M3/H EM FACES INTERNAS DE PAREDES, ESPESSURA DE 5MM, SEM EXECUÇÃO DE TALISCAS. AF_06/2014","M2",16.01]
[87545,"EMBOÇO, PARA RECEBIMENTO DE CERÂMICA, EM ARGAMASSA TRAÇO 1:2:8, PREPARO MECÂNICO COM BETONEIRA 400L, APLICADO MANUALMENTE EM FACES INTERNAS DE PAREDES, PARA AMBIENTE COM ÁREA MENOR QUE 5M2, ESPESSURA DE 10MM, COM EXECUÇÃO DE TALISCAS. AF_06/2014","M2",22.78]
[87546,"EMBOÇO, PARA RECEBIMENTO DE CERÂMICA, EM ARGAMASSA TRAÇO 1:2:8, PREPARO MANUAL, APLICADO MANUALMENTE EM FACES INTERNAS DE PAREDES, PARA AMBIENTE COM ÁREA MENOR QUE 5M2, ESPESSURA DE 10MM, COM EXECUÇÃO DE TALISCAS. AF_06/2014","M2",25.2]
[87547,"MASSA ÚNICA, PARA RECEBIMENTO DE PINTURA, EM ARGAMASSA TRAÇO 1:2:8, PREPARO MECÂNICO COM BETONEIRA 400L, APLICADA MANUALMENTE EM FACES INTERNAS DE PAREDES, ESPESSURA DE 10MM, COM EXECUÇÃO DE TALISCAS. AF_06/2014","M2",19.36]
[87548,"MASSA ÚNICA, PARA RECEBIMENTO DE PINTURA, EM ARGAMASSA TRAÇO 1:2:8, PREPARO MANUAL, APLICADA MANUALMENTE EM FACES INTERNAS DE PAREDES, ESPESSURA DE 10MM, COM EXECUÇÃO DE TALISCAS. AF_06/2014","M2",21.78]
[87549,"EMBOÇO, PARA RECEBIMENTO DE CERÂMICA, EM ARGAMASSA TRAÇO 1:2:8, PREPARO MECÂNICO COM BETONEIRA 400L, APLICADO MANUALMENTE EM FACES INTERNAS DE PAREDES, PARA AMBIENTE COM ÁREA ENTRE 5M2 E 10M2, ESPESSURA DE 10MM, COM EXECUÇÃO DE TALISCAS. AF_06/2014","M2",18.12]
[87550,"EMBOÇO, PARA RECEBIMENTO DE CERÂMICA, EM ARGAMASSA TRAÇO 1:2:8, PREPARO MANUAL, APLICADO MANUALMENTE EM FACES INTERNAS DE PAREDES, PARA AMBIENTE COM ÁREA ENTRE 5M2 E 10M2, ESPESSURA DE 10MM, COM EXECUÇÃO DE TALISCAS. AF_06/2014","M2",20.54]
[87553,"EMBOÇO, PARA RECEBIMENTO DE CERÂMICA, EM ARGAMASSA TRAÇO 1:2:8, PREPARO MECÂNICO COM BETONEIRA 400L, APLICADO MANUALMENTE EM FACES INTERNAS DE PAREDES, PARA AMBIENTE COM ÁREA MAIOR QUE 10M2, ESPESSURA DE 10MM, COM EXECUÇÃO DE TALISCAS. AF_06/2014","M2",14.69]
[87554,"EMBOÇO, PARA RECEBIMENTO DE CERÂMICA, EM ARGAMASSA TRAÇO 1:2:8, PREPARO MANUAL, APLICADO MANUALMENTE EM FACES INTERNAS DE PAREDES, PARA AMBIENTE COM ÁREA MAIOR QUE 10M2, ESPESSURA DE 10MM, COM EXECUÇÃO DE TALISCAS. AF_06/2014","M2",17.11]
[87555,"EMBOÇO, PARA RECEBIMENTO DE CERÂMICA, EM ARGAMASSA INDUSTRIALIZADA, PREPARO MECÂNICO, APLICADO COM EQUIPAMENTO DE MISTURA E PROJEÇÃO DE 1,5 M3/H DE ARGAMASSA EM FACES INTERNAS DE PAREDES, PARA AMBIENTE COM ÁREA MENOR QUE 5M2, ESPESSURA DE 10MM, COM EXECUÇÃO DE TALISCAS. AF_06/2014","M2",31.33]
[87556,"MASSA ÚNICA, PARA RECEBIMENTO DE PINTURA, EM ARGAMASSA INDUSTRIALIZADA, PREPARO MECÂNICO, APLICADO COM EQUIPAMENTO DE MISTURA E PROJEÇÃO DE 1,5 M3/H DE ARGAMASSA EM FACES INTERNAS DE PAREDES, ESPESSURA DE 10MM, COM EXECUÇÃO DE TALISCAS. AF_06/2014","M2",28.41]
[87557,"EMBOÇO, PARA RECEBIMENTO DE CERÂMICA, EM ARGAMASSA INDUSTRIALIZADA, PREPARO MECÂNICO, APLICADO COM EQUIPAMENTO DE MISTURA E PROJEÇÃO DE 1,5 M3/H DE ARGAMASSA EM FACES INTERNAS DE PAREDES, PARA AMBIENTE COM ÁREA ENTRE 5M2 E 10M2, ESPESSURA DE 10MM, COM EXECUÇÃO DE TALISCAS. AF_06/2014","M2",27.34]
[87559,"EMBOÇO, PARA RECEBIMENTO DE CERÂMICA, EM ARGAMASSA INDUSTRIALIZADA, PREPARO MECÂNICO, APLICADO COM EQUIPAMENTO DE MISTURA E PROJEÇÃO DE 1,5 M3/H DE ARGAMASSA EM FACES INTERNAS DE PAREDES, PARA AMBIENTE COM ÁREA MAIOR QUE 10M2, ESPESSURA DE 10MM, COM EXECUÇÃO DE TALISCAS. AF_06/2014","M2",24.41]
[87561,"MASSA ÚNICA, PARA RECEBIMENTO DE PINTURA OU CERÂMICA, EM ARGAMASSA INDUSTRIALIZADA, PREPARO MECÂNICO, APLICADO COM EQUIPAMENTO DE MISTURA E PROJEÇÃO DE 1,5 M3/H DE ARGAMASSA EM FACES INTERNAS DE PAREDES, ESPESSURA DE 10MM, SEM EXECUÇÃO DE TALISCAS. AF_06/2014","M2",27.61]
[87775,"EMBOÇO OU MASSA ÚNICA EM ARGAMASSA TRAÇO 1:2:8, PREPARO MECÂNICO COM BETONEIRA 400 L, APLICADA MANUALMENTE EM PANOS DE FACHADA COM PRESENÇA DE VÃOS, ESPESSURA DE 25 MM. AF_06/2014","M2",47.83]
[87777,"EMBOÇO OU MASSA ÚNICA EM ARGAMASSA TRAÇO 1:2:8, PREPARO MANUAL, APLICADA MANUALMENTE EM PANOS DE FACHADA COM PRESENÇA DE VÃOS, ESPESSURA DE 25 MM. AF_06/2014","M2",51.4]
[87778,"EMBOÇO OU MASSA ÚNICA EM ARGAMASSA INDUSTRIALIZADA, PREPARO MECÂNICO E APLICAÇÃO COM EQUIPAMENTO DE MISTURA E PROJEÇÃO DE 1,5 M3/H DE ARGAMASSA EM PANOS DE FACHADA COM PRESENÇA DE VÃOS, ESPESSURA DE 25 MM. AF_06/2014","M2",59.47]
[87779,"EMBOÇO OU MASSA ÚNICA EM ARGAMASSA TRAÇO 1:2:8, PREPARO MECÂNICO COM BETONEIRA 400 L, APLICADA MANUALMENTE EM PANOS DE FACHADA COM PRESENÇA DE VÃOS, ESPESSURA DE 35 MM. AF_06/2014","M2",55.54]
[87781,"EMBOÇO OU MASSA ÚNICA EM ARGAMASSA TRAÇO 1:2:8, PREPARO MANUAL, APLICADA MANUALMENTE EM PANOS DE FACHADA COM PRESENÇA DE VÃOS, ESPESSURA DE 35 MM. AF_06/2014","M2",60.33]
[87783,"EMBOÇO OU MASSA ÚNICA EM ARGAMASSA INDUSTRIALIZADA, PREPARO MECÂNICO E APLICAÇÃO COM EQUIPAMENTO DE MISTURA E PROJEÇÃO DE 1,5 M3/H DE ARGAMASSA EM PANOS DE FACHADA COM PRESENÇA DE VÃOS, ESPESSURA DE 35 MM. AF_06/2014","M2",73.08]
[87784,"EMBOÇO OU MASSA ÚNICA EM ARGAMASSA TRAÇO 1:2:8, PREPARO MECÂNICO COM BETONEIRA 400 L, APLICADA MANUALMENTE EM PANOS DE FACHADA COM PRESENÇA DE VÃOS, ESPESSURA DE 45 MM. AF_06/2014","M2",63.25]
[87786,"EMBOÇO OU MASSA ÚNICA EM ARGAMASSA TRAÇO 1:2:8, PREPARO MANUAL, APLICADA MANUALMENTE EM PANOS DE FACHADA COM PRESENÇA DE VÃOS, ESPESSURA DE 45 MM. AF_06/2014","M2",69.26]
[87787,"EMBOÇO OU MASSA ÚNICA EM ARGAMASSA INDUSTRIALIZADA, PREPARO MECÂNICO E APLICAÇÃO COM EQUIPAMENTO DE MISTURA E PROJEÇÃO DE 1,5 M3/H DE ARGAMASSA EM PANOS DE FACHADA COM PRESENÇA DE VÃOS, ESPESSURA DE 45 MM. AF_06/2014","M2",86.67]
[87788,"EMBOÇO OU MASSA ÚNICA EM ARGAMASSA TRAÇO 1:2:8, PREPARO MECÂNICO COM BETONEIRA 400 L, APLICADA MANUALMENTE EM PANOS DE FACHADA COM PRESENÇA DE VÃOS, ESPESSURA MAIOR OU IGUAL A 50 MM. AF_06/2014","M2",82.31]
[87790,"EMBOÇO OU MASSA ÚNICA EM ARGAMASSA TRAÇO 1:2:8, PREPARO MANUAL, APLICADA MANUALMENTE EM PANOS DE FACHADA COM PRESENÇA DE VÃOS, ESPESSURA MAIOR OU IGUAL A 50 MM. AF_06/2014","M2",88.92]
[87791,"EMBOÇO OU MASSA ÚNICA EM ARGAMASSA INDUSTRIALIZADA, PREPARO MECÂNICO E APLICAÇÃO COM EQUIPAMENTO DE MISTURA E PROJEÇÃO DE 1,5 M3/H DE ARGAMASSA EM PANOS DE FACHADA COM PRESENÇA DE VÃOS, ESPESSURA MAIOR OU IGUAL A 50 MM. AF_06/2014","M2",104.74]
[87792,"EMBOÇO OU MASSA ÚNICA EM ARGAMASSA TRAÇO 1:2:8, PREPARO MECÂNICO COM BETONEIRA 400 L, APLICADA MANUALMENTE EM PANOS CEGOS DE FACHADA (SEM PRESENÇA DE VÃOS), ESPESSURA DE 25 MM. AF_06/2014","M2",30.67]
[87794,"EMBOÇO OU MASSA ÚNICA EM ARGAMASSA TRAÇO 1:2:8, PREPARO MANUAL, APLICADA MANUALMENTE EM PANOS CEGOS DE FACHADA (SEM PRESENÇA DE VÃOS), ESPESSURA DE 25 MM. AF_06/2014","M2",34]
[87795,"EMBOÇO OU MASSA ÚNICA EM ARGAMASSA INDUSTRIALIZADA, PREPARO MECÂNICO E APLICAÇÃO COM EQUIPAMENTO DE MISTURA E PROJEÇÃO DE 1,5 M3/H DE ARGAMASSA EM PANOS CEGOS DE FACHADA (SEM PRESENÇA DE VÃOS), ESPESSURA DE 25 MM. AF_06/2014","M2",41.16]
[87797,"EMBOÇO OU MASSA ÚNICA EM ARGAMASSA TRAÇO 1:2:8, PREPARO MECÂNICO COM BETONEIRA 400 L, APLICADA MANUALMENTE EM PANOS CEGOS DE FACHADA (SEM PRESENÇA DE VÃOS), ESPESSURA DE 35 MM. AF_06/2014","M2",38.11]
[87799,"EMBOÇO OU MASSA ÚNICA EM ARGAMASSA TRAÇO 1:2:8, PREPARO MANUAL, APLICADA MANUALMENTE EM PANOS CEGOS DE FACHADA (SEM PRESENÇA DE VÃOS), ESPESSURA DE 35 MM. AF_06/2014","M2",42.58]
[87800,"EMBOÇO OU MASSA ÚNICA EM ARGAMASSA INDUSTRIALIZADA, PREPARO MECÂNICO E APLICAÇÃO COM EQUIPAMENTO DE MISTURA E PROJEÇÃO DE 1,5 M3/H DE ARGAMASSA EM PANOS CEGOS DE FACHADA (SEM PRESENÇA DE VÃOS), ESPESSURA DE 35 MM. AF_06/2014","M2",54.11]
[87801,"EMBOÇO OU MASSA ÚNICA EM ARGAMASSA TRAÇO 1:2:8, PREPARO MECÂNICO COM BETONEIRA 400 L, APLICADA MANUALMENTE EM PANOS CEGOS DE FACHADA (SEM PRESENÇA DE VÃOS), ESPESSURA DE 45 MM. AF_06/2014","M2",45.56]
[87803,"EMBOÇO OU MASSA ÚNICA EM ARGAMASSA TRAÇO 1:2:8, PREPARO MANUAL, APLICADA MANUALMENTE EM PANOS CEGOS DE FACHADA (SEM PRESENÇA DE VÃOS), ESPESSURA DE 45 MM. AF_06/2014","M2",51.16]
[87804,"EMBOÇO OU MASSA ÚNICA EM ARGAMASSA INDUSTRIALIZADA, PREPARO MECÂNICO E APLICAÇÃO COM EQUIPAMENTO DE MISTURA E PROJEÇÃO DE 1,5 M3/H DE ARGAMASSA EM PANOS CEGOS DE FACHADA (SEM PRESENÇA DE VÃOS), ESPESSURA DE 45 MM. AF_06/2014","M2",67.05]
[87805,"EMBOÇO OU MASSA ÚNICA EM ARGAMASSA TRAÇO 1:2:8, PREPARO MECÂNICO COM BETONEIRA 400 L, APLICADA MANUALMENTE EM PANOS CEGOS DE FACHADA (SEM PRESENÇA DE VÃOS), ESPESSURA MAIOR OU IGUAL A 50 MM. AF_06/2014","M2",52.75]
[87807,"EMBOÇO OU MASSA ÚNICA EM ARGAMASSA TRAÇO 1:2:8, PREPARO MANUAL, APLICADA MANUALMENTE EM PANOS CEGOS DE FACHADA (SEM PRESENÇA DE VÃOS), ESPESSURA MAIOR OU IGUAL A 50 MM. AF_06/2014","M2",58.92]
[87808,"EMBOÇO OU MASSA ÚNICA EM ARGAMASSA INDUSTRIALIZADA, PREPARO MECÂNICO E APLICAÇÃO COM EQUIPAMENTO DE MISTURA E PROJEÇÃO DE 1,5 M3/H DE ARGAMASSA EM PANOS CEGOS DE FACHADA (SEM PRESENÇA DE VÃOS), ESPESSURA MAIOR OU IGUAL A 50 MM. AF_06/2014","M2",73.09]
[87809,"EMBOÇO OU MASSA ÚNICA EM ARGAMASSA TRAÇO 1:2:8, PREPARO MECÂNICO COM BETONEIRA 400 L, APLICADA MANUALMENTE EM SUPERFÍCIES EXTERNAS DA SACADA, ESPESSURA DE 25 MM, SEM USO DE TELA METÁLICA DE REFORÇO CONTRA FISSURAÇÃO. AF_06/2014","M2",78.99]
[87811,"EMBOÇO OU MASSA ÚNICA EM ARGAMASSA TRAÇO 1:2:8, PREPARO MANUAL, APLICADA MANUALMENTE EM SUPERFÍCIES EXTERNAS DA SACADA, ESPESSURA DE 25 MM, SEM USO DE TELA METÁLICA DE REFORÇO CONTRA FISSURAÇÃO. AF_06/2014","M2",82.32]
[87812,"EMBOÇO OU MASSA ÚNICA EM ARGAMASSA INDUSTRIALIZADA, PREPARO MECÂNICO E APLICAÇÃO COM EQUIPAMENTO DE MISTURA E PROJEÇÃO DE 1,5 M3/H EM SUPERFÍCIES EXTERNAS DA SACADA, ESPESSURA 25 MM, SEM USO DE TELA METÁLICA. AF_06/2014","M2",89.05]
[87813,"EMBOÇO OU MASSA ÚNICA EM ARGAMASSA TRAÇO 1:2:8, PREPARO MECÂNICO COM BETONEIRA 400 L, APLICADA MANUALMENTE EM SUPERFÍCIES EXTERNAS DA SACADA, ESPESSURA DE 35 MM, SEM USO DE TELA METÁLICA DE REFORÇO CONTRA FISSURAÇÃO. AF_06/2014","M2",86.43]
[87815,"EMBOÇO OU MASSA ÚNICA EM ARGAMASSA TRAÇO 1:2:8, PREPARO MANUAL, APLICADA MANUALMENTE EM SUPERFÍCIES EXTERNAS DA SACADA, ESPESSURA DE 35 MM, SEM USO DE TELA METÁLICA DE REFORÇO CONTRA FISSURAÇÃO. AF_06/2014","M2",90.9]
[87816,"EMBOÇO OU MASSA ÚNICA EM ARGAMASSA INDUSTRIALIZADA, PREPARO MECÂNICO E APLICAÇÃO COM EQUIPAMENTO DE MISTURA E PROJEÇÃO DE 1,5 M3/H EM SUPERFÍCIES EXTERNAS DA SACADA, ESPESSURA 35 MM, SEM USO DE TELA METÁLICA. AF_06/2014","M2",101.99]
[87817,"EMBOÇO OU MASSA ÚNICA EM ARGAMASSA TRAÇO 1:2:8, PREPARO MECÂNICO COM BETONEIRA 400 L, APLICADA MANUALMENTE EM SUPERFÍCIES EXTERNAS DA SACADA, ESPESSURA DE 45 MM, SEM USO DE TELA METÁLICA DE REFORÇO CONTRA FISSURAÇÃO. AF_06/2014","M2",93.43]
[87819,"EMBOÇO OU MASSA ÚNICA EM ARGAMASSA TRAÇO 1:2:8, PREPARO MANUAL, APLICADA MANUALMENTE EM SUPERFÍCIES EXTERNAS DA SACADA, ESPESSURA DE 45 MM, SEM USO DE TELA METÁLICA DE REFORÇO CONTRA FISSURAÇÃO. AF_06/2014","M2",99.03]
[87820,"EMBOÇO OU MASSA ÚNICA EM ARGAMASSA INDUSTRIALIZADA, PREPARO MECÂNICO E APLICAÇÃO COM EQUIPAMENTO DE MISTURA E PROJEÇÃO DE 1,5 M3/H EM SUPERFÍCIES EXTERNAS DA SACADA, ESPESSURA 45 MM, SEM USO DE TELA METÁLICA. AF_06/2014","M2",114.93]
[87821,"EMBOÇO OU MASSA ÚNICA EM ARGAMASSA TRAÇO 1:2:8, PREPARO MECÂNICO COM BETONEIRA 400 L, APLICADA MANUALMENTE EM SUPERFÍCIES EXTERNAS DA SACADA, ESPESSURA MAIOR OU IGUAL A 50 MM, SEM USO DE TELA METÁLICA DE REFORÇO CONTRA FISSURAÇÃO. AF_06/2014","M2",135.86]
[87823,"EMBOÇO OU MASSA ÚNICA EM ARGAMASSA TRAÇO 1:2:8, PREPARO MANUAL, APLICADA MANUALMENTE EM SUPERFÍCIES EXTERNAS DA SACADA, ESPESSURA MAIOR OU IGUAL A 50 MM, SEM USO DE TELA METÁLICA DE REFORÇO CONTRA FISSURAÇÃO. AF_06/2014","M2",142.03]
[87824,"EMBOÇO OU MASSA ÚNICA EM ARGAMASSA INDUSTRIALIZADA, PREPARO MECÂNICO E APLICAÇÃO COM EQUIPAMENTO DE MISTURA E PROJEÇÃO DE 1,5 M3/H EM SUPERFÍCIES EXTERNAS DA SACADA, ESPESSURA MAIOR OU IGUAL A 50 MM, SEM USO DE TELA METÁLICA. AF_06/2014","M2",155.75]
[87825,"EMBOÇO OU MASSA ÚNICA EM ARGAMASSA TRAÇO 1:2:8, PREPARO MECÂNICO COM BETONEIRA 400 L, APLICADA MANUALMENTE NAS PAREDES INTERNAS DA SACADA, ESPESSURA DE 25 MM, SEM USO DE TELA METÁLICA DE REFORÇO CONTRA FISSURAÇÃO. AF_06/2014","M2",61.59]
[87827,"EMBOÇO OU MASSA ÚNICA EM ARGAMASSA TRAÇO 1:2:8, PREPARO MANUAL, APLICADA MANUALMENTE NAS PAREDES INTERNAS DA SACADA, ESPESSURA DE 25 MM, SEM USO DE TELA METÁLICA DE REFORÇO CONTRA FISSURAÇÃO. AF_06/2014","M2",65.68]
[87828,"EMBOÇO OU MASSA ÚNICA EM ARGAMASSA INDUSTRIALIZADA, PREPARO MECÂNICO E APLICAÇÃO COM EQUIPAMENTO DE MISTURA E PROJEÇÃO DE 1,5 M3/H NAS PAREDES INTERNAS DA SACADA, ESPESSURA 25 MM, SEM USO DE TELA METÁLICA. AF_06/2014","M2",75.72]
[87829,"EMBOÇO OU MASSA ÚNICA EM ARGAMASSA TRAÇO 1:2:8, PREPARO MECÂNICO COM BETONEIRA 400 L, APLICADA MANUALMENTE NAS PAREDES INTERNAS DA SACADA, ESPESSURA DE 35 MM, SEM USO DE TELA METÁLICA DE REFORÇO CONTRA FISSURAÇÃO. AF_06/2014","M2",69.9]
[87831,"EMBOÇO OU MASSA ÚNICA EM ARGAMASSA TRAÇO 1:2:8, PREPARO MANUAL, APLICADA MANUALMENTE NAS PAREDES INTERNAS DA SACADA, ESPESSURA DE 35 MM, SEM USO DE TELA METÁLICA DE REFORÇO CONTRA FISSURAÇÃO. AF_06/2014","M2",75.37]
[87832,"EMBOÇO OU MASSA ÚNICA EM ARGAMASSA INDUSTRIALIZADA, PREPARO MECÂNICO E APLICAÇÃO COM EQUIPAMENTO DE MISTURA E PROJEÇÃO DE 1,5 M3/H DE ARGAMASSA NAS PAREDES INTERNAS DA SACADA, ESPESSURA 35 MM, SEM USO DE TELA METÁLICA. AF_06/2014","M2",90.75]
[87834,"REVESTIMENTO DECORATIVO MONOCAMADA APLICADO MANUALMENTE EM PANOS CEGOS DA FACHADA DE UM EDIFÍCIO DE ESTRUTURA CONVENCIONAL, COM ACABAMENTO RASPADO. AF_06/2014","M2",135.68]
[87835,"REVESTIMENTO DECORATIVO MONOCAMADA APLICADO MANUALMENTE EM PANOS CEGOS DA FACHADA DE UM EDIFÍCIO DE ALVENARIA ESTRUTURAL, COM ACABAMENTO RASPADO. AF_06/2014","M2",93.18]
[87836,"REVESTIMENTO DECORATIVO MONOCAMADA APLICADO COM EQUIPAMENTO DE PROJEÇÃO EM PANOS CEGOS DA FACHADA DE UM EDIFÍCIO DE ESTRUTURA CONVENCIONAL, COM ACABAMENTO RASPADO. AF_06/2014","M2",127.85]
[87837,"REVESTIMENTO DECORATIVO MONOCAMADA APLICADO COM EQUIPAMENTO DE PROJEÇÃO EM PANOS CEGOS DA FACHADA DE UM EDIFÍCIO DE ALVENARIA ESTRUTURAL, COM ACABAMENTO RASPADO. AF_06/2014","M2",86.28]
[87838,"REVESTIMENTO DECORATIVO MONOCAMADA APLICADO MANUALMENTE EM PANOS DA FACHADA COM PRESENÇA DE VÃOS, DE UM EDIFÍCIO DE ESTRUTURA CONVENCIONAL E ACABAMENTO RASPADO. AF_06/2014","M2",143.15]
[87839,"REVESTIMENTO DECORATIVO MONOCAMADA APLICADO MANUALMENTE EM PANOS DA FACHADA COM PRESENÇA DE VÃOS, DE UM EDIFÍCIO DE ALVENARIA ESTRUTURAL E ACABAMENTO RASPADO. AF_06/2014","M2",98.56]
[87840,"REVESTIMENTO DECORATIVO MONOCAMADA APLICADO COM EQUIPAMENTO DE PROJEÇÃO EM PANOS DA FACHADA COM PRESENÇA DE VÃOS, DE UM EDIFÍCIO DE ESTRUTURA CONVENCIONAL E ACABAMENTO RASPADO. AF_06/2014","M2",133.56]
[87841,"REVESTIMENTO DECORATIVO MONOCAMADA APLICADO COM EQUIPAMENTO DE PROJEÇÃO EM PANOS DA FACHADA COM PRESENÇA DE VÃOS, DE UM EDIFÍCIO DE ALVENARIA ESTRUTURAL E ACABAMENTO RASPADO. AF_06/2014","M2",89.87]
[87842,"REVESTIMENTO DECORATIVO MONOCAMADA APLICADO MANUALMENTE EM SUPERFÍCIES EXTERNAS DA SACADA DE UM EDIFÍCIO DE ESTRUTURA CONVENCIONAL E ACABAMENTO RASPADO. AF_06/2014","M2",143.51]
[87843,"REVESTIMENTO DECORATIVO MONOCAMADA APLICADO MANUALMENTE EM SUPERFÍCIES EXTERNAS DA SACADA DE UM EDIFÍCIO DE ALVENARIA ESTRUTURAL E ACABAMENTO RASPADO. AF_06/2014","M2",107.76]
[87844,"REVESTIMENTO DECORATIVO MONOCAMADA APLICADO COM EQUIPAMENTO DE PROJEÇÃO EM SUPERFÍCIES EXTERNAS DA SACADA DE UM EDIFÍCIO DE ESTRUTURA CONVENCIONAL E ACABAMENTO RASPADO. AF_06/2014","M2",129.23]
[87845,"REVESTIMENTO DECORATIVO MONOCAMADA APLICADO COM EQUIPAMENTO DE PROJEÇÃO EM SUPERFÍCIES EXTERNAS DA SACADA DE UM EDIFÍCIO DE ALVENARIA ESTRUTURAL E ACABAMENTO RASPADO. AF_06/2014","M2",94.44]
[87846,"REVESTIMENTO DECORATIVO MONOCAMADA APLICADO MANUALMENTE EM PANOS CEGOS DA FACHADA DE UM EDIFÍCIO DE ESTRUTURA CONVENCIONAL, COM ACABAMENTO TRAVERTINO. AF_06/2014","M2",147.67]
[87847,"REVESTIMENTO DECORATIVO MONOCAMADA APLICADO MANUALMENTE EM PANOS CEGOS DA FACHADA DE UM EDIFÍCIO DE ALVENARIA ESTRUTURAL, COM ACABAMENTO TRAVERTINO. AF_06/2014","M2",105.17]
[87848,"REVESTIMENTO DECORATIVO MONOCAMADA APLICADO COM EQUIPAMENTO DE PROJEÇÃO EM PANOS CEGOS DA FACHADA DE UM EDIFÍCIO DE ESTRUTURA CONVENCIONAL, COM ACABAMENTO TRAVERTINO. AF_06/2014","M2",138.45]
[87849,"REVESTIMENTO DECORATIVO MONOCAMADA APLICADO COM EQUIPAMENTO DE PROJEÇÃO EM PANOS CEGOS DA FACHADA DE UM EDIFÍCIO DE ALVENARIA ESTRUTURAL, COM ACABAMENTO TRAVERTINO. AF_06/2014","M2",96.88]
[87850,"REVESTIMENTO DECORATIVO MONOCAMADA APLICADO MANUALMENTE EM PANOS DA FACHADA COM PRESENÇA DE VÃOS, DE UM EDIFÍCIO DE ESTRUTURA CONVENCIONAL E ACABAMENTO TRAVERTINO. AF_06/2014","M2",155.17]
[87851,"REVESTIMENTO DECORATIVO MONOCAMADA APLICADO MANUALMENTE EM PANOS DA FACHADA COM PRESENÇA DE VÃOS, DE UM EDIFÍCIO DE ALVENARIA ESTRUTURAL E ACABAMENTO TRAVERTINO. AF_06/2014","M2",110.57]
[87852,"REVESTIMENTO DECORATIVO MONOCAMADA APLICADO COM EQUIPAMENTO DE PROJEÇÃO EM PANOS DA FACHADA COM PRESENÇA DE VÃOS, DE UM EDIFÍCIO DE ESTRUTURA CONVENCIONAL E ACABAMENTO TRAVERTINO. AF_06/2014","M2",144.13]
[87853,"REVESTIMENTO DECORATIVO MONOCAMADA APLICADO COM EQUIPAMENTO DE PROJEÇÃO EM PANOS DA FACHADA COM PRESENÇA DE VÃOS, DE UM EDIFÍCIO DE ALVENARIA ESTRUTURAL E ACABAMENTO TRAVERTINO. AF_06/2014","M2",100.44]
[87854,"REVESTIMENTO DECORATIVO MONOCAMADA APLICADO MANUALMENTE EM SUPERFÍCIES EXTERNAS DA SACADA DE UM EDIFÍCIO DE ESTRUTURA CONVENCIONAL E ACABAMENTO TRAVERTINO. AF_06/2014","M2",155.52]
[87855,"REVESTIMENTO DECORATIVO MONOCAMADA APLICADO MANUALMENTE EM SUPERFÍCIES EXTERNAS DA SACADA DE UM EDIFÍCIO DE ALVENARIA ESTRUTURAL E ACABAMENTO TRAVERTINO. AF_06/2014","M2",119.78]
[87856,"REVESTIMENTO DECORATIVO MONOCAMADA APLICADO COM EQUIPAMENTO DE PROJEÇÃO EM SUPERFÍCIES EXTERNAS DA SACADA DE UM EDIFÍCIO DE ESTRUTURA CONVENCIONAL E ACABAMENTO TRAVERTINO. AF_06/2014","M2",139.83]
[87857,"REVESTIMENTO DECORATIVO MONOCAMADA APLICADO COM EQUIPAMENTO DE PROJEÇÃO EM SUPERFÍCIES EXTERNAS DA SACADA DE UM EDIFÍCIO DE ALVENARIA ESTRUTURAL E ACABAMENTO TRAVERTINO. AF_06/2014","M2",105.01]
[87858,"REVESTIMENTO DECORATIVO MONOCAMADA APLICADO MANUALMENTE NAS PAREDES INTERNAS DA SACADA COM ACABAMENTO RASPADO. AF_06/2014","M2",102.73]
[87859,"REVESTIMENTO DECORATIVO MONOCAMADA APLICADO MANUALMENTE NAS PAREDES INTERNAS DA SACADA COM ACABAMENTO TRAVERTINO. AF_06/2014","M2",120.4]
[89048,"(COMPOSIÇÃO REPRESENTATIVA) DO SERVIÇO DE EMBOÇO/MASSA ÚNICA, TRAÇO 1:2:8, PREPARO MECÂNICO, COM BETONEIRA DE 400L, EM PAREDES DE AMBIENTES INTERNOS, COM EXECUÇÃO DE TALISCAS, PARA EDIFICAÇÃO HABITACIONAL MULTIFAMILIAR (PRÉDIO). AF_11/2014","M2",30.28]
[89049,"(COMPOSIÇÃO REPRESENTATIVA) DO SERVIÇO DE APLICAÇÃO MANUAL DE GESSO DESEMPENADO (SEM TALISCAS) EM TETO, ESPESSURA 0,5 CM, PARA EDIFICAÇÃO HABITACIONAL MULTIFAMILIAR (PRÉDIO). AF_11/2014","M2",20.29]
[89173,"(COMPOSIÇÃO REPRESENTATIVA) DO SERVIÇO DE EMBOÇO/MASSA ÚNICA, APLICADO MANUALMENTE, TRAÇO 1:2:8, EM BETONEIRA DE 400L, PAREDES INTERNAS, COM EXECUÇÃO DE TALISCAS, EDIFICAÇÃO HABITACIONAL UNIFAMILIAR (CASAS) E EDIFICAÇÃO PÚBLICA PADRÃO. AF_12/2014","M2",29.73]
[90406,"MASSA ÚNICA, PARA RECEBIMENTO DE PINTURA, EM ARGAMASSA TRAÇO 1:2:8, PREPARO MECÂNICO COM BETONEIRA 400L, APLICADA MANUALMENTE EM TETO, ESPESSURA DE 20MM, COM EXECUÇÃO DE TALISCAS. AF_03/2015","M2",39.57]
[90407,"MASSA ÚNICA, PARA RECEBIMENTO DE PINTURA, EM ARGAMASSA TRAÇO 1:2:8, PREPARO MANUAL, APLICADA MANUALMENTE EM TETO, ESPESSURA DE 20MM, COM EXECUÇÃO DE TALISCAS. AF_03/2015","M2",43.84]
[90408,"MASSA ÚNICA, PARA RECEBIMENTO DE PINTURA, EM ARGAMASSA TRAÇO 1:2:8, PREPARO MECÂNICO COM BETONEIRA 400L, APLICADA MANUALMENTE EM TETO, ESPESSURA DE 10MM, COM EXECUÇÃO DE TALISCAS. AF_03/2015","M2",29.09]
[90409,"MASSA ÚNICA, PARA RECEBIMENTO DE PINTURA, EM ARGAMASSA TRAÇO 1:2:8, PREPARO MANUAL, APLICADA MANUALMENTE EM TETO, ESPESSURA DE 10MM, COM EXECUÇÃO DE TALISCAS. AF_03/2015","M2",31.51]
[5998,"PASTA DE CIMENTO PORTLAND, ESPESSURA 1MM","M2",0.72]
[84084,"APICOAMENTO MANUAL DE SUPERFICIE DE CONCRETO","M2",7.7]
[87242,"REVESTIMENTO CERÂMICO PARA PAREDES EXTERNAS EM PASTILHAS DE PORCELANA 5 X 5 CM (PLACAS DE 30 X 30 CM), ALINHADAS A PRUMO, APLICADO EM PANOS COM VÃOS. AF_06/2014","M2",163.62]
[87243,"REVESTIMENTO CERÂMICO PARA PAREDES EXTERNAS EM PASTILHAS DE PORCELANA 5 X 5 CM (PLACAS DE 30 X 30 CM), ALINHADAS A PRUMO, APLICADO EM PANOS SEM VÃOS. AF_06/2014","M2",148.25]
[87244,"REVESTIMENTO CERÂMICO PARA PAREDES EXTERNAS EM PASTILHAS DE PORCELANA 5 X 5 CM (PLACAS DE 30 X 30 CM), ALINHADAS A PRUMO, APLICADO EM SUPERFÍCIES EXTERNAS DA SACADA. AF_06/2014","M2",160.62]
[87245,"REVESTIMENTO CERÂMICO PARA PAREDES EXTERNAS EM PASTILHAS DE PORCELANA 5 X 5 CM (PLACAS DE 30 X 30 CM), ALINHADAS A PRUMO, APLICADO EM SUPERFÍCIES INTERNAS DA SACADA. AF_06/2014","M2",192.64]
[87264,"REVESTIMENTO CERÂMICO PARA PAREDES INTERNAS COM PLACAS TIPO ESMALTADA EXTRA DE DIMENSÕES 20X20 CM APLICADAS EM AMBIENTES DE ÁREA MENOR QUE 5 M² NA ALTURA INTEIRA DAS PAREDES. AF_06/2014","M2",52.66]
[87265,"REVESTIMENTO CERÂMICO PARA PAREDES INTERNAS COM PLACAS TIPO ESMALTADA EXTRA DE DIMENSÕES 20X20 CM APLICADAS EM AMBIENTES DE ÁREA MAIOR QUE 5 M² NA ALTURA INTEIRA DAS PAREDES. AF_06/2014","M2",44.86]
[87266,"REVESTIMENTO CERÂMICO PARA PAREDES INTERNAS COM PLACAS TIPO ESMALTADA EXTRA DE DIMENSÕES 20X20 CM APLICADAS EM AMBIENTES DE ÁREA MENOR QUE 5 M² A MEIA ALTURA DAS PAREDES. AF_06/2014","M2",55.47]
[87267,"REVESTIMENTO CERÂMICO PARA PAREDES INTERNAS COM PLACAS TIPO ESMALTADA EXTRA DE DIMENSÕES 20X20 CM APLICADAS EM AMBIENTES DE ÁREA MAIOR QUE 5 M² A MEIA ALTURA DAS PAREDES. AF_06/2014","M2",51.96]
[87268,"REVESTIMENTO CERÂMICO PARA PAREDES INTERNAS COM PLACAS TIPO ESMALTADA EXTRA DE DIMENSÕES 25X35 CM APLICADAS EM AMBIENTES DE ÁREA MENOR QUE 5 M² NA ALTURA INTEIRA DAS PAREDES. AF_06/2014","M2",57.38]
[87269,"REVESTIMENTO CERÂMICO PARA PAREDES INTERNAS COM PLACAS TIPO ESMALTADA EXTRA DE DIMENSÕES 25X35 CM APLICADAS EM AMBIENTES DE ÁREA MAIOR QUE 5 M² NA ALTURA INTEIRA DAS PAREDES. AF_06/2014","M2",48.89]
[87270,"REVESTIMENTO CERÂMICO PARA PAREDES INTERNAS COM PLACAS TIPO ESMALTADA EXTRA DE DIMENSÕES 25X35 CM APLICADAS EM AMBIENTES DE ÁREA MENOR QUE 5 M² A MEIA ALTURA DAS PAREDES. AF_06/2014","M2",59.74]
[87271,"REVESTIMENTO CERÂMICO PARA PAREDES INTERNAS COM PLACAS TIPO ESMALTADA EXTRA DE DIMENSÕES 25X35 CM APLICADAS EM AMBIENTES DE ÁREA MAIOR QUE 5 M² A MEIA ALTURA DAS PAREDES. AF_06/2014","M2",55.77]
[87272,"REVESTIMENTO CERÂMICO PARA PAREDES INTERNAS COM PLACAS TIPO ESMALTADA EXTRA  DE DIMENSÕES 33X45 CM APLICADAS EM AMBIENTES DE ÁREA MENOR QUE 5 M² NA ALTURA INTEIRA DAS PAREDES. AF_06/2014","M2",61.61]
[87273,"REVESTIMENTO CERÂMICO PARA PAREDES INTERNAS COM PLACAS TIPO ESMALTADA EXTRA DE DIMENSÕES 33X45 CM APLICADAS EM AMBIENTES DE ÁREA MAIOR QUE 5 M² NA ALTURA INTEIRA DAS PAREDES. AF_06/2014","M2",51.2]
[87274,"REVESTIMENTO CERÂMICO PARA PAREDES INTERNAS COM PLACAS TIPO ESMALTADA EXTRA DE DIMENSÕES 33X45 CM APLICADAS EM AMBIENTES DE ÁREA MENOR QUE 5 M² A MEIA ALTURA DAS PAREDES. AF_06/2014","M2",63.27]
[87275,"REVESTIMENTO CERÂMICO PARA PAREDES INTERNAS COM PLACAS TIPO ESMALTADA EXTRA  DE DIMENSÕES 33X45 CM APLICADAS EM AMBIENTES DE ÁREA MAIOR QUE 5 M² A MEIA ALTURA DAS PAREDES. AF_06/2014","M2",59.71]
[88786,"REVESTIMENTO CERÂMICO PARA PAREDES EXTERNAS EM PASTILHAS DE PORCELANA 2,5 X 2,5 CM (PLACAS DE 30 X 30 CM), ALINHADAS A PRUMO, APLICADO EM PANOS COM VÃOS. AF_10/2014","M2",180.57]
[88787,"REVESTIMENTO CERÂMICO PARA PAREDES EXTERNAS EM PASTILHAS DE PORCELANA 2,5 X 2,5 CM (PLACAS DE 30 X 30 CM), ALINHADAS A PRUMO, APLICADO EM PANOS SEM VÃOS. AF_10/2014","M2",164.47]
[88788,"REVESTIMENTO CERÂMICO PARA PAREDES EXTERNAS EM PASTILHAS DE PORCELANA 2,5 X 2,5 CM (PLACAS DE 30 X 30 CM), ALINHADAS A PRUMO, APLICADO EM SUPERFÍCIES EXTERNAS DA SACADA. AF_10/2014","M2",176.84]
[88789,"REVESTIMENTO CERÂMICO PARA PAREDES EXTERNAS EM PASTILHAS DE PORCELANA 2,5 X 2,5 CM (PLACAS DE 30 X 30 CM), ALINHADAS A PRUMO, APLICADO EM SUPERFÍCIES INTERNAS DA SACADA. AF_10/2014","M2",211.34]
[89045,"(COMPOSIÇÃO REPRESENTATIVA) DO SERVIÇO DE REVESTIMENTO CERÂMICO PARA AMBIENTES DE ÁREAS MOLHADAS, MEIA PAREDE OU PAREDE INTEIRA, COM PLACAS TIPO GRÊS OU SEMI-GRÊS, DIMENSÕES 20X20 CM, PARA EDIFICAÇÃO HABITACIONAL MULTIFAMILIAR (PRÉDIO). AF_11/2014","M2",52.47]
[89170,"(COMPOSIÇÃO REPRESENTATIVA) DO SERVIÇO DE REVESTIMENTO CERÂMICO PARA PAREDES INTERNAS, MEIA PAREDE, OU PAREDE INTEIRA, PLACAS GRÊS OU SEMI-GRÊS DE 20X20 CM, PARA EDIFICAÇÕES HABITACIONAIS UNIFAMILIAR (CASAS) E EDIFICAÇÕES PÚBLICAS PADRÃO. AF_11/2014","M2",50.5]
[93392,"REVESTIMENTO CERÂMICO PARA PAREDES INTERNAS COM PLACAS TIPO ESMALTADA PADRÃO POPULAR DE DIMENSÕES 20X20 CM, ARGAMASSA TIPO AC I, APLICADAS EM AMBIENTES DE ÁREA MENOR QUE 5 M2 NA ALTURA INTEIRA DAS PAREDES. AF_06/2014","M2",43.14]
[93393,"REVESTIMENTO CERÂMICO PARA PAREDES INTERNAS COM PLACAS TIPO ESMALTADA PADRÃO POPULAR DE DIMENSÕES 20X20 CM, ARGAMASSA TIPO AC I, APLICADAS EM AMBIENTES DE ÁREA MAIOR QUE 5 M2 NA ALTURA INTEIRA DAS PAREDES. AF_06/2014","M2",35.43]
[93394,"REVESTIMENTO CERÂMICO PARA PAREDES INTERNAS COM PLACAS TIPO ESMALTADA PADRÃO POPULAR DE DIMENSÕES 20X20 CM, ARGAMASSA TIPO AC I, APLICADAS EM AMBIENTES DE ÁREA MENOR QUE 5 M2 A MEIA ALTURA DAS PAREDES. AF_06/2014","M2",45.95]
[93395,"REVESTIMENTO CERÂMICO PARA PAREDES INTERNAS COM PLACAS TIPO ESMALTADA PADRÃO POPULAR DE DIMENSÕES 20X20 CM, ARGAMASSA TIPO AC I, APLICADAS EM AMBIENTES DE ÁREA MAIOR QUE 5 M2 A MEIA ALTURA DAS PAREDES. AF_06/2014","M2",42.44]
[99194,"REVESTIMENTO CERÂMICO PARA PAREDES INTERNAS COM PLACAS TIPO ESMALTADA PADRÃO POPULAR DE DIMENSÕES 20X20 CM, ARGAMASSA TIPO AC III, APLICADAS EM AMBIENTES DE ÁREA MENOR QUE 5 M2 NA ALTURA INTEIRA DAS PAREDES. AF_06/2014","M2",48.2]
[99195,"REVESTIMENTO CERÂMICO PARA PAREDES INTERNAS COM PLACAS TIPO ESMALTADA PADRÃO POPULAR DE DIMENSÕES 20X20 CM, ARGAMASSA TIPO AC III, APLICADAS EM AMBIENTES DE ÁREA MAIOR QUE 5 M2 NA ALTURA INTEIRA DAS PAREDES. AF_06/2014","M2",40.49]
[99196,"REVESTIMENTO CERÂMICO PARA PAREDES INTERNAS COM PLACAS TIPO ESMALTADA PADRÃO POPULAR DE DIMENSÕES 20X20 CM, ARGAMASSA TIPO AC III, APLICADAS EM AMBIENTES DE ÁREA MENOR QUE 5 M2 A MEIA ALTURA DAS PAREDES. AF_06/2014","M2",51.01]
[99198,"REVESTIMENTO CERÂMICO PARA PAREDES INTERNAS COM PLACAS TIPO ESMALTADA PADRÃO POPULAR DE DIMENSÕES 20X20 CM, ARGAMASSA TIPO AC III, APLICADAS EM AMBIENTES DE ÁREA MAIOR QUE 5 M2 A MEIA ALTURA DAS PAREDES. AF_06/2014","M2",47.5]
[84088,"PEITORIL EM MARMORE BRANCO, LARGURA DE 15CM, ASSENTADO COM ARGAMASSA TRACO 1:4 (CIMENTO E AREIA MEDIA), PREPARO MANUAL DA ARGAMASSA","M",80.89]
[84089,"PEITORIL EM MARMORE BRANCO, LARGURA DE 25CM, ASSENTADO COM ARGAMASSA TRACO 1:3 (CIMENTO E AREIA MEDIA), PREPARO MANUAL DA ARGAMASSA","M",114.53]
[40675,"ASSENTAMENTO DE PEITORIL COM ARGAMASSA DE CIMENTO COLANTE","M",5.1]
[84093,"TABEIRA DE MADEIRA LEI, 1A QUALIDADE, 2,5X30,0CM PARA BEIRAL DE TELHADO","M",33.03]
[96112,"FORRO EM MADEIRA PINUS, PARA AMBIENTES RESIDENCIAIS, INCLUSIVE ESTRUTURA DE FIXAÇÃO. AF_05/2017","M2",103.7]
[96117,"FORRO EM MADEIRA PINUS, PARA AMBIENTES COMERCIAIS, INCLUSIVE ESTRUTURA DE FIXAÇÃO. AF_05/2017","M2",118.17]
[96122,"ACABAMENTOS PARA FORRO (RODA-FORRO EM MADEIRA PINUS). AF_05/2017","M",27.65]
[96109,"FORRO EM PLACAS DE GESSO, PARA AMBIENTES RESIDENCIAIS. AF_05/2017_P","M2",43.03]
[96110,"FORRO EM DRYWALL, PARA AMBIENTES RESIDENCIAIS, INCLUSIVE ESTRUTURA DE FIXAÇÃO. AF_05/2017_P","M2",61.47]
[96113,"FORRO EM PLACAS DE GESSO, PARA AMBIENTES COMERCIAIS. AF_05/2017_P","M2",38.05]
[96114,"FORRO EM DRYWALL, PARA AMBIENTES COMERCIAIS, INCLUSIVE ESTRUTURA DE FIXAÇÃO. AF_05/2017_P","M2",61.64]
[96120,"ACABAMENTOS PARA FORRO (MOLDURA DE GESSO). AF_05/2017","M",2.92]
[96123,"ACABAMENTOS PARA FORRO (MOLDURA EM DRYWALL, COM LARGURA DE 15 CM). AF_05/2017_P","M",25.16]
[99054,"ACABAMENTOS PARA FORRO (SANCA DE GESSO MONTADA NA OBRA). AF_05/2017_P","M2",53.02]
[72200,"REVESTIMENTO EM LAMINADO MELAMINICO TEXTURIZADO, ESPESSURA 0,8 MM, FIXADO COM COLA","M2",88.14]
["73807/1","CORRIMAO EM MARMORITE, LARGURA 15CM","M",104.94]
[72201,"RECOLOCACO DE FORROS EM REGUA DE PVC E PERFIS, CONSIDERANDO REAPROVEITAMENTO DO MATERIAL","M2",13.34]
[96111,"FORRO EM RÉGUAS DE PVC, FRISADO, PARA AMBIENTES RESIDENCIAIS, INCLUSIVE ESTRUTURA DE FIXAÇÃO. AF_05/2017_P","M2",41.27]
[96116,"FORRO EM RÉGUAS DE PVC, FRISADO, PARA AMBIENTES COMERCIAIS, INCLUSIVE ESTRUTURA DE FIXAÇÃO. AF_05/2017_P","M2",44.13]
[96121,"ACABAMENTOS PARA FORRO (RODA-FORRO EM PERFIL METÁLICO E PLÁSTICO). AF_05/2017","M",8.72]
[96485,"FORRO EM RÉGUAS DE PVC, LISO, PARA AMBIENTES RESIDENCIAIS, INCLUSIVE ESTRUTURA DE FIXAÇÃO. AF_05/2017_P","M2",47.21]
[96486,"FORRO DE PVC, LISO, PARA AMBIENTES COMERCIAIS, INCLUSIVE ESTRUTURA DE FIXAÇÃO. AF_05/2017_P","M2",50.43]
[72198,"ISOLAMENTO TERMICO COM ARGAMASSA TRACO 1:3 (CIMENTO E AREIA GROSSA NAO PENEIRADA), COM ADICAO DE PEROLAS DE ISOPOR, ESPESSURA 6CM, PREPARO MANUAL DA ARGAMASSA","M2",111.89]
["73833/1","ISOLAMENTO TERMICO COM MANTA DE LA DE VIDRO, ESPESSURA 2,5CM","M2",58.88]
[83730,"REPARO ESTRUTURAL DE ESTRUTURAS DE CONCRETO COM ARGAMASSA POLIMERICA DE ALTO DESEMPENHO, E=2 CM","M2",208.76]
[83736,"REPARO/COLAGEM DE ESTRUTURAS DE CONCRETO COM ADESIVO ESTRUTURAL A BASE DE EPOXI, E=2 MM","M2",194.63]
[91514,"ESTUCAMENTO DE PANOS DE FACHADA SEM VÃOS DO SISTEMA DE PAREDES DE CONCRETO EM EDIFICAÇÕES DE MÚLTIPLOS PAVIMENTOS. AF_06/2015","M2",6.33]
[91515,"ESTUCAMENTO DE PANOS DE FACHADA COM VÃOS DO SISTEMA DE PAREDES DE CONCRETO EM EDIFICAÇÕES DE MÚLTIPLOS PAVIMENTOS. AF_06/2015","M2",8.38]
[91516,"ESTUCAMENTO DE SUPERFÍCIE EXTERNA DA SACADA DO SISTEMA DE PAREDES DE CONCRETO EM EDIFICAÇÕES DE MÚLTIPLOS PAVIMENTOS. AF_06/2015","M2",12.26]
[91517,"ESTUCAMENTO DE PANOS DE FACHADA SEM VÃOS DO SISTEMA DE PAREDES DE CONCRETO EM EDIFICAÇÕES DE PAVIMENTO ÚNICO. AF_06/2015","M2",13.65]
[91519,"ESTUCAMENTO DE PANOS DE FACHADA COM VÃOS DO SISTEMA DE PAREDES DE CONCRETO EM EDIFICAÇÕES DE PAVIMENTO ÚNICO. AF_06/2015","M2",15.68]
[91520,"ESTUCAMENTO DE DENSIDADE BAIXA NAS FACES INTERNAS DE PAREDES DO SISTEMA DE PAREDES DE CONCRETO. AF_06/2015","M2",2.27]
[91522,"ESTUCAMENTO, PARA QUALQUER REVESTIMENTO, EM TETO DO SISTEMA DE PAREDES DE CONCRETO. AF_06/2015","M2",2.74]
[91525,"ESTUCAMENTO DE DENSIDADE ALTA, NAS FACES INTERNAS DE PAREDES DO SISTEMA DE PAREDES DE CONCRETO. AF_06/2015","M2",4.92]
[73548,"ARGAMASSA TRACO 1:3 (CIMENTO E AREIA), PREPARO MANUAL, INCLUSO ADITIVO IMPERMEABILIZANTE","M3",499.22]
[73549,"ARGAMASSA TRACO 1:4 (CIMENTO E AREIA), PREPARO MANUAL, INCLUSO ADITIVO IMPERMEABILIZANTE","M3",484.68]
[87280,"ARGAMASSA TRAÇO 1:7 (CIMENTO E AREIA MÉDIA) COM ADIÇÃO DE PLASTIFICANTE PARA EMBOÇO/MASSA ÚNICA/ASSENTAMENTO DE ALVENARIA DE VEDAÇÃO, PREPARO MECÂNICO COM BETONEIRA 400 L. AF_06/2014","M3",282.08]
[87281,"ARGAMASSA TRAÇO 1:7 (CIMENTO E AREIA MÉDIA) COM ADIÇÃO DE PLASTIFICANTE PARA EMBOÇO/MASSA ÚNICA/ASSENTAMENTO DE ALVENARIA DE VEDAÇÃO, PREPARO MECÂNICO COM BETONEIRA 600 L. AF_06/2014","M3",277.01]
[87283,"ARGAMASSA TRAÇO 1:6 (CIMENTO E AREIA MÉDIA) COM ADIÇÃO DE PLASTIFICANTE PARA EMBOÇO/MASSA ÚNICA/ASSENTAMENTO DE ALVENARIA DE VEDAÇÃO, PREPARO MECÂNICO COM BETONEIRA 400 L. AF_06/2014","M3",303.93]
[87284,"ARGAMASSA TRAÇO 1:6 (CIMENTO E AREIA MÉDIA) COM ADIÇÃO DE PLASTIFICANTE PARA EMBOÇO/MASSA ÚNICA/ASSENTAMENTO DE ALVENARIA DE VEDAÇÃO, PREPARO MECÂNICO COM BETONEIRA 600 L. AF_06/2014","M3",280.92]
[87286,"ARGAMASSA TRAÇO 1:1:6 (CIMENTO, CAL E AREIA MÉDIA) PARA EMBOÇO/MASSA ÚNICA/ASSENTAMENTO DE ALVENARIA DE VEDAÇÃO, PREPARO MECÂNICO COM BETONEIRA 400 L. AF_06/2014","M3",298.34]
[87287,"ARGAMASSA TRAÇO 1:1:6 (CIMENTO, CAL E AREIA MÉDIA) PARA EMBOÇO/MASSA ÚNICA/ASSENTAMENTO DE ALVENARIA DE VEDAÇÃO, PREPARO MECÂNICO COM BETONEIRA 600 L. AF_06/2014","M3",376.13]
[87289,"ARGAMASSA TRAÇO 1:1,5:7,5 (CIMENTO, CAL E AREIA MÉDIA) PARA EMBOÇO/MASSA ÚNICA/ASSENTAMENTO DE ALVENARIA DE VEDAÇÃO, PREPARO MECÂNICO COM BETONEIRA 400 L. AF_06/2014","M3",373.46]
[87290,"ARGAMASSA TRAÇO 1:1,5:7,5 (CIMENTO, CAL E AREIA MÉDIA) PARA EMBOÇO/MASSA ÚNICA/ASSENTAMENTO DE ALVENARIA DE VEDAÇÃO, PREPARO MECÂNICO COM BETONEIRA 600 L. AF_06/2014","M3",367.8]
[87292,"ARGAMASSA TRAÇO 1:2:8 (CIMENTO, CAL E AREIA MÉDIA) PARA EMBOÇO/MASSA ÚNICA/ASSENTAMENTO DE ALVENARIA DE VEDAÇÃO, PREPARO MECÂNICO COM BETONEIRA 400 L. AF_06/2014","M3",395.78]
[87294,"ARGAMASSA TRAÇO 1:2:9 (CIMENTO, CAL E AREIA MÉDIA) PARA EMBOÇO/MASSA ÚNICA/ASSENTAMENTO DE ALVENARIA DE VEDAÇÃO, PREPARO MECÂNICO COM BETONEIRA 600 L. AF_06/2014","M3",376.14]
[87295,"ARGAMASSA TRAÇO 1:3:12 (CIMENTO, CAL E AREIA MÉDIA) PARA EMBOÇO/MASSA ÚNICA/ASSENTAMENTO DE ALVENARIA DE VEDAÇÃO, PREPARO MECÂNICO COM BETONEIRA 400 L. AF_06/2014","M3",393.13]
[87296,"ARGAMASSA TRAÇO 1:3:12 (CIMENTO, CAL E AREIA MÉDIA) PARA EMBOÇO/MASSA ÚNICA/ASSENTAMENTO DE ALVENARIA DE VEDAÇÃO, PREPARO MECÂNICO COM BETONEIRA 600 L. AF_06/2014","M3",370.23]
[87298,"ARGAMASSA TRAÇO 1:3 (CIMENTO E AREIA MÉDIA) PARA CONTRAPISO, PREPARO MECÂNICO COM BETONEIRA 400 L. AF_06/2014","M3",409.57]
[87299,"ARGAMASSA TRAÇO 1:3 (CIMENTO E AREIA MÉDIA) PARA CONTRAPISO, PREPARO MECÂNICO COM BETONEIRA 600 L. AF_06/2014","M3",392.97]
[87301,"ARGAMASSA TRAÇO 1:4 (CIMENTO E AREIA MÉDIA) PARA CONTRAPISO, PREPARO MECÂNICO COM BETONEIRA 400 L. AF_06/2014","M3",369.15]
[87302,"ARGAMASSA TRAÇO 1:4 (CIMENTO E AREIA MÉDIA) PARA CONTRAPISO, PREPARO MECÂNICO COM BETONEIRA 600 L. AF_06/2014","M3",355.82]
[87304,"ARGAMASSA TRAÇO 1:5 (CIMENTO E AREIA MÉDIA) PARA CONTRAPISO, PREPARO MECÂNICO COM BETONEIRA 400 L. AF_06/2014","M3",347.55]
[87305,"ARGAMASSA TRAÇO 1:5 (CIMENTO E AREIA MÉDIA) PARA CONTRAPISO, PREPARO MECÂNICO COM BETONEIRA 600 L. AF_06/2014","M3",333.17]
[87307,"ARGAMASSA TRAÇO 1:6 (CIMENTO E AREIA MÉDIA) PARA CONTRAPISO, PREPARO MECÂNICO COM BETONEIRA 400 L. AF_06/2014","M3",324.59]
[87308,"ARGAMASSA TRAÇO 1:6 (CIMENTO E AREIA MÉDIA) PARA CONTRAPISO, PREPARO MECÂNICO COM BETONEIRA 600 L. AF_06/2014","M3",313.4]
[87310,"ARGAMASSA TRAÇO 1:5 (CIMENTO E AREIA GROSSA) PARA CHAPISCO CONVENCIONAL, PREPARO MECÂNICO COM BETONEIRA 400 L. AF_06/2014","M3",285.63]
[87311,"ARGAMASSA TRAÇO 1:5 (CIMENTO E AREIA GROSSA) PARA CHAPISCO CONVENCIONAL, PREPARO MECÂNICO COM BETONEIRA 600 L. AF_06/2014","M3",277.9]
[87313,"ARGAMASSA TRAÇO 1:3 (CIMENTO E AREIA GROSSA) PARA CHAPISCO CONVENCIONAL, PREPARO MECÂNICO COM BETONEIRA 400 L. AF_06/2014","M3",331.67]
[87314,"ARGAMASSA TRAÇO 1:3 (CIMENTO E AREIA GROSSA) PARA CHAPISCO CONVENCIONAL, PREPARO MECÂNICO COM BETONEIRA 600 L. AF_06/2014","M3",324.54]
[87316,"ARGAMASSA TRAÇO 1:4 (CIMENTO E AREIA GROSSA) PARA CHAPISCO CONVENCIONAL, PREPARO MECÂNICO COM BETONEIRA 400 L. AF_06/2014","M3",309.87]
[87317,"ARGAMASSA TRAÇO 1:4 (CIMENTO E AREIA GROSSA) PARA CHAPISCO CONVENCIONAL, PREPARO MECÂNICO COM BETONEIRA 600 L. AF_06/2014","M3",297.1]
[87319,"ARGAMASSA TRAÇO 1:5 (CIMENTO E AREIA GROSSA) COM ADIÇÃO DE EMULSÃO POLIMÉRICA PARA CHAPISCO ROLADO, PREPARO MECÂNICO COM BETONEIRA 400 L. AF_06/2014","M3",1932.03]
[87320,"ARGAMASSA TRAÇO 1:5 (CIMENTO E AREIA GROSSA) COM ADIÇÃO DE EMULSÃO POLIMÉRICA PARA CHAPISCO ROLADO, PREPARO MECÂNICO COM BETONEIRA 600 L. AF_06/2014","M3",1931.72]
[87322,"ARGAMASSA TRAÇO 1:3 (CIMENTO E AREIA GROSSA) COM ADIÇÃO DE EMULSÃO POLIMÉRICA PARA CHAPISCO ROLADO, PREPARO MECÂNICO COM BETONEIRA 400 L. AF_06/2014","M3",1984.14]
[87323,"ARGAMASSA TRAÇO 1:3 (CIMENTO E AREIA GROSSA) COM ADIÇÃO DE EMULSÃO POLIMÉRICA PARA CHAPISCO ROLADO, PREPARO MECÂNICO COM BETONEIRA 600 L. AF_06/2014","M3",1970.58]
[87325,"ARGAMASSA TRAÇO 1:4 (CIMENTO E AREIA GROSSA) COM ADIÇÃO DE EMULSÃO POLIMÉRICA PARA CHAPISCO ROLADO, PREPARO MECÂNICO COM BETONEIRA 400 L. AF_06/2014","M3",1955.04]
[87326,"ARGAMASSA TRAÇO 1:4 (CIMENTO E AREIA GROSSA) COM ADIÇÃO DE EMULSÃO POLIMÉRICA PARA CHAPISCO ROLADO, PREPARO MECÂNICO COM BETONEIRA 600 L. AF_06/2014","M3",1947.08]
[87327,"ARGAMASSA TRAÇO 1:7 (CIMENTO E AREIA MÉDIA) COM ADIÇÃO DE PLASTIFICANTE PARA EMBOÇO/MASSA ÚNICA/ASSENTAMENTO DE ALVENARIA DE VEDAÇÃO, PREPARO MECÂNICO COM MISTURADOR DE EIXO HORIZONTAL DE 300 KG. AF_06/2014","M3",305.11]
[87328,"ARGAMASSA TRAÇO 1:7 (CIMENTO E AREIA MÉDIA) COM ADIÇÃO DE PLASTIFICANTE PARA EMBOÇO/MASSA ÚNICA/ASSENTAMENTO DE ALVENARIA DE VEDAÇÃO, PREPARO MECÂNICO COM MISTURADOR DE EIXO HORIZONTAL DE 600 KG. AF_06/2014","M3",262.66]
[87329,"ARGAMASSA TRAÇO 1:6 (CIMENTO E AREIA MÉDIA) COM ADIÇÃO DE PLASTIFICANTE PARA EMBOÇO/MASSA ÚNICA/ASSENTAMENTO DE ALVENARIA DE VEDAÇÃO, PREPARO MECÂNICO COM MISTURADOR DE EIXO HORIZONTAL DE 300 KG. AF_06/2014","M3",328.61]
[87330,"ARGAMASSA TRAÇO 1:6 (CIMENTO E AREIA MÉDIA) COM ADIÇÃO DE PLASTIFICANTE PARA EMBOÇO/MASSA ÚNICA/ASSENTAMENTO DE ALVENARIA DE VEDAÇÃO, PREPARO MECÂNICO COM MISTURADOR DE EIXO HORIZONTAL DE 600 KG. AF_06/2014","M3",282.97]
[87331,"ARGAMASSA TRAÇO 1:1:6 (CIMENTO, CAL E AREIA MÉDIA) PARA EMBOÇO/MASSA ÚNICA/ASSENTAMENTO DE ALVENARIA DE VEDAÇÃO, PREPARO MECÂNICO COM MISTURADOR DE EIXO HORIZONTAL DE 300 KG. AF_06/2014","M3",402.85]
[87332,"ARGAMASSA TRAÇO 1:1:6 (CIMENTO, CAL E AREIA MÉDIA) PARA EMBOÇO/MASSA ÚNICA/ASSENTAMENTO DE ALVENARIA DE VEDAÇÃO, PREPARO MECÂNICO COM MISTURADOR DE EIXO HORIZONTAL DE 600 KG. AF_06/2014","M3",357.76]
[87333,"ARGAMASSA TRAÇO 1:1,5:7,5 (CIMENTO, CAL E AREIA MÉDIA) PARA EMBOÇO/MASSA ÚNICA/ASSENTAMENTO DE ALVENARIA DE VEDAÇÃO, PREPARO MECÂNICO COM MISTURADOR DE EIXO HORIZONTAL DE 300 KG. AF_06/2014","M3",381.83]
[87334,"ARGAMASSA TRAÇO 1:1,5:7,5 (CIMENTO, CAL E AREIA MÉDIA) PARA EMBOÇO/MASSA ÚNICA/ASSENTAMENTO DE ALVENARIA DE VEDAÇÃO, PREPARO MECÂNICO COM MISTURADOR DE EIXO HORIZONTAL DE 600 KG. AF_06/2014","M3",348.72]
[87335,"ARGAMASSA TRAÇO 1:2:8 (CIMENTO, CAL E AREIA MÉDIA) PARA EMBOÇO/MASSA ÚNICA/ASSENTAMENTO DE ALVENARIA DE VEDAÇÃO, PREPARO MECÂNICO COM MISTURADOR DE EIXO HORIZONTAL DE 300 KG. AF_06/2014","M3",393.14]
[87336,"ARGAMASSA TRAÇO 1:2:8 (CIMENTO, CAL E AREIA MÉDIA) PARA EMBOÇO/MASSA ÚNICA/ASSENTAMENTO DE ALVENARIA DE VEDAÇÃO, PREPARO MECÂNICO COM MISTURADOR DE EIXO HORIZONTAL DE 600 KG. AF_06/2014","M3",368.48]
[87337,"ARGAMASSA TRAÇO 1:2:9 (CIMENTO, CAL E AREIA MÉDIA) PARA EMBOÇO/MASSA ÚNICA/ASSENTAMENTO DE ALVENARIA DE VEDAÇÃO, PREPARO MECÂNICO COM MISTURADOR DE EIXO HORIZONTAL DE 300 KG. AF_06/2014","M3",373.93]
[87338,"ARGAMASSA TRAÇO 1:3:12 (CIMENTO, CAL E AREIA MÉDIA) PARA EMBOÇO/MASSA ÚNICA/ASSENTAMENTO DE ALVENARIA DE VEDAÇÃO, PREPARO MECÂNICO COM MISTURADOR DE EIXO HORIZONTAL DE 600 KG. AF_06/2014","M3",367.46]
[87339,"ARGAMASSA TRAÇO 1:3 (CIMENTO E AREIA MÉDIA) PARA CONTRAPISO, PREPARO MECÂNICO COM MISTURADOR DE EIXO HORIZONTAL DE 160 KG. AF_06/2014","M3",504.19]
[87340,"ARGAMASSA TRAÇO 1:3 (CIMENTO E AREIA MÉDIA) PARA CONTRAPISO, PREPARO MECÂNICO COM MISTURADOR DE EIXO HORIZONTAL DE 300 KG. AF_06/2014","M3",399.92]
[87341,"ARGAMASSA TRAÇO 1:3 (CIMENTO E AREIA MÉDIA) PARA CONTRAPISO, PREPARO MECÂNICO COM MISTURADOR DE EIXO HORIZONTAL DE 600 KG. AF_06/2014","M3",380.68]
[87342,"ARGAMASSA TRAÇO 1:4 (CIMENTO E AREIA MÉDIA) PARA CONTRAPISO, PREPARO MECÂNICO COM MISTURADOR DE EIXO HORIZONTAL DE 160 KG. AF_06/2014","M3",436.93]
[87343,"ARGAMASSA TRAÇO 1:4 (CIMENTO E AREIA MÉDIA) PARA CONTRAPISO, PREPARO MECÂNICO COM MISTURADOR DE EIXO HORIZONTAL DE 300 KG. AF_06/2014","M3",370.06]
[87344,"ARGAMASSA TRAÇO 1:4 (CIMENTO E AREIA MÉDIA) PARA CONTRAPISO, PREPARO MECÂNICO COM MISTURADOR DE EIXO HORIZONTAL DE 600 KG. AF_06/2014","M3",342.53]
[87345,"ARGAMASSA TRAÇO 1:5 (CIMENTO E AREIA MÉDIA) PARA CONTRAPISO, PREPARO MECÂNICO COM MISTURADOR DE EIXO HORIZONTAL DE 160 KG. AF_06/2014","M3",382.49]
[87346,"ARGAMASSA TRAÇO 1:5 (CIMENTO E AREIA MÉDIA) PARA CONTRAPISO, PREPARO MECÂNICO COM MISTURADOR DE EIXO HORIZONTAL DE 300 KG. AF_06/2014","M3",336.29]
[87347,"ARGAMASSA TRAÇO 1:5 (CIMENTO E AREIA MÉDIA) PARA CONTRAPISO, PREPARO MECÂNICO COM MISTURADOR DE EIXO HORIZONTAL DE 600 KG. AF_06/2014","M3",321.4]
[87348,"ARGAMASSA TRAÇO 1:6 (CIMENTO E AREIA MÉDIA) PARA CONTRAPISO, PREPARO MECÂNICO COM MISTURADOR DE EIXO HORIZONTAL DE 160 KG. AF_06/2014","M3",357.57]
[87349,"ARGAMASSA TRAÇO 1:6 (CIMENTO E AREIA MÉDIA) PARA CONTRAPISO, PREPARO MECÂNICO COM MISTURADOR DE EIXO HORIZONTAL DE 600 KG. AF_06/2014","M3",298.67]
[87350,"ARGAMASSA TRAÇO 1:5 (CIMENTO E AREIA GROSSA) PARA CHAPISCO CONVENCIONAL, PREPARO MECÂNICO COM MISTURADOR DE EIXO HORIZONTAL DE 300 KG. AF_06/2014","M3",322.6]
[87351,"ARGAMASSA TRAÇO 1:5 (CIMENTO E AREIA GROSSA) PARA CHAPISCO CONVENCIONAL, PREPARO MECÂNICO COM MISTURADOR DE EIXO HORIZONTAL DE 600 KG. AF_06/2014","M3",280]
[87352,"ARGAMASSA TRAÇO 1:3 (CIMENTO E AREIA GROSSA) PARA CHAPISCO CONVENCIONAL, PREPARO MECÂNICO COM MISTURADOR DE EIXO HORIZONTAL DE 160 KG. AF_06/2014","M3",399.74]
[87353,"ARGAMASSA TRAÇO 1:3 (CIMENTO E AREIA GROSSA) PARA CHAPISCO CONVENCIONAL, PREPARO MECÂNICO COM MISTURADOR DE EIXO HORIZONTAL DE 300 KG. AF_06/2014","M3",339.43]
[87354,"ARGAMASSA TRAÇO 1:3 (CIMENTO E AREIA GROSSA) PARA CHAPISCO CONVENCIONAL, PREPARO MECÂNICO COM MISTURADOR DE EIXO HORIZONTAL DE 600 KG. AF_06/2014","M3",311.79]
[87355,"ARGAMASSA TRAÇO 1:4 (CIMENTO E AREIA GROSSA) PARA CHAPISCO CONVENCIONAL, PREPARO MECÂNICO COM MISTURADOR DE EIXO HORIZONTAL DE 160 KG. AF_06/2014","M3",349.61]
[87356,"ARGAMASSA TRAÇO 1:4 (CIMENTO E AREIA GROSSA) PARA CHAPISCO CONVENCIONAL, PREPARO MECÂNICO COM MISTURADOR DE EIXO HORIZONTAL DE 300 KG. AF_06/2014","M3",300.63]
[87357,"ARGAMASSA TRAÇO 1:4 (CIMENTO E AREIA GROSSA) PARA CHAPISCO CONVENCIONAL, PREPARO MECÂNICO COM MISTURADOR DE EIXO HORIZONTAL DE 600 KG. AF_06/2014","M3",289.61]
[87358,"ARGAMASSA TRAÇO 1:5 (CIMENTO E AREIA GROSSA) COM ADIÇÃO DE EMULSÃO POLIMÉRICA PARA CHAPISCO ROLADO, PREPARO MECÂNICO COM MISTURADOR DE EIXO HORIZONTAL DE 300 KG. AF_06/2014","M3",1911.35]
[87359,"ARGAMASSA TRAÇO 1:5 (CIMENTO E AREIA GROSSA) COM ADIÇÃO DE EMULSÃO POLIMÉRICA PARA CHAPISCO ROLADO, PREPARO MECÂNICO COM MISTURADOR DE EIXO HORIZONTAL DE 600 KG. AF_06/2014","M3",1888.29]
[87360,"ARGAMASSA TRAÇO 1:3 (CIMENTO E AREIA GROSSA) COM ADIÇÃO DE EMULSÃO POLIMÉRICA PARA CHAPISCO ROLADO, PREPARO MECÂNICO COM MISTURADOR DE EIXO HORIZONTAL DE 160 KG. AF_06/2014","M3",1980.52]
[87361,"ARGAMASSA TRAÇO 1:3 (CIMENTO E AREIA GROSSA) COM ADIÇÃO DE EMULSÃO POLIMÉRICA PARA CHAPISCO ROLADO, PREPARO MECÂNICO COM MISTURADOR DE EIXO HORIZONTAL DE 300 KG. AF_06/2014","M3",1943.04]
[87362,"ARGAMASSA TRAÇO 1:3 (CIMENTO E AREIA GROSSA) COM ADIÇÃO DE EMULSÃO POLIMÉRICA PARA CHAPISCO ROLADO, PREPARO MECÂNICO COM MISTURADOR DE EIXO HORIZONTAL DE 600 KG. AF_06/2014","M3",1935.8]
[87363,"ARGAMASSA TRAÇO 1:4 (CIMENTO E AREIA GROSSA) COM ADIÇÃO DE EMULSÃO POLIMÉRICA PARA CHAPISCO ROLADO, PREPARO MECÂNICO COM MISTURADOR DE EIXO HORIZONTAL DE 300 KG. AF_06/2014","M3",1952.34]
[87364,"ARGAMASSA TRAÇO 1:4 (CIMENTO E AREIA GROSSA) COM ADIÇÃO DE EMULSÃO POLIMÉRICA PARA CHAPISCO ROLADO, PREPARO MECÂNICO COM MISTURADOR DE EIXO HORIZONTAL DE 600 KG. AF_06/2014","M3",1907.78]
[87365,"ARGAMASSA TRAÇO 1:7 (CIMENTO E AREIA MÉDIA) COM ADIÇÃO DE PLASTIFICANTE PARA EMBOÇO/MASSA ÚNICA/ASSENTAMENTO DE ALVENARIA DE VEDAÇÃO, PREPARO MANUAL. AF_06/2014","M3",393.4]
[87366,"ARGAMASSA TRAÇO 1:6 (CIMENTO E AREIA MÉDIA) COM ADIÇÃO DE PLASTIFICANTE PARA EMBOÇO/MASSA ÚNICA/ASSENTAMENTO DE ALVENARIA DE VEDAÇÃO, PREPARO MANUAL. AF_06/2014","M3",406.5]
[87367,"ARGAMASSA TRAÇO 1:1:6 (CIMENTO, CAL E AREIA MÉDIA) PARA EMBOÇO/MASSA ÚNICA/ASSENTAMENTO DE ALVENARIA DE VEDAÇÃO, PREPARO MANUAL. AF_06/2014","M3",486.18]
[87368,"ARGAMASSA TRAÇO 1:1,5:7,5 (CIMENTO, CAL E AREIA MÉDIA) PARA EMBOÇO/MASSA ÚNICA/ASSENTAMENTO DE ALVENARIA DE VEDAÇÃO, PREPARO MANUAL. AF_06/2014","M3",491.67]
[87369,"ARGAMASSA TRAÇO 1:2:8 (CIMENTO, CAL E AREIA MÉDIA) PARA EMBOÇO/MASSA ÚNICA/ASSENTAMENTO DE ALVENARIA DE VEDAÇÃO, PREPARO MANUAL. AF_06/2014","M3",509.53]
[87370,"ARGAMASSA TRAÇO 1:2:9 (CIMENTO, CAL E AREIA MÉDIA) PARA EMBOÇO/MASSA ÚNICA/ASSENTAMENTO DE ALVENARIA DE VEDAÇÃO, PREPARO MANUAL. AF_06/2014","M3",492.07]
[87371,"ARGAMASSA TRAÇO 1:3:12 (CIMENTO, CAL E AREIA MÉDIA) PARA EMBOÇO/MASSA ÚNICA/ASSENTAMENTO DE ALVENARIA DE VEDAÇÃO, PREPARO MANUAL. AF_06/2014","M3",492.54]
[87372,"ARGAMASSA TRAÇO 1:3 (CIMENTO E AREIA MÉDIA) PARA CONTRAPISO, PREPARO MANUAL. AF_06/2014","M3",520.83]
[87373,"ARGAMASSA TRAÇO 1:4 (CIMENTO E AREIA MÉDIA) PARA CONTRAPISO, PREPARO MANUAL. AF_06/2014","M3",482.27]
[87374,"ARGAMASSA TRAÇO 1:5 (CIMENTO E AREIA MÉDIA) PARA CONTRAPISO, PREPARO MANUAL. AF_06/2014","M3",456.3]
[87375,"ARGAMASSA TRAÇO 1:6 (CIMENTO E AREIA MÉDIA) PARA CONTRAPISO, PREPARO MANUAL. AF_06/2014","M3",432.45]
[87376,"ARGAMASSA TRAÇO 1:5 (CIMENTO E AREIA GROSSA) PARA CHAPISCO CONVENCIONAL, PREPARO MANUAL. AF_06/2014","M3",407.41]
[87377,"ARGAMASSA TRAÇO 1:3 (CIMENTO E AREIA GROSSA) PARA CHAPISCO CONVENCIONAL, PREPARO MANUAL. AF_06/2014","M3",450.46]
[87378,"ARGAMASSA TRAÇO 1:4 (CIMENTO E AREIA GROSSA) PARA CHAPISCO CONVENCIONAL, PREPARO MANUAL. AF_06/2014","M3",424.59]
[87379,"ARGAMASSA TRAÇO 1:5 (CIMENTO E AREIA GROSSA) COM ADIÇÃO DE EMULSÃO POLIMÉRICA PARA CHAPISCO ROLADO, PREPARO MANUAL. AF_06/2014","M3",2036.08]
[87380,"ARGAMASSA TRAÇO 1:3 (CIMENTO E AREIA GROSSA) COM ADIÇÃO DE EMULSÃO POLIMÉRICA PARA CHAPISCO ROLADO, PREPARO MANUAL. AF_06/2014","M3",2082.04]
[87381,"ARGAMASSA TRAÇO 1:4 (CIMENTO E AREIA GROSSA) COM ADIÇÃO DE EMULSÃO POLIMÉRICA PARA CHAPISCO ROLADO, PREPARO MANUAL. AF_06/2014","M3",2055.51]
[87382,"ARGAMASSA INDUSTRIALIZADA MULTIUSO PARA REVESTIMENTOS E ASSENTAMENTO DA ALVENARIA, PREPARO COM MISTURADOR DE EIXO HORIZONTAL DE 160 KG. AF_06/2014","M3",934.38]
[87383,"ARGAMASSA INDUSTRIALIZADA MULTIUSO PARA REVESTIMENTOS E ASSENTAMENTO DA ALVENARIA, PREPARO COM MISTURADOR DE EIXO HORIZONTAL DE 300 KG. AF_06/2014","M3",924.1]
[87384,"ARGAMASSA INDUSTRIALIZADA MULTIUSO PARA REVESTIMENTOS E ASSENTAMENTO DA ALVENARIA, PREPARO COM MISTURADOR DE EIXO HORIZONTAL DE 600 KG. AF_06/2014","M3",915]
[87385,"ARGAMASSA PRONTA PARA CONTRAPISO, PREPARO COM MISTURADOR DE EIXO HORIZONTAL DE 160 KG. AF_06/2014","M3",1337.96]
[87386,"ARGAMASSA PRONTA PARA CONTRAPISO, PREPARO COM MISTURADOR DE EIXO HORIZONTAL DE 300 KG. AF_06/2014","M3",1325.71]
[87387,"ARGAMASSA PRONTA PARA CONTRAPISO, PREPARO COM MISTURADOR DE EIXO HORIZONTAL DE 600 KG. AF_06/2014","M3",1319.46]
[87388,"ARGAMASSA PARA REVESTIMENTO DECORATIVO MONOCAMADA (MONOCAPA), PREPARO COM MISTURADOR DE EIXO HORIZONTAL DE 160 KG. AF_06/2014","M3",3103.1]
[87389,"ARGAMASSA PARA REVESTIMENTO DECORATIVO MONOCAMADA (MONOCAPA), PREPARO COM MISTURADOR DE EIXO HORIZONTAL DE 300 KG. AF_06/2014","M3",3109.73]
[87390,"ARGAMASSA PARA REVESTIMENTO DECORATIVO MONOCAMADA (MONOCAPA), PREPARO COM MISTURADOR DE EIXO HORIZONTAL DE 600 KG. AF_06/2014","M3",3113.19]
[87391,"ARGAMASSA INDUSTRIALIZADA PARA CHAPISCO ROLADO, PREPARO COM MISTURADOR DE EIXO HORIZONTAL DE 160 KG. AF_06/2014","M3",4477.64]
[87393,"ARGAMASSA INDUSTRIALIZADA PARA CHAPISCO ROLADO, PREPARO COM MISTURADOR DE EIXO HORIZONTAL DE 300 KG. AF_06/2014","M3",4523.11]
[87394,"ARGAMASSA INDUSTRIALIZADA PARA CHAPISCO ROLADO, PREPARO COM MISTURADOR DE EIXO HORIZONTAL DE 600 KG. AF_06/2014","M3",4539.3]
[87395,"ARGAMASSA INDUSTRIALIZADA PARA CHAPISCO COLANTE, PREPARO COM MISTURADOR DE EIXO HORIZONTAL DE 160 KG. AF_06/2014","M3",3525.91]
[87396,"ARGAMASSA INDUSTRIALIZADA PARA CHAPISCO COLANTE, PREPARO COM MISTURADOR DE EIXO HORIZONTAL DE 300 KG. AF_06/2014","M3",3558.89]
[87397,"ARGAMASSA INDUSTRIALIZADA PARA CHAPISCO COLANTE, PREPARO COM MISTURADOR DE EIXO HORIZONTAL DE 600 KG. AF_06/2014","M3",3565.67]
[87398,"ARGAMASSA INDUSTRIALIZADA MULTIUSO PARA REVESTIMENTOS E ASSENTAMENTO DA ALVENARIA, PREPARO MANUAL. AF_06/2014","M3",1113.34]
[87399,"ARGAMASSA PRONTA PARA CONTRAPISO, PREPARO MANUAL. AF_06/2014","M3",1532.78]
[87401,"ARGAMASSA INDUSTRIALIZADA PARA CHAPISCO ROLADO, PREPARO MANUAL. AF_06/2014","M3",4755.61]
[87402,"ARGAMASSA INDUSTRIALIZADA PARA CHAPISCO COLANTE, PREPARO MANUAL. AF_06/2014","M3",3798.01]
[87404,"ARGAMASSA PARA REVESTIMENTO DECORATIVO MONOCAMADA (MONOCAPA), MISTURA E PROJEÇÃO DE 1,5 M3/H DE ARGAMASSA. AF_06/2014","M3",3223.21]
[87405,"ARGAMASSA PARA REVESTIMENTO DECORATIVO MONOCAMADA (MONOCAPA), MISTURA E PROJEÇÃO DE 2 M3/H DE ARGAMASSA. AF_06/2014","M3",3218.94]
[87407,"ARGAMASSA INDUSTRIALIZADA PARA REVESTIMENTOS, MISTURA E PROJEÇÃO DE 1,5 M³/H DE ARGAMASSA. AF_06/2014","M3",946.58]
[87408,"ARGAMASSA INDUSTRIALIZADA PARA REVESTIMENTOS, MISTURA E PROJEÇÃO DE 2 M³/H DE ARGAMASSA. AF_06/2014","M3",929.78]
[87410,"ARGAMASSA À BASE DE GESSO, MISTURA E PROJEÇÃO DE 1,5 M³/H DE ARGAMASSA. AF_06/2014","M3",831.1]
[88626,"ARGAMASSA TRAÇO 1:0,5:4,5 (CIMENTO, CAL E AREIA MÉDIA), PREPARO MECÂNICO COM BETONEIRA 400 L. AF_08/2014","M3",333.33]
[88627,"ARGAMASSA TRAÇO 1:0,5:4,5 (CIMENTO, CAL E AREIA MÉDIA) PARA ASSENTAMENTO DE ALVENARIA, PREPARO MANUAL. AF_08/2014","M3",421.29]
[88628,"ARGAMASSA TRAÇO 1:3 (CIMENTO E AREIA MÉDIA), PREPARO MECÂNICO COM BETONEIRA 400 L. AF_08/2014","M3",314.26]
[88629,"ARGAMASSA TRAÇO 1:3 (CIMENTO E AREIA MÉDIA), PREPARO MANUAL. AF_08/2014","M3",407.24]
[88630,"ARGAMASSA TRAÇO 1:4 (CIMENTO E AREIA MÉDIA), PREPARO MECÂNICO COM BETONEIRA 400 L. AF_08/2014","M3",282.16]
[88631,"ARGAMASSA TRAÇO 1:4 (CIMENTO E AREIA MÉDIA), PREPARO MANUAL. AF_08/2014","M3",378.28]
[88715,"ARGAMASSA TRAÇO 1:2:9 (CIMENTO, CAL E AREIA MÉDIA) PARA EMBOÇO/MASSA ÚNICA/ASSENTAMENTO DE ALVENARIA DE VEDAÇÃO, PREPARO MECÂNICO COM BETONEIRA 400 L. AF_09/2014","M3",374.19]
[95563,"ARGAMASSA TRAÇO 1:1,65 (CIMENTO E AREIA MÉDIA), FCK 20 MPA, PREPARO MECÂNICO COM MISTURADOR DUPLO HORIZONTAL DE ALTA TURBULÊNCIA. AF_11/2016","M3",518.92]
[96920,"ARGAMASSA TRAÇO 1:3 (CIMENTO E AREIA), PREPARO MECANICO , INCLUSO ADITIVO IMPERMEABILIZANTE","M3",406.24]
[88036,"TRANSPORTE HORIZONTAL, MASSA/GRANEL, JERICA 90L, 30M. AF_06/2014","M3",33.42]
[88037,"TRANSPORTE HORIZONTAL, MASSA/GRANEL, JERICA 90L, 50M. AF_06/2014","M3",46.82]
[88038,"TRANSPORTE HORIZONTAL, MASSA/GRANEL, JERICA 90L, 75M. AF_06/2014","M3",63.58]
[88039,"TRANSPORTE HORIZONTAL, MASSA/GRANEL, JERICA 90L, 100M. AF_06/2014","M3",80.33]
[88040,"TRANSPORTE HORIZONTAL, MASSA/GRANEL, MINICARREGADEIRA, 30M. AF_06/2014","M3",9.84]
[88041,"TRANSPORTE HORIZONTAL, MASSA/GRANEL, MINICARREGADEIRA, 50M. AF_06/2014","M3",15.26]
[88042,"TRANSPORTE HORIZONTAL, MASSA/GRANEL, MINICARREGADEIRA, 75M. AF_06/2014","M3",22.03]
[88043,"TRANSPORTE HORIZONTAL, MASSA/GRANEL, MINICARREGADEIRA, 100M. AF_06/2014","M3",28.8]
[88044,"TRANSPORTE HORIZONTAL, BLOCOS VAZADOS DE CONCRETO OU CERÂMICO 19X19X39 CM, MANUAL, 30M. AF_06/2014","UN",0.69]
[88045,"TRANSPORTE HORIZONTAL, BLOCOS CERÂMICOS FURADOS NA HORIZONTAL 9X19X19 CM, MANUAL, 30M. AF_06/2014","UN",0.34]
[88046,"TRANSPORTE HORIZONTAL, BLOCOS VAZADOS DE CONCRETO OU CERÂMICO 19X19X39 CM, CARRINHO PLATAFORMA, 30M. AF_06/2014","UN",0.3]
[88047,"TRANSPORTE HORIZONTAL, BLOCOS CERÂMICOS FURADOS NA HORIZONTAL 9X19X19 CM, CARRINHO PLATAFORMA, 30M. AF_06/2014","UN",0.11]
[88048,"TRANSPORTE HORIZONTAL, BLOCOS VAZADOS DE CONCRETO OU CERÂMICO 19X19X39 CM, CARRINHO PLATAFORMA, 50M. AF_06/2014","UN",0.4]
[88049,"TRANSPORTE HORIZONTAL, BLOCOS CERÂMICOS FURADOS NA HORIZONTAL 9X19X19 CM, CARRINHO PLATAFORMA, 50M. AF_06/2014","UN",0.13]
[88050,"TRANSPORTE HORIZONTAL, BLOCOS VAZADOS DE CONCRETO OU CERÂMICO 19X19X39 CM, CARRINHO PLATAFORMA, 75M. AF_06/2014","UN",0.52]
[88051,"TRANSPORTE HORIZONTAL, BLOCOS CERÂMICOS FURADOS NA HORIZONTAL 9X19X19 CM, CARRINHO PLATAFORMA, 75M. AF_06/2014","UN",0.16]
[88052,"TRANSPORTE HORIZONTAL, BLOCOS VAZADOS DE CONCRETO OU CERÂMICO 19X19X39 CM, CARRINHO PLATAFORMA, 100M. AF_06/2014","UN",0.64]
[88053,"TRANSPORTE HORIZONTAL, BLOCOS CERÂMICOS FURADOS NA HORIZONTAL 9X19X19 CM, CARRINHO PLATAFORMA, 100M. AF_06/2014","UN",0.19]
[88054,"TRANSPORTE HORIZONTAL, BLOCOS VAZADOS DE CONCRETO OU CERÂMICO 19X19X39 CM, CARRINHO PARA MINI PÁLETES, 30M. AF_06/2014","UN",0.12]
[88055,"TRANSPORTE HORIZONTAL, BLOCOS CERÂMICOS FURADOS NA HORIZONTAL 9X19X19 CM, CARRINHO PARA MINI PÁLETES, 30M. AF_06/2014","UN",0.03]
[88056,"TRANSPORTE HORIZONTAL, BLOCOS VAZADOS DE CONCRETO OU CERÂMICO 19X19X39 CM, CARRINHO PARA MINI PÁLETES, 50M. AF_06/2014","UN",0.2]
[88057,"TRANSPORTE HORIZONTAL, BLOCOS CERÂMICOS FURADOS NA HORIZONTAL 9X19X19 CM, CARRINHO PARA MINI PÁLETES, 50M. AF_06/2014","UN",0.05]
[88058,"TRANSPORTE HORIZONTAL, BLOCOS VAZADOS DE CONCRETO OU CERÂMICO 19X19X39 CM, CARRINHO PARA MINI PÁLETES, 75M. AF_06/2014","UN",0.3]
[88059,"TRANSPORTE HORIZONTAL, BLOCOS CERÂMICOS FURADOS NA HORIZONTAL 9X19X19 CM, CARRINHO PARA MINI PÁLETES, 75M. AF_06/2014","UN",0.07]
[88060,"TRANSPORTE HORIZONTAL, BLOCOS VAZADOS DE CONCRETO OU CERÂMICO 19X19X39 CM, CARRINHO PARA MINI PÁLETES, 100M. AF_06/2014","UN",0.4]
[88061,"TRANSPORTE HORIZONTAL, BLOCOS CERÂMICOS FURADOS NA HORIZONTAL 9X19X19 CM, CARRINHO PARA MINI PÁLETES, 100M. AF_06/2014","UN",0.1]
[88074,"TRANSPORTE HORIZONTAL, PLACAS CERÂMICAS, MANUAL, 30M. AF_06/2014","M2",0.99]
[88075,"TRANSPORTE HORIZONTAL, PLACAS CERÂMICAS, CARRINHO PLATAFORMA, 30M. AF_06/2014","M2",0.67]
[88076,"TRANSPORTE HORIZONTAL, PLACAS CERÂMICAS, CARRINHO PLATAFORMA, 50M. AF_06/2014","M2",0.77]
[88077,"TRANSPORTE HORIZONTAL, PLACAS CERÂMICAS, CARRINHO PLATAFORMA, 75M. AF_06/2014","M2",0.9]
[88078,"TRANSPORTE HORIZONTAL, PLACAS CERÂMICAS, CARRINHO PLATAFORMA, 100M. AF_06/2014","M2",1.02]
[88079,"TRANSPORTE HORIZONTAL, PLACAS CERÂMICAS, CARRINHO PARA MINI PÁLETES, 30M. AF_06/2014","M2",0.17]
[88080,"TRANSPORTE HORIZONTAL, PLACAS CERÂMICAS, CARRINHO PARA MINI PÁLETES, 50M. AF_06/2014","M2",0.29]
[88081,"TRANSPORTE HORIZONTAL, PLACAS CERÂMICAS, CARRINHO PARA MINI PÁLETES, 75M. AF_06/2014","M2",0.43]
[88082,"TRANSPORTE HORIZONTAL, PLACAS CERÂMICAS, CARRINHO PARA MINI PÁLETES, 100M. AF_06/2014","M2",0.57]
[88083,"TRANSPORTE HORIZONTAL, PLACAS CERÂMICAS, MANIPULADOR TELESCÓPICO, 30M. AF_06/2014","M2",0.07]
[88084,"TRANSPORTE HORIZONTAL, PLACAS CERÂMICAS, MANIPULADOR TELESCÓPICO, 50M. AF_06/2014","M2",0.11]
[88085,"TRANSPORTE HORIZONTAL, PLACAS CERÂMICAS, MANIPULADOR TELESCÓPICO, 75M. AF_06/2014","M2",0.17]
[88086,"TRANSPORTE HORIZONTAL, PLACAS CERÂMICAS, MANIPULADOR TELESCÓPICO, 100M. AF_06/2014","M2",0.23]
[88087,"TRANSPORTE HORIZONTAL, LATA DE 18 L, MANUAL, 30M. AF_06/2014","L",0.07]
[88099,"TRANSPORTE VERTICAL, BLOCOS VAZADOS DE CONCRETO OU CERÂMICO 19X19X39 CM, MANUAL, 1 PAVIMENTO. AF_06/2014","UN",0.28]
[88100,"TRANSPORTE VERTICAL, BLOCOS CERÂMICOS FURADOS NA HORIZONTAL 9X19X19 CM, MANUAL, 1 PAVIMENTO. AF_06/2014","UN",0.14]
[88101,"TRANSPORTE VERTICAL, PLACAS CERÂMICAS, MANUAL, 1 PAVIMENTO. AF_06/2014","M2",0.44]
[88102,"TRANSPORTE VERTICAL, LATA DE 18 L, MANUAL, 1 PAVIMENTO. AF_06/2014","L",0.03]
[88103,"TRANSPORTE VERTICAL, LATA DE 10 L, MANUAL, 1 PAVIMENTO. AF_06/2014","L",0.05]
[89176,"TRANSPORTE HORIZONTAL, SACOS 50 KG, CARRINHO PLATAFORMA, 30M. AF_06/2014","T",9.63]
[89177,"TRANSPORTE HORIZONTAL, SACOS 30 KG, CARRINHO PLATAFORMA, 30M. AF_06/2014","T",13.48]
[89178,"TRANSPORTE HORIZONTAL, SACOS 20 KG, CARRINHO PLATAFORMA, 30M. AF_06/2014","T",15.41]
[89179,"TRANSPORTE HORIZONTAL, SACOS 50 KG, CARRINHO PLATAFORMA, 50M. AF_06/2014","T",15.41]
[89180,"TRANSPORTE HORIZONTAL, SACOS 30 KG, CARRINHO PLATAFORMA, 50M. AF_06/2014","T",17.34]
[89181,"TRANSPORTE HORIZONTAL, SACOS 20 KG, CARRINHO PLATAFORMA, 50M. AF_06/2014","T",21.19]
[89182,"TRANSPORTE HORIZONTAL, SACOS 50 KG, CARRINHO PLATAFORMA, 75M. AF_06/2014","T",21.19]
[89183,"TRANSPORTE HORIZONTAL, SACOS 30 KG, CARRINHO PLATAFORMA, 75M. AF_06/2014","T",23.12]
[89184,"TRANSPORTE HORIZONTAL, SACOS 20 KG, CARRINHO PLATAFORMA, 75M. AF_06/2014","T",26.97]
[89185,"TRANSPORTE HORIZONTAL, SACOS 50 KG, CARRINHO PLATAFORMA, 100M. AF_06/2014","T",26.97]
[89186,"TRANSPORTE HORIZONTAL, SACOS 30 KG, CARRINHO PLATAFORMA, 100M. AF_06/2014","T",28.9]
[89187,"TRANSPORTE HORIZONTAL, SACOS 20 KG, CARRINHO PLATAFORMA, 100M. AF_06/2014","T",32.75]
[89188,"TRANSPORTE HORIZONTAL, LATA DE 18 L, CARRINHO PLATAFORMA, 30M. AF_06/2014","18L",0.48]
[89189,"TRANSPORTE HORIZONTAL, LATA DE 18 L, CARRINHO PLATAFORMA, 50M. AF_06/2014","18L",0.62]
[89190,"TRANSPORTE HORIZONTAL, LATA DE 18 L, CARRINHO PLATAFORMA, 75M. AF_06/2014","18L",0.83]
[89191,"TRANSPORTE HORIZONTAL, LATA DE 18 L, CARRINHO PLATAFORMA, 100M. AF_06/2014","18L",1]
[89192,"TRANSPORTE HORIZONTAL, SACOS 50 KG, MANUAL, 30M. AF_06/2014","T",28.9]
[89193,"TRANSPORTE HORIZONTAL, SACOS 30 KG, MANUAL, 30M. AF_06/2014","T",48.17]
[89194,"TRANSPORTE HORIZONTAL, SACOS 20 KG, MANUAL, 30M. AF_06/2014","T",71.29]
[89195,"TRANSPORTE VERTICAL, SACOS 50 KG, MANUAL, 1 PAVIMENTO. AF_06/2014","T",11.56]
[89196,"TRANSPORTE VERTICAL, SACOS 30 KG, MANUAL, 1 PAVIMENTO. AF_06/2014","T",19.27]
[89197,"TRANSPORTE VERTICAL, SACOS 20 KG, MANUAL, 1 PAVIMENTO. AF_06/2014","T",28.9]
[91104,"TRANSPORTE HORIZONTAL, TUBOS DE PVC SOLDÁVEL COM DIÂMETRO MENOR OU IGUAL A 60 MM, MANUAL, 30M. AF_06/2015","M",0.07]
[91105,"TRANSPORTE HORIZONTAL, TUBOS DE PVC SOLDÁVEL COM DIÂMETRO MAIOR QUE 60 MM E MENOR OU IGUAL A 85 MM, MANUAL, 30M. AF_06/2015","M",0.18]
[91106,"TRANSPORTE HORIZONTAL, TUBOS DE PVC SÉRIE NORMAL - ESGOTO PREDIAL, OU REFORÇADO PARA ESGOTO OU ÁGUAS PLUVIAIS PREDIAL, COM DIÂMETRO MENOR OU IGUAL A 75 MM, MANUAL, 30M. AF_06/2015","M",0.07]
[91107,"TRANSPORTE HORIZONTAL, TUBOS DE PVC SÉRIE NORMAL - ESGOTO PREDIAL, OU REFORÇADO PARA ESGOTO OU ÁGUAS PLUVIAIS PREDIAL, COM DIÂMETRO MAIOR QUE 75 MM E MENOR OU IGUAL A 100 MM, MANUAL, 30M. AF_06/2015","M",0.09]
[91108,"TRANSPORTE HORIZONTAL, TUBOS DE PVC SÉRIE NORMAL - ESGOTO PREDIAL, OU REFORÇADO PARA ESGOTO OU ÁGUAS PLUVIAIS PREDIAL, COM DIÂMETRO MAIOR QUE 100 MM E MENOR OU IGUAL A 150 MM, MANUAL, 30M. AF_06/2015","M",0.18]
[91109,"TRANSPORTE HORIZONTAL, TUBOS DE CPVC COM DIÂMETRO MENOR OU IGUAL A 54 MM, MANUAL, 30M. AF_06/2015","M",0.15]
[91110,"TRANSPORTE HORIZONTAL, TUBOS DE CPVC COM DIÂMETRO MAIOR QUE 54 MM E MENOR OU IGUAL A 73 MM, MANUAL, 30M. AF_06/2015","M",0.18]
[91111,"TRANSPORTE HORIZONTAL, TUBOS DE CPVC COM DIÂMETRO MAIOR QUE 73 MM E MENOR OU IGUAL A 89 MM, MANUAL, 30M. AF_06/2015","M",0.25]
[91112,"TRANSPORTE HORIZONTAL, TUBOS DE PPR - PN 12 OU PN 25 COM DIÂMETRO MENOR OU IGUAL A 50 MM, MANUAL, 30M. AF_06/2015","M",0.14]
[91113,"TRANSPORTE HORIZONTAL, TUBOS DE PPR - PN 12 OU PN 25 COM DIÂMETRO MAIOR QUE 50 MM E MENOR OU IGUAL A 75 MM, MANUAL, 30M. AF_06/2015","M",0.28]
[91114,"TRANSPORTE HORIZONTAL, TUBOS DE PPR - PN 12 OU PN 25 COM DIÂMETRO MAIOR QUE 75 MM E MENOR OU IGUAL A 110 MM, MANUAL, 30M. AF_06/2015","M",0.53]
[91115,"TRANSPORTE HORIZONTAL, TUBOS DE COBRE - CLASSE E, COM DIÂMETRO MENOR OU IGUAL A 42 MM, MANUAL, 30M. AF_06/2015","M",0.09]
[91116,"TRANSPORTE HORIZONTAL, TUBOS DE COBRE - CLASSE E, COM DIÂMETRO MAIOR QUE 42 MM E MENOR OU IGUAL A 66 MM, MANUAL, 30M. AF_06/2015","M",0.15]
[91117,"TRANSPORTE HORIZONTAL, TUBOS DE COBRE - CLASSE E, COM DIÂMETRO MAIOR QUE 66 MM E MENOR OU IGUAL A 104 MM, MANUAL, 30M. AF_06/2015","M",0.22]
[91118,"TRANSPORTE HORIZONTAL, TUBOS DE AÇO CARBONO LEVE OU MÉDIO, PRETO OU GALVANIZADO, COM DIÂMETRO MENOR OU IGUAL A 25 MM, MANUAL, 30M. AF_06/2015","M",0.18]
[91119,"TRANSPORTE HORIZONTAL, TUBOS DE AÇO CARBONO LEVE OU MÉDIO, PRETO OU GALVANIZADO, COM DIÂMETRO MAIOR QUE 25 MM E MENOR OU IGUAL A 40 MM, MANUAL, 30M. AF_06/2015","M",0.35]
[91120,"TRANSPORTE HORIZONTAL, TUBOS DE AÇO CARBONO LEVE OU MÉDIO, PRETO OU GALVANIZADO, COM DIÂMETRO MAIOR QUE 40 MM E MENOR OU IGUAL A 65 MM, MANUAL, 30M. AF_06/2015","M",0.53]
[91121,"TRANSPORTE HORIZONTAL, TUBOS DE AÇO CARBONO LEVE OU MÉDIO, PRETO OU GALVANIZADO, COM DIÂMETRO MAIOR QUE 65 MM E MENOR OU IGUAL A 90 MM, MANUAL, 30M. AF_06/2015","M",0.88]
[91122,"TRANSPORTE HORIZONTAL, TUBOS DE AÇO CARBONO LEVE OU MÉDIO, PRETO OU GALVANIZADO, COM DIÂMETRO MAIOR QUE 90 MM E MENOR OU IGUAL A 125 MM, MANUAL, 30M. AF_06/2015","M",1.24]
[91123,"TRANSPORTE HORIZONTAL, TUBOS DE AÇO CARBONO LEVE OU MÉDIO, PRETO OU GALVANIZADO, COM DIÂMETRO MAIOR QUE 125 MM E MENOR OU IGUAL A 150 MM, MANUAL, 30M. AF_06/2015","M",1.59]
[91124,"TRANSPORTE HORIZONTAL, MADEIRA, MANUAL, 30M. AF_06/2015","M3",81.89]
[91125,"TRANSPORTE HORIZONTAL, VERGALHÕES DE AÇO, MANUAL, 30M. AF_06/2015","KG",0.09]
[91128,"TRANSPORTE HORIZONTAL, LATA DE 18 L, MANIPULADOR TELESCÓPICO, 30M. AF_06/2014","18L",0.15]
[91129,"TRANSPORTE HORIZONTAL, LATA DE 18 L, MANIPULADOR TELESCÓPICO, 50M. AF_06/2014","18L",0.23]
[91130,"TRANSPORTE HORIZONTAL, LATA DE 18 L, MANIPULADOR TELESCÓPICO, 75M. AF_06/2014","18L",0.31]
[91132,"TRANSPORTE HORIZONTAL, LATA DE 18 L, MANIPULADOR TELESCÓPICO, 100M. AF_06/2014","18L",0.42]
[91134,"TRANSPORTE HORIZONTAL, PÁLETE DE SACOS, MANIPULADOR TELESCÓPICO, 30M. AF_06/2014","T",2.59]
[91135,"TRANSPORTE HORIZONTAL, PÁLETE DE SACOS, MANIPULADOR TELESCÓPICO, 50M. AF_06/2014","T",4.61]
[91136,"TRANSPORTE HORIZONTAL, PÁLETE DE SACOS, MANIPULADOR TELESCÓPICO, 75M. AF_06/2014","T",6.64]
[91137,"TRANSPORTE HORIZONTAL, PÁLETE DE SACOS, MANIPULADOR TELESCÓPICO, 100M. AF_06/2014","T",8.67]
[91138,"TRANSPORTE HORIZONTAL, BLOCOS VAZADOS DE CONCRETO 19X19X39 CM, MANIPULADOR TELESCÓPICO, 30M. AF_06/2014","MIL",86.81]
[91139,"TRANSPORTE HORIZONTAL, BLOCOS CERÂMICOS FURADOS NA VERTICAL 19X19X39 CM, MANIPULADOR TELESCÓPICO, 30M. AF_06/2014","MIL",46.27]
[91140,"TRANSPORTE HORIZONTAL, BLOCOS CERÂMICOS FURADOS NA HORIZONTAL 9X19X19 CM, MANIPULADOR TELESCÓPICO, 30M. AF_06/2014","MIL",20.26]
[91141,"TRANSPORTE HORIZONTAL, BLOCOS VAZADOS DE CONCRETO 19X19X39 CM, MANIPULADOR TELESCÓPICO, 50M. AF_06/2014","MIL",133.1]
[91142,"TRANSPORTE HORIZONTAL, BLOCOS CERÂMICOS FURADOS NA VERTICAL 19X19X39 CM, MANIPULADOR TELESCÓPICO, 50M. AF_06/2014","MIL",86.81]
[91143,"TRANSPORTE HORIZONTAL, BLOCOS CERÂMICOS FURADOS NA HORIZONTAL 9X19X19 CM, MANIPULADOR TELESCÓPICO, 50M. AF_06/2014","MIL",20.26]
[91144,"TRANSPORTE HORIZONTAL, BLOCOS VAZADOS DE CONCRETO 19X19X39 CM, MANIPULADOR TELESCÓPICO, 75M. AF_06/2014","MIL",179.37]
[91145,"TRANSPORTE HORIZONTAL, BLOCOS CERÂMICOS FURADOS NA VERTICAL 19X19X39 CM, MANIPULADOR TELESCÓPICO, 75M. AF_06/2014","MIL",133.1]
[91146,"TRANSPORTE HORIZONTAL, BLOCOS CERÂMICOS FURADOS NA HORIZONTAL 9X19X19 CM, MANIPULADOR TELESCÓPICO, 75M. AF_06/2014","MIL",25.99]
[91147,"TRANSPORTE HORIZONTAL, BLOCOS VAZADOS DE CONCRETO 19X19X39 CM, MANIPULADOR TELESCÓPICO, 100M. AF_06/2014","MIL",245.92]
[91148,"TRANSPORTE HORIZONTAL, BLOCOS CERÂMICOS FURADOS NA VERTICAL 19X19X39 CM, MANIPULADOR TELESCÓPICO, 100M. AF_06/2014","MIL",159.09]
[91149,"TRANSPORTE HORIZONTAL, BLOCOS CERÂMICOS FURADOS NA HORIZONTAL 9X19X19 CM, MANIPULADOR TELESCÓPICO, 100M. AF_06/2014","MIL",40.54]
[92121,"PENEIRAMENTO DE AREIA COM PENEIRA ELÉTRICA. AF_11/2015","M3",27.18]
[92122,"PENEIRAMENTO DE AREIA COM PENEIRA MANUAL. AF_11/2015","M3",46.2]
[92123,"ENSACAMENTO DE AREIA. AF_11/2015","M3",43.15]
[94926,"TRANSPORTE HORIZONTAL MANUAL, DE 30 M, DE JANELAS. AF_07/2016","M2",1.39]
[94927,"TRANSPORTE VERTICAL MANUAL, DE 1 PAVIMENTO, DE JANELAS. AF_07/2016","M2",0.72]
[94928,"TRANSPORTE HORIZONTAL MANUAL, DE 30 M, DE KIT PORTA-PRONTA OU PORTA DE MADEIRA FOLHA LEVE OU MÉDIA, PORTA DE AÇO E PORTA DE ALUMÍNIO. AF_07/2016","UN",2.2]
[94929,"TRANSPORTE HORIZONTAL MANUAL, DE 30 M, DE KIT PORTA-PRONTA OU PORTA DE MADEIRA FOLHA PESADA OU SUPERPESADA E PORTA CORTA-FOGO. AF_07/2016","UN",3.88]
[94930,"TRANSPORTE VERTICAL MANUAL, DE 1 PAVIMENTO, DE KIT PORTA-PRONTA OU PORTA DE MADEIRA FOLHA LEVE OU MÉDIA, PORTA DE AÇO E PORTA DE ALUMÍNIO. AF_07/2016","UN",1.14]
[94931,"TRANSPORTE VERTICAL MANUAL, DE 1 PAVIMENTO, DE KIT PORTA-PRONTA OU PORTA DE MADEIRA FOLHA PESADA OU SUPERPESADA E PORTA CORTA-FOGO. AF_07/2016","UN",2.01]
[94932,"TRANSPORTE HORIZONTAL MANUAL, DE 30 M, DE BANCADA DE MÁRMORE OU GRANITO PARA COZINHA/LAVATÓRIO OU MÁRMORE SINTÉTICO COM CUBA INTEGRADA. AF_07/2016","UN",4.11]
[94934,"TRANSPORTE VERTICAL MANUAL, DE 1 PAVIMENTO, DE BANCADA DE MÁRMORE OU GRANITO PARA COZINHA/LAVATÓRIO OU MÁRMORE SINTÉTICO COM CUBA INTEGRADA. AF_07/2016","UN",1.42]
[94935,"TRANSPORTE HORIZONTAL DE 30 M COM CARRINHO PLATAFORMA COM BANCADA DE MÁRMORE OU GRANITO PARA COZINHA/LAVATÓRIO OU MÁRMORE SINTÉTICO COM CUBA INTEGRADA. AF_07/2016","UN",2.22]
[94936,"TRANSPORTE HORIZONTAL DE 50 M COM CARRINHO PLATAFORMA COM BANCADA DE MÁRMORE OU GRANITO PARA COZINHA/LAVATÓRIO OU MÁRMORE SINTÉTICO COM CUBA INTEGRADA. AF_07/2016","UN",3.57]
[94937,"TRANSPORTE HORIZONTAL DE 75 M COM CARRINHO PLATAFORMA COM BANCADA DE MÁRMORE OU GRANITO PARA COZINHA/LAVATÓRIO OU MÁRMORE SINTÉTICO COM CUBA INTEGRADA. AF_07/2016","UN",5.26]
[94938,"TRANSPORTE HORIZONTAL DE 100 M COM CARRINHO PLATAFORMA COM BANCADA DE MÁRMORE OU GRANITO PARA COZINHA/LAVATÓRIO OU MÁRMORE SINTÉTICO COM CUBA INTEGRADA. AF_07/2016","UN",6.94]
[94939,"TRANSPORTE HORIZONTAL MANUAL, DE 30 M, DE VIDRO. AF_07/2016","M2",2.16]
[94940,"TRANSPORTE VERTICAL MANUAL, DE 1 PAVIMENTO, DE VIDRO. AF_07/2016","M2",1.12]
[94941,"TRANSPORTE HORIZONTAL MANUAL, DE 30 M, DE TELA DE AÇO. AF_07/2016","KG",0.07]
[94942,"TRANSPORTE HORIZONTAL MANUAL, DE 30 M, DE COMPENSADO DE MADEIRA. AF_07/2016","M2",0.87]
[94943,"TRANSPORTE HORIZONTAL MANUAL, DE 30 M, DE TELHA TERMOACÚSTICA OU TELHA DE AÇO ZINCADO. AF_07/2016","M2",0.47]
[94944,"TRANSPORTE HORIZONTAL MANUAL, DE 30 M, DE TELHA DE FIBROCIMENTO ONDULADA OU TELHA ESTRUTURAL DE FIBROCIMENTO, CANALETE 90 OU KALHETÃO. AF_07/2016","M2",1.21]
[94945,"TRANSPORTE HORIZONTAL DE 100 M COM MANIPULADOR TELESCÓPICO DE TELHAS TERMOACÚSTICA, FIBROCIMENTO ONDULADA, AÇO ZINCADO, FIBROCIMENTO ESTRUTURAL, CANALETE 90 OU KALHETÃO. AF_07/2016","M2",0.24]
[94946,"TRANSPORTE HORIZONTAL MANUAL, DE 30 M, DE BACIA SANITÁRIA, CAIXA ACOPLADA, TANQUE OU PIA. AF_07/2016","UN",1.23]
[94947,"TRANSPORTE VERTICAL MANUAL DE 1 PAVIMENTO DE BACIA SANITÁRIA, CAIXA ACOPLADA, TANQUE OU PIA. AF_07/2016","UN",0.91]
[94948,"TRANSPORTE HORIZONTAL DE 30 M COM CARRINHO PLATAFORMA COM BACIA SANITÁRIA, CAIXA ACOPLADA, TANQUE OU PIA. AF_07/2016","UN",0.65]
[94949,"TRANSPORTE HORIZONTAL DE 50 M COM CARRINHO PLATAFORMA COM BACIA SANITÁRIA, CAIXA ACOPLADA, TANQUE OU PIA. AF_07/2016","UN",0.99]
[94950,"TRANSPORTE HORIZONTAL DE 75 M COM CARRINHO PLATAFORMA COM BACIA SANITÁRIA, CAIXA ACOPLADA, TANQUE OU PIA. AF_07/2016","UN",1.41]
[94951,"TRANSPORTE HORIZONTAL DE 100 M COM CARRINHO PLATAFORMA COM BACIA SANITÁRIA, CAIXA ACOPLADA, TANQUE OU PIA. AF_07/2016","UN",1.84]
[94952,"TRANSPORTE HORIZONTAL DE 100 M COM MANIPULADOR TELESCÓPICO DE BACIAS SANITÁRIAS, CAIXA ACOPLADA, TANQUE OU PIA. AF_07/2016","UN",0.3]
[94953,"TRANSPORTE HORIZONTAL MANUAL, DE 30 M, DE TELHA DE CONCRETO OU CERÂMICA. AF_07/2016","M2",5.6]
[94954,"TRANSPORTE HORIZONTAL DE 30 M COM CARRINHO PLATAFORMA COM TELHA DE CONCRETO OU CERÂMICA. AF_07/2016","M2",0.9]
[94955,"TRANSPORTE HORIZONTAL DE 50 M COM CARRINHO PLATAFORMA COM TELHA DE CONCRETO OU CERÂMICA. AF_07/2016","M2",1.35]
[94956,"TRANSPORTE HORIZONTAL DE 75 M COM CARRINHO PLATAFORMA COM TELHA DE CONCRETO OU CERÂMICA. AF_07/2016","M2",1.92]
[94957,"TRANSPORTE HORIZONTAL DE 100 M COM CARRINHO PLATAFORMA COM TELHA DE CONCRETO OU CERÂMICA. AF_07/2016","M2",2.48]
[94958,"TRANSPORTE HORIZONTAL DE 100 M COM MANIPULADOR TELESCÓPICO DE TELHAS DE CONCRETO OU CERÂMICA. AF_07/2016","M2",0.55]
[94959,"TRANSPORTE HORIZONTAL MANUAL, DE 30 M, DE BARRAMENTO BLINDADO. AF_07/2016","M",1.54]
[94960,"TRANSPORTE HORIZONTAL DE 100 M COM CARRINHO PLATAFORMA COM BARRAMENTO BLINDADO. AF_07/2016","M",1.26]
[94961,"TRANSPORTE HORIZONTAL MANUAL, DE 30 M, DE CALHA. AF_07/2016","M",0.57]
["73806/1","LIMPEZA DE SUPERFICIES COM JATO DE ALTA PRESSAO DE AR E AGUA","M2",1.96]
["73948/2","LIMPEZA/PREPARO SUPERFICIE CONCRETO P/PINTURA","M2",10.08]
["73948/3","LIMPEZA AZULEJO","M2",7.06]
["73948/8","LIMPEZA VIDRO COMUM","M2",13.69]
["73948/9","LIMPEZA FORRO","M2",29.35]
["73948/11","LIMPEZA PISO CERAMICO","M2",24.71]
["73948/15","LIMPEZA PISO MARMORITE/GRANILITE","M2",15.81]
["73948/16","LIMPEZA MANUAL DO TERRENO (C/ RASPAGEM SUPERFICIAL)","M2",4.81]
["74086/1","LIMPEZA LOUCAS E METAIS","UN",30.12]
[84117,"RASPAGEM / CALAFETACAO TACOS MADEIRA 1 DEMAO CERA","M2",23.26]
[84120,"ENCERAMENTO MANUAL EM MADEIRA - 3 DEMAOS","M2",13.3]
[84123,"LIXAMENTO MAN C/ LIXA CALAFATE DE CONCR APARENTE ANTIGO","M2",6.93]
[84125,"LIMPEZA DE REVESTIMENTO EM PAREDE C/ SOLUCAO DE ACIDO MURIATICO/AMONIA","M2",8.82]
["74163/1","PERFURACAO DE POCO COM PERFURATRIZ PNEUMATICA","M",47.53]
["74163/2","PERFURACAO DE POCO COM PERFURATRIZ A PERCUSSAO","M",93.15]
[84127,"REVESTIMENTO DE POCOS C/ TUBOS DE CONCRETO","M",333.17]
[40841,"ABRACADEIRA P/POCOS PROFUNDOS","UN",129.14]
[71516,"CONJUNTO DE MANGUEIRA PARA COMBATE A INCENDIO EM FIBRA DE POLIESTER PURA, COM 1.1/2\", REVESTIDA INTERNAMENTE, COM 2 LANCES DE 15M CADA","UN",464]
[73361,"CONCRETO CICLOPICO FCK=10MPA 30% PEDRA DE MAO INCLUSIVE LANCAMENTO","M3",392.92]
[73714,"CAIXA PARA RALO C OM GRELHA FOFO 135 KG DE ALV TIJOLO MACICO (7X10X20) PAREDES DE UMA VEZ (0.20 M) DE 0.90X1.20X1.50 M (EXTERNA) COM ARGAMASSA 1:4 CIMENTO:AREIA, BASE CONC FCK=10 MPA, EXCLUSIVE ESCAVACAO E REATERRO.","UN",1382.11]
[86957,"MÃO FRANCESA EM BARRA DE FERRO CHATO RETANGULAR 2\" X 1/4\", REFORÇADA, 40 X 30 CM","UN",23.21]
[86958,"MÃO FRANCESA EM BARRA DE FERRO CHATO RETANGULAR 2\" X 1/4\", REFORÇADA, 30 X 25 CM","UN",19.25]
[97010,"GUARDA-CORPO FIXADO EM FÔRMA DE MADEIRA COM TRAVESSÕES EM MADEIRA PREGADA E FECHAMENTO EM TELA DE POLIPROPILENO PARA EDIFICAÇÕES COM ATÉ 2 PAVIMENTOS. AF_11/2017","M",43.52]
[97011,"GUARDA-CORPO FIXADO EM FÔRMA DE MADEIRA COM TRAVESSÕES EM MADEIRA PREGADA E FECHAMENTO EM TELA DE POLIPROPILENO PARA EDIFICAÇÕES COM  3 PAVIMENTOS. AF_11/2017","M",34.73]
[97012,"GUARDA-CORPO FIXADO EM FÔRMA DE MADEIRA COM TRAVESSÕES EM MADEIRA PREGADA E FECHAMENTO EM TELA DE POLIPROPILENO PARA EDIFICAÇÕES COM ALTURA IGUAL OU SUPERIOR A 4 PAVIMENTOS. AF_11/2017","M",30.33]
[97013,"GUARDA-CORPO FIXADO EM FÔRMA DE MADEIRA COM TRAVESSÕES EM MADEIRA PREGADA E FECHAMENTO EM PAINEL COMPENSADO PARA EDIFICAÇÕES COM ATÉ 2 PAVIMENTOS. AF_11/2017","M",50.55]
[97014,"GUARDA-CORPO FIXADO EM FÔRMA DE MADEIRA COM TRAVESSÕES EM MADEIRA PREGADA E FECHAMENTO EM PAINEL COMPENSADO PARA EDIFICAÇÕES COM 3 PAVIMENTOS. AF_11/2017","M",39.67]
[97015,"GUARDA-CORPO FIXADO EM FÔRMA DE MADEIRA COM TRAVESSÕES EM MADEIRA PREGADA E FECHAMENTO EM PAINEL COMPENSADO PARA EDIFICAÇÕES COM ALTURA IGUAL OU SUPERIOR A 4 PAVIMENTOS. AF_11/2017","M",34.16]
[97016,"GUARDA-CORPO FIXADO EM FÔRMA DE MADEIRA COM TRAVESSÕES EM MADEIRA PREGADA PRÉ-MONTADA E ENCAIXE NA FÔRMA. PARA EDIFICAÇÕES COM ATÉ 2 PAVIMENTOS. AF_11/2017","M",37.03]
[97017,"GUARDA-CORPO FIXADO EM FÔRMA DE MADEIRA COM TRAVESSÕES EM MADEIRA PREGADA PRÉ-MONTADA E ENCAIXE NA FÔRMA PARA EDIFICAÇÕES COM 3 PAVIMENTOS. AF_11/2017","M",28.69]
[97018,"GUARDA-CORPO FIXADO EM FÔRMA DE MADEIRA COM TRAVESSÕES EM MADEIRA PREGADA PRÉ-MONTADA E ENCAIXE NA FÔRMA. PARA EDIFICAÇÕES COM ALTURA IGUAL OU SUPERIOR A 4 PAVIMENTOS. AF_11/2017","M",24.34]
[97031,"GUARDA-CORPO EM LAJE PÓS-DESFÔRMA, PARA ESTRUTURAS EM CONCRETO, COM ESCORAS DE MADEIRA ESTRONCADAS NA ESTRUTURA, TRAVESSÕES DE MADEIRA PREGADOS E FECHAMENTO EM TELA DE POLIPROPILENO PARA EDIFICAÇÕES COM ALTURA ATÉ 4 PAVIMENTOS (1 MONTAGEM POR OBRA). AF_11/2017","M",60.88]
[97032,"GUARDA-CORPO EM LAJE PÓS-DESFÔRMA, PARA ESTRUTURAS EM CONCRETO, COM ESCORAS DE MADEIRA ESTRONCADAS NA ESTRUTURA, TRAVESSÕES DE MADEIRA PREGADOS E FECHAMENTO EM TELA DE POLIPROPILENO PARA EDIFICAÇÕES ACIMA DE 4 PAV. (2 MONTAGENS POR OBRA). AF_11/2017","M",39.51]
[97033,"GUARDA-CORPO EM LAJE PÓS-DESFORMA, PARA ESTRUTURAS EM CONCRETO, COM ESCORAS METÁLICAS ESTRONCADAS NA ESTRUTURA, TRAVESSÕES DE MADEIRA E FECHAMENTO EM TELA DE POLIPROPILENO PARA EDIFICAÇÕES COM ALTURA ATÉ 4 PAVIMENTOS (1 MONTAGEM POR OBRA). AF_11/2017","M",70.04]
[97034,"GUARDA-CORPO EM LAJE PÓS-DESFORMA, PARA ESTRUTURAS EM CONCRETO, COM ESCORAS METÁLICAS ESTRONCADAS NA ESTRUTURA, TRAVESSÕES DE MADEIRA E FECHAMENTO EM TELA DE POLIPROPILENO PARA EDIFICAÇÕES ACIMA DE 4 PAVIMENTOS (2 MONTAGENS POR OBRA). AF_11/2017","M",43.31]
[97039,"FECHAMENTO REMOVÍVEL DE VÃO DE PORTAS, EM MADEIRA (VÃO DO ELEVADOR) \u0096 1 MONTAGEM EM OBRA. AF_11/2017","M2",31.81]
[97040,"FECHAMENTO REMOVÍVEL DE ABERTURA DE CAIXILHO, EM MADEIRA \u0096 4 MONTAGENS EM OBRA. AF_11/2017","M2",12.52]
[97041,"FECHAMENTO REMOVÍVEL DE ABERTURA NO PISO, EM MADEIRA \u0096 1 MONTAGEM EM OBRA. AF_11/2017","M2",125.87]
[97046,"PONTEIRAS DE PROTEÇÃO DE VERGALHÕES EXPOSTOS EM FUNDAÇÕES. AF_11/2017","M2",0.37]
[97047,"PONTEIRAS DE PROTEÇÃO DE VERGALHÕES EXPOSTOS EM ESTRUTURAS DE CONCRETO ARMADO CONVENCIONAL. AF_11/2017","M2",0.15]
[97048,"PONTEIRAS DE PROTEÇÃO DE VERGALHÕES EXPOSTOS EM ALVENARIA ESTRUTURAL. AF_11/2017","M2",0.11]
[97051,"SINALIZAÇÃO COM FITA FIXADA NA ESTRUTURA. AF_11/2017","M",0.6]
[97053,"SINALIZAÇÃO COM FITA FIXADA EM CONE PLÁSTICO, INCLUINDO CONE. AF_11/2017","M",22.56]
[97062,"COLOCAÇÃO DE TELA EM ANDAIME FACHADEIRO. AF_11/2017","M2",5.61]
[97063,"MONTAGEM E DESMONTAGEM DE ANDAIME MODULAR FACHADEIRO, COM PISO METÁLICO, PARA EDIFICAÇÕES COM MÚLTIPLOS PAVIMENTOS (EXCLUSIVE ANDAIME E LIMPEZA). AF_11/2017","M2",10.92]
[97064,"MONTAGEM E DESMONTAGEM DE ANDAIME TUBULAR TIPO \u0093TORRE\u0094 (EXCLUSIVE ANDAIME E LIMPEZA). AF_11/2017","M",20.62]
[97065,"MONTAGEM E DESMONTAGEM DE ANDAIME MULTIDIRECIONAL (EXCLUSIVE ANDAIME E LIMPEZA). AF_11/2017","M3",7.58]
[97066,"COBERTURA PARA PROTEÇÃO DE PEDESTRES SOBRE ESTRUTURA DE ANDAIME, INCLUSIVE MONTAGEM E DESMONTAGEM. AF_11/2017","M2",55.73]
[97067,"PLATAFORMA DE PROTEÇÃO PRINCIPAL PARA ALVENARIA ESTRUTURAL PARA SER APOIADA EM ANDAIME, INCLUSIVE MONTAGEM E DESMONTAGEM. AF_11/2017","M",536.61]
["73916/2","PLACA ESMALTADA PARA IDENTIFICAÇÃO NR DE RUA, DIMENSÕES 45X25CM","UN",123.6]
[73672,"DESMATAMENTO E LIMPEZA MECANIZADA DE TERRENO COM ARVORES ATE Ø 15CM, UTILIZANDO TRATOR DE ESTEIRAS","M2",0.33]
["73822/2","LIMPEZA MECANIZADA DE TERRENO COM REMOCAO DE CAMADA VEGETAL, UTILIZANDO MOTONIVELADORA","M2",0.52]
["73859/1","DESMATAMENTO E LIMPEZA MECANIZADA DE TERRENO COM REMOCAO DE CAMADA VEGETAL, UTILIZANDO TRATOR DE ESTEIRAS","M2",0.13]
["73859/2","CAPINA E LIMPEZA MANUAL DE TERRENO","M2",1.54]
[85331,"CORTE DE CAPOEIRA FINA A FOICE","M2",1.49]
[85422,"PREPARO MANUAL DE TERRENO S/ RASPAGEM SUPERFICIAL","M2",7.7]
["74220/1","TAPUME DE CHAPA DE MADEIRA COMPENSADA, E= 6MM, COM PINTURA A CAL E REAPROVEITAMENTO DE 2X","M2",58.65]
["74221/1","SINALIZACAO DE TRANSITO - NOTURNA","M",2.94]
["74219/1","PASSADICOS COM TABUAS DE MADEIRA PARA PEDESTRES","M2",63.37]
["74219/2","PASSADICOS COM TABUAS DE MADEIRA PARA VEICULOS","M2",56.86]
[84126,"CHAPA DE ACO CARBONO 3/8 (COLOC/ USO/ RETIR) P/ PASS VEICULO SOBRE VALA MEDIDA P/ AREA CHAPA EM CADA APLICACAO","M2",40.8]
[85421,"REMOCAO DE VIDRO COMUM","M2",15.47]
[97621,"DEMOLIÇÃO DE ALVENARIA DE BLOCO FURADO, DE FORMA MANUAL, COM REAPROVEITAMENTO. AF_12/2017","M3",103.08]
[97622,"DEMOLIÇÃO DE ALVENARIA DE BLOCO FURADO, DE FORMA MANUAL, SEM REAPROVEITAMENTO. AF_12/2017","M3",50.23]
[97623,"DEMOLIÇÃO DE ALVENARIA DE TIJOLO MACIÇO, DE FORMA MANUAL, COM REAPROVEITAMENTO. AF_12/2017","M3",153.91]
[97624,"DEMOLIÇÃO DE ALVENARIA DE TIJOLO MACIÇO, DE FORMA MANUAL, SEM REAPROVEITAMENTO. AF_12/2017","M3",94.46]
[97625,"DEMOLIÇÃO DE ALVENARIA PARA QUALQUER TIPO DE BLOCO, DE FORMA MECANIZADA, SEM REAPROVEITAMENTO. AF_12/2017","M3",39.88]
[97626,"DEMOLIÇÃO DE PILARES E VIGAS EM CONCRETO ARMADO, DE FORMA MANUAL, SEM REAPROVEITAMENTO. AF_12/2017","M3",521.07]
[97627,"DEMOLIÇÃO DE PILARES E VIGAS EM CONCRETO ARMADO, DE FORMA MECANIZADA COM MARTELETE, SEM REAPROVEITAMENTO. AF_12/2017","M3",247.71]
[97628,"DEMOLIÇÃO DE LAJES, DE FORMA MANUAL, SEM REAPROVEITAMENTO. AF_12/2017","M3",248.29]
[97629,"DEMOLIÇÃO DE LAJES, DE FORMA MECANIZADA COM MARTELETE, SEM REAPROVEITAMENTO. AF_12/2017","M3",117.26]
[97631,"DEMOLIÇÃO DE ARGAMASSAS, DE FORMA MANUAL, SEM REAPROVEITAMENTO. AF_12/2017","M2",2.92]
[97632,"DEMOLIÇÃO DE RODAPÉ CERÂMICO, DE FORMA MANUAL, SEM REAPROVEITAMENTO. AF_12/2017","M",2.32]
[97633,"DEMOLIÇÃO DE REVESTIMENTO CERÂMICO, DE FORMA MANUAL, SEM REAPROVEITAMENTO. AF_12/2017","M2",20.35]
[97634,"DEMOLIÇÃO DE REVESTIMENTO CERÂMICO, DE FORMA MECANIZADA COM MARTELETE, SEM REAPROVEITAMENTO. AF_12/2017","M2",11.27]
[97635,"DEMOLIÇÃO DE PAVIMENTO INTERTRAVADO, DE FORMA MANUAL, COM REAPROVEITAMENTO. AF_12/2017","M2",14.09]
[97636,"DEMOLIÇÃO PARCIAL DE PAVIMENTO ASFÁLTICO, DE FORMA MECANIZADA, SEM REAPROVEITAMENTO. AF_12/2017","M2",9.82]
[97637,"REMOÇÃO DE TAPUME/ CHAPAS METÁLICAS E DE MADEIRA, DE FORMA MANUAL, SEM REAPROVEITAMENTO. AF_12/2017","M2",2.48]
[97638,"REMOÇÃO DE CHAPAS E PERFIS DE DRYWALL, DE FORMA MANUAL, SEM REAPROVEITAMENTO. AF_12/2017","M2",7.23]
[97639,"REMOÇÃO DE PLACAS E PILARETES DE CONCRETO, DE FORMA MANUAL, SEM REAPROVEITAMENTO. AF_12/2017","M2",17.64]
[97640,"REMOÇÃO DE FORROS DE DRYWALL, PVC E FIBROMINERAL, DE FORMA MANUAL, SEM REAPROVEITAMENTO. AF_12/2017","M2",1.56]
[97641,"REMOÇÃO DE FORRO DE GESSO, DE FORMA MANUAL, SEM REAPROVEITAMENTO. AF_12/2017","M2",4.4]
[97642,"REMOÇÃO DE TRAMA METÁLICA OU DE MADEIRA PARA FORRO, DE FORMA MANUAL, SEM REAPROVEITAMENTO. AF_12/2017","M2",2.8]
[97643,"REMOÇÃO DE PISO DE MADEIRA (ASSOALHO E BARROTE), DE FORMA MANUAL, SEM REAPROVEITAMENTO. AF_12/2017","M2",21.61]
[97644,"REMOÇÃO DE PORTAS, DE FORMA MANUAL, SEM REAPROVEITAMENTO. AF_12/2017","M2",8.15]
[97645,"REMOÇÃO DE JANELAS, DE FORMA MANUAL, SEM REAPROVEITAMENTO. AF_12/2017","M2",23.64]
[97647,"REMOÇÃO DE TELHAS, DE FIBROCIMENTO, METÁLICA E CERÂMICA, DE FORMA MANUAL, SEM REAPROVEITAMENTO. AF_12/2017","M2",2.94]
[97648,"REMOÇÃO DE PROTEÇÃO TÉRMICA PARA COBERTURA EM EPS, DE FORMA MANUAL, SEM REAPROVEITAMENTO. AF_12/2017","M2",1.69]
[97649,"REMOÇÃO DE TELHAS DE FIBROCIMENTO, METÁLICA E CERÂMICA, DE FORMA MECANIZADA, COM USO DE GUINDASTE, SEM REAPROVEITAMENTO. AF_12/2017","M2",3.6]
[97650,"REMOÇÃO DE TRAMA DE MADEIRA PARA COBERTURA, DE FORMA MANUAL, SEM REAPROVEITAMENTO. AF_12/2017","M2",6.33]
[97651,"REMOÇÃO DE TESOURAS DE MADEIRA, COM VÃO MENOR QUE 8M, DE FORMA MANUAL, SEM REAPROVEITAMENTO. AF_12/2017","UN",70.11]
[97652,"REMOÇÃO DE TESOURAS DE MADEIRA, COM VÃO MAIOR OU IGUAL A 8M, DE FORMA MANUAL, SEM REAPROVEITAMENTO. AF_12/2017","UN",158.93]
[97653,"REMOÇÃO DE TESOURAS DE MADEIRA, COM VÃO MENOR QUE 8M, DE FORMA MECANIZADA, COM REAPROVEITAMENTO. AF_12/2017","UN",92.33]
[97654,"REMOÇÃO DE TESOURAS DE MADEIRA, COM VÃO MAIOR OU IGUAL A 8M, DE FORMA MECANIZADA, COM REAPROVEITAMENTO. AF_12/2017","UN",116.65]
[97655,"REMOÇÃO DE TRAMA METÁLICA PARA COBERTURA, DE FORMA MANUAL, SEM REAPROVEITAMENTO. AF_12/2017","M2",16.94]
[97656,"REMOÇÃO DE TESOURAS METÁLICAS, COM VÃO MENOR QUE 8M, DE FORMA MANUAL, SEM REAPROVEITAMENTO. AF_12/2017","UN",172.76]
[97657,"REMOÇÃO DE TESOURAS METÁLICAS, COM VÃO MAIOR OU IGUAL A 8M, DE FORMA MANUAL, SEM REAPROVEITAMENTO. AF_12/2017","UN",342.43]
[97658,"REMOÇÃO DE TESOURAS METÁLICAS, COM VÃO MENOR QUE 8M, DE FORMA MECANIZADA, COM REAPROVEITAMENTO. AF_12/2017","UN",134.16]
[97659,"REMOÇÃO DE TESOURAS METÁLICAS, COM VÃO MAIOR OU IGUAL A 8M, DE FORMA MECANIZADA, COM REAPROVEITAMENTO. AF_12/2017","UN",183.68]
[97660,"REMOÇÃO DE INTERRUPTORES/TOMADAS ELÉTRICAS, DE FORMA MANUAL, SEM REAPROVEITAMENTO. AF_12/2017","UN",0.59]
[97661,"REMOÇÃO DE CABOS ELÉTRICOS, DE FORMA MANUAL, SEM REAPROVEITAMENTO. AF_12/2017","M",0.59]
[97662,"REMOÇÃO DE TUBULAÇÕES (TUBOS E CONEXÕES) DE ÁGUA FRIA, DE FORMA MANUAL, SEM REAPROVEITAMENTO. AF_12/2017","M",0.43]
[97663,"REMOÇÃO DE LOUÇAS, DE FORMA MANUAL, SEM REAPROVEITAMENTO. AF_12/2017","UN",10.84]
[97664,"REMOÇÃO DE ACESSÓRIOS, DE FORMA MANUAL, SEM REAPROVEITAMENTO. AF_12/2017","UN",1.35]
[97665,"REMOÇÃO DE LUMINÁRIAS, DE FORMA MANUAL, SEM REAPROVEITAMENTO. AF_12/2017","UN",1.13]
[97666,"REMOÇÃO DE METAIS SANITÁRIOS, DE FORMA MANUAL, SEM REAPROVEITAMENTO. AF_12/2017","UN",7.9]
[85423,"ISOLAMENTO DE OBRA COM TELA PLASTICA COM MALHA DE 5MM","M2",7.84]
[85424,"ISOLAMENTO DE OBRA COM TELA PLASTICA COM MALHA DE 5MM E ESTRUTURA DE MADEIRA PONTALETEADA","M2",24.17]
[72742,"ENSAIO DE RECEBIMENTO E ACEITACAO DE CIMENTO PORTLAND","UN",755.68]
[72743,"ENSAIO DE RECEBIMENTO E ACEITACAO DE AGREGADO GRAUDO","UN",377.84]
["74020/1","ENSAIO DE PAVIMENTO DE CONCRETO","M3",28.49]
["74021/3","ENSAIOS DE REGULARIZACAO DO SUBLEITO","M2",1.04]
["74021/6","ENSAIOS DE BASE ESTABILIZADA GRANULOMETRICAMENTE","M3",2]
["74022/3","ENSAIO DE DETERMINACAO DA PENEIRACAO - EMULSAO ASFALTICA","UN",188.92]
["74022/6","ENSAIO DE GRANULOMETRIA POR PENEIRAMENTO - SOLOS","UN",151.13]
["74022/8","ENSAIO DE LIMITE DE LIQUIDEZ - SOLOS","UN",94.46]
["74022/9","ENSAIO DE LIMITE DE PLASTICIDADE - SOLOS","UN",85]
["74022/10","ENSAIO DE COMPACTACAO - AMOSTRAS NAO TRABALHADAS - ENERGIA NORMAL - SOLOS","UN",179.46]
["74022/15","ENSAIO DE MASSA ESPECIFICA - IN SITU - METODO BALAO DE BORRACHA - SOLOS","UN",75.56]
["74022/19","ENSAIO DE INDICE DE SUPORTE CALIFORNIA - AMOSTRAS NAO TRABALHADAS - ENERGIA NORMAL - SOLOS","UN",217.25]
["74022/23","ENSAIO DE TEOR DE UMIDADE - PROCESSO SPEEDY - SOLOS E AGREGADOS MIUDOS","UN",56.67]
["74022/25","ENSAIO DE PONTO DE FULGOR - MATERIAL BETUMINOSO","UN",151.13]
["74022/27","ENSAIO DE CONTROLE DE TAXA DE APLICACAO DE LIGANTE BETUMINOSO","UN",66.11]
["74022/30","ENSAIO DE RESISTENCIA A COMPRESSAO SIMPLES - CONCRETO","UN",170.02]
["74022/32","ENSAIO DE RESISTENCIA A TRACAO NA FLEXAO DE CONCRETO","UN",188.92]
["74022/37","ENSAIO DE ADESIVIDADE A LIGANTE BETUMINOSO - AGREGADO GRAUDO","UN",94.46]
["74022/42","ENSAIO DE EQUIVALENTE EM AREIA - SOLOS","UN",85]
["74022/58","ENSAIO DE ABATIMENTO DO TRONCO DE CONE","UN",66.64]
[95967,"SERVIÇOS TÉCNICOS ESPECIALIZADOS PARA ACOMPANHAMENTO DE EXECUÇÃO DE FUNDAÇÕES PROFUNDAS E ESTRUTURAS DE CONTENÇÃO","H",121.34]
[99058,"LOCAÇÃO DE PONTO PARA REFERÊNCIA TOPOGRÁFICA. AF_10/2018","UN",7.48]
[99059,"LOCACAO CONVENCIONAL DE OBRA, UTILIZANDO GABARITO DE TÁBUAS CORRIDAS PONTALETADAS A CADA 2,00M -  2 UTILIZAÇÕES. AF_10/2018","M",40.84]
[99060,"CAVALETE DE OBRA COM ALTURA DE 1,00 M - 2 UTILIZAÇÕES. AF_10/2018","UN",107.25]
[99061,"CAVALETE DE OBRA COM ALTURA DE 0,50 M - 2 UTILIZAÇÕES. AF_10/2018","UN",73.16]
[99062,"MARCAÇÃO DE PONTOS EM GABARITO OU CAVALETE. AF_10/2018","UN",2.22]
[99063,"LOCAÇÃO DE REDE DE ÁGUA OU ESGOTO. AF_10/2018","M",3.65]
[99064,"LOCAÇÃO DE PAVIMENTAÇÃO. AF_10/2018","M",0.37]
[78472,"SERVICOS TOPOGRAFICOS PARA PAVIMENTACAO, INCLUSIVE NOTA DE SERVICOS, ACOMPANHAMENTO E GREIDE","M2",0.37]
[93588,"TRANSPORTE COM CAMINHÃO BASCULANTE DE 10 M3, EM VIA URBANA EM LEITO NATURAL (UNIDADE: M3XKM). AF_04/2016","M3XKM",1.49]
[93589,"TRANSPORTE COM CAMINHÃO BASCULANTE DE 10 M3, EM VIA URBANA EM REVESTIMENTO PRIMÁRIO (UNIDADE: M3XKM). AF_04/2016","M3XKM",1.15]
[93590,"TRANSPORTE COM CAMINHÃO BASCULANTE DE 10 M3, EM VIA URBANA PAVIMENTADA, DMT ACIMA DE 30KM (UNIDADE: M3XKM). AF_04/2016","M3XKM",0.76]
[93591,"TRANSPORTE COM CAMINHÃO BASCULANTE DE 14 M3, EM VIA URBANA EM LEITO NATURAL (UNIDADE: M3XKM). AF_04/2016","M3XKM",1.34]
[93592,"TRANSPORTE COM CAMINHÃO BASCULANTE DE 14 M3, EM VIA URBANA EM REVESTIMENTO PRIMÁRIO (UNIDADE: M3XKM). AF_04/2016","M3XKM",1.03]
[93593,"TRANSPORTE COM CAMINHÃO BASCULANTE DE 14 M3, EM VIA URBANA PAVIMENTADA, DMT ACIMA DE 30 KM (UNIDADE: M3XKM). AF_04/2016","M3XKM",0.68]
[93594,"TRANSPORTE COM CAMINHÃO BASCULANTE DE 10 M3, EM VIA URBANA EM LEITO NATURAL (UNIDADE: TXKM). AF_04/2016","TXKM",1]
[93595,"TRANSPORTE COM CAMINHÃO BASCULANTE DE 10 M3, EM VIA URBANA EM REVESTIMENTO PRIMÁRIO (UNIDADE: TXKM). AF_04/2016","TXKM",0.76]
[93596,"TRANSPORTE COM CAMINHÃO BASCULANTE DE 10 M3, EM VIA URBANA PAVIMENTADA, DMT ACIMA DE 30 KM (UNIDADE: TXKM). AF_04/2016","TXKM",0.5]
[93597,"TRANSPORTE COM CAMINHÃO BASCULANTE DE 14 M3, EM VIA URBANA EM LEITO NATURAL (UNIDADE: TXKM). AF_04/2016","TXKM",0.89]
[93598,"TRANSPORTE COM CAMINHÃO BASCULANTE DE 14 M3, EM VIA URBANA EM REVESTIMENTO PRIMÁRIO (UNIDADE: TXKM). AF_04/2016","TXKM",0.68]
[93599,"TRANSPORTE COM CAMINHÃO BASCULANTE DE 14 M3, EM VIA URBANA PAVIMENTADA, DMT ACIMA DE 30 KM (UNIDADE: TXKM). AF_04/2016","TXKM",0.45]
[95425,"TRANSPORTE COM CAMINHÃO BASCULANTE DE 18 M3, EM VIA URBANA EM LEITO NATURAL (UNIDADE: M3XKM). AF_09/2016","M3XKM",1.16]
[95426,"TRANSPORTE COM CAMINHÃO BASCULANTE DE 18 M3, EM VIA URBANA EM REVESTIMENTO PRIMÁRIO (UNIDADE: M3XKM). AF_09/2016","M3XKM",0.89]
[95427,"TRANSPORTE COM CAMINHÃO BASCULANTE DE 18 M3, EM VIA URBANA PAVIMENTADA, DMT ACIMA DE 30 KM(UNIDADE: M3XKM). AF_09/2016","M3XKM",0.58]
[95428,"TRANSPORTE COM CAMINHÃO BASCULANTE DE 18 M3, EM VIA URBANA EM LEITO NATURAL (UNIDADE: TXKM). AF_09/2016","TXKM",0.77]
[95429,"TRANSPORTE COM CAMINHÃO BASCULANTE DE 18 M3, EM VIA URBANA EM REVESTIMENTO PRIMÁRIO (UNIDADE: TXKM). AF_09/2016","TXKM",0.58]
[95430,"TRANSPORTE COM CAMINHÃO BASCULANTE DE 18 M3, EM VIA URBANA PAVIMENTADA, DMT ACIMA DE 30 KM (UNIDADE: TXKM). AF_09/2016","TXKM",0.39]
[95875,"TRANSPORTE COM CAMINHÃO BASCULANTE DE 10 M3, EM VIA URBANA PAVIMENTADA, DMT ATÉ 30 KM (UNIDADE: M3XKM). AF_12/2016","M3XKM",1.07]
[95876,"TRANSPORTE COM CAMINHÃO BASCULANTE DE 14 M3, EM VIA URBANA PAVIMENTADA, DMT ATÉ 30 KM (UNIDADE: M3XKM). AF_12/2016","M3XKM",0.96]
[95877,"TRANSPORTE COM CAMINHÃO BASCULANTE DE 18 M3, EM VIA URBANA PAVIMENTADA, DMT ATÉ 30 KM (UNIDADE: M3XKM). AF_12/2016","M3XKM",0.82]
[95878,"TRANSPORTE COM CAMINHÃO BASCULANTE DE 10 M3, EM VIA URBANA PAVIMENTADA, DMT ATÉ 30 KM (UNIDADE: TXKM). AF_12/2016","TXKM",0.71]
[95879,"TRANSPORTE COM CAMINHÃO BASCULANTE DE 14 M3, EM VIA URBANA PAVIMENTADA, DMT ATÉ 30 KM (UNIDADE: TXKM). AF_12/2016","TXKM",0.64]
[95880,"TRANSPORTE COM CAMINHÃO BASCULANTE DE 18 M3, EM VIA URBANA PAVIMENTADA, DMT ATÉ 30 KM (UNIDADE: TXKM). AF_12/2016","TXKM",0.55]
[93176,"TRANSPORTE DE MATERIAL ASFALTICO, COM CAMINHÃO COM CAPACIDADE DE 30000 L EM RODOVIA PAVIMENTADA PARA DISTÂNCIAS MÉDIAS DE TRANSPORTE SUPERIORES A 100 KM. AF_02/2016","TXKM",0.45]
[93177,"TRANSPORTE DE MATERIAL ASFALTICO, COM CAMINHÃO COM CAPACIDADE DE 20000 L EM RODOVIA PAVIMENTADA PARA DISTÂNCIAS MÉDIAS DE TRANSPORTE IGUAL OU INFERIOR A 100 KM. AF_02/2016","TXKM",1.58]
[93178,"TRANSPORTE DE MATERIAL ASFALTICO, COM CAMINHÃO COM CAPACIDADE DE 30000 L EM RODOVIA NÃO PAVIMENTADA PARA DISTÂNCIAS MÉDIAS DE TRANSPORTE SUPERIORES A 100 KM. AF_02/2016","TXKM",0.51]
[93179,"TRANSPORTE DE MATERIAL ASFALTICO, COM CAMINHÃO COM CAPACIDADE DE 20000 L EM RODOVIA NÃO PAVIMENTADA PARA DISTÂNCIAS MÉDIAS DE TRANSPORTE IGUAL OU INFERIOR A 100 KM. AF_02/2016","TXKM",1.76]
["74038/1","PORTAO COM MOUROES DE MADEIRA ROLICA, DIAMETRO 11CM, COM 5 FIOS DE ARAME FARPADO Nº 14 CLASSE 250, SEM DOBRADICAS","M",31.85]
["74039/1","CERCA COM MOUROES DE MADEIRA ROLICA, DIAMETRO 11CM, ESPACAMENTO DE 2M, ALTURA LIVRE DE 1M, CRAVADOS 0,5M, COM 5 FIOS DE ARAME FARPADO Nº 14 CLASSE 250","M",31.85]
["74142/1","CERCA COM MOUROES DE CONCRETO, RETO, ESPACAMENTO DE 3M, CRAVADOS 0,5M, COM 4 FIOS DE ARAME FARPADO Nº 14 CLASSE 250","M",56.52]
["74142/2","CERCA COM MOUROES DE MADEIRA, 7,5X7,5CM, ESPACAMENTO DE 2M, ALTURA LIVRE DE 2M, CRAVADOS 0,5M, COM 4 FIOS DE ARAME FARPADO Nº 14 CLASSE 250","M",23.06]
["74142/3","CERCA COM MOUROES DE MADEIRA, 7,5X7,5CM, ESPACAMENTO DE 2M, ALTURA LIVRE DE 2M, CRAVADOS 0,5M, COM 8 FIOS DE ARAME FARPADO Nº 14 CLASSE 250","M",36.82]
["74142/4","CERCA COM MOUROES DE CONCRETO, SECAO \"T\" PONTA INCLINADA, 10X10CM, ESPACAMENTO DE 3M, CRAVADOS 0,5M, COM 11 FIOS DE ARAME FARPADO Nº 16","M",69.91]
["74143/1","CERCA COM MOUROES DE CONCRETO, RETO, 15X15CM, ESPACAMENTO DE 3M, CRAVADOS 0,5M, ESCORAS DE 10X10CM NOS CANTOS, COM 12 FIOS DE ARAME DE ACO OVALADO 15X17","M",69.07]
["74143/2","CERCA COM MOUROES DE CONCRETO, RETO, 15X15CM, ESPACAMENTO DE 3M, CRAVADOS 0,5M, ESCORAS DE 10X10CM NOS CANTOS, COM 9 FIOS DE ARAME DE ACO OVALADO 15X17","M",66.6]
[85171,"RECOMPOSICAO PARCIAL DO ARAME FARPADO Nº 14 CLASSE 250, FIXADO EM CERCA COM MOURÕES DE CONCRETO, RETO, 15X15CM","M",4.55]
["73787/1","ALAMBRADO EM TUBOS DE ACO GALVANIZADO, COM COSTURA, DIN 2440, DIAMETRO 2\", ALTURA 3M, FIXADOS A CADA 2M EM BLOCOS DE CONCRETO, COM TELA DE ARAME GALVANIZADO REVESTIDO COM PVC, FIO 12 BWG E MALHA 7,5X7,5CM","M2",227.75]
["74244/1","ALAMBRADO PARA QUADRA POLIESPORTIVA, ESTRUTURADO POR TUBOS DE ACO GALVANIZADO, COM COSTURA, DIN 2440, DIAMETRO 2\", COM TELA DE ARAME GALVANIZADO, FIO 14 BWG E MALHA QUADRADA 5X5CM","M2",144.25]
["73788/2","GRADE EM MADEIRA PARA PROTECAO DE MUDAS DE ARVORES","UN",118.64]
[98509,"PLANTIO DE ARBUSTO OU  CERCA VIVA. AF_05/2018","UN",18.4]
[98510,"PLANTIO DE ÁRVORE ORNAMENTAL COM ALTURA DE MUDA MENOR OU IGUAL A 2,00 M. AF_05/2018","UN",37.18]
[98511,"PLANTIO DE ÁRVORE ORNAMENTAL COM ALTURA DE MUDA MAIOR QUE 2,00 M E MENOR OU IGUAL A 4,00 M. AF_05/2018","UN",65]
[98516,"PLANTIO DE PALMEIRA COM ALTURA DE MUDA MENOR OU IGUAL A 2,00 M. AF_05/2018","UN",216.18]
[98519,"REVOLVIMENTO E LIMPEZA MANUAL DE SOLO. AF_05/2018","M2",1.9]
[98520,"APLICAÇÃO DE ADUBO EM SOLO. AF_05/2018","M2",3.63]
[98521,"APLICAÇÃO DE CALCÁRIO PARA CORREÇÃO DO PH DO SOLO. AF_05/2018","M2",0.33]
[98522,"ALAMBRADO EM MOURÕES DE CONCRETO, COM TELA DE ARAME GALVANIZADO (INCLUSIVE MURETA EM CONCRETO). AF_05/2018","M",142.47]
[98524,"LIMPEZA MANUAL DE VEGETAÇÃO EM TERRENO COM ENXADA.AF_05/2018","M2",3.06]
[85179,"PLANTIO DE GRAMA SAO CARLOS EM LEIVAS","M2",14.68]
[85180,"PLANTIO DE GRAMA ESMERALDA EM ROLO","M2",14.68]
[98503,"PLANTIO DE GRAMA EM PAVIMENTO CONCREGRAMA. AF_05/2018","M2",13.73]
[98504,"PLANTIO DE GRAMA EM PLACAS. AF_05/2018","M2",9.63]
[98505,"PLANTIO DE FORRAÇÃO. AF_05/2018","M2",27.54]
[85184,"RETIRADA DE GRAMA EM PLACAS","M2",4.81]
[85185,"PODA E LIMPEZA DE ARBUSTO TIPO CERCA VIVA","M2",5.85]
[98525,"LIMPEZA MECANIZADA DE CAMADA VEGETAL, VEGETAÇÃO E PEQUENAS ÁRVORES (DIÂMETRO DE TRONCO MENOR QUE 0,20 M), COM TRATOR DE ESTEIRAS.AF_05/2018","M2",0.28]
[98526,"REMOÇÃO DE RAÍZES REMANESCENTES DE TRONCO DE ÁRVORE COM DIÂMETRO MAIOR OU IGUAL A 0,20 M E MENOR QUE 0,40 M.AF_05/2018","UN",63.54]
[98527,"REMOÇÃO DE RAÍZES REMANESCENTES DE TRONCO DE ÁRVORE COM DIÂMETRO MAIOR OU IGUAL A 0,40 M E MENOR QUE 0,60 M.AF_05/2018","UN",136.81]
[98528,"REMOÇÃO DE RAÍZES REMANESCENTES DE TRONCO DE ÁRVORE COM DIÂMETRO MAIOR OU IGUAL A 0,60 M.AF_05/2018","UN",200.07]
[98529,"CORTE RASO E RECORTE DE ÁRVORE COM DIÂMETRO DE TRONCO MAIOR OU IGUAL A 0,20 M E MENOR QUE 0,40 M.AF_05/2018","UN",65.94]
[98530,"CORTE RASO E RECORTE DE ÁRVORE COM DIÂMETRO DE TRONCO MAIOR OU IGUAL A 0,40 M E MENOR QUE 0,60 M.AF_05/2018","UN",117.46]
[98531,"CORTE RASO E RECORTE DE ÁRVORE COM DIÂMETRO DE TRONCO MAIOR OU IGUAL A 0,60 M.AF_05/2018","UN",234.57]
[98532,"PODA EM ALTURA DE ÁRVORE COM DIÂMETRO DE TRONCO MENOR QUE 0,20 M.AF_05/2018","UN",70.19]
[98533,"PODA EM ALTURA DE ÁRVORE COM DIÂMETRO DE TRONCO MAIOR OU IGUAL A 0,20 M E MENOR QUE 0,40 M.AF_05/2018","UN",195.65]
[98534,"PODA EM ALTURA DE ÁRVORE COM DIÂMETRO DE TRONCO MAIOR OU IGUAL A 0,40 M E MENOR QUE 0,60 M.AF_05/2018","UN",497.25]
[98535,"PODA EM ALTURA DE ÁRVORE COM DIÂMETRO DE TRONCO MAIOR OU IGUAL A 0,60 M.AF_05/2018","UN",793.87]
[88236,"FERRAMENTAS (ENCARGOS COMPLEMENTARES) - HORISTA","H",0.41]
[88237,"EPI (ENCARGOS COMPLEMENTARES) - HORISTA","H",0.89]
[88238,"AJUDANTE DE ARMADOR COM ENCARGOS COMPLEMENTARES","H",18.86]
[88239,"AJUDANTE DE CARPINTEIRO COM ENCARGOS COMPLEMENTARES","H",20.28]
[88240,"AJUDANTE DE ESTRUTURA METÁLICA COM ENCARGOS COMPLEMENTARES","H",18.66]
[88241,"AJUDANTE DE OPERAÇÃO EM GERAL COM ENCARGOS COMPLEMENTARES","H",19.27]
[88242,"AJUDANTE DE PEDREIRO COM ENCARGOS COMPLEMENTARES","H",19.34]
[88243,"AJUDANTE ESPECIALIZADO COM ENCARGOS COMPLEMENTARES","H",22.86]
[88245,"ARMADOR COM ENCARGOS COMPLEMENTARES","H",24.08]
[88246,"ASSENTADOR DE TUBOS COM ENCARGOS COMPLEMENTARES","H",23.94]
[88247,"AUXILIAR DE ELETRICISTA COM ENCARGOS COMPLEMENTARES","H",19.04]
[88248,"AUXILIAR DE ENCANADOR OU BOMBEIRO HIDRÁULICO COM ENCARGOS COMPLEMENTARES","H",18.95]
[88249,"AUXILIAR DE LABORATÓRIO COM ENCARGOS COMPLEMENTARES","H",27.82]
[88250,"AUXILIAR DE MECÂNICO COM ENCARGOS COMPLEMENTARES","H",19.23]
[88251,"AUXILIAR DE SERRALHEIRO COM ENCARGOS COMPLEMENTARES","H",19.72]
[88252,"AUXILIAR DE SERVIÇOS GERAIS COM ENCARGOS COMPLEMENTARES","H",20.12]
[88253,"AUXILIAR DE TOPÓGRAFO COM ENCARGOS COMPLEMENTARES","H",13.55]
[88255,"AUXILIAR TÉCNICO DE ENGENHARIA COM ENCARGOS COMPLEMENTARES","H",33.35]
[88256,"AZULEJISTA OU LADRILHISTA COM ENCARGOS COMPLEMENTARES","H",25.43]
[88257,"BLASTER, DINAMITADOR OU CABO DE FOGO COM ENCARGOS COMPLEMENTARES","H",22.8]
[88258,"CADASTRISTA DE REDES DE AGUA E ESGOTO COM ENCARGOS COMPLEMENTARES","H",18.43]
[88259,"CALAFETADOR/CALAFATE COM ENCARGOS COMPLEMENTARES","H",27.9]
[88260,"CALCETEIRO COM ENCARGOS COMPLEMENTARES","H",24.08]
[88261,"CARPINTEIRO DE ESQUADRIA COM ENCARGOS COMPLEMENTARES","H",25.21]
[88262,"CARPINTEIRO DE FORMAS COM ENCARGOS COMPLEMENTARES","H",23.88]
[88263,"CAVOUQUEIRO OU OPERADOR PERFURATRIZ/ROMPEDOR COM ENCARGOS COMPLEMENTARES","H",17.38]
[88264,"ELETRICISTA COM ENCARGOS COMPLEMENTARES","H",24.23]
[88265,"ELETRICISTA INDUSTRIAL COM ENCARGOS COMPLEMENTARES","H",21.85]
[88266,"ELETROTÉCNICO COM ENCARGOS COMPLEMENTARES","H",26.55]
[88267,"ENCANADOR OU BOMBEIRO HIDRÁULICO COM ENCARGOS COMPLEMENTARES","H",23.97]
[88268,"ESTUCADOR COM ENCARGOS COMPLEMENTARES","H",24.93]
[88269,"GESSEIRO COM ENCARGOS COMPLEMENTARES","H",24.08]
[88270,"IMPERMEABILIZADOR COM ENCARGOS COMPLEMENTARES","H",24.22]
[88272,"MACARIQUEIRO COM ENCARGOS COMPLEMENTARES","H",24.41]
[88273,"MARCENEIRO COM ENCARGOS COMPLEMENTARES","H",24.3]
[88274,"MARMORISTA/GRANITEIRO COM ENCARGOS COMPLEMENTARES","H",21.46]
[88275,"MECÃNICO DE EQUIPAMENTOS PESADOS COM ENCARGOS COMPLEMENTARES","H",28.49]
[88277,"MONTADOR (TUBO AÇO/EQUIPAMENTOS) COM ENCARGOS COMPLEMENTARES","H",21.99]
[88278,"MONTADOR DE ESTRUTURA METÁLICA COM ENCARGOS COMPLEMENTARES","H",23.2]
[88279,"MONTADOR ELETROMECÃNICO COM ENCARGOS COMPLEMENTARES","H",29.17]
[88281,"MOTORISTA DE BASCULANTE COM ENCARGOS COMPLEMENTARES","H",20.31]
[88282,"MOTORISTA DE CAMINHÃO COM ENCARGOS COMPLEMENTARES","H",21.19]
[88283,"MOTORISTA DE CAMINHÃO E CARRETA COM ENCARGOS COMPLEMENTARES","H",26.47]
[88284,"MOTORISTA DE VEIÍCULO LEVE COM ENCARGOS COMPLEMENTARES","H",16.29]
[88285,"MOTORISTA DE VEÍCULO PESADO COM ENCARGOS COMPLEMENTARES","H",23.17]
[88286,"MOTORISTA OPERADOR DE MUNCK COM ENCARGOS COMPLEMENTARES","H",16.86]
[88288,"NIVELADOR COM ENCARGOS COMPLEMENTARES","H",15.3]
[88291,"OPERADOR DE BETONEIRA (CAMINHÃO) COM ENCARGOS COMPLEMENTARES","H",20.58]
[88292,"OPERADOR DE COMPRESSOR OU COMPRESSORISTA COM ENCARGOS COMPLEMENTARES","H",21.38]
[88293,"OPERADOR DE DEMARCADORA DE FAIXAS COM ENCARGOS COMPLEMENTARES","H",23.86]
[88294,"OPERADOR DE ESCAVADEIRA COM ENCARGOS COMPLEMENTARES","H",25.58]
[88295,"OPERADOR DE GUINCHO COM ENCARGOS COMPLEMENTARES","H",24.89]
[88296,"OPERADOR DE GUINDASTE COM ENCARGOS COMPLEMENTARES","H",24.89]
[88297,"OPERADOR DE MÁQUINAS E EQUIPAMENTOS COM ENCARGOS COMPLEMENTARES","H",25.3]
[88298,"OPERADOR DE MARTELETE OU MARTELETEIRO COM ENCARGOS COMPLEMENTARES","H",22.74]
[88299,"OPERADOR DE MOTO-ESCREIPER COM ENCARGOS COMPLEMENTARES","H",24.16]
[88300,"OPERADOR DE MOTONIVELADORA COM ENCARGOS COMPLEMENTARES","H",28.19]
[88301,"OPERADOR DE PÁ CARREGADEIRA COM ENCARGOS COMPLEMENTARES","H",24.77]
[88302,"OPERADOR DE PAVIMENTADORA COM ENCARGOS COMPLEMENTARES","H",24.73]
[88303,"OPERADOR DE ROLO COMPACTADOR COM ENCARGOS COMPLEMENTARES","H",23.35]
[88304,"OPERADOR DE USINA DE ASFALTO, DE SOLOS OU DE CONCRETO COM ENCARGOS COMPLEMENTARES","H",22.14]
[88306,"OPERADOR JATO DE AREIA OU JATISTA COM ENCARGOS COMPLEMENTARES","H",26.06]
[88307,"OPERADOR PARA BATE ESTACAS COM ENCARGOS COMPLEMENTARES","H",24.58]
[88308,"PASTILHEIRO COM ENCARGOS COMPLEMENTARES","H",23.73]
[88309,"PEDREIRO COM ENCARGOS COMPLEMENTARES","H",24.22]
[88310,"PINTOR COM ENCARGOS COMPLEMENTARES","H",23.93]
[88311,"PINTOR DE LETREIROS COM ENCARGOS COMPLEMENTARES","H",25.74]
[88312,"PINTOR PARA TINTA EPÓXI COM ENCARGOS COMPLEMENTARES","H",25.21]
[88313,"POCEIRO COM ENCARGOS COMPLEMENTARES","H",19.8]
[88314,"RASTELEIRO COM ENCARGOS COMPLEMENTARES","H",19.17]
[88315,"SERRALHEIRO COM ENCARGOS COMPLEMENTARES","H",24.08]
[88316,"SERVENTE COM ENCARGOS COMPLEMENTARES","H",19.27]
[88317,"SOLDADOR COM ENCARGOS COMPLEMENTARES","H",25.2]
[88318,"SOLDADOR A (PARA SOLDA A SER TESTADA COM RAIOS \"X\") COM ENCARGOS COMPLEMENTARES","H",27.03]
[88320,"TAQUEADOR OU TAQUEIRO COM ENCARGOS COMPLEMENTARES","H",27.75]
[88321,"TÉCNICO DE LABORATÓRIO COM ENCARGOS COMPLEMENTARES","H",38.82]
[88322,"TÉCNICO DE SONDAGEM COM ENCARGOS COMPLEMENTARES","H",25.58]
[88323,"TELHADISTA COM ENCARGOS COMPLEMENTARES","H",21.85]
[88324,"TRATORISTA COM ENCARGOS COMPLEMENTARES","H",24.93]
[88325,"VIDRACEIRO COM ENCARGOS COMPLEMENTARES","H",23.24]
[88326,"VIGIA NOTURNO COM ENCARGOS COMPLEMENTARES","H",21.31]
[88377,"OPERADOR DE BETONEIRA ESTACIONÁRIA/MISTURADOR COM ENCARGOS COMPLEMENTARES","H",20.09]
[88441,"JARDINEIRO COM ENCARGOS COMPLEMENTARES","H",23.43]
[88597,"DESENHISTA DETALHISTA COM ENCARGOS COMPLEMENTARES","H",27.24]
[90766,"ALMOXARIFE COM ENCARGOS COMPLEMENTARES","H",25.65]
[90767,"APONTADOR OU APROPRIADOR COM ENCARGOS COMPLEMENTARES","H",31.43]
[90768,"ARQUITETO DE OBRA JUNIOR COM ENCARGOS COMPLEMENTARES","H",56.29]
[90769,"ARQUITETO DE OBRA PLENO COM ENCARGOS COMPLEMENTARES","H",79.79]
[90770,"ARQUITETO DE OBRA SENIOR COM ENCARGOS COMPLEMENTARES","H",105.34]
[90771,"AUXILIAR DE DESENHISTA COM ENCARGOS COMPLEMENTARES","H",24.03]
[90772,"AUXILIAR DE ESCRITORIO COM ENCARGOS COMPLEMENTARES","H",21.18]
[90773,"DESENHISTA COPISTA COM ENCARGOS COMPLEMENTARES","H",26.42]
[90775,"DESENHISTA PROJETISTA COM ENCARGOS COMPLEMENTARES","H",26.11]
[90776,"ENCARREGADO GERAL COM ENCARGOS COMPLEMENTARES","H",34.2]
[90777,"ENGENHEIRO CIVIL DE OBRA JUNIOR COM ENCARGOS COMPLEMENTARES","H",76.62]
[90778,"ENGENHEIRO CIVIL DE OBRA PLENO COM ENCARGOS COMPLEMENTARES","H",87.14]
[90779,"ENGENHEIRO CIVIL DE OBRA SENIOR COM ENCARGOS COMPLEMENTARES","H",118.97]
[90780,"MESTRE DE OBRAS COM ENCARGOS COMPLEMENTARES","H",43.91]
[90781,"TOPOGRAFO COM ENCARGOS COMPLEMENTARES","H",22.09]
[91677,"ENGENHEIRO ELETRICISTA COM ENCARGOS COMPLEMENTARES","H",78.57]
[91678,"ENGENHEIRO SANITARISTA COM ENCARGOS COMPLEMENTARES","H",73.22]
[93556,"FERRAMENTAS (ENCARGOS COMPLEMENTARES) - MENSALISTA","MES",89.59]
[93557,"EPI (ENCARGOS COMPLEMENTARES) - MENSALISTA","MES",175.19]
[93558,"MOTORISTA DE CAMINHAO COM ENCARGOS COMPLEMENTARES","MES",4388.13]
[93559,"DESENHISTA DETALHISTA COM ENCARGOS COMPLEMENTARES","MES",3589.47]
[93560,"DESENHISTA COPISTA COM ENCARGOS COMPLEMENTARES","MES",3491.86]
[93561,"DESENHISTA PROJETISTA COM ENCARGOS COMPLEMENTARES","MES",3766.11]
[93562,"AUXILIAR DE DESENHISTA COM ENCARGOS COMPLEMENTARES","MES",3213.46]
[93563,"ALMOXARIFE COM ENCARGOS COMPLEMENTARES","MES",4574.91]
[93564,"APONTADOR OU APROPRIADOR COM ENCARGOS COMPLEMENTARES","MES",5577.99]
[93565,"ENGENHEIRO CIVIL DE OBRA JUNIOR COM ENCARGOS COMPLEMENTARES","MES",13424.31]
[93566,"AUXILIAR DE ESCRITORIO COM ENCARGOS COMPLEMENTARES","MES",3789.68]
[93567,"ENGENHEIRO CIVIL DE OBRA PLENO COM ENCARGOS COMPLEMENTARES","MES",15268.27]
[93568,"ENGENHEIRO CIVIL DE OBRA SENIOR COM ENCARGOS COMPLEMENTARES","MES",20841.21]
[93569,"ARQUITETO JUNIOR COM ENCARGOS COMPLEMENTARES","MES",9877.66]
[93570,"ARQUITETO PLENO COM ENCARGOS COMPLEMENTARES","MES",13995.89]
[93571,"ARQUITETO SENIOR COM ENCARGOS COMPLEMENTARES","MES",18477.36]
[93572,"ENCARREGADO GERAL DE OBRAS COM ENCARGOS COMPLEMENTARES","MES",6057.97]
[94295,"MESTRE DE OBRAS COM ENCARGOS COMPLEMENTARES","MES",7686.91]
[94296,"TOPOGRAFO COM ENCARGOS COMPLEMENTARES","MES",4087.81]
[95308,"CURSO DE CAPACITAÇÃO PARA AJUDANTE DE ARMADOR (ENCARGOS COMPLEMENTARES) - HORISTA","H",0.11]
[95309,"CURSO DE CAPACITAÇÃO PARA AJUDANTE DE CARPINTEIRO (ENCARGOS COMPLEMENTARES) - HORISTA","H",0.15]
[95310,"CURSO DE CAPACITAÇÃO PARA AJUDANTE DE ESTRUTURA METÁLICA (ENCARGOS COMPLEMENTARES) - HORISTA","H",0.1]
[95311,"CURSO DE CAPACITAÇÃO PARA AJUDANTE DE OPERAÇÃO EM GERAL (ENCARGOS COMPLEMENTARES) - HORISTA","H",0.11]
[95312,"CURSO DE CAPACITAÇÃO PARA AJUDANTE DE PEDREIRO (ENCARGOS COMPLEMENTARES) - HORISTA","H",0.14]
[95313,"CURSO DE CAPACITAÇÃO PARA AJUDANTE ESPECIALIZADO (ENCARGOS COMPLEMENTARES) - HORISTA","H",0.14]
[95314,"CURSO DE CAPACITAÇÃO PARA ARMADOR (ENCARGOS COMPLEMENTARES) - HORISTA","H",0.15]
[95315,"CURSO DE CAPACITAÇÃO PARA ASSENTADOR DE TUBOS (ENCARGOS COMPLEMENTARES) - HORISTA","H",0.2]
[95316,"CURSO DE CAPACITAÇÃO PARA AUXILIAR DE ELETRICISTA (ENCARGOS COMPLEMENTARES) - HORISTA","H",0.35]
[95317,"CURSO DE CAPACITAÇÃO PARA AUXILIAR DE ENCANADOR OU BOMBEIRO HIDRÁULICO (ENCARGOS COMPLEMENTARES) - HORISTA","H",0.17]
[95318,"CURSO DE CAPACITAÇÃO PARA AUXILIAR DE LABORATÓRIO (ENCARGOS COMPLEMENTARES) - HORISTA","H",0.13]
[95319,"CURSO DE CAPACITAÇÃO PARA AUXILIAR DE MECÂNICO (ENCARGOS COMPLEMENTARES) - HORISTA","H",0.11]
[95320,"CURSO DE CAPACITAÇÃO PARA AUXILIAR DE SERRALHEIRO (ENCARGOS COMPLEMENTARES) - HORISTA","H",0.11]
[95321,"CURSO DE CAPACITAÇÃO PARA AUXILIAR DE SERVIÇOS GERAIS (ENCARGOS COMPLEMENTARES) - HORISTA","H",0.12]
[95322,"CURSO DE CAPACITAÇÃO PARA AUXILIAR DE TOPÓGRAFO (ENCARGOS COMPLEMENTARES) - HORISTA","H",0.04]
[95323,"CURSO DE CAPACITAÇÃO PARA AUXILIAR TÉCNICO DE ENGENHARIA (ENCARGOS COMPLEMENTARES) - HORISTA","H",0.17]
[95324,"CURSO DE CAPACITAÇÃO PARA AZULEJISTA OU LADRILHISTA (ENCARGOS COMPLEMENTARES) - HORISTA","H",0.21]
[95325,"CURSO DE CAPACITAÇÃO PARA BLASTER, DINAMITADOR OU CABO DE FOGO (ENCARGOS COMPLEMENTARES) - HORISTA","H",0.22]
[95326,"CURSO DE CAPACITAÇÃO PARA CADASTRISTA DE REDES DE AGUA E ESGOTO (ENCARGOS COMPLEMENTARES) - HORISTA","H",0.04]
[95327,"CURSO DE CAPACITAÇÃO PARA CALAFETADOR/CALAFATE (ENCARGOS COMPLEMENTARES) - HORISTA","H",0.24]
[95328,"CURSO DE CAPACITAÇÃO PARA CALCETEIRO (ENCARGOS COMPLEMENTARES) - HORISTA","H",0.15]
[95329,"CURSO DE CAPACITAÇÃO PARA CARPINTEIRO DE ESQUADRIA (ENCARGOS COMPLEMENTARES) - HORISTA","H",0.21]
[95330,"CURSO DE CAPACITAÇÃO PARA CARPINTEIRO DE FÔRMAS (ENCARGOS COMPLEMENTARES) - HORISTA","H",0.15]
[95331,"CURSO DE CAPACITAÇÃO PARA CAVOUQUEIRO OU OPERADOR PERFURATRIZ/ROMPEDOR (ENCARGOS COMPLEMENTARES) - HORISTA","H",0.09]
[95332,"CURSO DE CAPACITAÇÃO PARA ELETRICISTA (ENCARGOS COMPLEMENTARES) - HORISTA","H",0.5]
[95333,"CURSO DE CAPACITAÇÃO PARA ELETRICISTA INDUSTRIAL (ENCARGOS COMPLEMENTARES) - HORISTA","H",0.43]
[95334,"CURSO DE CAPACITAÇÃO PARA ELETROTÉCNICO (ENCARGOS COMPLEMENTARES) - HORISTA","H",0.47]
[95335,"CURSO DE CAPACITAÇÃO PARA ENCANADOR OU BOMBEIRO HIDRÁULICO (ENCARGOS COMPLEMENTARES) - HORISTA","H",0.24]
[95336,"CURSO DE CAPACITAÇÃO PARA ESTUCADOR (ENCARGOS COMPLEMENTARES) - HORISTA","H",0.16]
[95337,"CURSO DE CAPACITAÇÃO PARA GESSEIRO (ENCARGOS COMPLEMENTARES) - HORISTA","H",0.15]
[95338,"CURSO DE CAPACITAÇÃO PARA IMPERMEABILIZADOR (ENCARGOS COMPLEMENTARES) - HORISTA","H",0.29]
[95339,"CURSO DE CAPACITAÇÃO PARA MAÇARIQUEIRO (ENCARGOS COMPLEMENTARES) - HORISTA","H",0.25]
[95340,"CURSO DE CAPACITAÇÃO PARA MARCENEIRO (ENCARGOS COMPLEMENTARES) - HORISTA","H",0.2]
[95341,"CURSO DE CAPACITAÇÃO PARA MARMORISTA/GRANITEIRO (ENCARGOS COMPLEMENTARES) - HORISTA","H",0.17]
[95342,"CURSO DE CAPACITAÇÃO PARA MECÂNICO DE EQUIPAMENTOS PESADOS (ENCARGOS COMPLEMENTARES) - HORISTA","H",0.14]
[95343,"CURSO DE CAPACITAÇÃO PARA MONTADOR  DE TUBO AÇO/EQUIPAMENTOS (ENCARGOS COMPLEMENTARES) - HORISTA","H",0.17]
[95344,"CURSO DE CAPACITAÇÃO PARA MONTADOR DE ESTRUTURA METÁLICA (ENCARGOS COMPLEMENTARES) - HORISTA","H",0.15]
[95345,"CURSO DE CAPACITAÇÃO PARA MONTADOR ELETROMECÂNICO (ENCARGOS COMPLEMENTARES) - HORISTA","H",0.54]
[95346,"CURSO DE CAPACITAÇÃO PARA MOTORISTA DE BASCULANTE (ENCARGOS COMPLEMENTARES) - HORISTA","H",0.06]
[95347,"CURSO DE CAPACITAÇÃO PARA MOTORISTA DE CAMINHÃO (ENCARGOS COMPLEMENTARES) - HORISTA","H",0.06]
[95348,"CURSO DE CAPACITAÇÃO PARA MOTORISTA DE CAMINHÃO E CARRETA (ENCARGOS COMPLEMENTARES) - HORISTA","H",0.08]
[95349,"CURSO DE CAPACITAÇÃO PARA MOTORISTA DE VEÍCULO LEVE (ENCARGOS COMPLEMENTARES) - HORISTA","H",0.04]
[95350,"CURSO DE CAPACITAÇÃO PARA MOTORISTA DE VEÍCULO PESADO (ENCARGOS COMPLEMENTARES) - HORISTA","H",0.07]
[95351,"CURSO DE CAPACITAÇÃO PARA MOTORISTA OPERADOR DE MUNCK (ENCARGOS COMPLEMENTARES) - HORISTA","H",0.14]
[95352,"CURSO DE CAPACITAÇÃO PARA NIVELADOR (ENCARGOS COMPLEMENTARES) - HORISTA","H",0.05]
[95354,"CURSO DE CAPACITAÇÃO PARA OPERADOR DE BETONEIRA (CAMINHÃO) (ENCARGOS COMPLEMENTARES) - HORISTA","H",0.09]
[95355,"CURSO DE CAPACITAÇÃO PARA OPERADOR DE COMPRESSOR OU COMPRESSORISTA (ENCARGOS COMPLEMENTARES) - HORISTA","H",0.09]
[95356,"CURSO DE CAPACITAÇÃO PARA OPERADOR DE DEMARCADORA DE FAIXAS (ENCARGOS COMPLEMENTARES) - HORISTA","H",0.11]
[95357,"CURSO DE CAPACITAÇÃO PARA OPERADOR DE ESCAVADEIRA (ENCARGOS COMPLEMENTARES) - HORISTA","H",0.17]
[95358,"CURSO DE CAPACITAÇÃO PARA OPERADOR DE GUINCHO (ENCARGOS COMPLEMENTARES) - HORISTA","H",0.24]
[95359,"CURSO DE CAPACITAÇÃO PARA OPERADOR DE GUINDASTE (ENCARGOS COMPLEMENTARES) - HORISTA","H",0.24]
[95360,"CURSO DE CAPACITAÇÃO PARA OPERADOR DE MÁQUINAS E EQUIPAMENTOS (ENCARGOS COMPLEMENTARES) - HORISTA","H",0.17]
[95361,"CURSO DE CAPACITAÇÃO PARA OPERADOR DE MARTELETE OU MARTELETEIRO (ENCARGOS COMPLEMENTARES) - HORISTA","H",0.1]
[95362,"CURSO DE CAPACITAÇÃO PARA OPERADOR DE MOTO-ESCREIPER (ENCARGOS COMPLEMENTARES) - HORISTA","H",0.11]
[95363,"CURSO DE CAPACITAÇÃO PARA OPERADOR DE MOTONIVELADORA (ENCARGOS COMPLEMENTARES) - HORISTA","H",0.14]
[95364,"CURSO DE CAPACITAÇÃO PARA OPERADOR DE PÁ CARREGADEIRA (ENCARGOS COMPLEMENTARES) - HORISTA","H",0.12]
[95365,"CURSO DE CAPACITAÇÃO PARA OPERADOR DE PAVIMENTADORA (ENCARGOS COMPLEMENTARES) - HORISTA","H",0.12]
[95366,"CURSO DE CAPACITAÇÃO PARA OPERADOR DE ROLO COMPACTADOR (ENCARGOS COMPLEMENTARES) - HORISTA","H",0.11]
[95367,"CURSO DE CAPACITAÇÃO PARA OPERADOR DE USINA DE ASFALTO, DE SOLOS OU DE CONCRETO (ENCARGOS COMPLEMENTARES) - HORISTA","H",0.1]
[95368,"CURSO DE CAPACITAÇÃO PARA OPERADOR JATO DE AREIA OU JATISTA (ENCARGOS COMPLEMENTARES) - HORISTA","H",0.18]
[95369,"CURSO DE CAPACITAÇÃO PARA OPERADOR PARA BATE ESTACAS (ENCARGOS COMPLEMENTARES) - HORISTA","H",0.12]
[95370,"CURSO DE CAPACITAÇÃO PARA PASTILHEIRO (ENCARGOS COMPLEMENTARES) - HORISTA","H",0.19]
[95371,"CURSO DE CAPACITAÇÃO PARA PEDREIRO (ENCARGOS COMPLEMENTARES) - HORISTA","H",0.29]
[95372,"CURSO DE CAPACITAÇÃO PARA PINTOR (ENCARGOS COMPLEMENTARES) - HORISTA","H",0.2]
[95373,"CURSO DE CAPACITAÇÃO PARA PINTOR DE LETREIROS (ENCARGOS COMPLEMENTARES) - HORISTA","H",0.22]
[95374,"CURSO DE CAPACITAÇÃO PARA PINTOR PARA TINTA EPÓXI (ENCARGOS COMPLEMENTARES) - HORISTA","H",0.21]
[95375,"CURSO DE CAPACITAÇÃO PARA POCEIRO (ENCARGOS COMPLEMENTARES) - HORISTA","H",0.21]
[95376,"CURSO DE CAPACITAÇÃO PARA RASTELEIRO (ENCARGOS COMPLEMENTARES) - HORISTA","H",0.05]
[95377,"CURSO DE CAPACITAÇÃO PARA SERRALHEIRO (ENCARGOS COMPLEMENTARES) - HORISTA","H",0.15]
[95378,"CURSO DE CAPACITAÇÃO PARA SERVENTE (ENCARGOS COMPLEMENTARES) - HORISTA","H",0.2]
[95379,"CURSO DE CAPACITAÇÃO PARA SOLDADOR (ENCARGOS COMPLEMENTARES) - HORISTA","H",0.16]
[95380,"CURSO DE CAPACITAÇÃO PARA SOLDADOR A (PARA SOLDA A SER TESTADA COM RAIOS  X ) (ENCARGOS COMPLEMENTARES) - HORISTA","H",0.18]
[95381,"CURSO DE CAPACITAÇÃO PARA SONDADOR (ENCARGOS COMPLEMENTARES) - HORISTA","H",0.17]
[95382,"CURSO DE CAPACITAÇÃO PARA TAQUEADOR OU TAQUEIRO (ENCARGOS COMPLEMENTARES) - HORISTA","H",0.19]
[95383,"CURSO DE CAPACITAÇÃO PARA TÉCNICO DE LABORATÓRIO (ENCARGOS COMPLEMENTARES) - HORISTA","H",0.21]
[95384,"CURSO DE CAPACITAÇÃO PARA TÉCNICO DE SONDAGEM (ENCARGOS COMPLEMENTARES) - HORISTA","H",0.17]
[95385,"CURSO DE CAPACITAÇÃO PARA TELHADISTA (ENCARGOS COMPLEMENTARES) - HORISTA","H",0.13]
[95386,"CURSO DE CAPACITAÇÃO PARA TRATORISTA (ENCARGOS COMPLEMENTARES) - HORISTA","H",0.16]
[95387,"CURSO DE CAPACITAÇÃO PARA VIDRACEIRO (ENCARGOS COMPLEMENTARES) - HORISTA","H",0.19]
[95388,"CURSO DE CAPACITAÇÃO PARA VIGIA NOTURNO (ENCARGOS COMPLEMENTARES) - HORISTA","H",0.06]
[95389,"CURSO DE CAPACITAÇÃO PARA OPERADOR DE BETONEIRA ESTACIONÁRIA/MISTURADOR (ENCARGOS COMPLEMENTARES) - HORISTA","H",0.09]
[95390,"CURSO DE CAPACITAÇÃO PARA JARDINEIRO (ENCARGOS COMPLEMENTARES) - HORISTA","H",0.06]
[95391,"CURSO DE CAPACITAÇÃO PARA DESENHISTA DETALHISTA (ENCARGOS COMPLEMENTARES) - HORISTA","H",0.08]
[95392,"CURSO DE CAPACITAÇÃO PARA ALMOXARIFE (ENCARGOS COMPLEMENTARES) - HORISTA","H",0.08]
[95393,"CURSO DE CAPACITAÇÃO PARA APONTADOR OU APROPRIADOR (ENCARGOS COMPLEMENTARES) - HORISTA","H",0.43]
[95394,"CURSO DE CAPACITAÇÃO PARA ARQUITETO DE OBRA JÚNIOR (ENCARGOS COMPLEMENTARES) - HORISTA","H",0.37]
[95395,"CURSO DE CAPACITAÇÃO PARA ARQUITETO DE OBRA PLENO (ENCARGOS COMPLEMENTARES) - HORISTA","H",0.52]
[95396,"CURSO DE CAPACITAÇÃO PARA ARQUITETO DE OBRA SÊNIOR (ENCARGOS COMPLEMENTARES) - HORISTA","H",0.69]
[95397,"CURSO DE CAPACITAÇÃO PARA AUXILIAR DE DESENHISTA (ENCARGOS COMPLEMENTARES) - HORISTA","H",0.07]
[95398,"CURSO DE CAPACITAÇÃO PARA AUXILIAR DE ESCRITÓRIO (ENCARGOS COMPLEMENTARES) - HORISTA","H",0.06]
[95399,"CURSO DE CAPACITAÇÃO PARA DESENHISTA COPISTA (ENCARGOS COMPLEMENTARES) - HORISTA","H",0.08]
[95400,"CURSO DE CAPACITAÇÃO PARA DESENHISTA PROJETISTA (ENCARGOS COMPLEMENTARES) - HORISTA","H",0.1]
[95401,"CURSO DE CAPACITAÇÃO PARA ENCARREGADO GERAL (ENCARGOS COMPLEMENTARES) - HORISTA","H",0.48]
[95402,"CURSO DE CAPACITAÇÃO PARA ENGENHEIRO CIVIL DE OBRA JÚNIOR (ENCARGOS COMPLEMENTARES) - HORISTA","H",0.89]
[95403,"CURSO DE CAPACITAÇÃO PARA ENGENHEIRO CIVIL DE OBRA PLENO (ENCARGOS COMPLEMENTARES) - HORISTA","H",1.01]
[95404,"CURSO DE CAPACITAÇÃO PARA ENGENHEIRO CIVIL DE OBRA SÊNIOR (ENCARGOS COMPLEMENTARES) - HORISTA","H",1.39]
[95405,"CURSO DE CAPACITAÇÃO PARA MESTRE DE OBRAS (ENCARGOS COMPLEMENTARES) - HORISTA","H",0.73]
[95406,"CURSO DE CAPACITAÇÃO PARA TOPÓGRAFO (ENCARGOS COMPLEMENTARES) - HORISTA","H",0.11]
[95407,"CURSO DE CAPACITAÇÃO PARA ENGENHEIRO ELETRICISTA (ENCARGOS COMPLEMENTARES) - HORISTA","H",2.09]
[95408,"CURSO DE CAPACITAÇÃO  PARA MOTORISTA DE CAMINHÃO (ENCARGOS COMPLEMENTARES) - MENSALISTA","MES",10.35]
[95409,"CURSO DE CAPACITAÇÃO PARA DESENHISTA DETALHISTA (ENCARGOS COMPLEMENTARES) - MENSALISTA","MES",7.88]
[95410,"CURSO DE CAPACITAÇÃO PARA DESENHISTA COPISTA (ENCARGOS COMPLEMENTARES) - MENSALISTA","MES",7.58]
[95411,"CURSO DE CAPACITAÇÃO PARA DESENHISTA PROJETISTA (ENCARGOS COMPLEMENTARES) - MENSALISTA","MES",9.33]
[95412,"CURSO DE CAPACITAÇÃO PARA AUXILIAR DE DESENHISTA (ENCARGOS COMPLEMENTARES) - MENSALISTA","MES",6.72]
[95413,"CURSO DE CAPACITAÇÃO PARA ALMOXARIFE (ENCARGOS COMPLEMENTARES) - MENSALISTA","MES",10.9]
[95414,"CURSO DE CAPACITAÇÃO PARA APONTADOR OU APROPRIADOR (ENCARGOS COMPLEMENTARES) - MENSALISTA","MES",58.14]
[95415,"CURSO DE CAPACITAÇÃO PARA ENGENHEIRO CIVIL DE OBRA JÚNIOR (ENCARGOS COMPLEMENTARES) - MENSALISTA","MES",120.31]
[95416,"CURSO DE CAPACITAÇÃO PARA AUXILIAR DE ESCRITÓRIO (ENCARGOS COMPLEMENTARES) - MENSALISTA","MES",8.5]
[95417,"CURSO DE CAPACITAÇÃO PARA ENGENHEIRO CIVIL DE OBRA PLENO (ENCARGOS COMPLEMENTARES) - MENSALISTA","MES",136.94]
[95418,"CURSO DE CAPACITAÇÃO PARA ENGENHEIRO CIVIL DE OBRA SÊNIOR (ENCARGOS COMPLEMENTARES) - MENSALISTA","MES",187.2]
[95419,"CURSO DE CAPACITAÇÃO PARA ARQUITETO JÚNIOR (ENCARGOS COMPLEMENTARES) - MENSALISTA","MES",49.7]
[95420,"CURSO DE CAPACITAÇÃO PARA ARQUITETO PLENO (ENCARGOS COMPLEMENTARES) - MENSALISTA","MES",70.6]
[95421,"CURSO DE CAPACITAÇÃO PARA ARQUITETO SÊNIOR (ENCARGOS COMPLEMENTARES) - MENSALISTA","MES",93.33]
[95422,"CURSO DE CAPACITAÇÃO PARA ENCARREGADO GERAL DE OBRAS (ENCARGOS COMPLEMENTARES) - MENSALISTA","MES",64.3]
[95423,"CURSO DE CAPACITAÇÃO PARA MESTRE DE OBRAS (ENCARGOS COMPLEMENTARES) - MENSALISTA","MES",97.59]
[95424,"CURSO DE CAPACITAÇÃO PARA TOPÓGRAFO (ENCARGOS COMPLEMENTARES) - MENSALISTA","MES",15.42]

{"sheet":"EMOP 01-2019","index":11,"n_rows":23566,"n_cols":10,"rows_kept":4500,"cut":true,"hidden":false,"merged":[],"bounds":{"rows_first":2000,"rows_last":500,"rows_between":2000,"halvings":0}}
["DATA DE PREÇO 01/2019"]
["CODIGO","DESCRIÇÃO","DESCR1","DESCR2","DESCR3","DESCR4","DESCR5","DESCR6","UNID","PREÇO"]
["01.001.0001-0",{"$f":"C3&D3&E3&F3&G3&H3","v":0},"LIMITE DE PLASTICIDADE",null,null,null,null,null,"UN",139.11]
["01.001.0001-A",{"$f":"C4&D4&E4&F4&G4&H4","v":"LIMITE DE PLASTICIDADE"},"LIMITE DE PLASTICIDADE",null,null,null,null,null,"UN",127.03]
["01.001.0002-0",{"$f":"C5&D5&E5&F5&G5&H5","v":"LIMITE DE LIQUIDEZ"},"LIMITE DE LIQUIDEZ",null,null,null,null,null,"UN",139.11]
["01.001.0002-A",{"$f":"C6&D6&E6&F6&G6&H6","v":"LIMITE DE LIQUIDEZ"},"LIMITE DE LIQUIDEZ",null,null,null,null,null,"UN",127.03]
["01.001.0003-0",{"$f":"C7&D7&E7&F7&G7&H7","v":"LIMITE DE CONTRACAO"},"LIMITE DE CONTRACAO",null,null,null,null,null,"UN",81.21]
["01.001.0003-A",{"$f":"C8&D8&E8&F8&G8&H8","v":"LIMITE DE CONTRACAO"},"LIMITE DE CONTRACAO",null,null,null,null,null,"UN",74.16]
["01.001.0004-0",{"$f":"C9&D9&E9&F9&G9&H9","v":"ANALISE GRANULOMETRICA SEM SEDIMENTACAO (PENEIRAMENTO)"},"ANALISE GRANULOMETRICA SEM SEDIMENTACAO (PENEIRAMENTO)",null,null,null,null,null,"UN",156.88]
["01.001.0004-A",{"$f":"C10&D10&E10&F10&G10&H10","v":"ANALISE GRANULOMETRICA SEM SEDIMENTACAO (PENEIRAMENTO)"},"ANALISE GRANULOMETRICA SEM SEDIMENTACAO (PENEIRAMENTO)",null,null,null,null,null,"UN",143.26]
["01.001.0005-0",{"$f":"C11&D11&E11&F11&G11&H11","v":"ANALISE GRANULOMETRICA COM SEDIMENTACAO"},"ANALISE GRANULOMETRICA COM SEDIMENTACAO",null,null,null,null,null,"UN",364.17]
["01.001.0005-A",{"$f":"C12&D12&E12&F12&G12&H12","v":"ANALISE GRANULOMETRICA COM SEDIMENTACAO"},"ANALISE GRANULOMETRICA COM SEDIMENTACAO",null,null,null,null,null,"UN",332.54]
["01.001.0006-0",{"$f":"C13&D13&E13&F13&G13&H13","v":"MASSA ESPECIFICA REAL"},"MASSA ESPECIFICA REAL",null,null,null,null,null,"UN",192.11]
["01.001.0006-A",{"$f":"C14&D14&E14&F14&G14&H14","v":"MASSA ESPECIFICA REAL"},"MASSA ESPECIFICA REAL",null,null,null,null,null,"UN",175.43]
["01.001.0007-0",{"$f":"C15&D15&E15&F15&G15&H15","v":"MASSA ESPECIFICA APARENTE \"IN SITU\""},"MASSA ESPECIFICA APARENTE \"IN SITU\"",null,null,null,null,null,"UN",77.34]
["01.001.0007-A",{"$f":"C16&D16&E16&F16&G16&H16","v":"MASSA ESPECIFICA APARENTE \"IN SITU\""},"MASSA ESPECIFICA APARENTE \"IN SITU\"",null,null,null,null,null,"UN",70.62]
["01.001.0008-0",{"$f":"C17&D17&E17&F17&G17&H17","v":"UMIDADE NATURAL EM ESTUFA"},"UMIDADE NATURAL EM ESTUFA",null,null,null,null,null,"UN",72.35]
["01.001.0008-A",{"$f":"C18&D18&E18&F18&G18&H18","v":"UMIDADE NATURAL EM ESTUFA"},"UMIDADE NATURAL EM ESTUFA",null,null,null,null,null,"UN",66.07]
["01.001.0009-0",{"$f":"C19&D19&E19&F19&G19&H19","v":"EQUIVALENTE DE AREIA"},"EQUIVALENTE DE AREIA",null,null,null,null,null,"UN",172.15]
["01.001.0009-A",{"$f":"C20&D20&E20&F20&G20&H20","v":"EQUIVALENTE DE AREIA"},"EQUIVALENTE DE AREIA",null,null,null,null,null,"UN",157.2]
["01.001.0010-0",{"$f":"C21&D21&E21&F21&G21&H21","v":"UMIDADE PELO METODO EXPEDITO \"SPEEDY\""},"UMIDADE PELO METODO EXPEDITO \"SPEEDY\"",null,null,null,null,null,"UN",48.64]
["01.001.0010-A",{"$f":"C22&D22&E22&F22&G22&H22","v":"UMIDADE PELO METODO EXPEDITO \"SPEEDY\""},"UMIDADE PELO METODO EXPEDITO \"SPEEDY\"",null,null,null,null,null,"UN",44.42]
["01.001.0011-0",{"$f":"C23&D23&E23&F23&G23&H23","v":"COMPACTACAO: ENERGIA PROCTOR NORMAL"},"COMPACTACAO: ENERGIA PROCTOR NORMAL",null,null,null,null,null,"UN",303.56]
["01.001.0011-A",{"$f":"C24&D24&E24&F24&G24&H24","v":"COMPACTACAO: ENERGIA PROCTOR NORMAL"},"COMPACTACAO: ENERGIA PROCTOR NORMAL",null,null,null,null,null,"UN",277.19]
["01.001.0012-0",{"$f":"C25&D25&E25&F25&G25&H25","v":"COMPACTACAO: ENERGIA AASHO INTERMEDIARIA"},"COMPACTACAO: ENERGIA AASHO INTERMEDIARIA",null,null,null,null,null,"UN",364.17]
["01.001.0012-A",{"$f":"C26&D26&E26&F26&G26&H26","v":"COMPACTACAO: ENERGIA AASHO INTERMEDIARIA"},"COMPACTACAO: ENERGIA AASHO INTERMEDIARIA",null,null,null,null,null,"UN",332.54]
["01.001.0013-0",{"$f":"C27&D27&E27&F27&G27&H27","v":"COMPACTACAO: ENERGIA AASHO MODIFICADA"},"COMPACTACAO: ENERGIA AASHO MODIFICADA",null,null,null,null,null,"UN",586.1]
["01.001.0013-A",{"$f":"C28&D28&E28&F28&G28&H28","v":"COMPACTACAO: ENERGIA AASHO MODIFICADA"},"COMPACTACAO: ENERGIA AASHO MODIFICADA",null,null,null,null,null,"UN",535.2]
["01.001.0014-0",{"$f":"C29&D29&E29&F29&G29&H29","v":"INDICE SUPORTE CALIFORNIA,POR 1 PONTO,COMPACTACAO COM ENERGIA PROCTOR NORMAL"},"INDICE SUPORTE CALIFORNIA,POR 1 PONTO,COMPACTACAO COM ENERGI","A PROCTOR NORMAL",null,null,null,null,"UN",669.03]
["01.001.0014-A",{"$f":"C30&D30&E30&F30&G30&H30","v":"INDICE SUPORTE CALIFORNIA,POR 1 PONTO,COMPACTACAO COM ENERGIA PROCTOR NORMAL"},"INDICE SUPORTE CALIFORNIA,POR 1 PONTO,COMPACTACAO COM ENERGI","A PROCTOR NORMAL",null,null,null,null,"UN",610.93]
["01.001.0015-0",{"$f":"C31&D31&E31&F31&G31&H31","v":"INDICE SUPORTE CALIFORNIA,POR 1 PONTO,COMPACTACAO COM ENERGIA AASHO INTERMEDIARIA"},"INDICE SUPORTE CALIFORNIA,POR 1 PONTO,COMPACTACAO COM ENERGI","A AASHO INTERMEDIARIA",null,null,null,null,"UN",876.37]
["01.001.0015-A",{"$f":"C32&D32&E32&F32&G32&H32","v":"INDICE SUPORTE CALIFORNIA,POR 1 PONTO,COMPACTACAO COM ENERGIA AASHO INTERMEDIARIA"},"INDICE SUPORTE CALIFORNIA,POR 1 PONTO,COMPACTACAO COM ENERGI","A AASHO INTERMEDIARIA",null,null,null,null,"UN",800.26]
["01.001.0016-0",{"$f":"C33&D33&E33&F33&G33&H33","v":"INDICE SUPORTE CALIFORNIA,POR 1 PONTO,COMPACTACAO COM ENERGIA AASHO MODIFICADA"},"INDICE SUPORTE CALIFORNIA,POR 1 PONTO,COMPACTACAO COM ENERGI","A AASHO MODIFICADA",null,null,null,null,"UN",876.37]
["01.001.0016-A",{"$f":"C34&D34&E34&F34&G34&H34","v":"INDICE SUPORTE CALIFORNIA,POR 1 PONTO,COMPACTACAO COM ENERGIA AASHO MODIFICADA"},"INDICE SUPORTE CALIFORNIA,POR 1 PONTO,COMPACTACAO COM ENERGI","A AASHO MODIFICADA",null,null,null,null,"UN",800.26]
["01.001.0017-0",{"$f":"C35&D35&E35&F35&G35&H35","v":"INDICE SUPORTE CALIFORNIA,POR 3 PONTOS,COMPACTACAO COM ENERGIA PROCTOR NORMAL"},"INDICE SUPORTE CALIFORNIA,POR 3 PONTOS,COMPACTACAO COM ENERG","IA PROCTOR NORMAL",null,null,null,null,"UN",1402.37]
["01.001.0017-A",{"$f":"C36&D36&E36&F36&G36&H36","v":"INDICE SUPORTE CALIFORNIA,POR 3 PONTOS,COMPACTACAO COM ENERGIA PROCTOR NORMAL"},"INDICE SUPORTE CALIFORNIA,POR 3 PONTOS,COMPACTACAO COM ENERG","IA PROCTOR NORMAL",null,null,null,null,"UN",1280.58]
["01.001.0018-0",{"$f":"C37&D37&E37&F37&G37&H37","v":"INDICE SUPORTE CALIFORNIA,POR 3 PONTOS,COMPACTACAO COM ENERGIA AASHO INTERMEDIARIA"},"INDICE SUPORTE CALIFORNIA,POR 3 PONTOS,COMPACTACAO COM ENERG","IA AASHO INTERMEDIARIA",null,null,null,null,"UN",1519.35]
["01.001.0018-A",{"$f":"C38&D38&E38&F38&G38&H38","v":"INDICE SUPORTE CALIFORNIA,POR 3 PONTOS,COMPACTACAO COM ENERGIA AASHO INTERMEDIARIA"},"INDICE SUPORTE CALIFORNIA,POR 3 PONTOS,COMPACTACAO COM ENERG","IA AASHO INTERMEDIARIA",null,null,null,null,"UN",1387.4]
["01.001.0019-0",{"$f":"C39&D39&E39&F39&G39&H39","v":"INDICE SUPORTE CALIFORNIA,POR 3 PONTOS,COMPACTACAO COM ENERGIA AASHO MODIFICADA"},"INDICE SUPORTE CALIFORNIA,POR 3 PONTOS,COMPACTACAO COM ENERG","IA AASHO MODIFICADA",null,null,null,null,"UN",1636.35]
["01.001.0019-A",{"$f":"C40&D40&E40&F40&G40&H40","v":"INDICE SUPORTE CALIFORNIA,POR 3 PONTOS,COMPACTACAO COM ENERGIA AASHO MODIFICADA"},"INDICE SUPORTE CALIFORNIA,POR 3 PONTOS,COMPACTACAO COM ENERG","IA AASHO MODIFICADA",null,null,null,null,"UN",1494.23]
["01.001.0020-0",{"$f":"C41&D41&E41&F41&G41&H41","v":"INDICE SUPORTE CALIFORNIA,POR 5 PONTOS,COMPACTACAO COM ENERGIA PROCTOR NORMAL"},"INDICE SUPORTE CALIFORNIA,POR 5 PONTOS,COMPACTACAO COM ENERG","IA PROCTOR NORMAL",null,null,null,null,"UN",2221.31]
["01.001.0020-A",{"$f":"C42&D42&E42&F42&G42&H42","v":"INDICE SUPORTE CALIFORNIA,POR 5 PONTOS,COMPACTACAO COM ENERGIA PROCTOR NORMAL"},"INDICE SUPORTE CALIFORNIA,POR 5 PONTOS,COMPACTACAO COM ENERG","IA PROCTOR NORMAL",null,null,null,null,"UN",2028.39]
["01.001.0021-0",{"$f":"C43&D43&E43&F43&G43&H43","v":"INDICE SUPORTE CALIFORNIA,POR 5 PONTOS,COMPACTACAO COM ENERGIA AASHO INTERMEDIARIA"},"INDICE SUPORTE CALIFORNIA,POR 5 PONTOS,COMPACTACAO COM ENERG","IA AASHO INTERMEDIARIA",null,null,null,null,"UN",2453.77]
["01.001.0021-A",{"$f":"C44&D44&E44&F44&G44&H44","v":"INDICE SUPORTE CALIFORNIA,POR 5 PONTOS,COMPACTACAO COM ENERGIA AASHO INTERMEDIARIA"},"INDICE SUPORTE CALIFORNIA,POR 5 PONTOS,COMPACTACAO COM ENERG","IA AASHO INTERMEDIARIA",null,null,null,null,"UN",2240.67]
["01.001.0022-0",{"$f":"C45&D45&E45&F45&G45&H45","v":"INDICE SUPORTE CALIFORNIA,POR 5 PONTOS,COMPACTACAO COM ENERGIA AASHO MODIFICADA"},"INDICE SUPORTE CALIFORNIA,POR 5 PONTOS,COMPACTACAO COM ENERG","IA AASHO MODIFICADA",null,null,null,null,"UN",2570.76]
["01.001.0022-A",{"$f":"C46&D46&E46&F46&G46&H46","v":"INDICE SUPORTE CALIFORNIA,POR 5 PONTOS,COMPACTACAO COM ENERGIA AASHO MODIFICADA"},"INDICE SUPORTE CALIFORNIA,POR 5 PONTOS,COMPACTACAO COM ENERG","IA AASHO MODIFICADA",null,null,null,null,"UN",2347.5]
["01.001.0023-0",{"$f":"C47&D47&E47&F47&G47&H47","v":"PERMEABILIDADE EM AMOSTRA NATURAL"},"PERMEABILIDADE EM AMOSTRA NATURAL",null,null,null,null,null,"UN",846.16]
["01.001.0023-A",{"$f":"C48&D48&E48&F48&G48&H48","v":"PERMEABILIDADE EM AMOSTRA NATURAL"},"PERMEABILIDADE EM AMOSTRA NATURAL",null,null,null,null,null,"UN",772.68]
["01.001.0024-0",{"$f":"C49&D49&E49&F49&G49&H49","v":"PERMEABILIDADE EM AMOSTRA MOLDADA ARGILOSA"},"PERMEABILIDADE EM AMOSTRA MOLDADA ARGILOSA",null,null,null,null,null,"UN",846.16]
["01.001.0024-A",{"$f":"C50&D50&E50&F50&G50&H50","v":"PERMEABILIDADE EM AMOSTRA MOLDADA ARGILOSA"},"PERMEABILIDADE EM AMOSTRA MOLDADA ARGILOSA",null,null,null,null,null,"UN",772.68]
["01.001.0025-0",{"$f":"C51&D51&E51&F51&G51&H51","v":"PERMEABILIDADE EM AMOSTRA DE AREIA"},"PERMEABILIDADE EM AMOSTRA DE AREIA",null,null,null,null,null,"UN",819.01]
["01.001.0025-A",{"$f":"C52&D52&E52&F52&G52&H52","v":"PERMEABILIDADE EM AMOSTRA DE AREIA"},"PERMEABILIDADE EM AMOSTRA DE AREIA",null,null,null,null,null,"UN",747.88]
["01.001.0026-0",{"$f":"C53&D53&E53&F53&G53&H53","v":"COMPRESSAO SIMPLES EM AMOSTRA NATURAL,POR CORPO DE PROVA"},"COMPRESSAO SIMPLES EM AMOSTRA NATURAL,POR CORPO DE PROVA",null,null,null,null,null,"UN",546.01]
["01.001.0026-A",{"$f":"C54&D54&E54&F54&G54&H54","v":"COMPRESSAO SIMPLES EM AMOSTRA NATURAL,POR CORPO DE PROVA"},"COMPRESSAO SIMPLES EM AMOSTRA NATURAL,POR CORPO DE PROVA",null,null,null,null,null,"UN",498.59]
["01.001.0027-0",{"$f":"C55&D55&E55&F55&G55&H55","v":"COMPRESSAO SIMPLES EM AMOSTRA MOLDADA,POR CORPO DE PROVA"},"COMPRESSAO SIMPLES EM AMOSTRA MOLDADA,POR CORPO DE PROVA",null,null,null,null,null,"UN",546.01]
["01.001.0027-A",{"$f":"C56&D56&E56&F56&G56&H56","v":"COMPRESSAO SIMPLES EM AMOSTRA MOLDADA,POR CORPO DE PROVA"},"COMPRESSAO SIMPLES EM AMOSTRA MOLDADA,POR CORPO DE PROVA",null,null,null,null,null,"UN",498.59]
["01.001.0028-0",{"$f":"C57&D57&E57&F57&G57&H57","v":"ADENSAMENTO EM AMOSTRA NATURAL"},"ADENSAMENTO EM AMOSTRA NATURAL",null,null,null,null,null,"UN",1722.67]
["01.001.0028-A",{"$f":"C58&D58&E58&F58&G58&H58","v":"ADENSAMENTO EM AMOSTRA NATURAL"},"ADENSAMENTO EM AMOSTRA NATURAL",null,null,null,null,null,"UN",1573.06]
["01.001.0029-0",{"$f":"C59&D59&E59&F59&G59&H59","v":"ADENSAMENTO EM AMOSTRA MOLDADA"},"ADENSAMENTO EM AMOSTRA MOLDADA",null,null,null,null,null,"UN",1722.67]
["01.001.0029-A",{"$f":"C60&D60&E60&F60&G60&H60","v":"ADENSAMENTO EM AMOSTRA MOLDADA"},"ADENSAMENTO EM AMOSTRA MOLDADA",null,null,null,null,null,"UN",1573.06]
["01.001.0030-0",{"$f":"C61&D61&E61&F61&G61&H61","v":"ADENSAMENTO:PAR DE ENSAIOS PARA DETERMINACAO DO FATOR DE CORRECAO DE COEFICIENTE DE RECALQUE"},"ADENSAMENTO:PAR DE ENSAIOS PARA DETERMINACAO DO FATOR DE COR","RECAO DE COEFICIENTE DE RECALQUE",null,null,null,null,"UN",1995.67]
["01.001.0030-A",{"$f":"C62&D62&E62&F62&G62&H62","v":"ADENSAMENTO:PAR DE ENSAIOS PARA DETERMINACAO DO FATOR DE CORRECAO DE COEFICIENTE DE RECALQUE"},"ADENSAMENTO:PAR DE ENSAIOS PARA DETERMINACAO DO FATOR DE COR","RECAO DE COEFICIENTE DE RECALQUE",null,null,null,null,"UN",1822.35]
["01.001.0031-0",{"$f":"C63&D63&E63&F63&G63&H63","v":"CISALHAMENTO LENTO,POR CORPO DE PROVA"},"CISALHAMENTO LENTO,POR CORPO DE PROVA",null,null,null,null,null,"UN",1574.71]
["01.001.0031-A",{"$f":"C64&D64&E64&F64&G64&H64","v":"CISALHAMENTO LENTO,POR CORPO DE PROVA"},"CISALHAMENTO LENTO,POR CORPO DE PROVA",null,null,null,null,null,"UN",1437.95]
["01.001.0032-0",{"$f":"C65&D65&E65&F65&G65&H65","v":"CISALHAMENTO RAPIDO,POR CORPO DE PROVA"},"CISALHAMENTO RAPIDO,POR CORPO DE PROVA",null,null,null,null,null,"UN",1574.71]
["01.001.0032-A",{"$f":"C66&D66&E66&F66&G66&H66","v":"CISALHAMENTO RAPIDO,POR CORPO DE PROVA"},"CISALHAMENTO RAPIDO,POR CORPO DE PROVA",null,null,null,null,null,"UN",1437.95]
["01.001.0033-0",{"$f":"C67&D67&E67&F67&G67&H67","v":"TRIAXIAL DRENADO,EM AMOSTRA NATURAL,POR CORPO DE PROVA"},"TRIAXIAL DRENADO,EM AMOSTRA NATURAL,POR CORPO DE PROVA",null,null,null,null,null,"UN",5079.12]
["01.001.0033-A",{"$f":"C68&D68&E68&F68&G68&H68","v":"TRIAXIAL DRENADO,EM AMOSTRA NATURAL,POR CORPO DE PROVA"},"TRIAXIAL DRENADO,EM AMOSTRA NATURAL,POR CORPO DE PROVA",null,null,null,null,null,"UN",4638.01]
["01.001.0034-0",{"$f":"C69&D69&E69&F69&G69&H69","v":"TRIAXIAL DRENADO,EM AMOSTRA MOLDADA,POR CORPO DE PROVA"},"TRIAXIAL DRENADO,EM AMOSTRA MOLDADA,POR CORPO DE PROVA",null,null,null,null,null,"UN",5462.2]
["01.001.0034-A",{"$f":"C70&D70&E70&F70&G70&H70","v":"TRIAXIAL DRENADO,EM AMOSTRA MOLDADA,POR CORPO DE PROVA"},"TRIAXIAL DRENADO,EM AMOSTRA MOLDADA,POR CORPO DE PROVA",null,null,null,null,null,"UN",4987.82]
["01.001.0035-0",{"$f":"C71&D71&E71&F71&G71&H71","v":"TRIAXIAL NAO DRENADO,EM AMOSTRA NATURAL,POR CORPO DE PROVA"},"TRIAXIAL NAO DRENADO,EM AMOSTRA NATURAL,POR CORPO DE PROVA",null,null,null,null,null,"UN",1905.49]
["01.001.0035-A",{"$f":"C72&D72&E72&F72&G72&H72","v":"TRIAXIAL NAO DRENADO,EM AMOSTRA NATURAL,POR CORPO DE PROVA"},"TRIAXIAL NAO DRENADO,EM AMOSTRA NATURAL,POR CORPO DE PROVA",null,null,null,null,null,"UN",1740]
["01.001.0036-0",{"$f":"C73&D73&E73&F73&G73&H73","v":"TRIAXIAL NAO DRENADO,EM AMOSTRA MOLDADA,POR CORPO DE PROVA"},"TRIAXIAL NAO DRENADO,EM AMOSTRA MOLDADA,POR CORPO DE PROVA",null,null,null,null,null,"UN",2159.78]
["01.001.0036-A",{"$f":"C74&D74&E74&F74&G74&H74","v":"TRIAXIAL NAO DRENADO,EM AMOSTRA MOLDADA,POR CORPO DE PROVA"},"TRIAXIAL NAO DRENADO,EM AMOSTRA MOLDADA,POR CORPO DE PROVA",null,null,null,null,null,"UN",1972.21]
["01.001.0037-0",{"$f":"C75&D75&E75&F75&G75&H75","v":"TRIAXIAL NAO DRENADO,PRE-ADENSADO,EM AMOSTRA NATURAL,POR CORPO DE PROVA"},"TRIAXIAL NAO DRENADO,PRE-ADENSADO,EM AMOSTRA NATURAL,POR COR","PO DE PROVA",null,null,null,null,"UN",2793.84]
["01.001.0037-A",{"$f":"C76&D76&E76&F76&G76&H76","v":"TRIAXIAL NAO DRENADO,PRE-ADENSADO,EM AMOSTRA NATURAL,POR CORPO DE PROVA"},"TRIAXIAL NAO DRENADO,PRE-ADENSADO,EM AMOSTRA NATURAL,POR COR","PO DE PROVA",null,null,null,null,"UN",2551.21]
["01.001.0038-0",{"$f":"C77&D77&E77&F77&G77&H77","v":"TRIAXIAL NAO DRENADO,PRE-ADENSADO,EM AMOSTRA MOLDADA,POR CORPO DE PROVA"},"TRIAXIAL NAO DRENADO,PRE-ADENSADO,EM AMOSTRA MOLDADA,POR COR","PO DE PROVA",null,null,null,null,"UN",2972.17]
["01.001.0038-A",{"$f":"C78&D78&E78&F78&G78&H78","v":"TRIAXIAL NAO DRENADO,PRE-ADENSADO,EM AMOSTRA MOLDADA,POR CORPO DE PROVA"},"TRIAXIAL NAO DRENADO,PRE-ADENSADO,EM AMOSTRA MOLDADA,POR COR","PO DE PROVA",null,null,null,null,"UN",2714.04]
["01.001.0039-0",{"$f":"C79&D79&E79&F79&G79&H79","v":"DURABILIDADE POR MOLHAGEM E SECAGEM,EM SOLO-CIMENTO,POR ENSAIO"},"DURABILIDADE POR MOLHAGEM E SECAGEM,EM SOLO-CIMENTO,POR ENSA","IO",null,null,null,null,"UN",1069.97]
["01.001.0039-A",{"$f":"C80&D80&E80&F80&G80&H80","v":"DURABILIDADE POR MOLHAGEM E SECAGEM,EM SOLO-CIMENTO,POR ENSAIO"},"DURABILIDADE POR MOLHAGEM E SECAGEM,EM SOLO-CIMENTO,POR ENSA","IO",null,null,null,null,"UN",977.05]
["01.001.0040-0",{"$f":"C81&D81&E81&F81&G81&H81","v":"SONDAGEM MANUAL,COM TRADO CAVADEIRA,POR METRO LINEAR OU FRACAO"},"SONDAGEM MANUAL,COM TRADO CAVADEIRA,POR METRO LINEAR OU FRAC","AO",null,null,null,null,"M",148.76]
["01.001.0040-A",{"$f":"C82&D82&E82&F82&G82&H82","v":"SONDAGEM MANUAL,COM TRADO CAVADEIRA,POR METRO LINEAR OU FRACAO"},"SONDAGEM MANUAL,COM TRADO CAVADEIRA,POR METRO LINEAR OU FRAC","AO",null,null,null,null,"M",134.87]
["01.001.0042-0",{"$f":"C83&D83&E83&F83&G83&H83","v":"SONDAGEM MANUAL,COM PA E PICARETA,POR METRO LINEAR OU FRACAO"},"SONDAGEM MANUAL,COM PA E PICARETA,POR METRO LINEAR OU FRACAO",null,null,null,null,null,"M",154.72]
["01.001.0042-A",{"$f":"C84&D84&E84&F84&G84&H84","v":"SONDAGEM MANUAL,COM PA E PICARETA,POR METRO LINEAR OU FRACAO"},"SONDAGEM MANUAL,COM PA E PICARETA,POR METRO LINEAR OU FRACAO",null,null,null,null,null,"M",140.04]
["01.001.0043-0",{"$f":"C85&D85&E85&F85&G85&H85","v":"SONDAGEM DE RECONHECIMENTO A TRADO MANUAL DE 4\".PARA TRADO DE 6\",ACRESCENTAR 50% AO VALOR DESTE ITEM"},"SONDAGEM DE RECONHECIMENTO A TRADO MANUAL DE 4\".PARA TRADO D","E 6\",ACRESCENTAR 50% AO VALOR DESTE ITEM",null,null,null,null,"M",76.01]
["01.001.0043-A",{"$f":"C86&D86&E86&F86&G86&H86","v":"SONDAGEM DE RECONHECIMENTO A TRADO MANUAL DE 4\".PARA TRADO DE 6\",ACRESCENTAR 50% AO VALOR DESTE ITEM"},"SONDAGEM DE RECONHECIMENTO A TRADO MANUAL DE 4\".PARA TRADO D","E 6\",ACRESCENTAR 50% AO VALOR DESTE ITEM",null,null,null,null,"M",65.87]
["01.001.0044-0",{"$f":"C87&D87&E87&F87&G87&H87","v":"SONDAGEM EXPEDITA,DE SIMPLES RECONHECIMENTO A PERCUSSAO,EXCLUSIVAMENTE POR LAVAGEM,DIAMETRO DE 2\",INCLUSIVE DESLOCAMENTO E INSTALACAO"},"SONDAGEM EXPEDITA,DE SIMPLES RECONHECIMENTO A PERCUSSAO,EXCL","USIVAMENTE POR LAVAGEM,DIAMETRO DE 2\",INCLUSIVE DESLOCAMENTO"," E INSTALACAO",null,null,null,"M",60.28]
["01.001.0044-A",{"$f":"C88&D88&E88&F88&G88&H88","v":"SONDAGEM EXPEDITA,DE SIMPLES RECONHECIMENTO A PERCUSSAO,EXCLUSIVAMENTE POR LAVAGEM,DIAMETRO DE 2\",INCLUSIVE DESLOCAMENTO E INSTALACAO"},"SONDAGEM EXPEDITA,DE SIMPLES RECONHECIMENTO A PERCUSSAO,EXCL","USIVAMENTE POR LAVAGEM,DIAMETRO DE 2\",INCLUSIVE DESLOCAMENTO"," E INSTALACAO",null,null,null,"M",52.24]
["01.001.0046-0",{"$f":"C89&D89&E89&F89&G89&H89","v":"FRACIONAMENTO QUIMICO (METODO ROSTLER)"},"FRACIONAMENTO QUIMICO (METODO ROSTLER)",null,null,null,null,null,"UN",155.22]
["01.001.0046-A",{"$f":"C90&D90&E90&F90&G90&H90","v":"FRACIONAMENTO QUIMICO (METODO ROSTLER)"},"FRACIONAMENTO QUIMICO (METODO ROSTLER)",null,null,null,null,null,"UN",141.74]
["01.001.0047-0",{"$f":"C91&D91&E91&F91&G91&H91","v":"ENSAIO DE PALHETA(\"VANE TEST\")REALIZADO NO CAMPO,EXCLUSIVE PERFURACAO"},"ENSAIO DE PALHETA(\"VANE TEST\")REALIZADO NO CAMPO,EXCLUSIVE P","ERFURACAO",null,null,null,null,"UN",147.1]
["01.001.0047-A",{"$f":"C92&D92&E92&F92&G92&H92","v":"ENSAIO DE PALHETA(\"VANE TEST\")REALIZADO NO CAMPO,EXCLUSIVE PERFURACAO"},"ENSAIO DE PALHETA(\"VANE TEST\")REALIZADO NO CAMPO,EXCLUSIVE P","ERFURACAO",null,null,null,null,"UN",127.47]
["01.001.0048-0",{"$f":"C93&D93&E93&F93&G93&H93","v":"ENSAIO DE PALHETA(\"VANE TEST\"),REALIZADO EM LABORATORIO"},"ENSAIO DE PALHETA(\"VANE TEST\"),REALIZADO EM LABORATORIO",null,null,null,null,null,"UN",99.04]
["01.001.0048-A",{"$f":"C94&D94&E94&F94&G94&H94","v":"ENSAIO DE PALHETA(\"VANE TEST\"),REALIZADO EM LABORATORIO"},"ENSAIO DE PALHETA(\"VANE TEST\"),REALIZADO EM LABORATORIO",null,null,null,null,null,"UN",85.82]
["01.001.0049-0",{"$f":"C95&D95&E95&F95&G95&H95","v":"CLASSIFICACAO MACROSCOPICA DE AMOSTRAS DE SONDAGEM ROTATIVA"},"CLASSIFICACAO MACROSCOPICA DE AMOSTRAS DE SONDAGEM ROTATIVA",null,null,null,null,null,"M",272.4]
["01.001.0049-A",{"$f":"C96&D96&E96&F96&G96&H96","v":"CLASSIFICACAO MACROSCOPICA DE AMOSTRAS DE SONDAGEM ROTATIVA"},"CLASSIFICACAO MACROSCOPICA DE AMOSTRAS DE SONDAGEM ROTATIVA",null,null,null,null,null,"M",248.74]
["01.001.0050-0",{"$f":"C97&D97&E97&F97&G97&H97","v":"CLASSIFICACAO MACROSCOPICA DE AMOSTRAS DE SONDAGEM ROTATIVA,COM LAMINA DE ROCHA"},"CLASSIFICACAO MACROSCOPICA DE AMOSTRAS DE SONDAGEM ROTATIVA,","COM LAMINA DE ROCHA",null,null,null,null,"M",2539.56]
["01.001.0050-A",{"$f":"C98&D98&E98&F98&G98&H98","v":"CLASSIFICACAO MACROSCOPICA DE AMOSTRAS DE SONDAGEM ROTATIVA,COM LAMINA DE ROCHA"},"CLASSIFICACAO MACROSCOPICA DE AMOSTRAS DE SONDAGEM ROTATIVA,","COM LAMINA DE ROCHA",null,null,null,null,"M",2319]
["01.001.0051-0",{"$f":"C99&D99&E99&F99&G99&H99","v":"BRITAGEM EM LABORATORIO,DE BLOCOS DE ROCHA,MATACOES OU TESTEMUNHOS DE SONDAGEM ROTATIVA,POR AMOSTRA REPRESENTATIVA"},"BRITAGEM EM LABORATORIO,DE BLOCOS DE ROCHA,MATACOES OU TESTE","MUNHOS DE SONDAGEM ROTATIVA,POR AMOSTRA REPRESENTATIVA",null,null,null,null,"UN",254.27]
["01.001.0051-A",{"$f":"C100&D100&E100&F100&G100&H100","v":"BRITAGEM EM LABORATORIO,DE BLOCOS DE ROCHA,MATACOES OU TESTEMUNHOS DE SONDAGEM ROTATIVA,POR AMOSTRA REPRESENTATIVA"},"BRITAGEM EM LABORATORIO,DE BLOCOS DE ROCHA,MATACOES OU TESTE","MUNHOS DE SONDAGEM ROTATIVA,POR AMOSTRA REPRESENTATIVA",null,null,null,null,"UN",232.19]
["01.001.0052-0",{"$f":"C101&D101&E101&F101&G101&H101","v":"MINI-CBR E EXPANSAO DE SOLO COMPACTADO EM EQUIPAMENTO MINIATURA"},"MINI-CBR E EXPANSAO DE SOLO COMPACTADO EM EQUIPAMENTO MINIAT","URA",null,null,null,null,"UN",83.99]
["01.001.0052-A",{"$f":"C102&D102&E102&F102&G102&H102","v":"MINI-CBR E EXPANSAO DE SOLO COMPACTADO EM EQUIPAMENTO MINIATURA"},"MINI-CBR E EXPANSAO DE SOLO COMPACTADO EM EQUIPAMENTO MINIAT","URA",null,null,null,null,"UN",76.69]
["01.001.0053-0",{"$f":"C103&D103&E103&F103&G103&H103","v":"MINI-MCV - SOLO COMPACTADO EM EQUIPAMENTO MINIATURA"},"MINI-MCV - SOLO COMPACTADO EM EQUIPAMENTO MINIATURA",null,null,null,null,null,"UN",83.99]
["01.001.0053-A",{"$f":"C104&D104&E104&F104&G104&H104","v":"MINI-MCV - SOLO COMPACTADO EM EQUIPAMENTO MINIATURA"},"MINI-MCV - SOLO COMPACTADO EM EQUIPAMENTO MINIATURA",null,null,null,null,null,"UN",76.69]
["01.001.0054-0",{"$f":"C105&D105&E105&F105&G105&H105","v":"DETERMINACAO DA PERDA DE MASSA POR IMERSAO DE SOLOS COMPACTADOS EM EQUIPAMENTO MINIATURA"},"DETERMINACAO DA PERDA DE MASSA POR IMERSAO DE SOLOS COMPACTA","DOS EM EQUIPAMENTO MINIATURA",null,null,null,null,"UN",83.99]
["01.001.0054-A",{"$f":"C106&D106&E106&F106&G106&H106","v":"DETERMINACAO DA PERDA DE MASSA POR IMERSAO DE SOLOS COMPACTADOS EM EQUIPAMENTO MINIATURA"},"DETERMINACAO DA PERDA DE MASSA POR IMERSAO DE SOLOS COMPACTA","DOS EM EQUIPAMENTO MINIATURA",null,null,null,null,"UN",76.69]
["01.001.0055-0",{"$f":"C107&D107&E107&F107&G107&H107","v":"EXTRACAO DE AMOSTRA INDEFORMADA EM BLOCOS DE 30X30X30CM,INCLUSIVE EMBALAGEM DE MADEIRA,EXCLUSIVE TRANSPORTE"},"EXTRACAO DE AMOSTRA INDEFORMADA EM BLOCOS DE 30X30X30CM,INCL","USIVE EMBALAGEM DE MADEIRA,EXCLUSIVE TRANSPORTE",null,null,null,null,"UN",658.06]
["01.001.0055-A",{"$f":"C108&D108&E108&F108&G108&H108","v":"EXTRACAO DE AMOSTRA INDEFORMADA EM BLOCOS DE 30X30X30CM,INCLUSIVE EMBALAGEM DE MADEIRA,EXCLUSIVE TRANSPORTE"},"EXTRACAO DE AMOSTRA INDEFORMADA EM BLOCOS DE 30X30X30CM,INCL","USIVE EMBALAGEM DE MADEIRA,EXCLUSIVE TRANSPORTE",null,null,null,null,"UN",600.91]
["01.001.0056-0",{"$f":"C109&D109&E109&F109&G109&H109","v":"CLASSIFICACAO DE SOLOS TROPICAIS PARA FINALIDADES RODOVIARIAS,UTILIZANDO CORPOS DE PROVA COMPACTADOS EM EQUIPAMENTO MINIATURA"},"CLASSIFICACAO DE SOLOS TROPICAIS PARA FINALIDADES RODOVIARIA","S,UTILIZANDO CORPOS DE PROVA COMPACTADOS EM EQUIPAMENTO MINI","ATURA",null,null,null,"UN",84.57]
["01.001.0056-A",{"$f":"C110&D110&E110&F110&G110&H110","v":"CLASSIFICACAO DE SOLOS TROPICAIS PARA FINALIDADES RODOVIARIAS,UTILIZANDO CORPOS DE PROVA COMPACTADOS EM EQUIPAMENTO MINIATURA"},"CLASSIFICACAO DE SOLOS TROPICAIS PARA FINALIDADES RODOVIARIA","S,UTILIZANDO CORPOS DE PROVA COMPACTADOS EM EQUIPAMENTO MINI","ATURA",null,null,null,"UN",77.22]
["01.001.0057-0",{"$f":"C111&D111&E111&F111&G111&H111","v":"EXTRACAO DE AMOSTRA INDEFORMADA EM ANEL BISELADO,EXCLUSIVE TRANSPORTE"},"EXTRACAO DE AMOSTRA INDEFORMADA EM ANEL BISELADO,EXCLUSIVE T","RANSPORTE",null,null,null,null,"UN",363.25]
["01.001.0057-A",{"$f":"C112&D112&E112&F112&G112&H112","v":"EXTRACAO DE AMOSTRA INDEFORMADA EM ANEL BISELADO,EXCLUSIVE TRANSPORTE"},"EXTRACAO DE AMOSTRA INDEFORMADA EM ANEL BISELADO,EXCLUSIVE T","RANSPORTE",null,null,null,null,"UN",331.7]
["01.001.0059-0",{"$f":"C113&D113&E113&F113&G113&H113","v":"EXTRACAO DE AMOSTRA TIPO \"SHELBY\" DURANTE SERVICO DE SONDAGEM DO SOLO,EXCLUSIVE TRANSPORTE"},"EXTRACAO DE AMOSTRA TIPO \"SHELBY\" DURANTE SERVICO DE SONDAGE","M DO SOLO,EXCLUSIVE TRANSPORTE",null,null,null,null,"UN",144.65]
["01.001.0059-A",{"$f":"C114&D114&E114&F114&G114&H114","v":"EXTRACAO DE AMOSTRA TIPO \"SHELBY\" DURANTE SERVICO DE SONDAGEM DO SOLO,EXCLUSIVE TRANSPORTE"},"EXTRACAO DE AMOSTRA TIPO \"SHELBY\" DURANTE SERVICO DE SONDAGE","M DO SOLO,EXCLUSIVE TRANSPORTE",null,null,null,null,"UN",131.12]
["01.001.0060-0",{"$f":"C115&D115&E115&F115&G115&H115","v":"AMOSTRA DE SOLO - PREPARACAO PARA ENSAIOS DE COMPACTACAO E ENSAIOS DE CARACTERIZACAO"},"AMOSTRA DE SOLO - PREPARACAO PARA ENSAIOS DE COMPACTACAO E E","NSAIOS DE CARACTERIZACAO",null,null,null,null,"UN",419.96]
["01.001.0060-A",{"$f":"C116&D116&E116&F116&G116&H116","v":"AMOSTRA DE SOLO - PREPARACAO PARA ENSAIOS DE COMPACTACAO E ENSAIOS DE CARACTERIZACAO"},"AMOSTRA DE SOLO - PREPARACAO PARA ENSAIOS DE COMPACTACAO E E","NSAIOS DE CARACTERIZACAO",null,null,null,null,"UN",383.48]
["01.001.0061-0",{"$f":"C117&D117&E117&F117&G117&H117","v":"GRAOS DE SOLOS QUE PASSAM NA PENEIRA DE MALHA 4,8MM - DETERMINACAO DA MASSA ESPECIFICA"},"GRAOS DE SOLOS QUE PASSAM NA PENEIRA DE MALHA 4,8MM - DETERM","INACAO DA MASSA ESPECIFICA",null,null,null,null,"UN",84.57]
["01.001.0061-A",{"$f":"C118&D118&E118&F118&G118&H118","v":"GRAOS DE SOLOS QUE PASSAM NA PENEIRA DE MALHA 4,8MM - DETERMINACAO DA MASSA ESPECIFICA"},"GRAOS DE SOLOS QUE PASSAM NA PENEIRA DE MALHA 4,8MM - DETERM","INACAO DA MASSA ESPECIFICA",null,null,null,null,"UN",77.22]
["01.001.0062-0",{"$f":"C119&D119&E119&F119&G119&H119","v":"ADENSAMENTO UNIDIMENSIONAL"},"ADENSAMENTO UNIDIMENSIONAL",null,null,null,null,null,"UN",84.57]
["01.001.0062-A",{"$f":"C120&D120&E120&F120&G120&H120","v":"ADENSAMENTO UNIDIMENSIONAL"},"ADENSAMENTO UNIDIMENSIONAL",null,null,null,null,null,"UN",77.22]
["01.001.0063-0",{"$f":"C121&D121&E121&F121&G121&H121","v":"METODO RIEDEL-WEBER(AGREGADO GRAUDO)"},"METODO RIEDEL-WEBER(AGREGADO GRAUDO)",null,null,null,null,null,"UN",84.57]
["01.001.0063-A",{"$f":"C122&D122&E122&F122&G122&H122","v":"METODO RIEDEL-WEBER(AGREGADO GRAUDO)"},"METODO RIEDEL-WEBER(AGREGADO GRAUDO)",null,null,null,null,null,"UN",77.22]
["01.001.0064-0",{"$f":"C123&D123&E123&F123&G123&H123","v":"COMPACTACAO DE SOLO EM EQUIPAMENTO MINIATURA"},"COMPACTACAO DE SOLO EM EQUIPAMENTO MINIATURA",null,null,null,null,null,"UN",84.57]
["01.001.0064-A",{"$f":"C124&D124&E124&F124&G124&H124","v":"COMPACTACAO DE SOLO EM EQUIPAMENTO MINIATURA"},"COMPACTACAO DE SOLO EM EQUIPAMENTO MINIATURA",null,null,null,null,null,"UN",77.22]
["01.001.0065-0",{"$f":"C125&D125&E125&F125&G125&H125","v":"ENSAIO DE PERDA D'AGUA DURANTE A SONDAGEM ROTATIVA EM ROCHA, CONSTANDO DE 3 ESTAGIOS DE PRESSAO"},"ENSAIO DE PERDA D'AGUA DURANTE A SONDAGEM ROTATIVA EM ROCHA,"," CONSTANDO DE 3 ESTAGIOS DE PRESSAO",null,null,null,null,"UN",155.16]
["01.001.0065-A",{"$f":"C126&D126&E126&F126&G126&H126","v":"ENSAIO DE PERDA D'AGUA DURANTE A SONDAGEM ROTATIVA EM ROCHA, CONSTANDO DE 3 ESTAGIOS DE PRESSAO"},"ENSAIO DE PERDA D'AGUA DURANTE A SONDAGEM ROTATIVA EM ROCHA,"," CONSTANDO DE 3 ESTAGIOS DE PRESSAO",null,null,null,null,"UN",134.48]
["01.001.0066-0",{"$f":"C127&D127&E127&F127&G127&H127","v":"ENSAIO DE PERDA D'AGUA DURANTE A SONDAGEM ROTATIVA EM ROCHA,CONSTANDO DE 5 ESTAGIOS DE PRESSAO"},"ENSAIO DE PERDA D'AGUA DURANTE A SONDAGEM ROTATIVA EM ROCHA,","CONSTANDO DE 5 ESTAGIOS DE PRESSAO",null,null,null,null,"UN",215.43]
["01.001.0066-A",{"$f":"C128&D128&E128&F128&G128&H128","v":"ENSAIO DE PERDA D'AGUA DURANTE A SONDAGEM ROTATIVA EM ROCHA,CONSTANDO DE 5 ESTAGIOS DE PRESSAO"},"ENSAIO DE PERDA D'AGUA DURANTE A SONDAGEM ROTATIVA EM ROCHA,","CONSTANDO DE 5 ESTAGIOS DE PRESSAO",null,null,null,null,"UN",186.71]
["01.001.0068-0",{"$f":"C129&D129&E129&F129&G129&H129","v":"ENSAIO DE PENETRACAO TIPO \"DEEP SOUNDING\""},"ENSAIO DE PENETRACAO TIPO \"DEEP SOUNDING\"",null,null,null,null,null,"M",427.76]
["01.001.0068-A",{"$f":"C130&D130&E130&F130&G130&H130","v":"ENSAIO DE PENETRACAO TIPO \"DEEP SOUNDING\""},"ENSAIO DE PENETRACAO TIPO \"DEEP SOUNDING\"",null,null,null,null,null,"M",387.76]
["01.001.0069-0",{"$f":"C131&D131&E131&F131&G131&H131","v":"ENSAIO DE INFILTRACAO EM SOLO"},"ENSAIO DE INFILTRACAO EM SOLO",null,null,null,null,null,"UN",347.33]
["01.001.0069-A",{"$f":"C132&D132&E132&F132&G132&H132","v":"ENSAIO DE INFILTRACAO EM SOLO"},"ENSAIO DE INFILTRACAO EM SOLO",null,null,null,null,null,"UN",316.42]
["01.001.0071-0",{"$f":"C133&D133&E133&F133&G133&H133","v":"ENSAIO DE CARACTERIZACAO GEOTECNICA DE SOLOS,COM UTILIZACAODE DILATOMETRO,EXCLUSIVE PERFURACAO"},"ENSAIO DE CARACTERIZACAO GEOTECNICA DE SOLOS,COM UTILIZACAO","DE DILATOMETRO,EXCLUSIVE PERFURACAO",null,null,null,null,"UN",448.11]
["01.001.0071-A",{"$f":"C134&D134&E134&F134&G134&H134","v":"ENSAIO DE CARACTERIZACAO GEOTECNICA DE SOLOS,COM UTILIZACAODE DILATOMETRO,EXCLUSIVE PERFURACAO"},"ENSAIO DE CARACTERIZACAO GEOTECNICA DE SOLOS,COM UTILIZACAO","DE DILATOMETRO,EXCLUSIVE PERFURACAO",null,null,null,null,"UN",409.19]
["01.001.0073-0",{"$f":"C135&D135&E135&F135&G135&H135","v":"ENSAIO DE PENETRACAO TIPO SPT"},"ENSAIO DE PENETRACAO TIPO SPT",null,null,null,null,null,"UN",102.29]
["01.001.0073-A",{"$f":"C136&D136&E136&F136&G136&H136","v":"ENSAIO DE PENETRACAO TIPO SPT"},"ENSAIO DE PENETRACAO TIPO SPT",null,null,null,null,null,"UN",92.72]
["01.001.0075-1",{"$f":"C137&D137&E137&F137&G137&H137","v":"PERFURACAO MANUAL DE SOLO,A TRADO ATE 6\""},"PERFURACAO MANUAL DE SOLO,A TRADO ATE 6\"",null,null,null,null,null,"M",11.17]
["01.001.0075-B",{"$f":"C138&D138&E138&F138&G138&H138","v":"PERFURACAO MANUAL DE SOLO,A TRADO ATE 6\""},"PERFURACAO MANUAL DE SOLO,A TRADO ATE 6\"",null,null,null,null,null,"M",9.68]
["01.001.0076-0",{"$f":"C139&D139&E139&F139&G139&H139","v":"PERFURACAO MANUAL DE SOLO,A TRADO ATE 8\""},"PERFURACAO MANUAL DE SOLO,A TRADO ATE 8\"",null,null,null,null,null,"M",14.15]
["01.001.0076-A",{"$f":"C140&D140&E140&F140&G140&H140","v":"PERFURACAO MANUAL DE SOLO,A TRADO ATE 8\""},"PERFURACAO MANUAL DE SOLO,A TRADO ATE 8\"",null,null,null,null,null,"M",12.27]
["01.001.0077-0",{"$f":"C141&D141&E141&F141&G141&H141","v":"PERFURACAO MANUAL DE SOLO,A TRADO ATE 10\""},"PERFURACAO MANUAL DE SOLO,A TRADO ATE 10\"",null,null,null,null,null,"M",17.13]
["01.001.0077-A",{"$f":"C142&D142&E142&F142&G142&H142","v":"PERFURACAO MANUAL DE SOLO,A TRADO ATE 10\""},"PERFURACAO MANUAL DE SOLO,A TRADO ATE 10\"",null,null,null,null,null,"M",14.85]
["01.001.0078-0",{"$f":"C143&D143&E143&F143&G143&H143","v":"PERFURACAO MANUAL DE SOLO,A TRADO ACIMA DE 10\""},"PERFURACAO MANUAL DE SOLO,A TRADO ACIMA DE 10\"",null,null,null,null,null,"M",20.86]
["01.001.0078-A",{"$f":"C144&D144&E144&F144&G144&H144","v":"PERFURACAO MANUAL DE SOLO,A TRADO ACIMA DE 10\""},"PERFURACAO MANUAL DE SOLO,A TRADO ACIMA DE 10\"",null,null,null,null,null,"M",18.08]
["01.001.0081-0",{"$f":"C145&D145&E145&F145&G145&H145","v":"ANALISE GRANULOMETRICA EM AGREGADO MIUDO"},"ANALISE GRANULOMETRICA EM AGREGADO MIUDO",null,null,null,null,null,"UN",139.08]
["01.001.0081-A",{"$f":"C146&D146&E146&F146&G146&H146","v":"ANALISE GRANULOMETRICA EM AGREGADO MIUDO"},"ANALISE GRANULOMETRICA EM AGREGADO MIUDO",null,null,null,null,null,"UN",127]
["01.001.0082-0",{"$f":"C147&D147&E147&F147&G147&H147","v":"ANALISE GRANULOMETRICA EM AGREGADO GRAUDO"},"ANALISE GRANULOMETRICA EM AGREGADO GRAUDO",null,null,null,null,null,"UN",110.02]
["01.001.0082-A",{"$f":"C148&D148&E148&F148&G148&H148","v":"ANALISE GRANULOMETRICA EM AGREGADO GRAUDO"},"ANALISE GRANULOMETRICA EM AGREGADO GRAUDO",null,null,null,null,null,"UN",100.47]
["01.001.0083-0",{"$f":"C149&D149&E149&F149&G149&H149","v":"AVALIACAO DAS IMPUREZAS ORGANICAS DAS AREIAS"},"AVALIACAO DAS IMPUREZAS ORGANICAS DAS AREIAS",null,null,null,null,null,"UN",139.08]
["01.001.0083-A",{"$f":"C150&D150&E150&F150&G150&H150","v":"AVALIACAO DAS IMPUREZAS ORGANICAS DAS AREIAS"},"AVALIACAO DAS IMPUREZAS ORGANICAS DAS AREIAS",null,null,null,null,null,"UN",127]
["01.001.0084-0",{"$f":"C151&D151&E151&F151&G151&H151","v":"QUALIDADE DA AREIA COM ANALISE GRANULOMETRICA E INDICE DE MATERIA ORGANICA"},"QUALIDADE DA AREIA COM ANALISE GRANULOMETRICA E INDICE DE MA","TERIA ORGANICA",null,null,null,null,"UN",3053.26]
["01.001.0084-A",{"$f":"C152&D152&E152&F152&G152&H152","v":"QUALIDADE DA AREIA COM ANALISE GRANULOMETRICA E INDICE DE MATERIA ORGANICA"},"QUALIDADE DA AREIA COM ANALISE GRANULOMETRICA E INDICE DE MA","TERIA ORGANICA",null,null,null,null,"UN",2788.09]
["01.001.0085-0",{"$f":"C153&D153&E153&F153&G153&H153","v":"TEOR DE ARGILA EM TORROES(AGREGADO MIUDO)"},"TEOR DE ARGILA EM TORROES(AGREGADO MIUDO)",null,null,null,null,null,"UN",139.08]
["01.001.0085-A",{"$f":"C154&D154&E154&F154&G154&H154","v":"TEOR DE ARGILA EM TORROES(AGREGADO MIUDO)"},"TEOR DE ARGILA EM TORROES(AGREGADO MIUDO)",null,null,null,null,null,"UN",127]
["01.001.0086-0",{"$f":"C155&D155&E155&F155&G155&H155","v":"TEOR DE ARGILA EM TORROES(AGREGADO GRAUDO)"},"TEOR DE ARGILA EM TORROES(AGREGADO GRAUDO)",null,null,null,null,null,"UN",139.08]
["01.001.0086-A",{"$f":"C156&D156&E156&F156&G156&H156","v":"TEOR DE ARGILA EM TORROES(AGREGADO GRAUDO)"},"TEOR DE ARGILA EM TORROES(AGREGADO GRAUDO)",null,null,null,null,null,"UN",127]
["01.001.0087-0",{"$f":"C157&D157&E157&F157&G157&H157","v":"TEOR DE MATERIAIS PULVERULENTOS(AGREGADO MIUDO)"},"TEOR DE MATERIAIS PULVERULENTOS(AGREGADO MIUDO)",null,null,null,null,null,"UN",110.14]
["01.001.0087-A",{"$f":"C158&D158&E158&F158&G158&H158","v":"TEOR DE MATERIAIS PULVERULENTOS(AGREGADO MIUDO)"},"TEOR DE MATERIAIS PULVERULENTOS(AGREGADO MIUDO)",null,null,null,null,null,"UN",100.57]
["01.001.0088-0",{"$f":"C159&D159&E159&F159&G159&H159","v":"TEOR DE MATERIAIS PULVERULENTOS(AGREGADO GRAUDO)"},"TEOR DE MATERIAIS PULVERULENTOS(AGREGADO GRAUDO)",null,null,null,null,null,"UN",150.71]
["01.001.0088-A",{"$f":"C160&D160&E160&F160&G160&H160","v":"TEOR DE MATERIAIS PULVERULENTOS(AGREGADO GRAUDO)"},"TEOR DE MATERIAIS PULVERULENTOS(AGREGADO GRAUDO)",null,null,null,null,null,"UN",137.62]
["01.001.0089-0",{"$f":"C161&D161&E161&F161&G161&H161","v":"DENSIDADE REAL(AGREGADO MIUDO)"},"DENSIDADE REAL(AGREGADO MIUDO)",null,null,null,null,null,"UN",40.56]
["01.001.0089-A",{"$f":"C162&D162&E162&F162&G162&H162","v":"DENSIDADE REAL(AGREGADO MIUDO)"},"DENSIDADE REAL(AGREGADO MIUDO)",null,null,null,null,null,"UN",37.04]
["01.001.0090-0",{"$f":"C163&D163&E163&F163&G163&H163","v":"DENSIDADE REAL(AGREGADO GRAUDO)"},"DENSIDADE REAL(AGREGADO GRAUDO)",null,null,null,null,null,"UN",81.15]
["01.001.0090-A",{"$f":"C164&D164&E164&F164&G164&H164","v":"DENSIDADE REAL(AGREGADO GRAUDO)"},"DENSIDADE REAL(AGREGADO GRAUDO)",null,null,null,null,null,"UN",74.1]
["01.001.0091-0",{"$f":"C165&D165&E165&F165&G165&H165","v":"DENSIDADE APARENTE(AGREGADO MIUDO)"},"DENSIDADE APARENTE(AGREGADO MIUDO)",null,null,null,null,null,"UN",40.56]
["01.001.0091-A",{"$f":"C166&D166&E166&F166&G166&H166","v":"DENSIDADE APARENTE(AGREGADO MIUDO)"},"DENSIDADE APARENTE(AGREGADO MIUDO)",null,null,null,null,null,"UN",37.04]
["01.001.0092-0",{"$f":"C167&D167&E167&F167&G167&H167","v":"DENSIDADE APARENTE(AGREGADO GRAUDO)"},"DENSIDADE APARENTE(AGREGADO GRAUDO)",null,null,null,null,null,"UN",81.15]
["01.001.0092-A",{"$f":"C168&D168&E168&F168&G168&H168","v":"DENSIDADE APARENTE(AGREGADO GRAUDO)"},"DENSIDADE APARENTE(AGREGADO GRAUDO)",null,null,null,null,null,"UN",74.1]
["01.001.0093-0",{"$f":"C169&D169&E169&F169&G169&H169","v":"DESGASTE A ABRASAO \"LOS ANGELES\""},"DESGASTE A ABRASAO \"LOS ANGELES\"",null,null,null,null,null,"UN",586.1]
["01.001.0093-A",{"$f":"C170&D170&E170&F170&G170&H170","v":"DESGASTE A ABRASAO \"LOS ANGELES\""},"DESGASTE A ABRASAO \"LOS ANGELES\"",null,null,null,null,null,"UN",535.2]
["01.001.0094-0",{"$f":"C171&D171&E171&F171&G171&H171","v":"ESMAGAMENTO"},"ESMAGAMENTO",null,null,null,null,null,"UN",534.58]
["01.001.0094-A",{"$f":"C172&D172&E172&F172&G172&H172","v":"ESMAGAMENTO"},"ESMAGAMENTO",null,null,null,null,null,"UN",488.15]
["01.001.0095-0",{"$f":"C173&D173&E173&F173&G173&H173","v":"RESISTENCIA AO IMPACTO \"TRETON\""},"RESISTENCIA AO IMPACTO \"TRETON\"",null,null,null,null,null,"UN",534.58]
["01.001.0095-A",{"$f":"C174&D174&E174&F174&G174&H174","v":"RESISTENCIA AO IMPACTO \"TRETON\""},"RESISTENCIA AO IMPACTO \"TRETON\"",null,null,null,null,null,"UN",488.15]
["01.001.0096-0",{"$f":"C175&D175&E175&F175&G175&H175","v":"INDICE DE FORMA(CUBICIDADE)"},"INDICE DE FORMA(CUBICIDADE)",null,null,null,null,null,"UN",379.38]
["01.001.0096-A",{"$f":"C176&D176&E176&F176&G176&H176","v":"INDICE DE FORMA(CUBICIDADE)"},"INDICE DE FORMA(CUBICIDADE)",null,null,null,null,null,"UN",346.43]
["01.001.0097-0",{"$f":"C177&D177&E177&F177&G177&H177","v":"QUALIDADE DE AGREGADO PELO USO DE SOLUCAO DE SULFATO DE SODIO OU MAGNESIO,EM AGREGADO MIUDO"},"QUALIDADE DE AGREGADO PELO USO DE SOLUCAO DE SULFATO DE SODI","O OU MAGNESIO,EM AGREGADO MIUDO",null,null,null,null,"UN",876.37]
["01.001.0097-A",{"$f":"C178&D178&E178&F178&G178&H178","v":"QUALIDADE DE AGREGADO PELO USO DE SOLUCAO DE SULFATO DE SODIO OU MAGNESIO,EM AGREGADO MIUDO"},"QUALIDADE DE AGREGADO PELO USO DE SOLUCAO DE SULFATO DE SODI","O OU MAGNESIO,EM AGREGADO MIUDO",null,null,null,null,"UN",800.26]
["01.001.0098-0",{"$f":"C179&D179&E179&F179&G179&H179","v":"QUALIDADE DE AGREGADO PELO USO DE SOLUCAO DE SULFATO DE SODIO OU MAGNESIO,EM AGREGADO GRAUDO"},"QUALIDADE DE AGREGADO PELO USO DE SOLUCAO DE SULFATO DE SODI","O OU MAGNESIO,EM AGREGADO GRAUDO",null,null,null,null,"UN",1213.84]
["01.001.0098-A",{"$f":"C180&D180&E180&F180&G180&H180","v":"QUALIDADE DE AGREGADO PELO USO DE SOLUCAO DE SULFATO DE SODIO OU MAGNESIO,EM AGREGADO GRAUDO"},"QUALIDADE DE AGREGADO PELO USO DE SOLUCAO DE SULFATO DE SODI","O OU MAGNESIO,EM AGREGADO GRAUDO",null,null,null,null,"UN",1108.42]
["01.001.0121-0",{"$f":"C181&D181&E181&F181&G181&H181","v":"REMATE OU CAPEAMENTO DE CORPO DE PROVA CILINDRICO,DE 15X30CM POR TOPO"},"REMATE OU CAPEAMENTO DE CORPO DE PROVA CILINDRICO,DE 15X30CM"," POR TOPO",null,null,null,null,"UN",11.53]
["01.001.0121-A",{"$f":"C182&D182&E182&F182&G182&H182","v":"REMATE OU CAPEAMENTO DE CORPO DE PROVA CILINDRICO,DE 15X30CM POR TOPO"},"REMATE OU CAPEAMENTO DE CORPO DE PROVA CILINDRICO,DE 15X30CM"," POR TOPO",null,null,null,null,"UN",10.53]
["01.001.0123-0",{"$f":"C183&D183&E183&F183&G183&H183","v":"RESISTENCIA A COMPRESSAO DE CORPO DE PROVA CILINDRICO DE 15X30CM,POR CORPO DE PROVA"},"RESISTENCIA A COMPRESSAO DE CORPO DE PROVA CILINDRICO DE 15X","30CM,POR CORPO DE PROVA",null,null,null,null,"UN",34.88]
["01.001.0123-A",{"$f":"C184&D184&E184&F184&G184&H184","v":"RESISTENCIA A COMPRESSAO DE CORPO DE PROVA CILINDRICO DE 15X30CM,POR CORPO DE PROVA"},"RESISTENCIA A COMPRESSAO DE CORPO DE PROVA CILINDRICO DE 15X","30CM,POR CORPO DE PROVA",null,null,null,null,"UN",31.85]
["01.001.0124-0",{"$f":"C185&D185&E185&F185&G185&H185","v":"RESISTENCIA A COMPRESSAO SIMPLES DE CORPO DE PROVA DE ARGAMASSA DE CONCRETO,COM 5X10CM,POR CORPO DE PROVA"},"RESISTENCIA A COMPRESSAO SIMPLES DE CORPO DE PROVA DE ARGAMA","SSA DE CONCRETO,COM 5X10CM,POR CORPO DE PROVA",null,null,null,null,"UN",89.98]
["01.001.0124-A",{"$f":"C186&D186&E186&F186&G186&H186","v":"RESISTENCIA A COMPRESSAO SIMPLES DE CORPO DE PROVA DE ARGAMASSA DE CONCRETO,COM 5X10CM,POR CORPO DE PROVA"},"RESISTENCIA A COMPRESSAO SIMPLES DE CORPO DE PROVA DE ARGAMA","SSA DE CONCRETO,COM 5X10CM,POR CORPO DE PROVA",null,null,null,null,"UN",82.16]
["01.001.0125-0",{"$f":"C187&D187&E187&F187&G187&H187","v":"RESISTENCIA A TRACAO,NA FLEXAO,EM CORPO DE PROVA PRISMATICO,COM ESFORCO ATE 5T"},"RESISTENCIA A TRACAO,NA FLEXAO,EM CORPO DE PROVA PRISMATICO,","COM ESFORCO ATE 5T",null,null,null,null,"UN",159.21]
["01.001.0125-A",{"$f":"C188&D188&E188&F188&G188&H188","v":"RESISTENCIA A TRACAO,NA FLEXAO,EM CORPO DE PROVA PRISMATICO,COM ESFORCO ATE 5T"},"RESISTENCIA A TRACAO,NA FLEXAO,EM CORPO DE PROVA PRISMATICO,","COM ESFORCO ATE 5T",null,null,null,null,"UN",145.38]
["01.001.0126-0",{"$f":"C189&D189&E189&F189&G189&H189","v":"RESISTENCIA A TRACAO,NA FLEXAO,EM CORPO DE PROVA PRISMATICO,COM ESFORCO DE 5 ATE 30T"},"RESISTENCIA A TRACAO,NA FLEXAO,EM CORPO DE PROVA PRISMATICO,","COM ESFORCO DE 5 ATE 30T",null,null,null,null,"UN",159.21]
["01.001.0126-A",{"$f":"C190&D190&E190&F190&G190&H190","v":"RESISTENCIA A TRACAO,NA FLEXAO,EM CORPO DE PROVA PRISMATICO,COM ESFORCO DE 5 ATE 30T"},"RESISTENCIA A TRACAO,NA FLEXAO,EM CORPO DE PROVA PRISMATICO,","COM ESFORCO DE 5 ATE 30T",null,null,null,null,"UN",145.38]
["01.001.0127-0",{"$f":"C191&D191&E191&F191&G191&H191","v":"RESISTENCIA A TRACAO,NA FLEXAO,EM CORPO DE PROVA PRISMATICO,COM ESFORCO DE 30 ATE 200T"},"RESISTENCIA A TRACAO,NA FLEXAO,EM CORPO DE PROVA PRISMATICO,","COM ESFORCO DE 30 ATE 200T",null,null,null,null,"UN",159.21]
["01.001.0127-A",{"$f":"C192&D192&E192&F192&G192&H192","v":"RESISTENCIA A TRACAO,NA FLEXAO,EM CORPO DE PROVA PRISMATICO,COM ESFORCO DE 30 ATE 200T"},"RESISTENCIA A TRACAO,NA FLEXAO,EM CORPO DE PROVA PRISMATICO,","COM ESFORCO DE 30 ATE 200T",null,null,null,null,"UN",145.38]
["01.001.0128-0",{"$f":"C193&D193&E193&F193&G193&H193","v":"RESISTENCIA A COMPRESSAO SIMPLES DE CORPO DE PROVA,COM AUXILIO DE ESCLEROMETRO,POR CORPO DE PROVA"},"RESISTENCIA A COMPRESSAO SIMPLES DE CORPO DE PROVA,COM AUXIL","IO DE ESCLEROMETRO,POR CORPO DE PROVA",null,null,null,null,"UN",48.45]
["01.001.0128-A",{"$f":"C194&D194&E194&F194&G194&H194","v":"RESISTENCIA A COMPRESSAO SIMPLES DE CORPO DE PROVA,COM AUXILIO DE ESCLEROMETRO,POR CORPO DE PROVA"},"RESISTENCIA A COMPRESSAO SIMPLES DE CORPO DE PROVA,COM AUXIL","IO DE ESCLEROMETRO,POR CORPO DE PROVA",null,null,null,null,"UN",44.24]
["01.001.0129-0",{"$f":"C195&D195&E195&F195&G195&H195","v":"\"SLUMP TEST\""},"\"SLUMP TEST\"",null,null,null,null,null,"UN",23.25]
["01.001.0129-A",{"$f":"C196&D196&E196&F196&G196&H196","v":"\"SLUMP TEST\""},"\"SLUMP TEST\"",null,null,null,null,null,"UN",21.23]
["01.001.0130-0",{"$f":"C197&D197&E197&F197&G197&H197","v":"DOSAGEM COM ESTUDO GRANULOMETRICO DOS AGREGADOS,DETERMINACAO DE UM TRACO A PARTIR DOS GRAFICOS OBTIDOS DE MISTURAS EXPERIMENTAIS E COM RUPTURA DE CORPO DE PROVA,DE 15X30CM,AOS 3,7E 28 DIAS DE IDADE,UTILIZANDO COMO MATERIAIS CIMENTO,UM AGREGADO GRAUDO E UM AGREGADO MIUDO"},"DOSAGEM COM ESTUDO GRANULOMETRICO DOS AGREGADOS,DETERMINACAO"," DE UM TRACO A PARTIR DOS GRAFICOS OBTIDOS DE MISTURAS EXPER","IMENTAIS E COM RUPTURA DE CORPO DE PROVA,DE 15X30CM,AOS 3,7","E 28 DIAS DE IDADE,UTILIZANDO COMO MATERIAIS CIMENTO,UM AGRE","GADO GRAUDO E UM AGREGADO MIUDO",null,"UN",12662.91]
["01.001.0130-A",{"$f":"C198&D198&E198&F198&G198&H198","v":"DOSAGEM COM ESTUDO GRANULOMETRICO DOS AGREGADOS,DETERMINACAO DE UM TRACO A PARTIR DOS GRAFICOS OBTIDOS DE MISTURAS EXPERIMENTAIS E COM RUPTURA DE CORPO DE PROVA,DE 15X30CM,AOS 3,7E 28 DIAS DE IDADE,UTILIZANDO COMO MATERIAIS CIMENTO,UM AGREGADO GRAUDO E UM AGREGADO MIUDO"},"DOSAGEM COM ESTUDO GRANULOMETRICO DOS AGREGADOS,DETERMINACAO"," DE UM TRACO A PARTIR DOS GRAFICOS OBTIDOS DE MISTURAS EXPER","IMENTAIS E COM RUPTURA DE CORPO DE PROVA,DE 15X30CM,AOS 3,7","E 28 DIAS DE IDADE,UTILIZANDO COMO MATERIAIS CIMENTO,UM AGRE","GADO GRAUDO E UM AGREGADO MIUDO",null,"UN",11563.17]
["01.001.0131-0",{"$f":"C199&D199&E199&F199&G199&H199","v":"DOSAGEM COM ESTUDO GRANULOMETRICO DOS AGREGADOS,DETERMINACAO DE UM TRACO A PARTIR DOS GRAFICOS OBTIDOS DE MISTURAS EXPERIMENTAIS E COM RUPTURA DE CORPO DE PROVA,DE 15X30CM,AOS 3,7E 28 DIAS DE IDADE,PARA CADA AGREGADO MIUDO ADICIONAL AO ITEM 01.001.0130"},"DOSAGEM COM ESTUDO GRANULOMETRICO DOS AGREGADOS,DETERMINACAO"," DE UM TRACO A PARTIR DOS GRAFICOS OBTIDOS DE MISTURAS EXPER","IMENTAIS E COM RUPTURA DE CORPO DE PROVA,DE 15X30CM,AOS 3,7","E 28 DIAS DE IDADE,PARA CADA AGREGADO MIUDO ADICIONAL AO ITE","M 01.001.0130",null,"UN",4220.96]
["01.001.0131-A",{"$f":"C200&D200&E200&F200&G200&H200","v":"DOSAGEM COM ESTUDO GRANULOMETRICO DOS AGREGADOS,DETERMINACAO DE UM TRACO A PARTIR DOS GRAFICOS OBTIDOS DE MISTURAS EXPERIMENTAIS E COM RUPTURA DE CORPO DE PROVA,DE 15X30CM,AOS 3,7E 28 DIAS DE IDADE,PARA CADA AGREGADO MIUDO ADICIONAL AO ITEM 01.001.0130"},"DOSAGEM COM ESTUDO GRANULOMETRICO DOS AGREGADOS,DETERMINACAO"," DE UM TRACO A PARTIR DOS GRAFICOS OBTIDOS DE MISTURAS EXPER","IMENTAIS E COM RUPTURA DE CORPO DE PROVA,DE 15X30CM,AOS 3,7","E 28 DIAS DE IDADE,PARA CADA AGREGADO MIUDO ADICIONAL AO ITE","M 01.001.0130",null,"UN",3854.38]
["01.001.0132-0",{"$f":"C201&D201&E201&F201&G201&H201","v":"DOSAGEM COM ESTUDO GRANULOMETRICO DOS AGREGADOS,DETERMINACAO DE UM TRACO A PARTIR DOS GRAFICOS OBTIDOS DE MISTURAS EXPERIMENTAIS E COM RUPTURA DE CORPO DE PROVA,DE 15X30CM,AOS 3,7E 28 DIAS DE IDADE,PARA CADA AGREGADO GRAUDO ADICIONAL AO ITEM 01.001.0130"},"DOSAGEM COM ESTUDO GRANULOMETRICO DOS AGREGADOS,DETERMINACAO"," DE UM TRACO A PARTIR DOS GRAFICOS OBTIDOS DE MISTURAS EXPER","IMENTAIS E COM RUPTURA DE CORPO DE PROVA,DE 15X30CM,AOS 3,7","E 28 DIAS DE IDADE,PARA CADA AGREGADO GRAUDO ADICIONAL AO IT","EM 01.001.0130",null,"UN",4220.96]
["01.001.0132-A",{"$f":"C202&D202&E202&F202&G202&H202","v":"DOSAGEM COM ESTUDO GRANULOMETRICO DOS AGREGADOS,DETERMINACAO DE UM TRACO A PARTIR DOS GRAFICOS OBTIDOS DE MISTURAS EXPERIMENTAIS E COM RUPTURA DE CORPO DE PROVA,DE 15X30CM,AOS 3,7E 28 DIAS DE IDADE,PARA CADA AGREGADO GRAUDO ADICIONAL AO ITEM 01.001.0130"},"DOSAGEM COM ESTUDO GRANULOMETRICO DOS AGREGADOS,DETERMINACAO"," DE UM TRACO A PARTIR DOS GRAFICOS OBTIDOS DE MISTURAS EXPER","IMENTAIS E COM RUPTURA DE CORPO DE PROVA,DE 15X30CM,AOS 3,7","E 28 DIAS DE IDADE,PARA CADA AGREGADO GRAUDO ADICIONAL AO IT","EM 01.001.0130",null,"UN",3854.38]
["01.001.0133-0",{"$f":"C203&D203&E203&F203&G203&H203","v":"DETERMINACAO DE OUTROS TRACOS A PARTIR DOS MESMOS GRAFICOS,MENCIONADOS NO ITEM 01.001.0130,POR TRACO"},"DETERMINACAO DE OUTROS TRACOS A PARTIR DOS MESMOS GRAFICOS,M","ENCIONADOS NO ITEM 01.001.0130,POR TRACO",null,null,null,null,"UN",12662.91]
["01.001.0133-A",{"$f":"C204&D204&E204&F204&G204&H204","v":"DETERMINACAO DE OUTROS TRACOS A PARTIR DOS MESMOS GRAFICOS,MENCIONADOS NO ITEM 01.001.0130,POR TRACO"},"DETERMINACAO DE OUTROS TRACOS A PARTIR DOS MESMOS GRAFICOS,M","ENCIONADOS NO ITEM 01.001.0130,POR TRACO",null,null,null,null,"UN",11563.17]
["01.001.0134-0",{"$f":"C205&D205&E205&F205&G205&H205","v":"DOSAGEM COM ESTUDO GRANULOMETRICO DOS AGREGADOS,POR TRACO ADICIONAL AO ITEM 01.001.0130,A PARTIR DOS GRAFICOS OBTIDOS DE MISTURAS EXPERIMENTAIS E COM RUPTURA DE CORPO DE PROVA,DE 15X30CM,AOS 3,7 E 28 DIAS DE IDADE,UTILIZANDO AGREGADOS DA MESMA QUALIDADE,POREM EM PROPORCOES DIFERENTES DE CIMENTO,UM AGREGADO MIUDO E UM AGREGADO GRAUDO"},"DOSAGEM COM ESTUDO GRANULOMETRICO DOS AGREGADOS,POR TRACO AD","ICIONAL AO ITEM 01.001.0130,A PARTIR DOS GRAFICOS OBTIDOS DE"," MISTURAS EXPERIMENTAIS E COM RUPTURA DE CORPO DE PROVA,DE 1","5X30CM,AOS 3,7 E 28 DIAS DE IDADE,UTILIZANDO AGREGADOS DA ME","SMA QUALIDADE,POREM EM PROPORCOES DIFERENTES DE CIMENTO,UM A","GREGADO MIUDO E UM AGREGADO GRAUDO","UN",12662.91]
["01.001.0134-A",{"$f":"C206&D206&E206&F206&G206&H206","v":"DOSAGEM COM ESTUDO GRANULOMETRICO DOS AGREGADOS,POR TRACO ADICIONAL AO ITEM 01.001.0130,A PARTIR DOS GRAFICOS OBTIDOS DE MISTURAS EXPERIMENTAIS E COM RUPTURA DE CORPO DE PROVA,DE 15X30CM,AOS 3,7 E 28 DIAS DE IDADE,UTILIZANDO AGREGADOS DA MESMA QUALIDADE,POREM EM PROPORCOES DIFERENTES DE CIMENTO,UM AGREGADO MIUDO E UM AGREGADO GRAUDO"},"DOSAGEM COM ESTUDO GRANULOMETRICO DOS AGREGADOS,POR TRACO AD","ICIONAL AO ITEM 01.001.0130,A PARTIR DOS GRAFICOS OBTIDOS DE"," MISTURAS EXPERIMENTAIS E COM RUPTURA DE CORPO DE PROVA,DE 1","5X30CM,AOS 3,7 E 28 DIAS DE IDADE,UTILIZANDO AGREGADOS DA ME","SMA QUALIDADE,POREM EM PROPORCOES DIFERENTES DE CIMENTO,UM A","GREGADO MIUDO E UM AGREGADO GRAUDO","UN",11563.17]
["01.001.0135-0",{"$f":"C207&D207&E207&F207&G207&H207","v":"DOSAGEM COM ESTUDO GRANULOMETRICO DOS AGREGADOS,POR TRACO ADICIONAL AO ITEM 01.001.0130,A PARTIR DOS GRAFICOS OBTIDOS DE MISTURAS EXPERIMENTAIS E COM RUPTURA DO CORPO DE PROVA,DE 15X30CM,AOS 3,7 E 28 DIAS DE IDADE,UTILIZANDO AGREGADOS DA MESMA QUALIDADE,POREM EM PROPORCOES DIFERENTES DE CIMENTO,MAIS DE UM AGREGADO MIUDO E MAIS DE UM AGREGADO GRAUDO"},"DOSAGEM COM ESTUDO GRANULOMETRICO DOS AGREGADOS,POR TRACO AD","ICIONAL AO ITEM 01.001.0130,A PARTIR DOS GRAFICOS OBTIDOS DE"," MISTURAS EXPERIMENTAIS E COM RUPTURA DO CORPO DE PROVA,DE 1","5X30CM,AOS 3,7 E 28 DIAS DE IDADE,UTILIZANDO AGREGADOS DA ME","SMA QUALIDADE,POREM EM PROPORCOES DIFERENTES DE CIMENTO,MAIS"," DE UM AGREGADO MIUDO E MAIS DE UM AGREGADO GRAUDO","UN",12662.91]
["01.001.0135-A",{"$f":"C208&D208&E208&F208&G208&H208","v":"DOSAGEM COM ESTUDO GRANULOMETRICO DOS AGREGADOS,POR TRACO ADICIONAL AO ITEM 01.001.0130,A PARTIR DOS GRAFICOS OBTIDOS DE MISTURAS EXPERIMENTAIS E COM RUPTURA DO CORPO DE PROVA,DE 15X30CM,AOS 3,7 E 28 DIAS DE IDADE,UTILIZANDO AGREGADOS DA MESMA QUALIDADE,POREM EM PROPORCOES DIFERENTES DE CIMENTO,MAIS DE UM AGREGADO MIUDO E MAIS DE UM AGREGADO GRAUDO"},"DOSAGEM COM ESTUDO GRANULOMETRICO DOS AGREGADOS,POR TRACO AD","ICIONAL AO ITEM 01.001.0130,A PARTIR DOS GRAFICOS OBTIDOS DE"," MISTURAS EXPERIMENTAIS E COM RUPTURA DO CORPO DE PROVA,DE 1","5X30CM,AOS 3,7 E 28 DIAS DE IDADE,UTILIZANDO AGREGADOS DA ME","SMA QUALIDADE,POREM EM PROPORCOES DIFERENTES DE CIMENTO,MAIS"," DE UM AGREGADO MIUDO E MAIS DE UM AGREGADO GRAUDO","UN",11563.17]
["01.001.0136-0",{"$f":"C209&D209&E209&F209&G209&H209","v":"DOSAGEM COM ESTUDO GRANULOMETRICO DOS AGREGADOS,DETERMINACAO DE MAIS TRACOS A PARTIR DOS GRAFICOS OBTIDOS DE MISTURAS EXPERIMENTAIS E COM RUPTURA DE CORPO DE PROVA,DE 15X30CM,AOS 3,7 E 28 DIAS DE IDADE,UTILIZANDO AGREGADOS DA MESMA QUALIDADE,POREM EM PROPORCOES DIFERENTES DE CIMENTO,MAIS DE UM AGREGADO MIUDO E MAIS DE UM AGREGADO GRAUDO"},"DOSAGEM COM ESTUDO GRANULOMETRICO DOS AGREGADOS,DETERMINACAO"," DE MAIS TRACOS A PARTIR DOS GRAFICOS OBTIDOS DE MISTURAS EX","PERIMENTAIS E COM RUPTURA DE CORPO DE PROVA,DE 15X30CM,AOS 3",",7 E 28 DIAS DE IDADE,UTILIZANDO AGREGADOS DA MESMA QUALIDAD","E,POREM EM PROPORCOES DIFERENTES DE CIMENTO,MAIS DE UM AGREG","ADO MIUDO E MAIS DE UM AGREGADO GRAUDO","UN",12662.91]
["01.001.0136-A",{"$f":"C210&D210&E210&F210&G210&H210","v":"DOSAGEM COM ESTUDO GRANULOMETRICO DOS AGREGADOS,DETERMINACAO DE MAIS TRACOS A PARTIR DOS GRAFICOS OBTIDOS DE MISTURAS EXPERIMENTAIS E COM RUPTURA DE CORPO DE PROVA,DE 15X30CM,AOS 3,7 E 28 DIAS DE IDADE,UTILIZANDO AGREGADOS DA MESMA QUALIDADE,POREM EM PROPORCOES DIFERENTES DE CIMENTO,MAIS DE UM AGREGADO MIUDO E MAIS DE UM AGREGADO GRAUDO"},"DOSAGEM COM ESTUDO GRANULOMETRICO DOS AGREGADOS,DETERMINACAO"," DE MAIS TRACOS A PARTIR DOS GRAFICOS OBTIDOS DE MISTURAS EX","PERIMENTAIS E COM RUPTURA DE CORPO DE PROVA,DE 15X30CM,AOS 3",",7 E 28 DIAS DE IDADE,UTILIZANDO AGREGADOS DA MESMA QUALIDAD","E,POREM EM PROPORCOES DIFERENTES DE CIMENTO,MAIS DE UM AGREG","ADO MIUDO E MAIS DE UM AGREGADO GRAUDO","UN",11563.17]
["01.001.0137-0",{"$f":"C211&D211&E211&F211&G211&H211","v":"TRACADO DAS CURVAS QUE CORRELACIONAM A RESISTENCIA A COMPRESSAO AO FATOR AGUA-CIMENTO,COM MOLDAGEM DE 24 CORPOS-DE-PROVA CILINDRICOS DE CONCRETO,DE 15X30CM,COM TRACOS 1:5,1:6,1:7,1:8 E DETERMINACAO DAS TENSOES DE RUPTURA A COMPRESSAO AOS 3,7 E 28 DIAS DE IDADE(AMOSTRAS 6 SACOS DE CIMENTO)"},"TRACADO DAS CURVAS QUE CORRELACIONAM A RESISTENCIA A COMPRES","SAO AO FATOR AGUA-CIMENTO,COM MOLDAGEM DE 24 CORPOS-DE-PROVA"," CILINDRICOS DE CONCRETO,DE 15X30CM,COM TRACOS 1:5,1:6,1:7,1",":8 E DETERMINACAO DAS TENSOES DE RUPTURA A COMPRESSAO AOS 3,","7 E 28 DIAS DE IDADE(AMOSTRAS 6 SACOS DE CIMENTO)",null,"UN",82884.57]
["01.001.0137-A",{"$f":"C212&D212&E212&F212&G212&H212","v":"TRACADO DAS CURVAS QUE CORRELACIONAM A RESISTENCIA A COMPRESSAO AO FATOR AGUA-CIMENTO,COM MOLDAGEM DE 24 CORPOS-DE-PROVA CILINDRICOS DE CONCRETO,DE 15X30CM,COM TRACOS 1:5,1:6,1:7,1:8 E DETERMINACAO DAS TENSOES DE RUPTURA A COMPRESSAO AOS 3,7 E 28 DIAS DE IDADE(AMOSTRAS 6 SACOS DE CIMENTO)"},"TRACADO DAS CURVAS QUE CORRELACIONAM A RESISTENCIA A COMPRES","SAO AO FATOR AGUA-CIMENTO,COM MOLDAGEM DE 24 CORPOS-DE-PROVA"," CILINDRICOS DE CONCRETO,DE 15X30CM,COM TRACOS 1:5,1:6,1:7,1",":8 E DETERMINACAO DAS TENSOES DE RUPTURA A COMPRESSAO AOS 3,","7 E 28 DIAS DE IDADE(AMOSTRAS 6 SACOS DE CIMENTO)",null,"UN",75686.26]
["01.001.0138-0",{"$f":"C213&D213&E213&F213&G213&H213","v":"RECONSTITUICAO DE TRACOS DE CONCRETO,POR TRACO"},"RECONSTITUICAO DE TRACOS DE CONCRETO,POR TRACO",null,null,null,null,null,"UN",30358.11]
["01.001.0138-A",{"$f":"C214&D214&E214&F214&G214&H214","v":"RECONSTITUICAO DE TRACOS DE CONCRETO,POR TRACO"},"RECONSTITUICAO DE TRACOS DE CONCRETO,POR TRACO",null,null,null,null,null,"UN",27721.59]
["01.001.0139-0",{"$f":"C215&D215&E215&F215&G215&H215","v":"AVALIACAO DA ESPESSURA DE CARBONATACAO,POR PONTO,EM ESTRUTURAS DE CONCRETO ARMADO OU PROTENDIDO,ATRAVES DE ASPERSAO DE SOLUCAO DE FENOLFTALEINA,INCLUSIVE COLETA E AMOSTRA"},"AVALIACAO DA ESPESSURA DE CARBONATACAO,POR PONTO,EM ESTRUTUR","AS DE CONCRETO ARMADO OU PROTENDIDO,ATRAVES DE ASPERSAO DE S","OLUCAO DE FENOLFTALEINA,INCLUSIVE COLETA E AMOSTRA",null,null,null,"UN",256.72]
["01.001.0139-A",{"$f":"C216&D216&E216&F216&G216&H216","v":"AVALIACAO DA ESPESSURA DE CARBONATACAO,POR PONTO,EM ESTRUTURAS DE CONCRETO ARMADO OU PROTENDIDO,ATRAVES DE ASPERSAO DE SOLUCAO DE FENOLFTALEINA,INCLUSIVE COLETA E AMOSTRA"},"AVALIACAO DA ESPESSURA DE CARBONATACAO,POR PONTO,EM ESTRUTUR","AS DE CONCRETO ARMADO OU PROTENDIDO,ATRAVES DE ASPERSAO DE S","OLUCAO DE FENOLFTALEINA,INCLUSIVE COLETA E AMOSTRA",null,null,null,"UN",256.72]
["01.001.0140-0",{"$f":"C217&D217&E217&F217&G217&H217","v":"DETERMINACAO DO TEOR DE CLORETOS,POR AMOSTRA,EM ESTRUTURAS DE CONCRETO ARMADO OU PROTENDIDO,CONFORME NORMA DA ACI-318/31-BR36,INCLUSIVE COLETA DA AMOSTRA"},"DETERMINACAO DO TEOR DE CLORETOS,POR AMOSTRA,EM ESTRUTURAS D","E CONCRETO ARMADO OU PROTENDIDO,CONFORME NORMA DA ACI-318/31","-BR36,INCLUSIVE COLETA DA AMOSTRA",null,null,null,"UN",277.43]
["01.001.0140-A",{"$f":"C218&D218&E218&F218&G218&H218","v":"DETERMINACAO DO TEOR DE CLORETOS,POR AMOSTRA,EM ESTRUTURAS DE CONCRETO ARMADO OU PROTENDIDO,CONFORME NORMA DA ACI-318/31-BR36,INCLUSIVE COLETA DA AMOSTRA"},"DETERMINACAO DO TEOR DE CLORETOS,POR AMOSTRA,EM ESTRUTURAS D","E CONCRETO ARMADO OU PROTENDIDO,CONFORME NORMA DA ACI-318/31","-BR36,INCLUSIVE COLETA DA AMOSTRA",null,null,null,"UN",277.43]
["01.001.0141-0",{"$f":"C219&D219&E219&F219&G219&H219","v":"DETERMINACAO DO TEOR DE SULFATOS,POR AMOSTRA,EM ESTRUTURAS DE CONCRETO ARMADO OU PROTENDIDO,CONFORME BOLETIM N°25 DO IPT,INCLUSIVE COLETA DA AMOSTRA"},"DETERMINACAO DO TEOR DE SULFATOS,POR AMOSTRA,EM ESTRUTURAS D","E CONCRETO ARMADO OU PROTENDIDO,CONFORME BOLETIM N°25 DO IPT",",INCLUSIVE COLETA DA AMOSTRA",null,null,null,"UN",277.43]
["01.001.0141-A",{"$f":"C220&D220&E220&F220&G220&H220","v":"DETERMINACAO DO TEOR DE SULFATOS,POR AMOSTRA,EM ESTRUTURAS DE CONCRETO ARMADO OU PROTENDIDO,CONFORME BOLETIM N°25 DO IPT,INCLUSIVE COLETA DA AMOSTRA"},"DETERMINACAO DO TEOR DE SULFATOS,POR AMOSTRA,EM ESTRUTURAS D","E CONCRETO ARMADO OU PROTENDIDO,CONFORME BOLETIM N°25 DO IPT",",INCLUSIVE COLETA DA AMOSTRA",null,null,null,"UN",277.43]
["01.001.0143-0",{"$f":"C221&D221&E221&F221&G221&H221","v":"ENSAIO DE RESISTENCIA A TRACAO SIMPLES,POR COMPRESSAO DIAMETRAL DE CORPOS DE PROVA CILINDRICOS DE 15X30CM,EXCLUSIVE CORPO DE PROVA"},"ENSAIO DE RESISTENCIA A TRACAO SIMPLES,POR COMPRESSAO DIAMET","RAL DE CORPOS DE PROVA CILINDRICOS DE 15X30CM,EXCLUSIVE CORP","O DE PROVA",null,null,null,"UN",1414.27]
["01.001.0143-A",{"$f":"C222&D222&E222&F222&G222&H222","v":"ENSAIO DE RESISTENCIA A TRACAO SIMPLES,POR COMPRESSAO DIAMETRAL DE CORPOS DE PROVA CILINDRICOS DE 15X30CM,EXCLUSIVE CORPO DE PROVA"},"ENSAIO DE RESISTENCIA A TRACAO SIMPLES,POR COMPRESSAO DIAMET","RAL DE CORPOS DE PROVA CILINDRICOS DE 15X30CM,EXCLUSIVE CORP","O DE PROVA",null,null,null,"UN",1291.44]
["01.001.0144-0",{"$f":"C223&D223&E223&F223&G223&H223","v":"RESISTENCIA A COMPRESSAO E TRACAO,MODULO DE ELASTICIDADE DINAMICA,EXCLUSIVE CORPO DE PROVA"},"RESISTENCIA A COMPRESSAO E TRACAO,MODULO DE ELASTICIDADE DIN","AMICA,EXCLUSIVE CORPO DE PROVA",null,null,null,null,"UN",2370.88]
["01.001.0144-A",{"$f":"C224&D224&E224&F224&G224&H224","v":"RESISTENCIA A COMPRESSAO E TRACAO,MODULO DE ELASTICIDADE DINAMICA,EXCLUSIVE CORPO DE PROVA"},"RESISTENCIA A COMPRESSAO E TRACAO,MODULO DE ELASTICIDADE DIN","AMICA,EXCLUSIVE CORPO DE PROVA",null,null,null,null,"UN",2164.98]
["01.001.0145-0",{"$f":"C225&D225&E225&F225&G225&H225","v":"DETERMINACAO DO AR INCORPORADO EM CONCRETO,EXCLUSIVE CORPO DE PROVA"},"DETERMINACAO DO AR INCORPORADO EM CONCRETO,EXCLUSIVE CORPO D","E PROVA",null,null,null,null,"UN",2370.88]
["01.001.0145-A",{"$f":"C226&D226&E226&F226&G226&H226","v":"DETERMINACAO DO AR INCORPORADO EM CONCRETO,EXCLUSIVE CORPO DE PROVA"},"DETERMINACAO DO AR INCORPORADO EM CONCRETO,EXCLUSIVE CORPO D","E PROVA",null,null,null,null,"UN",2164.98]
["01.001.0147-0",{"$f":"C227&D227&E227&F227&G227&H227","v":"MOLDAGEM E COLETA DE CORPO DE PROVA DE CONCRETO,EXECUTADO POR FIRMA ESPECIALIZADA,INCLUSIVE TRANSPORTE ATE 50KM"},"MOLDAGEM E COLETA DE CORPO DE PROVA DE CONCRETO,EXECUTADO PO","R FIRMA ESPECIALIZADA,INCLUSIVE TRANSPORTE ATE 50KM",null,null,null,null,"UN",44.07]
["01.001.0147-A",{"$f":"C228&D228&E228&F228&G228&H228","v":"MOLDAGEM E COLETA DE CORPO DE PROVA DE CONCRETO,EXECUTADO POR FIRMA ESPECIALIZADA,INCLUSIVE TRANSPORTE ATE 50KM"},"MOLDAGEM E COLETA DE CORPO DE PROVA DE CONCRETO,EXECUTADO PO","R FIRMA ESPECIALIZADA,INCLUSIVE TRANSPORTE ATE 50KM",null,null,null,null,"UN",40.93]
["01.001.0148-0",{"$f":"C229&D229&E229&F229&G229&H229","v":"MOLDAGEM E COLETA DE CORPO DE PROVA DE CONCRETO,EXECUTADO POR FIRMA ESPECIALIZADA,INCLUSIVE TRANSPORTE PARA UMA DISTANCIA DE 51 A 100KM"},"MOLDAGEM E COLETA DE CORPO DE PROVA DE CONCRETO,EXECUTADO PO","R FIRMA ESPECIALIZADA,INCLUSIVE TRANSPORTE PARA UMA DISTANCI","A DE 51 A 100KM",null,null,null,"UN",69.3]
["01.001.0148-A",{"$f":"C230&D230&E230&F230&G230&H230","v":"MOLDAGEM E COLETA DE CORPO DE PROVA DE CONCRETO,EXECUTADO POR FIRMA ESPECIALIZADA,INCLUSIVE TRANSPORTE PARA UMA DISTANCIA DE 51 A 100KM"},"MOLDAGEM E COLETA DE CORPO DE PROVA DE CONCRETO,EXECUTADO PO","R FIRMA ESPECIALIZADA,INCLUSIVE TRANSPORTE PARA UMA DISTANCI","A DE 51 A 100KM",null,null,null,"UN",65.23]
["01.001.0149-0",{"$f":"C231&D231&E231&F231&G231&H231","v":"MOLDAGEM E COLETA DE CORPO DE PROVA DE CONCRETO,EXECUTADO POR FIRMA ESPECIALIZADA,INCLUSIVE TRANSPORTE PARA UMA DISTANCIA DE 101 A 250KM"},"MOLDAGEM E COLETA DE CORPO DE PROVA DE CONCRETO,EXECUTADO PO","R FIRMA ESPECIALIZADA,INCLUSIVE TRANSPORTE PARA UMA DISTANCI","A DE 101 A 250KM",null,null,null,"UN",145.88]
["01.001.0149-A",{"$f":"C232&D232&E232&F232&G232&H232","v":"MOLDAGEM E COLETA DE CORPO DE PROVA DE CONCRETO,EXECUTADO POR FIRMA ESPECIALIZADA,INCLUSIVE TRANSPORTE PARA UMA DISTANCIA DE 101 A 250KM"},"MOLDAGEM E COLETA DE CORPO DE PROVA DE CONCRETO,EXECUTADO PO","R FIRMA ESPECIALIZADA,INCLUSIVE TRANSPORTE PARA UMA DISTANCI","A DE 101 A 250KM",null,null,null,"UN",138.97]
["01.001.0150-0",{"$f":"C233&D233&E233&F233&G233&H233","v":"CONTROLE TECNOLOGICO DE OBRAS EM CONCRETO ARMADO CONSIDERANDO APENAS O CONTROLE DO CONCRETO E CONSTANDO DE COLETA,MOLDAGEM E CAPEAMENTO DE CORPOS DE PROVA,TRANSPORTE ATE 50KM,ENSAIOS DE RESISTENCIA A COMPRESSAO AOS 28 DIAS E\"SLUMP TEST\",MEDIDO POR M3 DE CONCRETO COLOCADO NAS FORMAS"},"CONTROLE TECNOLOGICO DE OBRAS EM CONCRETO ARMADO CONSIDERAND","O APENAS O CONTROLE DO CONCRETO E CONSTANDO DE COLETA,MOLDAG","EM E CAPEAMENTO DE CORPOS DE PROVA,TRANSPORTE ATE 50KM,ENSAI","OS DE RESISTENCIA A COMPRESSAO AOS 28 DIAS E\"SLUMP TEST\",MED","IDO POR M3 DE CONCRETO COLOCADO NAS FORMAS",null,"M3",16.91]
["01.001.0150-A",{"$f":"C234&D234&E234&F234&G234&H234","v":"CONTROLE TECNOLOGICO DE OBRAS EM CONCRETO ARMADO CONSIDERANDO APENAS O CONTROLE DO CONCRETO E CONSTANDO DE COLETA,MOLDAGEM E CAPEAMENTO DE CORPOS DE PROVA,TRANSPORTE ATE 50KM,ENSAIOS DE RESISTENCIA A COMPRESSAO AOS 28 DIAS E\"SLUMP TEST\",MEDIDO POR M3 DE CONCRETO COLOCADO NAS FORMAS"},"CONTROLE TECNOLOGICO DE OBRAS EM CONCRETO ARMADO CONSIDERAND","O APENAS O CONTROLE DO CONCRETO E CONSTANDO DE COLETA,MOLDAG","EM E CAPEAMENTO DE CORPOS DE PROVA,TRANSPORTE ATE 50KM,ENSAI","OS DE RESISTENCIA A COMPRESSAO AOS 28 DIAS E\"SLUMP TEST\",MED","IDO POR M3 DE CONCRETO COLOCADO NAS FORMAS",null,"M3",15.52]
["01.001.0151-0",{"$f":"C235&D235&E235&F235&G235&H235","v":"CONTROLE TECNOLOGICO DE OBRAS EM CONCRETO ARMADO CONSIDERANDO APENAS O CONTROLE DO CONCRETO E CONSTANDO DE COLETA,MOLDAGEM E CAPEAMENTO DE CORPOS DE PROVA,TRANSPORTE ATE 100KM,ENSAIOS DE RESISTENCIA A COMPRESSAO AOS 28 DIAS E\"SLUMP TEST\",MEDIDO POR M3 DE CONCRETO COLOCADO NAS FORMAS"},"CONTROLE TECNOLOGICO DE OBRAS EM CONCRETO ARMADO CONSIDERAND","O APENAS O CONTROLE DO CONCRETO E CONSTANDO DE COLETA,MOLDAG","EM E CAPEAMENTO DE CORPOS DE PROVA,TRANSPORTE ATE 100KM,ENSA","IOS DE RESISTENCIA A COMPRESSAO AOS 28 DIAS E\"SLUMP TEST\",ME","DIDO POR M3 DE CONCRETO COLOCADO NAS FORMAS",null,"M3",21.1]
["01.001.0151-A",{"$f":"C236&D236&E236&F236&G236&H236","v":"CONTROLE TECNOLOGICO DE OBRAS EM CONCRETO ARMADO CONSIDERANDO APENAS O CONTROLE DO CONCRETO E CONSTANDO DE COLETA,MOLDAGEM E CAPEAMENTO DE CORPOS DE PROVA,TRANSPORTE ATE 100KM,ENSAIOS DE RESISTENCIA A COMPRESSAO AOS 28 DIAS E\"SLUMP TEST\",MEDIDO POR M3 DE CONCRETO COLOCADO NAS FORMAS"},"CONTROLE TECNOLOGICO DE OBRAS EM CONCRETO ARMADO CONSIDERAND","O APENAS O CONTROLE DO CONCRETO E CONSTANDO DE COLETA,MOLDAG","EM E CAPEAMENTO DE CORPOS DE PROVA,TRANSPORTE ATE 100KM,ENSA","IOS DE RESISTENCIA A COMPRESSAO AOS 28 DIAS E\"SLUMP TEST\",ME","DIDO POR M3 DE CONCRETO COLOCADO NAS FORMAS",null,"M3",19.5]
["01.001.0152-0",{"$f":"C237&D237&E237&F237&G237&H237","v":"CONTROLE TECNOLOGICO DE OBRAS EM CONCRETO ARMADO CONSIDERANDO APENAS O CONTROLE DO CONCRETO E CONSTANDO DE COLETA,MOLDAGEM E CAPEAMENTO DE CORPOS DE PROVA,TRANSPORTE ATE 250KM,ENSAIOS DE RESISTENCIA A COMPRESSAO AOS 28 DIAS E\"SLUMP TEST\",MEDIDO POR M3 DE CONCRETO COLOCADO NAS FORMAS"},"CONTROLE TECNOLOGICO DE OBRAS EM CONCRETO ARMADO CONSIDERAND","O APENAS O CONTROLE DO CONCRETO E CONSTANDO DE COLETA,MOLDAG","EM E CAPEAMENTO DE CORPOS DE PROVA,TRANSPORTE ATE 250KM,ENSA","IOS DE RESISTENCIA A COMPRESSAO AOS 28 DIAS E\"SLUMP TEST\",ME","DIDO POR M3 DE CONCRETO COLOCADO NAS FORMAS",null,"M3",30.29]
["01.001.0152-A",{"$f":"C238&D238&E238&F238&G238&H238","v":"CONTROLE TECNOLOGICO DE OBRAS EM CONCRETO ARMADO CONSIDERANDO APENAS O CONTROLE DO CONCRETO E CONSTANDO DE COLETA,MOLDAGEM E CAPEAMENTO DE CORPOS DE PROVA,TRANSPORTE ATE 250KM,ENSAIOS DE RESISTENCIA A COMPRESSAO AOS 28 DIAS E\"SLUMP TEST\",MEDIDO POR M3 DE CONCRETO COLOCADO NAS FORMAS"},"CONTROLE TECNOLOGICO DE OBRAS EM CONCRETO ARMADO CONSIDERAND","O APENAS O CONTROLE DO CONCRETO E CONSTANDO DE COLETA,MOLDAG","EM E CAPEAMENTO DE CORPOS DE PROVA,TRANSPORTE ATE 250KM,ENSA","IOS DE RESISTENCIA A COMPRESSAO AOS 28 DIAS E\"SLUMP TEST\",ME","DIDO POR M3 DE CONCRETO COLOCADO NAS FORMAS",null,"M3",28.35]
["01.001.0160-0",{"$f":"C239&D239&E239&F239&G239&H239","v":"PENETRACAO A 25°C,100G E 5S"},"PENETRACAO A 25°C,100G E 5S",null,null,null,null,null,"UN",156.88]
["01.001.0160-A",{"$f":"C240&D240&E240&F240&G240&H240","v":"PENETRACAO A 25°C,100G E 5S"},"PENETRACAO A 25°C,100G E 5S",null,null,null,null,null,"UN",143.26]
["01.001.0161-0",{"$f":"C241&D241&E241&F241&G241&H241","v":"PONTO DE FULGOR CLEVELAND"},"PONTO DE FULGOR CLEVELAND",null,null,null,null,null,"UN",115.93]
["01.001.0161-A",{"$f":"C242&D242&E242&F242&G242&H242","v":"PONTO DE FULGOR CLEVELAND"},"PONTO DE FULGOR CLEVELAND",null,null,null,null,null,"UN",105.86]
["01.001.0162-0",{"$f":"C243&D243&E243&F243&G243&H243","v":"DUCTIBILIDADE A 25°C"},"DUCTIBILIDADE A 25°C",null,null,null,null,null,"UN",156.88]
["01.001.0162-A",{"$f":"C244&D244&E244&F244&G244&H244","v":"DUCTIBILIDADE A 25°C"},"DUCTIBILIDADE A 25°C",null,null,null,null,null,"UN",143.26]
["01.001.0163-0",{"$f":"C245&D245&E245&F245&G245&H245","v":"VISCOSIDADE SSF,A CADA TEMPERATURA PARA EMULSAO"},"VISCOSIDADE SSF,A CADA TEMPERATURA PARA EMULSAO",null,null,null,null,null,"UN",170.01]
["01.001.0163-A",{"$f":"C246&D246&E246&F246&G246&H246","v":"VISCOSIDADE SSF,A CADA TEMPERATURA PARA EMULSAO"},"VISCOSIDADE SSF,A CADA TEMPERATURA PARA EMULSAO",null,null,null,null,null,"UN",155.24]
["01.001.0164-0",{"$f":"C247&D247&E247&F247&G247&H247","v":"VISCOSIDADE SSF,A CADA TEMPERATURA PARA ASFALTO DILUIDO"},"VISCOSIDADE SSF,A CADA TEMPERATURA PARA ASFALTO DILUIDO",null,null,null,null,null,"UN",170.01]
["01.001.0164-A",{"$f":"C248&D248&E248&F248&G248&H248","v":"VISCOSIDADE SSF,A CADA TEMPERATURA PARA ASFALTO DILUIDO"},"VISCOSIDADE SSF,A CADA TEMPERATURA PARA ASFALTO DILUIDO",null,null,null,null,null,"UN",155.24]
["01.001.0165-0",{"$f":"C249&D249&E249&F249&G249&H249","v":"VISCOSIDADE CINEMATICA,A CADA TEMPERATURA"},"VISCOSIDADE CINEMATICA,A CADA TEMPERATURA",null,null,null,null,null,"UN",334.22]
["01.001.0165-A",{"$f":"C250&D250&E250&F250&G250&H250","v":"VISCOSIDADE CINEMATICA,A CADA TEMPERATURA"},"VISCOSIDADE CINEMATICA,A CADA TEMPERATURA",null,null,null,null,null,"UN",305.19]
["01.001.0166-0",{"$f":"C251&D251&E251&F251&G251&H251","v":"VISCOSIDADE DINAMICA,A CADA TEMPERATURA"},"VISCOSIDADE DINAMICA,A CADA TEMPERATURA",null,null,null,null,null,"UN",278.99]
["01.001.0166-A",{"$f":"C252&D252&E252&F252&G252&H252","v":"VISCOSIDADE DINAMICA,A CADA TEMPERATURA"},"VISCOSIDADE DINAMICA,A CADA TEMPERATURA",null,null,null,null,null,"UN",254.76]
["01.001.0167-0",{"$f":"C253&D253&E253&F253&G253&H253","v":"TEOR DE BETUME (SOLUBILIDADE)"},"TEOR DE BETUME (SOLUBILIDADE)",null,null,null,null,null,"UN",235.4]
["01.001.0167-A",{"$f":"C254&D254&E254&F254&G254&H254","v":"TEOR DE BETUME (SOLUBILIDADE)"},"TEOR DE BETUME (SOLUBILIDADE)",null,null,null,null,null,"UN",214.95]
["01.001.0168-0",{"$f":"C255&D255&E255&F255&G255&H255","v":"INDICE DE SUSCETIBILIDADE TERMICA"},"INDICE DE SUSCETIBILIDADE TERMICA",null,null,null,null,null,"UN",255.75]
["01.001.0168-A",{"$f":"C256&D256&E256&F256&G256&H256","v":"INDICE DE SUSCETIBILIDADE TERMICA"},"INDICE DE SUSCETIBILIDADE TERMICA",null,null,null,null,null,"UN",233.54]
["01.001.0169-0",{"$f":"C257&D257&E257&F257&G257&H257","v":"EFEITO DO CALOR E DO AR,POR PERCENTAGEM DA PENETRACAO ORIGINAL"},"EFEITO DO CALOR E DO AR,POR PERCENTAGEM DA PENETRACAO ORIGIN","AL",null,null,null,null,"UN",446.11]
["01.001.0169-A",{"$f":"C258&D258&E258&F258&G258&H258","v":"EFEITO DO CALOR E DO AR,POR PERCENTAGEM DA PENETRACAO ORIGINAL"},"EFEITO DO CALOR E DO AR,POR PERCENTAGEM DA PENETRACAO ORIGIN","AL",null,null,null,null,"UN",407.36]
["01.001.0170-0",{"$f":"C259&D259&E259&F259&G259&H259","v":"EFEITO DO CALOR E DO AR,POR PERCENTAGEM DA VARIACAO EM PESO"},"EFEITO DO CALOR E DO AR,POR PERCENTAGEM DA VARIACAO EM PESO",null,null,null,null,null,"UN",222.32]
["01.001.0170-A",{"$f":"C260&D260&E260&F260&G260&H260","v":"EFEITO DO CALOR E DO AR,POR PERCENTAGEM DA VARIACAO EM PESO"},"EFEITO DO CALOR E DO AR,POR PERCENTAGEM DA VARIACAO EM PESO",null,null,null,null,null,"UN",203.01]
["01.001.0171-0",{"$f":"C261&D261&E261&F261&G261&H261","v":"PONTO DE AMOLECIMENTO"},"PONTO DE AMOLECIMENTO",null,null,null,null,null,"UN",156.93]
["01.001.0171-A",{"$f":"C262&D262&E262&F262&G262&H262","v":"PONTO DE AMOLECIMENTO"},"PONTO DE AMOLECIMENTO",null,null,null,null,null,"UN",143.3]
["01.001.0172-0",{"$f":"C263&D263&E263&F263&G263&H263","v":"DENSIDADE A 25°C"},"DENSIDADE A 25°C",null,null,null,null,null,"UN",145.3]
["01.001.0172-A",{"$f":"C264&D264&E264&F264&G264&H264","v":"DENSIDADE A 25°C"},"DENSIDADE A 25°C",null,null,null,null,null,"UN",132.68]
["01.001.0173-0",{"$f":"C265&D265&E265&F265&G265&H265","v":"DETERMINACAO DA CURVA VISCOSIDADE X TEMPERATURA"},"DETERMINACAO DA CURVA VISCOSIDADE X TEMPERATURA",null,null,null,null,null,"UN",569.62]
["01.001.0173-A",{"$f":"C266&D266&E266&F266&G266&H266","v":"DETERMINACAO DA CURVA VISCOSIDADE X TEMPERATURA"},"DETERMINACAO DA CURVA VISCOSIDADE X TEMPERATURA",null,null,null,null,null,"UN",520.15]
["01.001.0174-0",{"$f":"C267&D267&E267&F267&G267&H267","v":"PONTO DE FULGOR TAG"},"PONTO DE FULGOR TAG",null,null,null,null,null,"UN",139.08]
["01.001.0174-A",{"$f":"C268&D268&E268&F268&G268&H268","v":"PONTO DE FULGOR TAG"},"PONTO DE FULGOR TAG",null,null,null,null,null,"UN",127]
["01.001.0175-0",{"$f":"C269&D269&E269&F269&G269&H269","v":"DESTILACAO DE ASFALTOS DILUIDOS"},"DESTILACAO DE ASFALTOS DILUIDOS",null,null,null,null,null,"UN",208.68]
["01.001.0175-A",{"$f":"C270&D270&E270&F270&G270&H270","v":"DESTILACAO DE ASFALTOS DILUIDOS"},"DESTILACAO DE ASFALTOS DILUIDOS",null,null,null,null,null,"UN",190.56]
["01.001.0176-0",{"$f":"C271&D271&E271&F271&G271&H271","v":"DETERMINACAO DE AGUA POR DESTILACAO"},"DETERMINACAO DE AGUA POR DESTILACAO",null,null,null,null,null,"UN",208.68]
["01.001.0176-A",{"$f":"C272&D272&E272&F272&G272&H272","v":"DETERMINACAO DE AGUA POR DESTILACAO"},"DETERMINACAO DE AGUA POR DESTILACAO",null,null,null,null,null,"UN",190.56]
["01.001.0177-0",{"$f":"C273&D273&E273&F273&G273&H273","v":"ENSAIOS DO RESIDUO DA DESTILACAO"},"ENSAIOS DO RESIDUO DA DESTILACAO",null,null,null,null,null,"UN",166.16]
["01.001.0177-A",{"$f":"C274&D274&E274&F274&G274&H274","v":"ENSAIOS DO RESIDUO DA DESTILACAO"},"ENSAIOS DO RESIDUO DA DESTILACAO",null,null,null,null,null,"UN",151.73]
["01.001.0178-0",{"$f":"C275&D275&E275&F275&G275&H275","v":"VISCOSIDADE ESPECIFICA ENGLER"},"VISCOSIDADE ESPECIFICA ENGLER",null,null,null,null,null,"UN",180.86]
["01.001.0178-A",{"$f":"C276&D276&E276&F276&G276&H276","v":"VISCOSIDADE ESPECIFICA ENGLER"},"VISCOSIDADE ESPECIFICA ENGLER",null,null,null,null,null,"UN",165.15]
["01.001.0179-0",{"$f":"C277&D277&E277&F277&G277&H277","v":"FLUTUACAO"},"FLUTUACAO",null,null,null,null,null,"UN",202.49]
["01.001.0179-A",{"$f":"C278&D278&E278&F278&G278&H278","v":"FLUTUACAO"},"FLUTUACAO",null,null,null,null,null,"UN",184.91]
["01.001.0180-0",{"$f":"C279&D279&E279&F279&G279&H279","v":"DESTILACAO DO ALCATRAO"},"DESTILACAO DO ALCATRAO",null,null,null,null,null,"UN",208.68]
["01.001.0180-A",{"$f":"C280&D280&E280&F280&G280&H280","v":"DESTILACAO DO ALCATRAO"},"DESTILACAO DO ALCATRAO",null,null,null,null,null,"UN",190.56]
["01.001.0181-0",{"$f":"C281&D281&E281&F281&G281&H281","v":"INDICE DE SULFONACAO"},"INDICE DE SULFONACAO",null,null,null,null,null,"UN",208.68]
["01.001.0181-A",{"$f":"C282&D282&E282&F282&G282&H282","v":"INDICE DE SULFONACAO"},"INDICE DE SULFONACAO",null,null,null,null,null,"UN",190.56]
["01.001.0182-0",{"$f":"C283&D283&E283&F283&G283&H283","v":"BETUME TOTAL"},"BETUME TOTAL",null,null,null,null,null,"UN",235.4]
["01.001.0182-A",{"$f":"C284&D284&E284&F284&G284&H284","v":"BETUME TOTAL"},"BETUME TOTAL",null,null,null,null,null,"UN",214.95]
["01.001.0183-0",{"$f":"C285&D285&E285&F285&G285&H285","v":"SEDIMENTACAO A 5 DIAS"},"SEDIMENTACAO A 5 DIAS",null,null,null,null,null,"UN",379.26]
["01.001.0183-A",{"$f":"C286&D286&E286&F286&G286&H286","v":"SEDIMENTACAO A 5 DIAS"},"SEDIMENTACAO A 5 DIAS",null,null,null,null,null,"UN",346.32]
["01.001.0184-0",{"$f":"C287&D287&E287&F287&G287&H287","v":"PENEIRACAO"},"PENEIRACAO",null,null,null,null,null,"UN",166.95]
["01.001.0184-A",{"$f":"C288&D288&E288&F288&G288&H288","v":"PENEIRACAO"},"PENEIRACAO",null,null,null,null,null,"UN",152.45]
["01.001.0185-0",{"$f":"C289&D289&E289&F289&G289&H289","v":"RESISTENCIA A AGUA"},"RESISTENCIA A AGUA",null,null,null,null,null,"UN",1574.71]
["01.001.0185-A",{"$f":"C290&D290&E290&F290&G290&H290","v":"RESISTENCIA A AGUA"},"RESISTENCIA A AGUA",null,null,null,null,null,"UN",1437.95]
["01.001.0186-0",{"$f":"C291&D291&E291&F291&G291&H291","v":"MISTURA COM CIMENTO OU COM FILLER SILICICO"},"MISTURA COM CIMENTO OU COM FILLER SILICICO",null,null,null,null,null,"UN",347.81]
["01.001.0186-A",{"$f":"C292&D292&E292&F292&G292&H292","v":"MISTURA COM CIMENTO OU COM FILLER SILICICO"},"MISTURA COM CIMENTO OU COM FILLER SILICICO",null,null,null,null,null,"UN",317.6]
["01.001.0187-0",{"$f":"C293&D293&E293&F293&G293&H293","v":"CARGA DAS PARTICULAS"},"CARGA DAS PARTICULAS",null,null,null,null,null,"UN",202.49]
["01.001.0187-A",{"$f":"C294&D294&E294&F294&G294&H294","v":"CARGA DAS PARTICULAS"},"CARGA DAS PARTICULAS",null,null,null,null,null,"UN",184.91]
["01.001.0188-0",{"$f":"C295&D295&E295&F295&G295&H295","v":"DESEMULSIBILIDADE"},"DESEMULSIBILIDADE",null,null,null,null,null,"UN",139.08]
["01.001.0188-A",{"$f":"C296&D296&E296&F296&G296&H296","v":"DESEMULSIBILIDADE"},"DESEMULSIBILIDADE",null,null,null,null,null,"UN",127]
["01.001.0189-0",{"$f":"C297&D297&E297&F297&G297&H297","v":"DESTILACAO DE EMULSOES ASFALTICAS E OLEO DESTILADO"},"DESTILACAO DE EMULSOES ASFALTICAS E OLEO DESTILADO",null,null,null,null,null,"UN",198.75]
["01.001.0189-A",{"$f":"C298&D298&E298&F298&G298&H298","v":"DESTILACAO DE EMULSOES ASFALTICAS E OLEO DESTILADO"},"DESTILACAO DE EMULSOES ASFALTICAS E OLEO DESTILADO",null,null,null,null,null,"UN",181.49]
["01.001.0190-0",{"$f":"C299&D299&E299&F299&G299&H299","v":"RESISTENCIA AO CALOR"},"RESISTENCIA AO CALOR",null,null,null,null,null,"UN",309.17]
["01.001.0190-A",{"$f":"C300&D300&E300&F300&G300&H300","v":"RESISTENCIA AO CALOR"},"RESISTENCIA AO CALOR",null,null,null,null,null,"UN",282.32]
["01.001.0191-0",{"$f":"C301&D301&E301&F301&G301&H301","v":"ENSAIO RRL PARA AGREGADO GRAUDO"},"ENSAIO RRL PARA AGREGADO GRAUDO",null,null,null,null,null,"UN",309.17]
["01.001.0191-A",{"$f":"C302&D302&E302&F302&G302&H302","v":"ENSAIO RRL PARA AGREGADO GRAUDO"},"ENSAIO RRL PARA AGREGADO GRAUDO",null,null,null,null,null,"UN",282.32]
["01.001.0192-0",{"$f":"C303&D303&E303&F303&G303&H303","v":"DETERMINACAO DE PERCENTAGEM DE AGENTES ATIVOS"},"DETERMINACAO DE PERCENTAGEM DE AGENTES ATIVOS",null,null,null,null,null,"UN",309.17]
["01.001.0192-A",{"$f":"C304&D304&E304&F304&G304&H304","v":"DETERMINACAO DE PERCENTAGEM DE AGENTES ATIVOS"},"DETERMINACAO DE PERCENTAGEM DE AGENTES ATIVOS",null,null,null,null,null,"UN",282.32]
["01.001.0193-0",{"$f":"C305&D305&E305&F305&G305&H305","v":"ENSAIO LCPC"},"ENSAIO LCPC",null,null,null,null,null,"UN",231.88]
["01.001.0193-A",{"$f":"C306&D306&E306&F306&G306&H306","v":"ENSAIO LCPC"},"ENSAIO LCPC",null,null,null,null,null,"UN",211.74]
["01.001.0194-0",{"$f":"C307&D307&E307&F307&G307&H307","v":"MATERIAL DE ENCHIMENTO (AMOSTRA GRANULOMETRICA)"},"MATERIAL DE ENCHIMENTO (AMOSTRA GRANULOMETRICA)",null,null,null,null,null,"UN",207.58]
["01.001.0194-A",{"$f":"C308&D308&E308&F308&G308&H308","v":"MATERIAL DE ENCHIMENTO (AMOSTRA GRANULOMETRICA)"},"MATERIAL DE ENCHIMENTO (AMOSTRA GRANULOMETRICA)",null,null,null,null,null,"UN",189.55]
["01.001.0195-0",{"$f":"C309&D309&E309&F309&G309&H309","v":"DETERMINACAO DE PERCENTAGEM DE CARBONATO DE CALCIO"},"DETERMINACAO DE PERCENTAGEM DE CARBONATO DE CALCIO",null,null,null,null,null,"UN",386.46]
["01.001.0195-A",{"$f":"C310&D310&E310&F310&G310&H310","v":"DETERMINACAO DE PERCENTAGEM DE CARBONATO DE CALCIO"},"DETERMINACAO DE PERCENTAGEM DE CARBONATO DE CALCIO",null,null,null,null,null,"UN",352.9]
["01.001.0196-0",{"$f":"C311&D311&E311&F311&G311&H311","v":"MASSA ESPECIFICA REAL DO CORRETIVO DE ADESIVIDADE"},"MASSA ESPECIFICA REAL DO CORRETIVO DE ADESIVIDADE",null,null,null,null,null,"UN",154.58]
["01.001.0196-A",{"$f":"C312&D312&E312&F312&G312&H312","v":"MASSA ESPECIFICA REAL DO CORRETIVO DE ADESIVIDADE"},"MASSA ESPECIFICA REAL DO CORRETIVO DE ADESIVIDADE",null,null,null,null,null,"UN",141.15]
["01.001.0197-0",{"$f":"C313&D313&E313&F313&G313&H313","v":"MASSA ESPECIFICA APARENTE DO CORRETIVO DE ADESIVIDADE"},"MASSA ESPECIFICA APARENTE DO CORRETIVO DE ADESIVIDADE",null,null,null,null,null,"UN",92.75]
["01.001.0197-A",{"$f":"C314&D314&E314&F314&G314&H314","v":"MASSA ESPECIFICA APARENTE DO CORRETIVO DE ADESIVIDADE"},"MASSA ESPECIFICA APARENTE DO CORRETIVO DE ADESIVIDADE",null,null,null,null,null,"UN",84.69]
["01.001.0198-0",{"$f":"C315&D315&E315&F315&G315&H315","v":"DETERMINACAO DO TEOR DE BETUME"},"DETERMINACAO DO TEOR DE BETUME",null,null,null,null,null,"UN",364.17]
["01.001.0198-A",{"$f":"C316&D316&E316&F316&G316&H316","v":"DETERMINACAO DO TEOR DE BETUME"},"DETERMINACAO DO TEOR DE BETUME",null,null,null,null,null,"UN",332.54]
["01.001.0199-0",{"$f":"C317&D317&E317&F317&G317&H317","v":"DETERMINACAO DA ESTABILIDADE E FLUENCIA MARSHALL"},"DETERMINACAO DA ESTABILIDADE E FLUENCIA MARSHALL",null,null,null,null,null,"UN",876.37]
["01.001.0199-A",{"$f":"C318&D318&E318&F318&G318&H318","v":"DETERMINACAO DA ESTABILIDADE E FLUENCIA MARSHALL"},"DETERMINACAO DA ESTABILIDADE E FLUENCIA MARSHALL",null,null,null,null,null,"UN",800.26]
["01.001.0200-0",{"$f":"C319&D319&E319&F319&G319&H319","v":"DENSIDADE APARENTE"},"DENSIDADE APARENTE",null,null,null,null,null,"UN",130.29]
["01.001.0200-A",{"$f":"C320&D320&E320&F320&G320&H320","v":"DENSIDADE APARENTE"},"DENSIDADE APARENTE",null,null,null,null,null,"UN",118.97]
["01.001.0201-0",{"$f":"C321&D321&E321&F321&G321&H321","v":"PERCENTAGEM DE VAZIOS RICE"},"PERCENTAGEM DE VAZIOS RICE",null,null,null,null,null,"UN",219.98]
["01.001.0201-A",{"$f":"C322&D322&E322&F322&G322&H322","v":"PERCENTAGEM DE VAZIOS RICE"},"PERCENTAGEM DE VAZIOS RICE",null,null,null,null,null,"UN",200.88]
["01.001.0202-0",{"$f":"C323&D323&E323&F323&G323&H323","v":"DOSAGEM MARSHALL"},"DOSAGEM MARSHALL",null,null,null,null,null,"UN",1574.71]
["01.001.0202-A",{"$f":"C324&D324&E324&F324&G324&H324","v":"DOSAGEM MARSHALL"},"DOSAGEM MARSHALL",null,null,null,null,null,"UN",1437.95]
["01.001.0203-0",{"$f":"C325&D325&E325&F325&G325&H325","v":"RECUPERACAO DO LIGANTE (ALSON)"},"RECUPERACAO DO LIGANTE (ALSON)",null,null,null,null,null,"UN",276.09]
["01.001.0203-A",{"$f":"C326&D326&E326&F326&G326&H326","v":"RECUPERACAO DO LIGANTE (ALSON)"},"RECUPERACAO DO LIGANTE (ALSON)",null,null,null,null,null,"UN",252.12]
["01.001.0204-0",{"$f":"C327&D327&E327&F327&G327&H327","v":"AMOSTRA GRANULOMETRICA APOS EXTRACAO DO LIGANTE"},"AMOSTRA GRANULOMETRICA APOS EXTRACAO DO LIGANTE",null,null,null,null,null,"UN",137.82]
["01.001.0204-A",{"$f":"C328&D328&E328&F328&G328&H328","v":"AMOSTRA GRANULOMETRICA APOS EXTRACAO DO LIGANTE"},"AMOSTRA GRANULOMETRICA APOS EXTRACAO DO LIGANTE",null,null,null,null,null,"UN",125.85]
["01.001.0205-0",{"$f":"C329&D329&E329&F329&G329&H329","v":"DETERMINACAO,COM AUXILIO DE SONDA ROTATIVA,DA DENSIDADE DE MISTURA COMPACTADA,POR CORPO DE PROVA"},"DETERMINACAO,COM AUXILIO DE SONDA ROTATIVA,DA DENSIDADE DE M","ISTURA COMPACTADA,POR CORPO DE PROVA",null,null,null,null,"UN",39.36]
["01.001.0205-A",{"$f":"C330&D330&E330&F330&G330&H330","v":"DETERMINACAO,COM AUXILIO DE SONDA ROTATIVA,DA DENSIDADE DE MISTURA COMPACTADA,POR CORPO DE PROVA"},"DETERMINACAO,COM AUXILIO DE SONDA ROTATIVA,DA DENSIDADE DE M","ISTURA COMPACTADA,POR CORPO DE PROVA",null,null,null,null,"UN",35.95]
["01.001.0206-0",{"$f":"C331&D331&E331&F331&G331&H331","v":"CONTROLE DE COMPACTACAO,POR PONTO(METODO DO ANEL)"},"CONTROLE DE COMPACTACAO,POR PONTO(METODO DO ANEL)",null,null,null,null,null,"UN",47.25]
["01.001.0206-A",{"$f":"C332&D332&E332&F332&G332&H332","v":"CONTROLE DE COMPACTACAO,POR PONTO(METODO DO ANEL)"},"CONTROLE DE COMPACTACAO,POR PONTO(METODO DO ANEL)",null,null,null,null,null,"UN",43.14]
["01.001.0208-0",{"$f":"C333&D333&E333&F333&G333&H333","v":"DETERMINACAO DA RESISTENCIA A TRACAO POR COMPRESSAO DIAMETRAL DE MISTURAS BETUMINOSAS"},"DETERMINACAO DA RESISTENCIA A TRACAO POR COMPRESSAO DIAMETRA","L DE MISTURAS BETUMINOSAS",null,null,null,null,"UN",137.54]
["01.001.0208-A",{"$f":"C334&D334&E334&F334&G334&H334","v":"DETERMINACAO DA RESISTENCIA A TRACAO POR COMPRESSAO DIAMETRAL DE MISTURAS BETUMINOSAS"},"DETERMINACAO DA RESISTENCIA A TRACAO POR COMPRESSAO DIAMETRA","L DE MISTURAS BETUMINOSAS",null,null,null,null,"UN",125.59]
["01.001.0209-0",{"$f":"C335&D335&E335&F335&G335&H335","v":"DETERMINACAO DO MODULO DE RESISTENCIA DE MISTURAS BETUMINOSAS"},"DETERMINACAO DO MODULO DE RESISTENCIA DE MISTURAS BETUMINOSA","S",null,null,null,null,"UN",137.54]
["01.001.0209-A",{"$f":"C336&D336&E336&F336&G336&H336","v":"DETERMINACAO DO MODULO DE RESISTENCIA DE MISTURAS BETUMINOSAS"},"DETERMINACAO DO MODULO DE RESISTENCIA DE MISTURAS BETUMINOSA","S",null,null,null,null,"UN",125.59]
["01.001.0210-0",{"$f":"C337&D337&E337&F337&G337&H337","v":"DETERMINACAO DE MASSA ESPECIFICA APARENTE \"IN SITU\" COM EMPREGO DO FRASCO DE AREIA"},"DETERMINACAO DE MASSA ESPECIFICA APARENTE \"IN SITU\" COM EMPR","EGO DO FRASCO DE AREIA",null,null,null,null,"UN",83.99]
["01.001.0210-A",{"$f":"C338&D338&E338&F338&G338&H338","v":"DETERMINACAO DE MASSA ESPECIFICA APARENTE \"IN SITU\" COM EMPREGO DO FRASCO DE AREIA"},"DETERMINACAO DE MASSA ESPECIFICA APARENTE \"IN SITU\" COM EMPR","EGO DO FRASCO DE AREIA",null,null,null,null,"UN",76.69]
["01.001.0220-0",{"$f":"C339&D339&E339&F339&G339&H339","v":"ENSAIO NORMAL COMPLETO"},"ENSAIO NORMAL COMPLETO",null,null,null,null,null,"UN",3029.82]
["01.001.0220-A",{"$f":"C340&D340&E340&F340&G340&H340","v":"ENSAIO NORMAL COMPLETO"},"ENSAIO NORMAL COMPLETO",null,null,null,null,null,"UN",2766.69]
["01.001.0221-0",{"$f":"C341&D341&E341&F341&G341&H341","v":"ENSAIO DE PEGA"},"ENSAIO DE PEGA",null,null,null,null,null,"UN",156.88]
["01.001.0221-A",{"$f":"C342&D342&E342&F342&G342&H342","v":"ENSAIO DE PEGA"},"ENSAIO DE PEGA",null,null,null,null,null,"UN",143.26]
["01.001.0222-0",{"$f":"C343&D343&E343&F343&G343&H343","v":"ENSAIO DE EXPANSIBILIDADE(LE CHATELIER)"},"ENSAIO DE EXPANSIBILIDADE(LE CHATELIER)",null,null,null,null,null,"UN",156.88]
["01.001.0222-A",{"$f":"C344&D344&E344&F344&G344&H344","v":"ENSAIO DE EXPANSIBILIDADE(LE CHATELIER)"},"ENSAIO DE EXPANSIBILIDADE(LE CHATELIER)",null,null,null,null,null,"UN",143.26]
["01.001.0223-0",{"$f":"C345&D345&E345&F345&G345&H345","v":"ENSAIO DE EXPANSIBILIDADE EM AUTO-CLAVE"},"ENSAIO DE EXPANSIBILIDADE EM AUTO-CLAVE",null,null,null,null,null,"UN",364.17]
["01.001.0223-A",{"$f":"C346&D346&E346&F346&G346&H346","v":"ENSAIO DE EXPANSIBILIDADE EM AUTO-CLAVE"},"ENSAIO DE EXPANSIBILIDADE EM AUTO-CLAVE",null,null,null,null,null,"UN",332.54]
["01.001.0224-0",{"$f":"C347&D347&E347&F347&G347&H347","v":"ENSAIO DE FINURA: RESIDUO NA PENEIRA Nº 200"},"ENSAIO DE FINURA: RESIDUO NA PENEIRA Nº 200",null,null,null,null,null,"UN",139.08]
["01.001.0224-A",{"$f":"C348&D348&E348&F348&G348&H348","v":"ENSAIO DE FINURA: RESIDUO NA PENEIRA Nº 200"},"ENSAIO DE FINURA: RESIDUO NA PENEIRA Nº 200",null,null,null,null,null,"UN",127]
["01.001.0225-0",{"$f":"C349&D349&E349&F349&G349&H349","v":"ENSAIO DE FINURA: SUPERFICIE ESPECIFICA BLAINE"},"ENSAIO DE FINURA: SUPERFICIE ESPECIFICA BLAINE",null,null,null,null,null,"UN",364.17]
["01.001.0225-A",{"$f":"C350&D350&E350&F350&G350&H350","v":"ENSAIO DE FINURA: SUPERFICIE ESPECIFICA BLAINE"},"ENSAIO DE FINURA: SUPERFICIE ESPECIFICA BLAINE",null,null,null,null,null,"UN",332.54]
["01.001.0226-0",{"$f":"C351&D351&E351&F351&G351&H351","v":"RESISTENCIA A COMPRESSAO AOS 3,7 E 28 DIAS DE IDADE"},"RESISTENCIA A COMPRESSAO AOS 3,7 E 28 DIAS DE IDADE",null,null,null,null,null,"UN",876.37]
["01.001.0226-A",{"$f":"C352&D352&E352&F352&G352&H352","v":"RESISTENCIA A COMPRESSAO AOS 3,7 E 28 DIAS DE IDADE"},"RESISTENCIA A COMPRESSAO AOS 3,7 E 28 DIAS DE IDADE",null,null,null,null,null,"UN",800.26]
["01.001.0227-0",{"$f":"C353&D353&E353&F353&G353&H353","v":"RESISTENCIA A COMPRESSAO,PARA CADA IDADE COMPLEMENTAR"},"RESISTENCIA A COMPRESSAO,PARA CADA IDADE COMPLEMENTAR",null,null,null,null,null,"UN",586.1]
["01.001.0227-A",{"$f":"C354&D354&E354&F354&G354&H354","v":"RESISTENCIA A COMPRESSAO,PARA CADA IDADE COMPLEMENTAR"},"RESISTENCIA A COMPRESSAO,PARA CADA IDADE COMPLEMENTAR",null,null,null,null,null,"UN",535.2]
["01.001.0228-0",{"$f":"C355&D355&E355&F355&G355&H355","v":"MASSA ESPECIFICA REAL DO CIMENTO PORTLAND"},"MASSA ESPECIFICA REAL DO CIMENTO PORTLAND",null,null,null,null,null,"UN",156.88]
["01.001.0228-A",{"$f":"C356&D356&E356&F356&G356&H356","v":"MASSA ESPECIFICA REAL DO CIMENTO PORTLAND"},"MASSA ESPECIFICA REAL DO CIMENTO PORTLAND",null,null,null,null,null,"UN",143.26]
["01.001.0229-0",{"$f":"C357&D357&E357&F357&G357&H357","v":"CALOR DE HIDRATACAO AOS 7 E 28 DIAS DE IDADE"},"CALOR DE HIDRATACAO AOS 7 E 28 DIAS DE IDADE",null,null,null,null,null,"UN",852.93]
["01.001.0229-A",{"$f":"C358&D358&E358&F358&G358&H358","v":"CALOR DE HIDRATACAO AOS 7 E 28 DIAS DE IDADE"},"CALOR DE HIDRATACAO AOS 7 E 28 DIAS DE IDADE",null,null,null,null,null,"UN",778.85]
["01.001.0230-0",{"$f":"C359&D359&E359&F359&G359&H359","v":"PERDA AO FOGO(PORTLAND COMUM)"},"PERDA AO FOGO(PORTLAND COMUM)",null,null,null,null,null,"UN",131.35]
["01.001.0230-A",{"$f":"C360&D360&E360&F360&G360&H360","v":"PERDA AO FOGO(PORTLAND COMUM)"},"PERDA AO FOGO(PORTLAND COMUM)",null,null,null,null,null,"UN",119.94]
["01.001.0231-0",{"$f":"C361&D361&E361&F361&G361&H361","v":"PERDA AO FOGO(POZOLANICO)"},"PERDA AO FOGO(POZOLANICO)",null,null,null,null,null,"UN",131.35]
["01.001.0231-A",{"$f":"C362&D362&E362&F362&G362&H362","v":"PERDA AO FOGO(POZOLANICO)"},"PERDA AO FOGO(POZOLANICO)",null,null,null,null,null,"UN",119.94]
["01.001.0232-0",{"$f":"C363&D363&E363&F363&G363&H363","v":"RESIDUO INSOLUVEL"},"RESIDUO INSOLUVEL",null,null,null,null,null,"UN",131.35]
["01.001.0232-A",{"$f":"C364&D364&E364&F364&G364&H364","v":"RESIDUO INSOLUVEL"},"RESIDUO INSOLUVEL",null,null,null,null,null,"UN",119.94]
["01.001.0233-0",{"$f":"C365&D365&E365&F365&G365&H365","v":"QUANTIDADE DE ANIDRIDO SULFURICO"},"QUANTIDADE DE ANIDRIDO SULFURICO",null,null,null,null,null,"UN",131.35]
["01.001.0233-A",{"$f":"C366&D366&E366&F366&G366&H366","v":"QUANTIDADE DE ANIDRIDO SULFURICO"},"QUANTIDADE DE ANIDRIDO SULFURICO",null,null,null,null,null,"UN",119.94]
["01.001.0234-0",{"$f":"C367&D367&E367&F367&G367&H367","v":"QUANTIDADE DE SILICA"},"QUANTIDADE DE SILICA",null,null,null,null,null,"UN",131.35]
["01.001.0234-A",{"$f":"C368&D368&E368&F368&G368&H368","v":"QUANTIDADE DE SILICA"},"QUANTIDADE DE SILICA",null,null,null,null,null,"UN",119.94]
["01.001.0235-0",{"$f":"C369&D369&E369&F369&G369&H369","v":"QUANTIDADE DE OXIDO DE FERRO"},"QUANTIDADE DE OXIDO DE FERRO",null,null,null,null,null,"UN",131.35]
["01.001.0235-A",{"$f":"C370&D370&E370&F370&G370&H370","v":"QUANTIDADE DE OXIDO DE FERRO"},"QUANTIDADE DE OXIDO DE FERRO",null,null,null,null,null,"UN",119.94]
["01.001.0236-0",{"$f":"C371&D371&E371&F371&G371&H371","v":"QUANTIDADE DE OXIDO DE ALUMINIO"},"QUANTIDADE DE OXIDO DE ALUMINIO",null,null,null,null,null,"UN",131.35]
["01.001.0236-A",{"$f":"C372&D372&E372&F372&G372&H372","v":"QUANTIDADE DE OXIDO DE ALUMINIO"},"QUANTIDADE DE OXIDO DE ALUMINIO",null,null,null,null,null,"UN",119.94]
["01.001.0237-0",{"$f":"C373&D373&E373&F373&G373&H373","v":"QUANTIDADE DE OXIDO DE CALCIO"},"QUANTIDADE DE OXIDO DE CALCIO",null,null,null,null,null,"UN",131.35]
["01.001.0237-A",{"$f":"C374&D374&E374&F374&G374&H374","v":"QUANTIDADE DE OXIDO DE CALCIO"},"QUANTIDADE DE OXIDO DE CALCIO",null,null,null,null,null,"UN",119.94]
["01.001.0238-0",{"$f":"C375&D375&E375&F375&G375&H375","v":"QUANTIDADE DE OXIDO DE MAGNESIO"},"QUANTIDADE DE OXIDO DE MAGNESIO",null,null,null,null,null,"UN",131.35]
["01.001.0238-A",{"$f":"C376&D376&E376&F376&G376&H376","v":"QUANTIDADE DE OXIDO DE MAGNESIO"},"QUANTIDADE DE OXIDO DE MAGNESIO",null,null,null,null,null,"UN",119.94]
["01.001.0239-0",{"$f":"C377&D377&E377&F377&G377&H377","v":"QUANTIDADE DE ANIDRIDO SILICICO"},"QUANTIDADE DE ANIDRIDO SILICICO",null,null,null,null,null,"UN",131.35]
["01.001.0239-A",{"$f":"C378&D378&E378&F378&G378&H378","v":"QUANTIDADE DE ANIDRIDO SILICICO"},"QUANTIDADE DE ANIDRIDO SILICICO",null,null,null,null,null,"UN",119.94]
["01.001.0240-0",{"$f":"C379&D379&E379&F379&G379&H379","v":"QUANTIDADE DE OXIDO DE POTASSIO"},"QUANTIDADE DE OXIDO DE POTASSIO",null,null,null,null,null,"UN",131.35]
["01.001.0240-A",{"$f":"C380&D380&E380&F380&G380&H380","v":"QUANTIDADE DE OXIDO DE POTASSIO"},"QUANTIDADE DE OXIDO DE POTASSIO",null,null,null,null,null,"UN",119.94]
["01.001.0241-0",{"$f":"C381&D381&E381&F381&G381&H381","v":"QUANTIDADE DE OXIDO DE SODIO"},"QUANTIDADE DE OXIDO DE SODIO",null,null,null,null,null,"UN",131.35]
["01.001.0241-A",{"$f":"C382&D382&E382&F382&G382&H382","v":"QUANTIDADE DE OXIDO DE SODIO"},"QUANTIDADE DE OXIDO DE SODIO",null,null,null,null,null,"UN",119.94]
["01.001.0242-0",{"$f":"C383&D383&E383&F383&G383&H383","v":"QUANTIDADE DE CALCIO"},"QUANTIDADE DE CALCIO",null,null,null,null,null,"UN",131.35]
["01.001.0242-A",{"$f":"C384&D384&E384&F384&G384&H384","v":"QUANTIDADE DE CALCIO"},"QUANTIDADE DE CALCIO",null,null,null,null,null,"UN",119.94]
["01.001.0243-0",{"$f":"C385&D385&E385&F385&G385&H385","v":"QUANTIDADE DE OXIDO DE MANGANES"},"QUANTIDADE DE OXIDO DE MANGANES",null,null,null,null,null,"UN",131.35]
["01.001.0243-A",{"$f":"C386&D386&E386&F386&G386&H386","v":"QUANTIDADE DE OXIDO DE MANGANES"},"QUANTIDADE DE OXIDO DE MANGANES",null,null,null,null,null,"UN",119.94]
["01.001.0244-0",{"$f":"C387&D387&E387&F387&G387&H387","v":"QUANTIDADE DE SULFATO"},"QUANTIDADE DE SULFATO",null,null,null,null,null,"UN",131.35]
["01.001.0244-A",{"$f":"C388&D388&E388&F388&G388&H388","v":"QUANTIDADE DE SULFATO"},"QUANTIDADE DE SULFATO",null,null,null,null,null,"UN",119.94]
["01.001.0245-0",{"$f":"C389&D389&E389&F389&G389&H389","v":"DETERMINACAO DOS COMPOSTOS PRINCIPAIS PRESENTES NO CIMENTO PORTLAND"},"DETERMINACAO DOS COMPOSTOS PRINCIPAIS PRESENTES NO CIMENTO P","ORTLAND",null,null,null,null,"UN",131.35]
["01.001.0245-A",{"$f":"C390&D390&E390&F390&G390&H390","v":"DETERMINACAO DOS COMPOSTOS PRINCIPAIS PRESENTES NO CIMENTO PORTLAND"},"DETERMINACAO DOS COMPOSTOS PRINCIPAIS PRESENTES NO CIMENTO P","ORTLAND",null,null,null,null,"UN",119.94]
["01.001.0246-0",{"$f":"C391&D391&E391&F391&G391&H391","v":"ENSAIO QUIMICO COMPLETO DE CIMENTO"},"ENSAIO QUIMICO COMPLETO DE CIMENTO",null,null,null,null,null,"UN",2746.46]
["01.001.0246-A",{"$f":"C392&D392&E392&F392&G392&H392","v":"ENSAIO QUIMICO COMPLETO DE CIMENTO"},"ENSAIO QUIMICO COMPLETO DE CIMENTO",null,null,null,null,null,"UN",2507.94]
["01.001.0247-0",{"$f":"C393&D393&E393&F393&G393&H393","v":"CONTROLE TECNOLOGICO DE OBRAS,CONSIDERANDO APENAS O CONTROLE DAS ARMADURAS,CONSTANDO DE COLETA DE CORPOS DE PROVA,TRANSPORTE ATE 50KM,ENSAIO DE DOBRAMENTO E DE TRACAO SIMPLES,MEDIDO POR TONELADA DE ACO GEOMETRICAMENTE NECESSARIO"},"CONTROLE TECNOLOGICO DE OBRAS,CONSIDERANDO APENAS O CONTROLE"," DAS ARMADURAS,CONSTANDO DE COLETA DE CORPOS DE PROVA,TRANSP","ORTE ATE 50KM,ENSAIO DE DOBRAMENTO E DE TRACAO SIMPLES,MEDID","O POR TONELADA DE ACO GEOMETRICAMENTE NECESSARIO",null,null,"T",128.55]
["01.001.0247-A",{"$f":"C394&D394&E394&F394&G394&H394","v":"CONTROLE TECNOLOGICO DE OBRAS,CONSIDERANDO APENAS O CONTROLE DAS ARMADURAS,CONSTANDO DE COLETA DE CORPOS DE PROVA,TRANSPORTE ATE 50KM,ENSAIO DE DOBRAMENTO E DE TRACAO SIMPLES,MEDIDO POR TONELADA DE ACO GEOMETRICAMENTE NECESSARIO"},"CONTROLE TECNOLOGICO DE OBRAS,CONSIDERANDO APENAS O CONTROLE"," DAS ARMADURAS,CONSTANDO DE COLETA DE CORPOS DE PROVA,TRANSP","ORTE ATE 50KM,ENSAIO DE DOBRAMENTO E DE TRACAO SIMPLES,MEDID","O POR TONELADA DE ACO GEOMETRICAMENTE NECESSARIO",null,null,"T",117.39]
["01.001.0248-0",{"$f":"C395&D395&E395&F395&G395&H395","v":"CONTROLE TECNOLOGICO DE OBRAS,CONSIDERANDO APENAS O CONTROLE DAS ARMADURAS,CONSTANDO DE COLETA DE CORPOS DE PROVA,TRANSPORTE ATE 100KM,ENSAIO DE DOBRAMENTO E DE TRACAO SIMPLES,MEDIDO POR TONELADA DE ACO GEOMETRICAMENTE NECESSARIO"},"CONTROLE TECNOLOGICO DE OBRAS,CONSIDERANDO APENAS O CONTROLE"," DAS ARMADURAS,CONSTANDO DE COLETA DE CORPOS DE PROVA,TRANSP","ORTE ATE 100KM,ENSAIO DE DOBRAMENTO E DE TRACAO SIMPLES,MEDI","DO POR TONELADA DE ACO GEOMETRICAMENTE NECESSARIO",null,null,"T",133.5]
["01.001.0248-A",{"$f":"C396&D396&E396&F396&G396&H396","v":"CONTROLE TECNOLOGICO DE OBRAS,CONSIDERANDO APENAS O CONTROLE DAS ARMADURAS,CONSTANDO DE COLETA DE CORPOS DE PROVA,TRANSPORTE ATE 100KM,ENSAIO DE DOBRAMENTO E DE TRACAO SIMPLES,MEDIDO POR TONELADA DE ACO GEOMETRICAMENTE NECESSARIO"},"CONTROLE TECNOLOGICO DE OBRAS,CONSIDERANDO APENAS O CONTROLE"," DAS ARMADURAS,CONSTANDO DE COLETA DE CORPOS DE PROVA,TRANSP","ORTE ATE 100KM,ENSAIO DE DOBRAMENTO E DE TRACAO SIMPLES,MEDI","DO POR TONELADA DE ACO GEOMETRICAMENTE NECESSARIO",null,null,"T",121.9]
["01.001.0249-0",{"$f":"C397&D397&E397&F397&G397&H397","v":"CONTROLE TECNOLOGICO DE OBRAS,CONSIDERANDO APENAS O CONTROLE DAS ARMADURAS,CONSTANDO DE COLETA DE CORPOS DE PROVA,TRANSPORTE ATE 250KM,ENSAIO DE DOBRAMENTO E DE TRACAO SIMPLES,MEDIDO POR TONELADA DE ACO GEOMETRICAMENTE NECESSARIO"},"CONTROLE TECNOLOGICO DE OBRAS,CONSIDERANDO APENAS O CONTROLE"," DAS ARMADURAS,CONSTANDO DE COLETA DE CORPOS DE PROVA,TRANSP","ORTE ATE 250KM,ENSAIO DE DOBRAMENTO E DE TRACAO SIMPLES,MEDI","DO POR TONELADA DE ACO GEOMETRICAMENTE NECESSARIO",null,null,"T",148.33]
["01.001.0249-A",{"$f":"C398&D398&E398&F398&G398&H398","v":"CONTROLE TECNOLOGICO DE OBRAS,CONSIDERANDO APENAS O CONTROLE DAS ARMADURAS,CONSTANDO DE COLETA DE CORPOS DE PROVA,TRANSPORTE ATE 250KM,ENSAIO DE DOBRAMENTO E DE TRACAO SIMPLES,MEDIDO POR TONELADA DE ACO GEOMETRICAMENTE NECESSARIO"},"CONTROLE TECNOLOGICO DE OBRAS,CONSIDERANDO APENAS O CONTROLE"," DAS ARMADURAS,CONSTANDO DE COLETA DE CORPOS DE PROVA,TRANSP","ORTE ATE 250KM,ENSAIO DE DOBRAMENTO E DE TRACAO SIMPLES,MEDI","DO POR TONELADA DE ACO GEOMETRICAMENTE NECESSARIO",null,null,"T",135.45]
["01.001.0250-0",{"$f":"C399&D399&E399&F399&G399&H399","v":"DOBRAMENTO SIMPLES,EM UMA OPERACAO"},"DOBRAMENTO SIMPLES,EM UMA OPERACAO",null,null,null,null,null,"UN",78.46]
["01.001.0250-A",{"$f":"C400&D400&E400&F400&G400&H400","v":"DOBRAMENTO SIMPLES,EM UMA OPERACAO"},"DOBRAMENTO SIMPLES,EM UMA OPERACAO",null,null,null,null,null,"UN",71.64]
["01.001.0251-0",{"$f":"C401&D401&E401&F401&G401&H401","v":"DOBRAMENTO SIMPLES, EM DUAS OPERACOES (FLEXAO E COMPRESSAO)"},"DOBRAMENTO SIMPLES, EM DUAS OPERACOES (FLEXAO E COMPRESSAO)",null,null,null,null,null,"UN",90.08]
["01.001.0251-A",{"$f":"C402&D402&E402&F402&G402&H402","v":"DOBRAMENTO SIMPLES, EM DUAS OPERACOES (FLEXAO E COMPRESSAO)"},"DOBRAMENTO SIMPLES, EM DUAS OPERACOES (FLEXAO E COMPRESSAO)",null,null,null,null,null,"UN",82.26]
["01.001.0252-0",{"$f":"C403&D403&E403&F403&G403&H403","v":"TRACAO SIMPLES,COM ESFORCO ATE 5T"},"TRACAO SIMPLES,COM ESFORCO ATE 5T",null,null,null,null,null,"UN",130.78]
["01.001.0252-A",{"$f":"C404&D404&E404&F404&G404&H404","v":"TRACAO SIMPLES,COM ESFORCO ATE 5T"},"TRACAO SIMPLES,COM ESFORCO ATE 5T",null,null,null,null,null,"UN",119.42]
["01.001.0253-0",{"$f":"C405&D405&E405&F405&G405&H405","v":"TRACAO SIMPLES,COM ESFORCO DE 5 ATE 30T"},"TRACAO SIMPLES,COM ESFORCO DE 5 ATE 30T",null,null,null,null,null,"UN",156.93]
["01.001.0253-A",{"$f":"C406&D406&E406&F406&G406&H406","v":"TRACAO SIMPLES,COM ESFORCO DE 5 ATE 30T"},"TRACAO SIMPLES,COM ESFORCO DE 5 ATE 30T",null,null,null,null,null,"UN",143.3]
["01.001.0254-0",{"$f":"C407&D407&E407&F407&G407&H407","v":"TRACAO SIMPLES,COM ESFORCO DE 30 ATE 100T"},"TRACAO SIMPLES,COM ESFORCO DE 30 ATE 100T",null,null,null,null,null,"UN",188.32]
["01.001.0254-A",{"$f":"C408&D408&E408&F408&G408&H408","v":"TRACAO SIMPLES,COM ESFORCO DE 30 ATE 100T"},"TRACAO SIMPLES,COM ESFORCO DE 30 ATE 100T",null,null,null,null,null,"UN",171.96]
["01.001.0255-0",{"$f":"C409&D409&E409&F409&G409&H409","v":"TRACAO COM DETERMINACAO DE ALONGAMENTO SOB CARGA"},"TRACAO COM DETERMINACAO DE ALONGAMENTO SOB CARGA",null,null,null,null,null,"UN",225.98]
["01.001.0255-A",{"$f":"C410&D410&E410&F410&G410&H410","v":"TRACAO COM DETERMINACAO DE ALONGAMENTO SOB CARGA"},"TRACAO COM DETERMINACAO DE ALONGAMENTO SOB CARGA",null,null,null,null,null,"UN",206.35]
["01.001.0256-0",{"$f":"C411&D411&E411&F411&G411&H411","v":"MODULO DE ELASTICIDADE"},"MODULO DE ELASTICIDADE",null,null,null,null,null,"UN",390.9]
["01.001.0256-A",{"$f":"C412&D412&E412&F412&G412&H412","v":"MODULO DE ELASTICIDADE"},"MODULO DE ELASTICIDADE",null,null,null,null,null,"UN",356.95]
["01.001.0257-0",{"$f":"C413&D413&E413&F413&G413&H413","v":"FLEXAO POR IMPACTO,COM TRACADO DO DIAGRAMA TENSAO X DEFORMACAO ESPECIFICA,NA TEMPERATURA AMBIENTE"},"FLEXAO POR IMPACTO,COM TRACADO DO DIAGRAMA TENSAO X DEFORMAC","AO ESPECIFICA,NA TEMPERATURA AMBIENTE",null,null,null,null,"UN",85.5]
["01.001.0257-A",{"$f":"C414&D414&E414&F414&G414&H414","v":"FLEXAO POR IMPACTO,COM TRACADO DO DIAGRAMA TENSAO X DEFORMACAO ESPECIFICA,NA TEMPERATURA AMBIENTE"},"FLEXAO POR IMPACTO,COM TRACADO DO DIAGRAMA TENSAO X DEFORMAC","AO ESPECIFICA,NA TEMPERATURA AMBIENTE",null,null,null,null,"UN",78.08]
["01.001.0258-0",{"$f":"C415&D415&E415&F415&G415&H415","v":"TRACAO COM MEDIDAS DE DEFORMACAO(0,2%),INCLUSIVE TRACADO DEGRAFICOS SENDO O ESFORCO ATE 5T"},"TRACAO COM MEDIDAS DE DEFORMACAO(0,2%),INCLUSIVE TRACADO DE","GRAFICOS SENDO O ESFORCO ATE 5T",null,null,null,null,"UN",256.53]
["01.001.0258-A",{"$f":"C416&D416&E416&F416&G416&H416","v":"TRACAO COM MEDIDAS DE DEFORMACAO(0,2%),INCLUSIVE TRACADO DEGRAFICOS SENDO O ESFORCO ATE 5T"},"TRACAO COM MEDIDAS DE DEFORMACAO(0,2%),INCLUSIVE TRACADO DE","GRAFICOS SENDO O ESFORCO ATE 5T",null,null,null,null,"UN",234.25]
["01.001.0259-0",{"$f":"C417&D417&E417&F417&G417&H417","v":"TRACAO COM MEDIDAS DE DEFORMACAO(0,2%),INCLUSIVE TRACADO DEGRAFICOS,SENDO O ESFORCO DE 5 ATE 30T"},"TRACAO COM MEDIDAS DE DEFORMACAO(0,2%),INCLUSIVE TRACADO DE","GRAFICOS,SENDO O ESFORCO DE 5 ATE 30T",null,null,null,null,"UN",307.82]
["01.001.0259-A",{"$f":"C418&D418&E418&F418&G418&H418","v":"TRACAO COM MEDIDAS DE DEFORMACAO(0,2%),INCLUSIVE TRACADO DEGRAFICOS,SENDO O ESFORCO DE 5 ATE 30T"},"TRACAO COM MEDIDAS DE DEFORMACAO(0,2%),INCLUSIVE TRACADO DE","GRAFICOS,SENDO O ESFORCO DE 5 ATE 30T",null,null,null,null,"UN",281.09]
["01.001.0260-0",{"$f":"C419&D419&E419&F419&G419&H419","v":"TRACAO COM MEDIDAS DE DEFORMACAO(0,2%),INCLUSIVE TRACADO DEGRAFICOS SENDO O ESFORCO DE 30 ATE 200T"},"TRACAO COM MEDIDAS DE DEFORMACAO(0,2%),INCLUSIVE TRACADO DE","GRAFICOS SENDO O ESFORCO DE 30 ATE 200T",null,null,null,null,"UN",369.39]
["01.001.0260-A",{"$f":"C420&D420&E420&F420&G420&H420","v":"TRACAO COM MEDIDAS DE DEFORMACAO(0,2%),INCLUSIVE TRACADO DEGRAFICOS SENDO O ESFORCO DE 30 ATE 200T"},"TRACAO COM MEDIDAS DE DEFORMACAO(0,2%),INCLUSIVE TRACADO DE","GRAFICOS SENDO O ESFORCO DE 30 ATE 200T",null,null,null,null,"UN",337.31]
["01.001.0261-0",{"$f":"C421&D421&E421&F421&G421&H421","v":"COMPRESSAO DIAMETRAL"},"COMPRESSAO DIAMETRAL",null,null,null,null,null,"UN",156.75]
["01.001.0261-A",{"$f":"C422&D422&E422&F422&G422&H422","v":"COMPRESSAO DIAMETRAL"},"COMPRESSAO DIAMETRAL",null,null,null,null,null,"UN",143.14]
["01.001.0262-0",{"$f":"C423&D423&E423&F423&G423&H423","v":"PERMEABILIDADE"},"PERMEABILIDADE",null,null,null,null,null,"UN",118.08]
["01.001.0262-A",{"$f":"C424&D424&E424&F424&G424&H424","v":"PERMEABILIDADE"},"PERMEABILIDADE",null,null,null,null,null,"UN",107.83]
["01.001.0263-0",{"$f":"C425&D425&E425&F425&G425&H425","v":"ABSORCAO"},"ABSORCAO",null,null,null,null,null,"UN",118.08]
["01.001.0263-A",{"$f":"C426&D426&E426&F426&G426&H426","v":"ABSORCAO"},"ABSORCAO",null,null,null,null,null,"UN",107.83]
["01.001.0264-0",{"$f":"C427&D427&E427&F427&G427&H427","v":"DIMENSAO"},"DIMENSAO",null,null,null,null,null,"UN",46.82]
["01.001.0264-A",{"$f":"C428&D428&E428&F428&G428&H428","v":"DIMENSAO"},"DIMENSAO",null,null,null,null,null,"UN",42.75]
["01.001.0265-0",{"$f":"C429&D429&E429&F429&G429&H429","v":"COMPRESSAO DIAMETRAL EM TUBOS OU CALHAS DE CONCRETO SIMPLES,DIAMETRO ATE 0,30M"},"COMPRESSAO DIAMETRAL EM TUBOS OU CALHAS DE CONCRETO SIMPLES,","DIAMETRO ATE 0,30M",null,null,null,null,"UN",3287.49]
["01.001.0265-A",{"$f":"C430&D430&E430&F430&G430&H430","v":"COMPRESSAO DIAMETRAL EM TUBOS OU CALHAS DE CONCRETO SIMPLES,DIAMETRO ATE 0,30M"},"COMPRESSAO DIAMETRAL EM TUBOS OU CALHAS DE CONCRETO SIMPLES,","DIAMETRO ATE 0,30M",null,null,null,null,"UN",3001.98]
["01.001.0266-0",{"$f":"C431&D431&E431&F431&G431&H431","v":"COMPRESSAO DIAMETRAL EM TUBOS OU CALHAS DE CONCRETO SIMPLES,DIAMETRO ACIMA DE 0,30M"},"COMPRESSAO DIAMETRAL EM TUBOS OU CALHAS DE CONCRETO SIMPLES,","DIAMETRO ACIMA DE 0,30M",null,null,null,null,"UN",4109.35]
["01.001.0266-A",{"$f":"C432&D432&E432&F432&G432&H432","v":"COMPRESSAO DIAMETRAL EM TUBOS OU CALHAS DE CONCRETO SIMPLES,DIAMETRO ACIMA DE 0,30M"},"COMPRESSAO DIAMETRAL EM TUBOS OU CALHAS DE CONCRETO SIMPLES,","DIAMETRO ACIMA DE 0,30M",null,null,null,null,"UN",3752.47]
["01.001.0267-0",{"$f":"C433&D433&E433&F433&G433&H433","v":"COMPRESSAO DIAMETRAL EM TUBOS OU CALHAS DE CONCRETO ARMADO,DIAMETRO DE 0,30 A 0,60M"},"COMPRESSAO DIAMETRAL EM TUBOS OU CALHAS DE CONCRETO ARMADO,D","IAMETRO DE 0,30 A 0,60M",null,null,null,null,"UN",4109.35]
["01.001.0267-A",{"$f":"C434&D434&E434&F434&G434&H434","v":"COMPRESSAO DIAMETRAL EM TUBOS OU CALHAS DE CONCRETO ARMADO,DIAMETRO DE 0,30 A 0,60M"},"COMPRESSAO DIAMETRAL EM TUBOS OU CALHAS DE CONCRETO ARMADO,D","IAMETRO DE 0,30 A 0,60M",null,null,null,null,"UN",3752.47]
["01.001.0268-0",{"$f":"C435&D435&E435&F435&G435&H435","v":"COMPRESSAO DIAMETRAL EM TUBOS OU CALHAS DE CONCRETO ARMADO,DIAMETRO DE 0,60 A 1,20M"},"COMPRESSAO DIAMETRAL EM TUBOS OU CALHAS DE CONCRETO ARMADO,D","IAMETRO DE 0,60 A 1,20M",null,null,null,null,"UN",6164.04]
["01.001.0268-A",{"$f":"C436&D436&E436&F436&G436&H436","v":"COMPRESSAO DIAMETRAL EM TUBOS OU CALHAS DE CONCRETO ARMADO,DIAMETRO DE 0,60 A 1,20M"},"COMPRESSAO DIAMETRAL EM TUBOS OU CALHAS DE CONCRETO ARMADO,D","IAMETRO DE 0,60 A 1,20M",null,null,null,null,"UN",5628.71]
["01.001.0269-0",{"$f":"C437&D437&E437&F437&G437&H437","v":"COMPRESSAO DIAMETRAL EM TUBOS OU CALHAS DE CONCRETO ARMADO,DIAMETRO DE 1,20 A 2,00M"},"COMPRESSAO DIAMETRAL EM TUBOS OU CALHAS DE CONCRETO ARMADO,D","IAMETRO DE 1,20 A 2,00M",null,null,null,null,"UN",5091.05]
["01.001.0269-A",{"$f":"C438&D438&E438&F438&G438&H438","v":"COMPRESSAO DIAMETRAL EM TUBOS OU CALHAS DE CONCRETO ARMADO,DIAMETRO DE 1,20 A 2,00M"},"COMPRESSAO DIAMETRAL EM TUBOS OU CALHAS DE CONCRETO ARMADO,D","IAMETRO DE 1,20 A 2,00M",null,null,null,null,"UN",4648.9]
["01.001.0270-0",{"$f":"C439&D439&E439&F439&G439&H439","v":"ABSORCAO"},"ABSORCAO",null,null,null,null,null,"UN",1574.71]
["01.001.0270-A",{"$f":"C440&D440&E440&F440&G440&H440","v":"ABSORCAO"},"ABSORCAO",null,null,null,null,null,"UN",1437.95]
["01.001.0271-0",{"$f":"C441&D441&E441&F441&G441&H441","v":"PERMEABILIDADE"},"PERMEABILIDADE",null,null,null,null,null,"UN",1574.71]
["01.001.0271-A",{"$f":"C442&D442&E442&F442&G442&H442","v":"PERMEABILIDADE"},"PERMEABILIDADE",null,null,null,null,null,"UN",1437.95]
["01.001.0272-0",{"$f":"C443&D443&E443&F443&G443&H443","v":"RESISTENCIA A COMPRESSAO EM UNIDADES MACICAS"},"RESISTENCIA A COMPRESSAO EM UNIDADES MACICAS",null,null,null,null,null,"UN",139.07]
["01.001.0272-A",{"$f":"C444&D444&E444&F444&G444&H444","v":"RESISTENCIA A COMPRESSAO EM UNIDADES MACICAS"},"RESISTENCIA A COMPRESSAO EM UNIDADES MACICAS",null,null,null,null,null,"UN",126.99]
["01.001.0273-0",{"$f":"C445&D445&E445&F445&G445&H445","v":"RESISTENCIA A COMPRESSAO EM UNIDADES FURADAS"},"RESISTENCIA A COMPRESSAO EM UNIDADES FURADAS",null,null,null,null,null,"UN",139.07]
["01.001.0273-A",{"$f":"C446&D446&E446&F446&G446&H446","v":"RESISTENCIA A COMPRESSAO EM UNIDADES FURADAS"},"RESISTENCIA A COMPRESSAO EM UNIDADES FURADAS",null,null,null,null,null,"UN",126.99]
["01.001.0274-0",{"$f":"C447&D447&E447&F447&G447&H447","v":"INDICE DE VICAT DE CAL HIDRAULICA"},"INDICE DE VICAT DE CAL HIDRAULICA",null,null,null,null,null,"UN",235.03]
["01.001.0274-A",{"$f":"C448&D448&E448&F448&G448&H448","v":"INDICE DE VICAT DE CAL HIDRAULICA"},"INDICE DE VICAT DE CAL HIDRAULICA",null,null,null,null,null,"UN",214.61]
["01.001.0275-0",{"$f":"C449&D449&E449&F449&G449&H449","v":"ENSAIO QUIMICO COMPLETO DE CAL"},"ENSAIO QUIMICO COMPLETO DE CAL",null,null,null,null,null,"UN",1574.71]
["01.001.0275-A",{"$f":"C450&D450&E450&F450&G450&H450","v":"ENSAIO QUIMICO COMPLETO DE CAL"},"ENSAIO QUIMICO COMPLETO DE CAL",null,null,null,null,null,"UN",1437.95]
["01.001.0278-0",{"$f":"C451&D451&E451&F451&G451&H451","v":"FINURA"},"FINURA",null,null,null,null,null,"UN",156.88]
["01.001.0278-A",{"$f":"C452&D452&E452&F452&G452&H452","v":"FINURA"},"FINURA",null,null,null,null,null,"UN",143.26]
["01.001.0279-0",{"$f":"C453&D453&E453&F453&G453&H453","v":"ESTABILIDADE"},"ESTABILIDADE",null,null,null,null,null,"UN",1574.71]
["01.001.0279-A",{"$f":"C454&D454&E454&F454&G454&H454","v":"ESTABILIDADE"},"ESTABILIDADE",null,null,null,null,null,"UN",1437.95]
["01.001.0280-0",{"$f":"C455&D455&E455&F455&G455&H455","v":"VERIFICACAO DA QUALIDADE PARA POSSIBILIDADE DE EMPREGO EM PREPARO DE CONCRETO"},"VERIFICACAO DA QUALIDADE PARA POSSIBILIDADE DE EMPREGO EM PR","EPARO DE CONCRETO",null,null,null,null,"UN",1574.71]
["01.001.0280-A",{"$f":"C456&D456&E456&F456&G456&H456","v":"VERIFICACAO DA QUALIDADE PARA POSSIBILIDADE DE EMPREGO EM PREPARO DE CONCRETO"},"VERIFICACAO DA QUALIDADE PARA POSSIBILIDADE DE EMPREGO EM PR","EPARO DE CONCRETO",null,null,null,null,"UN",1437.95]
["01.001.0281-0",{"$f":"C457&D457&E457&F457&G457&H457","v":"ENSAIO COMPARATIVO DE RESISTENCIA A COMPRESSAO DE CORPOS DEPROVA DE ARGAMASSA"},"ENSAIO COMPARATIVO DE RESISTENCIA A COMPRESSAO DE CORPOS DE","PROVA DE ARGAMASSA",null,null,null,null,"UN",1574.71]
["01.001.0281-A",{"$f":"C458&D458&E458&F458&G458&H458","v":"ENSAIO COMPARATIVO DE RESISTENCIA A COMPRESSAO DE CORPOS DEPROVA DE ARGAMASSA"},"ENSAIO COMPARATIVO DE RESISTENCIA A COMPRESSAO DE CORPOS DE","PROVA DE ARGAMASSA",null,null,null,null,"UN",1437.95]
["01.001.0290-0",{"$f":"C459&D459&E459&F459&G459&H459","v":"DETERMINACAO DAS CONSTANTES ELASTICAS DOS MATERIAIS DE CONSTRUCAO(PROCESSO MECANICO OU ELETRONICO)"},"DETERMINACAO DAS CONSTANTES ELASTICAS DOS MATERIAIS DE CONST","RUCAO(PROCESSO MECANICO OU ELETRONICO)",null,null,null,null,"UN",229.68]
["01.001.0290-A",{"$f":"C460&D460&E460&F460&G460&H460","v":"DETERMINACAO DAS CONSTANTES ELASTICAS DOS MATERIAIS DE CONSTRUCAO(PROCESSO MECANICO OU ELETRONICO)"},"DETERMINACAO DAS CONSTANTES ELASTICAS DOS MATERIAIS DE CONST","RUCAO(PROCESSO MECANICO OU ELETRONICO)",null,null,null,null,"UN",209.73]
["01.001.0298-0",{"$f":"C461&D461&E461&F461&G461&H461","v":"ENSAIO COMPLETO"},"ENSAIO COMPLETO",null,null,null,null,null,"UN",1574.71]
["01.001.0298-A",{"$f":"C462&D462&E462&F462&G462&H462","v":"ENSAIO COMPLETO"},"ENSAIO COMPLETO",null,null,null,null,null,"UN",1437.95]
["01.001.0300-0",{"$f":"C463&D463&E463&F463&G463&H463","v":"DETERMINACAO DA TAXA DE LIGANTE"},"DETERMINACAO DA TAXA DE LIGANTE",null,null,null,null,null,"UN",277.2]
["01.001.0300-A",{"$f":"C464&D464&E464&F464&G464&H464","v":"DETERMINACAO DA TAXA DE LIGANTE"},"DETERMINACAO DA TAXA DE LIGANTE",null,null,null,null,null,"UN",253.12]
["01.001.0301-0",{"$f":"C465&D465&E465&F465&G465&H465","v":"DETERMINACAO DA TAXA DE AGREGADO"},"DETERMINACAO DA TAXA DE AGREGADO",null,null,null,null,null,"UN",277.2]
["01.001.0301-A",{"$f":"C466&D466&E466&F466&G466&H466","v":"DETERMINACAO DA TAXA DE AGREGADO"},"DETERMINACAO DA TAXA DE AGREGADO",null,null,null,null,null,"UN",253.12]
["01.001.0302-0",{"$f":"C467&D467&E467&F467&G467&H467","v":"DETERMINACAO DA DEFORMACAO DE PAVIMENTOS COM O AUXILIO DA VIGA BENKELMANN,POR PONTO"},"DETERMINACAO DA DEFORMACAO DE PAVIMENTOS COM O AUXILIO DA VI","GA BENKELMANN,POR PONTO",null,null,null,null,"UN",96.79]
["01.001.0302-A",{"$f":"C468&D468&E468&F468&G468&H468","v":"DETERMINACAO DA DEFORMACAO DE PAVIMENTOS COM O AUXILIO DA VIGA BENKELMANN,POR PONTO"},"DETERMINACAO DA DEFORMACAO DE PAVIMENTOS COM O AUXILIO DA VI","GA BENKELMANN,POR PONTO",null,null,null,null,"UN",88.38]
["01.001.0303-0",{"$f":"C469&D469&E469&F469&G469&H469","v":"EXTRACAO COM O AUXILIO DE SONDA ROTATIVA,DE CORPOS DE PROVACOM 15CM DE DIAMETRO,EM PAVIMENTOS COM REVESTIMENTO BETUMINOSO,COM ATE 10CM DE ESPESSURA,POR CORPO DE PROVA"},"EXTRACAO COM O AUXILIO DE SONDA ROTATIVA,DE CORPOS DE PROVA","COM 15CM DE DIAMETRO,EM PAVIMENTOS COM REVESTIMENTO BETUMINO","SO,COM ATE 10CM DE ESPESSURA,POR CORPO DE PROVA",null,null,null,"UN",96.79]
["01.001.0303-A",{"$f":"C470&D470&E470&F470&G470&H470","v":"EXTRACAO COM O AUXILIO DE SONDA ROTATIVA,DE CORPOS DE PROVACOM 15CM DE DIAMETRO,EM PAVIMENTOS COM REVESTIMENTO BETUMINOSO,COM ATE 10CM DE ESPESSURA,POR CORPO DE PROVA"},"EXTRACAO COM O AUXILIO DE SONDA ROTATIVA,DE CORPOS DE PROVA","COM 15CM DE DIAMETRO,EM PAVIMENTOS COM REVESTIMENTO BETUMINO","SO,COM ATE 10CM DE ESPESSURA,POR CORPO DE PROVA",null,null,null,"UN",88.38]
["01.001.0304-0",{"$f":"C471&D471&E471&F471&G471&H471","v":"EXTRACAO,COM O AUXILIO DE SONDA ROTATIVA,DE CORPOS DE PROVACOM 15CM DE DIAMETRO,EM PAVIMENTOS COM REVESTIMENTO BETUMINOSO,COM MAIS DE 10CM DE ESPESSURA,POR CORPO DE PROVA"},"EXTRACAO,COM O AUXILIO DE SONDA ROTATIVA,DE CORPOS DE PROVA","COM 15CM DE DIAMETRO,EM PAVIMENTOS COM REVESTIMENTO BETUMINO","SO,COM MAIS DE 10CM DE ESPESSURA,POR CORPO DE PROVA",null,null,null,"UN",144.47]
["01.001.0304-A",{"$f":"C472&D472&E472&F472&G472&H472","v":"EXTRACAO,COM O AUXILIO DE SONDA ROTATIVA,DE CORPOS DE PROVACOM 15CM DE DIAMETRO,EM PAVIMENTOS COM REVESTIMENTO BETUMINOSO,COM MAIS DE 10CM DE ESPESSURA,POR CORPO DE PROVA"},"EXTRACAO,COM O AUXILIO DE SONDA ROTATIVA,DE CORPOS DE PROVA","COM 15CM DE DIAMETRO,EM PAVIMENTOS COM REVESTIMENTO BETUMINO","SO,COM MAIS DE 10CM DE ESPESSURA,POR CORPO DE PROVA",null,null,null,"UN",131.93]
["01.001.0305-0",{"$f":"C473&D473&E473&F473&G473&H473","v":"EXTRACAO COM O AUXILIO DE SONDA ROTATIVA,DE CORPOS DE PROVACOM 15CM DE DIAMETRO,EM PAVIMENTOS COM PLACAS DE CONCRETO,COM ATE 15CM DE ESPESSURA,POR CORPO DE PROVA"},"EXTRACAO COM O AUXILIO DE SONDA ROTATIVA,DE CORPOS DE PROVA","COM 15CM DE DIAMETRO,EM PAVIMENTOS COM PLACAS DE CONCRETO,CO","M ATE 15CM DE ESPESSURA,POR CORPO DE PROVA",null,null,null,"UN",633.61]
["01.001.0305-A",{"$f":"C474&D474&E474&F474&G474&H474","v":"EXTRACAO COM O AUXILIO DE SONDA ROTATIVA,DE CORPOS DE PROVACOM 15CM DE DIAMETRO,EM PAVIMENTOS COM PLACAS DE CONCRETO,COM ATE 15CM DE ESPESSURA,POR CORPO DE PROVA"},"EXTRACAO COM O AUXILIO DE SONDA ROTATIVA,DE CORPOS DE PROVA","COM 15CM DE DIAMETRO,EM PAVIMENTOS COM PLACAS DE CONCRETO,CO","M ATE 15CM DE ESPESSURA,POR CORPO DE PROVA",null,null,null,"UN",578.58]
["01.001.0306-0",{"$f":"C475&D475&E475&F475&G475&H475","v":"EXTRACAO COM O AUXILIO DE SONDA ROTATIVA,DE CORPOS DE PROVACOM 15CM DE DIAMETRO,EM PAVIMENTOS COM PLACAS DE CONCRETO,COM ESPESSURA ENTRE 15 E 20CM,POR CORPO DE PROVA"},"EXTRACAO COM O AUXILIO DE SONDA ROTATIVA,DE CORPOS DE PROVA","COM 15CM DE DIAMETRO,EM PAVIMENTOS COM PLACAS DE CONCRETO,CO","M ESPESSURA ENTRE 15 E 20CM,POR CORPO DE PROVA",null,null,null,"UN",665.29]
["01.001.0306-A",{"$f":"C476&D476&E476&F476&G476&H476","v":"EXTRACAO COM O AUXILIO DE SONDA ROTATIVA,DE CORPOS DE PROVACOM 15CM DE DIAMETRO,EM PAVIMENTOS COM PLACAS DE CONCRETO,COM ESPESSURA ENTRE 15 E 20CM,POR CORPO DE PROVA"},"EXTRACAO COM O AUXILIO DE SONDA ROTATIVA,DE CORPOS DE PROVA","COM 15CM DE DIAMETRO,EM PAVIMENTOS COM PLACAS DE CONCRETO,CO","M ESPESSURA ENTRE 15 E 20CM,POR CORPO DE PROVA",null,null,null,"UN",607.51]
["01.001.0307-0",{"$f":"C477&D477&E477&F477&G477&H477","v":"EXTRACAO COM O AUXILIO DE SONDA ROTATIVA,DE CORPOS DE PROVACOM 15CM DE DIAMETRO,EM PAVIMENTOS COM PLACAS DE CONCRETO,COM MAIS DE 20CM DE ESPESSURA,POR CORPO DE PROVA"},"EXTRACAO COM O AUXILIO DE SONDA ROTATIVA,DE CORPOS DE PROVA","COM 15CM DE DIAMETRO,EM PAVIMENTOS COM PLACAS DE CONCRETO,CO","M MAIS DE 20CM DE ESPESSURA,POR CORPO DE PROVA",null,null,null,"UN",792.02]
["01.001.0307-A",{"$f":"C478&D478&E478&F478&G478&H478","v":"EXTRACAO COM O AUXILIO DE SONDA ROTATIVA,DE CORPOS DE PROVACOM 15CM DE DIAMETRO,EM PAVIMENTOS COM PLACAS DE CONCRETO,COM MAIS DE 20CM DE ESPESSURA,POR CORPO DE PROVA"},"EXTRACAO COM O AUXILIO DE SONDA ROTATIVA,DE CORPOS DE PROVA","COM 15CM DE DIAMETRO,EM PAVIMENTOS COM PLACAS DE CONCRETO,CO","M MAIS DE 20CM DE ESPESSURA,POR CORPO DE PROVA",null,null,null,"UN",723.23]
["01.001.0400-0",{"$f":"C479&D479&E479&F479&G479&H479","v":"ENSAIOS PARA RECUPERACAO DE CORROSAO EM ARMADURAS,CONSTANDODE ENSAIO DO POTENCIAL ELETRICO DA ARMADURA EM RELACAO AO ELEMENTO ESTRUTURAL QUE A CERCA"},"ENSAIOS PARA RECUPERACAO DE CORROSAO EM ARMADURAS,CONSTANDO","DE ENSAIO DO POTENCIAL ELETRICO DA ARMADURA EM RELACAO AO EL","EMENTO ESTRUTURAL QUE A CERCA",null,null,null,"UN",80.39]
["01.001.0400-A",{"$f":"C480&D480&E480&F480&G480&H480","v":"ENSAIOS PARA RECUPERACAO DE CORROSAO EM ARMADURAS,CONSTANDODE ENSAIO DO POTENCIAL ELETRICO DA ARMADURA EM RELACAO AO ELEMENTO ESTRUTURAL QUE A CERCA"},"ENSAIOS PARA RECUPERACAO DE CORROSAO EM ARMADURAS,CONSTANDO","DE ENSAIO DO POTENCIAL ELETRICO DA ARMADURA EM RELACAO AO EL","EMENTO ESTRUTURAL QUE A CERCA",null,null,null,"UN",77.27]
["01.001.0405-0",{"$f":"C481&D481&E481&F481&G481&H481","v":"ENSAIOS PARA RECUPERACAO DE ARMADURAS,CONSTANDO DE APLICACAO DE LAPIS COLORIMETRICO PARA TESTES DE PH E AVALIACAO DA FRENTE DE CARBONATACAO"},"ENSAIOS PARA RECUPERACAO DE ARMADURAS,CONSTANDO DE APLICACAO"," DE LAPIS COLORIMETRICO PARA TESTES DE PH E AVALIACAO DA FRE","NTE DE CARBONATACAO",null,null,null,"UN",10.33]
["01.001.0405-A",{"$f":"C482&D482&E482&F482&G482&H482","v":"ENSAIOS PARA RECUPERACAO DE ARMADURAS,CONSTANDO DE APLICACAO DE LAPIS COLORIMETRICO PARA TESTES DE PH E AVALIACAO DA FRENTE DE CARBONATACAO"},"ENSAIOS PARA RECUPERACAO DE ARMADURAS,CONSTANDO DE APLICACAO"," DE LAPIS COLORIMETRICO PARA TESTES DE PH E AVALIACAO DA FRE","NTE DE CARBONATACAO",null,null,null,"UN",9.13]
["01.001.0410-0",{"$f":"C483&D483&E483&F483&G483&H483","v":"ENSAIOS PARA RECUPERACAO DE CORROSAO EM ARMADURAS,CONSTANDODE CRAVACAO POR AMOSTRAGEM,EM DIVERSAS LAJES E VIGAS,DE PINOS LISOS PARA ESTIMATIVA DA TENSAO DE COMPRESSAO DO CONCRETO"},"ENSAIOS PARA RECUPERACAO DE CORROSAO EM ARMADURAS,CONSTANDO","DE CRAVACAO POR AMOSTRAGEM,EM DIVERSAS LAJES E VIGAS,DE PINO","S LISOS PARA ESTIMATIVA DA TENSAO DE COMPRESSAO DO CONCRETO",null,null,null,"UN",23.39]
["01.001.0410-A",{"$f":"C484&D484&E484&F484&G484&H484","v":"ENSAIOS PARA RECUPERACAO DE CORROSAO EM ARMADURAS,CONSTANDODE CRAVACAO POR AMOSTRAGEM,EM DIVERSAS LAJES E VIGAS,DE PINOS LISOS PARA ESTIMATIVA DA TENSAO DE COMPRESSAO DO CONCRETO"},"ENSAIOS PARA RECUPERACAO DE CORROSAO EM ARMADURAS,CONSTANDO","DE CRAVACAO POR AMOSTRAGEM,EM DIVERSAS LAJES E VIGAS,DE PINO","S LISOS PARA ESTIMATIVA DA TENSAO DE COMPRESSAO DO CONCRETO",null,null,null,"UN",20.27]
["01.002.0001-0",{"$f":"C485&D485&E485&F485&G485&H485","v":"SONDAGEM ROTATIVA COM COROA DE WIDIA,EM SOLO,DIAMETRO AX,VERTICAL,INCLUSIVE DESLOCAMENTO DENTRO DO CANTEIRO E INSTALACAO DA SONDA EM CADA FURO"},"SONDAGEM ROTATIVA COM COROA DE WIDIA,EM SOLO,DIAMETRO AX,VER","TICAL,INCLUSIVE DESLOCAMENTO DENTRO DO CANTEIRO E INSTALACAO"," DA SONDA EM CADA FURO",null,null,null,"M",97.73]
["01.002.0001-A",{"$f":"C486&D486&E486&F486&G486&H486","v":"SONDAGEM ROTATIVA COM COROA DE WIDIA,EM SOLO,DIAMETRO AX,VERTICAL,INCLUSIVE DESLOCAMENTO DENTRO DO CANTEIRO E INSTALACAO DA SONDA EM CADA FURO"},"SONDAGEM ROTATIVA COM COROA DE WIDIA,EM SOLO,DIAMETRO AX,VER","TICAL,INCLUSIVE DESLOCAMENTO DENTRO DO CANTEIRO E INSTALACAO"," DA SONDA EM CADA FURO",null,null,null,"M",87.99]
["01.002.0002-0",{"$f":"C487&D487&E487&F487&G487&H487","v":"SONDAGEM ROTATIVA COM COROA DE WIDIA,EM SOLO,DIAMETRO AX,HORIZONTAL,INCLUSIVE DESLOCAMENTO DENTRO DO CANTEIRO E INSTALACAO DA SONDA EM CADA FURO"},"SONDAGEM ROTATIVA COM COROA DE WIDIA,EM SOLO,DIAMETRO AX,HOR","IZONTAL,INCLUSIVE DESLOCAMENTO DENTRO DO CANTEIRO E INSTALAC","AO DA SONDA EM CADA FURO",null,null,null,"M",128.55]
["01.002.0002-A",{"$f":"C488&D488&E488&F488&G488&H488","v":"SONDAGEM ROTATIVA COM COROA DE WIDIA,EM SOLO,DIAMETRO AX,HORIZONTAL,INCLUSIVE DESLOCAMENTO DENTRO DO CANTEIRO E INSTALACAO DA SONDA EM CADA FURO"},"SONDAGEM ROTATIVA COM COROA DE WIDIA,EM SOLO,DIAMETRO AX,HOR","IZONTAL,INCLUSIVE DESLOCAMENTO DENTRO DO CANTEIRO E INSTALAC","AO DA SONDA EM CADA FURO",null,null,null,"M",115.74]
["01.002.0003-0",{"$f":"C489&D489&E489&F489&G489&H489","v":"SONDAGEM ROTATIVA COM COROA DE WIDIA,EM SOLO,DIAMETRO BX,VERTICAL,INCLUSIVE DESLOCAMENTO DENTRO DO CANTEIRO E INSTALACAO DA SONDA EM CADA FURO"},"SONDAGEM ROTATIVA COM COROA DE WIDIA,EM SOLO,DIAMETRO BX,VER","TICAL,INCLUSIVE DESLOCAMENTO DENTRO DO CANTEIRO E INSTALACAO"," DA SONDA EM CADA FURO",null,null,null,"M",105.69]
["01.002.0003-A",{"$f":"C490&D490&E490&F490&G490&H490","v":"SONDAGEM ROTATIVA COM COROA DE WIDIA,EM SOLO,DIAMETRO BX,VERTICAL,INCLUSIVE DESLOCAMENTO DENTRO DO CANTEIRO E INSTALACAO DA SONDA EM CADA FURO"},"SONDAGEM ROTATIVA COM COROA DE WIDIA,EM SOLO,DIAMETRO BX,VER","TICAL,INCLUSIVE DESLOCAMENTO DENTRO DO CANTEIRO E INSTALACAO"," DA SONDA EM CADA FURO",null,null,null,"M",95.16]
["01.002.0004-0",{"$f":"C491&D491&E491&F491&G491&H491","v":"SONDAGEM ROTATIVA COM COROA DE WIDIA,EM SOLO,DIAMETRO BX,HORIZONTAL,INCLUSIVE DESLOCAMENTO DENTRO DO CANTEIRO E INSTALACAO DA SONDA EM CADA FURO"},"SONDAGEM ROTATIVA COM COROA DE WIDIA,EM SOLO,DIAMETRO BX,HOR","IZONTAL,INCLUSIVE DESLOCAMENTO DENTRO DO CANTEIRO E INSTALAC","AO DA SONDA EM CADA FURO",null,null,null,"M",142.69]
["01.002.0004-A",{"$f":"C492&D492&E492&F492&G492&H492","v":"SONDAGEM ROTATIVA COM COROA DE WIDIA,EM SOLO,DIAMETRO BX,HORIZONTAL,INCLUSIVE DESLOCAMENTO DENTRO DO CANTEIRO E INSTALACAO DA SONDA EM CADA FURO"},"SONDAGEM ROTATIVA COM COROA DE WIDIA,EM SOLO,DIAMETRO BX,HOR","IZONTAL,INCLUSIVE DESLOCAMENTO DENTRO DO CANTEIRO E INSTALAC","AO DA SONDA EM CADA FURO",null,null,null,"M",128.47]
["01.002.0005-0",{"$f":"C493&D493&E493&F493&G493&H493","v":"SONDAGEM ROTATIVA COM COROA DE WIDIA,EM SOLO,DIAMETRO NX,VERTICAL,INCLUSIVE DESLOCAMENTO DENTRO DO CANTEIRO E INSTALACAO DA SONDA EM CADA FURO"},"SONDAGEM ROTATIVA COM COROA DE WIDIA,EM SOLO,DIAMETRO NX,VER","TICAL,INCLUSIVE DESLOCAMENTO DENTRO DO CANTEIRO E INSTALACAO"," DA SONDA EM CADA FURO",null,null,null,"M",114.14]
["01.002.0005-A",{"$f":"C494&D494&E494&F494&G494&H494","v":"SONDAGEM ROTATIVA COM COROA DE WIDIA,EM SOLO,DIAMETRO NX,VERTICAL,INCLUSIVE DESLOCAMENTO DENTRO DO CANTEIRO E INSTALACAO DA SONDA EM CADA FURO"},"SONDAGEM ROTATIVA COM COROA DE WIDIA,EM SOLO,DIAMETRO NX,VER","TICAL,INCLUSIVE DESLOCAMENTO DENTRO DO CANTEIRO E INSTALACAO"," DA SONDA EM CADA FURO",null,null,null,"M",102.77]
["01.002.0006-0",{"$f":"C495&D495&E495&F495&G495&H495","v":"SONDAGEM ROTATIVA COM COROA DE WIDIA,EM SOLO,DIAMETRO NX,HORIZONTAL,INCLUSIVE DESLOCAMENTO DENTRO DO CANTEIRO E INSTALACAO DA SONDA EM CADA FURO"},"SONDAGEM ROTATIVA COM COROA DE WIDIA,EM SOLO,DIAMETRO NX,HOR","IZONTAL,INCLUSIVE DESLOCAMENTO DENTRO DO CANTEIRO E INSTALAC","AO DA SONDA EM CADA FURO",null,null,null,"M",158.55]
["01.002.0006-A",{"$f":"C496&D496&E496&F496&G496&H496","v":"SONDAGEM ROTATIVA COM COROA DE WIDIA,EM SOLO,DIAMETRO NX,HORIZONTAL,INCLUSIVE DESLOCAMENTO DENTRO DO CANTEIRO E INSTALACAO DA SONDA EM CADA FURO"},"SONDAGEM ROTATIVA COM COROA DE WIDIA,EM SOLO,DIAMETRO NX,HOR","IZONTAL,INCLUSIVE DESLOCAMENTO DENTRO DO CANTEIRO E INSTALAC","AO DA SONDA EM CADA FURO",null,null,null,"M",142.75]
["01.002.0007-0",{"$f":"C497&D497&E497&F497&G497&H497","v":"SONDAGEM ROTATIVA COM COROA DE WIDIA,EM SOLO,DIAMETRO H,VERTICAL,INCLUSIVE DESLOCAMENTO DENTRO DO CANTEIRO E INSTALACAODA SONDA EM CADA FURO"},"SONDAGEM ROTATIVA COM COROA DE WIDIA,EM SOLO,DIAMETRO H,VERT","ICAL,INCLUSIVE DESLOCAMENTO DENTRO DO CANTEIRO E INSTALACAO","DA SONDA EM CADA FURO",null,null,null,"M",132.1]
["01.002.0007-A",{"$f":"C498&D498&E498&F498&G498&H498","v":"SONDAGEM ROTATIVA COM COROA DE WIDIA,EM SOLO,DIAMETRO H,VERTICAL,INCLUSIVE DESLOCAMENTO DENTRO DO CANTEIRO E INSTALACAODA SONDA EM CADA FURO"},"SONDAGEM ROTATIVA COM COROA DE WIDIA,EM SOLO,DIAMETRO H,VERT","ICAL,INCLUSIVE DESLOCAMENTO DENTRO DO CANTEIRO E INSTALACAO","DA SONDA EM CADA FURO",null,null,null,"M",118.94]
["01.002.0008-0",{"$f":"C499&D499&E499&F499&G499&H499","v":"SONDAGEM ROTATIVA COM COROA DE WIDIA,EM SOLO,DIAMETRO H,HORIZONTAL,INCLUSIVE DESLOCAMENTO DENTRO DO CANTEIRO E INSTALACAO DA SONDA EM CADA FURO"},"SONDAGEM ROTATIVA COM COROA DE WIDIA,EM SOLO,DIAMETRO H,HORI","ZONTAL,INCLUSIVE DESLOCAMENTO DENTRO DO CANTEIRO E INSTALACA","O DA SONDA EM CADA FURO",null,null,null,"M",184.96]
["01.002.0008-A",{"$f":"C500&D500&E500&F500&G500&H500","v":"SONDAGEM ROTATIVA COM COROA DE WIDIA,EM SOLO,DIAMETRO H,HORIZONTAL,INCLUSIVE DESLOCAMENTO DENTRO DO CANTEIRO E INSTALACAO DA SONDA EM CADA FURO"},"SONDAGEM ROTATIVA COM COROA DE WIDIA,EM SOLO,DIAMETRO H,HORI","ZONTAL,INCLUSIVE DESLOCAMENTO DENTRO DO CANTEIRO E INSTALACA","O DA SONDA EM CADA FURO",null,null,null,"M",166.53]
["01.002.0009-0",{"$f":"C501&D501&E501&F501&G501&H501","v":"SONDAGEM ROTATIVA COM COROA DE WIDIA,EM ALTERACAO DE ROCHA,DIAMETRO AX,VERTICAL,INCLUSIVE DESLOCAMENTO DENTRO DO CANTEIRO E INSTALACAO DA SONDA EM CADA FURO"},"SONDAGEM ROTATIVA COM COROA DE WIDIA,EM ALTERACAO DE ROCHA,D","IAMETRO AX,VERTICAL,INCLUSIVE DESLOCAMENTO DENTRO DO CANTEIR","O E INSTALACAO DA SONDA EM CADA FURO",null,null,null,"M",131.81]
["01.002.0009-A",{"$f":"C502&D502&E502&F502&G502&H502","v":"SONDAGEM ROTATIVA COM COROA DE WIDIA,EM ALTERACAO DE ROCHA,DIAMETRO AX,VERTICAL,INCLUSIVE DESLOCAMENTO DENTRO DO CANTEIRO E INSTALACAO DA SONDA EM CADA FURO"},"SONDAGEM ROTATIVA COM COROA DE WIDIA,EM ALTERACAO DE ROCHA,D","IAMETRO AX,VERTICAL,INCLUSIVE DESLOCAMENTO DENTRO DO CANTEIR","O E INSTALACAO DA SONDA EM CADA FURO",null,null,null,"M",118.67]
["01.002.0010-0",{"$f":"C503&D503&E503&F503&G503&H503","v":"SONDAGEM ROTATIVA COM COROA DE WIDIA,EM ALTERACAO DE ROCHA,DIAMETRO BX,VERTICAL,INCLUSIVE DESLOCAMENTO DENTRO DO CANTEIRO E INSTALACAO DA SONDA EM CADA FURO"},"SONDAGEM ROTATIVA COM COROA DE WIDIA,EM ALTERACAO DE ROCHA,","DIAMETRO BX,VERTICAL,INCLUSIVE DESLOCAMENTO DENTRO DO CANTEI","RO E INSTALACAO DA SONDA EM CADA FURO",null,null,null,"M",143.27]
["01.002.0010-A",{"$f":"C504&D504&E504&F504&G504&H504","v":"SONDAGEM ROTATIVA COM COROA DE WIDIA,EM ALTERACAO DE ROCHA,DIAMETRO BX,VERTICAL,INCLUSIVE DESLOCAMENTO DENTRO DO CANTEIRO E INSTALACAO DA SONDA EM CADA FURO"},"SONDAGEM ROTATIVA COM COROA DE WIDIA,EM ALTERACAO DE ROCHA,","DIAMETRO BX,VERTICAL,INCLUSIVE DESLOCAMENTO DENTRO DO CANTEI","RO E INSTALACAO DA SONDA EM CADA FURO",null,null,null,"M",128.98]
["01.002.0011-0",{"$f":"C505&D505&E505&F505&G505&H505","v":"SONDAGEM ROTATIVA COM COROA DE WIDIA,EM ALTERACAO DE ROCHA,DIAMETRO NX,VERTICAL,INCLUSIVE DESLOCAMENTO DENTRO DO CANTEIRO E INSTALACAO DA SONDA EM CADA FURO"},"SONDAGEM ROTATIVA COM COROA DE WIDIA,EM ALTERACAO DE ROCHA,","DIAMETRO NX,VERTICAL,INCLUSIVE DESLOCAMENTO DENTRO DO CANTEI","RO E INSTALACAO DA SONDA EM CADA FURO",null,null,null,"M",154.72]
["01.002.0011-A",{"$f":"C506&D506&E506&F506&G506&H506","v":"SONDAGEM ROTATIVA COM COROA DE WIDIA,EM ALTERACAO DE ROCHA,DIAMETRO NX,VERTICAL,INCLUSIVE DESLOCAMENTO DENTRO DO CANTEIRO E INSTALACAO DA SONDA EM CADA FURO"},"SONDAGEM ROTATIVA COM COROA DE WIDIA,EM ALTERACAO DE ROCHA,","DIAMETRO NX,VERTICAL,INCLUSIVE DESLOCAMENTO DENTRO DO CANTEI","RO E INSTALACAO DA SONDA EM CADA FURO",null,null,null,"M",139.3]
["01.002.0012-0",{"$f":"C507&D507&E507&F507&G507&H507","v":"SONDAGEM ROTATIVA COM COROA DE WIDIA,EM ALTERACAO DE ROCHA,DIAMETRO H,VERTICAL,INCLUSIVE DESLOCAMENTO DENTRO DO CANTEIRO E INSTALACAO DA SONDA EM CADA FURO"},"SONDAGEM ROTATIVA COM COROA DE WIDIA,EM ALTERACAO DE ROCHA,","DIAMETRO H,VERTICAL,INCLUSIVE DESLOCAMENTO DENTRO DO CANTEIR","O E INSTALACAO DA SONDA EM CADA FURO",null,null,null,"M",186.75]
["01.002.0012-A",{"$f":"C508&D508&E508&F508&G508&H508","v":"SONDAGEM ROTATIVA COM COROA DE WIDIA,EM ALTERACAO DE ROCHA,DIAMETRO H,VERTICAL,INCLUSIVE DESLOCAMENTO DENTRO DO CANTEIRO E INSTALACAO DA SONDA EM CADA FURO"},"SONDAGEM ROTATIVA COM COROA DE WIDIA,EM ALTERACAO DE ROCHA,","DIAMETRO H,VERTICAL,INCLUSIVE DESLOCAMENTO DENTRO DO CANTEIR","O E INSTALACAO DA SONDA EM CADA FURO",null,null,null,"M",168.13]
["01.002.0013-0",{"$f":"C509&D509&E509&F509&G509&H509","v":"SONDAGEM ROTATIVA COM COROA DE WIDIA,EM ROCHA SA,DIAMETRO AX,VERTICAL,INCLUSIVE DESLOCAMENTO DENTRO DO CANTEIRO E INSTALACAO DA SONDA EM CADA FURO"},"SONDAGEM ROTATIVA COM COROA DE WIDIA,EM ROCHA SA,DIAMETRO AX",",VERTICAL,INCLUSIVE DESLOCAMENTO DENTRO DO CANTEIRO E INSTAL","ACAO DA SONDA EM CADA FURO",null,null,null,"M",205.18]
["01.002.0013-A",{"$f":"C510&D510&E510&F510&G510&H510","v":"SONDAGEM ROTATIVA COM COROA DE WIDIA,EM ROCHA SA,DIAMETRO AX,VERTICAL,INCLUSIVE DESLOCAMENTO DENTRO DO CANTEIRO E INSTALACAO DA SONDA EM CADA FURO"},"SONDAGEM ROTATIVA COM COROA DE WIDIA,EM ROCHA SA,DIAMETRO AX",",VERTICAL,INCLUSIVE DESLOCAMENTO DENTRO DO CANTEIRO E INSTAL","ACAO DA SONDA EM CADA FURO",null,null,null,"M",186.17]
["01.002.0014-0",{"$f":"C511&D511&E511&F511&G511&H511","v":"SONDAGEM ROTATIVA COM COROA DE WIDIA,EM ROCHA SA,DIAMETRO BX,VERTICAL,INCLUSIVE DESLOCAMNETO DENTRO DO CANTEIRO E INSTALACAO DA SONDA EM CADA FURO"},"SONDAGEM ROTATIVA COM COROA DE WIDIA,EM ROCHA SA,DIAMETRO BX",",VERTICAL,INCLUSIVE DESLOCAMNETO DENTRO DO CANTEIRO E INSTAL","ACAO DA SONDA EM CADA FURO",null,null,null,"M",227.98]
["01.002.0014-A",{"$f":"C512&D512&E512&F512&G512&H512","v":"SONDAGEM ROTATIVA COM COROA DE WIDIA,EM ROCHA SA,DIAMETRO BX,VERTICAL,INCLUSIVE DESLOCAMNETO DENTRO DO CANTEIRO E INSTALACAO DA SONDA EM CADA FURO"},"SONDAGEM ROTATIVA COM COROA DE WIDIA,EM ROCHA SA,DIAMETRO BX",",VERTICAL,INCLUSIVE DESLOCAMNETO DENTRO DO CANTEIRO E INSTAL","ACAO DA SONDA EM CADA FURO",null,null,null,"M",206.85]
["01.002.0015-0",{"$f":"C513&D513&E513&F513&G513&H513","v":"SONDAGEM ROTATIVA COM COROA DE WIDIA,EM ROCHA SA,DIAMETRO NX,VERTICAL,INCLUSIVE DESLOCAMENTO DENTRO DO CANTEIRO E INSTALACAO DA SONDA EM CADA FURO"},"SONDAGEM ROTATIVA COM COROA DE WIDIA,EM ROCHA SA,DIAMETRO NX",",VERTICAL,INCLUSIVE DESLOCAMENTO DENTRO DO CANTEIRO E INSTAL","ACAO DA SONDA EM CADA FURO",null,null,null,"M",245.08]
["01.002.0015-A",{"$f":"C514&D514&E514&F514&G514&H514","v":"SONDAGEM ROTATIVA COM COROA DE WIDIA,EM ROCHA SA,DIAMETRO NX,VERTICAL,INCLUSIVE DESLOCAMENTO DENTRO DO CANTEIRO E INSTALACAO DA SONDA EM CADA FURO"},"SONDAGEM ROTATIVA COM COROA DE WIDIA,EM ROCHA SA,DIAMETRO NX",",VERTICAL,INCLUSIVE DESLOCAMENTO DENTRO DO CANTEIRO E INSTAL","ACAO DA SONDA EM CADA FURO",null,null,null,"M",222.37]
["01.002.0016-0",{"$f":"C515&D515&E515&F515&G515&H515","v":"SONDAGEM ROTATIVA COM COROA DE WIDIA,EM ROCHA SA,DIAMETRO H,VERTICAL,INCLUSIVE DESLOCAMENTO DENTRO DO CANTEIRO E INSTALACAO DA SONDA EM CADA FURO"},"SONDAGEM ROTATIVA COM COROA DE WIDIA,EM ROCHA SA,DIAMETRO H,","VERTICAL,INCLUSIVE DESLOCAMENTO DENTRO DO CANTEIRO E INSTALA","CAO DA SONDA EM CADA FURO",null,null,null,"M",341.99]
["01.002.0016-A",{"$f":"C516&D516&E516&F516&G516&H516","v":"SONDAGEM ROTATIVA COM COROA DE WIDIA,EM ROCHA SA,DIAMETRO H,VERTICAL,INCLUSIVE DESLOCAMENTO DENTRO DO CANTEIRO E INSTALACAO DA SONDA EM CADA FURO"},"SONDAGEM ROTATIVA COM COROA DE WIDIA,EM ROCHA SA,DIAMETRO H,","VERTICAL,INCLUSIVE DESLOCAMENTO DENTRO DO CANTEIRO E INSTALA","CAO DA SONDA EM CADA FURO",null,null,null,"M",310.3]
["01.002.0021-0",{"$f":"C517&D517&E517&F517&G517&H517","v":"PERFURACAO ROTATIVA COM COROA DE WIDIA,EM SOLO,DIAMETRO AX,VERTICAL,INCLUSIVE DESLOCAMENTO DENTRO DO CANTEIRO E INSTALACAO DA SONDA EM CADA FURO"},"PERFURACAO ROTATIVA COM COROA DE WIDIA,EM SOLO,DIAMETRO AX,V","ERTICAL,INCLUSIVE DESLOCAMENTO DENTRO DO CANTEIRO E INSTALAC","AO DA SONDA EM CADA FURO",null,null,null,"M",75.16]
["01.002.0021-A",{"$f":"C518&D518&E518&F518&G518&H518","v":"PERFURACAO ROTATIVA COM COROA DE WIDIA,EM SOLO,DIAMETRO AX,VERTICAL,INCLUSIVE DESLOCAMENTO DENTRO DO CANTEIRO E INSTALACAO DA SONDA EM CADA FURO"},"PERFURACAO ROTATIVA COM COROA DE WIDIA,EM SOLO,DIAMETRO AX,V","ERTICAL,INCLUSIVE DESLOCAMENTO DENTRO DO CANTEIRO E INSTALAC","AO DA SONDA EM CADA FURO",null,null,null,"M",67.67]
["01.002.0022-0",{"$f":"C519&D519&E519&F519&G519&H519","v":"PERFURACAO ROTATIVA COM COROA DE WIDIA,EM SOLO,DIAMETRO AX,HORIZONTAL,INCLUSIVE DESLOCAMENTO DENTRO DO CANTEIRO E INSTALACAO DA SONDA EM CADA FURO"},"PERFURACAO ROTATIVA COM COROA DE WIDIA,EM SOLO,DIAMETRO AX,H","ORIZONTAL,INCLUSIVE DESLOCAMENTO DENTRO DO CANTEIRO E INSTAL","ACAO DA SONDA EM CADA FURO",null,null,null,"M",105.7]
["01.002.0022-A",{"$f":"C520&D520&E520&F520&G520&H520","v":"PERFURACAO ROTATIVA COM COROA DE WIDIA,EM SOLO,DIAMETRO AX,HORIZONTAL,INCLUSIVE DESLOCAMENTO DENTRO DO CANTEIRO E INSTALACAO DA SONDA EM CADA FURO"},"PERFURACAO ROTATIVA COM COROA DE WIDIA,EM SOLO,DIAMETRO AX,H","ORIZONTAL,INCLUSIVE DESLOCAMENTO DENTRO DO CANTEIRO E INSTAL","ACAO DA SONDA EM CADA FURO",null,null,null,"M",95.17]
["01.002.0023-0",{"$f":"C521&D521&E521&F521&G521&H521","v":"PERFURACAO ROTATIVA COM COROA DE WIDIA,EM SOLO,DIAMETRO BX,VERTICAL,INCLUSIVE DESLOCAMENTO DENTRO DO CANTEIRO E INSTALACAO DA SONDA EM CADA FURO"},"PERFURACAO ROTATIVA COM COROA DE WIDIA,EM SOLO,DIAMETRO BX,V","ERTICAL,INCLUSIVE DESLOCAMENTO DENTRO DO CANTEIRO E INSTALAC","AO DA SONDA EM CADA FURO",null,null,null,"M",81.3]
["01.002.0023-A",{"$f":"C522&D522&E522&F522&G522&H522","v":"PERFURACAO ROTATIVA COM COROA DE WIDIA,EM SOLO,DIAMETRO BX,VERTICAL,INCLUSIVE DESLOCAMENTO DENTRO DO CANTEIRO E INSTALACAO DA SONDA EM CADA FURO"},"PERFURACAO ROTATIVA COM COROA DE WIDIA,EM SOLO,DIAMETRO BX,V","ERTICAL,INCLUSIVE DESLOCAMENTO DENTRO DO CANTEIRO E INSTALAC","AO DA SONDA EM CADA FURO",null,null,null,"M",73.2]
["01.002.0024-0",{"$f":"C523&D523&E523&F523&G523&H523","v":"PERFURACAO ROTATIVA COM COROA DE WIDIA,EM SOLO,DIAMETRO BX,HORIZONTAL,INCLUSIVE DESLOCAMENTO DENTRO DO CANTEIRO E INSTALACAO DA SONDA EM CADA FURO"},"PERFURACAO ROTATIVA COM COROA DE WIDIA,EM SOLO,DIAMETRO BX,H","ORIZONTAL,INCLUSIVE DESLOCAMENTO DENTRO DO CANTEIRO E INSTAL","ACAO DA SONDA EM CADA FURO",null,null,null,"M",117.34]
["01.002.0024-A",{"$f":"C524&D524&E524&F524&G524&H524","v":"PERFURACAO ROTATIVA COM COROA DE WIDIA,EM SOLO,DIAMETRO BX,HORIZONTAL,INCLUSIVE DESLOCAMENTO DENTRO DO CANTEIRO E INSTALACAO DA SONDA EM CADA FURO"},"PERFURACAO ROTATIVA COM COROA DE WIDIA,EM SOLO,DIAMETRO BX,H","ORIZONTAL,INCLUSIVE DESLOCAMENTO DENTRO DO CANTEIRO E INSTAL","ACAO DA SONDA EM CADA FURO",null,null,null,"M",105.65]
["01.002.0025-0",{"$f":"C525&D525&E525&F525&G525&H525","v":"PERFURACAO ROTATIVA COM COROA DE WIDIA,EM SOLO,DIAMETRO NX,VERTICAL,INCLUSIVE DESLOCAMENTO DENTRO DO CANTEIRO E INSTALACAO DA SONDA EM CADA FURO"},"PERFURACAO ROTATIVA COM COROA DE WIDIA,EM SOLO,DIAMETRO NX,V","ERTICAL,INCLUSIVE DESLOCAMENTO DENTRO DO CANTEIRO E INSTALAC","AO DA SONDA EM CADA FURO",null,null,null,"M",87.8]
["01.002.0025-A",{"$f":"C526&D526&E526&F526&G526&H526","v":"PERFURACAO ROTATIVA COM COROA DE WIDIA,EM SOLO,DIAMETRO NX,VERTICAL,INCLUSIVE DESLOCAMENTO DENTRO DO CANTEIRO E INSTALACAO DA SONDA EM CADA FURO"},"PERFURACAO ROTATIVA COM COROA DE WIDIA,EM SOLO,DIAMETRO NX,V","ERTICAL,INCLUSIVE DESLOCAMENTO DENTRO DO CANTEIRO E INSTALAC","AO DA SONDA EM CADA FURO",null,null,null,"M",79.05]
["01.002.0026-0",{"$f":"C527&D527&E527&F527&G527&H527","v":"PERFURACAO ROTATIVA COM COROA DE WIDIA,EM SOLO,DIAMETRO NX,HORIZONTAL,INCLUSIVE DESLOCAMENTO DENTRO DO CANTEIRO E INSTALACAO DA SONDA EM CADA FURO"},"PERFURACAO ROTATIVA COM COROA DE WIDIA,EM SOLO,DIAMETRO NX,H","ORIZONTAL,INCLUSIVE DESLOCAMENTO DENTRO DO CANTEIRO E INSTAL","ACAO DA SONDA EM CADA FURO",null,null,null,"M",120.81]
["01.002.0026-A",{"$f":"C528&D528&E528&F528&G528&H528","v":"PERFURACAO ROTATIVA COM COROA DE WIDIA,EM SOLO,DIAMETRO NX,HORIZONTAL,INCLUSIVE DESLOCAMENTO DENTRO DO CANTEIRO E INSTALACAO DA SONDA EM CADA FURO"},"PERFURACAO ROTATIVA COM COROA DE WIDIA,EM SOLO,DIAMETRO NX,H","ORIZONTAL,INCLUSIVE DESLOCAMENTO DENTRO DO CANTEIRO E INSTAL","ACAO DA SONDA EM CADA FURO",null,null,null,"M",108.77]
["01.002.0027-0",{"$f":"C529&D529&E529&F529&G529&H529","v":"PERFURACAO ROTATIVA COM COROA DE WIDIA,EM SOLO,DIAMETRO H,VERTICAL,INCLUSIVE DESLOCAMENTO DENTRO DO CANTEIRO E INSTALACAO DA SONDA EM CADA FURO"},"PERFURACAO ROTATIVA COM COROA DE WIDIA,EM SOLO,DIAMETRO H,VE","RTICAL,INCLUSIVE DESLOCAMENTO DENTRO DO CANTEIRO E INSTALACA","O DA SONDA EM CADA FURO",null,null,null,"M",101.62]
["01.002.0027-A",{"$f":"C530&D530&E530&F530&G530&H530","v":"PERFURACAO ROTATIVA COM COROA DE WIDIA,EM SOLO,DIAMETRO H,VERTICAL,INCLUSIVE DESLOCAMENTO DENTRO DO CANTEIRO E INSTALACAO DA SONDA EM CADA FURO"},"PERFURACAO ROTATIVA COM COROA DE WIDIA,EM SOLO,DIAMETRO H,VE","RTICAL,INCLUSIVE DESLOCAMENTO DENTRO DO CANTEIRO E INSTALACA","O DA SONDA EM CADA FURO",null,null,null,"M",91.5]
["01.002.0028-0",{"$f":"C531&D531&E531&F531&G531&H531","v":"PERFURACAO ROTATIVA COM COROA DE WIDIA,EM SOLO,DIAMETRO H,HORIZONTAL,INCLUSIVE DESLOCAMENTO DENTRO DO CANTEIRO E INSTALACAO DA SONDA EM CADA FURO"},"PERFURACAO ROTATIVA COM COROA DE WIDIA,EM SOLO,DIAMETRO H,HO","RIZONTAL,INCLUSIVE DESLOCAMENTO DENTRO DO CANTEIRO E INSTALA","CAO DA SONDA EM CADA FURO",null,null,null,"M",142.28]
["01.002.0028-A",{"$f":"C532&D532&E532&F532&G532&H532","v":"PERFURACAO ROTATIVA COM COROA DE WIDIA,EM SOLO,DIAMETRO H,HORIZONTAL,INCLUSIVE DESLOCAMENTO DENTRO DO CANTEIRO E INSTALACAO DA SONDA EM CADA FURO"},"PERFURACAO ROTATIVA COM COROA DE WIDIA,EM SOLO,DIAMETRO H,HO","RIZONTAL,INCLUSIVE DESLOCAMENTO DENTRO DO CANTEIRO E INSTALA","CAO DA SONDA EM CADA FURO",null,null,null,"M",128.1]
["01.002.0039-0",{"$f":"C533&D533&E533&F533&G533&H533","v":"PERFURACAO ROTATIVA COM COROA DE WIDIA,EM SOLO,DIAMETRO 5\",VERTICAL,INCLUSIVE DESLOCAMENTO DENTRO DO CANTEIRO E INSTALACAO DA SONDA EM CADA FURO"},"PERFURACAO ROTATIVA COM COROA DE WIDIA,EM SOLO,DIAMETRO 5\",V","ERTICAL,INCLUSIVE DESLOCAMENTO DENTRO DO CANTEIRO E INSTALAC","AO DA SONDA EM CADA FURO",null,null,null,"M",121.96]
["01.002.0039-A",{"$f":"C534&D534&E534&F534&G534&H534","v":"PERFURACAO ROTATIVA COM COROA DE WIDIA,EM SOLO,DIAMETRO 5\",VERTICAL,INCLUSIVE DESLOCAMENTO DENTRO DO CANTEIRO E INSTALACAO DA SONDA EM CADA FURO"},"PERFURACAO ROTATIVA COM COROA DE WIDIA,EM SOLO,DIAMETRO 5\",V","ERTICAL,INCLUSIVE DESLOCAMENTO DENTRO DO CANTEIRO E INSTALAC","AO DA SONDA EM CADA FURO",null,null,null,"M",109.8]
["01.002.0041-0",{"$f":"C535&D535&E535&F535&G535&H535","v":"PERFURACAO ROTATIVA COM COROA DE WIDIA,EM SOLO,DIAMETRO 6\",VERTICAL,INCLUSIVE DESLOCAMENTO DENTRO DO CANTEIRO E INSTALACAO DA SONDA EM CADA FURO"},"PERFURACAO ROTATIVA COM COROA DE WIDIA,EM SOLO,DIAMETRO 6\",V","ERTICAL,INCLUSIVE DESLOCAMENTO DENTRO DO CANTEIRO E INSTALAC","AO DA SONDA EM CADA FURO",null,null,null,"M",138.2]
["01.002.0041-A",{"$f":"C536&D536&E536&F536&G536&H536","v":"PERFURACAO ROTATIVA COM COROA DE WIDIA,EM SOLO,DIAMETRO 6\",VERTICAL,INCLUSIVE DESLOCAMENTO DENTRO DO CANTEIRO E INSTALACAO DA SONDA EM CADA FURO"},"PERFURACAO ROTATIVA COM COROA DE WIDIA,EM SOLO,DIAMETRO 6\",V","ERTICAL,INCLUSIVE DESLOCAMENTO DENTRO DO CANTEIRO E INSTALAC","AO DA SONDA EM CADA FURO",null,null,null,"M",124.43]
["01.002.0042-0",{"$f":"C537&D537&E537&F537&G537&H537","v":"PERFURACAO ROTATIVA COM COROA DE WIDIA,EM SOLO,DIAMETRO 8\",VERTICAL,INCLUSIVE DESLOCAMENTO DENTRO DO CANTEIRO E INSTALACAO DA SONDA EM CADA FURO"},"PERFURACAO ROTATIVA COM COROA DE WIDIA,EM SOLO,DIAMETRO 8\",V","ERTICAL,INCLUSIVE DESLOCAMENTO DENTRO DO CANTEIRO E INSTALAC","AO DA SONDA EM CADA FURO",null,null,null,"M",162.6]
["01.002.0042-A",{"$f":"C538&D538&E538&F538&G538&H538","v":"PERFURACAO ROTATIVA COM COROA DE WIDIA,EM SOLO,DIAMETRO 8\",VERTICAL,INCLUSIVE DESLOCAMENTO DENTRO DO CANTEIRO E INSTALACAO DA SONDA EM CADA FURO"},"PERFURACAO ROTATIVA COM COROA DE WIDIA,EM SOLO,DIAMETRO 8\",V","ERTICAL,INCLUSIVE DESLOCAMENTO DENTRO DO CANTEIRO E INSTALAC","AO DA SONDA EM CADA FURO",null,null,null,"M",146.39]
["01.002.0043-0",{"$f":"C539&D539&E539&F539&G539&H539","v":"PERFURACAO ROTATIVA COM COROA DE WIDIA,EM SOLO,DIAMETRO 10\",VERTICAL,INCLUSIVE DESLOCAMENTO DENTRO DO CANTEIRO E INSTALACAO DA SONDA EM CADA FURO"},"PERFURACAO ROTATIVA COM COROA DE WIDIA,EM SOLO,DIAMETRO 10\",","VERTICAL,INCLUSIVE DESLOCAMENTO DENTRO DO CANTEIRO E INSTALA","CAO DA SONDA EM CADA FURO",null,null,null,"M",203.25]
["01.002.0043-A",{"$f":"C540&D540&E540&F540&G540&H540","v":"PERFURACAO ROTATIVA COM COROA DE WIDIA,EM SOLO,DIAMETRO 10\",VERTICAL,INCLUSIVE DESLOCAMENTO DENTRO DO CANTEIRO E INSTALACAO DA SONDA EM CADA FURO"},"PERFURACAO ROTATIVA COM COROA DE WIDIA,EM SOLO,DIAMETRO 10\",","VERTICAL,INCLUSIVE DESLOCAMENTO DENTRO DO CANTEIRO E INSTALA","CAO DA SONDA EM CADA FURO",null,null,null,"M",183]
["01.002.0044-0",{"$f":"C541&D541&E541&F541&G541&H541","v":"PERFURACAO ROTATIVA COM COROA DE WIDIA,EM SOLO,DIAMETRO 12\",VERTICAL,INCLUSIVE DESLOCAMENTO DENTRO DO CANTEIRO E INSTALACAO DA SONDA EM CADA FURO"},"PERFURACAO ROTATIVA COM COROA DE WIDIA,EM SOLO,DIAMETRO 12\",","VERTICAL,INCLUSIVE DESLOCAMENTO DENTRO DO CANTEIRO E INSTALA","CAO DA SONDA EM CADA FURO",null,null,null,"M",243.91]
["01.002.0044-A",{"$f":"C542&D542&E542&F542&G542&H542","v":"PERFURACAO ROTATIVA COM COROA DE WIDIA,EM SOLO,DIAMETRO 12\",VERTICAL,INCLUSIVE DESLOCAMENTO DENTRO DO CANTEIRO E INSTALACAO DA SONDA EM CADA FURO"},"PERFURACAO ROTATIVA COM COROA DE WIDIA,EM SOLO,DIAMETRO 12\",","VERTICAL,INCLUSIVE DESLOCAMENTO DENTRO DO CANTEIRO E INSTALA","CAO DA SONDA EM CADA FURO",null,null,null,"M",219.6]
["01.002.0045-0",{"$f":"C543&D543&E543&F543&G543&H543","v":"PERFURACAO ROTATIVA COM COROA DE WIDIA,EM SOLO,DIAMETRO 14\",VERTICAL,INCLUSIVE DESLOCAMENTO DENTRO DO CANTEIRO E INSTALACAO DA SONDA EM CADA FURO"},"PERFURACAO ROTATIVA COM COROA DE WIDIA,EM SOLO,DIAMETRO 14\",","VERTICAL,INCLUSIVE DESLOCAMENTO DENTRO DO CANTEIRO E INSTALA","CAO DA SONDA EM CADA FURO",null,null,null,"M",284.57]
["01.002.0045-A",{"$f":"C544&D544&E544&F544&G544&H544","v":"PERFURACAO ROTATIVA COM COROA DE WIDIA,EM SOLO,DIAMETRO 14\",VERTICAL,INCLUSIVE DESLOCAMENTO DENTRO DO CANTEIRO E INSTALACAO DA SONDA EM CADA FURO"},"PERFURACAO ROTATIVA COM COROA DE WIDIA,EM SOLO,DIAMETRO 14\",","VERTICAL,INCLUSIVE DESLOCAMENTO DENTRO DO CANTEIRO E INSTALA","CAO DA SONDA EM CADA FURO",null,null,null,"M",256.21]
["01.002.0046-0",{"$f":"C545&D545&E545&F545&G545&H545","v":"PERFURACAO ROTATIVA COM COROA DE WIDIA,EM SOLO,DIAMETRO 16\",VERTICAL,INCLUSIVE DESLOCAMENTO DENTRO DO CANTEIRO E INSTALACAO DA SONDA EM CADA FURO"},"PERFURACAO ROTATIVA COM COROA DE WIDIA,EM SOLO,DIAMETRO 16\",","VERTICAL,INCLUSIVE DESLOCAMENTO DENTRO DO CANTEIRO E INSTALA","CAO DA SONDA EM CADA FURO",null,null,null,"M",325.23]
["01.002.0046-A",{"$f":"C546&D546&E546&F546&G546&H546","v":"PERFURACAO ROTATIVA COM COROA DE WIDIA,EM SOLO,DIAMETRO 16\",VERTICAL,INCLUSIVE DESLOCAMENTO DENTRO DO CANTEIRO E INSTALACAO DA SONDA EM CADA FURO"},"PERFURACAO ROTATIVA COM COROA DE WIDIA,EM SOLO,DIAMETRO 16\",","VERTICAL,INCLUSIVE DESLOCAMENTO DENTRO DO CANTEIRO E INSTALA","CAO DA SONDA EM CADA FURO",null,null,null,"M",292.81]
["01.002.0060-0",{"$f":"C547&D547&E547&F547&G547&H547","v":"PERFURACAO ROTATIVA COM COROA DE WIDIA,EM ALTERACAO DE ROCHA,DIAMETRO AX,VERTICAL,INCLUSIVE DESLOCAMENTO DENTRO DO CANTEIRO E INSTALACAO DA SONDA EM CADA FURO"},"PERFURACAO ROTATIVA COM COROA DE WIDIA,EM ALTERACAO DE ROCHA",",DIAMETRO AX,VERTICAL,INCLUSIVE DESLOCAMENTO DENTRO DO CANTE","IRO E INSTALACAO DA SONDA EM CADA FURO",null,null,null,"M",101.38]
["01.002.0060-A",{"$f":"C548&D548&E548&F548&G548&H548","v":"PERFURACAO ROTATIVA COM COROA DE WIDIA,EM ALTERACAO DE ROCHA,DIAMETRO AX,VERTICAL,INCLUSIVE DESLOCAMENTO DENTRO DO CANTEIRO E INSTALACAO DA SONDA EM CADA FURO"},"PERFURACAO ROTATIVA COM COROA DE WIDIA,EM ALTERACAO DE ROCHA",",DIAMETRO AX,VERTICAL,INCLUSIVE DESLOCAMENTO DENTRO DO CANTE","IRO E INSTALACAO DA SONDA EM CADA FURO",null,null,null,"M",91.27]
["01.002.0061-0",{"$f":"C549&D549&E549&F549&G549&H549","v":"PERFURACAO ROTATIVA COM COROA DE WIDIA,EM ALTERACAO DE ROCHA,DIAMETRO BX,VERTICAL,INCLUSIVE DESLOCAMENTO DENTRO DO CANTEIRO E INSTALACAO DA SONDA EM CADA FURO"},"PERFURACAO ROTATIVA COM COROA DE WIDIA,EM ALTERACAO DE ROCHA",",DIAMETRO BX,VERTICAL,INCLUSIVE DESLOCAMENTO DENTRO DO CANTE","IRO E INSTALACAO DA SONDA EM CADA FURO",null,null,null,"M",110.22]
["01.002.0061-A",{"$f":"C550&D550&E550&F550&G550&H550","v":"PERFURACAO ROTATIVA COM COROA DE WIDIA,EM ALTERACAO DE ROCHA,DIAMETRO BX,VERTICAL,INCLUSIVE DESLOCAMENTO DENTRO DO CANTEIRO E INSTALACAO DA SONDA EM CADA FURO"},"PERFURACAO ROTATIVA COM COROA DE WIDIA,EM ALTERACAO DE ROCHA",",DIAMETRO BX,VERTICAL,INCLUSIVE DESLOCAMENTO DENTRO DO CANTE","IRO E INSTALACAO DA SONDA EM CADA FURO",null,null,null,"M",99.23]
["01.002.0062-0",{"$f":"C551&D551&E551&F551&G551&H551","v":"PERFURACAO ROTATIVA COM COROA DE WIDIA,EM ALTERACAO DE ROCHA,DIAMETRO NX,VERTICAL,INCLUSIVE DESLOCAMENTO DENTRO DO CANTEIRO E INSTALACAO DA SONDA EM CADA FURO"},"PERFURACAO ROTATIVA COM COROA DE WIDIA,EM ALTERACAO DE ROCHA",",DIAMETRO NX,VERTICAL,INCLUSIVE DESLOCAMENTO DENTRO DO CANTE","IRO E INSTALACAO DA SONDA EM CADA FURO",null,null,null,"M",119.03]
["01.002.0062-A",{"$f":"C552&D552&E552&F552&G552&H552","v":"PERFURACAO ROTATIVA COM COROA DE WIDIA,EM ALTERACAO DE ROCHA,DIAMETRO NX,VERTICAL,INCLUSIVE DESLOCAMENTO DENTRO DO CANTEIRO E INSTALACAO DA SONDA EM CADA FURO"},"PERFURACAO ROTATIVA COM COROA DE WIDIA,EM ALTERACAO DE ROCHA",",DIAMETRO NX,VERTICAL,INCLUSIVE DESLOCAMENTO DENTRO DO CANTE","IRO E INSTALACAO DA SONDA EM CADA FURO",null,null,null,"M",107.16]
["01.002.0063-0",{"$f":"C553&D553&E553&F553&G553&H553","v":"PERFURACAO ROTATIVA COM COROA DE WIDIA,EM ALTERACAO EM ROCHA,DIAMETRO H,VERTICAL,INCLUSIVE DESLOCAMENTO DENTRO DO CANTEIRO E INSTALACAO DA SONDA EM CADA FURO"},"PERFURACAO ROTATIVA COM COROA DE WIDIA,EM ALTERACAO EM ROCHA",",DIAMETRO H,VERTICAL,INCLUSIVE DESLOCAMENTO DENTRO DO CANTEI","RO E INSTALACAO DA SONDA EM CADA FURO",null,null,null,"M",143.66]
["01.002.0063-A",{"$f":"C554&D554&E554&F554&G554&H554","v":"PERFURACAO ROTATIVA COM COROA DE WIDIA,EM ALTERACAO EM ROCHA,DIAMETRO H,VERTICAL,INCLUSIVE DESLOCAMENTO DENTRO DO CANTEIRO E INSTALACAO DA SONDA EM CADA FURO"},"PERFURACAO ROTATIVA COM COROA DE WIDIA,EM ALTERACAO EM ROCHA",",DIAMETRO H,VERTICAL,INCLUSIVE DESLOCAMENTO DENTRO DO CANTEI","RO E INSTALACAO DA SONDA EM CADA FURO",null,null,null,"M",129.34]
["01.002.0064-0",{"$f":"C555&D555&E555&F555&G555&H555","v":"PERFURACAO ROTATIVA COM COROA DE WIDIA,EM ALTERACAO DE ROCHA,DIAMETRO 5\",VERTICAL,INCLUSIVE DESLOCAMENTO DENTRO DO CANTEIRO E INSTALACAO DA SONDA EM CADA FURO"},"PERFURACAO ROTATIVA COM COROA DE WIDIA,EM ALTERACAO DE ROCHA",",DIAMETRO 5\",VERTICAL,INCLUSIVE DESLOCAMENTO DENTRO DO CANTE","IRO E INSTALACAO DA SONDA EM CADA FURO",null,null,null,"M",175.25]
["01.002.0064-A",{"$f":"C556&D556&E556&F556&G556&H556","v":"PERFURACAO ROTATIVA COM COROA DE WIDIA,EM ALTERACAO DE ROCHA,DIAMETRO 5\",VERTICAL,INCLUSIVE DESLOCAMENTO DENTRO DO CANTEIRO E INSTALACAO DA SONDA EM CADA FURO"},"PERFURACAO ROTATIVA COM COROA DE WIDIA,EM ALTERACAO DE ROCHA",",DIAMETRO 5\",VERTICAL,INCLUSIVE DESLOCAMENTO DENTRO DO CANTE","IRO E INSTALACAO DA SONDA EM CADA FURO",null,null,null,"M",157.78]
["01.002.0065-0",{"$f":"C557&D557&E557&F557&G557&H557","v":"PERFURACAO ROTATIVA COM COROA DE WIDIA,EM ALTERACAO DE ROCHA,DIAMETRO 6\",VERTICAL,INCLUSIVE DESLOCAMENTO DENTRO DO CANTEIRO E INSTALACAO DA SONDA EM CADA FURO"},"PERFURACAO ROTATIVA COM COROA DE WIDIA,EM ALTERACAO DE ROCHA",",DIAMETRO 6\",VERTICAL,INCLUSIVE DESLOCAMENTO DENTRO DO CANTE","IRO E INSTALACAO DA SONDA EM CADA FURO",null,null,null,"M",193.93]
["01.002.0065-A",{"$f":"C558&D558&E558&F558&G558&H558","v":"PERFURACAO ROTATIVA COM COROA DE WIDIA,EM ALTERACAO DE ROCHA,DIAMETRO 6\",VERTICAL,INCLUSIVE DESLOCAMENTO DENTRO DO CANTEIRO E INSTALACAO DA SONDA EM CADA FURO"},"PERFURACAO ROTATIVA COM COROA DE WIDIA,EM ALTERACAO DE ROCHA",",DIAMETRO 6\",VERTICAL,INCLUSIVE DESLOCAMENTO DENTRO DO CANTE","IRO E INSTALACAO DA SONDA EM CADA FURO",null,null,null,"M",174.6]
["01.002.0066-0",{"$f":"C559&D559&E559&F559&G559&H559","v":"PERFURACAO ROTATIVA COM COROA DE WIDIA,EM ALTERACAO DE ROCHA,DIAMETRO 8\",VERTICAL,INCLUSIVE DESLOCAMENTO DENTRO DO CANTEIRO E INSTALACAO DA SONDA EM CADA FURO"},"PERFURACAO ROTATIVA COM COROA DE WIDIA,EM ALTERACAO DE ROCHA",",DIAMETRO 8\",VERTICAL,INCLUSIVE DESLOCAMENTO DENTRO DO CANTE","IRO E INSTALACAO DA SONDA EM CADA FURO",null,null,null,"M",237.04]
["01.002.0066-A",{"$f":"C560&D560&E560&F560&G560&H560","v":"PERFURACAO ROTATIVA COM COROA DE WIDIA,EM ALTERACAO DE ROCHA,DIAMETRO 8\",VERTICAL,INCLUSIVE DESLOCAMENTO DENTRO DO CANTEIRO E INSTALACAO DA SONDA EM CADA FURO"},"PERFURACAO ROTATIVA COM COROA DE WIDIA,EM ALTERACAO DE ROCHA",",DIAMETRO 8\",VERTICAL,INCLUSIVE DESLOCAMENTO DENTRO DO CANTE","IRO E INSTALACAO DA SONDA EM CADA FURO",null,null,null,"M",213.41]
["01.002.0067-0",{"$f":"C561&D561&E561&F561&G561&H561","v":"PERFURACAO ROTATIVA COM COROA DE WIDIA,EM ALTERACAO DE ROCHA,DIAMETRO 10\",VERTICAL,INCLUSIVE DESLOCAMENTO DENTRO DO CANTEIRO E INSTALACAO DA SONDA EM CADA FURO"},"PERFURACAO ROTATIVA COM COROA DE WIDIA,EM ALTERACAO DE ROCHA",",DIAMETRO 10\",VERTICAL,INCLUSIVE DESLOCAMENTO DENTRO DO CANT","EIRO E INSTALACAO DA SONDA EM CADA FURO",null,null,null,"M",272.95]
["01.002.0067-A",{"$f":"C562&D562&E562&F562&G562&H562","v":"PERFURACAO ROTATIVA COM COROA DE WIDIA,EM ALTERACAO DE ROCHA,DIAMETRO 10\",VERTICAL,INCLUSIVE DESLOCAMENTO DENTRO DO CANTEIRO E INSTALACAO DA SONDA EM CADA FURO"},"PERFURACAO ROTATIVA COM COROA DE WIDIA,EM ALTERACAO DE ROCHA",",DIAMETRO 10\",VERTICAL,INCLUSIVE DESLOCAMENTO DENTRO DO CANT","EIRO E INSTALACAO DA SONDA EM CADA FURO",null,null,null,"M",245.73]
["01.002.0068-0",{"$f":"C563&D563&E563&F563&G563&H563","v":"PERFURACAO ROTATIVA COM COROA DE WIDIA,EM ALTERACAO DE ROCHA,DIAMETRO 12\",VERTICAL,INCLUSIVE DESLOCAMENTO DENTRO DO CANTEIRO E INSTALACAO DA SONDA EM CADA FURO"},"PERFURACAO ROTATIVA COM COROA DE WIDIA,EM ALTERACAO DE ROCHA",",DIAMETRO 12\",VERTICAL,INCLUSIVE DESLOCAMENTO DENTRO DO CANT","EIRO E INSTALACAO DA SONDA EM CADA FURO",null,null,null,"M",327.55]
["01.002.0068-A",{"$f":"C564&D564&E564&F564&G564&H564","v":"PERFURACAO ROTATIVA COM COROA DE WIDIA,EM ALTERACAO DE ROCHA,DIAMETRO 12\",VERTICAL,INCLUSIVE DESLOCAMENTO DENTRO DO CANTEIRO E INSTALACAO DA SONDA EM CADA FURO"},"PERFURACAO ROTATIVA COM COROA DE WIDIA,EM ALTERACAO DE ROCHA",",DIAMETRO 12\",VERTICAL,INCLUSIVE DESLOCAMENTO DENTRO DO CANT","EIRO E INSTALACAO DA SONDA EM CADA FURO",null,null,null,"M",294.89]
["01.002.0069-0",{"$f":"C565&D565&E565&F565&G565&H565","v":"PERFURACAO ROTATIVA COM COROA DE WIDIA,EM ALTERACAO DE ROCHA,DIAMETRO 14\",VERTICAL,INCLUSIVE DESLOCAMENTO DENTRO DO CANTEIRO E INSTALACAO DA SONDA EM CADA FURO"},"PERFURACAO ROTATIVA COM COROA DE WIDIA,EM ALTERACAO DE ROCHA",",DIAMETRO 14\",VERTICAL,INCLUSIVE DESLOCAMENTO DENTRO DO CANT","EIRO E INSTALACAO DA SONDA EM CADA FURO",null,null,null,"M",382.12]
["01.002.0069-A",{"$f":"C566&D566&E566&F566&G566&H566","v":"PERFURACAO ROTATIVA COM COROA DE WIDIA,EM ALTERACAO DE ROCHA,DIAMETRO 14\",VERTICAL,INCLUSIVE DESLOCAMENTO DENTRO DO CANTEIRO E INSTALACAO DA SONDA EM CADA FURO"},"PERFURACAO ROTATIVA COM COROA DE WIDIA,EM ALTERACAO DE ROCHA",",DIAMETRO 14\",VERTICAL,INCLUSIVE DESLOCAMENTO DENTRO DO CANT","EIRO E INSTALACAO DA SONDA EM CADA FURO",null,null,null,"M",344.02]
["01.002.0070-0",{"$f":"C567&D567&E567&F567&G567&H567","v":"PERFURACAO ROTATIVA COM COROA DE WIDIA,EM ALTERACAO DE ROCHA,DIAMETRO 16\",VERTICAL,INCLUSIVE DESLOCAMENTO DENTRO DO CANTEIRO E INSTALACAO DA SONDA EM CADA FURO"},"PERFURACAO ROTATIVA COM COROA DE WIDIA,EM ALTERACAO DE ROCHA",",DIAMETRO 16\",VERTICAL,INCLUSIVE DESLOCAMENTO DENTRO DO CANT","EIRO E INSTALACAO DA SONDA EM CADA FURO",null,null,null,"M",436.72]
["01.002.0070-A",{"$f":"C568&D568&E568&F568&G568&H568","v":"PERFURACAO ROTATIVA COM COROA DE WIDIA,EM ALTERACAO DE ROCHA,DIAMETRO 16\",VERTICAL,INCLUSIVE DESLOCAMENTO DENTRO DO CANTEIRO E INSTALACAO DA SONDA EM CADA FURO"},"PERFURACAO ROTATIVA COM COROA DE WIDIA,EM ALTERACAO DE ROCHA",",DIAMETRO 16\",VERTICAL,INCLUSIVE DESLOCAMENTO DENTRO DO CANT","EIRO E INSTALACAO DA SONDA EM CADA FURO",null,null,null,"M",393.18]
["01.002.0075-0",{"$f":"C569&D569&E569&F569&G569&H569","v":"PERFURACAO ROTATIVA COM COROA DE WIDIA,EM ROCHA SA,DIAMETROAX,VERTICAL,INCLUSIVE DESLOCAMENTO DENTRO DO CANTEIRO E INSTALACAO DA SONDA EM CADA FURO"},"PERFURACAO ROTATIVA COM COROA DE WIDIA,EM ROCHA SA,DIAMETRO","AX,VERTICAL,INCLUSIVE DESLOCAMENTO DENTRO DO CANTEIRO E INST","ALACAO DA SONDA EM CADA FURO",null,null,null,"M",157.48]
["01.002.0075-A",{"$f":"C570&D570&E570&F570&G570&H570","v":"PERFURACAO ROTATIVA COM COROA DE WIDIA,EM ROCHA SA,DIAMETROAX,VERTICAL,INCLUSIVE DESLOCAMENTO DENTRO DO CANTEIRO E INSTALACAO DA SONDA EM CADA FURO"},"PERFURACAO ROTATIVA COM COROA DE WIDIA,EM ROCHA SA,DIAMETRO","AX,VERTICAL,INCLUSIVE DESLOCAMENTO DENTRO DO CANTEIRO E INST","ALACAO DA SONDA EM CADA FURO",null,null,null,"M",142.98]
["01.002.0076-0",{"$f":"C571&D571&E571&F571&G571&H571","v":"PERFURACAO ROTATIVA COM COROA DE WIDIA,EM ROCHA SA,DIAMETROBX,VERTICAL,INCLUSIVE DESLOCAMENTO DENTRO DO CANTEIRO E INSTALACAO DA SONDA EM CADA FURO"},"PERFURACAO ROTATIVA COM COROA DE WIDIA,EM ROCHA SA,DIAMETRO","BX,VERTICAL,INCLUSIVE DESLOCAMENTO DENTRO DO CANTEIRO E INST","ALACAO DA SONDA EM CADA FURO",null,null,null,"M",175.35]
["01.002.0076-A",{"$f":"C572&D572&E572&F572&G572&H572","v":"PERFURACAO ROTATIVA COM COROA DE WIDIA,EM ROCHA SA,DIAMETROBX,VERTICAL,INCLUSIVE DESLOCAMENTO DENTRO DO CANTEIRO E INSTALACAO DA SONDA EM CADA FURO"},"PERFURACAO ROTATIVA COM COROA DE WIDIA,EM ROCHA SA,DIAMETRO","BX,VERTICAL,INCLUSIVE DESLOCAMENTO DENTRO DO CANTEIRO E INST","ALACAO DA SONDA EM CADA FURO",null,null,null,"M",159.1]
["01.002.0077-0",{"$f":"C573&D573&E573&F573&G573&H573","v":"PERFURACAO ROTATIVA COM COROA DE WIDIA,EM ROCHA SA,DIAMETRONX,VERTICAL,INCLUSIVE DESLOCAMENTO DENTRO DO CANTEIRO E INSTALACAO DA SONDA EM CADA FURO"},"PERFURACAO ROTATIVA COM COROA DE WIDIA,EM ROCHA SA,DIAMETRO","NX,VERTICAL,INCLUSIVE DESLOCAMENTO DENTRO DO CANTEIRO E INST","ALACAO DA SONDA EM CADA FURO",null,null,null,"M",188.52]
["01.002.0077-A",{"$f":"C574&D574&E574&F574&G574&H574","v":"PERFURACAO ROTATIVA COM COROA DE WIDIA,EM ROCHA SA,DIAMETRONX,VERTICAL,INCLUSIVE DESLOCAMENTO DENTRO DO CANTEIRO E INSTALACAO DA SONDA EM CADA FURO"},"PERFURACAO ROTATIVA COM COROA DE WIDIA,EM ROCHA SA,DIAMETRO","NX,VERTICAL,INCLUSIVE DESLOCAMENTO DENTRO DO CANTEIRO E INST","ALACAO DA SONDA EM CADA FURO",null,null,null,"M",171.05]
["01.002.0078-0",{"$f":"C575&D575&E575&F575&G575&H575","v":"PERFURACAO ROTATIVA COM COROA DE WIDIA,EM ROCHA SA,DIAMETROH,VERTICAL,INCLUSIVE DESLOCAMENTO DENTRO DO CANTEIRO E INSTALACAO DA SONDA EM CADA FURO"},"PERFURACAO ROTATIVA COM COROA DE WIDIA,EM ROCHA SA,DIAMETRO","H,VERTICAL,INCLUSIVE DESLOCAMENTO DENTRO DO CANTEIRO E INSTA","LACAO DA SONDA EM CADA FURO",null,null,null,"M",263.05]
["01.002.0078-A",{"$f":"C576&D576&E576&F576&G576&H576","v":"PERFURACAO ROTATIVA COM COROA DE WIDIA,EM ROCHA SA,DIAMETROH,VERTICAL,INCLUSIVE DESLOCAMENTO DENTRO DO CANTEIRO E INSTALACAO DA SONDA EM CADA FURO"},"PERFURACAO ROTATIVA COM COROA DE WIDIA,EM ROCHA SA,DIAMETRO","H,VERTICAL,INCLUSIVE DESLOCAMENTO DENTRO DO CANTEIRO E INSTA","LACAO DA SONDA EM CADA FURO",null,null,null,"M",238.68]
["01.002.0079-0",{"$f":"C577&D577&E577&F577&G577&H577","v":"PERFURACAO ROTATIVA COM COROA DE WIDIA,EM ROCHA SA,DIAMETRO5\",VERTICAL,INCLUSIVE DESLOCAMENTO DENTRO DO CANTEIRO E INSTALACAO DA SONDA EM CADA FURO"},"PERFURACAO ROTATIVA COM COROA DE WIDIA,EM ROCHA SA,DIAMETRO","5\",VERTICAL,INCLUSIVE DESLOCAMENTO DENTRO DO CANTEIRO E INST","ALACAO DA SONDA EM CADA FURO",null,null,null,"M",318.46]
["01.002.0079-A",{"$f":"C578&D578&E578&F578&G578&H578","v":"PERFURACAO ROTATIVA COM COROA DE WIDIA,EM ROCHA SA,DIAMETRO5\",VERTICAL,INCLUSIVE DESLOCAMENTO DENTRO DO CANTEIRO E INSTALACAO DA SONDA EM CADA FURO"},"PERFURACAO ROTATIVA COM COROA DE WIDIA,EM ROCHA SA,DIAMETRO","5\",VERTICAL,INCLUSIVE DESLOCAMENTO DENTRO DO CANTEIRO E INST","ALACAO DA SONDA EM CADA FURO",null,null,null,"M",288.95]
["01.002.0080-0",{"$f":"C579&D579&E579&F579&G579&H579","v":"PERFURACAO ROTATIVA COM COROA DE WIDIA,EM ROCHA SA,DIAMETRO6\",VERTICAL,INCLUSIVE DESLOCAMENTO DENTRO DO CANTEIRO E INSTALACAO DA SONDA EM CADA FURO"},"PERFURACAO ROTATIVA COM COROA DE WIDIA,EM ROCHA SA,DIAMETRO","6\",VERTICAL,INCLUSIVE DESLOCAMENTO DENTRO DO CANTEIRO E INST","ALACAO DA SONDA EM CADA FURO",null,null,null,"M",382.15]
["01.002.0080-A",{"$f":"C580&D580&E580&F580&G580&H580","v":"PERFURACAO ROTATIVA COM COROA DE WIDIA,EM ROCHA SA,DIAMETRO6\",VERTICAL,INCLUSIVE DESLOCAMENTO DENTRO DO CANTEIRO E INSTALACAO DA SONDA EM CADA FURO"},"PERFURACAO ROTATIVA COM COROA DE WIDIA,EM ROCHA SA,DIAMETRO","6\",VERTICAL,INCLUSIVE DESLOCAMENTO DENTRO DO CANTEIRO E INST","ALACAO DA SONDA EM CADA FURO",null,null,null,"M",346.74]
["01.002.0081-0",{"$f":"C581&D581&E581&F581&G581&H581","v":"PERFURACAO ROTATIVA COM COROA DE WIDIA,EM ROCHA SA,DIAMETRO8\",VERTICAL,INCLUSIVE DESLOCAMENTO DENTRO DO CANTEIRO E INSTALACAO DA SONDA EM CADA FURO"},"PERFURACAO ROTATIVA COM COROA DE WIDIA,EM ROCHA SA,DIAMETRO","8\",VERTICAL,INCLUSIVE DESLOCAMENTO DENTRO DO CANTEIRO E INST","ALACAO DA SONDA EM CADA FURO",null,null,null,"M",509.55]
["01.002.0081-A",{"$f":"C582&D582&E582&F582&G582&H582","v":"PERFURACAO ROTATIVA COM COROA DE WIDIA,EM ROCHA SA,DIAMETRO8\",VERTICAL,INCLUSIVE DESLOCAMENTO DENTRO DO CANTEIRO E INSTALACAO DA SONDA EM CADA FURO"},"PERFURACAO ROTATIVA COM COROA DE WIDIA,EM ROCHA SA,DIAMETRO","8\",VERTICAL,INCLUSIVE DESLOCAMENTO DENTRO DO CANTEIRO E INST","ALACAO DA SONDA EM CADA FURO",null,null,null,"M",462.33]
["01.002.0082-0",{"$f":"C583&D583&E583&F583&G583&H583","v":"PERFURACAO ROTATIVA COM COROA DE WIDIA,EM ROCHA SA,DIAMETRO10\",VERTICAL,INCLUSIVE DESLOCAMENTO DENTRO DO CANTEIRO E INSTALACAO DA SONDA EM CADA FURO"},"PERFURACAO ROTATIVA COM COROA DE WIDIA,EM ROCHA SA,DIAMETRO","10\",VERTICAL,INCLUSIVE DESLOCAMENTO DENTRO DO CANTEIRO E IN","STALACAO DA SONDA EM CADA FURO",null,null,null,"M",636.94]
["01.002.0082-A",{"$f":"C584&D584&E584&F584&G584&H584","v":"PERFURACAO ROTATIVA COM COROA DE WIDIA,EM ROCHA SA,DIAMETRO10\",VERTICAL,INCLUSIVE DESLOCAMENTO DENTRO DO CANTEIRO E INSTALACAO DA SONDA EM CADA FURO"},"PERFURACAO ROTATIVA COM COROA DE WIDIA,EM ROCHA SA,DIAMETRO","10\",VERTICAL,INCLUSIVE DESLOCAMENTO DENTRO DO CANTEIRO E IN","STALACAO DA SONDA EM CADA FURO",null,null,null,"M",577.92]
["01.002.0083-0",{"$f":"C585&D585&E585&F585&G585&H585","v":"PERFURACAO ROTATIVA COM COROA DE WIDIA,EM ROCHA SA,DIAMETRO12\",VERTICAL,INCLUSIVE DESLOCAMENTO DENTRO DO CANTEIRO E INSTALACAO DA SONDA EM CADA FURO"},"PERFURACAO ROTATIVA COM COROA DE WIDIA,EM ROCHA SA,DIAMETRO","12\",VERTICAL,INCLUSIVE DESLOCAMENTO DENTRO DO CANTEIRO E IN","STALACAO DA SONDA EM CADA FURO",null,null,null,"M",764.34]
["01.002.0083-A",{"$f":"C586&D586&E586&F586&G586&H586","v":"PERFURACAO ROTATIVA COM COROA DE WIDIA,EM ROCHA SA,DIAMETRO12\",VERTICAL,INCLUSIVE DESLOCAMENTO DENTRO DO CANTEIRO E INSTALACAO DA SONDA EM CADA FURO"},"PERFURACAO ROTATIVA COM COROA DE WIDIA,EM ROCHA SA,DIAMETRO","12\",VERTICAL,INCLUSIVE DESLOCAMENTO DENTRO DO CANTEIRO E IN","STALACAO DA SONDA EM CADA FURO",null,null,null,"M",693.51]
["01.002.0084-0",{"$f":"C587&D587&E587&F587&G587&H587","v":"PERFURACAO ROTATIVA COM COROA DE WIDIA,EM ROCHA SA,DIAMETRO14\",VERTICAL,INCLUSIVE DESLOCAMENTO DENTRO DO CANTEIRO E INSTALACAO DA SONDA EM CADA FURO"},"PERFURACAO ROTATIVA COM COROA DE WIDIA,EM ROCHA SA,DIAMETRO","14\",VERTICAL,INCLUSIVE DESLOCAMENTO DENTRO DO CANTEIRO E IN","STALACAO DA SONDA EM CADA FURO",null,null,null,"M",891.74]
["01.002.0084-A",{"$f":"C588&D588&E588&F588&G588&H588","v":"PERFURACAO ROTATIVA COM COROA DE WIDIA,EM ROCHA SA,DIAMETRO14\",VERTICAL,INCLUSIVE DESLOCAMENTO DENTRO DO CANTEIRO E INSTALACAO DA SONDA EM CADA FURO"},"PERFURACAO ROTATIVA COM COROA DE WIDIA,EM ROCHA SA,DIAMETRO","14\",VERTICAL,INCLUSIVE DESLOCAMENTO DENTRO DO CANTEIRO E IN","STALACAO DA SONDA EM CADA FURO",null,null,null,"M",809.1]
["01.002.0085-0",{"$f":"C589&D589&E589&F589&G589&H589","v":"PERFURACAO ROTATIVA COM COROA DE WIDIA,EM ROCHA SA,DIAMETRO16\",VERTICAL,INCLUSIVE DESLOCAMENTO DENTRO DO CANTEIRO E INSTALACAO DA SONDA EM CADA FURO"},"PERFURACAO ROTATIVA COM COROA DE WIDIA,EM ROCHA SA,DIAMETRO","16\",VERTICAL,INCLUSIVE DESLOCAMENTO DENTRO DO CANTEIRO E IN","STALACAO DA SONDA EM CADA FURO",null,null,null,"M",1019.13]
["01.002.0085-A",{"$f":"C590&D590&E590&F590&G590&H590","v":"PERFURACAO ROTATIVA COM COROA DE WIDIA,EM ROCHA SA,DIAMETRO16\",VERTICAL,INCLUSIVE DESLOCAMENTO DENTRO DO CANTEIRO E INSTALACAO DA SONDA EM CADA FURO"},"PERFURACAO ROTATIVA COM COROA DE WIDIA,EM ROCHA SA,DIAMETRO","16\",VERTICAL,INCLUSIVE DESLOCAMENTO DENTRO DO CANTEIRO E IN","STALACAO DA SONDA EM CADA FURO",null,null,null,"M",924.69]
["01.003.0001-0",{"$f":"C591&D591&E591&F591&G591&H591","v":"SONDAGEM A PERCUSSAO,EM TERRENO COMUM,COM ENSAIO DE PENETRACAO,DIAMETRO 3\",INCLUSIVE DESLOCAMENTO DENTRO DO CANTEIRO E INSTALACAO DA SONDA EM CADA FURO"},"SONDAGEM A PERCUSSAO,EM TERRENO COMUM,COM ENSAIO DE PENETRAC","AO,DIAMETRO 3\",INCLUSIVE DESLOCAMENTO DENTRO DO CANTEIRO E I","NSTALACAO DA SONDA EM CADA FURO",null,null,null,"M",101.09]
["01.003.0001-A",{"$f":"C592&D592&E592&F592&G592&H592","v":"SONDAGEM A PERCUSSAO,EM TERRENO COMUM,COM ENSAIO DE PENETRACAO,DIAMETRO 3\",INCLUSIVE DESLOCAMENTO DENTRO DO CANTEIRO E INSTALACAO DA SONDA EM CADA FURO"},"SONDAGEM A PERCUSSAO,EM TERRENO COMUM,COM ENSAIO DE PENETRAC","AO,DIAMETRO 3\",INCLUSIVE DESLOCAMENTO DENTRO DO CANTEIRO E I","NSTALACAO DA SONDA EM CADA FURO",null,null,null,"M",87.8]
["01.003.0002-0",{"$f":"C593&D593&E593&F593&G593&H593","v":"SONDAGEM A PERCUSSAO,EM TERRENO COMUM,COM ENSAIO DE PENETRACAO,DIAMETRO 4.1/2\",INCLUSIVE DESLOCAMENTO DENTRO DO CANTEIRO E INSTALACAO DA SONDA EM CADA FURO"},"SONDAGEM A PERCUSSAO,EM TERRENO COMUM,COM ENSAIO DE PENETRAC","AO,DIAMETRO 4.1/2\",INCLUSIVE DESLOCAMENTO DENTRO DO CANTEIRO"," E INSTALACAO DA SONDA EM CADA FURO",null,null,null,"M",117.02]
["01.003.0002-A",{"$f":"C594&D594&E594&F594&G594&H594","v":"SONDAGEM A PERCUSSAO,EM TERRENO COMUM,COM ENSAIO DE PENETRACAO,DIAMETRO 4.1/2\",INCLUSIVE DESLOCAMENTO DENTRO DO CANTEIRO E INSTALACAO DA SONDA EM CADA FURO"},"SONDAGEM A PERCUSSAO,EM TERRENO COMUM,COM ENSAIO DE PENETRAC","AO,DIAMETRO 4.1/2\",INCLUSIVE DESLOCAMENTO DENTRO DO CANTEIRO"," E INSTALACAO DA SONDA EM CADA FURO",null,null,null,"M",101.64]
["01.003.0003-0",{"$f":"C595&D595&E595&F595&G595&H595","v":"SONDAGEM A PERCUSSAO,EM TERRENO COMUM,COM ENSAIO DE PENETRACAO,DIAMETRO 6\",INCLUSIVE DESLOCAMENTO DENTRO DO CANTEIRO E INSTALACAO DA SONDA EM CADA FURO"},"SONDAGEM A PERCUSSAO,EM TERRENO COMUM,COM ENSAIO DE PENETRAC","AO,DIAMETRO 6\",INCLUSIVE DESLOCAMENTO DENTRO DO CANTEIRO E I","NSTALACAO DA SONDA EM CADA FURO",null,null,null,"M",158.95]
["01.003.0003-A",{"$f":"C596&D596&E596&F596&G596&H596","v":"SONDAGEM A PERCUSSAO,EM TERRENO COMUM,COM ENSAIO DE PENETRACAO,DIAMETRO 6\",INCLUSIVE DESLOCAMENTO DENTRO DO CANTEIRO E INSTALACAO DA SONDA EM CADA FURO"},"SONDAGEM A PERCUSSAO,EM TERRENO COMUM,COM ENSAIO DE PENETRAC","AO,DIAMETRO 6\",INCLUSIVE DESLOCAMENTO DENTRO DO CANTEIRO E I","NSTALACAO DA SONDA EM CADA FURO",null,null,null,"M",138.06]
["01.003.0005-0",{"$f":"C597&D597&E597&F597&G597&H597","v":"SONDAGEM A PERCUSSAO,EM TERRENO COMUM,COM ENSAIO DE PENETRACAO,DIAMETRO 8\",INCLUSIVE DESLOCAMENTO DENTRO DO CANTEIRO E INSTALACAO DA SONDA EM CADA FURO"},"SONDAGEM A PERCUSSAO,EM TERRENO COMUM,COM ENSAIO DE PENETRAC","AO,DIAMETRO 8\",INCLUSIVE DESLOCAMENTO DENTRO DO CANTEIRO E I","NSTALACAO DA SONDA EM CADA FURO",null,null,null,"M",211.89]
["01.003.0005-A",{"$f":"C598&D598&E598&F598&G598&H598","v":"SONDAGEM A PERCUSSAO,EM TERRENO COMUM,COM ENSAIO DE PENETRACAO,DIAMETRO 8\",INCLUSIVE DESLOCAMENTO DENTRO DO CANTEIRO E INSTALACAO DA SONDA EM CADA FURO"},"SONDAGEM A PERCUSSAO,EM TERRENO COMUM,COM ENSAIO DE PENETRAC","AO,DIAMETRO 8\",INCLUSIVE DESLOCAMENTO DENTRO DO CANTEIRO E I","NSTALACAO DA SONDA EM CADA FURO",null,null,null,"M",184.04]
["01.003.0006-0",{"$f":"C599&D599&E599&F599&G599&H599","v":"SONDAGEM A PERCUSSAO,EM TERRENO COMUM,COM ENSAIO DE PENETRACAO,DIAMETRO 10\",INCLUSIVE DESLOCAMENTO DENTRO DO CANTEIRO EINSTALACAO DA SONDA EM CADA FURO"},"SONDAGEM A PERCUSSAO,EM TERRENO COMUM,COM ENSAIO DE PENETRAC","AO,DIAMETRO 10\",INCLUSIVE DESLOCAMENTO DENTRO DO CANTEIRO E","INSTALACAO DA SONDA EM CADA FURO",null,null,null,"M",255.99]
["01.003.0006-A",{"$f":"C600&D600&E600&F600&G600&H600","v":"SONDAGEM A PERCUSSAO,EM TERRENO COMUM,COM ENSAIO DE PENETRACAO,DIAMETRO 10\",INCLUSIVE DESLOCAMENTO DENTRO DO CANTEIRO EINSTALACAO DA SONDA EM CADA FURO"},"SONDAGEM A PERCUSSAO,EM TERRENO COMUM,COM ENSAIO DE PENETRAC","AO,DIAMETRO 10\",INCLUSIVE DESLOCAMENTO DENTRO DO CANTEIRO E","INSTALACAO DA SONDA EM CADA FURO",null,null,null,"M",222.33]
["01.003.0011-0",{"$f":"C601&D601&E601&F601&G601&H601","v":"SONDAGEM A PERCUSSAO,SOB LAMINA D'AGUA DE RIOS E LAGOAS,COMENSAIO DE PENETRACAO,DIAMETRO 3\",INCLUSIVE DESLOCAMENTO DENTRO DO CANTEIRO E INSTALACAO DA SONDA EM CADA FURO"},"SONDAGEM A PERCUSSAO,SOB LAMINA D'AGUA DE RIOS E LAGOAS,COM","ENSAIO DE PENETRACAO,DIAMETRO 3\",INCLUSIVE DESLOCAMENTO DENT","RO DO CANTEIRO E INSTALACAO DA SONDA EM CADA FURO",null,null,null,"M",1517.25]
["01.003.0011-A",{"$f":"C602&D602&E602&F602&G602&H602","v":"SONDAGEM A PERCUSSAO,SOB LAMINA D'AGUA DE RIOS E LAGOAS,COMENSAIO DE PENETRACAO,DIAMETRO 3\",INCLUSIVE DESLOCAMENTO DENTRO DO CANTEIRO E INSTALACAO DA SONDA EM CADA FURO"},"SONDAGEM A PERCUSSAO,SOB LAMINA D'AGUA DE RIOS E LAGOAS,COM","ENSAIO DE PENETRACAO,DIAMETRO 3\",INCLUSIVE DESLOCAMENTO DENT","RO DO CANTEIRO E INSTALACAO DA SONDA EM CADA FURO",null,null,null,"M",1517.25]
["01.003.0012-0",{"$f":"C603&D603&E603&F603&G603&H603","v":"SONDAGEM A PERCUSSAO,SOB LAMINA D'AGUA DE RIOS E LAGOAS,COMENSAIO DE PENETRACAO,DIAMETRO 4.1/2\",INCLUSIVE DESLOCAMENTODENTRO DO CANTEIRO E INSTALACAO DA SONDA EM CADA FURO"},"SONDAGEM A PERCUSSAO,SOB LAMINA D'AGUA DE RIOS E LAGOAS,COM","ENSAIO DE PENETRACAO,DIAMETRO 4.1/2\",INCLUSIVE DESLOCAMENTO","DENTRO DO CANTEIRO E INSTALACAO DA SONDA EM CADA FURO",null,null,null,"M",1821.75]
["01.003.0012-A",{"$f":"C604&D604&E604&F604&G604&H604","v":"SONDAGEM A PERCUSSAO,SOB LAMINA D'AGUA DE RIOS E LAGOAS,COMENSAIO DE PENETRACAO,DIAMETRO 4.1/2\",INCLUSIVE DESLOCAMENTODENTRO DO CANTEIRO E INSTALACAO DA SONDA EM CADA FURO"},"SONDAGEM A PERCUSSAO,SOB LAMINA D'AGUA DE RIOS E LAGOAS,COM","ENSAIO DE PENETRACAO,DIAMETRO 4.1/2\",INCLUSIVE DESLOCAMENTO","DENTRO DO CANTEIRO E INSTALACAO DA SONDA EM CADA FURO",null,null,null,"M",1821.75]
["01.003.0013-0",{"$f":"C605&D605&E605&F605&G605&H605","v":"SONDAGEM A PERCUSSAO,SOB LAMINA D'AGUA DE RIOS E LAGOAS,COMENSAIO DE PENETRACAO,DIAMETRO 6\",INCLUSIVE DESLOCAMENTO DENTRO DO CANTEIRO E INSTALACAO DA SONDA EM CADA FURO"},"SONDAGEM A PERCUSSAO,SOB LAMINA D'AGUA DE RIOS E LAGOAS,COM","ENSAIO DE PENETRACAO,DIAMETRO 6\",INCLUSIVE DESLOCAMENTO DENT","RO DO CANTEIRO E INSTALACAO DA SONDA EM CADA FURO",null,null,null,"M",2184]
["01.003.0013-A",{"$f":"C606&D606&E606&F606&G606&H606","v":"SONDAGEM A PERCUSSAO,SOB LAMINA D'AGUA DE RIOS E LAGOAS,COMENSAIO DE PENETRACAO,DIAMETRO 6\",INCLUSIVE DESLOCAMENTO DENTRO DO CANTEIRO E INSTALACAO DA SONDA EM CADA FURO"},"SONDAGEM A PERCUSSAO,SOB LAMINA D'AGUA DE RIOS E LAGOAS,COM","ENSAIO DE PENETRACAO,DIAMETRO 6\",INCLUSIVE DESLOCAMENTO DENT","RO DO CANTEIRO E INSTALACAO DA SONDA EM CADA FURO",null,null,null,"M",2184]
["01.003.0021-0",{"$f":"C607&D607&E607&F607&G607&H607","v":"PERFURACAO A PERCUSSAO,EM TERRENO COMUM,DIAMETRO 3\",INCLUSIVE DESLOCAMENTO DENTRO DO CANTEIRO E INSTALACAO DA SONDA EM CADA FURO"},"PERFURACAO A PERCUSSAO,EM TERRENO COMUM,DIAMETRO 3\",INCLUSIV","E DESLOCAMENTO DENTRO DO CANTEIRO E INSTALACAO DA SONDA EM C","ADA FURO",null,null,null,"M",77.75]
["01.003.0021-A",{"$f":"C608&D608&E608&F608&G608&H608","v":"PERFURACAO A PERCUSSAO,EM TERRENO COMUM,DIAMETRO 3\",INCLUSIVE DESLOCAMENTO DENTRO DO CANTEIRO E INSTALACAO DA SONDA EM CADA FURO"},"PERFURACAO A PERCUSSAO,EM TERRENO COMUM,DIAMETRO 3\",INCLUSIV","E DESLOCAMENTO DENTRO DO CANTEIRO E INSTALACAO DA SONDA EM C","ADA FURO",null,null,null,"M",67.53]
["01.003.0022-0",{"$f":"C609&D609&E609&F609&G609&H609","v":"PERFURACAO A PERCUSSAO,EM TERRENO COMUM,DIAMETRO 4.1/2\",INCLUSIVE DESLOCAMENTO DENTRO DO CANTEIRO E INSTALACAO DA SONDAEM CADA FURO"},"PERFURACAO A PERCUSSAO,EM TERRENO COMUM,DIAMETRO 4.1/2\",INCL","USIVE DESLOCAMENTO DENTRO DO CANTEIRO E INSTALACAO DA SONDA","EM CADA FURO",null,null,null,"M",90.04]
["01.003.0022-A",{"$f":"C610&D610&E610&F610&G610&H610","v":"PERFURACAO A PERCUSSAO,EM TERRENO COMUM,DIAMETRO 4.1/2\",INCLUSIVE DESLOCAMENTO DENTRO DO CANTEIRO E INSTALACAO DA SONDAEM CADA FURO"},"PERFURACAO A PERCUSSAO,EM TERRENO COMUM,DIAMETRO 4.1/2\",INCL","USIVE DESLOCAMENTO DENTRO DO CANTEIRO E INSTALACAO DA SONDA","EM CADA FURO",null,null,null,"M",78.2]
["01.003.0023-0",{"$f":"C611&D611&E611&F611&G611&H611","v":"PERFURACAO A PERCUSSAO,EM TERRENO COMUM,DIAMETRO 6\",INCLUSIVE DESLOCAMENTO DENTRO DO CANTEIRO E INSTALACAO DA SONDA EM CADA FURO"},"PERFURACAO A PERCUSSAO,EM TERRENO COMUM,DIAMETRO 6\",INCLUSIV","E DESLOCAMENTO DENTRO DO CANTEIRO E INSTALACAO DA SONDA EM C","ADA FURO",null,null,null,"M",122.28]
["01.003.0023-A",{"$f":"C612&D612&E612&F612&G612&H612","v":"PERFURACAO A PERCUSSAO,EM TERRENO COMUM,DIAMETRO 6\",INCLUSIVE DESLOCAMENTO DENTRO DO CANTEIRO E INSTALACAO DA SONDA EM CADA FURO"},"PERFURACAO A PERCUSSAO,EM TERRENO COMUM,DIAMETRO 6\",INCLUSIV","E DESLOCAMENTO DENTRO DO CANTEIRO E INSTALACAO DA SONDA EM C","ADA FURO",null,null,null,"M",106.2]
["01.003.0029-0",{"$f":"C613&D613&E613&F613&G613&H613","v":"PERFURACAO A PERCUSSAO,EM TERRENO COMUM,DIAMETRO 8\",INCLUSIVE DESLOCAMENTO DENTRO DO CANTEIRO E INSTALACAO DA SONDA EM CADA FURO"},"PERFURACAO A PERCUSSAO,EM TERRENO COMUM,DIAMETRO 8\",INCLUSIV","E DESLOCAMENTO DENTRO DO CANTEIRO E INSTALACAO DA SONDA EM C","ADA FURO",null,null,null,"M",163.04]
["01.003.0029-A",{"$f":"C614&D614&E614&F614&G614&H614","v":"PERFURACAO A PERCUSSAO,EM TERRENO COMUM,DIAMETRO 8\",INCLUSIVE DESLOCAMENTO DENTRO DO CANTEIRO E INSTALACAO DA SONDA EM CADA FURO"},"PERFURACAO A PERCUSSAO,EM TERRENO COMUM,DIAMETRO 8\",INCLUSIV","E DESLOCAMENTO DENTRO DO CANTEIRO E INSTALACAO DA SONDA EM C","ADA FURO",null,null,null,"M",141.61]
["01.003.0030-0",{"$f":"C615&D615&E615&F615&G615&H615","v":"PERFURACAO A PERCUSSAO,EM TERRENO COMUM,DIAMETRO 10\",INCLUSIVE DESLOCAMENTO DENTRO DO CANTEIRO E INSTALACAO DA SONDA EMCADA FURO"},"PERFURACAO A PERCUSSAO,EM TERRENO COMUM,DIAMETRO 10\",INCLUSI","VE DESLOCAMENTO DENTRO DO CANTEIRO E INSTALACAO DA SONDA EM","CADA FURO",null,null,null,"M",196.93]
["01.003.0030-A",{"$f":"C616&D616&E616&F616&G616&H616","v":"PERFURACAO A PERCUSSAO,EM TERRENO COMUM,DIAMETRO 10\",INCLUSIVE DESLOCAMENTO DENTRO DO CANTEIRO E INSTALACAO DA SONDA EMCADA FURO"},"PERFURACAO A PERCUSSAO,EM TERRENO COMUM,DIAMETRO 10\",INCLUSI","VE DESLOCAMENTO DENTRO DO CANTEIRO E INSTALACAO DA SONDA EM","CADA FURO",null,null,null,"M",171.04]
["01.003.0032-0",{"$f":"C617&D617&E617&F617&G617&H617","v":"PERFURACAO A PERCUSSAO,EM ROCHA ALTERADA,DIAMETRO 3\",INCLUSIVE DESLOCAMENTO DENTRO DO CANTEIRO E INSTALACAO DA SONDA EMCADA FURO"},"PERFURACAO A PERCUSSAO,EM ROCHA ALTERADA,DIAMETRO 3\",INCLUSI","VE DESLOCAMENTO DENTRO DO CANTEIRO E INSTALACAO DA SONDA EM","CADA FURO",null,null,null,"M",104.97]
["01.003.0032-A",{"$f":"C618&D618&E618&F618&G618&H618","v":"PERFURACAO A PERCUSSAO,EM ROCHA ALTERADA,DIAMETRO 3\",INCLUSIVE DESLOCAMENTO DENTRO DO CANTEIRO E INSTALACAO DA SONDA EMCADA FURO"},"PERFURACAO A PERCUSSAO,EM ROCHA ALTERADA,DIAMETRO 3\",INCLUSI","VE DESLOCAMENTO DENTRO DO CANTEIRO E INSTALACAO DA SONDA EM","CADA FURO",null,null,null,"M",91.17]
["01.003.0034-0",{"$f":"C619&D619&E619&F619&G619&H619","v":"PERFURACAO A PERCUSSAO,EM ROCHA ALTERADA,DIAMETRO 4.1/2\",INCLUSIVE DESLOCAMENTO DENTRO DO CANTEIRO E INSTALACAO DA SONDA EM CADA FURO"},"PERFURACAO A PERCUSSAO,EM ROCHA ALTERADA,DIAMETRO 4.1/2\",INC","LUSIVE DESLOCAMENTO DENTRO DO CANTEIRO E INSTALACAO DA SONDA"," EM CADA FURO",null,null,null,"M",121.55]
["01.003.0034-A",{"$f":"C620&D620&E620&F620&G620&H620","v":"PERFURACAO A PERCUSSAO,EM ROCHA ALTERADA,DIAMETRO 4.1/2\",INCLUSIVE DESLOCAMENTO DENTRO DO CANTEIRO E INSTALACAO DA SONDA EM CADA FURO"},"PERFURACAO A PERCUSSAO,EM ROCHA ALTERADA,DIAMETRO 4.1/2\",INC","LUSIVE DESLOCAMENTO DENTRO DO CANTEIRO E INSTALACAO DA SONDA"," EM CADA FURO",null,null,null,"M",105.57]
["01.003.0036-0",{"$f":"C621&D621&E621&F621&G621&H621","v":"PERFURACAO A PERCUSSAO,EM ROCHA ALTERADA,DIAMETRO 6\",INCLUSIVE DESLOCAMENTO DENTRO DO CANTEIRO E INSTALACAO DA SONDA EMCADA FURO"},"PERFURACAO A PERCUSSAO,EM ROCHA ALTERADA,DIAMETRO 6\",INCLUSI","VE DESLOCAMENTO DENTRO DO CANTEIRO E INSTALACAO DA SONDA EM","CADA FURO",null,null,null,"M",165.07]
["01.003.0036-A",{"$f":"C622&D622&E622&F622&G622&H622","v":"PERFURACAO A PERCUSSAO,EM ROCHA ALTERADA,DIAMETRO 6\",INCLUSIVE DESLOCAMENTO DENTRO DO CANTEIRO E INSTALACAO DA SONDA EMCADA FURO"},"PERFURACAO A PERCUSSAO,EM ROCHA ALTERADA,DIAMETRO 6\",INCLUSI","VE DESLOCAMENTO DENTRO DO CANTEIRO E INSTALACAO DA SONDA EM","CADA FURO",null,null,null,"M",143.37]
["01.003.0038-0",{"$f":"C623&D623&E623&F623&G623&H623","v":"PERFURACAO A PERCUSSAO,EM ROCHA ALTERADA,DIAMETRO 8\",INCLUSIVE DESLOCAMENTO DENTRO DO CANTEIRO E INSTALACAO DA SONDA EMCADA FURO"},"PERFURACAO A PERCUSSAO,EM ROCHA ALTERADA,DIAMETRO 8\",INCLUSI","VE DESLOCAMENTO DENTRO DO CANTEIRO E INSTALACAO DA SONDA EM","CADA FURO",null,null,null,"M",220.1]
["01.003.0038-A",{"$f":"C624&D624&E624&F624&G624&H624","v":"PERFURACAO A PERCUSSAO,EM ROCHA ALTERADA,DIAMETRO 8\",INCLUSIVE DESLOCAMENTO DENTRO DO CANTEIRO E INSTALACAO DA SONDA EMCADA FURO"},"PERFURACAO A PERCUSSAO,EM ROCHA ALTERADA,DIAMETRO 8\",INCLUSI","VE DESLOCAMENTO DENTRO DO CANTEIRO E INSTALACAO DA SONDA EM","CADA FURO",null,null,null,"M",191.16]
["01.003.0040-0",{"$f":"C625&D625&E625&F625&G625&H625","v":"PERFURACAO A PERCUSSAO,EM ROCHA ALTERADA,DIAMETRO 10\",INCLUSIVE DESLOCAMENTO DENTRO DO CANTEIRO E INSTALACAO DA SONDA EM CADA FURO"},"PERFURACAO A PERCUSSAO,EM ROCHA ALTERADA,DIAMETRO 10\",INCLUS","IVE DESLOCAMENTO DENTRO DO CANTEIRO E INSTALACAO DA SONDA EM"," CADA FURO",null,null,null,"M",265.85]
["01.003.0040-A",{"$f":"C626&D626&E626&F626&G626&H626","v":"PERFURACAO A PERCUSSAO,EM ROCHA ALTERADA,DIAMETRO 10\",INCLUSIVE DESLOCAMENTO DENTRO DO CANTEIRO E INSTALACAO DA SONDA EM CADA FURO"},"PERFURACAO A PERCUSSAO,EM ROCHA ALTERADA,DIAMETRO 10\",INCLUS","IVE DESLOCAMENTO DENTRO DO CANTEIRO E INSTALACAO DA SONDA EM"," CADA FURO",null,null,null,"M",230.9]
["01.003.0050-0",{"$f":"C627&D627&E627&F627&G627&H627","v":"PERFURACAO COM \"WAGON DRILL\" DIAMETRO ATE 2.1/2\",EM GRANITOOU GNAISSE,INCLUSIVE AR COMPRIMIDO"},"PERFURACAO COM \"WAGON DRILL\" DIAMETRO ATE 2.1/2\",EM GRANITO","OU GNAISSE,INCLUSIVE AR COMPRIMIDO",null,null,null,null,"M",125.87]
["01.003.0050-A",{"$f":"C628&D628&E628&F628&G628&H628","v":"PERFURACAO COM \"WAGON DRILL\" DIAMETRO ATE 2.1/2\",EM GRANITOOU GNAISSE,INCLUSIVE AR COMPRIMIDO"},"PERFURACAO COM \"WAGON DRILL\" DIAMETRO ATE 2.1/2\",EM GRANITO","OU GNAISSE,INCLUSIVE AR COMPRIMIDO",null,null,null,null,"M",116.33]
["01.003.0052-0",{"$f":"C629&D629&E629&F629&G629&H629","v":"PERFURACAO COM \"WAGON DRILL\" PESADO,DIAMETRO ATE 4.1/2\",EM GRANITO OU GNAISSE,INCLUSIVE AR COMPRIMIDO"},"PERFURACAO COM \"WAGON DRILL\" PESADO,DIAMETRO ATE 4.1/2\",EM G","RANITO OU GNAISSE,INCLUSIVE AR COMPRIMIDO",null,null,null,null,"M",118.22]
["01.003.0052-A",{"$f":"C630&D630&E630&F630&G630&H630","v":"PERFURACAO COM \"WAGON DRILL\" PESADO,DIAMETRO ATE 4.1/2\",EM GRANITO OU GNAISSE,INCLUSIVE AR COMPRIMIDO"},"PERFURACAO COM \"WAGON DRILL\" PESADO,DIAMETRO ATE 4.1/2\",EM G","RANITO OU GNAISSE,INCLUSIVE AR COMPRIMIDO",null,null,null,null,"M",112.28]
["01.003.0054-0",{"$f":"C631&D631&E631&F631&G631&H631","v":"PERFURACAO COM EQUIPAMENTO DE AR COMPRIMIDO,DIAMETRO ATE 1.1/4\",EM GRANITO OU GNAISSE,ADMITINDO UMA PRODUCAO MEDIA BRUTA EM TORNO DE 2,00M/H"},"PERFURACAO COM EQUIPAMENTO DE AR COMPRIMIDO,DIAMETRO ATE 1.1","/4\",EM GRANITO OU GNAISSE,ADMITINDO UMA PRODUCAO MEDIA BRUTA"," EM TORNO DE 2,00M/H",null,null,null,"M",32.74]
["01.003.0054-A",{"$f":"C632&D632&E632&F632&G632&H632","v":"PERFURACAO COM EQUIPAMENTO DE AR COMPRIMIDO,DIAMETRO ATE 1.1/4\",EM GRANITO OU GNAISSE,ADMITINDO UMA PRODUCAO MEDIA BRUTA EM TORNO DE 2,00M/H"},"PERFURACAO COM EQUIPAMENTO DE AR COMPRIMIDO,DIAMETRO ATE 1.1","/4\",EM GRANITO OU GNAISSE,ADMITINDO UMA PRODUCAO MEDIA BRUTA"," EM TORNO DE 2,00M/H",null,null,null,"M",31.36]
["01.003.0056-0",{"$f":"C633&D633&E633&F633&G633&H633","v":"PERFURACAO COM EQUIPAMENTO DE AR COMPRIMIDO,DIAMETRO ATE 1.1/4\",EM GRANITO OU GNAISSE,ADMITINDO UMA PRODUCAO MEDIA BRUTA EM TORNO DE 0,50M/H"},"PERFURACAO COM EQUIPAMENTO DE AR COMPRIMIDO,DIAMETRO ATE 1.1","/4\",EM GRANITO OU GNAISSE,ADMITINDO UMA PRODUCAO MEDIA BRUTA"," EM TORNO DE 0,50M/H",null,null,null,"M",132.72]
["01.003.0056-A",{"$f":"C634&D634&E634&F634&G634&H634","v":"PERFURACAO COM EQUIPAMENTO DE AR COMPRIMIDO,DIAMETRO ATE 1.1/4\",EM GRANITO OU GNAISSE,ADMITINDO UMA PRODUCAO MEDIA BRUTA EM TORNO DE 0,50M/H"},"PERFURACAO COM EQUIPAMENTO DE AR COMPRIMIDO,DIAMETRO ATE 1.1","/4\",EM GRANITO OU GNAISSE,ADMITINDO UMA PRODUCAO MEDIA BRUTA"," EM TORNO DE 0,50M/H",null,null,null,"M",127.22]
["01.004.0001-0",{"$f":"C635&D635&E635&F635&G635&H635","v":"SONDAGEM ROTATIVA COM COROA DE DIAMANTE,EM ALTERACAO DE ROCHA,DIAMETRO EX(35MM),INCLUSIVE DESLOCAMENTO DENTRO DO CANTEIRO E INSTALACAO DA SONDA EM CADA FURO"},"SONDAGEM ROTATIVA COM COROA DE DIAMANTE,EM ALTERACAO DE ROCH","A,DIAMETRO EX(35MM),INCLUSIVE DESLOCAMENTO DENTRO DO CANTEIR","O E INSTALACAO DA SONDA EM CADA FURO",null,null,null,"M",296.42]
["01.004.0001-A",{"$f":"C636&D636&E636&F636&G636&H636","v":"SONDAGEM ROTATIVA COM COROA DE DIAMANTE,EM ALTERACAO DE ROCHA,DIAMETRO EX(35MM),INCLUSIVE DESLOCAMENTO DENTRO DO CANTEIRO E INSTALACAO DA SONDA EM CADA FURO"},"SONDAGEM ROTATIVA COM COROA DE DIAMANTE,EM ALTERACAO DE ROCH","A,DIAMETRO EX(35MM),INCLUSIVE DESLOCAMENTO DENTRO DO CANTEIR","O E INSTALACAO DA SONDA EM CADA FURO",null,null,null,"M",296.42]
["01.004.0002-0",{"$f":"C637&D637&E637&F637&G637&H637","v":"SONDAGEM ROTATIVA COM COROA DE DIAMANTE,EM ALTERACAO DE ROCHA,DIAMETRO AWG(45MM),INCLUSIVE DESLOCAMENTO DENTRO DO CANTEIRO E INSTALACAO DA SONDA EM CADA FURO"},"SONDAGEM ROTATIVA COM COROA DE DIAMANTE,EM ALTERACAO DE ROCH","A,DIAMETRO AWG(45MM),INCLUSIVE DESLOCAMENTO DENTRO DO CANTEI","RO E INSTALACAO DA SONDA EM CADA FURO",null,null,null,"M",326.59]
["01.004.0002-A",{"$f":"C638&D638&E638&F638&G638&H638","v":"SONDAGEM ROTATIVA COM COROA DE DIAMANTE,EM ALTERACAO DE ROCHA,DIAMETRO AWG(45MM),INCLUSIVE DESLOCAMENTO DENTRO DO CANTEIRO E INSTALACAO DA SONDA EM CADA FURO"},"SONDAGEM ROTATIVA COM COROA DE DIAMANTE,EM ALTERACAO DE ROCH","A,DIAMETRO AWG(45MM),INCLUSIVE DESLOCAMENTO DENTRO DO CANTEI","RO E INSTALACAO DA SONDA EM CADA FURO",null,null,null,"M",326.59]
["01.004.0003-0",{"$f":"C639&D639&E639&F639&G639&H639","v":"SONDAGEM ROTATIVA COM COROA DE DIAMANTE,EM ALTERACAO DE ROCHA,DIAMETRO BWG(60MM),INCLUSIVE DESLOCAMENTO DENTRO DO CANTEIRO E INSTALACAO DA SONDA EM CADA FURO"},"SONDAGEM ROTATIVA COM COROA DE DIAMANTE,EM ALTERACAO DE ROCH","A,DIAMETRO BWG(60MM),INCLUSIVE DESLOCAMENTO DENTRO DO CANTEI","RO E INSTALACAO DA SONDA EM CADA FURO",null,null,null,"M",363.86]
["01.004.0003-A",{"$f":"C640&D640&E640&F640&G640&H640","v":"SONDAGEM ROTATIVA COM COROA DE DIAMANTE,EM ALTERACAO DE ROCHA,DIAMETRO BWG(60MM),INCLUSIVE DESLOCAMENTO DENTRO DO CANTEIRO E INSTALACAO DA SONDA EM CADA FURO"},"SONDAGEM ROTATIVA COM COROA DE DIAMANTE,EM ALTERACAO DE ROCH","A,DIAMETRO BWG(60MM),INCLUSIVE DESLOCAMENTO DENTRO DO CANTEI","RO E INSTALACAO DA SONDA EM CADA FURO",null,null,null,"M",363.86]
["01.004.0004-0",{"$f":"C641&D641&E641&F641&G641&H641","v":"SONDAGEM ROTATIVA COM COROA DE DIAMANTE,EM ALTERACAO DE ROCHA,DIAMETRO NWG(75MM),INCLUSIVE DESLOCAMENTO DENTRO DO CANTEIRO E INSTALACAO DA SONDA EM CADA FURO"},"SONDAGEM ROTATIVA COM COROA DE DIAMANTE,EM ALTERACAO DE ROCH","A,DIAMETRO NWG(75MM),INCLUSIVE DESLOCAMENTO DENTRO DO CANTEI","RO E INSTALACAO DA SONDA EM CADA FURO",null,null,null,"M",401.18]
["01.004.0004-A",{"$f":"C642&D642&E642&F642&G642&H642","v":"SONDAGEM ROTATIVA COM COROA DE DIAMANTE,EM ALTERACAO DE ROCHA,DIAMETRO NWG(75MM),INCLUSIVE DESLOCAMENTO DENTRO DO CANTEIRO E INSTALACAO DA SONDA EM CADA FURO"},"SONDAGEM ROTATIVA COM COROA DE DIAMANTE,EM ALTERACAO DE ROCH","A,DIAMETRO NWG(75MM),INCLUSIVE DESLOCAMENTO DENTRO DO CANTEI","RO E INSTALACAO DA SONDA EM CADA FURO",null,null,null,"M",401.18]
["01.004.0005-0",{"$f":"C643&D643&E643&F643&G643&H643","v":"SONDAGEM ROTATIVA COM COROA DE DIAMANTE,EM ALTERACAO DE ROCHA,DIAMETRO HWG(100MM),INCLUSIVE DESLOCAMENTO DENTRO DO CANTEIRO E INSTALACAO DA SONDA EM CADA FURO"},"SONDAGEM ROTATIVA COM COROA DE DIAMANTE,EM ALTERACAO DE ROCH","A,DIAMETRO HWG(100MM),INCLUSIVE DESLOCAMENTO DENTRO DO CANTE","IRO E INSTALACAO DA SONDA EM CADA FURO",null,null,null,"M",487.16]
["01.004.0005-A",{"$f":"C644&D644&E644&F644&G644&H644","v":"SONDAGEM ROTATIVA COM COROA DE DIAMANTE,EM ALTERACAO DE ROCHA,DIAMETRO HWG(100MM),INCLUSIVE DESLOCAMENTO DENTRO DO CANTEIRO E INSTALACAO DA SONDA EM CADA FURO"},"SONDAGEM ROTATIVA COM COROA DE DIAMANTE,EM ALTERACAO DE ROCH","A,DIAMETRO HWG(100MM),INCLUSIVE DESLOCAMENTO DENTRO DO CANTE","IRO E INSTALACAO DA SONDA EM CADA FURO",null,null,null,"M",439.2]
["01.004.0011-0",{"$f":"C645&D645&E645&F645&G645&H645","v":"SONDAGEM ROTATIVA COM COROA DE DIAMANTE,EM ALTERACAO DE ROCHA,DIAMETRO DE SW,INCLUSIVE DESLOCAMENTO DENTRO DO CANTEIRO E INSTALACAO DE SONDA EM CADA FURO"},"SONDAGEM ROTATIVA COM COROA DE DIAMANTE,EM ALTERACAO DE ROCH","A,DIAMETRO DE SW,INCLUSIVE DESLOCAMENTO DENTRO DO CANTEIRO E"," INSTALACAO DE SONDA EM CADA FURO",null,null,null,"M",770.24]
["01.004.0011-A",{"$f":"C646&D646&E646&F646&G646&H646","v":"SONDAGEM ROTATIVA COM COROA DE DIAMANTE,EM ALTERACAO DE ROCHA,DIAMETRO DE SW,INCLUSIVE DESLOCAMENTO DENTRO DO CANTEIRO E INSTALACAO DE SONDA EM CADA FURO"},"SONDAGEM ROTATIVA COM COROA DE DIAMANTE,EM ALTERACAO DE ROCH","A,DIAMETRO DE SW,INCLUSIVE DESLOCAMENTO DENTRO DO CANTEIRO E"," INSTALACAO DE SONDA EM CADA FURO",null,null,null,"M",770.24]
["01.004.0012-0",{"$f":"C647&D647&E647&F647&G647&H647","v":"SONDAGEM ROTATIVA COM COROA DE DIAMANTE,EM ROCHA SA,DIAMETRO EX(35MM),INCLUSIVE DESLOCAMENTO DENTRO DO CANTEIRO E INSTALACAO DA SONDA EM CADA FURO"},"SONDAGEM ROTATIVA COM COROA DE DIAMANTE,EM ROCHA SA,DIAMETRO"," EX(35MM),INCLUSIVE DESLOCAMENTO DENTRO DO CANTEIRO E INSTAL","ACAO DA SONDA EM CADA FURO",null,null,null,"M",474.21]
["01.004.0012-A",{"$f":"C648&D648&E648&F648&G648&H648","v":"SONDAGEM ROTATIVA COM COROA DE DIAMANTE,EM ROCHA SA,DIAMETRO EX(35MM),INCLUSIVE DESLOCAMENTO DENTRO DO CANTEIRO E INSTALACAO DA SONDA EM CADA FURO"},"SONDAGEM ROTATIVA COM COROA DE DIAMANTE,EM ROCHA SA,DIAMETRO"," EX(35MM),INCLUSIVE DESLOCAMENTO DENTRO DO CANTEIRO E INSTAL","ACAO DA SONDA EM CADA FURO",null,null,null,"M",474.21]
["01.004.0013-0",{"$f":"C649&D649&E649&F649&G649&H649","v":"SONDAGEM ROTATIVA COM COROA DE DIAMANTE,EM ROCHA SA,DIAMETRO AWG(45MM),INCLUSIVE DESLOCAMENTO DENTRO DO CANTEIRO E INSTALACAO DA SONDA EM CADA FURO"},"SONDAGEM ROTATIVA COM COROA DE DIAMANTE,EM ROCHA SA,DIAMETRO"," AWG(45MM),INCLUSIVE DESLOCAMENTO DENTRO DO CANTEIRO E INSTA","LACAO DA SONDA EM CADA FURO",null,null,null,"M",522.6]
["01.004.0013-A",{"$f":"C650&D650&E650&F650&G650&H650","v":"SONDAGEM ROTATIVA COM COROA DE DIAMANTE,EM ROCHA SA,DIAMETRO AWG(45MM),INCLUSIVE DESLOCAMENTO DENTRO DO CANTEIRO E INSTALACAO DA SONDA EM CADA FURO"},"SONDAGEM ROTATIVA COM COROA DE DIAMANTE,EM ROCHA SA,DIAMETRO"," AWG(45MM),INCLUSIVE DESLOCAMENTO DENTRO DO CANTEIRO E INSTA","LACAO DA SONDA EM CADA FURO",null,null,null,"M",522.6]
["01.004.0014-0",{"$f":"C651&D651&E651&F651&G651&H651","v":"SONDAGEM ROTATIVA COM COROA DE DIAMANTE,EM ROCHA SA,DIAMETRO BWG(60MM),INCLUSIVE DESLOCAMENTO DENTRO DO CANTEIRO E INSTALACAO DA SONDA EM CADA FURO"},"SONDAGEM ROTATIVA COM COROA DE DIAMANTE,EM ROCHA SA,DIAMETRO"," BWG(60MM),INCLUSIVE DESLOCAMENTO DENTRO DO CANTEIRO E INSTA","LACAO DA SONDA EM CADA FURO",null,null,null,"M",610.65]
["01.004.0014-A",{"$f":"C652&D652&E652&F652&G652&H652","v":"SONDAGEM ROTATIVA COM COROA DE DIAMANTE,EM ROCHA SA,DIAMETRO BWG(60MM),INCLUSIVE DESLOCAMENTO DENTRO DO CANTEIRO E INSTALACAO DA SONDA EM CADA FURO"},"SONDAGEM ROTATIVA COM COROA DE DIAMANTE,EM ROCHA SA,DIAMETRO"," BWG(60MM),INCLUSIVE DESLOCAMENTO DENTRO DO CANTEIRO E INSTA","LACAO DA SONDA EM CADA FURO",null,null,null,"M",610.65]
["01.004.0015-0",{"$f":"C653&D653&E653&F653&G653&H653","v":"SONDAGEM ROTATIVA COM COROA DE DIAMANTE,EM ROCHA SA,DIAMETRO NWG(75MM),INCLUSIVE DESLOCAMENTO DENTRO DO CANTEIRO E INSTALACAO DA SONDA EM CADA FURO"},"SONDAGEM ROTATIVA COM COROA DE DIAMANTE,EM ROCHA SA,DIAMETRO"," NWG(75MM),INCLUSIVE DESLOCAMENTO DENTRO DO CANTEIRO E INSTA","LACAO DA SONDA EM CADA FURO",null,null,null,"M",675.36]
["01.004.0015-A",{"$f":"C654&D654&E654&F654&G654&H654","v":"SONDAGEM ROTATIVA COM COROA DE DIAMANTE,EM ROCHA SA,DIAMETRO NWG(75MM),INCLUSIVE DESLOCAMENTO DENTRO DO CANTEIRO E INSTALACAO DA SONDA EM CADA FURO"},"SONDAGEM ROTATIVA COM COROA DE DIAMANTE,EM ROCHA SA,DIAMETRO"," NWG(75MM),INCLUSIVE DESLOCAMENTO DENTRO DO CANTEIRO E INSTA","LACAO DA SONDA EM CADA FURO",null,null,null,"M",675.36]
["01.004.0016-0",{"$f":"C655&D655&E655&F655&G655&H655","v":"SONDAGEM ROTATIVA COM COROA DE DIAMANTE,EM ROCHA SA,DIAMETRO HWG(100MM),INCLUSIVE DESLOCAMENTO DENTRO DO CANTEIRO E INSTALACAO DA SONDA EM CADA FURO"},"SONDAGEM ROTATIVA COM COROA DE DIAMANTE,EM ROCHA SA,DIAMETRO"," HWG(100MM),INCLUSIVE DESLOCAMENTO DENTRO DO CANTEIRO E INST","ALACAO DA SONDA EM CADA FURO",null,null,null,"M",914.92]
["01.004.0016-A",{"$f":"C656&D656&E656&F656&G656&H656","v":"SONDAGEM ROTATIVA COM COROA DE DIAMANTE,EM ROCHA SA,DIAMETRO HWG(100MM),INCLUSIVE DESLOCAMENTO DENTRO DO CANTEIRO E INSTALACAO DA SONDA EM CADA FURO"},"SONDAGEM ROTATIVA COM COROA DE DIAMANTE,EM ROCHA SA,DIAMETRO"," HWG(100MM),INCLUSIVE DESLOCAMENTO DENTRO DO CANTEIRO E INST","ALACAO DA SONDA EM CADA FURO",null,null,null,"M",821.57]
["01.004.0017-0",{"$f":"C657&D657&E657&F657&G657&H657","v":"SONDAGEM ROTATIVA COM COROA DE DIAMANTE,ROCHA SA,DIAMETRO DE SW, INCLUSIVE DESLOCAMENTO DENTRO DO CANTEIRO E INSTALACAODA SONDA EM CADA FURO"},"SONDAGEM ROTATIVA COM COROA DE DIAMANTE,ROCHA SA,DIAMETRO DE"," SW, INCLUSIVE DESLOCAMENTO DENTRO DO CANTEIRO E INSTALACAO","DA SONDA EM CADA FURO",null,null,null,"M",1469.02]
["01.004.0017-A",{"$f":"C658&D658&E658&F658&G658&H658","v":"SONDAGEM ROTATIVA COM COROA DE DIAMANTE,ROCHA SA,DIAMETRO DE SW, INCLUSIVE DESLOCAMENTO DENTRO DO CANTEIRO E INSTALACAODA SONDA EM CADA FURO"},"SONDAGEM ROTATIVA COM COROA DE DIAMANTE,ROCHA SA,DIAMETRO DE"," SW, INCLUSIVE DESLOCAMENTO DENTRO DO CANTEIRO E INSTALACAO","DA SONDA EM CADA FURO",null,null,null,"M",1469.02]
["01.004.0021-0",{"$f":"C659&D659&E659&F659&G659&H659","v":"PERFURACAO ROTATIVA COM COROA DE DIAMANTE,EM ALTERACAO DE ROCHA,DIAMETRO EX(35MM),INCLUSIVE DESLOCAMENTO DENTRO DO CANTEIRO E INSTALACAO DA SONDA EM CADA FURO"},"PERFURACAO ROTATIVA COM COROA DE DIAMANTE,EM ALTERACAO DE RO","CHA,DIAMETRO EX(35MM),INCLUSIVE DESLOCAMENTO DENTRO DO CANTE","IRO E INSTALACAO DA SONDA EM CADA FURO",null,null,null,"M",221.94]
["01.004.0021-A",{"$f":"C660&D660&E660&F660&G660&H660","v":"PERFURACAO ROTATIVA COM COROA DE DIAMANTE,EM ALTERACAO DE ROCHA,DIAMETRO EX(35MM),INCLUSIVE DESLOCAMENTO DENTRO DO CANTEIRO E INSTALACAO DA SONDA EM CADA FURO"},"PERFURACAO ROTATIVA COM COROA DE DIAMANTE,EM ALTERACAO DE RO","CHA,DIAMETRO EX(35MM),INCLUSIVE DESLOCAMENTO DENTRO DO CANTE","IRO E INSTALACAO DA SONDA EM CADA FURO",null,null,null,"M",221.94]
["01.004.0022-0",{"$f":"C661&D661&E661&F661&G661&H661","v":"PERFURACAO ROTATIVA COM COROA DE DIAMANTE,EM ALTERACAO DE ROCHA,DIAMETRO AWG(45MM),INCLUSIVE DESLOCAMENTO DENTRO DO CANTEIRO E INSTALACAO DA SONDA EM CADA FURO"},"PERFURACAO ROTATIVA COM COROA DE DIAMANTE,EM ALTERACAO DE RO","CHA,DIAMETRO AWG(45MM),INCLUSIVE DESLOCAMENTO DENTRO DO CANT","EIRO E INSTALACAO DA SONDA EM CADA FURO",null,null,null,"M",243.42]
["01.004.0022-A",{"$f":"C662&D662&E662&F662&G662&H662","v":"PERFURACAO ROTATIVA COM COROA DE DIAMANTE,EM ALTERACAO DE ROCHA,DIAMETRO AWG(45MM),INCLUSIVE DESLOCAMENTO DENTRO DO CANTEIRO E INSTALACAO DA SONDA EM CADA FURO"},"PERFURACAO ROTATIVA COM COROA DE DIAMANTE,EM ALTERACAO DE RO","CHA,DIAMETRO AWG(45MM),INCLUSIVE DESLOCAMENTO DENTRO DO CANT","EIRO E INSTALACAO DA SONDA EM CADA FURO",null,null,null,"M",243.42]
["01.004.0023-0",{"$f":"C663&D663&E663&F663&G663&H663","v":"PERFURACAO ROTATIVA COM COROA DE DIAMANTE,EM ALTERACAO DE ROCHA,DIAMETRO BWG(60MM),INCLUSIVE DESLOCAMENTO DENTRO DO CANTEIRO E INSTALACAO DA SONDA EM CADA FURO"},"PERFURACAO ROTATIVA COM COROA DE DIAMANTE,EM ALTERACAO DE RO","CHA,DIAMETRO BWG(60MM),INCLUSIVE DESLOCAMENTO DENTRO DO CANT","EIRO E INSTALACAO DA SONDA EM CADA FURO",null,null,null,"M",270.02]
["01.004.0023-A",{"$f":"C664&D664&E664&F664&G664&H664","v":"PERFURACAO ROTATIVA COM COROA DE DIAMANTE,EM ALTERACAO DE ROCHA,DIAMETRO BWG(60MM),INCLUSIVE DESLOCAMENTO DENTRO DO CANTEIRO E INSTALACAO DA SONDA EM CADA FURO"},"PERFURACAO ROTATIVA COM COROA DE DIAMANTE,EM ALTERACAO DE RO","CHA,DIAMETRO BWG(60MM),INCLUSIVE DESLOCAMENTO DENTRO DO CANT","EIRO E INSTALACAO DA SONDA EM CADA FURO",null,null,null,"M",270.02]
["01.004.0024-0",{"$f":"C665&D665&E665&F665&G665&H665","v":"PERFURACAO ROTATIVA COM COROA DE DIAMANTE,EM ALTERACAO DE ROCHA,DIAMETRO NWG(75MM),INCLUSIVE DESLOCAMENTO DENTRO DO CANTEIRO E INSTALACAO DA SONDA EM CADA FURO"},"PERFURACAO ROTATIVA COM COROA DE DIAMANTE,EM ALTERACAO DE RO","CHA,DIAMETRO NWG(75MM),INCLUSIVE DESLOCAMENTO DENTRO DO CANT","EIRO E INSTALACAO DA SONDA EM CADA FURO",null,null,null,"M",296.1]
["01.004.0024-A",{"$f":"C666&D666&E666&F666&G666&H666","v":"PERFURACAO ROTATIVA COM COROA DE DIAMANTE,EM ALTERACAO DE ROCHA,DIAMETRO NWG(75MM),INCLUSIVE DESLOCAMENTO DENTRO DO CANTEIRO E INSTALACAO DA SONDA EM CADA FURO"},"PERFURACAO ROTATIVA COM COROA DE DIAMANTE,EM ALTERACAO DE RO","CHA,DIAMETRO NWG(75MM),INCLUSIVE DESLOCAMENTO DENTRO DO CANT","EIRO E INSTALACAO DA SONDA EM CADA FURO",null,null,null,"M",296.1]
["01.004.0025-0",{"$f":"C667&D667&E667&F667&G667&H667","v":"PERFURACAO ROTATIVA COM COROA DE DIAMANTE,EM ALTERACAO DE ROCHA,DIAMETRO HWG(100MM),INCLUSIVE DESLOCAMENTO DENTRO DO CANTEIRO E INSTALACAO DA SONDA EM CADA FURO"},"PERFURACAO ROTATIVA COM COROA DE DIAMANTE,EM ALTERACAO DE RO","CHA,DIAMETRO HWG(100MM),INCLUSIVE DESLOCAMENTO DENTRO DO CAN","TEIRO E INSTALACAO DA SONDA EM CADA FURO",null,null,null,"M",361.72]
["01.004.0025-A",{"$f":"C668&D668&E668&F668&G668&H668","v":"PERFURACAO ROTATIVA COM COROA DE DIAMANTE,EM ALTERACAO DE ROCHA,DIAMETRO HWG(100MM),INCLUSIVE DESLOCAMENTO DENTRO DO CANTEIRO E INSTALACAO DA SONDA EM CADA FURO"},"PERFURACAO ROTATIVA COM COROA DE DIAMANTE,EM ALTERACAO DE RO","CHA,DIAMETRO HWG(100MM),INCLUSIVE DESLOCAMENTO DENTRO DO CAN","TEIRO E INSTALACAO DA SONDA EM CADA FURO",null,null,null,"M",327.15]
["01.004.0031-0",{"$f":"C669&D669&E669&F669&G669&H669","v":"PERFURACAO ROTATIVA COM COROA DE DIAMANTE,EM ALTERACAO DE ROCHA DIAMETRO SW,INCLUSIVE DESLOCAMENTO DENTRO DO CANTEIRO EINSTALACAO DA SONDA EM CADA FURO"},"PERFURACAO ROTATIVA COM COROA DE DIAMANTE,EM ALTERACAO DE RO","CHA DIAMETRO SW,INCLUSIVE DESLOCAMENTO DENTRO DO CANTEIRO E","INSTALACAO DA SONDA EM CADA FURO",null,null,null,"M",602.15]
["01.004.0031-A",{"$f":"C670&D670&E670&F670&G670&H670","v":"PERFURACAO ROTATIVA COM COROA DE DIAMANTE,EM ALTERACAO DE ROCHA DIAMETRO SW,INCLUSIVE DESLOCAMENTO DENTRO DO CANTEIRO EINSTALACAO DA SONDA EM CADA FURO"},"PERFURACAO ROTATIVA COM COROA DE DIAMANTE,EM ALTERACAO DE RO","CHA DIAMETRO SW,INCLUSIVE DESLOCAMENTO DENTRO DO CANTEIRO E","INSTALACAO DA SONDA EM CADA FURO",null,null,null,"M",602.15]
["01.004.0035-0",{"$f":"C671&D671&E671&F671&G671&H671","v":"PERFURACAO ROTATIVA COM COROA DE DIAMANTE,EM ROCHA SA,DIAMETRO EX(35MM),INCLUSIVE DESLOCAMENTO DENTRO DO CANTEIRO E INSTALACAO DA SONDA EM CADA FURO"},"PERFURACAO ROTATIVA COM COROA DE DIAMANTE,EM ROCHA SA,DIAMET","RO EX(35MM),INCLUSIVE DESLOCAMENTO DENTRO DO CANTEIRO E INST","ALACAO DA SONDA EM CADA FURO",null,null,null,"M",366.91]
["01.004.0035-A",{"$f":"C672&D672&E672&F672&G672&H672","v":"PERFURACAO ROTATIVA COM COROA DE DIAMANTE,EM ROCHA SA,DIAMETRO EX(35MM),INCLUSIVE DESLOCAMENTO DENTRO DO CANTEIRO E INSTALACAO DA SONDA EM CADA FURO"},"PERFURACAO ROTATIVA COM COROA DE DIAMANTE,EM ROCHA SA,DIAMET","RO EX(35MM),INCLUSIVE DESLOCAMENTO DENTRO DO CANTEIRO E INST","ALACAO DA SONDA EM CADA FURO",null,null,null,"M",366.91]
["01.004.0037-0",{"$f":"C673&D673&E673&F673&G673&H673","v":"PERFURACAO ROTATIVA COM COROA DE DIAMANTE,EM ROCHA SA,DIAMETRO AWG(45MM),INCLUSIVE DESLOCAMENTO DENTRO DO CANTEIRO E INSTALACAO DA SONDA EM CADA FURO"},"PERFURACAO ROTATIVA COM COROA DE DIAMANTE,EM ROCHA SA,DIAMET","RO AWG(45MM),INCLUSIVE DESLOCAMENTO DENTRO DO CANTEIRO E INS","TALACAO DA SONDA EM CADA FURO",null,null,null,"M",405.23]
["01.004.0037-A",{"$f":"C674&D674&E674&F674&G674&H674","v":"PERFURACAO ROTATIVA COM COROA DE DIAMANTE,EM ROCHA SA,DIAMETRO AWG(45MM),INCLUSIVE DESLOCAMENTO DENTRO DO CANTEIRO E INSTALACAO DA SONDA EM CADA FURO"},"PERFURACAO ROTATIVA COM COROA DE DIAMANTE,EM ROCHA SA,DIAMET","RO AWG(45MM),INCLUSIVE DESLOCAMENTO DENTRO DO CANTEIRO E INS","TALACAO DA SONDA EM CADA FURO",null,null,null,"M",405.23]
["01.004.0039-0",{"$f":"C675&D675&E675&F675&G675&H675","v":"PERFURACAO ROTATIVA COM COROA DE DIAMANTE,EM ROCHA SA,DIAMETRO BWG(60MM),INCLUSIVE DESLOCAMENTO DENTRO DO CANTEIRO E INSTALACAO DA SONDA EM CADA FURO"},"PERFURACAO ROTATIVA COM COROA DE DIAMANTE,EM ROCHA SA,DIAMET","RO BWG(60MM),INCLUSIVE DESLOCAMENTO DENTRO DO CANTEIRO E INS","TALACAO DA SONDA EM CADA FURO",null,null,null,"M",448.84]
["01.004.0039-A",{"$f":"C676&D676&E676&F676&G676&H676","v":"PERFURACAO ROTATIVA COM COROA DE DIAMANTE,EM ROCHA SA,DIAMETRO BWG(60MM),INCLUSIVE DESLOCAMENTO DENTRO DO CANTEIRO E INSTALACAO DA SONDA EM CADA FURO"},"PERFURACAO ROTATIVA COM COROA DE DIAMANTE,EM ROCHA SA,DIAMET","RO BWG(60MM),INCLUSIVE DESLOCAMENTO DENTRO DO CANTEIRO E INS","TALACAO DA SONDA EM CADA FURO",null,null,null,"M",448.84]
["01.004.0041-0",{"$f":"C677&D677&E677&F677&G677&H677","v":"PERFURACAO ROTATIVA COM COROA DE DIAMANTE,EM ROCHA SA,DIAMETRO NWG(75MM),INCLUSIVE DESLOCAMENTO DENTRO DO CANTEIRO E INSTALACAO DA SONDA EM CADA FURO"},"PERFURACAO ROTATIVA COM COROA DE DIAMANTE,EM ROCHA SA,DIAMET","RO NWG(75MM),INCLUSIVE DESLOCAMENTO DENTRO DO CANTEIRO E INS","TALACAO DA SONDA EM CADA FURO",null,null,null,"M",501.7]
["01.004.0041-A",{"$f":"C678&D678&E678&F678&G678&H678","v":"PERFURACAO ROTATIVA COM COROA DE DIAMANTE,EM ROCHA SA,DIAMETRO NWG(75MM),INCLUSIVE DESLOCAMENTO DENTRO DO CANTEIRO E INSTALACAO DA SONDA EM CADA FURO"},"PERFURACAO ROTATIVA COM COROA DE DIAMANTE,EM ROCHA SA,DIAMET","RO NWG(75MM),INCLUSIVE DESLOCAMENTO DENTRO DO CANTEIRO E INS","TALACAO DA SONDA EM CADA FURO",null,null,null,"M",501.7]
["01.004.0043-0",{"$f":"C679&D679&E679&F679&G679&H679","v":"PERFURACAO ROTATIVA COM COROA DE DIAMANTE,EM ROCHA SA,DIAMETRO HWG(100MM),INCLUSIVE DESLOCAMENTO DENTRO DO CANTEIRO E INSTALACAO DA SONDA EM CADA FURO"},"PERFURACAO ROTATIVA COM COROA DE DIAMANTE,EM ROCHA SA,DIAMET","RO HWG(100MM),INCLUSIVE DESLOCAMENTO DENTRO DO CANTEIRO E IN","STALACAO DA SONDA EM CADA FURO",null,null,null,"M",686.14]
["01.004.0043-A",{"$f":"C680&D680&E680&F680&G680&H680","v":"PERFURACAO ROTATIVA COM COROA DE DIAMANTE,EM ROCHA SA,DIAMETRO HWG(100MM),INCLUSIVE DESLOCAMENTO DENTRO DO CANTEIRO E INSTALACAO DA SONDA EM CADA FURO"},"PERFURACAO ROTATIVA COM COROA DE DIAMANTE,EM ROCHA SA,DIAMET","RO HWG(100MM),INCLUSIVE DESLOCAMENTO DENTRO DO CANTEIRO E IN","STALACAO DA SONDA EM CADA FURO",null,null,null,"M",617.38]
["01.004.0045-0",{"$f":"C681&D681&E681&F681&G681&H681","v":"PERFURACAO ROTATIVA COM COROA DE DIAMANTE,EM ROCHA SA,DIAMETRO SW,INCLUSIVE DESLOCAMENTO DENTRO DO CANTEIRO E INSTALACAO DA SONDA EM CADA FURO"},"PERFURACAO ROTATIVA COM COROA DE DIAMANTE,EM ROCHA SA,DIAMET","RO SW,INCLUSIVE DESLOCAMENTO DENTRO DO CANTEIRO E INSTALACAO"," DA SONDA EM CADA FURO",null,null,null,"M",1169.02]
["01.004.0045-A",{"$f":"C682&D682&E682&F682&G682&H682","v":"PERFURACAO ROTATIVA COM COROA DE DIAMANTE,EM ROCHA SA,DIAMETRO SW,INCLUSIVE DESLOCAMENTO DENTRO DO CANTEIRO E INSTALACAO DA SONDA EM CADA FURO"},"PERFURACAO ROTATIVA COM COROA DE DIAMANTE,EM ROCHA SA,DIAMET","RO SW,INCLUSIVE DESLOCAMENTO DENTRO DO CANTEIRO E INSTALACAO"," DA SONDA EM CADA FURO",null,null,null,"M",1169.02]
["01.004.0070-0",{"$f":"C683&D683&E683&F683&G683&H683","v":"PERFURACAO ROTATIVA COM COROA DE DIAMANTE EM CONCRETO,COM DIAMETRO DE 45MM(2\"),INCLUSIVE DESLOCAMENTO DENTRO DO CANTEIRO E INSTALACAO DA SONDA EM CADA FURO"},"PERFURACAO ROTATIVA COM COROA DE DIAMANTE EM CONCRETO,COM DI","AMETRO DE 45MM(2\"),INCLUSIVE DESLOCAMENTO DENTRO DO CANTEIRO"," E INSTALACAO DA SONDA EM CADA FURO",null,null,null,"M",309.26]
["01.004.0070-A",{"$f":"C684&D684&E684&F684&G684&H684","v":"PERFURACAO ROTATIVA COM COROA DE DIAMANTE EM CONCRETO,COM DIAMETRO DE 45MM(2\"),INCLUSIVE DESLOCAMENTO DENTRO DO CANTEIRO E INSTALACAO DA SONDA EM CADA FURO"},"PERFURACAO ROTATIVA COM COROA DE DIAMANTE EM CONCRETO,COM DI","AMETRO DE 45MM(2\"),INCLUSIVE DESLOCAMENTO DENTRO DO CANTEIRO"," E INSTALACAO DA SONDA EM CADA FURO",null,null,null,"M",309.26]
["01.004.0073-0",{"$f":"C685&D685&E685&F685&G685&H685","v":"PERFURACAO ROTATIVA COM COROA DE DIAMANTE EM CONCRETO,COM DIAMETRO DE 75MM(3\"),INCLUSIVE DESLOCAMENTO DENTRO DO CANTEIRO E INSTALACAO DA SONDA EM CADA FURO"},"PERFURACAO ROTATIVA COM COROA DE DIAMANTE EM CONCRETO,COM DI","AMETRO DE 75MM(3\"),INCLUSIVE DESLOCAMENTO DENTRO DO CANTEIRO"," E INSTALACAO DA SONDA EM CADA FURO",null,null,null,"M",350.1]
["01.004.0073-A",{"$f":"C686&D686&E686&F686&G686&H686","v":"PERFURACAO ROTATIVA COM COROA DE DIAMANTE EM CONCRETO,COM DIAMETRO DE 75MM(3\"),INCLUSIVE DESLOCAMENTO DENTRO DO CANTEIRO E INSTALACAO DA SONDA EM CADA FURO"},"PERFURACAO ROTATIVA COM COROA DE DIAMANTE EM CONCRETO,COM DI","AMETRO DE 75MM(3\"),INCLUSIVE DESLOCAMENTO DENTRO DO CANTEIRO"," E INSTALACAO DA SONDA EM CADA FURO",null,null,null,"M",350.1]
["01.004.0075-0",{"$f":"C687&D687&E687&F687&G687&H687","v":"PERFURACAO ROTATIVA COM COROA DE DIAMANTE EM CONCRETO,COM DIAMETRO DE 100MM(4\"),INCLUSIVE DESLOCAMENTO DENTRO DO CANTEIRO E INSTALACAO DA SONDA EM CADA FURO"},"PERFURACAO ROTATIVA COM COROA DE DIAMANTE EM CONCRETO,COM DI","AMETRO DE 100MM(4\"),INCLUSIVE DESLOCAMENTO DENTRO DO CANTEIR","O E INSTALACAO DA SONDA EM CADA FURO",null,null,null,"M",534.7]
["01.004.0075-A",{"$f":"C688&D688&E688&F688&G688&H688","v":"PERFURACAO ROTATIVA COM COROA DE DIAMANTE EM CONCRETO,COM DIAMETRO DE 100MM(4\"),INCLUSIVE DESLOCAMENTO DENTRO DO CANTEIRO E INSTALACAO DA SONDA EM CADA FURO"},"PERFURACAO ROTATIVA COM COROA DE DIAMANTE EM CONCRETO,COM DI","AMETRO DE 100MM(4\"),INCLUSIVE DESLOCAMENTO DENTRO DO CANTEIR","O E INSTALACAO DA SONDA EM CADA FURO",null,null,null,"M",534.7]
["01.004.0079-0",{"$f":"C689&D689&E689&F689&G689&H689","v":"PERFURACAO ROTATIVA COM COROA DE DIAMANTE EM CONCRETO,COM DIAMETRO DE 150MM(6\"),INCLUSIVE DESLOCAMENTO DENTRO DO CANTEIRO E INSTALACAO DA SONDA EM CADA FURO"},"PERFURACAO ROTATIVA COM COROA DE DIAMANTE EM CONCRETO,COM DI","AMETRO DE 150MM(6\"),INCLUSIVE DESLOCAMENTO DENTRO DO CANTEIR","O E INSTALACAO DA SONDA EM CADA FURO",null,null,null,"M",820.61]
["01.004.0079-A",{"$f":"C690&D690&E690&F690&G690&H690","v":"PERFURACAO ROTATIVA COM COROA DE DIAMANTE EM CONCRETO,COM DIAMETRO DE 150MM(6\"),INCLUSIVE DESLOCAMENTO DENTRO DO CANTEIRO E INSTALACAO DA SONDA EM CADA FURO"},"PERFURACAO ROTATIVA COM COROA DE DIAMANTE EM CONCRETO,COM DI","AMETRO DE 150MM(6\"),INCLUSIVE DESLOCAMENTO DENTRO DO CANTEIR","O E INSTALACAO DA SONDA EM CADA FURO",null,null,null,"M",820.61]
["01.004.0100-0",{"$f":"C691&D691&E691&F691&G691&H691","v":"EXECUCAO DE SONDAGEM ELETRICA VERTICAL(SEV),INCLUSIVE O PROCESSAMENTO E INTERPRETACAO DOS PERFIS,BEM COMO A APRESENTACAO DOS RESULTADOS EM PAPEL E EM MEIO DIGITAL"},"EXECUCAO DE SONDAGEM ELETRICA VERTICAL(SEV),INCLUSIVE O PROC","ESSAMENTO E INTERPRETACAO DOS PERFIS,BEM COMO A APRESENTACAO"," DOS RESULTADOS EM PAPEL E EM MEIO DIGITAL",null,null,null,"UN",1057.33]
["01.004.0100-A",{"$f":"C692&D692&E692&F692&G692&H692","v":"EXECUCAO DE SONDAGEM ELETRICA VERTICAL(SEV),INCLUSIVE O PROCESSAMENTO E INTERPRETACAO DOS PERFIS,BEM COMO A APRESENTACAO DOS RESULTADOS EM PAPEL E EM MEIO DIGITAL"},"EXECUCAO DE SONDAGEM ELETRICA VERTICAL(SEV),INCLUSIVE O PROC","ESSAMENTO E INTERPRETACAO DOS PERFIS,BEM COMO A APRESENTACAO"," DOS RESULTADOS EM PAPEL E EM MEIO DIGITAL",null,null,null,"UN",930.85]
["01.004.0105-0",{"$f":"C693&D693&E693&F693&G693&H693","v":"EXECUCAO DE LINHA DE PROSPECCAO GEOFISICA PELO METODO DE CAMINHAMENTO ELETRICO,INCLUSIVE O PROCESSAMENTO E INTERPRETACAO DAS SECOES BEM COMO A APRESENTACAO DOS RESULTADOS(SECOES ORIGINAIS E INTERPRETADAS),EM PAPEL E EM MEIO DIGITAL"},"EXECUCAO DE LINHA DE PROSPECCAO GEOFISICA PELO METODO DE CAM","INHAMENTO ELETRICO,INCLUSIVE O PROCESSAMENTO E INTERPRETACAO"," DAS SECOES BEM COMO A APRESENTACAO DOS RESULTADOS(SECOES OR","IGINAIS E INTERPRETADAS),EM PAPEL E EM MEIO DIGITAL",null,null,"M",6.84]
["01.004.0105-A",{"$f":"C694&D694&E694&F694&G694&H694","v":"EXECUCAO DE LINHA DE PROSPECCAO GEOFISICA PELO METODO DE CAMINHAMENTO ELETRICO,INCLUSIVE O PROCESSAMENTO E INTERPRETACAO DAS SECOES BEM COMO A APRESENTACAO DOS RESULTADOS(SECOES ORIGINAIS E INTERPRETADAS),EM PAPEL E EM MEIO DIGITAL"},"EXECUCAO DE LINHA DE PROSPECCAO GEOFISICA PELO METODO DE CAM","INHAMENTO ELETRICO,INCLUSIVE O PROCESSAMENTO E INTERPRETACAO"," DAS SECOES BEM COMO A APRESENTACAO DOS RESULTADOS(SECOES OR","IGINAIS E INTERPRETADAS),EM PAPEL E EM MEIO DIGITAL",null,null,"M",6.05]
["01.004.0110-0",{"$f":"C695&D695&E695&F695&G695&H695","v":"EXECUCAO DE LINHA DE PROSPECCAO SISMICA PELO METODO DE REFLEXAO,UTILIZANDO MARTELO OU EXPLOSIVO COMO FONTE GERADORA DO PULSO SISMICO,INCLUSIVE A APRESENTACAO DO RELATORIO COM OS DADOS,EM PAPEL E EM MEIO DIGITAL,EXCLUSIVE O PROCESSAMENTO E INTERPRETACAO DOS DADOS"},"EXECUCAO DE LINHA DE PROSPECCAO SISMICA PELO METODO DE REFLE","XAO,UTILIZANDO MARTELO OU EXPLOSIVO COMO FONTE GERADORA DO P","ULSO SISMICO,INCLUSIVE A APRESENTACAO DO RELATORIO COM OS DA","DOS,EM PAPEL E EM MEIO DIGITAL,EXCLUSIVE O PROCESSAMENTO E I","NTERPRETACAO DOS DADOS",null,"M",5.52]
["01.004.0110-A",{"$f":"C696&D696&E696&F696&G696&H696","v":"EXECUCAO DE LINHA DE PROSPECCAO SISMICA PELO METODO DE REFLEXAO,UTILIZANDO MARTELO OU EXPLOSIVO COMO FONTE GERADORA DO PULSO SISMICO,INCLUSIVE A APRESENTACAO DO RELATORIO COM OS DADOS,EM PAPEL E EM MEIO DIGITAL,EXCLUSIVE O PROCESSAMENTO E INTERPRETACAO DOS DADOS"},"EXECUCAO DE LINHA DE PROSPECCAO SISMICA PELO METODO DE REFLE","XAO,UTILIZANDO MARTELO OU EXPLOSIVO COMO FONTE GERADORA DO P","ULSO SISMICO,INCLUSIVE A APRESENTACAO DO RELATORIO COM OS DA","DOS,EM PAPEL E EM MEIO DIGITAL,EXCLUSIVE O PROCESSAMENTO E I","NTERPRETACAO DOS DADOS",null,"M",5.02]
["01.004.0115-0",{"$f":"C697&D697&E697&F697&G697&H697","v":"EXECUCAO DE LINHA DE PROSPECCAO SISMICA PELO METODO DE REFRACAO,UTILIZANDO MARTELO OU EXPLOSIVO COMO FONTE GERADORA DO PULSO SISMICO,INCLUSIVE A APRESENTACAO DO RELATORIO COM OS DADOS,EM PAPEL E EM MEIO DIGITAL,EXCLUSIVE O PROCESSAMENTO E INTERPRETACAO DOS DADOS"},"EXECUCAO DE LINHA DE PROSPECCAO SISMICA PELO METODO DE REFRA","CAO,UTILIZANDO MARTELO OU EXPLOSIVO COMO FONTE GERADORA DO P","ULSO SISMICO,INCLUSIVE A APRESENTACAO DO RELATORIO COM OS DA","DOS,EM PAPEL E EM MEIO DIGITAL,EXCLUSIVE O PROCESSAMENTO E I","NTERPRETACAO DOS DADOS",null,"M",4.89]
["01.004.0115-A",{"$f":"C698&D698&E698&F698&G698&H698","v":"EXECUCAO DE LINHA DE PROSPECCAO SISMICA PELO METODO DE REFRACAO,UTILIZANDO MARTELO OU EXPLOSIVO COMO FONTE GERADORA DO PULSO SISMICO,INCLUSIVE A APRESENTACAO DO RELATORIO COM OS DADOS,EM PAPEL E EM MEIO DIGITAL,EXCLUSIVE O PROCESSAMENTO E INTERPRETACAO DOS DADOS"},"EXECUCAO DE LINHA DE PROSPECCAO SISMICA PELO METODO DE REFRA","CAO,UTILIZANDO MARTELO OU EXPLOSIVO COMO FONTE GERADORA DO P","ULSO SISMICO,INCLUSIVE A APRESENTACAO DO RELATORIO COM OS DA","DOS,EM PAPEL E EM MEIO DIGITAL,EXCLUSIVE O PROCESSAMENTO E I","NTERPRETACAO DOS DADOS",null,"M",4.48]
["01.004.0120-0",{"$f":"C699&D699&E699&F699&G699&H699","v":"EXECUCAO DE LINHA DE PROSPECCAO POR RADAR DE PENETRACAO NO SOLO(GPR),INCLUSIVE A APRESENTACAO DO RELATORIO COM AS SECOES PROCESSADAS,EM PAPEL E EM MEIO DIGITAL,EXCLUSIVE O PROCESSAMENTO E INTERPRETACAO DOS DADOS"},"EXECUCAO DE LINHA DE PROSPECCAO POR RADAR DE PENETRACAO NO S","OLO(GPR),INCLUSIVE A APRESENTACAO DO RELATORIO COM AS SECOES"," PROCESSADAS,EM PAPEL E EM MEIO DIGITAL,EXCLUSIVE O PROCESSA","MENTO E INTERPRETACAO DOS DADOS",null,null,"M",1.69]
["01.004.0120-A",{"$f":"C700&D700&E700&F700&G700&H700","v":"EXECUCAO DE LINHA DE PROSPECCAO POR RADAR DE PENETRACAO NO SOLO(GPR),INCLUSIVE A APRESENTACAO DO RELATORIO COM AS SECOES PROCESSADAS,EM PAPEL E EM MEIO DIGITAL,EXCLUSIVE O PROCESSAMENTO E INTERPRETACAO DOS DADOS"},"EXECUCAO DE LINHA DE PROSPECCAO POR RADAR DE PENETRACAO NO S","OLO(GPR),INCLUSIVE A APRESENTACAO DO RELATORIO COM AS SECOES"," PROCESSADAS,EM PAPEL E EM MEIO DIGITAL,EXCLUSIVE O PROCESSA","MENTO E INTERPRETACAO DOS DADOS",null,null,"M",1.57]
["01.004.0125-0",{"$f":"C701&D701&E701&F701&G701&H701","v":"INTERPRETACAO DE DADOS DE RADAR DE PENETRACAO NO SOLO(GPR),INCLUSIVE A ANALISE DE SECOES MIGRADAS E NAO MIGRADAS E APRESENTACAO DO RELATORIO COM AS SECOES INTERPRETADAS,EM PAPEL EEM MEIO DIGITAL"},"INTERPRETACAO DE DADOS DE RADAR DE PENETRACAO NO SOLO(GPR),I","NCLUSIVE A ANALISE DE SECOES MIGRADAS E NAO MIGRADAS E APRES","ENTACAO DO RELATORIO COM AS SECOES INTERPRETADAS,EM PAPEL E","EM MEIO DIGITAL",null,null,"M",8.18]
["01.004.0125-A",{"$f":"C702&D702&E702&F702&G702&H702","v":"INTERPRETACAO DE DADOS DE RADAR DE PENETRACAO NO SOLO(GPR),INCLUSIVE A ANALISE DE SECOES MIGRADAS E NAO MIGRADAS E APRESENTACAO DO RELATORIO COM AS SECOES INTERPRETADAS,EM PAPEL EEM MEIO DIGITAL"},"INTERPRETACAO DE DADOS DE RADAR DE PENETRACAO NO SOLO(GPR),I","NCLUSIVE A ANALISE DE SECOES MIGRADAS E NAO MIGRADAS E APRES","ENTACAO DO RELATORIO COM AS SECOES INTERPRETADAS,EM PAPEL E","EM MEIO DIGITAL",null,null,"M",7.08]
["01.004.0130-0",{"$f":"C703&D703&E703&F703&G703&H703","v":"PROCESSAMENTO DE DADOS DE RADAR DE PENETRACAO NO SOLO(GPR),INCLUSIVE CORRECAO TOPOGRAFICA,FILTROS,GANHOS E MIGRACAO,ATRAVES DE SOFTWARES PARA ESSE FIM,E A APRESENTACAO DO RELATORIO COM AS SECOES PROCESSADAS,EM PAPEL E EM MEIO DIGITAL"},"PROCESSAMENTO DE DADOS DE RADAR DE PENETRACAO NO SOLO(GPR),I","NCLUSIVE CORRECAO TOPOGRAFICA,FILTROS,GANHOS E MIGRACAO,ATRA","VES DE SOFTWARES PARA ESSE FIM,E A APRESENTACAO DO RELATORIO"," COM AS SECOES PROCESSADAS,EM PAPEL E EM MEIO DIGITAL",null,null,"M",6.03]
["01.004.0130-A",{"$f":"C704&D704&E704&F704&G704&H704","v":"PROCESSAMENTO DE DADOS DE RADAR DE PENETRACAO NO SOLO(GPR),INCLUSIVE CORRECAO TOPOGRAFICA,FILTROS,GANHOS E MIGRACAO,ATRAVES DE SOFTWARES PARA ESSE FIM,E A APRESENTACAO DO RELATORIO COM AS SECOES PROCESSADAS,EM PAPEL E EM MEIO DIGITAL"},"PROCESSAMENTO DE DADOS DE RADAR DE PENETRACAO NO SOLO(GPR),I","NCLUSIVE CORRECAO TOPOGRAFICA,FILTROS,GANHOS E MIGRACAO,ATRA","VES DE SOFTWARES PARA ESSE FIM,E A APRESENTACAO DO RELATORIO"," COM AS SECOES PROCESSADAS,EM PAPEL E EM MEIO DIGITAL",null,null,"M",5.22]
["01.004.0135-0",{"$f":"C705&D705&E705&F705&G705&H705","v":"INTERPRETACAO DE LINHA SISMICA DE REFLEXAO,INCLUSIVE A ANALISE DE SECOES MIGRADAS E NAO MIGRADAS E A APRESENTACAO DO RELATORIO COM AS SECOES INTERPRETADAS,EM PAPEL E EM MEIO DIGITAL"},"INTERPRETACAO DE LINHA SISMICA DE REFLEXAO,INCLUSIVE A ANALI","SE DE SECOES MIGRADAS E NAO MIGRADAS E A APRESENTACAO DO REL","ATORIO COM AS SECOES INTERPRETADAS,EM PAPEL E EM MEIO DIGITA","L",null,null,"M",7.37]
["01.004.0135-A",{"$f":"C706&D706&E706&F706&G706&H706","v":"INTERPRETACAO DE LINHA SISMICA DE REFLEXAO,INCLUSIVE A ANALISE DE SECOES MIGRADAS E NAO MIGRADAS E A APRESENTACAO DO RELATORIO COM AS SECOES INTERPRETADAS,EM PAPEL E EM MEIO DIGITAL"},"INTERPRETACAO DE LINHA SISMICA DE REFLEXAO,INCLUSIVE A ANALI","SE DE SECOES MIGRADAS E NAO MIGRADAS E A APRESENTACAO DO REL","ATORIO COM AS SECOES INTERPRETADAS,EM PAPEL E EM MEIO DIGITA","L",null,null,"M",6.39]
["01.004.0140-0",{"$f":"C707&D707&E707&F707&G707&H707","v":"PROCESSAMENTO DE LINHA SISMICA DE REFRACAO,INCLUSIVE CORRECAO TOPOGRAFICA,FILTROS,GANHOS,ANALISES DE VELOCIDADE E MIGRACAO,ATRAVES DE SOFTWARES ESPECIFICOS PARA ESTE FIM,E A APRESENTACAO DO RELATORIO COM AS SECOES PROCESSADAS EM PAPEL E EMMEIO DIGITAL"},"PROCESSAMENTO DE LINHA SISMICA DE REFRACAO,INCLUSIVE CORRECA","O TOPOGRAFICA,FILTROS,GANHOS,ANALISES DE VELOCIDADE E MIGRAC","AO,ATRAVES DE SOFTWARES ESPECIFICOS PARA ESTE FIM,E A APRESE","NTACAO DO RELATORIO COM AS SECOES PROCESSADAS EM PAPEL E EM","MEIO DIGITAL",null,"M",5.9]
["01.004.0140-A",{"$f":"C708&D708&E708&F708&G708&H708","v":"PROCESSAMENTO DE LINHA SISMICA DE REFRACAO,INCLUSIVE CORRECAO TOPOGRAFICA,FILTROS,GANHOS,ANALISES DE VELOCIDADE E MIGRACAO,ATRAVES DE SOFTWARES ESPECIFICOS PARA ESTE FIM,E A APRESENTACAO DO RELATORIO COM AS SECOES PROCESSADAS EM PAPEL E EMMEIO DIGITAL"},"PROCESSAMENTO DE LINHA SISMICA DE REFRACAO,INCLUSIVE CORRECA","O TOPOGRAFICA,FILTROS,GANHOS,ANALISES DE VELOCIDADE E MIGRAC","AO,ATRAVES DE SOFTWARES ESPECIFICOS PARA ESTE FIM,E A APRESE","NTACAO DO RELATORIO COM AS SECOES PROCESSADAS EM PAPEL E EM","MEIO DIGITAL",null,"M",5.11]
["01.004.0145-0",{"$f":"C709&D709&E709&F709&G709&H709","v":"PROCESSAMENTO E INTERPRETACAO DE LINHA SISMICA DE REFRACAO,INCLUSIVE A APRESENTACAO DE RELATORIO COM AS SECOES PROCESSADAS E INTERPRETADAS,EM PAPEL E EM MEIO DIGITAL"},"PROCESSAMENTO E INTERPRETACAO DE LINHA SISMICA DE REFRACAO,I","NCLUSIVE A APRESENTACAO DE RELATORIO COM AS SECOES PROCESSAD","AS E INTERPRETADAS,EM PAPEL E EM MEIO DIGITAL",null,null,null,"M",8.71]
["01.004.0145-A",{"$f":"C710&D710&E710&F710&G710&H710","v":"PROCESSAMENTO E INTERPRETACAO DE LINHA SISMICA DE REFRACAO,INCLUSIVE A APRESENTACAO DE RELATORIO COM AS SECOES PROCESSADAS E INTERPRETADAS,EM PAPEL E EM MEIO DIGITAL"},"PROCESSAMENTO E INTERPRETACAO DE LINHA SISMICA DE REFRACAO,I","NCLUSIVE A APRESENTACAO DE RELATORIO COM AS SECOES PROCESSAD","AS E INTERPRETADAS,EM PAPEL E EM MEIO DIGITAL",null,null,null,"M",7.55]
["01.005.0001-0",{"$f":"C711&D711&E711&F711&G711&H711","v":"PREPARO MANUAL DE TERRENO,COMPREENDENDO ACERTO,RASPAGEM EVENTUALMENTE ATE 0.30M DE PROFUNDIDADE E AFASTAMENTO LATERAL DO MATERIAL EXCEDENTE,EXCLUSIVE COMPACTACAO"},"PREPARO MANUAL DE TERRENO,COMPREENDENDO ACERTO,RASPAGEM EVEN","TUALMENTE ATE 0.30M DE PROFUNDIDADE E AFASTAMENTO LATERAL DO"," MATERIAL EXCEDENTE,EXCLUSIVE COMPACTACAO",null,null,null,"M2",7.45]
["01.005.0001-A",{"$f":"C712&D712&E712&F712&G712&H712","v":"PREPARO MANUAL DE TERRENO,COMPREENDENDO ACERTO,RASPAGEM EVENTUALMENTE ATE 0.30M DE PROFUNDIDADE E AFASTAMENTO LATERAL DO MATERIAL EXCEDENTE,EXCLUSIVE COMPACTACAO"},"PREPARO MANUAL DE TERRENO,COMPREENDENDO ACERTO,RASPAGEM EVEN","TUALMENTE ATE 0.30M DE PROFUNDIDADE E AFASTAMENTO LATERAL DO"," MATERIAL EXCEDENTE,EXCLUSIVE COMPACTACAO",null,null,null,"M2",6.45]
["01.005.0003-0",{"$f":"C713&D713&E713&F713&G713&H713","v":"PREPARO MANUAL DE TERRENO,COMPREENDENDO ACERTO,RASPAGEM EVENTUALMENTE ATE 0.30M DE PROFUNDIDADE E AFASTAMENTO LATERAL DO MATERIAL EXCEDENTE,INCLUSIVE COMPACTACAO MECANICA"},"PREPARO MANUAL DE TERRENO,COMPREENDENDO ACERTO,RASPAGEM EVEN","TUALMENTE ATE 0.30M DE PROFUNDIDADE E AFASTAMENTO LATERAL DO"," MATERIAL EXCEDENTE,INCLUSIVE COMPACTACAO MECANICA",null,null,null,"M2",9.27]
["01.005.0003-A",{"$f":"C714&D714&E714&F714&G714&H714","v":"PREPARO MANUAL DE TERRENO,COMPREENDENDO ACERTO,RASPAGEM EVENTUALMENTE ATE 0.30M DE PROFUNDIDADE E AFASTAMENTO LATERAL DO MATERIAL EXCEDENTE,INCLUSIVE COMPACTACAO MECANICA"},"PREPARO MANUAL DE TERRENO,COMPREENDENDO ACERTO,RASPAGEM EVEN","TUALMENTE ATE 0.30M DE PROFUNDIDADE E AFASTAMENTO LATERAL DO"," MATERIAL EXCEDENTE,INCLUSIVE COMPACTACAO MECANICA",null,null,null,"M2",8.22]
["01.005.0004-0",{"$f":"C715&D715&E715&F715&G715&H715","v":"PREPARO MANUAL DE TERRENO,COMPREENDENDO ACERTO,RASPAGEM EVENTUAL ATE 0.30M DE PROFUNDIDADE E AFASTAMENTO LATERAL DO MATERIAL EXCEDENTE,INCLUSIVE COMPACTACAO MANUAL"},"PREPARO MANUAL DE TERRENO,COMPREENDENDO ACERTO,RASPAGEM EVEN","TUAL ATE 0.30M DE PROFUNDIDADE E AFASTAMENTO LATERAL DO MATE","RIAL EXCEDENTE,INCLUSIVE COMPACTACAO MANUAL",null,null,null,"M2",14.9]
["01.005.0004-A",{"$f":"C716&D716&E716&F716&G716&H716","v":"PREPARO MANUAL DE TERRENO,COMPREENDENDO ACERTO,RASPAGEM EVENTUAL ATE 0.30M DE PROFUNDIDADE E AFASTAMENTO LATERAL DO MATERIAL EXCEDENTE,INCLUSIVE COMPACTACAO MANUAL"},"PREPARO MANUAL DE TERRENO,COMPREENDENDO ACERTO,RASPAGEM EVEN","TUAL ATE 0.30M DE PROFUNDIDADE E AFASTAMENTO LATERAL DO MATE","RIAL EXCEDENTE,INCLUSIVE COMPACTACAO MANUAL",null,null,null,"M2",12.91]
["01.005.0005-0",{"$f":"C717&D717&E717&F717&G717&H717","v":"ROCADO EM VEGETACAO ESPESSA,COM EMPILHAMENTO LATERAL E QUEIMA DOS RESIDUOS"},"ROCADO EM VEGETACAO ESPESSA,COM EMPILHAMENTO LATERAL E QUEIM","A DOS RESIDUOS",null,null,null,null,"M2",0.89]
["01.005.0005-A",{"$f":"C718&D718&E718&F718&G718&H718","v":"ROCADO EM VEGETACAO ESPESSA,COM EMPILHAMENTO LATERAL E QUEIMA DOS RESIDUOS"},"ROCADO EM VEGETACAO ESPESSA,COM EMPILHAMENTO LATERAL E QUEIM","A DOS RESIDUOS",null,null,null,null,"M2",0.77]
["01.005.0006-0",{"$f":"C719&D719&E719&F719&G719&H719","v":"ROCADO EM VEGETACAO RALA,COM EMPILHAMENTO LATERAL E QUEIMA DOS RESIDUOS"},"ROCADO EM VEGETACAO RALA,COM EMPILHAMENTO LATERAL E QUEIMA D","OS RESIDUOS",null,null,null,null,"M2",0.25]
["01.005.0006-A",{"$f":"C720&D720&E720&F720&G720&H720","v":"ROCADO EM VEGETACAO RALA,COM EMPILHAMENTO LATERAL E QUEIMA DOS RESIDUOS"},"ROCADO EM VEGETACAO RALA,COM EMPILHAMENTO LATERAL E QUEIMA D","OS RESIDUOS",null,null,null,null,"M2",0.21]
["01.005.0007-0",{"$f":"C721&D721&E721&F721&G721&H721","v":"ROCADO A FOICE E MACHADO EM MATA DE PEQUENO PORTE E QUEIMA DOS RESIDUOS SEM DESTOCAMENTO OU REMOCAO"},"ROCADO A FOICE E MACHADO EM MATA DE PEQUENO PORTE E QUEIMA D","OS RESIDUOS SEM DESTOCAMENTO OU REMOCAO",null,null,null,null,"M2",1.78]
["01.005.0007-A",{"$f":"C722&D722&E722&F722&G722&H722","v":"ROCADO A FOICE E MACHADO EM MATA DE PEQUENO PORTE E QUEIMA DOS RESIDUOS SEM DESTOCAMENTO OU REMOCAO"},"ROCADO A FOICE E MACHADO EM MATA DE PEQUENO PORTE E QUEIMA D","OS RESIDUOS SEM DESTOCAMENTO OU REMOCAO",null,null,null,null,"M2",1.54]
["01.005.0008-0",{"$f":"C723&D723&E723&F723&G723&H723","v":"DESTOCAMENTO DE ARVORES DE PORTE MEDIO E RAIZES PROFUNDAS,SEM REMOCAO E AUXILIO MECANICO"},"DESTOCAMENTO DE ARVORES DE PORTE MEDIO E RAIZES PROFUNDAS,SE","M REMOCAO E AUXILIO MECANICO",null,null,null,null,"UN",184.81]
["01.005.0008-A",{"$f":"C724&D724&E724&F724&G724&H724","v":"DESTOCAMENTO DE ARVORES DE PORTE MEDIO E RAIZES PROFUNDAS,SEM REMOCAO E AUXILIO MECANICO"},"DESTOCAMENTO DE ARVORES DE PORTE MEDIO E RAIZES PROFUNDAS,SE","M REMOCAO E AUXILIO MECANICO",null,null,null,null,"UN",160.16]
["01.005.0009-0",{"$f":"C725&D725&E725&F725&G725&H725","v":"ABERTURA DE PICADA,EM ENCOSTA,EM TERRENO DE VEGETACAO DENSA"},"ABERTURA DE PICADA,EM ENCOSTA,EM TERRENO DE VEGETACAO DENSA",null,null,null,null,null,"M",2.14]
["01.005.0009-A",{"$f":"C726&D726&E726&F726&G726&H726","v":"ABERTURA DE PICADA,EM ENCOSTA,EM TERRENO DE VEGETACAO DENSA"},"ABERTURA DE PICADA,EM ENCOSTA,EM TERRENO DE VEGETACAO DENSA",null,null,null,null,null,"M",1.85]
["01.005.0013-0",{"$f":"C727&D727&E727&F727&G727&H727","v":"ABERTURA DE PICADAS EM TERRENO COM VEGETACAO QUE POSSIBILITE O USO APENAS DE FACAO E FOICE"},"ABERTURA DE PICADAS EM TERRENO COM VEGETACAO QUE POSSIBILITE"," O USO APENAS DE FACAO E FOICE",null,null,null,null,"KM",1937.53]
["01.005.0013-A",{"$f":"C728&D728&E728&F728&G728&H728","v":"ABERTURA DE PICADAS EM TERRENO COM VEGETACAO QUE POSSIBILITE O USO APENAS DE FACAO E FOICE"},"ABERTURA DE PICADAS EM TERRENO COM VEGETACAO QUE POSSIBILITE"," O USO APENAS DE FACAO E FOICE",null,null,null,null,"KM",1679.1]
["01.005.0014-0",{"$f":"C729&D729&E729&F729&G729&H729","v":"ABERTURA DE PICADAS EM TERRENO QUE EXIJA ALEM DO USO DE FACAO E FOICE,TAMBEM MACHADO E MOTOSSERRA"},"ABERTURA DE PICADAS EM TERRENO QUE EXIJA ALEM DO USO DE FACA","O E FOICE,TAMBEM MACHADO E MOTOSSERRA",null,null,null,null,"KM",1863.01]
["01.005.0014-A",{"$f":"C730&D730&E730&F730&G730&H730","v":"ABERTURA DE PICADAS EM TERRENO QUE EXIJA ALEM DO USO DE FACAO E FOICE,TAMBEM MACHADO E MOTOSSERRA"},"ABERTURA DE PICADAS EM TERRENO QUE EXIJA ALEM DO USO DE FACA","O E FOICE,TAMBEM MACHADO E MOTOSSERRA",null,null,null,null,"KM",1614.52]
["01.005.0020-0",{"$f":"C731&D731&E731&F731&G731&H731","v":"SUAVIZACAO E RECONFORMACAO MANUAL DE TALUDES,COM PEQUENO DESMATAMENTO E ALTURA MEDIA DE 0,50M"},"SUAVIZACAO E RECONFORMACAO MANUAL DE TALUDES,COM PEQUENO DES","MATAMENTO E ALTURA MEDIA DE 0,50M",null,null,null,null,"M3",38]
["01.005.0020-A",{"$f":"C732&D732&E732&F732&G732&H732","v":"SUAVIZACAO E RECONFORMACAO MANUAL DE TALUDES,COM PEQUENO DESMATAMENTO E ALTURA MEDIA DE 0,50M"},"SUAVIZACAO E RECONFORMACAO MANUAL DE TALUDES,COM PEQUENO DES","MATAMENTO E ALTURA MEDIA DE 0,50M",null,null,null,null,"M3",32.93]
["01.005.0021-0",{"$f":"C733&D733&E733&F733&G733&H733","v":"SUAVIZACAO E RECONFORMACAO MANUAL DE TALUDES,COM PEQUENO DESMATAMENTO E ALTURA MEDIA DE 1,00M"},"SUAVIZACAO E RECONFORMACAO MANUAL DE TALUDES,COM PEQUENO DES","MATAMENTO E ALTURA MEDIA DE 1,00M",null,null,null,null,"M3",55.14]
["01.005.0021-A",{"$f":"C734&D734&E734&F734&G734&H734","v":"SUAVIZACAO E RECONFORMACAO MANUAL DE TALUDES,COM PEQUENO DESMATAMENTO E ALTURA MEDIA DE 1,00M"},"SUAVIZACAO E RECONFORMACAO MANUAL DE TALUDES,COM PEQUENO DES","MATAMENTO E ALTURA MEDIA DE 1,00M",null,null,null,null,"M3",47.78]
["01.005.0022-0",{"$f":"C735&D735&E735&F735&G735&H735","v":"SUAVIZACAO E RECONFORMACAO MANUAL DE TALUDES,COM PEQUENO DESMATAMENTO E ALTURA MEDIA DE 1,50M"},"SUAVIZACAO E RECONFORMACAO MANUAL DE TALUDES,COM PEQUENO DES","MATAMENTO E ALTURA MEDIA DE 1,50M",null,null,null,null,"M3",74.52]
["01.005.0022-A",{"$f":"C736&D736&E736&F736&G736&H736","v":"SUAVIZACAO E RECONFORMACAO MANUAL DE TALUDES,COM PEQUENO DESMATAMENTO E ALTURA MEDIA DE 1,50M"},"SUAVIZACAO E RECONFORMACAO MANUAL DE TALUDES,COM PEQUENO DES","MATAMENTO E ALTURA MEDIA DE 1,50M",null,null,null,null,"M3",64.58]
["01.006.0001-0",{"$f":"C737&D737&E737&F737&G737&H737","v":"DESTOCAMENTO MECANICO DE TOCOS DE ATE 0,30M DE DIAMETRO"},"DESTOCAMENTO MECANICO DE TOCOS DE ATE 0,30M DE DIAMETRO",null,null,null,null,null,"UN",31.43]
["01.006.0001-A",{"$f":"C738&D738&E738&F738&G738&H738","v":"DESTOCAMENTO MECANICO DE TOCOS DE ATE 0,30M DE DIAMETRO"},"DESTOCAMENTO MECANICO DE TOCOS DE ATE 0,30M DE DIAMETRO",null,null,null,null,null,"UN",31.04]
["01.006.0002-0",{"$f":"C739&D739&E739&F739&G739&H739","v":"DESTOCAMENTO MECANICO DE TOCOS DE 0,30 A 0,50M DE DIAMETRO"},"DESTOCAMENTO MECANICO DE TOCOS DE 0,30 A 0,50M DE DIAMETRO",null,null,null,null,null,"UN",56.23]
["01.006.0002-A",{"$f":"C740&D740&E740&F740&G740&H740","v":"DESTOCAMENTO MECANICO DE TOCOS DE 0,30 A 0,50M DE DIAMETRO"},"DESTOCAMENTO MECANICO DE TOCOS DE 0,30 A 0,50M DE DIAMETRO",null,null,null,null,null,"UN",55.53]
["01.006.0003-0",{"$f":"C741&D741&E741&F741&G741&H741","v":"DESTOCAMENTO MECANICO DE TOCOS MAIORES QUE O,50M DE DIAMETRO"},"DESTOCAMENTO MECANICO DE TOCOS MAIORES QUE O,50M DE DIAMETRO",null,null,null,null,null,"UN",94.13]
["01.006.0003-A",{"$f":"C742&D742&E742&F742&G742&H742","v":"DESTOCAMENTO MECANICO DE TOCOS MAIORES QUE O,50M DE DIAMETRO"},"DESTOCAMENTO MECANICO DE TOCOS MAIORES QUE O,50M DE DIAMETRO",null,null,null,null,null,"UN",92.97]
["01.006.0004-0",{"$f":"C743&D743&E743&F743&G743&H743","v":"DESMATAMENTO E LIMPEZA DE TERRENOS COM TRATOR DE ESTEIRAS COM POTENCIA EM TORNO DE 200CV"},"DESMATAMENTO E LIMPEZA DE TERRENOS COM TRATOR DE ESTEIRAS CO","M POTENCIA EM TORNO DE 200CV",null,null,null,null,"M2",0.27]
["01.006.0004-A",{"$f":"C744&D744&E744&F744&G744&H744","v":"DESMATAMENTO E LIMPEZA DE TERRENOS COM TRATOR DE ESTEIRAS COM POTENCIA EM TORNO DE 200CV"},"DESMATAMENTO E LIMPEZA DE TERRENOS COM TRATOR DE ESTEIRAS CO","M POTENCIA EM TORNO DE 200CV",null,null,null,null,"M2",0.26]
["01.006.0010-0",{"$f":"C745&D745&E745&F745&G745&H745","v":"REGULARIZACAO DE TERRENO COM TRATOR EM TORNO DE 80CV,COMPREENDENDO ACERTO,RASPAGEM EVENTUALMENTE ATE 0,30M DE PROFUNDIDADE E AFASTAMENTO LATERAL DO MATERIAL EXCEDENTE"},"REGULARIZACAO DE TERRENO COM TRATOR EM TORNO DE 80CV,COMPREE","NDENDO ACERTO,RASPAGEM EVENTUALMENTE ATE 0,30M DE PROFUNDIDA","DE E AFASTAMENTO LATERAL DO MATERIAL EXCEDENTE",null,null,null,"M2",0.95]
["01.006.0010-A",{"$f":"C746&D746&E746&F746&G746&H746","v":"REGULARIZACAO DE TERRENO COM TRATOR EM TORNO DE 80CV,COMPREENDENDO ACERTO,RASPAGEM EVENTUALMENTE ATE 0,30M DE PROFUNDIDADE E AFASTAMENTO LATERAL DO MATERIAL EXCEDENTE"},"REGULARIZACAO DE TERRENO COM TRATOR EM TORNO DE 80CV,COMPREE","NDENDO ACERTO,RASPAGEM EVENTUALMENTE ATE 0,30M DE PROFUNDIDA","DE E AFASTAMENTO LATERAL DO MATERIAL EXCEDENTE",null,null,null,"M2",0.92]
["01.007.0010-0",{"$f":"C747&D747&E747&F747&G747&H747","v":"MONTAGEM E DESMONTAGEM DE UM CONJUNTO DE BOMBAS (15CV) PARAATE 70,00M DE COLETORES (INCLUSIVE ESTES)"},"MONTAGEM E DESMONTAGEM DE UM CONJUNTO DE BOMBAS (15CV) PARA","ATE 70,00M DE COLETORES (INCLUSIVE ESTES)",null,null,null,null,"UN",3685.08]
["01.007.0010-A",{"$f":"C748&D748&E748&F748&G748&H748","v":"MONTAGEM E DESMONTAGEM DE UM CONJUNTO DE BOMBAS (15CV) PARAATE 70,00M DE COLETORES (INCLUSIVE ESTES)"},"MONTAGEM E DESMONTAGEM DE UM CONJUNTO DE BOMBAS (15CV) PARA","ATE 70,00M DE COLETORES (INCLUSIVE ESTES)",null,null,null,null,"UN",3454.46]
["01.007.0020-0",{"$f":"C749&D749&E749&F749&G749&H749","v":"CRAVACAO E RETIRADA DE UMA PONTEIRA FILTRANTE"},"CRAVACAO E RETIRADA DE UMA PONTEIRA FILTRANTE",null,null,null,null,null,"UN",267.23]
["01.007.0020-A",{"$f":"C750&D750&E750&F750&G750&H750","v":"CRAVACAO E RETIRADA DE UMA PONTEIRA FILTRANTE"},"CRAVACAO E RETIRADA DE UMA PONTEIRA FILTRANTE",null,null,null,null,null,"UN",231.54]
["01.007.0025-0",{"$f":"C751&D751&E751&F751&G751&H751","v":"OPERACAO E MANUTENCAO DO SISTEMA,EXCLUSIVE ENERGIA ELETRICA,PELO TEMPO CORRIDO DE EMPREGO NA OBRA"},"OPERACAO E MANUTENCAO DO SISTEMA,EXCLUSIVE ENERGIA ELETRICA,","PELO TEMPO CORRIDO DE EMPREGO NA OBRA",null,null,null,null,"DIA",350.72]
["01.007.0025-A",{"$f":"C752&D752&E752&F752&G752&H752","v":"OPERACAO E MANUTENCAO DO SISTEMA,EXCLUSIVE ENERGIA ELETRICA,PELO TEMPO CORRIDO DE EMPREGO NA OBRA"},"OPERACAO E MANUTENCAO DO SISTEMA,EXCLUSIVE ENERGIA ELETRICA,","PELO TEMPO CORRIDO DE EMPREGO NA OBRA",null,null,null,null,"DIA",303.88]
["01.007.0030-0",{"$f":"C753&D753&E753&F753&G753&H753","v":"ENERGIA CONSUMIDA PELO SISTEMA,MEDIDA PELA POTENCIA INSTALADA E PELO TEMPO DE FUNCIONAMENTO"},"ENERGIA CONSUMIDA PELO SISTEMA,MEDIDA PELA POTENCIA INSTALAD","A E PELO TEMPO DE FUNCIONAMENTO",null,null,null,null,"CV X H",0.06]
["01.007.0030-A",{"$f":"C754&D754&E754&F754&G754&H754","v":"ENERGIA CONSUMIDA PELO SISTEMA,MEDIDA PELA POTENCIA INSTALADA E PELO TEMPO DE FUNCIONAMENTO"},"ENERGIA CONSUMIDA PELO SISTEMA,MEDIDA PELA POTENCIA INSTALAD","A E PELO TEMPO DE FUNCIONAMENTO",null,null,null,null,"CV X H",0.06]
["01.007.0080-0",{"$f":"C755&D755&E755&F755&G755&H755","v":"POCO ARTESIANO,PROFUNDIDADE ATE 50 METROS,INCLUSIVE PERFURACAO,INSTALACAO E ANALISE DA AGUA,EXCLUSIVE MOTOBOMBA"},"POCO ARTESIANO,PROFUNDIDADE ATE 50 METROS,INCLUSIVE PERFURAC","AO,INSTALACAO E ANALISE DA AGUA,EXCLUSIVE MOTOBOMBA",null,null,null,null,"M",297.4]
["01.007.0080-A",{"$f":"C756&D756&E756&F756&G756&H756","v":"POCO ARTESIANO,PROFUNDIDADE ATE 50 METROS,INCLUSIVE PERFURACAO,INSTALACAO E ANALISE DA AGUA,EXCLUSIVE MOTOBOMBA"},"POCO ARTESIANO,PROFUNDIDADE ATE 50 METROS,INCLUSIVE PERFURAC","AO,INSTALACAO E ANALISE DA AGUA,EXCLUSIVE MOTOBOMBA",null,null,null,null,"M",297.4]
["01.007.0081-0",{"$f":"C757&D757&E757&F757&G757&H757","v":"POCO ARTESIANO PROFUNDO,PROFUNDIDADE DE 51 METROS ATE 100 METROS,INCLUSIVE PERFURACAO,REVESTIMENTO E ANALISE DA AGUA,EXCLUSIVE MOTOBOMBA"},"POCO ARTESIANO PROFUNDO,PROFUNDIDADE DE 51 METROS ATE 100 ME","TROS,INCLUSIVE PERFURACAO,REVESTIMENTO E ANALISE DA AGUA,EXC","LUSIVE MOTOBOMBA",null,null,null,"M",214.7]
["01.007.0081-A",{"$f":"C758&D758&E758&F758&G758&H758","v":"POCO ARTESIANO PROFUNDO,PROFUNDIDADE DE 51 METROS ATE 100 METROS,INCLUSIVE PERFURACAO,REVESTIMENTO E ANALISE DA AGUA,EXCLUSIVE MOTOBOMBA"},"POCO ARTESIANO PROFUNDO,PROFUNDIDADE DE 51 METROS ATE 100 ME","TROS,INCLUSIVE PERFURACAO,REVESTIMENTO E ANALISE DA AGUA,EXC","LUSIVE MOTOBOMBA",null,null,null,"M",214.7]
["01.007.0085-0",{"$f":"C759&D759&E759&F759&G759&H759","v":"POCO ARTESIANO,INCLUSIVE PERFURACAO A TRADO,REVESTIMENTO E ANALISE DA AGUA E EXCLUSIVE MOTOBOMBA"},"POCO ARTESIANO,INCLUSIVE PERFURACAO A TRADO,REVESTIMENTO E A","NALISE DA AGUA E EXCLUSIVE MOTOBOMBA",null,null,null,null,"M",179.3]
["01.007.0085-A",{"$f":"C760&D760&E760&F760&G760&H760","v":"POCO ARTESIANO,INCLUSIVE PERFURACAO A TRADO,REVESTIMENTO E ANALISE DA AGUA E EXCLUSIVE MOTOBOMBA"},"POCO ARTESIANO,INCLUSIVE PERFURACAO A TRADO,REVESTIMENTO E A","NALISE DA AGUA E EXCLUSIVE MOTOBOMBA",null,null,null,null,"M",179.3]
["01.008.0050-0",{"$f":"C761&D761&E761&F761&G761&H761","v":"MOBILIZACAO E DESMOBILIZACAO DE EQUIPAMENTO E EQUIPE DE SONDAGEM E PERFURACAO A PERCUSSAO,COM TRANSPORTE ATE 50KM"},"MOBILIZACAO E DESMOBILIZACAO DE EQUIPAMENTO E EQUIPE DE SOND","AGEM E PERFURACAO A PERCUSSAO,COM TRANSPORTE ATE 50KM",null,null,null,null,"UN",5738.35]
["01.008.0050-A",{"$f":"C762&D762&E762&F762&G762&H762","v":"MOBILIZACAO E DESMOBILIZACAO DE EQUIPAMENTO E EQUIPE DE SONDAGEM E PERFURACAO A PERCUSSAO,COM TRANSPORTE ATE 50KM"},"MOBILIZACAO E DESMOBILIZACAO DE EQUIPAMENTO E EQUIPE DE SOND","AGEM E PERFURACAO A PERCUSSAO,COM TRANSPORTE ATE 50KM",null,null,null,null,"UN",5097.05]
["01.008.0100-0",{"$f":"C763&D763&E763&F763&G763&H763","v":"MOBILIZACAO E DESMOBILIZACAO DE EQUIPAMENTO E EQUIPE DE SONDAGEM E PERFURACAO A PERCUSSAO,COM TRANSPORTE DE 51 A 100KM"},"MOBILIZACAO E DESMOBILIZACAO DE EQUIPAMENTO E EQUIPE DE SOND","AGEM E PERFURACAO A PERCUSSAO,COM TRANSPORTE DE 51 A 100KM",null,null,null,null,"UN",5887.63]
["01.008.0100-A",{"$f":"C764&D764&E764&F764&G764&H764","v":"MOBILIZACAO E DESMOBILIZACAO DE EQUIPAMENTO E EQUIPE DE SONDAGEM E PERFURACAO A PERCUSSAO,COM TRANSPORTE DE 51 A 100KM"},"MOBILIZACAO E DESMOBILIZACAO DE EQUIPAMENTO E EQUIPE DE SOND","AGEM E PERFURACAO A PERCUSSAO,COM TRANSPORTE DE 51 A 100KM",null,null,null,null,"UN",5242.99]
["01.008.0200-0",{"$f":"C765&D765&E765&F765&G765&H765","v":"MOBILIZACAO E DESMOBILIZACAO DE EQUIPAMENTO E EQUIPE DE SONDAGEM E PERFURACAO A PERCUSSAO,COM TRANSPORTE DE 101 A 200KM"},"MOBILIZACAO E DESMOBILIZACAO DE EQUIPAMENTO E EQUIPE DE SOND","AGEM E PERFURACAO A PERCUSSAO,COM TRANSPORTE DE 101 A 200KM",null,null,null,null,"UN",6186.19]
["01.008.0200-A",{"$f":"C766&D766&E766&F766&G766&H766","v":"MOBILIZACAO E DESMOBILIZACAO DE EQUIPAMENTO E EQUIPE DE SONDAGEM E PERFURACAO A PERCUSSAO,COM TRANSPORTE DE 101 A 200KM"},"MOBILIZACAO E DESMOBILIZACAO DE EQUIPAMENTO E EQUIPE DE SOND","AGEM E PERFURACAO A PERCUSSAO,COM TRANSPORTE DE 101 A 200KM",null,null,null,null,"UN",5534.88]
["01.009.0050-0",{"$f":"C767&D767&E767&F767&G767&H767","v":"MOBILIZACAO E DESMOBILIZACAO DE EQUIPAMENTO E EQUIPE DE SONDAGEM E PERFURACAO ROTATIVA,COM TRANSPORTE ATE 50KM"},"MOBILIZACAO E DESMOBILIZACAO DE EQUIPAMENTO E EQUIPE DE SOND","AGEM E PERFURACAO ROTATIVA,COM TRANSPORTE ATE 50KM",null,null,null,null,"UN",9315.79]
["01.009.0050-A",{"$f":"C768&D768&E768&F768&G768&H768","v":"MOBILIZACAO E DESMOBILIZACAO DE EQUIPAMENTO E EQUIPE DE SONDAGEM E PERFURACAO ROTATIVA,COM TRANSPORTE ATE 50KM"},"MOBILIZACAO E DESMOBILIZACAO DE EQUIPAMENTO E EQUIPE DE SOND","AGEM E PERFURACAO ROTATIVA,COM TRANSPORTE ATE 50KM",null,null,null,null,"UN",8233.35]
["01.009.0100-0",{"$f":"C769&D769&E769&F769&G769&H769","v":"MOBILIZACAO E DESMOBILIZACAO DE EQUIPAMENTO E EQUIPE DE SONDAGEM E PERFURACAO ROTATIVA,COM TRANSPORTE DE 51 A 100KM"},"MOBILIZACAO E DESMOBILIZACAO DE EQUIPAMENTO E EQUIPE DE SOND","AGEM E PERFURACAO ROTATIVA,COM TRANSPORTE DE 51 A 100KM",null,null,null,null,"UN",9465.07]
["01.009.0100-A",{"$f":"C770&D770&E770&F770&G770&H770","v":"MOBILIZACAO E DESMOBILIZACAO DE EQUIPAMENTO E EQUIPE DE SONDAGEM E PERFURACAO ROTATIVA,COM TRANSPORTE DE 51 A 100KM"},"MOBILIZACAO E DESMOBILIZACAO DE EQUIPAMENTO E EQUIPE DE SOND","AGEM E PERFURACAO ROTATIVA,COM TRANSPORTE DE 51 A 100KM",null,null,null,null,"UN",8379.29]
["01.009.0200-0",{"$f":"C771&D771&E771&F771&G771&H771","v":"MOBILIZACAO E DESMOBILIZACAO DE EQUIPAMENTO E EQUIPE DE SONDAGEM E PERFURACAO ROTATIVA,COM TRANSPORTE DE 101 A 200KM"},"MOBILIZACAO E DESMOBILIZACAO DE EQUIPAMENTO E EQUIPE DE SOND","AGEM E PERFURACAO ROTATIVA,COM TRANSPORTE DE 101 A 200KM",null,null,null,null,"UN",9763.63]
["01.009.0200-A",{"$f":"C772&D772&E772&F772&G772&H772","v":"MOBILIZACAO E DESMOBILIZACAO DE EQUIPAMENTO E EQUIPE DE SONDAGEM E PERFURACAO ROTATIVA,COM TRANSPORTE DE 101 A 200KM"},"MOBILIZACAO E DESMOBILIZACAO DE EQUIPAMENTO E EQUIPE DE SOND","AGEM E PERFURACAO ROTATIVA,COM TRANSPORTE DE 101 A 200KM",null,null,null,null,"UN",8671.17]
["01.016.0001-0",{"$f":"C773&D773&E773&F773&G773&H773","v":"LEVANTAMENTO TOPOGRAFICO,PLANIALTIMETRICO E CADASTRAL,DE TERRENO DE OROGRAFIA ACIDENTADA,VEGETACAO DENSA E EDIFICACAO DENSA (ESCALA 1:500)"},"LEVANTAMENTO TOPOGRAFICO,PLANIALTIMETRICO E CADASTRAL,DE TER","RENO DE OROGRAFIA ACIDENTADA,VEGETACAO DENSA E EDIFICACAO DE","NSA (ESCALA 1:500)",null,null,null,"HA",14755.73]
["01.016.0001-A",{"$f":"C774&D774&E774&F774&G774&H774","v":"LEVANTAMENTO TOPOGRAFICO,PLANIALTIMETRICO E CADASTRAL,DE TERRENO DE OROGRAFIA ACIDENTADA,VEGETACAO DENSA E EDIFICACAO DENSA (ESCALA 1:500)"},"LEVANTAMENTO TOPOGRAFICO,PLANIALTIMETRICO E CADASTRAL,DE TER","RENO DE OROGRAFIA ACIDENTADA,VEGETACAO DENSA E EDIFICACAO DE","NSA (ESCALA 1:500)",null,null,null,"HA",13129.96]
["01.016.0002-0",{"$f":"C775&D775&E775&F775&G775&H775","v":"LEVANTAMENTO TOPOGRAFICO,PLANIALTIMETRICO E CADASTRAL,DE TERRENO DE OROGRAFIA ACIDENTADA,VEGETACAO DENSA E EDIFICACAO MEDIA"},"LEVANTAMENTO TOPOGRAFICO,PLANIALTIMETRICO E CADASTRAL,DE TER","RENO DE OROGRAFIA ACIDENTADA,VEGETACAO DENSA E EDIFICACAO ME","DIA",null,null,null,"HA",11288.54]
["01.016.0002-A",{"$f":"C776&D776&E776&F776&G776&H776","v":"LEVANTAMENTO TOPOGRAFICO,PLANIALTIMETRICO E CADASTRAL,DE TERRENO DE OROGRAFIA ACIDENTADA,VEGETACAO DENSA E EDIFICACAO MEDIA"},"LEVANTAMENTO TOPOGRAFICO,PLANIALTIMETRICO E CADASTRAL,DE TER","RENO DE OROGRAFIA ACIDENTADA,VEGETACAO DENSA E EDIFICACAO ME","DIA",null,null,null,"HA",10044.78]
["01.016.0003-0",{"$f":"C777&D777&E777&F777&G777&H777","v":"LEVANTAMENTO TOPOGRAFICO,PLANIALTIMETRICO E CADASTRAL,DE TERRENO DE OROGRAFIA ACIDENTADA,VEGETACAO DENSA E EDIFICACAO LEVE"},"LEVANTAMENTO TOPOGRAFICO,PLANIALTIMETRICO E CADASTRAL,DE TER","RENO DE OROGRAFIA ACIDENTADA,VEGETACAO DENSA E EDIFICACAO LE","VE",null,null,null,"HA",9595.26]
["01.016.0003-A",{"$f":"C778&D778&E778&F778&G778&H778","v":"LEVANTAMENTO TOPOGRAFICO,PLANIALTIMETRICO E CADASTRAL,DE TERRENO DE OROGRAFIA ACIDENTADA,VEGETACAO DENSA E EDIFICACAO LEVE"},"LEVANTAMENTO TOPOGRAFICO,PLANIALTIMETRICO E CADASTRAL,DE TER","RENO DE OROGRAFIA ACIDENTADA,VEGETACAO DENSA E EDIFICACAO LE","VE",null,null,null,"HA",8538.06]
["01.016.0004-0",{"$f":"C779&D779&E779&F779&G779&H779","v":"LEVANTAMENTO TOPOGRAFICO,PLANIALTIMETRICO E CADASTRAL,DE TERRENO DE OROGRAFIA ACIDENTADA,VEGETACAO RALA E EDIFICACAO DENSA"},"LEVANTAMENTO TOPOGRAFICO,PLANIALTIMETRICO E CADASTRAL,DE TER","RENO DE OROGRAFIA ACIDENTADA,VEGETACAO RALA E EDIFICACAO DEN","SA",null,null,null,"HA",8869.56]
["01.016.0004-A",{"$f":"C780&D780&E780&F780&G780&H780","v":"LEVANTAMENTO TOPOGRAFICO,PLANIALTIMETRICO E CADASTRAL,DE TERRENO DE OROGRAFIA ACIDENTADA,VEGETACAO RALA E EDIFICACAO DENSA"},"LEVANTAMENTO TOPOGRAFICO,PLANIALTIMETRICO E CADASTRAL,DE TER","RENO DE OROGRAFIA ACIDENTADA,VEGETACAO RALA E EDIFICACAO DEN","SA",null,null,null,"HA",7892.33]
["01.016.0005-0",{"$f":"C781&D781&E781&F781&G781&H781","v":"LEVANTAMENTO TOPOGRAFICO,PLANIALTIMETRICO E CADASTRAL,DE TERRENO DE OROGRAFIA ACIDENTADA,VEGETACAO RALA E EDIFICACAO MEDIA"},"LEVANTAMENTO TOPOGRAFICO,PLANIALTIMETRICO E CADASTRAL,DE TER","RENO DE OROGRAFIA ACIDENTADA,VEGETACAO RALA E EDIFICACAO MED","IA",null,null,null,"HA",6773.12]
["01.016.0005-A",{"$f":"C782&D782&E782&F782&G782&H782","v":"LEVANTAMENTO TOPOGRAFICO,PLANIALTIMETRICO E CADASTRAL,DE TERRENO DE OROGRAFIA ACIDENTADA,VEGETACAO RALA E EDIFICACAO MEDIA"},"LEVANTAMENTO TOPOGRAFICO,PLANIALTIMETRICO E CADASTRAL,DE TER","RENO DE OROGRAFIA ACIDENTADA,VEGETACAO RALA E EDIFICACAO MED","IA",null,null,null,"HA",6026.86]
["01.016.0006-0",{"$f":"C783&D783&E783&F783&G783&H783","v":"LEVANTAMENTO TOPOGRAFICO,PLANIALTIMETRICO E CADASTRAL,DE TERRENO DE OROGRAFIA ACIDENTADA,VEGETACAO RALA E EDIFICACAO LEVE"},"LEVANTAMENTO TOPOGRAFICO,PLANIALTIMETRICO E CADASTRAL,DE TER","RENO DE OROGRAFIA ACIDENTADA,VEGETACAO RALA E EDIFICACAO LEV","E",null,null,null,"HA",5765.22]
["01.016.0006-A",{"$f":"C784&D784&E784&F784&G784&H784","v":"LEVANTAMENTO TOPOGRAFICO,PLANIALTIMETRICO E CADASTRAL,DE TERRENO DE OROGRAFIA ACIDENTADA,VEGETACAO RALA E EDIFICACAO LEVE"},"LEVANTAMENTO TOPOGRAFICO,PLANIALTIMETRICO E CADASTRAL,DE TER","RENO DE OROGRAFIA ACIDENTADA,VEGETACAO RALA E EDIFICACAO LEV","E",null,null,null,"HA",5130.02]
["01.016.0007-0",{"$f":"C785&D785&E785&F785&G785&H785","v":"LEVANTAMENTO TOPOGRAFICO,PLANIALTIMETRICO E CADASTRAL,DE TERRENO DE OROGRAFIA NAO ACIDENTADA,VEGETACAO DENSA E EDIFICACAO DENSA"},"LEVANTAMENTO TOPOGRAFICO,PLANIALTIMETRICO E CADASTRAL,DE TER","RENO DE OROGRAFIA NAO ACIDENTADA,VEGETACAO DENSA E EDIFICACA","O DENSA",null,null,null,"HA",10320.95]
["01.016.0007-A",{"$f":"C786&D786&E786&F786&G786&H786","v":"LEVANTAMENTO TOPOGRAFICO,PLANIALTIMETRICO E CADASTRAL,DE TERRENO DE OROGRAFIA NAO ACIDENTADA,VEGETACAO DENSA E EDIFICACAO DENSA"},"LEVANTAMENTO TOPOGRAFICO,PLANIALTIMETRICO E CADASTRAL,DE TER","RENO DE OROGRAFIA NAO ACIDENTADA,VEGETACAO DENSA E EDIFICACA","O DENSA",null,null,null,"HA",9183.8]
["01.016.0008-0",{"$f":"C787&D787&E787&F787&G787&H787","v":"LEVANTAMENTO TOPOGRAFICO,PLANIALTIMETRICO E CADASTRAL,DE TERRENO OROGRAFIA NAO ACIDENTADA,VEGETACAO DENSA E EDIFICACAO MEDIA"},"LEVANTAMENTO TOPOGRAFICO,PLANIALTIMETRICO E CADASTRAL,DE TER","RENO OROGRAFIA NAO ACIDENTADA,VEGETACAO DENSA E EDIFICACAO M","EDIA",null,null,null,"HA",7901.98]
["01.016.0008-A",{"$f":"C788&D788&E788&F788&G788&H788","v":"LEVANTAMENTO TOPOGRAFICO,PLANIALTIMETRICO E CADASTRAL,DE TERRENO OROGRAFIA NAO ACIDENTADA,VEGETACAO DENSA E EDIFICACAO MEDIA"},"LEVANTAMENTO TOPOGRAFICO,PLANIALTIMETRICO E CADASTRAL,DE TER","RENO OROGRAFIA NAO ACIDENTADA,VEGETACAO DENSA E EDIFICACAO M","EDIA",null,null,null,"HA",7031.35]
["01.016.0009-0",{"$f":"C789&D789&E789&F789&G789&H789","v":"LEVANTAMENTO TOPOGRAFICO,PLANIALTIMETRICO E CADASTRAL,DE TERRENO DE OROGRAFIA NAO ACIDENTADA,VEGETACAO DENSA E EDIFICACAO LEVE"},"LEVANTAMENTO TOPOGRAFICO,PLANIALTIMETRICO E CADASTRAL,DE TER","RENO DE OROGRAFIA NAO ACIDENTADA,VEGETACAO DENSA E EDIFICACA","O LEVE",null,null,null,"HA",6732.81]
["01.016.0009-A",{"$f":"C790&D790&E790&F790&G790&H790","v":"LEVANTAMENTO TOPOGRAFICO,PLANIALTIMETRICO E CADASTRAL,DE TERRENO DE OROGRAFIA NAO ACIDENTADA,VEGETACAO DENSA E EDIFICACAO LEVE"},"LEVANTAMENTO TOPOGRAFICO,PLANIALTIMETRICO E CADASTRAL,DE TER","RENO DE OROGRAFIA NAO ACIDENTADA,VEGETACAO DENSA E EDIFICACA","O LEVE",null,null,null,"HA",5991]
["01.016.0010-0",{"$f":"C791&D791&E791&F791&G791&H791","v":"LEVANTAMENTO TOPOGRAFICO,PLANIALTIMETRICO E CADASTRAL,DE TERRENO DE OROGRAFIA NAO ACIDENTADA,VEGETACAO RALA E EDIFICACAO DENSA"},"LEVANTAMENTO TOPOGRAFICO,PLANIALTIMETRICO E CADASTRAL,DE TER","RENO DE OROGRAFIA NAO ACIDENTADA,VEGETACAO RALA E EDIFICACAO"," DENSA",null,null,null,"HA",6208.7]
["01.016.0010-A",{"$f":"C792&D792&E792&F792&G792&H792","v":"LEVANTAMENTO TOPOGRAFICO,PLANIALTIMETRICO E CADASTRAL,DE TERRENO DE OROGRAFIA NAO ACIDENTADA,VEGETACAO RALA E EDIFICACAO DENSA"},"LEVANTAMENTO TOPOGRAFICO,PLANIALTIMETRICO E CADASTRAL,DE TER","RENO DE OROGRAFIA NAO ACIDENTADA,VEGETACAO RALA E EDIFICACAO"," DENSA",null,null,null,"HA",5524.63]
["01.016.0011-0",{"$f":"C793&D793&E793&F793&G793&H793","v":"LEVANTAMENTO TOPOGRAFICO,PLANIALTIMETRICO E CADASTRAL,DE TERRENO DE OROGRAFIA NAO ACIDENTADA,VEGETACAO RALA E EDIFICACAO MEDIA"},"LEVANTAMENTO TOPOGRAFICO,PLANIALTIMETRICO E CADASTRAL,DE TER","RENO DE OROGRAFIA NAO ACIDENTADA,VEGETACAO RALA E EDIFICACAO"," MEDIA",null,null,null,"HA",4757.31]
["01.016.0011-A",{"$f":"C794&D794&E794&F794&G794&H794","v":"LEVANTAMENTO TOPOGRAFICO,PLANIALTIMETRICO E CADASTRAL,DE TERRENO DE OROGRAFIA NAO ACIDENTADA,VEGETACAO RALA E EDIFICACAO MEDIA"},"LEVANTAMENTO TOPOGRAFICO,PLANIALTIMETRICO E CADASTRAL,DE TER","RENO DE OROGRAFIA NAO ACIDENTADA,VEGETACAO RALA E EDIFICACAO"," MEDIA",null,null,null,"HA",4233.16]
["01.016.0012-0",{"$f":"C795&D795&E795&F795&G795&H795","v":"LEVANTAMENTO TOPOGRAFICO,PLANIALTIMETRICO E CADASTRAL,DE TERRENO DE OROGRAFIA NAO ACIDENTADA,VEGETACAO RALA E EDIFICACAO LEVE"},"LEVANTAMENTO TOPOGRAFICO,PLANIALTIMETRICO E CADASTRAL,DE TER","RENO DE OROGRAFIA NAO ACIDENTADA,VEGETACAO RALA E EDIFICACAO"," LEVE",null,null,null,"HA",4031.62]
["01.016.0012-A",{"$f":"C796&D796&E796&F796&G796&H796","v":"LEVANTAMENTO TOPOGRAFICO,PLANIALTIMETRICO E CADASTRAL,DE TERRENO DE OROGRAFIA NAO ACIDENTADA,VEGETACAO RALA E EDIFICACAO LEVE"},"LEVANTAMENTO TOPOGRAFICO,PLANIALTIMETRICO E CADASTRAL,DE TER","RENO DE OROGRAFIA NAO ACIDENTADA,VEGETACAO RALA E EDIFICACAO"," LEVE",null,null,null,"HA",3587.42]
["01.016.0020-0",{"$f":"C797&D797&E797&F797&G797&H797","v":"DETERMINACAO DE NORTE VERDADEIRO(N.V.)POR OBSERVACAO DIRETADE ALTURA DE SOL,PELO PROCESSO DAS DISTANCIAS ZENITAIS ABSOLUTAS"},"DETERMINACAO DE NORTE VERDADEIRO(N.V.)POR OBSERVACAO DIRETA","DE ALTURA DE SOL,PELO PROCESSO DAS DISTANCIAS ZENITAIS ABSOL","UTAS",null,null,null,"UN",358.79]
["01.016.0020-A",{"$f":"C798&D798&E798&F798&G798&H798","v":"DETERMINACAO DE NORTE VERDADEIRO(N.V.)POR OBSERVACAO DIRETADE ALTURA DE SOL,PELO PROCESSO DAS DISTANCIAS ZENITAIS ABSOLUTAS"},"DETERMINACAO DE NORTE VERDADEIRO(N.V.)POR OBSERVACAO DIRETA","DE ALTURA DE SOL,PELO PROCESSO DAS DISTANCIAS ZENITAIS ABSOL","UTAS",null,null,null,"UN",312.34]
["01.016.0021-0",{"$f":"C799&D799&E799&F799&G799&H799","v":"IMPLANTACAO DE MARCO DE R.N.,EM CONCRETO COM TARUGO METALICO,E DETERMINACAO DE SUA COTA POR TRANSPORTE DE COTA,DE R.N.JA ESTABELECIDO.O CUSTO INCLUI ESTE TRANSPORTE ATE A DISTANCIA DE 150,00M.ALEM DESTE CUSTO,PAGAR O NIVELAMENTO PELOS CODIGOS 01.016.0050 A 01.016.0052"},"IMPLANTACAO DE MARCO DE R.N.,EM CONCRETO COM TARUGO METALICO",",E DETERMINACAO DE SUA COTA POR TRANSPORTE DE COTA,DE R.N.JA"," ESTABELECIDO.O CUSTO INCLUI ESTE TRANSPORTE ATE A DISTANCIA"," DE 150,00M.ALEM DESTE CUSTO,PAGAR O NIVELAMENTO PELOS CODIG","OS 01.016.0050 A 01.016.0052",null,"UN",190.41]
["01.016.0021-A",{"$f":"C800&D800&E800&F800&G800&H800","v":"IMPLANTACAO DE MARCO DE R.N.,EM CONCRETO COM TARUGO METALICO,E DETERMINACAO DE SUA COTA POR TRANSPORTE DE COTA,DE R.N.JA ESTABELECIDO.O CUSTO INCLUI ESTE TRANSPORTE ATE A DISTANCIA DE 150,00M.ALEM DESTE CUSTO,PAGAR O NIVELAMENTO PELOS CODIGOS 01.016.0050 A 01.016.0052"},"IMPLANTACAO DE MARCO DE R.N.,EM CONCRETO COM TARUGO METALICO",",E DETERMINACAO DE SUA COTA POR TRANSPORTE DE COTA,DE R.N.JA"," ESTABELECIDO.O CUSTO INCLUI ESTE TRANSPORTE ATE A DISTANCIA"," DE 150,00M.ALEM DESTE CUSTO,PAGAR O NIVELAMENTO PELOS CODIG","OS 01.016.0050 A 01.016.0052",null,"UN",166.42]
["01.016.0030-0",{"$f":"C801&D801&E801&F801&G801&H801","v":"LANCAMENTO DE LINHA POLIGONAL BASICA,COM PRECISAO DE FECHAMENTO RELATIVA A 1ª ORDEM,USANDO DISTANCIOMETRO ELETRONICO EMTERRENO DE OROGRAFIA ACIDENTADA E VEGETACAO DENSA,PARA POLIGONAIS DE 2ª ORDEM TOMAR 85% DO CUSTO"},"LANCAMENTO DE LINHA POLIGONAL BASICA,COM PRECISAO DE FECHAME","NTO RELATIVA A 1ª ORDEM,USANDO DISTANCIOMETRO ELETRONICO EM","TERRENO DE OROGRAFIA ACIDENTADA E VEGETACAO DENSA,PARA POLIG","ONAIS DE 2ª ORDEM TOMAR 85% DO CUSTO",null,null,"KM",2061.82]
["01.016.0030-A",{"$f":"C802&D802&E802&F802&G802&H802","v":"LANCAMENTO DE LINHA POLIGONAL BASICA,COM PRECISAO DE FECHAMENTO RELATIVA A 1ª ORDEM,USANDO DISTANCIOMETRO ELETRONICO EMTERRENO DE OROGRAFIA ACIDENTADA E VEGETACAO DENSA,PARA POLIGONAIS DE 2ª ORDEM TOMAR 85% DO CUSTO"},"LANCAMENTO DE LINHA POLIGONAL BASICA,COM PRECISAO DE FECHAME","NTO RELATIVA A 1ª ORDEM,USANDO DISTANCIOMETRO ELETRONICO EM","TERRENO DE OROGRAFIA ACIDENTADA E VEGETACAO DENSA,PARA POLIG","ONAIS DE 2ª ORDEM TOMAR 85% DO CUSTO",null,null,"KM",1802.03]
["01.016.0031-0",{"$f":"C803&D803&E803&F803&G803&H803","v":"LANCAMENTO DE LINHA POLIGONAL BASICA,COM PRECISAO DE FECHAMENTO RELATIVA A 1ª ORDEM,USANDO DISTANCIOMETRO ELETRONICO EMTERRENO DE OROGRAFIA ACIDENTADA E VEGETACAO RALA,PARA POLIGONAIS DE 2ª ORDEM TOMAR 85% DO CUSTO"},"LANCAMENTO DE LINHA POLIGONAL BASICA,COM PRECISAO DE FECHAME","NTO RELATIVA A 1ª ORDEM,USANDO DISTANCIOMETRO ELETRONICO EM","TERRENO DE OROGRAFIA ACIDENTADA E VEGETACAO RALA,PARA POLIGO","NAIS DE 2ª ORDEM TOMAR 85% DO CUSTO",null,null,"KM",1238.83]
["01.016.0031-A",{"$f":"C804&D804&E804&F804&G804&H804","v":"LANCAMENTO DE LINHA POLIGONAL BASICA,COM PRECISAO DE FECHAMENTO RELATIVA A 1ª ORDEM,USANDO DISTANCIOMETRO ELETRONICO EMTERRENO DE OROGRAFIA ACIDENTADA E VEGETACAO RALA,PARA POLIGONAIS DE 2ª ORDEM TOMAR 85% DO CUSTO"},"LANCAMENTO DE LINHA POLIGONAL BASICA,COM PRECISAO DE FECHAME","NTO RELATIVA A 1ª ORDEM,USANDO DISTANCIOMETRO ELETRONICO EM","TERRENO DE OROGRAFIA ACIDENTADA E VEGETACAO RALA,PARA POLIGO","NAIS DE 2ª ORDEM TOMAR 85% DO CUSTO",null,null,"KM",1082.73]
["01.016.0032-0",{"$f":"C805&D805&E805&F805&G805&H805","v":"LANCAMENTO DE LINHA POLIGONAL BASICA,COM PRECISAO DE FECHAMENTO RELATIVA A 1ª ORDEM,USANDO DISTANCIOMETRO ELETRONICO EMTERRENO DE OROGRAFIA NAO ACIDENTADA E VEGETACAO DENSA,PARAPOLIGONAIS DE 2ª ORDEM TOMAR 85% DO CUSTO"},"LANCAMENTO DE LINHA POLIGONAL BASICA,COM PRECISAO DE FECHAME","NTO RELATIVA A 1ª ORDEM,USANDO DISTANCIOMETRO ELETRONICO EM","TERRENO DE OROGRAFIA NAO ACIDENTADA E VEGETACAO DENSA,PARA","POLIGONAIS DE 2ª ORDEM TOMAR 85% DO CUSTO",null,null,"KM",1446.74]
["01.016.0032-A",{"$f":"C806&D806&E806&F806&G806&H806","v":"LANCAMENTO DE LINHA POLIGONAL BASICA,COM PRECISAO DE FECHAMENTO RELATIVA A 1ª ORDEM,USANDO DISTANCIOMETRO ELETRONICO EMTERRENO DE OROGRAFIA NAO ACIDENTADA E VEGETACAO DENSA,PARAPOLIGONAIS DE 2ª ORDEM TOMAR 85% DO CUSTO"},"LANCAMENTO DE LINHA POLIGONAL BASICA,COM PRECISAO DE FECHAME","NTO RELATIVA A 1ª ORDEM,USANDO DISTANCIOMETRO ELETRONICO EM","TERRENO DE OROGRAFIA NAO ACIDENTADA E VEGETACAO DENSA,PARA","POLIGONAIS DE 2ª ORDEM TOMAR 85% DO CUSTO",null,null,"KM",1264.45]
["01.016.0033-0",{"$f":"C807&D807&E807&F807&G807&H807","v":"LANCAMENTO DE LINHA POLIGONAL BASICA,COM PRECISAO DE FECHAMENTO RELATIVA A 1ª ORDEM,USANDO DISTANCIOMETRO ELETRONICO EMTERRENO DE OROGRAFIA NAO ACIDENTADA E VEGETACAO RALA,PARAPOLIGONAIS DE 2ª ORDEM TOMAR 85% DO CUSTO"},"LANCAMENTO DE LINHA POLIGONAL BASICA,COM PRECISAO DE FECHAME","NTO RELATIVA A 1ª ORDEM,USANDO DISTANCIOMETRO ELETRONICO EM","TERRENO DE OROGRAFIA NAO ACIDENTADA E VEGETACAO RALA,PARA","POLIGONAIS DE 2ª ORDEM TOMAR 85% DO CUSTO",null,null,"KM",866.31]
["01.016.0033-A",{"$f":"C808&D808&E808&F808&G808&H808","v":"LANCAMENTO DE LINHA POLIGONAL BASICA,COM PRECISAO DE FECHAMENTO RELATIVA A 1ª ORDEM,USANDO DISTANCIOMETRO ELETRONICO EMTERRENO DE OROGRAFIA NAO ACIDENTADA E VEGETACAO RALA,PARAPOLIGONAIS DE 2ª ORDEM TOMAR 85% DO CUSTO"},"LANCAMENTO DE LINHA POLIGONAL BASICA,COM PRECISAO DE FECHAME","NTO RELATIVA A 1ª ORDEM,USANDO DISTANCIOMETRO ELETRONICO EM","TERRENO DE OROGRAFIA NAO ACIDENTADA E VEGETACAO RALA,PARA","POLIGONAIS DE 2ª ORDEM TOMAR 85% DO CUSTO",null,null,"KM",757.15]
["01.016.0034-0",{"$f":"C809&D809&E809&F809&G809&H809","v":"LANCAMENTO DE LINHA POLIGONAL,COM PRECISAO DE FECHAMENTO RELATIVO A 3ª ORDEM,EM TERRENO DE OROGRAFIA ACIDENTADA E VEGETACAO DENSA"},"LANCAMENTO DE LINHA POLIGONAL,COM PRECISAO DE FECHAMENTO REL","ATIVO A 3ª ORDEM,EM TERRENO DE OROGRAFIA ACIDENTADA E VEGETA","CAO DENSA",null,null,null,"KM",1649.46]
["01.016.0034-A",{"$f":"C810&D810&E810&F810&G810&H810","v":"LANCAMENTO DE LINHA POLIGONAL,COM PRECISAO DE FECHAMENTO RELATIVO A 3ª ORDEM,EM TERRENO DE OROGRAFIA ACIDENTADA E VEGETACAO DENSA"},"LANCAMENTO DE LINHA POLIGONAL,COM PRECISAO DE FECHAMENTO REL","ATIVO A 3ª ORDEM,EM TERRENO DE OROGRAFIA ACIDENTADA E VEGETA","CAO DENSA",null,null,null,"KM",1441.62]
["01.016.0035-0",{"$f":"C811&D811&E811&F811&G811&H811","v":"LANCAMENTO DE LINHA POLIGONAL,COM PRECISAO DE FECHAMENTO RELATIVO A 3ª ORDEM,EM TERRENO DE OROGRAFIA ACIDENTADA E VEGETACAO RALA"},"LANCAMENTO DE LINHA POLIGONAL,COM PRECISAO DE FECHAMENTO REL","ATIVO A 3ª ORDEM,EM TERRENO DE OROGRAFIA ACIDENTADA E VEGETA","CAO RALA",null,null,null,"KM",991.06]
["01.016.0035-A",{"$f":"C812&D812&E812&F812&G812&H812","v":"LANCAMENTO DE LINHA POLIGONAL,COM PRECISAO DE FECHAMENTO RELATIVO A 3ª ORDEM,EM TERRENO DE OROGRAFIA ACIDENTADA E VEGETACAO RALA"},"LANCAMENTO DE LINHA POLIGONAL,COM PRECISAO DE FECHAMENTO REL","ATIVO A 3ª ORDEM,EM TERRENO DE OROGRAFIA ACIDENTADA E VEGETA","CAO RALA",null,null,null,"KM",866.18]
["01.016.0036-0",{"$f":"C813&D813&E813&F813&G813&H813","v":"LANCAMENTO DE LINHA POLIGONAL,COM PRECISAO DE FECHAMENTO RELATIVO A 3ª ORDEM,EM TERRENO DE OROGRAFIA NAO ACIDENTADA E VEGETACAO DENSA"},"LANCAMENTO DE LINHA POLIGONAL,COM PRECISAO DE FECHAMENTO REL","ATIVO A 3ª ORDEM,EM TERRENO DE OROGRAFIA NAO ACIDENTADA E VE","GETACAO DENSA",null,null,null,"KM",1157.39]
["01.016.0036-A",{"$f":"C814&D814&E814&F814&G814&H814","v":"LANCAMENTO DE LINHA POLIGONAL,COM PRECISAO DE FECHAMENTO RELATIVO A 3ª ORDEM,EM TERRENO DE OROGRAFIA NAO ACIDENTADA E VEGETACAO DENSA"},"LANCAMENTO DE LINHA POLIGONAL,COM PRECISAO DE FECHAMENTO REL","ATIVO A 3ª ORDEM,EM TERRENO DE OROGRAFIA NAO ACIDENTADA E VE","GETACAO DENSA",null,null,null,"KM",1011.55]
["01.016.0037-0",{"$f":"C815&D815&E815&F815&G815&H815","v":"LANCAMENTO DE LINHA POLIGONAL,COM PRECISAO DE FECHAMENTO RELATIVO A 3ª ORDEM,EM TERRENO DE OROGRAFIA NAO ACIDENTADA E VEGETACAO RALA"},"LANCAMENTO DE LINHA POLIGONAL,COM PRECISAO DE FECHAMENTO REL","ATIVO A 3ª ORDEM,EM TERRENO DE OROGRAFIA NAO ACIDENTADA E VE","GETACAO RALA",null,null,null,"KM",693.05]
["01.016.0037-A",{"$f":"C816&D816&E816&F816&G816&H816","v":"LANCAMENTO DE LINHA POLIGONAL,COM PRECISAO DE FECHAMENTO RELATIVO A 3ª ORDEM,EM TERRENO DE OROGRAFIA NAO ACIDENTADA E VEGETACAO RALA"},"LANCAMENTO DE LINHA POLIGONAL,COM PRECISAO DE FECHAMENTO REL","ATIVO A 3ª ORDEM,EM TERRENO DE OROGRAFIA NAO ACIDENTADA E VE","GETACAO RALA",null,null,null,"KM",605.72]
["01.016.0050-0",{"$f":"C817&D817&E817&F817&G817&H817","v":"NIVELAMENTO E CONTRANIVELAMENTO DE LINHA TOPOGRAFICA,EM TERRENO DE OROGRAFIA ACIDENTADA.O CUSTO INCLUI O DESENHO EM ESCALA 1:2000(H) OU 1:1000(H) E 1:200(V) OU 1:100(V)"},"NIVELAMENTO E CONTRANIVELAMENTO DE LINHA TOPOGRAFICA,EM TERR","ENO DE OROGRAFIA ACIDENTADA.O CUSTO INCLUI O DESENHO EM ESCA","LA 1:2000(H) OU 1:1000(H) E 1:200(V) OU 1:100(V)",null,null,null,"KM",1414.16]
["01.016.0050-A",{"$f":"C818&D818&E818&F818&G818&H818","v":"NIVELAMENTO E CONTRANIVELAMENTO DE LINHA TOPOGRAFICA,EM TERRENO DE OROGRAFIA ACIDENTADA.O CUSTO INCLUI O DESENHO EM ESCALA 1:2000(H) OU 1:1000(H) E 1:200(V) OU 1:100(V)"},"NIVELAMENTO E CONTRANIVELAMENTO DE LINHA TOPOGRAFICA,EM TERR","ENO DE OROGRAFIA ACIDENTADA.O CUSTO INCLUI O DESENHO EM ESCA","LA 1:2000(H) OU 1:1000(H) E 1:200(V) OU 1:100(V)",null,null,null,"KM",1226.39]
["01.016.0051-0",{"$f":"C819&D819&E819&F819&G819&H819","v":"NIVELAMENTO E CONTRANIVELAMENTO DE LINHA TOPOGRAFICA,EM TERRENO DE OROGRAFIA ONDULADA.O CUSTO INCLUI O DESENHO EM ESCALA 1:2000(H) OU 1:1000(H) E 1:200(V) OU 1:100(V)"},"NIVELAMENTO E CONTRANIVELAMENTO DE LINHA TOPOGRAFICA,EM TERR","ENO DE OROGRAFIA ONDULADA.O CUSTO INCLUI O DESENHO EM ESCALA"," 1:2000(H) OU 1:1000(H) E 1:200(V) OU 1:100(V)",null,null,null,"KM",989.91]
["01.016.0051-A",{"$f":"C820&D820&E820&F820&G820&H820","v":"NIVELAMENTO E CONTRANIVELAMENTO DE LINHA TOPOGRAFICA,EM TERRENO DE OROGRAFIA ONDULADA.O CUSTO INCLUI O DESENHO EM ESCALA 1:2000(H) OU 1:1000(H) E 1:200(V) OU 1:100(V)"},"NIVELAMENTO E CONTRANIVELAMENTO DE LINHA TOPOGRAFICA,EM TERR","ENO DE OROGRAFIA ONDULADA.O CUSTO INCLUI O DESENHO EM ESCALA"," 1:2000(H) OU 1:1000(H) E 1:200(V) OU 1:100(V)",null,null,null,"KM",858.47]
["01.016.0052-0",{"$f":"C821&D821&E821&F821&G821&H821","v":"NIVELAMENTO E CONTRANIVELAMENTO DE LINHA TOPOGRAFICA,EM TERRENO DE OROGRAFIA NAO ACIDENTADA OU EM ESTRADA IMPLANTADA.O CUSTO INCLUI O DESENHO EM ESCALA 1:2000(H) OU 1:1000(H) E 1:200(V) OU 1:100(V)"},"NIVELAMENTO E CONTRANIVELAMENTO DE LINHA TOPOGRAFICA,EM TERR","ENO DE OROGRAFIA NAO ACIDENTADA OU EM ESTRADA IMPLANTADA.O C","USTO INCLUI O DESENHO EM ESCALA 1:2000(H) OU 1:1000(H) E 1:2","00(V) OU 1:100(V)",null,null,"KM",707.08]
["01.016.0052-A",{"$f":"C822&D822&E822&F822&G822&H822","v":"NIVELAMENTO E CONTRANIVELAMENTO DE LINHA TOPOGRAFICA,EM TERRENO DE OROGRAFIA NAO ACIDENTADA OU EM ESTRADA IMPLANTADA.O CUSTO INCLUI O DESENHO EM ESCALA 1:2000(H) OU 1:1000(H) E 1:200(V) OU 1:100(V)"},"NIVELAMENTO E CONTRANIVELAMENTO DE LINHA TOPOGRAFICA,EM TERR","ENO DE OROGRAFIA NAO ACIDENTADA OU EM ESTRADA IMPLANTADA.O C","USTO INCLUI O DESENHO EM ESCALA 1:2000(H) OU 1:1000(H) E 1:2","00(V) OU 1:100(V)",null,null,"KM",613.19]
["01.016.0060-0",{"$f":"C823&D823&E823&F823&G823&H823","v":"LEVANTAMENTO DE SECAO TRANSVERSAL EM TERRENO DE OROGRAFIA ACIDENTADA E VEGETACAO DENSA.O EQUIPAMENTO CONSIDERADO E O TEODOLITO,USANDO-SE A ESTADIMETRIA.MEDIDO POR METRO LINEAR DE SECAO.O CUSTO INCLUI DESENHO NA ESCALA 1:200"},"LEVANTAMENTO DE SECAO TRANSVERSAL EM TERRENO DE OROGRAFIA AC","IDENTADA E VEGETACAO DENSA.O EQUIPAMENTO CONSIDERADO E O TEO","DOLITO,USANDO-SE A ESTADIMETRIA.MEDIDO POR METRO LINEAR DE S","ECAO.O CUSTO INCLUI DESENHO NA ESCALA 1:200",null,null,"M",2.58]
["01.016.0060-A",{"$f":"C824&D824&E824&F824&G824&H824","v":"LEVANTAMENTO DE SECAO TRANSVERSAL EM TERRENO DE OROGRAFIA ACIDENTADA E VEGETACAO DENSA.O EQUIPAMENTO CONSIDERADO E O TEODOLITO,USANDO-SE A ESTADIMETRIA.MEDIDO POR METRO LINEAR DE SECAO.O CUSTO INCLUI DESENHO NA ESCALA 1:200"},"LEVANTAMENTO DE SECAO TRANSVERSAL EM TERRENO DE OROGRAFIA AC","IDENTADA E VEGETACAO DENSA.O EQUIPAMENTO CONSIDERADO E O TEO","DOLITO,USANDO-SE A ESTADIMETRIA.MEDIDO POR METRO LINEAR DE S","ECAO.O CUSTO INCLUI DESENHO NA ESCALA 1:200",null,null,"M",2.25]
["01.016.0061-0",{"$f":"C825&D825&E825&F825&G825&H825","v":"LEVANTAMENTO DE SECAO TRANSVERSAL EM TERRENO DE OROGRAFIA ACIDENTADA E VEGETACAO RALA.O EQUIPAMENTO CONSIDERADO E O TEODOLITO,USANDO-SE A ESTADIMETRIA.MEDIDO POR METRO LINEAR DE SECAO.O CUSTO INCLUI DESENHO NA ESCALA 1:200"},"LEVANTAMENTO DE SECAO TRANSVERSAL EM TERRENO DE OROGRAFIA AC","IDENTADA E VEGETACAO RALA.O EQUIPAMENTO CONSIDERADO E O TEOD","OLITO,USANDO-SE A ESTADIMETRIA.MEDIDO POR METRO LINEAR DE SE","CAO.O CUSTO INCLUI DESENHO NA ESCALA 1:200",null,null,"M",1.8]
["01.016.0061-A",{"$f":"C826&D826&E826&F826&G826&H826","v":"LEVANTAMENTO DE SECAO TRANSVERSAL EM TERRENO DE OROGRAFIA ACIDENTADA E VEGETACAO RALA.O EQUIPAMENTO CONSIDERADO E O TEODOLITO,USANDO-SE A ESTADIMETRIA.MEDIDO POR METRO LINEAR DE SECAO.O CUSTO INCLUI DESENHO NA ESCALA 1:200"},"LEVANTAMENTO DE SECAO TRANSVERSAL EM TERRENO DE OROGRAFIA AC","IDENTADA E VEGETACAO RALA.O EQUIPAMENTO CONSIDERADO E O TEOD","OLITO,USANDO-SE A ESTADIMETRIA.MEDIDO POR METRO LINEAR DE SE","CAO.O CUSTO INCLUI DESENHO NA ESCALA 1:200",null,null,"M",1.57]
["01.016.0062-0",{"$f":"C827&D827&E827&F827&G827&H827","v":"LEVANTAMENTO DE SECAO TRANSVERSAL EM TERRENO DE OROGRAFIA NAO ACIDENTADA E VEGETACAO DENSA.O EQUIPAMENTO CONSIDERADO E O NIVEL.O CUSTO INCLUI DESENHO DE SECAO NA ESCALA 1:200.MEDIDO POR METRO LINEAR DE SECAO"},"LEVANTAMENTO DE SECAO TRANSVERSAL EM TERRENO DE OROGRAFIA NA","O ACIDENTADA E VEGETACAO DENSA.O EQUIPAMENTO CONSIDERADO E O"," NIVEL.O CUSTO INCLUI DESENHO DE SECAO NA ESCALA 1:200.MEDID","O POR METRO LINEAR DE SECAO",null,null,"M",2.28]
["01.016.0062-A",{"$f":"C828&D828&E828&F828&G828&H828","v":"LEVANTAMENTO DE SECAO TRANSVERSAL EM TERRENO DE OROGRAFIA NAO ACIDENTADA E VEGETACAO DENSA.O EQUIPAMENTO CONSIDERADO E O NIVEL.O CUSTO INCLUI DESENHO DE SECAO NA ESCALA 1:200.MEDIDO POR METRO LINEAR DE SECAO"},"LEVANTAMENTO DE SECAO TRANSVERSAL EM TERRENO DE OROGRAFIA NA","O ACIDENTADA E VEGETACAO DENSA.O EQUIPAMENTO CONSIDERADO E O"," NIVEL.O CUSTO INCLUI DESENHO DE SECAO NA ESCALA 1:200.MEDID","O POR METRO LINEAR DE SECAO",null,null,"M",1.98]
["01.016.0063-0",{"$f":"C829&D829&E829&F829&G829&H829","v":"LEVANTAMENTO DE SECAO TRANSVERSAL EM TERRENO DE OROGRAFIA NAO ACIDENTADA E VEGETACAO RALA.O EQUIPAMENTO CONSIDERADO E ONIVEL.O CUSTO INCLUI DESENHO DE SECAO NA ESCALA 1:200.MEDIDO POR METRO LINEAR DE SECAO"},"LEVANTAMENTO DE SECAO TRANSVERSAL EM TERRENO DE OROGRAFIA NA","O ACIDENTADA E VEGETACAO RALA.O EQUIPAMENTO CONSIDERADO E O","NIVEL.O CUSTO INCLUI DESENHO DE SECAO NA ESCALA 1:200.MEDIDO"," POR METRO LINEAR DE SECAO",null,null,"M",1.37]
["01.016.0063-A",{"$f":"C830&D830&E830&F830&G830&H830","v":"LEVANTAMENTO DE SECAO TRANSVERSAL EM TERRENO DE OROGRAFIA NAO ACIDENTADA E VEGETACAO RALA.O EQUIPAMENTO CONSIDERADO E ONIVEL.O CUSTO INCLUI DESENHO DE SECAO NA ESCALA 1:200.MEDIDO POR METRO LINEAR DE SECAO"},"LEVANTAMENTO DE SECAO TRANSVERSAL EM TERRENO DE OROGRAFIA NA","O ACIDENTADA E VEGETACAO RALA.O EQUIPAMENTO CONSIDERADO E O","NIVEL.O CUSTO INCLUI DESENHO DE SECAO NA ESCALA 1:200.MEDIDO"," POR METRO LINEAR DE SECAO",null,null,"M",1.19]
["01.016.0064-0",{"$f":"C831&D831&E831&F831&G831&H831","v":"LEVANTAMENTO TOPOGRAFICO PLANIALTIMETRICO E CADASTRAL,EM AREAS DE FAVELAS,EM TERRENOS DE OROGRAFIA NAO ACIDENTADA.ESTAOINCLUIDOS NOS SERVICOS O LEVANTAMENTO DE SOLEIRAS E TESTADAS DAS EDIFICACOES"},"LEVANTAMENTO TOPOGRAFICO PLANIALTIMETRICO E CADASTRAL,EM ARE","AS DE FAVELAS,EM TERRENOS DE OROGRAFIA NAO ACIDENTADA.ESTAO","INCLUIDOS NOS SERVICOS O LEVANTAMENTO DE SOLEIRAS E TESTADAS"," DAS EDIFICACOES",null,null,"M2",2.73]
["01.016.0064-A",{"$f":"C832&D832&E832&F832&G832&H832","v":"LEVANTAMENTO TOPOGRAFICO PLANIALTIMETRICO E CADASTRAL,EM AREAS DE FAVELAS,EM TERRENOS DE OROGRAFIA NAO ACIDENTADA.ESTAOINCLUIDOS NOS SERVICOS O LEVANTAMENTO DE SOLEIRAS E TESTADAS DAS EDIFICACOES"},"LEVANTAMENTO TOPOGRAFICO PLANIALTIMETRICO E CADASTRAL,EM ARE","AS DE FAVELAS,EM TERRENOS DE OROGRAFIA NAO ACIDENTADA.ESTAO","INCLUIDOS NOS SERVICOS O LEVANTAMENTO DE SOLEIRAS E TESTADAS"," DAS EDIFICACOES",null,null,"M2",2.42]
["01.016.0067-0",{"$f":"C833&D833&E833&F833&G833&H833","v":"LEVANTAMENTO TOPOGRAFICO PLANIALTIMETRICO E CADASTRAL EXECUTADO EM AREAS DE FAVELAS,EM TERRENOS DE OROGRAFIA ACIDENTADA.ESTAO INCLUIDOS NOS SERVICOS O LEVANTAMENTO DE SOLEIRAS E TESTADAS DAS EDIFICACOES"},"LEVANTAMENTO TOPOGRAFICO PLANIALTIMETRICO E CADASTRAL EXECUT","ADO EM AREAS DE FAVELAS,EM TERRENOS DE OROGRAFIA ACIDENTADA.","ESTAO INCLUIDOS NOS SERVICOS O LEVANTAMENTO DE SOLEIRAS E TE","STADAS DAS EDIFICACOES",null,null,"M2",4.34]
["01.016.0067-A",{"$f":"C834&D834&E834&F834&G834&H834","v":"LEVANTAMENTO TOPOGRAFICO PLANIALTIMETRICO E CADASTRAL EXECUTADO EM AREAS DE FAVELAS,EM TERRENOS DE OROGRAFIA ACIDENTADA.ESTAO INCLUIDOS NOS SERVICOS O LEVANTAMENTO DE SOLEIRAS E TESTADAS DAS EDIFICACOES"},"LEVANTAMENTO TOPOGRAFICO PLANIALTIMETRICO E CADASTRAL EXECUT","ADO EM AREAS DE FAVELAS,EM TERRENOS DE OROGRAFIA ACIDENTADA.","ESTAO INCLUIDOS NOS SERVICOS O LEVANTAMENTO DE SOLEIRAS E TE","STADAS DAS EDIFICACOES",null,null,"M2",3.85]
["01.016.0070-0",{"$f":"C835&D835&E835&F835&G835&H835","v":"MOBILIZACAO E DESMOBILIZACAO DE EQUIPE E EQUIPAMENTO DE TOPOGRAFIA COM DESLOCAMENTO SUPERIOR A 20KM,MEDIDO POR KM EXCEDENTE,A PARTIR DA CIDADE DO RIO DE JANEIRO (KM 0 DA AV.BRASIL)"},"MOBILIZACAO E DESMOBILIZACAO DE EQUIPE E EQUIPAMENTO DE TOPO","GRAFIA COM DESLOCAMENTO SUPERIOR A 20KM,MEDIDO POR KM EXCEDE","NTE,A PARTIR DA CIDADE DO RIO DE JANEIRO (KM 0 DA AV.BRASIL)",null,null,null,"KM",5.52]
["01.016.0070-A",{"$f":"C836&D836&E836&F836&G836&H836","v":"MOBILIZACAO E DESMOBILIZACAO DE EQUIPE E EQUIPAMENTO DE TOPOGRAFIA COM DESLOCAMENTO SUPERIOR A 20KM,MEDIDO POR KM EXCEDENTE,A PARTIR DA CIDADE DO RIO DE JANEIRO (KM 0 DA AV.BRASIL)"},"MOBILIZACAO E DESMOBILIZACAO DE EQUIPE E EQUIPAMENTO DE TOPO","GRAFIA COM DESLOCAMENTO SUPERIOR A 20KM,MEDIDO POR KM EXCEDE","NTE,A PARTIR DA CIDADE DO RIO DE JANEIRO (KM 0 DA AV.BRASIL)",null,null,null,"KM",4.93]
["01.016.0080-0",{"$f":"C837&D837&E837&F837&G837&H837","v":"LEVANTAMENTO PLANIALTIMETRICO CADASTRAL DE AREA URBANA OU SUBURBANA,DESTINADA A REGULARIZACAO FUNDIARIA,PROJETOS VIARIOSE DE INFRAESTRUTURA,URBANIZACAO E ASSEMELHADOS,UTILIZANDO POLIGONAL III PAC,DESENHO NA ESCALA DE 1:250 A 1:100 EM AREASMEDIANAMENTE OCUPADAS(ATE 50% DAS QUADRAS)ATE 3000M2"},"LEVANTAMENTO PLANIALTIMETRICO CADASTRAL DE AREA URBANA OU SU","BURBANA,DESTINADA A REGULARIZACAO FUNDIARIA,PROJETOS VIARIOS","E DE INFRAESTRUTURA,URBANIZACAO E ASSEMELHADOS,UTILIZANDO PO","LIGONAL III PAC,DESENHO NA ESCALA DE 1:250 A 1:100 EM AREAS","MEDIANAMENTE OCUPADAS(ATE 50% DAS QUADRAS)ATE 3000M2",null,"UN",5836.51]
["01.016.0080-A",{"$f":"C838&D838&E838&F838&G838&H838","v":"LEVANTAMENTO PLANIALTIMETRICO CADASTRAL DE AREA URBANA OU SUBURBANA,DESTINADA A REGULARIZACAO FUNDIARIA,PROJETOS VIARIOSE DE INFRAESTRUTURA,URBANIZACAO E ASSEMELHADOS,UTILIZANDO POLIGONAL III PAC,DESENHO NA ESCALA DE 1:250 A 1:100 EM AREASMEDIANAMENTE OCUPADAS(ATE 50% DAS QUADRAS)ATE 3000M2"},"LEVANTAMENTO PLANIALTIMETRICO CADASTRAL DE AREA URBANA OU SU","BURBANA,DESTINADA A REGULARIZACAO FUNDIARIA,PROJETOS VIARIOS","E DE INFRAESTRUTURA,URBANIZACAO E ASSEMELHADOS,UTILIZANDO PO","LIGONAL III PAC,DESENHO NA ESCALA DE 1:250 A 1:100 EM AREAS","MEDIANAMENTE OCUPADAS(ATE 50% DAS QUADRAS)ATE 3000M2",null,"UN",5182.09]
["01.016.0081-0",{"$f":"C839&D839&E839&F839&G839&H839","v":"LEVANTAMENTO PLANIALTIMETRICO CADASTRAL DE AREA URBANA OU SUBURBANA,DESTINADA A REGULARIZACAO FUNDIARIA,PROJETOS VIARIOSE DE INFRAESTRUTURA,URBANIZACAO E ASSEMELHADOS,UTILIZANDO POLIGONAL III PAC,DESENHO NA ESCALA DE 1:250 A 1:100 EM AREASMEDIANAMENTE OCUPADAS(ATE 50% DAS QUADRAS)EM AREAS DE 3001 ATE 10000M2"},"LEVANTAMENTO PLANIALTIMETRICO CADASTRAL DE AREA URBANA OU SU","BURBANA,DESTINADA A REGULARIZACAO FUNDIARIA,PROJETOS VIARIOS","E DE INFRAESTRUTURA,URBANIZACAO E ASSEMELHADOS,UTILIZANDO PO","LIGONAL III PAC,DESENHO NA ESCALA DE 1:250 A 1:100 EM AREAS","MEDIANAMENTE OCUPADAS(ATE 50% DAS QUADRAS)EM AREAS DE 3001 A","TE 10000M2","M2",1.88]
["01.016.0081-A",{"$f":"C840&D840&E840&F840&G840&H840","v":"LEVANTAMENTO PLANIALTIMETRICO CADASTRAL DE AREA URBANA OU SUBURBANA,DESTINADA A REGULARIZACAO FUNDIARIA,PROJETOS VIARIOSE DE INFRAESTRUTURA,URBANIZACAO E ASSEMELHADOS,UTILIZANDO POLIGONAL III PAC,DESENHO NA ESCALA DE 1:250 A 1:100 EM AREASMEDIANAMENTE OCUPADAS(ATE 50% DAS QUADRAS)EM AREAS DE 3001 ATE 10000M2"},"LEVANTAMENTO PLANIALTIMETRICO CADASTRAL DE AREA URBANA OU SU","BURBANA,DESTINADA A REGULARIZACAO FUNDIARIA,PROJETOS VIARIOS","E DE INFRAESTRUTURA,URBANIZACAO E ASSEMELHADOS,UTILIZANDO PO","LIGONAL III PAC,DESENHO NA ESCALA DE 1:250 A 1:100 EM AREAS","MEDIANAMENTE OCUPADAS(ATE 50% DAS QUADRAS)EM AREAS DE 3001 A","TE 10000M2","M2",1.67]
["01.016.0082-0",{"$f":"C841&D841&E841&F841&G841&H841","v":"LEVANTAMENTO PLANIALTIMETRICO CADASTRAL DE AREA URBANA OU SUBURBANA,DESTINADA A REGULARIZACAO FUNDIARIA,PROJETOS VIARIOSE DE INFRAESTRUTURA,URBANIZAZAO E ASSEMELHADOS,UTILIZANDO POLIGONAL III PAC,DESENHO NA ESCALA DE 1:250 A 1:100 EM AREASMEDIANAMENTE OCUPADAS(ATE 50% DAS QUADRAS),EM AREAS ACIMA DE 10000M2"},"LEVANTAMENTO PLANIALTIMETRICO CADASTRAL DE AREA URBANA OU SU","BURBANA,DESTINADA A REGULARIZACAO FUNDIARIA,PROJETOS VIARIOS","E DE INFRAESTRUTURA,URBANIZAZAO E ASSEMELHADOS,UTILIZANDO PO","LIGONAL III PAC,DESENHO NA ESCALA DE 1:250 A 1:100 EM AREAS","MEDIANAMENTE OCUPADAS(ATE 50% DAS QUADRAS),EM AREAS ACIMA DE"," 10000M2","M2",1.3]
["01.016.0082-A",{"$f":"C842&D842&E842&F842&G842&H842","v":"LEVANTAMENTO PLANIALTIMETRICO CADASTRAL DE AREA URBANA OU SUBURBANA,DESTINADA A REGULARIZACAO FUNDIARIA,PROJETOS VIARIOSE DE INFRAESTRUTURA,URBANIZAZAO E ASSEMELHADOS,UTILIZANDO POLIGONAL III PAC,DESENHO NA ESCALA DE 1:250 A 1:100 EM AREASMEDIANAMENTE OCUPADAS(ATE 50% DAS QUADRAS),EM AREAS ACIMA DE 10000M2"},"LEVANTAMENTO PLANIALTIMETRICO CADASTRAL DE AREA URBANA OU SU","BURBANA,DESTINADA A REGULARIZACAO FUNDIARIA,PROJETOS VIARIOS","E DE INFRAESTRUTURA,URBANIZAZAO E ASSEMELHADOS,UTILIZANDO PO","LIGONAL III PAC,DESENHO NA ESCALA DE 1:250 A 1:100 EM AREAS","MEDIANAMENTE OCUPADAS(ATE 50% DAS QUADRAS),EM AREAS ACIMA DE"," 10000M2","M2",1.15]
["01.016.0083-0",{"$f":"C843&D843&E843&F843&G843&H843","v":"LEVANTAMENTO PLANIALTIMETRICO CADASTRAL DE AREA URBANA OU SUBURBANA,DESTINADA A REGULARIZACAO FUNDIARIA,PROJETOS VIARIOSE DE INFRAESTRUTURA,URBANIZACAO E ASSEMELHADOS,UTILIZANDO POLIGONAL III PAC,DESENHO NA ESCALA DE 1:250 A 1:100,EM AREASDENSAMENTE OCUPADAS(ACIMA DE 50% DE QUADRAS)ATE 2000M2"},"LEVANTAMENTO PLANIALTIMETRICO CADASTRAL DE AREA URBANA OU SU","BURBANA,DESTINADA A REGULARIZACAO FUNDIARIA,PROJETOS VIARIOS","E DE INFRAESTRUTURA,URBANIZACAO E ASSEMELHADOS,UTILIZANDO PO","LIGONAL III PAC,DESENHO NA ESCALA DE 1:250 A 1:100,EM AREAS","DENSAMENTE OCUPADAS(ACIMA DE 50% DE QUADRAS)ATE 2000M2",null,"UN",5246.43]
["01.016.0083-A",{"$f":"C844&D844&E844&F844&G844&H844","v":"LEVANTAMENTO PLANIALTIMETRICO CADASTRAL DE AREA URBANA OU SUBURBANA,DESTINADA A REGULARIZACAO FUNDIARIA,PROJETOS VIARIOSE DE INFRAESTRUTURA,URBANIZACAO E ASSEMELHADOS,UTILIZANDO POLIGONAL III PAC,DESENHO NA ESCALA DE 1:250 A 1:100,EM AREASDENSAMENTE OCUPADAS(ACIMA DE 50% DE QUADRAS)ATE 2000M2"},"LEVANTAMENTO PLANIALTIMETRICO CADASTRAL DE AREA URBANA OU SU","BURBANA,DESTINADA A REGULARIZACAO FUNDIARIA,PROJETOS VIARIOS","E DE INFRAESTRUTURA,URBANIZACAO E ASSEMELHADOS,UTILIZANDO PO","LIGONAL III PAC,DESENHO NA ESCALA DE 1:250 A 1:100,EM AREAS","DENSAMENTE OCUPADAS(ACIMA DE 50% DE QUADRAS)ATE 2000M2",null,"UN",4658.62]
["01.016.0084-0",{"$f":"C845&D845&E845&F845&G845&H845","v":"LEVANTAMENTO PLANIALTIMETRICO CADASTRAL DE AREA URBANA OU SUBURBANA,DESTINADA A REGULARIZACAO FUNDIARIA,PROJETOS VIARIOSE DE INFRAESTRUTURA,URBANIZACAO E ASSEMELHADOS,UTILIZANDO POLIGONAL III PAC,DESENHO NA ESCALA DE 1:250 A 1:100,EM AREASDENSAMENTE OCUPADAS(ACIMA DE 50% DE QUADRAS),EM AREAS DE 2001 ATE 10000M2"},"LEVANTAMENTO PLANIALTIMETRICO CADASTRAL DE AREA URBANA OU SU","BURBANA,DESTINADA A REGULARIZACAO FUNDIARIA,PROJETOS VIARIOS","E DE INFRAESTRUTURA,URBANIZACAO E ASSEMELHADOS,UTILIZANDO PO","LIGONAL III PAC,DESENHO NA ESCALA DE 1:250 A 1:100,EM AREAS","DENSAMENTE OCUPADAS(ACIMA DE 50% DE QUADRAS),EM AREAS DE 200","1 ATE 10000M2","M2",2.56]
["01.016.0084-A",{"$f":"C846&D846&E846&F846&G846&H846","v":"LEVANTAMENTO PLANIALTIMETRICO CADASTRAL DE AREA URBANA OU SUBURBANA,DESTINADA A REGULARIZACAO FUNDIARIA,PROJETOS VIARIOSE DE INFRAESTRUTURA,URBANIZACAO E ASSEMELHADOS,UTILIZANDO POLIGONAL III PAC,DESENHO NA ESCALA DE 1:250 A 1:100,EM AREASDENSAMENTE OCUPADAS(ACIMA DE 50% DE QUADRAS),EM AREAS DE 2001 ATE 10000M2"},"LEVANTAMENTO PLANIALTIMETRICO CADASTRAL DE AREA URBANA OU SU","BURBANA,DESTINADA A REGULARIZACAO FUNDIARIA,PROJETOS VIARIOS","E DE INFRAESTRUTURA,URBANIZACAO E ASSEMELHADOS,UTILIZANDO PO","LIGONAL III PAC,DESENHO NA ESCALA DE 1:250 A 1:100,EM AREAS","DENSAMENTE OCUPADAS(ACIMA DE 50% DE QUADRAS),EM AREAS DE 200","1 ATE 10000M2","M2",2.28]
["01.016.0085-0",{"$f":"C847&D847&E847&F847&G847&H847","v":"LEVANTAMENTO PLANIALTIMETRICO CADASTRAL DE AREA URBANA OU SUBURBANA,DESTINADA A REGULARIZACAO FUNDIARIA,PROJETOS VIARIOSE DE INFRAESTRUTURA,URBANIZACAO E ASSEMELHADOS,UTILIZANDO POLIGONAL III PAC,DESENHO NA ESCALA DE 1:250 A 1:100,EM AREASDENSAMENTE OCUPADAS(ACIMA DE 50% DE QUADRAS),EM AREAS ACIMADE 10000M2"},"LEVANTAMENTO PLANIALTIMETRICO CADASTRAL DE AREA URBANA OU SU","BURBANA,DESTINADA A REGULARIZACAO FUNDIARIA,PROJETOS VIARIOS","E DE INFRAESTRUTURA,URBANIZACAO E ASSEMELHADOS,UTILIZANDO PO","LIGONAL III PAC,DESENHO NA ESCALA DE 1:250 A 1:100,EM AREAS","DENSAMENTE OCUPADAS(ACIMA DE 50% DE QUADRAS),EM AREAS ACIMA","DE 10000M2","M2",2.09]
["01.016.0085-A",{"$f":"C848&D848&E848&F848&G848&H848","v":"LEVANTAMENTO PLANIALTIMETRICO CADASTRAL DE AREA URBANA OU SUBURBANA,DESTINADA A REGULARIZACAO FUNDIARIA,PROJETOS VIARIOSE DE INFRAESTRUTURA,URBANIZACAO E ASSEMELHADOS,UTILIZANDO POLIGONAL III PAC,DESENHO NA ESCALA DE 1:250 A 1:100,EM AREASDENSAMENTE OCUPADAS(ACIMA DE 50% DE QUADRAS),EM AREAS ACIMADE 10000M2"},"LEVANTAMENTO PLANIALTIMETRICO CADASTRAL DE AREA URBANA OU SU","BURBANA,DESTINADA A REGULARIZACAO FUNDIARIA,PROJETOS VIARIOS","E DE INFRAESTRUTURA,URBANIZACAO E ASSEMELHADOS,UTILIZANDO PO","LIGONAL III PAC,DESENHO NA ESCALA DE 1:250 A 1:100,EM AREAS","DENSAMENTE OCUPADAS(ACIMA DE 50% DE QUADRAS),EM AREAS ACIMA","DE 10000M2","M2",1.86]
["01.016.0086-0",{"$f":"C849&D849&E849&F849&G849&H849","v":"LEVANTAMENTO PLANIALTIMETRICO CADASTRAL DE AREA RURAL,DESTINADO A PROJETOS VIARIOS,DE SANEAMENTO,DUTOS,LINHAS DE TRANSMISSAO,ETC,EXECUTADOS COM POLIGONAL CLASSE II PAC,COMPREENDENDO CALCULOS E DESENHOS NA ESCALA DE 1:2000 ATE 1:500 EM AREAS ATE 1HA"},"LEVANTAMENTO PLANIALTIMETRICO CADASTRAL DE AREA RURAL,DESTIN","ADO A PROJETOS VIARIOS,DE SANEAMENTO,DUTOS,LINHAS DE TRANSMI","SSAO,ETC,EXECUTADOS COM POLIGONAL CLASSE II PAC,COMPREENDEND","O CALCULOS E DESENHOS NA ESCALA DE 1:2000 ATE 1:500 EM AREAS"," ATE 1HA",null,"HA",5836.51]
["01.016.0086-A",{"$f":"C850&D850&E850&F850&G850&H850","v":"LEVANTAMENTO PLANIALTIMETRICO CADASTRAL DE AREA RURAL,DESTINADO A PROJETOS VIARIOS,DE SANEAMENTO,DUTOS,LINHAS DE TRANSMISSAO,ETC,EXECUTADOS COM POLIGONAL CLASSE II PAC,COMPREENDENDO CALCULOS E DESENHOS NA ESCALA DE 1:2000 ATE 1:500 EM AREAS ATE 1HA"},"LEVANTAMENTO PLANIALTIMETRICO CADASTRAL DE AREA RURAL,DESTIN","ADO A PROJETOS VIARIOS,DE SANEAMENTO,DUTOS,LINHAS DE TRANSMI","SSAO,ETC,EXECUTADOS COM POLIGONAL CLASSE II PAC,COMPREENDEND","O CALCULOS E DESENHOS NA ESCALA DE 1:2000 ATE 1:500 EM AREAS"," ATE 1HA",null,"HA",5182.09]
["01.016.0087-0",{"$f":"C851&D851&E851&F851&G851&H851","v":"LEVANTAMENTO PLANIALTIMETRICO CADASTRAL DE AREA RURAL,DESTINADO A PROJETOS VIARIOS,DE SANEAMENTO,DUTOS,LINHAS DE TRANSMISSAO,ETC,EXECUTADOS COM POLIGONAL CLASSE II PAC,COMPREENDENDO CALCULOS E DESENHOS NA ESCALA DE 1:2000 ATE 1:500 EM AREAS ACIMA DE 1HA"},"LEVANTAMENTO PLANIALTIMETRICO CADASTRAL DE AREA RURAL,DESTIN","ADO A PROJETOS VIARIOS,DE SANEAMENTO,DUTOS,LINHAS DE TRANSMI","SSAO,ETC,EXECUTADOS COM POLIGONAL CLASSE II PAC,COMPREENDEND","O CALCULOS E DESENHOS NA ESCALA DE 1:2000 ATE 1:500 EM AREAS"," ACIMA DE 1HA",null,"HA",4861.05]
["01.016.0087-A",{"$f":"C852&D852&E852&F852&G852&H852","v":"LEVANTAMENTO PLANIALTIMETRICO CADASTRAL DE AREA RURAL,DESTINADO A PROJETOS VIARIOS,DE SANEAMENTO,DUTOS,LINHAS DE TRANSMISSAO,ETC,EXECUTADOS COM POLIGONAL CLASSE II PAC,COMPREENDENDO CALCULOS E DESENHOS NA ESCALA DE 1:2000 ATE 1:500 EM AREAS ACIMA DE 1HA"},"LEVANTAMENTO PLANIALTIMETRICO CADASTRAL DE AREA RURAL,DESTIN","ADO A PROJETOS VIARIOS,DE SANEAMENTO,DUTOS,LINHAS DE TRANSMI","SSAO,ETC,EXECUTADOS COM POLIGONAL CLASSE II PAC,COMPREENDEND","O CALCULOS E DESENHOS NA ESCALA DE 1:2000 ATE 1:500 EM AREAS"," ACIMA DE 1HA",null,"HA",4315.96]
["01.016.0090-0",{"$f":"C853&D853&E853&F853&G853&H853","v":"LEVANTAMENTO TOPOGRAFICO POR BATIMETRIA,SERVICOS DE CAMPO EESCRITORIO,COM SECOES DE LEVANTAMENTO EQUIDISTANTE DE ATE 20 METROS,INCLUSIVE TRANSPORTE DO PESSOAL,COM AREA DE ATE 10 HA (ESCALA 1:500)"},"LEVANTAMENTO TOPOGRAFICO POR BATIMETRIA,SERVICOS DE CAMPO E","ESCRITORIO,COM SECOES DE LEVANTAMENTO EQUIDISTANTE DE ATE 20"," METROS,INCLUSIVE TRANSPORTE DO PESSOAL,COM AREA DE ATE 10 H","A (ESCALA 1:500)",null,null,"HA",3502.6]
["01.016.0090-A",{"$f":"C854&D854&E854&F854&G854&H854","v":"LEVANTAMENTO TOPOGRAFICO POR BATIMETRIA,SERVICOS DE CAMPO EESCRITORIO,COM SECOES DE LEVANTAMENTO EQUIDISTANTE DE ATE 20 METROS,INCLUSIVE TRANSPORTE DO PESSOAL,COM AREA DE ATE 10 HA (ESCALA 1:500)"},"LEVANTAMENTO TOPOGRAFICO POR BATIMETRIA,SERVICOS DE CAMPO E","ESCRITORIO,COM SECOES DE LEVANTAMENTO EQUIDISTANTE DE ATE 20"," METROS,INCLUSIVE TRANSPORTE DO PESSOAL,COM AREA DE ATE 10 H","A (ESCALA 1:500)",null,null,"HA",3156.54]
["01.016.0092-0",{"$f":"C855&D855&E855&F855&G855&H855","v":"LEVANTAMENTO FOTOGRAFICO DE ASPECTO DE AREA URBANA,COM IMPRESSAO COLORIDA"},"LEVANTAMENTO FOTOGRAFICO DE ASPECTO DE AREA URBANA,COM IMPRE","SSAO COLORIDA",null,null,null,null,"UN",1.56]
["01.016.0092-A",{"$f":"C856&D856&E856&F856&G856&H856","v":"LEVANTAMENTO FOTOGRAFICO DE ASPECTO DE AREA URBANA,COM IMPRESSAO COLORIDA"},"LEVANTAMENTO FOTOGRAFICO DE ASPECTO DE AREA URBANA,COM IMPRE","SSAO COLORIDA",null,null,null,null,"UN",1.35]
["01.016.0100-0",{"$f":"C857&D857&E857&F857&G857&H857","v":"LEVANTAMENTO TOPOGRAFICO,PLANIALTIMETRICO CADASTRAL DE AREAS DE LOGRADOUROS PUBLICOS,COMPREENDENDO NIVELAMENTO DO EIXO DE LOGRADOUROS,COM COTAS DE TAMPOES DE POCOS DE VISITA,COTASDE SOLEIRAS DE EDIFICACOES E/OU TERRENOS,LEVANTAMENTO DE POSTEACAO,ARVORES,ETC"},"LEVANTAMENTO TOPOGRAFICO,PLANIALTIMETRICO CADASTRAL DE AREAS"," DE LOGRADOUROS PUBLICOS,COMPREENDENDO NIVELAMENTO DO EIXO D","E LOGRADOUROS,COM COTAS DE TAMPOES DE POCOS DE VISITA,COTAS","DE SOLEIRAS DE EDIFICACOES E/OU TERRENOS,LEVANTAMENTO DE POS","TEACAO,ARVORES,ETC",null,"M2",1.31]
["01.016.0100-A",{"$f":"C858&D858&E858&F858&G858&H858","v":"LEVANTAMENTO TOPOGRAFICO,PLANIALTIMETRICO CADASTRAL DE AREAS DE LOGRADOUROS PUBLICOS,COMPREENDENDO NIVELAMENTO DO EIXO DE LOGRADOUROS,COM COTAS DE TAMPOES DE POCOS DE VISITA,COTASDE SOLEIRAS DE EDIFICACOES E/OU TERRENOS,LEVANTAMENTO DE POSTEACAO,ARVORES,ETC"},"LEVANTAMENTO TOPOGRAFICO,PLANIALTIMETRICO CADASTRAL DE AREAS"," DE LOGRADOUROS PUBLICOS,COMPREENDENDO NIVELAMENTO DO EIXO D","E LOGRADOUROS,COM COTAS DE TAMPOES DE POCOS DE VISITA,COTAS","DE SOLEIRAS DE EDIFICACOES E/OU TERRENOS,LEVANTAMENTO DE POS","TEACAO,ARVORES,ETC",null,"M2",1.17]
["01.016.0150-0",{"$f":"C859&D859&E859&F859&G859&H859","v":"IMPLANTACAO DE POLIGONAL PELO PERIMETRO DE AREA DE ENCOSTA A SER LEVANTADA,LOCADA EM RELACAO A MARCOS TOPOGRAFICOS(EXCLUINDO ESTES),TERRENO DE VEGETACAO LEVE"},"IMPLANTACAO DE POLIGONAL PELO PERIMETRO DE AREA DE ENCOSTA A"," SER LEVANTADA,LOCADA EM RELACAO A MARCOS TOPOGRAFICOS(EXCLU","INDO ESTES),TERRENO DE VEGETACAO LEVE",null,null,null,"M",8.54]
["01.016.0150-A",{"$f":"C860&D860&E860&F860&G860&H860","v":"IMPLANTACAO DE POLIGONAL PELO PERIMETRO DE AREA DE ENCOSTA A SER LEVANTADA,LOCADA EM RELACAO A MARCOS TOPOGRAFICOS(EXCLUINDO ESTES),TERRENO DE VEGETACAO LEVE"},"IMPLANTACAO DE POLIGONAL PELO PERIMETRO DE AREA DE ENCOSTA A"," SER LEVANTADA,LOCADA EM RELACAO A MARCOS TOPOGRAFICOS(EXCLU","INDO ESTES),TERRENO DE VEGETACAO LEVE",null,null,null,"M",7.56]
["01.016.0152-0",{"$f":"C861&D861&E861&F861&G861&H861","v":"IMPLANTACAO DE POLIGONAL PELO PERIMETRO DE AREA DE ENCOSTA A SER LEVANTADA,LOCADA EM RELACAO A MARCOS TOPOGRAFICOS(EXCLUINDO ESTES),TERRENO DE VEGETACAO DENSA"},"IMPLANTACAO DE POLIGONAL PELO PERIMETRO DE AREA DE ENCOSTA A"," SER LEVANTADA,LOCADA EM RELACAO A MARCOS TOPOGRAFICOS(EXCLU","INDO ESTES),TERRENO DE VEGETACAO DENSA",null,null,null,"M",11.6]
["01.016.0152-A",{"$f":"C862&D862&E862&F862&G862&H862","v":"IMPLANTACAO DE POLIGONAL PELO PERIMETRO DE AREA DE ENCOSTA A SER LEVANTADA,LOCADA EM RELACAO A MARCOS TOPOGRAFICOS(EXCLUINDO ESTES),TERRENO DE VEGETACAO DENSA"},"IMPLANTACAO DE POLIGONAL PELO PERIMETRO DE AREA DE ENCOSTA A"," SER LEVANTADA,LOCADA EM RELACAO A MARCOS TOPOGRAFICOS(EXCLU","INDO ESTES),TERRENO DE VEGETACAO DENSA",null,null,null,"M",10.28]
["01.016.0155-0",{"$f":"C863&D863&E863&F863&G863&H863","v":"MARCOS TOPOGRAFICOS DE CONCRETO COM PINO DE REFERENCIA,EM ENCOSTA.FORNECIMENTO E COLOCACAO"},"MARCOS TOPOGRAFICOS DE CONCRETO COM PINO DE REFERENCIA,EM EN","COSTA.FORNECIMENTO E COLOCACAO",null,null,null,null,"UN",60.78]
["01.016.0155-A",{"$f":"C864&D864&E864&F864&G864&H864","v":"MARCOS TOPOGRAFICOS DE CONCRETO COM PINO DE REFERENCIA,EM ENCOSTA.FORNECIMENTO E COLOCACAO"},"MARCOS TOPOGRAFICOS DE CONCRETO COM PINO DE REFERENCIA,EM EN","COSTA.FORNECIMENTO E COLOCACAO",null,null,null,null,"UN",53.86]
["01.016.0160-0",{"$f":"C865&D865&E865&F865&G865&H865","v":"EXECUCAO DE PERFIS TOPOGRAFICOS,EM ENCOSTAS COM LEVANTAMENTO DE DETALHES,TERRENO DE VEGETACAO LEVE,INCLUINDO SERVICOS DE CAMPO,DE ESCRITORIO E APRESENTACAO DE DESENHOS"},"EXECUCAO DE PERFIS TOPOGRAFICOS,EM ENCOSTAS COM LEVANTAMENTO"," DE DETALHES,TERRENO DE VEGETACAO LEVE,INCLUINDO SERVICOS DE"," CAMPO,DE ESCRITORIO E APRESENTACAO DE DESENHOS",null,null,null,"M",14.78]
["01.016.0160-A",{"$f":"C866&D866&E866&F866&G866&H866","v":"EXECUCAO DE PERFIS TOPOGRAFICOS,EM ENCOSTAS COM LEVANTAMENTO DE DETALHES,TERRENO DE VEGETACAO LEVE,INCLUINDO SERVICOS DE CAMPO,DE ESCRITORIO E APRESENTACAO DE DESENHOS"},"EXECUCAO DE PERFIS TOPOGRAFICOS,EM ENCOSTAS COM LEVANTAMENTO"," DE DETALHES,TERRENO DE VEGETACAO LEVE,INCLUINDO SERVICOS DE"," CAMPO,DE ESCRITORIO E APRESENTACAO DE DESENHOS",null,null,null,"M",13.1]
["01.016.0165-0",{"$f":"C867&D867&E867&F867&G867&H867","v":"EXECUCAO DE PERFIS TOPOGRAFICOS,EM ENCOSTAS COM LEVANTAMENTO DE DETALHES,TERRENO DE VEGETACAO DENSA,INCLUINDO SERVICOS DE CAMPO,DE ESCRITORIO E APRESENTACAO DE DESENHOS"},"EXECUCAO DE PERFIS TOPOGRAFICOS,EM ENCOSTAS COM LEVANTAMENTO"," DE DETALHES,TERRENO DE VEGETACAO DENSA,INCLUINDO SERVICOS D","E CAMPO,DE ESCRITORIO E APRESENTACAO DE DESENHOS",null,null,null,"M",19.96]
["01.016.0165-A",{"$f":"C868&D868&E868&F868&G868&H868","v":"EXECUCAO DE PERFIS TOPOGRAFICOS,EM ENCOSTAS COM LEVANTAMENTO DE DETALHES,TERRENO DE VEGETACAO DENSA,INCLUINDO SERVICOS DE CAMPO,DE ESCRITORIO E APRESENTACAO DE DESENHOS"},"EXECUCAO DE PERFIS TOPOGRAFICOS,EM ENCOSTAS COM LEVANTAMENTO"," DE DETALHES,TERRENO DE VEGETACAO DENSA,INCLUINDO SERVICOS D","E CAMPO,DE ESCRITORIO E APRESENTACAO DE DESENHOS",null,null,null,"M",17.68]
["01.016.0190-0",{"$f":"C869&D869&E869&F869&G869&H869","v":"LEVANTAMENTO TOPOGRAFICO PLANIALTIMETRICO, EM AREAS DE RECUPERACAO DE LOGRADOUROS PUBLICOS"},"LEVANTAMENTO TOPOGRAFICO PLANIALTIMETRICO, EM AREAS DE RECUP","ERACAO DE LOGRADOUROS PUBLICOS",null,null,null,null,"M2",0.22]
["01.016.0190-A",{"$f":"C870&D870&E870&F870&G870&H870","v":"LEVANTAMENTO TOPOGRAFICO PLANIALTIMETRICO, EM AREAS DE RECUPERACAO DE LOGRADOUROS PUBLICOS"},"LEVANTAMENTO TOPOGRAFICO PLANIALTIMETRICO, EM AREAS DE RECUP","ERACAO DE LOGRADOUROS PUBLICOS",null,null,null,null,"M2",0.19]
["01.016.0200-0",{"$f":"C871&D871&E871&F871&G871&H871","v":"LEVANTAMENTO TOPOGRAFICO PLANIALTIMETRICO E CADASTRAL,COM CURVAS DE NIVEL A CADA 1,00M,CONSIDERANDO TERRENO DE OROGRAFIA ACIDENTADA E VEGETACAO DENSA.CUSTO PARA AREA ATE 5000,00M2(ESCALA 1:250/500)"},"LEVANTAMENTO TOPOGRAFICO PLANIALTIMETRICO E CADASTRAL,COM CU","RVAS DE NIVEL A CADA 1,00M,CONSIDERANDO TERRENO DE OROGRAFIA"," ACIDENTADA E VEGETACAO DENSA.CUSTO PARA AREA ATE 5000,00M2(","ESCALA 1:250/500)",null,null,"UN",6873.91]
["01.016.0200-A",{"$f":"C872&D872&E872&F872&G872&H872","v":"LEVANTAMENTO TOPOGRAFICO PLANIALTIMETRICO E CADASTRAL,COM CURVAS DE NIVEL A CADA 1,00M,CONSIDERANDO TERRENO DE OROGRAFIA ACIDENTADA E VEGETACAO DENSA.CUSTO PARA AREA ATE 5000,00M2(ESCALA 1:250/500)"},"LEVANTAMENTO TOPOGRAFICO PLANIALTIMETRICO E CADASTRAL,COM CU","RVAS DE NIVEL A CADA 1,00M,CONSIDERANDO TERRENO DE OROGRAFIA"," ACIDENTADA E VEGETACAO DENSA.CUSTO PARA AREA ATE 5000,00M2(","ESCALA 1:250/500)",null,null,"UN",6116.55]
["01.016.0203-0",{"$f":"C873&D873&E873&F873&G873&H873","v":"LEVANTAMENTO TOPOGRAFICO PLANIALTIMETRICO E CADASTRAL,COM CURVAS DE NIVEL A CADA 1,00M,CONSIDERANDO TERRENO DE OROGRAFIA ACIDENTADA E VEGETACAO RALA.CUSTO PARA AREA ATE 5000,00M2(ESCALA 1:250/500)"},"LEVANTAMENTO TOPOGRAFICO PLANIALTIMETRICO E CADASTRAL,COM CU","RVAS DE NIVEL A CADA 1,00M,CONSIDERANDO TERRENO DE OROGRAFIA"," ACIDENTADA E VEGETACAO RALA.CUSTO PARA AREA ATE 5000,00M2(E","SCALA 1:250/500)",null,null,"UN",5499.13]
["01.016.0203-A",{"$f":"C874&D874&E874&F874&G874&H874","v":"LEVANTAMENTO TOPOGRAFICO PLANIALTIMETRICO E CADASTRAL,COM CURVAS DE NIVEL A CADA 1,00M,CONSIDERANDO TERRENO DE OROGRAFIA ACIDENTADA E VEGETACAO RALA.CUSTO PARA AREA ATE 5000,00M2(ESCALA 1:250/500)"},"LEVANTAMENTO TOPOGRAFICO PLANIALTIMETRICO E CADASTRAL,COM CU","RVAS DE NIVEL A CADA 1,00M,CONSIDERANDO TERRENO DE OROGRAFIA"," ACIDENTADA E VEGETACAO RALA.CUSTO PARA AREA ATE 5000,00M2(E","SCALA 1:250/500)",null,null,"UN",4893.24]
["01.016.0206-0",{"$f":"C875&D875&E875&F875&G875&H875","v":"LEVANTAMENTO TOPOGRAFICO PLANIALTIMETRICO E CADASTRAL,COM CURVAS DE NIVEL A CADA 1,00M,CONSIDERANDO TERRENO DE OROGRAFIA NAO ACIDENTADA E VEGETACAO DENSA.CUSTO PARA AREA ATE 5000,00M2(ESCALA 1:250/500)"},"LEVANTAMENTO TOPOGRAFICO PLANIALTIMETRICO E CADASTRAL,COM CU","RVAS DE NIVEL A CADA 1,00M,CONSIDERANDO TERRENO DE OROGRAFIA"," NAO ACIDENTADA E VEGETACAO DENSA.CUSTO PARA AREA ATE 5000,0","0M2(ESCALA 1:250/500)",null,null,"UN",5499.13]
["01.016.0206-A",{"$f":"C876&D876&E876&F876&G876&H876","v":"LEVANTAMENTO TOPOGRAFICO PLANIALTIMETRICO E CADASTRAL,COM CURVAS DE NIVEL A CADA 1,00M,CONSIDERANDO TERRENO DE OROGRAFIA NAO ACIDENTADA E VEGETACAO DENSA.CUSTO PARA AREA ATE 5000,00M2(ESCALA 1:250/500)"},"LEVANTAMENTO TOPOGRAFICO PLANIALTIMETRICO E CADASTRAL,COM CU","RVAS DE NIVEL A CADA 1,00M,CONSIDERANDO TERRENO DE OROGRAFIA"," NAO ACIDENTADA E VEGETACAO DENSA.CUSTO PARA AREA ATE 5000,0","0M2(ESCALA 1:250/500)",null,null,"UN",4893.24]
["01.016.0209-0",{"$f":"C877&D877&E877&F877&G877&H877","v":"LEVANTAMENTO TOPOGRAFICO PLANIALTIMETRICO E CADASTRAL,COM CURVAS DE NIVEL A CADA 1,00M,CONSIDERANDO TERRENO DE OROGRAFIA NAO ACIDENTADA E VEGETACAO RALA.CUSTO PARA AREA ATE 5000,00M2(ESCALA 1:250/500)"},"LEVANTAMENTO TOPOGRAFICO PLANIALTIMETRICO E CADASTRAL,COM CU","RVAS DE NIVEL A CADA 1,00M,CONSIDERANDO TERRENO DE OROGRAFIA"," NAO ACIDENTADA E VEGETACAO RALA.CUSTO PARA AREA ATE 5000,00","M2(ESCALA 1:250/500)",null,null,"UN",4123.55]
["01.016.0209-A",{"$f":"C878&D878&E878&F878&G878&H878","v":"LEVANTAMENTO TOPOGRAFICO PLANIALTIMETRICO E CADASTRAL,COM CURVAS DE NIVEL A CADA 1,00M,CONSIDERANDO TERRENO DE OROGRAFIA NAO ACIDENTADA E VEGETACAO RALA.CUSTO PARA AREA ATE 5000,00M2(ESCALA 1:250/500)"},"LEVANTAMENTO TOPOGRAFICO PLANIALTIMETRICO E CADASTRAL,COM CU","RVAS DE NIVEL A CADA 1,00M,CONSIDERANDO TERRENO DE OROGRAFIA"," NAO ACIDENTADA E VEGETACAO RALA.CUSTO PARA AREA ATE 5000,00","M2(ESCALA 1:250/500)",null,null,"UN",3669.22]
["01.016.0220-0",{"$f":"C879&D879&E879&F879&G879&H879","v":"LEVANTAMENTO TOPOGRAFICO PLANIALTIMETRICO E CADASTRAL,COM CURVAS DE NIVEL A CADA 1,00M,CONSIDERANDO TERRENO DE OROGRAFIA ACIDENTADA E VEGETACAO DENSA,CUSTO PARA AREA DE 5000,00 A 10000,00M2 (ESCALA 1:200/500)"},"LEVANTAMENTO TOPOGRAFICO PLANIALTIMETRICO E CADASTRAL,COM CU","RVAS DE NIVEL A CADA 1,00M,CONSIDERANDO TERRENO DE OROGRAFIA"," ACIDENTADA E VEGETACAO DENSA,CUSTO PARA AREA DE 5000,00 A 1","0000,00M2 (ESCALA 1:200/500)",null,null,"UN",8264.83]
["01.016.0220-A",{"$f":"C880&D880&E880&F880&G880&H880","v":"LEVANTAMENTO TOPOGRAFICO PLANIALTIMETRICO E CADASTRAL,COM CURVAS DE NIVEL A CADA 1,00M,CONSIDERANDO TERRENO DE OROGRAFIA ACIDENTADA E VEGETACAO DENSA,CUSTO PARA AREA DE 5000,00 A 10000,00M2 (ESCALA 1:200/500)"},"LEVANTAMENTO TOPOGRAFICO PLANIALTIMETRICO E CADASTRAL,COM CU","RVAS DE NIVEL A CADA 1,00M,CONSIDERANDO TERRENO DE OROGRAFIA"," ACIDENTADA E VEGETACAO DENSA,CUSTO PARA AREA DE 5000,00 A 1","0000,00M2 (ESCALA 1:200/500)",null,null,"UN",7354.22]
["01.016.0223-0",{"$f":"C881&D881&E881&F881&G881&H881","v":"LEVANTAMENTO TOPOGRAFICO PLANIALTIMETRICO E CADASTRAL,COM CURVAS DE NIVEL A CADA 1,00M,CONSIDERANDO TERRENO DE OROGRAFIA ACIDENTADA E VEGETACAO RALA.CUSTO PARA AREA DE 5000,00 A 10000,00M2 (ESCALA 1:250/500)"},"LEVANTAMENTO TOPOGRAFICO PLANIALTIMETRICO E CADASTRAL,COM CU","RVAS DE NIVEL A CADA 1,00M,CONSIDERANDO TERRENO DE OROGRAFIA"," ACIDENTADA E VEGETACAO RALA.CUSTO PARA AREA DE 5000,00 A 10","000,00M2 (ESCALA 1:250/500)",null,null,"UN",6873.91]
["01.016.0223-A",{"$f":"C882&D882&E882&F882&G882&H882","v":"LEVANTAMENTO TOPOGRAFICO PLANIALTIMETRICO E CADASTRAL,COM CURVAS DE NIVEL A CADA 1,00M,CONSIDERANDO TERRENO DE OROGRAFIA ACIDENTADA E VEGETACAO RALA.CUSTO PARA AREA DE 5000,00 A 10000,00M2 (ESCALA 1:250/500)"},"LEVANTAMENTO TOPOGRAFICO PLANIALTIMETRICO E CADASTRAL,COM CU","RVAS DE NIVEL A CADA 1,00M,CONSIDERANDO TERRENO DE OROGRAFIA"," ACIDENTADA E VEGETACAO RALA.CUSTO PARA AREA DE 5000,00 A 10","000,00M2 (ESCALA 1:250/500)",null,null,"UN",6116.55]
["01.016.0226-0",{"$f":"C883&D883&E883&F883&G883&H883","v":"LEVANTAMENTO TOPOGRAFICO PLANIALTIMETRICO E CADASTRAL,COM CURVAS DE NIVEL A CADA 1,00M,CONSIDERANDO TERRENO DE OROGRAFIA NAO ACIDENTADA E VEGETACAO DENSA.CUSTO PARA AREA DE 5000,00 A 10000,00M2 (ESCALA 1:250/500)"},"LEVANTAMENTO TOPOGRAFICO PLANIALTIMETRICO E CADASTRAL,COM CU","RVAS DE NIVEL A CADA 1,00M,CONSIDERANDO TERRENO DE OROGRAFIA"," NAO ACIDENTADA E VEGETACAO DENSA.CUSTO PARA AREA DE 5000,00"," A 10000,00M2 (ESCALA 1:250/500)",null,null,"UN",6873.91]
["01.016.0226-A",{"$f":"C884&D884&E884&F884&G884&H884","v":"LEVANTAMENTO TOPOGRAFICO PLANIALTIMETRICO E CADASTRAL,COM CURVAS DE NIVEL A CADA 1,00M,CONSIDERANDO TERRENO DE OROGRAFIA NAO ACIDENTADA E VEGETACAO DENSA.CUSTO PARA AREA DE 5000,00 A 10000,00M2 (ESCALA 1:250/500)"},"LEVANTAMENTO TOPOGRAFICO PLANIALTIMETRICO E CADASTRAL,COM CU","RVAS DE NIVEL A CADA 1,00M,CONSIDERANDO TERRENO DE OROGRAFIA"," NAO ACIDENTADA E VEGETACAO DENSA.CUSTO PARA AREA DE 5000,00"," A 10000,00M2 (ESCALA 1:250/500)",null,null,"UN",6116.55]
["01.016.0229-0",{"$f":"C885&D885&E885&F885&G885&H885","v":"LEVANTAMENTO TOPOGRAFICO PLANIALTIMETRICO E CADASTRAL,COM CURVAS DE NIVEL A CADA 1,00M,CONSIDERANDO TERRENO DE OROGRAFIA NAO ACIDENTADA E VEGETACAO RALA.CUSTO PARA AREA DE 5000,00A 10000,00M2 (ESCALA 1:250/500)"},"LEVANTAMENTO TOPOGRAFICO PLANIALTIMETRICO E CADASTRAL,COM CU","RVAS DE NIVEL A CADA 1,00M,CONSIDERANDO TERRENO DE OROGRAFIA"," NAO ACIDENTADA E VEGETACAO RALA.CUSTO PARA AREA DE 5000,00","A 10000,00M2 (ESCALA 1:250/500)",null,null,"UN",5499.13]
["01.016.0229-A",{"$f":"C886&D886&E886&F886&G886&H886","v":"LEVANTAMENTO TOPOGRAFICO PLANIALTIMETRICO E CADASTRAL,COM CURVAS DE NIVEL A CADA 1,00M,CONSIDERANDO TERRENO DE OROGRAFIA NAO ACIDENTADA E VEGETACAO RALA.CUSTO PARA AREA DE 5000,00A 10000,00M2 (ESCALA 1:250/500)"},"LEVANTAMENTO TOPOGRAFICO PLANIALTIMETRICO E CADASTRAL,COM CU","RVAS DE NIVEL A CADA 1,00M,CONSIDERANDO TERRENO DE OROGRAFIA"," NAO ACIDENTADA E VEGETACAO RALA.CUSTO PARA AREA DE 5000,00","A 10000,00M2 (ESCALA 1:250/500)",null,null,"UN",4893.24]
["01.016.0240-0",{"$f":"C887&D887&E887&F887&G887&H887","v":"LEVANTAMENTO TOPOGRAFICO PLANIALTIMETRICO E CADASTRAL,COM CURVAS DE NIVEL A CADA 1,00M,CONSIDERANDO TERRENO DE OROGRAFIA ACIDENTADA E VEGETACAO DENSA.CUSTO PARA AREA DE 10000,00 A20000,00M2 (ESCALA 1:250/500)"},"LEVANTAMENTO TOPOGRAFICO PLANIALTIMETRICO E CADASTRAL,COM CU","RVAS DE NIVEL A CADA 1,00M,CONSIDERANDO TERRENO DE OROGRAFIA"," ACIDENTADA E VEGETACAO DENSA.CUSTO PARA AREA DE 10000,00 A","20000,00M2 (ESCALA 1:250/500)",null,null,"UN",9635.57]
["01.016.0240-A",{"$f":"C888&D888&E888&F888&G888&H888","v":"LEVANTAMENTO TOPOGRAFICO PLANIALTIMETRICO E CADASTRAL,COM CURVAS DE NIVEL A CADA 1,00M,CONSIDERANDO TERRENO DE OROGRAFIA ACIDENTADA E VEGETACAO DENSA.CUSTO PARA AREA DE 10000,00 A20000,00M2 (ESCALA 1:250/500)"},"LEVANTAMENTO TOPOGRAFICO PLANIALTIMETRICO E CADASTRAL,COM CU","RVAS DE NIVEL A CADA 1,00M,CONSIDERANDO TERRENO DE OROGRAFIA"," ACIDENTADA E VEGETACAO DENSA.CUSTO PARA AREA DE 10000,00 A","20000,00M2 (ESCALA 1:250/500)",null,null,"UN",8573.94]
["01.016.0243-0",{"$f":"C889&D889&E889&F889&G889&H889","v":"LEVANTAMENTO TOPOGRAFICO PLANIALTIMETRICO E CADASTRAL,COM CUEVAS DE NIVEL A CADA 1,00M,CONSIDERANDO TERRENO DE OROGRAFIA ACIDENTADA E VEGETACAO RALA.CUSTO PARA AREA DE 10000,00 A 20000,00M2 (ESCALA 1:250/500)"},"LEVANTAMENTO TOPOGRAFICO PLANIALTIMETRICO E CADASTRAL,COM CU","EVAS DE NIVEL A CADA 1,00M,CONSIDERANDO TERRENO DE OROGRAFIA"," ACIDENTADA E VEGETACAO RALA.CUSTO PARA AREA DE 10000,00 A 2","0000,00M2 (ESCALA 1:250/500)",null,null,"UN",8264.83]
["01.016.0243-A",{"$f":"C890&D890&E890&F890&G890&H890","v":"LEVANTAMENTO TOPOGRAFICO PLANIALTIMETRICO E CADASTRAL,COM CUEVAS DE NIVEL A CADA 1,00M,CONSIDERANDO TERRENO DE OROGRAFIA ACIDENTADA E VEGETACAO RALA.CUSTO PARA AREA DE 10000,00 A 20000,00M2 (ESCALA 1:250/500)"},"LEVANTAMENTO TOPOGRAFICO PLANIALTIMETRICO E CADASTRAL,COM CU","EVAS DE NIVEL A CADA 1,00M,CONSIDERANDO TERRENO DE OROGRAFIA"," ACIDENTADA E VEGETACAO RALA.CUSTO PARA AREA DE 10000,00 A 2","0000,00M2 (ESCALA 1:250/500)",null,null,"UN",7354.22]
["01.016.0246-0",{"$f":"C891&D891&E891&F891&G891&H891","v":"LEVANTAMENTO TOPOGRAFICO PLANIALTIMETRICO E CADASTRAL,COM CURVAS DE NIVEL A CADA 1,00M,CONSIDERANDO TERRENO DE OROGRAFIA NAO ACIDENTADA E VEGETACAO DENSA.CUSTO PARA AREA DE 10000,00 ATE 20000,00M2 (ESCALA 1:250/500)"},"LEVANTAMENTO TOPOGRAFICO PLANIALTIMETRICO E CADASTRAL,COM CU","RVAS DE NIVEL A CADA 1,00M,CONSIDERANDO TERRENO DE OROGRAFIA"," NAO ACIDENTADA E VEGETACAO DENSA.CUSTO PARA AREA DE 10000,0","0 ATE 20000,00M2 (ESCALA 1:250/500)",null,null,"UN",8264.83]
["01.016.0246-A",{"$f":"C892&D892&E892&F892&G892&H892","v":"LEVANTAMENTO TOPOGRAFICO PLANIALTIMETRICO E CADASTRAL,COM CURVAS DE NIVEL A CADA 1,00M,CONSIDERANDO TERRENO DE OROGRAFIA NAO ACIDENTADA E VEGETACAO DENSA.CUSTO PARA AREA DE 10000,00 ATE 20000,00M2 (ESCALA 1:250/500)"},"LEVANTAMENTO TOPOGRAFICO PLANIALTIMETRICO E CADASTRAL,COM CU","RVAS DE NIVEL A CADA 1,00M,CONSIDERANDO TERRENO DE OROGRAFIA"," NAO ACIDENTADA E VEGETACAO DENSA.CUSTO PARA AREA DE 10000,0","0 ATE 20000,00M2 (ESCALA 1:250/500)",null,null,"UN",7354.22]
["01.016.0249-0",{"$f":"C893&D893&E893&F893&G893&H893","v":"LEVANTAMENTO TOPOGRAFICO PLANIALTIMETRICO E CADASTRAL,COM CURVAS DE NIVEL A CADA 1,00M,CONSIDERANDO TERRENO DE OROGRAFIA NAO ACIDENTADA E VEGETACAO RALA.CUSTO PARA AREA DE 10.000 A 20.000M2 (ESCALA 1:250/500)"},"LEVANTAMENTO TOPOGRAFICO PLANIALTIMETRICO E CADASTRAL,COM CU","RVAS DE NIVEL A CADA 1,00M,CONSIDERANDO TERRENO DE OROGRAFIA"," NAO ACIDENTADA E VEGETACAO RALA.CUSTO PARA AREA DE 10.000 A"," 20.000M2 (ESCALA 1:250/500)",null,null,"UN",6873.91]
["01.016.0249-A",{"$f":"C894&D894&E894&F894&G894&H894","v":"LEVANTAMENTO TOPOGRAFICO PLANIALTIMETRICO E CADASTRAL,COM CURVAS DE NIVEL A CADA 1,00M,CONSIDERANDO TERRENO DE OROGRAFIA NAO ACIDENTADA E VEGETACAO RALA.CUSTO PARA AREA DE 10.000 A 20.000M2 (ESCALA 1:250/500)"},"LEVANTAMENTO TOPOGRAFICO PLANIALTIMETRICO E CADASTRAL,COM CU","RVAS DE NIVEL A CADA 1,00M,CONSIDERANDO TERRENO DE OROGRAFIA"," NAO ACIDENTADA E VEGETACAO RALA.CUSTO PARA AREA DE 10.000 A"," 20.000M2 (ESCALA 1:250/500)",null,null,"UN",6116.55]
["01.017.0001-0",{"$f":"C895&D895&E895&F895&G895&H895","v":"LOCACAO DE PROJETO DE ESTRADAS,EXECUTADAS DE ACORDO COM A INSTRUCAO IT-28/80 DO DER-RJ,INCLUSIVE NIVELAMENTO E SECOES TRANSVERSAIS E DELIMITACAO DAS LINHAS DEMARCADORAS DE FAIXA DE DOMINIO,EM TERRENO DE OROGRAFIA ACIDENTADA E VEGETACAO DENSA"},"LOCACAO DE PROJETO DE ESTRADAS,EXECUTADAS DE ACORDO COM A IN","STRUCAO IT-28/80 DO DER-RJ,INCLUSIVE NIVELAMENTO E SECOES TR","ANSVERSAIS E DELIMITACAO DAS LINHAS DEMARCADORAS DE FAIXA DE"," DOMINIO,EM TERRENO DE OROGRAFIA ACIDENTADA E VEGETACAO DENS","A",null,"KM",24411.6]
["01.017.0001-A",{"$f":"C896&D896&E896&F896&G896&H896","v":"LOCACAO DE PROJETO DE ESTRADAS,EXECUTADAS DE ACORDO COM A INSTRUCAO IT-28/80 DO DER-RJ,INCLUSIVE NIVELAMENTO E SECOES TRANSVERSAIS E DELIMITACAO DAS LINHAS DEMARCADORAS DE FAIXA DE DOMINIO,EM TERRENO DE OROGRAFIA ACIDENTADA E VEGETACAO DENSA"},"LOCACAO DE PROJETO DE ESTRADAS,EXECUTADAS DE ACORDO COM A IN","STRUCAO IT-28/80 DO DER-RJ,INCLUSIVE NIVELAMENTO E SECOES TR","ANSVERSAIS E DELIMITACAO DAS LINHAS DEMARCADORAS DE FAIXA DE"," DOMINIO,EM TERRENO DE OROGRAFIA ACIDENTADA E VEGETACAO DENS","A",null,"KM",21664.58]
["01.017.0002-0",{"$f":"C897&D897&E897&F897&G897&H897","v":"LOCACAO DE PROJETO DE ESTRADAS,EXECUTADAS DE ACORDO COM A INSTRUCAO IT-28/80 DO DER-RJ,INCLUSIVE NIVELAMENTO E SECOES TRANSVERSAIS E DELIMITACAO DAS LINHAS DEMARCADORAS DE FAIXA DE DOMINIO,EM TERRENO DE OROGRAFIA ACIDENTADA E VEGETACAO LEVE"},"LOCACAO DE PROJETO DE ESTRADAS,EXECUTADAS DE ACORDO COM A IN","STRUCAO IT-28/80 DO DER-RJ,INCLUSIVE NIVELAMENTO E SECOES TR","ANSVERSAIS E DELIMITACAO DAS LINHAS DEMARCADORAS DE FAIXA DE"," DOMINIO,EM TERRENO DE OROGRAFIA ACIDENTADA E VEGETACAO LEVE",null,null,"KM",13331.71]
["01.017.0002-A",{"$f":"C898&D898&E898&F898&G898&H898","v":"LOCACAO DE PROJETO DE ESTRADAS,EXECUTADAS DE ACORDO COM A INSTRUCAO IT-28/80 DO DER-RJ,INCLUSIVE NIVELAMENTO E SECOES TRANSVERSAIS E DELIMITACAO DAS LINHAS DEMARCADORAS DE FAIXA DE DOMINIO,EM TERRENO DE OROGRAFIA ACIDENTADA E VEGETACAO LEVE"},"LOCACAO DE PROJETO DE ESTRADAS,EXECUTADAS DE ACORDO COM A IN","STRUCAO IT-28/80 DO DER-RJ,INCLUSIVE NIVELAMENTO E SECOES TR","ANSVERSAIS E DELIMITACAO DAS LINHAS DEMARCADORAS DE FAIXA DE"," DOMINIO,EM TERRENO DE OROGRAFIA ACIDENTADA E VEGETACAO LEVE",null,null,"KM",11858.69]
["01.017.0003-0",{"$f":"C899&D899&E899&F899&G899&H899","v":"LOCACAO DE PROJETO DE ESTRADAS,EXECUTADAS DE ACORDO COM A INSTRUCAO IT-28/80 DO DER-RJ,INCLUSIVE NIVELAMENTO E SECOES TRANSVERSAIS E DELIMITACAO DAS LINHAS DEMARCADORAS DE FAIXA DE DOMINIO,EM TERRENO DE OROGRAFIA NAO ACIDENTADA E VEGETACAODENSA"},"LOCACAO DE PROJETO DE ESTRADAS,EXECUTADAS DE ACORDO COM A IN","STRUCAO IT-28/80 DO DER-RJ,INCLUSIVE NIVELAMENTO E SECOES TR","ANSVERSAIS E DELIMITACAO DAS LINHAS DEMARCADORAS DE FAIXA DE"," DOMINIO,EM TERRENO DE OROGRAFIA NAO ACIDENTADA E VEGETACAO","DENSA",null,"KM",17090.87]
["01.017.0003-A",{"$f":"C900&D900&E900&F900&G900&H900","v":"LOCACAO DE PROJETO DE ESTRADAS,EXECUTADAS DE ACORDO COM A INSTRUCAO IT-28/80 DO DER-RJ,INCLUSIVE NIVELAMENTO E SECOES TRANSVERSAIS E DELIMITACAO DAS LINHAS DEMARCADORAS DE FAIXA DE DOMINIO,EM TERRENO DE OROGRAFIA NAO ACIDENTADA E VEGETACAODENSA"},"LOCACAO DE PROJETO DE ESTRADAS,EXECUTADAS DE ACORDO COM A IN","STRUCAO IT-28/80 DO DER-RJ,INCLUSIVE NIVELAMENTO E SECOES TR","ANSVERSAIS E DELIMITACAO DAS LINHAS DEMARCADORAS DE FAIXA DE"," DOMINIO,EM TERRENO DE OROGRAFIA NAO ACIDENTADA E VEGETACAO","DENSA",null,"KM",15189.28]
["01.017.0004-0",{"$f":"C901&D901&E901&F901&G901&H901","v":"LOCACAO DE PROJETO DE ESTRADAS,EXECUTADAS DE ACORDO COM A INSTRUCAO IT-28/80 DO DER-RJ,INCLUSIVE NIVELAMENTO E SECOES TRANSVERSAIS E DELIMITACAO DAS LINHAS DEMARCADORAS DE FAIXA DE DOMINIO,EM TERRENO DE OROGRAFIA NAO ACIDENTADA E VEGETACAOLEVE"},"LOCACAO DE PROJETO DE ESTRADAS,EXECUTADAS DE ACORDO COM A IN","STRUCAO IT-28/80 DO DER-RJ,INCLUSIVE NIVELAMENTO E SECOES TR","ANSVERSAIS E DELIMITACAO DAS LINHAS DEMARCADORAS DE FAIXA DE"," DOMINIO,EM TERRENO DE OROGRAFIA NAO ACIDENTADA E VEGETACAO","LEVE",null,"KM",9729.16]
["01.017.0004-A",{"$f":"C902&D902&E902&F902&G902&H902","v":"LOCACAO DE PROJETO DE ESTRADAS,EXECUTADAS DE ACORDO COM A INSTRUCAO IT-28/80 DO DER-RJ,INCLUSIVE NIVELAMENTO E SECOES TRANSVERSAIS E DELIMITACAO DAS LINHAS DEMARCADORAS DE FAIXA DE DOMINIO,EM TERRENO DE OROGRAFIA NAO ACIDENTADA E VEGETACAOLEVE"},"LOCACAO DE PROJETO DE ESTRADAS,EXECUTADAS DE ACORDO COM A IN","STRUCAO IT-28/80 DO DER-RJ,INCLUSIVE NIVELAMENTO E SECOES TR","ANSVERSAIS E DELIMITACAO DAS LINHAS DEMARCADORAS DE FAIXA DE"," DOMINIO,EM TERRENO DE OROGRAFIA NAO ACIDENTADA E VEGETACAO","LEVE",null,"KM",8683.22]
["01.017.0005-0",{"$f":"C903&D903&E903&F903&G903&H903","v":"RELOCACAO DE PROJETO DE ESTRADA EXISTENTE EXECUTADA DE ACORDO COM A INSTRUCAO IT-28/80 DO DER-RJ,INCLUSIVE NIVELAMENTO E SECOES TRANSVERSAIS PARA TRAFEGO COM VOLUME MEDIO DIARIO MENOR QUE 500 VEICULOS/DIA"},"RELOCACAO DE PROJETO DE ESTRADA EXISTENTE EXECUTADA DE ACORD","O COM A INSTRUCAO IT-28/80 DO DER-RJ,INCLUSIVE NIVELAMENTO E"," SECOES TRANSVERSAIS PARA TRAFEGO COM VOLUME MEDIO DIARIO ME","NOR QUE 500 VEICULOS/DIA",null,null,"KM",10873.76]
["01.017.0005-A",{"$f":"C904&D904&E904&F904&G904&H904","v":"RELOCACAO DE PROJETO DE ESTRADA EXISTENTE EXECUTADA DE ACORDO COM A INSTRUCAO IT-28/80 DO DER-RJ,INCLUSIVE NIVELAMENTO E SECOES TRANSVERSAIS PARA TRAFEGO COM VOLUME MEDIO DIARIO MENOR QUE 500 VEICULOS/DIA"},"RELOCACAO DE PROJETO DE ESTRADA EXISTENTE EXECUTADA DE ACORD","O COM A INSTRUCAO IT-28/80 DO DER-RJ,INCLUSIVE NIVELAMENTO E"," SECOES TRANSVERSAIS PARA TRAFEGO COM VOLUME MEDIO DIARIO ME","NOR QUE 500 VEICULOS/DIA",null,null,"KM",9774.87]
["01.017.0010-0",{"$f":"C905&D905&E905&F905&G905&H905","v":"SERVICOS TOPOGRAFICOS PARA RESTAURACAO DE RODOVIAS,DE ACORDO COM A INSTRUCAO IT-55/83 DO DER-RJ,COMPREENDENDO RELOCACAO,NIVELAMENTO,SECOES TRANSVERSAIS,IMPLANTACAO DE MARCOS,CADASTRO DE OBRAS DE ARTE CORRENTE,ELEMENTOS DE DRENAGEM,CONDICOES DE SUPERFICIE DA PISTA E INTERSECOES,PARA VOLUME MEDIO DIARIO ATE 1000 VEICULOS/DIA"},"SERVICOS TOPOGRAFICOS PARA RESTAURACAO DE RODOVIAS,DE ACORDO"," COM A INSTRUCAO IT-55/83 DO DER-RJ,COMPREENDENDO RELOCACAO,","NIVELAMENTO,SECOES TRANSVERSAIS,IMPLANTACAO DE MARCOS,CADAST","RO DE OBRAS DE ARTE CORRENTE,ELEMENTOS DE DRENAGEM,CONDICOES"," DE SUPERFICIE DA PISTA E INTERSECOES,PARA VOLUME MEDIO DIAR","IO ATE 1000 VEICULOS/DIA","KM",9665.56]
["01.017.0010-A",{"$f":"C906&D906&E906&F906&G906&H906","v":"SERVICOS TOPOGRAFICOS PARA RESTAURACAO DE RODOVIAS,DE ACORDO COM A INSTRUCAO IT-55/83 DO DER-RJ,COMPREENDENDO RELOCACAO,NIVELAMENTO,SECOES TRANSVERSAIS,IMPLANTACAO DE MARCOS,CADASTRO DE OBRAS DE ARTE CORRENTE,ELEMENTOS DE DRENAGEM,CONDICOES DE SUPERFICIE DA PISTA E INTERSECOES,PARA VOLUME MEDIO DIARIO ATE 1000 VEICULOS/DIA"},"SERVICOS TOPOGRAFICOS PARA RESTAURACAO DE RODOVIAS,DE ACORDO"," COM A INSTRUCAO IT-55/83 DO DER-RJ,COMPREENDENDO RELOCACAO,","NIVELAMENTO,SECOES TRANSVERSAIS,IMPLANTACAO DE MARCOS,CADAST","RO DE OBRAS DE ARTE CORRENTE,ELEMENTOS DE DRENAGEM,CONDICOES"," DE SUPERFICIE DA PISTA E INTERSECOES,PARA VOLUME MEDIO DIAR","IO ATE 1000 VEICULOS/DIA","KM",8688.78]
["01.018.0001-0",{"$f":"C907&D907&E907&F907&G907&H907","v":"MARCACAO DE OBRA SEM INSTRUMENTO TOPOGRAFICO,CONSIDERADA A PROJECAO HORIZONTAL DA AREA ENVOLVENTE"},"MARCACAO DE OBRA SEM INSTRUMENTO TOPOGRAFICO,CONSIDERADA A P","ROJECAO HORIZONTAL DA AREA ENVOLVENTE",null,null,null,null,"M2",2.41]
["01.018.0001-A",{"$f":"C908&D908&E908&F908&G908&H908","v":"MARCACAO DE OBRA SEM INSTRUMENTO TOPOGRAFICO,CONSIDERADA A PROJECAO HORIZONTAL DA AREA ENVOLVENTE"},"MARCACAO DE OBRA SEM INSTRUMENTO TOPOGRAFICO,CONSIDERADA A P","ROJECAO HORIZONTAL DA AREA ENVOLVENTE",null,null,null,null,"M2",2.16]
["01.018.0002-0",{"$f":"C909&D909&E909&F909&G909&H909","v":"LOCACAO DE OBRA COM APARELHO TOPOGRAFICO SOBRE CERCA DE MARCACAO,INCLUSIVE CONSTRUCAO DESTA E SUA PRE-LOCACAO E O FORNECIMENTO DO MATERIAL E TENDO POR MEDICAO O PERIMETRO A CONSTRUIR"},"LOCACAO DE OBRA COM APARELHO TOPOGRAFICO SOBRE CERCA DE MARC","ACAO,INCLUSIVE CONSTRUCAO DESTA E SUA PRE-LOCACAO E O FORNEC","IMENTO DO MATERIAL E TENDO POR MEDICAO O PERIMETRO A CONSTRU","IR",null,null,"M",16.22]
["01.018.0002-A",{"$f":"C910&D910&E910&F910&G910&H910","v":"LOCACAO DE OBRA COM APARELHO TOPOGRAFICO SOBRE CERCA DE MARCACAO,INCLUSIVE CONSTRUCAO DESTA E SUA PRE-LOCACAO E O FORNECIMENTO DO MATERIAL E TENDO POR MEDICAO O PERIMETRO A CONSTRUIR"},"LOCACAO DE OBRA COM APARELHO TOPOGRAFICO SOBRE CERCA DE MARC","ACAO,INCLUSIVE CONSTRUCAO DESTA E SUA PRE-LOCACAO E O FORNEC","IMENTO DO MATERIAL E TENDO POR MEDICAO O PERIMETRO A CONSTRU","IR",null,null,"M",14.57]
["01.019.0010-0",{"$f":"C911&D911&E911&F911&G911&H911","v":"LEVANTAMENTO CADASTRAL GEOMETRICO DE IMOVEIS COM AREA ATE 1500M2"},"LEVANTAMENTO CADASTRAL GEOMETRICO DE IMOVEIS COM AREA ATE 15","00M2",null,null,null,null,"M2",5.05]
["01.019.0010-A",{"$f":"C912&D912&E912&F912&G912&H912","v":"LEVANTAMENTO CADASTRAL GEOMETRICO DE IMOVEIS COM AREA ATE 1500M2"},"LEVANTAMENTO CADASTRAL GEOMETRICO DE IMOVEIS COM AREA ATE 15","00M2",null,null,null,null,"M2",4.41]
["01.019.0012-0",{"$f":"C913&D913&E913&F913&G913&H913","v":"LEVANTAMENTO CADASTRAL GEOMETRICO DE IMOVEIS COM AREA ENTRE1501 E 3000M2. ESTE ITEM DEVE SER UTILIZADO COMO COMPLEMENTO DO ANTERIOR"},"LEVANTAMENTO CADASTRAL GEOMETRICO DE IMOVEIS COM AREA ENTRE","1501 E 3000M2. ESTE ITEM DEVE SER UTILIZADO COMO COMPLEMENTO"," DO ANTERIOR",null,null,null,"M2",1.62]
["01.019.0012-A",{"$f":"C914&D914&E914&F914&G914&H914","v":"LEVANTAMENTO CADASTRAL GEOMETRICO DE IMOVEIS COM AREA ENTRE1501 E 3000M2. ESTE ITEM DEVE SER UTILIZADO COMO COMPLEMENTO DO ANTERIOR"},"LEVANTAMENTO CADASTRAL GEOMETRICO DE IMOVEIS COM AREA ENTRE","1501 E 3000M2. ESTE ITEM DEVE SER UTILIZADO COMO COMPLEMENTO"," DO ANTERIOR",null,null,null,"M2",1.42]
["01.019.0015-0",{"$f":"C915&D915&E915&F915&G915&H915","v":"LEVANTAMENTO CADASTRAL GEOMETRICO DE IMOVEIS COM AREA ACIMADE 3000M2. ESTE ITEM DEVE SER UTILIZADO COMO COMPLEMENTO DOS ANTERIORES"},"LEVANTAMENTO CADASTRAL GEOMETRICO DE IMOVEIS COM AREA ACIMA","DE 3000M2. ESTE ITEM DEVE SER UTILIZADO COMO COMPLEMENTO DOS"," ANTERIORES",null,null,null,"M2",0.66]
["01.019.0015-A",{"$f":"C916&D916&E916&F916&G916&H916","v":"LEVANTAMENTO CADASTRAL GEOMETRICO DE IMOVEIS COM AREA ACIMADE 3000M2. ESTE ITEM DEVE SER UTILIZADO COMO COMPLEMENTO DOS ANTERIORES"},"LEVANTAMENTO CADASTRAL GEOMETRICO DE IMOVEIS COM AREA ACIMA","DE 3000M2. ESTE ITEM DEVE SER UTILIZADO COMO COMPLEMENTO DOS"," ANTERIORES",null,null,null,"M2",0.58]
["01.019.0040-0",{"$f":"C917&D917&E917&F917&G917&H917","v":"LEVANTAMENTO CADASTRAL DAS PROFUNDIDADES DOS TUBOS E GALERIAS QUE CONCORREM EM UM POCO DE VISITA,PROFUNDIDADES ESTAS,MEDIDAS A REGUA E REFERENCIADAS A COTA DA TAMPA DO POCO-POCO ENCONTRADO EM CONDICOES DE LIMPEZA QUE PERMITAM A LEITURA IMEDIATA"},"LEVANTAMENTO CADASTRAL DAS PROFUNDIDADES DOS TUBOS E GALERIA","S QUE CONCORREM EM UM POCO DE VISITA,PROFUNDIDADES ESTAS,MED","IDAS A REGUA E REFERENCIADAS A COTA DA TAMPA DO POCO-POCO EN","CONTRADO EM CONDICOES DE LIMPEZA QUE PERMITAM A LEITURA IMED","IATA",null,"UN",5.55]
["01.019.0040-A",{"$f":"C918&D918&E918&F918&G918&H918","v":"LEVANTAMENTO CADASTRAL DAS PROFUNDIDADES DOS TUBOS E GALERIAS QUE CONCORREM EM UM POCO DE VISITA,PROFUNDIDADES ESTAS,MEDIDAS A REGUA E REFERENCIADAS A COTA DA TAMPA DO POCO-POCO ENCONTRADO EM CONDICOES DE LIMPEZA QUE PERMITAM A LEITURA IMEDIATA"},"LEVANTAMENTO CADASTRAL DAS PROFUNDIDADES DOS TUBOS E GALERIA","S QUE CONCORREM EM UM POCO DE VISITA,PROFUNDIDADES ESTAS,MED","IDAS A REGUA E REFERENCIADAS A COTA DA TAMPA DO POCO-POCO EN","CONTRADO EM CONDICOES DE LIMPEZA QUE PERMITAM A LEITURA IMED","IATA",null,"UN",4.81]
["01.019.0045-0",{"$f":"C919&D919&E919&F919&G919&H919","v":"LEVANTAMENTO CADASTRAL DAS PROFUNDIDADES DOS TUBOS E GALERIAS QUE CONCORREM EM UM POCO DE VISITA,PROFUNDIDADES ESTAS,MEDIDAS A REGUA E REFERENCIADAS A COTA DA TAMPA DO POCO-POCO ENCONTRADO INUNDADO TENDO QUE SER ESGOTADO ANTES QUE SE POSSAFAZER A LEITURA"},"LEVANTAMENTO CADASTRAL DAS PROFUNDIDADES DOS TUBOS E GALERIA","S QUE CONCORREM EM UM POCO DE VISITA,PROFUNDIDADES ESTAS,MED","IDAS A REGUA E REFERENCIADAS A COTA DA TAMPA DO POCO-POCO EN","CONTRADO INUNDADO TENDO QUE SER ESGOTADO ANTES QUE SE POSSA","FAZER A LEITURA",null,"UN",48.43]
["01.019.0045-A",{"$f":"C920&D920&E920&F920&G920&H920","v":"LEVANTAMENTO CADASTRAL DAS PROFUNDIDADES DOS TUBOS E GALERIAS QUE CONCORREM EM UM POCO DE VISITA,PROFUNDIDADES ESTAS,MEDIDAS A REGUA E REFERENCIADAS A COTA DA TAMPA DO POCO-POCO ENCONTRADO INUNDADO TENDO QUE SER ESGOTADO ANTES QUE SE POSSAFAZER A LEITURA"},"LEVANTAMENTO CADASTRAL DAS PROFUNDIDADES DOS TUBOS E GALERIA","S QUE CONCORREM EM UM POCO DE VISITA,PROFUNDIDADES ESTAS,MED","IDAS A REGUA E REFERENCIADAS A COTA DA TAMPA DO POCO-POCO EN","CONTRADO INUNDADO TENDO QUE SER ESGOTADO ANTES QUE SE POSSA","FAZER A LEITURA",null,"UN",45.97]
["01.019.0050-0",{"$f":"C921&D921&E921&F921&G921&H921","v":"LEVANTAMENTO CADASTRAL DAS PROFUNDIDADES DOS TUBOS E GALERIAS QUE CONCORREM EM UM POCO DE VISITA,PROFUNDIDADES ESTAS,MEDIDAS A REGUA E REFERENCIADAS A COTA DA TAMPA DO POCO-POCO ENCONTRADO ASSOREADO TENDO QUE SER LIMPO ANTES QUE SE POSSA FAZER A LEITURA"},"LEVANTAMENTO CADASTRAL DAS PROFUNDIDADES DOS TUBOS E GALERIA","S QUE CONCORREM EM UM POCO DE VISITA,PROFUNDIDADES ESTAS,MED","IDAS A REGUA E REFERENCIADAS A COTA DA TAMPA DO POCO-POCO EN","CONTRADO ASSOREADO TENDO QUE SER LIMPO ANTES QUE SE POSSA FA","ZER A LEITURA",null,"UN",46.54]
["01.019.0050-A",{"$f":"C922&D922&E922&F922&G922&H922","v":"LEVANTAMENTO CADASTRAL DAS PROFUNDIDADES DOS TUBOS E GALERIAS QUE CONCORREM EM UM POCO DE VISITA,PROFUNDIDADES ESTAS,MEDIDAS A REGUA E REFERENCIADAS A COTA DA TAMPA DO POCO-POCO ENCONTRADO ASSOREADO TENDO QUE SER LIMPO ANTES QUE SE POSSA FAZER A LEITURA"},"LEVANTAMENTO CADASTRAL DAS PROFUNDIDADES DOS TUBOS E GALERIA","S QUE CONCORREM EM UM POCO DE VISITA,PROFUNDIDADES ESTAS,MED","IDAS A REGUA E REFERENCIADAS A COTA DA TAMPA DO POCO-POCO EN","CONTRADO ASSOREADO TENDO QUE SER LIMPO ANTES QUE SE POSSA FA","ZER A LEITURA",null,"UN",44.09]
["01.019.0055-0",{"$f":"C923&D923&E923&F923&G923&H923","v":"LEVANTAMENTO CADASTRAL DAS PROFUNDIDADES DOS TUBOS E GALERIAS QUE CONCORREM EM UM POCO DE VISITA,PROFUNDIDADES ESTAS,MEDIDAS A REGUA E REFERENCIADAS A COTA DA TAMPA DO POCO-POCO EM MEIO A UMA VIA PUBLICA COM TRAFEGO,ENCONTRADO EM CONDICOESDE LIMPEZA QUE PERMITAM A LEITURA IMEDIATA"},"LEVANTAMENTO CADASTRAL DAS PROFUNDIDADES DOS TUBOS E GALERIA","S QUE CONCORREM EM UM POCO DE VISITA,PROFUNDIDADES ESTAS,MED","IDAS A REGUA E REFERENCIADAS A COTA DA TAMPA DO POCO-POCO EM"," MEIO A UMA VIA PUBLICA COM TRAFEGO,ENCONTRADO EM CONDICOES","DE LIMPEZA QUE PERMITAM A LEITURA IMEDIATA",null,"UN",118.97]
["01.019.0055-A",{"$f":"C924&D924&E924&F924&G924&H924","v":"LEVANTAMENTO CADASTRAL DAS PROFUNDIDADES DOS TUBOS E GALERIAS QUE CONCORREM EM UM POCO DE VISITA,PROFUNDIDADES ESTAS,MEDIDAS A REGUA E REFERENCIADAS A COTA DA TAMPA DO POCO-POCO EM MEIO A UMA VIA PUBLICA COM TRAFEGO,ENCONTRADO EM CONDICOESDE LIMPEZA QUE PERMITAM A LEITURA IMEDIATA"},"LEVANTAMENTO CADASTRAL DAS PROFUNDIDADES DOS TUBOS E GALERIA","S QUE CONCORREM EM UM POCO DE VISITA,PROFUNDIDADES ESTAS,MED","IDAS A REGUA E REFERENCIADAS A COTA DA TAMPA DO POCO-POCO EM"," MEIO A UMA VIA PUBLICA COM TRAFEGO,ENCONTRADO EM CONDICOES","DE LIMPEZA QUE PERMITAM A LEITURA IMEDIATA",null,"UN",111.92]
["01.019.0060-0",{"$f":"C925&D925&E925&F925&G925&H925","v":"LEVANTAMENTO CADASTRAL DAS PROFUNDIDADES DOS TUBOS E GALERIAS QUE CONCORREM EM UM POCO DE VISITA,PROFUNDIDADES ESTAS MEDIDAS A REGUA E REFERENCIADAS A COTA DA TAMPA DO POCO-POCO EM MEIO A UMA VIA PUBLICA COM TRAFEGO,ENCONTRADO INUNDADO TENDO QUE SER ESGOTADO ANTES QUE SE POSSA FAZER A LEITURA"},"LEVANTAMENTO CADASTRAL DAS PROFUNDIDADES DOS TUBOS E GALERIA","S QUE CONCORREM EM UM POCO DE VISITA,PROFUNDIDADES ESTAS MED","IDAS A REGUA E REFERENCIADAS A COTA DA TAMPA DO POCO-POCO EM"," MEIO A UMA VIA PUBLICA COM TRAFEGO,ENCONTRADO INUNDADO TEND","O QUE SER ESGOTADO ANTES QUE SE POSSA FAZER A LEITURA",null,"UN",161.85]
["01.019.0060-A",{"$f":"C926&D926&E926&F926&G926&H926","v":"LEVANTAMENTO CADASTRAL DAS PROFUNDIDADES DOS TUBOS E GALERIAS QUE CONCORREM EM UM POCO DE VISITA,PROFUNDIDADES ESTAS MEDIDAS A REGUA E REFERENCIADAS A COTA DA TAMPA DO POCO-POCO EM MEIO A UMA VIA PUBLICA COM TRAFEGO,ENCONTRADO INUNDADO TENDO QUE SER ESGOTADO ANTES QUE SE POSSA FAZER A LEITURA"},"LEVANTAMENTO CADASTRAL DAS PROFUNDIDADES DOS TUBOS E GALERIA","S QUE CONCORREM EM UM POCO DE VISITA,PROFUNDIDADES ESTAS MED","IDAS A REGUA E REFERENCIADAS A COTA DA TAMPA DO POCO-POCO EM"," MEIO A UMA VIA PUBLICA COM TRAFEGO,ENCONTRADO INUNDADO TEND","O QUE SER ESGOTADO ANTES QUE SE POSSA FAZER A LEITURA",null,"UN",153.08]
["01.019.0065-0",{"$f":"C927&D927&E927&F927&G927&H927","v":"LEVANTAMENTO CADASTRAL DAS PROFUNDIDADES DOS TUBOS E GALERIAS QUE CONCORREM EM UM POCO DE VISITA,PROFUNDIDADES ESTAS,MEDIDAS A REGUA E REFERENCIADAS A COTA DA TAMPA DO POCO-POCO EM MEIO A UMA VIA PUBLICA COM TRAFEGO,ENCONTRADO ASSOREADO TENDO QUE SER LIMPO ANTES QUE SE POSSA FAZER A LEITURA"},"LEVANTAMENTO CADASTRAL DAS PROFUNDIDADES DOS TUBOS E GALERIA","S QUE CONCORREM EM UM POCO DE VISITA,PROFUNDIDADES ESTAS,MED","IDAS A REGUA E REFERENCIADAS A COTA DA TAMPA DO POCO-POCO EM"," MEIO A UMA VIA PUBLICA COM TRAFEGO,ENCONTRADO ASSOREADO TEN","DO QUE SER LIMPO ANTES QUE SE POSSA FAZER A LEITURA",null,"UN",159.97]
["01.019.0065-A",{"$f":"C928&D928&E928&F928&G928&H928","v":"LEVANTAMENTO CADASTRAL DAS PROFUNDIDADES DOS TUBOS E GALERIAS QUE CONCORREM EM UM POCO DE VISITA,PROFUNDIDADES ESTAS,MEDIDAS A REGUA E REFERENCIADAS A COTA DA TAMPA DO POCO-POCO EM MEIO A UMA VIA PUBLICA COM TRAFEGO,ENCONTRADO ASSOREADO TENDO QUE SER LIMPO ANTES QUE SE POSSA FAZER A LEITURA"},"LEVANTAMENTO CADASTRAL DAS PROFUNDIDADES DOS TUBOS E GALERIA","S QUE CONCORREM EM UM POCO DE VISITA,PROFUNDIDADES ESTAS,MED","IDAS A REGUA E REFERENCIADAS A COTA DA TAMPA DO POCO-POCO EM"," MEIO A UMA VIA PUBLICA COM TRAFEGO,ENCONTRADO ASSOREADO TEN","DO QUE SER LIMPO ANTES QUE SE POSSA FAZER A LEITURA",null,"UN",151.2]
["01.019.0070-0",{"$f":"C929&D929&E929&F929&G929&H929","v":"LEVANTAMENTO CADASTRAL DAS PROFUNDIDADES DOS TUBOS E GALERIAS QUE CONCORREM EM UM POCO DE VISITA,PROFUNDIDADES ESTAS,MEDIDAS A REGUA E REFERENCIADAS A COTA DA TAMPA DO POCO-POCO EM MEIO A UMA VIA PUBLICA COM TRAFEGO,COBERTO POR CAMADA ASFALTICA,ENCONTRADO EM CONDICOES DE LIMPEZA QUE PERMITAM A LEITURA IMEDIATA"},"LEVANTAMENTO CADASTRAL DAS PROFUNDIDADES DOS TUBOS E GALERIA","S QUE CONCORREM EM UM POCO DE VISITA,PROFUNDIDADES ESTAS,MED","IDAS A REGUA E REFERENCIADAS A COTA DA TAMPA DO POCO-POCO EM"," MEIO A UMA VIA PUBLICA COM TRAFEGO,COBERTO POR CAMADA ASFAL","TICA,ENCONTRADO EM CONDICOES DE LIMPEZA QUE PERMITAM A LEITU","RA IMEDIATA","UN",131.7]
["01.019.0070-A",{"$f":"C930&D930&E930&F930&G930&H930","v":"LEVANTAMENTO CADASTRAL DAS PROFUNDIDADES DOS TUBOS E GALERIAS QUE CONCORREM EM UM POCO DE VISITA,PROFUNDIDADES ESTAS,MEDIDAS A REGUA E REFERENCIADAS A COTA DA TAMPA DO POCO-POCO EM MEIO A UMA VIA PUBLICA COM TRAFEGO,COBERTO POR CAMADA ASFALTICA,ENCONTRADO EM CONDICOES DE LIMPEZA QUE PERMITAM A LEITURA IMEDIATA"},"LEVANTAMENTO CADASTRAL DAS PROFUNDIDADES DOS TUBOS E GALERIA","S QUE CONCORREM EM UM POCO DE VISITA,PROFUNDIDADES ESTAS,MED","IDAS A REGUA E REFERENCIADAS A COTA DA TAMPA DO POCO-POCO EM"," MEIO A UMA VIA PUBLICA COM TRAFEGO,COBERTO POR CAMADA ASFAL","TICA,ENCONTRADO EM CONDICOES DE LIMPEZA QUE PERMITAM A LEITU","RA IMEDIATA","UN",123.82]
["01.019.0075-0",{"$f":"C931&D931&E931&F931&G931&H931","v":"LEVANTAMENTO CADASTRAL DAS PROFUNDIDADES DOS TUBOS E GALERIAS QUE CONCORREM EM UM POCO DE VISITA,PROFUNDIDADES ESTAS MEDIDAS A REGUA E REFERENCIADAS A COTA DA TAMPA DO POCO-POCO EM MEIO A UMA VIA PUBLICA COM TRAFEGO,COBERTO POR CAMADA ASFALTICA,ENCONTRADO INUNDADO TENDO QUE SER ESGOTADO ANTES QUE SE POSSA FAZER A LEITURA"},"LEVANTAMENTO CADASTRAL DAS PROFUNDIDADES DOS TUBOS E GALERIA","S QUE CONCORREM EM UM POCO DE VISITA,PROFUNDIDADES ESTAS MED","IDAS A REGUA E REFERENCIADAS A COTA DA TAMPA DO POCO-POCO EM"," MEIO A UMA VIA PUBLICA COM TRAFEGO,COBERTO POR CAMADA ASFAL","TICA,ENCONTRADO INUNDADO TENDO QUE SER ESGOTADO ANTES QUE SE"," POSSA FAZER A LEITURA","UN",174.58]
["01.019.0075-A",{"$f":"C932&D932&E932&F932&G932&H932","v":"LEVANTAMENTO CADASTRAL DAS PROFUNDIDADES DOS TUBOS E GALERIAS QUE CONCORREM EM UM POCO DE VISITA,PROFUNDIDADES ESTAS MEDIDAS A REGUA E REFERENCIADAS A COTA DA TAMPA DO POCO-POCO EM MEIO A UMA VIA PUBLICA COM TRAFEGO,COBERTO POR CAMADA ASFALTICA,ENCONTRADO INUNDADO TENDO QUE SER ESGOTADO ANTES QUE SE POSSA FAZER A LEITURA"},"LEVANTAMENTO CADASTRAL DAS PROFUNDIDADES DOS TUBOS E GALERIA","S QUE CONCORREM EM UM POCO DE VISITA,PROFUNDIDADES ESTAS MED","IDAS A REGUA E REFERENCIADAS A COTA DA TAMPA DO POCO-POCO EM"," MEIO A UMA VIA PUBLICA COM TRAFEGO,COBERTO POR CAMADA ASFAL","TICA,ENCONTRADO INUNDADO TENDO QUE SER ESGOTADO ANTES QUE SE"," POSSA FAZER A LEITURA","UN",164.99]
["01.019.0080-0",{"$f":"C933&D933&E933&F933&G933&H933","v":"LEVANTAMENTO CADASTRAL DAS PROFUNDIDADES DOS TUBOS E GALERIAS QUE CONCORREM EM UM POCO DE VISITA,PROFUNDIDADES ESTAS,MEDIDAS A REGUA E REFERENCIADAS A COTA DA TAMPA DO POCO-POCO EM MEIO A UMA VIA PUBLICA COM TRAFEGO,COBERTO POR CAMADA ASFALTICA,ENCONTRADO ASSOREADO TENDO QUE SER LIMPO ANTES QUE SE POSSA FAZER A LEITURA"},"LEVANTAMENTO CADASTRAL DAS PROFUNDIDADES DOS TUBOS E GALERIA","S QUE CONCORREM EM UM POCO DE VISITA,PROFUNDIDADES ESTAS,MED","IDAS A REGUA E REFERENCIADAS A COTA DA TAMPA DO POCO-POCO EM"," MEIO A UMA VIA PUBLICA COM TRAFEGO,COBERTO POR CAMADA ASFAL","TICA,ENCONTRADO ASSOREADO TENDO QUE SER LIMPO ANTES QUE SE P","OSSA FAZER A LEITURA","UN",172.69]
["01.019.0080-A",{"$f":"C934&D934&E934&F934&G934&H934","v":"LEVANTAMENTO CADASTRAL DAS PROFUNDIDADES DOS TUBOS E GALERIAS QUE CONCORREM EM UM POCO DE VISITA,PROFUNDIDADES ESTAS,MEDIDAS A REGUA E REFERENCIADAS A COTA DA TAMPA DO POCO-POCO EM MEIO A UMA VIA PUBLICA COM TRAFEGO,COBERTO POR CAMADA ASFALTICA,ENCONTRADO ASSOREADO TENDO QUE SER LIMPO ANTES QUE SE POSSA FAZER A LEITURA"},"LEVANTAMENTO CADASTRAL DAS PROFUNDIDADES DOS TUBOS E GALERIA","S QUE CONCORREM EM UM POCO DE VISITA,PROFUNDIDADES ESTAS,MED","IDAS A REGUA E REFERENCIADAS A COTA DA TAMPA DO POCO-POCO EM"," MEIO A UMA VIA PUBLICA COM TRAFEGO,COBERTO POR CAMADA ASFAL","TICA,ENCONTRADO ASSOREADO TENDO QUE SER LIMPO ANTES QUE SE P","OSSA FAZER A LEITURA","UN",163.1]
["01.020.0010-0",{"$f":"C935&D935&E935&F935&G935&H935","v":"LEVANTAMENTO CLIMATOLOGICO COM ANALISE DE TEMPERATURAS MAXIMA E MINIMA DOS ULTIMOS 10 ANOS,PARA 4 PONTOS,VISANDO A DEFINICAO DO GRAU DE PERFORMANCE (PCG)"},"LEVANTAMENTO CLIMATOLOGICO COM ANALISE DE TEMPERATURAS MAXIM","A E MINIMA DOS ULTIMOS 10 ANOS,PARA 4 PONTOS,VISANDO A DEFIN","ICAO DO GRAU DE PERFORMANCE (PCG)",null,null,null,"UN",6270]
["01.020.0010-A",{"$f":"C936&D936&E936&F936&G936&H936","v":"LEVANTAMENTO CLIMATOLOGICO COM ANALISE DE TEMPERATURAS MAXIMA E MINIMA DOS ULTIMOS 10 ANOS,PARA 4 PONTOS,VISANDO A DEFINICAO DO GRAU DE PERFORMANCE (PCG)"},"LEVANTAMENTO CLIMATOLOGICO COM ANALISE DE TEMPERATURAS MAXIM","A E MINIMA DOS ULTIMOS 10 ANOS,PARA 4 PONTOS,VISANDO A DEFIN","ICAO DO GRAU DE PERFORMANCE (PCG)",null,null,null,"UN",6270]
["01.050.0010-0",{"$f":"C937&D937&E937&F937&G937&H937","v":"PROJETO BASICO DE ARQUITETURA PARA PREDIOS HOSPITALARES ATE1.000M2,APRESENTADO EM AUTOCAD NOS PADROES DA CONTRATANTE,INCLUSIVE AS LEGALIZACOES PERTINENTES,COORDENACAO E COMPATIBILIZACAO COM OS PROJETOS COMPLEMENTARES"},"PROJETO BASICO DE ARQUITETURA PARA PREDIOS HOSPITALARES ATE","1.000M2,APRESENTADO EM AUTOCAD NOS PADROES DA CONTRATANTE,IN","CLUSIVE AS LEGALIZACOES PERTINENTES,COORDENACAO E COMPATIBIL","IZACAO COM OS PROJETOS COMPLEMENTARES",null,null,"M2",63.62]
["01.050.0010-A",{"$f":"C938&D938&E938&F938&G938&H938","v":"PROJETO BASICO DE ARQUITETURA PARA PREDIOS HOSPITALARES ATE1.000M2,APRESENTADO EM AUTOCAD NOS PADROES DA CONTRATANTE,INCLUSIVE AS LEGALIZACOES PERTINENTES,COORDENACAO E COMPATIBILIZACAO COM OS PROJETOS COMPLEMENTARES"},"PROJETO BASICO DE ARQUITETURA PARA PREDIOS HOSPITALARES ATE","1.000M2,APRESENTADO EM AUTOCAD NOS PADROES DA CONTRATANTE,IN","CLUSIVE AS LEGALIZACOES PERTINENTES,COORDENACAO E COMPATIBIL","IZACAO COM OS PROJETOS COMPLEMENTARES",null,null,"M2",55.12]
["01.050.0011-0",{"$f":"C939&D939&E939&F939&G939&H939","v":"PROJETO BASICO DE ARQUITETURA PARA PREDIOS HOSPITALARES DE 1.001 ATE 4.000M2,APRESENTADO EM AUTOCAD NOS PADROES DA CONTRATANTE,INCLUSIVE AS LEGALIZACOES PERTINENTES,COORDENACAO E COMPATIBILIZACAO COM OS PROJETOS COMPLEMENTARES"},"PROJETO BASICO DE ARQUITETURA PARA PREDIOS HOSPITALARES DE 1",".001 ATE 4.000M2,APRESENTADO EM AUTOCAD NOS PADROES DA CONTR","ATANTE,INCLUSIVE AS LEGALIZACOES PERTINENTES,COORDENACAO E C","OMPATIBILIZACAO COM OS PROJETOS COMPLEMENTARES",null,null,"M2",58.11]
["01.050.0011-A",{"$f":"C940&D940&E940&F940&G940&H940","v":"PROJETO BASICO DE ARQUITETURA PARA PREDIOS HOSPITALARES DE 1.001 ATE 4.000M2,APRESENTADO EM AUTOCAD NOS PADROES DA CONTRATANTE,INCLUSIVE AS LEGALIZACOES PERTINENTES,COORDENACAO E COMPATIBILIZACAO COM OS PROJETOS COMPLEMENTARES"},"PROJETO BASICO DE ARQUITETURA PARA PREDIOS HOSPITALARES DE 1",".001 ATE 4.000M2,APRESENTADO EM AUTOCAD NOS PADROES DA CONTR","ATANTE,INCLUSIVE AS LEGALIZACOES PERTINENTES,COORDENACAO E C","OMPATIBILIZACAO COM OS PROJETOS COMPLEMENTARES",null,null,"M2",50.34]
["01.050.0012-0",{"$f":"C941&D941&E941&F941&G941&H941","v":"PROJETO BASICO DE ARQUITETURA PARA PREDIOS HOSPITALARES ACIMA DE 4.000M2,APRESENTADO EM AUTOCAD NOS PADROES DA CONTRATANTE,INCLUSIVE AS LEGALIZACOES PERTINENTES,COORDENACAO E COMPATIBILIZACAO COM OS PROJETOS COMPLEMENTARES"},"PROJETO BASICO DE ARQUITETURA PARA PREDIOS HOSPITALARES ACIM","A DE 4.000M2,APRESENTADO EM AUTOCAD NOS PADROES DA CONTRATAN","TE,INCLUSIVE AS LEGALIZACOES PERTINENTES,COORDENACAO E COMPA","TIBILIZACAO COM OS PROJETOS COMPLEMENTARES",null,null,"M2",54.81]
["01.050.0012-A",{"$f":"C942&D942&E942&F942&G942&H942","v":"PROJETO BASICO DE ARQUITETURA PARA PREDIOS HOSPITALARES ACIMA DE 4.000M2,APRESENTADO EM AUTOCAD NOS PADROES DA CONTRATANTE,INCLUSIVE AS LEGALIZACOES PERTINENTES,COORDENACAO E COMPATIBILIZACAO COM OS PROJETOS COMPLEMENTARES"},"PROJETO BASICO DE ARQUITETURA PARA PREDIOS HOSPITALARES ACIM","A DE 4.000M2,APRESENTADO EM AUTOCAD NOS PADROES DA CONTRATAN","TE,INCLUSIVE AS LEGALIZACOES PERTINENTES,COORDENACAO E COMPA","TIBILIZACAO COM OS PROJETOS COMPLEMENTARES",null,null,"M2",47.49]
["01.050.0013-0",{"$f":"C943&D943&E943&F943&G943&H943","v":"PROJETO EXECUTIVO ESTRUTURAL PARA PREDIOS HOSPITALARES ATE 1000M2,INCLUSIVE PROJETO BASICO,APRESENTADO EM AUTOCAD NOS PADROES DA CONTRATANTE,CONSTANDO DE PLANTAS DE FORMA,ARMACAO E DETALHES,DE ACORDO COM A ABNT"},"PROJETO EXECUTIVO ESTRUTURAL PARA PREDIOS HOSPITALARES ATE 1","000M2,INCLUSIVE PROJETO BASICO,APRESENTADO EM AUTOCAD NOS PA","DROES DA CONTRATANTE,CONSTANDO DE PLANTAS DE FORMA,ARMACAO E"," DETALHES,DE ACORDO COM A ABNT",null,null,"M2",69.35]
["01.050.0013-A",{"$f":"C944&D944&E944&F944&G944&H944","v":"PROJETO EXECUTIVO ESTRUTURAL PARA PREDIOS HOSPITALARES ATE 1000M2,INCLUSIVE PROJETO BASICO,APRESENTADO EM AUTOCAD NOS PADROES DA CONTRATANTE,CONSTANDO DE PLANTAS DE FORMA,ARMACAO E DETALHES,DE ACORDO COM A ABNT"},"PROJETO EXECUTIVO ESTRUTURAL PARA PREDIOS HOSPITALARES ATE 1","000M2,INCLUSIVE PROJETO BASICO,APRESENTADO EM AUTOCAD NOS PA","DROES DA CONTRATANTE,CONSTANDO DE PLANTAS DE FORMA,ARMACAO E"," DETALHES,DE ACORDO COM A ABNT",null,null,"M2",60.09]
["01.050.0014-0",{"$f":"C945&D945&E945&F945&G945&H945","v":"PROJETO EXECUTIVO ESTRUTURAL PARA PREDIOS HOSPITALARES DE 1001 ATE 4000M2,INCLUSIVE PROJETO BASICO,APRESENTADO EM AUTOCAD NOS PADROES DA CONTRATANTE,CONSTANDO DE PLANTAS DE FORMA,ARMACAO E DETALHES,DE ACORDO COM A ABNT"},"PROJETO EXECUTIVO ESTRUTURAL PARA PREDIOS HOSPITALARES DE 10","01 ATE 4000M2,INCLUSIVE PROJETO BASICO,APRESENTADO EM AUTOCA","D NOS PADROES DA CONTRATANTE,CONSTANDO DE PLANTAS DE FORMA,A","RMACAO E DETALHES,DE ACORDO COM A ABNT",null,null,"M2",60.89]
["01.050.0014-A",{"$f":"C946&D946&E946&F946&G946&H946","v":"PROJETO EXECUTIVO ESTRUTURAL PARA PREDIOS HOSPITALARES DE 1001 ATE 4000M2,INCLUSIVE PROJETO BASICO,APRESENTADO EM AUTOCAD NOS PADROES DA CONTRATANTE,CONSTANDO DE PLANTAS DE FORMA,ARMACAO E DETALHES,DE ACORDO COM A ABNT"},"PROJETO EXECUTIVO ESTRUTURAL PARA PREDIOS HOSPITALARES DE 10","01 ATE 4000M2,INCLUSIVE PROJETO BASICO,APRESENTADO EM AUTOCA","D NOS PADROES DA CONTRATANTE,CONSTANDO DE PLANTAS DE FORMA,A","RMACAO E DETALHES,DE ACORDO COM A ABNT",null,null,"M2",52.76]
["01.050.0015-0",{"$f":"C947&D947&E947&F947&G947&H947","v":"PROJETO EXECUTIVO ESTRUTURAL PARA PREDIOS HOSPITALARES ACIMA DE 4000M2,INCLUSIVE PROJETO BASICO,APRESENTADO EM AUTOCAD NOS PADROES DA CONTRATANTE,CONSTANDO DE PLANTAS DE FORMA,ARMACAO E DETALHES,DE ACORDO COM A ABNT"},"PROJETO EXECUTIVO ESTRUTURAL PARA PREDIOS HOSPITALARES ACIMA"," DE 4000M2,INCLUSIVE PROJETO BASICO,APRESENTADO EM AUTOCAD N","OS PADROES DA CONTRATANTE,CONSTANDO DE PLANTAS DE FORMA,ARMA","CAO E DETALHES,DE ACORDO COM A ABNT",null,null,"M2",52.39]
["01.050.0015-A",{"$f":"C948&D948&E948&F948&G948&H948","v":"PROJETO EXECUTIVO ESTRUTURAL PARA PREDIOS HOSPITALARES ACIMA DE 4000M2,INCLUSIVE PROJETO BASICO,APRESENTADO EM AUTOCAD NOS PADROES DA CONTRATANTE,CONSTANDO DE PLANTAS DE FORMA,ARMACAO E DETALHES,DE ACORDO COM A ABNT"},"PROJETO EXECUTIVO ESTRUTURAL PARA PREDIOS HOSPITALARES ACIMA"," DE 4000M2,INCLUSIVE PROJETO BASICO,APRESENTADO EM AUTOCAD N","OS PADROES DA CONTRATANTE,CONSTANDO DE PLANTAS DE FORMA,ARMA","CAO E DETALHES,DE ACORDO COM A ABNT",null,null,"M2",45.39]
["01.050.0016-0",{"$f":"C949&D949&E949&F949&G949&H949","v":"PROJETO EXECUTIVO DE ARQUITETURA PARA PREDIOS HOSPITALARES ATE 1000M2,INCLUSIVE PROJETO BASICO,APRESENTADO EM AUTOCAD NOS PADROES DA CONTRATANTE,INCLUSIVE AS LEGALIZACOES PERTINENTES,COORDENACAO E COMPATIBILIZACAO COM OS PROJETOS COMPLEMENTARES"},"PROJETO EXECUTIVO DE ARQUITETURA PARA PREDIOS HOSPITALARES A","TE 1000M2,INCLUSIVE PROJETO BASICO,APRESENTADO EM AUTOCAD NO","S PADROES DA CONTRATANTE,INCLUSIVE AS LEGALIZACOES PERTINENT","ES,COORDENACAO E COMPATIBILIZACAO COM OS PROJETOS COMPLEMENT","ARES",null,"M2",159.09]
["01.050.0016-A",{"$f":"C950&D950&E950&F950&G950&H950","v":"PROJETO EXECUTIVO DE ARQUITETURA PARA PREDIOS HOSPITALARES ATE 1000M2,INCLUSIVE PROJETO BASICO,APRESENTADO EM AUTOCAD NOS PADROES DA CONTRATANTE,INCLUSIVE AS LEGALIZACOES PERTINENTES,COORDENACAO E COMPATIBILIZACAO COM OS PROJETOS COMPLEMENTARES"},"PROJETO EXECUTIVO DE ARQUITETURA PARA PREDIOS HOSPITALARES A","TE 1000M2,INCLUSIVE PROJETO BASICO,APRESENTADO EM AUTOCAD NO","S PADROES DA CONTRATANTE,INCLUSIVE AS LEGALIZACOES PERTINENT","ES,COORDENACAO E COMPATIBILIZACAO COM OS PROJETOS COMPLEMENT","ARES",null,"M2",137.83]
["01.050.0017-0",{"$f":"C951&D951&E951&F951&G951&H951","v":"PROJETO EXECUTIVO DE ARQUITETURA PARA PREDIOS HOSPITALARES DE 1001 ATE 4000M2,INCLUSIVE PROJETO BASICO,APRESENTADO EM AUTOCAD NOS PADROES DA CONTRATANTE,INCLUSIVE AS LEGALIZACOESPERTINENTES,COORDENACAO E COMPATIBILIZACAO COM OS PROJETOS COMPLEMENTARES"},"PROJETO EXECUTIVO DE ARQUITETURA PARA PREDIOS HOSPITALARES D","E 1001 ATE 4000M2,INCLUSIVE PROJETO BASICO,APRESENTADO EM AU","TOCAD NOS PADROES DA CONTRATANTE,INCLUSIVE AS LEGALIZACOES","PERTINENTES,COORDENACAO E COMPATIBILIZACAO COM OS PROJETOS C","OMPLEMENTARES",null,"M2",145.34]
["01.050.0017-A",{"$f":"C952&D952&E952&F952&G952&H952","v":"PROJETO EXECUTIVO DE ARQUITETURA PARA PREDIOS HOSPITALARES DE 1001 ATE 4000M2,INCLUSIVE PROJETO BASICO,APRESENTADO EM AUTOCAD NOS PADROES DA CONTRATANTE,INCLUSIVE AS LEGALIZACOESPERTINENTES,COORDENACAO E COMPATIBILIZACAO COM OS PROJETOS COMPLEMENTARES"},"PROJETO EXECUTIVO DE ARQUITETURA PARA PREDIOS HOSPITALARES D","E 1001 ATE 4000M2,INCLUSIVE PROJETO BASICO,APRESENTADO EM AU","TOCAD NOS PADROES DA CONTRATANTE,INCLUSIVE AS LEGALIZACOES","PERTINENTES,COORDENACAO E COMPATIBILIZACAO COM OS PROJETOS C","OMPLEMENTARES",null,"M2",125.92]
["01.050.0018-0",{"$f":"C953&D953&E953&F953&G953&H953","v":"PROJETO EXECUTIVO DE ARQUITETURA PARA PREDIOS HOSPITALARES ACIMA DE 4.000M2,INCLUSIVE PROJETO BASICO,APRESENTADO EM AUTOCAD NO PADROES DA CONTRATANTE,INCLUSIVE AS LEGALIZACOES PERTINENTES,COORDENACAO E COMPATIBILIZACAO COM OS PROJETOS COMPLEMENTARES"},"PROJETO EXECUTIVO DE ARQUITETURA PARA PREDIOS HOSPITALARES A","CIMA DE 4.000M2,INCLUSIVE PROJETO BASICO,APRESENTADO EM AUTO","CAD NO PADROES DA CONTRATANTE,INCLUSIVE AS LEGALIZACOES PERT","INENTES,COORDENACAO E COMPATIBILIZACAO COM OS PROJETOS COMPL","EMENTARES",null,"M2",137.06]
["01.050.0018-A",{"$f":"C954&D954&E954&F954&G954&H954","v":"PROJETO EXECUTIVO DE ARQUITETURA PARA PREDIOS HOSPITALARES ACIMA DE 4.000M2,INCLUSIVE PROJETO BASICO,APRESENTADO EM AUTOCAD NO PADROES DA CONTRATANTE,INCLUSIVE AS LEGALIZACOES PERTINENTES,COORDENACAO E COMPATIBILIZACAO COM OS PROJETOS COMPLEMENTARES"},"PROJETO EXECUTIVO DE ARQUITETURA PARA PREDIOS HOSPITALARES A","CIMA DE 4.000M2,INCLUSIVE PROJETO BASICO,APRESENTADO EM AUTO","CAD NO PADROES DA CONTRATANTE,INCLUSIVE AS LEGALIZACOES PERT","INENTES,COORDENACAO E COMPATIBILIZACAO COM OS PROJETOS COMPL","EMENTARES",null,"M2",118.75]
["01.050.0019-0",{"$f":"C955&D955&E955&F955&G955&H955","v":"PROJETO BASICO DE ARQUITETURA PARA PREDIOS CULTURAIS ATE 500M2,APRESENTADO EM AUTOCAD NOS PADROES DA CONTRATANTE,INCLUSIVE AS LEGALIZACOES PERTINENTES,COORDENACAO E COMPATIBILIZACAO COM OS PROJETOS COMPLEMENTARES"},"PROJETO BASICO DE ARQUITETURA PARA PREDIOS CULTURAIS ATE 500","M2,APRESENTADO EM AUTOCAD NOS PADROES DA CONTRATANTE,INCLUSI","VE AS LEGALIZACOES PERTINENTES,COORDENACAO E COMPATIBILIZACA","O COM OS PROJETOS COMPLEMENTARES",null,null,"M2",50.12]
["01.050.0019-A",{"$f":"C956&D956&E956&F956&G956&H956","v":"PROJETO BASICO DE ARQUITETURA PARA PREDIOS CULTURAIS ATE 500M2,APRESENTADO EM AUTOCAD NOS PADROES DA CONTRATANTE,INCLUSIVE AS LEGALIZACOES PERTINENTES,COORDENACAO E COMPATIBILIZACAO COM OS PROJETOS COMPLEMENTARES"},"PROJETO BASICO DE ARQUITETURA PARA PREDIOS CULTURAIS ATE 500","M2,APRESENTADO EM AUTOCAD NOS PADROES DA CONTRATANTE,INCLUSI","VE AS LEGALIZACOES PERTINENTES,COORDENACAO E COMPATIBILIZACA","O COM OS PROJETOS COMPLEMENTARES",null,null,"M2",43.42]
["01.050.0020-0",{"$f":"C957&D957&E957&F957&G957&H957","v":"PROJETO BASICO DE ARQUITETURA PARA PREDIOS CULTURAIS DE 501ATE 3.000M2,APRESENTADO EM AUTOCAD NOS PADROES DA CONTRATANTE,INCLUSIVE AS LEGALIZACOES PERTINENTES,COORDENACAO E COMPATIBILIZACAO COM OS PROJETOS COMPLEMENTARES"},"PROJETO BASICO DE ARQUITETURA PARA PREDIOS CULTURAIS DE 501","ATE 3.000M2,APRESENTADO EM AUTOCAD NOS PADROES DA CONTRATANT","E,INCLUSIVE AS LEGALIZACOES PERTINENTES,COORDENACAO E COMPAT","IBILIZACAO COM OS PROJETOS COMPLEMENTARES",null,null,"M2",44.59]
["01.050.0020-A",{"$f":"C958&D958&E958&F958&G958&H958","v":"PROJETO BASICO DE ARQUITETURA PARA PREDIOS CULTURAIS DE 501ATE 3.000M2,APRESENTADO EM AUTOCAD NOS PADROES DA CONTRATANTE,INCLUSIVE AS LEGALIZACOES PERTINENTES,COORDENACAO E COMPATIBILIZACAO COM OS PROJETOS COMPLEMENTARES"},"PROJETO BASICO DE ARQUITETURA PARA PREDIOS CULTURAIS DE 501","ATE 3.000M2,APRESENTADO EM AUTOCAD NOS PADROES DA CONTRATANT","E,INCLUSIVE AS LEGALIZACOES PERTINENTES,COORDENACAO E COMPAT","IBILIZACAO COM OS PROJETOS COMPLEMENTARES",null,null,"M2",38.63]
["01.050.0021-0",{"$f":"C959&D959&E959&F959&G959&H959","v":"PROJETO BASICO DE ARQUITETURA PARA PREDIOS CULTURAIS ACIMA DE 3.000M2,APRESENTADO EM AUTOCAD NOS PADROES DA CONTRATANTE,INCLUSIVE AS LEGALIZACOES PERTINENTES,COORDENACAO E COMPATIBILIZACAO COM OS PROJETOS COMPLEMENTARES"},"PROJETO BASICO DE ARQUITETURA PARA PREDIOS CULTURAIS ACIMA D","E 3.000M2,APRESENTADO EM AUTOCAD NOS PADROES DA CONTRATANTE,","INCLUSIVE AS LEGALIZACOES PERTINENTES,COORDENACAO E COMPATIB","ILIZACAO COM OS PROJETOS COMPLEMENTARES",null,null,"M2",35.29]
["01.050.0021-A",{"$f":"C960&D960&E960&F960&G960&H960","v":"PROJETO BASICO DE ARQUITETURA PARA PREDIOS CULTURAIS ACIMA DE 3.000M2,APRESENTADO EM AUTOCAD NOS PADROES DA CONTRATANTE,INCLUSIVE AS LEGALIZACOES PERTINENTES,COORDENACAO E COMPATIBILIZACAO COM OS PROJETOS COMPLEMENTARES"},"PROJETO BASICO DE ARQUITETURA PARA PREDIOS CULTURAIS ACIMA D","E 3.000M2,APRESENTADO EM AUTOCAD NOS PADROES DA CONTRATANTE,","INCLUSIVE AS LEGALIZACOES PERTINENTES,COORDENACAO E COMPATIB","ILIZACAO COM OS PROJETOS COMPLEMENTARES",null,null,"M2",30.58]
["01.050.0022-0",{"$f":"C961&D961&E961&F961&G961&H961","v":"PROJETO EXECUTIVO DE ARQUITETURA PARA PREDIOS CULTURAIS ATE500M2,INCLUSIVE PROJETO BASICO,APRESENTADO EM AUTOCAD NOS PADROES DA CONTRATANTE,INCLUSIVE AS LEGALIZACOES PERTINENTES,COORDENACAO E COMPATIBILIZACAO COM OS PROJETOS COMPLEMENTARES"},"PROJETO EXECUTIVO DE ARQUITETURA PARA PREDIOS CULTURAIS ATE","500M2,INCLUSIVE PROJETO BASICO,APRESENTADO EM AUTOCAD NOS PA","DROES DA CONTRATANTE,INCLUSIVE AS LEGALIZACOES PERTINENTES,C","OORDENACAO E COMPATIBILIZACAO COM OS PROJETOS COMPLEMENTARES",null,null,"M2",125.35]
["01.050.0022-A",{"$f":"C962&D962&E962&F962&G962&H962","v":"PROJETO EXECUTIVO DE ARQUITETURA PARA PREDIOS CULTURAIS ATE500M2,INCLUSIVE PROJETO BASICO,APRESENTADO EM AUTOCAD NOS PADROES DA CONTRATANTE,INCLUSIVE AS LEGALIZACOES PERTINENTES,COORDENACAO E COMPATIBILIZACAO COM OS PROJETOS COMPLEMENTARES"},"PROJETO EXECUTIVO DE ARQUITETURA PARA PREDIOS CULTURAIS ATE","500M2,INCLUSIVE PROJETO BASICO,APRESENTADO EM AUTOCAD NOS PA","DROES DA CONTRATANTE,INCLUSIVE AS LEGALIZACOES PERTINENTES,C","OORDENACAO E COMPATIBILIZACAO COM OS PROJETOS COMPLEMENTARES",null,null,"M2",108.6]
["01.050.0023-0",{"$f":"C963&D963&E963&F963&G963&H963","v":"PROJETO EXECUTIVO DE ARQUITETURA PARA PREDIOS CULTURAIS DE 501 ATE 3.000M2,INCLUSIVE PROJETO BASICO,APRESENTADO EM AUTOCAD NOS PADROES DA CONTRATANTE,INCLUSIVE AS LEGALIZACOES PERTINENTES,COORDENACAO E COMPATIBILIZACAO COM OS PROJETOS COMPLEMENTARES"},"PROJETO EXECUTIVO DE ARQUITETURA PARA PREDIOS CULTURAIS DE 5","01 ATE 3.000M2,INCLUSIVE PROJETO BASICO,APRESENTADO EM AUTOC","AD NOS PADROES DA CONTRATANTE,INCLUSIVE AS LEGALIZACOES PERT","INENTES,COORDENACAO E COMPATIBILIZACAO COM OS PROJETOS COMPL","EMENTARES",null,"M2",111.51]
["01.050.0023-A",{"$f":"C964&D964&E964&F964&G964&H964","v":"PROJETO EXECUTIVO DE ARQUITETURA PARA PREDIOS CULTURAIS DE 501 ATE 3.000M2,INCLUSIVE PROJETO BASICO,APRESENTADO EM AUTOCAD NOS PADROES DA CONTRATANTE,INCLUSIVE AS LEGALIZACOES PERTINENTES,COORDENACAO E COMPATIBILIZACAO COM OS PROJETOS COMPLEMENTARES"},"PROJETO EXECUTIVO DE ARQUITETURA PARA PREDIOS CULTURAIS DE 5","01 ATE 3.000M2,INCLUSIVE PROJETO BASICO,APRESENTADO EM AUTOC","AD NOS PADROES DA CONTRATANTE,INCLUSIVE AS LEGALIZACOES PERT","INENTES,COORDENACAO E COMPATIBILIZACAO COM OS PROJETOS COMPL","EMENTARES",null,"M2",96.61]
["01.050.0024-0",{"$f":"C965&D965&E965&F965&G965&H965","v":"PROJETO EXECUTIVO DE ARQUITETURA PARA PREDIOS CULTURAIS ACIMA DE 3.000M2,INCLUSIVE PROJETO BASICO,APRESENTADO EM AUTOCAD NOS PADROES DA CONTRATANTE,INCLUSIVE AS LEGALIZACOES PERTINENTES,COORDENACAO E COMPATIBILIZACAO COM OS PROJETOS COMPLEMENTARES"},"PROJETO EXECUTIVO DE ARQUITETURA PARA PREDIOS CULTURAIS ACIM","A DE 3.000M2,INCLUSIVE PROJETO BASICO,APRESENTADO EM AUTOCAD"," NOS PADROES DA CONTRATANTE,INCLUSIVE AS LEGALIZACOES PERTIN","ENTES,COORDENACAO E COMPATIBILIZACAO COM OS PROJETOS COMPLEM","ENTARES",null,"M2",88.31]
["01.050.0024-A",{"$f":"C966&D966&E966&F966&G966&H966","v":"PROJETO EXECUTIVO DE ARQUITETURA PARA PREDIOS CULTURAIS ACIMA DE 3.000M2,INCLUSIVE PROJETO BASICO,APRESENTADO EM AUTOCAD NOS PADROES DA CONTRATANTE,INCLUSIVE AS LEGALIZACOES PERTINENTES,COORDENACAO E COMPATIBILIZACAO COM OS PROJETOS COMPLEMENTARES"},"PROJETO EXECUTIVO DE ARQUITETURA PARA PREDIOS CULTURAIS ACIM","A DE 3.000M2,INCLUSIVE PROJETO BASICO,APRESENTADO EM AUTOCAD"," NOS PADROES DA CONTRATANTE,INCLUSIVE AS LEGALIZACOES PERTIN","ENTES,COORDENACAO E COMPATIBILIZACAO COM OS PROJETOS COMPLEM","ENTARES",null,"M2",76.51]
["01.050.0025-0",{"$f":"C967&D967&E967&F967&G967&H967","v":"PROJETO EXECUTIVO ESTRUTURAL PARA PREDIOS CULTURAIS ATE 500M2,INCLUSIVE PROJETO BASICO,APRESENTADO EM AUTOCAD NOS PADROES DA CONTRATANTE,CONSTANDO DE PLANTAS DE FORMA,ARMACAO E DETALHES,DE ACORDO COM A ABNT"},"PROJETO EXECUTIVO ESTRUTURAL PARA PREDIOS CULTURAIS ATE 500M","2,INCLUSIVE PROJETO BASICO,APRESENTADO EM AUTOCAD NOS PADROE","S DA CONTRATANTE,CONSTANDO DE PLANTAS DE FORMA,ARMACAO E DET","ALHES,DE ACORDO COM A ABNT",null,null,"M2",69.38]
["01.050.0025-A",{"$f":"C968&D968&E968&F968&G968&H968","v":"PROJETO EXECUTIVO ESTRUTURAL PARA PREDIOS CULTURAIS ATE 500M2,INCLUSIVE PROJETO BASICO,APRESENTADO EM AUTOCAD NOS PADROES DA CONTRATANTE,CONSTANDO DE PLANTAS DE FORMA,ARMACAO E DETALHES,DE ACORDO COM A ABNT"},"PROJETO EXECUTIVO ESTRUTURAL PARA PREDIOS CULTURAIS ATE 500M","2,INCLUSIVE PROJETO BASICO,APRESENTADO EM AUTOCAD NOS PADROE","S DA CONTRATANTE,CONSTANDO DE PLANTAS DE FORMA,ARMACAO E DET","ALHES,DE ACORDO COM A ABNT",null,null,"M2",60.11]
["01.050.0026-0",{"$f":"C969&D969&E969&F969&G969&H969","v":"PROJETO EXECUTIVO ESTRUTURAL PARA PREDIOS CULTURAIS DE 501 ATE 3000M2,INCLUSIVE PROJETO BASICO,APRESENTADO EM AUTOCAD NOS PADROES DA CONTRATANTE,CONSTANDO DE PLANTAS DE FORMA,ARMACAO E DETALHES,DE ACORDO COM A ABNT"},"PROJETO EXECUTIVO ESTRUTURAL PARA PREDIOS CULTURAIS DE 501 A","TE 3000M2,INCLUSIVE PROJETO BASICO,APRESENTADO EM AUTOCAD NO","S PADROES DA CONTRATANTE,CONSTANDO DE PLANTAS DE FORMA,ARMAC","AO E DETALHES,DE ACORDO COM A ABNT",null,null,"M2",60.92]
["01.050.0026-A",{"$f":"C970&D970&E970&F970&G970&H970","v":"PROJETO EXECUTIVO ESTRUTURAL PARA PREDIOS CULTURAIS DE 501 ATE 3000M2,INCLUSIVE PROJETO BASICO,APRESENTADO EM AUTOCAD NOS PADROES DA CONTRATANTE,CONSTANDO DE PLANTAS DE FORMA,ARMACAO E DETALHES,DE ACORDO COM A ABNT"},"PROJETO EXECUTIVO ESTRUTURAL PARA PREDIOS CULTURAIS DE 501 A","TE 3000M2,INCLUSIVE PROJETO BASICO,APRESENTADO EM AUTOCAD NO","S PADROES DA CONTRATANTE,CONSTANDO DE PLANTAS DE FORMA,ARMAC","AO E DETALHES,DE ACORDO COM A ABNT",null,null,"M2",52.78]
["01.050.0027-0",{"$f":"C971&D971&E971&F971&G971&H971","v":"PROJETO EXECUTIVO ESTRUTURAL PARA PREDIOS CULTURAIS ACIMA DE 3000M2,INCLUSIVE PROJETO BASICO,APRESENTADO EM AUTOCAD NOSPADROES DA CONTRATANTE,CONSTANDO DE PLANTAS DE FORMA,ARMACAO E DETALHES,DE ACORDO COM A ABNT"},"PROJETO EXECUTIVO ESTRUTURAL PARA PREDIOS CULTURAIS ACIMA DE"," 3000M2,INCLUSIVE PROJETO BASICO,APRESENTADO EM AUTOCAD NOS","PADROES DA CONTRATANTE,CONSTANDO DE PLANTAS DE FORMA,ARMACAO"," E DETALHES,DE ACORDO COM A ABNT",null,null,"M2",54.65]
["01.050.0027-A",{"$f":"C972&D972&E972&F972&G972&H972","v":"PROJETO EXECUTIVO ESTRUTURAL PARA PREDIOS CULTURAIS ACIMA DE 3000M2,INCLUSIVE PROJETO BASICO,APRESENTADO EM AUTOCAD NOSPADROES DA CONTRATANTE,CONSTANDO DE PLANTAS DE FORMA,ARMACAO E DETALHES,DE ACORDO COM A ABNT"},"PROJETO EXECUTIVO ESTRUTURAL PARA PREDIOS CULTURAIS ACIMA DE"," 3000M2,INCLUSIVE PROJETO BASICO,APRESENTADO EM AUTOCAD NOS","PADROES DA CONTRATANTE,CONSTANDO DE PLANTAS DE FORMA,ARMACAO"," E DETALHES,DE ACORDO COM A ABNT",null,null,"M2",47.35]
["01.050.0028-0",{"$f":"C973&D973&E973&F973&G973&H973","v":"PROJETO BASICO DE ARQUITETURA PARA PREDIOS ESCOLARES E/OU ADMINISTRATIVOS ATE 500M2,APRESENTADO EM AUTOCAD NOS PADROES DA CONTRATANTE,INCLUSIVE AS LEGALIZACOES PERTINENTES,COORDENACAO E COMPATIBILIZACAO COM OS PROJETOS COMPLEMENTARES"},"PROJETO BASICO DE ARQUITETURA PARA PREDIOS ESCOLARES E/OU AD","MINISTRATIVOS ATE 500M2,APRESENTADO EM AUTOCAD NOS PADROES D","A CONTRATANTE,INCLUSIVE AS LEGALIZACOES PERTINENTES,COORDENA","CAO E COMPATIBILIZACAO COM OS PROJETOS COMPLEMENTARES",null,null,"M2",36.19]
["01.050.0028-A",{"$f":"C974&D974&E974&F974&G974&H974","v":"PROJETO BASICO DE ARQUITETURA PARA PREDIOS ESCOLARES E/OU ADMINISTRATIVOS ATE 500M2,APRESENTADO EM AUTOCAD NOS PADROES DA CONTRATANTE,INCLUSIVE AS LEGALIZACOES PERTINENTES,COORDENACAO E COMPATIBILIZACAO COM OS PROJETOS COMPLEMENTARES"},"PROJETO BASICO DE ARQUITETURA PARA PREDIOS ESCOLARES E/OU AD","MINISTRATIVOS ATE 500M2,APRESENTADO EM AUTOCAD NOS PADROES D","A CONTRATANTE,INCLUSIVE AS LEGALIZACOES PERTINENTES,COORDENA","CAO E COMPATIBILIZACAO COM OS PROJETOS COMPLEMENTARES",null,null,"M2",31.36]
["01.050.0029-0",{"$f":"C975&D975&E975&F975&G975&H975","v":"PROJETO BASICO DE ARQUITETURA PARA PREDIOS ESCOLARES E/OU ADMINISTRATIVOS DE 501 ATE 3.000M2,APRESENTADO EM AUTOCAD NOSPADROES DA CONTRATANTE,INCLUSIVE AS LEGALIZACOES PERTINENTES,COORDENACAO E COMPATIBILIZACAO COM OS PROJETOS COMPLEMENTARES"},"PROJETO BASICO DE ARQUITETURA PARA PREDIOS ESCOLARES E/OU AD","MINISTRATIVOS DE 501 ATE 3.000M2,APRESENTADO EM AUTOCAD NOS","PADROES DA CONTRATANTE,INCLUSIVE AS LEGALIZACOES PERTINENTES",",COORDENACAO E COMPATIBILIZACAO COM OS PROJETOS COMPLEMENTAR","ES",null,"M2",26.27]
["01.050.0029-A",{"$f":"C976&D976&E976&F976&G976&H976","v":"PROJETO BASICO DE ARQUITETURA PARA PREDIOS ESCOLARES E/OU ADMINISTRATIVOS DE 501 ATE 3.000M2,APRESENTADO EM AUTOCAD NOSPADROES DA CONTRATANTE,INCLUSIVE AS LEGALIZACOES PERTINENTES,COORDENACAO E COMPATIBILIZACAO COM OS PROJETOS COMPLEMENTARES"},"PROJETO BASICO DE ARQUITETURA PARA PREDIOS ESCOLARES E/OU AD","MINISTRATIVOS DE 501 ATE 3.000M2,APRESENTADO EM AUTOCAD NOS","PADROES DA CONTRATANTE,INCLUSIVE AS LEGALIZACOES PERTINENTES",",COORDENACAO E COMPATIBILIZACAO COM OS PROJETOS COMPLEMENTAR","ES",null,"M2",22.76]
["01.050.0030-0",{"$f":"C977&D977&E977&F977&G977&H977","v":"PROJETO BASICO DE ARQUITETURA PARA PREDIOS ESCOLARES E/OU ADMINISTRATIVOS ACIMA DE 3.000M2,APRESENTADO EM AUTOCAD NOS PADROES DA CONTRATANTE,INCLUSIVE AS LEGALIZACOES PERTINENTES,COORDENACAO E COMPATIBILIZACAO COM OS PROJETOS COMPLEMENTARES"},"PROJETO BASICO DE ARQUITETURA PARA PREDIOS ESCOLARES E/OU AD","MINISTRATIVOS ACIMA DE 3.000M2,APRESENTADO EM AUTOCAD NOS PA","DROES DA CONTRATANTE,INCLUSIVE AS LEGALIZACOES PERTINENTES,C","OORDENACAO E COMPATIBILIZACAO COM OS PROJETOS COMPLEMENTARES",null,null,"M2",21.1]
["01.050.0030-A",{"$f":"C978&D978&E978&F978&G978&H978","v":"PROJETO BASICO DE ARQUITETURA PARA PREDIOS ESCOLARES E/OU ADMINISTRATIVOS ACIMA DE 3.000M2,APRESENTADO EM AUTOCAD NOS PADROES DA CONTRATANTE,INCLUSIVE AS LEGALIZACOES PERTINENTES,COORDENACAO E COMPATIBILIZACAO COM OS PROJETOS COMPLEMENTARES"},"PROJETO BASICO DE ARQUITETURA PARA PREDIOS ESCOLARES E/OU AD","MINISTRATIVOS ACIMA DE 3.000M2,APRESENTADO EM AUTOCAD NOS PA","DROES DA CONTRATANTE,INCLUSIVE AS LEGALIZACOES PERTINENTES,C","OORDENACAO E COMPATIBILIZACAO COM OS PROJETOS COMPLEMENTARES",null,null,"M2",18.28]
["01.050.0031-0",{"$f":"C979&D979&E979&F979&G979&H979","v":"PROJETO EXECUTIVO DE ARQUITETURA PARA PREDIOS ESCOLARES E/OU ADMINISTRATIVOS ATE 500M2,INCLUSIVE PROJETO BASICO,APRESENTADO EM AUTOCAD NOS PADROES DA CONTRATANTE,INCLUSIVE AS LEGALIZACOES PERTINENTES,COORDENACAO E COMPATIBILIZACAO COM OS PROJETOS COMPLEMENTARES"},"PROJETO EXECUTIVO DE ARQUITETURA PARA PREDIOS ESCOLARES E/OU"," ADMINISTRATIVOS ATE 500M2,INCLUSIVE PROJETO BASICO,APRESENT","ADO EM AUTOCAD NOS PADROES DA CONTRATANTE,INCLUSIVE AS LEGAL","IZACOES PERTINENTES,COORDENACAO E COMPATIBILIZACAO COM OS PR","OJETOS COMPLEMENTARES",null,"M2",90.49]
["01.050.0031-A",{"$f":"C980&D980&E980&F980&G980&H980","v":"PROJETO EXECUTIVO DE ARQUITETURA PARA PREDIOS ESCOLARES E/OU ADMINISTRATIVOS ATE 500M2,INCLUSIVE PROJETO BASICO,APRESENTADO EM AUTOCAD NOS PADROES DA CONTRATANTE,INCLUSIVE AS LEGALIZACOES PERTINENTES,COORDENACAO E COMPATIBILIZACAO COM OS PROJETOS COMPLEMENTARES"},"PROJETO EXECUTIVO DE ARQUITETURA PARA PREDIOS ESCOLARES E/OU"," ADMINISTRATIVOS ATE 500M2,INCLUSIVE PROJETO BASICO,APRESENT","ADO EM AUTOCAD NOS PADROES DA CONTRATANTE,INCLUSIVE AS LEGAL","IZACOES PERTINENTES,COORDENACAO E COMPATIBILIZACAO COM OS PR","OJETOS COMPLEMENTARES",null,"M2",78.4]
["01.050.0032-0",{"$f":"C981&D981&E981&F981&G981&H981","v":"PROJETO EXECUTIVO DE ARQUITETURA PARA PREDIOS ESCOLARES E/OU ADMINISTRATIVOS DE 501 ATE 3.000M2,INCLUSIVE PROJETO BASICO,APRESENTADO EM AUTOCAD NOS PADROES DA CONTRATANTE,INCLUSIVE AS LEGALIZACOES PERTINENTES,COORDENACAO E COMPATIBILIZACAOCOM OS PROJETOS COMPLEMENTARES"},"PROJETO EXECUTIVO DE ARQUITETURA PARA PREDIOS ESCOLARES E/OU"," ADMINISTRATIVOS DE 501 ATE 3.000M2,INCLUSIVE PROJETO BASICO",",APRESENTADO EM AUTOCAD NOS PADROES DA CONTRATANTE,INCLUSIVE"," AS LEGALIZACOES PERTINENTES,COORDENACAO E COMPATIBILIZACAO","COM OS PROJETOS COMPLEMENTARES",null,"M2",65.7]
["01.050.0032-A",{"$f":"C982&D982&E982&F982&G982&H982","v":"PROJETO EXECUTIVO DE ARQUITETURA PARA PREDIOS ESCOLARES E/OU ADMINISTRATIVOS DE 501 ATE 3.000M2,INCLUSIVE PROJETO BASICO,APRESENTADO EM AUTOCAD NOS PADROES DA CONTRATANTE,INCLUSIVE AS LEGALIZACOES PERTINENTES,COORDENACAO E COMPATIBILIZACAOCOM OS PROJETOS COMPLEMENTARES"},"PROJETO EXECUTIVO DE ARQUITETURA PARA PREDIOS ESCOLARES E/OU"," ADMINISTRATIVOS DE 501 ATE 3.000M2,INCLUSIVE PROJETO BASICO",",APRESENTADO EM AUTOCAD NOS PADROES DA CONTRATANTE,INCLUSIVE"," AS LEGALIZACOES PERTINENTES,COORDENACAO E COMPATIBILIZACAO","COM OS PROJETOS COMPLEMENTARES",null,"M2",56.92]
["01.050.0033-0",{"$f":"C983&D983&E983&F983&G983&H983","v":"PROJETO EXECUTIVO DE ARQUITETURA PARA PREDIOS ESCOLARES E/OU ADMINISTRATIVOS ACIMA DE 3.000M2,INCLUSIVE PROJETO BASICO,APRESENTADO EM AUTOCAD NOS PADROES DA CONTRATANTE,INCLUSIVE AS LEGALIZACOES PERTINENTES,COORDENACAO E COMPATIBILIZACAO COM OS PROJETOS COMPLEMENTARES"},"PROJETO EXECUTIVO DE ARQUITETURA PARA PREDIOS ESCOLARES E/OU"," ADMINISTRATIVOS ACIMA DE 3.000M2,INCLUSIVE PROJETO BASICO,A","PRESENTADO EM AUTOCAD NOS PADROES DA CONTRATANTE,INCLUSIVE A","S LEGALIZACOES PERTINENTES,COORDENACAO E COMPATIBILIZACAO CO","M OS PROJETOS COMPLEMENTARES",null,"M2",52.81]
["01.050.0033-A",{"$f":"C984&D984&E984&F984&G984&H984","v":"PROJETO EXECUTIVO DE ARQUITETURA PARA PREDIOS ESCOLARES E/OU ADMINISTRATIVOS ACIMA DE 3.000M2,INCLUSIVE PROJETO BASICO,APRESENTADO EM AUTOCAD NOS PADROES DA CONTRATANTE,INCLUSIVE AS LEGALIZACOES PERTINENTES,COORDENACAO E COMPATIBILIZACAO COM OS PROJETOS COMPLEMENTARES"},"PROJETO EXECUTIVO DE ARQUITETURA PARA PREDIOS ESCOLARES E/OU"," ADMINISTRATIVOS ACIMA DE 3.000M2,INCLUSIVE PROJETO BASICO,A","PRESENTADO EM AUTOCAD NOS PADROES DA CONTRATANTE,INCLUSIVE A","S LEGALIZACOES PERTINENTES,COORDENACAO E COMPATIBILIZACAO CO","M OS PROJETOS COMPLEMENTARES",null,"M2",45.75]
["01.050.0034-0",{"$f":"C985&D985&E985&F985&G985&H985","v":"PROJETO EXECUTIVO ESTRUTURAL PARA PREDIOS ESCOLARES E ADMINISTRATIVOS ATE 500M2,INCLUSIVE PROJETO BASICO,APRESENTADO EMAUTOCAD NOS PADROES DA CONTRATANTE,CONSTANDO DE PLANTAS DE FORMA,ARMACAO E DETALHES, DE ACORDO COM A ABNT"},"PROJETO EXECUTIVO ESTRUTURAL PARA PREDIOS ESCOLARES E ADMINI","STRATIVOS ATE 500M2,INCLUSIVE PROJETO BASICO,APRESENTADO EM","AUTOCAD NOS PADROES DA CONTRATANTE,CONSTANDO DE PLANTAS DE F","ORMA,ARMACAO E DETALHES, DE ACORDO COM A ABNT",null,null,"M2",60.73]
["01.050.0034-A",{"$f":"C986&D986&E986&F986&G986&H986","v":"PROJETO EXECUTIVO ESTRUTURAL PARA PREDIOS ESCOLARES E ADMINISTRATIVOS ATE 500M2,INCLUSIVE PROJETO BASICO,APRESENTADO EMAUTOCAD NOS PADROES DA CONTRATANTE,CONSTANDO DE PLANTAS DE FORMA,ARMACAO E DETALHES, DE ACORDO COM A ABNT"},"PROJETO EXECUTIVO ESTRUTURAL PARA PREDIOS ESCOLARES E ADMINI","STRATIVOS ATE 500M2,INCLUSIVE PROJETO BASICO,APRESENTADO EM","AUTOCAD NOS PADROES DA CONTRATANTE,CONSTANDO DE PLANTAS DE F","ORMA,ARMACAO E DETALHES, DE ACORDO COM A ABNT",null,null,"M2",52.62]
["01.050.0035-0",{"$f":"C987&D987&E987&F987&G987&H987","v":"PROJETO EXECUTIVO ESTRUTURAL PARA PREDIOS ESCOLARES E ADMINISTRATIVOS DE 501 ATE 3.000M2,INCLUSIVE PROJETO BASICO,APRESENTADO EM AUTOCAD NOS PADROES DA CONTRATANTE,CONSTANDO DE PLANTAS DE FORMA,ARMACAO E DETALHES,DE ACORDO COM A ABNT"},"PROJETO EXECUTIVO ESTRUTURAL PARA PREDIOS ESCOLARES E ADMINI","STRATIVOS DE 501 ATE 3.000M2,INCLUSIVE PROJETO BASICO,APRESE","NTADO EM AUTOCAD NOS PADROES DA CONTRATANTE,CONSTANDO DE PLA","NTAS DE FORMA,ARMACAO E DETALHES,DE ACORDO COM A ABNT",null,null,"M2",53.72]
["01.050.0035-A",{"$f":"C988&D988&E988&F988&G988&H988","v":"PROJETO EXECUTIVO ESTRUTURAL PARA PREDIOS ESCOLARES E ADMINISTRATIVOS DE 501 ATE 3.000M2,INCLUSIVE PROJETO BASICO,APRESENTADO EM AUTOCAD NOS PADROES DA CONTRATANTE,CONSTANDO DE PLANTAS DE FORMA,ARMACAO E DETALHES,DE ACORDO COM A ABNT"},"PROJETO EXECUTIVO ESTRUTURAL PARA PREDIOS ESCOLARES E ADMINI","STRATIVOS DE 501 ATE 3.000M2,INCLUSIVE PROJETO BASICO,APRESE","NTADO EM AUTOCAD NOS PADROES DA CONTRATANTE,CONSTANDO DE PLA","NTAS DE FORMA,ARMACAO E DETALHES,DE ACORDO COM A ABNT",null,null,"M2",46.55]
["01.050.0036-0",{"$f":"C989&D989&E989&F989&G989&H989","v":"PROJETO EXECUTIVO ESTRUTURAL PARA PREDIOS ESCOLARES E ADMINISTRATIVOS ACIMA DE 3.000M2,INCLUSIVE PROJETO BASICO,APRESENTADO EM AUTOCAD NOS PADROES DA CONTRATANTE,CONSTANDO DE PLANTAS DE FORMA,ARMACAO E DETALHES,DE ACORDO COM A ABNT"},"PROJETO EXECUTIVO ESTRUTURAL PARA PREDIOS ESCOLARES E ADMINI","STRATIVOS ACIMA DE 3.000M2,INCLUSIVE PROJETO BASICO,APRESENT","ADO EM AUTOCAD NOS PADROES DA CONTRATANTE,CONSTANDO DE PLANT","AS DE FORMA,ARMACAO E DETALHES,DE ACORDO COM A ABNT",null,null,"M2",45.22]
["01.050.0036-A",{"$f":"C990&D990&E990&F990&G990&H990","v":"PROJETO EXECUTIVO ESTRUTURAL PARA PREDIOS ESCOLARES E ADMINISTRATIVOS ACIMA DE 3.000M2,INCLUSIVE PROJETO BASICO,APRESENTADO EM AUTOCAD NOS PADROES DA CONTRATANTE,CONSTANDO DE PLANTAS DE FORMA,ARMACAO E DETALHES,DE ACORDO COM A ABNT"},"PROJETO EXECUTIVO ESTRUTURAL PARA PREDIOS ESCOLARES E ADMINI","STRATIVOS ACIMA DE 3.000M2,INCLUSIVE PROJETO BASICO,APRESENT","ADO EM AUTOCAD NOS PADROES DA CONTRATANTE,CONSTANDO DE PLANT","AS DE FORMA,ARMACAO E DETALHES,DE ACORDO COM A ABNT",null,null,"M2",39.18]
["01.050.0037-0",{"$f":"C991&D991&E991&F991&G991&H991","v":"PROJETO BASICO DE ARQUITETURA PARA LOTEAMENTOS COM 3 UNIDADES UNI OU BIFAMILIARES PARA AREAS ATE 12.000M2,APRESENTADO EM AUTOCAD NOS PADROES DA CONTRATANTE,INCLUSIVE AS LEGALIZACOES PERTINENTES,COORDENACAO E COMPATIBILIZACAO COM OS PROJETOS COMPLEMENTARES"},"PROJETO BASICO DE ARQUITETURA PARA LOTEAMENTOS COM 3 UNIDADE","S UNI OU BIFAMILIARES PARA AREAS ATE 12.000M2,APRESENTADO EM"," AUTOCAD NOS PADROES DA CONTRATANTE,INCLUSIVE AS LEGALIZACOE","S PERTINENTES,COORDENACAO E COMPATIBILIZACAO COM OS PROJETOS"," COMPLEMENTARES",null,"M2",9.98]
["01.050.0037-A",{"$f":"C992&D992&E992&F992&G992&H992","v":"PROJETO BASICO DE ARQUITETURA PARA LOTEAMENTOS COM 3 UNIDADES UNI OU BIFAMILIARES PARA AREAS ATE 12.000M2,APRESENTADO EM AUTOCAD NOS PADROES DA CONTRATANTE,INCLUSIVE AS LEGALIZACOES PERTINENTES,COORDENACAO E COMPATIBILIZACAO COM OS PROJETOS COMPLEMENTARES"},"PROJETO BASICO DE ARQUITETURA PARA LOTEAMENTOS COM 3 UNIDADE","S UNI OU BIFAMILIARES PARA AREAS ATE 12.000M2,APRESENTADO EM"," AUTOCAD NOS PADROES DA CONTRATANTE,INCLUSIVE AS LEGALIZACOE","S PERTINENTES,COORDENACAO E COMPATIBILIZACAO COM OS PROJETOS"," COMPLEMENTARES",null,"M2",8.65]
["01.050.0038-0",{"$f":"C993&D993&E993&F993&G993&H993","v":"PROJETO BASICO DE ARQUITETURA PARA LOTEAMENTOS COM 3 UNIDADES UNI OU BIFAMILIARES PARA AREAS DE 12.001 ATE 36.000M2,APRESENTADO EM AUTOCAD NOS PADROES DA CONTRATANTE,INCLUSIVE AS LEGALIZACOES PERTINENTES,COORDENACAO E COMPATIBILIZACAO COM OS PROJETOS COMPLEMENTARES"},"PROJETO BASICO DE ARQUITETURA PARA LOTEAMENTOS COM 3 UNIDADE","S UNI OU BIFAMILIARES PARA AREAS DE 12.001 ATE 36.000M2,APRE","SENTADO EM AUTOCAD NOS PADROES DA CONTRATANTE,INCLUSIVE AS L","EGALIZACOES PERTINENTES,COORDENACAO E COMPATIBILIZACAO COM O","S PROJETOS COMPLEMENTARES",null,"M2",6.88]
["01.050.0038-A",{"$f":"C994&D994&E994&F994&G994&H994","v":"PROJETO BASICO DE ARQUITETURA PARA LOTEAMENTOS COM 3 UNIDADES UNI OU BIFAMILIARES PARA AREAS DE 12.001 ATE 36.000M2,APRESENTADO EM AUTOCAD NOS PADROES DA CONTRATANTE,INCLUSIVE AS LEGALIZACOES PERTINENTES,COORDENACAO E COMPATIBILIZACAO COM OS PROJETOS COMPLEMENTARES"},"PROJETO BASICO DE ARQUITETURA PARA LOTEAMENTOS COM 3 UNIDADE","S UNI OU BIFAMILIARES PARA AREAS DE 12.001 ATE 36.000M2,APRE","SENTADO EM AUTOCAD NOS PADROES DA CONTRATANTE,INCLUSIVE AS L","EGALIZACOES PERTINENTES,COORDENACAO E COMPATIBILIZACAO COM O","S PROJETOS COMPLEMENTARES",null,"M2",5.96]
["01.050.0039-0",{"$f":"C995&D995&E995&F995&G995&H995","v":"PROJETO BASICO DE ARQUITETURA PARA LOTEAMENTOS COM 3 UNIDADES UNI OU BIFAMILIARES PARA AREAS ACIMA DE 36.000M2,APRESENTADO EM AUTOCAD NOS PADROES DA CONTRATANTE,INCLUSIVE AS LEGALIZACOES PERTINENTES,COORDENACAO E COMPATIBILIZACAO COM  OS PROJETOS COMPLEMENTARES"},"PROJETO BASICO DE ARQUITETURA PARA LOTEAMENTOS COM 3 UNIDADE","S UNI OU BIFAMILIARES PARA AREAS ACIMA DE 36.000M2,APRESENTA","DO EM AUTOCAD NOS PADROES DA CONTRATANTE,INCLUSIVE AS LEGALI","ZACOES PERTINENTES,COORDENACAO E COMPATIBILIZACAO COM  OS PR","OJETOS COMPLEMENTARES",null,"M2",6.91]
["01.050.0039-A",{"$f":"C996&D996&E996&F996&G996&H996","v":"PROJETO BASICO DE ARQUITETURA PARA LOTEAMENTOS COM 3 UNIDADES UNI OU BIFAMILIARES PARA AREAS ACIMA DE 36.000M2,APRESENTADO EM AUTOCAD NOS PADROES DA CONTRATANTE,INCLUSIVE AS LEGALIZACOES PERTINENTES,COORDENACAO E COMPATIBILIZACAO COM  OS PROJETOS COMPLEMENTARES"},"PROJETO BASICO DE ARQUITETURA PARA LOTEAMENTOS COM 3 UNIDADE","S UNI OU BIFAMILIARES PARA AREAS ACIMA DE 36.000M2,APRESENTA","DO EM AUTOCAD NOS PADROES DA CONTRATANTE,INCLUSIVE AS LEGALI","ZACOES PERTINENTES,COORDENACAO E COMPATIBILIZACAO COM  OS PR","OJETOS COMPLEMENTARES",null,"M2",5.99]
["01.050.0040-0",{"$f":"C997&D997&E997&F997&G997&H997","v":"PROJETO EXECUTIVO DE ARQUITETURA PARA LOTEAMENTOS COM 3 UNIDADES UNI OU BIFAMILIARES TIPO PARA AREAS ATE 12.000M2,INCLUSIVE PROJETO BASICO,APRESENTADO EM AUTOCAD NOS PADROES DA CONTRATANTE,INCLUSIVE AS LEGALIZACOES PERTINENTES,COORDENACAO E COMPATIBILIZACAO COM OS PROJETOS COMPLEMENTARES"},"PROJETO EXECUTIVO DE ARQUITETURA PARA LOTEAMENTOS COM 3 UNID","ADES UNI OU BIFAMILIARES TIPO PARA AREAS ATE 12.000M2,INCLUS","IVE PROJETO BASICO,APRESENTADO EM AUTOCAD NOS PADROES DA CON","TRATANTE,INCLUSIVE AS LEGALIZACOES PERTINENTES,COORDENACAO E"," COMPATIBILIZACAO COM OS PROJETOS COMPLEMENTARES",null,"M2",25]
["01.050.0040-A",{"$f":"C998&D998&E998&F998&G998&H998","v":"PROJETO EXECUTIVO DE ARQUITETURA PARA LOTEAMENTOS COM 3 UNIDADES UNI OU BIFAMILIARES TIPO PARA AREAS ATE 12.000M2,INCLUSIVE PROJETO BASICO,APRESENTADO EM AUTOCAD NOS PADROES DA CONTRATANTE,INCLUSIVE AS LEGALIZACOES PERTINENTES,COORDENACAO E COMPATIBILIZACAO COM OS PROJETOS COMPLEMENTARES"},"PROJETO EXECUTIVO DE ARQUITETURA PARA LOTEAMENTOS COM 3 UNID","ADES UNI OU BIFAMILIARES TIPO PARA AREAS ATE 12.000M2,INCLUS","IVE PROJETO BASICO,APRESENTADO EM AUTOCAD NOS PADROES DA CON","TRATANTE,INCLUSIVE AS LEGALIZACOES PERTINENTES,COORDENACAO E"," COMPATIBILIZACAO COM OS PROJETOS COMPLEMENTARES",null,"M2",21.66]
["01.050.0041-0",{"$f":"C999&D999&E999&F999&G999&H999","v":"PROJETO EXECUTIVO DE ARQUITETURA PARA LOTEAMENTOS COM 3 UNIDADES UNI OU BIFAMILIARES TIPO PARA AREAS DE 12.001 ATE 36.000M2,INCLUSIVE PROJETO BASICO,APRESENTADO EM AUTOCAD NOS PADROES DA CONTRATANTE,INCLUSIVE AS LEGALIZACOES PERTINENTES,COORDENACAO E COMPATIBILIZACAO COM OS PROJETOS COMPLEMENTARES"},"PROJETO EXECUTIVO DE ARQUITETURA PARA LOTEAMENTOS COM 3 UNID","ADES UNI OU BIFAMILIARES TIPO PARA AREAS DE 12.001 ATE 36.00","0M2,INCLUSIVE PROJETO BASICO,APRESENTADO EM AUTOCAD NOS PADR","OES DA CONTRATANTE,INCLUSIVE AS LEGALIZACOES PERTINENTES,COO","RDENACAO E COMPATIBILIZACAO COM OS PROJETOS COMPLEMENTARES",null,"M2",17.28]
["01.050.0041-A",{"$f":"C1000&D1000&E1000&F1000&G1000&H1000","v":"PROJETO EXECUTIVO DE ARQUITETURA PARA LOTEAMENTOS COM 3 UNIDADES UNI OU BIFAMILIARES TIPO PARA AREAS DE 12.001 ATE 36.000M2,INCLUSIVE PROJETO BASICO,APRESENTADO EM AUTOCAD NOS PADROES DA CONTRATANTE,INCLUSIVE AS LEGALIZACOES PERTINENTES,COORDENACAO E COMPATIBILIZACAO COM OS PROJETOS COMPLEMENTARES"},"PROJETO EXECUTIVO DE ARQUITETURA PARA LOTEAMENTOS COM 3 UNID","ADES UNI OU BIFAMILIARES TIPO PARA AREAS DE 12.001 ATE 36.00","0M2,INCLUSIVE PROJETO BASICO,APRESENTADO EM AUTOCAD NOS PADR","OES DA CONTRATANTE,INCLUSIVE AS LEGALIZACOES PERTINENTES,COO","RDENACAO E COMPATIBILIZACAO COM OS PROJETOS COMPLEMENTARES",null,"M2",14.97]
["01.050.0042-0",{"$f":"C1001&D1001&E1001&F1001&G1001&H1001","v":"PROJETO EXECUTIVO DE ARQUITETURA PARA LOTEAMENTOS COM 3 UNIDADES UNI OU BIFAMILIARES TIPO PARA AREAS ACIMA DE 36.000M2,INCLUSIVE PROJETO BASICO,APRESENTADO EM AUTOCAD NOS PADROES DA CONTRATANTE,INCLUSIVE AS LEGALIZACOES PERTINENTES,COORDENACAO E COMPATIBILIZACAO COM OS PROJETOS COMPLEMENTARES"},"PROJETO EXECUTIVO DE ARQUITETURA PARA LOTEAMENTOS COM 3 UNID","ADES UNI OU BIFAMILIARES TIPO PARA AREAS ACIMA DE 36.000M2,I","NCLUSIVE PROJETO BASICO,APRESENTADO EM AUTOCAD NOS PADROES D","A CONTRATANTE,INCLUSIVE AS LEGALIZACOES PERTINENTES,COORDENA","CAO E COMPATIBILIZACAO COM OS PROJETOS COMPLEMENTARES",null,"M2",17.3]
["01.050.0042-A",{"$f":"C1002&D1002&E1002&F1002&G1002&H1002","v":"PROJETO EXECUTIVO DE ARQUITETURA PARA LOTEAMENTOS COM 3 UNIDADES UNI OU BIFAMILIARES TIPO PARA AREAS ACIMA DE 36.000M2,INCLUSIVE PROJETO BASICO,APRESENTADO EM AUTOCAD NOS PADROES DA CONTRATANTE,INCLUSIVE AS LEGALIZACOES PERTINENTES,COORDENACAO E COMPATIBILIZACAO COM OS PROJETOS COMPLEMENTARES"},"PROJETO EXECUTIVO DE ARQUITETURA PARA LOTEAMENTOS COM 3 UNID","ADES UNI OU BIFAMILIARES TIPO PARA AREAS ACIMA DE 36.000M2,I","NCLUSIVE PROJETO BASICO,APRESENTADO EM AUTOCAD NOS PADROES D","A CONTRATANTE,INCLUSIVE AS LEGALIZACOES PERTINENTES,COORDENA","CAO E COMPATIBILIZACAO COM OS PROJETOS COMPLEMENTARES",null,"M2",14.99]
["01.050.0043-0",{"$f":"C1003&D1003&E1003&F1003&G1003&H1003","v":"PROJETO BASICO DE ARQUITETURA PARA HABITACAO/EDIFICIOS ATE 6.000M2,APRESENTADO EM AUTOCAD NOS PADROES DA CONTRATANTE,INCLUSIVE AS LEGALIZACOES PERTINENTES,COORDENACAO E COMPATIBILIZACAO COM OS PROJETOS COMPLEMENTARES"},"PROJETO BASICO DE ARQUITETURA PARA HABITACAO/EDIFICIOS ATE 6",".000M2,APRESENTADO EM AUTOCAD NOS PADROES DA CONTRATANTE,INC","LUSIVE AS LEGALIZACOES PERTINENTES,COORDENACAO E COMPATIBILI","ZACAO COM OS PROJETOS COMPLEMENTARES",null,null,"M2",33.89]
["01.050.0043-A",{"$f":"C1004&D1004&E1004&F1004&G1004&H1004","v":"PROJETO BASICO DE ARQUITETURA PARA HABITACAO/EDIFICIOS ATE 6.000M2,APRESENTADO EM AUTOCAD NOS PADROES DA CONTRATANTE,INCLUSIVE AS LEGALIZACOES PERTINENTES,COORDENACAO E COMPATIBILIZACAO COM OS PROJETOS COMPLEMENTARES"},"PROJETO BASICO DE ARQUITETURA PARA HABITACAO/EDIFICIOS ATE 6",".000M2,APRESENTADO EM AUTOCAD NOS PADROES DA CONTRATANTE,INC","LUSIVE AS LEGALIZACOES PERTINENTES,COORDENACAO E COMPATIBILI","ZACAO COM OS PROJETOS COMPLEMENTARES",null,null,"M2",29.36]
["01.050.0044-0",{"$f":"C1005&D1005&E1005&F1005&G1005&H1005","v":"PROJETO BASICO DE ARQUITETURA PARA HABITACAO/EDIFICIOS DE 6.001 ATE 12.000M2,APRESENTADO EM AUTOCAD NOS PADROES DA CONTRATANTE,INCLUSIVE AS LEGALIZACOES PERTINENTES,COORDENACAO E CCOMPATIBILIZACAO COM OS PROJETOS COMPLEMENTARES"},"PROJETO BASICO DE ARQUITETURA PARA HABITACAO/EDIFICIOS DE 6.","001 ATE 12.000M2,APRESENTADO EM AUTOCAD NOS PADROES DA CONTR","ATANTE,INCLUSIVE AS LEGALIZACOES PERTINENTES,COORDENACAO E C","COMPATIBILIZACAO COM OS PROJETOS COMPLEMENTARES",null,null,"M2",23.5]
["01.050.0044-A",{"$f":"C1006&D1006&E1006&F1006&G1006&H1006","v":"PROJETO BASICO DE ARQUITETURA PARA HABITACAO/EDIFICIOS DE 6.001 ATE 12.000M2,APRESENTADO EM AUTOCAD NOS PADROES DA CONTRATANTE,INCLUSIVE AS LEGALIZACOES PERTINENTES,COORDENACAO E CCOMPATIBILIZACAO COM OS PROJETOS COMPLEMENTARES"},"PROJETO BASICO DE ARQUITETURA PARA HABITACAO/EDIFICIOS DE 6.","001 ATE 12.000M2,APRESENTADO EM AUTOCAD NOS PADROES DA CONTR","ATANTE,INCLUSIVE AS LEGALIZACOES PERTINENTES,COORDENACAO E C","COMPATIBILIZACAO COM OS PROJETOS COMPLEMENTARES",null,null,"M2",20.36]
["01.050.0045-0",{"$f":"C1007&D1007&E1007&F1007&G1007&H1007","v":"PROJETO BASICO DE ARQUITETURA PARA HABITACAO/EDIFICIOS ACIMA DE 12.000M2,APRESENTADO EM AUTOCAD NOS PADROES DA CONTRATANTE,INCLUSIVE AS LEGALIZACOES PERTINENTES,COORDENACAO E COMPATIBILIZACAO COM OS PROJETOS COMPLEMENTARES"},"PROJETO BASICO DE ARQUITETURA PARA HABITACAO/EDIFICIOS ACIMA"," DE 12.000M2,APRESENTADO EM AUTOCAD NOS PADROES DA CONTRATAN","TE,INCLUSIVE AS LEGALIZACOES PERTINENTES,COORDENACAO E COMPA","TIBILIZACAO COM OS PROJETOS COMPLEMENTARES",null,null,"M2",18.79]
["01.050.0045-A",{"$f":"C1008&D1008&E1008&F1008&G1008&H1008","v":"PROJETO BASICO DE ARQUITETURA PARA HABITACAO/EDIFICIOS ACIMA DE 12.000M2,APRESENTADO EM AUTOCAD NOS PADROES DA CONTRATANTE,INCLUSIVE AS LEGALIZACOES PERTINENTES,COORDENACAO E COMPATIBILIZACAO COM OS PROJETOS COMPLEMENTARES"},"PROJETO BASICO DE ARQUITETURA PARA HABITACAO/EDIFICIOS ACIMA"," DE 12.000M2,APRESENTADO EM AUTOCAD NOS PADROES DA CONTRATAN","TE,INCLUSIVE AS LEGALIZACOES PERTINENTES,COORDENACAO E COMPA","TIBILIZACAO COM OS PROJETOS COMPLEMENTARES",null,null,"M2",16.28]
["01.050.0046-0",{"$f":"C1009&D1009&E1009&F1009&G1009&H1009","v":"PROJETO EXECUTIVO DE ARQUITETURA PARA HABITACAO/EDIFICIOS ATE 6.000M2,INCLUSIVE PROJETO BASICO,APRESENTADO EM AUTOCAD NOS PADROES DA CONTRATANTE,INCLUSIVE AS LEGALIZACOES PERTINENTES,COORDENACAO E COMPATIBILIZACAO COM OS PROJETOS COMPLEMENTARES"},"PROJETO EXECUTIVO DE ARQUITETURA PARA HABITACAO/EDIFICIOS AT","E 6.000M2,INCLUSIVE PROJETO BASICO,APRESENTADO EM AUTOCAD NO","S PADROES DA CONTRATANTE,INCLUSIVE AS LEGALIZACOES PERTINENT","ES,COORDENACAO E COMPATIBILIZACAO COM OS PROJETOS COMPLEMENT","ARES",null,"M2",84.8]
["01.050.0046-A",{"$f":"C1010&D1010&E1010&F1010&G1010&H1010","v":"PROJETO EXECUTIVO DE ARQUITETURA PARA HABITACAO/EDIFICIOS ATE 6.000M2,INCLUSIVE PROJETO BASICO,APRESENTADO EM AUTOCAD NOS PADROES DA CONTRATANTE,INCLUSIVE AS LEGALIZACOES PERTINENTES,COORDENACAO E COMPATIBILIZACAO COM OS PROJETOS COMPLEMENTARES"},"PROJETO EXECUTIVO DE ARQUITETURA PARA HABITACAO/EDIFICIOS AT","E 6.000M2,INCLUSIVE PROJETO BASICO,APRESENTADO EM AUTOCAD NO","S PADROES DA CONTRATANTE,INCLUSIVE AS LEGALIZACOES PERTINENT","ES,COORDENACAO E COMPATIBILIZACAO COM OS PROJETOS COMPLEMENT","ARES",null,"M2",73.48]
["01.050.0047-0",{"$f":"C1011&D1011&E1011&F1011&G1011&H1011","v":"PROJETO EXECUTIVO DE ARQUITETURA PARA HABITACAO/EDIFICIOS DE 6.001 ATE 12.000M2,INCLUSIVE PROJETO BASICO,APRESENTADO EMAUTOCAD NOS PADROES DA CONTRATANTE,INCLUSIVE AS LEGALIZACOESPERTINENTES,COORDENACAO E COMPATIBILIZACAO COM OS PROJETOS COMPLEMENTARES"},"PROJETO EXECUTIVO DE ARQUITETURA PARA HABITACAO/EDIFICIOS DE"," 6.001 ATE 12.000M2,INCLUSIVE PROJETO BASICO,APRESENTADO EM","AUTOCAD NOS PADROES DA CONTRATANTE,INCLUSIVE AS LEGALIZACOES","PERTINENTES,COORDENACAO E COMPATIBILIZACAO COM OS PROJETOS C","OMPLEMENTARES",null,"M2",58.76]
["01.050.0047-A",{"$f":"C1012&D1012&E1012&F1012&G1012&H1012","v":"PROJETO EXECUTIVO DE ARQUITETURA PARA HABITACAO/EDIFICIOS DE 6.001 ATE 12.000M2,INCLUSIVE PROJETO BASICO,APRESENTADO EMAUTOCAD NOS PADROES DA CONTRATANTE,INCLUSIVE AS LEGALIZACOESPERTINENTES,COORDENACAO E COMPATIBILIZACAO COM OS PROJETOS COMPLEMENTARES"},"PROJETO EXECUTIVO DE ARQUITETURA PARA HABITACAO/EDIFICIOS DE"," 6.001 ATE 12.000M2,INCLUSIVE PROJETO BASICO,APRESENTADO EM","AUTOCAD NOS PADROES DA CONTRATANTE,INCLUSIVE AS LEGALIZACOES","PERTINENTES,COORDENACAO E COMPATIBILIZACAO COM OS PROJETOS C","OMPLEMENTARES",null,"M2",50.91]
["01.050.0048-0",{"$f":"C1013&D1013&E1013&F1013&G1013&H1013","v":"PROJETO EXECUTIVO DE ARQUITETURA PARA HABITACAO/EDIFICIOS ACIMA DE 12.000M2,INCLUSIVE PROJETO BASICO,APRESENTADO EM AUTOCAD NOS PADROES DA CONTRATANTE,INCLUSIVE AS LEGALIZACOES PERTINENTES,COORDENACAO E COMPATIBLIZACAO COM OS PROJETOS COMPLEMENTARES"},"PROJETO EXECUTIVO DE ARQUITETURA PARA HABITACAO/EDIFICIOS AC","IMA DE 12.000M2,INCLUSIVE PROJETO BASICO,APRESENTADO EM AUTO","CAD NOS PADROES DA CONTRATANTE,INCLUSIVE AS LEGALIZACOES PER","TINENTES,COORDENACAO E COMPATIBLIZACAO COM OS PROJETOS COMPL","EMENTARES",null,"M2",47]
["01.050.0048-A",{"$f":"C1014&D1014&E1014&F1014&G1014&H1014","v":"PROJETO EXECUTIVO DE ARQUITETURA PARA HABITACAO/EDIFICIOS ACIMA DE 12.000M2,INCLUSIVE PROJETO BASICO,APRESENTADO EM AUTOCAD NOS PADROES DA CONTRATANTE,INCLUSIVE AS LEGALIZACOES PERTINENTES,COORDENACAO E COMPATIBLIZACAO COM OS PROJETOS COMPLEMENTARES"},"PROJETO EXECUTIVO DE ARQUITETURA PARA HABITACAO/EDIFICIOS AC","IMA DE 12.000M2,INCLUSIVE PROJETO BASICO,APRESENTADO EM AUTO","CAD NOS PADROES DA CONTRATANTE,INCLUSIVE AS LEGALIZACOES PER","TINENTES,COORDENACAO E COMPATIBLIZACAO COM OS PROJETOS COMPL","EMENTARES",null,"M2",40.72]
["01.050.0049-0",{"$f":"C1015&D1015&E1015&F1015&G1015&H1015","v":"PROJETO EXECUTIVO DE INSTALACAO DE INCENDIO E SPDA PARA PREDIOS ESCOLARES E/OU ADMINISTRATIVOS ATE 500M2,INCLUSIVE PROJETO BASICO,APRESENTADO EM AUTOCAD,INCLUSIVE AS LEGALIZACOES PERTINENTES"},"PROJETO EXECUTIVO DE INSTALACAO DE INCENDIO E SPDA PARA PRED","IOS ESCOLARES E/OU ADMINISTRATIVOS ATE 500M2,INCLUSIVE PROJE","TO BASICO,APRESENTADO EM AUTOCAD,INCLUSIVE AS LEGALIZACOES P","ERTINENTES",null,null,"M2",6.58]
["01.050.0049-A",{"$f":"C1016&D1016&E1016&F1016&G1016&H1016","v":"PROJETO EXECUTIVO DE INSTALACAO DE INCENDIO E SPDA PARA PREDIOS ESCOLARES E/OU ADMINISTRATIVOS ATE 500M2,INCLUSIVE PROJETO BASICO,APRESENTADO EM AUTOCAD,INCLUSIVE AS LEGALIZACOES PERTINENTES"},"PROJETO EXECUTIVO DE INSTALACAO DE INCENDIO E SPDA PARA PRED","IOS ESCOLARES E/OU ADMINISTRATIVOS ATE 500M2,INCLUSIVE PROJE","TO BASICO,APRESENTADO EM AUTOCAD,INCLUSIVE AS LEGALIZACOES P","ERTINENTES",null,null,"M2",5.7]
["01.050.0050-0",{"$f":"C1017&D1017&E1017&F1017&G1017&H1017","v":"PROJETO EXECUTIVO DE INSTALACAO DE INCENDIO E SPDA PARA PREDIOS ESCOLARES E/OU ADMINISTRATIVOS DE 501 ATE 3.000M2,INCLUSIVE PROJETO BASICO,APRESENTADO EM AUTOCAD,INCLUSIVE AS LEGALIZACOES PERTINENTES"},"PROJETO EXECUTIVO DE INSTALACAO DE INCENDIO E SPDA PARA PRED","IOS ESCOLARES E/OU ADMINISTRATIVOS DE 501 ATE 3.000M2,INCLUS","IVE PROJETO BASICO,APRESENTADO EM AUTOCAD,INCLUSIVE AS LEGAL","IZACOES PERTINENTES",null,null,"M2",3.62]
["01.050.0050-A",{"$f":"C1018&D1018&E1018&F1018&G1018&H1018","v":"PROJETO EXECUTIVO DE INSTALACAO DE INCENDIO E SPDA PARA PREDIOS ESCOLARES E/OU ADMINISTRATIVOS DE 501 ATE 3.000M2,INCLUSIVE PROJETO BASICO,APRESENTADO EM AUTOCAD,INCLUSIVE AS LEGALIZACOES PERTINENTES"},"PROJETO EXECUTIVO DE INSTALACAO DE INCENDIO E SPDA PARA PRED","IOS ESCOLARES E/OU ADMINISTRATIVOS DE 501 ATE 3.000M2,INCLUS","IVE PROJETO BASICO,APRESENTADO EM AUTOCAD,INCLUSIVE AS LEGAL","IZACOES PERTINENTES",null,null,"M2",3.13]
["01.050.0051-0",{"$f":"C1019&D1019&E1019&F1019&G1019&H1019","v":"PROJETO EXECUTIVO DE INSTALACAO DE INCENDIO E SPDA PARA PREDIOS ESCOLARES E/OU ADMINISTRATIVOS ACIMA DE 3.000M2,INCLUSIVE PROJETO BASICO,APRESENTADO EM AUTOCAD,INCLUSIVE AS LEGALILIZACOES PERTINENTES"},"PROJETO EXECUTIVO DE INSTALACAO DE INCENDIO E SPDA PARA PRED","IOS ESCOLARES E/OU ADMINISTRATIVOS ACIMA DE 3.000M2,INCLUSIV","E PROJETO BASICO,APRESENTADO EM AUTOCAD,INCLUSIVE AS LEGALIL","IZACOES PERTINENTES",null,null,"M2",1.81]
["01.050.0051-A",{"$f":"C1020&D1020&E1020&F1020&G1020&H1020","v":"PROJETO EXECUTIVO DE INSTALACAO DE INCENDIO E SPDA PARA PREDIOS ESCOLARES E/OU ADMINISTRATIVOS ACIMA DE 3.000M2,INCLUSIVE PROJETO BASICO,APRESENTADO EM AUTOCAD,INCLUSIVE AS LEGALILIZACOES PERTINENTES"},"PROJETO EXECUTIVO DE INSTALACAO DE INCENDIO E SPDA PARA PRED","IOS ESCOLARES E/OU ADMINISTRATIVOS ACIMA DE 3.000M2,INCLUSIV","E PROJETO BASICO,APRESENTADO EM AUTOCAD,INCLUSIVE AS LEGALIL","IZACOES PERTINENTES",null,null,"M2",1.57]
["01.050.0052-0",{"$f":"C1021&D1021&E1021&F1021&G1021&H1021","v":"PROJETO EXECUTIVO DE INSTALACAO DE INCENDIO E SPDA PARA PREDIOS CULTURAIS ATE 500M2,INCLUSIVE PROJETO BASICO,APRESENTADO EM AUTOCAD,INCLUSIVE AS LEGALIZACOES PERTINENTES"},"PROJETO EXECUTIVO DE INSTALACAO DE INCENDIO E SPDA PARA PRED","IOS CULTURAIS ATE 500M2,INCLUSIVE PROJETO BASICO,APRESENTADO"," EM AUTOCAD,INCLUSIVE AS LEGALIZACOES PERTINENTES",null,null,null,"M2",16.51]
["01.050.0052-A",{"$f":"C1022&D1022&E1022&F1022&G1022&H1022","v":"PROJETO EXECUTIVO DE INSTALACAO DE INCENDIO E SPDA PARA PREDIOS CULTURAIS ATE 500M2,INCLUSIVE PROJETO BASICO,APRESENTADO EM AUTOCAD,INCLUSIVE AS LEGALIZACOES PERTINENTES"},"PROJETO EXECUTIVO DE INSTALACAO DE INCENDIO E SPDA PARA PRED","IOS CULTURAIS ATE 500M2,INCLUSIVE PROJETO BASICO,APRESENTADO"," EM AUTOCAD,INCLUSIVE AS LEGALIZACOES PERTINENTES",null,null,null,"M2",14.3]
["01.050.0053-0",{"$f":"C1023&D1023&E1023&F1023&G1023&H1023","v":"PROJETO EXECUTIVO DE INSTALACAO DE INCENDIO E SPDA PARA PREDIOS CULTURAIS ACIMA DE 500M2,INCLUSIVE PROJETO BASICO,APRESENTADO EM AUTOCAD,INCLUSIVE AS LEGALIZACOES PERTINENTES"},"PROJETO EXECUTIVO DE INSTALACAO DE INCENDIO E SPDA PARA PRED","IOS CULTURAIS ACIMA DE 500M2,INCLUSIVE PROJETO BASICO,APRESE","NTADO EM AUTOCAD,INCLUSIVE AS LEGALIZACOES PERTINENTES",null,null,null,"M2",11.03]
["01.050.0053-A",{"$f":"C1024&D1024&E1024&F1024&G1024&H1024","v":"PROJETO EXECUTIVO DE INSTALACAO DE INCENDIO E SPDA PARA PREDIOS CULTURAIS ACIMA DE 500M2,INCLUSIVE PROJETO BASICO,APRESENTADO EM AUTOCAD,INCLUSIVE AS LEGALIZACOES PERTINENTES"},"PROJETO EXECUTIVO DE INSTALACAO DE INCENDIO E SPDA PARA PRED","IOS CULTURAIS ACIMA DE 500M2,INCLUSIVE PROJETO BASICO,APRESE","NTADO EM AUTOCAD,INCLUSIVE AS LEGALIZACOES PERTINENTES",null,null,null,"M2",9.56]
["01.050.0054-0",{"$f":"C1025&D1025&E1025&F1025&G1025&H1025","v":"PROJETO EXECUTIVO DE INSTALACAO DE INCENDIO E SPDA PARA PREDIOS HOSPITALARES,INCLUSIVE PROJETO BASICO,APRESENTADO EM AUTOCAD,INCLUSIVE AS LEGALIZACOES ERTINENTES"},"PROJETO EXECUTIVO DE INSTALACAO DE INCENDIO E SPDA PARA PRED","IOS HOSPITALARES,INCLUSIVE PROJETO BASICO,APRESENTADO EM AUT","OCAD,INCLUSIVE AS LEGALIZACOES ERTINENTES",null,null,null,"M2",13.21]
["01.050.0054-A",{"$f":"C1026&D1026&E1026&F1026&G1026&H1026","v":"PROJETO EXECUTIVO DE INSTALACAO DE INCENDIO E SPDA PARA PREDIOS HOSPITALARES,INCLUSIVE PROJETO BASICO,APRESENTADO EM AUTOCAD,INCLUSIVE AS LEGALIZACOES ERTINENTES"},"PROJETO EXECUTIVO DE INSTALACAO DE INCENDIO E SPDA PARA PRED","IOS HOSPITALARES,INCLUSIVE PROJETO BASICO,APRESENTADO EM AUT","OCAD,INCLUSIVE AS LEGALIZACOES ERTINENTES",null,null,null,"M2",11.44]
["01.050.0055-0",{"$f":"C1027&D1027&E1027&F1027&G1027&H1027","v":"PROJETO EXECUTIVO DE INSTALACAO DE INCENDIO E SPDA PARA HABITACOES/EDIFICIOS ATE 500M2,INCLUSIVE PROJETO BASICO,APRESENTADO EM AUTOCAD,INCLUSIVE AS LEGALIZACOES PERTINENTES"},"PROJETO EXECUTIVO DE INSTALACAO DE INCENDIO E SPDA PARA HABI","TACOES/EDIFICIOS ATE 500M2,INCLUSIVE PROJETO BASICO,APRESENT","ADO EM AUTOCAD,INCLUSIVE AS LEGALIZACOES PERTINENTES",null,null,null,"M2",8.09]
["01.050.0055-A",{"$f":"C1028&D1028&E1028&F1028&G1028&H1028","v":"PROJETO EXECUTIVO DE INSTALACAO DE INCENDIO E SPDA PARA HABITACOES/EDIFICIOS ATE 500M2,INCLUSIVE PROJETO BASICO,APRESENTADO EM AUTOCAD,INCLUSIVE AS LEGALIZACOES PERTINENTES"},"PROJETO EXECUTIVO DE INSTALACAO DE INCENDIO E SPDA PARA HABI","TACOES/EDIFICIOS ATE 500M2,INCLUSIVE PROJETO BASICO,APRESENT","ADO EM AUTOCAD,INCLUSIVE AS LEGALIZACOES PERTINENTES",null,null,null,"M2",7.01]
["01.050.0056-0",{"$f":"C1029&D1029&E1029&F1029&G1029&H1029","v":"PROJETO EXECUTIVO DE INSTALACAO DE INCENDIO E SPDA PARA HABITACOES/EDIFICIOS DE 501 ATE 3.000M2,INCLUSIVE PROJETO BASICO,APRESENTADO EM AUTOCAD,INCLUSIVE AS LEGALIZACOES PERTINENTES"},"PROJETO EXECUTIVO DE INSTALACAO DE INCENDIO E SPDA PARA HABI","TACOES/EDIFICIOS DE 501 ATE 3.000M2,INCLUSIVE PROJETO BASICO",",APRESENTADO EM AUTOCAD,INCLUSIVE AS LEGALIZACOES PERTINENTE","S",null,null,"M2",3.87]
["01.050.0056-A",{"$f":"C1030&D1030&E1030&F1030&G1030&H1030","v":"PROJETO EXECUTIVO DE INSTALACAO DE INCENDIO E SPDA PARA HABITACOES/EDIFICIOS DE 501 ATE 3.000M2,INCLUSIVE PROJETO BASICO,APRESENTADO EM AUTOCAD,INCLUSIVE AS LEGALIZACOES PERTINENTES"},"PROJETO EXECUTIVO DE INSTALACAO DE INCENDIO E SPDA PARA HABI","TACOES/EDIFICIOS DE 501 ATE 3.000M2,INCLUSIVE PROJETO BASICO",",APRESENTADO EM AUTOCAD,INCLUSIVE AS LEGALIZACOES PERTINENTE","S",null,null,"M2",3.35]
["01.050.0057-0",{"$f":"C1031&D1031&E1031&F1031&G1031&H1031","v":"PROJETO EXECUTIVO DE INSTALACAO DE INCENDIO E SPDA PARA HABITACOES/EDIFICIOS ACIMA DE 3000M2,INCLUSIVE PROJETO BASICO,APRESENTADO EM AUTOCAD,INCLUSIVE AS LEGALIZACOES PERTINENTES"},"PROJETO EXECUTIVO DE INSTALACAO DE INCENDIO E SPDA PARA HABI","TACOES/EDIFICIOS ACIMA DE 3000M2,INCLUSIVE PROJETO BASICO,AP","RESENTADO EM AUTOCAD,INCLUSIVE AS LEGALIZACOES PERTINENTES",null,null,null,"M2",2]
["01.050.0057-A",{"$f":"C1032&D1032&E1032&F1032&G1032&H1032","v":"PROJETO EXECUTIVO DE INSTALACAO DE INCENDIO E SPDA PARA HABITACOES/EDIFICIOS ACIMA DE 3000M2,INCLUSIVE PROJETO BASICO,APRESENTADO EM AUTOCAD,INCLUSIVE AS LEGALIZACOES PERTINENTES"},"PROJETO EXECUTIVO DE INSTALACAO DE INCENDIO E SPDA PARA HABI","TACOES/EDIFICIOS ACIMA DE 3000M2,INCLUSIVE PROJETO BASICO,AP","RESENTADO EM AUTOCAD,INCLUSIVE AS LEGALIZACOES PERTINENTES",null,null,null,"M2",1.73]
["01.050.0058-0",{"$f":"C1033&D1033&E1033&F1033&G1033&H1033","v":"PROJETO EXECUTIVO DE INSTALACAO DE INCENDIO E SPDA PARA HABITACAO/LOTEAMENTO ATE 36.000M2,INCLUSIVE PROJETO BASICO,APRESENTADO EM AUTOCAD,INCLUSIVE AS LEGALIZACOES PERTINENTES"},"PROJETO EXECUTIVO DE INSTALACAO DE INCENDIO E SPDA PARA HABI","TACAO/LOTEAMENTO ATE 36.000M2,INCLUSIVE PROJETO BASICO,APRES","ENTADO EM AUTOCAD,INCLUSIVE AS LEGALIZACOES PERTINENTES",null,null,null,"M2",2.15]
["01.050.0058-A",{"$f":"C1034&D1034&E1034&F1034&G1034&H1034","v":"PROJETO EXECUTIVO DE INSTALACAO DE INCENDIO E SPDA PARA HABITACAO/LOTEAMENTO ATE 36.000M2,INCLUSIVE PROJETO BASICO,APRESENTADO EM AUTOCAD,INCLUSIVE AS LEGALIZACOES PERTINENTES"},"PROJETO EXECUTIVO DE INSTALACAO DE INCENDIO E SPDA PARA HABI","TACAO/LOTEAMENTO ATE 36.000M2,INCLUSIVE PROJETO BASICO,APRES","ENTADO EM AUTOCAD,INCLUSIVE AS LEGALIZACOES PERTINENTES",null,null,null,"M2",1.86]
["01.050.0059-0",{"$f":"C1035&D1035&E1035&F1035&G1035&H1035","v":"PROJETO EXECUTIVO DE INSTALACAO DE INCENDIO E SPDA PARA HABITACAO/LOTEAMENTO ACIMA DE 36.000M2,INCLUSIVE PROJETO BASICO,APRESENTADO EM AUTOCAD,INCLUSIVE AS LEGALIZACOES PERTINENTES"},"PROJETO EXECUTIVO DE INSTALACAO DE INCENDIO E SPDA PARA HABI","TACAO/LOTEAMENTO ACIMA DE 36.000M2,INCLUSIVE PROJETO BASICO,","APRESENTADO EM AUTOCAD,INCLUSIVE AS LEGALIZACOES PERTINENTES",null,null,null,"M2",1.07]
["01.050.0059-A",{"$f":"C1036&D1036&E1036&F1036&G1036&H1036","v":"PROJETO EXECUTIVO DE INSTALACAO DE INCENDIO E SPDA PARA HABITACAO/LOTEAMENTO ACIMA DE 36.000M2,INCLUSIVE PROJETO BASICO,APRESENTADO EM AUTOCAD,INCLUSIVE AS LEGALIZACOES PERTINENTES"},"PROJETO EXECUTIVO DE INSTALACAO DE INCENDIO E SPDA PARA HABI","TACAO/LOTEAMENTO ACIMA DE 36.000M2,INCLUSIVE PROJETO BASICO,","APRESENTADO EM AUTOCAD,INCLUSIVE AS LEGALIZACOES PERTINENTES",null,null,null,"M2",0.92]
["01.050.0060-0",{"$f":"C1037&D1037&E1037&F1037&G1037&H1037","v":"PROJETO EXECUTIVO DE INSTALACAO DE GAS PARA PREDIOS ESCOLARES E/OU ADMINISTRATIVOS ATE 500M2,INCLUSIVE PROJETO BASICO,APRESNTADO EM AUTOCAD,INCLUSIVE AS LEGALIZACOES PERTINENTES"},"PROJETO EXECUTIVO DE INSTALACAO DE GAS PARA PREDIOS ESCOLARE","S E/OU ADMINISTRATIVOS ATE 500M2,INCLUSIVE PROJETO BASICO,AP","RESNTADO EM AUTOCAD,INCLUSIVE AS LEGALIZACOES PERTINENTES",null,null,null,"M2",3.62]
["01.050.0060-A",{"$f":"C1038&D1038&E1038&F1038&G1038&H1038","v":"PROJETO EXECUTIVO DE INSTALACAO DE GAS PARA PREDIOS ESCOLARES E/OU ADMINISTRATIVOS ATE 500M2,INCLUSIVE PROJETO BASICO,APRESNTADO EM AUTOCAD,INCLUSIVE AS LEGALIZACOES PERTINENTES"},"PROJETO EXECUTIVO DE INSTALACAO DE GAS PARA PREDIOS ESCOLARE","S E/OU ADMINISTRATIVOS ATE 500M2,INCLUSIVE PROJETO BASICO,AP","RESNTADO EM AUTOCAD,INCLUSIVE AS LEGALIZACOES PERTINENTES",null,null,null,"M2",3.13]
["01.050.0061-0",{"$f":"C1039&D1039&E1039&F1039&G1039&H1039","v":"PROJETO EXECUTIVO DE INSTALACAO DE GAS PARA PREDIOS ESCOLARES E/OU ADMINISTRATIVOS ACIMA DE 500M2,INCLUSIVE PROJETO BASICO,APRESENTADO EM AUTOCAD,INCLUSIVE AS LEGALIZACOES PERTINENTES"},"PROJETO EXECUTIVO DE INSTALACAO DE GAS PARA PREDIOS ESCOLARE","S E/OU ADMINISTRATIVOS ACIMA DE 500M2,INCLUSIVE PROJETO BASI","CO,APRESENTADO EM AUTOCAD,INCLUSIVE AS LEGALIZACOES PERTINEN","TES",null,null,"M2",1.81]
["01.050.0061-A",{"$f":"C1040&D1040&E1040&F1040&G1040&H1040","v":"PROJETO EXECUTIVO DE INSTALACAO DE GAS PARA PREDIOS ESCOLARES E/OU ADMINISTRATIVOS ACIMA DE 500M2,INCLUSIVE PROJETO BASICO,APRESENTADO EM AUTOCAD,INCLUSIVE AS LEGALIZACOES PERTINENTES"},"PROJETO EXECUTIVO DE INSTALACAO DE GAS PARA PREDIOS ESCOLARE","S E/OU ADMINISTRATIVOS ACIMA DE 500M2,INCLUSIVE PROJETO BASI","CO,APRESENTADO EM AUTOCAD,INCLUSIVE AS LEGALIZACOES PERTINEN","TES",null,null,"M2",1.57]
["01.050.0062-0",{"$f":"C1041&D1041&E1041&F1041&G1041&H1041","v":"PROJETO EXECUTIVO DE INSTALACAO DE GAS PARA PREDIOS CULTURAIS,INCLUSIVE PROJETO BASICO,APRESENTADO EM AUTOCAD,INCLUSIVEAS LEGALIZACOES PERTINENTES"},"PROJETO EXECUTIVO DE INSTALACAO DE GAS PARA PREDIOS CULTURAI","S,INCLUSIVE PROJETO BASICO,APRESENTADO EM AUTOCAD,INCLUSIVE","AS LEGALIZACOES PERTINENTES",null,null,null,"M2",6.1]
["01.050.0062-A",{"$f":"C1042&D1042&E1042&F1042&G1042&H1042","v":"PROJETO EXECUTIVO DE INSTALACAO DE GAS PARA PREDIOS CULTURAIS,INCLUSIVE PROJETO BASICO,APRESENTADO EM AUTOCAD,INCLUSIVEAS LEGALIZACOES PERTINENTES"},"PROJETO EXECUTIVO DE INSTALACAO DE GAS PARA PREDIOS CULTURAI","S,INCLUSIVE PROJETO BASICO,APRESENTADO EM AUTOCAD,INCLUSIVE","AS LEGALIZACOES PERTINENTES",null,null,null,"M2",5.28]
["01.050.0063-0",{"$f":"C1043&D1043&E1043&F1043&G1043&H1043","v":"PROJETO EXECUTIVO DE INSTALACAO DE GAS PARA PREDIOS HOSPITALARES ATE 4.000M2,INCLUSIVE PROJETO BASICO,APRESENTADO EM AUTOCAD,INCLUSIVE AS LEGALIZACOES PERTINENTES"},"PROJETO EXECUTIVO DE INSTALACAO DE GAS PARA PREDIOS HOSPITAL","ARES ATE 4.000M2,INCLUSIVE PROJETO BASICO,APRESENTADO EM AUT","OCAD,INCLUSIVE AS LEGALIZACOES PERTINENTES",null,null,null,"M2",13.21]
["01.050.0063-A",{"$f":"C1044&D1044&E1044&F1044&G1044&H1044","v":"PROJETO EXECUTIVO DE INSTALACAO DE GAS PARA PREDIOS HOSPITALARES ATE 4.000M2,INCLUSIVE PROJETO BASICO,APRESENTADO EM AUTOCAD,INCLUSIVE AS LEGALIZACOES PERTINENTES"},"PROJETO EXECUTIVO DE INSTALACAO DE GAS PARA PREDIOS HOSPITAL","ARES ATE 4.000M2,INCLUSIVE PROJETO BASICO,APRESENTADO EM AUT","OCAD,INCLUSIVE AS LEGALIZACOES PERTINENTES",null,null,null,"M2",11.44]
["01.050.0064-0",{"$f":"C1045&D1045&E1045&F1045&G1045&H1045","v":"PROJETO EXECUTIVO DE INSTALACAO DE GAS PARA PREDIOS HOSPITALARES ACIMA DE 4.000M2,INCLUSIVE PROJETO BASICO,APRESENTADO EM AUTOCAD,INCLUSIVE AS LEGALIZACOES PERTINENTES"},"PROJETO EXECUTIVO DE INSTALACAO DE GAS PARA PREDIOS HOSPITAL","ARES ACIMA DE 4.000M2,INCLUSIVE PROJETO BASICO,APRESENTADO E","M AUTOCAD,INCLUSIVE AS LEGALIZACOES PERTINENTES",null,null,null,"M2",6.58]
["01.050.0064-A",{"$f":"C1046&D1046&E1046&F1046&G1046&H1046","v":"PROJETO EXECUTIVO DE INSTALACAO DE GAS PARA PREDIOS HOSPITALARES ACIMA DE 4.000M2,INCLUSIVE PROJETO BASICO,APRESENTADO EM AUTOCAD,INCLUSIVE AS LEGALIZACOES PERTINENTES"},"PROJETO EXECUTIVO DE INSTALACAO DE GAS PARA PREDIOS HOSPITAL","ARES ACIMA DE 4.000M2,INCLUSIVE PROJETO BASICO,APRESENTADO E","M AUTOCAD,INCLUSIVE AS LEGALIZACOES PERTINENTES",null,null,null,"M2",5.7]
["01.050.0065-0",{"$f":"C1047&D1047&E1047&F1047&G1047&H1047","v":"PROJETO EXECUTIVO DE INSTALACAO DE GAS PARA HABITACOES/EDIFICIOS ATE 500M2,INCLUSIVE PROJETO BASICO,APRESENTADO EM AUTOCAD,INCLUSIVE AS LEGALIZACOES PERTINENTES"},"PROJETO EXECUTIVO DE INSTALACAO DE GAS PARA HABITACOES/EDIFI","CIOS ATE 500M2,INCLUSIVE PROJETO BASICO,APRESENTADO EM AUTOC","AD,INCLUSIVE AS LEGALIZACOES PERTINENTES",null,null,null,"M2",3.87]
["01.050.0065-A",{"$f":"C1048&D1048&E1048&F1048&G1048&H1048","v":"PROJETO EXECUTIVO DE INSTALACAO DE GAS PARA HABITACOES/EDIFICIOS ATE 500M2,INCLUSIVE PROJETO BASICO,APRESENTADO EM AUTOCAD,INCLUSIVE AS LEGALIZACOES PERTINENTES"},"PROJETO EXECUTIVO DE INSTALACAO DE GAS PARA HABITACOES/EDIFI","CIOS ATE 500M2,INCLUSIVE PROJETO BASICO,APRESENTADO EM AUTOC","AD,INCLUSIVE AS LEGALIZACOES PERTINENTES",null,null,null,"M2",3.35]
["01.050.0066-0",{"$f":"C1049&D1049&E1049&F1049&G1049&H1049","v":"PROJETO EXECUTIVO DE INSTALACAO DE GAS PARA HABITACOES/EDIFICIOS ACIMA DE 500M2,INCLUSIVE PROJETO BASICO,APRESENTADO EMAUTOCAD,INCLUSEVE AS LEGALIZACOES PERTINENTES"},"PROJETO EXECUTIVO DE INSTALACAO DE GAS PARA HABITACOES/EDIFI","CIOS ACIMA DE 500M2,INCLUSIVE PROJETO BASICO,APRESENTADO EM","AUTOCAD,INCLUSEVE AS LEGALIZACOES PERTINENTES",null,null,null,"M2",2]
["01.050.0066-A",{"$f":"C1050&D1050&E1050&F1050&G1050&H1050","v":"PROJETO EXECUTIVO DE INSTALACAO DE GAS PARA HABITACOES/EDIFICIOS ACIMA DE 500M2,INCLUSIVE PROJETO BASICO,APRESENTADO EMAUTOCAD,INCLUSEVE AS LEGALIZACOES PERTINENTES"},"PROJETO EXECUTIVO DE INSTALACAO DE GAS PARA HABITACOES/EDIFI","CIOS ACIMA DE 500M2,INCLUSIVE PROJETO BASICO,APRESENTADO EM","AUTOCAD,INCLUSEVE AS LEGALIZACOES PERTINENTES",null,null,null,"M2",1.73]
["01.050.0067-0",{"$f":"C1051&D1051&E1051&F1051&G1051&H1051","v":"PROJETO EXECUTIVO DE INSTALACAO DE GAS PARA HABITACAO/LOTEAMENTO ATE 12.000M2,INCLUSIVE PROJETO BASICO,APRESENTADO EM AUTOCAD,INCLUSIVE AS LEGALIZACOES PERTINENTES"},"PROJETO EXECUTIVO DE INSTALACAO DE GAS PARA HABITACAO/LOTEAM","ENTO ATE 12.000M2,INCLUSIVE PROJETO BASICO,APRESENTADO EM AU","TOCAD,INCLUSIVE AS LEGALIZACOES PERTINENTES",null,null,null,"M2",2.15]
["01.050.0067-A",{"$f":"C1052&D1052&E1052&F1052&G1052&H1052","v":"PROJETO EXECUTIVO DE INSTALACAO DE GAS PARA HABITACAO/LOTEAMENTO ATE 12.000M2,INCLUSIVE PROJETO BASICO,APRESENTADO EM AUTOCAD,INCLUSIVE AS LEGALIZACOES PERTINENTES"},"PROJETO EXECUTIVO DE INSTALACAO DE GAS PARA HABITACAO/LOTEAM","ENTO ATE 12.000M2,INCLUSIVE PROJETO BASICO,APRESENTADO EM AU","TOCAD,INCLUSIVE AS LEGALIZACOES PERTINENTES",null,null,null,"M2",1.86]
["01.050.0068-0",{"$f":"C1053&D1053&E1053&F1053&G1053&H1053","v":"PROJETO EXECUTIVO DE INSTALACAO DE GAS PARA HABITACAO/LOTEAMENTO ACIMA DE 12.000M2,INCLUSIVE PROJETO BASICO,APRESENTADOEM AUTOCAD,INCLUSIVE AS LEGALIZACOES PERTINENTES"},"PROJETO EXECUTIVO DE INSTALACAO DE GAS PARA HABITACAO/LOTEAM","ENTO ACIMA DE 12.000M2,INCLUSIVE PROJETO BASICO,APRESENTADO","EM AUTOCAD,INCLUSIVE AS LEGALIZACOES PERTINENTES",null,null,null,"M2",1.07]
["01.050.0068-A",{"$f":"C1054&D1054&E1054&F1054&G1054&H1054","v":"PROJETO EXECUTIVO DE INSTALACAO DE GAS PARA HABITACAO/LOTEAMENTO ACIMA DE 12.000M2,INCLUSIVE PROJETO BASICO,APRESENTADOEM AUTOCAD,INCLUSIVE AS LEGALIZACOES PERTINENTES"},"PROJETO EXECUTIVO DE INSTALACAO DE GAS PARA HABITACAO/LOTEAM","ENTO ACIMA DE 12.000M2,INCLUSIVE PROJETO BASICO,APRESENTADO","EM AUTOCAD,INCLUSIVE AS LEGALIZACOES PERTINENTES",null,null,null,"M2",0.92]
["01.050.0078-0",{"$f":"C1055&D1055&E1055&F1055&G1055&H1055","v":"PROJETO EXECUTIVO DE INSTALACAO DE TELEMATICA PARA PREDIOS ESCOLARES E/OU ADMINISTRATIVOS ATE 500M2,INCLUSIVE PROJETO BASICO,APRESENTADO EM AUTOCAD,INCLUSIVE AS LEGALIZACOES PERTINENTES"},"PROJETO EXECUTIVO DE INSTALACAO DE TELEMATICA PARA PREDIOS E","SCOLARES E/OU ADMINISTRATIVOS ATE 500M2,INCLUSIVE PROJETO BA","SICO,APRESENTADO EM AUTOCAD,INCLUSIVE AS LEGALIZACOES PERTIN","ENTES",null,null,"M2",3.62]
["01.050.0078-A",{"$f":"C1056&D1056&E1056&F1056&G1056&H1056","v":"PROJETO EXECUTIVO DE INSTALACAO DE TELEMATICA PARA PREDIOS ESCOLARES E/OU ADMINISTRATIVOS ATE 500M2,INCLUSIVE PROJETO BASICO,APRESENTADO EM AUTOCAD,INCLUSIVE AS LEGALIZACOES PERTINENTES"},"PROJETO EXECUTIVO DE INSTALACAO DE TELEMATICA PARA PREDIOS E","SCOLARES E/OU ADMINISTRATIVOS ATE 500M2,INCLUSIVE PROJETO BA","SICO,APRESENTADO EM AUTOCAD,INCLUSIVE AS LEGALIZACOES PERTIN","ENTES",null,null,"M2",3.13]
["01.050.0079-0",{"$f":"C1057&D1057&E1057&F1057&G1057&H1057","v":"PROJETO EXECUTIVO DE INSTALACAO DE TELEMATICA PARA PREDIOS ESCOLARES E/OU ADMINISTRATIVOS ACIMA DE 500M2,INCLUSIVE PROJETO BASICO,APRESENTADO EM AUTOCAD,INCLUSIVE AS LEGALIZACOES PERTINENTES"},"PROJETO EXECUTIVO DE INSTALACAO DE TELEMATICA PARA PREDIOS E","SCOLARES E/OU ADMINISTRATIVOS ACIMA DE 500M2,INCLUSIVE PROJE","TO BASICO,APRESENTADO EM AUTOCAD,INCLUSIVE AS LEGALIZACOES P","ERTINENTES",null,null,"M2",3.25]
["01.050.0079-A",{"$f":"C1058&D1058&E1058&F1058&G1058&H1058","v":"PROJETO EXECUTIVO DE INSTALACAO DE TELEMATICA PARA PREDIOS ESCOLARES E/OU ADMINISTRATIVOS ACIMA DE 500M2,INCLUSIVE PROJETO BASICO,APRESENTADO EM AUTOCAD,INCLUSIVE AS LEGALIZACOES PERTINENTES"},"PROJETO EXECUTIVO DE INSTALACAO DE TELEMATICA PARA PREDIOS E","SCOLARES E/OU ADMINISTRATIVOS ACIMA DE 500M2,INCLUSIVE PROJE","TO BASICO,APRESENTADO EM AUTOCAD,INCLUSIVE AS LEGALIZACOES P","ERTINENTES",null,null,"M2",2.82]
["01.050.0080-0",{"$f":"C1059&D1059&E1059&F1059&G1059&H1059","v":"PROJETO EXECUTIVO DE INSTALACAO DE TELEMATICA PARA PREDIOS CULTURAIS ATE 500M2,INCLUSIVE PROJETO BASICO,APRESENTADO EM AUTOCAD,INCLUSIVE AS LEGALIZACOES PERTINENTES"},"PROJETO EXECUTIVO DE INSTALACAO DE TELEMATICA PARA PREDIOS C","ULTURAIS ATE 500M2,INCLUSIVE PROJETO BASICO,APRESENTADO EM A","UTOCAD,INCLUSIVE AS LEGALIZACOES PERTINENTES",null,null,null,"M2",9.22]
["01.050.0080-A",{"$f":"C1060&D1060&E1060&F1060&G1060&H1060","v":"PROJETO EXECUTIVO DE INSTALACAO DE TELEMATICA PARA PREDIOS CULTURAIS ATE 500M2,INCLUSIVE PROJETO BASICO,APRESENTADO EM AUTOCAD,INCLUSIVE AS LEGALIZACOES PERTINENTES"},"PROJETO EXECUTIVO DE INSTALACAO DE TELEMATICA PARA PREDIOS C","ULTURAIS ATE 500M2,INCLUSIVE PROJETO BASICO,APRESENTADO EM A","UTOCAD,INCLUSIVE AS LEGALIZACOES PERTINENTES",null,null,null,"M2",7.99]
["01.050.0081-0",{"$f":"C1061&D1061&E1061&F1061&G1061&H1061","v":"PROJETO EXECUTIVO DE INSTALACAO DE TELEMATICA PARA PREDIOS CULTURAIS ACIMA DE 500M2,INCLUSIVE PROJETO BASICO,APRESENTADO EM AUTOCAD,INCLUSIVE AS LEGALIZACOES PERTINENTES"},"PROJETO EXECUTIVO DE INSTALACAO DE TELEMATICA PARA PREDIOS C","ULTURAIS ACIMA DE 500M2,INCLUSIVE PROJETO BASICO,APRESENTADO"," EM AUTOCAD,INCLUSIVE AS LEGALIZACOES PERTINENTES",null,null,null,"M2",8.29]
["01.050.0081-A",{"$f":"C1062&D1062&E1062&F1062&G1062&H1062","v":"PROJETO EXECUTIVO DE INSTALACAO DE TELEMATICA PARA PREDIOS CULTURAIS ACIMA DE 500M2,INCLUSIVE PROJETO BASICO,APRESENTADO EM AUTOCAD,INCLUSIVE AS LEGALIZACOES PERTINENTES"},"PROJETO EXECUTIVO DE INSTALACAO DE TELEMATICA PARA PREDIOS C","ULTURAIS ACIMA DE 500M2,INCLUSIVE PROJETO BASICO,APRESENTADO"," EM AUTOCAD,INCLUSIVE AS LEGALIZACOES PERTINENTES",null,null,null,"M2",7.18]
["01.050.0082-0",{"$f":"C1063&D1063&E1063&F1063&G1063&H1063","v":"PROJETO EXECUTIVO DE INSTALACAO DE TELEMATICA PARA PREDIOS HOSPITALARES,INCLUSIVE PROJETO BASICO,APRESENTADO EM AUTOCAD,INCLUSIVE AS LEGALIZACOES PERTINENTES"},"PROJETO EXECUTIVO DE INSTALACAO DE TELEMATICA PARA PREDIOS H","OSPITALARES,INCLUSIVE PROJETO BASICO,APRESENTADO EM AUTOCAD,","INCLUSIVE AS LEGALIZACOES PERTINENTES",null,null,null,"M2",9.22]
["01.050.0082-A",{"$f":"C1064&D1064&E1064&F1064&G1064&H1064","v":"PROJETO EXECUTIVO DE INSTALACAO DE TELEMATICA PARA PREDIOS HOSPITALARES,INCLUSIVE PROJETO BASICO,APRESENTADO EM AUTOCAD,INCLUSIVE AS LEGALIZACOES PERTINENTES"},"PROJETO EXECUTIVO DE INSTALACAO DE TELEMATICA PARA PREDIOS H","OSPITALARES,INCLUSIVE PROJETO BASICO,APRESENTADO EM AUTOCAD,","INCLUSIVE AS LEGALIZACOES PERTINENTES",null,null,null,"M2",7.99]
["01.050.0083-0",{"$f":"C1065&D1065&E1065&F1065&G1065&H1065","v":"PROJETO EXECUTIVO DE INSTALACAO DE TELEMATICA PARA HABITACOES/EDIFICIOS ATE 500M2,INCLUSIVE PROJETO BASICO,APRESENTADO EM AUTOCAD,INCLUSIVE AS LEGALIZACOES PERTINENTES"},"PROJETO EXECUTIVO DE INSTALACAO DE TELEMATICA PARA HABITACOE","S/EDIFICIOS ATE 500M2,INCLUSIVE PROJETO BASICO,APRESENTADO E","M AUTOCAD,INCLUSIVE AS LEGALIZACOES PERTINENTES",null,null,null,"M2",3.84]
["01.050.0083-A",{"$f":"C1066&D1066&E1066&F1066&G1066&H1066","v":"PROJETO EXECUTIVO DE INSTALACAO DE TELEMATICA PARA HABITACOES/EDIFICIOS ATE 500M2,INCLUSIVE PROJETO BASICO,APRESENTADO EM AUTOCAD,INCLUSIVE AS LEGALIZACOES PERTINENTES"},"PROJETO EXECUTIVO DE INSTALACAO DE TELEMATICA PARA HABITACOE","S/EDIFICIOS ATE 500M2,INCLUSIVE PROJETO BASICO,APRESENTADO E","M AUTOCAD,INCLUSIVE AS LEGALIZACOES PERTINENTES",null,null,null,"M2",3.33]
["01.050.0084-0",{"$f":"C1067&D1067&E1067&F1067&G1067&H1067","v":"PROJETO EXECUTIVO DE INSTALACAO DE TELEMATICA PARA HABITACOES/EDIFICIOS DE 501 ATE 3.000M2,INCLUSIVE PROJETO BASICO,APRESENTADO EM AUTOCAD,INCLUSIVE AS LEGALIZACOES PERTINENTES"},"PROJETO EXECUTIVO DE INSTALACAO DE TELEMATICA PARA HABITACOE","S/EDIFICIOS DE 501 ATE 3.000M2,INCLUSIVE PROJETO BASICO,APRE","SENTADO EM AUTOCAD,INCLUSIVE AS LEGALIZACOES PERTINENTES",null,null,null,"M2",3.48]
["01.050.0084-A",{"$f":"C1068&D1068&E1068&F1068&G1068&H1068","v":"PROJETO EXECUTIVO DE INSTALACAO DE TELEMATICA PARA HABITACOES/EDIFICIOS DE 501 ATE 3.000M2,INCLUSIVE PROJETO BASICO,APRESENTADO EM AUTOCAD,INCLUSIVE AS LEGALIZACOES PERTINENTES"},"PROJETO EXECUTIVO DE INSTALACAO DE TELEMATICA PARA HABITACOE","S/EDIFICIOS DE 501 ATE 3.000M2,INCLUSIVE PROJETO BASICO,APRE","SENTADO EM AUTOCAD,INCLUSIVE AS LEGALIZACOES PERTINENTES",null,null,null,"M2",3.02]
["01.050.0085-0",{"$f":"C1069&D1069&E1069&F1069&G1069&H1069","v":"PROJETO EXECUTIVO DE INSTALACAO DE TELEMATICA PARA HABITACAO/LOTEAMENTO ATE 12.000M2,INCLUSIVE PROJETO BASICO,APRESENTADO EM AUTOCAD,INCLUSIVE AS LEGALIZACOES PERTINENTES"},"PROJETO EXECUTIVO DE INSTALACAO DE TELEMATICA PARA HABITACAO","/LOTEAMENTO ATE 12.000M2,INCLUSIVE PROJETO BASICO,APRESENTAD","O EM AUTOCAD,INCLUSIVE AS LEGALIZACOES PERTINENTES",null,null,null,"M2",2.15]
["01.050.0085-A",{"$f":"C1070&D1070&E1070&F1070&G1070&H1070","v":"PROJETO EXECUTIVO DE INSTALACAO DE TELEMATICA PARA HABITACAO/LOTEAMENTO ATE 12.000M2,INCLUSIVE PROJETO BASICO,APRESENTADO EM AUTOCAD,INCLUSIVE AS LEGALIZACOES PERTINENTES"},"PROJETO EXECUTIVO DE INSTALACAO DE TELEMATICA PARA HABITACAO","/LOTEAMENTO ATE 12.000M2,INCLUSIVE PROJETO BASICO,APRESENTAD","O EM AUTOCAD,INCLUSIVE AS LEGALIZACOES PERTINENTES",null,null,null,"M2",1.86]
["01.050.0086-0",{"$f":"C1071&D1071&E1071&F1071&G1071&H1071","v":"PROJETO EXECUTIVO DE INSTALACAO DE TELEMATICA PARA HABITACAO/LOTEAMENTO ACIMA DE 12.000M2,INCLUSIVE PROJETO BASICO,APRESENTADO EM AUTOCAD,INCLUSIVE AS LEGALIZACOES PERTINENTES"},"PROJETO EXECUTIVO DE INSTALACAO DE TELEMATICA PARA HABITACAO","/LOTEAMENTO ACIMA DE 12.000M2,INCLUSIVE PROJETO BASICO,APRES","ENTADO EM AUTOCAD,INCLUSIVE AS LEGALIZACOES PERTINENTES",null,null,null,"M2",1.07]
["01.050.0086-A",{"$f":"C1072&D1072&E1072&F1072&G1072&H1072","v":"PROJETO EXECUTIVO DE INSTALACAO DE TELEMATICA PARA HABITACAO/LOTEAMENTO ACIMA DE 12.000M2,INCLUSIVE PROJETO BASICO,APRESENTADO EM AUTOCAD,INCLUSIVE AS LEGALIZACOES PERTINENTES"},"PROJETO EXECUTIVO DE INSTALACAO DE TELEMATICA PARA HABITACAO","/LOTEAMENTO ACIMA DE 12.000M2,INCLUSIVE PROJETO BASICO,APRES","ENTADO EM AUTOCAD,INCLUSIVE AS LEGALIZACOES PERTINENTES",null,null,null,"M2",0.92]
["01.050.0087-0",{"$f":"C1073&D1073&E1073&F1073&G1073&H1073","v":"PROJETO EXECUTIVO DE INSTALACAO DE ESGOTO SANITARIO E AGUASPLUVIAIS PARA PREDIOS ESCOLARES E/OU ADMINISTRATIVOS ATE 500M2,INCLUSIVE PROJETO BASICO,APRESENTADO EM AUTOCAD,INCLUSIVEAS LEGALIZACOES PERTINENTES"},"PROJETO EXECUTIVO DE INSTALACAO DE ESGOTO SANITARIO E AGUAS","PLUVIAIS PARA PREDIOS ESCOLARES E/OU ADMINISTRATIVOS ATE 500","M2,INCLUSIVE PROJETO BASICO,APRESENTADO EM AUTOCAD,INCLUSIVE","AS LEGALIZACOES PERTINENTES",null,null,"M2",6.58]
["01.050.0087-A",{"$f":"C1074&D1074&E1074&F1074&G1074&H1074","v":"PROJETO EXECUTIVO DE INSTALACAO DE ESGOTO SANITARIO E AGUASPLUVIAIS PARA PREDIOS ESCOLARES E/OU ADMINISTRATIVOS ATE 500M2,INCLUSIVE PROJETO BASICO,APRESENTADO EM AUTOCAD,INCLUSIVEAS LEGALIZACOES PERTINENTES"},"PROJETO EXECUTIVO DE INSTALACAO DE ESGOTO SANITARIO E AGUAS","PLUVIAIS PARA PREDIOS ESCOLARES E/OU ADMINISTRATIVOS ATE 500","M2,INCLUSIVE PROJETO BASICO,APRESENTADO EM AUTOCAD,INCLUSIVE","AS LEGALIZACOES PERTINENTES",null,null,"M2",5.7]
["01.050.0088-0",{"$f":"C1075&D1075&E1075&F1075&G1075&H1075","v":"PROJETO EXECUTIVO DE INSTALACAO DE ESGOTO SANITARIO E AGUASPLUVIAIS PARA PREDIOS ESCOLARES E/OU ADMINISTRATIVOS DE 501ATE 3.000M2,INCLUSIVE PROJETO BASICO,APRESENTADO EM AUTOCAD,INCLUSIVE AS LEGALIZACOES PERTINENTES"},"PROJETO EXECUTIVO DE INSTALACAO DE ESGOTO SANITARIO E AGUAS","PLUVIAIS PARA PREDIOS ESCOLARES E/OU ADMINISTRATIVOS DE 501","ATE 3.000M2,INCLUSIVE PROJETO BASICO,APRESENTADO EM AUTOCAD,","INCLUSIVE AS LEGALIZACOES PERTINENTES",null,null,"M2",6.1]
["01.050.0088-A",{"$f":"C1076&D1076&E1076&F1076&G1076&H1076","v":"PROJETO EXECUTIVO DE INSTALACAO DE ESGOTO SANITARIO E AGUASPLUVIAIS PARA PREDIOS ESCOLARES E/OU ADMINISTRATIVOS DE 501ATE 3.000M2,INCLUSIVE PROJETO BASICO,APRESENTADO EM AUTOCAD,INCLUSIVE AS LEGALIZACOES PERTINENTES"},"PROJETO EXECUTIVO DE INSTALACAO DE ESGOTO SANITARIO E AGUAS","PLUVIAIS PARA PREDIOS ESCOLARES E/OU ADMINISTRATIVOS DE 501","ATE 3.000M2,INCLUSIVE PROJETO BASICO,APRESENTADO EM AUTOCAD,","INCLUSIVE AS LEGALIZACOES PERTINENTES",null,null,"M2",5.28]
["01.050.0089-0",{"$f":"C1077&D1077&E1077&F1077&G1077&H1077","v":"PROJETO EXECUTIVO DE INSTALACAO DE ESGOTO SANITARIO E AGUASPLUVIAIS PARA PREDIOS ESCOLARES E/OU ADMINISTRATIVOS ACIMA DE 3.000M2,INCLUSIVE PROJETO BASICO,APRESENTADO EM AUTOCAD,INCLUSIVE AS LEGALIZACOES PERTINENTES"},"PROJETO EXECUTIVO DE INSTALACAO DE ESGOTO SANITARIO E AGUAS","PLUVIAIS PARA PREDIOS ESCOLARES E/OU ADMINISTRATIVOS ACIMA D","E 3.000M2,INCLUSIVE PROJETO BASICO,APRESENTADO EM AUTOCAD,IN","CLUSIVE AS LEGALIZACOES PERTINENTES",null,null,"M2",3.62]
["01.050.0089-A",{"$f":"C1078&D1078&E1078&F1078&G1078&H1078","v":"PROJETO EXECUTIVO DE INSTALACAO DE ESGOTO SANITARIO E AGUASPLUVIAIS PARA PREDIOS ESCOLARES E/OU ADMINISTRATIVOS ACIMA DE 3.000M2,INCLUSIVE PROJETO BASICO,APRESENTADO EM AUTOCAD,INCLUSIVE AS LEGALIZACOES PERTINENTES"},"PROJETO EXECUTIVO DE INSTALACAO DE ESGOTO SANITARIO E AGUAS","PLUVIAIS PARA PREDIOS ESCOLARES E/OU ADMINISTRATIVOS ACIMA D","E 3.000M2,INCLUSIVE PROJETO BASICO,APRESENTADO EM AUTOCAD,IN","CLUSIVE AS LEGALIZACOES PERTINENTES",null,null,"M2",3.13]
["01.050.0090-0",{"$f":"C1079&D1079&E1079&F1079&G1079&H1079","v":"PROJETO EXECUTIVO DE INSTALACAO DE ESGOTO SANITARIO E AGUASPLUVIAIS PARA PREDIOS CULTURAIS,INCLUSIVE PROJETO BASICO,APRESENTADO EM AUTOCAD,INCLUSIVE AS LEGALIZACOES PERTINENTES"},"PROJETO EXECUTIVO DE INSTALACAO DE ESGOTO SANITARIO E AGUAS","PLUVIAIS PARA PREDIOS CULTURAIS,INCLUSIVE PROJETO BASICO,APR","ESENTADO EM AUTOCAD,INCLUSIVE AS LEGALIZACOES PERTINENTES",null,null,null,"M2",6.1]
["01.050.0090-A",{"$f":"C1080&D1080&E1080&F1080&G1080&H1080","v":"PROJETO EXECUTIVO DE INSTALACAO DE ESGOTO SANITARIO E AGUASPLUVIAIS PARA PREDIOS CULTURAIS,INCLUSIVE PROJETO BASICO,APRESENTADO EM AUTOCAD,INCLUSIVE AS LEGALIZACOES PERTINENTES"},"PROJETO EXECUTIVO DE INSTALACAO DE ESGOTO SANITARIO E AGUAS","PLUVIAIS PARA PREDIOS CULTURAIS,INCLUSIVE PROJETO BASICO,APR","ESENTADO EM AUTOCAD,INCLUSIVE AS LEGALIZACOES PERTINENTES",null,null,null,"M2",5.28]
["01.050.0091-0",{"$f":"C1081&D1081&E1081&F1081&G1081&H1081","v":"PROJETO EXECUTIVO DE INSTALACAO DE ESGOTO SANITARIO E AGUASPLUVIAIS PARA PREDIOS HOSPITALARES ATE 4.000M2,INCLUSIVE PROJETO BASICO,APRESENTADO EM AUTOCAD,INCLUSIVE AS LEGALIZACOES PERTINENTES"},"PROJETO EXECUTIVO DE INSTALACAO DE ESGOTO SANITARIO E AGUAS","PLUVIAIS PARA PREDIOS HOSPITALARES ATE 4.000M2,INCLUSIVE PRO","JETO BASICO,APRESENTADO EM AUTOCAD,INCLUSIVE AS LEGALIZACOES"," PERTINENTES",null,null,"M2",19.76]
["01.050.0091-A",{"$f":"C1082&D1082&E1082&F1082&G1082&H1082","v":"PROJETO EXECUTIVO DE INSTALACAO DE ESGOTO SANITARIO E AGUASPLUVIAIS PARA PREDIOS HOSPITALARES ATE 4.000M2,INCLUSIVE PROJETO BASICO,APRESENTADO EM AUTOCAD,INCLUSIVE AS LEGALIZACOES PERTINENTES"},"PROJETO EXECUTIVO DE INSTALACAO DE ESGOTO SANITARIO E AGUAS","PLUVIAIS PARA PREDIOS HOSPITALARES ATE 4.000M2,INCLUSIVE PRO","JETO BASICO,APRESENTADO EM AUTOCAD,INCLUSIVE AS LEGALIZACOES"," PERTINENTES",null,null,"M2",17.12]
["01.050.0092-0",{"$f":"C1083&D1083&E1083&F1083&G1083&H1083","v":"PROJETO EXECUTIVO DE INSTALACAO DE ESGOTO SANITARIO E AGUASPLUVIAIS PARA PREDIOS HOSPITALARES ACIMA DE 4.000M2,INCLUSIVE PROJETO BASICO,APRESENTADO EM AUTOCAD,INCLUSIVE AS LEGALIZACOES PERTINENTES"},"PROJETO EXECUTIVO DE INSTALACAO DE ESGOTO SANITARIO E AGUAS","PLUVIAIS PARA PREDIOS HOSPITALARES ACIMA DE 4.000M2,INCLUSIV","E PROJETO BASICO,APRESENTADO EM AUTOCAD,INCLUSIVE AS LEGALIZ","ACOES PERTINENTES",null,null,"M2",16.5]
["01.050.0092-A",{"$f":"C1084&D1084&E1084&F1084&G1084&H1084","v":"PROJETO EXECUTIVO DE INSTALACAO DE ESGOTO SANITARIO E AGUASPLUVIAIS PARA PREDIOS HOSPITALARES ACIMA DE 4.000M2,INCLUSIVE PROJETO BASICO,APRESENTADO EM AUTOCAD,INCLUSIVE AS LEGALIZACOES PERTINENTES"},"PROJETO EXECUTIVO DE INSTALACAO DE ESGOTO SANITARIO E AGUAS","PLUVIAIS PARA PREDIOS HOSPITALARES ACIMA DE 4.000M2,INCLUSIV","E PROJETO BASICO,APRESENTADO EM AUTOCAD,INCLUSIVE AS LEGALIZ","ACOES PERTINENTES",null,null,"M2",14.29]
["01.050.0093-0",{"$f":"C1085&D1085&E1085&F1085&G1085&H1085","v":"PROJETO EXECUTIVO DE INSTALACAO DE ESGOTO SANITARIO E AGUASPLUVIAIS PARA URBANIZACAO ATE 15.000M2,INCLUSIVE PROJETO BASICO,APRESENTADO EM AUTOCAD,INCLUSIVE AS LEGALIZACOES PERTINENTES"},"PROJETO EXECUTIVO DE INSTALACAO DE ESGOTO SANITARIO E AGUAS","PLUVIAIS PARA URBANIZACAO ATE 15.000M2,INCLUSIVE PROJETO BAS","ICO,APRESENTADO EM AUTOCAD,INCLUSIVE AS LEGALIZACOES PERTINE","NTES",null,null,"M2",1.09]
["01.050.0093-A",{"$f":"C1086&D1086&E1086&F1086&G1086&H1086","v":"PROJETO EXECUTIVO DE INSTALACAO DE ESGOTO SANITARIO E AGUASPLUVIAIS PARA URBANIZACAO ATE 15.000M2,INCLUSIVE PROJETO BASICO,APRESENTADO EM AUTOCAD,INCLUSIVE AS LEGALIZACOES PERTINENTES"},"PROJETO EXECUTIVO DE INSTALACAO DE ESGOTO SANITARIO E AGUAS","PLUVIAIS PARA URBANIZACAO ATE 15.000M2,INCLUSIVE PROJETO BAS","ICO,APRESENTADO EM AUTOCAD,INCLUSIVE AS LEGALIZACOES PERTINE","NTES",null,null,"M2",0.94]
["01.050.0094-0",{"$f":"C1087&D1087&E1087&F1087&G1087&H1087","v":"PROJETO EXECUTIVO DE INSTALACAO DE ESGOTO SANITARIO E AGUASPLUVIAIS PARA URBANIZACAO ACIMA DE 15.000M2,INCLUSIVE PROJETO BASICO,APRESENTADO EM AUTOCAD,INCLUSIVE AS LEGALIZACOES PERTINENTES"},"PROJETO EXECUTIVO DE INSTALACAO DE ESGOTO SANITARIO E AGUAS","PLUVIAIS PARA URBANIZACAO ACIMA DE 15.000M2,INCLUSIVE PROJET","O BASICO,APRESENTADO EM AUTOCAD,INCLUSIVE AS LEGALIZACOES PE","RTINENTES",null,null,"M2",0.68]
["01.050.0094-A",{"$f":"C1088&D1088&E1088&F1088&G1088&H1088","v":"PROJETO EXECUTIVO DE INSTALACAO DE ESGOTO SANITARIO E AGUASPLUVIAIS PARA URBANIZACAO ACIMA DE 15.000M2,INCLUSIVE PROJETO BASICO,APRESENTADO EM AUTOCAD,INCLUSIVE AS LEGALIZACOES PERTINENTES"},"PROJETO EXECUTIVO DE INSTALACAO DE ESGOTO SANITARIO E AGUAS","PLUVIAIS PARA URBANIZACAO ACIMA DE 15.000M2,INCLUSIVE PROJET","O BASICO,APRESENTADO EM AUTOCAD,INCLUSIVE AS LEGALIZACOES PE","RTINENTES",null,null,"M2",0.59]
["01.050.0095-0",{"$f":"C1089&D1089&E1089&F1089&G1089&H1089","v":"PROJETO EXECUTIVO DE INSTALACAO DE ESGOTO SANITARIO E AGUASPLUVIAIS PARA HABITACAO/LOTEAMENTO ATE 12.000M2,INCLUSIVE PROJETO BASICO,APRESENTADO EM AUTOCAD,INCLUSIVE AS LEGALIZACOES PERTINENTES"},"PROJETO EXECUTIVO DE INSTALACAO DE ESGOTO SANITARIO E AGUAS","PLUVIAIS PARA HABITACAO/LOTEAMENTO ATE 12.000M2,INCLUSIVE PR","OJETO BASICO,APRESENTADO EM AUTOCAD,INCLUSIVE AS LEGALIZACOE","S PERTINENTES",null,null,"M2",5.99]
["01.050.0095-A",{"$f":"C1090&D1090&E1090&F1090&G1090&H1090","v":"PROJETO EXECUTIVO DE INSTALACAO DE ESGOTO SANITARIO E AGUASPLUVIAIS PARA HABITACAO/LOTEAMENTO ATE 12.000M2,INCLUSIVE PROJETO BASICO,APRESENTADO EM AUTOCAD,INCLUSIVE AS LEGALIZACOES PERTINENTES"},"PROJETO EXECUTIVO DE INSTALACAO DE ESGOTO SANITARIO E AGUAS","PLUVIAIS PARA HABITACAO/LOTEAMENTO ATE 12.000M2,INCLUSIVE PR","OJETO BASICO,APRESENTADO EM AUTOCAD,INCLUSIVE AS LEGALIZACOE","S PERTINENTES",null,null,"M2",5.19]
["01.050.0096-0",{"$f":"C1091&D1091&E1091&F1091&G1091&H1091","v":"PROJETO EXECUTIVO DE INSTALACAO DE ESGOTO SANITARIO E AGUASPLUVIAIS PARA HABITACAO/LOTEAMENTO DE 12.001 ATE 36.000M2,INCLUSIVE PROJETO BASICO,APRESENTADO EM AUTOCAD,INCLUSIVE AS LEGALIZACOES PERTINENTES"},"PROJETO EXECUTIVO DE INSTALACAO DE ESGOTO SANITARIO E AGUAS","PLUVIAIS PARA HABITACAO/LOTEAMENTO DE 12.001 ATE 36.000M2,IN","CLUSIVE PROJETO BASICO,APRESENTADO EM AUTOCAD,INCLUSIVE AS L","EGALIZACOES PERTINENTES",null,null,"M2",4.35]
["01.050.0096-A",{"$f":"C1092&D1092&E1092&F1092&G1092&H1092","v":"PROJETO EXECUTIVO DE INSTALACAO DE ESGOTO SANITARIO E AGUASPLUVIAIS PARA HABITACAO/LOTEAMENTO DE 12.001 ATE 36.000M2,INCLUSIVE PROJETO BASICO,APRESENTADO EM AUTOCAD,INCLUSIVE AS LEGALIZACOES PERTINENTES"},"PROJETO EXECUTIVO DE INSTALACAO DE ESGOTO SANITARIO E AGUAS","PLUVIAIS PARA HABITACAO/LOTEAMENTO DE 12.001 ATE 36.000M2,IN","CLUSIVE PROJETO BASICO,APRESENTADO EM AUTOCAD,INCLUSIVE AS L","EGALIZACOES PERTINENTES",null,null,"M2",3.77]
["01.050.0097-0",{"$f":"C1093&D1093&E1093&F1093&G1093&H1093","v":"PROJETO EXECUTIVO DE INSTALACAO DE ESGOTO SANITARIO E AGUASPLUVIAIS PARA HABITACAO/LOTEAMENTO ACIMA DE 36.000M2,INCLUSIVE PROJETO BASICO,APRESENTADO EM AUTOCAD,INCLUSIVE AS LEGALIZACOES PERTINENTES"},"PROJETO EXECUTIVO DE INSTALACAO DE ESGOTO SANITARIO E AGUAS","PLUVIAIS PARA HABITACAO/LOTEAMENTO ACIMA DE 36.000M2,INCLUSI","VE PROJETO BASICO,APRESENTADO EM AUTOCAD,INCLUSIVE AS LEGALI","ZACOES PERTINENTES",null,null,"M2",2.15]
["01.050.0097-A",{"$f":"C1094&D1094&E1094&F1094&G1094&H1094","v":"PROJETO EXECUTIVO DE INSTALACAO DE ESGOTO SANITARIO E AGUASPLUVIAIS PARA HABITACAO/LOTEAMENTO ACIMA DE 36.000M2,INCLUSIVE PROJETO BASICO,APRESENTADO EM AUTOCAD,INCLUSIVE AS LEGALIZACOES PERTINENTES"},"PROJETO EXECUTIVO DE INSTALACAO DE ESGOTO SANITARIO E AGUAS","PLUVIAIS PARA HABITACAO/LOTEAMENTO ACIMA DE 36.000M2,INCLUSI","VE PROJETO BASICO,APRESENTADO EM AUTOCAD,INCLUSIVE AS LEGALI","ZACOES PERTINENTES",null,null,"M2",1.86]
["01.050.0098-0",{"$f":"C1095&D1095&E1095&F1095&G1095&H1095","v":"PROJETO EXECUTIVO DE INSTALACAO HIDRAULICA PARA PREDIOS ESCOLARES E/OU ADMINISTRATIVOS ATE 500M2,INCLUSIVE PROJETO BASICO,APRESENTADO EM AUTOCAD,INCLUSIVE AS LEGALIZACOES PERTINENTES"},"PROJETO EXECUTIVO DE INSTALACAO HIDRAULICA PARA PREDIOS ESCO","LARES E/OU ADMINISTRATIVOS ATE 500M2,INCLUSIVE PROJETO BASIC","O,APRESENTADO EM AUTOCAD,INCLUSIVE AS LEGALIZACOES PERTINENT","ES",null,null,"M2",11.03]
["01.050.0098-A",{"$f":"C1096&D1096&E1096&F1096&G1096&H1096","v":"PROJETO EXECUTIVO DE INSTALACAO HIDRAULICA PARA PREDIOS ESCOLARES E/OU ADMINISTRATIVOS ATE 500M2,INCLUSIVE PROJETO BASICO,APRESENTADO EM AUTOCAD,INCLUSIVE AS LEGALIZACOES PERTINENTES"},"PROJETO EXECUTIVO DE INSTALACAO HIDRAULICA PARA PREDIOS ESCO","LARES E/OU ADMINISTRATIVOS ATE 500M2,INCLUSIVE PROJETO BASIC","O,APRESENTADO EM AUTOCAD,INCLUSIVE AS LEGALIZACOES PERTINENT","ES",null,null,"M2",9.56]
["01.050.0099-0",{"$f":"C1097&D1097&E1097&F1097&G1097&H1097","v":"PROJETO EXECUTIVO DE INSTALACAO HIDRAULICA PARA PREDIOS ESCOLARES E/OU ADMINISTRATIVOS DE 501 A 3.000M2,INCLUSIVE PROJETO BASICO,APRESENTADO EM AUTOCAD,INCLUSIVE AS LEGALIZACOES PERTINENTES"},"PROJETO EXECUTIVO DE INSTALACAO HIDRAULICA PARA PREDIOS ESCO","LARES E/OU ADMINISTRATIVOS DE 501 A 3.000M2,INCLUSIVE PROJET","O BASICO,APRESENTADO EM AUTOCAD,INCLUSIVE AS LEGALIZACOES PE","RTINENTES",null,null,"M2",6.58]
["01.050.0099-A",{"$f":"C1098&D1098&E1098&F1098&G1098&H1098","v":"PROJETO EXECUTIVO DE INSTALACAO HIDRAULICA PARA PREDIOS ESCOLARES E/OU ADMINISTRATIVOS DE 501 A 3.000M2,INCLUSIVE PROJETO BASICO,APRESENTADO EM AUTOCAD,INCLUSIVE AS LEGALIZACOES PERTINENTES"},"PROJETO EXECUTIVO DE INSTALACAO HIDRAULICA PARA PREDIOS ESCO","LARES E/OU ADMINISTRATIVOS DE 501 A 3.000M2,INCLUSIVE PROJET","O BASICO,APRESENTADO EM AUTOCAD,INCLUSIVE AS LEGALIZACOES PE","RTINENTES",null,null,"M2",5.7]
["01.050.0100-0",{"$f":"C1099&D1099&E1099&F1099&G1099&H1099","v":"PROJETO EXECUTIVO DE INSTALACAO HIDRAULICA PARA PREDIOS ESCOLARES E/OU ADMINISTRATIVOS ACIMA DE 3.000M2,INCLUSIVE PROJETO BASICO,APRESENTADO EM AUTOCAD,INCLUSIVE AS LEGALIZACOES PERTINENTES"},"PROJETO EXECUTIVO DE INSTALACAO HIDRAULICA PARA PREDIOS ESCO","LARES E/OU ADMINISTRATIVOS ACIMA DE 3.000M2,INCLUSIVE PROJET","O BASICO,APRESENTADO EM AUTOCAD,INCLUSIVE AS LEGALIZACOES PE","RTINENTES",null,null,"M2",6.1]
["01.050.0100-A",{"$f":"C1100&D1100&E1100&F1100&G1100&H1100","v":"PROJETO EXECUTIVO DE INSTALACAO HIDRAULICA PARA PREDIOS ESCOLARES E/OU ADMINISTRATIVOS ACIMA DE 3.000M2,INCLUSIVE PROJETO BASICO,APRESENTADO EM AUTOCAD,INCLUSIVE AS LEGALIZACOES PERTINENTES"},"PROJETO EXECUTIVO DE INSTALACAO HIDRAULICA PARA PREDIOS ESCO","LARES E/OU ADMINISTRATIVOS ACIMA DE 3.000M2,INCLUSIVE PROJET","O BASICO,APRESENTADO EM AUTOCAD,INCLUSIVE AS LEGALIZACOES PE","RTINENTES",null,null,"M2",5.28]
["01.050.0101-0",{"$f":"C1101&D1101&E1101&F1101&G1101&H1101","v":"PROJETO EXECUTIVO DE INSTALACAO HIDRAULICA PARA PREDIOS CULTURAIS,INCLUSIVE PROJETO BASICO,APRESENTADO EM AUTOCAD,INCLUSIVE AS LEGALIZACOES PERTINENTES"},"PROJETO EXECUTIVO DE INSTALACAO HIDRAULICA PARA PREDIOS CULT","URAIS,INCLUSIVE PROJETO BASICO,APRESENTADO EM AUTOCAD,INCLUS","IVE AS LEGALIZACOES PERTINENTES",null,null,null,"M2",11.03]
["01.050.0101-A",{"$f":"C1102&D1102&E1102&F1102&G1102&H1102","v":"PROJETO EXECUTIVO DE INSTALACAO HIDRAULICA PARA PREDIOS CULTURAIS,INCLUSIVE PROJETO BASICO,APRESENTADO EM AUTOCAD,INCLUSIVE AS LEGALIZACOES PERTINENTES"},"PROJETO EXECUTIVO DE INSTALACAO HIDRAULICA PARA PREDIOS CULT","URAIS,INCLUSIVE PROJETO BASICO,APRESENTADO EM AUTOCAD,INCLUS","IVE AS LEGALIZACOES PERTINENTES",null,null,null,"M2",9.56]
["01.050.0102-0",{"$f":"C1103&D1103&E1103&F1103&G1103&H1103","v":"PROJETO EXECUTIVO DE INSTALACAO HIDRAULICA PARA PREDIOS HOSPITALARES ATE 4.000M2,INCLUSIVE PROJETO BASICO,APRESENTADO EM AUTOCAD,INCLUSIVE AS LEGALIZACOES PERTINENTES"},"PROJETO EXECUTIVO DE INSTALACAO HIDRAULICA PARA PREDIOS HOSP","ITALARES ATE 4.000M2,INCLUSIVE PROJETO BASICO,APRESENTADO EM"," AUTOCAD,INCLUSIVE AS LEGALIZACOES PERTINENTES",null,null,null,"M2",19.76]
["01.050.0102-A",{"$f":"C1104&D1104&E1104&F1104&G1104&H1104","v":"PROJETO EXECUTIVO DE INSTALACAO HIDRAULICA PARA PREDIOS HOSPITALARES ATE 4.000M2,INCLUSIVE PROJETO BASICO,APRESENTADO EM AUTOCAD,INCLUSIVE AS LEGALIZACOES PERTINENTES"},"PROJETO EXECUTIVO DE INSTALACAO HIDRAULICA PARA PREDIOS HOSP","ITALARES ATE 4.000M2,INCLUSIVE PROJETO BASICO,APRESENTADO EM"," AUTOCAD,INCLUSIVE AS LEGALIZACOES PERTINENTES",null,null,null,"M2",17.12]
["01.050.0103-0",{"$f":"C1105&D1105&E1105&F1105&G1105&H1105","v":"PROJETO EXECUTIVO DE INSTALACAO HIDRAULICA PARA PREDIOS HOSPITALARES ACIMA DE 4.000M2,INCLUSIVE PROJETO BASICO,APRESENTADO EM AUTOCAD,INCLUSIVE AS LEGALIZACOES PERTINENTES"},"PROJETO EXECUTIVO DE INSTALACAO HIDRAULICA PARA PREDIOS HOSP","ITALARES ACIMA DE 4.000M2,INCLUSIVE PROJETO BASICO,APRESENTA","DO EM AUTOCAD,INCLUSIVE AS LEGALIZACOES PERTINENTES",null,null,null,"M2",16.5]
["01.050.0103-A",{"$f":"C1106&D1106&E1106&F1106&G1106&H1106","v":"PROJETO EXECUTIVO DE INSTALACAO HIDRAULICA PARA PREDIOS HOSPITALARES ACIMA DE 4.000M2,INCLUSIVE PROJETO BASICO,APRESENTADO EM AUTOCAD,INCLUSIVE AS LEGALIZACOES PERTINENTES"},"PROJETO EXECUTIVO DE INSTALACAO HIDRAULICA PARA PREDIOS HOSP","ITALARES ACIMA DE 4.000M2,INCLUSIVE PROJETO BASICO,APRESENTA","DO EM AUTOCAD,INCLUSIVE AS LEGALIZACOES PERTINENTES",null,null,null,"M2",14.29]
["01.050.0104-0",{"$f":"C1107&D1107&E1107&F1107&G1107&H1107","v":"PROJETO EXECUTIVO DE INSTALACAO HIDRAULICA PARA HABITACOES/EDIFICIOS ATE 500M2,INCLUSIVE PROJETO BASICO,APRESENTADO EM AUTOCAD,INCLUSIVE AS LEGALIZACOES PERTINENTES"},"PROJETO EXECUTIVO DE INSTALACAO HIDRAULICA PARA HABITACOES/E","DIFICIOS ATE 500M2,INCLUSIVE PROJETO BASICO,APRESENTADO EM A","UTOCAD,INCLUSIVE AS LEGALIZACOES PERTINENTES",null,null,null,"M2",12.03]
["01.050.0104-A",{"$f":"C1108&D1108&E1108&F1108&G1108&H1108","v":"PROJETO EXECUTIVO DE INSTALACAO HIDRAULICA PARA HABITACOES/EDIFICIOS ATE 500M2,INCLUSIVE PROJETO BASICO,APRESENTADO EM AUTOCAD,INCLUSIVE AS LEGALIZACOES PERTINENTES"},"PROJETO EXECUTIVO DE INSTALACAO HIDRAULICA PARA HABITACOES/E","DIFICIOS ATE 500M2,INCLUSIVE PROJETO BASICO,APRESENTADO EM A","UTOCAD,INCLUSIVE AS LEGALIZACOES PERTINENTES",null,null,null,"M2",10.42]
["01.050.0105-0",{"$f":"C1109&D1109&E1109&F1109&G1109&H1109","v":"PROJETO EXECUTIVO DE INSTALACAO HIDRAULICA PARA HABITACOES/EDIFICIOS DE 501 ATE 3.000M2,INCLUSVE PROJETO BASICO,APRESENTADO EM AUTOCAD,INCLUSIVE AS LEGALIZACOES PERTINENTES"},"PROJETO EXECUTIVO DE INSTALACAO HIDRAULICA PARA HABITACOES/E","DIFICIOS DE 501 ATE 3.000M2,INCLUSVE PROJETO BASICO,APRESENT","ADO EM AUTOCAD,INCLUSIVE AS LEGALIZACOES PERTINENTES",null,null,null,"M2",8.09]
["01.050.0105-A",{"$f":"C1110&D1110&E1110&F1110&G1110&H1110","v":"PROJETO EXECUTIVO DE INSTALACAO HIDRAULICA PARA HABITACOES/EDIFICIOS DE 501 ATE 3.000M2,INCLUSVE PROJETO BASICO,APRESENTADO EM AUTOCAD,INCLUSIVE AS LEGALIZACOES PERTINENTES"},"PROJETO EXECUTIVO DE INSTALACAO HIDRAULICA PARA HABITACOES/E","DIFICIOS DE 501 ATE 3.000M2,INCLUSVE PROJETO BASICO,APRESENT","ADO EM AUTOCAD,INCLUSIVE AS LEGALIZACOES PERTINENTES",null,null,null,"M2",7.01]
["01.050.0106-0",{"$f":"C1111&D1111&E1111&F1111&G1111&H1111","v":"PROJETO EXECUTIVO DE INSTALACAO HIDRAULICA PARA HABITACOES/EDIFICIOS ACIMA DE 3.000M2,INCLUSIVE PROJETO BASICO,APRESENTADO EM AUTOCAD,INCLUSIVE AS LEGALIZACOES PERTINENTES"},"PROJETO EXECUTIVO DE INSTALACAO HIDRAULICA PARA HABITACOES/E","DIFICIOS ACIMA DE 3.000M2,INCLUSIVE PROJETO BASICO,APRESENTA","DO EM AUTOCAD,INCLUSIVE AS LEGALIZACOES PERTINENTES",null,null,null,"M2",6.1]
["01.050.0106-A",{"$f":"C1112&D1112&E1112&F1112&G1112&H1112","v":"PROJETO EXECUTIVO DE INSTALACAO HIDRAULICA PARA HABITACOES/EDIFICIOS ACIMA DE 3.000M2,INCLUSIVE PROJETO BASICO,APRESENTADO EM AUTOCAD,INCLUSIVE AS LEGALIZACOES PERTINENTES"},"PROJETO EXECUTIVO DE INSTALACAO HIDRAULICA PARA HABITACOES/E","DIFICIOS ACIMA DE 3.000M2,INCLUSIVE PROJETO BASICO,APRESENTA","DO EM AUTOCAD,INCLUSIVE AS LEGALIZACOES PERTINENTES",null,null,null,"M2",5.29]
["01.050.0107-0",{"$f":"C1113&D1113&E1113&F1113&G1113&H1113","v":"PROJETO EXECUTIVO DE INSTALACAO HIDRAULICA PARA URBANIZACAOATE 15.000M2,INCLUSIVE PROJETO BASICO,APRESENTADO EM AUTOCAD,INCLUSIVE AS LEGALIZACOES PERTINENTES"},"PROJETO EXECUTIVO DE INSTALACAO HIDRAULICA PARA URBANIZACAO","ATE 15.000M2,INCLUSIVE PROJETO BASICO,APRESENTADO EM AUTOCAD",",INCLUSIVE AS LEGALIZACOES PERTINENTES",null,null,null,"M2",1.07]
["01.050.0107-A",{"$f":"C1114&D1114&E1114&F1114&G1114&H1114","v":"PROJETO EXECUTIVO DE INSTALACAO HIDRAULICA PARA URBANIZACAOATE 15.000M2,INCLUSIVE PROJETO BASICO,APRESENTADO EM AUTOCAD,INCLUSIVE AS LEGALIZACOES PERTINENTES"},"PROJETO EXECUTIVO DE INSTALACAO HIDRAULICA PARA URBANIZACAO","ATE 15.000M2,INCLUSIVE PROJETO BASICO,APRESENTADO EM AUTOCAD",",INCLUSIVE AS LEGALIZACOES PERTINENTES",null,null,null,"M2",0.92]
["01.050.0108-0",{"$f":"C1115&D1115&E1115&F1115&G1115&H1115","v":"PROJETO EXECUTIVO DE INSTALACAO HIDRAULICA PARA URBANIZACAOACIMA DE 15.000M2,INCLUSIVE PROJETO BASICO,APRESENTADO EM AUTOCAD,INCLUSIVE AS LEGALIZACOES PERTINENTES"},"PROJETO EXECUTIVO DE INSTALACAO HIDRAULICA PARA URBANIZACAO","ACIMA DE 15.000M2,INCLUSIVE PROJETO BASICO,APRESENTADO EM AU","TOCAD,INCLUSIVE AS LEGALIZACOES PERTINENTES",null,null,null,"M2",0.68]
["01.050.0108-A",{"$f":"C1116&D1116&E1116&F1116&G1116&H1116","v":"PROJETO EXECUTIVO DE INSTALACAO HIDRAULICA PARA URBANIZACAOACIMA DE 15.000M2,INCLUSIVE PROJETO BASICO,APRESENTADO EM AUTOCAD,INCLUSIVE AS LEGALIZACOES PERTINENTES"},"PROJETO EXECUTIVO DE INSTALACAO HIDRAULICA PARA URBANIZACAO","ACIMA DE 15.000M2,INCLUSIVE PROJETO BASICO,APRESENTADO EM AU","TOCAD,INCLUSIVE AS LEGALIZACOES PERTINENTES",null,null,null,"M2",0.59]
["01.050.0109-0",{"$f":"C1117&D1117&E1117&F1117&G1117&H1117","v":"PROJETO EXECUTIVO DE INSTALACAO HIDRAULICA PARA HABITACAO/LOTEAMENTO ATE 12.000M2,INCLUSIVE PROJETO BASICO,APRESENTADO EM AUTOCAD,INCLUSIVE AS LEGALIZACOES PERTINENTES"},"PROJETO EXECUTIVO DE INSTALACAO HIDRAULICA PARA HABITACAO/LO","TEAMENTO ATE 12.000M2,INCLUSIVE PROJETO BASICO,APRESENTADO E","M AUTOCAD,INCLUSIVE AS LEGALIZACOES PERTINENTES",null,null,null,"M2",6.58]
["01.050.0109-A",{"$f":"C1118&D1118&E1118&F1118&G1118&H1118","v":"PROJETO EXECUTIVO DE INSTALACAO HIDRAULICA PARA HABITACAO/LOTEAMENTO ATE 12.000M2,INCLUSIVE PROJETO BASICO,APRESENTADO EM AUTOCAD,INCLUSIVE AS LEGALIZACOES PERTINENTES"},"PROJETO EXECUTIVO DE INSTALACAO HIDRAULICA PARA HABITACAO/LO","TEAMENTO ATE 12.000M2,INCLUSIVE PROJETO BASICO,APRESENTADO E","M AUTOCAD,INCLUSIVE AS LEGALIZACOES PERTINENTES",null,null,null,"M2",5.7]
["01.050.0110-0",{"$f":"C1119&D1119&E1119&F1119&G1119&H1119","v":"PROJETO EXECUTIVO DE INSTALACAO HIDRAULICA PARA HABITACAO/LOTEAMENTO DE 12.001 ATE 36.000M2,INCLUSIVE PROJETO BASICO,APRESENTADO EM AUTOCAD,INCLUSIVE AS LEGALIZACOES PERTINENTES"},"PROJETO EXECUTIVO DE INSTALACAO HIDRAULICA PARA HABITACAO/LO","TEAMENTO DE 12.001 ATE 36.000M2,INCLUSIVE PROJETO BASICO,APR","ESENTADO EM AUTOCAD,INCLUSIVE AS LEGALIZACOES PERTINENTES",null,null,null,"M2",4.35]
["01.050.0110-A",{"$f":"C1120&D1120&E1120&F1120&G1120&H1120","v":"PROJETO EXECUTIVO DE INSTALACAO HIDRAULICA PARA HABITACAO/LOTEAMENTO DE 12.001 ATE 36.000M2,INCLUSIVE PROJETO BASICO,APRESENTADO EM AUTOCAD,INCLUSIVE AS LEGALIZACOES PERTINENTES"},"PROJETO EXECUTIVO DE INSTALACAO HIDRAULICA PARA HABITACAO/LO","TEAMENTO DE 12.001 ATE 36.000M2,INCLUSIVE PROJETO BASICO,APR","ESENTADO EM AUTOCAD,INCLUSIVE AS LEGALIZACOES PERTINENTES",null,null,null,"M2",3.77]
["01.050.0111-0",{"$f":"C1121&D1121&E1121&F1121&G1121&H1121","v":"PROJETO EXECUTIVO DE INSTALACAO HIDRAULICA PARA HABITACAO/LOTEAMENTO ACIMA DE 36.000M2,INCLUSIVE PROJETO BASICO,APRESENTADO EM AUTOCAD,INCLUSIVE AS LEGALIZACOES PERTINENTES"},"PROJETO EXECUTIVO DE INSTALACAO HIDRAULICA PARA HABITACAO/LO","TEAMENTO ACIMA DE 36.000M2,INCLUSIVE PROJETO BASICO,APRESENT","ADO EM AUTOCAD,INCLUSIVE AS LEGALIZACOES PERTINENTES",null,null,null,"M2",3.29]
["01.050.0111-A",{"$f":"C1122&D1122&E1122&F1122&G1122&H1122","v":"PROJETO EXECUTIVO DE INSTALACAO HIDRAULICA PARA HABITACAO/LOTEAMENTO ACIMA DE 36.000M2,INCLUSIVE PROJETO BASICO,APRESENTADO EM AUTOCAD,INCLUSIVE AS LEGALIZACOES PERTINENTES"},"PROJETO EXECUTIVO DE INSTALACAO HIDRAULICA PARA HABITACAO/LO","TEAMENTO ACIMA DE 36.000M2,INCLUSIVE PROJETO BASICO,APRESENT","ADO EM AUTOCAD,INCLUSIVE AS LEGALIZACOES PERTINENTES",null,null,null,"M2",2.85]
["01.050.0112-0",{"$f":"C1123&D1123&E1123&F1123&G1123&H1123","v":"PROJETO EXECUTIVO DE INSTALACAO HIDRAULICA DE MONTAGEM INTERNA DE CHAFARIZES,APRESENTADO EM AUTOCAD NOS PADROES DA CONTRATADA,DE ACORDO COM A ABNT"},"PROJETO EXECUTIVO DE INSTALACAO HIDRAULICA DE MONTAGEM INTER","NA DE CHAFARIZES,APRESENTADO EM AUTOCAD NOS PADROES DA CONTR","ATADA,DE ACORDO COM A ABNT",null,null,null,"UN",1211.3]
["01.050.0112-A",{"$f":"C1124&D1124&E1124&F1124&G1124&H1124","v":"PROJETO EXECUTIVO DE INSTALACAO HIDRAULICA DE MONTAGEM INTERNA DE CHAFARIZES,APRESENTADO EM AUTOCAD NOS PADROES DA CONTRATADA,DE ACORDO COM A ABNT"},"PROJETO EXECUTIVO DE INSTALACAO HIDRAULICA DE MONTAGEM INTER","NA DE CHAFARIZES,APRESENTADO EM AUTOCAD NOS PADROES DA CONTR","ATADA,DE ACORDO COM A ABNT",null,null,null,"UN",1049.5]
["01.050.0113-0",{"$f":"C1125&D1125&E1125&F1125&G1125&H1125","v":"PROJETO EXECUTIVO DE INSTALACAO ELETRICA PARA PREDIOS ESCOLARES E/OU ADMINISTRATIVOS ATE 500M2,INCLUSIVE PROJETO BASICO,APRESENTADO EM AUTOCAD,INCLUSIVE AS LEGALIZACOES PERTINENTES"},"PROJETO EXECUTIVO DE INSTALACAO ELETRICA PARA PREDIOS ESCOLA","RES E/OU ADMINISTRATIVOS ATE 500M2,INCLUSIVE PROJETO BASICO,","APRESENTADO EM AUTOCAD,INCLUSIVE AS LEGALIZACOES PERTINENTES",null,null,null,"M2",13.21]
["01.050.0113-A",{"$f":"C1126&D1126&E1126&F1126&G1126&H1126","v":"PROJETO EXECUTIVO DE INSTALACAO ELETRICA PARA PREDIOS ESCOLARES E/OU ADMINISTRATIVOS ATE 500M2,INCLUSIVE PROJETO BASICO,APRESENTADO EM AUTOCAD,INCLUSIVE AS LEGALIZACOES PERTINENTES"},"PROJETO EXECUTIVO DE INSTALACAO ELETRICA PARA PREDIOS ESCOLA","RES E/OU ADMINISTRATIVOS ATE 500M2,INCLUSIVE PROJETO BASICO,","APRESENTADO EM AUTOCAD,INCLUSIVE AS LEGALIZACOES PERTINENTES",null,null,null,"M2",11.44]
["01.050.0114-0",{"$f":"C1127&D1127&E1127&F1127&G1127&H1127","v":"PROJETO EXECUTIVO DE INSTALACAO ELETRICA PARA PREDIOS ESCOLARES E/OU ADMINISTRATIVOS DE 501 ATE 3.000M2,INCLUSIVE PROJETO BASICO,APRESENTADO EM AUTOCAD,INCLUSIVE AS LEGALIZACOES PERTINENTES"},"PROJETO EXECUTIVO DE INSTALACAO ELETRICA PARA PREDIOS ESCOLA","RES E/OU ADMINISTRATIVOS DE 501 ATE 3.000M2,INCLUSIVE PROJET","O BASICO,APRESENTADO EM AUTOCAD,INCLUSIVE AS LEGALIZACOES PE","RTINENTES",null,null,"M2",11.03]
["01.050.0114-A",{"$f":"C1128&D1128&E1128&F1128&G1128&H1128","v":"PROJETO EXECUTIVO DE INSTALACAO ELETRICA PARA PREDIOS ESCOLARES E/OU ADMINISTRATIVOS DE 501 ATE 3.000M2,INCLUSIVE PROJETO BASICO,APRESENTADO EM AUTOCAD,INCLUSIVE AS LEGALIZACOES PERTINENTES"},"PROJETO EXECUTIVO DE INSTALACAO ELETRICA PARA PREDIOS ESCOLA","RES E/OU ADMINISTRATIVOS DE 501 ATE 3.000M2,INCLUSIVE PROJET","O BASICO,APRESENTADO EM AUTOCAD,INCLUSIVE AS LEGALIZACOES PE","RTINENTES",null,null,"M2",9.56]
["01.050.0115-0",{"$f":"C1129&D1129&E1129&F1129&G1129&H1129","v":"PROJETO EXECUTIVO DE INSTALACAO ELETRICA PARA PREDIOS ESCOLARES E/OU ADMINISTRATIVOS ACIMA DE 3.000M2,INCLUSIVE PROJETOBASICO,APRESENTADO EM AUTOCAD,INCLUSIVE AS LEGALIZACOES PERTINENTES"},"PROJETO EXECUTIVO DE INSTALACAO ELETRICA PARA PREDIOS ESCOLA","RES E/OU ADMINISTRATIVOS ACIMA DE 3.000M2,INCLUSIVE PROJETO","BASICO,APRESENTADO EM AUTOCAD,INCLUSIVE AS LEGALIZACOES PERT","INENTES",null,null,"M2",6.58]
["01.050.0115-A",{"$f":"C1130&D1130&E1130&F1130&G1130&H1130","v":"PROJETO EXECUTIVO DE INSTALACAO ELETRICA PARA PREDIOS ESCOLARES E/OU ADMINISTRATIVOS ACIMA DE 3.000M2,INCLUSIVE PROJETOBASICO,APRESENTADO EM AUTOCAD,INCLUSIVE AS LEGALIZACOES PERTINENTES"},"PROJETO EXECUTIVO DE INSTALACAO ELETRICA PARA PREDIOS ESCOLA","RES E/OU ADMINISTRATIVOS ACIMA DE 3.000M2,INCLUSIVE PROJETO","BASICO,APRESENTADO EM AUTOCAD,INCLUSIVE AS LEGALIZACOES PERT","INENTES",null,null,"M2",5.7]
["01.050.0116-0",{"$f":"C1131&D1131&E1131&F1131&G1131&H1131","v":"PROJETO EXECUTIVO DE INSTALACAO ELETRICA PARA PREDIOS CULTURAIS ATE 3.000M2,INCLUSIVE PROJETO BASICO,APRESENTADO EM AUTOCAD,INCLUSIVE AS LEGALIZACOES PERTINENTES"},"PROJETO EXECUTIVO DE INSTALACAO ELETRICA PARA PREDIOS CULTUR","AIS ATE 3.000M2,INCLUSIVE PROJETO BASICO,APRESENTADO EM AUTO","CAD,INCLUSIVE AS LEGALIZACOES PERTINENTES",null,null,null,"M2",22.08]
["01.050.0116-A",{"$f":"C1132&D1132&E1132&F1132&G1132&H1132","v":"PROJETO EXECUTIVO DE INSTALACAO ELETRICA PARA PREDIOS CULTURAIS ATE 3.000M2,INCLUSIVE PROJETO BASICO,APRESENTADO EM AUTOCAD,INCLUSIVE AS LEGALIZACOES PERTINENTES"},"PROJETO EXECUTIVO DE INSTALACAO ELETRICA PARA PREDIOS CULTUR","AIS ATE 3.000M2,INCLUSIVE PROJETO BASICO,APRESENTADO EM AUTO","CAD,INCLUSIVE AS LEGALIZACOES PERTINENTES",null,null,null,"M2",19.13]
["01.050.0117-0",{"$f":"C1133&D1133&E1133&F1133&G1133&H1133","v":"PROJETO EXECUTIVO DE INSTALACAO ELETRICA PARA PREDIOS CULTURAIS ACIMA DE 3.000M2,INCLUSIVE PROJETO BASICO,APRESENTADO EM AUTOCAD,INCLUSIVE AS LEGALIZACOES PERTINENTES"},"PROJETO EXECUTIVO DE INSTALACAO ELETRICA PARA PREDIOS CULTUR","AIS ACIMA DE 3.000M2,INCLUSIVE PROJETO BASICO,APRESENTADO EM"," AUTOCAD,INCLUSIVE AS LEGALIZACOES PERTINENTES",null,null,null,"M2",16.5]
["01.050.0117-A",{"$f":"C1134&D1134&E1134&F1134&G1134&H1134","v":"PROJETO EXECUTIVO DE INSTALACAO ELETRICA PARA PREDIOS CULTURAIS ACIMA DE 3.000M2,INCLUSIVE PROJETO BASICO,APRESENTADO EM AUTOCAD,INCLUSIVE AS LEGALIZACOES PERTINENTES"},"PROJETO EXECUTIVO DE INSTALACAO ELETRICA PARA PREDIOS CULTUR","AIS ACIMA DE 3.000M2,INCLUSIVE PROJETO BASICO,APRESENTADO EM"," AUTOCAD,INCLUSIVE AS LEGALIZACOES PERTINENTES",null,null,null,"M2",14.29]
["01.050.0118-0",{"$f":"C1135&D1135&E1135&F1135&G1135&H1135","v":"PROJETO EXECUTIVO DE INSTALACAO ELETRICA PARA PREDIOS HOSPITALARES,INCLUSIVE PROJETO BASICO,APRESENTADO EM AUTOCAD,INCLUSIVE AS LEGALIZACOES PERTINENTES"},"PROJETO EXECUTIVO DE INSTALACAO ELETRICA PARA PREDIOS HOSPIT","ALARES,INCLUSIVE PROJETO BASICO,APRESENTADO EM AUTOCAD,INCLU","SIVE AS LEGALIZACOES PERTINENTES",null,null,null,"M2",26.39]
["01.050.0118-A",{"$f":"C1136&D1136&E1136&F1136&G1136&H1136","v":"PROJETO EXECUTIVO DE INSTALACAO ELETRICA PARA PREDIOS HOSPITALARES,INCLUSIVE PROJETO BASICO,APRESENTADO EM AUTOCAD,INCLUSIVE AS LEGALIZACOES PERTINENTES"},"PROJETO EXECUTIVO DE INSTALACAO ELETRICA PARA PREDIOS HOSPIT","ALARES,INCLUSIVE PROJETO BASICO,APRESENTADO EM AUTOCAD,INCLU","SIVE AS LEGALIZACOES PERTINENTES",null,null,null,"M2",22.87]
["01.050.0119-0",{"$f":"C1137&D1137&E1137&F1137&G1137&H1137","v":"PROJETO EXECUTIVO DE INSTALACAO ELETRICA PARA HABITACOES/EDIFICIOS ATE 500M2,INCLUSIVE PROJETO BASICO,APRESENTADO EM AUTOCAD,INCLUSIVE AS LEGALIZACOES PERTINENTES"},"PROJETO EXECUTIVO DE INSTALACAO ELETRICA PARA HABITACOES/EDI","FICIOS ATE 500M2,INCLUSIVE PROJETO BASICO,APRESENTADO EM AUT","OCAD,INCLUSIVE AS LEGALIZACOES PERTINENTES",null,null,null,"M2",16.07]
["01.050.0119-A",{"$f":"C1138&D1138&E1138&F1138&G1138&H1138","v":"PROJETO EXECUTIVO DE INSTALACAO ELETRICA PARA HABITACOES/EDIFICIOS ATE 500M2,INCLUSIVE PROJETO BASICO,APRESENTADO EM AUTOCAD,INCLUSIVE AS LEGALIZACOES PERTINENTES"},"PROJETO EXECUTIVO DE INSTALACAO ELETRICA PARA HABITACOES/EDI","FICIOS ATE 500M2,INCLUSIVE PROJETO BASICO,APRESENTADO EM AUT","OCAD,INCLUSIVE AS LEGALIZACOES PERTINENTES",null,null,null,"M2",13.92]
["01.050.0120-0",{"$f":"C1139&D1139&E1139&F1139&G1139&H1139","v":"PROJETO EXECUTIVO DE INSTALACAO ELETRICA PARA HABITACOES/EDIFICIOS DE 501 ATE 3.000M2,INCLUSIVE PROJETO BASICO,APRESENTADO EM AUTOCAD,INCLUSIVE AS LEGALIZACOES PERTINENTES"},"PROJETO EXECUTIVO DE INSTALACAO ELETRICA PARA HABITACOES/EDI","FICIOS DE 501 ATE 3.000M2,INCLUSIVE PROJETO BASICO,APRESENTA","DO EM AUTOCAD,INCLUSIVE AS LEGALIZACOES PERTINENTES",null,null,null,"M2",12.03]
["01.050.0120-A",{"$f":"C1140&D1140&E1140&F1140&G1140&H1140","v":"PROJETO EXECUTIVO DE INSTALACAO ELETRICA PARA HABITACOES/EDIFICIOS DE 501 ATE 3.000M2,INCLUSIVE PROJETO BASICO,APRESENTADO EM AUTOCAD,INCLUSIVE AS LEGALIZACOES PERTINENTES"},"PROJETO EXECUTIVO DE INSTALACAO ELETRICA PARA HABITACOES/EDI","FICIOS DE 501 ATE 3.000M2,INCLUSIVE PROJETO BASICO,APRESENTA","DO EM AUTOCAD,INCLUSIVE AS LEGALIZACOES PERTINENTES",null,null,null,"M2",10.42]
["01.050.0121-0",{"$f":"C1141&D1141&E1141&F1141&G1141&H1141","v":"PROJETO EXECUTIVO DE INSTALACAO ELETRICA PARA HABITACOES/EDIFICIOS ACIMA DE 3.000M2,INCLUSIVE PROJETO BASICO,APRESENTADO EM AUTOCAD,INCLUSIVE AS LEGALIZACOES PERTINENTES"},"PROJETO EXECUTIVO DE INSTALACAO ELETRICA PARA HABITACOES/EDI","FICIOS ACIMA DE 3.000M2,INCLUSIVE PROJETO BASICO,APRESENTADO"," EM AUTOCAD,INCLUSIVE AS LEGALIZACOES PERTINENTES",null,null,null,"M2",8.09]
["01.050.0121-A",{"$f":"C1142&D1142&E1142&F1142&G1142&H1142","v":"PROJETO EXECUTIVO DE INSTALACAO ELETRICA PARA HABITACOES/EDIFICIOS ACIMA DE 3.000M2,INCLUSIVE PROJETO BASICO,APRESENTADO EM AUTOCAD,INCLUSIVE AS LEGALIZACOES PERTINENTES"},"PROJETO EXECUTIVO DE INSTALACAO ELETRICA PARA HABITACOES/EDI","FICIOS ACIMA DE 3.000M2,INCLUSIVE PROJETO BASICO,APRESENTADO"," EM AUTOCAD,INCLUSIVE AS LEGALIZACOES PERTINENTES",null,null,null,"M2",7.01]
["01.050.0122-0",{"$f":"C1143&D1143&E1143&F1143&G1143&H1143","v":"PROJETO EXECUTIVO DE INSTALACAO ELETRICA PARA URBANIZACAO ATE 15.000M2,INCLUSIVE PROJETO BASICO,APRESENTADO EM AUTOCAD,INCLUSIVE AS LEGALIZACOES PERTINENTES"},"PROJETO EXECUTIVO DE INSTALACAO ELETRICA PARA URBANIZACAO AT","E 15.000M2,INCLUSIVE PROJETO BASICO,APRESENTADO EM AUTOCAD,I","NCLUSIVE AS LEGALIZACOES PERTINENTES",null,null,null,"M2",1.45]
["01.050.0122-A",{"$f":"C1144&D1144&E1144&F1144&G1144&H1144","v":"PROJETO EXECUTIVO DE INSTALACAO ELETRICA PARA URBANIZACAO ATE 15.000M2,INCLUSIVE PROJETO BASICO,APRESENTADO EM AUTOCAD,INCLUSIVE AS LEGALIZACOES PERTINENTES"},"PROJETO EXECUTIVO DE INSTALACAO ELETRICA PARA URBANIZACAO AT","E 15.000M2,INCLUSIVE PROJETO BASICO,APRESENTADO EM AUTOCAD,I","NCLUSIVE AS LEGALIZACOES PERTINENTES",null,null,null,"M2",1.26]
["01.050.0123-0",{"$f":"C1145&D1145&E1145&F1145&G1145&H1145","v":"PROJETO EXECUTIVO DE INSTALACAO ELETRICA PARA URBANIZACAO ACIMA DE 15.000M2,INCLUSIVE PROJETO BASICO,APRESENTADO EM AUTOCAD,INCLUSIVE AS LEGALIZACOES PERTINENTES"},"PROJETO EXECUTIVO DE INSTALACAO ELETRICA PARA URBANIZACAO AC","IMA DE 15.000M2,INCLUSIVE PROJETO BASICO,APRESENTADO EM AUTO","CAD,INCLUSIVE AS LEGALIZACOES PERTINENTES",null,null,null,"M2",1.07]
["01.050.0123-A",{"$f":"C1146&D1146&E1146&F1146&G1146&H1146","v":"PROJETO EXECUTIVO DE INSTALACAO ELETRICA PARA URBANIZACAO ACIMA DE 15.000M2,INCLUSIVE PROJETO BASICO,APRESENTADO EM AUTOCAD,INCLUSIVE AS LEGALIZACOES PERTINENTES"},"PROJETO EXECUTIVO DE INSTALACAO ELETRICA PARA URBANIZACAO AC","IMA DE 15.000M2,INCLUSIVE PROJETO BASICO,APRESENTADO EM AUTO","CAD,INCLUSIVE AS LEGALIZACOES PERTINENTES",null,null,null,"M2",0.92]
["01.050.0124-0",{"$f":"C1147&D1147&E1147&F1147&G1147&H1147","v":"PROJETO EXECUTIVO DE INSTALACAO ELETRICA PARA HABITACAO/LOTEAMENTO ATE 12.000M2,INCLUSIVE PROJETO BASICO,APRESENTADO EMAUTOCAD,INCLUSIVE AS LEGALIZACOES PERTINENTES"},"PROJETO EXECUTIVO DE INSTALACAO ELETRICA PARA HABITACAO/LOTE","AMENTO ATE 12.000M2,INCLUSIVE PROJETO BASICO,APRESENTADO EM","AUTOCAD,INCLUSIVE AS LEGALIZACOES PERTINENTES",null,null,null,"M2",6.58]
["01.050.0124-A",{"$f":"C1148&D1148&E1148&F1148&G1148&H1148","v":"PROJETO EXECUTIVO DE INSTALACAO ELETRICA PARA HABITACAO/LOTEAMENTO ATE 12.000M2,INCLUSIVE PROJETO BASICO,APRESENTADO EMAUTOCAD,INCLUSIVE AS LEGALIZACOES PERTINENTES"},"PROJETO EXECUTIVO DE INSTALACAO ELETRICA PARA HABITACAO/LOTE","AMENTO ATE 12.000M2,INCLUSIVE PROJETO BASICO,APRESENTADO EM","AUTOCAD,INCLUSIVE AS LEGALIZACOES PERTINENTES",null,null,null,"M2",5.7]
["01.050.0125-0",{"$f":"C1149&D1149&E1149&F1149&G1149&H1149","v":"PROJETO EXECUTIVO DE INSTALACAO ELETRICA PARA HABITACAO/LOTEAMENTO DE 12.001 ATE 36.000M2,INCLUSIVE PROJETO BASICO,APRESENTADO EM AUTOCAD,INCLUSIVE AS LEGALIZACOES PERTINENTES"},"PROJETO EXECUTIVO DE INSTALACAO ELETRICA PARA HABITACAO/LOTE","AMENTO DE 12.001 ATE 36.000M2,INCLUSIVE PROJETO BASICO,APRES","ENTADO EM AUTOCAD,INCLUSIVE AS LEGALIZACOES PERTINENTES",null,null,null,"M2",4.35]
["01.050.0125-A",{"$f":"C1150&D1150&E1150&F1150&G1150&H1150","v":"PROJETO EXECUTIVO DE INSTALACAO ELETRICA PARA HABITACAO/LOTEAMENTO DE 12.001 ATE 36.000M2,INCLUSIVE PROJETO BASICO,APRESENTADO EM AUTOCAD,INCLUSIVE AS LEGALIZACOES PERTINENTES"},"PROJETO EXECUTIVO DE INSTALACAO ELETRICA PARA HABITACAO/LOTE","AMENTO DE 12.001 ATE 36.000M2,INCLUSIVE PROJETO BASICO,APRES","ENTADO EM AUTOCAD,INCLUSIVE AS LEGALIZACOES PERTINENTES",null,null,null,"M2",3.77]
["01.050.0126-0",{"$f":"C1151&D1151&E1151&F1151&G1151&H1151","v":"PROJETO EXECUTIVO DE INSTALACAO ELETRICA PARA HABITACAO/LOTEAMENTO ACIMA DE 36.000M2,INCLUSIVE PROJETO BASICO,APRESENTADO EM AUTOCAD,INCLUSIVE AS LEGALIZACOES PERTINENTES"},"PROJETO EXECUTIVO DE INSTALACAO ELETRICA PARA HABITACAO/LOTE","AMENTO ACIMA DE 36.000M2,INCLUSIVE PROJETO BASICO,APRESENTAD","O EM AUTOCAD,INCLUSIVE AS LEGALIZACOES PERTINENTES",null,null,null,"M2",3.29]
["01.050.0126-A",{"$f":"C1152&D1152&E1152&F1152&G1152&H1152","v":"PROJETO EXECUTIVO DE INSTALACAO ELETRICA PARA HABITACAO/LOTEAMENTO ACIMA DE 36.000M2,INCLUSIVE PROJETO BASICO,APRESENTADO EM AUTOCAD,INCLUSIVE AS LEGALIZACOES PERTINENTES"},"PROJETO EXECUTIVO DE INSTALACAO ELETRICA PARA HABITACAO/LOTE","AMENTO ACIMA DE 36.000M2,INCLUSIVE PROJETO BASICO,APRESENTAD","O EM AUTOCAD,INCLUSIVE AS LEGALIZACOES PERTINENTES",null,null,null,"M2",2.85]
["01.050.0127-0",{"$f":"C1153&D1153&E1153&F1153&G1153&H1153","v":"PROJETO EXECUTIVO DE INSTALACAO ELETRICA DO QUADRO DOS COMANDOS DE MOTORES PARA CHAFARIZES,APRESENTADO EM AUTOCAD NOS PADROES DA CONTRATADA,DE ACORDO COM A ABNT"},"PROJETO EXECUTIVO DE INSTALACAO ELETRICA DO QUADRO DOS COMAN","DOS DE MOTORES PARA CHAFARIZES,APRESENTADO EM AUTOCAD NOS PA","DROES DA CONTRATADA,DE ACORDO COM A ABNT",null,null,null,"UN",1211.28]
["01.050.0127-A",{"$f":"C1154&D1154&E1154&F1154&G1154&H1154","v":"PROJETO EXECUTIVO DE INSTALACAO ELETRICA DO QUADRO DOS COMANDOS DE MOTORES PARA CHAFARIZES,APRESENTADO EM AUTOCAD NOS PADROES DA CONTRATADA,DE ACORDO COM A ABNT"},"PROJETO EXECUTIVO DE INSTALACAO ELETRICA DO QUADRO DOS COMAN","DOS DE MOTORES PARA CHAFARIZES,APRESENTADO EM AUTOCAD NOS PA","DROES DA CONTRATADA,DE ACORDO COM A ABNT",null,null,null,"UN",1049.49]
["01.050.0128-0",{"$f":"C1155&D1155&E1155&F1155&G1155&H1155","v":"PROJETO EXECUTIVO DE SISTEMA DE AR CONDICIONADO E EXAUSTAO MECANICA, INCLUSIVE PROJETO BASICO,EM AUTOCAD,EM PREDIOS COMAREA DE ATE 500M2"},"PROJETO EXECUTIVO DE SISTEMA DE AR CONDICIONADO E EXAUSTAO M","ECANICA, INCLUSIVE PROJETO BASICO,EM AUTOCAD,EM PREDIOS COM","AREA DE ATE 500M2",null,null,null,"M2",10.1]
["01.050.0128-A",{"$f":"C1156&D1156&E1156&F1156&G1156&H1156","v":"PROJETO EXECUTIVO DE SISTEMA DE AR CONDICIONADO E EXAUSTAO MECANICA, INCLUSIVE PROJETO BASICO,EM AUTOCAD,EM PREDIOS COMAREA DE ATE 500M2"},"PROJETO EXECUTIVO DE SISTEMA DE AR CONDICIONADO E EXAUSTAO M","ECANICA, INCLUSIVE PROJETO BASICO,EM AUTOCAD,EM PREDIOS COM","AREA DE ATE 500M2",null,null,null,"M2",8.75]
["01.050.0129-0",{"$f":"C1157&D1157&E1157&F1157&G1157&H1157","v":"PROJETO EXECUTIVO DE SISTEMA DE AR CONDICIONADO E EXAUSTAO MECANICA, INCLUSIVE PROJETO BASICO,EM AUTOCAD,EM PREDIOS COMAREA DE 501 ATE 3000M2"},"PROJETO EXECUTIVO DE SISTEMA DE AR CONDICIONADO E EXAUSTAO M","ECANICA, INCLUSIVE PROJETO BASICO,EM AUTOCAD,EM PREDIOS COM","AREA DE 501 ATE 3000M2",null,null,null,"M2",8.41]
["01.050.0129-A",{"$f":"C1158&D1158&E1158&F1158&G1158&H1158","v":"PROJETO EXECUTIVO DE SISTEMA DE AR CONDICIONADO E EXAUSTAO MECANICA, INCLUSIVE PROJETO BASICO,EM AUTOCAD,EM PREDIOS COMAREA DE 501 ATE 3000M2"},"PROJETO EXECUTIVO DE SISTEMA DE AR CONDICIONADO E EXAUSTAO M","ECANICA, INCLUSIVE PROJETO BASICO,EM AUTOCAD,EM PREDIOS COM","AREA DE 501 ATE 3000M2",null,null,null,"M2",7.29]
["01.050.0130-0",{"$f":"C1159&D1159&E1159&F1159&G1159&H1159","v":"PROJETO EXECUTIVO DE SISTEMA DE AR CONDICIONADO E EXAUSTAO MECANICA, INCLUSIVE PROJETO BASICO,EM AUTOCAD,EM PREDIOS COMAREA ACIMA DE 3000M2"},"PROJETO EXECUTIVO DE SISTEMA DE AR CONDICIONADO E EXAUSTAO M","ECANICA, INCLUSIVE PROJETO BASICO,EM AUTOCAD,EM PREDIOS COM","AREA ACIMA DE 3000M2",null,null,null,"M2",5.06]
["01.050.0130-A",{"$f":"C1160&D1160&E1160&F1160&G1160&H1160","v":"PROJETO EXECUTIVO DE SISTEMA DE AR CONDICIONADO E EXAUSTAO MECANICA, INCLUSIVE PROJETO BASICO,EM AUTOCAD,EM PREDIOS COMAREA ACIMA DE 3000M2"},"PROJETO EXECUTIVO DE SISTEMA DE AR CONDICIONADO E EXAUSTAO M","ECANICA, INCLUSIVE PROJETO BASICO,EM AUTOCAD,EM PREDIOS COM","AREA ACIMA DE 3000M2",null,null,null,"M2",4.38]
["01.050.0137-0",{"$f":"C1161&D1161&E1161&F1161&G1161&H1161","v":"PROJETO EXECUTIVO DE ARQUITETURA PARA CONSTRUCAO DE GALPAO (GEOMETRICO,CORTES,DETALHAMENTO E PERSPECTIVA) ATE 500M2,APRESENTADO EM AUTOCAD NOS PADROES DA CONTRATANTE,DE ACORDO COMA ABNT"},"PROJETO EXECUTIVO DE ARQUITETURA PARA CONSTRUCAO DE GALPAO (","GEOMETRICO,CORTES,DETALHAMENTO E PERSPECTIVA) ATE 500M2,APRE","SENTADO EM AUTOCAD NOS PADROES DA CONTRATANTE,DE ACORDO COM","A ABNT",null,null,"M2",40.41]
["01.050.0137-A",{"$f":"C1162&D1162&E1162&F1162&G1162&H1162","v":"PROJETO EXECUTIVO DE ARQUITETURA PARA CONSTRUCAO DE GALPAO (GEOMETRICO,CORTES,DETALHAMENTO E PERSPECTIVA) ATE 500M2,APRESENTADO EM AUTOCAD NOS PADROES DA CONTRATANTE,DE ACORDO COMA ABNT"},"PROJETO EXECUTIVO DE ARQUITETURA PARA CONSTRUCAO DE GALPAO (","GEOMETRICO,CORTES,DETALHAMENTO E PERSPECTIVA) ATE 500M2,APRE","SENTADO EM AUTOCAD NOS PADROES DA CONTRATANTE,DE ACORDO COM","A ABNT",null,null,"M2",35.01]
["01.050.0138-0",{"$f":"C1163&D1163&E1163&F1163&G1163&H1163","v":"PROJETO EXECUTIVO DE ARQUITETURA PARA AREA DESTINADA A ABRIGAR SUBESTACAO,ATE 2750KVA,INCLUSIVE DETALHAMENTO DA SERRALHERIA E DOS CUBICULOS,APRESENTADO EM AUTOCAD NOS PADROES DA CONTRATANTE"},"PROJETO EXECUTIVO DE ARQUITETURA PARA AREA DESTINADA A ABRIG","AR SUBESTACAO,ATE 2750KVA,INCLUSIVE DETALHAMENTO DA SERRALHE","RIA E DOS CUBICULOS,APRESENTADO EM AUTOCAD NOS PADROES DA CO","NTRATANTE",null,null,"UN",8625.06]
["01.050.0138-A",{"$f":"C1164&D1164&E1164&F1164&G1164&H1164","v":"PROJETO EXECUTIVO DE ARQUITETURA PARA AREA DESTINADA A ABRIGAR SUBESTACAO,ATE 2750KVA,INCLUSIVE DETALHAMENTO DA SERRALHERIA E DOS CUBICULOS,APRESENTADO EM AUTOCAD NOS PADROES DA CONTRATANTE"},"PROJETO EXECUTIVO DE ARQUITETURA PARA AREA DESTINADA A ABRIG","AR SUBESTACAO,ATE 2750KVA,INCLUSIVE DETALHAMENTO DA SERRALHE","RIA E DOS CUBICULOS,APRESENTADO EM AUTOCAD NOS PADROES DA CO","NTRATANTE",null,null,"UN",7473.1]
["01.050.0139-0",{"$f":"C1165&D1165&E1165&F1165&G1165&H1165","v":"DESENHO EM PERSPECTIVA NO TAMANHO DE (70X50)CM,COLORIDO,PARA PROJETO DE TRATAMENTO PAISAGISTICO EM AREAS PUBLICAS"},"DESENHO EM PERSPECTIVA NO TAMANHO DE (70X50)CM,COLORIDO,PARA"," PROJETO DE TRATAMENTO PAISAGISTICO EM AREAS PUBLICAS",null,null,null,null,"UN",1169.52]
["01.050.0139-A",{"$f":"C1166&D1166&E1166&F1166&G1166&H1166","v":"DESENHO EM PERSPECTIVA NO TAMANHO DE (70X50)CM,COLORIDO,PARA PROJETO DE TRATAMENTO PAISAGISTICO EM AREAS PUBLICAS"},"DESENHO EM PERSPECTIVA NO TAMANHO DE (70X50)CM,COLORIDO,PARA"," PROJETO DE TRATAMENTO PAISAGISTICO EM AREAS PUBLICAS",null,null,null,null,"UN",1013.35]
["01.050.0140-0",{"$f":"C1167&D1167&E1167&F1167&G1167&H1167","v":"PROJETO EXECUTIVO DE ARQUITETURA PARA IMPLANTACAO DE VIVEIROS DE MUDAS DE ARVORES E HORTAS (GEOMETRICO,CORTES,DETALHAMENTO E PERSPECTIVAS) ATE 20.000M2,APRESENTADO EM AUTOCAD NOS PADROES DA CONTRATANTE,DE ACORDO COM A ABNT"},"PROJETO EXECUTIVO DE ARQUITETURA PARA IMPLANTACAO DE VIVEIRO","S DE MUDAS DE ARVORES E HORTAS (GEOMETRICO,CORTES,DETALHAMEN","TO E PERSPECTIVAS) ATE 20.000M2,APRESENTADO EM AUTOCAD NOS P","ADROES DA CONTRATANTE,DE ACORDO COM A ABNT",null,null,"M2",2.54]
["01.050.0140-A",{"$f":"C1168&D1168&E1168&F1168&G1168&H1168","v":"PROJETO EXECUTIVO DE ARQUITETURA PARA IMPLANTACAO DE VIVEIROS DE MUDAS DE ARVORES E HORTAS (GEOMETRICO,CORTES,DETALHAMENTO E PERSPECTIVAS) ATE 20.000M2,APRESENTADO EM AUTOCAD NOS PADROES DA CONTRATANTE,DE ACORDO COM A ABNT"},"PROJETO EXECUTIVO DE ARQUITETURA PARA IMPLANTACAO DE VIVEIRO","S DE MUDAS DE ARVORES E HORTAS (GEOMETRICO,CORTES,DETALHAMEN","TO E PERSPECTIVAS) ATE 20.000M2,APRESENTADO EM AUTOCAD NOS P","ADROES DA CONTRATANTE,DE ACORDO COM A ABNT",null,null,"M2",2.2]
["01.050.0141-0",{"$f":"C1169&D1169&E1169&F1169&G1169&H1169","v":"PROJETO EXECUTIVO DE INSTALACAO ELETRICA PARA CHAFARIZES,APRESENTADO EM AUTOCAD NOS PADROES DA CONTRATANTE,DE ACORDO COM A ABNT,INCLUSIVE AS LEGALIZACOES PERTINENTES"},"PROJETO EXECUTIVO DE INSTALACAO ELETRICA PARA CHAFARIZES,APR","ESENTADO EM AUTOCAD NOS PADROES DA CONTRATANTE,DE ACORDO COM"," A ABNT,INCLUSIVE AS LEGALIZACOES PERTINENTES",null,null,null,"UN",605.65]
["01.050.0141-A",{"$f":"C1170&D1170&E1170&F1170&G1170&H1170","v":"PROJETO EXECUTIVO DE INSTALACAO ELETRICA PARA CHAFARIZES,APRESENTADO EM AUTOCAD NOS PADROES DA CONTRATANTE,DE ACORDO COM A ABNT,INCLUSIVE AS LEGALIZACOES PERTINENTES"},"PROJETO EXECUTIVO DE INSTALACAO ELETRICA PARA CHAFARIZES,APR","ESENTADO EM AUTOCAD NOS PADROES DA CONTRATANTE,DE ACORDO COM"," A ABNT,INCLUSIVE AS LEGALIZACOES PERTINENTES",null,null,null,"UN",524.75]
["01.050.0142-0",{"$f":"C1171&D1171&E1171&F1171&G1171&H1171","v":"PROJETO EXECUTIVO DE INSTALACAO HIDROSSANITARIA PARA CHAFARIZES,APRESENTADO EM AUTOCAD NOS PADROES DA CONTRATANTE,DE ACORDO COM ABNT,INCLUSIVE AS LEGALIZACOES PERTINENTES"},"PROJETO EXECUTIVO DE INSTALACAO HIDROSSANITARIA PARA CHAFARI","ZES,APRESENTADO EM AUTOCAD NOS PADROES DA CONTRATANTE,DE ACO","RDO COM ABNT,INCLUSIVE AS LEGALIZACOES PERTINENTES",null,null,null,"UN",605.65]
["01.050.0142-A",{"$f":"C1172&D1172&E1172&F1172&G1172&H1172","v":"PROJETO EXECUTIVO DE INSTALACAO HIDROSSANITARIA PARA CHAFARIZES,APRESENTADO EM AUTOCAD NOS PADROES DA CONTRATANTE,DE ACORDO COM ABNT,INCLUSIVE AS LEGALIZACOES PERTINENTES"},"PROJETO EXECUTIVO DE INSTALACAO HIDROSSANITARIA PARA CHAFARI","ZES,APRESENTADO EM AUTOCAD NOS PADROES DA CONTRATANTE,DE ACO","RDO COM ABNT,INCLUSIVE AS LEGALIZACOES PERTINENTES",null,null,null,"UN",524.75]
["01.050.0143-0",{"$f":"C1173&D1173&E1173&F1173&G1173&H1173","v":"PROJETO EXECUTIVO DE SISTEMA DE DRENAGEM E IRRIGACAO PARA IMPLANTACAO DE VIVEIROS DE MUDAS DE ARVORES E HORTAS,ATE 20.000M2,APRESENTADO EM AUTOCAD NOS PADROES DA CONTRATANTE,DE ACORDO COM A ABNT"},"PROJETO EXECUTIVO DE SISTEMA DE DRENAGEM E IRRIGACAO PARA IM","PLANTACAO DE VIVEIROS DE MUDAS DE ARVORES E HORTAS,ATE 20.00","0M2,APRESENTADO EM AUTOCAD NOS PADROES DA CONTRATANTE,DE ACO","RDO COM A ABNT",null,null,"M2",1.47]
["01.050.0143-A",{"$f":"C1174&D1174&E1174&F1174&G1174&H1174","v":"PROJETO EXECUTIVO DE SISTEMA DE DRENAGEM E IRRIGACAO PARA IMPLANTACAO DE VIVEIROS DE MUDAS DE ARVORES E HORTAS,ATE 20.000M2,APRESENTADO EM AUTOCAD NOS PADROES DA CONTRATANTE,DE ACORDO COM A ABNT"},"PROJETO EXECUTIVO DE SISTEMA DE DRENAGEM E IRRIGACAO PARA IM","PLANTACAO DE VIVEIROS DE MUDAS DE ARVORES E HORTAS,ATE 20.00","0M2,APRESENTADO EM AUTOCAD NOS PADROES DA CONTRATANTE,DE ACO","RDO COM A ABNT",null,null,"M2",1.27]
["01.050.0147-0",{"$f":"C1175&D1175&E1175&F1175&G1175&H1175","v":"PROJETO EXECUTIVO DE INSTALACOES ESPECIAIS,COMPREENDENDO PROJETOS DE ILUMINACAO CENICA,SONORIZACAO DE AUDITORIO,PLATEIAE PALCO,SISTEMA DE AUDIVISUAL E TRADUCAO SIMULTANEA,ATE 500M2,APRESENTADO EM AUTOCAD,INCLUSIVE AS LEGALIZACOES PERTINENTES"},"PROJETO EXECUTIVO DE INSTALACOES ESPECIAIS,COMPREENDENDO PRO","JETOS DE ILUMINACAO CENICA,SONORIZACAO DE AUDITORIO,PLATEIA","E PALCO,SISTEMA DE AUDIVISUAL E TRADUCAO SIMULTANEA,ATE 500M","2,APRESENTADO EM AUTOCAD,INCLUSIVE AS LEGALIZACOES PERTINENT","ES",null,"M2",116.43]
["01.050.0147-A",{"$f":"C1176&D1176&E1176&F1176&G1176&H1176","v":"PROJETO EXECUTIVO DE INSTALACOES ESPECIAIS,COMPREENDENDO PROJETOS DE ILUMINACAO CENICA,SONORIZACAO DE AUDITORIO,PLATEIAE PALCO,SISTEMA DE AUDIVISUAL E TRADUCAO SIMULTANEA,ATE 500M2,APRESENTADO EM AUTOCAD,INCLUSIVE AS LEGALIZACOES PERTINENTES"},"PROJETO EXECUTIVO DE INSTALACOES ESPECIAIS,COMPREENDENDO PRO","JETOS DE ILUMINACAO CENICA,SONORIZACAO DE AUDITORIO,PLATEIA","E PALCO,SISTEMA DE AUDIVISUAL E TRADUCAO SIMULTANEA,ATE 500M","2,APRESENTADO EM AUTOCAD,INCLUSIVE AS LEGALIZACOES PERTINENT","ES",null,"M2",100.88]
["01.050.0148-0",{"$f":"C1177&D1177&E1177&F1177&G1177&H1177","v":"PROJETO EXECUTIVO DE INSTALACOES ESPECIAIS,COMPREENDENDO PROJETOS DE ILUMINACAO CENICA,SONORIZACAO DE AUDITORIO,PLATEIAE PALCO,SISTEMA DE AUDIVISUAL E TRADUCAO SIMULTANEA,DE 501 ATE 3.000M2,APRESENTADO EM AUTOCAD,INCLUSIVE AS LEGALIZACOESPERTINENTES"},"PROJETO EXECUTIVO DE INSTALACOES ESPECIAIS,COMPREENDENDO PRO","JETOS DE ILUMINACAO CENICA,SONORIZACAO DE AUDITORIO,PLATEIA","E PALCO,SISTEMA DE AUDIVISUAL E TRADUCAO SIMULTANEA,DE 501 A","TE 3.000M2,APRESENTADO EM AUTOCAD,INCLUSIVE AS LEGALIZACOES","PERTINENTES",null,"M2",94.31]
["01.050.0148-A",{"$f":"C1178&D1178&E1178&F1178&G1178&H1178","v":"PROJETO EXECUTIVO DE INSTALACOES ESPECIAIS,COMPREENDENDO PROJETOS DE ILUMINACAO CENICA,SONORIZACAO DE AUDITORIO,PLATEIAE PALCO,SISTEMA DE AUDIVISUAL E TRADUCAO SIMULTANEA,DE 501 ATE 3.000M2,APRESENTADO EM AUTOCAD,INCLUSIVE AS LEGALIZACOESPERTINENTES"},"PROJETO EXECUTIVO DE INSTALACOES ESPECIAIS,COMPREENDENDO PRO","JETOS DE ILUMINACAO CENICA,SONORIZACAO DE AUDITORIO,PLATEIA","E PALCO,SISTEMA DE AUDIVISUAL E TRADUCAO SIMULTANEA,DE 501 A","TE 3.000M2,APRESENTADO EM AUTOCAD,INCLUSIVE AS LEGALIZACOES","PERTINENTES",null,"M2",81.71]
["01.050.0149-0",{"$f":"C1179&D1179&E1179&F1179&G1179&H1179","v":"PROJETO EXECUTIVO DE INSTALACOES ESPECIAIS,COMPREENDENDO PROJETOS DE ILUMINACAO CENICA,SONORIZACAO DE AUDITORIO,PLATEIAE PALCO,SISTEMA DE AUDIVISUAL E TRADUCAO SIMULTANEA,ACIMA DE 3.000M2,APRESENTADO EM AUTOCAD,INCLUSIVE AS LEGALIZACOES PERTINENTES"},"PROJETO EXECUTIVO DE INSTALACOES ESPECIAIS,COMPREENDENDO PRO","JETOS DE ILUMINACAO CENICA,SONORIZACAO DE AUDITORIO,PLATEIA","E PALCO,SISTEMA DE AUDIVISUAL E TRADUCAO SIMULTANEA,ACIMA DE"," 3.000M2,APRESENTADO EM AUTOCAD,INCLUSIVE AS LEGALIZACOES PE","RTINENTES",null,"M2",55.77]
["01.050.0149-A",{"$f":"C1180&D1180&E1180&F1180&G1180&H1180","v":"PROJETO EXECUTIVO DE INSTALACOES ESPECIAIS,COMPREENDENDO PROJETOS DE ILUMINACAO CENICA,SONORIZACAO DE AUDITORIO,PLATEIAE PALCO,SISTEMA DE AUDIVISUAL E TRADUCAO SIMULTANEA,ACIMA DE 3.000M2,APRESENTADO EM AUTOCAD,INCLUSIVE AS LEGALIZACOES PERTINENTES"},"PROJETO EXECUTIVO DE INSTALACOES ESPECIAIS,COMPREENDENDO PRO","JETOS DE ILUMINACAO CENICA,SONORIZACAO DE AUDITORIO,PLATEIA","E PALCO,SISTEMA DE AUDIVISUAL E TRADUCAO SIMULTANEA,ACIMA DE"," 3.000M2,APRESENTADO EM AUTOCAD,INCLUSIVE AS LEGALIZACOES PE","RTINENTES",null,"M2",48.32]
["01.050.0150-0",{"$f":"C1181&D1181&E1181&F1181&G1181&H1181","v":"PROJETO EXECUTIVO DE INSTALACAO DE SEGURANCA (CFTV E SONORIZACAO),ATE 500M2,INCLUSIVE PROJETO BASICO,APRESENTADO EM AUTOCAD,INCLUSIVE AS LEGALIZACOES PERTINENTES"},"PROJETO EXECUTIVO DE INSTALACAO DE SEGURANCA (CFTV E SONORIZ","ACAO),ATE 500M2,INCLUSIVE PROJETO BASICO,APRESENTADO EM AUTO","CAD,INCLUSIVE AS LEGALIZACOES PERTINENTES",null,null,null,"M2",4.4]
["01.050.0150-A",{"$f":"C1182&D1182&E1182&F1182&G1182&H1182","v":"PROJETO EXECUTIVO DE INSTALACAO DE SEGURANCA (CFTV E SONORIZACAO),ATE 500M2,INCLUSIVE PROJETO BASICO,APRESENTADO EM AUTOCAD,INCLUSIVE AS LEGALIZACOES PERTINENTES"},"PROJETO EXECUTIVO DE INSTALACAO DE SEGURANCA (CFTV E SONORIZ","ACAO),ATE 500M2,INCLUSIVE PROJETO BASICO,APRESENTADO EM AUTO","CAD,INCLUSIVE AS LEGALIZACOES PERTINENTES",null,null,null,"M2",3.82]
["01.050.0151-0",{"$f":"C1183&D1183&E1183&F1183&G1183&H1183","v":"PROJETO EXECUTIVO DE INSTALACAO DE SEGURANCA (CFTV E SONORIZACAO),DE 501 ATE 3000M2,INCLUSIVE PROJETO BASICO,APRESENTADO EM AUTOCAD,INCLUSIVE AS LEGALIZACOES PERTINENTES"},"PROJETO EXECUTIVO DE INSTALACAO DE SEGURANCA (CFTV E SONORIZ","ACAO),DE 501 ATE 3000M2,INCLUSIVE PROJETO BASICO,APRESENTADO"," EM AUTOCAD,INCLUSIVE AS LEGALIZACOES PERTINENTES",null,null,null,"M2",3.02]
["01.050.0151-A",{"$f":"C1184&D1184&E1184&F1184&G1184&H1184","v":"PROJETO EXECUTIVO DE INSTALACAO DE SEGURANCA (CFTV E SONORIZACAO),DE 501 ATE 3000M2,INCLUSIVE PROJETO BASICO,APRESENTADO EM AUTOCAD,INCLUSIVE AS LEGALIZACOES PERTINENTES"},"PROJETO EXECUTIVO DE INSTALACAO DE SEGURANCA (CFTV E SONORIZ","ACAO),DE 501 ATE 3000M2,INCLUSIVE PROJETO BASICO,APRESENTADO"," EM AUTOCAD,INCLUSIVE AS LEGALIZACOES PERTINENTES",null,null,null,"M2",2.62]
["01.050.0152-0",{"$f":"C1185&D1185&E1185&F1185&G1185&H1185","v":"PROJETO EXECUTIVO DE INSTALACAO DE SEGURANCA (CFTV E SONORIZACAO),ACIMA DE 3000M2,INCLUSIVE PROJETO BASICO,APRESENTADO EM AUTOCAD,INCLUSIVE AS LEGALIZACOES PERTINENTES"},"PROJETO EXECUTIVO DE INSTALACAO DE SEGURANCA (CFTV E SONORIZ","ACAO),ACIMA DE 3000M2,INCLUSIVE PROJETO BASICO,APRESENTADO E","M AUTOCAD,INCLUSIVE AS LEGALIZACOES PERTINENTES",null,null,null,"M2",1.81]
["01.050.0152-A",{"$f":"C1186&D1186&E1186&F1186&G1186&H1186","v":"PROJETO EXECUTIVO DE INSTALACAO DE SEGURANCA (CFTV E SONORIZACAO),ACIMA DE 3000M2,INCLUSIVE PROJETO BASICO,APRESENTADO EM AUTOCAD,INCLUSIVE AS LEGALIZACOES PERTINENTES"},"PROJETO EXECUTIVO DE INSTALACAO DE SEGURANCA (CFTV E SONORIZ","ACAO),ACIMA DE 3000M2,INCLUSIVE PROJETO BASICO,APRESENTADO E","M AUTOCAD,INCLUSIVE AS LEGALIZACOES PERTINENTES",null,null,null,"M2",1.56]
["01.050.0153-0",{"$f":"C1187&D1187&E1187&F1187&G1187&H1187","v":"ELABORACAO DE MICRO E MESODRENAGEM (VAZAO ATE 10M3/SEG) EMCONFORMIDADE COM AS NORMAS ESTABELECIDAS PELA RIO-AGUAS.SERVICOS MEDIDOS POR KM DE PROJETO EFETIVAMENTE CONCLUIDO,OS QUAIS APOS APROVACAO SERAO ENTREGUES A FISCALIZACAO SENDO A MEMORIA CALCULO DIGITALIZADA,DESENHOS EM AUTOCAD (ORIGINAL EM MEIO DIGITAL,UMA VIA PLOTADA EM VEGETAL,DUAS EM PAPEL OPACO)"},"ELABORACAO DE MICRO E MESODRENAGEM (VAZAO ATE 10M3/SEG) EM","CONFORMIDADE COM AS NORMAS ESTABELECIDAS PELA RIO-AGUAS.SERV","ICOS MEDIDOS POR KM DE PROJETO EFETIVAMENTE CONCLUIDO,OS QUA","IS APOS APROVACAO SERAO ENTREGUES A FISCALIZACAO SENDO A MEM","ORIA CALCULO DIGITALIZADA,DESENHOS EM AUTOCAD (ORIGINAL EM M","EIO DIGITAL,UMA VIA PLOTADA EM VEGETAL,DUAS EM PAPEL OPACO)","KM",18431.46]
["01.050.0153-A",{"$f":"C1188&D1188&E1188&F1188&G1188&H1188","v":"ELABORACAO DE MICRO E MESODRENAGEM (VAZAO ATE 10M3/SEG) EMCONFORMIDADE COM AS NORMAS ESTABELECIDAS PELA RIO-AGUAS.SERVICOS MEDIDOS POR KM DE PROJETO EFETIVAMENTE CONCLUIDO,OS QUAIS APOS APROVACAO SERAO ENTREGUES A FISCALIZACAO SENDO A MEMORIA CALCULO DIGITALIZADA,DESENHOS EM AUTOCAD (ORIGINAL EM MEIO DIGITAL,UMA VIA PLOTADA EM VEGETAL,DUAS EM PAPEL OPACO)"},"ELABORACAO DE MICRO E MESODRENAGEM (VAZAO ATE 10M3/SEG) EM","CONFORMIDADE COM AS NORMAS ESTABELECIDAS PELA RIO-AGUAS.SERV","ICOS MEDIDOS POR KM DE PROJETO EFETIVAMENTE CONCLUIDO,OS QUA","IS APOS APROVACAO SERAO ENTREGUES A FISCALIZACAO SENDO A MEM","ORIA CALCULO DIGITALIZADA,DESENHOS EM AUTOCAD (ORIGINAL EM M","EIO DIGITAL,UMA VIA PLOTADA EM VEGETAL,DUAS EM PAPEL OPACO)","KM",15970.84]
["01.050.0154-0",{"$f":"C1189&D1189&E1189&F1189&G1189&H1189","v":"ELABORACAO DE MACRODRENAGEM(VAZAO A PARTIR DE 10M3/SEG) EM CONFORM.COM NORMAS ESTABELECIDAS PELA RIO-AGUAS.SERVICOS MEDIDOS POR KM DE PROJETO EFETIVAMENTE CONCLUIDO,OS QUAIS APOS APROVACAO SERAO ENTREGUES A FISCALIZACAO SENDO A MEMORIA DE CALCULO DIGITALIZADA,DESENHOS EM AUTOCAD(ORIGINAL EM MEIO DIGITAL,UMA VIA PLOTADA EM VEGETAL,DUAS EM PAPEL OPACO)"},"ELABORACAO DE MACRODRENAGEM(VAZAO A PARTIR DE 10M3/SEG) EM C","ONFORM.COM NORMAS ESTABELECIDAS PELA RIO-AGUAS.SERVICOS MEDI","DOS POR KM DE PROJETO EFETIVAMENTE CONCLUIDO,OS QUAIS APOS A","PROVACAO SERAO ENTREGUES A FISCALIZACAO SENDO A MEMORIA DE C","ALCULO DIGITALIZADA,DESENHOS EM AUTOCAD(ORIGINAL EM MEIO DIG","ITAL,UMA VIA PLOTADA EM VEGETAL,DUAS EM PAPEL OPACO)","KM",24809.41]
["01.050.0154-A",{"$f":"C1190&D1190&E1190&F1190&G1190&H1190","v":"ELABORACAO DE MACRODRENAGEM(VAZAO A PARTIR DE 10M3/SEG) EM CONFORM.COM NORMAS ESTABELECIDAS PELA RIO-AGUAS.SERVICOS MEDIDOS POR KM DE PROJETO EFETIVAMENTE CONCLUIDO,OS QUAIS APOS APROVACAO SERAO ENTREGUES A FISCALIZACAO SENDO A MEMORIA DE CALCULO DIGITALIZADA,DESENHOS EM AUTOCAD(ORIGINAL EM MEIO DIGITAL,UMA VIA PLOTADA EM VEGETAL,DUAS EM PAPEL OPACO)"},"ELABORACAO DE MACRODRENAGEM(VAZAO A PARTIR DE 10M3/SEG) EM C","ONFORM.COM NORMAS ESTABELECIDAS PELA RIO-AGUAS.SERVICOS MEDI","DOS POR KM DE PROJETO EFETIVAMENTE CONCLUIDO,OS QUAIS APOS A","PROVACAO SERAO ENTREGUES A FISCALIZACAO SENDO A MEMORIA DE C","ALCULO DIGITALIZADA,DESENHOS EM AUTOCAD(ORIGINAL EM MEIO DIG","ITAL,UMA VIA PLOTADA EM VEGETAL,DUAS EM PAPEL OPACO)","KM",21497.3]
["01.050.0156-0",{"$f":"C1191&D1191&E1191&F1191&G1191&H1191","v":"PROJETO EXECUTIVO DE SISTEMA DE DRENAGEM ATE 20.000M2,APRESENTADO EM AUTOCAD"},"PROJETO EXECUTIVO DE SISTEMA DE DRENAGEM ATE 20.000M2,APRESE","NTADO EM AUTOCAD",null,null,null,null,"M2",0.95]
["01.050.0156-A",{"$f":"C1192&D1192&E1192&F1192&G1192&H1192","v":"PROJETO EXECUTIVO DE SISTEMA DE DRENAGEM ATE 20.000M2,APRESENTADO EM AUTOCAD"},"PROJETO EXECUTIVO DE SISTEMA DE DRENAGEM ATE 20.000M2,APRESE","NTADO EM AUTOCAD",null,null,null,null,"M2",0.82]
["01.050.0157-0",{"$f":"C1193&D1193&E1193&F1193&G1193&H1193","v":"PROJETO EXECUTIVO DE SISTEMA DE DRENAGEM ACIMA DE 20.000M2,APRESENTADO EM AUTOCAD"},"PROJETO EXECUTIVO DE SISTEMA DE DRENAGEM ACIMA DE 20.000M2,A","PRESENTADO EM AUTOCAD",null,null,null,null,"M2",0.65]
["01.050.0157-A",{"$f":"C1194&D1194&E1194&F1194&G1194&H1194","v":"PROJETO EXECUTIVO DE SISTEMA DE DRENAGEM ACIMA DE 20.000M2,APRESENTADO EM AUTOCAD"},"PROJETO EXECUTIVO DE SISTEMA DE DRENAGEM ACIMA DE 20.000M2,A","PRESENTADO EM AUTOCAD",null,null,null,null,"M2",0.56]
["01.050.0160-0",{"$f":"C1195&D1195&E1195&F1195&G1195&H1195","v":"PROJETO BASICO PARA URBANIZACAO/REURBANIZACAO DE AREAS,VISANDO A ORGANIZACAO ESPACIAL E DAS ATIVIDADES,CONTEMPLANDO:SISTEMA VIARIO,PASSEIOS,PRACAS,ARBORIZACAO,ILUMINACAO COM CRITERIOS LUMINOTECNICOS,DISTRIBUICAO E INTEGRACAO DO MOBILIARIO URBANO E EQUIPAMENTOS URBANOS,APRESENTADO EM AUTOCAD NOS PADROES DA CONTRATANTE"},"PROJETO BASICO PARA URBANIZACAO/REURBANIZACAO DE AREAS,VISAN","DO A ORGANIZACAO ESPACIAL E DAS ATIVIDADES,CONTEMPLANDO:SIST","EMA VIARIO,PASSEIOS,PRACAS,ARBORIZACAO,ILUMINACAO COM CRITER","IOS LUMINOTECNICOS,DISTRIBUICAO E INTEGRACAO DO MOBILIARIO U","RBANO E EQUIPAMENTOS URBANOS,APRESENTADO EM AUTOCAD NOS PADR","OES DA CONTRATANTE","HA",61486.63]
["01.050.0160-A",{"$f":"C1196&D1196&E1196&F1196&G1196&H1196","v":"PROJETO BASICO PARA URBANIZACAO/REURBANIZACAO DE AREAS,VISANDO A ORGANIZACAO ESPACIAL E DAS ATIVIDADES,CONTEMPLANDO:SISTEMA VIARIO,PASSEIOS,PRACAS,ARBORIZACAO,ILUMINACAO COM CRITERIOS LUMINOTECNICOS,DISTRIBUICAO E INTEGRACAO DO MOBILIARIO URBANO E EQUIPAMENTOS URBANOS,APRESENTADO EM AUTOCAD NOS PADROES DA CONTRATANTE"},"PROJETO BASICO PARA URBANIZACAO/REURBANIZACAO DE AREAS,VISAN","DO A ORGANIZACAO ESPACIAL E DAS ATIVIDADES,CONTEMPLANDO:SIST","EMA VIARIO,PASSEIOS,PRACAS,ARBORIZACAO,ILUMINACAO COM CRITER","IOS LUMINOTECNICOS,DISTRIBUICAO E INTEGRACAO DO MOBILIARIO U","RBANO E EQUIPAMENTOS URBANOS,APRESENTADO EM AUTOCAD NOS PADR","OES DA CONTRATANTE","HA",53277.39]
["01.050.0162-0",{"$f":"C1197&D1197&E1197&F1197&G1197&H1197","v":"PROJETO EXECUTIVO PARA URBANIZACAO/REURBANIZACAO DE AREAS,VISANDO A ORGANIZACAO ESPACIAL E DAS ATIVIDADES,CONTEMPLANDO:SISTEMA VIARIO,PASSEIOS,PRACAS,ARBORIZACAO,ILUMINACAO COM CRITERIOS LUMINOTECNICOS,DISTRIBUICAO E INTEGRACAO DO MOBILIARIO URBANO E EQUIPAMENTOS URBANOS,APRESENTADO EM AUTOCAD NOS PADROES DA CONTRATANTE"},"PROJETO EXECUTIVO PARA URBANIZACAO/REURBANIZACAO DE AREAS,VI","SANDO A ORGANIZACAO ESPACIAL E DAS ATIVIDADES,CONTEMPLANDO:S","ISTEMA VIARIO,PASSEIOS,PRACAS,ARBORIZACAO,ILUMINACAO COM CRI","TERIOS LUMINOTECNICOS,DISTRIBUICAO E INTEGRACAO DO MOBILIARI","O URBANO E EQUIPAMENTOS URBANOS,APRESENTADO EM AUTOCAD NOS P","ADROES DA CONTRATANTE","HA",99043.41]
["01.050.0162-A",{"$f":"C1198&D1198&E1198&F1198&G1198&H1198","v":"PROJETO EXECUTIVO PARA URBANIZACAO/REURBANIZACAO DE AREAS,VISANDO A ORGANIZACAO ESPACIAL E DAS ATIVIDADES,CONTEMPLANDO:SISTEMA VIARIO,PASSEIOS,PRACAS,ARBORIZACAO,ILUMINACAO COM CRITERIOS LUMINOTECNICOS,DISTRIBUICAO E INTEGRACAO DO MOBILIARIO URBANO E EQUIPAMENTOS URBANOS,APRESENTADO EM AUTOCAD NOS PADROES DA CONTRATANTE"},"PROJETO EXECUTIVO PARA URBANIZACAO/REURBANIZACAO DE AREAS,VI","SANDO A ORGANIZACAO ESPACIAL E DAS ATIVIDADES,CONTEMPLANDO:S","ISTEMA VIARIO,PASSEIOS,PRACAS,ARBORIZACAO,ILUMINACAO COM CRI","TERIOS LUMINOTECNICOS,DISTRIBUICAO E INTEGRACAO DO MOBILIARI","O URBANO E EQUIPAMENTOS URBANOS,APRESENTADO EM AUTOCAD NOS P","ADROES DA CONTRATANTE","HA",85819.87]
["01.050.0165-0",{"$f":"C1199&D1199&E1199&F1199&G1199&H1199","v":"PROJETO EXECUTIVO PARA URBANIZACAO/REURBANIZACAO (GEOMETRICO,CORTES E DETALHES) PARA TRATAMENTO PAISAGISTICO DE AREAS PUBLICAS,APRESENTADO EM AUTOCAD NOS PADROES DA CONTRATANTE,INCLUSIVE AS OPERACOES PERTINENTES E A COORDENACAO DOS PROJETOS COMPLEMENTARES"},"PROJETO EXECUTIVO PARA URBANIZACAO/REURBANIZACAO (GEOMETRICO",",CORTES E DETALHES) PARA TRATAMENTO PAISAGISTICO DE AREAS PU","BLICAS,APRESENTADO EM AUTOCAD NOS PADROES DA CONTRATANTE,INC","LUSIVE AS OPERACOES PERTINENTES E A COORDENACAO DOS PROJETOS"," COMPLEMENTARES",null,"HA",46838.86]
["01.050.0165-A",{"$f":"C1200&D1200&E1200&F1200&G1200&H1200","v":"PROJETO EXECUTIVO PARA URBANIZACAO/REURBANIZACAO (GEOMETRICO,CORTES E DETALHES) PARA TRATAMENTO PAISAGISTICO DE AREAS PUBLICAS,APRESENTADO EM AUTOCAD NOS PADROES DA CONTRATANTE,INCLUSIVE AS OPERACOES PERTINENTES E A COORDENACAO DOS PROJETOS COMPLEMENTARES"},"PROJETO EXECUTIVO PARA URBANIZACAO/REURBANIZACAO (GEOMETRICO",",CORTES E DETALHES) PARA TRATAMENTO PAISAGISTICO DE AREAS PU","BLICAS,APRESENTADO EM AUTOCAD NOS PADROES DA CONTRATANTE,INC","LUSIVE AS OPERACOES PERTINENTES E A COORDENACAO DOS PROJETOS"," COMPLEMENTARES",null,"HA",40586.94]
["01.050.0168-0",{"$f":"C1201&D1201&E1201&F1201&G1201&H1201","v":"PROJETO DE VIA SIMPLES DE VEICULOS EM FAVELA,COM 1 FAIXA DEROLAMENTO,COM LARGURA MAXIMA DE 3M"},"PROJETO DE VIA SIMPLES DE VEICULOS EM FAVELA,COM 1 FAIXA DE","ROLAMENTO,COM LARGURA MAXIMA DE 3M",null,null,null,null,"KM",7377.64]
["01.050.0168-A",{"$f":"C1202&D1202&E1202&F1202&G1202&H1202","v":"PROJETO DE VIA SIMPLES DE VEICULOS EM FAVELA,COM 1 FAIXA DEROLAMENTO,COM LARGURA MAXIMA DE 3M"},"PROJETO DE VIA SIMPLES DE VEICULOS EM FAVELA,COM 1 FAIXA DE","ROLAMENTO,COM LARGURA MAXIMA DE 3M",null,null,null,null,"KM",6392.56]
["01.050.0170-0",{"$f":"C1203&D1203&E1203&F1203&G1203&H1203","v":"PROJETO PARA PASSARELA SOBRE LOGRADOURO PUBLICO,COM RAMPAS E OU ESCADAS"},"PROJETO PARA PASSARELA SOBRE LOGRADOURO PUBLICO,COM RAMPAS E"," OU ESCADAS",null,null,null,null,"M2",123.81]
["01.050.0170-A",{"$f":"C1204&D1204&E1204&F1204&G1204&H1204","v":"PROJETO PARA PASSARELA SOBRE LOGRADOURO PUBLICO,COM RAMPAS E OU ESCADAS"},"PROJETO PARA PASSARELA SOBRE LOGRADOURO PUBLICO,COM RAMPAS E"," OU ESCADAS",null,null,null,null,"M2",107.27]
["01.050.0175-0",{"$f":"C1205&D1205&E1205&F1205&G1205&H1205","v":"PROJETO EXECUTIVO PARA TRATAMENTO PAISAGISTICO COM ESPECIFICACAO VEGETAL LEGENDADA E QUANTIFICADA,EM AREAS PUBLICAS,CONSIDERANDO A AREA EFETIVA DE PLANTIO,APRESENTADO EM AUTOCAD NOS PADROES DA CONTRATANTE"},"PROJETO EXECUTIVO PARA TRATAMENTO PAISAGISTICO COM ESPECIFIC","ACAO VEGETAL LEGENDADA E QUANTIFICADA,EM AREAS PUBLICAS,CONS","IDERANDO A AREA EFETIVA DE PLANTIO,APRESENTADO EM AUTOCAD NO","S PADROES DA CONTRATANTE",null,null,"HA",22034.83]
["01.050.0175-A",{"$f":"C1206&D1206&E1206&F1206&G1206&H1206","v":"PROJETO EXECUTIVO PARA TRATAMENTO PAISAGISTICO COM ESPECIFICACAO VEGETAL LEGENDADA E QUANTIFICADA,EM AREAS PUBLICAS,CONSIDERANDO A AREA EFETIVA DE PLANTIO,APRESENTADO EM AUTOCAD NOS PADROES DA CONTRATANTE"},"PROJETO EXECUTIVO PARA TRATAMENTO PAISAGISTICO COM ESPECIFIC","ACAO VEGETAL LEGENDADA E QUANTIFICADA,EM AREAS PUBLICAS,CONS","IDERANDO A AREA EFETIVA DE PLANTIO,APRESENTADO EM AUTOCAD NO","S PADROES DA CONTRATANTE",null,null,"HA",19093.58]
["01.050.0180-0",{"$f":"C1207&D1207&E1207&F1207&G1207&H1207","v":"PROJETO EXECUTIVO DE VIA ESPECIAL PARA VEICULOS E PEDESTRES,EM AVENIDAS CANAL,COM CALCADAS EM AMBOS OS LADOS,COM LARGURA MAXIMA DE 40M,APRESENTADO EM AUTOCAD NOS PADROES DA CONTRATANTE"},"PROJETO EXECUTIVO DE VIA ESPECIAL PARA VEICULOS E PEDESTRES,","EM AVENIDAS CANAL,COM CALCADAS EM AMBOS OS LADOS,COM LARGURA"," MAXIMA DE 40M,APRESENTADO EM AUTOCAD NOS PADROES DA CONTRAT","ANTE",null,null,"HA",4425.95]
["01.050.0180-A",{"$f":"C1208&D1208&E1208&F1208&G1208&H1208","v":"PROJETO EXECUTIVO DE VIA ESPECIAL PARA VEICULOS E PEDESTRES,EM AVENIDAS CANAL,COM CALCADAS EM AMBOS OS LADOS,COM LARGURA MAXIMA DE 40M,APRESENTADO EM AUTOCAD NOS PADROES DA CONTRATANTE"},"PROJETO EXECUTIVO DE VIA ESPECIAL PARA VEICULOS E PEDESTRES,","EM AVENIDAS CANAL,COM CALCADAS EM AMBOS OS LADOS,COM LARGURA"," MAXIMA DE 40M,APRESENTADO EM AUTOCAD NOS PADROES DA CONTRAT","ANTE",null,null,"HA",3835]
["01.050.0185-0",{"$f":"C1209&D1209&E1209&F1209&G1209&H1209","v":"PROJETO EXECUTIVO DE VIA ESPECIAL PARA VEICULOS E PEDESTRESEM RUAS E AVENIDAS URBANAS,COM CALCADAS EM AMBOS OS LADOS,CANTEIRO CENTRAL E SEPARADORES DE PISTAS LATERAIS EM AMBOS OSSENTIDOS E COM LARGURA MAXIMA DE 46M,APRESENTADO EM AUTOCADNOS PADROES DA CONTRATANTE"},"PROJETO EXECUTIVO DE VIA ESPECIAL PARA VEICULOS E PEDESTRES","EM RUAS E AVENIDAS URBANAS,COM CALCADAS EM AMBOS OS LADOS,CA","NTEIRO CENTRAL E SEPARADORES DE PISTAS LATERAIS EM AMBOS OS","SENTIDOS E COM LARGURA MAXIMA DE 46M,APRESENTADO EM AUTOCAD","NOS PADROES DA CONTRATANTE",null,"HA",8809.97]
["01.050.0185-A",{"$f":"C1210&D1210&E1210&F1210&G1210&H1210","v":"PROJETO EXECUTIVO DE VIA ESPECIAL PARA VEICULOS E PEDESTRESEM RUAS E AVENIDAS URBANAS,COM CALCADAS EM AMBOS OS LADOS,CANTEIRO CENTRAL E SEPARADORES DE PISTAS LATERAIS EM AMBOS OSSENTIDOS E COM LARGURA MAXIMA DE 46M,APRESENTADO EM AUTOCADNOS PADROES DA CONTRATANTE"},"PROJETO EXECUTIVO DE VIA ESPECIAL PARA VEICULOS E PEDESTRES","EM RUAS E AVENIDAS URBANAS,COM CALCADAS EM AMBOS OS LADOS,CA","NTEIRO CENTRAL E SEPARADORES DE PISTAS LATERAIS EM AMBOS OS","SENTIDOS E COM LARGURA MAXIMA DE 46M,APRESENTADO EM AUTOCAD","NOS PADROES DA CONTRATANTE",null,"HA",7633.69]
["01.050.0190-0",{"$f":"C1211&D1211&E1211&F1211&G1211&H1211","v":"PROJETO EXECUTIVO DE VIA PARA VEICULOS E PEDESTRES EM RUAS E AVENIDAS URBANAS,COM CALCADAS EM AMBOS OS LADOS E 2 FAIXASDE ROLAMENTO COM LARGURA MAXIMA DE 13M,APRESENTADO EM AUTOCAD NOS PADROES DA CONTRATANTE"},"PROJETO EXECUTIVO DE VIA PARA VEICULOS E PEDESTRES EM RUAS E"," AVENIDAS URBANAS,COM CALCADAS EM AMBOS OS LADOS E 2 FAIXAS","DE ROLAMENTO COM LARGURA MAXIMA DE 13M,APRESENTADO EM AUTOCA","D NOS PADROES DA CONTRATANTE",null,null,"HA",8151.55]
["01.050.0190-A",{"$f":"C1212&D1212&E1212&F1212&G1212&H1212","v":"PROJETO EXECUTIVO DE VIA PARA VEICULOS E PEDESTRES EM RUAS E AVENIDAS URBANAS,COM CALCADAS EM AMBOS OS LADOS E 2 FAIXASDE ROLAMENTO COM LARGURA MAXIMA DE 13M,APRESENTADO EM AUTOCAD NOS PADROES DA CONTRATANTE"},"PROJETO EXECUTIVO DE VIA PARA VEICULOS E PEDESTRES EM RUAS E"," AVENIDAS URBANAS,COM CALCADAS EM AMBOS OS LADOS E 2 FAIXAS","DE ROLAMENTO COM LARGURA MAXIMA DE 13M,APRESENTADO EM AUTOCA","D NOS PADROES DA CONTRATANTE",null,null,"HA",7063.19]
["01.050.0195-0",{"$f":"C1213&D1213&E1213&F1213&G1213&H1213","v":"PROJETO EXECUTIVO DE VIA PARA VEICULOS E PEDESTRES EM RUAS E AVENIDAS URBANAS,COM CALCADAS EM AMBOS OS LADOS E 3 FAIXASDE ROLAMENTO COM LARGURA MAXIMA DE 16M,APRESENTADO EM AUTOCAD NOS PADROES DA CONTRATANTE"},"PROJETO EXECUTIVO DE VIA PARA VEICULOS E PEDESTRES EM RUAS E"," AVENIDAS URBANAS,COM CALCADAS EM AMBOS OS LADOS E 3 FAIXAS","DE ROLAMENTO COM LARGURA MAXIMA DE 16M,APRESENTADO EM AUTOCA","D NOS PADROES DA CONTRATANTE",null,null,"HA",7469.08]
["01.050.0195-A",{"$f":"C1214&D1214&E1214&F1214&G1214&H1214","v":"PROJETO EXECUTIVO DE VIA PARA VEICULOS E PEDESTRES EM RUAS E AVENIDAS URBANAS,COM CALCADAS EM AMBOS OS LADOS E 3 FAIXASDE ROLAMENTO COM LARGURA MAXIMA DE 16M,APRESENTADO EM AUTOCAD NOS PADROES DA CONTRATANTE"},"PROJETO EXECUTIVO DE VIA PARA VEICULOS E PEDESTRES EM RUAS E"," AVENIDAS URBANAS,COM CALCADAS EM AMBOS OS LADOS E 3 FAIXAS","DE ROLAMENTO COM LARGURA MAXIMA DE 16M,APRESENTADO EM AUTOCA","D NOS PADROES DA CONTRATANTE",null,null,"HA",6471.85]
["01.050.0200-0",{"$f":"C1215&D1215&E1215&F1215&G1215&H1215","v":"PROJETO EXECUTIVO DE VIA ESPECIAL PARA VEICULOS E PEDESTRESEM RUAS E AVENIDAS URBANAS,COM CALCADAS EM AMBOS OS LADOS,CANTEIRO CENTRAL,COM 3 FAIXAS DE ROLAMENTO NAS PISTAS CENTRAIS E SEPARADORES DE PISTAS LATERAIS EM AMBOS OS SENTIDOS E COM LARGURA MAXIMA DE 53M,APRESENTADO EM AUTOCAD NOS PADROES DA CONTRATANTE"},"PROJETO EXECUTIVO DE VIA ESPECIAL PARA VEICULOS E PEDESTRES","EM RUAS E AVENIDAS URBANAS,COM CALCADAS EM AMBOS OS LADOS,CA","NTEIRO CENTRAL,COM 3 FAIXAS DE ROLAMENTO NAS PISTAS CENTRAIS"," E SEPARADORES DE PISTAS LATERAIS EM AMBOS OS SENTIDOS E COM"," LARGURA MAXIMA DE 53M,APRESENTADO EM AUTOCAD NOS PADROES DA"," CONTRATANTE","HA",8412.85]
["01.050.0200-A",{"$f":"C1216&D1216&E1216&F1216&G1216&H1216","v":"PROJETO EXECUTIVO DE VIA ESPECIAL PARA VEICULOS E PEDESTRESEM RUAS E AVENIDAS URBANAS,COM CALCADAS EM AMBOS OS LADOS,CANTEIRO CENTRAL,COM 3 FAIXAS DE ROLAMENTO NAS PISTAS CENTRAIS E SEPARADORES DE PISTAS LATERAIS EM AMBOS OS SENTIDOS E COM LARGURA MAXIMA DE 53M,APRESENTADO EM AUTOCAD NOS PADROES DA CONTRATANTE"},"PROJETO EXECUTIVO DE VIA ESPECIAL PARA VEICULOS E PEDESTRES","EM RUAS E AVENIDAS URBANAS,COM CALCADAS EM AMBOS OS LADOS,CA","NTEIRO CENTRAL,COM 3 FAIXAS DE ROLAMENTO NAS PISTAS CENTRAIS"," E SEPARADORES DE PISTAS LATERAIS EM AMBOS OS SENTIDOS E COM"," LARGURA MAXIMA DE 53M,APRESENTADO EM AUTOCAD NOS PADROES DA"," CONTRATANTE","HA",7289.57]
["01.050.0205-0",{"$f":"C1217&D1217&E1217&F1217&G1217&H1217","v":"PROJETO EXECUTIVO DE VIA PARA VEICULOS E PEDESTRES EM RUAS E AVENIDAS URBANAS,COM CALCADAS EM AMBOS OS LADOS E 4 FAIXASDE ROLAMENTO COM LARGURA MAXIMA DE 25M,APRESENTADO EM AUTOCAD NOS PADROES DA CONTRATANTE"},"PROJETO EXECUTIVO DE VIA PARA VEICULOS E PEDESTRES EM RUAS E"," AVENIDAS URBANAS,COM CALCADAS EM AMBOS OS LADOS E 4 FAIXAS","DE ROLAMENTO COM LARGURA MAXIMA DE 25M,APRESENTADO EM AUTOCA","D NOS PADROES DA CONTRATANTE",null,null,"HA",5295.04]
["01.050.0205-A",{"$f":"C1218&D1218&E1218&F1218&G1218&H1218","v":"PROJETO EXECUTIVO DE VIA PARA VEICULOS E PEDESTRES EM RUAS E AVENIDAS URBANAS,COM CALCADAS EM AMBOS OS LADOS E 4 FAIXASDE ROLAMENTO COM LARGURA MAXIMA DE 25M,APRESENTADO EM AUTOCAD NOS PADROES DA CONTRATANTE"},"PROJETO EXECUTIVO DE VIA PARA VEICULOS E PEDESTRES EM RUAS E"," AVENIDAS URBANAS,COM CALCADAS EM AMBOS OS LADOS E 4 FAIXAS","DE ROLAMENTO COM LARGURA MAXIMA DE 25M,APRESENTADO EM AUTOCA","D NOS PADROES DA CONTRATANTE",null,null,"HA",4588.06]
["01.050.0210-0",{"$f":"C1219&D1219&E1219&F1219&G1219&H1219","v":"PROJETO EXECUTIVO DE VIA ESPECIAL PARA VEICULOS E PEDESTRESEM RUAS E AVENIDAS URBANAS,COM CALCADAS EM AMBOS OS LADOS,CANTEIRO CENTRAL E PISTAS COM 4 FAIXAS DE ROLAMENTO EM CADA SENTIDO,COM LARGURA MAXIMA DE 40M,APRESENTADO EM AUTOCAD NOS PADROES DA CONTRATANTE"},"PROJETO EXECUTIVO DE VIA ESPECIAL PARA VEICULOS E PEDESTRES","EM RUAS E AVENIDAS URBANAS,COM CALCADAS EM AMBOS OS LADOS,CA","NTEIRO CENTRAL E PISTAS COM 4 FAIXAS DE ROLAMENTO EM CADA SE","NTIDO,COM LARGURA MAXIMA DE 40M,APRESENTADO EM AUTOCAD NOS P","ADROES DA CONTRATANTE",null,"HA",8568.13]
["01.050.0210-A",{"$f":"C1220&D1220&E1220&F1220&G1220&H1220","v":"PROJETO EXECUTIVO DE VIA ESPECIAL PARA VEICULOS E PEDESTRESEM RUAS E AVENIDAS URBANAS,COM CALCADAS EM AMBOS OS LADOS,CANTEIRO CENTRAL E PISTAS COM 4 FAIXAS DE ROLAMENTO EM CADA SENTIDO,COM LARGURA MAXIMA DE 40M,APRESENTADO EM AUTOCAD NOS PADROES DA CONTRATANTE"},"PROJETO EXECUTIVO DE VIA ESPECIAL PARA VEICULOS E PEDESTRES","EM RUAS E AVENIDAS URBANAS,COM CALCADAS EM AMBOS OS LADOS,CA","NTEIRO CENTRAL E PISTAS COM 4 FAIXAS DE ROLAMENTO EM CADA SE","NTIDO,COM LARGURA MAXIMA DE 40M,APRESENTADO EM AUTOCAD NOS P","ADROES DA CONTRATANTE",null,"HA",7424.12]
["01.050.0215-0",{"$f":"C1221&D1221&E1221&F1221&G1221&H1221","v":"PROJETO EXECUTIVO DE VIA SIMPLES DE CICLOVIA,COM 1 FAIXA DEROLAMENTO,COM LARGURA MAXIMA DE 1,30M,APRESENTADO EM AUTOCAD NOS PADROES DA CONTRATANTE"},"PROJETO EXECUTIVO DE VIA SIMPLES DE CICLOVIA,COM 1 FAIXA DE","ROLAMENTO,COM LARGURA MAXIMA DE 1,30M,APRESENTADO EM AUTOCAD"," NOS PADROES DA CONTRATANTE",null,null,null,"HA",7337.53]
["01.050.0215-A",{"$f":"C1222&D1222&E1222&F1222&G1222&H1222","v":"PROJETO EXECUTIVO DE VIA SIMPLES DE CICLOVIA,COM 1 FAIXA DEROLAMENTO,COM LARGURA MAXIMA DE 1,30M,APRESENTADO EM AUTOCAD NOS PADROES DA CONTRATANTE"},"PROJETO EXECUTIVO DE VIA SIMPLES DE CICLOVIA,COM 1 FAIXA DE","ROLAMENTO,COM LARGURA MAXIMA DE 1,30M,APRESENTADO EM AUTOCAD"," NOS PADROES DA CONTRATANTE",null,null,null,"HA",6357.7]
["01.050.0220-0",{"$f":"C1223&D1223&E1223&F1223&G1223&H1223","v":"PROJETO EXECUTIVO DE VIA DUPLA DE CICLOVIA,COM 2 FAIXAS DE ROLAMENTO,COM LARGURA MAXIMA DE 3M,APRESENTADO EM AUTOCAD NOS PADROES DA CONTRATANTE"},"PROJETO EXECUTIVO DE VIA DUPLA DE CICLOVIA,COM 2 FAIXAS DE R","OLAMENTO,COM LARGURA MAXIMA DE 3M,APRESENTADO EM AUTOCAD NOS"," PADROES DA CONTRATANTE",null,null,null,"HA",10957.45]
["01.050.0220-A",{"$f":"C1224&D1224&E1224&F1224&G1224&H1224","v":"PROJETO EXECUTIVO DE VIA DUPLA DE CICLOVIA,COM 2 FAIXAS DE ROLAMENTO,COM LARGURA MAXIMA DE 3M,APRESENTADO EM AUTOCAD NOS PADROES DA CONTRATANTE"},"PROJETO EXECUTIVO DE VIA DUPLA DE CICLOVIA,COM 2 FAIXAS DE R","OLAMENTO,COM LARGURA MAXIMA DE 3M,APRESENTADO EM AUTOCAD NOS"," PADROES DA CONTRATANTE",null,null,null,"HA",9494.24]
["01.050.0230-0",{"$f":"C1225&D1225&E1225&F1225&G1225&H1225","v":"PROJETO ESTRUTURAL FINAL DE ENGENHARIA DE OBRAS-DE-ARTE ESPECIAIS (PONTES,VIADUTOS E PASSARELAS) EM CONCRETO ARMADO E/OU PROTENDIDO OU ESTRUTURA DE ACO,COM AREA DE PROJECAO HORIZONTAL INFERIOR A 500M2,APRESENTADO EM AUTOCAD"},"PROJETO ESTRUTURAL FINAL DE ENGENHARIA DE OBRAS-DE-ARTE ESPE","CIAIS (PONTES,VIADUTOS E PASSARELAS) EM CONCRETO ARMADO E/OU"," PROTENDIDO OU ESTRUTURA DE ACO,COM AREA DE PROJECAO HORIZON","TAL INFERIOR A 500M2,APRESENTADO EM AUTOCAD",null,null,"M2",120.42]
["01.050.0230-A",{"$f":"C1226&D1226&E1226&F1226&G1226&H1226","v":"PROJETO ESTRUTURAL FINAL DE ENGENHARIA DE OBRAS-DE-ARTE ESPECIAIS (PONTES,VIADUTOS E PASSARELAS) EM CONCRETO ARMADO E/OU PROTENDIDO OU ESTRUTURA DE ACO,COM AREA DE PROJECAO HORIZONTAL INFERIOR A 500M2,APRESENTADO EM AUTOCAD"},"PROJETO ESTRUTURAL FINAL DE ENGENHARIA DE OBRAS-DE-ARTE ESPE","CIAIS (PONTES,VIADUTOS E PASSARELAS) EM CONCRETO ARMADO E/OU"," PROTENDIDO OU ESTRUTURA DE ACO,COM AREA DE PROJECAO HORIZON","TAL INFERIOR A 500M2,APRESENTADO EM AUTOCAD",null,null,"M2",104.58]
["01.050.0232-0",{"$f":"C1227&D1227&E1227&F1227&G1227&H1227","v":"PROJETO ESTRUTURAL FINAL DE ENGENHARIA DE OBRAS-DE-ARTE ESPECIAIS (PONTES,VIADUTOS E PASSARELAS) EM CONCRETO ARMADO E/OU PROTENDIDO OU ESTRUTURA DE ACO,COM AREA DE PROJECAO HORIZONTAL DE 501 ATE 5.000M2,APRESENTADO EM AUTOCAD"},"PROJETO ESTRUTURAL FINAL DE ENGENHARIA DE OBRAS-DE-ARTE ESPE","CIAIS (PONTES,VIADUTOS E PASSARELAS) EM CONCRETO ARMADO E/OU"," PROTENDIDO OU ESTRUTURA DE ACO,COM AREA DE PROJECAO HORIZON","TAL DE 501 ATE 5.000M2,APRESENTADO EM AUTOCAD",null,null,"M2",110.39]
["01.050.0232-A",{"$f":"C1228&D1228&E1228&F1228&G1228&H1228","v":"PROJETO ESTRUTURAL FINAL DE ENGENHARIA DE OBRAS-DE-ARTE ESPECIAIS (PONTES,VIADUTOS E PASSARELAS) EM CONCRETO ARMADO E/OU PROTENDIDO OU ESTRUTURA DE ACO,COM AREA DE PROJECAO HORIZONTAL DE 501 ATE 5.000M2,APRESENTADO EM AUTOCAD"},"PROJETO ESTRUTURAL FINAL DE ENGENHARIA DE OBRAS-DE-ARTE ESPE","CIAIS (PONTES,VIADUTOS E PASSARELAS) EM CONCRETO ARMADO E/OU"," PROTENDIDO OU ESTRUTURA DE ACO,COM AREA DE PROJECAO HORIZON","TAL DE 501 ATE 5.000M2,APRESENTADO EM AUTOCAD",null,null,"M2",95.89]
["01.050.0235-0",{"$f":"C1229&D1229&E1229&F1229&G1229&H1229","v":"PROJETO ESTRUTURAL FINAL DE ENGENHARIA DE OBRAS-DE-ARTE ESPECIAIS (PONTES,VIADUTOS E PASSARELAS) EM CONCRETO ARMADO E/OU PROTENDIDO OU ESTRUTURA DE ACO,COM AREA DE PROJECAO HORIZONTAL DE 5.001 ATE 7.000M2,APRESENTADO EM AUTOCAD"},"PROJETO ESTRUTURAL FINAL DE ENGENHARIA DE OBRAS-DE-ARTE ESPE","CIAIS (PONTES,VIADUTOS E PASSARELAS) EM CONCRETO ARMADO E/OU"," PROTENDIDO OU ESTRUTURA DE ACO,COM AREA DE PROJECAO HORIZON","TAL DE 5.001 ATE 7.000M2,APRESENTADO EM AUTOCAD",null,null,"M2",105.55]
["01.050.0235-A",{"$f":"C1230&D1230&E1230&F1230&G1230&H1230","v":"PROJETO ESTRUTURAL FINAL DE ENGENHARIA DE OBRAS-DE-ARTE ESPECIAIS (PONTES,VIADUTOS E PASSARELAS) EM CONCRETO ARMADO E/OU PROTENDIDO OU ESTRUTURA DE ACO,COM AREA DE PROJECAO HORIZONTAL DE 5.001 ATE 7.000M2,APRESENTADO EM AUTOCAD"},"PROJETO ESTRUTURAL FINAL DE ENGENHARIA DE OBRAS-DE-ARTE ESPE","CIAIS (PONTES,VIADUTOS E PASSARELAS) EM CONCRETO ARMADO E/OU"," PROTENDIDO OU ESTRUTURA DE ACO,COM AREA DE PROJECAO HORIZON","TAL DE 5.001 ATE 7.000M2,APRESENTADO EM AUTOCAD",null,null,"M2",91.7]
["01.050.0245-0",{"$f":"C1231&D1231&E1231&F1231&G1231&H1231","v":"PROJETO EXECUTIVO DE PROGRAMACAO VISUAL PARA PREDIOS ESCOLARES E/OU ADMINISTRATIVOS ATE 500M2,APRESENTADO EM AUTOCAD NOS PADROES DA CONTRATANTE"},"PROJETO EXECUTIVO DE PROGRAMACAO VISUAL PARA PREDIOS ESCOLAR","ES E/OU ADMINISTRATIVOS ATE 500M2,APRESENTADO EM AUTOCAD NOS"," PADROES DA CONTRATANTE",null,null,null,"M2",6.59]
["01.050.0245-A",{"$f":"C1232&D1232&E1232&F1232&G1232&H1232","v":"PROJETO EXECUTIVO DE PROGRAMACAO VISUAL PARA PREDIOS ESCOLARES E/OU ADMINISTRATIVOS ATE 500M2,APRESENTADO EM AUTOCAD NOS PADROES DA CONTRATANTE"},"PROJETO EXECUTIVO DE PROGRAMACAO VISUAL PARA PREDIOS ESCOLAR","ES E/OU ADMINISTRATIVOS ATE 500M2,APRESENTADO EM AUTOCAD NOS"," PADROES DA CONTRATANTE",null,null,null,"M2",5.71]
["01.050.0250-0",{"$f":"C1233&D1233&E1233&F1233&G1233&H1233","v":"PROJETO EXECUTIVO DE PROGRAMACAO VISUAL PARA PREDIOS ESCOLARES E/OU ADMINISTRATIVOS,DE 501 ATE 3000M2,APRESENTADO EM AUTOCAD NOS PADROES DA CONTRATANTE"},"PROJETO EXECUTIVO DE PROGRAMACAO VISUAL PARA PREDIOS ESCOLAR","ES E/OU ADMINISTRATIVOS,DE 501 ATE 3000M2,APRESENTADO EM AUT","OCAD NOS PADROES DA CONTRATANTE",null,null,null,"M2",5.51]
["01.050.0250-A",{"$f":"C1234&D1234&E1234&F1234&G1234&H1234","v":"PROJETO EXECUTIVO DE PROGRAMACAO VISUAL PARA PREDIOS ESCOLARES E/OU ADMINISTRATIVOS,DE 501 ATE 3000M2,APRESENTADO EM AUTOCAD NOS PADROES DA CONTRATANTE"},"PROJETO EXECUTIVO DE PROGRAMACAO VISUAL PARA PREDIOS ESCOLAR","ES E/OU ADMINISTRATIVOS,DE 501 ATE 3000M2,APRESENTADO EM AUT","OCAD NOS PADROES DA CONTRATANTE",null,null,null,"M2",4.77]
["01.050.0300-0",{"$f":"C1235&D1235&E1235&F1235&G1235&H1235","v":"RELATORIO FINAL DE OBRAS OU SERVICOS DE ENGENHARIA,INCL.DESENHOS TAMANHO A-1,AUTOCAD,REGISTRO FOTOGRAFICO,PLANILHA ORCAMENTARIA E DESCRICAO DO ESCOPO DOS SERVICOS REALIZADOS,CONF.RECOMENDACOES E ESPECIFICACOES DO ORGAO CONTRATANTE.O RELATORIO DEVERA SER APRESENTADO EM 2 VIAS.O ITEM DEVERA SER MEDIDO PELO NUMERO DE PRANCHAS ORIGINAIS QUE COMPOE O RELATORIO"},"RELATORIO FINAL DE OBRAS OU SERVICOS DE ENGENHARIA,INCL.DESE","NHOS TAMANHO A-1,AUTOCAD,REGISTRO FOTOGRAFICO,PLANILHA ORCAM","ENTARIA E DESCRICAO DO ESCOPO DOS SERVICOS REALIZADOS,CONF.R","ECOMENDACOES E ESPECIFICACOES DO ORGAO CONTRATANTE.O RELATOR","IO DEVERA SER APRESENTADO EM 2 VIAS.O ITEM DEVERA SER MEDIDO"," PELO NUMERO DE PRANCHAS ORIGINAIS QUE COMPOE O RELATORIO","UN",1392.86]
["01.050.0300-A",{"$f":"C1236&D1236&E1236&F1236&G1236&H1236","v":"RELATORIO FINAL DE OBRAS OU SERVICOS DE ENGENHARIA,INCL.DESENHOS TAMANHO A-1,AUTOCAD,REGISTRO FOTOGRAFICO,PLANILHA ORCAMENTARIA E DESCRICAO DO ESCOPO DOS SERVICOS REALIZADOS,CONF.RECOMENDACOES E ESPECIFICACOES DO ORGAO CONTRATANTE.O RELATORIO DEVERA SER APRESENTADO EM 2 VIAS.O ITEM DEVERA SER MEDIDO PELO NUMERO DE PRANCHAS ORIGINAIS QUE COMPOE O RELATORIO"},"RELATORIO FINAL DE OBRAS OU SERVICOS DE ENGENHARIA,INCL.DESE","NHOS TAMANHO A-1,AUTOCAD,REGISTRO FOTOGRAFICO,PLANILHA ORCAM","ENTARIA E DESCRICAO DO ESCOPO DOS SERVICOS REALIZADOS,CONF.R","ECOMENDACOES E ESPECIFICACOES DO ORGAO CONTRATANTE.O RELATOR","IO DEVERA SER APRESENTADO EM 2 VIAS.O ITEM DEVERA SER MEDIDO"," PELO NUMERO DE PRANCHAS ORIGINAIS QUE COMPOE O RELATORIO","UN",1207]
["01.050.0315-0",{"$f":"C1237&D1237&E1237&F1237&G1237&H1237","v":"SERVICOS DE ELABORACAO DE VISTORIAS,LAUDOS TECNICOS,ANTEPROJETOS DE INTERVENCOES LOCALIZADAS,QUANTITATIVOS E RELATORIO FOTOGRAFICO PARA EXECUCAO DE RECUPERACAO ESTRUTURAL DE OBRAS-DE-ARTE ESPECIAIS,COM AREAS DE PROJECAO HORIZONTAL ATE 1000M2"},"SERVICOS DE ELABORACAO DE VISTORIAS,LAUDOS TECNICOS,ANTEPROJ","ETOS DE INTERVENCOES LOCALIZADAS,QUANTITATIVOS E RELATORIO F","OTOGRAFICO PARA EXECUCAO DE RECUPERACAO ESTRUTURAL DE OBRAS-","DE-ARTE ESPECIAIS,COM AREAS DE PROJECAO HORIZONTAL ATE 1000M","2",null,"M2",19.11]
["01.050.0315-A",{"$f":"C1238&D1238&E1238&F1238&G1238&H1238","v":"SERVICOS DE ELABORACAO DE VISTORIAS,LAUDOS TECNICOS,ANTEPROJETOS DE INTERVENCOES LOCALIZADAS,QUANTITATIVOS E RELATORIO FOTOGRAFICO PARA EXECUCAO DE RECUPERACAO ESTRUTURAL DE OBRAS-DE-ARTE ESPECIAIS,COM AREAS DE PROJECAO HORIZONTAL ATE 1000M2"},"SERVICOS DE ELABORACAO DE VISTORIAS,LAUDOS TECNICOS,ANTEPROJ","ETOS DE INTERVENCOES LOCALIZADAS,QUANTITATIVOS E RELATORIO F","OTOGRAFICO PARA EXECUCAO DE RECUPERACAO ESTRUTURAL DE OBRAS-","DE-ARTE ESPECIAIS,COM AREAS DE PROJECAO HORIZONTAL ATE 1000M","2",null,"M2",16.75]
["01.050.0320-0",{"$f":"C1239&D1239&E1239&F1239&G1239&H1239","v":"SERVICOS DE ELABORACAO DE VISTORIAS,LAUDOS TECNICOS,ANTEPROJETOS DE INTERVENCOES LOCALIZADAS,QUANTITATIVOS E RELATORIO FOTOGRAFICO PARA EXECUCAO DE RECUPERACAO ESTRUTURAL DE OBRAS-DE-ARTE ESPECIAIS,COM AREAS DE PROJECAO HORIZONTAL ENTRE 1000M2 E 2000M2.PARA OS PRIMEIROS 1000M2 CONSIDERAR O ITEM PERTINENTE"},"SERVICOS DE ELABORACAO DE VISTORIAS,LAUDOS TECNICOS,ANTEPROJ","ETOS DE INTERVENCOES LOCALIZADAS,QUANTITATIVOS E RELATORIO F","OTOGRAFICO PARA EXECUCAO DE RECUPERACAO ESTRUTURAL DE OBRAS-","DE-ARTE ESPECIAIS,COM AREAS DE PROJECAO HORIZONTAL ENTRE 100","0M2 E 2000M2.PARA OS PRIMEIROS 1000M2 CONSIDERAR O ITEM PERT","INENTE","M2",12.77]
["01.050.0320-A",{"$f":"C1240&D1240&E1240&F1240&G1240&H1240","v":"SERVICOS DE ELABORACAO DE VISTORIAS,LAUDOS TECNICOS,ANTEPROJETOS DE INTERVENCOES LOCALIZADAS,QUANTITATIVOS E RELATORIO FOTOGRAFICO PARA EXECUCAO DE RECUPERACAO ESTRUTURAL DE OBRAS-DE-ARTE ESPECIAIS,COM AREAS DE PROJECAO HORIZONTAL ENTRE 1000M2 E 2000M2.PARA OS PRIMEIROS 1000M2 CONSIDERAR O ITEM PERTINENTE"},"SERVICOS DE ELABORACAO DE VISTORIAS,LAUDOS TECNICOS,ANTEPROJ","ETOS DE INTERVENCOES LOCALIZADAS,QUANTITATIVOS E RELATORIO F","OTOGRAFICO PARA EXECUCAO DE RECUPERACAO ESTRUTURAL DE OBRAS-","DE-ARTE ESPECIAIS,COM AREAS DE PROJECAO HORIZONTAL ENTRE 100","0M2 E 2000M2.PARA OS PRIMEIROS 1000M2 CONSIDERAR O ITEM PERT","INENTE","M2",11.18]
["01.050.0322-0",{"$f":"C1241&D1241&E1241&F1241&G1241&H1241","v":"SERVICOS DE ELABORACAO DE VISTORIAS,LAUDOS TECNICOS,ANTEPROJETOS DE INTERVENCOES LOCALIZADAS,QUANTITATIVOS E RELATORIO FOTOGRAFICO PARA EXECUCAO DE RECUPERACAO ESTRUTURAL DE OBRAS-DE-ARTE ESPECIAIS,COM AREAS DE PROJECAO HORIZONTAL ENTRE 2000M2 E 5000M2.PARA OS PRIMEIROS 2000M2 CONSIDERAR OS ITENS PERTINENTES"},"SERVICOS DE ELABORACAO DE VISTORIAS,LAUDOS TECNICOS,ANTEPROJ","ETOS DE INTERVENCOES LOCALIZADAS,QUANTITATIVOS E RELATORIO F","OTOGRAFICO PARA EXECUCAO DE RECUPERACAO ESTRUTURAL DE OBRAS-","DE-ARTE ESPECIAIS,COM AREAS DE PROJECAO HORIZONTAL ENTRE 200","0M2 E 5000M2.PARA OS PRIMEIROS 2000M2 CONSIDERAR OS ITENS PE","RTINENTES","M2",10.07]
["01.050.0322-A",{"$f":"C1242&D1242&E1242&F1242&G1242&H1242","v":"SERVICOS DE ELABORACAO DE VISTORIAS,LAUDOS TECNICOS,ANTEPROJETOS DE INTERVENCOES LOCALIZADAS,QUANTITATIVOS E RELATORIO FOTOGRAFICO PARA EXECUCAO DE RECUPERACAO ESTRUTURAL DE OBRAS-DE-ARTE ESPECIAIS,COM AREAS DE PROJECAO HORIZONTAL ENTRE 2000M2 E 5000M2.PARA OS PRIMEIROS 2000M2 CONSIDERAR OS ITENS PERTINENTES"},"SERVICOS DE ELABORACAO DE VISTORIAS,LAUDOS TECNICOS,ANTEPROJ","ETOS DE INTERVENCOES LOCALIZADAS,QUANTITATIVOS E RELATORIO F","OTOGRAFICO PARA EXECUCAO DE RECUPERACAO ESTRUTURAL DE OBRAS-","DE-ARTE ESPECIAIS,COM AREAS DE PROJECAO HORIZONTAL ENTRE 200","0M2 E 5000M2.PARA OS PRIMEIROS 2000M2 CONSIDERAR OS ITENS PE","RTINENTES","M2",8.83]
["01.050.0324-0",{"$f":"C1243&D1243&E1243&F1243&G1243&H1243","v":"SERVICOS DE ELABORACAO DE VISTORIAS,LAUDOS TECNICOS,ANTEPROJETOS DE INTERVENCOES LOCALIZADAS,QUANTITATIVOS E RELATORIO FOTOGRAFICO PARA EXECUCAO DE RECUPERACAO ESTRUTURAL DE OBRAS-DE-ARTE ESPECIAIS,COM AREAS DE PROJECAO HORIZONTAL ACIMA DE5000M2.PARA OS PRIMEIROS 5000M2 CONSIDERAR OS ITENS PERTINENTES"},"SERVICOS DE ELABORACAO DE VISTORIAS,LAUDOS TECNICOS,ANTEPROJ","ETOS DE INTERVENCOES LOCALIZADAS,QUANTITATIVOS E RELATORIO F","OTOGRAFICO PARA EXECUCAO DE RECUPERACAO ESTRUTURAL DE OBRAS-","DE-ARTE ESPECIAIS,COM AREAS DE PROJECAO HORIZONTAL ACIMA DE","5000M2.PARA OS PRIMEIROS 5000M2 CONSIDERAR OS ITENS PERTINEN","TES","M2",8.61]
["01.050.0324-A",{"$f":"C1244&D1244&E1244&F1244&G1244&H1244","v":"SERVICOS DE ELABORACAO DE VISTORIAS,LAUDOS TECNICOS,ANTEPROJETOS DE INTERVENCOES LOCALIZADAS,QUANTITATIVOS E RELATORIO FOTOGRAFICO PARA EXECUCAO DE RECUPERACAO ESTRUTURAL DE OBRAS-DE-ARTE ESPECIAIS,COM AREAS DE PROJECAO HORIZONTAL ACIMA DE5000M2.PARA OS PRIMEIROS 5000M2 CONSIDERAR OS ITENS PERTINENTES"},"SERVICOS DE ELABORACAO DE VISTORIAS,LAUDOS TECNICOS,ANTEPROJ","ETOS DE INTERVENCOES LOCALIZADAS,QUANTITATIVOS E RELATORIO F","OTOGRAFICO PARA EXECUCAO DE RECUPERACAO ESTRUTURAL DE OBRAS-","DE-ARTE ESPECIAIS,COM AREAS DE PROJECAO HORIZONTAL ACIMA DE","5000M2.PARA OS PRIMEIROS 5000M2 CONSIDERAR OS ITENS PERTINEN","TES","M2",7.55]
["01.050.0325-0",{"$f":"C1245&D1245&E1245&F1245&G1245&H1245","v":"SERVICOS DE ELABORACAO DE VISTORIAS,LAUDOS TECNICOS,ANTEPROJETOS DE INTERVENCOES LOCALIZADAS,QUANTITATIVOS E RELATORIO FOTOGRAFICO PARA EXECUCAO DE RECUPERACAO ESTRUTURAL DE PREDIOS PUBLICOS,COM AREAS DE PROJECAO HORIZONTAL ATE 1000M2"},"SERVICOS DE ELABORACAO DE VISTORIAS,LAUDOS TECNICOS,ANTEPROJ","ETOS DE INTERVENCOES LOCALIZADAS,QUANTITATIVOS E RELATORIO F","OTOGRAFICO PARA EXECUCAO DE RECUPERACAO ESTRUTURAL DE PREDIO","S PUBLICOS,COM AREAS DE PROJECAO HORIZONTAL ATE 1000M2",null,null,"M2",8.32]
["01.050.0325-A",{"$f":"C1246&D1246&E1246&F1246&G1246&H1246","v":"SERVICOS DE ELABORACAO DE VISTORIAS,LAUDOS TECNICOS,ANTEPROJETOS DE INTERVENCOES LOCALIZADAS,QUANTITATIVOS E RELATORIO FOTOGRAFICO PARA EXECUCAO DE RECUPERACAO ESTRUTURAL DE PREDIOS PUBLICOS,COM AREAS DE PROJECAO HORIZONTAL ATE 1000M2"},"SERVICOS DE ELABORACAO DE VISTORIAS,LAUDOS TECNICOS,ANTEPROJ","ETOS DE INTERVENCOES LOCALIZADAS,QUANTITATIVOS E RELATORIO F","OTOGRAFICO PARA EXECUCAO DE RECUPERACAO ESTRUTURAL DE PREDIO","S PUBLICOS,COM AREAS DE PROJECAO HORIZONTAL ATE 1000M2",null,null,"M2",7.4]
["01.050.0326-0",{"$f":"C1247&D1247&E1247&F1247&G1247&H1247","v":"SERVICOS DE ELABORACAO DE VISTORIAS,LAUDOS TECNICOS,ANTEPROJETOS DE INTERVENCOES LOCALIZADAS,QUANTITATIVOS E RELATORIO FOTOGRAFICO PARA EXECUCAO DE RECUPERACAO ESTRUTURAL DE PREDIOS PUBLICOS,COM AREAS DE PROJECAO HORIZONTAL ENTRE 1000M2 E 2000M2.PARA OS PRIMEIROS 1000M2 CONSIDERAR O ITEM PERTINENTE"},"SERVICOS DE ELABORACAO DE VISTORIAS,LAUDOS TECNICOS,ANTEPROJ","ETOS DE INTERVENCOES LOCALIZADAS,QUANTITATIVOS E RELATORIO F","OTOGRAFICO PARA EXECUCAO DE RECUPERACAO ESTRUTURAL DE PREDIO","S PUBLICOS,COM AREAS DE PROJECAO HORIZONTAL ENTRE 1000M2 E 2","000M2.PARA OS PRIMEIROS 1000M2 CONSIDERAR O ITEM PERTINENTE",null,"M2",5.54]
["01.050.0326-A",{"$f":"C1248&D1248&E1248&F1248&G1248&H1248","v":"SERVICOS DE ELABORACAO DE VISTORIAS,LAUDOS TECNICOS,ANTEPROJETOS DE INTERVENCOES LOCALIZADAS,QUANTITATIVOS E RELATORIO FOTOGRAFICO PARA EXECUCAO DE RECUPERACAO ESTRUTURAL DE PREDIOS PUBLICOS,COM AREAS DE PROJECAO HORIZONTAL ENTRE 1000M2 E 2000M2.PARA OS PRIMEIROS 1000M2 CONSIDERAR O ITEM PERTINENTE"},"SERVICOS DE ELABORACAO DE VISTORIAS,LAUDOS TECNICOS,ANTEPROJ","ETOS DE INTERVENCOES LOCALIZADAS,QUANTITATIVOS E RELATORIO F","OTOGRAFICO PARA EXECUCAO DE RECUPERACAO ESTRUTURAL DE PREDIO","S PUBLICOS,COM AREAS DE PROJECAO HORIZONTAL ENTRE 1000M2 E 2","000M2.PARA OS PRIMEIROS 1000M2 CONSIDERAR O ITEM PERTINENTE",null,"M2",4.92]
["01.050.0327-0",{"$f":"C1249&D1249&E1249&F1249&G1249&H1249","v":"SERVICOS DE ELABORACAO DE VISTORIAS,LAUDOS TECNICOS,ANTEPROJETOS DE INTERVENCOES LOCALIZADAS,QUANTITATIVOS E RELATORIO FOTOGRAFICO PARA EXECUCAO DE RECUPERACAO ESTRUTURAL DE PREDIOS PUBLICOS,COM AREAS DE PROJECAO HORIZONTAL ENTRE 2000M2 E 5000M2.PARA OS PRIMEIROS 2000M2 CONSIDERAR OS ITENS PERTINENTES"},"SERVICOS DE ELABORACAO DE VISTORIAS,LAUDOS TECNICOS,ANTEPROJ","ETOS DE INTERVENCOES LOCALIZADAS,QUANTITATIVOS E RELATORIO F","OTOGRAFICO PARA EXECUCAO DE RECUPERACAO ESTRUTURAL DE PREDIO","S PUBLICOS,COM AREAS DE PROJECAO HORIZONTAL ENTRE 2000M2 E 5","000M2.PARA OS PRIMEIROS 2000M2 CONSIDERAR OS ITENS PERTINENT","ES","M2",4.4]
["01.050.0327-A",{"$f":"C1250&D1250&E1250&F1250&G1250&H1250","v":"SERVICOS DE ELABORACAO DE VISTORIAS,LAUDOS TECNICOS,ANTEPROJETOS DE INTERVENCOES LOCALIZADAS,QUANTITATIVOS E RELATORIO FOTOGRAFICO PARA EXECUCAO DE RECUPERACAO ESTRUTURAL DE PREDIOS PUBLICOS,COM AREAS DE PROJECAO HORIZONTAL ENTRE 2000M2 E 5000M2.PARA OS PRIMEIROS 2000M2 CONSIDERAR OS ITENS PERTINENTES"},"SERVICOS DE ELABORACAO DE VISTORIAS,LAUDOS TECNICOS,ANTEPROJ","ETOS DE INTERVENCOES LOCALIZADAS,QUANTITATIVOS E RELATORIO F","OTOGRAFICO PARA EXECUCAO DE RECUPERACAO ESTRUTURAL DE PREDIO","S PUBLICOS,COM AREAS DE PROJECAO HORIZONTAL ENTRE 2000M2 E 5","000M2.PARA OS PRIMEIROS 2000M2 CONSIDERAR OS ITENS PERTINENT","ES","M2",3.91]
["01.050.0328-0",{"$f":"C1251&D1251&E1251&F1251&G1251&H1251","v":"SERVICOS DE ELABORACAO DE VISTORIAS,LAUDOS TECNICOS,ANTEPROJETOS DE INTERVENCOES LOCALIZADAS,QUANTITATIVOS E RELATORIO FOTOGRAFICO PARA EXECUCAO DE RECUPERACAO ESTRUTURAL DE PREDIOS PUBLICOS,COM AREAS DE PROJECAO HORIZONTAL ACIMA DE 5000M2.PARA OS PRIMEIROS 5000M2 CONSIDERAR OS ITENS PERTINENTES"},"SERVICOS DE ELABORACAO DE VISTORIAS,LAUDOS TECNICOS,ANTEPROJ","ETOS DE INTERVENCOES LOCALIZADAS,QUANTITATIVOS E RELATORIO F","OTOGRAFICO PARA EXECUCAO DE RECUPERACAO ESTRUTURAL DE PREDIO","S PUBLICOS,COM AREAS DE PROJECAO HORIZONTAL ACIMA DE 5000M2.","PARA OS PRIMEIROS 5000M2 CONSIDERAR OS ITENS PERTINENTES",null,"M2",3.49]
["01.050.0328-A",{"$f":"C1252&D1252&E1252&F1252&G1252&H1252","v":"SERVICOS DE ELABORACAO DE VISTORIAS,LAUDOS TECNICOS,ANTEPROJETOS DE INTERVENCOES LOCALIZADAS,QUANTITATIVOS E RELATORIO FOTOGRAFICO PARA EXECUCAO DE RECUPERACAO ESTRUTURAL DE PREDIOS PUBLICOS,COM AREAS DE PROJECAO HORIZONTAL ACIMA DE 5000M2.PARA OS PRIMEIROS 5000M2 CONSIDERAR OS ITENS PERTINENTES"},"SERVICOS DE ELABORACAO DE VISTORIAS,LAUDOS TECNICOS,ANTEPROJ","ETOS DE INTERVENCOES LOCALIZADAS,QUANTITATIVOS E RELATORIO F","OTOGRAFICO PARA EXECUCAO DE RECUPERACAO ESTRUTURAL DE PREDIO","S PUBLICOS,COM AREAS DE PROJECAO HORIZONTAL ACIMA DE 5000M2.","PARA OS PRIMEIROS 5000M2 CONSIDERAR OS ITENS PERTINENTES",null,"M2",3.11]
["01.050.0350-0",{"$f":"C1253&D1253&E1253&F1253&G1253&H1253","v":"PROJETO EXECUTIVO DE ARQUITETURA,CONSIDERANDO O PROJETO BASICO EXISTENTE,PARA PREDIOS HOSPITALARES ATE 1000M2,APRESENTADO EM AUTOCAD NOS PADROES DA CONTRATANTE,INCLUSIVE AS LEGALIZACOES PERTINENTES,COORDENACAO E COMPATIBILIZACAO COM OS PROJETOS COMPLEMENTARES"},"PROJETO EXECUTIVO DE ARQUITETURA,CONSIDERANDO O PROJETO BASI","CO EXISTENTE,PARA PREDIOS HOSPITALARES ATE 1000M2,APRESENTAD","O EM AUTOCAD NOS PADROES DA CONTRATANTE,INCLUSIVE AS LEGALIZ","ACOES PERTINENTES,COORDENACAO E COMPATIBILIZACAO COM OS PROJ","ETOS COMPLEMENTARES",null,"M2",95.44]
["01.050.0350-A",{"$f":"C1254&D1254&E1254&F1254&G1254&H1254","v":"PROJETO EXECUTIVO DE ARQUITETURA,CONSIDERANDO O PROJETO BASICO EXISTENTE,PARA PREDIOS HOSPITALARES ATE 1000M2,APRESENTADO EM AUTOCAD NOS PADROES DA CONTRATANTE,INCLUSIVE AS LEGALIZACOES PERTINENTES,COORDENACAO E COMPATIBILIZACAO COM OS PROJETOS COMPLEMENTARES"},"PROJETO EXECUTIVO DE ARQUITETURA,CONSIDERANDO O PROJETO BASI","CO EXISTENTE,PARA PREDIOS HOSPITALARES ATE 1000M2,APRESENTAD","O EM AUTOCAD NOS PADROES DA CONTRATANTE,INCLUSIVE AS LEGALIZ","ACOES PERTINENTES,COORDENACAO E COMPATIBILIZACAO COM OS PROJ","ETOS COMPLEMENTARES",null,"M2",82.69]
["01.050.0351-0",{"$f":"C1255&D1255&E1255&F1255&G1255&H1255","v":"PROJETO EXECUTIVO DE ARQUITETURA,CONSIDERANDO O PROJETO BASICO EXISTENTE,PARA PREDIOS HOSPITALARES DE 1001 ATE 4000M2,APRESENTADO EM AUTOCAD NOS PADROES DA CONTRATANTE,INCLUSIVE AS LEGALIZACOES PERTINENTES,COORDENACAO E COMPATIBILIZACAO COM OS PROJETOS COMPLEMENTARES"},"PROJETO EXECUTIVO DE ARQUITETURA,CONSIDERANDO O PROJETO BASI","CO EXISTENTE,PARA PREDIOS HOSPITALARES DE 1001 ATE 4000M2,AP","RESENTADO EM AUTOCAD NOS PADROES DA CONTRATANTE,INCLUSIVE AS"," LEGALIZACOES PERTINENTES,COORDENACAO E COMPATIBILIZACAO COM"," OS PROJETOS COMPLEMENTARES",null,"M2",87.19]
["01.050.0351-A",{"$f":"C1256&D1256&E1256&F1256&G1256&H1256","v":"PROJETO EXECUTIVO DE ARQUITETURA,CONSIDERANDO O PROJETO BASICO EXISTENTE,PARA PREDIOS HOSPITALARES DE 1001 ATE 4000M2,APRESENTADO EM AUTOCAD NOS PADROES DA CONTRATANTE,INCLUSIVE AS LEGALIZACOES PERTINENTES,COORDENACAO E COMPATIBILIZACAO COM OS PROJETOS COMPLEMENTARES"},"PROJETO EXECUTIVO DE ARQUITETURA,CONSIDERANDO O PROJETO BASI","CO EXISTENTE,PARA PREDIOS HOSPITALARES DE 1001 ATE 4000M2,AP","RESENTADO EM AUTOCAD NOS PADROES DA CONTRATANTE,INCLUSIVE AS"," LEGALIZACOES PERTINENTES,COORDENACAO E COMPATIBILIZACAO COM"," OS PROJETOS COMPLEMENTARES",null,"M2",75.54]
["01.050.0352-0",{"$f":"C1257&D1257&E1257&F1257&G1257&H1257","v":"PROJETO EXECUTIVO DE ARQUITETURA,CONSIDERANDO O PROJETO BASICO EXISTENTE,PARA PREDIOS HOSPITALARES ACIMA DE 4000M2,APRESENTADO EM AUTOCAD NOS PADROES DA CONTRATANTE,INCLUSIVE AS LEGALIZACOES PERTINENTES,COORDENACAO E COMPATIBILIZACAO COM OS PROJETOS COMPLEMENTARES"},"PROJETO EXECUTIVO DE ARQUITETURA,CONSIDERANDO O PROJETO BASI","CO EXISTENTE,PARA PREDIOS HOSPITALARES ACIMA DE 4000M2,APRES","ENTADO EM AUTOCAD NOS PADROES DA CONTRATANTE,INCLUSIVE AS LE","GALIZACOES PERTINENTES,COORDENACAO E COMPATIBILIZACAO COM OS"," PROJETOS COMPLEMENTARES",null,"M2",82.21]
["01.050.0352-A",{"$f":"C1258&D1258&E1258&F1258&G1258&H1258","v":"PROJETO EXECUTIVO DE ARQUITETURA,CONSIDERANDO O PROJETO BASICO EXISTENTE,PARA PREDIOS HOSPITALARES ACIMA DE 4000M2,APRESENTADO EM AUTOCAD NOS PADROES DA CONTRATANTE,INCLUSIVE AS LEGALIZACOES PERTINENTES,COORDENACAO E COMPATIBILIZACAO COM OS PROJETOS COMPLEMENTARES"},"PROJETO EXECUTIVO DE ARQUITETURA,CONSIDERANDO O PROJETO BASI","CO EXISTENTE,PARA PREDIOS HOSPITALARES ACIMA DE 4000M2,APRES","ENTADO EM AUTOCAD NOS PADROES DA CONTRATANTE,INCLUSIVE AS LE","GALIZACOES PERTINENTES,COORDENACAO E COMPATIBILIZACAO COM OS"," PROJETOS COMPLEMENTARES",null,"M2",71.23]
["01.050.0353-0",{"$f":"C1259&D1259&E1259&F1259&G1259&H1259","v":"PROJETO EXECUTIVO DE ARQUITETURA,CONSIDERANDO O PROJETO BASICO EXISTENTE,PARA PREDIOS CULTURAIS ATE 500M2,APRESENTADO EM AUTOCAD NOS PADROES DA CONTRATANTE,INCLUSIVE AS LEGALIZACOES PERTINENTES,COORDENACAO E COMPATIBILIZACAO COM OS PROJETOS COMPLEMENTARES"},"PROJETO EXECUTIVO DE ARQUITETURA,CONSIDERANDO O PROJETO BASI","CO EXISTENTE,PARA PREDIOS CULTURAIS ATE 500M2,APRESENTADO EM"," AUTOCAD NOS PADROES DA CONTRATANTE,INCLUSIVE AS LEGALIZACOE","S PERTINENTES,COORDENACAO E COMPATIBILIZACAO COM OS PROJETOS"," COMPLEMENTARES",null,"M2",75.17]
["01.050.0353-A",{"$f":"C1260&D1260&E1260&F1260&G1260&H1260","v":"PROJETO EXECUTIVO DE ARQUITETURA,CONSIDERANDO O PROJETO BASICO EXISTENTE,PARA PREDIOS CULTURAIS ATE 500M2,APRESENTADO EM AUTOCAD NOS PADROES DA CONTRATANTE,INCLUSIVE AS LEGALIZACOES PERTINENTES,COORDENACAO E COMPATIBILIZACAO COM OS PROJETOS COMPLEMENTARES"},"PROJETO EXECUTIVO DE ARQUITETURA,CONSIDERANDO O PROJETO BASI","CO EXISTENTE,PARA PREDIOS CULTURAIS ATE 500M2,APRESENTADO EM"," AUTOCAD NOS PADROES DA CONTRATANTE,INCLUSIVE AS LEGALIZACOE","S PERTINENTES,COORDENACAO E COMPATIBILIZACAO COM OS PROJETOS"," COMPLEMENTARES",null,"M2",65.13]
["01.050.0354-0",{"$f":"C1261&D1261&E1261&F1261&G1261&H1261","v":"PROJETO EXECUTIVO DE ARQUITETURA,CONSIDERANDO O PROJETO BASICO EXISTENTE,PARA PREDIOS CULTURAIS DE 501 ATE 3000M2,APRESENTADO EM AUTOCAD NOS PADROES DA CONTRATANTE,INCLUSIVE AS LEGALIZACOES PERTINENTES,COORDENACAO E COMPATIBILIZACAO COM OSPROJETOS COMPLEMENTARES"},"PROJETO EXECUTIVO DE ARQUITETURA,CONSIDERANDO O PROJETO BASI","CO EXISTENTE,PARA PREDIOS CULTURAIS DE 501 ATE 3000M2,APRESE","NTADO EM AUTOCAD NOS PADROES DA CONTRATANTE,INCLUSIVE AS LEG","ALIZACOES PERTINENTES,COORDENACAO E COMPATIBILIZACAO COM OS","PROJETOS COMPLEMENTARES",null,"M2",66.89]
["01.050.0354-A",{"$f":"C1262&D1262&E1262&F1262&G1262&H1262","v":"PROJETO EXECUTIVO DE ARQUITETURA,CONSIDERANDO O PROJETO BASICO EXISTENTE,PARA PREDIOS CULTURAIS DE 501 ATE 3000M2,APRESENTADO EM AUTOCAD NOS PADROES DA CONTRATANTE,INCLUSIVE AS LEGALIZACOES PERTINENTES,COORDENACAO E COMPATIBILIZACAO COM OSPROJETOS COMPLEMENTARES"},"PROJETO EXECUTIVO DE ARQUITETURA,CONSIDERANDO O PROJETO BASI","CO EXISTENTE,PARA PREDIOS CULTURAIS DE 501 ATE 3000M2,APRESE","NTADO EM AUTOCAD NOS PADROES DA CONTRATANTE,INCLUSIVE AS LEG","ALIZACOES PERTINENTES,COORDENACAO E COMPATIBILIZACAO COM OS","PROJETOS COMPLEMENTARES",null,"M2",57.95]
["01.050.0355-0",{"$f":"C1263&D1263&E1263&F1263&G1263&H1263","v":"PROJETO EXECUTIVO DE ARQUITETURA,CONSIDERANDO O PROJETO BASICO EXISTENTE,PARA PREDIOS CULTURAIS ACIMA DE 3000M2,APRESENTADO EM AUTOCAD NOS PADROES DA CONTRATANTE,INCLUSIVE AS LEGALIZACOES PERTINENTES,COORDENACAO E COMPATIBILIZACAO COM OS PROJETOS COMPLEMENTARES"},"PROJETO EXECUTIVO DE ARQUITETURA,CONSIDERANDO O PROJETO BASI","CO EXISTENTE,PARA PREDIOS CULTURAIS ACIMA DE 3000M2,APRESENT","ADO EM AUTOCAD NOS PADROES DA CONTRATANTE,INCLUSIVE AS LEGAL","IZACOES PERTINENTES,COORDENACAO E COMPATIBILIZACAO COM OS PR","OJETOS COMPLEMENTARES",null,"M2",52.97]
["01.050.0355-A",{"$f":"C1264&D1264&E1264&F1264&G1264&H1264","v":"PROJETO EXECUTIVO DE ARQUITETURA,CONSIDERANDO O PROJETO BASICO EXISTENTE,PARA PREDIOS CULTURAIS ACIMA DE 3000M2,APRESENTADO EM AUTOCAD NOS PADROES DA CONTRATANTE,INCLUSIVE AS LEGALIZACOES PERTINENTES,COORDENACAO E COMPATIBILIZACAO COM OS PROJETOS COMPLEMENTARES"},"PROJETO EXECUTIVO DE ARQUITETURA,CONSIDERANDO O PROJETO BASI","CO EXISTENTE,PARA PREDIOS CULTURAIS ACIMA DE 3000M2,APRESENT","ADO EM AUTOCAD NOS PADROES DA CONTRATANTE,INCLUSIVE AS LEGAL","IZACOES PERTINENTES,COORDENACAO E COMPATIBILIZACAO COM OS PR","OJETOS COMPLEMENTARES",null,"M2",45.89]
["01.050.0356-0",{"$f":"C1265&D1265&E1265&F1265&G1265&H1265","v":"PROJETO EXECUTIVO DE ARQUITETURA,CONSIDERANDO O PROJETO BASICO EXISTENTE,PARA PREDIOS ESCOLARES E/OU ADMINISTRATIVOS ATE 500M2,APRESENTADO EM AUTOCAD NOS PADROES DA CONTRATANTE,INCLUSIVE AS LEGALIZACOES PERTINENTES,COORDENACAO E COMPATIBILIZACAO COM OS PROJETOS COMPLEMENTARES"},"PROJETO EXECUTIVO DE ARQUITETURA,CONSIDERANDO O PROJETO BASI","CO EXISTENTE,PARA PREDIOS ESCOLARES E/OU ADMINISTRATIVOS ATE"," 500M2,APRESENTADO EM AUTOCAD NOS PADROES DA CONTRATANTE,INC","LUSIVE AS LEGALIZACOES PERTINENTES,COORDENACAO E COMPATIBILI","ZACAO COM OS PROJETOS COMPLEMENTARES",null,"M2",54.29]
["01.050.0356-A",{"$f":"C1266&D1266&E1266&F1266&G1266&H1266","v":"PROJETO EXECUTIVO DE ARQUITETURA,CONSIDERANDO O PROJETO BASICO EXISTENTE,PARA PREDIOS ESCOLARES E/OU ADMINISTRATIVOS ATE 500M2,APRESENTADO EM AUTOCAD NOS PADROES DA CONTRATANTE,INCLUSIVE AS LEGALIZACOES PERTINENTES,COORDENACAO E COMPATIBILIZACAO COM OS PROJETOS COMPLEMENTARES"},"PROJETO EXECUTIVO DE ARQUITETURA,CONSIDERANDO O PROJETO BASI","CO EXISTENTE,PARA PREDIOS ESCOLARES E/OU ADMINISTRATIVOS ATE"," 500M2,APRESENTADO EM AUTOCAD NOS PADROES DA CONTRATANTE,INC","LUSIVE AS LEGALIZACOES PERTINENTES,COORDENACAO E COMPATIBILI","ZACAO COM OS PROJETOS COMPLEMENTARES",null,"M2",47.03]
["01.050.0357-0",{"$f":"C1267&D1267&E1267&F1267&G1267&H1267","v":"PROJETO EXECUTIVO DE ARQUITETURA,CONSIDERANDO O PROJETO BASICO EXISTENTE,PARA PREDIOS ESCOLARES E/OU ADMINISTRATIVOS DE501 ATE 3000M2,APRESENTADO EM AUTOCAD NOS PADROES DA CONTRATANTE,INCLUSIVE AS LEGALIZACOES PERTINENTES,COORDENACAO E COMPATIBILIZACAO COM OS PROJETOS COMPLEMENTARES"},"PROJETO EXECUTIVO DE ARQUITETURA,CONSIDERANDO O PROJETO BASI","CO EXISTENTE,PARA PREDIOS ESCOLARES E/OU ADMINISTRATIVOS DE","501 ATE 3000M2,APRESENTADO EM AUTOCAD NOS PADROES DA CONTRAT","ANTE,INCLUSIVE AS LEGALIZACOES PERTINENTES,COORDENACAO E COM","PATIBILIZACAO COM OS PROJETOS COMPLEMENTARES",null,"M2",39.42]
["01.050.0357-A",{"$f":"C1268&D1268&E1268&F1268&G1268&H1268","v":"PROJETO EXECUTIVO DE ARQUITETURA,CONSIDERANDO O PROJETO BASICO EXISTENTE,PARA PREDIOS ESCOLARES E/OU ADMINISTRATIVOS DE501 ATE 3000M2,APRESENTADO EM AUTOCAD NOS PADROES DA CONTRATANTE,INCLUSIVE AS LEGALIZACOES PERTINENTES,COORDENACAO E COMPATIBILIZACAO COM OS PROJETOS COMPLEMENTARES"},"PROJETO EXECUTIVO DE ARQUITETURA,CONSIDERANDO O PROJETO BASI","CO EXISTENTE,PARA PREDIOS ESCOLARES E/OU ADMINISTRATIVOS DE","501 ATE 3000M2,APRESENTADO EM AUTOCAD NOS PADROES DA CONTRAT","ANTE,INCLUSIVE AS LEGALIZACOES PERTINENTES,COORDENACAO E COM","PATIBILIZACAO COM OS PROJETOS COMPLEMENTARES",null,"M2",34.15]
["01.050.0358-0",{"$f":"C1269&D1269&E1269&F1269&G1269&H1269","v":"PROJETO EXECUTIVO DE ARQUITETURA,CONSIDERANDO O PROJETO BASICO EXISTENTE,PARA PREDIOS ESCOLARES E/OU ADMINISTRATIVOS ACIMA DE 3000M2,APRESENTADO EM AUTOCAD NOS PADROES DA CONTRATANTE,INCLUSIVE AS LEGALIZACOES PERTINENTES,COORDENACAO E COMPATIBILIZACAO COM OS PROJETOS COMPLEMENTARES"},"PROJETO EXECUTIVO DE ARQUITETURA,CONSIDERANDO O PROJETO BASI","CO EXISTENTE,PARA PREDIOS ESCOLARES E/OU ADMINISTRATIVOS ACI","MA DE 3000M2,APRESENTADO EM AUTOCAD NOS PADROES DA CONTRATAN","TE,INCLUSIVE AS LEGALIZACOES PERTINENTES,COORDENACAO E COMPA","TIBILIZACAO COM OS PROJETOS COMPLEMENTARES",null,"M2",31.67]
["01.050.0358-A",{"$f":"C1270&D1270&E1270&F1270&G1270&H1270","v":"PROJETO EXECUTIVO DE ARQUITETURA,CONSIDERANDO O PROJETO BASICO EXISTENTE,PARA PREDIOS ESCOLARES E/OU ADMINISTRATIVOS ACIMA DE 3000M2,APRESENTADO EM AUTOCAD NOS PADROES DA CONTRATANTE,INCLUSIVE AS LEGALIZACOES PERTINENTES,COORDENACAO E COMPATIBILIZACAO COM OS PROJETOS COMPLEMENTARES"},"PROJETO EXECUTIVO DE ARQUITETURA,CONSIDERANDO O PROJETO BASI","CO EXISTENTE,PARA PREDIOS ESCOLARES E/OU ADMINISTRATIVOS ACI","MA DE 3000M2,APRESENTADO EM AUTOCAD NOS PADROES DA CONTRATAN","TE,INCLUSIVE AS LEGALIZACOES PERTINENTES,COORDENACAO E COMPA","TIBILIZACAO COM OS PROJETOS COMPLEMENTARES",null,"M2",27.44]
["01.050.0359-0",{"$f":"C1271&D1271&E1271&F1271&G1271&H1271","v":"PROJETO EXECUTIVO DE ARQUITETURA,CONSIDERANDO O PROJETO BASICO EXISTENTE,PARA LOTEAMENTOS COM 3 UNIDADES UNI OU BIFAMILIARES TIPO PARA AREAS ATE 12000M2,APRESENTADO EM AUTOCAD NOSPADROES DA CONTRATANTE,INCLUSIVE AS LEGALIZACOES PERTINENTES,COORDENACAO E COMPATIBLIZACAO COM OS PROJETOS COMPLEMENTARES"},"PROJETO EXECUTIVO DE ARQUITETURA,CONSIDERANDO O PROJETO BASI","CO EXISTENTE,PARA LOTEAMENTOS COM 3 UNIDADES UNI OU BIFAMILI","ARES TIPO PARA AREAS ATE 12000M2,APRESENTADO EM AUTOCAD NOS","PADROES DA CONTRATANTE,INCLUSIVE AS LEGALIZACOES PERTINENTES",",COORDENACAO E COMPATIBLIZACAO COM OS PROJETOS COMPLEMENTARE","S","M2",15]
["01.050.0359-A",{"$f":"C1272&D1272&E1272&F1272&G1272&H1272","v":"PROJETO EXECUTIVO DE ARQUITETURA,CONSIDERANDO O PROJETO BASICO EXISTENTE,PARA LOTEAMENTOS COM 3 UNIDADES UNI OU BIFAMILIARES TIPO PARA AREAS ATE 12000M2,APRESENTADO EM AUTOCAD NOSPADROES DA CONTRATANTE,INCLUSIVE AS LEGALIZACOES PERTINENTES,COORDENACAO E COMPATIBLIZACAO COM OS PROJETOS COMPLEMENTARES"},"PROJETO EXECUTIVO DE ARQUITETURA,CONSIDERANDO O PROJETO BASI","CO EXISTENTE,PARA LOTEAMENTOS COM 3 UNIDADES UNI OU BIFAMILI","ARES TIPO PARA AREAS ATE 12000M2,APRESENTADO EM AUTOCAD NOS","PADROES DA CONTRATANTE,INCLUSIVE AS LEGALIZACOES PERTINENTES",",COORDENACAO E COMPATIBLIZACAO COM OS PROJETOS COMPLEMENTARE","S","M2",12.99]
["01.050.0360-0",{"$f":"C1273&D1273&E1273&F1273&G1273&H1273","v":"PROJETO EXECUTIVO DE ARQUITETURA,CONSIDERANDO O PROJETO BASICO EXISTENTE,PARA LOTEAMENTOS COM 3 UNIDADES UNI OU BIFAMILIARES TIPO PARA AREAS DE 12001 ATE 36000M2,APRESENTADO EM AUTOCAD NOS PADROES DA CONTRATANTE,INCLUSIVE AS LEGALIZACOES PERTINENTES,COORDENACAO E COMPATIBILIZACAO COM OS PROJETOS COMPLEMENTARES"},"PROJETO EXECUTIVO DE ARQUITETURA,CONSIDERANDO O PROJETO BASI","CO EXISTENTE,PARA LOTEAMENTOS COM 3 UNIDADES UNI OU BIFAMILI","ARES TIPO PARA AREAS DE 12001 ATE 36000M2,APRESENTADO EM AUT","OCAD NOS PADROES DA CONTRATANTE,INCLUSIVE AS LEGALIZACOES PE","RTINENTES,COORDENACAO E COMPATIBILIZACAO COM OS PROJETOS COM","PLEMENTARES","M2",10.36]
["01.050.0360-A",{"$f":"C1274&D1274&E1274&F1274&G1274&H1274","v":"PROJETO EXECUTIVO DE ARQUITETURA,CONSIDERANDO O PROJETO BASICO EXISTENTE,PARA LOTEAMENTOS COM 3 UNIDADES UNI OU BIFAMILIARES TIPO PARA AREAS DE 12001 ATE 36000M2,APRESENTADO EM AUTOCAD NOS PADROES DA CONTRATANTE,INCLUSIVE AS LEGALIZACOES PERTINENTES,COORDENACAO E COMPATIBILIZACAO COM OS PROJETOS COMPLEMENTARES"},"PROJETO EXECUTIVO DE ARQUITETURA,CONSIDERANDO O PROJETO BASI","CO EXISTENTE,PARA LOTEAMENTOS COM 3 UNIDADES UNI OU BIFAMILI","ARES TIPO PARA AREAS DE 12001 ATE 36000M2,APRESENTADO EM AUT","OCAD NOS PADROES DA CONTRATANTE,INCLUSIVE AS LEGALIZACOES PE","RTINENTES,COORDENACAO E COMPATIBILIZACAO COM OS PROJETOS COM","PLEMENTARES","M2",8.97]
["01.050.0361-0",{"$f":"C1275&D1275&E1275&F1275&G1275&H1275","v":"PROJETO EXECUTIVO DE ARQUITETURA,CONSIDERANDO O PROJETO BASICO EXISTENTE,PARA LOTEAMENTOS COM 3 UNIDADES UNI OU BIFAMILIARES TIPO PARA AREAS ACIMA DE 36000M2,APRESENTADO EM AUTOCAD NOS PADROES DA CONTRATANTE,INCLUSIVE AS LEGALIZACOES PERTINENTES,COORDENACAO E COMPATIBILIZACAO COM OS PROJETOS COMPLEMENTARES"},"PROJETO EXECUTIVO DE ARQUITETURA,CONSIDERANDO O PROJETO BASI","CO EXISTENTE,PARA LOTEAMENTOS COM 3 UNIDADES UNI OU BIFAMILI","ARES TIPO PARA AREAS ACIMA DE 36000M2,APRESENTADO EM AUTOCAD"," NOS PADROES DA CONTRATANTE,INCLUSIVE AS LEGALIZACOES PERTIN","ENTES,COORDENACAO E COMPATIBILIZACAO COM OS PROJETOS COMPLEM","ENTARES","M2",10.36]
["01.050.0361-A",{"$f":"C1276&D1276&E1276&F1276&G1276&H1276","v":"PROJETO EXECUTIVO DE ARQUITETURA,CONSIDERANDO O PROJETO BASICO EXISTENTE,PARA LOTEAMENTOS COM 3 UNIDADES UNI OU BIFAMILIARES TIPO PARA AREAS ACIMA DE 36000M2,APRESENTADO EM AUTOCAD NOS PADROES DA CONTRATANTE,INCLUSIVE AS LEGALIZACOES PERTINENTES,COORDENACAO E COMPATIBILIZACAO COM OS PROJETOS COMPLEMENTARES"},"PROJETO EXECUTIVO DE ARQUITETURA,CONSIDERANDO O PROJETO BASI","CO EXISTENTE,PARA LOTEAMENTOS COM 3 UNIDADES UNI OU BIFAMILI","ARES TIPO PARA AREAS ACIMA DE 36000M2,APRESENTADO EM AUTOCAD"," NOS PADROES DA CONTRATANTE,INCLUSIVE AS LEGALIZACOES PERTIN","ENTES,COORDENACAO E COMPATIBILIZACAO COM OS PROJETOS COMPLEM","ENTARES","M2",8.98]
["01.050.0362-0",{"$f":"C1277&D1277&E1277&F1277&G1277&H1277","v":"PROJETO EXECUTIVO DE ARQUITETURA,CONSIDERANDO O PROJETO BASICO EXISTENTE,PARA HABITACAO/EDIFICIOS ATE 6000M2,APRESENTADO EM AUTOCAD NOS PADROES DA CONTRATANTE,INCLUSIVE AS LEGALIZACOES PERTINENTES,COORDENACAO E COMPATIBILIZACAO COM OS PROJETOS COMPLEMENTARES"},"PROJETO EXECUTIVO DE ARQUITETURA,CONSIDERANDO O PROJETO BASI","CO EXISTENTE,PARA HABITACAO/EDIFICIOS ATE 6000M2,APRESENTADO"," EM AUTOCAD NOS PADROES DA CONTRATANTE,INCLUSIVE AS LEGALIZA","COES PERTINENTES,COORDENACAO E COMPATIBILIZACAO COM OS PROJE","TOS COMPLEMENTARES",null,"M2",50.86]
["01.050.0362-A",{"$f":"C1278&D1278&E1278&F1278&G1278&H1278","v":"PROJETO EXECUTIVO DE ARQUITETURA,CONSIDERANDO O PROJETO BASICO EXISTENTE,PARA HABITACAO/EDIFICIOS ATE 6000M2,APRESENTADO EM AUTOCAD NOS PADROES DA CONTRATANTE,INCLUSIVE AS LEGALIZACOES PERTINENTES,COORDENACAO E COMPATIBILIZACAO COM OS PROJETOS COMPLEMENTARES"},"PROJETO EXECUTIVO DE ARQUITETURA,CONSIDERANDO O PROJETO BASI","CO EXISTENTE,PARA HABITACAO/EDIFICIOS ATE 6000M2,APRESENTADO"," EM AUTOCAD NOS PADROES DA CONTRATANTE,INCLUSIVE AS LEGALIZA","COES PERTINENTES,COORDENACAO E COMPATIBILIZACAO COM OS PROJE","TOS COMPLEMENTARES",null,"M2",44.07]
["01.050.0363-0",{"$f":"C1279&D1279&E1279&F1279&G1279&H1279","v":"PROJETO EXECUTIVO DE ARQUITETURA,CONSIDERANDO O PROJETO BASICO EXISTENTE,PARA HABITACAO/EDIFICIOS DE 6001 ATE 12000M2,APRESENTADO EM AUTOCAD NOS PADROES DA CONTRATANTE,INCLUSIVE AS LEGALIZACOES PERTINENTES,COORDENACAO E COMPATIBILIZACAO COM OS PROJETOS COMPLEMENTARES"},"PROJETO EXECUTIVO DE ARQUITETURA,CONSIDERANDO O PROJETO BASI","CO EXISTENTE,PARA HABITACAO/EDIFICIOS DE 6001 ATE 12000M2,AP","RESENTADO EM AUTOCAD NOS PADROES DA CONTRATANTE,INCLUSIVE AS"," LEGALIZACOES PERTINENTES,COORDENACAO E COMPATIBILIZACAO COM"," OS PROJETOS COMPLEMENTARES",null,"M2",35.25]
["01.050.0363-A",{"$f":"C1280&D1280&E1280&F1280&G1280&H1280","v":"PROJETO EXECUTIVO DE ARQUITETURA,CONSIDERANDO O PROJETO BASICO EXISTENTE,PARA HABITACAO/EDIFICIOS DE 6001 ATE 12000M2,APRESENTADO EM AUTOCAD NOS PADROES DA CONTRATANTE,INCLUSIVE AS LEGALIZACOES PERTINENTES,COORDENACAO E COMPATIBILIZACAO COM OS PROJETOS COMPLEMENTARES"},"PROJETO EXECUTIVO DE ARQUITETURA,CONSIDERANDO O PROJETO BASI","CO EXISTENTE,PARA HABITACAO/EDIFICIOS DE 6001 ATE 12000M2,AP","RESENTADO EM AUTOCAD NOS PADROES DA CONTRATANTE,INCLUSIVE AS"," LEGALIZACOES PERTINENTES,COORDENACAO E COMPATIBILIZACAO COM"," OS PROJETOS COMPLEMENTARES",null,"M2",30.54]
["01.050.0364-0",{"$f":"C1281&D1281&E1281&F1281&G1281&H1281","v":"PROJETO EXECUTIVO DE ARQUITETURA,CONSIDERANDO O PROJETO BASICO EXISTENTE,PARA HABITACAO/EDIFICIOS ACIMA DE 12000M2,APRESENTADO EM AUTOCAD NOS PADROES DA CONTRATANTE,INCLUSIVE AS LEGALIZACOES PERTINENTES,COORDENACAO E COMPATIBILIZACAO COM OS PROJETOS COMPLEMENTARES"},"PROJETO EXECUTIVO DE ARQUITETURA,CONSIDERANDO O PROJETO BASI","CO EXISTENTE,PARA HABITACAO/EDIFICIOS ACIMA DE 12000M2,APRES","ENTADO EM AUTOCAD NOS PADROES DA CONTRATANTE,INCLUSIVE AS LE","GALIZACOES PERTINENTES,COORDENACAO E COMPATIBILIZACAO COM OS"," PROJETOS COMPLEMENTARES",null,"M2",28.18]
["01.050.0364-A",{"$f":"C1282&D1282&E1282&F1282&G1282&H1282","v":"PROJETO EXECUTIVO DE ARQUITETURA,CONSIDERANDO O PROJETO BASICO EXISTENTE,PARA HABITACAO/EDIFICIOS ACIMA DE 12000M2,APRESENTADO EM AUTOCAD NOS PADROES DA CONTRATANTE,INCLUSIVE AS LEGALIZACOES PERTINENTES,COORDENACAO E COMPATIBILIZACAO COM OS PROJETOS COMPLEMENTARES"},"PROJETO EXECUTIVO DE ARQUITETURA,CONSIDERANDO O PROJETO BASI","CO EXISTENTE,PARA HABITACAO/EDIFICIOS ACIMA DE 12000M2,APRES","ENTADO EM AUTOCAD NOS PADROES DA CONTRATANTE,INCLUSIVE AS LE","GALIZACOES PERTINENTES,COORDENACAO E COMPATIBILIZACAO COM OS"," PROJETOS COMPLEMENTARES",null,"M2",24.42]
["01.050.0365-0",{"$f":"C1283&D1283&E1283&F1283&G1283&H1283","v":"PROJETO BASICO DE INSTALACAO DE INCENDIO E SPDA PARA PREDIOS ESCOLARES E/OU ADMINISTRATIVOS ATE 500M2,APRESENTADO EM AUTOCAD,INCLUSIVE AS LEGALIZACOES PERTINENTES"},"PROJETO BASICO DE INSTALACAO DE INCENDIO E SPDA PARA PREDIOS"," ESCOLARES E/OU ADMINISTRATIVOS ATE 500M2,APRESENTADO EM AUT","OCAD,INCLUSIVE AS LEGALIZACOES PERTINENTES",null,null,null,"M2",3.29]
["01.050.0365-A",{"$f":"C1284&D1284&E1284&F1284&G1284&H1284","v":"PROJETO BASICO DE INSTALACAO DE INCENDIO E SPDA PARA PREDIOS ESCOLARES E/OU ADMINISTRATIVOS ATE 500M2,APRESENTADO EM AUTOCAD,INCLUSIVE AS LEGALIZACOES PERTINENTES"},"PROJETO BASICO DE INSTALACAO DE INCENDIO E SPDA PARA PREDIOS"," ESCOLARES E/OU ADMINISTRATIVOS ATE 500M2,APRESENTADO EM AUT","OCAD,INCLUSIVE AS LEGALIZACOES PERTINENTES",null,null,null,"M2",2.85]
["01.050.0366-0",{"$f":"C1285&D1285&E1285&F1285&G1285&H1285","v":"PROJETO BASICO DE INSTALACAO DE INCENDIO E SPDA PARA PREDIOS ESCOLARES E/OU ADMINISTRATIVOS DE 501 ATE 3000M2,APRESENTADO EM AUTOCAD,INCLUSIVE AS LEGALIZACOES PERTINENTES"},"PROJETO BASICO DE INSTALACAO DE INCENDIO E SPDA PARA PREDIOS"," ESCOLARES E/OU ADMINISTRATIVOS DE 501 ATE 3000M2,APRESENTAD","O EM AUTOCAD,INCLUSIVE AS LEGALIZACOES PERTINENTES",null,null,null,"M2",1.81]
["01.050.0366-A",{"$f":"C1286&D1286&E1286&F1286&G1286&H1286","v":"PROJETO BASICO DE INSTALACAO DE INCENDIO E SPDA PARA PREDIOS ESCOLARES E/OU ADMINISTRATIVOS DE 501 ATE 3000M2,APRESENTADO EM AUTOCAD,INCLUSIVE AS LEGALIZACOES PERTINENTES"},"PROJETO BASICO DE INSTALACAO DE INCENDIO E SPDA PARA PREDIOS"," ESCOLARES E/OU ADMINISTRATIVOS DE 501 ATE 3000M2,APRESENTAD","O EM AUTOCAD,INCLUSIVE AS LEGALIZACOES PERTINENTES",null,null,null,"M2",1.56]
["01.050.0367-0",{"$f":"C1287&D1287&E1287&F1287&G1287&H1287","v":"PROJETO BASICO DE INSTALACAO DE INCENDIO E SPDA PARA PREDIOS ESCOLARES E/OU ADMINISTRATIVOS ACIMA DE 3000M2,APRESENTADOEM AUTOCAD,INCLUSIVE AS LEGALIZACOES PERTINENTES"},"PROJETO BASICO DE INSTALACAO DE INCENDIO E SPDA PARA PREDIOS"," ESCOLARES E/OU ADMINISTRATIVOS ACIMA DE 3000M2,APRESENTADO","EM AUTOCAD,INCLUSIVE AS LEGALIZACOES PERTINENTES",null,null,null,"M2",0.9]
["01.050.0367-A",{"$f":"C1288&D1288&E1288&F1288&G1288&H1288","v":"PROJETO BASICO DE INSTALACAO DE INCENDIO E SPDA PARA PREDIOS ESCOLARES E/OU ADMINISTRATIVOS ACIMA DE 3000M2,APRESENTADOEM AUTOCAD,INCLUSIVE AS LEGALIZACOES PERTINENTES"},"PROJETO BASICO DE INSTALACAO DE INCENDIO E SPDA PARA PREDIOS"," ESCOLARES E/OU ADMINISTRATIVOS ACIMA DE 3000M2,APRESENTADO","EM AUTOCAD,INCLUSIVE AS LEGALIZACOES PERTINENTES",null,null,null,"M2",0.78]
["01.050.0368-0",{"$f":"C1289&D1289&E1289&F1289&G1289&H1289","v":"PROJETO BASICO DE INSTALACAO DE INCENDIO E SPDA PARA PREDIOS CULTURAIS ATE 500M2,APRESENTADO EM AUTOCAD,INCLUSIVE AS LEGALIZACOES PERTINENTES"},"PROJETO BASICO DE INSTALACAO DE INCENDIO E SPDA PARA PREDIOS"," CULTURAIS ATE 500M2,APRESENTADO EM AUTOCAD,INCLUSIVE AS LEG","ALIZACOES PERTINENTES",null,null,null,"M2",8.26]
["01.050.0368-A",{"$f":"C1290&D1290&E1290&F1290&G1290&H1290","v":"PROJETO BASICO DE INSTALACAO DE INCENDIO E SPDA PARA PREDIOS CULTURAIS ATE 500M2,APRESENTADO EM AUTOCAD,INCLUSIVE AS LEGALIZACOES PERTINENTES"},"PROJETO BASICO DE INSTALACAO DE INCENDIO E SPDA PARA PREDIOS"," CULTURAIS ATE 500M2,APRESENTADO EM AUTOCAD,INCLUSIVE AS LEG","ALIZACOES PERTINENTES",null,null,null,"M2",7.16]
["01.050.0369-0",{"$f":"C1291&D1291&E1291&F1291&G1291&H1291","v":"PROJETO BASICO DE INSTALACAO DE INCENDIO E SPDA PARA PREDIOS CULTURAIS ACIMA DE 500M2,APRESENTADO EM AUTOCAD,INCLUSIVE AS LEGALIZACOES PERTINENTES"},"PROJETO BASICO DE INSTALACAO DE INCENDIO E SPDA PARA PREDIOS"," CULTURAIS ACIMA DE 500M2,APRESENTADO EM AUTOCAD,INCLUSIVE A","S LEGALIZACOES PERTINENTES",null,null,null,"M2",5.52]
["01.050.0369-A",{"$f":"C1292&D1292&E1292&F1292&G1292&H1292","v":"PROJETO BASICO DE INSTALACAO DE INCENDIO E SPDA PARA PREDIOS CULTURAIS ACIMA DE 500M2,APRESENTADO EM AUTOCAD,INCLUSIVE AS LEGALIZACOES PERTINENTES"},"PROJETO BASICO DE INSTALACAO DE INCENDIO E SPDA PARA PREDIOS"," CULTURAIS ACIMA DE 500M2,APRESENTADO EM AUTOCAD,INCLUSIVE A","S LEGALIZACOES PERTINENTES",null,null,null,"M2",4.79]
["01.050.0370-0",{"$f":"C1293&D1293&E1293&F1293&G1293&H1293","v":"PROJETO BASICO DE INSTALACAO DE INCENDIO E SPDA PARA PREDIOS HOSPITALARES,APRESENTADO EM AUTOCAD,INCLUSIVE AS LEGALIZACOES PERTINENTES"},"PROJETO BASICO DE INSTALACAO DE INCENDIO E SPDA PARA PREDIOS"," HOSPITALARES,APRESENTADO EM AUTOCAD,INCLUSIVE AS LEGALIZACO","ES PERTINENTES",null,null,null,"M2",6.6]
["01.050.0370-A",{"$f":"C1294&D1294&E1294&F1294&G1294&H1294","v":"PROJETO BASICO DE INSTALACAO DE INCENDIO E SPDA PARA PREDIOS HOSPITALARES,APRESENTADO EM AUTOCAD,INCLUSIVE AS LEGALIZACOES PERTINENTES"},"PROJETO BASICO DE INSTALACAO DE INCENDIO E SPDA PARA PREDIOS"," HOSPITALARES,APRESENTADO EM AUTOCAD,INCLUSIVE AS LEGALIZACO","ES PERTINENTES",null,null,null,"M2",5.72]
["01.050.0371-0",{"$f":"C1295&D1295&E1295&F1295&G1295&H1295","v":"PROJETO BASICO DE INSTALACAO DE INCENDIO E SPDA PARA HABITACOES/EDIFICIOS ATE 500M2,APRESENTADO EM AUTOCAD,INCLUSIVE ASLEGALIZACOES PERTINENTES"},"PROJETO BASICO DE INSTALACAO DE INCENDIO E SPDA PARA HABITAC","OES/EDIFICIOS ATE 500M2,APRESENTADO EM AUTOCAD,INCLUSIVE AS","LEGALIZACOES PERTINENTES",null,null,null,"M2",4.04]
["01.050.0371-A",{"$f":"C1296&D1296&E1296&F1296&G1296&H1296","v":"PROJETO BASICO DE INSTALACAO DE INCENDIO E SPDA PARA HABITACOES/EDIFICIOS ATE 500M2,APRESENTADO EM AUTOCAD,INCLUSIVE ASLEGALIZACOES PERTINENTES"},"PROJETO BASICO DE INSTALACAO DE INCENDIO E SPDA PARA HABITAC","OES/EDIFICIOS ATE 500M2,APRESENTADO EM AUTOCAD,INCLUSIVE AS","LEGALIZACOES PERTINENTES",null,null,null,"M2",3.5]
["01.050.0372-0",{"$f":"C1297&D1297&E1297&F1297&G1297&H1297","v":"PROJETO BASICO DE INSTALACAO DE INCENDIO E SPDA PARA HABITACOES/EDIFICIOS DE 501 ATE 3000M2,APRESENTADO EM AUTOCAD,INCLUSIVE AS LEGALIZACOES PERTINENTES"},"PROJETO BASICO DE INSTALACAO DE INCENDIO E SPDA PARA HABITAC","OES/EDIFICIOS DE 501 ATE 3000M2,APRESENTADO EM AUTOCAD,INCLU","SIVE AS LEGALIZACOES PERTINENTES",null,null,null,"M2",1.93]
["01.050.0372-A",{"$f":"C1298&D1298&E1298&F1298&G1298&H1298","v":"PROJETO BASICO DE INSTALACAO DE INCENDIO E SPDA PARA HABITACOES/EDIFICIOS DE 501 ATE 3000M2,APRESENTADO EM AUTOCAD,INCLUSIVE AS LEGALIZACOES PERTINENTES"},"PROJETO BASICO DE INSTALACAO DE INCENDIO E SPDA PARA HABITAC","OES/EDIFICIOS DE 501 ATE 3000M2,APRESENTADO EM AUTOCAD,INCLU","SIVE AS LEGALIZACOES PERTINENTES",null,null,null,"M2",1.67]
["01.050.0373-0",{"$f":"C1299&D1299&E1299&F1299&G1299&H1299","v":"PROJETO BASICO DE INSTALACAO DE INCENDIO E SPDA PARA HABITACOES/EDIFICIOS ACIMA DE 3000M2,APRESENTADO EM AUTOCAD,INCLUSIVE AS LEGALIZACOES PERTINENTES"},"PROJETO BASICO DE INSTALACAO DE INCENDIO E SPDA PARA HABITAC","OES/EDIFICIOS ACIMA DE 3000M2,APRESENTADO EM AUTOCAD,INCLUSI","VE AS LEGALIZACOES PERTINENTES",null,null,null,"M2",1]
["01.050.0373-A",{"$f":"C1300&D1300&E1300&F1300&G1300&H1300","v":"PROJETO BASICO DE INSTALACAO DE INCENDIO E SPDA PARA HABITACOES/EDIFICIOS ACIMA DE 3000M2,APRESENTADO EM AUTOCAD,INCLUSIVE AS LEGALIZACOES PERTINENTES"},"PROJETO BASICO DE INSTALACAO DE INCENDIO E SPDA PARA HABITAC","OES/EDIFICIOS ACIMA DE 3000M2,APRESENTADO EM AUTOCAD,INCLUSI","VE AS LEGALIZACOES PERTINENTES",null,null,null,"M2",0.87]
["01.050.0374-0",{"$f":"C1301&D1301&E1301&F1301&G1301&H1301","v":"PROJETO BASICO DE INSTALACAO DE INCENDIO E SPDA PARA HABITACAO/LOTEAMENTO ATE 36000M2,APRESENTADO EM AUTOCAD,INCLUSIVE AS LEGALIZACOES PERTINENTES"},"PROJETO BASICO DE INSTALACAO DE INCENDIO E SPDA PARA HABITAC","AO/LOTEAMENTO ATE 36000M2,APRESENTADO EM AUTOCAD,INCLUSIVE A","S LEGALIZACOES PERTINENTES",null,null,null,"M2",1.07]
["01.050.0374-A",{"$f":"C1302&D1302&E1302&F1302&G1302&H1302","v":"PROJETO BASICO DE INSTALACAO DE INCENDIO E SPDA PARA HABITACAO/LOTEAMENTO ATE 36000M2,APRESENTADO EM AUTOCAD,INCLUSIVE AS LEGALIZACOES PERTINENTES"},"PROJETO BASICO DE INSTALACAO DE INCENDIO E SPDA PARA HABITAC","AO/LOTEAMENTO ATE 36000M2,APRESENTADO EM AUTOCAD,INCLUSIVE A","S LEGALIZACOES PERTINENTES",null,null,null,"M2",0.93]
["01.050.0375-0",{"$f":"C1303&D1303&E1303&F1303&G1303&H1303","v":"PROJETO BASICO DE INSTALACAO DE INCENDIO E SPDA PARA HABITACAO/LOTEAMENTO ACIMA DE 36000M2,APRESENTADO EM AUTOCAD,INCLUSIVE AS LEGALIZACOES PERTINENTES"},"PROJETO BASICO DE INSTALACAO DE INCENDIO E SPDA PARA HABITAC","AO/LOTEAMENTO ACIMA DE 36000M2,APRESENTADO EM AUTOCAD,INCLUS","IVE AS LEGALIZACOES PERTINENTES",null,null,null,"M2",0.54]
["01.050.0375-A",{"$f":"C1304&D1304&E1304&F1304&G1304&H1304","v":"PROJETO BASICO DE INSTALACAO DE INCENDIO E SPDA PARA HABITACAO/LOTEAMENTO ACIMA DE 36000M2,APRESENTADO EM AUTOCAD,INCLUSIVE AS LEGALIZACOES PERTINENTES"},"PROJETO BASICO DE INSTALACAO DE INCENDIO E SPDA PARA HABITAC","AO/LOTEAMENTO ACIMA DE 36000M2,APRESENTADO EM AUTOCAD,INCLUS","IVE AS LEGALIZACOES PERTINENTES",null,null,null,"M2",0.47]
["01.050.0376-0",{"$f":"C1305&D1305&E1305&F1305&G1305&H1305","v":"PROJETO EXECUTIVO DE INSTALACAO DE INCENDIO E SPDA,CONSIDERANDO PROJETO BASICO EXISTENTE,PARA PREDIOS ESCOLARES E/OU ADMINISTRATIVOS ATE 500M2,APRESENTADO EM AUTOCAD,INCLUSIVE AS LEGALIZACOES PERTINENTES"},"PROJETO EXECUTIVO DE INSTALACAO DE INCENDIO E SPDA,CONSIDERA","NDO PROJETO BASICO EXISTENTE,PARA PREDIOS ESCOLARES E/OU ADM","INISTRATIVOS ATE 500M2,APRESENTADO EM AUTOCAD,INCLUSIVE AS L","EGALIZACOES PERTINENTES",null,null,"M2",3.29]
["01.050.0376-A",{"$f":"C1306&D1306&E1306&F1306&G1306&H1306","v":"PROJETO EXECUTIVO DE INSTALACAO DE INCENDIO E SPDA,CONSIDERANDO PROJETO BASICO EXISTENTE,PARA PREDIOS ESCOLARES E/OU ADMINISTRATIVOS ATE 500M2,APRESENTADO EM AUTOCAD,INCLUSIVE AS LEGALIZACOES PERTINENTES"},"PROJETO EXECUTIVO DE INSTALACAO DE INCENDIO E SPDA,CONSIDERA","NDO PROJETO BASICO EXISTENTE,PARA PREDIOS ESCOLARES E/OU ADM","INISTRATIVOS ATE 500M2,APRESENTADO EM AUTOCAD,INCLUSIVE AS L","EGALIZACOES PERTINENTES",null,null,"M2",2.85]
["01.050.0377-0",{"$f":"C1307&D1307&E1307&F1307&G1307&H1307","v":"PROJETO EXECUTIVO DE INSTALACAO DE INCENDIO E SPDA,CONSIDERANDO PROJETO BASICO EXISTENTE,PARA PREDIOS ESCOLARES E/OU ADMINISTRATIVOS DE 501 ATE 3000M2,APRESENTADO EM AUTOCAD,INCLUSIVE AS LEGALIZACOES PERTINENTES"},"PROJETO EXECUTIVO DE INSTALACAO DE INCENDIO E SPDA,CONSIDERA","NDO PROJETO BASICO EXISTENTE,PARA PREDIOS ESCOLARES E/OU ADM","INISTRATIVOS DE 501 ATE 3000M2,APRESENTADO EM AUTOCAD,INCLUS","IVE AS LEGALIZACOES PERTINENTES",null,null,"M2",1.81]
["01.050.0377-A",{"$f":"C1308&D1308&E1308&F1308&G1308&H1308","v":"PROJETO EXECUTIVO DE INSTALACAO DE INCENDIO E SPDA,CONSIDERANDO PROJETO BASICO EXISTENTE,PARA PREDIOS ESCOLARES E/OU ADMINISTRATIVOS DE 501 ATE 3000M2,APRESENTADO EM AUTOCAD,INCLUSIVE AS LEGALIZACOES PERTINENTES"},"PROJETO EXECUTIVO DE INSTALACAO DE INCENDIO E SPDA,CONSIDERA","NDO PROJETO BASICO EXISTENTE,PARA PREDIOS ESCOLARES E/OU ADM","INISTRATIVOS DE 501 ATE 3000M2,APRESENTADO EM AUTOCAD,INCLUS","IVE AS LEGALIZACOES PERTINENTES",null,null,"M2",1.56]
["01.050.0378-0",{"$f":"C1309&D1309&E1309&F1309&G1309&H1309","v":"PROJETO EXECUTIVO DE INSTALACAO DE INCENDIO E SPDA,CONSIDERANDO PROJETO BASICO EXISTENTE,PARA PREDIOS ESCOLARES E/OU ADMINISTRATIVOS ACIMA DE 3000M2,APRESENTADO EM AUTOCAD,INCLUSIVE AS LEGALIZACOES PERTINENTES"},"PROJETO EXECUTIVO DE INSTALACAO DE INCENDIO E SPDA,CONSIDERA","NDO PROJETO BASICO EXISTENTE,PARA PREDIOS ESCOLARES E/OU ADM","INISTRATIVOS ACIMA DE 3000M2,APRESENTADO EM AUTOCAD,INCLUSIV","E AS LEGALIZACOES PERTINENTES",null,null,"M2",0.9]
["01.050.0378-A",{"$f":"C1310&D1310&E1310&F1310&G1310&H1310","v":"PROJETO EXECUTIVO DE INSTALACAO DE INCENDIO E SPDA,CONSIDERANDO PROJETO BASICO EXISTENTE,PARA PREDIOS ESCOLARES E/OU ADMINISTRATIVOS ACIMA DE 3000M2,APRESENTADO EM AUTOCAD,INCLUSIVE AS LEGALIZACOES PERTINENTES"},"PROJETO EXECUTIVO DE INSTALACAO DE INCENDIO E SPDA,CONSIDERA","NDO PROJETO BASICO EXISTENTE,PARA PREDIOS ESCOLARES E/OU ADM","INISTRATIVOS ACIMA DE 3000M2,APRESENTADO EM AUTOCAD,INCLUSIV","E AS LEGALIZACOES PERTINENTES",null,null,"M2",0.78]
["01.050.0379-0",{"$f":"C1311&D1311&E1311&F1311&G1311&H1311","v":"PROJETO EXECUTIVO DE INSTALACAO DE INCENDIO E SPDA,CONSIDERANDO PROJETO BASICO EXISTENTE,PARA PREDIOS CULTURAIS ATE 500M2,APRESENTADO EM AUTOCAD,INCLUSIVE AS LEGALIZACOES PERTINENTES"},"PROJETO EXECUTIVO DE INSTALACAO DE INCENDIO E SPDA,CONSIDERA","NDO PROJETO BASICO EXISTENTE,PARA PREDIOS CULTURAIS ATE 500M","2,APRESENTADO EM AUTOCAD,INCLUSIVE AS LEGALIZACOES PERTINENT","ES",null,null,"M2",8.26]
["01.050.0379-A",{"$f":"C1312&D1312&E1312&F1312&G1312&H1312","v":"PROJETO EXECUTIVO DE INSTALACAO DE INCENDIO E SPDA,CONSIDERANDO PROJETO BASICO EXISTENTE,PARA PREDIOS CULTURAIS ATE 500M2,APRESENTADO EM AUTOCAD,INCLUSIVE AS LEGALIZACOES PERTINENTES"},"PROJETO EXECUTIVO DE INSTALACAO DE INCENDIO E SPDA,CONSIDERA","NDO PROJETO BASICO EXISTENTE,PARA PREDIOS CULTURAIS ATE 500M","2,APRESENTADO EM AUTOCAD,INCLUSIVE AS LEGALIZACOES PERTINENT","ES",null,null,"M2",7.16]
["01.050.0380-0",{"$f":"C1313&D1313&E1313&F1313&G1313&H1313","v":"PROJETO EXECUTIVO DE INSTALACAO DE INCENDIO E SPDA,CONSIDERANDO PROJETO BASICO EXISTENTE,PARA PREDIOS CULTURAIS ACIMA DE 500M2,APRESENTADO EM AUTOCAD,INCLUSIVE AS LEGALIZACOES PERTINENTES"},"PROJETO EXECUTIVO DE INSTALACAO DE INCENDIO E SPDA,CONSIDERA","NDO PROJETO BASICO EXISTENTE,PARA PREDIOS CULTURAIS ACIMA DE"," 500M2,APRESENTADO EM AUTOCAD,INCLUSIVE AS LEGALIZACOES PERT","INENTES",null,null,"M2",5.52]
["01.050.0380-A",{"$f":"C1314&D1314&E1314&F1314&G1314&H1314","v":"PROJETO EXECUTIVO DE INSTALACAO DE INCENDIO E SPDA,CONSIDERANDO PROJETO BASICO EXISTENTE,PARA PREDIOS CULTURAIS ACIMA DE 500M2,APRESENTADO EM AUTOCAD,INCLUSIVE AS LEGALIZACOES PERTINENTES"},"PROJETO EXECUTIVO DE INSTALACAO DE INCENDIO E SPDA,CONSIDERA","NDO PROJETO BASICO EXISTENTE,PARA PREDIOS CULTURAIS ACIMA DE"," 500M2,APRESENTADO EM AUTOCAD,INCLUSIVE AS LEGALIZACOES PERT","INENTES",null,null,"M2",4.79]
["01.050.0381-0",{"$f":"C1315&D1315&E1315&F1315&G1315&H1315","v":"PROJETO EXECUTIVO DE INSTALACAO DE INCENDIO E SPDA,CONSIDERANDO PROJETO BASICO EXISTENTE,PARA PREDIOS HOSPITALARES,APRESENTADO EM AUTOCAD,INCLUSIVE AS LEGALIZACOES PERTINENTES"},"PROJETO EXECUTIVO DE INSTALACAO DE INCENDIO E SPDA,CONSIDERA","NDO PROJETO BASICO EXISTENTE,PARA PREDIOS HOSPITALARES,APRES","ENTADO EM AUTOCAD,INCLUSIVE AS LEGALIZACOES PERTINENTES",null,null,null,"M2",6.6]
["01.050.0381-A",{"$f":"C1316&D1316&E1316&F1316&G1316&H1316","v":"PROJETO EXECUTIVO DE INSTALACAO DE INCENDIO E SPDA,CONSIDERANDO PROJETO BASICO EXISTENTE,PARA PREDIOS HOSPITALARES,APRESENTADO EM AUTOCAD,INCLUSIVE AS LEGALIZACOES PERTINENTES"},"PROJETO EXECUTIVO DE INSTALACAO DE INCENDIO E SPDA,CONSIDERA","NDO PROJETO BASICO EXISTENTE,PARA PREDIOS HOSPITALARES,APRES","ENTADO EM AUTOCAD,INCLUSIVE AS LEGALIZACOES PERTINENTES",null,null,null,"M2",5.72]
["01.050.0382-0",{"$f":"C1317&D1317&E1317&F1317&G1317&H1317","v":"PROJETO EXECUTIVO DE INSTALACAO DE INCENDIO E SPDA,CONSIDERANDO PROJETO BASICO EXISTENTE,PARA HABITACOES/EDIFICIOS ATE 500M2,APRESENTADO EM AUTOCAD,INCLUSIVE AS LEGALIZACOES PERTINENTES"},"PROJETO EXECUTIVO DE INSTALACAO DE INCENDIO E SPDA,CONSIDERA","NDO PROJETO BASICO EXISTENTE,PARA HABITACOES/EDIFICIOS ATE 5","00M2,APRESENTADO EM AUTOCAD,INCLUSIVE AS LEGALIZACOES PERTIN","ENTES",null,null,"M2",4.04]
["01.050.0382-A",{"$f":"C1318&D1318&E1318&F1318&G1318&H1318","v":"PROJETO EXECUTIVO DE INSTALACAO DE INCENDIO E SPDA,CONSIDERANDO PROJETO BASICO EXISTENTE,PARA HABITACOES/EDIFICIOS ATE 500M2,APRESENTADO EM AUTOCAD,INCLUSIVE AS LEGALIZACOES PERTINENTES"},"PROJETO EXECUTIVO DE INSTALACAO DE INCENDIO E SPDA,CONSIDERA","NDO PROJETO BASICO EXISTENTE,PARA HABITACOES/EDIFICIOS ATE 5","00M2,APRESENTADO EM AUTOCAD,INCLUSIVE AS LEGALIZACOES PERTIN","ENTES",null,null,"M2",3.5]
["01.050.0383-0",{"$f":"C1319&D1319&E1319&F1319&G1319&H1319","v":"PROJETO EXECUTIVO DE INSTALACAO DE INCENDIO E SPDA,CONSIDERANDO PROJETO BASICO EXISTENTE,PARA HABITACOES/EDIFICIOS DE 501 ATE 3000M2,APRESENTADO EM AUTOCAD,INCLUSIVE AS LEGALIZACOES PERTINENTES"},"PROJETO EXECUTIVO DE INSTALACAO DE INCENDIO E SPDA,CONSIDERA","NDO PROJETO BASICO EXISTENTE,PARA HABITACOES/EDIFICIOS DE 50","1 ATE 3000M2,APRESENTADO EM AUTOCAD,INCLUSIVE AS LEGALIZACOE","S PERTINENTES",null,null,"M2",1.93]
["01.050.0383-A",{"$f":"C1320&D1320&E1320&F1320&G1320&H1320","v":"PROJETO EXECUTIVO DE INSTALACAO DE INCENDIO E SPDA,CONSIDERANDO PROJETO BASICO EXISTENTE,PARA HABITACOES/EDIFICIOS DE 501 ATE 3000M2,APRESENTADO EM AUTOCAD,INCLUSIVE AS LEGALIZACOES PERTINENTES"},"PROJETO EXECUTIVO DE INSTALACAO DE INCENDIO E SPDA,CONSIDERA","NDO PROJETO BASICO EXISTENTE,PARA HABITACOES/EDIFICIOS DE 50","1 ATE 3000M2,APRESENTADO EM AUTOCAD,INCLUSIVE AS LEGALIZACOE","S PERTINENTES",null,null,"M2",1.67]
["01.050.0384-0",{"$f":"C1321&D1321&E1321&F1321&G1321&H1321","v":"PROJETO EXECUTIVO DE INSTALACAO DE INCENDIO E SPDA,CONSIDERANDO PROJETO BASICO EXISTENTE,PARA HABITACOES/EDIFICIOS ACIMADE 3000M2,APRESENTADO EM AUTOCAD,INCLUSIVE AS LEGALIZACOES PERTINENTES"},"PROJETO EXECUTIVO DE INSTALACAO DE INCENDIO E SPDA,CONSIDERA","NDO PROJETO BASICO EXISTENTE,PARA HABITACOES/EDIFICIOS ACIMA","DE 3000M2,APRESENTADO EM AUTOCAD,INCLUSIVE AS LEGALIZACOES P","ERTINENTES",null,null,"M2",1]
["01.050.0384-A",{"$f":"C1322&D1322&E1322&F1322&G1322&H1322","v":"PROJETO EXECUTIVO DE INSTALACAO DE INCENDIO E SPDA,CONSIDERANDO PROJETO BASICO EXISTENTE,PARA HABITACOES/EDIFICIOS ACIMADE 3000M2,APRESENTADO EM AUTOCAD,INCLUSIVE AS LEGALIZACOES PERTINENTES"},"PROJETO EXECUTIVO DE INSTALACAO DE INCENDIO E SPDA,CONSIDERA","NDO PROJETO BASICO EXISTENTE,PARA HABITACOES/EDIFICIOS ACIMA","DE 3000M2,APRESENTADO EM AUTOCAD,INCLUSIVE AS LEGALIZACOES P","ERTINENTES",null,null,"M2",0.87]
["01.050.0385-0",{"$f":"C1323&D1323&E1323&F1323&G1323&H1323","v":"PROJETO EXECUTIVO DE INSTALACAO DE INCENDIO E SPDA,CONSIDERANDO PROJETO BASICO EXISTENTE,PARA HABITACAO/LOTEAMENTO ATE 36000M2,APRESENTADO EM AUTOCAD,INCLUSIVE AS LEGALIZACOES PERTINENTES"},"PROJETO EXECUTIVO DE INSTALACAO DE INCENDIO E SPDA,CONSIDERA","NDO PROJETO BASICO EXISTENTE,PARA HABITACAO/LOTEAMENTO ATE 3","6000M2,APRESENTADO EM AUTOCAD,INCLUSIVE AS LEGALIZACOES PERT","INENTES",null,null,"M2",1.07]
["01.050.0385-A",{"$f":"C1324&D1324&E1324&F1324&G1324&H1324","v":"PROJETO EXECUTIVO DE INSTALACAO DE INCENDIO E SPDA,CONSIDERANDO PROJETO BASICO EXISTENTE,PARA HABITACAO/LOTEAMENTO ATE 36000M2,APRESENTADO EM AUTOCAD,INCLUSIVE AS LEGALIZACOES PERTINENTES"},"PROJETO EXECUTIVO DE INSTALACAO DE INCENDIO E SPDA,CONSIDERA","NDO PROJETO BASICO EXISTENTE,PARA HABITACAO/LOTEAMENTO ATE 3","6000M2,APRESENTADO EM AUTOCAD,INCLUSIVE AS LEGALIZACOES PERT","INENTES",null,null,"M2",0.93]
["01.050.0386-0",{"$f":"C1325&D1325&E1325&F1325&G1325&H1325","v":"PROJETO EXECUTIVO DE INSTALACAO DE INCENDIO E SPDA,CONSIDERANDO PROJETO BASICO EXISTENTE,PARA HABITACAO/LOTEAMENTO ACIMADE 36000M2,APRESENTADO EM AUTOCAD,INCLUSIVE AS LEGALIZACOESPERTINENTES"},"PROJETO EXECUTIVO DE INSTALACAO DE INCENDIO E SPDA,CONSIDERA","NDO PROJETO BASICO EXISTENTE,PARA HABITACAO/LOTEAMENTO ACIMA","DE 36000M2,APRESENTADO EM AUTOCAD,INCLUSIVE AS LEGALIZACOES","PERTINENTES",null,null,"M2",0.54]
["01.050.0386-A",{"$f":"C1326&D1326&E1326&F1326&G1326&H1326","v":"PROJETO EXECUTIVO DE INSTALACAO DE INCENDIO E SPDA,CONSIDERANDO PROJETO BASICO EXISTENTE,PARA HABITACAO/LOTEAMENTO ACIMADE 36000M2,APRESENTADO EM AUTOCAD,INCLUSIVE AS LEGALIZACOESPERTINENTES"},"PROJETO EXECUTIVO DE INSTALACAO DE INCENDIO E SPDA,CONSIDERA","NDO PROJETO BASICO EXISTENTE,PARA HABITACAO/LOTEAMENTO ACIMA","DE 36000M2,APRESENTADO EM AUTOCAD,INCLUSIVE AS LEGALIZACOES","PERTINENTES",null,null,"M2",0.47]
["01.050.0387-0",{"$f":"C1327&D1327&E1327&F1327&G1327&H1327","v":"PROJETO BASICO DE INSTALACAO DE GAS PARA PREDIOS ESCOLARES E/OU ADMINISTRATIVOS ATE 500M2,APRESENTADO EM AUTOCAD,INCLUSIVE AS LEGALIZACOES PERTINENTES"},"PROJETO BASICO DE INSTALACAO DE GAS PARA PREDIOS ESCOLARES E","/OU ADMINISTRATIVOS ATE 500M2,APRESENTADO EM AUTOCAD,INCLUSI","VE AS LEGALIZACOES PERTINENTES",null,null,null,"M2",1.81]
["01.050.0387-A",{"$f":"C1328&D1328&E1328&F1328&G1328&H1328","v":"PROJETO BASICO DE INSTALACAO DE GAS PARA PREDIOS ESCOLARES E/OU ADMINISTRATIVOS ATE 500M2,APRESENTADO EM AUTOCAD,INCLUSIVE AS LEGALIZACOES PERTINENTES"},"PROJETO BASICO DE INSTALACAO DE GAS PARA PREDIOS ESCOLARES E","/OU ADMINISTRATIVOS ATE 500M2,APRESENTADO EM AUTOCAD,INCLUSI","VE AS LEGALIZACOES PERTINENTES",null,null,null,"M2",1.56]
["01.050.0388-0",{"$f":"C1329&D1329&E1329&F1329&G1329&H1329","v":"PROJETO BASICO DE INSTALACAO DE GAS PARA PREDIOS ESCOLARES E/OU ADMINISTRATIVOS ACIMA DE 500M2,APRESENTADO EM AUTOCAD,INCLUSIVE AS LEGALIZACOES PERTINENTES"},"PROJETO BASICO DE INSTALACAO DE GAS PARA PREDIOS ESCOLARES E","/OU ADMINISTRATIVOS ACIMA DE 500M2,APRESENTADO EM AUTOCAD,IN","CLUSIVE AS LEGALIZACOES PERTINENTES",null,null,null,"M2",0.9]
["01.050.0388-A",{"$f":"C1330&D1330&E1330&F1330&G1330&H1330","v":"PROJETO BASICO DE INSTALACAO DE GAS PARA PREDIOS ESCOLARES E/OU ADMINISTRATIVOS ACIMA DE 500M2,APRESENTADO EM AUTOCAD,INCLUSIVE AS LEGALIZACOES PERTINENTES"},"PROJETO BASICO DE INSTALACAO DE GAS PARA PREDIOS ESCOLARES E","/OU ADMINISTRATIVOS ACIMA DE 500M2,APRESENTADO EM AUTOCAD,IN","CLUSIVE AS LEGALIZACOES PERTINENTES",null,null,null,"M2",0.78]
["01.050.0389-0",{"$f":"C1331&D1331&E1331&F1331&G1331&H1331","v":"PROJETO BASICO DE INSTALACAO DE GAS PARA PREDIOS CULTURAIS,APRESENTADO EM AUTOCAD,INCLUSIVE AS LEGALIZACOES PERTINENTES"},"PROJETO BASICO DE INSTALACAO DE GAS PARA PREDIOS CULTURAIS,A","PRESENTADO EM AUTOCAD,INCLUSIVE AS LEGALIZACOES PERTINENTES",null,null,null,null,"M2",3.05]
["01.050.0389-A",{"$f":"C1332&D1332&E1332&F1332&G1332&H1332","v":"PROJETO BASICO DE INSTALACAO DE GAS PARA PREDIOS CULTURAIS,APRESENTADO EM AUTOCAD,INCLUSIVE AS LEGALIZACOES PERTINENTES"},"PROJETO BASICO DE INSTALACAO DE GAS PARA PREDIOS CULTURAIS,A","PRESENTADO EM AUTOCAD,INCLUSIVE AS LEGALIZACOES PERTINENTES",null,null,null,null,"M2",2.64]
["01.050.0390-0",{"$f":"C1333&D1333&E1333&F1333&G1333&H1333","v":"PROJETO BASICO DE INSTALACAO DE GAS PARA PREDIOS HOSPITALARES ATE 4000M2,APRESENTADO EM AUTOCAD,INCLUSIVE AS LEGALIZACOES PERTINENTES"},"PROJETO BASICO DE INSTALACAO DE GAS PARA PREDIOS HOSPITALARE","S ATE 4000M2,APRESENTADO EM AUTOCAD,INCLUSIVE AS LEGALIZACOE","S PERTINENTES",null,null,null,"M2",6.6]
["01.050.0390-A",{"$f":"C1334&D1334&E1334&F1334&G1334&H1334","v":"PROJETO BASICO DE INSTALACAO DE GAS PARA PREDIOS HOSPITALARES ATE 4000M2,APRESENTADO EM AUTOCAD,INCLUSIVE AS LEGALIZACOES PERTINENTES"},"PROJETO BASICO DE INSTALACAO DE GAS PARA PREDIOS HOSPITALARE","S ATE 4000M2,APRESENTADO EM AUTOCAD,INCLUSIVE AS LEGALIZACOE","S PERTINENTES",null,null,null,"M2",5.72]
["01.050.0391-0",{"$f":"C1335&D1335&E1335&F1335&G1335&H1335","v":"PROJETO BASICO DE INSTALACAO DE GAS PARA PREDIOS HOSPITALARES ACIMA DE 4000M2,APRESENTADO EM AUTOCAD,INCLUSIVE AS LEGALIZACOES PERTINENTES"},"PROJETO BASICO DE INSTALACAO DE GAS PARA PREDIOS HOSPITALARE","S ACIMA DE 4000M2,APRESENTADO EM AUTOCAD,INCLUSIVE AS LEGALI","ZACOES PERTINENTES",null,null,null,"M2",3.29]
["01.050.0391-A",{"$f":"C1336&D1336&E1336&F1336&G1336&H1336","v":"PROJETO BASICO DE INSTALACAO DE GAS PARA PREDIOS HOSPITALARES ACIMA DE 4000M2,APRESENTADO EM AUTOCAD,INCLUSIVE AS LEGALIZACOES PERTINENTES"},"PROJETO BASICO DE INSTALACAO DE GAS PARA PREDIOS HOSPITALARE","S ACIMA DE 4000M2,APRESENTADO EM AUTOCAD,INCLUSIVE AS LEGALI","ZACOES PERTINENTES",null,null,null,"M2",2.85]
["01.050.0392-0",{"$f":"C1337&D1337&E1337&F1337&G1337&H1337","v":"PROJETO BASICO DE INSTALACAO DE GAS PARA HABITACOES/EDIFICIOS ATE 500M2,APRESENTADO EM AUTOCAD,INCLUSIVE AS LEGALIZACOES PERTINENTES"},"PROJETO BASICO DE INSTALACAO DE GAS PARA HABITACOES/EDIFICIO","S ATE 500M2,APRESENTADO EM AUTOCAD,INCLUSIVE AS LEGALIZACOES"," PERTINENTES",null,null,null,"M2",1.93]
["01.050.0392-A",{"$f":"C1338&D1338&E1338&F1338&G1338&H1338","v":"PROJETO BASICO DE INSTALACAO DE GAS PARA HABITACOES/EDIFICIOS ATE 500M2,APRESENTADO EM AUTOCAD,INCLUSIVE AS LEGALIZACOES PERTINENTES"},"PROJETO BASICO DE INSTALACAO DE GAS PARA HABITACOES/EDIFICIO","S ATE 500M2,APRESENTADO EM AUTOCAD,INCLUSIVE AS LEGALIZACOES"," PERTINENTES",null,null,null,"M2",1.67]
["01.050.0393-0",{"$f":"C1339&D1339&E1339&F1339&G1339&H1339","v":"PROJETO BASICO DE INSTALACAO DE GAS PARA HABITACOES/EDIFICIOS ACIMA DE 500M2,APRESENTADO EM AUTOCAD,INCLUSIVE AS LEGALIZACOES PERTINENTES"},"PROJETO BASICO DE INSTALACAO DE GAS PARA HABITACOES/EDIFICIO","S ACIMA DE 500M2,APRESENTADO EM AUTOCAD,INCLUSIVE AS LEGALIZ","ACOES PERTINENTES",null,null,null,"M2",1]
["01.050.0393-A",{"$f":"C1340&D1340&E1340&F1340&G1340&H1340","v":"PROJETO BASICO DE INSTALACAO DE GAS PARA HABITACOES/EDIFICIOS ACIMA DE 500M2,APRESENTADO EM AUTOCAD,INCLUSIVE AS LEGALIZACOES PERTINENTES"},"PROJETO BASICO DE INSTALACAO DE GAS PARA HABITACOES/EDIFICIO","S ACIMA DE 500M2,APRESENTADO EM AUTOCAD,INCLUSIVE AS LEGALIZ","ACOES PERTINENTES",null,null,null,"M2",0.87]
["01.050.0394-0",{"$f":"C1341&D1341&E1341&F1341&G1341&H1341","v":"PROJETO BASICO DE INSTALACAO DE GAS PARA HABITACAO/LOTEAMENTO ACIMA DE 12000M2,APRESENTADO EM AUTOCAD,INCLUSIVE AS LEGALIZACOES PERTINENTES"},"PROJETO BASICO DE INSTALACAO DE GAS PARA HABITACAO/LOTEAMENT","O ACIMA DE 12000M2,APRESENTADO EM AUTOCAD,INCLUSIVE AS LEGAL","IZACOES PERTINENTES",null,null,null,"M2",1.07]
["01.050.0394-A",{"$f":"C1342&D1342&E1342&F1342&G1342&H1342","v":"PROJETO BASICO DE INSTALACAO DE GAS PARA HABITACAO/LOTEAMENTO ACIMA DE 12000M2,APRESENTADO EM AUTOCAD,INCLUSIVE AS LEGALIZACOES PERTINENTES"},"PROJETO BASICO DE INSTALACAO DE GAS PARA HABITACAO/LOTEAMENT","O ACIMA DE 12000M2,APRESENTADO EM AUTOCAD,INCLUSIVE AS LEGAL","IZACOES PERTINENTES",null,null,null,"M2",0.93]
["01.050.0395-0",{"$f":"C1343&D1343&E1343&F1343&G1343&H1343","v":"PROJETO BASICO DE INSTALACAO DE GAS PARA HABITACAO/LOTEAMENTO ACIMA DE 12000M2,APRESENTADO EM AUTOCAD,INCLUSIVE AS LEGALIZACOES PERTINENTES"},"PROJETO BASICO DE INSTALACAO DE GAS PARA HABITACAO/LOTEAMENT","O ACIMA DE 12000M2,APRESENTADO EM AUTOCAD,INCLUSIVE AS LEGAL","IZACOES PERTINENTES",null,null,null,"M2",0.54]
["01.050.0395-A",{"$f":"C1344&D1344&E1344&F1344&G1344&H1344","v":"PROJETO BASICO DE INSTALACAO DE GAS PARA HABITACAO/LOTEAMENTO ACIMA DE 12000M2,APRESENTADO EM AUTOCAD,INCLUSIVE AS LEGALIZACOES PERTINENTES"},"PROJETO BASICO DE INSTALACAO DE GAS PARA HABITACAO/LOTEAMENT","O ACIMA DE 12000M2,APRESENTADO EM AUTOCAD,INCLUSIVE AS LEGAL","IZACOES PERTINENTES",null,null,null,"M2",0.47]
["01.050.0396-0",{"$f":"C1345&D1345&E1345&F1345&G1345&H1345","v":"PROJETO EXECUTIVO DE INSTALACAO DE GAS,CONSIDERANDO O PROJETO BASICO EXISTENTE,PARA PREDIOS ESCOLARES E/OU ADMINISTRATIVOS ATE 500M2,APRESENTADO EM AUTOCAD,INCLUSIVE AS LEGALIZACOES PERTINENTES"},"PROJETO EXECUTIVO DE INSTALACAO DE GAS,CONSIDERANDO O PROJET","O BASICO EXISTENTE,PARA PREDIOS ESCOLARES E/OU ADMINISTRATIV","OS ATE 500M2,APRESENTADO EM AUTOCAD,INCLUSIVE AS LEGALIZACOE","S PERTINENTES",null,null,"M2",1.81]
["01.050.0396-A",{"$f":"C1346&D1346&E1346&F1346&G1346&H1346","v":"PROJETO EXECUTIVO DE INSTALACAO DE GAS,CONSIDERANDO O PROJETO BASICO EXISTENTE,PARA PREDIOS ESCOLARES E/OU ADMINISTRATIVOS ATE 500M2,APRESENTADO EM AUTOCAD,INCLUSIVE AS LEGALIZACOES PERTINENTES"},"PROJETO EXECUTIVO DE INSTALACAO DE GAS,CONSIDERANDO O PROJET","O BASICO EXISTENTE,PARA PREDIOS ESCOLARES E/OU ADMINISTRATIV","OS ATE 500M2,APRESENTADO EM AUTOCAD,INCLUSIVE AS LEGALIZACOE","S PERTINENTES",null,null,"M2",1.56]
["01.050.0397-0",{"$f":"C1347&D1347&E1347&F1347&G1347&H1347","v":"PROJETO EXECUTIVO DE INSTALACAO DE GAS,CONSIDERANDO O PROJETO BASICO EXISTENTE,PARA PREDIOS ESCOLARES E/OU ADMINISTRATIVOS ACIMA DE 500M2,APRESENTADO EM AUTOCAD,INCLUSIVE AS LEGALIZACOES PERTINENTES"},"PROJETO EXECUTIVO DE INSTALACAO DE GAS,CONSIDERANDO O PROJET","O BASICO EXISTENTE,PARA PREDIOS ESCOLARES E/OU ADMINISTRATIV","OS ACIMA DE 500M2,APRESENTADO EM AUTOCAD,INCLUSIVE AS LEGALI","ZACOES PERTINENTES",null,null,"M2",0.9]
["01.050.0397-A",{"$f":"C1348&D1348&E1348&F1348&G1348&H1348","v":"PROJETO EXECUTIVO DE INSTALACAO DE GAS,CONSIDERANDO O PROJETO BASICO EXISTENTE,PARA PREDIOS ESCOLARES E/OU ADMINISTRATIVOS ACIMA DE 500M2,APRESENTADO EM AUTOCAD,INCLUSIVE AS LEGALIZACOES PERTINENTES"},"PROJETO EXECUTIVO DE INSTALACAO DE GAS,CONSIDERANDO O PROJET","O BASICO EXISTENTE,PARA PREDIOS ESCOLARES E/OU ADMINISTRATIV","OS ACIMA DE 500M2,APRESENTADO EM AUTOCAD,INCLUSIVE AS LEGALI","ZACOES PERTINENTES",null,null,"M2",0.78]
["01.050.0398-0",{"$f":"C1349&D1349&E1349&F1349&G1349&H1349","v":"PROJETO EXECUTIVO DE INSTALACAO DE GAS,CONSIDERANDO O PROJETO BASICO EXISTENTE,PARA PREDIOS CULTURAIS,APRESENTADO EM AUTOCAD,INCLUSIVE AS LEGALIZACOES PERTINENTES"},"PROJETO EXECUTIVO DE INSTALACAO DE GAS,CONSIDERANDO O PROJET","O BASICO EXISTENTE,PARA PREDIOS CULTURAIS,APRESENTADO EM AUT","OCAD,INCLUSIVE AS LEGALIZACOES PERTINENTES",null,null,null,"M2",3.05]
["01.050.0398-A",{"$f":"C1350&D1350&E1350&F1350&G1350&H1350","v":"PROJETO EXECUTIVO DE INSTALACAO DE GAS,CONSIDERANDO O PROJETO BASICO EXISTENTE,PARA PREDIOS CULTURAIS,APRESENTADO EM AUTOCAD,INCLUSIVE AS LEGALIZACOES PERTINENTES"},"PROJETO EXECUTIVO DE INSTALACAO DE GAS,CONSIDERANDO O PROJET","O BASICO EXISTENTE,PARA PREDIOS CULTURAIS,APRESENTADO EM AUT","OCAD,INCLUSIVE AS LEGALIZACOES PERTINENTES",null,null,null,"M2",2.64]
["01.050.0399-0",{"$f":"C1351&D1351&E1351&F1351&G1351&H1351","v":"PROJETO EXECUTIVO DE INSTALACAO DE GAS,CONSIDERANDO O PROJETO BASICO EXISTENTE,PARA PREDIOS HOSPITALARES ATE 4000M2,APRESENTADO EM AUTOCAD,INCLUSIVE AS LEGALIZACOES PERTINENTES"},"PROJETO EXECUTIVO DE INSTALACAO DE GAS,CONSIDERANDO O PROJET","O BASICO EXISTENTE,PARA PREDIOS HOSPITALARES ATE 4000M2,APRE","SENTADO EM AUTOCAD,INCLUSIVE AS LEGALIZACOES PERTINENTES",null,null,null,"M2",6.6]
["01.050.0399-A",{"$f":"C1352&D1352&E1352&F1352&G1352&H1352","v":"PROJETO EXECUTIVO DE INSTALACAO DE GAS,CONSIDERANDO O PROJETO BASICO EXISTENTE,PARA PREDIOS HOSPITALARES ATE 4000M2,APRESENTADO EM AUTOCAD,INCLUSIVE AS LEGALIZACOES PERTINENTES"},"PROJETO EXECUTIVO DE INSTALACAO DE GAS,CONSIDERANDO O PROJET","O BASICO EXISTENTE,PARA PREDIOS HOSPITALARES ATE 4000M2,APRE","SENTADO EM AUTOCAD,INCLUSIVE AS LEGALIZACOES PERTINENTES",null,null,null,"M2",5.72]
["01.050.0400-0",{"$f":"C1353&D1353&E1353&F1353&G1353&H1353","v":"PROJETO EXECUTIVO DE INSTALACAO DE GAS,CONSIDERANDO O PROJETO BASICO EXISTENTE,PARA PREDIOS HOSPITALARES ACIMA DE 4000M2,APRESENTADO EM AUTOCAD,INCLUSIVE AS LEGALIZACOES PERTINENTES"},"PROJETO EXECUTIVO DE INSTALACAO DE GAS,CONSIDERANDO O PROJET","O BASICO EXISTENTE,PARA PREDIOS HOSPITALARES ACIMA DE 4000M2",",APRESENTADO EM AUTOCAD,INCLUSIVE AS LEGALIZACOES PERTINENTE","S",null,null,"M2",3.29]
["01.050.0400-A",{"$f":"C1354&D1354&E1354&F1354&G1354&H1354","v":"PROJETO EXECUTIVO DE INSTALACAO DE GAS,CONSIDERANDO O PROJETO BASICO EXISTENTE,PARA PREDIOS HOSPITALARES ACIMA DE 4000M2,APRESENTADO EM AUTOCAD,INCLUSIVE AS LEGALIZACOES PERTINENTES"},"PROJETO EXECUTIVO DE INSTALACAO DE GAS,CONSIDERANDO O PROJET","O BASICO EXISTENTE,PARA PREDIOS HOSPITALARES ACIMA DE 4000M2",",APRESENTADO EM AUTOCAD,INCLUSIVE AS LEGALIZACOES PERTINENTE","S",null,null,"M2",2.85]
["01.050.0401-0",{"$f":"C1355&D1355&E1355&F1355&G1355&H1355","v":"PROJETO EXECUTIVO DE INSTALACAO DE GAS,CONSIDERANDO O PROJETO BASICO EXISTENTE,PARA HABITACOES/EDIFICIOS ATE 500M2,APRESENTADO EM AUTOCAD,INCLUSIVE AS LEGALIZACOES PERTINENTES"},"PROJETO EXECUTIVO DE INSTALACAO DE GAS,CONSIDERANDO O PROJET","O BASICO EXISTENTE,PARA HABITACOES/EDIFICIOS ATE 500M2,APRES","ENTADO EM AUTOCAD,INCLUSIVE AS LEGALIZACOES PERTINENTES",null,null,null,"M2",1.93]
["01.050.0401-A",{"$f":"C1356&D1356&E1356&F1356&G1356&H1356","v":"PROJETO EXECUTIVO DE INSTALACAO DE GAS,CONSIDERANDO O PROJETO BASICO EXISTENTE,PARA HABITACOES/EDIFICIOS ATE 500M2,APRESENTADO EM AUTOCAD,INCLUSIVE AS LEGALIZACOES PERTINENTES"},"PROJETO EXECUTIVO DE INSTALACAO DE GAS,CONSIDERANDO O PROJET","O BASICO EXISTENTE,PARA HABITACOES/EDIFICIOS ATE 500M2,APRES","ENTADO EM AUTOCAD,INCLUSIVE AS LEGALIZACOES PERTINENTES",null,null,null,"M2",1.67]
["01.050.0402-0",{"$f":"C1357&D1357&E1357&F1357&G1357&H1357","v":"PROJETO EXECUTIVO DE INSTALACAO DE GAS,CONSIDERANDO O PROJETO BASICO EXISTENTE,PARA HABITACOES/EDIFICIOS ACIMA DE 500M2,APRESENTADO EM AUTOCAD,INCLUSIVE AS LEGALIZACOES PERTINENTES"},"PROJETO EXECUTIVO DE INSTALACAO DE GAS,CONSIDERANDO O PROJET","O BASICO EXISTENTE,PARA HABITACOES/EDIFICIOS ACIMA DE 500M2,","APRESENTADO EM AUTOCAD,INCLUSIVE AS LEGALIZACOES PERTINENTES",null,null,null,"M2",1]
["01.050.0402-A",{"$f":"C1358&D1358&E1358&F1358&G1358&H1358","v":"PROJETO EXECUTIVO DE INSTALACAO DE GAS,CONSIDERANDO O PROJETO BASICO EXISTENTE,PARA HABITACOES/EDIFICIOS ACIMA DE 500M2,APRESENTADO EM AUTOCAD,INCLUSIVE AS LEGALIZACOES PERTINENTES"},"PROJETO EXECUTIVO DE INSTALACAO DE GAS,CONSIDERANDO O PROJET","O BASICO EXISTENTE,PARA HABITACOES/EDIFICIOS ACIMA DE 500M2,","APRESENTADO EM AUTOCAD,INCLUSIVE AS LEGALIZACOES PERTINENTES",null,null,null,"M2",0.87]
["01.050.0403-0",{"$f":"C1359&D1359&E1359&F1359&G1359&H1359","v":"PROJETO EXECUTIVO DE INSTALACAO DE GAS,CONSIDERANDO O PROJETO BASICO EXISTENTE,PARA HABITACAO/LOTEAMENTO ATE 12000M2,APRESENTADO EM AUTOCAD,INCLUSIVE AS LEGALIZACOES PERTINENTES"},"PROJETO EXECUTIVO DE INSTALACAO DE GAS,CONSIDERANDO O PROJET","O BASICO EXISTENTE,PARA HABITACAO/LOTEAMENTO ATE 12000M2,APR","ESENTADO EM AUTOCAD,INCLUSIVE AS LEGALIZACOES PERTINENTES",null,null,null,"M2",1.07]
["01.050.0403-A",{"$f":"C1360&D1360&E1360&F1360&G1360&H1360","v":"PROJETO EXECUTIVO DE INSTALACAO DE GAS,CONSIDERANDO O PROJETO BASICO EXISTENTE,PARA HABITACAO/LOTEAMENTO ATE 12000M2,APRESENTADO EM AUTOCAD,INCLUSIVE AS LEGALIZACOES PERTINENTES"},"PROJETO EXECUTIVO DE INSTALACAO DE GAS,CONSIDERANDO O PROJET","O BASICO EXISTENTE,PARA HABITACAO/LOTEAMENTO ATE 12000M2,APR","ESENTADO EM AUTOCAD,INCLUSIVE AS LEGALIZACOES PERTINENTES",null,null,null,"M2",0.93]
["01.050.0404-0",{"$f":"C1361&D1361&E1361&F1361&G1361&H1361","v":"PROJETO EXECUTIVO DE INSTALACAO DE GAS,CONSIDERANDO O PROJETO BASICO EXISTENTE,PARA HABITACAO/LOTEAMENTO ACIMA DE 12000M2,APRESENTADO EM AUTOCAD,INCLUSIVE AS LEGALIZACOES PERTINENTES"},"PROJETO EXECUTIVO DE INSTALACAO DE GAS,CONSIDERANDO O PROJET","O BASICO EXISTENTE,PARA HABITACAO/LOTEAMENTO ACIMA DE 12000M","2,APRESENTADO EM AUTOCAD,INCLUSIVE AS LEGALIZACOES PERTINENT","ES",null,null,"M2",0.54]
["01.050.0404-A",{"$f":"C1362&D1362&E1362&F1362&G1362&H1362","v":"PROJETO EXECUTIVO DE INSTALACAO DE GAS,CONSIDERANDO O PROJETO BASICO EXISTENTE,PARA HABITACAO/LOTEAMENTO ACIMA DE 12000M2,APRESENTADO EM AUTOCAD,INCLUSIVE AS LEGALIZACOES PERTINENTES"},"PROJETO EXECUTIVO DE INSTALACAO DE GAS,CONSIDERANDO O PROJET","O BASICO EXISTENTE,PARA HABITACAO/LOTEAMENTO ACIMA DE 12000M","2,APRESENTADO EM AUTOCAD,INCLUSIVE AS LEGALIZACOES PERTINENT","ES",null,null,"M2",0.47]
["01.050.0423-0",{"$f":"C1363&D1363&E1363&F1363&G1363&H1363","v":"PROJETO BASICO DE INSTALACAO DE TELEMATICA PARA PREDIOS ESCOLARES E/OU ADMINISTRATIVOS ATE 500M2,APRESENTADO EM AUTOCAD,INCLUSIVE AS LEGALIZACOES PERTINENTES"},"PROJETO BASICO DE INSTALACAO DE TELEMATICA PARA PREDIOS ESCO","LARES E/OU ADMINISTRATIVOS ATE 500M2,APRESENTADO EM AUTOCAD,","INCLUSIVE AS LEGALIZACOES PERTINENTES",null,null,null,"M2",1.81]
["01.050.0423-A",{"$f":"C1364&D1364&E1364&F1364&G1364&H1364","v":"PROJETO BASICO DE INSTALACAO DE TELEMATICA PARA PREDIOS ESCOLARES E/OU ADMINISTRATIVOS ATE 500M2,APRESENTADO EM AUTOCAD,INCLUSIVE AS LEGALIZACOES PERTINENTES"},"PROJETO BASICO DE INSTALACAO DE TELEMATICA PARA PREDIOS ESCO","LARES E/OU ADMINISTRATIVOS ATE 500M2,APRESENTADO EM AUTOCAD,","INCLUSIVE AS LEGALIZACOES PERTINENTES",null,null,null,"M2",1.56]
["01.050.0424-0",{"$f":"C1365&D1365&E1365&F1365&G1365&H1365","v":"PROJETO BASICO DE INSTALACAO DE TELEMATICA PARA PREDIOS ESCOLARES E/OU ADMINISTRATIVOS ACIMA DE 500M2,APRESENTADO EM AUTOCAD,INCLUSIVE AS LEGALIZACOES PERTINENTES"},"PROJETO BASICO DE INSTALACAO DE TELEMATICA PARA PREDIOS ESCO","LARES E/OU ADMINISTRATIVOS ACIMA DE 500M2,APRESENTADO EM AUT","OCAD,INCLUSIVE AS LEGALIZACOES PERTINENTES",null,null,null,"M2",1.62]
["01.050.0424-A",{"$f":"C1366&D1366&E1366&F1366&G1366&H1366","v":"PROJETO BASICO DE INSTALACAO DE TELEMATICA PARA PREDIOS ESCOLARES E/OU ADMINISTRATIVOS ACIMA DE 500M2,APRESENTADO EM AUTOCAD,INCLUSIVE AS LEGALIZACOES PERTINENTES"},"PROJETO BASICO DE INSTALACAO DE TELEMATICA PARA PREDIOS ESCO","LARES E/OU ADMINISTRATIVOS ACIMA DE 500M2,APRESENTADO EM AUT","OCAD,INCLUSIVE AS LEGALIZACOES PERTINENTES",null,null,null,"M2",1.41]
["01.050.0425-0",{"$f":"C1367&D1367&E1367&F1367&G1367&H1367","v":"PROJETO BASICO DE INSTALACAO DE TELEMATICA PARA PREDIOS CULTURAIS ATE 500M2,APRESENTADO EM AUTOCAD,INCLUSIVE AS LEGALIZACOES PERTINENTES"},"PROJETO BASICO DE INSTALACAO DE TELEMATICA PARA PREDIOS CULT","URAIS ATE 500M2,APRESENTADO EM AUTOCAD,INCLUSIVE AS LEGALIZA","COES PERTINENTES",null,null,null,"M2",4.62]
["01.050.0425-A",{"$f":"C1368&D1368&E1368&F1368&G1368&H1368","v":"PROJETO BASICO DE INSTALACAO DE TELEMATICA PARA PREDIOS CULTURAIS ATE 500M2,APRESENTADO EM AUTOCAD,INCLUSIVE AS LEGALIZACOES PERTINENTES"},"PROJETO BASICO DE INSTALACAO DE TELEMATICA PARA PREDIOS CULT","URAIS ATE 500M2,APRESENTADO EM AUTOCAD,INCLUSIVE AS LEGALIZA","COES PERTINENTES",null,null,null,"M2",4]
["01.050.0426-0",{"$f":"C1369&D1369&E1369&F1369&G1369&H1369","v":"PROJETO BASICO DE INSTALACAO DE TELEMATICA PARA PREDIOS CULTURAIS ACIMA DE 500M2,APRESENTADO EM AUTOCAD,INCLUSIVE AS LEGALIZACOES PERTINENTES"},"PROJETO BASICO DE INSTALACAO DE TELEMATICA PARA PREDIOS CULT","URAIS ACIMA DE 500M2,APRESENTADO EM AUTOCAD,INCLUSIVE AS LEG","ALIZACOES PERTINENTES",null,null,null,"M2",4.16]
["01.050.0426-A",{"$f":"C1370&D1370&E1370&F1370&G1370&H1370","v":"PROJETO BASICO DE INSTALACAO DE TELEMATICA PARA PREDIOS CULTURAIS ACIMA DE 500M2,APRESENTADO EM AUTOCAD,INCLUSIVE AS LEGALIZACOES PERTINENTES"},"PROJETO BASICO DE INSTALACAO DE TELEMATICA PARA PREDIOS CULT","URAIS ACIMA DE 500M2,APRESENTADO EM AUTOCAD,INCLUSIVE AS LEG","ALIZACOES PERTINENTES",null,null,null,"M2",3.6]
["01.050.0427-0",{"$f":"C1371&D1371&E1371&F1371&G1371&H1371","v":"PROJETO BASICO DE INSTALACAO DE TELEMATICA PARA PREDIOS HOSPITALARES,APRESENTADO EM AUTOCAD,INCLUSIVE AS LEGALIZACOES PERTINENTES"},"PROJETO BASICO DE INSTALACAO DE TELEMATICA PARA PREDIOS HOSP","ITALARES,APRESENTADO EM AUTOCAD,INCLUSIVE AS LEGALIZACOES PE","RTINENTES",null,null,null,"M2",4.62]
["01.050.0427-A",{"$f":"C1372&D1372&E1372&F1372&G1372&H1372","v":"PROJETO BASICO DE INSTALACAO DE TELEMATICA PARA PREDIOS HOSPITALARES,APRESENTADO EM AUTOCAD,INCLUSIVE AS LEGALIZACOES PERTINENTES"},"PROJETO BASICO DE INSTALACAO DE TELEMATICA PARA PREDIOS HOSP","ITALARES,APRESENTADO EM AUTOCAD,INCLUSIVE AS LEGALIZACOES PE","RTINENTES",null,null,null,"M2",4]
["01.050.0428-0",{"$f":"C1373&D1373&E1373&F1373&G1373&H1373","v":"PROJETO BASICO DE INSTALACAO DE TELEMATICA PARA HABITACOES/EDIFICIOS ATE 500M2,APRESENTADO EM AUTOCAD,INCLUSIVE AS LEGALIZACOES PERTINENTES"},"PROJETO BASICO DE INSTALACAO DE TELEMATICA PARA HABITACOES/E","DIFICIOS ATE 500M2,APRESENTADO EM AUTOCAD,INCLUSIVE AS LEGAL","IZACOES PERTINENTES",null,null,null,"M2",1.93]
["01.050.0428-A",{"$f":"C1374&D1374&E1374&F1374&G1374&H1374","v":"PROJETO BASICO DE INSTALACAO DE TELEMATICA PARA HABITACOES/EDIFICIOS ATE 500M2,APRESENTADO EM AUTOCAD,INCLUSIVE AS LEGALIZACOES PERTINENTES"},"PROJETO BASICO DE INSTALACAO DE TELEMATICA PARA HABITACOES/E","DIFICIOS ATE 500M2,APRESENTADO EM AUTOCAD,INCLUSIVE AS LEGAL","IZACOES PERTINENTES",null,null,null,"M2",1.67]
["01.050.0429-0",{"$f":"C1375&D1375&E1375&F1375&G1375&H1375","v":"PROJETO BASICO DE INSTALACAO DE TELEMATICA PARA HABITACOES/EDIFICIOS DE 501 ATE 3000M2,APRESENTADO EM AUTOCAD,INCLUSIVEAS LEGALIZACOES PERTINENTES"},"PROJETO BASICO DE INSTALACAO DE TELEMATICA PARA HABITACOES/E","DIFICIOS DE 501 ATE 3000M2,APRESENTADO EM AUTOCAD,INCLUSIVE","AS LEGALIZACOES PERTINENTES",null,null,null,"M2",1.74]
["01.050.0429-A",{"$f":"C1376&D1376&E1376&F1376&G1376&H1376","v":"PROJETO BASICO DE INSTALACAO DE TELEMATICA PARA HABITACOES/EDIFICIOS DE 501 ATE 3000M2,APRESENTADO EM AUTOCAD,INCLUSIVEAS LEGALIZACOES PERTINENTES"},"PROJETO BASICO DE INSTALACAO DE TELEMATICA PARA HABITACOES/E","DIFICIOS DE 501 ATE 3000M2,APRESENTADO EM AUTOCAD,INCLUSIVE","AS LEGALIZACOES PERTINENTES",null,null,null,"M2",1.51]
["01.050.0430-0",{"$f":"C1377&D1377&E1377&F1377&G1377&H1377","v":"PROJETO BASICO DE INSTALACAO DE TELEMATICA PARA HABITACAO/LOTEAMENTO ATE 12000M2,APRESENTADO EM AUTOCAD,INCLUSIVE AS LEGALIZACOES PERTINENTES"},"PROJETO BASICO DE INSTALACAO DE TELEMATICA PARA HABITACAO/LO","TEAMENTO ATE 12000M2,APRESENTADO EM AUTOCAD,INCLUSIVE AS LEG","ALIZACOES PERTINENTES",null,null,null,"M2",1.07]
["01.050.0430-A",{"$f":"C1378&D1378&E1378&F1378&G1378&H1378","v":"PROJETO BASICO DE INSTALACAO DE TELEMATICA PARA HABITACAO/LOTEAMENTO ATE 12000M2,APRESENTADO EM AUTOCAD,INCLUSIVE AS LEGALIZACOES PERTINENTES"},"PROJETO BASICO DE INSTALACAO DE TELEMATICA PARA HABITACAO/LO","TEAMENTO ATE 12000M2,APRESENTADO EM AUTOCAD,INCLUSIVE AS LEG","ALIZACOES PERTINENTES",null,null,null,"M2",0.93]
["01.050.0431-0",{"$f":"C1379&D1379&E1379&F1379&G1379&H1379","v":"PROJETO BASICO DE INSTALACAO DE TELEMATICA PARA HABITACAO/LOTEAMENTO ACIMA DE 12000M2,APRESENTADO EM AUTOCAD,INCLUSIVE AS LEGALIZACOES PERTINENTES"},"PROJETO BASICO DE INSTALACAO DE TELEMATICA PARA HABITACAO/LO","TEAMENTO ACIMA DE 12000M2,APRESENTADO EM AUTOCAD,INCLUSIVE A","S LEGALIZACOES PERTINENTES",null,null,null,"M2",0.54]
["01.050.0431-A",{"$f":"C1380&D1380&E1380&F1380&G1380&H1380","v":"PROJETO BASICO DE INSTALACAO DE TELEMATICA PARA HABITACAO/LOTEAMENTO ACIMA DE 12000M2,APRESENTADO EM AUTOCAD,INCLUSIVE AS LEGALIZACOES PERTINENTES"},"PROJETO BASICO DE INSTALACAO DE TELEMATICA PARA HABITACAO/LO","TEAMENTO ACIMA DE 12000M2,APRESENTADO EM AUTOCAD,INCLUSIVE A","S LEGALIZACOES PERTINENTES",null,null,null,"M2",0.47]
["01.050.0432-0",{"$f":"C1381&D1381&E1381&F1381&G1381&H1381","v":"PROJETO EXECUTIVO DE INSTALACAO DE TELEMATICA,CONSIDERANDO O PROJETO BASICO EXISTENTE,PARA PREDIOS ESCOLARES E/OU ADMINISTRATIVOS ATE 500M2,APRESENTADO EM AUTOCAD,INCLUSIVE AS LEGALIZACOES PERTINENTES"},"PROJETO EXECUTIVO DE INSTALACAO DE TELEMATICA,CONSIDERANDO O"," PROJETO BASICO EXISTENTE,PARA PREDIOS ESCOLARES E/OU ADMINI","STRATIVOS ATE 500M2,APRESENTADO EM AUTOCAD,INCLUSIVE AS LEGA","LIZACOES PERTINENTES",null,null,"M2",1.81]
["01.050.0432-A",{"$f":"C1382&D1382&E1382&F1382&G1382&H1382","v":"PROJETO EXECUTIVO DE INSTALACAO DE TELEMATICA,CONSIDERANDO O PROJETO BASICO EXISTENTE,PARA PREDIOS ESCOLARES E/OU ADMINISTRATIVOS ATE 500M2,APRESENTADO EM AUTOCAD,INCLUSIVE AS LEGALIZACOES PERTINENTES"},"PROJETO EXECUTIVO DE INSTALACAO DE TELEMATICA,CONSIDERANDO O"," PROJETO BASICO EXISTENTE,PARA PREDIOS ESCOLARES E/OU ADMINI","STRATIVOS ATE 500M2,APRESENTADO EM AUTOCAD,INCLUSIVE AS LEGA","LIZACOES PERTINENTES",null,null,"M2",1.56]
["01.050.0433-0",{"$f":"C1383&D1383&E1383&F1383&G1383&H1383","v":"PROJETO EXECUTIVO DE INSTALACAO DE TELEMATICA,CONSIDERANDO O PROJETO BASICO EXISTENTE,PARA PREDIOS ESCOLARES E/OU ADMINISTRATIVOS ACIMA DE 500M2,APRESENTADO EM AUTOCAD,INCLUSIVE AS LEGALIZACOES PERTINENTES"},"PROJETO EXECUTIVO DE INSTALACAO DE TELEMATICA,CONSIDERANDO O"," PROJETO BASICO EXISTENTE,PARA PREDIOS ESCOLARES E/OU ADMINI","STRATIVOS ACIMA DE 500M2,APRESENTADO EM AUTOCAD,INCLUSIVE AS"," LEGALIZACOES PERTINENTES",null,null,"M2",1.62]
["01.050.0433-A",{"$f":"C1384&D1384&E1384&F1384&G1384&H1384","v":"PROJETO EXECUTIVO DE INSTALACAO DE TELEMATICA,CONSIDERANDO O PROJETO BASICO EXISTENTE,PARA PREDIOS ESCOLARES E/OU ADMINISTRATIVOS ACIMA DE 500M2,APRESENTADO EM AUTOCAD,INCLUSIVE AS LEGALIZACOES PERTINENTES"},"PROJETO EXECUTIVO DE INSTALACAO DE TELEMATICA,CONSIDERANDO O"," PROJETO BASICO EXISTENTE,PARA PREDIOS ESCOLARES E/OU ADMINI","STRATIVOS ACIMA DE 500M2,APRESENTADO EM AUTOCAD,INCLUSIVE AS"," LEGALIZACOES PERTINENTES",null,null,"M2",1.41]
["01.050.0434-0",{"$f":"C1385&D1385&E1385&F1385&G1385&H1385","v":"PROJETO EXECUTIVO DE INSTALACAO DE TELEMATICA,CONSIDERANDO O PROJETO BASICO EXISTENTE,PARA PREDIOS CULTURAIS ATE 500M2,APRESENTADO EM AUTOCAD,INCLUSIVE AS LEGALIZACOES PERTINENTES"},"PROJETO EXECUTIVO DE INSTALACAO DE TELEMATICA,CONSIDERANDO O"," PROJETO BASICO EXISTENTE,PARA PREDIOS CULTURAIS ATE 500M2,A","PRESENTADO EM AUTOCAD,INCLUSIVE AS LEGALIZACOES PERTINENTES",null,null,null,"M2",4.62]
["01.050.0434-A",{"$f":"C1386&D1386&E1386&F1386&G1386&H1386","v":"PROJETO EXECUTIVO DE INSTALACAO DE TELEMATICA,CONSIDERANDO O PROJETO BASICO EXISTENTE,PARA PREDIOS CULTURAIS ATE 500M2,APRESENTADO EM AUTOCAD,INCLUSIVE AS LEGALIZACOES PERTINENTES"},"PROJETO EXECUTIVO DE INSTALACAO DE TELEMATICA,CONSIDERANDO O"," PROJETO BASICO EXISTENTE,PARA PREDIOS CULTURAIS ATE 500M2,A","PRESENTADO EM AUTOCAD,INCLUSIVE AS LEGALIZACOES PERTINENTES",null,null,null,"M2",4]
["01.050.0435-0",{"$f":"C1387&D1387&E1387&F1387&G1387&H1387","v":"PROJETO EXECUTIVO DE INSTALACAO DE TELEMATICA,CONSIDERANDO O PROJETO BASICO EXISTENTE,PARA PREDIOS CULTURAIS ACIMA DE 500M2,APRESENTADO EM AUTOCAD,INCLUSIVE AS LEGALIZACOES PERTINENTES"},"PROJETO EXECUTIVO DE INSTALACAO DE TELEMATICA,CONSIDERANDO O"," PROJETO BASICO EXISTENTE,PARA PREDIOS CULTURAIS ACIMA DE 50","0M2,APRESENTADO EM AUTOCAD,INCLUSIVE AS LEGALIZACOES PERTINE","NTES",null,null,"M2",4.16]
["01.050.0435-A",{"$f":"C1388&D1388&E1388&F1388&G1388&H1388","v":"PROJETO EXECUTIVO DE INSTALACAO DE TELEMATICA,CONSIDERANDO O PROJETO BASICO EXISTENTE,PARA PREDIOS CULTURAIS ACIMA DE 500M2,APRESENTADO EM AUTOCAD,INCLUSIVE AS LEGALIZACOES PERTINENTES"},"PROJETO EXECUTIVO DE INSTALACAO DE TELEMATICA,CONSIDERANDO O"," PROJETO BASICO EXISTENTE,PARA PREDIOS CULTURAIS ACIMA DE 50","0M2,APRESENTADO EM AUTOCAD,INCLUSIVE AS LEGALIZACOES PERTINE","NTES",null,null,"M2",3.6]
["01.050.0436-0",{"$f":"C1389&D1389&E1389&F1389&G1389&H1389","v":"PROJETO EXECUTIVO DE INSTALACAO DE TELEMATICA,CONSIDERANDO O PROJETO BASICO EXISTENTE,PARA PREDIOS HOSPITALARES,APRESENTADO EM AUTOCAD,INCLUSIVE AS LEGALIZACOES PERTINENTES"},"PROJETO EXECUTIVO DE INSTALACAO DE TELEMATICA,CONSIDERANDO O"," PROJETO BASICO EXISTENTE,PARA PREDIOS HOSPITALARES,APRESENT","ADO EM AUTOCAD,INCLUSIVE AS LEGALIZACOES PERTINENTES",null,null,null,"M2",4.62]
["01.050.0436-A",{"$f":"C1390&D1390&E1390&F1390&G1390&H1390","v":"PROJETO EXECUTIVO DE INSTALACAO DE TELEMATICA,CONSIDERANDO O PROJETO BASICO EXISTENTE,PARA PREDIOS HOSPITALARES,APRESENTADO EM AUTOCAD,INCLUSIVE AS LEGALIZACOES PERTINENTES"},"PROJETO EXECUTIVO DE INSTALACAO DE TELEMATICA,CONSIDERANDO O"," PROJETO BASICO EXISTENTE,PARA PREDIOS HOSPITALARES,APRESENT","ADO EM AUTOCAD,INCLUSIVE AS LEGALIZACOES PERTINENTES",null,null,null,"M2",4]
["01.050.0437-0",{"$f":"C1391&D1391&E1391&F1391&G1391&H1391","v":"PROJETO EXECUTIVO DE INSTALACAO DE TELEMATICA,CONSIDERANDO O PROJETO BASICO EXISTENTE,PARA HABITACOES/EDIFICIOS ATE 500M2,APRESENTADO EM AUTOCAD,INCLUSIVE AS LEGALIZACOES PERTINENTES"},"PROJETO EXECUTIVO DE INSTALACAO DE TELEMATICA,CONSIDERANDO O"," PROJETO BASICO EXISTENTE,PARA HABITACOES/EDIFICIOS ATE 500M","2,APRESENTADO EM AUTOCAD,INCLUSIVE AS LEGALIZACOES PERTINENT","ES",null,null,"M2",1.93]
["01.050.0437-A",{"$f":"C1392&D1392&E1392&F1392&G1392&H1392","v":"PROJETO EXECUTIVO DE INSTALACAO DE TELEMATICA,CONSIDERANDO O PROJETO BASICO EXISTENTE,PARA HABITACOES/EDIFICIOS ATE 500M2,APRESENTADO EM AUTOCAD,INCLUSIVE AS LEGALIZACOES PERTINENTES"},"PROJETO EXECUTIVO DE INSTALACAO DE TELEMATICA,CONSIDERANDO O"," PROJETO BASICO EXISTENTE,PARA HABITACOES/EDIFICIOS ATE 500M","2,APRESENTADO EM AUTOCAD,INCLUSIVE AS LEGALIZACOES PERTINENT","ES",null,null,"M2",1.67]
["01.050.0438-0",{"$f":"C1393&D1393&E1393&F1393&G1393&H1393","v":"PROJETO EXECUTIVO DE INSTALACAO DE TELEMATICA,CONSIDERANDO O PROJETO BASICO EXISTENTE,PARA HABITACOES/EDIFICIOS DE 501 ATE 3000M2,APRESENTADO EM AUTOCAD,INCLUSIVE AS LEGALIZACOES PERTINENTES"},"PROJETO EXECUTIVO DE INSTALACAO DE TELEMATICA,CONSIDERANDO O"," PROJETO BASICO EXISTENTE,PARA HABITACOES/EDIFICIOS DE 501 A","TE 3000M2,APRESENTADO EM AUTOCAD,INCLUSIVE AS LEGALIZACOES P","ERTINENTES",null,null,"M2",1.74]
["01.050.0438-A",{"$f":"C1394&D1394&E1394&F1394&G1394&H1394","v":"PROJETO EXECUTIVO DE INSTALACAO DE TELEMATICA,CONSIDERANDO O PROJETO BASICO EXISTENTE,PARA HABITACOES/EDIFICIOS DE 501 ATE 3000M2,APRESENTADO EM AUTOCAD,INCLUSIVE AS LEGALIZACOES PERTINENTES"},"PROJETO EXECUTIVO DE INSTALACAO DE TELEMATICA,CONSIDERANDO O"," PROJETO BASICO EXISTENTE,PARA HABITACOES/EDIFICIOS DE 501 A","TE 3000M2,APRESENTADO EM AUTOCAD,INCLUSIVE AS LEGALIZACOES P","ERTINENTES",null,null,"M2",1.51]
["01.050.0439-0",{"$f":"C1395&D1395&E1395&F1395&G1395&H1395","v":"PROJETO EXECUTIVO DE INSTALACAO DE TELEMATICA,CONSIDERANDO O PROJETO BASICO EXISTENTE,PARA HABITACAO/LOTEAMENTO ATE 12000M2,APRESENTADO EM AUTOCAD,INCLUSIVE AS LEGALIZACOES PERTINENTES"},"PROJETO EXECUTIVO DE INSTALACAO DE TELEMATICA,CONSIDERANDO O"," PROJETO BASICO EXISTENTE,PARA HABITACAO/LOTEAMENTO ATE 1200","0M2,APRESENTADO EM AUTOCAD,INCLUSIVE AS LEGALIZACOES PERTINE","NTES",null,null,"M2",1.07]
["01.050.0439-A",{"$f":"C1396&D1396&E1396&F1396&G1396&H1396","v":"PROJETO EXECUTIVO DE INSTALACAO DE TELEMATICA,CONSIDERANDO O PROJETO BASICO EXISTENTE,PARA HABITACAO/LOTEAMENTO ATE 12000M2,APRESENTADO EM AUTOCAD,INCLUSIVE AS LEGALIZACOES PERTINENTES"},"PROJETO EXECUTIVO DE INSTALACAO DE TELEMATICA,CONSIDERANDO O"," PROJETO BASICO EXISTENTE,PARA HABITACAO/LOTEAMENTO ATE 1200","0M2,APRESENTADO EM AUTOCAD,INCLUSIVE AS LEGALIZACOES PERTINE","NTES",null,null,"M2",0.93]
["01.050.0440-0",{"$f":"C1397&D1397&E1397&F1397&G1397&H1397","v":"PROJETO EXECUTIVO DE INSTALACAO DE TELEMATICA,CONSIDERANDO O PROJETO BASICO EXISTENTE,PARA HABITACAO/LOTEAMENTO ACIMA DE 12000M2,APRESENTADO EM AUTOCAD,INCLUSIVE AS LEGALIZACOES PERTINENTES"},"PROJETO EXECUTIVO DE INSTALACAO DE TELEMATICA,CONSIDERANDO O"," PROJETO BASICO EXISTENTE,PARA HABITACAO/LOTEAMENTO ACIMA DE"," 12000M2,APRESENTADO EM AUTOCAD,INCLUSIVE AS LEGALIZACOES PE","RTINENTES",null,null,"M2",0.54]
["01.050.0440-A",{"$f":"C1398&D1398&E1398&F1398&G1398&H1398","v":"PROJETO EXECUTIVO DE INSTALACAO DE TELEMATICA,CONSIDERANDO O PROJETO BASICO EXISTENTE,PARA HABITACAO/LOTEAMENTO ACIMA DE 12000M2,APRESENTADO EM AUTOCAD,INCLUSIVE AS LEGALIZACOES PERTINENTES"},"PROJETO EXECUTIVO DE INSTALACAO DE TELEMATICA,CONSIDERANDO O"," PROJETO BASICO EXISTENTE,PARA HABITACAO/LOTEAMENTO ACIMA DE"," 12000M2,APRESENTADO EM AUTOCAD,INCLUSIVE AS LEGALIZACOES PE","RTINENTES",null,null,"M2",0.47]
["01.050.0441-0",{"$f":"C1399&D1399&E1399&F1399&G1399&H1399","v":"PROJETO BASICO DE INSTALACAO DE ESGOTO SANITARIO E AGUAS PLUVIAIS PARA PREDIOS ESCOLARES E/OU ADMINISTRATIVOS ATE 500M2,APRESENTADO EM AUTOCAD,INCLUSIVE AS LEGALIZACOES PERTINENTES"},"PROJETO BASICO DE INSTALACAO DE ESGOTO SANITARIO E AGUAS PLU","VIAIS PARA PREDIOS ESCOLARES E/OU ADMINISTRATIVOS ATE 500M2,","APRESENTADO EM AUTOCAD,INCLUSIVE AS LEGALIZACOES PERTINENTES",null,null,null,"M2",3.29]
["01.050.0441-A",{"$f":"C1400&D1400&E1400&F1400&G1400&H1400","v":"PROJETO BASICO DE INSTALACAO DE ESGOTO SANITARIO E AGUAS PLUVIAIS PARA PREDIOS ESCOLARES E/OU ADMINISTRATIVOS ATE 500M2,APRESENTADO EM AUTOCAD,INCLUSIVE AS LEGALIZACOES PERTINENTES"},"PROJETO BASICO DE INSTALACAO DE ESGOTO SANITARIO E AGUAS PLU","VIAIS PARA PREDIOS ESCOLARES E/OU ADMINISTRATIVOS ATE 500M2,","APRESENTADO EM AUTOCAD,INCLUSIVE AS LEGALIZACOES PERTINENTES",null,null,null,"M2",2.85]
["01.050.0442-0",{"$f":"C1401&D1401&E1401&F1401&G1401&H1401","v":"PROJETO BASICO DE INSTALACAO DE ESGOTO SANITARIO E AGUAS PLUVIAIS PARA PREDIOS ESCOLARES E/OU ADMINISTRATIVOS DE 501 ATE 3000M2,APRESENTADO EM AUTOCAD,INCLUSIVE AS LEGALIZACOES PERTINENTES"},"PROJETO BASICO DE INSTALACAO DE ESGOTO SANITARIO E AGUAS PLU","VIAIS PARA PREDIOS ESCOLARES E/OU ADMINISTRATIVOS DE 501 ATE"," 3000M2,APRESENTADO EM AUTOCAD,INCLUSIVE AS LEGALIZACOES PER","TINENTES",null,null,"M2",3.05]
["01.050.0442-A",{"$f":"C1402&D1402&E1402&F1402&G1402&H1402","v":"PROJETO BASICO DE INSTALACAO DE ESGOTO SANITARIO E AGUAS PLUVIAIS PARA PREDIOS ESCOLARES E/OU ADMINISTRATIVOS DE 501 ATE 3000M2,APRESENTADO EM AUTOCAD,INCLUSIVE AS LEGALIZACOES PERTINENTES"},"PROJETO BASICO DE INSTALACAO DE ESGOTO SANITARIO E AGUAS PLU","VIAIS PARA PREDIOS ESCOLARES E/OU ADMINISTRATIVOS DE 501 ATE"," 3000M2,APRESENTADO EM AUTOCAD,INCLUSIVE AS LEGALIZACOES PER","TINENTES",null,null,"M2",2.64]
["01.050.0443-0",{"$f":"C1403&D1403&E1403&F1403&G1403&H1403","v":"PROJETO BASICO DE INSTALACAO DE ESGOTO SANITARIO E AGUAS PLUVIAIS PARA PREDIOS ESCOLARES E/OU ADMINISTRATIVOS ACIMA DE 3000M2,APRESENTADO EM AUTOCAD,INCLUSIVE AS LEGALIZACOES PERTINENTES"},"PROJETO BASICO DE INSTALACAO DE ESGOTO SANITARIO E AGUAS PLU","VIAIS PARA PREDIOS ESCOLARES E/OU ADMINISTRATIVOS ACIMA DE 3","000M2,APRESENTADO EM AUTOCAD,INCLUSIVE AS LEGALIZACOES PERTI","NENTES",null,null,"M2",1.81]
["01.050.0443-A",{"$f":"C1404&D1404&E1404&F1404&G1404&H1404","v":"PROJETO BASICO DE INSTALACAO DE ESGOTO SANITARIO E AGUAS PLUVIAIS PARA PREDIOS ESCOLARES E/OU ADMINISTRATIVOS ACIMA DE 3000M2,APRESENTADO EM AUTOCAD,INCLUSIVE AS LEGALIZACOES PERTINENTES"},"PROJETO BASICO DE INSTALACAO DE ESGOTO SANITARIO E AGUAS PLU","VIAIS PARA PREDIOS ESCOLARES E/OU ADMINISTRATIVOS ACIMA DE 3","000M2,APRESENTADO EM AUTOCAD,INCLUSIVE AS LEGALIZACOES PERTI","NENTES",null,null,"M2",1.56]
["01.050.0444-0",{"$f":"C1405&D1405&E1405&F1405&G1405&H1405","v":"PROJETO BASICO DE INSTALACAO DE ESGOTO SANITARIO E AGUAS PLUVIAIS PARA PREDIOS CULTURAIS,APRESENTADO EM AUTOCAD,INCLUSIVE AS LEGALIZACOES PERTINENTES"},"PROJETO BASICO DE INSTALACAO DE ESGOTO SANITARIO E AGUAS PLU","VIAIS PARA PREDIOS CULTURAIS,APRESENTADO EM AUTOCAD,INCLUSIV","E AS LEGALIZACOES PERTINENTES",null,null,null,"M2",3.05]
["01.050.0444-A",{"$f":"C1406&D1406&E1406&F1406&G1406&H1406","v":"PROJETO BASICO DE INSTALACAO DE ESGOTO SANITARIO E AGUAS PLUVIAIS PARA PREDIOS CULTURAIS,APRESENTADO EM AUTOCAD,INCLUSIVE AS LEGALIZACOES PERTINENTES"},"PROJETO BASICO DE INSTALACAO DE ESGOTO SANITARIO E AGUAS PLU","VIAIS PARA PREDIOS CULTURAIS,APRESENTADO EM AUTOCAD,INCLUSIV","E AS LEGALIZACOES PERTINENTES",null,null,null,"M2",2.64]
["01.050.0445-0",{"$f":"C1407&D1407&E1407&F1407&G1407&H1407","v":"PROJETO BASICO DE INSTALACAO DE ESGOTO SANITARIO E AGUAS PLUVIAIS PARA PREDIOS HOSPITALARES ATE 4000M2,APRESENTADO EM AUTOCAD,INCLUSIVE AS LEGALIZACOES PERTINENTES"},"PROJETO BASICO DE INSTALACAO DE ESGOTO SANITARIO E AGUAS PLU","VIAIS PARA PREDIOS HOSPITALARES ATE 4000M2,APRESENTADO EM AU","TOCAD,INCLUSIVE AS LEGALIZACOES PERTINENTES",null,null,null,"M2",9.89]
["01.050.0445-A",{"$f":"C1408&D1408&E1408&F1408&G1408&H1408","v":"PROJETO BASICO DE INSTALACAO DE ESGOTO SANITARIO E AGUAS PLUVIAIS PARA PREDIOS HOSPITALARES ATE 4000M2,APRESENTADO EM AUTOCAD,INCLUSIVE AS LEGALIZACOES PERTINENTES"},"PROJETO BASICO DE INSTALACAO DE ESGOTO SANITARIO E AGUAS PLU","VIAIS PARA PREDIOS HOSPITALARES ATE 4000M2,APRESENTADO EM AU","TOCAD,INCLUSIVE AS LEGALIZACOES PERTINENTES",null,null,null,"M2",8.57]
["01.050.0446-0",{"$f":"C1409&D1409&E1409&F1409&G1409&H1409","v":"PROJETO BASICO DE INSTALACAO DE ESGOTO SANITARIO E AGUAS PLUVIAIS PARA PREDIOS HOSPITALARES ACIMA DE 4000M2,APRESENTADOEM AUTOCAD,INCLUSIVE AS LEGALIZACOES PERTINENTES"},"PROJETO BASICO DE INSTALACAO DE ESGOTO SANITARIO E AGUAS PLU","VIAIS PARA PREDIOS HOSPITALARES ACIMA DE 4000M2,APRESENTADO","EM AUTOCAD,INCLUSIVE AS LEGALIZACOES PERTINENTES",null,null,null,"M2",8.25]
["01.050.0446-A",{"$f":"C1410&D1410&E1410&F1410&G1410&H1410","v":"PROJETO BASICO DE INSTALACAO DE ESGOTO SANITARIO E AGUAS PLUVIAIS PARA PREDIOS HOSPITALARES ACIMA DE 4000M2,APRESENTADOEM AUTOCAD,INCLUSIVE AS LEGALIZACOES PERTINENTES"},"PROJETO BASICO DE INSTALACAO DE ESGOTO SANITARIO E AGUAS PLU","VIAIS PARA PREDIOS HOSPITALARES ACIMA DE 4000M2,APRESENTADO","EM AUTOCAD,INCLUSIVE AS LEGALIZACOES PERTINENTES",null,null,null,"M2",7.14]
["01.050.0447-0",{"$f":"C1411&D1411&E1411&F1411&G1411&H1411","v":"PROJETO BASICO DE INSTALACAO DE ESGOTO SANITARIO E AGUAS PLUVIAIS PARA URBANIZACAO ATE 15000M2,APRESENTADO EM AUTOCAD,INCLUSIVE AS LEGALIZACOES PERTINENTES"},"PROJETO BASICO DE INSTALACAO DE ESGOTO SANITARIO E AGUAS PLU","VIAIS PARA URBANIZACAO ATE 15000M2,APRESENTADO EM AUTOCAD,IN","CLUSIVE AS LEGALIZACOES PERTINENTES",null,null,null,"M2",0.54]
["01.050.0447-A",{"$f":"C1412&D1412&E1412&F1412&G1412&H1412","v":"PROJETO BASICO DE INSTALACAO DE ESGOTO SANITARIO E AGUAS PLUVIAIS PARA URBANIZACAO ATE 15000M2,APRESENTADO EM AUTOCAD,INCLUSIVE AS LEGALIZACOES PERTINENTES"},"PROJETO BASICO DE INSTALACAO DE ESGOTO SANITARIO E AGUAS PLU","VIAIS PARA URBANIZACAO ATE 15000M2,APRESENTADO EM AUTOCAD,IN","CLUSIVE AS LEGALIZACOES PERTINENTES",null,null,null,"M2",0.47]
["01.050.0448-0",{"$f":"C1413&D1413&E1413&F1413&G1413&H1413","v":"PROJETO BASICO DE INSTALACAO DE ESGOTO SANITARIO E AGUAS PLUVIAIS PARA URBANIZACAO ACIMA DE 15000M2,APRESENTADO EM AUTOCAD,INCLUSIVE AS LEGALIZACOES PERTINENTES"},"PROJETO BASICO DE INSTALACAO DE ESGOTO SANITARIO E AGUAS PLU","VIAIS PARA URBANIZACAO ACIMA DE 15000M2,APRESENTADO EM AUTOC","AD,INCLUSIVE AS LEGALIZACOES PERTINENTES",null,null,null,"M2",0.35]
["01.050.0448-A",{"$f":"C1414&D1414&E1414&F1414&G1414&H1414","v":"PROJETO BASICO DE INSTALACAO DE ESGOTO SANITARIO E AGUAS PLUVIAIS PARA URBANIZACAO ACIMA DE 15000M2,APRESENTADO EM AUTOCAD,INCLUSIVE AS LEGALIZACOES PERTINENTES"},"PROJETO BASICO DE INSTALACAO DE ESGOTO SANITARIO E AGUAS PLU","VIAIS PARA URBANIZACAO ACIMA DE 15000M2,APRESENTADO EM AUTOC","AD,INCLUSIVE AS LEGALIZACOES PERTINENTES",null,null,null,"M2",0.3]
["01.050.0449-0",{"$f":"C1415&D1415&E1415&F1415&G1415&H1415","v":"PROJETO BASICO DE INSTALACAO DE ESGOTO SANITARIO E AGUAS PLUVIAIS PARA HABITACAO/LOTEAMENTO ATE 12000M2,APRESENTADO EM AUTOCAD,INCLUSIVE AS LEGALIZACOES PERTINENTES"},"PROJETO BASICO DE INSTALACAO DE ESGOTO SANITARIO E AGUAS PLU","VIAIS PARA HABITACAO/LOTEAMENTO ATE 12000M2,APRESENTADO EM A","UTOCAD,INCLUSIVE AS LEGALIZACOES PERTINENTES",null,null,null,"M2",3]
["01.050.0449-A",{"$f":"C1416&D1416&E1416&F1416&G1416&H1416","v":"PROJETO BASICO DE INSTALACAO DE ESGOTO SANITARIO E AGUAS PLUVIAIS PARA HABITACAO/LOTEAMENTO ATE 12000M2,APRESENTADO EM AUTOCAD,INCLUSIVE AS LEGALIZACOES PERTINENTES"},"PROJETO BASICO DE INSTALACAO DE ESGOTO SANITARIO E AGUAS PLU","VIAIS PARA HABITACAO/LOTEAMENTO ATE 12000M2,APRESENTADO EM A","UTOCAD,INCLUSIVE AS LEGALIZACOES PERTINENTES",null,null,null,"M2",2.6]
["01.050.0450-0",{"$f":"C1417&D1417&E1417&F1417&G1417&H1417","v":"PROJETO BASICO DE INSTALACAO DE ESGOTO SANITARIO E AGUAS PLUVIAIS PARA HABITACAO/LOTEAMENTO DE 12001 ATE 36000M2,APRESENTADO EM AUTOCAD,INCLUSIVE AS LEGALIZACOES PERTINENTES"},"PROJETO BASICO DE INSTALACAO DE ESGOTO SANITARIO E AGUAS PLU","VIAIS PARA HABITACAO/LOTEAMENTO DE 12001 ATE 36000M2,APRESEN","TADO EM AUTOCAD,INCLUSIVE AS LEGALIZACOES PERTINENTES",null,null,null,"M2",2.18]
["01.050.0450-A",{"$f":"C1418&D1418&E1418&F1418&G1418&H1418","v":"PROJETO BASICO DE INSTALACAO DE ESGOTO SANITARIO E AGUAS PLUVIAIS PARA HABITACAO/LOTEAMENTO DE 12001 ATE 36000M2,APRESENTADO EM AUTOCAD,INCLUSIVE AS LEGALIZACOES PERTINENTES"},"PROJETO BASICO DE INSTALACAO DE ESGOTO SANITARIO E AGUAS PLU","VIAIS PARA HABITACAO/LOTEAMENTO DE 12001 ATE 36000M2,APRESEN","TADO EM AUTOCAD,INCLUSIVE AS LEGALIZACOES PERTINENTES",null,null,null,"M2",1.89]
["01.050.0451-0",{"$f":"C1419&D1419&E1419&F1419&G1419&H1419","v":"PROJETO BASICO DE INSTALACAO DE ESGOTO SANITARIO E AGUAS PLUVIAIS PARA HABITACAO/LOTEAMENTO ACIMA DE 36000M2,APRESENTADO EM AUTOCAD,INCLUSIVE AS LEGALIZACOES PERTINENTES"},"PROJETO BASICO DE INSTALACAO DE ESGOTO SANITARIO E AGUAS PLU","VIAIS PARA HABITACAO/LOTEAMENTO ACIMA DE 36000M2,APRESENTADO"," EM AUTOCAD,INCLUSIVE AS LEGALIZACOES PERTINENTES",null,null,null,"M2",1.07]
["01.050.0451-A",{"$f":"C1420&D1420&E1420&F1420&G1420&H1420","v":"PROJETO BASICO DE INSTALACAO DE ESGOTO SANITARIO E AGUAS PLUVIAIS PARA HABITACAO/LOTEAMENTO ACIMA DE 36000M2,APRESENTADO EM AUTOCAD,INCLUSIVE AS LEGALIZACOES PERTINENTES"},"PROJETO BASICO DE INSTALACAO DE ESGOTO SANITARIO E AGUAS PLU","VIAIS PARA HABITACAO/LOTEAMENTO ACIMA DE 36000M2,APRESENTADO"," EM AUTOCAD,INCLUSIVE AS LEGALIZACOES PERTINENTES",null,null,null,"M2",0.93]
["01.050.0452-0",{"$f":"C1421&D1421&E1421&F1421&G1421&H1421","v":"PROJETO EXECUTIVO DE INSTALACAO DE ESGOTO SANITARIO E AGUASPLUVIAIS,CONSIDERANDO O PROJETO BASICO EXISTENTE,PARA PREDIOS ESCOLARES E/OU ADMINISTRATIVOS ATE 500M2,APRESENTADO EM AUTOCAD,INCLUSIVE AS LEGALIZACOES PERTINENTES"},"PROJETO EXECUTIVO DE INSTALACAO DE ESGOTO SANITARIO E AGUAS","PLUVIAIS,CONSIDERANDO O PROJETO BASICO EXISTENTE,PARA PREDIO","S ESCOLARES E/OU ADMINISTRATIVOS ATE 500M2,APRESENTADO EM AU","TOCAD,INCLUSIVE AS LEGALIZACOES PERTINENTES",null,null,"M2",3.29]
["01.050.0452-A",{"$f":"C1422&D1422&E1422&F1422&G1422&H1422","v":"PROJETO EXECUTIVO DE INSTALACAO DE ESGOTO SANITARIO E AGUASPLUVIAIS,CONSIDERANDO O PROJETO BASICO EXISTENTE,PARA PREDIOS ESCOLARES E/OU ADMINISTRATIVOS ATE 500M2,APRESENTADO EM AUTOCAD,INCLUSIVE AS LEGALIZACOES PERTINENTES"},"PROJETO EXECUTIVO DE INSTALACAO DE ESGOTO SANITARIO E AGUAS","PLUVIAIS,CONSIDERANDO O PROJETO BASICO EXISTENTE,PARA PREDIO","S ESCOLARES E/OU ADMINISTRATIVOS ATE 500M2,APRESENTADO EM AU","TOCAD,INCLUSIVE AS LEGALIZACOES PERTINENTES",null,null,"M2",2.85]
["01.050.0453-0",{"$f":"C1423&D1423&E1423&F1423&G1423&H1423","v":"PROJETO EXECUTIVO DE INSTALACAO DE ESGOTO SANITARIO E AGUASPLUVIAIS,CONSIDERANDO O PROJETO BASICO EXISTENTE,PARA PREDIOS ESCOLARES E/OU ADMINISTRATIVOS DE 501 ATE 3000M2,APRESENTADO EM AUTOCAD,INCLUSIVE AS LEGALIZACOES PERTINENTES"},"PROJETO EXECUTIVO DE INSTALACAO DE ESGOTO SANITARIO E AGUAS","PLUVIAIS,CONSIDERANDO O PROJETO BASICO EXISTENTE,PARA PREDIO","S ESCOLARES E/OU ADMINISTRATIVOS DE 501 ATE 3000M2,APRESENTA","DO EM AUTOCAD,INCLUSIVE AS LEGALIZACOES PERTINENTES",null,null,"M2",3.05]
["01.050.0453-A",{"$f":"C1424&D1424&E1424&F1424&G1424&H1424","v":"PROJETO EXECUTIVO DE INSTALACAO DE ESGOTO SANITARIO E AGUASPLUVIAIS,CONSIDERANDO O PROJETO BASICO EXISTENTE,PARA PREDIOS ESCOLARES E/OU ADMINISTRATIVOS DE 501 ATE 3000M2,APRESENTADO EM AUTOCAD,INCLUSIVE AS LEGALIZACOES PERTINENTES"},"PROJETO EXECUTIVO DE INSTALACAO DE ESGOTO SANITARIO E AGUAS","PLUVIAIS,CONSIDERANDO O PROJETO BASICO EXISTENTE,PARA PREDIO","S ESCOLARES E/OU ADMINISTRATIVOS DE 501 ATE 3000M2,APRESENTA","DO EM AUTOCAD,INCLUSIVE AS LEGALIZACOES PERTINENTES",null,null,"M2",2.64]
["01.050.0454-0",{"$f":"C1425&D1425&E1425&F1425&G1425&H1425","v":"PROJETO EXECUTIVO DE INSTALACAO DE ESGOTO SANITARIO E AGUASPLUVIAIS,CONSIDERANDO O PROJETO BASICO EXISTENTE,PARA PREDIOS ESCOLARES E/OU ADMINISTRATIVOS ACIMA DE 3000M2,APRESENTADO EM AUTOCAD,INCLUSIVE AS LEGALIZACOES PERTINENTES"},"PROJETO EXECUTIVO DE INSTALACAO DE ESGOTO SANITARIO E AGUAS","PLUVIAIS,CONSIDERANDO O PROJETO BASICO EXISTENTE,PARA PREDIO","S ESCOLARES E/OU ADMINISTRATIVOS ACIMA DE 3000M2,APRESENTADO"," EM AUTOCAD,INCLUSIVE AS LEGALIZACOES PERTINENTES",null,null,"M2",1.81]
["01.050.0454-A",{"$f":"C1426&D1426&E1426&F1426&G1426&H1426","v":"PROJETO EXECUTIVO DE INSTALACAO DE ESGOTO SANITARIO E AGUASPLUVIAIS,CONSIDERANDO O PROJETO BASICO EXISTENTE,PARA PREDIOS ESCOLARES E/OU ADMINISTRATIVOS ACIMA DE 3000M2,APRESENTADO EM AUTOCAD,INCLUSIVE AS LEGALIZACOES PERTINENTES"},"PROJETO EXECUTIVO DE INSTALACAO DE ESGOTO SANITARIO E AGUAS","PLUVIAIS,CONSIDERANDO O PROJETO BASICO EXISTENTE,PARA PREDIO","S ESCOLARES E/OU ADMINISTRATIVOS ACIMA DE 3000M2,APRESENTADO"," EM AUTOCAD,INCLUSIVE AS LEGALIZACOES PERTINENTES",null,null,"M2",1.56]
["01.050.0455-0",{"$f":"C1427&D1427&E1427&F1427&G1427&H1427","v":"PROJETO EXECUTIVO DE INSTALACAO DE ESGOTO SANITARIO E AGUASPLUVIAIS,CONSIDERANDO O PROJETO BASICO EXISTENTE,PARA PREDIOS CULTURAIS,APRESENTADO EM AUTOCAD,INCLUSIVE AS LEGALIZACOES PERTINENTES"},"PROJETO EXECUTIVO DE INSTALACAO DE ESGOTO SANITARIO E AGUAS","PLUVIAIS,CONSIDERANDO O PROJETO BASICO EXISTENTE,PARA PREDIO","S CULTURAIS,APRESENTADO EM AUTOCAD,INCLUSIVE AS LEGALIZACOES"," PERTINENTES",null,null,"M2",3.05]
["01.050.0455-A",{"$f":"C1428&D1428&E1428&F1428&G1428&H1428","v":"PROJETO EXECUTIVO DE INSTALACAO DE ESGOTO SANITARIO E AGUASPLUVIAIS,CONSIDERANDO O PROJETO BASICO EXISTENTE,PARA PREDIOS CULTURAIS,APRESENTADO EM AUTOCAD,INCLUSIVE AS LEGALIZACOES PERTINENTES"},"PROJETO EXECUTIVO DE INSTALACAO DE ESGOTO SANITARIO E AGUAS","PLUVIAIS,CONSIDERANDO O PROJETO BASICO EXISTENTE,PARA PREDIO","S CULTURAIS,APRESENTADO EM AUTOCAD,INCLUSIVE AS LEGALIZACOES"," PERTINENTES",null,null,"M2",2.64]
["01.050.0456-0",{"$f":"C1429&D1429&E1429&F1429&G1429&H1429","v":"PROJETO EXECUTIVO DE INSTALACAO DE ESGOTO SANITARIO E AGUASPLUVIAIS,CONSIDERANDO O PROJETO BASICO EXISTENTE,PARA PREDIOS HOSPITALARES ATE 4000M2,APRESENTADO EM AUTOCAD,INCLUSIVE AS LEGALIZACOES PERTINENTES"},"PROJETO EXECUTIVO DE INSTALACAO DE ESGOTO SANITARIO E AGUAS","PLUVIAIS,CONSIDERANDO O PROJETO BASICO EXISTENTE,PARA PREDIO","S HOSPITALARES ATE 4000M2,APRESENTADO EM AUTOCAD,INCLUSIVE A","S LEGALIZACOES PERTINENTES",null,null,"M2",9.89]
["01.050.0456-A",{"$f":"C1430&D1430&E1430&F1430&G1430&H1430","v":"PROJETO EXECUTIVO DE INSTALACAO DE ESGOTO SANITARIO E AGUASPLUVIAIS,CONSIDERANDO O PROJETO BASICO EXISTENTE,PARA PREDIOS HOSPITALARES ATE 4000M2,APRESENTADO EM AUTOCAD,INCLUSIVE AS LEGALIZACOES PERTINENTES"},"PROJETO EXECUTIVO DE INSTALACAO DE ESGOTO SANITARIO E AGUAS","PLUVIAIS,CONSIDERANDO O PROJETO BASICO EXISTENTE,PARA PREDIO","S HOSPITALARES ATE 4000M2,APRESENTADO EM AUTOCAD,INCLUSIVE A","S LEGALIZACOES PERTINENTES",null,null,"M2",8.57]
["01.050.0457-0",{"$f":"C1431&D1431&E1431&F1431&G1431&H1431","v":"PROJETO EXECUTIVO DE INSTALACAO DE ESGOTO SANITARIO E AGUASPLUVIAIS,CONSIDERANDO O PROJETO BASICO EXISTENTE,PARA PREDIOS HOSPITALARES ACIMA DE 4000M2,APRESENTADO EM AUTOCAD,INCLUSIVE AS LEGALIZACOES PERTINENTES"},"PROJETO EXECUTIVO DE INSTALACAO DE ESGOTO SANITARIO E AGUAS","PLUVIAIS,CONSIDERANDO O PROJETO BASICO EXISTENTE,PARA PREDIO","S HOSPITALARES ACIMA DE 4000M2,APRESENTADO EM AUTOCAD,INCLUS","IVE AS LEGALIZACOES PERTINENTES",null,null,"M2",8.25]
["01.050.0457-A",{"$f":"C1432&D1432&E1432&F1432&G1432&H1432","v":"PROJETO EXECUTIVO DE INSTALACAO DE ESGOTO SANITARIO E AGUASPLUVIAIS,CONSIDERANDO O PROJETO BASICO EXISTENTE,PARA PREDIOS HOSPITALARES ACIMA DE 4000M2,APRESENTADO EM AUTOCAD,INCLUSIVE AS LEGALIZACOES PERTINENTES"},"PROJETO EXECUTIVO DE INSTALACAO DE ESGOTO SANITARIO E AGUAS","PLUVIAIS,CONSIDERANDO O PROJETO BASICO EXISTENTE,PARA PREDIO","S HOSPITALARES ACIMA DE 4000M2,APRESENTADO EM AUTOCAD,INCLUS","IVE AS LEGALIZACOES PERTINENTES",null,null,"M2",7.14]
["01.050.0458-0",{"$f":"C1433&D1433&E1433&F1433&G1433&H1433","v":"PROJETO EXECUTIVO DE INSTALACAO DE ESGOTO SANITARIO E AGUASPLUVIAIS,CONSIDERANDO O PROJETO BASICO EXISTENTE,PARA URBANIZACAO ATE 15000M2,APRESENTADO EM AUTOCAD,INCLUSIVE AS LEGALIZACOES PERTINENTES"},"PROJETO EXECUTIVO DE INSTALACAO DE ESGOTO SANITARIO E AGUAS","PLUVIAIS,CONSIDERANDO O PROJETO BASICO EXISTENTE,PARA URBANI","ZACAO ATE 15000M2,APRESENTADO EM AUTOCAD,INCLUSIVE AS LEGALI","ZACOES PERTINENTES",null,null,"M2",0.54]
["01.050.0458-A",{"$f":"C1434&D1434&E1434&F1434&G1434&H1434","v":"PROJETO EXECUTIVO DE INSTALACAO DE ESGOTO SANITARIO E AGUASPLUVIAIS,CONSIDERANDO O PROJETO BASICO EXISTENTE,PARA URBANIZACAO ATE 15000M2,APRESENTADO EM AUTOCAD,INCLUSIVE AS LEGALIZACOES PERTINENTES"},"PROJETO EXECUTIVO DE INSTALACAO DE ESGOTO SANITARIO E AGUAS","PLUVIAIS,CONSIDERANDO O PROJETO BASICO EXISTENTE,PARA URBANI","ZACAO ATE 15000M2,APRESENTADO EM AUTOCAD,INCLUSIVE AS LEGALI","ZACOES PERTINENTES",null,null,"M2",0.47]
["01.050.0459-0",{"$f":"C1435&D1435&E1435&F1435&G1435&H1435","v":"PROJETO EXECUTIVO DE INSTALACAO DE ESGOTO SANITARIO E AGUASPLUVIAIS,CONSIDERANDO O PROJETO BASICO EXISTENTE,PARA URBANIZACAO ACIMA DE 15000M2,APRESENTADO EM AUTOCAD,INCLUSIVE AS LEGALIZACOES PERTINENTES"},"PROJETO EXECUTIVO DE INSTALACAO DE ESGOTO SANITARIO E AGUAS","PLUVIAIS,CONSIDERANDO O PROJETO BASICO EXISTENTE,PARA URBANI","ZACAO ACIMA DE 15000M2,APRESENTADO EM AUTOCAD,INCLUSIVE AS L","EGALIZACOES PERTINENTES",null,null,"M2",0.35]
["01.050.0459-A",{"$f":"C1436&D1436&E1436&F1436&G1436&H1436","v":"PROJETO EXECUTIVO DE INSTALACAO DE ESGOTO SANITARIO E AGUASPLUVIAIS,CONSIDERANDO O PROJETO BASICO EXISTENTE,PARA URBANIZACAO ACIMA DE 15000M2,APRESENTADO EM AUTOCAD,INCLUSIVE AS LEGALIZACOES PERTINENTES"},"PROJETO EXECUTIVO DE INSTALACAO DE ESGOTO SANITARIO E AGUAS","PLUVIAIS,CONSIDERANDO O PROJETO BASICO EXISTENTE,PARA URBANI","ZACAO ACIMA DE 15000M2,APRESENTADO EM AUTOCAD,INCLUSIVE AS L","EGALIZACOES PERTINENTES",null,null,"M2",0.3]
["01.050.0460-0",{"$f":"C1437&D1437&E1437&F1437&G1437&H1437","v":"PROJETO EXECUTIVO DE INSTALACAO DE ESGOTO SANITARIO E AGUASPLUVIAIS,CONSIDERANDO O PROJETO BASICO EXISTENTE,PARA HABITACAO/LOTEAMENTO ATE 12000M2,APRESENTADO EM AUTOCAD,INCLUSIVEAS LEGALIZACOES PERTINENTES"},"PROJETO EXECUTIVO DE INSTALACAO DE ESGOTO SANITARIO E AGUAS","PLUVIAIS,CONSIDERANDO O PROJETO BASICO EXISTENTE,PARA HABITA","CAO/LOTEAMENTO ATE 12000M2,APRESENTADO EM AUTOCAD,INCLUSIVE","AS LEGALIZACOES PERTINENTES",null,null,"M2",3]
["01.050.0460-A",{"$f":"C1438&D1438&E1438&F1438&G1438&H1438","v":"PROJETO EXECUTIVO DE INSTALACAO DE ESGOTO SANITARIO E AGUASPLUVIAIS,CONSIDERANDO O PROJETO BASICO EXISTENTE,PARA HABITACAO/LOTEAMENTO ATE 12000M2,APRESENTADO EM AUTOCAD,INCLUSIVEAS LEGALIZACOES PERTINENTES"},"PROJETO EXECUTIVO DE INSTALACAO DE ESGOTO SANITARIO E AGUAS","PLUVIAIS,CONSIDERANDO O PROJETO BASICO EXISTENTE,PARA HABITA","CAO/LOTEAMENTO ATE 12000M2,APRESENTADO EM AUTOCAD,INCLUSIVE","AS LEGALIZACOES PERTINENTES",null,null,"M2",2.6]
["01.050.0461-0",{"$f":"C1439&D1439&E1439&F1439&G1439&H1439","v":"PROJETO EXECUTIVO DE INSTALACAO DE ESGOTO SANITARIO E AGUASPLUVIAIS,CONSIDERANDO O PROJETO BASICO EXISTENTE,PARA HABITACAO/LOTEAMENTO DE 12001 ATE 36000M2,APRESENTADO EM AUTOCAD,INCLUSIVE AS LEGALIZACOES PERTINENTES"},"PROJETO EXECUTIVO DE INSTALACAO DE ESGOTO SANITARIO E AGUAS","PLUVIAIS,CONSIDERANDO O PROJETO BASICO EXISTENTE,PARA HABITA","CAO/LOTEAMENTO DE 12001 ATE 36000M2,APRESENTADO EM AUTOCAD,I","NCLUSIVE AS LEGALIZACOES PERTINENTES",null,null,"M2",2.18]
["01.050.0461-A",{"$f":"C1440&D1440&E1440&F1440&G1440&H1440","v":"PROJETO EXECUTIVO DE INSTALACAO DE ESGOTO SANITARIO E AGUASPLUVIAIS,CONSIDERANDO O PROJETO BASICO EXISTENTE,PARA HABITACAO/LOTEAMENTO DE 12001 ATE 36000M2,APRESENTADO EM AUTOCAD,INCLUSIVE AS LEGALIZACOES PERTINENTES"},"PROJETO EXECUTIVO DE INSTALACAO DE ESGOTO SANITARIO E AGUAS","PLUVIAIS,CONSIDERANDO O PROJETO BASICO EXISTENTE,PARA HABITA","CAO/LOTEAMENTO DE 12001 ATE 36000M2,APRESENTADO EM AUTOCAD,I","NCLUSIVE AS LEGALIZACOES PERTINENTES",null,null,"M2",1.89]
["01.050.0462-0",{"$f":"C1441&D1441&E1441&F1441&G1441&H1441","v":"PROJETO EXECUTIVO DE INSTALACAO DE ESGOTO SANITARIO E AGUASPLUVIAIS,CONSIDERANDO O PROJETO BASICO EXISTENTE,PARA HABITACAO/LOTEAMENTO ACIMA DE 36000M2,APRESENTADO EM AUTOCAD,INCLUSIVE AS LEGALIZACOES PERTINENTES"},"PROJETO EXECUTIVO DE INSTALACAO DE ESGOTO SANITARIO E AGUAS","PLUVIAIS,CONSIDERANDO O PROJETO BASICO EXISTENTE,PARA HABITA","CAO/LOTEAMENTO ACIMA DE 36000M2,APRESENTADO EM AUTOCAD,INCLU","SIVE AS LEGALIZACOES PERTINENTES",null,null,"M2",1.07]
["01.050.0462-A",{"$f":"C1442&D1442&E1442&F1442&G1442&H1442","v":"PROJETO EXECUTIVO DE INSTALACAO DE ESGOTO SANITARIO E AGUASPLUVIAIS,CONSIDERANDO O PROJETO BASICO EXISTENTE,PARA HABITACAO/LOTEAMENTO ACIMA DE 36000M2,APRESENTADO EM AUTOCAD,INCLUSIVE AS LEGALIZACOES PERTINENTES"},"PROJETO EXECUTIVO DE INSTALACAO DE ESGOTO SANITARIO E AGUAS","PLUVIAIS,CONSIDERANDO O PROJETO BASICO EXISTENTE,PARA HABITA","CAO/LOTEAMENTO ACIMA DE 36000M2,APRESENTADO EM AUTOCAD,INCLU","SIVE AS LEGALIZACOES PERTINENTES",null,null,"M2",0.93]
["01.050.0463-0",{"$f":"C1443&D1443&E1443&F1443&G1443&H1443","v":"PROJETO BASICO DE INSTALACAO HIDRAULICA PARA PREDIOS ESCOLARES E/OU ADMINISTRATIVOS ATE 500M2,APRESENTADO EM AUTOCAD,INCLUSIVE EM AUTOCAD,INCLUSIVE AS LEGALIZACOES PERTINENTES"},"PROJETO BASICO DE INSTALACAO HIDRAULICA PARA PREDIOS ESCOLAR","ES E/OU ADMINISTRATIVOS ATE 500M2,APRESENTADO EM AUTOCAD,INC","LUSIVE EM AUTOCAD,INCLUSIVE AS LEGALIZACOES PERTINENTES",null,null,null,"M2",5.52]
["01.050.0463-A",{"$f":"C1444&D1444&E1444&F1444&G1444&H1444","v":"PROJETO BASICO DE INSTALACAO HIDRAULICA PARA PREDIOS ESCOLARES E/OU ADMINISTRATIVOS ATE 500M2,APRESENTADO EM AUTOCAD,INCLUSIVE EM AUTOCAD,INCLUSIVE AS LEGALIZACOES PERTINENTES"},"PROJETO BASICO DE INSTALACAO HIDRAULICA PARA PREDIOS ESCOLAR","ES E/OU ADMINISTRATIVOS ATE 500M2,APRESENTADO EM AUTOCAD,INC","LUSIVE EM AUTOCAD,INCLUSIVE AS LEGALIZACOES PERTINENTES",null,null,null,"M2",4.79]
["01.050.0464-0",{"$f":"C1445&D1445&E1445&F1445&G1445&H1445","v":"PROJETO BASICO DE INSTALACAO HIDRAULICA PARA PREDIOS ESCOLARES E/OU ADMINISTRATIVOS DE 501 ATE 3000M2,APRESENTADO EM AUTOCAD,INCLUSIVE AS LEGALIZACOES PERTINENTES"},"PROJETO BASICO DE INSTALACAO HIDRAULICA PARA PREDIOS ESCOLAR","ES E/OU ADMINISTRATIVOS DE 501 ATE 3000M2,APRESENTADO EM AUT","OCAD,INCLUSIVE AS LEGALIZACOES PERTINENTES",null,null,null,"M2",3.29]
["01.050.0464-A",{"$f":"C1446&D1446&E1446&F1446&G1446&H1446","v":"PROJETO BASICO DE INSTALACAO HIDRAULICA PARA PREDIOS ESCOLARES E/OU ADMINISTRATIVOS DE 501 ATE 3000M2,APRESENTADO EM AUTOCAD,INCLUSIVE AS LEGALIZACOES PERTINENTES"},"PROJETO BASICO DE INSTALACAO HIDRAULICA PARA PREDIOS ESCOLAR","ES E/OU ADMINISTRATIVOS DE 501 ATE 3000M2,APRESENTADO EM AUT","OCAD,INCLUSIVE AS LEGALIZACOES PERTINENTES",null,null,null,"M2",2.85]
["01.050.0465-0",{"$f":"C1447&D1447&E1447&F1447&G1447&H1447","v":"PROJETO BASICO DE INSTALACAO HIDRAULICA PARA PREDIOS ESCOLARES E/OU ADMINISTRATIVOS ACIMA DE 3000M2,APRESENTADO EM AUTOCAD,INCLUSIVE AS LEGALIZACOES PERTINENTES"},"PROJETO BASICO DE INSTALACAO HIDRAULICA PARA PREDIOS ESCOLAR","ES E/OU ADMINISTRATIVOS ACIMA DE 3000M2,APRESENTADO EM AUTOC","AD,INCLUSIVE AS LEGALIZACOES PERTINENTES",null,null,null,"M2",3.05]
["01.050.0465-A",{"$f":"C1448&D1448&E1448&F1448&G1448&H1448","v":"PROJETO BASICO DE INSTALACAO HIDRAULICA PARA PREDIOS ESCOLARES E/OU ADMINISTRATIVOS ACIMA DE 3000M2,APRESENTADO EM AUTOCAD,INCLUSIVE AS LEGALIZACOES PERTINENTES"},"PROJETO BASICO DE INSTALACAO HIDRAULICA PARA PREDIOS ESCOLAR","ES E/OU ADMINISTRATIVOS ACIMA DE 3000M2,APRESENTADO EM AUTOC","AD,INCLUSIVE AS LEGALIZACOES PERTINENTES",null,null,null,"M2",2.64]
["01.050.0466-0",{"$f":"C1449&D1449&E1449&F1449&G1449&H1449","v":"PROJETO BASICO DE INSTALACAO HIDRAULICA PARA PREDIOS CULTURAIS,APRESENTADO EM AUTOCAD,INCLUSIVE AS LEGALIZACOES PERTINENTES"},"PROJETO BASICO DE INSTALACAO HIDRAULICA PARA PREDIOS CULTURA","IS,APRESENTADO EM AUTOCAD,INCLUSIVE AS LEGALIZACOES PERTINEN","TES",null,null,null,"M2",5.52]
["01.050.0466-A",{"$f":"C1450&D1450&E1450&F1450&G1450&H1450","v":"PROJETO BASICO DE INSTALACAO HIDRAULICA PARA PREDIOS CULTURAIS,APRESENTADO EM AUTOCAD,INCLUSIVE AS LEGALIZACOES PERTINENTES"},"PROJETO BASICO DE INSTALACAO HIDRAULICA PARA PREDIOS CULTURA","IS,APRESENTADO EM AUTOCAD,INCLUSIVE AS LEGALIZACOES PERTINEN","TES",null,null,null,"M2",4.79]
["01.050.0467-0",{"$f":"C1451&D1451&E1451&F1451&G1451&H1451","v":"PROJETO BASICO DE INSTALACAO HIDRAULICA PARA PREDIOS HOSPITALARES ATE 4000M2,APRESENTADO EM AUTOCAD,INCLUSIVE AS LEGALIZACOES PERTINENTES"},"PROJETO BASICO DE INSTALACAO HIDRAULICA PARA PREDIOS HOSPITA","LARES ATE 4000M2,APRESENTADO EM AUTOCAD,INCLUSIVE AS LEGALIZ","ACOES PERTINENTES",null,null,null,"M2",9.89]
["01.050.0467-A",{"$f":"C1452&D1452&E1452&F1452&G1452&H1452","v":"PROJETO BASICO DE INSTALACAO HIDRAULICA PARA PREDIOS HOSPITALARES ATE 4000M2,APRESENTADO EM AUTOCAD,INCLUSIVE AS LEGALIZACOES PERTINENTES"},"PROJETO BASICO DE INSTALACAO HIDRAULICA PARA PREDIOS HOSPITA","LARES ATE 4000M2,APRESENTADO EM AUTOCAD,INCLUSIVE AS LEGALIZ","ACOES PERTINENTES",null,null,null,"M2",8.57]
["01.050.0468-0",{"$f":"C1453&D1453&E1453&F1453&G1453&H1453","v":"PROJETO BASICO DE INSTALACAO HIDRAULICA PARA PREDIOS HOSPITALARES ACIMA DE 4000M2,APRESENTADO EM AUTOCAD,INCLUSIVE AS LEGALIZACOES PERTINENTES"},"PROJETO BASICO DE INSTALACAO HIDRAULICA PARA PREDIOS HOSPITA","LARES ACIMA DE 4000M2,APRESENTADO EM AUTOCAD,INCLUSIVE AS LE","GALIZACOES PERTINENTES",null,null,null,"M2",8.25]
["01.050.0468-A",{"$f":"C1454&D1454&E1454&F1454&G1454&H1454","v":"PROJETO BASICO DE INSTALACAO HIDRAULICA PARA PREDIOS HOSPITALARES ACIMA DE 4000M2,APRESENTADO EM AUTOCAD,INCLUSIVE AS LEGALIZACOES PERTINENTES"},"PROJETO BASICO DE INSTALACAO HIDRAULICA PARA PREDIOS HOSPITA","LARES ACIMA DE 4000M2,APRESENTADO EM AUTOCAD,INCLUSIVE AS LE","GALIZACOES PERTINENTES",null,null,null,"M2",7.14]
["01.050.0469-0",{"$f":"C1455&D1455&E1455&F1455&G1455&H1455","v":"PROJETO BASICO DE INSTALACAO HIDRAULICA PARA HABITACOES/EDIFICIOS ATE 500M2,APRESENTADO EM AUTOCAD,INCLUSIVE AS LEGALIZACOES PERTINENTES"},"PROJETO BASICO DE INSTALACAO HIDRAULICA PARA HABITACOES/EDIF","ICIOS ATE 500M2,APRESENTADO EM AUTOCAD,INCLUSIVE AS LEGALIZA","COES PERTINENTES",null,null,null,"M2",6.03]
["01.050.0469-A",{"$f":"C1456&D1456&E1456&F1456&G1456&H1456","v":"PROJETO BASICO DE INSTALACAO HIDRAULICA PARA HABITACOES/EDIFICIOS ATE 500M2,APRESENTADO EM AUTOCAD,INCLUSIVE AS LEGALIZACOES PERTINENTES"},"PROJETO BASICO DE INSTALACAO HIDRAULICA PARA HABITACOES/EDIF","ICIOS ATE 500M2,APRESENTADO EM AUTOCAD,INCLUSIVE AS LEGALIZA","COES PERTINENTES",null,null,null,"M2",5.22]
["01.050.0470-0",{"$f":"C1457&D1457&E1457&F1457&G1457&H1457","v":"PROJETO BASICO DE INSTALACAO HIDRAULICA PARA HABITACOES/EDIFICIOS DE 501 ATE 3000M2,APRESENTADO EM AUTOCAD,INCLUSIVE ASLEGALIZACOES PERTINENTES"},"PROJETO BASICO DE INSTALACAO HIDRAULICA PARA HABITACOES/EDIF","ICIOS DE 501 ATE 3000M2,APRESENTADO EM AUTOCAD,INCLUSIVE AS","LEGALIZACOES PERTINENTES",null,null,null,"M2",4.04]
["01.050.0470-A",{"$f":"C1458&D1458&E1458&F1458&G1458&H1458","v":"PROJETO BASICO DE INSTALACAO HIDRAULICA PARA HABITACOES/EDIFICIOS DE 501 ATE 3000M2,APRESENTADO EM AUTOCAD,INCLUSIVE ASLEGALIZACOES PERTINENTES"},"PROJETO BASICO DE INSTALACAO HIDRAULICA PARA HABITACOES/EDIF","ICIOS DE 501 ATE 3000M2,APRESENTADO EM AUTOCAD,INCLUSIVE AS","LEGALIZACOES PERTINENTES",null,null,null,"M2",3.5]
["01.050.0471-0",{"$f":"C1459&D1459&E1459&F1459&G1459&H1459","v":"PROJETO BASICO DE INSTALACAO HIDRAULICA PARA HABITACOES/EDIFICIOS ACIMA DE 3000M2,APRESENTADO EM AUTOCAD,INCLUSIVE AS LEGALIZACOES PERTINENTES"},"PROJETO BASICO DE INSTALACAO HIDRAULICA PARA HABITACOES/EDIF","ICIOS ACIMA DE 3000M2,APRESENTADO EM AUTOCAD,INCLUSIVE AS LE","GALIZACOES PERTINENTES",null,null,null,"M2",3.06]
["01.050.0471-A",{"$f":"C1460&D1460&E1460&F1460&G1460&H1460","v":"PROJETO BASICO DE INSTALACAO HIDRAULICA PARA HABITACOES/EDIFICIOS ACIMA DE 3000M2,APRESENTADO EM AUTOCAD,INCLUSIVE AS LEGALIZACOES PERTINENTES"},"PROJETO BASICO DE INSTALACAO HIDRAULICA PARA HABITACOES/EDIF","ICIOS ACIMA DE 3000M2,APRESENTADO EM AUTOCAD,INCLUSIVE AS LE","GALIZACOES PERTINENTES",null,null,null,"M2",2.65]
["01.050.0472-0",{"$f":"C1461&D1461&E1461&F1461&G1461&H1461","v":"PROJETO BASICO DE INSTALACAO HIDRAULICA PARA URBANIZACAO ATE 15000M2,APRESENTADO EM AUTOCAD,INCLUSIVE AS LEGALIZACOES PERTINENTES"},"PROJETO BASICO DE INSTALACAO HIDRAULICA PARA URBANIZACAO ATE"," 15000M2,APRESENTADO EM AUTOCAD,INCLUSIVE AS LEGALIZACOES PE","RTINENTES",null,null,null,"M2",0.54]
["01.050.0472-A",{"$f":"C1462&D1462&E1462&F1462&G1462&H1462","v":"PROJETO BASICO DE INSTALACAO HIDRAULICA PARA URBANIZACAO ATE 15000M2,APRESENTADO EM AUTOCAD,INCLUSIVE AS LEGALIZACOES PERTINENTES"},"PROJETO BASICO DE INSTALACAO HIDRAULICA PARA URBANIZACAO ATE"," 15000M2,APRESENTADO EM AUTOCAD,INCLUSIVE AS LEGALIZACOES PE","RTINENTES",null,null,null,"M2",0.47]
["01.050.0473-0",{"$f":"C1463&D1463&E1463&F1463&G1463&H1463","v":"PROJETO BASICO DE INSTALACAO HIDRAULICA PARA URBANIZACAO ACIMA DE 15000M2,APRESENTADO EM AUTOCAD,INCLUSIVE AS LEGALIZACOES PERTINENTES"},"PROJETO BASICO DE INSTALACAO HIDRAULICA PARA URBANIZACAO ACI","MA DE 15000M2,APRESENTADO EM AUTOCAD,INCLUSIVE AS LEGALIZACO","ES PERTINENTES",null,null,null,"M2",0.35]
["01.050.0473-A",{"$f":"C1464&D1464&E1464&F1464&G1464&H1464","v":"PROJETO BASICO DE INSTALACAO HIDRAULICA PARA URBANIZACAO ACIMA DE 15000M2,APRESENTADO EM AUTOCAD,INCLUSIVE AS LEGALIZACOES PERTINENTES"},"PROJETO BASICO DE INSTALACAO HIDRAULICA PARA URBANIZACAO ACI","MA DE 15000M2,APRESENTADO EM AUTOCAD,INCLUSIVE AS LEGALIZACO","ES PERTINENTES",null,null,null,"M2",0.3]
["01.050.0474-0",{"$f":"C1465&D1465&E1465&F1465&G1465&H1465","v":"PROJETO BASICO DE INSTALACAO HIDRAULICA PARA HABITACAO/LOTEAMENTO ATE 12000M2,APRESENTADO EM AUTOCAD,INCLUSIVE AS LEGALIZACOES PERTINENTES"},"PROJETO BASICO DE INSTALACAO HIDRAULICA PARA HABITACAO/LOTEA","MENTO ATE 12000M2,APRESENTADO EM AUTOCAD,INCLUSIVE AS LEGALI","ZACOES PERTINENTES",null,null,null,"M2",3.29]
["01.050.0474-A",{"$f":"C1466&D1466&E1466&F1466&G1466&H1466","v":"PROJETO BASICO DE INSTALACAO HIDRAULICA PARA HABITACAO/LOTEAMENTO ATE 12000M2,APRESENTADO EM AUTOCAD,INCLUSIVE AS LEGALIZACOES PERTINENTES"},"PROJETO BASICO DE INSTALACAO HIDRAULICA PARA HABITACAO/LOTEA","MENTO ATE 12000M2,APRESENTADO EM AUTOCAD,INCLUSIVE AS LEGALI","ZACOES PERTINENTES",null,null,null,"M2",2.85]
["01.050.0475-0",{"$f":"C1467&D1467&E1467&F1467&G1467&H1467","v":"PROJETO BASICO DE INSTALACAO HIDRAULICA PARA HABITACAO/LOTEAMENTO DE 12001 ATE 36000M2,APRESENTADO EM AUTOCAD,INCLUSIVEAS LEGALIZACOES PERTINENTES"},"PROJETO BASICO DE INSTALACAO HIDRAULICA PARA HABITACAO/LOTEA","MENTO DE 12001 ATE 36000M2,APRESENTADO EM AUTOCAD,INCLUSIVE","AS LEGALIZACOES PERTINENTES",null,null,null,"M2",2.18]
["01.050.0475-A",{"$f":"C1468&D1468&E1468&F1468&G1468&H1468","v":"PROJETO BASICO DE INSTALACAO HIDRAULICA PARA HABITACAO/LOTEAMENTO DE 12001 ATE 36000M2,APRESENTADO EM AUTOCAD,INCLUSIVEAS LEGALIZACOES PERTINENTES"},"PROJETO BASICO DE INSTALACAO HIDRAULICA PARA HABITACAO/LOTEA","MENTO DE 12001 ATE 36000M2,APRESENTADO EM AUTOCAD,INCLUSIVE","AS LEGALIZACOES PERTINENTES",null,null,null,"M2",1.89]
["01.050.0476-0",{"$f":"C1469&D1469&E1469&F1469&G1469&H1469","v":"PROJETO BASICO DE INSTALACAO HIDRAULICA PARA HABITACAO/LOTEAMENTO ACIMA DE 36000M2,APRESENTADO EM AUTOCAD,INCLUSIVE AS LEGALIZACOES PERTINENTES"},"PROJETO BASICO DE INSTALACAO HIDRAULICA PARA HABITACAO/LOTEA","MENTO ACIMA DE 36000M2,APRESENTADO EM AUTOCAD,INCLUSIVE AS L","EGALIZACOES PERTINENTES",null,null,null,"M2",1.65]
["01.050.0476-A",{"$f":"C1470&D1470&E1470&F1470&G1470&H1470","v":"PROJETO BASICO DE INSTALACAO HIDRAULICA PARA HABITACAO/LOTEAMENTO ACIMA DE 36000M2,APRESENTADO EM AUTOCAD,INCLUSIVE AS LEGALIZACOES PERTINENTES"},"PROJETO BASICO DE INSTALACAO HIDRAULICA PARA HABITACAO/LOTEA","MENTO ACIMA DE 36000M2,APRESENTADO EM AUTOCAD,INCLUSIVE AS L","EGALIZACOES PERTINENTES",null,null,null,"M2",1.43]
["01.050.0478-0",{"$f":"C1471&D1471&E1471&F1471&G1471&H1471","v":"PROJETO EXECUTIVO DE INSTALACAO HIDRAULICA,CONSIDERANDO O PROJETO BASICO EXISTENTE,PARA PREDIOS ESCOLARES E/OU ADMINISTRATIVOS ATE 500M2,APRESENTADO EM AUTOCAD,INCLUSIVE AS LEGALIZACOES PERTINENTES"},"PROJETO EXECUTIVO DE INSTALACAO HIDRAULICA,CONSIDERANDO O PR","OJETO BASICO EXISTENTE,PARA PREDIOS ESCOLARES E/OU ADMINISTR","ATIVOS ATE 500M2,APRESENTADO EM AUTOCAD,INCLUSIVE AS LEGALIZ","ACOES PERTINENTES",null,null,"M2",5.52]
["01.050.0478-A",{"$f":"C1472&D1472&E1472&F1472&G1472&H1472","v":"PROJETO EXECUTIVO DE INSTALACAO HIDRAULICA,CONSIDERANDO O PROJETO BASICO EXISTENTE,PARA PREDIOS ESCOLARES E/OU ADMINISTRATIVOS ATE 500M2,APRESENTADO EM AUTOCAD,INCLUSIVE AS LEGALIZACOES PERTINENTES"},"PROJETO EXECUTIVO DE INSTALACAO HIDRAULICA,CONSIDERANDO O PR","OJETO BASICO EXISTENTE,PARA PREDIOS ESCOLARES E/OU ADMINISTR","ATIVOS ATE 500M2,APRESENTADO EM AUTOCAD,INCLUSIVE AS LEGALIZ","ACOES PERTINENTES",null,null,"M2",4.79]
["01.050.0479-0",{"$f":"C1473&D1473&E1473&F1473&G1473&H1473","v":"PROJETO EXECUTIVO DE INSTALACAO HIDRAULICA,CONSIDERANDO O PROJETO BASICO EXISTENTE,PARA PREDIOS ESCOLARES E/OU ADMINISTRATIVOS DE 501 ATE 3000M2,APRESENTADO EM AUTOCAD,INCLUSIVE AS LEGALIZACOES PERTINENTES"},"PROJETO EXECUTIVO DE INSTALACAO HIDRAULICA,CONSIDERANDO O PR","OJETO BASICO EXISTENTE,PARA PREDIOS ESCOLARES E/OU ADMINISTR","ATIVOS DE 501 ATE 3000M2,APRESENTADO EM AUTOCAD,INCLUSIVE AS"," LEGALIZACOES PERTINENTES",null,null,"M2",3.29]
["01.050.0479-A",{"$f":"C1474&D1474&E1474&F1474&G1474&H1474","v":"PROJETO EXECUTIVO DE INSTALACAO HIDRAULICA,CONSIDERANDO O PROJETO BASICO EXISTENTE,PARA PREDIOS ESCOLARES E/OU ADMINISTRATIVOS DE 501 ATE 3000M2,APRESENTADO EM AUTOCAD,INCLUSIVE AS LEGALIZACOES PERTINENTES"},"PROJETO EXECUTIVO DE INSTALACAO HIDRAULICA,CONSIDERANDO O PR","OJETO BASICO EXISTENTE,PARA PREDIOS ESCOLARES E/OU ADMINISTR","ATIVOS DE 501 ATE 3000M2,APRESENTADO EM AUTOCAD,INCLUSIVE AS"," LEGALIZACOES PERTINENTES",null,null,"M2",2.85]
["01.050.0480-0",{"$f":"C1475&D1475&E1475&F1475&G1475&H1475","v":"PROJETO EXECUTIVO DE INSTALACAO HIDRAULICA,CONSIDERANDO O PROJETO BASICO EXISTENTE,PARA PREDIOS ESCOLARES E/OU ADMINISTRATIVOS ACIMA DE 3000M2,APRESENTADO EM AUTOCAD,INCLUSIVE AS LEGALIZACOES PERTINENTES"},"PROJETO EXECUTIVO DE INSTALACAO HIDRAULICA,CONSIDERANDO O PR","OJETO BASICO EXISTENTE,PARA PREDIOS ESCOLARES E/OU ADMINISTR","ATIVOS ACIMA DE 3000M2,APRESENTADO EM AUTOCAD,INCLUSIVE AS L","EGALIZACOES PERTINENTES",null,null,"M2",3.05]
["01.050.0480-A",{"$f":"C1476&D1476&E1476&F1476&G1476&H1476","v":"PROJETO EXECUTIVO DE INSTALACAO HIDRAULICA,CONSIDERANDO O PROJETO BASICO EXISTENTE,PARA PREDIOS ESCOLARES E/OU ADMINISTRATIVOS ACIMA DE 3000M2,APRESENTADO EM AUTOCAD,INCLUSIVE AS LEGALIZACOES PERTINENTES"},"PROJETO EXECUTIVO DE INSTALACAO HIDRAULICA,CONSIDERANDO O PR","OJETO BASICO EXISTENTE,PARA PREDIOS ESCOLARES E/OU ADMINISTR","ATIVOS ACIMA DE 3000M2,APRESENTADO EM AUTOCAD,INCLUSIVE AS L","EGALIZACOES PERTINENTES",null,null,"M2",2.64]
["01.050.0481-0",{"$f":"C1477&D1477&E1477&F1477&G1477&H1477","v":"PROJETO EXECUTIVO DE INSTALACAO HIDRAULICA,CONSIDERANDO O PROJETO BASICO EXISTENTE,PARA PREDIOS CULTURAIS,APRESENTADO EM AUTOCAD,INCLUSIVE AS LEGALIZACOES PERTINENTES"},"PROJETO EXECUTIVO DE INSTALACAO HIDRAULICA,CONSIDERANDO O PR","OJETO BASICO EXISTENTE,PARA PREDIOS CULTURAIS,APRESENTADO EM"," AUTOCAD,INCLUSIVE AS LEGALIZACOES PERTINENTES",null,null,null,"M2",5.52]
["01.050.0481-A",{"$f":"C1478&D1478&E1478&F1478&G1478&H1478","v":"PROJETO EXECUTIVO DE INSTALACAO HIDRAULICA,CONSIDERANDO O PROJETO BASICO EXISTENTE,PARA PREDIOS CULTURAIS,APRESENTADO EM AUTOCAD,INCLUSIVE AS LEGALIZACOES PERTINENTES"},"PROJETO EXECUTIVO DE INSTALACAO HIDRAULICA,CONSIDERANDO O PR","OJETO BASICO EXISTENTE,PARA PREDIOS CULTURAIS,APRESENTADO EM"," AUTOCAD,INCLUSIVE AS LEGALIZACOES PERTINENTES",null,null,null,"M2",4.79]
["01.050.0482-0",{"$f":"C1479&D1479&E1479&F1479&G1479&H1479","v":"PROJETO EXECUTIVO DE INSTALACAO HIDRAULICA,CONSIDERANDO O PROJETO BASICO EXISTENTE,PARA PREDIOS HOSPITALARES ATE 4000M2,APRESENTADO EM AUTOCAD,INCLUSIVE AS LEGALIZACOES PERTINENTES"},"PROJETO EXECUTIVO DE INSTALACAO HIDRAULICA,CONSIDERANDO O PR","OJETO BASICO EXISTENTE,PARA PREDIOS HOSPITALARES ATE 4000M2,","APRESENTADO EM AUTOCAD,INCLUSIVE AS LEGALIZACOES PERTINENTES",null,null,null,"M2",9.89]
["01.050.0482-A",{"$f":"C1480&D1480&E1480&F1480&G1480&H1480","v":"PROJETO EXECUTIVO DE INSTALACAO HIDRAULICA,CONSIDERANDO O PROJETO BASICO EXISTENTE,PARA PREDIOS HOSPITALARES ATE 4000M2,APRESENTADO EM AUTOCAD,INCLUSIVE AS LEGALIZACOES PERTINENTES"},"PROJETO EXECUTIVO DE INSTALACAO HIDRAULICA,CONSIDERANDO O PR","OJETO BASICO EXISTENTE,PARA PREDIOS HOSPITALARES ATE 4000M2,","APRESENTADO EM AUTOCAD,INCLUSIVE AS LEGALIZACOES PERTINENTES",null,null,null,"M2",8.57]
["01.050.0483-0",{"$f":"C1481&D1481&E1481&F1481&G1481&H1481","v":"PROJETO EXECUTIVO DE INSTALACAO HIDRAULICA,CONSIDERANDO O PROJETO BASICO EXISTENTE,PARA PREDIOS HOSPITALARES ACIMA DE 4000M2,APRESENTADO EM AUTOCAD,INCLUSIVE AS LEGALIZACOES PERTINENTES"},"PROJETO EXECUTIVO DE INSTALACAO HIDRAULICA,CONSIDERANDO O PR","OJETO BASICO EXISTENTE,PARA PREDIOS HOSPITALARES ACIMA DE 40","00M2,APRESENTADO EM AUTOCAD,INCLUSIVE AS LEGALIZACOES PERTIN","ENTES",null,null,"M2",8.25]
["01.050.0483-A",{"$f":"C1482&D1482&E1482&F1482&G1482&H1482","v":"PROJETO EXECUTIVO DE INSTALACAO HIDRAULICA,CONSIDERANDO O PROJETO BASICO EXISTENTE,PARA PREDIOS HOSPITALARES ACIMA DE 4000M2,APRESENTADO EM AUTOCAD,INCLUSIVE AS LEGALIZACOES PERTINENTES"},"PROJETO EXECUTIVO DE INSTALACAO HIDRAULICA,CONSIDERANDO O PR","OJETO BASICO EXISTENTE,PARA PREDIOS HOSPITALARES ACIMA DE 40","00M2,APRESENTADO EM AUTOCAD,INCLUSIVE AS LEGALIZACOES PERTIN","ENTES",null,null,"M2",7.14]
["01.050.0484-0",{"$f":"C1483&D1483&E1483&F1483&G1483&H1483","v":"PROJETO EXECUTIVO DE INSTALACAO HIDRAULICA,CONSIDERANDO O PROJETO BASICO EXISTENTE,PARA HABITACOES/EDIFICIOS ATE 500M2,APRESENTADO EM AUTOCAD,INCLUSIVE AS LEGALIZACOES PERTINENTES"},"PROJETO EXECUTIVO DE INSTALACAO HIDRAULICA,CONSIDERANDO O PR","OJETO BASICO EXISTENTE,PARA HABITACOES/EDIFICIOS ATE 500M2,A","PRESENTADO EM AUTOCAD,INCLUSIVE AS LEGALIZACOES PERTINENTES",null,null,null,"M2",6.03]
["01.050.0484-A",{"$f":"C1484&D1484&E1484&F1484&G1484&H1484","v":"PROJETO EXECUTIVO DE INSTALACAO HIDRAULICA,CONSIDERANDO O PROJETO BASICO EXISTENTE,PARA HABITACOES/EDIFICIOS ATE 500M2,APRESENTADO EM AUTOCAD,INCLUSIVE AS LEGALIZACOES PERTINENTES"},"PROJETO EXECUTIVO DE INSTALACAO HIDRAULICA,CONSIDERANDO O PR","OJETO BASICO EXISTENTE,PARA HABITACOES/EDIFICIOS ATE 500M2,A","PRESENTADO EM AUTOCAD,INCLUSIVE AS LEGALIZACOES PERTINENTES",null,null,null,"M2",5.22]
["01.050.0485-0",{"$f":"C1485&D1485&E1485&F1485&G1485&H1485","v":"PROJETO EXECUTIVO DE INSTALACAO HIDRAULICA,CONSIDERANDO O PROJETO BASICO EXISTENTE,PARA HABITACOES/EDIFICIOS DE 501 ATE3000M2,APRESENTADO EM AUTOCAD,INCLUSIVE AS LEGALIZACOES PERTINENTES"},"PROJETO EXECUTIVO DE INSTALACAO HIDRAULICA,CONSIDERANDO O PR","OJETO